{"text_format":"3","workbook":"xlsx","n_sheets":10,"sheets":["Memorial de Cálculo","Orçamento Sintético ","Cronograma","BDI","Leis Sociais","Sianpi S 09","Sinapi I 09","ORSE","SEINFRA","Insumos.SE"],"not_rendered":{"images":2,"macros":1,"external_links":1,"defined_names":6},"read":"whole","date_system":"1900"}

{"sheet":"Memorial de Cálculo","index":0,"n_rows":102,"n_cols":12,"rows_kept":102,"merged":[[1,3,6,3],[1,6,2,11],[3,6,4,11],[5,6,6,11],[8,1,8,5],[8,6,8,11],[9,1,9,5],[9,6,9,11],[11,1,11,5],[11,6,12,11],[12,1,12,5],[14,1,14,11],[16,1,16,11],[23,2,23,3],[65,1,65,11],[66,2,66,3]]}
[]
[{"$nulls":6},"GABINETE DO SECRETÁRIO"]
[]
[{"$nulls":6},"NÚCLEO DE INFRA-ESTRUTURA EM SAÚDE - NIS"]
[]
[{"$nulls":6},"COORDENAÇÃO DE INFRA-ESTRUTURA EM SAÚDE"]
[]
[]
[null,"OBRA:",{"$nulls":4},"MUNICÍPIO:"]
[null,"CONSTRUÇÃO DO MURO ENTRE A CAF E A CENTRAL DE RESÍDUOS DO HOSPITAL AREOLINO DE ABREU E CONSTRUÇÃO DE RESERVATÓRIO 500L NA CAF",{"$nulls":4},"Teresina - PI"]
[]
[null,"ENDEREÇO:",{"$nulls":4},"DATA BASE: SINAPI - 06/2021, ORSE - 04/2021\nSEINFRA - 27.1"]
[null,"R. Dezenove de Novembro, 1865"]
[]
[null,"MEMORIAL DE CÁLCULO"]
[null,"ITEM","APLICAÇÃO","QUANTID","COMPRIM","LARGURA","ALTURA","PERÍMETRO","AREA","VOLUME","TOTAL","UND"]
[null,"CONSTRUÇÃO DO MURO ENTRE A CAF E A CENTRAL DE RESÍDUO DO HOSPITAL AREOLINO DE ABREU"]
[null,"1.0","SERVIÇOS PRELIMINARES"]
[null,"1.1","Placa de obra em chapa aço galvanizado, instalada",{"$nulls":7},{"$f":"SUM(I20)","v":{"v":4.5,"d":"4.50"}},"m²"]
[null,null,"Identificação da obra",null,null,{"v":3,"d":"3.00"},{"v":1.5,"d":"1.50"},null,{"$f":"ROUND(F20*G20,2)","v":{"v":4.5,"d":"4.50"}}]
[null,1.2,"LIMPEZA MANUAL DE VEGETAÇÃO EM TERRENO COM ENXADA.AF_05/2018",{"$nulls":7},{"$f":"I22","v":{"v":90,"d":"90.00"}},"m²"]
[null,null,"Área extena",null,{"v":22.5,"d":"22.50"},{"v":4,"d":"4.00"},null,null,{"$f":"ROUND(E22*F22,2)","v":{"v":90,"d":"90.00"}}]
[]
[null,"2.0","RETIRADAS E DEMOLIÇÕES"]
[null,2.1,"DEMOLIÇÃO DE PISO CIMENTADO SOBRE LASTRO DE CONCRETO",{"$nulls":7},{"$f":"SUM(I26:I26)","v":6.75},"m²"]
[null,null,"Para o muro",null,{"v":22.5,"d":"22.50"},{"v":0.3,"d":"0.30"},null,null,{"$f":"ROUND(F26*E26,2)","v":6.75}]
[]
[null,"3.0","MOVIMENTO DE TERRA"]
[null,3.1,"ESCAVAÇÃO MANUAL DE VALA COM PROFUNDIDADE MENOR OU IGUAL A 1,30 M. AF_02/2021",{"$nulls":7},{"$f":"SUM(J30:J32)","v":5.92},"m³"]
[null,null,"Para o muro",null,{"v":22.5,"d":"22.50"},{"v":0.3,"d":"0.30"},{"v":0.6,"d":"0.60"},null,null,{"$f":"ROUND(G30*F30*E30,2)","v":4.05}]
[null,null,"Para o muro",null,{"v":4,"d":"4.00"},{"v":0.3,"d":"0.30"},{"v":0.6,"d":"0.60"},null,null,{"$f":"ROUND(G31*F31*E31,2)","v":0.72}]
[null,null,"Pilar Muro",{"v":9,"d":"9.00"},{"v":0.4,"d":"0.40"},{"v":0.4,"d":"0.40"},{"v":0.8,"d":"0.80"},null,null,{"$f":"ROUND(D32*G32*F32*E32,2)","v":1.15}]
[null,3.2,"CARGA, MANOBRA E DESCARGA DE ENTULHO EM CAMINHÃO BASCULANTE 10 M³ - CARGA COM ESCAVADEIRA HIDRÁULICA  (CAÇAMBA DE 0,80 M³ / 111 HP) E DESCARGA LIVRE (UNIDADE: M3). AF_07/2020",{"$nulls":7},{"$f":"SUM(J34:J35)*J36","v":{"v":7.4639999999999995,"d":"7.46"}},"m³"]
[null,null,"DEMOLIÇÃO DE PISO CIMENTADO SOBRE LASTRO DE CONCRETO",{"$nulls":3},0.05,null,6.75,{"$f":"ROUND(G34*I34,2)","v":0.34}]
[null,null,"ESCAVAÇÃO MANUAL DE VALA COM PROFUNDIDADE MENOR OU IGUAL A 1,30 M",{"$nulls":6},5.88]
[null,null,"EMPOLAMENTO",{"$nulls":6},1.2]
[null,3.3,"Transporte com caminhão basculante de 10 m3, em via urbana em leito natural (unidade: m3xkm)",{"$nulls":7},{"$f":"K40*J41","v":{"v":74.6,"d":"74.60"}},"m³/km"]
[null,null,"DEMOLIÇÃO DE PISO CIMENTADO SOBRE LASTRO DE CONCRETO",{"$nulls":3},0.05,null,6.75,{"$f":"ROUND(G38*I38,2)","v":0.34}]
[null,null,"ESCAVAÇÃO MANUAL DE VALA COM PROFUNDIDADE MENOR OU IGUAL A 1,30 M",{"$nulls":6},5.88]
[null,null,"EMPOLAMENTO",{"$nulls":6},1.2,{"$f":"ROUND((J38+J39)*J40,2)","v":7.46}]
[null,null,"Distância",{"$nulls":6},{"v":10,"d":"10.00"}]
[]
[null,{"v":4,"d":"4.0"},"ESTRUTURA"]
[null,4.1," Muro em alvenaria bloco cerâmico, e= 0,09m, c/ alv de pedra 0,35 x 0,60m, colunas (9x20cm) e cintamento (9x15cm) superior e inferior concreto armado fck = 15,0 Mpa cada 3,00m, chapisco e reboco",{"$nulls":7},{"$f":"SUM(I45:I45)","v":{"v":90.1,"d":"90.10"}},"m²"]
[null,null,"Externo",null,{"v":22.5,"d":"22.50"},{"v":4,"d":"4.00"},{"v":3.4,"d":"3.40"},null,{"$f":"(E45+F45)*G45","v":{"v":90.1,"d":"90.10"}}]
[]
[null,{"v":5,"d":"5.0"},"PINTURA"]
[null,5.1,"Pintura de acabamento com aplicação de 02 demãos de tinta mineral em pó (Hidracor ou similar)",{"$nulls":7},{"$f":"SUM(I49:I50)","v":{"v":180.2,"d":"180.20"}},"m²"]
[null,null,"Muro",{"v":2,"d":"2.00"},{"v":22.5,"d":"22.50"},null,{"v":3.4,"d":"3.40"},null,{"$f":"G49*E49*D49","v":{"v":153,"d":"153.00"}}]
[null,null,"Muro",{"v":2,"d":"2.00"},{"v":4,"d":"4.00"},null,{"v":3.4,"d":"3.40"},null,{"$f":"G50*E50*D50","v":{"v":27.2,"d":"27.20"}}]
[]
[null,{"v":6,"d":"6.0"},"PAVIMENTAÇÃO"]
[null,6.1,"ATERRO MANUAL DE VALAS COM AREIA PARA ATERRO E COMPACTAÇÃO MECANIZADA.",{"$nulls":7},{"$f":"I54","v":{"v":9,"d":"9.00"}},"m³"]
[null,null,"Área externa",null,{"v":22.5,"d":"22.50"},{"v":4,"d":"4.00"},{"v":0.1,"d":"0.10"},null,{"$f":"E54*F54*G54","v":{"v":9,"d":"9.00"}}]
[null,6.2,"PISO CIMENTADO, TRAÇO 1:3 (CIMENTO E AREIA), ACABAMENTO LISO, ESPESSURA 2,0 CM, PREPARO MECÂNICO DA ARGAMASSA. AF_09/2020",{"$nulls":7},{"$f":"I56","v":{"v":90,"d":"90.00"}},"m²"]
[null,null,"Área externa",null,{"v":22.5,"d":"22.50"},{"v":4,"d":"4.00"},null,null,{"$f":"E56*F56","v":{"v":90,"d":"90.00"}}]
[]
[null,{"v":7,"d":"7.0"},"DIVERSOS"]
[null,7.1,"PORTA DE FERRO, DE ABRIR, TIPO GRADE COM CHAPA, COM GUARNIÇÕES. AF_12/2019",{"$nulls":7},{"$f":"SUM(I60:I60)","v":{"v":1.6800000000000002,"d":"1.68"}},"m²"]
[null,null,"Área externa",null,{"v":0.8,"d":"0.80"},null,{"v":2.1,"d":"2.10"},null,{"$f":"E60*G60","v":{"v":1.6800000000000002,"d":"1.68"}}]
[null,7.2,"TUBO DE PVC BRANCO PARA REDE COLETORA DE ESGOTO CONDOMINIAL DE PAREDE MACIÇA, DN 100 MM, JUNTA ELÁSTICA - FORNECIMENTO E ASSENTAMENTO. AF_01/2021",{"$nulls":7},{"$f":"SUM(I62:I62)","v":{"v":0.8,"d":"0.80"}},"m²"]
[null,null,"Muro",{"v":4,"d":"4.00"},{"v":0.2,"d":"0.20"},{"$nulls":3},{"$f":"E62*D62","v":{"v":0.8,"d":"0.80"}}]
[null,7.3,"Limpeza geral",{"$nulls":7},{"$f":"SUM(I64:I64)","v":{"v":90,"d":"90.00"}},"m²"]
[null,null,"Área externa",null,{"v":22.5,"d":"22.50"},{"v":4,"d":"4.00"},null,null,{"$f":"E64*F64","v":{"v":90,"d":"90.00"}}]
[]
[null,"CONSTRUÇÃO DE RESERVATÓRIO DE 500 LITROS"]
[null,{"v":1,"d":"1.0"},"RETIRADAS E DEMOLIÇÕES"]
[null,1.1,"Remoção de pilar em madeira - 0,20 x 0, 20 x 7,0 m",{"$nulls":7},{"$f":"SUM(K69:K69)","v":{"v":2,"d":"2.00"}},"unid"]
[null,null,"Caixa d'água",{"v":2,"d":"2.00"},{"$nulls":6},{"$f":"D69","v":{"v":2,"d":"2.00"}}]
[]
[null,{"v":2,"d":"2.0"},"MOVIMENTO DE TERRA"]
[null,2.1,"ESCAVAÇÃO MANUAL DE VALA COM PROFUNDIDADE MENOR OU IGUAL A 1,30 M. AF_02/2021",{"$nulls":7},{"$f":"J73","v":{"v":4,"d":"4.00"}},"m³"]
[null,null,"Caixa d'água",{"v":4,"d":"4.00"},{"v":1,"d":"1.00"},{"v":1,"d":"1.00"},{"v":1,"d":"1.00"},null,null,{"$f":"G73*F73*E73*D73","v":{"v":4,"d":"4.00"}}]
[null,2.2,"CARGA, MANOBRA E DESCARGA DE ENTULHO EM CAMINHÃO BASCULANTE 10 M³ - CARGA COM ESCAVADEIRA HIDRÁULICA  (CAÇAMBA DE 0,80 M³ / 111 HP) E DESCARGA LIVRE (UNIDADE: M3). AF_07/2020",{"$nulls":7},{"$f":"SUM(J75:J76)*J77","v":{"v":5.1456,"d":"5.15"}},"m³"]
[null,null,"Remoção de pilar em madeira",{"v":2,"d":"2.00"},{"v":0.2,"d":"0.20"},{"v":0.2,"d":"0.20"},{"v":3.6,"d":"3.60"},null,null,{"$f":"G75*F75*E75*D75","v":{"v":0.28800000000000003,"d":"0.29"}}]
[null,null,"ESCAVAÇÃO MANUAL DE VALA COM PROFUNDIDADE MENOR OU IGUAL A 1,30 M.",{"$nulls":6},{"v":4,"d":"4.00"}]
[null,null,"EMPOLAMENTO",{"$nulls":6},1.2]
[null,2.3,"Transporte com caminhão basculante de 10 m3, em via urbana em leito natural (unidade: m3xkm)",{"$nulls":7},{"$f":"K81*J82","v":{"v":51.5,"d":"51.50"}},"m³/km"]
[null,null,"Remoção de pilar em madeira",{"v":2,"d":"2.00"},{"v":0.2,"d":"0.20"},{"v":0.2,"d":"0.20"},{"v":3.6,"d":"3.60"},null,null,{"$f":"G79*F79*E79*D79","v":{"v":0.28800000000000003,"d":"0.29"}}]
[null,null,"ESCAVAÇÃO MANUAL DE VALA COM PROFUNDIDADE MENOR OU IGUAL A 1,30 M.",{"$nulls":6},{"v":4,"d":"4.00"}]
[null,null,"EMPOLAMENTO",{"$nulls":6},1.2,{"$f":"ROUND((J79+J80)*J81,2)","v":5.15}]
[null,null,"Distância",{"$nulls":6},{"v":10,"d":"10.00"}]
[]
[null,{"v":3,"d":"3.0"},"INFRAESTRUTURA"]
[null,3.1," CONCRETO CICLÓPICO FCK = 15MPA, 30% PEDRA DE MÃO EM VOLUME REAL, INCLUSIVE LANÇAMENTO. AF_05/2021",{"$nulls":7},{"$f":"J86","v":{"v":4,"d":"4.00"}},"m³"]
[null,null,"Caixa d'água",{"v":4,"d":"4.00"},{"v":1,"d":"1.00"},{"v":1,"d":"1.00"},{"v":1,"d":"1.00"},null,null,{"$f":"G86*F86*E86*D86","v":{"v":4,"d":"4.00"}}]
[]
[null,{"v":4,"d":"4.0"},"ESTRUTURA"]
[null,4.1,"(COMPOSIÇÃO REPRESENTATIVA) EXECUÇÃO DE ESTRUTURAS DE CONCRETO ARMADO, PARA EDIFICAÇÃO INSTITUCIONAL TÉRREA, FCK = 25 MPA. AF_01/2017",{"$nulls":7},{"$f":"SUM(J90:J93)","v":{"v":1.666,"d":"1.67"}},"m²"]
[null,null,"PILAR",{"v":4,"d":"4.00"},{"v":0.2,"d":"0.20"},{"v":0.2,"d":"0.20"},{"v":4.6,"d":"4.60"},null,null,{"$f":"G90*F90*E90*D90","v":{"v":0.736,"d":"0.74"}}]
[null,null,"LAJE",{"v":1,"d":"1.00"},{"v":1.5,"d":"1.50"},{"v":1.5,"d":"1.50"},{"v":0.2,"d":"0.20"},null,null,{"$f":"D91*E91*F91*G91","v":0.45}]
[null,null,"VIGA INTERMEDIÁRIA",{"v":4,"d":"4.00"},{"v":1.5,"d":"1.50"},{"v":0.2,"d":"0.20"},{"v":0.2,"d":"0.20"},null,null,{"$f":"D92*E92*F92*G92","v":{"v":0.24000000000000005,"d":"0.24"}}]
[null,null,"VIGA SUPERIOR",{"v":4,"d":"4.00"},{"v":1.5,"d":"1.50"},{"v":0.2,"d":"0.20"},{"v":0.2,"d":"0.20"},null,null,{"$f":"D93*E93*F93*G93","v":{"v":0.24000000000000005,"d":"0.24"}}]
[]
[null,{"v":5,"d":"5.0"},"INSTALAÇÕES HIDROSSANITÁRIAS"]
[null,5.1,"CAIXA D´AGUA EM POLIETILENO, 500 LITROS, COM ACESSÓRIOS",{"$nulls":7},{"v":1,"d":"1.00"},"unid"]
[null,null,"Área externa",{"v":1,"d":"1.00"}]
[]
[]
[]
[]
[null,null,"Teresina (PI),  21 de Julho de 2021"]

{"sheet":"Orçamento Sintético ","index":1,"n_rows":64,"n_cols":10,"rows_kept":64,"merged":[[0,2,5,2],[0,5,1,10],[2,5,3,10],[4,5,5,10],[7,0,7,4],[7,5,7,10],[8,0,8,4],[8,5,8,10],[10,0,10,4],[10,5,11,10],[11,0,11,4],[12,0,12,9],[55,4,55,5],[57,0,57,2],[57,5,57,6],[57,7,57,9],[58,0,58,2],[58,5,58,6],[58,7,58,9],[59,0,59,2],[59,5,59,6],[59,7,59,9],[60,0,60,2],[60,5,60,6],[60,7,60,9],[61,0,61,2],[61,5,61,6],[61,7,61,9],[62,0,62,2],[63,0,63,9]]}
[{"$nulls":5},"GABINETE DO SECRETÁRIO"]
[]
[{"$nulls":5},"NÚCLEO DE INFRA-ESTRUTURA EM SAÚDE - NIS"]
[]
[{"$nulls":5},"COORDENAÇÃO DE INFRA-ESTRUTURA EM SAÚDE"]
[]
[]
["OBRA:",{"$nulls":4},"MUNICÍPIO:"]
["CONSTRUÇÃO DO MURO ENTRE A CAF E A CENTRAL DE RESÍDUOS DO HOSPITAL AREOLINO DE ABREU E CONSTRUÇÃO DE RESERVATÓRIO 500L NA CAF",{"$nulls":4},"Teresina - PI"]
[]
["ENDEREÇO:",{"$nulls":4},"DATA BASE: SINAPI - 06/2021, ORSE - 04/2021\nSEINFRA - 27.1"]
["R. Dezenove de Novembro, 1865"]
["Orçamento Sintética"]
["Item","Código","Banco","Descrição","Und","Quant.","Valor Unit","Valor Unit com BDI (26.44%)","Total","Peso (%)"]
[" 1 ",null,null,"CONSTRUÇÃO DO MURO ENTRE A CAF E A CENTRAL DE RESÍDUOS DO HOSPITAL AREOLINO DE ABREU",{"$nulls":4},{"v":33661.62,"d":"33,661.62"},{"v":0.7803361960510768,"d":"78.03 %"}]
[" 1.1 ",null,null,"SERVIÇOS PRELIMINARES",{"$nulls":4},{"v":2199.87,"d":"2,199.87"},{"v":0.050996897582673756,"d":"5.10 %"}]
[" 1.1.1 "," 51 ","ORSE","Placa de obra em chapa aço galvanizado, instalada","m²",4.5,342.03,432.46,{"v":1946.07,"d":"1,946.07"},{"v":0.04511336237082823,"d":"4.51 %"}]
[" 1.1.2 "," 98524 ","SINAPI","LIMPEZA MANUAL DE VEGETAÇÃO EM TERRENO COM ENXADA.AF_05/2018","m²",90,2.23,2.82,{"v":253.8,"d":"253.80"},{"v":0.005883535211845517,"d":"0.59 %"}]
[" 1.2 ",null,null,"RETIRADAS E DEMOLIÇÕES",{"$nulls":4},240.82,{"v":5.5826357356841515E-3,"d":"0.56 %"}]
[" 1.2.1 "," C1066 ","SEINFRA","DEMOLIÇÃO DE PISO CIMENTADO SOBRE LASTRO DE CONCRETO","m²",8.31,22.92,28.98,240.82,{"v":5.5826357356841515E-3,"d":"0.56 %"}]
[" 1.3 ",null,null,"MOVIMENTO DE TERRA",{"$nulls":4},953.66,{"v":0.022107534240065393,"d":"2.21 %"}]
[" 1.3.1 "," 93358 ","SINAPI","ESCAVAÇÃO MANUAL DE VALA COM PROFUNDIDADE MENOR OU IGUAL A 1,30 M. AF_02/2021","m³",5.92,54.95,69.48,411.32,{"v":0.009535128854752948,"d":"0.95 %"}]
[" 1.3.2 "," 100982 ","SINAPI","CARGA, MANOBRA E DESCARGA DE ENTULHO EM CAMINHÃO BASCULANTE 10 M³ - CARGA COM ESCAVADEIRA HIDRÁULICA  (CAÇAMBA DE 0,80 M³ / 111 HP) E DESCARGA LIVRE (UNIDADE: M3). AF_07/2020","m³",7.46,6.17,{"v":7.8,"d":"7.80"},58.19,{"v":1.3489476516047702E-3,"d":"0.13 %"}]
[" 1.3.3 "," 100938 ","SINAPI","TRANSPORTE COM CAMINHÃO BASCULANTE DE 10 M³, EM VIA INTERNA (DENTRO DO CANTEIRO - UNIDADE: M3XKM). AF_07/2020","M3XKM",74.6,5.13,6.49,484.15,{"v":0.011223457733707672,"d":"1.12 %"}]
[" 1.4 ",null,null,"ESTRUTURA",{"$nulls":4},{"v":18556.1,"d":"18,556.10"},{"v":0.43016338748828453,"d":"43.02 %"}]
[" 1.4.1 "," 2374 ","ORSE","Muro em alvenaria bloco cerâmico, e= 0,09m, c/ alv de pedra 0,35 x 0,60m, colunas (9x20cm) e cintamento (9x15cm) superior e inferior concreto armado fck = 15,0 Mpa cada 3,00m, chapisco e reboco","m²",90.1,162.88,205.95,{"v":18556.1,"d":"18,556.10"},{"v":0.43016338748828453,"d":"43.02 %"}]
[" 1.5 ",null,null,"PINTURA",{"$nulls":4},{"v":2196.64,"d":"2,196.64"},{"v":0.05092202044030078,"d":"5.09 %"}]
[" 1.5.1 "," 2322 ","ORSE","Pintura de acabamento com aplicação de 02 demãos de tinta mineral em pó (Hidracor ou similar)","m²",180.2,9.64,12.19,{"v":2196.64,"d":"2,196.64"},{"v":0.05092202044030078,"d":"5.09 %"}]
[" 1.6 ",null,null,"PAVIMENTAÇÃO",{"$nulls":4},{"v":8473.14,"d":"8,473.14"},{"v":0.19642244895546387,"d":"19.64 %"}]
[" 1.6.1 "," 94342 ","SINAPI","ATERRO MANUAL DE VALAS COM AREIA PARA ATERRO E COMPACTAÇÃO MECANIZADA. AF_05/2016","m³",9,74.63,94.36,849.24,{"v":0.019686892999636278,"d":"1.97 %"}]
[" 1.6.2 "," 98679 ","SINAPI","PISO CIMENTADO, TRAÇO 1:3 (CIMENTO E AREIA), ACABAMENTO LISO, ESPESSURA 2,0 CM, PREPARO MECÂNICO DA ARGAMASSA. AF_09/2020","m²",90,27.51,34.78,{"v":3130.2,"d":"3,130.20"},{"v":0.07256360094609472,"d":"7.26 %"}]
[" 1.6.3 "," 101750 ","SINAPI","PISO CIMENTADO, TRAÇO 1:3 (CIMENTO E AREIA), ACABAMENTO RÚSTICO, ESPESSURA 4,0 CM, PREPARO MECÂNICO DA ARGAMASSA. AF_09/2020","m²",90,39.49,49.93,{"v":4493.7,"d":"4,493.70"},{"v":0.10417195500973286,"d":"10.42 %"}]
[" 1.7 ",null,null,"DIVERSOS",{"$nulls":4},{"v":1041.39,"d":"1,041.39"},{"v":0.024141271608604426,"d":"2.41 %"}]
[" 1.7.1 "," 100701 ","SINAPI","PORTA DE FERRO, DE ABRIR, TIPO GRADE COM CHAPA, COM GUARNIÇÕES. AF_12/2019","m²",1.68,387.04,489.37,822.14,{"v":0.01905866682059367,"d":"1.91 %"}]
[" 1.7.2 "," 102264 ","SINAPI","TUBO DE PVC BRANCO PARA REDE COLETORA DE ESGOTO CONDOMINIAL DE PAREDE MACIÇA, DN 100 MM, JUNTA ELÁSTICA - FORNECIMENTO E ASSENTAMENTO. AF_01/2021","M",0.8,18.34,23.19,18.55,{"v":4.3002197864355535E-4,"d":"0.04 %"}]
[" 1.7.3 "," 2450 ","ORSE","Limpeza geral","m²",90,1.76,2.23,{"v":200.7,"d":"200.70"},{"v":0.0046525828093672,"d":"0.47 %"}]
[" 1.7.2 "," 102264 ","SINAPI","TUBO DE PVC BRANCO PARA REDE COLETORA DE ESGOTO CONDOMINIAL DE PAREDE MACIÇA, DN 100 MM, JUNTA ELÁSTICA - FORNECIMENTO E ASSENTAMENTO. AF_01/2021","M",0.8,18.34,23.19,18.55,{"v":3.7123231718409381E-4,"d":"0.04 %"}]
[" 1.7.3 "," 2450 ","ORSE","Limpeza geral","m²",90,1.76,2.23,{"v":200.7,"d":"200.70"},{"v":4.0165135341696835E-3,"d":"0.40 %"}]
[]
[{"$nulls":7},"TOTAL A",{"$f":"I15","v":{"v":33661.62,"d":"33,661.62"}}]
[]
[" 2 ",null,null,"CONSTRUÇÃO DE RESERVATÓRIO 500L",{"$nulls":4},{"v":9475.71,"d":"9,475.71"},{"v":0.21966380394892313,"d":"21.97 %"}]
[" 2.1 ",null,null,"RETIRADAS E DEMOLIÇÕES",{"$nulls":4},69.52,{"v":1.6115971943557934E-3,"d":"0.16 %"}]
[" 2.1.1 "," 4802 ","ORSE","Remoção de pilar em madeira  - 0,20 x 0, 20  x 7,0 m","un",2,27.49,34.76,69.52,{"v":1.6115971943557934E-3,"d":"0.16 %"}]
[" 2.2 ",null,null,"MOVIMENTO DE TERRA",{"$nulls":4},485.98,{"v":0.011265880387126417,"d":"1.13 %"}]
[" 2.2.1 "," 93358 ","SINAPI","ESCAVAÇÃO MANUAL DE VALA COM PROFUNDIDADE MENOR OU IGUAL A 1,30 M. AF_02/2021","m³",4,54.95,69.48,277.92,{"v":0.006442679692971262,"d":"0.64 %"}]
[" 2.2.2 "," 100982 ","SINAPI","CARGA, MANOBRA E DESCARGA DE ENTULHO EM CAMINHÃO BASCULANTE 10 M³ - CARGA COM ESCAVADEIRA HIDRÁULICA  (CAÇAMBA DE 0,80 M³ / 111 HP) E DESCARGA LIVRE (UNIDADE: M3). AF_07/2020","m³",5.15,6.17,{"v":7.8,"d":"7.80"},40.17,{"v":9.3121201520817353E-4,"d":"0.09 %"}]
[" 2.2.3 "," 97912 ","SINAPI","TRANSPORTE COM CAMINHÃO BASCULANTE DE 6 M³, EM VIA URBANA EM LEITO NATURAL (UNIDADE: M3XKM). AF_07/2020","M3XKM",51.5,2.58,3.26,167.89,{"v":0.003891988678946982,"d":"0.39 %"}]
[" 2.3 ",null,null,"INFRAESTRUTURA",{"$nulls":4},{"v":2222.48,"d":"2,222.48"},{"v":0.05152103757928458,"d":"5.15 %"}]
[" 2.3.1 "," 102487 ","SINAPI","CONCRETO CICLÓPICO FCK = 15MPA, 30% PEDRA DE MÃO EM VOLUME REAL, INCLUSIVE LANÇAMENTO. AF_05/2021","m³",4,439.43,555.62,{"v":2222.48,"d":"2,222.48"},{"v":0.05152103757928458,"d":"5.15 %"}]
[" 2.4 ",null,null,"ESTRUTURA",{"$nulls":4},{"v":5856.61,"d":"5,856.61"},{"v":0.1357666318244546,"d":"13.58 %"}]
[" 2.4.1 "," 95957 ","SINAPI","(COMPOSIÇÃO REPRESENTATIVA) EXECUÇÃO DE ESTRUTURAS DE CONCRETO ARMADO, PARA EDIFICAÇÃO INSTITUCIONAL TÉRREA, FCK = 25 MPA. AF_01/2017","m³",1.67,{"v":2773.61,"d":"2,773.61"},{"v":3506.95,"d":"3,506.95"},{"v":5856.61,"d":"5,856.61"},{"v":0.1357666318244546,"d":"13.58 %"}]
[" 2.5 ",null,null,"INSTALAÇÕES HIDRO SANITÁRIAS",{"$nulls":4},841.12,{"v":0.01949865696370174,"d":"1.95 %"}]
[" 2.5.1 "," 88504 ","SINAPI","CAIXA D´AGUA EM POLIETILENO, 500 LITROS, COM ACESSÓRIOS","UN",1,665.23,841.12,841.12,{"v":0.01949865696370174,"d":"1.95 %"}]
[]
[{"$nulls":4},"TOTAL B",null,{"$f":"I42","v":{"v":9475.71,"d":"9,475.71"}}]
[]
[{"$nulls":5},"Total sem BDI",null,{"v":34116.24,"d":"34,116.24"}]
[{"$nulls":5},"Total do BDI (26.44%)",null,{"v":9021.09,"d":"9,021.09"}]
[{"$nulls":5},"Total Geral (A+B)",null,{"v":43137.33,"d":"43,137.33"}]
[]
[]
["Teresina (PI),  21 de Julho de 2021"]
["_______________________________________________________________\n\n"]

{"sheet":"Cronograma","index":2,"n_rows":38,"n_cols":8,"rows_kept":38,"merged":[[1,5,2,7],[3,5,4,7],[5,5,6,7],[7,1,7,7],[8,1,8,4],[8,5,8,7],[9,1,9,4],[9,5,9,7],[10,1,10,7],[11,1,11,4],[11,5,12,7],[12,1,12,4],[13,1,13,7],[14,1,14,7],[16,1,17,1],[16,2,17,2],[16,3,17,3],[16,4,17,4],[16,5,16,7],[19,2,19,6],[27,2,27,3]]}
[]
[{"$nulls":5},"GABINETE DO SECRETÁRIO"]
[]
[{"$nulls":5},"NÚCLEO DE INFRA-ESTRUTURA EM SAÚDE - NIS"]
[]
[{"$nulls":5},"COORDENAÇÃO DE INFRA-ESTRUTURA EM SAÚDE"]
[]
[]
[null,{"$f":"'Memorial de Cálculo'!B9:F9","v":"OBRA:"},{"$nulls":3},"Município: "]
[null,{"$f":"'Memorial de Cálculo'!B10:F10","v":"CONSTRUÇÃO DO MURO ENTRE A CAF E A CENTRAL DE RESÍDUOS DO HOSPITAL AREOLINO DE ABREU E CONSTRUÇÃO DE RESERVATÓRIO 500L NA CAF"},{"$nulls":3},"Teresina - PI"]
[]
[null,{"$f":"'Memorial de Cálculo'!B12:F12","v":"ENDEREÇO:"},{"$nulls":3},"DATA BASE: SINAPI - 06/2021, ORSE - 04/2021\nSEINFRA - 27.1"]
[null,{"$f":"'Memorial de Cálculo'!B13:F13","v":"R. Dezenove de Novembro, 1865"}]
[]
[null,"CRONOGRAMA FÍSICO-FINANCEIRO"]
[]
[null,"ITEM","DISCRIMINAÇÃO DOS SERVIÇOS","%","VALOR DO ITEM"]
[{"$nulls":5},"%",30,"TOTAL"]
[]
[null,null,"CONSTRUÇÃO DO MURO ENTRE A CAF E A CENTRAL DE RESÍDUO DO HOSPITAL AREOLINO DE ABREU"]
[null,"1.00",{"$f":"'Orçamento Sintético '!D16","v":"SERVIÇOS PRELIMINARES"},{"$f":"'Orçamento Sintético '!J16","v":{"v":0.050996897582673756,"d":"5.10%"}},{"$f":"'Orçamento Sintético '!I16","v":{"v":2199.87,"d":"2,199.87"}},{"v":100,"d":"100.0"},{"$f":"E21","v":{"v":2199.87,"d":"2,199.87"}},{"$f":"G21","v":{"v":2199.87,"d":"2,199.87"}}]
[null,"2.00",{"$f":"'Orçamento Sintético '!D19","v":"RETIRADAS E DEMOLIÇÕES"},{"$f":"'Orçamento Sintético '!J19","v":{"v":5.5826357356841515E-3,"d":"0.56%"}},{"$f":"'Orçamento Sintético '!I19","v":240.82},{"v":100,"d":"100.0"},{"$f":"E22","v":240.82},{"$f":"G22","v":240.82}]
[null,"3.00",{"$f":"'Orçamento Sintético '!D21","v":"MOVIMENTO DE TERRA"},{"$f":"'Orçamento Sintético '!J21","v":{"v":0.022107534240065393,"d":"2.21%"}},{"$f":"'Orçamento Sintético '!I21","v":953.66},{"v":100,"d":"100.0"},{"$f":"E23","v":953.66},953.66]
[null,"4.00",{"$f":"'Orçamento Sintético '!D25","v":"ESTRUTURA"},{"$f":"'Orçamento Sintético '!J25","v":{"v":0.43016338748828453,"d":"43.02%"}},{"$f":"'Orçamento Sintético '!I25","v":{"v":18556.1,"d":"18,556.10"}},{"v":100,"d":"100.0"},{"$f":"E24","v":{"v":18556.1,"d":"18,556.10"}},{"v":18556.1,"d":"18,556.10"}]
[null,{"v":5,"d":"5.00"},{"$f":"'Orçamento Sintético '!D27","v":"PINTURA"},{"$f":"'Orçamento Sintético '!J27","v":{"v":0.05092202044030078,"d":"5.09%"}},{"$f":"'Orçamento Sintético '!I27","v":{"v":2196.64,"d":"2,196.64"}},{"v":100,"d":"100.0"},{"$f":"E25","v":{"v":2196.64,"d":"2,196.64"}},{"v":2196.64,"d":"2,196.64"}]
[null,"6.00",{"$f":"'Orçamento Sintético '!D29","v":"PAVIMENTAÇÃO"},{"$f":"'Orçamento Sintético '!J29","v":{"v":0.19642244895546387,"d":"19.64%"}},{"$f":"'Orçamento Sintético '!I29","v":{"v":8473.14,"d":"8,473.14"}},{"v":100,"d":"100.0"},{"v":8473.14,"d":"8,473.14"},{"v":8473.14,"d":"8,473.14"}]
[null,"7.00",{"$f":"'Orçamento Sintético '!D33","v":"DIVERSOS"},{"$f":"'Orçamento Sintético '!J33","v":{"v":0.024141271608604426,"d":"2.41%"}},{"$f":"'Orçamento Sintético '!I33","v":{"v":1041.39,"d":"1,041.39"}},{"v":100,"d":"100.0"},{"v":1041.39,"d":"1,041.39"},{"v":1041.39,"d":"1,041.39"}]
[null,null,"CONSTRUÇÃO DE RESERVATÓRIO DE 500 LITROS",null,"-","-","-","-"]
[null,"1.00",{"$f":"'Orçamento Sintético '!D43","v":"RETIRADAS E DEMOLIÇÕES"},{"$f":"'Orçamento Sintético '!J43","v":{"v":1.6115971943557934E-3,"d":"0.16%"}},{"$f":"'Orçamento Sintético '!I43","v":69.52},{"v":100,"d":"100.0"},{"$f":"E29","v":69.52},69.52]
[null,"2.00",{"$f":"'Orçamento Sintético '!D45","v":"MOVIMENTO DE TERRA"},{"$f":"'Orçamento Sintético '!J45","v":{"v":0.011265880387126417,"d":"1.13%"}},{"$f":"'Orçamento Sintético '!I45","v":485.98},{"v":100,"d":"100.0"},{"$f":"E30","v":485.98},485.98]
[null,{"v":3,"d":"3.00"},{"$f":"'Orçamento Sintético '!D49","v":"INFRAESTRUTURA"},{"$f":"'Orçamento Sintético '!J49","v":{"v":0.05152103757928458,"d":"5.15%"}},{"$f":"'Orçamento Sintético '!I49","v":{"v":2222.48,"d":"2,222.48"}},{"v":100,"d":"100.0"},{"v":2222.48,"d":"2,222.48"},{"v":2222.48,"d":"2,222.48"}]
[null,{"v":4,"d":"4.00"},{"$f":"'Orçamento Sintético '!D51","v":"ESTRUTURA"},{"$f":"'Orçamento Sintético '!J51","v":{"v":0.1357666318244546,"d":"13.58%"}},{"$f":"'Orçamento Sintético '!I51","v":{"v":5856.61,"d":"5,856.61"}},{"v":100,"d":"100.0"},{"v":5856.61,"d":"5,856.61"},{"v":5856.61,"d":"5,856.61"}]
[null,{"v":5,"d":"5.00"},{"$f":"'Orçamento Sintético '!D53","v":"INSTALAÇÕES HIDRO SANITÁRIAS"},{"$f":"'Orçamento Sintético '!J53","v":{"v":0.01949865696370174,"d":"1.95%"}},{"$f":"'Orçamento Sintético '!I53","v":841.12},{"v":100,"d":"100.0"},{"$f":"E33","v":841.12},841.12]
[]
[null,null,"TOTAL SIMPLES",null,{"$f":"SUM(E21:E34)","v":{"v":43137.33,"d":"43,137.33"}},{"$f":"(G35/$E$36)*100","v":{"v":100,"d":"100.00"}},{"$f":"SUM(G21:G34)","v":{"v":43137.33,"d":"43,137.33"}},{"$f":"SUM(H21:H34)","v":{"v":43137.33,"d":"43,137.33"}}]
[null,null,"TOTAL ACUMULADO",null,{"$f":"SUM(E21:E34)","v":{"v":43137.33,"d":"43,137.33"}},{"$f":"F35","v":{"v":100,"d":"100.00"}},{"$f":"G35","v":{"v":43137.33,"d":"43,137.33"}},{"$f":"H35","v":{"v":43137.33,"d":"43,137.33"}}]
[]
[null,null,"Teresina (PI),  21 de Julho de 2021"]

{"sheet":"BDI","index":3,"n_rows":45,"n_cols":4,"rows_kept":45,"merged":[[2,1,7,2],[2,3,3,3],[4,3,5,3],[4,4,5,6],[4,7,5,7],[6,3,7,3],[6,4,7,6],[6,7,7,7],[9,1,9,2],[10,1,10,2],[11,1,11,2],[12,1,12,3],[20,1,24,1],[44,1,44,2]]}
[]
[]
[{"$nulls":3},"GABINETE DO SECRETÁRIO"]
[]
[{"$nulls":3},"NÚCLEO DE INFRA-ESTRUTURA EM SAÚDE - NIS"]
[]
[{"$nulls":3},"COORDENAÇÃO DE INFRA-ESTRUTURA EM SAÚDE"]
[]
[]
[null,"Obra: CONSTRUÇÃO DO MURO ENTRE A CAF E A CENTRAL DE RESÍDUOS DO HOSPITAL AREOLINO DE ABREU E CONSTRUÇÃO DE RESERVATÓRIO 500L NA CAF",null,{"$f":"[1]Resumo!D9","v":"Município: Teresina- PI"}]
[null,"Endereço: R. Dezenove de Novembro, 1865",null,"DATA BASE: SINAPI - 06/2021, ORSE - 04/2021\nSEINFRA - 27.1"]
[]
[null,"COMPOSIÇÃO DO BDI"]
[]
[null,"ITEM","ITEM COMPONENTE DO BDI","BDI TCU - Acórdão 2622/2013 (%)"]
[null,1,"ADMINISTRAÇÃO CENTRAL (AC)",{"v":0.03,"d":"3.00%"}]
[null,2,"SEGURO E GARANTIA (S+G)",{"v":0.008,"d":"0.80%"}]
[null,3,"RISCO ( R)",{"v":0.0097,"d":"0.97%"}]
[null,4,"DESPESAS FINANCEIRAS (DF)",{"v":0.0059,"d":"0.59%"}]
[null,5,"LUCRO (L)",{"v":0.066,"d":"6.60%"}]
[null,6,"TRIBUTOS (I)",{"$f":"SUM(D22:D25)","v":{"v":0.1115,"d":"11.15%"}}]
[null,null,"PIS",{"v":0.0065,"d":"0.65%"}]
[null,null,"COFINS",{"v":0.03,"d":"3.00%"}]
[null,null,"ISS",{"v":0.03,"d":"3.00%"}]
[null,null,"INSS (DESONERAÇÃO) - CPRB",{"v":0.045,"d":"4.50%"}]
{"$rows_empty":13}
[null,"Aplicando na fórmula acima, temos:"]
[]
[null,null,"BDI(%)=",{"$f":"(((1+D16+D17+D18)*(1+D19)*(1+D20))/(1-SUM(D21)))-1","v":{"v":0.26442048889139036,"d":"26.44%"}}]
[]
[]
[]
[null,"Teresina (PI),  21 de Julho de 2021"]

{"sheet":"Leis Sociais","index":4,"n_rows":59,"n_cols":5,"rows_kept":59,"merged":[[1,1,6,2],[1,3,2,4],[3,3,4,4],[5,3,6,4],[8,1,8,2],[8,3,8,9],[9,1,9,2],[9,3,9,9],[11,1,11,2],[11,3,12,4],[12,1,12,2],[14,1,14,4]]}
[]
[{"$nulls":3},"GOVERNO DO ESTADO DO PIAUÍ"]
[]
[{"$nulls":3},"NÚCLEO DE INFRA-ESTRUTURA EM SAÚDE - NIS"]
[]
[{"$nulls":3},"COORDENAÇÃO DE INFRA-ESTRUTURA EM SAÚDE"]
[]
[]
[null,"OBRA",null,"Município: "]
[null,{"$f":"'Memorial de Cálculo'!B10:F10","v":"CONSTRUÇÃO DO MURO ENTRE A CAF E A CENTRAL DE RESÍDUOS DO HOSPITAL AREOLINO DE ABREU E CONSTRUÇÃO DE RESERVATÓRIO 500L NA CAF"},null,"Teresina - PI"]
[]
[null,"ENDEREÇO",null,"DATA BASE: SINAPI - 06/2021, ORSE - 04/2021\nSEINFRA - 27.1"]
[null,{"$f":"'Memorial de Cálculo'!B13:F13","v":"R. Dezenove de Novembro, 1865"}]
[]
[null,"ENCARGOS SOCIAIS SOBRE A MÃO DE OBRA - COM DESONERAÇÃO"]
[]
[null,"CÓDIGO","DESCRIÇÃO","HORISTA %","MENSALISTA %"]
[]
[null,"GRUPO A"]
[null,"A1","INSS",{"v":0,"d":"0.00"},{"v":0,"d":"0.00"}]
[null,"A2"," SESI",{"v":1.5,"d":"1.50"},{"v":1.5,"d":"1.50"}]
[null,"A3","SENAI",{"v":1,"d":"1.00"},{"v":1,"d":"1.00"}]
[null,"A4","INCRA",{"v":0.2,"d":"0.20"},{"v":0.2,"d":"0.20"}]
[null,"A5","SEBRAE",{"v":0.6,"d":"0.60"},{"v":0.6,"d":"0.60"}]
[null,"A6","SALÁRIO-EDUCAÇÃO",{"v":2.5,"d":"2.50"},{"v":2.5,"d":"2.50"}]
[null,"A7","SEGURO CONTRA ACIDENTES DE TRABALHO",{"v":3,"d":"3.00"},{"v":3,"d":"3.00"}]
[null,"A8","FGTS",{"v":8,"d":"8.00"},{"v":8,"d":"8.00"}]
[null,"A9","SECONCI",{"v":0,"d":"0.00"},{"v":0,"d":"0.00"}]
[null,"A","TOTAL DOS ENCARGOS SOCIAIS",{"$f":"SUM(D20:D28)","v":{"v":16.8,"d":"16.80"}},{"$f":"SUM(E20:E28)","v":{"v":16.8,"d":"16.80"}}]
[]
[null,"GRUPO B"]
[null,"B1","REPOUSO SEMANAL REMUNERADO",17.83,{"v":0,"d":"0.00"}]
[null,"B2","FERIADOS",3.95,{"v":0,"d":"0.00"}]
[null,"B3","AUXILIO - ENFERMIDADE",0.92,{"v":0.7,"d":"0.70"}]
[null,"B4"," 13º SALÁRIO",10.94,8.33]
[null,"B5","LICENÇA PATERNIDADE",0.07,0.05]
[null,"B6","FALTAS JUSTIFICADAS",0.73,0.56]
[null,"B7","DIAS DE CHUVA",1.18,{"v":0,"d":"0.00"}]
[null,"B8","AUXILIO ACIDETE DE TRABALHO",0.11,0.08]
[null,"B9","FÉRIAS GOZADAS",11.24,8.56]
[null,"B10","SALÁRIO MATERNIDADE",0.03,0.02]
[null,"B","TOTAL DOS ENCARGOS SOCIAIS QUE RECEBEM INCIDÊNCIAS DE A",{"$f":"SUM(D32:D41)","v":{"v":47,"d":"47.00"}},{"$f":"SUM(E32:E41)","v":{"v":18.3,"d":"18.30"}}]
[]
[null,"GRUPO C"]
[null,"C1","AVISO PRÉVIO INDENIZADO",7.17,5.46]
[null,"C2","AVISO PRÉVIO TRABALHADO",0.17,0.13]
[null,"C3","FÉRIAS IDENIZADAS",3.22,2.45]
[null,"C4","DEPÓSITO RESCISÃO SEM JUSTA CAUSA",5.08,3.87]
[null,"C5","IDENIZAÇÃO ADICIONAL",{"v":0.6,"d":"0.60"},0.46]
[null,"C","TOTAL DOS ENCARGOS SOCIAIS QUE NÃO RECEBEM INCIDÊNCIAS GLOBAIS DE A",{"$f":"SUM(D45:D49)","v":{"v":16.240000000000002,"d":"16.24"}},{"$f":"SUM(E45:E49)","v":{"v":12.370000000000001,"d":"12.37"}}]
[]
[null,"GRUPO D"]
[null,"D1","REINCIDÊNCIA DE GRUPO A SOBRE GRUPO B",{"v":7.9,"d":"7.90"},3.07]
[null,"D2","REINCIDÊNCIA DE GRUPO A SOBRE AVISO PRÉVIO TRABALHADO E REINCIDÊNCIA DOFGTSSOBRE AVISO PRÉVIO INDENIZADO",{"v":0.6,"d":"0.60"},0.46]
[null,"D","TOTAL DAS TAXAS INCIDÊNCIAS E REINCIDÊNCIAS",{"$f":"SUM(D53:D54)","v":{"v":8.5,"d":"8.50"}},{"$f":"SUM(E53:E54)","v":3.53}]
[]
[null,"TOTAL (A+B+C+D)",null,{"$f":"SUM(D55+D50+D42+D29)","v":88.54},{"$f":"SUM(E55+E50+E42+E29)","v":{"v":51,"d":"51.00"}}]
[]
[null,null,"Teresina (PI),  21 de Julho de 2021"]

{"sheet":"Sianpi S 09","index":5,"n_rows":6445,"n_cols":4,"rows_kept":6445,"hidden":true}
["CODIGO  DA COMPOSICAO","DESCRICAO DA COMPOSICAO","UNIDADE","CUSTO TOTAL"]
[97141,"ASSENTAMENTO DE TUBO DE FERRO FUNDIDO PARA REDE DE ÁGUA, DN 80 MM, JUNTA ELÁSTICA, INSTALADO EM LOCAL COM NÍVEL ALTO DE INTERFERÊNCIAS (NÃO INCLUI FORNECIMENTO). AF_11/2017","M","5,80"]
[97142,"ASSENTAMENTO DE TUBO DE FERRO FUNDIDO PARA REDE DE ÁGUA, DN 100 MM, JUNTA ELÁSTICA, INSTALADO EM LOCAL COM NÍVEL ALTO DE INTERFERÊNCIAS (NÃO INCLUI FORNECIMENTO). AF_11/2017","M","6,49"]
[97143,"ASSENTAMENTO DE TUBO DE FERRO FUNDIDO PARA REDE DE ÁGUA, DN 150 MM, JUNTA ELÁSTICA, INSTALADO EM LOCAL COM NÍVEL ALTO DE INTERFERÊNCIAS (NÃO INCLUI FORNECIMENTO). AF_11/2017","M","8,16"]
[97144,"ASSENTAMENTO DE TUBO DE FERRO FUNDIDO PARA REDE DE ÁGUA, DN 200 MM, JUNTA ELÁSTICA, INSTALADO EM LOCAL COM NÍVEL ALTO DE INTERFERÊNCIAS (NÃO INCLUI FORNECIMENTO). AF_11/2017","M","9,81"]
[97145,"ASSENTAMENTO DE TUBO DE FERRO FUNDIDO PARA REDE DE ÁGUA, DN 250 MM, JUNTA ELÁSTICA, INSTALADO EM LOCAL COM NÍVEL ALTO DE INTERFERÊNCIAS (NÃO INCLUI FORNECIMENTO). AF_11/2017","M","11,50"]
[97146,"ASSENTAMENTO DE TUBO DE FERRO FUNDIDO PARA REDE DE ÁGUA, DN 300 MM, JUNTA ELÁSTICA, INSTALADO EM LOCAL COM NÍVEL ALTO DE INTERFERÊNCIAS (NÃO INCLUI FORNECIMENTO). AF_11/2017","M","13,16"]
[97147,"ASSENTAMENTO DE TUBO DE FERRO FUNDIDO PARA REDE DE ÁGUA, DN 350 MM, JUNTA ELÁSTICA, INSTALADO EM LOCAL COM NÍVEL ALTO DE INTERFERÊNCIAS (NÃO INCLUI FORNECIMENTO). AF_11/2017","M","14,85"]
[97148,"ASSENTAMENTO DE TUBO DE FERRO FUNDIDO PARA REDE DE ÁGUA, DN 400 MM, JUNTA ELÁSTICA, INSTALADO EM LOCAL COM NÍVEL ALTO DE INTERFERÊNCIAS (NÃO INCLUI FORNECIMENTO). AF_11/2017","M","16,54"]
[97149,"ASSENTAMENTO DE TUBO DE FERRO FUNDIDO PARA REDE DE ÁGUA, DN 450 MM, JUNTA ELÁSTICA, INSTALADO EM LOCAL COM NÍVEL ALTO DE INTERFERÊNCIAS (NÃO INCLUI FORNECIMENTO). AF_11/2017","M","18,23"]
[97150,"ASSENTAMENTO DE TUBO DE FERRO FUNDIDO PARA REDE DE ÁGUA, DN 500 MM, JUNTA ELÁSTICA, INSTALADO EM LOCAL COM NÍVEL ALTO DE INTERFERÊNCIAS (NÃO INCLUI FORNECIMENTO). AF_11/2017","M","21,85"]
[97151,"ASSENTAMENTO DE TUBO DE FERRO FUNDIDO PARA REDE DE ÁGUA, DN 600 MM, JUNTA ELÁSTICA, INSTALADO EM LOCAL COM NÍVEL ALTO DE INTERFERÊNCIAS (NÃO INCLUI FORNECIMENTO). AF_11/2017","M","25,51"]
[97152,"ASSENTAMENTO DE TUBO DE FERRO FUNDIDO PARA REDE DE ÁGUA, DN 700 MM, JUNTA ELÁSTICA, INSTALADO EM LOCAL COM NÍVEL ALTO DE INTERFERÊNCIAS (NÃO INCLUI FORNECIMENTO). AF_11/2017","M","29,02"]
[97153,"ASSENTAMENTO DE TUBO DE FERRO FUNDIDO PARA REDE DE ÁGUA, DN 800 MM, JUNTA ELÁSTICA, INSTALADO EM LOCAL COM NÍVEL ALTO DE INTERFERÊNCIAS (NÃO INCLUI FORNECIMENTO). AF_11/2017","M","32,62"]
[97154,"ASSENTAMENTO DE TUBO DE FERRO FUNDIDO PARA REDE DE ÁGUA, DN 900 MM, JUNTA ELÁSTICA, INSTALADO EM LOCAL COM NÍVEL ALTO DE INTERFERÊNCIAS (NÃO INCLUI FORNECIMENTO). AF_11/2017","M","36,24"]
[97155,"ASSENTAMENTO DE TUBO DE FERRO FUNDIDO PARA REDE DE ÁGUA, DN 1000 MM, JUNTA ELÁSTICA, INSTALADO EM LOCAL COM NÍVEL ALTO DE INTERFERÊNCIAS (NÃO INCLUI FORNECIMENTO). AF_11/2017","M","39,85"]
[97156,"ASSENTAMENTO DE TUBO DE FERRO FUNDIDO PARA REDE DE ÁGUA, DN 1200 MM, JUNTA ELÁSTICA, INSTALADO EM LOCAL COM NÍVEL ALTO DE INTERFERÊNCIAS (NÃO INCLUI FORNECIMENTO). AF_11/2017","M","47,38"]
[97157,"ASSENTAMENTO DE TUBO DE FERRO FUNDIDO PARA REDE DE ÁGUA, DN 80 MM, JUNTA ELÁSTICA, INSTALADO EM LOCAL COM NÍVEL BAIXO DE INTERFERÊNCIAS (NÃO INCLUI FORNECIMENTO). AF_11/2017","M","3,56"]
[97158,"ASSENTAMENTO DE TUBO DE FERRO FUNDIDO PARA REDE DE ÁGUA, DN 100 MM, JUNTA ELÁSTICA, INSTALADO EM LOCAL COM NÍVEL BAIXO DE INTERFERÊNCIAS (NÃO INCLUI FORNECIMENTO). AF_11/2017","M","3,99"]
[97159,"ASSENTAMENTO DE TUBO DE FERRO FUNDIDO PARA REDE DE ÁGUA, DN 150 MM, JUNTA ELÁSTICA, INSTALADO EM LOCAL COM NÍVEL BAIXO DE INTERFERÊNCIAS (NÃO INCLUI FORNECIMENTO). AF_11/2017","M","5,00"]
[97160,"ASSENTAMENTO DE TUBO DE FERRO FUNDIDO PARA REDE DE ÁGUA, DN 200 MM, JUNTA ELÁSTICA, INSTALADO EM LOCAL COM NÍVEL BAIXO DE INTERFERÊNCIAS (NÃO INCLUI FORNECIMENTO). AF_11/2017","M","6,02"]
[97161,"ASSENTAMENTO DE TUBO DE FERRO FUNDIDO PARA REDE DE ÁGUA, DN 250 MM, JUNTA ELÁSTICA, INSTALADO EM LOCAL COM NÍVEL BAIXO DE INTERFERÊNCIAS (NÃO INCLUI FORNECIMENTO). AF_11/2017","M","7,07"]
[97162,"ASSENTAMENTO DE TUBO DE FERRO FUNDIDO PARA REDE DE ÁGUA, DN 300 MM, JUNTA ELÁSTICA, INSTALADO EM LOCAL COM NÍVEL BAIXO DE INTERFERÊNCIAS (NÃO INCLUI FORNECIMENTO). AF_11/2017","M","8,09"]
[97163,"ASSENTAMENTO DE TUBO DE FERRO FUNDIDO PARA REDE DE ÁGUA, DN 350 MM, JUNTA ELÁSTICA, INSTALADO EM LOCAL COM NÍVEL BAIXO DE INTERFERÊNCIAS (NÃO INCLUI FORNECIMENTO). AF_11/2017","M","9,13"]
[97164,"ASSENTAMENTO DE TUBO DE FERRO FUNDIDO PARA REDE DE ÁGUA, DN 400 MM, JUNTA ELÁSTICA, INSTALADO EM LOCAL COM NÍVEL BAIXO DE INTERFERÊNCIAS (NÃO INCLUI FORNECIMENTO). AF_11/2017","M","10,17"]
[97165,"ASSENTAMENTO DE TUBO DE FERRO FUNDIDO PARA REDE DE ÁGUA, DN 450 MM, JUNTA ELÁSTICA, INSTALADO EM LOCAL COM NÍVEL BAIXO DE INTERFERÊNCIAS (NÃO INCLUI FORNECIMENTO). AF_11/2017","M","11,23"]
[97166,"ASSENTAMENTO DE TUBO DE FERRO FUNDIDO PARA REDE DE ÁGUA, DN 500 MM, JUNTA ELÁSTICA, INSTALADO EM LOCAL COM NÍVEL BAIXO DE INTERFERÊNCIAS (NÃO INCLUI FORNECIMENTO). AF_11/2017","M","13,48"]
[97167,"ASSENTAMENTO DE TUBO DE FERRO FUNDIDO PARA REDE DE ÁGUA, DN 600 MM, JUNTA ELÁSTICA, INSTALADO EM LOCAL COM NÍVEL BAIXO DE INTERFERÊNCIAS (NÃO INCLUI FORNECIMENTO). AF_11/2017","M","15,76"]
[97168,"ASSENTAMENTO DE TUBO DE FERRO FUNDIDO PARA REDE DE ÁGUA, DN 700 MM, JUNTA ELÁSTICA, INSTALADO EM LOCAL COM NÍVEL BAIXO DE INTERFERÊNCIAS (NÃO INCLUI FORNECIMENTO). AF_11/2017","M","17,88"]
[97169,"ASSENTAMENTO DE TUBO DE FERRO FUNDIDO PARA REDE DE ÁGUA, DN 800 MM, JUNTA ELÁSTICA, INSTALADO EM LOCAL COM NÍVEL BAIXO DE INTERFERÊNCIAS (NÃO INCLUI FORNECIMENTO). AF_11/2017","M","20,08"]
[97170,"ASSENTAMENTO DE TUBO DE FERRO FUNDIDO PARA REDE DE ÁGUA, DN 900 MM, JUNTA ELÁSTICA, INSTALADO EM LOCAL COM NÍVEL BAIXO DE INTERFERÊNCIAS (NÃO INCLUI FORNECIMENTO). AF_11/2017","M","22,31"]
[97171,"ASSENTAMENTO DE TUBO DE FERRO FUNDIDO PARA REDE DE ÁGUA, DN 1000 MM, JUNTA ELÁSTICA, INSTALADO EM LOCAL COM NÍVEL BAIXO DE INTERFERÊNCIAS (NÃO INCLUI FORNECIMENTO). AF_11/2017","M","24,56"]
[97172,"ASSENTAMENTO DE TUBO DE FERRO FUNDIDO PARA REDE DE ÁGUA, DN 1200 MM, JUNTA ELÁSTICA, INSTALADO EM LOCAL COM NÍVEL BAIXO DE INTERFERÊNCIAS (NÃO INCLUI FORNECIMENTO). AF_11/2017","M","29,32"]
[97173,"ASSENTAMENTO DE TUBO DE AÇO CARBONO PARA REDE DE ÁGUA, DN 600 MM (24’’), JUNTA SOLDADA, INSTALADO EM LOCAL COM NÍVEL ALTO DE INTERFERÊNCIAS (NÃO INCLUI FORNECIMENTO). AF_11/2017","M","23,77"]
[97174,"ASSENTAMENTO DE TUBO DE AÇO CARBONO PARA REDE DE ÁGUA, DN 700 MM (28’’), JUNTA SOLDADA, INSTALADO EM LOCAL COM NÍVEL ALTO DE INTERFERÊNCIAS (NÃO INCLUI FORNECIMENTO). AF_11/2017","M","27,48"]
[97175,"ASSENTAMENTO DE TUBO DE AÇO CARBONO PARA REDE DE ÁGUA, DN 800 MM (32’’), JUNTA SOLDADA, INSTALADO EM LOCAL COM NÍVEL ALTO DE INTERFERÊNCIAS (NÃO INCLUI FORNECIMENTO). AF_11/2017","M","31,22"]
[97176,"ASSENTAMENTO DE TUBO DE AÇO CARBONO PARA REDE DE ÁGUA, DN 900 MM (36’’), JUNTA SOLDADA, INSTALADO EM LOCAL COM NÍVEL ALTO DE INTERFERÊNCIAS (NÃO INCLUI FORNECIMENTO). AF_11/2017","M","34,94"]
[97177,"ASSENTAMENTO DE TUBO DE AÇO CARBONO PARA REDE DE ÁGUA, DN 1000 MM (40’’) OU DN 1100 MM (44’’), JUNTA SOLDADA, INSTALADO EM LOCAL COM NÍVEL ALTO DE INTERFERÊNCIAS (NÃO INCLUI FORNECIMENTO). AF_11/2017","M","42,38"]
[97178,"ASSENTAMENTO DE TUBO DE AÇO CARBONO PARA REDE DE ÁGUA, DN 1200 MM (48’’) OU DN 1300 MM (52’’), JUNTA SOLDADA, INSTALADO EM LOCAL COM NÍVEL ALTO DE INTERFERÊNCIAS (NÃO INCLUI FORNECIMENTO). AF_11/2017","M","49,83"]
[97179,"ASSENTAMENTO DE TUBO DE AÇO CARBONO PARA REDE DE ÁGUA, DN 1400 MM (56'') OU DN 1500 MM (60’’), JUNTA SOLDADA, INSTALADO EM LOCAL COM NÍVEL ALTO DE INTERFERÊNCIAS (NÃO INCLUI FORNECIMENTO). AF_11/2017","M","57,26"]
[97180,"ASSENTAMENTO DE TUBO DE AÇO CARBONO PARA REDE DE ÁGUA, DN 1600 MM (64’’) OU DN 1700 MM (68’’), JUNTA SOLDADA, INSTALADO EM LOCAL COM NÍVEL ALTO DE INTERFERÊNCIAS (NÃO INCLUI FORNECIMENTO). AF_11/2017","M","64,69"]
[97181,"ASSENTAMENTO DE TUBO DE AÇO CARBONO PARA REDE DE ÁGUA, DN 1800 MM (72’’) OU DN 1900 MM (76’’), JUNTA SOLDADA, INSTALADO EM LOCAL COM NÍVEL ALTO DE INTERFERÊNCIAS (NÃO INCLUI FORNECIMENTO). AF_11/2017","M","75,03"]
[97182,"ASSENTAMENTO DE TUBO DE AÇO CARBONO PARA REDE DE ÁGUA, DN 2000 MM (80’’) OU DN 2100 MM (84’’), JUNTA SOLDADA, INSTALADO EM LOCAL COM NÍVEL ALTO DE INTERFERÊNCIAS (NÃO INCLUI FORNECIMENTO). AF_11/2017","M","82,78"]
[97183,"ASSENTAMENTO DE TUBO DE AÇO CARBONO PARA REDE DE ÁGUA, DN 600 MM (24’’), JUNTA SOLDADA, INSTALADO EM LOCAL COM NÍVEL BAIXO DE INTERFERÊNCIAS (NÃO INCLUI FORNECIMENTO). AF_11/2017","M","19,44"]
[97184,"ASSENTAMENTO DE TUBO DE AÇO CARBONO PARA REDE DE ÁGUA, DN 700 MM (28’’), JUNTA SOLDADA, INSTALADO EM LOCAL COM NÍVEL BAIXO DE INTERFERÊNCIAS (NÃO INCLUI FORNECIMENTO). AF_11/2017","M","22,53"]
[97185,"ASSENTAMENTO DE TUBO DE AÇO CARBONO PARA REDE DE ÁGUA, DN 800 MM (32’’), JUNTA SOLDADA, INSTALADO EM LOCAL COM NÍVEL BAIXO DE INTERFERÊNCIAS (NÃO INCLUI FORNECIMENTO). AF_11/2017","M","25,62"]
[97186,"ASSENTAMENTO DE TUBO DE AÇO CARBONO PARA REDE DE ÁGUA, DN 900 MM (36’’), JUNTA SOLDADA, INSTALADO EM LOCAL COM NÍVEL BAIXO DE INTERFERÊNCIAS (NÃO INCLUI FORNECIMENTO). AF_11/2017","M","28,73"]
[97187,"ASSENTAMENTO DE TUBO DE AÇO CARBONO PARA REDE DE ÁGUA, DN 1000 MM (40  ) OU DN 1100 MM (44  ), JUNTA SOLDADA, INSTALADO EM LOCAL COM NÍVEL BAIXO DE INTERFERÊNCIAS (NÃO INCLUI FORNECIMENTO). AF_11/2017","M","34,92"]
[97188,"ASSENTAMENTO DE TUBO DE AÇO CARBONO PARA REDE DE ÁGUA, DN 1200 MM (48’’) OU DN 1300 MM (52’’), JUNTA SOLDADA, INSTALADO EM LOCAL COM NÍVEL BAIXO DE INTERFERÊNCIAS (NÃO INCLUI FORNECIMENTO). AF_11/2017","M","41,11"]
[97189,"ASSENTAMENTO DE TUBO DE AÇO CARBONO PARA REDE DE ÁGUA, DN 1400 MM (56'') OU DN 1500 MM (60’’), JUNTA SOLDADA, INSTALADO EM LOCAL COM NÍVEL BAIXO DE INTERFERÊNCIAS (NÃO INCLUI FORNECIMENTO). AF_11/2017","M","47,30"]
[97190,"ASSENTAMENTO DE TUBO DE AÇO CARBONO PARA REDE DE ÁGUA, DN 1600 MM (64’’) OU DN 1700 MM (68’’), JUNTA SOLDADA, INSTALADO EM LOCAL COM NÍVEL BAIXO DE INTERFERÊNCIAS (NÃO INCLUI FORNECIMENTO). AF_11/2017","M","53,48"]
[97191,"ASSENTAMENTO DE TUBO DE AÇO CARBONO PARA REDE DE ÁGUA, DN 1800 MM (72’’) OU DN 1900 MM (76’’), JUNTA SOLDADA, INSTALADO EM LOCAL COM NÍVEL BAIXO DE INTERFERÊNCIAS (NÃO INCLUI FORNECIMENTO). AF_11/2017","M","61,96"]
[97192,"ASSENTAMENTO DE TUBO DE AÇO CARBONO PARA REDE DE ÁGUA, DN 2000 MM (80’’) OU DN 2100 MM (84’’), JUNTA SOLDADA, INSTALADO EM LOCAL COM NÍVEL BAIXO DE INTERFERÊNCIAS (NÃO INCLUI FORNECIMENTO). AF_11/2017","M","68,39"]
[90694,"TUBO DE PVC PARA REDE COLETORA DE ESGOTO DE PAREDE MACIÇA, DN 100 MM, JUNTA ELÁSTICA, INSTALADO EM LOCAL COM NÍVEL BAIXO DE INTERFERÊNCIAS - FORNECIMENTO E ASSENTAMENTO. AF_06/2015","M","21,19"]
[90695,"TUBO DE PVC PARA REDE COLETORA DE ESGOTO DE PAREDE MACIÇA, DN 150 MM, JUNTA ELÁSTICA, INSTALADO EM LOCAL COM NÍVEL BAIXO DE INTERFERÊNCIAS - FORNECIMENTO E ASSENTAMENTO. AF_06/2015","M","43,66"]
[90696,"TUBO DE PVC PARA REDE COLETORA DE ESGOTO DE PAREDE MACIÇA, DN 200 MM, JUNTA ELÁSTICA, INSTALADO EM LOCAL COM NÍVEL BAIXO DE INTERFERÊNCIAS - FORNECIMENTO E ASSENTAMENTO. AF_06/2015","M","67,18"]
[90697,"TUBO DE PVC PARA REDE COLETORA DE ESGOTO DE PAREDE MACIÇA, DN 250 MM, JUNTA ELÁSTICA, INSTALADO EM LOCAL COM NÍVEL BAIXO DE INTERFERÊNCIAS - FORNECIMENTO E ASSENTAMENTO. AF_06/2015","M","112,25"]
[90698,"TUBO DE PVC PARA REDE COLETORA DE ESGOTO DE PAREDE MACIÇA, DN 300 MM, JUNTA ELÁSTICA, INSTALADO EM LOCAL COM NÍVEL BAIXO DE INTERFERÊNCIAS - FORNECIMENTO E ASSENTAMENTO. AF_06/2015","M","180,20"]
[90699,"TUBO DE PVC PARA REDE COLETORA DE ESGOTO DE PAREDE MACIÇA, DN 350 MM, JUNTA ELÁSTICA, INSTALADO EM LOCAL COM NÍVEL BAIXO DE INTERFERÊNCIAS - FORNECIMENTO E ASSENTAMENTO. AF_06/2015","M","222,96"]
[90700,"TUBO DE PVC PARA REDE COLETORA DE ESGOTO DE PAREDE MACIÇA, DN 400 MM, JUNTA ELÁSTICA, INSTALADO EM LOCAL COM NÍVEL BAIXO DE INTERFERÊNCIAS - FORNECIMENTO E ASSENTAMENTO. AF_06/2015","M","295,00"]
[90701,"TUBO DE PVC CORRUGADO DE DUPLA PAREDE PARA REDE COLETORA DE ESGOTO, DN 150 MM, JUNTA ELÁSTICA, INSTALADO EM LOCAL COM NÍVEL BAIXO DE INTERFERÊNCIAS - FORNECIMENTO E ASSENTAMENTO. AF_06/2015","M","37,57"]
[90702,"TUBO DE PVC CORRUGADO DE DUPLA PAREDE PARA REDE COLETORA DE ESGOTO, DN 200 MM, JUNTA ELÁSTICA, INSTALADO EM LOCAL COM NÍVEL BAIXO DE INTERFERÊNCIAS - FORNECIMENTO E ASSENTAMENTO. AF_06/2015","M","56,53"]
[90703,"TUBO DE PVC CORRUGADO DE DUPLA PAREDE PARA REDE COLETORA DE ESGOTO, DN 250 MM, JUNTA ELÁSTICA, INSTALADO EM LOCAL COM NÍVEL BAIXO DE INTERFERÊNCIAS - FORNECIMENTO E ASSENTAMENTO. AF_06/2015","M","92,96"]
[90704,"TUBO DE PVC CORRUGADO DE DUPLA PAREDE PARA REDE COLETORA DE ESGOTO, DN 300 MM, JUNTA ELÁSTICA, INSTALADO EM LOCAL COM NÍVEL BAIXO DE INTERFERÊNCIAS - FORNECIMENTO E ASSENTAMENTO. AF_06/2015","M","145,14"]
[90705,"TUBO DE PVC CORRUGADO DE DUPLA PAREDE PARA REDE COLETORA DE ESGOTO, DN 350 MM, JUNTA ELÁSTICA, INSTALADO EM LOCAL COM NÍVEL BAIXO DE INTERFERÊNCIAS - FORNECIMENTO E ASSENTAMENTO. AF_06/2015","M","212,51"]
[90706,"TUBO DE PVC CORRUGADO DE DUPLA PAREDE PARA REDE COLETORA DE ESGOTO, DN 400 MM, JUNTA ELÁSTICA, INSTALADO EM LOCAL COM NÍVEL BAIXO DE INTERFERÊNCIAS - FORNECIMENTO E ASSENTAMENTO. AF_06/2015","M","259,23"]
[90708,"TUBO DE PEAD CORRUGADO DE DUPLA PAREDE PARA REDE COLETORA DE ESGOTO, DN 600 MM, JUNTA ELÁSTICA INTEGRADA, INSTALADO EM LOCAL COM NÍVEL BAIXO DE INTERFERÊNCIAS - FORNECIMENTO E ASSENTAMENTO. AF_06/2015","M","413,47"]
[90709,"TUBO DE PVC PARA REDE COLETORA DE ESGOTO DE PAREDE MACIÇA, DN 100 MM, JUNTA ELÁSTICA, INSTALADO EM LOCAL COM NÍVEL ALTO DE INTERFERÊNCIAS - FORNECIMENTO E ASSENTAMENTO. AF_06/2015","M","22,72"]
[90710,"TUBO DE PVC PARA REDE COLETORA DE ESGOTO DE PAREDE MACIÇA, DN 150 MM, JUNTA ELÁSTICA, INSTALADO EM LOCAL COM NÍVEL ALTO DE INTERFERÊNCIAS - FORNECIMENTO E ASSENTAMENTO. AF_06/2015","M","45,21"]
[90711,"TUBO DE PVC PARA REDE COLETORA DE ESGOTO DE PAREDE MACIÇA, DN 200 MM, JUNTA ELÁSTICA, INSTALADO EM LOCAL COM NÍVEL ALTO DE INTERFERÊNCIAS - FORNECIMENTO E ASSENTAMENTO. AF_06/2015","M","68,72"]
[90712,"TUBO DE PVC PARA REDE COLETORA DE ESGOTO DE PAREDE MACIÇA, DN 250 MM, JUNTA ELÁSTICA, INSTALADO EM LOCAL COM NÍVEL ALTO DE INTERFERÊNCIAS - FORNECIMENTO E ASSENTAMENTO. AF_06/2015","M","113,79"]
[90713,"TUBO DE PVC PARA REDE COLETORA DE ESGOTO DE PAREDE MACIÇA, DN 300 MM, JUNTA ELÁSTICA, INSTALADO EM LOCAL COM NÍVEL ALTO DE INTERFERÊNCIAS - FORNECIMENTO E ASSENTAMENTO. AF_06/2015","M","181,73"]
[90714,"TUBO DE PVC PARA REDE COLETORA DE ESGOTO DE PAREDE MACIÇA, DN 350 MM, JUNTA ELÁSTICA, INSTALADO EM LOCAL COM NÍVEL ALTO DE INTERFERÊNCIAS - FORNECIMENTO E ASSENTAMENTO. AF_06/2015","M","224,49"]
[90715,"TUBO DE PVC PARA REDE COLETORA DE ESGOTO DE PAREDE MACIÇA, DN 400 MM, JUNTA ELÁSTICA, INSTALADO EM LOCAL COM NÍVEL ALTO DE INTERFERÊNCIAS - FORNECIMENTO E ASSENTAMENTO. AF_06/2015","M","298,47"]
[90716,"TUBO DE PVC CORRUGADO DE DUPLA PAREDE PARA REDE COLETORA DE ESGOTO, DN 150 MM, JUNTA ELÁSTICA, INSTALADO EM LOCAL COM NÍVEL ALTO DE INTERFERÊNCIAS - FORNECIMENTO E ASSENTAMENTO. AF_06/2015","M","39,10"]
[90717,"TUBO DE PVC CORRUGADO DE DUPLA PAREDE PARA REDE COLETORA DE ESGOTO, DN 200 MM, JUNTA ELÁSTICA, INSTALADO EM LOCAL COM NÍVEL ALTO DE INTERFERÊNCIAS - FORNECIMENTO E ASSENTAMENTO. AF_06/2015","M","58,06"]
[90718,"TUBO DE PVC CORRUGADO DE DUPLA PAREDE PARA REDE COLETORA DE ESGOTO, DN 250 MM, JUNTA ELÁSTICA, INSTALADO EM LOCAL COM NÍVEL ALTO DE INTERFERÊNCIAS - FORNECIMENTO E ASSENTAMENTO. AF_06/2015","M","94,49"]
[90719,"TUBO DE PVC CORRUGADO DE DUPLA PAREDE PARA REDE COLETORA DE ESGOTO, DN 300 MM, JUNTA ELÁSTICA, INSTALADO EM LOCAL COM NÍVEL ALTO DE INTERFERÊNCIAS - FORNECIMENTO E ASSENTAMENTO. AF_06/2015","M","146,68"]
[90720,"TUBO DE PVC CORRUGADO DE DUPLA PAREDE PARA REDE COLETORA DE ESGOTO, DN 350 MM, JUNTA ELÁSTICA, INSTALADO EM LOCAL COM NÍVEL ALTO DE INTERFERÊNCIAS - FORNECIMENTO E ASSENTAMENTO. AF_06/2015","M","214,05"]
[90721,"TUBO DE PVC CORRUGADO DE DUPLA PAREDE PARA REDE COLETORA DE ESGOTO, DN 400 MM, EM JUNTA ELÁSTICA, INSTALADO EM LOCAL COM NÍVEL ALTO DE INTERFERÊNCIAS - FORNECIMENTO E ASSENTAMENTO. AF_06/2015","M","262,70"]
[90723,"TUBO DE PEAD CORRUGADO DE DUPLA PAREDE PARA REDE COLETORA DE ESGOTO, DN 600 MM, JUNTA ELÁSTICA INTEGRADA, INSTALADO EM LOCAL COM NÍVEL ALTO DE INTERFERÊNCIAS - FORNECIMENTO E ASSENTAMENTO. AF_06/2015","M","415,57"]
[90724,"JUNTA ARGAMASSADA ENTRE TUBO DN 100 MM E O POÇO DE VISITA/ CAIXA DE CONCRETO OU ALVENARIA EM REDES DE ESGOTO. AF_06/2015","UN","17,90"]
[90725,"JUNTA ARGAMASSADA ENTRE TUBO DN 150 MM E O POÇO DE VISITA/ CAIXA DE CONCRETO OU ALVENARIA EM REDES DE ESGOTO. AF_06/2015","UN","22,12"]
[90726,"JUNTA ARGAMASSADA ENTRE TUBO DN 200 MM E O POÇO/ CAIXA DE CONCRETO OU ALVENARIA EM REDES DE ESGOTO. AF_06/2015","UN","26,33"]
[90727,"JUNTA ARGAMASSADA ENTRE TUBO DN 250 MM E O POÇO DE VISITA/ CAIXA DE CONCRETO OU ALVENARIA EM REDES DE ESGOTO. AF_06/2015","UN","30,55"]
[90728,"JUNTA ARGAMASSADA ENTRE TUBO DN 300 MM E O POÇO DE VISITA/ CAIXA DE CONCRETO OU ALVENARIA EM REDES DE ESGOTO. AF_06/2015","UN","34,75"]
[90729,"JUNTA ARGAMASSADA ENTRE TUBO DN 350 MM E O POÇO DE VISITA/ CAIXA DE CONCRETO OU ALVENARIA EM REDES DE ESGOTO. AF_06/2015","UN","38,97"]
[90730,"JUNTA ARGAMASSADA ENTRE TUBO DN 400 MM E O POÇO DE VISITA/ CAIXA DE CONCRETO OU ALVENARIA EM REDES DE ESGOTO. AF_06/2015","UN","43,23"]
[90731,"JUNTA ARGAMASSADA ENTRE TUBO DN 450 MM E O POÇO DE VISITA/ CAIXA DE CONCRETO OU ALVENARIA EM REDES DE ESGOTO. AF_06/2015","UN","47,44"]
[90732,"JUNTA ARGAMASSADA ENTRE TUBO DN 600 MM E O POÇO DE VISITA/ CAIXA DE CONCRETO OU ALVENARIA EM REDES DE ESGOTO. AF_06/2015","UN","60,08"]
[90733,"ASSENTAMENTO DE TUBO DE PVC PARA REDE COLETORA DE ESGOTO DE PAREDE MACIÇA, DN 100 MM, JUNTA ELÁSTICA, INSTALADO EM LOCAL COM NÍVEL BAIXO DE INTERFERÊNCIAS (NÃO INCLUI FORNECIMENTO). AF_06/2015","M","1,93"]
[90734,"ASSENTAMENTO DE TUBO DE PVC PARA REDE COLETORA DE ESGOTO DE PAREDE MACIÇA, DN 150 MM, JUNTA ELÁSTICA, INSTALADO EM LOCAL COM NÍVEL BAIXO DE INTERFERÊNCIAS (NÃO INCLUI FORNECIMENTO). AF_06/2015","M","2,35"]
[90735,"ASSENTAMENTO DE TUBO DE PVC PARA REDE COLETORA DE ESGOTO DE PAREDE MACIÇA, DN 200 MM, JUNTA ELÁSTICA, INSTALADO EM LOCAL COM NÍVEL BAIXO DE INTERFERÊNCIAS (NÃO INCLUI FORNECIMENTO). AF_06/2015","M","2,79"]
[90736,"ASSENTAMENTO DE TUBO DE PVC PARA REDE COLETORA DE ESGOTO DE PAREDE MACIÇA, DN 250 MM, JUNTA ELÁSTICA, INSTALADO EM LOCAL COM NÍVEL BAIXO DE INTERFERÊNCIAS (NÃO INCLUI FORNECIMENTO). AF_06/2015","M","3,22"]
[90737,"ASSENTAMENTO DE TUBO DE PVC PARA REDE COLETORA DE ESGOTO DE PAREDE MACIÇA, DN 300 MM, JUNTA ELÁSTICA, INSTALADO EM LOCAL COM NÍVEL BAIXO DE INTERFERÊNCIAS (NÃO INCLUI FORNECIMENTO). AF_06/2015","M","3,66"]
[90738,"ASSENTAMENTO DE TUBO DE PVC PARA REDE COLETORA DE ESGOTO DE PAREDE MACIÇA, DN 350 MM, JUNTA ELÁSTICA, INSTALADO EM LOCAL COM NÍVEL BAIXO DE INTERFERÊNCIAS (NÃO INCLUI FORNECIMENTO). AF_06/2015","M","4,09"]
[90739,"ASSENTAMENTO DE TUBO DE PVC PARA REDE COLETORA DE ESGOTO DE PAREDE MACIÇA, DN 400 MM, JUNTA ELÁSTICA, INSTALADO EM LOCAL COM NÍVEL BAIXO DE INTERFERÊNCIAS (NÃO INCLUI FORNECIMENTO). AF_06/2015","M","10,22"]
[90740,"ASSENTAMENTO DE TUBO DE PVC CORRUGADO DE DUPLA PAREDE PARA REDE COLETORA DE ESGOTO, DN 150 MM, JUNTA ELÁSTICA, INSTALADO EM LOCAL COM NÍVEL BAIXO DE INTERFERÊNCIAS (NÃO INCLUI FORNECIMENTO). AF_06/2015","M","4,31"]
[90741,"ASSENTAMENTO DE TUBO DE PVC CORRUGADO DE DUPLA PAREDE PARA REDE COLETORA DE ESGOTO, DN 200 MM, JUNTA ELÁSTICA, INSTALADO EM LOCAL COM NÍVEL BAIXO DE INTERFERÊNCIAS (NÃO INCLUI FORNECIMENTO). AF_06/2015","M","4,74"]
[90742,"ASSENTAMENTO DE TUBO DE PVC CORRUGADO DE DUPLA PAREDE PARA REDE COLETORA DE ESGOTO, DN 250 MM, JUNTA ELÁSTICA, INSTALADO EM LOCAL COM NÍVEL BAIXO DE INTERFERÊNCIAS (NÃO INCLUI FORNECIMENTO). AF_06/2015","M","5,18"]
[90743,"ASSENTAMENTO DE TUBO DE PVC CORRUGADO DE DUPLA PAREDE PARA REDE COLETORA DE ESGOTO, DN 300 MM, JUNTA ELÁSTICA, INSTALADO EM LOCAL COM NÍVEL BAIXO DE INTERFERÊNCIAS (NÃO INCLUI FORNECIMENTO). AF_06/2015","M","5,60"]
[90744,"ASSENTAMENTO DE TUBO DE PVC CORRUGADO DE DUPLA PAREDE PARA REDE COLETORA DE ESGOTO, DN 350 MM, JUNTA ELÁSTICA, INSTALADO EM LOCAL COM NÍVEL BAIXO DE INTERFERÊNCIAS (NÃO INCLUI FORNECIMENTO). AF_06/2015","M","6,03"]
[90745,"ASSENTAMENTO DE TUBO DE PVC CORRUGADO DE DUPLA PAREDE PARA REDE COLETORA DE ESGOTO, DN 400 MM, JUNTA ELÁSTICA, INSTALADO EM LOCAL COM NÍVEL BAIXO DE INTERFERÊNCIAS (NÃO INCLUI FORNECIMENTO). AF_06/2015","M","14,62"]
[90746,"ASSENTAMENTO DE TUBO DE PEAD CORRUGADO DE DUPLA PAREDE PARA REDE COLETORA DE ESGOTO, DN 450 MM, JUNTA ELÁSTICA INTEGRADA, INSTALADO EM LOCAL COM NÍVEL BAIXO DE INTERFERÊNCIAS (NÃO INCLUI FORNECIMENTO). AF_06/2015","M","2,62"]
[90747,"ASSENTAMENTO DE TUBO DE PEAD CORRUGADO DE DUPLA PAREDE PARA REDE COLETORA DE ESGOTO, DN 600 MM, JUNTA ELÁSTICA INTEGRADA, INSTALADO EM LOCAL COM NÍVEL BAIXO DE INTERFERÊNCIAS (NÃO INCLUI FORNECIMENTO). AF_06/2015","M","11,04"]
[90748,"ASSENTAMENTO DE TUBO DE PVC PARA REDE COLETORA DE ESGOTO DE PAREDE MACIÇA, DN 100 MM, JUNTA ELÁSTICA, INSTALADO EM LOCAL COM NÍVEL ALTO DE INTERFERÊNCIAS (NÃO INCLUI FORNECIMENTO). AF_06/2015","M","3,46"]
[90749,"ASSENTAMENTO DE TUBO DE PVC PARA REDE COLETORA DE ESGOTO DE PAREDE MACIÇA, DN 150 MM, JUNTA ELÁSTICA, INSTALADO EM LOCAL COM NÍVEL ALTO DE INTERFERÊNCIAS (NÃO INCLUI FORNECIMENTO). AF_06/2015","M","3,90"]
[90750,"ASSENTAMENTO DE TUBO DE PVC PARA REDE COLETORA DE ESGOTO DE PAREDE MACIÇA, DN 200 MM, JUNTA ELÁSTICA, INSTALADO EM LOCAL COM NÍVEL ALTO DE INTERFERÊNCIAS (NÃO INCLUI FORNECIMENTO). AF_06/2015","M","4,33"]
[90751,"ASSENTAMENTO DE TUBO DE PVC PARA REDE COLETORA DE ESGOTO DE PAREDE MACIÇA, DN 250 MM, JUNTA ELÁSTICA, INSTALADO EM LOCAL COM NÍVEL ALTO DE INTERFERÊNCIAS (NÃO INCLUI FORNECIMENTO). AF_06/2015","M","4,76"]
[90752,"ASSENTAMENTO DE TUBO DE PVC PARA REDE COLETORA DE ESGOTO DE PAREDE MACIÇA, DN 300 MM, JUNTA ELÁSTICA, INSTALADO EM LOCAL COM NÍVEL ALTO DE INTERFERÊNCIAS (NÃO INCLUI FORNECIMENTO). AF_06/2015","M","5,19"]
[90753,"ASSENTAMENTO DE TUBO DE PVC PARA REDE COLETORA DE ESGOTO DE PAREDE MACIÇA, DN 350 MM, JUNTA ELÁSTICA, INSTALADO EM LOCAL COM NÍVEL ALTO DE INTERFERÊNCIAS (NÃO INCLUI FORNECIMENTO). AF_06/2015","M","5,62"]
[90754,"ASSENTAMENTO DE TUBO DE PVC PARA REDE COLETORA DE ESGOTO DE PAREDE MACIÇA, DN 400 MM, JUNTA ELÁSTICA, INSTALADO EM LOCAL COM NÍVEL ALTO DE INTERFERÊNCIAS (NÃO INCLUI FORNECIMENTO). AF_06/2015","M","13,69"]
[90755,"ASSENTAMENTO DE TUBO DE PVC CORRUGADO DE DUPLA PAREDE PARA REDE COLETORA DE ESGOTO, DN 150 MM, JUNTA ELÁSTICA, INSTALADO EM LOCAL COM NÍVEL ALTO DE INTERFERÊNCIAS (NÃO INCLUI FORNECIMENTO). AF_06/2015","M","5,84"]
[90756,"ASSENTAMENTO DE TUBO DE PVC CORRUGADO DE DUPLA PAREDE PARA REDE COLETORA DE ESGOTO, DN 200 MM, JUNTA ELÁSTICA, INSTALADO EM LOCAL COM NÍVEL ALTO DE INTERFERÊNCIAS (NÃO INCLUI FORNECIMENTO). AF_06/2015","M","6,27"]
[90757,"ASSENTAMENTO DE TUBO DE PVC CORRUGADO DE DUPLA PAREDE PARA REDE COLETORA DE ESGOTO, DN 250 MM, JUNTA ELÁSTICA, INSTALADO EM LOCAL COM NÍVEL ALTO DE INTERFERÊNCIAS (NÃO INCLUI FORNECIMENTO). AF_06/2015","M","6,71"]
[90758,"ASSENTAMENTO DE TUBO DE PVC CORRUGADO DE DUPLA PAREDE PARA REDE COLETORA DE ESGOTO, DN 300 MM, JUNTA ELÁSTICA, INSTALADO EM LOCAL COM NÍVEL ALTO DE INTERFERÊNCIAS (NÃO INCLUI FORNECIMENTO). AF_06/2015","M","7,14"]
[90759,"ASSENTAMENTO DE TUBO DE PVC CORRUGADO DE DUPLA PAREDE PARA REDE COLETORA DE ESGOTO, DN 350 MM, JUNTA ELÁSTICA, INSTALADO EM LOCAL COM NÍVEL ALTO DE INTERFERÊNCIAS (NÃO INCLUI FORNECIMENTO). AF_06/2015","M","7,57"]
[90760,"ASSENTAMENTO DE TUBO DE PVC CORRUGADO DE DUPLA PAREDE PARA REDE COLETORA DE ESGOTO, DN 400 MM, EM JUNTA ELÁSTICA, INSTALADO EM LOCAL COM NÍVEL ALTO DE INTERFERÊNCIAS (NÃO INCLUI FORNECIMENTO). AF_06/2015","M","18,09"]
[90761,"ASSENTAMENTO DE TUBO DE PEAD CORRUGADO DE DUPLA PAREDE PARA REDE COLETORA DE ESGOTO, DN 450 MM, JUNTA ELÁSTICA INTEGRADA, INSTALADO EM LOCAL COM NÍVEL ALTO DE INTERFERÊNCIAS (NÃO INCLUI FORNECIMENTO). AF_06/2015","M","3,22"]
[90762,"ASSENTAMENTO DE TUBO DE PEAD CORRUGADO DE DUPLA PAREDE PARA REDE COLETORA DE ESGOTO, DN 600 MM, JUNTA ELÁSTICA INTEGRADA, INSTALADO EM LOCAL COM NÍVEL ALTO DE INTERFERÊNCIAS (NÃO INCLUI FORNECIMENTO). AF_06/2015","M","13,14"]
[94869,"TUBO DE PEAD CORRUGADO DE DUPLA PAREDE PARA REDE COLETORA DE ESGOTO, DN 250 MM, JUNTA ELÁSTICA INTEGRADA, INSTALADO EM LOCAL COM NÍVEL BAIXO DE INTERFERÊNCIAS - FORNECIMENTO E ASSENTAMENTO. AF_06/2016","M","70,93"]
[94870,"ASSENTAMENTO DE TUBO DE PEAD CORRUGADO DE DUPLA PAREDE PARA REDE COLETORA DE ESGOTO, DN 250 MM, JUNTA ELÁSTICA INTEGRADA, INSTALADO EM LOCAL COM NÍVEL BAIXO DE INTERFERÊNCIAS (NÃO INCLUI FORNECIMENTO). AF_06/2016","M","0,63"]
[94871,"TUBO DE PEAD CORRUGADO DE DUPLA PAREDE PARA REDE COLETORA DE ESGOTO, DN 300 MM, JUNTA ELÁSTICA INTEGRADA, INSTALADO EM LOCAL COM NÍVEL BAIXO DE INTERFERÊNCIAS - FORNECIMENTO E ASSENTAMENTO. AF_06/2016","M","104,92"]
[94872,"ASSENTAMENTO DE TUBO DE PEAD CORRUGADO DE DUPLA PAREDE PARA REDE COLETORA DE ESGOTO, DN 300 MM, JUNTA ELÁSTICA INTEGRADA, INSTALADO EM LOCAL COM NÍVEL BAIXO DE INTERFERÊNCIAS (NÃO INCLUI FORNECIMENTO). AF_06/2016","M","1,12"]
[94875,"TUBO DE PEAD CORRUGADO DE DUPLA PAREDE PARA REDE COLETORA DE ESGOTO, DN 750 MM, JUNTA ELÁSTICA INTEGRADA, INSTALADO EM LOCAL COM NÍVEL BAIXO DE INTERFERÊNCIAS - FORNECIMENTO E ASSENTAMENTO. AF_06/2016","M","613,58"]
[94876,"ASSENTAMENTO DE TUBO DE PEAD CORRUGADO DE DUPLA PAREDE PARA REDE COLETORA DE ESGOTO, DN 750 MM, JUNTA ELÁSTICA INTEGRADA, INSTALADO EM LOCAL COM NÍVEL BAIXO DE INTERFERÊNCIAS (NÃO INCLUI FORNECIMENTO). AF_06/2016","M","16,71"]
[94878,"ASSENTAMENTO DE TUBO DE PEAD CORRUGADO DE DUPLA PAREDE PARA REDE COLETORA DE ESGOTO, DN 900 MM, JUNTA ELÁSTICA INTEGRADA, INSTALADO EM LOCAL COM NÍVEL BAIXO DE INTERFERÊNCIAS (NÃO INCLUI FORNECIMENTO). AF_06/2016","M","19,60"]
[94879,"TUBO DE PEAD CORRUGADO DE DUPLA PAREDE PARA REDE COLETORA DE ESGOTO, DN 1000 MM, JUNTA ELÁSTICA INTEGRADA, INSTALADO EM LOCAL COM NÍVEL BAIXO DE INTERFERÊNCIAS - FORNECIMENTO E ASSENTAMENTO. AF_06/2016","M","929,37"]
[94880,"ASSENTAMENTO DE TUBO DE PEAD CORRUGADO DE DUPLA PAREDE PARA REDE COLETORA DE ESGOTO, DN 1000 MM, JUNTA ELÁSTICA INTEGRADA, INSTALADO EM LOCAL COM NÍVEL BAIXO DE INTERFERÊNCIAS (NÃO INCLUI FORNECIMENTO). AF_06/2016","M","24,01"]
[94881,"TUBO DE PEAD CORRUGADO DE DUPLA PAREDE PARA REDE COLETORA DE ESGOTO, DN 1200 MM, JUNTA ELÁSTICA INTEGRADA, INSTALADO EM LOCAL COM NÍVEL BAIXO DE INTERFERÊNCIAS - FORNECIMENTO E ASSENTAMENTO. AF_06/2016","M","1.323,46"]
[94882,"ASSENTAMENTO DE TUBO DE PEAD CORRUGADO DE DUPLA PAREDE PARA REDE COLETORA DE ESGOTO, DN 1200 MM, JUNTA ELÁSTICA INTEGRADA, INSTALADO EM LOCAL COM NÍVEL BAIXO DE INTERFERÊNCIAS (NÃO INCLUI FORNECIMENTO). AF_06/2016","M","28,49"]
[94884,"ASSENTAMENTO DE TUBO DE PEAD CORRUGADO DE DUPLA PAREDE PARA REDE COLETORA DE ESGOTO, DN 1500 MM, JUNTA ELÁSTICA INTEGRADA, INSTALADO EM LOCAL COM NÍVEL BAIXO DE INTERFERÊNCIAS (NÃO INCLUI FORNECIMENTO). AF_06/2016","M","37,56"]
[94885,"TUBO DE PEAD CORRUGADO DE DUPLA PAREDE PARA REDE COLETORA DE ESGOTO, DN 250 MM, JUNTA ELÁSTICA INTEGRADA, INSTALADO EM LOCAL COM NÍVEL ALTO DE INTERFERÊNCIAS - FORNECIMENTO E ASSENTAMENTO. AF_06/2016","M","71,12"]
[94886,"ASSENTAMENTO DE TUBO DE PEAD CORRUGADO DE DUPLA PAREDE PARA REDE COLETORA DE ESGOTO, DN 250 MM, JUNTA ELÁSTICA INTEGRADA, INSTALADO EM LOCAL COM NÍVEL ALTO DE INTERFERÊNCIAS (NÃO INCLUI FORNECIMENTO). AF_06/2016","M","0,82"]
[94887,"TUBO DE PEAD CORRUGADO DE DUPLA PAREDE PARA REDE COLETORA DE ESGOTO, DN 300 MM, JUNTA ELÁSTICA INTEGRADA, INSTALADO EM LOCAL COM NÍVEL ALTO DE INTERFERÊNCIAS - FORNECIMENTO E ASSENTAMENTO. AF_06/2016","M","105,23"]
[94888,"ASSENTAMENTO DE TUBO DE PEAD CORRUGADO DE DUPLA PAREDE PARA REDE COLETORA DE ESGOTO, DN 300 MM, JUNTA ELÁSTICA INTEGRADA, INSTALADO EM LOCAL COM NÍVEL ALTO DE INTERFERÊNCIAS (NÃO INCLUI FORNECIMENTO). AF_06/2016","M","1,43"]
[94891,"TUBO DE PEAD CORRUGADO DE DUPLA PAREDE PARA REDE COLETORA DE ESGOTO, DN 750 MM, JUNTA ELÁSTICA INTEGRADA, INSTALADO EM LOCAL COM NÍVEL ALTO DE INTERFERÊNCIAS - FORNECIMENTO E ASSENTAMENTO. AF_06/2016","M","616,27"]
[94892,"ASSENTAMENTO DE TUBO DE PEAD CORRUGADO DE DUPLA PAREDE PARA REDE COLETORA DE ESGOTO, DN 750 MM, JUNTA ELÁSTICA INTEGRADA, INSTALADO EM LOCAL COM NÍVEL ALTO DE INTERFERÊNCIAS (NÃO INCLUI FORNECIMENTO). AF_06/2016","M","19,40"]
[94894,"ASSENTAMENTO DE TUBO DE PEAD CORRUGADO DE DUPLA PAREDE PARA REDE COLETORA DE ESGOTO, DN 900 MM, JUNTA ELÁSTICA INTEGRADA, INSTALADO EM LOCAL COM NÍVEL ALTO DE INTERFERÊNCIAS (NÃO INCLUI FORNECIMENTO). AF_06/2016","M","22,53"]
[94895,"TUBO DE PEAD CORRUGADO DE DUPLA PAREDE PARA REDE COLETORA DE ESGOTO, DN 1000 MM, JUNTA ELÁSTICA INTEGRADA, INSTALADO EM LOCAL COM NÍVEL ALTO DE INTERFERÊNCIAS - FORNECIMENTO E ASSENTAMENTO. AF_06/2016","M","932,59"]
[94896,"ASSENTAMENTO DE TUBO DE PEAD CORRUGADO DE DUPLA PAREDE PARA REDE COLETORA DE ESGOTO, DN 1000 MM, JUNTA ELÁSTICA INTEGRADA, INSTALADO EM LOCAL COM NÍVEL ALTO DE INTERFERÊNCIAS (NÃO INCLUI FORNECIMENTO). AF_06/2016","M","27,23"]
[94897,"TUBO DE PEAD CORRUGADO DE DUPLA PAREDE PARA REDE COLETORA DE ESGOTO, DN 1200 MM, JUNTA ELÁSTICA INTEGRADA, INSTALADO EM LOCAL COM NÍVEL ALTO DE INTERFERÊNCIAS - FORNECIMENTO E ASSENTAMENTO. AF_06/2016","M","1.326,90"]
[94898,"ASSENTAMENTO DE TUBO DE PEAD CORRUGADO DE DUPLA PAREDE PARA REDE COLETORA DE ESGOTO, DN 1200 MM, JUNTA ELÁSTICA INTEGRADA, INSTALADO EM LOCAL COM NÍVEL ALTO DE INTERFERÊNCIAS (NÃO INCLUI FORNECIMENTO). AF_06/2016","M","31,93"]
[94900,"ASSENTAMENTO DE TUBO DE PEAD CORRUGADO DE DUPLA PAREDE PARA REDE COLETORA DE ESGOTO, DN 1500 MM, JUNTA ELÁSTICA INTEGRADA, INSTALADO EM LOCAL COM NÍVEL ALTO DE INTERFERÊNCIAS (NÃO INCLUI FORNECIMENTO). AF_06/2016","M","41,33"]
[97121,"ASSENTAMENTO DE TUBO DE PVC PBA PARA REDE DE ÁGUA, DN 50 MM, JUNTA ELÁSTICA INTEGRADA, INSTALADO EM LOCAL COM NÍVEL ALTO DE INTERFERÊNCIAS (NÃO INCLUI FORNECIMENTO). AF_11/2017","M","1,43"]
[97122,"ASSENTAMENTO DE TUBO DE PVC PBA PARA REDE DE ÁGUA, DN 75 MM, JUNTA ELÁSTICA INTEGRADA, INSTALADO EM LOCAL COM NÍVEL ALTO DE INTERFERÊNCIAS (NÃO INCLUI FORNECIMENTO). AF_11/2017","M","2,00"]
[97123,"ASSENTAMENTO DE TUBO DE PVC PBA PARA REDE DE ÁGUA, DN 100 MM, JUNTA ELÁSTICA INTEGRADA, INSTALADO EM LOCAL COM NÍVEL ALTO DE INTERFERÊNCIAS (NÃO INCLUI FORNECIMENTO). AF_11/2017","M","2,53"]
[97124,"ASSENTAMENTO DE TUBO DE PVC PBA PARA REDE DE ÁGUA, DN 50 MM, JUNTA ELÁSTICA INTEGRADA, INSTALADO EM LOCAL COM NÍVEL BAIXO DE INTERFERÊNCIAS (NÃO INCLUI FORNECIMENTO). AF_11/2017","M","0,63"]
[97125,"ASSENTAMENTO DE TUBO DE PVC PBA PARA REDE DE ÁGUA, DN 75 MM, JUNTA ELÁSTICA INTEGRADA, INSTALADO EM LOCAL COM NÍVEL BAIXO DE INTERFERÊNCIAS (NÃO INCLUI FORNECIMENTO). AF_11/2017","M","0,90"]
[97126,"ASSENTAMENTO DE TUBO DE PVC PBA PARA REDE DE ÁGUA, DN 100 MM, JUNTA ELÁSTICA INTEGRADA, INSTALADO EM LOCAL COM NÍVEL BAIXO DE INTERFERÊNCIAS (NÃO INCLUI FORNECIMENTO). AF_11/2017","M","1,13"]
[92833,"TUBO DE CONCRETO PARA REDES COLETORAS DE ESGOTO SANITÁRIO, DIÂMETRO DE 300 MM, JUNTA ELÁSTICA, INSTALADO EM LOCAL COM BAIXO NÍVEL DE INTERFERÊNCIAS - FORNECIMENTO E ASSENTAMENTO. AF_12/2015","M","97,96"]
[92834,"ASSENTAMENTO DE TUBO DE CONCRETO PARA REDES COLETORAS DE ESGOTO SANITÁRIO, DIÂMETRO DE 300 MM, JUNTA ELÁSTICA, INSTALADO EM LOCAL COM BAIXO NÍVEL DE INTERFERÊNCIAS (NÃO INCLUI FORNECIMENTO). AF_12/2015","M","5,85"]
[92835,"TUBO DE CONCRETO PARA REDES COLETORAS DE ESGOTO SANITÁRIO, DIÂMETRO DE 400 MM, JUNTA ELÁSTICA, INSTALADO EM LOCAL COM BAIXO NÍVEL DE INTERFERÊNCIAS - FORNECIMENTO E ASSENTAMENTO. AF_12/2015","M","128,13"]
[92836,"ASSENTAMENTO DE TUBO DE CONCRETO PARA REDES COLETORAS DE ESGOTO SANITÁRIO, DIÂMETRO DE 400 MM, JUNTA ELÁSTICA, INSTALADO EM LOCAL COM BAIXO NÍVEL DE INTERFERÊNCIAS (NÃO INCLUI FORNECIMENTO). AF_12/2015","M","7,49"]
[92837,"TUBO DE CONCRETO PARA REDES COLETORAS DE ESGOTO SANITÁRIO, DIÂMETRO DE 500 MM, JUNTA ELÁSTICA, INSTALADO EM LOCAL COM BAIXO NÍVEL DE INTERFERÊNCIAS - FORNECIMENTO E ASSENTAMENTO. AF_12/2015","M","161,44"]
[92838,"ASSENTAMENTO DE TUBO DE CONCRETO PARA REDES COLETORAS DE ESGOTO SANITÁRIO, DIÂMETRO DE 500 MM, JUNTA ELÁSTICA, INSTALADO EM LOCAL COM BAIXO NÍVEL DE INTERFERÊNCIAS (NÃO INCLUI FORNECIMENTO). AF_12/2015","M","8,99"]
[92839,"TUBO DE CONCRETO PARA REDES COLETORAS DE ESGOTO SANITÁRIO, DIÂMETRO DE 600 MM, JUNTA ELÁSTICA, INSTALADO EM LOCAL COM BAIXO NÍVEL DE INTERFERÊNCIAS - FORNECIMENTO E ASSENTAMENTO. AF_12/2015","M","210,85"]
[92840,"ASSENTAMENTO DE TUBO DE CONCRETO PARA REDES COLETORAS DE ESGOTO SANITÁRIO, DIÂMETRO DE 600 MM, JUNTA ELÁSTICA, INSTALADO EM LOCAL COM BAIXO NÍVEL DE INTERFERÊNCIAS (NÃO INCLUI FORNECIMENTO). AF_12/2015","M","10,64"]
[92841,"TUBO DE CONCRETO PARA REDES COLETORAS DE ESGOTO SANITÁRIO, DIÂMETRO DE 700 MM, JUNTA ELÁSTICA, INSTALADO EM LOCAL COM BAIXO NÍVEL DE INTERFERÊNCIAS - FORNECIMENTO E ASSENTAMENTO. AF_12/2015","M","238,08"]
[92842,"ASSENTAMENTO DE TUBO DE CONCRETO PARA REDES COLETORAS DE ESGOTO SANITÁRIO, DIÂMETRO DE 700 MM, JUNTA ELÁSTICA, INSTALADO EM LOCAL COM BAIXO NÍVEL DE INTERFERÊNCIAS (NÃO INCLUI FORNECIMENTO). AF_12/2015","M","12,17"]
[92844,"ASSENTAMENTO DE TUBO DE CONCRETO PARA REDES COLETORAS DE ESGOTO SANITÁRIO, DIÂMETRO DE 800 MM, JUNTA ELÁSTICA, INSTALADO EM LOCAL COM BAIXO NÍVEL DE INTERFERÊNCIAS (NÃO INCLUI FORNECIMENTO). AF_12/2015","M","13,83"]
[92846,"ASSENTAMENTO DE TUBO DE CONCRETO PARA REDES COLETORAS DE ESGOTO SANITÁRIO, DIÂMETRO DE 900 MM, JUNTA ELÁSTICA, INSTALADO EM LOCAL COM BAIXO NÍVEL DE INTERFERÊNCIAS (NÃO INCLUI FORNECIMENTO). AF_12/2015","M","15,32"]
[92847,"TUBO DE CONCRETO PARA REDES COLETORAS DE ESGOTO SANITÁRIO, DIÂMETRO DE 1000 MM, JUNTA ELÁSTICA, INSTALADO EM LOCAL COM BAIXO NÍVEL DE INTERFERÊNCIAS - FORNECIMENTO E ASSENTAMENTO. AF_12/2015","M","411,21"]
[92848,"ASSENTAMENTO DE TUBO DE CONCRETO PARA REDES COLETORAS DE ESGOTO SANITÁRIO, DIÂMETRO DE 1000 MM, JUNTA ELÁSTICA, INSTALADO EM LOCAL COM BAIXO NÍVEL DE INTERFERÊNCIAS (NÃO INCLUI FORNECIMENTO). AF_12/2015","M","17,01"]
[92849,"TUBO DE CONCRETO PARA REDES COLETORAS DE ESGOTO SANITÁRIO, DIÂMETRO DE 300 MM, JUNTA ELÁSTICA, INSTALADO EM LOCAL COM ALTO NÍVEL DE INTERFERÊNCIAS - FORNECIMENTO E ASSENTAMENTO. AF_12/2015","M","103,27"]
[92850,"ASSENTAMENTO DE TUBO DE CONCRETO PARA REDES COLETORAS DE ESGOTO SANITÁRIO, DIÂMETRO DE 300 MM, JUNTA ELÁSTICA, INSTALADO EM LOCAL COM ALTO NÍVEL DE INTERFERÊNCIAS (NÃO INCLUI FORNECIMENTO). AF_12/2015","M","11,10"]
[92851,"TUBO DE CONCRETO PARA REDES COLETORAS DE ESGOTO SANITÁRIO, DIÂMETRO DE 400 MM, JUNTA ELÁSTICA, INSTALADO EM LOCAL COM ALTO NÍVEL DE INTERFERÊNCIAS - FORNECIMENTO E ASSENTAMENTO. AF_12/2015","M","134,74"]
[92852,"ASSENTAMENTO DE TUBO DE CONCRETO PARA REDES COLETORAS DE ESGOTO SANITÁRIO, DIÂMETRO DE 400 MM, JUNTA ELÁSTICA, INSTALADO EM LOCAL COM ALTO NÍVEL DE INTERFERÊNCIAS (NÃO INCLUI FORNECIMENTO). AF_12/2015","M","14,02"]
[92853,"TUBO DE CONCRETO PARA REDES COLETORAS DE ESGOTO SANITÁRIO, DIÂMETRO DE 500 MM, JUNTA ELÁSTICA, INSTALADO EM LOCAL COM ALTO NÍVEL DE INTERFERÊNCIAS - FORNECIMENTO E ASSENTAMENTO. AF_12/2015","M","169,62"]
[92854,"ASSENTAMENTO DE TUBO DE CONCRETO PARA REDES COLETORAS DE ESGOTO SANITÁRIO, DIÂMETRO DE 500 MM, JUNTA ELÁSTICA, INSTALADO EM LOCAL COM ALTO NÍVEL DE INTERFERÊNCIAS (NÃO INCLUI FORNECIMENTO). AF_12/2015","M","17,06"]
[92855,"TUBO DE CONCRETO PARA REDES COLETORAS DE ESGOTO SANITÁRIO, DIÂMETRO DE 600 MM, JUNTA ELÁSTICA, INSTALADO EM LOCAL COM ALTO NÍVEL DE INTERFERÊNCIAS - FORNECIMENTO E ASSENTAMENTO. AF_12/2015","M","220,45"]
[92856,"ASSENTAMENTO DE TUBO DE CONCRETO PARA REDES COLETORAS DE ESGOTO SANITÁRIO, DIÂMETRO DE 600 MM, JUNTA ELÁSTICA, INSTALADO EM LOCAL COM ALTO NÍVEL DE INTERFERÊNCIAS (NÃO INCLUI FORNECIMENTO). AF_12/2015","M","20,12"]
[92857,"TUBO DE CONCRETO PARA REDES COLETORAS DE ESGOTO SANITÁRIO, DIÂMETRO DE 700 MM, JUNTA ELÁSTICA, INSTALADO EM LOCAL COM ALTO NÍVEL DE INTERFERÊNCIAS - FORNECIMENTO E ASSENTAMENTO. AF_12/2015","M","249,08"]
[92858,"ASSENTAMENTO DE TUBO DE CONCRETO PARA REDES COLETORAS DE ESGOTO SANITÁRIO, DIÂMETRO DE 700 MM, JUNTA ELÁSTICA, INSTALADO EM LOCAL COM ALTO NÍVEL DE INTERFERÊNCIAS (NÃO INCLUI FORNECIMENTO). AF_12/2015","M","23,03"]
[92860,"ASSENTAMENTO DE TUBO DE CONCRETO PARA REDES COLETORAS DE ESGOTO SANITÁRIO, DIÂMETRO DE 800 MM, JUNTA ELÁSTICA, INSTALADO EM LOCAL COM ALTO NÍVEL DE INTERFERÊNCIAS (NÃO INCLUI FORNECIMENTO). AF_12/2015","M","26,14"]
[92862,"ASSENTAMENTO DE TUBO DE CONCRETO PARA REDES COLETORAS DE ESGOTO SANITÁRIO, DIÂMETRO DE 900 MM, JUNTA ELÁSTICA, INSTALADO EM LOCAL COM ALTO NÍVEL DE INTERFERÊNCIAS (NÃO INCLUI FORNECIMENTO). AF_12/2015","M","29,18"]
[92863,"TUBO DE CONCRETO PARA REDES COLETORAS DE ESGOTO SANITÁRIO, DIÂMETRO DE 1000 MM, JUNTA ELÁSTICA, INSTALADO EM LOCAL COM ALTO NÍVEL DE INTERFERÊNCIAS - FORNECIMENTO E ASSENTAMENTO. AF_12/2015","M","426,63"]
[92864,"ASSENTAMENTO DE TUBO DE CONCRETO PARA REDES COLETORAS DE ESGOTO SANITÁRIO, DIÂMETRO DE 1000 MM, JUNTA ELÁSTICA, INSTALADO EM LOCAL COM ALTO NÍVEL DE INTERFERÊNCIAS (NÃO INCLUI FORNECIMENTO). AF_12/2015","M","32,23"]
[92210,"TUBO DE CONCRETO PARA REDES COLETORAS DE ÁGUAS PLUVIAIS, DIÂMETRO DE 400 MM, JUNTA RÍGIDA, INSTALADO EM LOCAL COM BAIXO NÍVEL DE INTERFERÊNCIAS - FORNECIMENTO E ASSENTAMENTO. AF_12/2015","M","82,23"]
[92211,"TUBO DE CONCRETO PARA REDES COLETORAS DE ÁGUAS PLUVIAIS, DIÂMETRO DE 500 MM, JUNTA RÍGIDA, INSTALADO EM LOCAL COM BAIXO NÍVEL DE INTERFERÊNCIAS - FORNECIMENTO E ASSENTAMENTO. AF_12/2015","M","105,05"]
[92212,"TUBO DE CONCRETO PARA REDES COLETORAS DE ÁGUAS PLUVIAIS, DIÂMETRO DE 600 MM, JUNTA RÍGIDA, INSTALADO EM LOCAL COM BAIXO NÍVEL DE INTERFERÊNCIAS - FORNECIMENTO E ASSENTAMENTO. AF_12/2015","M","133,56"]
[92213,"TUBO DE CONCRETO PARA REDES COLETORAS DE ÁGUAS PLUVIAIS, DIÂMETRO DE 700 MM, JUNTA RÍGIDA, INSTALADO EM LOCAL COM BAIXO NÍVEL DE INTERFERÊNCIAS - FORNECIMENTO E ASSENTAMENTO. AF_12/2015","M","175,38"]
[92214,"TUBO DE CONCRETO PARA REDES COLETORAS DE ÁGUAS PLUVIAIS, DIÂMETRO DE 800 MM, JUNTA RÍGIDA, INSTALADO EM LOCAL COM BAIXO NÍVEL DE INTERFERÊNCIAS - FORNECIMENTO E ASSENTAMENTO. AF_12/2015","M","200,31"]
[92215,"TUBO DE CONCRETO PARA REDES COLETORAS DE ÁGUAS PLUVIAIS, DIÂMETRO DE 900 MM, JUNTA RÍGIDA, INSTALADO EM LOCAL COM BAIXO NÍVEL DE INTERFERÊNCIAS - FORNECIMENTO E ASSENTAMENTO. AF_12/2015","M","241,29"]
[92216,"TUBO DE CONCRETO PARA REDES COLETORAS DE ÁGUAS PLUVIAIS, DIÂMETRO DE 1000 MM, JUNTA RÍGIDA, INSTALADO EM LOCAL COM BAIXO NÍVEL DE INTERFERÊNCIAS - FORNECIMENTO E ASSENTAMENTO. AF_12/2015","M","270,69"]
[92219,"TUBO DE CONCRETO PARA REDES COLETORAS DE ÁGUAS PLUVIAIS, DIÂMETRO DE 400 MM, JUNTA RÍGIDA, INSTALADO EM LOCAL COM ALTO NÍVEL DE INTERFERÊNCIAS - FORNECIMENTO E ASSENTAMENTO. AF_12/2015","M","88,76"]
[92220,"TUBO DE CONCRETO PARA REDES COLETORAS DE ÁGUAS PLUVIAIS, DIÂMETRO DE 500 MM, JUNTA RÍGIDA, INSTALADO EM LOCAL COM ALTO NÍVEL DE INTERFERÊNCIAS - FORNECIMENTO E ASSENTAMENTO. AF_12/2015","M","113,14"]
[92221,"TUBO DE CONCRETO PARA REDES COLETORAS DE ÁGUAS PLUVIAIS, DIÂMETRO DE 600 MM, JUNTA RÍGIDA, INSTALADO EM LOCAL COM ALTO NÍVEL DE INTERFERÊNCIAS - FORNECIMENTO E ASSENTAMENTO. AF_12/2015","M","143,02"]
[92222,"TUBO DE CONCRETO PARA REDES COLETORAS DE ÁGUAS PLUVIAIS, DIÂMETRO DE 700 MM, JUNTA RÍGIDA, INSTALADO EM LOCAL COM ALTO NÍVEL DE INTERFERÊNCIAS - FORNECIMENTO E ASSENTAMENTO. AF_12/2015","M","186,39"]
[92223,"TUBO DE CONCRETO PARA REDES COLETORAS DE ÁGUAS PLUVIAIS, DIÂMETRO DE 800 MM, JUNTA RÍGIDA, INSTALADO EM LOCAL COM ALTO NÍVEL DE INTERFERÊNCIAS - FORNECIMENTO E ASSENTAMENTO. AF_12/2015","M","212,62"]
[92224,"TUBO DE CONCRETO PARA REDES COLETORAS DE ÁGUAS PLUVIAIS, DIÂMETRO DE 900 MM, JUNTA RÍGIDA, INSTALADO EM LOCAL COM ALTO NÍVEL DE INTERFERÊNCIAS - FORNECIMENTO E ASSENTAMENTO. AF_12/2015","M","254,97"]
[92226,"TUBO DE CONCRETO PARA REDES COLETORAS DE ÁGUAS PLUVIAIS, DIÂMETRO DE 1000 MM, JUNTA RÍGIDA, INSTALADO EM LOCAL COM ALTO NÍVEL DE INTERFERÊNCIAS - FORNECIMENTO E ASSENTAMENTO. AF_12/2015","M","285,97"]
[92808,"ASSENTAMENTO DE TUBO DE CONCRETO PARA REDES COLETORAS DE ÁGUAS PLUVIAIS, DIÂMETRO DE 300 MM, JUNTA RÍGIDA, INSTALADO EM LOCAL COM BAIXO NÍVEL DE INTERFERÊNCIAS (NÃO INCLUI FORNECIMENTO). AF_12/2015","M","26,42"]
[92809,"ASSENTAMENTO DE TUBO DE CONCRETO PARA REDES COLETORAS DE ÁGUAS PLUVIAIS, DIÂMETRO DE 400 MM, JUNTA RÍGIDA, INSTALADO EM LOCAL COM BAIXO NÍVEL DE INTERFERÊNCIAS (NÃO INCLUI FORNECIMENTO). AF_12/2015","M","33,89"]
[92810,"ASSENTAMENTO DE TUBO DE CONCRETO PARA REDES COLETORAS DE ÁGUAS PLUVIAIS, DIÂMETRO DE 500 MM, JUNTA RÍGIDA, INSTALADO EM LOCAL COM BAIXO NÍVEL DE INTERFERÊNCIAS (NÃO INCLUI FORNECIMENTO). AF_12/2015","M","41,22"]
[92811,"ASSENTAMENTO DE TUBO DE CONCRETO PARA REDES COLETORAS DE ÁGUAS PLUVIAIS, DIÂMETRO DE 600 MM, JUNTA RÍGIDA, INSTALADO EM LOCAL COM BAIXO NÍVEL DE INTERFERÊNCIAS (NÃO INCLUI FORNECIMENTO). AF_12/2015","M","49,10"]
[92812,"ASSENTAMENTO DE TUBO DE CONCRETO PARA REDES COLETORAS DE ÁGUAS PLUVIAIS, DIÂMETRO DE 700 MM, JUNTA RÍGIDA, INSTALADO EM LOCAL COM BAIXO NÍVEL DE INTERFERÊNCIAS (NÃO INCLUI FORNECIMENTO). AF_12/2015","M","56,83"]
[92813,"ASSENTAMENTO DE TUBO DE CONCRETO PARA REDES COLETORAS DE ÁGUAS PLUVIAIS, DIÂMETRO DE 800 MM, JUNTA RÍGIDA, INSTALADO EM LOCAL COM BAIXO NÍVEL DE INTERFERÊNCIAS (NÃO INCLUI FORNECIMENTO). AF_12/2015","M","65,88"]
[92814,"ASSENTAMENTO DE TUBO DE CONCRETO PARA REDES COLETORAS DE ÁGUAS PLUVIAIS, DIÂMETRO DE 900 MM, JUNTA RÍGIDA, INSTALADO EM LOCAL COM BAIXO NÍVEL DE INTERFERÊNCIAS (NÃO INCLUI FORNECIMENTO). AF_12/2015","M","75,32"]
[92815,"ASSENTAMENTO DE TUBO DE CONCRETO PARA REDES COLETORAS DE ÁGUAS PLUVIAIS, DIÂMETRO DE 1000 MM, JUNTA RÍGIDA, INSTALADO EM LOCAL COM BAIXO NÍVEL DE INTERFERÊNCIAS (NÃO INCLUI FORNECIMENTO). AF_12/2015","M","86,17"]
[92816,"TUBO DE CONCRETO PARA REDES COLETORAS DE ÁGUAS PLUVIAIS, DIÂMETRO DE 1200 MM, JUNTA RÍGIDA, INSTALADO EM LOCAL COM BAIXO NÍVEL DE INTERFERÊNCIAS - FORNECIMENTO E ASSENTAMENTO. AF_12/2015","M","369,33"]
[92817,"ASSENTAMENTO DE TUBO DE CONCRETO PARA REDES COLETORAS DE ÁGUAS PLUVIAIS, DIÂMETRO DE 1200 MM, JUNTA RÍGIDA, INSTALADO EM LOCAL COM BAIXO NÍVEL DE INTERFERÊNCIAS (NÃO INCLUI FORNECIMENTO). AF_12/2015","M","107,83"]
[92818,"TUBO DE CONCRETO PARA REDES COLETORAS DE ÁGUAS PLUVIAIS, DIÂMETRO DE 1500 MM, JUNTA RÍGIDA, INSTALADO EM LOCAL COM BAIXO NÍVEL DE INTERFERÊNCIAS - FORNECIMENTO E ASSENTAMENTO. AF_12/2015","M","534,10"]
[92819,"ASSENTAMENTO DE TUBO DE CONCRETO PARA REDES COLETORAS DE ÁGUAS PLUVIAIS, DIÂMETRO DE 1500 MM, JUNTA RÍGIDA, INSTALADO EM LOCAL COM BAIXO NÍVEL DE INTERFERÊNCIAS (NÃO INCLUI FORNECIMENTO). AF_12/2015","M","145,13"]
[92820,"ASSENTAMENTO DE TUBO DE CONCRETO PARA REDES COLETORAS DE ÁGUAS PLUVIAIS, DIÂMETRO DE 300 MM, JUNTA RÍGIDA, INSTALADO EM LOCAL COM ALTO NÍVEL DE INTERFERÊNCIAS (NÃO INCLUI FORNECIMENTO). AF_12/2015","M","31,51"]
[92821,"ASSENTAMENTO DE TUBO DE CONCRETO PARA REDES COLETORAS DE ÁGUAS PLUVIAIS, DIÂMETRO DE 400 MM, JUNTA RÍGIDA, INSTALADO EM LOCAL COM ALTO NÍVEL DE INTERFERÊNCIAS (NÃO INCLUI FORNECIMENTO). AF_12/2015","M","40,42"]
[92822,"ASSENTAMENTO DE TUBO DE CONCRETO PARA REDES COLETORAS DE ÁGUAS PLUVIAIS, DIÂMETRO DE 500 MM, JUNTA RÍGIDA, INSTALADO EM LOCAL COM ALTO NÍVEL DE INTERFERÊNCIAS (NÃO INCLUI FORNECIMENTO). AF_12/2015","M","49,31"]
[92824,"ASSENTAMENTO DE TUBO DE CONCRETO PARA REDES COLETORAS DE ÁGUAS PLUVIAIS, DIÂMETRO DE 600 MM, JUNTA RÍGIDA, INSTALADO EM LOCAL COM ALTO NÍVEL DE INTERFERÊNCIAS (NÃO INCLUI FORNECIMENTO). AF_12/2015","M","58,56"]
[92825,"ASSENTAMENTO DE TUBO DE CONCRETO PARA REDES COLETORAS DE ÁGUAS PLUVIAIS, DIÂMETRO DE 700 MM, JUNTA RÍGIDA, INSTALADO EM LOCAL COM ALTO NÍVEL DE INTERFERÊNCIAS (NÃO INCLUI FORNECIMENTO). AF_12/2015","M","67,84"]
[92826,"ASSENTAMENTO DE TUBO DE CONCRETO PARA REDES COLETORAS DE ÁGUAS PLUVIAIS, DIÂMETRO DE 800 MM, JUNTA RÍGIDA, INSTALADO EM LOCAL COM ALTO NÍVEL DE INTERFERÊNCIAS (NÃO INCLUI FORNECIMENTO). AF_12/2015","M","78,19"]
[92827,"ASSENTAMENTO DE TUBO DE CONCRETO PARA REDES COLETORAS DE ÁGUAS PLUVIAIS, DIÂMETRO DE 900 MM, JUNTA RÍGIDA, INSTALADO EM LOCAL COM ALTO NÍVEL DE INTERFERÊNCIAS (NÃO INCLUI FORNECIMENTO). AF_12/2015","M","89,00"]
[92828,"ASSENTAMENTO DE TUBO DE CONCRETO PARA REDES COLETORAS DE ÁGUAS PLUVIAIS, DIÂMETRO DE 1000 MM, JUNTA RÍGIDA, INSTALADO EM LOCAL COM ALTO NÍVEL DE INTERFERÊNCIAS (NÃO INCLUI FORNECIMENTO). AF_12/2015","M","101,45"]
[92829,"TUBO DE CONCRETO PARA REDES COLETORAS DE ÁGUAS PLUVIAIS, DIÂMETRO DE 1200 MM, JUNTA RÍGIDA, INSTALADO EM LOCAL COM ALTO NÍVEL DE INTERFERÊNCIAS - FORNECIMENTO E ASSENTAMENTO. AF_12/2015","M","387,36"]
[92830,"ASSENTAMENTO DE TUBO DE CONCRETO PARA REDES COLETORAS DE ÁGUAS PLUVIAIS, DIÂMETRO DE 1200 MM, JUNTA RÍGIDA, INSTALADO EM LOCAL COM ALTO NÍVEL DE INTERFERÊNCIAS (NÃO INCLUI FORNECIMENTO). AF_12/2015","M","125,86"]
[92831,"TUBO DE CONCRETO PARA REDES COLETORAS DE ÁGUAS PLUVIAIS, DIÂMETRO DE 1500 MM, JUNTA RÍGIDA, INSTALADO EM LOCAL COM ALTO NÍVEL DE INTERFERÊNCIAS - FORNECIMENTO E ASSENTAMENTO. AF_12/2015","M","556,29"]
[92832,"ASSENTAMENTO DE TUBO DE CONCRETO PARA REDES COLETORAS DE ÁGUAS PLUVIAIS, DIÂMETRO DE 1500 MM, JUNTA RÍGIDA, INSTALADO EM LOCAL COM ALTO NÍVEL DE INTERFERÊNCIAS (NÃO INCLUI FORNECIMENTO). AF_12/2015","M","167,32"]
[95565,"TUBO DE CONCRETO PARA REDES COLETORAS DE ÁGUAS PLUVIAIS, DIÂMETRO DE 300MM, JUNTA RÍGIDA, INSTALADO EM LOCAL COM BAIXO NÍVEL DE INTERFERÊNCIAS - FORNECIMENTO E ASSENTAMENTO. AF_12/2015","M","72,49"]
[95566,"TUBO DE CONCRETO PARA REDES COLETORAS DE ÁGUAS PLUVIAIS, DIÂMETRO DE 300MM, JUNTA RÍGIDA, INSTALADO EM LOCAL COM ALTO NÍVEL DE INTERFERÊNCIAS - FORNECIMENTO E ASSENTAMENTO. AF_12/2015","M","77,65"]
[95567,"TUBO DE CONCRETO (SIMPLES) PARA REDES COLETORAS DE ÁGUAS PLUVIAIS, DIÂMETRO DE 300 MM, JUNTA RÍGIDA, INSTALADO EM LOCAL COM BAIXO NÍVEL DE INTERFERÊNCIAS - FORNECIMENTO E ASSENTAMENTO. AF_12/2015","M","57,05"]
[95568,"TUBO DE CONCRETO (SIMPLES) PARA REDES COLETORAS DE ÁGUAS PLUVIAIS, DIÂMETRO DE 400 MM, JUNTA RÍGIDA, INSTALADO EM LOCAL COM BAIXO NÍVEL DE INTERFERÊNCIAS - FORNECIMENTO E ASSENTAMENTO. AF_12/2015","M","74,36"]
[95569,"TUBO DE CONCRETO (SIMPLES) PARA REDES COLETORAS DE ÁGUAS PLUVIAIS, DIÂMETRO DE 500 MM, JUNTA RÍGIDA, INSTALADO EM LOCAL COM BAIXO NÍVEL DE INTERFERÊNCIAS - FORNECIMENTO E ASSENTAMENTO. AF_12/2015","M","99,77"]
[95570,"TUBO DE CONCRETO (SIMPLES) PARA REDES COLETORAS DE ÁGUAS PLUVIAIS, DIÂMETRO DE 300 MM, JUNTA RÍGIDA, INSTALADO EM LOCAL COM ALTO NÍVEL DE INTERFERÊNCIAS - FORNECIMENTO E ASSENTAMENTO. AF_12/2015","M","62,21"]
[95571,"TUBO DE CONCRETO (SIMPLES) PARA REDES COLETORAS DE ÁGUAS PLUVIAIS, DIÂMETRO DE 400 MM, JUNTA RÍGIDA, INSTALADO EM LOCAL COM ALTO NÍVEL DE INTERFERÊNCIAS - FORNECIMENTO E ASSENTAMENTO. AF_12/2015","M","80,97"]
[95572,"TUBO DE CONCRETO (SIMPLES) PARA REDES COLETORAS DE ÁGUAS PLUVIAIS, DIÂMETRO DE 500 MM, JUNTA RÍGIDA, INSTALADO EM LOCAL COM ALTO NÍVEL DE INTERFERÊNCIAS - FORNECIMENTO E ASSENTAMENTO. AF_12/2015","M","107,96"]
[73606,"ASSENTAMENTO DE TAMPAO DE FERRO FUNDIDO 900 MM","UN","104,28"]
[73607,"ASSENTAMENTO DE TAMPAO DE FERRO FUNDIDO 600 MM","UN","69,52"]
[83623,"GRELHA DE FERRO FUNDIDO PARA CANALETA LARG = 30CM, FORNECIMENTO E ASSENTAMENTO","M","234,80"]
[83624,"GRELHA DE FERRO FUNDIDO PARA CANALETA LARG = 20CM, FORNECIMENTO E ASSENTAMENTO","M","165,26"]
[83626,"GRELHA DE FERRO FUNDIDO PARA CANALETA LARG = 15CM, FORNECIMENTO E ASSENTAMENTO","M","130,50"]
[83627,"TAMPAO FOFO ARTICULADO, CLASSE B125 CARGA MAX 12,5 T, REDONDO TAMPA 600 MM, REDE PLUVIAL/ESGOTO, P = CHAMINE CX AREIA / POCO VISITA ASSENTADO COM ARG CIM/AREIA 1:4, FORNECIMENTO E ASSENTAMENTO","UN","441,80"]
[83724,"ASSENTAMENTO DE PECAS, CONEXOES, APARELHOS E ACESSORIOS DE FERRO FUNDIDO DUCTIL, JUNTA ELASTICA, MECANICA OU FLANGEADA, COM DIAMETROS DE 50 A 300 MM.","KG","1,40"]
[83725,"ASSENTAMENTO DE PECAS, CONEXOES, APARELHOS E ACESSORIOS DE FERRO FUNDIDO DUCTIL, JUNTA ELASTICA, MECANICA OU FLANGEADA, COM DIAMETROS DE 350 A 600 MM.","KG","0,92"]
[83726,"ASSENTAMENTO DE PECAS, CONEXOES, APARELHOS E ACESSORIOS DE FERRO FUNDIDO DUCTIL, JUNTA ELASTICA, MECANICA OU FLANGEADA, COM DIAMETROS DE 700 A 1200 MM.","KG","0,67"]
[97127,"ASSENTAMENTO DE TUBO DE PVC DEFOFO OU PRFV OU RPVC PARA REDE DE ÁGUA, DN 150 MM, JUNTA ELÁSTICA INTEGRADA, INSTALADO EM LOCAL COM NÍVEL ALTO DE INTERFERÊNCIAS (NÃO INCLUI FORNECIMENTO). AF_11/2017","M","3,65"]
[97128,"ASSENTAMENTO DE TUBO DE PVC DEFOFO OU PRFV OU RPVC PARA REDE DE ÁGUA, DN 200 MM, JUNTA ELÁSTICA INTEGRADA, INSTALADO EM LOCAL COM NÍVEL ALTO DE INTERFERÊNCIAS (NÃO INCLUI FORNECIMENTO). AF_11/2017","M","7,17"]
[97129,"ASSENTAMENTO DE TUBO DE PVC DEFOFO OU PRFV OU RPVC PARA REDE DE ÁGUA, DN 250 MM, JUNTA ELÁSTICA INTEGRADA, INSTALADO EM LOCAL COM NÍVEL ALTO DE INTERFERÊNCIAS (NÃO INCLUI FORNECIMENTO). AF_11/2017","M","8,83"]
[97130,"ASSENTAMENTO DE TUBO DE PVC DEFOFO OU PRFV OU RPVC PARA REDE DE ÁGUA, DN 300 MM, JUNTA ELÁSTICA INTEGRADA, INSTALADO EM LOCAL COM NÍVEL ALTO DE INTERFERÊNCIAS (NÃO INCLUI FORNECIMENTO). AF_11/2017","M","10,48"]
[97131,"ASSENTAMENTO DE TUBO DE PVC DEFOFO OU PRFV OU RPVC PARA REDE DE ÁGUA, DN 350 MM, JUNTA ELÁSTICA INTEGRADA, INSTALADO EM LOCAL COM NÍVEL ALTO DE INTERFERÊNCIAS (NÃO INCLUI FORNECIMENTO). AF_11/2017","M","12,13"]
[97132,"ASSENTAMENTO DE TUBO DE PVC DEFOFO OU PRFV OU RPVC PARA REDE DE ÁGUA, DN 400 MM, JUNTA ELÁSTICA INTEGRADA, INSTALADO EM LOCAL COM NÍVEL ALTO DE INTERFERÊNCIAS (NÃO INCLUI FORNECIMENTO). AF_11/2017","M","13,76"]
[97133,"ASSENTAMENTO DE TUBO DE PVC DEFOFO OU PRFV OU RPVC PARA REDE DE ÁGUA, DN 500 MM, JUNTA ELÁSTICA INTEGRADA, INSTALADO EM LOCAL COM NÍVEL ALTO DE INTERFERÊNCIAS (NÃO INCLUI FORNECIMENTO). AF_11/2017","M","17,08"]
[97134,"ASSENTAMENTO DE TUBO DE PVC DEFOFO OU PRFV OU RPVC PARA REDE DE ÁGUA, DN 150 MM, JUNTA ELÁSTICA INTEGRADA, INSTALADO EM LOCAL COM NÍVEL BAIXO DE INTERFERÊNCIAS (NÃO INCLUI FORNECIMENTO). AF_11/2017","M","1,65"]
[97135,"ASSENTAMENTO DE TUBO DE PVC DEFOFO OU PRFV OU RPVC PARA REDE DE ÁGUA, DN 200 MM, JUNTA ELÁSTICA INTEGRADA, INSTALADO EM LOCAL COM NÍVEL BAIXO DE INTERFERÊNCIAS (NÃO INCLUI FORNECIMENTO). AF_11/2017","M","3,64"]
[97136,"ASSENTAMENTO DE TUBO DE PVC DEFOFO OU PRFV OU RPVC PARA REDE DE ÁGUA, DN 250 MM, JUNTA ELÁSTICA INTEGRADA, INSTALADO EM LOCAL COM NÍVEL BAIXO DE INTERFERÊNCIAS (NÃO INCLUI FORNECIMENTO). AF_11/2017","M","4,49"]
[97137,"ASSENTAMENTO DE TUBO DE PVC DEFOFO OU PRFV OU RPVC PARA REDE DE ÁGUA, DN 300 MM, JUNTA ELÁSTICA INTEGRADA, INSTALADO EM LOCAL COM NÍVEL BAIXO DE INTERFERÊNCIAS (NÃO INCLUI FORNECIMENTO). AF_11/2017","M","5,33"]
[97138,"ASSENTAMENTO DE TUBO DE PVC DEFOFO OU PRFV OU RPVC PARA REDE DE ÁGUA, DN 350 MM, JUNTA ELÁSTICA INTEGRADA, INSTALADO EM LOCAL COM NÍVEL BAIXO DE INTERFERÊNCIAS (NÃO INCLUI FORNECIMENTO). AF_11/2017","M","6,16"]
[97139,"ASSENTAMENTO DE TUBO DE PVC DEFOFO OU PRFV OU RPVC PARA REDE DE ÁGUA, DN 400 MM, JUNTA ELÁSTICA INTEGRADA, INSTALADO EM LOCAL COM NÍVEL BAIXO DE INTERFERÊNCIAS (NÃO INCLUI FORNECIMENTO). AF_11/2017","M","6,99"]
[97140,"ASSENTAMENTO DE TUBO DE PVC DEFOFO OU PRFV OU RPVC PARA REDE DE ÁGUA, DN 500 MM, JUNTA ELÁSTICA INTEGRADA, INSTALADO EM LOCAL COM NÍVEL BAIXO DE INTERFERÊNCIAS (NÃO INCLUI FORNECIMENTO). AF_11/2017","M","8,70"]
[83520,"TE PVC PARA COLETOR ESGOTO, EB644, D=100MM, COM JUNTA ELASTICA.","UN","102,38"]
[83531,"CURVA PARA REDE COLETOR ESGOTO, EB 644, 90GR, DN=200MM, COM JUNTA ELASTICA","UN","283,54"]
[83535,"CURVA PVC PARA REDE COLETOR ESGOTO, EB-644, 45 GR, 200 MM, COM JUNTA ELASTICA.","UN","234,76"]
["73884/1","INSTALAÇÃO DE VÁLVULAS OU REGISTROS COM JUNTA FLANGEADA - DN 50","UN","48,32"]
["73884/2","INSTALAÇÃO DE VÁLVULAS OU REGISTROS COM JUNTA FLANGEADA - DN 75","UN","75,18"]
["73884/3","INSTALAÇÃO DE VÁLVULAS OU REGISTROS COM JUNTA FLANGEADA - DN 100","UN","94,00"]
["73884/4","INSTALAÇÃO DE VÁLVULAS OU REGISTROS COM JUNTA FLANGEADA - DN 150","UN","453,25"]
["73884/5","INSTALAÇÃO DE VÁLVULAS OU REGISTROS COM JUNTA FLANGEADA - DN 200","UN","528,80"]
["73884/6","INSTALAÇÃO DE VÁLVULAS OU REGISTROS COM JUNTA FLANGEADA - DN 250","UN","642,11"]
["73884/7","INSTALAÇÃO DE VÁLVULAS OU REGISTROS COM JUNTA FLANGEADA - DN 300","UN","717,66"]
["73884/8","INSTALAÇÃO DE VÁLVULAS OU REGISTROS COM JUNTA FLANGEADA - DN 350","UN","755,44"]
["73884/9","INSTALAÇÃO DE VÁLVULAS OU REGISTROS COM JUNTA FLANGEADA - DN 400","UN","830,97"]
["73884/10","INSTALAÇÃO DE VÁLVULAS OU REGISTROS COM JUNTA FLANGEADA - DN 450","UN","868,74"]
["73884/11","INSTALAÇÃO DE VÁLVULAS OU REGISTROS COM JUNTA FLANGEADA - DN 500","UN","944,30"]
["73884/12","INSTALAÇÃO DE VÁLVULAS OU REGISTROS COM JUNTA FLANGEADA - DN 600","UN","1.019,83"]
["73884/13","INSTALAÇÃO DE VÁLVULAS OU REGISTROS COM JUNTA FLANGEADA - DN 700","UN","1.132,47"]
["73884/14","INSTALAÇÃO DE VÁLVULAS OU REGISTROS COM JUNTA FLANGEADA - DN 800","UN","1.132,47"]
["73884/15","INSTALAÇÃO DE VÁLVULAS OU REGISTROS COM JUNTA FLANGEADA - DN 900","UN","1.144,53"]
["73884/16","INSTALAÇÃO DE VÁLVULAS OU REGISTROS COM JUNTA FLANGEADA - DN 1000","UN","1.294,26"]
["73885/1","INSTALAÇÃO DE VÁLVULAS OU REGISTROS COM JUNTA ELÁSTICA - DN 50","UN","23,46"]
["73885/2","INSTALAÇÃO DE VÁLVULAS OU REGISTROS COM JUNTA ELÁSTICA - DN 75","UN","28,18"]
["73885/3","INSTALAÇÃO DE VÁLVULAS OU REGISTROS COM JUNTA ELÁSTICA - DN 100","UN","31,95"]
["73885/4","INSTALAÇÃO DE VÁLVULAS OU REGISTROS COM JUNTA ELÁSTICA - DN 150","UN","166,18"]
["73885/5","INSTALAÇÃO DE VÁLVULAS OU REGISTROS COM JUNTA ELÁSTICA - DN 200","UN","215,29"]
["73885/6","INSTALAÇÃO DE VÁLVULAS OU REGISTROS COM JUNTA ELÁSTICA - DN 250","UN","253,06"]
["73885/7","INSTALAÇÃO DE VÁLVULAS OU REGISTROS COM JUNTA ELÁSTICA - DN 300","UN","275,73"]
["73885/8","INSTALAÇÃO DE VÁLVULAS OU REGISTROS COM JUNTA ELÁSTICA - DN 350","UN","302,16"]
["73885/9","INSTALAÇÃO DE VÁLVULAS OU REGISTROS COM JUNTA ELÁSTICA - DN 400","UN","332,38"]
["73885/10","INSTALAÇÃO DE VÁLVULAS OU REGISTROS COM JUNTA ELÁSTICA - DN 450","UN","358,82"]
["73885/11","INSTALAÇÃO DE VÁLVULAS OU REGISTROS COM JUNTA ELÁSTICA - DN 500","UN","377,72"]
["73885/12","INSTALAÇÃO DE VÁLVULAS OU REGISTROS COM JUNTA ELÁSTICA - DN 600","UN","430,59"]
[92235,"FECHAMENTO DE CONSTRUÇÃO TEMPORÁRIA EM CHAPA DE MADEIRA COMPENSADA E=10MM, COM REAPROVEITAMENTO DE 2X.","M2","48,10"]
[93206,"EXECUÇÃO DE ESCRITÓRIO EM CANTEIRO DE OBRA EM ALVENARIA, NÃO INCLUSO MOBILIÁRIO E EQUIPAMENTOS. AF_02/2016","M2","713,63"]
[93207,"EXECUÇÃO DE ESCRITÓRIO EM CANTEIRO DE OBRA EM CHAPA DE MADEIRA COMPENSADA, NÃO INCLUSO MOBILIÁRIO E EQUIPAMENTOS. AF_02/2016","M2","658,05"]
[93208,"EXECUÇÃO DE ALMOXARIFADO EM CANTEIRO DE OBRA EM CHAPA DE MADEIRA COMPENSADA, INCLUSO PRATELEIRAS. AF_02/2016","M2","498,99"]
[93209,"EXECUÇÃO DE ALMOXARIFADO EM CANTEIRO DE OBRA EM ALVENARIA, INCLUSO PRATELEIRAS. AF_02/2016","M2","561,03"]
[93210,"EXECUÇÃO DE REFEITÓRIO EM CANTEIRO DE OBRA EM CHAPA DE MADEIRA COMPENSADA, NÃO INCLUSO MOBILIÁRIO E EQUIPAMENTOS. AF_02/2016","M2","351,27"]
[93211,"EXECUÇÃO DE REFEITÓRIO EM CANTEIRO DE OBRA EM ALVENARIA, NÃO INCLUSO MOBILIÁRIO E EQUIPAMENTOS. AF_02/2016","M2","358,44"]
[93212,"EXECUÇÃO DE SANITÁRIO E VESTIÁRIO EM CANTEIRO DE OBRA EM CHAPA DE MADEIRA COMPENSADA, NÃO INCLUSO MOBILIÁRIO. AF_02/2016","M2","594,34"]
[93213,"EXECUÇÃO DE SANITÁRIO E VESTIÁRIO EM CANTEIRO DE OBRA EM ALVENARIA, NÃO INCLUSO MOBILIÁRIO. AF_02/2016","M2","649,67"]
[93214,"EXECUÇÃO DE RESERVATÓRIO ELEVADO DE ÁGUA (1000 LITROS) EM CANTEIRO DE OBRA, APOIADO EM ESTRUTURA DE MADEIRA. AF_02/2016","UN","3.680,24"]
[93243,"EXECUÇÃO DE RESERVATÓRIO ELEVADO DE ÁGUA (2000 LITROS) EM CANTEIRO DE OBRA, APOIADO EM ESTRUTURA DE MADEIRA. AF_02/2016","UN","5.593,51"]
[93582,"EXECUÇÃO DE CENTRAL DE ARMADURA EM CANTEIRO DE OBRA, NÃO INCLUSO MOBILIÁRIO E EQUIPAMENTOS. AF_04/2016","M2","167,79"]
[93583,"EXECUÇÃO DE CENTRAL DE FÔRMAS, PRODUÇÃO DE ARGAMASSA OU CONCRETO EM CANTEIRO DE OBRA, NÃO INCLUSO MOBILIÁRIO E EQUIPAMENTOS. AF_04/2016","M2","284,10"]
[93584,"EXECUÇÃO DE DEPÓSITO EM CANTEIRO DE OBRA EM CHAPA DE MADEIRA COMPENSADA, NÃO INCLUSO MOBILIÁRIO. AF_04/2016","M2","492,35"]
[93585,"EXECUÇÃO DE GUARITA EM CANTEIRO DE OBRA EM CHAPA DE MADEIRA COMPENSADA, NÃO INCLUSO MOBILIÁRIO. AF_04/2016","M2","695,60"]
[98441,"PAREDE DE MADEIRA COMPENSADA PARA CONSTRUÇÃO TEMPORÁRIA EM CHAPA SIMPLES, EXTERNA, COM ÁREA LÍQUIDA MAIOR OU IGUAL A 6 M², SEM VÃO. AF_05/2018","M2","77,44"]
[98442,"PAREDE DE MADEIRA COMPENSADA PARA CONSTRUÇÃO TEMPORÁRIA EM CHAPA SIMPLES, EXTERNA, COM ÁREA LÍQUIDA MENOR QUE 6 M², SEM VÃO. AF_05/2018","M2","79,53"]
[98443,"PAREDE DE MADEIRA COMPENSADA PARA CONSTRUÇÃO TEMPORÁRIA EM CHAPA SIMPLES, INTERNA, COM ÁREA LÍQUIDA MAIOR OU IGUAL A 6 M², SEM VÃO. AF_05/2018","M2","67,26"]
[98444,"PAREDE DE MADEIRA COMPENSADA PARA CONSTRUÇÃO TEMPORÁRIA EM CHAPA SIMPLES, INTERNA, COM ÁREA LÍQUIDA MENOR QUE 6 M², SEM VÃO. AF_05/2018","M2","68,75"]
[98445,"PAREDE DE MADEIRA COMPENSADA PARA CONSTRUÇÃO TEMPORÁRIA EM CHAPA SIMPLES, EXTERNA, COM ÁREA LÍQUIDA MAIOR OU IGUAL A 6 M², COM VÃO. AF_05/2018","M2","92,38"]
[98446,"PAREDE DE MADEIRA COMPENSADA PARA CONSTRUÇÃO TEMPORÁRIA EM CHAPA SIMPLES, EXTERNA, COM ÁREA LÍQUIDA MENOR QUE 6 M², COM VÃO. AF_05/2018","M2","118,52"]
[98447,"PAREDE DE MADEIRA COMPENSADA PARA CONSTRUÇÃO TEMPORÁRIA EM CHAPA SIMPLES, INTERNA, COM ÁREA LÍQUIDA MAIOR OU IGUAL A 6 M², COM VÃO. AF_05/2018","M2","78,33"]
[98448,"PAREDE DE MADEIRA COMPENSADA PARA CONSTRUÇÃO TEMPORÁRIA EM CHAPA SIMPLES, INTERNA, COM ÁREA LÍQUIDA MENOR QUE 6 M², COM VÃO. AF_05/2018","M2","98,33"]
[98449,"PAREDE DE MADEIRA COMPENSADA PARA CONSTRUÇÃO TEMPORÁRIA EM CHAPA DUPLA, EXTERNA, COM ÁREA LÍQUIDA MAIOR OU IGUAL A 6 M², SEM VÃO. AF_05/2018","M2","98,26"]
[98450,"PAREDE DE MADEIRA COMPENSADA PARA CONSTRUÇÃO TEMPORÁRIA EM CHAPA DUPLA, EXTERNA, COM ÁREA LÍQUIDA MENOR QUE 6 M², SEM VÃO. AF_05/2018","M2","101,29"]
[98451,"PAREDE DE MADEIRA COMPENSADA PARA CONSTRUÇÃO TEMPORÁRIA EM CHAPA DUPLA, INTERNA, COM ÁREA LÍQUIDA MAIOR OU IGUAL A 6 M², SEM VÃO. AF_05/2018","M2","86,28"]
[98452,"PAREDE DE MADEIRA COMPENSADA PARA CONSTRUÇÃO TEMPORÁRIA EM CHAPA DUPLA, INTERNA, COM ÁREA LÍQUIDA MENOR QUE 6 M², SEM VÃO. AF_05/2018","M2","88,11"]
[98453,"PAREDE DE MADEIRA COMPENSADA PARA CONSTRUÇÃO TEMPORÁRIA EM CHAPA DUPLA, EXTERNA, COM ÁREA LÍQUIDA MAIOR OU IGUAL A QUE 6 M², COM VÃO. AF_05/2018","M2","116,78"]
[98454,"PAREDE DE MADEIRA COMPENSADA PARA CONSTRUÇÃO TEMPORÁRIA EM CHAPA DUPLA, EXTERNA, COM ÁREA LÍQUIDA MENOR QUE 6 M², COM VÃO. AF_05/2018","M2","151,63"]
[98455,"PAREDE DE MADEIRA COMPENSADA PARA CONSTRUÇÃO TEMPORÁRIA EM CHAPA DUPLA, INTERNA, COM ÁREA LÍQUIDA MAIOR OU IGUAL A 6 M², COM VÃO. AF_05/2018","M2","100,92"]
[98456,"PAREDE DE MADEIRA COMPENSADA PARA CONSTRUÇÃO TEMPORÁRIA EM CHAPA DUPLA, INTERNA, COM ÁREA LÍQUIDA MENOR QUE 6 M², COM VÃO. AF_05/2018","M2","129,03"]
[98458,"TAPUME COM COMPENSADO DE MADEIRA. AF_05/2018","M2","73,89"]
[98459,"TAPUME COM TELHA METÁLICA. AF_05/2018","M2","74,64"]
[98460,"PISO PARA CONSTRUÇÃO TEMPORÁRIA EM MADEIRA, SEM REAPROVEITAMENTO. AF_05/2018","M2","67,24"]
[98461,"ESTRUTURA DE MADEIRA PROVISÓRIA PARA SUPORTE DE CAIXA D’ÁGUA ELEVADA DE 1000 LITROS. AF_05/2018","UN","3.103,51"]
[98462,"ESTRUTURA DE MADEIRA PROVISÓRIA PARA SUPORTE DE CAIXA D’ÁGUA ELEVADA DE 3000 LITROS. AF_05/2018","UN","4.565,63"]
["74209/1","PLACA DE OBRA EM CHAPA DE ACO GALVANIZADO","M2","264,22"]
["73847/1","ALUGUEL CONTAINER/ESCRIT INCL INST ELET LARG=2,20 COMP=6,20M          ALT=2,50M CHAPA ACO C/NERV TRAPEZ FORRO C/ISOL TERMO/ACUSTICO         CHASSIS REFORC PISO COMPENS NAVAL EXC TRANSP/CARGA/DESCARGA","MES","394,53"]
[5631,"ESCAVADEIRA HIDRÁULICA SOBRE ESTEIRAS, CAÇAMBA 0,80 M3, PESO OPERACIONAL 17 T, POTENCIA BRUTA 111 HP - CHP DIURNO. AF_06/2014","CHP","132,02"]
[5678,"RETROESCAVADEIRA SOBRE RODAS COM CARREGADEIRA, TRAÇÃO 4X4, POTÊNCIA LÍQ. 88 HP, CAÇAMBA CARREG. CAP. MÍN. 1 M3, CAÇAMBA RETRO CAP. 0,26 M3, PESO OPERACIONAL MÍN. 6.674 KG, PROFUNDIDADE ESCAVAÇÃO MÁX. 4,37 M - CHP DIURNO. AF_06/2014","CHP","101,98"]
[5680,"RETROESCAVADEIRA SOBRE RODAS COM CARREGADEIRA, TRAÇÃO 4X2, POTÊNCIA LÍQ. 79 HP, CAÇAMBA CARREG. CAP. MÍN. 1 M3, CAÇAMBA RETRO CAP. 0,20 M3, PESO OPERACIONAL MÍN. 6.570 KG, PROFUNDIDADE ESCAVAÇÃO MÁX. 4,37 M - CHP DIURNO. AF_06/2014","CHP","94,54"]
[5684,"ROLO COMPACTADOR VIBRATÓRIO DE UM CILINDRO AÇO LISO, POTÊNCIA 80 HP, PESO OPERACIONAL MÁXIMO 8,1 T, IMPACTO DINÂMICO 16,15 / 9,5 T, LARGURA DE TRABALHO 1,68 M - CHP DIURNO. AF_06/2014","CHP","95,00"]
[5689,"GRADE DE DISCO CONTROLE REMOTO REBOCÁVEL, COM 24 DISCOS 24 X 6 MM COM PNEUS PARA TRANSPORTE - CHP DIURNO. AF_06/2014","CHP","3,03"]
[5795,"MARTELETE OU ROMPEDOR PNEUMÁTICO MANUAL, 28 KG, COM SILENCIADOR - CHP DIURNO. AF_07/2016","CHP","20,19"]
[5811,"CAMINHÃO BASCULANTE 6 M3, PESO BRUTO TOTAL 16.000 KG, CARGA ÚTIL MÁXIMA 13.071 KG, DISTÂNCIA ENTRE EIXOS 4,80 M, POTÊNCIA 230 CV INCLUSIVE CAÇAMBA METÁLICA - CHP DIURNO. AF_06/2014","CHP","164,67"]
[5823,"USINA DE CONCRETO FIXA, CAPACIDADE NOMINAL DE 90 A 120 M3/H, SEM SILO - CHP DIURNO. AF_07/2016","CHP","160,20"]
[5824,"CAMINHÃO TOCO, PBT 16.000 KG, CARGA ÚTIL MÁX. 10.685 KG, DIST. ENTRE EIXOS 4,8 M, POTÊNCIA 189 CV, INCLUSIVE CARROCERIA FIXA ABERTA DE MADEIRA P/ TRANSPORTE GERAL DE CARGA SECA, DIMEN. APROX. 2,5 X 7,00 X 0,50 M - CHP DIURNO. AF_06/2014","CHP","132,33"]
[5835,"VIBROACABADORA DE ASFALTO SOBRE ESTEIRAS, LARGURA DE PAVIMENTAÇÃO 1,90 M A 5,30 M, POTÊNCIA 105 HP CAPACIDADE 450 T/H - CHP DIURNO. AF_11/2014","CHP","225,55"]
[5839,"VASSOURA MECÂNICA REBOCÁVEL COM ESCOVA CILÍNDRICA, LARGURA ÚTIL DE VARRIMENTO DE 2,44 M - CHP DIURNO. AF_06/2014","CHP","4,48"]
[5843,"TRATOR DE PNEUS, POTÊNCIA 122 CV, TRAÇÃO 4X4, PESO COM LASTRO DE 4.510 KG - CHP DIURNO. AF_06/2014","CHP","102,40"]
[5847,"TRATOR DE ESTEIRAS, POTÊNCIA 170 HP, PESO OPERACIONAL 19 T, CAÇAMBA 5,2 M3 - CHP DIURNO. AF_06/2014","CHP","173,57"]
[5851,"TRATOR DE ESTEIRAS, POTÊNCIA 150 HP, PESO OPERACIONAL 16,7 T, COM RODA MOTRIZ ELEVADA E LÂMINA 3,18 M3 - CHP DIURNO. AF_06/2014","CHP","163,98"]
[5855,"TRATOR DE ESTEIRAS, POTÊNCIA 347 HP, PESO OPERACIONAL 38,5 T, COM LÂMINA 8,70 M3 - CHP DIURNO. AF_06/2014","CHP","416,01"]
[5863,"ROLO COMPACTADOR VIBRATÓRIO REBOCÁVEL, CILINDRO DE AÇO LISO, POTÊNCIA DE TRAÇÃO DE 65 CV, PESO 4,7 T, IMPACTO DINÂMICO 18,3 T, LARGURA DE TRABALHO 1,67 M - CHP DIURNO. AF_02/2016","CHP","11,14"]
[5867,"ROLO COMPACTADOR VIBRATÓRIO TANDEM AÇO LISO, POTÊNCIA 58 HP, PESO SEM/COM LASTRO 6,5 / 9,4 T, LARGURA DE TRABALHO 1,2 M - CHP DIURNO. AF_06/2014","CHP","92,44"]
[5875,"RETROESCAVADEIRA SOBRE RODAS COM CARREGADEIRA, TRAÇÃO 4X4, POTÊNCIA LÍQ. 72 HP, CAÇAMBA CARREG. CAP. MÍN. 0,79 M3, CAÇAMBA RETRO CAP. 0,18 M3, PESO OPERACIONAL MÍN. 7.140 KG, PROFUNDIDADE ESCAVAÇÃO MÁX. 4,50 M - CHP DIURNO. AF_06/2014","CHP","93,73"]
[5879,"ROLO COMPACTADOR VIBRATÓRIO PÉ DE CARNEIRO, OPERADO POR CONTROLE REMOTO, POTÊNCIA 12,5 KW, PESO OPERACIONAL 1,675 T, LARGURA DE TRABALHO 0,85 M - CHP DIURNO. AF_02/2016","CHP","76,96"]
[5882,"USINA DE LAMA ASFÁLTICA, PROD 30 A 50 T/H, SILO DE AGREGADO 7 M3, RESERVATÓRIOS PARA EMULSÃO E ÁGUA DE 2,3 M3 CADA, MISTURADOR TIPO PUG MILL A SER MONTADO SOBRE CAMINHÃO - CHP DIURNO. AF_10/2014","CHP","73,73"]
[5890,"CAMINHÃO TOCO, PESO BRUTO TOTAL 14.300 KG, CARGA ÚTIL MÁXIMA 9590 KG, DISTÂNCIA ENTRE EIXOS 4,76 M, POTÊNCIA 185 CV (NÃO INCLUI CARROCERIA) - CHP DIURNO. AF_06/2014","CHP","133,00"]
[5894,"CAMINHÃO TOCO, PESO BRUTO TOTAL 16.000 KG, CARGA ÚTIL MÁXIMA DE 10.685 KG, DISTÂNCIA ENTRE EIXOS 4,80 M, POTÊNCIA 189 CV EXCLUSIVE CARROCERIA - CHP DIURNO. AF_06/2014","CHP","130,98"]
[5901,"CAMINHÃO PIPA 10.000 L TRUCADO, PESO BRUTO TOTAL 23.000 KG, CARGA ÚTIL MÁXIMA 15.935 KG, DISTÂNCIA ENTRE EIXOS 4,8 M, POTÊNCIA 230 CV, INCLUSIVE TANQUE DE AÇO PARA TRANSPORTE DE ÁGUA - CHP DIURNO. AF_06/2014","CHP","166,01"]
[5909,"ESPARGIDOR DE ASFALTO PRESSURIZADO COM TANQUE DE 2500 L, REBOCÁVEL COM MOTOR A GASOLINA POTÊNCIA 3,4 HP - CHP DIURNO. AF_07/2014","CHP","20,59"]
[5921,"GRADE DE DISCO REBOCÁVEL COM 20 DISCOS 24\" X 6 MM COM PNEUS PARA TRANSPORTE - CHP DIURNO. AF_06/2014","CHP","2,37"]
[5928,"GUINDAUTO HIDRÁULICO, CAPACIDADE MÁXIMA DE CARGA 6200 KG, MOMENTO MÁXIMO DE CARGA 11,7 TM, ALCANCE MÁXIMO HORIZONTAL 9,70 M, INCLUSIVE CAMINHÃO TOCO PBT 16.000 KG, POTÊNCIA DE 189 CV - CHP DIURNO. AF_06/2014","CHP","141,94"]
[5932,"MOTONIVELADORA POTÊNCIA BÁSICA LÍQUIDA (PRIMEIRA MARCHA) 125 HP, PESO BRUTO 13032 KG, LARGURA DA LÂMINA DE 3,7 M - CHP DIURNO. AF_06/2014","CHP","150,85"]
[5940,"PÁ CARREGADEIRA SOBRE RODAS, POTÊNCIA LÍQUIDA 128 HP, CAPACIDADE DA CAÇAMBA 1,7 A 2,8 M3, PESO OPERACIONAL 11632 KG - CHP DIURNO. AF_06/2014","CHP","137,92"]
[5944,"PÁ CARREGADEIRA SOBRE RODAS, POTÊNCIA 197 HP, CAPACIDADE DA CAÇAMBA 2,5 A 3,5 M3, PESO OPERACIONAL 18338 KG - CHP DIURNO. AF_06/2014","CHP","192,67"]
[5953,"COMPRESSOR DE AR REBOCÁVEL, VAZÃO 189 PCM, PRESSÃO EFETIVA DE TRABALHO 102 PSI, MOTOR DIESEL, POTÊNCIA 63 CV - CHP DIURNO. AF_06/2015","CHP","35,88"]
[6259,"CAMINHÃO PIPA 6.000 L, PESO BRUTO TOTAL 13.000 KG, DISTÂNCIA ENTRE EIXOS 4,80 M, POTÊNCIA 189 CV INCLUSIVE TANQUE DE AÇO PARA TRANSPORTE DE ÁGUA, CAPACIDADE 6 M3 - CHP DIURNO. AF_06/2014","CHP","137,80"]
[6879,"ROLO COMPACTADOR DE PNEUS ESTÁTICO, PRESSÃO VARIÁVEL, POTÊNCIA 111 HP, PESO SEM/COM LASTRO 9,5 / 26 T, LARGURA DE TRABALHO 1,90 M - CHP DIURNO. AF_07/2014","CHP","131,32"]
[7030,"TANQUE DE ASFALTO ESTACIONÁRIO COM SERPENTINA, CAPACIDADE 30.000 L - CHP DIURNO. AF_06/2014","CHP","167,29"]
[7042,"MOTOBOMBA TRASH (PARA ÁGUA SUJA) AUTO ESCORVANTE, MOTOR GASOLINA DE 6,41 HP, DIÂMETROS DE SUCÇÃO X RECALQUE: 3\" X 3\", HM/Q = 10 MCA / 60 M3/H A 23 MCA / 0 M3/H - CHP DIURNO. AF_10/2014","CHP","4,94"]
[7049,"ROLO COMPACTADOR PE DE CARNEIRO VIBRATORIO, POTENCIA 125 HP, PESO OPERACIONAL SEM/COM LASTRO 11,95 / 13,30 T, IMPACTO DINAMICO 38,5 / 22,5 T, LARGURA DE TRABALHO 2,15 M - CHP DIURNO. AF_06/2014","CHP","131,78"]
[67826,"CAMINHÃO BASCULANTE 6 M3 TOCO, PESO BRUTO TOTAL 16.000 KG, CARGA ÚTIL MÁXIMA 11.130 KG, DISTÂNCIA ENTRE EIXOS 5,36 M, POTÊNCIA 185 CV, INCLUSIVE CAÇAMBA METÁLICA - CHP DIURNO. AF_06/2014","CHP","140,84"]
[73417,"GRUPO GERADOR ESTACIONÁRIO, MOTOR DIESEL POTÊNCIA 170 KVA - CHP DIURNO. AF_02/2016","CHP","111,26"]
[73436,"ROLO COMPACTADOR VIBRATÓRIO PÉ DE CARNEIRO PARA SOLOS, POTÊNCIA 80 HP, PESO OPERACIONAL SEM/COM LASTRO 7,4 / 8,8 T, LARGURA DE TRABALHO 1,68 M - CHP DIURNO. AF_02/2016","CHP","132,64"]
[73467,"CAMINHÃO TOCO, PBT 14.300 KG, CARGA ÚTIL MÁX. 9.710 KG, DIST. ENTRE EIXOS 3,56 M, POTÊNCIA 185 CV, INCLUSIVE CARROCERIA FIXA ABERTA DE MADEIRA P/ TRANSPORTE GERAL DE CARGA SECA, DIMEN. APROX. 2,50 X 6,50 X 0,50 M - CHP DIURNO. AF_06/2014","CHP","134,70"]
[73536,"MOTOBOMBA CENTRÍFUGA, MOTOR A GASOLINA, POTÊNCIA 5,42 HP, BOCAIS 1 1/2\" X 1\", DIÂMETRO ROTOR 143 MM HM/Q = 6 MCA / 16,8 M3/H A 38 MCA / 6,6 M3/H - CHP DIURNO. AF_06/2014","CHP","4,14"]
[83362,"ESPARGIDOR DE ASFALTO PRESSURIZADO, TANQUE 6 M3 COM ISOLAÇÃO TÉRMICA, AQUECIDO COM 2 MAÇARICOS, COM BARRA ESPARGIDORA 3,60 M, MONTADO SOBRE CAMINHÃO  TOCO, PBT 14.300 KG, POTÊNCIA 185 CV - CHP DIURNO. AF_08/2015","CHP","171,53"]
[83765,"GRUPO DE SOLDAGEM COM GERADOR A DIESEL 60 CV PARA SOLDA ELÉTRICA, SOBRE 04 RODAS, COM MOTOR 4 CILINDROS 600 A - CHP DIURNO. AF_02/2016","CHP","67,66"]
[87445,"BETONEIRA CAPACIDADE NOMINAL 400 L, CAPACIDADE DE MISTURA 310 L, MOTOR A DIESEL POTÊNCIA 5,0 HP, SEM CARREGADOR - CHP DIURNO. AF_06/2014","CHP","3,25"]
[88386,"MISTURADOR DE ARGAMASSA, EIXO HORIZONTAL, CAPACIDADE DE MISTURA 300 KG, MOTOR ELÉTRICO POTÊNCIA 5 CV - CHP DIURNO. AF_06/2014","CHP","3,35"]
[88393,"MISTURADOR DE ARGAMASSA, EIXO HORIZONTAL, CAPACIDADE DE MISTURA 600 KG, MOTOR ELÉTRICO POTÊNCIA 7,5 CV - CHP DIURNO. AF_06/2014","CHP","4,51"]
[88399,"MISTURADOR DE ARGAMASSA, EIXO HORIZONTAL, CAPACIDADE DE MISTURA 160 KG, MOTOR ELÉTRICO POTÊNCIA 3 CV - CHP DIURNO. AF_06/2014","CHP","2,60"]
[88418,"PROJETOR DE ARGAMASSA, CAPACIDADE DE PROJEÇÃO 1,5 M3/H, ALCANCE DE 30 ATÉ 60 M, MOTOR ELÉTRICO POTÊNCIA 7,5 HP - CHP DIURNO. AF_06/2014","CHP","12,41"]
[88433,"PROJETOR DE ARGAMASSA, CAPACIDADE DE PROJEÇÃO 2 M3/H, ALCANCE ATÉ 50 M, MOTOR ELÉTRICO POTÊNCIA 7,5 HP - CHP DIURNO. AF_06/2014","CHP","15,63"]
[88830,"BETONEIRA CAPACIDADE NOMINAL DE 400 L, CAPACIDADE DE MISTURA 280 L, MOTOR ELÉTRICO TRIFÁSICO POTÊNCIA DE 2 CV, SEM CARREGADOR - CHP DIURNO. AF_10/2014","CHP","1,21"]
[88843,"TRATOR DE ESTEIRAS, POTÊNCIA 125 HP, PESO OPERACIONAL 12,9 T, COM LÂMINA 2,7 M3 - CHP DIURNO. AF_10/2014","CHP","138,49"]
[88907,"ESCAVADEIRA HIDRÁULICA SOBRE ESTEIRAS, CAÇAMBA 1,20 M3, PESO OPERACIONAL 21 T, POTÊNCIA BRUTA 155 HP - CHP DIURNO. AF_06/2014","CHP","160,28"]
[89021,"BOMBA SUBMERSÍVEL ELÉTRICA TRIFÁSICA, POTÊNCIA 2,96 HP, Ø ROTOR 144 MM SEMI-ABERTO, BOCAL DE SAÍDA Ø 2”, HM/Q = 2 MCA / 38,8 M3/H A 28 MCA / 5 M3/H - CHP DIURNO. AF_06/2014","CHP","1,56"]
[89028,"TANQUE DE ASFALTO ESTACIONÁRIO COM MAÇARICO, CAPACIDADE 20.000 L - CHP DIURNO. AF_06/2014","CHP","154,96"]
[89032,"TRATOR DE ESTEIRAS, POTÊNCIA 100 HP, PESO OPERACIONAL 9,4 T, COM LÂMINA 2,19 M3 - CHP DIURNO. AF_06/2014","CHP","123,57"]
[89035,"TRATOR DE PNEUS, POTÊNCIA 85 CV, TRAÇÃO 4X4, PESO COM LASTRO DE 4.675 KG - CHP DIURNO. AF_06/2014","CHP","78,63"]
[89225,"BETONEIRA CAPACIDADE NOMINAL DE 600 L, CAPACIDADE DE MISTURA 360 L, MOTOR ELÉTRICO TRIFÁSICO POTÊNCIA DE 4 CV, SEM CARREGADOR - CHP DIURNO. AF_11/2014","CHP","3,60"]
[89234,"FRESADORA DE ASFALTO A FRIO SOBRE RODAS, LARGURA FRESAGEM DE 1,0 M, POTÊNCIA 208 HP - CHP DIURNO. AF_11/2014","CHP","347,24"]
[89242,"FRESADORA DE ASFALTO A FRIO SOBRE RODAS, LARGURA FRESAGEM DE 2,0 M, POTÊNCIA 550 HP - CHP DIURNO. AF_11/2014","CHP","816,91"]
[89250,"RECICLADORA DE ASFALTO A FRIO SOBRE RODAS, LARGURA FRESAGEM DE 2,0 M, POTÊNCIA 422 HP - CHP DIURNO. AF_11/2014","CHP","684,49"]
[89257,"VIBROACABADORA DE ASFALTO SOBRE ESTEIRAS, LARGURA DE PAVIMENTAÇÃO 2,13 M A 4,55 M, POTÊNCIA 100 HP CAPACIDADE 400 T/H - CHP DIURNO. AF_11/2014","CHP","195,35"]
[89272,"GUINDASTE HIDRÁULICO AUTOPROPELIDO, COM LANÇA TELESCÓPICA 28,80 M, CAPACIDADE MÁXIMA 30 T, POTÊNCIA 97 KW, TRAÇÃO 4 X 4 - CHP DIURNO. AF_11/2014","CHP","167,06"]
[89278,"BETONEIRA CAPACIDADE NOMINAL DE 600 L, CAPACIDADE DE MISTURA 440 L, MOTOR A DIESEL POTÊNCIA 10 HP, COM CARREGADOR - CHP DIURNO. AF_11/2014","CHP","7,77"]
[89843,"BATE-ESTACAS POR GRAVIDADE, POTÊNCIA DE 160 HP, PESO DO MARTELO ATÉ 3 TONELADAS - CHP DIURNO. AF_11/2014","CHP","159,04"]
[89876,"CAMINHÃO BASCULANTE 14 M3, COM CAVALO MECÂNICO DE CAPACIDADE MÁXIMA DE TRAÇÃO COMBINADO DE 36000 KG, POTÊNCIA 286 CV, INCLUSIVE SEMIREBOQUE COM CAÇAMBA METÁLICA - CHP DIURNO. AF_12/2014","CHP","200,41"]
[89883,"CAMINHÃO BASCULANTE 18 M3, COM CAVALO MECÂNICO DE CAPACIDADE MÁXIMA DE TRAÇÃO COMBINADO DE 45000 KG, POTÊNCIA 330 CV, INCLUSIVE SEMIREBOQUE COM CAÇAMBA METÁLICA - CHP DIURNO. AF_12/2014","CHP","224,50"]
[90586,"VIBRADOR DE IMERSÃO, DIÂMETRO DE PONTEIRA 45MM, MOTOR ELÉTRICO TRIFÁSICO POTÊNCIA DE 2 CV - CHP DIURNO. AF_06/2015","CHP","1,20"]
[90625,"PERFURATRIZ MANUAL, TORQUE MÁXIMO 83 N.M, POTÊNCIA 5 CV, COM DIÂMETRO MÁXIMO 4\" - CHP DIURNO. AF_06/2015","CHP","4,44"]
[90631,"PERFURATRIZ SOBRE ESTEIRA, TORQUE MÁXIMO 600 KGF, PESO MÉDIO 1000 KG, POTÊNCIA 20 HP, DIÂMETRO MÁXIMO 10\" - CHP DIURNO. AF_06/2015","CHP","83,59"]
[90637,"MISTURADOR DUPLO HORIZONTAL DE ALTA TURBULÊNCIA, CAPACIDADE / VOLUME 2 X 500 LITROS, MOTORES ELÉTRICOS MÍNIMO 5 CV CADA, PARA NATA CIMENTO, ARGAMASSA E OUTROS - CHP DIURNO. AF_06/2015","CHP","10,91"]
[90643,"BOMBA TRIPLEX, PARA INJEÇÃO DE NATA DE CIMENTO, VAZÃO MÁXIMA DE 100 LITROS/MINUTO, PRESSÃO MÁXIMA DE 70 BAR - CHP DIURNO. AF_06/2015","CHP","16,79"]
[90650,"BOMBA CENTRÍFUGA MONOESTÁGIO COM MOTOR ELÉTRICO MONOFÁSICO, POTÊNCIA 15 HP, DIÂMETRO DO ROTOR 173 MM, HM/Q = 30 MCA / 90 M3/H A 45 MCA / 55 M3/H - CHP DIURNO. AF_06/2015","CHP","6,38"]
[90656,"BOMBA DE PROJEÇÃO DE CONCRETO SECO, POTÊNCIA 10 CV, VAZÃO 3 M3/H - CHP DIURNO. AF_06/2015","CHP","10,77"]
[90662,"BOMBA DE PROJEÇÃO DE CONCRETO SECO, POTÊNCIA 10 CV, VAZÃO 6 M3/H - CHP DIURNO. AF_06/2015","CHP","11,30"]
[90668,"PROJETOR PNEUMÁTICO DE ARGAMASSA PARA CHAPISCO E REBOCO COM RECIPIENTE ACOPLADO, TIPO CANEQUINHA, COM COMPRESSOR DE AR REBOCÁVEL VAZÃO 89 PCM E MOTOR DIESEL DE 20 CV - CHP DIURNO. AF_06/2015","CHP","17,05"]
[90674,"PERFURATRIZ COM TORRE METÁLICA PARA EXECUÇÃO DE ESTACA HÉLICE CONTÍNUA, PROFUNDIDADE MÁXIMA DE 30 M, DIÂMETRO MÁXIMO DE 800 MM, POTÊNCIA INSTALADA DE 268 HP, MESA ROTATIVA COM TORQUE MÁXIMO DE 170 KNM - CHP DIURNO. AF_06/2015","CHP","416,49"]
[90680,"PERFURATRIZ HIDRÁULICA SOBRE CAMINHÃO COM TRADO CURTO ACOPLADO, PROFUNDIDADE MÁXIMA DE 20 M, DIÂMETRO MÁXIMO DE 1500 MM, POTÊNCIA INSTALADA DE 137 HP, MESA ROTATIVA COM TORQUE MÁXIMO DE 30 KNM - CHP DIURNO. AF_06/2015","CHP","227,02"]
[90686,"MANIPULADOR TELESCÓPICO, POTÊNCIA DE 85 HP, CAPACIDADE DE CARGA DE 3.500 KG, ALTURA MÁXIMA DE ELEVAÇÃO DE 12,3 M - CHP DIURNO. AF_06/2015","CHP","118,04"]
[90692,"MINICARREGADEIRA SOBRE RODAS, POTÊNCIA LÍQUIDA DE 47 HP, CAPACIDADE NOMINAL DE OPERAÇÃO DE 646 KG - CHP DIURNO. AF_06/2015","CHP","78,16"]
[90964,"COMPRESSOR DE AR REBOCÁVEL, VAZÃO 89 PCM, PRESSÃO EFETIVA DE TRABALHO 102 PSI, MOTOR DIESEL, POTÊNCIA 20 CV - CHP DIURNO. AF_06/2015","CHP","16,29"]
[90972,"COMPRESSOR DE AR REBOCAVEL, VAZÃO 250 PCM, PRESSAO DE TRABALHO 102 PSI, MOTOR A DIESEL POTÊNCIA 81 CV - CHP DIURNO. AF_06/2015","CHP","46,37"]
[90979,"COMPRESSOR DE AR REBOCÁVEL, VAZÃO 748 PCM, PRESSÃO EFETIVA DE TRABALHO 102 PSI, MOTOR DIESEL, POTÊNCIA 210 CV - CHP DIURNO. AF_06/2015","CHP","119,92"]
[90991,"ESCAVADEIRA HIDRÁULICA SOBRE ESTEIRAS, CAÇAMBA 0,80 M3, PESO OPERACIONAL 17,8 T, POTÊNCIA LÍQUIDA 110 HP - CHP DIURNO. AF_10/2014","CHP","128,91"]
[90999,"COMPRESSOR DE AR REBOCAVEL, VAZÃO 400 PCM, PRESSAO DE TRABALHO 102 PSI, MOTOR A DIESEL POTÊNCIA 110 CV - CHP DIURNO. AF_06/2015","CHP","61,87"]
[91031,"CAMINHÃO TRUCADO (C/ TERCEIRO EIXO) ELETRÔNICO - POTÊNCIA 231CV - PBT = 22000KG - DIST. ENTRE EIXOS 5170 MM - INCLUI CARROCERIA FIXA ABERTA DE MADEIRA - CHP DIURNO. AF_06/2015","CHP","162,57"]
[91277,"PLACA VIBRATÓRIA REVERSÍVEL COM MOTOR 4 TEMPOS A GASOLINA, FORÇA CENTRÍFUGA DE 25 KN (2500 KGF), POTÊNCIA 5,5 CV - CHP DIURNO. AF_08/2015","CHP","4,93"]
[91283,"CORTADORA DE PISO COM MOTOR 4 TEMPOS A GASOLINA, POTÊNCIA DE 13 HP, COM DISCO DE CORTE DIAMANTADO SEGMENTADO PARA CONCRETO, DIÂMETRO DE 350 MM, FURO DE 1\" (14 X 1\") - CHP DIURNO. AF_08/2015","CHP","10,49"]
[91386,"CAMINHÃO BASCULANTE 10 M3, TRUCADO CABINE SIMPLES, PESO BRUTO TOTAL 23.000 KG, CARGA ÚTIL MÁXIMA 15.935 KG, DISTÂNCIA ENTRE EIXOS 4,80 M, POTÊNCIA 230 CV INCLUSIVE CAÇAMBA METÁLICA - CHP DIURNO. AF_06/2014","CHP","169,11"]
[91533,"COMPACTADOR DE SOLOS DE PERCUSSÃO (SOQUETE) COM MOTOR A GASOLINA 4 TEMPOS, POTÊNCIA 4 CV - CHP DIURNO. AF_08/2015","CHP","24,01"]
[91634,"GUINDAUTO HIDRÁULICO, CAPACIDADE MÁXIMA DE CARGA 6500 KG, MOMENTO MÁXIMO DE CARGA 5,8 TM, ALCANCE MÁXIMO HORIZONTAL 7,60 M, INCLUSIVE CAMINHÃO TOCO PBT 9.700 KG, POTÊNCIA DE 160 CV - CHP DIURNO. AF_08/2015","CHP","125,10"]
[91645,"CAMINHÃO DE TRANSPORTE DE MATERIAL ASFÁLTICO 30.000 L, COM CAVALO MECÂNICO DE CAPACIDADE MÁXIMA DE TRAÇÃO COMBINADO DE 66.000 KG, POTÊNCIA 360 CV, INCLUSIVE TANQUE DE ASFALTO COM SERPENTINA - CHP DIURNO. AF_08/2015","CHP","245,95"]
[91692,"SERRA CIRCULAR DE BANCADA COM MOTOR ELÉTRICO POTÊNCIA DE 5HP, COM COIFA PARA DISCO 10\" - CHP DIURNO. AF_08/2015","CHP","21,35"]
[92043,"DISTRIBUIDOR DE AGREGADOS REBOCAVEL, CAPACIDADE 1,9 M³, LARGURA DE TRABALHO 3,66 M - CHP DIURNO. AF_11/2015","CHP","7,76"]
[92106,"CAMINHÃO PARA EQUIPAMENTO DE LIMPEZA A SUCÇÃO, COM CAMINHÃO TRUCADO DE PESO BRUTO TOTAL 23000 KG, CARGA ÚTIL MÁXIMA 15935 KG, DISTÂNCIA ENTRE EIXOS 4,80 M, POTÊNCIA 230 CV, INCLUSIVE LIMPADORA A SUCÇÃO, TANQUE 12000 L - CHP DIURNO. AF_11/2015","CHP","170,31"]
[92112,"PENEIRA ROTATIVA COM MOTOR ELÉTRICO TRIFÁSICO DE 2 CV, CILINDRO DE 1 M X 0,60 M, COM FUROS DE 3,17 MM - CHP DIURNO. AF_11/2015","CHP","2,19"]
[92118,"DOSADOR DE AREIA, CAPACIDADE DE 26 LITROS - CHP DIURNO. AF_11/2015","CHP","0,19"]
[92138,"CAMINHONETE COM MOTOR A DIESEL, POTÊNCIA 180 CV, CABINE DUPLA, 4X4 - CHP DIURNO. AF_11/2015","CHP","123,98"]
[92145,"CAMINHONETE CABINE SIMPLES COM MOTOR 1.6 FLEX, CÂMBIO MANUAL, POTÊNCIA 101/104 CV, 2 PORTAS - CHP DIURNO. AF_11/2015","CHP","92,56"]
[92242,"CAMINHÃO DE TRANSPORTE DE MATERIAL ASFÁLTICO 20.000 L, COM CAVALO MECÂNICO DE CAPACIDADE MÁXIMA DE TRAÇÃO COMBINADO DE 45.000 KG, POTÊNCIA 330 CV, INCLUSIVE TANQUE DE ASFALTO COM MAÇARICO - CHP DIURNO. AF_12/2015","CHP","218,49"]
[92716,"APARELHO PARA CORTE E SOLDA OXI-ACETILENO SOBRE RODAS, INCLUSIVE CILINDROS E MAÇARICOS - CHP DIURNO. AF_12/2015","CHP","20,26"]
[92960,"MÁQUINA EXTRUSORA DE CONCRETO PARA GUIAS E SARJETAS, MOTOR A DIESEL, POTÊNCIA 14 CV - CHP DIURNO. AF_12/2015","CHP","18,49"]
[92966,"MARTELO PERFURADOR PNEUMÁTICO MANUAL, HASTE 25 X 75 MM, 21 KG - CHP DIURNO. AF_12/2015","CHP","20,24"]
[93224,"PERFURATRIZ COM TORRE METÁLICA PARA EXECUÇÃO DE ESTACA HÉLICE CONTÍNUA, PROFUNDIDADE MÁXIMA DE 32 M, DIÂMETRO MÁXIMO DE 1000 MM, POTÊNCIA INSTALADA DE 350 HP, MESA ROTATIVA COM TORQUE MÁXIMO DE 263 KNM - CHP DIURNO. AF_01/2016","CHP","603,44"]
[93233,"BETONEIRA CAPACIDADE NOMINAL 400 L, CAPACIDADE DE MISTURA 310 L, MOTOR A GASOLINA POTÊNCIA 5,5 HP, SEM CARREGADOR - CHP DIURNO. AF_02/2016","CHP","4,54"]
[93272,"GRUA ASCENSIONAL, LANCA DE 30 M, CAPACIDADE DE 1,0 T A 30 M, ALTURA ATE 39 M - CHP DIURNO. AF_03/2016","CHP","82,22"]
[93281,"GUINCHO ELÉTRICO DE COLUNA, CAPACIDADE 400 KG, COM MOTO FREIO, MOTOR TRIFÁSICO DE 1,25 CV - CHP DIURNO. AF_03/2016","CHP","19,30"]
[93287,"GUINDASTE HIDRÁULICO AUTOPROPELIDO, COM LANÇA TELESCÓPICA 40 M, CAPACIDADE MÁXIMA 60 T, POTÊNCIA 260 KW - CHP DIURNO. AF_03/2016","CHP","296,36"]
[93402,"GUINDAUTO HIDRÁULICO, CAPACIDADE MÁXIMA DE CARGA 3300 KG, MOMENTO MÁXIMO DE CARGA 5,8 TM, ALCANCE MÁXIMO HORIZONTAL 7,60 M, INCLUSIVE CAMINHÃO TOCO PBT 16.000 KG, POTÊNCIA DE 189 CV - CHP DIURNO. AF_03/2016","CHP","139,38"]
[93408,"MÁQUINA JATO DE PRESSAO PORTÁTIL PARA JATEAMENTO, CONTROLE AUTOMATICO REMOTO, CAMARA DE 1 SAIDA, CAPACIDADE 280 L, DIAMETRO 670 MM, BICO DE JATO CURTO VENTURI DE 5/16”, MANGUEIRA DE 1” COM COMPRESSOR DE AR REBOCÁVEL VAZÃO 189 PCM E MOTOR DIESEL DE 63 CV- CHP DIURNO. AF_03/2016","CHP","66,38"]
[93415,"GERADOR PORTÁTIL MONOFÁSICO, POTÊNCIA 5500 VA, MOTOR A GASOLINA, POTÊNCIA DO MOTOR 13 CV - CHP DIURNO. AF_03/2016","CHP","9,32"]
[93421,"GRUPO GERADOR REBOCÁVEL, POTÊNCIA 66 KVA, MOTOR A DIESEL - CHP DIURNO. AF_03/2016","CHP","44,22"]
[93427,"GRUPO GERADOR ESTACIONÁRIO, POTÊNCIA 150 KVA, MOTOR A DIESEL- CHP DIURNO. AF_03/2016","CHP","101,09"]
[93433,"USINA DE MISTURA ASFÁLTICA À QUENTE, TIPO CONTRA FLUXO, PROD 40 A 80 TON/HORA - CHP DIURNO. AF_03/2016","CHP","2.045,41"]
[93439,"USINA DE ASFALTO À FRIO, CAPACIDADE DE 40 A 60 TON/HORA, ELÉTRICA POTÊNCIA 30 CV - CHP DIURNO. AF_03/2016","CHP","99,86"]
[95121,"USINA MISTURADORA DE SOLOS, CAPACIDADE DE 200 A 500 TON/H, POTENCIA 75KW - CHP DIURNO. AF_07/2016","CHP","190,36"]
[95127,"DISTRIBUIDOR DE AGREGADOS AUTOPROPELIDO, CAP 3 M3, A DIESEL, POTÊNCIA 176CV - CHP DIURNO. AF_07/2016","CHP","131,57"]
[95133,"MÁQUINA DEMARCADORA DE FAIXA DE TRÁFEGO À FRIO, AUTOPROPELIDA, POTÊNCIA 38 HP - CHP DIURNO. AF_07/2016","CHP","98,33"]
[95139,"TALHA MANUAL DE CORRENTE, CAPACIDADE DE 2 TON. COM ELEVAÇÃO DE 3 M - CHP DIURNO. AF_07/2016","CHP","0,08"]
[95212,"GRUA ASCENCIONAL, LANCA DE 42 M, CAPACIDADE DE 1,5 T A 30 M, ALTURA ATE 39 M - CHP DIURNO. AF_08/2016","CHP","90,02"]
[95218,"PULVERIZADOR DE TINTA ELÉTRICO/MÁQUINA DE PINTURA AIRLESS, VAZÃO 2 L/MIN - CHP DIURNO. AF_08/2016","CHP","18,38"]
[95258,"MARTELO DEMOLIDOR PNEUMÁTICO MANUAL, 32 KG - CHP DIURNO. AF_09/2016","CHP","19,95"]
[95264,"COMPACTADOR DE SOLOS DE PERCUSÃO (SOQUETE) COM MOTOR A GASOLINA, POTÊNCIA 3 CV - CHP DIURNO. AF_09/2016","CHP","3,54"]
[95270,"RÉGUA VIBRATÓRIA DUPLA PARA CONCRETO, PESO DE 60KG, COMPRIMENTO 4 M, COM MOTOR A GASOLINA, POTÊNCIA 5,5 HP - CHP DIURNO. AF_09/2016","CHP","5,52"]
[95276,"POLIDORA DE PISO (POLITRIZ), PESO DE 100KG, DIÂMETRO 450 MM, MOTOR ELÉTRICO, POTÊNCIA 4 HP - CHP DIURNO. AF_09/2016","CHP","2,85"]
[95282,"DESEMPENADEIRA DE CONCRETO, PESO DE 75KG, 4 PÁS, MOTOR A GASOLINA, POTÊNCIA 5,5 HP - CHP DIURNO. AF_09/2016","CHP","5,49"]
[95620,"PERFURATRIZ PNEUMATICA MANUAL DE PESO MEDIO, MARTELETE, 18KG, COMPRIMENTO MÁXIMO DE CURSO DE 6 M, DIAMETRO DO PISTAO DE 5,5 CM - CHP DIURNO. AF_11/2016","CHP","19,61"]
[95631,"ROLO COMPACTADOR VIBRATORIO TANDEM, ACO LISO, POTENCIA 125 HP, PESO SEM/COM LASTRO 10,20/11,65 T, LARGURA DE TRABALHO 1,73 M - CHP DIURNO. AF_11/2016","CHP","135,82"]
[95702,"PERFURATRIZ MANUAL, TORQUE MAXIMO 55 KGF.M, POTENCIA 5 CV, COM DIAMETRO MAXIMO 8 1/2\" - CHP DIURNO. AF_11/2016","CHP","27,42"]
[95708,"PERFURATRIZ SOBRE ESTEIRA, TORQUE MÁXIMO 600 KGF, POTÊNCIA ENTRE 50 E 60 HP, DIÂMETRO MÁXIMO 10” - CHP DIURNO. AF_11/2016","CHP","92,97"]
[95714,"ESCAVADEIRA HIDRAULICA SOBRE ESTEIRA, COM GARRA GIRATORIA DE MANDIBULAS, PESO OPERACIONAL ENTRE 22,00 E 25,50 TON, POTENCIA LIQUIDA ENTRE 150 E 160 HP - CHP DIURNO. AF_11/2016","CHP","163,65"]
[95720,"ESCAVADEIRA HIDRAULICA SOBRE ESTEIRA, EQUIPADA COM CLAMSHELL, COM CAPACIDADE DA CAÇAMBA ENTRE 1,20 E 1,50 M3, PESO OPERACIONAL ENTRE 20,00 E 22,00 TON, POTENCIA LIQUIDA ENTRE 150 E 160 HP - CHP DIURNO. AF_11/2016","CHP","161,19"]
[95872,"GRUPO GERADOR COM CARENAGEM, MOTOR DIESEL POTÊNCIA STANDART ENTRE 250 E 260 KVA - CHP DIURNO. AF_12/2016","CHP","171,55"]
[96013,"TRATOR DE PNEUS COM POTÊNCIA DE 122 CV, TRAÇÃO 4X4, COM VASSOURA MECÂNICA ACOPLADA - CHP DIURNO. AF_02/2017","CHP","106,40"]
[96020,"TRATOR DE PNEUS COM POTÊNCIA DE 122 CV, TRAÇÃO 4X4, COM GRADE DE DISCOS ACOPLADA - CHP DIURNO. AF_02/2017","CHP","106,17"]
[96028,"TRATOR DE PNEUS COM POTÊNCIA DE 85 CV, TRAÇÃO 4X4, COM GRADE DE DISCOS ACOPLADA - CHP DIURNO. AF_02/2017","CHP","82,40"]
[96035,"CAMINHÃO BASCULANTE 10 M3, TRUCADO, POTÊNCIA 230 CV, INCLUSIVE CAÇAMBA METÁLICA, COM DISTRIBUIDOR DE AGREGADOS ACOPLADO - CHP DIURNO. AF_02/2017","CHP","176,10"]
[96157,"TRATOR DE PNEUS COM POTÊNCIA DE 85 CV, TRAÇÃO 4X4, COM VASSOURA MECÂNICA ACOPLADA - CHP DIURNO. AF_03/2017","CHP","82,63"]
[96158,"MINICARREGADEIRA SOBRE RODAS POTENCIA 47HP CAPACIDADE OPERACAO 646 KG, COM VASSOURA MECÂNICA ACOPLADA - CHP DIURNO. AF_03/2017","CHP","84,39"]
[96245,"MINIESCAVADEIRA SOBRE ESTEIRAS, POTENCIA LIQUIDA DE *30* HP, PESO OPERACIONAL DE *3.500* KG - CHP DIURNO. AF_04/2017","CHP","71,61"]
[96303,"PERFURATRIZ ROTATIVA SOBRE ESTEIRA, TORQUE MAXIMO 2500 KGM, POTENCIA 110 HP, MOTOR DIESEL- CHP DIURNO. AF_05/2017","CHP","160,26"]
[96309,"COMPRESSOR DE AR, VAZAO DE 10 PCM, RESERVATORIO 100 L, PRESSAO DE TRABALHO ENTRE 6,9 E 9,7 BAR, POTENCIA 2 HP, TENSAO 110/220 V - CHP DIURNO. AF_05/2017","CHP","0,89"]
[96463,"ROLO COMPACTADOR DE PNEUS, ESTATICO, PRESSAO VARIAVEL, POTENCIA 110 HP, PESO SEM/COM LASTRO 10,8/27 T, LARGURA DE ROLAGEM 2,30 M - CHP DIURNO. AF_06/2017","CHP","134,35"]
[98764,"INVERSOR DE SOLDA MONOFÁSICO DE 160 A, POTÊNCIA DE 5400 W, TENSÃO DE 220 V, PARA SOLDA COM ELETRODOS DE 2,0 A 4,0 MM E PROCESSO TIG - CHP DIURNO. AF_06/2018","CHP","2,55"]
[5632,"ESCAVADEIRA HIDRÁULICA SOBRE ESTEIRAS, CAÇAMBA 0,80 M3, PESO OPERACIONAL 17 T, POTENCIA BRUTA 111 HP - CHI DIURNO. AF_06/2014","CHI","48,56"]
[5679,"RETROESCAVADEIRA SOBRE RODAS COM CARREGADEIRA, TRAÇÃO 4X4, POTÊNCIA LÍQ. 88 HP, CAÇAMBA CARREG. CAP. MÍN. 1 M3, CAÇAMBA RETRO CAP. 0,26 M3, PESO OPERACIONAL MÍN. 6.674 KG, PROFUNDIDADE ESCAVAÇÃO MÁX. 4,37 M - CHI DIURNO. AF_06/2014","CHI","38,27"]
[5681,"RETROESCAVADEIRA SOBRE RODAS COM CARREGADEIRA, TRAÇÃO 4X2, POTÊNCIA LÍQ. 79 HP, CAÇAMBA CARREG. CAP. MÍN. 1 M3, CAÇAMBA RETRO CAP. 0,20 M3, PESO OPERACIONAL MÍN. 6.570 KG, PROFUNDIDADE ESCAVAÇÃO MÁX. 4,37 M - CHI DIURNO. AF_06/2014","CHI","36,29"]
[5685,"ROLO COMPACTADOR VIBRATÓRIO DE UM CILINDRO AÇO LISO, POTÊNCIA 80 HP, PESO OPERACIONAL MÁXIMO 8,1 T, IMPACTO DINÂMICO 16,15 / 9,5 T, LARGURA DE TRABALHO 1,68 M - CHI DIURNO. AF_06/2014","CHI","36,65"]
[5690,"GRADE DE DISCO CONTROLE REMOTO REBOCÁVEL, COM 24 DISCOS 24” X 6 MM COM PNEUS PARA TRANSPORTE - CHI DIURNO. AF_06/2014","CHI","1,96"]
[5806,"MOTOBOMBA CENTRÍFUGA, MOTOR A GASOLINA, POTÊNCIA 5,42 HP, BOCAIS 1 1/2\" X 1\", DIÂMETRO ROTOR 143 MM HM/Q = 6 MCA / 16,8 M3/H A 38 MCA / 6,6 M3/H - CHI DIURNO. AF_06/2014","CHI","0,18"]
[5826,"CAMINHÃO TOCO, PBT 16.000 KG, CARGA ÚTIL MÁX. 10.685 KG, DIST. ENTRE EIXOS 4,8 M, POTÊNCIA 189 CV, INCLUSIVE CARROCERIA FIXA ABERTA DE MADEIRA P/ TRANSPORTE GERAL DE CARGA SECA, DIMEN. APROX. 2,5 X 7,00 X 0,50 M - CHI DIURNO. AF_06/2014","CHI","26,56"]
[5829,"USINA DE CONCRETO FIXA, CAPACIDADE NOMINAL DE 90 A 120 M3/H, SEM SILO - CHI DIURNO. AF_07/2016","CHI","112,59"]
[5837,"VIBROACABADORA DE ASFALTO SOBRE ESTEIRAS, LARGURA DE PAVIMENTAÇÃO 1,90 M A 5,30 M, POTÊNCIA 105 HP CAPACIDADE 450 T/H - CHI DIURNO. AF_11/2014","CHI","89,51"]
[5841,"VASSOURA MECÂNICA REBOCÁVEL COM ESCOVA CILÍNDRICA, LARGURA ÚTIL DE VARRIMENTO DE 2,44 M - CHI DIURNO. AF_06/2014","CHI","2,25"]
[5845,"TRATOR DE PNEUS, POTÊNCIA 122 CV, TRAÇÃO 4X4, PESO COM LASTRO DE 4.510 KG - CHI DIURNO. AF_06/2014","CHI","32,67"]
[5849,"TRATOR DE ESTEIRAS, POTÊNCIA 170 HP, PESO OPERACIONAL 19 T, CAÇAMBA 5,2 M3 - CHI DIURNO. AF_06/2014","CHI","51,35"]
[5853,"TRATOR DE ESTEIRAS, POTÊNCIA 150 HP, PESO OPERACIONAL 16,7 T, COM RODA MOTRIZ ELEVADA E LÂMINA 3,18 M3 - CHI DIURNO. AF_06/2014","CHI","51,53"]
[5857,"TRATOR DE ESTEIRAS, POTÊNCIA 347 HP, PESO OPERACIONAL 38,5 T, COM LÂMINA 8,70 M3 - CHI DIURNO. AF_06/2014","CHI","119,73"]
[5865,"ROLO COMPACTADOR VIBRATÓRIO REBOCÁVEL, CILINDRO DE AÇO LISO, POTÊNCIA DE TRAÇÃO DE 65 CV, PESO 4,7 T, IMPACTO DINÂMICO 18,3 T, LARGURA DE TRABALHO 1,67 M - CHI DIURNO. AF_02/2016","CHI","5,59"]
[5869,"ROLO COMPACTADOR VIBRATÓRIO TANDEM AÇO LISO, POTÊNCIA 58 HP, PESO SEM/COM LASTRO 6,5 / 9,4 T, LARGURA DE TRABALHO 1,2 M - CHI DIURNO. AF_06/2014","CHI","40,88"]
[5877,"RETROESCAVADEIRA SOBRE RODAS COM CARREGADEIRA, TRAÇÃO 4X4, POTÊNCIA LÍQ. 72 HP, CAÇAMBA CARREG. CAP. MÍN. 0,79 M3, CAÇAMBA RETRO CAP. 0,18 M3, PESO OPERACIONAL MÍN. 7.140 KG, PROFUNDIDADE ESCAVAÇÃO MÁX. 4,50 M - CHI DIURNO. AF_06/2014","CHI","37,64"]
[5881,"ROLO COMPACTADOR VIBRATÓRIO PÉ DE CARNEIRO, OPERADO POR CONTROLE REMOTO, POTÊNCIA 12,5 KW, PESO OPERACIONAL 1,675 T, LARGURA DE TRABALHO 0,85 M - CHI DIURNO. AF_02/2016","CHI","43,45"]
[5884,"USINA DE LAMA ASFÁLTICA, PROD 30 A 50 T/H, SILO DE AGREGADO 7 M3, RESERVATÓRIOS PARA EMULSÃO E ÁGUA DE 2,3 M3 CADA, MISTURADOR TIPO PUG MILL A SER MONTADO SOBRE CAMINHÃO - CHI DIURNO. AF_10/2014","CHI","32,22"]
[5892,"CAMINHÃO TOCO, PESO BRUTO TOTAL 14.300 KG, CARGA ÚTIL MÁXIMA 9590 KG, DISTÂNCIA ENTRE EIXOS 4,76 M, POTÊNCIA 185 CV (NÃO INCLUI CARROCERIA) - CHI DIURNO. AF_06/2014","CHI","27,73"]
[5896,"CAMINHÃO TOCO, PESO BRUTO TOTAL 16.000 KG, CARGA ÚTIL MÁXIMA DE 10.685 KG, DISTÂNCIA ENTRE EIXOS 4,80 M, POTÊNCIA 189 CV EXCLUSIVE CARROCERIA - CHI DIURNO. AF_06/2014","CHI","25,97"]
[5903,"CAMINHÃO PIPA 10.000 L TRUCADO, PESO BRUTO TOTAL 23.000 KG, CARGA ÚTIL MÁXIMA 15.935 KG, DISTÂNCIA ENTRE EIXOS 4,8 M, POTÊNCIA 230 CV, INCLUSIVE TANQUE DE AÇO PARA TRANSPORTE DE ÁGUA - CHI DIURNO. AF_06/2014","CHI","32,51"]
[5911,"ESPARGIDOR DE ASFALTO PRESSURIZADO COM TANQUE DE 2500 L, REBOCÁVEL COM MOTOR A GASOLINA POTÊNCIA 3,4 HP - CHI DIURNO. AF_07/2014","CHI","16,42"]
[5923,"GRADE DE DISCO REBOCÁVEL COM 20 DISCOS 24\" X 6 MM COM PNEUS PARA TRANSPORTE - CHI DIURNO. AF_06/2014","CHI","1,53"]
[5930,"GUINDAUTO HIDRÁULICO, CAPACIDADE MÁXIMA DE CARGA 6200 KG, MOMENTO MÁXIMO DE CARGA 11,7 TM, ALCANCE MÁXIMO HORIZONTAL 9,70 M, INCLUSIVE CAMINHÃO TOCO PBT 16.000 KG, POTÊNCIA DE 189 CV - CHI DIURNO. AF_06/2014","CHI","32,00"]
[5934,"MOTONIVELADORA POTÊNCIA BÁSICA LÍQUIDA (PRIMEIRA MARCHA) 125 HP, PESO BRUTO 13032 KG, LARGURA DA LÂMINA DE 3,7 M - CHI DIURNO. AF_06/2014","CHI","52,53"]
[5942,"PÁ CARREGADEIRA SOBRE RODAS, POTÊNCIA LÍQUIDA 128 HP, CAPACIDADE DA CAÇAMBA 1,7 A 2,8 M3, PESO OPERACIONAL 11632 KG - CHI DIURNO. AF_06/2014","CHI","47,80"]
[5946,"PÁ CARREGADEIRA SOBRE RODAS, POTÊNCIA 197 HP, CAPACIDADE DA CAÇAMBA 2,5 A 3,5 M3, PESO OPERACIONAL 18338 KG - CHI DIURNO. AF_06/2014","CHI","57,98"]
[5952,"MARTELETE OU ROMPEDOR PNEUMÁTICO MANUAL, 28 KG, COM SILENCIADOR - CHI DIURNO. AF_07/2016","CHI","19,13"]
[5954,"COMPRESSOR DE AR REBOCÁVEL, VAZÃO 189 PCM, PRESSÃO EFETIVA DE TRABALHO 102 PSI, MOTOR DIESEL, POTÊNCIA 63 CV - CHI DIURNO. AF_06/2015","CHI","2,42"]
[5961,"CAMINHÃO BASCULANTE 6 M3, PESO BRUTO TOTAL 16.000 KG, CARGA ÚTIL MÁXIMA 13.071 KG, DISTÂNCIA ENTRE EIXOS 4,80 M, POTÊNCIA 230 CV INCLUSIVE CAÇAMBA METÁLICA - CHI DIURNO. AF_06/2014","CHI","31,16"]
[6260,"CAMINHÃO PIPA 6.000 L, PESO BRUTO TOTAL 13.000 KG, DISTÂNCIA ENTRE EIXOS 4,80 M, POTÊNCIA 189 CV INCLUSIVE TANQUE DE AÇO PARA TRANSPORTE DE ÁGUA, CAPACIDADE 6 M3 - CHI DIURNO. AF_06/2014","CHI","28,97"]
[6880,"ROLO COMPACTADOR DE PNEUS ESTÁTICO, PRESSÃO VARIÁVEL, POTÊNCIA 111 HP, PESO SEM/COM LASTRO 9,5 / 26 T, LARGURA DE TRABALHO 1,90 M - CHI DIURNO. AF_07/2014","CHI","47,10"]
[7031,"TANQUE DE ASFALTO ESTACIONÁRIO COM SERPENTINA, CAPACIDADE 30.000 L - CHI DIURNO. AF_06/2014","CHI","3,36"]
[7043,"MOTOBOMBA TRASH (PARA ÁGUA SUJA) AUTO ESCORVANTE, MOTOR GASOLINA DE 6,41 HP, DIÂMETROS DE SUCÇÃO X RECALQUE: 3\" X 3\", HM/Q = 10 MCA / 60 M3/H A 23 MCA / 0 M3/H - CHI DIURNO. AF_10/2014","CHI","0,23"]
[7050,"ROLO COMPACTADOR PE DE CARNEIRO VIBRATORIO, POTENCIA 125 HP, PESO OPERACIONAL SEM/COM LASTRO 11,95 / 13,30 T, IMPACTO DINAMICO 38,5 / 22,5 T, LARGURA DE TRABALHO 2,15 M - CHI DIURNO. AF_06/2014","CHI","43,82"]
[67827,"CAMINHÃO BASCULANTE 6 M3 TOCO, PESO BRUTO TOTAL 16.000 KG, CARGA ÚTIL MÁXIMA 11.130 KG, DISTÂNCIA ENTRE EIXOS 5,36 M, POTÊNCIA 185 CV, INCLUSIVE CAÇAMBA METÁLICA - CHI DIURNO. AF_06/2014","CHI","30,44"]
[73395,"GRUPO GERADOR ESTACIONÁRIO, MOTOR DIESEL POTÊNCIA 170 KVA - CHI DIURNO. AF_02/2016","CHI","4,51"]
[83766,"GRUPO DE SOLDAGEM COM GERADOR A DIESEL 60 CV PARA SOLDA ELÉTRICA, SOBRE 04 RODAS, COM MOTOR 4 CILINDROS 600 A - CHI DIURNO. AF_02/2016","CHI","29,13"]
[84013,"ESCAVADEIRA HIDRÁULICA SOBRE ESTEIRAS, CAÇAMBA 0,80 M3, PESO OPERACIONAL 17,8 T, POTÊNCIA LÍQUIDA 110 HP - CHI DIURNO. AF_10/2014","CHI","47,26"]
[87446,"BETONEIRA CAPACIDADE NOMINAL 400 L, CAPACIDADE DE MISTURA 310 L, MOTOR A DIESEL POTÊNCIA 5,0 HP, SEM CARREGADOR - CHI DIURNO. AF_06/2014","CHI","0,43"]
[88392,"MISTURADOR DE ARGAMASSA, EIXO HORIZONTAL, CAPACIDADE DE MISTURA 300 KG, MOTOR ELÉTRICO POTÊNCIA 5 CV - CHI DIURNO. AF_06/2014","CHI","0,84"]
[88398,"MISTURADOR DE ARGAMASSA, EIXO HORIZONTAL, CAPACIDADE DE MISTURA 600 KG, MOTOR ELÉTRICO POTÊNCIA 7,5 CV - CHI DIURNO. AF_06/2014","CHI","1,00"]
[88404,"MISTURADOR DE ARGAMASSA, EIXO HORIZONTAL, CAPACIDADE DE MISTURA 160 KG, MOTOR ELÉTRICO POTÊNCIA 3 CV - CHI DIURNO. AF_06/2014","CHI","0,79"]
[88430,"PROJETOR DE ARGAMASSA, CAPACIDADE DE PROJEÇÃO 1,5 M3/H, ALCANCE DE 30 ATÉ 60 M, MOTOR ELÉTRICO POTÊNCIA 7,5 HP - CHI DIURNO. AF_06/2014","CHI","5,22"]
[88438,"PROJETOR DE ARGAMASSA, CAPACIDADE DE PROJEÇÃO 2 M3/H, ALCANCE ATÉ 50 M, MOTOR ELÉTRICO POTÊNCIA 7,5 HP - CHI DIURNO. AF_06/2014","CHI","6,92"]
[88831,"BETONEIRA CAPACIDADE NOMINAL DE 400 L, CAPACIDADE DE MISTURA 280 L, MOTOR ELÉTRICO TRIFÁSICO POTÊNCIA DE 2 CV, SEM CARREGADOR - CHI DIURNO. AF_10/2014","CHI","0,31"]
[88844,"TRATOR DE ESTEIRAS, POTÊNCIA 125 HP, PESO OPERACIONAL 12,9 T, COM LÂMINA 2,7 M3 - CHI DIURNO. AF_10/2014","CHI","45,75"]
[88908,"ESCAVADEIRA HIDRÁULICA SOBRE ESTEIRAS, CAÇAMBA 1,20 M3, PESO OPERACIONAL 21 T, POTÊNCIA BRUTA 155 HP - CHI DIURNO. AF_06/2014","CHI","51,72"]
[89022,"BOMBA SUBMERSÍVEL ELÉTRICA TRIFÁSICA, POTÊNCIA 2,96 HP, Ø ROTOR 144 MM SEMI-ABERTO, BOCAL DE SAÍDA Ø 2”, HM/Q = 2 MCA / 38,8 M3/H A 28 MCA / 5 M3/H - CHI DIURNO. AF_06/2014","CHI","0,29"]
[89027,"TANQUE DE ASFALTO ESTACIONÁRIO COM MAÇARICO, CAPACIDADE 20.000 L - CHI DIURNO. AF_06/2014","CHI","2,73"]
[89031,"TRATOR DE ESTEIRAS, POTÊNCIA 100 HP, PESO OPERACIONAL 9,4 T, COM LÂMINA 2,19 M3 - CHI DIURNO. AF_06/2014","CHI","44,68"]
[89036,"TRATOR DE PNEUS, POTÊNCIA 85 CV, TRAÇÃO 4X4, PESO COM LASTRO DE 4.675 KG - CHI DIURNO. AF_06/2014","CHI","29,70"]
[89218,"BATE-ESTACAS POR GRAVIDADE, POTÊNCIA DE 160 HP, PESO DO MARTELO ATÉ 3 TONELADAS - CHI DIURNO. AF_11/2014","CHI","64,19"]
[89226,"BETONEIRA CAPACIDADE NOMINAL DE 600 L, CAPACIDADE DE MISTURA 360 L, MOTOR ELÉTRICO TRIFÁSICO POTÊNCIA DE 4 CV, SEM CARREGADOR - CHI DIURNO. AF_11/2014","CHI","1,29"]
[89235,"FRESADORA DE ASFALTO A FRIO SOBRE RODAS, LARGURA FRESAGEM DE 1,0 M, POTÊNCIA 208 HP - CHI DIURNO. AF_11/2014","CHI","113,97"]
[89243,"FRESADORA DE ASFALTO A FRIO SOBRE RODAS, LARGURA FRESAGEM DE 2,0 M, POTÊNCIA 550 HP - CHI DIURNO. AF_11/2014","CHI","239,93"]
[89251,"RECICLADORA DE ASFALTO A FRIO SOBRE RODAS, LARGURA FRESAGEM DE 2,0 M, POTÊNCIA 422 HP - CHI DIURNO. AF_11/2014","CHI","211,06"]
[89258,"VIBROACABADORA DE ASFALTO SOBRE ESTEIRAS, LARGURA DE PAVIMENTAÇÃO 2,13 M A 4,55 M, POTÊNCIA 100 HP, CAPACIDADE 400 T/H - CHI DIURNO. AF_11/2014","CHI","76,90"]
[89273,"GUINDASTE HIDRÁULICO AUTOPROPELIDO, COM LANÇA TELESCÓPICA 28,80 M, CAPACIDADE MÁXIMA 30 T, POTÊNCIA 97 KW, TRAÇÃO 4 X 4 - CHI DIURNO. AF_11/2014","CHI","57,65"]
[89279,"BETONEIRA CAPACIDADE NOMINAL DE 600 L, CAPACIDADE DE MISTURA 440 L, MOTOR A DIESEL POTÊNCIA 10 HP, COM CARREGADOR - CHI DIURNO. AF_11/2014","CHI","1,58"]
[89877,"CAMINHÃO BASCULANTE 14 M3, COM CAVALO MECÂNICO DE CAPACIDADE MÁXIMA DE TRAÇÃO COMBINADO DE 36000 KG, POTÊNCIA 286 CV, INCLUSIVE SEMIREBOQUE COM CAÇAMBA METÁLICA - CHI DIURNO. AF_12/2014","CHI","34,66"]
[89884,"CAMINHÃO BASCULANTE 18 M3, COM CAVALO MECÂNICO DE CAPACIDADE MÁXIMA DE TRAÇÃO COMBINADO DE 45000 KG, POTÊNCIA 330 CV, INCLUSIVE SEMIREBOQUE COM CAÇAMBA METÁLICA - CHI DIURNO. AF_12/2014","CHI","35,70"]
[90587,"VIBRADOR DE IMERSÃO, DIÂMETRO DE PONTEIRA 45MM, MOTOR ELÉTRICO TRIFÁSICO POTÊNCIA DE 2 CV - CHI DIURNO. AF_06/2015","CHI","0,33"]
[90626,"PERFURATRIZ MANUAL, TORQUE MÁXIMO 83 N.M, POTÊNCIA 5 CV, COM DIÂMETRO MÁXIMO 4\" - CHI DIURNO. AF_06/2015","CHI","1,38"]
[90632,"PERFURATRIZ SOBRE ESTEIRA, TORQUE MÁXIMO 600 KGF, PESO MÉDIO 1000 KG, POTÊNCIA 20 HP, DIÂMETRO MÁXIMO 10\" - CHI DIURNO. AF_06/2015","CHI","48,34"]
[90638,"MISTURADOR DUPLO HORIZONTAL DE ALTA TURBULÊNCIA, CAPACIDADE / VOLUME 2 X 500 LITROS, MOTORES ELÉTRICOS MÍNIMO 5 CV CADA, PARA NATA CIMENTO, ARGAMASSA E OUTROS - CHI DIURNO. AF_06/2015","CHI","4,01"]
[90644,"BOMBA TRIPLEX, PARA INJEÇÃO DE NATA DE CIMENTO, VAZÃO MÁXIMA DE 100 LITROS/MINUTO, PRESSÃO MÁXIMA DE 70 BAR - CHI DIURNO. AF_06/2015","CHI","6,00"]
[90651,"BOMBA CENTRÍFUGA MONOESTÁGIO COM MOTOR ELÉTRICO MONOFÁSICO, POTÊNCIA 15 HP, DIÂMETRO DO ROTOR 173 MM, HM/Q = 30 MCA / 90 M3/H A 45 MCA / 55 M3/H - CHI DIURNO. AF_06/2015","CHI","0,66"]
[90657,"BOMBA DE PROJEÇÃO DE CONCRETO SECO, POTÊNCIA 10 CV, VAZÃO 3 M3/H - CHI DIURNO. AF_06/2015","CHI","3,90"]
[90663,"BOMBA DE PROJEÇÃO DE CONCRETO SECO, POTÊNCIA 10 CV, VAZÃO 6 M3/H - CHI DIURNO. AF_06/2015","CHI","4,18"]
[90669,"PROJETOR PNEUMÁTICO DE ARGAMASSA PARA CHAPISCO E REBOCO COM RECIPIENTE ACOPLADO, TIPO CANEQUINHA, COM COMPRESSOR DE AR REBOCÁVEL VAZÃO 89 PCM E MOTOR DIESEL DE 20 CV - CHI DIURNO. AF_06/2015","CHI","3,80"]
[90675,"PERFURATRIZ COM TORRE METÁLICA PARA EXECUÇÃO DE ESTACA HÉLICE CONTÍNUA, PROFUNDIDADE MÁXIMA DE 30 M, DIÂMETRO MÁXIMO DE 800 MM, POTÊNCIA INSTALADA DE 268 HP, MESA ROTATIVA COM TORQUE MÁXIMO DE 170 KNM - CHI DIURNO. AF_06/2015","CHI","151,67"]
[90681,"PERFURATRIZ HIDRÁULICA SOBRE CAMINHÃO COM TRADO CURTO ACOPLADO, PROFUNDIDADE MÁXIMA DE 20 M, DIÂMETRO MÁXIMO DE 1500 MM, POTÊNCIA INSTALADA DE 137 HP, MESA ROTATIVA COM TORQUE MÁXIMO DE 30 KNM - CHI DIURNO. AF_06/2015","CHI","90,84"]
[90687,"MANIPULADOR TELESCÓPICO, POTÊNCIA DE 85 HP, CAPACIDADE DE CARGA DE 3.500 KG, ALTURA MÁXIMA DE ELEVAÇÃO DE 12,3 M - CHI DIURNO. AF_06/2015","CHI","50,07"]
[90693,"MINICARREGADEIRA SOBRE RODAS, POTÊNCIA LÍQUIDA DE 47 HP, CAPACIDADE NOMINAL DE OPERAÇÃO DE 646 KG - CHI DIURNO. AF_06/2015","CHI","37,69"]
[90965,"COMPRESSOR DE AR REBOCÁVEL, VAZÃO 89 PCM, PRESSÃO EFETIVA DE TRABALHO 102 PSI, MOTOR DIESEL, POTÊNCIA 20 CV - CHI DIURNO. AF_06/2015","CHI","3,23"]
[90973,"COMPRESSOR DE AR REBOCAVEL, VAZÃO 250 PCM, PRESSAO DE TRABALHO 102 PSI, MOTOR A DIESEL POTÊNCIA 81 CV - CHI DIURNO. AF_06/2015","CHI","3,24"]
[90982,"COMPRESSOR DE AR REBOCÁVEL, VAZÃO 748 PCM, PRESSÃO EFETIVA DE TRABALHO 102 PSI, MOTOR DIESEL, POTÊNCIA 210 CV - CHI DIURNO. AF_06/2015","CHI","8,25"]
[91001,"COMPRESSOR DE AR REBOCAVEL, VAZÃO 400 PCM, PRESSAO DE TRABALHO 102 PSI, MOTOR A DIESEL POTÊNCIA 110 CV - CHI DIURNO. AF_06/2015","CHI","3,85"]
[91032,"CAMINHÃO TRUCADO (C/ TERCEIRO EIXO) ELETRÔNICO - POTÊNCIA 231CV - PBT = 22000KG - DIST. ENTRE EIXOS 5170 MM - INCLUI CARROCERIA FIXA ABERTA DE MADEIRA - CHI DIURNO. AF_06/2015","CHI","30,77"]
[91278,"PLACA VIBRATÓRIA REVERSÍVEL COM MOTOR 4 TEMPOS A GASOLINA, FORÇA CENTRÍFUGA DE 25 KN (2500 KGF), POTÊNCIA 5,5 CV - CHI DIURNO. AF_08/2015","CHI","0,56"]
[91285,"CORTADORA DE PISO COM MOTOR 4 TEMPOS A GASOLINA, POTÊNCIA DE 13 HP, COM DISCO DE CORTE DIAMANTADO SEGMENTADO PARA CONCRETO, DIÂMETRO DE 350 MM, FURO DE 1\" (14 X 1\") - CHI DIURNO. AF_08/2015","CHI","0,68"]
[91387,"CAMINHÃO BASCULANTE 10 M3, TRUCADO CABINE SIMPLES, PESO BRUTO TOTAL 23.000 KG, CARGA ÚTIL MÁXIMA 15.935 KG, DISTÂNCIA ENTRE EIXOS 4,80 M, POTÊNCIA 230 CV INCLUSIVE CAÇAMBA METÁLICA - CHI DIURNO. AF_06/2014","CHI","33,07"]
[91395,"CAMINHÃO TOCO, PBT 14.300 KG, CARGA ÚTIL MÁX. 9.710 KG, DIST. ENTRE EIXOS 3,56 M, POTÊNCIA 185 CV, INCLUSIVE CARROCERIA FIXA ABERTA DE MADEIRA P/ TRANSPORTE GERAL DE CARGA SECA, DIMEN. APROX. 2,50 X 6,50 X 0,50 M - CHI DIURNO. AF_06/2014","CHI","28,47"]
[91486,"ESPARGIDOR DE ASFALTO PRESSURIZADO, TANQUE 6 M3 COM ISOLAÇÃO TÉRMICA, AQUECIDO COM 2 MAÇARICOS, COM BARRA ESPARGIDORA 3,60 M, MONTADO SOBRE CAMINHÃO  TOCO, PBT 14.300 KG, POTÊNCIA 185 CV - CHI DIURNO. AF_08/2015","CHI","33,68"]
[91534,"COMPACTADOR DE SOLOS DE PERCUSSÃO (SOQUETE) COM MOTOR A GASOLINA 4 TEMPOS, POTÊNCIA 4 CV - CHI DIURNO. AF_08/2015","CHI","20,40"]
[91635,"GUINDAUTO HIDRÁULICO, CAPACIDADE MÁXIMA DE CARGA 6500 KG, MOMENTO MÁXIMO DE CARGA 5,8 TM, ALCANCE MÁXIMO HORIZONTAL 7,60 M, INCLUSIVE CAMINHÃO TOCO PBT 9.700 KG, POTÊNCIA DE 160 CV - CHI DIURNO. AF_08/2015","CHI","30,87"]
[91646,"CAMINHÃO DE TRANSPORTE DE MATERIAL ASFÁLTICO 30.000 L, COM CAVALO MECÂNICO DE CAPACIDADE MÁXIMA DE TRAÇÃO COMBINADO DE 66.000 KG, POTÊNCIA 360 CV, INCLUSIVE TANQUE DE ASFALTO COM SERPENTINA - CHI DIURNO. AF_08/2015","CHI","41,98"]
[91693,"SERRA CIRCULAR DE BANCADA COM MOTOR ELÉTRICO POTÊNCIA DE 5HP, COM COIFA PARA DISCO 10\" - CHI DIURNO. AF_08/2015","CHI","19,63"]
[92044,"DISTRIBUIDOR DE AGREGADOS REBOCAVEL, CAPACIDADE 1,9 M³, LARGURA DE TRABALHO 3,66 M - CHI DIURNO. AF_11/2015","CHI","4,58"]
[92107,"CAMINHÃO PARA EQUIPAMENTO DE LIMPEZA A SUCÇÃO COM CAMINHÃO TRUCADO DE PESO BRUTO TOTAL 23000 KG, CARGA ÚTIL MÁXIMA 15935 KG, DISTÂNCIA ENTRE EIXOS 4,80 M, POTÊNCIA 230 CV, INCLUSIVE LIMPADORA A SUCÇÃO, TANQUE 12000 L - CHI DIURNO. AF_11/2015","CHI","34,40"]
[92113,"PENEIRA ROTATIVA COM MOTOR ELÉTRICO TRIFÁSICO DE 2 CV, CILINDRO DE 1 M X 0,60 M, COM FUROS DE 3,17 MM - CHI DIURNO. AF_11/2015","CHI","0,93"]
[92119,"DOSADOR DE AREIA, CAPACIDADE DE 26 LITROS - CHI DIURNO. AF_11/2015","CHI","0,09"]
[92139,"CAMINHONETE COM MOTOR A DIESEL, POTÊNCIA 180 CV, CABINE DUPLA, 4X4 - CHI DIURNO. AF_11/2015","CHI","26,60"]
[92146,"CAMINHONETE CABINE SIMPLES COM MOTOR 1.6 FLEX, CÂMBIO MANUAL, POTÊNCIA 101/104 CV, 2 PORTAS - CHI DIURNO. AF_11/2015","CHI","20,04"]
[92243,"CAMINHÃO DE TRANSPORTE DE MATERIAL ASFÁLTICO 20.000 L, COM CAVALO MECÂNICO DE CAPACIDADE MÁXIMA DE TRAÇÃO COMBINADO DE 45.000 KG, POTÊNCIA 330 CV, INCLUSIVE TANQUE DE ASFALTO COM MAÇARICO - CHI DIURNO. AF_12/2015","CHI","36,37"]
[92717,"APARELHO PARA CORTE E SOLDA OXI-ACETILENO SOBRE RODAS, INCLUSIVE CILINDROS E MAÇARICOS - CHI DIURNO. AF_12/2015","CHI","0,17"]
[92961,"MÁQUINA EXTRUSORA DE CONCRETO PARA GUIAS E SARJETAS, MOTOR A DIESEL, POTÊNCIA 14 CV - CHI DIURNO. AF_12/2015","CHI","6,13"]
[92967,"MARTELO PERFURADOR PNEUMÁTICO MANUAL, HASTE 25 X 75 MM, 21 KG - CHI DIURNO. AF_12/2015","CHI","19,15"]
[93225,"PERFURATRIZ COM TORRE METÁLICA PARA EXECUÇÃO DE ESTACA HÉLICE CONTÍNUA, PROFUNDIDADE MÁXIMA DE 32 M, DIÂMETRO MÁXIMO DE 1000 MM, POTÊNCIA INSTALADA DE 350 HP, MESA ROTATIVA COM TORQUE MÁXIMO DE 263 KNM - CHI DIURNO. AF_01/2016","CHI","224,99"]
[93234,"BETONEIRA CAPACIDADE NOMINAL 400 L, CAPACIDADE DE MISTURA 310 L, MOTOR A GASOLINA POTÊNCIA 5,5 HP, SEM CARREGADOR - CHI DIURNO. AF_02/2016","CHI","0,39"]
[93244,"ROLO COMPACTADOR VIBRATÓRIO PÉ DE CARNEIRO PARA SOLOS, POTÊNCIA 80 HP, PESO OPERACIONAL SEM/COM LASTRO 7,4 / 8,8 T, LARGURA DE TRABALHO 1,68 M - CHI DIURNO. AF_02/2016","CHI","37,38"]
[93274,"GRUA ASCENSIONAL, LANÇA DE 30 M, CAPACIDADE DE 1,0 T A 30 M, ALTURA ATÉ 39 M - CHI DIURNO. AF_03/2016","CHI","49,59"]
[93282,"GUINCHO ELÉTRICO DE COLUNA, CAPACIDADE 400 KG, COM MOTO FREIO, MOTOR TRIFÁSICO DE 1,25 CV - CHI DIURNO. AF_03/2016","CHI","18,58"]
[93288,"GUINDASTE HIDRÁULICO AUTOPROPELIDO, COM LANÇA TELESCÓPICA 40 M, CAPACIDADE MÁXIMA 60 T, POTÊNCIA 260 KW - CHI DIURNO. AF_03/2016","CHI","93,72"]
[93403,"GUINDAUTO HIDRÁULICO, CAPACIDADE MÁXIMA DE CARGA 3300 KG, MOMENTO MÁXIMO DE CARGA 5,8 TM, ALCANCE MÁXIMO HORIZONTAL 7,60 M, INCLUSIVE CAMINHÃO TOCO PBT 16.000 KG, POTÊNCIA DE 189 CV - CHI DIURNO. AF_03/2016","CHI","30,87"]
[93409,"MÁQUINA JATO DE PRESSAO PORTÁTIL PARA JATEAMENTO, CONTROLE AUTOMATICO REMOTO, CAMARA DE 1 SAIDA, CAPACIDADE 280 L, DIAMETRO 670 MM, BICO DE JATO CURTO VENTURI DE 5/16”, MANGUEIRA DE 1” COM COMPRESSOR DE AR REBOCÁVEL VAZÃO 189 PCM E MOTOR DIESEL DE 63 CV- CHI DIURNO. AF_03/2016","CHI","30,80"]
[93416,"GERADOR PORTÁTIL MONOFÁSICO, POTÊNCIA 5500 VA, MOTOR A GASOLINA, POTÊNCIA DO MOTOR 13 CV - CHI DIURNO. AF_03/2016","CHI","0,21"]
[93422,"GRUPO GERADOR REBOCÁVEL, POTÊNCIA 66 KVA, MOTOR A DIESEL - CHI DIURNO. AF_03/2016","CHI","2,83"]
[93428,"GRUPO GERADOR ESTACIONÁRIO, POTÊNCIA 150 KVA, MOTOR A DIESEL- CHI DIURNO. AF_03/2016","CHI","4,01"]
[93434,"USINA DE MISTURA ASFÁLTICA À QUENTE, TIPO CONTRA FLUXO, PROD 40 A 80 TON/HORA - CHI DIURNO. AF_03/2016","CHI","156,93"]
[93440,"USINA DE ASFALTO À FRIO, CAPACIDADE DE 40 A 60 TON/HORA, ELÉTRICA POTÊNCIA 30 CV - CHI DIURNO. AF_03/2016","CHI","75,85"]
[95122,"USINA MISTURADORA DE SOLOS, CAPACIDADE DE 200 A 500 TON/H, POTENCIA 75KW - CHI DIURNO. AF_07/2016","CHI","115,32"]
[95128,"DISTRIBUIDOR DE AGREGADOS AUTOPROPELIDO, CAP 3 M3, A DIESEL, POTÊNCIA 176CV - CHI DIURNO. AF_07/2016","CHI","33,27"]
[95140,"TALHA MANUAL DE CORRENTE, CAPACIDADE DE 2 TON. COM ELEVAÇÃO DE 3 M - CHI DIURNO. AF_07/2016","CHI","0,05"]
[95213,"GRUA ASCENCIONAL, LANÇA DE 42 M, CAPACIDADE DE 1,5 T A 30 M, ALTURA ATÉ 39 M - CHI DIURNO. AF_08/2016","CHI","53,71"]
[95219,"PULVERIZADOR DE TINTA ELÉTRICO/MÁQUINA DE PINTURA AIRLESS, VAZÃO 2 L/MIN - CHI DIURNO. AF_08/2016","CHI","17,60"]
[95259,"MARTELO DEMOLIDOR PNEUMÁTICO MANUAL, 32 KG - CHI DIURNO. AF_09/2016","CHI","19,01"]
[95265,"COMPACTADOR DE SOLOS DE PERCUSÃO (SOQUETE) COM MOTOR A GASOLINA, POTÊNCIA 3 CV - CHI DIURNO. AF_09/2016","CHI","0,70"]
[95271,"RÉGUA VIBRATÓRIA DUPLA PARA CONCRETO, PESO DE 60KG, COMPRIMENTO 4 M, COM MOTOR A GASOLINA, POTÊNCIA 5,5 HP - CHI DIURNO. AF_09/2016","CHI","0,92"]
[95277,"POLIDORA DE PISO (POLITRIZ), PESO DE 100KG, DIÂMETRO 450 MM, MOTOR ELÉTRICO, POTÊNCIA 4 HP - CHI DIURNO. AF_09/2016","CHI","0,92"]
[95283,"DESEMPENADEIRA DE CONCRETO, PESO DE 75KG, 4 PÁS, MOTOR A GASOLINA, POTÊNCIA 5,5 HP - CHI DIURNO. AF_09/2016","CHI","1,00"]
[95621,"PERFURATRIZ PNEUMATICA MANUAL DE PESO MEDIO, MARTELETE, 18KG, COMPRIMENTO MÁXIMO DE CURSO DE 6 M, DIAMETRO DO PISTAO DE 5,5 CM - CHI DIURNO. AF_11/2016","CHI","18,84"]
[95632,"ROLO COMPACTADOR VIBRATORIO TANDEM, ACO LISO, POTENCIA 125 HP, PESO SEM/COM LASTRO 10,20/11,65 T, LARGURA DE TRABALHO 1,73 M - CHI DIURNO. AF_11/2016","CHI","45,85"]
[95703,"PERFURATRIZ MANUAL, TORQUE MAXIMO 55 KGF.M, POTENCIA 5 CV, COM DIAMETRO MAXIMO 8 1/2\" - CHI DIURNO. AF_11/2016","CHI","22,63"]
[95709,"PERFURATRIZ SOBRE ESTEIRA, TORQUE MÁXIMO 600 KGF, POTÊNCIA ENTRE 50 E 60 HP, DIÂMETRO MÁXIMO 10” - CHI DIURNO. AF_11/2016","CHI","47,15"]
[95715,"ESCAVADEIRA HIDRAULICA SOBRE ESTEIRA, COM GARRA GIRATORIA DE MANDIBULAS, PESO OPERACIONAL ENTRE 22,00 E 25,50 TON, POTENCIA LIQUIDA ENTRE 150 E 160 HP - CHI DIURNO. AF_11/2016","CHI","53,41"]
[95721,"ESCAVADEIRA HIDRAULICA SOBRE ESTEIRA, EQUIPADA COM CLAMSHELL, COM CAPACIDADE DA CAÇAMBA ENTRE 1,20 E 1,50 M3, PESO OPERACIONAL ENTRE 20,00 E 22,00 TON, POTENCIA LIQUIDA ENTRE 150 E 160 HP - CHI DIURNO. AF_11/2016","CHI","52,18"]
[95873,"GRUPO GERADOR COM CARENAGEM, MOTOR DIESEL POTÊNCIA STANDART ENTRE 250 E 260 KVA - CHI DIURNO. AF_12/2016","CHI","6,43"]
[96014,"TRATOR DE PNEUS COM POTÊNCIA DE 122 CV, TRAÇÃO 4X4, COM VASSOURA MECÂNICA ACOPLADA - CHI DIURNO. AF_02/2017","CHI","34,81"]
[96021,"TRATOR DE PNEUS COM POTÊNCIA DE 122 CV, TRAÇÃO 4X4, COM GRADE DE DISCOS ACOPLADA - CHI DIURNO. AF_02/2017","CHI","34,69"]
[96029,"TRATOR DE PNEUS COM POTÊNCIA DE 85 CV, TRAÇÃO 4X4, COM GRADE DE DISCOS ACOPLADA - CHI DIURNO. AF_02/2017","CHI","31,72"]
[96036,"CAMINHÃO BASCULANTE 10 M3, TRUCADO, POTÊNCIA 230 CV, INCLUSIVE CAÇAMBA METÁLICA, COM DISTRIBUIDOR DE AGREGADOS ACOPLADO - CHI DIURNO. AF_02/2017","CHI","36,08"]
[96155,"TRATOR DE PNEUS COM POTÊNCIA DE 85 CV, TRAÇÃO 4X4, COM VASSOURA MECÂNICA ACOPLADA - CHI DIURNO. AF_02/2017","CHI","31,84"]
[96156,"MINICARREGADEIRA SOBRE RODAS POTENCIA 47HP CAPACIDADE OPERACAO 646 KG, COM VASSOURA MECÂNICA ACOPLADA - CHI DIURNO. AF_03/2017","CHI","40,73"]
[96159,"MÁQUINA DEMARCADORA DE FAIXA DE TRÁFEGO À FRIO, AUTOPROPELIDA, POTÊNCIA 38 HP - CHI DIURNO. AF_07/2016","CHI","44,24"]
[96246,"MINIESCAVADEIRA SOBRE ESTEIRAS, POTENCIA LIQUIDA DE *30* HP, PESO OPERACIONAL DE *3.500* KG - CHI DIURNO. AF_04/2017","CHI","38,56"]
[96302,"PERFURATRIZ ROTATIVA SOBRE ESTEIRA, TORQUE MAXIMO 2500 KGM, POTENCIA 110 HP, MOTOR DIESEL - CHI DIURNO. AF_05/2017","CHI","62,63"]
[96308,"COMPRESSOR DE AR, VAZAO DE 10 PCM, RESERVATORIO 100 L, PRESSAO DE TRABALHO ENTRE 6,9 E 9,7 BAR  POTENCIA 2 HP, TENSAO 110/220 V – CHI DIURNO. AF_05/2017","CHI","0,11"]
[96464,"ROLO COMPACTADOR DE PNEUS, ESTATICO, PRESSAO VARIAVEL, POTENCIA 110 HP, PESO SEM/COM LASTRO 10,8/27 T, LARGURA DE ROLAGEM 2,30 M - CHI DIURNO. AF_06/2017","CHI","48,88"]
[98765,"INVERSOR DE SOLDA MONOFÁSICO DE 160 A, POTÊNCIA DE 5400 W, TENSÃO DE 220 V, PARA SOLDA COM ELETRODOS DE 2,0 A 4,0 MM E PROCESSO TIG - CHI DIURNO. AF_06/2018","CHI","0,06"]
[5089,"ROLO COMPACTADOR VIBRATÓRIO PÉ DE CARNEIRO PARA SOLOS, POTÊNCIA 80 HP, PESO OPERACIONAL SEM/COM LASTRO 7,4 / 8,8 T, LARGURA DE TRABALHO 1,68 M - MANUTENÇÃO. AF_02/2016","H","19,13"]
[5627,"ESCAVADEIRA HIDRÁULICA SOBRE ESTEIRAS, CAÇAMBA 0,80 M3, PESO OPERACIONAL 17 T, POTENCIA BRUTA 111 HP - DEPRECIAÇÃO. AF_06/2014","H","22,40"]
[5628,"ESCAVADEIRA HIDRÁULICA SOBRE ESTEIRAS, CAÇAMBA 0,80 M3, PESO OPERACIONAL 17 T, POTENCIA BRUTA 111 HP - JUROS. AF_06/2014","H","5,76"]
[5629,"ESCAVADEIRA HIDRÁULICA SOBRE ESTEIRAS, CAÇAMBA 0,80 M3, PESO OPERACIONAL 17 T, POTENCIA BRUTA 111 HP - MANUTENÇÃO. AF_06/2014","H","28,00"]
[5630,"ESCAVADEIRA HIDRÁULICA SOBRE ESTEIRAS, CAÇAMBA 0,80 M3, PESO OPERACIONAL 17 T, POTENCIA BRUTA 111 HP - MATERIAIS NA OPERAÇÃO. AF_06/2014","H","55,46"]
[5658,"GRADE DE DISCO CONTROLE REMOTO REBOCÁVEL, COM 24 DISCOS 24” X 6 MM COM PNEUS PARA TRANSPORTE - MANUTENÇÃO. AF_06/2014","H","1,07"]
[5664,"RETROESCAVADEIRA SOBRE RODAS COM CARREGADEIRA, TRAÇÃO 4X4, POTÊNCIA LÍQ. 88 HP, CAÇAMBA CARREG. CAP. MÍN. 1 M3, CAÇAMBA RETRO CAP. 0,26 M3, PESO OPERACIONAL MÍN. 6.674 KG, PROFUNDIDADE ESCAVAÇÃO MÁX. 4,37 M - MANUTENÇÃO. AF_06/2014","H","17,77"]
[5667,"RETROESCAVADEIRA SOBRE RODAS COM CARREGADEIRA, TRAÇÃO 4X2, POTÊNCIA LÍQ. 79 HP, CAÇAMBA CARREG. CAP. MÍN. 1 M3, CAÇAMBA RETRO CAP. 0,20 M3, PESO OPERACIONAL MÍN. 6.570 KG, PROFUNDIDADE ESCAVAÇÃO MÁX. 4,37 M - MANUTENÇÃO. AF_06/2014","H","15,81"]
[5668,"RETROESCAVADEIRA SOBRE RODAS COM CARREGADEIRA, TRAÇÃO 4X2, POTÊNCIA LÍQ. 79 HP, CAÇAMBA CARREG. CAP. MÍN. 1 M3, CAÇAMBA RETRO CAP. 0,20 M3, PESO OPERACIONAL MÍN. 6.570 KG, PROFUNDIDADE ESCAVAÇÃO MÁX. 4,37 M - MATERIAIS NA OPERAÇÃO. AF_06/2014","H","42,44"]
[5674,"ROLO COMPACTADOR VIBRATÓRIO DE UM CILINDRO AÇO LISO, POTÊNCIA 80 HP, PESO OPERACIONAL MÁXIMO 8,1 T, IMPACTO DINÂMICO 16,15 / 9,5 T, LARGURA DE TRABALHO 1,68 M - MANUTENÇÃO. AF_06/2014","H","18,40"]
[5692,"MOTOBOMBA CENTRÍFUGA, MOTOR A GASOLINA, POTÊNCIA 5,42 HP, BOCAIS 1 1/2\" X 1\", DIÂMETRO ROTOR 143 MM HM/Q = 6 MCA / 16,8 M3/H A 38 MCA / 6,6 M3/H - MANUTENÇÃO. AF_06/2014","H","0,16"]
[5693,"MOTOBOMBA CENTRÍFUGA, MOTOR A GASOLINA, POTÊNCIA 5,42 HP, BOCAIS 1 1/2\" X 1\", DIÂMETRO ROTOR 143 MM HM/Q = 6 MCA / 16,8 M3/H A 38 MCA / 6,6 M3/H - MATERIAIS NA OPERAÇÃO. AF_06/2014","H","3,80"]
[5695,"CAMINHÃO BASCULANTE 6 M3, PESO BRUTO TOTAL 16.000 KG, CARGA ÚTIL MÁXIMA 13.071 KG, DISTÂNCIA ENTRE EIXOS 4,80 M, POTÊNCIA 230 CV INCLUSIVE CAÇAMBA METÁLICA - MANUTENÇÃO. AF_06/2014","H","20,17"]
[5703,"USINA DE CONCRETO FIXA, CAPACIDADE NOMINAL DE 90 A 120 M3/H, SEM SILO - MATERIAIS NA OPERAÇÃO. AF_07/2016","H","12,61"]
[5705,"CAMINHÃO TOCO, PBT 16.000 KG, CARGA ÚTIL MÁX. 10.685 KG, DIST. ENTRE EIXOS 4,8 M, POTÊNCIA 189 CV, INCLUSIVE CARROCERIA FIXA ABERTA DE MADEIRA P/ TRANSPORTE GERAL DE CARGA SECA, DIMEN. APROX. 2,5 X 7,00 X 0,50 M - MANUTENÇÃO. AF_06/2014","H","12,63"]
[5707,"USINA MISTURADORA DE SOLOS, CAPACIDADE DE 200 A 500 TON/H, POTENCIA 75KW - MANUTENÇÃO. AF_07/2016","H","41,26"]
[5710,"VIBROACABADORA DE ASFALTO SOBRE ESTEIRAS, LARGURA DE PAVIMENTAÇÃO 1,90 M A 5,30 M, POTÊNCIA 105 HP CAPACIDADE 450 T/H - MANUTENÇÃO. AF_11/2014","H","83,59"]
[5711,"VIBROACABADORA DE ASFALTO SOBRE ESTEIRAS, LARGURA DE PAVIMENTAÇÃO 1,90 M A 5,30 M, POTÊNCIA 105 HP CAPACIDADE 450 T/H - MATERIAIS NA OPERAÇÃO. AF_11/2014","H","52,45"]
[5714,"TRATOR DE PNEUS, POTÊNCIA 85 CV, TRAÇÃO 4X4, PESO COM LASTRO DE 4.675 KG - MANUTENÇÃO. AF_06/2014","H","7,05"]
[5715,"TRATOR DE PNEUS, POTÊNCIA 85 CV, TRAÇÃO 4X4, PESO COM LASTRO DE 4.675 KG - MATERIAIS NA OPERAÇÃO. AF_06/2014","H","41,88"]
[5718,"TRATOR DE ESTEIRAS, POTÊNCIA 170 HP, PESO OPERACIONAL 19 T, CAÇAMBA 5,2 M3 - MATERIAIS NA OPERAÇÃO. AF_06/2014","H","84,92"]
[5721,"TRATOR DE ESTEIRAS, POTÊNCIA 150 HP, PESO OPERACIONAL 16,7 T, COM RODA MOTRIZ ELEVADA E LÂMINA 3,18 M3 - MATERIAIS NA OPERAÇÃO. AF_06/2014","H","74,92"]
[5722,"TRATOR DE ESTEIRAS, POTÊNCIA 347 HP, PESO OPERACIONAL 38,5 T, COM LÂMINA 8,70 M3 - MATERIAIS NA OPERAÇÃO. AF_06/2014","H","173,35"]
[5724,"TRATOR DE ESTEIRAS, POTÊNCIA 100 HP, PESO OPERACIONAL 9,4 T, COM LÂMINA 2,19 M3 - MANUTENÇÃO. AF_06/2014","H","28,94"]
[5727,"ROLO COMPACTADOR VIBRATÓRIO REBOCÁVEL, CILINDRO DE AÇO LISO, POTÊNCIA DE TRAÇÃO DE 65 CV, PESO 4,7 T, IMPACTO DINÂMICO 18,3 T, LARGURA DE TRABALHO 1,67 M - MANUTENÇÃO. AF_02/2016","H","5,55"]
[5729,"ROLO COMPACTADOR VIBRATÓRIO TANDEM AÇO LISO, POTÊNCIA 58 HP, PESO SEM/COM LASTRO 6,5 / 9,4 T, LARGURA DE TRABALHO 1,2 M - MANUTENÇÃO. AF_06/2014","H","22,59"]
[5730,"ROLO COMPACTADOR VIBRATÓRIO TANDEM AÇO LISO, POTÊNCIA 58 HP, PESO SEM/COM LASTRO 6,5 / 9,4 T, LARGURA DE TRABALHO 1,2 M - MATERIAIS NA OPERAÇÃO. AF_06/2014","H","28,97"]
[5735,"RETROESCAVADEIRA SOBRE RODAS COM CARREGADEIRA, TRAÇÃO 4X4, POTÊNCIA LÍQ. 72 HP, CAÇAMBA CARREG. CAP. MÍN. 0,79 M3, CAÇAMBA RETRO CAP. 0,18 M3, PESO OPERACIONAL MÍN. 7.140 KG, PROFUNDIDADE ESCAVAÇÃO MÁX. 4,50 M - MANUTENÇÃO. AF_06/2014","H","17,15"]
[5736,"RETROESCAVADEIRA SOBRE RODAS COM CARREGADEIRA, TRAÇÃO 4X4, POTÊNCIA LÍQ. 72 HP, CAÇAMBA CARREG. CAP. MÍN. 0,79 M3, CAÇAMBA RETRO CAP. 0,18 M3, PESO OPERACIONAL MÍN. 7.140 KG, PROFUNDIDADE ESCAVAÇÃO MÁX. 4,50 M - MATERIAIS NA OPERAÇÃO. AF_06/2014","H","38,94"]
[5738,"ROLO COMPACTADOR VIBRATÓRIO PÉ DE CARNEIRO, OPERADO POR CONTROLE REMOTO, POTÊNCIA 12,5 KW, PESO OPERACIONAL 1,675 T, LARGURA DE TRABALHO 0,85 M - DEPRECIAÇÃO. AF_02/2016","H","20,09"]
[5739,"ROLO COMPACTADOR VIBRATÓRIO PÉ DE CARNEIRO, OPERADO POR CONTROLE REMOTO, POTÊNCIA 12,5 KW, PESO OPERACIONAL 1,675 T, LARGURA DE TRABALHO 0,85 M - MANUTENÇÃO. AF_02/2016","H","25,14"]
[5741,"USINA DE LAMA ASFÁLTICA, PROD 30 A 50 T/H, SILO DE AGREGADO 7 M3, RESERVATÓRIOS PARA EMULSÃO E ÁGUA DE 2,3 M3 CADA, MISTURADOR TIPO PUG MILL A SER MONTADO SOBRE CAMINHÃO - MANUTENÇÃO. AF_10/2014","H","25,26"]
[5742,"USINA DE LAMA ASFÁLTICA, PROD 30 A 50 T/H, SILO DE AGREGADO 7 M3, RESERVATÓRIOS PARA EMULSÃO E ÁGUA DE 2,3 M3 CADA, MISTURADOR TIPO PUG MILL A SER MONTADO SOBRE CAMINHÃO - MATERIAIS NA OPERAÇÃO. AF_10/2014","H","16,25"]
[5747,"CAMINHÃO PIPA 6.000 L, PESO BRUTO TOTAL 13.000 KG, DISTÂNCIA ENTRE EIXOS 4,80 M, POTÊNCIA 189 CV INCLUSIVE TANQUE DE AÇO PARA TRANSPORTE DE ÁGUA, CAPACIDADE 6 M3 - MATERIAIS NA OPERAÇÃO. AF_06/2014","H","93,14"]
[5751,"CAMINHÃO TOCO, PESO BRUTO TOTAL 14.300 KG, CARGA ÚTIL MÁXIMA 9590 KG, DISTÂNCIA ENTRE EIXOS 4,76 M, POTÊNCIA 185 CV (NÃO INCLUI CARROCERIA) - MANUTENÇÃO. AF_06/2014","H","14,10"]
[5754,"CAMINHÃO TOCO, PESO BRUTO TOTAL 16.000 KG, CARGA ÚTIL MÁXIMA DE 10.685 KG, DISTÂNCIA ENTRE EIXOS 4,80 M, POTÊNCIA 189 CV EXCLUSIVE CARROCERIA - MANUTENÇÃO. AF_06/2014","H","11,87"]
[5763,"CAMINHÃO PIPA 10.000 L TRUCADO, PESO BRUTO TOTAL 23.000 KG, CARGA ÚTIL MÁXIMA 15.935 KG, DISTÂNCIA ENTRE EIXOS 4,8 M, POTÊNCIA 230 CV, INCLUSIVE TANQUE DE AÇO PARA TRANSPORTE DE ÁGUA - MANUTENÇÃO. AF_06/2014","H","20,16"]
[5765,"ESPARGIDOR DE ASFALTO PRESSURIZADO COM TANQUE DE 2500 L, REBOCÁVEL COM MOTOR A GASOLINA POTÊNCIA 3,4 HP - MANUTENÇÃO. AF_07/2014","H","1,78"]
[5766,"ESPARGIDOR DE ASFALTO PRESSURIZADO COM TANQUE DE 2500 L, REBOCÁVEL COM MOTOR A GASOLINA POTÊNCIA 3,4 HP - MATERIAIS NA OPERAÇÃO. AF_07/2014","H","2,39"]
[5779,"MOTONIVELADORA POTÊNCIA BÁSICA LÍQUIDA (PRIMEIRA MARCHA) 125 HP, PESO BRUTO 13032 KG, LARGURA DA LÂMINA DE 3,7 M - MANUTENÇÃO. AF_06/2014","H","35,87"]
[5787,"PÁ CARREGADEIRA SOBRE RODAS, POTÊNCIA 197 HP, CAPACIDADE DA CAÇAMBA 2,5 A 3,5 M3, PESO OPERACIONAL 18338 KG - MATERIAIS NA OPERAÇÃO. AF_06/2014","H","98,39"]
[5797,"COMPRESSOR DE AR REBOCÁVEL, VAZÃO 189 PCM, PRESSÃO EFETIVA DE TRABALHO 102 PSI, MOTOR DIESEL, POTÊNCIA 63 CV - MANUTENÇÃO. AF_06/2015","H","2,40"]
[5800,"BOMBA SUBMERSÍVEL ELÉTRICA TRIFÁSICA, POTÊNCIA 2,96 HP, Ø ROTOR 144 MM SEMI-ABERTO, BOCAL DE SAÍDA Ø 2”, HM/Q = 2 MCA / 38,8 M3/H A 28 MCA / 5 M3/H - MANUTENÇÃO. AF_06/2014","H","0,26"]
[7032,"TANQUE DE ASFALTO ESTACIONÁRIO COM SERPENTINA, CAPACIDADE 30.000 L - DEPRECIAÇÃO. AF_06/2014","H","2,40"]
[7033,"TANQUE DE ASFALTO ESTACIONÁRIO COM SERPENTINA, CAPACIDADE 30.000 L - JUROS. AF_06/2014","H","0,96"]
[7034,"TANQUE DE ASFALTO ESTACIONÁRIO COM SERPENTINA, CAPACIDADE 30.000 L - MANUTENÇÃO. AF_06/2014","H","4,50"]
[7035,"TANQUE DE ASFALTO ESTACIONÁRIO COM SERPENTINA, CAPACIDADE 30.000 L - MATERIAIS NA OPERAÇÃO. AF_06/2014","H","159,43"]
[7038,"ROLO COMPACTADOR DE PNEUS ESTÁTICO, PRESSÃO VARIÁVEL, POTÊNCIA 111 HP, PESO SEM/COM LASTRO 9,5 / 26 T, LARGURA DE TRABALHO 1,90 M - DEPRECIAÇÃO. AF_07/2014","H","22,98"]
[7039,"ROLO COMPACTADOR DE PNEUS ESTÁTICO, PRESSÃO VARIÁVEL, POTÊNCIA 111 HP, PESO SEM/COM LASTRO 9,5 / 26 T, LARGURA DE TRABALHO 1,90 M - JUROS. AF_07/2014","H","6,03"]
[7040,"ROLO COMPACTADOR DE PNEUS ESTÁTICO, PRESSÃO VARIÁVEL, POTÊNCIA 111 HP, PESO SEM/COM LASTRO 9,5 / 26 T, LARGURA DE TRABALHO 1,90 M - MANUTENÇÃO. AF_07/2014","H","28,76"]
[7044,"MOTOBOMBA TRASH (PARA ÁGUA SUJA) AUTO ESCORVANTE, MOTOR GASOLINA DE 6,41 HP, DIÂMETROS DE SUCÇÃO X RECALQUE: 3\" X 3\", HM/Q = 10 MCA / 60 M3/H A 23 MCA / 0 M3/H - DEPRECIAÇÃO. AF_10/2014","H","0,19"]
[7045,"MOTOBOMBA TRASH (PARA ÁGUA SUJA) AUTO ESCORVANTE, MOTOR GASOLINA DE 6,41 HP, DIÂMETROS DE SUCÇÃO X RECALQUE: 3\" X 3\", HM/Q = 10 MCA / 60 M3/H A 23 MCA / 0 M3/H - JUROS. AF_10/2014","H","0,04"]
[7046,"MOTOBOMBA TRASH (PARA ÁGUA SUJA) AUTO ESCORVANTE, MOTOR GASOLINA DE 6,41 HP, DIÂMETROS DE SUCÇÃO X RECALQUE: 3\" X 3\", HM/Q = 10 MCA / 60 M3/H A 23 MCA / 0 M3/H - MANUTENÇÃO. AF_10/2014","H","0,20"]
[7047,"MOTOBOMBA TRASH (PARA ÁGUA SUJA) AUTO ESCORVANTE, MOTOR GASOLINA DE 6,41 HP, DIÂMETROS DE SUCÇÃO X RECALQUE: 3\" X 3\", HM/Q = 10 MCA / 60 M3/H A 23 MCA / 0 M3/H - MATERIAIS NA OPERAÇÃO. AF_10/2014","H","4,51"]
[7051,"ROLO COMPACTADOR PE DE CARNEIRO VIBRATORIO, POTENCIA 125 HP, PESO OPERACIONAL SEM/COM LASTRO 11,95 / 13,30 T, IMPACTO DINAMICO 38,5 / 22,5 T, LARGURA DE TRABALHO 2,15 M - DEPRECIAÇÃO. AF_06/2014","H","20,38"]
[7052,"ROLO COMPACTADOR PE DE CARNEIRO VIBRATORIO, POTENCIA 125 HP, PESO OPERACIONAL SEM/COM LASTRO 11,95 / 13,30 T, IMPACTO DINAMICO 38,5 / 22,5 T, LARGURA DE TRABALHO 2,15 M - JUROS. AF_06/2014","H","5,35"]
[7053,"ROLO COMPACTADOR PE DE CARNEIRO VIBRATORIO, POTENCIA 125 HP, PESO OPERACIONAL SEM/COM LASTRO 11,95 / 13,30 T, IMPACTO DINAMICO 38,5 / 22,5 T, LARGURA DE TRABALHO 2,15 M - MANUTENÇÃO. AF_06/2014","H","25,51"]
[7054,"ROLO COMPACTADOR PE DE CARNEIRO VIBRATORIO, POTENCIA 125 HP, PESO OPERACIONAL SEM/COM LASTRO 11,95 / 13,30 T, IMPACTO DINAMICO 38,5 / 22,5 T, LARGURA DE TRABALHO 2,15 M - MATERIAIS NA OPERAÇÃO. AF_06/2014","H","62,45"]
[7058,"CAMINHÃO BASCULANTE 6 M3 TOCO, PESO BRUTO TOTAL 16.000 KG, CARGA ÚTIL MÁXIMA 11.130 KG, DISTÂNCIA ENTRE EIXOS 5,36 M, POTÊNCIA 185 CV, INCLUSIVE CAÇAMBA METÁLICA - DEPRECIAÇÃO. AF_06/2014","H","10,26"]
[7059,"CAMINHÃO BASCULANTE 6 M3 TOCO, PESO BRUTO TOTAL 16.000 KG, CARGA ÚTIL MÁXIMA 11.130 KG, DISTÂNCIA ENTRE EIXOS 5,36 M, POTÊNCIA 185 CV, INCLUSIVE CAÇAMBA METÁLICA - JUROS. AF_06/2014","H","3,58"]
[7060,"CAMINHÃO BASCULANTE 6 M3 TOCO, PESO BRUTO TOTAL 16.000 KG, CARGA ÚTIL MÁXIMA 11.130 KG, DISTÂNCIA ENTRE EIXOS 5,36 M, POTÊNCIA 185 CV, INCLUSIVE CAÇAMBA METÁLICA - MANUTENÇÃO. AF_06/2014","H","19,23"]
[7061,"CAMINHÃO BASCULANTE 6 M3 TOCO, PESO BRUTO TOTAL 16.000 KG, CARGA ÚTIL MÁXIMA 11.130 KG, DISTÂNCIA ENTRE EIXOS 5,36 M, POTÊNCIA 185 CV, INCLUSIVE CAÇAMBA METÁLICA - MATERIAIS NA OPERAÇÃO. AF_06/2014","H","91,17"]
[7063,"TRATOR DE PNEUS, POTÊNCIA 122 CV, TRAÇÃO 4X4, PESO COM LASTRO DE 4.510 KG - DEPRECIAÇÃO. AF_06/2014","H","8,79"]
[7064,"TRATOR DE PNEUS, POTÊNCIA 122 CV, TRAÇÃO 4X4, PESO COM LASTRO DE 4.510 KG - JUROS. AF_06/2014","H","2,31"]
[7065,"TRATOR DE PNEUS, POTÊNCIA 122 CV, TRAÇÃO 4X4, PESO COM LASTRO DE 4.510 KG - MANUTENÇÃO. AF_06/2014","H","9,62"]
[7066,"TRATOR DE PNEUS, POTÊNCIA 122 CV, TRAÇÃO 4X4, PESO COM LASTRO DE 4.510 KG - MATERIAIS NA OPERAÇÃO. AF_06/2014","H","60,11"]
[53786,"RETROESCAVADEIRA SOBRE RODAS COM CARREGADEIRA, TRAÇÃO 4X4, POTÊNCIA LÍQ. 88 HP, CAÇAMBA CARREG. CAP. MÍN. 1 M3, CAÇAMBA RETRO CAP. 0,26 M3, PESO OPERACIONAL MÍN. 6.674 KG, PROFUNDIDADE ESCAVAÇÃO MÁX. 4,37 M - MATERIAIS NA OPERAÇÃO. AF_06/2014","H","45,94"]
[53788,"ROLO COMPACTADOR VIBRATÓRIO DE UM CILINDRO AÇO LISO, POTÊNCIA 80 HP, PESO OPERACIONAL MÁXIMO 8,1 T, IMPACTO DINÂMICO 16,15 / 9,5 T, LARGURA DE TRABALHO 1,68 M - MATERIAIS NA OPERAÇÃO. AF_06/2014","H","39,95"]
[53792,"CAMINHÃO BASCULANTE 6 M3, PESO BRUTO TOTAL 16.000 KG, CARGA ÚTIL MÁXIMA 13.071 KG, DISTÂNCIA ENTRE EIXOS 4,80 M, POTÊNCIA 230 CV INCLUSIVE CAÇAMBA METÁLICA - MATERIAIS NA OPERAÇÃO. AF_06/2014","H","113,34"]
[53794,"USINA DE CONCRETO FIXA, CAPACIDADE NOMINAL DE 90 A 120 M3/H, SEM SILO - MANUTENÇÃO. AF_07/2016","H","35,00"]
[53797,"CAMINHÃO TOCO, PBT 16.000 KG, CARGA ÚTIL MÁX. 10.685 KG, DIST. ENTRE EIXOS 4,8 M, POTÊNCIA 189 CV, INCLUSIVE CARROCERIA FIXA ABERTA DE MADEIRA P/ TRANSPORTE GERAL DE CARGA SECA, DIMEN. APROX. 2,5 X 7,00 X 0,50 M - MATERIAIS NA OPERAÇÃO. AF_06/2014","H","93,14"]
[53804,"VASSOURA MECÂNICA REBOCÁVEL COM ESCOVA CILÍNDRICA, LARGURA ÚTIL DE VARRIMENTO DE 2,44 M - MANUTENÇÃO. AF_06/2014","H","2,23"]
[53806,"TRATOR DE ESTEIRAS, POTÊNCIA 170 HP, PESO OPERACIONAL 19 T, CAÇAMBA 5,2 M3 - MANUTENÇÃO. AF_06/2014","H","37,30"]
[53810,"TRATOR DE ESTEIRAS, POTÊNCIA 150 HP, PESO OPERACIONAL 16,7 T, COM RODA MOTRIZ ELEVADA E LÂMINA 3,18 M3 - MANUTENÇÃO. AF_06/2014","H","37,53"]
[53814,"TRATOR DE ESTEIRAS, POTÊNCIA 347 HP, PESO OPERACIONAL 38,5 T, COM LÂMINA 8,70 M3 - MANUTENÇÃO. AF_06/2014","H","122,93"]
[53817,"TRATOR DE ESTEIRAS, POTÊNCIA 100 HP, PESO OPERACIONAL 9,4 T, COM LÂMINA 2,19 M3 - MATERIAIS NA OPERAÇÃO. AF_06/2014","H","49,95"]
[53818,"ROLO COMPACTADOR VIBRATÓRIO REBOCÁVEL, CILINDRO DE AÇO LISO, POTÊNCIA DE TRAÇÃO DE 65 CV, PESO 4,7 T, IMPACTO DINÂMICO 18,3 T, LARGURA DE TRABALHO 1,67 M - DEPRECIAÇÃO. AF_02/2016","H","4,43"]
[53827,"CAMINHÃO TOCO, PESO BRUTO TOTAL 14.300 KG, CARGA ÚTIL MÁXIMA 9590 KG, DISTÂNCIA ENTRE EIXOS 4,76 M, POTÊNCIA 185 CV (NÃO INCLUI CARROCERIA) - MATERIAIS NA OPERAÇÃO. AF_06/2014","H","91,17"]
[53829,"CAMINHÃO TOCO, PESO BRUTO TOTAL 16.000 KG, CARGA ÚTIL MÁXIMA DE 10.685 KG, DISTÂNCIA ENTRE EIXOS 4,80 M, POTÊNCIA 189 CV EXCLUSIVE CARROCERIA - MATERIAIS NA OPERAÇÃO. AF_06/2014","H","93,14"]
[53831,"CAMINHÃO PIPA 10.000 L TRUCADO, PESO BRUTO TOTAL 23.000 KG, CARGA ÚTIL MÁXIMA 15.935 KG, DISTÂNCIA ENTRE EIXOS 4,8 M, POTÊNCIA 230 CV, INCLUSIVE TANQUE DE AÇO PARA TRANSPORTE DE ÁGUA - MATERIAIS NA OPERAÇÃO. AF_06/2014","H","113,34"]
[53840,"GRADE DE DISCO REBOCÁVEL COM 20 DISCOS 24\" X 6 MM COM PNEUS PARA TRANSPORTE - DEPRECIAÇÃO. AF_06/2014","H","1,21"]
[53841,"GRADE DE DISCO REBOCÁVEL COM 20 DISCOS 24\" X 6 MM COM PNEUS PARA TRANSPORTE - MANUTENÇÃO. AF_06/2014","H","0,84"]
[53849,"MOTONIVELADORA POTÊNCIA BÁSICA LÍQUIDA (PRIMEIRA MARCHA) 125 HP, PESO BRUTO 13032 KG, LARGURA DA LÂMINA DE 3,7 M - MATERIAIS NA OPERAÇÃO. AF_06/2014","H","62,45"]
[53857,"PÁ CARREGADEIRA SOBRE RODAS, POTÊNCIA LÍQUIDA 128 HP, CAPACIDADE DA CAÇAMBA 1,7 A 2,8 M3, PESO OPERACIONAL 11632 KG - MANUTENÇÃO. AF_06/2014","H","26,18"]
[53858,"PÁ CARREGADEIRA SOBRE RODAS, POTÊNCIA LÍQUIDA 128 HP, CAPACIDADE DA CAÇAMBA 1,7 A 2,8 M3, PESO OPERACIONAL 11632 KG - MATERIAIS NA OPERAÇÃO. AF_06/2014","H","63,94"]
[53861,"PÁ CARREGADEIRA SOBRE RODAS, POTÊNCIA 197 HP, CAPACIDADE DA CAÇAMBA 2,5 A 3,5 M3, PESO OPERACIONAL 18338 KG - MANUTENÇÃO. AF_06/2014","H","36,30"]
[53863,"MARTELETE OU ROMPEDOR PNEUMÁTICO MANUAL, 28 KG, COM SILENCIADOR - MANUTENÇÃO. AF_07/2016","H","1,06"]
[53865,"COMPRESSOR DE AR REBOCÁVEL, VAZÃO 189 PCM, PRESSÃO EFETIVA DE TRABALHO 102 PSI, MOTOR DIESEL, POTÊNCIA 63 CV - MATERIAIS NA OPERAÇÃO. AF_06/2015","H","31,06"]
[53866,"BOMBA SUBMERSÍVEL ELÉTRICA TRIFÁSICA, POTÊNCIA 2,96 HP, Ø ROTOR 144 MM SEMI-ABERTO, BOCAL DE SAÍDA Ø 2”, HM/Q = 2 MCA / 38,8 M3/H A 28 MCA / 5 M3/H - MATERIAIS NA OPERAÇÃO. AF_06/2014","H","1,01"]
[53882,"CAMINHÃO PIPA 6.000 L, PESO BRUTO TOTAL 13.000 KG, DISTÂNCIA ENTRE EIXOS 4,80 M, POTÊNCIA 189 CV INCLUSIVE TANQUE DE AÇO PARA TRANSPORTE DE ÁGUA, CAPACIDADE 6 M3 - MANUTENÇÃO. AF_06/2014","H","15,69"]
[55263,"ROLO COMPACTADOR DE PNEUS ESTÁTICO, PRESSÃO VARIÁVEL, POTÊNCIA 111 HP, PESO SEM/COM LASTRO 9,5 / 26 T, LARGURA DE TRABALHO 1,90 M - MATERIAIS NA OPERAÇÃO. AF_07/2014","H","55,46"]
[73303,"GRUPO GERADOR ESTACIONÁRIO, MOTOR DIESEL POTÊNCIA 170 KVA - DEPRECIAÇÃO. AF_02/2016","H","3,36"]
[73307,"GRUPO GERADOR ESTACIONÁRIO, MOTOR DIESEL POTÊNCIA 170 KVA - MANUTENÇÃO. AF_02/2016","H","3,00"]
[73309,"ROLO COMPACTADOR VIBRATÓRIO PÉ DE CARNEIRO PARA SOLOS, POTÊNCIA 80 HP, PESO OPERACIONAL SEM/COM LASTRO 7,4 / 8,8 T, LARGURA DE TRABALHO 1,68 M - DEPRECIAÇÃO. AF_02/2016","H","15,28"]
[73311,"GRUPO GERADOR ESTACIONÁRIO, MOTOR DIESEL POTÊNCIA 170 KVA - MATERIAIS NA OPERAÇÃO. AF_02/2016","H","104,90"]
[73313,"ROLO COMPACTADOR VIBRATÓRIO PÉ DE CARNEIRO PARA SOLOS, POTÊNCIA 80 HP, PESO OPERACIONAL SEM/COM LASTRO 7,4 / 8,8 T, LARGURA DE TRABALHO 1,68 M - JUROS. AF_02/2016","H","4,01"]
[73315,"ROLO COMPACTADOR VIBRATÓRIO PÉ DE CARNEIRO PARA SOLOS, POTÊNCIA 80 HP, PESO OPERACIONAL SEM/COM LASTRO 7,4 / 8,8 T, LARGURA DE TRABALHO 1,68 M - MATERIAIS NA OPERAÇÃO. AF_02/2016","H","39,95"]
[73335,"CAMINHÃO TOCO, PBT 14.300 KG, CARGA ÚTIL MÁX. 9.710 KG, DIST. ENTRE EIXOS 3,56 M, POTÊNCIA 185 CV, INCLUSIVE CARROCERIA FIXA ABERTA DE MADEIRA P/ TRANSPORTE GERAL DE CARGA SECA, DIMEN. APROX. 2,50 X 6,50 X 0,50 M - MANUTENÇÃO. AF_06/2014","H","15,06"]
[73340,"CAMINHÃO TOCO, PBT 14.300 KG, CARGA ÚTIL MÁX. 9.710 KG, DIST. ENTRE EIXOS 3,56 M, POTÊNCIA 185 CV, INCLUSIVE CARROCERIA FIXA ABERTA DE MADEIRA P/ TRANSPORTE GERAL DE CARGA SECA, DIMEN. APROX. 2,50 X 6,50 X 0,50 M - MATERIAIS NA OPERAÇÃO. AF_06/2014","H","91,17"]
[83361,"ESPARGIDOR DE ASFALTO PRESSURIZADO, TANQUE 6 M3 COM ISOLAÇÃO TÉRMICA, AQUECIDO COM 2 MAÇARICOS, COM BARRA ESPARGIDORA 3,60 M, MONTADO SOBRE CAMINHÃO  TOCO, PBT 14.300 KG, POTÊNCIA 185 CV - MANUTENÇÃO. AF_08/2015","H","9,48"]
[83761,"GRUPO DE SOLDAGEM COM GERADOR A DIESEL 60 CV PARA SOLDA ELÉTRICA, SOBRE 04 RODAS, COM MOTOR 4 CILINDROS 600 A - DEPRECIAÇÃO. AF_02/2016","H","7,17"]
[83762,"GRUPO DE SOLDAGEM COM GERADOR A DIESEL 60 CV PARA SOLDA ELÉTRICA, SOBRE 04 RODAS, COM MOTOR 4 CILINDROS 600 A - MANUTENÇÃO. AF_02/2016","H","8,96"]
[83763,"GRUPO DE SOLDAGEM COM GERADOR A DIESEL 60 CV PARA SOLDA ELÉTRICA, SOBRE 04 RODAS, COM MOTOR 4 CILINDROS 600 A - MATERIAIS NA OPERAÇÃO. AF_02/2016","H","29,57"]
[83764,"GRUPO DE SOLDAGEM COM GERADOR A DIESEL 60 CV PARA SOLDA ELÉTRICA, SOBRE 04 RODAS, COM MOTOR 4 CILINDROS 600 A - JUROS. AF_02/2016","H","1,61"]
[87026,"GRADE DE DISCO REBOCÁVEL COM 20 DISCOS 24\" X 6 MM COM PNEUS PARA TRANSPORTE - JUROS. AF_06/2014","H","0,32"]
[87441,"BETONEIRA CAPACIDADE NOMINAL 400 L, CAPACIDADE DE MISTURA 310 L, MOTOR A DIESEL POTÊNCIA 5,0 HP, SEM CARREGADOR - DEPRECIAÇÃO. AF_06/2014","H","0,35"]
[87442,"BETONEIRA CAPACIDADE NOMINAL 400 L, CAPACIDADE DE MISTURA 310 L, MOTOR A DIESEL POTÊNCIA 5,0 HP, SEM CARREGADOR - JUROS. AF_06/2014","H","0,08"]
[87443,"BETONEIRA CAPACIDADE NOMINAL 400 L, CAPACIDADE DE MISTURA 310 L, MOTOR A DIESEL POTÊNCIA 5,0 HP, SEM CARREGADOR - MANUTENÇÃO. AF_06/2014","H","0,33"]
[87444,"BETONEIRA CAPACIDADE NOMINAL 400 L, CAPACIDADE DE MISTURA 310 L, MOTOR A DIESEL POTÊNCIA 5,0 HP, SEM CARREGADOR - MATERIAIS NA OPERAÇÃO. AF_06/2014","H","2,49"]
[88387,"MISTURADOR DE ARGAMASSA, EIXO HORIZONTAL, CAPACIDADE DE MISTURA 300 KG, MOTOR ELÉTRICO POTÊNCIA 5 CV - DEPRECIAÇÃO. AF_06/2014","H","0,69"]
[88389,"MISTURADOR DE ARGAMASSA, EIXO HORIZONTAL, CAPACIDADE DE MISTURA 300 KG, MOTOR ELÉTRICO POTÊNCIA 5 CV - JUROS. AF_06/2014","H","0,15"]
[88390,"MISTURADOR DE ARGAMASSA, EIXO HORIZONTAL, CAPACIDADE DE MISTURA 300 KG, MOTOR ELÉTRICO POTÊNCIA 5 CV - MANUTENÇÃO. AF_06/2014","H","0,86"]
[88391,"MISTURADOR DE ARGAMASSA, EIXO HORIZONTAL, CAPACIDADE DE MISTURA 300 KG, MOTOR ELÉTRICO POTÊNCIA 5 CV - MATERIAIS NA OPERAÇÃO. AF_06/2014","H","1,65"]
[88394,"MISTURADOR DE ARGAMASSA, EIXO HORIZONTAL, CAPACIDADE DE MISTURA 600 KG, MOTOR ELÉTRICO POTÊNCIA 7,5 CV - DEPRECIAÇÃO. AF_06/2014","H","0,82"]
[88395,"MISTURADOR DE ARGAMASSA, EIXO HORIZONTAL, CAPACIDADE DE MISTURA 600 KG, MOTOR ELÉTRICO POTÊNCIA 7,5 CV - JUROS. AF_06/2014","H","0,18"]
[88396,"MISTURADOR DE ARGAMASSA, EIXO HORIZONTAL, CAPACIDADE DE MISTURA 600 KG, MOTOR ELÉTRICO POTÊNCIA 7,5 CV - MANUTENÇÃO. AF_06/2014","H","1,03"]
[88397,"MISTURADOR DE ARGAMASSA, EIXO HORIZONTAL, CAPACIDADE DE MISTURA 600 KG, MOTOR ELÉTRICO POTÊNCIA 7,5 CV - MATERIAIS NA OPERAÇÃO. AF_06/2014","H","2,48"]
[88400,"MISTURADOR DE ARGAMASSA, EIXO HORIZONTAL, CAPACIDADE DE MISTURA 160 KG, MOTOR ELÉTRICO POTÊNCIA 3 CV - DEPRECIAÇÃO. AF_06/2014","H","0,65"]
[88401,"MISTURADOR DE ARGAMASSA, EIXO HORIZONTAL, CAPACIDADE DE MISTURA 160 KG, MOTOR ELÉTRICO POTÊNCIA 3 CV - JUROS. AF_06/2014","H","0,14"]
[88402,"MISTURADOR DE ARGAMASSA, EIXO HORIZONTAL, CAPACIDADE DE MISTURA 160 KG, MOTOR ELÉTRICO POTÊNCIA 3 CV - MANUTENÇÃO. AF_06/2014","H","0,82"]
[88403,"MISTURADOR DE ARGAMASSA, EIXO HORIZONTAL, CAPACIDADE DE MISTURA 160 KG, MOTOR ELÉTRICO POTÊNCIA 3 CV - MATERIAIS NA OPERAÇÃO. AF_06/2014","H","0,99"]
[88419,"PROJETOR DE ARGAMASSA, CAPACIDADE DE PROJEÇÃO 1,5 M3/H, ALCANCE DE 30 ATÉ 60 M, MOTOR ELÉTRICO POTÊNCIA 7,5 HP - DEPRECIAÇÃO. AF_06/2014","H","4,26"]
[88422,"PROJETOR DE ARGAMASSA, CAPACIDADE DE PROJEÇÃO 1,5 M3/H, ALCANCE DE 30 ATÉ 60 M, MOTOR ELÉTRICO POTÊNCIA 7,5 HP - JUROS. AF_06/2014","H","0,96"]
[88425,"PROJETOR DE ARGAMASSA, CAPACIDADE DE PROJEÇÃO 1,5 M3/H, ALCANCE DE 30 ATÉ 60 M, MOTOR ELÉTRICO POTÊNCIA 7,5 HP - MANUTENÇÃO. AF_06/2014","H","4,67"]
[88427,"PROJETOR DE ARGAMASSA, CAPACIDADE DE PROJEÇÃO 1,5 M3/H, ALCANCE DE 30 ATÉ 60 M, MOTOR ELÉTRICO POTÊNCIA 7,5 HP - MATERIAIS NA OPERAÇÃO. AF_06/2014","H","2,52"]
[88434,"PROJETOR DE ARGAMASSA, CAPACIDADE DE PROJEÇÃO 2 M3/H, ALCANCE ATÉ 50 M, MOTOR ELÉTRICO POTÊNCIA 7,5 HP - DEPRECIAÇÃO. AF_06/2014","H","5,65"]
[88435,"PROJETOR DE ARGAMASSA, CAPACIDADE DE PROJEÇÃO 2 M3/H, ALCANCE ATÉ 50 M, MOTOR ELÉTRICO POTÊNCIA 7,5 HP - JUROS. AF_06/2014","H","1,27"]
[88436,"PROJETOR DE ARGAMASSA, CAPACIDADE DE PROJEÇÃO 2 M3/H, ALCANCE ATÉ 50 M, MOTOR ELÉTRICO POTÊNCIA 7,5 HP - MANUTENÇÃO. AF_06/2014","H","6,19"]
[88437,"PROJETOR DE ARGAMASSA, CAPACIDADE DE PROJEÇÃO 2 M3/H, ALCANCE ATÉ 50 M, MOTOR ELÉTRICO POTÊNCIA 7,5 HP - MATERIAIS NA OPERAÇÃO. AF_06/2014","H","2,52"]
[88569,"ESPARGIDOR DE ASFALTO PRESSURIZADO COM TANQUE DE 2500 L, REBOCÁVEL COM MOTOR A GASOLINA POTÊNCIA 3,4 HP - DEPRECIAÇÃO. AF_07/2014","H","2,28"]
[88570,"ESPARGIDOR DE ASFALTO PRESSURIZADO COM TANQUE DE 2500 L, REBOCÁVEL COM MOTOR A GASOLINA POTÊNCIA 3,4 HP - JUROS. AF_07/2014","H","0,77"]
[88826,"BETONEIRA CAPACIDADE NOMINAL DE 400 L, CAPACIDADE DE MISTURA 280 L, MOTOR ELÉTRICO TRIFÁSICO POTÊNCIA DE 2 CV, SEM CARREGADOR - DEPRECIAÇÃO. AF_10/2014","H","0,26"]
[88827,"BETONEIRA CAPACIDADE NOMINAL DE 400 L, CAPACIDADE DE MISTURA 280 L, MOTOR ELÉTRICO TRIFÁSICO POTÊNCIA DE 2 CV, SEM CARREGADOR - JUROS. AF_10/2014","H","0,05"]
[88828,"BETONEIRA CAPACIDADE NOMINAL DE 400 L, CAPACIDADE DE MISTURA 280 L, MOTOR ELÉTRICO TRIFÁSICO POTÊNCIA DE 2 CV, SEM CARREGADOR - MANUTENÇÃO. AF_10/2014","H","0,24"]
[88829,"BETONEIRA CAPACIDADE NOMINAL DE 400 L, CAPACIDADE DE MISTURA 280 L, MOTOR ELÉTRICO TRIFÁSICO POTÊNCIA DE 2 CV, SEM CARREGADOR - MATERIAIS NA OPERAÇÃO. AF_10/2014","H","0,66"]
[88832,"ESCAVADEIRA HIDRÁULICA SOBRE ESTEIRAS, CAÇAMBA 0,80 M3, PESO OPERACIONAL 17,8 T, POTÊNCIA LÍQUIDA 110 HP - DEPRECIAÇÃO. AF_10/2014","H","21,37"]
[88834,"ESCAVADEIRA HIDRÁULICA SOBRE ESTEIRAS, CAÇAMBA 0,80 M3, PESO OPERACIONAL 17,8 T, POTÊNCIA LÍQUIDA 110 HP - JUROS. AF_10/2014","H","5,49"]
[88835,"ESCAVADEIRA HIDRÁULICA SOBRE ESTEIRAS, CAÇAMBA 0,80 M3, PESO OPERACIONAL 17,8 T, POTÊNCIA LÍQUIDA 110 HP - MANUTENÇÃO. AF_10/2014","H","26,71"]
[88836,"ESCAVADEIRA HIDRÁULICA SOBRE ESTEIRAS, CAÇAMBA 0,80 M3, PESO OPERACIONAL 17,8 T, POTÊNCIA LÍQUIDA 110 HP - MATERIAIS NA OPERAÇÃO. AF_10/2014","H","54,94"]
[88839,"TRATOR DE ESTEIRAS, POTÊNCIA 125 HP, PESO OPERACIONAL 12,9 T, COM LÂMINA 2,7 M3 - DEPRECIAÇÃO. AF_10/2014","H","16,94"]
[88840,"TRATOR DE ESTEIRAS, POTÊNCIA 125 HP, PESO OPERACIONAL 12,9 T, COM LÂMINA 2,7 M3 - JUROS. AF_10/2014","H","7,24"]
[88841,"TRATOR DE ESTEIRAS, POTÊNCIA 125 HP, PESO OPERACIONAL 12,9 T, COM LÂMINA 2,7 M3 - MANUTENÇÃO. AF_10/2014","H","30,29"]
[88842,"TRATOR DE ESTEIRAS, POTÊNCIA 125 HP, PESO OPERACIONAL 12,9 T, COM LÂMINA 2,7 M3 - MATERIAIS NA OPERAÇÃO. AF_10/2014","H","62,45"]
[88847,"USINA DE LAMA ASFÁLTICA, PROD 30 A 50 T/H, SILO DE AGREGADO 7 M3, RESERVATÓRIOS PARA EMULSÃO E ÁGUA DE 2,3 M3 CADA, MISTURADOR TIPO PUG MILL A SER MONTADO SOBRE CAMINHÃO - DEPRECIAÇÃO. AF_10/2014","H","13,47"]
[88848,"USINA DE LAMA ASFÁLTICA, PROD 30 A 50 T/H, SILO DE AGREGADO 7 M3, RESERVATÓRIOS PARA EMULSÃO E ÁGUA DE 2,3 M3 CADA, MISTURADOR TIPO PUG MILL A SER MONTADO SOBRE CAMINHÃO - JUROS. AF_10/2014","H","5,38"]
[88853,"MOTOBOMBA CENTRÍFUGA, MOTOR A GASOLINA, POTÊNCIA 5,42 HP, BOCAIS 1 1/2\" X 1\", DIÂMETRO ROTOR 143 MM HM/Q = 6 MCA / 16,8 M3/H A 38 MCA / 6,6 M3/H - DEPRECIAÇÃO. AF_06/2014","H","0,15"]
[88854,"MOTOBOMBA CENTRÍFUGA, MOTOR A GASOLINA, POTÊNCIA 5,42 HP, BOCAIS 1 1/2\" X 1\", DIÂMETRO ROTOR 143 MM HM/Q = 6 MCA / 16,8 M3/H A 38 MCA / 6,6 M3/H - JUROS. AF_06/2014","H","0,03"]
[88855,"GRADE DE DISCO CONTROLE REMOTO REBOCÁVEL, COM 24 DISCOS 24” X 6 MM COM PNEUS PARA TRANSPORTE - DEPRECIAÇÃO. AF_06/2014","H","1,55"]
[88856,"GRADE DE DISCO CONTROLE REMOTO REBOCÁVEL, COM 24 DISCOS 24” X 6 MM COM PNEUS PARA TRANSPORTE - JUROS. AF_06/2014","H","0,41"]
[88857,"RETROESCAVADEIRA SOBRE RODAS COM CARREGADEIRA, TRAÇÃO 4X4, POTÊNCIA LÍQ. 88 HP, CAÇAMBA CARREG. CAP. MÍN. 1 M3, CAÇAMBA RETRO CAP. 0,26 M3, PESO OPERACIONAL MÍN. 6.674 KG, PROFUNDIDADE ESCAVAÇÃO MÁX. 4,37 M - DEPRECIAÇÃO. AF_06/2014","H","14,22"]
[88858,"RETROESCAVADEIRA SOBRE RODAS COM CARREGADEIRA, TRAÇÃO 4X4, POTÊNCIA LÍQ. 88 HP, CAÇAMBA CARREG. CAP. MÍN. 1 M3, CAÇAMBA RETRO CAP. 0,26 M3, PESO OPERACIONAL MÍN. 6.674 KG, PROFUNDIDADE ESCAVAÇÃO MÁX. 4,37 M - JUROS. AF_06/2014","H","3,65"]
[88859,"RETROESCAVADEIRA SOBRE RODAS COM CARREGADEIRA, TRAÇÃO 4X2, POTÊNCIA LÍQ. 79 HP, CAÇAMBA CARREG. CAP. MÍN. 1 M3, CAÇAMBA RETRO CAP. 0,20 M3, PESO OPERACIONAL MÍN. 6.570 KG, PROFUNDIDADE ESCAVAÇÃO MÁX. 4,37 M - DEPRECIAÇÃO. AF_06/2014","H","12,64"]
[88860,"RETROESCAVADEIRA SOBRE RODAS COM CARREGADEIRA, TRAÇÃO 4X2, POTÊNCIA LÍQ. 79 HP, CAÇAMBA CARREG. CAP. MÍN. 1 M3, CAÇAMBA RETRO CAP. 0,20 M3, PESO OPERACIONAL MÍN. 6.570 KG, PROFUNDIDADE ESCAVAÇÃO MÁX. 4,37 M - JUROS. AF_06/2014","H","3,25"]
[88900,"ESCAVADEIRA HIDRÁULICA SOBRE ESTEIRAS, CAÇAMBA 1,20 M3, PESO OPERACIONAL 21 T, POTÊNCIA BRUTA 155 HP - DEPRECIAÇÃO. AF_06/2014","H","24,92"]
[88902,"ESCAVADEIRA HIDRÁULICA SOBRE ESTEIRAS, CAÇAMBA 1,20 M3, PESO OPERACIONAL 21 T, POTÊNCIA BRUTA 155 HP - JUROS. AF_06/2014","H","6,40"]
[88903,"ESCAVADEIRA HIDRÁULICA SOBRE ESTEIRAS, CAÇAMBA 1,20 M3, PESO OPERACIONAL 21 T, POTÊNCIA BRUTA 155 HP - MANUTENÇÃO. AF_06/2014","H","31,15"]
[88904,"ESCAVADEIRA HIDRÁULICA SOBRE ESTEIRAS, CAÇAMBA 1,20 M3, PESO OPERACIONAL 21 T, POTÊNCIA BRUTA 155 HP - MATERIAIS NA OPERAÇÃO. AF_06/2014","H","77,41"]
[89009,"TRATOR DE ESTEIRAS, POTÊNCIA 150 HP, PESO OPERACIONAL 16,7 T, COM RODA MOTRIZ ELEVADA E LÂMINA 3,18 M3 - DEPRECIAÇÃO. AF_06/2014","H","20,99"]
[89010,"TRATOR DE ESTEIRAS, POTÊNCIA 150 HP, PESO OPERACIONAL 16,7 T, COM RODA MOTRIZ ELEVADA E LÂMINA 3,18 M3 - JUROS. AF_06/2014","H","8,97"]
[89011,"RETROESCAVADEIRA SOBRE RODAS COM CARREGADEIRA, TRAÇÃO 4X4, POTÊNCIA LÍQ. 72 HP, CAÇAMBA CARREG. CAP. MÍN. 0,79 M3, CAÇAMBA RETRO CAP. 0,18 M3, PESO OPERACIONAL MÍN. 7.140 KG, PROFUNDIDADE ESCAVAÇÃO MÁX. 4,50 M - DEPRECIAÇÃO. AF_06/2014","H","13,72"]
[89012,"RETROESCAVADEIRA SOBRE RODAS COM CARREGADEIRA, TRAÇÃO 4X4, POTÊNCIA LÍQ. 72 HP, CAÇAMBA CARREG. CAP. MÍN. 0,79 M3, CAÇAMBA RETRO CAP. 0,18 M3, PESO OPERACIONAL MÍN. 7.140 KG, PROFUNDIDADE ESCAVAÇÃO MÁX. 4,50 M - JUROS. AF_06/2014","H","3,52"]
[89013,"TRATOR DE ESTEIRAS, POTÊNCIA 347 HP, PESO OPERACIONAL 38,5 T, COM LÂMINA 8,70 M3 - DEPRECIAÇÃO. AF_06/2014","H","68,76"]
[89014,"TRATOR DE ESTEIRAS, POTÊNCIA 347 HP, PESO OPERACIONAL 38,5 T, COM LÂMINA 8,70 M3 - JUROS. AF_06/2014","H","29,40"]
[89015,"VASSOURA MECÂNICA REBOCÁVEL COM ESCOVA CILÍNDRICA, LARGURA ÚTIL DE VARRIMENTO DE 2,44 M - DEPRECIAÇÃO. AF_06/2014","H","1,79"]
[89016,"VASSOURA MECÂNICA REBOCÁVEL COM ESCOVA CILÍNDRICA, LARGURA ÚTIL DE VARRIMENTO DE 2,44 M - JUROS. AF_06/2014","H","0,46"]
[89017,"TRATOR DE ESTEIRAS, POTÊNCIA 170 HP, PESO OPERACIONAL 19 T, CAÇAMBA 5,2 M3 - DEPRECIAÇÃO. AF_06/2014","H","20,86"]
[89018,"TRATOR DE ESTEIRAS, POTÊNCIA 170 HP, PESO OPERACIONAL 19 T, CAÇAMBA 5,2 M3 - JUROS. AF_06/2014","H","8,92"]
[89019,"BOMBA SUBMERSÍVEL ELÉTRICA TRIFÁSICA, POTÊNCIA 2,96 HP, Ø ROTOR 144 MM SEMI-ABERTO, BOCAL DE SAÍDA Ø 2”, HM/Q = 2 MCA / 38,8 M3/H A 28 MCA / 5 M3/H - DEPRECIAÇÃO. AF_06/2014","H","0,24"]
[89020,"BOMBA SUBMERSÍVEL ELÉTRICA TRIFÁSICA, POTÊNCIA 2,96 HP, Ø ROTOR 144 MM SEMI-ABERTO, BOCAL DE SAÍDA Ø 2”, HM/Q = 2 MCA / 38,8 M3/H A 28 MCA / 5 M3/H - JUROS. AF_06/2014","H","0,05"]
[89023,"TANQUE DE ASFALTO ESTACIONÁRIO COM MAÇARICO, CAPACIDADE 20.000 L - DEPRECIAÇÃO. AF_06/2014","H","1,95"]
[89024,"TANQUE DE ASFALTO ESTACIONÁRIO COM MAÇARICO, CAPACIDADE 20.000 L - JUROS. AF_06/2014","H","0,78"]
[89025,"TANQUE DE ASFALTO ESTACIONÁRIO COM MAÇARICO, CAPACIDADE 20.000 L - MANUTENÇÃO. AF_06/2014","H","3,66"]
[89026,"TANQUE DE ASFALTO ESTACIONÁRIO COM MAÇARICO, CAPACIDADE 20.000 L - MATERIAIS NA OPERAÇÃO. AF_06/2014","H","148,57"]
[89029,"TRATOR DE ESTEIRAS, POTÊNCIA 100 HP, PESO OPERACIONAL 9,4 T, COM LÂMINA 2,19 M3 - DEPRECIAÇÃO. AF_06/2014","H","16,19"]
[89030,"TRATOR DE ESTEIRAS, POTÊNCIA 100 HP, PESO OPERACIONAL 9,4 T, COM LÂMINA 2,19 M3 - JUROS. AF_06/2014","H","6,92"]
[89033,"TRATOR DE PNEUS, POTÊNCIA 85 CV, TRAÇÃO 4X4, PESO COM LASTRO DE 4.675 KG - DEPRECIAÇÃO. AF_06/2014","H","6,44"]
[89034,"TRATOR DE PNEUS, POTÊNCIA 85 CV, TRAÇÃO 4X4, PESO COM LASTRO DE 4.675 KG - JUROS. AF_06/2014","H","1,69"]
[89128,"PÁ CARREGADEIRA SOBRE RODAS, POTÊNCIA LÍQUIDA 128 HP, CAPACIDADE DA CAÇAMBA 1,7 A 2,8 M3, PESO OPERACIONAL 11632 KG - DEPRECIAÇÃO. AF_06/2014","H","20,94"]
[89129,"PÁ CARREGADEIRA SOBRE RODAS, POTÊNCIA LÍQUIDA 128 HP, CAPACIDADE DA CAÇAMBA 1,7 A 2,8 M3, PESO OPERACIONAL 11632 KG - JUROS. AF_06/2014","H","5,38"]
[89130,"PÁ CARREGADEIRA SOBRE RODAS, POTÊNCIA 197 HP, CAPACIDADE DA CAÇAMBA 2,5 A 3,5 M3, PESO OPERACIONAL 18338 KG - DEPRECIAÇÃO. AF_06/2014","H","29,04"]
[89131,"PÁ CARREGADEIRA SOBRE RODAS, POTÊNCIA 197 HP, CAPACIDADE DA CAÇAMBA 2,5 A 3,5 M3, PESO OPERACIONAL 18338 KG - JUROS. AF_06/2014","H","7,46"]
[89210,"ROLO COMPACTADOR VIBRATÓRIO DE UM CILINDRO AÇO LISO, POTÊNCIA 80 HP, PESO OPERACIONAL MÁXIMO 8,1 T, IMPACTO DINÂMICO 16,15 / 9,5 T, LARGURA DE TRABALHO 1,68 M - DEPRECIAÇÃO. AF_06/2014","H","14,70"]
[89211,"ROLO COMPACTADOR VIBRATÓRIO DE UM CILINDRO AÇO LISO, POTÊNCIA 80 HP, PESO OPERACIONAL MÁXIMO 8,1 T, IMPACTO DINÂMICO 16,15 / 9,5 T, LARGURA DE TRABALHO 1,68 M - JUROS. AF_06/2014","H","3,86"]
[89212,"BATE-ESTACAS POR GRAVIDADE, POTÊNCIA DE 160 HP, PESO DO MARTELO ATÉ 3 TONELADAS - DEPRECIAÇÃO. AF_11/2014","H","15,89"]
[89213,"BATE-ESTACAS POR GRAVIDADE, POTÊNCIA DE 160 HP, PESO DO MARTELO ATÉ 3 TONELADAS - JUROS. AF_11/2014","H","4,76"]
[89214,"BATE-ESTACAS POR GRAVIDADE, POTÊNCIA DE 160 HP, PESO DO MARTELO ATÉ 3 TONELADAS - MANUTENÇÃO. AF_11/2014","H","14,91"]
[89215,"BATE-ESTACAS POR GRAVIDADE, POTÊNCIA DE 160 HP, PESO DO MARTELO ATÉ 3 TONELADAS - MATERIAIS NA OPERAÇÃO. AF_11/2014","H","79,94"]
[89221,"BETONEIRA CAPACIDADE NOMINAL DE 600 L, CAPACIDADE DE MISTURA 360 L, MOTOR ELÉTRICO TRIFÁSICO POTÊNCIA DE 4 CV, SEM CARREGADOR - DEPRECIAÇÃO. AF_11/2014","H","1,06"]
[89222,"BETONEIRA CAPACIDADE NOMINAL DE 600 L, CAPACIDADE DE MISTURA 360 L, MOTOR ELÉTRICO TRIFÁSICO POTÊNCIA DE 4 CV, SEM CARREGADOR - JUROS. AF_11/2014","H","0,23"]
[89223,"BETONEIRA CAPACIDADE NOMINAL DE 600 L, CAPACIDADE DE MISTURA 360 L, MOTOR ELÉTRICO TRIFÁSICO POTÊNCIA DE 4 CV, SEM CARREGADOR - MANUTENÇÃO. AF_11/2014","H","0,99"]
[89224,"BETONEIRA CAPACIDADE NOMINAL DE 600 L, CAPACIDADE DE MISTURA 360 L, MOTOR ELÉTRICO TRIFÁSICO POTÊNCIA DE 4 CV, SEM CARREGADOR - MATERIAIS NA OPERAÇÃO. AF_11/2014","H","1,32"]
[89228,"MOTONIVELADORA POTÊNCIA BÁSICA LÍQUIDA (PRIMEIRA MARCHA) 125 HP, PESO BRUTO 13032 KG, LARGURA DA LÂMINA DE 3,7 M - DEPRECIAÇÃO. AF_06/2014","H","22,32"]
[89229,"MOTONIVELADORA POTÊNCIA BÁSICA LÍQUIDA (PRIMEIRA MARCHA) 125 HP, PESO BRUTO 13032 KG, LARGURA DA LÂMINA DE 3,7 M - JUROS. AF_06/2014","H","7,64"]
[89230,"FRESADORA DE ASFALTO A FRIO SOBRE RODAS, LARGURA FRESAGEM DE 1,0 M, POTÊNCIA 208 HP - DEPRECIAÇÃO. AF_11/2014","H","72,53"]
[89231,"FRESADORA DE ASFALTO A FRIO SOBRE RODAS, LARGURA FRESAGEM DE 1,0 M, POTÊNCIA 208 HP - JUROS. AF_11/2014","H","21,74"]
[89232,"FRESADORA DE ASFALTO A FRIO SOBRE RODAS, LARGURA FRESAGEM DE 1,0 M, POTÊNCIA 208 HP - MANUTENÇÃO. AF_11/2014","H","129,38"]
[89233,"FRESADORA DE ASFALTO A FRIO SOBRE RODAS, LARGURA FRESAGEM DE 1,0 M, POTÊNCIA 208 HP - MATERIAIS NA OPERAÇÃO. AF_11/2014","H","103,89"]
[89236,"FRESADORA DE ASFALTO A FRIO SOBRE RODAS, LARGURA FRESAGEM DE 2,0 M, POTÊNCIA 550 HP - DEPRECIAÇÃO. AF_11/2014","H","169,44"]
[89237,"FRESADORA DE ASFALTO A FRIO SOBRE RODAS, LARGURA FRESAGEM DE 2,0 M, POTÊNCIA 550 HP - JUROS. AF_11/2014","H","50,79"]
[89238,"FRESADORA DE ASFALTO A FRIO SOBRE RODAS, LARGURA FRESAGEM DE 2,0 M, POTÊNCIA 550 HP - MANUTENÇÃO. AF_11/2014","H","302,23"]
[89239,"FRESADORA DE ASFALTO A FRIO SOBRE RODAS, LARGURA FRESAGEM DE 2,0 M, POTÊNCIA 550 HP - MATERIAIS NA OPERAÇÃO. AF_11/2014","H","274,75"]
[89240,"VIBROACABADORA DE ASFALTO SOBRE ESTEIRAS, LARGURA DE PAVIMENTAÇÃO 1,90 M A 5,30 M, POTÊNCIA 105 HP CAPACIDADE 450 T/H - DEPRECIAÇÃO. AF_11/2014","H","52,00"]
[89241,"VIBROACABADORA DE ASFALTO SOBRE ESTEIRAS, LARGURA DE PAVIMENTAÇÃO 1,90 M A 5,30 M, POTÊNCIA 105 HP CAPACIDADE 450 T/H - JUROS. AF_11/2014","H","17,81"]
[89246,"RECICLADORA DE ASFALTO A FRIO SOBRE RODAS, LARGURA FRESAGEM DE 2,0 M, POTÊNCIA 422 HP - DEPRECIAÇÃO. AF_11/2014","H","147,23"]
[89247,"RECICLADORA DE ASFALTO A FRIO SOBRE RODAS, LARGURA FRESAGEM DE 2,0 M, POTÊNCIA 422 HP - JUROS. AF_11/2014","H","44,13"]
[89248,"RECICLADORA DE ASFALTO A FRIO SOBRE RODAS, LARGURA FRESAGEM DE 2,0 M, POTÊNCIA 422 HP - MANUTENÇÃO. AF_11/2014","H","262,62"]
[89249,"RECICLADORA DE ASFALTO A FRIO SOBRE RODAS, LARGURA FRESAGEM DE 2,0 M, POTÊNCIA 422 HP - MATERIAIS NA OPERAÇÃO. AF_11/2014","H","210,81"]
[89253,"VIBROACABADORA DE ASFALTO SOBRE ESTEIRAS, LARGURA DE PAVIMENTAÇÃO 2,13 M A 4,55 M, POTÊNCIA 100 HP, CAPACIDADE 400 T/H - DEPRECIAÇÃO. AF_11/2014","H","42,61"]
[89254,"VIBROACABADORA DE ASFALTO SOBRE ESTEIRAS, LARGURA DE PAVIMENTAÇÃO 2,13 M A 4,55 M, POTÊNCIA 100 HP, CAPACIDADE 400 T/H - JUROS. AF_11/2014","H","14,59"]
[89255,"VIBROACABADORA DE ASFALTO SOBRE ESTEIRAS, LARGURA DE PAVIMENTAÇÃO 2,13 M A 4,55 M, POTÊNCIA 100 HP, CAPACIDADE 400 T/H - MANUTENÇÃO. AF_11/2014","H","68,50"]
[89256,"VIBROACABADORA DE ASFALTO SOBRE ESTEIRAS, LARGURA DE PAVIMENTAÇÃO 2,13 M A 4,55 M, POTÊNCIA 100 HP, CAPACIDADE 400 T/H - MATERIAIS NA OPERAÇÃO. AF_11/2014","H","49,95"]
[89259,"GUINDAUTO HIDRÁULICO, CAPACIDADE MÁXIMA DE CARGA 6200 KG, MOMENTO MÁXIMO DE CARGA 11,7 TM, ALCANCE MÁXIMO HORIZONTAL 9,70 M, INCLUSIVE CAMINHÃO TOCO PBT 16.000 KG, POTÊNCIA DE 189 CV - DEPRECIAÇÃO. AF_06/2014","H","8,96"]
[89260,"GUINDAUTO HIDRÁULICO, CAPACIDADE MÁXIMA DE CARGA 6200 KG, MOMENTO MÁXIMO DE CARGA 11,7 TM, ALCANCE MÁXIMO HORIZONTAL 9,70 M, INCLUSIVE CAMINHÃO TOCO PBT 16.000 KG, POTÊNCIA DE 189 CV - JUROS. AF_06/2014","H","3,58"]
[89262,"GUINDAUTO HIDRÁULICO, CAPACIDADE MÁXIMA DE CARGA 6200 KG, MOMENTO MÁXIMO DE CARGA 11,7 TM, ALCANCE MÁXIMO HORIZONTAL 9,70 M, INCLUSIVE CAMINHÃO TOCO PBT 16.000 KG, POTÊNCIA DE 189 CV - MANUTENÇÃO. AF_06/2014","H","16,80"]
[89264,"CAMINHÃO TOCO, PBT 16.000 KG, CARGA ÚTIL MÁX. 10.685 KG, DIST. ENTRE EIXOS 4,8 M, POTÊNCIA 189 CV, INCLUSIVE CARROCERIA FIXA ABERTA DE MADEIRA P/ TRANSPORTE GERAL DE CARGA SECA, DIMEN. APROX. 2,5 X 7,00 X 0,50 M - DEPRECIAÇÃO. AF_06/2014","H","6,73"]
[89265,"CAMINHÃO TOCO, PBT 16.000 KG, CARGA ÚTIL MÁX. 10.685 KG, DIST. ENTRE EIXOS 4,8 M, POTÊNCIA 189 CV, INCLUSIVE CARROCERIA FIXA ABERTA DE MADEIRA P/ TRANSPORTE GERAL DE CARGA SECA, DIMEN. APROX. 2,5 X 7,00 X 0,50 M - JUROS. AF_06/2014","H","2,69"]
[89266,"CAMINHÃO TOCO, PBT 16.000 KG, CARGA ÚTIL MÁX. 10.685 KG, DIST. ENTRE EIXOS 4,8 M, POTÊNCIA 189 CV, INCLUSIVE CARROCERIA FIXA ABERTA DE MADEIRA P/ TRANSPORTE GERAL DE CARGA SECA, DIMEN. APROX. 2,5 X 7,00 X 0,50 M - IMPOSTOS E SEGUROS. AF_06/2014","H","0,54"]
[89267,"GUINDASTE HIDRÁULICO AUTOPROPELIDO, COM LANÇA TELESCÓPICA 28,80 M, CAPACIDADE MÁXIMA 30 T, POTÊNCIA 97 KW, TRAÇÃO 4 X 4 - DEPRECIAÇÃO. AF_11/2014","H","27,66"]
[89268,"GUINDASTE HIDRÁULICO AUTOPROPELIDO, COM LANÇA TELESCÓPICA 28,80 M, CAPACIDADE MÁXIMA 30 T, POTÊNCIA 97 KW, TRAÇÃO 4 X 4 - JUROS. AF_11/2014","H","9,47"]
[89269,"GUINDASTE HIDRÁULICO AUTOPROPELIDO, COM LANÇA TELESCÓPICA 28,80 M, CAPACIDADE MÁXIMA 30 T, POTÊNCIA 97 KW, TRAÇÃO 4 X 4 - IMPOSTOS E SEGUROS. AF_11/2014","H","1,93"]
[89270,"GUINDASTE HIDRÁULICO AUTOPROPELIDO, COM LANÇA TELESCÓPICA 28,80 M, CAPACIDADE MÁXIMA 30 T, POTÊNCIA 97 KW, TRAÇÃO 4 X 4 - MANUTENÇÃO. AF_11/2014","H","44,46"]
[89271,"GUINDASTE HIDRÁULICO AUTOPROPELIDO, COM LANÇA TELESCÓPICA 28,80 M, CAPACIDADE MÁXIMA 30 T, POTÊNCIA 97 KW, TRAÇÃO 4 X 4 - MATERIAIS NA OPERAÇÃO. AF_11/2014","H","64,95"]
[89274,"BETONEIRA CAPACIDADE NOMINAL DE 600 L, CAPACIDADE DE MISTURA 440 L, MOTOR A DIESEL POTÊNCIA 10 HP, COM CARREGADOR - DEPRECIAÇÃO. AF_11/2014","H","1,29"]
[89275,"BETONEIRA CAPACIDADE NOMINAL DE 600 L, CAPACIDADE DE MISTURA 440 L, MOTOR A DIESEL POTÊNCIA 10 HP, COM CARREGADOR - JUROS. AF_11/2014","H","0,29"]
[89276,"BETONEIRA CAPACIDADE NOMINAL DE 600 L, CAPACIDADE DE MISTURA 440 L, MOTOR A DIESEL POTÊNCIA 10 HP, COM CARREGADOR - MANUTENÇÃO. AF_11/2014","H","1,21"]
[89277,"BETONEIRA CAPACIDADE NOMINAL DE 600 L, CAPACIDADE DE MISTURA 440 L, MOTOR A DIESEL POTÊNCIA 10 HP, COM CARREGADOR - MATERIAIS NA OPERAÇÃO. AF_11/2014","H","4,98"]
[89280,"ROLO COMPACTADOR VIBRATÓRIO TANDEM AÇO LISO, POTÊNCIA 58 HP, PESO SEM/COM LASTRO 6,5 / 9,4 T, LARGURA DE TRABALHO 1,2 M - DEPRECIAÇÃO. AF_06/2014","H","18,05"]
[89281,"ROLO COMPACTADOR VIBRATÓRIO TANDEM AÇO LISO, POTÊNCIA 58 HP, PESO SEM/COM LASTRO 6,5 / 9,4 T, LARGURA DE TRABALHO 1,2 M - JUROS. AF_06/2014","H","4,74"]
[89870,"CAMINHÃO BASCULANTE 14 M3, COM CAVALO MECÂNICO DE CAPACIDADE MÁXIMA DE TRAÇÃO COMBINADO DE 36000 KG, POTÊNCIA 286 CV, INCLUSIVE SEMIREBOQUE COM CAÇAMBA METÁLICA - DEPRECIAÇÃO. AF_12/2014","H","13,22"]
[89871,"CAMINHÃO BASCULANTE 14 M3, COM CAVALO MECÂNICO DE CAPACIDADE MÁXIMA DE TRAÇÃO COMBINADO DE 36000 KG, POTÊNCIA 286 CV, INCLUSIVE SEMIREBOQUE COM CAÇAMBA METÁLICA - JUROS. AF_12/2014","H","4,62"]
[89872,"CAMINHÃO BASCULANTE 14 M3, COM CAVALO MECÂNICO DE CAPACIDADE MÁXIMA DE TRAÇÃO COMBINADO DE 36000 KG, POTÊNCIA 286 CV, INCLUSIVE SEMIREBOQUE COM CAÇAMBA METÁLICA - IMPOSTOS E SEGUROS. AF_12/2014","H","0,95"]
[89873,"CAMINHÃO BASCULANTE 14 M3, COM CAVALO MECÂNICO DE CAPACIDADE MÁXIMA DE TRAÇÃO COMBINADO DE 36000 KG, POTÊNCIA 286 CV, INCLUSIVE SEMIREBOQUE COM CAÇAMBA METÁLICA - MANUTENÇÃO. AF_12/2014","H","24,80"]
[89874,"CAMINHÃO BASCULANTE 14 M3, COM CAVALO MECÂNICO DE CAPACIDADE MÁXIMA DE TRAÇÃO COMBINADO DE 36000 KG, POTÊNCIA 286 CV, INCLUSIVE SEMIREBOQUE COM CAÇAMBA METÁLICA - MATERIAIS NA OPERAÇÃO. AF_12/2014","H","140,95"]
[89878,"CAMINHÃO BASCULANTE 18 M3, COM CAVALO MECÂNICO DE CAPACIDADE MÁXIMA DE TRAÇÃO COMBINADO DE 45000 KG, POTÊNCIA 330 CV, INCLUSIVE SEMIREBOQUE COM CAÇAMBA METÁLICA - DEPRECIAÇÃO. AF_12/2014","H","13,96"]
[89879,"CAMINHÃO BASCULANTE 18 M3, COM CAVALO MECÂNICO DE CAPACIDADE MÁXIMA DE TRAÇÃO COMBINADO DE 45000 KG, POTÊNCIA 330 CV, INCLUSIVE SEMIREBOQUE COM CAÇAMBA METÁLICA - JUROS. AF_12/2014","H","4,87"]
[89880,"CAMINHÃO BASCULANTE 18 M3, COM CAVALO MECÂNICO DE CAPACIDADE MÁXIMA DE TRAÇÃO COMBINADO DE 45000 KG, POTÊNCIA 330 CV, INCLUSIVE SEMIREBOQUE COM CAÇAMBA METÁLICA - IMPOSTOS E SEGUROS. AF_12/2014","H","1,00"]
[89881,"CAMINHÃO BASCULANTE 18 M3, COM CAVALO MECÂNICO DE CAPACIDADE MÁXIMA DE TRAÇÃO COMBINADO DE 45000 KG, POTÊNCIA 330 CV, INCLUSIVE SEMIREBOQUE COM CAÇAMBA METÁLICA - MANUTENÇÃO. AF_12/2014","H","26,17"]
[89882,"CAMINHÃO BASCULANTE 18 M3, COM CAVALO MECÂNICO DE CAPACIDADE MÁXIMA DE TRAÇÃO COMBINADO DE 45000 KG, POTÊNCIA 330 CV, INCLUSIVE SEMIREBOQUE COM CAÇAMBA METÁLICA - MATERIAIS NA OPERAÇÃO. AF_12/2014","H","162,63"]
[90582,"VIBRADOR DE IMERSÃO, DIÂMETRO DE PONTEIRA 45MM, MOTOR ELÉTRICO TRIFÁSICO POTÊNCIA DE 2 CV - DEPRECIAÇÃO. AF_06/2015","H","0,27"]
[90583,"VIBRADOR DE IMERSÃO, DIÂMETRO DE PONTEIRA 45MM, MOTOR ELÉTRICO TRIFÁSICO POTÊNCIA DE 2 CV - JUROS. AF_06/2015","H","0,06"]
[90584,"VIBRADOR DE IMERSÃO, DIÂMETRO DE PONTEIRA 45MM, MOTOR ELÉTRICO TRIFÁSICO POTÊNCIA DE 2 CV - MANUTENÇÃO. AF_06/2015","H","0,21"]
[90585,"VIBRADOR DE IMERSÃO, DIÂMETRO DE PONTEIRA 45MM, MOTOR ELÉTRICO TRIFÁSICO POTÊNCIA DE 2 CV - MATERIAIS NA OPERAÇÃO. AF_06/2015","H","0,66"]
[90621,"PERFURATRIZ MANUAL, TORQUE MÁXIMO 83 N.M, POTÊNCIA 5 CV, COM DIÂMETRO MÁXIMO 4\" - DEPRECIAÇÃO. AF_06/2015","H","1,13"]
[90622,"PERFURATRIZ MANUAL, TORQUE MÁXIMO 83 N.M, POTÊNCIA 5 CV, COM DIÂMETRO MÁXIMO 4\" - JUROS. AF_06/2015","H","0,25"]
[90623,"PERFURATRIZ MANUAL, TORQUE MÁXIMO 83 N.M, POTÊNCIA 5 CV, COM DIÂMETRO MÁXIMO 4\" - MANUTENÇÃO. AF_06/2015","H","1,41"]
[90624,"PERFURATRIZ MANUAL, TORQUE MÁXIMO 83 N.M, POTÊNCIA 5 CV, COM DIÂMETRO MÁXIMO 4\" - MATERIAIS NA OPERAÇÃO. AF_06/2015","H","1,65"]
[90627,"PERFURATRIZ SOBRE ESTEIRA, TORQUE MÁXIMO 600 KGF, PESO MÉDIO 1000 KG, POTÊNCIA 20 HP, DIÂMETRO MÁXIMO 10\" - DEPRECIAÇÃO. AF_06/2015","H","22,80"]
[90628,"PERFURATRIZ SOBRE ESTEIRA, TORQUE MÁXIMO 600 KGF, PESO MÉDIO 1000 KG, POTÊNCIA 20 HP, DIÂMETRO MÁXIMO 10\" - JUROS. AF_06/2015","H","5,98"]
[90629,"PERFURATRIZ SOBRE ESTEIRA, TORQUE MÁXIMO 600 KGF, PESO MÉDIO 1000 KG, POTÊNCIA 20 HP, DIÂMETRO MÁXIMO 10\" - MANUTENÇÃO. AF_06/2015","H","28,53"]
[90630,"PERFURATRIZ SOBRE ESTEIRA, TORQUE MÁXIMO 600 KGF, PESO MÉDIO 1000 KG, POTÊNCIA 20 HP, DIÂMETRO MÁXIMO 10\" - MATERIAIS NA OPERAÇÃO. AF_06/2015","H","6,72"]
[90633,"MISTURADOR DUPLO HORIZONTAL DE ALTA TURBULÊNCIA, CAPACIDADE / VOLUME 2 X 500 LITROS, MOTORES ELÉTRICOS MÍNIMO 5 CV CADA, PARA NATA CIMENTO, ARGAMASSA E OUTROS - DEPRECIAÇÃO. AF_06/2015","H","3,28"]
[90634,"MISTURADOR DUPLO HORIZONTAL DE ALTA TURBULÊNCIA, CAPACIDADE / VOLUME 2 X 500 LITROS, MOTORES ELÉTRICOS MÍNIMO 5 CV CADA, PARA NATA CIMENTO, ARGAMASSA E OUTROS - JUROS. AF_06/2015","H","0,73"]
[90635,"MISTURADOR DUPLO HORIZONTAL DE ALTA TURBULÊNCIA, CAPACIDADE / VOLUME 2 X 500 LITROS, MOTORES ELÉTRICOS MÍNIMO 5 CV CADA, PARA NATA CIMENTO, ARGAMASSA E OUTROS - MANUTENÇÃO. AF_06/2015","H","3,59"]
[90636,"MISTURADOR DUPLO HORIZONTAL DE ALTA TURBULÊNCIA, CAPACIDADE / VOLUME 2 X 500 LITROS, MOTORES ELÉTRICOS MÍNIMO 5 CV CADA, PARA NATA CIMENTO, ARGAMASSA E OUTROS - MATERIAIS NA OPERAÇÃO. AF_06/2015","H","3,31"]
[90639,"BOMBA TRIPLEX, PARA INJEÇÃO DE NATA DE CIMENTO, VAZÃO MÁXIMA DE 100 LITROS/MINUTO, PRESSÃO MÁXIMA DE 70 BAR - DEPRECIAÇÃO. AF_06/2015","H","4,90"]
[90640,"BOMBA TRIPLEX, PARA INJEÇÃO DE NATA DE CIMENTO, VAZÃO MÁXIMA DE 100 LITROS/MINUTO, PRESSÃO MÁXIMA DE 70 BAR - JUROS. AF_06/2015","H","1,10"]
[90641,"BOMBA TRIPLEX, PARA INJEÇÃO DE NATA DE CIMENTO, VAZÃO MÁXIMA DE 100 LITROS/MINUTO, PRESSÃO MÁXIMA DE 70 BAR - MANUTENÇÃO. AF_06/2015","H","5,36"]
[90642,"BOMBA TRIPLEX, PARA INJEÇÃO DE NATA DE CIMENTO, VAZÃO MÁXIMA DE 100 LITROS/MINUTO, PRESSÃO MÁXIMA DE 70 BAR - MATERIAIS NA OPERAÇÃO. AF_06/2015","H","5,43"]
[90646,"BOMBA CENTRÍFUGA MONOESTÁGIO COM MOTOR ELÉTRICO MONOFÁSICO, POTÊNCIA 15 HP, DIÂMETRO DO ROTOR 173 MM, HM/Q = 30 MCA / 90 M3/H A 45 MCA / 55 M3/H - DEPRECIAÇÃO. AF_06/2015","H","0,54"]
[90647,"BOMBA CENTRÍFUGA MONOESTÁGIO COM MOTOR ELÉTRICO MONOFÁSICO, POTÊNCIA 15 HP, DIÂMETRO DO ROTOR 173 MM, HM/Q = 30 MCA / 90 M3/H A 45 MCA / 55 M3/H - JUROS. AF_06/2015","H","0,12"]
[90648,"BOMBA CENTRÍFUGA MONOESTÁGIO COM MOTOR ELÉTRICO MONOFÁSICO, POTÊNCIA 15 HP, DIÂMETRO DO ROTOR 173 MM, HM/Q = 30 MCA / 90 M3/H A 45 MCA / 55 M3/H - MANUTENÇÃO. AF_06/2015","H","0,59"]
[90649,"BOMBA CENTRÍFUGA MONOESTÁGIO COM MOTOR ELÉTRICO MONOFÁSICO, POTÊNCIA 15 HP, DIÂMETRO DO ROTOR 173 MM, HM/Q = 30 MCA / 90 M3/H A 45 MCA / 55 M3/H - MATERIAIS NA OPERAÇÃO. AF_06/2015","H","5,13"]
[90652,"BOMBA DE PROJEÇÃO DE CONCRETO SECO, POTÊNCIA 10 CV, VAZÃO 3 M3/H - DEPRECIAÇÃO. AF_06/2015","H","3,19"]
[90653,"BOMBA DE PROJEÇÃO DE CONCRETO SECO, POTÊNCIA 10 CV, VAZÃO 3 M3/H - JUROS. AF_06/2015","H","0,71"]
[90654,"BOMBA DE PROJEÇÃO DE CONCRETO SECO, POTÊNCIA 10 CV, VAZÃO 3 M3/H - MANUTENÇÃO. AF_06/2015","H","3,49"]
[90655,"BOMBA DE PROJEÇÃO DE CONCRETO SECO, POTÊNCIA 10 CV, VAZÃO 3 M3/H - MATERIAIS NA OPERAÇÃO. AF_06/2015","H","3,38"]
[90658,"BOMBA DE PROJEÇÃO DE CONCRETO SECO, POTÊNCIA 10 CV, VAZÃO 6 M3/H - DEPRECIAÇÃO. AF_06/2015","H","3,42"]
[90659,"BOMBA DE PROJEÇÃO DE CONCRETO SECO, POTÊNCIA 10 CV, VAZÃO 6 M3/H - JUROS. AF_06/2015","H","0,76"]
[90660,"BOMBA DE PROJEÇÃO DE CONCRETO SECO, POTÊNCIA 10 CV, VAZÃO 6 M3/H - MANUTENÇÃO. AF_06/2015","H","3,74"]
[90661,"BOMBA DE PROJEÇÃO DE CONCRETO SECO, POTÊNCIA 10 CV, VAZÃO 6 M3/H - MATERIAIS NA OPERAÇÃO. AF_06/2015","H","3,38"]
[90664,"PROJETOR PNEUMÁTICO DE ARGAMASSA PARA CHAPISCO E REBOCO COM RECIPIENTE ACOPLADO, TIPO CANEQUINHA, COM COMPRESSOR DE AR REBOCÁVEL VAZÃO 89 PCM E MOTOR DIESEL DE 20 CV - DEPRECIAÇÃO. AF_06/2015","H","3,11"]
[90665,"PROJETOR PNEUMÁTICO DE ARGAMASSA PARA CHAPISCO E REBOCO COM RECIPIENTE ACOPLADO, TIPO CANEQUINHA, COM COMPRESSOR DE AR REBOCÁVEL VAZÃO 89 PCM E MOTOR DIESEL DE 20 CV - JUROS. AF_06/2015","H","0,69"]
[90666,"PROJETOR PNEUMÁTICO DE ARGAMASSA PARA CHAPISCO E REBOCO COM RECIPIENTE ACOPLADO, TIPO CANEQUINHA, COM COMPRESSOR DE AR REBOCÁVEL VAZÃO 89 PCM E MOTOR DIESEL DE 20 CV - MANUTENÇÃO. AF_06/2015","H","3,40"]
[90667,"PROJETOR PNEUMÁTICO DE ARGAMASSA PARA CHAPISCO E REBOCO COM RECIPIENTE ACOPLADO, TIPO CANEQUINHA, COM COMPRESSOR DE AR REBOCÁVEL VAZÃO 89 PCM E MOTOR DIESEL DE 20 CV - MATERIAIS NA OPERAÇÃO. AF_06/2015","H","9,85"]
[90670,"PERFURATRIZ COM TORRE METÁLICA PARA EXECUÇÃO DE ESTACA HÉLICE CONTÍNUA, PROFUNDIDADE MÁXIMA DE 30 M, DIÂMETRO MÁXIMO DE 800 MM, POTÊNCIA INSTALADA DE 268 HP, MESA ROTATIVA COM TORQUE MÁXIMO DE 170 KNM - DEPRECIAÇÃO. AF_06/2015","H","104,63"]
[90671,"PERFURATRIZ COM TORRE METÁLICA PARA EXECUÇÃO DE ESTACA HÉLICE CONTÍNUA, PROFUNDIDADE MÁXIMA DE 30 M, DIÂMETRO MÁXIMO DE 800 MM, POTÊNCIA INSTALADA DE 268 HP, MESA ROTATIVA COM TORQUE MÁXIMO DE 170 KNM - JUROS. AF_06/2015","H","27,48"]
[90672,"PERFURATRIZ COM TORRE METÁLICA PARA EXECUÇÃO DE ESTACA HÉLICE CONTÍNUA, PROFUNDIDADE MÁXIMA DE 30 M, DIÂMETRO MÁXIMO DE 800 MM, POTÊNCIA INSTALADA DE 268 HP, MESA ROTATIVA COM TORQUE MÁXIMO DE 170 KNM - MANUTENÇÃO. AF_06/2015","H","130,94"]
[90673,"PERFURATRIZ COM TORRE METÁLICA PARA EXECUÇÃO DE ESTACA HÉLICE CONTÍNUA, PROFUNDIDADE MÁXIMA DE 30 M, DIÂMETRO MÁXIMO DE 800 MM, POTÊNCIA INSTALADA DE 268 HP, MESA ROTATIVA COM TORQUE MÁXIMO DE 170 KNM - MATERIAIS NA OPERAÇÃO. AF_06/2015","H","133,88"]
[90676,"PERFURATRIZ HIDRÁULICA SOBRE CAMINHÃO COM TRADO CURTO ACOPLADO, PROFUNDIDADE MÁXIMA DE 20 M, DIÂMETRO MÁXIMO DE 1500 MM, POTÊNCIA INSTALADA DE 137 HP, MESA ROTATIVA COM TORQUE MÁXIMO DE 30 KNM - DEPRECIAÇÃO. AF_06/2015","H","54,14"]
[90677,"PERFURATRIZ HIDRÁULICA SOBRE CAMINHÃO COM TRADO CURTO ACOPLADO, PROFUNDIDADE MÁXIMA DE 20 M, DIÂMETRO MÁXIMO DE 1500 MM, POTÊNCIA INSTALADA DE 137 HP, MESA ROTATIVA COM TORQUE MÁXIMO DE 30 KNM - JUROS. AF_06/2015","H","14,21"]
[90678,"PERFURATRIZ HIDRÁULICA SOBRE CAMINHÃO COM TRADO CURTO ACOPLADO, PROFUNDIDADE MÁXIMA DE 20 M, DIÂMETRO MÁXIMO DE 1500 MM, POTÊNCIA INSTALADA DE 137 HP, MESA ROTATIVA COM TORQUE MÁXIMO DE 30 KNM - MANUTENÇÃO. AF_06/2015","H","67,74"]
[90679,"PERFURATRIZ HIDRÁULICA SOBRE CAMINHÃO COM TRADO CURTO ACOPLADO, PROFUNDIDADE MÁXIMA DE 20 M, DIÂMETRO MÁXIMO DE 1500 MM, POTÊNCIA INSTALADA DE 137 HP, MESA ROTATIVA COM TORQUE MÁXIMO DE 30 KNM - MATERIAIS NA OPERAÇÃO. AF_06/2015","H","68,44"]
[90682,"MANIPULADOR TELESCÓPICO, POTÊNCIA DE 85 HP, CAPACIDADE DE CARGA DE 3.500 KG, ALTURA MÁXIMA DE ELEVAÇÃO DE 12,3 M - DEPRECIAÇÃO. AF_06/2015","H","23,34"]
[90683,"MANIPULADOR TELESCÓPICO, POTÊNCIA DE 85 HP, CAPACIDADE DE CARGA DE 3.500 KG, ALTURA MÁXIMA DE ELEVAÇÃO DE 12,3 M - JUROS. AF_06/2015","H","5,25"]
[90684,"MANIPULADOR TELESCÓPICO, POTÊNCIA DE 85 HP, CAPACIDADE DE CARGA DE 3.500 KG, ALTURA MÁXIMA DE ELEVAÇÃO DE 12,3 M - MANUTENÇÃO. AF_06/2015","H","25,53"]
[90685,"MANIPULADOR TELESCÓPICO, POTÊNCIA DE 85 HP, CAPACIDADE DE CARGA DE 3.500 KG, ALTURA MÁXIMA DE ELEVAÇÃO DE 12,3 M - MATERIAIS NA OPERAÇÃO. AF_06/2015","H","42,44"]
[90688,"MINICARREGADEIRA SOBRE RODAS, POTÊNCIA LÍQUIDA DE 47 HP, CAPACIDADE NOMINAL DE OPERAÇÃO DE 646 KG - DEPRECIAÇÃO. AF_06/2015","H","13,60"]
[90689,"MINICARREGADEIRA SOBRE RODAS, POTÊNCIA LÍQUIDA DE 47 HP, CAPACIDADE NOMINAL DE OPERAÇÃO DE 646 KG - JUROS. AF_06/2015","H","2,61"]
[90690,"MINICARREGADEIRA SOBRE RODAS, POTÊNCIA LÍQUIDA DE 47 HP, CAPACIDADE NOMINAL DE OPERAÇÃO DE 646 KG - MANUTENÇÃO. AF_06/2015","H","17,00"]
[90691,"MINICARREGADEIRA SOBRE RODAS, POTÊNCIA LÍQUIDA DE 47 HP, CAPACIDADE NOMINAL DE OPERAÇÃO DE 646 KG - MATERIAIS NA OPERAÇÃO. AF_06/2015","H","23,47"]
[90957,"COMPRESSOR DE AR REBOCÁVEL, VAZÃO 189 PCM, PRESSÃO EFETIVA DE TRABALHO 102 PSI, MOTOR DIESEL, POTÊNCIA 63 CV - DEPRECIAÇÃO. AF_06/2015","H","1,92"]
[90958,"COMPRESSOR DE AR REBOCÁVEL, VAZÃO 189 PCM, PRESSÃO EFETIVA DE TRABALHO 102 PSI, MOTOR DIESEL, POTÊNCIA 63 CV - JUROS. AF_06/2015","H","0,50"]
[90960,"COMPRESSOR DE AR REBOCÁVEL, VAZÃO 89 PCM, PRESSÃO EFETIVA DE TRABALHO 102 PSI, MOTOR DIESEL, POTÊNCIA 20 CV - DEPRECIAÇÃO. AF_06/2015","H","2,56"]
[90961,"COMPRESSOR DE AR REBOCÁVEL, VAZÃO 89 PCM, PRESSÃO EFETIVA DE TRABALHO 102 PSI, MOTOR DIESEL, POTÊNCIA 20 CV - JUROS. AF_06/2015","H","0,67"]
[90962,"COMPRESSOR DE AR REBOCÁVEL, VAZÃO 89 PCM, PRESSÃO EFETIVA DE TRABALHO 102 PSI, MOTOR DIESEL, POTÊNCIA 20 CV - MANUTENÇÃO. AF_06/2015","H","3,21"]
[90963,"COMPRESSOR DE AR REBOCÁVEL, VAZÃO 89 PCM, PRESSÃO EFETIVA DE TRABALHO 102 PSI, MOTOR DIESEL, POTÊNCIA 20 CV - MATERIAIS NA OPERAÇÃO. AF_06/2015","H","9,85"]
[90968,"COMPRESSOR DE AR REBOCAVEL, VAZÃO 250 PCM, PRESSAO DE TRABALHO 102 PSI, MOTOR A DIESEL POTÊNCIA 81 CV - DEPRECIAÇÃO. AF_06/2015","H","2,57"]
[90969,"COMPRESSOR DE AR REBOCAVEL, VAZÃO 250 PCM, PRESSAO DE TRABALHO 102 PSI, MOTOR A DIESEL POTÊNCIA 81 CV - JUROS. AF_06/2015","H","0,67"]
[90970,"COMPRESSOR DE AR REBOCAVEL, VAZÃO 250 PCM, PRESSAO DE TRABALHO 102 PSI, MOTOR A DIESEL POTÊNCIA 81 CV - MANUTENÇÃO. AF_06/2015","H","3,22"]
[90971,"COMPRESSOR DE AR REBOCAVEL, VAZÃO 250 PCM, PRESSAO DE TRABALHO 102 PSI, MOTOR A DIESEL POTÊNCIA 81 CV - MATERIAIS NA OPERAÇÃO. AF_06/2015","H","39,91"]
[90975,"COMPRESSOR DE AR REBOCÁVEL, VAZÃO 748 PCM, PRESSÃO EFETIVA DE TRABALHO 102 PSI, MOTOR DIESEL, POTÊNCIA 210 CV - DEPRECIAÇÃO. AF_06/2015","H","6,54"]
[90976,"COMPRESSOR DE AR REBOCÁVEL, VAZÃO 748 PCM, PRESSÃO EFETIVA DE TRABALHO 102 PSI, MOTOR DIESEL, POTÊNCIA 210 CV - JUROS. AF_06/2015","H","1,71"]
[90977,"COMPRESSOR DE AR REBOCÁVEL, VAZÃO 748 PCM, PRESSÃO EFETIVA DE TRABALHO 102 PSI, MOTOR DIESEL, POTÊNCIA 210 CV - MANUTENÇÃO. AF_06/2015","H","8,18"]
[90978,"COMPRESSOR DE AR REBOCÁVEL, VAZÃO 748 PCM, PRESSÃO EFETIVA DE TRABALHO 102 PSI, MOTOR DIESEL, POTÊNCIA 210 CV - MATERIAIS NA OPERAÇÃO. AF_06/2015","H","103,49"]
[90992,"COMPRESSOR DE AR REBOCAVEL, VAZÃO 400 PCM, PRESSAO DE TRABALHO 102 PSI, MOTOR A DIESEL POTÊNCIA 110 CV - DEPRECIAÇÃO. AF_06/2015","H","3,05"]
[90993,"COMPRESSOR DE AR REBOCAVEL, VAZÃO 400 PCM, PRESSAO DE TRABALHO 102 PSI, MOTOR A DIESEL POTÊNCIA 110 CV - JUROS. AF_06/2015","H","0,80"]
[90994,"COMPRESSOR DE AR REBOCAVEL, VAZÃO 400 PCM, PRESSAO DE TRABALHO 102 PSI, MOTOR A DIESEL POTÊNCIA 110 CV - MANUTENÇÃO. AF_06/2015","H","3,82"]
[90995,"COMPRESSOR DE AR REBOCAVEL, VAZÃO 400 PCM, PRESSAO DE TRABALHO 102 PSI, MOTOR A DIESEL POTÊNCIA 110 CV - MATERIAIS NA OPERAÇÃO. AF_06/2015","H","54,20"]
[91021,"PERFURATRIZ HIDRÁULICA SOBRE CAMINHÃO COM TRADO CURTO ACOPLADO, PROFUNDIDADE MÁXIMA DE 20 M, DIÂMETRO MÁXIMO DE 1500 MM, POTÊNCIA INSTALADA DE 137 HP, MESA ROTATIVA COM TORQUE MÁXIMO DE 30 KNM - IMPOSTOS E SEGUROS. AF_06/2015","H","2,93"]
[91026,"CAMINHÃO TRUCADO (C/ TERCEIRO EIXO) ELETRÔNICO - POTÊNCIA 231CV - PBT = 22000KG - DIST. ENTRE EIXOS 5170 MM - INCLUI CARROCERIA FIXA ABERTA DE MADEIRA - DEPRECIAÇÃO. AF_06/2015","H","9,57"]
[91027,"CAMINHÃO TRUCADO (C/ TERCEIRO EIXO) ELETRÔNICO - POTÊNCIA 231CV - PBT = 22000KG - DIST. ENTRE EIXOS 5170 MM - INCLUI CARROCERIA FIXA ABERTA DE MADEIRA - JUROS. AF_06/2015","H","3,82"]
[91028,"CAMINHÃO TRUCADO (C/ TERCEIRO EIXO) ELETRÔNICO - POTÊNCIA 231CV - PBT = 22000KG - DIST. ENTRE EIXOS 5170 MM - INCLUI CARROCERIA FIXA ABERTA DE MADEIRA - IMPOSTOS E SEGUROS. AF_06/2015","H","0,78"]
[91029,"CAMINHÃO TRUCADO (C/ TERCEIRO EIXO) ELETRÔNICO - POTÊNCIA 231CV - PBT = 22000KG - DIST. ENTRE EIXOS 5170 MM - INCLUI CARROCERIA FIXA ABERTA DE MADEIRA - MANUTENÇÃO. AF_06/2015","H","17,97"]
[91030,"CAMINHÃO TRUCADO (C/ TERCEIRO EIXO) ELETRÔNICO - POTÊNCIA 231CV - PBT = 22000KG - DIST. ENTRE EIXOS 5170 MM - INCLUI CARROCERIA FIXA ABERTA DE MADEIRA - MATERIAIS NA OPERAÇÃO. AF_06/2015","H","113,83"]
[91273,"PLACA VIBRATÓRIA REVERSÍVEL COM MOTOR 4 TEMPOS A GASOLINA, FORÇA CENTRÍFUGA DE 25 KN (2500 KGF), POTÊNCIA 5,5 CV - DEPRECIAÇÃO. AF_08/2015","H","0,45"]
[91274,"PLACA VIBRATÓRIA REVERSÍVEL COM MOTOR 4 TEMPOS A GASOLINA, FORÇA CENTRÍFUGA DE 25 KN (2500 KGF), POTÊNCIA 5,5 CV - JUROS. AF_08/2015","H","0,11"]
[91275,"PLACA VIBRATÓRIA REVERSÍVEL COM MOTOR 4 TEMPOS A GASOLINA, FORÇA CENTRÍFUGA DE 25 KN (2500 KGF), POTÊNCIA 5,5 CV - MANUTENÇÃO. AF_08/2015","H","0,57"]
[91276,"PLACA VIBRATÓRIA REVERSÍVEL COM MOTOR 4 TEMPOS A GASOLINA, FORÇA CENTRÍFUGA DE 25 KN (2500 KGF), POTÊNCIA 5,5 CV - MATERIAIS NA OPERAÇÃO. AF_08/2015","H","3,80"]
[91279,"CORTADORA DE PISO COM MOTOR 4 TEMPOS A GASOLINA, POTÊNCIA DE 13 HP, COM DISCO DE CORTE DIAMANTADO SEGMENTADO PARA CONCRETO, DIÂMETRO DE 350 MM, FURO DE 1\" (14 X 1\") - DEPRECIAÇÃO. AF_08/2015","H","0,56"]
[91280,"CORTADORA DE PISO COM MOTOR 4 TEMPOS A GASOLINA, POTÊNCIA DE 13 HP, COM DISCO DE CORTE DIAMANTADO SEGMENTADO PARA CONCRETO, DIÂMETRO DE 350 MM, FURO DE 1\" (14 X 1\") - JUROS. AF_08/2015","H","0,12"]
[91281,"CORTADORA DE PISO COM MOTOR 4 TEMPOS A GASOLINA, POTÊNCIA DE 13 HP, COM DISCO DE CORTE DIAMANTADO SEGMENTADO PARA CONCRETO, DIÂMETRO DE 350 MM, FURO DE 1\" (14 X 1\") - MANUTENÇÃO. AF_08/2015","H","0,70"]
[91282,"CORTADORA DE PISO COM MOTOR 4 TEMPOS A GASOLINA, POTÊNCIA DE 13 HP, COM DISCO DE CORTE DIAMANTADO SEGMENTADO PARA CONCRETO, DIÂMETRO DE 350 MM, FURO DE 1\" (14 X 1\") - MATERIAIS NA OPERAÇÃO. AF_08/2015","H","9,11"]
[91354,"CAMINHÃO TOCO, PESO BRUTO TOTAL 14.300 KG, CARGA ÚTIL MÁXIMA 9590 KG, DISTÂNCIA ENTRE EIXOS 4,76 M, POTÊNCIA 185 CV (NÃO INCLUI CARROCERIA) - DEPRECIAÇÃO. AF_06/2014","H","7,52"]
[91355,"CAMINHÃO TOCO, PESO BRUTO TOTAL 14.300 KG, CARGA ÚTIL MÁXIMA 9590 KG, DISTÂNCIA ENTRE EIXOS 4,76 M, POTÊNCIA 185 CV (NÃO INCLUI CARROCERIA) - JUROS. AF_06/2014","H","3,00"]
[91356,"CAMINHÃO TOCO, PESO BRUTO TOTAL 14.300 KG, CARGA ÚTIL MÁXIMA 9590 KG, DISTÂNCIA ENTRE EIXOS 4,76 M, POTÊNCIA 185 CV (NÃO INCLUI CARROCERIA) - IMPOSTOS E SEGUROS. AF_06/2014","H","0,61"]
[91359,"CAMINHÃO PIPA 6.000 L, PESO BRUTO TOTAL 13.000 KG, DISTÂNCIA ENTRE EIXOS 4,80 M, POTÊNCIA 189 CV INCLUSIVE TANQUE DE AÇO PARA TRANSPORTE DE ÁGUA, CAPACIDADE 6 M3 - DEPRECIAÇÃO. AF_06/2014","H","8,37"]
[91360,"CAMINHÃO PIPA 6.000 L, PESO BRUTO TOTAL 13.000 KG, DISTÂNCIA ENTRE EIXOS 4,80 M, POTÊNCIA 189 CV INCLUSIVE TANQUE DE AÇO PARA TRANSPORTE DE ÁGUA, CAPACIDADE 6 M3 - JUROS. AF_06/2014","H","3,33"]
[91361,"CAMINHÃO PIPA 6.000 L, PESO BRUTO TOTAL 13.000 KG, DISTÂNCIA ENTRE EIXOS 4,80 M, POTÊNCIA 189 CV INCLUSIVE TANQUE DE AÇO PARA TRANSPORTE DE ÁGUA, CAPACIDADE 6 M3 - IMPOSTOS E SEGUROS. AF_06/2014","H","0,67"]
[91367,"CAMINHÃO BASCULANTE 6 M3, PESO BRUTO TOTAL 16.000 KG, CARGA ÚTIL MÁXIMA 13.071 KG, DISTÂNCIA ENTRE EIXOS 4,80 M, POTÊNCIA 230 CV INCLUSIVE CAÇAMBA METÁLICA - DEPRECIAÇÃO. AF_06/2014","H","10,76"]
[91368,"CAMINHÃO BASCULANTE 6 M3, PESO BRUTO TOTAL 16.000 KG, CARGA ÚTIL MÁXIMA 13.071 KG, DISTÂNCIA ENTRE EIXOS 4,80 M, POTÊNCIA 230 CV INCLUSIVE CAÇAMBA METÁLICA - JUROS. AF_06/2014","H","3,76"]
[91369,"CAMINHÃO BASCULANTE 6 M3, PESO BRUTO TOTAL 16.000 KG, CARGA ÚTIL MÁXIMA 13.071 KG, DISTÂNCIA ENTRE EIXOS 4,80 M, POTÊNCIA 230 CV INCLUSIVE CAÇAMBA METÁLICA - IMPOSTOS E SEGUROS. AF_06/2014","H","0,77"]
[91375,"CAMINHÃO TOCO, PESO BRUTO TOTAL 16.000 KG, CARGA ÚTIL MÁXIMA DE 10.685 KG, DISTÂNCIA ENTRE EIXOS 4,80 M, POTÊNCIA 189 CV EXCLUSIVE CARROCERIA - DEPRECIAÇÃO. AF_06/2014","H","6,33"]
[91376,"CAMINHÃO TOCO, PESO BRUTO TOTAL 16.000 KG, CARGA ÚTIL MÁXIMA DE 10.685 KG, DISTÂNCIA ENTRE EIXOS 4,80 M, POTÊNCIA 189 CV EXCLUSIVE CARROCERIA - JUROS. AF_06/2014","H","2,53"]
[91377,"CAMINHÃO TOCO, PESO BRUTO TOTAL 16.000 KG, CARGA ÚTIL MÁXIMA DE 10.685 KG, DISTÂNCIA ENTRE EIXOS 4,80 M, POTÊNCIA 189 CV EXCLUSIVE CARROCERIA - IMPOSTOS E SEGUROS. AF_06/2014","H","0,51"]
[91380,"CAMINHÃO BASCULANTE 10 M3, TRUCADO CABINE SIMPLES, PESO BRUTO TOTAL 23.000 KG, CARGA ÚTIL MÁXIMA 15.935 KG, DISTÂNCIA ENTRE EIXOS 4,80 M, POTÊNCIA 230 CV INCLUSIVE CAÇAMBA METÁLICA - DEPRECIAÇÃO. AF_06/2014","H","12,10"]
[91381,"CAMINHÃO BASCULANTE 10 M3, TRUCADO CABINE SIMPLES, PESO BRUTO TOTAL 23.000 KG, CARGA ÚTIL MÁXIMA 15.935 KG, DISTÂNCIA ENTRE EIXOS 4,80 M, POTÊNCIA 230 CV INCLUSIVE CAÇAMBA METÁLICA - JUROS. AF_06/2014","H","4,23"]
[91382,"CAMINHÃO BASCULANTE 10 M3, TRUCADO CABINE SIMPLES, PESO BRUTO TOTAL 23.000 KG, CARGA ÚTIL MÁXIMA 15.935 KG, DISTÂNCIA ENTRE EIXOS 4,80 M, POTÊNCIA 230 CV INCLUSIVE CAÇAMBA METÁLICA - IMPOSTOS E SEGUROS. AF_06/2014","H","0,87"]
[91383,"CAMINHÃO BASCULANTE 10 M3, TRUCADO CABINE SIMPLES, PESO BRUTO TOTAL 23.000 KG, CARGA ÚTIL MÁXIMA 15.935 KG, DISTÂNCIA ENTRE EIXOS 4,80 M, POTÊNCIA 230 CV INCLUSIVE CAÇAMBA METÁLICA - MANUTENÇÃO. AF_06/2014","H","22,70"]
[91384,"CAMINHÃO BASCULANTE 10 M3, TRUCADO CABINE SIMPLES, PESO BRUTO TOTAL 23.000 KG, CARGA ÚTIL MÁXIMA 15.935 KG, DISTÂNCIA ENTRE EIXOS 4,80 M, POTÊNCIA 230 CV INCLUSIVE CAÇAMBA METÁLICA - MATERIAIS NA OPERAÇÃO. AF_06/2014","H","113,34"]
[91390,"CAMINHÃO TOCO, PBT 14.300 KG, CARGA ÚTIL MÁX. 9.710 KG, DIST. ENTRE EIXOS 3,56 M, POTÊNCIA 185 CV, INCLUSIVE CARROCERIA FIXA ABERTA DE MADEIRA P/ TRANSPORTE GERAL DE CARGA SECA, DIMEN. APROX. 2,50 X 6,50 X 0,50 M - DEPRECIAÇÃO. AF_06/2014","H","8,02"]
[91391,"CAMINHÃO TOCO, PBT 14.300 KG, CARGA ÚTIL MÁX. 9.710 KG, DIST. ENTRE EIXOS 3,56 M, POTÊNCIA 185 CV, INCLUSIVE CARROCERIA FIXA ABERTA DE MADEIRA P/ TRANSPORTE GERAL DE CARGA SECA, DIMEN. APROX. 2,50 X 6,50 X 0,50 M - JUROS. AF_06/2014","H","3,20"]
[91392,"CAMINHÃO TOCO, PBT 14.300 KG, CARGA ÚTIL MÁX. 9.710 KG, DIST. ENTRE EIXOS 3,56 M, POTÊNCIA 185 CV, INCLUSIVE CARROCERIA FIXA ABERTA DE MADEIRA P/ TRANSPORTE GERAL DE CARGA SECA, DIMEN. APROX. 2,50 X 6,50 X 0,50 M - IMPOSTOS E SEGUROS. AF_06/2014","H","0,65"]
[91396,"CAMINHÃO PIPA 10.000 L TRUCADO, PESO BRUTO TOTAL 23.000 KG, CARGA ÚTIL MÁXIMA 15.935 KG, DISTÂNCIA ENTRE EIXOS 4,8 M, POTÊNCIA 230 CV, INCLUSIVE TANQUE DE AÇO PARA TRANSPORTE DE ÁGUA - DEPRECIAÇÃO. AF_06/2014","H","10,75"]
[91397,"CAMINHÃO PIPA 10.000 L TRUCADO, PESO BRUTO TOTAL 23.000 KG, CARGA ÚTIL MÁXIMA 15.935 KG, DISTÂNCIA ENTRE EIXOS 4,8 M, POTÊNCIA 230 CV, INCLUSIVE TANQUE DE AÇO PARA TRANSPORTE DE ÁGUA - JUROS. AF_06/2014","H","4,29"]
[91398,"CAMINHÃO PIPA 10.000 L TRUCADO, PESO BRUTO TOTAL 23.000 KG, CARGA ÚTIL MÁXIMA 15.935 KG, DISTÂNCIA ENTRE EIXOS 4,8 M, POTÊNCIA 230 CV, INCLUSIVE TANQUE DE AÇO PARA TRANSPORTE DE ÁGUA - IMPOSTOS E SEGUROS. AF_06/2014","H","0,87"]
[91402,"CAMINHÃO BASCULANTE 6 M3 TOCO, PESO BRUTO TOTAL 16.000 KG, CARGA ÚTIL MÁXIMA 11.130 KG, DISTÂNCIA ENTRE EIXOS 5,36 M, POTÊNCIA 185 CV, INCLUSIVE CAÇAMBA METÁLICA - IMPOSTOS E SEGUROS. AF_06/2014","H","0,73"]
[91466,"GUINDAUTO HIDRÁULICO, CAPACIDADE MÁXIMA DE CARGA 6200 KG, MOMENTO MÁXIMO DE CARGA 11,7 TM, ALCANCE MÁXIMO HORIZONTAL 9,70 M, INCLUSIVE CAMINHÃO TOCO PBT 16.000 KG, POTÊNCIA DE 189 CV - IMPOSTOS E SEGUROS. AF_08/2015","H","0,72"]
[91467,"GUINDAUTO HIDRÁULICO, CAPACIDADE MÁXIMA DE CARGA 6200 KG, MOMENTO MÁXIMO DE CARGA 11,7 TM, ALCANCE MÁXIMO HORIZONTAL 9,70 M, INCLUSIVE CAMINHÃO TOCO PBT 16.000 KG, POTÊNCIA DE 189 CV - MATERIAIS NA OPERAÇÃO. AF_08/2015","H","93,14"]
[91468,"ESPARGIDOR DE ASFALTO PRESSURIZADO, TANQUE 6 M3 COM ISOLAÇÃO TÉRMICA, AQUECIDO COM 2 MAÇARICOS, COM BARRA ESPARGIDORA 3,60 M, MONTADO SOBRE CAMINHÃO  TOCO, PBT 14.300 KG, POTÊNCIA 185 CV - DEPRECIAÇÃO. AF_08/2015","H","12,14"]
[91469,"ESPARGIDOR DE ASFALTO PRESSURIZADO, TANQUE 6 M3 COM ISOLAÇÃO TÉRMICA, AQUECIDO COM 2 MAÇARICOS, COM BARRA ESPARGIDORA 3,60 M, MONTADO SOBRE CAMINHÃO  TOCO, PBT 14.300 KG, POTÊNCIA 185 CV - JUROS. AF_08/2015","H","4,11"]
[91484,"ESPARGIDOR DE ASFALTO PRESSURIZADO, TANQUE 6 M3 COM ISOLAÇÃO TÉRMICA, AQUECIDO COM 2 MAÇARICOS, COM BARRA ESPARGIDORA 3,60 M, MONTADO SOBRE CAMINHÃO  TOCO, PBT 14.300 KG, POTÊNCIA 185 CV - IMPOSTOS E SEGUROS. AF_08/2015","H","0,83"]
[91485,"ESPARGIDOR DE ASFALTO PRESSURIZADO, TANQUE 6 M3 COM ISOLAÇÃO TÉRMICA, AQUECIDO COM 2 MAÇARICOS, COM BARRA ESPARGIDORA 3,60 M, MONTADO SOBRE CAMINHÃO  TOCO, PBT 14.300 KG, POTÊNCIA 185 CV - MATERIAIS NA OPERAÇÃO. AF_08/2015","H","128,37"]
[91529,"COMPACTADOR DE SOLOS DE PERCUSSÃO (SOQUETE) COM MOTOR A GASOLINA 4 TEMPOS, POTÊNCIA 4 CV - DEPRECIAÇÃO. AF_08/2015","H","0,67"]
[91530,"COMPACTADOR DE SOLOS DE PERCUSSÃO (SOQUETE) COM MOTOR A GASOLINA 4 TEMPOS, POTÊNCIA 4 CV - JUROS. AF_08/2015","H","0,17"]
[91531,"COMPACTADOR DE SOLOS DE PERCUSSÃO (SOQUETE) COM MOTOR A GASOLINA 4 TEMPOS, POTÊNCIA 4 CV - MANUTENÇÃO. AF_08/2015","H","0,84"]
[91532,"COMPACTADOR DE SOLOS DE PERCUSSÃO (SOQUETE) COM MOTOR A GASOLINA 4 TEMPOS, POTÊNCIA 4 CV - MATERIAIS NA OPERAÇÃO. AF_08/2015","H","2,77"]
[91629,"GUINDAUTO HIDRÁULICO, CAPACIDADE MÁXIMA DE CARGA 6500 KG, MOMENTO MÁXIMO DE CARGA 5,8 TM, ALCANCE MÁXIMO HORIZONTAL 7,60 M, INCLUSIVE CAMINHÃO TOCO PBT 9.700 KG, POTÊNCIA DE 160 CV - DEPRECIAÇÃO. AF_08/2015","H","8,20"]
[91630,"GUINDAUTO HIDRÁULICO, CAPACIDADE MÁXIMA DE CARGA 6500 KG, MOMENTO MÁXIMO DE CARGA 5,8 TM, ALCANCE MÁXIMO HORIZONTAL 7,60 M, INCLUSIVE CAMINHÃO TOCO PBT 9.700 KG, POTÊNCIA DE 160 CV - JUROS. AF_08/2015","H","3,27"]
[91631,"GUINDAUTO HIDRÁULICO, CAPACIDADE MÁXIMA DE CARGA 6500 KG, MOMENTO MÁXIMO DE CARGA 5,8 TM, ALCANCE MÁXIMO HORIZONTAL 7,60 M, INCLUSIVE CAMINHÃO TOCO PBT 9.700 KG, POTÊNCIA DE 160 CV - IMPOSTOS E SEGUROS. AF_08/2015","H","0,66"]
[91632,"GUINDAUTO HIDRÁULICO, CAPACIDADE MÁXIMA DE CARGA 6500 KG, MOMENTO MÁXIMO DE CARGA 5,8 TM, ALCANCE MÁXIMO HORIZONTAL 7,60 M, INCLUSIVE CAMINHÃO TOCO PBT 9.700 KG, POTÊNCIA DE 160 CV - MANUTENÇÃO. AF_08/2015","H","15,37"]
[91633,"GUINDAUTO HIDRÁULICO, CAPACIDADE MÁXIMA DE CARGA 6500 KG, MOMENTO MÁXIMO DE CARGA 5,8 TM, ALCANCE MÁXIMO HORIZONTAL 7,60 M, INCLUSIVE CAMINHÃO TOCO PBT 9.700 KG, POTÊNCIA DE 160 CV - MATERIAIS NA OPERAÇÃO. AF_08/2015","H","78,86"]
[91640,"CAMINHÃO DE TRANSPORTE DE MATERIAL ASFÁLTICO 30.000 L, COM CAVALO MECÂNICO DE CAPACIDADE MÁXIMA DE TRAÇÃO COMBINADO DE 66.000 KG, POTÊNCIA 360 CV, INCLUSIVE TANQUE DE ASFALTO COM SERPENTINA - DEPRECIAÇÃO. AF_08/2015","H","14,17"]
[91641,"CAMINHÃO DE TRANSPORTE DE MATERIAL ASFÁLTICO 30.000 L, COM CAVALO MECÂNICO DE CAPACIDADE MÁXIMA DE TRAÇÃO COMBINADO DE 66.000 KG, POTÊNCIA 360 CV, INCLUSIVE TANQUE DE ASFALTO COM SERPENTINA - JUROS. AF_08/2015","H","5,66"]
[91642,"CAMINHÃO DE TRANSPORTE DE MATERIAL ASFÁLTICO 30.000 L, COM CAVALO MECÂNICO DE CAPACIDADE MÁXIMA DE TRAÇÃO COMBINADO DE 66.000 KG, POTÊNCIA 360 CV, INCLUSIVE TANQUE DE ASFALTO COM SERPENTINA - IMPOSTOS E SEGUROS. AF_08/2015","H","1,15"]
[91643,"CAMINHÃO DE TRANSPORTE DE MATERIAL ASFÁLTICO 30.000 L, COM CAVALO MECÂNICO DE CAPACIDADE MÁXIMA DE TRAÇÃO COMBINADO DE 66.000 KG, POTÊNCIA 360 CV, INCLUSIVE TANQUE DE ASFALTO COM SERPENTINA - MANUTENÇÃO. AF_08/2015","H","26,57"]
[91644,"CAMINHÃO DE TRANSPORTE DE MATERIAL ASFÁLTICO 30.000 L, COM CAVALO MECÂNICO DE CAPACIDADE MÁXIMA DE TRAÇÃO COMBINADO DE 66.000 KG, POTÊNCIA 360 CV, INCLUSIVE TANQUE DE ASFALTO COM SERPENTINA - MATERIAIS NA OPERAÇÃO. AF_08/2015","H","177,40"]
[91688,"SERRA CIRCULAR DE BANCADA COM MOTOR ELÉTRICO POTÊNCIA DE 5HP, COM COIFA PARA DISCO 10\" - DEPRECIAÇÃO. AF_08/2015","H","0,06"]
[91689,"SERRA CIRCULAR DE BANCADA COM MOTOR ELÉTRICO POTÊNCIA DE 5HP, COM COIFA PARA DISCO 10\" - JUROS. AF_08/2015","H","0,01"]
[91690,"SERRA CIRCULAR DE BANCADA COM MOTOR ELÉTRICO POTÊNCIA DE 5HP, COM COIFA PARA DISCO 10\" - MANUTENÇÃO. AF_08/2015","H","0,04"]
[91691,"SERRA CIRCULAR DE BANCADA COM MOTOR ELÉTRICO POTÊNCIA DE 5HP, COM COIFA PARA DISCO 10\" - MATERIAIS NA OPERAÇÃO. AF_08/2015","H","1,68"]
[92040,"DISTRIBUIDOR DE AGREGADOS REBOCAVEL, CAPACIDADE 1,9 M³, LARGURA DE TRABALHO 3,66 M - DEPRECIAÇÃO. AF_11/2015","H","3,82"]
[92041,"DISTRIBUIDOR DE AGREGADOS REBOCAVEL, CAPACIDADE 1,9 M³, LARGURA DE TRABALHO 3,66 M - JUROS. AF_11/2015","H","0,76"]
[92042,"DISTRIBUIDOR DE AGREGADOS REBOCAVEL, CAPACIDADE 1,9 M³, LARGURA DE TRABALHO 3,66 M - MANUTENÇÃO. AF_11/2015","H","3,18"]
[92101,"CAMINHÃO PARA EQUIPAMENTO DE LIMPEZA A SUCÇÃO COM CAMINHÃO TRUCADO DE PESO BRUTO TOTAL 23000 KG, CARGA ÚTIL MÁXIMA 15935 KG, DISTÂNCIA ENTRE EIXOS 4,80 M, POTÊNCIA 230 CV, INCLUSIVE LIMPADORA A SUCÇÃO, TANQUE 12000 L - DEPRECIAÇÃO. AF_11/2015","H","12,03"]
[92102,"CAMINHÃO PARA EQUIPAMENTO DE LIMPEZA A SUCÇÃO COM CAMINHÃO TRUCADO DE PESO BRUTO TOTAL 23000 KG, CARGA ÚTIL MÁXIMA 15935 KG, DISTÂNCIA ENTRE EIXOS 4,80 M, POTÊNCIA 230 CV, INCLUSIVE LIMPADORA A SUCÇÃO, TANQUE 12000 L - JUROS. AF_11/2015","H","4,80"]
[92103,"CAMINHÃO PARA EQUIPAMENTO DE LIMPEZA A SUCÇÃO COM CAMINHÃO TRUCADO DE PESO BRUTO TOTAL 23000 KG, CARGA ÚTIL MÁXIMA 15935 KG, DISTÂNCIA ENTRE EIXOS 4,80 M, POTÊNCIA 230 CV, INCLUSIVE LIMPADORA A SUCÇÃO, TANQUE 12000 L - IMPOSTOS E SEGUROS. AF_11/2015","H","0,97"]
[92104,"CAMINHÃO PARA EQUIPAMENTO DE LIMPEZA A SUCÇÃO COM CAMINHÃO TRUCADO DE PESO BRUTO TOTAL 23000 KG, CARGA ÚTIL MÁXIMA 15935 KG, DISTÂNCIA ENTRE EIXOS 4,80 M, POTÊNCIA 230 CV, INCLUSIVE LIMPADORA A SUCÇÃO, TANQUE 12000 L - MANUTENÇÃO. AF_11/2015","H","22,57"]
[92105,"CAMINHÃO PARA EQUIPAMENTO DE LIMPEZA A SUCÇÃO COM CAMINHÃO TRUCADO DE PESO BRUTO TOTAL 23000 KG, CARGA ÚTIL MÁX. 15935 KG, DISTÂNCIA ENTRE EIXOS 4,80 M, POTÊNCIA 230 CV, INCLUSIVE LIMPADORA A SUCÇÃO, TANQUE 12000 L - MATERIAIS NA OPERAÇÃO. AF_11/2015","H","113,34"]
[92108,"PENEIRA ROTATIVA COM MOTOR ELÉTRICO TRIFÁSICO DE 2 CV, CILINDRO DE 1 M X 0,60 M, COM FUROS DE 3,17 MM - DEPRECIAÇÃO. AF_11/2015","H","0,76"]
[92109,"PENEIRA ROTATIVA COM MOTOR ELÉTRICO TRIFÁSICO DE 2 CV, CILINDRO DE 1 M X 0,60 M, COM FUROS DE 3,17 MM - JUROS. AF_11/2015","H","0,17"]
[92110,"PENEIRA ROTATIVA COM MOTOR ELÉTRICO TRIFÁSICO DE 2 CV, CILINDRO DE 1 M X 0,60 M, COM FUROS DE 3,17 MM - MANUTENÇÃO. AF_11/2015","H","0,60"]
[92111,"PENEIRA ROTATIVA COM MOTOR ELÉTRICO TRIFÁSICO DE 2 CV, CILINDRO DE 1 M X 0,60 M, COM FUROS DE 3,17 MM - MATERIAIS NA OPERAÇÃO. AF_11/2015","H","0,66"]
[92114,"DOSADOR DE AREIA, CAPACIDADE DE 26 LITROS - DEPRECIAÇÃO. AF_11/2015","H","0,08"]
[92115,"DOSADOR DE AREIA, CAPACIDADE DE 26 LITROS - JUROS. AF_11/2015","H","0,01"]
[92116,"DOSADOR DE AREIA, CAPACIDADE DE 26 LITROS - MANUTENÇÃO. AF_11/2015","H","0,10"]
[92133,"CAMINHONETE COM MOTOR A DIESEL, POTÊNCIA 180 CV, CABINE DUPLA, 4X4 - DEPRECIAÇÃO. AF_11/2015","H","6,93"]
[92134,"CAMINHONETE COM MOTOR A DIESEL, POTÊNCIA 180 CV, CABINE DUPLA, 4X4 - JUROS. AF_11/2015","H","2,07"]
[92135,"CAMINHONETE COM MOTOR A DIESEL, POTÊNCIA 180 CV, CABINE DUPLA, 4X4 - IMPOSTOS E SEGUROS. AF_11/2015","H","0,43"]
[92136,"CAMINHONETE COM MOTOR A DIESEL, POTÊNCIA 180 CV, CABINE DUPLA, 4X4 - MANUTENÇÃO. AF_11/2015","H","8,66"]
[92137,"CAMINHONETE COM MOTOR A DIESEL, POTÊNCIA 180 CV, CABINE DUPLA, 4X4 - MATERIAIS NA OPERAÇÃO. AF_11/2015","H","88,72"]
[92140,"CAMINHONETE CABINE SIMPLES COM MOTOR 1.6 FLEX, CÂMBIO MANUAL, POTÊNCIA 101/104 CV, 2 PORTAS - DEPRECIAÇÃO. AF_11/2015","H","2,11"]
[92141,"CAMINHONETE CABINE SIMPLES COM MOTOR 1.6 FLEX, CÂMBIO MANUAL, POTÊNCIA 101/104 CV, 2 PORTAS - JUROS. AF_11/2015","H","0,63"]
[92142,"CAMINHONETE CABINE SIMPLES COM MOTOR 1.6 FLEX, CÂMBIO MANUAL, POTÊNCIA 101/104 CV, 2 PORTAS - IMPOSTOS E SEGUROS. AF_11/2015","H","0,13"]
[92143,"CAMINHONETE CABINE SIMPLES COM MOTOR 1.6 FLEX, CÂMBIO MANUAL, POTÊNCIA 101/104 CV, 2 PORTAS - MANUTENÇÃO. AF_11/2015","H","2,64"]
[92144,"CAMINHONETE CABINE SIMPLES COM MOTOR 1.6 FLEX, CÂMBIO MANUAL, POTÊNCIA 101/104 CV, 2 PORTAS - MATERIAIS NA OPERAÇÃO. AF_11/2015","H","69,88"]
[92237,"CAMINHÃO DE TRANSPORTE DE MATERIAL ASFÁLTICO 20.000 L, COM CAVALO MECÂNICO DE CAPACIDADE MÁXIMA DE TRAÇÃO COMBINADO DE 45.000 KG, POTÊNCIA 330 CV, INCLUSIVE TANQUE DE ASFALTO COM MAÇARICO - DEPRECIAÇÃO. AF_12/2015","H","10,39"]
[92238,"CAMINHÃO DE TRANSPORTE DE MATERIAL ASFÁLTICO 20.000 L, COM CAVALO MECÂNICO DE CAPACIDADE MÁXIMA DE TRAÇÃO COMBINADO DE 45.000 KG, POTÊNCIA 330 CV, INCLUSIVE TANQUE DE ASFALTO COM MAÇARICO - JUROS. AF_12/2015","H","4,15"]
[92239,"CAMINHÃO DE TRANSPORTE DE MATERIAL ASFÁLTICO 20.000 L, COM CAVALO MECÂNICO DE CAPACIDADE MÁXIMA DE TRAÇÃO COMBINADO DE 45.000 KG, POTÊNCIA 330 CV, INCLUSIVE TANQUE DE ASFALTO COM MAÇARICO - IMPOSTOS E SEGUROS. AF_12/2015","H","0,83"]
[92240,"CAMINHÃO DE TRANSPORTE DE MATERIAL ASFÁLTICO 20.000 L, COM CAVALO MECÂNICO DE CAPACIDADE MÁXIMA DE TRAÇÃO COMBINADO DE 45.000 KG, POTÊNCIA 330 CV, INCLUSIVE TANQUE DE ASFALTO COM MAÇARICO - MANUTENÇÃO. AF_12/2015","H","19,49"]
[92241,"CAMINHÃO DE TRANSPORTE DE MATERIAL ASFÁLTICO 20.000 L, COM CAVALO MECÂNICO DE CAPACIDADE MÁXIMA DE TRAÇÃO COMBINADO DE 45.000 KG, POTÊNCIA 330 CV, INCLUSIVE TANQUE DE ASFALTO COM MAÇARICO - MATERIAIS NA OPERAÇÃO. AF_12/2015","H","162,63"]
[92712,"APARELHO PARA CORTE E SOLDA OXI-ACETILENO SOBRE RODAS, INCLUSIVE CILINDROS E MAÇARICOS - DEPRECIAÇÃO. AF_12/2015","H","0,14"]
[92713,"APARELHO PARA CORTE E SOLDA OXI-ACETILENO SOBRE RODAS, INCLUSIVE CILINDROS E MAÇARICOS - JUROS. AF_12/2015","H","0,03"]
[92714,"APARELHO PARA CORTE E SOLDA OXI-ACETILENO SOBRE RODAS, INCLUSIVE CILINDROS E MAÇARICOS - MANUTENÇÃO. AF_12/2015","H","0,18"]
[92715,"APARELHO PARA CORTE E SOLDA OXI-ACETILENO SOBRE RODAS, INCLUSIVE CILINDROS E MAÇARICOS - MATERIAIS NA OPERAÇÃO. AF_12/2015","H","19,91"]
[92956,"MÁQUINA EXTRUSORA DE CONCRETO PARA GUIAS E SARJETAS, MOTOR A DIESEL, POTÊNCIA 14 CV - DEPRECIAÇÃO. AF_12/2015","H","5,01"]
[92957,"MÁQUINA EXTRUSORA DE CONCRETO PARA GUIAS E SARJETAS, MOTOR A DIESEL, POTÊNCIA 14 CV - JUROS. AF_12/2015","H","1,12"]
[92958,"MÁQUINA EXTRUSORA DE CONCRETO PARA GUIAS E SARJETAS, MOTOR A DIESEL, POTÊNCIA 14 CV - MANUTENÇÃO. AF_12/2015","H","5,48"]
[92959,"MÁQUINA EXTRUSORA DE CONCRETO PARA GUIAS E SARJETAS, MOTOR A DIESEL, POTÊNCIA 14 CV - MATERIAIS NA OPERAÇÃO. AF_12/2015","H","6,88"]
[92963,"MARTELO PERFURADOR PNEUMÁTICO MANUAL, HASTE 25 X 75 MM, 21 KG - DEPRECIAÇÃO. AF_12/2015","H","0,87"]
[92964,"MARTELO PERFURADOR PNEUMÁTICO MANUAL, HASTE 25 X 75 MM, 21 KG - JUROS. AF_12/2015","H","0,19"]
[92965,"MARTELO PERFURADOR PNEUMÁTICO MANUAL, HASTE 25 X 75 MM, 21 KG - MANUTENÇÃO. AF_12/2015","H","1,09"]
[93220,"PERFURATRIZ COM TORRE METÁLICA PARA EXECUÇÃO DE ESTACA HÉLICE CONTÍNUA, PROFUNDIDADE MÁXIMA DE 32 M, DIÂMETRO MÁXIMO DE 1000 MM, POTÊNCIA INSTALADA DE 350 HP, MESA ROTATIVA COM TORQUE MÁXIMO DE 263 KNM - DEPRECIAÇÃO. AF_01/2016","H","162,70"]
[93221,"PERFURATRIZ COM TORRE METÁLICA PARA EXECUÇÃO DE ESTACA HÉLICE CONTÍNUA, PROFUNDIDADE MÁXIMA DE 32 M, DIÂMETRO MÁXIMO DE 1000 MM, POTÊNCIA INSTALADA DE 350 HP, MESA ROTATIVA COM TORQUE MÁXIMO DE 263 KNM - JUROS. AF_01/2016","H","42,73"]
[93222,"PERFURATRIZ COM TORRE METÁLICA PARA EXECUÇÃO DE ESTACA HÉLICE CONTÍNUA, PROFUNDIDADE MÁXIMA DE 32 M, DIÂMETRO MÁXIMO DE 1000 MM, POTÊNCIA INSTALADA DE 350 HP, MESA ROTATIVA COM TORQUE MÁXIMO DE 263 KNM - MANUTENÇÃO. AF_01/2016","H","203,61"]
[93223,"PERFURATRIZ COM TORRE METÁLICA PARA EXECUÇÃO DE ESTACA HÉLICE CONTÍNUA, PROFUNDIDADE MÁXIMA DE 32 M, DIÂMETRO MÁXIMO DE 1000 MM, POTÊNCIA INSTALADA DE 350 HP, MESA ROTATIVA COM TORQUE MÁXIMO DE 263 KNM – MATERIAIS NA OPERAÇÃO. AF_01/2016","H","174,84"]
[93229,"BETONEIRA CAPACIDADE NOMINAL 400 L, CAPACIDADE DE MISTURA 310 L, MOTOR A GASOLINA POTÊNCIA 5,5 HP, SEM CARREGADOR - DEPRECIAÇÃO. AF_02/2016","H","0,32"]
[93230,"BETONEIRA CAPACIDADE NOMINAL 400 L, CAPACIDADE DE MISTURA 310 L, MOTOR A GASOLINA POTÊNCIA 5,5 HP, SEM CARREGADOR - JUROS. AF_02/2016","H","0,07"]
[93231,"BETONEIRA CAPACIDADE NOMINAL 400 L, CAPACIDADE DE MISTURA 310 L, MOTOR A GASOLINA POTÊNCIA 5,5 HP, SEM CARREGADOR - MANUTENÇÃO. AF_02/2016","H","0,30"]
[93232,"BETONEIRA CAPACIDADE NOMINAL 400 L, CAPACIDADE DE MISTURA 310 L, MOTOR A GASOLINA POTÊNCIA 5,5 HP, SEM CARREGADOR - MATERIAIS NA OPERAÇÃO. AF_02/2016","H","3,85"]
[93235,"GRUPO GERADOR ESTACIONÁRIO, MOTOR DIESEL POTÊNCIA 170 KVA - JUROS. AF_02/2016","H","1,15"]
[93238,"ROLO COMPACTADOR VIBRATÓRIO REBOCÁVEL, CILINDRO DE AÇO LISO, POTÊNCIA DE TRAÇÃO DE 65 CV, PESO 4,7 T, IMPACTO DINÂMICO 18,3 T, LARGURA DE TRABALHO 1,67 M - JUROS. AF_02/2016","H","1,16"]
[93239,"ROLO COMPACTADOR VIBRATÓRIO PÉ DE CARNEIRO, OPERADO POR CONTROLE REMOTO, POTÊNCIA 12,5 KW, PESO OPERACIONAL 1,675 T, LARGURA DE TRABALHO 0,85 M - JUROS. AF_02/2016","H","5,27"]
[93240,"ROLO COMPACTADOR VIBRATÓRIO PÉ DE CARNEIRO, OPERADO POR CONTROLE REMOTO, POTÊNCIA 12,5 KW, PESO OPERACIONAL 1,675 T, LARGURA DE TRABALHO 0,85 M - MATERIAIS NA OPERAÇÃO. AF_02/2016","H","8,37"]
[93267,"GRUA ASCENCIONAL, LANÇA DE 30 M, CAPACIDADE DE 1,0 T A 30 M, ALTURA ATÉ 39 M – DEPRECIAÇÃO. AF_03/2016","H","25,31"]
[93269,"GRUA ASCENCIONAL, LANÇA DE 30 M, CAPACIDADE DE 1,0 T A 30 M, ALTURA ATÉ 39 M   JUROS. AF_03/2016","H","5,69"]
[93270,"GRUA ASCENCIONAL, LANÇA DE 30 M, CAPACIDADE DE 1,0 T A 30 M, ALTURA ATÉ 39 M   MANUTENÇÃO. AF_03/2016","H","27,68"]
[93271,"GRUA ASCENCIONAL, LANÇA DE 30 M, CAPACIDADE DE 1,0 T A 30 M, ALTURA ATÉ 39 M   MATERIAIS NA OPERAÇÃO. AF_03/2016","H","4,95"]
[93277,"GUINCHO ELÉTRICO DE COLUNA, CAPACIDADE 400 KG, COM MOTO FREIO, MOTOR TRIFÁSICO DE 1,25 CV - DEPRECIAÇÃO. AF_03/2016","H","0,34"]
[93278,"GUINCHO ELÉTRICO DE COLUNA, CAPACIDADE 400 KG, COM MOTO FREIO, MOTOR TRIFÁSICO DE 1,25 CV - JUROS. AF_03/2016","H","0,07"]
[93279,"GUINCHO ELÉTRICO DE COLUNA, CAPACIDADE 400 KG, COM MOTO FREIO, MOTOR TRIFÁSICO DE 1,25 CV - MANUTENÇÃO. AF_03/2016","H","0,31"]
[93280,"GUINCHO ELÉTRICO DE COLUNA, CAPACIDADE 400 KG, COM MOTO FREIO, MOTOR TRIFÁSICO DE 1,25 CV - MATERIAIS NA OPERAÇÃO. AF_03/2016","H","0,41"]
[93283,"GUINDASTE HIDRÁULICO AUTOPROPELIDO, COM LANÇA TELESCÓPICA 40 M, CAPACIDADE MÁXIMA 60 T, POTÊNCIA 260 KW - DEPRECIAÇÃO. AF_03/2016","H","53,19"]
[93284,"GUINDASTE HIDRÁULICO AUTOPROPELIDO, COM LANÇA TELESCÓPICA 40 M, CAPACIDADE MÁXIMA 60 T, POTÊNCIA 260 KW - JUROS. AF_03/2016","H","18,22"]
[93285,"GUINDASTE HIDRÁULICO AUTOPROPELIDO, COM LANÇA TELESCÓPICA 40 M, CAPACIDADE MÁXIMA 60 T, POTÊNCIA 260 KW - MANUTENÇÃO. AF_03/2016","H","85,51"]
[93286,"GUINDASTE HIDRÁULICO AUTOPROPELIDO, COM LANÇA TELESCÓPICA 40 M, CAPACIDADE MÁXIMA 60 T, POTÊNCIA 260 KW - MATERIAIS NA OPERAÇÃO. AF_03/2016","H","117,13"]
[93296,"GUINDASTE HIDRÁULICO AUTOPROPELIDO, COM LANÇA TELESCÓPICA 40 M, CAPACIDADE MÁXIMA 60 T, POTÊNCIA 260 KW - IMPOSTOS E SEGUROS. AF_03/2016","H","3,72"]
[93397,"GUINDAUTO HIDRÁULICO, CAPACIDADE MÁXIMA DE CARGA 3300 KG, MOMENTO MÁXIMO DE CARGA 5,8 TM, ALCANCE MÁXIMO HORIZONTAL 7,60 M, INCLUSIVE CAMINHÃO TOCO PBT 16.000 KG, POTÊNCIA DE 189 CV - DEPRECIAÇÃO. AF_03/2016","H","8,20"]
[93398,"GUINDAUTO HIDRÁULICO, CAPACIDADE MÁXIMA DE CARGA 3300 KG, MOMENTO MÁXIMO DE CARGA 5,8 TM, ALCANCE MÁXIMO HORIZONTAL 7,60 M, INCLUSIVE CAMINHÃO TOCO PBT 16.000 KG, POTÊNCIA DE 189 CV - JUROS. AF_03/2016","H","3,27"]
[93399,"GUINDAUTO HIDRÁULICO, CAPACIDADE MÁXIMA DE CARGA 3300 KG, MOMENTO MÁXIMO DE CARGA 5,8 TM, ALCANCE MÁXIMO HORIZONTAL 7,60 M, INCLUSIVE CAMINHÃO TOCO PBT 16.000 KG, POTÊNCIA DE 189 CV – IMPOSTOS E SEGUROS. AF_03/2016","H","0,66"]
[93400,"GUINDAUTO HIDRÁULICO, CAPACIDADE MÁXIMA DE CARGA 3300 KG, MOMENTO MÁXIMO DE CARGA 5,8 TM, ALCANCE MÁXIMO HORIZONTAL 7,60 M, INCLUSIVE CAMINHÃO TOCO PBT 16.000 KG, POTÊNCIA DE 189 CV - MANUTENÇÃO. AF_03/2016","H","15,37"]
[93401,"GUINDAUTO HIDRÁULICO, CAPACIDADE MÁXIMA DE CARGA 3300 KG, MOMENTO MÁXIMO DE CARGA 5,8 TM, ALCANCE MÁXIMO HORIZONTAL 7,60 M, INCLUSIVE CAMINHÃO TOCO PBT 16.000 KG, POTÊNCIA DE 189 CV - MATERIAIS NA OPERAÇÃO. AF_03/2016","H","93,14"]
[93404,"MÁQUINA JATO DE PRESSAO PORTÁTIL PARA JATEAMENTO, CONTROLE AUTOMATICO REMOTO, CAMARA DE 1 SAIDA, CAPACIDADE 280 L, DIAMETRO 670 MM, BICO DE JATO CURTO VENTURI DE 5/16”, MANGUEIRA DE 1” COM COMPRESSOR DE AR REBOCÁVEL VAZÃO 189 PCM E MOTOR DIESEL DE 63 CV- DEPRECIAÇÃO. AF_03/2016","H","3,61"]
[93405,"MÁQUINA JATO DE PRESSAO PORTÁTIL PARA JATEAMENTO, CONTROLE AUTOMATICO REMOTO, CAMARA DE 1 SAIDA, CAPACIDADE 280 L, DIAMETRO 670 MM, BICO DE JATO CURTO VENTURI DE 5/16”, MANGUEIRA DE 1” COM COMPRESSOR DE AR REBOCÁVEL VAZÃO 189 PCM E MOTOR DIESEL DE 63 CV- JUROS. AF_03/2016","H","0,71"]
[93406,"MÁQUINA JATO DE PRESSAO PORTÁTIL PARA JATEAMENTO, CONTROLE AUTOMATICO REMOTO, CAMARA DE 1 SAIDA, CAPACIDADE 280 L, DIAMETRO 670 MM, BICO DE JATO CURTO VENTURI DE 5/16”, MANGUEIRA DE 1” COM COMPRESSOR DE AR REBOCÁVEL VAZÃO 189 PCM E MOTOR DIESEL DE 63 CV- MANUTENÇÃO. AF_03/2016","H","4,52"]
[93407,"MÁQUINA JATO DE PRESSAO PORTÁTIL PARA JATEAMENTO, CONTROLE AUTOMATICO REMOTO, CAMARA DE 1 SAIDA, CAPACIDADE 280 L, DIAMETRO 670 MM, BICO DE JATO CURTO VENTURI DE 5/16”, MANGUEIRA DE 1” COM COMPRESSOR DE AR REBOCÁVEL VAZÃO 189 PCM E MOTOR DIESEL DE 63 CV- MATERIAIS NA OPERAÇÃO. AF_03/2016","H","31,06"]
[93411,"GERADOR PORTÁTIL MONOFÁSICO, POTÊNCIA 5500 VA, MOTOR A GASOLINA, POTÊNCIA DO MOTOR 13 CV - DEPRECIAÇÃO. AF_03/2016","H","0,16"]
[93412,"GERADOR PORTÁTIL MONOFÁSICO, POTÊNCIA 5500 VA, MOTOR A GASOLINA, POTÊNCIA DO MOTOR 13 CV - JUROS. AF_03/2016","H","0,05"]
[93413,"GERADOR PORTÁTIL MONOFÁSICO, POTÊNCIA 5500 VA, MOTOR A GASOLINA, POTÊNCIA DO MOTOR 13 CV - MANUTENÇÃO. AF_03/2016","H","0,14"]
[93414,"GERADOR PORTÁTIL MONOFÁSICO, POTÊNCIA 5500 VA, MOTOR A GASOLINA, POTÊNCIA DO MOTOR 13 CV - MATERIAIS NA OPERAÇÃO. AF_03/2016","H","8,97"]
[93417,"GRUPO GERADOR REBOCÁVEL, POTÊNCIA 66 KVA, MOTOR A DIESEL - DEPRECIAÇÃO. AF_03/2016","H","2,11"]
[93418,"GRUPO GERADOR REBOCÁVEL, POTÊNCIA 66 KVA, MOTOR A DIESEL - JUROS. AF_03/2016","H","0,72"]
[93419,"GRUPO GERADOR REBOCÁVEL, POTÊNCIA 66 KVA, MOTOR A DIESEL - MANUTENÇÃO. AF_03/2016","H","1,89"]
[93420,"GRUPO GERADOR REBOCÁVEL, POTÊNCIA 66 KVA, MOTOR A DIESEL - MATERIAIS NA OPERAÇÃO. AF_03/2016","H","39,50"]
[93423,"GRUPO GERADOR ESTACIONÁRIO, POTÊNCIA 150 KVA, MOTOR A DIESEL- DEPRECIAÇÃO. AF_03/2016","H","2,99"]
[93424,"GRUPO GERADOR ESTACIONÁRIO, POTÊNCIA 150 KVA, MOTOR A DIESEL- JUROS. AF_03/2016","H","1,02"]
[93425,"GRUPO GERADOR ESTACIONÁRIO, POTÊNCIA 150 KVA, MOTOR A DIESEL- MANUTENÇÃO. AF_03/2016","H","2,67"]
[93426,"GRUPO GERADOR ESTACIONÁRIO, POTÊNCIA 150 KVA, MOTOR A DIESEL- MATERIAIS NA OPERAÇÃO. AF_03/2016","H","94,41"]
[93429,"USINA DE MISTURA ASFÁLTICA À QUENTE, TIPO CONTRA FLUXO, PROD 40 A 80 TON/HORA - DEPRECIAÇÃO. AF_03/2016","H","64,00"]
[93430,"USINA DE MISTURA ASFÁLTICA À QUENTE, TIPO CONTRA FLUXO, PROD 40 A 80 TON/HORA - JUROS. AF_03/2016","H","21,92"]
[93431,"USINA DE MISTURA ASFÁLTICA À QUENTE, TIPO CONTRA FLUXO, PROD 40 A 80 TON/HORA - MANUTENÇÃO. AF_03/2016","H","102,88"]
[93432,"USINA DE MISTURA ASFÁLTICA À QUENTE, TIPO CONTRA FLUXO, PROD 40 A 80 TON/HORA - MATERIAIS NA OPERAÇÃO. AF_03/2016","H","1.785,60"]
[93435,"USINA DE ASFALTO À FRIO, CAPACIDADE DE 40 A 60 TON/HORA, ELÉTRICA POTÊNCIA 30 CV - DEPRECIAÇÃO. AF_03/2016","H","3,46"]
[93436,"USINA DE ASFALTO À FRIO, CAPACIDADE DE 40 A 60 TON/HORA, ELÉTRICA POTÊNCIA 30 CV - JUROS. AF_03/2016","H","1,38"]
[93437,"USINA DE ASFALTO À FRIO, CAPACIDADE DE 40 A 60 TON/HORA, ELÉTRICA POTÊNCIA 30 CV - MANUTENÇÃO. AF_03/2016","H","6,49"]
[93438,"USINA DE ASFALTO À FRIO, CAPACIDADE DE 40 A 60 TON/HORA, ELÉTRICA POTÊNCIA 30 CV - MATERIAIS NA OPERAÇÃO. AF_03/2016","H","17,52"]
[95114,"MARTELETE OU ROMPEDOR PNEUMÁTICO MANUAL, 28 KG, COM SILENCIADOR - DEPRECIAÇÃO. AF_07/2016","H","0,85"]
[95115,"MARTELETE OU ROMPEDOR PNEUMÁTICO MANUAL, 28 KG, COM SILENCIADOR - JUROS. AF_07/2016","H","0,19"]
[95116,"USINA DE CONCRETO FIXA, CAPACIDADE NOMINAL DE 90 A 120 M3/H, SEM SILO - DEPRECIAÇÃO. AF_07/2016","H","31,99"]
[95117,"USINA DE CONCRETO FIXA, CAPACIDADE NOMINAL DE 90 A 120 M3/H, SEM SILO - JUROS. AF_07/2016","H","9,59"]
[95118,"USINA MISTURADORA DE SOLOS, CAPACIDADE DE 200 A 500 TON/H, POTENCIA 75KW - DEPRECIAÇÃO. AF_07/2016","H","33,01"]
[95119,"USINA MISTURADORA DE SOLOS, CAPACIDADE DE 200 A 500 TON/H, POTENCIA 75KW - JUROS. AF_07/2016","H","11,30"]
[95120,"USINA MISTURADORA DE SOLOS, CAPACIDADE DE 200 A 500 TON/H, POTENCIA 75KW - MATERIAIS NA OPERAÇÃO. AF_07/2016","H","33,78"]
[95123,"DISTRIBUIDOR DE AGREGADOS AUTOPROPELIDO, CAP 3 M3, A DIESEL, POTÊNCIA 176CV - DEPRECIAÇÃO. AF_07/2016","H","10,55"]
[95124,"DISTRIBUIDOR DE AGREGADOS AUTOPROPELIDO, C/AP 3 M3, A DIESEL, POTÊNCIA 176CV - JUROS. AF_07/2016","H","3,16"]
[95125,"DISTRIBUIDOR DE AGREGADOS AUTOPROPELIDO, CAP 3 M3, A DIESEL, POTÊNCIA 176CV - MANUTENÇÃO. AF_07/2016","H","11,55"]
[95126,"DISTRIBUIDOR DE AGREGADOS AUTOPROPELIDO, CAP 3 M3, A DIESEL, POTÊNCIA 176CV – MATERIAIS NA OPERAÇÃO. AF_07/2016","H","86,75"]
[95129,"MÁQUINA DEMARCADORA DE FAIXA DE TRÁFEGO À FRIO, AUTOPROPELIDA, POTÊNCIA 38 HP - DEPRECIAÇÃO. AF_07/2016","H","18,73"]
[95130,"MÁQUINA DEMARCADORA DE FAIXA DE TRÁFEGO À FRIO, AUTOPROPELIDA, POTÊNCIA 38 HP - JUROS. AF_07/2016","H","6,55"]
[95131,"MÁQUINA DEMARCADORA DE FAIXA DE TRÁFEGO À FRIO, AUTOPROPELIDA, POTÊNCIA 38 HP - MANUTENÇÃO. AF_07/2016","H","35,12"]
[95132,"MÁQUINA DEMARCADORA DE FAIXA DE TRÁFEGO À FRIO, AUTOPROPELIDA, POTÊNCIA 38 HP - MATERIAIS NA OPERAÇÃO. AF_07/2016","H","18,97"]
[95136,"TALHA MANUAL DE CORRENTE, CAPACIDADE DE 2 TON. COM ELEVAÇÃO DE 3 M - DEPRECIAÇÃO. AF_07/2016","H","0,04"]
[95137,"TALHA MANUAL DE CORRENTE, CAPACIDADE DE 2 TON. COM ELEVAÇÃO DE 3 M - JUROS. AF_07/2016","H","0,01"]
[95138,"TALHA MANUAL DE CORRENTE, CAPACIDADE DE 2 TON. COM ELEVAÇÃO DE 3 M - MANUTENÇÃO. AF_07/2016","H","0,03"]
[95208,"GRUA ASCENCIONAL, LANÇA DE 42 M, CAPACIDADE DE 1,5 T A 30 M, ALTURA ATÉ 39 M – DEPRECIAÇÃO. AF_08/2016","H","28,67"]
[95209,"GRUA ASCENCIONAL, LANCA DE 42 M, CAPACIDADE DE 1,5 T A 30 M, ALTURA ATE 39 M – JUROS. AF_08/2016","H","6,45"]
[95210,"GRUA ASCENCIONAL, LANCA DE 42 M, CAPACIDADE DE 1,5 T A 30 M, ALTURA ATE 39 M – MANUTENÇÃO. AF_08/2016","H","31,36"]
[95211,"GRUA ASCENCIONAL, LANCA DE 42 M, CAPACIDADE DE 1,5 T A 30 M, ALTURA ATE 39 M – MATERIAIS NA OPERAÇÃO. AF_08/2016","H","4,95"]
[95214,"PULVERIZADOR DE TINTA ELÉTRICO/MÁQUINA DE PINTURA AIRLESS, VAZÃO 2 L/MIN - DEPRECIAÇÃO. AF_08/2016","H","0,66"]
[95215,"PULVERIZADOR DE TINTA ELÉTRICO/MÁQUINA DE PINTURA AIRLESS, VAZÃO 2 L/MIN - JUROS. AF_08/2016","H","0,13"]
[95216,"PULVERIZADOR DE TINTA ELÉTRICO/MÁQUINA DE PINTURA AIRLESS, VAZÃO 2 L/MIN - MANUTENÇÃO. AF_08/2016","H","0,45"]
[95217,"PULVERIZADOR DE TINTA ELÉTRICO/MÁQUINA DE PINTURA AIRLESS, VAZÃO 2 L/MIN - MATERIAIS NA OPERAÇÃO. AF_08/2016","H","0,33"]
[95255,"MARTELO DEMOLIDOR PNEUMÁTICO MANUAL, 32 KG - DEPRECIAÇÃO. AF_09/2016","H","0,75"]
[95256,"MARTELO DEMOLIDOR PNEUMÁTICO MANUAL, 32 KG - JUROS. AF_09/2016","H","0,17"]
[95257,"MARTELO DEMOLIDOR PNEUMÁTICO MANUAL, 32 KG - MANUTENÇÃO. AF_09/2016","H","0,94"]
[95260,"COMPACTADOR DE SOLOS DE PERCUSÃO (SOQUETE) COM MOTOR A GASOLINA, POTÊNCIA 3 CV - DEPRECIAÇÃO. AF_09/2016","H","0,54"]
[95261,"COMPACTADOR DE SOLOS DE PERCUSÃO (SOQUETE) COM MOTOR A GASOLINA, POTÊNCIA 3 CV - JUROS. AF_09/2016","H","0,16"]
[95262,"COMPACTADOR DE SOLOS DE PERCUSÃO (SOQUETE) COM MOTOR A GASOLINA, POTÊNCIA 3 CV - MANUTENÇÃO. AF_09/2016","H","0,78"]
[95263,"COMPACTADOR DE SOLOS DE PERCUSÃO (SOQUETE) COM MOTOR A GASOLINA, POTÊNCIA 3 CV - MATERIAIS NA OPERAÇÃO. AF_09/2016","H","2,06"]
[95266,"RÉGUA VIBRATÓRIA DUPLA PARA CONCRETO, PESO DE 60KG, COMPRIMENTO 4 M, COM MOTOR A GASOLINA, POTÊNCIA 5,5 HP - DEPRECIAÇÃO. AF_09/2016","H","0,77"]
[95267,"RÉGUA VIBRATÓRIA DUPLA PARA CONCRETO, PESO DE 60KG, COMPRIMENTO 4 M, COM MOTOR A GASOLINA, POTÊNCIA 5,5 HP - JUROS. AF_09/2016","H","0,15"]
[95268,"RÉGUA VIBRATÓRIA DUPLA PARA CONCRETO, PESO DE 60KG, COMPRIMENTO 4 M, COM MOTOR A GASOLINA, POTÊNCIA 5,5 HP - MANUTENÇÃO. AF_09/2016","H","0,75"]
[95269,"RÉGUA VIBRATÓRIA DUPLA PARA CONCRETO, PESO DE 60KG, COMPRIMENTO 4 M, COM MOTOR A GASOLINA, POTÊNCIA 5,5 HP – MATERIAIS NA OPERAÇÃO. AF_09/2016","H","3,85"]
[95272,"POLIDORA DE PISO (POLITRIZ), PESO DE 100KG, DIÂMETRO 450 MM, MOTOR ELÉTRICO, POTÊNCIA 4 HP - DEPRECIAÇÃO. AF_09/2016","H","0,75"]
[95273,"POLIDORA DE PISO (POLITRIZ), PESO DE 100KG, DIÂMETRO 450 MM, MOTOR ELÉTRICO, POTÊNCIA 4 HP - JUROS. AF_09/2016","H","0,17"]
[95274,"POLIDORA DE PISO (POLITRIZ), PESO DE 100KG, DIÂMETRO 450 MM, MOTOR ELÉTRICO, POTÊNCIA 4 HP - MANUTENÇÃO. AF_09/2016","H","0,59"]
[95275,"POLIDORA DE PISO (POLITRIZ), PESO DE 100KG, DIÂMETRO 450 MM, MOTOR ELÉTRICO, POTÊNCIA 4 HP – MATERIAIS NA OPERAÇÃO. AF_09/2016","H","1,34"]
[95278,"DESEMPENADEIRA DE CONCRETO, PESO DE 75KG, 4 PÁS, MOTOR A GASOLINA, POTÊNCIA 5,5 HP - DEPRECIAÇÃO. AF_09/2016","H","0,82"]
[95279,"DESEMPENADEIRA DE CONCRETO, PESO DE 75KG, 4 PÁS, MOTOR A GASOLINA, POTÊNCIA 5,5 HP - JUROS. AF_09/2016","H","0,18"]
[95280,"DESEMPENADEIRA DE CONCRETO, PESO DE 75KG, 4 PÁS, MOTOR A GASOLINA, POTÊNCIA 5,5 HP - MANUTENÇÃO. AF_09/2016","H","0,64"]
[95281,"DESEMPENADEIRA DE CONCRETO, PESO DE 75KG, 4 PÁS, MOTOR A GASOLINA, POTÊNCIA 5,5 HP – MATERIAIS NA OPERAÇÃO. AF_09/2016","H","3,85"]
[95617,"PERFURATRIZ PNEUMATICA MANUAL DE PESO MEDIO, MARTELETE, 18KG, COMPRIMENTO MÁXIMO DE CURSO DE 6 M, DIAMETRO DO PISTAO DE 5,5 CM - DEPRECIAÇÃO. AF_11/2016","H","0,62"]
[95618,"PERFURATRIZ PNEUMATICA MANUAL DE PESO MEDIO, MARTELETE, 18KG, COMPRIMENTO MÁXIMO DE CURSO DE 6 M, DIAMETRO DO PISTAO DE 5,5 CM - JUROS. AF_11/2016","H","0,13"]
[95619,"PERFURATRIZ PNEUMATICA MANUAL DE PESO MEDIO, MARTELETE, 18KG, COMPRIMENTO MÁXIMO DE CURSO DE 6 M, DIAMETRO DO PISTAO DE 5,5 CM - MANUTENÇÃO. AF_11/2016","H","0,77"]
[95627,"ROLO COMPACTADOR VIBRATORIO TANDEM, ACO LISO, POTENCIA 125 HP, PESO SEM/COM LASTRO 10,20/11,65 T, LARGURA DE TRABALHO 1,73 M - DEPRECIAÇÃO. AF_11/2016","H","21,99"]
[95628,"ROLO COMPACTADOR VIBRATORIO TANDEM, ACO LISO, POTENCIA 125 HP, PESO SEM/COM LASTRO 10,20/11,65 T, LARGURA DE TRABALHO 1,73 M - JUROS. AF_11/2016","H","5,77"]
[95629,"ROLO COMPACTADOR VIBRATORIO TANDEM, ACO LISO, POTENCIA 125 HP, PESO SEM/COM LASTRO 10,20/11,65 T, LARGURA DE TRABALHO 1,73 M - MANUTENÇÃO. AF_11/2016","H","27,52"]
[95630,"ROLO COMPACTADOR VIBRATORIO TANDEM, ACO LISO, POTENCIA 125 HP, PESO SEM/COM LASTRO 10,20/11,65 T, LARGURA DE TRABALHO 1,73 M - MATERIAIS NA OPERAÇÃO. AF_11/2016","H","62,45"]
[95698,"PERFURATRIZ MANUAL, TORQUE MAXIMO 55 KGF.M, POTENCIA 5 CV, COM DIAMETRO MAXIMO 8 1/2\" - DEPRECIAÇÃO. AF_11/2016","H","2,51"]
[95699,"PERFURATRIZ MANUAL, TORQUE MAXIMO 55 KGF.M, POTENCIA 5 CV, COM DIAMETRO MAXIMO 8 1/2\" - JUROS. AF_11/2016","H","0,56"]
[95700,"PERFURATRIZ MANUAL, TORQUE MAXIMO 55 KGF.M, POTENCIA 5 CV, COM DIAMETRO MAXIMO 8 1/2\" - MANUTENÇÃO. AF_11/2016","H","3,14"]
[95701,"PERFURATRIZ MANUAL, TORQUE MAXIMO 55 KGF.M, POTENCIA 5 CV, COM DIAMETRO MAXIMO 8 1/2\" - MATERIAIS NA OPERAÇÃO. AF_11/2016","H","1,65"]
[95704,"PERFURATRIZ SOBRE ESTEIRA, TORQUE MÁXIMO 600 KGF, POTÊNCIA ENTRE 50 E 60 HP, DIÂMETRO MÁXIMO 10” - DEPRECIAÇÃO. AF_11/2016","H","21,85"]
[95705,"PERFURATRIZ SOBRE ESTEIRA, TORQUE MÁXIMO 600 KGF, POTÊNCIA ENTRE 50 E 60 HP, DIÂMETRO MÁXIMO 10” - JUROS. AF_11/2016","H","5,74"]
[95706,"PERFURATRIZ SOBRE ESTEIRA, TORQUE MÁXIMO 600 KGF, POTÊNCIA ENTRE 50 E 60 HP, DIÂMETRO MÁXIMO 10” - MANUTENÇÃO. AF_11/2016","H","27,34"]
[95707,"PERFURATRIZ SOBRE ESTEIRA, TORQUE MÁXIMO 600 KGF, POTÊNCIA ENTRE 50 E 60 HP, DIÂMETRO MÁXIMO 10” - MATERIAIS NA OPERAÇÃO. AF_11/2016","H","18,48"]
[95710,"ESCAVADEIRA HIDRAULICA SOBRE ESTEIRA, COM GARRA GIRATORIA DE MANDIBULAS, PESO OPERACIONAL ENTRE 22,00 E 25,50 TON, POTENCIA LIQUIDA ENTRE 150 E 160 HP - DEPRECIAÇÃO. AF_11/2016","H","26,26"]
[95711,"ESCAVADEIRA HIDRAULICA SOBRE ESTEIRA, COM GARRA GIRATORIA DE MANDIBULAS, PESO OPERACIONAL ENTRE 22,00 E 25,50 TON, POTENCIA LIQUIDA ENTRE 150 E 160 HP - JUROS. AF_11/2016","H","6,75"]
[95712,"ESCAVADEIRA HIDRAULICA SOBRE ESTEIRA, COM GARRA GIRATORIA DE MANDIBULAS, PESO OPERACIONAL ENTRE 22,00 E 25,50 TON, POTENCIA LIQUIDA ENTRE 150 E 160 HP - MANUTENÇÃO. AF_11/2016","H","32,83"]
[95713,"ESCAVADEIRA HIDRAULICA SOBRE ESTEIRA, COM GARRA GIRATORIA DE MANDIBULAS, PESO OPERACIONAL ENTRE 22,00 E 25,50 TON, POTENCIA LIQUIDA ENTRE 150 E 160 HP - MATERIAIS NA OPERAÇÃO. AF_11/2016","H","77,41"]
[95716,"ESCAVADEIRA HIDRAULICA SOBRE ESTEIRA, EQUIPADA COM CLAMSHELL, COM CAPACIDADE DA CAÇAMBA ENTRE 1,20 E 1,50 M3, PESO OPERACIONAL ENTRE 20,00 E 22,00 TON, POTENCIA LIQUIDA ENTRE 150 E 160 HP - DEPRECIAÇÃO. AF_11/2016","H","25,28"]
[95717,"ESCAVADEIRA HIDRAULICA SOBRE ESTEIRA, EQUIPADA COM CLAMSHELL, COM CAPACIDADE DA CAÇAMBA ENTRE 1,20 E 1,50 M3, PESO OPERACIONAL ENTRE 20,00 E 22,00 TON, POTENCIA LIQUIDA ENTRE 150 E 160 HP - JUROS. AF_11/2016","H","6,50"]
[95718,"ESCAVADEIRA HIDRAULICA SOBRE ESTEIRA, EQUIPADA COM CLAMSHELL, COM CAPACIDADE DA CAÇAMBA ENTRE 1,20 E 1,50 M3, PESO OPERACIONAL ENTRE 20,00 E 22,00 TON, POTENCIA LIQUIDA ENTRE 150 E 160 HP - MANUTENÇÃO. AF_11/2016","H","31,60"]
[95719,"ESCAVADEIRA HIDRAULICA SOBRE ESTEIRA, EQUIPADA COM CLAMSHELL, COM CAPACIDADE DA CAÇAMBA ENTRE 1,20 E 1,50 M3, PESO OPERACIONAL ENTRE 20,00 E 22,00 TON, POTENCIA LIQUIDA ENTRE 150 E 160 HP - MATERIAIS NA OPERAÇÃO. AF_11/2016","H","77,41"]
[95869,"GRUPO GERADOR COM CARENAGEM, MOTOR DIESEL POTÊNCIA STANDART ENTRE 250 E 260 KVA - JUROS. AF_12/2016","H","1,64"]
[95870,"GRUPO GERADOR COM CARENAGEM, MOTOR DIESEL POTÊNCIA STANDART ENTRE 250 E 260 KVA - MANUTENÇÃO. AF_12/2016","H","4,27"]
[95871,"GRUPO GERADOR COM CARENAGEM, MOTOR DIESEL POTÊNCIA STANDART ENTRE 250 E 260 KVA - MATERIAIS NA OPERAÇÃO. AF_12/2016","H","160,85"]
[95874,"GRUPO GERADOR COM CARENAGEM, MOTOR DIESEL POTÊNCIA STANDART ENTRE 250 E 260 KVA - DEPRECIAÇÃO. AF_12/2016","H","4,79"]
[96008,"TRATOR DE PNEUS COM POTÊNCIA DE 122 CV, TRAÇÃO 4X4, COM VASSOURA MECÂNICA ACOPLADA - DEPRECIAÇÃO. AF_02/2017","H","10,49"]
[96009,"TRATOR DE PNEUS COM POTÊNCIA DE 122 CV, TRAÇÃO 4X4, COM VASSOURA MECÂNICA ACOPLADA - JUROS. AF_02/2017","H","2,75"]
[96011,"TRATOR DE PNEUS COM POTÊNCIA DE 122 CV, TRAÇÃO 4X4, COM VASSOURA MECÂNICA ACOPLADA - MANUTENÇÃO. AF_02/2017","H","11,48"]
[96012,"TRATOR DE PNEUS COM POTÊNCIA DE 122 CV, TRAÇÃO 4X4, COM VASSOURA MECÂNICA ACOPLADA - MATERIAIS NA OPERAÇÃO. AF_02/2017","H","60,11"]
[96015,"TRATOR DE PNEUS COM POTÊNCIA DE 122 CV, TRAÇÃO 4X4, COM GRADE DE DISCOS ACOPLADA - DEPRECIAÇÃO. AF_02/2017","H","10,39"]
[96016,"TRATOR DE PNEUS COM POTÊNCIA DE 122 CV, TRAÇÃO 4X4, COM GRADE DE DISCOS ACOPLADA - JUROS. AF_02/2017","H","2,73"]
[96018,"TRATOR DE PNEUS COM POTÊNCIA DE 122 CV, TRAÇÃO 4X4, COM GRADE DE DISCOS ACOPLADA - MANUTENÇÃO. AF_02/2017","H","11,37"]
[96019,"TRATOR DE PNEUS COM POTÊNCIA DE 122 CV, TRAÇÃO 4X4, COM GRADE DE DISCOS ACOPLADA - MATERIAIS NA OPERAÇÃO. AF_02/2017","H","60,11"]
[96023,"TRATOR DE PNEUS COM POTÊNCIA DE 85 CV, TRAÇÃO 4X4, COM GRADE DE DISCOS ACOPLADA - DEPRECIAÇÃO. AF_02/2017","H","8,04"]
[96024,"TRATOR DE PNEUS COM POTÊNCIA DE 85 CV, TRAÇÃO 4X4, COM GRADE DE DISCOS ACOPLADA - JUROS. AF_02/2017","H","2,11"]
[96026,"TRATOR DE PNEUS COM POTÊNCIA DE 85 CV, TRAÇÃO 4X4, COM GRADE DE DISCOS ACOPLADA - MANUTENÇÃO. AF_02/2017","H","8,80"]
[96027,"TRATOR DE PNEUS COM POTÊNCIA DE 85 CV, TRAÇÃO 4X4, COM GRADE DE DISCOS ACOPLADA - MATERIAIS NA OPERAÇÃO. AF_02/2017","H","41,88"]
[96030,"CAMINHÃO BASCULANTE 10 M3, TRUCADO, POTÊNCIA 230 CV, INCLUSIVE CAÇAMBA METÁLICA, COM DISTRIBUIDOR DE AGREGADOS ACOPLADO - DEPRECIAÇÃO. AF_02/2017","H","14,22"]
[96031,"CAMINHÃO BASCULANTE 10 M3, TRUCADO, POTÊNCIA 230 CV, INCLUSIVE CAÇAMBA METÁLICA, COM DISTRIBUIDOR DE AGREGADOS ACOPLADO - JUROS. AF_02/2017","H","4,97"]
[96032,"CAMINHÃO BASCULANTE 10 M3, TRUCADO, POTÊNCIA 230 CV, INCLUSIVE CAÇAMBA METÁLICA, COM DISTRIBUIDOR DE AGREGADOS ACOPLADO - IMPOSTOS E SEGUROS. AF_02/2017","H","1,02"]
[96033,"CAMINHÃO BASCULANTE 10 M3, TRUCADO, POTÊNCIA 230 CV, INCLUSIVE CAÇAMBA METÁLICA, COM DISTRIBUIDOR DE AGREGADOS ACOPLADO - MANUTENÇÃO. AF_02/2017","H","26,68"]
[96034,"CAMINHÃO BASCULANTE 10 M3, TRUCADO, POTÊNCIA 230 CV, INCLUSIVE CAÇAMBA METÁLICA, COM DISTRIBUIDOR DE AGREGADOS ACOPLADO - MATERIAIS NA OPERAÇÃO. AF_02/2017","H","113,34"]
[96053,"TRATOR DE PNEUS COM POTÊNCIA DE 85 CV, TRAÇÃO 4X4, COM VASSOURA MECÂNICA ACOPLADA - DEPRECIAÇÃO. AF_03/2017","H","8,14"]
[96054,"MINICARREGADEIRA SOBRE RODAS POTENCIA 47HP CAPACIDADE OPERACAO 646 KG, COM VASSOURA MECÂNICA ACOPLADA - DEPRECIAÇÃO. AF_03/2017","H","16,15"]
[96055,"TRATOR DE PNEUS COM POTÊNCIA DE 85 CV, TRAÇÃO 4X4, COM VASSOURA MECÂNICA ACOPLADA - JUROS. AF_03/2017","H","2,13"]
[96056,"TRATOR DE PNEUS COM POTÊNCIA DE 85 CV, TRAÇÃO 4X4, COM VASSOURA MECÂNICA ACOPLADA - MANUTENÇÃO. AF_03/2017","H","8,91"]
[96057,"TRATOR DE PNEUS COM POTÊNCIA DE 85 CV, TRAÇÃO 4X4, COM VASSOURA MECÂNICA ACOPLADA - MATERIAIS NA OPERAÇÃO. AF_03/2017","H","41,88"]
[96060,"MINICARREGADEIRA SOBRE RODAS POTENCIA 47HP CAPACIDADE OPERACAO 646 KG, COM VASSOURA MECÂNICA ACOPLADA - JUROS. AF_03/2017","H","3,10"]
[96061,"MINICARREGADEIRA SOBRE RODAS POTENCIA 47HP CAPACIDADE OPERACAO 646 KG, COM VASSOURA MECÂNICA ACOPLADA - MANUTENÇÃO. AF_03/2017","H","20,19"]
[96062,"MINICARREGADEIRA SOBRE RODAS POTENCIA 47HP CAPACIDADE OPERACAO 646 KG, COM VASSOURA MECÂNICA ACOPLADA - MATERIAIS NA OPERAÇÃO. AF_03/2017","H","23,47"]
[96241,"MINIESCAVADEIRA SOBRE ESTEIRAS, POTENCIA LIQUIDA DE *30* HP, PESO OPERACIONAL DE *3.500* KG - DEPRECIACAO. AF_04/2017","H","14,45"]
[96242,"MINIESCAVADEIRA SOBRE ESTEIRAS, POTENCIA LIQUIDA DE *30* HP, PESO OPERACIONAL DE *3.500* KG - JUROS. AF_04/2017","H","3,71"]
[96243,"MINIESCAVADEIRA SOBRE ESTEIRAS, POTENCIA LIQUIDA DE *30* HP, PESO OPERACIONAL DE *3.500* KG - MANUTENCAO. AF_04/2017","H","18,06"]
[96244,"MINIESCAVADEIRA SOBRE ESTEIRAS, POTENCIA LIQUIDA DE *30* HP, PESO OPERACIONAL DE *3.500* KG - MATERIAIS NA OPERACAO. AF_04/2017","H","14,99"]
[96298,"PERFURATRIZ ROTATIVA SOBRE ESTEIRA, TORQUE MAXIMO 2500 KGM, POTENCIA 110 HP, MOTOR DIESEL - DEPRECIAÇÃO. AF_05/2017","H","34,11"]
[96299,"PERFURATRIZ ROTATIVA SOBRE ESTEIRA, TORQUE MAXIMO 2500 KGM, POTENCIA 110 HP, MOTOR DIESEL - JUROS. AF_05/2017","H","8,96"]
[96300,"PERFURATRIZ ROTATIVA SOBRE ESTEIRA, TORQUE MAXIMO 2500 KGM, POTENCIA 110 HP, MOTOR DIESEL - MANUTENÇÃO. AF_05/2017","H","42,69"]
[96301,"PERFURATRIZ ROTATIVA SOBRE ESTEIRA, TORQUE MAXIMO 2500 KGM, POTENCIA 110 HP, MOTOR DIESEL - MATERIAIS NA OPERAÇÃO. AF_05/2017","H","54,94"]
[96304,"COMPRESSOR DE AR, VAZAO DE 10 PCM, RESERVATORIO 100 L, PRESSAO DE TRABALHO ENTRE 6,9 E 9,7 BAR,  POTENCIA 2 HP, TENSAO 110/220 V - DEPRECIAÇÃO. AF_05/2017","H","0,09"]
[96305,"COMPRESSOR DE AR, VAZAO DE 10 PCM, RESERVATORIO 100 L, PRESSAO DE TRABALHO ENTRE 6,9 E 9,7 BAR,  POTENCIA 2 HP, TENSAO 110/220 V - JUROS. AF_05/2017","H","0,02"]
[96306,"COMPRESSOR DE AR, VAZAO DE 10 PCM, RESERVATORIO 100 L, PRESSAO DE TRABALHO ENTRE 6,9 E 9,7 BAR,  POTENCIA 2 HP, TENSAO 110/220 V - MANUTENÇÃO. AF_05/2017","H","0,11"]
[96307,"COMPRESSOR DE AR, VAZAO DE 10 PCM, RESERVATORIO 100 L, PRESSAO DE TRABALHO ENTRE 6,9 E 9,7 BAR, POTENCIA 2 HP, TENSAO 110/220 V - MATERIAIS NA OPERAÇÃO. AF_05/2017","H","0,67"]
[96457,"ROLO COMPACTADOR DE PNEUS, ESTATICO, PRESSAO VARIAVEL, POTENCIA 110 HP, PESO SEM/COM LASTRO 10,8/27 T, LARGURA DE ROLAGEM 2,30 M - MATERIAIS NA OPERACAO. AF_06/2017","H","54,94"]
[96458,"ROLO COMPACTADOR DE PNEUS, ESTATICO, PRESSAO VARIAVEL, POTENCIA 110 HP, PESO SEM/COM LASTRO 10,8/27 T, LARGURA DE ROLAGEM 2,30 M - MANUTENCAO. AF_06/2017","H","30,53"]
[96459,"ROLO COMPACTADOR DE PNEUS, ESTATICO, PRESSAO VARIAVEL, POTENCIA 110 HP, PESO SEM/COM LASTRO 10,8/27 T, LARGURA DE ROLAGEM 2,30 M - JUROS. AF_06/2017","H","6,40"]
[96460,"ROLO COMPACTADOR DE PNEUS, ESTATICO, PRESSAO VARIAVEL, POTENCIA 110 HP, PESO SEM/COM LASTRO 10,8/27 T, LARGURA DE ROLAGEM 2,30 M - DEPRECIAÇÃO. AF_06/2017","H","24,39"]
[98760,"INVERSOR DE SOLDA MONOFÁSICO DE 160 A, POTÊNCIA DE 5400 W, TENSÃO DE 220 V, PARA SOLDA COM ELETRODOS DE 2,0 A 4,0 MM E PROCESSO TIG - DEPRECIAÇÃO. AF_06/2018","H","0,05"]
[98761,"INVERSOR DE SOLDA MONOFÁSICO DE 160 A, POTÊNCIA DE 5400 W, TENSÃO DE 220 V, PARA SOLDA COM ELETRODOS DE 2,0 A 4,0 MM E PROCESSO TIG - JUROS. AF_06/2018","H","0,01"]
[98762,"INVERSOR DE SOLDA MONOFÁSICO DE 160 A, POTÊNCIA DE 5400 W, TENSÃO DE 220 V, PARA SOLDA COM ELETRODOS DE 2,0 A 4,0 MM E PROCESSO TIG - MANUTENÇÃO. AF_06/2018","H","0,06"]
[98763,"INVERSOR DE SOLDA MONOFÁSICO DE 160 A, POTÊNCIA DE 5400 W, TENSÃO DE 220 V, PARA SOLDA COM ELETRODOS DE 2,0 A 4,0 MM E PROCESSO TIG - MATERIAIS NA OPERAÇÃO. AF_06/2018","H","2,43"]
[55960,"IMUNIZACAO DE MADEIRAMENTO PARA COBERTURA UTILIZANDO CUPINICIDA INCOLOR","M2","4,47"]
[72085,"RECOLOCACAO DE RIPAS EM MADEIRAMENTO DE TELHADO, CONSIDERANDO REAPROVEITAMENTO DE MATERIAL","M","1,54"]
[72086,"RECOLOCACAO DE MADEIRAMENTO DO TELHADO - CAIBROS, CONSIDERANDO REAPROVEITAMENTO DE MATERIAL","M","4,73"]
[92259,"INSTALAÇÃO DE TESOURA (INTEIRA OU MEIA), BIAPOIADA, EM MADEIRA NÃO APARELHADA, PARA VÃOS MAIORES OU IGUAIS A 3,0 M E MENORES QUE 6,0 M, INCLUSO IÇAMENTO. AF_12/2015","UN","260,16"]
[92260,"INSTALAÇÃO DE TESOURA (INTEIRA OU MEIA), BIAPOIADA, EM MADEIRA NÃO APARELHADA, PARA VÃOS MAIORES OU IGUAIS A 6,0 M E MENORES QUE 8,0 M, INCLUSO IÇAMENTO. AF_12/2015","UN","300,27"]
[92261,"INSTALAÇÃO DE TESOURA (INTEIRA OU MEIA), BIAPOIADA, EM MADEIRA NÃO APARELHADA, PARA VÃOS MAIORES OU IGUAIS A 8,0 M E MENORES QUE 10,0 M, INCLUSO IÇAMENTO. AF_12/2015","UN","339,16"]
[92262,"INSTALAÇÃO DE TESOURA (INTEIRA OU MEIA), BIAPOIADA, EM MADEIRA NÃO APARELHADA, PARA VÃOS MAIORES OU IGUAIS A 10,0 M E MENORES QUE 12,0 M, INCLUSO IÇAMENTO. AF_12/2015","UN","401,77"]
[92539,"TRAMA DE MADEIRA COMPOSTA POR RIPAS, CAIBROS E TERÇAS PARA TELHADOS DE ATÉ 2 ÁGUAS PARA TELHA DE ENCAIXE DE CERÂMICA OU DE CONCRETO, INCLUSO TRANSPORTE VERTICAL. AF_12/2015","M2","41,54"]
[92540,"TRAMA DE MADEIRA COMPOSTA POR RIPAS, CAIBROS E TERÇAS PARA TELHADOS DE MAIS QUE 2 ÁGUAS PARA TELHA DE ENCAIXE DE CERÂMICA OU DE CONCRETO, INCLUSO TRANSPORTE VERTICAL. AF_12/2015","M2","47,48"]
[92541,"TRAMA DE MADEIRA COMPOSTA POR RIPAS, CAIBROS E TERÇAS PARA TELHADOS DE ATÉ 2 ÁGUAS PARA TELHA CERÂMICA CAPA-CANAL, INCLUSO TRANSPORTE VERTICAL. AF_12/2015","M2","45,26"]
[92542,"TRAMA DE MADEIRA COMPOSTA POR RIPAS, CAIBROS E TERÇAS PARA TELHADOS DE MAIS QUE 2 ÁGUAS PARA TELHA CERÂMICA CAPA-CANAL, INCLUSO TRANSPORTE VERTICAL. AF_12/2015","M2","55,51"]
[92543,"TRAMA DE MADEIRA COMPOSTA POR TERÇAS PARA TELHADOS DE ATÉ 2 ÁGUAS PARA TELHA ONDULADA DE FIBROCIMENTO, METÁLICA, PLÁSTICA OU TERMOACÚSTICA, INCLUSO TRANSPORTE VERTICAL. AF_12/2015","M2","11,91"]
[92544,"TRAMA DE MADEIRA COMPOSTA POR TERÇAS PARA TELHADOS DE ATÉ 2 ÁGUAS PARA TELHA ESTRUTURAL DE FIBROCIMENTO, INCLUSO TRANSPORTE VERTICAL. AF_12/2015","M2","10,09"]
[92545,"FABRICAÇÃO E INSTALAÇÃO DE TESOURA INTEIRA EM MADEIRA NÃO APARELHADA, VÃO DE 3 M, PARA TELHA CERÂMICA OU DE CONCRETO, INCLUSO IÇAMENTO. AF_12/2015","UN","556,88"]
[92546,"FABRICAÇÃO E INSTALAÇÃO DE TESOURA INTEIRA EM MADEIRA NÃO APARELHADA, VÃO DE 4 M, PARA TELHA CERÂMICA OU DE CONCRETO, INCLUSO IÇAMENTO. AF_12/2015","UN","683,80"]
[92547,"FABRICAÇÃO E INSTALAÇÃO DE TESOURA INTEIRA EM MADEIRA NÃO APARELHADA, VÃO DE 5 M, PARA TELHA CERÂMICA OU DE CONCRETO, INCLUSO IÇAMENTO. AF_12/2015","UN","717,83"]
[92548,"FABRICAÇÃO E INSTALAÇÃO DE TESOURA INTEIRA EM MADEIRA NÃO APARELHADA, VÃO DE 6 M, PARA TELHA CERÂMICA OU DE CONCRETO, INCLUSO IÇAMENTO. AF_12/2015","UN","796,24"]
[92549,"FABRICAÇÃO E INSTALAÇÃO DE TESOURA INTEIRA EM MADEIRA NÃO APARELHADA, VÃO DE 7 M, PARA TELHA CERÂMICA OU DE CONCRETO, INCLUSO IÇAMENTO. AF_12/2015","UN","1.011,67"]
[92550,"FABRICAÇÃO E INSTALAÇÃO DE TESOURA INTEIRA EM MADEIRA NÃO APARELHADA, VÃO DE 8 M, PARA TELHA CERÂMICA OU DE CONCRETO, INCLUSO IÇAMENTO. AF_12/2015","UN","1.211,65"]
[92551,"FABRICAÇÃO E INSTALAÇÃO DE TESOURA INTEIRA EM MADEIRA NÃO APARELHADA, VÃO DE 9 M, PARA TELHA CERÂMICA OU DE CONCRETO, INCLUSO IÇAMENTO. AF_12/2015","UN","1.256,77"]
[92552,"FABRICAÇÃO E INSTALAÇÃO DE TESOURA INTEIRA EM MADEIRA NÃO APARELHADA, VÃO DE 10 M, PARA TELHA CERÂMICA OU DE CONCRETO, INCLUSO IÇAMENTO. AF_12/2015","UN","1.371,29"]
[92553,"FABRICAÇÃO E INSTALAÇÃO DE TESOURA INTEIRA EM MADEIRA NÃO APARELHADA, VÃO DE 11 M, PARA TELHA CERÂMICA OU DE CONCRETO, INCLUSO IÇAMENTO. AF_12/2015","UN","1.592,07"]
[92554,"FABRICAÇÃO E INSTALAÇÃO DE TESOURA INTEIRA EM MADEIRA NÃO APARELHADA, VÃO DE 12 M, PARA TELHA CERÂMICA OU DE CONCRETO, INCLUSO IÇAMENTO. AF_12/2015","UN","1.643,39"]
[92555,"FABRICAÇÃO E INSTALAÇÃO DE TESOURA INTEIRA EM MADEIRA NÃO APARELHADA, VÃO DE 3 M, PARA TELHA ONDULADA DE FIBROCIMENTO, METÁLICA, PLÁSTICA OU TERMOACÚSTICA, INCLUSO IÇAMENTO. AF_12/2015","UN","550,11"]
[92556,"FABRICAÇÃO E INSTALAÇÃO DE TESOURA INTEIRA EM MADEIRA NÃO APARELHADA, VÃO DE 4 M, PARA TELHA ONDULADA DE FIBROCIMENTO, METÁLICA, PLÁSTICA OU TERMOACÚSTICA, INCLUSO IÇAMENTO. AF_12/2015","UN","672,61"]
[92557,"FABRICAÇÃO E INSTALAÇÃO DE TESOURA INTEIRA EM MADEIRA NÃO APARELHADA, VÃO DE 5 M, PARA TELHA ONDULADA DE FIBROCIMENTO, METÁLICA, PLÁSTICA OU TERMOACÚSTICA, INCLUSO IÇAMENTO. AF_12/2015","UN","706,64"]
[92558,"FABRICAÇÃO E INSTALAÇÃO DE TESOURA INTEIRA EM MADEIRA NÃO APARELHADA, VÃO DE 6 M, PARA TELHA ONDULADA DE FIBROCIMENTO, METÁLICA, PLÁSTICA OU TERMOACÚSTICA, INCLUSO IÇAMENTO. AF_12/2015","UN","791,98"]
[92559,"FABRICAÇÃO E INSTALAÇÃO DE TESOURA INTEIRA EM MADEIRA NÃO APARELHADA, VÃO DE 7 M, PARA TELHA ONDULADA DE FIBROCIMENTO, METÁLICA, PLÁSTICA OU TERMOACÚSTICA, INCLUSO IÇAMENTO. AF_12/2015","UN","999,74"]
[92560,"FABRICAÇÃO E INSTALAÇÃO DE TESOURA INTEIRA EM MADEIRA NÃO APARELHADA, VÃO DE 8 M, PARA TELHA ONDULADA DE FIBROCIMENTO, METÁLICA, PLÁSTICA OU TERMOACÚSTICA, INCLUSO IÇAMENTO. AF_12/2015","UN","1.193,46"]
[92561,"FABRICAÇÃO E INSTALAÇÃO DE TESOURA INTEIRA EM MADEIRA NÃO APARELHADA, VÃO DE 9 M, PARA TELHA ONDULADA DE FIBROCIMENTO, METÁLICA, PLÁSTICA OU TERMOACÚSTICA, INCLUSO IÇAMENTO. AF_12/2015","UN","1.239,39"]
[92562,"FABRICAÇÃO E INSTALAÇÃO DE TESOURA INTEIRA EM MADEIRA NÃO APARELHADA, VÃO DE 10 M, PARA TELHA ONDULADA DE FIBROCIMENTO, METÁLICA, PLÁSTICA OU TERMOACÚSTICA, INCLUSO IÇAMENTO. AF_12/2015","UN","1.342,72"]
[92563,"FABRICAÇÃO E INSTALAÇÃO DE TESOURA INTEIRA EM MADEIRA NÃO APARELHADA, VÃO DE 11 M, PARA TELHA ONDULADA DE FIBROCIMENTO, METÁLICA, PLÁSTICA OU TERMOACÚSTICA, INCLUSO IÇAMENTO. AF_12/2015","UN","1.557,32"]
[92564,"FABRICAÇÃO E INSTALAÇÃO DE TESOURA INTEIRA EM MADEIRA NÃO APARELHADA, VÃO DE 12 M, PARA TELHA ONDULADA DE FIBROCIMENTO, METÁLICA, PLÁSTICA OU TERMOACÚSTICA, INCLUSO IÇAMENTO. AF_12/2015","UN","1.601,13"]
[92565,"FABRICAÇÃO E INSTALAÇÃO DE ESTRUTURA PONTALETADA DE MADEIRA NÃO APARELHADA PARA TELHADOS COM ATÉ 2 ÁGUAS E PARA TELHA CERÂMICA OU DE CONCRETO, INCLUSO TRANSPORTE VERTICAL. AF_12/2015","M2","21,02"]
[92566,"FABRICAÇÃO E INSTALAÇÃO DE ESTRUTURA PONTALETADA DE MADEIRA NÃO APARELHADA PARA TELHADOS COM ATÉ 2 ÁGUAS E PARA TELHA ONDULADA DE FIBROCIMENTO, METÁLICA, PLÁSTICA OU TERMOACÚSTICA, INCLUSO TRANSPORTE VERTICAL. AF_12/2015","M2","12,59"]
[92567,"FABRICAÇÃO E INSTALAÇÃO DE ESTRUTURA PONTALETADA DE MADEIRA NÃO APARELHADA PARA TELHADOS COM MAIS QUE 2 ÁGUAS E PARA TELHA CERÂMICA OU DE CONCRETO, INCLUSO TRANSPORTE VERTICAL. AF_12/2015","M2","18,65"]
[72089,"RECOLOCACAO DE TELHAS CERAMICAS TIPO FRANCESA, CONSIDERANDO REAPROVEITAMENTO DE MATERIAL","M2","10,87"]
[94189,"TELHAMENTO COM TELHA DE CONCRETO DE ENCAIXE, COM ATÉ 2 ÁGUAS, INCLUSO TRANSPORTE VERTICAL. AF_06/2016","M2","38,77"]
[94192,"TELHAMENTO COM TELHA DE CONCRETO DE ENCAIXE, COM MAIS DE 2 ÁGUAS, INCLUSO TRANSPORTE VERTICAL. AF_06/2016","M2","40,52"]
[94195,"TELHAMENTO COM TELHA CERÂMICA DE ENCAIXE, TIPO PORTUGUESA, COM ATÉ 2 ÁGUAS, INCLUSO TRANSPORTE VERTICAL. AF_06/2016","M2","15,23"]
[94198,"TELHAMENTO COM TELHA CERÂMICA DE ENCAIXE, TIPO PORTUGUESA, COM MAIS DE 2 ÁGUAS, INCLUSO TRANSPORTE VERTICAL. AF_06/2016","M2","17,54"]
[94201,"TELHAMENTO COM TELHA CERÂMICA CAPA-CANAL, TIPO COLONIAL, COM ATÉ 2 ÁGUAS, INCLUSO TRANSPORTE VERTICAL. AF_06/2016","M2","23,56"]
[94204,"TELHAMENTO COM TELHA CERÂMICA CAPA-CANAL, TIPO COLONIAL, COM MAIS DE 2 ÁGUAS, INCLUSO TRANSPORTE VERTICAL. AF_06/2016","M2","27,50"]
[94224,"EMBOÇAMENTO COM ARGAMASSA TRAÇO 1:2:9 (CIMENTO, CAL E AREIA). AF_06/2016","M","16,90"]
[94225,"ISOLAMENTO TERMOACÚSTICO COM LÃ MINERAL NA SUBCOBERTURA, INCLUSO TRANSPORTE VERTICAL. AF_06/2016","M2","27,18"]
[94226,"SUBCOBERTURA COM MANTA PLÁSTICA REVESTIDA POR PELÍCULA DE ALUMÍNO, INCLUSO TRANSPORTE VERTICAL. AF_06/2016","M2","13,39"]
[94232,"AMARRAÇÃO DE TELHAS CERÂMICAS OU DE CONCRETO. AF_06/2016","UN","2,02"]
[94440,"TELHAMENTO COM TELHA CERÂMICA DE ENCAIXE, TIPO FRANCESA, COM ATÉ 2 ÁGUAS, INCLUSO TRANSPORTE VERTICAL. AF_06/2016","M2","20,56"]
[94441,"TELHAMENTO COM TELHA CERÂMICA DE ENCAIXE, TIPO FRANCESA, COM MAIS DE 2 ÁGUAS, INCLUSO TRANSPORTE VERTICAL. AF_06/2016","M2","22,87"]
[94442,"TELHAMENTO COM TELHA CERÂMICA DE ENCAIXE, TIPO ROMANA, COM ATÉ 2 ÁGUAS, INCLUSO TRANSPORTE VERTICAL. AF_06/2016","M2","16,12"]
[94443,"TELHAMENTO COM TELHA CERÂMICA DE ENCAIXE, TIPO ROMANA, COM MAIS DE 2 ÁGUAS, INCLUSO TRANSPORTE VERTICAL. AF_06/2016","M2","18,43"]
[94445,"TELHAMENTO COM TELHA CERÂMICA CAPA-CANAL, TIPO PLAN, COM ATÉ 2 ÁGUAS, INCLUSO TRANSPORTE VERTICAL. AF_06/2016","M2","22,18"]
[94446,"TELHAMENTO COM TELHA CERÂMICA CAPA-CANAL, TIPO PLAN, COM MAIS DE 2 ÁGUAS, INCLUSO TRANSPORTE VERTICAL. AF_06/2016","M2","26,12"]
[94447,"TELHAMENTO COM TELHA CERÂMICA CAPA-CANAL, TIPO PAULISTA, COM ATÉ 2 ÁGUAS, INCLUSO TRANSPORTE VERTICAL. AF_06/2016","M2","22,73"]
[94448,"TELHAMENTO COM TELHA CERÂMICA CAPA-CANAL, TIPO PAULISTA, COM MAIS DE 2 ÁGUAS, INCLUSO TRANSPORTE VERTICAL. AF_06/2016","M2","26,67"]
[94207,"TELHAMENTO COM TELHA ONDULADA DE FIBROCIMENTO E = 6 MM, COM RECOBRIMENTO LATERAL DE 1/4 DE ONDA PARA TELHADO COM INCLINAÇÃO MAIOR QUE 10°, COM ATÉ 2 ÁGUAS, INCLUSO IÇAMENTO. AF_06/2016","M2","34,43"]
[94210,"TELHAMENTO COM TELHA ONDULADA DE FIBROCIMENTO E = 6 MM, COM RECOBRIMENTO LATERAL DE 1 1/4 DE ONDA PARA TELHADO COM INCLINAÇÃO MÁXIMA DE 10°, COM ATÉ 2 ÁGUAS, INCLUSO IÇAMENTO. AF_06/2016","M2","36,67"]
[94218,"TELHAMENTO COM TELHA ESTRUTURAL DE FIBROCIMENTO E= 6 MM, COM ATÉ 2 ÁGUAS, INCLUSO IÇAMENTO. AF_06/2016","M2","77,76"]
["73866/4","ESTRUTURA PARA COBERTURA EM ARCO, EM ALUMINIO ANODIZADO, VAO DE 20M, ESPACAMENTO DE 5M ATE 6,5M","M2","338,55"]
["73866/5","ESTRUTURA PARA COBERTURA EM ARCO, EM ALUMINIO ANODIZADO, VAO DE 30M, ESPACAMENTO DE 5M ATE 6,5M","M2","360,13"]
["73866/6","ESTRUTURA PARA COBERTURA EM ARCO, EM ALUMINIO ANODIZADO, VAO DE 40M, ESPACAMENTO DE 5M ATE 6,5M","M2","377,39"]
["73866/7","ESTRUTURA PARA COBERTURA TIPO SHED, EM ALUMINIO ANODIZADO, VAO DE 20M, ESPACAMENTO DAS TESOURAS DE 5M ATE 6,5M","M2","408,21"]
["73866/8","ESTRUTURA PARA COBERTURA TIPO SHED, EM ALUMINIO ANODIZADO, VAO DE 30M, ESPACAMENTO DAS TESOURAS DE 5M ATE 6,5M","M2","488,75"]
["73866/9","ESTRUTURA PARA COBERTURA TIPO SHED, EM ALUMINIO ANODIZADO, VAO DE 40M, ESPACAMENTO DAS TESOURAS DE 5M ATE 6,5M","M2","506,87"]
["73867/1","ESTRUTURA TIPO ESPACIAL EM ALUMINIO ANODIZADO, VAO DE 20M","M2","169,00"]
["73867/2","ESTRUTURA TIPO ESPACIAL EM ALUMINIO ANODIZADO, VAO DE 30M","M2","187,67"]
["73867/3","ESTRUTURA TIPO ESPACIAL EM ALUMINIO ANODIZADO, VAO DE 40M","M2","229,15"]
["73867/4","ESTRUTURA TIPO ESPACIAL EM ALUMINIO ANODIZADO, VAO DE 50M","M2","237,45"]
[75220,"CUMEEIRA EM PERFIL ONDULADO DE ALUMÍNIO","M","34,55"]
[94213,"TELHAMENTO COM TELHA DE AÇO/ALUMÍNIO E = 0,5 MM, COM ATÉ 2 ÁGUAS, INCLUSO IÇAMENTO. AF_06/2016","M2","40,84"]
[94216,"TELHAMENTO COM TELHA METÁLICA TERMOACÚSTICA E = 30 MM, COM ATÉ 2 ÁGUAS, INCLUSO IÇAMENTO. AF_06/2016","M2","107,90"]
[94219,"CUMEEIRA E ESPIGÃO PARA TELHA CERÂMICA EMBOÇADA COM ARGAMASSA TRAÇO 1:2:9 (CIMENTO, CAL E AREIA), PARA TELHADOS COM MAIS DE 2 ÁGUAS, INCLUSO TRANSPORTE VERTICAL. AF_06/2016","M","18,24"]
[94220,"CUMEEIRA E ESPIGÃO PARA TELHA DE CONCRETO EMBOÇADA COM ARGAMASSA TRAÇO 1:2:9 (CIMENTO, CAL E AREIA), PARA TELHADOS COM MAIS DE 2 ÁGUAS, INCLUSO TRANSPORTE VERTICAL. AF_06/2016","M","41,28"]
[94221,"CUMEEIRA PARA TELHA CERÂMICA EMBOÇADA COM ARGAMASSA TRAÇO 1:2:9 (CIMENTO, CAL E AREIA) PARA TELHADOS COM ATÉ 2 ÁGUAS, INCLUSO TRANSPORTE VERTICAL. AF_06/2016","M","13,67"]
[94222,"CUMEEIRA PARA TELHA DE CONCRETO EMBOÇADA COM ARGAMASSA TRAÇO 1:2:9 (CIMENTO, CAL E AREIA) PARA TELHADOS COM ATÉ 2 ÁGUAS, INCLUSO TRANSPORTE VERTICAL. AF_06/2016","M","36,71"]
["74045/2","CUMEEIRA TIPO SHED PARA TELHA DE FIBROCIMENTO ONDULADA, INCLUSO JUNTAS DE VEDACAO E ACESSORIOS DE FIXACAO","M","45,33"]
[94223,"CUMEEIRA PARA TELHA DE FIBROCIMENTO ONDULADA E = 6 MM, INCLUSO ACESSÓRIOS DE FIXAÇÃO E IÇAMENTO. AF_06/2016","M","43,17"]
[94451,"CUMEEIRA PARA TELHA DE FIBROCIMENTO ESTRUTURAL E = 6 MM, INCLUSO ACESSÓRIOS DE FIXAÇÃO E IÇAMENTO. AF_06/2016","M","100,64"]
[94230,"CALHA DE BEIRAL, SEMICIRCULAR DE PVC, DIAMETRO 125 MM, INCLUINDO CABECEIRAS, EMENDAS, BOCAIS, SUPORTES E VEDAÇÕES, EXCLUINDO CONDUTORES, INCLUSO TRANSPORTE VERTICAL. AF_06/2016","M","69,95"]
[94227,"CALHA EM CHAPA DE AÇO GALVANIZADO NÚMERO 24, DESENVOLVIMENTO DE 33 CM, INCLUSO TRANSPORTE VERTICAL. AF_06/2016","M","32,49"]
[94228,"CALHA EM CHAPA DE AÇO GALVANIZADO NÚMERO 24, DESENVOLVIMENTO DE 50 CM, INCLUSO TRANSPORTE VERTICAL. AF_06/2016","M","45,17"]
[94229,"CALHA EM CHAPA DE AÇO GALVANIZADO NÚMERO 24, DESENVOLVIMENTO DE 100 CM, INCLUSO TRANSPORTE VERTICAL. AF_06/2016","M","87,66"]
[94231,"RUFO EM CHAPA DE AÇO GALVANIZADO NÚMERO 24, CORTE DE 25 CM, INCLUSO TRANSPORTE VERTICAL. AF_06/2016","M","23,35"]
[94450,"RUFO EM FIBROCIMENTO PARA TELHA ONDULADA E = 6 MM, ABA DE 26 CM, INCLUSO TRANSPORTE VERTICAL. AF_06/2016","M","47,16"]
[94449,"TELHAMENTO COM TELHA ONDULADA DE FIBRA DE VIDRO E = 0,6 MM, PARA TELHADO COM INCLINAÇÃO MAIOR QUE 10°, COM ATÉ 2 ÁGUAS, INCLUSO IÇAMENTO. AF_06/2016","M2","42,59"]
["73970/1","ESTRUTURA METALICA EM ACO ESTRUTURAL PERFIL ”I” 12’’ X 5 1/4’’","KG","9,71"]
["73970/2","ESTRUTURA METALICA EM ACO ESTRUTURAL PERFIL ”I” 6’’ X 3 3/8’’","KG","7,30"]
[92255,"INSTALAÇÃO DE TESOURA (INTEIRA OU MEIA), EM AÇO, PARA VÃOS MAIORES OU IGUAIS A 3,0 M E MENORES QUE 6,0 M, INCLUSO IÇAMENTO. AF_12/2015","UN","125,75"]
[92256,"INSTALAÇÃO DE TESOURA (INTEIRA OU MEIA), EM AÇO, PARA VÃOS MAIORES OU IGUAIS A 6,0 M E MENORES QUE 8,0 M, INCLUSO IÇAMENTO. AF_12/2015","UN","155,75"]
[92257,"INSTALAÇÃO DE TESOURA (INTEIRA OU MEIA), EM AÇO, PARA VÃOS MAIORES OU IGUAIS A 8,0 M E MENORES QUE 10,0 M, INCLUSO IÇAMENTO. AF_12/2015","UN","185,38"]
[92258,"INSTALAÇÃO DE TESOURA (INTEIRA OU MEIA), EM AÇO, PARA VÃOS MAIORES OU IGUAIS A 10,0 M E MENORES QUE 12,0 M, INCLUSO IÇAMENTO. AF_12/2015","UN","233,03"]
[92568,"TRAMA DE AÇO COMPOSTA POR RIPAS, CAIBROS E TERÇAS PARA TELHADOS DE ATÉ 2 ÁGUAS PARA TELHA DE ENCAIXE DE CERÂMICA OU DE CONCRETO, INCLUSO TRANSPORTE VERTICAL. AF_12/2015","M2","61,56"]
[92569,"TRAMA DE AÇO COMPOSTA POR RIPAS E CAIBROS PARA TELHADOS DE ATÉ 2 ÁGUAS PARA TELHA DE ENCAIXE DE CERÂMICA OU DE CONCRETO, INCLUSO TRANSPORTE VERTICAL. AF_12/2015","M2","27,96"]
[92570,"TRAMA DE AÇO COMPOSTA POR RIPAS PARA TELHADOS DE ATÉ 2 ÁGUAS PARA TELHA DE ENCAIXE DE CERÂMICA OU DE CONCRETO, INCLUSO TRANSPORTE VERTICAL. AF_12/2015","M2","12,72"]
[92571,"TRAMA DE AÇO COMPOSTA POR RIPAS, CAIBROS E TERÇAS PARA TELHADOS DE MAIS DE 2 ÁGUAS PARA TELHA DE ENCAIXE DE CERÂMICA OU DE CONCRETO, INCLUSO TRANSPORTE VERTICAL. AF_12/2015","M2","67,21"]
[92572,"TRAMA DE AÇO COMPOSTA POR RIPAS E CAIBROS PARA TELHADOS DE MAIS DE 2 ÁGUAS PARA TELHA DE ENCAIXE DE CERÂMICA OU DE CONCRETO, INCLUSO TRANSPORTE VERTICAL. AF_12/2015","M2","31,37"]
[92573,"TRAMA DE AÇO COMPOSTA POR RIPAS PARA TELHADOS DE MAIS DE 2 ÁGUAS PARA TELHA DE ENCAIXE DE CERÂMICA OU DE CONCRETO, INCLUSO TRANSPORTE VERTICAL, INCLUSO TRANSPORTE VERTICAL. AF_12/2015","M2","15,09"]
[92574,"TRAMA DE AÇO COMPOSTA POR RIPAS, CAIBROS E TERÇAS PARA TELHADOS DE ATÉ 2 ÁGUAS PARA TELHA CERÂMICA CAPA-CANAL, INCLUSO TRANSPORTE VERTICAL. AF_12/2015","M2","67,26"]
[92575,"TRAMA DE AÇO COMPOSTA POR RIPAS E CAIBROS PARA TELHADOS DE ATÉ 2 ÁGUAS PARA TELHA CERÂMICA CAPA-CANAL, INCLUSO TRANSPORTE VERTICAL. AF_12/2015","M2","28,02"]
[92576,"TRAMA DE AÇO COMPOSTA POR RIPAS PARA TELHADOS DE ATÉ 2 ÁGUAS PARA TELHA CERÂMICA CAPA-CANAL, INCLUSO TRANSPORTE VERTICAL. AF_12/2015","M2","10,33"]
[92577,"TRAMA DE AÇO COMPOSTA POR RIPAS, CAIBROS E TERÇAS PARA TELHADOS DE MAIS DE 2 ÁGUAS PARA TELHA CERÂMICA CAPA-CANAL, INCLUSO TRANSPORTE VERTICAL. AF_12/2015","M2","73,15"]
[92578,"TRAMA DE AÇO COMPOSTA POR RIPAS E CAIBROS PARA TELHADOS DE MAIS DE 2 ÁGUAS PARA TELHA CERÂMICA CAPA-CANAL, INCLUSO TRANSPORTE VERTICAL. AF_12/2015","M2","31,28"]
[92579,"TRAMA DE AÇO COMPOSTA POR RIPAS PARA TELHADOS DE MAIS DE 2 ÁGUAS PARA TELHA CERÂMICA CAPA-CANAL, INCLUSO TRANSPORTE VERTICAL. AF_12/2015","M2","12,22"]
[92580,"TRAMA DE AÇO COMPOSTA POR TERÇAS PARA TELHADOS DE ATÉ 2 ÁGUAS PARA TELHA ONDULADA DE FIBROCIMENTO, METÁLICA, PLÁSTICA OU TERMOACÚSTICA, INCLUSO TRANSPORTE VERTICAL. AF_12/2015","M2","29,85"]
[92581,"TRAMA DE AÇO COMPOSTA POR TERÇAS PARA TELHADOS DE ATÉ 2 ÁGUAS PARA TELHA ESTRUTURAL DE FIBROCIMENTO, INCLUSO TRANSPORTE VERTICAL. AF_12/2015","M2","31,05"]
[92582,"FABRICAÇÃO E INSTALAÇÃO DE TESOURA INTEIRA EM AÇO, VÃO DE 3 M, PARA TELHA CERÂMICA OU DE CONCRETO, INCLUSO IÇAMENTO. AF_12/2015","UN","433,92"]
[92584,"FABRICAÇÃO E INSTALAÇÃO DE TESOURA INTEIRA EM AÇO, VÃO DE 4 M, PARA TELHA CERÂMICA OU DE CONCRETO, INCLUSO IÇAMENTO. AF_12/2015","UN","504,52"]
[92586,"FABRICAÇÃO E INSTALAÇÃO DE TESOURA INTEIRA EM AÇO, VÃO DE 5 M, PARA TELHA CERÂMICA OU DE CONCRETO, INCLUSO IÇAMENTO. AF_12/2015","UN","575,12"]
[92588,"FABRICAÇÃO E INSTALAÇÃO DE TESOURA INTEIRA EM AÇO, VÃO DE 6 M, PARA TELHA CERÂMICA OU DE CONCRETO, INCLUSO IÇAMENTO. AF_12/2015","UN","719,67"]
[92590,"FABRICAÇÃO E INSTALAÇÃO DE TESOURA INTEIRA EM AÇO, VÃO DE 7 M, PARA TELHA CERÂMICA OU DE CONCRETO, INCLUSO IÇAMENTO. AF_12/2015","UN","790,27"]
[92592,"FABRICAÇÃO E INSTALAÇÃO DE TESOURA INTEIRA EM AÇO, VÃO DE 8 M, PARA TELHA CERÂMICA OU DE CONCRETO, INCLUSO IÇAMENTO. AF_12/2015","UN","890,50"]
[92593,"(COMPOSIÇÃO REPRESENTATIVA) FABRICAÇÃO E INSTALAÇÃO DE TESOURA INTEIRA EM AÇO, PARA VÃOS DE 3 A 12 M E PARA QUALQUER TIPO DE TELHA, INCLUSO IÇAMENTO. AF_12/2015","KG","6,73"]
[92594,"FABRICAÇÃO E INSTALAÇÃO DE TESOURA INTEIRA EM AÇO, VÃO DE 9 M, PARA TELHA CERÂMICA OU DE CONCRETO, INCLUSO IÇAMENTO. AF_12/2015","UN","1.018,81"]
[92596,"FABRICAÇÃO E INSTALAÇÃO DE TESOURA INTEIRA EM AÇO, VÃO DE 10 M, PARA TELHA CERÂMICA OU DE CONCRETO, INCLUSO IÇAMENTO. AF_12/2015","UN","1.139,39"]
[92598,"FABRICAÇÃO E INSTALAÇÃO DE TESOURA INTEIRA EM AÇO, VÃO DE 11 M, PARA TELHA CERÂMICA OU DE CONCRETO, INCLUSO IÇAMENTO. AF_12/2015","UN","1.209,99"]
[92600,"FABRICAÇÃO E INSTALAÇÃO DE TESOURA INTEIRA EM AÇO, VÃO DE 12 M, PARA TELHA CERÂMICA OU DE CONCRETO, INCLUSO IÇAMENTO. AF_12/2015","UN","1.294,36"]
[92602,"FABRICAÇÃO E INSTALAÇÃO DE TESOURA INTEIRA EM AÇO, VÃO DE 3 M, PARA TELHA ONDULADA DE FIBROCIMENTO, METÁLICA, PLÁSTICA OU TERMOACÚSTICA, INCLUSO IÇAMENTO.. AF_12/2015","UN","433,92"]
[92604,"FABRICAÇÃO E INSTALAÇÃO DE TESOURA INTEIRA EM AÇO, VÃO DE 4 M, PARA TELHA ONDULADA DE FIBROCIMENTO, METÁLICA, PLÁSTICA OU TERMOACÚSTICA, INCLUSO IÇAMENTO. AF_12/2015","UN","490,76"]
[92606,"FABRICAÇÃO E INSTALAÇÃO DE TESOURA INTEIRA EM AÇO, VÃO DE 5 M, PARA TELHA ONDULADA DE FIBROCIMENTO, METÁLICA, PLÁSTICA OU TERMOACÚSTICA, INCLUSO IÇAMENTO. AF_12/2015","UN","561,36"]
[92608,"FABRICAÇÃO E INSTALAÇÃO DE TESOURA INTEIRA EM AÇO, VÃO DE 6 M, PARA TELHA ONDULADA DE FIBROCIMENTO, METÁLICA, PLÁSTICA OU TERMOACÚSTICA, INCLUSO IÇAMENTO. AF_12/2015","UN","692,14"]
[92610,"FABRICAÇÃO E INSTALAÇÃO DE TESOURA INTEIRA EM AÇO, VÃO DE 7 M, PARA TELHA ONDULADA DE FIBROCIMENTO, METÁLICA, PLÁSTICA OU TERMOACÚSTICA, INCLUSO IÇAMENTO. AF_12/2015","UN","762,75"]
[92612,"FABRICAÇÃO E INSTALAÇÃO DE TESOURA INTEIRA EM AÇO, VÃO DE 8 M, PARA TELHA ONDULADA DE FIBROCIMENTO, METÁLICA, PLÁSTICA OU TERMOACÚSTICA, INCLUSO IÇAMENTO, INCLUSO IÇAMENTO. AF_12/2015","UN","862,98"]
[92614,"FABRICAÇÃO E INSTALAÇÃO DE TESOURA INTEIRA EM AÇO, VÃO DE 9 M, PARA TELHA ONDULADA DE FIBROCIMENTO, METÁLICA, PLÁSTICA OU TERMOACÚSTICA, INCLUSO IÇAMENTO. AF_12/2015","UN","963,76"]
[92616,"FABRICAÇÃO E INSTALAÇÃO DE TESOURA INTEIRA EM AÇO, VÃO DE 10 M, PARA TELHA ONDULADA DE FIBROCIMENTO, METÁLICA, PLÁSTICA OU TERMOACÚSTICA, INCLUSO IÇAMENTO. AF_12/2015","UN","1.098,11"]
[92618,"FABRICAÇÃO E INSTALAÇÃO DE TESOURA INTEIRA EM AÇO, VÃO DE 11 M, PARA TELHA ONDULADA DE FIBROCIMENTO, METÁLICA, PLÁSTICA OU TERMOACÚSTICA, INCLUSO IÇAMENTO. AF_12/2015","UN","1.168,71"]
[92620,"FABRICAÇÃO E INSTALAÇÃO DE TESOURA INTEIRA EM AÇO, VÃO DE 12 M, PARA TELHA ONDULADA DE FIBROCIMENTO, METÁLICA, PLÁSTICA OU TERMOACÚSTICA, INCLUSO IÇAMENTO. AF_12/2015","UN","1.239,31"]
[94444,"TELHAMENTO COM TELHA DE ENCAIXE, TIPO FRANCESA DE VIDRO, COM ATÉ 2 ÁGUAS, INCLUSO TRANSPORTE VERTICAL. AF_06/2016","M2","476,53"]
["73891/1","ESGOTAMENTO COM MOTO-BOMBA AUTOESCOVANTE","H","5,47"]
["73882/1","CALHA EM CONCRETO SIMPLES, EM MEIA CANA, DIAMETRO 200 MM","M","25,16"]
["73882/5","CALHA EM CONCRETO SIMPLES, EM MEIA CANA DE CONCRETO, DIAMETRO 600 MM","M","70,68"]
["73816/1","EXECUCAO DE DRENO COM TUBOS DE PVC CORRUGADO FLEXIVEL PERFURADO - DN 100","M","26,01"]
["73816/2","EXECUCAO DE DRENO VERTICAL COM PEDRISCO, DIAMETRO 200MM","M","22,15"]
["73881/1","EXECUCAO DE DRENO COM MANTA GEOTEXTIL 200 G/M2","M2","5,80"]
["73881/3","EXECUCAO DE DRENO COM MANTA GEOTEXTIL 400 G/M2","M2","11,39"]
["73883/1","EXECUCAO DE DRENO FRANCES COM AREIA MEDIA","M3","53,38"]
["73883/2","EXECUCAO DE DRENO FRANCES COM BRITA NUM 2","M3","77,80"]
["73883/3","EXECUCAO DE DRENO FRANCES COM CASCALHO","M3","48,32"]
["73902/1","CAMADA DRENANTE COM BRITA NUM 3","M3","82,26"]
["73968/1","MANTA IMPERMEABILIZANTE A BASE DE ASFALTO - FORNECIMENTO E INSTALACAO","M2","43,70"]
["73969/1","EXECUCAO DE DRENOS DE CHORUME EM TUBOS DRENANTES DE CONCRETO, DIAM=200MM, ENVOLTOS EM BRITA E GEOTEXTIL","M","59,70"]
["74017/1","EXECUCAO DE DRENOS DE CHORUME EM TUBOS DRENANTES, PVC, DIAM=100 MM, ENVOLTOS EM BRITA E GEOTEXTIL","M","42,93"]
["74017/2","EXECUCAO DE DRENOS DE CHORUME EM TUBOS DRENANTES, PVC, DIAM=150 MM, ENVOLTOS EM BRITA E GEOTEXTIL","M","62,26"]
["75029/1","TUBO PVC CORRUGADO RIGIDO PERFURADO DN 150 PARA DRENAGEM - FORNECIMENTO E INSTALACAO","M","44,22"]
[83651,"TUBO PVC CORRUGADO PERFURADO 100 MM C/ JUNTA ELASTICA PARA DRENAGEM.","M","29,92"]
[83656,"COLCHAO DRENANTE C/ 30CM PEDRA BRITADA N.3/FILTRO TRANSICAO MANTA GEOTEXTIL 100% POLIPROPILENO OU POLIESTER INCL FORNEC/COLOCMAT","M2","32,57"]
[83658,"EXECUCAO DRENO PROFUNDO, COM CORTE TRAPEZOIDAL EM SOLO, DE 70X80X150CM EXCL TUBO INCL MATERIAL EXECUCAO, COM SELO ENCHIMENTO MATERIAL DRENANTE E ESCAVACAO","M","129,88"]
[83661,"EXECUCAO DE DRENO PROFUNDO, CORTE EM SOLO, COM TUBO POROSO D=0,20M","M","83,21"]
[83662,"EXECUCAO DE DRENO CEGO","M3","76,13"]
[83664,"EXECUCAO DE DRENO DE TUBO DE CONRETO SIMPLES POROSO D=0,20 M (0,5MX0,5M) PARA GALERIAS DE AGUAS PLUVIAIS","M","52,53"]
[83665,"FORNECIMENTO E INSTALACAO DE MANTA BIDIM RT - 14","M2","7,51"]
[83667,"CAMADA DRENANTE COM AREIA MEDIA","M3","65,75"]
[83668,"CAMADA DRENANTE COM BRITA NUM 2","M3","81,59"]
[83669,"FORNECIMENTO/INSTALACAO MANTA BIDIM RT-16","M2","8,94"]
[83670,"TUBO PVC DN 75 MM PARA DRENAGEM - FORNECIMENTO E INSTALACAO","M","40,07"]
[83671,"TUBO PVC DN 100 MM PARA DRENAGEM - FORNECIMENTO E INSTALACAO","M","43,01"]
[83675,"TUBO CONCRETO SIMPLES DN 200 MM PARA DRENAGEM - FORNECIMENTO E INSTALACAO, INCLUSIVE ESCAVACAO MANUAL 1M3/M.","M","77,91"]
[83676,"TUBO CONCRETO SIMPLES DN 300 MM PARA DRENAGEM - FORNECIMENTO E INSTALACAO INCLUSIVE ESCAVACAO MANUAL 1M3/M","M","95,90"]
[83677,"TUBO CONCRETO SIMPLES DN 400 MM PARA DRENAGEM - FORNECIMENTO E INSTALACAO INCLUSIVE ESCAVACAO MANUAL 1,5M3/M","M","120,29"]
[83678,"TUBO CONCRETO SIMPLES DN 500 MM PARA DRENAGEM - FORNECIMENTO E INSTALACAO INCLUSIVE ESCAVACAO MANUAL 2M3/M","M","155,13"]
[83679,"TUBO PVC D=2” COM MATERIAL DRENANTE PARA DRENO/BARBACA - FORNECIMENTO E INSTALACAO","M","11,84"]
[83680,"TUBO PVC D=3\" COM MATERIAL DRENANTE PARA DRENO/BARBACA - FORNECIMENTO E INSTALACAO","M","13,70"]
[83681,"TUBO PVC D=4\" COM MATERIAL DRENANTE PARA DRENO/BARBACA - FORNECIMENTO E INSTALACAO","M","14,72"]
[83682,"CAMADA VERTICAL DRENANTE C/ PEDRA BRITADA NUMS 1 E 2","M3","82,26"]
[83683,"CAMADA HORIZONTAL DRENANTE C/ PEDRA BRITADA 1 E 2","M3","90,71"]
[83729,"FORNECIMENTO/INSTALACAO DE MANTA BIDIM RT-31","M2","17,57"]
[83739,"FORNECIMENTO/INSTALACAO DE MANTA BIDIM RT-10","M2","6,10"]
[6454,"FORNECIMENTO E LANCAMENTO DE PEDRA DE MAO","M3","131,28"]
[73611,"ENROCAMENTO COM PEDRA ARGAMASSADA TRAÇO 1:4 COM PEDRA DE MÃO","M3","310,28"]
[73697,"ENROCAMENTO MANUAL, SEM ARRUMACAO DO MATERIAL","M3","129,64"]
[73698,"ENROCAMENTO MANUAL, COM ARRUMACAO DO MATERIAL","M3","174,93"]
["73890/1","ENSECADEIRA DE MADEIRA COM PAREDE SIMPLES","M2","107,78"]
["73890/2","ENSECADEIRA DE MADEIRA COM PAREDE DUPLA","M2","272,06"]
[92743,"MURO DE GABIÃO, ENCHIMENTO COM PEDRA DE MÃO TIPO RACHÃO, DE GRAVIDADE, COM GAIOLAS DE COMPRIMENTO IGUAL A 2 M, PARA MUROS COM ALTURA MENOR OU IGUAL A 4 M – FORNECIMENTO E EXECUÇÃO. AF_12/2015","M3","422,41"]
[92744,"MURO DE GABIÃO, ENCHIMENTO COM PEDRA DE MÃO TIPO RACHÃO, DE GRAVIDADE, COM GAIOLAS DE COMPRIMENTO IGUAL A 5 M, PARA MUROS COM ALTURA MENOR OU IGUAL A 4 M – FORNECIMENTO E EXECUÇÃO. AF_12/2015","M3","408,89"]
[92745,"MURO DE GABIÃO, ENCHIMENTO COM PEDRA DE MÃO TIPO RACHÃO, DE GRAVIDADE, COM GAIOLAS DE COMPRIMENTO IGUAL A 2 M, PARA MUROS COM ALTURA MAIOR QUE 4 M E MENOR OU IGUAL A 6 M – FORNECIMENTO E EXECUÇÃO. AF_12/2015","M3","530,09"]
[92746,"MURO DE GABIÃO, ENCHIMENTO COM PEDRA DE MÃO TIPO RACHÃO, DE GRAVIDADE, COM GAIOLAS DE COMPRIMENTO IGUAL A 5 M, PARA MUROS COM ALTURA MAIOR QUE 4 M E MENOR OU IGUAL A 6 M   FORNECIMENTO E EXECUÇÃO. AF_12/2015","M3","488,18"]
[92747,"MURO DE GABIÃO, ENCHIMENTO COM PEDRA DE MÃO TIPO RACHÃO, DE GRAVIDADE, COM GAIOLAS DE COMPRIMENTO IGUAL A 2 M, PARA MUROS COM ALTURA MAIOR QUE 6 M E MENOR OU IGUAL A 10 M   FORNECIMENTO E EXECUÇÃO. AF_12/2015","M3","591,41"]
[92748,"MURO DE GABIÃO, ENCHIMENTO COM PEDRA DE MÃO TIPO RACHÃO, DE GRAVIDADE, COM GAIOLAS DE COMPRIMENTO IGUAL A 5 M, PARA MUROS COM ALTURA MAIOR QUE 6 M E MENOR OU IGUAL A 10 M– FORNECIMENTO E EXECUÇÃO. AF_12/2015","M3","533,55"]
[92749,"MURO DE GABIÃO, ENCHIMENTO COM PEDRA DE MÃO TIPO RACHÃO, COM SOLO REFORÇADO, PARA MUROS COM ALTURA MENOR OU IGUAL A 4 M   FORNECIMENTO E EXECUÇÃO. AF_12/2015","M3","618,54"]
[92750,"MURO DE GABIÃO, ENCHIMENTO COM PEDRA DE MÃO TIPO RACHÃO, COM SOLO REFORÇADO, PARA MUROS COM ALTURA MAIOR QUE 4 M E MENOR OU IGUAL A 12 M   FORNECIMENTO E EXECUÇÃO. AF_12/2015","M3","1.084,13"]
[92751,"MURO DE GABIÃO, ENCHIMENTO COM PEDRA DE MÃO TIPO RACHÃO, COM SOLO REFORÇADO, PARA MUROS COM ALTURA MAIOR QUE 12 M E MENOR OU IGUAL A 20 M    FORNECIMENTO E EXECUÇÃO. AF_12/2015","M3","1.354,80"]
[92752,"MURO DE GABIÃO, ENCHIMENTO COM PEDRA DE MÃO TIPO RACHÃO, COM SOLO REFORÇADO, PARA MUROS COM ALTURA MAIOR QUE 20 M E MENOR OU IGUAL A 28 M   FORNECIMENTO E EXECUÇÃO. AF_12/2015","M3","1.624,47"]
[92753,"MURO DE GABIÃO, ENCHIMENTO COM RESÍDUO DE CONSTRUÇÃO E DEMOLIÇÃO, DE GRAVIDADE, COM GAIOLA TRAPEZOIDAL DE COMPRIMENTO IGUAL A 2 M, PARA MUROS COM ALTURA MENOR OU IGUAL A 2 M   FORNECIMENTO E EXECUÇÃO. AF_12/2015","M3","429,43"]
[92754,"MURO DE GABIÃO, ENCHIMENTO COM RESÍDUO DE CONSTRUÇÃO E DEMOLIÇÃO, DE GRAVIDADE, COM GAIOLA TRAPEZOIDAL DE COMPRIMENTO IGUAL A 2 M, PARA MUROS COM ALTURA MAIOR QUE 2 M E MENOR OU IGUAL A 4 M    FORNECIMENTO E EXECUÇÃO. AF_12/2015","M3","392,82"]
[92755,"PROTEÇÃO SUPERFICIAL DE CANAL EM GABIÃO TIPO COLCHÃO, ALTURA DE 17 CENTÍMETROS, ENCHIMENTO COM PEDRA DE MÃO TIPO RACHÃO - FORNECIMENTO E EXECUÇÃO. AF_12/2015","M2","159,57"]
[92756,"PROTEÇÃO SUPERFICIAL DE CANAL EM GABIÃO TIPO COLCHÃO, ALTURA DE 23 CENTÍMETROS, ENCHIMENTO COM PEDRA DE MÃO TIPO RACHÃO - FORNECIMENTO E EXECUÇÃO. AF_12/2015","M2","180,11"]
[92757,"PROTEÇÃO SUPERFICIAL DE CANAL EM GABIÃO TIPO COLCHÃO, ALTURA DE 30 CENTÍMETROS, ENCHIMENTO COM PEDRA DE MÃO TIPO RACHÃO - FORNECIMENTO E EXECUÇÃO. AF_12/2015","M2","205,17"]
[92758,"PROTEÇÃO SUPERFICIAL DE CANAL EM GABIÃO TIPO SACO, DIÂMETRO DE 65 CENTÍMETROS, ENCHIMENTO MANUAL COM PEDRA DE MÃO TIPO RACHÃO - FORNECIMENTO E EXECUÇÃO. AF_12/2015","M3","487,59"]
["73843/1","MURO DE ARRIMO DE CONCRETO CICLOPICO COM 30% DE PEDRA DE MAO","M3","296,09"]
["73844/1","MURO DE ARRIMO DE ALVENARIA DE PEDRA ARGAMASSADA","M3","425,86"]
["73844/2","MURO DE ARRIMO DE ALVENARIA DE TIJOLOS","M3","406,03"]
["73846/1","MURO DE ARRIMO CELULAR PECAS PRE-MOLDADAS CONCRETO EXCL FORMAS INCL   CONFECCAO DAS PECAS MONTAGEM E COMPACTACAO DO SOLO DE ENCHIMENTO.","M3","244,45"]
["73846/2","MURO DE ARRIMO CELULAR PECAS PRE-MOLDADAS CONCRETO EXCL MATERIAIS E   FORMAS INCL CONFECCAO PECAS MONTAGEM E COMPACTACAO DO SOLO(ENCHIMENTO)","M3","105,68"]
[91069,"EXECUÇÃO DE REVESTIMENTO DE CONCRETO PROJETADO COM ESPESSURA DE 7 CM, ARMADO COM TELA, INCLINAÇÃO MENOR QUE 90°, APLICAÇÃO CONTÍNUA, UTILIZANDO EQUIPAMENTO DE PROJEÇÃO COM 6 M³/H DE CAPACIDADE. AF_01/2016","M2","73,92"]
[91070,"EXECUÇÃO DE REVESTIMENTO DE CONCRETO PROJETADO COM ESPESSURA DE 10 CM, ARMADO COM TELA, INCLINAÇÃO MENOR QUE 90°, APLICAÇÃO CONTÍNUA, UTILIZANDO EQUIPAMENTO DE PROJEÇÃO COM 6 M³/H DE CAPACIDADE. AF_01/2016","M2","82,18"]
[91071,"EXECUÇÃO DE REVESTIMENTO DE CONCRETO PROJETADO COM ESPESSURA DE 7 CM, ARMADO COM TELA, INCLINAÇÃO DE 90°, APLICAÇÃO CONTÍNUA, UTILIZANDO EQUIPAMENTO DE PROJEÇÃO COM 6 M³/H DE CAPACIDADE. AF_01/2016","M2","103,49"]
[91072,"EXECUÇÃO DE REVESTIMENTO DE CONCRETO PROJETADO COM ESPESSURA DE 10 CM, ARMADO COM TELA, INCLINAÇÃO DE 90°, APLICAÇÃO CONTÍNUA, UTILIZANDO EQUIPAMENTO DE PROJEÇÃO COM 6 M³/H DE CAPACIDADE. AF_01/2016","M2","111,75"]
[91073,"EXECUÇÃO DE REVESTIMENTO DE CONCRETO PROJETADO COM ESPESSURA DE 7 CM, ARMADO COM TELA, INCLINAÇÃO MENOR QUE 90°, APLICAÇÃO CONTÍNUA, UTILIZANDO EQUIPAMENTO DE PROJEÇÃO COM 3 M³/H DE CAPACIDADE. AF_01/2016","M2","84,76"]
[91074,"EXECUÇÃO DE REVESTIMENTO DE CONCRETO PROJETADO COM ESPESSURA DE 10 CM, ARMADO COM TELA, INCLINAÇÃO MENOR QUE 90°, APLICAÇÃO CONTÍNUA, UTILIZANDO EQUIPAMENTO DE PROJEÇÃO COM 3 M³/H DE CAPACIDADE. AF_01/2016","M2","94,16"]
[91075,"EXECUÇÃO DE REVESTIMENTO DE CONCRETO PROJETADO COM ESPESSURA DE 7 CM, ARMADO COM TELA, INCLINAÇÃO DE 90°, APLICAÇÃO CONTÍNUA, UTILIZANDO EQUIPAMENTO DE PROJEÇÃO COM 3 M³/H DE CAPACIDADE. AF_01/2016","M2","116,24"]
[91076,"EXECUÇÃO DE REVESTIMENTO DE CONCRETO PROJETADO COM ESPESSURA DE 10 CM, ARMADO COM TELA, INCLINAÇÃO DE 90°, APLICAÇÃO CONTÍNUA, UTILIZANDO EQUIPAMENTO DE PROJEÇÃO COM 3 M³/H DE CAPACIDADE. AF_01/2016","M2","125,64"]
[91077,"EXECUÇÃO DE REVESTIMENTO DE CONCRETO PROJETADO COM ESPESSURA DE 7 CM, ARMADO COM FIBRAS DE AÇO, INCLINAÇÃO MENOR QUE 90°, APLICAÇÃO CONTÍNUA, UTILIZANDO EQUIPAMENTO DE PROJEÇÃO COM 6 M³/H DE CAPACIDADE. AF_01/2016","M2","112,88"]
[91078,"EXECUÇÃO DE REVESTIMENTO DE CONCRETO PROJETADO COM ESPESSURA DE 10 CM, ARMADO COM FIBRAS DE AÇO, INCLINAÇÃO MENOR QUE 90°, APLICAÇÃO CONTÍNUA, UTILIZANDO EQUIPAMENTO DE PROJEÇÃO COM 6 M³/H DE CAPACIDADE. AF_01/2016","M2","133,40"]
[91079,"EXECUÇÃO DE REVESTIMENTO DE CONCRETO PROJETADO COM ESPESSURA DE 7 CM, ARMADO COM FIBRAS DE AÇO, INCLINAÇÃO DE 90°, APLICAÇÃO CONTÍNUA, UTILIZANDO EQUIPAMENTO DE PROJEÇÃO COM 6 M³/H DE CAPACIDADE. AF_01/2016","M2","116,96"]
[91080,"EXECUÇÃO DE REVESTIMENTO DE CONCRETO PROJETADO COM ESPESSURA DE 10 CM, ARMADO COM FIBRAS DE AÇO, INCLINAÇÃO DE 90°, APLICAÇÃO CONTÍNUA, UTILIZANDO EQUIPAMENTO DE PROJEÇÃO COM 6 M³/H DE CAPACIDADE. AF_01/2016","M2","137,30"]
[91081,"EXECUÇÃO DE REVESTIMENTO DE CONCRETO PROJETADO COM ESPESSURA DE 7 CM, ARMADO COM FIBRAS DE AÇO, INCLINAÇÃO MENOR QUE 90°, APLICAÇÃO CONTÍNUA, UTILIZANDO EQUIPAMENTO DE PROJEÇÃO COM 3 M³/H DE CAPACIDADE. AF_01/2016","M2","124,91"]
[91082,"EXECUÇÃO DE REVESTIMENTO DE CONCRETO PROJETADO COM ESPESSURA DE 10 CM, ARMADO COM FIBRAS DE AÇO, INCLINAÇÃO MENOR QUE 90°, APLICAÇÃO CONTÍNUA, UTILIZANDO EQUIPAMENTO DE PROJEÇÃO COM 3 M³/H DE CAPACIDADE. AF_01/2016","M2","146,41"]
[91083,"EXECUÇÃO DE REVESTIMENTO DE CONCRETO PROJETADO COM ESPESSURA DE 7 CM, ARMADO COM FIBRAS DE AÇO, INCLINAÇÃO DE 90°, APLICAÇÃO CONTÍNUA, UTILIZANDO EQUIPAMENTO DE PROJEÇÃO COM 3 M³/H DE CAPACIDADE. AF_01/2016","M2","132,09"]
[91084,"EXECUÇÃO DE REVESTIMENTO DE CONCRETO PROJETADO COM ESPESSURA DE 10 CM, ARMADO COM FIBRAS DE AÇO, INCLINAÇÃO DE 90°, APLICAÇÃO CONTÍNUA, UTILIZANDO EQUIPAMENTO DE PROJEÇÃO COM 3 M³/H DE CAPACIDADE. AF_01/2016","M2","153,38"]
[91086,"EXECUÇÃO DE REVESTIMENTO DE CONCRETO PROJETADO COM ESPESSURA DE 7 CM, ARMADO COM TELA, INCLINAÇÃO MENOR QUE 90°, APLICAÇÃO DESCONTÍNUA, UTILIZANDO EQUIPAMENTO DE PROJEÇÃO COM 6 M³/H DE CAPACIDADE. AF_01/2016","M2","81,68"]
[91087,"EXECUÇÃO DE REVESTIMENTO DE CONCRETO PROJETADO COM ESPESSURA DE 10 CM, ARMADO COM TELA, INCLINAÇÃO MENOR QUE 90°, APLICAÇÃO DESCONTÍNUA, UTILIZANDO EQUIPAMENTO DE PROJEÇÃO COM 6 M³/H DE CAPACIDADE. AF_01/2016","M2","90,21"]
[91088,"EXECUÇÃO DE REVESTIMENTO DE CONCRETO PROJETADO COM ESPESSURA DE 7 CM, ARMADO COM TELA, INCLINAÇÃO DE 90°, APLICAÇÃO DESCONTÍNUA, UTILIZANDO EQUIPAMENTO DE PROJEÇÃO COM 6 M³/H DE CAPACIDADE. AF_01/2016","M2","112,24"]
[91089,"EXECUÇÃO DE REVESTIMENTO DE CONCRETO PROJETADO COM ESPESSURA DE 10 CM, ARMADO COM TELA, INCLINAÇÃO DE 90°, APLICAÇÃO DESCONTÍNUA, UTILIZANDO EQUIPAMENTO DE PROJEÇÃO COM 6 M³/H DE CAPACIDADE. AF_01/2016","M2","120,84"]
[91090,"EXECUÇÃO DE REVESTIMENTO DE CONCRETO PROJETADO COM ESPESSURA DE 7 CM, ARMADO COM TELA, INCLINAÇÃO MENOR QUE 90°, APLICAÇÃO DESCONTÍNUA, UTILIZANDO EQUIPAMENTO DE PROJEÇÃO COM 3 M³/H DE CAPACIDADE. AF_01/2016","M2","91,12"]
[91091,"EXECUÇÃO DE REVESTIMENTO DE CONCRETO PROJETADO COM ESPESSURA DE 10 CM, ARMADO COM TELA, INCLINAÇÃO MENOR QUE 90°, APLICAÇÃO DESCONTÍNUA, UTILIZANDO EQUIPAMENTO DE PROJEÇÃO COM 3 M³/H DE CAPACIDADE. AF_01/2016","M2","100,90"]
[91092,"EXECUÇÃO DE REVESTIMENTO DE CONCRETO PROJETADO COM ESPESSURA DE 7 CM, ARMADO COM TELA, INCLINAÇÃO DE 90°, APLICAÇÃO DESCONTÍNUA, UTILIZANDO EQUIPAMENTO DE PROJEÇÃO COM 3 M³/H DE CAPACIDADE. AF_01/2016","M2","123,25"]
[91093,"EXECUÇÃO DE REVESTIMENTO DE CONCRETO PROJETADO COM ESPESSURA DE 10 CM, ARMADO COM TELA, INCLINAÇÃO DE 90°, APLICAÇÃO DESCONTÍNUA, UTILIZANDO EQUIPAMENTO DE PROJEÇÃO COM 3 M³/H DE CAPACIDADE. AF_01/2016","M2","133,21"]
[91094,"EXECUÇÃO DE REVESTIMENTO DE CONCRETO PROJETADO COM ESPESSURA DE 7 CM, ARMADO COM FIBRAS DE AÇO, INCLINAÇÃO MENOR QUE 90°, APLICAÇÃO DESCONTÍNUA, UTILIZANDO EQUIPAMENTO DE PROJEÇÃO COM 6 M³/H DE CAPACIDADE. AF_01/2016","M2","117,63"]
[91095,"EXECUÇÃO DE REVESTIMENTO DE CONCRETO PROJETADO COM ESPESSURA DE 10 CM, ARMADO COM FIBRAS DE AÇO, INCLINAÇÃO MENOR QUE 90°, APLICAÇÃO DESCONTÍNUA, UTILIZANDO EQUIPAMENTO DE PROJEÇÃO COM 6 M³/H DE CAPACIDADE. AF_01/2016","M2","138,43"]
[91096,"EXECUÇÃO DE REVESTIMENTO DE CONCRETO PROJETADO COM ESPESSURA DE 7 CM, ARMADO COM FIBRAS DE AÇO, INCLINAÇÃO DE 90°, APLICAÇÃO DESCONTÍNUA, UTILIZANDO EQUIPAMENTO DE PROJEÇÃO COM 6 M³/H DE CAPACIDADE. AF_01/2016","M2","119,51"]
[91097,"EXECUÇÃO DE REVESTIMENTO DE CONCRETO PROJETADO COM ESPESSURA DE 10 CM, ARMADO COM FIBRAS DE AÇO, INCLINAÇÃO DE 90°, APLICAÇÃO DESCONTÍNUA, UTILIZANDO EQUIPAMENTO DE PROJEÇÃO COM 6 M³/H DE CAPACIDADE. AF_01/2016","M2","140,18"]
[91098,"EXECUÇÃO DE REVESTIMENTO DE CONCRETO PROJETADO COM ESPESSURA DE 7 CM, ARMADO COM FIBRAS DE AÇO, INCLINAÇÃO MENOR QUE 90°, APLICAÇÃO DESCONTÍNUA, UTILIZANDO EQUIPAMENTO DE PROJEÇÃO COM 3 M³/H DE CAPACIDADE. AF_01/2016","M2","129,61"]
[91099,"EXECUÇÃO DE REVESTIMENTO DE CONCRETO PROJETADO COM ESPESSURA DE 10 CM, ARMADO COM FIBRAS DE AÇO, INCLINAÇÃO MENOR QUE 90°, APLICAÇÃO DESCONTÍNUA, UTILIZANDO EQUIPAMENTO DE PROJEÇÃO COM 3 M³/H DE CAPACIDADE. AF_01/2016","M2","151,48"]
[91100,"EXECUÇÃO DE REVESTIMENTO DE CONCRETO PROJETADO COM ESPESSURA DE 7 CM, ARMADO COM FIBRAS DE AÇO, INCLINAÇÃO DE 90°, APLICAÇÃO DESCONTÍNUA, UTILIZANDO EQUIPAMENTO DE PROJEÇÃO COM 3 M³/H DE CAPACIDADE. AF_01/2016","M2","135,11"]
[91101,"EXECUÇÃO DE REVESTIMENTO DE CONCRETO PROJETADO COM ESPESSURA DE 10 CM, ARMADO COM FIBRAS DE AÇO, INCLINAÇÃO DE 90°, APLICAÇÃO DESCONTÍNUA, UTILIZANDO EQUIPAMENTO DE PROJEÇÃO COM 3 M³/H DE CAPACIDADE. AF_01/2016","M2","156,86"]
[93952,"EXECUÇÃO DE GRAMPO PARA SOLO GRAMPEADO COM COMPRIMENTO MENOR OU IGUAL A 4 M, DIÂMETRO DE 10 CM, PERFURAÇÃO COM EQUIPAMENTO MANUAL E ARMADURA COM DIÂMETRO DE 16 MM. AF_05/2016","M","148,81"]
[93953,"EXECUÇÃO DE GRAMPO PARA SOLO GRAMPEADO COM COMPRIMENTO MAIOR QUE 4 M E MENOR OU IGUAL A 6 M, DIÂMETRO DE 10 CM, PERFURAÇÃO COM EQUIPAMENTO MANUAL E ARMADURA COM DIÂMETRO DE 16 MM. AF_05/2016","M","138,20"]
[93954,"EXECUÇÃO DE GRAMPO PARA SOLO GRAMPEADO COM COMPRIMENTO MAIOR QUE 6 M E MENOR OU IGUAL A 8 M, DIÂMETRO DE 10 CM, PERFURAÇÃO COM EQUIPAMENTO MANUAL E ARMADURA COM DIÂMETRO DE 16 MM. AF_05/2016","M","131,88"]
[93955,"EXECUÇÃO DE GRAMPO PARA SOLO GRAMPEADO COM COMPRIMENTO MAIOR QUE 8 M E MENOR OU IGUAL A 10 M, DIÂMETRO DE 10 CM, PERFURAÇÃO COM EQUIPAMENTO MANUAL E ARMADURA COM DIÂMETRO DE 16 MM. AF_05/2016","M","127,39"]
[93956,"EXECUÇÃO DE GRAMPO PARA SOLO GRAMPEADO COM COMPRIMENTO MAIOR QUE 10 M, DIÂMETRO DE 10 CM, PERFURAÇÃO COM EQUIPAMENTO MANUAL E ARMADURA COM DIÂMETRO DE 16 MM. AF_05/2016","M","123,88"]
[93957,"EXECUÇÃO DE GRAMPO PARA SOLO GRAMPEADO COM COMPRIMENTO MENOR OU IGUAL A 4 M, DIÂMETRO DE 10 CM, PERFURAÇÃO COM EQUIPAMENTO MANUAL E ARMADURA COM DIÂMETRO DE 20 MM. AF_05/2016","M","154,12"]
[93958,"EXECUÇÃO DE GRAMPO PARA SOLO GRAMPEADO COM COMPRIMENTO MAIOR QUE 4 M E MENOR OU IGUAL A 6 M, DIÂMETRO DE 10 CM, PERFURAÇÃO COM EQUIPAMENTO MANUAL E ARMADURA COM DIÂMETRO DE 20 MM. AF_05/2016","M","142,95"]
[93959,"EXECUÇÃO DE GRAMPO PARA SOLO GRAMPEADO COM COMPRIMENTO MAIOR QUE 6 M E MENOR OU IGUAL A 8 M, DIÂMETRO DE 10 CM, PERFURAÇÃO COM EQUIPAMENTO MANUAL E ARMADURA COM DIÂMETRO DE 20 MM. AF_05/2016","M","136,36"]
[93960,"EXECUÇÃO DE GRAMPO PARA SOLO GRAMPEADO COM COMPRIMENTO MAIOR QUE 8 M E MENOR OU IGUAL A 10 M, DIÂMETRO DE 10 CM, PERFURAÇÃO COM EQUIPAMENTO MANUAL E ARMADURA COM DIÂMETRO DE 20 MM. AF_05/2016","M","131,69"]
[93961,"EXECUÇÃO DE GRAMPO PARA SOLO GRAMPEADO COM COMPRIMENTO MAIOR QUE 10 M, DIÂMETRO DE 10 CM, PERFURAÇÃO COM EQUIPAMENTO MANUAL E ARMADURA COM DIÂMETRO DE 20 MM. AF_05/2016","M","128,05"]
[93962,"EXECUÇÃO DE GRAMPO PARA SOLO GRAMPEADO COM COMPRIMENTO MENOR OU IGUAL A 4 M, DIÂMETRO DE 7 CM, PERFURAÇÃO COM EQUIPAMENTO MANUAL E ARMADURA COM DIÂMETRO DE 16 MM. AF_05/2016","M","138,94"]
[93963,"EXECUÇÃO DE GRAMPO PARA SOLO GRAMPEADO COM COMPRIMENTO MAIOR QUE 4 E MENOR OU IGUAL A 6 M, DIÂMETRO DE 7 CM, PERFURAÇÃO COM EQUIPAMENTO MANUAL E ARMADURA COM DIÂMETRO DE 16 MM. AF_05/2016","M","128,37"]
[93964,"EXECUÇÃO DE GRAMPO PARA SOLO GRAMPEADO COM COMPRIMENTO MAIOR QUE 6 M E MENOR OU IGUAL A 8 M, DIÂMETRO DE 7 CM, PERFURAÇÃO COM EQUIPAMENTO MANUAL E ARMADURA COM DIÂMETRO DE 16 MM. AF_05/2016","M","122,06"]
[93965,"EXECUÇÃO DE GRAMPO PARA SOLO GRAMPEADO COM COMPRIMENTO MAIOR QUE 8 M E MENOR OU IGUAL A 10 M, DIÂMETRO DE 7 CM, PERFURAÇÃO COM EQUIPAMENTO MANUAL E ARMADURA COM DIÂMETRO DE 16 MM. AF_05/2016","M","115,66"]
[93966,"EXECUÇÃO DE GRAMPO PARA SOLO GRAMPEADO COM COMPRIMENTO MAIOR QUE 10 M, DIÂMETRO DE 7 CM, PERFURAÇÃO COM EQUIPAMENTO MANUAL E ARMADURA COM DIÂMETRO DE 16 MM. AF_05/2016","M","114,11"]
[93967,"EXECUÇÃO DE GRAMPO PARA SOLO GRAMPEADO COM COMPRIMENTO MENOR OU IGUAL A 4 M, DIÂMETRO DE 7 CM, PERFURAÇÃO COM EQUIPAMENTO MANUAL E ARMADURA COM DIÂMETRO DE 20 MM. AF_05/2016","M","144,22"]
[93968,"EXECUÇÃO DE GRAMPO PARA SOLO GRAMPEADO COM COMPRIMENTO MAIOR QUE 4 E MENOR OU IGUAL A 6 M, DIÂMETRO DE 7 CM, PERFURAÇÃO COM EQUIPAMENTO MANUAL E ARMADURA COM DIÂMETRO DE 20 MM. AF_05/2016","M","133,11"]
[93969,"EXECUÇÃO DE GRAMPO PARA SOLO GRAMPEADO COM COMPRIMENTO MAIOR QUE 6 M E MENOR OU IGUAL A 8 M, DIÂMETRO DE 7 CM, PERFURAÇÃO COM EQUIPAMENTO MANUAL E ARMADURA COM DIÂMETRO DE 20 MM. AF_05/2016","M","126,52"]
[93970,"EXECUÇÃO DE GRAMPO PARA SOLO GRAMPEADO COM COMPRIMENTO MAIOR QUE 8 MENOR OU IGUAL A 10 M, DIÂMETRO DE 7 CM, PERFURAÇÃO COM EQUIPAMENTO MANUAL E ARMADURA COM DIÂMETRO DE 20 MM. AF_05/2016","M","121,90"]
[93971,"EXECUÇÃO DE GRAMPO PARA SOLO GRAMPEADO COM COMPRIMENTO MAIOR QUE 10 M, DIÂMETRO DE 7 CM, PERFURAÇÃO COM EQUIPAMENTO MANUAL E ARMADURA COM DIÂMETRO DE 20 MM. AF_05/2016","M","114,60"]
[95108,"EXECUÇÃO DE PROTEÇÃO DA CABEÇA DO TIRANTE COM USO DE FÔRMAS EM CHAPA COMPENSADA PLASTIFICADA DE MADEIRA E CONCRETO FCK =15 MPA. AF_07/2016","UN","19,18"]
[83690,"DISSIPADOR DE ENERGIA EM PEDRA ARGAMASSADA ESPESSURA 6CM INCL MATERIAIS E COLOCACAO MEDIDO P/ VOLUME DE PEDRA ARGAMASSADA","M3","413,53"]
["73799/1","GRELHA EM FERRO FUNDIDO SIMPLES COM REQUADRO, CARGA MÁXIMA 12,5 T,  300 X 1000 MM, E = 15 MM, FORNECIDA E ASSENTADA COM ARGAMASSA 1:4 CIMENTO:AREIA.","UN","314,47"]
["73856/1","BOCA P/BUEIRO SIMPLES TUBULAR D=0,40M EM CONCRETO CICLOPICO, INCLINDO FORMAS, ESCAVACAO, REATERRO E MATERIAIS, EXCLUINDO MATERIAL REATERRO JAZIDA E TRANSPORTE","UN","482,65"]
["73856/2","BOCA PARA BUEIRO SIMPLES TUBULAR, DIAMETRO =0,60M, EM CONCRETO CICLOPICO, INCLUINDO FORMAS, ESCAVACAO, REATERRO E MATERIAIS, EXCLUINDO MATERIAL REATERRO JAZIDA E TRANSPORTE.","UN","789,30"]
["73856/3","BOCA PARA BUEIRO SIMPLES TUBULAR, DIAMETRO =0,80M, EM CONCRETO CICLOPICO, INCLUINDO FORMAS, ESCAVACAO, REATERRO E MATERIAIS, EXCLUINDO MATERIAL REATERRO JAZIDA E TRANSPORTE.","UN","1.180,90"]
["73856/4","BOCA PARA BUEIRO SIMPLES TUBULAR, DIAMETRO =1,00M, EM CONCRETO CICLOPICO, INCLUINDO FORMAS, ESCAVACAO, REATERRO E MATERIAIS, EXCLUINDO MATERIAL REATERRO JAZIDA E TRANSPORTE.","UN","1.663,01"]
["73856/5","BOCA PARA BUEIRO SIMPLES TUBULAR, DIAMETRO =1,20M, EM CONCRETO CICLOPICO, INCLUINDO FORMAS, ESCAVACAO, REATERRO E MATERIAIS, EXCLUINDO MATERIAL REATERRO JAZIDA E TRANSPORTE.","UN","2.240,02"]
["73856/6","BOCA PARA BUEIRO DUPLO TUBULAR, DIAMETRO =0,40M, EM CONCRETO CICLOPICO, INCLUINDO FORMAS, ESCAVACAO, REATERRO E MATERIAIS, EXCLUINDO MATERIAL REATERRO JAZIDA E TRANSPORTE.","UN","680,69"]
["73856/7","BOCA PARA BUEIRO DUPLO TUBULAR, DIAMETRO =0,60M, EM CONCRETO CICLOPICO, INCLUINDO FORMAS, ESCAVACAO, REATERRO E MATERIAIS, EXCLUINDO MATERIAL REATERRO JAZIDA E TRANSPORTE.","UN","1.119,84"]
["73856/8","BOCA PARA BUEIRO DUPLO TUBULAR, DIAMETRO =0,80M, EM CONCRETO CICLOPICO, INCLUINDO FORMAS, ESCAVACAO, REATERRO E MATERIAIS, EXCLUINDO MATERIAL REATERRO JAZIDA E TRANSPORTE.","UN","1.678,66"]
["73856/9","BOCA PARA BUEIRO DUPLO TUBULAR, DIAMETRO =1,00M, EM CONCRETO CICLOPICO, INCLUINDO FORMAS, ESCAVACAO, REATERRO E MATERIAIS, EXCLUINDO MATERIAL REATERRO JAZIDA E TRANSPORTE.","UN","2.113,02"]
["73856/10","BOCA PARA BUEIRO DUPLOTUBULAR, DIAMETRO =1,20M, EM CONCRETO CICLOPICO, INCLUINDO FORMAS, ESCAVACAO, REATERRO E MATERIAIS, EXCLUINDO MATERIAL REATERRO JAZIDA E TRANSPORTE.","UN","3.179,50"]
["73856/11","BOCA PARA BUEIRO TRIPLO TUBULAR, DIAMETRO =0,40M, EM CONCRETO CICLOPICO, INCLUINDO FORMAS, ESCAVACAO, REATERRO E MATERIAIS, EXCLUINDO MATERIAL REATERRO JAZIDA E TRANSPORTE.","UN","878,36"]
["73856/12","BOCA PARA BUEIRO TRIPLO TUBULAR, DIAMETRO =0,60M, EM CONCRETO CICLOPICO, INCLUINDO FORMAS, ESCAVACAO, REATERRO E MATERIAIS, EXCLUINDO MATERIAL REATERRO JAZIDA E TRANSPORTE.","UN","1.450,01"]
["73856/13","BOCA PARA BUEIRO TRIPLO TUBULAR, DIAMETRO =0,80M, EM CONCRETO CICLOPICO, INCLUINDO FORMAS, ESCAVACAO, REATERRO E MATERIAIS, EXCLUINDO MATERIAL REATERRO JAZIDA E TRANSPORTE.","UN","2.176,11"]
["73856/14","BOCA PARA BUEIRO TRIPLO TUBULAR, DIAMETRO =1,00M, EM CONCRETO CICLOPICO, INCLUINDO FORMAS, ESCAVACAO, REATERRO E MATERIAIS, EXCLUINDO MATERIAL REATERRO JAZIDA E TRANSPORTE.","UN","3.063,57"]
["73856/15","BOCA PARA BUEIRO TRIPLO TUBULAR, DIAMETRO =1,20M, EM CONCRETO CICLOPICO, INCLUINDO FORMAS, ESCAVACAO, REATERRO E MATERIAIS, EXCLUINDO MATERIAL REATERRO JAZIDA E TRANSPORTE.","UN","4.119,06"]
["74224/1","POCO DE VISITA PARA DRENAGEM PLUVIAL, EM CONCRETO ESTRUTURAL, DIMENSOES INTERNAS DE 90X150X80CM (LARGXCOMPXALT), PARA REDE DE 600 MM, EXCLUSOS TAMPAO E CHAMINE.","UN","1.171,77"]
[83659,"BOCA DE LOBO EM ALVENARIA TIJOLO MACICO, REVESTIDA C/ ARGAMASSA DE CIMENTO E AREIA 1:3, SOBRE LASTRO DE CONCRETO 10CM E TAMPA DE CONCRETO ARMADO","UN","647,10"]
[83716,"GRELHA FF 30X90CM, 135KG, P/ CX RALO COM ASSENTAMENTO DE ARGAMASSA CIMENTO/AREIA 1:4 - FORNECIMENTO E INSTALAÇÃO","UN","313,79"]
[97976,"POÇO DE INSPEÇÃO CIRCULAR PARA ESGOTO, EM ALVENARIA COM TIJOLOS CERÂMICOS MACIÇOS, DIÂMETRO INTERNO = 0,6 M, PROFUNDIDADE = 1 M, EXCLUINDO TAMPÃO. AF_05/2018","UN","737,00"]
[97977,"POÇO DE INSPEÇÃO CIRCULAR PARA ESGOTO, EM ALVENARIA COM TIJOLOS CERÂMICOS MACIÇOS, DIÂMETRO INTERNO = 0,6 M, PROFUNDIDADE = 1,5 M, EXCLUINDO TAMPÃO. AF_05/2018","UN","1.072,44"]
[97980,"BASE PARA POÇO DE VISITA CIRCULAR PARA  ESGOTO, EM ALVENARIA COM TIJOLOS CERÂMICOS MACIÇOS, DIÂMETRO INTERNO = 0,8 M, PROFUNDIDADE = 1,45 M, EXCLUINDO TAMPÃO. AF_05/2018","UN","1.381,36"]
[97981,"ACRÉSCIMO PARA POÇO DE VISITA CIRCULAR PARA ESGOTO, EM ALVENARIA COM TIJOLOS CERÂMICOS MACIÇOS, DIÂMETRO INTERNO = 0,8 M. AF_05/2018","M","819,74"]
[97983,"ACRÉSCIMO PARA POÇO DE VISITA CIRCULAR PARA ESGOTO, EM CONCRETO PRÉ-MOLDADO, DIÂMETRO INTERNO = 1 M. AF_05/2018","M","280,73"]
[97985,"ACRÉSCIMO PARA POÇO DE VISITA CIRCULAR PARA  ESGOTO, EM ALVENARIA COM TIJOLOS CERÂMICOS MACIÇOS, DIÂMETRO INTERNO = 1 M. AF_05/2018","M","990,67"]
[97987,"ACRÉSCIMO PARA POÇO DE VISITA CIRCULAR PARA ESGOTO, EM CONCRETO PRÉ-MOLDADO, DIÂMETRO INTERNO = 1,2 M. AF_05/2018","M","316,34"]
[97988,"BASE PARA POÇO DE VISITA CIRCULAR PARA  ESGOTO, EM ALVENARIA COM TIJOLOS CERÂMICOS MACIÇOS, DIÂMETRO INTERNO = 1,2 M, PROFUNDIDADE = 1,45 M, EXCLUINDO TAMPÃO. AF_05/2018","UN","2.001,82"]
[97989,"ACRÉSCIMO PARA POÇO DE VISITA CIRCULAR PARA ESGOTO, EM ALVENARIA COM TIJOLOS CERÂMICOS MACIÇOS, DIÂMETRO INTERNO = 1,2 M. AF_05/2018","M","1.161,63"]
[97991,"ACRÉSCIMO PARA POÇO DE VISITA CIRCULAR PARA  ESGOTO, EM CONCRETO PRÉ-MOLDADO, DIÂMETRO INTERNO = 1,5 M. AF_05/2018","M","489,45"]
[97992,"BASE PARA POÇO DE VISITA CIRCULAR PARA  ESGOTO, EM ALVENARIA COM TIJOLOS CERÂMICOS MACIÇOS, DIÂMETRO INTERNO = 1,5 M, PROFUNDIDADE = 1,45 M, EXCLUINDO TAMPÃO. AF_05/2018","UN","2.544,54"]
[97993,"ACRÉSCIMO PARA POÇO DE VISITA CIRCULAR PARA  ESGOTO, EM ALVENARIA COM TIJOLOS CERÂMICOS MACIÇOS, DIÂMETRO INTERNO = 1,5 M. AF_05/2018","M","1.418,06"]
[97994,"BASE PARA POÇO DE VISITA RETANGULAR PARA  ESGOTO, EM ALVENARIA COM BLOCOS DE CONCRETO, DIMENSÕES INTERNAS = 1X1 M, PROFUNDIDADE = 1,45 M, EXCLUINDO TAMPÃO. AF_05/2018","UN","1.771,04"]
[97995,"ACRÉSCIMO PARA POÇO DE VISITA RETANGULAR PARA ESGOTO, EM ALVENARIA COM BLOCOS DE CONCRETO, DIMENSÕES INTERNAS = 1X1 M. AF_05/2018","M","913,13"]
[97996,"BASE PARA POÇO DE VISITA RETANGULAR PARA ESGOTO, EM ALVENARIA COM BLOCOS DE CONCRETO, DIMENSÕES INTERNAS = 1X1,5 M, PROFUNDIDADE = 1,45 M, EXCLUINDO TAMPÃO. AF_05/2018","UN","2.238,47"]
[97997,"ACRÉSCIMO PARA POÇO DE VISITA RETANGULAR PARA ESGOTO, EM ALVENARIA COM BLOCOS DE CONCRETO, DIMENSÕES INTERNAS = 1X1,5 M. AF_05/2018","M","1.093,60"]
[97999,"ACRÉSCIMO PARA POÇO DE VISITA RETANGULAR PARA ESGOTO, EM ALVENARIA COM BLOCOS DE CONCRETO, DIMENSÕES INTERNAS = 1X2 M. AF_05/2018","M","1.274,09"]
[98001,"ACRÉSCIMO PARA POÇO DE VISITA RETANGULAR PARA ESGOTO, EM ALVENARIA COM BLOCOS DE CONCRETO, DIMENSÕES INTERNAS = 1X2,5 M. AF_05/2018","M","1.454,55"]
[98002,"BASE PARA POÇO DE VISITA RETANGULAR PARA ESGOTO, EM ALVENARIA COM BLOCOS DE CONCRETO, DIMENSÕES INTERNAS = 1X3 M, PROFUNDIDADE = 1,45 M, EXCLUINDO TAMPÃO. AF_05/2018","UN","3.661,52"]
[98003,"ACRÉSCIMO PARA POÇO DE VISITA RETANGULAR PARA ESGOTO, EM ALVENARIA COM BLOCOS DE CONCRETO, DIMENSÕES INTERNAS = 1X3 M. AF_05/2018","M","1.635,08"]
[98005,"ACRÉSCIMO PARA POÇO DE VISITA RETANGULAR PARA ESGOTO, EM ALVENARIA COM BLOCOS DE CONCRETO, DIMENSÕES INTERNAS = 1X3,5 M. AF_05/2018","M","1.815,55"]
[98006,"BASE PARA POÇO DE VISITA RETANGULAR PARA ESGOTO, EM ALVENARIA COM BLOCOS DE CONCRETO, DIMENSÕES INTERNAS = 1X4 M, PROFUNDIDADE = 1,45 M, EXCLUINDO TAMPÃO. AF_05/2018","UN","4.601,55"]
[98007,"ACRÉSCIMO PARA POÇO DE VISITA RETANGULAR PARA ESGOTO, EM ALVENARIA COM BLOCOS DE CONCRETO, DIMENSÕES INTERNAS = 1X4 M. AF_05/2018","M","1.996,02"]
[98008,"BASE PARA POÇO DE VISITA RETANGULAR PARA ESGOTO, EM ALVENARIA COM BLOCOS DE CONCRETO, DIMENSÕES INTERNAS = 1,5X1,5 M, PROFUNDIDADE = 1,45 M, EXCLUINDO TAMPÃO . AF_05/2018","UN","2.774,50"]
[98009,"ACRÉSCIMO PARA POÇO DE VISITA RETANGULAR PARA ESGOTO, EM ALVENARIA COM BLOCOS DE CONCRETO, DIMENSÕES INTERNAS = 1,5X1,5 M. AF_05/2018","M","1.274,09"]
[98010,"BASE PARA POÇO DE VISITA RETANGULAR PARA ESGOTO, EM ALVENARIA COM BLOCOS DE CONCRETO, DIMENSÕES INTERNAS = 1,5X2 M, PROFUNDIDADE = 1,45 M, EXCLUINDO TAMPÃO. AF_05/2018","UN","3.380,17"]
[98011,"ACRÉSCIMO PARA POÇO DE VISITA RETANGULAR PARA ESGOTO, EM ALVENARIA COM BLOCOS DE CONCRETO, DIMENSÕES INTERNAS = 1,5X2 M. AF_05/2018","M","1.454,55"]
[98012,"BASE PARA POÇO DE VISITA RETANGULAR PARA ESGOTO, EM ALVENARIA COM BLOCOS DE CONCRETO, DIMENSÕES INTERNAS = 1,5X2,5 M, PROFUNDIDADE = 1,45 M, EXCLUINDO TAMPÃO. AF_05/2018","UN","3.969,37"]
[98013,"ACRÉSCIMO PARA POÇO DE VISITA RETANGULAR PARA ESGOTO, EM ALVENARIA COM BLOCOS DE CONCRETO, DIMENSÕES INTERNAS = 1,5X2,5 M. AF_05/2018","M","1.635,08"]
[98014,"BASE PARA POÇO DE VISITA RETANGULAR PARA ESGOTO, EM ALVENARIA COM BLOCOS DE CONCRETO, DIMENSÕES INTERNAS = 1,5X3 M, PROFUNDIDADE = 1,45 M, EXCLUINDO TAMPÃO. AF_05/2018","UN","4.558,45"]
[98015,"ACRÉSCIMO PARA POÇO DE VISITA RETANGULAR PARA ESGOTO, EM ALVENARIA COM BLOCOS DE CONCRETO, DIMENSÕES INTERNAS = 1,5X3 M. AF_05/2018","M","1.815,55"]
[98016,"BASE PARA POÇO DE VISITA RETANGULAR PARA ESGOTO, EM ALVENARIA COM BLOCOS DE CONCRETO, DIMENSÕES INTERNAS = 1,5X3,5 M, PROFUNDIDADE = 1,45 M, EXCLUINDO TAMPÃO. AF_05/2018","UN","5.147,62"]
[98017,"ACRÉSCIMO PARA POÇO DE VISITA RETANGULAR PARA ESGOTO, EM ALVENARIA COM BLOCOS DE CONCRETO, DIMENSÕES INTERNAS = 1,5X3,5 M. AF_05/2018","M","1.996,02"]
[98018,"BASE PARA POÇO DE VISITA RETANGULAR PARA ESGOTO, EM ALVENARIA COM BLOCOS DE CONCRETO, DIMENSÕES INTERNAS = 1,5X4 M, PROFUNDIDADE = 1,45 M, EXCLUINDO TAMPÃO. AF_05/2018","UN","5.736,78"]
[98019,"ACRÉSCIMO PARA POÇO DE VISITA RETANGULAR PARA ESGOTO, EM ALVENARIA COM BLOCOS DE CONCRETO, DIMENSÕES INTERNAS = 1,5X4 M. AF_05/2018","M","2.201,68"]
[98020,"BASE PARA POÇO DE VISITA RETANGULAR PARA ESGOTO, EM ALVENARIA COM BLOCOS DE CONCRETO, DIMENSÕES INTERNAS = 2X2 M, PROFUNDIDADE = 1,45 M, EXCLUINDO TAMPÃO. AF_05/2018","UN","4.093,75"]
[98021,"ACRÉSCIMO PARA POÇO DE VISITA RETANGULAR PARA ESGOTO, EM ALVENARIA COM BLOCOS DE CONCRETO, DIMENSÕES INTERNAS = 2X2 M. AF_05/2018","M","1.660,27"]
[98022,"BASE PARA POÇO DE VISITA RETANGULAR PARA ESGOTO, EM ALVENARIA COM BLOCOS DE CONCRETO, DIMENSÕES INTERNAS = 2X2,5 M, PROFUNDIDADE = 1,45 M, EXCLUINDO TAMPÃO. AF_05/2018","UN","4.795,53"]
[98023,"ACRÉSCIMO PARA POÇO DE VISITA RETANGULAR PARA ESGOTO, EM ALVENARIA COM BLOCOS DE CONCRETO, DIMENSÕES INTERNAS = 2X2,5 M. AF_05/2018","M","1.840,74"]
[98024,"BASE PARA POÇO DE VISITA RETANGULAR PARA ESGOTO, EM ALVENARIA COM BLOCOS DE CONCRETO, DIMENSÕES INTERNAS = 2X3 M, PROFUNDIDADE = 1,45 M, EXCLUINDO TAMPÃO. AF_05/2018","UN","5.535,00"]
[98025,"ACRÉSCIMO PARA POÇO DE VISITA RETANGULAR PARA ESGOTO, EM ALVENARIA COM BLOCOS DE CONCRETO, DIMENSÕES INTERNAS = 2X3 M. AF_05/2018","M","2.021,21"]
[98026,"BASE PARA POÇO DE VISITA RETANGULAR PARA ESGOTO, EM ALVENARIA COM BLOCOS DE CONCRETO, DIMENSÕES INTERNAS = 2X3,5 M, PROFUNDIDADE = 1,45 M, EXCLUINDO TAMPÃO. AF_05/2018","UN","6.241,45"]
[98027,"ACRÉSCIMO PARA POÇO DE VISITA RETANGULAR PARA ESGOTO, EM ALVENARIA COM BLOCOS DE CONCRETO, DIMENSÕES INTERNAS = 2X3,5 M. AF_05/2018","M","2.201,68"]
[98028,"BASE PARA POÇO DE VISITA RETANGULAR PARA ESGOTO, EM ALVENARIA COM BLOCOS DE CONCRETO, DIMENSÕES INTERNAS = 2X4 M, PROFUNDIDADE = 1,45 M, EXCLUINDO TAMPÃO. AF_05/2018","UN","6.947,87"]
[98029,"ACRÉSCIMO PARA POÇO DE VISITA RETANGULAR PARA ESGOTO, EM ALVENARIA COM BLOCOS DE CONCRETO, DIMENSÕES INTERNAS = 2X4 M. AF_05/2018","M","2.387,36"]
[98030,"BASE PARA POÇO DE VISITA RETANGULAR PARA ESGOTO, EM ALVENARIA COM BLOCOS DE CONCRETO, DIMENSÕES INTERNAS = 2,5X2,5 M, PROFUNDIDADE = 1,45 M, EXCLUINDO TAMPÃO. AF_05/2018","UN","5.676,20"]
[98031,"ACRÉSCIMO PARA POÇO DE VISITA RETANGULAR PARA ESGOTO, EM ALVENARIA COM BLOCOS DE CONCRETO, DIMENSÕES INTERNAS = 2,5X2,5 M. AF_05/2018","M","2.026,47"]
[98032,"BASE PARA POÇO DE VISITA RETANGULAR PARA ESGOTO, EM ALVENARIA COM BLOCOS DE CONCRETO, DIMENSÕES INTERNAS = 2,5X3 M, PROFUNDIDADE = 1,45 M, EXCLUINDO TAMPÃO. AF_05/2018","UN","6.528,59"]
[98033,"ACRÉSCIMO PARA POÇO DE VISITA RETANGULAR PARA ESGOTO, EM ALVENARIA COM BLOCOS DE CONCRETO, DIMENSÕES INTERNAS = 2,5X3 M. AF_05/2018","M","2.206,94"]
[98034,"BASE PARA POÇO DE VISITA RETANGULAR PARA ESGOTO, EM ALVENARIA COM BLOCOS DE CONCRETO, DIMENSÕES INTERNAS = 2,5X3,5 M, PROFUNDIDADE = 1,45 M, EXCLUINDO TAMPÃO. AF_05/2018","UN","7.381,03"]
[98035,"ACRÉSCIMO PARA POÇO DE VISITA RETANGULAR PARA ESGOTO, EM ALVENARIA COM BLOCOS DE CONCRETO, DIMENSÕES INTERNAS = 2,5X3,5 M. AF_05/2018","M","2.387,36"]
[98036,"BASE PARA POÇO DE VISITA RETANGULAR PARA ESGOTO, EM ALVENARIA COM BLOCOS DE CONCRETO, DIMENSÕES INTERNAS = 2,5X4 M, PROFUNDIDADE = 1,45 M, EXCLUINDO TAMPÃO. AF_05/2018","UN","8.233,48"]
[98037,"ACRÉSCIMO PARA POÇO DE VISITA RETANGULAR PARA ESGOTO, EM ALVENARIA COM BLOCOS DE CONCRETO, DIMENSÕES INTERNAS = 2,5X4 M. AF_05/2018","M","2.573,09"]
[98038,"BASE PARA POÇO DE VISITA RETANGULAR PARA ESGOTO, EM ALVENARIA COM BLOCOS DE CONCRETO, DIMENSÕES INTERNAS = 3X3 M, PROFUNDIDADE = 1,45 M, EXCLUINDO TAMPÃO. AF_05/2018","UN","7.554,13"]
[98039,"ACRÉSCIMO PARA POÇO DE VISITA RETANGULAR PARA ESGOTO, EM ALVENARIA COM BLOCOS DE CONCRETO, DIMENSÕES INTERNAS = 3X3 M. AF_05/2018","M","2.392,62"]
[98040,"BASE PARA POÇO DE VISITA RETANGULAR PARA ESGOTO, EM ALVENARIA COM BLOCOS DE CONCRETO, DIMENSÕES INTERNAS = 3X3,5 M, PROFUNDIDADE = 1,45 M, EXCLUINDO TAMPÃO. AF_05/2018","UN","8.536,91"]
[98041,"ACRÉSCIMO PARA POÇO DE VISITA RETANGULAR PARA ESGOTO, EM ALVENARIA COM BLOCOS DE CONCRETO, DIMENSÕES INTERNAS = 3X3,5 M. AF_05/2018","M","2.573,09"]
[98042,"BASE PARA POÇO DE VISITA RETANGULAR PARA ESGOTO, EM ALVENARIA COM BLOCOS DE CONCRETO, DIMENSÕES INTERNAS = 3X4 M, PROFUNDIDADE = 1,45 M, EXCLUINDO TAMPÃO. AF_05/2018","UN","9.519,73"]
[98043,"ACRÉSCIMO PARA POÇO DE VISITA RETANGULAR PARA ESGOTO, EM ALVENARIA COM BLOCOS DE CONCRETO, DIMENSÕES INTERNAS = 3X4 M. AF_05/2018","M","2.758,82"]
[98044,"BASE PARA POÇO DE VISITA RETANGULAR PARA ESGOTO, EM ALVENARIA COM BLOCOS DE CONCRETO, DIMENSÕES INTERNAS = 3,5X3,5 M, PROFUNDIDADE = 1,45 M, EXCLUINDO TAMPÃO. AF_05/2018","UN","9.700,48"]
[98045,"ACRÉSCIMO PARA POÇO DE VISITA RETANGULAR PARA ESGOTO, EM ALVENARIA COM BLOCOS DE CONCRETO, DIMENSÕES INTERNAS = 3,5X3,5 M. AF_05/2018","M","2.758,82"]
[98046,"BASE PARA POÇO DE VISITA RETANGULAR PARA ESGOTO, EM ALVENARIA COM BLOCOS DE CONCRETO, DIMENSÕES INTERNAS = 3,5X4 M, PROFUNDIDADE = 1,45 M, EXCLUINDO TAMPÃO. AF_05/2018","UN","10.814,78"]
[98047,"ACRÉSCIMO PARA POÇO DE VISITA RETANGULAR PARA ESGOTO, EM ALVENARIA COM BLOCOS DE CONCRETO, DIMENSÕES INTERNAS = 3,5X4 M. AF_05/2018","M","2.944,57"]
[98048,"BASE PARA POÇO DE VISITA RETANGULAR PARA ESGOTO, EM ALVENARIA COM BLOCOS DE CONCRETO, DIMENSÕES INTERNAS = 4X4 M, PROFUNDIDADE = 1,45 M, EXCLUINDO TAMPÃO. AF_05/2018","UN","12.118,82"]
[98049,"ACRÉSCIMO PARA POÇO DE VISITA RETANGULAR PARA ESGOTO, EM ALVENARIA COM BLOCOS DE CONCRETO, DIMENSÕES INTERNAS = 4X4 M. AF_05/2018","M","3.078,87"]
[98050,"CHAMINÉ CIRCULAR PARA POÇO DE VISITA PARA ESGOTO, EM CONCRETO PRÉ-MOLDADO, DIÂMETRO INTERNO = 0,6 M. AF_05/2018","M","149,75"]
[98051,"CHAMINÉ CIRCULAR PARA POÇO DE VISITA PARA ESGOTO, EM ALVENARIA COM TIJOLOS CERÂMICOS MACIÇOS, DIÂMETRO INTERNO = 0,6 M. AF_05/2018","M","648,00"]
[98405,"BASE PARA POÇO DE VISITA CIRCULAR PARA  ESGOTO, EM ALVENARIA COM TIJOLOS CERÂMICOS MACIÇOS, DIÂMETRO INTERNO = 1 M, PROFUNDIDADE = 1,45 M, EXCLUINDO TAMPÃO. AF_05/2018","UN","1.693,73"]
[98406,"BASE PARA POÇO DE VISITA RETANGULAR PARA ESGOTO, EM ALVENARIA COM BLOCOS DE CONCRETO, DIMENSÕES INTERNAS = 1X3,5 M, PROFUNDIDADE = 1,45 M, EXCLUINDO TAMPÃO. AF_05/2018","UN","4.131,47"]
[98407,"BASE PARA POÇO DE VISITA RETANGULAR PARA ESGOTO, EM ALVENARIA COM BLOCOS DE CONCRETO, DIMENSÕES INTERNAS = 1X2 M, PROFUNDIDADE = 1,45 M, EXCLUINDO TAMPÃO. AF_05/2018","UN","2.705,80"]
[98408,"BASE PARA POÇO DE VISITA RETANGULAR PARA ESGOTO, EM ALVENARIA COM BLOCOS DE CONCRETO, DIMENSÕES INTERNAS = 1X2,5 M, PROFUNDIDADE = 1,45 M, EXCLUINDO TAMPÃO. AF_05/2018","UN","3.173,16"]
[98409,"ACRÉSCIMO PARA POÇO DE VISITA CIRCULAR PARA ESGOTO, EM CONCRETO PRÉ-MOLDADO, DIÂMETRO INTERNO = 0,8 M. AF_05/2018","M","231,83"]
[98414,"BASE PARA POÇO DE VISITA CIRCULAR PARA  ESGOTO, EM CONCRETO PRÉ-MOLDADO, DIÂMETRO INTERNO = 1 M, PROFUNDIDADE = 1,45 M, EXCLUINDO TAMPÃO. AF_05/2018_P","UN","777,82"]
[98415,"(COMPOSIÇÃO REPRESENTATIVA) POÇO DE VISITA CIRCULAR PARA ESGOTO, EM CONCRETO PRÉ-MOLDADO, DIÂMETRO INTERNO = 1,0 M, PROFUNDIDADE ATÉ 1,50 M, EXCLUINDO TAMPÃO. AF_04/2018","UN","777,82"]
[98416,"(COMPOSIÇÃO REPRESENTATIVA) POÇO DE VISITA CIRCULAR PARA ESGOTO, EM CONCRETO PRÉ-MOLDADO, DIÂMETRO INTERNO = 1,0 M, PROFUNDIDADE DE 1,50 A 2,00 M, EXCLUINDO TAMPÃO. AF_04/2018","UN","918,18"]
[98417,"(COMPOSIÇÃO REPRESENTATIVA) POÇO DE VISITA CIRCULAR PARA ESGOTO, EM CONCRETO PRÉ-MOLDADO, DIÂMETRO INTERNO = 1,0 M, PROFUNDIDADE DE 2,00 A 2,50 M, EXCLUINDO TAMPÃO. AF_04/2018","UN","1.058,55"]
[98418,"(COMPOSIÇÃO REPRESENTATIVA) POÇO DE VISITA CIRCULAR PARA ESGOTO, EM CONCRETO PRÉ-MOLDADO, DIÂMETRO INTERNO = 1,0 M, PROFUNDIDADE DE 2,50 A 3,00 M, EXCLUINDO TAMPÃO. AF_04/2018","UN","1.133,42"]
[98419,"(COMPOSIÇÃO REPRESENTATIVA) POÇO DE VISITA CIRCULAR PARA ESGOTO, EM CONCRETO PRÉ-MOLDADO, DIÂMETRO INTERNO = 1,0 M, PROFUNDIDADE DE 3,00 A 3,50 M, EXCLUINDO TAMPÃO. AF_04/2018","UN","1.208,30"]
[98420,"(COMPOSIÇÃO REPRESENTATIVA) POÇO DE VISITA CIRCULAR PARA ESGOTO, EM CONCRETO PRÉ-MOLDADO, DIÂMETRO INTERNO = 1,0 M, PROFUNDIDADE ATÉ 1,50 M, INCLUINDO TAMPÃO DE FERRO FUNDIDO, DIÂMETRO DE 60 CM. AF_04/2018","UN","1.207,97"]
[98421,"(COMPOSIÇÃO REPRESENTATIVA) POÇO DE VISITA CIRCULAR PARA ESGOTO, EM CONCRETO PRÉ-MOLDADO, DIÂMETRO INTERNO = 1,0 M, PROFUNDIDADE DE 1,50 A 2,00 M, INCLUINDO TAMPÃO DE FERRO FUNDIDO, DIÂMETRO DE 60 CM. AF_04/2018","UN","1.348,33"]
[98422,"(COMPOSIÇÃO REPRESENTATIVA) POÇO DE VISITA CIRCULAR PARA ESGOTO, EM CONCRETO PRÉ-MOLDADO, DIÂMETRO INTERNO = 1,0 M, PROFUNDIDADE DE 2,00 A 2,50 M, INCLUINDO TAMPÃO DE FERRO FUNDIDO, DIÂMETRO DE 60 CM. AF_04/2018","UN","1.488,70"]
[98423,"(COMPOSIÇÃO REPRESENTATIVA) POÇO DE VISITA CIRCULAR PARA ESGOTO, EM CONCRETO PRÉ-MOLDADO, DIÂMETRO INTERNO = 1,0 M, PROFUNDIDADE DE 2,50 A 3,00 M, INCLUINDO TAMPÃO DE FERRO FUNDIDO, DIÂMETRO DE 60 CM. AF_04/2018","UN","1.563,57"]
[98424,"(COMPOSIÇÃO REPRESENTATIVA) POÇO DE VISITA CIRCULAR PARA ESGOTO, EM CONCRETO PRÉ-MOLDADO, DIÂMETRO INTERNO = 1,0 M, PROFUNDIDADE DE 3,00 A 3,50 M, INCLUINDO TAMPÃO DE FERRO FUNDIDO, DIÂMETRO DE 60 CM. AF_04/2018","UN","1.638,45"]
[98425,"(COMPOSIÇÃO REPRESENTATIVA) POÇO DE VISITA CIRCULAR PARA ESGOTO, EM ALVENARIA COM TIJOLOS CERÂMICOS MACIÇOS, DIÂMETRO INTERNO = 1,2 M, PROFUNDIDADE ATÉ 1,50 M, EXCLUINDO TAMPÃO. AF_04/2018","UN","2.001,82"]
[98426,"(COMPOSIÇÃO REPRESENTATIVA) POÇO DE VISITA CIRCULAR PARA ESGOTO, EM ALVENARIA COM TIJOLOS CERÂMICOS MACIÇOS, DIÂMETRO INTERNO = 1,2 M, PROFUNDIDADE DE 1,50 A 2,00 M, EXCLUINDO TAMPÃO. AF_04/2018","UN","2.582,63"]
[98427,"(COMPOSIÇÃO REPRESENTATIVA) POÇO DE VISITA CIRCULAR PARA ESGOTO, EM ALVENARIA COM TIJOLOS CERÂMICOS MACIÇOS, DIÂMETRO INTERNO = 1,2 M, PROFUNDIDADE DE 2,00 A 2,50 M, EXCLUINDO TAMPÃO. AF_04/2018","UN","3.163,45"]
[98428,"(COMPOSIÇÃO REPRESENTATIVA) POÇO DE VISITA CIRCULAR PARA ESGOTO, EM ALVENARIA COM TIJOLOS CERÂMICOS MACIÇOS, DIÂMETRO INTERNO = 1,2 M, PROFUNDIDADE DE 2,50 A 3,00 M, EXCLUINDO TAMPÃO. AF_04/2018","UN","3.487,45"]
[98429,"(COMPOSIÇÃO REPRESENTATIVA) POÇO DE VISITA CIRCULAR PARA ESGOTO, EM ALVENARIA COM TIJOLOS CERÂMICOS MACIÇOS, DIÂMETRO INTERNO = 1,2 M, PROFUNDIDADE DE 3,00 A 3,50 M, EXCLUINDO TAMPÃO. AF_04/2018","UN","3.811,45"]
[98430,"(COMPOSIÇÃO REPRESENTATIVA) POÇO DE VISITA CIRCULAR PARA ESGOTO, EM ALVENARIA COM TIJOLOS CERÂMICOS MACIÇOS, DIÂMETRO INTERNO = 1,2 M, PROFUNDIDADE ATÉ 1,50 M, INCLUINDO TAMPÃO DE FERRO FUNDIDO, DIÂMETRO DE 60 CM. AF_04/2018","UN","2.431,97"]
[98431,"(COMPOSIÇÃO REPRESENTATIVA) POÇO DE VISITA CIRCULAR PARA ESGOTO, EM ALVENARIA COM TIJOLOS CERÂMICOS MACIÇOS, DIÂMETRO INTERNO = 1,2 M, PROFUNDIDADE DE 1,50 A 2,00 M, INCLUINDO TAMPÃO DE FERRO FUNDIDO, DIÂMETRO DE 60 CM. AF_04/2018","UN","3.012,78"]
[98432,"(COMPOSIÇÃO REPRESENTATIVA) POÇO DE VISITA CIRCULAR PARA ESGOTO, EM ALVENARIA COM TIJOLOS CERÂMICOS MACIÇOS, DIÂMETRO INTERNO = 1,2 M, PROFUNDIDADE DE 2,00 A 2,50 M, INCLUINDO TAMPÃO DE FERRO FUNDIDO, DIÂMETRO DE 60 CM. AF_04/2018","UN","3.593,60"]
[98433,"(COMPOSIÇÃO REPRESENTATIVA) POÇO DE VISITA CIRCULAR PARA ESGOTO, EM ALVENARIA COM TIJOLOS CERÂMICOS MACIÇOS, DIÂMETRO INTERNO = 1,2 M, PROFUNDIDADE DE 2,50 A 3,00 M, INCLUINDO TAMPÃO DE FERRO FUNDIDO, DIÂMETRO DE 60 CM. AF_04/2018","UN","3.917,60"]
[98434,"(COMPOSIÇÃO REPRESENTATIVA) POÇO DE VISITA CIRCULAR PARA ESGOTO, EM ALVENARIA COM TIJOLOS CERÂMICOS MACIÇOS, DIÂMETRO INTERNO = 1,2 M, PROFUNDIDADE DE 3,00 A 3,50 M, INCLUINDO TAMPÃO DE FERRO FUNDIDO, DIÂMETRO DE 60 CM. AF_04/2018","UN","4.241,60"]
[94263,"GUIA (MEIO-FIO) CONCRETO, MOLDADA  IN LOCO  EM TRECHO RETO COM EXTRUSORA, 11,5 CM BASE X 22 CM ALTURA. AF_06/2016","M","19,33"]
[94264,"GUIA (MEIO-FIO) CONCRETO, MOLDADA  IN LOCO  EM TRECHO CURVO COM EXTRUSORA, 11,5 CM BASE X 22 CM ALTURA. AF_06/2016","M","21,86"]
[94265,"GUIA (MEIO-FIO) CONCRETO, MOLDADA  IN LOCO  EM TRECHO RETO COM EXTRUSORA, 14 CM BASE X 30 CM ALTURA. AF_06/2016","M","24,69"]
[94266,"GUIA (MEIO-FIO) CONCRETO, MOLDADA  IN LOCO  EM TRECHO CURVO COM EXTRUSORA, 14 CM BASE X 30 CM ALTURA. AF_06/2016","M","27,57"]
[94267,"GUIA (MEIO-FIO) E SARJETA CONJUGADOS DE CONCRETO, MOLDADA “IN LOCO” EM TRECHO RETO COM EXTRUSORA, GUIA 13 CM BASE X 22 CM ALTURA, SARJETA 30 CM BASE X 8,5 CM ALTURA. AF_06/2016","M","28,88"]
[94268,"GUIA (MEIO-FIO) E SARJETA CONJUGADOS DE CONCRETO, MOLDADA “IN LOCO” EM TRECHO CURVO COM EXTRUSORA, GUIA 12,5 CM BASE X 22 CM ALTURA, SARJETA 30 CM BASE X 8,5 CM ALTURA. AF_06/2016","M","32,04"]
[94269,"GUIA (MEIO-FIO) E SARJETA CONJUGADOS DE CONCRETO, MOLDADA “IN LOCO” EM TRECHO RETO COM EXTRUSORA, GUIA 13,5 CM BASE X 26 CM ALTURA, SARJETA 45 CM BASE X 11 CM ALTURA. AF_06/2016","M","40,58"]
[94270,"GUIA (MEIO-FIO) E SARJETA CONJUGADOS DE CONCRETO, MOLDADA IN LOCO” EM TRECHO CURVO COM EXTRUSORA, GUIA 13,5 CM BASE X 26 CM ALTURA, SARJETA 45 CM BASE X 11 CM ALTURA. AF_06/2016","M","44,98"]
[94271,"GUIA (MEIO-FIO) E SARJETA CONJUGADOS DE CONCRETO, MOLDADA “IN LOCO” EM TRECHO RETO COM EXTRUSORA, GUIA 13,5 CM BASE X 30 CM ALTURA, SARJETA 50 CM BASE X 12,5 CM ALTURA. AF_06/2016","M","49,58"]
[94272,"GUIA (MEIO-FIO) E SARJETA CONJUGADOS DE CONCRETO, MOLDADA “IN LOCO” EM TRECHO CURVO COM EXTRUSORA, GUIA 13,5 CM BASE X 30 CM ALTURA, SARJETA 50 CM BASE X 12,5 CM ALTURA. AF_06/2016","M","55,46"]
[94273,"ASSENTAMENTO DE GUIA (MEIO-FIO) EM TRECHO RETO, CONFECCIONADA EM CONCRETO PRÉ-FABRICADO, DIMENSÕES 100X15X13X30 CM (COMPRIMENTO X BASE INFERIOR X BASE SUPERIOR X ALTURA), PARA VIAS URBANAS (USO VIÁRIO). AF_06/2016","M","30,99"]
[94274,"ASSENTAMENTO DE GUIA (MEIO-FIO) EM TRECHO CURVO, CONFECCIONADA EM CONCRETO PRÉ-FABRICADO, DIMENSÕES 100X15X13X30 CM (COMPRIMENTO X BASE INFERIOR X BASE SUPERIOR X ALTURA), PARA VIAS URBANAS (USO VIÁRIO). AF_06/2016","M","33,68"]
[94275,"ASSENTAMENTO DE GUIA (MEIO-FIO) EM TRECHO RETO, CONFECCIONADA EM CONCRETO PRÉ-FABRICADO, DIMENSÕES 100X15X13X20 CM (COMPRIMENTO X BASE INFERIOR X BASE SUPERIOR X ALTURA), PARA URBANIZAÇÃO INTERNA DE EMPREENDIMENTOS. AF_06/2016_P","M","29,57"]
[94276,"ASSENTAMENTO DE GUIA (MEIO-FIO) EM TRECHO CURVO, CONFECCIONADA EM CONCRETO PRÉ-FABRICADO, DIMENSÕES 100X15X13X20 CM (COMPRIMENTO X BASE INFERIOR X BASE SUPERIOR X ALTURA), PARA URBANIZAÇÃO INTERNA DE EMPREENDIMENTOS. AF_06/2016_P","M","32,26"]
[94281,"EXECUÇÃO DE SARJETA DE CONCRETO USINADO, MOLDADA  IN LOCO  EM TRECHO RETO, 30 CM BASE X 15 CM ALTURA. AF_06/2016","M","29,52"]
[94282,"EXECUÇÃO DE SARJETA DE CONCRETO USINADO, MOLDADA  IN LOCO  EM TRECHO CURVO, 30 CM BASE X 15 CM ALTURA. AF_06/2016","M","37,72"]
[94283,"EXECUÇÃO DE SARJETA DE CONCRETO USINADO, MOLDADA  IN LOCO  EM TRECHO RETO, 45 CM BASE X 15 CM ALTURA. AF_06/2016","M","37,33"]
[94284,"EXECUÇÃO DE SARJETA DE CONCRETO USINADO, MOLDADA  IN LOCO  EM TRECHO CURVO, 45 CM BASE X 15 CM ALTURA. AF_06/2016","M","45,53"]
[94285,"EXECUÇÃO DE SARJETA DE CONCRETO USINADO, MOLDADA  IN LOCO  EM TRECHO RETO, 60 CM BASE X 15 CM ALTURA. AF_06/2016","M","44,74"]
[94286,"EXECUÇÃO DE SARJETA DE CONCRETO USINADO, MOLDADA  IN LOCO  EM TRECHO CURVO, 60 CM BASE X 15 CM ALTURA. AF_06/2016","M","52,94"]
[94287,"EXECUÇÃO DE SARJETA DE CONCRETO USINADO, MOLDADA  IN LOCO  EM TRECHO RETO, 30 CM BASE X 10 CM ALTURA. AF_06/2016","M","23,46"]
[94288,"EXECUÇÃO DE SARJETA DE CONCRETO USINADO, MOLDADA  IN LOCO  EM TRECHO CURVO, 30 CM BASE X 10 CM ALTURA. AF_06/2016","M","30,63"]
[94289,"EXECUÇÃO DE SARJETA DE CONCRETO USINADO, MOLDADA  IN LOCO  EM TRECHO RETO, 45 CM BASE X 10 CM ALTURA. AF_06/2016","M","29,10"]
[94290,"EXECUÇÃO DE SARJETA DE CONCRETO USINADO, MOLDADA  IN LOCO  EM TRECHO CURVO, 45 CM BASE X 10 CM ALTURA. AF_06/2016","M","36,27"]
[94291,"EXECUÇÃO DE SARJETA DE CONCRETO USINADO, MOLDADA  IN LOCO  EM TRECHO RETO, 60 CM BASE X 10 CM ALTURA. AF_06/2016","M","34,36"]
[94292,"EXECUÇÃO DE SARJETA DE CONCRETO USINADO, MOLDADA  IN LOCO  EM TRECHO CURVO, 60 CM BASE X 10 CM ALTURA. AF_06/2016","M","41,53"]
[94293,"EXECUÇÃO DE SARJETÃO DE CONCRETO USINADO, MOLDADA  IN LOCO  EM TRECHO RETO, 100 CM BASE X 20 CM ALTURA. AF_06/2016","M","86,40"]
[94294,"EXECUÇÃO DE ESCORAS DE CONCRETO PARA CONTENÇÃO DE GUIAS PRÉ-FABRICADAS. AF_06/2016","M","5,51"]
[94037,"ESCORAMENTO DE VALA, TIPO PONTALETEAMENTO, COM PROFUNDIDADE DE 0 A 1,5 M, LARGURA MENOR QUE 1,5 M, EM LOCAL COM NÍVEL ALTO DE INTERFERÊNCIA. AF_06/2016","M2","13,91"]
[94038,"ESCORAMENTO DE VALA, TIPO PONTALETEAMENTO, COM PROFUNDIDADE DE 0 A 1,5 M, LARGURA MAIOR OU IGUAL A 1,5 M E MENOR QUE 2,5 M, EM LOCAL COM NÍVEL ALTO DE INTERFERÊNCIA. AF_06/2016","M2","19,27"]
[94039,"ESCORAMENTO DE VALA, TIPO PONTALETEAMENTO, COM PROFUNDIDADE DE 1,5 A 3,0 M, LARGURA MENOR QUE 1,5 M, EM LOCAL COM NÍVEL ALTO DE INTERFERÊNCIA. AF_06/2016","M2","10,95"]
[94040,"ESCORAMENTO DE VALA, TIPO PONTALETEAMENTO, COM PROFUNDIDADE DE 1,5 A 3,0 M, LARGURA MAIOR OU IGUAL A 1,5 M E MENOR QUE 2,5 M, EM LOCAL COM NÍVEL ALTO DE INTERFERÊNCIA. AF_06/2016","M2","16,35"]
[94041,"ESCORAMENTO DE VALA, TIPO PONTALETEAMENTO, COM PROFUNDIDADE DE 3,0 A 4,5 M, LARGURA MENOR QUE 1,5 M EM LOCAL COM NÍVEL ALTO DE INTERFERÊNCIA. AF_06/2016","M2","8,40"]
[94042,"ESCORAMENTO DE VALA, TIPO PONTALETEAMENTO, COM PROFUNDIDADE DE 3,0 A 4,5 M, LARGURA MAIOR OU IGUAL A 1,5 M E MENOR QUE 2,5 M, EM LOCAL COM NÍVEL ALTO DE INTERFERÊNCIA. AF_06/2016","M2","13,93"]
[94043,"ESCORAMENTO DE VALA, TIPO PONTALETEAMENTO, COM PROFUNDIDADE DE 0 A 1,5 M, LARGURA MENOR QUE 1,5 M, EM LOCAL COM NÍVEL BAIXO DE INTERFERÊNCIA. AF_06/2016","M2","13,07"]
[94044,"ESCORAMENTO DE VALA, TIPO PONTALETEAMENTO, COM PROFUNDIDADE DE 0 A 1,5 M, LARGURA MAIOR OU IGUAL A 1,5 M E MENOR QUE 2,5 M, EM LOCAL COM NÍVEL BAIXO DE INTERFERÊNCIA. AF_06/2016","M2","18,46"]
[94045,"ESCORAMENTO DE VALA, TIPO PONTALETEAMENTO, COM PROFUNDIDADE DE 1,5 A 3,0 M, LARGURA MENOR QUE 1,5 M, EM LOCAL COM NÍVEL BAIXO DE INTERFERÊNCIA. AF_06/2016","M2","10,15"]
[94046,"ESCORAMENTO DE VALA, TIPO PONTALETEAMENTO, COM PROFUNDIDADE DE 1,5 A 3,0 M, LARGURA MAIOR OU IGUAL A 1,5 M E MENOR QUE 2,5 M, EM LOCAL COM NÍVEL BAIXO DE INTERFERÊNCIA. AF_06/2016","M2","15,51"]
[94047,"ESCORAMENTO DE VALA, TIPO PONTALETEAMENTO, COM PROFUNDIDADE DE 3,0 A 4,5 M, LARGURA MENOR QUE 1,5 M EM LOCAL COM NÍVEL BAIXO DE INTERFERÊNCIA. AF_06/2016","M2","7,59"]
[94048,"ESCORAMENTO DE VALA, TIPO PONTALETEAMENTO, COM PROFUNDIDADE DE 3,0 A 4,5 M, LARGURA MAIOR OU IGUAL A 1,5 M E MENOR QUE 2,5 M, EM LOCAL COM NÍVEL BAIXO DE INTERFERÊNCIA. AF_06/2016","M2","13,10"]
[94049,"ESCORAMENTO DE VALA, TIPO DESCONTÍNUO, COM PROFUNDIDADE DE 0 A 1,5 M, LARGURA MENOR QUE 1,5 M, EM LOCAL COM NÍVEL ALTO DE INTERFERÊNCIA. AF_06/2016","M2","22,95"]
[94050,"ESCORAMENTO DE VALA, TIPO DESCONTÍNUO, COM PROFUNDIDADE DE 0 A 1,5 M, LARGURA MAIOR OU IGUAL A 1,5 M E MENOR QUE 2,5 M, EM LOCAL COM NÍVEL ALTO DE INTERFERÊNCIA. AF_06/2016","M2","29,90"]
[94051,"ESCORAMENTO DE VALA, TIPO DESCONTÍNUO, COM PROFUNDIDADE DE 1,5 M A 3,0 M, LARGURA MENOR QUE 1,5 M, EM LOCAL COM NÍVEL ALTO DE INTERFERÊNCIA. AF_06/2016","M2","18,86"]
[94052,"ESCORAMENTO DE VALA, TIPO DESCONTÍNUO, COM PROFUNDIDADE DE 1,5 A 3,0 M, LARGURA MAIOR OU IGUAL A 1,5 M E MENOR QUE 2,5 M, EM LOCAL COM NÍVEL ALTO DE INTERFERÊNCIA. AF_06/2016","M2","25,70"]
[94053,"ESCORAMENTO DE VALA, TIPO DESCONTÍNUO, COM PROFUNDIDADE DE 3,0 A 4,5 M, LARGURA MENOR QUE 1,5 M, EM LOCAL COM NÍVEL ALTO DE INTERFERÊNCIA. AF_06/2016","M2","16,24"]
[94054,"ESCORAMENTO DE VALA, TIPO DESCONTÍNUO, COM PROFUNDIDADE DE 3,0 A 4,5 M, LARGURA MAIOR OU IGUAL A 1,5 E MENOR QUE 2,5 M, EM LOCAL COM NÍVEL ALTO DE INTERFERÊNCIA. AF_06/2016","M2","23,23"]
[94055,"ESCORAMENTO DE VALA, TIPO DESCONTÍNUO, COM PROFUNDIDADE DE 0 A 1,5 M, LARGURA MENOR QUE 1,5 M, EM LOCAL COM NÍVEL BAIXO DE INTERFERÊNCIA. AF_06/2016","M2","21,88"]
[94056,"ESCORAMENTO DE VALA, TIPO DESCONTÍNUO, COM PROFUNDIDADE DE 0 A 1,5 M, LARGURA MAIOR OU IGUAL A 1,5 M E MENOR QUE 2,5 M, EM LOCAL COM NÍVEL BAIXO DE INTERFERÊNCIA. AF_06/2016","M2","28,84"]
[94057,"ESCORAMENTO DE VALA, TIPO DESCONTÍNUO, COM PROFUNDIDADE DE 1,5 M A 3,0 M, LARGURA MENOR QUE 1,5 M, EM LOCAL COM NÍVEL BAIXO DE INTERFERÊNCIA. AF_06/2016","M2","17,80"]
[94058,"ESCORAMENTO DE VALA, TIPO DESCONTÍNUO, COM PROFUNDIDADE DE 1,5 A 3,0 M, LARGURA MAIOR OU IGUAL A 1,5 M E MENOR QUE 2,5 M, EM LOCAL COM NÍVEL BAIXO DE INTERFERÊNCIA. AF_06/2016","M2","24,63"]
[94059,"ESCORAMENTO DE VALA, TIPO DESCONTÍNUO, COM PROFUNDIDADE DE 3,0 A 4,5 M, LARGURA MENOR QUE 1,5 M, EM LOCAL COM NÍVEL BAIXO DE INTERFERÊNCIA. AF_06/2016","M2","15,18"]
[94060,"ESCORAMENTO DE VALA, TIPO DESCONTÍNUO, COM PROFUNDIDADE DE 3,0 A 4,5 M, LARGURA MAIOR OU IGUAL A 1,5 E MENOR QUE 2,5 M, EM LOCAL COM NÍVEL BAIXO DE INTERFERÊNCIA. AF_06/2016","M2","22,16"]
["73877/1","ESCORAMENTO DE VALAS COM PRANCHOES METALICOS - AREA CRAVADA","M2","54,13"]
["73877/2","ESCORAMENTO DE VALAS COM PRANCHOES METALICOS - AREA NAO CRAVADA","M2","36,02"]
[83770,"ESCORAMENTO CONTINUO DE VALAS, MISTO, COM PERFIL I DE 8\"","M2","125,53"]
[73301,"ESCORAMENTO FORMAS ATE H = 3,30M, COM MADEIRA DE 3A QUALIDADE, NAO APARELHADA, APROVEITAMENTO TABUAS 3X E PRUMOS 4X.","M3","8,01"]
[83515,"ESCORAMENTO FORMAS DE H=3,30 A 3,50 M, COM MADEIRA 3A QUALIDADE, NAO APARELHADA, APROVEITAMENTO TABUAS 3X E PRUMOS 4X","M3","14,12"]
[83516,"ESCORAMENTO FORMAS H=3,50 A 4,00 M, COM MADEIRA DE 3A QUALIDADE, NAO APARELHADA, APROVEITAMENTO TABUAS 3X E PRUMOS 4X.","M3","16,31"]
[72144,"RECOLOCACAO DE FOLHAS DE PORTA DE PASSAGEM OU JANELA, CONSIDERANDO REAPROVEITAMENTO DO MATERIAL","UN","64,74"]
["73910/8","PORTA DE MADEIRA COMPENSADA LISA PARA PINTURA, 120X210X3,5CM, 2 FOLHAS, INCLUSO ADUELA 2A, ALIZAR 2A E DOBRADICAS","UN","676,76"]
["73910/9","PORTA DE MADEIRA COMPENSADA LISA PARA CERA OU VERNIZ, 120X210X3,5CM, 2 FOLHAS, INCLUSO ADUELA 1A, ALIZAR 1A E DOBRADICAS COM ANEL","UN","890,42"]
[84874,"ALCAPAO EM COMPENSADO DE MADEIRA CEDRO/VIROLA, 60X60X2CM, COM MARCO 7X3CM, ALIZAR DE 2A, DOBRADICAS EM LATAO CROMADO E TARJETA CROMADA","UN","210,96"]
[84876,"PORTA MADEIRA 1A CORRER P/VIDRO 30MM/ GUARNICAO 15CM/ALIZAR","M2","555,70"]
[90800,"ADUELA / MARCO / BATENTE PARA PORTA DE 60X210CM, PADRÃO MÉDIO - FORNECIMENTO E MONTAGEM. AF_08/2015","UN","161,30"]
[90801,"ADUELA / MARCO / BATENTE PARA PORTA DE 70X210CM, PADRÃO MÉDIO - FORNECIMENTO E MONTAGEM. AF_08/2015","UN","167,06"]
[90802,"ADUELA / MARCO / BATENTE PARA PORTA DE 80X210CM, PADRÃO MÉDIO - FORNECIMENTO E MONTAGEM. AF_08/2015","UN","172,84"]
[90803,"ADUELA / MARCO / BATENTE PARA PORTA DE 90X210CM, PADRÃO MÉDIO - FORNECIMENTO E MONTAGEM. AF_08/2015","UN","178,59"]
[90804,"ADUELA / MARCO / BATENTE PARA PORTA DE 60X210CM, FIXAÇÃO COM ARGAMASSA, PADRÃO MÉDIO - FORNECIMENTO E INSTALAÇÃO. AF_08/2015_P","UN","213,49"]
[90805,"ADUELA / MARCO / BATENTE PARA PORTA DE 60X210CM, FIXAÇÃO COM ARGAMASSA - SOMENTE INSTALAÇÃO. AF_08/2015_P","UN","52,19"]
[90806,"ADUELA / MARCO / BATENTE PARA PORTA DE 70X210CM, FIXAÇÃO COM ARGAMASSA, PADRÃO MÉDIO - FORNECIMENTO E INSTALAÇÃO. AF_08/2015_P","UN","223,55"]
[90807,"ADUELA / MARCO / BATENTE PARA PORTA DE 70X210CM, FIXAÇÃO COM ARGAMASSA - SOMENTE INSTALAÇÃO. AF_08/2015_P","UN","56,49"]
[90816,"ADUELA / MARCO / BATENTE PARA PORTA DE 80X210CM, FIXAÇÃO COM ARGAMASSA, PADRÃO MÉDIO - FORNECIMENTO E INSTALAÇÃO. AF_08/2015_P","UN","233,62"]
[90817,"ADUELA / MARCO / BATENTE PARA PORTA DE 80X210CM, FIXAÇÃO COM ARGAMASSA - SOMENTE INSTALAÇÃO. AF_08/2015_P","UN","60,78"]
[90818,"ADUELA / MARCO / BATENTE PARA PORTA DE 90X210CM, FIXAÇÃO COM ARGAMASSA, PADRÃO MÉDIO - FORNECIMENTO E INSTALAÇÃO. AF_08/2015_P","UN","243,71"]
[90819,"ADUELA / MARCO / BATENTE PARA PORTA DE 90X210CM, FIXAÇÃO COM ARGAMASSA - SOMENTE INSTALAÇÃO. AF_08/2015_P","UN","65,12"]
[90820,"PORTA DE MADEIRA PARA PINTURA, SEMI-OCA (LEVE OU MÉDIA), 60X210CM, ESPESSURA DE 3,5CM, INCLUSO DOBRADIÇAS - FORNECIMENTO E INSTALAÇÃO. AF_08/2015","UN","319,96"]
[90821,"PORTA DE MADEIRA PARA PINTURA, SEMI-OCA (LEVE OU MÉDIA), 70X210CM, ESPESSURA DE 3,5CM, INCLUSO DOBRADIÇAS - FORNECIMENTO E INSTALAÇÃO. AF_08/2015","UN","345,18"]
[90822,"PORTA DE MADEIRA PARA PINTURA, SEMI-OCA (LEVE OU MÉDIA), 80X210CM, ESPESSURA DE 3,5CM, INCLUSO DOBRADIÇAS - FORNECIMENTO E INSTALAÇÃO. AF_08/2015","UN","340,82"]
[90823,"PORTA DE MADEIRA PARA PINTURA, SEMI-OCA (LEVE OU MÉDIA), 90X210CM, ESPESSURA DE 3,5CM, INCLUSO DOBRADIÇAS - FORNECIMENTO E INSTALAÇÃO. AF_08/2015","UN","356,53"]
[90826,"ALIZAR / GUARNIÇÃO DE 5X1,5CM PARA PORTA DE 60X210CM FIXADO COM PREGOS, PADRÃO MÉDIO - FORNECIMENTO E INSTALAÇÃO. AF_08/2015","UN","24,72"]
[90827,"ALIZAR / GUARNIÇÃO DE 5X1,5CM PARA PORTA DE 70X210CM FIXADO COM PREGOS, PADRÃO MÉDIO - FORNECIMENTO E INSTALAÇÃO. AF_08/2015","UN","25,89"]
[90828,"ALIZAR / GUARNIÇÃO DE 5X1,5CM PARA PORTA DE 80X210CM FIXADO COM PREGOS, PADRÃO MÉDIO - FORNECIMENTO E INSTALAÇÃO. AF_08/2015","UN","27,08"]
[90829,"ALIZAR / GUARNIÇÃO DE 5X1,5CM PARA PORTA DE 90X210CM FIXADO COM PREGOS, PADRÃO MÉDIO - FORNECIMENTO E INSTALAÇÃO. AF_08/2015","UN","28,28"]
[90830,"FECHADURA DE EMBUTIR COM CILINDRO, EXTERNA, COMPLETA, ACABAMENTO PADRÃO MÉDIO, INCLUSO EXECUÇÃO DE FURO - FORNECIMENTO E INSTALAÇÃO. AF_08/2015","UN","83,56"]
[90831,"FECHADURA DE EMBUTIR PARA PORTA DE BANHEIRO, COMPLETA, ACABAMENTO PADRÃO MÉDIO, INCLUSO EXECUÇÃO DE FURO - FORNECIMENTO E INSTALAÇÃO. AF_08/2015","UN","65,50"]
[90841,"KIT DE PORTA DE MADEIRA PARA PINTURA, SEMI-OCA (LEVE OU MÉDIA), PADRÃO MÉDIO, 60X210CM, ESPESSURA DE 3,5CM, ITENS INCLUSOS: DOBRADIÇAS, MONTAGEM E INSTALAÇÃO DO BATENTE, FECHADURA COM EXECUÇÃO DO FURO - FORNECIMENTO E INSTALAÇÃO. AF_08/2015","UN","648,39"]
[90842,"KIT DE PORTA DE MADEIRA PARA PINTURA, SEMI-OCA (LEVE OU MÉDIA), PADRÃO MÉDIO, 70X210CM, ESPESSURA DE 3,5CM, ITENS INCLUSOS: DOBRADIÇAS, MONTAGEM E INSTALAÇÃO DO BATENTE, FECHADURA COM EXECUÇÃO DO FURO - FORNECIMENTO E INSTALAÇÃO. AF_08/2015","UN","691,91"]
[90843,"KIT DE PORTA DE MADEIRA PARA PINTURA, SEMI-OCA (LEVE OU MÉDIA), PADRÃO MÉDIO, 80X210CM, ESPESSURA DE 3,5CM, ITENS INCLUSOS: DOBRADIÇAS, MONTAGEM E INSTALAÇÃO DO BATENTE, FECHADURA COM EXECUÇÃO DO FURO - FORNECIMENTO E INSTALAÇÃO. AF_08/2015","UN","712,16"]
[90844,"KIT DE PORTA DE MADEIRA PARA PINTURA, SEMI-OCA (LEVE OU MÉDIA), PADRÃO MÉDIO, 90X210CM, ESPESSURA DE 3,5CM, ITENS INCLUSOS: DOBRADIÇAS, MONTAGEM E INSTALAÇÃO DO BATENTE, FECHADURA COM EXECUÇÃO DO FURO - FORNECIMENTO E INSTALAÇÃO. AF_08/2015","UN","740,36"]
[90847,"KIT DE PORTA DE MADEIRA PARA PINTURA, SEMI-OCA (LEVE OU MÉDIA), PADRÃO MÉDIO, 60X210CM, ESPESSURA DE 3,5CM, ITENS INCLUSOS: DOBRADIÇAS, MONTAGEM E INSTALAÇÃO DO BATENTE, SEM FECHADURA - FORNECIMENTO E INSTALAÇÃO. AF_08/2015","UN","582,89"]
[90848,"KIT DE PORTA DE MADEIRA PARA PINTURA, SEMI-OCA (LEVE OU MÉDIA), PADRÃO MÉDIO, 70X210CM, ESPESSURA DE 3,5CM, ITENS INCLUSOS: DOBRADIÇAS, MONTAGEM E INSTALAÇÃO DO BATENTE, SEM FECHADURA - FORNECIMENTO E INSTALAÇÃO. AF_08/2015","UN","620,51"]
[90849,"KIT DE PORTA DE MADEIRA PARA PINTURA, SEMI-OCA (LEVE OU MÉDIA), PADRÃO MÉDIO, 80X210CM, ESPESSURA DE 3,5CM, ITENS INCLUSOS: DOBRADIÇAS, MONTAGEM E INSTALAÇÃO DO BATENTE, SEM FECHADURA - FORNECIMENTO E INSTALAÇÃO. AF_08/2015","UN","628,60"]
[90850,"KIT DE PORTA DE MADEIRA PARA PINTURA, SEMI-OCA (LEVE OU MÉDIA), PADRÃO MÉDIO, 90X210CM, ESPESSURA DE 3,5CM, ITENS INCLUSOS: DOBRADIÇAS, MONTAGEM E INSTALAÇÃO DO BATENTE, SEM FECHADURA - FORNECIMENTO E INSTALAÇÃO. AF_08/2015","UN","656,80"]
[91009,"PORTA DE MADEIRA PARA VERNIZ, SEMI-OCA (LEVE OU MÉDIA), 60X210CM, ESPESSURA DE 3,5CM, INCLUSO DOBRADIÇAS - FORNECIMENTO E INSTALAÇÃO. AF_08/2015","UN","326,91"]
[91010,"PORTA DE MADEIRA PARA VERNIZ, SEMI-OCA (LEVE OU MÉDIA), 70X210CM, ESPESSURA DE 3,5CM, INCLUSO DOBRADIÇAS - FORNECIMENTO E INSTALAÇÃO. AF_08/2015","UN","268,96"]
[91011,"PORTA DE MADEIRA PARA VERNIZ, SEMI-OCA (LEVE OU MÉDIA), 80X210CM, ESPESSURA DE 3,5CM, INCLUSO DOBRADIÇAS - FORNECIMENTO E INSTALAÇÃO. AF_08/2015","UN","366,86"]
[91012,"PORTA DE MADEIRA PARA VERNIZ, SEMI-OCA (LEVE OU MÉDIA), 90X210CM, ESPESSURA DE 3,5CM, INCLUSO DOBRADIÇAS - FORNECIMENTO E INSTALAÇÃO. AF_08/2015","UN","351,18"]
[91013,"KIT DE PORTA DE MADEIRA PARA VERNIZ, SEMI-OCA (LEVE OU MÉDIA), PADRÃO MÉDIO, 60X210CM, ESPESSURA DE 3,5CM, ITENS INCLUSOS: DOBRADIÇAS, MONTAGEM E INSTALAÇÃO DO BATENTE, SEM FECHADURA - FORNECIMENTO E INSTALAÇÃO. AF_08/2015","UN","589,84"]
[91014,"KIT DE PORTA DE MADEIRA PARA VERNIZ, SEMI-OCA (LEVE OU MÉDIA), PADRÃO MÉDIO, 70X210CM, ESPESSURA DE 3,5CM, ITENS INCLUSOS: DOBRADIÇAS, MONTAGEM E INSTALAÇÃO DO BATENTE, SEM FECHADURA - FORNECIMENTO E INSTALAÇÃO. AF_08/2015","UN","544,29"]
[91015,"KIT DE PORTA DE MADEIRA PARA VERNIZ, SEMI-OCA (LEVE OU MÉDIA), PADRÃO MÉDIO, 80X210CM, ESPESSURA DE 3,5CM, ITENS INCLUSOS: DOBRADIÇAS, MONTAGEM E INSTALAÇÃO DO BATENTE, SEM FECHADURA - FORNECIMENTO E INSTALAÇÃO. AF_08/2015","UN","654,64"]
[91016,"KIT DE PORTA DE MADEIRA PARA VERNIZ, SEMI-OCA (LEVE OU MÉDIA), PADRÃO MÉDIO, 90X210CM, ESPESSURA DE 3,5CM, ITENS INCLUSOS: DOBRADIÇAS, MONTAGEM E INSTALAÇÃO DO BATENTE, SEM FECHADURA - FORNECIMENTO E INSTALAÇÃO. AF_08/2015","UN","651,45"]
[91286,"ADUELA / MARCO / BATENTE PARA PORTA DE 60X210CM, PADRÃO POPULAR - FORNECIMENTO E MONTAGEM. AF_08/2015","UN","125,70"]
[91287,"ADUELA / MARCO / BATENTE PARA PORTA DE 70X210CM, PADRÃO POPULAR - FORNECIMENTO E MONTAGEM. AF_08/2015","UN","131,46"]
[91288,"ADUELA / MARCO / BATENTE PARA PORTA DE 80X210CM, PADRÃO POPULAR - FORNECIMENTO E MONTAGEM. AF_08/2015","UN","137,24"]
[91290,"ADUELA / MARCO / BATENTE PARA PORTA DE 90X210CM, PADRÃO POPULAR - FORNECIMENTO E MONTAGEM. AF_08/2015","UN","142,99"]
[91291,"ADUELA / MARCO / BATENTE PARA PORTA DE 60X210CM, FIXAÇÃO COM ARGAMASSA, PADRÃO POPULAR - FORNECIMENTO E INSTALAÇÃO. AF_08/2015_P","UN","177,89"]
[91292,"ADUELA / MARCO / BATENTE PARA PORTA DE 70X210CM, FIXAÇÃO COM ARGAMASSA, PADRÃO POPULAR - FORNECIMENTO E INSTALAÇÃO. AF_08/2015_P","UN","187,95"]
[91293,"ADUELA / MARCO / BATENTE PARA PORTA DE 80X210CM, FIXAÇÃO COM ARGAMASSA, PADRÃO POPULAR - FORNECIMENTO E INSTALAÇÃO. AF_08/2015_P","UN","198,02"]
[91294,"ADUELA / MARCO / BATENTE PARA PORTA DE 90X210CM, FIXAÇÃO COM ARGAMASSA, PADRÃO POPULAR - FORNECIMENTO E INSTALAÇÃO. AF_08/2015_P","UN","208,11"]
[91295,"PORTA DE MADEIRA FRISADA, SEMI-OCA (LEVE OU MÉDIA), 60X210CM, ESPESSURA DE 3CM, INCLUSO DOBRADIÇAS - FORNECIMENTO E INSTALAÇÃO. AF_08/2015","UN","308,23"]
[91296,"PORTA DE MADEIRA FRISADA, SEMI-OCA (LEVE OU MÉDIA), 70X210CM, ESPESSURA DE 3CM, INCLUSO DOBRADIÇAS - FORNECIMENTO E INSTALAÇÃO. AF_08/2015","UN","324,86"]
[91297,"PORTA DE MADEIRA FRISADA, SEMI-OCA (LEVE OU MÉDIA), 80X210CM, ESPESSURA DE 3,5CM, INCLUSO DOBRADIÇAS - FORNECIMENTO E INSTALAÇÃO. AF_08/2015","UN","368,77"]
[91298,"PORTA DE MADEIRA TIPO VENEZIANA, 80X210CM, ESPESSURA DE 3CM, INCLUSO DOBRADIÇAS - FORNECIMENTO E INSTALAÇÃO. AF_08/2015","UN","518,68"]
[91299,"PORTA DE MADEIRA, TIPO MEXICANA, MACIÇA (PESADA OU SUPERPESADA), 80X210CM, ESPESSURA DE 3,5CM, INCLUSO DOBRADIÇAS - FORNECIMENTO E INSTALAÇÃO. AF_08/2015","UN","699,07"]
[91300,"ALIZAR / GUARNIÇÃO DE 5X1,5CM PARA PORTA DE 60X210CM FIXADO COM PREGOS, PADRÃO POPULAR - FORNECIMENTO E INSTALAÇÃO. AF_08/2015","UN","20,63"]
[91301,"ALIZAR / GUARNIÇÃO DE 5X1,5CM PARA PORTA DE 70X210CM FIXADO COM PREGOS, PADRÃO POPULAR - FORNECIMENTO E INSTALAÇÃO. AF_08/2015","UN","21,73"]
[91302,"ALIZAR / GUARNIÇÃO DE 5X1,5CM PARA PORTA DE 80X210CM FIXADO COM PREGOS, PADRÃO POPULAR - FORNECIMENTO E INSTALAÇÃO. AF_08/2015","UN","22,85"]
[91303,"ALIZAR / GUARNIÇÃO DE 5X1,5CM PARA PORTA DE 90X210CM FIXADO COM PREGOS, PADRÃO POPULAR - FORNECIMENTO E INSTALAÇÃO. AF_08/2015","UN","23,97"]
[91304,"FECHADURA DE EMBUTIR COM CILINDRO, EXTERNA, COMPLETA, ACABAMENTO PADRÃO POPULAR, INCLUSO EXECUÇÃO DE FURO - FORNECIMENTO E INSTALAÇÃO. AF_08/2015","UN","62,94"]
[91305,"FECHADURA DE EMBUTIR PARA PORTA DE BANHEIRO, COMPLETA, ACABAMENTO PADRÃO POPULAR, INCLUSO EXECUÇÃO DE FURO - FORNECIMENTO E INSTALAÇÃO. AF_08/2015","UN","47,49"]
[91306,"FECHADURA DE EMBUTIR PARA PORTAS INTERNAS, COMPLETA, ACABAMENTO PADRÃO MÉDIO, COM EXECUÇÃO DE FURO - FORNECIMENTO E INSTALAÇÃO. AF_08/2015","UN","71,40"]
[91307,"FECHADURA DE EMBUTIR PARA PORTAS INTERNAS, COMPLETA, ACABAMENTO PADRÃO POPULAR, COM EXECUÇÃO DE FURO - FORNECIMENTO E INSTALAÇÃO. AF_08/2015","UN","49,91"]
[91312,"KIT DE PORTA DE MADEIRA PARA PINTURA, SEMI-OCA (LEVE OU MÉDIA), PADRÃO POPULAR, 60X210CM, ESPESSURA DE 3,5CM, ITENS INCLUSOS: DOBRADIÇAS, MONTAGEM E INSTALAÇÃO DO BATENTE, FECHADURA COM EXECUÇÃO DO FURO - FORNECIMENTO E INSTALAÇÃO. AF_08/2015","UN","586,60"]
[91313,"KIT DE PORTA DE MADEIRA PARA PINTURA, SEMI-OCA (LEVE OU MÉDIA), PADRÃO POPULAR, 70X210CM, ESPESSURA DE 3,5CM, ITENS INCLUSOS: DOBRADIÇAS, MONTAGEM E INSTALAÇÃO DO BATENTE, FECHADURA COM EXECUÇÃO DO FURO - FORNECIMENTO E INSTALAÇÃO. AF_08/2015","UN","626,50"]
[91314,"KIT DE PORTA DE MADEIRA PARA PINTURA, SEMI-OCA (LEVE OU MÉDIA), PADRÃO POPULAR, 80X210CM, ESPESSURA DE 3,5CM, ITENS INCLUSOS: DOBRADIÇAS, MONTAGEM E INSTALAÇÃO DO BATENTE, FECHADURA COM EXECUÇÃO DO FURO - FORNECIMENTO E INSTALAÇÃO. AF_08/2015","UN","647,48"]
[91315,"KIT DE PORTA DE MADEIRA PARA PINTURA, SEMI-OCA (LEVE OU MÉDIA), PADRÃO POPULAR, 90X210CM, ESPESSURA DE 3,5CM, ITENS INCLUSOS: DOBRADIÇAS, MONTAGEM E INSTALAÇÃO DO BATENTE, FECHADURA COM EXECUÇÃO DO FURO - FORNECIMENTO E INSTALAÇÃO. AF_08/2015","UN","675,52"]
[91318,"KIT DE PORTA DE MADEIRA PARA PINTURA, SEMI-OCA (LEVE OU MÉDIA), PADRÃO POPULAR, 60X210CM, ESPESSURA DE 3,5CM, ITENS INCLUSOS: DOBRADIÇAS, MONTAGEM E INSTALAÇÃO DO BATENTE, SEM FECHADURA - FORNECIMENTO E INSTALAÇÃO. AF_08/2015","UN","539,11"]
[91319,"KIT DE PORTA DE MADEIRA PARA PINTURA, SEMI-OCA (LEVE OU MÉDIA), PADRÃO POPULAR, 70X210CM, ESPESSURA DE 3,5CM, ITENS INCLUSOS: DOBRADIÇAS, MONTAGEM E INSTALAÇÃO DO BATENTE, SEM FECHADURA - FORNECIMENTO E INSTALAÇÃO. AF_08/2015","UN","576,59"]
[91320,"KIT DE PORTA DE MADEIRA PARA PINTURA, SEMI-OCA (LEVE OU MÉDIA), PADRÃO POPULAR, 80X210CM, ESPESSURA DE 3,5CM, ITENS INCLUSOS: DOBRADIÇAS, MONTAGEM E INSTALAÇÃO DO BATENTE, SEM FECHADURA - FORNECIMENTO E INSTALAÇÃO. AF_08/2015","UN","584,54"]
[91321,"KIT DE PORTA DE MADEIRA PARA PINTURA, SEMI-OCA (LEVE OU MÉDIA), PADRÃO POPULAR, 90X210CM, ESPESSURA DE 3,5CM, ITENS INCLUSOS: DOBRADIÇAS, MONTAGEM E INSTALAÇÃO DO BATENTE, SEM FECHADURA - FORNECIMENTO E INSTALAÇÃO. AF_08/2015","UN","612,58"]
[91324,"KIT DE PORTA DE MADEIRA PARA VERNIZ, SEMI-OCA (LEVE OU MÉDIA), PADRÃO POPULAR, 60X210CM, ESPESSURA DE 3,5CM, ITENS INCLUSOS: DOBRADIÇAS, MONTAGEM E INSTALAÇÃO DO BATENTE, SEM FECHADURA - FORNECIMENTO E INSTALAÇÃO. AF_08/2015","UN","546,06"]
[91325,"KIT DE PORTA DE MADEIRA PARA VERNIZ, SEMI-OCA (LEVE OU MÉDIA), PADRÃO POPULAR, 70X210CM, ESPESSURA DE 3,5CM, ITENS INCLUSOS: DOBRADIÇAS, MONTAGEM E INSTALAÇÃO DO BATENTE, SEM FECHADURA - FORNECIMENTO E INSTALAÇÃO. AF_08/2015","UN","500,37"]
[91326,"KIT DE PORTA DE MADEIRA PARA VERNIZ, SEMI-OCA (LEVE OU MÉDIA), PADRÃO POPULAR, 80X210CM, ESPESSURA DE 3,5CM, ITENS INCLUSOS: DOBRADIÇAS, MONTAGEM E INSTALAÇÃO DO BATENTE, SEM FECHADURA - FORNECIMENTO E INSTALAÇÃO. AF_08/2015","UN","610,58"]
[91327,"KIT DE PORTA DE MADEIRA PARA VERNIZ, SEMI-OCA (LEVE OU MÉDIA), PADRÃO POPULAR, 90X210CM, ESPESSURA DE 3,5CM, ITENS INCLUSOS: DOBRADIÇAS, MONTAGEM E INSTALAÇÃO DO BATENTE, SEM FECHADURA - FORNECIMENTO E INSTALAÇÃO. AF_08/2015","UN","607,23"]
[91328,"KIT DE PORTA DE MADEIRA FRISADA, SEMI-OCA (LEVE OU MÉDIA), PADRÃO MÉDIO 60X210CM, ESPESSURA DE 3CM, ITENS INCLUSOS: DOBRADIÇAS, MONTAGEM E INSTALAÇÃO DO BATENTE, SEM FECHADURA - FORNECIMENTO E INSTALAÇÃO. AF_08/2015","UN","571,16"]
[91329,"KIT DE PORTA DE MADEIRA FRISADA, SEMI-OCA (LEVE OU MÉDIA), PADRÃO POPULAR, 60X210CM, ESPESSURA DE 3CM, ITENS INCLUSOS: DOBRADIÇAS, MONTAGEM E INSTALAÇÃO DO BATENTE, SEM FECHADURA - FORNECIMENTO E INSTALAÇÃO. AF_08/2015","UN","527,38"]
[91330,"KIT DE PORTA DE MADEIRA FRISADA, SEMI-OCA (LEVE OU MÉDIA), PADRÃO MÉDIO, 70X210CM, ESPESSURA DE 3CM, ITENS INCLUSOS: DOBRADIÇAS, MONTAGEM E INSTALAÇÃO DO BATENTE, SEM FECHADURA - FORNECIMENTO E INSTALAÇÃO. AF_08/2015","UN","600,19"]
[91331,"KIT DE PORTA DE MADEIRA FRISADA, SEMI-OCA (LEVE OU MÉDIA), PADRÃO POPULAR, 70X210CM, ESPESSURA DE 3CM, ITENS INCLUSOS: DOBRADIÇAS, MONTAGEM E INSTALAÇÃO DO BATENTE, SEM FECHADURA - FORNECIMENTO E INSTALAÇÃO. AF_08/2015","UN","556,27"]
[91332,"KIT DE PORTA DE MADEIRA FRISADA, SEMI-OCA (LEVE OU MÉDIA), PADRÃO MÉDIO, 80X210CM, ESPESSURA DE 3,5CM, ITENS INCLUSOS: DOBRADIÇAS, MONTAGEM E INSTALAÇÃO DO BATENTE, SEM FECHADURA - FORNECIMENTO E INSTALAÇÃO. AF_08/2015","UN","656,55"]
[91333,"KIT DE PORTA DE MADEIRA FRISADA, SEMI-OCA (LEVE OU MÉDIA), PADRÃO POPULAR, 80X210CM, ESPESSURA DE 3,5CM, ITENS INCLUSOS: DOBRADIÇAS, MONTAGEM E INSTALAÇÃO DO BATENTE, SEM FECHADURA - FORNECIMENTO E INSTALAÇÃO. AF_08/2015","UN","612,49"]
[91334,"KIT DE PORTA DE MADEIRA TIPO VENEZIANA, PADRÃO MÉDIO, 80X210CM, ESPESSURA DE 3CM, ITENS INCLUSOS: DOBRADIÇAS, MONTAGEM E INSTALAÇÃO DO BATENTE, SEM FECHADURA - FORNECIMENTO E INSTALAÇÃO. AF_08/2015","UN","806,46"]
[91335,"KIT DE PORTA DE MADEIRA TIPO VENEZIANA, PADRÃO POPULAR, 80X210CM, ESPESSURA DE 3CM, ITENS INCLUSOS: DOBRADIÇAS, MONTAGEM E INSTALAÇÃO DO BATENTE, SEM FECHADURA - FORNECIMENTO E INSTALAÇÃO. AF_08/2015","UN","762,40"]
[91336,"KIT DE PORTA DE MADEIRA TIPO MEXICANA, MACIÇA (PESADA OU SUPERPESADA), PADRÃO MÉDIO, 80X210CM, ESPESSURA DE 3CM, ITENS INCLUSOS: DOBRADIÇAS, MONTAGEM E INSTALAÇÃO DO BATENTE, SEM FECHADURA - FORNECIMENTO E INSTALAÇÃO. AF_08/2015","UN","986,85"]
[91337,"KIT DE PORTA DE MADEIRA TIPO MEXICANA, MACIÇA (PESADA OU SUPERPESADA), PADRÃO POPULAR, 80X210CM, ESPESSURA DE 3CM, ITENS INCLUSOS: DOBRADIÇAS, MONTAGEM E INSTALAÇÃO DO BATENTE, SEM FECHADURA - FORNECIMENTO E INSTALAÇÃO. AF_08/2015","UN","942,79"]
["73813/1","JANELA DE MADEIRA ALMOFADADA 1A, 1,5X1,5M, DE ABRIR, INCLUSO GUARNICOES E DOBRADICAS","UN","1.522,20"]
[84844,"JANELA DE MADEIRA TIPO GUILHOTINA, DE ABRIR , INCLUSAS GUARNICOES SEM FERRAGENS","M2","414,25"]
[84845,"JANELA DE MADEIRA TIPO VENEZIANA. DE ABRIR, INCLUSAS GUARNICOES E FERRAGENS","M2","639,18"]
[84846,"JANELA DE MADEIRA TIPO VENEZIANA/VIDRO, DE ABRIR, INCLUSAS GUARNICOES SEM FERRAGENS","M2","649,73"]
[84847,"JANELA DE MADEIRA ALMOFADADA, DE ABRIR, INCLUSAS GUARNICOES SEM FERRAGENS","M2","649,73"]
[84848,"JANELA DE MADEIRA TIPO VENEZIANA/GUILHOTINA, DE ABRIR, INCLUSAS GUARNICOES SEM FERRAGENS","M2","511,80"]
[84849,"CAIXA MADEIRA 57X43CM COM GUARNICAO 13CM P/ FECHAMENTO DE AR CONDICIONAL","UN","81,25"]
["73933/1","PORTA DE FERRO, DE ABRIR, TIPO GRADE COM CHAPA, 87X210CM, COM GUARNICOES","M2","477,26"]
["73933/3","PORTA DE FERRO TIPO VENEZIANA, DE ABRIR, SEM BANDEIRA SEM FERRAGENS","M2","330,48"]
["73933/4","PORTA DE FERRO DE ABRIR TIPO BARRA CHATA, COM REQUADRO E GUARNICAO COMPLETA","M2","450,40"]
["74073/1","ALCAPAO EM FERRO 60X60CM, INCLUSO FERRAGENS","UN","113,02"]
["74073/2","ALCAPAO EM FERRO 70X70CM, INCLUSO FERRAGENS","UN","123,45"]
["74136/1","PORTA DE ACO DE ENROLAR TIPO GRADE, CHAPA 16","M2","315,13"]
["74136/2","PORTA DE ACO CHAPA 24, DE ENROLAR, VAZADA TIJOLINHO OU EQUIVALENTE COM RETANGULO OU CIRCULO, ACABAMENTO GALVANIZADO NATURAL","M2","272,83"]
["74136/3","PORTA DE ACO CHAPA 24, DE ENROLAR, RAIADA, LARGA COM ACABAMENTO GALVANIZADO NATURAL","M2","203,71"]
[84854,"BATENTE FERRO 1X1/8\"","M","27,47"]
[94559,"JANELA DE AÇO BASCULANTE, FIXAÇÃO COM ARGAMASSA, SEM VIDROS, PADRONIZADA. AF_07/2016","M2","408,86"]
[94560,"JANELA DE AÇO DE CORRER, 2 FOLHAS, FIXAÇÃO COM ARGAMASSA, COM VIDROS, PADRONIZADA. AF_07/2016","M2","356,55"]
[94562,"JANELA DE AÇO DE CORRER, 4 FOLHAS, FIXAÇÃO COM ARGAMASSA, SEM VIDROS, PADRONIZADA. AF_07/2016","M2","375,97"]
[94563,"JANELA DE AÇO DE CORRER, 6 FOLHAS, FIXAÇÃO COM ARGAMASSA, COM VIDROS, PADRONIZADA. AF_07/2016","M2","470,97"]
[94564,"JANELA DE AÇO BASCULANTE, FIXAÇÃO COM PARAFUSO SOBRE CONTRAMARCO (EXCLUSIVE CONTRAMARCO), SEM VIDROS, PADRONIZADA. AF_07/2016","M2","365,65"]
[94565,"JANELA DE AÇO DE CORRER, 2 FOLHAS, FIXAÇÃO COM PARAFUSO SOBRE CONTRAMARCO (EXCLUSIVE CONTRAMARCO), COM VIDROS, PADRONIZADA. AF_07/2016","M2","342,36"]
[94567,"JANELA DE AÇO DE CORRER, 4 FOLHAS, FIXAÇÃO COM PARAFUSO SOBRE CONTRAMARCO (EXCLUSIVE CONTRAMARCO), SEM VIDROS, PADRONIZADA. AF_07/2016","M2","357,17"]
[94568,"JANELA DE AÇO DE CORRER, 6 FOLHAS, FIXAÇÃO COM PARAFUSO SOBRE CONTRAMARCO (EXCLUSIVE CONTRAMARCO), COM VIDROS, PADRONIZADA. AF_07/2016","M2","448,82"]
["73932/1","GRADE DE FERRO EM BARRA CHATA 3/16\"","M2","237,66"]
[73631,"GUARDA-CORPO EM TUBO DE ACO GALVANIZADO 1 1/2\"","M2","286,10"]
["74195/1","GUARDA-CORPO  COM CORRIMAO EM FERRO BARRA CHATA 3/16\"","M","283,03"]
[73665,"ESCADA TIPO MARINHEIRO EM ACO CA-50 9,52MM INCLUSO PINTURA COM FUNDO ANTICORROSIVO TIPO ZARCAO","M","53,45"]
[73669,"CORRIMAO EM MADEIRA 1A 2,5X30CM","M","76,86"]
["74072/1","CORRIMAO EM TUBO ACO GALVANIZADO 3/4\" COM BRACADEIRA","M","61,89"]
["74072/2","CORRIMAO EM TUBO ACO GALVANIZADO 2 1/2\" COM BRACADEIRA","M","102,40"]
["74072/3","CORRIMAO EM TUBO ACO GALVANIZADO 1 1/4\" COM BRACADEIRA","M","74,19"]
["74194/1","ESCADA TIPO MARINHEIRO EM TUBO ACO GALVANIZADO 1 1/2\" 5 DEGRAUS","M","216,02"]
[84862,"GUARDA-CORPO COM CORRIMAO EM TUBO DE ACO GALVANIZADO 1 1/2\"","M","191,07"]
[84863,"GUARDA-CORPO COM CORRIMAO EM TUBO DE ACO GALVANIZADO 3/4\"","M","95,73"]
[68050,"PORTA DE CORRER EM ALUMINIO, COM DUAS FOLHAS PARA VIDRO, INCLUSO VIDRO LISO INCOLOR, FECHADURA E PUXADOR, SEM GUARNICAO/ALIZAR/VISTA","M2","496,18"]
[90838,"PORTA CORTA-FOGO 90X210X4CM - FORNECIMENTO E INSTALAÇÃO. AF_08/2015","UN","920,16"]
[91338,"PORTA DE ALUMÍNIO DE ABRIR COM LAMBRI, COM GUARNIÇÃO, FIXAÇÃO COM PARAFUSOS - FORNECIMENTO E INSTALAÇÃO. AF_08/2015","M2","828,82"]
[91341,"PORTA EM ALUMÍNIO DE ABRIR TIPO VENEZIANA COM GUARNIÇÃO, FIXAÇÃO COM PARAFUSOS - FORNECIMENTO E INSTALAÇÃO. AF_08/2015","M2","610,16"]
[94805,"PORTA DE ALUMÍNIO DE ABRIR PARA VIDRO SEM GUARNIÇÃO, 87X210CM, FIXAÇÃO COM PARAFUSOS, INCLUSIVE VIDROS - FORNECIMENTO E INSTALAÇÃO. AF_08/2015","UN","947,25"]
[94806,"PORTA EM AÇO DE ABRIR PARA VIDRO SEM GUARNIÇÃO, 87X210CM, FIXAÇÃO COM PARAFUSOS, EXCLUSIVE VIDROS - FORNECIMENTO E INSTALAÇÃO. AF_08/2015","UN","444,84"]
[94807,"PORTA EM AÇO DE ABRIR TIPO VENEZIANA SEM GUARNIÇÃO, 87X210CM, FIXAÇÃO COM PARAFUSOS - FORNECIMENTO E INSTALAÇÃO. AF_08/2015","UN","533,50"]
["73737/1","GRADIL DE ALUMINIO ANODIZADO TIPO BARRA CHATA PARA VARANDAS, ALTURA 0,4M","M","118,00"]
["73737/2","GRADIL DE ALUMINIO ANODIZADO TIPO BARRA CHATA PARA VARANDAS, ALTURA 1,0M","M","240,01"]
["73737/3","GRADIL DE ALUMINIO ANODIZADO TIPO BARRA CHATA PARA VARANDAS, ALTURA 1,2M","M","279,42"]
[85096,"GRADIL DE ALUMINIO ANODIZADO TIPO BARRA CHATA","M2","242,68"]
["73736/1","DOBRADICA TIPO VAI E VEM EM LATAO POLIDO 3\"","UN","113,07"]
[84885,"JOGO DE FERRAGENS CROMADAS PARA PORTA DE VIDRO TEMPERADO, UMA FOLHA COMPOSTO DE DOBRADICAS SUPERIOR E INFERIOR, TRINCO, FECHADURA, CONTRA FECHADURA COM CAPUCHINHO SEM MOLA E PUXADOR","UN","546,50"]
[84886,"MOLA HIDRAULICA DE PISO PARA PORTA DE VIDRO TEMPERADO","UN","1.027,67"]
[84889,"PUXADOR CENTRAL PARA ESQUADRIA DE ALUMINIO","UN","15,83"]
[84891,"CREMONA EM LATAO CROMADO OU POLIDO, COMPLETA, COM VARA H=1,50M","UN","159,97"]
["74046/2","TARJETA TIPO LIVRE/OCUPADO PARA PORTA DE BANHEIRO","UN","30,33"]
["74047/2","DOBRADICA EM ACO/FERRO, 3\" X 21/2\", E=1,9 A 2 MM, SEM ANEL, CROMADO OU ZINCADO, TAMPA BOLA, COM PARAFUSOS","UN","28,71"]
["74084/1","PORTA CADEADO ZINCADO OXIDADO PRETO COM CADEADO DE ACO INOX, LARGURA DE *50* MM","UN","133,33"]
[84950,"FECHO EMBUTIR TIPO UNHA 40CM C/COLOCACAO","UN","42,53"]
[84952,"FECHO EMBUTIR TIPO UNHA 22CM C/COLOCACAO","UN","31,76"]
[72116,"VIDRO LISO COMUM TRANSPARENTE, ESPESSURA 3MM","M2","106,83"]
[72117,"VIDRO LISO COMUM TRANSPARENTE, ESPESSURA 4MM","M2","137,26"]
[72118,"VIDRO TEMPERADO INCOLOR, ESPESSURA 6MM, FORNECIMENTO E INSTALACAO, INCLUSIVE MASSA PARA VEDACAO","M2","215,42"]
[72119,"VIDRO TEMPERADO INCOLOR, ESPESSURA 8MM, FORNECIMENTO E INSTALACAO, INCLUSIVE MASSA PARA VEDACAO","M2","273,70"]
[72120,"VIDRO TEMPERADO INCOLOR, ESPESSURA 10MM, FORNECIMENTO E INSTALACAO, INCLUSIVE MASSA PARA VEDACAO","M2","347,99"]
[72122,"VIDRO FANTASIA TIPO CANELADO, ESPESSURA 4MM","M2","117,65"]
[72123,"VIDRO ARAMADO, ESPESSURA 7MM","M2","315,98"]
["73838/1","PORTA DE VIDRO TEMPERADO, 0,9X2,10M, ESPESSURA 10MM, INCLUSIVE ACESSORIOS","UN","1.979,57"]
["74125/1","ESPELHO CRISTAL ESPESSURA 4MM, COM MOLDURA DE MADEIRA","M2","400,49"]
["74125/2","ESPELHO CRISTAL ESPESSURA 4MM, COM MOLDURA EM ALUMINIO E COMPENSADO 6MM PLASTIFICADO COLADO","M2","424,58"]
[84957,"VIDRO LISO COMUM TRANSPARENTE, ESPESSURA 5MM","M2","163,52"]
[84959,"VIDRO LISO COMUM TRANSPARENTE, ESPESSURA 6MM","M2","191,85"]
[85001,"VIDRO LISO FUME, ESPESSURA 4MM","M2","182,41"]
[85002,"VIDRO LISO FUME, ESPESSURA 6MM","M2","257,96"]
[85004,"VIDRO FANTASIA MARTELADO 4MM","M2","125,74"]
[85005,"ESPELHO CRISTAL, ESPESSURA 4MM, COM PARAFUSOS DE FIXACAO, SEM MOLDURA","M2","370,16"]
[68054,"PORTAO DE FERRO EM CHAPA GALVANIZADA PLANA 14 GSG","M2","200,10"]
["74100/1","PORTAO DE FERRO COM VARA 1/2\", COM REQUADRO","M2","406,88"]
["74238/2","PORTAO EM TELA ARAME GALVANIZADO N.12 MALHA 2\" E MOLDURA EM TUBOS DE ACO COM DUAS FOLHAS DE ABRIR, INCLUSO FERRAGENS","M2","595,12"]
[85188,"PORTAO EM TUBO DE ACO GALVANIZADO DIN 2440/NBR 5580, PAINEL UNICO, DIMENSOES 1,0X1,6M, INCLUSIVE CADEADO","UN","574,92"]
[85189,"PORTAO EM TUBO DE ACO GALVANIZADO DIN 2440/NBR 5580, PAINEL UNICO, DIMENSOES 4,0X1,2M, INCLUSIVE CADEADO","UN","1.157,74"]
[85010,"CAIXILHO FIXO, DE ALUMINIO, PARA VIDRO","M2","430,86"]
[85014,"CAIXILHO FIXO, DE ALUMINIO, COM TELA DE METAL FIO 12 MALHA 3X3CM","M2","527,04"]
[94569,"JANELA DE ALUMÍNIO MAXIM-AR, FIXAÇÃO COM PARAFUSO SOBRE CONTRAMARCO (EXCLUSIVE CONTRAMARCO), COM VIDROS, PADRONIZADA. AF_07/2016","M2","588,07"]
[94570,"JANELA DE ALUMÍNIO DE CORRER, 2 FOLHAS, FIXAÇÃO COM PARAFUSO SOBRE CONTRAMARCO (EXCLUSIVE CONTRAMARCO), COM VIDROS PADRONIZADA. AF_07/2016","M2","379,17"]
[94572,"JANELA DE ALUMÍNIO DE CORRER, 3 FOLHAS, FIXAÇÃO COM PARAFUSO SOBRE CONTRAMARCO (EXCLUSIVE CONTRAMARCO), COM VIDROS, PADRONIZADA. AF_07/2016","M2","573,90"]
[94573,"JANELA DE ALUMÍNIO DE CORRER, 4 FOLHAS, FIXAÇÃO COM PARAFUSO SOBRE CONTRAMARCO (EXCLUSIVE CONTRAMARCO), COM VIDROS, PADRONIZADA. AF_07/2016","M2","435,16"]
[94574,"JANELA DE ALUMÍNIO DE CORRER, 6 FOLHAS, FIXAÇÃO COM PARAFUSO SOBRE CONTRAMARCO (EXCLUSIVE CONTRAMARCO), COM VIDROS, PADRONIZADA. AF_07/2016","M2","645,95"]
[94575,"JANELA DE ALUMÍNIO MAXIM-AR, FIXAÇÃO COM PARAFUSO, VEDAÇÃO COM ESPUMA EXPANSIVA PU, COM VIDROS, PADRONIZADA. AF_07/2016","M2","622,54"]
[94576,"JANELA DE ALUMÍNIO DE CORRER, 2 FOLHAS, FIXAÇÃO COM PARAFUSO, VEDAÇÃO COM ESPUMA EXPANSIVA PU, COM VIDROS, PADRONIZADA. AF_07/2016","M2","388,92"]
[94578,"JANELA DE ALUMÍNIO DE CORRER, 3 FOLHAS, FIXAÇÃO COM PARAFUSO, VEDAÇÃO COM ESPUMA EXPANSIVA PU, COM VIDROS, PADRONIZADA. AF_07/2016","M2","583,81"]
[94579,"JANELA DE ALUMÍNIO DE CORRER, 4 FOLHAS, FIXAÇÃO COM PARAFUSO, VEDAÇÃO COM ESPUMA EXPANSIVA PU, COM VIDROS, PADRONIZADA. AF_07/2016","M2","445,75"]
[94580,"JANELA DE ALUMÍNIO DE CORRER, 6 FOLHAS, FIXAÇÃO COM PARAFUSO, VEDAÇÃO COM ESPUMA EXPANSIVA PU, COM VIDROS, PADRONIZADA. AF_07/2016","M2","656,19"]
[94581,"JANELA DE ALUMÍNIO MAXIM-AR, FIXAÇÃO COM ARGAMASSA, COM VIDROS, PADRONIZADA. AF_07/2016","M2","620,06"]
[94582,"JANELA DE ALUMÍNIO DE CORRER, 2 FOLHAS, FIXAÇÃO COM ARGAMASSA, COM VIDROS, PADRONIZADA. AF_07/2016","M2","388,25"]
[94584,"JANELA DE ALUMÍNIO DE CORRER, 3 FOLHAS, FIXAÇÃO COM ARGAMASSA, COM VIDROS, PADRONIZADA. AF_07/2016","M2","588,39"]
[94585,"JANELA DE ALUMÍNIO DE CORRER, 4 FOLHAS, FIXAÇÃO COM ARGAMASSA, COM VIDROS, PADRONIZADA. AF_07/2016","M2","444,44"]
[94586,"JANELA DE ALUMÍNIO 6 FOLHAS, FIXAÇÃO COM ARGAMASSA, COM VIDROS, PADRONIZADA. AF_07/2016","M2","661,62"]
["73908/1","CANTONEIRA DE ALUMINIO 2\"X2\", PARA PROTECAO DE QUINA DE PAREDE","M","34,98"]
["73908/2","CANTONEIRA DE ALUMINIO 1\"X1”, PARA PROTECAO DE QUINA DE PAREDE","M","27,67"]
[85015,"CANTONEIRA DE MADEIRA 3,0X3,0X1,0CM","M","18,23"]
[85016,"CANTONEIRA DE MADEIRA COM LAMINADO MELAMINICO FOSCO 3,0X3,0X1,0CM","M","23,16"]
[79475,"ESCAVACAO MANUAL CAMPO ABERTO P/TUBULAO - FUSTE E/OU BASE (PARA TODAS AS PROFUNDIDADES)","M3","280,30"]
[97751,"TUBULÃO A CÉU ABERTO, DIÂMETRO DO FUSTE DE 70 CM, PROFUNDIDADE MENOR OU IGUAL A 5 M, ESCAVAÇÃO MANUAL, SEM ALARGAMENTO DE BASE, CONCRETO FEITO EM OBRA E LANÇADO COM JERICA. AF_01/2018","M3","569,63"]
[97752,"TUBULÃO A CÉU ABERTO, DIÂMETRO DO FUSTE DE 80 CM, PROFUNDIDADE MENOR OU IGUAL A 5 M, ESCAVAÇÃO MANUAL, SEM ALARGAMENTO DE BASE, CONCRETO FEITO EM OBRA E LANÇADO COM JERICA. AF_01/2018","M3","541,68"]
[97753,"TUBULÃO A CÉU ABERTO, DIÂMETRO DO FUSTE DE 100 CM, PROFUNDIDADE MENOR OU IGUAL A 5 M, ESCAVAÇÃO MANUAL, SEM ALARGAMENTO DE BASE, CONCRETO FEITO EM OBRA E LANÇADO COM JERICA. AF_01/2018","M3","502,60"]
[97754,"TUBULÃO A CÉU ABERTO, DIÂMETRO DO FUSTE DE 120 CM, PROFUNDIDADE MENOR OU IGUAL A 5 M, ESCAVAÇÃO MANUAL, SEM ALARGAMENTO DE BASE, CONCRETO FEITO EM OBRA E LANÇADO COM JERICA. AF_01/2018","M3","476,95"]
[97755,"TUBULÃO A CÉU ABERTO, DIÂMETRO DO FUSTE DE 70 CM, PROFUNDIDADE MAIOR QUE 5 M E MENOR OU IGUAL A 10 M, ESCAVAÇÃO MANUAL, SEM ALARGAMENTO DE BASE, CONCRETO FEITO EM OBRA E LANÇADO COM JERICA. AF_01/2018","M3","553,34"]
[97756,"TUBULÃO A CÉU ABERTO, DIÂMETRO DO FUSTE DE 80 CM, PROFUNDIDADE MAIOR QUE 5 M E MENOR OU IGUAL A 10 M, ESCAVAÇÃO MANUAL, SEM ALARGAMENTO DE BASE, CONCRETO FEITO EM OBRA E LANÇADO COM JERICA. AF_01/2018","M3","527,98"]
[97757,"TUBULÃO A CÉU ABERTO, DIÂMETRO DO FUSTE DE 100 CM, PROFUNDIDADE MAIOR QUE 5 M E MENOR OU IGUAL A 10 M, ESCAVAÇÃO MANUAL, SEM ALARGAMENTO DE BASE, CONCRETO FEITO EM OBRA E LANÇADO COM JERICA. AF_01/2018","M3","485,97"]
[97758,"TUBULÃO A CÉU ABERTO, DIÂMETRO DO FUSTE DE 120 CM, PROFUNDIDADE MAIOR QUE 5 M E MENOR OU IGUAL A 10 M, ESCAVAÇÃO MANUAL, SEM ALARGAMENTO DE BASE, CONCRETO FEITO EM OBRA E LANÇADO COM JERICA. AF_01/2018","M3","454,71"]
[97759,"TUBULÃO A CÉU ABERTO, DIÂMETRO DO FUSTE DE 70 CM, PROFUNDIDADE MAIOR QUE 10 M, ESCAVAÇÃO MANUAL, SEM ALARGAMENTO DE BASE, CONCRETO FEITO EM OBRA E LANÇADO COM JERICA. AF_01/2018","M3","552,23"]
[97760,"TUBULÃO A CÉU ABERTO, DIÂMETRO DO FUSTE DE 80 CM, PROFUNDIDADE MAIOR QUE 10 M, ESCAVAÇÃO MANUAL, SEM ALARGAMENTO DE BASE, CONCRETO FEITO EM OBRA E LANÇADO COM JERICA. AF_01/2018","M3","519,63"]
[97761,"TUBULÃO A CÉU ABERTO, DIÂMETRO DO FUSTE DE 100 CM, PROFUNDIDADE MAIOR QUE 10 M, ESCAVAÇÃO MANUAL, SEM ALARGAMENTO DE BASE, CONCRETO FEITO EM OBRA E LANÇADO COM JERICA. AF_01/2018","M3","473,13"]
[97762,"TUBULÃO A CÉU ABERTO, DIÂMETRO DO FUSTE DE 120 CM, PROFUNDIDADE MAIOR QUE 10 M, ESCAVAÇÃO MANUAL, SEM ALARGAMENTO DE BASE, CONCRETO FEITO EM OBRA E LANÇADO COM JERICA. AF_01/2018","M3","438,23"]
[97763,"TUBULÃO A CÉU ABERTO, DIÂMETRO DO FUSTE DE 70 CM, PROFUNDIDADE MENOR OU IGUAL A 5 M, ESCAVAÇÃO MECÂNICA, SEM ALARGAMENTO DE BASE, CONCRETO FEITO EM OBRA E LANÇADO COM JERICA. AF_01/2018","M3","540,65"]
[97764,"TUBULÃO A CÉU ABERTO, DIÂMETRO DO FUSTE DE 80 CM, PROFUNDIDADE MENOR OU IGUAL A 5 M, ESCAVAÇÃO MECÂNICA, SEM ALARGAMENTO DE BASE, CONCRETO FEITO EM OBRA E LANÇADO COM JERICA. AF_01/2018","M3","474,23"]
[97765,"TUBULÃO A CÉU ABERTO, DIÂMETRO DO FUSTE DE 100 CM, PROFUNDIDADE MENOR OU IGUAL A 5 M, ESCAVAÇÃO MECÂNICA, SEM ALARGAMENTO DE BASE, CONCRETO FEITO EM OBRA E LANÇADO COM JERICA. AF_01/2018","M3","448,66"]
[97766,"TUBULÃO A CÉU ABERTO, DIÂMETRO DO FUSTE DE 120 CM, PROFUNDIDADE MENOR OU IGUAL A 5 M, ESCAVAÇÃO MECÂNICA, SEM ALARGAMENTO DE BASE, CONCRETO FEITO EM OBRA E LANÇADO COM JERICA. AF_01/2018","M3","432,59"]
[97767,"TUBULÃO A CÉU ABERTO, DIÂMETRO DO FUSTE DE 70 CM, PROFUNDIDADE MAIOR QUE 5 M E MENOR OU IGUAL A 10 M, ESCAVAÇÃO MECÂNICA, SEM ALARGAMENTO DE BASE, CONCRETO FEITO EM OBRA E LANÇADO COM JERICA. AF_01/2018","M3","449,30"]
[97768,"TUBULÃO A CÉU ABERTO, DIÂMETRO DO FUSTE DE 80 CM, PROFUNDIDADE MAIOR QUE 5 M E MENOR OU IGUAL A 10 M, ESCAVAÇÃO MECÂNICA, SEM ALARGAMENTO DE BASE, CONCRETO FEITO EM OBRA E LANÇADO COM JERICA. AF_01/2018","M3","438,52"]
[97769,"TUBULÃO A CÉU ABERTO, DIÂMETRO DO FUSTE DE 100 CM, PROFUNDIDADE MAIOR QUE 5 M E MENOR OU IGUAL A 10 M, ESCAVAÇÃO MECÂNICA, SEM ALARGAMENTO DE BASE, CONCRETO FEITO EM OBRA E LANÇADO COM JERICA. AF_01/2018","M3","416,41"]
[97770,"TUBULÃO A CÉU ABERTO, DIÂMETRO DO FUSTE DE 120 CM, PROFUNDIDADE MAIOR QUE 5 M E MENOR OU IGUAL A 10 M, ESCAVAÇÃO MECÂNICA, SEM ALARGAMENTO DE BASE, CONCRETO FEITO EM OBRA E LANÇADO COM JERICA. AF_01/2018","M3","397,97"]
[97771,"TUBULÃO A CÉU ABERTO, DIÂMETRO DO FUSTE DE 70 CM, PROFUNDIDADE MAIOR QUE 10 M, ESCAVAÇÃO MECÂNICA, SEM ALARGAMENTO DE BASE, CONCRETO FEITO EM OBRA E LANÇADO COM JERICA. AF_01/2018","M3","431,80"]
[97772,"TUBULÃO A CÉU ABERTO, DIÂMETRO DO FUSTE DE 80 CM, PROFUNDIDADE MAIOR QUE 10 M, ESCAVAÇÃO MECÂNICA, SEM ALARGAMENTO DE BASE, CONCRETO FEITO EM OBRA E LANÇADO COM JERICA. AF_01/2018","M3","417,19"]
[97773,"TUBULÃO A CÉU ABERTO, DIÂMETRO DO FUSTE DE 100 CM, PROFUNDIDADE MAIOR QUE 10 M, ESCAVAÇÃO MECÂNICA, SEM ALARGAMENTO DE BASE, CONCRETO FEITO EM OBRA E LANÇADO COM JERICA. AF_01/2018","M3","394,40"]
[97774,"TUBULÃO A CÉU ABERTO, DIÂMETRO DO FUSTE DE 120 CM, PROFUNDIDADE MAIOR QUE 10 M, ESCAVAÇÃO MECÂNICA, SEM ALARGAMENTO DE BASE, CONCRETO FEITO EM OBRA E LANÇADO COM JERICA. AF_01/2018","M3","374,64"]
[97775,"TUBULÃO A CÉU ABERTO, DIÂMETRO DO FUSTE DE 70 CM, PROFUNDIDADE MENOR OU IGUAL A 5 M, ESCAVAÇÃO MANUAL, SEM ALARGAMENTO DE BASE, CONCRETO USINADO E LANÇADO COM BOMBA OU DIRETAMENTE DO CAMINHÃO. AF_01/2018","M3","523,43"]
[97776,"TUBULÃO A CÉU ABERTO, DIÂMETRO DO FUSTE DE 80 CM, PROFUNDIDADE MENOR OU IGUAL A 5 M, ESCAVAÇÃO MANUAL, SEM ALARGAMENTO DE BASE, CONCRETO USINADO E LANÇADO COM BOMBA OU DIRETAMENTE DO CAMINHÃO. AF_01/2018","M3","495,77"]
[97777,"TUBULÃO A CÉU ABERTO, DIÂMETRO DO FUSTE DE 100 CM, PROFUNDIDADE MENOR OU IGUAL A 5 M, ESCAVAÇÃO MANUAL, SEM ALARGAMENTO DE BASE, CONCRETO USINADO E LANÇADO COM BOMBA OU DIRETAMENTE DO CAMINHÃO. AF_01/2018","M3","457,68"]
[97778,"TUBULÃO A CÉU ABERTO, DIÂMETRO DO FUSTE DE 120 CM, PROFUNDIDADE MENOR OU IGUAL A 5 M, ESCAVAÇÃO MANUAL, SEM ALARGAMENTO DE BASE, CONCRETO USINADO E LANÇADO COM BOMBA OU DIRETAMENTE DO CAMINHÃO. AF_01/2018","M3","433,08"]
[97779,"TUBULÃO A CÉU ABERTO, DIÂMETRO DO FUSTE DE 70 CM, PROFUNDIDADE MAIOR QUE 5 M E MENOR OU IGUAL A 10 M, ESCAVAÇÃO MANUAL, SEM ALARGAMENTO DE BASE, CONCRETO USINADO E LANÇADO COM BOMBA OU DIRETAMENTE DO CAMINHÃO. AF_01/2018","M3","502,80"]
[97780,"TUBULÃO A CÉU ABERTO, DIÂMETRO DO FUSTE DE 80 CM, PROFUNDIDADE MAIOR QUE 5 M E MENOR OU IGUAL A 10 M, ESCAVAÇÃO MANUAL, SEM ALARGAMENTO DE BASE, CONCRETO USINADO E LANÇADO COM BOMBA OU DIRETAMENTE DO CAMINHÃO. AF_01/2018","M3","478,12"]
[97781,"TUBULÃO A CÉU ABERTO, DIÂMETRO DO FUSTE DE 100 CM, PROFUNDIDADE MAIOR QUE 5 M E MENOR OU IGUAL A 10 M, ESCAVAÇÃO MANUAL, SEM ALARGAMENTO DE BASE, CONCRETO USINADO E LANÇADO COM BOMBA OU DIRETAMENTE DO CAMINHÃO. AF_01/2018","M3","438,09"]
[97782,"TUBULÃO A CÉU ABERTO, DIÂMETRO DO FUSTE DE 120 CM, PROFUNDIDADE MAIOR QUE 5 M E MENOR OU IGUAL A 10 M, ESCAVAÇÃO MANUAL, SEM ALARGAMENTO DE BASE, CONCRETO USINADO E LANÇADO COM BOMBA OU DIRETAMENTE DO CAMINHÃO. AF_01/2018","M3","408,74"]
[97783,"TUBULÃO A CÉU ABERTO, DIÂMETRO DO FUSTE DE 70 CM, PROFUNDIDADE MAIOR QUE 10 M, ESCAVAÇÃO MANUAL, SEM ALARGAMENTO DE BASE, CONCRETO USINADO E LANÇADO COM BOMBA OU DIRETAMENTE DO CAMINHÃO. AF_01/2018","M3","502,85"]
[97784,"TUBULÃO A CÉU ABERTO, DIÂMETRO DO FUSTE DE 80 CM, PROFUNDIDADE MAIOR QUE 10 M, ESCAVAÇÃO MANUAL, SEM ALARGAMENTO DE BASE, CONCRETO USINADO E LANÇADO COM BOMBA OU DIRETAMENTE DO CAMINHÃO. AF_01/2018","M3","471,63"]
[97785,"TUBULÃO A CÉU ABERTO, DIÂMETRO DO FUSTE DE 100 CM, PROFUNDIDADE MAIOR QUE 10 M, ESCAVAÇÃO MANUAL, SEM ALARGAMENTO DE BASE, CONCRETO USINADO E LANÇADO COM BOMBA OU DIRETAMENTE DO CAMINHÃO. AF_01/2018","M3","427,50"]
[97786,"TUBULÃO A CÉU ABERTO, DIÂMETRO DO FUSTE DE 120 CM, PROFUNDIDADE MAIOR QUE 10 M, ESCAVAÇÃO MANUAL, SEM ALARGAMENTO DE BASE, CONCRETO USINADO E LANÇADO COM BOMBA OU DIRETAMENTE DO CAMINHÃO. AF_01/2018","M3","394,81"]
[97787,"TUBULÃO A CÉU ABERTO, DIÂMETRO DO FUSTE DE 70 CM, PROFUNDIDADE MENOR OU IGUAL A 5 M, ESCAVAÇÃO MECÂNICA, SEM ALARGAMENTO DE BASE, CONCRETO USINADO E LANÇADO COM BOMBA OU DIRETAMENTE DO CAMINHÃO. AF_01/2018","M3","446,99"]
[97788,"TUBULÃO A CÉU ABERTO, DIÂMETRO DO FUSTE DE 80 CM, PROFUNDIDADE MENOR OU IGUAL A 5 M, ESCAVAÇÃO MECÂNICA, SEM ALARGAMENTO DE BASE, CONCRETO USINADO E LANÇADO COM BOMBA OU DIRETAMENTE DO CAMINHÃO. AF_01/2018","M3","428,32"]
[97789,"TUBULÃO A CÉU ABERTO, DIÂMETRO DO FUSTE DE 100 CM, PROFUNDIDADE MENOR OU IGUAL A 5 M, ESCAVAÇÃO MECÂNICA, SEM ALARGAMENTO DE BASE, CONCRETO USINADO E LANÇADO COM BOMBA OU DIRETAMENTE DO CAMINHÃO. AF_01/2018","M3","403,74"]
[97790,"TUBULÃO A CÉU ABERTO, DIÂMETRO DO FUSTE DE 120 CM, PROFUNDIDADE MENOR OU IGUAL A 5 M, ESCAVAÇÃO MECÂNICA, SEM ALARGAMENTO DE BASE, CONCRETO USINADO E LANÇADO COM BOMBA OU DIRETAMENTE DO CAMINHÃO. AF_01/2018","M3","388,72"]
[97791,"TUBULÃO A CÉU ABERTO, DIÂMETRO DO FUSTE DE 70 CM, PROFUNDIDADE MAIOR QUE 5 M E MENOR OU IGUAL A 10M, ESCAVAÇÃO MECÂNICA, SEM ALARGAMENTO DE BASE, CONCRETO USINADO E LANÇADO COM BOMBA OU DIRETAMENTE DO CAMINHÃO. AF_01/2018","M3","398,76"]
[97792,"TUBULÃO A CÉU ABERTO, DIÂMETRO DO FUSTE DE 80 CM, PROFUNDIDADE MAIOR QUE 5 M E MENOR OU IGUAL A 10M, ESCAVAÇÃO MECÂNICA, SEM ALARGAMENTO DE BASE, CONCRETO USINADO E LANÇADO COM BOMBA OU DIRETAMENTE DO CAMINHÃO. AF_01/2018","M3","388,66"]
[97793,"TUBULÃO A CÉU ABERTO, DIÂMETRO DO FUSTE DE 100 CM, PROFUNDIDADE MAIOR QUE 5 M E MENOR OU IGUAL A 10M, ESCAVAÇÃO MECÂNICA, SEM ALARGAMENTO DE BASE, CONCRETO USINADO E LANÇADO COM BOMBA OU DIRETAMENTE DO CAMINHÃO. AF_01/2018","M3","368,53"]
[97794,"TUBULÃO A CÉU ABERTO, DIÂMETRO DO FUSTE DE 120 CM, PROFUNDIDADE MAIOR QUE 5 M E MENOR OU IGUAL A 10M, ESCAVAÇÃO MECÂNICA, SEM ALARGAMENTO DE BASE, CONCRETO USINADO E LANÇADO COM BOMBA OU DIRETAMENTE DO CAMINHÃO. AF_01/2018","M3","352,00"]
[97795,"TUBULÃO A CÉU ABERTO, DIÂMETRO DO FUSTE DE 70 CM, PROFUNDIDADE MAIOR QUE 10M, ESCAVAÇÃO MECÂNICA, SEM ALARGAMENTO DE BASE, CONCRETO USINADO E LANÇADO COM BOMBA OU DIRETAMENTE DO CAMINHÃO. AF_01/2018","M3","382,42"]
[97796,"TUBULÃO A CÉU ABERTO, DIÂMETRO DO FUSTE DE 80 CM, PROFUNDIDADE MAIOR QUE 10M, ESCAVAÇÃO MECÂNICA, SEM ALARGAMENTO DE BASE, CONCRETO USINADO E LANÇADO COM BOMBA OU DIRETAMENTE DO CAMINHÃO. AF_01/2018","M3","369,19"]
[97797,"TUBULÃO A CÉU ABERTO, DIÂMETRO DO FUSTE DE 100 CM, PROFUNDIDADE MAIOR QUE 10M, ESCAVAÇÃO MECÂNICA, SEM ALARGAMENTO DE BASE, CONCRETO USINADO E LANÇADO COM BOMBA OU DIRETAMENTE DO CAMINHÃO. AF_01/2018","M3","348,77"]
[97798,"TUBULÃO A CÉU ABERTO, DIÂMETRO DO FUSTE DE 120 CM, PROFUNDIDADE MAIOR QUE 10M, ESCAVAÇÃO MECÂNICA, SEM ALARGAMENTO DE BASE, CONCRETO USINADO E LANÇADO COM BOMBA OU DIRETAMENTE DO CAMINHÃO. AF_01/2018","M3","331,22"]
[97799,"ALARGAMENTO DE BASE DE TUBULÃO A CÉU ABERTO, ESCAVAÇÃO MANUAL, CONCRETO FEITO EM OBRA E LANÇADO COM JERICA. AF_01/2018","M3","498,48"]
[97800,"ALARGAMENTO DE BASE DE TUBULÃO A CÉU ABERTO, ESCAVAÇÃO MANUAL, CONCRETO USINADO E LANÇADO COM BOMBA OU DIRETAMENTE DO CAMINHÃO. AF_01/2018","M3","455,27"]
[89198,"ESTACA PRÉ-MOLDADA DE CONCRETO, SEÇÃO QUADRADA, CAPACIDADE DE 25 TONELADAS, COMPRIMENTO TOTAL CRAVADO ATÉ 5M, BATE-ESTACAS POR GRAVIDADE SOBRE ROLOS (EXCLUSIVE MOBILIZAÇÃO E DESMOBILIZAÇÃO). AF_03/2016","M","75,44"]
[89199,"ESTACA PRÉ-MOLDADA DE CONCRETO, SEÇÃO QUADRADA, CAPACIDADE DE 50 TONELADAS, COMPRIMENTO TOTAL CRAVADO ATÉ 5M, BATE-ESTACAS POR GRAVIDADE SOBRE ROLOS (EXCLUSIVE MOBILIZAÇÃO E DESMOBILIZAÇÃO). AF_03/2016","M","99,05"]
[89200,"ESTACA PRÉ-MOLDADA DE CONCRETO CENTRIFUGADO, SEÇÃO CIRCULAR, CAPACIDADE DE 100 TONELADAS, COMPRIMENTO TOTAL CRAVADO ATÉ 5M, BATE-ESTACAS POR GRAVIDADE SOBRE ROLOS (EXCLUSIVE MOBILIZAÇÃO E DESMOBILIZAÇÃO). AF_03/2016","M","230,77"]
[89201,"ESTACA PRÉ-MOLDADA DE CONCRETO, SEÇÃO QUADRADA, CAPACIDADE DE 25 TONELADAS, COMPRIMENTO TOTAL CRAVADO ACIMA DE 5M ATÉ 12M, BATE-ESTACAS POR GRAVIDADE SOBRE ROLOS (EXCLUSIVE MOBILIZAÇÃO E DESMOBILIZAÇÃO). AF_03/2016","M","59,78"]
[89202,"ESTACA PRÉ-MOLDADA DE CONCRETO, SEÇÃO QUADRADA, CAPACIDADE DE 50 TONELADAS, COMPRIMENTO TOTAL CRAVADO ACIMA DE 5M ATÉ 12M, BATE-ESTACAS POR GRAVIDADE SOBRE ROLOS (EXCLUSIVE MOBILIZAÇÃO E DESMOBILIZAÇÃO). AF_03/2016","M","77,22"]
[89203,"ESTACA PRÉ-MOLDADA DE CONCRETO CENTRIFUGADO, SEÇÃO CIRCULAR, CAPACIDADE DE 100 TONELADAS, COMPRIMENTO TOTAL CRAVADO ACIMA DE 5M ATÉ 12M, BATE-ESTACAS POR GRAVIDADE SOBRE ROLOS (EXCLUSIVE MOBILIZAÇÃO E DESMOBILIZAÇÃO). AF_03/2016","M","179,06"]
[89204,"ESTACA PRÉ-MOLDADA DE CONCRETO, SEÇÃO QUADRADA, CAPACIDADE DE 25 TONELADAS COMPRIMENTO TOTAL CRAVADO ACIMA DE 12M, BATE-ESTACAS POR GRAVIDADE SOBRE ROLOS (EXCLUSIVE MOBILIZAÇÃO E DESMOBILIZAÇÃO). AF_03/2016","M","54,06"]
[89205,"ESTACA PRÉ-MOLDADA DE CONCRETO, SEÇÃO QUADRADA, CAPACIDADE DE 50 TONELADAS, COMPRIMENTO TOTAL CRAVADO ACIMA DE 12M, BATE-ESTACAS POR GRAVIDADE SOBRE ROLOS (EXCLUSIVE MOBILIZAÇÃO E DESMOBILIZAÇÃO). AF_03/2016","M","70,53"]
[89206,"ESTACA PRÉ-MOLDADA DE CONCRETO CENTRIFUGADO, SEÇÃO CIRCULAR, CAPACIDADE DE 100 TONELADAS, COMPRIMENTO TOTAL CRAVADO ACIMA DE 12M, BATE-ESTACAS POR GRAVIDADE SOBRE ROLOS (EXCLUSIVE MOBILIZAÇÃO E DESMOBILIZAÇÃO). AF_03/2016","M","166,56"]
[90808,"ESTACA HÉLICE CONTÍNUA, DIÂMETRO DE 30 CM, COMPRIMENTO TOTAL ATÉ 15 M, PERFURATRIZ COM TORQUE DE 170 KN.M (EXCLUSIVE MOBILIZAÇÃO E DESMOBILIZAÇÃO). AF_02/2015","M","55,39"]
[90809,"ESTACA HÉLICE CONTÍNUA, DIÂMETRO DE 30 CM, COMPRIMENTO TOTAL ACIMA DE 15 M ATÉ 20 M, PERFURATRIZ COM TORQUE DE 170 KN.M (EXCLUSIVE MOBILIZAÇÃO E DESMOBILIZAÇÃO). AF_02/2015","M","53,30"]
[90810,"ESTACA HÉLICE CONTÍNUA, DIÂMETRO DE 50 CM, COMPRIMENTO TOTAL ATÉ 15 M, PERFURATRIZ COM TORQUE DE 170 KN.M (EXCLUSIVE MOBILIZAÇÃO E DESMOBILIZAÇÃO). AF_02/2015","M","116,16"]
[90811,"ESTACA HÉLICE CONTÍNUA, DIÂMETRO DE 50 CM, COMPRIMENTO TOTAL ACIMA DE 15 M ATÉ 30 M, PERFURATRIZ COM TORQUE DE 170 KN.M (EXCLUSIVE MOBILIZAÇÃO E DESMOBILIZAÇÃO). AF_02/2015","M","109,86"]
[90812,"ESTACA HÉLICE CONTÍNUA, DIÂMETRO DE 70 CM, COMPRIMENTO TOTAL ATÉ 15 M, PERFURATRIZ COM TORQUE DE 170 KN.M (EXCLUSIVE MOBILIZAÇÃO E DESMOBILIZAÇÃO). AF_02/2015","M","197,68"]
[90813,"ESTACA HÉLICE CONTÍNUA, DIÂMETRO DE 70 CM, COMPRIMENTO TOTAL ACIMA DE 15 M ATÉ 30 M, PERFURATRIZ COM TORQUE DE 170 KN.M (EXCLUSIVE MOBILIZAÇÃO E DESMOBILIZAÇÃO). AF_02/2015","M","189,04"]
[90814,"ESTACA HÉLICE CONTÍNUA, DIÂMETRO DE 80 CM, COMPRIMENTO TOTAL ATÉ 30 M, PERFURATRIZ COM TORQUE DE 170 KN.M (EXCLUSIVE MOBILIZAÇÃO E DESMOBILIZAÇÃO). AF_02/2015","M","237,88"]
[90815,"ESTACA HÉLICE CONTÍNUA, DIÂMETRO DE 90 CM, COMPRIMENTO TOTAL ATÉ 30 M, PERFURATRIZ COM TORQUE DE 263 KN.M (EXCLUSIVE MOBILIZAÇÃO E DESMOBILIZAÇÃO). AF_02/2015","M","288,24"]
[90877,"ESTACA ESCAVADA MECANICAMENTE, SEM FLUIDO ESTABILIZANTE, COM 25 CM DE DIÂMETRO, ATÉ 9 M DE COMPRIMENTO, CONCRETO LANÇADO POR CAMINHÃO BETONEIRA (EXCLUSIVE MOBILIZAÇÃO E DESMOBILIZAÇÃO). AF_02/2015","M","35,61"]
[90878,"ESTACA ESCAVADA MECANICAMENTE, SEM FLUIDO ESTABILIZANTE, COM 25 CM DE DIÂMETRO, ACIMA DE 9 M DE COMPRIMENTO, CONCRETO LANÇADO POR CAMINHÃO BETONEIRA (EXCLUSIVE MOBILIZAÇÃO E DESMOBILIZAÇÃO). AF_02/2015","M","34,05"]
[90880,"ESTACA ESCAVADA MECANICAMENTE, SEM FLUIDO ESTABILIZANTE, COM 25 CM DE DIÂMETRO, ATÉ 9 M DE COMPRIMENTO, CONCRETO LANÇADO MANUALMENTE (EXCLUSIVE MOBILIZAÇÃO E DESMOBILIZAÇÃO). AF_02/2015","M","46,87"]
[90881,"ESTACA ESCAVADA MECANICAMENTE, SEM FLUIDO ESTABILIZANTE, COM 25 CM DE DIÂMETRO, ACIMA DE 9 M DE COMPRIMENTO, CONCRETO LANÇADO MANUALMENTE (EXCLUSIVE MOBILIZAÇÃO E DESMOBILIZAÇÃO). AF_02/2015","M","43,13"]
[90883,"ESTACA ESCAVADA MECANICAMENTE, SEM FLUIDO ESTABILIZANTE, COM 40 CM DE DIÂMETRO, ATÉ 9 M DE COMPRIMENTO, CONCRETO LANÇADO POR CAMINHÃO BETONEIRA (EXCLUSIVE MOBILIZAÇÃO E DESMOBILIZAÇÃO). AF_02/2015","M","58,81"]
[90884,"ESTACA ESCAVADA MECANICAMENTE, SEM FLUIDO ESTABILIZANTE, COM 40 CM DE DIÂMETRO, ACIMA DE 9 M ATÉ 15 M DE COMPRIMENTO, CONCRETO LANÇADO POR CAMINHÃO BETONEIRA (EXCLUSIVE MOBILIZAÇÃO E DESMOBILIZAÇÃO). AF_02/2015","M","57,02"]
[90885,"ESTACA ESCAVADA MECANICAMENTE, SEM FLUIDO ESTABILIZANTE, COM 40 CM DE DIÂMETRO, ACIMA DE 15 M DE COMPRIMENTO, CONCRETO LANÇADO POR CAMINHÃO BETONEIRA (EXCLUSIVE MOBILIZAÇÃO E DESMOBILIZAÇÃO). AF_02/2015","M","56,23"]
[90886,"ESTACA ESCAVADA MECANICAMENTE, SEM FLUIDO ESTABILIZANTE, COM 60 CM DE DIÂMETRO, ATÉ 9 M DE COMPRIMENTO, CONCRETO LANÇADO POR CAMINHÃO BETONEIRA (EXCLUSIVE MOBILIZAÇÃO E DESMOBILIZAÇÃO). AF_02/2015","M","112,40"]
[90887,"ESTACA ESCAVADA MECANICAMENTE, SEM FLUIDO ESTABILIZANTE, COM 60 CM DE DIÂMETRO, ACIMA DE 9 M ATÉ 15 M DE COMPRIMENTO, CONCRETO LANÇADO POR CAMINHÃO BETONEIRA (EXCLUSIVE MOBILIZAÇÃO E DESMOBILIZAÇÃO). AF_02/2015","M","110,45"]
[90888,"ESTACA ESCAVADA MECANICAMENTE, SEM FLUIDO ESTABILIZANTE, COM 60 CM DE DIÂMETRO, ACIMA DE 15 M DE COMPRIMENTO, CONCRETO LANÇADO POR CAMINHÃO BETONEIRA (EXCLUSIVE MOBILIZAÇÃO E DESMOBILIZAÇÃO). AF_02/2015","M","109,60"]
[90889,"ESTACA ESCAVADA MECANICAMENTE, SEM FLUIDO ESTABILIZANTE, COM 60 CM DE DIÂMETRO, ATÉ 9 M DE COMPRIMENTO, CONCRETO LANÇADO POR BOMBA LANÇA (EXCLUSIVE MOBILIZAÇÃO E DESMOBILIZAÇÃO). AF_02/2015","M","132,07"]
[90890,"ESTACA ESCAVADA MECANICAMENTE, SEM FLUIDO ESTABILIZANTE, COM 60 CM DE DIÂMETRO, ACIMA DE 9 M ATÉ 15 M DE COMPRIMENTO, CONCRETO LANÇADO POR BOMBA LANÇA (EXCLUSIVE MOBILIZAÇÃO E DESMOBILIZAÇÃO). AF_02/2015","M","129,18"]
[90891,"ESTACA ESCAVADA MECANICAMENTE, SEM FLUIDO ESTABILIZANTE, COM 60 CM DE DIÂMETRO, ACIMA DE 15 M DE COMPRIMENTO, CONCRETO LANÇADO POR BOMBA LANÇA (EXCLUSIVE MOBILIZAÇÃO E DESMOBILIZAÇÃO). AF_02/2015","M","127,89"]
[95601,"ARRASAMENTO MECANICO DE ESTACA DE CONCRETO ARMADO, DIAMETROS DE ATÉ 40 CM. AF_11/2016","UN","16,51"]
[95602,"ARRASAMENTO MECANICO DE ESTACA DE CONCRETO ARMADO, DIAMETROS DE 41 CM A 60 CM. AF_11/2016","UN","21,01"]
[95603,"ARRASAMENTO MECANICO DE ESTACA DE CONCRETO ARMADO, DIAMETROS DE 61 CM A 80 CM. AF_11/2016","UN","27,58"]
[95604,"ARRASAMENTO MECANICO DE ESTACA DE CONCRETO ARMADO, DIAMETROS DE 81 CM A 100 CM. AF_11/2016","UN","36,32"]
[95605,"ARRASAMENTO MECANICO DE ESTACA DE CONCRETO ARMADO, DIAMETROS DE 101 CM A 150 CM. AF_11/2016","UN","56,94"]
[95607,"ARRASAMENTO DE ESTACA METÁLICA, PERFIL LAMINADO TIPO “I” FAMÍLIA 250. AF_11/2016","UN","5,05"]
[95608,"ARRASAMENTO DE ESTACA METÁLICA, PERFIL LAMINADO TIPO “H” FAMÍLIA 250. AF_11/2016","UN","5,82"]
[95609,"ARRASAMENTO DE ESTACA METÁLICA, PERFIL LAMINADO TIPO “H” FAMÍLIA 310. AF_11/2016","UN","6,51"]
[96160,"ESTACA RAIZ, DIÂMETRO DE 20 CM, COMPRIMENTO DE ATÉ 10 M, SEM PRESENÇA DE ROCHA. AF_04/2017","M","159,19"]
[96161,"ESTACA RAIZ, DIÂMETRO DE 31 CM, COMPRIMENTO DE ATÉ 10 M, SEM PRESENÇA DE ROCHA. AF_05/2017","M","239,97"]
[96162,"ESTACA RAIZ, DIÂMETRO DE 40 CM, COMPRIMENTO DE ATÉ 10 M, SEM PRESENÇA DE ROCHA. AF_05/2017","M","317,08"]
[96163,"ESTACA RAIZ, DIÂMETRO DE 45 CM, COMPRIMENTO DE ATÉ 10 M, SEM PRESENÇA DE ROCHA. AF_05/2017","M","363,05"]
[96164,"ESTACA RAIZ, DIÂMETRO DE 20 CM, COMPRIMENTO DE 11 A 20 M, SEM PRESENÇA DE ROCHA. AF_05/2017","M","144,73"]
[96165,"ESTACA RAIZ, DIÂMETRO DE 31 CM, COMPRIMENTO DE 11 A 20 M, SEM PRESENÇA DE ROCHA. AF_05/2017","M","220,21"]
[96166,"ESTACA RAIZ, DIÂMETRO DE 40 CM, COMPRIMENTO DE 11 A 20 M, SEM PRESENÇA DE ROCHA. AF_05/2017","M","286,94"]
[96167,"ESTACA RAIZ, DIÂMETRO DE 45 CM, COMPRIMENTO DE 11 A 20 M, SEM PRESENÇA DE ROCHA. AF_05/2017","M","320,50"]
[96168,"ESTACA RAIZ, DIÂMETRO DE 20 CM, COMPRIMENTO DE 21 A 30 M, SEM PRESENÇA DE ROCHA. AF_05/2017","M","137,80"]
[96169,"ESTACA RAIZ, DIÂMETRO DE 31 CM, COMPRIMENTO DE 21 A 30 M, SEM PRESENÇA DE ROCHA. AF_05/2017","M","211,28"]
[96170,"ESTACA RAIZ, DIÂMETRO DE 40 CM, COMPRIMENTO DE 21 A 30 M, SEM PRESENÇA DE ROCHA. AF_05/2017","M","276,01"]
[96171,"ESTACA RAIZ, DIÂMETRO DE 45 CM, COMPRIMENTO DE 21 A 30 M, SEM PRESENÇA DE ROCHA. AF_05/2017","M","305,89"]
[96172,"ESTACA RAIZ, DIÂMETRO DE 20 CM, COMPRIMENTO DE ATÉ 10 M, COM PRESENÇA DE ROCHA. AF_05/2017","M","169,28"]
[96173,"ESTACA RAIZ, DIÂMETRO DE 31 CM, COMPRIMENTO DE ATÉ 10 M, COM PRESENÇA DE ROCHA. AF_05/2017","M","252,57"]
[96174,"ESTACA RAIZ, DIÂMETRO DE 40 CM, COMPRIMENTO DE ATÉ 10 M, COM PRESENÇA DE ROCHA. AF_05/2017","M","333,20"]
[96175,"ESTACA RAIZ, DIÂMETRO DE 45 CM, COMPRIMENTO DE ATÉ 10 M, COM PRESENÇA DE ROCHA. AF_05/2017","M","381,81"]
[96176,"ESTACA RAIZ, DIÂMETRO DE 20 CM, COMPRIMENTO DE 11 A 20 M, COM PRESENÇA DE ROCHA. AF_05/2017","M","151,41"]
[96177,"ESTACA RAIZ, DIÂMETRO DE 31 CM, COMPRIMENTO DE 11 A 20 M, COM PRESENÇA DE ROCHA. AF_05/2017","M","227,94"]
[96178,"ESTACA RAIZ, DIÂMETRO DE 40 CM, COMPRIMENTO DE 11 A 20 M, COM PRESENÇA DE ROCHA. AF_05/2017","M","296,07"]
[96179,"ESTACA RAIZ, DIÂMETRO DE 45 CM, COMPRIMENTO DE 11 A 20 M, COM PRESENÇA DE ROCHA. AF_05/2017","M","330,40"]
[96180,"ESTACA RAIZ, DIÂMETRO DE 20 CM, COMPRIMENTO DE 21 A 30 M, COM PRESENÇA DE ROCHA. AF_05/2017","M","142,70"]
[96181,"ESTACA RAIZ, DIÂMETRO DE 31 CM, COMPRIMENTO DE 21 A 30 M, COM PRESENÇA DE ROCHA. AF_05/2017","M","217,02"]
[96182,"ESTACA RAIZ, DIÂMETRO DE 40 CM, COMPRIMENTO DE 21 A 30 M, COM PRESENÇA DE ROCHA. AF_05/2017","M","281,55"]
[96183,"ESTACA RAIZ, DIÂMETRO DE 45 CM, COMPRIMENTO DE 21 A 30 M, COM PRESENÇA DE ROCHA. AF_05/2017","M","312,61"]
[98228,"ESTACA BROCA DE CONCRETO, DIÃMETRO DE 20 CM, PROFUNDIDADE DE ATÉ 3 M, ESCAVAÇÃO MANUAL COM TRADO CONCHA, NÃO ARMADA. AF_03/2018","M","42,61"]
[98229,"ESTACA BROCA DE CONCRETO, DIÃMETRO DE 25 CM, PROFUNDIDADE DE ATÉ 3 M, ESCAVAÇÃO MANUAL COM TRADO CONCHA, NÃO ARMADA. AF_03/2018","M","57,64"]
[98230,"ESTACA BROCA DE CONCRETO, DIÂMETRO DE 30 CM, PROFUNDIDADE DE ATÉ 3 M, ESCAVAÇÃO MANUAL COM TRADO CONCHA, NÃO ARMADA. AF_03/2018","M","78,24"]
[83534,"LASTRO DE CONCRETO, PREPARO MECÂNICO, INCLUSOS ADITIVO IMPERMEABILIZANTE, LANÇAMENTO E ADENSAMENTO","M3","445,50"]
[95240,"LASTRO DE CONCRETO MAGRO, APLICADO EM PISOS OU RADIERS, ESPESSURA DE 3 CM. AF_07/2016","M2","10,92"]
[95241,"LASTRO DE CONCRETO MAGRO, APLICADO EM PISOS OU RADIERS, ESPESSURA DE 5 CM. AF_07/2016","M2","18,21"]
[96616,"LASTRO DE CONCRETO MAGRO, APLICADO EM BLOCOS DE COROAMENTO OU SAPATAS. AF_08/2017","M3","380,35"]
[96617,"LASTRO DE CONCRETO MAGRO, APLICADO EM BLOCOS DE COROAMENTO OU SAPATAS, ESPESSURA DE 3 CM. AF_08/2017","M2","11,39"]
[96619,"LASTRO DE CONCRETO MAGRO, APLICADO EM BLOCOS DE COROAMENTO OU SAPATAS, ESPESSURA DE 5 CM. AF_08/2017","M2","19,00"]
[96620,"LASTRO DE CONCRETO MAGRO, APLICADO EM PISOS OU RADIERS. AF_08/2017","M3","364,46"]
[96621,"LASTRO COM MATERIAL GRANULAR, APLICAÇÃO EM BLOCOS DE COROAMENTO, ESPESSURA DE *5 CM*. AF_08/2017","M3","122,84"]
[96622,"LASTRO COM MATERIAL GRANULAR, APLICAÇÃO EM PISOS OU RADIERS, ESPESSURA DE *5 CM*. AF_08/2017","M3","76,12"]
[96623,"LASTRO COM MATERIAL GRANULAR, APLICADO EM BLOCOS DE COROAMENTO, ESPESSURA DE *10 CM*. AF_08/2017","M3","111,97"]
[96624,"LASTRO COM MATERIAL GRANULAR, APLICADO EM PISOS OU RADIERS, ESPESSURA DE *10 CM*. AF_08/2017","M3","72,28"]
[97082,"ESCAVAÇÃO MANUAL DE VIGA DE BORDA PARA RADIER. AF_09/2017","M3","38,82"]
[97083,"COMPACTAÇÃO MECÂNICA DE SOLO PARA EXECUÇÃO DE RADIER, COM COMPACTADOR DE SOLOS A PERCUSSÃO. AF_09/2017","M2","2,03"]
[97084,"COMPACTAÇÃO MECÂNICA DE SOLO PARA EXECUÇÃO DE RADIER, COM COMPACTADOR DE SOLOS TIPO PLACA VIBRATÓRIA. AF_09/2017","M2","0,42"]
[97086,"FABRICAÇÃO, MONTAGEM E DESMONTAGEM DE FORMA PARA RADIER, EM MADEIRA SERRADA, 4 UTILIZAÇÕES. AF_09/2017","M2","72,58"]
[97094,"CONCRETAGEM DE RADIER, PISO OU LAJE SOBRE SOLO, FCK 30 MPA, PARA ESPESSURA DE 10 CM - LANÇAMENTO, ADENSAMENTO E ACABAMENTO. AF_09/2017","M3","342,91"]
[97095,"CONCRETAGEM DE RADIER, PISO OU LAJE SOBRE SOLO, FCK 30 MPA, PARA ESPESSURA DE 15 CM - LANÇAMENTO, ADENSAMENTO E ACABAMENTO. AF_09/2017","M3","321,85"]
[97096,"CONCRETAGEM DE RADIER, PISO OU LAJE SOBRE SOLO, FCK 30 MPA, PARA ESPESSURA DE 20 CM - LANÇAMENTO, ADENSAMENTO E ACABAMENTO. AF_09/2017","M3","311,07"]
[90996,"FORMAS MANUSEÁVEIS PARA PAREDES DE CONCRETO MOLDADAS IN LOCO, DE EDIFICAÇÕES DE MULTIPLOS PAVIMENTO, EM PLATIBANDA. AF_06/2015","M2","10,88"]
[90997,"FORMAS MANUSEÁVEIS PARA PAREDES DE CONCRETO MOLDADAS IN LOCO, DE EDIFICAÇÕES DE MULTIPLOS PAVIMENTOS, EM FACES INTERNAS DE PAREDES. AF_06/2015","M2","14,62"]
[90998,"FORMAS MANUSEÁVEIS PARA PAREDES DE CONCRETO MOLDADAS IN LOCO, DE EDIFICAÇÕES DE MULTIPLOS PAVIMENTOS, EM LAJES. AF_06/2015","M2","17,56"]
[91000,"FORMAS MANUSEÁVEIS PARA PAREDES DE CONCRETO MOLDADAS IN LOCO, DE EDIFICAÇÕES DE MULTIPLOS PAVIMENTOS, EM PANOS DE FACHADA COM VÃOS. AF_06/2015","M2","13,51"]
[91002,"FORMAS MANUSEÁVEIS PARA PAREDES DE CONCRETO MOLDADAS IN LOCO, DE EDIFICAÇÕES DE MULTIPLOS PAVIMENTOS, EM PANOS DE FACHADA SEM VÃOS. AF_06/2015","M2","12,47"]
[91003,"FORMAS MANUSEÁVEIS PARA PAREDES DE CONCRETO MOLDADAS IN LOCO, DE EDIFICAÇÕES DE MULTIPLOS PAVIMENTOS, EM PANOS DE FACHADA COM VARANDAS. AF_06/2015","M2","14,36"]
[91004,"FORMAS MANUSEÁVEIS PARA PAREDES DE CONCRETO MOLDADAS IN LOCO, DE EDIFICAÇÕES DE PAVIMENTO ÚNICO, EM FACES INTERNAS DE PAREDES. AF_06/2015","M2","11,15"]
[91005,"FORMAS MANUSEÁVEIS PARA PAREDES DE CONCRETO MOLDADAS IN LOCO, DE EDIFICAÇÕES DE PAVIMENTO ÚNICO, EM LAJES. AF_06/2015","M2","13,34"]
[91006,"FORMAS MANUSEÁVEIS PARA PAREDES DE CONCRETO MOLDADAS IN LOCO, DE EDIFICAÇÕES DE PAVIMENTO ÚNICO, EM PANOS DE FACHADA COM VÃOS. AF_06/2015","M2","10,31"]
[91007,"FORMAS MANUSEÁVEIS PARA PAREDES DE CONCRETO MOLDADAS IN LOCO, DE EDIFICAÇÕES DE PAVIMENTO ÚNICO, EM PANOS DE FACHADA SEM VÃOS. AF_06/2015","M2","9,26"]
[91008,"FORMAS MANUSEÁVEIS PARA PAREDES DE CONCRETO MOLDADAS IN LOCO, DE EDIFICAÇÕES DE PAVIMENTO ÚNICO, EM PANOS DE FACHADA COM VARANDA. AF_06/2015","M2","11,16"]
[92263,"FABRICAÇÃO DE FÔRMA PARA PILARES E ESTRUTURAS SIMILARES, EM CHAPA DE MADEIRA COMPENSADA RESINADA, E = 17 MM. AF_12/2015","M2","90,16"]
[92264,"FABRICAÇÃO DE FÔRMA PARA PILARES E ESTRUTURAS SIMILARES, EM CHAPA DE MADEIRA COMPENSADA PLASTIFICADA, E = 18 MM. AF_12/2015","M2","104,99"]
[92265,"FABRICAÇÃO DE FÔRMA PARA VIGAS, EM CHAPA DE MADEIRA COMPENSADA RESINADA, E = 17 MM. AF_12/2015","M2","70,66"]
[92266,"FABRICAÇÃO DE FÔRMA PARA VIGAS, EM CHAPA DE MADEIRA COMPENSADA PLASTIFICADA, E = 18 MM. AF_12/2015","M2","83,88"]
[92267,"FABRICAÇÃO DE FÔRMA PARA LAJES, EM CHAPA DE MADEIRA COMPENSADA RESINADA, E = 17 MM. AF_12/2015","M2","28,98"]
[92268,"FABRICAÇÃO DE FÔRMA PARA LAJES, EM CHAPA DE MADEIRA COMPENSADA PLASTIFICADA, E = 18 MM. AF_12/2015","M2","40,65"]
[92269,"FABRICAÇÃO DE FÔRMA PARA PILARES E ESTRUTURAS SIMILARES, EM MADEIRA SERRADA, E=25 MM. AF_12/2015","M2","68,77"]
[92270,"FABRICAÇÃO DE FÔRMA PARA VIGAS, COM MADEIRA SERRADA, E = 25 MM. AF_12/2015","M2","55,65"]
[92271,"FABRICAÇÃO DE FÔRMA PARA LAJES, EM MADEIRA SERRADA, E=25 MM. AF_12/2015","M2","39,40"]
[92272,"FABRICAÇÃO DE ESCORAS DE VIGA DO TIPO GARFO, EM MADEIRA. AF_12/2015","M","17,42"]
[92273,"FABRICAÇÃO DE ESCORAS DO TIPO PONTALETE, EM MADEIRA. AF_12/2015","M","7,11"]
[92408,"MONTAGEM E DESMONTAGEM DE FÔRMA DE PILARES RETANGULARES E ESTRUTURAS SIMILARES COM ÁREA MÉDIA DAS SEÇÕES MENOR OU IGUAL A 0,25 M², PÉ-DIREITO SIMPLES, EM MADEIRA SERRADA, 1 UTILIZAÇÃO. AF_12/2015","M2","136,90"]
[92409,"MONTAGEM E DESMONTAGEM DE FÔRMA DE PILARES RETANGULARES E ESTRUTURAS SIMILARES COM ÁREA MÉDIA DAS SEÇÕES MAIOR QUE 0,25 M², PÉ-DIREITO SIMPLES, EM MADEIRA SERRADA, 1 UTILIZAÇÃO. AF_12/2015","M2","129,15"]
[92410,"MONTAGEM E DESMONTAGEM DE FÔRMA DE PILARES RETANGULARES E ESTRUTURAS SIMILARES COM ÁREA MÉDIA DAS SEÇÕES MENOR OU IGUAL A 0,25 M², PÉ-DIREITO SIMPLES, EM MADEIRA SERRADA, 2 UTILIZAÇÕES. AF_12/2015","M2","95,42"]
[92411,"MONTAGEM E DESMONTAGEM DE FÔRMA DE PILARES RETANGULARES E ESTRUTURAS SIMILARES COM ÁREA MÉDIA DAS SEÇÕES MAIOR QUE 0,25 M², PÉ-DIREITO SIMPLES, EM MADEIRA SERRADA, 2 UTILIZAÇÕES. AF_12/2015","M2","88,56"]
[92412,"MONTAGEM E DESMONTAGEM DE FÔRMA DE PILARES RETANGULARES E ESTRUTURAS SIMILARES COM ÁREA MÉDIA DAS SEÇÕES MENOR OU IGUAL A 0,25 M², PÉ-DIREITO SIMPLES, EM MADEIRA SERRADA, 4 UTILIZAÇÕES. AF_12/2015","M2","64,37"]
[92413,"MONTAGEM E DESMONTAGEM DE FÔRMA DE PILARES RETANGULARES E ESTRUTURAS SIMILARES COM ÁREA MÉDIA DAS SEÇÕES MAIOR QUE 0,25 M², PÉ-DIREITO SIMPLES, EM MADEIRA SERRADA, 4 UTILIZAÇÕES. AF_12/2015","M2","59,09"]
[92414,"MONTAGEM E DESMONTAGEM DE FÔRMA DE PILARES RETANGULARES E ESTRUTURAS SIMILARES COM ÁREA MÉDIA DAS SEÇÕES MENOR OU IGUAL A 0,25 M², PÉ-DIREITO SIMPLES, EM CHAPA DE MADEIRA COMPENSADA RESINADA, 2 UTILIZAÇÕES. AF_12/2015","M2","79,46"]
[92415,"MONTAGEM E DESMONTAGEM DE FÔRMA DE PILARES RETANGULARES E ESTRUTURAS SIMILARES COM ÁREA MÉDIA DAS SEÇÕES MAIOR QUE 0,25 M², PÉ-DIREITO SIMPLES, EM CHAPA DE MADEIRA COMPENSADA RESINADA, 2 UTILIZAÇÕES. AF_12/2015","M2","72,60"]
[92416,"MONTAGEM E DESMONTAGEM DE FÔRMA DE PILARES RETANGULARES E ESTRUTURAS SIMILARES COM ÁREA MÉDIA DAS SEÇÕES MENOR OU IGUAL A 0,25 M², PÉ-DIREITO DUPLO, EM CHAPA DE MADEIRA COMPENSADA RESINADA, 2 UTILIZAÇÕES. AF_12/2015","M2","93,53"]
[92417,"MONTAGEM E DESMONTAGEM DE FÔRMA DE PILARES RETANGULARES E ESTRUTURAS SIMILARES COM ÁREA MÉDIA DAS SEÇÕES MAIOR QUE 0,25 M², PÉ-DIREITO DUPLO, EM CHAPA DE MADEIRA COMPENSADA RESINADA, 2 UTILIZAÇÕES. AF_12/2015","M2","86,71"]
[92418,"MONTAGEM E DESMONTAGEM DE FÔRMA DE PILARES RETANGULARES E ESTRUTURAS SIMILARES COM ÁREA MÉDIA DAS SEÇÕES MENOR OU IGUAL A 0,25 M², PÉ-DIREITO SIMPLES, EM CHAPA DE MADEIRA COMPENSADA RESINADA, 4 UTILIZAÇÕES. AF_12/2015","M2","49,21"]
[92419,"MONTAGEM E DESMONTAGEM DE FÔRMA DE PILARES RETANGULARES E ESTRUTURAS SIMILARES COM ÁREA MÉDIA DAS SEÇÕES MAIOR QUE 0,25 M², PÉ-DIREITO SIMPLES, EM CHAPA DE MADEIRA COMPENSADA RESINADA, 4 UTILIZAÇÕES. AF_12/2015","M2","43,97"]
[92420,"MONTAGEM E DESMONTAGEM DE FÔRMA DE PILARES RETANGULARES E ESTRUTURAS SIMILARES COM ÁREA MÉDIA DAS SEÇÕES MENOR OU IGUAL A 0,25 M², PÉ-DIREITO DUPLO, EM CHAPA DE MADEIRA COMPENSADA RESINADA, 4 UTILIZAÇÕES. AF_12/2015","M2","60,05"]
[92421,"MONTAGEM E DESMONTAGEM DE FÔRMA DE PILARES RETANGULARES E ESTRUTURAS SIMILARES COM ÁREA MÉDIA DAS SEÇÕES MAIOR QUE 0,25 M², PÉ-DIREITO DUPLO, EM CHAPA DE MADEIRA COMPENSADA RESINADA, 4 UTILIZAÇÕES. AF_12/2015","M2","54,78"]
[92422,"MONTAGEM E DESMONTAGEM DE FÔRMA DE PILARES RETANGULARES E ESTRUTURAS SIMILARES COM ÁREA MÉDIA DAS SEÇÕES MENOR OU IGUAL A 0,25 M², PÉ-DIREITO SIMPLES, EM CHAPA DE MADEIRA COMPENSADA RESINADA, 6 UTILIZAÇÕES. AF_12/2015","M2","39,55"]
[92423,"MONTAGEM E DESMONTAGEM DE FÔRMA DE PILARES RETANGULARES E ESTRUTURAS SIMILARES COM ÁREA MÉDIA DAS SEÇÕES MAIOR QUE 0,25 M², PÉ-DIREITO SIMPLES, EM CHAPA DE MADEIRA COMPENSADA RESINADA, 6 UTILIZAÇÕES. AF_12/2015","M2","34,99"]
[92424,"MONTAGEM E DESMONTAGEM DE FÔRMA DE PILARES RETANGULARES E ESTRUTURAS SIMILARES COM ÁREA MÉDIA DAS SEÇÕES MENOR OU IGUAL A 0,25 M², PÉ-DIREITO DUPLO, EM CHAPA DE MADEIRA COMPENSADA RESINADA, 6 UTILIZAÇÕES. AF_12/2015","M2","48,97"]
[92425,"MONTAGEM E DESMONTAGEM DE FÔRMA DE PILARES RETANGULARES E ESTRUTURAS SIMILARES COM ÁREA MÉDIA DAS SEÇÕES MAIOR QUE 0,25 M², PÉ-DIREITO DUPLO, EM CHAPA DE MADEIRA COMPENSADA RESINADA, 6 UTILIZAÇÕES. AF_12/2015","M2","44,40"]
[92426,"MONTAGEM E DESMONTAGEM DE FÔRMA DE PILARES RETANGULARES E ESTRUTURAS SIMILARES COM ÁREA MÉDIA DAS SEÇÕES MENOR OU IGUAL A 0,25 M², PÉ-DIREITO SIMPLES, EM CHAPA DE MADEIRA COMPENSADA RESINADA, 8 UTILIZAÇÕES. AF_12/2015","M2","34,68"]
[92427,"MONTAGEM E DESMONTAGEM DE FÔRMA DE PILARES RETANGULARES E ESTRUTURAS SIMILARES COM ÁREA MÉDIA DAS SEÇÕES MAIOR QUE 0,25 M², PÉ-DIREITO SIMPLES, EM CHAPA DE MADEIRA COMPENSADA RESINADA, 8 UTILIZAÇÕES. AF_12/2015","M2","30,45"]
[92428,"MONTAGEM E DESMONTAGEM DE FÔRMA DE PILARES RETANGULARES E ESTRUTURAS SIMILARES COM ÁREA MÉDIA DAS SEÇÕES MENOR OU IGUAL A 0,25 M², PÉ-DIREITO DUPLO, EM CHAPA DE MADEIRA COMPENSADA RESINADA, 8 UTILIZAÇÕES. AF_12/2015","M2","43,40"]
[92429,"MONTAGEM E DESMONTAGEM DE FÔRMA DE PILARES RETANGULARES E ESTRUTURAS SIMILARES COM ÁREA MÉDIA DAS SEÇÕES MAIOR QUE 0,25 M², PÉ-DIREITO DUPLO, EM CHAPA DE MADEIRA COMPENSADA RESINADA, 8 UTILIZAÇÕES. AF_12/2015","M2","39,17"]
[92430,"MONTAGEM E DESMONTAGEM DE FÔRMA DE PILARES RETANGULARES E ESTRUTURAS SIMILARES COM ÁREA MÉDIA DAS SEÇÕES MENOR OU IGUAL A 0,25 M², PÉ-DIREITO SIMPLES, EM CHAPA DE MADEIRA COMPENSADA PLASTIFICADA, 10 UTILIZAÇÕES. AF_12/2015","M2","31,27"]
[92431,"MONTAGEM E DESMONTAGEM DE FÔRMA DE PILARES RETANGULARES E ESTRUTURAS SIMILARES COM ÁREA MÉDIA DAS SEÇÕES MAIOR QUE 0,25 M², PÉ-DIREITO SIMPLES, EM CHAPA DE MADEIRA COMPENSADA PLASTIFICADA, 10 UTILIZAÇÕES. AF_12/2015","M2","27,26"]
[92432,"MONTAGEM E DESMONTAGEM DE FÔRMA DE PILARES RETANGULARES E ESTRUTURAS SIMILARES COM ÁREA MÉDIA DAS SEÇÕES MENOR OU IGUAL A 0,25 M², PÉ-DIREITO DUPLO, EM CHAPA DE MADEIRA COMPENSADA PLASTIFICADA, 10 UTILIZAÇÕES. AF_12/2015","M2","39,55"]
[92433,"MONTAGEM E DESMONTAGEM DE FÔRMA DE PILARES RETANGULARES E ESTRUTURAS SIMILARES COM ÁREA MÉDIA DAS SEÇÕES MAIOR QUE 0,25 M², PÉ-DIREITO DUPLO, EM CHAPA DE MADEIRA COMPENSADA PLASTIFICADA, 10 UTILIZAÇÕES. AF_12/2015","M2","35,53"]
[92434,"MONTAGEM E DESMONTAGEM DE FÔRMA DE PILARES RETANGULARES E ESTRUTURAS SIMILARES COM ÁREA MÉDIA DAS SEÇÕES MENOR OU IGUAL A 0,25 M², PÉ-DIREITO SIMPLES, EM CHAPA DE MADEIRA COMPENSADA PLASTIFICADA, 12 UTILIZAÇÕES. AF_12/2015","M2","29,54"]
[92435,"MONTAGEM E DESMONTAGEM DE FÔRMA DE PILARES RETANGULARES E ESTRUTURAS SIMILARES COM ÁREA MÉDIA DAS SEÇÕES MAIOR QUE 0,25 M², PÉ-DIREITO SIMPLES, EM CHAPA DE MADEIRA COMPENSADA PLASTIFICADA, 12 UTILIZAÇÕES. AF_12/2015","M2","25,65"]
[92436,"MONTAGEM E DESMONTAGEM DE FÔRMA DE PILARES RETANGULARES E ESTRUTURAS SIMILARES COM ÁREA MÉDIA DAS SEÇÕES MENOR OU IGUAL A 0,25 M², PÉ-DIREITO DUPLO, EM CHAPA DE MADEIRA COMPENSADA PLASTIFICADA, 12 UTILIZAÇÕES. AF_12/2015","M2","37,52"]
[92437,"MONTAGEM E DESMONTAGEM DE FÔRMA DE PILARES RETANGULARES E ESTRUTURAS SIMILARES COM ÁREA MÉDIA DAS SEÇÕES MAIOR QUE 0,25 M², PÉ-DIREITO DUPLO, EM CHAPA DE MADEIRA COMPENSADA PLASTIFICADA, 12 UTILIZAÇÕES. AF_12/2015","M2","33,65"]
[92438,"MONTAGEM E DESMONTAGEM DE FÔRMA DE PILARES RETANGULARES E ESTRUTURAS SIMILARES COM ÁREA MÉDIA DAS SEÇÕES MENOR OU IGUAL A 0,25 M², PÉ-DIREITO SIMPLES, EM CHAPA DE MADEIRA COMPENSADA PLASTIFICADA, 14 UTILIZAÇÕES. AF_12/2015","M2","28,28"]
[92439,"MONTAGEM E DESMONTAGEM DE FÔRMA DE PILARES RETANGULARES E ESTRUTURAS SIMILARES COM ÁREA MÉDIA DAS SEÇÕES MAIOR QUE 0,25 M², PÉ-DIREITO SIMPLES, EM CHAPA DE MADEIRA COMPENSADA PLASTIFICADA, 14 UTILIZAÇÕES. AF_12/2015","M2","24,50"]
[92440,"MONTAGEM E DESMONTAGEM DE FÔRMA DE PILARES RETANGULARES E ESTRUTURAS SIMILARES COM ÁREA MÉDIA DAS SEÇÕES MENOR OU IGUAL A 0,25 M², PÉ-DIREITO DUPLO, EM CHAPA DE MADEIRA COMPENSADA PLASTIFICADA, 14 UTILIZAÇÕES. AF_12/2015","M2","36,05"]
[92441,"MONTAGEM E DESMONTAGEM DE FÔRMA DE PILARES RETANGULARES E ESTRUTURAS SIMILARES COM ÁREA MÉDIA DAS SEÇÕES MAIOR QUE 0,25 M², PÉ-DIREITO DUPLO, EM CHAPA DE MADEIRA COMPENSADA PLASTIFICADA, 14 UTILIZAÇÕES. AF_12/2015","M2","32,30"]
[92442,"MONTAGEM E DESMONTAGEM DE FÔRMA DE PILARES RETANGULARES E ESTRUTURAS SIMILARES COM ÁREA MÉDIA DAS SEÇÕES MENOR OU IGUAL A 0,25 M², PÉ-DIREITO SIMPLES, EM CHAPA DE MADEIRA COMPENSADA PLASTIFICADA, 18 UTILIZAÇÕES. AF_12/2015","M2","25,74"]
[92443,"MONTAGEM E DESMONTAGEM DE FÔRMA DE PILARES RETANGULARES E ESTRUTURAS SIMILARES COM ÁREA MÉDIA DAS SEÇÕES MAIOR QUE 0,25 M², PÉ-DIREITO SIMPLES, EM CHAPA DE MADEIRA COMPENSADA PLASTIFICADA, 18 UTILIZAÇÕES. AF_12/2015","M2","22,08"]
[92444,"MONTAGEM E DESMONTAGEM DE FÔRMA DE PILARES RETANGULARES E ESTRUTURAS SIMILARES COM ÁREA MÉDIA DAS SEÇÕES MENOR OU IGUAL A 0,25 M², PÉ-DIREITO DUPLO, EM CHAPA DE MADEIRA COMPENSADA PLASTIFICADA, 18 UTILIZAÇÕES. AF_12/2015","M2","33,26"]
[92445,"MONTAGEM E DESMONTAGEM DE FÔRMA DE PILARES RETANGULARES E ESTRUTURAS SIMILARES COM ÁREA MÉDIA DAS SEÇÕES MAIOR QUE 0,25 M², PÉ-DIREITO DUPLO, EM CHAPA DE MADEIRA COMPENSADA PLASTIFICADA, 18 UTILIZAÇÕES. AF_12/2015","M2","29,60"]
[92446,"MONTAGEM E DESMONTAGEM DE FÔRMA DE VIGA, ESCORAMENTO COM PONTALETE DE MADEIRA, PÉ-DIREITO SIMPLES, EM MADEIRA SERRADA, 1 UTILIZAÇÃO. AF_12/2015","M2","124,31"]
[92447,"MONTAGEM E DESMONTAGEM DE FÔRMA DE VIGA, ESCORAMENTO COM PONTALETE DE MADEIRA, PÉ-DIREITO SIMPLES, EM MADEIRA SERRADA, 2 UTILIZAÇÕES. AF_12/2015","M2","89,99"]
[92448,"MONTAGEM E DESMONTAGEM DE FÔRMA DE VIGA, ESCORAMENTO COM PONTALETE DE MADEIRA, PÉ-DIREITO SIMPLES, EM MADEIRA SERRADA, 4 UTILIZAÇÕES. AF_12/2015","M2","72,58"]
[92449,"MONTAGEM E DESMONTAGEM DE FÔRMA DE VIGA, ESCORAMENTO COM GARFO DE MADEIRA, PÉ-DIREITO DUPLO, EM CHAPA DE MADEIRA RESINADA, 2 UTILIZAÇÕES. AF_12/2015","M2","144,95"]
[92450,"MONTAGEM E DESMONTAGEM DE FÔRMA DE VIGA, ESCORAMENTO METÁLICO, PÉ-DIREITO DUPLO, EM CHAPA DE MADEIRA RESINADA, 2 UTILIZAÇÕES. AF_12/2015","M2","118,14"]
[92451,"MONTAGEM E DESMONTAGEM DE FÔRMA DE VIGA, ESCORAMENTO COM GARFO DE MADEIRA, PÉ-DIREITO SIMPLES, EM CHAPA DE MADEIRA RESINADA, 2 UTILIZAÇÕES. AF_12/2015","M2","101,27"]
[92452,"MONTAGEM E DESMONTAGEM DE FÔRMA DE VIGA, ESCORAMENTO METÁLICO, PÉ-DIREITO SIMPLES, EM CHAPA DE MADEIRA RESINADA, 2 UTILIZAÇÕES. AF_12/2015","M2","86,03"]
[92453,"MONTAGEM E DESMONTAGEM DE FÔRMA DE VIGA, ESCORAMENTO COM GARFO DE MADEIRA, PÉ-DIREITO DUPLO, EM CHAPA DE MADEIRA RESINADA, 4 UTILIZAÇÕES. AF_12/2015","M2","123,31"]
[92454,"MONTAGEM E DESMONTAGEM DE FÔRMA DE VIGA, ESCORAMENTO METÁLICO, PÉ-DIREITO DUPLO, EM CHAPA DE MADEIRA RESINADA, 4 UTILIZAÇÕES. AF_12/2015","M2","111,37"]
[92455,"MONTAGEM E DESMONTAGEM DE FÔRMA DE VIGA, ESCORAMENTO COM GARFO DE MADEIRA, PÉ-DIREITO SIMPLES, EM CHAPA DE MADEIRA RESINADA, 4 UTILIZAÇÕES. AF_12/2015","M2","82,42"]
[92456,"MONTAGEM E DESMONTAGEM DE FÔRMA DE VIGA, ESCORAMENTO METÁLICO, PÉ-DIREITO SIMPLES, EM CHAPA DE MADEIRA RESINADA, 4 UTILIZAÇÕES. AF_12/2015","M2","69,19"]
[92457,"MONTAGEM E DESMONTAGEM DE FÔRMA DE VIGA, ESCORAMENTO COM GARFO DE MADEIRA, PÉ-DIREITO DUPLO, EM CHAPA DE MADEIRA RESINADA, 6 UTILIZAÇÕES. AF_12/2015","M2","106,58"]
[92458,"MONTAGEM E DESMONTAGEM DE FÔRMA DE VIGA, ESCORAMENTO METÁLICO, PÉ-DIREITO DUPLO, EM CHAPA DE MADEIRA RESINADA, 6 UTILIZAÇÕES. AF_12/2015","M2","99,88"]
[92459,"MONTAGEM E DESMONTAGEM DE FÔRMA DE VIGA, ESCORAMENTO COM GARFO DE MADEIRA, PÉ-DIREITO SIMPLES, EM CHAPA DE MADEIRA RESINADA, 6 UTILIZAÇÕES. AF_12/2015","M2","69,53"]
[92460,"MONTAGEM E DESMONTAGEM DE FÔRMA DE VIGA, ESCORAMENTO METÁLICO, PÉ-DIREITO SIMPLES, EM CHAPA DE MADEIRA RESINADA, 6 UTILIZAÇÕES. AF_12/2015","M2","56,77"]
[92461,"MONTAGEM E DESMONTAGEM DE FÔRMA DE VIGA, ESCORAMENTO COM GARFO DE MADEIRA, PÉ-DIREITO DUPLO, EM CHAPA DE MADEIRA RESINADA, 8 UTILIZAÇÕES. AF_12/2015","M2","97,80"]
[92462,"MONTAGEM E DESMONTAGEM DE FÔRMA DE VIGA, ESCORAMENTO METÁLICO, PÉ-DIREITO DUPLO, EM CHAPA DE MADEIRA RESINADA, 8 UTILIZAÇÕES. AF_12/2015","M2","92,60"]
[92463,"MONTAGEM E DESMONTAGEM DE FÔRMA DE VIGA, ESCORAMENTO COM GARFO DE MADEIRA, PÉ-DIREITO SIMPLES, EM CHAPA DE MADEIRA RESINADA, 8 UTILIZAÇÕES. AF_12/2015","M2","62,61"]
[92464,"MONTAGEM E DESMONTAGEM DE FÔRMA DE VIGA, ESCORAMENTO METÁLICO, PÉ-DIREITO SIMPLES, EM CHAPA DE MADEIRA RESINADA, 8 UTILIZAÇÕES. AF_12/2015","M2","51,16"]
[92465,"MONTAGEM E DESMONTAGEM DE FÔRMA DE VIGA, ESCORAMENTO COM GARFO DE MADEIRA, PÉ-DIREITO DUPLO, EM CHAPA DE MADEIRA PLASTIFICADA, 10 UTILIZAÇÕES. AF_12/2015","M2","77,52"]
[92466,"MONTAGEM E DESMONTAGEM DE FÔRMA DE VIGA, ESCORAMENTO METÁLICO, PÉ-DIREITO DUPLO, EM CHAPA DE MADEIRA PLASTIFICADA, 10 UTILIZAÇÕES. AF_12/2015","M2","87,02"]
[92467,"MONTAGEM E DESMONTAGEM DE FÔRMA DE VIGA, ESCORAMENTO COM GARFO DE MADEIRA, PÉ-DIREITO SIMPLES, EM CHAPA DE MADEIRA PLASTIFICADA, 10 UTILIZAÇÕES. AF_12/2015","M2","50,71"]
[92468,"MONTAGEM E DESMONTAGEM DE FÔRMA DE VIGA, ESCORAMENTO METÁLICO, PÉ-DIREITO SIMPLES, EM CHAPA DE MADEIRA PLASTIFICADA, 10 UTILIZAÇÕES. AF_12/2015","M2","45,92"]
[92469,"MONTAGEM E DESMONTAGEM DE FÔRMA DE VIGA, ESCORAMENTO COM GARFO DE MADEIRA, PÉ-DIREITO DUPLO, EM CHAPA DE MADEIRA PLASTIFICADA, 12 UTILIZAÇÕES. AF_12/2015","M2","70,58"]
[92470,"MONTAGEM E DESMONTAGEM DE FÔRMA DE VIGA, ESCORAMENTO METÁLICO, PÉ-DIREITO DUPLO, EM CHAPA DE MADEIRA PLASTIFICADA, 12 UTILIZAÇÕES. AF_12/2015","M2","83,07"]
[92471,"MONTAGEM E DESMONTAGEM DE FÔRMA DE VIGA, ESCORAMENTO COM GARFO DE MADEIRA, PÉ-DIREITO SIMPLES, EM CHAPA DE MADEIRA PLASTIFICADA, 12 UTILIZAÇÕES. AF_12/2015","M2","46,22"]
[92472,"MONTAGEM E DESMONTAGEM DE FÔRMA DE VIGA, ESCORAMENTO METÁLICO, PÉ-DIREITO SIMPLES, EM CHAPA DE MADEIRA PLASTIFICADA, 12 UTILIZAÇÕES. AF_12/2015","M2","42,51"]
[92473,"MONTAGEM E DESMONTAGEM DE FÔRMA DE VIGA, ESCORAMENTO COM GARFO DE MADEIRA, PÉ-DIREITO DUPLO, EM CHAPA DE MADEIRA PLASTIFICADA, 14 UTILIZAÇÕES. AF_12/2015","M2","64,92"]
[92474,"MONTAGEM E DESMONTAGEM DE FÔRMA DE VIGA, ESCORAMENTO METÁLICO, PÉ-DIREITO DUPLO, EM CHAPA DE MADEIRA PLASTIFICADA, 14 UTILIZAÇÕES. AF_12/2015","M2","79,64"]
[92475,"MONTAGEM E DESMONTAGEM DE FÔRMA DE VIGA, ESCORAMENTO COM GARFO DE MADEIRA, PÉ-DIREITO SIMPLES, EM CHAPA DE MADEIRA PLASTIFICADA, 14 UTILIZAÇÕES. AF_12/2015","M2","42,56"]
[92476,"MONTAGEM E DESMONTAGEM DE FÔRMA DE VIGA, ESCORAMENTO METÁLICO, PÉ-DIREITO SIMPLES, EM CHAPA DE MADEIRA PLASTIFICADA, 14 UTILIZAÇÕES. AF_12/2015","M2","39,59"]
[92477,"MONTAGEM E DESMONTAGEM DE FÔRMA DE VIGA, ESCORAMENTO COM GARFO DE MADEIRA, PÉ-DIREITO DUPLO, EM CHAPA DE MADEIRA PLASTIFICADA, 18 UTILIZAÇÕES. AF_12/2015","M2","52,94"]
[92478,"MONTAGEM E DESMONTAGEM DE FÔRMA DE VIGA, ESCORAMENTO METÁLICO, PÉ-DIREITO DUPLO, EM CHAPA DE MADEIRA PLASTIFICADA, 18 UTILIZAÇÕES. AF_12/2015","M2","72,94"]
[92479,"MONTAGEM E DESMONTAGEM DE FÔRMA DE VIGA, ESCORAMENTO COM GARFO DE MADEIRA, PÉ-DIREITO SIMPLES, EM CHAPA DE MADEIRA PLASTIFICADA, 18 UTILIZAÇÕES. AF_12/2015","M2","34,78"]
[92480,"MONTAGEM E DESMONTAGEM DE FÔRMA DE VIGA, ESCORAMENTO METÁLICO, PÉ-DIREITO SIMPLES, EM CHAPA DE MADEIRA PLASTIFICADA, 18 UTILIZAÇÕES. AF_12/2015","M2","33,82"]
[92481,"MONTAGEM E DESMONTAGEM DE FÔRMA DE LAJE MACIÇA COM ÁREA MÉDIA MENOR OU IGUAL A 20 M², PÉ-DIREITO SIMPLES, EM MADEIRA SERRADA, 1 UTILIZAÇÃO. AF_12/2015","M2","159,46"]
[92482,"MONTAGEM E DESMONTAGEM DE FÔRMA DE LAJE MACIÇA COM ÁREA MÉDIA MAIOR QUE 20 M², PÉ-DIREITO SIMPLES, EM MADEIRA SERRADA, 1 UTILIZAÇÃO. AF_12/2015","M2","150,43"]
[92483,"MONTAGEM E DESMONTAGEM DE FÔRMA DE LAJE MACIÇA COM ÁREA MÉDIA MENOR OU IGUAL A 20 M², PÉ-DIREITO SIMPLES, EM MADEIRA SERRADA, 2 UTILIZAÇÕES. AF_12/2015","M2","121,76"]
[92484,"MONTAGEM E DESMONTAGEM DE FÔRMA DE LAJE MACIÇA COM ÁREA MÉDIA MAIOR QUE 20 M², PÉ-DIREITO SIMPLES, EM MADEIRA SERRADA, 2 UTILIZAÇÕES. AF_12/2015","M2","113,77"]
[92485,"MONTAGEM E DESMONTAGEM DE FÔRMA DE LAJE MACIÇA COM ÁREA MÉDIA MENOR OU IGUAL A 20 M², PÉ-DIREITO SIMPLES, EM MADEIRA SERRADA, 4 UTILIZAÇÕES. AF_12/2015","M2","87,63"]
[92486,"MONTAGEM E DESMONTAGEM DE FÔRMA DE LAJE MACIÇA COM ÁREA MÉDIA MAIOR QUE 20 M², PÉ-DIREITO SIMPLES, EM MADEIRA SERRADA, 4 UTILIZAÇÕES. AF_12/2015","M2","81,49"]
[92487,"MONTAGEM E DESMONTAGEM DE FÔRMA DE LAJE NERVURADA COM CUBETA E ASSOALHO COM ÁREA MÉDIA MENOR OU IGUAL A 20 M², PÉ-DIREITO DUPLO, EM CHAPA DE MADEIRA COMPENSADA RESINADA, 8 UTILIZAÇÕES. AF_12/2015","M2","43,06"]
[92488,"MONTAGEM E DESMONTAGEM DE FÔRMA DE LAJE NERVURADA COM CUBETA E ASSOALHO COM ÁREA MÉDIA MAIOR QUE 20 M², PÉ-DIREITO DUPLO, EM CHAPA DE MADEIRA COMPENSADA RESINADA, 8 UTILIZAÇÕES. AF_12/2015","M2","40,94"]
[92489,"MONTAGEM E DESMONTAGEM DE FÔRMA DE LAJE NERVURADA COM CUBETA E ASSOALHO COM ÁREA MÉDIA MENOR OU IGUAL A 20 M², PÉ-DIREITO SIMPLES, EM CHAPA DE MADEIRA COMPENSADA RESINADA, 8 UTILIZAÇÕES. AF_12/2015","M2","29,18"]
[92490,"MONTAGEM E DESMONTAGEM DE FÔRMA DE LAJE NERVURADA COM CUBETA E ASSOALHO COM ÁREA MÉDIA MAIOR QUE 20 M², PÉ-DIREITO SIMPLES, EM CHAPA DE MADEIRA COMPENSADA RESINADA, 8 UTILIZAÇÕES. AF_12/2015","M2","27,25"]
[92491,"MONTAGEM E DESMONTAGEM DE FÔRMA DE LAJE NERVURADA COM CUBETA E ASSOALHO COM ÁREA MÉDIA MENOR OU IGUAL A 20 M², PÉ-DIREITO DUPLO, EM CHAPA DE MADEIRA COMPENSADA RESINADA, 10 UTILIZAÇÕES. AF_12/2015","M2","40,78"]
[92492,"MONTAGEM E DESMONTAGEM DE FÔRMA DE LAJE NERVURADA COM CUBETA E ASSOALHO COM ÁREA MÉDIA MAIOR QUE 20 M², PÉ-DIREITO DUPLO, EM CHAPA DE MADEIRA COMPENSADA RESINADA, 10 UTILIZAÇÕES. AF_12/2015","M2","38,76"]
[92493,"MONTAGEM E DESMONTAGEM DE FÔRMA DE LAJE NERVURADA COM CUBETA E ASSOALHO COM ÁREA MÉDIA MENOR OU IGUAL A 20 M², PÉ-DIREITO SIMPLES, EM CHAPA DE MADEIRA COMPENSADA RESINADA, 10 UTILIZAÇÕES. AF_12/2015","M2","26,53"]
[92494,"MONTAGEM E DESMONTAGEM DE FÔRMA DE LAJE NERVURADA COM CUBETA E ASSOALHO COM ÁREA MÉDIA MAIOR QUE 20 M², PÉ-DIREITO SIMPLES, EM CHAPA DE MADEIRA COMPENSADA RESINADA, 10 UTILIZAÇÕES. AF_12/2015","M2","25,37"]
[92495,"MONTAGEM E DESMONTAGEM DE FÔRMA DE LAJE NERVURADA COM CUBETA E ASSOALHO COM ÁREA MÉDIA MENOR OU IGUAL A 20 M², PÉ-DIREITO DUPLO, EM CHAPA DE MADEIRA COMPENSADA RESINADA, 12 UTILIZAÇÕES. AF_12/2015","M2","39,21"]
[92496,"MONTAGEM E DESMONTAGEM DE FÔRMA DE LAJE NERVURADA COM CUBETA E ASSOALHO COM ÁREA MÉDIA MAIOR QUE 20 M², PÉ-DIREITO DUPLO, EM CHAPA DE MADEIRA COMPENSADA RESINADA, 12 UTILIZAÇÕES. AF_12/2015","M2","37,28"]
[92497,"MONTAGEM E DESMONTAGEM DE FÔRMA DE LAJE NERVURADA COM CUBETA E ASSOALHO COM ÁREA MÉDIA MENOR OU IGUAL A 20 M², PÉ-DIREITO SIMPLES, EM CHAPA DE MADEIRA COMPENSADA RESINADA, 12 UTILIZAÇÕES. AF_12/2015","M2","25,90"]
[92498,"MONTAGEM E DESMONTAGEM DE FÔRMA DE LAJE NERVURADA COM CUBETA E ASSOALHO COM ÁREA MÉDIA MAIOR QUE 20 M², PÉ-DIREITO SIMPLES, EM CHAPA DE MADEIRA COMPENSADA RESINADA, 12 UTILIZAÇÕES. AF_12/2015","M2","24,10"]
[92499,"MONTAGEM E DESMONTAGEM DE FÔRMA DE LAJE NERVURADA COM CUBETA E ASSOALHO COM ÁREA MÉDIA MENOR OU IGUAL A 20 M², PÉ-DIREITO DUPLO, EM CHAPA DE MADEIRA COMPENSADA RESINADA, 14 UTILIZAÇÕES. AF_12/2015","M2","38,30"]
[92500,"MONTAGEM E DESMONTAGEM DE FÔRMA DE LAJE NERVURADA COM CUBETA E ASSOALHO COM ÁREA MÉDIA MAIOR QUE 20 M², PÉ-DIREITO DUPLO, EM CHAPA DE MADEIRA COMPENSADA RESINADA, 14 UTILIZAÇÕES. AF_12/2015","M2","36,42"]
[92501,"MONTAGEM E DESMONTAGEM DE FÔRMA DE LAJE NERVURADA COM CUBETA E ASSOALHO COM ÁREA MÉDIA MENOR OU IGUAL A 20 M², PÉ-DIREITO SIMPLES, EM CHAPA DE MADEIRA COMPENSADA RESINADA, 14 UTILIZAÇÕES. AF_12/2015","M2","25,15"]
[92502,"MONTAGEM E DESMONTAGEM DE FÔRMA DE LAJE NERVURADA COM CUBETA E ASSOALHO COM ÁREA MÉDIA MAIOR QUE 20 M², PÉ-DIREITO SIMPLES, EM CHAPA DE MADEIRA COMPENSADA RESINADA, 14 UTILIZAÇÕES. AF_12/2015","M2","23,39"]
[92503,"MONTAGEM E DESMONTAGEM DE FÔRMA DE LAJE NERVURADA COM CUBETA E ASSOALHO COM ÁREA MÉDIA MENOR OU IGUAL A 20 M², PÉ-DIREITO DUPLO, EM CHAPA DE MADEIRA COMPENSADA RESINADA, 18 UTILIZAÇÕES. AF_12/2015","M2","36,81"]
[92504,"MONTAGEM E DESMONTAGEM DE FÔRMA DE LAJE NERVURADA COM CUBETA E ASSOALHO COM ÁREA MÉDIA MAIOR QUE 20 M², PÉ-DIREITO DUPLO, EM CHAPA DE MADEIRA COMPENSADA RESINADA, 18 UTILIZAÇÕES. AF_12/2015","M2","27,93"]
[92505,"MONTAGEM E DESMONTAGEM DE FÔRMA DE LAJE NERVURADA COM CUBETA E ASSOALHO COM ÁREA MÉDIA MENOR OU IGUAL A 20 M², PÉ-DIREITO SIMPLES, EM CHAPA DE MADEIRA COMPENSADA RESINADA, 18 UTILIZAÇÕES. AF_12/2015","M2","23,86"]
[92506,"MONTAGEM E DESMONTAGEM DE FÔRMA DE LAJE NERVURADA COM CUBETA E ASSOALHO COM ÁREA MÉDIA MAIOR QUE 20 M², PÉ-DIREITO SIMPLES, EM CHAPA DE MADEIRA COMPENSADA RESINADA, 18 UTILIZAÇÕES. AF_12/2015","M2","22,17"]
[92507,"MONTAGEM E DESMONTAGEM DE FÔRMA DE LAJE MACIÇA COM ÁREA MÉDIA MENOR OU IGUAL A 20 M², PÉ-DIREITO DUPLO, EM CHAPA DE MADEIRA COMPENSADA RESINADA, 2 UTILIZAÇÕES. AF_12/2015","M2","47,94"]
[92508,"MONTAGEM E DESMONTAGEM DE FÔRMA DE LAJE MACIÇA COM ÁREA MÉDIA MAIOR QUE 20 M², PÉ-DIREITO DUPLO, EM CHAPA DE MADEIRA COMPENSADA RESINADA, 2 UTILIZAÇÕES. AF_12/2015","M2","46,25"]
[92509,"MONTAGEM E DESMONTAGEM DE FÔRMA DE LAJE MACIÇA COM ÁREA MÉDIA MENOR OU IGUAL A 20 M², PÉ-DIREITO SIMPLES, EM CHAPA DE MADEIRA COMPENSADA RESINADA, 2 UTILIZAÇÕES. AF_12/2015","M2","33,17"]
[92510,"MONTAGEM E DESMONTAGEM DE FÔRMA DE LAJE MACIÇA COM ÁREA MÉDIA MAIOR QUE 20 M², PÉ-DIREITO SIMPLES, EM CHAPA DE MADEIRA COMPENSADA RESINADA, 2 UTILIZAÇÕES. AF_12/2015","M2","31,61"]
[92511,"MONTAGEM E DESMONTAGEM DE FÔRMA DE LAJE MACIÇA COM ÁREA MÉDIA MENOR OU IGUAL A 20 M², PÉ-DIREITO DUPLO, EM CHAPA DE MADEIRA COMPENSADA RESINADA, 4 UTILIZAÇÕES. AF_12/2015","M2","38,16"]
[92512,"MONTAGEM E DESMONTAGEM DE FÔRMA DE LAJE MACIÇA COM ÁREA MÉDIA MAIOR QUE 20 M², PÉ-DIREITO DUPLO, EM CHAPA DE MADEIRA COMPENSADA RESINADA, 4 UTILIZAÇÕES. AF_12/2015","M2","36,86"]
[92513,"MONTAGEM E DESMONTAGEM DE FÔRMA DE LAJE MACIÇA COM ÁREA MÉDIA MENOR OU IGUAL A 20 M², PÉ-DIREITO SIMPLES, EM CHAPA DE MADEIRA COMPENSADA RESINADA, 4 UTILIZAÇÕES. AF_12/2015","M2","23,54"]
[92514,"MONTAGEM E DESMONTAGEM DE FÔRMA DE LAJE MACIÇA COM ÁREA MÉDIA MAIOR QUE 20 M², PÉ-DIREITO SIMPLES, EM CHAPA DE MADEIRA COMPENSADA RESINADA, 4 UTILIZAÇÕES. AF_12/2015","M2","22,34"]
[92515,"MONTAGEM E DESMONTAGEM DE FÔRMA DE LAJE MACIÇA COM ÁREA MÉDIA MAIOR QUE 20 M², PÉ-DIREITO DUPLO, EM CHAPA DE MADEIRA COMPENSADA RESINADA, 6 UTILIZAÇÕES. AF_12/2015","M2","32,87"]
[92516,"MONTAGEM E DESMONTAGEM DE FÔRMA DE LAJE MACIÇA COM ÁREA MÉDIA MENOR OU IGUAL A 20 M², PÉ-DIREITO DUPLO, EM CHAPA DE MADEIRA COMPENSADA RESINADA, 6 UTILIZAÇÕES. AF_12/2015","M2","31,76"]
[92517,"MONTAGEM E DESMONTAGEM DE FÔRMA DE LAJE MACIÇA COM ÁREA MÉDIA MENOR OU IGUAL A 20 M², PÉ-DIREITO SIMPLES, EM CHAPA DE MADEIRA COMPENSADA RESINADA, 6 UTILIZAÇÕES. AF_12/2015","M2","19,26"]
[92518,"MONTAGEM E DESMONTAGEM DE FÔRMA DE LAJE MACIÇA COM ÁREA MÉDIA MAIOR QUE 20 M², PÉ-DIREITO SIMPLES, EM CHAPA DE MADEIRA COMPENSADA RESINADA, 6 UTILIZAÇÕES. AF_12/2015","M2","18,22"]
[92519,"MONTAGEM E DESMONTAGEM DE FÔRMA DE LAJE MACIÇA COM ÁREA MÉDIA MENOR OU IGUAL A 20 M², PÉ-DIREITO DUPLO, EM CHAPA DE MADEIRA COMPENSADA RESINADA, 8 UTILIZAÇÕES. AF_12/2015","M2","30,18"]
[92520,"MONTAGEM E DESMONTAGEM DE FÔRMA DE LAJE MACIÇA COM ÁREA MÉDIA MAIOR QUE 20 M², PÉ-DIREITO DUPLO, EM CHAPA DE MADEIRA COMPENSADA RESINADA, 8 UTILIZAÇÕES. AF_12/2015","M2","29,14"]
[92521,"MONTAGEM E DESMONTAGEM DE FÔRMA DE LAJE MACIÇA COM ÁREA MÉDIA MENOR OU IGUAL A 20 M², PÉ-DIREITO SIMPLES, EM CHAPA DE MADEIRA COMPENSADA RESINADA, 8 UTILIZAÇÕES. AF_12/2015","M2","17,06"]
[92522,"MONTAGEM E DESMONTAGEM DE FÔRMA DE LAJE MACIÇA COM ÁREA MÉDIA MAIOR QUE 20 M², PÉ-DIREITO SIMPLES, EM CHAPA DE MADEIRA COMPENSADA RESINADA, 8 UTILIZAÇÕES. AF_12/2015","M2","16,10"]
[92523,"MONTAGEM E DESMONTAGEM DE FÔRMA DE LAJE MACIÇA COM ÁREA MÉDIA MENOR OU IGUAL A 20 M², PÉ-DIREITO DUPLO, EM CHAPA DE MADEIRA COMPENSADA PLASTIFICADA, 10 UTILIZAÇÕES. AF_12/2015","M2","29,25"]
[92524,"MONTAGEM E DESMONTAGEM DE FÔRMA DE LAJE MACIÇA COM ÁREA MÉDIA MAIOR QUE 20 M², PÉ-DIREITO DUPLO, EM CHAPA DE MADEIRA COMPENSADA PLASTIFICADA, 10 UTILIZAÇÕES. AF_12/2015","M2","28,27"]
[92525,"MONTAGEM E DESMONTAGEM DE FÔRMA DE LAJE MACIÇA COM ÁREA MÉDIA MENOR OU IGUAL A 20 M², PÉ-DIREITO SIMPLES, EM CHAPA DE MADEIRA COMPENSADA PLASTIFICADA, 10 UTILIZAÇÕES. AF_12/2015","M2","16,45"]
[92526,"MONTAGEM E DESMONTAGEM DE FÔRMA DE LAJE MACIÇA COM ÁREA MÉDIA MAIOR QUE 20 M², PÉ-DIREITO SIMPLES, EM CHAPA DE MADEIRA COMPENSADA PLASTIFICADA, 10 UTILIZAÇÕES. AF_12/2015","M2","15,52"]
[92527,"MONTAGEM E DESMONTAGEM DE FÔRMA DE LAJE MACIÇA COM ÁREA MÉDIA MENOR OU IGUAL A 20 M², PÉ-DIREITO DUPLO, EM CHAPA DE MADEIRA COMPENSADA PLASTIFICADA, 12 UTILIZAÇÕES. AF_12/2015","M2","28,19"]
[92528,"MONTAGEM E DESMONTAGEM DE FÔRMA DE LAJE MACIÇA COM ÁREA MÉDIA MAIOR QUE 20 M², PÉ-DIREITO DUPLO, EM CHAPA DE MADEIRA COMPENSADA PLASTIFICADA, 12 UTILIZAÇÕES. AF_12/2015","M2","27,23"]
[92529,"MONTAGEM E DESMONTAGEM DE FÔRMA DE LAJE MACIÇA COM ÁREA MÉDIA MENOR OU IGUAL A 20 M², PÉ-DIREITO SIMPLES, EM CHAPA DE MADEIRA COMPENSADA PLASTIFICADA, 12 UTILIZAÇÕES. AF_12/2015","M2","15,57"]
[92530,"MONTAGEM E DESMONTAGEM DE FÔRMA DE LAJE MACIÇA COM ÁREA MÉDIA MAIOR QUE 20 M², PÉ-DIREITO SIMPLES, EM CHAPA DE MADEIRA COMPENSADA PLASTIFICADA, 12 UTILIZAÇÕES. AF_12/2015","M2","14,67"]
[92531,"MONTAGEM E DESMONTAGEM DE FÔRMA DE LAJE MACIÇA COM ÁREA MÉDIA MENOR OU IGUAL A 20 M², PÉ-DIREITO DUPLO, EM CHAPA DE MADEIRA COMPENSADA PLASTIFICADA, 14 UTILIZAÇÕES. AF_12/2015","M2","27,38"]
[92532,"MONTAGEM E DESMONTAGEM DE FÔRMA DE LAJE MACIÇA COM ÁREA MÉDIA MAIOR QUE 20 M², PÉ-DIREITO DUPLO, EM CHAPA DE MADEIRA COMPENSADA PLASTIFICADA, 14 UTILIZAÇÕES. AF_12/2015","M2","26,46"]
[92533,"MONTAGEM E DESMONTAGEM DE FÔRMA DE LAJE MACIÇA COM ÁREA MÉDIA MENOR OU IGUAL A 20 M², PÉ-DIREITO SIMPLES, EM CHAPA DE MADEIRA COMPENSADA PLASTIFICADA, 14 UTILIZAÇÕES. AF_12/2015","M2","14,92"]
[92534,"MONTAGEM E DESMONTAGEM DE FÔRMA DE LAJE MACIÇA COM ÁREA MÉDIA MAIOR QUE 20 M², PÉ-DIREITO SIMPLES, EM CHAPA DE MADEIRA COMPENSADA PLASTIFICADA, 14 UTILIZAÇÕES. AF_12/2015","M2","14,06"]
[92535,"MONTAGEM E DESMONTAGEM DE FÔRMA DE LAJE MACIÇA COM ÁREA MÉDIA MENOR OU IGUAL A 20 M², PÉ-DIREITO DUPLO, EM CHAPA DE MADEIRA COMPENSADA PLASTIFICADA, 18 UTILIZAÇÕES. AF_12/2015","M2","25,94"]
[92536,"MONTAGEM E DESMONTAGEM DE FÔRMA DE LAJE MACIÇA COM ÁREA MÉDIA MAIOR QUE 20 M², PÉ-DIREITO DUPLO, EM CHAPA DE MADEIRA COMPENSADA PLASTIFICADA, 18 UTILIZAÇÕES. AF_12/2015","M2","25,03"]
[92537,"MONTAGEM E DESMONTAGEM DE FÔRMA DE LAJE MACIÇA COM ÁREA MÉDIA MENOR OU IGUAL A 20 M², PÉ-DIREITO SIMPLES, EM CHAPA DE MADEIRA COMPENSADA PLASTIFICADA, 18 UTILIZAÇÕES. AF_12/2015","M2","13,64"]
[92538,"MONTAGEM E DESMONTAGEM DE FÔRMA DE LAJE MACIÇA COM ÁREA MÉDIA MAIOR QUE 20 M², PÉ-DIREITO SIMPLES, EM CHAPA DE MADEIRA COMPENSADA PLASTIFICADA, 18 UTILIZAÇÕES. AF_12/2015","M2","12,81"]
[95934,"FABRICAÇÃO DE FÔRMA PARA ESCADAS, COM 2 LANCES, EM CHAPA DE MADEIRA COMPENSADA PLASTIFICADA, E=18 MM. AF_01/2017","M2","101,43"]
[95935,"FABRICAÇÃO DE FÔRMA PARA ESCADAS, COM 2 LANCES, EM CHAPA DE MADEIRA COMPENSADA RESINADA, E= 17 MM. AF_01/2017","M2","86,49"]
[95936,"FABRICAÇÃO DE FÔRMA PARA ESCADAS, COM 2 LANCES, EM MADEIRA SERRADA, E=25 MM. AF_01/2017","M2","94,62"]
[95937,"MONTAGEM E DESMONTAGEM DE FÔRMA PARA ESCADAS, COM 2 LANCES, EM MADEIRA SERRADA, 1 UTILIZAÇÃO. AF_01/2017","M2","222,10"]
[95938,"MONTAGEM E DESMONTAGEM DE FÔRMA PARA ESCADAS, COM 2 LANCES, EM MADEIRA SERRADA, 2 UTILIZAÇÕES. AF_01/2017","M2","185,54"]
[95939,"MONTAGEM E DESMONTAGEM DE FÔRMA PARA ESCADAS, COM 2 LANCES, EM CHAPA DE MADEIRA COMPENSADA RESINADA, 4 UTILIZAÇÕES. AF_01/2017","M2","127,65"]
[95940,"MONTAGEM E DESMONTAGEM DE FÔRMA PARA ESCADAS, COM 2 LANCES, EM CHAPA DE MADEIRA COMPENSADA PLASTIFICADA, 6 UTILIZAÇÕES. AF_01/2017","M2","101,54"]
[95941,"MONTAGEM E DESMONTAGEM DE FÔRMA PARA ESCADAS, COM 2 LANCES, EM CHAPA DE MADEIRA COMPENSADA PLASTIFICADA, 8 UTILIZAÇÕES. AF_01/2017","M2","88,59"]
[95942,"MONTAGEM E DESMONTAGEM DE FÔRMA PARA ESCADAS, COM 2 LANCES, EM CHAPA DE MADEIRA COMPENSADA PLASTIFICADA, 10 UTILIZAÇÕES. AF_01/2017","M2","80,50"]
[96252,"FABRICAÇÃO DE FÔRMA PARA PILARES CIRCULARES, EM CHAPA DE MADEIRA COMPENSADA RESINADA. AF_06/2017","M2","138,01"]
[96257,"MONTAGEM E DESMONTAGEM DE FÔRMA DE PILARES CIRCULARES, COM ÁREA MÉDIA DAS SEÇÕES MENOR OU IGUAL A 0,28 M², PÉ-DIREITO SIMPLES, EM MADEIRA, 2 UTILIZAÇÕES. AF_06/2017","M2","115,06"]
[96258,"MONTAGEM E DESMONTAGEM DE FÔRMA DE PILARES CIRCULARES, COM ÁREA MÉDIA DAS SEÇÕES MAIOR QUE 0,28 M², PÉ-DIREITO SIMPLES, EM MADEIRA, 2 UTILIZAÇÕES. AF_06/2017","M2","108,19"]
[96259,"MONTAGEM E DESMONTAGEM DE FÔRMA DE PILARES CIRCULARES, COM ÁREA MÉDIA DAS SEÇÕES MENOR OU IGUAL A 0,28 M², PÉ-DIREITO DUPLO, EM MADEIRA, 2 UTILIZAÇÕES. AF_06/2017","M2","130,90"]
[96529,"FABRICAÇÃO, MONTAGEM E DESMONTAGEM DE FÔRMA PARA SAPATA, EM MADEIRA SERRADA, E=25 MM, 1 UTILIZAÇÃO. AF_06/2017","M2","178,20"]
[96530,"FABRICAÇÃO, MONTAGEM E DESMONTAGEM DE FÔRMA PARA VIGA BALDRAME, EM MADEIRA SERRADA, E=25 MM, 1 UTILIZAÇÃO. AF_06/2017","M2","88,86"]
[96531,"FABRICAÇÃO, MONTAGEM E DESMONTAGEM DE FÔRMA PARA BLOCO DE COROAMENTO, EM MADEIRA SERRADA, E=25 MM, 2 UTILIZAÇÕES. AF_06/2017","M2","65,71"]
[96532,"FABRICAÇÃO, MONTAGEM E DESMONTAGEM DE FÔRMA PARA SAPATA, EM MADEIRA SERRADA, E=25 MM, 2 UTILIZAÇÕES. AF_06/2017","M2","116,87"]
[96533,"FABRICAÇÃO, MONTAGEM E DESMONTAGEM DE FÔRMA PARA VIGA BALDRAME, EM MADEIRA SERRADA, E=25 MM, 2 UTILIZAÇÕES. AF_06/2017","M2","57,37"]
[96534,"FABRICAÇÃO, MONTAGEM E DESMONTAGEM DE FÔRMA PARA BLOCO DE COROAMENTO, EM MADEIRA SERRADA, E=25 MM, 4 UTILIZAÇÕES. AF_06/2017","M2","48,26"]
[96535,"FABRICAÇÃO, MONTAGEM E DESMONTAGEM DE FÔRMA PARA SAPATA, EM MADEIRA SERRADA, E=25 MM, 4 UTILIZAÇÕES. AF_06/2017","M2","84,92"]
[96536,"FABRICAÇÃO, MONTAGEM E DESMONTAGEM DE FÔRMA PARA VIGA BALDRAME, EM MADEIRA SERRADA, E=25 MM, 4 UTILIZAÇÕES. AF_06/2017","M2","41,00"]
[96537,"FABRICAÇÃO, MONTAGEM E DESMONTAGEM DE FÔRMA PARA BLOCO DE COROAMENTO, EM CHAPA DE MADEIRA COMPENSADA RESINADA, E=17 MM, 2 UTILIZAÇÕES. AF_06/2017","M2","105,26"]
[96538,"FABRICAÇÃO, MONTAGEM E DESMONTAGEM DE FÔRMA PARA SAPATA, EM CHAPA DE MADEIRA COMPENSADA RESINADA, E=17 MM, 2 UTILIZAÇÕES. AF_06/2017","M2","159,29"]
[96539,"FABRICAÇÃO, MONTAGEM E DESMONTAGEM DE FÔRMA PARA VIGA BALDRAME, EM CHAPA DE MADEIRA COMPENSADA RESINADA, E=17 MM, 2 UTILIZAÇÕES. AF_06/2017","M2","71,87"]
[96540,"FABRICAÇÃO, MONTAGEM E DESMONTAGEM DE FÔRMA PARA BLOCO DE COROAMENTO, EM CHAPA DE MADEIRA COMPENSADA RESINADA, E=17 MM, 4 UTILIZAÇÕES. AF_06/2017","M2","75,49"]
[96541,"FABRICAÇÃO, MONTAGEM E DESMONTAGEM DE FÔRMA PARA SAPATA, EM CHAPA DE MADEIRA COMPENSADA RESINADA, E=17 MM, 4 UTILIZAÇÕES. AF_06/2017","M2","114,24"]
[96542,"FABRICAÇÃO, MONTAGEM E DESMONTAGEM DE FÔRMA PARA VIGA BALDRAME, EM CHAPA DE MADEIRA COMPENSADA RESINADA, E=17 MM, 4 UTILIZAÇÕES. AF_06/2017","M2","54,87"]
[96543,"ARMAÇÃO DE BLOCO, VIGA BALDRAME E SAPATA UTILIZANDO AÇO CA-60 DE 5 MM - MONTAGEM. AF_06/2017","KG","10,50"]
[97747,"MONTAGEM E DESMONTAGEM DE FÔRMA DE PILARES CIRCULARES, COM ÁREA MÉDIA DAS SEÇÕES MAIOR QUE 0,28 M², PÉ-DIREITO DUPLO, EM MADEIRA, 2 UTILIZAÇÕES.  AF_06/2017","M2","121,60"]
["73771/1","PROTENSAO DE TIRANTES DE BARRA DE ACO CA-50 EXCL MATERIAIS","UN","18,72"]
["73990/1","ARMACAO ACO CA-50 P/1,0M3 DE CONCRETO","UN","481,47"]
["73994/1","ARMACAO EM TELA DE ACO SOLDADA NERVURADA Q-138, ACO CA-60, 4,2MM, MALHA 10X10CM","KG","6,51"]
["79504/1","TIRANTES P/PROTENSAO E ANCORAGEM EM ROCHA C/ 6 FIOS ACO DURO 8MM .","M","39,69"]
["79504/2","TIRANTES P/PROTENSAO E ANCORAGEM EM ROCHA C/ 8 FIOS ACO DURO 8MM .","M","45,95"]
["79504/3","TIRANTES P/PROTENSAO E ANCORAGEM EM ROCHA C/10 FIOS ACO DURO 8MM .","M","52,21"]
["79504/4","TIRANTES P/PROTENSAO E ANCORAGEM EM ROCHA C/12 FIOS ACO DURO 8MM .","M","58,47"]
["79504/5","TIRANTE PROTENDIDO P/  ANCORAGEM EM SOLO  C/ 6 FIOS ACO DURO 8MM, INCLUSIVE PROTEÇÃO ANTICORR0SIVA.","M","48,08"]
["79504/6","TIRANTES P/PROTENSAO E ANCORAGEM EM SOLO TRECHO LIVRE C/ 8 FIOS ACO DURO 8MM INCLUSIVE PROTECAO ANTICORROSIVA.","M","54,34"]
["79504/7","TIRANTES P/PROTENSAO E ANCORAGEM EM SOLO TRECHO LIVRE C/10 FIOS ACO DURO 8MM INCLUSIVE PROTECAO ANTICORROSIVA.","M","60,60"]
["79504/8","TIRANTES P/PROTENSAO E ANCORAGEM EM SOLO TRECHO LIVRE C/16 FIOS ACO DURO 8MM INCLUSIVE PROTECAO ANTICORROSIVA.","M","80,16"]
["79504/9","TIRANTES P/PROTENSAO E ANCORAGEM EM SOLO TRECHO ANCOR C/ 6 FIOS ACO DURO 8MM , INCLUSIVE PROTECAO ANTICORROSIVA.","M","93,67"]
["79504/10","TIRANTES P/PROTENSAO E ANCORAGEM EM SOLO TRECHO ANCOR C/ 8 FIOS ACO DURO 8MM , INCLUSIVE PROTECAO ANTICORROSIVA.","M","99,93"]
["79504/11","TIRANTES P/PROTENSAO E ANCORAGEM EM SOLO TRECHO ANCOR C/10 FIOS ACO DURO 8MM .","M","106,19"]
["79504/12","TIRANTES P/PROTENSAO E ANCORAGEM EM SOLO TRECHO ANCOR C/16 FIOS ACO DURO 8MM .","M","125,75"]
[85662,"ARMACAO EM TELA DE ACO SOLDADA NERVURADA Q-92, ACO CA-60, 4,2MM, MALHA 15X15CM","M2","9,74"]
[89996,"ARMAÇÃO VERTICAL DE ALVENARIA ESTRUTURAL; DIÂMETRO DE 10,0 MM. AF_01/2015","KG","5,91"]
[89997,"ARMAÇÃO VERTICAL DE ALVENARIA ESTRUTURAL; DIÂMETRO DE 12,5 MM. AF_01/2015","KG","5,12"]
[89998,"ARMAÇÃO DE CINTA DE ALVENARIA ESTRUTURAL; DIÂMETRO DE 10,0 MM. AF_01/2015","KG","5,56"]
[89999,"ARMAÇÃO DE VERGA E CONTRAVERGA DE ALVENARIA ESTRUTURAL; DIÂMETRO DE 8,0 MM. AF_01/2015","KG","9,00"]
[90000,"ARMAÇÃO DE VERGA E CONTRAVERGA DE ALVENARIA ESTRUTURAL; DIÂMETRO DE 10,0 MM. AF_01/2015","KG","6,81"]
[91593,"ARMAÇÃO DO SISTEMA DE PAREDES DE CONCRETO, EXECUTADA EM PAREDES DE EDIFICAÇÕES DE MÚLTIPLOS PAVIMENTOS, TELA Q-138. AF_06/2015","KG","6,54"]
[91594,"ARMAÇÃO DO SISTEMA DE PAREDES DE CONCRETO, EXECUTADA EM PAREDES DE EDIFICAÇÕES TÉRREAS OU DE MÚLTIPLOS PAVIMENTOS, TELA Q-92. AF_06/2015","KG","6,89"]
[91595,"ARMAÇÃO DO SISTEMA DE PAREDES DE CONCRETO, EXECUTADA EM PAREDES DE EDIFICAÇÕES TÉRREAS, TELA Q-61. AF_06/2015","KG","7,63"]
[91596,"ARMAÇÃO DO SISTEMA DE PAREDES DE CONCRETO, EXECUTADA COMO ARMADURA POSITIVA DE LAJES, TELA Q-138. AF_06/2015","KG","6,67"]
[91597,"ARMAÇÃO DO SISTEMA DE PAREDES DE CONCRETO, EXECUTADA COMO ARMADURA NEGATIVA DE LAJES, TELA T-196. AF_06/2015","KG","4,66"]
[91598,"ARMAÇÃO DO SISTEMA DE PAREDES DE CONCRETO, EXECUTADA COMO ARMADURA POSITIVA DE LAJES, TELA Q-113. AF_06/2015","KG","6,61"]
[91599,"ARMAÇÃO DO SISTEMA DE PAREDES DE CONCRETO, EXECUTADA COMO ARMADURA NEGATIVA DE LAJES, TELA L-159. AF_06/2015","KG","7,09"]
[91600,"ARMAÇÃO DO SISTEMA DE PAREDES DE CONCRETO, EXECUTADA EM PLATIBANDAS, TELA Q-92. AF_06/2015","KG","7,50"]
[91601,"ARMAÇÃO DO SISTEMA DE PAREDES DE CONCRETO, EXECUTADA COMO REFORÇO, VERGALHÃO DE 6,3 MM DE DIÂMETRO. AF_06/2015","KG","7,63"]
[91602,"ARMAÇÃO DO SISTEMA DE PAREDES DE CONCRETO, EXECUTADA COMO REFORÇO, VERGALHÃO DE 8,0 MM DE DIÂMETRO. AF_06/2015","KG","7,23"]
[91603,"ARMAÇÃO DO SISTEMA DE PAREDES DE CONCRETO, EXECUTADA COMO REFORÇO, VERGALHÃO DE 10,0 MM DE DIÂMETRO. AF_06/2015","KG","5,80"]
[92759,"ARMAÇÃO DE PILAR OU VIGA DE UMA ESTRUTURA CONVENCIONAL DE CONCRETO ARMADO EM UM EDIFÍCIO DE MÚLTIPLOS PAVIMENTOS UTILIZANDO AÇO CA-60 DE 5,0 MM - MONTAGEM. AF_12/2015","KG","8,66"]
[92760,"ARMAÇÃO DE PILAR OU VIGA DE UMA ESTRUTURA CONVENCIONAL DE CONCRETO ARMADO EM UM EDIFÍCIO DE MÚLTIPLOS PAVIMENTOS UTILIZANDO AÇO CA-50 DE 6,3 MM - MONTAGEM. AF_12/2015","KG","7,67"]
[92761,"ARMAÇÃO DE PILAR OU VIGA DE UMA ESTRUTURA CONVENCIONAL DE CONCRETO ARMADO EM UM EDIFÍCIO DE MÚLTIPLOS PAVIMENTOS UTILIZANDO AÇO CA-50 DE 8,0 MM - MONTAGEM. AF_12/2015","KG","7,62"]
[92762,"ARMAÇÃO DE PILAR OU VIGA DE UMA ESTRUTURA CONVENCIONAL DE CONCRETO ARMADO EM UM EDIFÍCIO DE MÚLTIPLOS PAVIMENTOS UTILIZANDO AÇO CA-50 DE 10,0 MM - MONTAGEM. AF_12/2015","KG","6,23"]
[92763,"ARMAÇÃO DE PILAR OU VIGA DE UMA ESTRUTURA CONVENCIONAL DE CONCRETO ARMADO EM UM EDIFÍCIO DE MÚLTIPLOS PAVIMENTOS UTILIZANDO AÇO CA-50 DE 12,5 MM - MONTAGEM. AF_12/2015","KG","5,61"]
[92764,"ARMAÇÃO DE PILAR OU VIGA DE UMA ESTRUTURA CONVENCIONAL DE CONCRETO ARMADO EM UM EDIFÍCIO DE MÚLTIPLOS PAVIMENTOS UTILIZANDO AÇO CA-50 DE 16,0 MM - MONTAGEM. AF_12/2015","KG","5,29"]
[92765,"ARMAÇÃO DE PILAR OU VIGA DE UMA ESTRUTURA CONVENCIONAL DE CONCRETO ARMADO EM UM EDIFÍCIO DE MÚLTIPLOS PAVIMENTOS UTILIZANDO AÇO CA-50 DE 20,0 MM - MONTAGEM. AF_12/2015","KG","4,90"]
[92766,"ARMAÇÃO DE PILAR OU VIGA DE UMA ESTRUTURA CONVENCIONAL DE CONCRETO ARMADO EM UM EDIFÍCIO DE MÚLTIPLOS PAVIMENTOS UTILIZANDO AÇO CA-50 DE 25,0 MM - MONTAGEM. AF_12/2015","KG","5,42"]
[92767,"ARMAÇÃO DE LAJE DE UMA ESTRUTURA CONVENCIONAL DE CONCRETO ARMADO EM UM EDIFÍCIO DE MÚLTIPLOS PAVIMENTOS UTILIZANDO AÇO CA-60 DE 4,2 MM - MONTAGEM. AF_12/2015","KG","8,78"]
[92768,"ARMAÇÃO DE LAJE DE UMA ESTRUTURA CONVENCIONAL DE CONCRETO ARMADO EM UM EDIFÍCIO DE MÚLTIPLOS PAVIMENTOS UTILIZANDO AÇO CA-60 DE 5,0 MM - MONTAGEM. AF_12/2015","KG","7,68"]
[92769,"ARMAÇÃO DE LAJE DE UMA ESTRUTURA CONVENCIONAL DE CONCRETO ARMADO EM UM EDIFÍCIO DE MÚLTIPLOS PAVIMENTOS UTILIZANDO AÇO CA-50 DE 6,3 MM - MONTAGEM. AF_12/2015","KG","6,94"]
[92770,"ARMAÇÃO DE LAJE DE UMA ESTRUTURA CONVENCIONAL DE CONCRETO ARMADO EM UM EDIFÍCIO DE MÚLTIPLOS PAVIMENTOS UTILIZANDO AÇO CA-50 DE 8,0 MM - MONTAGEM. AF_12/2015","KG","7,07"]
[92771,"ARMAÇÃO DE LAJE DE UMA ESTRUTURA CONVENCIONAL DE CONCRETO ARMADO EM UM EDIFÍCIO DE MÚLTIPLOS PAVIMENTOS UTILIZANDO AÇO CA-50 DE 10,0 MM - MONTAGEM. AF_12/2015","KG","5,80"]
[92772,"ARMAÇÃO DE LAJE DE UMA ESTRUTURA CONVENCIONAL DE CONCRETO ARMADO EM UM EDIFÍCIO DE MÚLTIPLOS PAVIMENTOS UTILIZANDO AÇO CA-50 DE 12,5 MM - MONTAGEM. AF_12/2015","KG","5,28"]
[92773,"ARMAÇÃO DE LAJE DE UMA ESTRUTURA CONVENCIONAL DE CONCRETO ARMADO EM UM EDIFÍCIO DE MÚLTIPLOS PAVIMENTOS UTILIZANDO AÇO CA-50 DE 16,0 MM - MONTAGEM. AF_12/2015","KG","5,06"]
[92774,"ARMAÇÃO DE LAJE DE UMA ESTRUTURA CONVENCIONAL DE CONCRETO ARMADO EM UM EDIFÍCIO DE MÚLTIPLOS PAVIMENTOS UTILIZANDO AÇO CA-50 DE 20,0 MM - MONTAGEM. AF_12/2015","KG","4,73"]
[92775,"ARMAÇÃO DE PILAR OU VIGA DE UMA ESTRUTURA CONVENCIONAL DE CONCRETO ARMADO EM UMA EDIFICAÇÃO TÉRREA OU SOBRADO UTILIZANDO AÇO CA-60 DE 5,0 MM - MONTAGEM. AF_12/2015","KG","10,56"]
[92776,"ARMAÇÃO DE PILAR OU VIGA DE UMA ESTRUTURA CONVENCIONAL DE CONCRETO ARMADO EM UMA EDIFICAÇÃO TÉRREA OU SOBRADO UTILIZANDO AÇO CA-50 DE 6,3 MM - MONTAGEM. AF_12/2015","KG","9,12"]
[92777,"ARMAÇÃO DE PILAR OU VIGA DE UMA ESTRUTURA CONVENCIONAL DE CONCRETO ARMADO EM UMA EDIFICAÇÃO TÉRREA OU SOBRADO UTILIZANDO AÇO CA-50 DE 8,0 MM - MONTAGEM. AF_12/2015","KG","8,70"]
[92778,"ARMAÇÃO DE PILAR OU VIGA DE UMA ESTRUTURA CONVENCIONAL DE CONCRETO ARMADO EM UMA EDIFICAÇÃO TÉRREA OU SOBRADO UTILIZANDO AÇO CA-50 DE 10,0 MM - MONTAGEM. AF_12/2015","KG","7,04"]
[92779,"ARMAÇÃO DE PILAR OU VIGA DE UMA ESTRUTURA CONVENCIONAL DE CONCRETO ARMADO EM UMA EDIFICAÇÃO TÉRREA OU SOBRADO UTILIZANDO AÇO CA-50 DE 12,5 MM - MONTAGEM. AF_12/2015","KG","6,20"]
[92780,"ARMAÇÃO DE PILAR OU VIGA DE UMA ESTRUTURA CONVENCIONAL DE CONCRETO ARMADO EM UMA EDIFICAÇÃO TÉRREA OU SOBRADO UTILIZANDO AÇO CA-50 DE 16,0 MM - MONTAGEM. AF_12/2015","KG","5,70"]
[92781,"ARMAÇÃO DE PILAR OU VIGA DE UMA ESTRUTURA CONVENCIONAL DE CONCRETO ARMADO EM UMA EDIFICAÇÃO TÉRREA OU SOBRADO UTILIZANDO AÇO CA-50 DE 20,0 MM - MONTAGEM. AF_12/2015","KG","5,17"]
[92782,"ARMAÇÃO DE PILAR OU VIGA DE UMA ESTRUTURA CONVENCIONAL DE CONCRETO ARMADO EM UMA EDIFICAÇÃO TÉRREA OU SOBRADO UTILIZANDO AÇO CA-50 DE 25,0 MM - MONTAGEM. AF_12/2015","KG","5,57"]
[92783,"ARMAÇÃO DE LAJE DE UMA ESTRUTURA CONVENCIONAL DE CONCRETO ARMADO EM UMA EDIFICAÇÃO TÉRREA OU SOBRADO UTILIZANDO AÇO CA-60 DE 4,2 MM - MONTAGEM. AF_12/2015","KG","10,39"]
[92784,"ARMAÇÃO DE LAJE DE UMA ESTRUTURA CONVENCIONAL DE CONCRETO ARMADO EM UMA EDIFICAÇÃO TÉRREA OU SOBRADO UTILIZANDO AÇO CA-60 DE 5,0 MM - MONTAGEM. AF_12/2015","KG","8,99"]
[92785,"ARMAÇÃO DE LAJE DE UMA ESTRUTURA CONVENCIONAL DE CONCRETO ARMADO EM UMA EDIFICAÇÃO TÉRREA OU SOBRADO UTILIZANDO AÇO CA-50 DE 6,3 MM - MONTAGEM. AF_12/2015","KG","7,93"]
[92786,"ARMAÇÃO DE LAJE DE UMA ESTRUTURA CONVENCIONAL DE CONCRETO ARMADO EM UMA EDIFICAÇÃO TÉRREA OU SOBRADO UTILIZANDO AÇO CA-50 DE 8,0 MM - MONTAGEM. AF_12/2015","KG","7,80"]
[92787,"ARMAÇÃO DE LAJE DE UMA ESTRUTURA CONVENCIONAL DE CONCRETO ARMADO EM UMA EDIFICAÇÃO TÉRREA OU SOBRADO UTILIZANDO AÇO CA-50 DE 10,0 MM - MONTAGEM. AF_12/2015","KG","6,33"]
[92788,"ARMAÇÃO DE LAJE DE UMA ESTRUTURA CONVENCIONAL DE CONCRETO ARMADO EM UMA EDIFICAÇÃO TÉRREA OU SOBRADO UTILIZANDO AÇO CA-50 DE 12,5 MM - MONTAGEM. AF_12/2015","KG","5,65"]
[92789,"ARMAÇÃO DE LAJE DE UMA ESTRUTURA CONVENCIONAL DE CONCRETO ARMADO EM UMA EDIFICAÇÃO TÉRREA OU SOBRADO UTILIZANDO AÇO CA-50 DE 16,0 MM - MONTAGEM. AF_12/2015","KG","5,30"]
[92790,"ARMAÇÃO DE LAJE DE UMA ESTRUTURA CONVENCIONAL DE CONCRETO ARMADO EM UMA EDIFICAÇÃO TÉRREA OU SOBRADO UTILIZANDO AÇO CA-50 DE 20,0 MM - MONTAGEM. AF_12/2015","KG","4,88"]
[92791,"CORTE E DOBRA DE AÇO CA-60, DIÂMETRO DE 5,0 MM, UTILIZADO EM ESTRUTURAS DIVERSAS, EXCETO LAJES. AF_12/2015","KG","5,95"]
[92792,"CORTE E DOBRA DE AÇO CA-50, DIÂMETRO DE 6,3 MM, UTILIZADO EM ESTRUTURAS DIVERSAS, EXCETO LAJES. AF_12/2015","KG","5,55"]
[92793,"CORTE E DOBRA DE AÇO CA-50, DIÂMETRO DE 8,0 MM, UTILIZADO EM ESTRUTURAS DIVERSAS, EXCETO LAJES. AF_12/2015","KG","5,98"]
[92794,"CORTE E DOBRA DE AÇO CA-50, DIÂMETRO DE 10,0 MM, UTILIZADO EM ESTRUTURAS DIVERSAS, EXCETO LAJES. AF_12/2015","KG","4,95"]
[92795,"CORTE E DOBRA DE AÇO CA-50, DIÂMETRO DE 12,5 MM, UTILIZADO EM ESTRUTURAS DIVERSAS, EXCETO LAJES. AF_12/2015","KG","4,62"]
[92796,"CORTE E DOBRA DE AÇO CA-50, DIÂMETRO DE 16,0 MM, UTILIZADO EM ESTRUTURAS DIVERSAS, EXCETO LAJES. AF_12/2015","KG","4,56"]
[92797,"CORTE E DOBRA DE AÇO CA-50, DIÂMETRO DE 20,0 MM, UTILIZADO EM ESTRUTURAS DIVERSAS, EXCETO LAJES. AF_12/2015","KG","4,35"]
[92798,"CORTE E DOBRA DE AÇO CA-50, DIÂMETRO DE 25,0 MM, UTILIZADO EM ESTRUTURAS DIVERSAS, EXCETO LAJES. AF_12/2015","KG","5,01"]
[92799,"CORTE E DOBRA DE AÇO CA-60, DIÂMETRO DE 4,2 MM, UTILIZADO EM LAJE. AF_12/2015","KG","6,25"]
[92800,"CORTE E DOBRA DE AÇO CA-60, DIÂMETRO DE 5,0 MM, UTILIZADO EM LAJE. AF_12/2015","KG","5,59"]
[92801,"CORTE E DOBRA DE AÇO CA-50, DIÂMETRO DE 6,3 MM, UTILIZADO EM LAJE. AF_12/2015","KG","5,35"]
[92802,"CORTE E DOBRA DE AÇO CA-50, DIÂMETRO DE 8,0 MM, UTILIZADO EM LAJE. AF_12/2015","KG","5,87"]
[92803,"CORTE E DOBRA DE AÇO CA-50, DIÂMETRO DE 10,0 MM, UTILIZADO EM LAJE. AF_12/2015","KG","4,88"]
[92804,"CORTE E DOBRA DE AÇO CA-50, DIÂMETRO DE 12,5 MM, UTILIZADO EM LAJE. AF_12/2015","KG","4,58"]
[92805,"CORTE E DOBRA DE AÇO CA-50, DIÂMETRO DE 16,0 MM, UTILIZADO EM LAJE. AF_12/2015","KG","4,54"]
[92806,"CORTE E DOBRA DE AÇO CA-50, DIÂMETRO DE 20,0 MM, UTILIZADO EM LAJE. AF_12/2015","KG","4,34"]
[92875,"CORTE E DOBRA DE AÇO CA-25, DIÂMETRO DE 6,3 MM. AF_12/2015","KG","5,59"]
[92876,"CORTE E DOBRA DE AÇO CA-25, DIÂMETRO DE 8,0 MM. AF_12/2015","KG","5,36"]
[92877,"CORTE E DOBRA DE AÇO CA-25, DIÂMETRO DE 10,0 MM. AF_12/2015","KG","4,85"]
[92878,"CORTE E DOBRA DE AÇO CA-25, DIÂMETRO DE 12,5 MM. AF_12/2015","KG","4,79"]
[92879,"CORTE E DOBRA DE AÇO CA-25, DIÂMETRO DE 16,0 MM. AF_12/2015","KG","4,73"]
[92880,"CORTE E DOBRA DE AÇO CA-25, DIÂMETRO DE 20,0 MM. AF_12/2015","KG","4,82"]
[92881,"CORTE E DOBRA DE AÇO CA-25, DIÂMETRO DE 25,0 MM. AF_12/2015","KG","4,80"]
[92882,"ARMAÇÃO UTILIZANDO AÇO CA-25 DE 6,3 MM - MONTAGEM. AF_12/2015","KG","7,71"]
[92883,"ARMAÇÃO UTILIZANDO AÇO CA-25 DE 8,0 MM - MONTAGEM. AF_12/2015","KG","7,00"]
[92884,"ARMAÇÃO UTILIZANDO AÇO CA-25 DE 10,0 MM - MONTAGEM. AF_12/2015","KG","6,13"]
[92885,"ARMAÇÃO UTILIZANDO AÇO CA-25 DE 12,5 MM - MONTAGEM. AF_12/2015","KG","5,78"]
[92886,"ARMAÇÃO UTILIZANDO AÇO CA-25 DE 16,0 MM - MONTAGEM. AF_12/2015","KG","5,46"]
[92887,"ARMAÇÃO UTILIZANDO AÇO CA-25 DE 20,0 MM - MONTAGEM. AF_12/2015","KG","5,37"]
[92888,"ARMAÇÃO UTILIZANDO AÇO CA-25 DE 25,0 MM - MONTAGEM. AF_12/2015","KG","5,21"]
[92915,"ARMAÇÃO DE ESTRUTURAS DE CONCRETO ARMADO, EXCETO VIGAS, PILARES, LAJES E FUNDAÇÕES, UTILIZANDO AÇO CA-60 DE 5,0 MM - MONTAGEM. AF_12/2015","KG","9,61"]
[92916,"ARMAÇÃO DE ESTRUTURAS DE CONCRETO ARMADO, EXCETO VIGAS, PILARES, LAJES E FUNDAÇÕES, UTILIZANDO AÇO CA-50 DE 6,3 MM - MONTAGEM. AF_12/2015","KG","8,40"]
[92917,"ARMAÇÃO DE ESTRUTURAS DE CONCRETO ARMADO, EXCETO VIGAS, PILARES, LAJES E FUNDAÇÕES, UTILIZANDO AÇO CA-50 DE 8,0 MM - MONTAGEM. AF_12/2015","KG","8,16"]
[92919,"ARMAÇÃO DE ESTRUTURAS DE CONCRETO ARMADO, EXCETO VIGAS, PILARES, LAJES E FUNDAÇÕES, UTILIZANDO AÇO CA-50 DE 10,0 MM - MONTAGEM. AF_12/2015","KG","6,63"]
[92921,"ARMAÇÃO DE ESTRUTURAS DE CONCRETO ARMADO, EXCETO VIGAS, PILARES, LAJES E FUNDAÇÕES, UTILIZANDO AÇO CA-50 DE 12,5 MM - MONTAGEM. AF_12/2015","KG","5,90"]
[92922,"ARMAÇÃO DE ESTRUTURAS DE CONCRETO ARMADO, EXCETO VIGAS, PILARES, LAJES E FUNDAÇÕES, UTILIZANDO AÇO CA-50 DE 16,0 MM - MONTAGEM. AF_12/2015","KG","5,49"]
[92923,"ARMAÇÃO DE ESTRUTURAS DE CONCRETO ARMADO, EXCETO VIGAS, PILARES, LAJES E FUNDAÇÕES, UTILIZANDO AÇO CA-50 DE 20,0 MM - MONTAGEM. AF_12/2015","KG","5,04"]
[92924,"ARMAÇÃO DE ESTRUTURAS DE CONCRETO ARMADO, EXCETO VIGAS, PILARES, LAJES E FUNDAÇÕES, UTILIZANDO AÇO CA-50 DE 25,0 MM - MONTAGEM. AF_12/2015","KG","5,50"]
[95445,"CORTE E DOBRA DE AÇO CA-60, DIÂMETRO DE 5,0 MM, UTILIZADO EM ESTRIBO CONTÍNUO HELICOIDAL. AF_10/2016","KG","4,69"]
[95446,"CORTE E DOBRA DE AÇO CA-50, DIÂMETRO DE 6,3 MM, UTILIZADO EM ESTRIBO CONTÍNUO HELICOIDAL. AF_10/2016","KG","4,81"]
[95576,"MONTAGEM DE ARMADURA LONGITUDINAL/TRANSVERSAL DE ESTACAS DE SEÇÃO CIRCULAR, DIÂMETRO = 8,0 MM. AF_11/2016","KG","7,75"]
[95577,"MONTAGEM DE ARMADURA LONGITUDINAL DE ESTACAS DE SEÇÃO CIRCULAR, DIÂMETRO = 10,0 MM. AF_11/2016","KG","6,41"]
[95578,"MONTAGEM DE ARMADURA LONGITUDINAL/TRANSVERSAL DE ESTACAS DE SEÇÃO CIRCULAR, DIÂMETRO = 12,5 MM. AF_11/2016","KG","5,83"]
[95579,"MONTAGEM DE ARMADURA LONGITUDINAL DE ESTACAS DE SEÇÃO CIRCULAR, DIÂMETRO = 16,0 MM. AF_11/2016","KG","5,54"]
[95580,"MONTAGEM DE ARMADURA LONGITUDINAL DE ESTACAS DE SEÇÃO CIRCULAR, DIÂMETRO = 20,0 MM. AF_11/2016","KG","5,19"]
[95581,"MONTAGEM DE ARMADURA LONGITUDINAL DE ESTACAS DE SEÇÃO CIRCULAR, DIÂMETRO = 25,0 MM. AF_11/2016","KG","5,71"]
[95583,"MONTAGEM DE ARMADURA TRANSVERSAL DE ESTACAS DE SEÇÃO CIRCULAR, DIÂMETRO = 5,0 MM. AF_11/2016","KG","9,96"]
[95584,"MONTAGEM DE ARMADURA TRANSVERSAL DE ESTACAS DE SEÇÃO CIRCULAR, DIÂMETRO = 6,3 MM. AF_11/2016","KG","8,15"]
[95585,"MONTAGEM DE ARMADURA LONGITUDINAL/TRANSVERSAL DE ESTACAS DE SEÇÃO RETANGULAR (BARRETE), DIÂMETRO = 8,0 MM. AF_11/2016","KG","8,08"]
[95586,"MONTAGEM DE ARMADURA LONGITUDINAL DE ESTACAS DE SEÇÃO RETANGULAR (BARRETE), DIÂMETRO = 10,0 MM. AF_11/2016","KG","6,65"]
[95587,"MONTAGEM DE ARMADURA LONGITUDINAL/TRANSVERSAL DE ESTACAS DE SEÇÃO RETANGULAR (BARRETE), DIÂMETRO = 12,5 MM. AF_11/2016","KG","6,05"]
[95588,"MONTAGEM DE ARMADURA LONGITUDINAL DE ESTACAS DE SEÇÃO RETANGULAR (BARRETE), DIÂMETRO = 16,0 MM. AF_11/2016","KG","5,70"]
[95589,"MONTAGEM DE ARMADURA LONGITUDINAL DE ESTACAS DE SEÇÃO RETANGULAR (BARRETE), DIÂMETRO = 20,0 MM. AF_11/2016","KG","5,32"]
[95590,"MONTAGEM DE ARMADURA LONGITUDINAL DE ESTACAS DE SEÇÃO RETANGULAR (BARRETE), DIÂMETRO = 25,0 MM. AF_11/2016","KG","5,83"]
[95592,"MONTAGEM DE ARMADURA TRANSVERSAL DE ESTACAS DE SEÇÃO RETANGULAR (BARRETE), DIÂMETRO = 5,0 MM. AF_11/2016","KG","12,24"]
[95593,"MONTAGEM DE ARMADURA TRANSVERSAL DE ESTACAS DE SEÇÃO RETANGULAR (BARRETE), DIÂMETRO = 6,3 MM. AF_11/2016","KG","9,53"]
[95943,"ARMAÇÃO DE ESCADA, COM 2 LANCES, DE UMA ESTRUTURA CONVENCIONAL DE CONCRETO ARMADO UTILIZANDO AÇO CA-60 DE 5,0 MM - MONTAGEM. AF_01/2017","KG","12,84"]
[95944,"ARMAÇÃO DE ESCADA, COM 2 LANCES, DE UMA ESTRUTURA CONVENCIONAL DE CONCRETO ARMADO UTILIZANDO AÇO CA-50 DE 6,3 MM - MONTAGEM. AF_01/2017","KG","11,26"]
[95945,"ARMAÇÃO DE ESCADA, COM 2 LANCES, DE UMA ESTRUTURA CONVENCIONAL DE CONCRETO ARMADO UTILIZANDO AÇO CA-50 DE 8,0 MM - MONTAGEM. AF_01/2017","KG","9,46"]
[95946,"ARMAÇÃO DE ESCADA, COM 2 LANCES, DE UMA ESTRUTURA CONVENCIONAL DE CONCRETO ARMADO UTILIZANDO AÇO CA-50 DE 10,0 MM - MONTAGEM. AF_01/2017","KG","6,92"]
[95947,"ARMAÇÃO DE ESCADA, COM 2 LANCES, DE UMA ESTRUTURA CONVENCIONAL DE CONCRETO ARMADO UTILIZANDO AÇO CA-50 DE 12,5 MM - MONTAGEM. AF_01/2017","KG","5,63"]
[95948,"ARMAÇÃO DE ESCADA, COM 2 LANCES, DE UMA ESTRUTURA CONVENCIONAL DE CONCRETO ARMADO UTILIZANDO AÇO CA-50 DE 16,0 MM - MONTAGEM. AF_01/2017","KG","4,90"]
[96544,"ARMAÇÃO DE BLOCO, VIGA BALDRAME OU SAPATA UTILIZANDO AÇO CA-50 DE 6,3 MM - MONTAGEM. AF_06/2017","KG","9,09"]
[96545,"ARMAÇÃO DE BLOCO, VIGA BALDRAME OU SAPATA UTILIZANDO AÇO CA-50 DE 8 MM - MONTAGEM. AF_06/2017","KG","8,71"]
[96546,"ARMAÇÃO DE BLOCO, VIGA BALDRAME OU SAPATA UTILIZANDO AÇO CA-50 DE 10 MM - MONTAGEM. AF_06/2017","KG","7,10"]
[96547,"ARMAÇÃO DE BLOCO, VIGA BALDRAME OU SAPATA UTILIZANDO AÇO CA-50 DE 12,5 MM - MONTAGEM. AF_06/2017","KG","6,30"]
[96548,"ARMAÇÃO DE BLOCO, VIGA BALDRAME OU SAPATA UTILIZANDO AÇO CA-50 DE 16 MM - MONTAGEM. AF_06/2017","KG","5,85"]
[96549,"ARMAÇÃO DE BLOCO, VIGA BALDRAME OU SAPATA UTILIZANDO AÇO CA-50 DE 20 MM - MONTAGEM. AF_06/2017","KG","5,35"]
[96550,"ARMAÇÃO DE BLOCO, VIGA BALDRAME OU SAPATA UTILIZANDO AÇO CA-50 DE 25 MM - MONTAGEM. AF_06/2017","KG","5,79"]
[40780,"REGULARIZAÇÃO DE SUPERFICIE DE CONCRETO APARENTE","M2","8,04"]
["74157/4","LANCAMENTO/APLICACAO MANUAL DE CONCRETO EM FUNDACOES","M3","88,35"]
[89993,"GRAUTEAMENTO VERTICAL EM ALVENARIA ESTRUTURAL. AF_01/2015","M3","589,17"]
[89994,"GRAUTEAMENTO DE CINTA INTERMEDIÁRIA OU DE CONTRAVERGA EM ALVENARIA ESTRUTURAL. AF_01/2015","M3","500,49"]
[89995,"GRAUTEAMENTO DE CINTA SUPERIOR OU DE VERGA EM ALVENARIA ESTRUTURAL. AF_01/2015","M3","566,50"]
[90278,"GRAUTE FGK=15 MPA; TRAÇO 1:0,04:2,0:2,4 (CIMENTO/ CAL/ AREIA GROSSA/ BRITA 0) - PREPARO MECÂNICO COM BETONEIRA 400 L. AF_02/2015","M3","290,35"]
[90279,"GRAUTE FGK=20 MPA; TRAÇO 1:0,04:1,6:1,9 (CIMENTO/ CAL/ AREIA GROSSA/ BRITA 0) - PREPARO MECÂNICO COM BETONEIRA 400 L. AF_02/2015","M3","312,51"]
[90280,"GRAUTE FGK=25 MPA; TRAÇO 1:0,02:1,2:1,5 (CIMENTO/ CAL/ AREIA GROSSA/ BRITA 0) - PREPARO MECÂNICO COM BETONEIRA 400 L. AF_02/2015","M3","354,09"]
[90281,"GRAUTE FGK=30 MPA; TRAÇO 1:0,02:0,8:1,1 (CIMENTO/ CAL/ AREIA GROSSA/ BRITA 0) - PREPARO MECÂNICO COM BETONEIRA 400 L. AF_02/2015","M3","411,77"]
[90282,"GRAUTE FGK=15 MPA; TRAÇO 1:2,0:2,4 (CIMENTO/ AREIA GROSSA/ BRITA 0/ ADITIVO) - PREPARO MECÂNICO COM BETONEIRA 400 L. AF_02/2015","M3","296,13"]
[90283,"GRAUTE FGK=20 MPA; TRAÇO 1:1,6:1,9 (CIMENTO/ AREIA GROSSA/ BRITA 0/ ADITIVO) - PREPARO MECÂNICO COM BETONEIRA 400 L. AF_02/2015","M3","319,70"]
[90284,"GRAUTE FGK=25 MPA; TRAÇO 1:1,2:1,5 (CIMENTO/ AREIA GROSSA/ BRITA 0/ ADITIVO) - PREPARO MECÂNICO COM BETONEIRA 400 L. AF_02/2015","M3","362,38"]
[90285,"GRAUTE FGK=30 MPA; TRAÇO 1:0,8:1,1 (CIMENTO/ AREIA GROSSA/ BRITA 0/ ADITIVO) - PREPARO MECÂNICO COM BETONEIRA 400 L. AF_02/2015","M3","423,22"]
[90853,"CONCRETAGEM DE LAJES EM EDIFICAÇÕES UNIFAMILIARES FEITAS COM SISTEMA DE FÔRMAS MANUSEÁVEIS COM CONCRETO USINADO BOMBEÁVEL, FCK 20 MPA, LANÇADO COM BOMBA LANÇA - LANÇAMENTO, ADENSAMENTO E ACABAMENTO. AF_06/2015","M3","328,94"]
[90854,"CONCRETAGEM DE PAREDES EM EDIFICAÇÕES UNIFAMILIARES FEITAS COM SISTEMA DE FÔRMAS MANUSEÁVEIS COM CONCRETO USINADO BOMBEÁVEL, FCK 20 MPA, LANÇADO COM BOMBA LANÇA - LANÇAMENTO, ADENSAMENTO E ACABAMENTO. AF_06/2015","M3","318,75"]
[90855,"CONCRETAGEM DE PLATIBANDA EM EDIFICAÇÕES UNIFAMILIARES FEITAS COM SISTEMA DE FÔRMAS MANUSEÁVEIS COM CONCRETO USINADO BOMBEÁVEL, FCK 20 MPA, LANÇADO COM BOMBA LANÇA - LANÇAMENTO, ADENSAMENTO E ACABAMENTO. AF_06/2015","M3","349,92"]
[90856,"CONCRETAGEM DE LAJES EM EDIFICAÇÕES MULTIFAMILIARES FEITAS COM SISTEMA DE FÔRMAS MANUSEÁVEIS COM CONCRETO USINADO BOMBEÁVEL, FCK 20 MPA, LANÇADO COM BOMBA LANÇA - LANÇAMENTO, ADENSAMENTO E ACABAMENTO. AF_06/2015","M3","331,97"]
[90857,"CONCRETAGEM DE PAREDES EM EDIFICAÇÕES MULTIFAMILIARES FEITAS COM SISTEMA DE FÔRMAS MANUSEÁVEIS COM CONCRETO USINADO BOMBEÁVEL, FCK 20 MPA, LANÇADO COM BOMBA LANÇA - LANÇAMENTO, ADENSAMENTO E ACABAMENTO. AF_06/2015","M3","320,77"]
[90858,"CONCRETAGEM DE PLATIBANDA EM EDIFICAÇÕES MULTIFAMILIARES FEITAS COM SISTEMA DE FÔRMAS MANUSEÁVEIS COM CONCRETO USINADO BOMBEÁVEL, FCK 20 MPA, LANÇADO COM BOMBA LANÇA - LANÇAMENTO, ADENSAMENTO E ACABAMENTO. AF_06/2015","M3","363,86"]
[90859,"CONCRETAGEM DE PLATIBANDA EM EDIFICAÇÕES UNIFAMILIARES FEITAS COM SISTEMA DE FÔRMAS MANUSEÁVEIS COM CONCRETO USINADO AUTOADENSÁVEL, FCK 20 MPA, LANÇADO COM BOMBA LANÇA - LANÇAMENTO E ACABAMENTO. AF_06/2015","M3","312,84"]
[90860,"CONCRETAGEM DE PLATIBANDA EM EDIFICAÇÕES MULTIFAMILIARES FEITAS COM SISTEMA DE FÔRMAS MANUSEÁVEIS COM CONCRETO USINADO AUTOADENSÁVEL, FCK 20 MPA, LANÇADO COM BOMBA LANÇA - LANÇAMENTO E ACABAMENTO. AF_06/2015","M3","317,06"]
[90861,"CONCRETAGEM DE EDIFICAÇÕES (PAREDES E LAJES) FEITAS COM SISTEMA DE FÔRMAS MANUSEÁVEIS COM CONCRETO USINADO BOMBEÁVEL, FCK 20 MPA, LANÇADO COM BOMBA LANÇA - LANÇAMENTO, ADENSAMENTO E ACABAMENTO. AF_06/2015","M3","323,84"]
[90862,"CONCRETAGEM DE EDIFICAÇÕES (PAREDES E LAJES) FEITAS COM SISTEMA DE FÔRMAS MANUSEÁVEIS COM CONCRETO USINADO AUTOADENSÁVEL, FCK 20 MPA, LANÇADO COM BOMBA LANÇA - LANÇAMENTO E ACABAMENTO. AF_06/2015","M3","293,67"]
[92718,"CONCRETAGEM DE PILARES, FCK = 25 MPA,  COM USO DE BALDES EM EDIFICAÇÃO COM SEÇÃO MÉDIA DE PILARES MENOR OU IGUAL A 0,25 M² - LANÇAMENTO, ADENSAMENTO E ACABAMENTO. AF_12/2015","M3","394,89"]
[92719,"CONCRETAGEM DE PILARES, FCK = 25 MPA, COM USO DE GRUA EM EDIFICAÇÃO COM SEÇÃO MÉDIA DE PILARES MENOR OU IGUAL A 0,25 M² - LANÇAMENTO, ADENSAMENTO E ACABAMENTO. AF_12/2015","M3","283,81"]
[92720,"CONCRETAGEM DE PILARES, FCK = 25 MPA, COM USO DE BOMBA EM EDIFICAÇÃO COM SEÇÃO MÉDIA DE PILARES MENOR OU IGUAL A 0,25 M² - LANÇAMENTO, ADENSAMENTO E ACABAMENTO. AF_12/2015","M3","323,30"]
[92721,"CONCRETAGEM DE PILARES, FCK = 25 MPA, COM USO DE GRUA EM EDIFICAÇÃO COM SEÇÃO MÉDIA DE PILARES MAIOR QUE 0,25 M² - LANÇAMENTO, ADENSAMENTO E ACABAMENTO. AF_12/2015","M3","277,01"]
[92722,"CONCRETAGEM DE PILARES, FCK = 25 MPA, COM USO DE BOMBA EM EDIFICAÇÃO COM SEÇÃO MÉDIA DE PILARES MAIOR QUE 0,25 M² - LANÇAMENTO, ADENSAMENTO E ACABAMENTO. AF_12/2015","M3","320,47"]
[92723,"CONCRETAGEM DE VIGAS E LAJES, FCK=20 MPA, PARA LAJES PREMOLDADAS COM USO DE BOMBA EM EDIFICAÇÃO COM ÁREA MÉDIA DE LAJES MENOR OU IGUAL A 20 M² - LANÇAMENTO, ADENSAMENTO E ACABAMENTO. AF_12/2015","M3","311,67"]
[92724,"CONCRETAGEM DE VIGAS E LAJES, FCK=20 MPA, PARA LAJES PREMOLDADAS COM USO DE BOMBA EM EDIFICAÇÃO COM ÁREA MÉDIA DE LAJES MAIOR QUE 20 M² - LANÇAMENTO, ADENSAMENTO E ACABAMENTO. AF_12/2015","M3","309,20"]
[92725,"CONCRETAGEM DE VIGAS E LAJES, FCK=20 MPA, PARA LAJES MACIÇAS OU NERVURADAS COM USO DE BOMBA EM EDIFICAÇÃO COM ÁREA MÉDIA DE LAJES MENOR OU IGUAL A 20 M² - LANÇAMENTO, ADENSAMENTO E ACABAMENTO. AF_12/2015","M3","308,16"]
[92726,"CONCRETAGEM DE VIGAS E LAJES, FCK=20 MPA, PARA LAJES MACIÇAS OU NERVURADAS COM USO DE BOMBA EM EDIFICAÇÃO COM ÁREA MÉDIA DE LAJES MAIOR QUE 20 M² - LANÇAMENTO, ADENSAMENTO E ACABAMENTO. AF_12/2015","M3","306,40"]
[92727,"CONCRETAGEM DE VIGAS E LAJES, FCK=20 MPA, PARA LAJES PREMOLDADAS COM JERICAS EM ELEVADOR DE CABO EM EDIFICAÇÃO DE MULTIPAVIMENTOS ATÉ 16 ANDARES, COM ÁREA MÉDIA DE LAJES MENOR OU IGUAL A 20 M² - LANÇAMENTO, ADENSAMENTO E ACABAMENTO. AF_12/2015","M3","344,35"]
[92728,"CONCRETAGEM DE VIGAS E LAJES, FCK=20 MPA, PARA LAJES PREMOLDADAS COM JERICAS EM ELEVADOR DE CABO EM EDIFICAÇÃO DE MULTIPAVIMENTOS ATÉ 16 ANDARES, COM ÁREA MÉDIA DE LAJES MAIOR QUE 20 M² - LANÇAMENTO, ADENSAMENTO E ACABAMENTO. AF_12/2015","M3","326,64"]
[92729,"CONCRETAGEM DE VIGAS E LAJES, FCK=20 MPA, PARA LAJES MACIÇAS OU NERVURADAS COM JERICAS EM ELEVADOR DE CABO EM EDIFICAÇÃO DE ATÉ 16 ANDARES, COM ÁREA MÉDIA DE LAJES MENOR OU IGUAL A 20 M² - LANÇAMENTO, ADENSAMENTO E ACABAMENTO. AF_12/2015","M3","319,15"]
[92730,"CONCRETAGEM DE VIGAS E LAJES, FCK=20 MPA, PARA LAJES MACIÇAS OU NERVURADAS COM JERICAS EM ELEVADOR DE CABO EM EDIFICAÇÃO DE MULTIPAVIMENTOS ATÉ 16 ANDARES, COM ÁREA MÉDIA DE LAJES MAIOR QUE 20 M² - LANÇAMENTO, ADENSAMENTO E ACABAMENTO. AF_12/2015","M3","306,66"]
[92731,"CONCRETAGEM DE VIGAS E LAJES, FCK=20 MPA, PARA LAJES PREMOLDADAS COM JERICAS EM CREMALHEIRA EM EDIFICAÇÃO DE MULTIPAVIMENTOS ATÉ 16 ANDARES, COM ÁREA MÉDIA DE LAJES MENOR OU IGUAL A 20 M² - LANÇAMENTO, ADENSAMENTO E ACABAMENTO. AF_12/2015","M3","321,15"]
[92732,"CONCRETAGEM DE VIGAS E LAJES, FCK=20 MPA, PARA LAJES PREMOLDADAS COM JERICAS EM CREMALHEIRA EM EDIFICAÇÃO DE MULTIPAVIMENTOS ATÉ 16 ANDARES, COM ÁREA MÉDIA DE LAJES MAIOR QUE 20 M² - LANÇAMENTO, ADENSAMENTO E ACABAMENTO. AF_12/2015","M3","309,01"]
[92733,"CONCRETAGEM DE VIGAS E LAJES, FCK=20 MPA, PARA LAJES MACIÇAS OU NERVURADAS COM JERICAS EM CREMALHEIRA EM EDIFICAÇÃO DE MULTIPAVIMENTOS ATÉ 16 ANDARES, COM ÁREA MÉDIA DE LAJES MENOR OU IGUAL A 20 M² - LANÇAMENTO, ADENSAMENTO E ACABAMENTO. AF_12/2015","M3","303,83"]
[92734,"CONCRETAGEM DE VIGAS E LAJES, FCK=20 MPA, PARA LAJES MACIÇAS OU NERVURADAS COM JERICAS EM CREMALHEIRA EM EDIFICAÇÃO DE MULTIPAVIMENTOS ATÉ 16 ANDARES, COM ÁREA MÉDIA DE LAJES MAIOR QUE 20 M² - LANÇAMENTO, ADENSAMENTO E ACABAMENTO. AF_12/2015","M3","295,28"]
[92735,"CONCRETAGEM DE VIGAS E LAJES, FCK=20 MPA, PARA LAJES PREMOLDADAS COM GRUA DE CAÇAMBA DE 350 L EM EDIFICAÇÃO DE MULTIPAVIMENTOS ATÉ 16 ANDARES, COM ÁREA MÉDIA DE LAJES MENOR OU IGUAL A 20 M² - LANÇAMENTO, ADENSAMENTO E ACABAMENTO. AF_12/2015","M3","300,22"]
[92736,"CONCRETAGEM DE VIGAS E LAJES, FCK=20 MPA, PARA LAJES PREMOLDADAS COM GRUA DE CAÇAMBA DE 350 L EM EDIFICAÇÃO DE MULTIPAVIMENTOS ATÉ 16 ANDARES, COM ÁREA MÉDIA DE LAJES MAIOR QUE 20 M² - LANÇAMENTO, ADENSAMENTO E ACABAMENTO. AF_12/2015","M3","290,96"]
[92739,"CONCRETAGEM DE VIGAS E LAJES, FCK=20 MPA, PARA LAJES MACIÇAS OU NERVURADAS COM GRUA DE CAÇAMBA DE 500 L EM EDIFICAÇÃO DE MULTIPAVIMENTOS ATÉ 16 ANDARES, COM ÁREA MÉDIA DE LAJES MENOR OU IGUAL A 20 M² - LANÇAMENTO, ADENSAMENTO E ACABAMENTO. AF_12/2015","M3","277,54"]
[92740,"CONCRETAGEM DE VIGAS E LAJES, FCK=20 MPA, PARA LAJES MACIÇAS OU NERVURADAS COM GRUA DE CAÇAMBA DE 500 L EM EDIFICAÇÃO DE MULTIPAVIMENTOS ATÉ 16 ANDARES, COM ÁREA MÉDIA DE LAJES MAIOR QUE 20 M² - LANÇAMENTO, ADENSAMENTO E ACABAMENTO. AF_12/2015","M3","272,96"]
[92741,"CONCRETAGEM DE VIGAS E LAJES, FCK=20 MPA, PARA QUALQUER TIPO DE LAJE COM BALDES EM EDIFICAÇÃO TÉRREA, COM ÁREA MÉDIA DE LAJES MENOR OU IGUAL A 20 M² - LANÇAMENTO, ADENSAMENTO E ACABAMENTO. AF_12/2015","M3","441,45"]
[92742,"CONCRETAGEM DE VIGAS E LAJES, FCK=20 MPA, PARA QUALQUER TIPO DE LAJE COM BALDES EM EDIFICAÇÃO DE MULTIPAVIMENTOS ATÉ 04 ANDARES, COM ÁREA MÉDIA DE LAJES MENOR OU IGUAL A 20 M² - LANÇAMENTO, ADENSAMENTO E ACABAMENTO. AF_12/2015","M3","618,63"]
[92873,"LANÇAMENTO COM USO DE BALDES, ADENSAMENTO E ACABAMENTO DE CONCRETO EM ESTRUTURAS. AF_12/2015","M3","137,33"]
[92874,"LANÇAMENTO COM USO DE BOMBA, ADENSAMENTO E ACABAMENTO DE CONCRETO EM ESTRUTURAS. AF_12/2015","M3","22,73"]
[94962,"CONCRETO MAGRO PARA LASTRO, TRAÇO 1:4,5:4,5 (CIMENTO/ AREIA MÉDIA/ BRITA 1)  - PREPARO MECÂNICO COM BETONEIRA 400 L. AF_07/2016","M3","228,74"]
[94963,"CONCRETO FCK = 15MPA, TRAÇO 1:3,4:3,5 (CIMENTO/ AREIA MÉDIA/ BRITA 1)  - PREPARO MECÂNICO COM BETONEIRA 400 L. AF_07/2016","M3","259,21"]
[94964,"CONCRETO FCK = 20MPA, TRAÇO 1:2,7:3 (CIMENTO/ AREIA MÉDIA/ BRITA 1)  - PREPARO MECÂNICO COM BETONEIRA 400 L. AF_07/2016","M3","290,82"]
[94965,"CONCRETO FCK = 25MPA, TRAÇO 1:2,3:2,7 (CIMENTO/ AREIA MÉDIA/ BRITA 1)  - PREPARO MECÂNICO COM BETONEIRA 400 L. AF_07/2016","M3","307,01"]
[94966,"CONCRETO FCK = 30MPA, TRAÇO 1:2,1:2,5 (CIMENTO/ AREIA MÉDIA/ BRITA 1)  - PREPARO MECÂNICO COM BETONEIRA 400 L. AF_07/2016","M3","320,75"]
[94967,"CONCRETO FCK = 40MPA, TRAÇO 1:1,6:1,9 (CIMENTO/ AREIA MÉDIA/ BRITA 1)  - PREPARO MECÂNICO COM BETONEIRA 400 L. AF_07/2016","M3","376,70"]
[94968,"CONCRETO MAGRO PARA LASTRO, TRAÇO 1:4,5:4,5 (CIMENTO/ AREIA MÉDIA/ BRITA 1)  - PREPARO MECÂNICO COM BETONEIRA 600 L. AF_07/2016","M3","223,83"]
[94969,"CONCRETO FCK = 15MPA, TRAÇO 1:3,4:3,5 (CIMENTO/ AREIA MÉDIA/ BRITA 1)  - PREPARO MECÂNICO COM BETONEIRA 600 L. AF_07/2016","M3","254,96"]
[94970,"CONCRETO FCK = 20MPA, TRAÇO 1:2,7:3 (CIMENTO/ AREIA MÉDIA/ BRITA 1)  - PREPARO MECÂNICO COM BETONEIRA 600 L. AF_07/2016","M3","282,55"]
[94971,"CONCRETO FCK = 25MPA, TRAÇO 1:2,3:2,7 (CIMENTO/ AREIA MÉDIA/ BRITA 1)  - PREPARO MECÂNICO COM BETONEIRA 600 L. AF_07/2016","M3","302,82"]
[94972,"CONCRETO FCK = 30MPA, TRAÇO 1:2,1:2,5 (CIMENTO/ AREIA MÉDIA/ BRITA 1)  - PREPARO MECÂNICO COM BETONEIRA 600 L. AF_07/2016","M3","318,29"]
[94973,"CONCRETO FCK = 40MPA, TRAÇO 1:1,6:1,9 (CIMENTO/ AREIA MÉDIA/ BRITA 1)  - PREPARO MECÂNICO COM BETONEIRA 600 L. AF_07/2016","M3","371,38"]
[94974,"CONCRETO MAGRO PARA LASTRO, TRAÇO 1:4,5:4,5 (CIMENTO/ AREIA MÉDIA/ BRITA 1)  - PREPARO MANUAL. AF_07/2016","M3","311,73"]
[94975,"CONCRETO FCK = 15MPA, TRAÇO 1:3,4:3,5 (CIMENTO/ AREIA MÉDIA/ BRITA 1)  - PREPARO MANUAL. AF_07/2016","M3","341,13"]
[96555,"CONCRETAGEM DE BLOCOS DE COROAMENTO E VIGAS BALDRAME, FCK 30 MPA, COM USO DE JERICA – LANÇAMENTO, ADENSAMENTO E ACABAMENTO. AF_06/2017","M3","439,70"]
[96556,"CONCRETAGEM DE SAPATAS, FCK 30 MPA, COM USO DE JERICA – LANÇAMENTO, ADENSAMENTO E ACABAMENTO. AF_06/2017","M3","493,75"]
[96557,"CONCRETAGEM DE BLOCOS DE COROAMENTO E VIGAS BALDRAMES, FCK 30 MPA, COM USO DE BOMBA – LANÇAMENTO, ADENSAMENTO E ACABAMENTO. AF_06/2017","M3","337,45"]
[96558,"CONCRETAGEM DE SAPATAS, FCK 30 MPA, COM USO DE BOMBA – LANÇAMENTO, ADENSAMENTO E ACABAMENTO. AF_11/2016","M3","342,31"]
["74141/1","LAJE PRE-MOLD BETA 11 P/1KN/M2 VAOS 4,40M/INCL VIGOTAS TIJOLOS ARMADURA NEGATIVA CAPEAMENTO 3CM CONCRETO 20MPA ESCORAMENTO MATERIAL E MAO  DE OBRA.","M2","66,90"]
["74141/2","LAJE PRE-MOLD BETA 12 P/3,5KN/M2 VAO 4,1M INCL VIGOTAS TIJOLOS ARMADU-RA NEGATIVA CAPEAMENTO 3CM CONCRETO 15MPA ESCORAMENTO MATERIAIS E MAO DE OBRA.","M2","73,67"]
["74141/3","LAJE PRE-MOLD BETA 16 P/3,5KN/M2 VAO 5,2M INCL VIGOTAS TIJOLOS ARMADU-RA NEGATIVA CAPEAMENTO 3CM CONCRETO 15MPA ESCORAMENTO MATERIAL E MAO  DE OBRA.","M2","88,00"]
["74141/4","LAJE PRE-MOLD BETA 20 P/3,5KN/M2 VAO 6,2M INCL VIGOTAS TIJOLOS ARMADU-RA NEGATIVA CAPEAMENTO 3CM CONCRETO 15MPA ESCORAMENTO MATERIAL E MAO  DE OBRA.","M2","101,12"]
["74202/1","LAJE PRE-MOLDADA P/FORRO, SOBRECARGA 100KG/M2, VAOS ATE 3,50M/E=8CM, C/LAJOTAS E CAP.C/CONC FCK=20MPA, 3CM, INTER-EIXO 38CM, C/ESCORAMENTO (REAPR.3X) E FERRAGEM NEGATIVA","M2","60,00"]
["74202/2","LAJE PRE-MOLDADA P/PISO, SOBRECARGA 200KG/M2, VAOS ATE 3,50M/E=8CM, C/LAJOTAS E CAP.C/CONC FCK=20MPA, 4CM, INTER-EIXO 38CM, C/ESCORAMENTO (REAPR.3X) E FERRAGEM NEGATIVA","M2","66,07"]
["73817/1","EMBASAMENTO DE MATERIAL GRANULAR - PO DE PEDRA","M3","66,11"]
["73817/2","EMBASAMENTO DE MATERIAL GRANULAR - RACHAO","M3","89,12"]
["74078/1","AGULHAMENTO FUNDO DE VALAS C/MACO 30KG PEDRA-DE-MAO H=10CM","M2","24,69"]
[83518,"ALVENARIA EMBASAMENTO E=20 CM BLOCO CONCRETO","M3","307,02"]
[95467,"EMBASAMENTO C/PEDRA ARGAMASSADA UTILIZANDO ARG.CIM/AREIA 1:4","M3","326,49"]
[68328,"JUNTA DE DILATACAO COM ISOPOR 10 MM","M2","11,83"]
["73898/1","JUNTA DE DILATACAO ELASTICA (PVC) O-220/6 PRESSAO ATE 30 MCA","M","94,80"]
[79471,"PINTURA ADESIVA P/ CONCRETO, A BASE DE RESINA EPOXI ( SIKADUR 32 )","KG","59,59"]
[98576,"TRATAMENTO DE JUNTA DE DILATAÇÃO COM MANTA ASFÁLTICA ADERIDA COM MAÇARICO. AF_06/2018","M","14,92"]
[93182,"VERGA PRÉ-MOLDADA PARA JANELAS COM ATÉ 1,5 M DE VÃO. AF_03/2016","M","21,34"]
[93183,"VERGA PRÉ-MOLDADA PARA JANELAS COM MAIS DE 1,5 M DE VÃO. AF_03/2016","M","27,29"]
[93184,"VERGA PRÉ-MOLDADA PARA PORTAS COM ATÉ 1,5 M DE VÃO. AF_03/2016","M","16,33"]
[93185,"VERGA PRÉ-MOLDADA PARA PORTAS COM MAIS DE 1,5 M DE VÃO. AF_03/2016","M","26,84"]
[93186,"VERGA MOLDADA IN LOCO EM CONCRETO PARA JANELAS COM ATÉ 1,5 M DE VÃO. AF_03/2016","M","38,16"]
[93187,"VERGA MOLDADA IN LOCO EM CONCRETO PARA JANELAS COM MAIS DE 1,5 M DE VÃO. AF_03/2016","M","43,80"]
[93188,"VERGA MOLDADA IN LOCO EM CONCRETO PARA PORTAS COM ATÉ 1,5 M DE VÃO. AF_03/2016","M","36,28"]
[93189,"VERGA MOLDADA IN LOCO EM CONCRETO PARA PORTAS COM MAIS DE 1,5 M DE VÃO. AF_03/2016","M","44,15"]
[93190,"VERGA MOLDADA IN LOCO COM UTILIZAÇÃO DE BLOCOS CANALETA PARA JANELAS COM ATÉ 1,5 M DE VÃO. AF_03/2016","M","27,39"]
[93191,"VERGA MOLDADA IN LOCO COM UTILIZAÇÃO DE BLOCOS CANALETA PARA JANELAS COM MAIS DE 1,5 M DE VÃO. AF_03/2016","M","28,58"]
[93192,"VERGA MOLDADA IN LOCO COM UTILIZAÇÃO DE BLOCOS CANALETA PARA PORTAS COM ATÉ 1,5 M DE VÃO. AF_03/2016","M","29,93"]
[93193,"VERGA MOLDADA IN LOCO COM UTILIZAÇÃO DE BLOCOS CANALETA PARA PORTAS COM MAIS DE 1,5 M DE VÃO. AF_03/2016","M","28,98"]
[93194,"CONTRAVERGA PRÉ-MOLDADA PARA VÃOS DE ATÉ 1,5 M DE COMPRIMENTO. AF_03/2016","M","21,00"]
[93195,"CONTRAVERGA PRÉ-MOLDADA PARA VÃOS DE MAIS DE 1,5 M DE COMPRIMENTO. AF_03/2016","M","25,06"]
[93196,"CONTRAVERGA MOLDADA IN LOCO EM CONCRETO PARA VÃOS DE ATÉ 1,5 M DE COMPRIMENTO. AF_03/2016","M","36,86"]
[93197,"CONTRAVERGA MOLDADA IN LOCO EM CONCRETO PARA VÃOS DE MAIS DE 1,5 M DE COMPRIMENTO. AF_03/2016","M","40,98"]
[93198,"CONTRAVERGA MOLDADA IN LOCO COM UTILIZAÇÃO DE BLOCOS CANALETA PARA VÃOS DE ATÉ 1,5 M DE COMPRIMENTO. AF_03/2016","M","24,81"]
[93199,"CONTRAVERGA MOLDADA IN LOCO COM UTILIZAÇÃO DE BLOCOS CANALETA PARA VÃOS DE MAIS DE 1,5 M DE COMPRIMENTO. AF_03/2016","M","24,43"]
[93200,"FIXAÇÃO (ENCUNHAMENTO) DE ALVENARIA DE VEDAÇÃO COM ARGAMASSA APLICADA COM BISNAGA. AF_03/2016","M","1,89"]
[93201,"FIXAÇÃO (ENCUNHAMENTO) DE ALVENARIA DE VEDAÇÃO COM ARGAMASSA APLICADA COM COLHER. AF_03/2016","M","3,98"]
[93202,"FIXAÇÃO (ENCUNHAMENTO) DE ALVENARIA DE VEDAÇÃO COM TIJOLO MACIÇO. AF_03/2016","M","15,14"]
[93203,"FIXAÇÃO (ENCUNHAMENTO) DE ALVENARIA DE VEDAÇÃO COM ESPUMA DE POLIURETANO EXPANSIVA. AF_03/2016","M","11,67"]
[93204,"CINTA DE AMARRAÇÃO DE ALVENARIA MOLDADA IN LOCO EM CONCRETO. AF_03/2016","M","29,41"]
[93205,"CINTA DE AMARRAÇÃO DE ALVENARIA MOLDADA IN LOCO COM UTILIZAÇÃO DE BLOCOS CANALETA. AF_03/2016","M","22,06"]
[71623,"CHAPIM DE CONCRETO APARENTE COM ACABAMENTO DESEMPENADO, FORMA DE COMPENSADO PLASTIFICADO (MADEIRIT) DE 14 X 10 CM, FUNDIDO NO LOCAL.","M","24,08"]
["74144/2","SUPORTE APOIO CAIXA D AGUA BARROTES MADEIRA DE 1","UN","16,94"]
[83513,"FORNECIMENTO DE PERFIL SIMPLES \"I\" OU \"H\" ATE 8\" INCLUSIVE PERDAS","KG","6,54"]
[83514,"FORNECIMENTO DE PERFIL SIMPLES \"I\" OU \"H\" 8 A 12\" INCLUSIVE PERDAS","KG","5,73"]
[84153,"APARELHO DE APOIO NEOPRENE NAO FRETADO (1,4KG/DM3)","KG","43,66"]
[84154,"APARELHO APOIO NEOPRENE FRETADO","DM3","88,81"]
[85233,"ESCADA EM CONCRETO ARMADO, FCK = 15 MPA, MOLDADA IN LOCO","M3","1.956,89"]
[95952,"(COMPOSIÇÃO REPRESENTATIVA) EXECUÇÃO DE ESTRUTURAS DE CONCRETO ARMADO CONVENCIONAL, PARA EDIFICAÇÃO HABITACIONAL MULTIFAMILIAR (PRÉDIO), FCK = 25 MPA. AF_01/2017","M3","1.200,18"]
[95953,"(COMPOSIÇÃO REPRESENTATIVA) EXECUÇÃO DE ESTRUTURAS DE CONCRETO ARMADO, PARA EDIFICAÇÃO HABITACIONAL UNIFAMILIAR COM DOIS PAVIMENTOS (CASA ISOLADA), FCK = 25 MPA. AF_01/2017","M3","2.029,32"]
[95954,"(COMPOSIÇÃO REPRESENTATIVA) EXECUÇÃO DE ESTRUTURAS DE CONCRETO ARMADO, PARA EDIFICAÇÃO HABITACIONAL UNIFAMILIAR COM DOIS PAVIMENTOS (CASA EM EMPREENDIMENTOS), FCK = 25 MPA. AF_01/2017","M3","1.395,39"]
[95955,"(COMPOSIÇÃO REPRESENTATIVA) EXECUÇÃO DE ESTRUTURAS DE CONCRETO ARMADO, PARA EDIFICAÇÃO HABITACIONAL UNIFAMILIAR TÉRREA (CASA ISOLADA), FCK = 25 MPA. AF_01/2017","M3","1.780,52"]
[95956,"(COMPOSIÇÃO REPRESENTATIVA) EXECUÇÃO DE ESTRUTURAS DE CONCRETO ARMADO, PARA EDIFICAÇÃO HABITACIONAL UNIFAMILIAR TÉRREA (CASA EM EMPREENDIMENTOS), FCK = 25 MPA. AF_01/2017","M3","1.358,63"]
[95957,"(COMPOSIÇÃO REPRESENTATIVA) EXECUÇÃO DE ESTRUTURAS DE CONCRETO ARMADO, PARA EDIFICAÇÃO INSTITUCIONAL TÉRREA, FCK = 25 MPA. AF_01/2017","M3","1.754,80"]
[95969,"(COMPOSIÇÃO REPRESENTATIVA) EXECUÇÃO DE ESCADA EM CONCRETO ARMADO, MOLDADA IN LOCO, FCK = 25 MPA. AF_02/2017","M3","1.683,41"]
[97733,"PEÇA RETANGULAR PRÉ-MOLDADA, VOLUME DE CONCRETO DE ATÉ 10 LITROS, TAXA DE AÇO APROXIMADA DE 30KG/M³. AF_01/2018","M3","2.090,00"]
[97734,"PEÇA RETANGULAR PRÉ-MOLDADA, VOLUME DE CONCRETO DE 10 A 30 LITROS, TAXA DE AÇO APROXIMADA DE 30KG/M³. AF_01/2018","M3","1.822,85"]
[97735,"PEÇA RETANGULAR PRÉ-MOLDADA, VOLUME DE CONCRETO DE 30 A 100 LITROS, TAXA DE AÇO APROXIMADA DE 30KG/M³. AF_01/2018","M3","1.513,56"]
[97736,"PEÇA RETANGULAR PRÉ-MOLDADA, VOLUME DE CONCRETO ACIMA DE 100 LITROS, TAXA DE AÇO APROXIMADA DE 30KG/M³. AF_01/2018","M3","952,99"]
[97737,"PEÇA RETANGULAR PRÉ-MOLDADA, VOLUME DE CONCRETO DE 30 A 70 LITROS , TAXA DE AÇO APROXIMADA DE 70KG/M³. AF_01/2018","M3","2.082,93"]
[97738,"PEÇA CIRCULAR PRÉ-MOLDADA, VOLUME DE CONCRETO DE 10 A 30 LITROS, TAXA DE FIBRA DE POLIPROPILENO APROXIMADA DE 6 KG/M³. AF_01/2018_P","M3","2.969,02"]
[97739,"PEÇA CIRCULAR PRÉ-MOLDADA, VOLUME DE CONCRETO DE 30 A 100 LITROS, TAXA DE AÇO APROXIMADA DE 30KG/M³. AF_01/2018","M3","1.749,56"]
[97740,"PEÇA CIRCULAR PRÉ-MOLDADA, VOLUME DE CONCRETO ACIMA DE 100 LITROS, TAXA DE AÇO APROXIMADA DE 30KG/M³. AF_01/2018","M3","1.277,04"]
[98615,"CONTENÇÃO EM CORTINA COM ESTACAS ESPAÇADAS COM 30 CM DE DIÂMETRO E PROFUNDIDADE MENOR OU IGUAL A 10 M. AF_06/2018","M2","75,32"]
[98616,"CONTENÇÃO EM CORTINA COM ESTACAS ESPAÇADAS COM 30 CM DE DIÂMETRO E PROFUNDIDADE MAIOR QUE 10 M E MENOR OU IGUAL A 15 M. AF_06/2018","M2","57,45"]
[98617,"CONTENÇÃO EM CORTINA COM ESTACAS ESPAÇADAS COM 30 CM DE DIÂMETRO E PROFUNDIDADE MAIOR QUE 15 M. AF_06/2018","M2","52,49"]
[98618,"CONTENÇÃO EM CORTINA COM ESTACAS ESPAÇADAS COM 40 CM DE DIÂMETRO E PROFUNDIDADE MENOR OU IGUAL A 10 M. AF_06/2018","M2","72,37"]
[98619,"CONTENÇÃO EM CORTINA COM ESTACAS ESPAÇADAS COM 40 CM DE DIÂMETRO E PROFUNDIDADE MAIOR QUE 10 M E MENOR OU IGUAL A 15 M. AF_06/2018","M2","64,86"]
[98620,"CONTENÇÃO EM CORTINA COM ESTACAS ESPAÇADAS COM 40 CM DE DIÂMETRO E PROFUNDIDADE MAIOR QUE 15 M. AF_06/2018","M2","61,08"]
[98621,"CONTENÇÃO EM CORTINA COM ESTACAS ESPAÇADAS COM 50 CM DE DIÂMETRO E PROFUNDIDADE MENOR OU IGUAL A 10 M. AF_06/2018","M2","80,73"]
[98622,"CONTENÇÃO EM CORTINA COM ESTACAS ESPAÇADAS COM 50 CM DE DIÂMETRO E PROFUNDIDADE MAIOR QUE 10 M E MENOR OU IGUAL A 15 M. AF_06/2018","M2","74,70"]
[98623,"CONTENÇÃO EM CORTINA COM ESTACAS ESPAÇADAS COM 50 CM DE DIÂMETRO E PROFUNDIDADE MAIOR QUE 15 M. AF_06/2018","M2","71,62"]
[98624,"CONTENÇÃO EM CORTINA COM ESTACAS ESPAÇADAS COM 60 CM DE DIÂMETRO E PROFUNDIDADE MENOR OU IGUAL A 10 M. AF_06/2018","M2","90,11"]
[98625,"CONTENÇÃO EM CORTINA COM ESTACAS ESPAÇADAS COM 60 CM DE DIÂMETRO E PROFUNDIDADE MAIOR QUE 10 M E MENOR OU IGUAL A 15 M. AF_06/2018","M2","85,02"]
[98626,"CONTENÇÃO EM CORTINA COM ESTACAS ESPAÇADAS COM 60 CM DE DIÂMETRO E PROFUNDIDADE MAIOR QUE 15 M. AF_06/2018","M2","82,41"]
[98655,"EXECUÇÃO DE MURETA GUIA PARA CONTENÇÃO/ FUNDAÇÃO COM 30 CM DE ESPESSURA. AF_06/2018","M","368,80"]
[98656,"EXECUÇÃO DE MURETA GUIA PARA CONTENÇÃO/ FUNDAÇÃO COM 40 CM DE ESPESSURA. AF_06/2018","M","374,81"]
[98657,"EXECUÇÃO DE MURETA GUIA PARA CONTENÇÃO/ FUNDAÇÃO COM 50 CM DE ESPESSURA. AF_06/2018","M","380,82"]
[98658,"EXECUÇÃO DE MURETA GUIA PARA CONTENÇÃO/ FUNDAÇÃO COM 60 CM DE ESPESSURA. AF_06/2018","M","386,83"]
[98659,"EXECUÇÃO DE MURETA GUIA PARA CONTENÇÃO/ FUNDAÇÃO COM 80 CM DE ESPESSURA. AF_06/2018","M","398,83"]
[98746,"SOLDA DE TOPO EM CHAPA/PERFIL/TUBO DE AÇO CHANFRADO, ESPESSURA=1/4''. AF_06/2018","M","42,16"]
[98749,"SOLDA DE TOPO EM CHAPA/PERFIL/TUBO DE AÇO CHANFRADO, ESPESSURA=5/16''. AF_06/2018","M","48,21"]
[98750,"SOLDA DE TOPO EM CHAPA/PERFIL/TUBO DE AÇO CHANFRADO, ESPESSURA=3/8''. AF_06/2018","M","55,32"]
[98751,"SOLDA DE TOPO EM CHAPA/PERFIL/TUBO DE AÇO CHANFRADO, ESPESSURA=1/2''. AF_06/2018","M","73,79"]
[98752,"SOLDA DE TOPO EM CHAPA/PERFIL/TUBO DE AÇO CHANFRADO, ESPESSURA=5/8''. AF_06/2018","M","95,73"]
[98753,"SOLDA DE TOPO EM CHAPA/PERFIL/TUBO DE AÇO CHANFRADO, ESPESSURA=3/4''. AF_06/2018","M","122,75"]
[98560,"IMPERMEABILIZAÇÃO DE PISO COM ARGAMASSA DE CIMENTO E AREIA, COM ADITIVO IMPERMEABILIZANTE, E = 2CM. AF_06/2018","M2","31,36"]
[98561,"IMPERMEABILIZAÇÃO DE PAREDES COM ARGAMASSA DE CIMENTO E AREIA, COM ADITIVO IMPERMEABILIZANTE, E = 2CM. AF_06/2018","M2","25,58"]
[98562,"IMPERMEABILIZAÇÃO DE FLOREIRA OU VIGA BALDRAME COM ARGAMASSA DE CIMENTO E AREIA, COM ADITIVO IMPERMEABILIZANTE, E = 2 CM. AF_06/2018","M2","28,01"]
[83735,"IMPERMEABILIZACAO DE SUPERFICIE COM CIMENTO IMPERMEABILIZANTE DE PEGA ULTRA RAPIDA, TRACO 1:1, E=0,5 CM","M2","54,62"]
[98555,"IMPERMEABILIZAÇÃO DE SUPERFÍCIE COM IMPERMEABILIZANTE SEMI-FLEXIVEL (MAI), 3 DEMÃOS. AF_06/2018","M2","27,11"]
[98556,"IMPERMEABILIZAÇÃO DE SUPERFÍCIE COM IMPERMEABILIZANTE SEMI-FLEXIVEL, 4 DEMÃOS, REFORÇADO COM VÉU DE POLIÉSTER (MAV). AF_06/2018","M2","45,86"]
[98558,"TRATAMENTO DE RALO OU PONTO EMERGENTE COM IMPERMEABILIZANTE SEMI-FLEXÍVEL REFORÇADO COM VEU DE POLIÉSTER (MAV). AF_06/2018","UN","7,13"]
[98559,"TRATAMENTO DE RODAPÉ COM VÉU DE POLIÉSTER. AF_06/2018","M","3,12"]
[68053,"FORNECIMENTO/INSTALACAO LONA PLASTICA PRETA, PARA IMPERMEABILIZACAO, ESPESSURA 150 MICRAS.","M2","4,74"]
["74033/1","IMPERMEABILIZACAO DE SUPERFICIE COM GEOMEMBRANA (MANTA TERMOPLASTICA LISA) TIPO PEAD, E=2MM.","M2","45,37"]
[98546,"IMPERMEABILIZAÇÃO DE SUPERFÍCIE COM MANTA ASFÁLTICA, UMA CAMADA, INCLUSIVE APLICAÇÃO DE PRIMER ASFÁLTICO, E=3MM. AF_06/2018","M2","69,63"]
[98547,"IMPERMEABILIZAÇÃO DE SUPERFÍCIE COM MANTA ASFÁLTICA, DUAS CAMADAS, INCLUSIVE APLICAÇÃO DE PRIMER ASFÁLTICO, E=3MM E E=4MM. AF_06/2018","M2","131,21"]
["73762/4","IMPERMEABILIZACAO DE SUPERFICIE COM ASFALTO ELASTOMERICO, INCLUSOS PRIMER E VEU DE FIBRA DE VIDRO.","M2","133,26"]
["74066/2","IMPERMEABILIZACAO DE SUPERFICIE, COM IMPERMEABILIZANTE FLEXIVEL A BASE ACRILICA.","M2","72,18"]
["74106/1","IMPERMEABILIZACAO DE ESTRUTURAS ENTERRADAS, COM TINTA ASFALTICA, DUAS DEMAOS.","M2","8,38"]
[98557,"IMPERMEABILIZAÇÃO DE SUPERFÍCIE COM EMULSÃO ASFÁLTICA, 2 DEMÃOS AF_06/2018","M2","26,36"]
["73872/1","IMPERMEABILIZACAO COM PINTURA A BASE DE RESINA EPOXI ALCATRAO, UMA DEMAO.","M2","25,41"]
["73872/2","IMPERMEABILIZACAO COM PINTURA A BASE DE RESINA EPOXI ALCATRAO, DUAS DEMAOS.","M2","49,28"]
[72124,"IMPERMEABILIZACAO DE SUPERFICIE COM MASTIQUE ELASTICO A BASE DE SILICONE, POR VOLUME.","DM3","106,24"]
["74025/1","IMPERMEABILIZACAO DE SUPERFICIE COM MASTIQUE BETUMINOSO A FRIO, POR METRO.","M","45,45"]
["74190/1","IMPERMEABILIZACAO DE SUPERFICIE COM MASTIQUE BETUMINOSO A FRIO, POR AREA.","M2","150,98"]
[98563,"PROTEÇÃO MECÂNICA DE SUPERFÍCIE HORIZONTAL COM ARGAMASSA DE CIMENTO E AREIA, TRAÇO 1:3, E=2CM. AF_06/2018","M2","22,17"]
[98564,"PROTEÇÃO MECÂNICA DE SUPERFÍCIE VERTICAL COM ARGAMASSA DE CIMENTO E AREIA, TRAÇO 1:3, E=2CM. AF_06/2018","M2","31,92"]
[98565,"PROTEÇÃO MECÂNICA DE SUPERFICIE HORIZONTAL COM ARGAMASSA DE CIMENTO E AREIA, TRAÇO 1:3, E=3CM. AF_06/2018","M2","31,85"]
[98566,"PROTEÇÃO MECÂNICA DE SUPERFÍCIE VERTICAL COM ARGAMASSA DE CIMENTO E AREIA, TRAÇO 1:3, E=3CM. AF_06/2018","M2","41,61"]
[98567,"PROTEÇÃO MECÂNICA DE SUPERFICIE HORIZONTAL COM ARGAMASSA DE CIMENTO E AREIA, TRAÇO 1:3, E=4CM. AF_06/2018","M2","41,05"]
[98568,"PROTEÇÃO MECÂNICA DE SUPERFÍCIE VERTICAL COM ARGAMASSA DE CIMENTO E AREIA, TRAÇO 1:3, E=4CM. AF_06/2018","M2","50,78"]
[98569,"PROTEÇÃO MECÂNICA DE SUPERFICIE HORIZONTAL COM ARGAMASSA DE CIMENTO E AREIA, TRAÇO 1:3, E=5CM. AF_06/2018","M2","50,72"]
[98570,"PROTEÇÃO MECÂNICA DE SUPERFÍCIE VERTICAL COM ARGAMASSA DE CIMENTO E AREIA, TRAÇO 1:3, E=5CM. AF_06/2018","M2","60,48"]
[98571,"PROTEÇÃO MECÂNICA DE SUPERFICIE HORIZONTAL COM CONCRETO 15 MPA, E=4CM. AF_06/2018","M2","23,92"]
[98572,"PROTEÇÃO MECÂNICA DE SUPERFICIE HORIZONTAL COM CONCRETO 15 MPA, E=5CM. AF_06/2018","M2","29,47"]
[98573,"PROTEÇÃO MECÂNICA DE SUPERFÍCIE VERTICAL COM CONCRETO 15 MPA, E=5CM. AF_06/2018","M2","38,96"]
["73798/1","DUTO ESPIRAL FLEXIVEL SINGELO PEAD D=50MM(2\") REVESTIDO COM PVC COM FIO GUIA DE ACO GALVANIZADO, LANCADO DIRETO NO SOLO, INCL CONEXOES","M","20,00"]
["73798/3","DUTO ESPIRAL FLEXIVEL SINGELO PEAD D=75MM(3\") REVESTIDO COM PVC COM FIO GUIA DE ACO GALVANIZADO, LANCADO DIRETO NO SOLO, INCL CONEXOES","M","31,04"]
[91831,"ELETRODUTO FLEXÍVEL CORRUGADO, PVC, DN 20 MM (1/2\"), PARA CIRCUITOS TERMINAIS, INSTALADO EM FORRO - FORNECIMENTO E INSTALAÇÃO. AF_12/2015","M","4,90"]
[91834,"ELETRODUTO FLEXÍVEL CORRUGADO, PVC, DN 25 MM (3/4\"), PARA CIRCUITOS TERMINAIS, INSTALADO EM FORRO - FORNECIMENTO E INSTALAÇÃO. AF_12/2015","M","5,44"]
[91836,"ELETRODUTO FLEXÍVEL CORRUGADO, PVC, DN 32 MM (1\"), PARA CIRCUITOS TERMINAIS, INSTALADO EM FORRO - FORNECIMENTO E INSTALAÇÃO. AF_12/2015","M","6,91"]
[91842,"ELETRODUTO FLEXÍVEL CORRUGADO, PVC, DN 20 MM (1/2\"), PARA CIRCUITOS TERMINAIS, INSTALADO EM LAJE - FORNECIMENTO E INSTALAÇÃO. AF_12/2015","M","3,29"]
[91844,"ELETRODUTO FLEXÍVEL CORRUGADO, PVC, DN 25 MM (3/4\"), PARA CIRCUITOS TERMINAIS, INSTALADO EM LAJE - FORNECIMENTO E INSTALAÇÃO. AF_12/2015","M","3,83"]
[91846,"ELETRODUTO FLEXÍVEL CORRUGADO, PVC, DN 32 MM (1\"), PARA CIRCUITOS TERMINAIS, INSTALADO EM LAJE - FORNECIMENTO E INSTALAÇÃO. AF_12/2015","M","5,30"]
[91852,"ELETRODUTO FLEXÍVEL CORRUGADO, PVC, DN 20 MM (1/2\"), PARA CIRCUITOS TERMINAIS, INSTALADO EM PAREDE - FORNECIMENTO E INSTALAÇÃO. AF_12/2015","M","4,92"]
[91854,"ELETRODUTO FLEXÍVEL CORRUGADO, PVC, DN 25 MM (3/4\"), PARA CIRCUITOS TERMINAIS, INSTALADO EM PAREDE - FORNECIMENTO E INSTALAÇÃO. AF_12/2015","M","5,46"]
[91856,"ELETRODUTO FLEXÍVEL CORRUGADO, PVC, DN 32 MM (1\"), PARA CIRCUITOS TERMINAIS, INSTALADO EM PAREDE - FORNECIMENTO E INSTALAÇÃO. AF_12/2015","M","6,87"]
[91862,"ELETRODUTO RÍGIDO ROSCÁVEL, PVC, DN 20 MM (1/2\"), PARA CIRCUITOS TERMINAIS, INSTALADO EM FORRO - FORNECIMENTO E INSTALAÇÃO. AF_12/2015","M","5,79"]
[91863,"ELETRODUTO RÍGIDO ROSCÁVEL, PVC, DN 25 MM (3/4\"), PARA CIRCUITOS TERMINAIS, INSTALADO EM FORRO - FORNECIMENTO E INSTALAÇÃO. AF_12/2015","M","6,71"]
[91864,"ELETRODUTO RÍGIDO ROSCÁVEL, PVC, DN 32 MM (1\"), PARA CIRCUITOS TERMINAIS, INSTALADO EM FORRO - FORNECIMENTO E INSTALAÇÃO. AF_12/2015","M","8,63"]
[91865,"ELETRODUTO RÍGIDO ROSCÁVEL, PVC, DN 40 MM (1 1/4\"), PARA CIRCUITOS TERMINAIS, INSTALADO EM FORRO - FORNECIMENTO E INSTALAÇÃO. AF_12/2015","M","10,58"]
[91866,"ELETRODUTO RÍGIDO ROSCÁVEL, PVC, DN 20 MM (1/2\"), PARA CIRCUITOS TERMINAIS, INSTALADO EM LAJE - FORNECIMENTO E INSTALAÇÃO. AF_12/2015","M","4,26"]
[91867,"ELETRODUTO RÍGIDO ROSCÁVEL, PVC, DN 25 MM (3/4\"), PARA CIRCUITOS TERMINAIS, INSTALADO EM LAJE - FORNECIMENTO E INSTALAÇÃO. AF_12/2015","M","5,19"]
[91868,"ELETRODUTO RÍGIDO ROSCÁVEL, PVC, DN 32 MM (1\"), PARA CIRCUITOS TERMINAIS, INSTALADO EM LAJE - FORNECIMENTO E INSTALAÇÃO. AF_12/2015","M","7,11"]
[91869,"ELETRODUTO RÍGIDO ROSCÁVEL, PVC, DN 40 MM (1 1/4\"), PARA CIRCUITOS TERMINAIS, INSTALADO EM LAJE - FORNECIMENTO E INSTALAÇÃO. AF_12/2015","M","9,07"]
[91870,"ELETRODUTO RÍGIDO ROSCÁVEL, PVC, DN 20 MM (1/2\"), PARA CIRCUITOS TERMINAIS, INSTALADO EM PAREDE - FORNECIMENTO E INSTALAÇÃO. AF_12/2015","M","6,29"]
[91871,"ELETRODUTO RÍGIDO ROSCÁVEL, PVC, DN 25 MM (3/4\"), PARA CIRCUITOS TERMINAIS, INSTALADO EM PAREDE - FORNECIMENTO E INSTALAÇÃO. AF_12/2015","M","7,25"]
[91872,"ELETRODUTO RÍGIDO ROSCÁVEL, PVC, DN 32 MM (1\"), PARA CIRCUITOS TERMINAIS, INSTALADO EM PAREDE - FORNECIMENTO E INSTALAÇÃO. AF_12/2015","M","9,17"]
[91873,"ELETRODUTO RÍGIDO ROSCÁVEL, PVC, DN 40 MM (1 1/4\"), PARA CIRCUITOS TERMINAIS, INSTALADO EM PAREDE - FORNECIMENTO E INSTALAÇÃO. AF_12/2015","M","11,08"]
[93008,"ELETRODUTO RÍGIDO ROSCÁVEL, PVC, DN 50 MM (1 1/2\") - FORNECIMENTO E INSTALAÇÃO. AF_12/2015","M","8,58"]
[93009,"ELETRODUTO RÍGIDO ROSCÁVEL, PVC, DN 60 MM (2\") - FORNECIMENTO E INSTALAÇÃO. AF_12/2015","M","12,40"]
[93010,"ELETRODUTO RÍGIDO ROSCÁVEL, PVC, DN 75 MM (2 1/2\") - FORNECIMENTO E INSTALAÇÃO. AF_12/2015","M","17,07"]
[93011,"ELETRODUTO RÍGIDO ROSCÁVEL, PVC, DN 85 MM (3\") - FORNECIMENTO E INSTALAÇÃO. AF_12/2015","M","20,73"]
[93012,"ELETRODUTO RÍGIDO ROSCÁVEL, PVC, DN 110 MM (4\") - FORNECIMENTO E INSTALAÇÃO. AF_12/2015","M","30,96"]
[95726,"ELETRODUTO RÍGIDO SOLDÁVEL, PVC, DN 20 MM (½’’), APARENTE, INSTALADO EM TETO - FORNECIMENTO E INSTALAÇÃO. AF_11/2016_P","M","4,07"]
[95727,"ELETRODUTO RÍGIDO SOLDÁVEL, PVC, DN 25 MM (3/4’’), APARENTE, INSTALADO EM TETO - FORNECIMENTO E INSTALAÇÃO. AF_11/2016_P","M","4,57"]
[95728,"ELETRODUTO RÍGIDO SOLDÁVEL, PVC, DN 32 MM (1’’), APARENTE, INSTALADO EM TETO - FORNECIMENTO E INSTALAÇÃO. AF_11/2016_P","M","5,61"]
[95729,"ELETRODUTO RÍGIDO SOLDÁVEL, PVC, DN 20 MM (½’’), APARENTE, INSTALADO EM PAREDE - FORNECIMENTO E INSTALAÇÃO. AF_11/2016_P","M","5,35"]
[95730,"ELETRODUTO RÍGIDO SOLDÁVEL, PVC, DN 25 MM (3/4’’), APARENTE, INSTALADO EM PAREDE - FORNECIMENTO E INSTALAÇÃO. AF_11/2016_P","M","5,85"]
[95731,"ELETRODUTO RÍGIDO SOLDÁVEL, PVC, DN 32 MM (1’’), APARENTE, INSTALADO EM PAREDE - FORNECIMENTO E INSTALAÇÃO. AF_11/2016_P","M","6,88"]
[95732,"LUVA PARA ELETRODUTO, PVC, SOLDÁVEL, DN 20 MM (1/2’’), APARENTE, INSTALADA EM TETO - FORNECIMENTO E INSTALAÇÃO. AF_11/2016_P","UN","2,82"]
[95745,"ELETRODUTO DE AÇO GALVANIZADO, CLASSE LEVE, DN 20 MM (3/4’’), APARENTE, INSTALADO EM TETO - FORNECIMENTO E INSTALAÇÃO. AF_11/2016_P","M","16,68"]
[95746,"ELETRODUTO DE AÇO GALVANIZADO, CLASSE LEVE, DN 25 MM (1’’), APARENTE, INSTALADO EM TETO - FORNECIMENTO E INSTALAÇÃO. AF_11/2016_P","M","20,77"]
[95747,"ELETRODUTO DE AÇO GALVANIZADO, CLASSE SEMI PESADO, DN 32 MM (1 1/4’’), APARENTE, INSTALADO EM TETO - FORNECIMENTO E INSTALAÇÃO. AF_11/2016_P","M","35,05"]
[95748,"ELETRODUTO DE AÇO GALVANIZADO, CLASSE SEMI PESADO, DN 40 MM (1 1/2 ), APARENTE, INSTALADO EM TETO - FORNECIMENTO E INSTALAÇÃO. AF_11/2016_P","M","37,57"]
[95749,"ELETRODUTO DE AÇO GALVANIZADO, CLASSE LEVE, DN 20 MM (3/4’’), APARENTE, INSTALADO EM PAREDE - FORNECIMENTO E INSTALAÇÃO. AF_11/2016_P","M","20,86"]
[95750,"ELETRODUTO DE AÇO GALVANIZADO, CLASSE LEVE, DN 25 MM (1’’), APARENTE, INSTALADO EM PAREDE - FORNECIMENTO E INSTALAÇÃO. AF_11/2016_P","M","24,87"]
[95751,"ELETRODUTO DE AÇO GALVANIZADO, CLASSE SEMI PESADO, DN 32 MM (1 1/4’’), APARENTE, INSTALADO EM PAREDE - FORNECIMENTO E INSTALAÇÃO. AF_11/2016_P","M","39,01"]
[95752,"ELETRODUTO DE AÇO GALVANIZADO, CLASSE SEMI PESADO, DN 40 MM (1 1/2  ), APARENTE, INSTALADO EM PAREDE - FORNECIMENTO E INSTALAÇÃO. AF_11/2016_P","M","41,39"]
[72259,"TERMINAL OU CONECTOR DE PRESSAO - PARA CABO 10MM2 - FORNECIMENTO E INSTALACAO","UN","12,87"]
[72260,"TERMINAL OU CONECTOR DE PRESSAO - PARA CABO 16MM2 - FORNECIMENTO E INSTALACAO","UN","12,80"]
[72261,"TERMINAL OU CONECTOR DE PRESSAO - PARA CABO 25MM2 - FORNECIMENTO E INSTALACAO","UN","13,78"]
[72262,"TERMINAL OU CONECTOR DE PRESSAO - PARA CABO 35MM2 - FORNECIMENTO E INSTALACAO","UN","13,86"]
[72263,"TERMINAL OU CONECTOR DE PRESSAO - PARA CABO 50MM2 - FORNECIMENTO E INSTALACAO","UN","18,67"]
[72264,"TERMINAL OU CONECTOR DE PRESSAO - PARA CABO 70MM2 - FORNECIMENTO E INSTALACAO","UN","18,88"]
[72265,"TERMINAL OU CONECTOR DE PRESSAO - PARA CABO 95MM2 - FORNECIMENTO E INSTALACAO","UN","24,00"]
[72266,"TERMINAL OU CONECTOR DE PRESSAO - PARA CABO 120MM2 - FORNECIMENTO E INSTALACAO","UN","32,77"]
[72267,"TERMINAL OU CONECTOR DE PRESSAO - PARA CABO 150MM2 - FORNECIMENTO E INSTALACAO","UN","33,13"]
[72268,"TERMINAL OU CONECTOR DE PRESSAO - PARA CABO 185MM2 - FORNECIMENTO E INSTALACAO","UN","34,79"]
[72269,"TERMINAL OU CONECTOR DE PRESSAO - PARA CABO 240MM2 - FORNECIMENTO E INSTALACAO","UN","41,05"]
[72270,"TERMINAL OU CONECTOR DE PRESSAO - PARA CABO 300MM2 - FORNECIMENTO E INSTALACAO","UN","52,82"]
[72271,"CONECTOR PARAFUSO FENDIDO ”SPLIT-BOLT” - PARA CABO DE 16MM2 - FORNECIMENTO E INSTALACAO","UN","11,36"]
[72272,"CONECTOR PARAFUSO FENDIDO ”SPLIT-BOLT” - PARA CABO DE 35MM2 - FORNECIMENTO E INSTALACAO","UN","13,04"]
["73782/2","TERMINAL METALICO A PRESSAO PARA 1 CABO DE 50 MM2 - FORNECIMENTO E INSTALACAO","UN","30,82"]
["73782/3","TERMINAL METALICO A PRESSAO PARA 1 CABO DE 95 MM2 - FORNECIMENTO E INSTALACAO","UN","48,31"]
["73782/4","TERMINAL A PRESSAO REFORCADO PARA CONEXAO DE CABO DE COBRE A BARRA, CABO 150 E 185MM2 - FORNECIMENTO E INSTALACAO","UN","134,59"]
["73782/5","TERMINAL METALICO A PRESSAO P/ 1 CABO DE COBRE DE 25 MM2 COM 1 FURO DE FIXAÇÃO - FORNECIMENTO E INSTALACAO","UN","18,88"]
[83377,"CONECTOR DE PARAFUSO FENDIDO EM LIGA DE COBRE COM SEPARADOR DE CABOS PARA CABO 50 MM2 - FORNECIMENTO E INSTALACAO","UN","12,44"]
[91874,"LUVA PARA ELETRODUTO, PVC, ROSCÁVEL, DN 20 MM (1/2\"), PARA CIRCUITOS TERMINAIS, INSTALADA EM FORRO - FORNECIMENTO E INSTALAÇÃO. AF_12/2015","UN","3,07"]
[91875,"LUVA PARA ELETRODUTO, PVC, ROSCÁVEL, DN 25 MM (3/4\"), PARA CIRCUITOS TERMINAIS, INSTALADA EM FORRO - FORNECIMENTO E INSTALAÇÃO. AF_12/2015","UN","4,06"]
[91876,"LUVA PARA ELETRODUTO, PVC, ROSCÁVEL, DN 32 MM (1\"), PARA CIRCUITOS TERMINAIS, INSTALADA EM FORRO - FORNECIMENTO E INSTALAÇÃO. AF_12/2015","UN","5,35"]
[91877,"LUVA PARA ELETRODUTO, PVC, ROSCÁVEL, DN 40 MM (1 1/4\"), PARA CIRCUITOS TERMINAIS, INSTALADA EM FORRO - FORNECIMENTO E INSTALAÇÃO. AF_12/2015","UN","7,10"]
[91878,"LUVA PARA ELETRODUTO, PVC, ROSCÁVEL, DN 20 MM (1/2\"), PARA CIRCUITOS TERMINAIS, INSTALADA EM LAJE - FORNECIMENTO E INSTALAÇÃO. AF_12/2015","UN","3,94"]
[91879,"LUVA PARA ELETRODUTO, PVC, ROSCÁVEL, DN 25 MM (3/4\"), PARA CIRCUITOS TERMINAIS, INSTALADA EM LAJE - FORNECIMENTO E INSTALAÇÃO. AF_12/2015","UN","4,90"]
[91880,"LUVA PARA ELETRODUTO, PVC, ROSCÁVEL, DN 32 MM (1\"), PARA CIRCUITOS TERMINAIS, INSTALADA EM LAJE - FORNECIMENTO E INSTALAÇÃO. AF_12/2015","UN","6,22"]
[91881,"LUVA PARA ELETRODUTO, PVC, ROSCÁVEL, DN 40 MM (1 1/4\"), PARA CIRCUITOS TERMINAIS, INSTALADA EM LAJE - FORNECIMENTO E INSTALAÇÃO. AF_12/2015","UN","7,98"]
[91882,"LUVA PARA ELETRODUTO, PVC, ROSCÁVEL, DN 20 MM (1/2\"), PARA CIRCUITOS TERMINAIS, INSTALADA EM PAREDE - FORNECIMENTO E INSTALAÇÃO. AF_12/2015","UN","4,89"]
[91884,"LUVA PARA ELETRODUTO, PVC, ROSCÁVEL, DN 25 MM (3/4\"), PARA CIRCUITOS TERMINAIS, INSTALADA EM PAREDE - FORNECIMENTO E INSTALAÇÃO. AF_12/2015","UN","5,63"]
[91885,"LUVA PARA ELETRODUTO, PVC, ROSCÁVEL, DN 32 MM (1\"), PARA CIRCUITOS TERMINAIS, INSTALADA EM PAREDE - FORNECIMENTO E INSTALAÇÃO. AF_12/2015","UN","6,65"]
[91886,"LUVA PARA ELETRODUTO, PVC, ROSCÁVEL, DN 40 MM (1 1/4\"), PARA CIRCUITOS TERMINAIS, INSTALADA EM PAREDE - FORNECIMENTO E INSTALAÇÃO. AF_12/2015","UN","8,08"]
[91887,"CURVA 90 GRAUS PARA ELETRODUTO, PVC, ROSCÁVEL, DN 20 MM (1/2\"), PARA CIRCUITOS TERMINAIS, INSTALADA EM FORRO - FORNECIMENTO E INSTALAÇÃO. AF_12/2015","UN","5,64"]
[91889,"CURVA 180 GRAUS PARA ELETRODUTO, PVC, ROSCÁVEL, DN 20 MM (1/2\"), PARA CIRCUITOS TERMINAIS, INSTALADA EM FORRO - FORNECIMENTO E INSTALAÇÃO. AF_12/2015","UN","5,44"]
[91890,"CURVA 90 GRAUS PARA ELETRODUTO, PVC, ROSCÁVEL, DN 25 MM (3/4\"), PARA CIRCUITOS TERMINAIS, INSTALADA EM FORRO - FORNECIMENTO E INSTALAÇÃO. AF_12/2015","UN","6,73"]
[91892,"CURVA 180 GRAUS PARA ELETRODUTO, PVC, ROSCÁVEL, DN 25 MM (3/4\"), PARA CIRCUITOS TERMINAIS, INSTALADA EM FORRO - FORNECIMENTO E INSTALAÇÃO. AF_12/2015","UN","8,07"]
[91893,"CURVA 90 GRAUS PARA ELETRODUTO, PVC, ROSCÁVEL, DN 32 MM (1\"), PARA CIRCUITOS TERMINAIS, INSTALADA EM FORRO - FORNECIMENTO E INSTALAÇÃO. AF_12/2015","UN","9,18"]
[91896,"CURVA 90 GRAUS PARA ELETRODUTO, PVC, ROSCÁVEL, DN 40 MM (1 1/4\"), PARA CIRCUITOS TERMINAIS, INSTALADA EM FORRO - FORNECIMENTO E INSTALAÇÃO. AF_12/2015","UN","11,22"]
[91898,"CURVA 180 GRAUS PARA ELETRODUTO, PVC, ROSCÁVEL, DN 40 MM (1 1/4\"), PARA CIRCUITOS TERMINAIS, INSTALADA EM FORRO - FORNECIMENTO E INSTALAÇÃO. AF_12/2015","UN","12,68"]
[91899,"CURVA 90 GRAUS PARA ELETRODUTO, PVC, ROSCÁVEL, DN 20 MM (1/2\"), PARA CIRCUITOS TERMINAIS, INSTALADA EM LAJE - FORNECIMENTO E INSTALAÇÃO. AF_12/2015","UN","6,92"]
[91901,"CURVA 180 GRAUS PARA ELETRODUTO, PVC, ROSCÁVEL, DN 20 MM (1/2\"), PARA CIRCUITOS TERMINAIS, INSTALADA EM LAJE - FORNECIMENTO E INSTALAÇÃO. AF_12/2015","UN","6,72"]
[91902,"CURVA 90 GRAUS PARA ELETRODUTO, PVC, ROSCÁVEL, DN 25 MM (3/4\"), PARA CIRCUITOS TERMINAIS, INSTALADA EM LAJE - FORNECIMENTO E INSTALAÇÃO. AF_12/2015","UN","8,00"]
[91904,"CURVA 180 GRAUS PARA ELETRODUTO, PVC, ROSCÁVEL, DN 25 MM (3/4\"), PARA CIRCUITOS TERMINAIS, INSTALADA EM LAJE - FORNECIMENTO E INSTALAÇÃO. AF_12/2015","UN","9,34"]
[91905,"CURVA 90 GRAUS PARA ELETRODUTO, PVC, ROSCÁVEL, DN 32 MM (1\"), PARA CIRCUITOS TERMINAIS, INSTALADA EM LAJE - FORNECIMENTO E INSTALAÇÃO. AF_12/2015","UN","10,47"]
[91908,"CURVA 90 GRAUS PARA ELETRODUTO, PVC, ROSCÁVEL, DN 40 MM (1 1/4\"), PARA CIRCUITOS TERMINAIS, INSTALADA EM LAJE - FORNECIMENTO E INSTALAÇÃO. AF_12/2015","UN","12,53"]
[91910,"CURVA 180 GRAUS PARA ELETRODUTO, PVC, ROSCÁVEL, DN 40 MM (1 1/4\"), PARA CIRCUITOS TERMINAIS, INSTALADA EM LAJE - FORNECIMENTO E INSTALAÇÃO. AF_12/2015","UN","13,99"]
[91911,"CURVA 90 GRAUS PARA ELETRODUTO, PVC, ROSCÁVEL, DN 20 MM (1/2\"), PARA CIRCUITOS TERMINAIS, INSTALADA EM PAREDE - FORNECIMENTO E INSTALAÇÃO. AF_12/2015","UN","8,37"]
[91913,"CURVA 180 GRAUS PARA ELETRODUTO, PVC, ROSCÁVEL, DN 20 MM (1/2\"), PARA CIRCUITOS TERMINAIS, INSTALADA EM PAREDE - FORNECIMENTO E INSTALAÇÃO. AF_12/2015","UN","8,17"]
[91914,"CURVA 90 GRAUS PARA ELETRODUTO, PVC, ROSCÁVEL, DN 25 MM (3/4\"), PARA CIRCUITOS TERMINAIS, INSTALADA EM PAREDE - FORNECIMENTO E INSTALAÇÃO. AF_12/2015","UN","9,13"]
[91916,"CURVA 180 GRAUS PARA ELETRODUTO, PVC, ROSCÁVEL, DN 25 MM (3/4\"), PARA CIRCUITOS TERMINAIS, INSTALADA EM PAREDE - FORNECIMENTO E INSTALAÇÃO. AF_12/2015","UN","10,47"]
[91917,"CURVA 90 GRAUS PARA ELETRODUTO, PVC, ROSCÁVEL, DN 32 MM (1\"), PARA CIRCUITOS TERMINAIS, INSTALADA EM PAREDE - FORNECIMENTO E INSTALAÇÃO. AF_12/2015","UN","11,13"]
[91920,"CURVA 90 GRAUS PARA ELETRODUTO, PVC, ROSCÁVEL, DN 40 MM (1 1/4\"), PARA CIRCUITOS TERMINAIS, INSTALADA EM PAREDE - FORNECIMENTO E INSTALAÇÃO. AF_12/2015","UN","12,68"]
[91922,"CURVA 180 GRAUS PARA ELETRODUTO, PVC, ROSCÁVEL, DN 40 MM (1 1/4\"), PARA CIRCUITOS TERMINAIS, INSTALADA EM PAREDE - FORNECIMENTO E INSTALAÇÃO. AF_12/2015","UN","14,14"]
[93013,"LUVA PARA ELETRODUTO, PVC, ROSCÁVEL, DN 50 MM (1 1/2\") - FORNECIMENTO E INSTALAÇÃO. AF_12/2015","UN","9,22"]
[93014,"LUVA PARA ELETRODUTO, PVC, ROSCÁVEL, DN 60 MM (2\") - FORNECIMENTO E INSTALAÇÃO. AF_12/2015","UN","11,34"]
[93015,"LUVA PARA ELETRODUTO, PVC, ROSCÁVEL, DN 75 MM (2 1/2\") - FORNECIMENTO E INSTALAÇÃO. AF_12/2015","UN","17,15"]
[93016,"LUVA PARA ELETRODUTO, PVC, ROSCÁVEL, DN 85 MM (3\") - FORNECIMENTO E INSTALAÇÃO. AF_12/2015","UN","20,85"]
[93017,"LUVA PARA ELETRODUTO, PVC, ROSCÁVEL, DN 110 MM (4\") - FORNECIMENTO E INSTALAÇÃO. AF_12/2015","UN","31,34"]
[93018,"CURVA 90 GRAUS PARA ELETRODUTO, PVC, ROSCÁVEL, DN 50 MM (1 1/2\") - FORNECIMENTO E INSTALAÇÃO. AF_12/2015","UN","14,08"]
[93020,"CURVA 90 GRAUS PARA ELETRODUTO, PVC, ROSCÁVEL, DN 60 MM (2\") - FORNECIMENTO E INSTALAÇÃO. AF_12/2015","UN","18,06"]
[93022,"CURVA 90 GRAUS PARA ELETRODUTO, PVC, ROSCÁVEL, DN 75 MM (2 1/2\") - FORNECIMENTO E INSTALAÇÃO. AF_12/2015","UN","30,15"]
[93024,"CURVA 90 GRAUS PARA ELETRODUTO, PVC, ROSCÁVEL, DN 85 MM (3\") - FORNECIMENTO E INSTALAÇÃO. AF_12/2015","UN","31,69"]
[93026,"CURVA 90 GRAUS PARA ELETRODUTO, PVC, ROSCÁVEL, DN 110 MM (4\") - FORNECIMENTO E INSTALAÇÃO. AF_12/2015","UN","51,78"]
[95733,"LUVA PARA ELETRODUTO, PVC, SOLDÁVEL, DN 25 MM (3/4’’), APARENTE, INSTALADA EM TETO - FORNECIMENTO E INSTALAÇÃO. AF_11/2016_P","UN","3,68"]
[95734,"LUVA PARA ELETRODUTO, PVC, SOLDÁVEL, DN 32 MM (1’’), APARENTE, INSTALADA EM TETO - FORNECIMENTO E INSTALAÇÃO. AF_11/2016_P","UN","4,90"]
[95735,"LUVA PARA ELETRODUTO, PVC, SOLDÁVEL, DN 20 MM (1/2’’), APARENTE, INSTALADA EM PAREDE - FORNECIMENTO E INSTALAÇÃO. AF_11/2016_P","UN","4,16"]
[95736,"LUVA PARA ELETRODUTO, PVC, SOLDÁVEL, DN 25 MM (3/4’’), APARENTE, INSTALADA EM PAREDE - FORNECIMENTO E INSTALAÇÃO. AF_11/2016_P","UN","4,87"]
[95738,"LUVA PARA ELETRODUTO, PVC, SOLDÁVEL, DN 32 MM (1’’), APARENTE, INSTALADA EM PAREDE - FORNECIMENTO E INSTALAÇÃO. AF_11/2016_P","UN","5,86"]
[95753,"LUVA DE EMENDA PARA ELETRODUTO, AÇO GALVANIZADO, DN 20 MM (3/4  ), APARENTE, INSTALADA EM TETO - FORNECIMENTO E INSTALAÇÃO. AF_11/2016_P","UN","5,02"]
[95754,"LUVA DE EMENDA PARA ELETRODUTO, AÇO GALVANIZADO, DN 25 MM (1''), APARENTE, INSTALADA EM TETO - FORNECIMENTO E INSTALAÇÃO. AF_11/2016_P","UN","6,22"]
[95755,"LUVA DE EMENDA PARA ELETRODUTO, AÇO GALVANIZADO, DN 32 MM (1 1/4''), APARENTE, INSTALADA EM TETO - FORNECIMENTO E INSTALAÇÃO. AF_11/2016_P","UN","9,13"]
[95756,"LUVA DE EMENDA PARA ELETRODUTO, AÇO GALVANIZADO, DN 40 MM (1 1/2''), APARENTE, INSTALADA EM TETO - FORNECIMENTO E INSTALAÇÃO. AF_11/2016_P","UN","12,25"]
[95757,"LUVA DE EMENDA PARA ELETRODUTO, AÇO GALVANIZADO, DN 20 MM (3/4''), APARENTE, INSTALADA EM PAREDE - FORNECIMENTO E INSTALAÇÃO. AF_11/2016_P","UN","7,36"]
[95758,"LUVA DE EMENDA PARA ELETRODUTO, AÇO GALVANIZADO, DN 25 MM (1''), APARENTE, INSTALADA EM PAREDE - FORNECIMENTO E INSTALAÇÃO. AF_11/2016_P","UN","8,29"]
[95759,"LUVA DE EMENDA PARA ELETRODUTO, AÇO GALVANIZADO, DN 32 MM (1 1/4''), APARENTE, INSTALADA EM PAREDE - FORNECIMENTO E INSTALAÇÃO. AF_11/2016_P","UN","10,80"]
[95760,"LUVA DE EMENDA PARA ELETRODUTO, AÇO GALVANIZADO, DN 40 MM (1 1/2''), APARENTE, INSTALADA EM PAREDE - FORNECIMENTO E INSTALAÇÃO. AF_11/2016_P","UN","13,48"]
[72250,"CABO DE COBRE NU 10MM2 - FORNECIMENTO E INSTALACAO","M","8,11"]
[72251,"CABO DE COBRE NU 16MM2 - FORNECIMENTO E INSTALACAO","M","12,05"]
[72252,"CABO DE COBRE NU 25MM2 - FORNECIMENTO E INSTALACAO","M","17,67"]
[72253,"CABO DE COBRE NU 35MM2 - FORNECIMENTO E INSTALACAO","M","23,67"]
[72254,"CABO DE COBRE NU 50MM2 - FORNECIMENTO E INSTALACAO","M","33,51"]
[72255,"CABO DE COBRE NU 70MM2 - FORNECIMENTO E INSTALACAO","M","44,27"]
[72256,"CABO DE COBRE NU 95MM2 - FORNECIMENTO E INSTALACAO","M","58,75"]
[72257,"CABO DE COBRE NU 120MM2 - FORNECIMENTO E INSTALACAO","M","76,60"]
[91924,"CABO DE COBRE FLEXÍVEL ISOLADO, 1,5 MM², ANTI-CHAMA 450/750 V, PARA CIRCUITOS TERMINAIS - FORNECIMENTO E INSTALAÇÃO. AF_12/2015","M","1,69"]
[91925,"CABO DE COBRE FLEXÍVEL ISOLADO, 1,5 MM², ANTI-CHAMA 0,6/1,0 KV, PARA CIRCUITOS TERMINAIS - FORNECIMENTO E INSTALAÇÃO. AF_12/2015","M","2,42"]
[91926,"CABO DE COBRE FLEXÍVEL ISOLADO, 2,5 MM², ANTI-CHAMA 450/750 V, PARA CIRCUITOS TERMINAIS - FORNECIMENTO E INSTALAÇÃO. AF_12/2015","M","2,51"]
[91927,"CABO DE COBRE FLEXÍVEL ISOLADO, 2,5 MM², ANTI-CHAMA 0,6/1,0 KV, PARA CIRCUITOS TERMINAIS - FORNECIMENTO E INSTALAÇÃO. AF_12/2015","M","3,28"]
[91928,"CABO DE COBRE FLEXÍVEL ISOLADO, 4 MM², ANTI-CHAMA 450/750 V, PARA CIRCUITOS TERMINAIS - FORNECIMENTO E INSTALAÇÃO. AF_12/2015","M","4,06"]
[91929,"CABO DE COBRE FLEXÍVEL ISOLADO, 4 MM², ANTI-CHAMA 0,6/1,0 KV, PARA CIRCUITOS TERMINAIS - FORNECIMENTO E INSTALAÇÃO. AF_12/2015","M","4,60"]
[91930,"CABO DE COBRE FLEXÍVEL ISOLADO, 6 MM², ANTI-CHAMA 450/750 V, PARA CIRCUITOS TERMINAIS - FORNECIMENTO E INSTALAÇÃO. AF_12/2015","M","5,55"]
[91931,"CABO DE COBRE FLEXÍVEL ISOLADO, 6 MM², ANTI-CHAMA 0,6/1,0 KV, PARA CIRCUITOS TERMINAIS - FORNECIMENTO E INSTALAÇÃO. AF_12/2015","M","6,19"]
[91932,"CABO DE COBRE FLEXÍVEL ISOLADO, 10 MM², ANTI-CHAMA 450/750 V, PARA CIRCUITOS TERMINAIS - FORNECIMENTO E INSTALAÇÃO. AF_12/2015","M","9,13"]
[91933,"CABO DE COBRE FLEXÍVEL ISOLADO, 10 MM², ANTI-CHAMA 0,6/1,0 KV, PARA CIRCUITOS TERMINAIS - FORNECIMENTO E INSTALAÇÃO. AF_12/2015","M","9,74"]
[91934,"CABO DE COBRE FLEXÍVEL ISOLADO, 16 MM², ANTI-CHAMA 450/750 V, PARA CIRCUITOS TERMINAIS - FORNECIMENTO E INSTALAÇÃO. AF_12/2015","M","13,94"]
[91935,"CABO DE COBRE FLEXÍVEL ISOLADO, 16 MM², ANTI-CHAMA 0,6/1,0 KV, PARA CIRCUITOS TERMINAIS - FORNECIMENTO E INSTALAÇÃO. AF_12/2015","M","14,84"]
[92979,"CABO DE COBRE FLEXÍVEL ISOLADO, 10 MM², ANTI-CHAMA 450/750 V, PARA DISTRIBUIÇÃO - FORNECIMENTO E INSTALAÇÃO. AF_12/2015","M","6,14"]
[92980,"CABO DE COBRE FLEXÍVEL ISOLADO, 10 MM², ANTI-CHAMA 0,6/1,0 KV, PARA DISTRIBUIÇÃO - FORNECIMENTO E INSTALAÇÃO. AF_12/2015","M","6,67"]
[92981,"CABO DE COBRE FLEXÍVEL ISOLADO, 16 MM², ANTI-CHAMA 450/750 V, PARA DISTRIBUIÇÃO - FORNECIMENTO E INSTALAÇÃO. AF_12/2015","M","9,43"]
[92982,"CABO DE COBRE FLEXÍVEL ISOLADO, 16 MM², ANTI-CHAMA 0,6/1,0 KV, PARA DISTRIBUIÇÃO - FORNECIMENTO E INSTALAÇÃO. AF_12/2015","M","10,20"]
[92983,"CABO DE COBRE FLEXÍVEL ISOLADO, 25 MM², ANTI-CHAMA 450/750 V, PARA DISTRIBUIÇÃO - FORNECIMENTO E INSTALAÇÃO. AF_12/2015","M","16,24"]
[92984,"CABO DE COBRE FLEXÍVEL ISOLADO, 25 MM², ANTI-CHAMA 0,6/1,0 KV, PARA DISTRIBUIÇÃO - FORNECIMENTO E INSTALAÇÃO. AF_12/2015","M","16,66"]
[92985,"CABO DE COBRE FLEXÍVEL ISOLADO, 35 MM², ANTI-CHAMA 450/750 V, PARA DISTRIBUIÇÃO - FORNECIMENTO E INSTALAÇÃO. AF_12/2015","M","21,88"]
[92986,"CABO DE COBRE FLEXÍVEL ISOLADO, 35 MM², ANTI-CHAMA 0,6/1,0 KV, PARA DISTRIBUIÇÃO - FORNECIMENTO E INSTALAÇÃO. AF_12/2015","M","22,51"]
[92987,"CABO DE COBRE FLEXÍVEL ISOLADO, 50 MM², ANTI-CHAMA 450/750 V, PARA DISTRIBUIÇÃO - FORNECIMENTO E INSTALAÇÃO. AF_12/2015","M","31,50"]
[92988,"CABO DE COBRE FLEXÍVEL ISOLADO, 50 MM², ANTI-CHAMA 0,6/1,0 KV, PARA DISTRIBUIÇÃO - FORNECIMENTO E INSTALAÇÃO. AF_12/2015","M","31,57"]
[92989,"CABO DE COBRE FLEXÍVEL ISOLADO, 70 MM², ANTI-CHAMA 450/750 V, PARA DISTRIBUIÇÃO - FORNECIMENTO E INSTALAÇÃO. AF_12/2015","M","43,76"]
[92990,"CABO DE COBRE FLEXÍVEL ISOLADO, 70 MM², ANTI-CHAMA 0,6/1,0 KV, PARA DISTRIBUIÇÃO - FORNECIMENTO E INSTALAÇÃO. AF_12/2015","M","43,27"]
[92991,"CABO DE COBRE FLEXÍVEL ISOLADO, 95 MM², ANTI-CHAMA 450/750 V, PARA DISTRIBUIÇÃO - FORNECIMENTO E INSTALAÇÃO. AF_12/2015","M","57,08"]
[92992,"CABO DE COBRE FLEXÍVEL ISOLADO, 95 MM², ANTI-CHAMA 0,6/1,0 KV, PARA DISTRIBUIÇÃO - FORNECIMENTO E INSTALAÇÃO. AF_12/2015","M","57,12"]
[92993,"CABO DE COBRE FLEXÍVEL ISOLADO, 120 MM², ANTI-CHAMA 450/750 V, PARA DISTRIBUIÇÃO - FORNECIMENTO E INSTALAÇÃO. AF_12/2015","M","73,19"]
[92994,"CABO DE COBRE FLEXÍVEL ISOLADO, 120 MM², ANTI-CHAMA 0,6/1,0 KV, PARA DISTRIBUIÇÃO - FORNECIMENTO E INSTALAÇÃO. AF_12/2015","M","73,91"]
[92995,"CABO DE COBRE FLEXÍVEL ISOLADO, 150 MM², ANTI-CHAMA 450/750 V, PARA DISTRIBUIÇÃO - FORNECIMENTO E INSTALAÇÃO. AF_12/2015","M","91,04"]
[92996,"CABO DE COBRE FLEXÍVEL ISOLADO, 150 MM², ANTI-CHAMA 0,6/1,0 KV, PARA DISTRIBUIÇÃO - FORNECIMENTO E INSTALAÇÃO. AF_12/2015","M","91,29"]
[92997,"CABO DE COBRE FLEXÍVEL ISOLADO, 185 MM², ANTI-CHAMA 450/750 V, PARA DISTRIBUIÇÃO - FORNECIMENTO E INSTALAÇÃO. AF_12/2015","M","110,61"]
[92998,"CABO DE COBRE FLEXÍVEL ISOLADO, 185 MM², ANTI-CHAMA 0,6/1,0 KV, PARA DISTRIBUIÇÃO - FORNECIMENTO E INSTALAÇÃO. AF_12/2015","M","111,68"]
[92999,"CABO DE COBRE FLEXÍVEL ISOLADO, 240 MM², ANTI-CHAMA 450/750 V, PARA DISTRIBUIÇÃO - FORNECIMENTO E INSTALAÇÃO. AF_12/2015","M","145,69"]
[93000,"CABO DE COBRE FLEXÍVEL ISOLADO, 240 MM², ANTI-CHAMA 0,6/1,0 KV, PARA DISTRIBUIÇÃO - FORNECIMENTO E INSTALAÇÃO. AF_12/2015","M","146,58"]
[93001,"CABO DE COBRE RÍGIDO ISOLADO, 300 MM², ANTI-CHAMA 450/750 V, PARA DISTRIBUIÇÃO - FORNECIMENTO E INSTALAÇÃO. AF_12/2015","M","177,93"]
[93002,"CABO DE COBRE FLEXÍVEL ISOLADO, 300 MM², ANTI-CHAMA 0,6/1,0 KV, PARA DISTRIBUIÇÃO - FORNECIMENTO E INSTALAÇÃO. AF_12/2015","M","182,89"]
[83446,"CAIXA DE PASSAGEM 30X30X40 COM TAMPA E DRENO BRITA","UN","132,17"]
[91936,"CAIXA OCTOGONAL 4\" X 4\", PVC, INSTALADA EM LAJE - FORNECIMENTO E INSTALAÇÃO. AF_12/2015","UN","8,52"]
[91937,"CAIXA OCTOGONAL 3\" X 3\", PVC, INSTALADA EM LAJE - FORNECIMENTO E INSTALAÇÃO. AF_12/2015","UN","7,23"]
[91939,"CAIXA RETANGULAR 4\" X 2\" ALTA (2,00 M DO PISO), PVC, INSTALADA EM PAREDE - FORNECIMENTO E INSTALAÇÃO. AF_12/2015","UN","17,73"]
[91940,"CAIXA RETANGULAR 4\" X 2\" MÉDIA (1,30 M DO PISO), PVC, INSTALADA EM PAREDE - FORNECIMENTO E INSTALAÇÃO. AF_12/2015","UN","9,46"]
[91941,"CAIXA RETANGULAR 4\" X 2\" BAIXA (0,30 M DO PISO), PVC, INSTALADA EM PAREDE - FORNECIMENTO E INSTALAÇÃO. AF_12/2015","UN","6,36"]
[91942,"CAIXA RETANGULAR 4\" X 4\" ALTA (2,00 M DO PISO), PVC, INSTALADA EM PAREDE - FORNECIMENTO E INSTALAÇÃO. AF_12/2015","UN","21,80"]
[91943,"CAIXA RETANGULAR 4\" X 4\" MÉDIA (1,30 M DO PISO), PVC, INSTALADA EM PAREDE - FORNECIMENTO E INSTALAÇÃO. AF_12/2015","UN","12,27"]
[91944,"CAIXA RETANGULAR 4\" X 4\" BAIXA (0,30 M DO PISO), PVC, INSTALADA EM PAREDE - FORNECIMENTO E INSTALAÇÃO. AF_12/2015","UN","8,72"]
[92865,"CAIXA OCTOGONAL 4\" X 4\", METÁLICA, INSTALADA EM LAJE - FORNECIMENTO E INSTALAÇÃO. AF_12/2015","UN","6,64"]
[92866,"CAIXA SEXTAVADA 3\" X 3\", METÁLICA, INSTALADA EM LAJE - FORNECIMENTO E INSTALAÇÃO. AF_12/2015","UN","5,52"]
[92867,"CAIXA RETANGULAR 4\" X 2\" ALTA (2,00 M DO PISO), METÁLICA, INSTALADA EM PAREDE - FORNECIMENTO E INSTALAÇÃO. AF_12/2015","UN","17,22"]
[92868,"CAIXA RETANGULAR 4\" X 2\" MÉDIA (1,30 M DO PISO), METÁLICA, INSTALADA EM PAREDE - FORNECIMENTO E INSTALAÇÃO. AF_12/2015","UN","8,95"]
[92869,"CAIXA RETANGULAR 4\" X 2\" BAIXA (0,30 M DO PISO), METÁLICA, INSTALADA EM PAREDE - FORNECIMENTO E INSTALAÇÃO. AF_12/2015","UN","5,85"]
[92870,"CAIXA RETANGULAR 4\" X 4\" ALTA (2,00 M DO PISO), METÁLICA, INSTALADA EM PAREDE - FORNECIMENTO E INSTALAÇÃO. AF_12/2015","UN","20,90"]
[92871,"CAIXA RETANGULAR 4\" X 4\" MÉDIA (1,30 M DO PISO), METÁLICA, INSTALADA EM PAREDE - FORNECIMENTO E INSTALAÇÃO. AF_12/2015","UN","11,37"]
[92872,"CAIXA RETANGULAR 4\" X 4\" BAIXA (0,30 M DO PISO), METÁLICA, INSTALADA EM PAREDE - FORNECIMENTO E INSTALAÇÃO. AF_12/2015","UN","7,82"]
[95777,"CONDULETE DE ALUMÍNIO, TIPO B, PARA ELETRODUTO DE AÇO GALVANIZADO DN 20 MM (3/4''), APARENTE - FORNECIMENTO E INSTALAÇÃO. AF_11/2016_P","UN","18,71"]
[95778,"CONDULETE DE ALUMÍNIO, TIPO C, PARA ELETRODUTO DE AÇO GALVANIZADO DN 20 MM (3/4''), APARENTE - FORNECIMENTO E INSTALAÇÃO. AF_11/2016_P","UN","19,19"]
[95779,"CONDULETE DE ALUMÍNIO, TIPO E, PARA ELETRODUTO DE AÇO GALVANIZADO DN 20 MM (3/4''), APARENTE - FORNECIMENTO E INSTALAÇÃO. AF_11/2016_P","UN","17,57"]
[95780,"CONDULETE DE ALUMÍNIO, TIPO B, PARA ELETRODUTO DE AÇO GALVANIZADO DN 25 MM (1''), APARENTE - FORNECIMENTO E INSTALAÇÃO. AF_11/2016_P","UN","21,38"]
[95781,"CONDULETE DE ALUMÍNIO, TIPO C, PARA ELETRODUTO DE AÇO GALVANIZADO DN 25 MM (1''), APARENTE - FORNECIMENTO E INSTALAÇÃO. AF_11/2016_P","UN","21,74"]
[95782,"CONDULETE DE ALUMÍNIO, TIPO E, ELETRODUTO DE AÇO GALVANIZADO DN 25 MM (1''), APARENTE - FORNECIMENTO E INSTALAÇÃO. AF_11/2016_P","UN","22,68"]
[95785,"CONDULETE DE ALUMÍNIO, TIPO E, PARA ELETRODUTO DE AÇO GALVANIZADO DN 32 MM (1 1/4''), APARENTE - FORNECIMENTO E INSTALAÇÃO. AF_11/2016_P","UN","25,88"]
[95787,"CONDULETE DE ALUMÍNIO, TIPO LR, PARA ELETRODUTO DE AÇO GALVANIZADO DN 20 MM (3/4''), APARENTE - FORNECIMENTO E INSTALAÇÃO. AF_11/2016_P","UN","18,82"]
[95789,"CONDULETE DE ALUMÍNIO, TIPO LR, PARA ELETRODUTO DE AÇO GALVANIZADO DN 25 MM (1''), APARENTE - FORNECIMENTO E INSTALAÇÃO. AF_11/2016_P","UN","23,54"]
[95791,"CONDULETE DE ALUMÍNIO, TIPO LR, PARA ELETRODUTO DE AÇO GALVANIZADO DN 32 MM (1 1/4''), APARENTE - FORNECIMENTO E INSTALAÇÃO. AF_11/2016_P","UN","30,56"]
[95795,"CONDULETE DE ALUMÍNIO, TIPO T, PARA ELETRODUTO DE AÇO GALVANIZADO DN 20 MM (3/4''), APARENTE - FORNECIMENTO E INSTALAÇÃO. AF_11/2016_P","UN","21,73"]
[95796,"CONDULETE DE ALUMÍNIO, TIPO T, PARA ELETRODUTO DE AÇO GALVANIZADO DN 25 MM (1''), APARENTE - FORNECIMENTO E INSTALAÇÃO. AF_11/2016_P","UN","27,70"]
[95797,"CONDULETE DE ALUMÍNIO, TIPO T, PARA ELETRODUTO DE AÇO GALVANIZADO DN 32 MM (1 1/4''), APARENTE - FORNECIMENTO E INSTALAÇÃO. AF_11/2016_P","UN","35,47"]
[95801,"CONDULETE DE ALUMÍNIO, TIPO X, PARA ELETRODUTO DE AÇO GALVANIZADO DN 20 MM (3/4''), APARENTE - FORNECIMENTO E INSTALAÇÃO. AF_11/2016_P","UN","26,19"]
[95802,"CONDULETE DE ALUMÍNIO, TIPO X, PARA ELETRODUTO DE AÇO GALVANIZADO DN 25 MM (1''), APARENTE - FORNECIMENTO E INSTALAÇÃO. AF_11/2016_P","UN","29,28"]
[95803,"CONDULETE DE ALUMÍNIO, TIPO X, PARA ELETRODUTO DE AÇO GALVANIZADO DN 32 MM (1 1/4''), APARENTE - FORNECIMENTO E INSTALAÇÃO. AF_11/2016_P","UN","39,19"]
[95804,"CONDULETE DE PVC, TIPO B, PARA ELETRODUTO DE PVC SOLDÁVEL DN 20 MM (1/2''), APARENTE - FORNECIMENTO E INSTALAÇÃO. AF_11/2016","UN","15,66"]
[95805,"CONDULETE DE PVC, TIPO B, PARA ELETRODUTO DE PVC SOLDÁVEL DN 25 MM (3/4''), APARENTE - FORNECIMENTO E INSTALAÇÃO. AF_11/2016","UN","15,80"]
[95806,"CONDULETE DE PVC, TIPO B, PARA ELETRODUTO DE PVC SOLDÁVEL DN 32 MM (1''), APARENTE - FORNECIMENTO E INSTALAÇÃO. AF_11/2016","UN","16,32"]
[95807,"CONDULETE DE PVC, TIPO LL, PARA ELETRODUTO DE PVC SOLDÁVEL DN 20 MM (1/2''), APARENTE - FORNECIMENTO E INSTALAÇÃO. AF_11/2016","UN","18,00"]
[95808,"CONDULETE DE PVC, TIPO LL, PARA ELETRODUTO DE PVC SOLDÁVEL DN 25 MM (3/4''), APARENTE - FORNECIMENTO E INSTALAÇÃO. AF_11/2016","UN","18,43"]
[95809,"CONDULETE DE PVC, TIPO LL, PARA ELETRODUTO DE PVC SOLDÁVEL DN 32 MM (1''), APARENTE - FORNECIMENTO E INSTALAÇÃO. AF_11/2016","UN","20,26"]
[95810,"CONDULETE DE PVC, TIPO LB, PARA ELETRODUTO DE PVC SOLDÁVEL DN 20 MM (1/2''), APARENTE - FORNECIMENTO E INSTALAÇÃO. AF_11/2016","UN","9,95"]
[95811,"CONDULETE DE PVC, TIPO LB, PARA ELETRODUTO DE PVC SOLDÁVEL DN 25 MM (3/4''), APARENTE - FORNECIMENTO E INSTALAÇÃO. AF_11/2016","UN","10,38"]
[95812,"CONDULETE DE PVC, TIPO LB, PARA ELETRODUTO DE PVC SOLDÁVEL DN 32 MM (1''), APARENTE - FORNECIMENTO E INSTALAÇÃO. AF_11/2016","UN","12,19"]
[95813,"CONDULETE DE PVC, TIPO TB, PARA ELETRODUTO DE PVC SOLDÁVEL DN 20 MM (1/2''), APARENTE - FORNECIMENTO E INSTALAÇÃO. AF_11/2016","UN","11,94"]
[95814,"CONDULETE DE PVC, TIPO TB, PARA ELETRODUTO DE PVC SOLDÁVEL DN 25 MM (3/4''), APARENTE - FORNECIMENTO E INSTALAÇÃO. AF_11/2016","UN","12,60"]
[95815,"CONDULETE DE PVC, TIPO TB, PARA ELETRODUTO DE PVC SOLDÁVEL DN 32 MM (1''), APARENTE - FORNECIMENTO E INSTALAÇÃO. AF_11/2016","UN","16,12"]
[95816,"CONDULETE DE PVC, TIPO X, PARA ELETRODUTO DE PVC SOLDÁVEL DN 20 MM (1/2''), APARENTE - FORNECIMENTO E INSTALAÇÃO. AF_11/2016","UN","22,18"]
[95817,"CONDULETE DE PVC, TIPO X, PARA ELETRODUTO DE PVC SOLDÁVEL DN 25 MM (3/4''), APARENTE - FORNECIMENTO E INSTALAÇÃO. AF_11/2016","UN","22,73"]
[95818,"CONDULETE DE PVC, TIPO X, PARA ELETRODUTO DE PVC SOLDÁVEL DN 32 MM (1''), APARENTE - FORNECIMENTO E INSTALAÇÃO. AF_11/2016","UN","27,50"]
[97886,"CAIXA ENTERRADA ELÉTRICA RETANGULAR, EM ALVENARIA COM TIJOLOS CERÂMICOS MACIÇOS, FUNDO COM BRITA, DIMENSÕES INTERNAS: 0,3X0,3X0,3 M. AF_05/2018","UN","107,68"]
[97887,"CAIXA ENTERRADA ELÉTRICA RETANGULAR, EM ALVENARIA COM TIJOLOS CERÂMICOS MACIÇOS, FUNDO COM BRITA, DIMENSÕES INTERNAS: 0,4X0,4X0,4 M. AF_05/2018","UN","170,14"]
[97888,"CAIXA ENTERRADA ELÉTRICA RETANGULAR, EM ALVENARIA COM TIJOLOS CERÂMICOS MACIÇOS, FUNDO COM BRITA, DIMENSÕES INTERNAS: 0,6X0,6X0,6 M. AF_05/2018","UN","329,28"]
[97889,"CAIXA ENTERRADA ELÉTRICA RETANGULAR, EM ALVENARIA COM TIJOLOS CERÂMICOS MACIÇOS, FUNDO COM BRITA, DIMENSÕES INTERNAS: 0,8X0,8X0,6 M. AF_05/2018","UN","441,30"]
[97890,"CAIXA ENTERRADA ELÉTRICA RETANGULAR, EM ALVENARIA COM TIJOLOS CERÂMICOS MACIÇOS, FUNDO COM BRITA, DIMENSÕES INTERNAS: 1X1X0,6 M. AF_05/2018","UN","507,68"]
[97891,"CAIXA ENTERRADA ELÉTRICA RETANGULAR, EM ALVENARIA COM BLOCOS DE CONCRETO, FUNDO COM BRITA, DIMENSÕES INTERNAS: 0,4X0,4X0,4 M. AF_05/2018","UN","132,09"]
[97892,"CAIXA ENTERRADA ELÉTRICA RETANGULAR, EM ALVENARIA COM BLOCOS DE CONCRETO, FUNDO COM BRITA, DIMENSÕES INTERNAS: 0,6X0,6X0,6 M. AF_05/2018","UN","248,83"]
[97893,"CAIXA ENTERRADA ELÉTRICA RETANGULAR, EM ALVENARIA COM BLOCOS DE CONCRETO, FUNDO COM BRITA, DIMENSÕES INTERNAS: 0,8X0,8X0,6 M. AF_05/2018","UN","338,70"]
[97894,"CAIXA ENTERRADA ELÉTRICA RETANGULAR, EM ALVENARIA COM BLOCOS DE CONCRETO, FUNDO COM BRITA, DIMENSÕES INTERNAS: 1X1X0,6 M. AF_05/2018","UN","383,36"]
[68066,"CAIXA DE PROTECAO PARA MEDIDOR MONOFASICO, FORNECIMENTO E INSTALACAO","UN","111,48"]
[72319,"DISJUNTOR BAIXA TENSAO TRIPOLAR A SECO  800A/600V, INCLUSIVE ELETROTÉCNICO","UN","3.979,85"]
[72341,"CONTATOR TRIPOLAR I NOMINAL 12A - FORNECIMENTO E INSTALACAO INCLUSIVE ELETROTÉCNICO","UN","193,14"]
[72343,"CONTATOR TRIPOLAR I NOMINAL 22A - FORNECIMENTO E INSTALACAO INCLUSIVE ELETROTÉCNICO","UN","228,19"]
[72344,"CONTATOR TRIPOLAR I NOMINAL 36A - FORNECIMENTO E INSTALACAO INCLUSIVE ELETROTÉCNICO","UN","356,39"]
[72345,"CONTATOR TRIPOLAR I NOMIMAL 94A - FORNECIMENTO E INSTALACAO INCLUSIVE ELETROTÉCNICO","UN","1.013,29"]
["74130/1","DISJUNTOR TERMOMAGNETICO MONOPOLAR PADRAO NEMA (AMERICANO) 10 A 30A 240V, FORNECIMENTO E INSTALACAO","UN","11,62"]
["74130/2","DISJUNTOR TERMOMAGNETICO MONOPOLAR PADRAO NEMA (AMERICANO) 35 A 50A 240V, FORNECIMENTO E INSTALACAO","UN","18,05"]
["74130/3","DISJUNTOR TERMOMAGNETICO BIPOLAR PADRAO NEMA (AMERICANO) 10 A 50A 240V, FORNECIMENTO E INSTALACAO","UN","53,68"]
["74130/4","DISJUNTOR TERMOMAGNETICO TRIPOLAR PADRAO NEMA (AMERICANO) 10 A 50A 240V, FORNECIMENTO E INSTALACAO","UN","75,92"]
["74130/5","DISJUNTOR TERMOMAGNETICO TRIPOLAR PADRAO NEMA (AMERICANO) 60 A 100A 240V, FORNECIMENTO E INSTALACAO","UN","102,00"]
["74130/6","DISJUNTOR TERMOMAGNETICO TRIPOLAR PADRAO NEMA (AMERICANO) 125 A 150A 240V, FORNECIMENTO E INSTALACAO","UN","293,14"]
["74130/7","DISJUNTOR TERMOMAGNETICO TRIPOLAR EM CAIXA MOLDADA 250A 600V, FORNECIMENTO E INSTALACAO","UN","761,32"]
["74130/8","DISJUNTOR TERMOMAGNETICO TRIPOLAR EM CAIXA MOLDADA 300 A 400A 600V, FORNECIMENTO E INSTALACAO","UN","1.041,23"]
["74130/9","DISJUNTOR TERMOMAGNETICO TRIPOLAR EM CAIXA MOLDADA 500 A 600A 600V, FORNECIMENTO E INSTALACAO","UN","1.707,04"]
["74130/10","DISJUNTOR TERMOMAGNETICO TRIPOLAR EM CAIXA MOLDADA 175 A 225A 240V, FORNECIMENTO E INSTALACAO","UN","459,51"]
["74131/1","QUADRO DE DISTRIBUICAO DE ENERGIA DE EMBUTIR, EM CHAPA METALICA, PARA 3 DISJUNTORES TERMOMAGNETICOS MONOPOLARES SEM BARRAMENTO FORNECIMENTO E INSTALACAO","UN","51,55"]
["74131/4","QUADRO DE DISTRIBUICAO DE ENERGIA DE EMBUTIR, EM CHAPA METALICA, PARA 18 DISJUNTORES TERMOMAGNETICOS MONOPOLARES, COM BARRAMENTO TRIFASICO E NEUTRO, FORNECIMENTO E INSTALACAO","UN","344,78"]
["74131/5","QUADRO DE DISTRIBUICAO DE ENERGIA DE EMBUTIR, EM CHAPA METALICA, PARA 24 DISJUNTORES TERMOMAGNETICOS MONOPOLARES, COM BARRAMENTO TRIFASICO E NEUTRO, FORNECIMENTO E INSTALACAO","UN","399,93"]
["74131/6","QUADRO DE DISTRIBUICAO DE ENERGIA DE EMBUTIR, EM CHAPA METALICA, PARA 32 DISJUNTORES TERMOMAGNETICOS MONOPOLARES, COM BARRAMENTO TRIFASICO E NEUTRO, FORNECIMENTO E INSTALACAO","UN","781,79"]
["74131/7","QUADRO DE DISTRIBUICAO DE ENERGIA DE EMBUTIR, EM CHAPA METALICA, PARA 40 DISJUNTORES TERMOMAGNETICOS MONOPOLARES, COM BARRAMENTO TRIFASICO E NEUTRO, FORNECIMENTO E INSTALACAO","UN","647,90"]
["74131/8","QUADRO DE DISTRIBUICAO DE ENERGIA DE EMBUTIR, EM CHAPA METALICA, PARA 50 DISJUNTORES TERMOMAGNETICOS MONOPOLARES, COM BARRAMENTO TRIFASICO E NEUTRO, FORNECIMENTO E INSTALACAO","UN","961,20"]
[83463,"QUADRO DE DISTRIBUICAO DE ENERGIA EM CHAPA DE ACO GALVANIZADO, PARA 12 DISJUNTORES TERMOMAGNETICOS MONOPOLARES, COM BARRAMENTO TRIFASICO E NEUTRO - FORNECIMENTO E INSTALACAO","UN","253,21"]
[84402,"QUADRO DE DISTRIBUICAO DE ENERGIA P/ 6 DISJUNTORES TERMOMAGNETICOS MONOPOLARES SEM BARRAMENTO, DE EMBUTIR, EM CHAPA METALICA - FORNECIMENTO E INSTALACAO","UN","59,48"]
[93653,"DISJUNTOR MONOPOLAR TIPO DIN, CORRENTE NOMINAL DE 10A - FORNECIMENTO E INSTALAÇÃO. AF_04/2016","UN","9,06"]
[93654,"DISJUNTOR MONOPOLAR TIPO DIN, CORRENTE NOMINAL DE 16A - FORNECIMENTO E INSTALAÇÃO. AF_04/2016","UN","9,46"]
[93655,"DISJUNTOR MONOPOLAR TIPO DIN, CORRENTE NOMINAL DE 20A - FORNECIMENTO E INSTALAÇÃO. AF_04/2016","UN","10,22"]
[93656,"DISJUNTOR MONOPOLAR TIPO DIN, CORRENTE NOMINAL DE 25A - FORNECIMENTO E INSTALAÇÃO. AF_04/2016","UN","10,22"]
[93657,"DISJUNTOR MONOPOLAR TIPO DIN, CORRENTE NOMINAL DE 32A - FORNECIMENTO E INSTALAÇÃO. AF_04/2016","UN","11,14"]
[93658,"DISJUNTOR MONOPOLAR TIPO DIN, CORRENTE NOMINAL DE 40A - FORNECIMENTO E INSTALAÇÃO. AF_04/2016","UN","16,11"]
[93659,"DISJUNTOR MONOPOLAR TIPO DIN, CORRENTE NOMINAL DE 50A - FORNECIMENTO E INSTALAÇÃO. AF_04/2016","UN","17,97"]
[93660,"DISJUNTOR BIPOLAR TIPO DIN, CORRENTE NOMINAL DE 10A - FORNECIMENTO E INSTALAÇÃO. AF_04/2016","UN","45,52"]
[93661,"DISJUNTOR BIPOLAR TIPO DIN, CORRENTE NOMINAL DE 16A - FORNECIMENTO E INSTALAÇÃO. AF_04/2016","UN","46,28"]
[93662,"DISJUNTOR BIPOLAR TIPO DIN, CORRENTE NOMINAL DE 20A - FORNECIMENTO E INSTALAÇÃO. AF_04/2016","UN","47,86"]
[93663,"DISJUNTOR BIPOLAR TIPO DIN, CORRENTE NOMINAL DE 25A - FORNECIMENTO E INSTALAÇÃO. AF_04/2016","UN","47,86"]
[93664,"DISJUNTOR BIPOLAR TIPO DIN, CORRENTE NOMINAL DE 32A - FORNECIMENTO E INSTALAÇÃO. AF_04/2016","UN","49,68"]
[93665,"DISJUNTOR BIPOLAR TIPO DIN, CORRENTE NOMINAL DE 40A - FORNECIMENTO E INSTALAÇÃO. AF_04/2016","UN","51,90"]
[93666,"DISJUNTOR BIPOLAR TIPO DIN, CORRENTE NOMINAL DE 50A - FORNECIMENTO E INSTALAÇÃO. AF_04/2016","UN","55,61"]
[93667,"DISJUNTOR TRIPOLAR TIPO DIN, CORRENTE NOMINAL DE 10A - FORNECIMENTO E INSTALAÇÃO. AF_04/2016","UN","56,73"]
[93668,"DISJUNTOR TRIPOLAR TIPO DIN, CORRENTE NOMINAL DE 16A - FORNECIMENTO E INSTALAÇÃO. AF_04/2016","UN","57,89"]
[93669,"DISJUNTOR TRIPOLAR TIPO DIN, CORRENTE NOMINAL DE 20A - FORNECIMENTO E INSTALAÇÃO. AF_04/2016","UN","60,22"]
[93670,"DISJUNTOR TRIPOLAR TIPO DIN, CORRENTE NOMINAL DE 25A - FORNECIMENTO E INSTALAÇÃO. AF_04/2016","UN","60,22"]
[93671,"DISJUNTOR TRIPOLAR TIPO DIN, CORRENTE NOMINAL DE 32A - FORNECIMENTO E INSTALAÇÃO. AF_04/2016","UN","62,98"]
[93672,"DISJUNTOR TRIPOLAR TIPO DIN, CORRENTE NOMINAL DE 40A - FORNECIMENTO E INSTALAÇÃO. AF_04/2016","UN","67,30"]
[93673,"DISJUNTOR TRIPOLAR TIPO DIN, CORRENTE NOMINAL DE 50A - FORNECIMENTO E INSTALAÇÃO. AF_04/2016","UN","72,85"]
[72339,"TOMADA 3P+T 30A/440V SEM PLACA - FORNECIMENTO E INSTALACAO","UN","45,68"]
[83403,"INTERRUPTOR PULSADOR DE CAMPAINHA OU MINUTERIA 2A/250V C/ CAIXA - FORNECIMENTO E INSTALACAO","UN","14,61"]
[83465,"INTERRUPTOR INTERMEDIARIO (FOUR-WAY) - FORNECIMENTO E INSTALACAO","UN","37,31"]
[91945,"SUPORTE PARAFUSADO COM PLACA DE ENCAIXE 4\" X 2\" ALTO (2,00 M DO PISO) PARA PONTO ELÉTRICO - FORNECIMENTO E INSTALAÇÃO. AF_12/2015","UN","6,40"]
[91946,"SUPORTE PARAFUSADO COM PLACA DE ENCAIXE 4\" X 2\" MÉDIO (1,30 M DO PISO) PARA PONTO ELÉTRICO - FORNECIMENTO E INSTALAÇÃO. AF_12/2015","UN","5,42"]
[91947,"SUPORTE PARAFUSADO COM PLACA DE ENCAIXE 4\" X 2\" BAIXO (0,30 M DO PISO) PARA PONTO ELÉTRICO - FORNECIMENTO E INSTALAÇÃO. AF_12/2015","UN","4,80"]
[91949,"SUPORTE PARAFUSADO COM PLACA DE ENCAIXE 4\" X 4\" ALTO (2,00 M DO PISO) PARA PONTO ELÉTRICO - FORNECIMENTO E INSTALAÇÃO. AF_12/2015","UN","9,96"]
[91950,"SUPORTE PARAFUSADO COM PLACA DE ENCAIXE 4\" X 4\" MÉDIO (1,30 M DO PISO) PARA PONTO ELÉTRICO - FORNECIMENTO E INSTALAÇÃO. AF_12/2015","UN","8,77"]
[91951,"SUPORTE PARAFUSADO COM PLACA DE ENCAIXE 4\" X 4\" BAIXO (0,30 M DO PISO) PARA PONTO ELÉTRICO - FORNECIMENTO E INSTALAÇÃO. AF_12/2015","UN","8,06"]
[91952,"INTERRUPTOR SIMPLES (1 MÓDULO), 10A/250V, SEM SUPORTE E SEM PLACA - FORNECIMENTO E INSTALAÇÃO. AF_12/2015","UN","11,99"]
[91953,"INTERRUPTOR SIMPLES (1 MÓDULO), 10A/250V, INCLUINDO SUPORTE E PLACA - FORNECIMENTO E INSTALAÇÃO. AF_12/2015","UN","17,41"]
[91954,"INTERRUPTOR PARALELO (1 MÓDULO), 10A/250V, SEM SUPORTE E SEM PLACA - FORNECIMENTO E INSTALAÇÃO. AF_12/2015","UN","16,08"]
[91955,"INTERRUPTOR PARALELO (1 MÓDULO), 10A/250V, INCLUINDO SUPORTE E PLACA - FORNECIMENTO E INSTALAÇÃO. AF_12/2015","UN","21,50"]
[91956,"INTERRUPTOR SIMPLES (1 MÓDULO) COM INTERRUPTOR PARALELO (1 MÓDULO), 10A/250V, SEM SUPORTE E SEM PLACA - FORNECIMENTO E INSTALAÇÃO. AF_12/2015","UN","26,23"]
[91957,"INTERRUPTOR SIMPLES (1 MÓDULO) COM INTERRUPTOR PARALELO (1 MÓDULO), 10A/250V, INCLUINDO SUPORTE E PLACA - FORNECIMENTO E INSTALAÇÃO. AF_12/2015","UN","31,65"]
[91958,"INTERRUPTOR SIMPLES (2 MÓDULOS), 10A/250V, SEM SUPORTE E SEM PLACA - FORNECIMENTO E INSTALAÇÃO. AF_12/2015","UN","22,17"]
[91959,"INTERRUPTOR SIMPLES (2 MÓDULOS), 10A/250V, INCLUINDO SUPORTE E PLACA - FORNECIMENTO E INSTALAÇÃO. AF_12/2015","UN","27,59"]
[91960,"INTERRUPTOR PARALELO (2 MÓDULOS), 10A/250V, SEM SUPORTE E SEM PLACA - FORNECIMENTO E INSTALAÇÃO. AF_12/2015","UN","30,31"]
[91961,"INTERRUPTOR PARALELO (2 MÓDULOS), 10A/250V, INCLUINDO SUPORTE E PLACA - FORNECIMENTO E INSTALAÇÃO. AF_12/2015","UN","35,73"]
[91962,"INTERRUPTOR SIMPLES (1 MÓDULO) COM INTERRUPTOR PARALELO (2 MÓDULOS), 10A/250V, SEM SUPORTE E SEM PLACA - FORNECIMENTO E INSTALAÇÃO. AF_12/2015","UN","40,49"]
[91963,"INTERRUPTOR SIMPLES (1 MÓDULO) COM INTERRUPTOR PARALELO (2 MÓDULOS), 10A/250V, INCLUINDO SUPORTE E PLACA - FORNECIMENTO E INSTALAÇÃO. AF_12/2015","UN","45,91"]
[91964,"INTERRUPTOR SIMPLES (2 MÓDULOS) COM INTERRUPTOR PARALELO (1 MÓDULO), 10A/250V, SEM SUPORTE E SEM PLACA - FORNECIMENTO E INSTALAÇÃO. AF_12/2015","UN","36,40"]
[91965,"INTERRUPTOR SIMPLES (2 MÓDULOS) COM INTERRUPTOR PARALELO (1 MÓDULO), 10A/250V, INCLUINDO SUPORTE E PLACA - FORNECIMENTO E INSTALAÇÃO. AF_12/2015","UN","41,82"]
[91966,"INTERRUPTOR SIMPLES (3 MÓDULOS), 10A/250V, SEM SUPORTE E SEM PLACA - FORNECIMENTO E INSTALAÇÃO. AF_12/2015","UN","32,35"]
[91967,"INTERRUPTOR SIMPLES (3 MÓDULOS), 10A/250V, INCLUINDO SUPORTE E PLACA - FORNECIMENTO E INSTALAÇÃO. AF_12/2015","UN","37,77"]
[91968,"INTERRUPTOR PARALELO (3 MÓDULOS), 10A/250V, SEM SUPORTE E SEM PLACA - FORNECIMENTO E INSTALAÇÃO. AF_12/2015","UN","44,54"]
[91969,"INTERRUPTOR PARALELO (3 MÓDULOS), 10A/250V, INCLUINDO SUPORTE E PLACA - FORNECIMENTO E INSTALAÇÃO. AF_12/2015","UN","49,96"]
[91970,"INTERRUPTOR SIMPLES (3 MÓDULOS) COM INTERRUPTOR PARALELO (1 MÓDULO), 10A/250V, SEM SUPORTE E SEM PLACA - FORNECIMENTO E INSTALAÇÃO. AF_12/2015","UN","46,79"]
[91971,"INTERRUPTOR SIMPLES (3 MÓDULOS) COM INTERRUPTOR PARALELO (1 MÓDULO), 10A/250V, INCLUINDO SUPORTE E PLACA - FORNECIMENTO E INSTALAÇÃO. AF_12/2015","UN","55,56"]
[91972,"INTERRUPTOR SIMPLES (2 MÓDULOS) COM INTERRUPTOR PARALELO (2 MÓDULOS), 10A/250V, SEM SUPORTE E SEM PLACA - FORNECIMENTO E INSTALAÇÃO. AF_12/2015","UN","50,88"]
[91973,"INTERRUPTOR SIMPLES (2 MÓDULOS) COM INTERRUPTOR PARALELO (2 MÓDULOS), 10A/250V, INCLUINDO SUPORTE E PLACA - FORNECIMENTO E INSTALAÇÃO. AF_12/2015","UN","59,65"]
[91974,"INTERRUPTOR SIMPLES (4 MÓDULOS), 10A/250V, SEM SUPORTE E SEM PLACA - FORNECIMENTO E INSTALAÇÃO. AF_12/2015","UN","42,71"]
[91975,"INTERRUPTOR SIMPLES (4 MÓDULOS), 10A/250V, INCLUINDO SUPORTE E PLACA - FORNECIMENTO E INSTALAÇÃO. AF_12/2015","UN","51,48"]
[91976,"INTERRUPTOR SIMPLES (6 MÓDULOS), 10A/250V, SEM SUPORTE E SEM PLACA - FORNECIMENTO E INSTALAÇÃO. AF_12/2015","UN","63,12"]
[91977,"INTERRUPTOR SIMPLES (6 MÓDULOS), 10A/250V, INCLUINDO SUPORTE E PLACA - FORNECIMENTO E INSTALAÇÃO. AF_12/2015","UN","71,89"]
[91978,"INTERRUPTOR INTERMEDIÁRIO (1 MÓDULO), 10A/250V, SEM SUPORTE E SEM PLACA - FORNECIMENTO E INSTALAÇÃO. AF_09/2017","UN","26,12"]
[91979,"INTERRUPTOR INTERMEDIÁRIO (1 MÓDULO), 10A/250V, INCLUINDO SUPORTE E PLACA - FORNECIMENTO E INSTALAÇÃO. AF_09/2017","UN","31,54"]
[91980,"INTERRUPTOR BIPOLAR (1 MÓDULO), 10A/250V, SEM SUPORTE E SEM PLACA - FORNECIMENTO E INSTALAÇÃO. AF_09/2017","UN","25,22"]
[91981,"INTERRUPTOR BIPOLAR (1 MÓDULO), 10A/250V, INCLUINDO SUPORTE E PLACA - FORNECIMENTO E INSTALAÇÃO. AF_09/2017","UN","30,64"]
[91982,"DIMMER ROTATIVO (1 MÓDULO), 220V/600W, SEM SUPORTE E SEM PLACA - FORNECIMENTO E INSTALAÇÃO. AF_09/2017","UN","64,26"]
[91983,"DIMMER ROTATIVO (1 MÓDULO), 220V/600W, INCLUINDO SUPORTE E PLACA - FORNECIMENTO E INSTALAÇÃO. AF_09/2017","UN","69,68"]
[91984,"INTERRUPTOR PULSADOR CAMPAINHA (1 MÓDULO), 10A/250V, SEM SUPORTE E SEM PLACA - FORNECIMENTO E INSTALAÇÃO. AF_09/2017","UN","11,15"]
[91985,"INTERRUPTOR PULSADOR CAMPAINHA (1 MÓDULO), 10A/250V, INCLUINDO SUPORTE E PLACA - FORNECIMENTO E INSTALAÇÃO. AF_09/2017","UN","16,57"]
[91986,"CAMPAINHA CIGARRA (1 MÓDULO), 10A/250V, SEM SUPORTE E SEM PLACA - FORNECIMENTO E INSTALAÇÃO. AF_09/2017","UN","24,48"]
[91987,"CAMPAINHA CIGARRA (1 MÓDULO), 10A/250V, INCLUINDO SUPORTE E PLACA - FORNECIMENTO E INSTALAÇÃO. AF_09/2017","UN","29,90"]
[91988,"INTERRUPTOR PULSADOR MINUTERIA (1 MÓDULO), 10A/250V, SEM SUPORTE E SEM PLACA - FORNECIMENTO E INSTALAÇÃO. AF_09/2017","UN","14,19"]
[91989,"INTERRUPTOR PULSADOR MINUTERIA (1 MÓDULO), 10A/250V, INCLUINDO SUPORTE E PLACA - FORNECIMENTO E INSTALAÇÃO. AF_09/2017","UN","19,61"]
[91990,"TOMADA ALTA DE EMBUTIR (1 MÓDULO), 2P+T 10 A, SEM SUPORTE E SEM PLACA - FORNECIMENTO E INSTALAÇÃO. AF_12/2015","UN","20,95"]
[91991,"TOMADA ALTA DE EMBUTIR (1 MÓDULO), 2P+T 20 A, SEM SUPORTE E SEM PLACA - FORNECIMENTO E INSTALAÇÃO. AF_12/2015","UN","22,59"]
[91992,"TOMADA ALTA DE EMBUTIR (1 MÓDULO), 2P+T 10 A, INCLUINDO SUPORTE E PLACA - FORNECIMENTO E INSTALAÇÃO. AF_12/2015","UN","26,37"]
[91993,"TOMADA ALTA DE EMBUTIR (1 MÓDULO), 2P+T 20 A, INCLUINDO SUPORTE E PLACA - FORNECIMENTO E INSTALAÇÃO. AF_12/2015","UN","28,01"]
[91994,"TOMADA MÉDIA DE EMBUTIR (1 MÓDULO), 2P+T 10 A, SEM SUPORTE E SEM PLACA - FORNECIMENTO E INSTALAÇÃO. AF_12/2015","UN","15,23"]
[91995,"TOMADA MÉDIA DE EMBUTIR (1 MÓDULO), 2P+T 20 A, SEM SUPORTE E SEM PLACA - FORNECIMENTO E INSTALAÇÃO. AF_12/2015","UN","16,87"]
[91996,"TOMADA MÉDIA DE EMBUTIR (1 MÓDULO), 2P+T 10 A, INCLUINDO SUPORTE E PLACA - FORNECIMENTO E INSTALAÇÃO. AF_12/2015","UN","20,65"]
[91997,"TOMADA MÉDIA DE EMBUTIR (1 MÓDULO), 2P+T 20 A, INCLUINDO SUPORTE E PLACA - FORNECIMENTO E INSTALAÇÃO. AF_12/2015","UN","22,29"]
[91998,"TOMADA BAIXA DE EMBUTIR (1 MÓDULO), 2P+T 10 A, SEM SUPORTE E SEM PLACA - FORNECIMENTO E INSTALAÇÃO. AF_12/2015","UN","13,00"]
[91999,"TOMADA BAIXA DE EMBUTIR (1 MÓDULO), 2P+T 20 A, SEM SUPORTE E SEM PLACA - FORNECIMENTO E INSTALAÇÃO. AF_12/2015","UN","14,64"]
[92000,"TOMADA BAIXA DE EMBUTIR (1 MÓDULO), 2P+T 10 A, INCLUINDO SUPORTE E PLACA - FORNECIMENTO E INSTALAÇÃO. AF_12/2015","UN","18,42"]
[92001,"TOMADA BAIXA DE EMBUTIR (1 MÓDULO), 2P+T 20 A, INCLUINDO SUPORTE E PLACA - FORNECIMENTO E INSTALAÇÃO. AF_12/2015","UN","20,06"]
[92002,"TOMADA MÉDIA DE EMBUTIR (2 MÓDULOS), 2P+T 10 A, SEM SUPORTE E SEM PLACA - FORNECIMENTO E INSTALAÇÃO. AF_12/2015","UN","28,61"]
[92003,"TOMADA MÉDIA DE EMBUTIR (2 MÓDULOS), 2P+T 20 A, SEM SUPORTE E SEM PLACA - FORNECIMENTO E INSTALAÇÃO. AF_12/2015","UN","31,89"]
[92004,"TOMADA MÉDIA DE EMBUTIR (2 MÓDULOS), 2P+T 10 A, INCLUINDO SUPORTE E PLACA - FORNECIMENTO E INSTALAÇÃO. AF_12/2015","UN","34,03"]
[92005,"TOMADA MÉDIA DE EMBUTIR (2 MÓDULOS), 2P+T 20 A, INCLUINDO SUPORTE E PLACA - FORNECIMENTO E INSTALAÇÃO. AF_12/2015","UN","37,31"]
[92006,"TOMADA BAIXA DE EMBUTIR (2 MÓDULOS), 2P+T 10 A, SEM SUPORTE E SEM PLACA - FORNECIMENTO E INSTALAÇÃO. AF_12/2015","UN","24,17"]
[92007,"TOMADA BAIXA DE EMBUTIR (2 MÓDULOS), 2P+T 20 A, SEM SUPORTE E SEM PLACA - FORNECIMENTO E INSTALAÇÃO. AF_12/2015","UN","27,45"]
[92008,"TOMADA BAIXA DE EMBUTIR (2 MÓDULOS), 2P+T 10 A, INCLUINDO SUPORTE E PLACA - FORNECIMENTO E INSTALAÇÃO. AF_12/2015","UN","29,59"]
[92009,"TOMADA BAIXA DE EMBUTIR (2 MÓDULOS), 2P+T 20 A, INCLUINDO SUPORTE E PLACA - FORNECIMENTO E INSTALAÇÃO. AF_12/2015","UN","32,87"]
[92010,"TOMADA MÉDIA DE EMBUTIR (3 MÓDULOS), 2P+T 10 A, SEM SUPORTE E SEM PLACA - FORNECIMENTO E INSTALAÇÃO. AF_12/2015","UN","41,99"]
[92011,"TOMADA MÉDIA DE EMBUTIR (3 MÓDULOS), 2P+T 20 A, SEM SUPORTE E SEM PLACA - FORNECIMENTO E INSTALAÇÃO. AF_12/2015","UN","46,91"]
[92012,"TOMADA MÉDIA DE EMBUTIR (3 MÓDULOS), 2P+T 10 A, INCLUINDO SUPORTE E PLACA - FORNECIMENTO E INSTALAÇÃO. AF_12/2015","UN","47,41"]
[92013,"TOMADA MÉDIA DE EMBUTIR (3 MÓDULOS), 2P+T 20 A, INCLUINDO SUPORTE E PLACA - FORNECIMENTO E INSTALAÇÃO. AF_12/2015","UN","52,33"]
[92014,"TOMADA BAIXA DE EMBUTIR (3 MÓDULOS), 2P+T 10 A, SEM SUPORTE E SEM PLACA - FORNECIMENTO E INSTALAÇÃO. AF_12/2015","UN","35,33"]
[92015,"TOMADA BAIXA DE EMBUTIR (3 MÓDULOS), 2P+T 20 A, SEM SUPORTE E SEM PLACA - FORNECIMENTO E INSTALAÇÃO. AF_12/2015","UN","40,25"]
[92016,"TOMADA BAIXA DE EMBUTIR (3 MÓDULOS), 2P+T 10 A, INCLUINDO SUPORTE E PLACA - FORNECIMENTO E INSTALAÇÃO. AF_12/2015","UN","40,75"]
[92017,"TOMADA BAIXA DE EMBUTIR (3 MÓDULOS), 2P+T 20 A, INCLUINDO SUPORTE E PLACA - FORNECIMENTO E INSTALAÇÃO. AF_12/2015","UN","45,67"]
[92018,"TOMADA BAIXA DE EMBUTIR (4 MÓDULOS), 2P+T 10 A, SEM SUPORTE E SEM PLACA - FORNECIMENTO E INSTALAÇÃO. AF_12/2015","UN","46,80"]
[92019,"TOMADA BAIXA DE EMBUTIR (4 MÓDULOS), 2P+T 10 A, INCLUINDO SUPORTE E PLACA - FORNECIMENTO E INSTALAÇÃO. AF_12/2015","UN","55,57"]
[92020,"TOMADA BAIXA DE EMBUTIR (6 MÓDULOS), 2P+T 10 A, SEM SUPORTE E SEM PLACA - FORNECIMENTO E INSTALAÇÃO. AF_12/2015","UN","69,27"]
[92021,"TOMADA BAIXA DE EMBUTIR (6 MÓDULOS), 2P+T 10 A, INCLUINDO SUPORTE E PLACA - FORNECIMENTO E INSTALAÇÃO. AF_12/2015","UN","78,04"]
[92022,"INTERRUPTOR SIMPLES (1 MÓDULO) COM 1 TOMADA DE EMBUTIR 2P+T 10 A,  SEM SUPORTE E SEM PLACA - FORNECIMENTO E INSTALAÇÃO. AF_12/2015","UN","25,38"]
[92023,"INTERRUPTOR SIMPLES (1 MÓDULO) COM 1 TOMADA DE EMBUTIR 2P+T 10 A,  INCLUINDO SUPORTE E PLACA - FORNECIMENTO E INSTALAÇÃO. AF_12/2015","UN","30,80"]
[92024,"INTERRUPTOR SIMPLES (1 MÓDULO) COM 2 TOMADAS DE EMBUTIR 2P+T 10 A,  SEM SUPORTE E SEM PLACA - FORNECIMENTO E INSTALAÇÃO. AF_12/2015","UN","38,79"]
[92025,"INTERRUPTOR SIMPLES (1 MÓDULO) COM 2 TOMADAS DE EMBUTIR 2P+T 10 A,  INCLUINDO SUPORTE E PLACA - FORNECIMENTO E INSTALAÇÃO. AF_12/2015","UN","44,21"]
[92026,"INTERRUPTOR SIMPLES (2 MÓDULOS) COM 1 TOMADA DE EMBUTIR 2P+T 10 A,  SEM SUPORTE E SEM PLACA - FORNECIMENTO E INSTALAÇÃO. AF_12/2015","UN","35,55"]
[92027,"INTERRUPTOR SIMPLES (2 MÓDULOS) COM 1 TOMADA DE EMBUTIR 2P+T 10 A,  INCLUINDO SUPORTE E PLACA - FORNECIMENTO E INSTALAÇÃO. AF_12/2015","UN","40,97"]
[92028,"INTERRUPTOR PARALELO (1 MÓDULO) COM 1 TOMADA DE EMBUTIR 2P+T 10 A,  SEM SUPORTE E SEM PLACA - FORNECIMENTO E INSTALAÇÃO. AF_12/2015","UN","29,46"]
[92029,"INTERRUPTOR PARALELO (1 MÓDULO) COM 1 TOMADA DE EMBUTIR 2P+T 10 A,  INCLUINDO SUPORTE E PLACA - FORNECIMENTO E INSTALAÇÃO. AF_12/2015","UN","34,88"]
[92030,"INTERRUPTOR PARALELO (1 MÓDULO) COM 2 TOMADAS DE EMBUTIR 2P+T 10 A,  SEM SUPORTE E SEM PLACA - FORNECIMENTO E INSTALAÇÃO. AF_12/2015","UN","42,84"]
[92031,"INTERRUPTOR PARALELO (1 MÓDULO) COM 2 TOMADAS DE EMBUTIR 2P+T 10 A,  INCLUINDO SUPORTE E PLACA - FORNECIMENTO E INSTALAÇÃO. AF_12/2015","UN","48,26"]
[92032,"INTERRUPTOR PARALELO (2 MÓDULOS) COM 1 TOMADA DE EMBUTIR 2P+T 10 A,  SEM SUPORTE E SEM PLACA - FORNECIMENTO E INSTALAÇÃO. AF_12/2015","UN","43,69"]
[92033,"INTERRUPTOR PARALELO (2 MÓDULOS) COM 1 TOMADA DE EMBUTIR 2P+T 10 A,  INCLUINDO SUPORTE E PLACA - FORNECIMENTO E INSTALAÇÃO. AF_12/2015","UN","49,11"]
[92034,"INTERRUPTOR SIMPLES (1 MÓDULO), INTERRUPTOR PARALELO (1 MÓDULO) E 1 TOMADA DE EMBUTIR 2P+T 10 A,  SEM SUPORTE E SEM PLACA - FORNECIMENTO E INSTALAÇÃO. AF_12/2015","UN","39,64"]
[92035,"INTERRUPTOR SIMPLES (1 MÓDULO), INTERRUPTOR PARALELO (1 MÓDULO) E 1 TOMADA DE EMBUTIR 2P+T 10 A,  INCLUINDO SUPORTE E PLACA - FORNECIMENTO E INSTALAÇÃO. AF_12/2015","UN","45,06"]
[72278,"LAMPADA VAPOR METALICO 400W - FORNECIMENTO E INSTALACAO","UN","84,62"]
[72280,"IGNITOR PARA PARTIDA LÂMPADA VAPOR SÓDIO ALTA PRESSÃO ATÉ 400W","UN","49,98"]
["73953/4","LUMINÁRIAS TIPO CALHA, DE SOBREPOR, COM REATORES DE PARTIDA RÁPIDA E LÂMPADAS FLUORESCENTES 2X2X18W, COMPLETAS, FORNECIMENTO E INSTALAÇÃO","UN","143,12"]
["73953/8","LUMINÁRIAS TIPO CALHA, DE SOBREPOR, COM REATORES DE PARTIDA RÁPIDA E LÂMPADAS FLUORESCENTES 2X2X36W, COMPLETAS, FORNECIMENTO E INSTALAÇÃO","UN","191,85"]
["73953/9","LUMINARIA SOBREPOR TP CALHA C/REATOR PART CONVENC LAMP 1X20W E STARTERFIX EM LAJE OU FORRO - FORNECIMENTO E COLOCACAO","UN","53,67"]
[83391,"REATOR PARA LAMPADA FLUORESCENTE 2X40W PARTIDA RAPIDA FORNECIMENTO E INSTALACAO","UN","29,13"]
[83392,"REATOR PARA LAMPADA FLUORESCENTE 1X20W PARTIDA RAPIDA FORNECIMENTO E INSTALACAO","UN","21,44"]
[83393,"REATOR PARA LAMPADA FLUORESCENTE 1X40W PARTIDA RAPIDA FORNECIMENTO E INSTALACAO","UN","27,42"]
[83470,"LAMPADA FLUORESCENTE TP HO 85W - FORNECIMENTO E INSTALACAO","UN","83,21"]
[93040,"LÂMPADA FLUORESCENTE COMPACTA 15 W 2U, BASE E27 - FORNECIMENTO E INSTALAÇÃO","UN","13,02"]
[93041,"LÂMPADA FLUORESCENTE ESPIRAL BRANCA 65 W, BASE E27 - FORNECIMENTO E INSTALAÇÃO","UN","82,84"]
[93042,"LÂMPADA LED 6 W BIVOLT BRANCA, FORMATO TRADICIONAL (BASE E27) - FORNECIMENTO E INSTALAÇÃO","UN","26,66"]
[93043,"LÂMPADA LED 10 W BIVOLT BRANCA, FORMATO TRADICIONAL (BASE E27) - FORNECIMENTO E INSTALAÇÃO","UN","35,57"]
[93044,"LÂMPADA FLUORESCENTE COMPACTA 3U BRANCA 20 W, BASE E27 - FORNECIMENTO E INSTALAÇÃO","UN","14,67"]
[93045,"LÂMPADA FLUORESCENTE ESPIRAL BRANCA 45 W, BASE E27 - FORNECIMENTO E INSTALAÇÃO","UN","46,37"]
[97583,"LUMINÁRIA TIPO CALHA, DE SOBREPOR, COM 1 LÂMPADA TUBULAR DE 18 W - FORNECIMENTO E INSTALAÇÃO. AF_11/2017","UN","46,71"]
[97584,"LUMINÁRIA TIPO CALHA, DE SOBREPOR, COM 1 LÂMPADA TUBULAR DE 36 W - FORNECIMENTO E INSTALAÇÃO. AF_11/2017","UN","65,01"]
[97585,"LUMINÁRIA TIPO CALHA, DE SOBREPOR, COM 2 LÂMPADAS TUBULARES DE 18 W - FORNECIMENTO E INSTALAÇÃO. AF_11/2017","UN","63,96"]
[97586,"LUMINÁRIA TIPO CALHA, DE SOBREPOR, COM 2 LÂMPADAS TUBULARES DE 36 W - FORNECIMENTO E INSTALAÇÃO. AF_11/2017","UN","86,05"]
[97587,"LUMINÁRIA TIPO CALHA, DE EMBUTIR, COM 2 LÂMPADAS DE 14 W COM REFLETOR - FORNECIMENTO E INSTALAÇÃO. AF_11/2017","UN","152,73"]
[97589,"LUMINÁRIA TIPO PLAFON EM PLÁSTICO, DE SOBREPOR, COM 1 LÂMPADA DE 15 W, - FORNECIMENTO E INSTALAÇÃO. AF_11/2017","UN","27,40"]
[97590,"LUMINÁRIA TIPO PLAFON REDONDO COM VIDRO FOSCO, DE SOBREPOR, COM 1 LÂMPADA DE 15 W - FORNECIMENTO E INSTALAÇÃO. AF_11/2017","UN","57,93"]
[97591,"LUMINÁRIA TIPO PLAFON REDONDO COM VIDRO FOSCO, DE SOBREPOR, COM 2 LÂMPADAS DE 15 W - FORNECIMENTO E INSTALAÇÃO. AF_11/2017","UN","78,55"]
[97592,"LUMINÁRIA TIPO PLAFON, DE SOBREPOR, COM 1 LÂMPADA LED - FORNECIMENTO E INSTALAÇÃO. AF_11/2017","UN","104,71"]
[97593,"LUMINÁRIA TIPO SPOT, DE SOBREPOR, COM 1 LÂMPADA DE 15 W - FORNECIMENTO E INSTALAÇÃO. AF_11/2017","UN","81,13"]
[97594,"LUMINÁRIA TIPO SPOT, DE SOBREPOR, COM 2 LÂMPADAS DE 15 W - FORNECIMENTO E INSTALAÇÃO. AF_11/2017","UN","78,61"]
[97595,"SENSOR DE PRESENÇA COM FOTOCÉLULA, FIXAÇÃO EM PAREDE - FORNECIMENTO E INSTALAÇÃO. AF_11/2017","UN","51,70"]
[97596,"SENSOR DE PRESENÇA SEM FOTOCÉLULA, FIXAÇÃO EM PAREDE - FORNECIMENTO E INSTALAÇÃO. AF_11/2017","UN","35,21"]
[97597,"SENSOR DE PRESENÇA COM FOTOCÉLULA, FIXAÇÃO EM TETO - FORNECIMENTO E INSTALAÇÃO. AF_11/2017","UN","42,82"]
[97598,"SENSOR DE PRESENÇA SEM FOTOCÉLULA, FIXAÇÃO EM TETO - FORNECIMENTO E INSTALAÇÃO. AF_11/2017","UN","40,72"]
[97599,"LUMINÁRIA DE EMERGÊNCIA - FORNECIMENTO E INSTALAÇÃO. AF_11/2017","UN","40,55"]
[97609,"LÂMPADA COMPACTA DE LED 6 W, BASE E27 - FORNECIMENTO E INSTALAÇÃO. AF_11/2017","UN","31,28"]
[97610,"LÂMPADA COMPACTA DE LED 10 W, BASE E27 - FORNECIMENTO E INSTALAÇÃO. AF_11/2017","UN","40,19"]
[97611,"LÂMPADA COMPACTA FLUORESCENTE DE 15 W, BASE E27 - FORNECIMENTO E INSTALAÇÃO. AF_11/2017","UN","17,64"]
[97612,"LÂMPADA COMPACTA FLUORESCENTE DE 20 W, BASE E27 - FORNECIMENTO E INSTALAÇÃO. AF_11/2017","UN","19,29"]
[97613,"LÂMPADA COMPACTA DE VAPOR MERCURIO 125 W, BASE E27 - FORNECIMENTO E INSTALAÇÃO. AF_11/2017","UN","24,77"]
[97614,"LÂMPADA COMPACTA DE VAPOR METÁLICO OVOIDE 150 W, BASE E27 - FORNECIMENTO E INSTALAÇÃO. AF_11/2017","UN","44,54"]
[97615,"LÂMPADA TUBULAR FLUORESCENTE T8 DE 16/18 W, BASE G13 - FORNECIMENTO E INSTALAÇÃO. AF_11/2017_P","UN","32,83"]
[97616,"LÂMPADA TUBULAR FLUORESCENTE T8 DE 32/36 W, BASE G13 - FORNECIMENTO E INSTALAÇÃO. AF_11/2017_P","UN","37,19"]
[97617,"LÂMPADA TUBULAR FLUORESCENTE T10 DE 20/40 W, BASE G13 - FORNECIMENTO E INSTALAÇÃO. AF_11/2017_P","UN","36,93"]
[97618,"LÂMPADA TUBULAR FLUORESCENTE T5 DE 14 W, BASE G13 - FORNECIMENTO E INSTALAÇÃO. AF_11/2017_P","UN","35,15"]
[9540,"ENTRADA DE ENERGIA ELÉTRICA AÉREA MONOFÁSICA 50A COM POSTE DE CONCRETO, INCLUSIVE CABEAMENTO, CAIXA DE PROTEÇÃO PARA MEDIDOR E ATERRAMENTO.","UN","920,04"]
[41598,"ENTRADA PROVISORIA DE ENERGIA ELETRICA AEREA TRIFASICA 40A EM POSTE MADEIRA","UN","1.306,84"]
[72941,"APARELHO SINALIZADOR DE SAIDA DE GARAGEM, COM CELULA FOTOELETRICA - FORNECIMENTO E INSTALACAO","UN","183,75"]
[73624,"SUPORTE PARA TRANSFORMADOR EM POSTE DE CONCRETO CIRCULAR","UN","69,16"]
["73767/1","GRAMPO PARALELO EM ALUMINIO FUNDIDO OU ESTRUDADO DE 2 PARAFUSOS, PARA CABO DE 6 A 50 MM2, PASTA ANTIOXIDANTE. FORNEC E INSTALAÇÃO.","UN","8,81"]
["73767/2","ALCA PRE-FORMADA DISTRIBUIÇÃO EM  ACO RECOBERTO COM ALUMINIO PARA CABO 25MM2, ENCAPADO. FORNECIMENTO E INSTALAÇÃO.","UN","9,34"]
["73767/3","LACO DE ROLDANA PRE-FORMADO ACO RECOBERTO DE ALUMINIO PARA CABO DE ALUMINIO NU BITOLA 25MM2 - FORNECIMENTO E COLOCACAO","UN","6,58"]
["73767/4","ALCA PRE-FORMADA DISTRIBUICAO EM ACO RECOBERTO COM ALUMINIO NU PARA CABO 25MM2, ENCAPADO. FORNECIMENTO E INSTALACAO.","UN","4,06"]
["73767/5","ALCA PRE-FORMADA SERV DE ACO RECOB C/ALUM NU ENCAPADO 25MM2 (BITOLA)  CONF PROJ A4-148-CP RIOLUZ FORNECIMENTO E COLOCACAO","UN","3,66"]
["73781/1","MUFLA TERMINAL PRIMARIA UNIPOLAR USO INTERNO PARA CABO 35/120MM2, ISOLACAO 15/25KV EM EPR - BORRACHA DE SILICONE. FORNECIMENTO E INSTALACAO.","UN","332,80"]
["73781/2","ISOLADOR DE PINO TP HI-POT CILINDRICO CLASSE 15KV. FORNECIMENTO E INSTALACAO.","UN","26,61"]
["73781/3","ISOLADOR DE SUSPENSAO (DISCO) TP CAVILHA CLASSE 15KV - 6''. FORNECIMENTO E INSTALACAO.","UN","82,29"]
[88543,"ARMACAO SECUNDARIA OU REX COMPLETA PARA TRESLINHAS-FORNECIMENTO E INSTALACAO.","UN","135,64"]
[88544,"ARMACAO SECUNDARIA OU REX COMPLETA PARA DUAS LINHAS-FORNECIMENTO E INSTALACAO.","UN","82,40"]
[88545,"ARMACAO SECUNDARIA OU REX COMPLETA PARA QUATRO LINHAS-FORNECIMENTO E INSTALACAO.","UN","156,42"]
["73783/1","POSTE CONCRETO SECAO CIRCULAR COMPRIMENTO=5M CARGA NOMINAL TOPO 100KG INCLUSIVE ESCAVACAO EXCLUSIVE TRANSPORTE - FORNECIMENTO E COLOCACAO","UN","530,33"]
["73783/3","POSTE CONCRETO SEÇÃO CIRCULAR COMPRIMENTO=5M CARGA NOMINAL TOPO 300KG INCLUSIVE ESCAVACAO EXCLUSIVE TRANSPORTE - FORNECIMENTO E COLOCAÇÃO","UN","479,35"]
["73783/5","POSTE CONCRETO SEÇÃO CIRCULAR COMPRIMENTO=7M CARGA NOMINAL TOPO 100KG INCLUSIVE ESCAVACAO EXCLUSIVE TRANSPORTE - FORNECIMENTO E COLOCAÇÃO","UN","529,34"]
["73783/6","POSTE CONCRETO SEÇÃO CIRCULAR COMPRIMENTO=7M CARGA NOMINAL TOPO 200KG INCLUSIVE ESCAVACAO EXCLUSIVE TRANSPORTE - FORNECIMENTO E COLOCAÇÃO","UN","614,83"]
["73783/8","POSTE CONCRETO SEÇÃO CIRCULAR COMPRIMENTO=11M  E CARGA NOMINAL 200KG INCLUSIVE ESCAVACAO EXCLUSIVE TRANSPORTE - FORNECIMENTO E COLOCAÇÃO","UN","1.068,98"]
["73783/9","POSTE CONCRETO SEÇÃO CIRCULAR COMPRIMENTO=11M  CARGA NOMINAL NO TOPO 300KG INCLUSIVE ESCAVACAO EXCLUSIVE TRANSPORTE - FORNECIMENTO E COLOCAÇÃO","UN","1.071,19"]
["73783/10","POSTE CONCRETO SEÇÃO CIRCULAR COMPRIMENTO=11M  CARGA NOMINAL NO TOPO 400KG INCLUSIVE ESCAVACAO EXCLUSIVE TRANSPORTE - FORNECIMENTO E COLOCAÇÃO","UN","1.268,75"]
["73783/11","POSTE CONCRETO SEÇÃO CIRCULAR COMPRIMENTO=14M  CARGA NOMINAL NO TOPO 400KG INCLUSIVE ESCAVACAO EXCLUSIVE TRANSPORTE - FORNECIMENTO E COLOCAÇÃO","UN","1.925,39"]
["73783/12","POSTE CONCRETO SEÇÃO CIRCULAR COMPRIMENTO=7M CARGA NOMINAL NO TOPO 300KG INCLUSIVE ESCAVACAO EXCLUSIVE TRANSPORTE - FORNECIMENTO E COLOCAÇÃO","UN","707,01"]
["73783/14","POSTE CONCRETO SEÇÃO CIRCULAR COMPRIMENTO=9M CARGA NOMINAL NO TOPO 200KG INCLUSIVE ESCAVACAO EXCLUSIVE TRANSPORTE - FORNECIMENTO E COLOCAÇÃO","UN","801,92"]
["73783/15","POSTE CONCRETO SEÇÃO CIRCULAR COMPRIMENTO=9M CARGA NOMINAL NO TOPO 300KG INCLUSIVE ESCAVACAO EXCLUSIVE TRANSPORTE - FORNECIMENTO E COLOCAÇÃO","UN","859,61"]
["73783/16","POSTE CONCRETO SEÇÃO CIRCULAR COMPRIMENTO=9M CARGA NOMINAL NO TOPO 400KG INCLUSIVE ESCAVACAO EXCLUSIVE TRANSPORTE - FORNECIMENTO E COLOCAÇÃO","UN","1.016,85"]
["73783/17","POSTE CONCRETO SEÇÃO CIRCULAR COMPRIMENTO=10M CARGA NOMINAL NO TOPO 600KG INCLUSIVE ESCAVACAO EXCLUSIVE TRANSPORTE - FORNECIMENTO E COLOCAÇÃO","UN","1.341,83"]
[83394,"POSTE DE CONCRETO DUPLO T H=11M E CARGA NOMINAL 200KG INCLUSIVE ESCAVACAO, EXCLUSIVE TRANSPORTE - FORNECIMENTO E INSTALACAO","UN","899,43"]
[83396,"POSTE DE CONCRETO DUPLO T H=9M CARGA NOMINAL 300KG INCLUSIVE ESCAVACAO, EXCLUSIVE TRANSPORTE - FORNECIMENTO E INSTALACAO","UN","810,42"]
[83397,"POSTE DE CONCRETO DUPLO T H=9M CARGA NOMINAL 500KG INCLUSIVE ESCAVACAO, EXCLUSIVE TRANSPORTE - FORNECIMENTO E INSTALACAO","UN","1.068,95"]
[83398,"POSTE DE CONCRETO DUPLO T H=10M CARGA NOMINAL 300KG INCLUSIVE ESCAVACAO, EXCLUSIVE TRANSPORTE - FORNECIMENTO E INSTALACAO","UN","941,23"]
["73769/1","POSTE ACO CONICO CONTINUO CURVO SIMPLES SEM BASE C/JANELA 9M (INSPECAO) - FORNECIMENTO E INSTALACAO","UN","1.069,15"]
["73769/2","POSTE DE AÇO CONICO CONTÍNUO CURVO SIMPLES, FLANGEADO, COM JANELA DE INSPEÇÃO H=9M - FORNECIMENTO E INSTALACAO","UN","1.070,53"]
["73769/3","POSTE DE ACO CONICO CONTINUO CURVO DUPLO, FLANGEADO, COM JANELA DE INSPECAO H=9M - FORNECIMENTO E INSTALACAO","UN","1.103,37"]
["73769/4","POSTE DE ACO CONICO CONTINUO RETO, ENGASTADO, H=9M - FORNECIMENTO E INSTALACAO","UN","1.113,60"]
["73855/1","CHUMBADOR DE AÇO PARA FIXAÇÃO DE POSTE DE ACO RETO OU CURVO 7 A 9M COM FLANGE - FORNECIMENTO E INSTALACAO","UN","687,20"]
[72281,"REATOR PARA LAMPADA VAPOR DE MERCURIO USO EXTERNO 220V/400W","UN","109,37"]
[72282,"REATOR PARA LAMPADA VAPOR DE SODIO ALTA PRESSAO - 220V/250W - USO EXTERNO","UN","153,32"]
["73831/2","LAMPADA DE VAPOR DE MERCURIO DE 250W - FORNECIMENTO E INSTALACAO","UN","36,94"]
["73831/3","LAMPADA DE VAPOR DE MERCURIO DE 400W/250V - FORNECIMENTO E INSTALACAO","UN","49,17"]
["73831/4","LAMPADA MISTA DE 160W - FORNECIMENTO E INSTALACAO","UN","23,65"]
["73831/5","LAMPADA MISTA DE 250W - FORNECIMENTO E INSTALACAO","UN","30,92"]
["73831/6","LAMPADA MISTA DE 500W - FORNECIMENTO E INSTALACAO","UN","55,57"]
["73831/7","LAMPADA DE VAPOR DE SODIO DE 150WX220V - FORNECIMENTO E INSTALACAO","UN","44,16"]
["73831/8","LAMPADA DE VAPOR DE SODIO DE 250WX220V - FORNECIMENTO E INSTALACAO","UN","50,53"]
["73831/9","LAMPADA DE VAPOR DE SODIO DE 400WX220V - FORNECIMENTO E INSTALACAO","UN","58,35"]
["74231/1","LUMINARIA ABERTA PARA ILUMINACAO PUBLICA, PARA LAMPADA A VAPOR DE MERCURIO ATE 400W E MISTA ATE 500W, COM BRACO EM TUBO DE ACO GALV D=50MM PROJ HOR=2.500MM E PROJ VERT= 2.200MM, FORNECIMENTO E INSTALACAO","UN","128,41"]
["74246/1","REFLETOR RETANGULAR FECHADO COM LAMPADA VAPOR METALICO 400 W","UN","280,97"]
[83399,"RELE FOTOELETRICO P/ COMANDO DE ILUMINACAO EXTERNA 220V/1000W - FORNECIMENTO E INSTALACAO","UN","30,19"]
[83400,"BRACO P/ ILUMINACAO DE RUAS EM TUBO ACO GALV 1\" COMP = 1,20M E INCLINACAO 25GRAUS EM RELACAO AO PLANO VERTICAL P/ FIXACAO EM POSTE OU PAREDE - FORNECIMENTO E INSTALACAO","UN","88,38"]
[83401,"BRACO P/ LUMINARIA PUBLICA 1 X 1,50 M, EM TUBO ACO GALV 3/4”, P/ FIXACAO EM POSTE OU PAREDE - FORNECIMENTO E INSTALACAO","UN","88,38"]
[83402,"ABRACADEIRA DE FIXACAO DE BRACOS DE LUMINARIAS DE 4\" - FORNECIMENTO E INSTALACAO","UN","46,32"]
[83475,"LUMINARIA FECHADA PARA ILUMINACAO PUBLICA COM REATOR DE PARTIDA RAPIDA COM LAMPADA A VAPOR DE MERCURIO 250W - FORNECIMENTO E INSTALACAO","UN","404,88"]
[83478,"LUMINARIA FECHADA PARA ILUMINACAO PUBLICA - LAMPADAS DE 250/500W - FORNECIMENTO E INSTALACAO (EXCLUINDO LAMPADAS)","UN","283,49"]
[83479,"LUMINARIA ESTANQUE - PROTECAO CONTRA AGUA, POEIRA OU IMPACTOS - TIPO AQUATIC PIAL OU EQUIVALENTE","UN","111,92"]
[83480,"REATOR PARA LAMPADA VAPOR DE MERCURIO 125W  USO EXTERNO","UN","86,23"]
[83481,"REATOR PARA LAMPADA VAPOR DE MERCURIO 250W USO EXTERNO","UN","98,15"]
[97600,"REFLETOR EM ALUMÍNIO COM SUPORTE E ALÇA, LÂMPADA 125 W - FORNECIMENTO E INSTALAÇÃO. AF_11/2017","UN","192,59"]
[97601,"REFLETOR EM ALUMÍNIO COM SUPORTE E ALÇA, LÂMPADA 250 W - FORNECIMENTO E INSTALAÇÃO. AF_11/2017","UN","207,31"]
[97605,"LUMINÁRIA ARANDELA TIPO MEIA-LUA, PARA 1 LÂMPADA LED - FORNECIMENTO E INSTALAÇÃO. AF_11/2017","UN","72,03"]
[97606,"LUMINÁRIA ARANDELA TIPO MEIA-LUA, PARA 1 LÂMPADA DE 15 W - FORNECIMENTO E INSTALAÇÃO. AF_11/2017","UN","58,39"]
[97607,"LUMINÁRIA ARANDELA TIPO TARTARUGA PARA 1 LÂMPADA LED - FORNECIMENTO E INSTALAÇÃO. AF_11/2017","UN","107,70"]
[97608,"LUMINÁRIA ARANDELA TIPO TARTARUGA, COM GRADE, PARA 1 LÂMPADA DE 15 W - FORNECIMENTO E INSTALAÇÃO. AF_11/2017","UN","80,42"]
["73857/1","TRANSFORMADOR DISTRIBUICAO  75KVA TRIFASICO 60HZ CLASSE 15KV IMERSO EM ÓLEO MINERAL FORNECIMENTO E INSTALACAO","UN","6.566,78"]
["73857/2","TRANSFORMADOR DISTRIBUICAO  112,5KVA TRIFASICO 60HZ CLASSE 15KV IMERSO EM ÓLEO MINERAL FORNECIMENTO E INSTALACAO","UN","8.114,96"]
["73857/3","TRANSFORMADOR DISTRIBUICAO  150KVA TRIFASICO 60HZ CLASSE 15KV IMERSO EM ÓLEO MINERAL FORNECIMENTO E INSTALACAO","UN","10.230,25"]
["73857/4","TRANSFORMADOR DISTRIBUICAO  225KVA TRIFASICO 60HZ CLASSE 15KV IMERSO EM ÓLEO MINERAL FORNECIMENTO E INSTALACAO","UN","14.330,00"]
["73857/5","TRANSFORMADOR DISTRIBUICAO  300KVA TRIFASICO 60HZ CLASSE 15KV IMERSO EM ÓLEO MINERAL FORNECIMENTO E INSTALACAO","UN","16.715,81"]
["73857/6","TRANSFORMADOR DISTRIBUICAO  500KVA TRIFASICO 60HZ CLASSE 15KV IMERSO EM ÓLEO MINERAL FORNECIMENTO E INSTALACAO","UN","27.215,93"]
["73857/7","TRANSFORMADOR DISTRIBUICAO  30KVA TRIFASICO 60HZ CLASSE 15KV IMERSO EM ÓLEO MINERAL FORNECIMENTO E INSTALACAO","UN","4.534,54"]
["73857/8","TRANSFORMADOR DISTRIBUICAO  45KVA TRIFASICO 60HZ CLASSE 15KV IMERSO EM ÓLEO MINERAL FORNECIMENTO E INSTALACAO","UN","5.076,53"]
["73857/9","TRANSFORMADOR DISTRIBUICAO  750KVA TRIFASICO 60HZ CLASSE 15KV IMERSO EM ÓLEO MINERAL FORNECIMENTO E INSTALACAO","UN","37.295,67"]
["73857/10","TRANSFORMADOR DISTRIBUICAO  1000KVA TRIFASICO 60HZ CLASSE 15KV IMERSO EM ÓLEO MINERAL FORNECIMENTO E INSTALACAO","UN","52.172,99"]
[93128,"PONTO DE ILUMINAÇÃO RESIDENCIAL INCLUINDO INTERRUPTOR SIMPLES, CAIXA ELÉTRICA, ELETRODUTO, CABO, RASGO, QUEBRA E CHUMBAMENTO (EXCLUINDO LUMINÁRIA E LÂMPADA). AF_01/2016","UN","91,62"]
[93137,"PONTO DE ILUMINAÇÃO RESIDENCIAL INCLUINDO INTERRUPTOR SIMPLES (2 MÓDULOS), CAIXA ELÉTRICA, ELETRODUTO, CABO, RASGO, QUEBRA E CHUMBAMENTO (EXCLUINDO LUMINÁRIA E LÂMPADA). AF_01/2016","UN","108,90"]
[93138,"PONTO DE ILUMINAÇÃO RESIDENCIAL INCLUINDO INTERRUPTOR PARALELO, CAIXA ELÉTRICA, ELETRODUTO, CABO, RASGO, QUEBRA E CHUMBAMENTO (EXCLUINDO LUMINÁRIA E LÂMPADA). AF_01/2016","UN","102,81"]
[93139,"PONTO DE ILUMINAÇÃO RESIDENCIAL INCLUINDO INTERRUPTOR PARALELO (2 MÓDULOS), CAIXA ELÉTRICA, ELETRODUTO, CABO, RASGO, QUEBRA E CHUMBAMENTO (EXCLUINDO LUMINÁRIA E LÂMPADA). AF_01/2016","UN","131,24"]
[93140,"PONTO DE ILUMINAÇÃO RESIDENCIAL INCLUINDO INTERRUPTOR SIMPLES CONJUGADO COM PARALELO, CAIXA ELÉTRICA, ELETRODUTO, CABO, RASGO, QUEBRA E CHUMBAMENTO (EXCLUINDO LUMINÁRIA E LÂMPADA). AF_01/2016","UN","123,61"]
[93141,"PONTO DE TOMADA RESIDENCIAL INCLUINDO TOMADA 10A/250V, CAIXA ELÉTRICA, ELETRODUTO, CABO, RASGO, QUEBRA E CHUMBAMENTO. AF_01/2016","UN","112,29"]
[93142,"PONTO DE TOMADA RESIDENCIAL INCLUINDO TOMADA (2 MÓDULOS) 10A/250V, CAIXA ELÉTRICA, ELETRODUTO, CABO, RASGO, QUEBRA E CHUMBAMENTO. AF_01/2016","UN","125,67"]
[93143,"PONTO DE TOMADA RESIDENCIAL INCLUINDO TOMADA 20A/250V, CAIXA ELÉTRICA, ELETRODUTO, CABO, RASGO, QUEBRA E CHUMBAMENTO. AF_01/2016","UN","113,93"]
[93144,"PONTO DE UTILIZAÇÃO DE EQUIPAMENTOS ELÉTRICOS, RESIDENCIAL, INCLUINDO SUPORTE E PLACA, CAIXA ELÉTRICA, ELETRODUTO, CABO, RASGO, QUEBRA E CHUMBAMENTO. AF_01/2016","UN","146,08"]
[93145,"PONTO DE ILUMINAÇÃO E TOMADA, RESIDENCIAL, INCLUINDO INTERRUPTOR SIMPLES E TOMADA 10A/250V, CAIXA ELÉTRICA, ELETRODUTO, CABO, RASGO, QUEBRA E CHUMBAMENTO (EXCLUINDO LUMINÁRIA E LÂMPADA). AF_01/2016","UN","136,63"]
[93146,"PONTO DE ILUMINAÇÃO E TOMADA, RESIDENCIAL, INCLUINDO INTERRUPTOR PARALELO E TOMADA 10A/250V, CAIXA ELÉTRICA, ELETRODUTO, CABO, RASGO, QUEBRA E CHUMBAMENTO (EXCLUINDO LUMINÁRIA E LÂMPADA). AF_01/2016","UN","147,81"]
[93147,"PONTO DE ILUMINAÇÃO E TOMADA, RESIDENCIAL, INCLUINDO INTERRUPTOR SIMPLES, INTERRUPTOR PARALELO E TOMADA 10A/250V, CAIXA ELÉTRICA, ELETRODUTO, CABO, RASGO, QUEBRA E CHUMBAMENTO (EXCLUINDO LUMINÁRIA E LÂMPADA). AF_01/2016","UN","168,64"]
[8260,"INSTALACAO PARA-RAIOS P/RESERVATORIO","UN","2.718,84"]
[72315,"TERMINAL AEREO EM ACO GALVANIZADO COM BASE DE FIXACAO H = 30CM","UN","23,23"]
[96971,"CORDOALHA DE COBRE NU 16 MM², NÃO ENTERRADA, COM ISOLADOR - FORNECIMENTO E INSTALAÇÃO. AF_12/2017","M","19,46"]
[96972,"CORDOALHA DE COBRE NU 25 MM², NÃO ENTERRADA, COM ISOLADOR - FORNECIMENTO E INSTALAÇÃO. AF_12/2017","M","26,73"]
[96973,"CORDOALHA DE COBRE NU 35 MM², NÃO ENTERRADA, COM ISOLADOR - FORNECIMENTO E INSTALAÇÃO. AF_12/2017","M","33,72"]
[96974,"CORDOALHA DE COBRE NU 50 MM², NÃO ENTERRADA, COM ISOLADOR - FORNECIMENTO E INSTALAÇÃO. AF_12/2017","M","42,90"]
[96975,"CORDOALHA DE COBRE NU 70 MM², NÃO ENTERRADA, COM ISOLADOR - FORNECIMENTO E INSTALAÇÃO. AF_12/2017","M","55,09"]
[96976,"CORDOALHA DE COBRE NU 95 MM², NÃO ENTERRADA, COM ISOLADOR - FORNECIMENTO E INSTALAÇÃO. AF_12/2017","M","71,25"]
[96977,"CORDOALHA DE COBRE NU 50 MM², ENTERRADA, SEM ISOLADOR - FORNECIMENTO E INSTALAÇÃO. AF_12/2017","M","27,00"]
[96978,"CORDOALHA DE COBRE NU 70 MM², ENTERRADA, SEM ISOLADOR - FORNECIMENTO E INSTALAÇÃO. AF_12/2017","M","37,83"]
[96979,"CORDOALHA DE COBRE NU 95 MM², ENTERRADA, SEM ISOLADOR - FORNECIMENTO E INSTALAÇÃO. AF_12/2017","M","52,99"]
[96984,"ELETRODUTO PVC 40MM (1 ¼ ) PARA SPDA - FORNECIMENTO E INSTALAÇÃO. AF_12/2017","UN","34,17"]
[96985,"HASTE DE ATERRAMENTO 5/8  PARA SPDA - FORNECIMENTO E INSTALAÇÃO. AF_12/2017","UN","40,71"]
[96986,"HASTE DE ATERRAMENTO 3/4  PARA SPDA - FORNECIMENTO E INSTALAÇÃO. AF_12/2017","UN","60,89"]
[96987,"BASE METÁLICA PARA MASTRO 1 ½  PARA SPDA - FORNECIMENTO E INSTALAÇÃO. AF_12/2017","UN","85,39"]
[96988,"MASTRO 1 ½  PARA SPDA - FORNECIMENTO E INSTALAÇÃO. AF_12/2017","UN","121,58"]
[96989,"CAPTOR TIPO FRANKLIN PARA SPDA - FORNECIMENTO E INSTALAÇÃO. AF_12/2017","UN","80,07"]
[98463,"SUPORTE ISOLADOR PARA CORDOALHA DE COBRE - FORNECIMENTO E INSTALAÇÃO. AF_12/2017","UN","16,45"]
[9535,"CHUVEIRO ELETRICO COMUM CORPO PLASTICO TIPO DUCHA, FORNECIMENTO E INSTALACAO","UN","64,15"]
[72322,"CHAVE SECCIONADORA TRIPOLAR, ABERTURA SOB CARGA, COM FUSÍVEIS NH - 100A/250V - FORNECIMENTO E INSTALACAO","UN","414,08"]
[72326,"CHAVE SECCIONADORA TRIPOLAR, ABERTURA SOB CARGA, COM FUSÍVEIS NH - 200A/250V","UN","590,39"]
[72327,"FUSÍVEL TIPO \"DIAZED\", TIPO RÁPIDO OU RETARDADO - 2/25A - FORNECIMENTO E INSTALACAO","UN","5,75"]
[72328,"FUSÍVEL TIPO \"DIAZED\", TIPO RÁPIDO OU RETARDADO - 35/63A - FORNECIMENTO E INSTALACAO","UN","7,04"]
[72330,"FUSÍVEL TIPO NH 200A - TAMANHO 01 - FORNECIMENTO E INSTALACAO","UN","35,13"]
["73780/1","CHAVE FUSIVEL UNIPOLAR, 15KV - 100A, EQUIPADA COM COMANDO PARA HASTE DE MANOBRA .       FORNECIMENTO E INSTALAÇÃO.","UN","319,26"]
["73780/2","CHAVE BLINDADA TRIPOLAR 250V, 30A - FORNECIMENTO E INSTALACAO","UN","217,24"]
["73780/3","CHAVE BLINDADA TRIPOLAR 250V, 60A - FORNECIMENTO E INSTALACAO","UN","334,48"]
["73780/4","CHAVE BLINDADA TRIPOLAR 250V, 100A - FORNECIMENTO E INSTALACAO","UN","618,64"]
[83482,"FUSIVEL TIPO NH 250 A, TAMANHO 1 - FORNECIMENTO E INSTALACAO","UN","35,13"]
[83487,"BASE PARA FUSIVEL (PORTA-FUSIVEL) NH 01 250A","UN","101,01"]
[83490,"CHAVE FACA TRIPOLAR BLINDADA 250V/30A - FORNECIMENTO E INSTALACAO","UN","214,21"]
[83491,"CHAVE GUARDA MOTOR TRIFASICO 5CV/220V C/ CHAVE MAGNETICA - FORNECIMENTO E INSTALACAO","UN","299,19"]
[83492,"CHAVE GUARDA MOTOR TRIFISICA 10CV/220V C/ CHAVE MAGNETICA - FORNECIMENTO E INSTALACAO","UN","454,41"]
[83493,"FUSIVEL TIPO NH 250A - TAMANHO 01 - FORNECIMENTO E INSTALACAO","UN","35,13"]
[85195,"CHAVE DE BOIA AUTOMÁTICA","UN","77,48"]
[88547,"CHAVE DE BOIA AUTOMÁTICA SUPERIOR 10A/250V - FORNECIMENTO E INSTALACAO","UN","83,14"]
[72283,"ABRIGO PARA HIDRANTE, 75X45X17CM, COM REGISTRO GLOBO ANGULAR 45º 2.1/2\", ADAPTADOR STORZ 2.1/2\", MANGUEIRA DE INCÊNDIO 15M, REDUÇÃO 2.1/2X1.1/2\" E ESGUICHO EM LATÃO 1.1/2\" - FORNECIMENTO E INSTALAÇÃO","UN","976,63"]
[72287,"CAIXA DE INCÊNDIO 45X75X17CM - FORNECIMENTO E INSTALAÇÃO","UN","197,97"]
[72288,"CAIXA DE INCÊNDIO 60X75X17CM - FORNECIMENTO E INSTALAÇÃO","UN","246,37"]
[72553,"EXTINTOR DE PQS 4KG - FORNECIMENTO E INSTALACAO","UN","161,69"]
[72554,"EXTINTOR DE CO2 6KG - FORNECIMENTO E INSTALACAO","UN","549,39"]
["73775/1","EXTINTOR INCENDIO TP PO QUIMICO 4KG FORNECIMENTO E COLOCACAO","UN","167,41"]
["73775/2","EXTINTOR INCENDIO AGUA-PRESSURIZADA 10L INCL SUPORTE PAREDE CARGA     COMPLETA FORNECIMENTO E COLOCACAO","UN","172,61"]
[83633,"HIDRANTE SUBTERRANEO FERRO FUNDIDO C/ CURVA LONGA E CAIXA DN=75MM","UN","1.624,98"]
[83634,"EXTINTOR INCENDIO TP GAS CARBONICO 4KG COMPLETO - FORNECIMENTO E INSTALACAO","UN","513,57"]
[83635,"EXTINTOR INCENDIO TP PO QUIMICO 6KG - FORNECIMENTO E INSTALACAO","UN","195,11"]
[96765,"ABRIGO PARA HIDRANTE, 90X60X17CM, COM REGISTRO GLOBO ANGULAR 45 GRAUS 2 1/2\", ADAPTADOR STORZ 2 1/2\", MANGUEIRA DE INCÊNDIO 20M, REDUÇÃO 2 1/2 X 1 1/2\" E ESGUICHO EM LATÃO 1 1/2\" - FORNECIMENTO E INSTALAÇÃO. AF_08/2017","UN","1.153,51"]
[72337,"TOMADA PARA TELEFONE DE 4 POLOS PADRAO TELEBRAS - FORNECIMENTO E INSTALACAO","UN","19,93"]
["73749/1","CAIXA ENTERRADA PARA INSTALACOES TELEFONICAS TIPO R1 0,60X0,35X0,50M EM BLOCOS DE CONCRETO ESTRUTURAL","UN","160,58"]
["73749/2","CAIXA ENTERRADA PARA INSTALACOES TELEFONICAS TIPO R2 1,07X0,52X0,50M EM BLOCOS DE CONCRETO ESTRUTURAL","UN","292,41"]
["73749/3","CAIXA ENTERRADA PARA INSTALACOES TELEFONICAS TIPO R3 1,30X1,20X1,20M EM BLOCOS DE CONCRETO ESTRUTURAL","UN","953,50"]
["73768/1","FIO TELEFONICO FI 0,6MM, 2 CONDUTORES (USO INTERNO)-  FORNECIMENTO E INSTALACAO","M","1,40"]
[83366,"CAIXA DE PASSAGEM PARA TELEFONE 15X15X10CM (SOBREPOR), FORNECIMENTO E INSTALACAO.","UN","50,77"]
[83367,"CAIXA DE PASSAGEM PARA TELEFONE 80X80X15CM (SOBREPOR) FORNECIMENTO E INSTALACAO","UN","360,13"]
[83368,"CAIXA DE PASSAGEM PARA TELEFONE 150X150X15CM (SOBREPOR) FORNECIMENTO E INSTALACAO","UN","984,67"]
[83369,"QUADRO DE DISTRIBUICAO PARA TELEFONE N.4, 60X60X12CM EM CHAPA METALICA, DE EMBUTIR, SEM ACESSORIOS, PADRAO TELEBRAS, FORNECIMENTO E INSTALACAO","UN","234,17"]
[83370,"QUADRO DE DISTRIBUICAO PARA TELEFONE N.3, 40X40X12CM EM CHAPA METALICA, DE EMBUTIR, SEM ACESSORIOS, PADRAO TELEBRAS, FORNECIMENTO E INSTALACAO","UN","146,32"]
[83371,"QUADRO DE DISTRIBUICAO PARA TELEFONE N.2, 20X20X12CM EM CHAPA METALICA, DE EMBUTIR, SEM ACESSORIOS, PADRAO TELEBRAS, FORNECIMENTO E INSTALACAO","UN","88,19"]
[83639,"CABO TELEFONICO CT-APL-50, 100 PARES (USO EXTERNO) - FORNECIMENTO E INSTALACAO","M","43,51"]
[84676,"QUADRO DE DISTRIBUICAO PARA TELEFONE N.5, 80X80X12CM EM CHAPA METALICA, SEM ACESSORIOS, PADRAO TELEBRAS, FORNECIMENTO E INSTALACAO","UN","332,43"]
[84796,"TAMPAO FOFO P/ CAIXA R2 PADRAO TELEBRAS COMPLETO - FORNECIMENTO E INSTALACAO","UN","546,20"]
[84798,"TAMPAO FOFO P/ CAIXA R1 PADRAO TELEBRAS COMPLETO - FORNECIMENTO E INSTALACAO","UN","240,91"]
[98261,"CABO TELEFÔNICO CCI-50 1 PAR, INSTALADO EM ENTRADA DE EDIFICAÇÃO - FORNECIMENTO E INSTALAÇÃO. AF_03/2018","M","2,28"]
[98262,"CABO TELEFÔNICO CCI-50 2 PARES, SEM BLINDAGEM, INSTALADO EM ENTRADA DE EDIFICAÇÃO - FORNECIMENTO E INSTALAÇÃO. AF_03/2018","M","2,66"]
[98263,"CABO TELEFÔNICO CCI-50 3 PARES, SEM BLINDAGEM, INSTALADO EM ENTRADA DE EDIFICAÇÃO - FORNECIMENTO E INSTALAÇÃO. AF_03/2018","M","3,14"]
[98264,"CABO TELEFÔNICO CCI-50 4 PARES, SEM BLINDAGEM, INSTALADO EM ENTRADA DE EDIFICAÇÃO - FORNECIMENTO E INSTALAÇÃO. AF_03/2018","M","3,50"]
[98265,"CABO TELEFÔNICO CCI-50 5 PARES, SEM BLINDAGEM, INSTALADO EM ENTRADA DE EDIFICAÇÃO - FORNECIMENTO E INSTALAÇÃO. AF_03/2018","M","4,06"]
[98266,"CABO TELEFÔNICO CCI-50 6 PARES, SEM BLINDAGEM, INSTALADO EM ENTRADA DE EDIFICAÇÃO - FORNECIMENTO E INSTALAÇÃO. AF_03/2018","M","4,38"]
[98267,"CABO TELEFÔNICO CI-50 10 PARES INSTALADO EM ENTRADA DE EDIFICAÇÃO - FORNECIMENTO E INSTALAÇÃO. AF_03/2018","M","7,15"]
[98268,"CABO TELEFÔNICO CI-50 20 PARES INSTALADO EM ENTRADA DE EDIFICAÇÃO - FORNECIMENTO E INSTALAÇÃO. AF_03/2018","M","11,63"]
[98269,"CABO TELEFÔNICO CI-50 30 PARES INSTALADO EM ENTRADA DE EDIFICAÇÃO - FORNECIMENTO E INSTALAÇÃO. AF_03/2018","M","15,00"]
[98270,"CABO TELEFÔNICO CI-50 50 PARES INSTALADO EM ENTRADA DE EDIFICAÇÃO - FORNECIMENTO E INSTALAÇÃO. AF_03/2018","M","24,32"]
[98271,"CABO TELEFÔNICO CI-50 75 PARES INSTALADO EM ENTRADA DE EDIFICAÇÃO - FORNECIMENTO E INSTALAÇÃO. AF_03/2018","M","37,66"]
[98272,"CABO TELEFÔNICO CI-50 200 PARES INSTALADO EM ENTRADA DE EDIFICAÇÃO - FORNECIMENTO E INSTALAÇÃO. AF_03/2018","M","88,18"]
[98273,"CABO TELEFÔNICO CCI-50 4 PARES, SEM BLINDAGEM, INSTALADO EM PRUMADA - FORNECIMENTO E INSTALAÇÃO. AF_03/2018","M","1,68"]
[98274,"CABO TELEFÔNICO CCI-50 5 PARES, SEM BLINDAGEM, INSTALADO EM PRUMADA - FORNECIMENTO E INSTALAÇÃO. AF_03/2018","M","2,23"]
[98275,"CABO TELEFÔNICO CCI-50 6 PARES, SEM BLINDAGEM, INSTALADO EM PRUMADA - FORNECIMENTO E INSTALAÇÃO. AF_03/2018","M","2,54"]
[98276,"CABO TELEFÔNICO CI-50 10 PARES INSTALADO EM PRUMADA - FORNECIMENTO E INSTALAÇÃO. AF_03/2018","M","5,31"]
[98277,"CABO TELEFÔNICO CI-50 20 PARES INSTALADO EM PRUMADA - FORNECIMENTO E INSTALAÇÃO. AF_03/2018","M","9,79"]
[98278,"CABO TELEFÔNICO CI-50 30 PARES INSTALADO EM PRUMADA - FORNECIMENTO E INSTALAÇÃO. AF_03/2018","M","13,17"]
[98279,"CABO TELEFÔNICO CI-50 50 PARES INSTALADO EM PRUMADA - FORNECIMENTO E INSTALAÇÃO. AF_03/2018","M","22,48"]
[98280,"CABO TELEFÔNICO CCI-50 1 PAR, SEM BLINDAGEM, INSTALADO EM DISTRIBUIÇÃO DE EDIFICAÇÃO RESIDENCIAL - FORNECIMENTO E INSTALAÇÃO. AF_03/2018","M","4,63"]
[98281,"CABO TELEFÔNICO CCI-50 2 PARES, SEM BLINDAGEM, INSTALADO EM DISTRIBUIÇÃO DE EDIFICAÇÃO RESIDENCIAL - FORNECIMENTO E INSTALAÇÃO. AF_03/2018","M","5,02"]
[98282,"CABO TELEFÔNICO CCI-50 3 PARES, SEM BLINDAGEM, INSTALADO EM DISTRIBUIÇÃO DE EDIFICAÇÃO RESIDENCIAL - FORNECIMENTO E INSTALAÇÃO. AF_03/2018","M","5,49"]
[98283,"CABO TELEFÔNICO CCI-50 4 PARES, SEM BLINDAGEM, INSTALADO EM DISTRIBUIÇÃO DE EDIFICAÇÃO RESIDENCIAL - FORNECIMENTO E INSTALAÇÃO. AF_03/2018","M","5,86"]
[98284,"CABO TELEFÔNICO CCI-50 5 PARES, SEM BLINDAGEM, INSTALADO EM DISTRIBUIÇÃO DE EDIFICAÇÃO RESIDENCIAL - FORNECIMENTO E INSTALAÇÃO. AF_03/2018","M","6,41"]
[98285,"CABO TELEFÔNICO CCI-50 6 PARES, SEM BLINDAGEM, INSTALADO EM DISTRIBUIÇÃO DE EDIFICAÇÃO RESIDENCIAL - FORNECIMENTO E INSTALAÇÃO. AF_03/2018","M","6,72"]
[98286,"CABO TELEFÔNICO CI-50 10 PARES INSTALADO EM DISTRIBUIÇÃO DE EDIFICAÇÃO RESIDENCIAL - FORNECIMENTO E INSTALAÇÃO. AF_03/2018","M","9,50"]
[98287,"CABO TELEFÔNICO CCI-50 1 PAR, SEM BLINDAGEM, INSTALADO EM DISTRIBUIÇÃO DE EDIFICAÇÃO INSTITUCIONAL - FORNECIMENTO E INSTALAÇÃO. AF_03/2018","M","0,86"]
[98288,"CABO TELEFÔNICO CCI-50 2 PARES, SEM BLINDAGEM, INSTALADO EM DISTRIBUIÇÃO DE EDIFICAÇÃO INSTITUCIONAL - FORNECIMENTO E INSTALAÇÃO. AF_03/2018","M","1,24"]
[98289,"CABO TELEFÔNICO CCI-50 3 PARES, SEM BLINDAGEM, INSTALADO EM DISTRIBUIÇÃO DE EDIFICAÇÃO INSTITUCIONAL - FORNECIMENTO E INSTALAÇÃO. AF_03/2018","M","1,72"]
[98290,"CABO TELEFÔNICO CCI-50 4 PARES, SEM BLINDAGEM, INSTALADO EM DISTRIBUIÇÃO DE EDIFICAÇÃO INSTITUCIONAL - FORNECIMENTO E INSTALAÇÃO. AF_03/2018","M","2,09"]
[98291,"CABO TELEFÔNICO CCI-50 5 PARES, SEM BLINDAGEM, INSTALADO EM DISTRIBUIÇÃO DE EDIFICAÇÃO INSTITUCIONAL - FORNECIMENTO E INSTALAÇÃO. AF_03/2018","M","2,64"]
[98292,"CABO TELEFÔNICO CCI-50 6 PARES, SEM BLINDAGEM, INSTALADO EM DISTRIBUIÇÃO DE EDIFICAÇÃO INSTITUCIONAL - FORNECIMENTO E INSTALAÇÃO. AF_03/2018","M","2,95"]
[98293,"CABO TELEFÔNICO CI-50 10 PARES INSTALADO EM DISTRIBUIÇÃO DE EDIFICAÇÃO INSTITUCIONAL - FORNECIMENTO E INSTALAÇÃO. AF_03/2018","M","5,73"]
[98400,"CABO TELEFÔNICO CTP-APL-50 10 PARES INSTALADO EM ENTRADA DE EDIFICAÇÃO - FORNECIMENTO E INSTALAÇÃO. AF_04/2018","M","8,46"]
[98401,"CABO TELEFÔNICO CTP-APL-50 20 PARES INSTALADO EM ENTRADA DE EDIFICAÇÃO - FORNECIMENTO E INSTALAÇÃO. AF_04/2018","M","13,04"]
[98402,"CABO TELEFÔNICO CTP-APL-50 30 PARES INSTALADO EM ENTRADA DE EDIFICAÇÃO - FORNECIMENTO E INSTALAÇÃO. AF_04/2018","M","16,86"]
[98397,"PINTURA ANTICORROSIVA DE DUTO METÁLICO. AF_04/2018","M2","7,88"]
["74003/1","INSTALACOES GAS CENTRAL P/ EDIFICIO RESIDENCIAL C/ 4 PAVTOS 16 UNID.  UMA CENTRAL POR BLOCO COM 16 PONTOS","UN","4.614,21"]
[85120,"MANOMETRO 0 A 200 PSI (0 A 14 KGF/CM2), D = 50MM - FORNECIMENTO E COLOCACAO","UN","110,89"]
[83486,"BOMBA CENTRIFUGA C/ MOTOR ELETRICO TRIFASICO 1CV","UN","1.205,37"]
[83643,"BOMBA SUBMERSIVEL ELETRICA, TRIFASICA, POTÊNCIA 3,75 HP, DIAMETRO DO ROTOR 90 MM SEMIABERTO, BOCAL DE SAIDA DIAMETRO DE 2 POLEGADAS, HM/Q = 5 M / 61,2 M3/H A 25,5 M / 3,6 M3/H","UN","3.477,15"]
[83644,"BOMBA RECALQUE D'AGUA TRIFASICA 10,0 HP","UN","5.329,16"]
[83645,"BOMBA RECALQUE D'AGUA TRIFASICA 3,0 HP","UN","1.685,87"]
[83646,"BOMBA RECALQUE D'AGUA DE ESTAGIOS TRIFASICA 2,0 HP","UN","1.958,83"]
[83647,"BOMBA RECALQUE D'AGUA TRIFASICA 1,5HP","UN","1.277,38"]
[83648,"BOMBA RECALQUE D'AGUA TRIFASICA 0,5 HP","UN","815,89"]
[83649,"BOMBA RECALQUE D'AGUA PREDIO 6 A 10 PAVTOS - 2UD","UN","4.849,10"]
[83650,"BOMBA RECALQUE D'AGUA PREDIO 3 A 5 PAVTOS - 2UD","UN","4.032,12"]
[98294,"CABO ELETRÔNICO CATEGORIA 5E, INSTALADO EM EDIFICAÇÃO RESIDENCIAL - FORNECIMENTO E INSTALAÇÃO. AF_03/2018","M","1,65"]
[98295,"CABO ELETRÔNICO CATEGORIA 5E, INSTALADO EM EDIFICAÇÃO INSTITUCIONAL - FORNECIMENTO E INSTALAÇÃO. AF_03/2018","M","1,22"]
[98296,"CABO ELETRÔNICO CATEGORIA 6, INSTALADO EM EDIFICAÇÃO RESIDENCIAL - FORNECIMENTO E INSTALAÇÃO. AF_03/2018","M","2,56"]
[98297,"CABO ELETRÔNICO CATEGORIA 6, INSTALADO EM EDIFICAÇÃO INSTITUCIONAL - FORNECIMENTO E INSTALAÇÃO. AF_03/2018","M","1,88"]
[98301,"PATCH PANEL 24 PORTAS, CATEGORIA 5E - FORNECIMENTO E INSTALAÇÃO. AF_03/2018","UN","367,05"]
[98302,"PATCH PANEL 24 PORTAS, CATEGORIA 6 - FORNECIMENTO E INSTALAÇÃO. AF_03/2018","UN","499,67"]
[98304,"PATCH PANEL 48 PORTAS, CATEGORIA 6 - FORNECIMENTO E INSTALAÇÃO. AF_03/2018","UN","794,30"]
[98307,"TOMADA DE REDE RJ45 - FORNECIMENTO E INSTALAÇÃO. AF_03/2018","UN","33,10"]
[98308,"TOMADA PARA TELEFONE RJ11 - FORNECIMENTO E INSTALAÇÃO. AF_03/2018","UN","21,47"]
[98593,"PATCH PANEL 48 PORTAS, CATEGORIA 5E - FORNECIMENTO E INSTALAÇÃO. AF_04/2018","UN","635,91"]
[89355,"TUBO, PVC, SOLDÁVEL, DN 20MM, INSTALADO EM RAMAL OU SUB-RAMAL DE ÁGUA - FORNECIMENTO E INSTALAÇÃO. AF_12/2014","M","11,71"]
[89356,"TUBO, PVC, SOLDÁVEL, DN 25MM, INSTALADO EM RAMAL OU SUB-RAMAL DE ÁGUA - FORNECIMENTO E INSTALAÇÃO. AF_12/2014","M","13,88"]
[89357,"TUBO, PVC, SOLDÁVEL, DN 32MM, INSTALADO EM RAMAL OU SUB-RAMAL DE ÁGUA - FORNECIMENTO E INSTALAÇÃO. AF_12/2014","M","18,99"]
[89401,"TUBO, PVC, SOLDÁVEL, DN 20MM, INSTALADO EM RAMAL DE DISTRIBUIÇÃO DE ÁGUA - FORNECIMENTO E INSTALAÇÃO. AF_12/2014","M","4,90"]
[89402,"TUBO, PVC, SOLDÁVEL, DN 25MM, INSTALADO EM RAMAL DE DISTRIBUIÇÃO DE ÁGUA - FORNECIMENTO E INSTALAÇÃO. AF_12/2014","M","6,02"]
[89403,"TUBO, PVC, SOLDÁVEL, DN 32MM, INSTALADO EM RAMAL DE DISTRIBUIÇÃO DE ÁGUA - FORNECIMENTO E INSTALAÇÃO. AF_12/2014","M","9,61"]
[89446,"TUBO, PVC, SOLDÁVEL, DN 25MM, INSTALADO EM PRUMADA DE ÁGUA - FORNECIMENTO E INSTALAÇÃO. AF_12/2014","M","3,04"]
[89447,"TUBO, PVC, SOLDÁVEL, DN 32MM, INSTALADO EM PRUMADA DE ÁGUA - FORNECIMENTO E INSTALAÇÃO. AF_12/2014","M","6,11"]
[89448,"TUBO, PVC, SOLDÁVEL, DN 40MM, INSTALADO EM PRUMADA DE ÁGUA - FORNECIMENTO E INSTALAÇÃO. AF_12/2014","M","8,79"]
[89449,"TUBO, PVC, SOLDÁVEL, DN 50MM, INSTALADO EM PRUMADA DE ÁGUA - FORNECIMENTO E INSTALAÇÃO. AF_12/2014","M","10,86"]
[89450,"TUBO, PVC, SOLDÁVEL, DN 60MM, INSTALADO EM PRUMADA DE ÁGUA - FORNECIMENTO E INSTALAÇÃO. AF_12/2014","M","16,61"]
[89451,"TUBO, PVC, SOLDÁVEL, DN 75MM, INSTALADO EM PRUMADA DE ÁGUA - FORNECIMENTO E INSTALAÇÃO. AF_12/2014","M","23,14"]
[89452,"TUBO, PVC, SOLDÁVEL, DN 85MM, INSTALADO EM PRUMADA DE ÁGUA - FORNECIMENTO E INSTALAÇÃO. AF_12/2014","M","28,99"]
[89508,"TUBO PVC, SÉRIE R, ÁGUA PLUVIAL, DN 40 MM, FORNECIDO E INSTALADO EM RAMAL DE ENCAMINHAMENTO. AF_12/2014","M","10,38"]
[89509,"TUBO PVC, SÉRIE R, ÁGUA PLUVIAL, DN 50 MM, FORNECIDO E INSTALADO EM RAMAL DE ENCAMINHAMENTO. AF_12/2014","M","14,91"]
[89511,"TUBO PVC, SÉRIE R, ÁGUA PLUVIAL, DN 75 MM, FORNECIDO E INSTALADO EM RAMAL DE ENCAMINHAMENTO. AF_12/2014","M","22,29"]
[89512,"TUBO PVC, SÉRIE R, ÁGUA PLUVIAL, DN 100 MM, FORNECIDO E INSTALADO EM RAMAL DE ENCAMINHAMENTO. AF_12/2014","M","33,51"]
[89576,"TUBO PVC, SÉRIE R, ÁGUA PLUVIAL, DN 75 MM, FORNECIDO E INSTALADO EM CONDUTORES VERTICAIS DE ÁGUAS PLUVIAIS. AF_12/2014","M","11,56"]
[89578,"TUBO PVC, SÉRIE R, ÁGUA PLUVIAL, DN 100 MM, FORNECIDO E INSTALADO EM CONDUTORES VERTICAIS DE ÁGUAS PLUVIAIS. AF_12/2014","M","18,87"]
[89580,"TUBO PVC, SÉRIE R, ÁGUA PLUVIAL, DN 150 MM, FORNECIDO E INSTALADO EM CONDUTORES VERTICAIS DE ÁGUAS PLUVIAIS. AF_12/2014","M","37,32"]
[89633,"TUBO, CPVC, SOLDÁVEL, DN 15MM, INSTALADO EM RAMAL OU SUB-RAMAL DE ÁGUA - FORNECIMENTO E INSTALAÇÃO. AF_12/2014","M","15,60"]
[89634,"TUBO, CPVC, SOLDÁVEL, DN 22MM, INSTALADO EM RAMAL OU SUB-RAMAL DE ÁGUA - FORNECIMENTO E INSTALAÇÃO. AF_12/2014","M","23,55"]
[89635,"TUBO, CPVC, SOLDÁVEL, DN 28MM, INSTALADO EM RAMAL OU SUB-RAMAL DE ÁGUA - FORNECIMENTO E INSTALAÇÃO. AF_12/2014","M","33,46"]
[89636,"TUBO, CPVC, SOLDÁVEL, DN 35MM, INSTALADO EM RAMAL OU SUB-RAMAL DE ÁGUA – FORNECIMENTO E INSTALAÇÃO. AF_12/2014","M","40,71"]
[89711,"TUBO PVC, SERIE NORMAL, ESGOTO PREDIAL, DN 40 MM, FORNECIDO E INSTALADO EM RAMAL DE DESCARGA OU RAMAL DE ESGOTO SANITÁRIO. AF_12/2014","M","12,17"]
[89712,"TUBO PVC, SERIE NORMAL, ESGOTO PREDIAL, DN 50 MM, FORNECIDO E INSTALADO EM RAMAL DE DESCARGA OU RAMAL DE ESGOTO SANITÁRIO. AF_12/2014","M","17,93"]
[89713,"TUBO PVC, SERIE NORMAL, ESGOTO PREDIAL, DN 75 MM, FORNECIDO E INSTALADO EM RAMAL DE DESCARGA OU RAMAL DE ESGOTO SANITÁRIO. AF_12/2014","M","26,85"]
[89714,"TUBO PVC, SERIE NORMAL, ESGOTO PREDIAL, DN 100 MM, FORNECIDO E INSTALADO EM RAMAL DE DESCARGA OU RAMAL DE ESGOTO SANITÁRIO. AF_12/2014","M","34,72"]
[89716,"TUBO, CPVC, SOLDÁVEL, DN 22MM, INSTALADO EM RAMAL DE DISTRIBUIÇÃO DE ÁGUA - FORNECIMENTO E INSTALAÇÃO. AF_12/2014","M","16,43"]
[89717,"TUBO, CPVC, SOLDÁVEL, DN 28MM, INSTALADO EM RAMAL DE DISTRIBUIÇÃO DE ÁGUA - FORNECIMENTO E INSTALAÇÃO. AF_12/2014","M","25,07"]
[89770,"TUBO, CPVC, SOLDÁVEL, DN 35MM, INSTALADO EM PRUMADA DE ÁGUA – FORNECIMENTO E INSTALAÇÃO. AF_12/2014","M","27,13"]
[89771,"TUBO, CPVC, SOLDÁVEL, DN 42MM, INSTALADO EM PRUMADA DE ÁGUA – FORNECIMENTO E INSTALAÇÃO. AF_12/2014","M","37,07"]
[89773,"TUBO, CPVC, SOLDÁVEL, DN 73MM, INSTALADO EM PRUMADA DE ÁGUA – FORNECIMENTO E INSTALAÇÃO. AF_12/2014","M","86,29"]
[89775,"TUBO, CPVC, SOLDÁVEL, DN 89MM, INSTALADO EM PRUMADA DE ÁGUA – FORNECIMENTO E INSTALAÇÃO. AF_12/2014","M","136,24"]
[89798,"TUBO PVC, SERIE NORMAL, ESGOTO PREDIAL, DN 50 MM, FORNECIDO E INSTALADO EM PRUMADA DE ESGOTO SANITÁRIO OU VENTILAÇÃO. AF_12/2014","M","6,99"]
[89799,"TUBO PVC, SERIE NORMAL, ESGOTO PREDIAL, DN 75 MM, FORNECIDO E INSTALADO EM PRUMADA DE ESGOTO SANITÁRIO OU VENTILAÇÃO. AF_12/2014","M","11,17"]
[89800,"TUBO PVC, SERIE NORMAL, ESGOTO PREDIAL, DN 100 MM, FORNECIDO E INSTALADO EM PRUMADA DE ESGOTO SANITÁRIO OU VENTILAÇÃO. AF_12/2014","M","14,09"]
[89848,"TUBO PVC, SERIE NORMAL, ESGOTO PREDIAL, DN 100 MM, FORNECIDO E INSTALADO EM SUBCOLETOR AÉREO DE ESGOTO SANITÁRIO. AF_12/2014","M","17,71"]
[89849,"TUBO PVC, SERIE NORMAL, ESGOTO PREDIAL, DN 150 MM, FORNECIDO E INSTALADO EM SUBCOLETOR AÉREO DE ESGOTO SANITÁRIO. AF_12/2014","M","31,98"]
[89865,"TUBO, PVC, SOLDÁVEL, DN 25MM, INSTALADO EM DRENO DE AR-CONDICIONADO - FORNECIMENTO E INSTALAÇÃO. AF_12/2014","M","8,36"]
[91784,"(COMPOSIÇÃO REPRESENTATIVA) DO SERVIÇO DE INSTALAÇÃO DE TUBOS DE PVC, SOLDÁVEL, ÁGUA FRIA, DN 20 MM (INSTALADO EM RAMAL, SUB-RAMAL OU RAMAL DE DISTRIBUIÇÃO), INCLUSIVE CONEXÕES, CORTES E FIXAÇÕES, PARA PRÉDIOS. AF_10/2015","M","28,24"]
[91785,"(COMPOSIÇÃO REPRESENTATIVA) DO SERVIÇO DE INSTALAÇÃO DE TUBOS DE PVC, SOLDÁVEL, ÁGUA FRIA, DN 25 MM (INSTALADO EM RAMAL, SUB-RAMAL, RAMAL DE DISTRIBUIÇÃO OU PRUMADA), INCLUSIVE CONEXÕES, CORTES E FIXAÇÕES, PARA PRÉDIOS. AF_10/2015","M","27,70"]
[91786,"(COMPOSIÇÃO REPRESENTATIVA) DO SERVIÇO DE INSTALAÇÃO TUBOS DE PVC, SOLDÁVEL, ÁGUA FRIA, DN 32 MM (INSTALADO EM RAMAL, SUB-RAMAL, RAMAL DE DISTRIBUIÇÃO OU PRUMADA), INCLUSIVE CONEXÕES, CORTES E FIXAÇÕES, PARA PRÉDIOS. AF_10/2015","M","17,70"]
[91787,"(COMPOSIÇÃO REPRESENTATIVA) DO SERVIÇO DE INSTALAÇÃO DE TUBOS DE PVC, SOLDÁVEL, ÁGUA FRIA, DN 40 MM (INSTALADO EM PRUMADA), INCLUSIVE CONEXÕES, CORTES E FIXAÇÕES, PARA PRÉDIOS. AF_10/2015","M","19,19"]
[91788,"(COMPOSIÇÃO REPRESENTATIVA) DO SERVIÇO DE INSTALAÇÃO DE TUBOS DE PVC, SOLDÁVEL, ÁGUA FRIA, DN 50 MM (INSTALADO EM PRUMADA), INCLUSIVE CONEXÕES, CORTES E FIXAÇÕES, PARA PRÉDIOS. AF_10/2015","M","26,52"]
[91789,"(COMPOSIÇÃO REPRESENTATIVA) DO SERVIÇO DE INSTALAÇÃO DE TUBOS DE PVC, SÉRIE R, ÁGUA PLUVIAL, DN 75 MM (INSTALADO EM RAMAL DE ENCAMINHAMENTO, OU CONDUTORES VERTICAIS), INCLUSIVE CONEXÕES, CORTE E FIXAÇÕES, PARA PRÉDIOS. AF_10/2015","M","24,85"]
[91790,"(COMPOSIÇÃO REPRESENTATIVA) DO SERVIÇO DE INSTALAÇÃO DE TUBOS DE PVC, SÉRIE R, ÁGUA PLUVIAL, DN 100 MM (INSTALADO EM RAMAL DE ENCAMINHAMENTO, OU CONDUTORES VERTICAIS), INCLUSIVE CONEXÕES, CORTES E FIXAÇÕES, PARA PRÉDIOS. AF_10/2015","M","35,39"]
[91791,"(COMPOSIÇÃO REPRESENTATIVA) DO SERVIÇO DE INSTALAÇÃO DE TUBOS DE PVC, SÉRIE R, ÁGUA PLUVIAL, DN 150 MM (INSTALADO EM CONDUTORES VERTICAIS), INCLUSIVE CONEXÕES, CORTES E FIXAÇÕES, PARA PRÉDIOS. AF_10/2015","M","41,03"]
[91792,"(COMPOSIÇÃO REPRESENTATIVA) DO SERVIÇO DE INSTALAÇÃO DE TUBO DE PVC, SÉRIE NORMAL, ESGOTO PREDIAL, DN 40 MM (INSTALADO EM RAMAL DE DESCARGA OU RAMAL DE ESGOTO SANITÁRIO), INCLUSIVE CONEXÕES, CORTES E FIXAÇÕES, PARA PRÉDIOS. AF_10/2015","M","36,35"]
[91793,"(COMPOSIÇÃO REPRESENTATIVA) DO SERVIÇO DE INSTALAÇÃO DE TUBO DE PVC, SÉRIE NORMAL, ESGOTO PREDIAL, DN 50 MM (INSTALADO EM RAMAL DE DESCARGA OU RAMAL DE ESGOTO SANITÁRIO), INCLUSIVE CONEXÕES, CORTES E FIXAÇÕES PARA, PRÉDIOS. AF_10/2015","M","55,23"]
[91794,"(COMPOSIÇÃO REPRESENTATIVA) DO SERVIÇO DE INST. TUBO PVC, SÉRIE N, ESGOTO PREDIAL, DN 75 MM, (INST. EM RAMAL DE DESCARGA, RAMAL DE ESG. SANITÁRIO, PRUMADA DE ESG. SANITÁRIO OU VENTILAÇÃO), INCL. CONEXÕES, CORTES E FIXAÇÕES, P/ PRÉDIOS. AF_10/2015","M","24,27"]
[91795,"(COMPOSIÇÃO REPRESENTATIVA) DO SERVIÇO DE INST. TUBO PVC, SÉRIE N, ESGOTO PREDIAL, 100 MM (INST. RAMAL DESCARGA, RAMAL DE ESG. SANIT., PRUMADA ESG. SANIT., VENTILAÇÃO OU SUB-COLETOR AÉREO), INCL. CONEXÕES E CORTES, FIXAÇÕES, P/ PRÉDIOS. AF_10/2015","M","42,51"]
[91796,"(COMPOSIÇÃO REPRESENTATIVA) DO SERVIÇO DE INSTALAÇÃO DE TUBO DE PVC, SÉRIE NORMAL, ESGOTO PREDIAL, DN 150 MM (INSTALADO EM SUB-COLETOR AÉREO), INCLUSIVE CONEXÕES, CORTES E FIXAÇÕES, PARA PRÉDIOS. AF_10/2015","M","41,13"]
[92275,"TUBO EM COBRE RÍGIDO, DN 22 MM, CLASSE E, SEM ISOLAMENTO, INSTALADO EM PRUMADA – FORNECIMENTO E INSTALAÇÃO. AF_12/2015","M","27,45"]
[92276,"TUBO EM COBRE RÍGIDO, DN 28 MM, CLASSE E, SEM ISOLAMENTO, INSTALADO EM PRUMADA – FORNECIMENTO E INSTALAÇÃO. AF_12/2015","M","34,73"]
[92277,"TUBO EM COBRE RÍGIDO, DN 35 MM, CLASSE E, SEM ISOLAMENTO, INSTALADO EM PRUMADA – FORNECIMENTO E INSTALAÇÃO. AF_12/2015","M","50,00"]
[92278,"TUBO EM COBRE RÍGIDO, DN 42 MM, CLASSE E, SEM ISOLAMENTO, INSTALADO EM PRUMADA – FORNECIMENTO E INSTALAÇÃO. AF_12/2015","M","67,10"]
[92279,"TUBO EM COBRE RÍGIDO, DN 54 MM, CLASSE E, SEM ISOLAMENTO, INSTALADO EM PRUMADA – FORNECIMENTO E INSTALAÇÃO. AF_12/2015","M","96,84"]
[92280,"TUBO EM COBRE RÍGIDO, DN 66 MM, CLASSE E, SEM ISOLAMENTO, INSTALADO EM PRUMADA – FORNECIMENTO E INSTALAÇÃO. AF_12/2015","M","135,79"]
[92281,"TUBO EM COBRE RÍGIDO, DN 22 MM, CLASSE E, COM ISOLAMENTO, INSTALADO EM PRUMADA – FORNECIMENTO E INSTALAÇÃO. AF_12/2015","M","83,63"]
[92282,"TUBO EM COBRE RÍGIDO, DN 28 MM, CLASSE E, COM ISOLAMENTO, INSTALADO EM PRUMADA – FORNECIMENTO E INSTALAÇÃO. AF_12/2015","M","93,17"]
[92283,"TUBO EM COBRE RÍGIDO, DN 35 MM, CLASSE E, COM ISOLAMENTO, INSTALADO EM PRUMADA – FORNECIMENTO E INSTALAÇÃO. AF_12/2015","M","123,88"]
[92284,"TUBO EM COBRE RÍGIDO, DN 42 MM, CLASSE E, COM ISOLAMENTO, INSTALADO EM PRUMADA – FORNECIMENTO E INSTALAÇÃO. AF_12/2015","M","151,37"]
[92285,"TUBO EM COBRE RÍGIDO, DN 54 MM, CLASSE E, COM ISOLAMENTO, INSTALADO EM PRUMADA – FORNECIMENTO E INSTALAÇÃO. AF_12/2015","M","197,51"]
[92286,"TUBO EM COBRE RÍGIDO, DN 66 MM, CLASSE E, COM ISOLAMENTO, INSTALADO EM PRUMADA – FORNECIMENTO E INSTALAÇÃO. AF_12/2015","M","237,89"]
[92305,"TUBO EM COBRE RÍGIDO, DN 15 MM, CLASSE E, SEM ISOLAMENTO, INSTALADO EM RAMAL DE DISTRIBUIÇÃO – FORNECIMENTO E INSTALAÇÃO. AF_12/2015","M","18,90"]
[92306,"TUBO EM COBRE RÍGIDO, DN 22 MM, CLASSE E, SEM ISOLAMENTO, INSTALADO EM RAMAL DE DISTRIBUIÇÃO – FORNECIMENTO E INSTALAÇÃO. AF_12/2015","M","30,38"]
[92307,"TUBO EM COBRE RÍGIDO, DN 28 MM, CLASSE E, SEM ISOLAMENTO, INSTALADO EM RAMAL DE DISTRIBUIÇÃO – FORNECIMENTO E INSTALAÇÃO. AF_12/2015","M","37,87"]
[92308,"TUBO EM COBRE RÍGIDO, DN 15 MM, CLASSE E, COM ISOLAMENTO, INSTALADO EM RAMAL DE DISTRIBUIÇÃO – FORNECIMENTO E INSTALAÇÃO. AF_12/2015","M","32,26"]
[92309,"TUBO EM COBRE RÍGIDO, DN 22 MM, CLASSE E, COM ISOLAMENTO, INSTALADO EM RAMAL DE DISTRIBUIÇÃO – FORNECIMENTO E INSTALAÇÃO. AF_12/2015","M","88,03"]
[92310,"TUBO EM COBRE RÍGIDO, DN 28 MM, CLASSE E, COM ISOLAMENTO, INSTALADO EM RAMAL DE DISTRIBUIÇÃO – FORNECIMENTO E INSTALAÇÃO. AF_12/2015","M","97,83"]
[92320,"TUBO EM COBRE RÍGIDO, DN 15 MM, CLASSE E, SEM ISOLAMENTO, INSTALADO EM RAMAL E SUB-RAMAL – FORNECIMENTO E INSTALAÇÃO. AF_12/2015","M","25,33"]
[92321,"TUBO EM COBRE RÍGIDO, DN 22 MM, CLASSE E, SEM ISOLAMENTO, INSTALADO EM RAMAL E SUB-RAMAL – FORNECIMENTO E INSTALAÇÃO. AF_12/2015","M","41,42"]
[92322,"TUBO EM COBRE RÍGIDO, DN 28 MM, CLASSE E, SEM ISOLAMENTO, INSTALADO EM RAMAL E SUB-RAMAL – FORNECIMENTO E INSTALAÇÃO. AF_12/2015","M","52,93"]
[92323,"TUBO EM COBRE RÍGIDO, DN 15 MM, CLASSE E, COM ISOLAMENTO, INSTALADO EM RAMAL E SUB-RAMAL – FORNECIMENTO E INSTALAÇÃO. AF_12/2015","M","37,15"]
[92324,"TUBO EM COBRE RÍGIDO, DN 22 MM, CLASSE E, COM ISOLAMENTO, INSTALADO EM RAMAL E SUB-RAMAL – FORNECIMENTO E INSTALAÇÃO. AF_12/2015","M","97,54"]
[92325,"TUBO EM COBRE RÍGIDO, DN 28 MM, CLASSE E, COM ISOLAMENTO, INSTALADO EM RAMAL E SUB-RAMAL – FORNECIMENTO E INSTALAÇÃO. AF_12/2015","M","111,31"]
[92335,"TUBO DE AÇO GALVANIZADO COM COSTURA, CLASSE MÉDIA, CONEXÃO RANHURADA, DN 50 (2\"), INSTALADO EM PRUMADAS - FORNECIMENTO E INSTALAÇÃO. AF_12/2015","M","49,39"]
[92336,"TUBO DE AÇO GALVANIZADO COM COSTURA, CLASSE MÉDIA, CONEXÃO RANHURADA, DN 65 (2 1/2\"), INSTALADO EM PRUMADAS - FORNECIMENTO E INSTALAÇÃO. AF_12/2015","M","60,60"]
[92337,"TUBO DE AÇO GALVANIZADO COM COSTURA, CLASSE MÉDIA, CONEXÃO RANHURADA, DN 80 (3\"), INSTALADO EM PRUMADAS - FORNECIMENTO E INSTALAÇÃO. AF_12/2015","M","79,56"]
[92338,"TUBO DE AÇO PRETO SEM COSTURA, CONEXÃO SOLDADA, DN 50 (2\"), INSTALADO EM PRUMADAS - FORNECIMENTO E INSTALAÇÃO. AF_12/2015","M","73,19"]
[92339,"TUBO DE AÇO PRETO SEM COSTURA, CONEXÃO SOLDADA, DN 65 (2 1/2\"), INSTALADO EM PRUMADAS - FORNECIMENTO E INSTALAÇÃO. AF_12/2015","M","108,80"]
[92341,"TUBO DE AÇO GALVANIZADO COM COSTURA, CLASSE MÉDIA, DN 50 (2\"), CONEXÃO ROSQUEADA, INSTALADO EM PRUMADAS - FORNECIMENTO E INSTALAÇÃO. AF_12/2015","M","55,81"]
[92342,"TUBO DE AÇO GALVANIZADO COM COSTURA, CLASSE MÉDIA, DN 65 (2 1/2\"), CONEXÃO ROSQUEADA, INSTALADO EM PRUMADAS - FORNECIMENTO E INSTALAÇÃO. AF_12/2015","M","67,05"]
[92343,"TUBO DE AÇO GALVANIZADO COM COSTURA, CLASSE MÉDIA, DN 80 (3\"), CONEXÃO ROSQUEADA, INSTALADO EM PRUMADAS - FORNECIMENTO E INSTALAÇÃO. AF_12/2015","M","86,08"]
[92361,"TUBO DE AÇO PRETO SEM COSTURA, CONEXÃO SOLDADA, DN 50 (2\"), INSTALADO EM REDE DE ALIMENTAÇÃO PARA HIDRANTE - FORNECIMENTO E INSTALAÇÃO. AF_12/2015","M","59,14"]
[92362,"TUBO DE AÇO PRETO SEM COSTURA, CONEXÃO SOLDADA, DN 65 (2 1/2\"), INSTALADO EM REDE DE ALIMENTAÇÃO PARA HIDRANTE - FORNECIMENTO E INSTALAÇÃO. AF_12/2015","M","94,20"]
[92364,"TUBO DE AÇO GALVANIZADO COM COSTURA, CLASSE MÉDIA, DN 32 (1 1/4\"), CONEXÃO ROSQUEADA, INSTALADO EM REDE DE ALIMENTAÇÃO PARA HIDRANTE - FORNECIMENTO E INSTALAÇÃO. AF_12/2015","M","30,06"]
[92365,"TUBO DE AÇO GALVANIZADO COM COSTURA, CLASSE MÉDIA, DN 40 (1 1/2\"), CONEXÃO ROSQUEADA, INSTALADO EM REDE DE ALIMENTAÇÃO PARA HIDRANTE - FORNECIMENTO E INSTALAÇÃO. AF_12/2015","M","34,54"]
[92366,"TUBO DE AÇO GALVANIZADO COM COSTURA, CLASSE MÉDIA, DN 50 (2\"), CONEXÃO ROSQUEADA, INSTALADO EM REDE DE ALIMENTAÇÃO PARA HIDRANTE - FORNECIMENTO E INSTALAÇÃO. AF_12/2015","M","47,88"]
[92367,"TUBO DE AÇO GALVANIZADO COM COSTURA, CLASSE MÉDIA, DN 65 (2 1/2\"), CONEXÃO ROSQUEADA, INSTALADO EM REDE DE ALIMENTAÇÃO PARA HIDRANTE - FORNECIMENTO E INSTALAÇÃO. AF_12/2015","M","58,75"]
[92368,"TUBO DE AÇO GALVANIZADO COM COSTURA, CLASSE MÉDIA, DN 80 (3\"), CONEXÃO ROSQUEADA, INSTALADO EM REDE DE ALIMENTAÇÃO PARA HIDRANTE - FORNECIMENTO E INSTALAÇÃO. AF_12/2015","M","77,45"]
[92648,"TUBO DE AÇO PRETO SEM COSTURA, CONEXÃO SOLDADA, DN 40 (1 1/2\"), INSTALADO EM REDE DE ALIMENTAÇÃO PARA SPRINKLER - FORNECIMENTO E INSTALAÇÃO. AF_12/2015","M","50,63"]
[92649,"TUBO DE AÇO PRETO SEM COSTURA, CONEXÃO SOLDADA, DN 50 (2\"), INSTALADO EM REDE DE ALIMENTAÇÃO PARA SPRINKLER - FORNECIMENTO E INSTALAÇÃO. AF_12/2015","M","61,67"]
[92650,"TUBO DE AÇO PRETO SEM COSTURA, CONEXÃO SOLDADA, DN 65 (2 1/2\"), INSTALADO EM REDE DE ALIMENTAÇÃO PARA SPRINKLER - FORNECIMENTO E INSTALAÇÃO. AF_12/2015","M","96,74"]
[92652,"TUBO DE AÇO GALVANIZADO COM COSTURA, CLASSE MÉDIA, CONEXÃO ROSQUEADA, DN 32 (1 1/4\"), INSTALADO EM REDE DE ALIMENTAÇÃO PARA SPRINKLER - FORNECIMENTO E INSTALAÇÃO. AF_12/2015","M","32,99"]
[92653,"TUBO DE AÇO GALVANIZADO COM COSTURA, CLASSE MÉDIA, CONEXÃO ROSQUEADA, DN 40 (1 1/2\"), INSTALADO EM REDE DE ALIMENTAÇÃO PARA SPRINKLER - FORNECIMENTO E INSTALAÇÃO. AF_12/2015","M","37,50"]
[92654,"TUBO DE AÇO GALVANIZADO COM COSTURA, CLASSE MÉDIA, CONEXÃO ROSQUEADA, DN 50 (2\"), INSTALADO EM REDE DE ALIMENTAÇÃO PARA SPRINKLER - FORNECIMENTO E INSTALAÇÃO. AF_12/2015","M","50,84"]
[92655,"TUBO DE AÇO GALVANIZADO COM COSTURA, CLASSE MÉDIA, CONEXÃO ROSQUEADA, DN 65 (2 1/2\"), INSTALADO EM REDE DE ALIMENTAÇÃO PARA SPRINKLER - FORNECIMENTO E INSTALAÇÃO. AF_12/2015","M","61,77"]
[92656,"TUBO DE AÇO GALVANIZADO COM COSTURA, CLASSE MÉDIA, CONEXÃO ROSQUEADA, DN 80 (3\"), INSTALADO EM REDE DE ALIMENTAÇÃO PARA SPRINKLER - FORNECIMENTO E INSTALAÇÃO. AF_12/2015","M","80,47"]
[92687,"TUBO DE AÇO GALVANIZADO COM COSTURA, CLASSE MÉDIA, CONEXÃO ROSQUEADA, DN 15 (1/2\"), INSTALADO EM RAMAIS E SUB-RAMAIS DE GÁS - FORNECIMENTO E INSTALAÇÃO. AF_12/2015","M","15,65"]
[92688,"TUBO DE AÇO GALVANIZADO COM COSTURA, CLASSE MÉDIA, CONEXÃO ROSQUEADA, DN 20 (3/4\"), INSTALADO EM RAMAIS E SUB-RAMAIS DE GÁS - FORNECIMENTO E INSTALAÇÃO. AF_12/2015","M","22,16"]
[92689,"TUBO DE AÇO PRETO SEM COSTURA, CLASSE MÉDIA, CONEXÃO SOLDADA, DN 15 (1/2\"), INSTALADO EM RAMAIS E SUB-RAMAIS DE GÁS - FORNECIMENTO E INSTALAÇÃO. AF_12/2015","M","25,39"]
[92690,"TUBO DE AÇO PRETO SEM COSTURA, CLASSE MÉDIA, CONEXÃO SOLDADA, DN 20 (3/4\"), INSTALADO EM RAMAIS E SUB-RAMAIS DE GÁS - FORNECIMENTO E INSTALAÇÃO. AF_12/2015","M","36,71"]
[94462,"TUBO DE AÇO GALVANIZADO COM COSTURA, CLASSE MÉDIA, DN 50 (2”), CONEXÃO ROSQUEADA, INSTALADO EM RESERVAÇÃO DE ÁGUA DE EDIFICAÇÃO QUE POSSUA RESERVATÓRIO DE FIBRA/FIBROCIMENTO – FORNECIMENTO E INSTALAÇÃO. AF_06/2016","M","55,66"]
[94463,"TUBO DE AÇO GALVANIZADO COM COSTURA, CLASSE MÉDIA, DN 65 (2 1/2”), CONEXÃO ROSQUEADA, INSTALADO EM RESERVAÇÃO DE ÁGUA DE EDIFICAÇÃO QUE POSSUA RESERVATÓRIO DE FIBRA/FIBROCIMENTO – FORNECIMENTO E INSTALAÇÃO. AF_06/2016","M","64,86"]
[94464,"TUBO DE AÇO GALVANIZADO COM COSTURA, CLASSE MÉDIA, DN 80 (3”), CONEXÃO ROSQUEADA, INSTALADO EM RESERVAÇÃO DE ÁGUA DE EDIFICAÇÃO QUE POSSUA RESERVATÓRIO DE FIBRA/FIBROCIMENTO – FORNECIMENTO E INSTALAÇÃO. AF_06/2016","M","91,00"]
[94602,"TUBO EM COBRE RÍGIDO, DN 54 MM, CLASSE E, SEM ISOLAMENTO, INSTALADO EM RESERVAÇÃO DE ÁGUA DE EDIFICAÇÃO QUE POSSUA RESERVATÓRIO DE FIBRA/FIBROCIMENTO – FORNECIMENTO E INSTALAÇÃO. AF_06/2016","M","108,22"]
[94603,"TUBO EM COBRE RÍGIDO, DN 66 MM, CLASSE E, SEM ISOLAMENTO, INSTALADO EM RESERVAÇÃO DE ÁGUA DE EDIFICAÇÃO QUE POSSUA RESERVATÓRIO DE FIBRA/FIBROCIMENTO – FORNECIMENTO E INSTALAÇÃO. AF_06/2016","M","144,06"]
[94604,"TUBO EM COBRE RÍGIDO, DN 79 MM, CLASSE E, SEM ISOLAMENTO, INSTALADO EM RESERVAÇÃO DE ÁGUA DE EDIFICAÇÃO QUE POSSUA RESERVATÓRIO DE FIBRA/FIBROCIMENTO – FORNECIMENTO E INSTALAÇÃO. AF_06/2016","M","195,74"]
[94605,"TUBO EM COBRE RÍGIDO, DN 104 MM, CLASSE E, SEM ISOLAMENTO, INSTALADO EM RESERVAÇÃO DE ÁGUA DE EDIFICAÇÃO QUE POSSUA RESERVATÓRIO DE FIBRA/FIBROCIMENTO – FORNECIMENTO E INSTALAÇÃO. AF_06/2016","M","277,99"]
[94648,"TUBO, PVC, SOLDÁVEL, DN  25 MM, INSTALADO EM RESERVAÇÃO DE ÁGUA DE EDIFICAÇÃO QUE POSSUA RESERVATÓRIO DE FIBRA/FIBROCIMENTO   FORNECIMENTO E INSTALAÇÃO. AF_06/2016","M","6,53"]
[94649,"TUBO, PVC, SOLDÁVEL, DN 32 MM, INSTALADO EM RESERVAÇÃO DE ÁGUA DE EDIFICAÇÃO QUE POSSUA RESERVATÓRIO DE FIBRA/FIBROCIMENTO   FORNECIMENTO E INSTALAÇÃO. AF_06/2016","M","9,43"]
[94650,"TUBO, PVC, SOLDÁVEL, DN 40 MM, INSTALADO EM RESERVAÇÃO DE ÁGUA DE EDIFICAÇÃO QUE POSSUA RESERVATÓRIO DE FIBRA/FIBROCIMENTO   FORNECIMENTO E INSTALAÇÃO. AF_06/2016","M","13,51"]
[94651,"TUBO, PVC, SOLDÁVEL, DN 50 MM, INSTALADO EM RESERVAÇÃO DE ÁGUA DE EDIFICAÇÃO QUE POSSUA RESERVATÓRIO DE FIBRA/FIBROCIMENTO   FORNECIMENTO E INSTALAÇÃO. AF_06/2016","M","15,38"]
[94652,"TUBO, PVC, SOLDÁVEL, DN 60 MM, INSTALADO EM RESERVAÇÃO DE ÁGUA DE EDIFICAÇÃO QUE POSSUA RESERVATÓRIO DE FIBRA/FIBROCIMENTO   FORNECIMENTO E INSTALAÇÃO. AF_06/2016","M","23,82"]
[94653,"TUBO, PVC, SOLDÁVEL, DN 75 MM, INSTALADO EM RESERVAÇÃO DE ÁGUA DE EDIFICAÇÃO QUE POSSUA RESERVATÓRIO DE FIBRA/FIBROCIMENTO   FORNECIMENTO E INSTALAÇÃO. AF_06/2016","M","29,69"]
[94654,"TUBO, PVC, SOLDÁVEL, DN 85 MM, INSTALADO EM RESERVAÇÃO DE ÁGUA DE EDIFICAÇÃO QUE POSSUA RESERVATÓRIO DE FIBRA/FIBROCIMENTO   FORNECIMENTO E INSTALAÇÃO. AF_06/2016","M","40,73"]
[94655,"TUBO, PVC, SOLDÁVEL, DN 110 MM, INSTALADO EM RESERVAÇÃO DE ÁGUA DE EDIFICAÇÃO QUE POSSUA RESERVATÓRIO DE FIBRA/FIBROCIMENTO   FORNECIMENTO E INSTALAÇÃO. AF_06/2016","M","57,51"]
[94716,"TUBO, CPVC, SOLDÁVEL, DN 22 MM, INSTALADO EM RESERVAÇÃO DE ÁGUA DE EDIFICAÇÃO QUE POSSUA RESERVATÓRIO DE FIBRA/FIBROCIMENTO – FORNECIMENTO E INSTALAÇÃO. AF_06/2016","M","16,63"]
[94717,"TUBO, CPVC, SOLDÁVEL, DN 28 MM, INSTALADO EM RESERVAÇÃO DE ÁGUA DE EDIFICAÇÃO QUE POSSUA RESERVATÓRIO DE FIBRA/FIBROCIMENTO – FORNECIMENTO E INSTALAÇÃO. AF_06/2016","M","24,44"]
[94718,"TUBO, CPVC, SOLDÁVEL, DN 35 MM, INSTALADO EM RESERVAÇÃO DE ÁGUA DE EDIFICAÇÃO QUE POSSUA RESERVATÓRIO DE FIBRA/FIBROCIMENTO – FORNECIMENTO E INSTALAÇÃO. AF_06/2016","M","30,24"]
[94719,"TUBO, CPVC, SOLDÁVEL, DN 42 MM, INSTALADO EM RESERVAÇÃO DE ÁGUA DE EDIFICAÇÃO QUE POSSUA RESERVATÓRIO DE FIBRA/FIBROCIMENTO – FORNECIMENTO E INSTALAÇÃO. AF_06/2016","M","39,62"]
[94720,"TUBO, CPVC, SOLDÁVEL, DN 54 MM, INSTALADO EM RESERVAÇÃO DE ÁGUA DE EDIFICAÇÃO QUE POSSUA RESERVATÓRIO DE FIBRA/FIBROCIMENTO – FORNECIMENTO E INSTALAÇÃO. AF_06/2016","M","59,81"]
[94721,"TUBO, CPVC, SOLDÁVEL, DN 73 MM, INSTALADO EM RESERVAÇÃO DE ÁGUA DE EDIFICAÇÃO QUE POSSUA RESERVATÓRIO DE FIBRA/FIBROCIMENTO – FORNECIMENTO E INSTALAÇÃO. AF_06/2016","M","87,28"]
[94722,"TUBO, CPVC, SOLDÁVEL, DN 89 MM, INSTALADO EM RESERVAÇÃO DE ÁGUA DE EDIFICAÇÃO QUE POSSUA RESERVATÓRIO DE FIBRA/FIBROCIMENTO – FORNECIMENTO E INSTALAÇÃO. AF_06/2016","M","152,12"]
[95697,"TUBO DE AÇO PRETO SEM COSTURA, CONEXÃO SOLDADA, DN 40 (1 1/2\"), INSTALADO EM REDE DE ALIMENTAÇÃO PARA HIDRANTE - FORNECIMENTO E INSTALAÇÃO. AF_12/2015","M","48,10"]
[96635,"TUBO, PPR, DN 25, CLASSE PN 20,  INSTALADO EM RAMAL OU SUB-RAMAL DE ÁGUA – FORNECIMENTO E INSTALAÇÃO. AF_06/2015","M","18,84"]
[96636,"TUBO, PPR, DN 25, CLASSE PN 25 INSTALADO EM RAMAL OU SUB-RAMAL DE ÁGUA – FORNECIMENTO E INSTALAÇÃO. AF_06/2015","M","19,93"]
[96644,"TUBO, PPR, DN 25, CLASSE PN 20,  INSTALADO EM RAMAL DE DISTRIBUIÇÃO DE ÁGUA – FORNECIMENTO E INSTALAÇÃO. AF_06/2015","M","12,17"]
[96645,"TUBO, PPR, DN 32, CLASSE PN 12,  INSTALADO EM RAMAL DE DISTRIBUIÇÃO DE ÁGUA – FORNECIMENTO E INSTALAÇÃO. AF_06/2015","M","15,78"]
[96646,"TUBO, PPR, DN 40, CLASSE PN 12,  INSTALADO EM RAMAL DE DISTRIBUIÇÃO DE ÁGUA – FORNECIMENTO E INSTALAÇÃO. AF_06/2015","M","24,47"]
[96647,"TUBO, PPR, DN 25, CLASSE PN 25,  INSTALADO EM RAMAL DE DISTRIBUIÇÃO DE ÁGUA – FORNECIMENTO E INSTALAÇÃO. AF_06/2015","M","10,97"]
[96648,"TUBO, PPR, DN 32, CLASSE PN 25,  INSTALADO EM RAMAL DE DISTRIBUIÇÃO DE ÁGUA – FORNECIMENTO E INSTALAÇÃO. AF_06/2015","M","20,01"]
[96649,"TUBO, PPR, DN 40, CLASSE PN 25,  INSTALADO EM RAMAL DE DISTRIBUIÇÃO DE ÁGUA – FORNECIMENTO E INSTALAÇÃO. AF_06/2015","M","29,54"]
[96668,"TUBO, PPR, DN 25, CLASSE PN 20,  INSTALADO EM PRUMADA DE ÁGUA – FORNECIMENTO E INSTALAÇÃO. AF_06/2015","M","7,53"]
[96669,"TUBO, PPR, DN 32, CLASSE PN 12,  INSTALADO EM PRUMADA DE ÁGUA – FORNECIMENTO E INSTALAÇÃO. AF_06/2015","M","9,35"]
[96670,"TUBO, PPR, DN 40, CLASSE PN 12,  INSTALADO EM PRUMADA DE ÁGUA – FORNECIMENTO E INSTALAÇÃO. AF_06/2015","M","14,18"]
[96671,"TUBO, PPR, DN 50, CLASSE PN 12,  INSTALADO EM PRUMADA DE ÁGUA – FORNECIMENTO E INSTALAÇÃO. AF_06/2015","M","19,02"]
[96672,"TUBO, PPR, DN 63, CLASSE PN 12,  INSTALADO EM PRUMADA DE ÁGUA – FORNECIMENTO E INSTALAÇÃO. AF_06/2015","M","27,93"]
[96673,"TUBO, PPR, DN 75, CLASSE PN 12,  INSTALADO EM PRUMADA DE ÁGUA – FORNECIMENTO E INSTALAÇÃO. AF_06/2015","M","45,55"]
[96674,"TUBO, PPR, DN 90, CLASSE PN 12,  INSTALADO EM PRUMADA DE ÁGUA – FORNECIMENTO E INSTALAÇÃO. AF_06/2015","M","64,00"]
[96675,"TUBO, PPR, DN 110, CLASSE PN 12,  INSTALADO EM PRUMADA DE ÁGUA – FORNECIMENTO E INSTALAÇÃO. AF_06/2015","M","111,08"]
[96676,"TUBO, PPR, DN 25, CLASSE PN 25,  INSTALADO EM PRUMADA DE ÁGUA – FORNECIMENTO E INSTALAÇÃO. AF_06/2015","M","7,50"]
[96677,"TUBO, PPR, DN 32, CLASSE PN 25,  INSTALADO EM PRUMADA DE ÁGUA – FORNECIMENTO E INSTALAÇÃO. AF_06/2015","M","12,35"]
[96678,"TUBO, PPR, DN 40, CLASSE PN 25,  INSTALADO EM PRUMADA DE ÁGUA – FORNECIMENTO E INSTALAÇÃO. AF_06/2015","M","17,18"]
[96679,"TUBO, PPR, DN 50, CLASSE PN 25,  INSTALADO EM PRUMADA DE ÁGUA – FORNECIMENTO E INSTALAÇÃO. AF_06/2015","M","25,06"]
[96680,"TUBO, PPR, DN 63, CLASSE PN 25,  INSTALADO EM PRUMADA DE ÁGUA – FORNECIMENTO E INSTALAÇÃO. AF_06/2015","M","33,81"]
[96681,"TUBO, PPR, DN 75, CLASSE PN 25,  INSTALADO EM PRUMADA DE ÁGUA – FORNECIMENTO E INSTALAÇÃO. AF_06/2015","M","62,93"]
[96682,"TUBO, PPR, DN 90, CLASSE PN 25,  INSTALADO EM PRUMADA DE ÁGUA – FORNECIMENTO E INSTALAÇÃO. AF_06/2015","M","92,77"]
[96683,"TUBO, PPR, DN 110, CLASSE PN 25,  INSTALADO EM PRUMADA DE ÁGUA – FORNECIMENTO E INSTALAÇÃO. AF_06/2015","M","127,10"]
[96718,"TUBO, PPR, DN 20, CLASSE PN 20,  INSTALADO EM RESERVAÇÃO DE ÁGUA DE EDIFICAÇÃO QUE POSSUA RESERVATÓRIO DE FIBRA/FIBROCIMENTO – FORNECIMENTO E INSTALAÇÃO. AF_06/2016","M","4,89"]
[96719,"TUBO, PPR, DN 25, CLASSE PN 20,  INSTALADO EM RESERVAÇÃO DE ÁGUA DE EDIFICAÇÃO QUE POSSUA RESERVATÓRIO DE FIBRA/FIBROCIMENTO – FORNECIMENTO E INSTALAÇÃO. AF_06/2016","M","10,31"]
[96720,"TUBO, PPR, DN 32, CLASSE PN 12,  INSTALADO EM RESERVAÇÃO DE ÁGUA DE EDIFICAÇÃO QUE POSSUA RESERVATÓRIO DE FIBRA/FIBROCIMENTO – FORNECIMENTO E INSTALAÇÃO. AF_06/2016","M","12,51"]
[96721,"TUBO, PPR, DN 40, CLASSE PN 12,  INSTALADO EM RESERVAÇÃO DE ÁGUA DE EDIFICAÇÃO QUE POSSUA RESERVATÓRIO DE FIBRA/FIBROCIMENTO – FORNECIMENTO E INSTALAÇÃO. AF_06/2016","M","16,65"]
[96722,"TUBO, PPR, DN 50, CLASSE PN 12,  INSTALADO EM RESERVAÇÃO DE ÁGUA DE EDIFICAÇÃO QUE POSSUA RESERVATÓRIO DE FIBRA/FIBROCIMENTO – FORNECIMENTO E INSTALAÇÃO. AF_06/2016","M","22,82"]
[96723,"TUBO, PPR, DN 63, CLASSE PN 12,  INSTALADO EM RESERVAÇÃO DE ÁGUA DE EDIFICAÇÃO QUE POSSUA RESERVATÓRIO DE FIBRA/FIBROCIMENTO – FORNECIMENTO E INSTALAÇÃO. AF_06/2016","M","30,05"]
[96724,"TUBO, PPR, DN 75, CLASSE PN 12,  INSTALADO EM RESERVAÇÃO DE ÁGUA DE EDIFICAÇÃO QUE POSSUA RESERVATÓRIO DE FIBRA/FIBROCIMENTO – FORNECIMENTO E INSTALAÇÃO. AF_06/2016","M","49,09"]
[96725,"TUBO, PPR, DN 90, CLASSE PN 12,  INSTALADO EM RESERVAÇÃO DE ÁGUA DE EDIFICAÇÃO QUE POSSUA RESERVATÓRIO DE FIBRA/FIBROCIMENTO – FORNECIMENTO E INSTALAÇÃO. AF_06/2016","M","64,20"]
[96726,"TUBO, PPR, DN 110, CLASSE PN 12,  INSTALADO EM RESERVAÇÃO DE ÁGUA DE EDIFICAÇÃO QUE POSSUA RESERVATÓRIO DE FIBRA/FIBROCIMENTO – FORNECIMENTO E INSTALAÇÃO. AF_06/2016","M","104,60"]
[96727,"TUBO, PPR, DN 20, CLASSE PN 25,  INSTALADO EM RESERVAÇÃO DE ÁGUA DE EDIFICAÇÃO QUE POSSUA RESERVATÓRIO DE FIBRA/FIBROCIMENTO – FORNECIMENTO E INSTALAÇÃO. AF_06/2016","M","8,99"]
[96728,"TUBO, PPR, DN 25, CLASSE PN 25,  INSTALADO EM RESERVAÇÃO DE ÁGUA DE EDIFICAÇÃO QUE POSSUA RESERVATÓRIO DE FIBRA/FIBROCIMENTO – FORNECIMENTO E INSTALAÇÃO. AF_06/2016","M","10,67"]
[96729,"TUBO, PPR, DN 32, CLASSE PN 25,  INSTALADO EM RESERVAÇÃO DE ÁGUA DE EDIFICAÇÃO QUE POSSUA RESERVATÓRIO DE FIBRA/FIBROCIMENTO – FORNECIMENTO E INSTALAÇÃO. AF_06/2016","M","16,06"]
[96730,"TUBO, PPR, DN 40, CLASSE PN 25,  INSTALADO EM RESERVAÇÃO DE ÁGUA DE EDIFICAÇÃO QUE POSSUA RESERVATÓRIO DE FIBRA/FIBROCIMENTO – FORNECIMENTO E INSTALAÇÃO. AF_06/2016","M","20,12"]
[96731,"TUBO, PPR, DN 50, CLASSE PN 25,  INSTALADO EM RESERVAÇÃO DE ÁGUA DE EDIFICAÇÃO QUE POSSUA RESERVATÓRIO DE FIBRA/FIBROCIMENTO – FORNECIMENTO E INSTALAÇÃO. AF_06/2016","M","29,47"]
[96732,"TUBO, PPR, DN 63, CLASSE PN 25,  INSTALADO EM RESERVAÇÃO DE ÁGUA DE EDIFICAÇÃO QUE POSSUA RESERVATÓRIO DE FIBRA/FIBROCIMENTO – FORNECIMENTO E INSTALAÇÃO. AF_06/2016","M","36,33"]
[96733,"TUBO, PPR, DN 75, CLASSE PN 25,  INSTALADO EM RESERVAÇÃO DE ÁGUA DE EDIFICAÇÃO QUE POSSUA RESERVATÓRIO DE FIBRA/FIBROCIMENTO – FORNECIMENTO E INSTALAÇÃO. AF_06/2016","M","66,55"]
[96734,"TUBO, PPR, DN 90, CLASSE PN 25,  INSTALADO EM RESERVAÇÃO DE ÁGUA DE EDIFICAÇÃO QUE POSSUA RESERVATÓRIO DE FIBRA/FIBROCIMENTO – FORNECIMENTO E INSTALAÇÃO. AF_06/2016","M","91,84"]
[96735,"TUBO, PPR, DN 110, CLASSE PN 25,  INSTALADO EM RESERVAÇÃO DE ÁGUA DE EDIFICAÇÃO QUE POSSUA RESERVATÓRIO DE FIBRA/FIBROCIMENTO – FORNECIMENTO E INSTALAÇÃO. AF_06/2016","M","120,18"]
[96794,"TUBO, PEX, MONOCAMADA, DN 16, INSTALADO EM RAMAL OU SUB-RAMAL DE ÁGUA – FORNECIMENTO E INSTALAÇÃO. AF_06/2015","M","6,59"]
[96795,"TUBO, PEX, MONOCAMADA, DN 20, INSTALADO EM RAMAL OU SUB-RAMAL DE ÁGUA – FORNECIMENTO E INSTALAÇÃO. AF_06/2015","M","8,41"]
[96796,"TUBO, PEX, MONOCAMADA, DN 25, INSTALADO EM RAMAL OU SUB-RAMAL DE ÁGUA – FORNECIMENTO E INSTALAÇÃO. AF_06/2015","M","11,84"]
[96797,"TUBO, PEX, MONOCAMADA, DN 32, INSTALADO EM RAMAL OU SUB-RAMAL DE ÁGUA – FORNECIMENTO E INSTALAÇÃO. AF_06/2015","M","18,01"]
[96798,"TUBO, PEX, MONOCAMADA, DN 16, INSTALADO EM RAMAL DE DISTRIBUIÇÃO DE ÁGUA – FORNECIMENTO E INSTALAÇÃO. AF_06/2015","M","6,68"]
[96799,"TUBO, PEX, MONOCAMADA, DN 20, INSTALADO EM RAMAL DE DISTRIBUIÇÃO DE ÁGUA – FORNECIMENTO E INSTALAÇÃO. AF_06/2015","M","8,94"]
[96800,"TUBO, PEX, MONOCAMADA, DN 25, INSTALADO EM RAMAL DE DISTRIBUIÇÃO DE ÁGUA – FORNECIMENTO E INSTALAÇÃO. AF_06/2015","M","12,92"]
[96801,"TUBO, PEX, MONOCAMADA, DN 32, INSTALADO EM RAMAL DE DISTRIBUIÇÃO DE ÁGUA – FORNECIMENTO E INSTALAÇÃO. AF_06/2015","M","19,87"]
[97327,"TUBO EM COBRE FLEXÍVEL, DN 1/4”, COM ISOLAMENTO, INSTALADO EM RAMAL DE ALIMENTAÇÃO DE AR CONDICIONADO COM CONDENSADORA INDIVIDUAL   FORNECIMENTO E INSTALAÇÃO. AF_12/2015","M","15,17"]
[97328,"TUBO EM COBRE FLEXÍVEL, DN 3/8\", COM ISOLAMENTO, INSTALADO EM RAMAL DE ALIMENTAÇÃO DE AR CONDICIONADO COM CONDENSADORA INDIVIDUAL – FORNECIMENTO E INSTALAÇÃO. AF_12/2015","M","26,64"]
[97329,"TUBO EM COBRE FLEXÍVEL, DN 1/2\", COM ISOLAMENTO, INSTALADO EM RAMAL DE ALIMENTAÇÃO DE AR CONDICIONADO COM CONDENSADORA INDIVIDUAL – FORNECIMENTO E INSTALAÇÃO. AF_12/2015","M","22,62"]
[97330,"TUBO EM COBRE FLEXÍVEL, DN 5/8\", COM ISOLAMENTO, INSTALADO EM RAMAL DE ALIMENTAÇÃO DE AR CONDICIONADO COM CONDENSADORA INDIVIDUAL – FORNECIMENTO E INSTALAÇÃO. AF_12/2015","M","43,51"]
[97331,"TUBO EM COBRE FLEXÍVEL, DN 1/4\", COM ISOLAMENTO, INSTALADO EM RAMAL DE ALIMENTAÇÃO DE AR CONDICIONADO COM CONDENSADORA CENTRAL – FORNECIMENTO E INSTALAÇÃO. AF_12/2015","M","15,38"]
[97332,"TUBO EM COBRE FLEXÍVEL, DN 3/8\", COM ISOLAMENTO, INSTALADO EM RAMAL DE ALIMENTAÇÃO DE AR CONDICIONADO COM CONDENSADORA CENTRAL – FORNECIMENTO E INSTALAÇÃO. AF_12/2015","M","26,88"]
[97333,"TUBO EM COBRE FLEXÍVEL, DN 1/2\", COM ISOLAMENTO, INSTALADO EM RAMAL DE ALIMENTAÇÃO DE AR CONDICIONADO COM CONDENSADORA CENTRAL – FORNECIMENTO E INSTALAÇÃO. AF_12/2015","M","33,32"]
[97334,"TUBO EM COBRE FLEXÍVEL, DN 5/8”, COM ISOLAMENTO, INSTALADO EM RAMAL DE ALIMENTAÇÃO DE AR CONDICIONADO COM CONDENSADORA CENTRAL   FORNECIMENTO E INSTALAÇÃO. AF_12/2015","M","40,50"]
[97335,"TUBO EM COBRE RÍGIDO, DN 22 MM, CLASSE A, SEM ISOLAMENTO, INSTALADO EM PRUMADA – FORNECIMENTO E INSTALAÇÃO. AF_12/2015","M","39,34"]
[97336,"TUBO EM COBRE RÍGIDO, DN 28 MM, CLASSE A, SEM ISOLAMENTO, INSTALADO EM PRUMADA – FORNECIMENTO E INSTALAÇÃO. AF_12/2015","M","49,93"]
[97337,"TUBO EM COBRE RÍGIDO, DN 35 MM, CLASSE A, SEM ISOLAMENTO, INSTALADO EM PRUMADA – FORNECIMENTO E INSTALAÇÃO. AF_12/2015","M","74,87"]
[97338,"TUBO EM COBRE RÍGIDO, DN 42 MM, CLASSE A, SEM ISOLAMENTO, INSTALADO EM PRUMADA – FORNECIMENTO E INSTALAÇÃO. AF_12/2015","M","89,97"]
[97339,"TUBO EM COBRE RÍGIDO, DN 54 MM, CLASSE A, SEM ISOLAMENTO, INSTALADO EM PRUMADA – FORNECIMENTO E INSTALAÇÃO. AF_12/2015","M","96,84"]
[97340,"TUBO EM COBRE RÍGIDO, DN 66 MM, CLASSE A, SEM ISOLAMENTO, INSTALADO EM PRUMADA – FORNECIMENTO E INSTALAÇÃO. AF_12/2015","M","97,35"]
[97341,"TUBO EM COBRE RÍGIDO, DN 15 MM, CLASSE A, SEM ISOLAMENTO, INSTALADO EM RAMAL DE DISTRIBUIÇÃO – FORNECIMENTO E INSTALAÇÃO. AF_12/2015","M","27,20"]
[97342,"TUBO EM COBRE RÍGIDO, DN 22 MM, CLASSE A, SEM ISOLAMENTO, INSTALADO EM RAMAL DE DISTRIBUIÇÃO– FORNECIMENTO E INSTALAÇÃO. AF_12/2015","M","42,27"]
[97343,"TUBO EM COBRE RÍGIDO, DN 28 MM, CLASSE A, SEM ISOLAMENTO, INSTALADO EM RAMAL DE DISTRIBUIÇÃO– FORNECIMENTO E INSTALAÇÃO. AF_12/2015","M","53,07"]
[97344,"TUBO EM COBRE RÍGIDO, DN 15 MM, CLASSE A, SEM ISOLAMENTO, INSTALADO EM RAMAL E SUB-RAMAL – FORNECIMENTO E INSTALAÇÃO. AF_12/2015","M","33,63"]
[97345,"TUBO EM COBRE RÍGIDO, DN 22 MM, CLASSE A, SEM ISOLAMENTO, INSTALADO EM RAMAL E SUB-RAMAL – FORNECIMENTO E INSTALAÇÃO. AF_12/2015","M","53,31"]
[97346,"TUBO EM COBRE RÍGIDO, DN 28 MM, CLASSE A, SEM ISOLAMENTO, INSTALADO EM RAMAL E SUB-RAMAL – FORNECIMENTO E INSTALAÇÃO. AF_12/2015","M","68,13"]
[97347,"TUBO EM COBRE RÍGIDO, DN 22 MM, CLASSE I, SEM ISOLAMENTO, INSTALADO EM PRUMADA – FORNECIMENTO E INSTALAÇÃO. AF_12/2015","M","47,30"]
[97348,"TUBO EM COBRE RÍGIDO, DN 28 MM, CLASSE I, SEM ISOLAMENTO, INSTALADO EM PRUMADA – FORNECIMENTO E INSTALAÇÃO. AF_12/2015","M","65,27"]
[97349,"TUBO EM COBRE RÍGIDO, DN 35 MM, CLASSE I, SEM ISOLAMENTO, INSTALADO EM PRUMADA – FORNECIMENTO E INSTALAÇÃO. AF_12/2015","M","93,97"]
[97350,"TUBO EM COBRE RÍGIDO, DN 42 MM, CLASSE I, SEM ISOLAMENTO, INSTALADO EM PRUMADA – FORNECIMENTO E INSTALAÇÃO. AF_12/2015","M","114,04"]
[97351,"TUBO EM COBRE RÍGIDO, DN 54 MM, CLASSE I, SEM ISOLAMENTO, INSTALADO EM PRUMADA – FORNECIMENTO E INSTALAÇÃO. AF_12/2015","M","157,61"]
[97352,"TUBO EM COBRE RÍGIDO, DN 66 MM, CLASSE I, SEM ISOLAMENTO, INSTALADO EM PRUMADA – FORNECIMENTO E INSTALAÇÃO. AF_12/2015","M","204,16"]
[97353,"TUBO EM COBRE RÍGIDO, DN 15 MM, CLASSE I, SEM ISOLAMENTO, INSTALADO EM RAMAL DE DISTRIBUIÇÃO – FORNECIMENTO E INSTALAÇÃO. AF_12/2015","M","31,92"]
[97354,"TUBO EM COBRE RÍGIDO, DN 22 MM, CLASSE I, SEM ISOLAMENTO, INSTALADO EM RAMAL DE DISTRIBUIÇÃO– FORNECIMENTO E INSTALAÇÃO. AF_12/2015","M","50,23"]
[97355,"TUBO EM COBRE RÍGIDO, DN 28 MM, CLASSE I, SEM ISOLAMENTO, INSTALADO EM RAMAL DE DISTRIBUIÇÃO– FORNECIMENTO E INSTALAÇÃO. AF_12/2015","M","68,41"]
[97356,"TUBO EM COBRE RÍGIDO, DN 15 MM, CLASSE I, SEM ISOLAMENTO, INSTALADO EM RAMAL E SUB-RAMAL – FORNECIMENTO E INSTALAÇÃO. AF_12/2015","M","38,35"]
[97357,"TUBO EM COBRE RÍGIDO, DN 22 MM, CLASSE I, SEM ISOLAMENTO, INSTALADO EM RAMAL E SUB-RAMAL – FORNECIMENTO E INSTALAÇÃO. AF_12/2015","M","61,27"]
[97358,"TUBO EM COBRE RÍGIDO, DN 28 MM, CLASSE I, SEM ISOLAMENTO, INSTALADO EM RAMAL E SUB-RAMAL – FORNECIMENTO E INSTALAÇÃO. AF_12/2015","M","83,47"]
[97498,"TUBO DE AÇO GALVANIZADO COM COSTURA, CLASSE MÉDIA, DN 25 (1\"), CONEXÃO ROSQUEADA, INSTALADO EM REDE DE ALIMENTAÇÃO PARA HIDRANTE - FORNECIMENTO E INSTALAÇÃO. AF_12/2015","M","24,50"]
[97535,"TUBO DE AÇO GALVANIZADO COM COSTURA, CLASSE MÉDIA, CONEXÃO ROSQUEADA, DN 25 (1\"), INSTALADO EM REDE DE ALIMENTAÇÃO PARA SPRINKLER - FORNECIMENTO E INSTALAÇÃO. AF_12/2015","M","27,42"]
[97536,"TUBO DE AÇO GALVANIZADO COM COSTURA, CLASSE MÉDIA, CONEXÃO ROSQUEADA, DN 25 (1\"), INSTALADO EM RAMAIS  E SUB-RAMAIS DE GÁS - FORNECIMENTO E INSTALAÇÃO. AF_12/2015","M","34,16"]
[72293,"CAP PVC ESGOTO 50MM (TAMPÃO) - FORNECIMENTO E INSTALAÇÃO","UN","4,72"]
[72294,"CAP PVC ESGOTO 75MM (TAMPÃO) - FORNECIMENTO E INSTALAÇÃO","UN","7,19"]
[72295,"CAP PVC ESGOTO 100MM (TAMPÃO) - FORNECIMENTO E INSTALAÇÃO","UN","9,92"]
[72306,"COTOVELO DE AÇO GALVANIZADO 4\" - FORNECIMENTO E INSTALAÇÃO","UN","148,21"]
[72307,"COTOVELO DE AÇO GALVANIZADO 5\" - FORNECIMENTO E INSTALAÇÃO","UN","207,62"]
[72313,"COTOVELO DE AÇO GALVANIZADO 6\" - FORNECIMENTO E INSTALAÇÃO","UN","483,53"]
[72482,"UNIAO DE ACO GALVANIZADO 4\" - FORNECIMENTO E INSTALACAO","UN","207,77"]
[72619,"LUVA DE ACO GALVANIZADO 4\" - FORNECIMENTO E INSTALACAO","UN","86,87"]
[72620,"LUVA DE ACO GALVANIZADO 5\" - FORNECIMENTO E INSTALACAO","UN","151,37"]
[72621,"LUVA DE ACO GALVANIZADO 6\" - FORNECIMENTO E INSTALACAO","UN","242,88"]
[72667,"LUVA REDUCAO ACO GALVANIZADO 4X2.1/2\" - FORNECIMENTO E INSTALACAO","UN","119,57"]
[72668,"LUVA REDUCAO ACO GALVANIZADO 4X2\" - FORNECIMENTO E INSTALACAO","UN","118,94"]
[72669,"LUVA REDUCAO ACO GALVANIZADO 4X3\" - FORNECIMENTO E INSTALACAO","UN","122,64"]
[72681,"NIPLE DE ACO GALVANIZADO 4\" - FORNECIMENTO E INSTALACAO","UN","84,24"]
[72682,"NIPLE DE ACO GALVANIZADO 5\" - FORNECIMENTO E INSTALACAO","UN","169,23"]
[72683,"NIPLE DE ACO GALVANIZADO 6\" - FORNECIMENTO E INSTALACAO","UN","271,71"]
[72719,"TE DE ACO GALVANIZADO 4\" - FORNECIMENTO E INSTALACAO","UN","185,85"]
[72720,"TE DE ACO GALVANIZADO 5\" - FORNECIMENTO E INSTALACAO","UN","255,78"]
[72721,"TE DE ACO GALVANIZADO 6\" - FORNECIMENTO E INSTALACAO","UN","553,30"]
[89358,"JOELHO 90 GRAUS, PVC, SOLDÁVEL, DN 20MM, INSTALADO EM RAMAL OU SUB-RAMAL DE ÁGUA - FORNECIMENTO E INSTALAÇÃO. AF_12/2014","UN","4,80"]
[89359,"JOELHO 45 GRAUS, PVC, SOLDÁVEL, DN 20MM, INSTALADO EM RAMAL OU SUB-RAMAL DE ÁGUA - FORNECIMENTO E INSTALAÇÃO. AF_12/2014","UN","4,98"]
[89360,"CURVA 90 GRAUS, PVC, SOLDÁVEL, DN 20MM, INSTALADO EM RAMAL OU SUB-RAMAL DE ÁGUA - FORNECIMENTO E INSTALAÇÃO. AF_12/2014","UN","6,05"]
[89361,"CURVA 45 GRAUS, PVC, SOLDÁVEL, DN 20MM, INSTALADO EM RAMAL OU SUB-RAMAL DE ÁGUA - FORNECIMENTO E INSTALAÇÃO. AF_12/2014","UN","5,97"]
[89362,"JOELHO 90 GRAUS, PVC, SOLDÁVEL, DN 25MM, INSTALADO EM RAMAL OU SUB-RAMAL DE ÁGUA - FORNECIMENTO E INSTALAÇÃO. AF_12/2014","UN","5,74"]
[89363,"JOELHO 45 GRAUS, PVC, SOLDÁVEL, DN 25MM, INSTALADO EM RAMAL OU SUB-RAMAL DE ÁGUA - FORNECIMENTO E INSTALAÇÃO. AF_12/2014","UN","6,13"]
[89364,"CURVA 90 GRAUS, PVC, SOLDÁVEL, DN 25MM, INSTALADO EM RAMAL OU SUB-RAMAL DE ÁGUA - FORNECIMENTO E INSTALAÇÃO. AF_12/2014","UN","7,51"]
[89365,"CURVA 45 GRAUS, PVC, SOLDÁVEL, DN 25MM, INSTALADO EM RAMAL OU SUB-RAMAL DE ÁGUA - FORNECIMENTO E INSTALAÇÃO. AF_12/2014","UN","7,06"]
[89366,"JOELHO 90 GRAUS COM BUCHA DE LATÃO, PVC, SOLDÁVEL, DN 25MM, X 3/4” INSTALADO EM RAMAL OU SUB-RAMAL DE ÁGUA - FORNECIMENTO E INSTALAÇÃO. AF_12/2014","UN","9,79"]
[89367,"JOELHO 90 GRAUS, PVC, SOLDÁVEL, DN 32MM, INSTALADO EM RAMAL OU SUB-RAMAL DE ÁGUA - FORNECIMENTO E INSTALAÇÃO. AF_12/2014","UN","7,63"]
[89368,"JOELHO 45 GRAUS, PVC, SOLDÁVEL, DN 32MM, INSTALADO EM RAMAL OU SUB-RAMAL DE ÁGUA - FORNECIMENTO E INSTALAÇÃO. AF_12/2014","UN","8,71"]
[89369,"CURVA 90 GRAUS, PVC, SOLDÁVEL, DN 32MM, INSTALADO EM RAMAL OU SUB-RAMAL DE ÁGUA - FORNECIMENTO E INSTALAÇÃO. AF_12/2014","UN","10,94"]
[89370,"CURVA 45 GRAUS, PVC, SOLDÁVEL, DN 32MM, INSTALADO EM RAMAL OU SUB-RAMAL DE ÁGUA - FORNECIMENTO E INSTALAÇÃO. AF_12/2014","UN","9,29"]
[89371,"LUVA, PVC, SOLDÁVEL, DN 20MM, INSTALADO EM RAMAL OU SUB-RAMAL DE ÁGUA - FORNECIMENTO E INSTALAÇÃO. AF_12/2014","UN","3,73"]
[89372,"LUVA DE CORRER, PVC, SOLDÁVEL, DN 20MM, INSTALADO EM RAMAL OU SUB-RAMAL DE ÁGUA - FORNECIMENTO E INSTALAÇÃO. AF_12/2014","UN","9,94"]
[89373,"LUVA DE REDUÇÃO, PVC, SOLDÁVEL, DN 25MM X 20MM, INSTALADO EM RAMAL OU SUB-RAMAL DE ÁGUA - FORNECIMENTO E INSTALAÇÃO. AF_12/2014","UN","4,16"]
[89374,"LUVA COM BUCHA DE LATÃO, PVC, SOLDÁVEL, DN 20MM X 1/2”, INSTALADO EM RAMAL OU SUB-RAMAL DE ÁGUA - FORNECIMENTO E INSTALAÇÃO. AF_12/2014","UN","7,30"]
[89375,"UNIÃO, PVC, SOLDÁVEL, DN 20MM, INSTALADO EM RAMAL OU SUB-RAMAL DE ÁGUA - FORNECIMENTO E INSTALAÇÃO. AF_12/2014","UN","8,20"]
[89376,"ADAPTADOR CURTO COM BOLSA E ROSCA PARA REGISTRO, PVC, SOLDÁVEL, DN 20MM X 1/2”, INSTALADO EM RAMAL OU SUB-RAMAL DE ÁGUA - FORNECIMENTO E INSTALAÇÃO. AF_12/2014","UN","3,87"]
[89377,"CURVA DE TRANSPOSIÇÃO, PVC, SOLDÁVEL, DN 20MM, INSTALADO EM RAMAL OU SUB-RAMAL DE ÁGUA - FORNECIMENTO E INSTALAÇÃO. AF_12/2014","UN","5,40"]
[89378,"LUVA, PVC, SOLDÁVEL, DN 25MM, INSTALADO EM RAMAL OU SUB-RAMAL DE ÁGUA - FORNECIMENTO E INSTALAÇÃO. AF_12/2014","UN","4,37"]
[89379,"LUVA DE CORRER, PVC, SOLDÁVEL, DN 25MM, INSTALADO EM RAMAL OU SUB-RAMAL DE ÁGUA - FORNECIMENTO E INSTALAÇÃO. AF_12/2014","UN","13,30"]
[89380,"LUVA DE REDUÇÃO, PVC, SOLDÁVEL, DN 32MM X 25MM, INSTALADO EM RAMAL OU SUB-RAMAL DE ÁGUA - FORNECIMENTO E INSTALAÇÃO. AF_12/2014","UN","6,16"]
[89381,"LUVA COM BUCHA DE LATÃO, PVC, SOLDÁVEL, DN 25MM X 3/4”, INSTALADO EM RAMAL OU SUB-RAMAL DE ÁGUA - FORNECIMENTO E INSTALAÇÃO. AF_12/2014","UN","9,26"]
[89382,"UNIÃO, PVC, SOLDÁVEL, DN 25MM, INSTALADO EM RAMAL OU SUB-RAMAL DE ÁGUA - FORNECIMENTO E INSTALAÇÃO. AF_12/2014","UN","9,68"]
[89383,"ADAPTADOR CURTO COM BOLSA E ROSCA PARA REGISTRO, PVC, SOLDÁVEL, DN 25MM X 3/4”, INSTALADO EM RAMAL OU SUB-RAMAL DE ÁGUA - FORNECIMENTO E INSTALAÇÃO. AF_12/2014","UN","4,53"]
[89384,"CURVA DE TRANSPOSIÇÃO, PVC, SOLDÁVEL, DN 25MM, INSTALADO EM RAMAL OU SUB-RAMAL DE ÁGUA   FORNECIMENTO E INSTALAÇÃO. AF_12/2014","UN","7,39"]
[89385,"LUVA SOLDÁVEL E COM ROSCA, PVC, SOLDÁVEL, DN 25MM X 3/4”, INSTALADO EM RAMAL OU SUB-RAMAL DE ÁGUA - FORNECIMENTO E INSTALAÇÃO. AF_12/2014","UN","4,89"]
[89386,"LUVA, PVC, SOLDÁVEL, DN 32MM, INSTALADO EM RAMAL OU SUB-RAMAL DE ÁGUA - FORNECIMENTO E INSTALAÇÃO. AF_12/2014","UN","5,88"]
[89387,"LUVA DE CORRER, PVC, SOLDÁVEL, DN 32MM, INSTALADO EM RAMAL OU SUB-RAMAL DE ÁGUA   FORNECIMENTO E INSTALAÇÃO. AF_12/2014","UN","20,76"]
[89388,"LUVA DE REDUÇÃO, PVC, SOLDÁVEL, DN 40MM X 32MM, INSTALADO EM RAMAL OU SUB-RAMAL DE ÁGUA - FORNECIMENTO E INSTALAÇÃO. AF_12/2014","UN","7,52"]
[89389,"LUVA SOLDÁVEL E COM ROSCA, PVC, SOLDÁVEL, DN 32MM X 1”, INSTALADO EM RAMAL OU SUB-RAMAL DE ÁGUA - FORNECIMENTO E INSTALAÇÃO. AF_12/2014","UN","8,23"]
[89390,"UNIÃO, PVC, SOLDÁVEL, DN 32MM, INSTALADO EM RAMAL OU SUB-RAMAL DE ÁGUA - FORNECIMENTO E INSTALAÇÃO. AF_12/2014","UN","14,58"]
[89391,"ADAPTADOR CURTO COM BOLSA E ROSCA PARA REGISTRO, PVC, SOLDÁVEL, DN 32MM X 1”, INSTALADO EM RAMAL OU SUB-RAMAL DE ÁGUA - FORNECIMENTO E INSTALAÇÃO. AF_12/2014","UN","6,11"]
[89392,"CURVA DE TRANSPOSIÇÃO, PVC, SOLDÁVEL, DN 32MM, INSTALADO EM RAMAL OU SUB-RAMAL DE ÁGUA   FORNECIMENTO E INSTALAÇÃO. AF_12/2014","UN","14,00"]
[89393,"TE, PVC, SOLDÁVEL, DN 20MM, INSTALADO EM RAMAL OU SUB-RAMAL DE ÁGUA - FORNECIMENTO E INSTALAÇÃO. AF_12/2014","UN","6,66"]
[89394,"TÊ COM BUCHA DE LATÃO NA BOLSA CENTRAL, PVC, SOLDÁVEL, DN 20MM X 1/2”, INSTALADO EM RAMAL OU SUB-RAMAL DE ÁGUA - FORNECIMENTO E INSTALAÇÃO. AF_12/2014","UN","11,81"]
[89395,"TE, PVC, SOLDÁVEL, DN 25MM, INSTALADO EM RAMAL OU SUB-RAMAL DE ÁGUA - FORNECIMENTO E INSTALAÇÃO. AF_12/2014","UN","7,97"]
[89396,"TÊ COM BUCHA DE LATÃO NA BOLSA CENTRAL, PVC, SOLDÁVEL, DN 25MM X 1/2”, INSTALADO EM RAMAL OU SUB-RAMAL DE ÁGUA - FORNECIMENTO E INSTALAÇÃO. AF_12/2014","UN","13,43"]
[89397,"TÊ DE REDUÇÃO, PVC, SOLDÁVEL, DN 25MM X 20MM, INSTALADO EM RAMAL OU SUB-RAMAL DE ÁGUA - FORNECIMENTO E INSTALAÇÃO. AF_12/2014","UN","9,12"]
[89398,"TE, PVC, SOLDÁVEL, DN 32MM, INSTALADO EM RAMAL OU SUB-RAMAL DE ÁGUA - FORNECIMENTO E INSTALAÇÃO. AF_12/2014","UN","10,74"]
[89399,"TÊ COM BUCHA DE LATÃO NA BOLSA CENTRAL, PVC, SOLDÁVEL, DN 32MM X 3/4”, INSTALADO EM RAMAL OU SUB-RAMAL DE ÁGUA - FORNECIMENTO E INSTALAÇÃO. AF_12/2014","UN","19,48"]
[89400,"TÊ DE REDUÇÃO, PVC, SOLDÁVEL, DN 32MM X 25MM, INSTALADO EM RAMAL OU SUB-RAMAL DE ÁGUA - FORNECIMENTO E INSTALAÇÃO. AF_12/2014","UN","12,52"]
[89404,"JOELHO 90 GRAUS, PVC, SOLDÁVEL, DN 20MM, INSTALADO EM RAMAL DE DISTRIBUIÇÃO DE ÁGUA - FORNECIMENTO E INSTALAÇÃO. AF_12/2014","UN","3,19"]
[89405,"JOELHO 45 GRAUS, PVC, SOLDÁVEL, DN 20MM, INSTALADO EM RAMAL DE DISTRIBUIÇÃO DE ÁGUA - FORNECIMENTO E INSTALAÇÃO. AF_12/2014","UN","3,37"]
[89406,"CURVA 90 GRAUS, PVC, SOLDÁVEL, DN 20MM, INSTALADO EM RAMAL DE DISTRIBUIÇÃO DE ÁGUA - FORNECIMENTO E INSTALAÇÃO. AF_12/2014","UN","4,44"]
[89407,"CURVA 45 GRAUS, PVC, SOLDÁVEL, DN 20MM, INSTALADO EM RAMAL DE DISTRIBUIÇÃO DE ÁGUA - FORNECIMENTO E INSTALAÇÃO. AF_12/2014","UN","4,36"]
[89408,"JOELHO 90 GRAUS, PVC, SOLDÁVEL, DN 25MM, INSTALADO EM RAMAL DE DISTRIBUIÇÃO DE ÁGUA - FORNECIMENTO E INSTALAÇÃO. AF_12/2014","UN","3,90"]
[89409,"JOELHO 45 GRAUS, PVC, SOLDÁVEL, DN 25MM, INSTALADO EM RAMAL DE DISTRIBUIÇÃO DE ÁGUA - FORNECIMENTO E INSTALAÇÃO. AF_12/2014","UN","4,29"]
[89410,"CURVA 90 GRAUS, PVC, SOLDÁVEL, DN 25MM, INSTALADO EM RAMAL DE DISTRIBUIÇÃO DE ÁGUA - FORNECIMENTO E INSTALAÇÃO. AF_12/2014","UN","5,67"]
[89411,"CURVA 45 GRAUS, PVC, SOLDÁVEL, DN 25MM, INSTALADO EM RAMAL DE DISTRIBUIÇÃO DE ÁGUA - FORNECIMENTO E INSTALAÇÃO. AF_12/2014","UN","5,22"]
[89412,"JOELHO 90 GRAUS, PVC, SOLDÁVEL, DN 25MM, X 3/4” INSTALADO EM RAMAL DE DISTRIBUIÇÃO DE ÁGUA - FORNECIMENTO E INSTALAÇÃO. AF_12/2014","UN","5,33"]
[89413,"JOELHO 90 GRAUS, PVC, SOLDÁVEL, DN 32MM, INSTALADO EM RAMAL DE DISTRIBUIÇÃO DE ÁGUA - FORNECIMENTO E INSTALAÇÃO. AF_12/2014","UN","5,43"]
[89414,"JOELHO 45 GRAUS, PVC, SOLDÁVEL, DN 32MM, INSTALADO EM RAMAL DE DISTRIBUIÇÃO DE ÁGUA - FORNECIMENTO E INSTALAÇÃO. AF_12/2014","UN","6,51"]
[89415,"CURVA 90 GRAUS, PVC, SOLDÁVEL, DN 32MM, INSTALADO EM RAMAL DE DISTRIBUIÇÃO DE ÁGUA - FORNECIMENTO E INSTALAÇÃO. AF_12/2014","UN","8,74"]
[89416,"CURVA 45 GRAUS, PVC, SOLDÁVEL, DN 32MM, INSTALADO EM RAMAL DE DISTRIBUIÇÃO DE ÁGUA - FORNECIMENTO E INSTALAÇÃO. AF_12/2014","UN","7,09"]
[89417,"LUVA, PVC, SOLDÁVEL, DN 20MM, INSTALADO EM RAMAL DE DISTRIBUIÇÃO DE ÁGUA - FORNECIMENTO E INSTALAÇÃO. AF_12/2014","UN","2,68"]
[89418,"LUVA DE CORRER, PVC, SOLDÁVEL, DN 20MM, INSTALADO EM RAMAL DE DISTRIBUIÇÃO DE ÁGUA - FORNECIMENTO E INSTALAÇÃO. AF_12/2014","UN","8,89"]
[89419,"LUVA DE REDUÇÃO, PVC, SOLDÁVEL, DN 25MM X 20MM, INSTALADO EM RAMAL DE DISTRIBUIÇÃO DE ÁGUA - FORNECIMENTO E INSTALAÇÃO. AF_12/2014","UN","3,11"]
[89420,"LUVA COM BUCHA DE LATÃO, PVC, SOLDÁVEL, DN 20MM X 1/2”, INSTALADO EM RAMAL DE DISTRIBUIÇÃO DE ÁGUA - FORNECIMENTO E INSTALAÇÃO. AF_12/2014","UN","6,25"]
[89421,"UNIÃO, PVC, SOLDÁVEL, DN 20MM, INSTALADO EM RAMAL DE DISTRIBUIÇÃO DE ÁGUA - FORNECIMENTO E INSTALAÇÃO. AF_12/2014","UN","7,15"]
[89422,"ADAPTADOR CURTO COM BOLSA E ROSCA PARA REGISTRO, PVC, SOLDÁVEL, DN 20MM X 1/2”, INSTALADO EM RAMAL DE DISTRIBUIÇÃO DE ÁGUA - FORNECIMENTO E INSTALAÇÃO. AF_12/2014","UN","2,82"]
[89423,"CURVA DE TRANSPOSIÇÃO, PVC, SOLDÁVEL, DN 20MM, INSTALADO EM RAMAL DE DISTRIBUIÇÃO DE ÁGUA   FORNECIMENTO E INSTALAÇÃO. AF_12/2014","UN","4,70"]
[89424,"LUVA, PVC, SOLDÁVEL, DN 25MM, INSTALADO EM RAMAL DE DISTRIBUIÇÃO DE ÁGUA - FORNECIMENTO E INSTALAÇÃO. AF_12/2014","UN","3,14"]
[89425,"LUVA DE CORRER, PVC, SOLDÁVEL, DN 25MM, INSTALADO EM RAMAL DE DISTRIBUIÇÃO DE ÁGUA - FORNECIMENTO E INSTALAÇÃO. AF_12/2014","UN","12,07"]
[89426,"LUVA DE REDUÇÃO, PVC, SOLDÁVEL, DN 32MM X 25MM, INSTALADO EM RAMAL DE DISTRIBUIÇÃO DE ÁGUA - FORNECIMENTO E INSTALAÇÃO. AF_12/2014","UN","4,93"]
[89427,"LUVA COM BUCHA DE LATÃO, PVC, SOLDÁVEL, DN 25MM X 3/4”, INSTALADO EM RAMAL DE DISTRIBUIÇÃO DE ÁGUA - FORNECIMENTO E INSTALAÇÃO. AF_12/2014","UN","8,03"]
[89428,"UNIÃO, PVC, SOLDÁVEL, DN 25MM, INSTALADO EM RAMAL DE DISTRIBUIÇÃO DE ÁGUA - FORNECIMENTO E INSTALAÇÃO. AF_12/2014","UN","8,45"]
[89429,"ADAPTADOR CURTO COM BOLSA E ROSCA PARA REGISTRO, PVC, SOLDÁVEL, DN 25MM X 3/4”, INSTALADO EM RAMAL DE DISTRIBUIÇÃO DE ÁGUA - FORNECIMENTO E INSTALAÇÃO. AF_12/2014","UN","3,30"]
[89430,"CURVA DE TRANSPOSIÇÃO, PVC, SOLDÁVEL, DN 25MM, INSTALADO EM RAMAL DE DISTRIBUIÇÃO DE ÁGUA   FORNECIMENTO E INSTALAÇÃO. AF_12/2014","UN","6,16"]
[89431,"LUVA, PVC, SOLDÁVEL, DN 32MM, INSTALADO EM RAMAL DE DISTRIBUIÇÃO DE ÁGUA - FORNECIMENTO E INSTALAÇÃO. AF_12/2014","UN","4,40"]
[89432,"LUVA DE CORRER, PVC, SOLDÁVEL, DN 32MM, INSTALADO EM RAMAL DE DISTRIBUIÇÃO DE ÁGUA   FORNECIMENTO E INSTALAÇÃO. AF_12/2014","UN","19,28"]
[89433,"LUVA DE REDUÇÃO, PVC, SOLDÁVEL, DN 40MM X 32MM, INSTALADO EM RAMAL DE DISTRIBUIÇÃO DE ÁGUA - FORNECIMENTO E INSTALAÇÃO. AF_12/2014","UN","6,04"]
[89434,"LUVA SOLDÁVEL E COM ROSCA, PVC, SOLDÁVEL, DN 32MM X 1”, INSTALADO EM RAMAL DE DISTRIBUIÇÃO DE ÁGUA - FORNECIMENTO E INSTALAÇÃO. AF_12/2014","UN","6,75"]
[89435,"UNIÃO, PVC, SOLDÁVEL, DN 32MM, INSTALADO EM RAMAL DE DISTRIBUIÇÃO DE ÁGUA - FORNECIMENTO E INSTALAÇÃO. AF_12/2014","UN","13,10"]
[89436,"ADAPTADOR CURTO COM BOLSA E ROSCA PARA REGISTRO, PVC, SOLDÁVEL, DN 32MM X 1”, INSTALADO EM RAMAL DE DISTRIBUIÇÃO DE ÁGUA - FORNECIMENTO E INSTALAÇÃO. AF_12/2014","UN","4,63"]
[89437,"CURVA DE TRANSPOSIÇÃO, PVC, SOLDÁVEL, DN 32MM, INSTALADO EM RAMAL DE DISTRIBUIÇÃO DE ÁGUA   FORNECIMENTO E INSTALAÇÃO. AF_12/2014","UN","12,52"]
[89438,"TE, PVC, SOLDÁVEL, DN 20MM, INSTALADO EM RAMAL DE DISTRIBUIÇÃO DE ÁGUA - FORNECIMENTO E INSTALAÇÃO. AF_12/2014","UN","4,54"]
[89439,"TÊ SOLDÁVEL E COM ROSCA NA BOLSA CENTRAL, PVC, SOLDÁVEL, DN 20MM X 1/2”, INSTALADO EM RAMAL DE DISTRIBUIÇÃO DE ÁGUA - FORNECIMENTO E INSTALAÇÃO. AF_12/2014","UN","5,48"]
[89440,"TE, PVC, SOLDÁVEL, DN 25MM, INSTALADO EM RAMAL DE DISTRIBUIÇÃO DE ÁGUA - FORNECIMENTO E INSTALAÇÃO. AF_12/2014","UN","5,52"]
[89441,"TÊ COM BUCHA DE LATÃO NA BOLSA CENTRAL, PVC, SOLDÁVEL, DN 25MM X 1/2”, INSTALADO EM RAMAL DE DISTRIBUIÇÃO DE ÁGUA - FORNECIMENTO E INSTALAÇÃO. AF_12/2014","UN","10,98"]
[89442,"TÊ DE REDUÇÃO, PVC, SOLDÁVEL, DN 25MM X 20MM, INSTALADO EM RAMAL DE DISTRIBUIÇÃO DE ÁGUA - FORNECIMENTO E INSTALAÇÃO. AF_12/2014","UN","6,67"]
[89443,"TE, PVC, SOLDÁVEL, DN 32MM, INSTALADO EM RAMAL DE DISTRIBUIÇÃO DE ÁGUA - FORNECIMENTO E INSTALAÇÃO. AF_12/2014","UN","7,81"]
[89444,"TÊ COM BUCHA DE LATÃO NA BOLSA CENTRAL, PVC, SOLDÁVEL, DN 32MM X 3/4”, INSTALADO EM RAMAL DE DISTRIBUIÇÃO DE ÁGUA - FORNECIMENTO E INSTALAÇÃO. AF_12/2014","UN","16,55"]
[89445,"TÊ DE REDUÇÃO, PVC, SOLDÁVEL, DN 32MM X 25MM, INSTALADO EM RAMAL DE DISTRIBUIÇÃO DE ÁGUA - FORNECIMENTO E INSTALAÇÃO. AF_12/2014","UN","9,59"]
[89481,"JOELHO 90 GRAUS, PVC, SOLDÁVEL, DN 25MM, INSTALADO EM PRUMADA DE ÁGUA - FORNECIMENTO E INSTALAÇÃO. AF_12/2014","UN","2,97"]
[89485,"JOELHO 45 GRAUS, PVC, SOLDÁVEL, DN 25MM, INSTALADO EM PRUMADA DE ÁGUA - FORNECIMENTO E INSTALAÇÃO. AF_12/2014","UN","3,36"]
[89489,"CURVA 90 GRAUS, PVC, SOLDÁVEL, DN 25MM, INSTALADO EM PRUMADA DE ÁGUA - FORNECIMENTO E INSTALAÇÃO. AF_12/2014","UN","4,74"]
[89490,"CURVA 45 GRAUS, PVC, SOLDÁVEL, DN 25MM, INSTALADO EM PRUMADA DE ÁGUA - FORNECIMENTO E INSTALAÇÃO. AF_12/2014","UN","4,29"]
[89492,"JOELHO 90 GRAUS, PVC, SOLDÁVEL, DN 32MM, INSTALADO EM PRUMADA DE ÁGUA - FORNECIMENTO E INSTALAÇÃO. AF_12/2014","UN","4,37"]
[89493,"JOELHO 45 GRAUS, PVC, SOLDÁVEL, DN 32MM, INSTALADO EM PRUMADA DE ÁGUA - FORNECIMENTO E INSTALAÇÃO. AF_12/2014","UN","5,45"]
[89494,"CURVA 90 GRAUS, PVC, SOLDÁVEL, DN 32MM, INSTALADO EM PRUMADA DE ÁGUA - FORNECIMENTO E INSTALAÇÃO. AF_12/2014","UN","7,68"]
[89496,"CURVA 45 GRAUS, PVC, SOLDÁVEL, DN 32MM, INSTALADO EM PRUMADA DE ÁGUA - FORNECIMENTO E INSTALAÇÃO. AF_12/2014","UN","6,03"]
[89497,"JOELHO 90 GRAUS, PVC, SOLDÁVEL, DN 40MM, INSTALADO EM PRUMADA DE ÁGUA - FORNECIMENTO E INSTALAÇÃO. AF_12/2014","UN","6,98"]
[89498,"JOELHO 45 GRAUS, PVC, SOLDÁVEL, DN 40MM, INSTALADO EM PRUMADA DE ÁGUA - FORNECIMENTO E INSTALAÇÃO. AF_12/2014","UN","7,27"]
[89499,"CURVA 90 GRAUS, PVC, SOLDÁVEL, DN 40MM, INSTALADO EM PRUMADA DE ÁGUA - FORNECIMENTO E INSTALAÇÃO. AF_12/2014","UN","12,17"]
[89500,"CURVA 45 GRAUS, PVC, SOLDÁVEL, DN 40MM, INSTALADO EM PRUMADA DE ÁGUA - FORNECIMENTO E INSTALAÇÃO. AF_12/2014","UN","7,56"]
[89501,"JOELHO 90 GRAUS, PVC, SOLDÁVEL, DN 50MM, INSTALADO EM PRUMADA DE ÁGUA - FORNECIMENTO E INSTALAÇÃO. AF_12/2014","UN","8,54"]
[89502,"JOELHO 45 GRAUS, PVC, SOLDÁVEL, DN 50MM, INSTALADO EM PRUMADA DE ÁGUA - FORNECIMENTO E INSTALAÇÃO. AF_12/2014","UN","9,34"]
[89503,"CURVA 90 GRAUS, PVC, SOLDÁVEL, DN 50MM, INSTALADO EM PRUMADA DE ÁGUA - FORNECIMENTO E INSTALAÇÃO. AF_12/2014","UN","14,24"]
[89504,"CURVA 45 GRAUS, PVC, SOLDÁVEL, DN 50MM, INSTALADO EM PRUMADA DE ÁGUA - FORNECIMENTO E INSTALAÇÃO. AF_12/2014","UN","12,80"]
[89505,"JOELHO 90 GRAUS, PVC, SOLDÁVEL, DN 60MM, INSTALADO EM PRUMADA DE ÁGUA - FORNECIMENTO E INSTALAÇÃO. AF_12/2014","UN","22,30"]
[89506,"JOELHO 45 GRAUS, PVC, SOLDÁVEL, DN 60MM, INSTALADO EM PRUMADA DE ÁGUA - FORNECIMENTO E INSTALAÇÃO. AF_12/2014","UN","21,73"]
[89507,"CURVA 90 GRAUS, PVC, SOLDÁVEL, DN 60MM, INSTALADO EM PRUMADA DE ÁGUA - FORNECIMENTO E INSTALAÇÃO. AF_12/2014","UN","27,52"]
[89510,"CURVA 45 GRAUS, PVC, SOLDÁVEL, DN 60MM, INSTALADO EM PRUMADA DE ÁGUA - FORNECIMENTO E INSTALAÇÃO. AF_12/2014","UN","19,42"]
[89513,"JOELHO 90 GRAUS, PVC, SOLDÁVEL, DN 75MM, INSTALADO EM PRUMADA DE ÁGUA - FORNECIMENTO E INSTALAÇÃO. AF_12/2014","UN","59,64"]
[89514,"JOELHO 90 GRAUS, PVC, SERIE R, ÁGUA PLUVIAL, DN 40 MM, JUNTA SOLDÁVEL, FORNECIDO E INSTALADO EM RAMAL DE ENCAMINHAMENTO. AF_12/2014","UN","6,23"]
[89515,"JOELHO 45 GRAUS, PVC, SOLDÁVEL, DN 75MM, INSTALADO EM PRUMADA DE ÁGUA - FORNECIMENTO E INSTALAÇÃO. AF_12/2014","UN","46,33"]
[89516,"JOELHO 45 GRAUS, PVC, SERIE R, ÁGUA PLUVIAL, DN 40 MM, JUNTA SOLDÁVEL, FORNECIDO E INSTALADO EM RAMAL DE ENCAMINHAMENTO. AF_12/2014","UN","5,90"]
[89517,"CURVA 90 GRAUS, PVC, SOLDÁVEL, DN 75MM, INSTALADO EM PRUMADA DE ÁGUA - FORNECIMENTO E INSTALAÇÃO. AF_12/2014","UN","45,53"]
[89518,"JOELHO 90 GRAUS, PVC, SERIE R, ÁGUA PLUVIAL, DN 50 MM, JUNTA ELÁSTICA, FORNECIDO E INSTALADO EM RAMAL DE ENCAMINHAMENTO. AF_12/2014","UN","9,03"]
[89519,"CURVA 45 GRAUS, PVC, SOLDÁVEL, DN 75MM, INSTALADO EM PRUMADA DE ÁGUA - FORNECIMENTO E INSTALAÇÃO. AF_12/2014","UN","35,53"]
[89520,"JOELHO 45 GRAUS, PVC, SERIE R, ÁGUA PLUVIAL, DN 50 MM, JUNTA ELÁSTICA, FORNECIDO E INSTALADO EM RAMAL DE ENCAMINHAMENTO. AF_12/2014","UN","8,31"]
[89521,"JOELHO 90 GRAUS, PVC, SOLDÁVEL, DN 85MM, INSTALADO EM PRUMADA DE ÁGUA - FORNECIMENTO E INSTALAÇÃO. AF_12/2014","UN","67,35"]
[89522,"JOELHO 90 GRAUS, PVC, SERIE R, ÁGUA PLUVIAL, DN 75 MM, JUNTA ELÁSTICA, FORNECIDO E INSTALADO EM RAMAL DE ENCAMINHAMENTO. AF_12/2014","UN","18,95"]
[89523,"JOELHO 45 GRAUS, PVC, SOLDÁVEL, DN 85MM, INSTALADO EM PRUMADA DE ÁGUA - FORNECIMENTO E INSTALAÇÃO. AF_12/2014","UN","52,54"]
[89524,"JOELHO 45 GRAUS, PVC, SERIE R, ÁGUA PLUVIAL, DN 75 MM, JUNTA ELÁSTICA, FORNECIDO E INSTALADO EM RAMAL DE ENCAMINHAMENTO. AF_12/2014","UN","18,49"]
[89525,"CURVA 90 GRAUS, PVC, SOLDÁVEL, DN 85MM, INSTALADO EM PRUMADA DE ÁGUA - FORNECIMENTO E INSTALAÇÃO. AF_12/2014","UN","54,13"]
[89526,"CURVA 87 GRAUS E 30 MINUTOS, PVC, SERIE R, ÁGUA PLUVIAL, DN 75 MM, JUNTA ELÁSTICA, FORNECIDO E INSTALADO EM RAMAL DE ENCAMINHAMENTO. AF_12/2014","UN","22,50"]
[89527,"CURVA 45 GRAUS, PVC, SOLDÁVEL, DN 85MM, INSTALADO EM PRUMADA DE ÁGUA - FORNECIMENTO E INSTALAÇÃO. AF_12/2014","UN","41,96"]
[89528,"LUVA, PVC, SOLDÁVEL, DN 25MM, INSTALADO EM PRUMADA DE ÁGUA - FORNECIMENTO E INSTALAÇÃO. AF_12/2014","UN","2,50"]
[89529,"JOELHO 90 GRAUS, PVC, SERIE R, ÁGUA PLUVIAL, DN 100 MM, JUNTA ELÁSTICA, FORNECIDO E INSTALADO EM RAMAL DE ENCAMINHAMENTO. AF_12/2014","UN","29,40"]
[89530,"LUVA DE CORRER, PVC, SOLDÁVEL, DN 25MM, INSTALADO EM PRUMADA DE ÁGUA - FORNECIMENTO E INSTALAÇÃO. AF_12/2014","UN","11,43"]
[89531,"JOELHO 45 GRAUS, PVC, SERIE R, ÁGUA PLUVIAL, DN 100 MM, JUNTA ELÁSTICA, FORNECIDO E INSTALADO EM RAMAL DE ENCAMINHAMENTO. AF_12/2014","UN","25,03"]
[89532,"LUVA DE REDUÇÃO, PVC, SOLDÁVEL, DN 32MM X 25MM, INSTALADO EM PRUMADA DE ÁGUA - FORNECIMENTO E INSTALAÇÃO. AF_12/2014","UN","4,29"]
[89533,"JOELHO 45 GRAUS PARA PÉ DE COLUNA, PVC, SERIE R, ÁGUA PLUVIAL, DN 100 MM, JUNTA ELÁSTICA, FORNECIDO E INSTALADO EM RAMAL DE ENCAMINHAMENTO. AF_12/2014","UN","25,03"]
[89534,"LUVA SOLDÁVEL E COM ROSCA, PVC, SOLDÁVEL, DN 25MM X 3/4”, INSTALADO EM PRUMADA DE ÁGUA - FORNECIMENTO E INSTALAÇÃO. AF_12/2014","UN","3,02"]
[89535,"CURVA 87 GRAUS E 30 MINUTOS, PVC, SERIE R, ÁGUA PLUVIAL, DN 100 MM, JUNTA ELÁSTICA, FORNECIDO E INSTALADO EM RAMAL DE ENCAMINHAMENTO. AF_12/2014","UN","36,70"]
[89536,"UNIÃO, PVC, SOLDÁVEL, DN 25MM, INSTALADO EM PRUMADA DE ÁGUA - FORNECIMENTO E INSTALAÇÃO. AF_12/2014","UN","7,81"]
[89538,"ADAPTADOR CURTO COM BOLSA E ROSCA PARA REGISTRO, PVC, SOLDÁVEL, DN 25MM X 3/4”, INSTALADO EM PRUMADA DE ÁGUA - FORNECIMENTO E INSTALAÇÃO. AF_12/2014","UN","2,66"]
[89540,"CURVA DE TRANSPOSIÇÃO, PVC, SOLDÁVEL, DN 25MM, INSTALADO EM PRUMADA DE ÁGUA  - FORNECIMENTO E INSTALAÇÃO. AF_12/2014","UN","5,52"]
[89541,"LUVA, PVC, SOLDÁVEL, DN 32MM, INSTALADO EM PRUMADA DE ÁGUA - FORNECIMENTO E INSTALAÇÃO. AF_12/2014","UN","3,71"]
[89542,"LUVA DE CORRER, PVC, SOLDÁVEL, DN 32MM, INSTALADO EM PRUMADA DE ÁGUA - FORNECIMENTO E INSTALAÇÃO. AF_12/2014","UN","18,59"]
[89544,"LUVA SIMPLES, PVC, SERIE R, ÁGUA PLUVIAL, DN 40 MM, JUNTA SOLDÁVEL, FORNECIDO E INSTALADO EM RAMAL DE ENCAMINHAMENTO. AF_12/2014","UN","5,97"]
[89545,"LUVA SIMPLES, PVC, SERIE R, ÁGUA PLUVIAL, DN 50 MM, JUNTA ELÁSTICA, FORNECIDO E INSTALADO EM RAMAL DE ENCAMINHAMENTO. AF_12/2014","UN","8,46"]
[89546,"BUCHA DE REDUÇÃO LONGA, PVC, SERIE R, ÁGUA PLUVIAL, DN 50 X 40 MM, JUNTA ELÁSTICA, FORNECIDO E INSTALADO EM RAMAL DE ENCAMINHAMENTO. AF_12/2014","UN","6,46"]
[89547,"LUVA SIMPLES, PVC, SERIE R, ÁGUA PLUVIAL, DN 75 MM, JUNTA ELÁSTICA, FORNECIDO E INSTALADO EM RAMAL DE ENCAMINHAMENTO. AF_12/2014","UN","12,55"]
[89548,"LUVA DE CORRER, PVC, SERIE R, ÁGUA PLUVIAL, DN 75 MM, JUNTA ELÁSTICA, FORNECIDO E INSTALADO EM RAMAL DE ENCAMINHAMENTO. AF_12/2014","UN","14,00"]
[89549,"REDUÇÃO EXCÊNTRICA, PVC, SERIE R, ÁGUA PLUVIAL, DN 75 X 50 MM, JUNTA ELÁSTICA, FORNECIDO E INSTALADO EM RAMAL DE ENCAMINHAMENTO. AF_12/2014","UN","10,32"]
[89550,"TÊ DE INSPEÇÃO, PVC, SERIE R, ÁGUA PLUVIAL, DN 75 MM, JUNTA ELÁSTICA, FORNECIDO E INSTALADO EM RAMAL DE ENCAMINHAMENTO. AF_12/2014","UN","29,10"]
[89551,"LUVA SOLDÁVEL E COM ROSCA, PVC, SOLDÁVEL, DN 32MM X 1”, INSTALADO EM PRUMADA DE ÁGUA - FORNECIMENTO E INSTALAÇÃO. AF_12/2014","UN","6,06"]
[89552,"UNIÃO, PVC, SOLDÁVEL, DN 32MM, INSTALADO EM PRUMADA DE ÁGUA - FORNECIMENTO E INSTALAÇÃO. AF_12/2014","UN","12,41"]
[89553,"ADAPTADOR CURTO COM BOLSA E ROSCA PARA REGISTRO, PVC, SOLDÁVEL, DN 32MM X 1”, INSTALADO EM PRUMADA DE ÁGUA - FORNECIMENTO E INSTALAÇÃO. AF_12/2014","UN","3,94"]
[89554,"LUVA SIMPLES, PVC, SERIE R, ÁGUA PLUVIAL, DN 100 MM, JUNTA ELÁSTICA, FORNECIDO E INSTALADO EM RAMAL DE ENCAMINHAMENTO. AF_12/2014","UN","15,47"]
[89555,"CURVA DE TRANSPOSIÇÃO, PVC, SOLDÁVEL, DN 32MM, INSTALADO EM PRUMADA DE ÁGUA   FORNECIMENTO E INSTALAÇÃO. AF_12/2014","UN","11,83"]
[89556,"LUVA DE CORRER, PVC, SERIE R, ÁGUA PLUVIAL, DN 100 MM, JUNTA ELÁSTICA, FORNECIDO E INSTALADO EM RAMAL DE ENCAMINHAMENTO. AF_12/2014","UN","22,51"]
[89557,"REDUÇÃO EXCÊNTRICA, PVC, SERIE R, ÁGUA PLUVIAL, DN 100 X 75 MM, JUNTA ELÁSTICA, FORNECIDO E INSTALADO EM RAMAL DE ENCAMINHAMENTO. AF_12/2014","UN","17,96"]
[89558,"LUVA, PVC, SOLDÁVEL, DN 40MM, INSTALADO EM PRUMADA DE ÁGUA - FORNECIMENTO E INSTALAÇÃO. AF_12/2014","UN","5,93"]
[89559,"TÊ DE INSPEÇÃO, PVC, SERIE R, ÁGUA PLUVIAL, DN 100 MM, JUNTA ELÁSTICA, FORNECIDO E INSTALADO EM RAMAL DE ENCAMINHAMENTO. AF_12/2014","UN","39,06"]
[89561,"JUNÇÃO SIMPLES, PVC, SERIE R, ÁGUA PLUVIAL, DN 40 MM, JUNTA SOLDÁVEL, FORNECIDO E INSTALADO EM RAMAL DE ENCAMINHAMENTO. AF_12/2014","UN","10,57"]
[89562,"LUVA DE REDUÇÃO, PVC, SOLDÁVEL, DN 40MM X 32MM, INSTALADO EM PRUMADA DE ÁGUA - FORNECIMENTO E INSTALAÇÃO. AF_12/2014","UN","5,91"]
[89563,"JUNÇÃO SIMPLES, PVC, SERIE R, ÁGUA PLUVIAL, DN 50 MM, JUNTA ELÁSTICA, FORNECIDO E INSTALADO EM RAMAL DE ENCAMINHAMENTO. AF_12/2014","UN","15,74"]
[89564,"LUVA COM ROSCA, PVC, SOLDÁVEL, DN 40MM X 1.1/4”, INSTALADO EM PRUMADA DE ÁGUA - FORNECIMENTO E INSTALAÇÃO. AF_12/2014","UN","10,88"]
[89565,"JUNÇÃO SIMPLES, PVC, SERIE R, ÁGUA PLUVIAL, DN 75 X 75 MM, JUNTA ELÁSTICA, FORNECIDO E INSTALADO EM RAMAL DE ENCAMINHAMENTO. AF_12/2014","UN","34,91"]
[89566,"TÊ, PVC, SERIE R, ÁGUA PLUVIAL, DN 75 MM, JUNTA ELÁSTICA, FORNECIDO E INSTALADO EM RAMAL DE ENCAMINHAMENTO. AF_12/2014","UN","29,13"]
[89567,"JUNÇÃO SIMPLES, PVC, SERIE R, ÁGUA PLUVIAL, DN 100 X 100 MM, JUNTA ELÁSTICA, FORNECIDO E INSTALADO EM RAMAL DE ENCAMINHAMENTO. AF_12/2014","UN","52,32"]
[89568,"UNIÃO, PVC, SOLDÁVEL, DN 40MM, INSTALADO EM PRUMADA DE ÁGUA - FORNECIMENTO E INSTALAÇÃO. AF_12/2014","UN","22,57"]
[89569,"JUNÇÃO SIMPLES, PVC, SERIE R, ÁGUA PLUVIAL, DN 100 X 75 MM, JUNTA ELÁSTICA, FORNECIDO E INSTALADO EM RAMAL DE ENCAMINHAMENTO. AF_12/2014","UN","50,59"]
[89570,"ADAPTADOR CURTO COM BOLSA E ROSCA PARA REGISTRO, PVC, SOLDÁVEL, DN 40MM X 1.1/2”, INSTALADO EM PRUMADA DE ÁGUA - FORNECIMENTO E INSTALAÇÃO. AF_12/2014","UN","6,66"]
[89571,"TÊ, PVC, SERIE R, ÁGUA PLUVIAL, DN 100 X 100 MM, JUNTA ELÁSTICA, FORNECIDO E INSTALADO EM RAMAL DE ENCAMINHAMENTO. AF_12/2014","UN","46,50"]
[89572,"ADAPTADOR CURTO COM BOLSA E ROSCA PARA REGISTRO, PVC, SOLDÁVEL, DN 40MM X 1.1/4”, INSTALADO EM PRUMADA DE ÁGUA - FORNECIMENTO E INSTALAÇÃO. AF_12/2014","UN","5,77"]
[89573,"TÊ, PVC, SERIE R, ÁGUA PLUVIAL, DN 100 X 75 MM, JUNTA ELÁSTICA, FORNECIDO E INSTALADO EM RAMAL DE ENCAMINHAMENTO. AF_12/2014","UN","36,69"]
[89574,"JUNÇÃO DUPLA, PVC, SERIE R, ÁGUA PLUVIAL, DN 100 X 100 X 100 MM, JUNTA ELÁSTICA, FORNECIDO E INSTALADO EM RAMAL DE ENCAMINHAMENTO. AF_12/2014","UN","67,31"]
[89575,"LUVA, PVC, SOLDÁVEL, DN 50MM, INSTALADO EM PRUMADA DE ÁGUA - FORNECIMENTO E INSTALAÇÃO. AF_12/2014","UN","7,48"]
[89577,"LUVA DE CORRER, PVC, SOLDÁVEL, DN 50MM, INSTALADO EM PRUMADA DE ÁGUA - FORNECIMENTO E INSTALAÇÃO. AF_12/2014","UN","25,77"]
[89579,"LUVA DE REDUÇÃO, PVC, SOLDÁVEL, DN 50MM X 25MM, INSTALADO EM PRUMADA DE ÁGUA   FORNECIMENTO E INSTALAÇÃO. AF_12/2014","UN","7,37"]
[89581,"JOELHO 90 GRAUS, PVC, SERIE R, ÁGUA PLUVIAL, DN 75 MM, JUNTA ELÁSTICA, FORNECIDO E INSTALADO EM CONDUTORES VERTICAIS DE ÁGUAS PLUVIAIS. AF_12/2014","UN","17,75"]
[89582,"JOELHO 45 GRAUS, PVC, SERIE R, ÁGUA PLUVIAL, DN 75 MM, JUNTA ELÁSTICA, FORNECIDO E INSTALADO EM CONDUTORES VERTICAIS DE ÁGUAS PLUVIAIS. AF_12/2014","UN","17,29"]
[89583,"CURVA 87 GRAUS E 30 MINUTOS, PVC, SERIE R, ÁGUA PLUVIAL, DN 75 MM, JUNTA ELÁSTICA, FORNECIDO E INSTALADO EM CONDUTORES VERTICAIS DE ÁGUAS PLUVIAIS. AF_12/2014","UN","21,30"]
[89584,"JOELHO 90 GRAUS, PVC, SERIE R, ÁGUA PLUVIAL, DN 100 MM, JUNTA ELÁSTICA, FORNECIDO E INSTALADO EM CONDUTORES VERTICAIS DE ÁGUAS PLUVIAIS. AF_12/2014","UN","28,20"]
[89585,"JOELHO 45 GRAUS, PVC, SERIE R, ÁGUA PLUVIAL, DN 100 MM, JUNTA ELÁSTICA, FORNECIDO E INSTALADO EM CONDUTORES VERTICAIS DE ÁGUAS PLUVIAIS. AF_12/2014","UN","23,83"]
[89586,"JOELHO 45 GRAUS PARA PÉ DE COLUNA, PVC, SERIE R, ÁGUA PLUVIAL, DN 100 MM, JUNTA ELÁSTICA, FORNECIDO E INSTALADO EM CONDUTORES VERTICAIS DE ÁGUAS PLUVIAIS. AF_12/2014","UN","23,83"]
[89587,"CURVA 87 GRAUS E 30 MINUTOS, PVC, SERIE R, ÁGUA PLUVIAL, DN 100 MM, JUNTA ELÁSTICA, FORNECIDO E INSTALADO EM CONDUTORES VERTICAIS DE ÁGUAS PLUVIAIS. AF_12/2014","UN","35,50"]
[89590,"JOELHO 90 GRAUS, PVC, SERIE R, ÁGUA PLUVIAL, DN 150 MM, JUNTA ELÁSTICA, FORNECIDO E INSTALADO EM CONDUTORES VERTICAIS DE ÁGUAS PLUVIAIS. AF_12/2014","UN","88,29"]
[89591,"JOELHO 45 GRAUS, PVC, SERIE R, ÁGUA PLUVIAL, DN 150 MM, JUNTA ELÁSTICA, FORNECIDO E INSTALADO EM CONDUTORES VERTICAIS DE ÁGUAS PLUVIAIS. AF_12/2014","UN","72,01"]
[89592,"CURVA 87 GRAUS E 30 MINUTOS, PVC, SERIE R, ÁGUA PLUVIAL, DN 150 MM, JUNTA ELÁSTICA, FORNECIDO E INSTALADO EM CONDUTORES VERTICAIS DE ÁGUAS PLUVIAIS. AF_12/2014","UN","228,58"]
[89593,"LUVA COM ROSCA, PVC, SOLDÁVEL, DN 50MM X 1.1/2”, INSTALADO EM PRUMADA DE ÁGUA - FORNECIMENTO E INSTALAÇÃO. AF_12/2014","UN","17,99"]
[89594,"UNIÃO, PVC, SOLDÁVEL, DN 50MM, INSTALADO EM PRUMADA DE ÁGUA - FORNECIMENTO E INSTALAÇÃO. AF_12/2014","UN","27,06"]
[89595,"ADAPTADOR CURTO COM BOLSA E ROSCA PARA REGISTRO, PVC, SOLDÁVEL, DN 50MM X 1.1/4”, INSTALADO EM PRUMADA DE ÁGUA - FORNECIMENTO E INSTALAÇÃO. AF_12/2014","UN","10,44"]
[89596,"ADAPTADOR CURTO COM BOLSA E ROSCA PARA REGISTRO, PVC, SOLDÁVEL, DN 50MM X 1.1/2”, INSTALADO EM PRUMADA DE ÁGUA - FORNECIMENTO E INSTALAÇÃO. AF_12/2014","UN","7,46"]
[89597,"LUVA, PVC, SOLDÁVEL, DN 60MM, INSTALADO EM PRUMADA DE ÁGUA - FORNECIMENTO E INSTALAÇÃO. AF_12/2014","UN","14,61"]
[89598,"LUVA DE CORRER, PVC, SOLDÁVEL, DN 60MM, INSTALADO EM PRUMADA DE ÁGUA   FORNECIMENTO E INSTALAÇÃO. AF_12/2014","UN","34,03"]
[89599,"LUVA SIMPLES, PVC, SERIE R, ÁGUA PLUVIAL, DN 75 MM, JUNTA ELÁSTICA, FORNECIDO E INSTALADO EM CONDUTORES VERTICAIS DE ÁGUAS PLUVIAIS. AF_12/2014","UN","11,65"]
[89600,"LUVA DE CORRER, PVC, SERIE R, ÁGUA PLUVIAL, DN 75 MM, JUNTA ELÁSTICA, FORNECIDO E INSTALADO EM CONDUTORES VERTICAIS DE ÁGUAS PLUVIAIS. AF_12/2014","UN","13,10"]
[89605,"LUVA DE REDUÇÃO, PVC, SOLDÁVEL, DN 60MM X 50MM, INSTALADO EM PRUMADA DE ÁGUA - FORNECIMENTO E INSTALAÇÃO. AF_12/2014","UN","13,12"]
[89609,"UNIÃO, PVC, SOLDÁVEL, DN 60MM, INSTALADO EM PRUMADA DE ÁGUA - FORNECIMENTO E INSTALAÇÃO. AF_12/2014","UN","58,42"]
[89610,"ADAPTADOR CURTO COM BOLSA E ROSCA PARA REGISTRO, PVC, SOLDÁVEL, DN 60MM X 2”, INSTALADO EM PRUMADA DE ÁGUA - FORNECIMENTO E INSTALAÇÃO. AF_12/2014","UN","13,90"]
[89611,"LUVA, PVC, SOLDÁVEL, DN 75MM, INSTALADO EM PRUMADA DE ÁGUA - FORNECIMENTO E INSTALAÇÃO. AF_12/2014","UN","21,65"]
[89612,"UNIÃO, PVC, SOLDÁVEL, DN 75MM, INSTALADO EM PRUMADA DE ÁGUA - FORNECIMENTO E INSTALAÇÃO. AF_12/2014","UN","118,32"]
[89613,"ADAPTADOR CURTO COM BOLSA E ROSCA PARA REGISTRO, PVC, SOLDÁVEL, DN 75MM X 2.1/2”, INSTALADO EM PRUMADA DE ÁGUA - FORNECIMENTO E INSTALAÇÃO. AF_12/2014","UN","22,63"]
[89614,"LUVA, PVC, SOLDÁVEL, DN 85MM, INSTALADO EM PRUMADA DE ÁGUA - FORNECIMENTO E INSTALAÇÃO. AF_12/2014","UN","41,17"]
[89615,"UNIÃO, PVC, SOLDÁVEL, DN 85MM, INSTALADO EM PRUMADA DE ÁGUA - FORNECIMENTO E INSTALAÇÃO. AF_12/2014","UN","173,20"]
[89616,"ADAPTADOR CURTO COM BOLSA E ROSCA PARA REGISTRO, PVC, SOLDÁVEL, DN 85MM X 3”, INSTALADO EM PRUMADA DE ÁGUA - FORNECIMENTO E INSTALAÇÃO. AF_12/2014","UN","31,45"]
[89617,"TE, PVC, SOLDÁVEL, DN 25MM, INSTALADO EM PRUMADA DE ÁGUA - FORNECIMENTO E INSTALAÇÃO. AF_12/2014","UN","4,26"]
[89618,"TÊ COM BUCHA DE LATÃO NA BOLSA CENTRAL, PVC, SOLDÁVEL, DN 25MM X 1/2”, INSTALADO EM PRUMADA DE ÁGUA - FORNECIMENTO E INSTALAÇÃO. AF_12/2014","UN","9,72"]
[89619,"TÊ DE REDUÇÃO, PVC, SOLDÁVEL, DN 25MM X 20MM, INSTALADO EM PRUMADA DE ÁGUA - FORNECIMENTO E INSTALAÇÃO. AF_12/2014","UN","5,41"]
[89620,"TE, PVC, SOLDÁVEL, DN 32MM, INSTALADO EM PRUMADA DE ÁGUA - FORNECIMENTO E INSTALAÇÃO. AF_12/2014","UN","6,42"]
[89621,"TÊ COM BUCHA DE LATÃO NA BOLSA CENTRAL, PVC, SOLDÁVEL, DN 32MM X 3/4”, INSTALADO EM PRUMADA DE ÁGUA - FORNECIMENTO E INSTALAÇÃO. AF_12/2014","UN","15,16"]
[89622,"TÊ DE REDUÇÃO, PVC, SOLDÁVEL, DN 32MM X 25MM, INSTALADO EM PRUMADA DE ÁGUA - FORNECIMENTO E INSTALAÇÃO. AF_12/2014","UN","8,20"]
[89623,"TE, PVC, SOLDÁVEL, DN 40MM, INSTALADO EM PRUMADA DE ÁGUA - FORNECIMENTO E INSTALAÇÃO. AF_12/2014","UN","10,69"]
[89624,"TÊ DE REDUÇÃO, PVC, SOLDÁVEL, DN 40MM X 32MM, INSTALADO EM PRUMADA DE ÁGUA - FORNECIMENTO E INSTALAÇÃO. AF_12/2014","UN","10,60"]
[89625,"TE, PVC, SOLDÁVEL, DN 50MM, INSTALADO EM PRUMADA DE ÁGUA - FORNECIMENTO E INSTALAÇÃO. AF_12/2014","UN","13,03"]
[89626,"TÊ DE REDUÇÃO, PVC, SOLDÁVEL, DN 50MM X 40MM, INSTALADO EM PRUMADA DE ÁGUA - FORNECIMENTO E INSTALAÇÃO. AF_12/2014","UN","16,10"]
[89627,"TÊ DE REDUÇÃO, PVC, SOLDÁVEL, DN 50MM X 25MM, INSTALADO EM PRUMADA DE ÁGUA - FORNECIMENTO E INSTALAÇÃO. AF_12/2014","UN","12,83"]
[89628,"TE, PVC, SOLDÁVEL, DN 60MM, INSTALADO EM PRUMADA DE ÁGUA - FORNECIMENTO E INSTALAÇÃO. AF_12/2014","UN","26,07"]
[89629,"TE, PVC, SOLDÁVEL, DN 75MM, INSTALADO EM PRUMADA DE ÁGUA - FORNECIMENTO E INSTALAÇÃO. AF_12/2014","UN","45,74"]
[89630,"TE DE REDUÇÃO, PVC, SOLDÁVEL, DN 75MM X 50MM, INSTALADO EM PRUMADA DE ÁGUA - FORNECIMENTO E INSTALAÇÃO. AF_12/2014","UN","39,62"]
[89631,"TE, PVC, SOLDÁVEL, DN 85MM, INSTALADO EM PRUMADA DE ÁGUA - FORNECIMENTO E INSTALAÇÃO. AF_12/2014","UN","66,50"]
[89632,"TE DE REDUÇÃO, PVC, SOLDÁVEL, DN 85MM X 60MM, INSTALADO EM PRUMADA DE ÁGUA - FORNECIMENTO E INSTALAÇÃO. AF_12/2014","UN","57,40"]
[89637,"JOELHO 90 GRAUS, CPVC, SOLDÁVEL, DN 15MM, INSTALADO EM RAMAL OU SUB-RAMAL DE ÁGUA - FORNECIMENTO E INSTALAÇÃO. AF_12/2014","UN","5,74"]
[89638,"JOELHO 45 GRAUS, CPVC, SOLDÁVEL, DN 15MM, INSTALADO EM RAMAL OU SUB-RAMAL DE ÁGUA - FORNECIMENTO E INSTALAÇÃO. AF_12/2014","UN","6,31"]
[89639,"CURVA 90 GRAUS, CPVC, SOLDÁVEL, DN 15MM, INSTALADO EM RAMAL OU SUB-RAMAL DE ÁGUA - FORNECIMENTO E INSTALAÇÃO. AF_12/2014","UN","6,53"]
[89641,"JOELHO 90 GRAUS, CPVC, SOLDÁVEL, DN 22MM, INSTALADO EM RAMAL OU SUB-RAMAL DE ÁGUA - FORNECIMENTO E INSTALAÇÃO. AF_12/2014","UN","8,01"]
[89642,"JOELHO 45 GRAUS, CPVC, SOLDÁVEL, DN 22MM, INSTALADO EM RAMAL OU SUB-RAMAL DE ÁGUA - FORNECIMENTO E INSTALAÇÃO. AF_12/2014","UN","9,10"]
[89643,"CURVA 90 GRAUS, CPVC, SOLDÁVEL, DN 22MM, INSTALADO EM RAMAL OU SUB-RAMAL DE ÁGUA - FORNECIMENTO E INSTALAÇÃO. AF_12/2014","UN","9,46"]
[89645,"JOELHO DE TRANSIÇÃO, 90 GRAUS, CPVC, SOLDÁVEL, DN 22MM X 3/4\", INSTALADO EM RAMAL OU SUB-RAMAL DE ÁGUA - FORNECIMENTO E INSTALAÇÃO. AF_12/2014","UN","16,01"]
[89646,"JOELHO 90 GRAUS, CPVC, SOLDÁVEL, DN 28MM, INSTALADO EM RAMAL OU SUB-RAMAL DE ÁGUA - FORNECIMENTO E INSTALAÇÃO. AF_12/2014","UN","12,18"]
[89647,"JOELHO 45 GRAUS, CPVC, SOLDÁVEL, DN 28MM, INSTALADO EM RAMAL OU SUB-RAMAL DE ÁGUA – FORNECIMENTO E INSTALAÇÃO. AF_12/2014","UN","11,92"]
[89648,"CURVA 90 GRAUS, CPVC, SOLDÁVEL, DN 28MM, INSTALADO EM RAMAL OU SUB-RAMAL DE ÁGUA – FORNECIMENTO E INSTALAÇÃO. AF_12/2014","UN","13,10"]
[89649,"JOELHO 90 GRAUS, CPVC, SOLDÁVEL, DN 35MM, INSTALADO EM RAMAL OU SUB-RAMAL DE ÁGUA – FORNECIMENTO E INSTALAÇÃO. AF_12/2014","UN","17,70"]
[89650,"JOELHO 45 GRAUS, CPVC, SOLDÁVEL, DN 35MM, INSTALADO EM RAMAL OU SUB-RAMAL DE ÁGUA – FORNECIMENTO E INSTALAÇÃO. AF_12/2014","UN","17,70"]
[89651,"LUVA, CPVC, SOLDÁVEL, DN 15MM, INSTALADO EM RAMAL OU SUB-RAMAL DE ÁGUA - FORNECIMENTO E INSTALAÇÃO. AF_12/2014","UN","3,93"]
[89652,"LUVA DE CORRER, CPVC, SOLDÁVEL, DN 15MM, INSTALADO EM RAMAL OU SUB-RAMAL DE ÁGUA – FORNECIMENTO E INSTALAÇÃO. AF_12/2014","UN","6,44"]
[89653,"LUVA DE TRANSIÇÃO, CPVC, SOLDÁVEL, DN15MM X 1/2\", INSTALADO EM RAMAL OU SUB-RAMAL DE ÁGUA - FORNECIMENTO E INSTALAÇÃO. AF_12/2014","UN","10,29"]
[89654,"UNIÃO, CPVC, SOLDÁVEL, DN15MM, INSTALADO EM RAMAL OU SUB-RAMAL DE ÁGUA – FORNECIMENTO E INSTALAÇÃO. AF_12/2014","UN","10,04"]
[89655,"CONECTOR, CPVC, SOLDÁVEL, DN 15MM X 1/2”, INSTALADO EM RAMAL OU SUB-RAMAL DE ÁGUA – FORNECIMENTO E INSTALAÇÃO. AF_12/2014","UN","14,75"]
[89656,"ADAPTADOR, CPVC, SOLDÁVEL, DN15MM, INSTALADO EM RAMAL OU SUB-RAMAL DE ÁGUA – FORNECIMENTO E INSTALAÇÃO. AF_12/2014","UN","6,83"]
[89657,"CURVA DE TRANSPOSIÇÃO, CPVC, SOLDÁVEL, DN15MM, INSTALADO EM RAMAL OU SUB-RAMAL DE ÁGUA – FORNECIMENTO E INSTALAÇÃO. AF_12/2014","UN","6,96"]
[89658,"LUVA, CPVC, SOLDÁVEL, DN 22MM, INSTALADO EM RAMAL OU SUB-RAMAL DE ÁGUA – FORNECIMENTO E INSTALAÇÃO. AF_12/2014","UN","5,37"]
[89659,"LUVA DE CORRER, CPVC, SOLDÁVEL, DN 22MM, INSTALADO EM RAMAL OU SUB-RAMAL DE ÁGUA – FORNECIMENTO E INSTALAÇÃO. AF_12/2014","UN","9,21"]
[89660,"LUVA DE TRANSIÇÃO, CPVC, SOLDÁVEL, DN22MM X 25MM, INSTALADO EM RAMAL OU SUB-RAMAL DE ÁGUA - FORNECIMENTO E INSTALAÇÃO. AF_12/2014","UN","5,04"]
[89661,"UNIÃO, CPVC, SOLDÁVEL, DN22MM, INSTALADO EM RAMAL OU SUB-RAMAL DE ÁGUA – FORNECIMENTO E INSTALAÇÃO. AF_12/2014","UN","12,12"]
[89662,"CONECTOR, CPVC, SOLDÁVEL, DN 22MM X 1/2”, INSTALADO EM RAMAL OU SUB-RAMAL DE ÁGUA – FORNECIMENTO E INSTALAÇÃO. AF_12/2014","UN","18,37"]
[89663,"ADAPTADOR, CPVC, SOLDÁVEL, DN22MM, INSTALADO EM RAMAL OU SUB-RAMAL DE ÁGUA – FORNECIMENTO E INSTALAÇÃO. AF_12/2014","UN","7,91"]
[89664,"CURVA DE TRANSPOSIÇÃO, CPVC, SOLDÁVEL, DN22MM, INSTALADO EM RAMAL OU SUB-RAMAL DE ÁGUA – FORNECIMENTO E INSTALAÇÃO. AF_12/2014","UN","9,21"]
[89665,"REDUÇÃO EXCÊNTRICA, PVC, SERIE R, ÁGUA PLUVIAL, DN 75 X 50 MM, JUNTA ELÁSTICA, FORNECIDO E INSTALADO EM CONDUTORES VERTICAIS DE ÁGUAS PLUVIAIS. AF_12/2014","UN","9,42"]
[89666,"BUCHA DE REDUÇÃO, CPVC, SOLDÁVEL, DN22MM X 15MM, INSTALADO EM RAMAL OU SUB-RAMAL DE ÁGUA – FORNECIMENTO E INSTALAÇÃO. AF_12/2014","UN","4,47"]
[89667,"TÊ DE INSPEÇÃO, PVC, SERIE R, ÁGUA PLUVIAL, DN 75 MM, JUNTA ELÁSTICA, FORNECIDO E INSTALADO EM CONDUTORES VERTICAIS DE ÁGUAS PLUVIAIS. AF_12/2014","UN","28,20"]
[89668,"CONECTOR, CPVC, SOLDÁVEL, DN22MM X 3/4\", INSTALADO EM RAMAL OU SUB-RAMAL DE ÁGUA - FORNECIMENTO E INSTALAÇÃO. AF_12/2014","UN","17,45"]
[89669,"LUVA SIMPLES, PVC, SERIE R, ÁGUA PLUVIAL, DN 100 MM, JUNTA ELÁSTICA, FORNECIDO E INSTALADO EM CONDUTORES VERTICAIS DE ÁGUAS PLUVIAIS. AF_12/2014","UN","14,72"]
[89670,"LUVA, CPVC, SOLDÁVEL, DN 28MM, INSTALADO EM RAMAL OU SUB-RAMAL DE ÁGUA – FORNECIMENTO E INSTALAÇÃO. AF_12/2014","UN","7,82"]
[89671,"LUVA DE CORRER, PVC, SERIE R, ÁGUA PLUVIAL, DN 100 MM, JUNTA ELÁSTICA, FORNECIDO E INSTALADO EM CONDUTORES VERTICAIS DE ÁGUAS PLUVIAIS. AF_12/2014","UN","21,76"]
[89672,"LUVA DE CORRER, CPVC, SOLDÁVEL, DN 28MM, INSTALADO EM RAMAL OU SUB-RAMAL DE ÁGUA – FORNECIMENTO E INSTALAÇÃO. AF_12/2014","UN","12,21"]
[89673,"REDUÇÃO EXCÊNTRICA, PVC, SERIE R, ÁGUA PLUVIAL, DN 100 X 75 MM, JUNTA ELÁSTICA, FORNECIDO E INSTALADO EM CONDUTORES VERTICAIS DE ÁGUAS PLUVIAIS. AF_12/2014","UN","17,21"]
[89674,"UNIÃO, CPVC, SOLDÁVEL, DN28MM, INSTALADO EM RAMAL OU SUB-RAMAL DE ÁGUA – FORNECIMENTO E INSTALAÇÃO. AF_12/2014","UN","17,81"]
[89675,"TÊ DE INSPEÇÃO, PVC, SERIE R, ÁGUA PLUVIAL, DN 100 MM, JUNTA ELÁSTICA, FORNECIDO E INSTALADO EM CONDUTORES VERTICAIS DE ÁGUAS PLUVIAIS. AF_12/2014","UN","38,31"]
[89676,"CONECTOR, CPVC, SOLDÁVEL, DN 28MM X 1”, INSTALADO EM RAMAL OU SUB-RAMAL DE ÁGUA – FORNECIMENTO E INSTALAÇÃO. AF_12/2014","UN","26,94"]
[89677,"LUVA SIMPLES, PVC, SERIE R, ÁGUA PLUVIAL, DN 150 MM, JUNTA ELÁSTICA, FORNECIDO E INSTALADO EM CONDUTORES VERTICAIS DE ÁGUAS PLUVIAIS. AF_12/2014","UN","43,83"]
[89678,"BUCHA DE REDUÇÃO, CPVC, SOLDÁVEL, DN28MM X 22MM, INSTALADO EM RAMAL OU SUB-RAMAL DE ÁGUA – FORNECIMENTO E INSTALAÇÃO. AF_12/2014","UN","5,87"]
[89679,"LUVA DE CORRER, PVC, SERIE R, ÁGUA PLUVIAL, DN 150 MM, JUNTA ELÁSTICA, FORNECIDO E INSTALADO EM CONDUTORES VERTICAIS DE ÁGUAS PLUVIAIS. AF_12/2014","UN","71,86"]
[89680,"LUVA, CPVC, SOLDÁVEL, DN 35MM, INSTALADO EM RAMAL OU SUB-RAMAL DE ÁGUA – FORNECIMENTO E INSTALAÇÃO. AF_12/2014","UN","12,04"]
[89681,"REDUÇÃO EXCÊNTRICA, PVC, SERIE R, ÁGUA PLUVIAL, DN 150 X 100 MM, JUNTA ELÁSTICA, FORNECIDO E INSTALADO EM CONDUTORES VERTICAIS DE ÁGUAS PLUVIAIS. AF_12/2014","UN","48,72"]
[89682,"LUVA DE CORRER, CPVC, SOLDÁVEL, DN 35MM, INSTALADO EM RAMAL OU SUB-RAMAL DE ÁGUA – FORNECIMENTO E INSTALAÇÃO. AF_12/2014","UN","18,61"]
[89684,"UNIÃO, CPVC, SOLDÁVEL, DN35MM, INSTALADO EM RAMAL OU SUB-RAMAL DE ÁGUA – FORNECIMENTO E INSTALAÇÃO. AF_12/2014","UN","25,65"]
[89685,"JUNÇÃO SIMPLES, PVC, SERIE R, ÁGUA PLUVIAL, DN 75 X 75 MM, JUNTA ELÁSTICA, FORNECIDO E INSTALADO EM CONDUTORES VERTICAIS DE ÁGUAS PLUVIAIS. AF_12/2014","UN","33,24"]
[89686,"CONECTOR, CPVC, SOLDÁVEL, DN 35MM X 1 1/4”, INSTALADO EM RAMAL OU SUB-RAMAL DE ÁGUA – FORNECIMENTO E INSTALAÇÃO. AF_12/2014","UN","95,29"]
[89687,"TÊ, PVC, SERIE R, ÁGUA PLUVIAL, DN 75 X 75 MM, JUNTA ELÁSTICA, FORNECIDO E INSTALADO EM CONDUTORES VERTICAIS DE ÁGUAS PLUVIAIS. AF_12/2014","UN","27,46"]
[89689,"BUCHA DE REDUÇÃO, CPVC, SOLDÁVEL, DN35MM X 28MM, INSTALADO EM RAMAL OU SUB-RAMAL DE ÁGUA – FORNECIMENTO E INSTALAÇÃO. AF_12/2014","UN","20,02"]
[89690,"JUNÇÃO SIMPLES, PVC, SERIE R, ÁGUA PLUVIAL, DN 100 X 100 MM, JUNTA ELÁSTICA, FORNECIDO E INSTALADO EM CONDUTORES VERTICAIS DE ÁGUAS PLUVIAIS. AF_12/2014","UN","50,66"]
[89691,"TE, CPVC, SOLDÁVEL, DN 15MM, INSTALADO EM RAMAL OU SUB-RAMAL DE ÁGUA - FORNECIMENTO E INSTALAÇÃO. AF_12/2014","UN","7,42"]
[89692,"JUNÇÃO SIMPLES, PVC, SERIE R, ÁGUA PLUVIAL, DN 100 X 75 MM, JUNTA ELÁSTICA, FORNECIDO E INSTALADO EM CONDUTORES VERTICAIS DE ÁGUAS PLUVIAIS. AF_12/2014","UN","48,93"]
[89693,"TÊ, PVC, SERIE R, ÁGUA PLUVIAL, DN 100 X 100 MM, JUNTA ELÁSTICA, FORNECIDO E INSTALADO EM CONDUTORES VERTICAIS DE ÁGUAS PLUVIAIS. AF_12/2014","UN","44,84"]
[89694,"TE DE TRANSIÇÃO, CPVC, SOLDÁVEL, DN 15MM X 1/2”, INSTALADO EM RAMAL OU SUB-RAMAL DE ÁGUA – FORNECIMENTO E INSTALAÇÃO. AF_12/2014","UN","11,72"]
[89695,"TÊ MISTURADOR, CPVC, SOLDÁVEL, DN15MM, INSTALADO EM RAMAL OU SUB-RAMAL DE ÁGUA – FORNECIMENTO E INSTALAÇÃO. AF_12/2014","UN","10,91"]
[89696,"TÊ, PVC, SERIE R, ÁGUA PLUVIAL, DN 100 X 75 MM, JUNTA ELÁSTICA, FORNECIDO E INSTALADO EM CONDUTORES VERTICAIS DE ÁGUAS PLUVIAIS. AF_12/2014","UN","35,03"]
[89697,"TE, CPVC, SOLDÁVEL, DN 22MM, INSTALADO EM RAMAL OU SUB-RAMAL DE ÁGUA - FORNECIMENTO E INSTALAÇÃO. AF_12/2014","UN","8,93"]
[89698,"JUNÇÃO SIMPLES, PVC, SERIE R, ÁGUA PLUVIAL, DN 150 X 150 MM, JUNTA ELÁSTICA, FORNECIDO E INSTALADO EM CONDUTORES VERTICAIS DE ÁGUAS PLUVIAIS. AF_12/2014","UN","141,88"]
[89699,"JUNÇÃO SIMPLES, PVC, SERIE R, ÁGUA PLUVIAL, DN 150 X 100 MM, JUNTA ELÁSTICA, FORNECIDO E INSTALADO EM CONDUTORES VERTICAIS DE ÁGUAS PLUVIAIS. AF_12/2014","UN","114,74"]
[89700,"TE DE TRANSIÇÃO, CPVC, SOLDÁVEL, DN 22MM X 1/2”, INSTALADO EM RAMAL OU SUB-RAMAL DE ÁGUA – FORNECIMENTO E INSTALAÇÃO. AF_12/2014","UN","12,61"]
[89701,"TÊ, PVC, SERIE R, ÁGUA PLUVIAL, DN 150 X 150 MM, JUNTA ELÁSTICA, FORNECIDO E INSTALADO EM CONDUTORES VERTICAIS DE ÁGUAS PLUVIAIS. AF_12/2014","UN","101,99"]
[89702,"TÊ MISTURADOR, CPVC, SOLDÁVEL, DN22MM, INSTALADO EM RAMAL OU SUB-RAMAL DE ÁGUA – FORNECIMENTO E INSTALAÇÃO. AF_12/2014","UN","12,61"]
[89703,"TE MISTURADOR DE TRANSIÇÃO, CPVC, SOLDÁVEL, DN 22MM X 3/4\", INSTALADO EM RAMAL OU SUB-RAMAL DE ÁGUA - FORNECIMENTO E INSTALAÇÃO. AF_12/2014","UN","27,55"]
[89704,"TÊ, PVC, SERIE R, ÁGUA PLUVIAL, DN 150 X 100 MM, JUNTA ELÁSTICA, FORNECIDO E INSTALADO EM CONDUTORES VERTICAIS DE ÁGUAS PLUVIAIS. AF_12/2014","UN","80,28"]
[89705,"TÊ, CPVC, SOLDÁVEL, DN28MM, INSTALADO EM RAMAL OU SUB-RAMAL DE ÁGUA   FORNECIMENTO E INSTALAÇÃO. AF_12/2014","UN","14,65"]
[89706,"TÊ, CPVC, SOLDÁVEL, DN35MM, INSTALADO EM RAMAL OU SUB-RAMAL DE ÁGUA – FORNECIMENTO E INSTALAÇÃO. AF_12/2014","UN","30,93"]
[89718,"TUBO, CPVC, SOLDÁVEL, DN 35MM, INSTALADO EM RAMAL DE DISTRIBUIÇÃO DE ÁGUA   FORNECIMENTO E INSTALAÇÃO. AF_12/2014","M","30,84"]
[89719,"JOELHO 90 GRAUS, CPVC, SOLDÁVEL, DN 22MM, INSTALADO EM RAMAL DE DISTRIBUIÇÃO DE ÁGUA   FORNECIMENTO E INSTALAÇÃO. AF_12/2014","UN","6,32"]
[89720,"JOELHO 45 GRAUS, CPVC, SOLDÁVEL, DN 22MM, INSTALADO EM RAMAL DE DISTRIBUIÇÃO DE ÁGUA   FORNECIMENTO E INSTALAÇÃO. AF_12/2014","UN","7,41"]
[89721,"CURVA 90 GRAUS, CPVC, SOLDÁVEL, DN 22MM, INSTALADO EM RAMAL DE DISTRIBUIÇÃO DE ÁGUA - FORNECIMENTO E INSTALAÇÃO. AF_12/2014","UN","7,77"]
[89723,"JOELHO 90 GRAUS, CPVC, SOLDÁVEL, DN 28MM, INSTALADO EM RAMAL DE DISTRIBUIÇÃO DE ÁGUA   FORNECIMENTO E INSTALAÇÃO. AF_12/2014","UN","10,22"]
[89724,"JOELHO 90 GRAUS, PVC, SERIE NORMAL, ESGOTO PREDIAL, DN 40 MM, JUNTA SOLDÁVEL, FORNECIDO E INSTALADO EM RAMAL DE DESCARGA OU RAMAL DE ESGOTO SANITÁRIO. AF_12/2014","UN","5,11"]
[89725,"JOELHO 45 GRAUS, CPVC, SOLDÁVEL, DN 28MM, INSTALADO EM RAMAL DE DISTRIBUIÇÃO DE ÁGUA   FORNECIMENTO E INSTALAÇÃO. AF_12/2014","UN","9,96"]
[89726,"JOELHO 45 GRAUS, PVC, SERIE NORMAL, ESGOTO PREDIAL, DN 40 MM, JUNTA SOLDÁVEL, FORNECIDO E INSTALADO EM RAMAL DE DESCARGA OU RAMAL DE ESGOTO SANITÁRIO. AF_12/2014","UN","5,75"]
[89727,"CURVA 90 GRAUS, CPVC, SOLDÁVEL, DN 28MM, INSTALADO EM RAMAL DE DISTRIBUIÇÃO DE ÁGUA   FORNECIMENTO E INSTALAÇÃO. AF_12/2014","UN","11,14"]
[89728,"CURVA CURTA 90 GRAUS, PVC, SERIE NORMAL, ESGOTO PREDIAL, DN 40 MM, JUNTA SOLDÁVEL, FORNECIDO E INSTALADO EM RAMAL DE DESCARGA OU RAMAL DE ESGOTO SANITÁRIO. AF_12/2014","UN","7,31"]
[89729,"JOELHO 90 GRAUS, CPVC, SOLDÁVEL, DN 35MM, INSTALADO EM RAMAL DE DISTRIBUIÇÃO DE ÁGUA   FORNECIMENTO E INSTALAÇÃO. AF_12/2014","UN","15,38"]
[89730,"CURVA LONGA 90 GRAUS, PVC, SERIE NORMAL, ESGOTO PREDIAL, DN 40 MM, JUNTA SOLDÁVEL, FORNECIDO E INSTALADO EM RAMAL DE DESCARGA OU RAMAL DE ESGOTO SANITÁRIO. AF_12/2014","UN","7,41"]
[89731,"JOELHO 90 GRAUS, PVC, SERIE NORMAL, ESGOTO PREDIAL, DN 50 MM, JUNTA ELÁSTICA, FORNECIDO E INSTALADO EM RAMAL DE DESCARGA OU RAMAL DE ESGOTO SANITÁRIO. AF_12/2014","UN","6,97"]
[89732,"JOELHO 45 GRAUS, PVC, SERIE NORMAL, ESGOTO PREDIAL, DN 50 MM, JUNTA ELÁSTICA, FORNECIDO E INSTALADO EM RAMAL DE DESCARGA OU RAMAL DE ESGOTO SANITÁRIO. AF_12/2014","UN","7,43"]
[89733,"CURVA CURTA 90 GRAUS, PVC, SERIE NORMAL, ESGOTO PREDIAL, DN 50 MM, JUNTA ELÁSTICA, FORNECIDO E INSTALADO EM RAMAL DE DESCARGA OU RAMAL DE ESGOTO SANITÁRIO. AF_12/2014","UN","12,70"]
[89734,"JOELHO 45 GRAUS, CPVC, SOLDÁVEL, DN 35MM, INSTALADO EM RAMAL DE DISTRIBUIÇÃO DE ÁGUA   FORNECIMENTO E INSTALAÇÃO. AF_12/2014","UN","15,38"]
[89735,"CURVA LONGA 90 GRAUS, PVC, SERIE NORMAL, ESGOTO PREDIAL, DN 50 MM, JUNTA ELÁSTICA, FORNECIDO E INSTALADO EM RAMAL DE DESCARGA OU RAMAL DE ESGOTO SANITÁRIO. AF_12/2014","UN","12,59"]
[89736,"LUVA, CPVC, SOLDÁVEL, DN 22MM, INSTALADO EM RAMAL DE DISTRIBUIÇÃO DE ÁGUA   FORNECIMENTO E INSTALAÇÃO. AF_12/2014","UN","4,26"]
[89737,"JOELHO 90 GRAUS, PVC, SERIE NORMAL, ESGOTO PREDIAL, DN 75 MM, JUNTA ELÁSTICA, FORNECIDO E INSTALADO EM RAMAL DE DESCARGA OU RAMAL DE ESGOTO SANITÁRIO. AF_12/2014","UN","11,82"]
[89738,"LUVA DE CORRER, CPVC, SOLDÁVEL, DN 22MM, INSTALADO EM RAMAL DE DISTRIBUIÇÃO DE ÁGUA   FORNECIMENTO E INSTALAÇÃO. AF_12/2014","UN","8,10"]
[89739,"JOELHO 45 GRAUS, PVC, SERIE NORMAL, ESGOTO PREDIAL, DN 75 MM, JUNTA ELÁSTICA, FORNECIDO E INSTALADO EM RAMAL DE DESCARGA OU RAMAL DE ESGOTO SANITÁRIO. AF_12/2014","UN","12,50"]
[89740,"LUVA DE TRANSIÇÃO, CPVC, SOLDÁVEL, DN 22MM X 25MM, INSTALADO EM RAMAL DE DISTRIBUIÇÃO DE ÁGUA   FORNECIMENTO E INSTALAÇÃO. AF_12/2014","UN","3,93"]
[89741,"UNIÃO, CPVC, SOLDÁVEL, DN 22MM, INSTALADO EM RAMAL DE DISTRIBUIÇÃO DE ÁGUA   FORNECIMENTO E INSTALAÇÃO. AF_12/2014","UN","11,01"]
[89742,"CURVA CURTA 90 GRAUS, PVC, SERIE NORMAL, ESGOTO PREDIAL, DN 75 MM, JUNTA ELÁSTICA, FORNECIDO E INSTALADO EM RAMAL DE DESCARGA OU RAMAL DE ESGOTO SANITÁRIO. AF_12/2014","UN","22,58"]
[89743,"CURVA LONGA 90 GRAUS, PVC, SERIE NORMAL, ESGOTO PREDIAL, DN 75 MM, JUNTA ELÁSTICA, FORNECIDO E INSTALADO EM RAMAL DE DESCARGA OU RAMAL DE ESGOTO SANITÁRIO. AF_12/2014","UN","30,28"]
[89744,"JOELHO 90 GRAUS, PVC, SERIE NORMAL, ESGOTO PREDIAL, DN 100 MM, JUNTA ELÁSTICA, FORNECIDO E INSTALADO EM RAMAL DE DESCARGA OU RAMAL DE ESGOTO SANITÁRIO. AF_12/2014","UN","15,57"]
[89745,"CONECTOR, CPVC, SOLDÁVEL, DN 22MM X 1/2 , INSTALADO EM RAMAL DE DISTRIBUIÇÃO DE ÁGUA   FORNECIMENTO E INSTALAÇÃO. AF_12/2014","UN","17,26"]
[89746,"JOELHO 45 GRAUS, PVC, SERIE NORMAL, ESGOTO PREDIAL, DN 100 MM, JUNTA ELÁSTICA, FORNECIDO E INSTALADO EM RAMAL DE DESCARGA OU RAMAL DE ESGOTO SANITÁRIO. AF_12/2014","UN","15,63"]
[89747,"ADAPTADOR, CPVC, SOLDÁVEL, DN 22MM, INSTALADO EM RAMAL DE DISTRIBUIÇÃO DE ÁGUA   FORNECIMENTO E INSTALAÇÃO. AF_12/2014","UN","6,80"]
[89748,"CURVA CURTA 90 GRAUS, PVC, SERIE NORMAL, ESGOTO PREDIAL, DN 100 MM, JUNTA ELÁSTICA, FORNECIDO E INSTALADO EM RAMAL DE DESCARGA OU RAMAL DE ESGOTO SANITÁRIO. AF_12/2014","UN","25,99"]
[89749,"CURVA DE TRANSPOSIÇÃO, CPVC, SOLDÁVEL, DN 22MM, INSTALADO EM RAMAL DE DISTRIBUIÇÃO DE ÁGUA   FORNECIMENTO E INSTALAÇÃO. AF_12/2014","UN","8,10"]
[89750,"CURVA LONGA 90 GRAUS, PVC, SERIE NORMAL, ESGOTO PREDIAL, DN 100 MM, JUNTA ELÁSTICA, FORNECIDO E INSTALADO EM RAMAL DE DESCARGA OU RAMAL DE ESGOTO SANITÁRIO. AF_12/2014","UN","46,20"]
[89751,"BUCHA DE REDUÇÃO, CPVC, SOLDÁVEL, DN 22MM X 15MM, INSTALADO EM RAMAL DE DISTRIBUIÇÃO DE ÁGUA   FORNECIMENTO E INSTALAÇÃO. AF_12/2014","UN","3,36"]
[89752,"LUVA SIMPLES, PVC, SERIE NORMAL, ESGOTO PREDIAL, DN 40 MM, JUNTA SOLDÁVEL, FORNECIDO E INSTALADO EM RAMAL DE DESCARGA OU RAMAL DE ESGOTO SANITÁRIO. AF_12/2014","UN","4,21"]
[89753,"LUVA SIMPLES, PVC, SERIE NORMAL, ESGOTO PREDIAL, DN 50 MM, JUNTA ELÁSTICA, FORNECIDO E INSTALADO EM RAMAL DE DESCARGA OU RAMAL DE ESGOTO SANITÁRIO. AF_12/2014","UN","6,28"]
[89754,"LUVA DE CORRER, PVC, SERIE NORMAL, ESGOTO PREDIAL, DN 50 MM, JUNTA ELÁSTICA, FORNECIDO E INSTALADO EM RAMAL DE DESCARGA OU RAMAL DE ESGOTO SANITÁRIO. AF_12/2014","UN","11,33"]
[89755,"LUVA, CPVC, SOLDÁVEL, DN 28MM, INSTALADO EM RAMAL DE DISTRIBUIÇÃO DE ÁGUA   FORNECIMENTO E INSTALAÇÃO. AF_12/2014","UN","6,52"]
[89756,"LUVA DE CORRER, CPVC, SOLDÁVEL, DN 28MM, INSTALADO EM RAMAL DE DISTRIBUIÇÃO DE ÁGUA   FORNECIMENTO E INSTALAÇÃO. AF_12/2014","UN","10,91"]
[89757,"UNIÃO, CPVC, SOLDÁVEL, DN 28MM, INSTALADO EM RAMAL DE DISTRIBUIÇÃO DE ÁGUA   FORNECIMENTO E INSTALAÇÃO. AF_12/2014","UN","16,51"]
[89758,"CONECTOR, CPVC, SOLDÁVEL, DN 28MM X 1 , INSTALADO EM RAMAL DE DISTRIBUIÇÃO DE ÁGUA   FORNECIMENTO E INSTALAÇÃO. AF_12/2014","UN","25,64"]
[89759,"BUCHA DE REDUÇÃO, CPVC, SOLDÁVEL, DN 28MM X 22MM, INSTALADO EM RAMAL DE DISTRIBUIÇÃO DE ÁGUA - FORNECIMENTO E INSTALAÇÃO. AF_12/2014","UN","4,57"]
[89760,"LUVA, CPVC, SOLDÁVEL, DN 35MM, INSTALADO EM RAMAL DE DISTRIBUIÇÃO DE ÁGUA - FORNECIMENTO E INSTALAÇÃO. AF_12/2014","UN","10,50"]
[89761,"LUVA DE CORRER, CPVC, SOLDÁVEL, DN 35MM, INSTALADO EM RAMAL DE DISTRIBUIÇÃO DE ÁGUA - FORNECIMENTO E INSTALAÇÃO. AF_12/2014","UN","17,07"]
[89762,"UNIÃO, CPVC, SOLDÁVEL, DN35MM, INSTALADO EM RAMAL DE DISTRIBUIÇÃO DE ÁGUA - FORNECIMENTO E INSTALAÇÃO. AF_12/2014","UN","24,11"]
[89763,"CONECTOR, CPVC, SOLDÁVEL, DN 35MM X 1 1/4 , INSTALADO EM RAMAL DE DISTRIBUIÇÃO DE ÁGUA - FORNECIMENTO E INSTALAÇÃO. AF_12/2014","UN","93,75"]
[89764,"BUCHA DE REDUÇÃO, CPVC, SOLDÁVEL, DN35MM X 28MM, INSTALADO EM RAMAL DE DISTRIBUIÇÃO DE ÁGUA - FORNECIMENTO E INSTALAÇÃO. AF_12/2014","UN","18,48"]
[89765,"TE, CPVC, SOLDÁVEL, DN 22MM, INSTALADO EM RAMAL DE DISTRIBUIÇÃO DE ÁGUA - FORNECIMENTO E INSTALAÇÃO. AF_12/2014","UN","8,16"]
[89766,"TE DE TRANSIÇÃO, CPVC, SOLDÁVEL, DN 22MM X 1/2 , INSTALADO EM RAMAL DE DISTRIBUIÇÃO DE ÁGUA   FORNECIMENTO E INSTALAÇÃO. AF_12/2014","UN","11,84"]
[89767,"TÊ MISTURADOR, CPVC, SOLDÁVEL, DN 22MM, INSTALADO EM RAMAL DE DISTRIBUIÇÃO DE ÁGUA - FORNECIMENTO E INSTALAÇÃO. AF_12/2014","UN","11,84"]
[89768,"TÊ, CPVC, SOLDÁVEL, DN 28MM, INSTALADO EM RAMAL DE DISTRIBUIÇÃO DE ÁGUA - FORNECIMENTO E INSTALAÇÃO. AF_12/2014","UN","12,03"]
[89769,"TÊ, CPVC, SOLDÁVEL, DN35MM, INSTALADO EM RAMAL DE DISTRIBUIÇÃO DE ÁGUA - FORNECIMENTO E INSTALAÇÃO. AF_12/2014","UN","27,81"]
[89772,"TUBO, CPVC, SOLDÁVEL, DN 54MM, INSTALADO EM PRUMADA DE ÁGUA – FORNECIMENTO E INSTALAÇÃO. AF_12/2014","M","56,30"]
[89774,"LUVA SIMPLES, PVC, SERIE NORMAL, ESGOTO PREDIAL, DN 75 MM, JUNTA ELÁSTICA, FORNECIDO E INSTALADO EM RAMAL DE DESCARGA OU RAMAL DE ESGOTO SANITÁRIO. AF_12/2014","UN","10,48"]
[89776,"LUVA DE CORRER, PVC, SERIE NORMAL, ESGOTO PREDIAL, DN 75 MM, JUNTA ELÁSTICA, FORNECIDO E INSTALADO EM RAMAL DE DESCARGA OU RAMAL DE ESGOTO SANITÁRIO. AF_12/2014","UN","14,03"]
[89777,"JOELHO 90 GRAUS, CPVC, SOLDÁVEL, DN 35MM, INSTALADO EM PRUMADA DE ÁGUA – FORNECIMENTO E INSTALAÇÃO. AF_12/2014","UN","14,33"]
[89778,"LUVA SIMPLES, PVC, SERIE NORMAL, ESGOTO PREDIAL, DN 100 MM, JUNTA ELÁSTICA, FORNECIDO E INSTALADO EM RAMAL DE DESCARGA OU RAMAL DE ESGOTO SANITÁRIO. AF_12/2014","UN","13,10"]
[89779,"LUVA DE CORRER, PVC, SERIE NORMAL, ESGOTO PREDIAL, DN 100 MM, JUNTA ELÁSTICA, FORNECIDO E INSTALADO EM RAMAL DE DESCARGA OU RAMAL DE ESGOTO SANITÁRIO. AF_12/2014","UN","20,20"]
[89780,"JOELHO 45 GRAUS, CPVC, SOLDÁVEL, DN 35MM, INSTALADO EM PRUMADA DE ÁGUA - FORNECIMENTO E INSTALAÇÃO. AF_12/2014","UN","14,33"]
[89781,"JOELHO 90 GRAUS, CPVC, SOLDÁVEL, DN 42MM, INSTALADO EM PRUMADA DE ÁGUA – FORNECIMENTO E INSTALAÇÃO. AF_12/2014","UN","21,26"]
[89782,"TE, PVC, SERIE NORMAL, ESGOTO PREDIAL, DN 40 X 40 MM, JUNTA SOLDÁVEL, FORNECIDO E INSTALADO EM RAMAL DE DESCARGA OU RAMAL DE ESGOTO SANITÁRIO. AF_12/2014","UN","7,38"]
[89783,"JUNÇÃO SIMPLES, PVC, SERIE NORMAL, ESGOTO PREDIAL, DN 40 MM, JUNTA SOLDÁVEL, FORNECIDO E INSTALADO EM RAMAL DE DESCARGA OU RAMAL DE ESGOTO SANITÁRIO. AF_12/2014","UN","7,71"]
[89784,"TE, PVC, SERIE NORMAL, ESGOTO PREDIAL, DN 50 X 50 MM, JUNTA ELÁSTICA, FORNECIDO E INSTALADO EM RAMAL DE DESCARGA OU RAMAL DE ESGOTO SANITÁRIO. AF_12/2014","UN","12,50"]
[89785,"JUNÇÃO SIMPLES, PVC, SERIE NORMAL, ESGOTO PREDIAL, DN 50 X 50 MM, JUNTA ELÁSTICA, FORNECIDO E INSTALADO EM RAMAL DE DESCARGA OU RAMAL DE ESGOTO SANITÁRIO. AF_12/2014","UN","13,22"]
[89786,"TE, PVC, SERIE NORMAL, ESGOTO PREDIAL, DN 75 X 75 MM, JUNTA ELÁSTICA, FORNECIDO E INSTALADO EM RAMAL DE DESCARGA OU RAMAL DE ESGOTO SANITÁRIO. AF_12/2014","UN","20,48"]
[89787,"JOELHO 45 GRAUS, CPVC, SOLDÁVEL, DN 42MM, INSTALADO EM PRUMADA DE ÁGUA – FORNECIMENTO E INSTALAÇÃO. AF_12/2014","UN","21,26"]
[89788,"JOELHO 90 GRAUS, CPVC, SOLDÁVEL, DN 54MM, INSTALADO EM PRUMADA DE ÁGUA – FORNECIMENTO E INSTALAÇÃO. AF_12/2014","UN","41,35"]
[89789,"JOELHO 45 GRAUS, CPVC, SOLDÁVEL, DN 54MM, INSTALADO EM PRUMADA DE ÁGUA – FORNECIMENTO E INSTALAÇÃO. AF_12/2014","UN","42,00"]
[89790,"JOELHO 90 GRAUS, CPVC, SOLDÁVEL, DN 73MM, INSTALADO EM PRUMADA DE ÁGUA – FORNECIMENTO E INSTALAÇÃO. AF_12/2014","UN","101,89"]
[89791,"JOELHO 45 GRAUS, CPVC, SOLDÁVEL, DN 73MM, INSTALADO EM PRUMADA DE ÁGUA – FORNECIMENTO E INSTALAÇÃO. AF_12/2014","UN","104,26"]
[89792,"JOELHO 90 GRAUS, CPVC, SOLDÁVEL, DN 89MM, INSTALADO EM PRUMADA DE ÁGUA – FORNECIMENTO E INSTALAÇÃO. AF_12/2014","UN","119,72"]
[89793,"JOELHO 45 GRAUS, CPVC, SOLDÁVEL, DN 89MM, INSTALADO EM PRUMADA DE ÁGUA – FORNECIMENTO E INSTALAÇÃO. AF_12/2014","UN","122,93"]
[89794,"LUVA, CPVC, SOLDÁVEL, DN 35MM, INSTALADO EM PRUMADA DE ÁGUA – FORNECIMENTO E INSTALAÇÃO. AF_12/2014","UN","9,81"]
[89795,"JUNÇÃO SIMPLES, PVC, SERIE NORMAL, ESGOTO PREDIAL, DN 75 X 75 MM, JUNTA ELÁSTICA, FORNECIDO E INSTALADO EM RAMAL DE DESCARGA OU RAMAL DE ESGOTO SANITÁRIO. AF_12/2014","UN","21,48"]
[89796,"TE, PVC, SERIE NORMAL, ESGOTO PREDIAL, DN 100 X 100 MM, JUNTA ELÁSTICA, FORNECIDO E INSTALADO EM RAMAL DE DESCARGA OU RAMAL DE ESGOTO SANITÁRIO. AF_12/2014","UN","25,49"]
[89797,"JUNÇÃO SIMPLES, PVC, SERIE NORMAL, ESGOTO PREDIAL, DN 100 X 100 MM, JUNTA ELÁSTICA, FORNECIDO E INSTALADO EM RAMAL DE DESCARGA OU RAMAL DE ESGOTO SANITÁRIO. AF_12/2014","UN","29,26"]
[89801,"JOELHO 90 GRAUS, PVC, SERIE NORMAL, ESGOTO PREDIAL, DN 50 MM, JUNTA ELÁSTICA, FORNECIDO E INSTALADO EM PRUMADA DE ESGOTO SANITÁRIO OU VENTILAÇÃO. AF_12/2014","UN","4,26"]
[89802,"JOELHO 45 GRAUS, PVC, SERIE NORMAL, ESGOTO PREDIAL, DN 50 MM, JUNTA ELÁSTICA, FORNECIDO E INSTALADO EM PRUMADA DE ESGOTO SANITÁRIO OU VENTILAÇÃO. AF_12/2014","UN","4,72"]
[89803,"CURVA CURTA 90 GRAUS, PVC, SERIE NORMAL, ESGOTO PREDIAL, DN 50 MM, JUNTA ELÁSTICA, FORNECIDO E INSTALADO EM PRUMADA DE ESGOTO SANITÁRIO OU VENTILAÇÃO. AF_12/2014","UN","9,99"]
[89804,"CURVA LONGA 90 GRAUS, PVC, SERIE NORMAL, ESGOTO PREDIAL, DN 50 MM, JUNTA ELÁSTICA, FORNECIDO E INSTALADO EM PRUMADA DE ESGOTO SANITÁRIO OU VENTILAÇÃO. AF_12/2014","UN","9,88"]
[89805,"JOELHO 90 GRAUS, PVC, SERIE NORMAL, ESGOTO PREDIAL, DN 75 MM, JUNTA ELÁSTICA, FORNECIDO E INSTALADO EM PRUMADA DE ESGOTO SANITÁRIO OU VENTILAÇÃO. AF_12/2014","UN","8,50"]
[89806,"JOELHO 45 GRAUS, PVC, SERIE NORMAL, ESGOTO PREDIAL, DN 75 MM, JUNTA ELÁSTICA, FORNECIDO E INSTALADO EM PRUMADA DE ESGOTO SANITÁRIO OU VENTILAÇÃO. AF_12/2014","UN","9,18"]
[89807,"CURVA CURTA 90 GRAUS, PVC, SERIE NORMAL, ESGOTO PREDIAL, DN 75 MM, JUNTA ELÁSTICA, FORNECIDO E INSTALADO EM PRUMADA DE ESGOTO SANITÁRIO OU VENTILAÇÃO. AF_12/2014","UN","19,26"]
[89808,"CURVA LONGA 90 GRAUS, PVC, SERIE NORMAL, ESGOTO PREDIAL, DN 75 MM, JUNTA ELÁSTICA, FORNECIDO E INSTALADO EM PRUMADA DE ESGOTO SANITÁRIO OU VENTILAÇÃO. AF_12/2014","UN","26,96"]
[89809,"JOELHO 90 GRAUS, PVC, SERIE NORMAL, ESGOTO PREDIAL, DN 100 MM, JUNTA ELÁSTICA, FORNECIDO E INSTALADO EM PRUMADA DE ESGOTO SANITÁRIO OU VENTILAÇÃO. AF_12/2014","UN","11,65"]
[89810,"JOELHO 45 GRAUS, PVC, SERIE NORMAL, ESGOTO PREDIAL, DN 100 MM, JUNTA ELÁSTICA, FORNECIDO E INSTALADO EM PRUMADA DE ESGOTO SANITÁRIO OU VENTILAÇÃO. AF_12/2014","UN","11,71"]
[89811,"CURVA CURTA 90 GRAUS, PVC, SERIE NORMAL, ESGOTO PREDIAL, DN 100 MM, JUNTA ELÁSTICA, FORNECIDO E INSTALADO EM PRUMADA DE ESGOTO SANITÁRIO OU VENTILAÇÃO. AF_12/2014","UN","22,07"]
[89812,"CURVA LONGA 90 GRAUS, PVC, SERIE NORMAL, ESGOTO PREDIAL, DN 100 MM, JUNTA ELÁSTICA, FORNECIDO E INSTALADO EM PRUMADA DE ESGOTO SANITÁRIO OU VENTILAÇÃO. AF_12/2014","UN","42,28"]
[89813,"LUVA SIMPLES, PVC, SERIE NORMAL, ESGOTO PREDIAL, DN 50 MM, JUNTA ELÁSTICA, FORNECIDO E INSTALADO EM PRUMADA DE ESGOTO SANITÁRIO OU VENTILAÇÃO. AF_12/2014","UN","4,78"]
[89814,"LUVA DE CORRER, PVC, SERIE NORMAL, ESGOTO PREDIAL, DN 50 MM, JUNTA ELÁSTICA, FORNECIDO E INSTALADO EM PRUMADA DE ESGOTO SANITÁRIO OU VENTILAÇÃO. AF_12/2014","UN","9,83"]
[89815,"LUVA DE CORRER, CPVC, SOLDÁVEL, DN 35MM, INSTALADO EM PRUMADA DE ÁGUA – FORNECIMENTO E INSTALAÇÃO. AF_12/2014","UN","16,38"]
[89816,"UNIÃO, CPVC, SOLDÁVEL, DN35MM, INSTALADO EM PRUMADA DE ÁGUA – FORNECIMENTO E INSTALAÇÃO. AF_12/2014","UN","23,42"]
[89817,"LUVA SIMPLES, PVC, SERIE NORMAL, ESGOTO PREDIAL, DN 75 MM, JUNTA ELÁSTICA, FORNECIDO E INSTALADO EM PRUMADA DE ESGOTO SANITÁRIO OU VENTILAÇÃO. AF_12/2014","UN","8,38"]
[89818,"CONECTOR, CPVC, SOLDÁVEL, DN 35MM X 1 1/4”, INSTALADO EM PRUMADA DE ÁGUA – FORNECIMENTO E INSTALAÇÃO. AF_12/2014","UN","93,06"]
[89819,"LUVA DE CORRER, PVC, SERIE NORMAL, ESGOTO PREDIAL, DN 75 MM, JUNTA ELÁSTICA, FORNECIDO E INSTALADO EM PRUMADA DE ESGOTO SANITÁRIO OU VENTILAÇÃO. AF_12/2014","UN","11,93"]
[89820,"BUCHA DE REDUÇÃO, CPVC, SOLDÁVEL, DN35MM X 28MM, INSTALADO EM PRUMADA DE ÁGUA – FORNECIMENTO E INSTALAÇÃO. AF_12/2014","UN","17,79"]
[89821,"LUVA SIMPLES, PVC, SERIE NORMAL, ESGOTO PREDIAL, DN 100 MM, JUNTA ELÁSTICA, FORNECIDO E INSTALADO EM PRUMADA DE ESGOTO SANITÁRIO OU VENTILAÇÃO. AF_12/2014","UN","10,38"]
[89822,"LUVA, CPVC, SOLDÁVEL, DN 42MM, INSTALADO EM PRUMADA DE ÁGUA – FORNECIMENTO E INSTALAÇÃO. AF_12/2014","UN","12,87"]
[89823,"LUVA DE CORRER, PVC, SERIE NORMAL, ESGOTO PREDIAL, DN 100 MM, JUNTA ELÁSTICA, FORNECIDO E INSTALADO EM PRUMADA DE ESGOTO SANITÁRIO OU VENTILAÇÃO. AF_12/2014","UN","17,48"]
[89824,"LUVA DE CORRER, CPVC, SOLDÁVEL, DN 42MM, INSTALADO EM PRUMADA DE ÁGUA – FORNECIMENTO E INSTALAÇÃO. AF_12/2014","UN","22,23"]
[89825,"TE, PVC, SERIE NORMAL, ESGOTO PREDIAL, DN 50 X 50 MM, JUNTA ELÁSTICA, FORNECIDO E INSTALADO EM PRUMADA DE ESGOTO SANITÁRIO OU VENTILAÇÃO. AF_12/2014","UN","9,19"]
[89826,"LUVA DE TRANSIÇÃO, CPVC, SOLDÁVEL, DN42MM X 1.1/2”, INSTALADO EM PRUMADA DE ÁGUA – FORNECIMENTO E INSTALAÇÃO. AF_12/2014","UN","95,05"]
[89827,"JUNÇÃO SIMPLES, PVC, SERIE NORMAL, ESGOTO PREDIAL, DN 50 X 50 MM, JUNTA ELÁSTICA, FORNECIDO E INSTALADO EM PRUMADA DE ESGOTO SANITÁRIO OU VENTILAÇÃO. AF_12/2014","UN","9,91"]
[89828,"UNIÃO, CPVC, SOLDÁVEL, DN42MM, INSTALADO EM PRUMADA DE ÁGUA – FORNECIMENTO E INSTALAÇÃO. AF_12/2014","UN","33,77"]
[89829,"TE, PVC, SERIE NORMAL, ESGOTO PREDIAL, DN 75 X 75 MM, JUNTA ELÁSTICA, FORNECIDO E INSTALADO EM PRUMADA DE ESGOTO SANITÁRIO OU VENTILAÇÃO. AF_12/2014","UN","16,25"]
[89830,"JUNÇÃO SIMPLES, PVC, SERIE NORMAL, ESGOTO PREDIAL, DN 75 X 75 MM, JUNTA ELÁSTICA, FORNECIDO E INSTALADO EM PRUMADA DE ESGOTO SANITÁRIO OU VENTILAÇÃO. AF_12/2014","UN","17,25"]
[89831,"CONECTOR, CPVC, SOLDÁVEL, DN 42MM X 1.1/2”, INSTALADO EM PRUMADA DE ÁGUA – FORNECIMENTO E INSTALAÇÃO. AF_12/2014","UN","113,62"]
[89832,"BUCHA DE REDUÇÃO, CPVC, SOLDÁVEL, DN 42MM X 22MM, INSTALADO EM RAMAL DE DISTRIBUIÇÃO DE ÁGUA - FORNECIMENTO E INSTALAÇÃO. AF_12/2014","UN","23,29"]
[89833,"TE, PVC, SERIE NORMAL, ESGOTO PREDIAL, DN 100 X 100 MM, JUNTA ELÁSTICA, FORNECIDO E INSTALADO EM PRUMADA DE ESGOTO SANITÁRIO OU VENTILAÇÃO. AF_12/2014","UN","20,36"]
[89834,"JUNÇÃO SIMPLES, PVC, SERIE NORMAL, ESGOTO PREDIAL, DN 100 X 100 MM, JUNTA ELÁSTICA, FORNECIDO E INSTALADO EM PRUMADA DE ESGOTO SANITÁRIO OU VENTILAÇÃO. AF_12/2014","UN","24,13"]
[89835,"LUVA, CPVC, SOLDÁVEL, DN 54MM, INSTALADO EM PRUMADA DE ÁGUA – FORNECIMENTO E INSTALAÇÃO. AF_12/2014","UN","22,99"]
[89836,"LUVA DE TRANSIÇÃO, CPVC, SOLDÁVEL, DN 54MM X 2”, INSTALADO EM PRUMADA DE ÁGUA – FORNECIMENTO E INSTALAÇÃO. AF_12/2014","UN","153,52"]
[89837,"UNIÃO, CPVC, SOLDÁVEL, DN 54MM, INSTALADO EM PRUMADA DE ÁGUA – FORNECIMENTO E INSTALAÇÃO. AF_12/2014","UN","76,55"]
[89838,"LUVA, CPVC, SOLDÁVEL, DN 73MM, INSTALADO EM PRUMADA DE ÁGUA – FORNECIMENTO E INSTALAÇÃO. AF_12/2014","UN","83,70"]
[89839,"UNIÃO, CPVC, SOLDÁVEL, DN 73MM, INSTALADO EM PRUMADA DE ÁGUA – FORNECIMENTO E INSTALAÇÃO. AF_12/2014","UN","110,86"]
[89840,"LUVA, CPVC, SOLDÁVEL, DN 89MM, INSTALADO EM PRUMADA DE ÁGUA – FORNECIMENTO E INSTALAÇÃO. AF_12/2014","UN","96,41"]
[89841,"UNIÃO, CPVC, SOLDÁVEL, DN 89MM, INSTALADO EM PRUMADA DE ÁGUA – FORNECIMENTO E INSTALAÇÃO. AF_12/2014","UN","162,57"]
[89842,"TÊ, CPVC, SOLDÁVEL, DN 35MM, INSTALADO EM PRUMADA DE ÁGUA – FORNECIMENTO E INSTALAÇÃO. AF_12/2014","UN","26,43"]
[89844,"TE, CPVC, SOLDÁVEL, DN  42MM, INSTALADO EM PRUMADA DE ÁGUA – FORNECIMENTO E INSTALAÇÃO. AF_12/2014","UN","33,63"]
[89845,"TÊ, CPVC, SOLDÁVEL, DN 54 MM, INSTALADO EM PRUMADA DE ÁGUA – FORNECIMENTO E INSTALAÇÃO. AF_12/2014","UN","52,13"]
[89846,"TÊ, CPVC, SOLDÁVEL, DN 73MM, INSTALADO EM PRUMADA DE ÁGUA – FORNECIMENTO E INSTALAÇÃO. AF_12/2014","UN","116,98"]
[89847,"TÊ, CPVC, SOLDÁVEL, DN 89MM, INSTALADO EM PRUMADA DE ÁGUA – FORNECIMENTO E INSTALAÇÃO. AF_12/2014","UN","143,62"]
[89850,"JOELHO 90 GRAUS, PVC, SERIE NORMAL, ESGOTO PREDIAL, DN 100 MM, JUNTA ELÁSTICA, FORNECIDO E INSTALADO EM SUBCOLETOR AÉREO DE ESGOTO SANITÁRIO. AF_12/2014","UN","15,27"]
[89851,"JOELHO 45 GRAUS, PVC, SERIE NORMAL, ESGOTO PREDIAL, DN 100 MM, JUNTA ELÁSTICA, FORNECIDO E INSTALADO EM SUBCOLETOR AÉREO DE ESGOTO SANITÁRIO. AF_12/2014","UN","15,33"]
[89852,"CURVA CURTA 90 GRAUS, PVC, SERIE NORMAL, ESGOTO PREDIAL, DN 100 MM, JUNTA ELÁSTICA, FORNECIDO E INSTALADO EM SUBCOLETOR AÉREO DE ESGOTO SANITÁRIO. AF_12/2014","UN","25,69"]
[89853,"CURVA LONGA 90 GRAUS, PVC, SERIE NORMAL, ESGOTO PREDIAL, DN 100 MM, JUNTA ELÁSTICA, FORNECIDO E INSTALADO EM SUBCOLETOR AÉREO DE ESGOTO SANITÁRIO. AF_12/2014","UN","45,90"]
[89854,"JOELHO 90 GRAUS, PVC, SERIE NORMAL, ESGOTO PREDIAL, DN 150 MM, JUNTA ELÁSTICA, FORNECIDO E INSTALADO EM SUBCOLETOR AÉREO DE ESGOTO SANITÁRIO. AF_12/2014","UN","44,40"]
[89855,"JOELHO 45 GRAUS, PVC, SERIE NORMAL, ESGOTO PREDIAL, DN 150 MM, JUNTA ELÁSTICA, FORNECIDO E INSTALADO EM SUBCOLETOR AÉREO DE ESGOTO SANITÁRIO. AF_12/2014","UN","47,24"]
[89856,"LUVA SIMPLES, PVC, SERIE NORMAL, ESGOTO PREDIAL, DN 100 MM, JUNTA ELÁSTICA, FORNECIDO E INSTALADO EM SUBCOLETOR AÉREO DE ESGOTO SANITÁRIO. AF_12/2014","UN","12,80"]
[89857,"LUVA DE CORRER, PVC, SERIE NORMAL, ESGOTO PREDIAL, DN 100 MM, JUNTA ELÁSTICA, FORNECIDO E INSTALADO EM SUBCOLETOR AÉREO DE ESGOTO SANITÁRIO. AF_12/2014","UN","19,90"]
[89859,"LUVA DE CORRER, PVC, SERIE NORMAL, ESGOTO PREDIAL, DN 150 MM, JUNTA ELÁSTICA, FORNECIDO E INSTALADO EM SUBCOLETOR AÉREO DE ESGOTO SANITÁRIO. AF_12/2014","UN","36,35"]
[89860,"TE, PVC, SERIE NORMAL, ESGOTO PREDIAL, DN 100 X 100 MM, JUNTA ELÁSTICA, FORNECIDO E INSTALADO EM SUBCOLETOR AÉREO DE ESGOTO SANITÁRIO. AF_12/2014","UN","25,18"]
[89861,"JUNÇÃO SIMPLES, PVC, SERIE NORMAL, ESGOTO PREDIAL, DN 100 X 100 MM, JUNTA ELÁSTICA, FORNECIDO E INSTALADO EM SUBCOLETOR AÉREO DE ESGOTO SANITÁRIO. AF_12/2014","UN","28,95"]
[89862,"TE, PVC, SERIE NORMAL, ESGOTO PREDIAL, DN 150 X 150 MM, JUNTA ELÁSTICA, FORNECIDO E INSTALADO EM SUBCOLETOR AÉREO DE ESGOTO SANITÁRIO. AF_12/2014","UN","72,67"]
[89863,"JUNÇÃO SIMPLES, PVC, SERIE NORMAL, ESGOTO PREDIAL, DN 150 X 150 MM, JUNTA ELÁSTICA, FORNECIDO E INSTALADO EM SUBCOLETOR AÉREO DE ESGOTO SANITÁRIO. AF_12/2014","UN","116,13"]
[89866,"JOELHO 90 GRAUS, PVC, SOLDÁVEL, DN 25MM, INSTALADO EM DRENO DE AR-CONDICIONADO - FORNECIMENTO E INSTALAÇÃO. AF_12/2014","UN","3,28"]
[89867,"JOELHO 45 GRAUS, PVC, SOLDÁVEL, DN 25MM, INSTALADO EM DRENO DE AR-CONDICIONADO - FORNECIMENTO E INSTALAÇÃO. AF_12/2014","UN","3,67"]
[89868,"LUVA, PVC, SOLDÁVEL, DN 25MM, INSTALADO EM DRENO DE AR-CONDICIONADO - FORNECIMENTO E INSTALAÇÃO. AF_12/2014","UN","2,52"]
[89869,"TE, PVC, SOLDÁVEL, DN 25MM, INSTALADO EM DRENO DE AR-CONDICIONADO - FORNECIMENTO E INSTALAÇÃO. AF_12/2014","UN","5,20"]
[89979,"LUVA COM BUCHA DE LATÃO, PVC, SOLDÁVEL, DN 32MM X 1 , INSTALADO EM RAMAL OU SUB-RAMAL DE ÁGUA   FORNECIMENTO E INSTALAÇÃO. AF_12/2014","UN","17,28"]
[89980,"LUVA COM BUCHA DE LATÃO, PVC, SOLDÁVEL, DN 25MM X 3/4”, INSTALADO EM PRUMADA DE ÁGUA - FORNECIMENTO E INSTALAÇÃO. AF_12/2014","UN","7,39"]
[89981,"LUVA SOLDÁVEL E COM BUCHA DE LATÃO, PVC, SOLDÁVEL, DN 32MM X 1 , INSTALADO EM PRUMADA DE ÁGUA   FORNECIMENTO E INSTALAÇÃO. AF_12/2014","UN","15,11"]
[90373,"JOELHO 90 GRAUS COM BUCHA DE LATÃO, PVC, SOLDÁVEL, DN 25MM, X 1/2” INSTALADO EM RAMAL OU SUB-RAMAL DE ÁGUA - FORNECIMENTO E INSTALAÇÃO. AF_12/2014","UN","9,06"]
[90374,"TÊ COM BUCHA DE LATÃO NA BOLSA CENTRAL, PVC, SOLDÁVEL, DN 25MM X 3/4”, INSTALADO EM RAMAL OU SUB-RAMAL DE ÁGUA - FORNECIMENTO E INSTALAÇÃO. AF_03/2015","UN","13,62"]
[90375,"BUCHA DE REDUÇÃO, PVC, SOLDÁVEL, DN 40MM X 32MM, INSTALADO EM RAMAL OU SUB-RAMAL DE ÁGUA - FORNECIMENTO E INSTALAÇÃO. AF_03/2015","UN","6,32"]
[92287,"COTOVELO EM COBRE, DN 22 MM, 90 GRAUS, SEM ANEL DE SOLDA, INSTALADO EM PRUMADA   FORNECIMENTO E INSTALAÇÃO. AF_12/2015","UN","9,40"]
[92288,"COTOVELO EM COBRE, DN 28 MM, 90 GRAUS, SEM ANEL DE SOLDA, INSTALADO EM PRUMADA – FORNECIMENTO E INSTALAÇÃO. AF_12/2015","UN","14,25"]
[92289,"COTOVELO EM COBRE, DN 35 MM, 90 GRAUS, SEM ANEL DE SOLDA, INSTALADO EM PRUMADA – FORNECIMENTO E INSTALAÇÃO. AF_12/2015","UN","24,53"]
[92290,"COTOVELO EM COBRE, DN 42 MM, 90 GRAUS, SEM ANEL DE SOLDA, INSTALADO EM PRUMADA – FORNECIMENTO E INSTALAÇÃO. AF_12/2015","UN","36,94"]
[92291,"COTOVELO EM COBRE, DN 54 MM, 90 GRAUS, SEM ANEL DE SOLDA, INSTALADO EM PRUMADA – FORNECIMENTO E INSTALAÇÃO. AF_12/2015","UN","56,24"]
[92292,"COTOVELO EM COBRE, DN 66 MM, 90 GRAUS, SEM ANEL DE SOLDA, INSTALADO EM PRUMADA – FORNECIMENTO E INSTALAÇÃO. AF_12/2015","UN","173,04"]
[92293,"LUVA EM COBRE, DN 22 MM, SEM ANEL DE SOLDA, INSTALADO EM PRUMADA – FORNECIMENTO E INSTALAÇÃO. AF_12/2015","UN","5,47"]
[92294,"LUVA EM COBRE, DN 28 MM, SEM ANEL DE SOLDA, INSTALADO EM PRUMADA – FORNECIMENTO E INSTALAÇÃO. AF_12/2015","UN","8,79"]
[92295,"LUVA EM COBRE, DN 35 MM, SEM ANEL DE SOLDA, INSTALADO EM PRUMADA – FORNECIMENTO E INSTALAÇÃO. AF_12/2015","UN","15,98"]
[92296,"LUVA EM COBRE, DN 42 MM, SEM ANEL DE SOLDA, INSTALADO EM PRUMADA – FORNECIMENTO E INSTALAÇÃO. AF_12/2015","UN","21,19"]
[92297,"LUVA EM COBRE, DN 54 MM, SEM ANEL DE SOLDA, INSTALADO EM PRUMADA – FORNECIMENTO E INSTALAÇÃO. AF_12/2015","UN","32,52"]
[92298,"LUVA EM COBRE, DN 66 MM, SEM ANEL DE SOLDA, INSTALADO EM PRUMADA – FORNECIMENTO E INSTALAÇÃO. AF_12/2015","UN","89,82"]
[92299,"TE EM COBRE, DN 22 MM, SEM ANEL DE SOLDA, INSTALADO EM PRUMADA – FORNECIMENTO E INSTALAÇÃO. AF_12/2015","UN","12,40"]
[92300,"TE EM COBRE, DN 28 MM, SEM ANEL DE SOLDA, INSTALADO EM PRUMADA – FORNECIMENTO E INSTALAÇÃO. AF_12/2015","UN","18,21"]
[92301,"TE EM COBRE, DN 35 MM, SEM ANEL DE SOLDA, INSTALADO EM PRUMADA – FORNECIMENTO E INSTALAÇÃO. AF_12/2015","UN","34,84"]
[92302,"TE EM COBRE, DN 42 MM, SEM ANEL DE SOLDA, INSTALADO EM PRUMADA – FORNECIMENTO E INSTALAÇÃO. AF_12/2015","UN","45,91"]
[92303,"TE EM COBRE, DN 54 MM, SEM ANEL DE SOLDA, INSTALADO EM PRUMADA – FORNECIMENTO E INSTALAÇÃO. AF_12/2015","UN","83,19"]
[92304,"TE EM COBRE, DN 66 MM, SEM ANEL DE SOLDA, INSTALADO EM PRUMADA – FORNECIMENTO E INSTALAÇÃO. AF_12/2015","UN","213,74"]
[92311,"COTOVELO EM COBRE, DN 15 MM, 90 GRAUS, SEM ANEL DE SOLDA, INSTALADO EM RAMAL DE DISTRIBUIÇÃO – FORNECIMENTO E INSTALAÇÃO. AF_12/2015","UN","7,15"]
[92312,"COTOVELO EM COBRE, DN 22 MM, 90 GRAUS, SEM ANEL DE SOLDA, INSTALADO EM RAMAL DE DISTRIBUIÇÃO – FORNECIMENTO E INSTALAÇÃO. AF_12/2015","UN","11,28"]
[92313,"COTOVELO EM COBRE, DN 28 MM, 90 GRAUS, SEM ANEL DE SOLDA, INSTALADO EM RAMAL DE DISTRIBUIÇÃO – FORNECIMENTO E INSTALAÇÃO. AF_12/2015","UN","16,13"]
[92314,"LUVA EM COBRE, DN 15 MM, SEM ANEL DE SOLDA, INSTALADO EM RAMAL DE DISTRIBUIÇÃO – FORNECIMENTO E INSTALAÇÃO. AF_12/2015","UN","4,66"]
[92315,"LUVA EM COBRE, DN 22 MM, SEM ANEL DE SOLDA, INSTALADO EM RAMAL DE DISTRIBUIÇÃO – FORNECIMENTO E INSTALAÇÃO. AF_12/2015","UN","6,75"]
[92316,"LUVA EM COBRE, DN 28 MM, SEM ANEL DE SOLDA, INSTALADO EM RAMAL DE DISTRIBUIÇÃO – FORNECIMENTO E INSTALAÇÃO. AF_12/2015","UN","10,07"]
[92317,"TE EM COBRE, DN 15 MM, SEM ANEL DE SOLDA, INSTALADO EM RAMAL DE DISTRIBUIÇÃO – FORNECIMENTO E INSTALAÇÃO. AF_12/2015","UN","9,72"]
[92318,"TE EM COBRE, DN 22 MM, SEM ANEL DE SOLDA, INSTALADO EM RAMAL DE DISTRIBUIÇÃO – FORNECIMENTO E INSTALAÇÃO. AF_12/2015","UN","14,93"]
[92319,"TE EM COBRE, DN 28 MM, SEM ANEL DE SOLDA, INSTALADO EM RAMAL DE DISTRIBUIÇÃO – FORNECIMENTO E INSTALAÇÃO. AF_12/2015","UN","20,74"]
[92326,"COTOVELO EM COBRE, DN 15 MM, 90 GRAUS, SEM ANEL DE SOLDA, INSTALADO EM RAMAL E SUB-RAMAL – FORNECIMENTO E INSTALAÇÃO. AF_12/2015","UN","8,28"]
[92327,"COTOVELO EM COBRE, DN 22 MM, 90 GRAUS, SEM ANEL DE SOLDA, INSTALADO EM RAMAL E SUB-RAMAL – FORNECIMENTO E INSTALAÇÃO. AF_12/2015","UN","13,03"]
[92328,"COTOVELO EM COBRE, DN 28 MM, 90 GRAUS, SEM ANEL DE SOLDA, INSTALADO EM RAMAL E SUB-RAMAL – FORNECIMENTO E INSTALAÇÃO. AF_12/2015","UN","19,23"]
[92329,"LUVA EM COBRE, DN 15 MM, SEM ANEL DE SOLDA, INSTALADO EM RAMAL E SUB-RAMAL – FORNECIMENTO E INSTALAÇÃO. AF_12/2015","UN","4,78"]
[92330,"LUVA EM COBRE, DN 22 MM, SEM ANEL DE SOLDA, INSTALADO EM RAMAL E SUB-RAMAL – FORNECIMENTO E INSTALAÇÃO. AF_12/2015","UN","7,89"]
[92331,"LUVA EM COBRE, DN 28 MM, SEM ANEL DE SOLDA, INSTALADO EM RAMAL E SUB-RAMAL – FORNECIMENTO E INSTALAÇÃO. AF_12/2015","UN","12,14"]
[92332,"TE EM COBRE, DN 15 MM, SEM ANEL DE SOLDA, INSTALADO EM RAMAL E SUB-RAMAL – FORNECIMENTO E INSTALAÇÃO. AF_12/2015","UN","9,90"]
[92333,"TE EM COBRE, DN 22 MM, SEM ANEL DE SOLDA, INSTALADO EM RAMAL E SUB-RAMAL – FORNECIMENTO E INSTALAÇÃO. AF_12/2015","UN","17,23"]
[92334,"TE EM COBRE, DN 28 MM, SEM ANEL DE SOLDA, INSTALADO EM RAMAL E SUB-RAMAL – FORNECIMENTO E INSTALAÇÃO. AF_12/2015","UN","24,86"]
[92344,"NIPLE, EM FERRO GALVANIZADO, DN 50 (2\"), CONEXÃO ROSQUEADA, INSTALADO EM PRUMADAS - FORNECIMENTO E INSTALAÇÃO. AF_12/2015","UN","37,10"]
[92345,"LUVA, EM FERRO GALVANIZADO, DN 50 (2\"), CONEXÃO ROSQUEADA, INSTALADO EM PRUMADAS - FORNECIMENTO E INSTALAÇÃO. AF_12/2015","UN","37,08"]
[92346,"NIPLE, EM FERRO GALVANIZADO, DN 65 (2 1/2\"), CONEXÃO ROSQUEADA, INSTALADO EM PRUMADAS - FORNECIMENTO E INSTALAÇÃO. AF_12/2015","UN","48,06"]
[92347,"LUVA, EM FERRO GALVANIZADO, DN 65 (2 1/2\"), CONEXÃO ROSQUEADA, INSTALADO EM PRUMADAS - FORNECIMENTO E INSTALAÇÃO. AF_12/2015","UN","53,10"]
[92348,"NIPLE, EM FERRO GALVANIZADO, DN 80 (3\"), CONEXÃO ROSQUEADA, INSTALADO EM PRUMADAS - FORNECIMENTO E INSTALAÇÃO. AF_12/2015","UN","66,37"]
[92349,"LUVA, EM FERRO GALVANIZADO, DN 80 (3\"), CONEXÃO ROSQUEADA, INSTALADO EM PRUMADAS - FORNECIMENTO E INSTALAÇÃO. AF_12/2015","UN","70,86"]
[92350,"JOELHO 45 GRAUS, EM FERRO GALVANIZADO, DN 50 (2\"), CONEXÃO ROSQUEADA, INSTALADO EM PRUMADAS - FORNECIMENTO E INSTALAÇÃO. AF_12/2015","UN","55,16"]
[92351,"JOELHO 90 GRAUS, EM FERRO GALVANIZADO, DN 50 (2\"), CONEXÃO ROSQUEADA, INSTALADO EM PRUMADAS - FORNECIMENTO E INSTALAÇÃO. AF_12/2015","UN","54,04"]
[92352,"JOELHO 45 GRAUS, EM FERRO GALVANIZADO, DN 65 (2 1/2\"), CONEXÃO ROSQUEADA, INSTALADO EM PRUMADAS - FORNECIMENTO E INSTALAÇÃO. AF_12/2015","UN","81,71"]
[92353,"JOELHO 90 GRAUS, EM FERRO GALVANIZADO, DN 65 (2 1/2\"), CONEXÃO ROSQUEADA, INSTALADO EM PRUMADAS - FORNECIMENTO E INSTALAÇÃO. AF_12/2015","UN","76,78"]
[92354,"JOELHO 45 GRAUS, EM FERRO GALVANIZADO, DN 80 (3\"), CONEXÃO ROSQUEADA, INSTALADO EM PRUMADAS - FORNECIMENTO E INSTALAÇÃO. AF_12/2015","UN","107,22"]
[92355,"JOELHO 90 GRAUS, EM FERRO GALVANIZADO, DN 80 (3\"), CONEXÃO ROSQUEADA, INSTALADO EM PRUMADAS - FORNECIMENTO E INSTALAÇÃO. AF_12/2015","UN","97,71"]
[92356,"TÊ, EM FERRO GALVANIZADO, DN 50 (2\"), CONEXÃO ROSQUEADA, INSTALADO EM PRUMADAS - FORNECIMENTO E INSTALAÇÃO. AF_12/2015","UN","72,07"]
[92357,"TÊ, EM FERRO GALVANIZADO, DN 65 (2 1/2\"), CONEXÃO ROSQUEADA, INSTALADO EM PRUMADAS - FORNECIMENTO E INSTALAÇÃO. AF_12/2015","UN","104,88"]
[92358,"TÊ, EM FERRO GALVANIZADO, DN 80 (3\"), CONEXÃO ROSQUEADA, INSTALADO EM PRUMADAS - FORNECIMENTO E INSTALAÇÃO. AF_12/2015","UN","129,40"]
[92369,"NIPLE, EM FERRO GALVANIZADO, DN 25 (1\"), CONEXÃO ROSQUEADA, INSTALADO EM REDE DE ALIMENTAÇÃO PARA HIDRANTE - FORNECIMENTO E INSTALAÇÃO. AF_12/2015","UN","20,65"]
[92370,"LUVA, EM FERRO GALVANIZADO, DN 25 (1\"), CONEXÃO ROSQUEADA, INSTALADO EM REDE DE ALIMENTAÇÃO PARA HIDRANTE - FORNECIMENTO E INSTALAÇÃO. AF_12/2015","UN","21,56"]
[92371,"NIPLE, EM FERRO GALVANIZADO, DN 32 (1 1/4\"), CONEXÃO ROSQUEADA, INSTALADO EM REDE DE ALIMENTAÇÃO PARA HIDRANTE - FORNECIMENTO E INSTALAÇÃO. AF_12/2015","UN","24,70"]
[92372,"LUVA, EM FERRO GALVANIZADO, DN 32 (1 1/4\"), CONEXÃO ROSQUEADA, INSTALADO EM REDE DE ALIMENTAÇÃO PARA HIDRANTE - FORNECIMENTO E INSTALAÇÃO. AF_12/2015","UN","25,54"]
[92373,"NIPLE, EM FERRO GALVANIZADO, DN 40 (1 1/2\"), CONEXÃO ROSQUEADA, INSTALADO EM REDE DE ALIMENTAÇÃO PARA HIDRANTE - FORNECIMENTO E INSTALAÇÃO. AF_12/2015","UN","28,97"]
[92374,"LUVA, EM FERRO GALVANIZADO, DN 40 (1 1/2\"), CONEXÃO ROSQUEADA, INSTALADO EM REDE DE ALIMENTAÇÃO PARA HIDRANTE - FORNECIMENTO E INSTALAÇÃO. AF_12/2015","UN","29,13"]
[92375,"NIPLE, EM FERRO GALVANIZADO, DN 50 (2\"), CONEXÃO ROSQUEADA, INSTALADO EM REDE DE ALIMENTAÇÃO PARA HIDRANTE - FORNECIMENTO E INSTALAÇÃO. AF_12/2015","UN","37,07"]
[92376,"LUVA, EM FERRO GALVANIZADO, DN 50 (2\"), CONEXÃO ROSQUEADA, INSTALADO EM REDE DE ALIMENTAÇÃO PARA HIDRANTE - FORNECIMENTO E INSTALAÇÃO. AF_12/2015","UN","37,05"]
[92377,"NIPLE, EM FERRO GALVANIZADO, DN 65 (2 1/2\"), CONEXÃO ROSQUEADA, INSTALADO EM REDE DE ALIMENTAÇÃO PARA HIDRANTE - FORNECIMENTO E INSTALAÇÃO. AF_12/2015","UN","49,08"]
[92378,"LUVA, EM FERRO GALVANIZADO, DN 65 (2 1/2\"), CONEXÃO ROSQUEADA, INSTALADO EM REDE DE ALIMENTAÇÃO PARA HIDRANTE - FORNECIMENTO E INSTALAÇÃO. AF_12/2015","UN","54,12"]
[92379,"NIPLE, EM FERRO GALVANIZADO, DN 80 (3\"), CONEXÃO ROSQUEADA, INSTALADO EM REDE DE ALIMENTAÇÃO PARA HIDRANTE - FORNECIMENTO E INSTALAÇÃO. AF_12/2015","UN","68,48"]
[92380,"LUVA, EM FERRO GALVANIZADO, DN 80 (3\"), CONEXÃO ROSQUEADA, INSTALADO EM REDE DE ALIMENTAÇÃO PARA HIDRANTE - FORNECIMENTO E INSTALAÇÃO. AF_12/2015","UN","72,97"]
[92381,"JOELHO 45 GRAUS, EM FERRO GALVANIZADO, DN 25 (1\"), CONEXÃO ROSQUEADA, INSTALADO EM REDE DE ALIMENTAÇÃO PARA HIDRANTE - FORNECIMENTO E INSTALAÇÃO. AF_12/2015","UN","31,21"]
[92382,"JOELHO 90 GRAUS, EM FERRO GALVANIZADO, DN 25 (1\"), CONEXÃO ROSQUEADA, INSTALADO EM REDE DE ALIMENTAÇÃO PARA HIDRANTE - FORNECIMENTO E INSTALAÇÃO. AF_12/2015","UN","30,01"]
[92383,"JOELHO 45 GRAUS, EM FERRO GALVANIZADO, DN 32 (1 1/4\"), CONEXÃO ROSQUEADA, INSTALADO EM REDE DE ALIMENTAÇÃO PARA HIDRANTE - FORNECIMENTO E INSTALAÇÃO. AF_12/2015","UN","38,74"]
[92384,"JOELHO 90 GRAUS, EM FERRO GALVANIZADO, DN 32 (1 1/4\"), CONEXÃO ROSQUEADA, INSTALADO EM REDE DE ALIMENTAÇÃO PARA HIDRANTE - FORNECIMENTO E INSTALAÇÃO. AF_12/2015","UN","36,35"]
[92385,"JOELHO 45 GRAUS, EM FERRO GALVANIZADO, DN 40 (1 1/2\"), CONEXÃO ROSQUEADA, INSTALADO EM REDE DE ALIMENTAÇÃO PARA HIDRANTE - FORNECIMENTO E INSTALAÇÃO. AF_12/2015","UN","44,22"]
[92386,"JOELHO 90 GRAUS, EM FERRO GALVANIZADO, DN 40 (1 1/2\"), CONEXÃO ROSQUEADA, INSTALADO EM REDE DE ALIMENTAÇÃO PARA HIDRANTE - FORNECIMENTO E INSTALAÇÃO. AF_12/2015","UN","42,56"]
[92387,"JOELHO 45 GRAUS, EM FERRO GALVANIZADO, DN 50 (2\"), CONEXÃO ROSQUEADA, INSTALADO EM REDE DE ALIMENTAÇÃO PARA HIDRANTE - FORNECIMENTO E INSTALAÇÃO. AF_12/2015","UN","55,11"]
[92388,"JOELHO 90 GRAUS, EM FERRO GALVANIZADO, DN 50 (2\"), CONEXÃO ROSQUEADA, INSTALADO EM REDE DE ALIMENTAÇÃO PARA HIDRANTE - FORNECIMENTO E INSTALAÇÃO. AF_12/2015","UN","53,99"]
[92389,"JOELHO 45 GRAUS, EM FERRO GALVANIZADO, DN 65 (2 1/2\"), CONEXÃO ROSQUEADA, INSTALADO EM REDE DE ALIMENTAÇÃO PARA HIDRANTE - FORNECIMENTO E INSTALAÇÃO. AF_12/2015","UN","83,28"]
[92390,"JOELHO 90 GRAUS, EM FERRO GALVANIZADO, DN 65 (2 1/2\"), CONEXÃO ROSQUEADA, INSTALADO EM REDE DE ALIMENTAÇÃO PARA HIDRANTE - FORNECIMENTO E INSTALAÇÃO. AF_12/2015","UN","78,35"]
[92635,"JOELHO 45 GRAUS, EM FERRO GALVANIZADO, CONEXÃO ROSQUEADA, DN 80 (3\"), INSTALADO EM REDE DE ALIMENTAÇÃO PARA HIDRANTE - FORNECIMENTO E INSTALAÇÃO. AF_12/2015","UN","110,39"]
[92636,"JOELHO 90 GRAUS, EM FERRO GALVANIZADO, CONEXÃO ROSQUEADA, DN 80 (3\"), INSTALADO EM REDE DE ALIMENTAÇÃO PARA HIDRANTE - FORNECIMENTO E INSTALAÇÃO. AF_12/2015","UN","100,88"]
[92637,"TÊ, EM FERRO GALVANIZADO, CONEXÃO ROSQUEADA, DN 25 (1\"), INSTALADO EM REDE DE ALIMENTAÇÃO PARA HIDRANTE - FORNECIMENTO E INSTALAÇÃO. AF_12/2015","UN","40,50"]
[92638,"TÊ, EM FERRO GALVANIZADO, CONEXÃO ROSQUEADA, DN 32 (1 1/4\"), INSTALADO EM REDE DE ALIMENTAÇÃO PARA HIDRANTE - FORNECIMENTO E INSTALAÇÃO. AF_12/2015","UN","48,79"]
[92639,"TÊ, EM FERRO GALVANIZADO, CONEXÃO ROSQUEADA, DN 40 (1 1/2\"), INSTALADO EM REDE DE ALIMENTAÇÃO PARA HIDRANTE - FORNECIMENTO E INSTALAÇÃO. AF_12/2015","UN","56,14"]
[92640,"TÊ, EM FERRO GALVANIZADO, CONEXÃO ROSQUEADA, DN 50 (2\"), INSTALADO EM REDE DE ALIMENTAÇÃO PARA HIDRANTE - FORNECIMENTO E INSTALAÇÃO. AF_12/2015","UN","71,98"]
[92642,"TÊ, EM FERRO GALVANIZADO, CONEXÃO ROSQUEADA, DN 65 (2 1/2\"), INSTALADO EM REDE DE ALIMENTAÇÃO PARA HIDRANTE - FORNECIMENTO E INSTALAÇÃO. AF_12/2015","UN","106,94"]
[92644,"TÊ, EM FERRO GALVANIZADO, CONEXÃO ROSQUEADA, DN 80 (3\"), INSTALADO EM REDE DE ALIMENTAÇÃO PARA HIDRANTE - FORNECIMENTO E INSTALAÇÃO. AF_12/2015","UN","133,63"]
[92657,"NIPLE, EM FERRO GALVANIZADO, CONEXÃO ROSQUEADA, DN 25 (1\"), INSTALADO EM REDE DE ALIMENTAÇÃO PARA SPRINKLER - FORNECIMENTO E INSTALAÇÃO. AF_12/2015","UN","14,94"]
[92658,"LUVA, EM FERRO GALVANIZADO, CONEXÃO ROSQUEADA, DN 25 (1\"), INSTALADO EM REDE DE ALIMENTAÇÃO PARA SPRINKLER - FORNECIMENTO E INSTALAÇÃO. AF_12/2015","UN","15,85"]
[92659,"NIPLE, EM FERRO GALVANIZADO, CONEXÃO ROSQUEADA, DN 32 (1 1/4\"), INSTALADO EM REDE DE ALIMENTAÇÃO PARA SPRINKLER - FORNECIMENTO E INSTALAÇÃO. AF_12/2015","UN","18,21"]
[92660,"LUVA, EM FERRO GALVANIZADO, CONEXÃO ROSQUEADA, DN 32 (1 1/4\"), INSTALADO EM REDE DE ALIMENTAÇÃO PARA SPRINKLER - FORNECIMENTO E INSTALAÇÃO. AF_12/2015","UN","19,05"]
[92661,"NIPLE, EM FERRO GALVANIZADO, CONEXÃO ROSQUEADA, DN 40 (1 1/2\"), INSTALADO EM REDE DE ALIMENTAÇÃO PARA SPRINKLER - FORNECIMENTO E INSTALAÇÃO. AF_12/2015","UN","21,57"]
[92662,"LUVA, EM FERRO GALVANIZADO, CONEXÃO ROSQUEADA, DN 40 (1 1/2\"), INSTALADO EM REDE DE ALIMENTAÇÃO PARA SPRINKLER - FORNECIMENTO E INSTALAÇÃO. AF_12/2015","UN","21,73"]
[92663,"NIPLE, EM FERRO GALVANIZADO, CONEXÃO ROSQUEADA, DN 50 (2\"), INSTALADO EM REDE DE ALIMENTAÇÃO PARA SPRINKLER - FORNECIMENTO E INSTALAÇÃO. AF_12/2015","UN","28,55"]
[92664,"LUVA, EM FERRO GALVANIZADO, CONEXÃO ROSQUEADA, DN 50 (2\"), INSTALADO EM REDE DE ALIMENTAÇÃO PARA SPRINKLER - FORNECIMENTO E INSTALAÇÃO. AF_12/2015","UN","28,53"]
[92665,"NIPLE, EM FERRO GALVANIZADO, CONEXÃO ROSQUEADA, DN 65 (2 1/2\"), INSTALADO EM REDE DE ALIMENTAÇÃO PARA SPRINKLER - FORNECIMENTO E INSTALAÇÃO. AF_12/2015","UN","38,88"]
[92666,"LUVA, EM FERRO GALVANIZADO, CONEXÃO ROSQUEADA, DN 65 (2 1/2\"), INSTALADO EM REDE DE ALIMENTAÇÃO PARA SPRINKLER - FORNECIMENTO E INSTALAÇÃO. AF_12/2015","UN","43,92"]
[92667,"NIPLE, EM FERRO GALVANIZADO, CONEXÃO ROSQUEADA, DN 80 (3\"), INSTALADO EM REDE DE ALIMENTAÇÃO PARA SPRINKLER - FORNECIMENTO E INSTALAÇÃO. AF_12/2015","UN","56,62"]
[92668,"LUVA, EM FERRO GALVANIZADO, CONEXÃO ROSQUEADA, DN 80 (3\"), INSTALADO EM REDE DE ALIMENTAÇÃO PARA SPRINKLER - FORNECIMENTO E INSTALAÇÃO. AF_12/2015","UN","61,11"]
[92669,"JOELHO 45 GRAUS, EM FERRO GALVANIZADO, CONEXÃO ROSQUEADA, DN 25 (1\"), INSTALADO EM REDE DE ALIMENTAÇÃO PARA SPRINKLER - FORNECIMENTO E INSTALAÇÃO. AF_12/2015","UN","22,64"]
[92670,"JOELHO 90 GRAUS, EM FERRO GALVANIZADO, CONEXÃO ROSQUEADA, DN 25 (1\"), INSTALADO EM REDE DE ALIMENTAÇÃO PARA SPRINKLER - FORNECIMENTO E INSTALAÇÃO. AF_12/2015","UN","21,44"]
[92671,"JOELHO 45 GRAUS, EM FERRO GALVANIZADO, CONEXÃO ROSQUEADA, DN 32 (1 1/4\"), INSTALADO EM REDE DE ALIMENTAÇÃO PARA SPRINKLER - FORNECIMENTO E INSTALAÇÃO. AF_12/2015","UN","29,03"]
[92672,"JOELHO 90 GRAUS, EM FERRO GALVANIZADO, CONEXÃO ROSQUEADA, DN 32 (1 1/4\"), INSTALADO EM REDE DE ALIMENTAÇÃO PARA SPRINKLER - FORNECIMENTO E INSTALAÇÃO. AF_12/2015","UN","26,64"]
[92673,"JOELHO 45 GRAUS, EM FERRO GALVANIZADO, CONEXÃO ROSQUEADA, DN 40 (1 1/2\"), INSTALADO EM REDE DE ALIMENTAÇÃO PARA SPRINKLER - FORNECIMENTO E INSTALAÇÃO. AF_12/2015","UN","33,15"]
[92674,"JOELHO 90 GRAUS, EM FERRO GALVANIZADO, CONEXÃO ROSQUEADA, DN 40 (1 1/2\"), INSTALADO EM REDE DE ALIMENTAÇÃO PARA SPRINKLER - FORNECIMENTO E INSTALAÇÃO. AF_12/2015","UN","31,49"]
[92675,"JOELHO 45 GRAUS, EM FERRO GALVANIZADO, CONEXÃO ROSQUEADA, DN 50 (2\"), INSTALADO EM REDE DE ALIMENTAÇÃO PARA SPRINKLER - FORNECIMENTO E INSTALAÇÃO. AF_12/2015","UN","42,37"]
[92676,"JOELHO 90 GRAUS, EM FERRO GALVANIZADO, CONEXÃO ROSQUEADA, DN 50 (2\"), INSTALADO EM REDE DE ALIMENTAÇÃO PARA SPRINKLER - FORNECIMENTO E INSTALAÇÃO. AF_12/2015","UN","41,25"]
[92677,"JOELHO 45 GRAUS, EM FERRO GALVANIZADO, CONEXÃO ROSQUEADA, DN 65 (2 1/2\"), INSTALADO EM REDE DE ALIMENTAÇÃO PARA SPRINKLER - FORNECIMENTO E INSTALAÇÃO. AF_12/2015","UN","68,01"]
[92678,"JOELHO 90 GRAUS, EM FERRO GALVANIZADO, CONEXÃO ROSQUEADA, DN 65 (2 1/2\"), INSTALADO EM REDE DE ALIMENTAÇÃO PARA SPRINKLER - FORNECIMENTO E INSTALAÇÃO. AF_12/2015","UN","63,08"]
[92679,"JOELHO 45 GRAUS, EM FERRO GALVANIZADO, CONEXÃO ROSQUEADA, DN 80 (3\"), INSTALADO EM REDE DE ALIMENTAÇÃO PARA SPRINKLER - FORNECIMENTO E INSTALAÇÃO. AF_12/2015","UN","92,62"]
[92680,"JOELHO 90 GRAUS, EM FERRO GALVANIZADO, CONEXÃO ROSQUEADA, DN 80 (3\"), INSTALADO EM REDE DE ALIMENTAÇÃO PARA SPRINKLER - FORNECIMENTO E INSTALAÇÃO. AF_12/2015","UN","83,11"]
[92681,"TÊ, EM FERRO GALVANIZADO, CONEXÃO ROSQUEADA, DN 25 (1\"), INSTALADO EM REDE DE ALIMENTAÇÃO PARA SPRINKLER - FORNECIMENTO E INSTALAÇÃO. AF_12/2015","UN","29,06"]
[92682,"TÊ, EM FERRO GALVANIZADO, CONEXÃO ROSQUEADA, DN 32 (1 1/4\"), INSTALADO EM REDE DE ALIMENTAÇÃO PARA SPRINKLER - FORNECIMENTO E INSTALAÇÃO. AF_12/2015","UN","35,78"]
[92683,"TÊ, EM FERRO GALVANIZADO, CONEXÃO ROSQUEADA, DN 40 (1 1/2\"), INSTALADO EM REDE DE ALIMENTAÇÃO PARA SPRINKLER - FORNECIMENTO E INSTALAÇÃO. AF_12/2015","UN","41,38"]
[92684,"TÊ, EM FERRO GALVANIZADO, CONEXÃO ROSQUEADA, DN 50 (2\"), INSTALADO EM REDE DE ALIMENTAÇÃO PARA SPRINKLER - FORNECIMENTO E INSTALAÇÃO. AF_12/2015","UN","54,99"]
[92685,"TÊ, EM FERRO GALVANIZADO, CONEXÃO ROSQUEADA, DN 65 (2 1/2\"), INSTALADO EM REDE DE ALIMENTAÇÃO PARA SPRINKLER - FORNECIMENTO E INSTALAÇÃO. AF_12/2015","UN","86,60"]
[92686,"TÊ, EM FERRO GALVANIZADO, CONEXÃO ROSQUEADA, DN 80 (3\"), INSTALADO EM REDE DE ALIMENTAÇÃO PARA SPRINKLER - FORNECIMENTO E INSTALAÇÃO. AF_12/2015","UN","109,91"]
[92692,"NIPLE, EM FERRO GALVANIZADO, CONEXÃO ROSQUEADA, DN 15 (1/2\"), INSTALADO EM RAMAIS E SUB-RAMAIS DE GÁS - FORNECIMENTO E INSTALAÇÃO. AF_12/2015","UN","8,10"]
[92693,"LUVA, EM FERRO GALVANIZADO, CONEXÃO ROSQUEADA, DN 15 (1/2\"), INSTALADO EM RAMAIS E SUB-RAMAIS DE GÁS - FORNECIMENTO E INSTALAÇÃO. AF_12/2015","UN","8,30"]
[92694,"NIPLE, EM FERRO GALVANIZADO, CONEXÃO ROSQUEADA, DN 20 (3/4\"), INSTALADO EM RAMAIS E SUB-RAMAIS DE GÁS - FORNECIMENTO E INSTALAÇÃO. AF_12/2015","UN","12,98"]
[92695,"LUVA, EM FERRO GALVANIZADO, CONEXÃO ROSQUEADA, DN 20 (3/4\"), INSTALADO EM RAMAIS E SUB-RAMAIS DE GÁS - FORNECIMENTO E INSTALAÇÃO. AF_12/2015","UN","13,18"]
[92696,"NIPLE, EM FERRO GALVANIZADO, CONEXÃO ROSQUEADA, DN 25 (1\"), INSTALADO EM RAMAIS E SUB-RAMAIS DE GÁS - FORNECIMENTO E INSTALAÇÃO. AF_12/2015","UN","20,40"]
[92697,"LUVA, EM FERRO GALVANIZADO, CONEXÃO ROSQUEADA, DN 25 (1\"), INSTALADO EM RAMAIS E SUB-RAMAIS DE GÁS - FORNECIMENTO E INSTALAÇÃO. AF_12/2015","UN","21,31"]
[92698,"JOELHO 45 GRAUS, EM FERRO GALVANIZADO, CONEXÃO ROSQUEADA, DN 15 (1/2\"), INSTALADO EM RAMAIS E SUB-RAMAIS DE GÁS - FORNECIMENTO E INSTALAÇÃO. AF_12/2015","UN","11,98"]
[92699,"JOELHO 90 GRAUS, EM FERRO GALVANIZADO, CONEXÃO ROSQUEADA, DN 15 (1/2\"), INSTALADO EM RAMAIS E SUB-RAMAIS DE GÁS - FORNECIMENTO E INSTALAÇÃO. AF_12/2015","UN","11,33"]
[92700,"JOELHO 45 GRAUS, EM FERRO GALVANIZADO, CONEXÃO ROSQUEADA, DN 20 (3/4\"), INSTALADO EM RAMAIS E SUB-RAMAIS DE GÁS - FORNECIMENTO E INSTALAÇÃO. AF_12/2015","UN","19,66"]
[92701,"JOELHO 90 GRAUS, EM FERRO GALVANIZADO, CONEXÃO ROSQUEADA, DN 20 (3/4\"), INSTALADO EM RAMAIS E SUB-RAMAIS DE GÁS - FORNECIMENTO E INSTALAÇÃO. AF_12/2015","UN","18,69"]
[92702,"JOELHO 45 GRAUS, EM FERRO GALVANIZADO, CONEXÃO ROSQUEADA, DN 25 (1\"), INSTALADO EM RAMAIS E SUB-RAMAIS DE GÁS - FORNECIMENTO E INSTALAÇÃO. AF_12/2015","UN","30,88"]
[92703,"JOELHO 90 GRAUS, EM FERRO GALVANIZADO, CONEXÃO ROSQUEADA, DN 25 (1\"), INSTALADO EM RAMAIS E SUB-RAMAIS DE GÁS - FORNECIMENTO E INSTALAÇÃO. AF_12/2015","UN","29,68"]
[92704,"TÊ, EM FERRO GALVANIZADO, CONEXÃO ROSQUEADA, DN 15 (1/2\"), INSTALADO EM RAMAIS E SUB-RAMAIS DE GÁS - FORNECIMENTO E INSTALAÇÃO. AF_12/2015","UN","15,25"]
[92705,"TÊ, EM FERRO GALVANIZADO, CONEXÃO ROSQUEADA, DN 20 (3/4\"), INSTALADO EM RAMAIS E SUB-RAMAIS DE GÁS - FORNECIMENTO E INSTALAÇÃO. AF_12/2015","UN","24,72"]
[92706,"TÊ, EM FERRO GALVANIZADO, CONEXÃO ROSQUEADA, DN 25 (1\"), INSTALADO EM RAMAIS E SUB-RAMAIS DE GÁS - FORNECIMENTO E INSTALAÇÃO. AF_12/2015","UN","40,05"]
[92889,"UNIÃO, EM FERRO GALVANIZADO, DN 50 (2\"), CONEXÃO ROSQUEADA, INSTALADO EM PRUMADAS - FORNECIMENTO E INSTALAÇÃO. AF_12/2015","UN","69,83"]
[92890,"UNIÃO, EM FERRO GALVANIZADO, DN 65 (2 1/2\"), CONEXÃO ROSQUEADA, INSTALADO EM PRUMADAS - FORNECIMENTO E INSTALAÇÃO. AF_12/2015","UN","104,35"]
[92891,"UNIÃO, EM FERRO GALVANIZADO, DN 80 (3\"), CONEXÃO ROSQUEADA, INSTALADO EM PRUMADAS - FORNECIMENTO E INSTALAÇÃO. AF_12/2015","UN","151,54"]
[92892,"UNIÃO, EM FERRO GALVANIZADO, DN 25 (1\"), CONEXÃO ROSQUEADA, INSTALADO EM REDE DE ALIMENTAÇÃO PARA HIDRANTE - FORNECIMENTO E INSTALAÇÃO. AF_12/2015","UN","31,30"]
[92893,"UNIÃO, EM FERRO GALVANIZADO, DN 32 (1 1/4\"), CONEXÃO ROSQUEADA, INSTALADO EM REDE DE ALIMENTAÇÃO PARA HIDRANTE - FORNECIMENTO E INSTALAÇÃO. AF_12/2015","UN","43,66"]
[92894,"UNIÃO, EM FERRO GALVANIZADO, DN 40 (1 1/2\"), CONEXÃO ROSQUEADA, INSTALADO EM REDE DE ALIMENTAÇÃO PARA HIDRANTE - FORNECIMENTO E INSTALAÇÃO. AF_12/2015","UN","51,87"]
[92895,"UNIÃO, EM FERRO GALVANIZADO, DN 50 (2\"), CONEXÃO ROSQUEADA, INSTALADO EM REDE DE ALIMENTAÇÃO PARA HIDRANTE - FORNECIMENTO E INSTALAÇÃO. AF_12/2015","UN","69,80"]
[92896,"UNIÃO, EM FERRO GALVANIZADO, DN 65 (2 1/2\"), CONEXÃO ROSQUEADA, INSTALADO EM REDE DE ALIMENTAÇÃO PARA HIDRANTE - FORNECIMENTO E INSTALAÇÃO. AF_12/2015","UN","105,37"]
[92897,"UNIÃO, EM FERRO GALVANIZADO, DN 80 (3\"), CONEXÃO ROSQUEADA, INSTALADO EM REDE DE ALIMENTAÇÃO PARA HIDRANTE - FORNECIMENTO E INSTALAÇÃO. AF_12/2015","UN","153,65"]
[92898,"UNIÃO, EM FERRO GALVANIZADO, CONEXÃO ROSQUEADA, DN 25 (1\"), INSTALADO EM REDE DE ALIMENTAÇÃO PARA SPRINKLER - FORNECIMENTO E INSTALAÇÃO. AF_12/2015","UN","25,59"]
[92899,"UNIÃO, EM FERRO GALVANIZADO, CONEXÃO ROSQUEADA, DN 32 (1 1/4\"), INSTALADO EM REDE DE ALIMENTAÇÃO PARA SPRINKLER - FORNECIMENTO E INSTALAÇÃO. AF_12/2015","UN","37,17"]
[92900,"UNIÃO, EM FERRO GALVANIZADO, CONEXÃO ROSQUEADA, DN 40 (1 1/2\"), INSTALADO EM REDE DE ALIMENTAÇÃO PARA SPRINKLER - FORNECIMENTO E INSTALAÇÃO. AF_12/2015","UN","44,47"]
[92901,"UNIÃO, EM FERRO GALVANIZADO, CONEXÃO ROSQUEADA, DN 50 (2\"), INSTALADO EM REDE DE ALIMENTAÇÃO PARA SPRINKLER - FORNECIMENTO E INSTALAÇÃO. AF_12/2015","UN","61,28"]
[92902,"UNIÃO, EM FERRO GALVANIZADO, CONEXÃO ROSQUEADA, DN 65 (2 1/2\"), INSTALADO EM REDE DE ALIMENTAÇÃO PARA SPRINKLER - FORNECIMENTO E INSTALAÇÃO. AF_12/2015","UN","95,17"]
[92903,"UNIÃO, EM FERRO GALVANIZADO, CONEXÃO ROSQUEADA, DN 80 (3\"), INSTALADO EM REDE DE ALIMENTAÇÃO PARA SPRINKLER - FORNECIMENTO E INSTALAÇÃO. AF_12/2015","UN","141,79"]
[92904,"UNIÃO, EM FERRO GALVANIZADO, CONEXÃO ROSQUEADA, DN 15 (1/2\"), INSTALADO EM RAMAIS E SUB-RAMAIS DE GÁS - FORNECIMENTO E INSTALAÇÃO. AF_12/2015","UN","17,24"]
[92905,"UNIÃO, EM FERRO GALVANIZADO, CONEXÃO ROSQUEADA, DN 20 (3/4\"), INSTALADO EM RAMAIS E SUB-RAMAIS DE GÁS - FORNECIMENTO E INSTALAÇÃO. AF_12/2015","UN","24,92"]
[92906,"UNIÃO, EM FERRO GALVANIZADO, CONEXÃO ROSQUEADA, DN 25 (1\"), INSTALADO EM RAMAIS E SUB-RAMAIS DE GÁS - FORNECIMENTO E INSTALAÇÃO. AF_12/2015","UN","31,05"]
[92907,"LUVA DE REDUÇÃO, EM FERRO GALVANIZADO, 2\" X 1 1/2\", CONEXÃO ROSQUEADA, INSTALADO EM PRUMADAS - FORNECIMENTO E INSTALAÇÃO. AF_12/2015","UN","38,99"]
[92908,"LUVA DE REDUÇÃO, EM FERRO GALVANIZADO, 2\" X 1 1/4\", CONEXÃO ROSQUEADA, INSTALADO EM PRUMADAS - FORNECIMENTO E INSTALAÇÃO. AF_12/2015","UN","38,99"]
[92909,"LUVA DE REDUÇÃO, EM FERRO GALVANIZADO, 2\" X 1\", CONEXÃO ROSQUEADA, INSTALADO EM PRUMADAS - FORNECIMENTO E INSTALAÇÃO. AF_12/2015","UN","38,99"]
[92910,"LUVA DE REDUÇÃO, EM FERRO GALVANIZADO, 2 1/2\" X 1 1/2\", CONEXÃO ROSQUEADA, INSTALADO EM PRUMADAS - FORNECIMENTO E INSTALAÇÃO. AF_12/2015","UN","55,23"]
[92911,"LUVA DE REDUÇÃO, EM FERRO GALVANIZADO, 2 1/2\" X 2\", CONEXÃO ROSQUEADA, INSTALADO EM PRUMADAS - FORNECIMENTO E INSTALAÇÃO. AF_12/2015","UN","55,23"]
[92912,"LUVA DE REDUÇÃO, EM FERRO GALVANIZADO, 3\" X 1 1/2\", CONEXÃO ROSQUEADA, INSTALADO EM PRUMADAS - FORNECIMENTO E INSTALAÇÃO. AF_12/2015","UN","72,81"]
[92913,"LUVA DE REDUÇÃO, EM FERRO GALVANIZADO, 3\" X 2 1/2\", CONEXÃO ROSQUEADA, INSTALADO EM PRUMADAS - FORNECIMENTO E INSTALAÇÃO. AF_12/2015","UN","74,58"]
[92914,"LUVA DE REDUÇÃO, EM FERRO GALVANIZADO, 3\" X 2\", CONEXÃO ROSQUEADA, INSTALADO EM PRUMADAS - FORNECIMENTO E INSTALAÇÃO. AF_12/2015","UN","74,58"]
[92918,"LUVA DE REDUÇÃO, EM FERRO GALVANIZADO, 1\" X 1/2\", CONEXÃO ROSQUEADA, INSTALADO EM REDE DE ALIMENTAÇÃO PARA HIDRANTE - FORNECIMENTO E INSTALAÇÃO. AF_12/2015","UN","21,48"]
[92920,"LUVA DE REDUÇÃO, EM FERRO GALVANIZADO, 1\" X 3/4\", CONEXÃO ROSQUEADA, INSTALADO EM REDE DE ALIMENTAÇÃO PARA HIDRANTE - FORNECIMENTO E INSTALAÇÃO. AF_12/2015","UN","21,61"]
[92925,"LUVA DE REDUÇÃO, EM FERRO GALVANIZADO, 1 1/4\" X 1\", CONEXÃO ROSQUEADA, INSTALADO EM REDE DE ALIMENTAÇÃO PARA HIDRANTE - FORNECIMENTO E INSTALAÇÃO. AF_12/2015","UN","26,22"]
[92926,"LUVA DE REDUÇÃO, EM FERRO GALVANIZADO, 1 1/4\" X 1/2\", CONEXÃO ROSQUEADA, INSTALADO EM REDE DE ALIMENTAÇÃO PARA HIDRANTE - FORNECIMENTO E INSTALAÇÃO. AF_12/2015","UN","26,21"]
[92927,"LUVA DE REDUÇÃO, EM FERRO GALVANIZADO, 1 1/4\" X 3/4\", CONEXÃO ROSQUEADA, INSTALADO EM REDE DE ALIMENTAÇÃO PARA HIDRANTE - FORNECIMENTO E INSTALAÇÃO. AF_12/2015","UN","26,21"]
[92928,"LUVA DE REDUÇÃO, EM FERRO GALVANIZADO, 1 1/2\" X 1 1/4\", CONEXÃO ROSQUEADA, INSTALADO EM REDE DE ALIMENTAÇÃO PARA HIDRANTE - FORNECIMENTO E INSTALAÇÃO. AF_12/2015","UN","29,83"]
[92929,"LUVA DE REDUÇÃO, EM FERRO GALVANIZADO, 1 1/2\" X 1\", CONEXÃO ROSQUEADA, INSTALADO EM REDE DE ALIMENTAÇÃO PARA HIDRANTE - FORNECIMENTO E INSTALAÇÃO. AF_12/2015","UN","29,83"]
[92930,"LUVA DE REDUÇÃO, EM FERRO GALVANIZADO, 1 1/2\" X 3/4\", CONEXÃO ROSQUEADA, INSTALADO EM REDE DE ALIMENTAÇÃO PARA HIDRANTE - FORNECIMENTO E INSTALAÇÃO. AF_12/2015","UN","29,83"]
[92931,"LUVA DE REDUÇÃO, EM FERRO GALVANIZADO, 2\" X 1 1/2\", CONEXÃO ROSQUEADA, INSTALADO EM REDE DE ALIMENTAÇÃO PARA HIDRANTE - FORNECIMENTO E INSTALAÇÃO. AF_12/2015","UN","38,96"]
[92932,"LUVA DE REDUÇÃO, EM FERRO GALVANIZADO, 2\" X 1 1/4\", CONEXÃO ROSQUEADA, INSTALADO EM REDE DE ALIMENTAÇÃO PARA HIDRANTE - FORNECIMENTO E INSTALAÇÃO. AF_12/2015","UN","38,96"]
[92933,"LUVA DE REDUÇÃO, EM FERRO GALVANIZADO, 2\" X 1\", CONEXÃO ROSQUEADA, INSTALADO EM REDE DE ALIMENTAÇÃO PARA HIDRANTE - FORNECIMENTO E INSTALAÇÃO. AF_12/2015","UN","38,96"]
[92934,"LUVA DE REDUÇÃO, EM FERRO GALVANIZADO, 2 1/2\" X 1 1/2\", CONEXÃO ROSQUEADA, INSTALADO EM REDE DE ALIMENTAÇÃO PARA HIDRANTE - FORNECIMENTO E INSTALAÇÃO. AF_12/2015","UN","56,25"]
[92935,"LUVA DE REDUÇÃO, EM FERRO GALVANIZADO, 2 1/2\" X 2\", CONEXÃO ROSQUEADA, INSTALADO EM REDE DE ALIMENTAÇÃO PARA HIDRANTE - FORNECIMENTO E INSTALAÇÃO. AF_12/2015","UN","56,25"]
[92936,"LUVA DE REDUÇÃO, EM FERRO GALVANIZADO, 3\" X 2 1/2\", CONEXÃO ROSQUEADA, INSTALADO EM REDE DE ALIMENTAÇÃO PARA HIDRANTE - FORNECIMENTO E INSTALAÇÃO. AF_12/2015","UN","76,69"]
[92937,"LUVA DE REDUÇÃO, EM FERRO GALVANIZADO, 3\" X 2\", CONEXÃO ROSQUEADA, INSTALADO EM REDE DE ALIMENTAÇÃO PARA HIDRANTE - FORNECIMENTO E INSTALAÇÃO. AF_12/2015","UN","76,69"]
[92938,"LUVA DE REDUÇÃO, EM FERRO GALVANIZADO, 1\" X 1/2\", CONEXÃO ROSQUEADA, INSTALADO EM REDE DE ALIMENTAÇÃO PARA SPRINKLER - FORNECIMENTO E INSTALAÇÃO. AF_12/2015","UN","15,77"]
[92939,"LUVA DE REDUÇÃO, EM FERRO GALVANIZADO, 1\" X 3/4\", CONEXÃO ROSQUEADA, INSTALADO EM REDE DE ALIMENTAÇÃO PARA SPRINKLER - FORNECIMENTO E INSTALAÇÃO. AF_12/2015","UN","15,90"]
[92940,"LUVA DE REDUÇÃO, EM FERRO GALVANIZADO, 1 1/4\" X 1\", CONEXÃO ROSQUEADA, INSTALADO EM REDE DE ALIMENTAÇÃO PARA SPRINKLER - FORNECIMENTO E INSTALAÇÃO. AF_12/2015","UN","19,73"]
[92941,"LUVA DE REDUÇÃO, EM FERRO GALVANIZADO, 1 1/4\" X 1/2\", CONEXÃO ROSQUEADA, INSTALADO EM REDE DE ALIMENTAÇÃO PARA SPRINKLER - FORNECIMENTO E INSTALAÇÃO. AF_12/2015","UN","19,72"]
[92942,"LUVA DE REDUÇÃO, EM FERRO GALVANIZADO, 1 1/4\" X 3/4\", CONEXÃO ROSQUEADA, INSTALADO EM REDE DE ALIMENTAÇÃO PARA SPRINKLER - FORNECIMENTO E INSTALAÇÃO. AF_12/2015","UN","19,72"]
[92943,"LUVA DE REDUÇÃO, EM FERRO GALVANIZADO, 1 1/2\" X 1 1/4\", CONEXÃO ROSQUEADA, INSTALADO EM REDE DE ALIMENTAÇÃO PARA SPRINKLER - FORNECIMENTO E INSTALAÇÃO. AF_12/2015","UN","22,43"]
[92944,"LUVA DE REDUÇÃO, EM FERRO GALVANIZADO, 1 1/2\" X 1\", CONEXÃO ROSQUEADA, INSTALADO EM REDE DE ALIMENTAÇÃO PARA SPRINKLER - FORNECIMENTO E INSTALAÇÃO. AF_12/2015","UN","22,43"]
[92945,"LUVA DE REDUÇÃO, EM FERRO GALVANIZADO, 1 1/2\" X 3/4\", CONEXÃO ROSQUEADA, INSTALADO EM REDE DE ALIMENTAÇÃO PARA SPRINKLER - FORNECIMENTO E INSTALAÇÃO. AF_12/2015","UN","22,43"]
[92946,"LUVA DE REDUÇÃO, EM FERRO GALVANIZADO, 2\" X 1 1/2\", CONEXÃO ROSQUEADA, INSTALADO EM REDE DE ALIMENTAÇÃO PARA SPRINKLER - FORNECIMENTO E INSTALAÇÃO. AF_12/2015","UN","30,44"]
[92947,"LUVA DE REDUÇÃO, EM FERRO GALVANIZADO, 2\" X 1 1/4\", CONEXÃO ROSQUEADA, INSTALADO EM REDE DE ALIMENTAÇÃO PARA SPRINKLER - FORNECIMENTO E INSTALAÇÃO. AF_12/2015","UN","30,44"]
[92948,"LUVA DE REDUÇÃO, EM FERRO GALVANIZADO, 2\" X 1\", CONEXÃO ROSQUEADA, INSTALADO EM REDE DE ALIMENTAÇÃO PARA SPRINKLER - FORNECIMENTO E INSTALAÇÃO. AF_12/2015","UN","30,44"]
[92949,"LUVA DE REDUÇÃO, EM FERRO GALVANIZADO, 2 1/2\" X 1 1/2\", CONEXÃO ROSQUEADA, INSTALADO EM REDE DE ALIMENTAÇÃO PARA SPRINKLER - FORNECIMENTO E INSTALAÇÃO. AF_12/2015","UN","46,05"]
[92950,"LUVA DE REDUÇÃO, EM FERRO GALVANIZADO, 2 1/2\" X 2\", CONEXÃO ROSQUEADA, INSTALADO EM REDE DE ALIMENTAÇÃO PARA SPRINKLER - FORNECIMENTO E INSTALAÇÃO. AF_12/2015","UN","46,05"]
[92951,"LUVA DE REDUÇÃO, EM FERRO GALVANIZADO, 3\" X 2 1/2\", CONEXÃO ROSQUEADA, INSTALADO EM REDE DE ALIMENTAÇÃO PARA SPRINKLER - FORNECIMENTO E INSTALAÇÃO. AF_12/2015","UN","64,83"]
[92952,"LUVA DE REDUÇÃO, EM FERRO GALVANIZADO, 3\" X 2\", CONEXÃO ROSQUEADA, INSTALADO EM REDE DE ALIMENTAÇÃO PARA SPRINKLER - FORNECIMENTO E INSTALAÇÃO. AF_12/2015","UN","64,83"]
[92953,"LUVA DE REDUÇÃO, EM FERRO GALVANIZADO, 3/4\" X 1/2\", CONEXÃO ROSQUEADA, INSTALADO EM RAMAIS E SUB-RAMAIS DE GÁS - FORNECIMENTO E INSTALAÇÃO. AF_12/2015","UN","13,84"]
[93050,"LUVA PASSANTE EM COBRE, DN 22 MM, SEM ANEL DE SOLDA, INSTALADO EM PRUMADA – FORNECIMENTO E INSTALAÇÃO. AF_01/2016","UN","6,11"]
[93051,"BUCHA DE REDUÇÃO EM COBRE, DN 22 MM X 15 MM, SEM ANEL DE SOLDA, BOLSA X BOLSA, INSTALADO EM PRUMADA – FORNECIMENTO E INSTALAÇÃO. AF_01/2016","UN","5,67"]
[93052,"JUNTA DE EXPANSÃO EM COBRE, DN 22 MM, PONTA X PONTA, INSTALADO EM PRUMADA – FORNECIMENTO E INSTALAÇÃO. AF_01/2016","UN","251,94"]
[93054,"CONECTOR EM BRONZE/LATÃO, DN 22 MM X 3/4\", SEM ANEL DE SOLDA, BOLSA X ROSCA F, INSTALADO EM PRUMADA – FORNECIMENTO E INSTALAÇÃO. AF_01/2016","UN","11,23"]
[93055,"CURVA DE TRANSPOSIÇÃO EM BRONZE/LATÃO, DN 22 MM, SEM ANEL DE SOLDA, BOLSA X BOLSA, INSTALADO EM PRUMADA – FORNECIMENTO E INSTALAÇÃO. AF_01/2016","UN","22,39"]
[93056,"LUVA PASSANTE EM COBRE, DN 28 MM, SEM ANEL DE SOLDA, INSTALADO EM PRUMADA – FORNECIMENTO E INSTALAÇÃO. AF_01/2016","UN","8,79"]
[93057,"BUCHA DE REDUÇÃO EM COBRE, DN 28 MM X 22 MM, SEM ANEL DE SOLDA, PONTA X BOLSA, INSTALADO EM PRUMADA – FORNECIMENTO E INSTALAÇÃO. AF_01/2016","UN","7,74"]
[93058,"JUNTA DE EXPANSÃO EM COBRE, DN 28 MM, PONTA X PONTA, INSTALADO EM PRUMADA – FORNECIMENTO E INSTALAÇÃO. AF_01/2016","UN","277,09"]
[93059,"CONECTOR EM BRONZE/LATÃO, DN 28 MM X 1/2\", SEM ANEL DE SOLDA, BOLSA X ROSCA F, INSTALADO EM PRUMADA – FORNECIMENTO E INSTALAÇÃO. AF_01/2016","UN","15,32"]
[93060,"CURVA DE TRANSPOSIÇÃO EM BRONZE/LATÃO, DN 28 MM, SEM ANEL DE SOLDA, BOLSA X BOLSA, INSTALADO EM PRUMADA – FORNECIMENTO E INSTALAÇÃO. AF_01/2016","UN","38,72"]
[93061,"LUVA PASSANTE EM COBRE, DN 35 MM, SEM ANEL DE SOLDA, INSTALADO EM PRUMADA – FORNECIMENTO E INSTALAÇÃO. AF_01/2016","UN","16,04"]
[93062,"BUCHA DE REDUÇÃO EM COBRE, DN 35 MM X 28 MM, SEM ANEL DE SOLDA, PONTA X BOLSA, INSTALADO EM PRUMADA – FORNECIMENTO E INSTALAÇÃO. AF_01/2016","UN","14,02"]
[93063,"JUNTA DE EXPANSÃO EM BRONZE/LATÃO, DN 35 MM, PONTA X PONTA, INSTALADO EM PRUMADA – FORNECIMENTO E INSTALAÇÃO. AF_01/2016","UN","317,38"]
[93064,"LUVA PASSANTE EM COBRE, DN 42 MM, SEM ANEL DE SOLDA, INSTALADO EM PRUMADA – FORNECIMENTO E INSTALAÇÃO. AF_01/2016","UN","24,51"]
[93065,"BUCHA DE REDUÇÃO EM COBRE, DN 42 MM X 35 MM, SEM ANEL DE SOLDA, PONTA X BOLSA, INSTALADO EM PRUMADA – FORNECIMENTO E INSTALAÇÃO. AF_01/2016","UN","23,01"]
[93066,"JUNTA DE EXPANSÃO EM BRONZE/LATÃO, DN 42 MM, PONTA X PONTA, INSTALADO EM PRUMADA – FORNECIMENTO E INSTALAÇÃO. AF_01/2016","UN","398,36"]
[93067,"LUVA PASSANTE EM COBRE, DN 54 MM, SEM ANEL DE SOLDA, INSTALADO EM PRUMADA – FORNECIMENTO E INSTALAÇÃO. AF_01/2016","UN","36,14"]
[93068,"BUCHA DE REDUÇÃO EM COBRE, DN 54 MM X 42 MM, SEM ANEL DE SOLDA, PONTA X BOLSA, INSTALADO EM PRUMADA – FORNECIMENTO E INSTALAÇÃO. AF_01/2016","UN","31,75"]
[93069,"JUNTA DE EXPANSÃO EM BRONZE/LATÃO, DN 54 MM, PONTA X PONTA, INSTALADO EM PRUMADA – FORNECIMENTO E INSTALAÇÃO. AF_01/2016","UN","551,96"]
[93070,"LUVA PASSANTE EM COBRE, DN 66 MM, SEM ANEL DE SOLDA, INSTALADO EM PRUMADA – FORNECIMENTO E INSTALAÇÃO. AF_01/2016","UN","89,82"]
[93071,"BUCHA DE REDUÇÃO EM COBRE, DN 66 MM X 54 MM, SEM ANEL DE SOLDA, PONTA X BOLSA, INSTALADO EM PRUMADA – FORNECIMENTO E INSTALAÇÃO. AF_01/2016","UN","83,49"]
[93072,"JUNTA DE EXPANSÃO EM BRONZE/LATÃO, DN 66 MM, PONTA X PONTA, INSTALADO EM PRUMADA – FORNECIMENTO E INSTALAÇÃO. AF_01/2016","UN","728,10"]
[93073,"TE DUPLA CURVA EM BRONZE/LATÃO, DN 3/4\" X 22 MM X 3/4\", SEM ANEL DE SOLDA, ROSCA F X BOLSA X ROSCA F, INSTALADO EM PRUMADA – FORNECIMENTO E INSTALAÇÃO. AF_01/2016","UN","41,02"]
[93074,"CURVA EM COBRE, DN 15 MM, 45 GRAUS, SEM ANEL DE SOLDA, BOLSA X BOLSA, INSTALADO EM RAMAL DE DISTRIBUIÇÃO – FORNECIMENTO E INSTALAÇÃO. AF_01/2016","UN","7,13"]
[93075,"COTOVELO EM BRONZE/LATÃO, DN 15 MM X 1/2\", 90 GRAUS, SEM ANEL DE SOLDA, BOLSA X ROSCA F, INSTALADO EM RAMAL DE DISTRIBUIÇÃO – FORNECIMENTO E INSTALAÇÃO. AF_01/2016","UN","11,31"]
[93076,"CURVA EM COBRE, DN 22 MM, 45 GRAUS, SEM ANEL DE SOLDA, BOLSA X BOLSA, INSTALADO EM RAMAL DE DISTRIBUIÇÃO – FORNECIMENTO E INSTALAÇÃO. AF_01/2016","UN","11,14"]
[93077,"COTOVELO EM BRONZE/LATÃO, DN 22 MM X 1/2\", 90 GRAUS, SEM ANEL DE SOLDA, BOLSA X ROSCA F, INSTALADO EM RAMAL DE DISTRIBUIÇÃO – FORNECIMENTO E INSTALAÇÃO. AF_01/2016","UN","15,83"]
[93078,"COTOVELO EM BRONZE/LATÃO, DN 22 MM X 3/4\", 90 GRAUS, SEM ANEL DE SOLDA, BOLSA X ROSCA F, INSTALADO EM RAMAL DE DISTRIBUIÇÃO – FORNECIMENTO E INSTALAÇÃO. AF_01/2016","UN","17,06"]
[93079,"CURVA EM COBRE, DN 28 MM, 45 GRAUS, SEM ANEL DE SOLDA, BOLSA X BOLSA, INSTALADO EM RAMAL DE DISTRIBUIÇÃO – FORNECIMENTO E INSTALAÇÃO. AF_01/2016","UN","15,28"]
[93080,"LUVA PASSANTE EM COBRE, DN 15 MM, SEM ANEL DE SOLDA, INSTALADO EM RAMAL DE DISTRIBUIÇÃO – FORNECIMENTO E INSTALAÇÃO. AF_01/2016","UN","4,68"]
[93081,"CONECTOR EM BRONZE/LATÃO, DN 15 MM X 1/2\", SEM ANEL DE SOLDA, BOLSA X ROSCA F, INSTALADO EM RAMAL DE DISTRIBUIÇÃO – FORNECIMENTO E INSTALAÇÃO. AF_01/2016","UN","9,97"]
[93082,"CURVA DE TRANSPOSIÇÃO EM BRONZE/LATÃO, DN 15 MM, SEM ANEL DE SOLDA, BOLSA X BOLSA, INSTALADO EM RAMAL DE DISTRIBUIÇÃO – FORNECIMENTO E INSTALAÇÃO. AF_01/2016","UN","12,09"]
[93083,"JUNTA DE EXPANSÃO EM COBRE, DN 15 MM, PONTA X PONTA, INSTALADO EM RAMAL DE DISTRIBUIÇÃO – FORNECIMENTO E INSTALAÇÃO. AF_01/2016","UN","218,06"]
[93084,"LUVA PASSANTE EM COBRE, DN 22 MM, SEM ANEL DE SOLDA, INSTALADO EM RAMAL DE DISTRIBUIÇÃO – FORNECIMENTO E INSTALAÇÃO. AF_01/2016","UN","7,39"]
[93085,"BUCHA DE REDUÇÃO EM COBRE, DN 22 MM X 15 MM, SEM ANEL DE SOLDA, PONTA X BOLSA, INSTALADO EM RAMAL DE DISTRIBUIÇÃO – FORNECIMENTO E INSTALAÇÃO. AF_01/2016","UN","6,95"]
[93086,"JUNTA DE EXPANSÃO EM COBRE, DN 22 MM, PONTA X PONTA, INSTALADO EM RAMAL DE DISTRIBUIÇÃO – FORNECIMENTO E INSTALAÇÃO. AF_01/2016","UN","253,22"]
[93087,"CONECTOR EM BRONZE/LATÃO, DN 22 MM X 1/2\", SEM ANEL DE SOLDA, BOLSA X ROSCA F, INSTALADO EM RAMAL DE DISTRIBUIÇÃO – FORNECIMENTO E INSTALAÇÃO. AF_01/2016","UN","10,88"]
[93088,"CONECTOR EM BRONZE/LATÃO, DN 22 MM X 3/4\", SEM ANEL DE SOLDA, BOLSA X ROSCA F, INSTALADO EM RAMAL DE DISTRIBUIÇÃO – FORNECIMENTO E INSTALAÇÃO. AF_01/2016","UN","12,61"]
[93089,"CURVA DE TRANSPOSIÇÃO EM BRONZE/LATÃO, DN 22 MM, SEM ANEL DE SOLDA, BOLSA X BOLSA, INSTALADO EM RAMAL DE DISTRIBUIÇÃO – FORNECIMENTO E INSTALAÇÃO. AF_01/2016","UN","23,67"]
[93090,"LUVA PASSANTE EM COBRE, DN 28 MM, SEM ANEL DE SOLDA, INSTALADO EM RAMAL DE DISTRIBUIÇÃO – FORNECIMENTO E INSTALAÇÃO. AF_01/2016","UN","10,07"]
[93091,"BUCHA DE REDUÇÃO EM COBRE, DN 28 MM X 22 MM, SEM ANEL DE SOLDA, INSTALADO EM RAMAL DE DISTRIBUIÇÃO – FORNECIMENTO E INSTALAÇÃO. AF_01/2016","UN","9,02"]
[93092,"JUNTA DE EXPANSÃO EM COBRE, DN 28 MM, PONTA X PONTA, INSTALADO EM RAMAL DE DISTRIBUIÇÃO – FORNECIMENTO E INSTALAÇÃO. AF_01/2016","UN","278,37"]
[93093,"CONECTOR EM BRONZE/LATÃO, DN 28 MM X 1/2\", SEM ANEL DE SOLDA, BOLSA X ROSCA F, INSTALADO EM RAMAL DE DISTRIBUIÇÃO – FORNECIMENTO E INSTALAÇÃO. AF_01/2016","UN","16,60"]
[93094,"CURVA DE TRANSPOSIÇÃO EM BRONZE/LATÃO, DN 28 MM, SEM ANEL DE SOLDA, BOLSA X BOLSA, INSTALADO EM RAMAL DE DISTRIBUIÇÃO – FORNECIMENTO E INSTALAÇÃO. AF_01/2016","UN","40,00"]
[93095,"TE DUPLA CURVA EM BRONZE/LATÃO, DN 1/2\" X 15 MM X 1/2\", SEM ANEL DE SOLDA, ROSCA F X BOLSA X ROSCA F, INSTALADO EM RAMAL DE DISTRIBUIÇÃO – FORNECIMENTO E INSTALAÇÃO. AF_01/2016","UN","30,79"]
[93096,"TE DUPLA CURVA EM BRONZE/LATÃO, DN 3/4\" X 22 MM X 3/4\", SEM ANEL DE SOLDA, ROSCA F X BOLSA X ROSCA F, INSTALADO EM RAMAL DE DISTRIBUIÇÃO – FORNECIMENTO E INSTALAÇÃO. AF_01/2016","UN","43,55"]
[93097,"CURVA EM COBRE, DN 15 MM, 45 GRAUS, SEM ANEL DE SOLDA, BOLSA X BOLSA, INSTALADO EM RAMAL E SUB-RAMAL – FORNECIMENTO E INSTALAÇÃO. AF_01/2016","UN","7,30"]
[93098,"COTOVELO EM BRONZE/LATÃO, DN 15 MM X 1/2\", 90 GRAUS, SEM ANEL DE SOLDA, BOLSA X ROSCA F, INSTALADO EM RAMAL E SUB-RAMAL – FORNECIMENTO E INSTALAÇÃO. AF_01/2016","UN","11,48"]
[93099,"CURVA EM COBRE, DN 22 MM, 45 GRAUS, SEM ANEL DE SOLDA, BOLSA X BOLSA, INSTALADO EM RAMAL E SUB-RAMAL – FORNECIMENTO E INSTALAÇÃO. AF_01/2016","UN","12,89"]
[93100,"COTOVELO EM BRONZE/LATÃO, DN 22 MM X 1/2\", 90 GRAUS, SEM ANEL DE SOLDA, BOLSA X ROSCA F, INSTALADO EM RAMAL E SUB-RAMAL – FORNECIMENTO E INSTALAÇÃO. AF_01/2016","UN","17,58"]
[93101,"COTOVELO EM BRONZE/LATÃO, DN 22 MM X 3/4\", 90 GRAUS, SEM ANEL DE SOLDA, BOLSA X ROSCA F, INSTALADO EM RAMAL E SUB-RAMAL – FORNECIMENTO E INSTALAÇÃO. AF_01/2016","UN","18,81"]
[93102,"CURVA EM COBRE, DN 28 MM, 45 GRAUS, SEM ANEL DE SOLDA, BOLSA X BOLSA, INSTALADO EM RAMAL E SUB-RAMAL – FORNECIMENTO E INSTALAÇÃO. AF_01/2016","UN","16,87"]
[93103,"LUVA PASSANTE EM COBRE, DN 15 MM, SEM ANEL DE SOLDA, INSTALADO EM RAMAL E SUB-RAMAL – FORNECIMENTO E INSTALAÇÃO. AF_01/2016","UN","4,80"]
[93104,"CONECTOR EM BRONZE/LATÃO, DN 15 MM X 1/2\", SEM ANEL DE SOLDA, BOLSA X ROSCA F, INSTALADO EM RAMAL E SUB-RAMAL – FORNECIMENTO E INSTALAÇÃO. AF_01/2016","UN","10,09"]
[93105,"CURVA DE TRANSPOSIÇÃO EM BRONZE/LATÃO, DN 15 MM, SEM ANEL DE SOLDA, BOLSA X BOLSA, INSTALADO EM RAMAL E SUB-RAMAL – FORNECIMENTO E INSTALAÇÃO. AF_01/2016","UN","12,21"]
[93106,"JUNTA DE EXPANSÃO EM COBRE, DN 15 MM, PONTA X PONTA, INSTALADO EM RAMAL E SUB-RAMAL – FORNECIMENTO E INSTALAÇÃO. AF_01/2016","UN","218,18"]
[93107,"LUVA PASSANTE EM COBRE, DN 22 MM, SEM ANEL DE SOLDA, INSTALADO EM RAMAL E SUB-RAMAL – FORNECIMENTO E INSTALAÇÃO. AF_01/2016","UN","8,53"]
[93108,"BUCHA DE REDUÇÃO EM COBRE, DN 22 MM X 15 MM, SEM ANEL DE SOLDA, PONTA X BOLSA, INSTALADO EM RAMAL E SUB-RAMAL – FORNECIMENTO E INSTALAÇÃO. AF_01/2016","UN","8,09"]
[93109,"JUNTA DE EXPANSÃO EM COBRE, DN 22 MM, PONTA X PONTA, INSTALADO EM RAMAL E SUB-RAMAL – FORNECIMENTO E INSTALAÇÃO. AF_01/2016","UN","254,36"]
[93110,"CONECTOR EM BRONZE/LATÃO, DN 22 MM X 1/2\", SEM ANEL DE SOLDA, BOLSA X ROSCA F, INSTALADO EM RAMAL E SUB-RAMAL – FORNECIMENTO E INSTALAÇÃO. AF_01/2016","UN","12,02"]
[93111,"CONECTOR EM BRONZE/LATÃO, DN 22 MM X 3/4\", SEM ANEL DE SOLDA, BOLSA X ROSCA F, INSTALADO EM RAMAL E SUB-RAMAL – FORNECIMENTO E INSTALAÇÃO. AF_01/2016","UN","13,65"]
[93112,"CURVA DE TRANSPOSIÇÃO EM BRONZE/LATÃO, DN 22 MM, SEM ANEL DE SOLDA, BOLSA X BOLSA, INSTALADO EM RAMAL E SUB-RAMAL – FORNECIMENTO E INSTALAÇÃO. AF_01/2016","UN","24,81"]
[93113,"LUVA PASSANTE EM COBRE, DN 28 MM, SEM ANEL DE SOLDA, INSTALADO EM RAMAL E SUB-RAMAL – FORNECIMENTO E INSTALAÇÃO. AF_01/2016","UN","12,14"]
[93114,"CONECTOR EM BRONZE/LATÃO, DN 28 MM X 1/2\", SEM ANEL DE SOLDA, BOLSA X ROSCA F, INSTALADO EM RAMAL E SUB-RAMAL – FORNECIMENTO E INSTALAÇÃO. AF_01/2016","UN","18,67"]
[93115,"CURVA DE TRANSPOSIÇÃO EM BRONZE/LATÃO, DN 28 MM, SEM ANEL DE SOLDA, BOLSA X BOLSA, INSTALADO EM RAMAL E SUB-RAMAL – FORNECIMENTO E INSTALAÇÃO. AF_01/2016","UN","42,07"]
[93116,"JUNTA DE EXPANSÃO EM COBRE, DN 28 MM, PONTA X PONTA, INSTALADO EM RAMAL E SUB-RAMAL – FORNECIMENTO E INSTALAÇÃO. AF_01/2016","UN","280,44"]
[93117,"TE DUPLA CURVA EM BRONZE/LATÃO, DN 1/2\" X 15 MM X 1/2\", SEM ANEL DE SOLDA, ROSCA F X BOLSA X ROSCA F, INSTALADO EM RAMAL E SUB-RAMAL – FORNECIMENTO E INSTALAÇÃO. AF_01/2016","UN","30,97"]
[93118,"TE DUPLA CURVA EM BRONZE/LATÃO, DN 3/4\" X 22 MM X 3/4\", SEM ANEL DE SOLDA, ROSCA F X BOLSA X ROSCA F, INSTALADO EM RAMAL E SUB-RAMAL – FORNECIMENTO E INSTALAÇÃO. AF_01/2016","UN","45,85"]
[93119,"CURVA EM COBRE, DN 22 MM, 45 GRAUS, SEM ANEL DE SOLDA, BOLSA X BOLSA, INSTALADO EM PRUMADA – FORNECIMENTO E INSTALAÇÃO. AF_01/2016","UN","9,26"]
[93120,"COTOVELO EM BRONZE/LATÃO, DN 22 MM X 1/2\", 90 GRAUS, SEM ANEL DE SOLDA, BOLSA X ROSCA F, INSTALADO EM PRUMADA – FORNECIMENTO E INSTALAÇÃO. AF_01/2016","UN","13,95"]
[93121,"COTOVELO EM BRONZE/LATÃO, DN 22 MM X 3/4\", 90 GRAUS, SEM ANEL DE SOLDA, BOLSA X ROSCA F, INSTALADO EM PRUMADA – FORNECIMENTO E INSTALAÇÃO. AF_01/2016","UN","15,18"]
[93122,"CURVA EM COBRE, DN 28 MM, 45 GRAUS, SEM ANEL DE SOLDA, BOLSA X BOLSA, INSTALADO EM PRUMADA – FORNECIMENTO E INSTALAÇÃO. AF_01/2016","UN","13,40"]
[93123,"CURVA EM COBRE, DN 35 MM, 45 GRAUS, SEM ANEL DE SOLDA, BOLSA X BOLSA, INSTALADO EM PRUMADA – FORNECIMENTO E INSTALAÇÃO. AF_01/2016","UN","28,73"]
[93124,"CURVA EM COBRE, DN 42 MM, 45 GRAUS, SEM ANEL DE SOLDA, BOLSA X BOLSA, INSTALADO EM PRUMADA – FORNECIMENTO E INSTALAÇÃO. AF_01/2016","UN","44,82"]
[93125,"CURVA EM COBRE, DN 54 MM, 45 GRAUS, SEM ANEL DE SOLDA, BOLSA X BOLSA, INSTALADO EM PRUMADA – FORNECIMENTO E INSTALAÇÃO. AF_01/2016","UN","64,97"]
[93126,"CURVA EM COBRE, DN 66 MM, 45 GRAUS, SEM ANEL DE SOLDA, BOLSA X BOLSA, INSTALADO EM PRUMADA – FORNECIMENTO E INSTALAÇÃO. AF_01/2016","UN","142,68"]
[93133,"BUCHA DE REDUÇÃO EM COBRE, DN 28 MM X 22 MM, SEM ANEL DE SOLDA, INSTALADO EM RAMAL E SUB-RAMAL – FORNECIMENTO E INSTALAÇÃO. AF_01/2016","UN","11,09"]
[94465,"LUVA, EM FERRO GALVANIZADO, CONEXÃO ROSQUEADA, DN 50 (2”), INSTALADO EM RESERVAÇÃO DE ÁGUA DE EDIFICAÇÃO QUE POSSUA RESERVATÓRIO DE FIBRA/FIBROCIMENTO – FORNECIMENTO E INSTALAÇÃO. AF_06/2016","UN","28,08"]
[94466,"NIPLE, EM FERRO GALVANIZADO, CONEXÃO ROSQUEADA, DN 50 (2”), INSTALADO EM RESERVAÇÃO DE ÁGUA DE EDIFICAÇÃO QUE POSSUA RESERVATÓRIO DE FIBRA/FIBROCIMENTO – FORNECIMENTO E INSTALAÇÃO. AF_06/2016","UN","28,10"]
[94467,"LUVA, EM FERRO GALVANIZADO, CONEXÃO ROSQUEADA, DN 65 (2 1/2”), INSTALADO EM RESERVAÇÃO DE ÁGUA DE EDIFICAÇÃO QUE POSSUA RESERVATÓRIO DE FIBRA/FIBROCIMENTO – FORNECIMENTO E INSTALAÇÃO. AF_06/2016","UN","42,29"]
[94468,"NIPLE, EM FERRO GALVANIZADO, CONEXÃO ROSQUEADA, DN 65 (2 1/2”), INSTALADO EM RESERVAÇÃO DE ÁGUA DE EDIFICAÇÃO QUE POSSUA RESERVATÓRIO DE FIBRA/FIBROCIMENTO – FORNECIMENTO E INSTALAÇÃO. AF_06/2016","UN","37,25"]
[94469,"LUVA, EM FERRO GALVANIZADO, CONEXÃO ROSQUEADA, DN 80 (3”), INSTALADO EM RESERVAÇÃO DE ÁGUA DE EDIFICAÇÃO QUE POSSUA RESERVATÓRIO DE FIBRA/FIBROCIMENTO – FORNECIMENTO E INSTALAÇÃO. AF_06/2016","UN","61,01"]
[94470,"NIPLE, EM FERRO GALVANIZADO, CONEXÃO ROSQUEADA, DN 80 (3”), INSTALADO EM RESERVAÇÃO DE ÁGUA DE EDIFICAÇÃO QUE POSSUA RESERVATÓRIO DE FIBRA/FIBROCIMENTO – FORNECIMENTO E INSTALAÇÃO. AF_06/2016","UN","56,52"]
[94471,"COTOVELO 90 GRAUS, EM FERRO GALVANIZADO, CONEXÃO ROSQUEADA, DN 50 (2”), INSTALADO EM RESERVAÇÃO DE ÁGUA DE EDIFICAÇÃO QUE POSSUA RESERVATÓRIO DE FIBRA/FIBROCIMENTO – FORNECIMENTO E INSTALAÇÃO. AF_06/2016","UN","40,58"]
[94472,"COTOVELO 45 GRAUS, EM FERRO GALVANIZADO, CONEXÃO ROSQUEADA, DN 50 (2”), INSTALADO EM RESERVAÇÃO DE ÁGUA DE EDIFICAÇÃO QUE POSSUA RESERVATÓRIO DE FIBRA/FIBROCIMENTO – FORNECIMENTO E INSTALAÇÃO. AF_06/2016","UN","41,70"]
[94473,"COTOVELO 90 GRAUS, EM FERRO GALVANIZADO, CONEXÃO ROSQUEADA, DN 65 (2 1/2”), INSTALADO EM RESERVAÇÃO DE ÁGUA DE EDIFICAÇÃO QUE POSSUA RESERVATÓRIO DE FIBRA/FIBROCIMENTO – FORNECIMENTO E INSTALAÇÃO. AF_06/2016","UN","60,66"]
[94474,"COTOVELO 45 GRAUS, EM FERRO GALVANIZADO, CONEXÃO ROSQUEADA, DN 65 (2 1/2”), INSTALADO EM RESERVAÇÃO DE ÁGUA DE EDIFICAÇÃO QUE POSSUA RESERVATÓRIO DE FIBRA/FIBROCIMENTO – FORNECIMENTO E INSTALAÇÃO. AF_06/2016","UN","65,59"]
[94475,"COTOVELO 90 GRAUS, EM FERRO GALVANIZADO, CONEXÃO ROSQUEADA, DN 80 (3”), INSTALADO EM RESERVAÇÃO DE ÁGUA DE EDIFICAÇÃO QUE POSSUA RESERVATÓRIO DE FIBRA/FIBROCIMENTO – FORNECIMENTO E INSTALAÇÃO. AF_06/2016","UN","82,97"]
[94476,"COTOVELO 45 GRAUS, EM FERRO GALVANIZADO, CONEXÃO ROSQUEADA, DN 80 (3”), INSTALADO EM RESERVAÇÃO DE ÁGUA DE EDIFICAÇÃO QUE POSSUA RESERVATÓRIO DE FIBRA/FIBROCIMENTO – FORNECIMENTO E INSTALAÇÃO. AF_06/2016","UN","92,48"]
[94477,"TÊ, EM FERRO GALVANIZADO, CONEXÃO ROSQUEADA, DN 50 (2”), INSTALADO EM RESERVAÇÃO DE ÁGUA DE EDIFICAÇÃO QUE POSSUA RESERVATÓRIO DE FIBRA/FIBROCIMENTO – FORNECIMENTO E INSTALAÇÃO. AF_06/2016","UN","54,02"]
[94478,"TÊ, EM FERRO GALVANIZADO, CONEXÃO ROSQUEADA, DN 65 (2 1/2”), INSTALADO EM RESERVAÇÃO DE ÁGUA DE EDIFICAÇÃO QUE POSSUA RESERVATÓRIO DE FIBRA/FIBROCIMENTO – FORNECIMENTO E INSTALAÇÃO. AF_06/2016","UN","83,28"]
[94479,"TÊ, EM FERRO GALVANIZADO, CONEXÃO ROSQUEADA, DN 80 (3”), INSTALADO EM RESERVAÇÃO DE ÁGUA DE EDIFICAÇÃO QUE POSSUA RESERVATÓRIO DE FIBRA/FIBROCIMENTO – FORNECIMENTO E INSTALAÇÃO. AF_06/2016","UN","109,65"]
[94606,"LUVA EM COBRE, DN 54 MM, SEM ANEL DE SOLDA, INSTALADO EM RESERVAÇÃO DE ÁGUA DE EDIFICAÇÃO QUE POSSUA RESERVATÓRIO DE FIBRA/FIBROCIMENTO – FORNECIMENTO E INSTALAÇÃO. AF_06/2016","UN","41,43"]
[94608,"LUVA EM COBRE, DN 66 MM, SEM ANEL DE SOLDA, INSTALADO EM RESERVAÇÃO DE ÁGUA DE EDIFICAÇÃO QUE POSSUA RESERVATÓRIO DE FIBRA/FIBROCIMENTO – FORNECIMENTO E INSTALAÇÃO. AF_06/2016","UN","97,07"]
[94610,"LUVA EM COBRE, DN 79 MM, SEM ANEL DE SOLDA, INSTALADO EM RESERVAÇÃO DE ÁGUA DE EDIFICAÇÃO QUE POSSUA RESERVATÓRIO DE FIBRA/FIBROCIMENTO – FORNECIMENTO E INSTALAÇÃO. AF_06/2016","UN","142,89"]
[94612,"LUVA DE COBRE, DN 104 MM, SEM ANEL DE SOLDA, INSTALADO EM RESERVAÇÃO DE ÁGUA DE EDIFICAÇÃO QUE POSSUA RESERVATÓRIO DE FIBRA/FIBROCIMENTO – FORNECIMENTO E INSTALAÇÃO. AF_06/2016","UN","199,06"]
[94614,"COTOVELO EM COBRE, DN 54 MM, 90 GRAUS, SEM ANEL DE SOLDA, INSTALADO EM RESERVAÇÃO DE ÁGUA DE EDIFICAÇÃO QUE POSSUA RESERVATÓRIO DE FIBRA/FIBROCIMENTO – FORNECIMENTO E INSTALAÇÃO. AF_06/2016","UN","69,47"]
[94615,"CURVA EM COBRE, DN 54 MM, 45 GRAUS, SEM ANEL DE SOLDA, BOLSA X BOLSA, INSTALADO EM RESERVAÇÃO DE ÁGUA DE EDIFICAÇÃO QUE POSSUA RESERVATÓRIO DE FIBRA/FIBROCIMENTO – FORNECIMENTO E INSTALAÇÃO. AF_06/2016","UN","78,20"]
[94616,"COTOVELO EM COBRE, DN 66 MM, 90 GRAUS, SEM ANEL DE SOLDA, INSTALADO EM RESERVAÇÃO DE ÁGUA DE EDIFICAÇÃO QUE POSSUA RESERVATÓRIO DE FIBRA/FIBROCIMENTO – FORNECIMENTO E INSTALAÇÃO. AF_06/2016","UN","184,25"]
[94617,"CURVA EM COBRE, DN 66 MM, 45 GRAUS, SEM ANEL DE SOLDA, BOLSA X BOLSA, INSTALADO EM RESERVAÇÃO DE ÁGUA DE EDIFICAÇÃO QUE POSSUA RESERVATÓRIO DE FIBRA/FIBROCIMENTO – FORNECIMENTO E INSTALAÇÃO. AF_06/2016","UN","153,89"]
[94618,"COTOVELO EM COBRE, DN 79 MM, 90 GRAUS, SEM ANEL DE SOLDA, INSTALADO EM RESERVAÇÃO DE ÁGUA DE EDIFICAÇÃO QUE POSSUA RESERVATÓRIO DE FIBRA/FIBROCIMENTO – FORNECIMENTO E INSTALAÇÃO. AF_06/2016","UN","181,46"]
[94620,"COTOVELO EM COBRE, DN 104 MM, 90 GRAUS, SEM ANEL DE SOLDA, INSTALADO EM RESERVAÇÃO DE ÁGUA DE EDIFICAÇÃO QUE POSSUA RESERVATÓRIO DE FIBRA/FIBROCIMENTO – FORNECIMENTO E INSTALAÇÃO. AF_06/2016","UN","408,60"]
[94622,"TE EM COBRE, DN 54 MM, SEM ANEL DE SOLDA, INSTALADO EM RESERVAÇÃO DE ÁGUA DE EDIFICAÇÃO QUE POSSUA RESERVATÓRIO DE FIBRA/FIBROCIMENTO – FORNECIMENTO E INSTALAÇÃO. AF_06/2016","UN","101,02"]
[94623,"TE EM COBRE, DN 66 MM, SEM ANEL DE SOLDA, INSTALADO EM RESERVAÇÃO DE ÁGUA DE EDIFICAÇÃO QUE POSSUA RESERVATÓRIO DE FIBRA/FIBROCIMENTO – FORNECIMENTO E INSTALAÇÃO. AF_06/2016","UN","228,69"]
[94624,"TE EM COBRE, DN 79 MM, SEM ANEL DE SOLDA, INSTALADO EM RESERVAÇÃO DE ÁGUA DE EDIFICAÇÃO QUE POSSUA RESERVATÓRIO DE FIBRA/FIBROCIMENTO – FORNECIMENTO E INSTALAÇÃO. AF_06/2016","UN","345,15"]
[94625,"TE EM COBRE, DN 104 MM, SEM ANEL DE SOLDA, INSTALADO EM RESERVAÇÃO DE ÁGUA DE EDIFICAÇÃO QUE POSSUA RESERVATÓRIO DE FIBRA/FIBROCIMENTO – FORNECIMENTO E INSTALAÇÃO. AF_06/2016","UN","710,49"]
[94656,"ADAPTADOR CURTO COM BOLSA E ROSCA PARA REGISTRO, PVC, SOLDÁVEL, DN  25 MM X 3/4 , INSTALADO EM RESERVAÇÃO DE ÁGUA DE EDIFICAÇÃO QUE POSSUA RESERVATÓRIO DE FIBRA/FIBROCIMENTO   FORNECIMENTO E INSTALAÇÃO. AF_06/2016","UN","4,22"]
[94657,"LUVA PVC, SOLDÁVEL, DN  25 MM, INSTALADA EM RESERVAÇÃO DE ÁGUA DE EDIFICAÇÃO QUE POSSUA RESERVATÓRIO DE FIBRA/FIBROCIMENTO   FORNECIMENTO E INSTALAÇÃO. AF_06/2016","UN","4,06"]
[94658,"ADAPTADOR CURTO COM BOLSA E ROSCA PARA REGISTRO, PVC, SOLDÁVEL, DN 32 MM X 1 , INSTALADO EM RESERVAÇÃO DE ÁGUA DE EDIFICAÇÃO QUE POSSUA RESERVATÓRIO DE FIBRA/FIBROCIMENTO   FORNECIMENTO E INSTALAÇÃO. AF_06/2016","UN","5,00"]
[94659,"LUVA PVC, SOLDÁVEL, DN 32 MM, INSTALADA EM RESERVAÇÃO DE ÁGUA DE EDIFICAÇÃO QUE POSSUA RESERVATÓRIO DE FIBRA/FIBROCIMENTO   FORNECIMENTO E INSTALAÇÃO. AF_06/2016","UN","4,77"]
[94660,"ADAPTADOR CURTO COM BOLSA E ROSCA PARA REGISTRO, PVC, SOLDÁVEL, DN 40 MM X 1 1/4 , INSTALADO EM RESERVAÇÃO DE ÁGUA DE EDIFICAÇÃO QUE POSSUA RESERVATÓRIO DE FIBRA/FIBROCIMENTO   FORNECIMENTO E INSTALAÇÃO. AF_06/2016","UN","8,09"]
[94661,"LUVA, PVC, SOLDÁVEL, DN 40 MM, INSTALADO EM RESERVAÇÃO DE ÁGUA DE EDIFICAÇÃO QUE POSSUA RESERVATÓRIO DE FIBRA/FIBROCIMENTO   FORNECIMENTO E INSTALAÇÃO. AF_06/2016","UN","8,25"]
[94662,"ADAPTADOR CURTO COM BOLSA E ROSCA PARA REGISTRO, PVC, SOLDÁVEL, DN 50 MM X 1 1/2 , INSTALADO EM RESERVAÇÃO DE ÁGUA DE EDIFICAÇÃO QUE POSSUA RESERVATÓRIO DE FIBRA/FIBROCIMENTO   FORNECIMENTO E INSTALAÇÃO. AF_06/2016","UN","8,75"]
[94663,"LUVA, PVC, SOLDÁVEL, DN 50 MM, INSTALADO EM RESERVAÇÃO DE ÁGUA DE EDIFICAÇÃO QUE POSSUA RESERVATÓRIO DE FIBRA/FIBROCIMENTO   FORNECIMENTO E INSTALAÇÃO. AF_06/2016","UN","8,77"]
[94664,"ADAPTADOR CURTO COM BOLSA E ROSCA PARA REGISTRO, PVC, SOLDÁVEL, DN 60 MM X 2 , INSTALADO EM RESERVAÇÃO DE ÁGUA DE EDIFICAÇÃO QUE POSSUA RESERVATÓRIO DE FIBRA/FIBROCIMENTO   FORNECIMENTO E INSTALAÇÃO. AF_06/2016","UN","18,49"]
[94665,"LUVA, PVC, SOLDÁVEL, DN 60 MM, INSTALADO EM RESERVAÇÃO DE ÁGUA DE EDIFICAÇÃO QUE POSSUA RESERVATÓRIO DE FIBRA/FIBROCIMENTO   FORNECIMENTO E INSTALAÇÃO. AF_06/2016","UN","19,20"]
[94666,"ADAPTADOR CURTO COM BOLSA E ROSCA PARA REGISTRO, PVC, SOLDÁVEL, DN 75 MM X 2 1/2 , INSTALADO EM RESERVAÇÃO DE ÁGUA DE EDIFICAÇÃO QUE POSSUA RESERVATÓRIO DE FIBRA/FIBROCIMENTO   FORNECIMENTO E INSTALAÇÃO. AF_06/2016","UN","24,97"]
[94667,"LUVA, PVC, SOLDÁVEL, DN 75 MM, INSTALADO EM RESERVAÇÃO DE ÁGUA DE EDIFICAÇÃO QUE POSSUA RESERVATÓRIO DE FIBRA/FIBROCIMENTO   FORNECIMENTO E INSTALAÇÃO. AF_06/2016","UN","23,99"]
[94668,"ADAPTADOR CURTO COM BOLSA E ROSCA PARA REGISTRO, PVC, SOLDÁVEL, DN 85 MM X 3 , INSTALADO EM RESERVAÇÃO DE ÁGUA DE EDIFICAÇÃO QUE POSSUA RESERVATÓRIO DE FIBRA/FIBROCIMENTO   FORNECIMENTO E INSTALAÇÃO. AF_06/2016","UN","40,41"]
[94669,"LUVA, PVC, SOLDÁVEL, DN 85 MM, INSTALADO EM RESERVAÇÃO DE ÁGUA DE EDIFICAÇÃO QUE POSSUA RESERVATÓRIO DE FIBRA/FIBROCIMENTO   FORNECIMENTO E INSTALAÇÃO. AF_06/2016","UN","50,13"]
[94670,"ADAPTADOR CURTO COM BOLSA E ROSCA PARA REGISTRO, PVC, SOLDÁVEL, DN 110 MM X 4 , INSTALADO EM RESERVAÇÃO DE ÁGUA DE EDIFICAÇÃO QUE POSSUA RESERVATÓRIO DE FIBRA/FIBROCIMENTO   FORNECIMENTO E INSTALAÇÃO. AF_06/2016","UN","54,57"]
[94671,"LUVA, PVC, SOLDÁVEL, DN 110 MM, INSTALADO EM RESERVAÇÃO DE ÁGUA DE EDIFICAÇÃO QUE POSSUA RESERVATÓRIO DE FIBRA/FIBROCIMENTO   FORNECIMENTO E INSTALAÇÃO. AF_06/2016","UN","73,22"]
[94672,"JOELHO 90 GRAUS COM BUCHA DE LATÃO, PVC, SOLDÁVEL, DN  25 MM, X 3/4” INSTALADO EM RESERVAÇÃO DE ÁGUA DE EDIFICAÇÃO QUE POSSUA RESERVATÓRIO DE FIBRA/FIBROCIMENTO   FORNECIMENTO E INSTALAÇÃO. AF_06/2016","UN","6,57"]
[94673,"CURVA 90 GRAUS, PVC, SOLDÁVEL, DN  25 MM, INSTALADO EM RESERVAÇÃO DE ÁGUA DE EDIFICAÇÃO QUE POSSUA RESERVATÓRIO DE FIBRA/FIBROCIMENTO   FORNECIMENTO E INSTALAÇÃO. AF_06/2016","UN","6,91"]
[94674,"JOELHO 90 GRAUS, PVC, SOLDÁVEL, DN 32 MM INSTALADO EM RESERVAÇÃO DE ÁGUA DE EDIFICAÇÃO QUE POSSUA RESERVATÓRIO DE FIBRA/FIBROCIMENTO   FORNECIMENTO E INSTALAÇÃO. AF_06/2016","UN","5,93"]
[94675,"CURVA 90 GRAUS, PVC, SOLDÁVEL, DN 32 MM, INSTALADO EM RESERVAÇÃO DE ÁGUA DE EDIFICAÇÃO QUE POSSUA RESERVATÓRIO DE FIBRA/FIBROCIMENTO   FORNECIMENTO E INSTALAÇÃO. AF_06/2016","UN","9,24"]
[94676,"JOELHO 90 GRAUS, PVC, SOLDÁVEL, DN 40 MM INSTALADO EM RESERVAÇÃO DE ÁGUA DE EDIFICAÇÃO QUE POSSUA RESERVATÓRIO DE FIBRA/FIBROCIMENTO   FORNECIMENTO E INSTALAÇÃO. AF_06/2016","UN","10,13"]
[94677,"CURVA 90 GRAUS, PVC, SOLDÁVEL, DN 40 MM, INSTALADO EM RESERVAÇÃO DE ÁGUA DE EDIFICAÇÃO QUE POSSUA RESERVATÓRIO DE FIBRA/FIBROCIMENTO   FORNECIMENTO E INSTALAÇÃO. AF_06/2016","UN","15,32"]
[94678,"JOELHO 90 GRAUS, PVC, SOLDÁVEL, DN 50 MM INSTALADO EM RESERVAÇÃO DE ÁGUA DE EDIFICAÇÃO QUE POSSUA RESERVATÓRIO DE FIBRA/FIBROCIMENTO   FORNECIMENTO E INSTALAÇÃO. AF_06/2016","UN","10,48"]
[94679,"CURVA 90 GRAUS, PVC, SOLDÁVEL, DN 50 MM, INSTALADO EM RESERVAÇÃO DE ÁGUA DE EDIFICAÇÃO QUE POSSUA RESERVATÓRIO DE FIBRA/FIBROCIMENTO   FORNECIMENTO E INSTALAÇÃO. AF_06/2016","UN","16,18"]
[94680,"JOELHO 90 GRAUS, PVC, SOLDÁVEL, DN 60 MM INSTALADO EM RESERVAÇÃO DE ÁGUA DE EDIFICAÇÃO QUE POSSUA RESERVATÓRIO DE FIBRA/FIBROCIMENTO   FORNECIMENTO E INSTALAÇÃO. AF_06/2016","UN","28,40"]
[94681,"CURVA 90 GRAUS, PVC, SOLDÁVEL, DN 60 MM, INSTALADO EM RESERVAÇÃO DE ÁGUA DE EDIFICAÇÃO QUE POSSUA RESERVATÓRIO DE FIBRA/FIBROCIMENTO   FORNECIMENTO E INSTALAÇÃO. AF_06/2016","UN","33,62"]
[94682,"JOELHO 90 GRAUS, PVC, SOLDÁVEL, DN 75 MM INSTALADO EM RESERVAÇÃO DE ÁGUA DE EDIFICAÇÃO QUE POSSUA RESERVATÓRIO DE FIBRA/FIBROCIMENTO   FORNECIMENTO E INSTALAÇÃO. AF_06/2016","UN","63,18"]
[94683,"CURVA 90 GRAUS, PVC, SOLDÁVEL, DN 75 MM, INSTALADO EM RESERVAÇÃO DE ÁGUA DE EDIFICAÇÃO QUE POSSUA RESERVATÓRIO DE FIBRA/FIBROCIMENTO   FORNECIMENTO E INSTALAÇÃO. AF_06/2016","UN","49,07"]
[94684,"JOELHO 90 GRAUS, PVC, SOLDÁVEL, DN 85 MM INSTALADO EM RESERVAÇÃO DE ÁGUA DE EDIFICAÇÃO QUE POSSUA RESERVATÓRIO DE FIBRA/FIBROCIMENTO   FORNECIMENTO E INSTALAÇÃO. AF_06/2016","UN","79,46"]
[94685,"CURVA 90 GRAUS, PVC, SOLDÁVEL, DN 85 MM, INSTALADO EM RESERVAÇÃO DE ÁGUA DE EDIFICAÇÃO QUE POSSUA RESERVATÓRIO DE FIBRA/FIBROCIMENTO   FORNECIMENTO E INSTALAÇÃO. AF_06/2016","UN","66,24"]
[94686,"JOELHO 90 GRAUS, PVC, SOLDÁVEL, DN 110 MM INSTALADO EM RESERVAÇÃO DE ÁGUA DE EDIFICAÇÃO QUE POSSUA RESERVATÓRIO DE FIBRA/FIBROCIMENTO   FORNECIMENTO E INSTALAÇÃO. AF_06/2016","UN","155,48"]
[94687,"CURVA 90 GRAUS, PVC, SOLDÁVEL, DN 110 MM, INSTALADO EM RESERVAÇÃO DE ÁGUA DE EDIFICAÇÃO QUE POSSUA RESERVATÓRIO DE FIBRA/FIBROCIMENTO   FORNECIMENTO E INSTALAÇÃO. AF_06/2016","UN","115,10"]
[94688,"TÊ, PVC, SOLDÁVEL, DN  25 MM INSTALADO EM RESERVAÇÃO DE ÁGUA DE EDIFICAÇÃO QUE POSSUA RESERVATÓRIO DE FIBRA/FIBROCIMENTO   FORNECIMENTO E INSTALAÇÃO. AF_06/2016","UN","7,12"]
[94689,"TÊ COM BUCHA DE LATÃO NA BOLSA CENTRAL, PVC, SOLDÁVEL, DN  25 MM X 3/4 , INSTALADO EM RESERVAÇÃO DE ÁGUA DE EDIFICAÇÃO QUE POSSUA RESERVATÓRIO DE FIBRA/FIBROCIMENTO   FORNECIMENTO E INSTALAÇÃO. AF_06/2016","UN","8,66"]
[94690,"TÊ, PVC, SOLDÁVEL, DN 32 MM INSTALADO EM RESERVAÇÃO DE ÁGUA DE EDIFICAÇÃO QUE POSSUA RESERVATÓRIO DE FIBRA/FIBROCIMENTO   FORNECIMENTO E INSTALAÇÃO. AF_06/2016","UN","8,37"]
[94691,"TÊ DE REDUÇÃO, PVC, SOLDÁVEL, DN 32 MM X  25 MM, INSTALADO EM RESERVAÇÃO DE ÁGUA DE EDIFICAÇÃO QUE POSSUA RESERVATÓRIO DE FIBRA/FIBROCIMENTO   FORNECIMENTO E INSTALAÇÃO. AF_06/2016","UN","10,15"]
[94692,"TÊ, PVC, SOLDÁVEL, DN 40 MM INSTALADO EM RESERVAÇÃO DE ÁGUA DE EDIFICAÇÃO QUE POSSUA RESERVATÓRIO DE FIBRA/FIBROCIMENTO   FORNECIMENTO E INSTALAÇÃO. AF_06/2016","UN","14,97"]
[94693,"TÊ DE REDUÇÃO, PVC, SOLDÁVEL, DN 40 MM X 32 MM, INSTALADO EM RESERVAÇÃO DE ÁGUA DE EDIFICAÇÃO QUE POSSUA RESERVATÓRIO DE FIBRA/FIBROCIMENTO   FORNECIMENTO E INSTALAÇÃO. AF_06/2016","UN","14,88"]
[94694,"TÊ, PVC, SOLDÁVEL, DN 50 MM INSTALADO EM RESERVAÇÃO DE ÁGUA DE EDIFICAÇÃO QUE POSSUA RESERVATÓRIO DE FIBRA/FIBROCIMENTO   FORNECIMENTO E INSTALAÇÃO. AF_06/2016","UN","15,67"]
[94695,"TÊ DE REDUÇÃO, PVC, SOLDÁVEL, DN 50 MM X 40 MM, INSTALADO EM RESERVAÇÃO DE ÁGUA DE EDIFICAÇÃO QUE POSSUA RESERVATÓRIO DE FIBRA/FIBROCIMENTO   FORNECIMENTO E INSTALAÇÃO. AF_06/2016","UN","18,74"]
[94696,"TÊ, PVC, SOLDÁVEL, DN 60 MM INSTALADO EM RESERVAÇÃO DE ÁGUA DE EDIFICAÇÃO QUE POSSUA RESERVATÓRIO DE FIBRA/FIBROCIMENTO   FORNECIMENTO E INSTALAÇÃO. AF_06/2016","UN","34,58"]
[94697,"TÊ, PVC, SOLDÁVEL, DN 75 MM INSTALADO EM RESERVAÇÃO DE ÁGUA DE EDIFICAÇÃO QUE POSSUA RESERVATÓRIO DE FIBRA/FIBROCIMENTO   FORNECIMENTO E INSTALAÇÃO. AF_06/2016","UN","50,52"]
[94698,"TÊ DE REDUÇÃO, PVC, SOLDÁVEL, DN 75 MM X 50 MM, INSTALADO EM RESERVAÇÃO DE ÁGUA DE EDIFICAÇÃO QUE POSSUA RESERVATÓRIO DE FIBRA/FIBROCIMENTO   FORNECIMENTO E INSTALAÇÃO. AF_06/2016","UN","44,40"]
[94699,"TÊ, PVC, SOLDÁVEL, DN 85 MM INSTALADO EM RESERVAÇÃO DE ÁGUA DE EDIFICAÇÃO QUE POSSUA RESERVATÓRIO DE FIBRA/FIBROCIMENTO   FORNECIMENTO E INSTALAÇÃO. AF_06/2016","UN","83,10"]
[94700,"TÊ DE REDUÇÃO, PVC, SOLDÁVEL, DN 85 MM X 60 MM, INSTALADO EM RESERVAÇÃO DE ÁGUA DE EDIFICAÇÃO QUE POSSUA RESERVATÓRIO DE FIBRA/FIBROCIMENTO   FORNECIMENTO E INSTALAÇÃO. AF_06/2016","UN","74,00"]
[94701,"TÊ, PVC, SOLDÁVEL, DN 110 MM INSTALADO EM RESERVAÇÃO DE ÁGUA DE EDIFICAÇÃO QUE POSSUA RESERVATÓRIO DE FIBRA/FIBROCIMENTO   FORNECIMENTO E INSTALAÇÃO. AF_06/2016","UN","128,61"]
[94702,"TÊ DE REDUÇÃO, PVC, SOLDÁVEL, DN 110 MM X 60 MM, INSTALADO EM RESERVAÇÃO DE ÁGUA DE EDIFICAÇÃO QUE POSSUA RESERVATÓRIO DE FIBRA/FIBROCIMENTO   FORNECIMENTO E INSTALAÇÃO. AF_06/2016","UN","103,03"]
[94703,"ADAPTADOR COM FLANGE E ANEL DE VEDAÇÃO, PVC, SOLDÁVEL, DN  25 MM X 3/4 , INSTALADO EM RESERVAÇÃO DE ÁGUA DE EDIFICAÇÃO QUE POSSUA RESERVATÓRIO DE FIBRA/FIBROCIMENTO   FORNECIMENTO E INSTALAÇÃO. AF_06/2016","UN","17,94"]
[94704,"ADAPTADOR COM FLANGE E ANEL DE VEDAÇÃO, PVC, SOLDÁVEL, DN 32 MM X 1 , INSTALADO EM RESERVAÇÃO DE ÁGUA DE EDIFICAÇÃO QUE POSSUA RESERVATÓRIO DE FIBRA/FIBROCIMENTO   FORNECIMENTO E INSTALAÇÃO. AF_06/2016","UN","21,23"]
[94705,"ADAPTADOR COM FLANGE E ANEL DE VEDAÇÃO, PVC, SOLDÁVEL, DN 40 MM X 1 1/4 , INSTALADO EM RESERVAÇÃO DE ÁGUA DE EDIFICAÇÃO QUE POSSUA RESERVATÓRIO DE FIBRA/FIBROCIMENTO   FORNECIMENTO E INSTALAÇÃO. AF_06/2016","UN","31,16"]
[94706,"ADAPTADOR COM FLANGE E ANEL DE VEDAÇÃO, PVC, SOLDÁVEL, DN 50 MM X 1 1/2 , INSTALADO EM RESERVAÇÃO DE ÁGUA DE EDIFICAÇÃO QUE POSSUA RESERVATÓRIO DE FIBRA/FIBROCIMENTO   FORNECIMENTO E INSTALAÇÃO. AF_06/2016","UN","40,39"]
[94707,"ADAPTADOR COM FLANGE E ANEL DE VEDAÇÃO, PVC, SOLDÁVEL, DN 60 MM X 2 , INSTALADO EM RESERVAÇÃO DE ÁGUA DE EDIFICAÇÃO QUE POSSUA RESERVATÓRIO DE FIBRA/FIBROCIMENTO   FORNECIMENTO E INSTALAÇÃO. AF_06/2016","UN","46,84"]
[94708,"ADAPTADOR COM FLANGES LIVRES, PVC, SOLDÁVEL, DN  25 MM X 3/4 , INSTALADO EM RESERVAÇÃO DE ÁGUA DE EDIFICAÇÃO QUE POSSUA RESERVATÓRIO DE FIBRA/FIBROCIMENTO   FORNECIMENTO E INSTALAÇÃO. AF_06/2016","UN","18,89"]
[94709,"ADAPTADOR COM FLANGES LIVRES, PVC, SOLDÁVEL, DN 32 MM X 1 , INSTALADO EM RESERVAÇÃO DE ÁGUA DE EDIFICAÇÃO QUE POSSUA RESERVATÓRIO DE FIBRA/FIBROCIMENTO   FORNECIMENTO E INSTALAÇÃO. AF_06/2016","UN","22,55"]
[94710,"ADAPTADOR COM FLANGES LIVRES, PVC, SOLDÁVEL, DN 40 MM X 1 1/4 , INSTALADO EM RESERVAÇÃO DE ÁGUA DE EDIFICAÇÃO QUE POSSUA RESERVATÓRIO DE FIBRA/FIBROCIMENTO   FORNECIMENTO E INSTALAÇÃO. AF_06/2016","UN","29,49"]
[94711,"ADAPTADOR COM FLANGES LIVRES, PVC, SOLDÁVEL, DN 50 MM X 1 1/2 , INSTALADO EM RESERVAÇÃO DE ÁGUA DE EDIFICAÇÃO QUE POSSUA RESERVATÓRIO DE FIBRA/FIBROCIMENTO   FORNECIMENTO E INSTALAÇÃO. AF_06/2016","UN","38,86"]
[94712,"ADAPTADOR COM FLANGES LIVRES, PVC, SOLDÁVEL, DN 60 MM X 2 , INSTALADO EM RESERVAÇÃO DE ÁGUA DE EDIFICAÇÃO QUE POSSUA RESERVATÓRIO DE FIBRA/FIBROCIMENTO   FORNECIMENTO E INSTALAÇÃO. AF_06/2016","UN","50,69"]
[94713,"ADAPTADOR COM FLANGES LIVRES, PVC, SOLDÁVEL, DN 75 MM X 2 1/2 , INSTALADO EM RESERVAÇÃO DE ÁGUA DE EDIFICAÇÃO QUE POSSUA RESERVATÓRIO DE FIBRA/FIBROCIMENTO   FORNECIMENTO E INSTALAÇÃO. AF_06/2016","UN","155,70"]
[94714,"ADAPTADOR COM FLANGES LIVRES, PVC, SOLDÁVEL, DN 85 MM X 3 , INSTALADO EM RESERVAÇÃO DE ÁGUA DE EDIFICAÇÃO QUE POSSUA RESERVATÓRIO DE FIBRA/FIBROCIMENTO   FORNECIMENTO E INSTALAÇÃO. AF_06/2016","UN","204,75"]
[94715,"ADAPTADOR COM FLANGES LIVRES, PVC, SOLDÁVEL, DN 110 MM X 4 , INSTALADO EM RESERVAÇÃO DE ÁGUA DE EDIFICAÇÃO QUE POSSUA RESERVATÓRIO DE FIBRA/FIBROCIMENTO   FORNECIMENTO E INSTALAÇÃO. AF_06/2016","UN","286,82"]
[94724,"CONECTOR, CPVC, SOLDÁVEL, DN 22 MM X 3/4”, INSTALADO EM RESERVAÇÃO DE ÁGUA DE EDIFICAÇÃO QUE POSSUA RESERVATÓRIO DE FIBRA/FIBROCIMENTO – FORNECIMENTO E INSTALAÇÃO. AF_06/2016","UN","16,26"]
[94725,"LUVA, CPVC, SOLDÁVEL, DN 22 MM, INSTALADO EM RESERVAÇÃO DE ÁGUA DE EDIFICAÇÃO QUE POSSUA RESERVATÓRIO DE FIBRA/FIBROCIMENTO – FORNECIMENTO E INSTALAÇÃO. AF_06/2016","UN","4,18"]
[94726,"CONECTOR, CPVC, SOLDÁVEL, DN 28 MM X 1”, INSTALADO EM RESERVAÇÃO DE ÁGUA DE EDIFICAÇÃO QUE POSSUA RESERVATÓRIO DE FIBRA/FIBROCIMENTO – FORNECIMENTO E INSTALAÇÃO. AF_06/2016","UN","24,90"]
[94727,"LUVA, CPVC, SOLDÁVEL, DN 28 MM, INSTALADO EM RESERVAÇÃO DE ÁGUA DE EDIFICAÇÃO QUE POSSUA RESERVATÓRIO DE FIBRA/FIBROCIMENTO – FORNECIMENTO E INSTALAÇÃO. AF_06/2016","UN","5,78"]
[94728,"CONECTOR, CPVC, SOLDÁVEL, DN 35 MM X 1 1/4”, INSTALADO EM RESERVAÇÃO DE ÁGUA DE EDIFICAÇÃO QUE POSSUA RESERVATÓRIO DE FIBRA/FIBROCIMENTO – FORNECIMENTO E INSTALAÇÃO. AF_06/2016","UN","93,30"]
[94729,"LUVA, CPVC, SOLDÁVEL, DN 35 MM, INSTALADO EM RESERVAÇÃO DE ÁGUA DE EDIFICAÇÃO QUE POSSUA RESERVATÓRIO DE FIBRA/FIBROCIMENTO – FORNECIMENTO E INSTALAÇÃO. AF_06/2016","UN","10,05"]
[94730,"CONECTOR, CPVC, SOLDÁVEL, DN 42 MM X 1 1/2”, INSTALADO EM RESERVAÇÃO DE ÁGUA DE EDIFICAÇÃO QUE POSSUA RESERVATÓRIO DE FIBRA/FIBROCIMENTO – FORNECIMENTO E INSTALAÇÃO. AF_06/2016","UN","113,23"]
[94731,"LUVA, CPVC, SOLDÁVEL, DN 42 MM, INSTALADO EM RESERVAÇÃO DE ÁGUA DE EDIFICAÇÃO QUE POSSUA RESERVATÓRIO DE FIBRA/FIBROCIMENTO – FORNECIMENTO E INSTALAÇÃO. AF_06/2016","UN","12,48"]
[94733,"LUVA, CPVC, SOLDÁVEL, DN 54 MM, INSTALADO EM RESERVAÇÃO DE ÁGUA DE EDIFICAÇÃO QUE POSSUA RESERVATÓRIO DE FIBRA/FIBROCIMENTO – FORNECIMENTO E INSTALAÇÃO. AF_06/2016","UN","24,07"]
[94737,"LUVA, CPVC, SOLDÁVEL, DN 89 MM, INSTALADO EM RESERVAÇÃO DE ÁGUA DE EDIFICAÇÃO QUE POSSUA RESERVATÓRIO DE FIBRA/FIBROCIMENTO – FORNECIMENTO E INSTALAÇÃO. AF_06/2016","UN","98,66"]
[94740,"JOELHO 90 GRAUS, CPVC, SOLDÁVEL, DN 22 MM, INSTALADO EM RESERVAÇÃO DE ÁGUA DE EDIFICAÇÃO QUE POSSUA RESERVATÓRIO DE FIBRA/FIBROCIMENTO – FORNECIMENTO E INSTALAÇÃO. AF_06/2016","UN","6,53"]
[94741,"CURVA 90 GRAUS, CPVC, SOLDÁVEL, DN 22 MM, INSTALADO EM RESERVAÇÃO DE ÁGUA DE EDIFICAÇÃO QUE POSSUA RESERVATÓRIO DE FIBRA/FIBROCIMENTO – FORNECIMENTO E INSTALAÇÃO. AF_06/2016","UN","7,98"]
[94742,"JOELHO 90 GRAUS, CPVC, SOLDÁVEL, DN 28 MM, INSTALADO EM RESERVAÇÃO DE ÁGUA DE EDIFICAÇÃO QUE POSSUA RESERVATÓRIO DE FIBRA/FIBROCIMENTO – FORNECIMENTO E INSTALAÇÃO. AF_06/2016","UN","9,62"]
[94743,"CURVA 90 GRAUS, CPVC, SOLDÁVEL, DN 28 MM, INSTALADO EM RESERVAÇÃO DE ÁGUA DE EDIFICAÇÃO QUE POSSUA RESERVATÓRIO DE FIBRA/FIBROCIMENTO – FORNECIMENTO E INSTALAÇÃO. AF_06/2016","UN","10,54"]
[94744,"JOELHO 90 GRAUS, CPVC, SOLDÁVEL, DN 35 MM, INSTALADO EM RESERVAÇÃO DE ÁGUA DE EDIFICAÇÃO QUE POSSUA RESERVATÓRIO DE FIBRA/FIBROCIMENTO – FORNECIMENTO E INSTALAÇÃO. AF_06/2016","UN","15,23"]
[94746,"JOELHO 90 GRAUS, CPVC, SOLDÁVEL, DN 42 MM, INSTALADO EM RESERVAÇÃO DE ÁGUA DE EDIFICAÇÃO QUE POSSUA RESERVATÓRIO DE FIBRA/FIBROCIMENTO – FORNECIMENTO E INSTALAÇÃO. AF_06/2016","UN","21,38"]
[94748,"JOELHO 90 GRAUS, CPVC, SOLDÁVEL, DN 54 MM, INSTALADO EM RESERVAÇÃO DE ÁGUA DE EDIFICAÇÃO QUE POSSUA RESERVATÓRIO DE FIBRA/FIBROCIMENTO – FORNECIMENTO E INSTALAÇÃO. AF_06/2016","UN","43,82"]
[94750,"JOELHO 90 GRAUS, CPVC, SOLDÁVEL, DN 73 MM, INSTALADO EM RESERVAÇÃO DE ÁGUA DE EDIFICAÇÃO QUE POSSUA RESERVATÓRIO DE FIBRA/FIBROCIMENTO – FORNECIMENTO E INSTALAÇÃO. AF_06/2016","UN","102,01"]
[94752,"JOELHO 90 GRAUS, CPVC, SOLDÁVEL, DN 89 MM, INSTALADO EM RESERVAÇÃO DE ÁGUA DE EDIFICAÇÃO QUE POSSUA RESERVATÓRIO DE FIBRA/FIBROCIMENTO – FORNECIMENTO E INSTALAÇÃO. AF_06/2016","UN","125,37"]
[94756,"TE, CPVC, SOLDÁVEL, DN 22 MM, INSTALADO EM RESERVAÇÃO DE ÁGUA DE EDIFICAÇÃO QUE POSSUA RESERVATÓRIO DE FIBRA/FIBROCIMENTO – FORNECIMENTO E INSTALAÇÃO. AF_06/2016","UN","8,30"]
[94757,"TE, CPVC, SOLDÁVEL, DN 28 MM, INSTALADO EM RESERVAÇÃO DE ÁGUA DE EDIFICAÇÃO QUE POSSUA RESERVATÓRIO DE FIBRA/FIBROCIMENTO – FORNECIMENTO E INSTALAÇÃO. AF_06/2016","UN","11,06"]
[94758,"TE, CPVC, SOLDÁVEL, DN 35 MM, INSTALADO EM RESERVAÇÃO DE ÁGUA DE EDIFICAÇÃO QUE POSSUA RESERVATÓRIO DE FIBRA/FIBROCIMENTO – FORNECIMENTO E INSTALAÇÃO. AF_06/2016","UN","27,39"]
[94759,"TE, CPVC, SOLDÁVEL, DN 42 MM, INSTALADO EM RESERVAÇÃO DE ÁGUA DE EDIFICAÇÃO QUE POSSUA RESERVATÓRIO DE FIBRA/FIBROCIMENTO – FORNECIMENTO E INSTALAÇÃO. AF_06/2016","UN","33,52"]
[94760,"TE, CPVC, SOLDÁVEL, DN 54 MM, INSTALADO EM RESERVAÇÃO DE ÁGUA DE EDIFICAÇÃO QUE POSSUA RESERVATÓRIO DE FIBRA/FIBROCIMENTO – FORNECIMENTO E INSTALAÇÃO. AF_06/2016","UN","55,12"]
[94761,"TE, CPVC, SOLDÁVEL, DN 73 MM, INSTALADO EM RESERVAÇÃO DE ÁGUA DE EDIFICAÇÃO QUE POSSUA RESERVATÓRIO DE FIBRA/FIBROCIMENTO – FORNECIMENTO E INSTALAÇÃO. AF_06/2016","UN","116,63"]
[94762,"TE, CPVC, SOLDÁVEL, DN 89 MM, INSTALADO EM RESERVAÇÃO DE ÁGUA DE EDIFICAÇÃO QUE POSSUA RESERVATÓRIO DE FIBRA/FIBROCIMENTO – FORNECIMENTO E INSTALAÇÃO. AF_06/2016","UN","150,43"]
[94783,"ADAPTADOR COM FLANGE E ANEL DE VEDAÇÃO, PVC, SOLDÁVEL, DN  20 MM X 1/2 , INSTALADO EM RESERVAÇÃO DE ÁGUA DE EDIFICAÇÃO QUE POSSUA RESERVATÓRIO DE FIBRA/FIBROCIMENTO   FORNECIMENTO E INSTALAÇÃO. AF_06/2016","UN","15,06"]
[94785,"ADAPTADOR COM FLANGES LIVRES, PVC, SOLDÁVEL LONGO, DN 32 MM X 1 , INSTALADO EM RESERVAÇÃO DE ÁGUA DE EDIFICAÇÃO QUE POSSUA RESERVATÓRIO DE FIBRA/FIBROCIMENTO   FORNECIMENTO E INSTALAÇÃO. AF_06/2016","UN","27,52"]
[94786,"ADAPTADOR COM FLANGES LIVRES, PVC, SOLDÁVEL LONGO, DN 40 MM X 1 1/4 , INSTALADO EM RESERVAÇÃO DE ÁGUA DE EDIFICAÇÃO QUE POSSUA RESERVATÓRIO DE FIBRA/FIBROCIMENTO   FORNECIMENTO E INSTALAÇÃO. AF_06/2016","UN","36,74"]
[94787,"ADAPTADOR COM FLANGES LIVRES, PVC, SOLDÁVEL LONGO, DN 50 MM X 1 1/2 , INSTALADO EM RESERVAÇÃO DE ÁGUA DE EDIFICAÇÃO QUE POSSUA RESERVATÓRIO DE FIBRA/FIBROCIMENTO   FORNECIMENTO E INSTALAÇÃO. AF_06/2016","UN","47,17"]
[94788,"ADAPTADOR COM FLANGES LIVRES, PVC, SOLDÁVEL LONGO, DN 60 MM X 2 , INSTALADO EM RESERVAÇÃO DE ÁGUA DE EDIFICAÇÃO QUE POSSUA RESERVATÓRIO DE FIBRA/FIBROCIMENTO   FORNECIMENTO E INSTALAÇÃO. AF_06/2016","UN","63,05"]
[94789,"ADAPTADOR COM FLANGES LIVRES, PVC, SOLDÁVEL LONGO, DN 75 MM X 2 1/2 , INSTALADO EM RESERVAÇÃO DE ÁGUA DE EDIFICAÇÃO QUE POSSUA RESERVATÓRIO DE FIBRA/FIBROCIMENTO   FORNECIMENTO E INSTALAÇÃO. AF_06/2016","UN","203,81"]
[94790,"ADAPTADOR COM FLANGES LIVRES, PVC, SOLDÁVEL LONGO, DN 85 MM X 3 , INSTALADO EM RESERVAÇÃO DE ÁGUA DE EDIFICAÇÃO QUE POSSUA RESERVATÓRIO DE FIBRA/FIBROCIMENTO   FORNECIMENTO E INSTALAÇÃO. AF_06/2016","UN","269,55"]
[94791,"ADAPTADOR COM FLANGES LIVRES, PVC, SOLDÁVEL LONGO, DN 110 MM X 4 , INSTALADO EM RESERVAÇÃO DE ÁGUA DE EDIFICAÇÃO QUE POSSUA RESERVATÓRIO DE FIBRA/FIBROCIMENTO   FORNECIMENTO E INSTALAÇÃO. AF_06/2016","UN","403,57"]
[94863,"LUVA, CPVC, SOLDÁVEL, DN 73 MM, INSTALADO EM RESERVAÇÃO DE ÁGUA DE EDIFICAÇÃO QUE POSSUA RESERVATÓRIO DE FIBRA/FIBROCIMENTO – FORNECIMENTO E INSTALAÇÃO. AF_06/2016","UN","83,49"]
[95141,"ADAPTADOR COM FLANGES LIVRES, PVC, SOLDÁVEL LONGO, DN  25 MM X 3/4 , INSTALADO EM RESERVAÇÃO DE ÁGUA DE EDIFICAÇÃO QUE POSSUA RESERVATÓRIO DE FIBRA/FIBROCIMENTO    FORNECIMENTO E INSTALAÇÃO. AF_06/2016","UN","24,25"]
[95237,"LUVA COM BUCHA DE LATÃO, PVC, SOLDÁVEL, DN 32MM X 1 , INSTALADO EM RAMAL DE DISTRIBUIÇÃO DE ÁGUA   FORNECIMENTO E INSTALAÇÃO. AF_12/2014","UN","15,80"]
[95693,"LUVA SIMPLES, PVC, SÉRIE NORMAL, ESGOTO PREDIAL, DN 150 MM, JUNTA ELÁSTICA, FORNECIDO E INSTALADO EM SUBCOLETOR AÉREO DE ESGOTO SANITÁRIO. AF_12/2014","UN","36,55"]
[95694,"CURVA 90 GRAUS, PVC, SERIE R, ÁGUA PLUVIAL, DN 100 MM, JUNTA ELÁSTICA, FORNECIDO E INSTALADO EM RAMAL DE ENCAMINHAMENTO. AF_12/2014","UN","45,61"]
[95695,"CURVA 90 GRAUS, PVC, SERIE R, ÁGUA PLUVIAL, DN 100 MM, JUNTA ELÁSTICA, FORNECIDO E INSTALADO EM CONDUTORES VERTICAIS DE ÁGUAS PLUVIAIS. AF_12/2014","UN","44,41"]
[95696,"SPRINKLER TIPO PENDENTE, 68 °C, UNIÃO POR ROSCA DN 15 (1/2\") - FORNECIMENTO E INSTALAÇÃO. AF_12/2015","UN","30,06"]
[96637,"JOELHO 90 GRAUS, PPR, DN 25 MM, CLASSE PN 25, INSTALADO EM RAMAL OU SUB-RAMAL DE ÁGUA – FORNECIMENTO E INSTALAÇÃO . AF_06/2015","UN","8,81"]
[96638,"JOELHO 45 GRAUS, PPR, DN 25 MM, CLASSE PN 25, INSTALADO EM RAMAL OU SUB-RAMAL DE ÁGUA – FORNECIMENTO E INSTALAÇÃO . AF_06/2015","UN","8,50"]
[96639,"LUVA, PPR, DN 25 MM, CLASSE PN 25, INSTALADO EM RAMAL OU SUB-RAMAL DE ÁGUA – FORNECIMENTO E INSTALAÇÃO . AF_06/2015","UN","6,13"]
[96640,"CONECTOR MACHO, PPR, 25 X 1/2'', CLASSE PN 25, INSTALADO EM RAMAL OU SUB-RAMAL DE ÁGUA   FORNECIMENTO E INSTALAÇÃO . AF_06/2015","UN","14,89"]
[96641,"CONECTOR FÊMEA, PPR, 25 X 1/2'', CLASSE PN 25, INSTALADO EM RAMAL OU SUB-RAMAL DE ÁGUA   FORNECIMENTO E INSTALAÇÃO . AF_06/2015","UN","11,76"]
[96642,"TÊ NORMAL, PPR, DN 25 MM, CLASSE PN 25, INSTALADO EM RAMAL OU SUB-RAMAL DE ÁGUA – FORNECIMENTO E INSTALAÇÃO . AF_06/2015","UN","11,68"]
[96643,"TÊ MISTURADOR, PPR, 25 X 3/4'' , CLASSE PN 25, INSTALADO EM RAMAL OU SUB-RAMAL DE ÁGUA – FORNECIMENTO E INSTALAÇÃO . AF_06/2015","UN","30,02"]
[96650,"JOELHO 90 GRAUS, PPR, DN 25 MM, CLASSE PN 25, INSTALADO EM RAMAL DE DISTRIBUIÇÃO – FORNECIMENTO E INSTALAÇÃO . AF_06/2015","UN","6,52"]
[96651,"JOELHO 45 GRAUS, PPR, DN 25 MM, CLASSE PN 25, INSTALADO EM RAMAL DE DISTRIBUIÇÃO DE ÁGUA – FORNECIMENTO E INSTALAÇÃO . AF_06/2015","UN","6,21"]
[96652,"JOELHO 90 GRAUS, PPR, DN 32 MM, CLASSE PN 25, INSTALADO EM RAMAL DE DISTRIBUIÇÃO – FORNECIMENTO E INSTALAÇÃO . AF_06/2015","UN","12,50"]
[96653,"JOELHO 45 GRAUS, PPR, DN 32 MM, CLASSE PN 25, INSTALADO EM RAMAL DE DISTRIBUIÇÃO DE ÁGUA – FORNECIMENTO E INSTALAÇÃO . AF_06/2015","UN","12,47"]
[96654,"JOELHO 90 GRAUS, PPR, DN 40 MM, CLASSE PN 25, INSTALADO EM RAMAL DE DISTRIBUIÇÃO – FORNECIMENTO E INSTALAÇÃO . AF_06/2015","UN","20,64"]
[96655,"JOELHO 45 GRAUS, PPR, DN 40 MM, CLASSE PN 25, INSTALADO EM RAMAL DE DISTRIBUIÇÃO DE ÁGUA – FORNECIMENTO E INSTALAÇÃO . AF_06/2015","UN","20,29"]
[96656,"LUVA, PPR, DN 25 MM, CLASSE PN 25, INSTALADO EM RAMAL DE DISTRIBUIÇÃO DE ÁGUA – FORNECIMENTO E INSTALAÇÃO . AF_06/2015","UN","4,62"]
[96657,"CONECTOR MACHO, PPR, 25 X 1/2, CLASSE PN 25, INSTALADO EM RAMAL DE DISTRIBUIÇÃO DE ÁGUA – FORNECIMENTO E INSTALAÇÃO . AF_06/2015","UN","13,38"]
[96658,"CONECTOR FÊMEA, PPR, 25 X 1/2'', CLASSE PN 25, INSTALADO EM RAMAL DE DISTRIBUIÇÃO DE ÁGUA   FORNECIMENTO E INSTALAÇÃO . AF_06/2015","UN","10,25"]
[96659,"LUVA, PPR, DN 32 MM, CLASSE PN 25, INSTALADO EM RAMAL DE DISTRIBUIÇÃO DE ÁGUA – FORNECIMENTO E INSTALAÇÃO. AF_06/2015","UN","8,44"]
[96660,"CONECTOR MACHO, PPR, 32 X 3/4'', CLASSE PN 25, INSTALADO EM RAMAL DE DISTRIBUIÇÃO DE ÁGUA   FORNECIMENTO E INSTALAÇÃO. AF_06/2015","UN","23,04"]
[96661,"CONECTOR FÊMEA, PPR, 32 X 3/4'', CLASSE PN 25, INSTALADO EM RAMAL DE DISTRIBUIÇÃO DE ÁGUA   FORNECIMENTO E INSTALAÇÃO . AF_06/2015","UN","18,24"]
[96662,"BUCHA DE REDUÇÃO, PPR, 32 X 25, CLASSE PN 25, INSTALADO EM RAMAL DE DISTRIBUIÇÃO DE ÁGUA – FORNECIMENTO E INSTALAÇÃO . AF_06/2015","UN","8,60"]
[96663,"LUVA, PPR, DN 40 MM, CLASSE PN 25, INSTALADO EM RAMAL DE DISTRIBUIÇÃO DE ÁGUA – FORNECIMENTO E INSTALAÇÃO. AF_06/2015","UN","15,15"]
[96664,"BUCHA DE REDUÇÃO, PPR, 40 X 25, CLASSE PN 25, INSTALADO EM RAMAL DE DISTRIBUIÇÃO DE ÁGUA – FORNECIMENTO E INSTALAÇÃO . AF_06/2015","UN","16,18"]
[96665,"TÊ NORMAL, PPR, DN 25 MM, CLASSE PN 25, INSTALADO EM RAMAL DE DISTRIBUIÇÃO DE ÁGUA – FORNECIMENTO E INSTALAÇÃO . AF_06/2015","UN","8,60"]
[96666,"TÊ NORMAL, PPR, DN 32 MM, CLASSE PN 25, INSTALADO EM RAMAL DE DISTRIBUIÇÃO DE ÁGUA – FORNECIMENTO E INSTALAÇÃO . AF_06/2015","UN","16,73"]
[96667,"TÊ NORMAL, PPR, DN 40 MM, CLASSE PN 25, INSTALADO EM RAMAL DE DISTRIBUIÇÃO DE ÁGUA – FORNECIMENTO E INSTALAÇÃO . AF_06/2015","UN","28,95"]
[96684,"JOELHO 90 GRAUS, PPR, DN 25 MM, CLASSE PN 25, INSTALADO EM PRUMADA DE ÁGUA – FORNECIMENTO E INSTALAÇÃO . AF_06/2015","UN","3,08"]
[96685,"JOELHO 45 GRAUS, PPR, DN 25 MM, CLASSE PN 25, INSTALADO EM PRUMADA DE ÁGUA – FORNECIMENTO E INSTALAÇÃO . AF_06/2015","UN","2,77"]
[96686,"JOELHO 90 GRAUS, PPR, DN 32 MM, CLASSE PN 25, INSTALADO EM PRUMADA DE ÁGUA – FORNECIMENTO E INSTALAÇÃO . AF_06/2015","UN","4,62"]
[96687,"JOELHO 45 GRAUS, PPR, DN 32 MM, CLASSE PN 25, INSTALADO EM PRUMADA DE ÁGUA – FORNECIMENTO E INSTALAÇÃO . AF_06/2015","UN","4,59"]
[96688,"JOELHO 90 GRAUS, PPR, DN 40 MM, CLASSE PN 25, INSTALADO EM PRUMADA DE ÁGUA – FORNECIMENTO E INSTALAÇÃO . AF_06/2015","UN","7,91"]
[96689,"JOELHO 45 GRAUS, PPR, DN 40 MM, CLASSE PN 25, INSTALADO EM PRUMADA DE ÁGUA – FORNECIMENTO E INSTALAÇÃO . AF_06/2015","UN","7,56"]
[96690,"JOELHO 90 GRAUS, PPR, DN 50 MM, CLASSE PN 25, INSTALADO EM PRUMADA DE ÁGUA – FORNECIMENTO E INSTALAÇÃO . AF_06/2015","UN","14,62"]
[96691,"JOELHO 45 GRAUS, PPR, DN 50 MM, CLASSE PN 25, INSTALADO EM PRUMADA DE ÁGUA – FORNECIMENTO E INSTALAÇÃO . AF_06/2015","UN","15,09"]
[96692,"JOELHO 90 GRAUS, PPR, DN 63 MM, CLASSE PN 25, INSTALADO EM PRUMADA DE ÁGUA – FORNECIMENTO E INSTALAÇÃO . AF_06/2015","UN","22,11"]
[96693,"JOELHO 45 GRAUS, PPR, DN 63 MM, CLASSE PN 25, INSTALADO EM PRUMADA DE ÁGUA – FORNECIMENTO E INSTALAÇÃO . AF_06/2015","UN","20,96"]
[96694,"JOELHO 90 GRAUS, PPR, DN 75 MM, CLASSE PN 25, INSTALADO EM PRUMADA DE ÁGUA – FORNECIMENTO E INSTALAÇÃO . AF_06/2015","UN","48,25"]
[96695,"JOELHO 45 GRAUS, PPR, DN 75 MM, CLASSE PN 25, INSTALADO EM PRUMADA DE ÁGUA – FORNECIMENTO E INSTALAÇÃO . AF_06/2015","UN","46,90"]
[96696,"JOELHO 90 GRAUS, PPR, DN 90 MM, CLASSE PN 25, INSTALADO EM PRUMADA DE ÁGUA – FORNECIMENTO E INSTALAÇÃO . AF_06/2015","UN","72,60"]
[96697,"JOELHO 90 GRAUS, PPR, DN 110 MM, CLASSE PN 25, INSTALADO EM PRUMADA DE ÁGUA – FORNECIMENTO E INSTALAÇÃO . AF_06/2015","UN","108,59"]
[96698,"LUVA, PPR, DN 25 MM, CLASSE PN 25, INSTALADO EM PRUMADA DE ÁGUA – FORNECIMENTO E INSTALAÇÃO . AF_06/2015","UN","2,33"]
[96699,"CONECTOR MACHO, PPR, 25 X 1/2'', CLASSE PN 25, INSTALADO EM PRUMADA DE ÁGUA   FORNECIMENTO E INSTALAÇÃO . AF_06/2015","UN","11,09"]
[96700,"CONECTOR FÊMEA, PPR, 25 X 1/2'', CLASSE PN 25, INSTALADO EM PRUMADA DE ÁGUA   FORNECIMENTO E INSTALAÇÃO . AF_06/2015","UN","7,96"]
[96701,"LUVA, PPR, DN 32 MM, CLASSE PN 25, INSTALADO EM PRUMADA DE ÁGUA – FORNECIMENTO E INSTALAÇÃO. AF_06/2015","UN","3,19"]
[96702,"BUCHA DE REDUÇÃO, PPR, 32 X 25, CLASSE PN 25, INSTALADO EM PRUMADA DE ÁGUA – FORNECIMENTO E INSTALAÇÃO . AF_06/2015","UN","3,35"]
[96703,"LUVA, PPR, DN 40 MM, CLASSE PN 25, INSTALADO EM PRUMADA DE ÁGUA – FORNECIMENTO E INSTALAÇÃO. AF_06/2015","UN","6,64"]
[96704,"BUCHA DE REDUÇÃO, PPR, 40 X 25, CLASSE PN 25, INSTALADO EM PRUMADA DE ÁGUA – FORNECIMENTO E INSTALAÇÃO . AF_06/2015","UN","7,67"]
[96705,"LUVA, PPR, DN 50 MM, CLASSE PN 25, INSTALADO EM PRUMADA DE ÁGUA – FORNECIMENTO E INSTALAÇÃO. AF_06/2015","UN","10,01"]
[96706,"LUVA, PPR, DN 63 MM, CLASSE PN 25, INSTALADO EM PRUMADA DE ÁGUA – FORNECIMENTO E INSTALAÇÃO. AF_06/2015","UN","15,03"]
[96707,"LUVA, PPR, DN 75 MM, CLASSE PN 25, INSTALADO EM PRUMADA DE ÁGUA – FORNECIMENTO E INSTALAÇÃO. AF_06/2015","UN","31,02"]
[96708,"LUVA, PPR, DN 90 MM, CLASSE PN 25, INSTALADO EM PRUMADA DE ÁGUA – FORNECIMENTO E INSTALAÇÃO. AF_06/2015","UN","48,87"]
[96709,"LUVA, PPR, DN 110 MM, CLASSE PN 25, INSTALADO EM PRUMADA DE ÁGUA – FORNECIMENTO E INSTALAÇÃO. AF_06/2015","UN","77,13"]
[96710,"TÊ NORMAL, PPR, DN 25 MM, CLASSE PN 25, INSTALADO EM PRUMADA DE ÁGUA – FORNECIMENTO E INSTALAÇÃO . AF_06/2015","UN","4,04"]
[96711,"TÊ NORMAL, PPR, DN 32 MM, CLASSE PN 25, INSTALADO EM PRUMADA DE ÁGUA – FORNECIMENTO E INSTALAÇÃO . AF_06/2015","UN","6,27"]
[96712,"TÊ NORMAL, PPR, DN 40 MM, CLASSE PN 25, INSTALADO EM PRUMADA DE ÁGUA – FORNECIMENTO E INSTALAÇÃO . AF_06/2015","UN","11,93"]
[96713,"TÊ NORMAL, PPR, DN 50 MM, CLASSE PN 25, INSTALADO EM PRUMADA DE ÁGUA – FORNECIMENTO E INSTALAÇÃO . AF_06/2015","UN","16,59"]
[96714,"TÊ NORMAL, PPR, DN 63 MM, CLASSE PN 25, INSTALADO EM PRUMADA DE ÁGUA – FORNECIMENTO E INSTALAÇÃO . AF_06/2015","UN","27,93"]
[96715,"TÊ NORMAL, PPR, DN 75 MM, CLASSE PN 25, INSTALADO EM PRUMADA DE ÁGUA – FORNECIMENTO E INSTALAÇÃO . AF_06/2015","UN","52,12"]
[96716,"TÊ NORMAL, PPR, DN 90 MM, CLASSE PN 25, INSTALADO EM PRUMADA DE ÁGUA – FORNECIMENTO E INSTALAÇÃO . AF_06/2015","UN","78,20"]
[96717,"TÊ NORMAL, PPR, DN 110 MM, CLASSE PN 25, INSTALADO EM PRUMADA DE ÁGUA – FORNECIMENTO E INSTALAÇÃO . AF_06/2015","UN","123,01"]
[96736,"LUVA, PPR, DN 20 MM, CLASSE PN 25, INSTALADO EM RESERVAÇÃO DE ÁGUA DE EDIFICAÇÃO QUE POSSUA RESERVATÓRIO DE FIBRA/FIBROCIMENTO – FORNECIMENTO E INSTALAÇÃO. AF_06/2016","UN","3,50"]
[96737,"LUVA, PPR, DN 25 MM, CLASSE PN 25, INSTALADO EM RESERVAÇÃO DE ÁGUA DE EDIFICAÇÃO QUE POSSUA RESERVATÓRIO DE FIBRA/FIBROCIMENTO – FORNECIMENTO E INSTALAÇÃO. AF_06/2016","UN","3,98"]
[96738,"CONECTOR MACHO, PPR, 25 X 1/2'', CLASSE PN 25,  INSTALADO EM RESERVAÇÃO DE ÁGUA DE EDIFICAÇÃO QUE POSSUA RESERVATÓRIO DE FIBRA/FIBROCIMENTO   FORNECIMENTO E INSTALAÇÃO. AF_06/2016","UN","12,74"]
[96739,"LUVA, PPR, DN 32 MM, CLASSE PN 25, INSTALADO EM RESERVAÇÃO DE ÁGUA DE EDIFICAÇÃO QUE POSSUA RESERVATÓRIO DE FIBRA/FIBROCIMENTO – FORNECIMENTO E INSTALAÇÃO. AF_06/2016","UN","5,15"]
[96740,"CONECTOR MACHO, PPR, 32 X 3/4'', CLASSE PN 25,  INSTALADO EM RESERVAÇÃO DE ÁGUA DE EDIFICAÇÃO QUE POSSUA RESERVATÓRIO DE FIBRA/FIBROCIMENTO   FORNECIMENTO E INSTALAÇÃO. AF_06/2016","UN","19,75"]
[96741,"LUVA, PPR, DN 40 MM, CLASSE PN 25, INSTALADO EM RESERVAÇÃO DE ÁGUA DE EDIFICAÇÃO QUE POSSUA RESERVATÓRIO DE FIBRA/FIBROCIMENTO – FORNECIMENTO E INSTALAÇÃO. AF_06/2016","UN","8,00"]
[96742,"LUVA, PPR, DN 50 MM, CLASSE PN 25, INSTALADO EM RESERVAÇÃO DE ÁGUA DE EDIFICAÇÃO QUE POSSUA RESERVATÓRIO DE FIBRA/FIBROCIMENTO – FORNECIMENTO E INSTALAÇÃO. AF_06/2016","UN","12,15"]
[96743,"LUVA, PPR, DN 63 MM, CLASSE PN 25, INSTALADO EM RESERVAÇÃO DE ÁGUA DE EDIFICAÇÃO QUE POSSUA RESERVATÓRIO DE FIBRA/FIBROCIMENTO – FORNECIMENTO E INSTALAÇÃO. AF_06/2016","UN","15,61"]
[96744,"LUVA, PPR, DN 75 MM, CLASSE PN 25, INSTALADO EM RESERVAÇÃO DE ÁGUA DE EDIFICAÇÃO QUE POSSUA RESERVATÓRIO DE FIBRA/FIBROCIMENTO – FORNECIMENTO E INSTALAÇÃO. AF_06/2016","UN","33,13"]
[96745,"LUVA, PPR, DN 90 MM, CLASSE PN 25, INSTALADO EM RESERVAÇÃO DE ÁGUA DE EDIFICAÇÃO QUE POSSUA RESERVATÓRIO DE FIBRA/FIBROCIMENTO – FORNECIMENTO E INSTALAÇÃO. AF_06/2016","UN","48,35"]
[96746,"LUVA, PPR, DN 110 MM, CLASSE PN 25, INSTALADO EM RESERVAÇÃO DE ÁGUA DE EDIFICAÇÃO QUE POSSUA RESERVATÓRIO DE FIBRA/FIBROCIMENTO – FORNECIMENTO E INSTALAÇÃO. AF_06/2016","UN","77,09"]
[96747,"JOELHO 90 GRAUS, PPR, DN 20 MM, CLASSE PN 25,  INSTALADO EM RESERVAÇÃO DE ÁGUA DE EDIFICAÇÃO QUE POSSUA RESERVATÓRIO DE FIBRA/FIBROCIMENTO – FORNECIMENTO E INSTALAÇÃO. AF_06/2016","UN","4,99"]
[96748,"JOELHO 90 GRAUS, PPR, DN 25 MM, CLASSE PN 25,  INSTALADO EM RESERVAÇÃO DE ÁGUA DE EDIFICAÇÃO QUE POSSUA RESERVATÓRIO DE FIBRA/FIBROCIMENTO – FORNECIMENTO E INSTALAÇÃO. AF_06/2016","UN","5,59"]
[96749,"JOELHO 90 GRAUS, PPR, DN 32 MM, CLASSE PN 25,  INSTALADO EM RESERVAÇÃO DE ÁGUA DE EDIFICAÇÃO QUE POSSUA RESERVATÓRIO DE FIBRA/FIBROCIMENTO – FORNECIMENTO E INSTALAÇÃO. AF_06/2016","UN","7,58"]
[96750,"JOELHO 90 GRAUS, PPR, DN 40 MM, CLASSE PN 25,  INSTALADO EM RESERVAÇÃO DE ÁGUA DE EDIFICAÇÃO QUE POSSUA RESERVATÓRIO DE FIBRA/FIBROCIMENTO – FORNECIMENTO E INSTALAÇÃO. AF_06/2016","UN","9,93"]
[96751,"JOELHO 90 GRAUS, PPR, DN 50 MM, CLASSE PN 25,  INSTALADO EM RESERVAÇÃO DE ÁGUA DE EDIFICAÇÃO QUE POSSUA RESERVATÓRIO DE FIBRA/FIBROCIMENTO – FORNECIMENTO E INSTALAÇÃO. AF_06/2016","UN","17,81"]
[96752,"JOELHO 90 GRAUS, PPR, DN 63 MM, CLASSE PN 25,  INSTALADO EM RESERVAÇÃO DE ÁGUA DE EDIFICAÇÃO QUE POSSUA RESERVATÓRIO DE FIBRA/FIBROCIMENTO – FORNECIMENTO E INSTALAÇÃO. AF_06/2016","UN","22,95"]
[96753,"JOELHO 90 GRAUS, PPR, DN 75 MM, CLASSE PN 25,  INSTALADO EM RESERVAÇÃO DE ÁGUA DE EDIFICAÇÃO QUE POSSUA RESERVATÓRIO DE FIBRA/FIBROCIMENTO – FORNECIMENTO E INSTALAÇÃO. AF_06/2016","UN","51,41"]
[96754,"JOELHO 90 GRAUS, PPR, DN 90 MM, CLASSE PN 25,  INSTALADO EM RESERVAÇÃO DE ÁGUA DE EDIFICAÇÃO QUE POSSUA RESERVATÓRIO DE FIBRA/FIBROCIMENTO – FORNECIMENTO E INSTALAÇÃO. AF_06/2016","UN","71,81"]
[96755,"JOELHO 90 GRAUS, PPR, DN 110 MM, CLASSE PN 25,  INSTALADO EM RESERVAÇÃO DE ÁGUA DE EDIFICAÇÃO QUE POSSUA RESERVATÓRIO DE FIBRA/FIBROCIMENTO – FORNECIMENTO E INSTALAÇÃO. AF_06/2016","UN","108,57"]
[96756,"TÊ MISTURADOR, PPR, DN 20 MM, CLASSE PN 25,  INSTALADO EM RESERVAÇÃO DE ÁGUA DE EDIFICAÇÃO QUE POSSUA RESERVATÓRIO DE FIBRA/FIBROCIMENTO – FORNECIMENTO E INSTALAÇÃO. AF_06/2016","UN","8,92"]
[96757,"TÊ MISTURADOR, PPR, DN 25 MM, CLASSE PN 25,  INSTALADO EM RESERVAÇÃO DE ÁGUA DE EDIFICAÇÃO QUE POSSUA RESERVATÓRIO DE FIBRA/FIBROCIMENTO – FORNECIMENTO E INSTALAÇÃO. AF_06/2016","UN","8,60"]
[96758,"TÊ, PPR, DN 32 MM, CLASSE PN 25,  INSTALADO EM RESERVAÇÃO DE ÁGUA DE EDIFICAÇÃO QUE POSSUA RESERVATÓRIO DE FIBRA/FIBROCIMENTO – FORNECIMENTO E INSTALAÇÃO. AF_06/2016","UN","10,19"]
[96759,"TÊ, PPR, DN 40 MM, CLASSE PN 25,  INSTALADO EM RESERVAÇÃO DE ÁGUA DE EDIFICAÇÃO QUE POSSUA RESERVATÓRIO DE FIBRA/FIBROCIMENTO – FORNECIMENTO E INSTALAÇÃO. AF_06/2016","UN","14,65"]
[96760,"TÊ, PPR, DN 50 MM, CLASSE PN 25,  INSTALADO EM RESERVAÇÃO DE ÁGUA DE EDIFICAÇÃO QUE POSSUA RESERVATÓRIO DE FIBRA/FIBROCIMENTO – FORNECIMENTO E INSTALAÇÃO. AF_06/2016","UN","20,85"]
[96761,"TÊ, PPR, DN 63 MM, CLASSE PN 25,  INSTALADO EM RESERVAÇÃO DE ÁGUA DE EDIFICAÇÃO QUE POSSUA RESERVATÓRIO DE FIBRA/FIBROCIMENTO – FORNECIMENTO E INSTALAÇÃO. AF_06/2016","UN","29,07"]
[96762,"TÊ, PPR, DN 75 MM, CLASSE PN 25,  INSTALADO EM RESERVAÇÃO DE ÁGUA DE EDIFICAÇÃO QUE POSSUA RESERVATÓRIO DE FIBRA/FIBROCIMENTO – FORNECIMENTO E INSTALAÇÃO. AF_06/2016","UN","56,31"]
[96763,"TÊ, PPR, DN 90 MM, CLASSE PN 25,  INSTALADO EM RESERVAÇÃO DE ÁGUA DE EDIFICAÇÃO QUE POSSUA RESERVATÓRIO DE FIBRA/FIBROCIMENTO – FORNECIMENTO E INSTALAÇÃO. AF_06/2016","UN","77,14"]
[96764,"TÊ, PPR, DN 110 MM, CLASSE PN 25,  INSTALADO EM RESERVAÇÃO DE ÁGUA DE EDIFICAÇÃO QUE POSSUA RESERVATÓRIO DE FIBRA/FIBROCIMENTO – FORNECIMENTO E INSTALAÇÃO. AF_06/2016","UN","122,94"]
[96802,"KIT CHASSI PEX, PRÉ-FABRICADO, PARA CHUVEIRO COM REGISTROS DE PRESSÃO E CONEXÕES POR CRIMPAGEM – FORNECIMENTO E INSTALAÇÃO. AF_06/2015","UN","200,41"]
[96803,"KIT CHASSI PEX, PRÉ-FABRICADO, PARA COZINHA COM CUBA SIMPLES E CONEXÕES POR CRIMPAGEM – FORNECIMENTO E INSTALAÇÃO. AF_06/2015","UN","102,58"]
[96804,"KIT CHASSI PEX, PRÉ-FABRICADO, PARA ÁREA DE SERVIÇO COM TANQUE E MÁQUINA DE LAVAR ROUPA, E CONEXÕES POR CRIMPAGEM – FORNECIMENTO E INSTALAÇÃO. AF_06/2015","UN","182,68"]
[96805,"KIT CHASSI PEX, PRÉ-FABRICADO, PARA CHUVEIRO COM REGISTROS DE PRESSÃO E CONEXÕES POR ANEL DESLIZANTE – FORNECIMENTO E INSTALAÇÃO. AF_06/2015","UN","206,30"]
[96806,"KIT CHASSI PEX, PRÉ-FABRICADO, PARA COZINHA COM CUBA SIMPLES E CONEXÕES POR ANEL DESLIZANTE – FORNECIMENTO E INSTALAÇÃO. AF_06/2015","UN","99,39"]
[96807,"KIT CHASSI PEX, PRÉ-FABRICADO, PARA ÁREA DE SERVIÇO COM TANQUE E MÁQUINA DE LAVAR ROUPA, E CONEXÕES POR ANEL DESLIZANTE – FORNECIMENTO E INSTALAÇÃO. AF_06/2015","UN","165,16"]
[96808,"UNIÃO METÁLICA PARA INSTALAÇÕES EM PEX, DN 16 MM, FIXAÇÃO DAS CONEXÕES POR ANEL DESLIZANTE – FORNECIMENTO E INSTALAÇÃO . AF_06/2015","UN","9,07"]
[96809,"CONEXÃO FIXA, ROSCA FÊMEA, METÁLICA, PARA INSTALAÇÕES EM PEX, DN 16 MM X 1/2\", COM ANEL DESLIZANTE. FORNECIMENTO E INSTALAÇÃO. AF_06/2015","UN","10,43"]
[96810,"CONEXÃO MÓVEL, ROSCA FÊMEA, METÁLICA, PARA INSTALAÇÕES EM PEX, DN 16 MM X 3/4\", COM ANEL DESLIZANTE. FORNECIMENTO E INSTALAÇÃO. AF_06/2015","UN","11,35"]
[96811,"UNIÃO METÁLICA PARA INSTALAÇÕES EM PEX, DN 20 MM, FIXAÇÃO DAS CONEXÕES POR ANEL DESLIZANTE – FORNECIMENTO E INSTALAÇÃO . AF_06/2015","UN","12,17"]
[96812,"CONEXÃO FIXA, ROSCA FÊMEA, METÁLICA, PARA INSTALAÇÕES EM PEX, DN 20 MM X 1/2\", COM ANEL DESLIZANTE. FORNECIMENTO E INSTALAÇÃO. AF_06/2015","UN","11,69"]
[96813,"CONEXÃO FIXA, ROSCA FÊMEA, METÁLICA, PARA INSTALAÇÕES EM PEX, DN 20 MM X 3/4\", COM ANEL DESLIZANTE. FORNECIMENTO E INSTALAÇÃO. AF_06/2015","UN","13,51"]
[96814,"UNIÃO DE REDUÇÃO, METÁLICA, PARA INSTALAÇÕES EM PEX, DN 20 X 16 MM, CONEXÃO POR ANEL DESLIZANTE – FORNECIMENTO E INSTALAÇÃO. AF_06/2015","UN","11,38"]
[96815,"UNIÃO METÁLICA PARA INSTALAÇÕES EM PEX, DN 25 MM, FIXAÇÃO DAS CONEXÕES POR ANEL DESLIZANTE   FORNECIMENTO E INSTALAÇÃO. AF_06/2015","UN","19,33"]
[96816,"CONEXÃO FIXA, ROSCA FÊMEA, METÁLICA, PARA INSTALAÇÕES EM PEX, DN 25 MM X 3/4\", COM ANEL DESLIZANTE. FORNECIMENTO E INSTALAÇÃO. AF_06/2015","UN","15,85"]
[96817,"CONEXÃO FIXA, ROSCA FÊMEA, METÁLICA, PARA INSTALAÇÕES EM PEX, DN 25 MM X 1\", COM ANEL DESLIZANTE. FORNECIMENTO E INSTALAÇÃO. AF_06/2015","UN","18,07"]
[96818,"UNIÃO DE REDUÇÃO, METÁLICA, PEX, DN 25 X 16 MM, CONEXÃO POR ANEL DESLIZANTE – FORNECIMENTO E INSTALAÇÃO. AF_06/2015","UN","16,81"]
[96819,"UNIÃO DE REDUÇÃO, METÁLICA, PEX, DN 25 X 20 MM, CONEXÃO POR ANEL DESLIZANTE – FORNECIMENTO E INSTALAÇÃO. AF_06/2015","UN","16,81"]
[96820,"UNIÃO METÁLICA PARA INSTALAÇÕES EM PEX, DN 32 MM, FIXAÇÃO DAS CONEXÕES POR ANEL DESLIZANTE   FORNECIMENTO E INSTALAÇÃO. AF_06/2015","UN","30,76"]
[96821,"CONEXÃO FIXA, ROSCA FÊMEA, METÁLICA, PARA INSTALAÇÕES EM PEX, DN 32 MM X 1\", COM ANEL DESLIZANTE – FORNECIMENTO E INSTALAÇÃO. AF_06/2015","UN","26,14"]
[96822,"UNIÃO DE REDUÇÃO, METÁLICA, PEX, DN 32 X 25 MM, CONEXÃO POR ANEL DESLIZANTE – FORNECIMENTO E INSTALAÇÃO. AF_06/2015","UN","26,50"]
[96823,"LUVA PARA INSTALAÇÕES EM PEX, DN 16 MM, CONEXÃO POR CRIMPAGEM – FORNECIMENTO E INSTALAÇÃO . AF_06/2015","UN","10,91"]
[96824,"CONEXÃO FIXA, ROSCA FÊMEA, PARA INSTALAÇÕES EM PEX, DN 16MM X 1/2\", CONEXÃO POR CRIMPAGEM – FORNECIMENTO E INSTALAÇÃO. AF_06/2015","UN","12,33"]
[96825,"CONEXÃO FIXA, ROSCA FÊMEA, PARA INSTALAÇÕES EM PEX, DN 16MM X 3/4\", CONEXÃO POR CRIMPAGEM – FORNECIMENTO E INSTALAÇÃO. AF_06/2015","UN","16,77"]
[96826,"LUVA PARA INSTALAÇÕES EM PEX, DN 20 MM, CONEXÃO POR CRIMPAGEM   FORNECIMENTO E INSTALAÇÃO. AF_06/2015","UN","15,18"]
[96827,"CONEXÃO FIXA, ROSCA FÊMEA, PARA INSTALAÇÕES EM PEX, DN 20MM X 1/2\", CONEXÃO POR CRIMPAGEM – FORNECIMENTO E INSTALAÇÃO. AF_06/2015","UN","15,75"]
[96828,"CONEXÃO FIXA, ROSCA FÊMEA, PARA INSTALAÇÕES EM PEX, DN 20MM X 3/4\", CONEXÃO POR CRIMPAGEM – FORNECIMENTO E INSTALAÇÃO. AF_06/2015","UN","19,82"]
[96829,"LUVA DE REDUÇÃO PARA INSTALAÇÕES EM PEX, DN 20 X 16 MM, CONEXÃO POR CRIMPAGEM – FORNECIMENTO E INSTALAÇÃO. AF_06/2015","UN","15,15"]
[96830,"LUVA PARA INSTALAÇÕES EM PEX, DN 25 MM, CONEXÃO POR CRIMPAGEM   FORNECIMENTO E INSTALAÇÃO. AF_06/2015","UN","22,06"]
[96831,"CONEXÃO FIXA, ROSCA FÊMEA, PARA INSTALAÇÕES EM PEX, DN 25MM X 1/2\", CONEXÃO POR CRIMPAGEM – FORNECIMENTO E INSTALAÇÃO. AF_06/2015","UN","17,95"]
[96832,"CONEXÃO FIXA, ROSCA FÊMEA, PARA INSTALAÇÕES EM PEX, DN 25MM X 3/4\", CONEXÃO POR CRIMPAGEM – FORNECIMENTO E INSTALAÇÃO. AF_06/2015","UN","20,78"]
[96833,"LUVA DE REDUÇÃO PARA INSTALAÇÕES EM PEX, DN 25 X 16 MM, CONEXÃO POR CRIMPAGEM – FORNECIMENTO E INSTALAÇÃO. AF_06/2015","UN","19,45"]
[96834,"LUVA PARA INSTALAÇÕES EM PEX, DN 32 MM, CONEXÃO POR CRIMPAGEM – FORNECIMENTO E INSTALAÇÃO . AF_06/2015","UN","32,22"]
[96835,"CONEXÃO FIXA, ROSCA FÊMEA, PARA INSTALAÇÕES EM PEX, DN 32 MM X 3/4\", CONEXÃO POR CRIMPAGEM – FORNECIMENTO E INSTALAÇÃO. AF_06/2015","UN","27,82"]
[96836,"LUVA DE REDUÇÃO PARA INSTALAÇÕES EM PEX, DN 32 X 25 MM, CONEXÃO POR CRIMPAGEM – FORNECIMENTO E INSTALAÇÃO. AF_06/2015","UN","29,65"]
[96837,"JOELHO 90 GRAUS, METÁLICO, PARA INSTALAÇÕES EM PEX, DN 16 MM, CONEXÃO POR ANEL DESLIZANTE   FORNECIMENTO E INSTALAÇÃO. AF_06/2015","UN","15,91"]
[96838,"JOELHO 90 GRAUS, ROSCA FÊMEA TERMINAL, METÁLICO, PARA INSTALAÇÕES EM PEX, DN 16MM X 1/2\", CONEXÃO POR ANEL DESLIZANTE – FORNECIMENTO E INSTALAÇÃO. AF_06/2015","UN","14,60"]
[96839,"JOELHO, ROSCA FÊMEA, COM BASE FIXA, METÁLICO, PARA INSTALAÇÕES EM PEX, DN 16MM X 1/2\", CONEXÃO POR ANEL DESLIZANTE – FORNECIMENTO E INSTALAÇÃO. AF_06/2015","UN","14,37"]
[96840,"JOELHO 90 GRAUS, METÁLICO, PARA INSTALAÇÕES EM PEX, DN 20 MM, CONEXÃO POR ANEL DESLIZANTE – FORNECIMENTO E INSTALAÇÃO . AF_06/2015","UN","18,58"]
[96841,"JOELHO 90 GRAUS, ROSCA FÊMEA TERMINAL, METÁLICO, PARA INSTALAÇÕES EM PEX, DN 20 MM X 1/2\", CONEXÃO POR ANEL DESLIZANTE – FORNECIMENTO E INSTALAÇÃO. AF_06/2015","UN","16,21"]
[96842,"JOELHO 90 GRAUS, ROSCA FÊMEA TERMINAL, METÁLICO, PARA INSTALAÇÕES EM PEX, DN 20 MM X 3/4\", CONEXÃO POR ANEL DESLIZANTE – FORNECIMENTO E INSTALAÇÃO. AF_06/2015","UN","20,74"]
[96843,"JOELHO ROSCA FÊMEA, COM BASE FIXA, METÁLICO, PARA INSTALAÇÕES EM PEX, DN 20MM X 1/2\", CONEXÃO POR ANEL DESLIZANTE – FORNECIMENTO E INSTALAÇÃO. AF_06/2015","UN","19,93"]
[96844,"JOELHO ROSCA FÊMEA, MÓVEL, METÁLICO, PARA INSTALAÇÕES EM PEX, DN 20MM X 3/4\", CONEXÃO POR ANEL DESLIZANTE – FORNECIMENTO E INSTALAÇÃO. AF_06/2015","UN","27,31"]
[96845,"JOELHO 90 GRAUS, METÁLICO, PARA INSTALAÇÕES EM PEX, DN 25 MM, CONEXÃO POR ANEL DESLIZANTE   FORNECIMENTO E INSTALAÇÃO. AF_06/2015","UN","29,21"]
[96846,"JOELHO 90 GRAUS, ROSCA FÊMEA TERMINAL, METÁLICO, PARA INSTALAÇÕES EM PEX, DN 25 MM X 3/4\", CONEXÃO POR ANEL DESLIZANTE – FORNECIMENTO E INSTALAÇÃO. AF_06/2015","UN","22,90"]
[96847,"JOELHO ROSCA FÊMEA, COM BASE FIXA, METÁLICO, PARA INSTALAÇÕES EM PEX, DN 25MM X 3/4\", CONEXÃO POR ANEL DESLIZANTE – FORNECIMENTO E INSTALAÇÃO. AF_06/2015","UN","25,21"]
[96848,"JOELHO 90 GRAUS, METÁLICO, PARA INSTALAÇÕES EM PEX, DN 32 MM, CONEXÃO POR ANEL DESLIZANTE – FORNECIMENTO E INSTALAÇÃO . AF_06/2015","UN","37,90"]
[96849,"JOELHO 90 GRAUS, PARA INSTALAÇÕES EM PEX, DN 16 MM, CONEXÃO POR CRIMPAGEM   FORNECIMENTO E INSTALAÇÃO. AF_06/2015","UN","13,72"]
[96850,"JOELHO 90 GRAUS, ROSCA FÊMEA TERMINAL, PARA INSTALAÇÕES EM PEX, DN 16MM X 1/2\", CONEXÃO POR CRIMPAGEM – FORNECIMENTO E INSTALAÇÃO. AF_06/2015","UN","16,08"]
[96851,"JOELHO 90 GRAUS, ROSCA FÊMEA TERMINAL, PARA INSTALAÇÕES EM PEX, DN 16MM X 3/4\", CONEXÃO POR CRIMPAGEM – FORNECIMENTO E INSTALAÇÃO. AF_06/2015","UN","21,37"]
[96852,"JOELHO 90 GRAUS, PARA INSTALAÇÕES EM PEX, DN 20 MM, CONEXÃO POR CRIMPAGEM   FORNECIMENTO E INSTALAÇÃO. AF_06/2015","UN","18,28"]
[96853,"JOELHO 90 GRAUS, ROSCA FÊMEA TERMINAL, PARA INSTALAÇÕES EM PEX, DN 20MM X 1/2\", CONEXÃO POR CRIMPAGEM – FORNECIMENTO E INSTALAÇÃO. AF_06/2015","UN","20,59"]
[96854,"JOELHO 90 GRAUS, ROSCA FÊMEA TERMINAL, PARA INSTALAÇÕES EM PEX, DN 20MM X 3/4\", CONEXÃO POR CRIMPAGEM – FORNECIMENTO E INSTALAÇÃO. AF_06/2015","UN","24,68"]
[96855,"JOELHO 90 GRAUS, PARA INSTALAÇÕES EM PEX, DN 25 MM, CONEXÃO POR CRIMPAGEM   FORNECIMENTO E INSTALAÇÃO. AF_06/2015","UN","22,72"]
[96856,"JOELHO 90 GRAUS, ROSCA FÊMEA TERMINAL, PARA INSTALAÇÕES EM PEX, DN 25MM X 1/2\", CONEXÃO POR CRIMPAGEM – FORNECIMENTO E INSTALAÇÃO. AF_06/2015","UN","23,06"]
[96857,"JOELHO 90 GRAUS, ROSCA FÊMEA TERMINAL, PARA INSTALAÇÕES EM PEX, DN 25MM X 1”, CONEXÃO POR CRIMPAGEM – FORNECIMENTO E INSTALAÇÃO. AF_06/2015","UN","36,89"]
[96858,"JOELHO 90 GRAUS, PARA INSTALAÇÕES EM PEX, DN 32 MM, CONEXÃO POR CRIMPAGEM   FORNECIMENTO E INSTALAÇÃO. AF_06/2015","UN","37,23"]
[96859,"JOELHO 90 GRAUS, ROSCA FÊMEA TERMINAL, PARA INSTALAÇÕES EM PEX, DN 32 MM X 1\", CONEXÃO POR CRIMPAGEM – FORNECIMENTO E INSTALAÇÃO. AF_06/2015","UN","46,21"]
[96860,"TÊ, METÁLICO, PARA INSTALAÇÕES EM PEX, DN 16 MM, CONEXÃO POR ANEL DESLIZANTE – FORNECIMENTO E INSTALAÇÃO. AF_06/2015","UN","18,42"]
[96861,"TÊ, ROSCA FÊMEA, METÁLICO, PARA INSTALAÇÕES EM PEX, DN 16 MM X ½”, CONEXÃO POR ANEL DESLIZANTE   FORNECIMENTO E INSTALAÇÃO. AF_06/2015","UN","19,91"]
[96862,"TÊ, METÁLICO, PARA INSTALAÇÕES EM PEX, DN 20 MM, CONEXÃO POR ANEL DESLIZANTE – FORNECIMENTO E INSTALAÇÃO. AF_06/2015","UN","22,21"]
[96863,"TÊ, ROSCA FÊMEA, METÁLICO, PARA INSTALAÇÕES EM PEX, DN 20 MM X ½”, CONEXÃO POR ANEL DESLIZANTE   FORNECIMENTO E INSTALAÇÃO. AF_06/2015","UN","21,96"]
[96864,"TÊ, METÁLICO, PARA INSTALAÇÕES EM PEX, DN 25 MM, CONEXÃO POR ANEL DESLIZANTE – FORNECIMENTO E INSTALAÇÃO. AF_06/2015","UN","34,94"]
[96865,"TÊ, ROSCA FÊMEA, METÁLICO, PARA INSTALAÇÕES EM PEX, DN 25 MM X 3/4\", CONEXÃO POR ANEL DESLIZANTE – FORNECIMENTO E INSTALAÇÃO. AF_06/2015","UN","34,22"]
[96866,"TÊ, METÁLICO, PARA INSTALAÇÕES EM PEX, DN 32 MM, CONEXÃO POR ANEL DESLIZANTE – FORNECIMENTO E INSTALAÇÃO. AF_06/2015","UN","45,97"]
[96867,"TÊ, ROSCA MACHO, METÁLICO, PARA INSTALAÇÕES EM PEX, DN 32 MM X 1\", CONEXÃO POR ANEL DESLIZANTE – FORNECIMENTO E INSTALAÇÃO. AF_06/2015","UN","53,51"]
[96868,"TÊ, PARA INSTALAÇÕES EM PEX, DN 16 MM, CONEXÃO POR CRIMPAGEM – FORNECIMENTO E INSTALAÇÃO. AF_06/2015","UN","21,30"]
[96869,"TÊ, PARA INSTALAÇÕES EM PEX, DN 20 MM, CONEXÃO POR CRIMPAGEM – FORNECIMENTO E INSTALAÇÃO. AF_06/2015","UN","25,46"]
[96870,"TÊ, PEX, DN 25 MM, CONEXÃO POR CRIMPAGEM – FORNECIMENTO E INSTALAÇÃO. AF_06/2015","UN","40,32"]
[96871,"TÊ, PARA INSTALAÇÕES EM PEX, DN 32 MM, CONEXÃO POR CRIMPAGEM – FORNECIMENTO E INSTALAÇÃO. AF_06/2015","UN","58,53"]
[96872,"DISTRIBUIDOR 2 SAÍDAS, METÁLICO, PARA INSTALAÇÕES EM PEX, ENTRADA DE 3/4\" X 2 SAÍDAS DE 1/2\", CONEXÃO POR ANEL DESLIZANTE – FORNECIMENTO E INSTALAÇÃO. AF_06/2015","UN","53,39"]
[96873,"DISTRIBUIDOR 2 SAÍDAS, METÁLICO, PARA INSTALAÇÕES EM PEX, ENTRADA DE 1\" X 2 SAÍDAS DE 1/2\", CONEXÃO POR ANEL DESLIZANTE – FORNECIMENTO E INSTALAÇÃO. AF_06/2015","UN","61,72"]
[96874,"DISTRIBUIDOR 3 SAÍDAS, METÁLICO, PARA INSTALAÇÕES EM PEX, ENTRADA DE 3/4\" X 3 SAÍDAS DE 1/2\", CONEXÃO POR ANEL DESLIZANTE – FORNECIMENTO E INSTALAÇÃO . AF_06/2015","UN","64,96"]
[96875,"DISTRIBUIDOR 3 SAÍDAS, METÁLICO, PARA INSTALAÇÕES EM PEX, ENTRADA DE 1” X 3 SAÍDAS DE 1/2”, CONEXÃO POR ANEL DESLIZANTE   FORNECIMENTO E INSTALAÇÃO. AF_06/2015","UN","78,34"]
[96876,"DISTRIBUIDOR 2 SAÍDAS, PARA INSTALAÇÕES EM PEX, ENTRADA DE 32 MM X 2 SAÍDAS DE 16 MM, CONEXÃO POR CRIMPAGEM FORNECIMENTO E INSTALAÇÃO. AF_06/2015","UN","138,63"]
[96877,"DISTRIBUIDOR 2 SAÍDAS, PARA INSTALAÇÕES EM PEX, ENTRADA DE 32 MM X 2 SAÍDAS DE 20 MM, CONEXÃO POR CRIMPAGEM – FORNECIMENTO E INSTALAÇÃO. AF_06/2015","UN","148,34"]
[96878,"DISTRIBUIDOR 2 SAÍDAS, PARA INSTALAÇÕES EM PEX, ENTRADA DE 32 MM X 2 SAÍDAS DE 25 MM, CONEXÃO POR CRIMPAGEM – FORNECIMENTO E INSTALAÇÃO. AF_06/2015","UN","150,16"]
[96879,"DISTRIBUIDOR 3 SAÍDAS, PARA INSTALAÇÕES EM PEX, ENTRADA DE 32 MM X 3 SAÍDAS DE 16 MM, CONEXÃO POR CRIMPAGEM – FORNECIMENTO E INSTALAÇÃO. AF_06/2015","UN","150,61"]
[96880,"DISTRIBUIDOR 3 SAÍDAS, PARA INSTALAÇÕES EM PEX, ENTRADA DE 32 MM X 3 SAÍDAS DE 20 MM, CONEXÃO POR CRIMPAGEM – FORNECIMENTO E INSTALAÇÃO. AF_06/2015","UN","172,36"]
[96881,"DISTRIBUIDOR 3 SAÍDAS, PARA INSTALAÇÕES EM PEX, ENTRADA DE 32 MM X 3 SAÍDAS DE 25 MM, CONEXÃO POR CRIMPAGEM – FORNECIMENTO E INSTALAÇÃO. AF_06/2015","UN","182,21"]
[97425,"FLANGE EM AÇO, DN 15 MM X 1/2'', INSTALADO EM RESERVAÇÃO DE ÁGUA DE EDIFICAÇÃO QUE POSSUA RESERVATÓRIO DE FIBRA/FIBROCIMENTO - FORNECIMENTO E INSTALAÇÃO. AF_06/2016","UN","17,09"]
[97426,"FLANGE EM AÇO, DN 20 MM X 3/4'', INSTALADO EM RESERVAÇÃO DE ÁGUA DE EDIFICAÇÃO QUE POSSUA RESERVATÓRIO DE FIBRA/FIBROCIMENTO - FORNECIMENTO E INSTALAÇÃO. AF_06/2016","UN","20,39"]
[97427,"FLANGE EM AÇO, DN 25 MM X 1'', INSTALADO EM RESERVAÇÃO DE ÁGUA DE EDIFICAÇÃO QUE POSSUA RESERVATÓRIO DE FIBRA/FIBROCIMENTO - FORNECIMENTO E INSTALAÇÃO. AF_06/2016","UN","22,89"]
[97428,"FLANGE EM AÇO, DN 32 MM X 1 1/4'', INSTALADO EM RESERVAÇÃO DE ÁGUA DE EDIFICAÇÃO QUE POSSUA RESERVATÓRIO DE FIBRA/FIBROCIMENTO - FORNECIMENTO E INSTALAÇÃO. AF_06/2016","UN","28,68"]
[97429,"FLANGE EM AÇO, DN 40 MM X 1 1/2'', INSTALADO EM RESERVAÇÃO DE ÁGUA DE EDIFICAÇÃO QUE POSSUA RESERVATÓRIO DE FIBRA/FIBROCIMENTO - FORNECIMENTO E INSTALAÇÃO. AF_06/2016","UN","34,01"]
[97430,"ACOPLAMENTO RÍGIDO EM AÇO, CONEXÃO RANHURADA, DN 50 (2\"), INSTALADO EM PRUMADAS - FORNECIMENTO E INSTALAÇÃO. AF_12/2015","UN","25,89"]
[97431,"ACOPLAMENTO RÍGIDO EM AÇO, CONEXÃO RANHURADA, DN 65 (2 1/2\"), INSTALADO EM PRUMADAS - FORNECIMENTO E INSTALAÇÃO. AF_12/2015","UN","28,86"]
[97432,"ACOPLAMENTO RÍGIDO EM AÇO, CONEXÃO RANHURADA, DN 80 (3\"), INSTALADO EM PRUMADAS - FORNECIMENTO E INSTALAÇÃO. AF_12/2015","UN","32,56"]
[97433,"CURVA 45 GRAUS, EM AÇO, CONEXÃO RANHURADA, DN 50 (2”), INSTALADO EM PRUMADAS - FORNECIMENTO E INSTALAÇÃO. AF_12/2015","UN","59,53"]
[97434,"CURVA 90 GRAUS, EM AÇO, CONEXÃO RANHURADA, DN 50 (2\"), INSTALADO EM PRUMADAS - FORNECIMENTO E INSTALAÇÃO. AF_12/2015","UN","60,66"]
[97435,"CURVA 45 GRAUS, EM AÇO, CONEXÃO RANHURADA, DN 65 (2 1/2\"), INSTALADO EM PRUMADAS - FORNECIMENTO E INSTALAÇÃO. AF_12/2015","UN","69,64"]
[97436,"CURVA 90 GRAUS, EM AÇO, CONEXÃO RANHURADA, DN 65 (2 1/2”), INSTALADO EM PRUMADAS - FORNECIMENTO E INSTALAÇÃO. AF_12/2015","UN","71,81"]
[97437,"CURVA 45 GRAUS, EM AÇO, CONEXÃO RANHURADA, DN 80 (3\"), INSTALADO EM PRUMADAS - FORNECIMENTO E INSTALAÇÃO. AF_12/2015","UN","79,71"]
[97438,"CURVA 90 GRAUS, EM AÇO, CONEXÃO RANHURADA, DN 80 (3\"), INSTALADO EM PRUMADAS - FORNECIMENTO E INSTALAÇÃO. AF_12/2015","UN","82,04"]
[97439,"TÊ, EM AÇO, CONEXÃO RANHURADA, DN 50 (2\"), INSTALADO EM PRUMADAS - FORNECIMENTO E INSTALAÇÃO. AF_12/2015","UN","90,23"]
[97440,"TÊ, EM AÇO, CONEXÃO RANHURADA, DN 65 (2 1/2\"), INSTALADO EM PRUMADAS - FORNECIMENTO E INSTALAÇÃO. AF_12/2015","UN","108,19"]
[97442,"TÊ, EM AÇO, CONEXÃO RANHURADA, DN 80 (3\"), INSTALADO EM PRUMADAS - FORNECIMENTO E INSTALAÇÃO. AF_12/2015","UN","119,47"]
[97443,"LUVA, EM AÇO, CONEXÃO SOLDADA, DN 50 (2\"), INSTALADO EM PRUMADAS - FORNECIMENTO E INSTALAÇÃO. AF_12/2015","UN","59,31"]
[97444,"LUVA COM REDUÇÃO, EM AÇO, CONEXÃO SOLDADA, DN 50 X 40 MM (2” X 1 1/2”), INSTALADO EM PRUMADAS - FORNECIMENTO E INSTALAÇÃO. AF_12/2015","UN","68,63"]
[97446,"LUVA, EM AÇO, CONEXÃO SOLDADA, DN 65 (2 1/2\"), INSTALADO EM PRUMADAS - FORNECIMENTO E INSTALAÇÃO. AF_12/2015","UN","114,55"]
[97447,"LUVA COM REDUÇÃO, EM AÇO, CONEXÃO SOLDADA, DN 65 X 50 MM (2 1/2\" X 2\"), INSTALADO EM PRUMADAS - FORNECIMENTO E INSTALAÇÃO. AF_12/2015","UN","114,55"]
[97449,"LUVA, EM AÇO, CONEXÃO SOLDADA, DN 80 (3”), INSTALADO EM PRUMADAS - FORNECIMENTO E INSTALAÇÃO. AF_12/2015","UN","122,25"]
[97450,"LUVA COM REDUÇÃO, EM AÇO, CONEXÃO SOLDADA, DN 80 X 65 MM (3\" X 2 1/2\"), INSTALADO EM PRUMADAS - FORNECIMENTO E INSTALAÇÃO. AF_12/2015","UN","147,63"]
[97452,"CURVA 45 GRAUS, EM AÇO, CONEXÃO SOLDADA, DN 50 (2”), INSTALADO EM PRUMADAS - FORNECIMENTO E INSTALAÇÃO. AF_12/2015","UN","96,62"]
[97453,"CURVA 90 GRAUS, EM AÇO, CONEXÃO SOLDADA, DN 50 (2”), INSTALADO EM PRUMADAS - FORNECIMENTO E INSTALAÇÃO. AF_12/2015","UN","101,94"]
[97454,"CURVA 45 GRAUS, EM AÇO, CONEXÃO SOLDADA, DN 65 (2 1/2”), INSTALADO EM PRUMADAS - FORNECIMENTO E INSTALAÇÃO. AF_12/2015","UN","158,45"]
[97455,"CURVA 90 GRAUS, EM AÇO, CONEXÃO SOLDADA, DN 65 (2 1/2”), INSTALADO EM PRUMADAS - FORNECIMENTO E INSTALAÇÃO. AF_12/2015","UN","166,96"]
[97456,"CURVA 45 GRAUS, EM AÇO, CONEXÃO SOLDADA, DN 80 (3”), INSTALADO EM PRUMADAS - FORNECIMENTO E INSTALAÇÃO. AF_12/2015","UN","345,82"]
[97457,"CURVA 90 GRAUS, EM AÇO, CONEXÃO SOLDADA, DN 80 (3”), INSTALADO EM PRUMADAS - FORNECIMENTO E INSTALAÇÃO. AF_12/2015","UN","307,64"]
[97458,"TÊ, EM AÇO, CONEXÃO SOLDADA, DN 50 (2\"), INSTALADO EM PRUMADAS - FORNECIMENTO E INSTALAÇÃO. AF_12/2015","UN","150,24"]
[97459,"TÊ, EM AÇO, CONEXÃO SOLDADA, DN 65 (2 1/2\"), INSTALADO EM PRUMADAS - FORNECIMENTO E INSTALAÇÃO. AF_12/2015","UN","249,48"]
[97460,"TÊ, EM AÇO, CONEXÃO SOLDADA, DN 80 (3\"), INSTALADO EM PRUMADAS - FORNECIMENTO E INSTALAÇÃO. AF_12/2015","UN","376,87"]
[97461,"LUVA, EM AÇO, CONEXÃO SOLDADA, DN 25 (1”), INSTALADO EM REDE DE ALIMENTAÇÃO PARA HIDRANTE - FORNECIMENTO E INSTALAÇÃO. AF_12/2015","UN","18,55"]
[97462,"LUVA COM REDUÇÃO, EM AÇO, CONEXÃO SOLDADA, DN 25 X 20 MM (1” X 3/4”), INSTALADO EM REDE DE ALIMENTAÇÃO PARA HIDRANTE - FORNECIMENTO E INSTALAÇÃO. AF_12/2015","UN","15,82"]
[97464,"LUVA, EM AÇO, CONEXÃO SOLDADA, DN 32 (1 1/4”), INSTALADO EM REDE DE ALIMENTAÇÃO PARA HIDRANTE - FORNECIMENTO E INSTALAÇÃO. AF_12/2015","UN","26,39"]
[97465,"LUVA COM REDUÇÃO, EM AÇO, CONEXÃO SOLDADA, DN 32 X 25 MM (1 1/4”  X 1”), INSTALADO EM REDE DE ALIMENTAÇÃO PARA HIDRANTE - FORNECIMENTO E INSTALAÇÃO. AF_12/2015","UN","31,00"]
[97467,"LUVA, EM AÇO, CONEXÃO SOLDADA, DN 40 (1 1/2”), INSTALADO EM REDE DE ALIMENTAÇÃO PARA HIDRANTE - FORNECIMENTO E INSTALAÇÃO. AF_12/2015","UN","33,45"]
[97468,"LUVA COM REDUÇÃO, EM AÇO, CONEXÃO SOLDADA, DN 40  X 32 MM (1 1/2” X 1 1/4”), INSTALADO EM REDE DE ALIMENTAÇÃO PARA HIDRANTE - FORNECIMENTO E INSTALAÇÃO. AF_12/2015","UN","39,34"]
[97470,"LUVA, EM AÇO, CONEXÃO SOLDADA, DN 50 (2”), INSTALADO EM REDE DE ALIMENTAÇÃO PARA HIDRANTE - FORNECIMENTO E INSTALAÇÃO. AF_12/2015","UN","48,66"]
[97471,"LUVA COM REDUÇÃO, EM AÇO, CONEXÃO SOLDADA, DN 50 X 40 MM (2” X 1 1/2”), INSTALADO EM REDE DE ALIMENTAÇÃO PARA HIDRANTE - FORNECIMENTO E INSTALAÇÃO. AF_12/2015","UN","57,98"]
[97474,"LUVA, EM AÇO, CONEXÃO SOLDADA, DN 65 (2 1/2”), INSTALADO EM REDE DE ALIMENTAÇÃO PARA HIDRANTE - FORNECIMENTO E INSTALAÇÃO. AF_12/2015","UN","86,87"]
[97475,"LUVA COM REDUÇÃO, EM AÇO, CONEXÃO SOLDADA, DN 65 X 50 MM (2 1/2” X 2”), INSTALADO EM REDE DE ALIMENTAÇÃO PARA HIDRANTE - FORNECIMENTO E INSTALAÇÃO. AF_12/2015","UN","105,71"]
[97477,"LUVA, EM AÇO, CONEXÃO SOLDADA, DN 80 (3”), INSTALADO EM REDE DE ALIMENTAÇÃO PARA HIDRANTE - FORNECIMENTO E INSTALAÇÃO. AF_12/2015","UN","115,22"]
[97478,"LUVA COM REDUÇÃO, EM AÇO, CONEXÃO SOLDADA, DN 80 X 65 MM (3” X 2 1/2”), INSTALADO EM REDE DE ALIMENTAÇÃO PARA HIDRANTE - FORNECIMENTO E INSTALAÇÃO. AF_12/2015","UN","140,60"]
[97479,"CURVA 45 GRAUS, EM AÇO, CONEXÃO SOLDADA, DN 25 (1”), INSTALADO EM REDE DE ALIMENTAÇÃO PARA HIDRANTE - FORNECIMENTO E INSTALAÇÃO. AF_12/2015","UN","29,68"]
[97480,"CURVA 90 GRAUS, EM AÇO, CONEXÃO SOLDADA, DN 25 (1”), INSTALADO EM REDE DE ALIMENTAÇÃO PARA HIDRANTE - FORNECIMENTO E INSTALAÇÃO. AF_12/2015","UN","29,68"]
[97481,"CURVA 45 GRAUS, EM AÇO, CONEXÃO SOLDADA, DN 32 (1 1/4”), INSTALADO EM REDE DE ALIMENTAÇÃO PARA HIDRANTE - FORNECIMENTO E INSTALAÇÃO. AF_12/2015","UN","42,52"]
[97482,"CURVA 90 GRAUS, EM AÇO, CONEXÃO SOLDADA, DN 32 (1 1/4”), INSTALADO EM REDE DE ALIMENTAÇÃO PARA HIDRANTE - FORNECIMENTO E INSTALAÇÃO. AF_12/2015","UN","42,52"]
[97483,"CURVA 45 GRAUS, EM AÇO, CONEXÃO SOLDADA, DN 40 (1 1/2\"), INSTALADO EM REDE DE ALIMENTAÇÃO PARA HIDRANTE - FORNECIMENTO E INSTALAÇÃO. AF_12/2015","UN","58,96"]
[97484,"CURVA 90 GRAUS, EM AÇO, CONEXÃO SOLDADA, DN 40 (1 1/2\"), INSTALADO EM REDE DE ALIMENTAÇÃO PARA HIDRANTE - FORNECIMENTO E INSTALAÇÃO. AF_12/2015","UN","58,96"]
[97485,"CURVA 45 GRAUS, EM AÇO, CONEXÃO SOLDADA, DN 50 (2\"), INSTALADO EM REDE DE ALIMENTAÇÃO PARA HIDRANTE - FORNECIMENTO E INSTALAÇÃO. AF_12/2015","UN","80,66"]
[97486,"CURVA 90 GRAUS, EM AÇO, CONEXÃO SOLDADA, DN 50 (2\"), INSTALADO EM REDE DE ALIMENTAÇÃO PARA HIDRANTE - FORNECIMENTO E INSTALAÇÃO. AF_12/2015","UN","85,98"]
[97487,"CURVA 45 GRAUS, EM AÇO, CONEXÃO SOLDADA, DN 65 (2 1/2\"), INSTALADO EM REDE DE ALIMENTAÇÃO PARA HIDRANTE - FORNECIMENTO E INSTALAÇÃO. AF_12/2015","UN","145,20"]
[97488,"CURVA 90 GRAUS, EM AÇO, CONEXÃO SOLDADA, DN 65 (2 1/2\"), INSTALADO EM REDE DE ALIMENTAÇÃO PARA HIDRANTE - FORNECIMENTO E INSTALAÇÃO. AF_12/2015","UN","153,71"]
[97489,"CURVA 45 GRAUS, EM AÇO, CONEXÃO SOLDADA, DN 80 (3\"), INSTALADO EM REDE DE ALIMENTAÇÃO PARA HIDRANTE - FORNECIMENTO E INSTALAÇÃO. AF_12/2015","UN","335,26"]
[97490,"CURVA 90 GRAUS, EM AÇO, CONEXÃO SOLDADA, DN 80 (3\"), INSTALADO EM REDE DE ALIMENTAÇÃO PARA HIDRANTE - FORNECIMENTO E INSTALAÇÃO. AF_12/2015","UN","297,08"]
[97491,"TÊ, EM AÇO, CONEXÃO SOLDADA, DN 25 (1\"), INSTALADO EM REDE DE ALIMENTAÇÃO PARA HIDRANTE - FORNECIMENTO E INSTALAÇÃO. AF_12/2015","UN","45,20"]
[97492,"TÊ, EM AÇO, CONEXÃO SOLDADA, DN 32 (1 1/4\"), INSTALADO EM REDE DE ALIMENTAÇÃO PARA HIDRANTE - FORNECIMENTO E INSTALAÇÃO. AF_12/2015","UN","65,59"]
[97493,"TÊ, EM AÇO, CONEXÃO SOLDADA, DN 40 (1 1/2\"), INSTALADO EM REDE DE ALIMENTAÇÃO PARA HIDRANTE - FORNECIMENTO E INSTALAÇÃO. AF_12/2015","UN","84,37"]
[97494,"TÊ, EM AÇO, CONEXÃO SOLDADA, DN 50 (2\"), INSTALADO EM REDE DE ALIMENTAÇÃO PARA HIDRANTE - FORNECIMENTO E INSTALAÇÃO. AF_12/2015","UN","128,92"]
[97495,"TÊ, EM AÇO, CONEXÃO SOLDADA, DN 65 (2 1/2\"), INSTALADO EM REDE DE ALIMENTAÇÃO PARA HIDRANTE - FORNECIMENTO E INSTALAÇÃO. AF_12/2015","UN","231,80"]
[97496,"TÊ, EM AÇO, CONEXÃO SOLDADA, DN 80 (3\"), INSTALADO EM REDE DE ALIMENTAÇÃO PARA HIDRANTE - FORNECIMENTO E INSTALAÇÃO. AF_12/2015","UN","362,82"]
[97499,"LUVA, EM AÇO, CONEXÃO SOLDADA, DN 25 (1\"), INSTALADO EM REDE DE ALIMENTAÇÃO PARA SPRINKLER - FORNECIMENTO E INSTALAÇÃO. AF_12/2015","UN","16,83"]
[97500,"LUVA COM REDUÇÃO, EM AÇO, CONEXÃO SOLDADA, DN 25 X 20 MM (1\" X 3/4\"), INSTALADO EM REDE DE ALIMENTAÇÃO PARA SPRINKLER - FORNECIMENTO E INSTALAÇÃO. AF_12/2015","UN","14,10"]
[97502,"LUVA, EM AÇO, CONEXÃO SOLDADA, DN 32 (1 1/4\"), INSTALADO EM REDE DE ALIMENTAÇÃO PARA SPRINKLER - FORNECIMENTO E INSTALAÇÃO. AF_12/2015","UN","23,21"]
[97503,"LUVA COM REDUÇÃO, EM AÇO, CONEXÃO SOLDADA, DN 32 X 25 MM (1 1/4\"  X 1\"), INSTALADO EM REDE DE ALIMENTAÇÃO PARA SPRINKLER - FORNECIMENTO E INSTALAÇÃO. AF_12/2015","UN","27,97"]
[97505,"LUVA, EM AÇO, CONEXÃO SOLDADA, DN 40 (1 1/2\"), INSTALADO EM REDE DE ALIMENTAÇÃO PARA SPRINKLER - FORNECIMENTO E INSTALAÇÃO. AF_12/2015","UN","28,95"]
[97506,"LUVA COM REDUÇÃO, EM AÇO, CONEXÃO SOLDADA, DN 40  X 32 MM (1 1/2\" X 1 1/4\"), INSTALADO EM REDE DE ALIMENTAÇÃO PARA SPRINKLER - FORNECIMENTO E INSTALAÇÃO. AF_12/2015","UN","34,84"]
[97508,"LUVA, EM AÇO, CONEXÃO SOLDADA, DN 50 (2\"), INSTALADO EM REDE DE ALIMENTAÇÃO PARA SPRINKLER - FORNECIMENTO E INSTALAÇÃO. AF_12/2015","UN","42,30"]
[97509,"LUVA COM REDUÇÃO, EM AÇO, CONEXÃO SOLDADA, DN 50 X 40 MM (2\" X 1 1/2\"), INSTALADO EM REDE DE ALIMENTAÇÃO PARA SPRINKLER - FORNECIMENTO E INSTALAÇÃO. AF_12/2015","UN","51,62"]
[97511,"LUVA, EM AÇO, CONEXÃO SOLDADA, DN 65 (2 1/2\"), INSTALADO EM REDE DE ALIMENTAÇÃO PARA SPRINKLER - FORNECIMENTO E INSTALAÇÃO. AF_12/2015","UN","77,72"]
[97512,"LUVA COM REDUÇÃO, EM AÇO, CONEXÃO SOLDADA, DN 65 X 50 MM (2 1/2\" X 2\"), INSTALADO EM REDE DE ALIMENTAÇÃO PARA SPRINKLER - FORNECIMENTO E INSTALAÇÃO. AF_12/2015","UN","96,56"]
[97514,"LUVA, EM AÇO, CONEXÃO SOLDADA, DN 80 (3\"), INSTALADO EM REDE DE ALIMENTAÇÃO PARA SPRINKLER - FORNECIMENTO E INSTALAÇÃO. AF_12/2015","UN","103,20"]
[97515,"LUVA COM REDUÇÃO, EM AÇO, CONEXÃO SOLDADA, DN 80 X 65 MM (3\" X 2 1/2\"), INSTALADO EM REDE DE ALIMENTAÇÃO PARA SPRINKLER - FORNECIMENTO E INSTALAÇÃO. AF_12/2015","UN","128,58"]
[97517,"CURVA 45 GRAUS, EM AÇO, CONEXÃO SOLDADA, DN 25 (1\"), INSTALADO EM REDE DE ALIMENTAÇÃO PARA SPRINKLER - FORNECIMENTO E INSTALAÇÃO. AF_12/2015","UN","27,12"]
[97518,"CURVA 90 GRAUS, EM AÇO, CONEXÃO SOLDADA, DN 25 (1\"), INSTALADO EM REDE DE ALIMENTAÇÃO PARA SPRINKLER - FORNECIMENTO E INSTALAÇÃO. AF_12/2015","UN","27,12"]
[97519,"CURVA 45 GRAUS, EM AÇO, CONEXÃO SOLDADA, DN 32 (1 1/4\"), INSTALADO EM REDE DE ALIMENTAÇÃO PARA SPRINKLER - FORNECIMENTO E INSTALAÇÃO. AF_12/2015","UN","37,97"]
[97520,"CURVA 90 GRAUS, EM AÇO, CONEXÃO SOLDADA, DN 32 (1 1/4\"), INSTALADO EM REDE DE ALIMENTAÇÃO PARA SPRINKLER - FORNECIMENTO E INSTALAÇÃO. AF_12/2015","UN","37,97"]
[97521,"CURVA 45 GRAUS, EM AÇO, CONEXÃO SOLDADA, DN 40 (1 1/2\"), INSTALADO EM REDE DE ALIMENTAÇÃO PARA SPRINKLER - FORNECIMENTO E INSTALAÇÃO. AF_12/2015","UN","52,18"]
[97522,"CURVA 90 GRAUS, EM AÇO, CONEXÃO SOLDADA, DN 40 (1 1/2\"), INSTALADO EM REDE DE ALIMENTAÇÃO PARA SPRINKLER - FORNECIMENTO E INSTALAÇÃO. AF_12/2015","UN","52,18"]
[97523,"CURVA 45 GRAUS, EM AÇO, CONEXÃO SOLDADA, DN 50 (2\"), INSTALADO EM REDE DE ALIMENTAÇÃO PARA SPRINKLER - FORNECIMENTO E INSTALAÇÃO. AF_12/2015","UN","71,12"]
[97524,"CURVA 90 GRAUS, EM AÇO, CONEXÃO SOLDADA, DN 50 (2\"), INSTALADO EM REDE DE ALIMENTAÇÃO PARA SPRINKLER - FORNECIMENTO E INSTALAÇÃO. AF_12/2015","UN","76,44"]
[97525,"CURVA 45 GRAUS, EM AÇO, CONEXÃO SOLDADA, DN 65 (2 1/2\"), INSTALADO EM REDE DE ALIMENTAÇÃO PARA SPRINKLER - FORNECIMENTO E INSTALAÇÃO. AF_12/2015","UN","131,41"]
[97526,"CURVA 90 GRAUS, EM AÇO, CONEXÃO SOLDADA, DN 65 (2 1/2\"), INSTALADO EM REDE DE ALIMENTAÇÃO PARA SPRINKLER - FORNECIMENTO E INSTALAÇÃO. AF_12/2015","UN","139,92"]
[97527,"CURVA 45 GRAUS, EM AÇO, CONEXÃO SOLDADA, DN 80 (3\"), INSTALADO EM REDE DE ALIMENTAÇÃO PARA SPRINKLER - FORNECIMENTO E INSTALAÇÃO. AF_12/2015","UN","317,26"]
[97528,"CURVA 90 GRAUS, EM AÇO, CONEXÃO SOLDADA, DN 80 (3\"), INSTALADO EM REDE DE ALIMENTAÇÃO PARA SPRINKLER - FORNECIMENTO E INSTALAÇÃO. AF_12/2015","UN","279,08"]
[97529,"TÊ, EM AÇO, CONEXÃO SOLDADA, DN 25 (1\"), INSTALADO EM REDE DE ALIMENTAÇÃO PARA SPRINKLER - FORNECIMENTO E INSTALAÇÃO. AF_12/2015","UN","41,82"]
[97530,"TÊ, EM AÇO, CONEXÃO SOLDADA, DN 32 (1 1/4\"), INSTALADO EM REDE DE ALIMENTAÇÃO PARA SPRINKLER - FORNECIMENTO E INSTALAÇÃO. AF_12/2015","UN","59,53"]
[97531,"TÊ, EM AÇO, CONEXÃO SOLDADA, DN 40 (1 1/2\"), INSTALADO EM REDE DE ALIMENTAÇÃO PARA SPRINKLER - FORNECIMENTO E INSTALAÇÃO. AF_12/2015","UN","75,32"]
[97532,"TÊ, EM AÇO, CONEXÃO SOLDADA, DN 50 (2\"), INSTALADO EM REDE DE ALIMENTAÇÃO PARA SPRINKLER - FORNECIMENTO E INSTALAÇÃO. AF_12/2015","UN","116,19"]
[97533,"TÊ, EM AÇO, CONEXÃO SOLDADA, DN 65 (2 1/2\"), INSTALADO EM REDE DE ALIMENTAÇÃO PARA SPRINKLER - FORNECIMENTO E INSTALAÇÃO. AF_12/2015","UN","216,14"]
[97534,"TÊ, EM AÇO, CONEXÃO SOLDADA, DN 80 (3\"), INSTALADO EM REDE DE ALIMENTAÇÃO PARA SPRINKLER - FORNECIMENTO E INSTALAÇÃO. AF_12/2015","UN","338,82"]
[97537,"LUVA, EM AÇO, CONEXÃO SOLDADA, DN 15 (1/2\"), INSTALADO EM RAMAIS E SUB-RAMAIS DE GÁS - FORNECIMENTO E INSTALAÇÃO. AF_12/2015","UN","12,99"]
[97540,"LUVA, EM AÇO, CONEXÃO SOLDADA, DN 20 (3/4\"), INSTALADO EM RAMAIS E SUB-RAMAIS DE GÁS - FORNECIMENTO E INSTALAÇÃO. AF_12/2015","UN","18,05"]
[97541,"LUVA COM REDUÇÃO, EM AÇO, CONEXÃO SOLDADA, DN 20 X 15 MM (3/4 \" X 1/2\"), INSTALADO EM RAMAIS E SUB-RAMAIS DE GÁS - FORNECIMENTO E INSTALAÇÃO. AF_12/2015","UN","15,78"]
[97543,"LUVA, EM AÇO, CONEXÃO SOLDADA, DN 25 (1\"), INSTALADO EM RAMAIS E SUB-RAMAIS DE GÁS - FORNECIMENTO E INSTALAÇÃO. AF_12/2015","UN","30,22"]
[97544,"LUVA COM REDUÇÃO, EM AÇO, CONEXÃO SOLDADA, DN 25 X 20 MM (1\" X 3/4\"), INSTALADO EM RAMAIS E SUB-RAMAIS DE GÁS - FORNECIMENTO E INSTALAÇÃO. AF_12/2015","UN","27,49"]
[97546,"CURVA 45 GRAUS, EM AÇO, CONEXÃO SOLDADA, DN 15 (1/2\"), INSTALADO EM RAMAIS E SUB-RAMAIS DE GÁS - FORNECIMENTO E INSTALAÇÃO. AF_12/2015","UN","18,36"]
[97547,"CURVA 90 GRAUS, EM AÇO, CONEXÃO SOLDADA, DN 15 (1/2\"), INSTALADO EM RAMAIS E SUB-RAMAIS DE GÁS - FORNECIMENTO E INSTALAÇÃO. AF_12/2015","UN","18,36"]
[97548,"CURVA 45 GRAUS, EM AÇO, CONEXÃO SOLDADA, DN 20 (3/4\"), INSTALADO EM RAMAIS E SUB-RAMAIS DE GÁS - FORNECIMENTO E INSTALAÇÃO. AF_12/2015","UN","27,75"]
[97549,"CURVA 90 GRAUS, EM AÇO, CONEXÃO SOLDADA, DN 20 (3/4\"), INSTALADO EM RAMAIS E SUB-RAMAIS DE GÁS - FORNECIMENTO E INSTALAÇÃO. AF_12/2015","UN","27,75"]
[97550,"CURVA 45 GRAUS, EM AÇO, CONEXÃO SOLDADA, DN 25 (1\"), INSTALADO EM RAMAIS E SUB-RAMAIS DE GÁS - FORNECIMENTO E INSTALAÇÃO. AF_12/2015","UN","47,23"]
[97551,"CURVA 90 GRAUS, EM AÇO, CONEXÃO SOLDADA, DN 25 (1\"), INSTALADO EM RAMAIS E SUB-RAMAIS DE GÁS - FORNECIMENTO E INSTALAÇÃO. AF_12/2015","UN","47,23"]
[97552,"TÊ, EM AÇO, CONEXÃO SOLDADA, DN 15 (1/2\"), INSTALADO EM RAMAIS E SUB-RAMAIS DE GÁS - FORNECIMENTO E INSTALAÇÃO. AF_12/2015","UN","26,45"]
[97553,"TÊ, EM AÇO, CONEXÃO SOLDADA, DN 20 (3/4\"), INSTALADO EM RAMAIS E SUB-RAMAIS DE GÁS - FORNECIMENTO E INSTALAÇÃO. AF_12/2015","UN","38,97"]
[97554,"TÊ, EM AÇO, CONEXÃO SOLDADA, DN 25 (1\"), INSTALADO EM RAMAIS E SUB-RAMAIS DE GÁS - FORNECIMENTO E INSTALAÇÃO. AF_12/2015","UN","68,64"]
[98602,"CONECTOR EM BRONZE/LATÃO, DN 22 MM X 1/2\", SEM ANEL DE SOLDA, BOLSA X ROSCA F, INSTALADO EM PRUMADA – FORNECIMENTO E INSTALAÇÃO. AF_01/2016","UN","9,60"]
[6171,"TAMPA DE CONCRETO ARMADO 60X60X5CM PARA CAIXA","UN","20,31"]
["74166/1","CAIXA DE INSPEÇÃO EM CONCRETO PRÉ-MOLDADO DN 60CM COM TAMPA H= 60CM - FORNECIMENTO E INSTALACAO","UN","163,59"]
["74166/2","CAIXA DE INSPECAO EM ANEL DE CONCRETO PRE MOLDADO, COM 950MM DE ALTURA TOTAL. ANEIS COM ESP=50MM, DIAM.=600MM. EXCLUSIVE TAMPAO E ESCAVACAO - FORNECIMENTO E INSTALACAO","UN","211,47"]
[88503,"CAIXA D´ÁGUA EM POLIETILENO, 1000 LITROS, COM ACESSÓRIOS","UN","687,07"]
[88504,"CAIXA D´AGUA EM POLIETILENO, 500 LITROS, COM ACESSÓRIOS","UN","539,30"]
[97900,"CAIXA ENTERRADA HIDRÁULICA RETANGULAR EM ALVENARIA COM TIJOLOS CERÂMICOS MACIÇOS, DIMENSÕES INTERNAS: 0,3X0,3X0,3 M PARA REDE DE ESGOTO. AF_05/2018","UN","119,98"]
[97901,"CAIXA ENTERRADA HIDRÁULICA RETANGULAR EM ALVENARIA COM TIJOLOS CERÂMICOS MACIÇOS, DIMENSÕES INTERNAS: 0,4X0,4X0,4 M PARA REDE DE ESGOTO. AF_05/2018","UN","190,40"]
[97902,"CAIXA ENTERRADA HIDRÁULICA RETANGULAR EM ALVENARIA COM TIJOLOS CERÂMICOS MACIÇOS, DIMENSÕES INTERNAS: 0,6X0,6X0,6 M PARA REDE DE ESGOTO. AF_05/2018","UN","376,02"]
[97903,"CAIXA ENTERRADA HIDRÁULICA RETANGULAR EM ALVENARIA COM TIJOLOS CERÂMICOS MACIÇOS, DIMENSÕES INTERNAS: 0,8X0,8X0,6 M PARA REDE DE ESGOTO. AF_05/2018","UN","519,81"]
[97904,"CAIXA ENTERRADA HIDRÁULICA RETANGULAR EM ALVENARIA COM TIJOLOS CERÂMICOS MACIÇOS, DIMENSÕES INTERNAS: 1X1X0,6 M PARA REDE DE ESGOTO. AF_05/2018","UN","616,80"]
[97905,"CAIXA ENTERRADA HIDRÁULICA RETANGULAR, EM ALVENARIA COM BLOCOS DE CONCRETO, DIMENSÕES INTERNAS: 0,4X0,4X0,4 M PARA REDE DE ESGOTO. AF_05/2018","UN","156,67"]
[97906,"CAIXA ENTERRADA HIDRÁULICA RETANGULAR, EM ALVENARIA COM BLOCOS DE CONCRETO, DIMENSÕES INTERNAS: 0,6X0,6X0,6 M PARA REDE DE ESGOTO. AF_05/2018","UN","293,52"]
[97907,"CAIXA ENTERRADA HIDRÁULICA RETANGULAR, EM ALVENARIA COM BLOCOS DE CONCRETO, DIMENSÕES INTERNAS: 0,8X0,8X0,6 M PARA REDE DE ESGOTO. AF_05/2018","UN","414,52"]
[97908,"CAIXA ENTERRADA HIDRÁULICA RETANGULAR, EM ALVENARIA COM BLOCOS DE CONCRETO, DIMENSÕES INTERNAS: 1X1X0,6 M PARA REDE DE ESGOTO. AF_05/2018","UN","492,21"]
[98102,"CAIXA DE GORDURA SIMPLES, CIRCULAR, EM CONCRETO PRÉ-MOLDADO, DIÂMETRO INTERNO = 0,4 M, ALTURA INTERNA = 0,4 M. AF_05/2018","UN","53,96"]
[98103,"CAIXA DE GORDURA DUPLA, CIRCULAR, EM CONCRETO PRÉ-MOLDADO, DIÂMETRO INTERNO = 0,6 M, ALTURA INTERNA = 0,6 M. AF_05/2018","UN","112,77"]
[98104,"CAIXA DE GORDURA SIMPLES (CAPACIDADE: 36L), RETANGULAR, EM ALVENARIA COM TIJOLOS CERÂMICOS MACIÇOS, DIMENSÕES INTERNAS = 0,2X0,4 M, ALTURA INTERNA = 0,8 M. AF_05/2018","UN","252,30"]
[98105,"CAIXA DE GORDURA DUPLA (CAPACIDADE: 126 L), RETANGULAR, EM ALVENARIA COM TIJOLOS CERÂMICOS MACIÇOS, DIMENSÕES INTERNAS = 0,4X0,7 M, ALTURA INTERNA = 0,8 M. AF_05/2018","UN","437,22"]
[98106,"CAIXA DE GORDURA ESPECIAL (CAPACIDADE: 312 L - PARA ATÉ 146 PESSOAS SERVIDAS NO PICO), RETANGULAR, EM ALVENARIA COM TIJOLOS CERÂMICOS MACIÇOS, DIMENSÕES INTERNAS = 0,4X1,2 M, ALTURA INTERNA = 1 M. AF_05/2018","UN","723,10"]
[98107,"CAIXA DE GORDURA SIMPLES (CAPACIDADE: 36 L), RETANGULAR, EM ALVENARIA COM BLOCOS DE CONCRETO, DIMENSÕES INTERNAS = 0,2X0,4 M, ALTURA INTERNA = 0,8 M. AF_05/2018","UN","188,08"]
[98108,"CAIXA DE GORDURA DUPLA (CAPACIDADE: 126 L), RETANGULAR, EM ALVENARIA COM BLOCOS DE CONCRETO, DIMENSÕES INTERNAS = 0,4X0,7 M, ALTURA INTERNA = 0,8 M. AF_05/2018","UN","333,70"]
[89482,"CAIXA SIFONADA, PVC, DN 100 X 100 X 50 MM, FORNECIDA E INSTALADA EM RAMAIS DE ENCAMINHAMENTO DE ÁGUA PLUVIAL. AF_12/2014","UN","17,68"]
[89491,"CAIXA SIFONADA, PVC, DN 150 X 185 X 75 MM, FORNECIDA E INSTALADA EM RAMAIS DE ENCAMINHAMENTO DE ÁGUA PLUVIAL. AF_12/2014","UN","43,63"]
[89495,"RALO SIFONADO, PVC, DN 100 X 40 MM, JUNTA SOLDÁVEL, FORNECIDO E INSTALADO EM RAMAIS DE ENCAMINHAMENTO DE ÁGUA PLUVIAL. AF_12/2014","UN","7,01"]
[89707,"CAIXA SIFONADA, PVC, DN 100 X 100 X 50 MM, JUNTA ELÁSTICA, FORNECIDA E INSTALADA EM RAMAL DE DESCARGA OU EM RAMAL DE ESGOTO SANITÁRIO. AF_12/2014","UN","21,31"]
[89708,"CAIXA SIFONADA, PVC, DN 150 X 185 X 75 MM, JUNTA ELÁSTICA, FORNECIDA E INSTALADA EM RAMAL DE DESCARGA OU EM RAMAL DE ESGOTO SANITÁRIO. AF_12/2014","UN","48,54"]
[89709,"RALO SIFONADO, PVC, DN 100 X 40 MM, JUNTA SOLDÁVEL, FORNECIDO E INSTALADO EM RAMAL DE DESCARGA OU EM RAMAL DE ESGOTO SANITÁRIO. AF_12/2014","UN","8,08"]
[89710,"RALO SECO, PVC, DN 100 X 40 MM, JUNTA SOLDÁVEL, FORNECIDO E INSTALADO EM RAMAL DE DESCARGA OU EM RAMAL DE ESGOTO SANITÁRIO. AF_12/2014","UN","7,92"]
[72739,"VASO SANITARIO INFANTIL SIFONADO, PARA VALVULA DE DESCARGA, EM LOUCA BRANCA, COM ACESSORIOS, INCLUSIVE ASSENTO PLASTICO, BOLSA DE BORRACHA PARA LIGACAO, TUBO PVC LIGACAO - FORNECIMENTO E INSTALACAO","UN","410,58"]
["74234/1","MICTORIO SIFONADO DE LOUCA BRANCA COM PERTENCES, COM REGISTRO DE PRESSAO 1/2\" COM CANOPLA CROMADA ACABAMENTO SIMPLES E CONJUNTO PARA FIXACAO  - FORNECIMENTO E INSTALACAO","UN","421,80"]
[86872,"TANQUE DE LOUÇA BRANCA COM COLUNA, 30L OU EQUIVALENTE - FORNECIMENTO E INSTALAÇÃO. AF_12/2013","UN","577,12"]
[86874,"TANQUE DE LOUÇA BRANCA SUSPENSO, 18L OU EQUIVALENTE - FORNECIMENTO E INSTALAÇÃO. AF_12/2013","UN","354,04"]
[86875,"TANQUE DE MÁRMORE SINTÉTICO COM COLUNA, 22L OU EQUIVALENTE – FORNECIMENTO E INSTALAÇÃO. AF_12/2013","UN","305,41"]
[86876,"TANQUE DE MÁRMORE SINTÉTICO SUSPENSO, 22L OU EQUIVALENTE - FORNECIMENTO E INSTALAÇÃO. AF_12/2013","UN","174,01"]
[86877,"VÁLVULA EM METAL CROMADO 1.1/2\" X 1.1/2\" PARA TANQUE OU LAVATÓRIO, COM OU SEM LADRÃO - FORNECIMENTO E INSTALAÇÃO. AF_12/2013","UN","23,74"]
[86878,"VÁLVULA EM METAL CROMADO TIPO AMERICANA 3.1/2\" X 1.1/2\" PARA PIA - FORNECIMENTO E INSTALAÇÃO. AF_12/2013","UN","37,74"]
[86879,"VÁLVULA EM PLÁSTICO 1\" PARA PIA, TANQUE OU LAVATÓRIO, COM OU SEM LADRÃO - FORNECIMENTO E INSTALAÇÃO. AF_12/2013","UN","5,03"]
[86880,"VÁLVULA EM PLÁSTICO CROMADO TIPO AMERICANA 3.1/2\" X 1.1/2\" SEM ADAPTADOR PARA PIA - FORNECIMENTO E INSTALAÇÃO. AF_12/2013","UN","14,36"]
[86881,"SIFÃO DO TIPO GARRAFA EM METAL CROMADO 1 X 1.1/2\" - FORNECIMENTO E INSTALAÇÃO. AF_12/2013","UN","105,78"]
[86882,"SIFÃO DO TIPO GARRAFA/COPO EM PVC 1.1/4” X 1.1/2\" - FORNECIMENTO E INSTALAÇÃO. AF_12/2013","UN","14,84"]
[86883,"SIFÃO DO TIPO FLEXÍVEL EM PVC 1” X 1.1/2” - FORNECIMENTO E INSTALAÇÃO. AF_12/2013","UN","8,46"]
[86884,"ENGATE FLEXÍVEL EM PLÁSTICO BRANCO, 1/2\" X 30CM - FORNECIMENTO E INSTALAÇÃO. AF_12/2013","UN","6,20"]
[86885,"ENGATE FLEXÍVEL EM PLÁSTICO BRANCO, 1/2\" X 40CM - FORNECIMENTO E INSTALAÇÃO. AF_12/2013","UN","8,61"]
[86886,"ENGATE FLEXÍVEL EM INOX, 1/2” X 30CM - FORNECIMENTO E INSTALAÇÃO. AF_12/2013","UN","26,14"]
[86887,"ENGATE FLEXÍVEL EM INOX, 1/2” X 40CM - FORNECIMENTO E INSTALAÇÃO. AF_12/2013","UN","28,30"]
[86888,"VASO SANITÁRIO SIFONADO COM CAIXA ACOPLADA LOUÇA BRANCA - FORNECIMENTO E INSTALAÇÃO. AF_12/2013","UN","343,75"]
[86889,"BANCADA DE GRANITO CINZA POLIDO PARA PIA DE COZINHA 1,50 X 0,60 M - FORNECIMENTO E INSTALAÇÃO. AF_12/2013","UN","554,24"]
[86893,"BANCADA DE MÁRMORE BRANCO POLIDO PARA PIA DE COZINHA 1,50 X 0,60 M - FORNECIMENTO E INSTALAÇÃO. AF_12/2013","UN","464,89"]
[86894,"BANCADA DE MÁRMORE SINTÉTICO 120 X 60CM, COM CUBA INTEGRADA - FORNECIMENTO E INSTALAÇÃO. AF_12/2013","UN","208,01"]
[86895,"BANCADA DE GRANITO CINZA POLIDO PARA LAVATÓRIO 0,50 X 0,60 M - FORNECIMENTO E INSTALAÇÃO. AF_12/2013","UN","267,57"]
[86899,"BANCADA DE MÁRMORE BRANCO POLIDO PARA LAVATÓRIO 0,50 X 0,60 M - FORNECIMENTO E INSTALAÇÃO. AF_12/2013","UN","234,05"]
[86900,"CUBA DE EMBUTIR DE AÇO INOXIDÁVEL MÉDIA - FORNECIMENTO E INSTALAÇÃO. AF_12/2013","UN","118,13"]
[86901,"CUBA DE EMBUTIR OVAL EM LOUÇA BRANCA, 35 X 50CM OU EQUIVALENTE - FORNECIMENTO E INSTALAÇÃO. AF_12/2013","UN","106,63"]
[86902,"LAVATÓRIO LOUÇA BRANCA COM COLUNA, *44 X 35,5* CM, PADRÃO POPULAR - FORNECIMENTO E INSTALAÇÃO. AF_12/2013","UN","191,69"]
[86903,"LAVATÓRIO LOUÇA BRANCA COM COLUNA, 45 X 55CM OU EQUIVALENTE, PADRÃO MÉDIO - FORNECIMENTO E INSTALAÇÃO. AF_12/2013","UN","254,90"]
[86904,"LAVATÓRIO LOUÇA BRANCA SUSPENSO, 29,5 X 39CM OU EQUIVALENTE, PADRÃO POPULAR - FORNECIMENTO E INSTALAÇÃO. AF_12/2013","UN","100,55"]
[86905,"APARELHO MISTURADOR DE MESA PARA LAVATÓRIO, PADRÃO MÉDIO - FORNECIMENTO E INSTALAÇÃO. AF_12/2013","UN","199,49"]
[86906,"TORNEIRA CROMADA DE MESA, 1/2\" OU 3/4\", PARA LAVATÓRIO, PADRÃO POPULAR - FORNECIMENTO E INSTALAÇÃO. AF_12/2013","UN","46,67"]
[86908,"APARELHO MISTURADOR DE MESA PARA PIA DE COZINHA, PADRÃO MÉDIO - FORNECIMENTO E INSTALAÇÃO. AF_12/2013","UN","240,13"]
[86909,"TORNEIRA CROMADA TUBO MÓVEL, DE MESA, 1/2\" OU 3/4\", PARA PIA DE COZINHA, PADRÃO ALTO - FORNECIMENTO E INSTALAÇÃO. AF_12/2013","UN","93,34"]
[86910,"TORNEIRA CROMADA TUBO MÓVEL, DE PAREDE, 1/2\" OU 3/4\", PARA PIA DE COZINHA, PADRÃO MÉDIO - FORNECIMENTO E INSTALAÇÃO. AF_12/2013","UN","89,28"]
[86911,"TORNEIRA CROMADA LONGA, DE PAREDE, 1/2\" OU 3/4\", PARA PIA DE COZINHA, PADRÃO POPULAR - FORNECIMENTO E INSTALAÇÃO. AF_12/2013","UN","39,49"]
[86912,"TORNEIRA CROMADA LONGA, DE PAREDE, 1/2\" OU 3/4\", PARA PIA DE COZINHA, PADRÃO MÉDIO - FORNECIMENTO E INSTALAÇÃO. AF_12/2013","UN","39,49"]
[86913,"TORNEIRA CROMADA 1/2\" OU 3/4\" PARA TANQUE, PADRÃO POPULAR - FORNECIMENTO E INSTALAÇÃO. AF_12/2013","UN","17,34"]
[86914,"TORNEIRA CROMADA 1/2\" OU 3/4\" PARA TANQUE, PADRÃO MÉDIO - FORNECIMENTO E INSTALAÇÃO. AF_12/2013","UN","35,77"]
[86915,"TORNEIRA CROMADA DE MESA, 1/2\" OU 3/4\", PARA LAVATÓRIO, PADRÃO MÉDIO - FORNECIMENTO E INSTALAÇÃO. AF_12/2013","UN","78,73"]
[86916,"TORNEIRA PLÁSTICA 3/4\" PARA TANQUE - FORNECIMENTO E INSTALAÇÃO. AF_12/2013","UN","27,10"]
[86919,"TANQUE DE LOUÇA BRANCA COM COLUNA, 30L OU EQUIVALENTE, INCLUSO SIFÃO FLEXÍVEL EM PVC, VÁLVULA METÁLICA E TORNEIRA DE METAL CROMADO PADRÃO MÉDIO - FORNECIMENTO E INSTALAÇÃO. AF_12/2013","UN","645,09"]
[86920,"TANQUE DE LOUÇA BRANCA COM COLUNA, 30L OU EQUIVALENTE, INCLUSO SIFÃO FLEXÍVEL EM PVC, VÁLVULA PLÁSTICA E TORNEIRA DE METAL CROMADO PADRÃO POPULAR - FORNECIMENTO E INSTALAÇÃO. AF_12/2013","UN","607,95"]
[86921,"TANQUE DE LOUÇA BRANCA COM COLUNA, 30L OU EQUIVALENTE, INCLUSO SIFÃO FLEXÍVEL EM PVC, VÁLVULA PLÁSTICA E TORNEIRA DE PLÁSTICO - FORNECIMENTO E INSTALAÇÃO. AF_12/2013","UN","617,71"]
[86922,"TANQUE DE LOUÇA BRANCA SUSPENSO, 18L OU EQUIVALENTE, INCLUSO SIFÃO TIPO GARRAFA EM METAL CROMADO, VÁLVULA METÁLICA E TORNEIRA DE METAL CROMADO PADRÃO MÉDIO - FORNECIMENTO E INSTALAÇÃO. AF_12/2013","UN","519,33"]
[86923,"TANQUE DE LOUÇA BRANCA SUSPENSO, 18L OU EQUIVALENTE, INCLUSO SIFÃO TIPO GARRAFA EM PVC, VÁLVULA PLÁSTICA E TORNEIRA DE METAL CROMADO PADRÃO POPULAR - FORNECIMENTO E INSTALAÇÃO. AF_12/2013","UN","391,25"]
[86924,"TANQUE DE LOUÇA BRANCA SUSPENSO, 18L OU EQUIVALENTE, INCLUSO SIFÃO TIPO GARRAFA EM PVC, VÁLVULA PLÁSTICA E TORNEIRA DE PLÁSTICO - FORNECIMENTO E INSTALAÇÃO. AF_12/2013","UN","401,01"]
[86925,"TANQUE DE MÁRMORE SINTÉTICO COM COLUNA, 22L OU EQUIVALENTE, INCLUSO SIFÃO FLEXÍVEL EM PVC, VÁLVULA PLÁSTICA E TORNEIRA DE METAL CROMADO PADRÃO POPULAR - FORNECIMENTO E INSTALAÇÃO. AF_12/2013","UN","336,24"]
[86926,"TANQUE DE MÁRMORE SINTÉTICO COM COLUNA, 22L OU EQUIVALENTE, INCLUSO SIFÃO FLEXÍVEL EM PVC, VÁLVULA PLÁSTICA E TORNEIRA DE PLÁSTICO - FORNECIMENTO E INSTALAÇÃO. AF_12/2013","UN","346,00"]
[86927,"TANQUE DE MÁRMORE SINTÉTICO SUSPENSO, 22L OU EQUIVALENTE, INCLUSO SIFÃO TIPO GARRAFA EM PVC, VÁLVULA PLÁSTICA E TORNEIRA DE METAL CROMADO PADRÃO POPULAR - FORNECIMENTO E INSTALAÇÃO. AF_12/2013","UN","211,22"]
[86928,"TANQUE DE MÁRMORE SINTÉTICO SUSPENSO, 22L OU EQUIVALENTE, INCLUSO SIFÃO TIPO GARRAFA EM PVC, VÁLVULA PLÁSTICA E TORNEIRA DE PLÁSTICO - FORNECIMENTO E INSTALAÇÃO. AF_12/2013","UN","220,98"]
[86929,"TANQUE DE MÁRMORE SINTÉTICO SUSPENSO, 22L OU EQUIVALENTE, INCLUSO SIFÃO FLEXÍVEL EM PVC, VÁLVULA PLÁSTICA E TORNEIRA DE METAL CROMADO PADRÃO POPULAR - FORNECIMENTO E INSTALAÇÃO. AF_12/2013","UN","204,84"]
[86930,"TANQUE DE MÁRMORE SINTÉTICO SUSPENSO, 22L OU EQUIVALENTE, INCLUSO SIFÃO FLEXÍVEL EM PVC, VÁLVULA PLÁSTICA E TORNEIRA DE PLÁSTICO - FORNECIMENTO E INSTALAÇÃO. AF_12/2013","UN","214,60"]
[86931,"VASO SANITÁRIO SIFONADO COM CAIXA ACOPLADA LOUÇA BRANCA, INCLUSO ENGATE FLEXÍVEL EM PLÁSTICO BRANCO, 1/2  X 40CM - FORNECIMENTO E INSTALAÇÃO. AF_12/2013","UN","352,36"]
[86932,"VASO SANITÁRIO SIFONADO COM CAIXA ACOPLADA LOUÇA BRANCA - PADRÃO MÉDIO, INCLUSO ENGATE FLEXÍVEL EM METAL CROMADO, 1/2” X 40CM - FORNECIMENTO E INSTALAÇÃO. AF_12/2013","UN","372,05"]
[86933,"BANCADA DE MÁRMORE SINTÉTICO 120 X 60CM, COM CUBA INTEGRADA, INCLUSO SIFÃO TIPO GARRAFA EM PVC, VÁLVULA EM PLÁSTICO CROMADO TIPO AMERICANA E TORNEIRA CROMADA LONGA, DE PAREDE, PADRÃO POPULAR - FORNECIMENTO E INSTALAÇÃO. AF_12/2013","UN","276,70"]
[86934,"BANCADA DE MÁRMORE SINTÉTICO 120 X 60CM, COM CUBA INTEGRADA, INCLUSO SIFÃO TIPO FLEXÍVEL EM PVC, VÁLVULA EM PLÁSTICO CROMADO TIPO AMERICANA E TORNEIRA CROMADA LONGA, DE PAREDE, PADRÃO POPULAR - FORNECIMENTO E INSTALAÇÃO. AF_12/2013","UN","270,32"]
[86935,"CUBA DE EMBUTIR DE AÇO INOXIDÁVEL MÉDIA, INCLUSO VÁLVULA TIPO AMERICANA EM METAL CROMADO E SIFÃO FLEXÍVEL EM PVC - FORNECIMENTO E INSTALAÇÃO. AF_12/2013","UN","164,33"]
[86936,"CUBA DE EMBUTIR DE AÇO INOXIDÁVEL MÉDIA, INCLUSO VÁLVULA TIPO AMERICANA E SIFÃO TIPO GARRAFA EM METAL CROMADO - FORNECIMENTO E INSTALAÇÃO. AF_12/2013","UN","261,65"]
[86937,"CUBA DE EMBUTIR OVAL EM LOUÇA BRANCA, 35 X 50CM OU EQUIVALENTE, INCLUSO VÁLVULA EM METAL CROMADO E SIFÃO FLEXÍVEL EM PVC - FORNECIMENTO E INSTALAÇÃO. AF_12/2013","UN","138,83"]
[86938,"CUBA DE EMBUTIR OVAL EM LOUÇA BRANCA, 35 X 50CM OU EQUIVALENTE, INCLUSO VÁLVULA E SIFÃO TIPO GARRAFA EM METAL CROMADO - FORNECIMENTO E INSTALAÇÃO. AF_12/2013","UN","236,15"]
[86939,"LAVATÓRIO LOUÇA BRANCA COM COLUNA, *44 X 35,5* CM, PADRÃO POPULAR, INCLUSO SIFÃO FLEXÍVEL EM PVC, VÁLVULA E ENGATE FLEXÍVEL 30CM EM PLÁSTICO E COM TORNEIRA CROMADA PADRÃO POPULAR - FORNECIMENTO E INSTALAÇÃO. AF_12/2013","UN","258,05"]
[86940,"LAVATÓRIO LOUÇA BRANCA COM COLUNA, 45 X 55CM OU EQUIVALENTE, PADRÃO MÉDIO, INCLUSO SIFÃO TIPO GARRAFA, VÁLVULA E ENGATE FLEXÍVEL DE 40CM EM METAL CROMADO, COM APARELHO MISTURADOR PADRÃO MÉDIO - FORNECIMENTO E INSTALAÇÃO. AF_12/2013","UN","640,51"]
[86941,"LAVATÓRIO LOUÇA BRANCA COM COLUNA, 45 X 55CM OU EQUIVALENTE, PADRÃO MÉDIO, INCLUSO SIFÃO TIPO GARRAFA, VÁLVULA E ENGATE FLEXÍVEL DE 40CM EM METAL CROMADO, COM TORNEIRA CROMADA DE MESA, PADRÃO MÉDIO - FORNECIMENTO E INSTALAÇÃO. AF_12/2013","UN","491,45"]
[86942,"LAVATÓRIO LOUÇA BRANCA SUSPENSO, 29,5 X 39CM OU EQUIVALENTE, PADRÃO POPULAR, INCLUSO SIFÃO TIPO GARRAFA EM PVC, VÁLVULA E ENGATE FLEXÍVEL 30CM EM PLÁSTICO E TORNEIRA CROMADA DE MESA, PADRÃO POPULAR - FORNECIMENTO E INSTALAÇÃO. AF_12/2013","UN","173,29"]
[86943,"LAVATÓRIO LOUÇA BRANCA SUSPENSO, 29,5 X 39CM OU EQUIVALENTE, PADRÃO POPULAR, INCLUSO SIFÃO FLEXÍVEL EM PVC, VÁLVULA E ENGATE FLEXÍVEL 30CM EM PLÁSTICO E TORNEIRA CROMADA DE MESA, PADRÃO POPULAR - FORNECIMENTO E INSTALAÇÃO. AF_12/2013","UN","166,91"]
[86947,"BANCADA MÁRMORE BRANCO POLIDO 0,50X0,60M, INCLUSO CUBA DE EMBUTIR OVAL EM LOUÇA BRANCA 35 X 50CM, VÁLVULA, SIFÃO TIPO GARRAFA E ENGATE FLEXÍVEL 40CM EM METAL CROMADO E APARELHO MISTURADOR DE MESA, PADRÃO MÉDIO - FORNECIMENTO E INSTALAÇÃO. AF_12/2013","UN","726,29"]
[88571,"SABONETEIRA DE SOBREPOR (FIXADA NA PAREDE), TIPO CONCHA, EM ACO INOXIDAVEL - FORNECIMENTO E INSTALACAO","UN","44,84"]
[93396,"BANCADA GRANITO CINZA POLIDO 0,50 X 0,60M, INCL. CUBA DE EMBUTIR OVAL LOUÇA BRANCA 35 X 50CM, VÁLVULA METAL CROMADO, SIFÃO FLEXÍVEL PVC, ENGATE 30CM FLEXÍVEL PLÁSTICO E TORNEIRA CROMADA DE MESA, PADRÃO POPULAR - FORNEC. E INSTALAÇÃO. AF_12/2013","UN","459,27"]
[93441,"BANCADA DE GRANITO CINZA POLIDO 150 X 60 CM, COM CUBA DE EMBUTIR DE AÇO INOXIDÁVEL MÉDIA, VÁLVULA AMERICANA EM METAL CROMADO, SIFÃO FLEXÍVEL EM PVC, ENGATE FLEXÍVEL 30 CM, TORNEIRA CROMADA LONGA DE PAREDE, 1/2 OU 3/4, PARA PIA DE COZINHA, PADRÃO POPULAR- FORNEC. E INSTAL. AF_12/2013","UN","764,26"]
[93442,"BANCADA MÁRMORE BRANCO POLIDO 150 X 60 CM, COM CUBA DE EMBUTIR DE AÇO INOXIDÁVEL MÉDIA, VÁLVULA AMERICANA EM METAL CROMADO, SIFÃO  TIPO GARRAFA EM METAL CROMADO, ENGATE FLEXÍVEL 30 CM, TORNEIRA  CROMADA TUBO MÓVEL, DE MESA, 1/2” OU 3/4”, PARA PIA DE COZINHA, PADRÃO ALTO - FORNEC. E INSTAL. AF_12/2013","UN","826,08"]
[95469,"VASO SANITARIO SIFONADO CONVENCIONAL COM  LOUÇA BRANCA - FORNECIMENTO E INSTALAÇÃO. AF_10/2016","UN","160,46"]
[95470,"VASO SANITARIO SIFONADO CONVENCIONAL COM LOUÇA BRANCA, INCLUSO CONJUNTO DE LIGAÇÃO PARA BACIA SANITÁRIA AJUSTÁVEL - FORNECIMENTO E INSTALAÇÃO. AF_10/2016","UN","164,79"]
[95471,"VASO SANITARIO SIFONADO CONVENCIONAL PARA PCD SEM FURO FRONTAL COM  LOUÇA BRANCA SEM ASSENTO -  FORNECIMENTO E INSTALAÇÃO. AF_10/2016","UN","598,49"]
[95472,"VASO SANITARIO SIFONADO CONVENCIONAL PARA PCD SEM FURO FRONTAL COM LOUÇA BRANCA SEM ASSENTO, INCLUSO CONJUNTO DE LIGAÇÃO PARA BACIA SANITÁRIA AJUSTÁVEL - FORNECIMENTO E INSTALAÇÃO. AF_10/2016","UN","602,82"]
[95542,"PORTA TOALHA ROSTO EM METAL CROMADO, TIPO ARGOLA, INCLUSO FIXAÇÃO. AF_10/2016","UN","26,33"]
[95543,"PORTA TOALHA BANHO EM METAL CROMADO, TIPO BARRA, INCLUSO FIXAÇÃO. AF_10/2016","UN","42,34"]
[95544,"PAPELEIRA DE PAREDE EM METAL CROMADO SEM TAMPA, INCLUSO FIXAÇÃO. AF_10/2016","UN","33,54"]
[95545,"SABONETEIRA DE PAREDE EM METAL CROMADO, INCLUSO FIXAÇÃO. AF_10/2016","UN","32,77"]
[95546,"KIT DE ACESSORIOS PARA BANHEIRO EM METAL CROMADO, 5 PECAS, INCLUSO FIXAÇÃO. AF_10/2016","UN","96,55"]
[95547,"SABONETEIRA PLASTICA TIPO DISPENSER PARA SABONETE LIQUIDO COM RESERVATORIO 800 A 1500 ML, INCLUSO FIXAÇÃO. AF_10/2016","UN","40,44"]
[6087,"TAMPA EM CONCRETO ARMADO 60X60X5CM P/CX INSPECAO/FOSSA SEPTICA","UN","19,76"]
[98052,"TANQUE SÉPTICO CIRCULAR, EM CONCRETO PRÉ-MOLDADO, DIÂMETRO INTERNO = 1,10 M, ALTURA INTERNA = 2,50 M, VOLUME ÚTIL: 2138,2 L (PARA 5 CONTRIBUINTES). AF_05/2018","UN","957,38"]
[98053,"TANQUE SÉPTICO CIRCULAR, EM CONCRETO PRÉ-MOLDADO, DIÂMETRO INTERNO = 1,40 M, ALTURA INTERNA = 2,50 M, VOLUME ÚTIL: 3463,6 L (PARA 13 CONTRIBUINTES). AF_05/2018","UN","1.393,50"]
[98054,"TANQUE SÉPTICO CIRCULAR, EM CONCRETO PRÉ-MOLDADO, DIÂMETRO INTERNO = 1,88 M, ALTURA INTERNA = 2,50 M, VOLUME ÚTIL: 6245,8 L (PARA 32 CONTRIBUINTES). AF_05/2018","UN","2.046,85"]
[98055,"TANQUE SÉPTICO CIRCULAR, EM CONCRETO PRÉ-MOLDADO, DIÂMETRO INTERNO = 2,38 M, ALTURA INTERNA = 2,50 M, VOLUME ÚTIL: 10009,8 L (PARA 69 CONTRIBUINTES). AF_05/2018","UN","2.718,83"]
[98056,"TANQUE SÉPTICO CIRCULAR, EM CONCRETO PRÉ-MOLDADO, DIÂMETRO INTERNO = 2,38 M, ALTURA INTERNA = 3,0 M, VOLUME ÚTIL: 12234,2 L (PARA 86 CONTRIBUINTES). AF_05/2018","UN","3.134,41"]
[98057,"TANQUE SÉPTICO CIRCULAR, EM CONCRETO PRÉ-MOLDADO, DIÂMETRO INTERNO = 2,88 M, ALTURA INTERNA = 2,50 M, VOLUME ÚTIL: 14657,4 L (PARA 105 CONTRIBUINTES). AF_05/2018","UN","4.116,31"]
[98066,"TANQUE SÉPTICO RETANGULAR, EM ALVENARIA COM TIJOLOS CERÂMICOS MACIÇOS, DIMENSÕES INTERNAS: 1,0 X 2,0 X 1,4 M, VOLUME ÚTIL: 2000 L (PARA 5 CONTRIBUINTES). AF_05/2018","UN","3.227,25"]
[98067,"TANQUE SÉPTICO RETANGULAR, EM ALVENARIA COM TIJOLOS CERÂMICOS MACIÇOS, DIMENSÕES INTERNAS: 1,2 X 2,4 X 1,6 M, VOLUME ÚTIL: 3456 L (PARA 13 CONTRIBUINTES). AF_05/2018","UN","4.312,27"]
[98068,"TANQUE SÉPTICO RETANGULAR, EM ALVENARIA COM TIJOLOS CERÂMICOS MACIÇOS, DIMENSÕES INTERNAS: 1,4 X 3,2 X 1,8 M, VOLUME ÚTIL: 6272 L (PARA 32 CONTRIBUINTES). AF_05/2018","UN","6.097,68"]
[98069,"TANQUE SÉPTICO RETANGULAR, EM ALVENARIA COM TIJOLOS CERÂMICOS MACIÇOS, DIMENSÕES INTERNAS: 1,6 X 4,4 X 1,8 M, VOLUME ÚTIL: 9856 L (PARA 68 CONTRIBUINTES). AF_05/2018","UN","8.171,41"]
[98070,"TANQUE SÉPTICO RETANGULAR, EM ALVENARIA COM TIJOLOS CERÂMICOS MACIÇOS, DIMENSÕES INTERNAS: 1,6 X 4,8 X 2,0 M, VOLUME ÚTIL: 12288 L (PARA 86 CONTRIBUINTES). AF_05/2018","UN","9.367,02"]
[98071,"TANQUE SÉPTICO RETANGULAR, EM ALVENARIA COM TIJOLOS CERÂMICOS MACIÇOS, DIMENSÕES INTERNAS: 1,6 X 4,6 X 2,4 M, VOLUME ÚTIL: 14720 L (PARA 105 CONTRIBUINTES). AF_05/2018","UN","10.286,77"]
[98072,"FILTRO ANAERÓBIO RETANGULAR, EM ALVENARIA COM TIJOLOS CERÂMICOS MACIÇOS, DIMENSÕES INTERNAS: 0,8 X 1,2 X 1,67 M, VOLUME ÚTIL: 1152 L (PARA 5 CONTRIBUINTES). AF_05/2018","UN","2.690,05"]
[98073,"FILTRO ANAERÓBIO RETANGULAR, EM ALVENARIA COM TIJOLOS CERÂMICOS MACIÇOS, DIMENSÕES INTERNAS: 1,2 X 1,8 X 1,67 M, VOLUME ÚTIL: 2592 L (PARA 13 CONTRIBUINTES). AF_05/2018","UN","4.188,14"]
[98074,"FILTRO ANAERÓBIO RETANGULAR, EM ALVENARIA COM TIJOLOS CERÂMICOS MACIÇOS, DIMENSÕES INTERNAS: 1,4 X 3,0 X 1,67 M, VOLUME ÚTIL: 5040 L (PARA 32 CONTRIBUINTES). AF_05/2018","UN","6.479,94"]
[98075,"FILTRO ANAERÓBIO RETANGULAR, EM ALVENARIA COM TIJOLOS CERÂMICOS MACIÇOS, DIMENSÕES INTERNAS: 1,4 X 4,2 X 1,67 M, VOLUME ÚTIL: 7056 L (PARA 67 CONTRIBUINTES). AF_05/2018","UN","8.413,11"]
[98076,"FILTRO ANAERÓBIO RETANGULAR, EM ALVENARIA COM TIJOLOS CERÂMICOS MACIÇOS, DIMENSÕES INTERNAS: 1,6 X 4,6 X 1,67 M, VOLUME ÚTIL: 8832 L (PARA 84 CONTRIBUINTES). AF_05/2018","UN","9.681,49"]
[98077,"FILTRO ANAERÓBIO RETANGULAR, EM ALVENARIA COM TIJOLOS CERÂMICOS MACIÇOS, DIMENSÕES INTERNAS: 1,6 X 5,6 X 1,67 M, VOLUME ÚTIL: 10752 L (PARA 103 CONTRIBUINTES). AF_05/2018","UN","11.389,18"]
[98078,"SUMIDOURO RETANGULAR, EM ALVENARIA COM TIJOLOS CERÂMICOS MACIÇOS, DIMENSÕES INTERNAS: 0,8 X 1,4 X 3,0 M, ÁREA DE INFILTRAÇÃO: 13,2 M² (PARA 5 CONTRIBUINTES). AF_05/2018","UN","2.679,74"]
[98079,"SUMIDOURO RETANGULAR, EM ALVENARIA COM TIJOLOS CERÂMICOS MACIÇOS, DIMENSÕES INTERNAS: 1,0 X 3,0 X 3,0 M, ÁREA DE INFILTRAÇÃO: 25 M² (PARA 10 CONTRIBUINTES). AF_05/2018","UN","4.690,81"]
[98080,"SUMIDOURO RETANGULAR, EM ALVENARIA COM TIJOLOS CERÂMICOS MACIÇOS, DIMENSÕES INTERNAS: 1,6 X 3,4 X 3,0 M, ÁREA DE INFILTRAÇÃO: 32,9 M² (PARA 13 CONTRIBUINTES). AF_05/2018","UN","6.024,96"]
[98081,"SUMIDOURO RETANGULAR, EM ALVENARIA COM TIJOLOS CERÂMICOS MACIÇOS, DIMENSÕES INTERNAS: 1,6 X 5,8 X 3,0 M, ÁREA DE INFILTRAÇÃO: 50 M² (PARA 20 CONTRIBUINTES). AF_05/2018","UN","8.920,41"]
[98082,"TANQUE SÉPTICO RETANGULAR, EM ALVENARIA COM BLOCOS DE CONCRETO, DIMENSÕES INTERNAS: 1,0 X 2,0 X 1,4 M, VOLUME ÚTIL: 2000 L (PARA 5 CONTRIBUINTES). AF_05/2018","UN","2.577,82"]
[98083,"TANQUE SÉPTICO RETANGULAR, EM ALVENARIA COM BLOCOS DE CONCRETO, DIMENSÕES INTERNAS: 1,2 X 2,4 X 1,6 M, VOLUME ÚTIL: 3456 L (PARA 13 CONTRIBUINTES). AF_05/2018","UN","3.411,07"]
[98084,"TANQUE SÉPTICO RETANGULAR, EM ALVENARIA COM BLOCOS DE CONCRETO, DIMENSÕES INTERNAS: 1,4 X 3,2 X 1,8 M, VOLUME ÚTIL: 6272 L (PARA 32 CONTRIBUINTES). AF_05/2018","UN","4.792,74"]
[98085,"TANQUE SÉPTICO RETANGULAR, EM ALVENARIA COM BLOCOS DE CONCRETO, DIMENSÕES INTERNAS: 1,6 X 4,4 X 1,8 M, VOLUME ÚTIL: 9856 L (PARA 68 CONTRIBUINTES). AF_05/2018","UN","6.479,74"]
[98086,"TANQUE SÉPTICO RETANGULAR, EM ALVENARIA COM BLOCOS DE CONCRETO, DIMENSÕES INTERNAS: 1,6 X 4,8 X 2,0 M, VOLUME ÚTIL: 12288 L (PARA 86 CONTRIBUINTES). AF_05/2018","UN","7.341,99"]
[98087,"TANQUE SÉPTICO RETANGULAR, EM ALVENARIA COM BLOCOS DE CONCRETO, DIMENSÕES INTERNAS: 1,6 X 4,6 X 2,4 M, VOLUME ÚTIL: 14720 L (PARA 105 CONTRIBUINTES). AF_05/2018","UN","7.893,16"]
[98088,"FILTRO ANAERÓBIO RETANGULAR, EM ALVENARIA COM BLOCOS DE CONCRETO, DIMENSÕES INTERNAS: 0,8 X 1,2 X 1,67 M, VOLUME ÚTIL: 1152 L (PARA 5 CONTRIBUINTES). AF_05/2018","UN","2.190,79"]
[98089,"FILTRO ANAERÓBIO RETANGULAR, EM ALVENARIA COM BLOCOS DE CONCRETO, DIMENSÕES INTERNAS: 1,2 X 1,8 X 1,67 M, VOLUME ÚTIL: 2592 L (PARA 13 CONTRIBUINTES). AF_05/2018","UN","3.444,10"]
[98090,"FILTRO ANAERÓBIO RETANGULAR, EM ALVENARIA COM BLOCOS DE CONCRETO, DIMENSÕES INTERNAS: 1,4 X 3,0 X 1,67 M, VOLUME ÚTIL: 5040 L (PARA 32 CONTRIBUINTES). AF_05/2018","UN","5.381,83"]
[98091,"FILTRO ANAERÓBIO RETANGULAR, EM ALVENARIA COM BLOCOS DE CONCRETO, DIMENSÕES INTERNAS: 1,4 X 4,2 X 1,67 M, VOLUME ÚTIL: 7056 L (PARA 67 CONTRIBUINTES). AF_05/2018","UN","6.925,48"]
[98092,"FILTRO ANAERÓBIO RETANGULAR, EM ALVENARIA COM BLOCOS DE CONCRETO, DIMENSÕES INTERNAS: 1,6 X 4,6 X 1,67 M, VOLUME ÚTIL: 8832 L (PARA 84 CONTRIBUINTES). AF_05/2018","UN","8.127,86"]
[98093,"FILTRO ANAERÓBIO RETANGULAR, EM ALVENARIA COM BLOCOS DE CONCRETO, DIMENSÕES INTERNAS: 1,6 X 5,6 X 1,67 M, VOLUME ÚTIL: 10752 L (PARA 103 CONTRIBUINTES). AF_05/2018","UN","9.583,92"]
[98094,"SUMIDOURO RETANGULAR, EM ALVENARIA COM BLOCOS DE CONCRETO, DIMENSÕES INTERNAS: 0,8 X 1,4 X 3,0 M, ÁREA DE INFILTRAÇÃO: 13,2 M² (PARA 5 CONTRIBUINTES). AF_05/2018","UN","1.857,72"]
[98099,"SUMIDOURO RETANGULAR, EM ALVENARIA COM BLOCOS DE CONCRETO, DIMENSÕES INTERNAS: 1,0 X 3,0 X 3,0 M, ÁREA DE INFILTRAÇÃO: 25 M² (PARA 10 CONTRIBUINTES). AF_05/2018","UN","3.177,86"]
[98100,"SUMIDOURO RETANGULAR, EM ALVENARIA COM BLOCOS DE CONCRETO, DIMENSÕES INTERNAS: 1,6 X 3,4 X 3,0 M, ÁREA DE INFILTRAÇÃO: 32,9 M² (PARA 13 CONTRIBUINTES). AF_05/2018","UN","4.128,15"]
[98101,"SUMIDOURO RETANGULAR, EM ALVENARIA COM BLOCOS DE CONCRETO, DIMENSÕES INTERNAS: 1,6 X 5,8 X 3,0 M, ÁREA DE INFILTRAÇÃO: 50 M² (PARA 20 CONTRIBUINTES). AF_05/2018","UN","6.090,65"]
[98109,"CAIXA DE GORDURA ESPECIAL (CAPACIDADE: 312 L - PARA ATÉ 146 PESSOAS SERVIDAS NO PICO), RETANGULAR, EM ALVENARIA COM BLOCOS DE CONCRETO, DIMENSÕES INTERNAS = 0,4X1,2 M, ALTURA INTERNA = 1 M. AF_05/2018","UN","544,51"]
[98110,"CAIXA DE GORDURA PEQUENA (CAPACIDADE: 19 L), CIRCULAR, EM PVC, DIÂMETRO INTERNO= 0,3 M. AF_05/2018","UN","358,81"]
[98111,"CAIXA DE INSPEÇÃO PARA ATERRAMENTO, CIRCULAR, EM POLIETILENO, DIÂMETRO INTERNO = 0,3 M. AF_05/2018","UN","17,91"]
[98114,"TAMPA CIRCULAR PARA ESGOTO E DRENAGEM, EM FERRO FUNDIDO, DIÂMETRO INTERNO = 0,6 M. AF_05/2018","UN","430,15"]
[98115,"TAMPA CIRCULAR PARA ESGOTO E DRENAGEM, EM CONCRETO PRÉ-MOLDADO, DIÂMETRO INTERNO = 0,6 M. AF_05/2018","UN","81,04"]
[89957,"PONTO DE CONSUMO TERMINAL DE ÁGUA FRIA (SUBRAMAL) COM TUBULAÇÃO DE PVC, DN 25 MM, INSTALADO EM RAMAL DE ÁGUA, INCLUSOS RASGO E CHUMBAMENTO EM ALVENARIA. AF_12/2014","UN","89,67"]
[89959,"PONTO DE CONSUMO TERMINAL DE ÁGUA QUENTE (SUBRAMAL) COM TUBULAÇÃO DE CPVC, DN 22 MM, INSTALADO EM RAMAL DE ÁGUA, INCLUSOS RASGO E CHUMBAMENTO EM ALVENARIA. AF_12/2014","UN","147,63"]
[40729,"VALVULA DESCARGA 1.1/2\" COM REGISTRO, ACABAMENTO EM METAL CROMADO - FORNECIMENTO E INSTALACAO","UN","212,07"]
["73795/1","VÁLVULA DE RETENÇÃO VERTICAL Ø 20MM (3/4\") - FORNECIMENTO E INSTALAÇÃO","UN","48,51"]
["73795/2","VÁLVULA DE RETENÇÃO VERTICAL Ø 25MM (1\") - FORNECIMENTO E INSTALAÇÃO","UN","51,36"]
["73795/3","VÁLVULA DE RETENÇÃO VERTICAL Ø 32MM (1.1/4\") - FORNECIMENTO E INSTALAÇÃO","UN","67,99"]
["73795/4","VÁLVULA DE RETENÇÃO VERTICAL Ø 40MM (1.1/2\") - FORNECIMENTO E INSTALAÇÃO","UN","78,64"]
["73795/5","VÁLVULA DE RETENÇÃO VERTICAL Ø 50MM (2\") - FORNECIMENTO E INSTALAÇÃO","UN","104,85"]
["73795/6","VÁLVULA DE RETENÇÃO VERTICAL Ø 80MM (3\") - FORNECIMENTO E INSTALAÇÃO","UN","207,06"]
["73795/7","VÁLVULA DE RETENÇÃO VERTICAL Ø 100MM (4\") - FORNECIMENTO E INSTALAÇÃO","UN","347,27"]
["73795/8","VÁLVULA DE RETENÇÃO HORIZONTAL Ø 20MM (3/4\") - FORNECIMENTO E INSTALAÇÃO","UN","65,45"]
["73795/9","VALVULA DE RETENCAO HORIZONTAL Ø 25MM (1”) - FORNECIMENTO E INSTALACAO","UN","82,58"]
["73795/10","VÁLVULA DE RETENÇÃO HORIZONTAL Ø 32MM (1.1/4\") - FORNECIMENTO E INSTALAÇÃO","UN","114,42"]
["73795/11","VÁLVULA DE RETENÇÃO HORIZONTAL Ø 40MM (1.1/2\") - FORNECIMENTO E INSTALAÇÃO","UN","128,81"]
["73795/12","VÁLVULA DE RETENÇÃO HORIZONTAL Ø 50MM (2\") - FORNECIMENTO E INSTALAÇÃO","UN","171,94"]
["73795/13","VÁLVULA DE RETENÇÃO HORIZONTAL Ø 65MM (2.1/2\") - FORNECIMENTO E INSTALAÇÃO","UN","245,51"]
["73795/14","VÁLVULA DE RETENÇÃO HORIZONTAL Ø 80MM (3\") - FORNECIMENTO E INSTALAÇÃO","UN","321,85"]
["73795/15","VÁLVULA DE RETENÇÃO HORIZONTAL Ø 100MM (4\") - FORNECIMENTO E INSTALAÇÃO","UN","491,69"]
["73796/1","VÁLVULA DE PÉ COM CRIVO Ø 20MM (3/4\") - FORNECIMENTO E INSTALAÇÃO","UN","47,79"]
["73796/2","VÁLVULA DE PÉ COM CRIVO Ø 25MM (1\") - FORNECIMENTO E INSTALAÇÃO","UN","50,96"]
["73796/3","VÁLVULA DE PÉ COM CRIVO Ø 40MM (1.1/2\") - FORNECIMENTO E INSTALAÇÃO","UN","76,82"]
["73796/4","VÁLVULA DE PÉ COM CRIVO Ø 50MM (2\") - FORNECIMENTO E INSTALAÇÃO","UN","105,39"]
["73796/5","VÁLVULA DE PÉ COM CRIVO Ø 65MM (2.1/2\") - FORNECIMENTO E INSTALAÇÃO","UN","180,24"]
["73796/6","VÁLVULA DE PÉ COM CRIVO Ø 80MM (3\") - FORNECIMENTO E INSTALAÇÃO","UN","230,16"]
["73796/7","VÁLVULA DE PÉ COM CRIVO Ø 100MM (4\") - FORNECIMENTO E INSTALAÇÃO","UN","392,34"]
["73870/4","REGISTRO DE ESFERA EM BRONZE D= 1.1/4\" FORNEC E COLOCACAO","UN","69,56"]
["74091/1","VALVULA RETENCAO VERTICAL BRONZE (PN-16) 2.1/2\" 200PSI - EXTREMIDADES COM ROSCA - FORNECIMENTO E INSTALACAO","UN","160,12"]
["74093/1","VALVULA PE COM CRIVO BRONZE 1.1/4\" - FORNECIMENTO E INSTALACAO","UN","70,17"]
["74169/1","REGISTRO/VALVULA GLOBO ANGULAR 45 GRAUS EM LATAO PARA HIDRANTES DE INCÊNDIO PREDIAL DN 2.1/2”, COM VOLANTE, CLASSE DE PRESSAO DE ATE 200 PSI - FORNECIMENTO E INSTALACAO","UN","217,30"]
[85117,"VALVULA DE RETENCAO VERTICAL BRONZE (PN-16) 1/2\" 200 PSI - EXTREMIDADE COM ROSCA - FORNECIMENTO E INSTALACAO","UN","33,67"]
[89349,"REGISTRO DE PRESSÃO BRUTO, LATÃO, ROSCÁVEL, 1/2\", FORNECIDO E INSTALADO EM RAMAL DE ÁGUA. AF_12/2014","UN","16,56"]
[89351,"REGISTRO DE PRESSÃO BRUTO, ROSCÁVEL, 3/4\", FORNECIDO E INSTALADO EM RAMAL DE ÁGUA. AF_12/2014","UN","18,57"]
[89352,"REGISTRO DE GAVETA BRUTO, LATÃO, ROSCÁVEL, 1/2\", FORNECIDO E INSTALADO EM RAMAL DE ÁGUA. AF_12/2014","UN","20,84"]
[89353,"REGISTRO DE GAVETA BRUTO, LATÃO, ROSCÁVEL, 3/4\", FORNECIDO E INSTALADO EM RAMAL DE ÁGUA. AF_12/2014","UN","21,64"]
[89354,"MISTURADOR MONOCOMANDO PARA CHUVEIRO, BASE BRUTA E ACABAMENTO CROMADO, FORNECIDO E INSTALADO EM RAMAL DE ÁGUA. AF_12/2014","UN","226,15"]
[89969,"KIT DE REGISTRO DE PRESSÃO BRUTO DE LATÃO ½\", INCLUSIVE CONEXÕES,  ROSCÁVEL, INSTALADO EM RAMAL DE ÁGUA FRIA - FORNECIMENTO E INSTALAÇÃO. AF_12/2014","UN","26,68"]
[89970,"KIT DE REGISTRO DE PRESSÃO BRUTO DE LATÃO ¾\", INCLUSIVE CONEXÕES, ROSCÁVEL, INSTALADO EM RAMAL DE ÁGUA FRIA - FORNECIMENTO E INSTALAÇÃO. AF_12/2014","UN","27,99"]
[89971,"KIT DE REGISTRO DE GAVETA BRUTO DE LATÃO ½\", INCLUSIVE CONEXÕES, ROSCÁVEL, INSTALADO EM RAMAL DE ÁGUA FRIA - FORNECIMENTO E INSTALAÇÃO. AF_12/2014","UN","28,58"]
[89972,"KIT DE REGISTRO DE GAVETA BRUTO DE LATÃO ¾\", INCLUSIVE CONEXÕES, ROSCÁVEL, INSTALADO EM RAMAL DE ÁGUA FRIA - FORNECIMENTO E INSTALAÇÃO. AF_12/2014","UN","30,70"]
[89973,"KIT DE MISTURADOR BASE BRUTA DE LATÃO ¾\" MONOCOMANDO PARA CHUVEIRO, INCLUSIVE CONEXÕES, INSTALADO EM RAMAL DE ÁGUA - FORNECIMENTO E INSTALAÇÃO. AF_12/2014","UN","354,66"]
[89974,"KIT DE TÊ MISTURADOR EM CPVC ¾\" COM DUPLO COMANDO PARA CHUVEIRO, INCLUSIVE CONEXÕES, INSTALADO EM RAMAL DE ÁGUA - FORNECIMENTO E INSTALAÇÃO. AF_12/2014","UN","175,75"]
[89984,"REGISTRO DE PRESSÃO BRUTO, LATÃO, ROSCÁVEL, 1/2\", COM ACABAMENTO E CANOPLA CROMADOS. FORNECIDO E INSTALADO EM RAMAL DE ÁGUA. AF_12/2014","UN","42,73"]
[89985,"REGISTRO DE PRESSÃO BRUTO, LATÃO, ROSCÁVEL, 3/4\", COM ACABAMENTO E CANOPLA CROMADOS. FORNECIDO E INSTALADO EM RAMAL DE ÁGUA. AF_12/2014","UN","43,89"]
[89986,"REGISTRO DE GAVETA BRUTO, LATÃO, ROSCÁVEL, 1/2\", COM ACABAMENTO E CANOPLA CROMADOS. FORNECIDO E INSTALADO EM RAMAL DE ÁGUA. AF_12/2014","UN","41,74"]
[89987,"REGISTRO DE GAVETA BRUTO, LATÃO, ROSCÁVEL, 3/4\", COM ACABAMENTO E CANOPLA CROMADOS. FORNECIDO E INSTALADO EM RAMAL DE ÁGUA. AF_12/2014","UN","46,04"]
[90371,"REGISTRO DE ESFERA, PVC, ROSCÁVEL, 3/4\", FORNECIDO E INSTALADO EM RAMAL DE ÁGUA. AF_03/2015","UN","19,35"]
[94489,"REGISTRO DE ESFERA, PVC, SOLDÁVEL, DN  25 MM, INSTALADO EM RESERVAÇÃO DE ÁGUA DE EDIFICAÇÃO QUE POSSUA RESERVATÓRIO DE FIBRA/FIBROCIMENTO   FORNECIMENTO E INSTALAÇÃO. AF_06/2016","UN","16,47"]
[94490,"REGISTRO DE ESFERA, PVC, SOLDÁVEL, DN  32 MM, INSTALADO EM RESERVAÇÃO DE ÁGUA DE EDIFICAÇÃO QUE POSSUA RESERVATÓRIO DE FIBRA/FIBROCIMENTO   FORNECIMENTO E INSTALAÇÃO. AF_06/2016","UN","27,55"]
[94491,"REGISTRO DE ESFERA, PVC, SOLDÁVEL, DN  40 MM, INSTALADO EM RESERVAÇÃO DE ÁGUA DE EDIFICAÇÃO QUE POSSUA RESERVATÓRIO DE FIBRA/FIBROCIMENTO   FORNECIMENTO E INSTALAÇÃO. AF_06/2016","UN","38,05"]
[94492,"REGISTRO DE ESFERA, PVC, SOLDÁVEL, DN  50 MM, INSTALADO EM RESERVAÇÃO DE ÁGUA DE EDIFICAÇÃO QUE POSSUA RESERVATÓRIO DE FIBRA/FIBROCIMENTO   FORNECIMENTO E INSTALAÇÃO. AF_06/2016","UN","38,98"]
[94493,"REGISTRO DE ESFERA, PVC, SOLDÁVEL, DN  60 MM, INSTALADO EM RESERVAÇÃO DE ÁGUA DE EDIFICAÇÃO QUE POSSUA RESERVATÓRIO DE FIBRA/FIBROCIMENTO   FORNECIMENTO E INSTALAÇÃO. AF_06/2016","UN","70,98"]
[94494,"REGISTRO DE GAVETA BRUTO, LATÃO, ROSCÁVEL, 3/4”, INSTALADO EM RESERVAÇÃO DE ÁGUA DE EDIFICAÇÃO QUE POSSUA RESERVATÓRIO DE FIBRA/FIBROCIMENTO – FORNECIMENTO E INSTALAÇÃO. AF_06/2016","UN","38,96"]
[94495,"REGISTRO DE GAVETA BRUTO, LATÃO, ROSCÁVEL, 1”, INSTALADO EM RESERVAÇÃO DE ÁGUA DE EDIFICAÇÃO QUE POSSUA RESERVATÓRIO DE FIBRA/FIBROCIMENTO – FORNECIMENTO E INSTALAÇÃO. AF_06/2016","UN","47,92"]
[94496,"REGISTRO DE GAVETA BRUTO, LATÃO, ROSCÁVEL, 1 1/4”, INSTALADO EM RESERVAÇÃO DE ÁGUA DE EDIFICAÇÃO QUE POSSUA RESERVATÓRIO DE FIBRA/FIBROCIMENTO – FORNECIMENTO E INSTALAÇÃO. AF_06/2016","UN","57,33"]
[94497,"REGISTRO DE GAVETA BRUTO, LATÃO, ROSCÁVEL, 1 1/2”, INSTALADO EM RESERVAÇÃO DE ÁGUA DE EDIFICAÇÃO QUE POSSUA RESERVATÓRIO DE FIBRA/FIBROCIMENTO – FORNECIMENTO E INSTALAÇÃO. AF_06/2016","UN","66,08"]
[94498,"REGISTRO DE GAVETA BRUTO, LATÃO, ROSCÁVEL, 2”, INSTALADO EM RESERVAÇÃO DE ÁGUA DE EDIFICAÇÃO QUE POSSUA RESERVATÓRIO DE FIBRA/FIBROCIMENTO – FORNECIMENTO E INSTALAÇÃO. AF_06/2016","UN","83,69"]
[94499,"REGISTRO DE GAVETA BRUTO, LATÃO, ROSCÁVEL, 2 1/2”, INSTALADO EM RESERVAÇÃO DE ÁGUA DE EDIFICAÇÃO QUE POSSUA RESERVATÓRIO DE FIBRA/FIBROCIMENTO – FORNECIMENTO E INSTALAÇÃO. AF_06/2016","UN","146,64"]
[94500,"REGISTRO DE GAVETA BRUTO, LATÃO, ROSCÁVEL, 3”, INSTALADO EM RESERVAÇÃO DE ÁGUA DE EDIFICAÇÃO QUE POSSUA RESERVATÓRIO DE FIBRA/FIBROCIMENTO – FORNECIMENTO E INSTALAÇÃO. AF_06/2016","UN","173,32"]
[94501,"REGISTRO DE GAVETA BRUTO, LATÃO, ROSCÁVEL, 4”, INSTALADO EM RESERVAÇÃO DE ÁGUA DE EDIFICAÇÃO QUE POSSUA RESERVATÓRIO DE FIBRA/FIBROCIMENTO – FORNECIMENTO E INSTALAÇÃO. AF_06/2016","UN","332,79"]
[94792,"REGISTRO DE GAVETA BRUTO, LATÃO, ROSCÁVEL, 1”, COM ACABAMENTO E CANOPLA CROMADOS, INSTALADO EM RESERVAÇÃO DE ÁGUA DE EDIFICAÇÃO QUE POSSUA RESERVATÓRIO DE FIBRA/FIBROCIMENTO – FORNECIMENTO E INSTALAÇÃO. AF_06/2016","UN","69,74"]
[94793,"REGISTRO DE GAVETA BRUTO, LATÃO, ROSCÁVEL, 1 1/4”, COM ACABAMENTO E CANOPLA CROMADOS, INSTALADO EM RESERVAÇÃO DE ÁGUA DE EDIFICAÇÃO QUE POSSUA RESERVATÓRIO DE FIBRA/FIBROCIMENTO – FORNECIMENTO E INSTALAÇÃO. AF_06/2016","UN","88,33"]
[94794,"REGISTRO DE GAVETA BRUTO, LATÃO, ROSCÁVEL, 1 1/2”, COM ACABAMENTO E CANOPLA CROMADOS, INSTALADO EM RESERVAÇÃO DE ÁGUA DE EDIFICAÇÃO QUE POSSUA RESERVATÓRIO DE FIBRA/FIBROCIMENTO – FORNECIMENTO E INSTALAÇÃO. AF_06/2016","UN","91,29"]
[94795,"TORNEIRA DE BÓIA REAL, ROSCÁVEL, 1/2\", FORNECIDA E INSTALADA EM RESERVAÇÃO DE ÁGUA. AF_06/2016","UN","25,02"]
[94796,"TORNEIRA DE BÓIA REAL, ROSCÁVEL, 3/4\", FORNECIDA E INSTALADA EM RESERVAÇÃO DE ÁGUA. AF_06/2016","UN","31,08"]
[94797,"TORNEIRA DE BÓIA REAL, ROSCÁVEL, 1\", FORNECIDA E INSTALADA EM RESERVAÇÃO DE ÁGUA. AF_06/2016","UN","29,78"]
[94798,"TORNEIRA DE BÓIA REAL, ROSCÁVEL, 1 1/4\", FORNECIDA E INSTALADA EM RESERVAÇÃO DE ÁGUA. AF_06/2016","UN","62,76"]
[94799,"TORNEIRA DE BÓIA REAL, ROSCÁVEL, 1 1/2\", FORNECIDA E INSTALADA EM RESERVAÇÃO DE ÁGUA. AF_06/2016","UN","61,46"]
[94800,"TORNEIRA DE BÓIA REAL, ROSCÁVEL, 2\", FORNECIDA E INSTALADA EM RESERVAÇÃO DE ÁGUA. AF_06/2016","UN","103,57"]
[95248,"VÁLVULA DE ESFERA BRUTA, BRONZE, ROSCÁVEL, 1/2  , INSTALADO EM RESERVAÇÃO DE ÁGUA DE EDIFICAÇÃO QUE POSSUA RESERVATÓRIO DE FIBRA/FIBROCIMENTO - FORNECIMENTO E INSTALAÇÃO. AF_06/2016","UN","45,49"]
[95249,"VÁLVULA DE ESFERA BRUTA, BRONZE, ROSCÁVEL, 3/4'', INSTALADO EM RESERVAÇÃO DE ÁGUA DE EDIFICAÇÃO QUE POSSUA RESERVATÓRIO DE FIBRA/FIBROCIMENTO - FORNECIMENTO E INSTALAÇÃO. AF_06/2016","UN","48,88"]
[95250,"VÁLVULA DE ESFERA BRUTA, BRONZE, ROSCÁVEL, 1'', INSTALADO EM RESERVAÇÃO DE ÁGUA DE EDIFICAÇÃO QUE POSSUA RESERVATÓRIO DE FIBRA/FIBROCIMENTO -   FORNECIMENTO E INSTALAÇÃO. AF_06/2016","UN","57,78"]
[95251,"VÁLVULA DE ESFERA BRUTA, BRONZE, ROSCÁVEL, 1 1/4'', INSTALADO EM RESERVAÇÃO DE ÁGUA DE EDIFICAÇÃO QUE POSSUA RESERVATÓRIO DE FIBRA/FIBROCIMENTO -   FORNECIMENTO E INSTALAÇÃO. AF_06/2016","UN","75,14"]
[95252,"VÁLVULA DE ESFERA BRUTA, BRONZE, ROSCÁVEL, 1 1/2'', INSTALADO EM RESERVAÇÃO DE ÁGUA DE EDIFICAÇÃO QUE POSSUA RESERVATÓRIO DE FIBRA/FIBROCIMENTO -   FORNECIMENTO E INSTALAÇÃO. AF_06/2016","UN","85,62"]
[95253,"VÁLVULA DE ESFERA BRUTA, BRONZE, ROSCÁVEL, 2'', INSTALADO EM RESERVAÇÃO DE ÁGUA DE EDIFICAÇÃO QUE POSSUA RESERVATÓRIO DE FIBRA/FIBROCIMENTO - FORNECIMENTO E INSTALAÇÃO. AF_06/2016","UN","120,11"]
[95634,"KIT CAVALETE PARA MEDIÇÃO DE ÁGUA - ENTRADA PRINCIPAL, EM PVC SOLDÁVEL DN 20 (½ )   FORNECIMENTO E INSTALAÇÃO (EXCLUSIVE HIDRÔMETRO). AF_11/2016","UN","84,79"]
[95635,"KIT CAVALETE PARA MEDIÇÃO DE ÁGUA - ENTRADA PRINCIPAL, EM PVC SOLDÁVEL DN 25 (¾ )   FORNECIMENTO E INSTALAÇÃO (EXCLUSIVE HIDRÔMETRO). AF_11/2016","UN","91,48"]
[95637,"KIT CAVALETE PARA MEDIÇÃO DE ÁGUA - ENTRADA PRINCIPAL, EM AÇO GALVANIZADO DN 32 (1 ¼”) – FORNECIMENTO E INSTALAÇÃO (EXCLUSIVE HIDRÔMETRO). AF_11/2016","UN","313,34"]
[95638,"KIT CAVALETE PARA MEDIÇÃO DE ÁGUA - ENTRADA PRINCIPAL, EM AÇO GALVANIZADO DN 40 (1 ½”) – FORNECIMENTO E INSTALAÇÃO (EXCLUSIVE HIDRÔMETRO). AF_11/2016","UN","378,48"]
[95639,"KIT CAVALETE PARA MEDIÇÃO DE ÁGUA - ENTRADA PRINCIPAL, EM AÇO GALVANIZADO DN 50 (2”) – FORNECIMENTO E INSTALAÇÃO (EXCLUSIVE HIDRÔMETRO). AF_11/2016","UN","473,88"]
[95641,"KIT CAVALETE PARA MEDIÇÃO DE ÁGUA - ENTRADA INDIVIDUALIZADA, EM PVC DN 25 (¾”), PARA 2 MEDIDORES – FORNECIMENTO E INSTALAÇÃO (EXCLUSIVE HIDRÔMETRO). AF_11/2016","UN","180,03"]
[95642,"KIT CAVALETE PARA MEDIÇÃO DE ÁGUA - ENTRADA INDIVIDUALIZADA, EM PVC DN 25 (¾”), PARA 3 MEDIDORES – FORNECIMENTO E INSTALAÇÃO (EXCLUSIVE HIDRÔMETRO). AF_11/2016","UN","265,85"]
[95643,"KIT CAVALETE PARA MEDIÇÃO DE ÁGUA - ENTRADA INDIVIDUALIZADA, EM PVC DN 25 (¾”), PARA 4 MEDIDORES – FORNECIMENTO E INSTALAÇÃO (EXCLUSIVE HIDRÔMETRO). AF_11/2016","UN","347,65"]
[95644,"KIT CAVALETE PARA MEDIÇÃO DE ÁGUA - ENTRADA INDIVIDUALIZADA, EM PVC DN 32 (1”), PARA 1 MEDIDOR – FORNECIMENTO E INSTALAÇÃO (EXCLUSIVE HIDRÔMETRO). AF_11/2016","UN","128,59"]
[95645,"KIT CAVALETE PARA MEDIÇÃO DE ÁGUA - ENTRADA INDIVIDUALIZADA, EM PVC DN 32 (1”), PARA 2 MEDIDORES – FORNECIMENTO E INSTALAÇÃO (EXCLUSIVE HIDRÔMETRO). AF_11/2016","UN","234,41"]
[95646,"KIT CAVALETE PARA MEDIÇÃO DE ÁGUA - ENTRADA INDIVIDUALIZADA, EM PVC DN 32 (1”), PARA 3 MEDIDORES – FORNECIMENTO E INSTALAÇÃO (EXCLUSIVE HIDRÔMETRO). AF_11/2016","UN","348,86"]
[95647,"KIT CAVALETE PARA MEDIÇÃO DE ÁGUA - ENTRADA INDIVIDUALIZADA, EM PVC DN 32 (1”), PARA 4 MEDIDORES – FORNECIMENTO E INSTALAÇÃO (EXCLUSIVE HIDRÔMETRO). AF_11/2016","UN","457,15"]
[95673,"HIDRÔMETRO DN 20 (½”), 1,5 M³/H – FORNECIMENTO E INSTALAÇÃO. AF_11/2016","UN","98,87"]
[95674,"HIDRÔMETRO DN 20 (½”), 3,0 M³/H – FORNECIMENTO E INSTALAÇÃO. AF_11/2016","UN","105,11"]
[95675,"HIDRÔMETRO DN 25 (¾ ), 5,0 M³/H FORNECIMENTO E INSTALAÇÃO. AF_11/2016","UN","128,56"]
[95676,"CAIXA EM CONCRETO PRÉ-MOLDADO PARA ABRIGO DE HIDRÔMETRO COM DN 20 (½”) – FORNECIMENTO E INSTALAÇÃO. AF_11/2016","UN","59,20"]
[97741,"KIT CAVALETE PARA MEDIÇÃO DE ÁGUA - ENTRADA INDIVIDUALIZADA, EM PVC DN 25 (¾”), PARA 1 MEDIDOR – FORNECIMENTO E INSTALAÇÃO (EXCLUSIVE HIDRÔMETRO). AF_11/2016","UN","101,12"]
[72285,"CAIXA DE AREIA 40X40X40CM EM ALVENARIA - EXECUÇÃO","UN","69,30"]
[90436,"FURO EM ALVENARIA PARA DIÂMETROS MENORES OU IGUAIS A 40 MM. AF_05/2015","UN","9,33"]
[90437,"FURO EM ALVENARIA PARA DIÂMETROS MAIORES QUE 40 MM E MENORES OU IGUAIS A 75 MM. AF_05/2015","UN","22,69"]
[90438,"FURO EM ALVENARIA PARA DIÂMETROS MAIORES QUE 75 MM. AF_05/2015","UN","32,52"]
[90439,"FURO EM CONCRETO PARA DIÂMETROS MENORES OU IGUAIS A 40 MM. AF_05/2015","UN","44,96"]
[90440,"FURO EM CONCRETO PARA DIÂMETROS MAIORES QUE 40 MM E MENORES OU IGUAIS A 75 MM. AF_05/2015","UN","72,02"]
[90441,"FURO EM CONCRETO PARA DIÂMETROS MAIORES QUE 75 MM. AF_05/2015","UN","92,00"]
[90443,"RASGO EM ALVENARIA PARA RAMAIS/ DISTRIBUIÇÃO COM DIAMETROS MENORES OU IGUAIS A 40 MM. AF_05/2015","M","8,49"]
[90444,"RASGO EM CONTRAPISO PARA RAMAIS/ DISTRIBUIÇÃO COM DIÂMETROS MENORES OU IGUAIS A 40 MM. AF_05/2015","M","19,29"]
[90445,"RASGO EM CONTRAPISO PARA RAMAIS/ DISTRIBUIÇÃO COM DIÂMETROS MAIORES QUE 40 MM E MENORES OU IGUAIS A 75 MM. AF_05/2015","M","20,60"]
[90446,"RASGO EM CONTRAPISO PARA RAMAIS/ DISTRIBUIÇÃO COM DIÂMETROS MAIORES QUE 75 MM. AF_05/2015","M","22,38"]
[90447,"RASGO EM ALVENARIA PARA ELETRODUTOS COM DIAMETROS MENORES OU IGUAIS A 40 MM. AF_05/2015","M","4,12"]
[90451,"PASSANTE TIPO PEÇA EM POLIESTIRENO PARA ABERTURA PARA PASSAGEM DE 1 TUBO, FIXADO EM LAJE. AF_05/2015","UN","2,98"]
[90452,"PASSANTE TIPO PEÇA EM POLIESTIRENO PARA ABERTURA PARA PASSAGEM DE MAIS DE 1 TUBO, FIXADO EM LAJE. AF_05/2015","UN","14,34"]
[90453,"PASSANTE TIPO TUBO DE DIÂMETRO MENOR OU IGUAL A 40 MM, FIXADO EM LAJE. AF_05/2015","UN","1,70"]
[90454,"PASSANTE TIPO TUBO DE DIÂMETRO MAIORES QUE 40 MM E MENORES OU IGUAIS A 75 MM, FIXADO EM LAJE. AF_05/2015","UN","2,94"]
[90455,"PASSANTE TIPO TUBO DE DIÂMETRO MAIOR QUE 75 MM, FIXADO EM LAJE. AF_05/2015","UN","3,94"]
[90456,"QUEBRA EM ALVENARIA PARA INSTALAÇÃO DE CAIXA DE TOMADA (4X4 OU 4X2). AF_05/2015","UN","2,72"]
[90457,"QUEBRA EM ALVENARIA PARA INSTALAÇÃO DE QUADRO DISTRIBUIÇÃO PEQUENO (19X25 CM). AF_05/2015","UN","6,22"]
[90458,"QUEBRA EM ALVENARIA PARA INSTALAÇÃO DE QUADRO DISTRIBUIÇÃO GRANDE (76X40 CM). AF_05/2015","UN","17,63"]
[90459,"QUEBRA EM ALVENARIA PARA INSTALAÇÃO DE ABRIGO PARA MANGUEIRAS (90X60 CM). AF_05/2015","UN","24,87"]
[90460,"PERFILADO DE SEÇÃO 38X76 MM PARA SUPORTE DE ATÉ 3 TUBOS HORIZONTAIS. AF_05/2015","M","21,09"]
[90461,"PERFILADO DE SEÇÃO 38X76 MM PARA SUPORTE DE MAIS DE 3 TUBOS HORIZONTAIS. AF_05/2015","M","11,46"]
[90462,"PERFILADO DE SEÇÃO 38X38 MM PARA SUPORTE DE ATÉ 3 TUBOS VERTICAIS. AF_05/2015","M","2,51"]
[90463,"PERFILADO DE SEÇÃO 38X38 MM PARA SUPORTE DE MAIS DE 3 TUBOS VERTICAIS. AF_05/2015","M","2,00"]
[90466,"CHUMBAMENTO LINEAR EM ALVENARIA PARA RAMAIS/DISTRIBUIÇÃO COM DIÂMETROS MENORES OU IGUAIS A 40 MM. AF_05/2015","M","8,49"]
[90467,"CHUMBAMENTO LINEAR EM ALVENARIA PARA RAMAIS/DISTRIBUIÇÃO COM DIÂMETROS MAIORES QUE 40 MM E MENORES OU IGUAIS A 75 MM. AF_05/2015","M","13,43"]
[90468,"CHUMBAMENTO LINEAR EM CONTRAPISO PARA RAMAIS/DISTRIBUIÇÃO COM DIÂMETROS MENORES OU IGUAIS A 40 MM. AF_05/2015","M","3,73"]
[90469,"CHUMBAMENTO LINEAR EM CONTRAPISO PARA RAMAIS/DISTRIBUIÇÃO COM DIÂMETROS MAIORES QUE 40 MM E MENORES OU IGUAIS A 75 MM. AF_05/2015","M","5,99"]
[90470,"CHUMBAMENTO LINEAR EM CONTRAPISO PARA RAMAIS/DISTRIBUIÇÃO COM DIÂMETROS MAIORES QUE 75 MM. AF_05/2015","M","8,24"]
[91166,"FIXAÇÃO DE TUBOS HORIZONTAIS DE PEX DIAMETROS IGUAIS OU INFERIORES A 40 MM COM ABRAÇADEIRA PLÁSTICA 390 MM, FIXADA EM LAJE. AF_05/2015","M","2,92"]
[91167,"FIXAÇÃO DE TUBOS HORIZONTAIS DE PPR DIÂMETROS MENORES OU IGUAIS A 40 MM COM ABRAÇADEIRA METÁLICA RÍGIDA TIPO D 1/2\", FIXADA EM PERFILADO EM LAJE. AF_05/2015","M","8,33"]
[91168,"FIXAÇÃO DE TUBOS HORIZONTAIS DE PPR DIÂMETROS MAIORES QUE 40 MM E MENORES OU IGUAIS A 75 MM COM ABRAÇADEIRA METÁLICA RÍGIDA TIPO D 1 1/2\", FIXADA EM PERFILADO EM LAJE. AF_05/2015","M","6,34"]
[91169,"FIXAÇÃO DE TUBOS HORIZONTAIS DE PPR DIÂMETROS MAIORES QUE 75 MM COM ABRAÇADEIRA METÁLICA RÍGIDA TIPO D 3\", FIXADA EM PERFILADO EM LAJE. AF_05/2015","M","7,51"]
[91170,"FIXAÇÃO DE TUBOS HORIZONTAIS DE PVC, CPVC OU COBRE DIÂMETROS MENORES OU IGUAIS A 40 MM OU ELETROCALHAS ATÉ 150MM DE LARGURA, COM ABRAÇADEIRA METÁLICA RÍGIDA TIPO D 1/2”, FIXADA EM PERFILADO EM LAJE. AF_05/2015","M","2,14"]
[91171,"FIXAÇÃO DE TUBOS HORIZONTAIS DE PVC, CPVC OU COBRE DIÂMETROS MAIORES QUE 40 MM E MENORES OU IGUAIS A 75 MM COM ABRAÇADEIRA METÁLICA RÍGIDA TIPO D 1 1/2\", FIXADA EM PERFILADO EM LAJE. AF_05/2015","M","2,70"]
[91172,"FIXAÇÃO DE TUBOS HORIZONTAIS DE PVC, CPVC OU COBRE DIÂMETROS MAIORES QUE 75 MM COM ABRAÇADEIRA METÁLICA RÍGIDA TIPO D 3\", FIXADA EM PERFILADO EM LAJE. AF_05/2015","M","3,96"]
[91173,"FIXAÇÃO DE TUBOS VERTICAIS DE PPR DIÂMETROS MENORES OU IGUAIS A 40 MM COM ABRAÇADEIRA METÁLICA RÍGIDA TIPO D 1/2\", FIXADA EM PERFILADO EM ALVENARIA. AF_05/2015","M","1,07"]
[91174,"FIXAÇÃO DE TUBOS VERTICAIS DE PPR DIÂMETROS MAIORES QUE 40 MM E MENORES OU IGUAIS A 75 MM COM ABRAÇADEIRA METÁLICA RÍGIDA TIPO D 1 1/2\", FIXADA EM PERFILADO EM ALVENARIA. AF_05/2015","M","2,14"]
[91175,"FIXAÇÃO DE TUBOS VERTICAIS DE PPR DIÂMETROS MAIORES QUE 75 MM COM ABRAÇADEIRA METÁLICA RÍGIDA TIPO D 3\", FIXADA EM PERFILADO EM ALVENARIA. AF_05/2015","M","3,49"]
[91176,"FIXAÇÃO DE TUBOS HORIZONTAIS DE PPR DIÂMETROS MENORES OU IGUAIS A 40 MM COM ABRAÇADEIRA METÁLICA RÍGIDA TIPO  D  1/2\" , FIXADA DIRETAMENTE NA LAJE. AF_05/2015","M","30,47"]
[91177,"FIXAÇÃO DE TUBOS HORIZONTAIS DE PPR DIÂMETROS MAIORES QUE 40 MM E MENORES OU IGUAIS A 75 MM COM ABRAÇADEIRA METÁLICA RÍGIDA TIPO  D  1 1/2\" , FIXADA DIRETAMENTE NA LAJE. AF_05/2015","M","13,53"]
[91178,"FIXAÇÃO DE TUBOS HORIZONTAIS DE PPR DIÂMETROS MAIORES QUE 75 MM COM ABRAÇADEIRA METÁLICA RÍGIDA TIPO  D  3\" , FIXADA DIRETAMENTE NA LAJE. AF_05/2015","M","13,76"]
[91179,"FIXAÇÃO DE TUBOS HORIZONTAIS DE PVC, CPVC OU COBRE DIÂMETROS MENORES OU IGUAIS A 40 MM COM ABRAÇADEIRA METÁLICA RÍGIDA TIPO  D  1/2\" , FIXADA DIRETAMENTE NA LAJE. AF_05/2015","M","7,81"]
[91180,"FIXAÇÃO DE TUBOS HORIZONTAIS DE PVC, CPVC OU COBRE DIÂMETROS MAIORES QUE 40 MM E MENORES OU IGUAIS A 75 MM COM ABRAÇADEIRA METÁLICA RÍGIDA TIPO “D” 1 1/2”, FIXADA DIRETAMENTE NA LAJE. AF_05/2015","M","6,33"]
[91181,"FIXAÇÃO DE TUBOS HORIZONTAIS DE PVC, CPVC OU COBRE DIÂMETROS MAIORES QUE 75 MM COM ABRAÇADEIRA METÁLICA RÍGIDA TIPO  D  3\" , FIXADA DIRETAMENTE NA LAJE. AF_05/2015","M","6,66"]
[91182,"FIXAÇÃO DE TUBOS HORIZONTAIS DE PPR DIÂMETROS MENORES OU IGUAIS A 40 MM COM ABRAÇADEIRA METÁLICA FLEXÍVEL 18 MM, FIXADA DIRETAMENTE NA LAJE. AF_05/2015","M","18,00"]
[91183,"FIXAÇÃO DE TUBOS HORIZONTAIS DE PPR DIÂMETROS MAIORES QUE 40 MM E MENORES OU IGUAIS A 75 MM COM ABRAÇADEIRA METÁLICA FLEXÍVEL 18 MM, FIXADA DIRETAMENTE NA LAJE. AF_05/2015","M","8,91"]
[91184,"FIXAÇÃO DE TUBOS HORIZONTAIS DE PPR DIÂMETROS MAIORES QUE 75 MM COM ABRAÇADEIRA METÁLICA FLEXÍVEL 18 MM, FIXADA DIRETAMENTE NA LAJE. AF_05/2015","M","8,33"]
[91185,"FIXAÇÃO DE TUBOS HORIZONTAIS DE PVC, CPVC OU COBRE DIÂMETROS MENORES OU IGUAIS A 40 MM COM ABRAÇADEIRA METÁLICA FLEXÍVEL 18 MM, FIXADA DIRETAMENTE NA LAJE. AF_05/2015","M","4,61"]
[91186,"FIXAÇÃO DE TUBOS HORIZONTAIS DE PVC, CPVC OU COBRE DIÂMETROS MAIORES QUE 40 MM E MENORES OU IGUAIS A 75 MM COM ABRAÇADEIRA METÁLICA FLEXÍVEL 18 MM, FIXADA DIRETAMENTE NA LAJE. AF_05/2015","M","3,80"]
[91187,"FIXAÇÃO DE TUBOS HORIZONTAIS DE PVC, CPVC OU COBRE DIÂMETROS MAIORES QUE 75 MM COM ABRAÇADEIRA METÁLICA FLEXÍVEL 18 MM, FIXADA DIRETAMENTE NA LAJE. AF_05/2015","M","4,39"]
[91188,"CHUMBAMENTO PONTUAL DE ABERTURA EM LAJE COM PASSAGEM DE 1 TUBO DE DIAMETRO EQUIVALENTE IGUAL À  50 MM. AF_05/2015","UN","4,60"]
[91189,"CHUMBAMENTO PONTUAL DE ABERTURA EM LAJE COM PASSAGEM DE MAIS DE 1 TUBO DE  DIAMETRO EQUIVALENTE IGUAL À  50 MM. AF_05/2015","UN","31,40"]
[91190,"CHUMBAMENTO PONTUAL EM PASSAGEM DE TUBO COM DIÂMETRO MENOR OU IGUAL A 40 MM. AF_05/2015","UN","3,29"]
[91191,"CHUMBAMENTO PONTUAL EM PASSAGEM DE TUBO COM DIÂMETROS ENTRE 40 MM E 75 MM. AF_05/2015","UN","3,48"]
[91192,"CHUMBAMENTO PONTUAL EM PASSAGEM DE TUBO COM DIÂMETRO MAIOR QUE 75 MM. AF_05/2015","UN","3,86"]
[91222,"RASGO EM ALVENARIA PARA RAMAIS/ DISTRIBUIÇÃO COM DIÂMETROS MAIORES QUE 40 MM E MENORES OU IGUAIS A 75 MM. AF_05/2015","M","9,14"]
[94480,"CONJUNTO HIDRÁULICO PARA INSTALAÇÃO DE BOMBA EM AÇO ROSCÁVEL, DN SUCÇÃO 65 (2½”) E DN RECALQUE 50 (2”), PARA EDIFICAÇÃO ENTRE 12 E 18 PAVIMENTOS – FORNECIMENTO E INSTALAÇÃO. AF_06/2016","UN","1.440,83"]
[94481,"CONJUNTO HIDRÁULICO PARA INSTALAÇÃO DE BOMBA EM AÇO ROSCÁVEL, DN SUCÇÃO 50 (2”) E DN RECALQUE 40 (1 1/2”), PARA EDIFICAÇÃO ENTRE 8 E 12 PAVIMENTOS – FORNECIMENTO E INSTALAÇÃO. AF_06/2016","UN","1.037,28"]
[94482,"CONJUNTO HIDRÁULICO PARA INSTALAÇÃO DE BOMBA EM AÇO ROSCÁVEL, DN SUCÇÃO 40 (1 1/2”) E DN RECALQUE 32 (1 1/4”), PARA EDIFICAÇÃO ENTRE 4 E 8 PAVIMENTOS – FORNECIMENTO E INSTALAÇÃO. AF_06/2016","UN","832,86"]
[94483,"CONJUNTO HIDRÁULICO PARA INSTALAÇÃO DE BOMBA EM AÇO ROSCÁVEL, DN SUCÇÃO 32 (1 1/4”) E DN RECALQUE 25 (1”), PARA EDIFICAÇÃO ATÉ 4 PAVIMENTOS – FORNECIMENTO E INSTALAÇÃO. AF_06/2016","UN","708,95"]
[95541,"FIXAÇÃO UTILIZANDO PARAFUSO E BUCHA DE NYLON, SOMENTE MÃO DE OBRA. AF_10/2016","UN","3,02"]
[95573,"MÃO-FRANCESA EM AÇO, ABAS IGUAIS 40 CM, CAPACIDADE MÍNIMA 70 KG, BRANCO – FORNECIMENTO E INSTALAÇÃO. AF_11/2016","UN","31,11"]
[95574,"MÃO-FRANCESA EM AÇO, ABAS IGUAIS 30 CM, CAPACIDADE MÍNIMA 60 KG, BRANCO – FORNECIMENTO E INSTALAÇÃO. AF_11/2016","UN","23,60"]
[96559,"PERFILADO DE SEÇÃO 38X76 MM PARA SUPORTE DE DUTO EM CHAPA GALVANIZADA BITOLA 26. AF_07/2017","M2","59,64"]
[96560,"PERFILADO DE SEÇÃO 38X76 MM PARA SUPORTE DE DUTO EM CHAPA GALVANIZADA BITOLA 24. AF_07/2017","M2","30,10"]
[96561,"PERFILADO DE SEÇÃO 38X76 MM PARA SUPORTE DE DUTO EM CHAPA GALVANIZADA BITOLA 22. AF_07/2017","M2","18,38"]
[96562,"PERFILADO DE SEÇÃO 38X76 MM PARA SUPORTE DE ELETROCALHA LISA OU PERFURADA EM AÇO GALVANIZADO, LARGURA 200 OU 400 MM E ALTURA 50 MM. AF_07/2017","M","30,64"]
[96563,"PERFILADO DE SEÇÃO 38X76 MM PARA SUPORTE DE ELETROCALHA LISA OU PERFURADA EM AÇO GALVANIZADO, LARGURA 500 OU 800 MM E ALTURA 50 MM. AF_07/2017","M","32,86"]
[98113,"TIL (TUBO DE INSPEÇÃO E LIMPEZA) RADIAL PARA ESGOTO, EM PVC, DN 300 X 200 MM. AF_05/2018","UN","1.826,81"]
["73826/1","INSTALACAO DE COMPRESSOR DE AR, POTENCIA <= 5 CV","UN","429,65"]
["73826/2","INSTALACAO DE COMPRESSOR DE AR, POTENCIA > 5 E <= 10 CV","UN","558,54"]
["73834/1","INSTALACAO DE CONJ.MOTO BOMBA SUBMERSIVEL ATE 10 CV","UN","159,60"]
["73834/2","INSTALACAO DE CONJ.MOTO BOMBA SUBMERSIVEL DE 11 A 25 CV","UN","255,36"]
["73834/3","INSTALACAO DE CONJ.MOTO BOMBA SUBMERSIVEL DE 26 A 50 CV","UN","510,72"]
["73834/4","INSTALACAO DE CONJ.MOTO BOMBA SUBMERSIVEL DE 51 A 100 CV","UN","766,08"]
["73835/1","INSTALACAO DE CONJ.MOTO BOMBA VERTICAL POT <= 100 CV","UN","1.050,25"]
["73835/2","INSTALACAO DE CONJ.MOTO BOMBA VERTICAL 100 < POT <= 200 CV","UN","1.428,34"]
["73835/3","INSTALACAO DE CONJ.MOTO BOMBA VERTICAL 200 < POT <= 300 CV","UN","1.596,38"]
["73836/1","INSTALACAO DE CONJ.MOTO BOMBA HORIZONTAL ATE 10 CV","UN","420,10"]
["73836/2","INSTALACAO DE CONJ.MOTO BOMBA HORIZONTAL DE 12,5 A 25 CV","UN","546,13"]
["73836/3","INSTALACAO DE CONJ.MOTO BOMBA HORIZONTAL DE 30 A 75 CV","UN","840,20"]
["73836/4","INSTALACAO DE CONJ.MOTO BOMBA HORIZONTAL DE 100 A 150 CV","UN","1.344,32"]
["73837/1","INSTALACAO DE CONJ.MOTO BOMBA SUBMERSO ATE 5 CV","UN","159,60"]
["73837/2","INSTALACAO DE CONJ.MOTO BOMBA SUBMERSO DE 6 A 25 CV","UN","319,20"]
["73837/3","INSTALACAO DE CONJ.MOTO BOMBA SUBMERSO DE 26 A 50 CV","UN","638,40"]
[73612,"INSTALACAO DE CLORADOR","UN","323,60"]
[73660,"LEITO FILTRANTE - ASSENTAMENTO DE BLOCOS LEOPOLD","M2","64,06"]
[73661,"FORNECIMENTO E INSTALACAO DE TALHA E TROLEY MANUAL DE 1 TONELADA","UN","2.297,44"]
[73693,"LEITO FILTRANTE - COLOCACAO DE LONA PLASTICA","M2","19,06"]
[73694,"INSTALACAO DE BOMBA DOSADORA","UN","131,45"]
[73695,"INSTALACAO DE AGITADOR","UN","67,60"]
["73824/1","INSTALACAO DE MISTURADOR VERTICAL","UN","323,60"]
["73825/2","VERTEDOR TRIANGULAR DE ALUMINIO","M2","719,77"]
["73873/1","LEITO FILTRANTE - COLOCACAO E APILOAMENTO DE TERRA NO FILTRO","M3","63,49"]
["73873/2","LEITO FILTRANTE - FORN.E ENCHIMENTO C/ BRITA NO. 4","M3","126,45"]
["73873/3","LEITO FILTRANTE - COLOCACAO DE AREIA NOS FILTROS","M3","63,49"]
["73873/4","LEITO FILTRANTE - COLOCACAO DE PEDREGULHOS NOS FILTROS","M3","69,55"]
["73873/5","LEITO FILTRANTE - COLOCACAO DE ANTRACITO NOS FILTROS","M3","63,49"]
["73827/1","KIT CAVALETE PVC COM REGISTRO 1/2\" - FORNECIMENTO E INSTALAÇÃO","UN","48,86"]
["74218/1","KIT CAVALETE PVC COM REGISTRO 3/4\" - FORNECIMENTO E INSTALACAO","UN","45,43"]
["74253/1","RAMAL PREDIAL EM TUBO PEAD 20MM - FORNECIMENTO, INSTALAÇÃO, ESCAVAÇÃO E REATERRO","M","20,09"]
[83878,"LIGACAO DA REDE 50MM AO RAMAL PREDIAL 1/2\"","UN","39,25"]
[83879,"LIGACAO DA REDE 75MM AO RAMAL PREDIAL 1/2\"","UN","46,10"]
[73658,"LIGAÇÃO DOMICILIAR DE ESGOTO DN 100MM, DA CASA ATÉ A CAIXA, COMPOSTO POR 10,0M TUBO DE PVC ESGOTO PREDIAL DN 100MM E CAIXA DE ALVENARIA COM TAMPA DE CONCRETO - FORNECIMENTO E INSTALAÇÃO","UN","439,62"]
[93350,"COLETOR PREDIAL DE ESGOTO, DA CAIXA ATÉ A REDE (DISTÂNCIA = 10 M, LARGURA DA VALA = 0,65 M), INCLUINDO ESCAVAÇÃO MANUAL, PREPARO DE FUNDO DE VALA E REATERRO MANUAL COM COMPACTAÇÃO MECANIZADA, TUBO PVC P/ REDE COLETORA ESGOTO JEI DN 100 MM E CONEXÕES - FORNECIMENTO E INSTALAÇÃO. AF_03/2016","UN","676,35"]
[93351,"COLETOR PREDIAL DE ESGOTO, DA CAIXA ATÉ A REDE (DISTÂNCIA = 8 M, LARGURA DA VALA = 0,65 M), INCLUINDO ESCAVAÇÃO MANUAL, PREPARO DE FUNDO DE VALA E REATERRO MANUAL COM COMPACTAÇÃO MECANIZADA, TUBO PVC P/ REDE COLETORA ESGOTO JEI DN 100 MM E CONEXÕES - FORNECIMENTO E INSTALAÇÃO. AF_03/2016","UN","551,77"]
[93352,"COLETOR PREDIAL DE ESGOTO, DA CAIXA ATÉ A REDE (DISTÂNCIA = 6 M, LARGURA DA VALA = 0,65 M), INCLUINDO ESCAVAÇÃO MANUAL, PREPARO DE FUNDO DE VALA E REATERRO MANUAL COM COMPACTAÇÃO MECANIZADA, TUBO PVC P/ REDE COLETORA ESGOTO JEI DN 100 MM E CONEXÕES - FORNECIMENTO E INSTALAÇÃO. AF_03/2016","UN","428,07"]
[93353,"COLETOR PREDIAL DE ESGOTO, DA CAIXA ATÉ A REDE (DISTÂNCIA = 4 M, LARGURA DA VALA = 0,65 M), INCLUINDO ESCAVAÇÃO MANUAL, PREPARO DE FUNDO DE VALA E REATERRO MANUAL COM COMPACTAÇÃO MECANIZADA, TUBO  PVC P/ REDE COLETORA ESGOTO JEI DN 100 MM E CONEXÕES - FORNECIMENTO E INSTALAÇÃO. AF_03/2016","UN","307,37"]
[93354,"COLETOR PREDIAL DE ESGOTO, DA CAIXA ATÉ A REDE (DISTÂNCIA = 10 M, LARGURA DA VALA = 0,65 M), INCLUINDO ESCAVAÇÃO MECANIZADA, PREPARO DE FUNDO DE VALA E REATERRO COM COMPACTAÇÃO MECANIZADA, TUBO PVC P/ REDE COLETORA ESGOTO JEI DN 100 MM E CONEXÕES - FORNECIMENTO E INSTALAÇÃO. AF_03/2016","UN","451,12"]
[93355,"COLETOR PREDIAL DE ESGOTO, DA CAIXA ATÉ A REDE (DISTÂNCIA = 8 M, LARGURA DA VALA = 0,65 M), INCLUINDO ESCAVAÇÃO MECANIZADA, PREPARO DE FUNDO DE VALA E REATERRO COM COMPACTAÇÃO MECANIZADA, TUBO PVC P/ REDE COLETORA ESGOTO JEI DN 100 MM E CONEXÕES - FORNECIMENTO E INSTALAÇÃO. AF_03/2016","UN","374,26"]
[93356,"COLETOR PREDIAL DE ESGOTO, DA CAIXA ATÉ A REDE (DISTÂNCIA = 6 M, LARGURA DA VALA = 0,65 M), INCLUINDO ESCAVAÇÃO MECANIZADA, PREPARO DE FUNDO DE VALA E REATERRO COM COMPACTAÇÃO MECANIZADA, TUBO PVC P/ REDE COLETORA ESGOTO JEI DN 100 MM E CONEXÕES - FORNECIMENTO E INSTALAÇÃO. AF_03/2016","UN","296,94"]
[93357,"COLETOR PREDIAL DE ESGOTO, DA CAIXA ATÉ A REDE (DISTÂNCIA = 4 M, LARGURA DA VALA = 0,65 M), INCLUINDO ESCAVAÇÃO MECANIZADA, PREPARO DE FUNDO DE VALA E REATERRO COM COMPACTAÇÃO MECANIZADA, TUBO PVC P/ REDE COLETORA ESGOTO JEI DN 100 MM E CONEXÕES - FORNECIMENTO E INSTALAÇÃO. AF_03/2016","UN","221,30"]
[83335,"ESCAVACAO SUBMERSA COM DRAGA DE MANDIBULA","M3","38,21"]
[88548,"DRAGAGEM (C/ ESCAVADEIRA DRAG LINE DE ARRASTE 140HP)","M3","48,20"]
["73903/1","LIMPEZA SUPERFICIAL DA CAMADA VEGETAL EM JAZIDA","M2","0,33"]
["73903/2","EXPURGO DE JAZIDA (MATERIAL VEGETAL, OU INSERVÍVEL, EXCETO LAMA)","M3","1,79"]
["74151/1","ESCAVACAO E CARGA MATERIAL 1A CATEGORIA, UTILIZANDO TRATOR DE ESTEIRAS DE 110 A 160HP COM LAMINA, PESO OPERACIONAL * 13T  E PA CARREGADEIRA COM 170 HP.","M3","3,03"]
["74153/1","ESPALHAMENTO MECANIZADO (COM MOTONIVELADORA 140 HP) MATERIAL 1A. CATEGORIA","M2","0,20"]
["74154/1","ESCAVACAO, CARGA E TRANSPORTE DE  MATERIAL DE 1A CATEGORIA COM TRATOR SOBRE ESTEIRAS 347 HP E CACAMBA 6M3,  DMT 50 A 200M","M3","4,60"]
["74155/1","ESCAVACAO E TRANSPORTE DE MATERIAL DE  1A CAT DMT 50M COM TRATOR SOBRE  ESTEIRAS 347 HP COM LAMINA E ESCARIFICADOR","M3","1,47"]
["74155/2","ESCAVACAO E TRANSPORTE DE MATERIAL DE  2A CAT DMT 50M COM TRATOR SOBRE  ESTEIRAS 347 HP COM LAMINA E ESCARIFICADOR","M3","2,85"]
["74205/1","ESCAVACAO MECANICA DE MATERIAL 1A. CATEGORIA, PROVENIENTE DE CORTE DE SUBLEITO (C/TRATOR ESTEIRAS  160HP)","M3","1,46"]
[79472,"REGULARIZACAO DE SUPERFICIES EM TERRA COM MOTONIVELADORA","M2","0,45"]
[79473,"CORTE E ATERRO COMPENSADO","M3","5,27"]
[79480,"ESCAVACAO MECANICA CAMPO ABERTO EM SOLO EXCETO ROCHA ATE 2,00M PROFUNDIDADE","M3","2,17"]
[83336,"ESCAVACAO MECANICA PARA ACERTO DE TALUDES, EM MATERIAL DE 1A CATEGORIA, COM ESCAVADEIRA HIDRAULICA","M3","4,01"]
[83338,"ESCAVACAO MECANICA, A CEU ABERTO, EM MATERIAL DE 1A CATEGORIA, COM ESCAVADEIRA HIDRAULICA, CAPACIDADE DE 0,78 M3","M3","2,24"]
[89885,"ESCAVAÇÃO VERTICAL A CÉU ABERTO, INCLUINDO CARGA, DESCARGA E TRANSPORTE, EM SOLO DE 1ª CATEGORIA COM ESCAVADEIRA HIDRÁULICA (CAÇAMBA: 0,8 M³ / 111 HP), FROTA DE 3 CAMINHÕES BASCULANTES DE 14 M³, DMT DE 0,2 KM E VELOCIDADE MÉDIA 4 KM/H. AF_12/2013","M3","7,16"]
[89886,"ESCAVAÇÃO VERTICAL A CÉU ABERTO, INCLUINDO CARGA, DESCARGA E TRANSPORTE, EM SOLO DE 1ª CATEGORIA COM ESCAVADEIRA HIDRÁULICA (CAÇAMBA: 0,8 M³ / 111 HP), FROTA DE 3 CAMINHÕES BASCULANTES DE 14 M³, DMT DE 0,3 KM E VELOCIDADE MÉDIA 5,9 KM/H. AF_12/2013","M3","7,19"]
[89887,"ESCAVAÇÃO VERTICAL A CÉU ABERTO, INCLUINDO CARGA, DESCARGA E TRANSPORTE, EM SOLO DE 1ª CATEGORIA COM ESCAVADEIRA HIDRÁULICA (CAÇAMBA: 0,8 M³ / 111 HP), FROTA DE 3 CAMINHÕES BASCULANTES DE 14 M³, DMT DE 0,6 KM E VELOCIDADE MÉDIA 10 KM/H. AF_12/2013","M3","7,47"]
[89888,"ESCAVAÇÃO VERTICAL A CÉU ABERTO, INCLUINDO CARGA, DESCARGA E TRANSPORTE, EM SOLO DE 1ª CATEGORIA COM ESCAVADEIRA HIDRÁULICA (CAÇAMBA: 0,8 M³ / 111 HP), FROTA DE 3 CAMINHÕES BASCULANTES DE 14 M³, DMT DE 0,8 KM E VELOCIDADE MÉDIA 14 KM/H. AF_12/2013","M3","7,39"]
[89889,"ESCAVAÇÃO VERTICAL A CÉU ABERTO, INCLUINDO CARGA, DESCARGA E TRANSPORTE, EM SOLO DE 1ª CATEGORIA COM ESCAVADEIRA HIDRÁULICA (CAÇAMBA: 0,8 M³ / 111 HP), FROTA DE 3 CAMINHÕES BASCULANTES DE 14 M³, DMT DE 1 KM E VELOCIDADE MÉDIA 15 KM/H. AF_12/2013","M3","7,67"]
[89890,"ESCAVAÇÃO VERTICAL A CÉU ABERTO, INCLUINDO CARGA, DESCARGA E TRANSPORTE, EM SOLO DE 1ª CATEGORIA COM ESCAVADEIRA HIDRÁULICA (CAÇAMBA: 0,8 M³ / 111 HP), FROTA DE 4 CAMINHÕES BASCULANTES DE 14 M³, DMT DE 1,5 KM E VELOCIDADE MÉDIA 18 KM/H. AF_12/2013","M3","10,69"]
[89893,"ESCAVAÇÃO VERTICAL A CÉU ABERTO, INCLUINDO CARGA, DESCARGA E TRANSPORTE, EM SOLO DE 1ª CATEGORIA COM ESCAVADEIRA HIDRÁULICA (CAÇAMBA: 0,8 M³ / 111 HP), FROTA DE 5 CAMINHÕES BASCULANTES DE 14 M³, DMT DE 3 KM E VELOCIDADE MÉDIA 20 KM/H. AF_12/2013","M3","13,16"]
[89894,"ESCAVAÇÃO VERTICAL A CÉU ABERTO, INCLUINDO CARGA, DESCARGA E TRANSPORTE, EM SOLO DE 1ª CATEGORIA COM ESCAVADEIRA HIDRÁULICA (CAÇAMBA: 0,8 M³ / 111 HP), FROTA DE 6 CAMINHÕES BASCULANTES DE 14 M³, DMT DE 4 KM E VELOCIDADE MÉDIA 22 KM/H. AF_12/2013","M3","14,60"]
[89895,"ESCAVAÇÃO VERTICAL A CÉU ABERTO, INCLUINDO CARGA, DESCARGA E TRANSPORTE, EM SOLO DE 1ª CATEGORIA COM ESCAVADEIRA HIDRÁULICA (CAÇAMBA: 0,8 M³ / 111 HP), FROTA DE 7 CAMINHÕES BASCULANTES DE 14 M³, DMT DE 6 KM E VELOCIDADE MÉDIA 22 KM/H. AF_12/2013","M3","17,78"]
[89903,"ESCAVAÇÃO VERTICAL A CÉU ABERTO, INCLUINDO CARGA, DESCARGA E TRANSPORTE, EM SOLO DE 1ª CATEGORIA COM ESCAVADEIRA HIDRÁULICA (CAÇAMBA: 0,8 M³ / 111 HP), FROTA DE 2 CAMINHÕES BASCULANTES DE 18 M³, DMT DE 0,2 KM E VELOCIDADE MÉDIA 4 KM/H. AF_12/2013","M3","6,41"]
[89904,"ESCAVAÇÃO VERTICAL A CÉU ABERTO, INCLUINDO CARGA, DESCARGA E TRANSPORTE, EM SOLO DE 1ª CATEGORIA COM ESCAVADEIRA HIDRÁULICA (CAÇAMBA: 0,8 M³ / 111 HP), FROTA DE 2 CAMINHÕES BASCULANTES DE 18 M³, DMT DE 0,3 KM E VELOCIDADE MÉDIA 5,9KM/H. AF_12/2013","M3","6,45"]
[89905,"ESCAVAÇÃO VERTICAL A CÉU ABERTO, INCLUINDO CARGA, DESCARGA E TRANSPORTE, EM SOLO DE 1ª CATEGORIA COM ESCAVADEIRA HIDRÁULICA (CAÇAMBA: 0,8 M³ / 111 HP), FROTA DE 2 CAMINHÕES BASCULANTES DE 18 M³, DMT DE 0,6 KM E VELOCIDADE MÉDIA 10 KM/H. AF_12/2013","M3","6,68"]
[89906,"ESCAVAÇÃO VERTICAL A CÉU ABERTO, INCLUINDO CARGA, DESCARGA E TRANSPORTE, EM SOLO DE 1ª CATEGORIA COM ESCAVADEIRA HIDRÁULICA (CAÇAMBA: 0,8 M³ / 111 HP), FROTA DE 2 CAMINHÕES BASCULANTES DE 18 M³, DMT DE 0,8 KM E VELOCIDADE MÉDIA 14 KM/H. AF_12/2013","M3","6,60"]
[89907,"ESCAVAÇÃO VERTICAL A CÉU ABERTO, INCLUINDO CARGA, DESCARGA E TRANSPORTE, EM SOLO DE 1ª CATEGORIA COM ESCAVADEIRA HIDRÁULICA (CAÇAMBA: 0,8 M³ / 111 HP), FROTA DE 3 CAMINHÕES BASCULANTES DE 18 M³, DMT DE 1 KM E VELOCIDADE MÉDIA 15 KM/H. AF_12/2013","M3","7,34"]
[89908,"ESCAVAÇÃO VERTICAL A CÉU ABERTO, INCLUINDO CARGA, DESCARGA E TRANSPORTE, EM SOLO DE 1ª CATEGORIA COM ESCAVADEIRA HIDRÁULICA (CAÇAMBA: 0,8 M³ / 111 HP), FROTA DE 4 CAMINHÕES BASCULANTES DE 18 M³, DMT DE 1,5 KM E VELOCIDADE MÉDIA 18 KM/H. AF_12/2013","M3","10,06"]
[89911,"ESCAVAÇÃO VERTICAL A CÉU ABERTO, INCLUINDO CARGA, DESCARGA E TRANSPORTE, EM SOLO DE 1ª CATEGORIA COM ESCAVADEIRA HIDRÁULICA (CAÇAMBA: 0,8 M³ / 111 HP), FROTA DE 5 CAMINHÕES BASCULANTES DE 18 M³, DMT DE 3 KM E VELOCIDADE MÉDIA 20 KM/H. AF_12/2013","M3","12,28"]
[89912,"ESCAVAÇÃO VERTICAL A CÉU ABERTO, INCLUINDO CARGA, DESCARGA E TRANSPORTE, EM SOLO DE 1ª CATEGORIA COM ESCAVADEIRA HIDRÁULICA (CAÇAMBA: 0,8 M³ / 111 HP), FROTA DE 5 CAMINHÕES BASCULANTES DE 18 M³, DMT DE 4 KM E VELOCIDADE MÉDIA 22 KM/H. AF_12/2013","M3","13,13"]
[89913,"ESCAVAÇÃO VERTICAL A CÉU ABERTO, INCLUINDO CARGA, DESCARGA E TRANSPORTE, EM SOLO DE 1ª CATEGORIA COM ESCAVADEIRA HIDRÁULICA (CAÇAMBA: 0,8 M³ / 111 HP), FROTA DE 6 CAMINHÕES BASCULANTES DE 18 M³, DMT DE 6 KM E VELOCIDADE MÉDIA 22 KM/H. AF_12/2013","M3","15,99"]
[89921,"ESCAVAÇÃO VERTICAL A CÉU ABERTO, INCLUINDO CARGA, DESCARGA E TRANSPORTE, EM SOLO DE 1ª CATEGORIA COM ESCAVADEIRA HIDRÁULICA (CAÇAMBA: 1,2 M³ / 155 HP), FROTA DE 3 CAMINHÕES BASCULANTES DE 14 M³, DMT DE 0,2 KM E VELOCIDADE MÉDIA 4 KM/H. AF_12/2013","M3","5,88"]
[89922,"ESCAVAÇÃO VERTICAL A CÉU ABERTO, INCLUINDO CARGA, DESCARGA E TRANSPORTE, EM SOLO DE 1ª CATEGORIA COM ESCAVADEIRA HIDRÁULICA (CAÇAMBA: 1,2 M³ / 155 HP), FROTA DE 3 CAMINHÕES BASCULANTES DE 14 M³, DMT DE 0,3 KM E VELOCIDADE MÉDIA 5,9 KM/H. AF_12/2013","M3","5,91"]
[89923,"ESCAVAÇÃO VERTICAL A CÉU ABERTO, INCLUINDO CARGA, DESCARGA E TRANSPORTE, EM SOLO DE 1ª CATEGORIA COM ESCAVADEIRA HIDRÁULICA (CAÇAMBA: 1,2 M³ / 155 HP), FROTA DE 3 CAMINHÕES BASCULANTES DE 14 M³, DMT DE 0,6 KM E VELOCIDADE MÉDIA 10 KM/H. AF_12/2013","M3","6,18"]
[89924,"ESCAVAÇÃO VERTICAL A CÉU ABERTO, INCLUINDO CARGA, DESCARGA E TRANSPORTE, EM SOLO DE 1ª CATEGORIA COM ESCAVADEIRA HIDRÁULICA (CAÇAMBA: 1,2 M³ / 155 HP), FROTA DE 3 CAMINHÕES BASCULANTES DE 14 M³, DMT DE 0,8 KM E VELOCIDADE MÉDIA 14 KM/H. AF_12/2013","M3","6,09"]
[89925,"ESCAVAÇÃO VERTICAL A CÉU ABERTO, INCLUINDO CARGA, DESCARGA E TRANSPORTE, EM SOLO DE 1ª CATEGORIA COM ESCAVADEIRA HIDRÁULICA (CAÇAMBA: 1,2 M³ / 155 HP), FROTA DE 3 CAMINHÕES BASCULANTES DE 14 M³, DMT DE 1 KM E VELOCIDADE MÉDIA 15 KM/H. AF_12/2013","M3","6,37"]
[89926,"ESCAVAÇÃO VERTICAL A CÉU ABERTO, INCLUINDO CARGA, DESCARGA E TRANSPORTE, EM SOLO DE 1ª CATEGORIA COM ESCAVADEIRA HIDRÁULICA (CAÇAMBA: 1,2 M³ / 155 HP), FROTA DE 5 CAMINHÕES BASCULANTES DE 14 M³, DMT DE 1,5 KM E VELOCIDADE MÉDIA 18 KM/H. AF_12/2013","M3","9,62"]
[89929,"ESCAVAÇÃO VERTICAL A CÉU ABERTO, INCLUINDO CARGA, DESCARGA E TRANSPORTE, EM SOLO DE 1ª CATEGORIA COM ESCAVADEIRA HIDRÁULICA (CAÇAMBA: 1,2 M³ / 155 HP), FROTA DE 7 CAMINHÕES BASCULANTES DE 14 M³, DMT DE 3 KM E VELOCIDADE MÉDIA 20 KM/H. AF_12/2013","M3","12,32"]
[89930,"ESCAVAÇÃO VERTICAL A CÉU ABERTO, INCLUINDO CARGA, DESCARGA E TRANSPORTE, EM SOLO DE 1ª CATEGORIA COM ESCAVADEIRA HIDRÁULICA (CAÇAMBA: 1,2 M³ / 155 HP), FROTA DE 7 CAMINHÕES BASCULANTES DE 14 M³, DMT DE 4 KM E VELOCIDADE MÉDIA 22 KM/H. AF_12/2013","M3","13,24"]
[89931,"ESCAVAÇÃO VERTICAL A CÉU ABERTO, INCLUINDO CARGA, DESCARGA E TRANSPORTE, EM SOLO DE 1ª CATEGORIA COM ESCAVADEIRA HIDRÁULICA (CAÇAMBA: 1,2 M³ / 155 HP), FROTA DE 9 CAMINHÕES BASCULANTES DE 14 M³, DMT DE 6 KM E VELOCIDADE MÉDIA 22 KM/H. AF_12/2013","M3","16,65"]
[89939,"ESCAVAÇÃO VERTICAL A CÉU ABERTO, INCLUINDO CARGA, DESCARGA E TRANSPORTE, EM SOLO DE 1ª CATEGORIA COM ESCAVADEIRA HIDRÁULICA (CAÇAMBA: 1,2 M³ / 155 HP), FROTA DE 3 CAMINHÕES BASCULANTES DE 18 M³, DMT DE 0,2 KM E VELOCIDADE MÉDIA 4 KM/H. AF_12/2013","M3","5,52"]
[89940,"ESCAVAÇÃO VERTICAL A CÉU ABERTO, INCLUINDO CARGA, DESCARGA E TRANSPORTE, EM SOLO DE 1ª CATEGORIA COM ESCAVADEIRA HIDRÁULICA (CAÇAMBA: 1,2 M³ / 155 HP), FROTA DE 3 CAMINHÕES BASCULANTES DE 18 M³, DMT DE 0,3 KM E VELOCIDADE MÉDIA 5,9 KM/H. AF_12/2013","M3","5,55"]
[89941,"ESCAVAÇÃO VERTICAL A CÉU ABERTO, INCLUINDO CARGA, DESCARGA E TRANSPORTE, EM SOLO DE 1ª CATEGORIA COM ESCAVADEIRA HIDRÁULICA (CAÇAMBA: 1,2 M³ / 155 HP), FROTA DE 3 CAMINHÕES BASCULANTES DE 18 M³, DMT DE 0,6 KM E VELOCIDADE MÉDIA 10 KM/H. AF_12/2013","M3","5,79"]
[89942,"ESCAVAÇÃO VERTICAL A CÉU ABERTO, INCLUINDO CARGA, DESCARGA E TRANSPORTE, EM SOLO DE 1ª CATEGORIA COM ESCAVADEIRA HIDRÁULICA (CAÇAMBA: 1,2 M³ / 155 HP), FROTA DE 3 CAMINHÕES BASCULANTES DE 18 M³, DMT DE 0,8 KM E VELOCIDADE MÉDIA 14 KM/H. AF_12/2013","M3","5,72"]
[89943,"ESCAVAÇÃO VERTICAL A CÉU ABERTO, INCLUINDO CARGA, DESCARGA E TRANSPORTE, EM SOLO DE 1ª CATEGORIA COM ESCAVADEIRA HIDRÁULICA (CAÇAMBA: 1,2 M³ / 155 HP), FROTA DE 3 CAMINHÕES BASCULANTES DE 18 M³, DMT DE 1 KM E VELOCIDADE MÉDIA 15 KM/H. AF_12/2013","M3","5,96"]
[89944,"ESCAVAÇÃO VERTICAL A CÉU ABERTO, INCLUINDO CARGA, DESCARGA E TRANSPORTE, EM SOLO DE 1ª CATEGORIA COM ESCAVADEIRA HIDRÁULICA (CAÇAMBA: 1,2 M³ / 155 HP), FROTA DE 5 CAMINHÕES BASCULANTES DE 18 M³, DMT DE 1,5 KM E VELOCIDADE MÉDIA 18 KM/H. AF_12/2013","M3","8,86"]
[89947,"ESCAVAÇÃO VERTICAL A CÉU ABERTO, INCLUINDO CARGA, DESCARGA E TRANSPORTE, EM SOLO DE 1ª CATEGORIA COM ESCAVADEIRA HIDRÁULICA (CAÇAMBA: 1,2 M³ / 155 HP), FROTA DE 6 CAMINHÕES BASCULANTES DE 18 M³, DMT DE 3 KM E VELOCIDADE MÉDIA 20 KM/H. AF_12/2013","M3","10,95"]
[89948,"ESCAVAÇÃO VERTICAL A CÉU ABERTO, INCLUINDO CARGA, DESCARGA E TRANSPORTE, EM SOLO DE 1ª CATEGORIA COM ESCAVADEIRA HIDRÁULICA (CAÇAMBA: 1,2 M³ / 155 HP), FROTA DE 7 CAMINHÕES BASCULANTES DE 18 M³, DMT DE 4 KM E VELOCIDADE MÉDIA 22 KM/H. AF_12/2013","M3","12,12"]
[89949,"ESCAVAÇÃO VERTICAL A CÉU ABERTO, INCLUINDO CARGA, DESCARGA E TRANSPORTE, EM SOLO DE 1ª CATEGORIA COM ESCAVADEIRA HIDRÁULICA (CAÇAMBA: 1,2 M³ / 155 HP), FROTA DE 8 CAMINHÕES BASCULANTES DE 18 M³, DMT DE 6 KM E VELOCIDADE MÉDIA 22 KM/H. AF_12/2013","M3","14,83"]
[96520,"ESCAVAÇÃO MECANIZADA PARA BLOCO DE COROAMENTO OU SAPATA, SEM PREVISÃO DE FÔRMA, COM RETROESCAVADEIRA. AF_06/2017","M3","67,31"]
[96521,"ESCAVAÇÃO MECANIZADA PARA BLOCO DE COROAMENTO OU SAPATA, COM PREVISÃO DE FÔRMA, COM RETROESCAVADEIRA. AF_06/2017","M3","30,40"]
[96522,"ESCAVAÇÃO MANUAL PARA BLOCO DE COROAMENTO OU SAPATA, SEM PREVISÃO DE FÔRMA. AF_06/2017","M3","95,27"]
[96523,"ESCAVAÇÃO MANUAL PARA BLOCO DE COROAMENTO OU SAPATA, COM PREVISÃO DE FÔRMA. AF_06/2017","M3","60,86"]
[96524,"ESCAVAÇÃO MECANIZADA PARA VIGA BALDRAME, SEM PREVISÃO DE FÔRMA, COM MINI-ESCAVADEIRA. AF_06/2017","M3","119,72"]
[96525,"ESCAVAÇÃO MECANIZADA PARA VIGA BALDRAME, COM PREVISÃO DE FÔRMA, COM MINI-ESCAVADEIRA. AF_06/2017","M3","29,31"]
[96526,"ESCAVAÇÃO MANUAL DE VALA PARA VIGA BALDRAME, SEM PREVISÃO DE FÔRMA. AF_06/2017","M3","192,29"]
[96527,"ESCAVAÇÃO MANUAL DE VALA PARA VIGA BALDRAME, COM PREVISÃO DE FÔRMA. AF_06/2017","M3","79,93"]
[96528,"FABRICAÇÃO, MONTAGEM E DESMONTAGEM DE FÔRMA PARA BLOCO DE COROAMENTO, EM MADEIRA SERRADA, E=25 MM, 1 UTILIZAÇÃO. AF_06/2017","M2","99,16"]
[98116,"ESCAVAÇÃO VERTICAL A CÉU ABERTO, INCLUINDO CARGA, DESCARGA E TRANSPORTE, EM SOLO DE 1ª CATEGORIA COM ESCAVADEIRA HIDRÁULICA (CAÇAMBA: 0,8 M³ / 111 HP), FROTA DE 4 CAMINHÕES BASCULANTES DE 14 M³, DMT DE 2 KM E VELOCIDADE MÉDIA 20 KM/H. AF_02/2018","M3","11,19"]
[98117,"ESCAVAÇÃO VERTICAL A CÉU ABERTO, INCLUINDO CARGA, DESCARGA E TRANSPORTE, EM SOLO DE 1ª CATEGORIA COM ESCAVADEIRA HIDRÁULICA (CAÇAMBA: 0,8 M³ / 111 HP), FROTA DE 4 CAMINHÕES BASCULANTES DE 18 M³, DMT DE 2 KM E VELOCIDADE MÉDIA 20 KM/H. AF_02/2018","M3","10,50"]
[98118,"ESCAVAÇÃO VERTICAL A CÉU ABERTO, INCLUINDO CARGA, DESCARGA E TRANSPORTE, EM SOLO DE 1ª CATEGORIA COM ESCAVADEIRA HIDRÁULICA (CAÇAMBA: 1,2 M³ / 155 HP), FROTA DE 6 CAMINHÕES BASCULANTES DE 14 M³, DMT DE 2 KM E VELOCIDADE MÉDIA 20 KM/H. AF_02/2018","M3","10,47"]
[98119,"ESCAVAÇÃO VERTICAL A CÉU ABERTO, INCLUINDO CARGA, DESCARGA E TRANSPORTE, EM SOLO DE 1ª CATEGORIA COM ESCAVADEIRA HIDRÁULICA (CAÇAMBA: 1,2 M³ / 155 HP), FROTA DE 5 CAMINHÕES BASCULANTES DE 18 M³, DMT DE 2 KM E VELOCIDADE MÉDIA 20 KM/H. AF_02/2018","M3","9,30"]
[72915,"ESCAVACAO MECANICA DE VALA EM MATERIAL DE 2A. CATEGORIA ATE 2 M DE PROFUNDIDADE COM UTILIZACAO DE ESCAVADEIRA HIDRAULICA","M3","9,72"]
[72917,"ESCAVACAO MECANICA DE VALA EM MATERIAL 2A. CATEGORIA DE 2,01 ATE 4,00 M DE PROFUNDIDADE COM UTILIZACAO DE ESCAVADEIRA HIDRAULICA","M3","11,10"]
[72918,"ESCAVACAO MECANICA DE VALA EM MATERIAL 2A. CATEGORIA DE 4,01 ATE 6,00 M DE PROFUNDIDADE COM UTILIZACAO DE ESCAVADEIRA HIDRAULICA","M3","12,95"]
["73965/9","ESCAVACAO MANUAL DE VALA EM LODO, DE 1,5 ATE 3M, EXCLUINDO ESGOTAMENTO/ESCORAMENTO.","M3","133,70"]
["79506/2","ESCAVAÇÃO MANUAL DE VALA/CAVA EM LODO, ENTRE 3 E 4,5M DE PROFUNDIDADE","M3","200,55"]
["79518/1","MARROAMENTO EM MATERIAL DE 3A CATEGORIA, ROCHA VIVA PARA REDUÇÃO A PEDRA-DE-MÃO","M3","32,08"]
["79518/2","MARROAMENTO DE MATERIAL DE 2A CATEGORIA, ROCHA DECOMPOSTA PARA REDUÇÃO A PEDRA-DE-MÃO","M3","28,87"]
[83343,"ESCAVACAO MECANICA DE VALAS (SOLO COM AGUA), PROFUNDIDADE MAIOR QUE 4,00 M ATE 6,00 M.","M3","12,84"]
[90082,"ESCAVAÇÃO MECANIZADA DE VALA COM PROF. ATÉ 1,5 M (MÉDIA ENTRE MONTANTE E JUSANTE/UMA COMPOSIÇÃO POR TRECHO), COM ESCAVADEIRA HIDRÁULICA (0,8 M3), LARG. DE 1,5 M A 2,5 M, EM SOLO DE 1A CATEGORIA, EM LOCAIS COM ALTO NÍVEL DE INTERFERÊNCIA. AF_01/2015","M3","7,55"]
[90084,"ESCAVAÇÃO MECANIZADA DE VALA COM PROF. MAIOR QUE 1,5 M ATÉ 3,0 M (MÉDIA ENTRE MONTANTE E JUSANTE/UMA COMPOSIÇÃO POR TRECHO), COM ESCAVADEIRA HIDRÁULICA (0,8 M3/111 HP), LARGURA ATÉ 1,5 M, EM SOLO DE 1A CATEGORIA, EM LOCAIS COM ALTO NÍVEL DE INTERFERÊNCIA. AF_01/2015","M3","7,34"]
[90085,"ESCAVAÇÃO MECANIZADA DE VALA COM PROF. MAIOR QUE 1,5 M ATÉ 3,0 M (MÉDIA ENTRE MONTANTE E JUSANTE/UMA COMPOSIÇÃO POR TRECHO), COM ESCAVADEIRA HIDRÁULICA (0,8 M3/111 HP), LARG. DE 1,5 M A 2,5 M, EM SOLO DE 1A CATEGORIA, EM LOCAIS COM ALTO NÍVEL DE INTERFERÊNCIA. AF_01/2015","M3","6,90"]
[90086,"ESCAVAÇÃO MECANIZADA DE VALA COM PROF. MAIOR QUE 3,0 M ATÉ 4,5 M(MÉDIA ENTRE MONTANTE E JUSANTE/UMA COMPOSIÇÃO POR TRECHO), COM ESCAVADEIRA HIDRÁULICA (0,8 M3/111 HP), LARG. MENOR QUE 1,5 M, EM SOLO DE 1A CATEGORIA, EM LOCAIS COM ALTO NÍVEL DE INTERFERÊNCIA. AF_01/2015","M3","6,98"]
[90087,"ESCAVAÇÃO MECANIZADA DE VALA COM PROF. DE 3,0 M ATÉ 4,5 M(MÉDIA ENTRE MONTANTE E JUSANTE/UMA COMPOSIÇÃO POR TRECHO), COM ESCAVADEIRA HIDRÁULICA (1,2 M3/155 HP), LARG. DE 1,5 M A 2,5 M, EM SOLO DE 1A CATEGORIA, EM LOCAIS COM ALTO NÍVEL DE INTERFERÊNCIA. AF_01/2015","M3","6,11"]
[90088,"ESCAVAÇÃO MECANIZADA DE VALA COM PROF. MAIOR QUE 4,5 M ATÉ 6,0 M(MÉDIA ENTRE MONTANTE E JUSANTE/UMA COMPOSIÇÃO POR TRECHO), COM ESCAVADEIRA HIDRÁULICA (1,2 M3/155 HP), LARG. MENOR QUE 1,5 M, EM SOLO DE 1A CATEGORIA, EM LOCAIS COM ALTO NÍVEL DE INTERFERÊNCIA. AF_01/2015","M3","6,24"]
[90090,"ESCAVAÇÃO MECANIZADA DE VALA COM PROF. MAIOR QUE 4,5 M ATÉ 6,0 M(MÉDIA ENTRE MONTANTE E JUSANTE/UMA COMPOSIÇÃO POR TRECHO), COM ESCAVADEIRA HIDRÁULICA (1,2 M3/155 HP), LARG. DE 1,5 M A 2,5 M, EM SOLO DE 1A CATEGORIA, EM LOCAIS COM ALTO NÍVEL DE INTERFERÊNCIA. AF_01/2015","M3","6,00"]
[90091,"ESCAVAÇÃO MECANIZADA DE VALA COM PROF. ATÉ 1,5 M(MÉDIA ENTRE MONTANTE E JUSANTE/UMA COMPOSIÇÃO POR TRECHO), COM ESCAVADEIRA HIDRÁULICA (0,8 M3), LARG. DE 1,5M A 2,5 M, EM SOLO DE 1A CATEGORIA, LOCAIS COM BAIXO NÍVEL DE INTERFERÊNCIA. AF_01/2015","M3","4,52"]
[90092,"ESCAVAÇÃO MECANIZADA DE VALA COM PROF. MAIOR QUE 1,5 M E ATÉ 3,0 M(MÉDIA ENTRE MONTANTE E JUSANTE/UMA COMPOSIÇÃO POR TRECHO), COM ESCAVADEIRA HIDRÁULICA (0,8 M3/111 HP), LARG. MENOR QUE 1,5 M, EM SOLO DE 1A CATEGORIA, LOCAIS COM BAIXO NÍVEL DE INTERFERÊNCIA. AF_01/2015","M3","4,36"]
[90093,"ESCAVAÇÃO MECANIZADA DE VALA COM PROF. MAIOR QUE 1,5 M ATÉ 3,0 M (MÉDIA ENTRE MONTANTE E JUSANTE/UMA COMPOSIÇÃO POR TRECHO), COM ESCAVADEIRA HIDRÁULICA (0,8 M3/111 HP), LARG. DE 1,5 M A 2,5 M, EM SOLO DE 1A CATEGORIA, LOCAIS COM BAIXO NÍVEL DE INTERFERÊNCIA. AF_01/2015","M3","4,12"]
[90094,"ESCAVAÇÃO MECANIZADA DE VALA COM PROF. MAIOR QUE 3,0 M ATÉ 4,5 M (MÉDIA ENTRE MONTANTE E JUSANTE/UMA COMPOSIÇÃO POR TRECHO), COM ESCAVADEIRA HIDRÁULICA (0,8 M3/111 HP), LARG. MENOR QUE 1,5 M, EM SOLO DE 1A CATEGORIA, LOCAIS COM BAIXO NÍVEL DE INTERFERÊNCIA. AF_01/2015","M3","4,15"]
[90095,"ESCAVAÇÃO MECANIZADA DE VALA COM PROF. MAIOR QUE 3,0 M ATÉ 4,5 M (MÉDIA ENTRE MONTANTE E JUSANTE/UMA COMPOSIÇÃO POR TRECHO), COM ESCAVADEIRA HIDRÁULICA (1,2 M3/155 HP), LARG. DE 1,5 M A 2,5 M, EM SOLO DE 1A CATEGORIA, LOCAIS COM BAIXO NÍVEL DE INTERFERÊNCIA. AF_01/2015","M3","3,65"]
[90096,"ESCAVAÇÃO MECANIZADA DE VALA COM PROF. MAIOR QUE 4,5 M ATÉ 6,0 M (MÉDIA ENTRE MONTANTE E JUSANTE/UMA COMPOSIÇÃO POR TRECHO), COM ESCAVADEIRA HIDRÁULICA (1,2 M3/155 HP), LARG. MENOR QUE 1,5 M, EM SOLO DE 1A CATEGORIA, LOCAIS COM BAIXO NÍVEL DE INTERFERÊNCIA. AF_01/2015","M3","3,72"]
[90098,"ESCAVAÇÃO MECANIZADA DE VALA COM PROF. MAIOR QUE 4,5 M ATÉ 6,0 M (MÉDIA ENTRE MONTANTE E JUSANTE/UMA COMPOSIÇÃO POR TRECHO), COM ESCAVADEIRA HIDRÁULICA (1,2 M3/155 HP), LARG. DE 1,5 M A 2,5 M, EM SOLO DE 1A CATEGORIA, LOCAIS COM BAIXO NÍVEL DE INTERFERÊNCIA. AF_01/2015","M3","3,57"]
[90099,"ESCAVAÇÃO MECANIZADA DE VALA COM PROF. ATÉ 1,5 M (MÉDIA ENTRE MONTANTE E JUSANTE/UMA COMPOSIÇÃO POR TRECHO), COM RETROESCAVADEIRA (0,26 M3/88 HP), LARG. MENOR QUE 0,8 M, EM SOLO DE 1A CATEGORIA, EM LOCAIS COM ALTO NÍVEL DE INTERFERÊNCIA. AF_01/2015","M3","10,54"]
[90100,"ESCAVAÇÃO MECANIZADA DE VALA COM PROF. ATÉ 1,5 M (MÉDIA ENTRE MONTANTE E JUSANTE/UMA COMPOSIÇÃO POR TRECHO), COM RETROESCAVADEIRA (0,26 M3/88 HP), LARG. DE 0,8 M A 1,5 M, EM SOLO DE 1A CATEGORIA, EM LOCAIS COM ALTO NÍVEL DE INTERFERÊNCIA. AF_01/2015","M3","8,96"]
[90101,"ESCAVAÇÃO MECANIZADA DE VALA COM PROF. MAIOR QUE 1,5 M ATÉ 3,0 M (MÉDIA ENTRE MONTANTE E JUSANTE/UMA COMPOSIÇÃO POR TRECHO), COM RETROESCAVADEIRA (0,26 M3/88 HP), LARG. MENOR QUE 0,8 M, EM SOLO DE 1A CATEGORIA, EM LOCAIS COM ALTO NÍVEL DE INTERFERÊNCIA.AF_01/2015","M3","8,85"]
[90102,"ESCAVAÇÃO MECANIZADA DE VALA COM PROF. MAIOR QUE 1,5 M ATÉ 3,0 M (MÉDIA ENTRE MONTANTE E JUSANTE/UMA COMPOSIÇÃO POR TRECHO), COM RETROESCAVADEIRA (0,26 M3/ POTÊNCIA:88 HP), LARGURA DE 0,8 M A 1,5 M, EM SOLO DE 1A CATEGORIA, EM LOCAIS COM ALTO NÍVEL DE INTERFERÊNCIA. AF_01/2015","M3","8,06"]
[90105,"ESCAVAÇÃO MECANIZADA DE VALA COM PROFUNDIDADE ATÉ 1,5 M (MÉDIA ENTRE MONTANTE E JUSANTE/UMA COMPOSIÇÃO POR TRECHO) COM RETROESCAVADEIRA (CAPACIDADE DA CAÇAMBA DA RETRO: 0,26 M3 / POTÊNCIA: 88 HP), LARGURA MENOR QUE 0,8 M, EM SOLO DE 1A CATEGORIA, LOCAISCOM BAIXO NÍVEL DE INTERFERÊNCIA. AF_01/2015","M3","6,30"]
[90106,"ESCAVAÇÃO MECANIZADA DE VALA COM PROFUNDIDADE ATÉ 1,5 M (MÉDIA ENTRE MONTANTE E JUSANTE/UMA COMPOSIÇÃO POR TRECHO) COM RETROESCAVADEIRA (CAPACIDADE DA CAÇAMBA DA RETRO: 0,26 M3 / POTÊNCIA: 88 HP), LARGURA DE 0,8 M A 1,5 M, EM SOLO DE 1A CATEGORIA, LOCAISCOM BAIXO NÍVEL DE INTERFERÊNCIA. AF_01/2015","M3","5,35"]
[90107,"ESCAVAÇÃO MECANIZADA DE VALA COM PROFUNDIDADE MAIOR QUE 1,5 M ATÉ 3,0 M (MÉDIA ENTRE MONTANTE E JUSANTE/UMA COMPOSIÇÃO POR TRECHO) COM RETROESCAVADEIRA (CAPACIDADE DA CAÇAMBA DA RETRO: 0,26 M3 / POTÊNCIA: 88 HP), LARGURA MENOR QUE 0,8 M, EM SOLO DE1A CATEGORIA, LOCAIS COM BAIXO NÍVEL DE INTERFERÊNCIA. AF_01/2015","M3","5,27"]
[90108,"ESCAVAÇÃO MECANIZADA DE VALA COM PROFUNDIDADE MAIOR QUE 1,5 M ATÉ 3,0 M (MÉDIA ENTRE MONTANTE E JUSANTE/UMA COMPOSIÇÃO POR TRECHO) COM RETROESCAVADEIRA (CAPACIDADE DA CAÇAMBA DA RETRO: 0,26 M3 / POTÊNCIA: 88 HP), LARGURA DE 0,8 M A 1,5 M, EM SOLO DE 1A CATEGORIA, LOCAIS COM BAIXO NÍVEL DE INTERFERÊNCIA. AF_01/2015","M3","4,81"]
[93358,"ESCAVAÇÃO MANUAL DE VALA COM PROFUNDIDADE MENOR OU IGUAL A 1,30 M. AF_03/2016","M3","52,89"]
[79482,"ATERRO COM AREIA COM ADENSAMENTO HIDRAULICO","M3","58,36"]
[94304,"ATERRO MECANIZADO DE VALA COM ESCAVADEIRA HIDRÁULICA (CAPACIDADE DA CAÇAMBA: 0,8 M³ / POTÊNCIA: 111 HP), LARGURA DE 1,5 A 2,5 M, PROFUNDIDADE ATÉ 1,5 M, COM SOLO ARGILO-ARENOSO. AF_05/2016","M3","25,38"]
[94305,"ATERRO MECANIZADO DE VALA COM ESCAVADEIRA HIDRÁULICA (CAPACIDADE DA CAÇAMBA: 0,8 M³ / POTÊNCIA: 111 HP), LARGURA ATÉ 1,5 M, PROFUNDIDADE DE 1,5 A 3,0 M, COM SOLO ARGILO-ARENOSO. AF_05/2016","M3","22,76"]
[94306,"ATERRO MECANIZADO DE VALA COM ESCAVADEIRA HIDRÁULICA (CAPACIDADE DA CAÇAMBA: 0,8 M³ / POTÊNCIA: 111 HP), LARGURA DE 1,5 A 2,5 M, PROFUNDIDADE DE 1,5 A 3,0 M, COM SOLO ARGILO-ARENOSO. AF_05/2016","M3","19,44"]
[94307,"ATERRO MECANIZADO DE VALA COM ESCAVADEIRA HIDRÁULICA (CAPACIDADE DA CAÇAMBA: 0,8 M³ / POTÊNCIA: 111 HP), LARGURA ATÉ 1,5 M, PROFUNDIDADE DE 3,0 A 4,5 M, COM SOLO ARGILO-ARENOSO. AF_05/2016","M3","20,19"]
[94308,"ATERRO MECANIZADO DE VALA COM ESCAVADEIRA HIDRÁULICA (CAPACIDADE DA CAÇAMBA: 0,8 M³ / POTÊNCIA: 111 HP), LARGURA DE 1,5 A 2,5 M, PROFUNDIDADE DE 3,0 A 4,5 M, COM SOLO ARGILO-ARENOSO. AF_05/2016","M3","18,19"]
[94309,"ATERRO MECANIZADO DE VALA COM ESCAVADEIRA HIDRÁULICA (CAPACIDADE DA CAÇAMBA: 0,8 M³ / POTÊNCIA: 111 HP), LARGURA ATÉ 1,5 M, PROFUNDIDADE DE 4,5 A 6,0 M, COM SOLO ARGILO-ARENOSO. AF_05/2016","M3","19,09"]
[94310,"ATERRO MECANIZADO DE VALA COM ESCAVADEIRA HIDRÁULICA (CAPACIDADE DA CAÇAMBA: 0,8 M³ / POTÊNCIA: 111 HP), LARGURA DE 1,5 A 2,5 M, PROFUNDIDADE DE 4,5 A 6,0 M, COM SOLO ARGILO-ARENOSO. AF_05/2016","M3","17,58"]
[94315,"ATERRO MECANIZADO DE VALA COM RETROESCAVADEIRA (CAPACIDADE DA CAÇAMBA DA RETRO: 0,26 M³ / POTÊNCIA: 88 HP), LARGURA ATÉ 0,8 M, PROFUNDIDADE ATÉ 1,5 M, COM SOLO ARGILO-ARENOSO. AF_05/2016","M3","31,78"]
[94316,"ATERRO MECANIZADO DE VALA COM RETROESCAVADEIRA (CAPACIDADE DA CAÇAMBA DA RETRO: 0,26 M³ / POTÊNCIA: 88 HP), LARGURA DE 0,8 A 1,5 M, PROFUNDIDADE ATÉ 1,5 M, COM SOLO ARGILO-ARENOSO. AF_05/2016","M3","25,38"]
[94317,"ATERRO MECANIZADO DE VALA COM RETROESCAVADEIRA (CAPACIDADE DA CAÇAMBA DA RETRO: 0,26 M³ / POTÊNCIA: 88 HP), LARGURA ATÉ 0,8 M, PROFUNDIDADE DE 1,5 A 3,0 M, COM SOLO ARGILO-ARENOSO. AF_05/2016","M3","22,54"]
[94318,"ATERRO MECANIZADO DE VALA COM RETROESCAVADEIRA (CAPACIDADE DA CAÇAMBA DA RETRO: 0,26 M³ / POTÊNCIA: 88 HP), LARGURA DE 0,8 A 1,5 M, PROFUNDIDADE DE 1,5 A 3,0 M, COM SOLO ARGILO-ARENOSO. AF_05/2016","M3","18,90"]
[94319,"ATERRO MANUAL DE VALAS COM SOLO ARGILO-ARENOSO E COMPACTAÇÃO MECANIZADA. AF_05/2016","M3","33,66"]
[94327,"ATERRO MECANIZADO DE VALA COM ESCAVADEIRA HIDRÁULICA (CAPACIDADE DA CAÇAMBA: 0,8 M³ / POTÊNCIA: 111 HP), LARGURA DE 1,5 A 2,5 M, PROFUNDIDADE ATÉ 1,5 M, COM AREIA PARA ATERRO. AF_05/2016","M3","60,13"]
[94328,"ATERRO MECANIZADO DE VALA COM ESCAVADEIRA HIDRÁULICA (CAPACIDADE DA CAÇAMBA: 0,8 M³ / POTÊNCIA: 111 HP), LARGURA ATÉ 1,5 M, PROFUNDIDADE DE 1,5 A 3,0 M, COM AREIA PARA ATERRO. AF_05/2016","M3","57,51"]
[94329,"ATERRO MECANIZADO DE VALA COM ESCAVADEIRA HIDRÁULICA (CAPACIDADE DA CAÇAMBA: 0,8 M³ / POTÊNCIA: 111 HP), LARGURA DE 1,5 A 2,5 M, PROFUNDIDADE DE 1,5 A 3,0 M, COM AREIA PARA ATERRO. AF_05/2016","M3","54,19"]
[94330,"ATERRO MECANIZADO DE VALA COM ESCAVADEIRA HIDRÁULICA (CAPACIDADE DA CAÇAMBA: 0,8 M³ / POTÊNCIA: 111 HP), LARGURA ATÉ 1,5 M, PROFUNDIDADE DE 3,0 A 4,5 M, COM AREIA PARA ATERRO. AF_05/2016","M3","54,94"]
[94331,"ATERRO MECANIZADO DE VALA COM ESCAVADEIRA HIDRÁULICA (CAPACIDADE DA CAÇAMBA: 0,8 M³ / POTÊNCIA: 111 HP), LARGURA DE 1,5 A 2,5 M, PROFUNDIDADE DE 3,0 A 4,5 M, COM AREIA PARA ATERRO. AF_05/2016","M3","52,94"]
[94332,"ATERRO MECANIZADO DE VALA COM ESCAVADEIRA HIDRÁULICA (CAPACIDADE DA CAÇAMBA: 0,8 M³ / POTÊNCIA: 111 HP), LARGURA ATÉ 1,5 M, PROFUNDIDADE DE 4,5 A 6,0 M, COM AREIA PARA ATERRO. AF_05/2016","M3","53,84"]
[94333,"ATERRO MECANIZADO DE VALA COM ESCAVADEIRA HIDRÁULICA (CAPACIDADE DA CAÇAMBA: 0,8 M³ / POTÊNCIA: 111 HP), LARGURA DE 1,5 A 2,5 M, PROFUNDIDADE DE 4,5 A 6,0 M, COM AREIA PARA ATERRO. AF_05/2016","M3","52,33"]
[94338,"ATERRO MECANIZADO DE VALA COM RETROESCAVADEIRA (CAPACIDADE DA CAÇAMBA DA RETRO: 0,26 M³ / POTÊNCIA: 88 HP), LARGURA ATÉ 0,8 M, PROFUNDIDADE ATÉ 1,5 M, COM AREIA PARA ATERRO. AF_05/2016","M3","66,53"]
[94339,"ATERRO MECANIZADO DE VALA COM RETROESCAVADEIRA (CAPACIDADE DA CAÇAMBA DA RETRO: 0,26 M³ / POTÊNCIA: 88 HP), LARGURA DE 0,8 A 1,5 M, PROFUNDIDADE ATÉ 1,5 M, COM AREIA PARA ATERRO. AF_05/2016","M3","60,13"]
[94340,"ATERRO MECANIZADO DE VALA COM RETROESCAVADEIRA (CAPACIDADE DA CAÇAMBA DA RETRO: 0,26 M³ / POTÊNCIA: 88 HP), LARGURA ATÉ 0,8 M, PROFUNDIDADE DE 1,5 A 3,0 M, COM AREIA PARA ATERRO. AF_05/2016","M3","57,29"]
[94341,"ATERRO MECANIZADO DE VALA COM RETROESCAVADEIRA (CAPACIDADE DA CAÇAMBA DA RETRO: 0,26 M³ / POTÊNCIA: 88 HP), LARGURA DE 0,8 A 1,5 M, PROFUNDIDADE DE 1,5 A 3,0 M, COM AREIA PARA ATERRO. AF_05/2016","M3","53,65"]
[94342,"ATERRO MANUAL DE VALAS COM AREIA PARA ATERRO E COMPACTAÇÃO MECANIZADA. AF_05/2016","M3","68,41"]
[96385,"EXECUÇÃO E COMPACTAÇÃO DE ATERRO COM SOLO PREDOMINANTEMENTE ARGILOSO - EXCLUSIVE ESCAVAÇÃO, CARGA E TRANSPORTE E SOLO. AF_09/2017","M3","5,16"]
[96386,"EXECUÇÃO E COMPACTAÇÃO DE ATERRO COM SOLO PREDOMINANTEMENTE ARENOSO - EXCLUSIVE ESCAVAÇÃO, CARGA E TRANSPORTE E SOLO. AF_09/2017","M3","4,94"]
[83346,"UMEDECIMENTO DE MATERIAL PARA FECHAMENTO DE VALAS.","M3","0,89"]
[93360,"REATERRO MECANIZADO DE VALA COM ESCAVADEIRA HIDRÁULICA (CAPACIDADE DA CAÇAMBA: 0,8 M³ / POTÊNCIA: 111 HP), LARGURA DE 1,5 A 2,5 M, PROFUNDIDADE ATÉ 1,5 M, COM SOLO DE 1ª CATEGORIA EM LOCAIS COM ALTO NÍVEL DE INTERFERÊNCIA. AF_04/2016","M3","14,25"]
[93361,"REATERRO MECANIZADO DE VALA COM ESCAVADEIRA HIDRÁULICA (CAPACIDADE DA CAÇAMBA: 0,8 M³ / POTÊNCIA: 111 HP), LARGURA ATÉ 1,5 M, PROFUNDIDADE DE 1,5 A 3,0 M, COM SOLO DE 1ª CATEGORIA EM LOCAIS COM ALTO NÍVEL DE INTERFERÊNCIA. AF_04/2016","M3","11,70"]
[93362,"REATERRO MECANIZADO DE VALA COM ESCAVADEIRA HIDRÁULICA (CAPACIDADE DA CAÇAMBA: 0,8 M³ / POTÊNCIA: 111 HP), LARGURA DE 1,5 A 2,5 M, PROFUNDIDADE DE 1,5 A 3,0 M, COM SOLO DE 1ª CATEGORIA EM LOCAIS COM ALTO NÍVEL DE INTERFERÊNCIA. AF_04/2016","M3","8,32"]
[93363,"REATERRO MECANIZADO DE VALA COM ESCAVADEIRA HIDRÁULICA (CAPACIDADE DA CAÇAMBA: 0,8 M³ / POTÊNCIA: 111 HP), LARGURA ATÉ 1,5 M, PROFUNDIDADE DE 3,0 A 4,5 M COM SOLO DE 1ª CATEGORIA EM LOCAIS COM ALTO NÍVEL DE INTERFERÊNCIA. AF_04/2016","M3","9,06"]
[93364,"REATERRO MECANIZADO DE VALA COM ESCAVADEIRA HIDRÁULICA (CAPACIDADE DA CAÇAMBA: 0,8 M³ / POTÊNCIA: 111 HP), LARGURA DE 1,5 A 2,5 M, PROFUNDIDADE DE 3,0  A 4,5 M, COM SOLO (SEM SUBSTITUIÇÃO) DE 1ª CATEGORIA EM LOCAIS COM ALTO NÍVEL DE INTERFERÊNCIA. AF_04/2016","M3","7,06"]
[93365,"REATERRO MECANIZADO DE VALA COM ESCAVADEIRA HIDRÁULICA (CAPACIDADE DA CAÇAMBA: 0,8 M³ / POTÊNCIA: 111 HP), LARGURA ATÉ 1,5 M, PROFUNDIDADE DE 4,5 A 6,0 M, COM SOLO DE 1ª CATEGORIA EM LOCAIS COM ALTO NÍVEL DE INTERFERÊNCIA. AF_04/2016","M3","7,90"]
[93366,"REATERRO MECANIZADO DE VALA COM ESCAVADEIRA HIDRÁULICA (CAPACIDADE DA CAÇAMBA: 0,8 M³ / POTÊNCIA: 111 HP), LARGURA DE 1,5 A 2,5 M, PROFUNDIDADE DE 4,5 A 6,0 M, COM SOLO DE 1ª CATEGORIA EM LOCAIS COM ALTO NÍVEL DE INTERFERÊNCIA. AF_04/2016","M3","6,45"]
[93367,"REATERRO MECANIZADO DE VALA COM ESCAVADEIRA HIDRÁULICA (CAPACIDADE DA CAÇAMBA: 0,8 M³ / POTÊNCIA: 111 HP), LARGURA DE 1,5 A 2,5 M, PROFUNDIDADE ATÉ 1,5 M, COM SOLO DE 1ª CATEGORIA EM LOCAIS COM BAIXO NÍVEL DE INTERFERÊNCIA. AF_04/2016","M3","13,35"]
[93368,"REATERRO MECANIZADO DE VALA COM ESCAVADEIRA HIDRÁULICA (CAPACIDADE DA CAÇAMBA: 0,8 M³ / POTÊNCIA: 111 HP), LARGURA ATÉ 1,5 M, PROFUNDIDADE DE 1,5 A 3,0 M, COM SOLO DE 1ª CATEGORIA EM LOCAIS COM BAIXO NÍVEL DE INTERFERÊNCIA. AF_04/2016","M3","10,74"]
[93369,"REATERRO MECANIZADO DE VALA COM ESCAVADEIRA HIDRÁULICA (CAPACIDADE DA CAÇAMBA: 0,8 M³ / POTÊNCIA: 111 HP), LARGURA DE 1,5 A 2,5 M, PROFUNDIDADE DE 1,5 A 3,0 M, COM SOLO (SEM SUBSTITUIÇÃO) DE 1ª CATEGORIA EM LOCAIS COM BAIXO NÍVEL DE INTERFERÊNCIA. AF_04/2016","M3","7,42"]
[93370,"REATERRO MECANIZADO DE VALA COM ESCAVADEIRA HIDRÁULICA (CAPACIDADE DA CAÇAMBA: 0,8 M³ / POTÊNCIA: 111 HP), LARGURA ATÉ 1,5 M, PROFUNDIDADE DE 3,0 A 4,5 M, COM SOLO DE 1ª CATEGORIA EM LOCAIS COM BAIXO NÍVEL DE INTERFERÊNCIA. AF_04/2016","M3","8,17"]
[93371,"REATERRO MECANIZADO DE VALA COM ESCAVADEIRA HIDRÁULICA (CAPACIDADE DA CAÇAMBA: 0,8 M³ / POTÊNCIA: 111 HP), LARGURA DE 1,5 A 2,5 M, PROFUNDIDADE DE 3,0 A 4,5 M, COM SOLO (SEM SUBSTITUIÇÃO) DE 1ª CATEGORIA EM LOCAIS COM BAIXO NÍVEL DE INTERFERÊNCIA. AF_04/2016","M3","6,17"]
[93372,"REATERRO MECANIZADO DE VALA COM ESCAVADEIRA HIDRÁULICA (CAPACIDADE DA CAÇAMBA: 0,8 M³ / POTÊNCIA: 111 HP), LARGURA ATÉ 1,5 M, PROFUNDIDADE DE 4,5 A 6,0 M, COM SOLO DE 1ª CATEGORIA EM LOCAIS COM BAIXO NÍVEL DE INTERFERÊNCIA. AF_04/2016","M3","7,07"]
[93373,"REATERRO MECANIZADO DE VALA COM ESCAVADEIRA HIDRÁULICA (CAPACIDADE DA CAÇAMBA: 0,8 M³ / POTÊNCIA: 111 HP), LARGURA DE 1,5 A 2,5 M, PROFUNDIDADE DE 4,5 A 6,0 M, COM SOLO (SEM SUBSTITUIÇÃO) DE 1ª CATEGORIA EM LOCAIS COM BAIXO NÍVEL DE INTERFERÊNCIA. AF_04/2016","M3","5,57"]
[93374,"REATERRO MECANIZADO DE VALA COM RETROESCAVADEIRA (CAPACIDADE DA CAÇAMBA DA RETRO: 0,26 M³ / POTÊNCIA: 88 HP), LARGURA ATÉ 0,8 M, PROFUNDIDADE ATÉ 1,5 M, COM SOLO (SEM SUBSTITUIÇÃO) DE 1ª CATEGORIA EM LOCAIS COM ALTO NÍVEL DE INTERFERÊNCIA. AF_04/2016","M3","17,91"]
[93375,"REATERRO MECANIZADO DE VALA COM RETROESCAVADEIRA (CAPACIDADE DA CAÇAMBA DA RETRO: 0,26 M³ / POTÊNCIA: 88 HP), LARGURA DE 0,8 A 1,5 M, PROFUNDIDADE ATÉ 1,5 M, COM SOLO DE 1ª CATEGORIA EM LOCAIS COM ALTO NÍVEL DE INTERFERÊNCIA. AF_04/2016","M3","13,75"]
[93376,"REATERRO MECANIZADO DE VALA COM RETROESCAVADEIRA (CAPACIDADE DA CAÇAMBA DA RETRO: 0,26 M³ / POTÊNCIA: 88 HP), LARGURA ATÉ 0,8 M, PROFUNDIDADE DE 1,5 A 3,0 M, COM SOLO DE 1ª CATEGORIA EM LOCAIS COM ALTO NÍVEL DE INTERFERÊNCIA. AF_04/2016","M3","11,18"]
[93377,"REATERRO MECANIZADO DE VALA COM RETROESCAVADEIRA (CAPACIDADE DA CAÇAMBA DA RETRO: 0,26 M³ / POTÊNCIA: 88 HP), LARGURA DE 0,8 A 1,5 M, PROFUNDIDADE DE 1,5 A 3,0 M, COM SOLO (SEM SUBSTITUIÇÃO) DE 1ª CATEGORIA EM LOCAIS COM ALTO NÍVEL DE INTERFERÊNCIA. AF_04/2016","M3","7,37"]
[93378,"REATERRO MECANIZADO DE VALA COM RETROESCAVADEIRA (CAPACIDADE DA CAÇAMBA DA RETRO: 0,26 M³ / POTÊNCIA: 88 HP), LARGURA ATÉ 0,8 M, PROFUNDIDADE ATÉ 1,5 M, COM SOLO DE 1ª CATEGORIA EM LOCAIS COM BAIXO NÍVEL DE INTERFERÊNCIA. AF_04/2016","M3","16,79"]
[93379,"REATERRO MECANIZADO DE VALA COM RETROESCAVADEIRA (CAPACIDADE DA CAÇAMBA DA RETRO: 0,26 M³ / POTÊNCIA: 88 HP), LARGURA DE 0,8 A 1,5 M, PROFUNDIDADE ATÉ 1,5 M, COM SOLO DE 1ª CATEGORIA EM LOCAIS COM BAIXO NÍVEL DE INTERFERÊNCIA. AF_04/2016","M3","12,89"]
[93380,"REATERRO MECANIZADO DE VALA COM RETROESCAVADEIRA (CAPACIDADE DA CAÇAMBA DA RETRO: 0,26 M³ / POTÊNCIA: 88 HP), LARGURA ATÉ 0,8 M, PROFUNDIDADE DE 1,5 A 3,0 M, COM SOLO DE 1ª CATEGORIA EM LOCAIS COM BAIXO NÍVEL DE INTERFERÊNCIA. AF_04/2016","M3","10,51"]
[93381,"REATERRO MECANIZADO DE VALA COM RETROESCAVADEIRA (CAPACIDADE DA CAÇAMBA DA RETRO: 0,26 M³ / POTÊNCIA: 88 HP), LARGURA DE 0,8 A 1,5 M, PROFUNDIDADE DE 1,5 A 3,0 M, COM SOLO (SEM SUBSTITUIÇÃO) DE 1ª CATEGORIA EM LOCAIS COM BAIXO NÍVEL DE INTERFERÊNCIA. AF_04/2016","M3","6,88"]
[93382,"REATERRO MANUAL DE VALAS COM COMPACTAÇÃO MECANIZADA. AF_04/2016","M3","21,64"]
[96995,"REATERRO MANUAL APILOADO COM SOQUETE. AF_10/2017","M3","32,06"]
[72838,"TRANSPORTE COMERCIAL COM CAMINHAO CARROCERIA 9 T, RODOVIA EM LEITO NATURAL","TXKM","0,88"]
[72839,"TRANSPORTE COMERCIAL COM CAMINHAO CARROCERIA 9 T, RODOVIA COM REVESTIMENTO PRIMARIO","TXKM","0,71"]
[72840,"TRANSPORTE COMERCIAL COM CAMINHAO CARROCERIA 9 T, RODOVIA PAVIMENTADA","TXKM","0,59"]
[72844,"CARGA, MANOBRAS E DESCARGA DE AREIA, BRITA, PEDRA DE MAO E SOLOS COM CAMINHAO BASCULANTE 6 M3 (DESCARGA LIVRE)","T","0,77"]
[72845,"CARGA, MANOBRAS E DESCARGA DE BRITA PARA TRATAMENTOS SUPERFICIAIS, COM CAMINHAO BASCULANTE 6 M3","T","4,62"]
[72846,"CARGA, MANOBRAS E DESCARGA DE MISTURA BETUMINOSA A QUENTE, COM CAMINHAO BASCULANTE 6 M3","T","3,82"]
[72847,"CARGA, MANOBRAS E DESCARGA DE MISTURA BETUMINOSA A FRIO, COM CAMINHAO BASCULANTE 6 M3","T","8,23"]
[72848,"CARGA, MANOBRAS E DESCARGA DE BRITA PARA BASE DE MACADAME, COM CAMINHAO BASCULANTE 6 M3","T","2,05"]
[72849,"CARGA, MANOBRAS E DESCARGA DE MISTURAS DE SOLOS E AGREGADOS (BASES ESTABILIZADAS EM USINA) COM CAMINHAO BASCULANTE 6 M3","T","2,63"]
[72850,"CARGA, MANOBRAS E DESCARGA DE MATERIAIS DIVERSOS, COM CAMINHAO CARROCERIA 9T (CARGA E DESCARGA MANUAIS)","T","11,15"]
[72882,"TRANSPORTE COMERCIAL COM CAMINHAO CARROCERIA 9 T, RODOVIA EM LEITO NATURAL","M3XKM","1,32"]
[72883,"TRANSPORTE COMERCIAL COM CAMINHAO CARROCERIA 9 T, RODOVIA COM REVESTIMENTO PRIMARIO","M3XKM","1,05"]
[72884,"TRANSPORTE COMERCIAL COM CAMINHAO CARROCERIA 9 T, RODOVIA PAVIMENTADA","M3XKM","0,88"]
[72888,"CARGA, MANOBRAS E DESCARGA DE AREIA, BRITA, PEDRA DE MAO E SOLOS COM CAMINHAO BASCULANTE 6 M3 (DESCARGA LIVRE)","M3","1,15"]
[72890,"CARGA, MANOBRAS E DESCARGA DE BRITA PARA TRATAMENTOS SUPERFICIAIS, COM CAMINHAO BASCULANTE 6 M3, DESCARGA EM DISTRIBUIDOR","M3","6,94"]
[72891,"CARGA, MANOBRAS E DESCARGA DE MISTURA BETUMINOSA A QUENTE, COM CAMINHAO BASCULANTE 6 M3, DESCARGA EM VIBRO-ACABADORA","M3","5,73"]
[72892,"CARGA, MANOBRAS E DESCARGA DE DE MISTURA BETUMINOSA A FRIO, COM CAMINHAO BASCULANTE 6 M3, DESCARGA EM VIBRO-ACABADORA","M3","12,35"]
[72893,"CARGA, MANOBRAS E DESCARGA DE BRITA PARA BASE DE MACADAME, COM CAMINHAO BASCULANTE 6 M3, DESCARGA EM DISTRIBUIDOR","M3","3,07"]
[72894,"CARGA, MANOBRAS E DESCARGA DE MISTURAS DE SOLOS E AGREGADOS, COM CAMINHAO BASCULANTE 6 M3, DESCARGA EM DISTRIBUIDOR","M3","3,95"]
[72895,"CARGA, MANOBRAS E DESCARGA DE MATERIAIS DIVERSOS, COM CAMINHAO BASCULANTE 6M3 (CARGA E DESCARGA MANUAIS)","M3","20,83"]
[72897,"CARGA MANUAL DE ENTULHO EM CAMINHAO BASCULANTE 6 M3","M3","17,14"]
[72898,"CARGA E DESCARGA MECANIZADAS DE ENTULHO EM CAMINHAO BASCULANTE 6 M3","M3","3,87"]
[72899,"TRANSPORTE DE ENTULHO COM CAMINHÃO BASCULANTE 6 M3, RODOVIA PAVIMENTADA, DMT ATE 0,5 KM","M3","5,38"]
[72900,"TRANSPORTE DE ENTULHO COM CAMINHAO BASCULANTE 6 M3, RODOVIA PAVIMENTADA, DMT 0,5 A 1,0 KM","M3","5,92"]
["74010/1","CARGA E DESCARGA MECANICA DE SOLO UTILIZANDO CAMINHAO BASCULANTE 6,0M3/16T E PA CARREGADEIRA SOBRE PNEUS 128 HP, CAPACIDADE DA CAÇAMBA 1,7 A 2,8 M3, PESO OPERACIONAL 11632 KG","M3","1,69"]
["74241/1","EMPILHAMENTO DE SOLO ORGANICO RETIRADO NA AREA DO ATERRO COM TRATOR SOBRE ESTEIRAS D6","M3","2,95"]
[83356,"TRANSPORTE COMERCIAL DE BRITA","M3XKM","0,78"]
[83358,"TRANSPORTE DE PAVIMENTACAO REMOVIDA (RODOVIAS NAO URBANAS)","M3XKM","1,61"]
[95303,"TRANSPORTE COM CAMINHÃO BASCULANTE 10 M3 DE MASSA ASFALTICA PARA PAVIMENTAÇÃO URBANA","M3XKM","1,00"]
[97912,"TRANSPORTE COM CAMINHÃO BASCULANTE DE 6 M3, EM VIA URBANA EM LEITO NATURAL (UNIDADE: M3XKM). AF_01/2018","M3XKM","2,15"]
[97913,"TRANSPORTE COM CAMINHÃO BASCULANTE DE 6 M3, EM VIA URBANA EM REVESTIMENTO PRIMÁRIO (UNIDADE: M3XKM). AF_01/2018","M3XKM","1,64"]
[97914,"TRANSPORTE COM CAMINHÃO BASCULANTE DE 6 M3, EM VIA URBANA PAVIMENTADA, DMT ATÉ 30 KM (UNIDADE: M3XKM). AF_01/2018","M3XKM","1,53"]
[97915,"TRANSPORTE COM CAMINHÃO BASCULANTE DE 6 M3, EM VIA URBANA PAVIMENTADA, DMT ACIMA DE 30 KM (UNIDADE: M3XKM). AF_01/2018","M3XKM","1,09"]
[97916,"TRANSPORTE COM CAMINHÃO BASCULANTE DE 6 M3, EM VIA URBANA EM LEITO NATURAL (UNIDADE: TXKM). AF_01/2018","TXKM","1,43"]
[97917,"TRANSPORTE COM CAMINHÃO BASCULANTE DE 6 M3, EM VIA URBANA EM REVESTIMENTO PRIMÁRIO (UNIDADE: TXKM). AF_01/2018","TXKM","1,09"]
[97918,"TRANSPORTE COM CAMINHÃO BASCULANTE DE 6 M3, EM VIA URBANA PAVIMENTADA, DMT ATÉ 30 KM (UNIDADE: TXKM). AF_01/2018","TXKM","1,02"]
[97919,"TRANSPORTE COM CAMINHÃO BASCULANTE DE 6 M3, EM VIA URBANA PAVIMENTADA, DMT ACIMA DE 30 KM (UNIDADE: TXKM). AF_01/2018","TXKM","0,72"]
[94097,"PREPARO DE FUNDO DE VALA COM LARGURA MENOR QUE 1,5 M, EM LOCAL COM NÍVEL BAIXO DE INTERFERÊNCIA. AF_06/2016","M2","3,96"]
[94098,"PREPARO DE FUNDO DE VALA  COM LARGURA MENOR QUE 1,5 M, EM LOCAL COM NÍVEL ALTO DE INTERFERÊNCIA. AF_06/2016","M2","4,52"]
[94099,"PREPARO DE FUNDO DE VALA COM LARGURA MAIOR OU IGUAL A 1,5 M E MENOR QUE 2,5 M, EM LOCAL COM NÍVEL BAIXO DE INTERFERÊNCIA. AF_06/2016","M2","1,99"]
[94100,"PREPARO DE FUNDO DE VALA  COM LARGURA MAIOR OU IGUAL A 1,5 M E MENOR QUE 2,5 M, EM LOCAL COM NÍVEL ALTO DE INTERFERÊNCIA. AF_06/2016","M2","2,54"]
[94102,"LASTRO DE VALA COM PREPARO DE FUNDO, LARGURA MENOR QUE 1,5 M, COM CAMADA DE AREIA, LANÇAMENTO MANUAL, EM LOCAL COM NÍVEL BAIXO DE INTERFERÊNCIA. AF_06/2016","M3","112,18"]
[94103,"LASTRO DE VALA COM PREPARO DE FUNDO, LARGURA MENOR QUE 1,5 M, COM CAMADA DE BRITA, LANÇAMENTO MANUAL, EM LOCAL COM NÍVEL BAIXO DE INTERFERÊNCIA. AF_06/2016","M3","159,31"]
[94104,"LASTRO DE VALA COM PREPARO DE FUNDO, LARGURA MENOR QUE 1,5 M, COM CAMADA DE AREIA, LANÇAMENTO MANUAL, EM LOCAL COM NÍVEL ALTO DE INTERFERÊNCIA. AF_06/2016","M3","115,30"]
[94105,"LASTRO DE VALA COM PREPARO DE FUNDO, LARGURA MENOR QUE 1,5 M, COM CAMADA DE BRITA, LANÇAMENTO MANUAL, EM LOCAL COM NÍVEL ALTO DE INTERFERÊNCIA. AF_06/2016","M3","162,45"]
[94106,"LASTRO COM PREPARO DE FUNDO, LARGURA MAIOR OU IGUAL A 1,5 M, COM CAMADA DE AREIA, LANÇAMENTO MANUAL, EM LOCAL COM NÍVEL BAIXO DE INTERFERÊNCIA. AF_06/2016","M3","96,10"]
[94107,"LASTRO COM PREPARO DE FUNDO, LARGURA MAIOR OU IGUAL A 1,5 M, COM CAMADA DE BRITA, LANÇAMENTO MANUAL, EM LOCAL COM NÍVEL BAIXO DE INTERFERÊNCIA. AF_06/2016","M3","143,23"]
[94108,"LASTRO COM PREPARO DE FUNDO, LARGURA MAIOR OU IGUAL A 1,5 M, COM CAMADA DE AREIA, LANÇAMENTO MANUAL, EM LOCAL COM NÍVEL ALTO DE INTERFERÊNCIA. AF_06/2016","M3","99,23"]
[94110,"LASTRO COM PREPARO DE FUNDO, LARGURA MAIOR OU IGUAL A 1,5 M, COM CAMADA DE BRITA, LANÇAMENTO MANUAL, EM LOCAL COM NÍVEL ALTO DE INTERFERÊNCIA. AF_06/2016","M3","146,35"]
[94111,"LASTRO DE VALA COM PREPARO DE FUNDO, LARGURA MENOR QUE 1,5 M, COM CAMADA DE AREIA, LANÇAMENTO MECANIZADO, EM LOCAL COM NÍVEL BAIXO DE INTERFERÊNCIA. AF_06/2016","M3","95,19"]
[94112,"LASTRO DE VALA COM PREPARO DE FUNDO, LARGURA MENOR QUE 1,5 M, COM CAMADA DE BRITA, LANÇAMENTO MECANIZADO, EM LOCAL COM NÍVEL BAIXO DE INTERFERÊNCIA. AF_06/2016","M3","138,37"]
[94113,"LASTRO DE VALA COM PREPARO DE FUNDO, LARGURA MENOR QUE 1,5 M, COM CAMADA DE AREIA, LANÇAMENTO MECANIZADO, EM LOCAL COM NÍVEL ALTO DE INTERFERÊNCIA. AF_06/2016","M3","100,60"]
[94114,"LASTRO DE VALA COM PREPARO DE FUNDO, LARGURA MENOR QUE 1,5 M, COM CAMADA DE BRITA, LANÇAMENTO MECANIZADO, EM LOCAL COM NÍVEL ALTO DE INTERFERÊNCIA. AF_06/2016","M3","144,48"]
[94115,"LASTRO COM PREPARO DE FUNDO, LARGURA MAIOR OU IGUAL A 1,5 M, COM CAMADA DE AREIA, LANÇAMENTO MECANIZADO, EM LOCAL COM NÍVEL BAIXO DE INTERFERÊNCIA. AF_06/2016","M3","69,57"]
[94116,"LASTRO COM PREPARO DE FUNDO, LARGURA MAIOR OU IGUAL A 1,5 M, COM CAMADA DE BRITA, LANÇAMENTO MECANIZADO, EM LOCAL COM NÍVEL BAIXO DE INTERFERÊNCIA. AF_06/2016","M3","109,07"]
[94117,"LASTRO COM PREPARO DE FUNDO, LARGURA MAIOR OU IGUAL A 1,5 M, COM CAMADA DE AREIA, LANÇAMENTO MECANIZADO, EM LOCAL COM NÍVEL ALTO DE INTERFERÊNCIA. AF_06/2016","M3","74,59"]
[94118,"LASTRO COM PREPARO DE FUNDO, LARGURA MAIOR OU IGUAL A 1,5 M, COM CAMADA DE BRITA, LANÇAMENTO MECANIZADO, EM LOCAL COM NÍVEL ALTO DE INTERFERÊNCIA. AF_06/2016","M3","114,98"]
[6514,"FORNECIMENTO E LANCAMENTO DE BRITA N. 4","M3","77,60"]
[88549,"FORNECIMENTO E ASSENTAMENTO DE BRITA 2-DRENOS E FILTROS   MM","M3","59,99"]
[41721,"COMPACTACAO MECANICA A 95% DO PROCTOR NORMAL - PAVIMENTACAO URBANA","M3","2,96"]
[41722,"COMPACTACAO MECANICA A 100% DO PROCTOR NORMAL - PAVIMENTACAO URBANA","M3","4,26"]
["74005/1","COMPACTACAO MECANICA, SEM CONTROLE DO GC (C/COMPACTADOR PLACA 400 KG)","M3","3,95"]
["74005/2","COMPACTACAO MECANICA C/ CONTROLE DO GC>=95% DO PN (AREAS) (C/MONIVELADORA 140 HP E ROLO COMPRESSOR VIBRATORIO 80 HP)","M3","5,10"]
["74034/1","ESPALHAMENTO DE MATERIAL DE 1A CATEGORIA COM TRATOR DE ESTEIRA COM 153HP","M3","1,61"]
[83344,"ESPALHAMENTO DE MATERIAL EM BOTA FORA, COM UTILIZACAO DE TRATOR DE ESTEIRAS DE 165 HP","M3","0,85"]
[95606,"UMIDIFICAÇÃO DE MATERIAL PARA VALAS COM CAMINHÃO PIPA 10000L. AF_11/2016","M3","1,20"]
[72131,"ALVENARIA EM TIJOLO CERAMICO MACICO 5X10X20CM 1 VEZ (ESPESSURA 20CM), ASSENTADO COM ARGAMASSA TRACO 1:2:8 (CIMENTO, CAL E AREIA)","M2","103,13"]
[72132,"ALVENARIA EM TIJOLO CERAMICO MACICO 5X10X20CM 1/2 VEZ (ESPESSURA 10CM), ASSENTADO COM ARGAMASSA TRACO 1:2:8 (CIMENTO, CAL E AREIA)","M2","53,19"]
[72133,"ALVENARIA EM TIJOLO CERAMICO MACICO 5X10X20CM 1 1/2 VEZ (ESPESSURA 30CM), ASSENTADO COM ARGAMASSA TRACO 1:2:8 (CIMENTO, CAL E AREIA)","M2","182,59"]
[87471,"ALVENARIA DE VEDAÇÃO DE BLOCOS CERÂMICOS FURADOS NA VERTICAL DE 9X19X39CM (ESPESSURA 9CM) DE PAREDES COM ÁREA LÍQUIDA MENOR QUE 6M² SEM VÃOS E ARGAMASSA DE ASSENTAMENTO COM PREPARO EM BETONEIRA. AF_06/2014","M2","33,68"]
[87472,"ALVENARIA DE VEDAÇÃO DE BLOCOS CERÂMICOS FURADOS NA VERTICAL DE 9X19X39CM (ESPESSURA 9CM) DE PAREDES COM ÁREA LÍQUIDA MENOR QUE 6M² SEM VÃOS E ARGAMASSA DE ASSENTAMENTO COM PREPARO MANUAL. AF_06/2014","M2","34,40"]
[87473,"ALVENARIA DE VEDAÇÃO DE BLOCOS CERÂMICOS FURADOS NA VERTICAL DE 14X19X39CM (ESPESSURA 14CM) DE PAREDES COM ÁREA LÍQUIDA MENOR QUE 6M² SEM VÃOS E ARGAMASSA DE ASSENTAMENTO COM PREPARO EM BETONEIRA. AF_06/2014","M2","46,70"]
[87474,"ALVENARIA DE VEDAÇÃO DE BLOCOS CERÂMICOS FURADOS NA VERTICAL DE 14X19X39CM (ESPESSURA 14CM) DE PAREDES COM ÁREA LÍQUIDA MENOR QUE 6M² SEM VÃOS E ARGAMASSA DE ASSENTAMENTO COM PREPARO MANUAL. AF_06/2014","M2","47,51"]
[87475,"ALVENARIA DE VEDAÇÃO DE BLOCOS CERÂMICOS FURADOS NA VERTICAL DE 19X19X39CM (ESPESSURA 19CM) DE PAREDES COM ÁREA LÍQUIDA MENOR QUE 6M² SEM VÃOS E ARGAMASSA DE ASSENTAMENTO COM PREPARO EM BETONEIRA. AF_06/2014","M2","54,91"]
[87476,"ALVENARIA DE VEDAÇÃO DE BLOCOS CERÂMICOS FURADOS NA VERTICAL DE 19X19X39CM (ESPESSURA 19CM) DE PAREDES COM ÁREA LÍQUIDA MENOR QUE 6M² SEM VÃOS E ARGAMASSA DE ASSENTAMENTO COM PREPARO MANUAL. AF_06/2014","M2","55,86"]
[87477,"ALVENARIA DE VEDAÇÃO DE BLOCOS CERÂMICOS FURADOS NA VERTICAL DE 9X19X39CM (ESPESSURA 9CM) DE PAREDES COM ÁREA LÍQUIDA MAIOR OU IGUAL A 6M² SEM VÃOS E ARGAMASSA DE ASSENTAMENTO COM PREPARO EM BETONEIRA. AF_06/2014","M2","30,43"]
[87478,"ALVENARIA DE VEDAÇÃO DE BLOCOS CERÂMICOS FURADOS NA VERTICAL DE 9X19X39CM (ESPESSURA 9CM) DE PAREDES COM ÁREA LÍQUIDA MAIOR OU IGUAL A 6M² SEM VÃOS E ARGAMASSA DE ASSENTAMENTO COM PREPARO MANUAL. AF_06/2014","M2","31,15"]
[87479,"ALVENARIA DE VEDAÇÃO DE BLOCOS CERÂMICOS FURADOS NA VERTICAL DE 14X19X39CM (ESPESSURA 14CM) DE PAREDES COM ÁREA LÍQUIDA MAIOR OU IGUAL A 6M² SEM VÃOS E ARGAMASSA DE ASSENTAMENTO COM PREPARO EM BETONEIRA. AF_06/2014","M2","43,00"]
[87480,"ALVENARIA DE VEDAÇÃO DE BLOCOS CERÂMICOS FURADOS NA VERTICAL DE 14X19X39CM (ESPESSURA 14CM) DE PAREDES COM ÁREA LÍQUIDA MAIOR OU IGUAL A 6M² SEM VÃOS E ARGAMASSA DE ASSENTAMENTO COM PREPARO MANUAL. AF_06/2014","M2","43,81"]
[87481,"ALVENARIA DE VEDAÇÃO DE BLOCOS CERÂMICOS FURADOS NA VERTICAL DE 19X19X39CM (ESPESSURA 19CM) DE PAREDES COM ÁREA LÍQUIDA MAIOR OU IGUAL A 6M² SEM VÃOS E ARGAMASSA DE ASSENTAMENTO COM PREPARO EM BETONEIRA. AF_06/2014","M2","51,21"]
[87482,"ALVENARIA DE VEDAÇÃO DE BLOCOS CERÂMICOS FURADOS NA VERTICAL DE 19X19X39CM (ESPESSURA 19CM) DE PAREDES COM ÁREA LÍQUIDA MAIOR OU IGUAL A 6M² SEM VÃOS E ARGAMASSA DE ASSENTAMENTO COM PREPARO MANUAL. AF_06/2014","M2","52,16"]
[87483,"ALVENARIA DE VEDAÇÃO DE BLOCOS CERÂMICOS FURADOS NA VERTICAL DE 9X19X39CM (ESPESSURA 9CM) DE PAREDES COM ÁREA LÍQUIDA MENOR QUE 6M² COM VÃOS E ARGAMASSA DE ASSENTAMENTO COM PREPARO EM BETONEIRA. AF_06/2014","M2","38,67"]
[87484,"ALVENARIA DE VEDAÇÃO DE BLOCOS CERÂMICOS FURADOS NA VERTICAL DE 9X19X39CM (ESPESSURA 9CM) DE PAREDES COM ÁREA LÍQUIDA MENOR QUE 6M² COM VÃOS E ARGAMASSA DE ASSENTAMENTO COM PREPARO MANUAL. AF_06/2014","M2","39,39"]
[87485,"ALVENARIA DE VEDAÇÃO DE BLOCOS CERÂMICOS FURADOS NA VERTICAL DE 14X19X39CM (ESPESSURA 14CM) DE PAREDES COM ÁREA LÍQUIDA MENOR QUE 6M² COM VÃOS E ARGAMASSA DE ASSENTAMENTO COM PREPARO EM BETONEIRA. AF_06/2014","M2","51,80"]
[87487,"ALVENARIA DE VEDAÇÃO DE BLOCOS CERÂMICOS FURADOS NA VERTICAL DE 19X19X39CM (ESPESSURA 19CM) DE PAREDES COM ÁREA LÍQUIDA MENOR QUE 6M² COM VÃOS E ARGAMASSA DE ASSENTAMENTO COM PREPARO EM BETONEIRA. AF_06/2014","M2","59,84"]
[87488,"ALVENARIA DE VEDAÇÃO DE BLOCOS CERÂMICOS FURADOS NA VERTICAL DE 19X19X39CM (ESPESSURA 19CM) DE PAREDES COM ÁREA LÍQUIDA MENOR QUE 6M² COM VÃOS E ARGAMASSA DE ASSENTAMENTO COM PREPARO MANUAL. AF_06/2014","M2","60,79"]
[87489,"ALVENARIA DE VEDAÇÃO DE BLOCOS CERÂMICOS FURADOS NA VERTICAL DE 9X19X39CM (ESPESSURA 9CM) DE PAREDES COM ÁREA LÍQUIDA MAIOR OU IGUAL A 6M² COM VÃOS E ARGAMASSA DE ASSENTAMENTO COM PREPARO EM BETONEIRA. AF_06/2014","M2","33,31"]
[87490,"ALVENARIA DE VEDAÇÃO DE BLOCOS CERÂMICOS FURADOS NA VERTICAL DE 9X19X39CM (ESPESSURA 9CM) DE PAREDES COM ÁREA LÍQUIDA MAIOR OU IGUAL A 6M² COM VÃOS E ARGAMASSA DE ASSENTAMENTO COM PREPARO MANUAL. AF_06/2014","M2","34,03"]
[87491,"ALVENARIA DE VEDAÇÃO DE BLOCOS CERÂMICOS FURADOS NA VERTICAL DE 14X19X39CM (ESPESSURA 14CM) DE PAREDES COM ÁREA LÍQUIDA MAIOR OU IGUAL A 6M² COM VÃOS E ARGAMASSA DE ASSENTAMENTO COM PREPARO EM BETONEIRA. AF_06/2014","M2","45,96"]
[87492,"ALVENARIA DE VEDAÇÃO DE BLOCOS CERÂMICOS FURADOS NA VERTICAL DE 14X19X39CM (ESPESSURA 14CM) DE PAREDES COM ÁREA LÍQUIDA MAIOR OU IGUAL A 6M² COM VÃOS E ARGAMASSA DE ASSENTAMENTO COM PREPARO MANUAL. AF_06/2014","M2","46,77"]
[87493,"ALVENARIA DE VEDAÇÃO DE BLOCOS CERÂMICOS FURADOS NA VERTICAL DE 19X19X39CM (ESPESSURA 19CM) DE PAREDES COM ÁREA LÍQUIDA MAIOR OU IGUAL A 6M² COM VÃOS E ARGAMASSA DE ASSENTAMENTO COM PREPARO EM BETONEIRA. AF_06/2014","M2","54,26"]
[87494,"ALVENARIA DE VEDAÇÃO DE BLOCOS CERÂMICOS FURADOS NA VERTICAL DE 19X19X39CM (ESPESSURA 19CM) DE PAREDES COM ÁREA LÍQUIDA MAIOR OU IGUAL A 6M² COM VÃOS E ARGAMASSA DE ASSENTAMENTO COM PREPARO MANUAL. AF_06/2014","M2","55,21"]
[87495,"ALVENARIA DE VEDAÇÃO DE BLOCOS CERÂMICOS FURADOS NA HORIZONTAL DE 9X19X19CM (ESPESSURA 9CM) DE PAREDES COM ÁREA LÍQUIDA MENOR QUE 6M² SEM VÃOS E ARGAMASSA DE ASSENTAMENTO COM PREPARO EM BETONEIRA. AF_06/2014","M2","57,30"]
[87496,"ALVENARIA DE VEDAÇÃO DE BLOCOS CERÂMICOS FURADOS NA HORIZONTAL DE 9X19X19CM (ESPESSURA 9CM) DE PAREDES COM ÁREA LÍQUIDA MENOR QUE 6M² SEM VÃOS E ARGAMASSA DE ASSENTAMENTO COM PREPARO MANUAL. AF_06/2014","M2","57,97"]
[87497,"ALVENARIA DE VEDAÇÃO DE BLOCOS CERÂMICOS FURADOS NA HORIZONTAL DE 11,5X19X19CM (ESPESSURA 11,5CM) DE PAREDES COM ÁREA LÍQUIDA MENOR QUE 6M² SEM VÃOS E ARGAMASSA DE ASSENTAMENTO COM PREPARO EM BETONEIRA. AF_06/2014","M2","55,46"]
[87498,"ALVENARIA DE VEDAÇÃO DE BLOCOS CERÂMICOS FURADOS NA HORIZONTAL DE 11,5X19X19CM (ESPESSURA 11,5CM) DE PAREDES COM ÁREA LÍQUIDA MENOR QUE 6M² SEM VÃOS E ARGAMASSA DE ASSENTAMENTO COM PREPARO MANUAL. AF_06/2014","M2","56,31"]
[87499,"ALVENARIA DE VEDAÇÃO DE BLOCOS CERÂMICOS FURADOS NA HORIZONTAL DE 9X14X19CM (ESPESSURA 9CM) DE PAREDES COM ÁREA LÍQUIDA MENOR QUE 6M² SEM VÃOS E ARGAMASSA DE ASSENTAMENTO COM PREPARO EM BETONEIRA. AF_06/2014","M2","62,60"]
[87500,"ALVENARIA DE VEDAÇÃO DE BLOCOS CERÂMICOS FURADOS NA HORIZONTAL DE 9X14X19CM (ESPESSURA 9CM) DE PAREDES COM ÁREA LÍQUIDA MENOR QUE 6M² SEM VÃOS E ARGAMASSA DE ASSENTAMENTO COM PREPARO MANUAL. AF_06/2014","M2","63,32"]
[87501,"ALVENARIA DE VEDAÇÃO DE BLOCOS CERÂMICOS FURADOS NA HORIZONTAL DE 14X9X19CM (ESPESSURA 14CM, BLOCO DEITADO) DE PAREDES COM ÁREA LÍQUIDA MENOR QUE 6M² SEM VÃOS E ARGAMASSA DE ASSENTAMENTO COM PREPARO EM BETONEIRA. AF_06/2014","M2","97,41"]
[87502,"ALVENARIA DE VEDAÇÃO DE BLOCOS CERÂMICOS FURADOS NA HORIZONTAL DE 14X9X19CM (ESPESSURA 14CM, BLOCO DEITADO) DE PAREDES COM ÁREA LÍQUIDA MENOR QUE 6M² SEM VÃOS E ARGAMASSA DE ASSENTAMENTO COM PREPARO MANUAL. AF_06/2014","M2","98,33"]
[87503,"ALVENARIA DE VEDAÇÃO DE BLOCOS CERÂMICOS FURADOS NA HORIZONTAL DE 9X19X19CM (ESPESSURA 9CM) DE PAREDES COM ÁREA LÍQUIDA MAIOR OU IGUAL A 6M² SEM VÃOS E ARGAMASSA DE ASSENTAMENTO COM PREPARO EM BETONEIRA. AF_06/2014","M2","49,11"]
[87504,"ALVENARIA DE VEDAÇÃO DE BLOCOS CERÂMICOS FURADOS NA HORIZONTAL DE 9X19X19CM (ESPESSURA 9CM) DE PAREDES COM ÁREA LÍQUIDA MAIOR OU IGUAL A 6M² SEM VÃOS E ARGAMASSA DE ASSENTAMENTO COM PREPARO MANUAL. AF_06/2014","M2","49,78"]
[87505,"ALVENARIA DE VEDAÇÃO DE BLOCOS CERÂMICOS FURADOS NA HORIZONTAL DE 11,5X19X19CM (ESPESSURA 11,5M) DE PAREDES COM ÁREA LÍQUIDA MAIOR OU IGUAL A 6M² SEM VÃOS E ARGAMASSA DE ASSENTAMENTO COM PREPARO EM BETONEIRA. AF_06/2014","M2","47,30"]
[87506,"ALVENARIA DE VEDAÇÃO DE BLOCOS CERÂMICOS FURADOS NA HORIZONTAL DE 11,5X19X19CM (ESPESSURA 11,5M) DE PAREDES COM ÁREA LÍQUIDA MAIOR OU IGUAL A 6M² SEM VÃOS E ARGAMASSA DE ASSENTAMENTO COM PREPARO MANUAL. AF_06/2014","M2","48,15"]
[87507,"ALVENARIA DE VEDAÇÃO DE BLOCOS CERÂMICOS FURADOS NA HORIZONTAL DE 9X14X19CM (ESPESSURA 9CM) DE PAREDES COM ÁREA LÍQUIDA MAIOR OU IGUAL A 6M² SEM VÃOS E ARGAMASSA DE ASSENTAMENTO COM PREPARO EM BETONEIRA. AF_06/2014","M2","51,78"]
[87508,"ALVENARIA DE VEDAÇÃO DE BLOCOS CERÂMICOS FURADOS NA HORIZONTAL DE 9X14X19CM (ESPESSURA 9CM) DE PAREDES COM ÁREA LÍQUIDA MAIOR OU IGUAL A 6M² SEM VÃOS E ARGAMASSA DE ASSENTAMENTO COM PREPARO MANUAL. AF_06/2014","M2","52,50"]
[87509,"ALVENARIA DE VEDAÇÃO DE BLOCOS CERÂMICOS FURADOS NA HORIZONTAL DE 14X9X19CM (ESPESSURA 14CM, BLOCO DEITADO) DE PAREDES COM ÁREA LÍQUIDA MAIOR OU IGUAL A 6M² SEM VÃOS E ARGAMASSA DE ASSENTAMENTO COM PREPARO EM BETONEIRA. AF_06/2014","M2","79,82"]
[87510,"ALVENARIA DE VEDAÇÃO DE BLOCOS CERÂMICOS FURADOS NA HORIZONTAL DE 14X9X19CM (ESPESSURA 14CM, BLOCO DEITADO) DE PAREDES COM ÁREA LÍQUIDA MAIOR OU IGUAL A 6M² SEM VÃOS E ARGAMASSA DE ASSENTAMENTO COM PREPARO MANUAL. AF_06/2014","M2","80,74"]
[87511,"ALVENARIA DE VEDAÇÃO DE BLOCOS CERÂMICOS FURADOS NA HORIZONTAL DE 9X19X19CM (ESPESSURA 9CM) DE PAREDES COM ÁREA LÍQUIDA MENOR QUE 6M² COM VÃOS E ARGAMASSA DE ASSENTAMENTO COM PREPARO EM BETONEIRA. AF_06/2014","M2","64,31"]
[87512,"ALVENARIA DE VEDAÇÃO DE BLOCOS CERÂMICOS FURADOS NA HORIZONTAL DE 9X19X19CM (ESPESSURA 9CM) DE PAREDES COM ÁREA LÍQUIDA MENOR QUE 6M² COM VÃOS E ARGAMASSA DE ASSENTAMENTO COM PREPARO MANUAL. AF_06/2014","M2","64,98"]
[87513,"ALVENARIA DE VEDAÇÃO DE BLOCOS CERÂMICOS FURADOS NA HORIZONTAL DE 11,5X19X19CM (ESPESSURA 11,5CM) DE PAREDES COM ÁREA LÍQUIDA MENOR QUE 6M² COM VÃOS E ARGAMASSA DE ASSENTAMENTO COM PREPARO EM BETONEIRA. AF_06/2014","M2","62,74"]
[87514,"ALVENARIA DE VEDAÇÃO DE BLOCOS CERÂMICOS FURADOS NA HORIZONTAL DE 11,5X19X19CM (ESPESSURA 11,5CM) DE PAREDES COM ÁREA LÍQUIDA MENOR QUE 6M² COM VÃOS E ARGAMASSA DE ASSENTAMENTO COM PREPARO MANUAL. AF_06/2014","M2","63,59"]
[87515,"ALVENARIA DE VEDAÇÃO DE BLOCOS CERÂMICOS FURADOS NA HORIZONTAL DE 9X14X19CM (ESPESSURA 9CM) DE PAREDES COM ÁREA LÍQUIDA MENOR QUE 6M² COM VÃOS E ARGAMASSA DE ASSENTAMENTO COM PREPARO EM BETONEIRA. AF_06/2014","M2","72,35"]
[87516,"ALVENARIA DE VEDAÇÃO DE BLOCOS CERÂMICOS FURADOS NA HORIZONTAL DE 9X14X19CM (ESPESSURA 9CM) DE PAREDES COM ÁREA LÍQUIDA MENOR QUE 6M² COM VÃOS E ARGAMASSA DE ASSENTAMENTO COM PREPARO MANUAL. AF_06/2014","M2","73,07"]
[87517,"ALVENARIA DE VEDAÇÃO DE BLOCOS CERÂMICOS FURADOS NA HORIZONTAL DE 14X9X19CM (ESPESSURA 14CM, BLOCO DEITADO) DE PAREDES COM ÁREA LÍQUIDA MENOR QUE 6M² COM VÃOS E ARGAMASSA DE ASSENTAMENTO COM PREPARO EM BETONEIRA. AF_06/2014","M2","112,56"]
[87518,"ALVENARIA DE VEDAÇÃO DE BLOCOS CERÂMICOS FURADOS NA HORIZONTAL DE 14X9X19CM (ESPESSURA 14CM, BLOCO DEITADO) DE PAREDES COM ÁREA LÍQUIDA MENOR QUE 6M² COM VÃOS E ARGAMASSA DE ASSENTAMENTO COM PREPARO MANUAL. AF_06/2014","M2","113,48"]
[87519,"ALVENARIA DE VEDAÇÃO DE BLOCOS CERÂMICOS FURADOS NA HORIZONTAL DE 9X19X19CM (ESPESSURA 9CM) DE PAREDES COM ÁREA LÍQUIDA MAIOR OU IGUAL A 6M² COM VÃOS E ARGAMASSA DE ASSENTAMENTO COM PREPARO EM BETONEIRA. AF_06/2014","M2","53,53"]
[87520,"ALVENARIA DE VEDAÇÃO DE BLOCOS CERÂMICOS FURADOS NA HORIZONTAL DE 9X19X19CM (ESPESSURA 9CM) DE PAREDES COM ÁREA LÍQUIDA MAIOR OU IGUAL A 6M² COM VÃOS E ARGAMASSA DE ASSENTAMENTO COM PREPARO MANUAL. AF_06/2014","M2","54,20"]
[87521,"ALVENARIA DE VEDAÇÃO DE BLOCOS CERÂMICOS FURADOS NA HORIZONTAL DE 11,5X19X19CM (ESPESSURA 11,5CM) DE PAREDES COM ÁREA LÍQUIDA MAIOR OU IGUAL A 6M² COM VÃOS E ARGAMASSA DE ASSENTAMENTO COM PREPARO EM BETONEIRA. AF_06/2014","M2","51,76"]
[87522,"ALVENARIA DE VEDAÇÃO DE BLOCOS CERÂMICOS FURADOS NA HORIZONTAL DE 11,5X19X19CM (ESPESSURA 11,5CM) DE PAREDES COM ÁREA LÍQUIDA MAIOR OU IGUAL A 6M² COM VÃOS E ARGAMASSA DE ASSENTAMENTO COM PREPARO MANUAL. AF_06/2014","M2","52,61"]
[87523,"ALVENARIA DE VEDAÇÃO DE BLOCOS CERÂMICOS FURADOS NA HORIZONTAL DE 9X14X19CM (ESPESSURA 9CM) DE PAREDES COM ÁREA LÍQUIDA MAIOR OU IGUAL A 6M² COM VÃOS E ARGAMASSA DE ASSENTAMENTO COM PREPARO EM BETONEIRA. AF_06/2014","M2","57,72"]
[87524,"ALVENARIA DE VEDAÇÃO DE BLOCOS CERÂMICOS FURADOS NA HORIZONTAL DE 9X14X19CM (ESPESSURA 9CM) DE PAREDES COM ÁREA LÍQUIDA MAIOR OU IGUAL A 6M² COM VÃOS E ARGAMASSA DE ASSENTAMENTO COM PREPARO MANUAL. AF_06/2014","M2","58,44"]
[87525,"ALVENARIA DE VEDAÇÃO DE BLOCOS CERÂMICOS FURADOS NA HORIZONTAL DE 14X9X19CM (ESPESSURA 14CM, BLOCO DEITADO) DE PAREDES COM ÁREA LÍQUIDA MAIOR OU IGUAL A 6M² COM VÃOS E ARGAMASSA DE ASSENTAMENTO COM PREPARO EM BETONEIRA. AF_06/2014","M2","89,01"]
[87526,"ALVENARIA DE VEDAÇÃO DE BLOCOS CERÂMICOS FURADOS NA HORIZONTAL DE 14X9X19CM (ESPESSURA 14CM, BLOCO DEITADO) DE PAREDES COM ÁREA LÍQUIDA MAIOR OU IGUAL A 6M² COM VÃOS E ARGAMASSA DE ASSENTAMENTO COM PREPARO MANUAL. AF_06/2014","M2","89,93"]
[89043,"(COMPOSIÇÃO REPRESENTATIVA) DO SERVIÇO DE ALVENARIA DE VEDAÇÃO DE BLOCOS VAZADOS DE CERÂMICA DE 9X19X19CM (ESPESSURA 9CM), PARA EDIFICAÇÃO HABITACIONAL MULTIFAMILIAR (PRÉDIO). AF_11/2014","M2","54,56"]
[89168,"(COMPOSIÇÃO REPRESENTATIVA) DO SERVIÇO DE ALVENARIA DE VEDAÇÃO DE BLOCOS VAZADOS DE CERÂMICA DE 9X19X19CM (ESPESSURA 9CM), PARA EDIFICAÇÃO HABITACIONAL UNIFAMILIAR (CASA) E EDIFICAÇÃO PÚBLICA PADRÃO. AF_11/2014","M2","56,15"]
[89977,"(COMPOSIÇÃO REPRESENTATIVA) DO SERVIÇO DE ALVENARIA DE VEDAÇÃO DE BLOCOS VAZADOS DE CERÂMICA DE 14X9X19CM (ESPESSURA 14CM, BLOCO DEITADO), PARA EDIFICAÇÃO HABITACIONAL UNIFAMILIAR (CASA) E EDIFICAÇÃO PÚBLICA PADRÃO. AF_12/2014","M2","94,90"]
[90112,"ALVENARIA DE VEDAÇÃO DE BLOCOS CERÂMICOS FURADOS NA VERTICAL DE 14X19X39CM (ESPESSURA 14CM) DE PAREDES COM ÁREA LÍQUIDA MENOR QUE 6M2 COM VÃOS E ARGAMASSA DE ASSENTAMENTO COM PREPARO MANUAL. AF_06/2014","M2","52,61"]
[95474,"ALVENARIA DE EMBASAMENTO EM TIJOLOS CERAMICOS MACICOS 5X10X20CM, ASSENTADO  COM ARGAMASSA TRACO 1:2:8 (CIMENTO, CAL E AREIA)","M3","533,20"]
[89282,"ALVENARIA ESTRUTURAL DE BLOCOS CERÂMICOS 14X19X39, (ESPESSURA DE 14 CM), PARA PAREDES COM ÁREA LÍQUIDA MENOR QUE 6M², SEM VÃOS, UTILIZANDO PALHETA E ARGAMASSA DE ASSENTAMENTO COM PREPARO EM BETONEIRA. AF_12/2014","M2","43,18"]
[89283,"ALVENARIA ESTRUTURAL DE BLOCOS CERÂMICOS 14X19X39, (ESPESSURA DE 14 CM), PARA PAREDES COM ÁREA LÍQUIDA MENOR QUE 6M², SEM VÃOS, UTILIZANDO PALHETA E ARGAMASSA DE ASSENTAMENTO COM PREPARO MANUAL. AF_12/2014","M2","44,79"]
[89284,"ALVENARIA ESTRUTURAL DE BLOCOS CERÂMICOS 14X19X39, (ESPESSURA DE 14 CM), PARA PAREDES COM ÁREA LÍQUIDA MAIOR OU IGUAL QUE 6M², SEM VÃOS, UTILIZANDO PALHETA E ARGAMASSA DE ASSENTAMENTO COM PREPARO EM BETONEIRA. AF_12/2014","M2","39,40"]
[89285,"ALVENARIA ESTRUTURAL DE BLOCOS CERÂMICOS 14X19X39, (ESPESSURA DE 14 CM), PARA PAREDES COM ÁREA LÍQUIDA MAIOR OU IGUAL QUE 6M², SEM VÃOS, UTILIZANDO PALHETA E ARGAMASSA DE ASSENTAMENTO COM PREPARO MANUAL. AF_12/2014","M2","41,01"]
[89286,"ALVENARIA ESTRUTURAL DE BLOCOS CERÂMICOS 14X19X39, (ESPESSURA DE 14 CM), PARA PAREDES COM ÁREA LÍQUIDA MENOR QUE 6M², COM VÃOS, UTILIZANDO PALHETA E ARGAMASSA DE ASSENTAMENTO COM PREPARO EM BETONEIRA. AF_12/2014","M2","46,80"]
[89287,"ALVENARIA ESTRUTURAL DE BLOCOS CERÂMICOS 14X19X39, (ESPESSURA DE 14 CM), PARA PAREDES COM ÁREA LÍQUIDA MENOR QUE 6M², COM VÃOS, UTILIZANDO PALHETA E ARGAMASSA DE ASSENTAMENTO COM PREPARO MANUAL. AF_12/2014","M2","48,41"]
[89288,"ALVENARIA ESTRUTURAL DE BLOCOS CERÂMICOS 14X19X39, (ESPESSURA DE 14 CM), PARA PAREDES COM ÁREA LÍQUIDA MAIOR OU IGUAL A 6M², COM VÃOS, UTILIZANDO PALHETA E ARGAMASSA DE ASSENTAMENTO COM PREPARO EM BETONEIRA. AF_12/2014","M2","41,59"]
[89289,"ALVENARIA ESTRUTURAL DE BLOCOS CERÂMICOS 14X19X39, (ESPESSURA DE 14 CM), PARA PAREDES COM ÁREA LÍQUIDA MAIOR OU IGUAL A 6M², COM VÃOS, UTILIZANDO PALHETA E ARGAMASSA DE ASSENTAMENTO COM PREPARO MANUAL. AF_12/2014","M2","43,20"]
[89290,"ALVENARIA ESTRUTURAL DE BLOCOS CERÂMICOS 14X19X29, (ESPESSURA DE 14 CM), PARA PAREDES COM ÁREA LÍQUIDA MENOR QUE 6M², SEM VÃOS, UTILIZANDO PALHETA E ARGAMASSA DE ASSENTAMENTO COM PREPARO EM BETONEIRA. AF_12/2014","M2","50,36"]
[89291,"ALVENARIA ESTRUTURAL DE BLOCOS CERÂMICOS 14X19X29, (ESPESSURA DE 14 CM), PARA PAREDES COM ÁREA LÍQUIDA MENOR QUE 6M², SEM VÃOS, UTILIZANDO PALHETA E ARGAMASSA DE ASSENTAMENTO COM PREPARO MANUAL. AF_12/2014","M2","52,15"]
[89292,"ALVENARIA ESTRUTURAL DE BLOCOS CERÂMICOS 14X19X29, (ESPESSURA DE 14 CM), PARA PAREDES COM ÁREA LÍQUIDA MAIOR OU IGUAL A 6M², SEM VÃOS, UTILIZANDO PALHETA E ARGAMASSA DE ASSENTAMENTO COM PREPARO EM BETONEIRA. AF_12/2014","M2","46,65"]
[89293,"ALVENARIA ESTRUTURAL DE BLOCOS CERÂMICOS 14X19X29, (ESPESSURA DE 14 CM), PARA PAREDES COM ÁREA LÍQUIDA MAIOR OU IGUAL A 6M2, SEM VÃOS, UTILIZANDO PALHETA E ARGAMASSA DE ASSENTAMENTO COM PREPARO MANUAL. AF_12/2014","M2","48,44"]
[89294,"ALVENARIA ESTRUTURAL DE BLOCOS CERÂMICOS 14X19X29, (ESPESSURA DE 14 CM), PARA PAREDES COM ÁREA LÍQUIDA MENOR QUE 6M², COM VÃOS, UTILIZANDO PALHETA E ARGAMASSA DE ASSENTAMENTO COM PREPARO EM BETONEIRA. AF_12/2014","M2","55,24"]
[89295,"ALVENARIA ESTRUTURAL DE BLOCOS CERÂMICOS 14X19X29, (ESPESSURA DE 14 CM), PARA PAREDES COM ÁREA LÍQUIDA MENOR QUE 6M², COM VÃOS, UTILIZANDO PALHETA E ARGAMASSA DE ASSENTAMENTO COM PREPARO MANUAL. AF_12/2014","M2","57,03"]
[89296,"ALVENARIA ESTRUTURAL DE BLOCOS CERÂMICOS 14X19X29, (ESPESSURA DE 14 CM), PARA PAREDES COM ÁREA LÍQUIDA MAIOR OU IGUAL A 6M², COM VÃOS, UTILIZANDO PALHETA E ARGAMASSA DE ASSENTAMENTO COM PREPARO EM BETONEIRA. AF_12/2014","M2","49,48"]
[89297,"ALVENARIA ESTRUTURAL DE BLOCOS CERÂMICOS 14X19X29, (ESPESSURA DE 14 CM), PARA PAREDES COM ÁREA LÍQUIDA MAIOR OU IGUAL A 6M², COM VÃOS, UTILIZANDO PALHETA E ARGAMASSA DE ASSENTAMENTO COM PREPARO MANUAL. AF_12/2014","M2","51,27"]
[89298,"ALVENARIA ESTRUTURAL DE BLOCOS CERÂMICOS 14X19X39, (ESPESSURA DE 14 CM), PARA PAREDES COM ÁREA LÍQUIDA MENOR QUE 6M², SEM VÃOS, UTILIZANDO COLHER DE PEDREIRO E ARGAMASSA DE ASSENTAMENTO COM PREPARO EM BETONEIRA. AF_12/2014","M2","51,34"]
[89299,"ALVENARIA ESTRUTURAL DE BLOCOS CERÂMICOS 14X19X39, (ESPESSURA DE 14 CM), PARA PAREDES COM ÁREA LÍQUIDA MENOR QUE 6M², SEM VÃOS, UTILIZANDO COLHER DE PEDREIRO E ARGAMASSA DE ASSENTAMENTO COM PREPARO MANUAL. AF_12/2014","M2","53,63"]
[89300,"ALVENARIA ESTRUTURAL DE BLOCOS CERÂMICOS 14X19X39, (ESPESSURA DE 14 CM), PARA PAREDES COM ÁREA LÍQUIDA MAIOR OU IGUAL A 6M², SEM VÃOS, UTILIZANDO COLHER DE PEDREIRO E ARGAMASSA DE ASSENTAMENTO COM PREPARO EM BETONEIRA. AF_12/2014","M2","47,57"]
[89301,"ALVENARIA ESTRUTURAL DE BLOCOS CERÂMICOS 14X19X39, (ESPESSURA DE 14 CM), PARA PAREDES COM ÁREA LÍQUIDA MAIOR OU IGUAL A 6M², SEM VÃOS, UTILIZANDO COLHER DE PEDREIRO E ARGAMASSA DE ASSENTAMENTO COM PREPARO MANUAL. AF_12/2014","M2","49,86"]
[89302,"ALVENARIA ESTRUTURAL DE BLOCOS CERÂMICOS 14X19X39, (ESPESSURA DE 14 CM), PARA PAREDES COM ÁREA LÍQUIDA MENOR QUE 6M², COM VÃOS, UTILIZANDO COLHER DE PEDREIRO E ARGAMASSA DE ASSENTAMENTO COM PREPARO EM BETONEIRA. AF_12/2014","M2","57,45"]
[89303,"ALVENARIA ESTRUTURAL DE BLOCOS CERÂMICOS 14X19X39, (ESPESSURA DE 14 CM), PARA PAREDES COM ÁREA LÍQUIDA MENOR QUE 6M², COM VÃOS, UTILIZANDO COLHER DE PEDREIRO E ARGAMASSA DE ASSENTAMENTO COM PREPARO MANUAL. AF_12/2014","M2","59,74"]
[89304,"ALVENARIA ESTRUTURAL DE BLOCOS CERÂMICOS 14X19X39, (ESPESSURA DE 14 CM), PARA PAREDES COM ÁREA LÍQUIDA MAIOR OU IGUAL A 6M², COM VÃOS, UTILIZANDO COLHER DE PEDREIRO E ARGAMASSA DE ASSENTAMENTO COM PREPARO EM BETONEIRA. AF_12/2014","M2","51,29"]
[89305,"ALVENARIA ESTRUTURAL DE BLOCOS CERÂMICOS 14X19X39, (ESPESSURA DE 14 CM), PARA PAREDES COM ÁREA LÍQUIDA MAIOR OU IGUAL A 6M², COM VÃOS, UTILIZANDO COLHER DE PEDREIRO E ARGAMASSA DE ASSENTAMENTO COM PREPARO MANUAL. AF_12/2014","M2","53,58"]
[89306,"ALVENARIA ESTRUTURAL DE BLOCOS CERÂMICOS 14X19X29, (ESPESSURA DE 14 CM), PARA PAREDES COM ÁREA LÍQUIDA MENOR QUE 6M², SEM VÃOS, UTILIZANDO COLHER DE PEDREIRO E ARGAMASSA DE ASSENTAMENTO COM PREPARO EM BETONEIRA. AF_12/2014","M2","58,68"]
[89307,"ALVENARIA ESTRUTURAL DE BLOCOS CERÂMICOS 14X19X29, (ESPESSURA DE 14 CM), PARA PAREDES COM ÁREA LÍQUIDA MENOR QUE 6M², SEM VÃOS, UTILIZANDO COLHER DE PEDREIRO E ARGAMASSA DE ASSENTAMENTO COM PREPARO MANUAL. AF_12/2014","M2","61,23"]
[89308,"ALVENARIA ESTRUTURAL DE BLOCOS CERÂMICOS 14X19X29, (ESPESSURA DE 14 CM), PARA PAREDES COM ÁREA LÍQUIDA MAIOR OU IGUAL A 6M², SEM VÃOS, UTILIZANDO COLHER DE PEDREIRO E ARGAMASSA DE ASSENTAMENTO COM PREPARO EM BETONEIRA. AF_12/2014","M2","54,97"]
[89309,"ALVENARIA ESTRUTURAL DE BLOCOS CERÂMICOS 14X19X29, (ESPESSURA DE 14 CM), PARA PAREDES COM ÁREA LÍQUIDA MAIOR OU IGUAL A 6M², SEM VÃOS, UTILIZANDO COLHER DE PEDREIRO E ARGAMASSA DE ASSENTAMENTO COM PREPARO MANUAL. AF_12/2014","M2","57,52"]
[89310,"ALVENARIA ESTRUTURAL DE BLOCOS CERÂMICOS 14X19X29, (ESPESSURA DE 14 CM), PARA PAREDES COM ÁREA LÍQUIDA MENOR QUE 6M², COM VÃOS, UTILIZANDO COLHER DE PEDREIRO E ARGAMASSA DE ASSENTAMENTO COM PREPARO EM BETONEIRA. AF_12/2014","M2","66,02"]
[89311,"ALVENARIA ESTRUTURAL DE BLOCOS CERÂMICOS 14X19X29, (ESPESSURA DE 14 CM), PARA PAREDES COM ÁREA LÍQUIDA MENOR QUE 6M², COM VÃOS, UTILIZANDO COLHER DE PEDREIRO E ARGAMASSA DE ASSENTAMENTO COM PREPARO MANUAL. AF_12/2014","M2","68,57"]
[89312,"ALVENARIA ESTRUTURAL DE BLOCOS CERÂMICOS 14X19X29, (ESPESSURA DE 14 CM), PARA PAREDES COM ÁREA LÍQUIDA MAIOR OU IGUAL A 6M², COM VÃOS, UTILIZANDO COLHER DE PEDREIRO E ARGAMASSA DE ASSENTAMENTO COM PREPARO EM BETONEIRA. AF_12/2014","M2","59,35"]
[89313,"ALVENARIA ESTRUTURAL DE BLOCOS CERÂMICOS 14X19X29, (ESPESSURA DE 14 CM), PARA PAREDES COM ÁREA LÍQUIDA MAIOR OU IGUAL A 6M², COM VÃOS, UTILIZANDO COLHER DE PEDREIRO E ARGAMASSA DE ASSENTAMENTO COM PREPARO MANUAL. AF_12/2014","M2","61,90"]
[95465,"COBOGO CERAMICO (ELEMENTO VAZADO), 9X20X20CM, ASSENTADO COM ARGAMASSA TRACO 1:4 DE CIMENTO E AREIA","M2","112,18"]
[87447,"ALVENARIA DE VEDAÇÃO DE BLOCOS VAZADOS DE CONCRETO DE 9X19X39CM (ESPESSURA 9CM) DE PAREDES COM ÁREA LÍQUIDA MENOR QUE 6M² SEM VÃOS E ARGAMASSA DE ASSENTAMENTO COM PREPARO EM BETONEIRA. AF_06/2014","M2","45,45"]
[87448,"ALVENARIA DE VEDAÇÃO DE BLOCOS VAZADOS DE CONCRETO DE 9X19X39CM (ESPESSURA 9CM) DE PAREDES COM ÁREA LÍQUIDA MENOR QUE 6M² SEM VÃOS E ARGAMASSA DE ASSENTAMENTO COM PREPARO MANUAL. AF_06/2014","M2","45,74"]
[87449,"ALVENARIA DE VEDAÇÃO DE BLOCOS VAZADOS DE CONCRETO DE 14X19X39CM (ESPESSURA 14CM) DE PAREDES COM ÁREA LÍQUIDA MENOR QUE 6M² SEM VÃOS E ARGAMASSA DE ASSENTAMENTO COM PREPARO EM BETONEIRA. AF_06/2014","M2","57,48"]
[87450,"ALVENARIA DE VEDAÇÃO DE BLOCOS VAZADOS DE CONCRETO DE 14X19X39CM (ESPESSURA 14CM) DE PAREDES COM ÁREA LÍQUIDA MENOR QUE 6M² SEM VÃOS E ARGAMASSA DE ASSENTAMENTO COM PREPARO MANUAL. AF_06/2014","M2","58,19"]
[87451,"ALVENARIA DE VEDAÇÃO DE BLOCOS VAZADOS DE CONCRETO DE 19X19X39CM (ESPESSURA 19CM) DE PAREDES COM ÁREA LÍQUIDA MENOR QUE 6M² SEM VÃOS E ARGAMASSA DE ASSENTAMENTO COM PREPARO EM BETONEIRA. AF_06/2014","M2","70,18"]
[87452,"ALVENARIA DE VEDAÇÃO DE BLOCOS VAZADOS DE CONCRETO DE 19X19X39CM (ESPESSURA 19CM) DE PAREDES COM ÁREA LÍQUIDA MENOR QUE 6M² SEM VÃOS E ARGAMASSA DE ASSENTAMENTO COM PREPARO MANUAL. AF_06/2014","M2","70,59"]
[87453,"ALVENARIA DE VEDAÇÃO DE BLOCOS VAZADOS DE CONCRETO DE 9X19X39CM (ESPESSURA 9CM) DE PAREDES COM ÁREA LÍQUIDA MAIOR OU IGUAL A 6M² SEM VÃOS E ARGAMASSA DE ASSENTAMENTO COM PREPARO EM BETONEIRA. AF_06/2014","M2","42,44"]
[87454,"ALVENARIA DE VEDAÇÃO DE BLOCOS VAZADOS DE CONCRETO DE 9X19X39CM (ESPESSURA 9CM) DE PAREDES COM ÁREA LÍQUIDA MAIOR OU IGUAL A 6M² SEM VÃOS E ARGAMASSA DE ASSENTAMENTO COM PREPARO MANUAL. AF_06/2014","M2","43,04"]
[87455,"ALVENARIA DE VEDAÇÃO DE BLOCOS VAZADOS DE CONCRETO DE 14X19X39CM (ESPESSURA 14CM) DE PAREDES COM ÁREA LÍQUIDA MAIOR OU IGUAL A 6M² SEM VÃOS E ARGAMASSA DE ASSENTAMENTO COM PREPARO EM BETONEIRA. AF_06/2014","M2","53,68"]
[87456,"ALVENARIA DE VEDAÇÃO DE BLOCOS VAZADOS DE CONCRETO DE 14X19X39CM (ESPESSURA 14CM) DE PAREDES COM ÁREA LÍQUIDA MAIOR OU IGUAL A 6M² SEM VÃOS E ARGAMASSA DE ASSENTAMENTO COM PREPARO MANUAL. AF_06/2014","M2","54,71"]
[87457,"ALVENARIA DE VEDAÇÃO DE BLOCOS VAZADOS DE CONCRETO DE 19X19X39CM (ESPESSURA 19CM) DE PAREDES COM ÁREA LÍQUIDA MAIOR OU IGUAL A 6M² SEM VÃOS E ARGAMASSA DE ASSENTAMENTO COM PREPARO EM BETONEIRA. AF_06/2014","M2","65,82"]
[87458,"ALVENARIA DE VEDAÇÃO DE BLOCOS VAZADOS DE CONCRETO DE 19X19X39CM (ESPESSURA 19CM) DE PAREDES COM ÁREA LÍQUIDA MAIOR OU IGUAL A 6M² SEM VÃOS E ARGAMASSA DE ASSENTAMENTO COM PREPARO MANUAL. AF_06/2014","M2","66,71"]
[87459,"ALVENARIA DE VEDAÇÃO DE BLOCOS VAZADOS DE CONCRETO DE 9X19X39CM (ESPESSURA 9CM) DE PAREDES COM ÁREA LÍQUIDA MENOR QUE 6M² COM VÃOS E ARGAMASSA DE ASSENTAMENTO COM PREPARO EM BETONEIRA. AF_06/2014","M2","50,35"]
[87460,"ALVENARIA DE VEDAÇÃO DE BLOCOS VAZADOS DE CONCRETO DE 9X19X39CM (ESPESSURA 9CM) DE PAREDES COM ÁREA LÍQUIDA MENOR QUE 6M² COM VÃOS E ARGAMASSA DE ASSENTAMENTO COM PREPARO MANUAL. AF_06/2014","M2","50,95"]
[87461,"ALVENARIA DE VEDAÇÃO DE BLOCOS VAZADOS DE CONCRETO DE 14X19X39CM (ESPESSURA 14CM) DE PAREDES COM ÁREA LÍQUIDA MENOR QUE 6M² COM VÃOS E ARGAMASSA DE ASSENTAMENTO COM PREPARO EM BETONEIRA. AF_06/2014","M2","62,40"]
[87462,"ALVENARIA DE VEDAÇÃO DE BLOCOS VAZADOS DE CONCRETO DE 14X19X39CM (ESPESSURA 14CM) DE PAREDES COM ÁREA LÍQUIDA MENOR QUE 6M² COM VÃOS E ARGAMASSA DE ASSENTAMENTO COM PREPARO MANUAL. AF_06/2014","M2","63,11"]
[87463,"ALVENARIA DE VEDAÇÃO DE BLOCOS VAZADOS DE CONCRETO DE 19X19X39CM (ESPESSURA 19CM) DE PAREDES COM ÁREA LÍQUIDA MENOR QUE 6M² COM VÃOS E ARGAMASSA DE ASSENTAMENTO COM PREPARO EM BETONEIRA. AF_06/2014","M2","74,68"]
[87464,"ALVENARIA DE VEDAÇÃO DE BLOCOS VAZADOS DE CONCRETO DE 19X19X39CM (ESPESSURA 19CM) DE PAREDES COM ÁREA LÍQUIDA MENOR QUE 6M² COM VÃOS E ARGAMASSA DE ASSENTAMENTO COM PREPARO MANUAL. AF_06/2014","M2","75,57"]
[87465,"ALVENARIA DE VEDAÇÃO DE BLOCOS VAZADOS DE CONCRETO DE 9X19X39CM (ESPESSURA 9CM) DE PAREDES COM ÁREA LÍQUIDA MAIOR OU IGUAL A 6M² COM VÃOS E ARGAMASSA DE ASSENTAMENTO COM PREPARO EM BETONEIRA. AF_06/2014","M2","45,22"]
[87466,"ALVENARIA DE VEDAÇÃO DE BLOCOS VAZADOS DE CONCRETO DE 9X19X39CM (ESPESSURA 9CM) DE PAREDES COM ÁREA LÍQUIDA MAIOR OU IGUAL A 6M² COM VÃOS E ARGAMASSA DE ASSENTAMENTO COM PREPARO MANUAL. AF_06/2014","M2","45,82"]
[87467,"ALVENARIA DE VEDAÇÃO DE BLOCOS VAZADOS DE CONCRETO DE 14X19X39CM (ESPESSURA 14CM) DE PAREDES COM ÁREA LÍQUIDA MAIOR OU IGUAL A 6M² COM VÃOS E ARGAMASSA DE ASSENTAMENTO COM PREPARO EM BETONEIRA. AF_06/2014","M2","56,81"]
[87468,"ALVENARIA DE VEDAÇÃO DE BLOCOS VAZADOS DE CONCRETO DE 14X19X39CM (ESPESSURA 14CM) DE PAREDES COM ÁREA LÍQUIDA MAIOR OU IGUAL A 6M² COM VÃOS E ARGAMASSA DE ASSENTAMENTO COM PREPARO MANUAL. AF_06/2014","M2","57,52"]
[87469,"ALVENARIA DE VEDAÇÃO DE BLOCOS VAZADOS DE CONCRETO DE 19X19X39CM (ESPESSURA 19CM) DE PAREDES COM ÁREA LÍQUIDA MAIOR OU IGUAL A 6M² COM VÃOS E ARGAMASSA DE ASSENTAMENTO COM PREPARO EM BETONEIRA. AF_06/2014","M2","69,10"]
[87470,"ALVENARIA DE VEDAÇÃO DE BLOCOS VAZADOS DE CONCRETO DE 19X19X39CM (ESPESSURA 19CM) DE PAREDES COM ÁREA LÍQUIDA MAIOR OU IGUAL A 6M² COM VÃOS E ARGAMASSA DE ASSENTAMENTO COM PREPARO MANUAL. AF_06/2014","M2","69,99"]
[89044,"(COMPOSIÇÃO REPRESENTATIVA) DO SERVIÇO DE ALVENARIA DE VEDAÇÃO DE BLOCOS VAZADOS DE CONCRETO DE 9X19X39CM (ESPESSURA 9CM), PARA EDIFICAÇÃO HABITACIONAL MULTIFAMILIAR (PRÉDIO). AF_11/2014","M2","45,30"]
[89169,"(COMPOSIÇÃO REPRESENTATIVA) DO SERVIÇO DE ALVENARIA DE VEDAÇÃO DE BLOCOS VAZADOS DE CONCRETO DE 9X19X39CM (ESPESSURA 9CM), PARA EDIFICAÇÃO HABITACIONAL UNIFAMILIAR (CASA) E EDIFICAÇÃO PÚBLICA PADRÃO. AF_11/2014","M2","45,95"]
[89978,"(COMPOSIÇÃO REPRESENTATIVA) DO SERVIÇO DE ALVENARIA DE VEDAÇÃO DE BLOCOS VAZADOS DE CONCRETO DE 14X19X39CM (ESPESSURA 14CM), PARA EDIFICAÇÃO HABITACIONAL UNIFAMILIAR (CASA) E EDIFICAÇÃO PÚBLICA PADRÃO. AF_12/2014","M2","57,69"]
["73937/1","COBOGO DE CONCRETO (ELEMENTO VAZADO), 7X50X50CM, ASSENTADO COM ARGAMASSA TRACO 1:4 (CIMENTO E AREIA)","M2","108,53"]
["73937/3","COBOGO DE CONCRETO (ELEMENTO VAZADO), 7X50X50CM, ASSENTADO COM ARGAMASSA TRACO 1:3 (CIMENTO E AREIA)","M2","108,74"]
["73937/5","COBOGO DE CONCRETO (ELEMENTO VAZADO), 10X29X39CM ABERTURA COM VIDRO, ASSENTADO COM ARGAMASSA TRACO 1:4 (CIMENTO E AREIA MEDIA NAO PENEIRADA)","M2","192,87"]
[89453,"ALVENARIA DE BLOCOS DE CONCRETO ESTRUTURAL 14X19X39 CM, (ESPESSURA 14 CM), FBK = 4,5 MPA, PARA PAREDES COM ÁREA LÍQUIDA MENOR QUE 6M², SEM VÃOS, UTILIZANDO PALHETA. AF_12/2014","M2","52,92"]
[89454,"ALVENARIA DE BLOCOS DE CONCRETO ESTRUTURAL 14X19X39 CM, (ESPESSURA 14 CM), FBK = 4,5 MPA, PARA PAREDES COM ÁREA LÍQUIDA MAIOR OU IGUAL A 6M², SEM VÃOS, UTILIZANDO PALHETA. AF_12/2014","M2","50,64"]
[89455,"ALVENARIA DE BLOCOS DE CONCRETO ESTRUTURAL 14X19X39 CM, (ESPESSURA 14 CM) FBK = 14,0 MPA, PARA PAREDES COM ÁREA LÍQUIDA MENOR QUE 6M², SEM VÃOS, UTILIZANDO PALHETA. AF_12/2014","M2","65,77"]
[89456,"ALVENARIA DE BLOCOS DE CONCRETO ESTRUTURAL 14X19X39 CM, (ESPESSURA 14 CM) FBK = 14,0 MPA, PARA PAREDES COM ÁREA LÍQUIDA MAIOR OU IGUAL A 6M², SEM VÃOS, UTILIZANDO PALHETA. AF_12/2014","M2","62,95"]
[89457,"ALVENARIA DE BLOCOS DE CONCRETO ESTRUTURAL 14X19X39 CM, (ESPESSURA 14 CM), FBK = 4,5 MPA, PARA PAREDES COM ÁREA LÍQUIDA MENOR QUE 6M², COM VÃOS, UTILIZANDO PALHETA. AF_12/2014","M2","56,23"]
[89458,"ALVENARIA DE BLOCOS DE CONCRETO ESTRUTURAL 14X19X39 CM, (ESPESSURA 14 CM), FBK = 4,5 MPA, PARA PAREDES COM ÁREA LÍQUIDA MAIOR OU IGUAL A 6M², COM VÃOS, UTILIZANDO PALHETA. AF_12/2014","M2","52,49"]
[89459,"ALVENARIA DE BLOCOS DE CONCRETO ESTRUTURAL 14X19X39 CM, (ESPESSURA 14 CM) FBK = 14,0 MPA, PARA PAREDES COM ÁREA LÍQUIDA MENOR QUE 6M², COM VÃOS, UTILIZANDO PALHETA. AF_12/2014","M2","70,41"]
[89460,"ALVENARIA DE BLOCOS DE CONCRETO ESTRUTURAL 14X19X39 CM, (ESPESSURA 14 CM) FBK = 14,0 MPA, PARA PAREDES COM ÁREA LÍQUIDA MAIOR OU IGUAL A 6M², COM VÃOS, UTILIZANDO PALHETA. AF_12/2014","M2","65,77"]
[89462,"ALVENARIA DE BLOCOS DE CONCRETO ESTRUTURAL 14X19X29 CM, (ESPESSURA 14 CM), FBK = 4,5 MPA, PARA PAREDES COM ÁREA LÍQUIDA MENOR QUE 6M², SEM VÃOS, UTILIZANDO PALHETA. AF_12/2014","M2","60,91"]
[89463,"ALVENARIA DE BLOCOS DE CONCRETO ESTRUTURAL 14X19X29 CM, (ESPESSURA 14 CM), FBK = 4,5 MPA, PARA PAREDES COM ÁREA LÍQUIDA MAIOR OU IGUAL A 6M², SEM VÃOS, UTILIZANDO PALHETA. AF_12/2014","M2","58,88"]
[89464,"ALVENARIA DE BLOCOS DE CONCRETO ESTRUTURAL 14X19X29 CM, (ESPESSURA 14 CM) FBK = 14,0 MPA, PARA PAREDES COM ÁREA LÍQUIDA MENOR QUE 6M², SEM VÃOS, UTILIZANDO PALHETA. AF_12/2014","M2","82,04"]
[89465,"ALVENARIA DE BLOCOS DE CONCRETO ESTRUTURAL 14X19X29 CM, (ESPESSURA 14 CM) FBK = 14,0 MPA, PARA PAREDES COM ÁREA LÍQUIDA MAIOR OU IGUAL A 6M², SEM VÃOS, UTILIZANDO PALHETA. AF_12/2014","M2","79,58"]
[89466,"ALVENARIA DE BLOCOS DE CONCRETO ESTRUTURAL 14X19X29 CM, (ESPESSURA 14 CM), FBK = 4,5 MPA, PARA PAREDES COM ÁREA LÍQUIDA MENOR QUE 6M², COM VÃOS, UTILIZANDO PALHETA. AF_12/2014","M2","64,33"]
[89467,"ALVENARIA DE BLOCOS DE CONCRETO ESTRUTURAL 14X19X29 CM, (ESPESSURA 14 CM), FBK = 4,5 MPA, PARA PAREDES COM ÁREA LÍQUIDA MAIOR OU IGUAL A 6M², COM VÃOS, UTILIZANDO PALHETA. AF_12/2014","M2","60,71"]
[89468,"ALVENARIA DE BLOCOS DE CONCRETO ESTRUTURAL 14X19X29 CM, (ESPESSURA 14 CM) FBK = 14,0 MPA, PARA PAREDES COM ÁREA LÍQUIDA MENOR QUE 6M², COM VÃOS, UTILIZANDO PALHETA. AF_12/2014","M2","86,26"]
[89469,"ALVENARIA DE BLOCOS DE CONCRETO ESTRUTURAL 14X19X29 CM, (ESPESSURA 14 CM) FBK = 14,0 MPA, PARA PAREDES COM ÁREA LÍQUIDA MAIOR OU IGUAL A 6M², COM VÃOS, UTILIZANDO PALHETA. AF_12/2014","M2","81,81"]
[89470,"ALVENARIA DE BLOCOS DE CONCRETO ESTRUTURAL 14X19X39 CM, (ESPESSURA 14 CM), FBK = 4,5 MPA, PARA PAREDES COM ÁREA LÍQUIDA MENOR QUE 6M², SEM VÃOS, UTILIZANDO COLHER DE PEDREIRO. AF_12/2014","M2","62,72"]
[89471,"ALVENARIA DE BLOCOS DE CONCRETO ESTRUTURAL 14X19X39 CM, (ESPESSURA 14 CM), FBK = 4,5 MPA, PARA PAREDES COM ÁREA LÍQUIDA MAIOR OU IGUAL A 6M², SEM VÃOS, UTILIZANDO COLHER DE PEDREIRO. AF_12/2014","M2","60,45"]
[89472,"ALVENARIA DE BLOCOS DE CONCRETO ESTRUTURAL 14X19X39 CM, (ESPESSURA 14 CM) FBK = 14,0 MPA, PARA PAREDES COM ÁREA LÍQUIDA MENOR QUE 6M², SEM VÃOS, UTILIZANDO COLHER DE PEDREIRO. AF_12/2014","M2","75,48"]
[89473,"ALVENARIA DE BLOCOS DE CONCRETO ESTRUTURAL 14X19X39 CM, (ESPESSURA 14 CM) FBK = 14,0 MPA, PARA PAREDES COM ÁREA LÍQUIDA MAIOR OU IGUAL A 6M², SEM VÃOS, UTILIZANDO COLHER DE PEDREIRO. AF_12/2014","M2","72,83"]
[89474,"ALVENARIA DE BLOCOS DE CONCRETO ESTRUTURAL 14X19X39 CM, (ESPESSURA 14 CM), FBK = 4,5 MPA, PARA PAREDES COM ÁREA LÍQUIDA MENOR QUE 6M², COM VÃOS, UTILIZANDO COLHER DE PEDREIRO. AF_12/2014","M2","68,80"]
[89475,"ALVENARIA DE BLOCOS DE CONCRETO ESTRUTURAL 14X19X39 CM, (ESPESSURA 14 CM), FBK = 4,5 MPA, PARA PAREDES COM ÁREA LÍQUIDA MAIOR OU IGUAL A 6M², COM VÃOS, UTILIZANDO COLHER DE PEDREIRO. AF_12/2014","M2","63,80"]
[89476,"ALVENARIA DE BLOCOS DE CONCRETO ESTRUTURAL 14X19X39 CM, (ESPESSURA 14 CM) FBK = 14,0 MPA, PARA PAREDES COM ÁREA LÍQUIDA MENOR QUE 6M², COM VÃOS, UTILIZANDO COLHER DE PEDREIRO. AF_12/2014","M2","83,04"]
[89477,"ALVENARIA DE BLOCOS DE CONCRETO ESTRUTURAL 14X19X39 CM, (ESPESSURA 14 CM) FBK = 14,0 MPA, PARA PAREDES COM ÁREA LÍQUIDA MAIOR OU IGUAL A 6M², COM VÃOS, UTILIZANDO COLHER DE PEDREIRO. AF_12/2014","M2","77,34"]
[89478,"ALVENARIA DE BLOCOS DE CONCRETO ESTRUTURAL 14X19X29 CM, (ESPESSURA 14 CM), FBK = 4,5 MPA, PARA PAREDES COM ÁREA LÍQUIDA MENOR QUE 6M², SEM VÃOS, UTILIZANDO COLHER DE PEDREIRO. AF_12/2014","M2","70,90"]
[89479,"ALVENARIA DE BLOCOS DE CONCRETO ESTRUTURAL 14X19X29 CM, (ESPESSURA 14 CM), FBK = 4,5 MPA, PARA PAREDES COM ÁREA LÍQUIDA MAIOR OU IGUAL A 6M², SEM VÃOS, UTILIZANDO COLHER DE PEDREIRO. AF_12/2014","M2","68,88"]
[89480,"ALVENARIA DE BLOCOS DE CONCRETO ESTRUTURAL 14X19X29 CM, (ESPESSURA 14 CM) FBK = 14,0 MPA, PARA PAREDES COM ÁREA LÍQUIDA MENOR QUE 6M², SEM VÃOS, UTILIZANDO COLHER DE PEDREIRO. AF_12/2014","M2","91,94"]
[89483,"ALVENARIA DE BLOCOS DE CONCRETO ESTRUTURAL 14X19X29 CM, (ESPESSURA 14 CM) FBK = 14,0 MPA, PARA PAREDES COM ÁREA LÍQUIDA MAIOR OU IGUAL A 6M², SEM VÃOS, UTILIZANDO COLHER DE PEDREIRO. AF_12/2014","M2","89,65"]
[89484,"ALVENARIA DE BLOCOS DE CONCRETO ESTRUTURAL 14X19X29 CM, (ESPESSURA 14 CM), FBK = 4,5 MPA, PARA PAREDES COM ÁREA LÍQUIDA MENOR QUE 6M², COM VÃOS, UTILIZANDO COLHER DE PEDREIRO. AF_12/2014","M2","77,08"]
[89486,"ALVENARIA DE BLOCOS DE CONCRETO ESTRUTURAL 14X19X29 CM, (ESPESSURA 14 CM), FBK = 4,5 MPA, PARA PAREDES COM ÁREA LÍQUIDA MAIOR OU IGUAL A 6M², COM VÃOS, UTILIZANDO COLHER DE PEDREIRO. AF_12/2014","M2","72,39"]
[89487,"ALVENARIA DE BLOCOS DE CONCRETO ESTRUTURAL 14X19X29 CM, (ESPESSURA 14 CM) FBK = 14,0 MPA, PARA PAREDES COM ÁREA LÍQUIDA MENOR QUE 6M², COM VÃOS, UTILIZANDO COLHER DE PEDREIRO. AF_12/2014","M2","99,09"]
[89488,"ALVENARIA DE BLOCOS DE CONCRETO ESTRUTURAL 14X19X29 CM, (ESPESSURA 14 CM) FBK = 14,0 MPA, PARA PAREDES COM ÁREA LÍQUIDA MAIOR OU IGUAL A 6M², COM VÃOS, UTILIZANDO COLHER DE PEDREIRO. AF_12/2014","M2","93,55"]
[91815,"(COMPOSIÇÃO REPRESENTATIVA) DE ALVENARIA DE BLOCOS DE CONCRETO ESTRUTURAL 14X19X39 CM, (ESPESSURA 14 CM), FBK = 4,5 MPA, UTILIZANDO PALHETA, PARA EDIFICAÇÃO HABITACIONAL. AF_10/2015","M2","52,96"]
[91816,"COMPOSIÇÃO REPRESENTATIVA DE SERVIÇOS DE ALVENARIA DE BLOCOS DE CONCRETO ESTRUTURAL 14X19X29 CM, (ESPESSURA 14 CM), FBK = 4,5 MPA, UTILIZANDO PALHETA, PARA EDIFICAÇÃO HABITACIONAL. AF_10/2015","M2","61,09"]
[72139,"BLOCOS DE VIDRO TIPO CANELADO 19X19X8CM, ASSENTADO COM ARGAMASSA TRACO 1:3 (CIMENTO E AREIA GROSSA) PREPARO MECANICO, COM REJUNTAMENTO EM CIMENTO BRANCO E BARRAS DE ACO","M2","400,57"]
[72175,"BLOCOS DE VIDRO TIPO XADREZ 20X20X10CM, ASSENTADO COM ARGAMASSA TRACO 1:3 (CIMENTO E AREIA GROSSA) PREPARO MECANICO, COM REJUNTAMENTO EM CIMENTO BRANCO E BARRAS DE ACO","M2","403,57"]
[72176,"BLOCOS DE VIDRO TIPO XADREZ 20X10X8CM, ASSENTADO COM ARGAMASSA TRACO 1:3 (CIMENTO E AREIA GROSSA) PREPARO MECANICO, COM REJUNTAMENTO EM CIMENTO BRANCO E BARRAS DE ACO","M2","406,32"]
[72178,"RETIRADA DE DIVISORIAS EM CHAPAS DE MADEIRA, COM MONTANTES METALICOS","M2","19,27"]
[72179,"RECOLOCACAO DE PLACAS DIVISORIAS DE GRANILITE, CONSIDERANDO REAPROVEITAMENTO DO MATERIAL","M2","42,17"]
[72180,"RECOLOCACAO DE DIVISORIAS TIPO CHAPAS OU TABUAS, EXCLUSIVE ENTARUGAMENTO, CONSIDERANDO REAPROVEITAMENTO DO MATERIAL","M2","12,48"]
[72181,"RECOLOCACAO DE DIVISORIAS TIPO CHAPAS OU TABUAS, INCLUSIVE ENTARUGAMENTO, CONSIDERANDO REAPROVEITAMENTO DO MATERIAL","M2","25,33"]
["73774/1","DIVISORIA EM MARMORITE ESPESSURA 35MM, CHUMBAMENTO NO PISO E PAREDE COM ARGAMASSA DE CIMENTO E AREIA, POLIMENTO MANUAL, EXCLUSIVE FERRAGENS","M2","261,54"]
["73909/1","DIVISORIA EM MADEIRA COMPENSADA RESINADA ESPESSURA 6MM, ESTRUTURADA EM MADEIRA DE LEI 3\"X3\"","M2","178,54"]
["74229/1","DIVISORIA EM MARMORE BRANCO POLIDO, ESPESSURA 3 CM, ASSENTADO COM ARGAMASSA TRACO 1:4 (CIMENTO E AREIA), ARREMATE COM CIMENTO BRANCO, EXCLUSIVE FERRAGENS","M2","565,55"]
[79627,"DIVISORIA EM GRANITO BRANCO POLIDO, ESP = 3CM, ASSENTADO COM ARGAMASSA TRACO 1:4, ARREMATE EM CIMENTO BRANCO, EXCLUSIVE FERRAGENS","M2","608,66"]
[96358,"PAREDE COM PLACAS DE GESSO ACARTONADO (DRYWALL), PARA USO INTERNO, COM DUAS FACES SIMPLES E ESTRUTURA METÁLICA COM GUIAS SIMPLES, SEM VÃOS. AF_06/2017_P","M2","73,07"]
[96359,"PAREDE COM PLACAS DE GESSO ACARTONADO (DRYWALL), PARA USO INTERNO, COM DUAS FACES SIMPLES E ESTRUTURA METÁLICA COM GUIAS SIMPLES, COM VÃOS AF_06/2017_P","M2","79,80"]
[96360,"PAREDE COM PLACAS DE GESSO ACARTONADO (DRYWALL), PARA USO INTERNO, COM DUAS FACES SIMPLES E ESTRUTURA METÁLICA COM GUIAS DUPLAS, SEM VÃOS. AF_06/2017_P","M2","91,21"]
[96361,"PAREDE COM PLACAS DE GESSO ACARTONADO (DRYWALL), PARA USO INTERNO, COM DUAS FACES SIMPLES E ESTRUTURA METÁLICA COM GUIAS DUPLAS, COM VÃOS. AF_06/2017_P","M2","104,26"]
[96362,"PAREDE COM PLACAS DE GESSO ACARTONADO (DRYWALL), PARA USO INTERNO, COM UMA FACE SIMPLES E OUTRA FACE DUPLA E ESTRUTURA METÁLICA COM GUIAS SIMPLES, SEM VÃOS. AF_06/2017_P","M2","96,81"]
[96363,"PAREDE COM PLACAS DE GESSO ACARTONADO (DRYWALL), PARA USO INTERNO, COM UMA FACE SIMPLES E OUTRA FACE DUPLA E ESTRUTURA METÁLICA COM GUIAS SIMPLES, COM VÃOS. AF_06/2017_P","M2","103,83"]
[96364,"PAREDE COM PLACAS DE GESSO ACARTONADO (DRYWALL), PARA USO INTERNO COM UMA FACE SIMPLES E OUTRA FACE DUPLA E ESTRUTURA METÁLICA COM GUIAS DUPLAS, SEM VÃOS. AF_06/2017_P","M2","114,95"]
[96365,"PAREDE COM PLACAS DE GESSO ACARTONADO (DRYWALL), PARA USO INTERNO, COM UMA FACE SIMPLES E OUTRA FACE DUPLA E   ESTRUTURA METÁLICA COM GUIAS DUPLAS, COM VÃOS. AF_06/2017_P","M2","128,28"]
[96366,"PAREDE COM PLACAS DE GESSO ACARTONADO (DRYWALL), PARA USO INTERNO, COM DUAS FACES DUPLAS E ESTRUTURA METÁLICA COM GUIAS SIMPLES, SEM VÃOS. AF_06/2017_P","M2","120,55"]
[96367,"PAREDE COM PLACAS DE GESSO ACARTONADO (DRYWALL), PARA USO INTERNO, COM DUAS FACES DUPLAS E ESTRUTURA METÁLICA COM GUIAS SIMPLES, COM VÃOS. AF_06/2017_P","M2","127,84"]
[96368,"PAREDE COM PLACAS DE GESSO ACARTONADO (DRYWALL), PARA USO INTERNO COM DUAS FACES DUPLAS E ESTRUTURA METÁLICA COM GUIAS DUPLAS, SEM VÃOS. AF_06/2017","M2","138,69"]
[96369,"PAREDE COM PLACAS DE GESSO ACARTONADO (DRYWALL), PARA USO INTERNO, COM DUAS FACES DUPLAS E ESTRUTURA METÁLICA COM GUIAS DUPLAS, COM VÃOS. AF_06/2017_P","M2","152,29"]
[96370,"PAREDE COM PLACAS DE GESSO ACARTONADO (DRYWALL), PARA USO INTERNO, COM UMA FACE SIMPLES E ESTRUTURA METÁLICA COM GUIAS SIMPLES, SEM VÃOS. AF_06/2017_P","M2","46,00"]
[96371,"PAREDE COM PLACAS DE GESSO ACARTONADO (DRYWALL), PARA USO INTERNO, COM UMA FACE SIMPLES E ESTRUTURA METÁLICA COM GUIAS SIMPLES, COM VÃOS. AF_06/2017_P","M2","52,58"]
[96372,"INSTALAÇÃO DE ISOLAMENTO COM LÃ DE ROCHA EM PAREDES DRYWALL. AF_06/2017","M2","26,10"]
[96373,"INSTALAÇÃO DE REFORÇO METÁLICO EM PAREDE DRYWALL. AF_06/2017","M","6,23"]
[96374,"INSTALAÇÃO DE REFORÇO DE MADEIRA EM PAREDE DRYWALL. AF_06/2017","M","19,45"]
["73863/1","ALVENARIA COM BLOCOS DE CONCRETO CELULAR 10X30X60CM, ESPESSURA 10CM, ASSENTADOS COM ARGAMASSA TRACO 1:2:9 (CIMENTO, CAL E AREIA) PREPARO MANUAL","M2","53,96"]
["73863/2","ALVENARIA COM BLOCOS DE CONCRETO CELULAR 20X30X60CM, ESPESSURA 20CM, ASSENTADOS COM ARGAMASSA TRACO 1:2:9 (CIMENTO, CAL E AREIA) PREPARO MANUAL","M2","110,45"]
["73790/2","REASSENTAMENTO DE PARALELEPIPEDO SOBRE COLCHAO DE PO DE PEDRA ESPESSURA 10CM, REJUNTADO COM BETUME E PEDRISCO, CONSIDERANDO APROVEITAMENTO DO PARALELEPIPEDO","M2","41,93"]
["73790/4","REASSENTAMENTO DE PARALELEPIPEDO SOBRE COLCHAO DE PO DE PEDRA ESPESSURA 10CM, REJUNTADO COM ARGAMASSA TRACO 1:3 (CIMENTO E AREIA), CONSIDERANDO APROVEITAMENTO DO PARALELEPIPEDO","M2","34,56"]
[83694,"RECOMPOSICAO DE PAVIMENTACAO TIPO BLOKRET SOBRE COLCHAO DE AREIA COM REAPROVEITAMENTO DE MATERIAL","M2","11,13"]
["83695/1","REJUNTAMENTO PAVIMENTACAO PARALELEPIPEDO BETUME CASCALH INCL MATERIAIS","M2","20,29"]
[83771,"RECOMPOSICAO DE REVESTIMENTO PRIMARIO MEDIDO P/ VOLUME COMPACTADO","M3","6,92"]
[92970,"DEMOLIÇÃO DE PAVIMENTAÇÃO ASFÁLTICA COM UTILIZAÇÃO DE MARTELO PERFURADOR, ESPESSURA ATÉ 15 CM, EXCLUSIVE CARGA E TRANSPORTE","M2","12,03"]
[41879,"CONFORMACAO GEOMETRICA DE PLATAFORMA PARA EXECUCAO DE REVESTIMENTO PRIMARIO EM RODOVIAS VICINAIS","M2","0,11"]
[72916,"BASE DE SOLO CIMENTO 2% MISTURA EM USINA, COMPACTACAO 100% PROCTOR INTERMEDIARIO, EXCLUSIVE ESCAVACAO, CARGA E TRANSPORTE DO SOLO","M3","32,46"]
[72919,"BASE DE SOLO CIMENTO 4% MISTURA EM USINA, COMPACTACAO 100% PROCTOR NORMAL, EXCLUSIVE ESCAVACAO, CARGA E TRANSPORTE DO SOLO","M3","49,14"]
[72922,"BASE DE SOLO CIMENTO 6% COM MISTURA EM USINA, COMPACTACAO 100% PROCTOR NORMAL, EXCLUSIVE ESCAVACAO, CARGA E TRANSPORTE DO SOLO","M3","68,18"]
[72923,"BASE DE SOLO - BRITA (40/60), MISTURA EM USINA, COMPACTACAO 100% PROCTOR MODIFICADO, EXCLUSIVE ESCAVACAO, CARGA E TRANSPORTE","M3","48,38"]
[72924,"BASE DE SOLO - BRITA (50/50), MISTURA EM USINA, COMPACTACAO 100% PROCTOR MODIFICADO, EXCLUSIVE ESCAVACAO, CARGA E TRANSPORTE","M3","41,82"]
[72961,"REGULARIZACAO E COMPACTACAO DE SUBLEITO ATE 20 CM DE ESPESSURA","M2","1,24"]
[96387,"EXECUÇÃO E COMPACTAÇÃO DE BASE E OU SUB BASE COM SOLO ESTABILIZADO GRANULOMETRICAMENTE - EXCLUSIVE ESCAVAÇÃO, CARGA E TRANSPORTE E SOLO. AF_09/2017","M3","6,47"]
[96388,"EXECUÇÃO E COMPACTAÇÃO DE BASE E OU SUB BASE COM SOLO PREDOMINANTEMENTE ARENOSO - EXCLUSIVE ESCAVAÇÃO, CARGA E TRANSPORTE E SOLO. AF_09/2017","M3","6,15"]
[96389,"EXECUÇÃO E COMPACTAÇÃO DE BASE E OU SUB BASE COM SOLO MELHORADO COM CIMENTO (TEOR DE 2%) - EXCLUSIVE ESCAVAÇÃO, CARGA E TRANSPORTE E SOLO. AF_09/2017","M3","34,87"]
[96390,"EXECUÇÃO E COMPACTAÇÃO DE BASE E OU SUB BASE COM SOLO MELHORADO COM CIMENTO (TEOR DE 4%) - EXCLUSIVE ESCAVAÇÃO, CARGA E TRANSPORTE E SOLO. AF_09/2017","M3","60,07"]
[96391,"EXECUÇÃO E COMPACTAÇÃO DE BASE E OU SUB BASE COM SOLO CIMENTO (TEOR DE CIMENTO IGUAL A 6%) - EXCLUSIVE ESCAVAÇÃO, CARGA E TRANSPORTE E SOLO. AF_09/2017","M3","84,81"]
[96392,"EXECUÇÃO E COMPACTAÇÃO DE BASE E OU SUB BASE COM SOLO CIMENTO (TEOR DE CIMENTO IGUAL A 8%) - EXCLUSIVE ESCAVAÇÃO, CARGA E TRANSPORTE E SOLO. AF_09/2017","M3","114,07"]
[96396,"EXECUÇÃO E COMPACTAÇÃO DE BASE E OU SUB BASE COM BRITA GRADUADA SIMPLES - EXCLUSIVE CARGA E TRANSPORTE. AF_09/2017","M3","80,89"]
[96397,"EXECUÇÃO E COMPACTAÇÃO DE BASE E OU SUB BASE COM BRITA GRADUADA TRATADA COM CIMENTO - EXCLUSIVE CARGA E TRANSPORTE. AF_09/2017","M3","127,95"]
[96398,"EXECUÇÃO E COMPACTAÇÃO DE BASE E OU SUB BASE COM CONCRETO COMPACTADO COM ROLO - EXCLUSIVE CARGA E TRANSPORTE. AF_09/2017","M3","146,00"]
[96399,"EXECUÇÃO E COMPACTAÇÃO DE BASE E OU SUB BASE COM PEDRA RACHÃO - EXCLUSIVE ESCAVAÇÃO, CARGA E TRANSPORTE. AF_09/2017","M3","65,64"]
[96400,"EXECUÇÃO E COMPACTAÇÃO DE BASE E OU SUB BASE COM MACADAME SECO - EXCLUSIVE ESCAVAÇÃO, CARGA E TRANSPORTE. AF_09/2017","M3","72,39"]
[96401,"EXECUÇÃO DE IMPRIMAÇÃO COM ASFALTO DILUÍDO CM-30. AF_09/2017","M2","5,26"]
[96402,"EXECUÇÃO DE IMPRIMAÇÃO LIGANTE COM EMULSÃO ASFÁLTICA RR-2C. AF_09/2017","M2","3,10"]
[72799,"PAVIMENTO EM PARALELEPIPEDO SOBRE COLCHAO DE AREIA REJUNTADO COM ARGAMASSA DE CIMENTO E AREIA NO TRAÇO 1:3 (PEDRAS PEQUENAS 30 A 35 PECAS POR M2)","M2","71,40"]
[72942,"PINTURA DE LIGACAO COM EMULSAO RR-1C","M2","1,44"]
[72943,"PINTURA DE LIGACAO COM EMULSAO RR-2C","M2","1,63"]
[72972,"CONTENCAO LATERAL COM SOLO LOCAL PARA PAVIMENTO POLIEDRICO","M2","0,71"]
[72973,"CORTE E PREPARO DE CORDAO DE PEDRA PARA PAVIMENTO POLIEDRICO","M","1,33"]
[72974,"CORTE E PREPARO DE PEDRA PARA PAVIMENTO POLIEDRICO","M2","4,45"]
[72975,"DESMONTE MANUAL DE PEDRA PARA PAVIMENTO POLIEDRICO","M2","0,50"]
[72978,"EXTRACAO, CARGA E ASSENTAMENTO DE CORDAO DE PEDRA PARA PAVIMENTO POLIEDRICO, EXCLUSIVE TRANSPORTE DE PEDRA E INDENIZACAO PEDREIRA","M","4,44"]
[72979,"EXTRACAO, CARGA, PREPARO E ASSENTAMENTO DE PEDRAS POLIEDRICAS, EXCLUSIVE TRANSPORTE DE PEDRA E INDENIZACAO PEDREIRA","M2","8,51"]
["73760/1","CAPA SELANTE COMPREENDENDO APLICAÇÃO DE ASFALTO NA PROPORÇÃO DE 0,7 A 1,5L / M2, DISTRIBUIÇÃO DE AGREGADOS DE 5 A 15KG/M2 E COMPACTAÇÃO COM ROLO - COM USO DA EMULSAO RR-2C, INCLUSO APLICACAO E COMPACTACAO","M2","3,59"]
["73849/1","AREIA ASFALTO A QUENTE (AAUQ) COM CAP 50/70, INCLUSO USINAGEM E APLICACAO, EXCLUSIVE TRANSPORTE","M3","673,79"]
["73849/2","AREIA ASFALTO A FRIO (AAUF), COM EMULSAO RR-2C INCLUSO USINAGEM E APLICACAO, EXCLUSIVE TRANSPORTE","M3","531,29"]
[92391,"EXECUÇÃO DE PAVIMENTO EM PISO INTERTRAVADO, COM BLOCO PISOGRAMA DE 35 X 25 CM, ESPESSURA 6 CM. AF_12/2015","M2","48,17"]
[92392,"EXECUÇÃO DE PAVIMENTO EM PISO INTERTRAVADO, COM BLOCO PISOGRAMA DE 35 X 25 CM, ESPESSURA 8 CM. AF_12/2015","M2","50,61"]
[92393,"EXECUÇÃO DE PAVIMENTO EM PISO INTERTRAVADO, COM BLOCO SEXTAVADO DE 25 X 25 CM, ESPESSURA 6 CM. AF_12/2015","M2","43,06"]
[92394,"EXECUÇÃO DE PAVIMENTO EM PISO INTERTRAVADO, COM BLOCO SEXTAVADO DE 25 X 25 CM, ESPESSURA 8 CM. AF_12/2015","M2","46,45"]
[92395,"EXECUÇÃO DE PAVIMENTO EM PISO INTERTRAVADO, COM BLOCO SEXTAVADO DE 25 X 25 CM, ESPESSURA 10 CM. AF_12/2015","M2","59,26"]
[92396,"EXECUÇÃO DE PASSEIO EM PISO INTERTRAVADO, COM BLOCO RETANGULAR COR NATURAL DE 20 X 10 CM, ESPESSURA 6 CM. AF_12/2015","M2","51,87"]
[92397,"EXECUÇÃO DE PÁTIO/ESTACIONAMENTO EM PISO INTERTRAVADO, COM BLOCO RETANGULAR COR NATURAL DE 20 X 10 CM, ESPESSURA 6 CM. AF_12/2015","M2","42,49"]
[92398,"EXECUÇÃO DE PÁTIO/ESTACIONAMENTO EM PISO INTERTRAVADO, COM BLOCO RETANGULAR COR NATURAL DE 20 X 10 CM, ESPESSURA 8 CM. AF_12/2015","M2","50,04"]
[92399,"EXECUÇÃO DE VIA EM PISO INTERTRAVADO, COM BLOCO RETANGULAR COR NATURAL DE 20 X 10 CM, ESPESSURA 8 CM. AF_12/2015","M2","51,08"]
[92400,"EXECUÇÃO DE PÁTIO/ESTACIONAMENTO EM PISO INTERTRAVADO, COM BLOCO RETANGULAR DE 20 X 10 CM, ESPESSURA 10 CM. AF_12/2015","M2","59,21"]
[92401,"EXECUÇÃO DE VIA EM PISO INTERTRAVADO, COM BLOCO RETANGULAR DE 20 X 10 CM, ESPESSURA 10 CM. AF_12/2015","M2","60,30"]
[92402,"EXECUÇÃO DE PASSEIO EM PISO INTERTRAVADO, COM BLOCO 16 FACES DE 22 X 11 CM, ESPESSURA 6 CM. AF_12/2015","M2","51,51"]
[92403,"EXECUÇÃO DE PÁTIO/ESTACIONAMENTO EM PISO INTERTRAVADO, COM BLOCO 16 FACES DE 22 X 11 CM, ESPESSURA 6 CM. AF_12/2015","M2","42,11"]
[92404,"EXECUÇÃO DE PÁTIO/ESTACIONAMENTO EM PISO INTERTRAVADO, COM BLOCO 16 FACES DE 22 X 11 CM, ESPESSURA 8 CM. AF_12/2015","M2","49,20"]
[92405,"EXECUÇÃO DE VIA EM PISO INTERTRAVADO, COM BLOCO 16 FACES DE 22 X 11 CM, ESPESSURA 8 CM. AF_12/2015","M2","50,20"]
[92406,"EXECUÇÃO DE PÁTIO/ESTACIONAMENTO EM PISO INTERTRAVADO, COM BLOCO 16 FACES DE 22 X 11 CM, ESPESSURA 10 CM. AF_12/2015","M2","60,43"]
[92407,"EXECUÇÃO DE VIA EM PISO INTERTRAVADO, COM BLOCO 16 FACES DE 22 X 11 CM, ESPESSURA 10 CM. AF_12/2015","M2","61,49"]
[93679,"EXECUÇÃO DE PASSEIO EM PISO INTERTRAVADO, COM BLOCO RETANGULAR COLORIDO DE 20 X 10 CM, ESPESSURA 6 CM. AF_12/2015","M2","56,67"]
[93680,"EXECUÇÃO DE PÁTIO/ESTACIONAMENTO EM PISO INTERTRAVADO, COM BLOCO RETANGULAR COLORIDO DE 20 X 10 CM, ESPESSURA 6 CM. AF_12/2015","M2","47,08"]
[93681,"EXECUÇÃO DE PÁTIO/ESTACIONAMENTO EM PISO INTERTRAVADO, COM BLOCO RETANGULAR COLORIDO DE 20 X 10 CM, ESPESSURA 8 CM. AF_12/2015","M2","57,15"]
[93682,"EXECUÇÃO DE VIA EM PISO INTERTRAVADO, COM BLOCO RETANGULAR COLORIDO DE 20 X 10 CM, ESPESSURA 8 CM. AF_12/2015","M2","58,26"]
[97114,"EXECUÇÃO DE JUNTAS DE CONTRAÇÃO PARA PAVIMENTOS DE CONCRETO. AF_11/2017","M","0,29"]
[97115,"APLICAÇÃO DE GRAXA EM BARRAS DE TRANSFERÊNCIA PARA EXECUÇÃO DE PAVIMENTO DE CONCRETO. AF_11/2017","KG","36,59"]
[97120,"BARRAS DE LIGAÇÃO, AÇO CA-50 DE 10 MM, PARA EXECUÇÃO DE PAVIMENTO DE CONCRETO – FORNECIMENTO E INSTALAÇÃO. AF_11/2017","KG","5,71"]
[97802,"CONSTRUÇÃO DE PAVIMENTO COM TRATAMENTO SUPERFICIAL SIMPLES, COM EMULSÃO ASFÁLTICA RR-2C. AF_01/2018","M2","3,24"]
[97803,"CONSTRUÇÃO DE PAVIMENTO COM TRATAMENTO SUPERFICIAL SIMPLES, COM EMULSÃO ASFÁLTICA RR-2C, COM BANHO DILUÍDO. AF_01/2018","M2","3,90"]
[97805,"CONSTRUÇÃO DE PAVIMENTO COM TRATAMENTO SUPERFICIAL DUPLO, COM EMULSÃO ASFÁLTICA RR-2C. AF_01/2018","M2","7,02"]
[97806,"CONSTRUÇÃO DE PAVIMENTO COM TRATAMENTO SUPERFICIAL DUPLO, COM EMULSÃO ASFÁLTICA RR-2C, COM BANHO DILUÍDO. AF_01/2018","M2","8,56"]
[97807,"CONSTRUÇÃO DE PAVIMENTO COM TRATAMENTO SUPERFICIAL DUPLO, COM EMULSÃO ASFÁLTICA RR-2C, COM CAPA SELANTE. AF_01/2018","M2","9,93"]
[97809,"CONSTRUÇÃO DE PAVIMENTO COM TRATAMENTO SUPERFICIAL TRIPLO, COM EMULSÃO ASFÁLTICA RR-2C. AF_01/2018","M2","12,52"]
[97810,"CONSTRUÇÃO DE PAVIMENTO COM TRATAMENTO SUPERFICIAL TRIPLO, COM EMULSÃO ASFÁLTICA RR-2C, COM BANHO DILUÍDO. AF_01/2018","M2","14,08"]
[97811,"CONSTRUÇÃO DE PAVIMENTO COM TRATAMENTO SUPERFICIAL TRIPLO, COM EMULSÃO ASFÁLTICA RR-2C, COM CAPA SELANTE. AF_01/2018","M2","15,46"]
[97813,"RECONSTRUÇÃO DE PAVIMENTO COM TRATAMENTO SUPERFICIAL SIMPLES, COM EMULSÃO ASFÁLTICA RR-2C. AF_01/2018","M2","3,40"]
[97814,"RECONSTRUÇÃO DE PAVIMENTO COM TRATAMENTO SUPERFICIAL SIMPLES, COM EMULSÃO ASFÁLTICA RR-2C, COM BANHO DILUÍDO. AF_01/2018","M2","4,06"]
[97816,"RECONSTRUÇÃO DE PAVIMENTO COM TRATAMENTO SUPERFICIAL DUPLO, COM EMULSÃO ASFÁLTICA RR-2C. AF_01/2018","M2","7,48"]
[97817,"RECONSTRUÇÃO DE PAVIMENTO COM TRATAMENTO SUPERFICIAL DUPLO, COM EMULSÃO ASFÁLTICA RR-2C, COM BANHO DILUÍDO. AF_01/2018","M2","9,03"]
[97818,"RECONSTRUÇÃO DE PAVIMENTO COM TRATAMENTO SUPERFICIAL DUPLO, COM EMULSÃO ASFÁLTICA RR-2C, COM CAPA SELANTE. AF_01/2018","M2","10,58"]
[97820,"RECONSTRUÇÃO DE PAVIMENTO COM TRATAMENTO SUPERFICIAL TRIPLO, COM EMULSÃO ASFÁLTICA RR-2C. AF_01/2018","M2","13,47"]
[97821,"RECONSTRUÇÃO DE PAVIMENTO COM TRATAMENTO SUPERFICIAL TRIPLO, COM EMULSÃO ASFÁLTICA RR-2C, COM BANHO DILUÍDO. AF_01/2018","M2","15,04"]
[97822,"RECONSTRUÇÃO DE PAVIMENTO COM TRATAMENTO SUPERFICIAL TRIPLO, COM EMULSÃO ASFÁLTICA RR-2C, COM CAPA SELANTE. AF_01/2018","M2","16,57"]
[72947,"SINALIZACAO HORIZONTAL COM TINTA RETRORREFLETIVA A BASE DE RESINA ACRILICA COM MICROESFERAS DE VIDRO","M2","28,86"]
[83693,"CAIACAO EM MEIO FIO","M2","2,79"]
["73770/1","BARREIRA PRE-MOLDADA EXTERNA CONCRETO ARMADO 0,25X0,40X1,14M FCK=25MPA ACO CA-50 INCL VIGOTA HORIZONTAL MONTANTE A CADA 1,00M  FERROS DE LIGACAO E MATERIAIS.","M","428,56"]
["73770/2","BARREIRA DUPLA PRE-MOL INTER CONCRETO ARMADO 0,15X0,65X0,77M FCK=25MPA ACO CA-50 INCL FERROS DE LIGACAO E MATERIAIS.","M","369,66"]
["83696/1","PINTURA GUARDA-CORPO GUARDA-RODA E MURETA PROTECAO COM CAL EM PONTES EVIADUTOS MEDIDA PELO DOBRO DA AREA TOTAL (LARGURAXALTURA).","M2","4,45"]
[72962,"USINAGEM DE CBUQ COM CAP 50/70, PARA CAPA DE ROLAMENTO","T","229,13"]
[72963,"USINAGEM DE CBUQ COM CAP 50/70, PARA BINDER","T","187,59"]
[95990,"CONSTRUÇÃO DE PAVIMENTO COM APLICAÇÃO DE CONCRETO BETUMINOSO USINADO A QUENTE (CBUQ), CAMADA DE ROLAMENTO, COM ESPESSURA DE 3,0 CM - EXCLUSIVE TRANSPORTE. AF_03/2017","M3","771,45"]
[95992,"CONSTRUÇÃO DE PAVIMENTO COM APLICAÇÃO DE CONCRETO BETUMINOSO USINADO A QUENTE (CBUQ), BINDER, COM ESPESSURA DE 3,0 CM - EXCLUSIVE TRANSPORTE. AF_03/2017","M3","714,50"]
[95993,"CONSTRUÇÃO DE PAVIMENTO COM APLICAÇÃO DE CONCRETO BETUMINOSO USINADO A QUENTE (CBUQ), CAMADA DE ROLAMENTO, COM ESPESSURA DE 4,0 CM - EXCLUSIVE TRANSPORTE. AF_03/2017","M3","739,88"]
[95994,"CONSTRUÇÃO DE PAVIMENTO COM APLICAÇÃO DE CONCRETO BETUMINOSO USINADO A QUENTE (CBUQ), BINDER, COM ESPESSURA DE 4,0 CM - EXCLUSIVE TRANSPORTE. AF_03/2017","M3","691,73"]
[95995,"CONSTRUÇÃO DE PAVIMENTO COM APLICAÇÃO DE CONCRETO BETUMINOSO USINADO A QUENTE (CBUQ), CAMADA DE ROLAMENTO, COM ESPESSURA DE 5,0 CM - EXCLUSIVE TRANSPORTE. AF_03/2017","M3","720,30"]
[95996,"CONSTRUÇÃO DE PAVIMENTO COM APLICAÇÃO DE CONCRETO BETUMINOSO USINADO A QUENTE (CBUQ), BINDER, COM ESPESSURA DE 5,0 CM - EXCLUSIVE TRANSPORTE. AF_03/2017","M3","677,60"]
[95997,"CONSTRUÇÃO DE PAVIMENTO COM APLICAÇÃO DE CONCRETO BETUMINOSO USINADO A QUENTE (CBUQ), CAMADA DE ROLAMENTO, COM ESPESSURA DE 6,0 CM - EXCLUSIVE TRANSPORTE. AF_03/2017","M3","708,25"]
[95998,"CONSTRUÇÃO DE PAVIMENTO COM APLICAÇÃO DE CONCRETO BETUMINOSO USINADO A QUENTE (CBUQ), BINDER, COM ESPESSURA DE 6,0 CM - EXCLUSIVE TRANSPORTE. AF_03/2017","M3","668,94"]
[95999,"CONSTRUÇÃO DE PAVIMENTO COM APLICAÇÃO DE CONCRETO BETUMINOSO USINADO A QUENTE (CBUQ), CAMADA DE ROLAMENTO, COM ESPESSURA DE 7,0 CM - EXCLUSIVE TRANSPORTE. AF_03/2017","M3","699,65"]
[96000,"CONSTRUÇÃO DE PAVIMENTO COM APLICAÇÃO DE CONCRETO BETUMINOSO USINADO A QUENTE (CBUQ), BINDER, COM ESPESSURA DE 7,0 CM - EXCLUSIVE TRANSPORTE. AF_03/2017","M3","662,76"]
[96001,"FRESAGEM DE PAVIMENTO ASFÁLTICO (PROFUNDIDADE 5,0 CM), EM LOCAIS COM NIVEL BAIXO DE INTERFERÊNCIA. AF_03/2017","M2","4,88"]
[96002,"FRESAGEM DE PAVIMENTO ASFÁLTICO (PROFUNDIDADE 5,0 CM), EM LOCAIS COM NIVEL ALTO DE INTERFERÊNCIA. AF_03/2017","M2","5,65"]
[96393,"USINAGEM DE BRITA GRADUADA SIMPLES, UTILIZANDO BRITA COMERCIAL COM USINA 300 T/H. AF_06/2017","M3","75,11"]
[96394,"USINAGEM DE BRITA GRADUADA TRATADA COM CIMENTO, UTILIZANDO BRITA COMERCIAL COM USINA 300 T/H. AF_06/2017","M3","121,53"]
[96395,"USINAGEM DE CONCRETO PARA COMPACTAÇÃO COM ROLO, UTILIZANDO BRITA COMERCIAL. AF_06/2017","M3","140,25"]
[73445,"CAIACAO INT OU EXT SOBRE REVESTIMENTO LISO C/ADOCAO DE FIXADOR COM    COM DUAS DEMAOS","M2","6,95"]
[73446,"PINTURA DE SUPERFICIE C/TINTA GRAFITE","M2","16,33"]
["74133/1","EMASSAMENTO COM MASSA A OLEO, UMA DEMAO","M2","13,39"]
["74133/2","EMASSAMENTO COM MASSA A OLEO, DUAS DEMAOS","M2","16,79"]
[79462,"EMASSAMENTO COM MASSA EPOXI, 2 DEMAOS","M2","42,91"]
["79494/1","PINTURA DE QUADRO ESCOLAR COM TINTA ESMALTE ACABAMENTO FOSCO, DUAS DEMAOS SOBRE MASSA ACRILICA","M2","10,72"]
[84651,"PINTURA COM TINTA IMPERMEAVEL MINERAL EM PO, DUAS DEMAOS","M2","7,79"]
[88411,"APLICAÇÃO MANUAL DE FUNDO SELADOR ACRÍLICO EM PANOS COM PRESENÇA DE VÃOS DE EDIFÍCIOS DE MÚLTIPLOS PAVIMENTOS. AF_06/2014","M2","1,76"]
[88412,"APLICAÇÃO MANUAL DE FUNDO SELADOR ACRÍLICO EM PANOS CEGOS DE FACHADA (SEM PRESENÇA DE VÃOS) DE EDIFÍCIOS DE MÚLTIPLOS PAVIMENTOS. AF_06/2014","M2","1,31"]
[88413,"APLICAÇÃO MANUAL DE FUNDO SELADOR ACRÍLICO EM SUPERFÍCIES EXTERNAS DE SACADA DE EDIFÍCIOS DE MÚLTIPLOS PAVIMENTOS. AF_06/2014","M2","2,65"]
[88414,"APLICAÇÃO MANUAL DE FUNDO SELADOR ACRÍLICO EM SUPERFÍCIES INTERNAS DA SACADA DE EDIFÍCIOS DE MÚLTIPLOS PAVIMENTOS. AF_06/2014","M2","2,95"]
[88415,"APLICAÇÃO MANUAL DE FUNDO SELADOR ACRÍLICO EM PAREDES EXTERNAS DE CASAS. AF_06/2014","M2","1,89"]
[88416,"APLICAÇÃO MANUAL DE PINTURA COM TINTA TEXTURIZADA ACRÍLICA EM PANOS COM PRESENÇA DE VÃOS DE EDIFÍCIOS DE MÚLTIPLOS PAVIMENTOS, UMA COR. AF_06/2014","M2","13,34"]
[88417,"APLICAÇÃO MANUAL DE PINTURA COM TINTA TEXTURIZADA ACRÍLICA EM PANOS CEGOS DE FACHADA (SEM PRESENÇA DE VÃOS) DE EDIFÍCIOS DE MÚLTIPLOS PAVIMENTOS, UMA COR. AF_06/2014","M2","11,76"]
[88420,"APLICAÇÃO MANUAL DE PINTURA COM TINTA TEXTURIZADA ACRÍLICA EM SUPERFÍCIES EXTERNAS DE SACADA DE EDIFÍCIOS DE MÚLTIPLOS PAVIMENTOS, UMA COR. AF_06/2014","M2","16,57"]
[88421,"APLICAÇÃO MANUAL DE PINTURA COM TINTA TEXTURIZADA ACRÍLICA EM SUPERFÍCIES INTERNAS DA SACADA DE EDIFÍCIOS DE MÚLTIPLOS PAVIMENTOS, UMA COR. AF_06/2014","M2","17,59"]
[88423,"APLICAÇÃO MANUAL DE PINTURA COM TINTA TEXTURIZADA ACRÍLICA EM PAREDES EXTERNAS DE CASAS, UMA COR. AF_06/2014","M2","13,84"]
[88424,"APLICAÇÃO MANUAL DE PINTURA COM TINTA TEXTURIZADA ACRÍLICA EM PANOS COM PRESENÇA DE VÃOS DE EDIFÍCIOS DE MÚLTIPLOS PAVIMENTOS, DUAS CORES. AF_06/2014","M2","15,54"]
[88426,"APLICAÇÃO MANUAL DE PINTURA COM TINTA TEXTURIZADA ACRÍLICA EM PANOS CEGOS DE FACHADA (SEM PRESENÇA DE VÃOS) DE EDIFÍCIOS DE MÚLTIPLOS PAVIMENTOS, DUAS CORES. AF_06/2014","M2","12,78"]
[88428,"APLICAÇÃO MANUAL DE PINTURA COM TINTA TEXTURIZADA ACRÍLICA EM SUPERFÍCIES EXTERNAS DE SACADA DE EDIFÍCIOS DE MÚLTIPLOS PAVIMENTOS, DUAS CORES. AF_06/2014","M2","21,09"]
[88429,"APLICAÇÃO MANUAL DE PINTURA COM TINTA TEXTURIZADA ACRÍLICA EM SUPERFÍCIES INTERNAS DA SACADA DE EDIFÍCIOS DE MÚLTIPLOS PAVIMENTOS, DUAS CORES. AF_06/2014","M2","22,86"]
[88431,"APLICAÇÃO MANUAL DE PINTURA COM TINTA TEXTURIZADA ACRÍLICA EM PAREDES EXTERNAS DE CASAS, DUAS CORES. AF_06/2014","M2","16,41"]
[88432,"APLICAÇÃO MANUAL DE PINTURA COM TINTA TEXTURIZADA ACRÍLICA EM MOLDURAS DE EPS, PRÉ-FABRICADOS, OU OUTROS. AF_06/2014","M2","11,68"]
[88482,"APLICAÇÃO DE FUNDO SELADOR LÁTEX PVA EM TETO, UMA DEMÃO. AF_06/2014","M2","2,31"]
[88483,"APLICAÇÃO DE FUNDO SELADOR LÁTEX PVA EM PAREDES, UMA DEMÃO. AF_06/2014","M2","2,12"]
[88484,"APLICAÇÃO DE FUNDO SELADOR ACRÍLICO EM TETO, UMA DEMÃO. AF_06/2014","M2","1,91"]
[88485,"APLICAÇÃO DE FUNDO SELADOR ACRÍLICO EM PAREDES, UMA DEMÃO. AF_06/2014","M2","1,64"]
[88486,"APLICAÇÃO MANUAL DE PINTURA COM TINTA LÁTEX PVA EM TETO, DUAS DEMÃOS. AF_06/2014","M2","8,60"]
[88487,"APLICAÇÃO MANUAL DE PINTURA COM TINTA LÁTEX PVA EM PAREDES, DUAS DEMÃOS. AF_06/2014","M2","7,75"]
[88488,"APLICAÇÃO MANUAL DE PINTURA COM TINTA LÁTEX ACRÍLICA EM TETO, DUAS DEMÃOS. AF_06/2014","M2","10,98"]
[88489,"APLICAÇÃO MANUAL DE PINTURA COM TINTA LÁTEX ACRÍLICA EM PAREDES, DUAS DEMÃOS. AF_06/2014","M2","9,76"]
[88490,"APLICAÇÃO MECÂNICA DE PINTURA COM TINTA LÁTEX PVA EM TETO, DUAS DEMÃOS. AF_06/2014","M2","6,44"]
[88491,"APLICAÇÃO MECÂNICA DE PINTURA COM TINTA LÁTEX PVA EM PAREDES, DUAS DEMÃOS. AF_06/2014","M2","6,23"]
[88492,"APLICAÇÃO MECÂNICA DE PINTURA COM TINTA LÁTEX ACRÍLICA EM TETO, DUAS DEMÃOS. AF_06/2014","M2","7,72"]
[88493,"APLICAÇÃO MECÂNICA DE PINTURA COM TINTA LÁTEX ACRÍLICA EM PAREDES, DUAS DEMÃOS. AF_06/2014","M2","7,40"]
[88494,"APLICAÇÃO E LIXAMENTO DE MASSA LÁTEX EM TETO, UMA DEMÃO. AF_06/2014","M2","12,93"]
[88495,"APLICAÇÃO E LIXAMENTO DE MASSA LÁTEX EM PAREDES, UMA DEMÃO. AF_06/2014","M2","7,06"]
[88496,"APLICAÇÃO E LIXAMENTO DE MASSA LÁTEX EM TETO, DUAS DEMÃOS. AF_06/2014","M2","17,57"]
[88497,"APLICAÇÃO E LIXAMENTO DE MASSA LÁTEX EM PAREDES, DUAS DEMÃOS. AF_06/2014","M2","9,74"]
[95305,"TEXTURA ACRÍLICA, APLICAÇÃO MANUAL EM PAREDE, UMA DEMÃO. AF_09/2016","M2","10,14"]
[95306,"TEXTURA ACRÍLICA, APLICAÇÃO MANUAL EM TETO, UMA DEMÃO. AF_09/2016","M2","11,69"]
[95622,"APLICAÇÃO MANUAL DE TINTA LÁTEX ACRÍLICA EM PANOS COM PRESENÇA DE VÃOS DE EDIFÍCIOS DE MÚLTIPLOS PAVIMENTOS, DUAS DEMÃOS. AF_11/2016","M2","9,66"]
[95623,"APLICAÇÃO MANUAL DE TINTA LÁTEX ACRÍLICA EM PANOS SEM PRESENÇA DE VÃOS DE EDIFÍCIOS DE MÚLTIPLOS PAVIMENTOS, DUAS DEMÃOS. AF_11/2016","M2","7,48"]
[95624,"APLICAÇÃO MANUAL DE TINTA LÁTEX ACRÍLICA EM SUPERFÍCIES EXTERNAS DE SACADA DE EDIFÍCIOS DE MÚLTIPLOS PAVIMENTOS, DUAS DEMÃOS. AF_11/2016","M2","14,10"]
[95625,"APLICAÇÃO MANUAL DE TINTA LÁTEX ACRÍLICA EM SUPERFÍCIES INTERNAS DE SACADA DE EDIFÍCIOS DE MÚLTIPLOS PAVIMENTOS, DUAS DEMÃOS. AF_11/2016","M2","15,50"]
[95626,"APLICAÇÃO MANUAL DE TINTA LÁTEX ACRÍLICA EM PAREDE EXTERNAS DE CASAS, DUAS DEMÃOS. AF_11/2016","M2","10,37"]
[96126,"APLICAÇÃO MANUAL DE MASSA ACRÍLICA EM PANOS DE FACHADA COM PRESENÇA DE VÃOS, DE EDIFÍCIOS DE MÚLTIPLOS PAVIMENTOS, UMA DEMÃO. AF_05/2017","M2","11,74"]
[96127,"APLICAÇÃO MANUAL DE MASSA ACRÍLICA EM PANOS DE FACHADA SEM PRESENÇA DE VÃOS, DE EDIFÍCIOS DE MÚLTIPLOS PAVIMENTOS, UMA DEMÃO. AF_05/2017","M2","9,02"]
[96128,"APLICAÇÃO MANUAL DE MASSA ACRÍLICA EM SUPERFÍCIES EXTERNAS DE SACADA DE EDIFÍCIOS DE MÚLTIPLOS PAVIMENTOS, UMA DEMÃO. AF_05/2017","M2","17,26"]
[96129,"APLICAÇÃO MANUAL DE MASSA ACRÍLICA EM SUPERFÍCIES INTERNAS DE SACADA DE EDIFÍCIOS DE MÚLTIPLOS PAVIMENTOS, UMA DEMÃO. AF_05/2017","M2","19,02"]
[96130,"APLICAÇÃO MANUAL DE MASSA ACRÍLICA EM PAREDES EXTERNAS DE CASAS, UMA DEMÃO. AF_05/2017","M2","12,61"]
[96131,"APLICAÇÃO MANUAL DE MASSA ACRÍLICA EM PANOS DE FACHADA COM PRESENÇA DE VÃOS, DE EDIFÍCIOS DE MÚLTIPLOS PAVIMENTOS, DUAS DEMÃOS. AF_05/2017","M2","16,26"]
[96132,"APLICAÇÃO MANUAL DE MASSA ACRÍLICA EM PANOS DE FACHADA SEM PRESENÇA DE VÃOS, DE EDIFÍCIOS DE MÚLTIPLOS PAVIMENTOS, DUAS DEMÃOS. AF_05/2017","M2","12,62"]
[96133,"APLICAÇÃO MANUAL DE MASSA ACRÍLICA EM SUPERFÍCIES EXTERNAS DE SACADA DE EDIFÍCIOS DE MÚLTIPLOS PAVIMENTOS, DUAS DEMÃOS. AF_05/2017","M2","23,58"]
[96134,"APLICAÇÃO MANUAL DE MASSA ACRÍLICA EM SUPERFÍCIES INTERNAS DE SACADA DE EDIFÍCIOS DE MÚLTIPLOS PAVIMENTOS, DUAS DEMÃOS. AF_05/2017","M2","25,92"]
[96135,"APLICAÇÃO MANUAL DE MASSA ACRÍLICA EM PAREDES EXTERNAS DE CASAS, DUAS DEMÃOS. AF_05/2017","M2","17,41"]
[79460,"PINTURA EPOXI, DUAS DEMAOS","M2","40,48"]
[79465,"PINTURA COM TINTA A BASE DE BORRACHA CLORADA, 2 DEMAOS","M2","35,62"]
["79514/1","PINTURA EPOXI, TRES DEMAOS","M2","57,20"]
[84647,"PINTURA EPOXI INCLUSO EMASSAMENTO E FUNDO PREPARADOR","M2","117,02"]
[84656,"TRATAMENTO EM  CONCRETO COM ESTUQUE E LIXAMENTO","M2","26,32"]
[84677,"VERNIZ SINTETICO BRILHANTE EM CONCRETO OU TIJOLO, DUAS DEMAOS","M2","9,58"]
[84678,"VERNIZ POLIURETANO BRILHANTE EM CONCRETO OU TIJOLO, TRES DEMAOS","M2","15,24"]
[6082,"PINTURA EM VERNIZ SINTETICO BRILHANTE EM MADEIRA, TRES DEMAOS","M2","13,55"]
[40905,"VERNIZ SINTETICO EM MADEIRA, DUAS DEMAOS","M2","17,44"]
["73739/1","PINTURA ESMALTE ACETINADO EM MADEIRA, DUAS DEMAOS","M2","14,01"]
["74065/1","PINTURA ESMALTE FOSCO PARA MADEIRA, DUAS DEMAOS, SOBRE FUNDO NIVELADOR BRANCO","M2","19,73"]
["74065/2","PINTURA ESMALTE ACETINADO PARA MADEIRA, DUAS DEMAOS, SOBRE FUNDO NIVELADOR BRANCO","M2","19,33"]
["74065/3","PINTURA ESMALTE BRILHANTE PARA MADEIRA, DUAS DEMAOS, SOBRE FUNDO NIVELADOR BRANCO","M2","19,22"]
[79463,"PINTURA A OLEO, 1 DEMAO","M2","11,68"]
[79464,"PINTURA A OLEO, 2 DEMAOS","M2","15,77"]
[79466,"PINTURA COM VERNIZ POLIURETANO, 2 DEMAOS","M2","15,04"]
["79497/1","PINTURA A OLEO, 3 DEMAOS","M2","19,64"]
[84645,"VERNIZ SINTETICO BRILHANTE, 2 DEMAOS","M2","14,83"]
[84657,"FUNDO SINTETICO NIVELADOR BRANCO","M2","7,78"]
[84659,"PINTURA ESMALTE FOSCO EM MADEIRA, DUAS DEMAOS","M2","13,20"]
[84679,"PINTURA IMUNIZANTE PARA MADEIRA, DUAS DEMAOS","M2","15,72"]
[95464,"PINTURA VERNIZ POLIURETANO BRILHANTE EM MADEIRA, TRES DEMAOS","M2","17,52"]
[73656,"JATEAMENTO COM AREIA EM ESTRUTURA METALICA","M2","14,88"]
["73794/1","PINTURA COM TINTA PROTETORA ACABAMENTO GRAFITE ESMALTE SOBRE SUPERFICIE METALICA, 2 DEMAOS","M2","28,44"]
["73865/1","FUNDO PREPARADOR PRIMER A BASE DE EPOXI, PARA ESTRUTURA METALICA, UMA DEMAO, ESPESSURA DE 25 MICRA.","M2","8,32"]
["73924/1","PINTURA ESMALTE ALTO BRILHO, DUAS DEMAOS, SOBRE SUPERFICIE METALICA","M2","21,07"]
["73924/2","PINTURA ESMALTE ACETINADO, DUAS DEMAOS, SOBRE SUPERFICIE METALICA","M2","21,18"]
["73924/3","PINTURA ESMALTE FOSCO, DUAS DEMAOS, SOBRE SUPERFICIE METALICA","M2","21,58"]
["74064/1","FUNDO ANTICORROSIVO A BASE DE OXIDO DE FERRO (ZARCAO), DUAS DEMAOS","M2","16,71"]
["74064/2","FUNDO ANTICORROSIVO A BASE DE OXIDO DE FERRO (ZARCAO), UMA DEMAO","M2","10,70"]
["74145/1","PINTURA ESMALTE FOSCO, DUAS DEMAOS, SOBRE SUPERFICIE METALICA, INCLUSO UMA DEMAO DE FUNDO ANTICORROSIVO. UTILIZACAO DE REVOLVER ( AR-COMPRIMIDO).","M2","15,68"]
["79498/1","PINTURA A OLEO BRILHANTE SOBRE SUPERFICIE METALICA, UMA DEMAO INCLUSO UMA DEMAO DE FUNDO ANTICORROSIVO","M2","13,75"]
["79499/1","PINTURA POSTE RETO DE ACO 3,5 A 6M C/1 DEMAO D/TINTA GRAFITE C/PROPRIEDADES DE PRIMER E ACABAMENTO - OBS: C/ALTO TEOR DE ZARCAO","UN","17,69"]
["79515/1","PINTURA COM TINTA PROTETORA ACABAMENTO ALUMINIO, TRES DEMAOS","M2","27,63"]
[84660,"FUNDO PREPARADOR PRIMER SINTETICO, PARA ESTRUTURA METALICA, UMA DEMÃO, ESPESSURA DE 25 MICRA","M2","5,73"]
[84661,"PINTURA COM TINTA PROTETORA ACABAMENTO ALUMINIO, UMA DEMAO SOBRE SUPERFCIE METALICA","M2","13,91"]
[84662,"PINTURA COM TINTA PROTETORA ACABAMENTO ALUMINIO, DUAS DEMAOS SOBRE SUPERFICIE METALICA","M2","21,84"]
[95468,"PINTURA ESMALTE BRILHANTE (2 DEMAOS) SOBRE SUPERFICIE METALICA, INCLUSIVE PROTECAO COM ZARCAO (1 DEMAO)","M2","31,58"]
[41595,"PINTURA ACRILICA DE FAIXAS DE DEMARCACAO EM QUADRA POLIESPORTIVA, 5 CM DE LARGURA","M","8,82"]
["73978/1","PINTURA HIDROFUGANTE COM SILICONE SOBRE PISO CIMENTADO, UMA DEMAO","M2","14,77"]
["74245/1","PINTURA ACRILICA EM PISO CIMENTADO DUAS DEMAOS","M2","11,18"]
[79467,"PINTURA COM TINTA A BASE DE BORRACHA CLORADA , DE FAIXAS DE DEMARCACAO, EM QUADRA POLIESPORTIVA, 5 CM DE LARGURA.","ML","11,16"]
["79500/2","PINTURA ACRILICA EM PISO CIMENTADO, TRES DEMAOS","M2","15,62"]
[84663,"APLICACAO DE VERNIZ POLIURETANO FOSCO SOBRE PISO DE PEDRAS DECORATIVAS, 3 DEMAOS","M2","17,61"]
[84665,"PINTURA ACRILICA PARA SINALIZAÇÃO HORIZONTAL EM PISO CIMENTADO","M2","16,06"]
[84666,"POLIMENTO E ENCERAMENTO DE PISO EM MADEIRA","M2","17,06"]
[75889,"PINTURA PARA TELHAS DE ALUMINIO COM TINTA ESMALTE AUTOMOTIVA","M2","16,29"]
[72191,"RECOLOCACAO DE TACOS DE MADEIRA COM REAPROVEITAMENTO DE MATERIAL E ASSENTAMENTO COM ARGAMASSA 1:4 (CIMENTO E AREIA)","M2","65,43"]
[72192,"RECOLOCACAO DE PISO DE TABUAS DE MADEIRA, CONSIDERANDO REAPROVEITAMENTO DO MATERIAL, EXCLUSIVE VIGAMENTO","M2","17,05"]
[72193,"RECOLOCACAO DE PISO DE TABUAS DE MADEIRA, CONSIDERANDO REAPROVEITAMENTO DO MATERIAL, INCLUSIVE VIGAMENTO","M2","46,48"]
[73655,"PISO EM TABUA CORRIDA DE MADEIRA ESPESSURA 2,5CM FIXADO EM PECAS DE MADEIRA E ASSENTADO EM ARGAMASSA TRACO 1:4 (CIMENTO/AREIA)","M2","149,76"]
["73734/1","PISO EM TACO DE MADEIRA 7X21CM, ASSENTADO COM ARGAMASSA TRACO 1:4 (CIMENTO E AREIA MEDIA)","M2","152,49"]
[84181,"PISO EM TACO DE MADEIRA 7X21CM, FIXADO COM COLA BASE DE PVA","M2","128,90"]
[87246,"REVESTIMENTO CERÂMICO PARA PISO COM PLACAS TIPO ESMALTADA EXTRA DE DIMENSÕES 35X35 CM APLICADA EM AMBIENTES DE ÁREA MENOR QUE 5 M2. AF_06/2014","M2","52,28"]
[87247,"REVESTIMENTO CERÂMICO PARA PISO COM PLACAS TIPO ESMALTADA EXTRA DE DIMENSÕES 35X35 CM APLICADA EM AMBIENTES DE ÁREA ENTRE 5 M2 E 10 M2. AF_06/2014","M2","46,76"]
[87248,"REVESTIMENTO CERÂMICO PARA PISO COM PLACAS TIPO ESMALTADA EXTRA DE DIMENSÕES 35X35 CM APLICADA EM AMBIENTES DE ÁREA MAIOR QUE 10 M2. AF_06/2014","M2","42,38"]
[87249,"REVESTIMENTO CERÂMICO PARA PISO COM PLACAS TIPO ESMALTADA EXTRA DE DIMENSÕES 45X45 CM APLICADA EM AMBIENTES DE ÁREA MENOR QUE 5 M2. AF_06/2014","M2","57,54"]
[87250,"REVESTIMENTO CERÂMICO PARA PISO COM PLACAS TIPO ESMALTADA EXTRA DE DIMENSÕES 45X45 CM APLICADA EM AMBIENTES DE ÁREA ENTRE 5 M2 E 10 M2. AF_06/2014","M2","48,81"]
[87251,"REVESTIMENTO CERÂMICO PARA PISO COM PLACAS TIPO ESMALTADA EXTRA DE DIMENSÕES 45X45 CM APLICADA EM AMBIENTES DE ÁREA MAIOR QUE 10 M2. AF_06/2014","M2","43,22"]
[87255,"REVESTIMENTO CERÂMICO PARA PISO COM PLACAS TIPO ESMALTADA EXTRA DE DIMENSÕES 60X60 CM APLICADA EM AMBIENTES DE ÁREA MENOR QUE 5 M2. AF_06/2014","M2","97,61"]
[87256,"REVESTIMENTO CERÂMICO PARA PISO COM PLACAS TIPO ESMALTADA EXTRA DE DIMENSÕES 60X60 CM APLICADA EM AMBIENTES DE ÁREA ENTRE 5 M2 E 10 M2. AF_06/2014","M2","86,72"]
[87257,"REVESTIMENTO CERÂMICO PARA PISO COM PLACAS TIPO ESMALTADA EXTRA DE DIMENSÕES 60X60 CM APLICADA EM AMBIENTES DE ÁREA MAIOR QUE 10 M2. AF_06/2014","M2","80,08"]
[87258,"REVESTIMENTO CERÂMICO PARA PISO COM PLACAS TIPO PORCELANATO DE DIMENSÕES 45X45 CM APLICADA EM AMBIENTES DE ÁREA MENOR QUE 5 M². AF_06/2014","M2","128,34"]
[87259,"REVESTIMENTO CERÂMICO PARA PISO COM PLACAS TIPO PORCELANATO DE DIMENSÕES 45X45 CM APLICADA EM AMBIENTES DE ÁREA ENTRE 5 M² E 10 M². AF_06/2014","M2","117,97"]
[87260,"REVESTIMENTO CERÂMICO PARA PISO COM PLACAS TIPO PORCELANATO DE DIMENSÕES 45X45 CM APLICADA EM AMBIENTES DE ÁREA MAIOR QUE 10 M². AF_06/2014","M2","112,03"]
[87261,"REVESTIMENTO CERÂMICO PARA PISO COM PLACAS TIPO PORCELANATO DE DIMENSÕES 60X60 CM APLICADA EM AMBIENTES DE ÁREA MENOR QUE 5 M². AF_06/2014","M2","149,25"]
[87262,"REVESTIMENTO CERÂMICO PARA PISO COM PLACAS TIPO PORCELANATO DE DIMENSÕES 60X60 CM APLICADA EM AMBIENTES DE ÁREA ENTRE 5 M² E 10 M². AF_06/2014","M2","136,91"]
[87263,"REVESTIMENTO CERÂMICO PARA PISO COM PLACAS TIPO PORCELANATO DE DIMENSÕES 60X60 CM APLICADA EM AMBIENTES DE ÁREA MAIOR QUE 10 M². AF_06/2014","M2","129,91"]
[89046,"(COMPOSIÇÃO REPRESENTATIVA) DO SERVIÇO DE REVESTIMENTO CERÂMICO PARA PISO COM PLACAS TIPO GRÉS DE DIMENSÕES 35X35 CM, PARA EDIFICAÇÃO HABITACIONAL MULTIFAMILIAR (PRÉDIO). AF_11/2014","M2","46,55"]
[89171,"(COMPOSIÇÃO REPRESENTATIVA) DO SERVIÇO DE REVESTIMENTO CERÂMICO PARA PISO COM PLACAS TIPO GRÉS DE DIMENSÕES 35X35 CM, PARA EDIFICAÇÃO HABITACIONAL UNIFAMILIAR (CASA) E EDIFICAÇÃO PÚBLICA PADRÃO. AF_11/2014","M2","44,38"]
[93389,"REVESTIMENTO CERÂMICO PARA PISO COM PLACAS TIPO ESMALTADA PADRÃO POPULAR DE DIMENSÕES 35X35 CM APLICADA EM AMBIENTES DE ÁREA MENOR QUE 5 M2. AF_06/2014","M2","46,60"]
[93390,"REVESTIMENTO CERÂMICO PARA PISO COM PLACAS TIPO ESMALTADA PADRÃO POPULAR DE DIMENSÕES 35X35 CM APLICADA EM AMBIENTES DE ÁREA ENTRE 5 M2 E 10 M2. AF_06/2014","M2","41,18"]
[93391,"REVESTIMENTO CERÂMICO PARA PISO COM PLACAS TIPO ESMALTADA PADRÃO POPULAR DE DIMENSÕES 35X35 CM APLICADA EM AMBIENTES DE ÁREA MAIOR QUE 10 M2. AF_06/2014","M2","36,80"]
["73743/1","PISO EM PEDRA SÃO TOME ASSENTADO SOBRE ARGAMASSA 1:3 (CIMENTO E AREIA) REJUNTADO COM CIMENTO BRANCO","M2","208,35"]
["73921/2","PISO EM PEDRA ARDOSIA ASSENTADO SOBRE ARGAMASSA COLANTE REJUNTADO COM CIMENTO COMUM","M2","42,50"]
[84183,"PISO EM PEDRA PORTUGUESA ASSENTADO SOBRE BASE DE AREIA, REJUNTADO COM CIMENTO COMUM","M2","143,02"]
[98670,"PISO EM LADRILHO HIDRÁULICO APLICADO EM AMBIENTES INTERNOS, INCLUSO APLICAÇÃO DE RESINA. AF_06/2018","M2","122,78"]
[98671,"PISO EM GRANITO APLICADO EM AMBIENTES INTERNOS. AF_06/2018","M2","296,59"]
[98672,"PISO EM MÁRMORE APLICADO EM AMBIENTES INTERNOS. AF_06/2018","M2","379,12"]
[98673,"PISO VINÍLICO SEMI-FLEXÍVEL EM PLACAS, PADRÃO LISO, ESPESSURA 3,2 MM, FIXADO COM COLA. AF_06/2018","M2","137,18"]
[98679,"PISO CIMENTADO, TRAÇO 1:3 (CIMENTO E AREIA), ACABAMENTO LISO, ESPESSURA 2,0 CM, PREPARO MECÂNICO DA ARGAMASSA. AF_06/2018","M2","23,53"]
[98680,"PISO CIMENTADO, TRAÇO 1:3 (CIMENTO E AREIA), ACABAMENTO LISO, ESPESSURA 3,0 CM, PREPARO MECÂNICO DA ARGAMASSA. AF_06/2018","M2","29,62"]
[98681,"PISO CIMENTADO, TRAÇO 1:3 (CIMENTO E AREIA), ACABAMENTO RÚSTICO, ESPESSURA 2,0 CM, PREPARO MECÂNICO DA ARGAMASSA. AF_06/2018","M2","21,93"]
[98682,"PISO CIMENTADO, TRAÇO 1:3 (CIMENTO E AREIA), ACABAMENTO RÚSTICO, ESPESSURA 3,0 CM, PREPARO MECÂNICO DA ARGAMASSA. AF_06/2018","M2","28,02"]
[98685,"RODAPÉ EM GRANITO, ALTURA 10 CM. AF_06/2018","M","53,99"]
[98686,"RODAPÉ EM LADRILHO HIDRÁULICO, ALTURA 7 CM. AF_06/2018","M","29,16"]
[98688,"RODAPÉ EM POLIESTIRENO, ALTURA 5 CM. AF_06/2018","M","33,28"]
[98689,"SOLEIRA EM GRANITO, LARGURA 15 CM, ESPESSURA 2,0 CM. AF_06/2018","M","76,76"]
[72187,"PISO DE BORRACHA FRISADO, ESPESSURA 7MM, ASSENTADO COM ARGAMASSA TRACO 1:3 (CIMENTO E AREIA)","M2","177,15"]
[72188,"PISO DE BORRACHA PASTILHADO, ESPESSURA 7MM, ASSENTADO COM ARGAMASSA TRACO 1:3 (CIMENTO E AREIA)","M2","177,15"]
["73876/1","PISO DE BORRACHA PASTILHADO, ESPESSURA 7MM, FIXADO COM COLA","M2","161,83"]
[84186,"PISO DE BORRACHA CANELADA, ESPESSURA 3,5MM, FIXADO COM COLA","M2","68,85"]
[84187,"ASSENTAMENTO DE PISO DE BORRACHA PASTILHADA FIXADO COM COLA","M2","11,68"]
[72136,"PISO INDUSTRIAL DE ALTA RESISTENCIA, ESPESSURA 8MM, INCLUSO JUNTAS DE DILATACAO PLASTICAS E POLIMENTO MECANIZADO","M2","70,69"]
[72137,"PISO INDUSTRIAL ALTA RESISTENCIA, ESPESSURA 12MM, INCLUSO JUNTAS DE DILATACAO PLASTICAS E POLIMENTO MECANIZADO","M2","84,26"]
[72815,"APLICACAO DE TINTA A BASE DE EPOXI SOBRE PISO","M2","45,07"]
[84191,"PISO EM GRANILITE, MARMORITE OU GRANITINA ESPESSURA 8 MM, INCLUSO JUNTAS DE DILATACAO PLASTICAS","M2","93,85"]
["74111/1","SOLEIRA / TABEIRA EM MARMORE BRANCO COMUM, POLIDO, LARGURA 5 CM, ESPESSURA 2 CM, ASSENTADA COM ARGAMASSA COLANTE","M","32,13"]
[98695,"SOLEIRA EM MÁRMORE, LARGURA 15 CM, ESPESSURA 2,0 CM. AF_06/2018","M","67,19"]
[98697,"RODAPÉ EM MÁRMORE, ALTURA 7 CM. AF_06/2018","M","44,54"]
["73886/1","RODAPE EM MADEIRA, ALTURA 7CM, FIXADO EM PECAS DE MADEIRA","M","15,62"]
[84162,"RODAPE EM MADEIRA, ALTURA 7CM, FIXADO COM COLA","M","16,02"]
[88648,"RODAPÉ CERÂMICO DE 7CM DE ALTURA COM PLACAS TIPO ESMALTADA EXTRA  DE DIMENSÕES 35X35CM. AF_06/2014","M","6,09"]
[88649,"RODAPÉ CERÂMICO DE 7CM DE ALTURA COM PLACAS TIPO ESMALTADA EXTRA DE DIMENSÕES 45X45CM. AF_06/2014","M","7,00"]
[88650,"RODAPÉ CERÂMICO DE 7CM DE ALTURA COM PLACAS TIPO ESMALTADA EXTRA DE DIMENSÕES 60X60CM. AF_06/2014","M","14,42"]
[96467,"RODAPÉ CERÂMICO DE 7CM DE ALTURA COM PLACAS TIPO ESMALTADA COMERCIAL DE DIMENSÕES 35X35CM (PADRAO POPULAR). AF_06/2017","M","5,44"]
["73850/1","RODAPE EM MARMORITE, ALTURA 10CM","M","21,08"]
[84168,"RODAPE EM ARDOSIA ASSENTADO COM ARGAMASSA TRACO 1:4 (CIMENTO E AREIA) ALTURA 10CM","M","18,74"]
[68325,"PISO EM CONCRETO 20 MPA PREPARO MECANICO, ESPESSURA 7CM, INCLUSO SELANTE ELASTICO A BASE DE POLIURETANO","M2","39,27"]
[68333,"PISO EM CONCRETO 20 MPA PREPARO MECANICO, ESPESSURA 7CM, INCLUSO JUNTAS DE DILATACAO EM MADEIRA","M2","40,22"]
[72183,"PISO EM CONCRETO 20MPA PREPARO MECANICO, ESPESSURA 7 CM, COM ARMACAO EM TELA SOLDADA","M2","67,44"]
[84175,"JUNTA 5X5CM COM ARGAMASSA TRACO 1:3 (CIMENTO E AREIA) PARA PISO EM PLACAS","M","10,15"]
[84176,"JUNTA 2,5X2,5CM COM ARGAMASSA 1:1:3 IMPERMEABILIZANTE DE HIDRO-ASFALTO CIMENTO E AREIA PARA PISO EM PLACAS","M","19,11"]
[94990,"EXECUÇÃO DE PASSEIO (CALÇADA) OU PISO DE CONCRETO COM CONCRETO MOLDADO IN LOCO, FEITO EM OBRA, ACABAMENTO CONVENCIONAL, NÃO ARMADO. AF_07/2016","M3","499,41"]
[94991,"EXECUÇÃO DE PASSEIO (CALÇADA) OU PISO DE CONCRETO COM CONCRETO MOLDADO IN LOCO, USINADO, ACABAMENTO CONVENCIONAL, NÃO ARMADO. AF_07/2016","M3","367,21"]
[94992,"EXECUÇÃO DE PASSEIO (CALÇADA) OU PISO DE CONCRETO COM CONCRETO MOLDADO IN LOCO, FEITO EM OBRA, ACABAMENTO CONVENCIONAL, ESPESSURA 6 CM, ARMADO. AF_07/2016","M2","52,15"]
[94993,"EXECUÇÃO DE PASSEIO (CALÇADA) OU PISO DE CONCRETO COM CONCRETO MOLDADO IN LOCO, USINADO, ACABAMENTO CONVENCIONAL, ESPESSURA 6 CM, ARMADO. AF_07/2016","M2","44,21"]
[94994,"EXECUÇÃO DE PASSEIO (CALÇADA) OU PISO DE CONCRETO COM CONCRETO MOLDADO IN LOCO, FEITO EM OBRA, ACABAMENTO CONVENCIONAL, ESPESSURA 8 CM, ARMADO. AF_07/2016","M2","63,46"]
[94995,"EXECUÇÃO DE PASSEIO (CALÇADA) OU PISO DE CONCRETO COM CONCRETO MOLDADO IN LOCO, USINADO, ACABAMENTO CONVENCIONAL, ESPESSURA 8 CM, ARMADO. AF_07/2016","M2","52,89"]
[94996,"EXECUÇÃO DE PASSEIO (CALÇADA) OU PISO DE CONCRETO COM CONCRETO MOLDADO IN LOCO, FEITO EM OBRA, ACABAMENTO CONVENCIONAL, ESPESSURA 10 CM, ARMADO. AF_07/2016","M2","73,56"]
[94997,"EXECUÇÃO DE PASSEIO (CALÇADA) OU PISO DE CONCRETO COM CONCRETO MOLDADO IN LOCO, USINADO, ACABAMENTO CONVENCIONAL, ESPESSURA 10 CM, ARMADO. AF_07/2016","M2","60,33"]
[94998,"EXECUÇÃO DE PASSEIO (CALÇADA) OU PISO DE CONCRETO COM CONCRETO MOLDADO IN LOCO, FEITO EM OBRA, ACABAMENTO CONVENCIONAL, ESPESSURA 12 CM, ARMADO. AF_07/2016","M2","83,35"]
[94999,"EXECUÇÃO DE PASSEIO (CALÇADA) OU PISO DE CONCRETO COM CONCRETO MOLDADO IN LOCO, USINADO, ACABAMENTO CONVENCIONAL, ESPESSURA 12 CM, ARMADO. AF_07/2016","M2","67,49"]
[87620,"CONTRAPISO EM ARGAMASSA TRAÇO 1:4 (CIMENTO E AREIA), PREPARO MECÂNICO COM BETONEIRA 400 L, APLICADO EM ÁREAS SECAS SOBRE LAJE, ADERIDO, ESPESSURA 2CM. AF_06/2014","M2","22,94"]
[87622,"CONTRAPISO EM ARGAMASSA TRAÇO 1:4 (CIMENTO E AREIA), PREPARO MANUAL, APLICADO EM ÁREAS SECAS SOBRE LAJE, ADERIDO, ESPESSURA 2CM. AF_06/2014","M2","25,01"]
[87623,"CONTRAPISO EM ARGAMASSA PRONTA, PREPARO MECÂNICO COM MISTURADOR 300 KG, APLICADO EM ÁREAS SECAS SOBRE LAJE, ADERIDO, ESPESSURA 2CM. AF_06/2014","M2","48,97"]
[87624,"CONTRAPISO EM ARGAMASSA PRONTA, PREPARO MANUAL, APLICADO EM ÁREAS SECAS SOBRE LAJE, ADERIDO, ESPESSURA 2CM. AF_06/2014","M2","53,24"]
[87630,"CONTRAPISO EM ARGAMASSA TRAÇO 1:4 (CIMENTO E AREIA), PREPARO MECÂNICO COM BETONEIRA 400 L, APLICADO EM ÁREAS SECAS SOBRE LAJE, ADERIDO, ESPESSURA 3CM. AF_06/2014","M2","28,43"]
[87632,"CONTRAPISO EM ARGAMASSA TRAÇO 1:4 (CIMENTO E AREIA), PREPARO MANUAL, APLICADO EM ÁREAS SECAS SOBRE LAJE, ADERIDO, ESPESSURA 3CM. AF_06/2014","M2","31,31"]
[87633,"CONTRAPISO EM ARGAMASSA PRONTA, PREPARO MECÂNICO COM MISTURADOR 300 KG, APLICADO EM ÁREAS SECAS SOBRE LAJE, ADERIDO, ESPESSURA 3CM. AF_06/2014","M2","64,62"]
[87634,"CONTRAPISO EM ARGAMASSA PRONTA, PREPARO MANUAL, APLICADO EM ÁREAS SECAS SOBRE LAJE, ADERIDO, ESPESSURA 3CM. AF_06/2014","M2","70,55"]
[87640,"CONTRAPISO EM ARGAMASSA TRAÇO 1:4 (CIMENTO E AREIA), PREPARO MECÂNICO COM BETONEIRA 400 L, APLICADO EM ÁREAS SECAS SOBRE LAJE, ADERIDO, ESPESSURA 4CM. AF_06/2014","M2","32,86"]
[87642,"CONTRAPISO EM ARGAMASSA TRAÇO 1:4 (CIMENTO E AREIA), PREPARO MANUAL, APLICADO EM ÁREAS SECAS SOBRE LAJE, ADERIDO, ESPESSURA 4CM. AF_06/2014","M2","36,40"]
[87643,"CONTRAPISO EM ARGAMASSA PRONTA, PREPARO MECÂNICO COM MISTURADOR 300 KG, APLICADO EM ÁREAS SECAS SOBRE LAJE, ADERIDO, ESPESSURA 4CM. AF_06/2014","M2","77,36"]
[87644,"CONTRAPISO EM ARGAMASSA PRONTA, PREPARO MANUAL, APLICADO EM ÁREAS SECAS SOBRE LAJE, ADERIDO, ESPESSURA 4CM. AF_06/2014","M2","84,65"]
[87680,"CONTRAPISO EM ARGAMASSA TRAÇO 1:4 (CIMENTO E AREIA), PREPARO MECÂNICO COM BETONEIRA 400 L, APLICADO EM ÁREAS SECAS SOBRE LAJE, NÃO ADERIDO, ESPESSURA 4CM. AF_06/2014","M2","26,73"]
[87682,"CONTRAPISO EM ARGAMASSA TRAÇO 1:4 (CIMENTO E AREIA), PREPARO MANUAL, APLICADO EM ÁREAS SECAS SOBRE LAJE, NÃO ADERIDO, ESPESSURA 4CM. AF_06/2014","M2","30,27"]
[87683,"CONTRAPISO EM ARGAMASSA PRONTA, PREPARO MECÂNICO COM MISTURADOR 300 KG, APLICADO EM ÁREAS SECAS SOBRE LAJE, NÃO ADERIDO, ESPESSURA 4CM. AF_06/2014","M2","71,23"]
[87684,"CONTRAPISO EM ARGAMASSA PRONTA, PREPARO MANUAL, APLICADO EM ÁREAS SECAS SOBRE LAJE, NÃO ADERIDO, ESPESSURA 4CM. AF_06/2014","M2","78,52"]
[87690,"CONTRAPISO EM ARGAMASSA TRAÇO 1:4 (CIMENTO E AREIA), PREPARO MECÂNICO COM BETONEIRA 400 L, APLICADO EM ÁREAS SECAS SOBRE LAJE, NÃO ADERIDO, ESPESSURA 5CM. AF_06/2014","M2","31,04"]
[87692,"CONTRAPISO EM ARGAMASSA TRAÇO 1:4 (CIMENTO E AREIA), PREPARO MANUAL, APLICADO EM ÁREAS SECAS SOBRE LAJE, NÃO ADERIDO, ESPESSURA 5CM. AF_06/2014","M2","35,09"]
[87693,"CONTRAPISO EM ARGAMASSA PRONTA, PREPARO MECÂNICO COM MISTURADOR 300 KG, APLICADO EM ÁREAS SECAS SOBRE LAJE, NÃO ADERIDO, ESPESSURA 5CM. AF_06/2014","M2","82,00"]
[87694,"CONTRAPISO EM ARGAMASSA PRONTA, PREPARO MANUAL, APLICADO EM ÁREAS SECAS SOBRE LAJE, NÃO ADERIDO, ESPESSURA 5CM. AF_06/2014","M2","90,35"]
[87700,"CONTRAPISO EM ARGAMASSA TRAÇO 1:4 (CIMENTO E AREIA), PREPARO MECÂNICO COM BETONEIRA 400 L, APLICADO EM ÁREAS SECAS SOBRE LAJE, NÃO ADERIDO, ESPESSURA 6CM. AF_06/2014","M2","33,55"]
[87702,"CONTRAPISO EM ARGAMASSA TRAÇO 1:4 (CIMENTO E AREIA), PREPARO MANUAL, APLICADO EM ÁREAS SECAS SOBRE LAJE, NÃO ADERIDO, ESPESSURA 6CM. AF_06/2014","M2","37,96"]
[87703,"CONTRAPISO EM ARGAMASSA PRONTA, PREPARO MECÂNICO COM MISTURADOR 300 KG, APLICADO EM ÁREAS SECAS SOBRE LAJE, NÃO ADERIDO, ESPESSURA 6CM. AF_06/2014","M2","89,05"]
[87704,"CONTRAPISO EM ARGAMASSA PRONTA, PREPARO MANUAL, APLICADO EM ÁREAS SECAS SOBRE LAJE, NÃO ADERIDO, ESPESSURA 6CM. AF_06/2014","M2","98,14"]
[87735,"CONTRAPISO EM ARGAMASSA TRAÇO 1:4 (CIMENTO E AREIA), PREPARO MECÂNICO COM BETONEIRA 400 L, APLICADO EM ÁREAS MOLHADAS SOBRE LAJE, ADERIDO, ESPESSURA 2CM. AF_06/2014","M2","30,01"]
[87737,"CONTRAPISO EM ARGAMASSA TRAÇO 1:4 (CIMENTO E AREIA), PREPARO MANUAL, APLICADO EM ÁREAS MOLHADAS SOBRE LAJE, ADERIDO, ESPESSURA 2CM. AF_06/2014","M2","32,08"]
[87738,"CONTRAPISO EM ARGAMASSA PRONTA, PREPARO MECÂNICO COM MISTURADOR 300 KG, APLICADO EM ÁREAS MOLHADAS SOBRE LAJE, ADERIDO, ESPESSURA 2CM. AF_06/2014","M2","56,04"]
[87739,"CONTRAPISO EM ARGAMASSA PRONTA, PREPARO MANUAL, APLICADO EM ÁREAS MOLHADAS SOBRE LAJE, ADERIDO, ESPESSURA 2CM. AF_06/2014","M2","60,31"]
[87745,"CONTRAPISO EM ARGAMASSA TRAÇO 1:4 (CIMENTO E AREIA), PREPARO MECÂNICO COM BETONEIRA 400 L, APLICADO EM ÁREAS MOLHADAS SOBRE LAJE, ADERIDO, ESPESSURA 3CM. AF_06/2014","M2","35,50"]
[87747,"CONTRAPISO EM ARGAMASSA TRAÇO 1:4 (CIMENTO E AREIA), PREPARO MANUAL, APLICADO EM ÁREAS MOLHADAS SOBRE LAJE, ADERIDO, ESPESSURA 3CM. AF_06/2014","M2","38,38"]
[87748,"CONTRAPISO EM ARGAMASSA PRONTA, PREPARO MECÂNICO COM MISTURADOR 300 KG, APLICADO EM ÁREAS MOLHADAS SOBRE LAJE, ADERIDO, ESPESSURA 3CM. AF_06/2014","M2","71,69"]
[87749,"CONTRAPISO EM ARGAMASSA PRONTA, PREPARO MANUAL, APLICADO EM ÁREAS MOLHADAS SOBRE LAJE, ADERIDO, ESPESSURA 3CM. AF_06/2014","M2","77,62"]
[87755,"CONTRAPISO EM ARGAMASSA TRAÇO 1:4 (CIMENTO E AREIA), PREPARO MECÂNICO COM BETONEIRA 400 L, APLICADO EM ÁREAS MOLHADAS SOBRE IMPERMEABILIZAÇÃO, ESPESSURA 3CM. AF_06/2014","M2","32,01"]
[87757,"CONTRAPISO EM ARGAMASSA TRAÇO 1:4 (CIMENTO E AREIA), PREPARO MANUAL, APLICADO EM ÁREAS MOLHADAS SOBRE IMPERMEABILIZAÇÃO, ESPESSURA 3CM. AF_06/2014","M2","34,89"]
[87758,"CONTRAPISO EM ARGAMASSA PRONTA, PREPARO MECÂNICO COM MISTURADOR 300 KG, APLICADO EM ÁREAS MOLHADAS SOBRE IMPERMEABILIZAÇÃO, ESPESSURA 3CM. AF_06/2014","M2","68,20"]
[87759,"CONTRAPISO EM ARGAMASSA PRONTA, PREPARO MANUAL, APLICADO EM ÁREAS MOLHADAS SOBRE IMPERMEABILIZAÇÃO, ESPESSURA 3CM. AF_06/2014","M2","74,13"]
[87765,"CONTRAPISO EM ARGAMASSA TRAÇO 1:4 (CIMENTO E AREIA), PREPARO MECÂNICO COM BETONEIRA 400 L, APLICADO EM ÁREAS MOLHADAS SOBRE IMPERMEABILIZAÇÃO, ESPESSURA 4CM. AF_06/2014","M2","36,44"]
[87767,"CONTRAPISO EM ARGAMASSA TRAÇO 1:4 (CIMENTO E AREIA), PREPARO MANUAL, APLICADO EM ÁREAS MOLHADAS SOBRE IMPERMEABILIZAÇÃO, ESPESSURA 4CM. AF_06/2014","M2","39,98"]
[87768,"CONTRAPISO EM ARGAMASSA PRONTA, PREPARO MECÂNICO COM MISTURADOR 300 KG, APLICADO EM ÁREAS MOLHADAS SOBRE IMPERMEABILIZAÇÃO, ESPESSURA 4CM. AF_06/2014","M2","80,94"]
[87769,"CONTRAPISO EM ARGAMASSA PRONTA, PREPARO MANUAL, APLICADO EM ÁREAS MOLHADAS SOBRE IMPERMEABILIZAÇÃO, ESPESSURA 4CM. AF_06/2014","M2","88,23"]
[88470,"CONTRAPISO AUTONIVELANTE, APLICADO SOBRE LAJE, NÃO ADERIDO, ESPESSURA 3CM. AF_06/2014","M2","16,64"]
[88471,"CONTRAPISO AUTONIVELANTE, APLICADO SOBRE LAJE, NÃO ADERIDO, ESPESSURA 4CM. AF_06/2014","M2","20,57"]
[88472,"CONTRAPISO AUTONIVELANTE, APLICADO SOBRE LAJE, NÃO ADERIDO, ESPESSURA 5CM. AF_06/2014","M2","23,66"]
[88476,"CONTRAPISO AUTONIVELANTE, APLICADO SOBRE LAJE, ADERIDO, ESPESSURA 2CM. AF_06/2014","M2","13,95"]
[88477,"CONTRAPISO AUTONIVELANTE, APLICADO SOBRE LAJE, ADERIDO, ESPESSURA 3CM. AF_06/2014","M2","19,02"]
[88478,"CONTRAPISO AUTONIVELANTE, APLICADO SOBRE LAJE, ADERIDO, ESPESSURA 4CM. AF_06/2014","M2","23,14"]
[90900,"CONTRAPISO ACÚSTICO EM ARGAMASSA TRAÇO 1:4 (CIMENTO E AREIA), PREPARO MECÂNICO COM BETONEIRA 400L, APLICADO EM ÁREAS SECAS MENORES QUE 15M2, ESPESSURA 5CM. AF_10/2014","M2","55,56"]
[90902,"CONTRAPISO ACÚSTICO EM ARGAMASSA TRAÇO 1:4 (CIMENTO E AREIA), PREPARO MANUAL, APLICADO EM ÁREAS SECAS MENORES QUE 15M2, ESPESSURA 5CM. AF_10/2014","M2","59,61"]
[90903,"CONTRAPISO ACÚSTICO EM ARGAMASSA PRONTA, PREPARO MECÂNICO COM MISTURADOR 300 KG, APLICADO EM ÁREAS SECAS MENORES QUE 15M2, ESPESSURA 5CM. AF_10/2014","M2","106,52"]
[90904,"CONTRAPISO ACÚSTICO EM ARGAMASSA PRONTA, PREPARO MANUAL, APLICADO EM ÁREAS SECAS MENORES QUE 15M2, ESPESSURA 5CM. AF_10/2014","M2","114,87"]
[90910,"CONTRAPISO ACÚSTICO EM ARGAMASSA TRAÇO 1:4 (CIMENTO E AREIA), PREPARO MECÂNICO COM BETONEIRA 400L, APLICADO EM ÁREAS SECAS MENORES QUE 15M2, ESPESSURA 6CM. AF_10/2014","M2","58,70"]
[90912,"CONTRAPISO ACÚSTICO EM ARGAMASSA TRAÇO 1:4 (CIMENTO E AREIA), PREPARO MANUAL, APLICADO EM ÁREAS SECAS MENORES QUE 15M2, ESPESSURA 6CM. AF_10/2014","M2","63,11"]
[90913,"CONTRAPISO ACÚSTICO EM ARGAMASSA PRONTA, PREPARO MECÂNICO COM MISTURADOR 300 KG, APLICADO EM ÁREAS SECAS MENORES QUE 15M2, ESPESSURA 6CM. AF_10/2014","M2","114,20"]
[90914,"CONTRAPISO ACÚSTICO EM ARGAMASSA PRONTA, PREPARO MANUAL, APLICADO EM ÁREAS SECAS MENORES QUE 15M2, ESPESSURA 6CM. AF_10/2014","M2","123,29"]
[90920,"CONTRAPISO ACÚSTICO EM ARGAMASSA TRAÇO 1:4 (CIMENTO E AREIA), PREPARO MECÂNICO COM BETONEIRA 400L, APLICADO EM ÁREAS SECAS MENORES QUE 15M2, ESPESSURA 7CM. AF_10/2014","M2","64,49"]
[90922,"CONTRAPISO ACÚSTICO EM ARGAMASSA TRAÇO 1:4 (CIMENTO E AREIA), PREPARO MANUAL, APLICADO EM ÁREAS SECAS MENORES QUE 15M2, ESPESSURA 7CM. AF_10/2014","M2","69,56"]
[90923,"CONTRAPISO ACÚSTICO EM ARGAMASSA PRONTA, PREPARO MECÂNICO COM MISTURADOR 300 KG, APLICADO EM ÁREAS SECAS MENORES QUE 15M2, ESPESSURA 7CM. AF_10/2014","M2","128,30"]
[90924,"CONTRAPISO ACÚSTICO EM ARGAMASSA PRONTA, PREPARO MANUAL, APLICADO EM ÁREAS SECAS MENORES QUE 15M2, ESPESSURA 7CM. AF_10/2014","M2","138,75"]
[90930,"CONTRAPISO ACÚSTICO EM ARGAMASSA TRAÇO 1:4 (CIMENTO E AREIA), PREPARO MECÂNICO COM BETONEIRA 400L, APLICADO EM ÁREAS SECAS MAIORES QUE 15M2, ESPESSURA 5CM. AF_10/2014","M2","50,96"]
[90932,"CONTRAPISO ACÚSTICO EM ARGAMASSA TRAÇO 1:4 (CIMENTO E AREIA), PREPARO MANUAL, APLICADO EM ÁREAS SECAS MAIORES QUE 15M2, ESPESSURA 5CM. AF_10/2014","M2","55,01"]
[90933,"CONTRAPISO ACÚSTICO EM ARGAMASSA PRONTA, PREPARO MECÂNICO COM MISTURADOR 300 KG, APLICADO EM ÁREAS SECAS MAIORES QUE 15M2, ESPESSURA 5CM. AF_10/2014","M2","101,92"]
[90934,"CONTRAPISO ACÚSTICO EM ARGAMASSA PRONTA, PREPARO MANUAL, APLICADO EM ÁREAS SECAS MAIORES QUE 15M2, ESPESSURA 5CM. AF_10/2014","M2","110,27"]
[90940,"CONTRAPISO ACÚSTICO EM ARGAMASSA TRAÇO 1:4 (CIMENTO E AREIA), PREPARO MECÂNICO COM BETONEIRA 400L, APLICADO EM ÁREAS SECAS MAIORES QUE 15M2, ESPESSURA 6CM. AF_10/2014","M2","54,12"]
[90942,"CONTRAPISO ACÚSTICO EM ARGAMASSA TRAÇO 1:4 (CIMENTO E AREIA), PREPARO MANUAL, APLICADO EM ÁREAS SECAS MAIORES QUE 15M2, ESPESSURA 6CM. AF_10/2014","M2","58,53"]
[90943,"CONTRAPISO ACÚSTICO EM ARGAMASSA PRONTA, PREPARO MECÂNICO COM MISTURADOR 300 KG, APLICADO EM ÁREAS SECAS MAIORES QUE 15M2, ESPESSURA 6CM. AF_10/2014","M2","109,62"]
[90944,"CONTRAPISO ACÚSTICO EM ARGAMASSA PRONTA, PREPARO MANUAL, APLICADO EM ÁREAS SECAS MAIORES QUE 15M2, ESPESSURA 6CM. AF_10/2014","M2","118,71"]
[90950,"CONTRAPISO ACÚSTICO EM ARGAMASSA TRAÇO 1:4 (CIMENTO E AREIA), PREPARO MECÂNICO COM BETONEIRA 400L, APLICADO EM ÁREAS SECAS MAIORES QUE 15M2, ESPESSURA 7CM. AF_10/2014","M2","59,89"]
[90952,"CONTRAPISO ACÚSTICO EM ARGAMASSA TRAÇO 1:4 (CIMENTO E AREIA), PREPARO MANUAL, APLICADO EM ÁREAS SECAS MAIORES QUE 15M2, ESPESSURA 7CM. AF_10/2014","M2","64,96"]
[90953,"CONTRAPISO ACÚSTICO EM ARGAMASSA PRONTA, PREPARO MECÂNICO COM MISTURADOR 300 KG, APLICADO EM ÁREAS SECAS MAIORES QUE 15M2, ESPESSURA 7CM. AF_10/2014","M2","123,70"]
[90954,"CONTRAPISO ACÚSTICO EM ARGAMASSA PRONTA, PREPARO MANUAL, APLICADO EM ÁREAS SECAS MAIORES QUE 15M2, ESPESSURA 7CM. AF_10/2014","M2","134,15"]
[94438,"(COMPOSIÇÃO REPRESENTATIVA) DO SERVIÇO DE CONTRAPISO EM ARGAMASSA TRAÇO 1:4 (CIM E AREIA), EM BETONEIRA 400 L, ESPESSURA 3 CM ÁREAS SECAS E 3 CM ÁREAS MOLHADAS, PARA EDIFICAÇÃO HABITACIONAL UNIFAMILIAR (CASA) E EDIFICAÇÃO PÚBLICA PADRÃO. AF_11/2014","M2","30,41"]
[94439,"(COMPOSIÇÃO REPRESENTATIVA) DO SERVIÇO DE CONTRAPISO EM ARGAMASSA TRAÇO 1:4 (CIM E AREIA), EM BETONEIRA 400 L, ESPESSURA 4 CM ÁREAS SECAS E AREAS MOLHADAS SOBRE LAJE E 3 CM ÁREAS MOLHADAS SOBRE IMPERMEABILIZAÇÃO, PARA EDIFICAÇÃO HABITACIONAL UNIFAMILIAR(CASA) E EDIFICAÇÃO PÚBLICA PADRÃO. AF_11/2014","M2","33,95"]
[94779,"(COMPOSIÇÃO REPRESENTATIVA) DO SERVIÇO DE CONTRAPISO EM ARGAMASSA TRAÇO 1:4 (CIM E AREIA), EM BETONEIRA 400 L, ESPESSURA 3 CM ÁREAS SECAS E 3 CM ÁREAS MOLHADAS, PARA EDIFICAÇÃO HABITACIONAL MULTIFAMILIAR (PRÉDIO). AF_11/2014","M2","29,61"]
[94782,"(COMPOSIÇÃO REPRESENTATIVA) DO SERVIÇO DE CONTRAPISO EM ARGAMASSA TRAÇO 1:4 (CIM E AREIA), EM BETONEIRA 400 L, ESPESSURA 4 CM ÁREAS SECAS E AREAS MOLHADAS SOBRE LAJE E 3 CM ÁREAS MOLHADAS SOBRE IMPERMEABILIZAÇÃO, PARA EDIFICAÇÃO HABITACIONAL MULTIFAMILIAR (PRÉDIO). AF_11/2014","M2","33,55"]
[72190,"RODAPE BORRACHA LISO, ALTURA = 7CM, ESPESSURA = 2 MM, PARA ARGAMASSA","M","29,74"]
[87871,"CHAPISCO APLICADO SOMENTE EM ESTRUTURAS DE CONCRETO EM ALVENARIAS INTERNAS, COM DESEMPENADEIRA DENTADA. ARGAMASSA INDUSTRIALIZADA COM PREPARO MANUAL. AF_06/2014","M2","13,47"]
[87872,"CHAPISCO APLICADO SOMENTE EM ESTRUTURAS DE CONCRETO EM ALVENARIAS INTERNAS, COM DESEMPENADEIRA DENTADA.  ARGAMASSA INDUSTRIALIZADA COM PREPARO EM MISTURADOR 300 KG. AF_06/2014","M2","12,97"]
[87873,"CHAPISCO APLICADO EM ALVENARIAS E ESTRUTURAS DE CONCRETO INTERNAS, COM ROLO PARA TEXTURA ACRÍLICA.  ARGAMASSA TRAÇO 1:4 E EMULSÃO POLIMÉRICA (ADESIVO) COM PREPARO MANUAL. AF_06/2014","M2","3,93"]
[87874,"CHAPISCO APLICADO EM ALVENARIAS E ESTRUTURAS DE CONCRETO INTERNAS, COM ROLO PARA TEXTURA ACRÍLICA.  ARGAMASSA TRAÇO 1:4 E EMULSÃO POLIMÉRICA (ADESIVO) COM PREPARO EM BETONEIRA 400L. AF_06/2014","M2","3,85"]
[87876,"CHAPISCO APLICADO EM ALVENARIAS E ESTRUTURAS DE CONCRETO INTERNAS, COM ROLO PARA TEXTURA ACRÍLICA.  ARGAMASSA INDUSTRIALIZADA COM PREPARO MANUAL. AF_06/2014","M2","7,21"]
[87877,"CHAPISCO APLICADO EM ALVENARIAS E ESTRUTURAS DE CONCRETO INTERNAS, COM ROLO PARA TEXTURA ACRÍLICA.  ARGAMASSA INDUSTRIALIZADA COM PREPARO EM MISTURADOR 300 KG. AF_06/2014","M2","6,99"]
[87878,"CHAPISCO APLICADO EM ALVENARIAS E ESTRUTURAS DE CONCRETO INTERNAS, COM COLHER DE PEDREIRO.  ARGAMASSA TRAÇO 1:3 COM PREPARO MANUAL. AF_06/2014","M2","3,04"]
[87879,"CHAPISCO APLICADO EM ALVENARIAS E ESTRUTURAS DE CONCRETO INTERNAS, COM COLHER DE PEDREIRO.  ARGAMASSA TRAÇO 1:3 COM PREPARO EM BETONEIRA 400L. AF_06/2014","M2","2,73"]
[87881,"CHAPISCO APLICADO NO TETO, COM ROLO PARA TEXTURA ACRÍLICA. ARGAMASSA TRAÇO 1:4 E EMULSÃO POLIMÉRICA (ADESIVO) COM PREPARO MANUAL. AF_06/2014","M2","3,87"]
[87882,"CHAPISCO APLICADO NO TETO, COM ROLO PARA TEXTURA ACRÍLICA. ARGAMASSA TRAÇO 1:4 E EMULSÃO POLIMÉRICA (ADESIVO) COM PREPARO EM BETONEIRA 400L. AF_06/2014","M2","3,79"]
[87884,"CHAPISCO APLICADO NO TETO, COM ROLO PARA TEXTURA ACRÍLICA. ARGAMASSA INDUSTRIALIZADA COM PREPARO MANUAL. AF_06/2014","M2","7,15"]
[87885,"CHAPISCO APLICADO NO TETO, COM ROLO PARA TEXTURA ACRÍLICA. ARGAMASSA INDUSTRIALIZADA COM PREPARO EM MISTURADOR 300 KG. AF_06/2014","M2","6,93"]
[87886,"CHAPISCO APLICADO NO TETO, COM DESEMPENADEIRA DENTADA. ARGAMASSA INDUSTRIALIZADA COM PREPARO MANUAL. AF_06/2014","M2","17,90"]
[87887,"CHAPISCO APLICADO NO TETO, COM DESEMPENADEIRA DENTADA. ARGAMASSA INDUSTRIALIZADA COM PREPARO EM MISTURADOR 300 KG. AF_06/2014","M2","17,40"]
[87888,"CHAPISCO APLICADO EM ALVENARIA (SEM PRESENÇA DE VÃOS) E ESTRUTURAS DE CONCRETO DE FACHADA, COM ROLO PARA TEXTURA ACRÍLICA.  ARGAMASSA TRAÇO 1:4 E EMULSÃO POLIMÉRICA (ADESIVO) COM PREPARO MANUAL. AF_06/2014","M2","4,89"]
[87889,"CHAPISCO APLICADO EM ALVENARIA (SEM PRESENÇA DE VÃOS) E ESTRUTURAS DE CONCRETO DE FACHADA, COM ROLO PARA TEXTURA ACRÍLICA.  ARGAMASSA TRAÇO 1:4 E EMULSÃO POLIMÉRICA (ADESIVO) COM PREPARO EM BETONEIRA 400L. AF_06/2014","M2","4,81"]
[87891,"CHAPISCO APLICADO EM ALVENARIA (SEM PRESENÇA DE VÃOS) E ESTRUTURAS DE CONCRETO DE FACHADA, COM ROLO PARA TEXTURA ACRÍLICA.  ARGAMASSA INDUSTRIALIZADA COM PREPARO MANUAL. AF_06/2014","M2","8,17"]
[87892,"CHAPISCO APLICADO EM ALVENARIA (SEM PRESENÇA DE VÃOS) E ESTRUTURAS DE CONCRETO DE FACHADA, COM ROLO PARA TEXTURA ACRÍLICA.  ARGAMASSA INDUSTRIALIZADA COM PREPARO EM MISTURADOR 300 KG. AF_06/2014","M2","7,95"]
[87893,"CHAPISCO APLICADO EM ALVENARIA (SEM PRESENÇA DE VÃOS) E ESTRUTURAS DE CONCRETO DE FACHADA, COM COLHER DE PEDREIRO.  ARGAMASSA TRAÇO 1:3 COM PREPARO MANUAL. AF_06/2014","M2","4,68"]
[87894,"CHAPISCO APLICADO EM ALVENARIA (SEM PRESENÇA DE VÃOS) E ESTRUTURAS DE CONCRETO DE FACHADA, COM COLHER DE PEDREIRO.  ARGAMASSA TRAÇO 1:3 COM PREPARO EM BETONEIRA 400L. AF_06/2014","M2","4,37"]
[87896,"CHAPISCO APLICADO EM ALVENARIA (SEM PRESENÇA DE VÃOS) E ESTRUTURAS DE CONCRETO DE FACHADA, COM EQUIPAMENTO DE PROJEÇÃO.  ARGAMASSA TRAÇO 1:3 COM PREPARO MANUAL. AF_06/2014","M2","4,23"]
[87897,"CHAPISCO APLICADO EM ALVENARIA (SEM PRESENÇA DE VÃOS) E ESTRUTURAS DE CONCRETO DE FACHADA, COM EQUIPAMENTO DE PROJEÇÃO.  ARGAMASSA TRAÇO 1:3 COM PREPARO EM BETONEIRA 400 L. AF_06/2014","M2","3,92"]
[87899,"CHAPISCO APLICADO EM ALVENARIA (COM PRESENÇA DE VÃOS) E ESTRUTURAS DE CONCRETO DE FACHADA, COM ROLO PARA TEXTURA ACRÍLICA.  ARGAMASSA TRAÇO 1:4 E EMULSÃO POLIMÉRICA (ADESIVO) COM PREPARO MANUAL. AF_06/2014","M2","5,72"]
[87900,"CHAPISCO APLICADO EM ALVENARIA (COM PRESENÇA DE VÃOS) E ESTRUTURAS DE CONCRETO DE FACHADA, COM ROLO PARA TEXTURA ACRÍLICA.  ARGAMASSA TRAÇO 1:4 E EMULSÃO POLIMÉRICA (ADESIVO) COM PREPARO EM BETONEIRA 400L. AF_06/2014","M2","5,64"]
[87902,"CHAPISCO APLICADO EM ALVENARIA (COM PRESENÇA DE VÃOS) E ESTRUTURAS DE CONCRETO DE FACHADA, COM ROLO PARA TEXTURA ACRÍLICA.  ARGAMASSA INDUSTRIALIZADA COM PREPARO MANUAL. AF_06/2014","M2","9,00"]
[87903,"CHAPISCO APLICADO EM ALVENARIA (COM PRESENÇA DE VÃOS) E ESTRUTURAS DE CONCRETO DE FACHADA, COM ROLO PARA TEXTURA ACRÍLICA.  ARGAMASSA INDUSTRIALIZADA COM PREPARO EM MISTURADOR 300 KG. AF_06/2014","M2","8,78"]
[87904,"CHAPISCO APLICADO EM ALVENARIA (COM PRESENÇA DE VÃOS) E ESTRUTURAS DE CONCRETO DE FACHADA, COM COLHER DE PEDREIRO.  ARGAMASSA TRAÇO 1:3 COM PREPARO MANUAL. AF_06/2014","M2","6,06"]
[87905,"CHAPISCO APLICADO EM ALVENARIA (COM PRESENÇA DE VÃOS) E ESTRUTURAS DE CONCRETO DE FACHADA, COM COLHER DE PEDREIRO.  ARGAMASSA TRAÇO 1:3 COM PREPARO EM BETONEIRA 400L. AF_06/2014","M2","5,75"]
[87907,"CHAPISCO APLICADO EM ALVENARIA (COM PRESENÇA DE VÃOS) E ESTRUTURAS DE CONCRETO DE FACHADA, COM EQUIPAMENTO DE PROJEÇÃO.  ARGAMASSA TRAÇO 1:3 COM PREPARO MANUAL. AF_06/2014","M2","5,43"]
[87908,"CHAPISCO APLICADO EM ALVENARIA (COM PRESENÇA DE VÃOS) E ESTRUTURAS DE CONCRETO DE FACHADA, COM EQUIPAMENTO DE PROJEÇÃO.  ARGAMASSA TRAÇO 1:3 COM PREPARO EM BETONEIRA 400 L. AF_06/2014","M2","5,12"]
[87910,"CHAPISCO APLICADO SOMENTE NA ESTRUTURA DE CONCRETO DA FACHADA, COM DESEMPENADEIRA DENTADA. ARGAMASSA INDUSTRIALIZADA COM PREPARO MANUAL. AF_06/2014","M2","17,79"]
[87911,"CHAPISCO APLICADO SOMENTE NA ESTRUTURA DE CONCRETO DA FACHADA, COM DESEMPENADEIRA DENTADA. ARGAMASSA INDUSTRIALIZADA COM PREPARO EM MISTURADOR 300 KG. AF_06/2014","M2","17,29"]
[5991,"BARRA LISA COM ARGAMASSA TRACO 1:4 (CIMENTO E AREIA GROSSA), ESPESSURA 2,0CM, INCLUSO ADITIVO IMPERMEABILIZANTE, PREPARO MECANICO DA ARGAMASSA","M2","36,31"]
[84023,"BARRA LISA TRACO 1:3 (CIMENTO E AREIA MEDIA), ESPESSURA 1,5CM, PREPARO MANUAL DA ARGAMASSA","M2","33,69"]
[84024,"BARRA LISA TRACO 1:3 (CIMENTO E AREIA MEDIA), ESPESSURA 1,0CM, PREPARO MANUAL DA ARGAMASSA","M2","31,72"]
[84026,"BARRA LISA TRACO 1:4 (CIMENTO E AREIA MEDIA), ESPESSURA 2,0CM, PREPARO MANUAL DA ARGAMASSA","M2","39,65"]
[84027,"BARRA LISA TRACO 1:3 (CIMENTO E AREIA MEDIA), ESPESSURA 0,5CM, PREPARO MANUAL DA ARGAMASSA","M2","26,71"]
[84028,"BARRA LISA TRACO 1:4 (CIMENTO E AREIA MEDIA), COM CORANTE AMARELO, ESPESSURA 2,0CM, PREPARO MANUAL DA ARGAMASSA","M2","45,38"]
[84072,"BARRA LISA TRACO 1:3 (CIMENTO E AREIA MEDIA NAO PENEIRADA), INCLUSO ADITIVO IMPERMEABILIZANTE, ESPESSURA 0,5CM, PREPARO MANUAL DA ARGAMASSA","M2","27,16"]
[87411,"APLICAÇÃO MANUAL DE GESSO DESEMPENADO (SEM TALISCAS) EM TETO DE AMBIENTES DE ÁREA MAIOR QUE 10M², ESPESSURA DE 0,5CM. AF_06/2014","M2","11,23"]
[87412,"APLICAÇÃO MANUAL DE GESSO DESEMPENADO (SEM TALISCAS) EM TETO DE AMBIENTES DE ÁREA ENTRE 5M² E 10M², ESPESSURA DE 0,5CM. AF_06/2014","M2","15,76"]
[87413,"APLICAÇÃO MANUAL DE GESSO DESEMPENADO (SEM TALISCAS) EM TETO DE AMBIENTES DE ÁREA MENOR QUE 5M², ESPESSURA DE 0,5CM. AF_06/2014","M2","18,34"]
[87414,"APLICAÇÃO MANUAL DE GESSO DESEMPENADO (SEM TALISCAS) EM TETO DE AMBIENTES DE ÁREA MAIOR QUE 10M², ESPESSURA DE 1,0CM. AF_06/2014","M2","16,85"]
[87415,"APLICAÇÃO MANUAL DE GESSO DESEMPENADO (SEM TALISCAS) EM TETO DE AMBIENTES DE ÁREA ENTRE 5M² E 10M², ESPESSURA DE 1,0CM. AF_06/2014","M2","21,25"]
[87416,"APLICAÇÃO MANUAL DE GESSO DESEMPENADO (SEM TALISCAS) EM TETO DE AMBIENTES DE ÁREA MENOR QUE 5M², ESPESSURA DE 1,0CM. AF_06/2014","M2","24,00"]
[87417,"APLICAÇÃO MANUAL DE GESSO DESEMPENADO (SEM TALISCAS) EM PAREDES DE AMBIENTES DE ÁREA MAIOR QUE 10M², ESPESSURA DE 0,5CM. AF_06/2014","M2","11,86"]
[87418,"APLICAÇÃO MANUAL DE GESSO DESEMPENADO (SEM TALISCAS) EM PAREDES DE AMBIENTES DE ÁREA ENTRE 5M² E 10M², ESPESSURA DE 0,5CM. AF_06/2014","M2","12,20"]
[87419,"APLICAÇÃO MANUAL DE GESSO DESEMPENADO (SEM TALISCAS) EM PAREDES DE AMBIENTES DE ÁREA MENOR QUE 5M², ESPESSURA DE 0,5CM. AF_06/2014","M2","13,17"]
[87420,"APLICAÇÃO MANUAL DE GESSO DESEMPENADO (SEM TALISCAS) EM PAREDES DE AMBIENTES DE ÁREA MAIOR QUE 10M², ESPESSURA DE 1,0CM. AF_06/2014","M2","18,00"]
[87421,"APLICAÇÃO MANUAL DE GESSO DESEMPENADO (SEM TALISCAS) EM PAREDES DE AMBIENTES DE ÁREA ENTRE 5M² E 10M², ESPESSURA DE 1,0CM. AF_06/2014","M2","18,34"]
[87422,"APLICAÇÃO MANUAL DE GESSO DESEMPENADO (SEM TALISCAS) EM PAREDES DE AMBIENTES DE ÁREA MENOR QUE 5M², ESPESSURA DE 1,0CM. AF_06/2014","M2","19,31"]
[87423,"APLICAÇÃO MANUAL DE GESSO SARRAFEADO (COM TALISCAS) EM PAREDES DE AMBIENTES DE ÁREA MAIOR QUE 10M², ESPESSURA DE 1,0CM. AF_06/2014","M2","23,50"]
[87424,"APLICAÇÃO MANUAL DE GESSO SARRAFEADO (COM TALISCAS) EM PAREDES DE AMBIENTES DE ÁREA ENTRE 5M² E 10M², ESPESSURA DE 1,0CM. AF_06/2014","M2","24,00"]
[87425,"APLICAÇÃO MANUAL DE GESSO SARRAFEADO (COM TALISCAS) EM PAREDES DE AMBIENTES DE ÁREA MENOR QUE 5M², ESPESSURA DE 1,0CM. AF_06/2014","M2","24,80"]
[87426,"APLICAÇÃO MANUAL DE GESSO SARRAFEADO (COM TALISCAS) EM PAREDES DE AMBIENTES DE ÁREA MAIOR QUE 10M², ESPESSURA DE 1,5CM. AF_06/2014","M2","27,77"]
[87427,"APLICAÇÃO MANUAL DE GESSO SARRAFEADO (COM TALISCAS) EM PAREDES DE AMBIENTES DE ÁREA ENTRE 5M² E 10M², ESPESSURA DE 1,5CM. AF_06/2014","M2","28,28"]
[87428,"APLICAÇÃO MANUAL DE GESSO SARRAFEADO (COM TALISCAS) EM PAREDES DE AMBIENTES DE ÁREA MENOR QUE 5M², ESPESSURA DE 1,5CM. AF_06/2014","M2","29,09"]
[87429,"APLICAÇÃO DE GESSO PROJETADO COM EQUIPAMENTO DE PROJEÇÃO EM PAREDES DE AMBIENTES DE ÁREA MAIOR QUE 10M², DESEMPENADO (SEM TALISCAS), ESPESSURA DE 0,5CM. AF_06/2014","M2","13,65"]
[87430,"APLICAÇÃO DE GESSO PROJETADO COM EQUIPAMENTO DE PROJEÇÃO EM PAREDES DE AMBIENTES DE ÁREA ENTRE 5M² E 10M², DESEMPENADO (SEM TALISCAS), ESPESSURA DE 0,5CM. AF_06/2014","M2","13,99"]
[87431,"APLICAÇÃO DE GESSO PROJETADO COM EQUIPAMENTO DE PROJEÇÃO EM PAREDES DE AMBIENTES DE ÁREA MENOR QUE 5M², DESEMPENADO (SEM TALISCAS), ESPESSURA DE 0,5CM. AF_06/2014","M2","14,16"]
[87432,"APLICAÇÃO DE GESSO PROJETADO COM EQUIPAMENTO DE PROJEÇÃO EM PAREDES DE AMBIENTES DE ÁREA MAIOR QUE 10M², DESEMPENADO (SEM TALISCAS), ESPESSURA DE 1,0CM. AF_06/2014","M2","20,02"]
[87433,"APLICAÇÃO DE GESSO PROJETADO COM EQUIPAMENTO DE PROJEÇÃO EM PAREDES DE AMBIENTES DE ÁREA ENTRE 5M² E 10M², DESEMPENADO (SEM TALISCAS), ESPESSURA DE 1,0CM. AF_06/2014","M2","20,69"]
[87434,"APLICAÇÃO DE GESSO PROJETADO COM EQUIPAMENTO DE PROJEÇÃO EM PAREDES DE AMBIENTES DE ÁREA MENOR QUE 5M², DESEMPENADO (SEM TALISCAS), ESPESSURA DE 1,0CM. AF_06/2014","M2","21,17"]
[87435,"APLICAÇÃO DE GESSO PROJETADO COM EQUIPAMENTO DE PROJEÇÃO EM PAREDES DE AMBIENTES DE ÁREA MAIOR QUE 10M², SARRAFEADO (COM TALISCAS), ESPESSURA DE 1,0CM. AF_06/2014","M2","22,14"]
[87436,"APLICAÇÃO DE GESSO PROJETADO COM EQUIPAMENTO DE PROJEÇÃO EM PAREDES DE AMBIENTES DE ÁREA ENTRE 5M² E 10M², SARRAFEADO (COM TALISCAS), ESPESSURA DE 1,0CM. AF_06/2014","M2","23,29"]
[87437,"APLICAÇÃO DE GESSO PROJETADO COM EQUIPAMENTO DE PROJEÇÃO EM PAREDES DE AMBIENTES DE ÁREA MENOR QUE 5M², SARRAFEADO (COM TALISCAS), ESPESSURA DE 1,0CM. AF_06/2014","M2","24,09"]
[87438,"APLICAÇÃO DE GESSO PROJETADO COM EQUIPAMENTO DE PROJEÇÃO EM PAREDES DE AMBIENTES DE ÁREA MAIOR QUE 10M², SARRAFEADO (COM TALISCAS), ESPESSURA DE 1,5CM. AF_06/2014","M2","27,45"]
[87439,"APLICAÇÃO DE GESSO PROJETADO COM EQUIPAMENTO DE PROJEÇÃO EM PAREDES DE AMBIENTES DE ÁREA ENTRE 5M² E 10M², SARRAFEADO (COM TALISCAS), ESPESSURA DE 1,5CM. AF_06/2014","M2","28,89"]
[87440,"APLICAÇÃO DE GESSO PROJETADO COM EQUIPAMENTO DE PROJEÇÃO EM PAREDES DE AMBIENTES DE ÁREA MENOR QUE 5M², SARRAFEADO (COM TALISCAS), ESPESSURA DE 1,5CM. AF_06/2014","M2","29,56"]
[87527,"EMBOÇO, PARA RECEBIMENTO DE CERÂMICA, EM ARGAMASSA TRAÇO 1:2:8, PREPARO MECÂNICO COM BETONEIRA 400L, APLICADO MANUALMENTE EM FACES INTERNAS DE PAREDES, PARA AMBIENTE COM ÁREA MENOR QUE 5M2, ESPESSURA DE 20MM, COM EXECUÇÃO DE TALISCAS. AF_06/2014","M2","24,66"]
[87528,"EMBOÇO, PARA RECEBIMENTO DE CERÂMICA, EM ARGAMASSA TRAÇO 1:2:8, PREPARO MANUAL, APLICADO MANUALMENTE EM FACES INTERNAS DE PAREDES, PARA AMBIENTE COM ÁREA MENOR QUE 5M2, ESPESSURA DE 20MM, COM EXECUÇÃO DE TALISCAS. AF_06/2014","M2","27,24"]
[87529,"MASSA ÚNICA, PARA RECEBIMENTO DE PINTURA, EM ARGAMASSA TRAÇO 1:2:8, PREPARO MECÂNICO COM BETONEIRA 400L, APLICADA MANUALMENTE EM FACES INTERNAS DE PAREDES, ESPESSURA DE 20MM, COM EXECUÇÃO DE TALISCAS. AF_06/2014","M2","22,26"]
[87530,"MASSA ÚNICA, PARA RECEBIMENTO DE PINTURA, EM ARGAMASSA TRAÇO 1:2:8, PREPARO MANUAL, APLICADA MANUALMENTE EM FACES INTERNAS DE PAREDES, ESPESSURA DE 20MM, COM EXECUÇÃO DE TALISCAS. AF_06/2014","M2","24,84"]
[87531,"EMBOÇO, PARA RECEBIMENTO DE CERÂMICA, EM ARGAMASSA TRAÇO 1:2:8, PREPARO MECÂNICO COM BETONEIRA 400L, APLICADO MANUALMENTE EM FACES INTERNAS DE PAREDES, PARA AMBIENTE COM ÁREA ENTRE 5M2 E 10M2, ESPESSURA DE 20MM, COM EXECUÇÃO DE TALISCAS. AF_06/2014","M2","21,42"]
[87532,"EMBOÇO, PARA RECEBIMENTO DE CERÂMICA, EM ARGAMASSA TRAÇO 1:2:8, PREPARO MANUAL, APLICADO MANUALMENTE EM FACES INTERNAS DE PAREDES, PARA AMBIENTE COM ÁREA  ENTRE 5M2 E 10M2, ESPESSURA DE 20MM, COM EXECUÇÃO DE TALISCAS. AF_06/2014","M2","24,00"]
[87535,"EMBOÇO, PARA RECEBIMENTO DE CERÂMICA, EM ARGAMASSA TRAÇO 1:2:8, PREPARO MECÂNICO COM BETONEIRA 400L, APLICADO MANUALMENTE EM FACES INTERNAS DE PAREDES, PARA AMBIENTE COM ÁREA  MAIOR QUE 10M2, ESPESSURA DE 20MM, COM EXECUÇÃO DE TALISCAS. AF_06/2014","M2","19,02"]
[87536,"EMBOÇO, PARA RECEBIMENTO DE CERÂMICA, EM ARGAMASSA TRAÇO 1:2:8, PREPARO MANUAL, APLICADO MANUALMENTE EM FACES INTERNAS DE PAREDES, PARA AMBIENTE COM ÁREA  MAIOR QUE 10M2, ESPESSURA DE 20MM, COM EXECUÇÃO DE TALISCAS. AF_06/2014","M2","21,60"]
[87537,"EMBOÇO, PARA RECEBIMENTO DE CERÂMICA, EM ARGAMASSA INDUSTRIALIZADA, PREPARO MECÂNICO, APLICADO COM EQUIPAMENTO DE MISTURA E PROJEÇÃO DE 1,5 M3/H DE ARGAMASSA EM FACES INTERNAS DE PAREDES, PARA AMBIENTE COM ÁREA  MENOR QUE 5M2, ESPESSURA DE 20MM, COM EXECUÇÃO DE TALISCAS. AF_06/2014","M2","42,84"]
[87538,"MASSA ÚNICA, PARA RECEBIMENTO DE PINTURA, EM ARGAMASSA INDUSTRIALIZADA, PREPARO MECÂNICO, APLICADO COM EQUIPAMENTO DE MISTURA E PROJEÇÃO DE 1,5 M3/H DE ARGAMASSA EM FACES INTERNAS DE PAREDES, ESPESSURA DE 20MM, COM EXECUÇÃO DE TALISCAS. AF_06/2014","M2","40,80"]
[87539,"EMBOÇO, PARA RECEBIMENTO DE CERÂMICA, EM ARGAMASSA INDUSTRIALIZADA, PREPARO MECÂNICO, APLICADO COM EQUIPAMENTO DE MISTURA E PROJEÇÃO DE 1,5 M3/H DE ARGAMASSA EM FACES INTERNAS DE PAREDES, PARA AMBIENTE COM ÁREA ENTRE 5M2 E 10M2, ESPESSURA DE 20MM, COM EXECUÇÃO DE TALISCAS. AF_06/2014","M2","40,07"]
[87541,"EMBOÇO, PARA RECEBIMENTO DE CERÂMICA, EM ARGAMASSA INDUSTRIALIZADA, PREPARO MECÂNICO, APLICADO COM EQUIPAMENTO DE MISTURA E PROJEÇÃO DE 1,5 M3/H DE ARGAMASSA EM FACES INTERNAS DE PAREDES, PARA AMBIENTE COM ÁREA MAIOR QUE 10M2, ESPESSURA DE 20MM, COM EXECUÇÃO DE TALISCAS. AF_06/2014","M2","38,03"]
[87543,"MASSA ÚNICA, PARA RECEBIMENTO DE PINTURA OU CERÂMICA, ARGAMASSA INDUSTRIALIZADA, PREPARO MECÂNICO, APLICADO COM EQUIPAMENTO DE MISTURA E PROJEÇÃO DE 1,5 M3/H EM FACES INTERNAS DE PAREDES, ESPESSURA DE 5MM, SEM EXECUÇÃO DE TALISCAS. AF_06/2014","M2","13,57"]
[87545,"EMBOÇO, PARA RECEBIMENTO DE CERÂMICA, EM ARGAMASSA TRAÇO 1:2:8, PREPARO MECÂNICO COM BETONEIRA 400L, APLICADO MANUALMENTE EM FACES INTERNAS DE PAREDES, PARA AMBIENTE COM ÁREA MENOR QUE 5M2, ESPESSURA DE 10MM, COM EXECUÇÃO DE TALISCAS. AF_06/2014","M2","16,82"]
[87546,"EMBOÇO, PARA RECEBIMENTO DE CERÂMICA, EM ARGAMASSA TRAÇO 1:2:8, PREPARO MANUAL, APLICADO MANUALMENTE EM FACES INTERNAS DE PAREDES, PARA AMBIENTE COM ÁREA MENOR QUE 5M2, ESPESSURA DE 10MM, COM EXECUÇÃO DE TALISCAS. AF_06/2014","M2","18,28"]
[87547,"MASSA ÚNICA, PARA RECEBIMENTO DE PINTURA, EM ARGAMASSA TRAÇO 1:2:8, PREPARO MECÂNICO COM BETONEIRA 400L, APLICADA MANUALMENTE EM FACES INTERNAS DE PAREDES, ESPESSURA DE 10MM, COM EXECUÇÃO DE TALISCAS. AF_06/2014","M2","14,44"]
[87548,"MASSA ÚNICA, PARA RECEBIMENTO DE PINTURA, EM ARGAMASSA TRAÇO 1:2:8, PREPARO MANUAL, APLICADA MANUALMENTE EM FACES INTERNAS DE PAREDES, ESPESSURA DE 10MM, COM EXECUÇÃO DE TALISCAS. AF_06/2014","M2","15,90"]
[87549,"EMBOÇO, PARA RECEBIMENTO DE CERÂMICA, EM ARGAMASSA TRAÇO 1:2:8, PREPARO MECÂNICO COM BETONEIRA 400L, APLICADO MANUALMENTE EM FACES INTERNAS DE PAREDES, PARA AMBIENTE COM ÁREA ENTRE 5M2 E 10M2, ESPESSURA DE 10MM, COM EXECUÇÃO DE TALISCAS. AF_06/2014","M2","13,57"]
[87550,"EMBOÇO, PARA RECEBIMENTO DE CERÂMICA, EM ARGAMASSA TRAÇO 1:2:8, PREPARO MANUAL, APLICADO MANUALMENTE EM FACES INTERNAS DE PAREDES, PARA AMBIENTE COM ÁREA ENTRE 5M2 E 10M2, ESPESSURA DE 10MM, COM EXECUÇÃO DE TALISCAS. AF_06/2014","M2","15,03"]
[87553,"EMBOÇO, PARA RECEBIMENTO DE CERÂMICA, EM ARGAMASSA TRAÇO 1:2:8, PREPARO MECÂNICO COM BETONEIRA 400L, APLICADO MANUALMENTE EM FACES INTERNAS DE PAREDES, PARA AMBIENTE COM ÁREA MAIOR QUE 10M2, ESPESSURA DE 10MM, COM EXECUÇÃO DE TALISCAS. AF_06/2014","M2","11,18"]
[87554,"EMBOÇO, PARA RECEBIMENTO DE CERÂMICA, EM ARGAMASSA TRAÇO 1:2:8, PREPARO MANUAL, APLICADO MANUALMENTE EM FACES INTERNAS DE PAREDES, PARA AMBIENTE COM ÁREA MAIOR QUE 10M2, ESPESSURA DE 10MM, COM EXECUÇÃO DE TALISCAS. AF_06/2014","M2","12,64"]
[87555,"EMBOÇO, PARA RECEBIMENTO DE CERÂMICA, EM ARGAMASSA INDUSTRIALIZADA, PREPARO MECÂNICO, APLICADO COM EQUIPAMENTO DE MISTURA E PROJEÇÃO DE 1,5 M3/H DE ARGAMASSA EM FACES INTERNAS DE PAREDES, PARA AMBIENTE COM ÁREA MENOR QUE 5M2, ESPESSURA DE 10MM, COM EXECUÇÃO DE TALISCAS. AF_06/2014","M2","26,38"]
[87556,"MASSA ÚNICA, PARA RECEBIMENTO DE PINTURA, EM ARGAMASSA INDUSTRIALIZADA, PREPARO MECÂNICO, APLICADO COM EQUIPAMENTO DE MISTURA E PROJEÇÃO DE 1,5 M3/H DE ARGAMASSA EM FACES INTERNAS DE PAREDES, ESPESSURA DE 10MM, COM EXECUÇÃO DE TALISCAS. AF_06/2014","M2","24,35"]
[87557,"EMBOÇO, PARA RECEBIMENTO DE CERÂMICA, EM ARGAMASSA INDUSTRIALIZADA, PREPARO MECÂNICO, APLICADO COM EQUIPAMENTO DE MISTURA E PROJEÇÃO DE 1,5 M3/H DE ARGAMASSA EM FACES INTERNAS DE PAREDES, PARA AMBIENTE COM ÁREA ENTRE 5M2 E 10M2, ESPESSURA DE 10MM, COM EXECUÇÃO DE TALISCAS. AF_06/2014","M2","23,61"]
[87559,"EMBOÇO, PARA RECEBIMENTO DE CERÂMICA, EM ARGAMASSA INDUSTRIALIZADA, PREPARO MECÂNICO, APLICADO COM EQUIPAMENTO DE MISTURA E PROJEÇÃO DE 1,5 M3/H DE ARGAMASSA EM FACES INTERNAS DE PAREDES, PARA AMBIENTE COM ÁREA MAIOR QUE 10M2, ESPESSURA DE 10MM, COM EXECUÇÃO DE TALISCAS. AF_06/2014","M2","21,56"]
[87561,"MASSA ÚNICA, PARA RECEBIMENTO DE PINTURA OU CERÂMICA, EM ARGAMASSA INDUSTRIALIZADA, PREPARO MECÂNICO, APLICADO COM EQUIPAMENTO DE MISTURA E PROJEÇÃO DE 1,5 M3/H DE ARGAMASSA EM FACES INTERNAS DE PAREDES, ESPESSURA DE 10MM, SEM EXECUÇÃO DE TALISCAS. AF_06/2014","M2","23,79"]
[87775,"EMBOÇO OU MASSA ÚNICA EM ARGAMASSA TRAÇO 1:2:8, PREPARO MECÂNICO COM BETONEIRA 400 L, APLICADA MANUALMENTE EM PANOS DE FACHADA COM PRESENÇA DE VÃOS, ESPESSURA DE 25 MM. AF_06/2014","M2","35,08"]
[87777,"EMBOÇO OU MASSA ÚNICA EM ARGAMASSA TRAÇO 1:2:8, PREPARO MANUAL, APLICADA MANUALMENTE EM PANOS DE FACHADA COM PRESENÇA DE VÃOS, ESPESSURA DE 25 MM. AF_06/2014","M2","37,23"]
[87778,"EMBOÇO OU MASSA ÚNICA EM ARGAMASSA INDUSTRIALIZADA, PREPARO MECÂNICO E APLICAÇÃO COM EQUIPAMENTO DE MISTURA E PROJEÇÃO DE 1,5 M3/H DE ARGAMASSA EM PANOS DE FACHADA COM PRESENÇA DE VÃOS, ESPESSURA DE 25 MM. AF_06/2014","M2","48,53"]
[87779,"EMBOÇO OU MASSA ÚNICA EM ARGAMASSA TRAÇO 1:2:8, PREPARO MECÂNICO COM BETONEIRA 400 L, APLICADA MANUALMENTE EM PANOS DE FACHADA COM PRESENÇA DE VÃOS, ESPESSURA DE 35 MM. AF_06/2014","M2","40,94"]
[87781,"EMBOÇO OU MASSA ÚNICA EM ARGAMASSA TRAÇO 1:2:8, PREPARO MANUAL, APLICADA MANUALMENTE EM PANOS DE FACHADA COM PRESENÇA DE VÃOS, ESPESSURA DE 35 MM. AF_06/2014","M2","43,82"]
[87783,"EMBOÇO OU MASSA ÚNICA EM ARGAMASSA INDUSTRIALIZADA, PREPARO MECÂNICO E APLICAÇÃO COM EQUIPAMENTO DE MISTURA E PROJEÇÃO DE 1,5 M3/H DE ARGAMASSA EM PANOS DE FACHADA COM PRESENÇA DE VÃOS, ESPESSURA DE 35 MM. AF_06/2014","M2","60,30"]
[87784,"EMBOÇO OU MASSA ÚNICA EM ARGAMASSA TRAÇO 1:2:8, PREPARO MECÂNICO COM BETONEIRA 400 L, APLICADA MANUALMENTE EM PANOS DE FACHADA COM PRESENÇA DE VÃOS, ESPESSURA DE 45 MM. AF_06/2014","M2","46,79"]
[87786,"EMBOÇO OU MASSA ÚNICA EM ARGAMASSA TRAÇO 1:2:8, PREPARO MANUAL, APLICADA MANUALMENTE EM PANOS DE FACHADA COM PRESENÇA DE VÃOS, ESPESSURA DE 45 MM. AF_06/2014","M2","50,41"]
[87787,"EMBOÇO OU MASSA ÚNICA EM ARGAMASSA INDUSTRIALIZADA, PREPARO MECÂNICO E APLICAÇÃO COM EQUIPAMENTO DE MISTURA E PROJEÇÃO DE 1,5 M3/H DE ARGAMASSA EM PANOS DE FACHADA COM PRESENÇA DE VÃOS, ESPESSURA DE 45 MM. AF_06/2014","M2","72,06"]
[87788,"EMBOÇO OU MASSA ÚNICA EM ARGAMASSA TRAÇO 1:2:8, PREPARO MECÂNICO COM BETONEIRA 400 L, APLICADA MANUALMENTE EM PANOS DE FACHADA COM PRESENÇA DE VÃOS, ESPESSURA MAIOR OU IGUAL A 50 MM. AF_06/2014","M2","60,29"]
[87790,"EMBOÇO OU MASSA ÚNICA EM ARGAMASSA TRAÇO 1:2:8, PREPARO MANUAL, APLICADA MANUALMENTE EM PANOS DE FACHADA COM PRESENÇA DE VÃOS, ESPESSURA MAIOR OU IGUAL A 50 MM. AF_06/2014","M2","64,27"]
[87791,"EMBOÇO OU MASSA ÚNICA EM ARGAMASSA INDUSTRIALIZADA, PREPARO MECÂNICO E APLICAÇÃO COM EQUIPAMENTO DE MISTURA E PROJEÇÃO DE 1,5 M3/H DE ARGAMASSA EM PANOS DE FACHADA COM PRESENÇA DE VÃOS, ESPESSURA MAIOR OU IGUAL A 50 MM. AF_06/2014","M2","85,77"]
[87792,"EMBOÇO OU MASSA ÚNICA EM ARGAMASSA TRAÇO 1:2:8, PREPARO MECÂNICO COM BETONEIRA 400 L, APLICADA MANUALMENTE EM PANOS CEGOS DE FACHADA (SEM PRESENÇA DE VÃOS), ESPESSURA DE 25 MM. AF_06/2014","M2","23,12"]
[87794,"EMBOÇO OU MASSA ÚNICA EM ARGAMASSA TRAÇO 1:2:8, PREPARO MANUAL, APLICADA MANUALMENTE EM PANOS CEGOS DE FACHADA (SEM PRESENÇA DE VÃOS), ESPESSURA DE 25 MM. AF_06/2014","M2","25,13"]
[87795,"EMBOÇO OU MASSA ÚNICA EM ARGAMASSA INDUSTRIALIZADA, PREPARO MECÂNICO E APLICAÇÃO COM EQUIPAMENTO DE MISTURA E PROJEÇÃO DE 1,5 M3/H DE ARGAMASSA EM PANOS CEGOS DE FACHADA (SEM PRESENÇA DE VÃOS), ESPESSURA DE 25 MM. AF_06/2014","M2","35,39"]
[87797,"EMBOÇO OU MASSA ÚNICA EM ARGAMASSA TRAÇO 1:2:8, PREPARO MECÂNICO COM BETONEIRA 400 L, APLICADA MANUALMENTE EM PANOS CEGOS DE FACHADA (SEM PRESENÇA DE VÃOS), ESPESSURA DE 35 MM. AF_06/2014","M2","28,75"]
[87799,"EMBOÇO OU MASSA ÚNICA EM ARGAMASSA TRAÇO 1:2:8, PREPARO MANUAL, APLICADA MANUALMENTE EM PANOS CEGOS DE FACHADA (SEM PRESENÇA DE VÃOS), ESPESSURA DE 35 MM. AF_06/2014","M2","31,44"]
[87800,"EMBOÇO OU MASSA ÚNICA EM ARGAMASSA INDUSTRIALIZADA, PREPARO MECÂNICO E APLICAÇÃO COM EQUIPAMENTO DE MISTURA E PROJEÇÃO DE 1,5 M3/H DE ARGAMASSA EM PANOS CEGOS DE FACHADA (SEM PRESENÇA DE VÃOS), ESPESSURA DE 35 MM. AF_06/2014","M2","46,55"]
[87801,"EMBOÇO OU MASSA ÚNICA EM ARGAMASSA TRAÇO 1:2:8, PREPARO MECÂNICO COM BETONEIRA 400 L, APLICADA MANUALMENTE EM PANOS CEGOS DE FACHADA (SEM PRESENÇA DE VÃOS), ESPESSURA DE 45 MM. AF_06/2014","M2","34,38"]
[87803,"EMBOÇO OU MASSA ÚNICA EM ARGAMASSA TRAÇO 1:2:8, PREPARO MANUAL, APLICADA MANUALMENTE EM PANOS CEGOS DE FACHADA (SEM PRESENÇA DE VÃOS), ESPESSURA DE 45 MM. AF_06/2014","M2","37,75"]
[87804,"EMBOÇO OU MASSA ÚNICA EM ARGAMASSA INDUSTRIALIZADA, PREPARO MECÂNICO E APLICAÇÃO COM EQUIPAMENTO DE MISTURA E PROJEÇÃO DE 1,5 M3/H DE ARGAMASSA EM PANOS CEGOS DE FACHADA (SEM PRESENÇA DE VÃOS), ESPESSURA DE 45 MM. AF_06/2014","M2","57,71"]
[87805,"EMBOÇO OU MASSA ÚNICA EM ARGAMASSA TRAÇO 1:2:8, PREPARO MECÂNICO COM BETONEIRA 400 L, APLICADA MANUALMENTE EM PANOS CEGOS DE FACHADA (SEM PRESENÇA DE VÃOS), ESPESSURA MAIOR OU IGUAL A 50 MM. AF_06/2014","M2","39,62"]
[87807,"EMBOÇO OU MASSA ÚNICA EM ARGAMASSA TRAÇO 1:2:8, PREPARO MANUAL, APLICADA MANUALMENTE EM PANOS CEGOS DE FACHADA (SEM PRESENÇA DE VÃOS), ESPESSURA MAIOR OU IGUAL A 50 MM. AF_06/2014","M2","43,34"]
[87808,"EMBOÇO OU MASSA ÚNICA EM ARGAMASSA INDUSTRIALIZADA, PREPARO MECÂNICO E APLICAÇÃO COM EQUIPAMENTO DE MISTURA E PROJEÇÃO DE 1,5 M3/H DE ARGAMASSA EM PANOS CEGOS DE FACHADA (SEM PRESENÇA DE VÃOS), ESPESSURA MAIOR OU IGUAL A 50 MM. AF_06/2014","M2","63,00"]
[87809,"EMBOÇO OU MASSA ÚNICA EM ARGAMASSA TRAÇO 1:2:8, PREPARO MECÂNICO COM BETONEIRA 400 L, APLICADA MANUALMENTE EM SUPERFÍCIES EXTERNAS DA SACADA, ESPESSURA DE 25 MM, SEM USO DE TELA METÁLICA DE REFORÇO CONTRA FISSURAÇÃO. AF_06/2014","M2","56,26"]
[87811,"EMBOÇO OU MASSA ÚNICA EM ARGAMASSA TRAÇO 1:2:8, PREPARO MANUAL, APLICADA MANUALMENTE EM SUPERFÍCIES EXTERNAS DA SACADA, ESPESSURA DE 25 MM, SEM USO DE TELA METÁLICA DE REFORÇO CONTRA FISSURAÇÃO. AF_06/2014","M2","58,27"]
[87812,"EMBOÇO OU MASSA ÚNICA EM ARGAMASSA INDUSTRIALIZADA, PREPARO MECÂNICO E APLICAÇÃO COM EQUIPAMENTO DE MISTURA E PROJEÇÃO DE 1,5 M3/H EM SUPERFÍCIES EXTERNAS DA SACADA, ESPESSURA 25 MM, SEM USO DE TELA METÁLICA. AF_06/2014","M2","68,23"]
[87813,"EMBOÇO OU MASSA ÚNICA EM ARGAMASSA TRAÇO 1:2:8, PREPARO MECÂNICO COM BETONEIRA 400 L, APLICADA MANUALMENTE EM SUPERFÍCIES EXTERNAS DA SACADA, ESPESSURA DE 35 MM, SEM USO DE TELA METÁLICA DE REFORÇO CONTRA FISSURAÇÃO. AF_06/2014","M2","61,89"]
[87815,"EMBOÇO OU MASSA ÚNICA EM ARGAMASSA TRAÇO 1:2:8, PREPARO MANUAL, APLICADA MANUALMENTE EM SUPERFÍCIES EXTERNAS DA SACADA, ESPESSURA DE 35 MM, SEM USO DE TELA METÁLICA DE REFORÇO CONTRA FISSURAÇÃO. AF_06/2014","M2","64,58"]
[87816,"EMBOÇO OU MASSA ÚNICA EM ARGAMASSA INDUSTRIALIZADA, PREPARO MECÂNICO E APLICAÇÃO COM EQUIPAMENTO DE MISTURA E PROJEÇÃO DE 1,5 M3/H EM SUPERFÍCIES EXTERNAS DA SACADA, ESPESSURA 35 MM, SEM USO DE TELA METÁLICA. AF_06/2014","M2","79,39"]
[87817,"EMBOÇO OU MASSA ÚNICA EM ARGAMASSA TRAÇO 1:2:8, PREPARO MECÂNICO COM BETONEIRA 400 L, APLICADA MANUALMENTE EM SUPERFÍCIES EXTERNAS DA SACADA, ESPESSURA DE 45 MM, SEM USO DE TELA METÁLICA DE REFORÇO CONTRA FISSURAÇÃO. AF_06/2014","M2","67,21"]
[87819,"EMBOÇO OU MASSA ÚNICA EM ARGAMASSA TRAÇO 1:2:8, PREPARO MANUAL, APLICADA MANUALMENTE EM SUPERFÍCIES EXTERNAS DA SACADA, ESPESSURA DE 45 MM, SEM USO DE TELA METÁLICA DE REFORÇO CONTRA FISSURAÇÃO. AF_06/2014","M2","70,58"]
[87820,"EMBOÇO OU MASSA ÚNICA EM ARGAMASSA INDUSTRIALIZADA, PREPARO MECÂNICO E APLICAÇÃO COM EQUIPAMENTO DE MISTURA E PROJEÇÃO DE 1,5 M3/H EM SUPERFÍCIES EXTERNAS DA SACADA, ESPESSURA 45 MM, SEM USO DE TELA METÁLICA. AF_06/2014","M2","90,55"]
[87821,"EMBOÇO OU MASSA ÚNICA EM ARGAMASSA TRAÇO 1:2:8, PREPARO MECÂNICO COM BETONEIRA 400 L, APLICADA MANUALMENTE EM SUPERFÍCIES EXTERNAS DA SACADA, ESPESSURA MAIOR OU IGUAL A 50 MM, SEM USO DE TELA METÁLICA DE REFORÇO CONTRA FISSURAÇÃO. AF_06/2014","M2","96,94"]
[87823,"EMBOÇO OU MASSA ÚNICA EM ARGAMASSA TRAÇO 1:2:8, PREPARO MANUAL, APLICADA MANUALMENTE EM SUPERFÍCIES EXTERNAS DA SACADA, ESPESSURA MAIOR OU IGUAL A 50 MM, SEM USO DE TELA METÁLICA DE REFORÇO CONTRA FISSURAÇÃO. AF_06/2014","M2","100,66"]
[87824,"EMBOÇO OU MASSA ÚNICA EM ARGAMASSA INDUSTRIALIZADA, PREPARO MECÂNICO E APLICAÇÃO COM EQUIPAMENTO DE MISTURA E PROJEÇÃO DE 1,5 M3/H EM SUPERFÍCIES EXTERNAS DA SACADA, ESPESSURA MAIOR OU IGUAL A 50 MM, SEM USO DE TELA METÁLICA. AF_06/2014","M2","120,01"]
[87825,"EMBOÇO OU MASSA ÚNICA EM ARGAMASSA TRAÇO 1:2:8, PREPARO MECÂNICO COM BETONEIRA 400 L, APLICADA MANUALMENTE NAS PAREDES INTERNAS DA SACADA, ESPESSURA DE 25 MM, SEM USO DE TELA METÁLICA DE REFORÇO CONTRA FISSURAÇÃO. AF_06/2014","M2","44,47"]
[87827,"EMBOÇO OU MASSA ÚNICA EM ARGAMASSA TRAÇO 1:2:8, PREPARO MANUAL, APLICADA MANUALMENTE NAS PAREDES INTERNAS DA SACADA, ESPESSURA DE 25 MM, SEM USO DE TELA METÁLICA DE REFORÇO CONTRA FISSURAÇÃO. AF_06/2014","M2","46,93"]
[87828,"EMBOÇO OU MASSA ÚNICA EM ARGAMASSA INDUSTRIALIZADA, PREPARO MECÂNICO E APLICAÇÃO COM EQUIPAMENTO DE MISTURA E PROJEÇÃO DE 1,5 M3/H NAS PAREDES INTERNAS DA SACADA, ESPESSURA 25 MM, SEM USO DE TELA METÁLICA. AF_06/2014","M2","60,39"]
[87829,"EMBOÇO OU MASSA ÚNICA EM ARGAMASSA TRAÇO 1:2:8, PREPARO MECÂNICO COM BETONEIRA 400 L, APLICADA MANUALMENTE NAS PAREDES INTERNAS DA SACADA, ESPESSURA DE 35 MM, SEM USO DE TELA METÁLICA DE REFORÇO CONTRA FISSURAÇÃO. AF_06/2014","M2","50,80"]
[87831,"EMBOÇO OU MASSA ÚNICA EM ARGAMASSA TRAÇO 1:2:8, PREPARO MANUAL, APLICADA MANUALMENTE NAS PAREDES INTERNAS DA SACADA, ESPESSURA DE 35 MM, SEM USO DE TELA METÁLICA DE REFORÇO CONTRA FISSURAÇÃO. AF_06/2014","M2","54,10"]
[87832,"EMBOÇO OU MASSA ÚNICA EM ARGAMASSA INDUSTRIALIZADA, PREPARO MECÂNICO E APLICAÇÃO COM EQUIPAMENTO DE MISTURA E PROJEÇÃO DE 1,5 M3/H DE ARGAMASSA NAS PAREDES INTERNAS DA SACADA, ESPESSURA 35 MM, SEM USO DE TELA METÁLICA. AF_06/2014","M2","73,47"]
[87834,"REVESTIMENTO DECORATIVO MONOCAMADA APLICADO MANUALMENTE EM PANOS CEGOS DA FACHADA DE UM EDIFÍCIO DE ESTRUTURA CONVENCIONAL, COM ACABAMENTO RASPADO. AF_06/2014","M2","120,94"]
[87835,"REVESTIMENTO DECORATIVO MONOCAMADA APLICADO MANUALMENTE EM PANOS CEGOS DA FACHADA DE UM EDIFÍCIO DE ALVENARIA ESTRUTURAL, COM ACABAMENTO RASPADO. AF_06/2014","M2","82,16"]
[87836,"REVESTIMENTO DECORATIVO MONOCAMADA APLICADO COM EQUIPAMENTO DE PROJEÇÃO EM PANOS CEGOS DA FACHADA DE UM EDIFÍCIO DE ESTRUTURA CONVENCIONAL, COM ACABAMENTO RASPADO. AF_06/2014","M2","115,71"]
[87837,"REVESTIMENTO DECORATIVO MONOCAMADA APLICADO COM EQUIPAMENTO DE PROJEÇÃO EM PANOS CEGOS DA FACHADA DE UM EDIFÍCIO DE ALVENARIA ESTRUTURAL, COM ACABAMENTO RASPADO. AF_06/2014","M2","77,53"]
[87838,"REVESTIMENTO DECORATIVO MONOCAMADA APLICADO MANUALMENTE EM PANOS DA FACHADA COM PRESENÇA DE VÃOS, DE UM EDIFÍCIO DE ESTRUTURA CONVENCIONAL E ACABAMENTO RASPADO. AF_06/2014","M2","126,96"]
[87839,"REVESTIMENTO DECORATIVO MONOCAMADA APLICADO MANUALMENTE EM PANOS DA FACHADA COM PRESENÇA DE VÃOS, DE UM EDIFÍCIO DE ALVENARIA ESTRUTURAL E ACABAMENTO RASPADO. AF_06/2014","M2","86,07"]
[87840,"REVESTIMENTO DECORATIVO MONOCAMADA APLICADO COM EQUIPAMENTO DE PROJEÇÃO EM PANOS DA FACHADA COM PRESENÇA DE VÃOS, DE UM EDIFÍCIO DE ESTRUTURA CONVENCIONAL E ACABAMENTO RASPADO. AF_06/2014","M2","120,50"]
[87841,"REVESTIMENTO DECORATIVO MONOCAMADA APLICADO COM EQUIPAMENTO DE PROJEÇÃO EM PANOS DA FACHADA COM PRESENÇA DE VÃOS, DE UM EDIFÍCIO DE ALVENARIA ESTRUTURAL E ACABAMENTO RASPADO. AF_06/2014","M2","80,20"]
[87842,"REVESTIMENTO DECORATIVO MONOCAMADA APLICADO MANUALMENTE EM SUPERFÍCIES EXTERNAS DA SACADA DE UM EDIFÍCIO DE ESTRUTURA CONVENCIONAL E ACABAMENTO RASPADO. AF_06/2014","M2","123,52"]
[87843,"REVESTIMENTO DECORATIVO MONOCAMADA APLICADO MANUALMENTE EM SUPERFÍCIES EXTERNAS DA SACADA DE UM EDIFÍCIO DE ALVENARIA ESTRUTURAL E ACABAMENTO RASPADO. AF_06/2014","M2","91,49"]
[87844,"REVESTIMENTO DECORATIVO MONOCAMADA APLICADO COM EQUIPAMENTO DE PROJEÇÃO EM SUPERFÍCIES EXTERNAS DA SACADA DE UM EDIFÍCIO DE ESTRUTURA CONVENCIONAL E ACABAMENTO RASPADO. AF_06/2014","M2","113,81"]
[87845,"REVESTIMENTO DECORATIVO MONOCAMADA APLICADO COM EQUIPAMENTO DE PROJEÇÃO EM SUPERFÍCIES EXTERNAS DA SACADA DE UM EDIFÍCIO DE ALVENARIA ESTRUTURAL E ACABAMENTO RASPADO. AF_06/2014","M2","82,40"]
[87846,"REVESTIMENTO DECORATIVO MONOCAMADA APLICADO MANUALMENTE EM PANOS CEGOS DA FACHADA DE UM EDIFÍCIO DE ESTRUTURA CONVENCIONAL, COM ACABAMENTO TRAVERTINO. AF_06/2014","M2","130,92"]
[87847,"REVESTIMENTO DECORATIVO MONOCAMADA APLICADO MANUALMENTE EM PANOS CEGOS DA FACHADA DE UM EDIFÍCIO DE ALVENARIA ESTRUTURAL, COM ACABAMENTO TRAVERTINO. AF_06/2014","M2","92,14"]
[87848,"REVESTIMENTO DECORATIVO MONOCAMADA APLICADO COM EQUIPAMENTO DE PROJEÇÃO EM PANOS CEGOS DA FACHADA DE UM EDIFÍCIO DE ESTRUTURA CONVENCIONAL, COM ACABAMENTO TRAVERTINO. AF_06/2014","M2","124,78"]
[87849,"REVESTIMENTO DECORATIVO MONOCAMADA APLICADO COM EQUIPAMENTO DE PROJEÇÃO EM PANOS CEGOS DA FACHADA DE UM EDIFÍCIO DE ALVENARIA ESTRUTURAL, COM ACABAMENTO TRAVERTINO. AF_06/2014","M2","86,59"]
[87850,"REVESTIMENTO DECORATIVO MONOCAMADA APLICADO MANUALMENTE EM PANOS DA FACHADA COM PRESENÇA DE VÃOS, DE UM EDIFÍCIO DE ESTRUTURA CONVENCIONAL E ACABAMENTO TRAVERTINO. AF_06/2014","M2","136,95"]
[87851,"REVESTIMENTO DECORATIVO MONOCAMADA APLICADO MANUALMENTE EM PANOS DA FACHADA COM PRESENÇA DE VÃOS, DE UM EDIFÍCIO DE ALVENARIA ESTRUTURAL E ACABAMENTO TRAVERTINO. AF_06/2014","M2","96,07"]
[87852,"REVESTIMENTO DECORATIVO MONOCAMADA APLICADO COM EQUIPAMENTO DE PROJEÇÃO EM PANOS DA FACHADA COM PRESENÇA DE VÃOS, DE UM EDIFÍCIO DE ESTRUTURA CONVENCIONAL E ACABAMENTO TRAVERTINO. AF_06/2014","M2","129,55"]
[87853,"REVESTIMENTO DECORATIVO MONOCAMADA APLICADO COM EQUIPAMENTO DE PROJEÇÃO EM PANOS DA FACHADA COM PRESENÇA DE VÃOS, DE UM EDIFÍCIO DE ALVENARIA ESTRUTURAL E ACABAMENTO TRAVERTINO. AF_06/2014","M2","89,24"]
[87854,"REVESTIMENTO DECORATIVO MONOCAMADA APLICADO MANUALMENTE EM SUPERFÍCIES EXTERNAS DA SACADA DE UM EDIFÍCIO DE ESTRUTURA CONVENCIONAL E ACABAMENTO TRAVERTINO. AF_06/2014","M2","133,51"]
[87855,"REVESTIMENTO DECORATIVO MONOCAMADA APLICADO MANUALMENTE EM SUPERFÍCIES EXTERNAS DA SACADA DE UM EDIFÍCIO DE ALVENARIA ESTRUTURAL E ACABAMENTO TRAVERTINO. AF_06/2014","M2","101,49"]
[87856,"REVESTIMENTO DECORATIVO MONOCAMADA APLICADO COM EQUIPAMENTO DE PROJEÇÃO EM SUPERFÍCIES EXTERNAS DA SACADA DE UM EDIFÍCIO DE ESTRUTURA CONVENCIONAL E ACABAMENTO TRAVERTINO. AF_06/2014","M2","122,88"]
[87857,"REVESTIMENTO DECORATIVO MONOCAMADA APLICADO COM EQUIPAMENTO DE PROJEÇÃO EM SUPERFÍCIES EXTERNAS DA SACADA DE UM EDIFÍCIO DE ALVENARIA ESTRUTURAL E ACABAMENTO TRAVERTINO. AF_06/2014","M2","91,44"]
[87858,"REVESTIMENTO DECORATIVO MONOCAMADA APLICADO MANUALMENTE NAS PAREDES INTERNAS DA SACADA COM ACABAMENTO RASPADO. AF_06/2014","M2","88,37"]
[87859,"REVESTIMENTO DECORATIVO MONOCAMADA APLICADO MANUALMENTE NAS PAREDES INTERNAS DA SACADA COM ACABAMENTO TRAVERTINO. AF_06/2014","M2","102,31"]
[89048,"(COMPOSIÇÃO REPRESENTATIVA) DO SERVIÇO DE EMBOÇO/MASSA ÚNICA, TRAÇO 1:2:8, PREPARO MECÂNICO, COM BETONEIRA DE 400L, EM PAREDES DE AMBIENTES INTERNOS, COM EXECUÇÃO DE TALISCAS, PARA EDIFICAÇÃO HABITACIONAL MULTIFAMILIAR (PRÉDIO). AF_11/2014","M2","22,76"]
[89049,"(COMPOSIÇÃO REPRESENTATIVA) DO SERVIÇO DE APLICAÇÃO MANUAL DE GESSO DESEMPENADO (SEM TALISCAS) EM TETO, ESPESSURA 0,5 CM, PARA EDIFICAÇÃO HABITACIONAL MULTIFAMILIAR (PRÉDIO). AF_11/2014","M2","15,36"]
[89173,"(COMPOSIÇÃO REPRESENTATIVA) DO SERVIÇO DE EMBOÇO/MASSA ÚNICA, APLICADO MANUALMENTE, TRAÇO 1:2:8, EM BETONEIRA DE 400L, PAREDES INTERNAS, COM EXECUÇÃO DE TALISCAS, EDIFICAÇÃO HABITACIONAL UNIFAMILIAR (CASAS) E EDIFICAÇÃO PÚBLICA PADRÃO. AF_12/2014","M2","22,38"]
[90406,"MASSA ÚNICA, PARA RECEBIMENTO DE PINTURA, EM ARGAMASSA TRAÇO 1:2:8, PREPARO MECÂNICO COM BETONEIRA 400L, APLICADA MANUALMENTE EM TETO, ESPESSURA DE 20MM, COM EXECUÇÃO DE TALISCAS. AF_03/2015","M2","29,24"]
[90407,"MASSA ÚNICA, PARA RECEBIMENTO DE PINTURA, EM ARGAMASSA TRAÇO 1:2:8, PREPARO MANUAL, APLICADA MANUALMENTE EM TETO, ESPESSURA DE 20MM, COM EXECUÇÃO DE TALISCAS. AF_03/2015","M2","31,82"]
[90408,"MASSA ÚNICA, PARA RECEBIMENTO DE PINTURA, EM ARGAMASSA TRAÇO 1:2:8, PREPARO MECÂNICO COM BETONEIRA 400L, APLICADA MANUALMENTE EM TETO, ESPESSURA DE 10MM, COM EXECUÇÃO DE TALISCAS. AF_03/2015","M2","21,20"]
[90409,"MASSA ÚNICA, PARA RECEBIMENTO DE PINTURA, EM ARGAMASSA TRAÇO 1:2:8, PREPARO MANUAL, APLICADA MANUALMENTE EM TETO, ESPESSURA DE 10MM, COM EXECUÇÃO DE TALISCAS. AF_03/2015","M2","22,66"]
[5998,"PASTA DE CIMENTO PORTLAND, ESPESSURA 1MM","M2","0,85"]
[84084,"APICOAMENTO MANUAL DE SUPERFICIE DE CONCRETO","M2","5,34"]
[87242,"REVESTIMENTO CERÂMICO PARA PAREDES EXTERNAS EM PASTILHAS DE PORCELANA 5 X 5 CM (PLACAS DE 30 X 30 CM), ALINHADAS A PRUMO, APLICADO EM PANOS COM VÃOS. AF_06/2014","M2","137,32"]
[87243,"REVESTIMENTO CERÂMICO PARA PAREDES EXTERNAS EM PASTILHAS DE PORCELANA 5 X 5 CM (PLACAS DE 30 X 30 CM), ALINHADAS A PRUMO, APLICADO EM PANOS SEM VÃOS. AF_06/2014","M2","125,11"]
[87244,"REVESTIMENTO CERÂMICO PARA PAREDES EXTERNAS EM PASTILHAS DE PORCELANA 5 X 5 CM (PLACAS DE 30 X 30 CM), ALINHADAS A PRUMO, APLICADO EM SUPERFÍCIES EXTERNAS DA SACADA. AF_06/2014","M2","134,36"]
[87245,"REVESTIMENTO CERÂMICO PARA PAREDES EXTERNAS EM PASTILHAS DE PORCELANA 5 X 5 CM (PLACAS DE 30 X 30 CM), ALINHADAS A PRUMO, APLICADO EM SUPERFÍCIES INTERNAS DA SACADA. AF_06/2014","M2","160,77"]
[87264,"REVESTIMENTO CERÂMICO PARA PAREDES INTERNAS COM PLACAS TIPO ESMALTADA EXTRA DE DIMENSÕES 20X20 CM APLICADAS EM AMBIENTES DE ÁREA MENOR QUE 5 M² NA ALTURA INTEIRA DAS PAREDES. AF_06/2014","M2","53,68"]
[87265,"REVESTIMENTO CERÂMICO PARA PAREDES INTERNAS COM PLACAS TIPO ESMALTADA EXTRA DE DIMENSÕES 20X20 CM APLICADAS EM AMBIENTES DE ÁREA MAIOR QUE 5 M² NA ALTURA INTEIRA DAS PAREDES. AF_06/2014","M2","47,68"]
[87266,"REVESTIMENTO CERÂMICO PARA PAREDES INTERNAS COM PLACAS TIPO ESMALTADA EXTRA DE DIMENSÕES 20X20 CM APLICADAS EM AMBIENTES DE ÁREA MENOR QUE 5 M² A MEIA ALTURA DAS PAREDES. AF_06/2014","M2","55,78"]
[87267,"REVESTIMENTO CERÂMICO PARA PAREDES INTERNAS COM PLACAS TIPO ESMALTADA EXTRA DE DIMENSÕES 20X20 CM APLICADAS EM AMBIENTES DE ÁREA MAIOR QUE 5 M² A MEIA ALTURA DAS PAREDES. AF_06/2014","M2","53,15"]
[87268,"REVESTIMENTO CERÂMICO PARA PAREDES INTERNAS COM PLACAS TIPO ESMALTADA EXTRA DE DIMENSÕES 25X35 CM APLICADAS EM AMBIENTES DE ÁREA MENOR QUE 5 M² NA ALTURA INTEIRA DAS PAREDES. AF_06/2014","M2","57,42"]
[87269,"REVESTIMENTO CERÂMICO PARA PAREDES INTERNAS COM PLACAS TIPO ESMALTADA EXTRA DE DIMENSÕES 25X35 CM APLICADAS EM AMBIENTES DE ÁREA MAIOR QUE 5 M² NA ALTURA INTEIRA DAS PAREDES. AF_06/2014","M2","50,89"]
[87270,"REVESTIMENTO CERÂMICO PARA PAREDES INTERNAS COM PLACAS TIPO ESMALTADA EXTRA DE DIMENSÕES 25X35 CM APLICADAS EM AMBIENTES DE ÁREA MENOR QUE 5 M² A MEIA ALTURA DAS PAREDES. AF_06/2014","M2","59,19"]
[87271,"REVESTIMENTO CERÂMICO PARA PAREDES INTERNAS COM PLACAS TIPO ESMALTADA EXTRA DE DIMENSÕES 25X35 CM APLICADAS EM AMBIENTES DE ÁREA MAIOR QUE 5 M² A MEIA ALTURA DAS PAREDES. AF_06/2014","M2","56,07"]
[87272,"REVESTIMENTO CERÂMICO PARA PAREDES INTERNAS COM PLACAS TIPO ESMALTADA EXTRA  DE DIMENSÕES 33X45 CM APLICADAS EM AMBIENTES DE ÁREA MENOR QUE 5 M² NA ALTURA INTEIRA DAS PAREDES. AF_06/2014","M2","60,78"]
[87273,"REVESTIMENTO CERÂMICO PARA PAREDES INTERNAS COM PLACAS TIPO ESMALTADA EXTRA DE DIMENSÕES 33X45 CM APLICADAS EM AMBIENTES DE ÁREA MAIOR QUE 5 M² NA ALTURA INTEIRA DAS PAREDES. AF_06/2014","M2","52,83"]
[87274,"REVESTIMENTO CERÂMICO PARA PAREDES INTERNAS COM PLACAS TIPO ESMALTADA EXTRA DE DIMENSÕES 33X45 CM APLICADAS EM AMBIENTES DE ÁREA MENOR QUE 5 M² A MEIA ALTURA DAS PAREDES. AF_06/2014","M2","62,03"]
[87275,"REVESTIMENTO CERÂMICO PARA PAREDES INTERNAS COM PLACAS TIPO ESMALTADA EXTRA  DE DIMENSÕES 33X45 CM APLICADAS EM AMBIENTES DE ÁREA MAIOR QUE 5 M² A MEIA ALTURA DAS PAREDES. AF_06/2014","M2","59,35"]
[88786,"REVESTIMENTO CERÂMICO PARA PAREDES EXTERNAS EM PASTILHAS DE PORCELANA 2,5 X 2,5 CM (PLACAS DE 30 X 30 CM), ALINHADAS A PRUMO, APLICADO EM PANOS COM VÃOS. AF_10/2014","M2","152,27"]
[88787,"REVESTIMENTO CERÂMICO PARA PAREDES EXTERNAS EM PASTILHAS DE PORCELANA 2,5 X 2,5 CM (PLACAS DE 30 X 30 CM), ALINHADAS A PRUMO, APLICADO EM PANOS SEM VÃOS. AF_10/2014","M2","139,43"]
[88788,"REVESTIMENTO CERÂMICO PARA PAREDES EXTERNAS EM PASTILHAS DE PORCELANA 2,5 X 2,5 CM (PLACAS DE 30 X 30 CM), ALINHADAS A PRUMO, APLICADO EM SUPERFÍCIES EXTERNAS DA SACADA. AF_10/2014","M2","148,68"]
[88789,"REVESTIMENTO CERÂMICO PARA PAREDES EXTERNAS EM PASTILHAS DE PORCELANA 2,5 X 2,5 CM (PLACAS DE 30 X 30 CM), ALINHADAS A PRUMO, APLICADO EM SUPERFÍCIES INTERNAS DA SACADA. AF_10/2014","M2","177,24"]
[89045,"(COMPOSIÇÃO REPRESENTATIVA) DO SERVIÇO DE REVESTIMENTO CERÂMICO PARA AMBIENTES DE ÁREAS MOLHADAS, MEIA PAREDE OU PAREDE INTEIRA, COM PLACAS TIPO GRÊS OU SEMI-GRÊS, DIMENSÕES 20X20 CM, PARA EDIFICAÇÃO HABITACIONAL MULTIFAMILIAR (PRÉDIO). AF_11/2014","M2","53,52"]
[89170,"(COMPOSIÇÃO REPRESENTATIVA) DO SERVIÇO DE REVESTIMENTO CERÂMICO PARA PAREDES INTERNAS, MEIA PAREDE, OU PAREDE INTEIRA, PLACAS GRÊS OU SEMI-GRÊS DE 20X20 CM, PARA EDIFICAÇÕES HABITACIONAIS UNIFAMILIAR (CASAS) E EDIFICAÇÕES PÚBLICAS PADRÃO. AF_11/2014","M2","52,02"]
[93392,"REVESTIMENTO CERÂMICO PARA PAREDES INTERNAS COM PLACAS TIPO ESMALTADA PADRÃO POPULAR DE DIMENSÕES 20X20 CM APLICADAS EM AMBIENTES DE ÁREA MENOR QUE 5 M2 NA ALTURA INTEIRA DAS PAREDES. AF_06/2014","M2","40,97"]
[93393,"REVESTIMENTO CERÂMICO PARA PAREDES INTERNAS COM PLACAS TIPO ESMALTADA PADRÃO POPULAR DE DIMENSÕES 20X20 CM APLICADAS EM AMBIENTES DE ÁREA MAIOR QUE 5 M2 NA ALTURA INTEIRA DAS PAREDES. AF_06/2014","M2","35,09"]
[93394,"REVESTIMENTO CERÂMICO PARA PAREDES INTERNAS COM PLACAS TIPO ESMALTADA PADRÃO POPULAR DE DIMENSÕES 20X20 CM APLICADAS EM AMBIENTES DE ÁREA MENOR QUE 5 M2 A MEIA ALTURA DAS PAREDES. AF_06/2014","M2","43,07"]
[93395,"REVESTIMENTO CERÂMICO PARA PAREDES INTERNAS COM PLACAS TIPO ESMALTADA PADRÃO POPULAR DE DIMENSÕES 20X20 CM APLICADAS EM AMBIENTES DE ÁREA MAIOR QUE 5 M2 A MEIA ALTURA DAS PAREDES. AF_06/2014","M2","40,44"]
[84088,"PEITORIL EM MARMORE BRANCO, LARGURA DE 15CM, ASSENTADO COM ARGAMASSA TRACO 1:4 (CIMENTO E AREIA MEDIA), PREPARO MANUAL DA ARGAMASSA","M","87,47"]
[84089,"PEITORIL EM MARMORE BRANCO, LARGURA DE 25CM, ASSENTADO COM ARGAMASSA TRACO 1:3 (CIMENTO E AREIA MEDIA), PREPARO MANUAL DA ARGAMASSA","M","123,28"]
[40675,"ASSENTAMENTO DE PEITORIL COM ARGAMASSA DE CIMENTO COLANTE","M","3,55"]
[84093,"TABEIRA DE MADEIRA LEI, 1A QUALIDADE, 2,5X30,0CM PARA BEIRAL DE TELHADO","M","27,59"]
[96112,"FORRO EM MADEIRA PINUS, PARA AMBIENTES RESIDENCIAIS, INCLUSIVE ESTRUTURA DE FIXAÇÃO. AF_05/2017","M2","83,85"]
[96117,"FORRO EM MADEIRA PINUS, PARA AMBIENTES COMERCIAIS, INCLUSIVE ESTRUTURA DE FIXAÇÃO. AF_05/2017","M2","99,79"]
[96122,"ACABAMENTOS PARA FORRO (RODA-FORRO EM MADEIRA PINUS). AF_05/2017","M","23,26"]
[96109,"FORRO EM PLACAS DE GESSO, PARA AMBIENTES RESIDENCIAIS. AF_05/2017_P","M2","33,39"]
[96110,"FORRO EM DRYWALL, PARA AMBIENTES RESIDENCIAIS, INCLUSIVE ESTRUTURA DE FIXAÇÃO. AF_05/2017_P","M2","51,84"]
[96113,"FORRO EM PLACAS DE GESSO, PARA AMBIENTES COMERCIAIS. AF_05/2017_P","M2","30,05"]
[96114,"FORRO EM DRYWALL, PARA AMBIENTES COMERCIAIS, INCLUSIVE ESTRUTURA DE FIXAÇÃO. AF_05/2017_P","M2","52,63"]
[96120,"ACABAMENTOS PARA FORRO (MOLDURA DE GESSO). AF_05/2017","M","2,33"]
[96123,"ACABAMENTOS PARA FORRO (MOLDURA EM DRYWALL, COM LARGURA DE 15 CM). AF_05/2017_P","M","20,53"]
[99054,"ACABAMENTOS PARA FORRO (SANCA DE GESSO MONTADA NA OBRA). AF_05/2017_P","M2","40,49"]
[72200,"REVESTIMENTO EM LAMINADO MELAMINICO TEXTURIZADO, ESPESSURA 0,8 MM, FIXADO COM COLA","M2","82,80"]
["73807/1","CORRIMAO EM MARMORITE, LARGURA 15CM","M","83,09"]
[72201,"RECOLOCACO DE FORROS EM REGUA DE PVC E PERFIS, CONSIDERANDO REAPROVEITAMENTO DO MATERIAL","M2","8,82"]
[96111,"FORRO EM RÉGUAS DE PVC, FRISADO, PARA AMBIENTES RESIDENCIAIS, INCLUSIVE ESTRUTURA DE FIXAÇÃO. AF_05/2017_P","M2","36,64"]
[96116,"FORRO EM RÉGUAS DE PVC, FRISADO, PARA AMBIENTES COMERCIAIS, INCLUSIVE ESTRUTURA DE FIXAÇÃO. AF_05/2017_P","M2","39,48"]
[96121,"ACABAMENTOS PARA FORRO (RODA-FORRO EM PERFIL METÁLICO E PLÁSTICO). AF_05/2017","M","7,30"]
[96485,"FORRO EM RÉGUAS DE PVC, LISO, PARA AMBIENTES RESIDENCIAIS, INCLUSIVE ESTRUTURA DE FIXAÇÃO. AF_05/2017_P","M2","42,78"]
[96486,"FORRO DE PVC, LISO, PARA AMBIENTES COMERCIAIS, INCLUSIVE ESTRUTURA DE FIXAÇÃO. AF_05/2017_P","M2","46,00"]
[72198,"ISOLAMENTO TERMICO COM ARGAMASSA TRACO 1:3 (CIMENTO E AREIA GROSSA NAO PENEIRADA), COM ADICAO DE PEROLAS DE ISOPOR, ESPESSURA 6CM, PREPARO MANUAL DA ARGAMASSA","M2","102,43"]
["73833/1","ISOLAMENTO TERMICO COM MANTA DE LA DE VIDRO, ESPESSURA 2,5CM","M2","55,53"]
[83730,"REPARO ESTRUTURAL DE ESTRUTURAS DE CONCRETO COM ARGAMASSA POLIMERICA DE ALTO DESEMPENHO, E=2 CM","M2","192,09"]
[83736,"REPARO/COLAGEM DE ESTRUTURAS DE CONCRETO COM ADESIVO ESTRUTURAL A BASE DE EPOXI, E=2 MM","M2","175,31"]
[91514,"ESTUCAMENTO DE PANOS DE FACHADA SEM VÃOS DO SISTEMA DE PAREDES DE CONCRETO EM EDIFICAÇÕES DE MÚLTIPLOS PAVIMENTOS. AF_06/2015","M2","4,42"]
[91515,"ESTUCAMENTO DE PANOS DE FACHADA COM VÃOS DO SISTEMA DE PAREDES DE CONCRETO EM EDIFICAÇÕES DE MÚLTIPLOS PAVIMENTOS. AF_06/2015","M2","5,84"]
[91516,"ESTUCAMENTO DE SUPERFÍCIE EXTERNA DA SACADA DO SISTEMA DE PAREDES DE CONCRETO EM EDIFICAÇÕES DE MÚLTIPLOS PAVIMENTOS. AF_06/2015","M2","8,55"]
[91517,"ESTUCAMENTO DE PANOS DE FACHADA SEM VÃOS DO SISTEMA DE PAREDES DE CONCRETO EM EDIFICAÇÕES DE PAVIMENTO ÚNICO. AF_06/2015","M2","9,52"]
[91519,"ESTUCAMENTO DE PANOS DE FACHADA COM VÃOS DO SISTEMA DE PAREDES DE CONCRETO EM EDIFICAÇÕES DE PAVIMENTO ÚNICO. AF_06/2015","M2","10,93"]
[91520,"ESTUCAMENTO DE DENSIDADE BAIXA NAS FACES INTERNAS DE PAREDES DO SISTEMA DE PAREDES DE CONCRETO. AF_06/2015","M2","1,59"]
[91522,"ESTUCAMENTO, PARA QUALQUER REVESTIMENTO, EM TETO DO SISTEMA DE PAREDES DE CONCRETO. AF_06/2015","M2","1,92"]
[91525,"ESTUCAMENTO DE DENSIDADE ALTA, NAS FACES INTERNAS DE PAREDES DO SISTEMA DE PAREDES DE CONCRETO. AF_06/2015","M2","3,54"]
[73548,"ARGAMASSA TRACO 1:3 (CIMENTO E AREIA), PREPARO MANUAL, INCLUSO ADITIVO IMPERMEABILIZANTE","M3","484,03"]
[73549,"ARGAMASSA TRACO 1:4 (CIMENTO E AREIA), PREPARO MANUAL, INCLUSO ADITIVO IMPERMEABILIZANTE","M3","453,36"]
[87280,"ARGAMASSA TRAÇO 1:7 (CIMENTO E AREIA MÉDIA) COM ADIÇÃO DE PLASTIFICANTE PARA EMBOÇO/MASSA ÚNICA/ASSENTAMENTO DE ALVENARIA DE VEDAÇÃO, PREPARO MECÂNICO COM BETONEIRA 400 L. AF_06/2014","M3","261,13"]
[87281,"ARGAMASSA TRAÇO 1:7 (CIMENTO E AREIA MÉDIA) COM ADIÇÃO DE PLASTIFICANTE PARA EMBOÇO/MASSA ÚNICA/ASSENTAMENTO DE ALVENARIA DE VEDAÇÃO, PREPARO MECÂNICO COM BETONEIRA 600 L. AF_06/2014","M3","256,84"]
[87283,"ARGAMASSA TRAÇO 1:6 (CIMENTO E AREIA MÉDIA) COM ADIÇÃO DE PLASTIFICANTE PARA EMBOÇO/MASSA ÚNICA/ASSENTAMENTO DE ALVENARIA DE VEDAÇÃO, PREPARO MECÂNICO COM BETONEIRA 400 L. AF_06/2014","M3","286,68"]
[87284,"ARGAMASSA TRAÇO 1:6 (CIMENTO E AREIA MÉDIA) COM ADIÇÃO DE PLASTIFICANTE PARA EMBOÇO/MASSA ÚNICA/ASSENTAMENTO DE ALVENARIA DE VEDAÇÃO, PREPARO MECÂNICO COM BETONEIRA 600 L. AF_06/2014","M3","268,57"]
[87286,"ARGAMASSA TRAÇO 1:1:6 (CIMENTO, CAL E AREIA MÉDIA) PARA EMBOÇO/MASSA ÚNICA/ASSENTAMENTO DE ALVENARIA DE VEDAÇÃO, PREPARO MECÂNICO COM BETONEIRA 400 L. AF_06/2014","M3","265,36"]
[87287,"ARGAMASSA TRAÇO 1:1:6 (CIMENTO, CAL E AREIA MÉDIA) PARA EMBOÇO/MASSA ÚNICA/ASSENTAMENTO DE ALVENARIA DE VEDAÇÃO, PREPARO MECÂNICO COM BETONEIRA 600 L. AF_06/2014","M3","326,17"]
[87289,"ARGAMASSA TRAÇO 1:1,5:7,5 (CIMENTO, CAL E AREIA MÉDIA) PARA EMBOÇO/MASSA ÚNICA/ASSENTAMENTO DE ALVENARIA DE VEDAÇÃO, PREPARO MECÂNICO COM BETONEIRA 400 L. AF_06/2014","M3","310,13"]
[87290,"ARGAMASSA TRAÇO 1:1,5:7,5 (CIMENTO, CAL E AREIA MÉDIA) PARA EMBOÇO/MASSA ÚNICA/ASSENTAMENTO DE ALVENARIA DE VEDAÇÃO, PREPARO MECÂNICO COM BETONEIRA 600 L. AF_06/2014","M3","305,05"]
[87292,"ARGAMASSA TRAÇO 1:2:8 (CIMENTO, CAL E AREIA MÉDIA) PARA EMBOÇO/MASSA ÚNICA/ASSENTAMENTO DE ALVENARIA DE VEDAÇÃO, PREPARO MECÂNICO COM BETONEIRA 400 L. AF_06/2014","M3","320,92"]
[87294,"ARGAMASSA TRAÇO 1:2:9 (CIMENTO, CAL E AREIA MÉDIA) PARA EMBOÇO/MASSA ÚNICA/ASSENTAMENTO DE ALVENARIA DE VEDAÇÃO, PREPARO MECÂNICO COM BETONEIRA 600 L. AF_06/2014","M3","302,14"]
[87295,"ARGAMASSA TRAÇO 1:3:12 (CIMENTO, CAL E AREIA MÉDIA) PARA EMBOÇO/MASSA ÚNICA/ASSENTAMENTO DE ALVENARIA DE VEDAÇÃO, PREPARO MECÂNICO COM BETONEIRA 400 L. AF_06/2014","M3","304,11"]
[87296,"ARGAMASSA TRAÇO 1:3:12 (CIMENTO, CAL E AREIA MÉDIA) PARA EMBOÇO/MASSA ÚNICA/ASSENTAMENTO DE ALVENARIA DE VEDAÇÃO, PREPARO MECÂNICO COM BETONEIRA 600 L. AF_06/2014","M3","285,23"]
[87298,"ARGAMASSA TRAÇO 1:3 (CIMENTO E AREIA MÉDIA) PARA CONTRAPISO, PREPARO MECÂNICO COM BETONEIRA 400 L. AF_06/2014","M3","434,63"]
[87299,"ARGAMASSA TRAÇO 1:3 (CIMENTO E AREIA MÉDIA) PARA CONTRAPISO, PREPARO MECÂNICO COM BETONEIRA 600 L. AF_06/2014","M3","421,26"]
[87301,"ARGAMASSA TRAÇO 1:4 (CIMENTO E AREIA MÉDIA) PARA CONTRAPISO, PREPARO MECÂNICO COM BETONEIRA 400 L. AF_06/2014","M3","375,80"]
[87302,"ARGAMASSA TRAÇO 1:4 (CIMENTO E AREIA MÉDIA) PARA CONTRAPISO, PREPARO MECÂNICO COM BETONEIRA 600 L. AF_06/2014","M3","364,84"]
[87304,"ARGAMASSA TRAÇO 1:5 (CIMENTO E AREIA MÉDIA) PARA CONTRAPISO, PREPARO MECÂNICO COM BETONEIRA 400 L. AF_06/2014","M3","340,53"]
[87305,"ARGAMASSA TRAÇO 1:5 (CIMENTO E AREIA MÉDIA) PARA CONTRAPISO, PREPARO MECÂNICO COM BETONEIRA 600 L. AF_06/2014","M3","329,02"]
[87307,"ARGAMASSA TRAÇO 1:6 (CIMENTO E AREIA MÉDIA) PARA CONTRAPISO, PREPARO MECÂNICO COM BETONEIRA 400 L. AF_06/2014","M3","309,81"]
[87308,"ARGAMASSA TRAÇO 1:6 (CIMENTO E AREIA MÉDIA) PARA CONTRAPISO, PREPARO MECÂNICO COM BETONEIRA 600 L. AF_06/2014","M3","300,17"]
[87310,"ARGAMASSA TRAÇO 1:5 (CIMENTO E AREIA GROSSA) PARA CHAPISCO CONVENCIONAL, PREPARO MECÂNICO COM BETONEIRA 400 L. AF_06/2014","M3","281,44"]
[87311,"ARGAMASSA TRAÇO 1:5 (CIMENTO E AREIA GROSSA) PARA CHAPISCO CONVENCIONAL, PREPARO MECÂNICO COM BETONEIRA 600 L. AF_06/2014","M3","274,71"]
[87313,"ARGAMASSA TRAÇO 1:3 (CIMENTO E AREIA GROSSA) PARA CHAPISCO CONVENCIONAL, PREPARO MECÂNICO COM BETONEIRA 400 L. AF_06/2014","M3","349,99"]
[87314,"ARGAMASSA TRAÇO 1:3 (CIMENTO E AREIA GROSSA) PARA CHAPISCO CONVENCIONAL, PREPARO MECÂNICO COM BETONEIRA 600 L. AF_06/2014","M3","344,30"]
[87316,"ARGAMASSA TRAÇO 1:4 (CIMENTO E AREIA GROSSA) PARA CHAPISCO CONVENCIONAL, PREPARO MECÂNICO COM BETONEIRA 400 L. AF_06/2014","M3","313,32"]
[87317,"ARGAMASSA TRAÇO 1:4 (CIMENTO E AREIA GROSSA) PARA CHAPISCO CONVENCIONAL, PREPARO MECÂNICO COM BETONEIRA 600 L. AF_06/2014","M3","303,13"]
[87319,"ARGAMASSA TRAÇO 1:5 (CIMENTO E AREIA GROSSA) COM ADIÇÃO DE EMULSÃO POLIMÉRICA PARA CHAPISCO ROLADO, PREPARO MECÂNICO COM BETONEIRA 400 L. AF_06/2014","M3","2.040,42"]
[87320,"ARGAMASSA TRAÇO 1:5 (CIMENTO E AREIA GROSSA) COM ADIÇÃO DE EMULSÃO POLIMÉRICA PARA CHAPISCO ROLADO, PREPARO MECÂNICO COM BETONEIRA 600 L. AF_06/2014","M3","2.041,72"]
[87322,"ARGAMASSA TRAÇO 1:3 (CIMENTO E AREIA GROSSA) COM ADIÇÃO DE EMULSÃO POLIMÉRICA PARA CHAPISCO ROLADO, PREPARO MECÂNICO COM BETONEIRA 400 L. AF_06/2014","M3","2.110,85"]
[87323,"ARGAMASSA TRAÇO 1:3 (CIMENTO E AREIA GROSSA) COM ADIÇÃO DE EMULSÃO POLIMÉRICA PARA CHAPISCO ROLADO, PREPARO MECÂNICO COM BETONEIRA 600 L. AF_06/2014","M3","2.098,42"]
[87325,"ARGAMASSA TRAÇO 1:4 (CIMENTO E AREIA GROSSA) COM ADIÇÃO DE EMULSÃO POLIMÉRICA PARA CHAPISCO ROLADO, PREPARO MECÂNICO COM BETONEIRA 400 L. AF_06/2014","M3","2.068,15"]
[87326,"ARGAMASSA TRAÇO 1:4 (CIMENTO E AREIA GROSSA) COM ADIÇÃO DE EMULSÃO POLIMÉRICA PARA CHAPISCO ROLADO, PREPARO MECÂNICO COM BETONEIRA 600 L. AF_06/2014","M3","2.062,75"]
[87327,"ARGAMASSA TRAÇO 1:7 (CIMENTO E AREIA MÉDIA) COM ADIÇÃO DE PLASTIFICANTE PARA EMBOÇO/MASSA ÚNICA/ASSENTAMENTO DE ALVENARIA DE VEDAÇÃO, PREPARO MECÂNICO COM MISTURADOR DE EIXO HORIZONTAL DE 300 KG. AF_06/2014","M3","279,31"]
[87328,"ARGAMASSA TRAÇO 1:7 (CIMENTO E AREIA MÉDIA) COM ADIÇÃO DE PLASTIFICANTE PARA EMBOÇO/MASSA ÚNICA/ASSENTAMENTO DE ALVENARIA DE VEDAÇÃO, PREPARO MECÂNICO COM MISTURADOR DE EIXO HORIZONTAL DE 600 KG. AF_06/2014","M3","244,35"]
[87329,"ARGAMASSA TRAÇO 1:6 (CIMENTO E AREIA MÉDIA) COM ADIÇÃO DE PLASTIFICANTE PARA EMBOÇO/MASSA ÚNICA/ASSENTAMENTO DE ALVENARIA DE VEDAÇÃO, PREPARO MECÂNICO COM MISTURADOR DE EIXO HORIZONTAL DE 300 KG. AF_06/2014","M3","306,10"]
[87330,"ARGAMASSA TRAÇO 1:6 (CIMENTO E AREIA MÉDIA) COM ADIÇÃO DE PLASTIFICANTE PARA EMBOÇO/MASSA ÚNICA/ASSENTAMENTO DE ALVENARIA DE VEDAÇÃO, PREPARO MECÂNICO COM MISTURADOR DE EIXO HORIZONTAL DE 600 KG. AF_06/2014","M3","268,72"]
[87331,"ARGAMASSA TRAÇO 1:1:6 (CIMENTO, CAL E AREIA MÉDIA) PARA EMBOÇO/MASSA ÚNICA/ASSENTAMENTO DE ALVENARIA DE VEDAÇÃO, PREPARO MECÂNICO COM MISTURADOR DE EIXO HORIZONTAL DE 300 KG. AF_06/2014","M3","347,81"]
[87332,"ARGAMASSA TRAÇO 1:1:6 (CIMENTO, CAL E AREIA MÉDIA) PARA EMBOÇO/MASSA ÚNICA/ASSENTAMENTO DE ALVENARIA DE VEDAÇÃO, PREPARO MECÂNICO COM MISTURADOR DE EIXO HORIZONTAL DE 600 KG. AF_06/2014","M3","310,79"]
[87333,"ARGAMASSA TRAÇO 1:1,5:7,5 (CIMENTO, CAL E AREIA MÉDIA) PARA EMBOÇO/MASSA ÚNICA/ASSENTAMENTO DE ALVENARIA DE VEDAÇÃO, PREPARO MECÂNICO COM MISTURADOR DE EIXO HORIZONTAL DE 300 KG. AF_06/2014","M3","316,97"]
[87334,"ARGAMASSA TRAÇO 1:1,5:7,5 (CIMENTO, CAL E AREIA MÉDIA) PARA EMBOÇO/MASSA ÚNICA/ASSENTAMENTO DE ALVENARIA DE VEDAÇÃO, PREPARO MECÂNICO COM MISTURADOR DE EIXO HORIZONTAL DE 600 KG. AF_06/2014","M3","289,50"]
[87335,"ARGAMASSA TRAÇO 1:2:8 (CIMENTO, CAL E AREIA MÉDIA) PARA EMBOÇO/MASSA ÚNICA/ASSENTAMENTO DE ALVENARIA DE VEDAÇÃO, PREPARO MECÂNICO COM MISTURADOR DE EIXO HORIZONTAL DE 300 KG. AF_06/2014","M3","319,21"]
[87336,"ARGAMASSA TRAÇO 1:2:8 (CIMENTO, CAL E AREIA MÉDIA) PARA EMBOÇO/MASSA ÚNICA/ASSENTAMENTO DE ALVENARIA DE VEDAÇÃO, PREPARO MECÂNICO COM MISTURADOR DE EIXO HORIZONTAL DE 600 KG. AF_06/2014","M3","298,33"]
[87337,"ARGAMASSA TRAÇO 1:2:9 (CIMENTO, CAL E AREIA MÉDIA) PARA EMBOÇO/MASSA ÚNICA/ASSENTAMENTO DE ALVENARIA DE VEDAÇÃO, PREPARO MECÂNICO COM MISTURADOR DE EIXO HORIZONTAL DE 300 KG. AF_06/2014","M3","301,52"]
[87338,"ARGAMASSA TRAÇO 1:3:12 (CIMENTO, CAL E AREIA MÉDIA) PARA EMBOÇO/MASSA ÚNICA/ASSENTAMENTO DE ALVENARIA DE VEDAÇÃO, PREPARO MECÂNICO COM MISTURADOR DE EIXO HORIZONTAL DE 600 KG. AF_06/2014","M3","283,09"]
[87339,"ARGAMASSA TRAÇO 1:3 (CIMENTO E AREIA MÉDIA) PARA CONTRAPISO, PREPARO MECÂNICO COM MISTURADOR DE EIXO HORIZONTAL DE 160 KG. AF_06/2014","M3","506,68"]
[87340,"ARGAMASSA TRAÇO 1:3 (CIMENTO E AREIA MÉDIA) PARA CONTRAPISO, PREPARO MECÂNICO COM MISTURADOR DE EIXO HORIZONTAL DE 300 KG. AF_06/2014","M3","424,62"]
[87341,"ARGAMASSA TRAÇO 1:3 (CIMENTO E AREIA MÉDIA) PARA CONTRAPISO, PREPARO MECÂNICO COM MISTURADOR DE EIXO HORIZONTAL DE 600 KG. AF_06/2014","M3","408,54"]
[87342,"ARGAMASSA TRAÇO 1:4 (CIMENTO E AREIA MÉDIA) PARA CONTRAPISO, PREPARO MECÂNICO COM MISTURADOR DE EIXO HORIZONTAL DE 160 KG. AF_06/2014","M3","427,69"]
[87343,"ARGAMASSA TRAÇO 1:4 (CIMENTO E AREIA MÉDIA) PARA CONTRAPISO, PREPARO MECÂNICO COM MISTURADOR DE EIXO HORIZONTAL DE 300 KG. AF_06/2014","M3","374,78"]
[87344,"ARGAMASSA TRAÇO 1:4 (CIMENTO E AREIA MÉDIA) PARA CONTRAPISO, PREPARO MECÂNICO COM MISTURADOR DE EIXO HORIZONTAL DE 600 KG. AF_06/2014","M3","352,21"]
[87345,"ARGAMASSA TRAÇO 1:5 (CIMENTO E AREIA MÉDIA) PARA CONTRAPISO, PREPARO MECÂNICO COM MISTURADOR DE EIXO HORIZONTAL DE 160 KG. AF_06/2014","M3","367,05"]
[87346,"ARGAMASSA TRAÇO 1:5 (CIMENTO E AREIA MÉDIA) PARA CONTRAPISO, PREPARO MECÂNICO COM MISTURADOR DE EIXO HORIZONTAL DE 300 KG. AF_06/2014","M3","330,82"]
[87347,"ARGAMASSA TRAÇO 1:5 (CIMENTO E AREIA MÉDIA) PARA CONTRAPISO, PREPARO MECÂNICO COM MISTURADOR DE EIXO HORIZONTAL DE 600 KG. AF_06/2014","M3","317,72"]
[87348,"ARGAMASSA TRAÇO 1:6 (CIMENTO E AREIA MÉDIA) PARA CONTRAPISO, PREPARO MECÂNICO COM MISTURADOR DE EIXO HORIZONTAL DE 160 KG. AF_06/2014","M3","335,02"]
[87349,"ARGAMASSA TRAÇO 1:6 (CIMENTO E AREIA MÉDIA) PARA CONTRAPISO, PREPARO MECÂNICO COM MISTURADOR DE EIXO HORIZONTAL DE 600 KG. AF_06/2014","M3","287,32"]
[87350,"ARGAMASSA TRAÇO 1:5 (CIMENTO E AREIA GROSSA) PARA CHAPISCO CONVENCIONAL, PREPARO MECÂNICO COM MISTURADOR DE EIXO HORIZONTAL DE 300 KG. AF_06/2014","M3","309,68"]
[87351,"ARGAMASSA TRAÇO 1:5 (CIMENTO E AREIA GROSSA) PARA CHAPISCO CONVENCIONAL, PREPARO MECÂNICO COM MISTURADOR DE EIXO HORIZONTAL DE 600 KG. AF_06/2014","M3","274,84"]
[87352,"ARGAMASSA TRAÇO 1:3 (CIMENTO E AREIA GROSSA) PARA CHAPISCO CONVENCIONAL, PREPARO MECÂNICO COM MISTURADOR DE EIXO HORIZONTAL DE 160 KG. AF_06/2014","M3","402,21"]
[87353,"ARGAMASSA TRAÇO 1:3 (CIMENTO E AREIA GROSSA) PARA CHAPISCO CONVENCIONAL, PREPARO MECÂNICO COM MISTURADOR DE EIXO HORIZONTAL DE 300 KG. AF_06/2014","M3","354,54"]
[87354,"ARGAMASSA TRAÇO 1:3 (CIMENTO E AREIA GROSSA) PARA CHAPISCO CONVENCIONAL, PREPARO MECÂNICO COM MISTURADOR DE EIXO HORIZONTAL DE 600 KG. AF_06/2014","M3","331,95"]
[87355,"ARGAMASSA TRAÇO 1:4 (CIMENTO E AREIA GROSSA) PARA CHAPISCO CONVENCIONAL, PREPARO MECÂNICO COM MISTURADOR DE EIXO HORIZONTAL DE 160 KG. AF_06/2014","M3","343,62"]
[87356,"ARGAMASSA TRAÇO 1:4 (CIMENTO E AREIA GROSSA) PARA CHAPISCO CONVENCIONAL, PREPARO MECÂNICO COM MISTURADOR DE EIXO HORIZONTAL DE 300 KG. AF_06/2014","M3","305,00"]
[87357,"ARGAMASSA TRAÇO 1:4 (CIMENTO E AREIA GROSSA) PARA CHAPISCO CONVENCIONAL, PREPARO MECÂNICO COM MISTURADOR DE EIXO HORIZONTAL DE 600 KG. AF_06/2014","M3","295,31"]
[87358,"ARGAMASSA TRAÇO 1:5 (CIMENTO E AREIA GROSSA) COM ADIÇÃO DE EMULSÃO POLIMÉRICA PARA CHAPISCO ROLADO, PREPARO MECÂNICO COM MISTURADOR DE EIXO HORIZONTAL DE 300 KG. AF_06/2014","M3","2.013,09"]
[87359,"ARGAMASSA TRAÇO 1:5 (CIMENTO E AREIA GROSSA) COM ADIÇÃO DE EMULSÃO POLIMÉRICA PARA CHAPISCO ROLADO, PREPARO MECÂNICO COM MISTURADOR DE EIXO HORIZONTAL DE 600 KG. AF_06/2014","M3","1.996,25"]
[87360,"ARGAMASSA TRAÇO 1:3 (CIMENTO E AREIA GROSSA) COM ADIÇÃO DE EMULSÃO POLIMÉRICA PARA CHAPISCO ROLADO, PREPARO MECÂNICO COM MISTURADOR DE EIXO HORIZONTAL DE 160 KG. AF_06/2014","M3","2.093,54"]
[87361,"ARGAMASSA TRAÇO 1:3 (CIMENTO E AREIA GROSSA) COM ADIÇÃO DE EMULSÃO POLIMÉRICA PARA CHAPISCO ROLADO, PREPARO MECÂNICO COM MISTURADOR DE EIXO HORIZONTAL DE 300 KG. AF_06/2014","M3","2.067,52"]
[87362,"ARGAMASSA TRAÇO 1:3 (CIMENTO E AREIA GROSSA) COM ADIÇÃO DE EMULSÃO POLIMÉRICA PARA CHAPISCO ROLADO, PREPARO MECÂNICO COM MISTURADOR DE EIXO HORIZONTAL DE 600 KG. AF_06/2014","M3","2.062,10"]
[87363,"ARGAMASSA TRAÇO 1:4 (CIMENTO E AREIA GROSSA) COM ADIÇÃO DE EMULSÃO POLIMÉRICA PARA CHAPISCO ROLADO, PREPARO MECÂNICO COM MISTURADOR DE EIXO HORIZONTAL DE 300 KG. AF_06/2014","M3","2.056,79"]
[87364,"ARGAMASSA TRAÇO 1:4 (CIMENTO E AREIA GROSSA) COM ADIÇÃO DE EMULSÃO POLIMÉRICA PARA CHAPISCO ROLADO, PREPARO MECÂNICO COM MISTURADOR DE EIXO HORIZONTAL DE 600 KG. AF_06/2014","M3","2.021,30"]
[87365,"ARGAMASSA TRAÇO 1:7 (CIMENTO E AREIA MÉDIA) COM ADIÇÃO DE PLASTIFICANTE PARA EMBOÇO/MASSA ÚNICA/ASSENTAMENTO DE ALVENARIA DE VEDAÇÃO, PREPARO MANUAL. AF_06/2014","M3","328,26"]
[87366,"ARGAMASSA TRAÇO 1:6 (CIMENTO E AREIA MÉDIA) COM ADIÇÃO DE PLASTIFICANTE PARA EMBOÇO/MASSA ÚNICA/ASSENTAMENTO DE ALVENARIA DE VEDAÇÃO, PREPARO MANUAL. AF_06/2014","M3","346,96"]
[87367,"ARGAMASSA TRAÇO 1:1:6 (CIMENTO, CAL E AREIA MÉDIA) PARA EMBOÇO/MASSA ÚNICA/ASSENTAMENTO DE ALVENARIA DE VEDAÇÃO, PREPARO MANUAL. AF_06/2014","M3","392,65"]
[87368,"ARGAMASSA TRAÇO 1:1,5:7,5 (CIMENTO, CAL E AREIA MÉDIA) PARA EMBOÇO/MASSA ÚNICA/ASSENTAMENTO DE ALVENARIA DE VEDAÇÃO, PREPARO MANUAL. AF_06/2014","M3","381,80"]
[87369,"ARGAMASSA TRAÇO 1:2:8 (CIMENTO, CAL E AREIA MÉDIA) PARA EMBOÇO/MASSA ÚNICA/ASSENTAMENTO DE ALVENARIA DE VEDAÇÃO, PREPARO MANUAL. AF_06/2014","M3","389,44"]
[87370,"ARGAMASSA TRAÇO 1:2:9 (CIMENTO, CAL E AREIA MÉDIA) PARA EMBOÇO/MASSA ÚNICA/ASSENTAMENTO DE ALVENARIA DE VEDAÇÃO, PREPARO MANUAL. AF_06/2014","M3","373,02"]
[87371,"ARGAMASSA TRAÇO 1:3:12 (CIMENTO, CAL E AREIA MÉDIA) PARA EMBOÇO/MASSA ÚNICA/ASSENTAMENTO DE ALVENARIA DE VEDAÇÃO, PREPARO MANUAL. AF_06/2014","M3","361,72"]
[87372,"ARGAMASSA TRAÇO 1:3 (CIMENTO E AREIA MÉDIA) PARA CONTRAPISO, PREPARO MANUAL. AF_06/2014","M3","499,26"]
[87373,"ARGAMASSA TRAÇO 1:4 (CIMENTO E AREIA MÉDIA) PARA CONTRAPISO, PREPARO MANUAL. AF_06/2014","M3","442,53"]
[87374,"ARGAMASSA TRAÇO 1:5 (CIMENTO E AREIA MÉDIA) PARA CONTRAPISO, PREPARO MANUAL. AF_06/2014","M3","404,33"]
[87375,"ARGAMASSA TRAÇO 1:6 (CIMENTO E AREIA MÉDIA) PARA CONTRAPISO, PREPARO MANUAL. AF_06/2014","M3","373,28"]
[87376,"ARGAMASSA TRAÇO 1:5 (CIMENTO E AREIA GROSSA) PARA CHAPISCO CONVENCIONAL, PREPARO MANUAL. AF_06/2014","M3","356,21"]
[87377,"ARGAMASSA TRAÇO 1:3 (CIMENTO E AREIA GROSSA) PARA CHAPISCO CONVENCIONAL, PREPARO MANUAL. AF_06/2014","M3","422,59"]
[87378,"ARGAMASSA TRAÇO 1:4 (CIMENTO E AREIA GROSSA) PARA CHAPISCO CONVENCIONAL, PREPARO MANUAL. AF_06/2014","M3","382,77"]
[87379,"ARGAMASSA TRAÇO 1:5 (CIMENTO E AREIA GROSSA) COM ADIÇÃO DE EMULSÃO POLIMÉRICA PARA CHAPISCO ROLADO, PREPARO MANUAL. AF_06/2014","M3","2.097,85"]
[87380,"ARGAMASSA TRAÇO 1:3 (CIMENTO E AREIA GROSSA) COM ADIÇÃO DE EMULSÃO POLIMÉRICA PARA CHAPISCO ROLADO, PREPARO MANUAL. AF_06/2014","M3","2.162,68"]
[87381,"ARGAMASSA TRAÇO 1:4 (CIMENTO E AREIA GROSSA) COM ADIÇÃO DE EMULSÃO POLIMÉRICA PARA CHAPISCO ROLADO, PREPARO MANUAL. AF_06/2014","M3","2.124,53"]
[87382,"ARGAMASSA INDUSTRIALIZADA MULTIUSO PARA REVESTIMENTOS E ASSENTAMENTO DA ALVENARIA, PREPARO COM MISTURADOR DE EIXO HORIZONTAL DE 160 KG. AF_06/2014","M3","857,94"]
[87383,"ARGAMASSA INDUSTRIALIZADA MULTIUSO PARA REVESTIMENTOS E ASSENTAMENTO DA ALVENARIA, PREPARO COM MISTURADOR DE EIXO HORIZONTAL DE 300 KG. AF_06/2014","M3","850,95"]
[87384,"ARGAMASSA INDUSTRIALIZADA MULTIUSO PARA REVESTIMENTOS E ASSENTAMENTO DA ALVENARIA, PREPARO COM MISTURADOR DE EIXO HORIZONTAL DE 600 KG. AF_06/2014","M3","842,97"]
[87385,"ARGAMASSA PRONTA PARA CONTRAPISO, PREPARO COM MISTURADOR DE EIXO HORIZONTAL DE 160 KG. AF_06/2014","M3","1.223,50"]
[87386,"ARGAMASSA PRONTA PARA CONTRAPISO, PREPARO COM MISTURADOR DE EIXO HORIZONTAL DE 300 KG. AF_06/2014","M3","1.215,46"]
[87387,"ARGAMASSA PRONTA PARA CONTRAPISO, PREPARO COM MISTURADOR DE EIXO HORIZONTAL DE 600 KG. AF_06/2014","M3","1.209,97"]
[87388,"ARGAMASSA PARA REVESTIMENTO DECORATIVO MONOCAMADA (MONOCAPA), PREPARO COM MISTURADOR DE EIXO HORIZONTAL DE 160 KG. AF_06/2014","M3","2.837,56"]
[87389,"ARGAMASSA PARA REVESTIMENTO DECORATIVO MONOCAMADA (MONOCAPA), PREPARO COM MISTURADOR DE EIXO HORIZONTAL DE 300 KG. AF_06/2014","M3","2.846,32"]
[87390,"ARGAMASSA PARA REVESTIMENTO DECORATIVO MONOCAMADA (MONOCAPA), PREPARO COM MISTURADOR DE EIXO HORIZONTAL DE 600 KG. AF_06/2014","M3","2.850,08"]
[87391,"ARGAMASSA INDUSTRIALIZADA PARA CHAPISCO ROLADO, PREPARO COM MISTURADOR DE EIXO HORIZONTAL DE 160 KG. AF_06/2014","M3","4.115,54"]
[87393,"ARGAMASSA INDUSTRIALIZADA PARA CHAPISCO ROLADO, PREPARO COM MISTURADOR DE EIXO HORIZONTAL DE 300 KG. AF_06/2014","M3","4.160,40"]
[87394,"ARGAMASSA INDUSTRIALIZADA PARA CHAPISCO ROLADO, PREPARO COM MISTURADOR DE EIXO HORIZONTAL DE 600 KG. AF_06/2014","M3","4.175,48"]
[87395,"ARGAMASSA INDUSTRIALIZADA PARA CHAPISCO COLANTE, PREPARO COM MISTURADOR DE EIXO HORIZONTAL DE 160 KG. AF_06/2014","M3","3.224,14"]
[87396,"ARGAMASSA INDUSTRIALIZADA PARA CHAPISCO COLANTE, PREPARO COM MISTURADOR DE EIXO HORIZONTAL DE 300 KG. AF_06/2014","M3","3.256,96"]
[87397,"ARGAMASSA INDUSTRIALIZADA PARA CHAPISCO COLANTE, PREPARO COM MISTURADOR DE EIXO HORIZONTAL DE 600 KG. AF_06/2014","M3","3.263,37"]
[87398,"ARGAMASSA INDUSTRIALIZADA MULTIUSO PARA REVESTIMENTOS E ASSENTAMENTO DA ALVENARIA, PREPARO MANUAL. AF_06/2014","M3","976,16"]
[87399,"ARGAMASSA PRONTA PARA CONTRAPISO, PREPARO MANUAL. AF_06/2014","M3","1.353,00"]
[87401,"ARGAMASSA INDUSTRIALIZADA PARA CHAPISCO ROLADO, PREPARO MANUAL. AF_06/2014","M3","4.310,32"]
[87402,"ARGAMASSA INDUSTRIALIZADA PARA CHAPISCO COLANTE, PREPARO MANUAL. AF_06/2014","M3","3.412,57"]
[87404,"ARGAMASSA PARA REVESTIMENTO DECORATIVO MONOCAMADA (MONOCAPA), MISTURA E PROJEÇÃO DE 1,5 M3/H DE ARGAMASSA. AF_06/2014","M3","2.949,20"]
[87405,"ARGAMASSA PARA REVESTIMENTO DECORATIVO MONOCAMADA (MONOCAPA), MISTURA E PROJEÇÃO DE 2 M3/H DE ARGAMASSA. AF_06/2014","M3","2.949,52"]
[87407,"ARGAMASSA INDUSTRIALIZADA PARA REVESTIMENTOS, MISTURA E PROJEÇÃO DE 1,5 M³/H DE ARGAMASSA. AF_06/2014","M3","873,93"]
[87408,"ARGAMASSA INDUSTRIALIZADA PARA REVESTIMENTOS, MISTURA E PROJEÇÃO DE 2 M³/H DE ARGAMASSA. AF_06/2014","M3","861,48"]
[87410,"ARGAMASSA À BASE DE GESSO, MISTURA E PROJEÇÃO DE 1,5 M³/H DE ARGAMASSA. AF_06/2014","M3","742,03"]
[88626,"ARGAMASSA TRAÇO 1:0,5:4,5 (CIMENTO, CAL E AREIA MÉDIA), PREPARO MECÂNICO COM BETONEIRA 400 L. AF_08/2014","M3","312,46"]
[88627,"ARGAMASSA TRAÇO 1:0,5:4,5 (CIMENTO, CAL E AREIA MÉDIA) PARA ASSENTAMENTO DE ALVENARIA, PREPARO MANUAL. AF_08/2014","M3","365,84"]
[88628,"ARGAMASSA TRAÇO 1:3 (CIMENTO E AREIA MÉDIA), PREPARO MECÂNICO COM BETONEIRA 400 L. AF_08/2014","M3","337,41"]
[88629,"ARGAMASSA TRAÇO 1:3 (CIMENTO E AREIA MÉDIA), PREPARO MANUAL. AF_08/2014","M3","395,11"]
[88630,"ARGAMASSA TRAÇO 1:4 (CIMENTO E AREIA MÉDIA), PREPARO MECÂNICO COM BETONEIRA 400 L. AF_08/2014","M3","290,57"]
[88631,"ARGAMASSA TRAÇO 1:4 (CIMENTO E AREIA MÉDIA), PREPARO MANUAL. AF_08/2014","M3","350,56"]
[88715,"ARGAMASSA TRAÇO 1:2:9 (CIMENTO, CAL E AREIA MÉDIA) PARA EMBOÇO/MASSA ÚNICA/ASSENTAMENTO DE ALVENARIA DE VEDAÇÃO, PREPARO MECÂNICO COM BETONEIRA 400 L. AF_09/2014","M3","301,18"]
[95563,"ARGAMASSA TRAÇO 1:1,65 (CIMENTO E AREIA MÉDIA), FCK 20 MPA, PREPARO MECÂNICO COM MISTURADOR DUPLO HORIZONTAL DE ALTA TURBULÊNCIA. AF_11/2016","M3","551,66"]
[96920,"ARGAMASSA TRAÇO 1:3 (CIMENTO E AREIA), PREPARO MECANICO , INCLUSO ADITIVO IMPERMEABILIZANTE","M3","426,33"]
[88036,"TRANSPORTE HORIZONTAL, MASSA/GRANEL, JERICA 90L, 30M. AF_06/2014","M3","23,19"]
[88037,"TRANSPORTE HORIZONTAL, MASSA/GRANEL, JERICA 90L, 50M. AF_06/2014","M3","32,49"]
[88038,"TRANSPORTE HORIZONTAL, MASSA/GRANEL, JERICA 90L, 75M. AF_06/2014","M3","44,11"]
[88039,"TRANSPORTE HORIZONTAL, MASSA/GRANEL, JERICA 90L, 100M. AF_06/2014","M3","55,74"]
[88040,"TRANSPORTE HORIZONTAL, MASSA/GRANEL, MINICARREGADEIRA, 30M. AF_06/2014","M3","9,52"]
[88041,"TRANSPORTE HORIZONTAL, MASSA/GRANEL, MINICARREGADEIRA, 50M. AF_06/2014","M3","14,75"]
[88042,"TRANSPORTE HORIZONTAL, MASSA/GRANEL, MINICARREGADEIRA, 75M. AF_06/2014","M3","21,30"]
[88043,"TRANSPORTE HORIZONTAL, MASSA/GRANEL, MINICARREGADEIRA, 100M. AF_06/2014","M3","27,83"]
[88044,"TRANSPORTE HORIZONTAL, BLOCOS VAZADOS DE CONCRETO OU CERÂMICO 19X19X39 CM, MANUAL, 30M. AF_06/2014","UN","0,48"]
[88045,"TRANSPORTE HORIZONTAL, BLOCOS CERÂMICOS FURADOS NA HORIZONTAL 9X19X19 CM, MANUAL, 30M. AF_06/2014","UN","0,24"]
[88046,"TRANSPORTE HORIZONTAL, BLOCOS VAZADOS DE CONCRETO OU CERÂMICO 19X19X39 CM, CARRINHO PLATAFORMA, 30M. AF_06/2014","UN","0,21"]
[88047,"TRANSPORTE HORIZONTAL, BLOCOS CERÂMICOS FURADOS NA HORIZONTAL 9X19X19 CM, CARRINHO PLATAFORMA, 30M. AF_06/2014","UN","0,07"]
[88048,"TRANSPORTE HORIZONTAL, BLOCOS VAZADOS DE CONCRETO OU CERÂMICO 19X19X39 CM, CARRINHO PLATAFORMA, 50M. AF_06/2014","UN","0,27"]
[88049,"TRANSPORTE HORIZONTAL, BLOCOS CERÂMICOS FURADOS NA HORIZONTAL 9X19X19 CM, CARRINHO PLATAFORMA, 50M. AF_06/2014","UN","0,09"]
[88050,"TRANSPORTE HORIZONTAL, BLOCOS VAZADOS DE CONCRETO OU CERÂMICO 19X19X39 CM, CARRINHO PLATAFORMA, 75M. AF_06/2014","UN","0,36"]
[88051,"TRANSPORTE HORIZONTAL, BLOCOS CERÂMICOS FURADOS NA HORIZONTAL 9X19X19 CM, CARRINHO PLATAFORMA, 75M. AF_06/2014","UN","0,11"]
[88052,"TRANSPORTE HORIZONTAL, BLOCOS VAZADOS DE CONCRETO OU CERÂMICO 19X19X39 CM, CARRINHO PLATAFORMA, 100M. AF_06/2014","UN","0,44"]
[88053,"TRANSPORTE HORIZONTAL, BLOCOS CERÂMICOS FURADOS NA HORIZONTAL 9X19X19 CM, CARRINHO PLATAFORMA, 100M. AF_06/2014","UN","0,13"]
[88054,"TRANSPORTE HORIZONTAL, BLOCOS VAZADOS DE CONCRETO OU CERÂMICO 19X19X39 CM, CARRINHO PARA MINI PÁLETES, 30M. AF_06/2014","UN","0,08"]
[88055,"TRANSPORTE HORIZONTAL, BLOCOS CERÂMICOS FURADOS NA HORIZONTAL 9X19X19 CM, CARRINHO PARA MINI PÁLETES, 30M. AF_06/2014","UN","0,02"]
[88056,"TRANSPORTE HORIZONTAL, BLOCOS VAZADOS DE CONCRETO OU CERÂMICO 19X19X39 CM, CARRINHO PARA MINI PÁLETES, 50M. AF_06/2014","UN","0,14"]
[88057,"TRANSPORTE HORIZONTAL, BLOCOS CERÂMICOS FURADOS NA HORIZONTAL 9X19X19 CM, CARRINHO PARA MINI PÁLETES, 50M. AF_06/2014","UN","0,03"]
[88058,"TRANSPORTE HORIZONTAL, BLOCOS VAZADOS DE CONCRETO OU CERÂMICO 19X19X39 CM, CARRINHO PARA MINI PÁLETES, 75M. AF_06/2014","UN","0,20"]
[88059,"TRANSPORTE HORIZONTAL, BLOCOS CERÂMICOS FURADOS NA HORIZONTAL 9X19X19 CM, CARRINHO PARA MINI PÁLETES, 75M. AF_06/2014","UN","0,05"]
[88060,"TRANSPORTE HORIZONTAL, BLOCOS VAZADOS DE CONCRETO OU CERÂMICO 19X19X39 CM, CARRINHO PARA MINI PÁLETES, 100M. AF_06/2014","UN","0,27"]
[88061,"TRANSPORTE HORIZONTAL, BLOCOS CERÂMICOS FURADOS NA HORIZONTAL 9X19X19 CM, CARRINHO PARA MINI PÁLETES, 100M. AF_06/2014","UN","0,06"]
[88074,"TRANSPORTE HORIZONTAL, PLACAS CERÂMICAS, MANUAL, 30M. AF_06/2014","M2","0,69"]
[88075,"TRANSPORTE HORIZONTAL, PLACAS CERÂMICAS, CARRINHO PLATAFORMA, 30M. AF_06/2014","M2","0,46"]
[88076,"TRANSPORTE HORIZONTAL, PLACAS CERÂMICAS, CARRINHO PLATAFORMA, 50M. AF_06/2014","M2","0,53"]
[88077,"TRANSPORTE HORIZONTAL, PLACAS CERÂMICAS, CARRINHO PLATAFORMA, 75M. AF_06/2014","M2","0,62"]
[88078,"TRANSPORTE HORIZONTAL, PLACAS CERÂMICAS, CARRINHO PLATAFORMA, 100M. AF_06/2014","M2","0,71"]
[88079,"TRANSPORTE HORIZONTAL, PLACAS CERÂMICAS, CARRINHO PARA MINI PÁLETES, 30M. AF_06/2014","M2","0,12"]
[88080,"TRANSPORTE HORIZONTAL, PLACAS CERÂMICAS, CARRINHO PARA MINI PÁLETES, 50M. AF_06/2014","M2","0,20"]
[88081,"TRANSPORTE HORIZONTAL, PLACAS CERÂMICAS, CARRINHO PARA MINI PÁLETES, 75M. AF_06/2014","M2","0,30"]
[88082,"TRANSPORTE HORIZONTAL, PLACAS CERÂMICAS, CARRINHO PARA MINI PÁLETES, 100M. AF_06/2014","M2","0,40"]
[88083,"TRANSPORTE HORIZONTAL, PLACAS CERÂMICAS, MANIPULADOR TELESCÓPICO, 30M. AF_06/2014","M2","0,06"]
[88084,"TRANSPORTE HORIZONTAL, PLACAS CERÂMICAS, MANIPULADOR TELESCÓPICO, 50M. AF_06/2014","M2","0,11"]
[88085,"TRANSPORTE HORIZONTAL, PLACAS CERÂMICAS, MANIPULADOR TELESCÓPICO, 75M. AF_06/2014","M2","0,15"]
[88086,"TRANSPORTE HORIZONTAL, PLACAS CERÂMICAS, MANIPULADOR TELESCÓPICO, 100M. AF_06/2014","M2","0,20"]
[88087,"TRANSPORTE HORIZONTAL, LATA DE 18 L, MANUAL, 30M. AF_06/2014","L","0,05"]
[88099,"TRANSPORTE VERTICAL, BLOCOS VAZADOS DE CONCRETO OU CERÂMICO 19X19X39 CM, MANUAL, 1 PAVIMENTO. AF_06/2014","UN","0,19"]
[88100,"TRANSPORTE VERTICAL, BLOCOS CERÂMICOS FURADOS NA HORIZONTAL 9X19X19 CM, MANUAL, 1 PAVIMENTO. AF_06/2014","UN","0,09"]
[88101,"TRANSPORTE VERTICAL, PLACAS CERÂMICAS, MANUAL, 1 PAVIMENTO. AF_06/2014","M2","0,30"]
[88102,"TRANSPORTE VERTICAL, LATA DE 18 L, MANUAL, 1 PAVIMENTO. AF_06/2014","L","0,02"]
[88103,"TRANSPORTE VERTICAL, LATA DE 10 L, MANUAL, 1 PAVIMENTO. AF_06/2014","L","0,04"]
[89176,"TRANSPORTE HORIZONTAL, SACOS 50 KG, CARRINHO PLATAFORMA, 30M. AF_06/2014","T","6,68"]
[89177,"TRANSPORTE HORIZONTAL, SACOS 30 KG, CARRINHO PLATAFORMA, 30M. AF_06/2014","T","9,35"]
[89178,"TRANSPORTE HORIZONTAL, SACOS 20 KG, CARRINHO PLATAFORMA, 30M. AF_06/2014","T","10,69"]
[89179,"TRANSPORTE HORIZONTAL, SACOS 50 KG, CARRINHO PLATAFORMA, 50M. AF_06/2014","T","10,69"]
[89180,"TRANSPORTE HORIZONTAL, SACOS 30 KG, CARRINHO PLATAFORMA, 50M. AF_06/2014","T","12,03"]
[89181,"TRANSPORTE HORIZONTAL, SACOS 20 KG, CARRINHO PLATAFORMA, 50M. AF_06/2014","T","14,70"]
[89182,"TRANSPORTE HORIZONTAL, SACOS 50 KG, CARRINHO PLATAFORMA, 75M. AF_06/2014","T","14,70"]
[89183,"TRANSPORTE HORIZONTAL, SACOS 30 KG, CARRINHO PLATAFORMA, 75M. AF_06/2014","T","16,04"]
[89184,"TRANSPORTE HORIZONTAL, SACOS 20 KG, CARRINHO PLATAFORMA, 75M. AF_06/2014","T","18,71"]
[89185,"TRANSPORTE HORIZONTAL, SACOS 50 KG, CARRINHO PLATAFORMA, 100M. AF_06/2014","T","18,71"]
[89186,"TRANSPORTE HORIZONTAL, SACOS 30 KG, CARRINHO PLATAFORMA, 100M. AF_06/2014","T","20,05"]
[89187,"TRANSPORTE HORIZONTAL, SACOS 20 KG, CARRINHO PLATAFORMA, 100M. AF_06/2014","T","22,72"]
[89188,"TRANSPORTE HORIZONTAL, LATA DE 18 L, CARRINHO PLATAFORMA, 30M. AF_06/2014","18L","0,33"]
[89189,"TRANSPORTE HORIZONTAL, LATA DE 18 L, CARRINHO PLATAFORMA, 50M. AF_06/2014","18L","0,43"]
[89190,"TRANSPORTE HORIZONTAL, LATA DE 18 L, CARRINHO PLATAFORMA, 75M. AF_06/2014","18L","0,57"]
[89191,"TRANSPORTE HORIZONTAL, LATA DE 18 L, CARRINHO PLATAFORMA, 100M. AF_06/2014","18L","0,69"]
[89192,"TRANSPORTE HORIZONTAL, SACOS 50 KG, MANUAL, 30M. AF_06/2014","T","20,05"]
[89193,"TRANSPORTE HORIZONTAL, SACOS 30 KG, MANUAL, 30M. AF_06/2014","T","33,42"]
[89194,"TRANSPORTE HORIZONTAL, SACOS 20 KG, MANUAL, 30M. AF_06/2014","T","49,46"]
[89195,"TRANSPORTE VERTICAL, SACOS 50 KG, MANUAL, 1 PAVIMENTO. AF_06/2014","T","8,02"]
[89196,"TRANSPORTE VERTICAL, SACOS 30 KG, MANUAL, 1 PAVIMENTO. AF_06/2014","T","13,37"]
[89197,"TRANSPORTE VERTICAL, SACOS 20 KG, MANUAL, 1 PAVIMENTO. AF_06/2014","T","20,05"]
[91104,"TRANSPORTE HORIZONTAL, TUBOS DE PVC SOLDÁVEL COM DIÂMETRO MENOR OU IGUAL A 60 MM, MANUAL, 30M. AF_06/2015","M","0,05"]
[91105,"TRANSPORTE HORIZONTAL, TUBOS DE PVC SOLDÁVEL COM DIÂMETRO MAIOR QUE 60 MM E MENOR OU IGUAL A 85 MM, MANUAL, 30M. AF_06/2015","M","0,12"]
[91106,"TRANSPORTE HORIZONTAL, TUBOS DE PVC SÉRIE NORMAL - ESGOTO PREDIAL, OU REFORÇADO PARA ESGOTO OU ÁGUAS PLUVIAIS PREDIAL, COM DIÂMETRO MENOR OU IGUAL A 75 MM, MANUAL, 30M. AF_06/2015","M","0,05"]
[91107,"TRANSPORTE HORIZONTAL, TUBOS DE PVC SÉRIE NORMAL - ESGOTO PREDIAL, OU REFORÇADO PARA ESGOTO OU ÁGUAS PLUVIAIS PREDIAL, COM DIÂMETRO MAIOR QUE 75 MM E MENOR OU IGUAL A 100 MM, MANUAL, 30M. AF_06/2015","M","0,06"]
[91108,"TRANSPORTE HORIZONTAL, TUBOS DE PVC SÉRIE NORMAL - ESGOTO PREDIAL, OU REFORÇADO PARA ESGOTO OU ÁGUAS PLUVIAIS PREDIAL, COM DIÂMETRO MAIOR QUE 100 MM E MENOR OU IGUAL A 150 MM, MANUAL, 30M. AF_06/2015","M","0,12"]
[91109,"TRANSPORTE HORIZONTAL, TUBOS DE CPVC COM DIÂMETRO MENOR OU IGUAL A 54 MM, MANUAL, 30M. AF_06/2015","M","0,10"]
[91110,"TRANSPORTE HORIZONTAL, TUBOS DE CPVC COM DIÂMETRO MAIOR QUE 54 MM E MENOR OU IGUAL A 73 MM, MANUAL, 30M. AF_06/2015","M","0,12"]
[91111,"TRANSPORTE HORIZONTAL, TUBOS DE CPVC COM DIÂMETRO MAIOR QUE 73 MM E MENOR OU IGUAL A 89 MM, MANUAL, 30M. AF_06/2015","M","0,17"]
[91112,"TRANSPORTE HORIZONTAL, TUBOS DE PPR - PN 12 OU PN 25 COM DIÂMETRO MENOR OU IGUAL A 50 MM, MANUAL, 30M. AF_06/2015","M","0,09"]
[91113,"TRANSPORTE HORIZONTAL, TUBOS DE PPR - PN 12 OU PN 25 COM DIÂMETRO MAIOR QUE 50 MM E MENOR OU IGUAL A 75 MM, MANUAL, 30M. AF_06/2015","M","0,19"]
[91114,"TRANSPORTE HORIZONTAL, TUBOS DE PPR - PN 12 OU PN 25 COM DIÂMETRO MAIOR QUE 75 MM E MENOR OU IGUAL A 110 MM, MANUAL, 30M. AF_06/2015","M","0,37"]
[91115,"TRANSPORTE HORIZONTAL, TUBOS DE COBRE - CLASSE E, COM DIÂMETRO MENOR OU IGUAL A 42 MM, MANUAL, 30M. AF_06/2015","M","0,06"]
[91116,"TRANSPORTE HORIZONTAL, TUBOS DE COBRE - CLASSE E, COM DIÂMETRO MAIOR QUE 42 MM E MENOR OU IGUAL A 66 MM, MANUAL, 30M. AF_06/2015","M","0,10"]
[91117,"TRANSPORTE HORIZONTAL, TUBOS DE COBRE - CLASSE E, COM DIÂMETRO MAIOR QUE 66 MM E MENOR OU IGUAL A 104 MM, MANUAL, 30M. AF_06/2015","M","0,15"]
[91118,"TRANSPORTE HORIZONTAL, TUBOS DE AÇO CARBONO LEVE OU MÉDIO, PRETO OU GALVANIZADO, COM DIÂMETRO MENOR OU IGUAL A 25 MM, MANUAL, 30M. AF_06/2015","M","0,12"]
[91119,"TRANSPORTE HORIZONTAL, TUBOS DE AÇO CARBONO LEVE OU MÉDIO, PRETO OU GALVANIZADO, COM DIÂMETRO MAIOR QUE 25 MM E MENOR OU IGUAL A 40 MM, MANUAL, 30M. AF_06/2015","M","0,24"]
[91120,"TRANSPORTE HORIZONTAL, TUBOS DE AÇO CARBONO LEVE OU MÉDIO, PRETO OU GALVANIZADO, COM DIÂMETRO MAIOR QUE 40 MM E MENOR OU IGUAL A 65 MM, MANUAL, 30M. AF_06/2015","M","0,37"]
[91121,"TRANSPORTE HORIZONTAL, TUBOS DE AÇO CARBONO LEVE OU MÉDIO, PRETO OU GALVANIZADO, COM DIÂMETRO MAIOR QUE 65 MM E MENOR OU IGUAL A 90 MM, MANUAL, 30M. AF_06/2015","M","0,61"]
[91122,"TRANSPORTE HORIZONTAL, TUBOS DE AÇO CARBONO LEVE OU MÉDIO, PRETO OU GALVANIZADO, COM DIÂMETRO MAIOR QUE 90 MM E MENOR OU IGUAL A 125 MM, MANUAL, 30M. AF_06/2015","M","0,86"]
[91123,"TRANSPORTE HORIZONTAL, TUBOS DE AÇO CARBONO LEVE OU MÉDIO, PRETO OU GALVANIZADO, COM DIÂMETRO MAIOR QUE 125 MM E MENOR OU IGUAL A 150 MM, MANUAL, 30M. AF_06/2015","M","1,10"]
[91124,"TRANSPORTE HORIZONTAL, MADEIRA, MANUAL, 30M. AF_06/2015","M3","56,82"]
[91125,"TRANSPORTE HORIZONTAL, VERGALHÕES DE AÇO, MANUAL, 30M. AF_06/2015","KG","0,06"]
[91128,"TRANSPORTE HORIZONTAL, LATA DE 18 L, MANIPULADOR TELESCÓPICO, 30M. AF_06/2014","18L","0,12"]
[91129,"TRANSPORTE HORIZONTAL, LATA DE 18 L, MANIPULADOR TELESCÓPICO, 50M. AF_06/2014","18L","0,20"]
[91130,"TRANSPORTE HORIZONTAL, LATA DE 18 L, MANIPULADOR TELESCÓPICO, 75M. AF_06/2014","18L","0,26"]
[91132,"TRANSPORTE HORIZONTAL, LATA DE 18 L, MANIPULADOR TELESCÓPICO, 100M. AF_06/2014","18L","0,38"]
[91134,"TRANSPORTE HORIZONTAL, PÁLETE DE SACOS, MANIPULADOR TELESCÓPICO, 30M. AF_06/2014","T","2,31"]
[91135,"TRANSPORTE HORIZONTAL, PÁLETE DE SACOS, MANIPULADOR TELESCÓPICO, 50M. AF_06/2014","T","4,12"]
[91136,"TRANSPORTE HORIZONTAL, PÁLETE DE SACOS, MANIPULADOR TELESCÓPICO, 75M. AF_06/2014","T","5,94"]
[91137,"TRANSPORTE HORIZONTAL, PÁLETE DE SACOS, MANIPULADOR TELESCÓPICO, 100M. AF_06/2014","T","7,75"]
[91138,"TRANSPORTE HORIZONTAL, BLOCOS VAZADOS DE CONCRETO 19X19X39 CM, MANIPULADOR TELESCÓPICO, 30M. AF_06/2014","MIL","77,58"]
[91139,"TRANSPORTE HORIZONTAL, BLOCOS CERÂMICOS FURADOS NA VERTICAL 19X19X39 CM, MANIPULADOR TELESCÓPICO, 30M. AF_06/2014","MIL","41,29"]
[91140,"TRANSPORTE HORIZONTAL, BLOCOS CERÂMICOS FURADOS NA HORIZONTAL 9X19X19 CM, MANIPULADOR TELESCÓPICO, 30M. AF_06/2014","MIL","18,13"]
[91141,"TRANSPORTE HORIZONTAL, BLOCOS VAZADOS DE CONCRETO 19X19X39 CM, MANIPULADOR TELESCÓPICO, 50M. AF_06/2014","MIL","118,89"]
[91142,"TRANSPORTE HORIZONTAL, BLOCOS CERÂMICOS FURADOS NA VERTICAL 19X19X39 CM, MANIPULADOR TELESCÓPICO, 50M. AF_06/2014","MIL","77,58"]
[91143,"TRANSPORTE HORIZONTAL, BLOCOS CERÂMICOS FURADOS NA HORIZONTAL 9X19X19 CM, MANIPULADOR TELESCÓPICO, 50M. AF_06/2014","MIL","18,13"]
[91144,"TRANSPORTE HORIZONTAL, BLOCOS VAZADOS DE CONCRETO 19X19X39 CM, MANIPULADOR TELESCÓPICO, 75M. AF_06/2014","MIL","160,19"]
[91145,"TRANSPORTE HORIZONTAL, BLOCOS CERÂMICOS FURADOS NA VERTICAL 19X19X39 CM, MANIPULADOR TELESCÓPICO, 75M. AF_06/2014","MIL","118,89"]
[91146,"TRANSPORTE HORIZONTAL, BLOCOS CERÂMICOS FURADOS NA HORIZONTAL 9X19X19 CM, MANIPULADOR TELESCÓPICO, 75M. AF_06/2014","MIL","23,14"]
[91147,"TRANSPORTE HORIZONTAL, BLOCOS VAZADOS DE CONCRETO 19X19X39 CM, MANIPULADOR TELESCÓPICO, 100M. AF_06/2014","MIL","219,64"]
[91148,"TRANSPORTE HORIZONTAL, BLOCOS CERÂMICOS FURADOS NA VERTICAL 19X19X39 CM, MANIPULADOR TELESCÓPICO, 100M. AF_06/2014","MIL","142,04"]
[91149,"TRANSPORTE HORIZONTAL, BLOCOS CERÂMICOS FURADOS NA HORIZONTAL 9X19X19 CM, MANIPULADOR TELESCÓPICO, 100M. AF_06/2014","MIL","36,28"]
[92121,"PENEIRAMENTO DE AREIA COM PENEIRA ELÉTRICA. AF_11/2015","M3","19,40"]
[92122,"PENEIRAMENTO DE AREIA COM PENEIRA MANUAL. AF_11/2015","M3","32,06"]
[92123,"ENSACAMENTO DE AREIA. AF_11/2015","M3","32,68"]
[94926,"TRANSPORTE HORIZONTAL MANUAL, DE 30 M, DE JANELAS. AF_07/2016","M2","0,96"]
[94927,"TRANSPORTE VERTICAL MANUAL, DE 1 PAVIMENTO, DE JANELAS. AF_07/2016","M2","0,50"]
[94928,"TRANSPORTE HORIZONTAL MANUAL, DE 30 M, DE KIT PORTA-PRONTA OU PORTA DE MADEIRA FOLHA LEVE OU MÉDIA, PORTA DE AÇO E PORTA DE ALUMÍNIO. AF_07/2016","UN","1,53"]
[94929,"TRANSPORTE HORIZONTAL MANUAL, DE 30 M, DE KIT PORTA-PRONTA OU PORTA DE MADEIRA FOLHA PESADA OU SUPERPESADA E PORTA CORTA-FOGO. AF_07/2016","UN","2,69"]
[94930,"TRANSPORTE VERTICAL MANUAL, DE 1 PAVIMENTO, DE KIT PORTA-PRONTA OU PORTA DE MADEIRA FOLHA LEVE OU MÉDIA, PORTA DE AÇO E PORTA DE ALUMÍNIO. AF_07/2016","UN","0,79"]
[94931,"TRANSPORTE VERTICAL MANUAL, DE 1 PAVIMENTO, DE KIT PORTA-PRONTA OU PORTA DE MADEIRA FOLHA PESADA OU SUPERPESADA E PORTA CORTA-FOGO. AF_07/2016","UN","1,39"]
[94932,"TRANSPORTE HORIZONTAL MANUAL, DE 30 M, DE BANCADA DE MÁRMORE OU GRANITO PARA COZINHA/LAVATÓRIO OU MÁRMORE SINTÉTICO COM CUBA INTEGRADA. AF_07/2016","UN","2,85"]
[94934,"TRANSPORTE VERTICAL MANUAL, DE 1 PAVIMENTO, DE BANCADA DE MÁRMORE OU GRANITO PARA COZINHA/LAVATÓRIO OU MÁRMORE SINTÉTICO COM CUBA INTEGRADA. AF_07/2016","UN","0,98"]
[94935,"TRANSPORTE HORIZONTAL DE 30 M COM CARRINHO PLATAFORMA COM BANCADA DE MÁRMORE OU GRANITO PARA COZINHA/LAVATÓRIO OU MÁRMORE SINTÉTICO COM CUBA INTEGRADA. AF_07/2016","UN","1,54"]
[94936,"TRANSPORTE HORIZONTAL DE 50 M COM CARRINHO PLATAFORMA COM BANCADA DE MÁRMORE OU GRANITO PARA COZINHA/LAVATÓRIO OU MÁRMORE SINTÉTICO COM CUBA INTEGRADA. AF_07/2016","UN","2,48"]
[94937,"TRANSPORTE HORIZONTAL DE 75 M COM CARRINHO PLATAFORMA COM BANCADA DE MÁRMORE OU GRANITO PARA COZINHA/LAVATÓRIO OU MÁRMORE SINTÉTICO COM CUBA INTEGRADA. AF_07/2016","UN","3,65"]
[94938,"TRANSPORTE HORIZONTAL DE 100 M COM CARRINHO PLATAFORMA COM BANCADA DE MÁRMORE OU GRANITO PARA COZINHA/LAVATÓRIO OU MÁRMORE SINTÉTICO COM CUBA INTEGRADA. AF_07/2016","UN","4,82"]
[94939,"TRANSPORTE HORIZONTAL MANUAL, DE 30 M, DE VIDRO. AF_07/2016","M2","1,50"]
[94940,"TRANSPORTE VERTICAL MANUAL, DE 1 PAVIMENTO, DE VIDRO. AF_07/2016","M2","0,78"]
[94941,"TRANSPORTE HORIZONTAL MANUAL, DE 30 M, DE TELA DE AÇO. AF_07/2016","KG","0,05"]
[94942,"TRANSPORTE HORIZONTAL MANUAL, DE 30 M, DE COMPENSADO DE MADEIRA. AF_07/2016","M2","0,60"]
[94943,"TRANSPORTE HORIZONTAL MANUAL, DE 30 M, DE TELHA TERMOACÚSTICA OU TELHA DE AÇO ZINCADO. AF_07/2016","M2","0,32"]
[94944,"TRANSPORTE HORIZONTAL MANUAL, DE 30 M, DE TELHA DE FIBROCIMENTO ONDULADA OU TELHA ESTRUTURAL DE FIBROCIMENTO, CANALETE 90 OU KALHETÃO. AF_07/2016","M2","0,84"]
[94945,"TRANSPORTE HORIZONTAL DE 100 M COM MANIPULADOR TELESCÓPICO DE TELHAS TERMOACÚSTICA, FIBROCIMENTO ONDULADA, AÇO ZINCADO, FIBROCIMENTO ESTRUTURAL, CANALETE 90 OU KALHETÃO. AF_07/2016","M2","0,21"]
[94946,"TRANSPORTE HORIZONTAL MANUAL, DE 30 M, DE BACIA SANITÁRIA, CAIXA ACOPLADA, TANQUE OU PIA. AF_07/2016","UN","0,85"]
[94947,"TRANSPORTE VERTICAL MANUAL DE 1 PAVIMENTO DE BACIA SANITÁRIA, CAIXA ACOPLADA, TANQUE OU PIA. AF_07/2016","UN","0,63"]
[94948,"TRANSPORTE HORIZONTAL DE 30 M COM CARRINHO PLATAFORMA COM BACIA SANITÁRIA, CAIXA ACOPLADA, TANQUE OU PIA. AF_07/2016","UN","0,45"]
[94949,"TRANSPORTE HORIZONTAL DE 50 M COM CARRINHO PLATAFORMA COM BACIA SANITÁRIA, CAIXA ACOPLADA, TANQUE OU PIA. AF_07/2016","UN","0,69"]
[94950,"TRANSPORTE HORIZONTAL DE 75 M COM CARRINHO PLATAFORMA COM BACIA SANITÁRIA, CAIXA ACOPLADA, TANQUE OU PIA. AF_07/2016","UN","0,98"]
[94951,"TRANSPORTE HORIZONTAL DE 100 M COM CARRINHO PLATAFORMA COM BACIA SANITÁRIA, CAIXA ACOPLADA, TANQUE OU PIA. AF_07/2016","UN","1,27"]
[94952,"TRANSPORTE HORIZONTAL DE 100 M COM MANIPULADOR TELESCÓPICO DE BACIAS SANITÁRIAS, CAIXA ACOPLADA, TANQUE OU PIA. AF_07/2016","UN","0,27"]
[94953,"TRANSPORTE HORIZONTAL MANUAL, DE 30 M, DE TELHA DE CONCRETO OU CERÂMICA. AF_07/2016","M2","3,88"]
[94954,"TRANSPORTE HORIZONTAL DE 30 M COM CARRINHO PLATAFORMA COM TELHA DE CONCRETO OU CERÂMICA. AF_07/2016","M2","0,62"]
[94955,"TRANSPORTE HORIZONTAL DE 50 M COM CARRINHO PLATAFORMA COM TELHA DE CONCRETO OU CERÂMICA. AF_07/2016","M2","0,94"]
[94956,"TRANSPORTE HORIZONTAL DE 75 M COM CARRINHO PLATAFORMA COM TELHA DE CONCRETO OU CERÂMICA. AF_07/2016","M2","1,33"]
[94957,"TRANSPORTE HORIZONTAL DE 100 M COM CARRINHO PLATAFORMA COM TELHA DE CONCRETO OU CERÂMICA. AF_07/2016","M2","1,72"]
[94958,"TRANSPORTE HORIZONTAL DE 100 M COM MANIPULADOR TELESCÓPICO DE TELHAS DE CONCRETO OU CERÂMICA. AF_07/2016","M2","0,49"]
[94959,"TRANSPORTE HORIZONTAL MANUAL, DE 30 M, DE BARRAMENTO BLINDADO. AF_07/2016","M","1,07"]
[94960,"TRANSPORTE HORIZONTAL DE 100 M COM CARRINHO PLATAFORMA COM BARRAMENTO BLINDADO. AF_07/2016","M","0,87"]
[94961,"TRANSPORTE HORIZONTAL MANUAL, DE 30 M, DE CALHA. AF_07/2016","M","0,40"]
[9537,"LIMPEZA FINAL DA OBRA","M2","2,04"]
["73806/1","LIMPEZA DE SUPERFICIES COM JATO DE ALTA PRESSAO DE AR E AGUA","M2","1,39"]
["73948/2","LIMPEZA/PREPARO SUPERFICIE CONCRETO P/PINTURA","M2","7,05"]
["73948/3","LIMPEZA AZULEJO","M2","5,08"]
["73948/8","LIMPEZA VIDRO COMUM","M2","9,87"]
["73948/9","LIMPEZA FORRO","M2","20,42"]
["73948/11","LIMPEZA PISO CERAMICO","M2","17,36"]
["73948/15","LIMPEZA PISO MARMORITE/GRANILITE","M2","11,27"]
["73948/16","LIMPEZA MANUAL DO TERRENO (C/ RASPAGEM SUPERFICIAL)","M2","3,34"]
["74086/1","LIMPEZA LOUCAS E METAIS","UN","21,85"]
[84117,"RASPAGEM / CALAFETACAO TACOS MADEIRA 1 DEMAO CERA","M2","16,21"]
[84120,"ENCERAMENTO MANUAL EM MADEIRA - 3 DEMAOS","M2","10,07"]
[84123,"LIXAMENTO MAN C/ LIXA CALAFATE DE CONCR APARENTE ANTIGO","M2","4,82"]
[84125,"LIMPEZA DE REVESTIMENTO EM PAREDE C/ SOLUCAO DE ACIDO MURIATICO/AMONIA","M2","6,30"]
["74163/1","PERFURACAO DE POCO COM PERFURATRIZ PNEUMATICA","M","41,53"]
["74163/2","PERFURACAO DE POCO COM PERFURATRIZ A PERCUSSAO","M","68,28"]
[84127,"REVESTIMENTO DE POCOS C/ TUBOS DE CONCRETO","M","262,20"]
[40841,"ABRACADEIRA P/POCOS PROFUNDOS","UN","94,80"]
[6391,"SOLDA TOPO DESCENDENTE CHANFRADA ESPESSURA=1/4\" CHAPA/PERFIL/TUBO ACO COM CONVERSOR DIESEL.","M","135,24"]
[84132,"SOLDA DE TOPO DESCENDENTE, EM CHAPA ACO CHANFR 5/16\" ESP (P/ ASSENT TUBULACAO OU PECA DE ACO) UTILIZANDO CONVERSOR DIESEL.","M","200,61"]
[84133,"SOLDA DE TOPO DESCENDENTE, EM CHAPA ACO CHANFR 3/8\" ESP (P/ ASSENT TUBULACAO OU PECA DE ACO) UTILIZANDO CONVERSOR DIESEL","M","298,31"]
[71516,"CONJUNTO DE MANGUEIRA PARA COMBATE A INCENDIO EM FIBRA DE POLIESTER PURA, COM 1.1/2\", REVESTIDA INTERNAMENTE, COM 2 LANCES DE 15M CADA","UN","586,00"]
[73361,"CONCRETO CICLOPICO FCK=10MPA 30% PEDRA DE MAO INCLUSIVE LANCAMENTO","M3","313,86"]
[73714,"CAIXA PARA RALO C OM GRELHA FOFO 135 KG DE ALV TIJOLO MACICO (7X10X20) PAREDES DE UMA VEZ (0.20 M) DE 0.90X1.20X1.50 M (EXTERNA) COM ARGAMASSA 1:4 CIMENTO:AREIA, BASE CONC FCK=10 MPA, EXCLUSIVE ESCAVACAO E REATERRO.","UN","1.254,24"]
[86957,"MÃO FRANCESA EM BARRA DE FERRO CHATO RETANGULAR 2\" X 1/4\", REFORÇADA, 40 X 30 CM","UN","26,85"]
[86958,"MÃO FRANCESA EM BARRA DE FERRO CHATO RETANGULAR 2\" X 1/4\", REFORÇADA, 30 X 25 CM","UN","23,84"]
[97010,"GUARDA-CORPO FIXADO EM FÔRMA DE MADEIRA COM TRAVESSÕES EM MADEIRA PREGADA E FECHAMENTO EM TELA DE POLIPROPILENO PARA EDIFICAÇÕES COM ATÉ 2 PAVIMENTOS. AF_11/2017","M","36,49"]
[97011,"GUARDA-CORPO FIXADO EM FÔRMA DE MADEIRA COM TRAVESSÕES EM MADEIRA PREGADA E FECHAMENTO EM TELA DE POLIPROPILENO PARA EDIFICAÇÕES COM  3 PAVIMENTOS. AF_11/2017","M","28,46"]
[97012,"GUARDA-CORPO FIXADO EM FÔRMA DE MADEIRA COM TRAVESSÕES EM MADEIRA PREGADA E FECHAMENTO EM TELA DE POLIPROPILENO PARA EDIFICAÇÕES COM ALTURA IGUAL OU SUPERIOR A 4 PAVIMENTOS. AF_11/2017","M","24,45"]
[97013,"GUARDA-CORPO FIXADO EM FÔRMA DE MADEIRA COM TRAVESSÕES EM MADEIRA PREGADA E FECHAMENTO EM PAINEL COMPENSADO PARA EDIFICAÇÕES COM ATÉ 2 PAVIMENTOS. AF_11/2017","M","47,24"]
[97014,"GUARDA-CORPO FIXADO EM FÔRMA DE MADEIRA COM TRAVESSÕES EM MADEIRA PREGADA E FECHAMENTO EM PAINEL COMPENSADO PARA EDIFICAÇÕES COM 3 PAVIMENTOS. AF_11/2017","M","35,78"]
[97015,"GUARDA-CORPO FIXADO EM FÔRMA DE MADEIRA COM TRAVESSÕES EM MADEIRA PREGADA E FECHAMENTO EM PAINEL COMPENSADO PARA EDIFICAÇÕES COM ALTURA IGUAL OU SUPERIOR A 4 PAVIMENTOS. AF_11/2017","M","30,00"]
[97016,"GUARDA-CORPO FIXADO EM FÔRMA DE MADEIRA COM TRAVESSÕES EM MADEIRA PREGADA PRÉ-MONTADA E ENCAIXE NA FÔRMA. PARA EDIFICAÇÕES COM ATÉ 2 PAVIMENTOS. AF_11/2017","M","31,79"]
[97017,"GUARDA-CORPO FIXADO EM FÔRMA DE MADEIRA COM TRAVESSÕES EM MADEIRA PREGADA PRÉ-MONTADA E ENCAIXE NA FÔRMA PARA EDIFICAÇÕES COM 3 PAVIMENTOS. AF_11/2017","M","24,17"]
[97018,"GUARDA-CORPO FIXADO EM FÔRMA DE MADEIRA COM TRAVESSÕES EM MADEIRA PREGADA PRÉ-MONTADA E ENCAIXE NA FÔRMA. PARA EDIFICAÇÕES COM ALTURA IGUAL OU SUPERIOR A 4 PAVIMENTOS. AF_11/2017","M","20,21"]
[97031,"GUARDA-CORPO EM LAJE PÓS-DESFÔRMA, PARA ESTRUTURAS EM CONCRETO, COM ESCORAS DE MADEIRA ESTRONCADAS NA ESTRUTURA, TRAVESSÕES DE MADEIRA PREGADOS E FECHAMENTO EM TELA DE POLIPROPILENO PARA EDIFICAÇÕES COM ALTURA ATÉ 4 PAVIMENTOS (1 MONTAGEM POR OBRA). AF_11/2017","M","52,87"]
[97032,"GUARDA-CORPO EM LAJE PÓS-DESFÔRMA, PARA ESTRUTURAS EM CONCRETO, COM ESCORAS DE MADEIRA ESTRONCADAS NA ESTRUTURA, TRAVESSÕES DE MADEIRA PREGADOS E FECHAMENTO EM TELA DE POLIPROPILENO PARA EDIFICAÇÕES ACIMA DE 4 PAV. (2 MONTAGENS POR OBRA). AF_11/2017","M","33,06"]
[97033,"GUARDA-CORPO EM LAJE PÓS-DESFORMA, PARA ESTRUTURAS EM CONCRETO, COM ESCORAS METÁLICAS ESTRONCADAS NA ESTRUTURA, TRAVESSÕES DE MADEIRA E FECHAMENTO EM TELA DE POLIPROPILENO PARA EDIFICAÇÕES COM ALTURA ATÉ 4 PAVIMENTOS (1 MONTAGEM POR OBRA). AF_11/2017","M","49,63"]
[97034,"GUARDA-CORPO EM LAJE PÓS-DESFORMA, PARA ESTRUTURAS EM CONCRETO, COM ESCORAS METÁLICAS ESTRONCADAS NA ESTRUTURA, TRAVESSÕES DE MADEIRA E FECHAMENTO EM TELA DE POLIPROPILENO PARA EDIFICAÇÕES ACIMA DE 4 PAVIMENTOS (2 MONTAGENS POR OBRA). AF_11/2017","M","30,81"]
[97039,"FECHAMENTO REMOVÍVEL DE VÃO DE PORTAS, EM MADEIRA (VÃO DO ELEVADOR) – 1 MONTAGEM EM OBRA. AF_11/2017","M2","27,31"]
[97040,"FECHAMENTO REMOVÍVEL DE ABERTURA DE CAIXILHO, EM MADEIRA – 4 MONTAGENS EM OBRA. AF_11/2017","M2","9,71"]
[97041,"FECHAMENTO REMOVÍVEL DE ABERTURA NO PISO, EM MADEIRA – 1 MONTAGEM EM OBRA. AF_11/2017","M2","109,79"]
[97046,"PONTEIRAS DE PROTEÇÃO DE VERGALHÕES EXPOSTOS EM FUNDAÇÕES. AF_11/2017","M2","0,21"]
[97047,"PONTEIRAS DE PROTEÇÃO DE VERGALHÕES EXPOSTOS EM ESTRUTURAS DE CONCRETO ARMADO CONVENCIONAL. AF_11/2017","M2","0,08"]
[97048,"PONTEIRAS DE PROTEÇÃO DE VERGALHÕES EXPOSTOS EM ALVENARIA ESTRUTURAL. AF_11/2017","M2","0,05"]
[97051,"SINALIZAÇÃO COM FITA FIXADA NA ESTRUTURA. AF_11/2017","M","0,46"]
[97053,"SINALIZAÇÃO COM FITA FIXADA EM CONE PLÁSTICO, INCLUINDO CONE. AF_11/2017","M","26,35"]
[97062,"COLOCAÇÃO DE TELA EM ANDAIME FACHADEIRO. AF_11/2017","M2","4,74"]
[97063,"MONTAGEM E DESMONTAGEM DE ANDAIME MODULAR FACHADEIRO, COM PISO METÁLICO, PARA EDIFICAÇÕES COM MÚLTIPLOS PAVIMENTOS (EXCLUSIVE ANDAIME E LIMPEZA). AF_11/2017","M2","7,83"]
[97064,"MONTAGEM E DESMONTAGEM DE ANDAIME TUBULAR TIPO “TORRE” (EXCLUSIVE ANDAIME E LIMPEZA). AF_11/2017","M","14,74"]
[97065,"MONTAGEM E DESMONTAGEM DE ANDAIME MULTIDIRECIONAL (EXCLUSIVE ANDAIME E LIMPEZA). AF_11/2017","M3","5,38"]
[97066,"COBERTURA PARA PROTEÇÃO DE PEDESTRES SOBRE ESTRUTURA DE ANDAIME, INCLUSIVE MONTAGEM E DESMONTAGEM. AF_11/2017","M2","52,39"]
[97067,"PLATAFORMA DE PROTEÇÃO PRINCIPAL PARA ALVENARIA ESTRUTURAL PARA SER APOIADA EM ANDAIME, INCLUSIVE MONTAGEM E DESMONTAGEM. AF_11/2017","M","437,82"]
["73916/2","PLACA ESMALTADA PARA IDENTIFICAÇÃO NR DE RUA, DIMENSÕES 45X25CM","UN","71,45"]
[73672,"DESMATAMENTO E LIMPEZA MECANIZADA DE TERRENO COM ARVORES ATE Ø 15CM, UTILIZANDO TRATOR DE ESTEIRAS","M2","0,34"]
["73822/2","LIMPEZA MECANIZADA DE TERRENO COM REMOCAO DE CAMADA VEGETAL, UTILIZANDO MOTONIVELADORA","M2","0,49"]
["73859/1","DESMATAMENTO E LIMPEZA MECANIZADA DE TERRENO COM REMOCAO DE CAMADA VEGETAL, UTILIZANDO TRATOR DE ESTEIRAS","M2","0,13"]
["73859/2","CAPINA E LIMPEZA MANUAL DE TERRENO","M2","1,06"]
[85331,"CORTE DE CAPOEIRA FINA A FOICE","M2","1,03"]
[85422,"PREPARO MANUAL DE TERRENO S/ RASPAGEM SUPERFICIAL","M2","5,34"]
["74220/1","TAPUME DE CHAPA DE MADEIRA COMPENSADA, E= 6MM, COM PINTURA A CAL E REAPROVEITAMENTO DE 2X","M2","44,79"]
["74221/1","SINALIZACAO DE TRANSITO - NOTURNA","M","2,20"]
["74219/1","PASSADICOS COM TABUAS DE MADEIRA PARA PEDESTRES","M2","48,85"]
["74219/2","PASSADICOS COM TABUAS DE MADEIRA PARA VEICULOS","M2","43,14"]
[84126,"CHAPA DE ACO CARBONO 3/8 (COLOC/ USO/ RETIR) P/ PASS VEICULO SOBRE VALA MEDIDA P/ AREA CHAPA EM CADA APLICACAO","M2","30,37"]
[85421,"REMOCAO DE VIDRO COMUM","M2","9,78"]
[97621,"DEMOLIÇÃO DE ALVENARIA DE BLOCO FURADO, DE FORMA MANUAL, COM REAPROVEITAMENTO. AF_12/2017","M3","71,55"]
[97622,"DEMOLIÇÃO DE ALVENARIA DE BLOCO FURADO, DE FORMA MANUAL, SEM REAPROVEITAMENTO. AF_12/2017","M3","34,87"]
[97623,"DEMOLIÇÃO DE ALVENARIA DE TIJOLO MACIÇO, DE FORMA MANUAL, COM REAPROVEITAMENTO. AF_12/2017","M3","106,82"]
[97624,"DEMOLIÇÃO DE ALVENARIA DE TIJOLO MACIÇO, DE FORMA MANUAL, SEM REAPROVEITAMENTO. AF_12/2017","M3","65,56"]
[97625,"DEMOLIÇÃO DE ALVENARIA PARA QUALQUER TIPO DE BLOCO, DE FORMA MECANIZADA, SEM REAPROVEITAMENTO. AF_12/2017","M3","39,76"]
[97626,"DEMOLIÇÃO DE PILARES E VIGAS EM CONCRETO ARMADO, DE FORMA MANUAL, SEM REAPROVEITAMENTO. AF_12/2017","M3","362,51"]
[97627,"DEMOLIÇÃO DE PILARES E VIGAS EM CONCRETO ARMADO, DE FORMA MECANIZADA COM MARTELETE, SEM REAPROVEITAMENTO. AF_12/2017","M3","184,75"]
[97628,"DEMOLIÇÃO DE LAJES, DE FORMA MANUAL, SEM REAPROVEITAMENTO. AF_12/2017","M3","172,34"]
[97629,"DEMOLIÇÃO DE LAJES, DE FORMA MECANIZADA COM MARTELETE, SEM REAPROVEITAMENTO. AF_12/2017","M3","87,13"]
[97631,"DEMOLIÇÃO DE ARGAMASSAS, DE FORMA MANUAL, SEM REAPROVEITAMENTO. AF_12/2017","M2","2,03"]
[97632,"DEMOLIÇÃO DE RODAPÉ CERÂMICO, DE FORMA MANUAL, SEM REAPROVEITAMENTO. AF_12/2017","M","1,67"]
[97633,"DEMOLIÇÃO DE REVESTIMENTO CERÂMICO, DE FORMA MANUAL, SEM REAPROVEITAMENTO. AF_12/2017","M2","14,60"]
[97634,"DEMOLIÇÃO DE REVESTIMENTO CERÂMICO, DE FORMA MECANIZADA COM MARTELETE, SEM REAPROVEITAMENTO. AF_12/2017","M2","8,36"]
[97635,"DEMOLIÇÃO DE PAVIMENTO INTERTRAVADO, DE FORMA MANUAL, COM REAPROVEITAMENTO. AF_12/2017","M2","9,81"]
[97636,"DEMOLIÇÃO PARCIAL DE PAVIMENTO ASFÁLTICO, DE FORMA MECANIZADA, SEM REAPROVEITAMENTO. AF_12/2017","M2","9,24"]
[97637,"REMOÇÃO DE TAPUME/ CHAPAS METÁLICAS E DE MADEIRA, DE FORMA MANUAL, SEM REAPROVEITAMENTO. AF_12/2017","M2","1,76"]
[97638,"REMOÇÃO DE CHAPAS E PERFIS DE DRYWALL, DE FORMA MANUAL, SEM REAPROVEITAMENTO. AF_12/2017","M2","5,11"]
[97639,"REMOÇÃO DE PLACAS E PILARETES DE CONCRETO, DE FORMA MANUAL, SEM REAPROVEITAMENTO. AF_12/2017","M2","12,25"]
[97640,"REMOÇÃO DE FORROS DE DRYWALL, PVC E FIBROMINERAL, DE FORMA MANUAL, SEM REAPROVEITAMENTO. AF_12/2017","M2","1,10"]
[97641,"REMOÇÃO DE FORRO DE GESSO, DE FORMA MANUAL, SEM REAPROVEITAMENTO. AF_12/2017","M2","3,06"]
[97642,"REMOÇÃO DE TRAMA METÁLICA OU DE MADEIRA PARA FORRO, DE FORMA MANUAL, SEM REAPROVEITAMENTO. AF_12/2017","M2","1,98"]
[97643,"REMOÇÃO DE PISO DE MADEIRA (ASSOALHO E BARROTE), DE FORMA MANUAL, SEM REAPROVEITAMENTO. AF_12/2017","M2","15,06"]
[97644,"REMOÇÃO DE PORTAS, DE FORMA MANUAL, SEM REAPROVEITAMENTO. AF_12/2017","M2","5,66"]
[97645,"REMOÇÃO DE JANELAS, DE FORMA MANUAL, SEM REAPROVEITAMENTO. AF_12/2017","M2","16,71"]
[97647,"REMOÇÃO DE TELHAS, DE FIBROCIMENTO, METÁLICA E CERÂMICA, DE FORMA MANUAL, SEM REAPROVEITAMENTO. AF_12/2017","M2","2,23"]
[97648,"REMOÇÃO DE PROTEÇÃO TÉRMICA PARA COBERTURA EM EPS, DE FORMA MANUAL, SEM REAPROVEITAMENTO. AF_12/2017","M2","1,28"]
[97649,"REMOÇÃO DE TELHAS DE FIBROCIMENTO, METÁLICA E CERÂMICA, DE FORMA MECANIZADA, COM USO DE GUINDASTE, SEM REAPROVEITAMENTO. AF_12/2017","M2","2,82"]
[97650,"REMOÇÃO DE TRAMA DE MADEIRA PARA COBERTURA, DE FORMA MANUAL, SEM REAPROVEITAMENTO. AF_12/2017","M2","4,80"]
[97651,"REMOÇÃO DE TESOURAS DE MADEIRA, COM VÃO MENOR QUE 8M, DE FORMA MANUAL, SEM REAPROVEITAMENTO. AF_12/2017","UN","53,24"]
[97652,"REMOÇÃO DE TESOURAS DE MADEIRA, COM VÃO MAIOR OU IGUAL A 8M, DE FORMA MANUAL, SEM REAPROVEITAMENTO. AF_12/2017","UN","120,71"]
[97653,"REMOÇÃO DE TESOURAS DE MADEIRA, COM VÃO MENOR QUE 8M, DE FORMA MECANIZADA, COM REAPROVEITAMENTO. AF_12/2017","UN","85,05"]
[97654,"REMOÇÃO DE TESOURAS DE MADEIRA, COM VÃO MAIOR OU IGUAL A 8M, DE FORMA MECANIZADA, COM REAPROVEITAMENTO. AF_12/2017","UN","103,52"]
[97655,"REMOÇÃO DE TRAMA METÁLICA PARA COBERTURA, DE FORMA MANUAL, SEM REAPROVEITAMENTO. AF_12/2017","M2","14,62"]
[97656,"REMOÇÃO DE TESOURAS METÁLICAS, COM VÃO MENOR QUE 8M, DE FORMA MANUAL, SEM REAPROVEITAMENTO. AF_12/2017","UN","145,01"]
[97657,"REMOÇÃO DE TESOURAS METÁLICAS, COM VÃO MAIOR OU IGUAL A 8M, DE FORMA MANUAL, SEM REAPROVEITAMENTO. AF_12/2017","UN","287,43"]
[97658,"REMOÇÃO DE TESOURAS METÁLICAS, COM VÃO MENOR QUE 8M, DE FORMA MECANIZADA, COM REAPROVEITAMENTO. AF_12/2017","UN","120,29"]
[97659,"REMOÇÃO DE TESOURAS METÁLICAS, COM VÃO MAIOR OU IGUAL A 8M, DE FORMA MECANIZADA, COM REAPROVEITAMENTO. AF_12/2017","UN","160,72"]
[97660,"REMOÇÃO DE INTERRUPTORES/TOMADAS ELÉTRICAS, DE FORMA MANUAL, SEM REAPROVEITAMENTO. AF_12/2017","UN","0,41"]
[97661,"REMOÇÃO DE CABOS ELÉTRICOS, DE FORMA MANUAL, SEM REAPROVEITAMENTO. AF_12/2017","M","0,41"]
[97662,"REMOÇÃO DE TUBULAÇÕES (TUBOS E CONEXÕES) DE ÁGUA FRIA, DE FORMA MANUAL, SEM REAPROVEITAMENTO. AF_12/2017","M","0,29"]
[97663,"REMOÇÃO DE LOUÇAS, DE FORMA MANUAL, SEM REAPROVEITAMENTO. AF_12/2017","UN","7,55"]
[97664,"REMOÇÃO DE ACESSÓRIOS, DE FORMA MANUAL, SEM REAPROVEITAMENTO. AF_12/2017","UN","0,93"]
[97665,"REMOÇÃO DE LUMINÁRIAS, DE FORMA MANUAL, SEM REAPROVEITAMENTO. AF_12/2017","UN","0,78"]
[97666,"REMOÇÃO DE METAIS SANITÁRIOS, DE FORMA MANUAL, SEM REAPROVEITAMENTO. AF_12/2017","UN","5,51"]
[85423,"ISOLAMENTO DE OBRA COM TELA PLASTICA COM MALHA DE 5MM","M2","6,32"]
[85424,"ISOLAMENTO DE OBRA COM TELA PLASTICA COM MALHA DE 5MM E ESTRUTURA DE MADEIRA PONTALETEADA","M2","17,84"]
[72742,"ENSAIO DE RECEBIMENTO E ACEITACAO DE CIMENTO PORTLAND","UN","574,00"]
[72743,"ENSAIO DE RECEBIMENTO E ACEITACAO DE AGREGADO GRAUDO","UN","287,00"]
["73900/11","ENSAIOS DE AREIA ASFALTO A QUENTE","T","32,32"]
["73900/12","ENSAIOS DE CONCRETO ASFALTICO","T","44,92"]
["74020/1","ENSAIO DE PAVIMENTO DE CONCRETO","M3","21,11"]
["74020/2","ENSAIOS DE PAVIMENTO DE CONCRETO COMPACTADO COM ROLO","M3","19,57"]
["74021/2","ENSAIO DE TERRAPLENAGEM - CAMADA FINAL DO ATERRO","M3","1,69"]
["74021/3","ENSAIOS DE REGULARIZACAO DO SUBLEITO","M2","0,77"]
["74021/4","ENSAIOS DE REFORCO DO SUBLEITO","M3","1,41"]
["74021/5","ENSAIOS DE SUB BASE DE SOLO MELHORADO COM CIMENTO","M3","1,41"]
["74021/6","ENSAIOS DE BASE ESTABILIZADA GRANULOMETRICAMENTE","M3","1,51"]
["74021/7","ENSAIO DE BASE DE SOLO MELHORADO COM CIMENTO","M3","1,41"]
["74021/8","ENSAIOS DE BASE DE SOLO CIMENTO","M3","1,53"]
["74022/1","ENSAIO DE PENETRACAO - MATERIAL BETUMINOSO","UN","121,97"]
["74022/2","ENSAIO DE VISCOSIDADE SAYBOLT - FUROL - MATERIAL BETUMINOSO","UN","157,84"]
["74022/3","ENSAIO DE DETERMINACAO DA PENEIRACAO - EMULSAO ASFALTICA","UN","143,50"]
["74022/4","ENSAIO DE DETERMINACAO DA SEDIMENTACAO - EMULSAO ASFALTICA","UN","157,84"]
["74022/5","ENSAIO DE DETERMINACAO DO TEOR DE BETUME - CIMENTO ASFALTICO DE PETROLEO","UN","125,55"]
["74022/6","ENSAIO DE GRANULOMETRIA POR PENEIRAMENTO - SOLOS","UN","114,79"]
["74022/7","ENSAIO DE GRANULOMETRIA POR PENEIRAMENTO E SEDIMENTACAO - SOLOS","UN","136,32"]
["74022/8","ENSAIO DE LIMITE DE LIQUIDEZ - SOLOS","UN","71,75"]
["74022/9","ENSAIO DE LIMITE DE PLASTICIDADE - SOLOS","UN","64,57"]
["74022/10","ENSAIO DE COMPACTACAO - AMOSTRAS NAO TRABALHADAS - ENERGIA NORMAL - SOLOS","UN","136,32"]
["74022/11","ENSAIO DE COMPACTACAO - AMOSTRAS NAO TRABALHADAS - ENERGIA INTERMEDIARIA - SOLOS","UN","208,07"]
["74022/12","ENSAIO DE COMPACTACAO - AMOSTRAS NAO TRABALHADAS - ENERGIA MODIFICADA - SOLOS","UN","272,64"]
["74022/13","ENSAIO DE COMPACTACAO - AMOSTRAS TRABALHADAS - SOLOS","UN","143,50"]
["74022/14","ENSAIO DE MASSA ESPECIFICA - IN SITU - METODO FRASCO DE AREIA - SOLOS","UN","50,22"]
["74022/15","ENSAIO DE MASSA ESPECIFICA - IN SITU - METODO BALAO DE BORRACHA - SOLOS","UN","57,39"]
["74022/16","ENSAIO DE DENSIDADE REAL - SOLOS","UN","64,57"]
["74022/17","ENSAIO DE ABRASAO LOS ANGELES - AGREGADOS","UN","301,34"]
["74022/18","ENSAIO DE MASSA ESPECIFICA - IN SITU - EMPREGO DO OLEO - SOLOS","UN","78,91"]
["74022/19","ENSAIO DE INDICE DE SUPORTE CALIFORNIA - AMOSTRAS NAO TRABALHADAS - ENERGIA NORMAL - SOLOS","UN","165,01"]
["74022/20","ENSAIO DE INDICE DE SUPORTE CALIFORNIA - AMOSTRAS NAO TRABALHADAS - ENERGIA INTERMEDIARIA - SOLOS","UN","186,54"]
["74022/21","ENSAIO DE INDICE DE SUPORTE CALIFORNIA- AMOSTRAS NAO TRABALHADAS - ENERGIA MODIFICADA- SOLOS","UN","200,89"]
["74022/22","ENSAIO DE TEOR DE UMIDADE - METODO EXPEDITO DO ALCOOL - SOLOS","UN","43,04"]
["74022/23","ENSAIO DE TEOR DE UMIDADE - PROCESSO SPEEDY - SOLOS E AGREGADOS MIUDOS","UN","43,04"]
["74022/24","ENSAIO DE TEOR DE UMIDADE - EM LABORATORIO - SOLOS","UN","57,39"]
["74022/25","ENSAIO DE PONTO DE FULGOR - MATERIAL BETUMINOSO","UN","114,79"]
["74022/26","ENSAIO DE DESTILACAO - ASFALTO DILUIDO","UN","186,54"]
["74022/27","ENSAIO DE CONTROLE DE TAXA DE APLICACAO DE LIGANTE BETUMINOSO","UN","50,22"]
["74022/28","ENSAIO DE SUSCEPTIBILIDADE TERMICA - INDICE PFEIFFER - MATERIAL ASFALTICO","UN","179,37"]
["74022/29","ENSAIO DE ESPUMA - MATERIAL ASFALTICO","UN","129,14"]
["74022/30","ENSAIO DE RESISTENCIA A COMPRESSAO SIMPLES - CONCRETO","UN","129,14"]
["74022/31","ENSAIO DE RESISTENCIA A TRACAO POR COMPRESSAO DIAMETRAL - CONCRETO","UN","129,14"]
["74022/32","ENSAIO DE RESISTENCIA A TRACAO NA FLEXAO DE CONCRETO","UN","143,50"]
["74022/33","ENSAIO DE RESILIENCIA - SOLOS","UN","925,57"]
["74022/34","ENSAIO DE RESILIENCIA - MISTURAS BETUMINOSAS","UN","193,72"]
["74022/35","ENSAIO DE PERCENTAGEM DE BETUME - MISTURAS BETUMINOSAS","UN","107,62"]
["74022/36","ENSAIO DE ADESIVIDADE - RESISTENCIA A AGUA - EMULSAO ASFALTICA","UN","86,09"]
["74022/37","ENSAIO DE ADESIVIDADE A LIGANTE BETUMINOSO - AGREGADO GRAUDO","UN","71,75"]
["74022/38","ENSAIO DE EXPANSIBILIDADE - SOLOS","UN","104,03"]
["74022/39","PREPARACAO DE AMOSTRAS PARA ENSAIO DE CARACTERIZACAO - SOLOS","UN","78,91"]
["74022/40","ENSAIO MARSHALL - MISTURA BETUMINOSA A QUENTE","UN","251,12"]
["74022/41","ENSAIO DE DETERMINACAO DO INDICE DE FORMA - AGREGADOS","UN","71,75"]
["74022/42","ENSAIO DE EQUIVALENTE EM AREIA - SOLOS","UN","64,57"]
["74022/43","ENSAIO DE MOLDAGEM E CURA DE SOLO CIMENTO","UN","71,75"]
["74022/44","ENSAIO DE COMPRESSAO AXIAL DE SOLO CIMENTO","UN","57,39"]
["74022/45","ENSAIO DE VISCOSIDADE CINEMATICA - ASFALTO","UN","143,50"]
["74022/47","ENSAIO DE RESIDUO POR EVAPORACAO - EMULSAO ASFALTICA","UN","71,75"]
["74022/48","ENSAIO DE CARGA DA PARTICULA - EMULSAO ASFALTICA","UN","53,80"]
["74022/49","ENSAIO DE DESEMULSIBILIDADE - EMULSAO ASFALTICA","UN","143,50"]
["74022/50","ENSAIO DE DETERMINACAO DA TAXA DE ESPALHAMENTO DO AGREGADO","UN","35,87"]
["74022/51","ENSAIO DE ADESIVIDADE A LIGANTE BETUMINOSO - AGREGADO","UN","78,91"]
["74022/52","ENSAIO DE GRANULOMETRIA DO AGREGADO","UN","71,75"]
["74022/53","ENSAIO DE CONTROLE DO GRAU DE COMPACTACAO DA MISTURA ASFALTICA","UN","64,57"]
["74022/54","ENSAIO DE GRANULOMETRIA DO FILLER","UN","64,57"]
["74022/55","ENSAIO DE TRACAO POR COMPRESSAO DIAMETRAL - MISTURAS BETUMINOSAS","UN","179,37"]
["74022/56","ENSAIO DE DENSIDADE DO MATERIAL BETUMINOSO","UN","46,92"]
["74022/57","ENSAIO DE CONSISTENCIA DO CONCRETO CCR - INDICE VEBE","UN","46,92"]
["74022/58","ENSAIO DE ABATIMENTO DO TRONCO DE CONE","UN","46,92"]
[95967,"SERVIÇOS TÉCNICOS ESPECIALIZADOS PARA ACOMPANHAMENTO DE EXECUÇÃO DE FUNDAÇÕES PROFUNDAS E ESTRUTURAS DE CONTENÇÃO","H","107,61"]
[72733,"MOBILIZACAO E INSTALACAO DE 01  EQUIPAMENTO DE SONDAGEM, DISTANCIA ACIMA DE 20KM","UN","643,09"]
[72871,"MOBILIZACAO E INSTALACAO DE 01 EQUIPAMENTO DE SONDAGEM, DISTANCIA ATE 10KM","UN","279,99"]
[72872,"MOBILIZACAO E INSTALACAO DE 01 EQUIPAMENTO DE SONDAGEM, DISTANCIA DE 10KM ATE 20KM","UN","461,54"]
[73610,"LOCAÇÃO DE REDES DE ÁGUA OU DE ESGOTO","M","1,03"]
[73679,"LOCAÇÃO DE ADUTORAS, COLETORES TRONCO E INTERCEPTORES - ATÉ DN 500 MM","M","2,03"]
[73686,"LOCACAO DA OBRA, COM USO DE EQUIPAMENTOS TOPOGRAFICOS, INCLUSIVE NIVELADOR","M2","19,07"]
["73992/1","LOCACAO CONVENCIONAL DE OBRA, ATRAVÉS DE GABARITO DE TABUAS CORRIDAS PONTALETADAS A CADA 1,50M, SEM REAPROVEITAMENTO","M2","8,48"]
["74077/2","LOCACAO CONVENCIONAL DE OBRA, ATRAVÉS DE GABARITO DE TABUAS CORRIDAS PONTALETADAS, COM REAPROVEITAMENTO DE 10 VEZES.","M2","3,55"]
["74077/3","LOCACAO CONVENCIONAL DE OBRA, ATRAVÉS DE GABARITO DE TABUAS CORRIDAS PONTALETADAS, COM REAPROVEITAMENTO DE 3 VEZES.","M2","4,20"]
[85323,"LOCACAO E NIVELAMENTO DE EMISSARIO/REDE COLETORA COM AUXILIO DE EQUIPAMENTO TOPOGRAFICO","M","1,90"]
["73758/1","LEVANTAMENTO SECAO TRANSVERSAL C/NIVEL TERRENO NAO ACIDENTADO VEGETAÇÃO DENSA INCLUSIVE DESENHO ESC 1:200 EM PAPEL VEGETAL MILIMETRADO (MEDIDO P/M SECAO), INCLUSIVE NIVELADOR, AUXILIAR DE CALCULO TOPOGRAFICO E DESENHISTA.","M","1,52"]
[78472,"SERVICOS TOPOGRAFICOS PARA PAVIMENTACAO, INCLUSIVE NOTA DE SERVICOS, ACOMPANHAMENTO E GREIDE","M2","0,33"]
[93588,"TRANSPORTE COM CAMINHÃO BASCULANTE DE 10 M3, EM VIA URBANA EM LEITO NATURAL (UNIDADE: M3XKM). AF_04/2016","M3XKM","1,54"]
[93589,"TRANSPORTE COM CAMINHÃO BASCULANTE DE 10 M3, EM VIA URBANA EM REVESTIMENTO PRIMÁRIO (UNIDADE: M3XKM). AF_04/2016","M3XKM","1,17"]
[93590,"TRANSPORTE COM CAMINHÃO BASCULANTE DE 10 M3, EM VIA URBANA PAVIMENTADA, DMT ACIMA DE 30KM (UNIDADE: M3XKM). AF_04/2016","M3XKM","0,78"]
[93591,"TRANSPORTE COM CAMINHÃO BASCULANTE DE 14 M3, EM VIA URBANA EM LEITO NATURAL (UNIDADE: M3XKM). AF_04/2016","M3XKM","1,29"]
[93592,"TRANSPORTE COM CAMINHÃO BASCULANTE DE 14 M3, EM VIA URBANA EM REVESTIMENTO PRIMÁRIO (UNIDADE: M3XKM). AF_04/2016","M3XKM","0,99"]
[93593,"TRANSPORTE COM CAMINHÃO BASCULANTE DE 14 M3, EM VIA URBANA PAVIMENTADA, DMT ACIMA DE 30 KM (UNIDADE: M3XKM). AF_04/2016","M3XKM","0,65"]
[93594,"TRANSPORTE COM CAMINHÃO BASCULANTE DE 10 M3, EM VIA URBANA EM LEITO NATURAL (UNIDADE: TXKM). AF_04/2016","TXKM","1,02"]
[93595,"TRANSPORTE COM CAMINHÃO BASCULANTE DE 10 M3, EM VIA URBANA EM REVESTIMENTO PRIMÁRIO (UNIDADE: TXKM). AF_04/2016","TXKM","0,78"]
[93596,"TRANSPORTE COM CAMINHÃO BASCULANTE DE 10 M3, EM VIA URBANA PAVIMENTADA, DMT ACIMA DE 30 KM (UNIDADE: TXKM). AF_04/2016","TXKM","0,52"]
[93597,"TRANSPORTE COM CAMINHÃO BASCULANTE DE 14 M3, EM VIA URBANA EM LEITO NATURAL (UNIDADE: TXKM). AF_04/2016","TXKM","0,85"]
[93598,"TRANSPORTE COM CAMINHÃO BASCULANTE DE 14 M3, EM VIA URBANA EM REVESTIMENTO PRIMÁRIO (UNIDADE: TXKM). AF_04/2016","TXKM","0,65"]
[93599,"TRANSPORTE COM CAMINHÃO BASCULANTE DE 14 M3, EM VIA URBANA PAVIMENTADA, DMT ACIMA DE 30 KM (UNIDADE: TXKM). AF_04/2016","TXKM","0,43"]
[95425,"TRANSPORTE COM CAMINHÃO BASCULANTE DE 18 M3, EM VIA URBANA EM LEITO NATURAL (UNIDADE: M3XKM). AF_09/2016","M3XKM","1,12"]
[95426,"TRANSPORTE COM CAMINHÃO BASCULANTE DE 18 M3, EM VIA URBANA EM REVESTIMENTO PRIMÁRIO (UNIDADE: M3XKM). AF_09/2016","M3XKM","0,86"]
[95427,"TRANSPORTE COM CAMINHÃO BASCULANTE DE 18 M3, EM VIA URBANA PAVIMENTADA, DMT ACIMA DE 30 KM(UNIDADE: M3XKM). AF_09/2016","M3XKM","0,57"]
[95428,"TRANSPORTE COM CAMINHÃO BASCULANTE DE 18 M3, EM VIA URBANA EM LEITO NATURAL (UNIDADE: TXKM). AF_09/2016","TXKM","0,74"]
[95429,"TRANSPORTE COM CAMINHÃO BASCULANTE DE 18 M3, EM VIA URBANA EM REVESTIMENTO PRIMÁRIO (UNIDADE: TXKM). AF_09/2016","TXKM","0,57"]
[95430,"TRANSPORTE COM CAMINHÃO BASCULANTE DE 18 M3, EM VIA URBANA PAVIMENTADA, DMT ACIMA DE 30 KM (UNIDADE: TXKM). AF_09/2016","TXKM","0,38"]
[95875,"TRANSPORTE COM CAMINHÃO BASCULANTE DE 10 M3, EM VIA URBANA PAVIMENTADA, DMT ATÉ 30 KM (UNIDADE: M3XKM). AF_12/2016","M3XKM","1,10"]
[95876,"TRANSPORTE COM CAMINHÃO BASCULANTE DE 14 M3, EM VIA URBANA PAVIMENTADA, DMT ATÉ 30 KM (UNIDADE: M3XKM). AF_12/2016","M3XKM","0,92"]
[95877,"TRANSPORTE COM CAMINHÃO BASCULANTE DE 18 M3, EM VIA URBANA PAVIMENTADA, DMT ATÉ 30 KM (UNIDADE: M3XKM). AF_12/2016","M3XKM","0,80"]
[95878,"TRANSPORTE COM CAMINHÃO BASCULANTE DE 10 M3, EM VIA URBANA PAVIMENTADA, DMT ATÉ 30 KM (UNIDADE: TXKM). AF_12/2016","TXKM","0,73"]
[95879,"TRANSPORTE COM CAMINHÃO BASCULANTE DE 14 M3, EM VIA URBANA PAVIMENTADA, DMT ATÉ 30 KM (UNIDADE: TXKM). AF_12/2016","TXKM","0,61"]
[95880,"TRANSPORTE COM CAMINHÃO BASCULANTE DE 18 M3, EM VIA URBANA PAVIMENTADA, DMT ATÉ 30 KM (UNIDADE: TXKM). AF_12/2016","TXKM","0,53"]
[93176,"TRANSPORTE DE MATERIAL ASFALTICO, COM CAMINHÃO COM CAPACIDADE DE 30000 L EM RODOVIA PAVIMENTADA PARA DISTÂNCIAS MÉDIAS DE TRANSPORTE SUPERIORES A 100 KM. AF_02/2016","TXKM","0,43"]
[93177,"TRANSPORTE DE MATERIAL ASFALTICO, COM CAMINHÃO COM CAPACIDADE DE 20000 L EM RODOVIA PAVIMENTADA PARA DISTÂNCIAS MÉDIAS DE TRANSPORTE IGUAL OU INFERIOR A 100 KM. AF_02/2016","TXKM","1,56"]
[93178,"TRANSPORTE DE MATERIAL ASFALTICO, COM CAMINHÃO COM CAPACIDADE DE 30000 L EM RODOVIA NÃO PAVIMENTADA PARA DISTÂNCIAS MÉDIAS DE TRANSPORTE SUPERIORES A 100 KM. AF_02/2016","TXKM","0,50"]
[93179,"TRANSPORTE DE MATERIAL ASFALTICO, COM CAMINHÃO COM CAPACIDADE DE 20000 L EM RODOVIA NÃO PAVIMENTADA PARA DISTÂNCIAS MÉDIAS DE TRANSPORTE IGUAL OU INFERIOR A 100 KM. AF_02/2016","TXKM","1,73"]
["74038/1","PORTAO COM MOUROES DE MADEIRA ROLICA, DIAMETRO 11CM, COM 5 FIOS DE ARAME FARPADO Nº 14 CLASSE 250, SEM DOBRADICAS","M","25,18"]
["74039/1","CERCA COM MOUROES DE MADEIRA ROLICA, DIAMETRO 11CM, ESPACAMENTO DE 2M, ALTURA LIVRE DE 1M, CRAVADOS 0,5M, COM 5 FIOS DE ARAME FARPADO Nº 14 CLASSE 250","M","25,18"]
["74142/1","CERCA COM MOUROES DE CONCRETO, RETO, ESPACAMENTO DE 3M, CRAVADOS 0,5M, COM 4 FIOS DE ARAME FARPADO Nº 14 CLASSE 250","M","45,04"]
["74142/2","CERCA COM MOUROES DE MADEIRA, 7,5X7,5CM, ESPACAMENTO DE 2M, ALTURA LIVRE DE 2M, CRAVADOS 0,5M, COM 4 FIOS DE ARAME FARPADO Nº 14 CLASSE 250","M","18,90"]
["74142/3","CERCA COM MOUROES DE MADEIRA, 7,5X7,5CM, ESPACAMENTO DE 2M, ALTURA LIVRE DE 2M, CRAVADOS 0,5M, COM 8 FIOS DE ARAME FARPADO Nº 14 CLASSE 250","M","29,35"]
["74142/4","CERCA COM MOUROES DE CONCRETO, SECAO \"T\" PONTA INCLINADA, 10X10CM, ESPACAMENTO DE 3M, CRAVADOS 0,5M, COM 11 FIOS DE ARAME FARPADO Nº 16","M","57,56"]
["74143/1","CERCA COM MOUROES DE CONCRETO, RETO, 15X15CM, ESPACAMENTO DE 3M, CRAVADOS 0,5M, ESCORAS DE 10X10CM NOS CANTOS, COM 12 FIOS DE ARAME DE ACO OVALADO 15X17","M","55,94"]
["74143/2","CERCA COM MOUROES DE CONCRETO, RETO, 15X15CM, ESPACAMENTO DE 3M, CRAVADOS 0,5M, ESCORAS DE 10X10CM NOS CANTOS, COM 9 FIOS DE ARAME DE ACO OVALADO 15X17","M","53,55"]
[85171,"RECOMPOSICAO PARCIAL DO ARAME FARPADO Nº 14 CLASSE 250, FIXADO EM CERCA COM MOURÕES DE CONCRETO, RETO, 15X15CM","M","3,52"]
["73787/1","ALAMBRADO EM TUBOS DE ACO GALVANIZADO, COM COSTURA, DIN 2440, DIAMETRO 2\", ALTURA 3M, FIXADOS A CADA 2M EM BLOCOS DE CONCRETO, COM TELA DE ARAME GALVANIZADO REVESTIDO COM PVC, FIO 12 BWG E MALHA 7,5X7,5CM","M2","168,88"]
["74244/1","ALAMBRADO PARA QUADRA POLIESPORTIVA, ESTRUTURADO POR TUBOS DE ACO GALVANIZADO, COM COSTURA, DIN 2440, DIAMETRO 2\", COM TELA DE ARAME GALVANIZADO, FIO 14 BWG E MALHA QUADRADA 5X5CM","M2","106,88"]
["73788/2","GRADE EM MADEIRA PARA PROTECAO DE MUDAS DE ARVORES","UN","98,43"]
[98509,"PLANTIO DE ARBUSTO OU  CERCA VIVA. AF_05/2018","UN","59,67"]
[98510,"PLANTIO DE ÁRVORE ORNAMENTAL COM ALTURA DE MUDA MENOR OU IGUAL A 2,00 M. AF_05/2018","UN","81,78"]
[98511,"PLANTIO DE ÁRVORE ORNAMENTAL COM ALTURA DE MUDA MAIOR QUE 2,00 M E MENOR OU IGUAL A 4,00 M. AF_05/2018","UN","160,09"]
[98516,"PLANTIO DE PALMEIRA COM ALTURA DE MUDA MENOR OU IGUAL A 2,00 M. AF_05/2018","UN","291,50"]
[98519,"REVOLVIMENTO E LIMPEZA MANUAL DE SOLO. AF_05/2018","M2","1,31"]
[98520,"APLICAÇÃO DE ADUBO EM SOLO. AF_05/2018","M2","3,03"]
[98521,"APLICAÇÃO DE CALCÁRIO PARA CORREÇÃO DO PH DO SOLO. AF_05/2018","M2","0,22"]
[98522,"ALAMBRADO EM MOURÕES DE CONCRETO, COM TELA DE ARAME GALVANIZADO (INCLUSIVE MURETA EM CONCRETO). AF_05/2018","M","115,27"]
[98524,"LIMPEZA MANUAL DE VEGETAÇÃO EM TERRENO COM ENXADA.AF_05/2018","M2","2,12"]
[85179,"PLANTIO DE GRAMA SAO CARLOS EM LEIVAS","M2","17,27"]
[85180,"PLANTIO DE GRAMA ESMERALDA EM ROLO","M2","17,27"]
[98503,"PLANTIO DE GRAMA EM PAVIMENTO CONCREGRAMA. AF_05/2018","M2","15,00"]
[98504,"PLANTIO DE GRAMA EM PLACAS. AF_05/2018","M2","11,29"]
[98505,"PLANTIO DE FORRAÇÃO. AF_05/2018","M2","84,93"]
[85184,"RETIRADA DE GRAMA EM PLACAS","M2","3,34"]
[85185,"PODA E LIMPEZA DE ARBUSTO TIPO CERCA VIVA","M2","4,07"]
[98525,"LIMPEZA MECANIZADA DE CAMADA VEGETAL, VEGETAÇÃO E PEQUENAS ÁRVORES (DIÂMETRO DE TRONCO MENOR QUE 0,20 M), COM TRATOR DE ESTEIRAS.AF_05/2018","M2","0,25"]
[98526,"REMOÇÃO DE RAÍZES REMANESCENTES DE TRONCO DE ÁRVORE COM DIÂMETRO MAIOR OU IGUAL A 0,20 M E MENOR QUE 0,40 M.AF_05/2018","UN","53,55"]
[98527,"REMOÇÃO DE RAÍZES REMANESCENTES DE TRONCO DE ÁRVORE COM DIÂMETRO MAIOR OU IGUAL A 0,40 M E MENOR QUE 0,60 M.AF_05/2018","UN","115,30"]
[98528,"REMOÇÃO DE RAÍZES REMANESCENTES DE TRONCO DE ÁRVORE COM DIÂMETRO MAIOR OU IGUAL A 0,60 M.AF_05/2018","UN","168,60"]
[98529,"CORTE RASO E RECORTE DE ÁRVORE COM DIÂMETRO DE TRONCO MAIOR OU IGUAL A 0,20 M E MENOR QUE 0,40 M.AF_05/2018","UN","45,82"]
[98530,"CORTE RASO E RECORTE DE ÁRVORE COM DIÂMETRO DE TRONCO MAIOR OU IGUAL A 0,40 M E MENOR QUE 0,60 M.AF_05/2018","UN","81,65"]
[98531,"CORTE RASO E RECORTE DE ÁRVORE COM DIÂMETRO DE TRONCO MAIOR OU IGUAL A 0,60 M.AF_05/2018","UN","186,79"]
[98532,"PODA EM ALTURA DE ÁRVORE COM DIÂMETRO DE TRONCO MENOR QUE 0,20 M.AF_05/2018","UN","65,18"]
[98533,"PODA EM ALTURA DE ÁRVORE COM DIÂMETRO DE TRONCO MAIOR OU IGUAL A 0,20 M E MENOR QUE 0,40 M.AF_05/2018","UN","178,22"]
[98534,"PODA EM ALTURA DE ÁRVORE COM DIÂMETRO DE TRONCO MAIOR OU IGUAL A 0,40 M E MENOR QUE 0,60 M.AF_05/2018","UN","456,98"]
[98535,"PODA EM ALTURA DE ÁRVORE COM DIÂMETRO DE TRONCO MAIOR OU IGUAL A 0,60 M.AF_05/2018","UN","722,67"]
[88236,"FERRAMENTAS (ENCARGOS COMPLEMENTARES) - HORISTA","H","0,42"]
[88237,"EPI (ENCARGOS COMPLEMENTARES) - HORISTA","H","0,88"]
[88238,"AJUDANTE DE ARMADOR COM ENCARGOS COMPLEMENTARES","H","13,15"]
[88239,"AJUDANTE DE CARPINTEIRO COM ENCARGOS COMPLEMENTARES","H","14,25"]
[88240,"AJUDANTE DE ESTRUTURA METÁLICA COM ENCARGOS COMPLEMENTARES","H","14,39"]
[88241,"AJUDANTE DE OPERAÇÃO EM GERAL COM ENCARGOS COMPLEMENTARES","H","13,44"]
[88242,"AJUDANTE DE PEDREIRO COM ENCARGOS COMPLEMENTARES","H","13,32"]
[88243,"AJUDANTE ESPECIALIZADO COM ENCARGOS COMPLEMENTARES","H","15,82"]
[88245,"ARMADOR COM ENCARGOS COMPLEMENTARES","H","16,78"]
[88246,"ASSENTADOR DE TUBOS COM ENCARGOS COMPLEMENTARES","H","18,99"]
[88247,"AUXILIAR DE ELETRICISTA COM ENCARGOS COMPLEMENTARES","H","13,39"]
[88248,"AUXILIAR DE ENCANADOR OU BOMBEIRO HIDRÁULICO COM ENCARGOS COMPLEMENTARES","H","13,34"]
[88249,"AUXILIAR DE LABORATÓRIO COM ENCARGOS COMPLEMENTARES","H","24,83"]
[88250,"AUXILIAR DE MECÂNICO COM ENCARGOS COMPLEMENTARES","H","15,19"]
[88251,"AUXILIAR DE SERRALHEIRO COM ENCARGOS COMPLEMENTARES","H","13,75"]
[88252,"AUXILIAR DE SERVIÇOS GERAIS COM ENCARGOS COMPLEMENTARES","H","13,95"]
[88253,"AUXILIAR DE TOPÓGRAFO COM ENCARGOS COMPLEMENTARES","H","15,25"]
[88255,"AUXILIAR TÉCNICO DE ENGENHARIA COM ENCARGOS COMPLEMENTARES","H","23,08"]
[88256,"AZULEJISTA OU LADRILHISTA COM ENCARGOS COMPLEMENTARES","H","19,55"]
[88257,"BLASTER, DINAMITADOR OU CABO DE FOGO COM ENCARGOS COMPLEMENTARES","H","19,03"]
[88258,"CADASTRISTA DE REDES DE AGUA E ESGOTO COM ENCARGOS COMPLEMENTARES","H","13,03"]
[88259,"CALAFETADOR/CALAFATE COM ENCARGOS COMPLEMENTARES","H","19,42"]
[88260,"CALCETEIRO COM ENCARGOS COMPLEMENTARES","H","16,78"]
[88261,"CARPINTEIRO DE ESQUADRIA COM ENCARGOS COMPLEMENTARES","H","16,06"]
[88262,"CARPINTEIRO DE FORMAS COM ENCARGOS COMPLEMENTARES","H","16,78"]
[88263,"CAVOUQUEIRO OU OPERADOR PERFURATRIZ/ROMPEDOR COM ENCARGOS COMPLEMENTARES","H","17,21"]
[88264,"ELETRICISTA COM ENCARGOS COMPLEMENTARES","H","17,02"]
[88265,"ELETRICISTA INDUSTRIAL COM ENCARGOS COMPLEMENTARES","H","17,02"]
[88266,"ELETROTÉCNICO COM ENCARGOS COMPLEMENTARES","H","28,30"]
[88267,"ENCANADOR OU BOMBEIRO HIDRÁULICO COM ENCARGOS COMPLEMENTARES","H","16,84"]
[88268,"ESTUCADOR COM ENCARGOS COMPLEMENTARES","H","17,34"]
[88269,"GESSEIRO COM ENCARGOS COMPLEMENTARES","H","16,78"]
[88270,"IMPERMEABILIZADOR COM ENCARGOS COMPLEMENTARES","H","16,87"]
[88272,"MACARIQUEIRO COM ENCARGOS COMPLEMENTARES","H","22,18"]
[88273,"MARCENEIRO COM ENCARGOS COMPLEMENTARES","H","17,05"]
[88274,"MARMORISTA/GRANITEIRO COM ENCARGOS COMPLEMENTARES","H","18,60"]
[88275,"MECÃNICO DE EQUIPAMENTOS PESADOS COM ENCARGOS COMPLEMENTARES","H","22,91"]
[88277,"MONTADOR (TUBO AÇO/EQUIPAMENTOS) COM ENCARGOS COMPLEMENTARES","H","20,18"]
[88278,"MONTADOR DE ESTRUTURA METÁLICA COM ENCARGOS COMPLEMENTARES","H","16,93"]
[88279,"MONTADOR ELETROMECÃNICO COM ENCARGOS COMPLEMENTARES","H","24,19"]
[88281,"MOTORISTA DE BASCULANTE COM ENCARGOS COMPLEMENTARES","H","15,87"]
[88282,"MOTORISTA DE CAMINHÃO COM ENCARGOS COMPLEMENTARES","H","16,60"]
[88283,"MOTORISTA DE CAMINHÃO E CARRETA COM ENCARGOS COMPLEMENTARES","H","21,00"]
[88284,"MOTORISTA DE VEIÍCULO LEVE COM ENCARGOS COMPLEMENTARES","H","17,17"]
[88285,"MOTORISTA DE VEÍCULO PESADO COM ENCARGOS COMPLEMENTARES","H","22,41"]
[88286,"MOTORISTA OPERADOR DE MUNCK COM ENCARGOS COMPLEMENTARES","H","18,74"]
[88288,"NIVELADOR COM ENCARGOS COMPLEMENTARES","H","17,97"]
[88291,"OPERADOR DE BETONEIRA (CAMINHÃO) COM ENCARGOS COMPLEMENTARES","H","16,22"]
[88292,"OPERADOR DE COMPRESSOR OU COMPRESSORISTA COM ENCARGOS COMPLEMENTARES","H","20,06"]
[88293,"OPERADOR DE DEMARCADORA DE FAIXAS COM ENCARGOS COMPLEMENTARES","H","18,96"]
[88294,"OPERADOR DE ESCAVADEIRA COM ENCARGOS COMPLEMENTARES","H","20,40"]
[88295,"OPERADOR DE GUINCHO COM ENCARGOS COMPLEMENTARES","H","18,17"]
[88296,"OPERADOR DE GUINDASTE COM ENCARGOS COMPLEMENTARES","H","18,59"]
[88297,"OPERADOR DE MÁQUINAS E EQUIPAMENTOS COM ENCARGOS COMPLEMENTARES","H","19,56"]
[88298,"OPERADOR DE MARTELETE OU MARTELETEIRO COM ENCARGOS COMPLEMENTARES","H","18,09"]
[88299,"OPERADOR DE MOTO-ESCREIPER COM ENCARGOS COMPLEMENTARES","H","19,20"]
[88300,"OPERADOR DE MOTONIVELADORA COM ENCARGOS COMPLEMENTARES","H","22,57"]
[88301,"OPERADOR DE PÁ CARREGADEIRA COM ENCARGOS COMPLEMENTARES","H","21,48"]
[88302,"OPERADOR DE PAVIMENTADORA COM ENCARGOS COMPLEMENTARES","H","19,70"]
[88303,"OPERADOR DE ROLO COMPACTADOR COM ENCARGOS COMPLEMENTARES","H","18,09"]
[88304,"OPERADOR DE USINA DE ASFALTO, DE SOLOS OU DE CONCRETO COM ENCARGOS COMPLEMENTARES","H","17,53"]
[88306,"OPERADOR JATO DE AREIA OU JATISTA COM ENCARGOS COMPLEMENTARES","H","26,48"]
[88307,"OPERADOR PARA BATE ESTACAS COM ENCARGOS COMPLEMENTARES","H","21,77"]
[88308,"PASTILHEIRO COM ENCARGOS COMPLEMENTARES","H","19,55"]
[88309,"PEDREIRO COM ENCARGOS COMPLEMENTARES","H","16,87"]
[88310,"PINTOR COM ENCARGOS COMPLEMENTARES","H","16,81"]
[88311,"PINTOR DE LETREIROS COM ENCARGOS COMPLEMENTARES","H","19,38"]
[88312,"PINTOR PARA TINTA EPÓXI COM ENCARGOS COMPLEMENTARES","H","17,70"]
[88313,"POCEIRO COM ENCARGOS COMPLEMENTARES","H","14,66"]
[88314,"RASTELEIRO COM ENCARGOS COMPLEMENTARES","H","15,14"]
[88315,"SERRALHEIRO COM ENCARGOS COMPLEMENTARES","H","16,78"]
[88316,"SERVENTE COM ENCARGOS COMPLEMENTARES","H","13,37"]
[88317,"SOLDADOR COM ENCARGOS COMPLEMENTARES","H","20,35"]
[88318,"SOLDADOR A (PARA SOLDA A SER TESTADA COM RAIOS \"X\") COM ENCARGOS COMPLEMENTARES","H","28,24"]
[88320,"TAQUEADOR OU TAQUEIRO COM ENCARGOS COMPLEMENTARES","H","19,47"]
[88321,"TÉCNICO DE LABORATÓRIO COM ENCARGOS COMPLEMENTARES","H","22,09"]
[88322,"TÉCNICO DE SONDAGEM COM ENCARGOS COMPLEMENTARES","H","22,48"]
[88323,"TELHADISTA COM ENCARGOS COMPLEMENTARES","H","19,08"]
[88324,"TRATORISTA COM ENCARGOS COMPLEMENTARES","H","21,57"]
[88325,"VIDRACEIRO COM ENCARGOS COMPLEMENTARES","H","14,23"]
[88326,"VIGIA NOTURNO COM ENCARGOS COMPLEMENTARES","H","14,35"]
[88377,"OPERADOR DE BETONEIRA ESTACIONÁRIA/MISTURADOR COM ENCARGOS COMPLEMENTARES","H","15,81"]
[88441,"JARDINEIRO COM ENCARGOS COMPLEMENTARES","H","16,31"]
[88597,"DESENHISTA DETALHISTA COM ENCARGOS COMPLEMENTARES","H","28,55"]
[90766,"ALMOXARIFE COM ENCARGOS COMPLEMENTARES","H","15,45"]
[90767,"APONTADOR OU APROPRIADOR COM ENCARGOS COMPLEMENTARES","H","15,61"]
[90768,"ARQUITETO DE OBRA JUNIOR COM ENCARGOS COMPLEMENTARES","H","55,01"]
[90769,"ARQUITETO DE OBRA PLENO COM ENCARGOS COMPLEMENTARES","H","77,97"]
[90770,"ARQUITETO DE OBRA SENIOR COM ENCARGOS COMPLEMENTARES","H","102,95"]
[90771,"AUXILIAR DE DESENHISTA COM ENCARGOS COMPLEMENTARES","H","21,45"]
[90772,"AUXILIAR DE ESCRITORIO COM ENCARGOS COMPLEMENTARES","H","14,46"]
[90773,"DESENHISTA COPISTA COM ENCARGOS COMPLEMENTARES","H","13,86"]
[90775,"DESENHISTA PROJETISTA COM ENCARGOS COMPLEMENTARES","H","21,86"]
[90776,"ENCARREGADO GERAL COM ENCARGOS COMPLEMENTARES","H","22,45"]
[90777,"ENGENHEIRO CIVIL DE OBRA JUNIOR COM ENCARGOS COMPLEMENTARES","H","74,88"]
[90778,"ENGENHEIRO CIVIL DE OBRA PLENO COM ENCARGOS COMPLEMENTARES","H","85,16"]
[90779,"ENGENHEIRO CIVIL DE OBRA SENIOR COM ENCARGOS COMPLEMENTARES","H","116,27"]
[90780,"MESTRE DE OBRAS COM ENCARGOS COMPLEMENTARES","H","29,07"]
[90781,"TOPOGRAFO COM ENCARGOS COMPLEMENTARES","H","29,15"]
[91677,"ENGENHEIRO ELETRICISTA COM ENCARGOS COMPLEMENTARES","H","73,51"]
[91678,"ENGENHEIRO SANITARISTA COM ENCARGOS COMPLEMENTARES","H","69,92"]
[93556,"FERRAMENTAS (ENCARGOS COMPLEMENTARES) - MENSALISTA","MES","90,07"]
[93557,"EPI (ENCARGOS COMPLEMENTARES) - MENSALISTA","MES","171,49"]
[93558,"MOTORISTA DE CAMINHAO COM ENCARGOS COMPLEMENTARES","MES","3.467,82"]
[93559,"DESENHISTA DETALHISTA COM ENCARGOS COMPLEMENTARES","MES","6.420,20"]
[93560,"DESENHISTA COPISTA COM ENCARGOS COMPLEMENTARES","MES","3.043,56"]
[93561,"DESENHISTA PROJETISTA COM ENCARGOS COMPLEMENTARES","MES","5.503,56"]
[93562,"AUXILIAR DE DESENHISTA COM ENCARGOS COMPLEMENTARES","MES","4.787,23"]
[93563,"ALMOXARIFE COM ENCARGOS COMPLEMENTARES","MES","2.766,60"]
[93564,"APONTADOR OU APROPRIADOR COM ENCARGOS COMPLEMENTARES","MES","2.787,26"]
[93565,"ENGENHEIRO CIVIL DE OBRA JUNIOR COM ENCARGOS COMPLEMENTARES","MES","13.165,49"]
[93566,"AUXILIAR DE ESCRITORIO COM ENCARGOS COMPLEMENTARES","MES","2.594,09"]
[93567,"ENGENHEIRO CIVIL DE OBRA PLENO COM ENCARGOS COMPLEMENTARES","MES","14.973,75"]
[93568,"ENGENHEIRO CIVIL DE OBRA SENIOR COM ENCARGOS COMPLEMENTARES","MES","20.438,70"]
[93569,"ARQUITETO JUNIOR COM ENCARGOS COMPLEMENTARES","MES","9.687,55"]
[93570,"ARQUITETO PLENO COM ENCARGOS COMPLEMENTARES","MES","13.726,00"]
[93571,"ARQUITETO SENIOR COM ENCARGOS COMPLEMENTARES","MES","18.120,65"]
[93572,"ENCARREGADO GERAL DE OBRAS COM ENCARGOS COMPLEMENTARES","MES","3.988,63"]
[94295,"MESTRE DE OBRAS COM ENCARGOS COMPLEMENTARES","MES","5.112,63"]
[94296,"TOPOGRAFO COM ENCARGOS COMPLEMENTARES","MES","5.392,27"]
[95308,"CURSO DE CAPACITAÇÃO PARA AJUDANTE DE ARMADOR (ENCARGOS COMPLEMENTARES) - HORISTA","H","0,07"]
[95309,"CURSO DE CAPACITAÇÃO PARA AJUDANTE DE CARPINTEIRO (ENCARGOS COMPLEMENTARES) - HORISTA","H","0,11"]
[95310,"CURSO DE CAPACITAÇÃO PARA AJUDANTE DE ESTRUTURA METÁLICA (ENCARGOS COMPLEMENTARES) - HORISTA","H","0,08"]
[95311,"CURSO DE CAPACITAÇÃO PARA AJUDANTE DE OPERAÇÃO EM GERAL (ENCARGOS COMPLEMENTARES) - HORISTA","H","0,07"]
[95312,"CURSO DE CAPACITAÇÃO PARA AJUDANTE DE PEDREIRO (ENCARGOS COMPLEMENTARES) - HORISTA","H","0,09"]
[95313,"CURSO DE CAPACITAÇÃO PARA AJUDANTE ESPECIALIZADO (ENCARGOS COMPLEMENTARES) - HORISTA","H","0,10"]
[95314,"CURSO DE CAPACITAÇÃO PARA ARMADOR (ENCARGOS COMPLEMENTARES) - HORISTA","H","0,11"]
[95315,"CURSO DE CAPACITAÇÃO PARA ASSENTADOR DE TUBOS (ENCARGOS COMPLEMENTARES) - HORISTA","H","0,16"]
[95316,"CURSO DE CAPACITAÇÃO PARA AUXILIAR DE ELETRICISTA (ENCARGOS COMPLEMENTARES) - HORISTA","H","0,25"]
[95317,"CURSO DE CAPACITAÇÃO PARA AUXILIAR DE ENCANADOR OU BOMBEIRO HIDRÁULICO (ENCARGOS COMPLEMENTARES) - HORISTA","H","0,12"]
[95318,"CURSO DE CAPACITAÇÃO PARA AUXILIAR DE LABORATÓRIO (ENCARGOS COMPLEMENTARES) - HORISTA","H","0,13"]
[95319,"CURSO DE CAPACITAÇÃO PARA AUXILIAR DE MECÂNICO (ENCARGOS COMPLEMENTARES) - HORISTA","H","0,09"]
[95320,"CURSO DE CAPACITAÇÃO PARA AUXILIAR DE SERRALHEIRO (ENCARGOS COMPLEMENTARES) - HORISTA","H","0,08"]
[95321,"CURSO DE CAPACITAÇÃO PARA AUXILIAR DE SERVIÇOS GERAIS (ENCARGOS COMPLEMENTARES) - HORISTA","H","0,08"]
[95322,"CURSO DE CAPACITAÇÃO PARA AUXILIAR DE TOPÓGRAFO (ENCARGOS COMPLEMENTARES) - HORISTA","H","0,06"]
[95323,"CURSO DE CAPACITAÇÃO PARA AUXILIAR TÉCNICO DE ENGENHARIA (ENCARGOS COMPLEMENTARES) - HORISTA","H","0,12"]
[95324,"CURSO DE CAPACITAÇÃO PARA AZULEJISTA OU LADRILHISTA (ENCARGOS COMPLEMENTARES) - HORISTA","H","0,17"]
[95325,"CURSO DE CAPACITAÇÃO PARA BLASTER, DINAMITADOR OU CABO DE FOGO (ENCARGOS COMPLEMENTARES) - HORISTA","H","0,20"]
[95326,"CURSO DE CAPACITAÇÃO PARA CADASTRISTA DE REDES DE AGUA E ESGOTO (ENCARGOS COMPLEMENTARES) - HORISTA","H","0,03"]
[95327,"CURSO DE CAPACITAÇÃO PARA CALAFETADOR/CALAFATE (ENCARGOS COMPLEMENTARES) - HORISTA","H","0,17"]
[95328,"CURSO DE CAPACITAÇÃO PARA CALCETEIRO (ENCARGOS COMPLEMENTARES) - HORISTA","H","0,11"]
[95329,"CURSO DE CAPACITAÇÃO PARA CARPINTEIRO DE ESQUADRIA (ENCARGOS COMPLEMENTARES) - HORISTA","H","0,13"]
[95330,"CURSO DE CAPACITAÇÃO PARA CARPINTEIRO DE FÔRMAS (ENCARGOS COMPLEMENTARES) - HORISTA","H","0,11"]
[95331,"CURSO DE CAPACITAÇÃO PARA CAVOUQUEIRO OU OPERADOR PERFURATRIZ/ROMPEDOR (ENCARGOS COMPLEMENTARES) - HORISTA","H","0,11"]
[95332,"CURSO DE CAPACITAÇÃO PARA ELETRICISTA (ENCARGOS COMPLEMENTARES) - HORISTA","H","0,35"]
[95333,"CURSO DE CAPACITAÇÃO PARA ELETRICISTA INDUSTRIAL (ENCARGOS COMPLEMENTARES) - HORISTA","H","0,35"]
[95334,"CURSO DE CAPACITAÇÃO PARA ELETROTÉCNICO (ENCARGOS COMPLEMENTARES) - HORISTA","H","0,57"]
[95335,"CURSO DE CAPACITAÇÃO PARA ENCANADOR OU BOMBEIRO HIDRÁULICO (ENCARGOS COMPLEMENTARES) - HORISTA","H","0,17"]
[95336,"CURSO DE CAPACITAÇÃO PARA ESTUCADOR (ENCARGOS COMPLEMENTARES) - HORISTA","H","0,11"]
[95337,"CURSO DE CAPACITAÇÃO PARA GESSEIRO (ENCARGOS COMPLEMENTARES) - HORISTA","H","0,11"]
[95338,"CURSO DE CAPACITAÇÃO PARA IMPERMEABILIZADOR (ENCARGOS COMPLEMENTARES) - HORISTA","H","0,20"]
[95339,"CURSO DE CAPACITAÇÃO PARA MAÇARIQUEIRO (ENCARGOS COMPLEMENTARES) - HORISTA","H","0,24"]
[95340,"CURSO DE CAPACITAÇÃO PARA MARCENEIRO (ENCARGOS COMPLEMENTARES) - HORISTA","H","0,14"]
[95341,"CURSO DE CAPACITAÇÃO PARA MARMORISTA/GRANITEIRO (ENCARGOS COMPLEMENTARES) - HORISTA","H","0,16"]
[95342,"CURSO DE CAPACITAÇÃO PARA MECÂNICO DE EQUIPAMENTOS PESADOS (ENCARGOS COMPLEMENTARES) - HORISTA","H","0,12"]
[95343,"CURSO DE CAPACITAÇÃO PARA MONTADOR  DE TUBO AÇO/EQUIPAMENTOS (ENCARGOS COMPLEMENTARES) - HORISTA","H","0,18"]
[95344,"CURSO DE CAPACITAÇÃO PARA MONTADOR DE ESTRUTURA METÁLICA (ENCARGOS COMPLEMENTARES) - HORISTA","H","0,11"]
[95345,"CURSO DE CAPACITAÇÃO PARA MONTADOR ELETROMECÂNICO (ENCARGOS COMPLEMENTARES) - HORISTA","H","0,47"]
[95346,"CURSO DE CAPACITAÇÃO PARA MOTORISTA DE BASCULANTE (ENCARGOS COMPLEMENTARES) - HORISTA","H","0,05"]
[95347,"CURSO DE CAPACITAÇÃO PARA MOTORISTA DE CAMINHÃO (ENCARGOS COMPLEMENTARES) - HORISTA","H","0,05"]
[95348,"CURSO DE CAPACITAÇÃO PARA MOTORISTA DE CAMINHÃO E CARRETA (ENCARGOS COMPLEMENTARES) - HORISTA","H","0,07"]
[95349,"CURSO DE CAPACITAÇÃO PARA MOTORISTA DE VEÍCULO LEVE (ENCARGOS COMPLEMENTARES) - HORISTA","H","0,05"]
[95350,"CURSO DE CAPACITAÇÃO PARA MOTORISTA DE VEÍCULO PESADO (ENCARGOS COMPLEMENTARES) - HORISTA","H","0,07"]
[95351,"CURSO DE CAPACITAÇÃO PARA MOTORISTA OPERADOR DE MUNCK (ENCARGOS COMPLEMENTARES) - HORISTA","H","0,19"]
[95352,"CURSO DE CAPACITAÇÃO PARA NIVELADOR (ENCARGOS COMPLEMENTARES) - HORISTA","H","0,08"]
[95354,"CURSO DE CAPACITAÇÃO PARA OPERADOR DE BETONEIRA (CAMINHÃO) (ENCARGOS COMPLEMENTARES) - HORISTA","H","0,07"]
[95355,"CURSO DE CAPACITAÇÃO PARA OPERADOR DE COMPRESSOR OU COMPRESSORISTA (ENCARGOS COMPLEMENTARES) - HORISTA","H","0,10"]
[95356,"CURSO DE CAPACITAÇÃO PARA OPERADOR DE DEMARCADORA DE FAIXAS (ENCARGOS COMPLEMENTARES) - HORISTA","H","0,09"]
[95357,"CURSO DE CAPACITAÇÃO PARA OPERADOR DE ESCAVADEIRA (ENCARGOS COMPLEMENTARES) - HORISTA","H","0,14"]
[95358,"CURSO DE CAPACITAÇÃO PARA OPERADOR DE GUINCHO (ENCARGOS COMPLEMENTARES) - HORISTA","H","0,17"]
[95359,"CURSO DE CAPACITAÇÃO PARA OPERADOR DE GUINDASTE (ENCARGOS COMPLEMENTARES) - HORISTA","H","0,18"]
[95360,"CURSO DE CAPACITAÇÃO PARA OPERADOR DE MÁQUINAS E EQUIPAMENTOS (ENCARGOS COMPLEMENTARES) - HORISTA","H","0,13"]
[95361,"CURSO DE CAPACITAÇÃO PARA OPERADOR DE MARTELETE OU MARTELETEIRO (ENCARGOS COMPLEMENTARES) - HORISTA","H","0,09"]
[95362,"CURSO DE CAPACITAÇÃO PARA OPERADOR DE MOTO-ESCREIPER (ENCARGOS COMPLEMENTARES) - HORISTA","H","0,09"]
[95363,"CURSO DE CAPACITAÇÃO PARA OPERADOR DE MOTONIVELADORA (ENCARGOS COMPLEMENTARES) - HORISTA","H","0,12"]
[95364,"CURSO DE CAPACITAÇÃO PARA OPERADOR DE PÁ CARREGADEIRA (ENCARGOS COMPLEMENTARES) - HORISTA","H","0,11"]
[95365,"CURSO DE CAPACITAÇÃO PARA OPERADOR DE PAVIMENTADORA (ENCARGOS COMPLEMENTARES) - HORISTA","H","0,10"]
[95366,"CURSO DE CAPACITAÇÃO PARA OPERADOR DE ROLO COMPACTADOR (ENCARGOS COMPLEMENTARES) - HORISTA","H","0,09"]
[95367,"CURSO DE CAPACITAÇÃO PARA OPERADOR DE USINA DE ASFALTO, DE SOLOS OU DE CONCRETO (ENCARGOS COMPLEMENTARES) - HORISTA","H","0,08"]
[95368,"CURSO DE CAPACITAÇÃO PARA OPERADOR JATO DE AREIA OU JATISTA (ENCARGOS COMPLEMENTARES) - HORISTA","H","0,20"]
[95369,"CURSO DE CAPACITAÇÃO PARA OPERADOR PARA BATE ESTACAS (ENCARGOS COMPLEMENTARES) - HORISTA","H","0,11"]
[95370,"CURSO DE CAPACITAÇÃO PARA PASTILHEIRO (ENCARGOS COMPLEMENTARES) - HORISTA","H","0,17"]
[95371,"CURSO DE CAPACITAÇÃO PARA PEDREIRO (ENCARGOS COMPLEMENTARES) - HORISTA","H","0,20"]
[95372,"CURSO DE CAPACITAÇÃO PARA PINTOR (ENCARGOS COMPLEMENTARES) - HORISTA","H","0,14"]
[95373,"CURSO DE CAPACITAÇÃO PARA PINTOR DE LETREIROS (ENCARGOS COMPLEMENTARES) - HORISTA","H","0,17"]
[95374,"CURSO DE CAPACITAÇÃO PARA PINTOR PARA TINTA EPÓXI (ENCARGOS COMPLEMENTARES) - HORISTA","H","0,15"]
[95375,"CURSO DE CAPACITAÇÃO PARA POCEIRO (ENCARGOS COMPLEMENTARES) - HORISTA","H","0,16"]
[95376,"CURSO DE CAPACITAÇÃO PARA RASTELEIRO (ENCARGOS COMPLEMENTARES) - HORISTA","H","0,04"]
[95377,"CURSO DE CAPACITAÇÃO PARA SERRALHEIRO (ENCARGOS COMPLEMENTARES) - HORISTA","H","0,11"]
[95378,"CURSO DE CAPACITAÇÃO PARA SERVENTE (ENCARGOS COMPLEMENTARES) - HORISTA","H","0,14"]
[95379,"CURSO DE CAPACITAÇÃO PARA SOLDADOR (ENCARGOS COMPLEMENTARES) - HORISTA","H","0,14"]
[95380,"CURSO DE CAPACITAÇÃO PARA SOLDADOR A (PARA SOLDA A SER TESTADA COM RAIOS  X ) (ENCARGOS COMPLEMENTARES) - HORISTA","H","0,21"]
[95381,"CURSO DE CAPACITAÇÃO PARA SONDADOR (ENCARGOS COMPLEMENTARES) - HORISTA","H","0,16"]
[95382,"CURSO DE CAPACITAÇÃO PARA TAQUEADOR OU TAQUEIRO (ENCARGOS COMPLEMENTARES) - HORISTA","H","0,13"]
[95383,"CURSO DE CAPACITAÇÃO PARA TÉCNICO DE LABORATÓRIO (ENCARGOS COMPLEMENTARES) - HORISTA","H","0,11"]
[95384,"CURSO DE CAPACITAÇÃO PARA TÉCNICO DE SONDAGEM (ENCARGOS COMPLEMENTARES) - HORISTA","H","0,16"]
[95385,"CURSO DE CAPACITAÇÃO PARA TELHADISTA (ENCARGOS COMPLEMENTARES) - HORISTA","H","0,13"]
[95386,"CURSO DE CAPACITAÇÃO PARA TRATORISTA (ENCARGOS COMPLEMENTARES) - HORISTA","H","0,15"]
[95387,"CURSO DE CAPACITAÇÃO PARA VIDRACEIRO (ENCARGOS COMPLEMENTARES) - HORISTA","H","0,11"]
[95388,"CURSO DE CAPACITAÇÃO PARA VIGIA NOTURNO (ENCARGOS COMPLEMENTARES) - HORISTA","H","0,04"]
[95389,"CURSO DE CAPACITAÇÃO PARA OPERADOR DE BETONEIRA ESTACIONÁRIA/MISTURADOR (ENCARGOS COMPLEMENTARES) - HORISTA","H","0,07"]
[95390,"CURSO DE CAPACITAÇÃO PARA JARDINEIRO (ENCARGOS COMPLEMENTARES) - HORISTA","H","0,04"]
[95391,"CURSO DE CAPACITAÇÃO PARA DESENHISTA DETALHISTA (ENCARGOS COMPLEMENTARES) - HORISTA","H","0,10"]
[95392,"CURSO DE CAPACITAÇÃO PARA ALMOXARIFE (ENCARGOS COMPLEMENTARES) - HORISTA","H","0,04"]
[95393,"CURSO DE CAPACITAÇÃO PARA APONTADOR OU APROPRIADOR (ENCARGOS COMPLEMENTARES) - HORISTA","H","0,20"]
[95394,"CURSO DE CAPACITAÇÃO PARA ARQUITETO DE OBRA JÚNIOR (ENCARGOS COMPLEMENTARES) - HORISTA","H","0,36"]
[95395,"CURSO DE CAPACITAÇÃO PARA ARQUITETO DE OBRA PLENO (ENCARGOS COMPLEMENTARES) - HORISTA","H","0,51"]
[95396,"CURSO DE CAPACITAÇÃO PARA ARQUITETO DE OBRA SÊNIOR (ENCARGOS COMPLEMENTARES) - HORISTA","H","0,68"]
[95397,"CURSO DE CAPACITAÇÃO PARA AUXILIAR DE DESENHISTA (ENCARGOS COMPLEMENTARES) - HORISTA","H","0,07"]
[95398,"CURSO DE CAPACITAÇÃO PARA AUXILIAR DE ESCRITÓRIO (ENCARGOS COMPLEMENTARES) - HORISTA","H","0,04"]
[95399,"CURSO DE CAPACITAÇÃO PARA DESENHISTA COPISTA (ENCARGOS COMPLEMENTARES) - HORISTA","H","0,04"]
[95400,"CURSO DE CAPACITAÇÃO PARA DESENHISTA PROJETISTA (ENCARGOS COMPLEMENTARES) - HORISTA","H","0,08"]
[95401,"CURSO DE CAPACITAÇÃO PARA ENCARREGADO GERAL (ENCARGOS COMPLEMENTARES) - HORISTA","H","0,31"]
[95402,"CURSO DE CAPACITAÇÃO PARA ENGENHEIRO CIVIL DE OBRA JÚNIOR (ENCARGOS COMPLEMENTARES) - HORISTA","H","0,87"]
[95403,"CURSO DE CAPACITAÇÃO PARA ENGENHEIRO CIVIL DE OBRA PLENO (ENCARGOS COMPLEMENTARES) - HORISTA","H","0,99"]
[95404,"CURSO DE CAPACITAÇÃO PARA ENGENHEIRO CIVIL DE OBRA SÊNIOR (ENCARGOS COMPLEMENTARES) - HORISTA","H","1,36"]
[95405,"CURSO DE CAPACITAÇÃO PARA MESTRE DE OBRAS (ENCARGOS COMPLEMENTARES) - HORISTA","H","0,48"]
[95406,"CURSO DE CAPACITAÇÃO PARA TOPÓGRAFO (ENCARGOS COMPLEMENTARES) - HORISTA","H","0,17"]
[95407,"CURSO DE CAPACITAÇÃO PARA ENGENHEIRO ELETRICISTA (ENCARGOS COMPLEMENTARES) - HORISTA","H","1,95"]
[95408,"CURSO DE CAPACITAÇÃO  PARA MOTORISTA DE CAMINHÃO (ENCARGOS COMPLEMENTARES) - MENSALISTA","MES","8,66"]
[95409,"CURSO DE CAPACITAÇÃO PARA DESENHISTA DETALHISTA (ENCARGOS COMPLEMENTARES) - MENSALISTA","MES","17,78"]
[95410,"CURSO DE CAPACITAÇÃO PARA DESENHISTA COPISTA (ENCARGOS COMPLEMENTARES) - MENSALISTA","MES","7,34"]
[95411,"CURSO DE CAPACITAÇÃO PARA DESENHISTA PROJETISTA (ENCARGOS COMPLEMENTARES) - MENSALISTA","MES","15,27"]
[95412,"CURSO DE CAPACITAÇÃO PARA AUXILIAR DE DESENHISTA (ENCARGOS COMPLEMENTARES) - MENSALISTA","MES","12,73"]
[95413,"CURSO DE CAPACITAÇÃO PARA ALMOXARIFE (ENCARGOS COMPLEMENTARES) - MENSALISTA","MES","6,46"]
[95414,"CURSO DE CAPACITAÇÃO PARA APONTADOR OU APROPRIADOR (ENCARGOS COMPLEMENTARES) - MENSALISTA","MES","27,12"]
[95415,"CURSO DE CAPACITAÇÃO PARA ENGENHEIRO CIVIL DE OBRA JÚNIOR (ENCARGOS COMPLEMENTARES) - MENSALISTA","MES","117,98"]
[95416,"CURSO DE CAPACITAÇÃO PARA AUXILIAR DE ESCRITÓRIO (ENCARGOS COMPLEMENTARES) - MENSALISTA","MES","5,96"]
[95417,"CURSO DE CAPACITAÇÃO PARA ENGENHEIRO CIVIL DE OBRA PLENO (ENCARGOS COMPLEMENTARES) - MENSALISTA","MES","134,29"]
[95418,"CURSO DE CAPACITAÇÃO PARA ENGENHEIRO CIVIL DE OBRA SÊNIOR (ENCARGOS COMPLEMENTARES) - MENSALISTA","MES","183,57"]
[95419,"CURSO DE CAPACITAÇÃO PARA ARQUITETO JÚNIOR (ENCARGOS COMPLEMENTARES) - MENSALISTA","MES","48,74"]
[95420,"CURSO DE CAPACITAÇÃO PARA ARQUITETO PLENO (ENCARGOS COMPLEMENTARES) - MENSALISTA","MES","69,23"]
[95421,"CURSO DE CAPACITAÇÃO PARA ARQUITETO SÊNIOR (ENCARGOS COMPLEMENTARES) - MENSALISTA","MES","91,53"]
[95422,"CURSO DE CAPACITAÇÃO PARA ENCARREGADO GERAL DE OBRAS (ENCARGOS COMPLEMENTARES) - MENSALISTA","MES","42,53"]
[95423,"CURSO DE CAPACITAÇÃO PARA MESTRE DE OBRAS (ENCARGOS COMPLEMENTARES) - MENSALISTA","MES","64,56"]
[95424,"CURSO DE CAPACITAÇÃO PARA TOPÓGRAFO (ENCARGOS COMPLEMENTARES) - MENSALISTA","MES","23,94"]

{"sheet":"Sinapi I 09","index":6,"n_rows":5350,"n_cols":4,"rows_kept":5350,"hidden":true}
["CODIGO  ","DESCRICAO DO INSUMO","UNIDADE"," PRECO"]
[36214,"!EM PROCESSO DE DESATIVACAO! BARRA DE APOIO ANGULAR, 60 CM, EM ACO INOX POLIDO, DIAMETRO MINIMO 3 CM","UN    ",223.58]
[36212,"!EM PROCESSO DE DESATIVACAO! BARRA DE APOIO LAVATORIO DE CANTO, EM ACO INOX POLIDO, DIAMETRO MINIMO 3 CM.","UN    ",376.23]
[36211,"!EM PROCESSO DE DESATIVACAO! BARRA DE APOIO LAVATORIO, EM ACO INOX POLIDO, *40 X 50* CM,  DIAMETRO MINIMO 3 CM","UN    ",353.87]
[2404,"!EM PROCESSO DE DESATIVACAO! DIVISORIA COLMEIA CEGA COM MONTANTE E RODAPE DE ALUMINIO ANODIZADO SIMPLES (SEM COLOCACAO)","M2    ",80.15]
[2720,"!EM PROCESSO DE DESATIVACAO! ESCAVADEIRA DRAGA DE ARRASTE, CAP. 3/4 JC 140HP (INCL MANUTENCAO/OPERACAO)","H     ",308.04]
[2719,"!EM PROCESSO DE DESATIVACAO! ESCAVADEIRA HIDRAULICA SOBRE ESTEIRAS DE 99 HP, PESO OPERACIONAL DE *16* T E CAPACIDADE DE 0,85 A 1,00 M3 (LOCACAO COM OPERADOR, COMBUSTIVEL E MANUTENCAO)","H     ",261]
[3378,"!EM PROCESSO DE DESATIVACAO! HASTE DE ATERRAMENTO EM ACO COM 3,00 M DE COMPRIMENTO E DN = 3/4\", REVESTIDA COM BAIXA CAMADA DE COBRE, SEM CONECTOR","UN    ",48.87]
[3380,"!EM PROCESSO DE DESATIVACAO! HASTE DE ATERRAMENTO EM ACO COM 3,00 M DE COMPRIMENTO E DN = 5/8\", REVESTIDA COM BAIXA CAMADA DE COBRE, COM CONECTOR TIPO GRAMPO","UN    ",34.21]
[3379,"!EM PROCESSO DE DESATIVACAO! HASTE DE ATERRAMENTO EM ACO COM 3,00 M DE COMPRIMENTO E DN = 5/8\", REVESTIDA COM BAIXA CAMADA DE COBRE, SEM CONECTOR","UN    ",33.03]
[13382,"!EM PROCESSO DE DESATIVACAO! LUMINARIA FECHADA P/ ILUMINACAO PUBLICA, TIPO ABL 50/F OU EQUIV, P/ LAMPADA A VAPOR DE MERCURIO 400W","UN    ",215.2]
[20198,"!EM PROCESSO DE DESATIVACAO! MADEIRA DE 1A. QUALIDADE (MADEIRA BRANCA), SERRADA E NAO APARELHADA, PARA FORMAS DE CONCRETO ARMADO","M3    ",{"v":1216.67,"d":"1,216.67"}]
[4126,"!EM PROCESSO DE DESATIVACAO! TERMINAL DE PORCELANA (MUFLA) UNIPOLAR, USO EXTERNO, TENSAO 3,6/6 KV, PARA CABO DE 10/16 MM2, COM ISOLAMENTO EPR","UN    ",209.97]
[10615,"!EM PROCESSO DE DESATIVACAO! VEICULO DE PASSEIO COM MOTOR 1.0 FLEX, POTENCIA 72/85 CV, 5 PORTAS, COR SOLIDA, BASICO","UN    ",{"v":40990,"d":"40,990.00"}]
[21136,"!EM PROCESSO DESATIVACAO! ELETRODUTO EM ACO GALVANIZADO ELETROLITICO, LEVE, DIAMETRO 1\", PAREDE DE 0,90 MM","M     ",12.77]
[21128,"!EM PROCESSO DESATIVACAO! ELETRODUTO EM ACO GALVANIZADO ELETROLITICO, LEVE, DIAMETRO 3/4\", PAREDE DE 0,90 MM","M     ",9.88]
[21130,"!EM PROCESSO DESATIVACAO! ELETRODUTO EM ACO GALVANIZADO ELETROLITICO, SEMI-PESADO, DIAMETRO 1 1/2\", PAREDE DE 1,20 MM","M     ",24.95]
[21135,"!EM PROCESSO DESATIVACAO! ELETRODUTO EM ACO GALVANIZADO ELETROLITICO, SEMI-PESADO, DIAMETRO 1 1/4\", PAREDE DE 1,20 MM","M     ",24.56]
[38605,"ABERTURA PARA ENCAIXE DE CUBA OU LAVATORIO EM BANCADA DE MARMORE/ GRANITO OU OUTRO TIPO DE PEDRA NATURAL","UN    ",103.06]
[11270,"ABRACADEIRA DE LATAO PARA FIXACAO DE CABO PARA-RAIO, DIMENSOES 32 X 24 X 24 MM","UN    ",1.36]
[412,"ABRACADEIRA DE NYLON PARA AMARRACAO DE CABOS, COMPRIMENTO DE *230* X *7,6* MM","UN    ",1.02]
[414,"ABRACADEIRA DE NYLON PARA AMARRACAO DE CABOS, COMPRIMENTO DE 100 X 2,5 MM","UN    ",0.06]
[410,"ABRACADEIRA DE NYLON PARA AMARRACAO DE CABOS, COMPRIMENTO DE 150 X *3,6* MM","UN    ",0.15]
[411,"ABRACADEIRA DE NYLON PARA AMARRACAO DE CABOS, COMPRIMENTO DE 200 X *4,6* MM","UN    ",0.2]
[408,"ABRACADEIRA DE NYLON PARA AMARRACAO DE CABOS, COMPRIMENTO DE 390 X *4,6* MM","UN    ",0.99]
[39131,"ABRACADEIRA EM ACO PARA AMARRACAO DE ELETRODUTOS, TIPO D, COM 1 1/2\" E CUNHA DE FIXACAO","UN    ",2.68]
[394,"ABRACADEIRA EM ACO PARA AMARRACAO DE ELETRODUTOS, TIPO D, COM 1 1/2\" E PARAFUSO DE FIXACAO","UN    ",2.72]
[39130,"ABRACADEIRA EM ACO PARA AMARRACAO DE ELETRODUTOS, TIPO D, COM 1 1/4\" E CUNHA DE FIXACAO","UN    ",2.45]
[395,"ABRACADEIRA EM ACO PARA AMARRACAO DE ELETRODUTOS, TIPO D, COM 1 1/4\" E PARAFUSO DE FIXACAO","UN    ",2.62]
[39127,"ABRACADEIRA EM ACO PARA AMARRACAO DE ELETRODUTOS, TIPO D, COM 1/2\" E CUNHA DE FIXACAO","UN    ",1.29]
[392,"ABRACADEIRA EM ACO PARA AMARRACAO DE ELETRODUTOS, TIPO D, COM 1/2\" E PARAFUSO DE FIXACAO","UN    ",1.32]
[39129,"ABRACADEIRA EM ACO PARA AMARRACAO DE ELETRODUTOS, TIPO D, COM 1\" E CUNHA DE FIXACAO","UN    ",1.51]
[393,"ABRACADEIRA EM ACO PARA AMARRACAO DE ELETRODUTOS, TIPO D, COM 1\" E PARAFUSO DE FIXACAO","UN    ",1.58]
[39133,"ABRACADEIRA EM ACO PARA AMARRACAO DE ELETRODUTOS, TIPO D, COM 2 1/2\" E CUNHA DE FIXACAO","UN    ",3.52]
[397,"ABRACADEIRA EM ACO PARA AMARRACAO DE ELETRODUTOS, TIPO D, COM 2 1/2\" E PARAFUSO DE FIXACAO","UN    ",3.89]
[39132,"ABRACADEIRA EM ACO PARA AMARRACAO DE ELETRODUTOS, TIPO D, COM 2\" E CUNHA DE FIXACAO","UN    ",2.82]
[396,"ABRACADEIRA EM ACO PARA AMARRACAO DE ELETRODUTOS, TIPO D, COM 2\" E PARAFUSO DE FIXACAO","UN    ",3.02]
[39135,"ABRACADEIRA EM ACO PARA AMARRACAO DE ELETRODUTOS, TIPO D, COM 3 1/2\" E CUNHA DE FIXACAO","UN    ",5.64]
[39128,"ABRACADEIRA EM ACO PARA AMARRACAO DE ELETRODUTOS, TIPO D, COM 3/4\" E CUNHA DE FIXACAO","UN    ",1.41]
[400,"ABRACADEIRA EM ACO PARA AMARRACAO DE ELETRODUTOS, TIPO D, COM 3/4\" E PARAFUSO DE FIXACAO","UN    ",1.37]
[39125,"ABRACADEIRA EM ACO PARA AMARRACAO DE ELETRODUTOS, TIPO D, COM 3/8\" E PARAFUSO DE FIXACAO","UN    ",1.41]
[39134,"ABRACADEIRA EM ACO PARA AMARRACAO DE ELETRODUTOS, TIPO D, COM 3\" E CUNHA DE FIXACAO","UN    ",4.7]
[398,"ABRACADEIRA EM ACO PARA AMARRACAO DE ELETRODUTOS, TIPO D, COM 3\" E PARAFUSO DE FIXACAO","UN    ",4.33]
[39126,"ABRACADEIRA EM ACO PARA AMARRACAO DE ELETRODUTOS, TIPO D, COM 4\" E CUNHA DE FIXACAO","UN    ",6.35]
[399,"ABRACADEIRA EM ACO PARA AMARRACAO DE ELETRODUTOS, TIPO D, COM 4\" E PARAFUSO DE FIXACAO","UN    ",5.59]
[39158,"ABRACADEIRA EM ACO PARA AMARRACAO DE ELETRODUTOS, TIPO ECONOMICA (GOTA), COM 8\"","UN    ",15.02]
[39141,"ABRACADEIRA EM ACO PARA AMARRACAO DE ELETRODUTOS, TIPO U SIMPLES, COM 1 1/2\"","UN    ",1.09]
[39140,"ABRACADEIRA EM ACO PARA AMARRACAO DE ELETRODUTOS, TIPO U SIMPLES, COM 1 1/4\"","UN    ",0.99]
[39137,"ABRACADEIRA EM ACO PARA AMARRACAO DE ELETRODUTOS, TIPO U SIMPLES, COM 1/2\"","UN    ",0.57]
[39139,"ABRACADEIRA EM ACO PARA AMARRACAO DE ELETRODUTOS, TIPO U SIMPLES, COM 1\"","UN    ",0.82]
[39143,"ABRACADEIRA EM ACO PARA AMARRACAO DE ELETRODUTOS, TIPO U SIMPLES, COM 2 1/2\"","UN    ",2.25]
[39142,"ABRACADEIRA EM ACO PARA AMARRACAO DE ELETRODUTOS, TIPO U SIMPLES, COM 2\"","UN    ",1.61]
[39138,"ABRACADEIRA EM ACO PARA AMARRACAO DE ELETRODUTOS, TIPO U SIMPLES, COM 3/4\"","UN    ",0.6]
[39136,"ABRACADEIRA EM ACO PARA AMARRACAO DE ELETRODUTOS, TIPO U SIMPLES, COM 3/8\"","UN    ",0.4]
[39144,"ABRACADEIRA EM ACO PARA AMARRACAO DE ELETRODUTOS, TIPO U SIMPLES, COM 3\"","UN    ",2.62]
[39145,"ABRACADEIRA EM ACO PARA AMARRACAO DE ELETRODUTOS, TIPO U SIMPLES, COM 4\"","UN    ",4.31]
[12615,"ABRACADEIRA PVC, PARA CALHA PLUVIAL, DIAMETRO ENTRE 80 E 100 MM, PARA DRENAGEM PREDIAL","UN    ",4.03]
[11927,"ABRACADEIRA, GALVANIZADA/ZINCADA, ROSCA SEM FIM, PARAFUSO INOX, LARGURA  FITA *12,6 A *14 MM, D = 2\" A 2 1/2\"","UN    ",4.08]
[11928,"ABRACADEIRA, GALVANIZADA/ZINCADA, ROSCA SEM FIM, PARAFUSO INOX, LARGURA  FITA *12,6 A *14 MM, D = 3\" A 3 3/4\"","UN    ",4.67]
[11929,"ABRACADEIRA, GALVANIZADA/ZINCADA, ROSCA SEM FIM, PARAFUSO INOX, LARGURA  FITA *12,6 A *14 MM, D = 4\" A 4 3/4\"","UN    ",7.23]
[36801,"ACABAMENTO CROMADO PARA REGISTRO PEQUENO, 1/2 \" OU 3/4 \"","UN    ",20.1]
[36246,"ACABAMENTO SIMPLES/CONVENCIONAL PARA FORRO PVC, TIPO \"U\" OU \"C\", COR BRANCA, COMPRIMENTO 6 M","M     ",2.54]
[37600,"ACESSORIO DE LIGACAO NAO ELETRICO PARA CARGAS EXPLOSIVAS, TUBO DE 6 M","UN    ",43.98]
[37599,"ACESSORIO INICIADOR NAO ELETRICO, TUBO DE 6 M, TEMPO DE RETARDO DE *160* MS","UN    ",40.93]
[1,"ACETILENO (RECARGA PARA CILINDRO DE CONJUNTO OXICORTE GRANDE)","KG    ",50]
[3,"ACIDO MURIATICO, DILUICAO 10% A 12% PARA USO EM LIMPEZA","L     ",3.44]
[26,"ACO CA-25, 10,0 MM, VERGALHAO","KG    ",4.18]
[20,"ACO CA-25, 12,5 MM, VERGALHAO","KG    ",4.21]
[21,"ACO CA-25, 16,0 MM, VERGALHAO","KG    ",4.21]
[24,"ACO CA-25, 20,0 MM, VERGALHAO","KG    ",4.21]
[25,"ACO CA-25, 25,0 MM, VERGALHAO","KG    ",4.21]
[34341,"ACO CA-25, 32,0 MM, VERGALHAO","KG    ",3.96]
[22,"ACO CA-25, 6,3 MM, VERGALHAO","KG    ",4.51]
[23,"ACO CA-25, 8,0 MM, VERGALHAO","KG    ",4.46]
[34439,"ACO CA-50, 10,0 MM, DOBRADO E CORTADO","KG    ",4.8]
[34,"ACO CA-50, 10,0 MM, VERGALHAO","KG    ",4.27]
[34441,"ACO CA-50, 12,5 MM, DOBRADO E CORTADO","KG    ",4.55]
[31,"ACO CA-50, 12,5 MM, VERGALHAO","KG    ",4.06]
[34443,"ACO CA-50, 16 MM, DOBRADO E CORTADO","KG    ",4.55]
[27,"ACO CA-50, 16,0 MM, VERGALHAO","KG    ",4.06]
[34446,"ACO CA-50, 20 MM, DOBRADO E CORTADO","KG    ",4.55]
[29,"ACO CA-50, 20,0 MM, VERGALHAO","KG    ",3.79]
[28,"ACO CA-50, 25,0 MM, VERGALHAO","KG    ",4.39]
[34449,"ACO CA-50, 6,3 MM, DOBRADO E CORTADO","KG    ",5.01]
[32,"ACO CA-50, 6,3 MM, VERGALHAO","KG    ",4.47]
[33,"ACO CA-50, 8,0 MM, VERGALHAO","KG    ",5.02]
[34343,"ACO CA-60, VERGALHAO, 9,5 MM","KG    ",4.82]
[34452,"ACO CA-60, 4,2 MM, DOBRADO E CORTADO","KG    ",4.44]
[36,"ACO CA-60, 4,2 MM, VERGALHAO","KG    ",4.23]
[34456,"ACO CA-60, 5,0 MM, DOBRADO E CORTADO","KG    ",4.44]
[39,"ACO CA-60, 5,0 MM, VERGALHAO","KG    ",4.23]
[34457,"ACO CA-60, 6,0 MM, DOBRADO E CORTADO","KG    ",4.76]
[40,"ACO CA-60, 6,0 MM, VERGALHAO","KG    ",4.32]
[34460,"ACO CA-60, 7,0 MM, DOBRADO E CORTADO","KG    ",4.86]
[42,"ACO CA-60, 7,0 MM, VERGALHAO","KG    ",4.39]
[38,"ACO CA-60, 8,0 MM, VERGALHAO","KG    ",4.89]
[34344,"ACO-FIO PARA PROTENSAO, CP-150 RB L, 8 MM","KG    ",6.64]
[20063,"ACOPLAMENTO DE CONDUTOR PLUVIAL, EM PVC, DIAMETRO ENTRE 80 E 100 MM, PARA DRENAGEM PREDIAL","UN    ",4.01]
[40410,"ACOPLAMENTO RIGIDO EM FERRO FUNDIDO PARA SISTEMA DE TUBULACAO RANHURADA, DN 50 MM (2\")","UN    ",14.99]
[40411,"ACOPLAMENTO RIGIDO EM FERRO FUNDIDO PARA SISTEMA DE TUBULACAO RANHURADA, DN 65 MM (2 1/2\")","UN    ",16.26]
[40412,"ACOPLAMENTO RIGIDO EM FERRO FUNDIDO PARA SISTEMA DE TUBULACAO RANHURADA, DN 80 MM (3\")","UN    ",18.25]
[38838,"ADAPTADOR DE COBRE PARA TUBULACAO PEX, DN 16 X 15 MM","UN    ",7.05]
[38839,"ADAPTADOR DE COBRE PARA TUBULACAO PEX, DN 20 X 22 MM","UN    ",8.3]
[55,"ADAPTADOR DE COMPRESSAO EM POLIPROPILENO (PP), PARA TUBO EM PEAD, 20 MM X 1/2\", PARA LIGACAO PREDIAL DE AGUA (NTS 179)","UN    ",3]
[61,"ADAPTADOR DE COMPRESSAO EM POLIPROPILENO (PP), PARA TUBO EM PEAD, 20 MM X 3/4\", PARA LIGACAO PREDIAL DE AGUA (NTS 179)","UN    ",2.83]
[62,"ADAPTADOR DE COMPRESSAO EM POLIPROPILENO (PP), PARA TUBO EM PEAD, 32 MM X 1\", PARA LIGACAO PREDIAL DE AGUA (NTS 179)","UN    ",5.88]
[77,"ADAPTADOR PVC PARA SIFAO METALICO, SOLDAVEL, COM ANEL BORRACHA (JE), 40 MM X 1 1/2\"","UN    ",3.92]
[76,"ADAPTADOR PVC PARA SIFAO, ROSCAVEL, 40 MM X 1 1/4\"","UN    ",0.76]
[67,"ADAPTADOR PVC ROSCAVEL, COM FLANGES E ANEL DE VEDACAO, 1/2\", PARA CAIXA D' AGUA","UN    ",8.54]
[71,"ADAPTADOR PVC ROSCAVEL, COM FLANGES E ANEL DE VEDACAO, 1\", PARA CAIXA D' AGUA","UN    ",15.01]
[73,"ADAPTADOR PVC ROSCAVEL, COM FLANGES E ANEL DE VEDACAO, 3/4\", PARA CAIXA D' AGUA","UN    ",10.8]
[103,"ADAPTADOR PVC SOLDAVEL CURTO COM BOLSA E ROSCA, 110 MM X 4\", PARA AGUA FRIA","UN    ",37.34]
[107,"ADAPTADOR PVC SOLDAVEL CURTO COM BOLSA E ROSCA, 20 MM X 1/2\", PARA AGUA FRIA","UN    ",0.71]
[65,"ADAPTADOR PVC SOLDAVEL CURTO COM BOLSA E ROSCA, 25 MM X 3/4\", PARA AGUA FRIA","UN    ",0.8]
[108,"ADAPTADOR PVC SOLDAVEL CURTO COM BOLSA E ROSCA, 32 MM X 1\", PARA AGUA FRIA","UN    ",1.58]
[110,"ADAPTADOR PVC SOLDAVEL CURTO COM BOLSA E ROSCA, 40 MM X 1 1/2\", PARA AGUA FRIA","UN    ",3.74]
[109,"ADAPTADOR PVC SOLDAVEL CURTO COM BOLSA E ROSCA, 40 MM X 1 1/4\", PARA AGUA FRIA","UN    ",2.85]
[111,"ADAPTADOR PVC SOLDAVEL CURTO COM BOLSA E ROSCA, 50 MM X 1 1/4\", PARA AGUA FRIA","UN    ",6.49]
[112,"ADAPTADOR PVC SOLDAVEL CURTO COM BOLSA E ROSCA, 50 MM X1 1/2\", PARA AGUA FRIA","UN    ",3.51]
[113,"ADAPTADOR PVC SOLDAVEL CURTO COM BOLSA E ROSCA, 60 MM X 2\", PARA AGUA FRIA","UN    ",8.94]
[104,"ADAPTADOR PVC SOLDAVEL CURTO COM BOLSA E ROSCA, 75 MM X 2 1/2\", PARA AGUA FRIA","UN    ",15.42]
[102,"ADAPTADOR PVC SOLDAVEL CURTO COM BOLSA E ROSCA, 85 MM X 3\", PARA AGUA FRIA","UN    ",23.18]
[95,"ADAPTADOR PVC SOLDAVEL, COM FLANGE E ANEL DE VEDACAO, 20 MM X 1/2\", PARA CAIXA D'AGUA","UN    ",9.8]
[96,"ADAPTADOR PVC SOLDAVEL, COM FLANGE E ANEL DE VEDACAO, 25 MM X 3/4\", PARA CAIXA D'AGUA","UN    ",12.68]
[97,"ADAPTADOR PVC SOLDAVEL, COM FLANGE E ANEL DE VEDACAO, 32 MM X 1\", PARA CAIXA D'AGUA","UN    ",15.97]
[98,"ADAPTADOR PVC SOLDAVEL, COM FLANGE E ANEL DE VEDACAO, 40 MM X 1 1/4\", PARA CAIXA D'AGUA","UN    ",25.9]
[99,"ADAPTADOR PVC SOLDAVEL, COM FLANGE E ANEL DE VEDACAO, 50 MM X 1 1/2\", PARA CAIXA D'AGUA","UN    ",29.87]
[100,"ADAPTADOR PVC SOLDAVEL, COM FLANGES E ANEL DE VEDACAO, 60 MM X 2\", PARA CAIXA D' AGUA","UN    ",36.32]
[75,"ADAPTADOR PVC SOLDAVEL, COM FLANGES LIVRES, 110 MM X 4\", PARA CAIXA D' AGUA","UN    ",272.45]
[114,"ADAPTADOR PVC SOLDAVEL, COM FLANGES LIVRES, 25 MM X 3/4\", PARA CAIXA D' AGUA","UN    ",10.75]
[68,"ADAPTADOR PVC SOLDAVEL, COM FLANGES LIVRES, 32 MM X 1\", PARA CAIXA D' AGUA","UN    ",14.41]
[86,"ADAPTADOR PVC SOLDAVEL, COM FLANGES LIVRES, 40 MM X 1  1/4\", PARA CAIXA D' AGUA","UN    ",21.35]
[66,"ADAPTADOR PVC SOLDAVEL, COM FLANGES LIVRES, 50 MM X 1  1/2\", PARA CAIXA D' AGUA","UN    ",24.49]
[69,"ADAPTADOR PVC SOLDAVEL, COM FLANGES LIVRES, 60 MM X 2\", PARA CAIXA D' AGUA","UN    ",36.32]
[83,"ADAPTADOR PVC SOLDAVEL, COM FLANGES LIVRES, 75 MM X 2  1/2\", PARA CAIXA D' AGUA","UN    ",141.33]
[74,"ADAPTADOR PVC SOLDAVEL, COM FLANGES LIVRES, 85 MM X 3\", PARA CAIXA D' AGUA","UN    ",190.38]
[106,"ADAPTADOR PVC SOLDAVEL, LONGO, COM FLANGE LIVRE,  110 MM X 4\", PARA CAIXA D' AGUA","UN    ",389.2]
[87,"ADAPTADOR PVC SOLDAVEL, LONGO, COM FLANGE LIVRE,  25 MM X 3/4\", PARA CAIXA D' AGUA","UN    ",16.11]
[88,"ADAPTADOR PVC SOLDAVEL, LONGO, COM FLANGE LIVRE,  32 MM X 1\", PARA CAIXA D' AGUA","UN    ",19.38]
[89,"ADAPTADOR PVC SOLDAVEL, LONGO, COM FLANGE LIVRE,  40 MM X 1 1/4\", PARA CAIXA D' AGUA","UN    ",28.6]
[90,"ADAPTADOR PVC SOLDAVEL, LONGO, COM FLANGE LIVRE,  50 MM X 1 1/2\", PARA CAIXA D' AGUA","UN    ",32.8]
[81,"ADAPTADOR PVC SOLDAVEL, LONGO, COM FLANGE LIVRE,  60 MM X 2\", PARA CAIXA D' AGUA","UN    ",48.68]
[82,"ADAPTADOR PVC SOLDAVEL, LONGO, COM FLANGE LIVRE,  75 MM X 2 1/2\", PARA CAIXA D' AGUA","UN    ",189.44]
[105,"ADAPTADOR PVC SOLDAVEL, LONGO, COM FLANGE LIVRE,  85 MM X 3\", PARA CAIXA D' AGUA","UN    ",255.18]
[60,"ADAPTADOR PVC, COM REGISTRO, PARA PEAD, 20 MM X 3/4\", PARA LIGACAO PREDIAL DE AGUA","UN    ",3.89]
[72,"ADAPTADOR PVC, ROSCAVEL, COM FLANGES E ANEL DE VEDACAO, 1 1/2\", PARA CAIXA D'AGUA","UN    ",25.26]
[70,"ADAPTADOR PVC, ROSCAVEL, COM FLANGES E ANEL DE VEDACAO, 1 1/4\", PARA CAIXA D' AGUA","UN    ",25.6]
[85,"ADAPTADOR PVC, ROSCAVEL, COM FLANGES E ANEL DE VEDACAO, 2\", PARA CAIXA D' AGUA","UN    ",36.8]
[84,"ADAPTADOR PVC, ROSCAVEL, PARA VALVULA PIA OU LAVATORIO, 40 MM","UN    ",1.4]
[37997,"ADAPTADOR, CPVC, SOLDAVEL, 15 MM, PARA AGUA QUENTE","UN    ",3.94]
[37998,"ADAPTADOR, CPVC, SOLDAVEL, 22 MM, PARA AGUA QUENTE","UN    ",4.09]
[10899,"ADAPTADOR, EM LATAO, ENGATE RAPIDO 2 1/2\" X ROSCA INTERNA 5 FIOS 2 1/2\",  PARA INSTALACAO PREDIAL DE COMBATE A INCENDIO","UN    ",70.09]
[10900,"ADAPTADOR, EM LATAO, ENGATE RAPIDO1 1/2\" X ROSCA INTERNA 5 FIOS 2 1/2\",  PARA INSTALACAO PREDIAL DE COMBATE A INCENDIO","UN    ",54.85]
[46,"ADAPTADOR, PVC PBA,  BOLSA/ROSCA, JE, DN 75 / DE  85 MM","UN    ",20]
[51,"ADAPTADOR, PVC PBA, A BOLSA DEFOFO, JE, DN 100 / DE 110 MM","UN    ",45.43]
[12863,"ADAPTADOR, PVC PBA, A BOLSA DEFOFO, JE, DN 50 / DE 60 MM","UN    ",13.07]
[50,"ADAPTADOR, PVC PBA, A BOLSA DEFOFO, JE, DN 75 / DE  85 MM","UN    ",28.78]
[47,"ADAPTADOR, PVC PBA, BOLSA/ROSCA, JE, DN 100 / DE 110 MM","UN    ",23.91]
[48,"ADAPTADOR, PVC PBA, BOLSA/ROSCA, JE, DN 50 / DE 60 MM","UN    ",9.33]
[52,"ADAPTADOR, PVC PBA, PONTA/ROSCA, JE, DN 50 / DE  60 MM","UN    ",4.65]
[43,"ADAPTADOR, PVC PBA, PONTA/ROSCA, JE, DN 75 / DE  85 MM","UN    ",12.26]
[4791,"ADESIVO ACRILICO/COLA DE CONTATO","KG    ",16.39]
[157,"ADESIVO ESTRUTURAL A BASE DE RESINA EPOXI PARA INJECAO EM TRINCAS, BICOMPONENTE, BAIXA VISCOSIDADE","KG    ",99.86]
[156,"ADESIVO ESTRUTURAL A BASE DE RESINA EPOXI, BICOMPONENTE, FLUIDO","KG    ",44.57]
[131,"ADESIVO ESTRUTURAL A BASE DE RESINA EPOXI, BICOMPONENTE, PASTOSO (TIXOTROPICO)","KG    ",42.79]
[39719,"ADESIVO LIQUIDO A BASE DE RESINAS PARA COLAGEM DE ESPUMA DE ISOLAMENTO TERMICO FLEXIVEL","L     ",62.1]
[21114,"ADESIVO PARA TUBOS CPVC, *75* G","UN    ",13.3]
[119,"ADESIVO PLASTICO PARA PVC, BISNAGA COM 75 GR","UN    ",5.25]
[20080,"ADESIVO PLASTICO PARA PVC, FRASCO COM 175 GR","UN    ",15.05]
[122,"ADESIVO PLASTICO PARA PVC, FRASCO COM 850 GR","UN    ",47.42]
[3410,"ADESIVO/COLA PARA EPS (ISOPOR) E OUTROS MATERIAIS","KG    ",23.01]
[124,"ADITIVO ACELERADOR DE PEGA E ENDURECIMENTO PARA ARGAMASSAS E CONCRETOS","L     ",11.12]
[7334,"ADITIVO ADESIVO LIQUIDO PARA ARGAMASSAS DE REVESTIMENTOS CIMENTICIOS","L     ",9.67]
[7325,"ADITIVO IMPERMEABILIZANTE DE PEGA NORMAL PARA ARGAMASSAS E  CONCRETOS SEM ARMACAO","KG    ",5.14]
[123,"ADITIVO IMPERMEABILIZANTE DE PEGA NORMAL PARA ARGAMASSAS E CONCRETOS SEM ARMACAO","L     ",4.94]
[127,"ADITIVO IMPERMEABILIZANTE DE PEGA ULTRARRAPIDA","L     ",11.6]
[133,"ADITIVO LIQUIDO INCORPORADOR DE AR PARA CONCRETO E ARGAMASSA","L     ",4.98]
[37538,"ADITIVO PLASTIFICANTE E ESTABILIZADOR PARA ARGAMASSAS DE ASSENTAMENTO E REBOCO","18L   ",123.68]
[132,"ADITIVO PLASTIFICANTE RETARDADOR DE PEGA E REDUTOR DE AGUA PARA CONCRETO","L     ",5.48]
[13408,"ADITIVO SUPERPLASTIFICANTE DE PEGA NORMAL PARA CONCRETO (TAMBOR 200 KG)","200KG ",{"v":1948.42,"d":"1,948.42"}]
[37476,"ADUELA/GALERIA DE CONCRETO ARMADO, SECAO RETANGULAR 1.50 X 1.50 M (L X A), C = 1.00 M, E = 20 CM","UN    ",{"v":1266.11,"d":"1,266.11"}]
[37478,"ADUELA/GALERIA DE CONCRETO ARMADO, SECAO RETANGULAR 2.00 X 2.00 M (L X A), C = 1.00 M, E = 20 CM","UN    ",{"v":1791.21,"d":"1,791.21"}]
[37477,"ADUELA/GALERIA DE CONCRETO ARMADO, SECAO RETANGULAR 2.50 X 2.50 M (L X A), C = 1.00 M, E = 20 CM","UN    ",{"v":2191.8,"d":"2,191.80"}]
[37479,"ADUELA/GALERIA DE CONCRETO ARMADO, SECAO RETANGULAR 3.00 X 3.00 M (L X A), C = 1.00 M, E = 20 CM","UN    ",{"v":2740.6,"d":"2,740.60"}]
[4319,"AFASTADOR PARA TELHA DE FIBROCIMENTO CANALETE 90 OU KALHETAO","UN    ",0.83]
[40553,"AGREGADO RECICLADO (RCD), CLASSE A, CINZA, TIPO RACHAO RECICLADO","M3    ",36.25]
[13003,"AGUA SANITARIA","L     ",1.7]
[6114,"AJUDANTE DE ARMADOR","H     ",8.25]
[40912,"AJUDANTE DE ARMADOR (MENSALISTA)","MES   ",{"v":1455.27,"d":"1,455.27"}]
[247,"AJUDANTE DE ELETRICISTA","H     ",8.31]
[40919,"AJUDANTE DE ELETRICISTA (MENSALISTA)","MES   ",{"v":1467.53,"d":"1,467.53"}]
[25958,"AJUDANTE DE ESTRUTURAS METALICAS","H     ",9.48]
[40984,"AJUDANTE DE ESTRUTURAS METALICAS (MENSALISTA)","MES   ",{"v":1672.71,"d":"1,672.71"}]
[248,"AJUDANTE DE OPERACAO EM GERAL","H     ",8.54]
[41086,"AJUDANTE DE OPERACAO EM GERAL (MENSALISTA)","MES   ",{"v":1505.87,"d":"1,505.87"}]
[34466,"AJUDANTE DE PINTOR","H     ",8.54]
[41083,"AJUDANTE DE PINTOR (MENSALISTA)","MES   ",{"v":1505.87,"d":"1,505.87"}]
[252,"AJUDANTE DE SERRALHEIRO","H     ",8.84]
[40909,"AJUDANTE DE SERRALHEIRO (MENSALISTA)","MES   ",{"v":1560.93,"d":"1,560.93"}]
[242,"AJUDANTE ESPECIALIZADO","H     ",10.89]
[41085,"AJUDANTE ESPECIALIZADO (MENSALISTA)","MES   ",{"v":1922.93,"d":"1,922.93"}]
[427,"ALCA PREFORMADA DE CONTRA POSTE, EM ACO GALVANIZADO, PARA CABO 3/16\", COMPRIMENTO *860* MM","UN    ",4.76]
[417,"ALCA PREFORMADA DE DISTRIBUICAO, EM ACO GALVANIZADO, PARA CABO DE ALUMINIO DIAMETRO 16 A 25 MM","UN    ",2.24]
[11273,"ALCA PREFORMADA DE DISTRIBUICAO, EM ACO GALVANIZADO, PARA CONDUTORES DE ALUMINIO AWG 1/0 (CAA 6/1 OU CA 7 FIOS)","UN    ",6.96]
[11272,"ALCA PREFORMADA DE DISTRIBUICAO, EM ACO GALVANIZADO, PARA CONDUTORES DE ALUMINIO AWG 2 (CAA 6/1 OU CA 7 FIOS)","UN    ",4.2]
[11275,"ALCA PREFORMADA DE SERVICO, EM ACO GALVANIZADO, PARA CONDUTORES DE ALUMINIO AWG 4 (CAA 6/1)","UN    ",1.68]
[11274,"ALCA PREFORMADA DE SERVICO, EM ACO GALVANIZADO, PARA CONDUTORES DE ALUMINIO AWG 6 (CAA 6/1)","UN    ",1.28]
[38470,"ALICATE DE CORTE DIAGONAL 6 \" COM ISOLAMENTO","UN    ",30]
[38547,"ALICATE DE CRIMPAR RJ11, RJ12 E RJ45","UN    ",81.86]
[38469,"ALICATE DE PRESSAO PARA SOLDA DE CHAPA 18 \"","UN    ",88.02]
[38467,"ALICATE DE PRESSAO 11 \" PARA SOLDA, TIPO C","UN    ",49.53]
[38468,"ALICATE DE PRESSAO 11 \" PARA SOLDA, TIPO U","UN    ",54.5]
[38471,"ALICATE PARA ANEIS DE PISTAO, CAPACIDADE 50 A 100 MM","UN    ",70.78]
[37370,"ALIMENTACAO - HORISTA (COLETADO CAIXA)","H     ",2.59]
[40862,"ALIMENTACAO - MENSALISTA (COLETADO CAIXA)","MES   ",488.79]
[10658,"ALISADORA DE CONCRETO COM MOTOR A GASOLINA DE 5,5 HP, PESO COM MOTOR DE 78 KG, 4 PAS","UN    ",{"v":12904.21,"d":"12,904.21"}]
[253,"ALMOXARIFE","H     ",11.84]
[40809,"ALMOXARIFE (MENSALISTA)","MES   ",{"v":2086.21,"d":"2,086.21"}]
[42457,"ALONGADOR COM TRES ALTURAS, EM TUBO DE ACO CARBONO, PINTURA NO PROCESSO ELETROSTATICO - EQUIPAMENTO DE GINASTICA PARA ACADEMIA AO AR LIVRE / ACADEMIA DA TERCEIRA IDADE - ATI * COLETADO CAIXA*","UN    ",{"v":1585.1,"d":"1,585.10"}]
[583,"ALUMINIO ANODIZADO","KG    ",20.74]
[299,"ANEL BORRACHA DN 100 MM, PARA TUBO SERIE REFORCADA ESGOTO PREDIAL","UN    ",1.9]
[298,"ANEL BORRACHA DN 75 MM, PARA TUBO SERIE REFORCADA ESGOTO PREDIAL","UN    ",1.91]
[295,"ANEL BORRACHA PARA TUBO ESGOTO PREDIAL DN 40 MM (NBR 5688)","UN    ",1.14]
[296,"ANEL BORRACHA PARA TUBO ESGOTO PREDIAL DN 50 MM (NBR 5688)","UN    ",1.18]
[297,"ANEL BORRACHA PARA TUBO ESGOTO PREDIAL DN 75 MM (NBR 5688)","UN    ",1.67]
[301,"ANEL BORRACHA PARA TUBO ESGOTO PREDIAL, DN 100 MM (NBR 5688)","UN    ",2.1]
[300,"ANEL BORRACHA, DN 150 MM, PARA TUBO SERIE REFORCADA ESGOTO PREDIAL","UN    ",8.82]
[20084,"ANEL BORRACHA, DN 40 MM, PARA TUBO SERIE REFORCADA ESGOTO PREDIAL","UN    ",1.14]
[20085,"ANEL BORRACHA, DN 50 MM, PARA TUBO SERIE REFORCADA ESGOTO PREDIAL","UN    ",1.06]
[311,"ANEL BORRACHA, PARA TUBO PVC DEFOFO, DN 100 MM (NBR 7665)","UN    ",6.83]
[318,"ANEL BORRACHA, PARA TUBO PVC DEFOFO, DN 150 MM (NBR 7665)","UN    ",11.96]
[319,"ANEL BORRACHA, PARA TUBO PVC DEFOFO, DN 200 MM (NBR 7665)","UN    ",22.59]
[320,"ANEL BORRACHA, PARA TUBO PVC DEFOFO, DN 250 MM (NBR 7665)","UN    ",71.81]
[314,"ANEL BORRACHA, PARA TUBO PVC DEFOFO, DN 300 MM (NBR 7665)","UN    ",110.3]
[303,"ANEL BORRACHA, PARA TUBO PVC, REDE COLETOR ESGOTO, DN 100 MM (NBR 7362)","UN    ",2.86]
[304,"ANEL BORRACHA, PARA TUBO PVC, REDE COLETOR ESGOTO, DN 125 MM (NBR 7362)","UN    ",4.36]
[305,"ANEL BORRACHA, PARA TUBO PVC, REDE COLETOR ESGOTO, DN 150 MM (NBR 7362)","UN    ",7.46]
[306,"ANEL BORRACHA, PARA TUBO PVC, REDE COLETOR ESGOTO, DN 200 MM (NBR 7362)","UN    ",8.97]
[307,"ANEL BORRACHA, PARA TUBO PVC, REDE COLETOR ESGOTO, DN 250 MM (NBR 7362)","UN    ",17.71]
[309,"ANEL BORRACHA, PARA TUBO PVC, REDE COLETOR ESGOTO, DN 350 MM (NBR 7362)","UN    ",36.29]
[310,"ANEL BORRACHA, PARA TUBO PVC, REDE COLETOR ESGOTO, DN 400 MM (NBR 7362)","UN    ",46.03]
[328,"ANEL BORRACHA, PARA TUBO/CONEXAO PVC PBA, DN 100 MM, PARA REDE AGUA","UN    ",5.49]
[325,"ANEL BORRACHA, PARA TUBO/CONEXAO PVC PBA, DN 50 MM, PARA REDE AGUA","UN    ",2.13]
[20326,"ANEL BORRACHA, PARA TUBO/CONEXAO PVC PBA, DN 60 MM, PARA REDE AGUA","UN    ",5.7]
[329,"ANEL BORRACHA, PARA TUBO/CONEXAO PVC PBA, DN 75 MM, PARA REDE AGUA","UN    ",7.02]
[308,"ANEL BORRACHA, PARA TUBO, PVC REDE COLETOR ESGOTO, DN 300 MM (NBR 7362)","UN    ",23.65]
[39642,"ANEL DE BORRACHA PARA VEDACAO DE DUTO PEAD CORRUGADO PARA ELETRICA, DN 1 1/2\"","UN    ",1.43]
[39641,"ANEL DE BORRACHA PARA VEDACAO DE DUTO PEAD CORRUGADO PARA ELETRICA, DN 1 1/4\"","UN    ",1]
[39643,"ANEL DE BORRACHA PARA VEDACAO DE DUTO PEAD CORRUGADO PARA ELETRICA, DN 2\"","UN    ",3.99]
[39644,"ANEL DE BORRACHA PARA VEDACAO DE DUTO PEAD CORRUGADO PARA ELETRICA, DN 3\"","UN    ",5.15]
[39645,"ANEL DE BORRACHA PARA VEDACAO DE DUTO PEAD CORRUGADO PARA ELETRICA, DN 4\"","UN    ",6.65]
[12548,"ANEL DE CONCRETO ARMADO, D = *1,10* M, H = 0,30 M","UN    ",63.32]
[13113,"ANEL DE CONCRETO ARMADO, D = 0,60 M, H = 0,10 M","UN    ",25.95]
[13114,"ANEL DE CONCRETO ARMADO, D = 0,60 M, H = 0,15 M","UN    ",31.59]
[12530,"ANEL DE CONCRETO ARMADO, D = 0,60 M, H = 0,30 M","UN    ",38.49]
[12531,"ANEL DE CONCRETO ARMADO, D = 0,60 M, H = 0,40 M","UN    ",43.06]
[12532,"ANEL DE CONCRETO ARMADO, D = 0,60 M, H = 0,50 M","UN    ",52.66]
[12533,"ANEL DE CONCRETO ARMADO, D = 0,80 M, H = 0,30 M","UN    ",62.81]
[12544,"ANEL DE CONCRETO ARMADO, D = 0,80 M, H = 0,50 M","UN    ",76.73]
[12546,"ANEL DE CONCRETO ARMADO, D = 1,00 M, H = 0,40 M","UN    ",79.43]
[12547,"ANEL DE CONCRETO ARMADO, D = 1,00 M, H = 0,50 M","UN    ",92.37]
[12551,"ANEL DE CONCRETO ARMADO, D = 1,20 M, H = 0,50 M","UN    ",100.58]
[12563,"ANEL DE CONCRETO ARMADO, D = 1,50 M, H = 0,50 M","UN    ",157.98]
[12565,"ANEL DE CONCRETO ARMADO, D = 2,00 M, H = 0,50 M","UN    ",248.6]
[12567,"ANEL DE CONCRETO ARMADO, D = 2,50 M, H = 0,50 M","UN    ",323.48]
[12568,"ANEL DE CONCRETO ARMADO, D = 3,00 M, H = 0,50 M","UN    ",534.12]
[11789,"ANEL DE DISTRIBUICAO EM ACO GALVANIZADO PARA FIO FE-160","UN    ",0.63]
[20975,"ANEL DE EXPANSAO EM COBRE, ENGATE RAPIDO 1 1/2\", PARA EMPATACAO MANGUEIRA DE COMBATE A INCENDIO PREDIAL","UN    ",10.99]
[20976,"ANEL DE EXPANSAO EM COBRE, ENGATE RAPIDO 2 1/2\", PARA EMPATACAO MANGUEIRA DE COMBATE A INCENDIO PREDIAL","UN    ",16.6]
[40340,"ANEL DE VEDACAO/JUNTA ELASTICA, H = *16* MM, PARA TUBO DE CONCRETO DN 300 MM","UN    ",55.61]
[40341,"ANEL DE VEDACAO/JUNTA ELASTICA, H = *16* MM, PARA TUBO DE CONCRETO DN 400 MM","UN    ",65.85]
[40342,"ANEL DE VEDACAO/JUNTA ELASTICA, H = *16* MM, PARA TUBO DE CONCRETO DN 500 MM","UN    ",83.48]
[40343,"ANEL DE VEDACAO/JUNTA ELASTICA, H = *16* MM, PARA TUBO DE CONCRETO DN 600 MM","UN    ",102.41]
[40344,"ANEL DE VEDACAO/JUNTA ELASTICA, H = *18* MM, PARA TUBO DE CONCRETO DN 700 MM","UN    ",108.29]
[40345,"ANEL DE VEDACAO/JUNTA ELASTICA, H = *19* MM, PARA TUBO DE CONCRETO DN 800 MM","UN    ",135.2]
[40346,"ANEL DE VEDACAO/JUNTA ELASTICA, H = *19* MM, PARA TUBO DE CONCRETO DN 900 MM","UN    ",127.19]
[40347,"ANEL DE VEDACAO/JUNTA ELASTICA, H = *21* MM, PARA TUBO DE CONCRETO DN 1000 MM","UN    ",157.26]
[38840,"ANEL DESLIZANTE / TRADICIONAL, METALICO, PARA TUBO PEX, DN 16 MM","UN    ",1.97]
[38841,"ANEL DESLIZANTE / TRADICIONAL, METALICO, PARA TUBO PEX, DN 20 MM","UN    ",2.19]
[38842,"ANEL DESLIZANTE / TRADICIONAL, METALICO, PARA TUBO PEX, DN 25 MM","UN    ",4.32]
[38843,"ANEL DESLIZANTE / TRADICIONAL, METALICO, PARA TUBO PEX, DN 32 MM","UN    ",6.76]
[13761,"APARELHO CORTE OXI-ACETILENO PARA SOLDA E CORTE CONTENDO MACARICO SOLDA, BICO DE CORTE, CILINDROS, REGULADORES, MANGUEIRAS E CARRINHO","UN    ",{"v":2250,"d":"2,250.00"}]
[12888,"APARELHO DE APOIO DE NEOPRENE FRETADO, 60 X 45 X 7,6 CM, COM FRETAGEM DE ACO DE 4 MM INTERCALADAS COM ELASTOMERO DE 11 MM E REVESTIMENTO FINAL COM ELASTOMERO DE 6 MM","DM3   ",84.62]
[12889,"APARELHO DE APOIO DE NEOPRENE SIMPLES/ NAO FRETADO, 100 X 100 CM, ESPESSURA 6,3 MM","DM3   ",55.26]
[4814,"APARELHO SINALIZADOR LUMINOSO COM LED, PARA SAIDA GARAGEM, COM 2 LENTES EM POLICARBONATO, BIVOLT (INCLUI SUPORTE DE FIXACAO)","UN    ",138.14]
[25967,"APOIO DO PORTA DENTE PARA FRESADORA DE ASFALTO","UN    ",{"v":1466.27,"d":"1,466.27"}]
[6122,"APONTADOR OU APROPRIADOR","H     ",11.84]
[40810,"APONTADOR OU APROPRIADOR DE MAO DE OBRA (MENSALISTA)","MES   ",{"v":2086.21,"d":"2,086.21"}]
[21100,"AQUECEDOR DE AGUA A GAS GLP/GN COM CAPACIDADE DE ARMAZENAMENTO DE 50 A 80 L","UN    ",{"v":2564.96,"d":"2,564.96"}]
[11816,"AQUECEDOR DE AGUA ELETRICO  RESERVATORIO DE 100 L CILINDRICO EM COBRE, REFORCADO COM ACO CARBONO, MONOFASICO, TENSAO NOMINAL 220 V","UN    ",{"v":2735,"d":"2,735.00"}]
[11814,"AQUECEDOR DE AGUA ELETRICO  RESERVATORIO DE 500 L CILINDRICO EM COBRE, REFORCADO COM ACO CARBONO, MONOFASICO, TENSAO NOMINAL 220 V","UN    ",{"v":5953.4,"d":"5,953.40"}]
[14186,"AQUECEDOR DE AGUA ELETRICO  RESERVATORIO DE 500 L CILINDRICO EM COBRE, REFORCADO COM ACO CARBONO, TRIFASICO, TENSAO NOMINAL 220/380/400 V, POTENCIA 24 KW","UN    ",{"v":7475.31,"d":"7,475.31"}]
[14185,"AQUECEDOR DE AGUA ELETRICO  RESERVATORIO DE 700 L CILINDRICO EM COBRE, REFORCADO COM ACO CARBONO, MONOFASICO, TENSAO NOMINAL 220 V","UN    ",{"v":9683.44,"d":"9,683.44"}]
[11811,"AQUECEDOR DE AGUA ELETRICO HORIZONTAL, RESERVATORIO DE 200 L CILINDRICO EM COBRE, REFORCADO COM ACO CARBONO, MONOFASICO, TENSAO NOMINAL 220 V","UN    ",{"v":3702.58,"d":"3,702.58"}]
[26038,"AQUECEDOR DE OLEO BPF (FLUIDO) TERMICO, CAPACIDADE DE 300.000 KCAL/H","UN    ",{"v":187905.23,"d":"187,905.23"}]
[34482,"AQUECEDOR SOLAR  CAPACIDADE DO RESERVATORIO 800 L, INCLUI 8 PLACAS COLETORAS DE 1,42 M2","UN    ",{"v":4313.7,"d":"4,313.70"}]
[34469,"AQUECEDOR SOLAR CAPACIDADE DO RESERVATORIO 1000 L, INCLUI 10 PLACAS COLETORAS DE 1,42 M2","UN    ",{"v":6672.76,"d":"6,672.76"}]
[34472,"AQUECEDOR SOLAR CAPACIDADE DO RESERVATORIO 200 L, INCLUI 2 PLACAS COLETORAS DE 1,42 M2","UN    ",{"v":2053,"d":"2,053.00"}]
[34476,"AQUECEDOR SOLAR CAPACIDADE DO RESERVATORIO 400L, INCLUI 4 PLACAS COLETORAS DE 1,42 M2","UN    ",{"v":3480.12,"d":"3,480.12"}]
[34477,"AQUECEDOR SOLAR CAPACIDADE DO RESERVATORIO 600 L, INCLUI 6 PLACAS COLETORAS DE 1,42 M2","UN    ",{"v":4618.8,"d":"4,618.80"}]
[39847,"AR-CONDICIONADO FRIO SPLIT HI-WALL (PAREDE) 12000 BTU/H","UN    ",{"v":1374.17,"d":"1,374.17"}]
[39844,"AR-CONDICIONADO FRIO SPLIT HI-WALL (PAREDE) 18000 BTU/H","UN    ",{"v":2028,"d":"2,028.00"}]
[39845,"AR-CONDICIONADO FRIO SPLIT HI-WALL (PAREDE) 7000 BTU/H","UN    ",{"v":1173.78,"d":"1,173.78"}]
[39846,"AR-CONDICIONADO FRIO SPLIT HI-WALL (PAREDE) 9000 BTU/H","UN    ",{"v":1239.06,"d":"1,239.06"}]
[39838,"AR-CONDICIONADO FRIO SPLIT PISO-TETO 18000 BTU/H","UN    ",{"v":3434.27,"d":"3,434.27"}]
[39839,"AR-CONDICIONADO FRIO SPLIT PISO-TETO 24000 BTU/H","UN    ",{"v":3588.04,"d":"3,588.04"}]
[39840,"AR-CONDICIONADO FRIO SPLIT PISO-TETO 30000 BTU/H","UN    ",{"v":4572.45,"d":"4,572.45"}]
[39841,"AR-CONDICIONADO FRIO SPLIT PISO-TETO 36000 BTU/H","UN    ",{"v":4861.97,"d":"4,861.97"}]
[39842,"AR-CONDICIONADO FRIO SPLIT PISO-TETO 48000 BTU/H","UN    ",{"v":6176.52,"d":"6,176.52"}]
[39843,"AR-CONDICIONADO FRIO SPLIT PISO-TETO 60000 BTU/H","UN    ",{"v":6818.18,"d":"6,818.18"}]
[39580,"AR-CONDICIONADO FRIO SPLITAO INVERTER 30 TR","UN    ",{"v":58953.52,"d":"58,953.52"}]
[39577,"AR-CONDICIONADO FRIO SPLITAO MODULAR 10 TR","UN    ",{"v":25372.31,"d":"25,372.31"}]
[39578,"AR-CONDICIONADO FRIO SPLITAO MODULAR 15 TR","UN    ",{"v":30677.68,"d":"30,677.68"}]
[39579,"AR-CONDICIONADO FRIO SPLITAO MODULAR 20 TR","UN    ",{"v":38134.31,"d":"38,134.31"}]
[39557,"AR-CONDICIONADO QUENTE/FRIO SPLIT CASSETE (TETO)  4 VIAS 24000 BTU/H","UN    ",{"v":5475.8,"d":"5,475.80"}]
[39558,"AR-CONDICIONADO QUENTE/FRIO SPLIT CASSETE (TETO)  4 VIAS 30000 BTU/H","UN    ",{"v":5511.36,"d":"5,511.36"}]
[39559,"AR-CONDICIONADO QUENTE/FRIO SPLIT CASSETE (TETO)  4 VIAS 36000 BTU/H","UN    ",{"v":5719.31,"d":"5,719.31"}]
[39560,"AR-CONDICIONADO QUENTE/FRIO SPLIT CASSETE (TETO)  4 VIAS 48000 BTU/H","UN    ",{"v":6576.93,"d":"6,576.93"}]
[39561,"AR-CONDICIONADO QUENTE/FRIO SPLIT CASSETE (TETO)  4 VIAS 60000 BTU/H","UN    ",{"v":7638.21,"d":"7,638.21"}]
[39556,"AR-CONDICIONADO QUENTE/FRIO SPLIT CASSETE (TETO) 4 VIAS 18000 BTU/H","UN    ",{"v":5044.13,"d":"5,044.13"}]
[39555,"AR-CONDICIONADO QUENTE/FRIO SPLIT HI-WALL (PAREDE) 12000 BTU/H","UN    ",{"v":1581.61,"d":"1,581.61"}]
[39548,"AR-CONDICIONADO QUENTE/FRIO SPLIT HI-WALL (PAREDE) 18000 BTU/H","UN    ",{"v":2287.71,"d":"2,287.71"}]
[39554,"AR-CONDICIONADO QUENTE/FRIO SPLIT HI-WALL (PAREDE) 24000 BTU/H","UN    ",{"v":2839.6,"d":"2,839.60"}]
[39550,"AR-CONDICIONADO QUENTE/FRIO SPLIT HI-WALL (PAREDE) 7000 BTU/H","UN    ",{"v":1107.38,"d":"1,107.38"}]
[39551,"AR-CONDICIONADO QUENTE/FRIO SPLIT HI-WALL (PAREDE) 9000 BTU/H","UN    ",{"v":1386.72,"d":"1,386.72"}]
[39826,"AR-CONDICIONADO QUENTE/FRIO SPLIT PISO-TETO 24000 BTU/H","UN    ",{"v":3752.66,"d":"3,752.66"}]
[10700,"ARADO REVERSIVEL COM 3 DISCOS DE 26\" X 6MM REBOCAVEL","UN    ",{"v":10948.98,"d":"10,948.98"}]
[346,"ARAME DE ACO OVALADO 15 X 17 ( 45,7 KG, 700 KGF), ROLO 1000 M","KG    ",14.4]
[3312,"ARAME DE AMARRACAO PARA GABIAO GALVANIZADO, DIAMETRO 2,2 MM","KG    ",18.77]
[339,"ARAME FARPADO GALVANIZADO 14 BWG, CLASSE 250","M     ",0.7]
[340,"ARAME FARPADO GALVANIZADO, 16 BWG (1,65 MM), CLASSE 250","M     ",0.96]
[338,"ARAME FARPADO 16 BWG (0,047 KG/M)","KG    ",18.12]
[334,"ARAME GALVANIZADO  8 BWG, D = 4,19MM (0,101 KG/M)","KG    ",13.02]
[335,"ARAME GALVANIZADO 10 BWG, 3,40 MM (0,0713 KG/M)","KG    ",11.93]
[342,"ARAME GALVANIZADO 12 BWG, 2,76 MM (0,048 KG/M)","KG    ",13.48]
[333,"ARAME GALVANIZADO 14 BWG, D = 2,11 MM (0,026 KG/M)","KG    ",13.8]
[343,"ARAME GALVANIZADO 14 BWG, 2,10MM (0,0272 KG/M)","M     ",0.37]
[344,"ARAME GALVANIZADO 16 BWG, 1,65MM (0,0166 KG/M)","KG    ",14.92]
[345,"ARAME GALVANIZADO 18 BWG, 1,24MM (0,009 KG/M)","KG    ",18.24]
[341,"ARAME GALVANIZADO 18 BWG, 1,24MM (0,009 KG/M)","M     ",0.18]
[11107,"ARAME GALVANIZADO 6 BWG, 5,16 MM (0,157 KG/M)","KG    ",11.85]
[3313,"ARAME PROTEGIDO COM PVC PARA GABIAO, DIAMETRO 2,2 MM","KG    ",24.16]
[34562,"ARAME RECOZIDO 16 BWG, 1,60 MM (0,016 KG/M)","KG    ",9.83]
[337,"ARAME RECOZIDO 18 BWG, 1,25 MM (0,01 KG/M)","KG    ",9.5]
[369,"AREIA AMARELA, AREIA BARRADA OU ARENOSO (RETIRADA NO AREAL, SEM TRANSPORTE)","M3    ",68.75]
[366,"AREIA FINA - POSTO JAZIDA/FORNECEDOR (RETIRADO NA JAZIDA, SEM TRANSPORTE)","M3    ",37.8]
[367,"AREIA GROSSA - POSTO JAZIDA/FORNECEDOR (RETIRADO NA JAZIDA, SEM TRANSPORTE)","M3    ",49.9]
[370,"AREIA MEDIA - POSTO JAZIDA/FORNECEDOR (RETIRADO NA JAZIDA, SEM TRANSPORTE)","M3    ",30]
[368,"AREIA PARA ATERRO - POSTO JAZIDA/FORNECEDOR (RETIRADO NA JAZIDA, SEM TRANSPORTE)","M3    ",37.42]
[11075,"AREIA PARA LEITO FILTRANTE (0,42 A 1,68 MM) - POSTO JAZIDA/FORNECEDOR (RETIRADO NA JAZIDA, SEM TRANSPORTE)","M3    ",817.11]
[11076,"AREIA PRETA PARA EMBOCO - POSTO JAZIDA/FORNECEDOR (RETIRADO NA JAZIDA, SEM TRANSPORTE)","M3    ",62.37]
[1381,"ARGAMASSA COLANTE AC I PARA CERAMICAS","KG    ",0.47]
[34353,"ARGAMASSA COLANTE AC-II","KG    ",0.94]
[37595,"ARGAMASSA COLANTE TIPO ACIII","KG    ",1.43]
[37596,"ARGAMASSA COLANTE TIPO ACIII E","KG    ",2.13]
[371,"ARGAMASSA INDUSTRIALIZADA MULTIUSO, PARA REVESTIMENTO INTERNO E EXTERNO E ASSENTAMENTO DE BLOCOS DIVERSOS","KG    ",0.42]
[37553,"ARGAMASSA INDUSTRIALIZADA PARA CHAPISCO COLANTE","KG    ",1.59]
[37552,"ARGAMASSA INDUSTRIALIZADA PARA CHAPISCO ROLADO","KG    ",2.04]
[36880,"ARGAMASSA PARA REVESTIMENTO DECORATIVO MONOCAMADA, CORES CLARAS","KG    ",1.58]
[34355,"ARGAMASSA PISO SOBRE PISO","KG    ",1.3]
[130,"ARGAMASSA POLIMERICA DE REPARO ESTRUTURAL, BICOMPONENTE","KG    ",3.99]
[135,"ARGAMASSA POLIMERICA IMPERMEABILIZANTE SEMIFLEXIVEL, BICOMPONENTE (MEMBRANA IMPERMEABILIZANTE ACRILICA)","KG    ",5.14]
[36886,"ARGAMASSA PRONTA PARA CONTRAPISO","KG    ",0.5]
[374,"ARGAMASSA PRONTA PARA REVESTIMENTO INTERNO EM PAREDES","KG    ",0.36]
[38546,"ARGAMASSA USINADA AUTOADENSAVEL E AUTONIVELANTE PARA CONTRAPISO, INCLUI BOMBEAMENTO","M3    ",309.12]
[34549,"ARGILA EXPANDIDA, GRANULOMETRIA 2215","M3    ",206.25]
[6081,"ARGILA OU BARRO PARA ATERRO/REATERRO (COM TRANSPORTE ATE 10 KM)","M3    ",29.21]
[6077,"ARGILA OU BARRO PARA ATERRO/REATERRO (RETIRADO NA JAZIDA, SEM TRANSPORTE)","M3    ",16.84]
[6079,"ARGILA, ARGILA VERMELHA OU ARGILA ARENOSA (RETIRADA NA JAZIDA, SEM TRANSPORTE)","M3    ",9.62]
[1091,"ARMACAO VERTICAL COM HASTE E CONTRA-PINO, EM CHAPA DE ACO GALVANIZADO 3/16\", COM 1 ESTRIBO E 1 ISOLADOR","UN    ",18.95]
[1094,"ARMACAO VERTICAL COM HASTE E CONTRA-PINO, EM CHAPA DE ACO GALVANIZADO 3/16\", COM 1 ESTRIBO, SEM ISOLADOR","UN    ",13.25]
[1095,"ARMACAO VERTICAL COM HASTE E CONTRA-PINO, EM CHAPA DE ACO GALVANIZADO 3/16\", COM 2 ESTRIBOS, E 2 ISOLADORES","UN    ",28.17]
[1092,"ARMACAO VERTICAL COM HASTE E CONTRA-PINO, EM CHAPA DE ACO GALVANIZADO 3/16\", COM 2 ESTRIBOS, SEM ISOLADOR","UN    ",21.8]
[1093,"ARMACAO VERTICAL COM HASTE E CONTRA-PINO, EM CHAPA DE ACO GALVANIZADO 3/16\", COM 3 ESTRIBOS E 3 ISOLADORES","UN    ",50.91]
[1090,"ARMACAO VERTICAL COM HASTE E CONTRA-PINO, EM CHAPA DE ACO GALVANIZADO 3/16\", COM 3 ESTRIBOS, SEM ISOLADOR","UN    ",36.45]
[1096,"ARMACAO VERTICAL COM HASTE E CONTRA-PINO, EM CHAPA DE ACO GALVANIZADO 3/16\", COM 4 ESTRIBOS E 4 ISOLADORES","UN    ",65.6]
[1097,"ARMACAO VERTICAL COM HASTE E CONTRA-PINO, EM CHAPA DE ACO GALVANIZADO 3/16\", COM 4 ESTRIBOS, SEM ISOLADOR","UN    ",55.68]
[378,"ARMADOR","H     ",11.84]
[40911,"ARMADOR (MENSALISTA)","MES   ",{"v":2086.21,"d":"2,086.21"}]
[33939,"ARQUITETO JUNIOR","H     ",54.22]
[40815,"ARQUITETO JUNIOR (MENSALISTA)","MES   ",{"v":9557.06,"d":"9,557.06"}]
[34760,"ARQUITETO PAISAGISTA","H     ",51.2]
[40935,"ARQUITETO PAISAGISTA (MENSALISTA)","MES   ",{"v":9024.19,"d":"9,024.19"}]
[33952,"ARQUITETO PLENO","H     ",77.03]
[40816,"ARQUITETO PLENO (MENSALISTA)","MES   ",{"v":13575.02,"d":"13,575.02"}]
[33953,"ARQUITETO SENIOR","H     ",101.84]
[40817,"ARQUITETO SENIOR (MENSALISTA)","MES   ",{"v":17947.37,"d":"17,947.37"}]
[13348,"ARRUELA  EM ACO GALVANIZADO, DIAMETRO EXTERNO = 35MM, ESPESSURA = 3MM, DIAMETRO DO FURO= 18MM","UN    ",0.65]
[39211,"ARRUELA EM ALUMINIO, COM ROSCA, DE  1 1/4\", PARA ELETRODUTO","UN    ",1.05]
[39212,"ARRUELA EM ALUMINIO, COM ROSCA, DE 1 1/2\", PARA ELETRODUTO","UN    ",1.17]
[39208,"ARRUELA EM ALUMINIO, COM ROSCA, DE 1/2\", PARA ELETRODUTO","UN    ",0.32]
[39210,"ARRUELA EM ALUMINIO, COM ROSCA, DE 1\", PARA ELETRODUTO","UN    ",0.59]
[39214,"ARRUELA EM ALUMINIO, COM ROSCA, DE 2 1/2\", PARA ELETRODUTO","UN    ",2.18]
[39213,"ARRUELA EM ALUMINIO, COM ROSCA, DE 2\", PARA ELETRODUTO","UN    ",1.54]
[39209,"ARRUELA EM ALUMINIO, COM ROSCA, DE 3/4\", PARA ELETRODUTO","UN    ",0.38]
[39207,"ARRUELA EM ALUMINIO, COM ROSCA, DE 3/8\", PARA ELETRODUTO","UN    ",0.59]
[39215,"ARRUELA EM ALUMINIO, COM ROSCA, DE 3\", PARA ELETRODUTO","UN    ",3.97]
[39216,"ARRUELA EM ALUMINIO, COM ROSCA, DE 4\", PARA ELETRODUTO","UN    ",5.53]
[379,"ARRUELA QUADRADA EM ACO GALVANIZADO, DIMENSAO = 38 MM, ESPESSURA = 3MM, DIAMETRO DO FURO= 18 MM","UN    ",0.57]
[11267,"ARRUELA REDONDA DE LATAO, DIAMETRO EXTERNO = 34 MM, ESPESSURA = 2,5 MM, DIAMETRO DO FURO = 17 MM","UN    ",5.72]
[41901,"ASFALTO DILUIDO DE PETROLEO CM-30 (COLETADO CAIXA NA ANP ACRESCIDO DE ICMS)","KG    ",4.06]
[510,"ASFALTO MODIFICADO TIPO I - NBR 9910 (ASFALTO OXIDADO PARA IMPERMEABILIZACAO, COEFICIENTE DE PENETRACAO 25-40)","KG    ",6.28]
[516,"ASFALTO MODIFICADO TIPO II - NBR 9910 (ASFALTO OXIDADO PARA IMPERMEABILIZACAO, COEFICIENTE DE PENETRACAO 20-35)","KG    ",6.7]
[509,"ASFALTO MODIFICADO TIPO III - NBR 9910 (ASFALTO OXIDADO PARA IMPERMEABILIZACAO, COEFICIENTE DE PENETRACAO 15-25)","KG    ",6.84]
[40331,"ASSENTADOR DE MANILHAS","H     ",14]
[40930,"ASSENTADOR DE MANILHAS (MENSALISTA)","MES   ",{"v":2470.28,"d":"2,470.28"}]
[11761,"ASSENTO  VASO SANITARIO INFANTIL EM PLASTICO BRANCO","UN    ",47.98]
[377,"ASSENTO SANITARIO DE PLASTICO, TIPO CONVENCIONAL","UN    ",22.55]
[7588,"AUTOMATICO DE BOIA SUPERIOR / INFERIOR, *15* A / 250 V","UN    ",52.73]
[34392,"AUXILIAR  DE ALMOXARIFE","H     ",9.06]
[40908,"AUXILIAR DE ALMOXARIFE (MENSALISTA)","MES   ",{"v":1598.56,"d":"1,598.56"}]
[34551,"AUXILIAR DE AZULEJISTA","H     ",8.61]
[41078,"AUXILIAR DE AZULEJISTA (MENSALISTA)","MES   ",{"v":1520.75,"d":"1,520.75"}]
[246,"AUXILIAR DE ENCANADOR OU BOMBEIRO HIDRAULICO","H     ",8.39]
[40927,"AUXILIAR DE ENCANADOR OU BOMBEIRO HIDRAULICO (MENSALISTA)","MES   ",{"v":1479.09,"d":"1,479.09"}]
[2350,"AUXILIAR DE ESCRITORIO","H     ",10.89]
[40812,"AUXILIAR DE ESCRITORIO (MENSALISTA)","MES   ",{"v":1922.77,"d":"1,922.77"}]
[245,"AUXILIAR DE LABORATORISTA DE SOLOS E CONCRETO","H     ",19.87]
[41090,"AUXILIAR DE LABORATORISTA DE SOLOS E DE CONCRETO (MENSALISTA)","MES   ",{"v":3503.75,"d":"3,503.75"}]
[251,"AUXILIAR DE MECANICO","H     ",10.27]
[40975,"AUXILIAR DE MECANICO (MENSALISTA)","MES   ",{"v":1811.32,"d":"1,811.32"}]
[6127,"AUXILIAR DE PEDREIRO","H     ",8.4]
[41072,"AUXILIAR DE PEDREIRO (MENSALISTA)","MES   ",{"v":1481.67,"d":"1,481.67"}]
[6121,"AUXILIAR DE SERVICOS GERAIS","H     ",9.04]
[41071,"AUXILIAR DE SERVICOS GERAIS (MENSALISTA)","MES   ",{"v":1595.08,"d":"1,595.08"}]
[244,"AUXILIAR DE TOPOGRAFO","H     ",10.36]
[41093,"AUXILIAR DE TOPOGRAFO (MENSALISTA)","MES   ",{"v":1917.6,"d":"1,917.60"}]
[532,"AUXILIAR TECNICO / ASSISTENTE DE ENGENHARIA","H     ",18.13]
[40931,"AUXILIAR TECNICO / ASSISTENTE DE ENGENHARIA (MENSALISTA)","MES   ",{"v":3197.22,"d":"3,197.22"}]
[36150,"AVENTAL DE SEGURANCA DE RASPA DE COURO 1,00 X 0,60 M","UN    ",32.07]
[41069,"AZULEJISTA OU LADRILHEIRO (MENSALISTA)","MES   ",{"v":2567.7,"d":"2,567.70"}]
[4760,"AZULEJISTA OU LADRILHISTA","H     ",14.55]
[10422,"BACIA SANITARIA (VASO) COM CAIXA ACOPLADA, DE LOUCA BRANCA","UN    ",293.29]
[10420,"BACIA SANITARIA (VASO) CONVENCIONAL DE LOUCA BRANCA","UN    ",110]
[10421,"BACIA SANITARIA (VASO) CONVENCIONAL DE LOUCA COR","UN    ",147.21]
[36520,"BACIA SANITARIA (VASO) CONVENCIONAL PARA PCD SEM FURO FRONTAL, DE LOUCA BRANCA, SEM ASSENTO","UN    ",548.03]
[36519,"BACIA SANITARIA (VASO) CONVENCIONAL PARA USO ESPECIFICO (HOSPITAIS, CLINICAS), COM FURO FRONTAL, DE LOUCA BRANCA, COM ASSENTO","UN    ",765.15]
[11784,"BACIA SANITARIA TURCA DE LOUCA BRANCA","UN    ",411.6]
[10,"BALDE PLASTICO CAPACIDADE *10* L","UN    ",6.64]
[4815,"BALDE VERMELHO PARA SINALIZACAO DE VIAS","UN    ",4.53]
[541,"BANCADA DE MARMORE SINTETICO COM UMA CUBA, 120 X *60* CM","UN    ",122]
[542,"BANCADA DE MARMORE SINTETICO COM UMA CUBA, 150 X *60* CM","UN    ",152.92]
[540,"BANCADA DE MARMORE SINTETICO COM UMA CUBA, 200 X *60* CM","UN    ",344.62]
[38364,"BANCADA/ BANCA EM GRANITO, POLIDO, TIPO ANDORINHA/ QUARTZ/ CASTELO/ CORUMBA OU OUTROS EQUIVALENTES DA REGIAO, COM CUBA INOX, FORMATO *120 X 60* CM, E=  *2* CM","UN    ",607.96]
[11692,"BANCADA/ BANCA EM MARMORE, POLIDO, BRANCO COMUM, E=  *3* CM","M2    ",348.82]
[1746,"BANCADA/BANCA/PIA DE ACO INOXIDAVEL (AISI 430) COM 1 CUBA CENTRAL, COM VALVULA, ESCORREDOR DUPLO, DE *0,55 X 1,20* M","UN    ",134.81]
[1748,"BANCADA/BANCA/PIA DE ACO INOXIDAVEL (AISI 430) COM 1 CUBA CENTRAL, COM VALVULA, ESCORREDOR DUPLO, DE *0,55 X 1,40* M","UN    ",179.26]
[1749,"BANCADA/BANCA/PIA DE ACO INOXIDAVEL (AISI 430) COM 1 CUBA CENTRAL, COM VALVULA, ESCORREDOR DUPLO, DE *0,55 X 1,80* M","UN    ",259.72]
[37412,"BANCADA/BANCA/PIA DE ACO INOXIDAVEL (AISI 430) COM 1 CUBA CENTRAL, COM VALVULA, LISA (SEM ESCORREDOR), DE *0,55 X 1,20* M","UN    ",131.77]
[1745,"BANCADA/BANCA/PIA DE ACO INOXIDAVEL (AISI 430) COM 1 CUBA CENTRAL, SEM VALVULA, ESCORREDOR DUPLO, DE *0,55 X 1,60* M","UN    ",156.7]
[1750,"BANCADA/BANCA/PIA DE ACO INOXIDAVEL (AISI 430) COM 2 CUBAS, COM VALVULAS, ESCORREDOR DUPLO, DE *0,55 X 2,00* M","UN    ",366.18]
[11687,"BANCADA/TAMPO ACO INOX (AISI 304), LARGURA 60 CM, COM RODABANCA (NAO INCLUI PES DE APOIO)","M     ",583.44]
[11689,"BANCADA/TAMPO ACO INOX (AISI 304), LARGURA 70 CM, COM RODABANCA (NAO INCLUI PES DE APOIO)","M     ",731.02]
[11693,"BANCADA/TAMPO LISO (SEM CUBA) EM MARMORE SINTETICO","M2    ",135.27]
[36215,"BANCO ARTICULADO PARA BANHO, EM ACO INOX POLIDO, 70* CM X 45* CM","UN    ",693.86]
[38381,"BANDEJA DE PINTURA PARA ROLO 23 CM","UN    ",6.78]
[39621,"BARRA ANTIPANICO DUPLA, CEGA LADO OPOSTO, COR CINZA","PAR   ",{"v":1101.95,"d":"1,101.95"}]
[39624,"BARRA ANTIPANICO DUPLA, PARA PORTA DE VIDRO, COR CINZA","PAR   ",{"v":1115.1,"d":"1,115.10"}]
[39615,"BARRA ANTIPANICO SIMPLES, CEGA LADO OPOSTO, COR CINZA","UN    ",384.44]
[39620,"BARRA ANTIPANICO SIMPLES, COM FECHADURA LADO OPOSTO, COR CINZA","UN    ",587.7]
[39623,"BARRA ANTIPANICO SIMPLES, PARA PORTA DE VIDRO, COR CINZA","UN    ",569.09]
[36207,"BARRA DE APOIO EM \"L\", EM ACO INOX POLIDO 70 X 70 CM, DIAMETRO MINIMO 3 CM","UN    ",307.33]
[36209,"BARRA DE APOIO EM \"L\", EM ACO INOX POLIDO 80 X 80 CM, DIAMETRO MINIMO 3 CM","UN    ",352.71]
[36210,"BARRA DE APOIO LATERAL ARTICULADA, COM TRAVA, EM ACO INOX POLIDO, 70 CM, DIAMETRO MINIMO 3 CM","UN    ",381.62]
[36204,"BARRA DE APOIO RETA, EM ACO INOX POLIDO, COMPRIMENTO 60CM, DIAMETRO MINIMO 3 CM","UN    ",135.31]
[36205,"BARRA DE APOIO RETA, EM ACO INOX POLIDO, COMPRIMENTO 70CM, DIAMETRO MINIMO 3 CM","UN    ",150.27]
[36081,"BARRA DE APOIO RETA, EM ACO INOX POLIDO, COMPRIMENTO 80CM, DIAMETRO MINIMO 3 CM","UN    ",160.23]
[36206,"BARRA DE APOIO RETA, EM ACO INOX POLIDO, COMPRIMENTO 90 CM, DIAMETRO MINIMO 3 CM","UN    ",167.87]
[36218,"BARRA DE APOIO RETA, EM ALUMINIO, COMPRIMENTO 60CM, DIAMETRO MINIMO 3 CM","UN    ",95.14]
[36220,"BARRA DE APOIO RETA, EM ALUMINIO, COMPRIMENTO 70CM, DIAMETRO MINIMO 3 CM","UN    ",109.09]
[36080,"BARRA DE APOIO RETA, EM ALUMINIO, COMPRIMENTO 80 CM, DIAMETRO MINIMO 3 CM","UN    ",118]
[36223,"BARRA DE APOIO RETA, EM ALUMINIO, COMPRIMENTO 90 CM, DIAMETRO MINIMO 3 CM","UN    ",123.56]
[546,"BARRA DE FERRO RETANGULAR, BARRA CHATA (QUALQUER DIMENSAO)","KG    ",4.25]
[557,"BARRA DE FERRO RETANGULAR, BARRA CHATA, 1 1/2\"  X 1/2\" (L X E), 3,79 KG/M","M     ",16.31]
[552,"BARRA DE FERRO RETANGULAR, BARRA CHATA, 1 1/2\" X 1/4\" (L X E), 1,89 KG/M","M     ",8.03]
[555,"BARRA DE FERRO RETANGULAR, BARRA CHATA, 1\" X 1/4\" (L X E), 1,2265 KG/M","M     ",4.92]
[565,"BARRA DE FERRO RETANGULAR, BARRA CHATA, 1\" X 3/16\" (L X E), 1,73 KG/M","M     ",7.52]
[549,"BARRA DE FERRO RETANGULAR, BARRA CHATA, 2\" X 1/2\" (L X E), 5,06 KG/M","M     ",21.5]
[559,"BARRA DE FERRO RETANGULAR, BARRA CHATA, 2\" X 1/4\" (L X E), 2,53 KG/M","M     ",10.75]
[551,"BARRA DE FERRO RETANGULAR, BARRA CHATA, 2\" X 1\" (L X E), 10,12 KG/M","M     ",42.01]
[547,"BARRA DE FERRO RETANGULAR, BARRA CHATA, 2\" X 3/8\" (L X E), 3,79KG/M","M     ",16.1]
[560,"BARRA DE FERRO RETANGULAR, BARRA CHATA, 2\" X 5/16\" (L X E), 3,162 KG/M","M     ",13.61]
[566,"BARRA DE FERRO RETANGULAR, BARRA CHATA, 3/4\" X 1/8\" (L X E), 0,47 KG/M","M     ",2.18]
[563,"BARRA DE FERRO RETANGULAR, BARRA CHATA, 3/8\" X 1 1/2\" (L X E), 2,84 KG/M","M     ",12.22]
[38127,"BASE DE MISTURADOR MONOCOMANDO PARA CHUVEIRO","UN    ",352.06]
[38060,"BASE PARA MASTRO DE PARA-RAIOS DIAMETRO NOMINAL 1 1/2\"","UN    ",50.95]
[10956,"BASE PARA MASTRO DE PARA-RAIOS DIAMETRO NOMINAL 2\"","UN    ",52.93]
[39380,"BASE PARA RELE COM SUPORTE METALICO","UN    ",11.19]
[13374,"BASE UNIPOLAR PARA FUSIVEL NH1, CORRENTE NOMINAL DE 250 A, SEM CAPA","UN    ",85.81]
[37597,"BATE-ESTACAS POR GRAVIDADE, POTENCIA160 HP, PESO DO MARTELO ATE 3 TONELADAS","UN    ",{"v":347773.43,"d":"347,773.43"}]
[183,"BATENTE/ PORTAL/ ADUELA/ MARCO MACICO, E= *3 CM, L= *13 CM, *60 CM A 120* CM X *210 CM,  EM CEDRINHO/ ANGELIM COMERCIAL/ EUCALIPTO/ CURUPIXA/ PEROBA/ CUMARU OU EQUIVALENTE DA REGIAO (NAO INCLUI ALIZARES)","JG    ",105]
[184,"BATENTE/ PORTAL/ ADUELA/ MARCO MACICO, E= *3* CM, L= *13* CM, *60 CM A 120* CM X *210* CM, EM PINUS/ TAUARI/ VIROLA OU EQUIVALENTE DA REGIAO (NAO INCLUI ALIZARES)","JG    ",69.4]
[195,"BATENTE/ PORTAL/ ADUELA/ MARCO MACICO, E= *3* CM, L= *7* CM, *60 CM A 120* CM X *210* CM,  EM CEDRINHO/ ANGELIM COMERCIAL/ EUCALIPTO/ CURUPIXA/ PEROBA/ CUMARU OU EQUIVALENTE DA REGIAO (NAO INCLUI ALIZARES)","JG    ",85.3]
[194,"BATENTE/ PORTAL/ ADUELA/ MARCO MACICO, E= *3* CM, L= *7* CM, *60 CM A 120* CM X *210* CM, EM PINUS/ TAUARI/ VIROLA OU EQUIVALENTE DA REGIAO (NAO INCLUI ALIZARES)","JG    ",46.36]
[20001,"BATENTE/ PORTAL/ ADUELA/MARCO MACICO, E= *3* CM, L= *15* CM, *60 CM A 120* CM  X *210* CM, EM PINUS/ TAUARI/ VIROLA OU EQUIVALENTE DA REGIAO","JG    ",84.99]
[181,"BATENTE/ PORTAL/ADUELA/ MARCO MACICO, E= *3* CM, L= *15* CM, *60 CM A 120* CM  X *210* CM,  EM CEDRINHO/ ANGELIM COMERCIAL/  EUCALIPTO/ CURUPIXA/ PEROBA/ CUMARU OU EQUIVALENTE DA REGIAO (NAO INCLUI ALIZARES)","JG    ",115]
[39837,"BATENTE/PORTAL/ADUELA/MARCO, EM MDF/PVC WOOD/POLIESTIRENO OU MADEIRA LAMINADA, L = *9,0* CM COM GUARNICAO REGULAVEL 2 FACES = *35* MM, PRIMER","JG    ",197.47]
[10535,"BETONEIRA CAPACIDADE NOMINAL 400 L, CAPACIDADE DE MISTURA  280 L, MOTOR ELETRICO TRIFASICO 220/380 V POTENCIA 2 CV, SEM CARREGADOR","UN    ",{"v":4091.8,"d":"4,091.80"}]
[10537,"BETONEIRA CAPACIDADE NOMINAL 400 L, CAPACIDADE DE MISTURA 310 L, MOTOR A DIESEL POTENCIA 5 CV, SEM CARREGADOR","UN    ",{"v":5580.1,"d":"5,580.10"}]
[13891,"BETONEIRA CAPACIDADE NOMINAL 400 L, CAPACIDADE DE MISTURA 310 L, MOTOR A GASOLINA POTENCIA 5,5 CV, SEM CARREGADOR","UN    ",{"v":5118.21,"d":"5,118.21"}]
[25975,"BETONEIRA CAPACIDADE NOMINAL 600 L, CAPACIDADE DE MISTURA 440 L, MOTOR A GASOLINA POTENCIA 10 HP, COM CARREGADOR","UN    ",{"v":22262.16,"d":"22,262.16"}]
[36396,"BETONEIRA, CAPACIDADE NOMINAL 400 L, CAPACIDADE DE MISTURA 310L, MOTOR ELETRICO TRIFASICO 220/380V POTENCIA 2 CV, SEM CARREGADOR","UN    ",{"v":4681.29,"d":"4,681.29"}]
[36397,"BETONEIRA, CAPACIDADE NOMINAL 600 L, CAPACIDADE DE MISTURA  360L, MOTOR ELETRICO TRIFASICO 220/380V, POTENCIA 4CV, EXCLUSO CARREGADOR","UN    ",{"v":16644.61,"d":"16,644.61"}]
[36398,"BETONEIRA, CAPACIDADE NOMINAL 600 L, CAPACIDADE DE MISTURA 440 L, MOTOR A DIESEL POTENCIA 10 CV, COM CARREGADOR","UN    ",{"v":20230.13,"d":"20,230.13"}]
[647,"BLASTER, DINAMITADOR OU CABO DE FOGO","H     ",14]
[40920,"BLASTER, DINAMITADOR OU CABO DE FOGO (MENSALISTA)","MES   ",{"v":2470.28,"d":"2,470.28"}]
[7266,"BLOCO CERAMICO (ALVENARIA DE VEDACAO), DE 9 X 19 X 19 CM","MIL   ",465]
[7270,"BLOCO CERAMICO (ALVENARIA DE VEDACAO), 4 FUROS, DE 9 X 9 X 19 CM","UN    ",0.44]
[7269,"BLOCO CERAMICO (ALVENARIA DE VEDACAO), 6 FUROS, DE 9 X 9 X 19 CM","UN    ",0.31]
[7271,"BLOCO CERAMICO (ALVENARIA DE VEDACAO), 8 FUROS, DE 9 X 19 X 19 CM","UN    ",0.46]
[7268,"BLOCO CERAMICO (ALVENARIA DE VEDACAO), 8 FUROS, DE 9 X 19 X 29 CM","UN    ",0.66]
[7267,"BLOCO CERAMICO (ALVENARIA VEDACAO), 6 FUROS, DE 9 X 14 X 19 CM","UN    ",0.32]
[38783,"BLOCO CERAMICO DE VEDACAO COM FUROS NA HORIZONTAL, 11,5 X 19 X 19 CM - 4,5 MPA (NBR 15270)","UN    ",0.58]
[37593,"BLOCO CERAMICO DE VEDACAO COM FUROS NA VERTICAL, 14 X 19 X 39 CM - 4,5 MPA (NBR 15270)","UN    ",1.52]
[37594,"BLOCO CERAMICO DE VEDACAO COM FUROS NA VERTICAL, 19 X 19 X 39 CM - 4,5 MPA (NBR 15270)","UN    ",1.86]
[37592,"BLOCO CERAMICO DE VEDACAO COM FUROS NA VERTICAL, 9 X 19 X 39 CM - 4,5 MPA (NBR 15270)","UN    ",1.13]
[34556,"BLOCO CONCRETO ESTRUTURAL 14 X 19 X 29 CM, FBK 10 MPA (NBR 6136)","UN    ",2.66]
[37873,"BLOCO CONCRETO ESTRUTURAL 14 X 19 X 29 CM, FBK 12 MPA  (NBR 6136)","UN    ",2.9]
[34564,"BLOCO CONCRETO ESTRUTURAL 14 X 19 X 29 CM, FBK 14 MPA (NBR 6136)","UN    ",3.32]
[34565,"BLOCO CONCRETO ESTRUTURAL 14 X 19 X 29 CM, FBK 16 MPA (NBR 6136)","UN    ",3.83]
[38590,"BLOCO CONCRETO ESTRUTURAL 14 X 19 X 29 CM, FBK 4,5 MPA (NBR 6136)","UN    ",2.22]
[34566,"BLOCO CONCRETO ESTRUTURAL 14 X 19 X 29 CM, FBK 6 MPA (NBR 6136)","UN    ",2.08]
[34567,"BLOCO CONCRETO ESTRUTURAL 14 X 19 X 29 CM, FBK 8 MPA (NBR 6136)","UN    ",2.33]
[38591,"BLOCO CONCRETO ESTRUTURAL 14 X 19 X 34 CM, FBK 4,5 MPA (NBR 6136)","UN    ",2.52]
[34568,"BLOCO CONCRETO ESTRUTURAL 14 X 19 X 39 CM, FBK 10 MPA (NBR 6136)","UN    ",3.04]
[34569,"BLOCO CONCRETO ESTRUTURAL 14 X 19 X 39 CM, FBK 12 MPA (NBR 6136)","UN    ",3.11]
[34570,"BLOCO CONCRETO ESTRUTURAL 14 X 19 X 39 CM, FBK 14 MPA (NBR 6136)","UN    ",3.33]
[25070,"BLOCO CONCRETO ESTRUTURAL 14 X 19 X 39 CM, FBK 4,5 MPA (NBR 6136)","UN    ",2.55]
[34571,"BLOCO CONCRETO ESTRUTURAL 14 X 19 X 39 CM, FBK 6 MPA (NBR 6136)","UN    ",2.6]
[34573,"BLOCO CONCRETO ESTRUTURAL 14 X 19 X 39 CM, FBK 8 MPA (NBR 6136)","UN    ",2.74]
[37107,"BLOCO CONCRETO ESTRUTURAL 14 X 19 X 39, FCK 16 MPA - NBR 6136/2007","UN    ",4.04]
[34576,"BLOCO CONCRETO ESTRUTURAL 19 X 19 X 39 CM, FBK 10 MPA (NBR 6136)","UN    ",3.79]
[34577,"BLOCO CONCRETO ESTRUTURAL 19 X 19 X 39 CM, FBK 12 MPA (NBR 6136)","UN    ",4.04]
[34578,"BLOCO CONCRETO ESTRUTURAL 19 X 19 X 39 CM, FBK 14 MPA (NBR 6136)","UN    ",4.49]
[34579,"BLOCO CONCRETO ESTRUTURAL 19 X 19 X 39 CM, FBK 16 MPA (NBR 6136)","UN    ",5.74]
[25067,"BLOCO CONCRETO ESTRUTURAL 19 X 19 X 39 CM, FBK 4,5 MPA (NBR 6136)","UN    ",3.32]
[34580,"BLOCO CONCRETO ESTRUTURAL 19 X 19 X 39 CM, FBK 8 MPA (NBR 6136)","UN    ",3.61]
[25071,"BLOCO CONCRETO ESTRUTURAL 9 X 19 X 39 CM, FBK 4,5 MPA (NBR 6136)","UN    ",1.74]
[38395,"BLOCO DE ESPUMA MULTIUSO *23 X 13 X 8* CM","UN    ",5.66]
[34583,"BLOCO DE GESSO COMPACTO, BRANCO, E = 10 CM, *67 X 50* CM","M2    ",63.46]
[34584,"BLOCO DE GESSO VAZADO BRANCO, E = *7* CM, *67 X 50* CM","M2    ",35.52]
[709,"BLOCO DE POLIETILENO ALTA DENSIDADE, *27* X *30* X *100* CM, ACOMPANHADOS PLACAS  TERMINAIS  E LONGARINAS, PARA FUNDO DE FILTRO","M2    ",512.82]
[716,"BLOCO DE VIDRO INCOLOR XADREZ, DE *20 X 20 X 10* CM","UN    ",10.95]
[715,"BLOCO DE VIDRO INCOLOR, CANELADO, DE *19 X 19 X 8* CM","UN    ",10.83]
[718,"BLOCO DE VIDRO/ELEMENTO VAZADO INCOLOR, VENEZIANA, DE *20 X 20 X 6* CM","UN    ",16.13]
[11981,"BLOCO DE VIDRO/ELEMENTO VAZADO, INCOLOR, VENEZIANA, *20 X 10 X 8* CM","UN    ",11.06]
[10610,"BLOCO ESTRUTURAL CERAMICO - 14 X 19 X 29 CM - 4,0 MPA -  NBR 15270","UN    ",1.25]
[34585,"BLOCO ESTRUTURAL CERAMICO 14 X 19 X 29 CM, 3,0 MPA (NBR 15270)","UN    ",1.27]
[34586,"BLOCO ESTRUTURAL CERAMICO 14 X 19 X 29 CM, 6,0 MPA (NBR 15270)","UN    ",1.29]
[38603,"BLOCO ESTRUTURAL CERAMICO 14 X 19 X 34 CM, 6,0 MPA (NBR 15270)","UN    ",1.49]
[34588,"BLOCO ESTRUTURAL CERAMICO 14 X 19 X 39 CM, 6,0 MPA (NBR 15270)","UN    ",1.66]
[34590,"BLOCO ESTRUTURAL CERAMICO 19 X 19 X 29 CM, 6,0 MPA (NBR 15270)","UN    ",1.79]
[34591,"BLOCO ESTRUTURAL CERAMICO 19 X 19 X 39 CM, 6,0 MPA (NBR 15270)","UN    ",2.23]
[37103,"BLOCO VEDACAO CONCRETO APARENTE 14 X 19 X 39 CM (CLASSE C - NBR 6136)","UN    ",2.17]
[34555,"BLOCO VEDACAO CONCRETO APARENTE 19 X 19 X 39 CM  (CLASSE C - NBR 6136)","UN    ",2.72]
[34599,"BLOCO VEDACAO CONCRETO APARENTE 9 X 19 X 39 CM (CLASSE C - NBR 6136)","UN    ",1.95]
[674,"BLOCO VEDACAO CONCRETO CELULAR AUTOCLAVADO 10 X 30 X 60 CM (E X A X C)","M2    ",44.11]
[34600,"BLOCO VEDACAO CONCRETO CELULAR AUTOCLAVADO 15 X 30 X 60 CM (E X A X C)","M2    ",71.68]
[652,"BLOCO VEDACAO CONCRETO CELULAR AUTOCLAVADO 20 X 30 X 60 CM","M2    ",91.29]
[34592,"BLOCO VEDACAO CONCRETO 14 X 19 X 29 CM (CLASSE C - NBR 6136)","UN    ",1.85]
[651,"BLOCO VEDACAO CONCRETO 14 X 19 X 39 CM (CLASSE C - NBR 6136)","UN    ",2.11]
[654,"BLOCO VEDACAO CONCRETO 19 X 19 X 39 CM (CLASSE C - NBR 6136)","UN    ",2.73]
[650,"BLOCO VEDACAO CONCRETO 9 X 19 X 39 CM (CLASSE C - NBR 6136)","UN    ",1.8]
[40517,"BLOQUETE/PISO DE CONCRETO - MODELO BLOCO PISOGRAMA/CONCREGRAMA 2 FUROS, *35  CM X 15* CM, E =  *6* CM, COR NATURAL","M2    ",43.13]
[40520,"BLOQUETE/PISO DE CONCRETO - MODELO BLOCO PISOGRAMA/CONCREGRAMA 2 FUROS, *35  CM X 15* CM, E =  *8* CM, COR NATURAL","M2    ",45.18]
[40515,"BLOQUETE/PISO DE CONCRETO - MODELO PISOGRAMA/CONCREGRAMA/PAVI-GRADE/GRAMEIRO, *60  CM X 45* CM, E =  *7* CM, COR NATURAL","M2    ",54.55]
[40516,"BLOQUETE/PISO DE CONCRETO - MODELO PISOGRAMA/CONCREGRAMA/PAVI-GRADE/GRAMEIRO, *60  CM X 45* CM, E =  *9* CM, COR NATURAL","M2    ",64.96]
[40525,"BLOQUETE/PISO INTERTRAVADO DE CONCRETO - MODELO ONDA/16 FACES/UNISTEIN/PAVIS, *22 CM X *11 CM, E = 10 CM, RESISTENCIA DE 35 MPA (NBR 9781), COR NATURAL","M2    ",46.21]
[40529,"BLOQUETE/PISO INTERTRAVADO DE CONCRETO - MODELO ONDA/16 FACES/UNISTEIN/PAVIS, *22 CM X *11 CM, E = 10 CM, RESISTENCIA DE 50 MPA (NBR 9781), COR NATURAL","M2    ",50.73]
[695,"BLOQUETE/PISO INTERTRAVADO DE CONCRETO - MODELO RAQUETE, *22 CM X 13,5* CM, E = 6 CM, RESISTENCIA DE 35 MPA (NBR 9781), COR NATURAL","M2    ",34.84]
[40524,"BLOQUETE/PISO INTERTRAVADO DE CONCRETO - MODELO RETANGULAR/TIJOLINHO/PAVER/HOLANDES/PARALELEPIPEDO, 20 CM X 10 CM, E = 10 CM, RESISTENCIA DE 35 MPA (NBR 9781), COR NATURAL","M2    ",46.21]
[36156,"BLOQUETE/PISO INTERTRAVADO DE CONCRETO - MODELO RETANGULAR/TIJOLINHO/PAVER/HOLANDES/PARALELEPIPEDO, 20 CM X 10 CM, E = 6 CM, RESISTENCIA DE 35 MPA (NBR 9781), COLORIDO","M2    ",40.05]
[36155,"BLOQUETE/PISO INTERTRAVADO DE CONCRETO - MODELO RETANGULAR/TIJOLINHO/PAVER/HOLANDES/PARALELEPIPEDO, 20 CM X 10 CM, E = 6 CM, RESISTENCIA DE 35 MPA (NBR 9781), COR NATURAL","M2    ",35.48]
[36154,"BLOQUETE/PISO INTERTRAVADO DE CONCRETO - MODELO RETANGULAR/TIJOLINHO/PAVER/HOLANDES/PARALELEPIPEDO, 20 CM X 10 CM, E = 8 CM, RESISTENCIA DE 35 MPA (NBR 9781), COLORIDO","M2    ",47.14]
[36196,"BLOQUETE/PISO INTERTRAVADO DE CONCRETO - MODELO RETANGULAR/TIJOLINHO/PAVER/HOLANDES/PARALELEPIPEDO, 20 CM X 10 CM, E = 8 CM, RESISTENCIA DE 35 MPA (NBR 9781), COR NATURAL","M2    ",40.05]
[679,"BLOQUETE/PISO INTERTRAVADO DE CONCRETO - MODELO SEXTAVADO, 25 CM X 25 CM, E = 10 CM, RESISTENCIA DE 35 MPA (NBR 9781), COR NATURAL","M2    ",47.75]
[711,"BLOQUETE/PISO INTERTRAVADO DE CONCRETO - MODELO SEXTAVADO, 25 CM X 25 CM, E = 6 CM, RESISTENCIA DE 35 MPA (NBR 9781), COR NATURAL","M2    ",36.45]
[712,"BLOQUETE/PISO INTERTRAVADO DE CONCRETO - MODELO SEXTAVADO, 25 CM X 25 CM, E = 8 CM, RESISTENCIA DE 35 MPA (NBR 9781), COR NATURAL","M2    ",38]
[36191,"BLOQUETE/PISO INTERTRAVADO DE CONCRETO - MODELO SEXTAVADO, 25 CM X 25 CM, E = 8 CM, RESISTENCIA DE 35 MPA (NBR 9781), COR NATURAL","UN    ",2.65]
[36169,"BLOQUETE/PISO INTERTRAVADO DE CONCRETO - ONDA/16 FACES/UNISTEIN/PAVIS, *22 CM X 11* CM, E = 6 CM, RESISTENCIA DE 35 MPA (NBR 9781), COLORIDO","M2    ",38.82]
[36172,"BLOQUETE/PISO INTERTRAVADO DE CONCRETO - ONDA/16 FACES/UNISTEIN/PAVIS, *22 CM X 11* CM, E = 6 CM, RESISTENCIA DE 35 MPA (NBR 9781), COR NATURAL","M2    ",33.89]
[36174,"BLOQUETE/PISO INTERTRAVADO DE CONCRETO - ONDA/16 FACES/UNISTEIN/PAVIS, *22 CM X 11* CM, E = 8 CM, RESISTENCIA DE 35 MPA (NBR 9781), COLORIDO","M2    ",44.49]
[36170,"BLOQUETE/PISO INTERTRAVADO DE CONCRETO - ONDA/16 FACES/UNISTEIN/PAVIS, *22 CM X 11* CM, E = 8 CM, RESISTENCIA DE 35 MPA (NBR 9781), COR NATURAL","M2    ",38]
[12614,"BOCAL PVC, PARA CALHA PLUVIAL, DIAMETRO DA SAIDA ENTRE 80 E 100 MM, PARA DRENAGEM PREDIAL","UN    ",18.75]
[6140,"BOLSA DE LIGACAO EM PVC FLEXIVEL PARA VASO SANITARIO 1.1/2 \" (40 MM)","UN    ",1.99]
[38399,"BOLSA DE LONA PARA FERRAMENTAS *50 X 35 X 25* CM","UN    ",138.4]
[735,"BOMBA CENTRIFUGA  MOTOR ELETRICO TRIFASICO 1,48HP  DIAMETRO DE SUCCAO X ELEVACAO 1\" X 1\", 4 ESTAGIOS, DIAMETRO DOS ROTORES 3 X 107 MM + 1 X 100 MM, HM/Q: 10 M / 5,3 M3/H A 70 M / 1,8 M3/H","UN    ",{"v":1714.78,"d":"1,714.78"}]
[736,"BOMBA CENTRIFUGA  MOTOR ELETRICO TRIFASICO 2,96HP, DIAMETRO DE SUCCAO X ELEVACAO 1 1/2\" X 1 1/4\", DIAMETRO DO ROTOR 148 MM, HM/Q: 34 M / 14,80 M3/H A 40 M / 8,60 M3/H","UN    ",{"v":1441.82,"d":"1,441.82"}]
[729,"BOMBA CENTRIFUGA COM MOTOR ELETRICO MONOFASICO, POTENCIA 0,33 HP,  BOCAIS 1\" X 3/4\", DIAMETRO DO ROTOR 99 MM, HM/Q = 4 MCA / 8,5 M3/H A 18 MCA / 0,90 M3/H","UN    ",587.56]
[39925,"BOMBA CENTRIFUGA MONOESTAGIO COM MOTOR ELETRICO MONOFASICO, POTENCIA 15 HP,  DIAMETRO DO ROTOR *173* MM, HM/Q = *30* MCA / *90* M3/H A *45* MCA / *55* M3/H","UN    ",{"v":8490.19,"d":"8,490.19"}]
[731,"BOMBA CENTRIFUGA MOTOR ELETRICO MONOFASICO 0,49 HP  BOCAIS 1\" X 3/4\", DIAMETRO DO ROTOR 110 MM, HM/Q: 6 M / 8,3 M3/H A 20 M / 1,2 M3/H","UN    ",571.84]
[10575,"BOMBA CENTRIFUGA MOTOR ELETRICO MONOFASICO 0,50 CV DIAMETRO DE SUCCAO X ELEVACAO 3/4\" X 3/4\", MONOESTAGIO, DIAMETRO DOS ROTORES 114 MM, HM/Q: 2 M / 2,99 M3/H A 24 M / 0,71 M3/H","UN    ",892.4]
[733,"BOMBA CENTRIFUGA MOTOR ELETRICO MONOFASICO 0,74HP  DIAMETRO DE SUCCAO X ELEVACAO 1 1/4\" X 1\", DIAMETRO DO ROTOR 120 MM, HM/Q: 8 M / 7,70 M3/H A 24 M / 2,80 M3/H","UN    ",977.07]
[732,"BOMBA CENTRIFUGA MOTOR ELETRICO TRIFASICO 0,99HP  DIAMETRO DE SUCCAO X ELEVACAO 1\" X 1\", DIAMETRO DO ROTOR 145 MM, HM/Q: 14 M / 8,4 M3/H A 40 M / 0,60 M3/H","UN    ",963.93]
[737,"BOMBA CENTRIFUGA MOTOR ELETRICO TRIFASICO 14,8 HP, DIAMETRO DE SUCCAO X ELEVACAO 2 1/2\" X 2\", DIAMETRO DO ROTOR 195 MM, HM/Q: 62 M / 55,5 M3/H A 80 M / 31,50 M3/H","UN    ",{"v":5405.45,"d":"5,405.45"}]
[738,"BOMBA CENTRIFUGA MOTOR ELETRICO TRIFASICO 5HP, DIAMETRO DE SUCCAO X ELEVACAO 2\" X 1 1/2\", DIAMETRO DO ROTOR 155 MM, HM/Q: 40 M / 20,40 M3/H A 46 M / 9,20 M3/H","UN    ",{"v":2506.47,"d":"2,506.47"}]
[740,"BOMBA CENTRIFUGA MOTOR ELETRICO TRIFASICO 9,86 DIAMETRO DE SUCCAO X ELEVACAO 1\" X 1\", 4 ESTAGIOS, DIAMETRO DOS ROTORES 4 X 146 MM, HM/Q: 85 M / 14,9 M3/H A 140 M / 4,2 M3/H","UN    ",{"v":5085.11,"d":"5,085.11"}]
[734,"BOMBA CENTRIFUGA,  MOTOR ELETRICO TRIFASICO 1,48HP  DIAMETRO DE SUCCAO X ELEVACAO 1 1/2\" X 1\", DIAMETRO DO ROTOR 117 MM, HM/Q: 10 M / 21,9 M3/H A 24 M / 6,1 M3/H","UN    ",{"v":1033.33,"d":"1,033.33"}]
[39008,"BOMBA DE PROJECAO DE CONCRETO SECO, POTENCIA 10 CV, VAZAO 3 M3/H","UN    ",{"v":49880.29,"d":"49,880.29"}]
[39009,"BOMBA DE PROJECAO DE CONCRETO SECO, POTENCIA 10 CV, VAZAO 6 M3/H","UN    ",{"v":53440.55,"d":"53,440.55"}]
[10587,"BOMBA SUBMERSA PARA POCOS TUBULARES PROFUNDOS DIAMETRO DE 4 POLEGADAS, ELETRICA, MONOFASICA, POTENCIA 0,49 HP, 13 ESTAGIOS, BOCAL DE DESCARGA DIAMETRO DE UMA POLEGADA E MEIA, HM/Q = 18 M / 1,90 M3/H A 85 M / 0,60 M3/H","UN    ",{"v":2583.22,"d":"2,583.22"}]
[759,"BOMBA SUBMERSA PARA POCOS TUBULARES PROFUNDOS DIAMETRO DE 4 POLEGADAS, ELETRICA, TRIFASICA, POTENCIA 1,97 HP, 20 ESTAGIOS, BOCAL DE DESCARGA DIAMETRO DE UMA POLEGADA E MEIA, HM/Q = 18 M / 5,40 M3/H A 164 M / 0,80 M3/H","UN    ",{"v":3714.16,"d":"3,714.16"}]
[761,"BOMBA SUBMERSA PARA POCOS TUBULARES PROFUNDOS DIAMETRO DE 4 POLEGADAS, ELETRICA, TRIFASICA, POTENCIA 5,42 HP, 15 ESTAGIOS, BOCAL DE DESCARGA DIAMETRO DE 2 POLEGADAS, HM/Q = 18 M / 18,10 M3/H A 121 M / 2,90 M3/H","UN    ",{"v":6295.81,"d":"6,295.81"}]
[750,"BOMBA SUBMERSA PARA POCOS TUBULARES PROFUNDOS DIAMETRO DE 4 POLEGADAS, ELETRICA, TRIFASICA, POTENCIA 5,42 HP, 29 ESTAGIOS, BOCAL DE DESCARGA DE UMA POLEGADA E MEIA, HM/Q = 18 M / 8,10 M3/H A 201 M / 3,2 M3/H","UN    ",{"v":5977.37,"d":"5,977.37"}]
[755,"BOMBA SUBMERSA PARA POCOS TUBULARES PROFUNDOS DIAMETRO DE 6 POLEGADAS, ELETRICA, TRIFASICA, POTENCIA 27,12 HP, 7 ESTAGIOS, BOCAL DE DESCARGA DIAMETRO DE 4 POLEGADAS, HM/Q = 13,9 M / 90 M3/H A 44,0 M / 25,0 M3/H","UN    ",{"v":24528.24,"d":"24,528.24"}]
[749,"BOMBA SUBMERSA PARA POCOS TUBULARES PROFUNDOS DIAMETRO DE 6 POLEGADAS, ELETRICA, TRIFASICA, POTENCIA 3,45 HP, 5 ESTAGIOS, BOCAL DE DESCARGA DIAMETRO DE 2 POLEGADAS, HM/Q = 68,5 M / 6,12 M3/H A 39,5 M / 14,04 M3/H","UN    ",{"v":9021.03,"d":"9,021.03"}]
[756,"BOMBA SUBMERSA PARA POCOS TUBULARES PROFUNDOS DIAMETRO DE 6 POLEGADAS, ELETRICA, TRIFASICA, POTENCIA 32 HP, 9 ESTAGIOS, BOCAL DE DESCARGA DIAMETRO DE 4 POLEGADAS, HM/Q = 114,0 M / 13,9 M3/H A 57,0 M / 25,0 M3/H","UN    ",{"v":26751.33,"d":"26,751.33"}]
[757,"BOMBA SUBMERSIVEL,  ELETRICA, TRIFASICA, POTENCIA 6 HP, DIAMETRO DO ROTOR 127 MM, BOCAL DE SAIDA DIAMETRO DE 3 POLEGADAS, HM/Q = 7 M / 66,90 M3/H A 26 M / 2,88 M3/H","UN    ",{"v":12146.81,"d":"12,146.81"}]
[10588,"BOMBA SUBMERSIVEL, ELETRICA, TRIFASICA, POTENCIA 0,98 HP, DIAMETRO DO ROTOR 142 MM SEMIABERTO, BOCAL DE SAIDA DIAMETRO DE 2 POLEGADAS, HM/Q = 2 M / 32 M3/H A 8 M / 16 M3/H","UN    ",{"v":2681.71,"d":"2,681.71"}]
[10592,"BOMBA SUBMERSIVEL, ELETRICA, TRIFASICA, POTENCIA 0,99 HP, DIAMETRO ROTOR 98 MM SEMIABERTO, BOCAL DE SAIDA DIAMETRO 2 POLEGADAS, HM/Q = 2 M / 28,90 M3/H A 14 M / 7 M3/H","UN    ",{"v":3239.15,"d":"3,239.15"}]
[10589,"BOMBA SUBMERSIVEL, ELETRICA, TRIFASICA, POTENCIA 1,97 HP, DIAMETRO DO ROTOR 144 MM SEMIABERTO, BOCAL DE SAIDA DIAMETRO DE 2 POLEGADAS, HM/Q = 2 M / 26,8 M3/H A 28 M / 4,6 M3/H","UN    ",{"v":4351.59,"d":"4,351.59"}]
[760,"BOMBA SUBMERSIVEL, ELETRICA, TRIFASICA, POTENCIA 13 HP, DIAMETRO DO ROTOR 170 MM, BOCAL DE SAIDA DIAMETRO DE 3 POLEGADAS, HM/Q = 11 M / 68,40 M3/H A 72 M / 3,6 M3/H","UN    ",{"v":24293.62,"d":"24,293.62"}]
[751,"BOMBA SUBMERSIVEL, ELETRICA, TRIFASICA, POTENCIA 2,96 HP, DIAMETRO DO ROTOR 144 MM SEMIABERTO, BOCAL DE SAIDA DIAMETRO DE DUAS POLEGADAS, HM/Q = 2 M / 38,8 M3/H A 28 M / 5 M3/H","UN    ",{"v":3826.24,"d":"3,826.24"}]
[754,"BOMBA SUBMERSIVEL, ELETRICA, TRIFASICA, POTENCIA 3,75 HP, DIAMETRO DO ROTOR 90 MM SEMIABERTO, BOCAL DE SAIDA DIAMETRO DE 2 POLEGADAS, HM/Q = 5 M / 61,2 M3/H A 25,5 M / 3,6 M3/H","UN    ",{"v":6073.4,"d":"6,073.40"}]
[14013,"BOMBA TRIPLEX COM MOTOR A DIESEL, NACIONAL, DIAMETRO DE SUCCAO DE 2 1/2''","UN    ",{"v":146067.15,"d":"146,067.15"}]
[39917,"BOMBA TRIPLEX, PARA INJECAO DE CALDA DE CIMENTO, VAZAO MAXIMA DE *100* LITROS/MINUTO, PRESSAO MAXIMA DE *70* BAR, POTENCIA DE 15 CV","UN    ",{"v":76619.72,"d":"76,619.72"}]
[5081,"BORBOLETA EM LATAO FUNDIDO CROMADO, PARA TRAVAR JANELA TIPO GUILHOTINA","PAR   ",17.79]
[38167,"BORBOLETA EM ZAMAC CROMADO, PARA TRAVAR JANELA TIPO GUILHOTINA","PAR   ",15.33]
[36145,"BOTA DE PVC PRETA, CANO MEDIO, SEM FORRO","PAR   ",31.1]
[12893,"BOTA DE SEGURANCA COM BIQUEIRA DE ACO E COLARINHO ACOLCHOADO","PAR   ",51.84]
[11685,"BRACO / CANO PARA CHUVEIRO ELETRICO, EM ALUMINIO, 30 CM X 1/2 \"","UN    ",16.15]
[11679,"BRACO OU HASTE COM CANOPLA PLASTICA, 1/2 \", PARA CHUVEIRO ELETRICO","UN    ",5.96]
[11680,"BRACO OU HASTE COM CANOPLA PLASTICA, 1/2 \", PARA CHUVEIRO SIMPLES","UN    ",4.91]
[2512,"BRACO P/ LUMINARIA PUBLICA 1 X 1,50M ROMAGNOLE OU EQUIV","UN    ",21.52]
[4374,"BUCHA DE NYLON SEM ABA S10","UN    ",0.22]
[7568,"BUCHA DE NYLON SEM ABA S10, COM PARAFUSO DE 6,10 X 65 MM EM ACO ZINCADO COM ROSCA SOBERBA, CABECA CHATA E FENDA PHILLIPS","UN    ",0.36]
[7584,"BUCHA DE NYLON SEM ABA S12, COM PARAFUSO DE 5/16\" X 80 MM EM ACO ZINCADO COM ROSCA SOBERBA E CABECA SEXTAVADA","UN    ",0.56]
[11945,"BUCHA DE NYLON SEM ABA S4","UN    ",0.03]
[11946,"BUCHA DE NYLON SEM ABA S5","UN    ",0.04]
[4375,"BUCHA DE NYLON SEM ABA S6","UN    ",0.06]
[11950,"BUCHA DE NYLON SEM ABA S6, COM PARAFUSO DE 4,20 X 40 MM EM ACO ZINCADO COM ROSCA SOBERBA, CABECA CHATA E FENDA PHILLIPS","UN    ",0.12]
[4376,"BUCHA DE NYLON SEM ABA S8","UN    ",0.11]
[7583,"BUCHA DE NYLON SEM ABA S8, COM PARAFUSO DE 4,80 X 50 MM EM ACO ZINCADO COM ROSCA SOBERBA, CABECA CHATA E FENDA PHILLIPS","UN    ",0.25]
[4350,"BUCHA DE NYLON, DIAMETRO DO FURO 8 MM, COMPRIMENTO 40 MM, COM PARAFUSO DE ROSCA SOBERBA, CABECA CHATA, FENDA SIMPLES, 4,8 X 50 MM","UN    ",0.33]
[39886,"BUCHA DE REDUCAO DE COBRE (REF 600-2) SEM ANEL DE SOLDA, PONTA X BOLSA, 22 X 15 MM","UN    ",2.86]
[39887,"BUCHA DE REDUCAO DE COBRE (REF 600-2) SEM ANEL DE SOLDA, PONTA X BOLSA, 28 X 22 MM","UN    ",4.29]
[39888,"BUCHA DE REDUCAO DE COBRE (REF 600-2) SEM ANEL DE SOLDA, PONTA X BOLSA, 35 X 28 MM","UN    ",9.83]
[39890,"BUCHA DE REDUCAO DE COBRE (REF 600-2) SEM ANEL DE SOLDA, PONTA X BOLSA, 42 X 35 MM","UN    ",16.77]
[39891,"BUCHA DE REDUCAO DE COBRE (REF 600-2) SEM ANEL DE SOLDA, PONTA X BOLSA, 54 X 42 MM","UN    ",23.65]
[39892,"BUCHA DE REDUCAO DE COBRE (REF 600-2) SEM ANEL DE SOLDA, PONTA X BOLSA, 66 X 54 MM","UN    ",73.73]
[790,"BUCHA DE REDUCAO DE FERRO GALVANIZADO, COM ROSCA BSP, DE 1 1/2\" X 1 1/4\"","UN    ",10.16]
[766,"BUCHA DE REDUCAO DE FERRO GALVANIZADO, COM ROSCA BSP, DE 1 1/2\" X 1/2\"","UN    ",10.16]
[791,"BUCHA DE REDUCAO DE FERRO GALVANIZADO, COM ROSCA BSP, DE 1 1/2\" X 1\"","UN    ",10.16]
[767,"BUCHA DE REDUCAO DE FERRO GALVANIZADO, COM ROSCA BSP, DE 1 1/2\" X 3/4\"","UN    ",10.16]
[768,"BUCHA DE REDUCAO DE FERRO GALVANIZADO, COM ROSCA BSP, DE 1 1/4\" X 1/2\"","UN    ",7.97]
[789,"BUCHA DE REDUCAO DE FERRO GALVANIZADO, COM ROSCA BSP, DE 1 1/4\" X 1\"","UN    ",7.8]
[769,"BUCHA DE REDUCAO DE FERRO GALVANIZADO, COM ROSCA BSP, DE 1 1/4\" X 3/4\"","UN    ",7.97]
[770,"BUCHA DE REDUCAO DE FERRO GALVANIZADO, COM ROSCA BSP, DE 1/2\" X 1/4\"","UN    ",2.81]
[12394,"BUCHA DE REDUCAO DE FERRO GALVANIZADO, COM ROSCA BSP, DE 1/2\" X 3/8\"","UN    ",2.81]
[764,"BUCHA DE REDUCAO DE FERRO GALVANIZADO, COM ROSCA BSP, DE 1\" X 1/2\"","UN    ",4.91]
[765,"BUCHA DE REDUCAO DE FERRO GALVANIZADO, COM ROSCA BSP, DE 1\" X 3/4\"","UN    ",4.91]
[787,"BUCHA DE REDUCAO DE FERRO GALVANIZADO, COM ROSCA BSP, DE 2 1/2\" X 1 1/2\"","UN    ",21.93]
[774,"BUCHA DE REDUCAO DE FERRO GALVANIZADO, COM ROSCA BSP, DE 2 1/2\" X 1 1/4\"","UN    ",21.93]
[773,"BUCHA DE REDUCAO DE FERRO GALVANIZADO, COM ROSCA BSP, DE 2 1/2\" X 1\"","UN    ",21.93]
[775,"BUCHA DE REDUCAO DE FERRO GALVANIZADO, COM ROSCA BSP, DE 2 1/2\" X 2\"","UN    ",21.93]
[788,"BUCHA DE REDUCAO DE FERRO GALVANIZADO, COM ROSCA BSP, DE 2\" X 1 1/2\"","UN    ",13.63]
[772,"BUCHA DE REDUCAO DE FERRO GALVANIZADO, COM ROSCA BSP, DE 2\" X 1 1/4\"","UN    ",13.63]
[771,"BUCHA DE REDUCAO DE FERRO GALVANIZADO, COM ROSCA BSP, DE 2\" X 1\"","UN    ",13.63]
[779,"BUCHA DE REDUCAO DE FERRO GALVANIZADO, COM ROSCA BSP, DE 3/4\" X 1/2\"","UN    ",3.39]
[776,"BUCHA DE REDUCAO DE FERRO GALVANIZADO, COM ROSCA BSP, DE 3\" X 1 1/2\"","UN    ",32.33]
[777,"BUCHA DE REDUCAO DE FERRO GALVANIZADO, COM ROSCA BSP, DE 3\" X 1 1/4\"","UN    ",31.43]
[780,"BUCHA DE REDUCAO DE FERRO GALVANIZADO, COM ROSCA BSP, DE 3\" X 2 1/2\"","UN    ",31.59]
[778,"BUCHA DE REDUCAO DE FERRO GALVANIZADO, COM ROSCA BSP, DE 3\" X 2\"","UN    ",32.33]
[781,"BUCHA DE REDUCAO DE FERRO GALVANIZADO, COM ROSCA BSP, DE 4\" X 2 1/2\"","UN    ",59.73]
[786,"BUCHA DE REDUCAO DE FERRO GALVANIZADO, COM ROSCA BSP, DE 4\" X 2\"","UN    ",59.73]
[782,"BUCHA DE REDUCAO DE FERRO GALVANIZADO, COM ROSCA BSP, DE 4\" X 3\"","UN    ",59.73]
[783,"BUCHA DE REDUCAO DE FERRO GALVANIZADO, COM ROSCA BSP, DE 5\" X 4\"","UN    ",163.49]
[785,"BUCHA DE REDUCAO DE FERRO GALVANIZADO, COM ROSCA BSP, DE 6\" X 4\"","UN    ",172.75]
[784,"BUCHA DE REDUCAO DE FERRO GALVANIZADO, COM ROSCA BSP, DE 6\" X 5\"","UN    ",185.31]
[831,"BUCHA DE REDUCAO DE PVC, SOLDAVEL, CURTA, COM 110 X 85 MM, PARA AGUA FRIA PREDIAL","UN    ",60.2]
[828,"BUCHA DE REDUCAO DE PVC, SOLDAVEL, CURTA, COM 25 X 20 MM, PARA AGUA FRIA PREDIAL","UN    ",0.44]
[829,"BUCHA DE REDUCAO DE PVC, SOLDAVEL, CURTA, COM 32 X 25 MM, PARA AGUA FRIA PREDIAL","UN    ",0.85]
[812,"BUCHA DE REDUCAO DE PVC, SOLDAVEL, CURTA, COM 40 X 32 MM, PARA AGUA FRIA PREDIAL","UN    ",1.79]
[819,"BUCHA DE REDUCAO DE PVC, SOLDAVEL, CURTA, COM 50 X 40 MM, PARA AGUA FRIA PREDIAL","UN    ",3.17]
[818,"BUCHA DE REDUCAO DE PVC, SOLDAVEL, CURTA, COM 60 X 50 MM, PARA AGUA FRIA PREDIAL","UN    ",5.94]
[823,"BUCHA DE REDUCAO DE PVC, SOLDAVEL, CURTA, COM 75 X 60 MM, PARA AGUA FRIA PREDIAL","UN    ",14.67]
[830,"BUCHA DE REDUCAO DE PVC, SOLDAVEL, CURTA, COM 85 X 75 MM, PARA AGUA FRIA PREDIAL","UN    ",11.84]
[826,"BUCHA DE REDUCAO DE PVC, SOLDAVEL, LONGA, COM 110 X 60 MM, PARA AGUA FRIA PREDIAL","UN    ",35.24]
[827,"BUCHA DE REDUCAO DE PVC, SOLDAVEL, LONGA, COM 110 X 75 MM, PARA AGUA FRIA PREDIAL","UN    ",29.72]
[832,"BUCHA DE REDUCAO DE PVC, SOLDAVEL, LONGA, COM 32 X 20 MM, PARA AGUA FRIA PREDIAL","UN    ",1.9]
[833,"BUCHA DE REDUCAO DE PVC, SOLDAVEL, LONGA, COM 40 X 20 MM, PARA AGUA FRIA PREDIAL","UN    ",2.78]
[834,"BUCHA DE REDUCAO DE PVC, SOLDAVEL, LONGA, COM 40 X 25 MM, PARA AGUA FRIA PREDIAL","UN    ",3.07]
[825,"BUCHA DE REDUCAO DE PVC, SOLDAVEL, LONGA, COM 50 X 20 MM, PARA AGUA FRIA PREDIAL","UN    ",3.29]
[813,"BUCHA DE REDUCAO DE PVC, SOLDAVEL, LONGA, COM 50 X 25 MM, PARA AGUA FRIA PREDIAL","UN    ",4.02]
[820,"BUCHA DE REDUCAO DE PVC, SOLDAVEL, LONGA, COM 50 X 32 MM, PARA AGUA FRIA PREDIAL","UN    ",4.39]
[816,"BUCHA DE REDUCAO DE PVC, SOLDAVEL, LONGA, COM 60 X 25 MM, PARA AGUA FRIA PREDIAL","UN    ",7.52]
[814,"BUCHA DE REDUCAO DE PVC, SOLDAVEL, LONGA, COM 60 X 32 MM, PARA AGUA FRIA PREDIAL","UN    ",9.38]
[815,"BUCHA DE REDUCAO DE PVC, SOLDAVEL, LONGA, COM 60 X 40 MM, PARA AGUA FRIA PREDIAL","UN    ",9.62]
[822,"BUCHA DE REDUCAO DE PVC, SOLDAVEL, LONGA, COM 60 X 50 MM, PARA AGUA FRIA PREDIAL","UN    ",11.13]
[821,"BUCHA DE REDUCAO DE PVC, SOLDAVEL, LONGA, COM 75 X 50 MM, PARA AGUA FRIA PREDIAL","UN    ",13.32]
[817,"BUCHA DE REDUCAO DE PVC, SOLDAVEL, LONGA, COM 85 X 60 MM, PARA AGUA FRIA PREDIAL","UN    ",18.2]
[20086,"BUCHA DE REDUCAO DE PVC, SOLDAVEL, LONGA, 50 X 40 MM, PARA ESGOTO PREDIAL","UN    ",2.5]
[39191,"BUCHA DE REDUCAO EM ALUMINIO, COM ROSCA, DE 1 1/2\" X 1 1/4\", PARA ELETRODUTO","UN    ",12.36]
[39190,"BUCHA DE REDUCAO EM ALUMINIO, COM ROSCA, DE 1 1/2\" X 1\", PARA ELETRODUTO","UN    ",12.92]
[39189,"BUCHA DE REDUCAO EM ALUMINIO, COM ROSCA, DE 1 1/2\" X 3/4\", PARA ELETRODUTO","UN    ",13.67]
[39186,"BUCHA DE REDUCAO EM ALUMINIO, COM ROSCA, DE 1 1/4\" X 1/2\", PARA ELETRODUTO","UN    ",12.23]
[39188,"BUCHA DE REDUCAO EM ALUMINIO, COM ROSCA, DE 1 1/4\" X 1\", PARA ELETRODUTO","UN    ",10.06]
[39187,"BUCHA DE REDUCAO EM ALUMINIO, COM ROSCA, DE 1 1/4\" X 3/4\", PARA ELETRODUTO","UN    ",10.55]
[39184,"BUCHA DE REDUCAO EM ALUMINIO, COM ROSCA, DE 1\" X 1/2\", PARA ELETRODUTO","UN    ",3.97]
[39185,"BUCHA DE REDUCAO EM ALUMINIO, COM ROSCA, DE 1\" X 3/4\", PARA ELETRODUTO","UN    ",3.62]
[39198,"BUCHA DE REDUCAO EM ALUMINIO, COM ROSCA, DE 2 1/2\" X 1 1/2\", PARA ELETRODUTO","UN    ",40.57]
[39197,"BUCHA DE REDUCAO EM ALUMINIO, COM ROSCA, DE 2 1/2\" X 1 1/4\", PARA ELETRODUTO","UN    ",42.38]
[39196,"BUCHA DE REDUCAO EM ALUMINIO, COM ROSCA, DE 2 1/2\" X 1\", PARA ELETRODUTO","UN    ",43.71]
[39199,"BUCHA DE REDUCAO EM ALUMINIO, COM ROSCA, DE 2 1/2\" X 2\", PARA ELETRODUTO","UN    ",39.04]
[39195,"BUCHA DE REDUCAO EM ALUMINIO, COM ROSCA, DE 2\" X 1 1/2\", PARA ELETRODUTO","UN    ",22.53]
[39194,"BUCHA DE REDUCAO EM ALUMINIO, COM ROSCA, DE 2\" X 1 1/4\", PARA ELETRODUTO","UN    ",24.11]
[39193,"BUCHA DE REDUCAO EM ALUMINIO, COM ROSCA, DE 2\" X 1\", PARA ELETRODUTO","UN    ",26.43]
[39192,"BUCHA DE REDUCAO EM ALUMINIO, COM ROSCA, DE 2\" X 3/4\", PARA ELETRODUTO","UN    ",27.49]
[39920,"BUCHA DE REDUCAO EM ALUMINIO, COM ROSCA, DE 3/4\" X 1/2\",  PARA ELETRODUTO","UN    ",3.33]
[39201,"BUCHA DE REDUCAO EM ALUMINIO, COM ROSCA, DE 3\" X 1 1/2\", PARA ELETRODUTO","UN    ",48.5]
[39200,"BUCHA DE REDUCAO EM ALUMINIO, COM ROSCA, DE 3\" X 1 1/4\", PARA ELETRODUTO","UN    ",48.89]
[39203,"BUCHA DE REDUCAO EM ALUMINIO, COM ROSCA, DE 3\" X 2 1/2\", PARA ELETRODUTO","UN    ",39.48]
[39202,"BUCHA DE REDUCAO EM ALUMINIO, COM ROSCA, DE 3\" X 2\", PARA ELETRODUTO","UN    ",46.38]
[39205,"BUCHA DE REDUCAO EM ALUMINIO, COM ROSCA, DE 4\" X 2 1/2\", PARA ELETRODUTO","UN    ",77.37]
[39204,"BUCHA DE REDUCAO EM ALUMINIO, COM ROSCA, DE 4\" X 2\", PARA ELETRODUTO","UN    ",79.25]
[39206,"BUCHA DE REDUCAO EM ALUMINIO, COM ROSCA, DE 4\" X 3\", PARA ELETRODUTO","UN    ",75.18]
[797,"BUCHA DE REDUCAO PVC ROSCAVEL 1 1/2\" X 1\"","UN    ",5.36]
[798,"BUCHA DE REDUCAO PVC ROSCAVEL 3/4\" X 1/2\"","UN    ",0.78]
[796,"BUCHA DE REDUCAO PVC ROSCAVEL, 1 1/2\" X 3/4\"","UN    ",5.28]
[799,"BUCHA DE REDUCAO PVC ROSCAVEL, 1\" X 1/2\"","UN    ",2.42]
[792,"BUCHA DE REDUCAO PVC ROSCAVEL, 1\" X 3/4\"","UN    ",2.3]
[804,"BUCHA DE REDUCAO PVC, ROSCAVEL,  2\"  X 1 1/2 \"","UN    ",8.42]
[793,"BUCHA DE REDUCAO PVC, ROSCAVEL, 1 1/2\"  X1 1/4 \"","UN    ",4.16]
[801,"BUCHA DE REDUCAO PVC, ROSCAVEL, 1 1/4\"  X 3/4 \"","UN    ",2.82]
[794,"BUCHA DE REDUCAO PVC, ROSCAVEL, 1 1/4\" X 1 \"","UN    ",2.95]
[802,"BUCHA DE REDUCAO PVC, ROSCAVEL, 2\"  X 1 \"","UN    ",8.89]
[803,"BUCHA DE REDUCAO PVC, ROSCAVEL, 2\"  X 1 1/4 \"","UN    ",9.26]
[38001,"BUCHA DE REDUCAO, CPVC, SOLDAVEL, 22 X 15 MM, PARA AGUA QUENTE","UN    ",0.65]
[38002,"BUCHA DE REDUCAO, CPVC, SOLDAVEL, 28 X 22 MM, PARA AGUA QUENTE","UN    ",1.2]
[38003,"BUCHA DE REDUCAO, CPVC, SOLDAVEL, 35 X 28 MM, PARA AGUA QUENTE","UN    ",14.44]
[38004,"BUCHA DE REDUCAO, CPVC, SOLDAVEL, 42 X 22 MM, PARA AGUA QUENTE","UN    ",19.31]
[36327,"BUCHA DE REDUCAO, PPR, DN 25 X 20 MM, PARA AGUA QUENTE PREDIAL","UN    ",1.25]
[38992,"BUCHA DE REDUCAO, PPR, DN 32 X 25 MM, PARA AGUA QUENTE E FRIA PREDIAL","UN    ",2]
[38993,"BUCHA DE REDUCAO, PPR, DN 40 X 25 MM, PARA AGUA QUENTE E FRIA PREDIAL","UN    ",5.72]
[38418,"BUCHA DE REDUCAO, PVC, LONGA, SERIE R, DN 50 X 40 MM, PARA ESGOTO PREDIAL","UN    ",3.71]
[39178,"BUCHA EM ALUMINIO, COM ROSCA, DE  1 1/2\", PARA ELETRODUTO","UN    ",1.33]
[39177,"BUCHA EM ALUMINIO, COM ROSCA, DE 1 1/4\", PARA ELETRODUTO","UN    ",1.21]
[39174,"BUCHA EM ALUMINIO, COM ROSCA, DE 1/2\", PARA ELETRODUTO","UN    ",0.6]
[39176,"BUCHA EM ALUMINIO, COM ROSCA, DE 1\", PARA ELETRODUTO","UN    ",0.79]
[39180,"BUCHA EM ALUMINIO, COM ROSCA, DE 2 1/2\", PARA ELETRODUTO","UN    ",3.63]
[39179,"BUCHA EM ALUMINIO, COM ROSCA, DE 2\", PARA ELETRODUTO","UN    ",3.21]
[39175,"BUCHA EM ALUMINIO, COM ROSCA, DE 3/4\", PARA ELETRODUTO","UN    ",0.74]
[39217,"BUCHA EM ALUMINIO, COM ROSCA, DE 3/8\", PARA ELETRODUTO","UN    ",0.57]
[39181,"BUCHA EM ALUMINIO, COM ROSCA, DE 3\", PARA ELETRODUTO","UN    ",4.87]
[39182,"BUCHA EM ALUMINIO, COM ROSCA, DE 4\", PARA ELETRODUTO","UN    ",6.85]
[12616,"CABECEIRA DIREITA OU ESQUERDA, PVC, PARA CALHA PLUVIAL, DIAMETRO ENTRE 119 E 170 MM, PARA DRENAGEM PREDIAL","UN    ",5.56]
[1049,"CABECOTE PARA ENTRADA DE LINHA DE ALIMENTACAO PARA ELETRODUTO, EM LIGA DE ALUMINIO COM ACABAMENTO ANTI CORROSIVO, COM FIXACAO POR ENCAIXE LISO DE 360 GRAUS, DE 1 1/2\"","UN    ",5.73]
[1099,"CABECOTE PARA ENTRADA DE LINHA DE ALIMENTACAO PARA ELETRODUTO, EM LIGA DE ALUMINIO COM ACABAMENTO ANTI CORROSIVO, COM FIXACAO POR ENCAIXE LISO DE 360 GRAUS, DE 1 1/4\"","UN    ",4.38]
[39678,"CABECOTE PARA ENTRADA DE LINHA DE ALIMENTACAO PARA ELETRODUTO, EM LIGA DE ALUMINIO COM ACABAMENTO ANTI CORROSIVO, COM FIXACAO POR ENCAIXE LISO DE 360 GRAUS, DE 1/2\"","UN    ",1.76]
[1050,"CABECOTE PARA ENTRADA DE LINHA DE ALIMENTACAO PARA ELETRODUTO, EM LIGA DE ALUMINIO COM ACABAMENTO ANTI CORROSIVO, COM FIXACAO POR ENCAIXE LISO DE 360 GRAUS, DE 1\"","UN    ",3]
[1101,"CABECOTE PARA ENTRADA DE LINHA DE ALIMENTACAO PARA ELETRODUTO, EM LIGA DE ALUMINIO COM ACABAMENTO ANTI CORROSIVO, COM FIXACAO POR ENCAIXE LISO DE 360 GRAUS, DE 2 1/2\"","UN    ",18.91]
[1100,"CABECOTE PARA ENTRADA DE LINHA DE ALIMENTACAO PARA ELETRODUTO, EM LIGA DE ALUMINIO COM ACABAMENTO ANTI CORROSIVO, COM FIXACAO POR ENCAIXE LISO DE 360 GRAUS, DE 2\"","UN    ",9.75]
[39679,"CABECOTE PARA ENTRADA DE LINHA DE ALIMENTACAO PARA ELETRODUTO, EM LIGA DE ALUMINIO COM ACABAMENTO ANTI CORROSIVO, COM FIXACAO POR ENCAIXE LISO DE 360 GRAUS, DE 3 1/2\"","UN    ",37.68]
[1098,"CABECOTE PARA ENTRADA DE LINHA DE ALIMENTACAO PARA ELETRODUTO, EM LIGA DE ALUMINIO COM ACABAMENTO ANTI CORROSIVO, COM FIXACAO POR ENCAIXE LISO DE 360 GRAUS, DE 3/4\"","UN    ",2.34]
[1102,"CABECOTE PARA ENTRADA DE LINHA DE ALIMENTACAO PARA ELETRODUTO, EM LIGA DE ALUMINIO COM ACABAMENTO ANTI CORROSIVO, COM FIXACAO POR ENCAIXE LISO DE 360 GRAUS, DE 3\"","UN    ",28.19]
[1051,"CABECOTE PARA ENTRADA DE LINHA DE ALIMENTACAO PARA ELETRODUTO, EM LIGA DE ALUMINIO COM ACABAMENTO ANTI CORROSIVO, COM FIXACAO POR ENCAIXE LISO DE 360 GRAUS, DE 4\"","UN    ",40.98]
[37399,"CABIDE/GANCHO DE BANHEIRO SIMPLES EM METAL CROMADO","UN    ",20.21]
[42655,"CABO DE ACO GALVANIZADO, DIAMETRO 9,53 MM (3/8\"), COM ALMA DE FIBRA 6 X 25 F  (COLETADO CAIXA)","KG    ",10.3]
[25004,"CABO DE ALUMINIO NU COM ALMA DE ACO, BITOLA 1/0 AWG","KG    ",19.5]
[25002,"CABO DE ALUMINIO NU COM ALMA DE ACO, BITOLA 2 AWG","KG    ",19.66]
[37409,"CABO DE ALUMINIO NU COM ALMA DE ACO, BITOLA 2/0 AWG","KG    ",19.34]
[841,"CABO DE ALUMINIO NU COM ALMA DE ACO, BITOLA 4 AWG","KG    ",19.98]
[25005,"CABO DE ALUMINIO NU SEM ALMA DE ACO, BITOLA 1/0 AWG","KG    ",21.9]
[25003,"CABO DE ALUMINIO NU SEM ALMA DE ACO, BITOLA 2 AWG","KG    ",23.4]
[37410,"CABO DE ALUMINIO NU SEM ALMA DE ACO, BITOLA 2/0 AWG","KG    ",21.9]
[842,"CABO DE ALUMINIO NU SEM ALMA DE ACO, BITOLA 4 AWG","KG    ",24.64]
[862,"CABO DE COBRE NU 10 MM2 MEIO-DURO","M     ",4.99]
[866,"CABO DE COBRE NU 120 MM2 MEIO-DURO","M     ",61.41]
[892,"CABO DE COBRE NU 150 MM2 MEIO-DURO","M     ",78.09]
[857,"CABO DE COBRE NU 16 MM2 MEIO-DURO","M     ",7.95]
[37404,"CABO DE COBRE NU 185 MM2 MEIO-DURO","M     ",93.9]
[868,"CABO DE COBRE NU 25 MM2 MEIO-DURO","M     ",12.27]
[870,"CABO DE COBRE NU 300 MM2 MEIO-DURO","M     ",161.81]
[863,"CABO DE COBRE NU 35 MM2 MEIO-DURO","M     ",16.96]
[867,"CABO DE COBRE NU 50 MM2 MEIO-DURO","M     ",23.62]
[891,"CABO DE COBRE NU 500 MM2 MEIO-DURO","M     ",271.75]
[864,"CABO DE COBRE NU 70 MM2 MEIO-DURO","M     ",33.28]
[865,"CABO DE COBRE NU 95 MM2 MEIO-DURO","M     ",46.88]
[1006,"CABO DE COBRE RIGIDO, CLASSE 2, ISOLACAO EM PVC, ANTI-CHAMA BWF-B, 1 CONDUTOR, 450/750 V, DIAMETRO 120 MM2","M     ",66.26]
[948,"CABO DE COBRE UNIPOLAR 10 MM2, BLINDADO, ISOLACAO 3,6/6 KV EPR, COBERTURA EM PVC","M     ",27.17]
[947,"CABO DE COBRE UNIPOLAR 16 MM2, BLINDADO, ISOLACAO 3,6/6 KV EPR, COBERTURA EM PVC","M     ",27.64]
[911,"CABO DE COBRE UNIPOLAR 16 MM2, BLINDADO, ISOLACAO 6/10 KV EPR, COBERTURA EM PVC","M     ",40.2]
[925,"CABO DE COBRE UNIPOLAR 25 MM2, BLINDADO, ISOLACAO 3,6/6 KV EPR, COBERTURA EM PVC","M     ",37.15]
[954,"CABO DE COBRE UNIPOLAR 25MM2, BLINDADO, ISOLACAO 6/10 KV EPR, COBERTURA EM PVC","M     ",41.04]
[901,"CABO DE COBRE UNIPOLAR 35 MM2, BLINDADO, ISOLACAO 12/20 KV EPR, COBERTURA EM PVC","M     ",43.93]
[926,"CABO DE COBRE UNIPOLAR 35 MM2, BLINDADO, ISOLACAO 3,6/6 KV EPR, COBERTURA EM PVC","M     ",46.42]
[912,"CABO DE COBRE UNIPOLAR 35 MM2, BLINDADO, ISOLACAO 6/10 KV EPR, COBERTURA EM PVC","M     ",46.71]
[955,"CABO DE COBRE UNIPOLAR 50 MM2, BLINDADO, ISOLACAO 12/20 KV EPR, COBERTURA EM PVC","M     ",55.75]
[946,"CABO DE COBRE UNIPOLAR 50 MM2, BLINDADO, ISOLACAO 3,6/6 KV EPR, COBERTURA EM PVC","M     ",62.68]
[953,"CABO DE COBRE UNIPOLAR 50 MM2, BLINDADO, ISOLACAO 6/10 KV EPR, COBERTURA EM PVC","M     ",57.04]
[902,"CABO DE COBRE UNIPOLAR 70 MM2, BLINDADO, ISOLACAO 12/20 KV EPR, COBERTURA EM PVC","M     ",69.34]
[927,"CABO DE COBRE UNIPOLAR 70 MM2, BLINDADO, ISOLACAO 3,6/6 KV EPR, COBERTURA EM PVC","M     ",67.21]
[913,"CABO DE COBRE UNIPOLAR 70 MM2, BLINDADO, ISOLACAO 6/10 KV EPR, COBERTURA EM PVC","M     ",75.02]
[903,"CABO DE COBRE UNIPOLAR 95 MM2, BLINDADO, ISOLACAO 12/20 KV EPR, COBERTURA EM PVC","M     ",84.9]
[945,"CABO DE COBRE UNIPOLAR 95 MM2, BLINDADO, ISOLACAO 3,6/6 KV EPR, COBERTURA EM PVC","M     ",89.81]
[914,"CABO DE COBRE UNIPOLAR 95 MM2, BLINDADO, ISOLACAO 6/10 KV EPR, COBERTURA EM PVC","M     ",92]
[993,"CABO DE COBRE, FLEXIVEL, CLASSE 4 OU 5, ISOLACAO EM PVC/A, ANTICHAMA BWF-B, COBERTURA PVC-ST1, ANTICHAMA BWF-B, 1 CONDUTOR, 0,6/1 KV, SECAO NOMINAL 1,5 MM2","M     ",1.42]
[1020,"CABO DE COBRE, FLEXIVEL, CLASSE 4 OU 5, ISOLACAO EM PVC/A, ANTICHAMA BWF-B, COBERTURA PVC-ST1, ANTICHAMA BWF-B, 1 CONDUTOR, 0,6/1 KV, SECAO NOMINAL 10 MM2","M     ",6.21]
[1017,"CABO DE COBRE, FLEXIVEL, CLASSE 4 OU 5, ISOLACAO EM PVC/A, ANTICHAMA BWF-B, COBERTURA PVC-ST1, ANTICHAMA BWF-B, 1 CONDUTOR, 0,6/1 KV, SECAO NOMINAL 120 MM2","M     ",68.26]
[999,"CABO DE COBRE, FLEXIVEL, CLASSE 4 OU 5, ISOLACAO EM PVC/A, ANTICHAMA BWF-B, COBERTURA PVC-ST1, ANTICHAMA BWF-B, 1 CONDUTOR, 0,6/1 KV, SECAO NOMINAL 150 MM2","M     ",84.58]
[995,"CABO DE COBRE, FLEXIVEL, CLASSE 4 OU 5, ISOLACAO EM PVC/A, ANTICHAMA BWF-B, COBERTURA PVC-ST1, ANTICHAMA BWF-B, 1 CONDUTOR, 0,6/1 KV, SECAO NOMINAL 16 MM2","M     ",9.53]
[1000,"CABO DE COBRE, FLEXIVEL, CLASSE 4 OU 5, ISOLACAO EM PVC/A, ANTICHAMA BWF-B, COBERTURA PVC-ST1, ANTICHAMA BWF-B, 1 CONDUTOR, 0,6/1 KV, SECAO NOMINAL 185 MM2","M     ",103.68]
[1022,"CABO DE COBRE, FLEXIVEL, CLASSE 4 OU 5, ISOLACAO EM PVC/A, ANTICHAMA BWF-B, COBERTURA PVC-ST1, ANTICHAMA BWF-B, 1 CONDUTOR, 0,6/1 KV, SECAO NOMINAL 2,5 MM2","M     ",1.98]
[1015,"CABO DE COBRE, FLEXIVEL, CLASSE 4 OU 5, ISOLACAO EM PVC/A, ANTICHAMA BWF-B, COBERTURA PVC-ST1, ANTICHAMA BWF-B, 1 CONDUTOR, 0,6/1 KV, SECAO NOMINAL 240 MM2","M     ",136.53]
[996,"CABO DE COBRE, FLEXIVEL, CLASSE 4 OU 5, ISOLACAO EM PVC/A, ANTICHAMA BWF-B, COBERTURA PVC-ST1, ANTICHAMA BWF-B, 1 CONDUTOR, 0,6/1 KV, SECAO NOMINAL 25 MM2","M     ",14.5]
[1001,"CABO DE COBRE, FLEXIVEL, CLASSE 4 OU 5, ISOLACAO EM PVC/A, ANTICHAMA BWF-B, COBERTURA PVC-ST1, ANTICHAMA BWF-B, 1 CONDUTOR, 0,6/1 KV, SECAO NOMINAL 300 MM2","M     ",170.86]
[1019,"CABO DE COBRE, FLEXIVEL, CLASSE 4 OU 5, ISOLACAO EM PVC/A, ANTICHAMA BWF-B, COBERTURA PVC-ST1, ANTICHAMA BWF-B, 1 CONDUTOR, 0,6/1 KV, SECAO NOMINAL 35 MM2","M     ",19.99]
[1021,"CABO DE COBRE, FLEXIVEL, CLASSE 4 OU 5, ISOLACAO EM PVC/A, ANTICHAMA BWF-B, COBERTURA PVC-ST1, ANTICHAMA BWF-B, 1 CONDUTOR, 0,6/1 KV, SECAO NOMINAL 4 MM2","M     ",2.84]
[39249,"CABO DE COBRE, FLEXIVEL, CLASSE 4 OU 5, ISOLACAO EM PVC/A, ANTICHAMA BWF-B, COBERTURA PVC-ST1, ANTICHAMA BWF-B, 1 CONDUTOR, 0,6/1 KV, SECAO NOMINAL 400 MM2","M     ",222.89]
[1018,"CABO DE COBRE, FLEXIVEL, CLASSE 4 OU 5, ISOLACAO EM PVC/A, ANTICHAMA BWF-B, COBERTURA PVC-ST1, ANTICHAMA BWF-B, 1 CONDUTOR, 0,6/1 KV, SECAO NOMINAL 50 MM2","M     ",28.49]
[39250,"CABO DE COBRE, FLEXIVEL, CLASSE 4 OU 5, ISOLACAO EM PVC/A, ANTICHAMA BWF-B, COBERTURA PVC-ST1, ANTICHAMA BWF-B, 1 CONDUTOR, 0,6/1 KV, SECAO NOMINAL 500 MM2","M     ",286.32]
[994,"CABO DE COBRE, FLEXIVEL, CLASSE 4 OU 5, ISOLACAO EM PVC/A, ANTICHAMA BWF-B, COBERTURA PVC-ST1, ANTICHAMA BWF-B, 1 CONDUTOR, 0,6/1 KV, SECAO NOMINAL 6 MM2","M     ",3.87]
[977,"CABO DE COBRE, FLEXIVEL, CLASSE 4 OU 5, ISOLACAO EM PVC/A, ANTICHAMA BWF-B, COBERTURA PVC-ST1, ANTICHAMA BWF-B, 1 CONDUTOR, 0,6/1 KV, SECAO NOMINAL 70 MM2","M     ",39.48]
[998,"CABO DE COBRE, FLEXIVEL, CLASSE 4 OU 5, ISOLACAO EM PVC/A, ANTICHAMA BWF-B, COBERTURA PVC-ST1, ANTICHAMA BWF-B, 1 CONDUTOR, 0,6/1 KV, SECAO NOMINAL 95 MM2","M     ",52.44]
[39251,"CABO DE COBRE, FLEXIVEL, CLASSE 4 OU 5, ISOLACAO EM PVC/A, ANTICHAMA BWF-B, 1 CONDUTOR, 450/750 V, SECAO NOMINAL 0,5 MM2","M     ",0.38]
[1011,"CABO DE COBRE, FLEXIVEL, CLASSE 4 OU 5, ISOLACAO EM PVC/A, ANTICHAMA BWF-B, 1 CONDUTOR, 450/750 V, SECAO NOMINAL 0,75 MM2","M     ",0.52]
[39252,"CABO DE COBRE, FLEXIVEL, CLASSE 4 OU 5, ISOLACAO EM PVC/A, ANTICHAMA BWF-B, 1 CONDUTOR, 450/750 V, SECAO NOMINAL 1,0 MM2","M     ",0.63]
[1013,"CABO DE COBRE, FLEXIVEL, CLASSE 4 OU 5, ISOLACAO EM PVC/A, ANTICHAMA BWF-B, 1 CONDUTOR, 450/750 V, SECAO NOMINAL 1,5 MM2","M     ",0.83]
[980,"CABO DE COBRE, FLEXIVEL, CLASSE 4 OU 5, ISOLACAO EM PVC/A, ANTICHAMA BWF-B, 1 CONDUTOR, 450/750 V, SECAO NOMINAL 10 MM2","M     ",5.69]
[39237,"CABO DE COBRE, FLEXIVEL, CLASSE 4 OU 5, ISOLACAO EM PVC/A, ANTICHAMA BWF-B, 1 CONDUTOR, 450/750 V, SECAO NOMINAL 120 MM2","M     ",67.55]
[39238,"CABO DE COBRE, FLEXIVEL, CLASSE 4 OU 5, ISOLACAO EM PVC/A, ANTICHAMA BWF-B, 1 CONDUTOR, 450/750 V, SECAO NOMINAL 150 MM2","M     ",84.33]
[979,"CABO DE COBRE, FLEXIVEL, CLASSE 4 OU 5, ISOLACAO EM PVC/A, ANTICHAMA BWF-B, 1 CONDUTOR, 450/750 V, SECAO NOMINAL 16 MM2","M     ",8.78]
[39239,"CABO DE COBRE, FLEXIVEL, CLASSE 4 OU 5, ISOLACAO EM PVC/A, ANTICHAMA BWF-B, 1 CONDUTOR, 450/750 V, SECAO NOMINAL 185 MM2","M     ",102.63]
[1014,"CABO DE COBRE, FLEXIVEL, CLASSE 4 OU 5, ISOLACAO EM PVC/A, ANTICHAMA BWF-B, 1 CONDUTOR, 450/750 V, SECAO NOMINAL 2,5 MM2","M     ",1.33]
[39240,"CABO DE COBRE, FLEXIVEL, CLASSE 4 OU 5, ISOLACAO EM PVC/A, ANTICHAMA BWF-B, 1 CONDUTOR, 450/750 V, SECAO NOMINAL 240 MM2","M     ",135.65]
[39232,"CABO DE COBRE, FLEXIVEL, CLASSE 4 OU 5, ISOLACAO EM PVC/A, ANTICHAMA BWF-B, 1 CONDUTOR, 450/750 V, SECAO NOMINAL 25 MM2","M     ",14.08]
[39233,"CABO DE COBRE, FLEXIVEL, CLASSE 4 OU 5, ISOLACAO EM PVC/A, ANTICHAMA BWF-B, 1 CONDUTOR, 450/750 V, SECAO NOMINAL 35 MM2","M     ",19.36]
[981,"CABO DE COBRE, FLEXIVEL, CLASSE 4 OU 5, ISOLACAO EM PVC/A, ANTICHAMA BWF-B, 1 CONDUTOR, 450/750 V, SECAO NOMINAL 4 MM2","M     ",2.38]
[39234,"CABO DE COBRE, FLEXIVEL, CLASSE 4 OU 5, ISOLACAO EM PVC/A, ANTICHAMA BWF-B, 1 CONDUTOR, 450/750 V, SECAO NOMINAL 50 MM2","M     ",28.42]
[982,"CABO DE COBRE, FLEXIVEL, CLASSE 4 OU 5, ISOLACAO EM PVC/A, ANTICHAMA BWF-B, 1 CONDUTOR, 450/750 V, SECAO NOMINAL 6 MM2","M     ",3.33]
[39235,"CABO DE COBRE, FLEXIVEL, CLASSE 4 OU 5, ISOLACAO EM PVC/A, ANTICHAMA BWF-B, 1 CONDUTOR, 450/750 V, SECAO NOMINAL 70 MM2","M     ",39.97]
[39236,"CABO DE COBRE, FLEXIVEL, CLASSE 4 OU 5, ISOLACAO EM PVC/A, ANTICHAMA BWF-B, 1 CONDUTOR, 450/750 V, SECAO NOMINAL 95 MM2","M     ",52.4]
[876,"CABO DE COBRE, RIGIDO, CLASSE 2, COMPACTADO, BLINDADO, ISOLACAO EM EPR OU XLPE, COBERTURA ANTICHAMA EM PVC, PEAD OU HFFR, 1 CONDUTOR, 20/35 KV, SECAO NOMINAL 120 MM2","M     ",135.27]
[877,"CABO DE COBRE, RIGIDO, CLASSE 2, COMPACTADO, BLINDADO, ISOLACAO EM EPR OU XLPE, COBERTURA ANTICHAMA EM PVC, PEAD OU HFFR, 1 CONDUTOR, 20/35 KV, SECAO NOMINAL 150 MM2","M     ",159.02]
[882,"CABO DE COBRE, RIGIDO, CLASSE 2, COMPACTADO, BLINDADO, ISOLACAO EM EPR OU XLPE, COBERTURA ANTICHAMA EM PVC, PEAD OU HFFR, 1 CONDUTOR, 20/35 KV, SECAO NOMINAL 185 MM2","M     ",173.28]
[878,"CABO DE COBRE, RIGIDO, CLASSE 2, COMPACTADO, BLINDADO, ISOLACAO EM EPR OU XLPE, COBERTURA ANTICHAMA EM PVC, PEAD OU HFFR, 1 CONDUTOR, 20/35 KV, SECAO NOMINAL 240 MM2","M     ",215.43]
[879,"CABO DE COBRE, RIGIDO, CLASSE 2, COMPACTADO, BLINDADO, ISOLACAO EM EPR OU XLPE, COBERTURA ANTICHAMA EM PVC, PEAD OU HFFR, 1 CONDUTOR, 20/35 KV, SECAO NOMINAL 300 MM2","M     ",253.92]
[880,"CABO DE COBRE, RIGIDO, CLASSE 2, COMPACTADO, BLINDADO, ISOLACAO EM EPR OU XLPE, COBERTURA ANTICHAMA EM PVC, PEAD OU HFFR, 1 CONDUTOR, 20/35 KV, SECAO NOMINAL 400 MM2","M     ",298.77]
[873,"CABO DE COBRE, RIGIDO, CLASSE 2, COMPACTADO, BLINDADO, ISOLACAO EM EPR OU XLPE, COBERTURA ANTICHAMA EM PVC, PEAD OU HFFR, 1 CONDUTOR, 20/35 KV, SECAO NOMINAL 50 MM2","M     ",90.84]
[881,"CABO DE COBRE, RIGIDO, CLASSE 2, COMPACTADO, BLINDADO, ISOLACAO EM EPR OU XLPE, COBERTURA ANTICHAMA EM PVC, PEAD OU HFFR, 1 CONDUTOR, 20/35 KV, SECAO NOMINAL 500 MM2","M     ",408.36]
[874,"CABO DE COBRE, RIGIDO, CLASSE 2, COMPACTADO, BLINDADO, ISOLACAO EM EPR OU XLPE, COBERTURA ANTICHAMA EM PVC, PEAD OU HFFR, 1 CONDUTOR, 20/35 KV, SECAO NOMINAL 70 MM2","M     ",107.81]
[875,"CABO DE COBRE, RIGIDO, CLASSE 2, COMPACTADO, BLINDADO, ISOLACAO EM EPR OU XLPE, COBERTURA ANTICHAMA EM PVC, PEAD OU HFFR, 1 CONDUTOR, 20/35 KV, SECAO NOMINAL 95 MM2","M     ",128.63]
[983,"CABO DE COBRE, RIGIDO, CLASSE 2, ISOLACAO EM PVC/A, ANTICHAMA BWF-B, 1 CONDUTOR, 450/750 V, SECAO NOMINAL 1,5 MM2","M     ",0.8]
[985,"CABO DE COBRE, RIGIDO, CLASSE 2, ISOLACAO EM PVC/A, ANTICHAMA BWF-B, 1 CONDUTOR, 450/750 V, SECAO NOMINAL 10 MM2","M     ",6.04]
[990,"CABO DE COBRE, RIGIDO, CLASSE 2, ISOLACAO EM PVC/A, ANTICHAMA BWF-B, 1 CONDUTOR, 450/750 V, SECAO NOMINAL 150 MM2","M     ",82.69]
[39241,"CABO DE COBRE, RIGIDO, CLASSE 2, ISOLACAO EM PVC/A, ANTICHAMA BWF-B, 1 CONDUTOR, 450/750 V, SECAO NOMINAL 16 MM2","M     ",9.45]
[1005,"CABO DE COBRE, RIGIDO, CLASSE 2, ISOLACAO EM PVC/A, ANTICHAMA BWF-B, 1 CONDUTOR, 450/750 V, SECAO NOMINAL 185 MM2","M     ",101.49]
[984,"CABO DE COBRE, RIGIDO, CLASSE 2, ISOLACAO EM PVC/A, ANTICHAMA BWF-B, 1 CONDUTOR, 450/750 V, SECAO NOMINAL 2,5 MM2","M     ",2.08]
[991,"CABO DE COBRE, RIGIDO, CLASSE 2, ISOLACAO EM PVC/A, ANTICHAMA BWF-B, 1 CONDUTOR, 450/750 V, SECAO NOMINAL 240 MM2","M     ",134.11]
[986,"CABO DE COBRE, RIGIDO, CLASSE 2, ISOLACAO EM PVC/A, ANTICHAMA BWF-B, 1 CONDUTOR, 450/750 V, SECAO NOMINAL 25 MM2","M     ",14.45]
[1024,"CABO DE COBRE, RIGIDO, CLASSE 2, ISOLACAO EM PVC/A, ANTICHAMA BWF-B, 1 CONDUTOR, 450/750 V, SECAO NOMINAL 300 MM2","M     ",165.98]
[987,"CABO DE COBRE, RIGIDO, CLASSE 2, ISOLACAO EM PVC/A, ANTICHAMA BWF-B, 1 CONDUTOR, 450/750 V, SECAO NOMINAL 35 MM2","M     ",19.63]
[1003,"CABO DE COBRE, RIGIDO, CLASSE 2, ISOLACAO EM PVC/A, ANTICHAMA BWF-B, 1 CONDUTOR, 450/750 V, SECAO NOMINAL 4 MM2","M     ",3.05]
[992,"CABO DE COBRE, RIGIDO, CLASSE 2, ISOLACAO EM PVC/A, ANTICHAMA BWF-B, 1 CONDUTOR, 450/750 V, SECAO NOMINAL 400 MM2","M     ",214.74]
[1007,"CABO DE COBRE, RIGIDO, CLASSE 2, ISOLACAO EM PVC/A, ANTICHAMA BWF-B, 1 CONDUTOR, 450/750 V, SECAO NOMINAL 50 MM2","M     ",27.85]
[39242,"CABO DE COBRE, RIGIDO, CLASSE 2, ISOLACAO EM PVC/A, ANTICHAMA BWF-B, 1 CONDUTOR, 450/750 V, SECAO NOMINAL 500 MM2","M     ",266.07]
[1008,"CABO DE COBRE, RIGIDO, CLASSE 2, ISOLACAO EM PVC/A, ANTICHAMA BWF-B, 1 CONDUTOR, 450/750 V, SECAO NOMINAL 6 MM2","M     ",3.46]
[988,"CABO DE COBRE, RIGIDO, CLASSE 2, ISOLACAO EM PVC/A, ANTICHAMA BWF-B, 1 CONDUTOR, 450/750 V, SECAO NOMINAL 70 MM2","M     ",38.47]
[989,"CABO DE COBRE, RIGIDO, CLASSE 2, ISOLACAO EM PVC/A, ANTICHAMA BWF-B, 1 CONDUTOR, 450/750 V, SECAO NOMINAL 95 MM2","M     ",52.11]
[39598,"CABO DE PAR TRANCADO UTP, 4 PARES, CATEGORIA 5E","M     ",1.1]
[39599,"CABO DE PAR TRANCADO UTP, 4 PARES, CATEGORIA 6","M     ",1.67]
[34602,"CABO FLEXIVEL PVC 750 V, 2 CONDUTORES DE 1,5 MM2","M     ",2.56]
[34603,"CABO FLEXIVEL PVC 750 V, 2 CONDUTORES DE 10,0 MM2","M     ",12.31]
[34607,"CABO FLEXIVEL PVC 750 V, 2 CONDUTORES DE 4,0 MM2","M     ",5.49]
[34609,"CABO FLEXIVEL PVC 750 V, 2 CONDUTORES DE 6,0 MM2","M     ",8.23]
[34618,"CABO FLEXIVEL PVC 750 V, 3 CONDUTORES DE 1,5 MM2","M     ",3.39]
[34620,"CABO FLEXIVEL PVC 750 V, 3 CONDUTORES DE 10,0 MM2","M     ",16.99]
[34621,"CABO FLEXIVEL PVC 750 V, 3 CONDUTORES DE 4,0 MM2","M     ",7.88]
[34622,"CABO FLEXIVEL PVC 750 V, 3 CONDUTORES DE 6,0 MM2","M     ",11.16]
[34624,"CABO FLEXIVEL PVC 750 V, 4 CONDUTORES DE 1,5 MM2","M     ",4.33]
[34626,"CABO FLEXIVEL PVC 750 V, 4 CONDUTORES DE 10,0 MM2","M     ",23.35]
[34627,"CABO FLEXIVEL PVC 750 V, 4 CONDUTORES DE 4,0 MM2","M     ",10.06]
[34629,"CABO FLEXIVEL PVC 750 V, 4 CONDUTORES DE 6,0 MM2","M     ",14.73]
[39257,"CABO MULTIPOLAR DE COBRE, FLEXIVEL, CLASSE 4 OU 5, ISOLACAO EM HEPR, COBERTURA EM PVC-ST2, ANTICHAMA BWF-B, 0,6/1 KV, 3 CONDUTORES DE 1,5 MM2","M     ",3.64]
[39261,"CABO MULTIPOLAR DE COBRE, FLEXIVEL, CLASSE 4 OU 5, ISOLACAO EM HEPR, COBERTURA EM PVC-ST2, ANTICHAMA BWF-B, 0,6/1 KV, 3 CONDUTORES DE 10 MM2","M     ",19.38]
[39268,"CABO MULTIPOLAR DE COBRE, FLEXIVEL, CLASSE 4 OU 5, ISOLACAO EM HEPR, COBERTURA EM PVC-ST2, ANTICHAMA BWF-B, 0,6/1 KV, 3 CONDUTORES DE 120 MM2","M     ",223.65]
[39262,"CABO MULTIPOLAR DE COBRE, FLEXIVEL, CLASSE 4 OU 5, ISOLACAO EM HEPR, COBERTURA EM PVC-ST2, ANTICHAMA BWF-B, 0,6/1 KV, 3 CONDUTORES DE 16 MM2","M     ",30.31]
[39258,"CABO MULTIPOLAR DE COBRE, FLEXIVEL, CLASSE 4 OU 5, ISOLACAO EM HEPR, COBERTURA EM PVC-ST2, ANTICHAMA BWF-B, 0,6/1 KV, 3 CONDUTORES DE 2,5 MM2","M     ",5.39]
[39263,"CABO MULTIPOLAR DE COBRE, FLEXIVEL, CLASSE 4 OU 5, ISOLACAO EM HEPR, COBERTURA EM PVC-ST2, ANTICHAMA BWF-B, 0,6/1 KV, 3 CONDUTORES DE 25 MM2","M     ",46.89]
[39264,"CABO MULTIPOLAR DE COBRE, FLEXIVEL, CLASSE 4 OU 5, ISOLACAO EM HEPR, COBERTURA EM PVC-ST2, ANTICHAMA BWF-B, 0,6/1 KV, 3 CONDUTORES DE 35 MM2","M     ",63.5]
[39259,"CABO MULTIPOLAR DE COBRE, FLEXIVEL, CLASSE 4 OU 5, ISOLACAO EM HEPR, COBERTURA EM PVC-ST2, ANTICHAMA BWF-B, 0,6/1 KV, 3 CONDUTORES DE 4 MM2","M     ",8.21]
[39265,"CABO MULTIPOLAR DE COBRE, FLEXIVEL, CLASSE 4 OU 5, ISOLACAO EM HEPR, COBERTURA EM PVC-ST2, ANTICHAMA BWF-B, 0,6/1 KV, 3 CONDUTORES DE 50 MM2","M     ",93.54]
[39260,"CABO MULTIPOLAR DE COBRE, FLEXIVEL, CLASSE 4 OU 5, ISOLACAO EM HEPR, COBERTURA EM PVC-ST2, ANTICHAMA BWF-B, 0,6/1 KV, 3 CONDUTORES DE 6 MM2","M     ",11.69]
[39266,"CABO MULTIPOLAR DE COBRE, FLEXIVEL, CLASSE 4 OU 5, ISOLACAO EM HEPR, COBERTURA EM PVC-ST2, ANTICHAMA BWF-B, 0,6/1 KV, 3 CONDUTORES DE 70 MM2","M     ",131.25]
[39267,"CABO MULTIPOLAR DE COBRE, FLEXIVEL, CLASSE 4 OU 5, ISOLACAO EM HEPR, COBERTURA EM PVC-ST2, ANTICHAMA BWF-B, 0,6/1 KV, 3 CONDUTORES DE 95 MM2","M     ",172.04]
[11901,"CABO TELEFONICO CCI 50, 1 PAR, USO INTERNO, SEM BLINDAGEM","M     ",0.4]
[11902,"CABO TELEFONICO CCI 50, 2 PARES, USO INTERNO, SEM BLINDAGEM","M     ",0.69]
[11903,"CABO TELEFONICO CCI 50, 3 PARES, USO INTERNO, SEM BLINDAGEM","M     ",1.07]
[11904,"CABO TELEFONICO CCI 50, 4 PARES, USO INTERNO, SEM BLINDAGEM","M     ",1.37]
[11905,"CABO TELEFONICO CCI 50, 5 PARES, USO INTERNO, SEM BLINDAGEM","M     ",1.84]
[11906,"CABO TELEFONICO CCI 50, 6 PARES, USO INTERNO, SEM BLINDAGEM","M     ",2.12]
[11919,"CABO TELEFONICO CI 50, 10 PARES, USO INTERNO","M     ",4.16]
[11920,"CABO TELEFONICO CI 50, 20 PARES, USO INTERNO","M     ",8.07]
[11924,"CABO TELEFONICO CI 50, 200 PARES, USO INTERNO","M     ",78.49]
[11921,"CABO TELEFONICO CI 50, 30 PARES, USO INTERNO","M     ",10.99]
[11922,"CABO TELEFONICO CI 50, 50 PARES, USO INTERNO","M     ",19.51]
[11923,"CABO TELEFONICO CI 50, 75 PARES, USO INTERNO","M     ",31.86]
[11916,"CABO TELEFONICO CTP - APL - 50, 10 PARES, USO EXTERNO","M     ",5.4]
[11914,"CABO TELEFONICO CTP - APL - 50, 100 PARES, USO EXTERNO","M     ",39.26]
[11917,"CABO TELEFONICO CTP - APL - 50, 20 PARES, USO EXTERNO","M     ",9.41]
[11918,"CABO TELEFONICO CTP - APL - 50, 30 PARES, USO EXTERNO","M     ",12.76]
[37734,"CACAMBA METALICA BASCULANTE COM CAPACIDADE DE 10 M3 (INCLUI MONTAGEM, NAO INCLUI CAMINHAO)","UN    ",{"v":30031.46,"d":"30,031.46"}]
[42251,"CACAMBA METALICA BASCULANTE COM CAPACIDADE DE 12 M3 (INCLUI MONTAGEM, NAO INCLUI CAMINHAO)","UN    ",{"v":34102.56,"d":"34,102.56"}]
[37733,"CACAMBA METALICA BASCULANTE COM CAPACIDADE DE 6 M3 (INCLUI MONTAGEM, NAO INCLUI CAMINHAO)","UN    ",{"v":22517.48,"d":"22,517.48"}]
[37735,"CACAMBA METALICA BASCULANTE COM CAPACIDADE DE 8 M3 (INCLUI MONTAGEM, NAO INCLUI CAMINHAO)","UN    ",{"v":27133.56,"d":"27,133.56"}]
[41758,"CADEADO EM ACO INOX, LARGURA DE *50* MM, COM HASTE EM ACO TEMPERADO, SEM MOLA - CHAVES INCLUIDAS","UN    ",123.52]
[5090,"CADEADO SIMPLES/COMUM, EM LATAO MACICO CROMADO, LARGURA DE 25 MM,  HASTE DE ACO TEMPERADO, CEMENTADO (NAO LONGA), INCLUI 2 CHAVES","UN    ",14.15]
[5085,"CADEADO SIMPLES, EM LATAO MACICO CROMADO, LARGURA DE 35 MM,  HASTE DE ACO TEMPERADO, CEMENTADO (NAO LONGA), INCLUI 2 CHAVES","UN    ",15.77]
[38374,"CADEIRA SUSPENSA MANUAL / BALANCIM INDIVIDUAL (NBR 14751)","UN    ",779.7]
[20212,"CAIBRO DE MADEIRA APARELHADA *6 X 8* CM, MACARANDUBA, ANGELIM OU EQUIVALENTE DA REGIAO","M     ",11.03]
[4430,"CAIBRO DE MADEIRA NAO APARELHADA *5 X 6* CM, MACARANDUBA, ANGELIM OU EQUIVALENTE DA REGIAO","M     ",7]
[4400,"CAIBRO DE MADEIRA NAO APARELHADA *6 X 8* CM, MACARANDUBA, ANGELIM OU EQUIVALENTE DA REGIAO","M     ",8.84]
[4500,"CAIBRO DE MADEIRA NAO APARELHADA *7,5 X 10 CM (3 X 4 \") PINUS, MISTA OU EQUIVALENTE DA REGIAO","M     ",12.08]
[4513,"CAIBRO DE MADEIRA NAO APARELHADA 5 X 5 CM (2 X 2 \") PINUS, MISTA OU EQUIVALENTE DA REGIAO","M     ",3.24]
[4496,"CAIBRO DE MADEIRA NAO APARELHADA 5 X 5 CM, CEDRINHO OU EQUIVALENTE DA REGIAO","M     ",4.74]
[11871,"CAIXA D'AGUA DE FIBRA DE VIDRO, PARA 500 LITROS, COM TAMPA","UN    ",216.7]
[34636,"CAIXA D'AGUA EM POLIETILENO 1000 LITROS, COM TAMPA","UN    ",347]
[34639,"CAIXA D'AGUA EM POLIETILENO 1500 LITROS, COM TAMPA","UN    ",704.75]
[34640,"CAIXA D'AGUA EM POLIETILENO 2000 LITROS, COM TAMPA","UN    ",791.62]
[34637,"CAIXA D'AGUA EM POLIETILENO 500 LITROS, COM TAMPA","UN    ",199.23]
[34638,"CAIXA D'AGUA EM POLIETILENO 750 LITROS, COM TAMPA","UN    ",341.65]
[11868,"CAIXA D'AGUA FIBRA DE VIDRO PARA 1000 LITROS, COM TAMPA","UN    ",297.82]
[37106,"CAIXA D'AGUA FIBRA DE VIDRO PARA 10000 LITROS, COM TAMPA","UN    ",{"v":2876.64,"d":"2,876.64"}]
[11869,"CAIXA D'AGUA FIBRA DE VIDRO PARA 1500 LITROS, COM TAMPA","UN    ",483.21]
[37104,"CAIXA D'AGUA FIBRA DE VIDRO PARA 2000 LITROS, COM TAMPA","UN    ",622.89]
[37105,"CAIXA D'AGUA FIBRA DE VIDRO PARA 5000 LITROS, COM TAMPA","UN    ",{"v":1387.28,"d":"1,387.28"}]
[11638,"CAIXA DE CONCRETO PRE-MOLDADO PARA AR-CONDICIONADO DE JANELA, DE *80 X 54 X 76,5* CM (L X A X P)","UN    ",108.68]
[1030,"CAIXA DE DESCARGA DE PLASTICO EXTERNA, DE *9* L, PUXADOR FIO DE NYLON, NAO INCLUSO CANO, BOLSA, ENGATE","UN    ",22.9]
[11694,"CAIXA DE DESCARGA PLASTICA DE EMBUTIR COMPLETA, COM ESPELHO PLASTICO, CAPACIDADE 6 A 10 L, ACESSORIOS INCLUSOS","UN    ",506.21]
[35277,"CAIXA DE GORDURA EM PVC, DIAMETRO MINIMO 300 MM, DIAMETRO DE SAIDA 100 MM, CAPACIDADE  APROXIMADA 18 LITROS, COM TAMPA","UN    ",346.73]
[10521,"CAIXA DE INCENDIO/ABRIGO PARA MANGUEIRA, DE EMBUTIR/INTERNA, COM 75 X 45 X 17 CM, EM CHAPA DE ACO, PORTA COM VENTILACAO, VISOR COM A INSCRICAO \"INCENDIO\", SUPORTE/CESTA INTERNA PARA A MANGUEIRA, PINTURA ELETROSTATICA VERMELHA","UN    ",176.18]
[10885,"CAIXA DE INCENDIO/ABRIGO PARA MANGUEIRA, DE EMBUTIR/INTERNA, COM 90 X 60 X 17 CM, EM CHAPA DE ACO, PORTA COM VENTILACAO, VISOR COM A INSCRICAO \"INCENDIO\", SUPORTE/CESTA INTERNA PARA A MANGUEIRA, PINTURA ELETROSTATICA VERMELHA","UN    ",222.85]
[20962,"CAIXA DE INCENDIO/ABRIGO PARA MANGUEIRA, DE SOBREPOR/EXTERNA, COM 75 X 45 X 17 CM, EM CHAPA DE ACO, PORTA COM VENTILACAO, VISOR COM A INSCRICAO \"INCENDIO\", SUPORTE/CESTA INTERNA PARA A MANGUEIRA, PINTURA ELETROSTATICA VERMELHA","UN    ",184.58]
[20963,"CAIXA DE INCENDIO/ABRIGO PARA MANGUEIRA, DE SOBREPOR/EXTERNA, COM 90 X 60 X 17 CM, EM CHAPA DE ACO, PORTA COM VENTILACAO, VISOR COM A INSCRICAO \"INCENDIO\", SUPORTE/CESTA INTERNA PARA A MANGUEIRA, PINTURA ELETROSTATICA VERMELHA","UN    ",225.48]
[2555,"CAIXA DE LUZ \"3 X 3\" EM ACO ESMALTADA","UN    ",1.18]
[2556,"CAIXA DE LUZ \"4 X 2\" EM ACO ESMALTADA","UN    ",1.1]
[2557,"CAIXA DE LUZ \"4 X 4\" EM ACO ESMALTADA","UN    ",2.31]
[39810,"CAIXA DE PASSAGEM DE PAREDE, DE EMBUTIR, EM PVC, DIMENSOES *120 X 120 X 75* MM","UN    ",15.61]
[39811,"CAIXA DE PASSAGEM DE PAREDE, DE EMBUTIR, EM PVC, DIMENSOES *150 X 150 X 75* MM","UN    ",19.76]
[39812,"CAIXA DE PASSAGEM DE PAREDE, DE EMBUTIR, EM PVC, DIMENSOES *200 X 200 X 90* MM","UN    ",30.15]
[20254,"CAIXA DE PASSAGEM METALICA DE SOBREPOR COM TAMPA PARAFUSADA, DIMENSOES 15 X 15 X 10 CM","UN    ",12.77]
[39771,"CAIXA DE PASSAGEM METALICA DE SOBREPOR COM TAMPA PARAFUSADA, DIMENSOES 20 X 20 X 10 CM","UN    ",21.15]
[20255,"CAIXA DE PASSAGEM METALICA DE SOBREPOR COM TAMPA PARAFUSADA, DIMENSOES 25 X 25 X 10 CM","UN    ",34.94]
[39772,"CAIXA DE PASSAGEM METALICA DE SOBREPOR COM TAMPA PARAFUSADA, DIMENSOES 30 X 30 X 10 CM","UN    ",41.89]
[20253,"CAIXA DE PASSAGEM METALICA DE SOBREPOR COM TAMPA PARAFUSADA, DIMENSOES 35 X 35 X 12 CM","UN    ",73.02]
[39773,"CAIXA DE PASSAGEM METALICA DE SOBREPOR COM TAMPA PARAFUSADA, DIMENSOES 40 X 40 X 15 CM","UN    ",75.85]
[39774,"CAIXA DE PASSAGEM METALICA DE SOBREPOR COM TAMPA PARAFUSADA, DIMENSOES 50 X 50 X 15 CM","UN    ",98.56]
[39775,"CAIXA DE PASSAGEM METALICA DE SOBREPOR COM TAMPA PARAFUSADA, DIMENSOES 60 X 60 X 20 CM","UN    ",172.61]
[39776,"CAIXA DE PASSAGEM METALICA DE SOBREPOR COM TAMPA PARAFUSADA, DIMENSOES 70 X 70 X 20 CM","UN    ",212.44]
[39777,"CAIXA DE PASSAGEM METALICA DE SOBREPOR COM TAMPA PARAFUSADA, DIMENSOES 80 X 80 X 20 CM","UN    ",254.93]
[11250,"CAIXA DE PASSAGEM N 2, DE EMBUTIR, PADRAO TELEBRAS, DIMENSOES 20 X 20 X 12 CM, EM CHAPA DE ACO GALVANIZADO","UN    ",37.86]
[39766,"CAIXA DE PASSAGEM N 2, DE SOBREPOR, PADRAO TELEBRAS, DIMENSOES 20 X 20 X *12* CM, EM CHAPA DE ACO GALVANIZADO","UN    ",46.2]
[11251,"CAIXA DE PASSAGEM N 3, DE EMBUTIR, PADRAO TELEBRAS, DIMENSOES 40 X 40 X 12 CM, EM CHAPA DE ACO GALVANIZADO","UN    ",79.66]
[39767,"CAIXA DE PASSAGEM N 3, DE SOBREPOR, PADRAO TELEBRAS, DIMENSOES 40 X 40 X *12* CM, EM CHAPA DE ACO GALVANIZADO","UN    ",104.89]
[11253,"CAIXA DE PASSAGEM N 4, DE EMBUTIR, PADRAO TELEBRAS, DIMENSOES 60 X 60 X 12 CM, EM CHAPA DE ACO GALVANIZADO","UN    ",156.67]
[11254,"CAIXA DE PASSAGEM N 4, DE SOBREPOR, PADRAO TELEBRAS, DIMENSOES 60 X 60 X *12* CM, EM CHAPA DE ACO GALVANIZADO","UN    ",168.32]
[11255,"CAIXA DE PASSAGEM N 5, DE EMBUTIR, PADRAO TELEBRAS, DIMENSOES 80 X 80 X 12 CM, EM CHAPA DE ACO GALVANIZADO","UN    ",254.93]
[11256,"CAIXA DE PASSAGEM N 5, DE SOBREPOR, PADRAO TELEBRAS, DIMENSOES 80 X 80 X *12* CM, EM CHAPA DE ACO GALVANIZADO","UN    ",291.72]
[14055,"CAIXA DE PASSAGEM N 6, DE EMBUTIR, PADRAO TELEBRAS, DIMENSOES 120 X 120 X 12 CM, EM CHAPA DE ACO GALVANIZADO","UN    ",517.51]
[39768,"CAIXA DE PASSAGEM N 6, DE SOBREPOR, PADRAO TELEBRAS, DIMENSOES 120 X 120 X *12* CM, EM CHAPA DE ACO GALVANIZADO","UN    ",552.19]
[11247,"CAIXA DE PASSAGEM N 7, DE EMBUTIR, PADRAO TELEBRAS, DIMENSOES 150 X 150 X 15 CM, EM CHAPA DE ACO GALVANIZADO","UN    ",741.39]
[39769,"CAIXA DE PASSAGEM N 7, DE SOBREPOR, PADRAO TELEBRAS, DIMENSOES 150 X 150 X *15* CM, EM CHAPA DE ACO GALVANIZADO","UN    ",898.79]
[11249,"CAIXA DE PASSAGEM N 8, DE EMBUTIR, PADRAO TELEBRAS, DIMENSOES 200 X 200 X 20 CM, EM CHAPA DE ACO GALVANIZADO","UN    ",{"v":2423.35,"d":"2,423.35"}]
[39770,"CAIXA DE PASSAGEM N 8, DE SOBREPOR, PADRAO TELEBRAS, DIMENSOES 200 X 200 X *20* CM, EM CHAPA DE ACO GALVANIZADO","UN    ",{"v":3151.08,"d":"3,151.08"}]
[10569,"CAIXA DE PASSAGEM OCTOGONAL 4 X4, EM ACO ESMALTADA, COM FUNDO MOVEL SIMPLES","UN    ",2.3]
[1872,"CAIXA DE PASSAGEM, EM PVC, DE 4\" X 2\", PARA ELETRODUTO FLEXIVEL CORRUGADO","UN    ",1.61]
[1873,"CAIXA DE PASSAGEM, EM PVC, DE 4\" X 4\", PARA ELETRODUTO FLEXIVEL CORRUGADO","UN    ",3.21]
[39693,"CAIXA DE PROTECAO EXTERNA PARA MEDIDOR HOROSAZONAL, DE BAIXA TENSAO, COM MODULO, EM CHAPA DE ACO (PADRAO DA CONCESSIONARIA LOCAL)","UN    ",{"v":1382.9,"d":"1,382.90"}]
[39692,"CAIXA DE PROTECAO PARA TRANSFORMADOR CORRENTE, EM CHAPA DE ACO 18 USG (PADRAO DA CONCESSIONARIA LOCAL)","UN    ",232.79]
[39681,"CAIXA DE PROTECAO PARA 1 MEDIDOR BIFASICO, EM CHAPA DE ACO 20 USG (PADRAO DA CONCESSIONARIA LOCAL)","UN    ",131.45]
[39680,"CAIXA DE PROTECAO PARA 1 MEDIDOR MONOFASICO, EM CHAPA DE ACO 20 USG (PADRAO DA CONCESSIONARIA LOCAL)","UN    ",67.71]
[39682,"CAIXA DE PROTECAO PARA 1 MEDIDOR TRIFASICO, EM CHAPA DE ACO 20 USG (PADRAO DA CONCESSIONARIA LOCAL)","UN    ",132.77]
[39685,"CAIXA EXTERNA DE MEDICAO PARA 1 MEDIDOR TRIFASICO, COM VISOR, EM CHAPA DE ACO 18 USG (PADRAO DA CONCESSIONARIA LOCAL)","UN    ",112.64]
[39687,"CAIXA EXTERNA DE MEDICAO PARA 4 MEDIDORES MONOFASICOS, COM VISOR, EM CHAPA DE ACO 18 USG (PADRAO DA CONCESSIONARIA LOCAL)","UN    ",212.33]
[3280,"CAIXA GORDURA DUPLA, CONCRETO PRE MOLDADO, CIRCULAR, COM TAMPA, D = 60* CM","UN    ",100.43]
[11881,"CAIXA GORDURA, SIMPLES, CONCRETO PRE MOLDADO, CIRCULAR, COM TAMPA, D = 40 CM","UN    ",46.64]
[34641,"CAIXA INSPECAO EM CONCRETO PARA ATERRAMENTO E PARA RAIOS DIAMETRO = 300 MM","UN    ",37.61]
[34643,"CAIXA INSPECAO EM POLIETILENO PARA ATERRAMENTO E PARA RAIOS DIAMETRO = 300 MM","UN    ",11.22]
[3278,"CAIXA INSPECAO, CONCRETO PRE MOLDADO, CIRCULAR, COM TAMPA, D = 40* CM","UN    ",52.66]
[3279,"CAIXA INSPECAO, CONCRETO PRE MOLDADO, CIRCULAR, COM TAMPA, D = 60* CM, H= 60* CM","UN    ",86.88]
[1062,"CAIXA INTERNA DE MEDICAO PARA 1 MEDIDOR TRIFASICO, COM VISOR, EM CHAPA DE ACO 18 USG (PADRAO DA CONCESSIONARIA LOCAL)","UN    ",119.5]
[39686,"CAIXA INTERNA DE MEDICAO PARA 4 MEDIDORES MONOFASICOS, COM VISOR, EM CHAPA DE ACO 18 USG (PADRAO DA CONCESSIONARIA LOCAL)","UN    ",203.84]
[39683,"CAIXA INTERNA/EXTERNA DE MEDICAO PARA 1 MEDIDOR MONOFASICO, COM VISOR, EM CHAPA DE ACO 18 USG (PADRAO DA CONCESSIONARIA LOCAL)","UN    ",41.45]
[1871,"CAIXA OCTOGONAL DE FUNDO MOVEL, EM PVC, DE 3\" X 3\", PARA ELETRODUTO FLEXIVEL CORRUGADO","UN    ",2.89]
[12001,"CAIXA OCTOGONAL DE FUNDO MOVEL, EM PVC, DE 4\" X 4\", PARA ELETRODUTO FLEXIVEL CORRUGADO","UN    ",4.18]
[11882,"CAIXA PARA HIDROMETRO CONCRETO PRE MOLDADO","UN    ",52.66]
[39689,"CAIXA PARA MEDICAO COLETIVA TIPO H, PADRAO BIFASICO OU TRIFASICO, PARA ATE 6 MEDIDORES (PADRAO DA CONCESSIONARIA LOCAL)","UN    ",{"v":2655.55,"d":"2,655.55"}]
[39688,"CAIXA PARA MEDICAO COLETIVA TIPO K, PADRAO BIFASICO OU TRIFASICO, PARA ATE 2 MEDIDORES (PADRAO DA CONCESSIONARIA LOCAL)","UN    ",383.72]
[1068,"CAIXA PARA MEDICAO COLETIVA TIPO L, PADRAO BIFASICO OU TRIFASICO, PARA ATE 4 MEDIDORES (PADRAO DA CONCESSIONARIA LOCAL)","UN    ",{"v":1602.62,"d":"1,602.62"}]
[39690,"CAIXA PARA MEDICAO COLETIVA TIPO M, PADRAO BIFASICO OU TRIFASICO, PARA ATE 8 MEDIDORES (PADRAO DA CONCESSIONARIA LOCAL)","UN    ",{"v":3604.91,"d":"3,604.91"}]
[39691,"CAIXA PARA MEDICAO COLETIVA TIPO N, PADRAO BIFASICO OU TRIFASICO, PARA ATE 12 MEDIDORES (PADRAO DA CONCESSIONARIA LOCAL)","UN    ",{"v":4029.8,"d":"4,029.80"}]
[39808,"CAIXA PARA MEDIDOR MONOFASICO, EM POLICARBONATO (TERMOPLASTICO), COM DISJUNTOR","UN    ",57.61]
[39809,"CAIXA PARA MEDIDOR POLIFASICO, EM POLICARBONATO (TERMOPLASTICO), COM DISJUNTOR","UN    ",159.04]
[11713,"CAIXA SIFONADA PVC 150 X 150 X 50MM COM TAMPA CEGA QUADRADA BRANCA","UN    ",24.36]
[11716,"CAIXA SIFONADA PVC, 100 X 100 X 40 MM, COM GRELHA REDONDA BRANCA","UN    ",10.4]
[5103,"CAIXA SIFONADA PVC, 100 X 100 X 50 MM, COM GRELHA REDONDA BRANCA","UN    ",10.54]
[11712,"CAIXA SIFONADA PVC, 150 X 150 X 50 MM, COM GRELHA QUADRADA BRANCA (NBR 5688)","UN    ",24.56]
[11717,"CAIXA SIFONADA PVC, 150 X 150 X 50 MM, COM GRELHA REDONDA BRANCA","UN    ",26.68]
[11714,"CAIXA SIFONADA PVC, 150 X 185 X 75 MM, COM GRELHA QUADRADA BRANCA","UN    ",33.2]
[11715,"CAIXA SIFONADA PVC, 150 X 185 X 75 MM, COM TAMPA CEGA QUADRADA BRANCA","UN    ",38.2]
[11880,"CAIXA SIFONADA PVC, 250 X 230 X 75 MM, COM TAMPA E PORTA TAMPA QUADRADA BRANCA","UN    ",68.67]
[1106,"CAL HIDRATADA CH-I PARA ARGAMASSAS","KG    ",0.52]
[11161,"CAL HIDRATADA PARA PINTURA","KG    ",0.86]
[1107,"CAL VIRGEM COMUM PARA ARGAMASSAS (NBR 6453)","KG    ",0.59]
[4758,"CALAFETADOR / CALAFATE","H     ",14.42]
[41080,"CALAFETADOR / CALAFATE (MENSALISTA)","MES   ",{"v":2541.54,"d":"2,541.54"}]
[25963,"CALCARIO DOLOMITICO A (POSTO PEDREIRA/FORNECEDOR, SEM FRETE)","KG    ",0.06]
[4759,"CALCETEIRO","H     ",11.84]
[41068,"CALCETEIRO  (MENSALISTA)","MES   ",{"v":2086.21,"d":"2,086.21"}]
[1108,"CALHA MOLDURA AMERICANA DE CHAPA DE ACO GALVANIZADA NUM 26, CORTE 33 CM","M     ",17.9]
[1117,"CALHA PARA AGUA FURTADA DE CHAPA DE ACO GALVANIZADA NUM 26, CORTE 40 CM","M     ",20.78]
[1118,"CALHA PARA AGUA FURTADA DE CHAPA DE ACO GALVANIZADA NUM 26, CORTE 50 CM","M     ",26.71]
[1110,"CALHA PLATIBANDA DE CHAPA DE ACO GALVANIZADA NUM 26, CORTE 45 CM","M     ",26.71]
[12618,"CALHA PLUVIAL DE PVC, DIAMETRO ENTRE 119 E 170 MM, COMPRIMENTO DE 3 M, PARA DRENAGEM PREDIAL","UN    ",44.73]
[40871,"CALHA QUADRADA DE CHAPA DE ACO GALVANIZADA NUM 24, CORTE 100 CM (COLETADO CAIXA)","M     ",47.24]
[40869,"CALHA QUADRADA DE CHAPA DE ACO GALVANIZADA NUM 24, CORTE 33 CM (COLETADO CAIXA)","M     ",17.55]
[40870,"CALHA QUADRADA DE CHAPA DE ACO GALVANIZADA NUM 24, CORTE 50 CM (COLETADO CAIXA)","M     ",23.79]
[1109,"CALHA QUADRADA DE CHAPA DE ACO GALVANIZADA NUM 26, CORTE 33 CM","M     ",17.81]
[1119,"CALHA QUADRADA DE CHAPA DE ACO GALVANIZADA NUM 28, CORTE 25 CM","M     ",13.35]
[13115,"CALHA/CANALETA DE CONCRETO SIMPLES, TIPO MEIA CANA, D = 20 CM, PARA AGUA PLUVIAL","M     ",15.46]
[10541,"CALHA/CANALETA DE CONCRETO SIMPLES, TIPO MEIA CANA, D = 30 CM, PARA AGUA PLUVIAL","M     ",17.95]
[10543,"CALHA/CANALETA DE CONCRETO SIMPLES, TIPO MEIA CANA, D = 50 CM, PARA AGUA PLUVIAL","M     ",34.84]
[10544,"CALHA/CANALETA DE CONCRETO SIMPLES, TIPO MEIA CANA, D = 60 CM, PARA AGUA PLUVIAL","M     ",41.9]
[10545,"CALHA/CANALETA DE CONCRETO SIMPLES, TIPO MEIA CANA, D = 80 CM, PARA AGUA PLUVIAL","M     ",64.26]
[10542,"CALHA/CANALETA DE CONCRETO SIMPLES, TIPO MEIA CANA, D= 40 CM, PARA AGUA PLUVIAL","M     ",24.74]
[38365,"CAMADA SEPARADORA DE FILME DE POLIETILENO 20 A 25 MICRA","M2    ",1.45]
[37745,"CAMINHAO TOCO, PESO BRUTO TOTAL 13000 KG, CARGA UTIL MAXIMA 7925 KG, DISTANCIA ENTRE EIXOS 4,80 M, POTENCIA 189 CV (INCLUI CABINE E CHASSI, NAO INCLUI CARROCERIA)","UN    ",{"v":210000,"d":"210,000.00"}]
[37754,"CAMINHAO TOCO, PESO BRUTO TOTAL 14300 KG, CARGA UTIL MAXIMA 9590 KG, DISTANCIA ENTRE EIXOS 4,76 M, POTENCIA 185 CV (INCLUI CABINE E CHASSI, NAO INCLUI CARROCERIA)","UN    ",{"v":219303.79,"d":"219,303.79"}]
[37748,"CAMINHAO TOCO, PESO BRUTO TOTAL 14300 KG, CARGA UTIL MAXIMA 9710 KG, DISTANCIA ENTRE EIXOS 3,56 M, POTENCIA 185 CV (INCLUI CABINE E CHASSI, NAO INCLUI CARROCERIA)","UN    ",{"v":223257.9,"d":"223,257.90"}]
[37761,"CAMINHAO TOCO, PESO BRUTO TOTAL 16000 KG, CARGA UTIL MAXIMA DE 10685 KG, DISTANCIA ENTRE EIXOS 4,8M, POTENCIA 189 CV (INCLUI CABINE E CHASSI, NAO INCLUI CARROCERIA)","UN    ",{"v":184746.82,"d":"184,746.82"}]
[37757,"CAMINHAO TOCO, PESO BRUTO TOTAL 16000 KG, CARGA UTIL MAXIMA 10600 KG, DISTANCIA ENTRE EIXOS 4,80 M, POTENCIA 275 CV (INCLUI CABINE E CHASSI, NAO INCLUI CARROCERIA)","UN    ",{"v":257183.53,"d":"257,183.53"}]
[37759,"CAMINHAO TOCO, PESO BRUTO TOTAL 16000 KG, CARGA UTIL MAXIMA 10780 KG, DISTANCIA ENTRE EIXOS 3,56 M, POTENCIA 275 CV (INCLUI CABINE E CHASSI, NAO INCLUI CARROCERIA)","UN    ",{"v":258180.38,"d":"258,180.38"}]
[37766,"CAMINHAO TOCO, PESO BRUTO TOTAL 16000 KG, CARGA UTIL MAXIMA 11030 KG, DISTANCIA ENTRE EIXOS 3,56M, POTENCIA 186 CV (INCLUI CABINE E CHASSI, NAO INCLUI CARROCERIA)","UN    ",{"v":258180.36,"d":"258,180.36"}]
[37752,"CAMINHAO TOCO, PESO BRUTO TOTAL 16000 KG, CARGA UTIL MAXIMA 11130 KG, DISTANCIA ENTRE EIXOS 5,36 M, POTENCIA 185 CV (INCLUI CABINE E CHASSI, NAO INCLUI CARROCERIA)","UN    ",{"v":234123.41,"d":"234,123.41"}]
[37760,"CAMINHAO TOCO, PESO BRUTO TOTAL 16000 KG, CARGA UTIL MAXIMA 13071 KG, DISTANCIA ENTRE EIXOS 4,80 M, POTENCIA 230 CV (INCLUI CABINE E CHASSI, NAO INCLUI CARROCERIA)","UN    ",{"v":246550.62,"d":"246,550.62"}]
[37765,"CAMINHAO TOCO, PESO BRUTO TOTAL 8250 KG, CARGA UTIL MAXIMA 5110 KG, DISTANCIA ENTRE EIXOS 4,30 M, POTENCIA 162 CV (INCLUI CABINE E CHASSI, NAO INCLUI CARROCERIA)","UN    ",{"v":172120.26,"d":"172,120.26"}]
[37746,"CAMINHAO TOCO, PESO BRUTO TOTAL 9000 KG, CARGA UTIL MAXIMA 5940 KG, DISTANCIA ENTRE EIXOS 3,69 M, POTENCIA 177 CV (INCLUI CABINE E CHASSI, NAO INCLUI CARROCERIA)","UN    ",{"v":188700.93,"d":"188,700.93"}]
[37750,"CAMINHAO TOCO, PESO BRUTO TOTAL 9600 KG, CARGA UTIL MAXIMA 6110 KG, DISTANCIA ENTRE EIXOS 3,70 M, POTENCIA 156 CV (INCLUI CABINE E CHASSI, NAO INCLUI CARROCERIA)","UN    ",{"v":188036.39,"d":"188,036.39"}]
[37753,"CAMINHAO TOCO, PESO BRUTO TOTAL 9600 KG, CARGA UTIL MAXIMA 6200 KG, DISTANCIA ENTRE EIXOS 3,10 M, POTENCIA 156 CV (INCLUI CABINE E CHASSI, NAO INCLUI CARROCERIA)","UN    ",{"v":187371.82,"d":"187,371.82"}]
[37756,"CAMINHAO TOCO, PESO BRUTO TOTAL 9700 KG, CARGA UTIL MAXIMA 6360 KG, DISTANCIA ENTRE EIXOS 4,30 M, POTENCIA 160 CV (INCLUI CABINE E CHASSI, NAO INCLUI CARROCERIA)","UN    ",{"v":184746.82,"d":"184,746.82"}]
[37755,"CAMINHAO TRUCADO, PESO BRUTO TOTAL 22000 KG, CARGA UTIL MAXIMA 15350 KG, DISTANCIA ENTRE EIXOS 5,17 M, POTENCIA 238 CV (INCLUI CABINE E CHASSI, NAO INCLUI CARROCERIA)","UN    ",{"v":268481.01,"d":"268,481.01"}]
[37758,"CAMINHAO TRUCADO, PESO BRUTO TOTAL 23000 KG, CARGA UTIL MAXIMA 15378 KG, DISTANCIA ENTRE EIXOS 4,80 M, POTENCIA 326 CV (INCLUI CABINE E CHASSI, NAO INCLUI CARROCERIA)","UN    ",{"v":303037.98,"d":"303,037.98"}]
[37747,"CAMINHAO TRUCADO, PESO BRUTO TOTAL 23000 KG, CARGA UTIL MAXIMA 15935 KG, DISTANCIA ENTRE EIXOS 4,80 M, POTENCIA 230 CV (INCLUI CABINE E CHASSI, NAO INCLUI CARROCERIA)","UN    ",{"v":272667.71,"d":"272,667.71"}]
[37767,"CAMINHAO TRUCADO, PESO BRUTO TOTAL 23000 KG, CARGA UTIL MAXIMA 15940 KG, DISTANCIA ENTRE EIXOS 3,60 M, POTENCIA 286 CV (INCLUI CABINE E CHASSI, NAO INCLUI CARROCERIA)","UN    ",{"v":287753.17,"d":"287,753.17"}]
[37751,"CAMINHAO TRUCADO, PESO BRUTO TOTAL 23000 KG, CARGA UTIL MAXIMA 16190 KG, DISTANCIA ENTRE EIXOS 3,60 M, POTENCIA 286 CV (INCLUI CABINE E CHASSI, NAO INCLUI CARROCERIA)","UN    ",{"v":287753.17,"d":"287,753.17"}]
[37749,"CAMINHAO TRUCADO, PESO BRUTO TOTAL 23000 KG, CARGA UTIL MAXIMA 16360 KG, CABINE ESTENDIDA, DISTANCIA ENTRE EIXOS 3,56 M, POTENCIA 275 CV (INCLUI CABINE E CHASSI, NAO INCLUI CARROCERIA)","UN    ",{"v":284430.38,"d":"284,430.38"}]
[13617,"CAMINHONETE CABINE SIMPLES COM MOTOR 1.6 FLEX, CAMBIO  MANUAL, POTENCIA 101/104 CV, 2 PORTAS","UN    ",{"v":44044.95,"d":"44,044.95"}]
[1159,"CAMINHONETE COM MOTOR A DIESEL, POTENCIA 180 CV, CABINE DUPLA, 4X4","UN    ",{"v":144425.57,"d":"144,425.57"}]
[12114,"CAMPAINHA ALTA POTENCIA 110V / 220V, DIAMETRO 150 MM","UN    ",101.75]
[38106,"CAMPAINHA CIGARRA 127 V / 220 V (APENAS MODULO)","UN    ",13.82]
[38085,"CAMPAINHA CIGARRA 127 V / 220 V, CONJUNTO MONTADO PARA EMBUTIR 4\" X 2\" (PLACA + SUPORTE + MODULO)","UN    ",16.33]
[38599,"CANALETA CONCRETO ESTRUTURAL 14 X 19 X 29 CM, FBK 14 MPA (NBR 6136)","UN    ",3.41]
[38596,"CANALETA CONCRETO ESTRUTURAL 14 X 19 X 29 CM, FBK 4,5 MPA (NBR 6136)","UN    ",2.33]
[38600,"CANALETA CONCRETO ESTRUTURAL 14 X 19 X 39 CM, FBK 14 MPA (NBR 6136)","UN    ",4.02]
[38597,"CANALETA CONCRETO ESTRUTURAL 14 X 19 X 39 CM, FBK 4,5 MPA (NBR 6136)","UN    ",2.85]
[659,"CANALETA CONCRETO 14 X 19 X 19 CM (CLASSE C - NBR 6136)","UN    ",1.39]
[660,"CANALETA CONCRETO 19 X 19 X 19 CM (CLASSE C - NBR 6136)","UN    ",2.03]
[658,"CANALETA CONCRETO 9 X 19 X 19 CM (CLASSE C - NBR 6136)","UN    ",1.11]
[38548,"CANALETA ESTRUTURAL CERAMICA, 14 X 19 X 19 CM, 6,0 MPA (NBR 15270)","UN    ",0.97]
[34647,"CANALETA ESTRUTURAL CERAMICA, 14 X 19 X 29 CM, 4,0 MPA (NBR 15270)","UN    ",1.69]
[34649,"CANALETA ESTRUTURAL CERAMICA, 14 X 19 X 29 CM, 6,0 MPA (NBR 15270)","UN    ",1.74]
[34652,"CANALETA ESTRUTURAL CERAMICA, 14 X 19 X 39 CM, 4,0 MPA (NBR 15270)","UN    ",2.37]
[34655,"CANALETA ESTRUTURAL CERAMICA, 14 X 19 X 39 CM, 6,0 MPA (NBR 15270)","UN    ",2.29]
[40607,"CANOPLA ACABAMENTO CROMADO PARA INSTALACAO DE SPRINKLER, SOB FORRO, 15 MM","UN    ",3.92]
[585,"CANTONEIRA \"U\" ALUMINIO ABAS IGUAIS 1 \", E = 3/32 \"","KG    ",16.83]
[4777,"CANTONEIRA ACO ABAS IGUAIS (QUALQUER BITOLA), ESPESSURA ENTRE 1/8\" E 1/4\"","KG    ",3.76]
[587,"CANTONEIRA ALUMINIO ABAS DESIGUAIS 1\" X 3/4 \", E = 1/8 \"","KG    ",18.04]
[590,"CANTONEIRA ALUMINIO ABAS DESIGUAIS 2 1/2\" X 1/2 \", E = 3/16 \"","KG    ",17.43]
[592,"CANTONEIRA ALUMINIO ABAS IGUAIS 1 \", E = 1/8 \", 25,40 X 3,17 MM (0,408 KG/M)","KG    ",18.04]
[586,"CANTONEIRA ALUMINIO ABAS IGUAIS 1 \", E = 3 /16 \"","M     ",10.6]
[591,"CANTONEIRA ALUMINIO ABAS IGUAIS 1 1/2 \", E = 3/16 \"","KG    ",16.83]
[588,"CANTONEIRA ALUMINIO ABAS IGUAIS 1 1/4 \", E = 3/16 \"","M     ",16.77]
[589,"CANTONEIRA ALUMINIO ABAS IGUAIS 2 \", E = 1/4 \"","M     ",28.35]
[584,"CANTONEIRA ALUMINIO ABAS IGUAIS 2 \", E = 1/8 \"","M     ",17.91]
[4912,"CANTONEIRA DE ACO 3 \"  X  3 \"  X  1/4 \"","KG    ",4.37]
[574,"CANTONEIRA FERRO GALVANIZADO DE ABAS IGUAIS, 1 1/2\" X 1/4\" (L X E), 3,40 KG/M","M     ",15.11]
[567,"CANTONEIRA FERRO GALVANIZADO DE ABAS IGUAIS, 1\" X 1/8\" (L X E) , 1,20KG/M","M     ",5.6]
[568,"CANTONEIRA FERRO GALVANIZADO DE ABAS IGUAIS, 2\" X 3/8\" (L X E), 6,9 KG/M","M     ",33.91]
[569,"CANTONEIRA FERRO GALVANIZADO DE ABAS IGUAIS, 3/4\" X 1/8\" (L X E)","KG    ",4.71]
[1165,"CAP OU TAMPAO DE FERRO GALVANIZADO, COM ROSCA BSP, DE 1 1/2\"","UN    ",9.41]
[1164,"CAP OU TAMPAO DE FERRO GALVANIZADO, COM ROSCA BSP, DE 1 1/4\"","UN    ",7.62]
[1162,"CAP OU TAMPAO DE FERRO GALVANIZADO, COM ROSCA BSP, DE 1/2\"","UN    ",2.65]
[12395,"CAP OU TAMPAO DE FERRO GALVANIZADO, COM ROSCA BSP, DE 1/4\"","UN    ",2.57]
[1170,"CAP OU TAMPAO DE FERRO GALVANIZADO, COM ROSCA BSP, DE 1\"","UN    ",4.99]
[1169,"CAP OU TAMPAO DE FERRO GALVANIZADO, COM ROSCA BSP, DE 2 1/2\"","UN    ",24.53]
[1166,"CAP OU TAMPAO DE FERRO GALVANIZADO, COM ROSCA BSP, DE 2\"","UN    ",13.6]
[1163,"CAP OU TAMPAO DE FERRO GALVANIZADO, COM ROSCA BSP, DE 3/4\"","UN    ",3.42]
[12396,"CAP OU TAMPAO DE FERRO GALVANIZADO, COM ROSCA BSP, DE 3/8\"","UN    ",2.57]
[1168,"CAP OU TAMPAO DE FERRO GALVANIZADO, COM ROSCA BSP, DE 3\"","UN    ",34.96]
[1167,"CAP OU TAMPAO DE FERRO GALVANIZADO, COM ROSCA BSP, DE 4\"","UN    ",58.49]
[36331,"CAP PPR DN 20 MM, PARA AGUA QUENTE PREDIAL","UN    ",0.97]
[36346,"CAP PPR DN 25 MM, PARA AGUA QUENTE PREDIAL","UN    ",1.66]
[1210,"CAP PVC, ROSCAVEL, 1 1/2\",  AGUA FRIA PREDIAL","UN    ",6.52]
[1203,"CAP PVC, ROSCAVEL, 1 1/4\",  AGUA FRIA PREDIAL","UN    ",4.97]
[1197,"CAP PVC, ROSCAVEL, 1/2\", PARA AGUA FRIA PREDIAL","UN    ",0.81]
[1202,"CAP PVC, ROSCAVEL, 1\",  PARA AGUA FRIA PREDIAL","UN    ",2.17]
[1188,"CAP PVC, ROSCAVEL, 2 1/2\",  AGUA FRIA PREDIAL","UN    ",16.48]
[1211,"CAP PVC, ROSCAVEL, 2\",  AGUA FRIA PREDIAL","UN    ",9.12]
[1198,"CAP PVC, ROSCAVEL, 3/4\",  PARA AGUA FRIA PREDIAL","UN    ",1.24]
[1199,"CAP PVC, ROSCAVEL, 3\",  AGUA FRIA PREDIAL","UN    ",25.54]
[20088,"CAP PVC, SERIE R, DN 100 MM, PARA ESGOTO PREDIAL","UN    ",10.68]
[20089,"CAP PVC, SERIE R, DN 150 MM, PARA ESGOTO PREDIAL","UN    ",53.17]
[20087,"CAP PVC, SERIE R, DN 75 MM, PARA ESGOTO PREDIAL","UN    ",7.21]
[1200,"CAP PVC, SOLDAVEL, DN 100 MM, SERIE NORMAL, PARA ESGOTO PREDIAL","UN    ",5.05]
[12909,"CAP PVC, SOLDAVEL, DN 50 MM, SERIE NORMAL, PARA ESGOTO PREDIAL","UN    ",2.24]
[12910,"CAP PVC, SOLDAVEL, DN 75 MM, SERIE NORMAL, PARA ESGOTO PREDIAL","UN    ",3.82]
[1184,"CAP PVC, SOLDAVEL, 110 MM, PARA AGUA FRIA PREDIAL","UN    ",45.68]
[1191,"CAP PVC, SOLDAVEL, 20 MM, PARA AGUA FRIA PREDIAL","UN    ",0.74]
[1185,"CAP PVC, SOLDAVEL, 25 MM, PARA AGUA FRIA PREDIAL","UN    ",0.79]
[1189,"CAP PVC, SOLDAVEL, 32 MM, PARA AGUA FRIA PREDIAL","UN    ",1.13]
[1193,"CAP PVC, SOLDAVEL, 40 MM, PARA AGUA FRIA PREDIAL","UN    ",2.24]
[1194,"CAP PVC, SOLDAVEL, 50 MM, PARA AGUA FRIA PREDIAL","UN    ",4.14]
[1195,"CAP PVC, SOLDAVEL, 60 MM, PARA AGUA FRIA PREDIAL","UN    ",6.33]
[1204,"CAP PVC, SOLDAVEL, 75 MM, PARA AGUA FRIA PREDIAL","UN    ",11.7]
[1205,"CAP PVC, SOLDAVEL, 85 MM, PARA AGUA FRIA PREDIAL","UN    ",26.37]
[1207,"CAP, PVC PBA, JE, DN 100 / DE 110 MM,  PARA REDE DE AGUA (NBR 10351)","UN    ",22.83]
[1206,"CAP, PVC PBA, JE, DN 50 / DE 60 MM,  PARA REDE DE AGUA (NBR 10351)","UN    ",5.48]
[1183,"CAP, PVC PBA, JE, DN 75 / DE 85 MM,  PARA REDE DE AGUA (NBR 10351)","UN    ",12.25]
[26047,"CAP, PVC, JE, DN 150 MM, PARA REDE COLETORA DE ESGOTO","UN    ",98.42]
[26048,"CAP, PVC, JE, DN 200 MM, PARA REDE COLETORA DE ESGOTO","UN    ",146.64]
[12894,"CAPA PARA CHUVA EM PVC COM FORRO DE POLIESTER, COM CAPUZ (AMARELA OU AZUL)","UN    ",14.04]
[12895,"CAPACETE DE SEGURANCA ABA FRONTAL COM SUSPENSAO DE POLIETILENO, SEM JUGULAR (CLASSE B)","UN    ",10.8]
[1631,"CAPACITOR TRIFASICO, POTENCIA 2,5 KVAR, TENSAO 220 V, FORNECIDO COM CAPA PROTETORA, RESISTOR INTERNO A UNIDADE CAPACITIVA","UN    ",102.64]
[1633,"CAPACITOR TRIFASICO, POTENCIA 5 KVAR, TENSAO 220 V, FORNECIDO COM CAPA PROTETORA, RESISTOR INTERNO A UNIDADE CAPACITIVA","UN    ",174.39]
[10818,"CAPIM BRAQUIARIA DECUMBENS/ BRAQUIARINHA, VC *70*% MINIMO","KG    ",39.42]
[39359,"CARENAGEM /TAMPA, EM PLASTICO, COR BRANCA, UTILIZADO EM KIT CHASSI METALICO PARA INSTALACAO HIDRAULICA DE CUBA SIMPLES SEM MAQUINA DE LAVAR ROUPA, LARGURA *355* MM X ALTURA *670* MM (COM FUROS E DEMAIS ENCAIXES)","UN    ",22.32]
[39360,"CARENAGEM /TAMPA, EM PLASTICO, COR BRANCA, UTILIZADO EM KIT CHASSI METALICO PARA INSTALACAO HIDRAULICA DE TANQUE COM MAQUINA DE LAVAR ROUPA, LARGURA *360* MM X ALTURA *470* MM (COM FUROS E DEMAIS ENCAIXES)","UN    ",20.28]
[10710,"CARPETE DE NYLON EM MANTA PARA TRAFEGO COMERCIAL PESADO, E = 6 A 7 MM (INSTALADO)","M2    ",67.42]
[10709,"CARPETE DE NYLON EM MANTA PARA TRAFEGO COMERCIAL PESADO, E = 9 A 10 MM (INSTALADO)","M2    ",82.83]
[39636,"CARPETE DE NYLON EM PLACAS 50 X 50 CM PARA TRAFEGO COMERCIAL PESADO, E = 6,5 MM (INSTALADO)","M2    ",84.58]
[10708,"CARPETE DE POLIESTER EM MANTA PARA TRAFEGO COMERCIAL PESADO, E = 4 A 5 MM (INSTALADO)","M2    ",26.1]
[39635,"CARPETE DE POLIPROPILENO EM MANTA PARA TRAFEGO COMERCIAL MEDIO, E = 5 A 6 MM (INSTALADO)","M2    ",44.43]
[6117,"CARPINTEIRO AUXILIAR","H     ",9.31]
[40913,"CARPINTEIRO AUXILIAR (MENSALISTA)","MES   ",{"v":1643.63,"d":"1,643.63"}]
[1214,"CARPINTEIRO DE ESQUADRIAS","H     ",11.1]
[40915,"CARPINTEIRO DE ESQUADRIAS (MENSALISTA)","MES   ",{"v":1958.92,"d":"1,958.92"}]
[1213,"CARPINTEIRO DE FORMAS","H     ",11.84]
[40914,"CARPINTEIRO DE FORMAS (MENSALISTA)","MES   ",{"v":2086.21,"d":"2,086.21"}]
[5091,"CARRANCA PARA JANELA VENEZIANA DE ABRIR, EM LATAO CROMADO, SIMPLES, PARA APARAFUSAR NA PAREDE","UN    ",13.81]
[14615,"CARRINHO COM 2 PNEUS PARA TRANSPORTAR TUBO CONCRETO, ALTURA ATE 1,0 M E DIAMETRO ATE 1000MM, COM ESTRUTURA EM PERFIL OU TUBO METALICO","UN    ",{"v":4101,"d":"4,101.00"}]
[2711,"CARRINHO DE MAO DE ACO CAPACIDADE 50 A 60 L, PNEU COM CAMARA","UN    ",112]
[37727,"CARROCERIA FIXA ABERTA DE MADEIRA PARA TRANSPORTE GERAL DE CARGA SECA DIMENSOES APROXIMADAS 2,25 X 4,10 X 0,50 M (INCLUI MONTAGEM, NAO INCLUI CAMINHAO)","UN    ",{"v":7000,"d":"7,000.00"}]
[37728,"CARROCERIA FIXA ABERTA DE MADEIRA PARA TRANSPORTE GERAL DE CARGA SECA DIMENSOES APROXIMADAS 2,5 X 5,5 X 0,50 M (INCLUI MONTAGEM, NAO INCLUI CAMINHAO)","UN    ",{"v":9496.5,"d":"9,496.50"}]
[37729,"CARROCERIA FIXA ABERTA DE MADEIRA PARA TRANSPORTE GERAL DE CARGA SECA DIMENSOES APROXIMADAS 2,5 X 6,00 X 0,50 M (INCLUI MONTAGEM, NAO INCLUI CAMINHAO)","UN    ",{"v":10279.72,"d":"10,279.72"}]
[37730,"CARROCERIA FIXA ABERTA DE MADEIRA PARA TRANSPORTE GERAL DE CARGA SECA DIMENSOES APROXIMADAS 2,5 X 6,5 X 0,50 M (INCLUI MONTAGEM, NAO INCLUI CAMINHAO)","UN    ",{"v":11062.93,"d":"11,062.93"}]
[37731,"CARROCERIA FIXA ABERTA DE MADEIRA PARA TRANSPORTE GERAL DE CARGA SECA DIMENSOES APROXIMADAS 2,5 X 7,00 X 0,50 M (INCLUI MONTAGEM, NAO INCLUI CAMINHAO)","UN    ",{"v":11846.15,"d":"11,846.15"}]
[37732,"CARROCERIA FIXA ABERTA DE MADEIRA PARA TRANSPORTE GERAL DE CARGA SECA DIMENSOES APROXIMADAS 2,5 X 7,5 X 0,50 M (INCLUI MONTAGEM, NAO INCLUI CAMINHAO)","UN    ",{"v":13510.48,"d":"13,510.48"}]
[42250,"CARVAO ANTRACITO PARA FILTRO, GRAO VARIANDO DE 0,8 ATE 1,1 MM, COEFICIENTE DE UNIFORMIDADE MENOR QUE 1,7 MM","T     ",{"v":1187.02,"d":"1,187.02"}]
[42256,"CARVAO ANTRACITO PARA FILTRO, GRAO VARIANDO DE 0,8 ATE 1,1 MM, COEFICIENTE DE UNIFORMIDADE MENOR QUE 1,7 MM (DISTRIBUIDOR)","KG    ",2.49]
[4743,"CASCALHO DE CAVA","M3    ",20.58]
[4744,"CASCALHO DE RIO","M3    ",26.91]
[4745,"CASCALHO LAVADO","M3    ",36.05]
[36496,"CAVALETE PARA TALHA COM ESTRUTURA EM TUBO METALICO ALTURA MINIMA 3,2 M EQUIPADO COM RODAS DE BORRACHA PARA MOVIMENTACAO DE TUBOS DE CONCRETO NA CENTRAL DE PREMOLDADOS COM CAPACIDADE DE CARGA DE 3 TONELADAS","UN    ",{"v":10412.36,"d":"10,412.36"}]
[10630,"CAVALO MECANICO TRACAO 4X2, PESO BRUTO TOTAL COMBINADO 49000 KG, CAPACIDADE MAXIMA DE TRACAO *66000* KG, POTENCIA *360* CV (INCLUI CABINE E CHASSI, NAO INCLUI SEMIRREBOQUE)","UN    ",{"v":283743.79,"d":"283,743.79"}]
[37762,"CAVALO MECANICO TRACAO 4X2, PESO BRUTO TOTAL 16000 KG, CAPACIDADE MAXIMA DE TRACAO *36000* KG, DISTANCIA ENTRE EIXOS *3,56* M, POTENCIA *286* CV (INCLUI CABINE E CHASSI, NAO INCLUI SEMIRREBOQUE)","UN    ",{"v":243349.76,"d":"243,349.76"}]
[37763,"CAVALO MECANICO TRACAO 4X2, PESO BRUTO TOTAL 16000 KG, CAPACIDADE MAXIMA DE TRACAO *45000* KG, DISTANCIA ENTRE EIXOS *3,56* M, POTENCIA *330* CV (INCLUI CABINE E CHASSI, NAO INCLUI SEMIRREBOQUE)","UN    ",{"v":246305.38,"d":"246,305.38"}]
[41992,"CAVALO MECANICO TRACAO 4X2, PESO BRUTO TOTAL 16000 KG, CAPACIDADE MAXIMA DE TRACAO *80000* KG, POTENCIA *380* CV (INCLUI CABINE E CHASSI, NAO INCLUI SEMIRREBOQUE)","UN    ",{"v":280000,"d":"280,000.00"}]
[13215,"CAVALO MECANICO TRACAO 6X2, PESO BRUTO TOTAL COMBINADO 56000 KG, CAPACIDADE MAXIMA DE TRACAO *66000* KG, POTENCIA *360* CV (INCLUI CABINE E CHASSI, NAO INCLUI SEMIRREBOQUE)","UN    ",{"v":343349.72,"d":"343,349.72"}]
[4235,"CAVOUQUEIRO OU OPERADOR DE PERFURATRIZ / ROMPEDOR","H     ",12.27]
[40976,"CAVOUQUEIRO OU OPERADOR DE PERFURATRIZ / ROMPEDOR (MENSALISTA)","MES   ",{"v":2163.81,"d":"2,163.81"}]
[39013,"CENTRALIZADOR DE BARRA DE ACO (CHUMBADOR TIPO CARAMBOLA), PARA ACO ATE 20 MM","UN    ",0.84]
[41967,"CERA  LIQUIDA","L     ",5.01]
[12760,"CHAPA ACO INOX AISI 304 NUMERO 4 (E = 6 MM), ACABAMENTO NUMERO 1 (LAMINADO A QUENTE, FOSCO)","M2    ",783.92]
[12759,"CHAPA ACO INOX AISI 304 NUMERO 9 (E = 4 MM), ACABAMENTO NUMERO 1 (LAMINADO A QUENTE, FOSCO)","M2    ",522.6]
[40424,"CHAPA DE ACO CARBONO LAMINADO A QUENTE, QUALIDADE ESTRUTURAL, BITOLA 3/16\", E =4,75 MM (37,29 KG/M2)","KG    ",4.29]
[1325,"CHAPA DE ACO FINA A FRIO BITOLA MSG 20, E = 0,90 MM (7,20 KG/M2)","KG    ",5.23]
[1327,"CHAPA DE ACO FINA A FRIO BITOLA MSG 24, E = 0,60 MM (4,80 KG/M2)","KG    ",4.69]
[1328,"CHAPA DE ACO FINA A FRIO BITOLA MSG 26, E = 0,45 MM (3,60 KG/M2)","KG    ",4.9]
[1321,"CHAPA DE ACO FINA A QUENTE BITOLA MSG 13, E = 2,25 MM (18,00 KG/M2)","KG    ",5.25]
[1318,"CHAPA DE ACO FINA A QUENTE BITOLA MSG 14, E = 2,00 MM (16,0 KG/M2)","KG    ",5.05]
[1322,"CHAPA DE ACO FINA A QUENTE BITOLA MSG 16, E = 1,50 MM (12,00 KG/M2)","KG    ",5.57]
[1323,"CHAPA DE ACO FINA A QUENTE BITOLA MSG 18, E = 1,20 MM (9,60 KG/M2)","KG    ",5.45]
[1319,"CHAPA DE ACO FINA A QUENTE BITOLA MSG 3/16 \", E = 4,75 MM (38,00 KG/M2)","KG    ",4.82]
[11026,"CHAPA DE ACO GALVANIZADA BITOLA GSG 14, E = 1,95 MM (15,60 KG/M2)","KG    ",6.45]
[11027,"CHAPA DE ACO GALVANIZADA BITOLA GSG 16, E = 1,55 MM (12,40 KG/M2)","KG    ",6.85]
[11046,"CHAPA DE ACO GALVANIZADA BITOLA GSG 18, E = 1,25 MM (10,00 KG/M2)","KG    ",6.65]
[11047,"CHAPA DE ACO GALVANIZADA BITOLA GSG 19, E = 1,11 MM (8,88 KG/M2)","KG    ",5.03]
[39630,"CHAPA DE ACO GALVANIZADA BITOLA GSG 20, E = 0,95 MM (7,60 KG/M2)","M2    ",46.73]
[11049,"CHAPA DE ACO GALVANIZADA BITOLA GSG 22, E = 0,80 MM (6,40 KG/M2)","KG    ",6.2]
[39632,"CHAPA DE ACO GALVANIZADA BITOLA GSG 24, E = 0,65 MM (5,20 KG/M2)","M2    ",32.61]
[11051,"CHAPA DE ACO GALVANIZADA BITOLA GSG 26, E = 0,50 MM (4,00 KG/M2)","KG    ",6.66]
[11061,"CHAPA DE ACO GALVANIZADA BITOLA GSG 30, E = 0,35 MM (2,80 KG/M2)","KG    ",4.66]
[1336,"CHAPA DE ACO GROSSA, ASTM A36, E = 1 \" (25,40 MM) 199,18 KG/M2","M2    ",{"v":1246.92,"d":"1,246.92"}]
[1333,"CHAPA DE ACO GROSSA, ASTM A36, E = 1/2 \" (12,70 MM) 99,59 KG/M2","KG    ",4.84]
[1330,"CHAPA DE ACO GROSSA, ASTM A36, E = 1/4 \" (6,35 MM) 49,79 KG/M2","KG    ",4.97]
[10957,"CHAPA DE ACO GROSSA, ASTM A36, E = 3/4 \" (19,05 MM) 149,39 KG/M2","KG    ",6.2]
[1332,"CHAPA DE ACO GROSSA, ASTM A36, E = 3/8 \" (9,53 MM) 74,69 KG/M2","KG    ",5.16]
[1334,"CHAPA DE ACO GROSSA, ASTM A36, E = 5/8 \" (15,88 MM) 124,49 KG/M2","KG    ",5.72]
[1335,"CHAPA DE ACO GROSSA, ASTM A36, E = 7/8 \" (22,23 MM) 174,28 KG/M2","KG    ",5.8]
[40425,"CHAPA DE ACO GROSSA, SAE 1020, BITOLA 1/4\", E = 6,35 MM (49,85 KG/M2)","KG    ",4.32]
[1337,"CHAPA DE ACO XADREZ PARA PISOS, E = 1/4 \" (6,30 MM) 54,53 KG/M2","KG    ",6.11]
[11122,"CHAPA DE ALUMINIO, E = 3 MM, L = 1000 MM - 8,10 KG/M2 (LIGA 1200 - H14)","KG    ",15.98]
[11123,"CHAPA DE ALUMINIO, E = 4 MM, L = 1000 MM - 10,8 KG/M2 (LIGA 1200 - H14)","KG    ",15.98]
[11125,"CHAPA DE ALUMINIO, E = 5 MM, L = 1060 MM - 13,5 KG/M2 (LIGA 1200 - H14)","KG    ",15.98]
[39416,"CHAPA DE GESSO ACARTONADO, RESISTENTE A UMIDADE (RU), COR VERDE, E = 12,5 MM, 1200 X 1800 MM (L X C)","M2    ",27.93]
[39417,"CHAPA DE GESSO ACARTONADO, RESISTENTE A UMIDADE (RU), COR VERDE, E = 12,5 MM, 1200 X 2400 MM (L X C)","M2    ",29.28]
[39414,"CHAPA DE GESSO ACARTONADO, RESISTENTE AO FOGO (RF), COR ROSA, E = 12,5 MM, 1200 X 1800 MM (L X C)","M2    ",26.23]
[39415,"CHAPA DE GESSO ACARTONADO, RESISTENTE AO FOGO (RF), COR ROSA, E = 12,5 MM, 1200 X 2400 MM (L X C)","M2    ",27.79]
[39412,"CHAPA DE GESSO ACARTONADO, STANDARD (ST), COR BRANCA, E = 12,5 MM, 1200 X 1800 MM (L X C)","M2    ",19.75]
[39413,"CHAPA DE GESSO ACARTONADO, STANDARD (ST), COR BRANCA, E = 12,5 MM, 1200 X 2400 MM (L X C)","M2    ",19.56]
[1338,"CHAPA DE LAMINADO MELAMINICO, LISO BRILHANTE, DE *1,25 X 3,08* M, E = 0,8 MM","M2    ",23.57]
[1340,"CHAPA DE LAMINADO MELAMINICO, LISO FOSCO, DE *1,25 X 3,08* M, E = 0,8 MM","M2    ",27.25]
[1341,"CHAPA DE LAMINADO MELAMINICO, TEXTURIZADO, DE *1,25 X 3,08* M, E = 0,8 MM","M2    ",26.24]
[1364,"CHAPA DE MADEIRA COMPENSADA DE PINUS, VIROLA OU EQUIVALENTE, DE *2,2 X 1,6* M, E = 10 MM","M2    ",21.25]
[1361,"CHAPA DE MADEIRA COMPENSADA DE PINUS, VIROLA OU EQUIVALENTE, DE *2,2 X 1,6* M, E = 12 MM","UN    ",88.61]
[1362,"CHAPA DE MADEIRA COMPENSADA DE PINUS, VIROLA OU EQUIVALENTE, DE *2,2 X 1,6* M, E = 15 MM","M2    ",29.58]
[11131,"CHAPA DE MADEIRA COMPENSADA DE PINUS, VIROLA OU EQUIVALENTE, DE *2,2 X 1,6* M, E = 20 MM","M2    ",37.85]
[11132,"CHAPA DE MADEIRA COMPENSADA DE PINUS, VIROLA OU EQUIVALENTE, DE *2,2 X 1,6* M, E = 25 MM","M2    ",44.76]
[1363,"CHAPA DE MADEIRA COMPENSADA DE PINUS, VIROLA OU EQUIVALENTE, DE *2,2 X 1,6* M, E = 6 MM","M2    ",15.05]
[11130,"CHAPA DE MADEIRA COMPENSADA DE PINUS, VIROLA OU EQUIVALENTE, DE *2,2 X 1,6* M, E = 8 MM","M2    ",19.06]
[11134,"CHAPA DE MADEIRA COMPENSADA NAVAL (COM COLA FENOLICA), E = 10 MM, DE *1,60 X 2,20* M","M2    ",26.56]
[11135,"CHAPA DE MADEIRA COMPENSADA NAVAL (COM COLA FENOLICA), E = 12 MM, DE *1,60 X 2,20* M","M2    ",32.37]
[11136,"CHAPA DE MADEIRA COMPENSADA NAVAL (COM COLA FENOLICA), E = 15 MM, DE *1,60 X 2,20* M","M2    ",35.02]
[34743,"CHAPA DE MADEIRA COMPENSADA NAVAL (COM COLA FENOLICA), E = 18 MM, DE *1,60 X 2,20* M","M2    ",44.58]
[11137,"CHAPA DE MADEIRA COMPENSADA NAVAL (COM COLA FENOLICA), E = 20 MM, DE *1,60 X 2,20* M","M2    ",49.72]
[34745,"CHAPA DE MADEIRA COMPENSADA NAVAL (COM COLA FENOLICA), E = 25 MM, DE *1,60 X 2,20* M","M2    ",56.66]
[34746,"CHAPA DE MADEIRA COMPENSADA NAVAL (COM COLA FENOLICA), E = 4 MM, DE *1,60 X 2,20* M","M2    ",14.59]
[1360,"CHAPA DE MADEIRA COMPENSADA NAVAL (COM COLA FENOLICA), E = 6 MM, DE *1,60 X 2,20* M","M2    ",18.02]
[1346,"CHAPA DE MADEIRA COMPENSADA PLASTIFICADA PARA FORMA DE CONCRETO, DE 2,20 x 1,10 M, E = 10 MM","M2    ",23.51]
[1345,"CHAPA DE MADEIRA COMPENSADA PLASTIFICADA PARA FORMA DE CONCRETO, DE 2,20 x 1,10 M, E = 18 MM","M2    ",38.1]
[1344,"CHAPA DE MADEIRA COMPENSADA PLASTIFICADA PARA FORMA DE CONCRETO, DE 2,20 x 1,10 M, E = 6 MM","UN    ",40.97]
[1342,"CHAPA DE MADEIRA COMPENSADA PLASTIFICADA PARA FORMA DE CONCRETO, DE 2,20 X 1,10 m, E = 14 MM","UN    ",72.43]
[1347,"CHAPA DE MADEIRA COMPENSADA PLASTIFICADA PARA FORMA DE CONCRETO, DE 2,20 X 1,10 M, E = 12 MM","M2    ",28.1]
[1349,"CHAPA DE MADEIRA COMPENSADA PLASTIFICADA PARA FORMA DE CONCRETO, DE 2,20 X 1,10 M, E = 20 MM","UN    ",103.3]
[1350,"CHAPA DE MADEIRA COMPENSADA RESINADA PARA FORMA DE CONCRETO, DE *2,2 X 1,1* M, E = 10 MM","UN    ",39.75]
[1357,"CHAPA DE MADEIRA COMPENSADA RESINADA PARA FORMA DE CONCRETO, DE *2,2 X 1,1* M, E = 12 MM","UN    ",50.64]
[1355,"CHAPA DE MADEIRA COMPENSADA RESINADA PARA FORMA DE CONCRETO, DE *2,2 X 1,1* M, E = 14 MM","M2    ",23.3]
[1358,"CHAPA DE MADEIRA COMPENSADA RESINADA PARA FORMA DE CONCRETO, DE *2,2 X 1,1* M, E = 17 MM","M2    ",26.99]
[1359,"CHAPA DE MADEIRA COMPENSADA RESINADA PARA FORMA DE CONCRETO, DE *2,2 X 1,1* M, E = 20 MM","UN    ",78.22]
[1351,"CHAPA DE MADEIRA COMPENSADA RESINADA PARA FORMA DE CONCRETO, DE *2,2 X 1,1* M, E = 6 MM","UN    ",25.21]
[34659,"CHAPA DE MDF BRANCO LISO 1 FACE, E = 12 MM, DE *2,75 X 1,85* M","M2    ",19.56]
[34514,"CHAPA DE MDF BRANCO LISO 1 FACE, E = 15 MM, DE *2,75 X 1,85* M","M2    ",21.67]
[34660,"CHAPA DE MDF BRANCO LISO 1 FACE, E = 18 MM, DE *2,75 X 1,85* M","M2    ",27.5]
[34661,"CHAPA DE MDF BRANCO LISO 1 FACE, E = 25 MM, DE *2,75 X 1,85* M","M2    ",39.5]
[34667,"CHAPA DE MDF BRANCO LISO 1 FACE, E = 6 MM, DE *2,75 X 1,85* M","M2    ",14.3]
[34668,"CHAPA DE MDF BRANCO LISO 1 FACE, E = 9 MM, DE *2,75 X 1,85* M","M2    ",18.69]
[34741,"CHAPA DE MDF BRANCO LISO 2 FACES, E = 12 MM, DE *2,75 X 1,85* M","M2    ",20.56]
[34664,"CHAPA DE MDF BRANCO LISO 2 FACES, E = 15 MM, DE *2,75 X 1,85* M","M2    ",22.44]
[34665,"CHAPA DE MDF BRANCO LISO 2 FACES, E = 18 MM, DE *2,75 X 1,85* M","M2    ",27.86]
[34666,"CHAPA DE MDF BRANCO LISO 2 FACES, E = 25 MM, DE *2,75 X 1,85* M","M2    ",42.08]
[34669,"CHAPA DE MDF BRANCO LISO 2 FACES, E = 6 MM, DE *2,75 X 1,85* M","M2    ",15.43]
[34670,"CHAPA DE MDF BRANCO LISO 2 FACES, E = 9 MM, DE *2,75 X 1,85* M","M2    ",18.87]
[34671,"CHAPA DE MDF CRU, E = 12 MM, DE *2,75 X 1,85* M","M2    ",15.75]
[34672,"CHAPA DE MDF CRU, E = 15 MM, DE *2,75 X 1,85* M","M2    ",16.61]
[34673,"CHAPA DE MDF CRU, E = 18 MM, DE *2,75 X 1,85* M","M2    ",20.27]
[34674,"CHAPA DE MDF CRU, E = 20 MM, DE *2,75 X 1,85* M","M2    ",26.94]
[34675,"CHAPA DE MDF CRU, E = 25 MM, DE *2,75 X 1,85* M","M2    ",32.85]
[34676,"CHAPA DE MDF CRU, E = 6 MM, DE *2,75 X 1,85* M","M2    ",9.45]
[34677,"CHAPA DE MDF CRU, E = 9 MM, DE *2,75 X 1,85* M","M2    ",12.71]
[40623,"CHAPA PARA EMENDA DE VIGA, EM ACO GROSSO, QUALIDADE ESTRUTURAL, BITOLA 3/16 \", E= 4,75 MM, 4 FUROS, LARGURA 45 MM, COMPRIMENTO 500 MM","PAR   ",27.25]
[11112,"CHAPA/BOBINA ALUMINIO, E = 0,5 MM, L = 300 MM - 0,41 KG/M (LIGA 1200 - H14)","KG    ",15.98]
[11115,"CHAPA/BOBINA ALUMINIO, E = 0,8 MM, L = 1000 MM - 2,16 KG/M (LIGA 1200 - H14)","M     ",7.39]
[11113,"CHAPA/BOBINA ALUMINIO, E = 0,8 MM, L = 500 MM - 1,08 KG/M (LIGA 1200 - H14)","KG    ",15.98]
[11114,"CHAPA/BOBINA ALUMINIO, E = 0,8 MM, L = 600 MM - 1,30 KG/M (LIGA 1200 - H14)","M     ",12.29]
[12083,"CHAVE BLINDADA TRIPOLAR PARA MOTORES, DO TIPO FACA, COM PORTA FUSIVEL DO TIPO CARTUCHO, CORRENTE NOMINAL DE 100 A, TENSAO NOMINAL DE 250 V","UN    ",606.5]
[12081,"CHAVE BLINDADA TRIPOLAR PARA MOTORES, DO TIPO FACA, COM PORTA FUSIVEL DO TIPO CARTUCHO, CORRENTE NOMINAL DE 30 A, TENSAO NOMINAL DE 250 V","UN    ",205.1]
[12082,"CHAVE BLINDADA TRIPOLAR PARA MOTORES, DO TIPO FACA, COM PORTA FUSIVEL DO TIPO CARTUCHO, CORRENTE NOMINAL DE 60 A, TENSAO NOMINAL DE 250 V","UN    ",322.34]
[13354,"CHAVE DE PARTIDA DIRETA TRIFASICA, COM CAIXA TERMOPLASTICA, COM FUSIVEL DE 25 A, PARA MOTOR COM POTENCIA DE 7,5 CV E TENSAO DE 380 V","UN    ",481.42]
[14057,"CHAVE DE PARTIDA DIRETA TRIFASICA, COM CAIXA TERMOPLASTICA, COM FUSIVEL DE 35 A, PARA MOTOR COM POTENCIA DE 5 CV E TENSAO DE 220 V","UN    ",268.78]
[14058,"CHAVE DE PARTIDA DIRETA TRIFASICA, COM CAIXA TERMOPLASTICA, COM FUSIVEL DE 63 A, PARA MOTOR COM POTENCIA DE 10 CV E TENSAO DE 220 V","UN    ",424]
[20971,"CHAVE DUPLA PARA CONEXOES TIPO STORZ, ENGATE RAPIDO 1 1/2\" X 2 1/2\", EM LATAO, PARA INSTALACAO PREDIAL COMBATE A INCENDIO","UN    ",15.23]
[5047,"CHAVE FUSIVEL PARA REDES DE DISTRIBUICAO, TENSAO DE 15,0 KV, CORRENTE NOMINAL DO PORTA FUSIVEL DE 100 A, CAPACIDADE DE INTERRUPCAO SIMETRICA DE 7,10 KA, CAPACIDADE DE INTERRUPCAO ASSIMETRICA 10,00 KA","UN    ",288.87]
[13369,"CHAVE SECCIONADORA-FUSIVEL BLINDADA TRIPOLAR, ABERTURA COM CARGA, PARA FUSIVEL NH00, CORRENTE NOMINAL DE 160 A, TENSAO DE 500 V","UN    ",313.36]
[13370,"CHAVE SECCIONADORA-FUSIVEL BLINDADA TRIPOLAR, ABERTURA COM CARGA, PARA FUSIVEL NH01, CORRENTE NOMINAL DE 250 A, TENSAO DE 500 V","UN    ",434.38]
[13279,"CHUMBADOR DE ACO TIPO PARABOLT, * 5/8\" X 200* MM,  COM PORCA E ARRUELA","KG    ",10.9]
[11977,"CHUMBADOR DE ACO, DIAMETRO 1/2\", COMPRIMENTO 75 MM","UN    ",5.65]
[11975,"CHUMBADOR DE ACO, DIAMETRO 5/8\", COMPRIMENTO 6\", COM PORCA","UN    ",12.38]
[39746,"CHUMBADOR DE ACO, 1\" X 600 MM, PARA POSTES DE ACO COM BASE, INCLUSO PORCA E ARRUELA","UN    ",137.76]
[11976,"CHUMBADOR, DIAMETRO 1/4\" COM PARAFUSO 1/4\" X 40 MM","UN    ",0.63]
[1368,"CHUVEIRO COMUM EM PLASTICO BRANCO, COM CANO, 3 TEMPERATURAS, 5500 W (110/220 V)","UN    ",52.39]
[1367,"CHUVEIRO COMUM EM PLASTICO CROMADO, COM CANO, 4 TEMPERATURAS (110/220 V)","UN    ",169.46]
[7608,"CHUVEIRO PLASTICO BRANCO SIMPLES 5 '' PARA ACOPLAR EM HASTE 1/2 \", AGUA FRIA","UN    ",4.22]
[41900,"CIMENTO ASFALTICO DE PETROLEO A GRANEL (CAP) 30/45 (COLETADO CAIXA NA ANP ACRESCIDO DE ICMS)","KG    ",2.6]
[41899,"CIMENTO ASFALTICO DE PETROLEO A GRANEL (CAP) 50/70 (COLETADO CAIXA NA ANP ACRESCIDO DE ICMS)","T     ",{"v":2553.59,"d":"2,553.59"}]
[1380,"CIMENTO BRANCO","KG    ",3.33]
[1375,"CIMENTO IMPERMEABILIZANTE DE PEGA ULTRARRAPIDA PARA TAMPONAMENTOS","KG    ",10.4]
[1379,"CIMENTO PORTLAND COMPOSTO CP II-32","KG    ",0.56]
[10511,"CIMENTO PORTLAND COMPOSTO CP II-32 (SACO DE 50 KG)","50KG  ",28.45]
[13284,"CIMENTO PORTLAND DE ALTO FORNO (AF) CP III-32","KG    ",0.48]
[25974,"CIMENTO PORTLAND ESTRUTURAL BRANCO CPB-32","KG    ",1.9]
[1382,"CIMENTO PORTLAND POZOLANICO CP IV- 32","50KG  ",27.41]
[34753,"CIMENTO PORTLAND POZOLANICO CP IV-32","KG    ",0.54]
[420,"CINTA CIRCULAR EM ACO GALVANIZADO DE 150 MM DE DIAMETRO PARA FIXACAO DE CAIXA MEDICAO, INCLUI PARAFUSOS E PORCAS","UN    ",19.77]
[12327,"CINTA CIRCULAR EM ACO GALVANIZADO DE 210 MM DE DIAMETRO PARA INSTALACAO DE TRANSFORMADOR EM POSTE DE CONCRETO","UN    ",23.55]
[36148,"CINTURAO DE SEGURANCA TIPO PARAQUEDISTA, FIVELA EM ACO, AJUSTE NO SUSPENSARIO, CINTURA E PERNAS","UN    ",51.84]
[12329,"COBRE ELETROLITICO EM BARRA OU CHAPA","KG    ",72.91]
[1339,"COLA A BASE DE RESINA SINTETICA PARA CHAPA DE LAMINADO MELAMINICO","KG    ",23.63]
[11849,"COLA BRANCA BASE PVA","L     ",11.25]
[37418,"COLAR DE TOMADA EM POLIPROPILENO, PP, COM PARAFUSOS, PARA PEAD, 63 X 1/2\" - LIGACAO PREDIAL DE AGUA","UN    ",11.94]
[37419,"COLAR DE TOMADA EM POLIPROPILENO, PP, COM PARAFUSOS, PARA PEAD, 63 X 3/4\" - LIGACAO PREDIAL DE AGUA","UN    ",12.26]
[1427,"COLAR TOMADA PVC, COM TRAVAS, SAIDA COM ROSCA, DE 110 MM X 1/2\" OU 110 MM X 3/4\", PARA LIGACAO PREDIAL DE AGUA","UN    ",17.99]
[1402,"COLAR TOMADA PVC, COM TRAVAS, SAIDA COM ROSCA, DE 32 MM X 1/2\" OU 32 MM X 3/4\", PARA LIGACAO PREDIAL DE AGUA","UN    ",9.49]
[1420,"COLAR TOMADA PVC, COM TRAVAS, SAIDA COM ROSCA, DE 40 MM X 1/2\" OU 40 MM X 3/4\", PARA LIGACAO PREDIAL DE AGUA","UN    ",9.85]
[1419,"COLAR TOMADA PVC, COM TRAVAS, SAIDA COM ROSCA, DE 50 MM X 1/2\" OU 50 MM X 3/4\", PARA LIGACAO PREDIAL DE AGUA","UN    ",10.67]
[1414,"COLAR TOMADA PVC, COM TRAVAS, SAIDA COM ROSCA, DE 60 MM X 1/2\" OU 60 MM X 3/4\", PARA LIGACAO PREDIAL DE AGUA","UN    ",11.98]
[1413,"COLAR TOMADA PVC, COM TRAVAS, SAIDA COM ROSCA, DE 75 MM X 1/2\" OU 75 MM X 3/4\", PARA LIGACAO PREDIAL DE AGUA","UN    ",14.5]
[1412,"COLAR TOMADA PVC, COM TRAVAS, SAIDA COM ROSCA, DE 85 MM X 1/2\" OU 85 MM X 3/4\", PARA LIGACAO PREDIAL DE AGUA","UN    ",15.04]
[1411,"COLAR TOMADA PVC, COM TRAVAS, SAIDA ROSCAVEL COM BUCHA DE LATAO, DE 110 MM X 1/2\" OU 110 MM X 3/4\", PARA LIGACAO PREDIAL DE AGUA","UN    ",27.34]
[1406,"COLAR TOMADA PVC, COM TRAVAS, SAIDA ROSCAVEL COM BUCHA DE LATAO, DE 60 MM X 1/2\" OU 60 MM X 3/4\", PARA LIGACAO PREDIAL DE AGUA","UN    ",18.17]
[1407,"COLAR TOMADA PVC, COM TRAVAS, SAIDA ROSCAVEL COM BUCHA DE LATAO, DE 75 MM X 1/2\" OU 75 MM X 3/4\", PARA LIGACAO PREDIAL DE AGUA","UN    ",22.64]
[1404,"COLAR TOMADA PVC, COM TRAVAS, SAIDA ROSCAVEL COM BUCHA DE LATAO, DE 85 MM X 1/2\" OU 85 MM X 3/4\", PARA LIGACAO PREDIAL DE AGUA","UN    ",24]
[11281,"COMPACTADOR DE SOLO A PERCUSSAO (SOQUETE), COM MOTOR GASOLINA DE 4 TEMPOS, PESO ENTRE 55 E 65 KG, FORCA DE IMPACTO DE 1.000 A 1.500 KGF, FREQUENCIA DE 600 A 700 GOLPES POR MINUTO, VELOCIDADE DE TRABALHO ENTRE 10 E 15 M/MIN, POTENCIA ENTRE 2,00 E 3,00 HP","UN    ",{"v":10198,"d":"10,198.00"}]
[40699,"COMPACTADOR DE SOLO, TIPO PLACA VIBRATORIA NAO REVERSIVEL, COM MOTOR A GASOLINA DE 4 TEMPOS, PESO ENTRE 80 E 120 KG, FORCA CENTRIFUGA ENTRE 1300 E 2000 KGF, LARGURA DE TRABALHO ENTRE 400 E 500 MM, FREQUENCIA DE VIBRACAO ENTRE 4800 E 6000 RPM, VELOCIDADEDE TRABALHO ENTRE 20 E 30 M/MIN, POTENCIA ENTRE 5,0 E 6,0 HP","UN    ",{"v":5712.64,"d":"5,712.64"}]
[40701,"COMPACTADOR DE SOLO, TIPO PLACA VIBRATORIA REVERSIVEL, COM MOTOR A DIESEL, PESO ENTRE 700 E 820 KG, FORCA CENTRIFUGA ENTRE 6.200 E 10.000 KGF, LARGURA DE TRABALHO ENTRE 650 E 720 MM, FREQUENCIA DE VIBRACAO ENTRE 3.000 E 3.500 RPM, VELOCIDADE DE TRABALHOENTRE 25 E 30 M/MIN, POTENCIA ENTRE 13,0 E 15,0 HP","UN    ",{"v":101007.26,"d":"101,007.26"}]
[1442,"COMPACTADOR DE SOLO, TIPO PLACA VIBRATORIA REVERSIVEL, COM MOTOR A GASOLINA DE 4 TEMPOS, PESO ENTRE 125 E 150 KG, FORCA CENTRIFUGA ENTRE 2500 E 2800 KGF, LARGURA DE TRABALHO ENTRE 400 E 450 MM, FREQUENCIA DE VIBRACAO ENTRE 4.300 E 4.500 RPM, VELOCIDADE DE TRABALHO ENTRE 15 E 20 M/MIN, POTENCIA ENTRE 5,5 E 6,0 HP","UN    ",{"v":8561.14,"d":"8,561.14"}]
[13457,"COMPACTADOR DE SOLO, TIPO PLACA VIBRATORIA REVERSIVEL, COM MOTOR A GASOLINA DE 4 TEMPOS, PESO ENTRE 150 E 175 KG, FORCA CENTRIFUGA ENTRE 2800 E 3100 KGF, LARGURA DE TRABALHO ENTRE 450 E 520 MM, FREQUENCIA DE VIBRACAO ENTRE 4.000 E 4.300 RPM, VELOCIDADE DE TRABALHO ENTRE 15 E 20 M/MIN, POTENCIA ENTRE 6,0 E 7,0 HP","UN    ",{"v":7389.85,"d":"7,389.85"}]
[40700,"COMPACTADOR DE SOLO, TIPO PLACA VIBRATORIA REVERSIVEL, COM MOTOR A GASOLINA DE 4 TEMPOS, PESO ENTRE 160 E 265 KG, FORCA CENTRIFUGA ENTRE 2750 E 4000 KGF, LARGURA DE TRABALHO ENTRE 430 E 550 MM, FREQUENCIA DE VIBRACAO ENTRE 4000 E 5500 RPM, VELOCIDADE DETRABALHO ENTRE 20 E 25 M/MIN, POTENCIA ENTRE 7,5 E 9,0 HP","UN    ",{"v":13298.27,"d":"13,298.27"}]
[13458,"COMPACTADOR DE SOLOS DE PERCURSAO (SOQUETE) COM MOTOR A GASOLINA 4 TEMPOS DE 4 HP (4 CV)","UN    ",{"v":12636.65,"d":"12,636.65"}]
[36524,"COMPRESSOR DE AR ESTACIONARIO, VAZAO 620 PCM, PRESSAO EFETIVA DE TRABALHO 109 PSI, MOTOR ELETRICO, POTENCIA 127 CV","UN    ",{"v":71134.19,"d":"71,134.19"}]
[36526,"COMPRESSOR DE AR REBOCAVEL VAZAO 400 PCM, PRESSAO EFETIVA DE TRABALHO 102 PSI, MOTOR DIESEL, POTENCIA 110 CV","UN    ",{"v":57322.82,"d":"57,322.82"}]
[36523,"COMPRESSOR DE AR REBOCAVEL VAZAO 748 PCM, PRESSAO EFETIVA DE TRABALHO 102 PSI, MOTOR DIESEL, POTENCIA 210 CV","UN    ",{"v":122720.43,"d":"122,720.43"}]
[36527,"COMPRESSOR DE AR REBOCAVEL VAZAO 860 PCM, PRESSAO EFETIVA DE TRABALHO 102 PSI, MOTOR DIESEL, POTENCIA 250 CV","UN    ",{"v":133299.67,"d":"133,299.67"}]
[13803,"COMPRESSOR DE AR REBOCAVEL, VAZAO *89* PCM, PRESSAO EFETIVA DE TRABALHO *102* PSI, MOTOR DIESEL, POTENCIA *20* CV","UN    ",{"v":48200,"d":"48,200.00"}]
[38642,"COMPRESSOR DE AR REBOCAVEL, VAZAO 152 PCM, PRESSAO EFETIVA DE TRABALHO 102 PSI, MOTOR DIESEL, POTENCIA 31,5 KW","UN    ",{"v":31035.58,"d":"31,035.58"}]
[36522,"COMPRESSOR DE AR REBOCAVEL, VAZAO 189 PCM, PRESSAO EFETIVA DE TRABALHO 102 PSI, MOTOR DIESEL, POTENCIA 63 CV","UN    ",{"v":36094.01,"d":"36,094.01"}]
[36525,"COMPRESSOR DE AR REBOCAVEL, VAZAO 250 PCM, PRESSAO EFETIVA DE TRABALHO 102 PSI, MOTOR DIESEL, POTENCIA 81 CV","UN    ",{"v":48338.31,"d":"48,338.31"}]
[41991,"COMPRESSOR DE AR, VAZAO DE 10 PCM, RESERVATORIO 100 L, PRESSAO DE TRABALHO ENTRE 6,9 E 9,7 BAR,  POTENCIA 2 HP, TENSAO 110/220 V (COLETADO CAIXA)","UN    ",{"v":1786.17,"d":"1,786.17"}]
[34348,"CONCERTINA CLIPADA (DUPLA) EM ACO GALVANIZADO DE ALTA RESISTENCIA, COM ESPIRAL DE 300 MM, D = 2,76 MM","M     ",31.08]
[34347,"CONCERTINA SIMPLES EM ACO GALVANIZADO DE ALTA RESISTENCIA, COM ESPIRAL DE 300 MM, D = 2,76 MM","M     ",16.05]
[11146,"CONCRETO AUTOADENSAVEL (CAA) CLASSE DE RESISTENCIA C15, ESPALHAMENTO SF2, INCLUI SERVICO DE BOMBEAMENTO (NBR 15823)","M3    ",247.73]
[11147,"CONCRETO AUTOADENSAVEL (CAA) CLASSE DE RESISTENCIA C20, ESPALHAMENTO SF2, INCLUI SERVICO DE BOMBEAMENTO (NBR 15823)","M3    ",256.91]
[34872,"CONCRETO AUTOADENSAVEL (CAA) CLASSE DE RESISTENCIA C25, ESPALHAMENTO SF2, INCLUI SERVICO DE BOMBEAMENTO (NBR 15823)","M3    ",266.08]
[34491,"CONCRETO AUTOADENSAVEL (CAA) CLASSE DE RESISTENCIA C30, ESPALHAMENTO SF2, INCLUI SERVICO DE BOMBEAMENTO (NBR 15823)","M3    ",271.47]
[34770,"CONCRETO BETUMINOSO USINADO A QUENTE (CBUQ) PARA PAVIMENTACAO ASFALTICA, PADRAO DNIT, FAIXA C, COM CAP 30/45 - AQUISICAO POSTO USINA","T     ",231.79]
[1518,"CONCRETO BETUMINOSO USINADO A QUENTE (CBUQ) PARA PAVIMENTACAO ASFALTICA, PADRAO DNIT, FAIXA C, COM CAP 50/70 - AQUISICAO POSTO USINA","T     ",250.16]
[41965,"CONCRETO BETUMINOSO USINADO A QUENTE (CBUQ) PARA PAVIMENTACAO ASFALTICA, PADRAO DNIT, PARA BINDER, COM CAP 50/70 - AQUISICAO POSTO USINA","T     ",242.35]
[34492,"CONCRETO USINADO BOMBEAVEL, CLASSE DE RESISTENCIA C20, COM BRITA 0 E 1, SLUMP = 100 +/- 20 MM, EXCLUI SERVICO DE BOMBEAMENTO (NBR 8953)","M3    ",224.79]
[1524,"CONCRETO USINADO BOMBEAVEL, CLASSE DE RESISTENCIA C20, COM BRITA 0 E 1, SLUMP = 100 +/- 20 MM, INCLUI SERVICO DE BOMBEAMENTO (NBR 8953)","M3    ",261.5]
[38404,"CONCRETO USINADO BOMBEAVEL, CLASSE DE RESISTENCIA C20, COM BRITA 0 E 1, SLUMP = 130 +/- 20 MM, EXCLUI SERVICO DE BOMBEAMENTO (NBR 8953)","M3    ",276]
[39849,"CONCRETO USINADO BOMBEAVEL, CLASSE DE RESISTENCIA C20, COM BRITA 0 E 1, SLUMP = 190 +/- 20 MM, INCLUI SERVICO DE BOMBEAMENTO (NBR 8953)","M3    ",275.41]
[38464,"CONCRETO USINADO BOMBEAVEL, CLASSE DE RESISTENCIA C20, COM BRITA 0, SLUMP = 220 +/- 20 MM, INCLUI SERVICO DE BOMBEAMENTO (NBR 8953)","M3    ",333.41]
[34493,"CONCRETO USINADO BOMBEAVEL, CLASSE DE RESISTENCIA C25, COM BRITA 0 E 1, SLUMP = 100 +/- 20 MM, EXCLUI SERVICO DE BOMBEAMENTO (NBR 8953)","M3    ",233.51]
[1527,"CONCRETO USINADO BOMBEAVEL, CLASSE DE RESISTENCIA C25, COM BRITA 0 E 1, SLUMP = 100 +/- 20 MM, INCLUI SERVICO DE BOMBEAMENTO (NBR 8953)","M3    ",272.51]
[38405,"CONCRETO USINADO BOMBEAVEL, CLASSE DE RESISTENCIA C25, COM BRITA 0 E 1, SLUMP = 130 +/- 20 MM, EXCLUI SERVICO DE BOMBEAMENTO (NBR 8953)","M3    ",292.56]
[38408,"CONCRETO USINADO BOMBEAVEL, CLASSE DE RESISTENCIA C25, COM BRITA 0 E 1, SLUMP = 190 +/- 20 MM, EXCLUI SERVICO DE BOMBEAMENTO (NBR 8953)","M3    ",304.22]
[34494,"CONCRETO USINADO BOMBEAVEL, CLASSE DE RESISTENCIA C30, COM BRITA 0 E 1, SLUMP = 100 +/- 20 MM, EXCLUI SERVICO DE BOMBEAMENTO (NBR 8953)","M3    ",243.88]
[1525,"CONCRETO USINADO BOMBEAVEL, CLASSE DE RESISTENCIA C30, COM BRITA 0 E 1, SLUMP = 100 +/- 20 MM, INCLUI SERVICO DE BOMBEAMENTO (NBR 8953)","M3    ",281.68]
[38406,"CONCRETO USINADO BOMBEAVEL, CLASSE DE RESISTENCIA C30, COM BRITA 0 E 1, SLUMP = 130 +/- 20 MM, EXCLUI SERVICO DE BOMBEAMENTO (NBR 8953)","M3    ",307.39]
[38409,"CONCRETO USINADO BOMBEAVEL, CLASSE DE RESISTENCIA C30, COM BRITA 0 E 1, SLUMP = 190 +/- 20 MM, EXCLUI SERVICO DE BOMBEAMENTO (NBR 8953)","M3    ",327.92]
[34495,"CONCRETO USINADO BOMBEAVEL, CLASSE DE RESISTENCIA C35, COM BRITA 0 E 1, SLUMP = 100 +/- 20 MM, EXCLUI SERVICO DE BOMBEAMENTO (NBR 8953)","M3    ",254.29]
[11145,"CONCRETO USINADO BOMBEAVEL, CLASSE DE RESISTENCIA C35, COM BRITA 0 E 1, SLUMP = 100 +/- 20 MM, INCLUI SERVICO DE BOMBEAMENTO (NBR 8953)","M3    ",291.77]
[34496,"CONCRETO USINADO BOMBEAVEL, CLASSE DE RESISTENCIA C40, COM BRITA 0 E 1, SLUMP = 100 +/- 20 MM, EXCLUI SERVICO DE BOMBEAMENTO (NBR 8953)","M3    ",265.62]
[34479,"CONCRETO USINADO BOMBEAVEL, CLASSE DE RESISTENCIA C40, COM BRITA 0 E 1, SLUMP = 100 +/- 20 MM, INCLUI SERVICO DE BOMBEAMENTO (NBR 8953)","M3    ",302.78]
[34481,"CONCRETO USINADO BOMBEAVEL, CLASSE DE RESISTENCIA C45, COM BRITA 0 E 1, SLUMP = 100 +/- 20 MM, INCLUI SERVICO DE BOMBEAMENTO (NBR 8953)","M3    ",340.4]
[34483,"CONCRETO USINADO BOMBEAVEL, CLASSE DE RESISTENCIA C50, COM BRITA 0 E 1, SLUMP = 100 +/- 20 MM, INCLUI SERVICO DE BOMBEAMENTO (NBR 8953)","M3    ",403.71]
[34485,"CONCRETO USINADO BOMBEAVEL, CLASSE DE RESISTENCIA C60, COM BRITA 0 E 1, SLUMP = 100 +/- 20 MM, INCLUI SERVICO DE BOMBEAMENTO (NBR 8953)","M3    ",518.41]
[34497,"CONCRETO USINADO BOMBEAVEL, CLASSE DE RESISTENCIA C80, COM BRITA 0 E 1, SLUMP = 100 +/- 20 MM, EXCLUI SERVICO DE BOMBEAMENTO (NBR 8953)","M3    ",715.68]
[14041,"CONCRETO USINADO CONVENCIONAL (NAO BOMBEAVEL) CLASSE DE RESISTENCIA C10, COM BRITA 1 E 2, SLUMP = 80 MM +/- 10 MM (NBR 8953)","M3    ",224.3]
[1523,"CONCRETO USINADO CONVENCIONAL (NAO BOMBEAVEL) CLASSE DE RESISTENCIA C15, COM BRITA 1 E 2, SLUMP = 80 MM +/- 10 MM (NBR 8953)","M3    ",226.44]
[14052,"CONDULETE DE ALUMINIO TIPO B, PARA ELETRODUTO ROSCAVEL DE 1/2\", COM TAMPA CEGA","UN    ",7.92]
[14054,"CONDULETE DE ALUMINIO TIPO B, PARA ELETRODUTO ROSCAVEL DE 1\", COM TAMPA CEGA","UN    ",10.29]
[14053,"CONDULETE DE ALUMINIO TIPO B, PARA ELETRODUTO ROSCAVEL DE 3/4\", COM TAMPA CEGA","UN    ",8.04]
[2558,"CONDULETE DE ALUMINIO TIPO C, PARA ELETRODUTO ROSCAVEL DE 1/2\", COM TAMPA CEGA","UN    ",6.05]
[2560,"CONDULETE DE ALUMINIO TIPO C, PARA ELETRODUTO ROSCAVEL DE 1\", COM TAMPA CEGA","UN    ",10.65]
[2559,"CONDULETE DE ALUMINIO TIPO C, PARA ELETRODUTO ROSCAVEL DE 3/4\", COM TAMPA CEGA","UN    ",8.52]
[2592,"CONDULETE DE ALUMINIO TIPO C, PARA ELETRODUTO ROSCAVEL DE 4\", COM TAMPA CEGA","UN    ",141.24]
[2566,"CONDULETE DE ALUMINIO TIPO E, PARA ELETRODUTO ROSCAVEL DE 1  1/4\", COM TAMPA CEGA","UN    ",14.21]
[2589,"CONDULETE DE ALUMINIO TIPO E, PARA ELETRODUTO ROSCAVEL DE 1 1/2\", COM TAMPA CEGA","UN    ",18.89]
[2591,"CONDULETE DE ALUMINIO TIPO E, PARA ELETRODUTO ROSCAVEL DE 1/2\", COM TAMPA CEGA","UN    ",6.89]
[2590,"CONDULETE DE ALUMINIO TIPO E, PARA ELETRODUTO ROSCAVEL DE 1\", COM TAMPA CEGA","UN    ",11.59]
[2567,"CONDULETE DE ALUMINIO TIPO E, PARA ELETRODUTO ROSCAVEL DE 2\", COM TAMPA CEGA","UN    ",27.71]
[2565,"CONDULETE DE ALUMINIO TIPO E, PARA ELETRODUTO ROSCAVEL DE 3/4\", COM TAMPA CEGA","UN    ",6.9]
[2568,"CONDULETE DE ALUMINIO TIPO E, PARA ELETRODUTO ROSCAVEL DE 3\", COM TAMPA CEGA","UN    ",76.95]
[2594,"CONDULETE DE ALUMINIO TIPO E, PARA ELETRODUTO ROSCAVEL DE 4\", COM TAMPA CEGA","UN    ",128.2]
[2587,"CONDULETE DE ALUMINIO TIPO LR, PARA ELETRODUTO ROSCAVEL DE 1 1/2\", COM TAMPA CEGA","UN    ",21.85]
[2588,"CONDULETE DE ALUMINIO TIPO LR, PARA ELETRODUTO ROSCAVEL DE 1 1/4\", COM TAMPA CEGA","UN    ",17.35]
[2569,"CONDULETE DE ALUMINIO TIPO LR, PARA ELETRODUTO ROSCAVEL DE 1/2\", COM TAMPA CEGA","UN    ",6.68]
[2570,"CONDULETE DE ALUMINIO TIPO LR, PARA ELETRODUTO ROSCAVEL DE 1\", COM TAMPA CEGA","UN    ",11.21]
[2571,"CONDULETE DE ALUMINIO TIPO LR, PARA ELETRODUTO ROSCAVEL DE 2\", COM TAMPA CEGA","UN    ",33.27]
[2593,"CONDULETE DE ALUMINIO TIPO LR, PARA ELETRODUTO ROSCAVEL DE 3/4\", COM TAMPA CEGA","UN    ",7.13]
[2572,"CONDULETE DE ALUMINIO TIPO LR, PARA ELETRODUTO ROSCAVEL DE 3\", COM TAMPA CEGA","UN    ",98.41]
[2595,"CONDULETE DE ALUMINIO TIPO LR, PARA ELETRODUTO ROSCAVEL DE 4\", COM TAMPA CEGA","UN    ",153.53]
[2576,"CONDULETE DE ALUMINIO TIPO T, PARA ELETRODUTO ROSCAVEL DE 1 1/2\", COM TAMPA CEGA","UN    ",26.17]
[2575,"CONDULETE DE ALUMINIO TIPO T, PARA ELETRODUTO ROSCAVEL DE 1 1/4\", COM TAMPA CEGA","UN    ",19.67]
[2573,"CONDULETE DE ALUMINIO TIPO T, PARA ELETRODUTO ROSCAVEL DE 1/2\", COM TAMPA CEGA","UN    ",8.17]
[2586,"CONDULETE DE ALUMINIO TIPO T, PARA ELETRODUTO ROSCAVEL DE 1\", COM TAMPA CEGA","UN    ",13.24]
[2577,"CONDULETE DE ALUMINIO TIPO T, PARA ELETRODUTO ROSCAVEL DE 2\", COM TAMPA CEGA","UN    ",35.46]
[2574,"CONDULETE DE ALUMINIO TIPO T, PARA ELETRODUTO ROSCAVEL DE 3/4\", COM TAMPA CEGA","UN    ",8.22]
[2578,"CONDULETE DE ALUMINIO TIPO T, PARA ELETRODUTO ROSCAVEL DE 3\", COM TAMPA CEGA","UN    ",110.73]
[2585,"CONDULETE DE ALUMINIO TIPO T, PARA ELETRODUTO ROSCAVEL DE 4\", COM TAMPA CEGA","UN    ",151.94]
[12008,"CONDULETE DE ALUMINIO TIPO TB, PARA ELETRODUTO ROSCAVEL DE 3\", COM TAMPA CEGA","UN    ",81.52]
[2582,"CONDULETE DE ALUMINIO TIPO X, PARA ELETRODUTO ROSCAVEL DE 1 1/2\", COM TAMPA CEGA","UN    ",24.27]
[2597,"CONDULETE DE ALUMINIO TIPO X, PARA ELETRODUTO ROSCAVEL DE 1 1/4\", COM TAMPA CEGA","UN    ",20.8]
[2579,"CONDULETE DE ALUMINIO TIPO X, PARA ELETRODUTO ROSCAVEL DE 1/2\", COM TAMPA CEGA","UN    ",9.9]
[2581,"CONDULETE DE ALUMINIO TIPO X, PARA ELETRODUTO ROSCAVEL DE 1\", COM TAMPA CEGA","UN    ",12.67]
[2596,"CONDULETE DE ALUMINIO TIPO X, PARA ELETRODUTO ROSCAVEL DE 2\", COM TAMPA CEGA","UN    ",37.49]
[2580,"CONDULETE DE ALUMINIO TIPO X, PARA ELETRODUTO ROSCAVEL DE 3/4\", COM TAMPA CEGA","UN    ",10.85]
[2583,"CONDULETE DE ALUMINIO TIPO X, PARA ELETRODUTO ROSCAVEL DE 3\", COM TAMPA CEGA","UN    ",91.18]
[2584,"CONDULETE DE ALUMINIO TIPO X, PARA ELETRODUTO ROSCAVEL DE 4\", COM TAMPA CEGA","UN    ",151.79]
[12010,"CONDULETE EM PVC, TIPO \"B\", SEM TAMPA, DE 1/2\" OU 3/4\"","UN    ",6.79]
[39329,"CONDULETE EM PVC, TIPO \"B\", SEM TAMPA, DE 1\"","UN    ",7.11]
[39330,"CONDULETE EM PVC, TIPO \"C\", SEM TAMPA, DE 1/2\"","UN    ",7.48]
[39332,"CONDULETE EM PVC, TIPO \"C\", SEM TAMPA, DE 1\"","UN    ",8.35]
[39331,"CONDULETE EM PVC, TIPO \"C\", SEM TAMPA, DE 3/4\"","UN    ",6.65]
[39333,"CONDULETE EM PVC, TIPO \"E\", SEM TAMPA, DE 1/2\"","UN    ",6.48]
[39335,"CONDULETE EM PVC, TIPO \"E\", SEM TAMPA, DE 1\"","UN    ",7.5]
[39334,"CONDULETE EM PVC, TIPO \"E\", SEM TAMPA, DE 3/4\"","UN    ",5.96]
[12016,"CONDULETE EM PVC, TIPO \"LB\", SEM TAMPA, DE 1/2\" OU 3/4\"","UN    ",7.49]
[12015,"CONDULETE EM PVC, TIPO \"LB\", SEM TAMPA, DE 1\"","UN    ",8.71]
[12020,"CONDULETE EM PVC, TIPO \"LL\", SEM TAMPA, DE 1/2\" OU 3/4\"","UN    ",7.49]
[12019,"CONDULETE EM PVC, TIPO \"LL\", SEM TAMPA, DE 1\"","UN    ",8.71]
[39336,"CONDULETE EM PVC, TIPO \"LR\", SEM TAMPA, DE 1/2\"","UN    ",7.48]
[39338,"CONDULETE EM PVC, TIPO \"LR\", SEM TAMPA, DE 1\"","UN    ",8.35]
[39337,"CONDULETE EM PVC, TIPO \"LR\", SEM TAMPA, DE 3/4\"","UN    ",6.65]
[39341,"CONDULETE EM PVC, TIPO \"T\", SEM TAMPA, DE 1\"","UN    ",10.89]
[39340,"CONDULETE EM PVC, TIPO \"T\", SEM TAMPA, DE 3/4\"","UN    ",8]
[12025,"CONDULETE EM PVC, TIPO \"TB\", SEM TAMPA, DE 1/2\" OU 3/4\"","UN    ",8.26]
[39342,"CONDULETE EM PVC, TIPO \"TB\", SEM TAMPA, DE 1\"","UN    ",10.89]
[39343,"CONDULETE EM PVC, TIPO \"X\", SEM TAMPA, DE 1/2\"","UN    ",9.2]
[39345,"CONDULETE EM PVC, TIPO \"X\", SEM TAMPA, DE 1\"","UN    ",12.45]
[39344,"CONDULETE EM PVC, TIPO \"X\", SEM TAMPA, DE 3/4\"","UN    ",8.89]
[12623,"CONDUTOR PLUVIAL, PVC, CIRCULAR, DIAMETRO ENTRE 80 E 100 MM, PARA DRENAGEM PREDIAL","M     ",11.65]
[34498,"CONE DE SINALIZACAO EM PVC FLEXIVEL, H = 70 / 76 CM (NBR 15071)","UN    ",123.29]
[13244,"CONE DE SINALIZACAO EM PVC RIGIDO COM FAIXA REFLETIVA, H = 70 / 76 CM","UN    ",51.9]
[38998,"CONECTOR / ADAPTADOR FEMEA, COM INSERTO METALICO, PPR, DN 25 MM X 1/2\", PARA AGUA QUENTE E FRIA PREDIAL","UN    ",7.03]
[38999,"CONECTOR / ADAPTADOR FEMEA, COM INSERTO METALICO, PPR, DN 32 MM X 3/4\", PARA AGUA QUENTE E FRIA PREDIAL","UN    ",11.64]
[38996,"CONECTOR / ADAPTADOR MACHO, COM INSERTO METALICO, PPR, DN 25 MM X 1/2\", PARA AGUA QUENTE E FRIA PREDIAL","UN    ",10.16]
[38997,"CONECTOR / ADAPTADOR MACHO, COM INSERTO METALICO, PPR, DN 32 MM X 3/4\", PARA AGUA QUENTE E FRIA PREDIAL","UN    ",16.44]
[39862,"CONECTOR BRONZE/LATAO (REF 603) SEM ANEL DE SOLDA, BOLSA X ROSCA F, 15 MM X 1/2\"","UN    ",6.69]
[39863,"CONECTOR BRONZE/LATAO (REF 603) SEM ANEL DE SOLDA, BOLSA X ROSCA F, 22 MM X 1/2\"","UN    ",6.79]
[39864,"CONECTOR BRONZE/LATAO (REF 603) SEM ANEL DE SOLDA, BOLSA X ROSCA F, 22 MM X 3/4\"","UN    ",8.42]
[39865,"CONECTOR BRONZE/LATAO (REF 603) SEM ANEL DE SOLDA, BOLSA X ROSCA F, 28 MM X 1/2\"","UN    ",11.87]
[2517,"CONECTOR CURVO 90 GRAUS DE ALUMINIO, BITOLA 1 1/2\", PARA ADAPTAR ENTRADA DE ELETRODUTO METALICO FLEXIVEL EM QUADROS","UN    ",15.12]
[2522,"CONECTOR CURVO 90 GRAUS DE ALUMINIO, BITOLA 1 1/4\", PARA ADAPTAR ENTRADA DE ELETRODUTO METALICO FLEXIVEL EM QUADROS","UN    ",9.77]
[2548,"CONECTOR CURVO 90 GRAUS DE ALUMINIO, BITOLA 1/2\", PARA ADAPTAR ENTRADA DE ELETRODUTO METALICO FLEXIVEL EM QUADROS","UN    ",6.01]
[2516,"CONECTOR CURVO 90 GRAUS DE ALUMINIO, BITOLA 1\", PARA ADAPTAR ENTRADA DE ELETRODUTO METALICO FLEXIVEL EM QUADROS","UN    ",7.84]
[2518,"CONECTOR CURVO 90 GRAUS DE ALUMINIO, BITOLA 2 1/2\", PARA ADAPTAR ENTRADA DE ELETRODUTO METALICO FLEXIVEL EM QUADROS","UN    ",71.98]
[2521,"CONECTOR CURVO 90 GRAUS DE ALUMINIO, BITOLA 2\", PARA ADAPTAR ENTRADA DE ELETRODUTO METALICO FLEXIVEL EM QUADROS","UN    ",30.64]
[2515,"CONECTOR CURVO 90 GRAUS DE ALUMINIO, BITOLA 3/4\", PARA ADAPTAR ENTRADA DE ELETRODUTO METALICO FLEXIVEL EM QUADROS","UN    ",6.53]
[2519,"CONECTOR CURVO 90 GRAUS DE ALUMINIO, BITOLA 3\", PARA ADAPTAR ENTRADA DE ELETRODUTO METALICO FLEXIVEL EM QUADROS","UN    ",86.8]
[2520,"CONECTOR CURVO 90 GRAUS DE ALUMINIO, BITOLA 4\", PARA ADAPTAR ENTRADA DE ELETRODUTO METALICO FLEXIVEL EM QUADROS","UN    ",159.76]
[1602,"CONECTOR DE ALUMINIO TIPO PRENSA CABO, BITOLA 1 1/2\", PARA CABOS DE DIAMETRO DE 37 A 40 MM","UN    ",33.72]
[1601,"CONECTOR DE ALUMINIO TIPO PRENSA CABO, BITOLA 1 1/4\", PARA CABOS DE DIAMETRO DE 31 A 34 MM","UN    ",30.05]
[1598,"CONECTOR DE ALUMINIO TIPO PRENSA CABO, BITOLA 1/2\", PARA CABOS DE DIAMETRO DE 12,5 A 15 MM","UN    ",8.89]
[1600,"CONECTOR DE ALUMINIO TIPO PRENSA CABO, BITOLA 1\", PARA CABOS DE DIAMETRO DE 22,5 A 25 MM","UN    ",13.13]
[1603,"CONECTOR DE ALUMINIO TIPO PRENSA CABO, BITOLA 2\", PARA CABOS DE DIAMETRO DE 47,5 A 50 MM","UN    ",50.91]
[1599,"CONECTOR DE ALUMINIO TIPO PRENSA CABO, BITOLA 3/4\", PARA CABOS DE DIAMETRO DE 17,5 A 20 MM","UN    ",10.32]
[1597,"CONECTOR DE ALUMINIO TIPO PRENSA CABO, BITOLA 3/8\", PARA CABOS DE DIAMETRO DE 9 A 10 MM","UN    ",8.36]
[39600,"CONECTOR FEMEA RJ - 45, CATEGORIA 5 E","UN    ",9.44]
[39601,"CONECTOR FEMEA RJ - 45, CATEGORIA 6","UN    ",16.41]
[39602,"CONECTOR MACHO RJ - 45, CATEGORIA 5 E","UN    ",1.08]
[39603,"CONECTOR MACHO RJ - 45, CATEGORIA 6","UN    ",1.85]
[11821,"CONECTOR METALICO TIPO PARAFUSO FENDIDO (SPLIT BOLT), COM SEPARADOR DE CABOS BIMETALICOS, PARA CABOS ATE 25 MM2","UN    ",6.87]
[1562,"CONECTOR METALICO TIPO PARAFUSO FENDIDO (SPLIT BOLT), COM SEPARADOR DE CABOS BIMETALICOS, PARA CABOS ATE 50 MM2","UN    ",11.25]
[1563,"CONECTOR METALICO TIPO PARAFUSO FENDIDO (SPLIT BOLT), COM SEPARADOR DE CABOS BIMETALICOS, PARA CABOS ATE 70 MM2","UN    ",15.09]
[11856,"CONECTOR METALICO TIPO PARAFUSO FENDIDO (SPLIT BOLT), PARA CABOS ATE 10 MM2","UN    ",4.5]
[11857,"CONECTOR METALICO TIPO PARAFUSO FENDIDO (SPLIT BOLT), PARA CABOS ATE 120 MM2","UN    ",23.68]
[11858,"CONECTOR METALICO TIPO PARAFUSO FENDIDO (SPLIT BOLT), PARA CABOS ATE 150 MM2","UN    ",29.39]
[1539,"CONECTOR METALICO TIPO PARAFUSO FENDIDO (SPLIT BOLT), PARA CABOS ATE 16 MM2","UN    ",5.29]
[11859,"CONECTOR METALICO TIPO PARAFUSO FENDIDO (SPLIT BOLT), PARA CABOS ATE 185 MM2","UN    ",39.99]
[1550,"CONECTOR METALICO TIPO PARAFUSO FENDIDO (SPLIT BOLT), PARA CABOS ATE 25 MM2","UN    ",5.58]
[11854,"CONECTOR METALICO TIPO PARAFUSO FENDIDO (SPLIT BOLT), PARA CABOS ATE 35 MM2","UN    ",6.97]
[11862,"CONECTOR METALICO TIPO PARAFUSO FENDIDO (SPLIT BOLT), PARA CABOS ATE 50 MM2","UN    ",9.78]
[11863,"CONECTOR METALICO TIPO PARAFUSO FENDIDO (SPLIT BOLT), PARA CABOS ATE 6 MM2","UN    ",3.95]
[11855,"CONECTOR METALICO TIPO PARAFUSO FENDIDO (SPLIT BOLT), PARA CABOS ATE 70 MM2","UN    ",14.59]
[11864,"CONECTOR METALICO TIPO PARAFUSO FENDIDO (SPLIT BOLT), PARA CABOS ATE 95 MM2","UN    ",22.07]
[2527,"CONECTOR RETO DE ALUMINIO PARA ELETRODUTO DE 1 1/2\", PARA ADAPTAR ENTRADA DE ELETRODUTO METALICO FLEXIVEL EM QUADROS","UN    ",5.41]
[2526,"CONECTOR RETO DE ALUMINIO PARA ELETRODUTO DE 1 1/4\", PARA ADAPTAR ENTRADA DE ELETRODUTO METALICO FLEXIVEL EM QUADROS","UN    ",3.47]
[2487,"CONECTOR RETO DE ALUMINIO PARA ELETRODUTO DE 1/2\", PARA ADAPTAR ENTRADA DE ELETRODUTO METALICO FLEXIVEL EM QUADROS","UN    ",1.18]
[2483,"CONECTOR RETO DE ALUMINIO PARA ELETRODUTO DE 1\", PARA ADAPTAR ENTRADA DE ELETRODUTO METALICO FLEXIVEL EM QUADROS","UN    ",2.47]
[2528,"CONECTOR RETO DE ALUMINIO PARA ELETRODUTO DE 2 1/2\", PARA ADAPTAR ENTRADA DE ELETRODUTO METALICO FLEXIVEL EM QUADROS","UN    ",13.62]
[2489,"CONECTOR RETO DE ALUMINIO PARA ELETRODUTO DE 2\", PARA ADAPTAR ENTRADA DE ELETRODUTO METALICO FLEXIVEL EM QUADROS","UN    ",6]
[2488,"CONECTOR RETO DE ALUMINIO PARA ELETRODUTO DE 3/4\", PARA ADAPTAR ENTRADA DE ELETRODUTO METALICO FLEXIVEL EM QUADROS","UN    ",1.38]
[2484,"CONECTOR RETO DE ALUMINIO PARA ELETRODUTO DE 3\", PARA ADAPTAR ENTRADA DE ELETRODUTO METALICO FLEXIVEL EM QUADROS","UN    ",19.78]
[2485,"CONECTOR RETO DE ALUMINIO PARA ELETRODUTO DE 4\", PARA ADAPTAR ENTRADA DE ELETRODUTO METALICO FLEXIVEL EM QUADROS","UN    ",31.01]
[38005,"CONECTOR, CPVC, SOLDAVEL, 15 MM X 1/2\", PARA AGUA QUENTE","UN    ",11.86]
[38006,"CONECTOR, CPVC, SOLDAVEL, 22 MM X 1/2\", PARA AGUA QUENTE","UN    ",14.55]
[38428,"CONECTOR, CPVC, SOLDAVEL, 22 MM X 3/4\", PARA AGUA QUENTE","UN    ",13.63]
[38007,"CONECTOR, CPVC, SOLDAVEL, 28 MM X 1\", PARA AGUA QUENTE","UN    ",22.27]
[38008,"CONECTOR, CPVC, SOLDAVEL, 35 MM X 1 1/4\", PARA AGUA QUENTE","UN    ",89.71]
[38009,"CONECTOR, CPVC, SOLDAVEL, 42 MM X 1 1/2\", PARA AGUA QUENTE","UN    ",109.64]
[39279,"CONEXAO FIXA, ROSCA FEMEA, EM PLASTICO, DN 16 MM X 1/2\", PARA CONEXAO COM CRIMPAGEM EM TUBO PEX","UN    ",9.92]
[38845,"CONEXAO FIXA, ROSCA FEMEA, EM PLASTICO, DN 16 MM X 3/4\", PARA CONEXAO COM CRIMPAGEM EM TUBO PEX","UN    ",14.36]
[39280,"CONEXAO FIXA, ROSCA FEMEA, EM PLASTICO, DN 20 MM X 1/2\", PARA CONEXAO COM CRIMPAGEM EM TUBO PEX","UN    ",12.86]
[39281,"CONEXAO FIXA, ROSCA FEMEA, EM PLASTICO, DN 20 MM X 3/4\", PARA CONEXAO COM CRIMPAGEM EM TUBO PEX","UN    ",16.93]
[38849,"CONEXAO FIXA, ROSCA FEMEA, EM PLASTICO, DN 25 MM X 1/2\", PARA CONEXAO COM CRIMPAGEM EM TUBO PEX","UN    ",14.51]
[39282,"CONEXAO FIXA, ROSCA FEMEA, EM PLASTICO, DN 25 MM X 3/4\", PARA CONEXAO COM CRIMPAGEM EM TUBO PEX","UN    ",17.34]
[38852,"CONEXAO FIXA, ROSCA FEMEA, EM PLASTICO, DN 32 MM X 3/4\", PARA CONEXAO COM CRIMPAGEM EM TUBO PEX","UN    ",23.59]
[38844,"CONEXAO FIXA, ROSCA FEMEA, METALICA, COM ANEL DESLIZANTE, DN 16 MM X 1/2\", PARA TUBO PEX","UN    ",7.25]
[38846,"CONEXAO FIXA, ROSCA FEMEA, METALICA, COM ANEL DESLIZANTE, DN 20 MM X 1/2\", PARA TUBO PEX","UN    ",7.93]
[38847,"CONEXAO FIXA, ROSCA FEMEA, METALICA, COM ANEL DESLIZANTE, DN 20 MM X 3/4\", PARA TUBO PEX","UN    ",9.75]
[38850,"CONEXAO FIXA, ROSCA FEMEA, METALICA, COM ANEL DESLIZANTE, DN 25 MM X 1\", PARA TUBO PEX","UN    ",13.56]
[38848,"CONEXAO FIXA, ROSCA FEMEA, METALICA, COM ANEL DESLIZANTE, DN 25 MM X 3/4\", PARA TUBO PEX","UN    ",11.34]
[38851,"CONEXAO FIXA, ROSCA FEMEA, METALICA, COM ANEL DESLIZANTE, DN 32 MM X 1\", PARA TUBO PEX","UN    ",20.61]
[38860,"CONEXAO FIXA, ROSCA MACHO, METALICA, PARA TUBO PEX, DN 16 MM X 1/2\"","UN    ",5.82]
[38861,"CONEXAO FIXA, ROSCA MACHO, METALICA, PARA TUBO PEX, DN 16 MM X 3/4\"","UN    ",7.84]
[38862,"CONEXAO FIXA, ROSCA MACHO, METALICA, PARA TUBO PEX, DN 20 MM X 1/2\"","UN    ",6.61]
[38863,"CONEXAO FIXA, ROSCA MACHO, METALICA, PARA TUBO PEX, DN 20 MM X 3/4\"","UN    ",7.59]
[38865,"CONEXAO FIXA, ROSCA MACHO, METALICA, PARA TUBO PEX, DN 25 MM X 1/2\"","UN    ",10.31]
[38864,"CONEXAO FIXA, ROSCA MACHO, METALICA, PARA TUBO PEX, DN 25 MM X 1\"","UN    ",15.76]
[38866,"CONEXAO FIXA, ROSCA MACHO, METALICA, PARA TUBO PEX, DN 25 MM X 3/4\"","UN    ",11.09]
[38868,"CONEXAO FIXA, ROSCA MACHO, METALICA, PARA TUBO PEX, DN 32 MM X 1\"","UN    ",18.5]
[38853,"CONEXAO MOVEL, ROSCA FEMEA, METALICA, COM ANEL DESLIZANTE, PARA TUBO PEX, DN 16 MM X 1/2\"","UN    ",5.97]
[38854,"CONEXAO MOVEL, ROSCA FEMEA, METALICA, COM ANEL DESLIZANTE, PARA TUBO PEX, DN 16 MM X 3/4\"","UN    ",8.17]
[38855,"CONEXAO MOVEL, ROSCA FEMEA, METALICA, COM ANEL DESLIZANTE, PARA TUBO PEX, DN 20 MM X 1/2\"","UN    ",6.06]
[38856,"CONEXAO MOVEL, ROSCA FEMEA, METALICA, COM ANEL DESLIZANTE, PARA TUBO PEX, DN 20 MM X 3/4\"","UN    ",9.73]
[38857,"CONEXAO MOVEL, ROSCA FEMEA, METALICA, COM ANEL DESLIZANTE, PARA TUBO PEX, DN 25 MM X 1\"","UN    ",12.87]
[38858,"CONEXAO MOVEL, ROSCA FEMEA, METALICA, COM ANEL DESLIZANTE, PARA TUBO PEX, DN 25 MM X 3/4\"","UN    ",11.7]
[38859,"CONEXAO MOVEL, ROSCA FEMEA, METALICA, COM ANEL DESLIZANTE, PARA TUBO PEX, DN 32 MM X 1\"","UN    ",18.95]
[1607,"CONJUNTO ARRUELAS DE VEDACAO 5/16\" PARA TELHA FIBROCIMENTO (UMA ARRUELA METALICA E UMA ARRUELA PVC - CONICAS)","CJ    ",0.12]
[11467,"CONJUNTO DE FECHADURA DE SOBREPOR EM FERRO PINTADO, SEM MACANETA, COM CHAVE GRANDE (SEM CILINDRO) - TIPO CAIXAO - COMPLETA","UN    ",13.1]
[38169,"CONJUNTO DE FERRAGENS PIVO, PARA PORTA PIVOTANTE DE ATE 100 KG, REGULAVEL COM ESFERA , CROMADO - SUPERIOR E INFERIOR - COMPLETO","CJ    ",55.92]
[6142,"CONJUNTO DE LIGACAO PARA BACIA SANITARIA AJUSTAVEL, EM PLASTICO BRANCO, COM TUBO, CANOPLA E ESPUDE","UN    ",4.33]
[11686,"CONJUNTO DE LIGACAO PARA BACIA SANITARIA EM PLASTICO BRANCO COM TUBO, CANOPLA E ANEL DE EXPANSAO (TUBO 1.1/2 '' X 20 CM)","UN    ",6.01]
[37598,"CONJUNTO MONTADO ESTOPIM COM ESPOLETA COMUM NUMERO 8, COM CABECA ACENDEDORA, 1,5 M","UN    ",15.98]
[25398,"CONJUNTO PARA FUTSAL COM TRAVES OFICIAIS DE 3,00 X 2,00 M EM TUBO DE ACO GALVANIZADO 3\" COM REQUADRO EM TUBO DE 1\", PINTURA EM PRIMER COM TINTA ESMALTE SINTETICO E REDES DE POLIETILENO FIO 4 MM","UN    ",{"v":2180.47,"d":"2,180.47"}]
[25399,"CONJUNTO PARA QUADRA DE  VOLEI COM POSTES EM TUBO DE ACO GALVANIZADO 3\", H = *255* CM, PINTURA EM TINTA ESMALTE SINTETICO, REDE DE NYLON COM 2 MM, MALHA 10 X 10 CM E ANTENAS OFICIAIS EM FIBRA DE VIDRO","UN    ",{"v":1323.73,"d":"1,323.73"}]
[10667,"CONTAINER ALMOXARIFADO, DE *2,40* X *6,00* M, PADRAO SIMPLES, SEM REVESTIMENTO E SEM DIVISORIAS INTERNOS E SEM SANITARIO, PARA USO EM CANTEIRO DE OBRAS","UN    ",{"v":9846,"d":"9,846.00"}]
[1613,"CONTATOR TRIPOLAR, CORRENTE DE *110* A, TENSAO NOMINAL DE *500* V, CATEGORIA AC-2 E AC-3","UN    ",{"v":1030.17,"d":"1,030.17"}]
[1626,"CONTATOR TRIPOLAR, CORRENTE DE *185* A, TENSAO NOMINAL DE *500* V, CATEGORIA AC-2 E AC-3","UN    ",{"v":1540.74,"d":"1,540.74"}]
[1625,"CONTATOR TRIPOLAR, CORRENTE DE *22* A, TENSAO NOMINAL DE *500* V, CATEGORIA AC-2 E AC-3","UN    ",107.61]
[1622,"CONTATOR TRIPOLAR, CORRENTE DE *265* A, TENSAO NOMINAL DE *500* V, CATEGORIA AC-2 E AC-3","UN    ",{"v":3476.83,"d":"3,476.83"}]
[1620,"CONTATOR TRIPOLAR, CORRENTE DE *38* A, TENSAO NOMINAL DE *500* V, CATEGORIA AC-2 E AC-3","UN    ",226.69]
[1629,"CONTATOR TRIPOLAR, CORRENTE DE *500* A, TENSAO NOMINAL DE *500* V, CATEGORIA AC-2 E AC-3","UN    ",{"v":8461.78,"d":"8,461.78"}]
[1627,"CONTATOR TRIPOLAR, CORRENTE DE *65* A, TENSAO NOMINAL DE *500* V, CATEGORIA AC-2 E AC-3","UN    ",433.32]
[1623,"CONTATOR TRIPOLAR, CORRENTE DE 12 A, TENSAO NOMINAL DE *500* V, CATEGORIA AC-2 E AC-3","UN    ",87.76]
[1619,"CONTATOR TRIPOLAR, CORRENTE DE 25 A, TENSAO NOMINAL DE *500* V, CATEGORIA AC-2 E AC-3","UN    ",120.72]
[1630,"CONTATOR TRIPOLAR, CORRENTE DE 250 A, TENSAO NOMINAL DE *500* V, PARA ACIONAMENTO DE CAPACITORES","UN    ",{"v":2658.11,"d":"2,658.11"}]
[1616,"CONTATOR TRIPOLAR, CORRENTE DE 300 A, TENSAO NOMINAL DE *500* V, CATEGORIA AC-2 E AC-3","UN    ",{"v":4088.22,"d":"4,088.22"}]
[1614,"CONTATOR TRIPOLAR, CORRENTE DE 32 A, TENSAO NOMINAL DE *500* V, CATEGORIA AC-2 E AC-3","UN    ",186.84]
[1617,"CONTATOR TRIPOLAR, CORRENTE DE 400 A, TENSAO NOMINAL DE *500* V, CATEGORIA AC-2 E AC-3","UN    ",{"v":4880.45,"d":"4,880.45"}]
[1621,"CONTATOR TRIPOLAR, CORRENTE DE 45 A, TENSAO NOMINAL DE *500* V, CATEGORIA AC-2 E AC-3","UN    ",334.17]
[1624,"CONTATOR TRIPOLAR, CORRENTE DE 630 A, TENSAO NOMINAL DE *500* V, CATEGORIA AC-2 E AC-3","UN    ",{"v":11996.38,"d":"11,996.38"}]
[1615,"CONTATOR TRIPOLAR, CORRENTE DE 75 A, TENSAO NOMINAL DE *500* V, CATEGORIA AC-2 E AC-3","UN    ",627.52]
[1612,"CONTATOR TRIPOLAR, CORRENTE DE 9 A, TENSAO NOMINAL DE *500* V, CATEGORIA AC-2 E AC-3","UN    ",82.65]
[1618,"CONTATOR TRIPOLAR, CORRENTE DE 95 A, TENSAO NOMINAL DE *500* V, CATEGORIA AC-2 E AC-3","UN    ",862.3]
[14211,"CONTRA-PORCA SEXTAVADA, DIAMETRO NOMINAL 1 3/8\", ALTURA 35 MM","UN    ",23.59]
[34500,"COORDENADOR / GERENTE DE OBRA","H     ",107.86]
[40934,"COORDENADOR / GERENTE DE OBRA (MENSALISTA)","MES   ",{"v":19006.62,"d":"19,006.62"}]
[5328,"CORANTE LIQUIDO PARA TINTA PVA, BISNAGA 50 ML","UN    ",4.16]
[38200,"CORDA DE POLIAMIDA 12 MM TIPO BOMBEIRO, PARA TRABALHO EM ALTURA","100M  ",460.97]
[39269,"CORDAO DE COBRE, FLEXIVEL, TORCIDO, CLASSE 4 OU 5, ISOLACAO EM PVC/D, 300 V, 2 CONDUTORES DE 0,5 MM2","M     ",0.8]
[11889,"CORDAO DE COBRE, FLEXIVEL, TORCIDO, CLASSE 4 OU 5, ISOLACAO EM PVC/D, 300 V, 2 CONDUTORES DE 0,75 MM2","M     ",1.11]
[39270,"CORDAO DE COBRE, FLEXIVEL, TORCIDO, CLASSE 4 OU 5, ISOLACAO EM PVC/D, 300 V, 2 CONDUTORES DE 1,0 MM2","M     ",1.33]
[11890,"CORDAO DE COBRE, FLEXIVEL, TORCIDO, CLASSE 4 OU 5, ISOLACAO EM PVC/D, 300 V, 2 CONDUTORES DE 1,5 MM2","M     ",1.73]
[11891,"CORDAO DE COBRE, FLEXIVEL, TORCIDO, CLASSE 4 OU 5, ISOLACAO EM PVC/D, 300 V, 2 CONDUTORES DE 2,5 MM2","M     ",2.85]
[11892,"CORDAO DE COBRE, FLEXIVEL, TORCIDO, CLASSE 4 OU 5, ISOLACAO EM PVC/D, 300 V, 2 CONDUTORES DE 4 MM2","M     ",4.4]
[37601,"CORDEL DETONANTE, NP 05 G/M","M     ",3.55]
[1634,"CORDEL DETONANTE, NP 10 G/M","M     ",3.67]
[5086,"CORRENTE DE ELO CURTO COMUM, SOLDADA, GALVANIZADA, ESPESSURA DO ELO = 1/2\" (12,5 MM)","KG    ",23.15]
[11280,"CORTADEIRA DE PISO DE CONCRETO E ASFALTO, PARA DISCO PADRAO DE DIAMETRO 350 MM (14\") OU 450 MM (18\") , MOTOR A GASOLINA, POTENCIA 13 HP, SEM DISCO","UN    ",{"v":8476.53,"d":"8,476.53"}]
[40519,"CORTADEIRA HIDRAULICA DE VERGALHAO, PARA ACO DE DIAMETRO ATE 50 MM, MOTOR ELETRICO TRIFASICO, POTENCIA DE 5,5 HP A 7,5 HP","UN    ",{"v":69877.67,"d":"69,877.67"}]
[39869,"COTOVELO BRONZE/LATAO (REF 707-3) SEM ANEL DE SOLDA, BOLSA X ROSCA F, 15MM X 1/2\"","UN    ",6.65]
[39870,"COTOVELO BRONZE/LATAO (REF 707-3) SEM ANEL DE SOLDA, BOLSA X ROSCA F, 22MM X 1/2\"","UN    ",10.17]
[39871,"COTOVELO BRONZE/LATAO (REF 707-3) SEM ANEL DE SOLDA, BOLSA X ROSCA F, 22MM X 3/4\"","UN    ",11.4]
[12722,"COTOVELO DE COBRE 90 GRAUS (REF 607) SEM ANEL DE SOLDA, BOLSA X BOLSA, 104 MM","UN    ",381.55]
[12714,"COTOVELO DE COBRE 90 GRAUS (REF 607) SEM ANEL DE SOLDA, BOLSA X BOLSA, 15 MM","UN    ",2.49]
[12715,"COTOVELO DE COBRE 90 GRAUS (REF 607) SEM ANEL DE SOLDA, BOLSA X BOLSA, 22 MM","UN    ",5.62]
[12716,"COTOVELO DE COBRE 90 GRAUS (REF 607) SEM ANEL DE SOLDA, BOLSA X BOLSA, 28 MM","UN    ",9.65]
[12717,"COTOVELO DE COBRE 90 GRAUS (REF 607) SEM ANEL DE SOLDA, BOLSA X BOLSA, 35 MM","UN    ",18.98]
[12718,"COTOVELO DE COBRE 90 GRAUS (REF 607) SEM ANEL DE SOLDA, BOLSA X BOLSA, 42 MM","UN    ",29.13]
[12719,"COTOVELO DE COBRE 90 GRAUS (REF 607) SEM ANEL DE SOLDA, BOLSA X BOLSA, 54 MM","UN    ",46.24]
[12720,"COTOVELO DE COBRE 90 GRAUS (REF 607) SEM ANEL DE SOLDA, BOLSA X BOLSA, 66 MM","UN    ",161.02]
[12721,"COTOVELO DE COBRE 90 GRAUS (REF 607) SEM ANEL DE SOLDA, BOLSA X BOLSA, 79 MM","UN    ",154.41]
[3468,"COTOVELO DE REDUCAO 90 GRAUS DE FERRO GALVANIZADO, COM ROSCA BSP, DE 1 1/2\" X 1\"","UN    ",20.83]
[3465,"COTOVELO DE REDUCAO 90 GRAUS DE FERRO GALVANIZADO, COM ROSCA BSP, DE 1 1/2\" X 3/4\"","UN    ",20.82]
[12403,"COTOVELO DE REDUCAO 90 GRAUS DE FERRO GALVANIZADO, COM ROSCA BSP, DE 1 1/4\" X 1\"","UN    ",14.84]
[3463,"COTOVELO DE REDUCAO 90 GRAUS DE FERRO GALVANIZADO, COM ROSCA BSP, DE 1\" X 1/2\"","UN    ",8.67]
[3464,"COTOVELO DE REDUCAO 90 GRAUS DE FERRO GALVANIZADO, COM ROSCA BSP, DE 1\" X 3/4\"","UN    ",8.67]
[3466,"COTOVELO DE REDUCAO 90 GRAUS DE FERRO GALVANIZADO, COM ROSCA BSP, DE 2 1/2\" X 2\"","UN    ",52.88]
[3467,"COTOVELO DE REDUCAO 90 GRAUS DE FERRO GALVANIZADO, COM ROSCA BSP, DE 2\" X 1 1/2\"","UN    ",29.86]
[3462,"COTOVELO DE REDUCAO 90 GRAUS DE FERRO GALVANIZADO, COM ROSCA BSP, DE 3/4\" X 1/2\"","UN    ",5.72]
[3446,"COTOVELO 45 GRAUS DE FERRO GALVANIZADO, COM ROSCA BSP, DE 1 1/2\"","UN    ",17.61]
[3445,"COTOVELO 45 GRAUS DE FERRO GALVANIZADO, COM ROSCA BSP, DE 1 1/4\"","UN    ",14.37]
[3441,"COTOVELO 45 GRAUS DE FERRO GALVANIZADO, COM ROSCA BSP, DE 1/2\"","UN    ",4.05]
[3444,"COTOVELO 45 GRAUS DE FERRO GALVANIZADO, COM ROSCA BSP, DE 1\"","UN    ",8.84]
[12402,"COTOVELO 45 GRAUS DE FERRO GALVANIZADO, COM ROSCA BSP, DE 2 1/2\"","UN    ",49.49]
[3447,"COTOVELO 45 GRAUS DE FERRO GALVANIZADO, COM ROSCA BSP, DE 2\"","UN    ",25.6]
[3442,"COTOVELO 45 GRAUS DE FERRO GALVANIZADO, COM ROSCA BSP, DE 3/4\"","UN    ",6.06]
[3448,"COTOVELO 45 GRAUS DE FERRO GALVANIZADO, COM ROSCA BSP, DE 3\"","UN    ",72.36]
[3449,"COTOVELO 45 GRAUS DE FERRO GALVANIZADO, COM ROSCA BSP, DE 4\"","UN    ",126.79]
[37438,"COTOVELO 45 GRAUS, PEAD PE 100, DE 125 MM, PARA ELETROFUSAO","UN    ",160.77]
[37439,"COTOVELO 45 GRAUS, PEAD PE 100, DE 200 MM, PARA ELETROFUSAO","UN    ",{"v":1051.15,"d":"1,051.15"}]
[37435,"COTOVELO 45 GRAUS, PEAD PE 100, DE 32 MM, PARA ELETROFUSAO","UN    ",18.89]
[37436,"COTOVELO 45 GRAUS, PEAD PE 100, DE 40 MM, PARA ELETROFUSAO","UN    ",22.3]
[37437,"COTOVELO 45 GRAUS, PEAD PE 100, DE 63 MM, PARA ELETROFUSAO","UN    ",32.25]
[3473,"COTOVELO 90 GRAUS DE FERRO GALVANIZADO, COM ROSCA BSP MACHO/FEMEA, DE 1 1/2\"","UN    ",19.91]
[3474,"COTOVELO 90 GRAUS DE FERRO GALVANIZADO, COM ROSCA BSP MACHO/FEMEA, DE 1 1/4\"","UN    ",16.41]
[3450,"COTOVELO 90 GRAUS DE FERRO GALVANIZADO, COM ROSCA BSP MACHO/FEMEA, DE 1/2\"","UN    ",4.75]
[3443,"COTOVELO 90 GRAUS DE FERRO GALVANIZADO, COM ROSCA BSP MACHO/FEMEA, DE 1\"","UN    ",10.21]
[3453,"COTOVELO 90 GRAUS DE FERRO GALVANIZADO, COM ROSCA BSP MACHO/FEMEA, DE 2 1/2\"","UN    ",58.11]
[3452,"COTOVELO 90 GRAUS DE FERRO GALVANIZADO, COM ROSCA BSP MACHO/FEMEA, DE 2\"","UN    ",28.68]
[3451,"COTOVELO 90 GRAUS DE FERRO GALVANIZADO, COM ROSCA BSP MACHO/FEMEA, DE 3/4\"","UN    ",5.69]
[3454,"COTOVELO 90 GRAUS DE FERRO GALVANIZADO, COM ROSCA BSP MACHO/FEMEA, DE 3\"","UN    ",88.38]
[3458,"COTOVELO 90 GRAUS DE FERRO GALVANIZADO, COM ROSCA BSP, DE 1 1/2\"","UN    ",15.95]
[3457,"COTOVELO 90 GRAUS DE FERRO GALVANIZADO, COM ROSCA BSP, DE 1 1/4\"","UN    ",11.98]
[3455,"COTOVELO 90 GRAUS DE FERRO GALVANIZADO, COM ROSCA BSP, DE 1/2\"","UN    ",3.4]
[3472,"COTOVELO 90 GRAUS DE FERRO GALVANIZADO, COM ROSCA BSP, DE 1\"","UN    ",7.64]
[3470,"COTOVELO 90 GRAUS DE FERRO GALVANIZADO, COM ROSCA BSP, DE 2 1/2\"","UN    ",44.56]
[3471,"COTOVELO 90 GRAUS DE FERRO GALVANIZADO, COM ROSCA BSP, DE 2\"","UN    ",24.48]
[3456,"COTOVELO 90 GRAUS DE FERRO GALVANIZADO, COM ROSCA BSP, DE 3/4\"","UN    ",5.09]
[3459,"COTOVELO 90 GRAUS DE FERRO GALVANIZADO, COM ROSCA BSP, DE 3\"","UN    ",62.85]
[3469,"COTOVELO 90 GRAUS DE FERRO GALVANIZADO, COM ROSCA BSP, DE 4\"","UN    ",119.52]
[3460,"COTOVELO 90 GRAUS DE FERRO GALVANIZADO, COM ROSCA BSP, DE 5\"","UN    ",174.4]
[3461,"COTOVELO 90 GRAUS DE FERRO GALVANIZADO, COM ROSCA BSP, DE 6\"","UN    ",445.77]
[37433,"COTOVELO 90 GRAUS, PEAD PE 100, DE 125 MM, PARA ELETROFUSAO","UN    ",160.77]
[37430,"COTOVELO 90 GRAUS, PEAD PE 100, DE 20 MM, PARA ELETROFUSAO","UN    ",20.15]
[37434,"COTOVELO 90 GRAUS, PEAD PE 100, DE 200 MM, PARA ELETROFUSAO","UN    ",{"v":1499.08,"d":"1,499.08"}]
[37431,"COTOVELO 90 GRAUS, PEAD PE 100, DE 32 MM, PARA ELETROFUSAO","UN    ",27.33]
[37432,"COTOVELO 90 GRAUS, PEAD PE 100, DE 63 MM, PARA ELETROFUSAO","UN    ",50.41]
[37413,"COTOVELO/JOELHO COM ADAPTADOR, 90 GRAUS, EM POLIPROPILENO, PN 16, PARA TUBOS PEAD, 20 MM X 1/2\" - LIGACAO PREDIAL DE AGUA","UN    ",2.73]
[37414,"COTOVELO/JOELHO COM ADAPTADOR, 90 GRAUS, EM POLIPROPILENO, PN 16, PARA TUBOS PEAD, 20 MM X 3/4\" - LIGACAO PREDIAL DE AGUA","UN    ",3.1]
[37415,"COTOVELO/JOELHO COM ADAPTADOR, 90 GRAUS, EM POLIPROPILENO, PN 16, PARA TUBOS PEAD, 32 MM X 1\" - LIGACAO PREDIAL DE AGUA","UN    ",5.64]
[37416,"COTOVELO/JOELHO 90 GRAUS, EM POLIPROPILENO, PN 16, PARA TUBOS PEAD, 20 X 20 MM - LIGACAO PREDIAL DE AGUA","UN    ",2.56]
[37417,"COTOVELO/JOELHO 90 GRAUS, EM POLIPROPILENO, PN 16, PARA TUBOS PEAD, 32 X 32 MM - LIGACAO PREDIAL DE AGUA","UN    ",3.68]
[3112,"CREMONA COM CASTANHA BIPARTIDA, COM VARA DE 1.20 M, EM LATAO CROMADO, PARA PORTAS E JANELAS - COMPLETA","CJ    ",46.77]
[3113,"CREMONA COM CASTANHA BIPARTIDA, COM VARA DE 1.50 M, EM LATAO CROMADO, PARA PORTAS E JANELAS - COMPLETA","CJ    ",53.89]
[3114,"CREMONA LATAO CROMADO, COM CASTANHA BIPARTIDA E PRESILHAS, MEDIDAS APROXIMADAS DE 113 X 40 X 35 MM (NAO INCL VARA FERRO)","UN    ",24.34]
[34519,"CRUZETA DE CONCRETO LEVE, COMP. 2000 MM SECAO, 90 X 90 MM","UN    ",69.01]
[10510,"CRUZETA DE EUCALIPTO TRATADO, OU EQUIVALENTE DA REGIAO, *2,4* M, SECAO *9 X 11,5* CM","UN    ",65.62]
[1649,"CRUZETA DE FERRO GALVANIZADO, COM ROSCA BSP, DE 1 1/2\"","UN    ",37.63]
[1653,"CRUZETA DE FERRO GALVANIZADO, COM ROSCA BSP, DE 1 1/4\"","UN    ",29.47]
[1647,"CRUZETA DE FERRO GALVANIZADO, COM ROSCA BSP, DE 1/2\"","UN    ",10.55]
[1648,"CRUZETA DE FERRO GALVANIZADO, COM ROSCA BSP, DE 1\"","UN    ",20.27]
[1651,"CRUZETA DE FERRO GALVANIZADO, COM ROSCA BSP, DE 2 1/2\"","UN    ",94.02]
[1650,"CRUZETA DE FERRO GALVANIZADO, COM ROSCA BSP, DE 2\"","UN    ",51.97]
[1654,"CRUZETA DE FERRO GALVANIZADO, COM ROSCA BSP, DE 3/4\"","UN    ",14.49]
[1652,"CRUZETA DE FERRO GALVANIZADO, COM ROSCA BSP, DE 3\"","UN    ",134.95]
[1727,"CRUZETA DE REDUCAO PVC PBA, JE, BBBB, DN 75 X 50 / DE 85 X 60 MM","UN    ",75.82]
[12920,"CRUZETA PVC PBA, JE, BBBB, DN 100 / DE 110 MM","UN    ",100.19]
[1725,"CRUZETA PVC PBA, JE, BBBB, DN 50 / DE 60 MM","UN    ",21.87]
[12943,"CRUZETA PVC PBA, JE, BBBB, DN 75 / DE 85 MM","UN    ",53.97]
[1747,"CUBA ACO INOX (AISI 304) DE EMBUTIR COM VALVULA DE 3 1/2 \", DE *56 X 33 X 12* CM","UN    ",107.53]
[1744,"CUBA ACO INOX (AISI 304) DE EMBUTIR COM VALVULA 3 1/2 \", DE *40 X 34 X 12* CM","UN    ",74.48]
[1743,"CUBA ACO INOX (AISI 304) DE EMBUTIR COM VALVULA 3 1/2 \", DE *46 X 30 X 12* CM","UN    ",97.81]
[7241,"CUMEEIRA ALUMINIO ONDULADA, COMPRIMENTO = *1,12* M, E = 0,8 MM","M2    ",37.18]
[39640,"CUMEEIRA ARTICULADA (ABA INFERIOR) PARA TELHA ONDULADA DE FIBROCIMENTO E = 4 MM, ABA *330* MM, COMPRIMENTO 500 MM (SEM AMIANTO)","UN    ",6.25]
[11013,"CUMEEIRA ARTICULADA (ABA INTERNA INFERIOR OU EXTERNA SUPERIOR) PARA TELHA ESTRUTURAL DE FIBROCIMENTO, 1 ABA, E = 6 MM (SEM AMIANTO)","UN    ",12.87]
[11017,"CUMEEIRA ARTICULADA (ABA SUPERIOR) PARA TELHA ONDULADA DE FIBROCIMENTO E = 4 MM, ABA *330* MM, COMPRIMENTO 500 MM (SEM AMIANTO)","UN    ",5.49]
[20236,"CUMEEIRA ARTICULADA (PAR) PARA TELHA ONDULADA DE FIBROCIMENTO, E = 6 MM, ABA 350 MM, COMPRIMENTO 1100 MM (SEM AMIANTO)","UN    ",24.18]
[7215,"CUMEEIRA NORMAL PARA TELHA ESTRUTURAL DE FIBROCIMENTO 1 ABA, E = 6 MM, COMPRIMENTO 608 MM (SEM AMIANTO)","UN    ",20.71]
[7216,"CUMEEIRA NORMAL PARA TELHA ESTRUTURAL DE FIBROCIMENTO 2 ABAS, E = 6 MM, DE 1050 X 935 MM (SEM AMIANTO)","UN    ",86.55]
[20235,"CUMEEIRA NORMAL PARA TELHA ONDULADA DE FIBROCIMENTO, E = 6 MM, ABA 300 MM, COMPRIMENTO 1100 MM (SEM AMIANTO)","UN    ",43.76]
[7181,"CUMEEIRA PARA TELHA CERAMICA, COMPRIMENTO DE *41* CM, RENDIMENTO DE *3* TELHAS/M","UN    ",1.32]
[40866,"CUMEEIRA PARA TELHA DE CONCRETO, PARA 2 AGUAS DE TELHADO, COR CINZA, RENDIMENTO DE *3* TELHAS/M (COLETADO CAIXA)","UN    ",9]
[7214,"CUMEEIRA SHED PARA TELHA ONDULADA DE FIBROCIMENTO, E = 6 MM, ABA 280 MM, COMPRIMENTO 1100 MM (SEM AMIANTO)","UN    ",29.65]
[7219,"CUMEEIRA UNIVERSAL PARA TELHA ONDULADA DE FIBROCIMENTO, E = 6 MM, ABA 210 MM, COMPRIMENTO 1100 MM (SEM AMIANTO)","UN    ",30.69]
[37972,"CURVA CPVC, 90 GRAUS, SOLDAVEL, 22 MM, PARA AGUA QUENTE","UN    ",4.24]
[37973,"CURVA CPVC, 90 GRAUS, SOLDAVEL, 28 MM, PARA AGUA QUENTE","UN    ",6.8]
[37971,"CURVA CPVC, 90 GRAUS, SOLDAVEL,15 MM, PARA AGUA QUENTE","UN    ",2.55]
[20094,"CURVA CURTA PVC, PB, JE, 45 GRAUS, DN 100 MM, PARA REDE COLETORA ESGOTO (NBR 10569)","UN    ",10.77]
[20095,"CURVA CURTA PVC, PB, JE, 90 GRAUS, DN 100 MM, PARA REDE COLETORA ESGOTO (NBR 10569)","UN    ",18.24]
[1954,"CURVA DE PVC 45 GRAUS, SOLDAVEL, 110 MM, PARA AGUA FRIA PREDIAL (NBR 5648)","UN    ",85.15]
[1926,"CURVA DE PVC 45 GRAUS, SOLDAVEL, 20 MM, PARA AGUA FRIA PREDIAL (NBR 5648)","UN    ",1.5]
[1927,"CURVA DE PVC 45 GRAUS, SOLDAVEL, 25 MM, PARA AGUA FRIA PREDIAL (NBR 5648)","UN    ",1.82]
[1923,"CURVA DE PVC 45 GRAUS, SOLDAVEL, 32 MM, PARA AGUA FRIA PREDIAL (NBR 5648)","UN    ",2.95]
[1929,"CURVA DE PVC 45 GRAUS, SOLDAVEL, 40 MM, PARA AGUA FRIA PREDIAL (NBR 5648)","UN    ",3.74]
[1930,"CURVA DE PVC 45 GRAUS, SOLDAVEL, 50 MM, PARA AGUA FRIA PREDIAL (NBR 5648)","UN    ",7.77]
[1924,"CURVA DE PVC 45 GRAUS, SOLDAVEL, 60 MM, PARA AGUA FRIA PREDIAL (NBR 5648)","UN    ",13.17]
[1922,"CURVA DE PVC 45 GRAUS, SOLDAVEL, 75 MM, PARA AGUA FRIA PREDIAL (NBR 5648)","UN    ",26.72]
[1953,"CURVA DE PVC 45 GRAUS, SOLDAVEL, 85 MM, PARA AGUA FRIA PREDIAL (NBR 5648)","UN    ",31.92]
[1962,"CURVA DE PVC 90 GRAUS, SOLDAVEL, 110 MM, PARA AGUA FRIA PREDIAL (NBR 5648)","UN    ",92.95]
[1955,"CURVA DE PVC 90 GRAUS, SOLDAVEL, 20 MM, PARA AGUA FRIA PREDIAL (NBR 5648)","UN    ",1.58]
[1956,"CURVA DE PVC 90 GRAUS, SOLDAVEL, 25 MM, PARA AGUA FRIA PREDIAL (NBR 5648)","UN    ",2.27]
[1957,"CURVA DE PVC 90 GRAUS, SOLDAVEL, 32 MM, PARA AGUA FRIA PREDIAL (NBR 5648)","UN    ",4.6]
[1958,"CURVA DE PVC 90 GRAUS, SOLDAVEL, 40 MM, PARA AGUA FRIA PREDIAL (NBR 5648)","UN    ",8.35]
[1959,"CURVA DE PVC 90 GRAUS, SOLDAVEL, 50 MM, PARA AGUA FRIA PREDIAL (NBR 5648)","UN    ",9.21]
[1925,"CURVA DE PVC 90 GRAUS, SOLDAVEL, 60 MM, PARA AGUA FRIA PREDIAL (NBR 5648)","UN    ",21.27]
[1960,"CURVA DE PVC 90 GRAUS, SOLDAVEL, 75 MM, PARA AGUA FRIA PREDIAL (NBR 5648)","UN    ",36.72]
[1961,"CURVA DE PVC 90 GRAUS, SOLDAVEL, 85 MM, PARA AGUA FRIA PREDIAL (NBR 5648)","UN    ",44.09]
[38426,"CURVA DE PVC, 45 GRAUS, SERIE R, DN 100 MM, PARA ESGOTO PREDIAL","UN    ",22.49]
[38427,"CURVA DE PVC, 45 GRAUS, SERIE R, DN 150 MM, PARA ESGOTO PREDIAL","UN    ",46.16]
[38425,"CURVA DE PVC, 45 GRAUS, SERIE R, DN 75 MM, PARA ESGOTO PREDIAL","UN    ",11.72]
[38423,"CURVA DE PVC, 90 GRAUS, SERIE R, DN 100 MM, PARA ESGOTO PREDIAL","UN    ",38.51]
[38424,"CURVA DE PVC, 90 GRAUS, SERIE R, DN 150 MM, PARA ESGOTO PREDIAL","UN    ",57.71]
[38421,"CURVA DE PVC, 90 GRAUS, SERIE R, DN 50 MM, PARA ESGOTO PREDIAL","UN    ",21.87]
[38422,"CURVA DE PVC, 90 GRAUS, SERIE R, DN 75 MM, PARA ESGOTO PREDIAL","UN    ",24.63]
[39866,"CURVA DE TRANSPOSICAO BRONZE/LATAO (REF 736) SEM ANEL DE SOLDA, BOLSA X BOLSA, 15 MM","UN    ",8.81]
[39867,"CURVA DE TRANSPOSICAO BRONZE/LATAO (REF 736) SEM ANEL DE SOLDA, BOLSA X BOLSA, 22 MM","UN    ",19.58]
[39868,"CURVA DE TRANSPOSICAO BRONZE/LATAO (REF 736) SEM ANEL DE SOLDA, BOLSA X BOLSA, 28 MM","UN    ",35.27]
[37999,"CURVA DE TRANSPOSICAO, CPVC, SOLDAVEL, 15 MM","UN    ",4.07]
[38000,"CURVA DE TRANSPOSICAO, CPVC, SOLDAVEL, 22 MM","UN    ",5.39]
[38129,"CURVA DE TRANSPOSICAO, PVC SOLDAVEL, 20 MM, PARA AGUA FRIA PREDIAL","UN    ",2.24]
[38025,"CURVA DE TRANSPOSICAO, PVC, SOLDAVEL, 25 MM, PARA AGUA FRIA PREDIAL","UN    ",3.66]
[38026,"CURVA DE TRANSPOSICAO, PVC, SOLDAVEL, 32 MM, PARA AGUA FRIA PREDIAL","UN    ",9.47]
[1858,"CURVA LONGA PVC, PB, JE, 45 GRAUS, DN 100 MM, PARA REDE COLETORA ESGOTO (NBR 10569)","UN    ",20.6]
[1844,"CURVA LONGA PVC, PB, JE, 45 GRAUS, DN 150 MM, PARA REDE COLETORA ESGOTO (NBR 10569)","UN    ",88.35]
[1837,"CURVA LONGA PVC, PB, JE, 45 GRAUS, DN 250 MM, PARA REDE COLETORA ESGOTO (NBR 10569)","UN    ",320.16]
[1860,"CURVA LONGA PVC, PB, JE, 45 GRAUS, DN 300 MM, PARA REDE COLETORA ESGOTO (NBR 10569)","UN    ",630.49]
[1862,"CURVA LONGA PVC, PB, JE, 45 GRAUS, DN 400 MM, PARA REDE COLETORA ESGOTO (NBR 10569)","UN    ",{"v":1012.97,"d":"1,012.97"}]
[1863,"CURVA LONGA PVC, PB, JE, 90 GRAUS, DN 100 MM, PARA REDE COLETORA ESGOTO (NBR 10569)","UN    ",19.81]
[1865,"CURVA LONGA PVC, PB, JE, 90 GRAUS, DN 150 MM, PARA REDE COLETORA ESGOTO (NBR 10569)","UN    ",88.97]
[1866,"CURVA LONGA PVC, PB, JE, 90 GRAUS, DN 200 MM, PARA REDE COLETORA ESGOTO (NBR 10569)","UN    ",243.41]
[1853,"CURVA LONGA PVC, PB, JE, 90 GRAUS, DN 250 MM, PARA REDE COLETORA ESGOTO (NBR 10569)","UN    ",359.86]
[1867,"CURVA LONGA PVC, PB, JE, 90 GRAUS, DN 300 MM, PARA REDE COLETORA ESGOTO (NBR 10569)","UN    ",796.65]
[1868,"CURVA LONGA PVC, PB, JE, 90 GRAUS, DN 350 MM, PARA REDE COLETORA ESGOTO (NBR 10569)","UN    ",{"v":1149.58,"d":"1,149.58"}]
[1859,"CURVA LONGA PVC, PB, JE, 90 GRAUS, DN 400 MM, PARA REDE COLETORA ESGOTO (NBR 10569)","UN    ",{"v":1504.55,"d":"1,504.55"}]
[1836,"CURVA LONGA, PVC, PB, JE, 45 GRAUS, DN 200 MM, PARA REDE COLETORA ESGOTO (NBR 10569)","UN    ",194.63]
[36355,"CURVA PPR 90 GRAUS, DN 20 MM, PARA AGUA QUENTE PREDIAL","UN    ",3.89]
[36356,"CURVA PPR 90 GRAUS, DN 25 MM, PARA AGUA QUENTE PREDIAL","UN    ",6.54]
[1932,"CURVA PVC CURTA 90 G, DN 50 MM, PARA ESGOTO PREDIAL","UN    ",7.27]
[1933,"CURVA PVC CURTA 90 GRAUS, DN 40 MM, PARA ESGOTO PREDIAL","UN    ",3.2]
[1951,"CURVA PVC CURTA 90 GRAUS, DN 75 MM, PARA ESGOTO PREDIAL","UN    ",14.67]
[1966,"CURVA PVC CURTA 90 GRAUS, 100 MM, PARA ESGOTO PREDIAL","UN    ",15.56]
[1952,"CURVA PVC LEVE, 90 GRAUS, COM PONTA E BOLSA LISA, DN 150 MM","UN    ",95.69]
[20104,"CURVA PVC LEVE, 90 GRAUS, COM PONTA E BOLSA LISA, DN 250 MM","UN    ",363.68]
[20105,"CURVA PVC LEVE, 90 GRAUS, COM PONTA E BOLSA LISA, DN 300 MM","UN    ",566.48]
[1965,"CURVA PVC LONGA 45 GRAUS, 100 MM, PARA ESGOTO PREDIAL","UN    ",28.56]
[10765,"CURVA PVC LONGA 45G, DN 50 MM, PARA ESGOTO PREDIAL","UN    ",7.23]
[10767,"CURVA PVC LONGA 45G, DN 75 MM, PARA ESGOTO PREDIAL","UN    ",19.88]
[1970,"CURVA PVC LONGA 90 GRAUS, 100 MM, PARA ESGOTO PREDIAL","UN    ",35.77]
[1967,"CURVA PVC LONGA 90 GRAUS, 40 MM, PARA ESGOTO PREDIAL","UN    ",3.3]
[1968,"CURVA PVC LONGA 90 GRAUS, 50 MM, PARA ESGOTO PREDIAL","UN    ",7.16]
[1969,"CURVA PVC LONGA 90 GRAUS, 75 MM, PARA ESGOTO PREDIAL","UN    ",22.37]
[1839,"CURVA PVC PBA, JE, PB, 22 GRAUS, DN 100 / DE 110 MM, PARA REDE AGUA (NBR 10351)","UN    ",50.62]
[1835,"CURVA PVC PBA, JE, PB, 22 GRAUS, DN 50 / DE 60 MM, PARA REDE AGUA (NBR 10351)","UN    ",12.4]
[1823,"CURVA PVC PBA, JE, PB, 22 GRAUS, DN 75 / DE 85 MM, PARA REDE AGUA (NBR 10351)","UN    ",28.95]
[1827,"CURVA PVC PBA, JE, PB, 45 GRAUS, DN 100 / DE 110 MM, PARA REDE AGUA (NBR 10351)","UN    ",52.09]
[1831,"CURVA PVC PBA, JE, PB, 45 GRAUS, DN 50 / DE 60 MM, PARA REDE AGUA (NBR 10351)","UN    ",12.88]
[1825,"CURVA PVC PBA, JE, PB, 45 GRAUS, DN 75 / DE 85 MM, PARA REDE AGUA (NBR 10351)","UN    ",28.9]
[1828,"CURVA PVC PBA, JE, PB, 90 GRAUS, DN 100 / DE 110 MM, PARA REDE AGUA (NBR 10351)","UN    ",59.01]
[1845,"CURVA PVC PBA, JE, PB, 90 GRAUS, DN 50 / DE 60 MM, PARA REDE AGUA (NBR 10351)","UN    ",14.11]
[1824,"CURVA PVC PBA, JE, PB, 90 GRAUS, DN 75 / DE 85 MM, PARA REDE AGUA (NBR 10351)","UN    ",32.93]
[1941,"CURVA PVC 90 GRAUS, ROSCAVEL, 1 1/2\",  AGUA FRIA PREDIAL","UN    ",13.67]
[1940,"CURVA PVC 90 GRAUS, ROSCAVEL, 1 1/4\",  AGUA FRIA PREDIAL","UN    ",13.62]
[1937,"CURVA PVC 90 GRAUS, ROSCAVEL, 1/2\",  AGUA FRIA PREDIAL","UN    ",2.18]
[1939,"CURVA PVC 90 GRAUS, ROSCAVEL, 1\",  AGUA FRIA PREDIAL","UN    ",5.01]
[1942,"CURVA PVC 90 GRAUS, ROSCAVEL, 2\",  AGUA FRIA PREDIAL","UN    ",25.88]
[1938,"CURVA PVC 90 GRAUS, ROSCAVEL, 3/4\",  AGUA FRIA PREDIAL","UN    ",2.75]
[20097,"CURVA PVC, SERIE R, 87.30 GRAUS, CURTA, 100 MM, PARA ESGOTO PREDIAL (PARA PE-DE-COLUNA)","UN    ",29.6]
[20098,"CURVA PVC, SERIE R, 87.30 GRAUS, CURTA, 150 MM, PARA ESGOTO PREDIAL (PARA PE-DE-COLUNA)","UN    ",213.43]
[20096,"CURVA PVC, SERIE R, 87.30 GRAUS, CURTA, 75 MM, PARA ESGOTO PREDIAL (PARA PE-DE-COLUNA)","UN    ",17.06]
[1964,"CURVA PVC, 45 GRAUS, CURTA, PB, DN 100 MM, PARA ESGOTO PREDIAL","UN    ",21.77]
[1880,"CURVA 135 GRAUS, DE PVC RIGIDO ROSCAVEL, DE 1\", PARA ELETRODUTO","UN    ",2.22]
[39274,"CURVA 135 GRAUS, DE PVC RIGIDO ROSCAVEL, DE 3/4\", PARA ELETRODUTO","UN    ",1.72]
[2628,"CURVA 135 GRAUS, PARA ELETRODUTO, EM ACO GALVANIZADO ELETROLITICO, DIAMETRO DE 100 MM (4\")","UN    ",213.45]
[2622,"CURVA 135 GRAUS, PARA ELETRODUTO, EM ACO GALVANIZADO ELETROLITICO, DIAMETRO DE 15 MM (1/2\")","UN    ",5.07]
[2623,"CURVA 135 GRAUS, PARA ELETRODUTO, EM ACO GALVANIZADO ELETROLITICO, DIAMETRO DE 20 MM (3/4\")","UN    ",6.1]
[2624,"CURVA 135 GRAUS, PARA ELETRODUTO, EM ACO GALVANIZADO ELETROLITICO, DIAMETRO DE 25 MM (1\")","UN    ",9.7]
[2625,"CURVA 135 GRAUS, PARA ELETRODUTO, EM ACO GALVANIZADO ELETROLITICO, DIAMETRO DE 32 MM (1 1/4\")","UN    ",20.48]
[2626,"CURVA 135 GRAUS, PARA ELETRODUTO, EM ACO GALVANIZADO ELETROLITICO, DIAMETRO DE 40 MM (1 1/2\")","UN    ",30.01]
[2630,"CURVA 135 GRAUS, PARA ELETRODUTO, EM ACO GALVANIZADO ELETROLITICO, DIAMETRO DE 50 MM (2\")","UN    ",45.64]
[2627,"CURVA 135 GRAUS, PARA ELETRODUTO, EM ACO GALVANIZADO ELETROLITICO, DIAMETRO DE 65 MM (2 1/2\")","UN    ",80.4]
[2629,"CURVA 135 GRAUS, PARA ELETRODUTO, EM ACO GALVANIZADO ELETROLITICO, DIAMETRO DE 80 MM (3\")","UN    ",108.74]
[12033,"CURVA 180 GRAUS, DE PVC RIGIDO ROSCAVEL, DE 1 1/2\", PARA ELETRODUTO","UN    ",7.09]
[40408,"CURVA 180 GRAUS, DE PVC RIGIDO ROSCAVEL, DE 1 1/4\", PARA ELETRODUTO","UN    ",4.66]
[40409,"CURVA 180 GRAUS, DE PVC RIGIDO ROSCAVEL, DE 1/2\", PARA ELETRODUTO","UN    ",1.65]
[39276,"CURVA 180 GRAUS, DE PVC RIGIDO ROSCAVEL, DE 1\", PARA ELETRODUTO","UN    ",4.2]
[39277,"CURVA 180 GRAUS, DE PVC RIGIDO ROSCAVEL, DE 2\", PARA ELETRODUTO","UN    ",11.34]
[12034,"CURVA 180 GRAUS, DE PVC RIGIDO ROSCAVEL, DE 3/4\", PARA ELETRODUTO","UN    ",3.21]
[39879,"CURVA 45 GRAUS DE COBRE (REF 606) SEM ANEL DE SOLDA, BOLSA X BOLSA, 15 MM","UN    ",2.47]
[39880,"CURVA 45 GRAUS DE COBRE (REF 606) SEM ANEL DE SOLDA, BOLSA X BOLSA, 22 MM","UN    ",5.48]
[39881,"CURVA 45 GRAUS DE COBRE (REF 606) SEM ANEL DE SOLDA, BOLSA X BOLSA, 28 MM","UN    ",8.8]
[39882,"CURVA 45 GRAUS DE COBRE (REF 606) SEM ANEL DE SOLDA, BOLSA X BOLSA, 35 MM","UN    ",23.18]
[39883,"CURVA 45 GRAUS DE COBRE (REF 606) SEM ANEL DE SOLDA, BOLSA X BOLSA, 42 MM","UN    ",37.01]
[39884,"CURVA 45 GRAUS DE COBRE (REF 606) SEM ANEL DE SOLDA, BOLSA X BOLSA, 54 MM","UN    ",54.97]
[39885,"CURVA 45 GRAUS DE COBRE (REF 606) SEM ANEL DE SOLDA, BOLSA X BOLSA, 66 MM","UN    ",130.66]
[1777,"CURVA 45 GRAUS DE FERRO GALVANIZADO, COM ROSCA BSP FEMEA, DE 1 1/2\"","UN    ",40.57]
[1819,"CURVA 45 GRAUS DE FERRO GALVANIZADO, COM ROSCA BSP FEMEA, DE 1 1/4\"","UN    ",29.52]
[1775,"CURVA 45 GRAUS DE FERRO GALVANIZADO, COM ROSCA BSP FEMEA, DE 1/2\"","UN    ",8.83]
[1776,"CURVA 45 GRAUS DE FERRO GALVANIZADO, COM ROSCA BSP FEMEA, DE 1\"","UN    ",24.02]
[1778,"CURVA 45 GRAUS DE FERRO GALVANIZADO, COM ROSCA BSP FEMEA, DE 2 1/2\"","UN    ",98.21]
[1818,"CURVA 45 GRAUS DE FERRO GALVANIZADO, COM ROSCA BSP FEMEA, DE 2\"","UN    ",65.19]
[1820,"CURVA 45 GRAUS DE FERRO GALVANIZADO, COM ROSCA BSP FEMEA, DE 3/4\"","UN    ",12.75]
[1779,"CURVA 45 GRAUS DE FERRO GALVANIZADO, COM ROSCA BSP FEMEA, DE 3\"","UN    ",142.84]
[1780,"CURVA 45 GRAUS DE FERRO GALVANIZADO, COM ROSCA BSP FEMEA, DE 4\"","UN    ",294.47]
[1783,"CURVA 45 GRAUS DE FERRO GALVANIZADO, COM ROSCA BSP MACHO/FEMEA, DE 1 1/2\"","UN    ",31.13]
[1782,"CURVA 45 GRAUS DE FERRO GALVANIZADO, COM ROSCA BSP MACHO/FEMEA, DE 1 1/4\"","UN    ",24.61]
[1817,"CURVA 45 GRAUS DE FERRO GALVANIZADO, COM ROSCA BSP MACHO/FEMEA, DE 1/2\"","UN    ",7.33]
[1781,"CURVA 45 GRAUS DE FERRO GALVANIZADO, COM ROSCA BSP MACHO/FEMEA, DE 1\"","UN    ",16.04]
[1784,"CURVA 45 GRAUS DE FERRO GALVANIZADO, COM ROSCA BSP MACHO/FEMEA, DE 2 1/2\"","UN    ",87.91]
[1810,"CURVA 45 GRAUS DE FERRO GALVANIZADO, COM ROSCA BSP MACHO/FEMEA, DE 2\"","UN    ",48.76]
[1811,"CURVA 45 GRAUS DE FERRO GALVANIZADO, COM ROSCA BSP MACHO/FEMEA, DE 3/4\"","UN    ",10.55]
[1812,"CURVA 45 GRAUS DE FERRO GALVANIZADO, COM ROSCA BSP MACHO/FEMEA, DE 3\"","UN    ",123.1]
[40386,"CURVA 45 GRAUS EM ACO CARBONO, SOLDAVEL, PRESSAO 3.000 LBS, DN 1 1/2\"","UN    ",40.36]
[40384,"CURVA 45 GRAUS EM ACO CARBONO, SOLDAVEL, PRESSAO 3.000 LBS, DN 1 1/4\"","UN    ",27.63]
[40379,"CURVA 45 GRAUS EM ACO CARBONO, SOLDAVEL, PRESSAO 3.000 LBS, DN 1/2\"","UN    ",9.55]
[40423,"CURVA 45 GRAUS EM ACO CARBONO, SOLDAVEL, PRESSAO 3.000 LBS, DN 1\"","UN    ",18.07]
[40389,"CURVA 45 GRAUS EM ACO CARBONO, SOLDAVEL, PRESSAO 3.000 LBS, DN 2 1/2\"","UN    ",114.64]
[40388,"CURVA 45 GRAUS EM ACO CARBONO, SOLDAVEL, PRESSAO 3.000 LBS, DN 2\"","UN    ",57.38]
[40381,"CURVA 45 GRAUS EM ACO CARBONO, SOLDAVEL, PRESSAO 3.000 LBS, DN 3/4\"","UN    ",12.73]
[40391,"CURVA 45 GRAUS EM ACO CARBONO, SOLDAVEL, PRESSAO 3.000 LBS, DN 3\"","UN    ",297.54]
[40414,"CURVA 45 GRAUS RANHURADA EM FERRO FUNDIDO, DN 50 MM (2\")","UN    ",13.12]
[40416,"CURVA 45 GRAUS RANHURADA EM FERRO FUNDIDO, DN 65 MM (2 1/2\")","UN    ",18.14]
[40418,"CURVA 45 GRAUS RANHURADA EM FERRO FUNDIDO, DN 80 MM (3\")","UN    ",21.63]
[2615,"CURVA 45 GRAUS, PARA ELETRODUTO, EM ACO GALVANIZADO ELETROLITICO, DIAMETRO DE 100 MM (4\")","UN    ",141.79]
[2635,"CURVA 45 GRAUS, PARA ELETRODUTO, EM ACO GALVANIZADO ELETROLITICO, DIAMETRO DE 15 MM (1/2\")","UN    ",4.23]
[2609,"CURVA 45 GRAUS, PARA ELETRODUTO, EM ACO GALVANIZADO ELETROLITICO, DIAMETRO DE 20 MM (3/4\")","UN    ",4.76]
[2634,"CURVA 45 GRAUS, PARA ELETRODUTO, EM ACO GALVANIZADO ELETROLITICO, DIAMETRO DE 25 MM (1\")","UN    ",6.25]
[2611,"CURVA 45 GRAUS, PARA ELETRODUTO, EM ACO GALVANIZADO ELETROLITICO, DIAMETRO DE 40 MM (1 1/2\")","UN    ",17.63]
[2612,"CURVA 45 GRAUS, PARA ELETRODUTO, EM ACO GALVANIZADO ELETROLITICO, DIAMETRO DE 50 MM (2\")","UN    ",25.64]
[2613,"CURVA 45 GRAUS, PARA ELETRODUTO, EM ACO GALVANIZADO ELETROLITICO, DIAMETRO DE 65 MM (2 1/2\")","UN    ",61.89]
[2614,"CURVA 45 GRAUS, PARA ELETRODUTO, EM ACO GALVANIZADO ELETROLITICO, DIAMETRO DE 80 MM (3\")","UN    ",86.06]
[34359,"CURVA 90 GRAUS DE BARRA CHATA EM ALUMINIO 3/4 \" X 1/4 \" X 300 MM","UN    ",5.35]
[1789,"CURVA 90 GRAUS DE FERRO GALVANIZADO, COM ROSCA BSP FEMEA, DE 1 1/2\"","UN    ",38.94]
[1788,"CURVA 90 GRAUS DE FERRO GALVANIZADO, COM ROSCA BSP FEMEA, DE 1 1/4\"","UN    ",31.21]
[1786,"CURVA 90 GRAUS DE FERRO GALVANIZADO, COM ROSCA BSP FEMEA, DE 1/2\"","UN    ",7.75]
[1787,"CURVA 90 GRAUS DE FERRO GALVANIZADO, COM ROSCA BSP FEMEA, DE 1\"","UN    ",18.56]
[1791,"CURVA 90 GRAUS DE FERRO GALVANIZADO, COM ROSCA BSP FEMEA, DE 2 1/2\"","UN    ",112.55]
[1790,"CURVA 90 GRAUS DE FERRO GALVANIZADO, COM ROSCA BSP FEMEA, DE 2\"","UN    ",64.85]
[1813,"CURVA 90 GRAUS DE FERRO GALVANIZADO, COM ROSCA BSP FEMEA, DE 3/4\"","UN    ",12.3]
[1792,"CURVA 90 GRAUS DE FERRO GALVANIZADO, COM ROSCA BSP FEMEA, DE 3\"","UN    ",151.92]
[1793,"CURVA 90 GRAUS DE FERRO GALVANIZADO, COM ROSCA BSP FEMEA, DE 4\"","UN    ",306.99]
[1809,"CURVA 90 GRAUS DE FERRO GALVANIZADO, COM ROSCA BSP MACHO/FEMEA, DE 1 1/2\"","UN    ",36.51]
[1814,"CURVA 90 GRAUS DE FERRO GALVANIZADO, COM ROSCA BSP MACHO/FEMEA, DE 1 1/4\"","UN    ",29.99]
[1803,"CURVA 90 GRAUS DE FERRO GALVANIZADO, COM ROSCA BSP MACHO/FEMEA, DE 1/2\"","UN    ",7.58]
[1805,"CURVA 90 GRAUS DE FERRO GALVANIZADO, COM ROSCA BSP MACHO/FEMEA, DE 1\"","UN    ",17.4]
[1821,"CURVA 90 GRAUS DE FERRO GALVANIZADO, COM ROSCA BSP MACHO/FEMEA, DE 2 1/2\"","UN    ",102.83]
[1806,"CURVA 90 GRAUS DE FERRO GALVANIZADO, COM ROSCA BSP MACHO/FEMEA, DE 2\"","UN    ",61.2]
[1804,"CURVA 90 GRAUS DE FERRO GALVANIZADO, COM ROSCA BSP MACHO/FEMEA, DE 3/4\"","UN    ",10.79]
[1807,"CURVA 90 GRAUS DE FERRO GALVANIZADO, COM ROSCA BSP MACHO/FEMEA, DE 3\"","UN    ",147.06]
[1808,"CURVA 90 GRAUS DE FERRO GALVANIZADO, COM ROSCA BSP MACHO/FEMEA, DE 4\"","UN    ",294.83]
[1797,"CURVA 90 GRAUS DE FERRO GALVANIZADO, COM ROSCA BSP MACHO, DE 1 1/2\"","UN    ",44.22]
[1796,"CURVA 90 GRAUS DE FERRO GALVANIZADO, COM ROSCA BSP MACHO, DE 1 1/4\"","UN    ",33.92]
[1794,"CURVA 90 GRAUS DE FERRO GALVANIZADO, COM ROSCA BSP MACHO, DE 1/2\"","UN    ",8.09]
[1816,"CURVA 90 GRAUS DE FERRO GALVANIZADO, COM ROSCA BSP MACHO, DE 1\"","UN    ",18.25]
[1815,"CURVA 90 GRAUS DE FERRO GALVANIZADO, COM ROSCA BSP MACHO, DE 2 1/2\"","UN    ",140.2]
[1798,"CURVA 90 GRAUS DE FERRO GALVANIZADO, COM ROSCA BSP MACHO, DE 2\"","UN    ",62.73]
[1795,"CURVA 90 GRAUS DE FERRO GALVANIZADO, COM ROSCA BSP MACHO, DE 3/4\"","UN    ",11.21]
[1799,"CURVA 90 GRAUS DE FERRO GALVANIZADO, COM ROSCA BSP MACHO, DE 3\"","UN    ",182.6]
[1800,"CURVA 90 GRAUS DE FERRO GALVANIZADO, COM ROSCA BSP MACHO, DE 4\"","UN    ",348.62]
[1802,"CURVA 90 GRAUS DE FERRO GALVANIZADO, COM ROSCA BSP MACHO, DE 6\"","UN    ",872.05]
[40385,"CURVA 90 GRAUS EM ACO CARBONO, RAIO CURTO, SOLDAVEL, PRESSAO 3.000 LBS, DN 1 1/2\"","UN    ",40.36]
[40383,"CURVA 90 GRAUS EM ACO CARBONO, RAIO CURTO, SOLDAVEL, PRESSAO 3.000 LBS, DN 1 1/4\"","UN    ",27.63]
[40378,"CURVA 90 GRAUS EM ACO CARBONO, RAIO CURTO, SOLDAVEL, PRESSAO 3.000 LBS, DN 1/2\"","UN    ",9.55]
[40382,"CURVA 90 GRAUS EM ACO CARBONO, RAIO CURTO, SOLDAVEL, PRESSAO 3.000 LBS, DN 1\"","UN    ",18.07]
[40422,"CURVA 90 GRAUS EM ACO CARBONO, RAIO CURTO, SOLDAVEL, PRESSAO 3.000 LBS, DN 2 1/2\"","UN    ",123.15]
[40387,"CURVA 90 GRAUS EM ACO CARBONO, RAIO CURTO, SOLDAVEL, PRESSAO 3.000 LBS, DN 2\"","UN    ",62.7]
[40380,"CURVA 90 GRAUS EM ACO CARBONO, RAIO CURTO, SOLDAVEL, PRESSAO 3.000 LBS, DN 3/4\"","UN    ",12.73]
[40390,"CURVA 90 GRAUS EM ACO CARBONO, RAIO CURTO, SOLDAVEL, PRESSAO 3.000 LBS, DN 3\"","UN    ",259.36]
[40413,"CURVA 90 GRAUS RANHURADA EM FERRO FUNDIDO, DN 50 MM (2\")","UN    ",14.25]
[40415,"CURVA 90 GRAUS RANHURADA EM FERRO FUNDIDO, DN 65 MM (2 1/2\")","UN    ",20.31]
[40417,"CURVA 90 GRAUS RANHURADA EM FERRO FUNDIDO, DN 80 MM (3\")","UN    ",23.96]
[39271,"CURVA 90 GRAUS, CURTA, DE PVC RIGIDO ROSCAVEL, DE 1/2\", PARA ELETRODUTO","UN    ",1.43]
[39273,"CURVA 90 GRAUS, CURTA, DE PVC RIGIDO ROSCAVEL, DE 1\", PARA ELETRODUTO","UN    ",2.42]
[39272,"CURVA 90 GRAUS, CURTA, DE PVC RIGIDO ROSCAVEL, DE 3/4\", PARA ELETRODUTO","UN    ",1.75]
[1875,"CURVA 90 GRAUS, LONGA, DE PVC RIGIDO ROSCAVEL, DE 1 1/2\", PARA ELETRODUTO","UN    ",3.88]
[1874,"CURVA 90 GRAUS, LONGA, DE PVC RIGIDO ROSCAVEL, DE 1 1/4\", PARA ELETRODUTO","UN    ",3.2]
[1870,"CURVA 90 GRAUS, LONGA, DE PVC RIGIDO ROSCAVEL, DE 1/2\", PARA ELETRODUTO","UN    ",1.85]
[1884,"CURVA 90 GRAUS, LONGA, DE PVC RIGIDO ROSCAVEL, DE 1\", PARA ELETRODUTO","UN    ",2.84]
[1887,"CURVA 90 GRAUS, LONGA, DE PVC RIGIDO ROSCAVEL, DE 2 1/2\", PARA ELETRODUTO","UN    ",16.08]
[1876,"CURVA 90 GRAUS, LONGA, DE PVC RIGIDO ROSCAVEL, DE 2\", PARA ELETRODUTO","UN    ",6.3]
[1879,"CURVA 90 GRAUS, LONGA, DE PVC RIGIDO ROSCAVEL, DE 3/4\", PARA ELETRODUTO","UN    ",1.87]
[1877,"CURVA 90 GRAUS, LONGA, DE PVC RIGIDO ROSCAVEL, DE 3\", PARA ELETRODUTO","UN    ",16.1]
[1878,"CURVA 90 GRAUS, LONGA, DE PVC RIGIDO ROSCAVEL, DE 4\", PARA ELETRODUTO","UN    ",32.36]
[2621,"CURVA 90 GRAUS, PARA ELETRODUTO, EM ACO GALVANIZADO ELETROLITICO, DIAMETRO DE 100 MM (4\")","UN    ",150.81]
[2616,"CURVA 90 GRAUS, PARA ELETRODUTO, EM ACO GALVANIZADO ELETROLITICO, DIAMETRO DE 15 MM (1/2\")","UN    ",4.27]
[2633,"CURVA 90 GRAUS, PARA ELETRODUTO, EM ACO GALVANIZADO ELETROLITICO, DIAMETRO DE 20 MM (3/4\")","UN    ",4.83]
[2617,"CURVA 90 GRAUS, PARA ELETRODUTO, EM ACO GALVANIZADO ELETROLITICO, DIAMETRO DE 25 MM (1\")","UN    ",6.56]
[2618,"CURVA 90 GRAUS, PARA ELETRODUTO, EM ACO GALVANIZADO ELETROLITICO, DIAMETRO DE 32 MM (1 1/4\")","UN    ",14.94]
[2632,"CURVA 90 GRAUS, PARA ELETRODUTO, EM ACO GALVANIZADO ELETROLITICO, DIAMETRO DE 40 MM (1 1/2\")","UN    ",18.22]
[2631,"CURVA 90 GRAUS, PARA ELETRODUTO, EM ACO GALVANIZADO ELETROLITICO, DIAMETRO DE 50 MM (2\")","UN    ",26.75]
[2619,"CURVA 90 GRAUS, PARA ELETRODUTO, EM ACO GALVANIZADO ELETROLITICO, DIAMETRO DE 65 MM (2 1/2\")","UN    ",67.73]
[2620,"CURVA 90 GRAUS, PARA ELETRODUTO, EM ACO GALVANIZADO ELETROLITICO, DIAMETRO DE 80 MM (3\")","UN    ",88.92]
[25968,"DENTE PARA FRESADORA","UN    ",33.15]
[38369,"DESEMPENADEIRA DE ACO DENTADA 12 X *25* CM, DENTES 8 X 8 MM, CABO FECHADO DE MADEIRA","UN    ",11.21]
[38370,"DESEMPENADEIRA DE ACO LISA 12 X *25* CM COM CABO FECHADO DE MADEIRA","UN    ",11.21]
[38372,"DESEMPENADEIRA PLASTICA LISA *14 X 27* CM","UN    ",13.73]
[2357,"DESENHISTA COPISTA","H     ",10.29]
[40806,"DESENHISTA COPISTA (MENSALISTA)","MES   ",{"v":2370.86,"d":"2,370.86"}]
[2355,"DESENHISTA DETALHISTA","H     ",24.92]
[40805,"DESENHISTA DETALHISTA (MENSALISTA)","MES   ",{"v":5737.06,"d":"5,737.06"}]
[2358,"DESENHISTA PROJETISTA","H     ",21.39]
[40807,"DESENHISTA PROJETISTA (MENSALISTA)","MES   ",{"v":4926.32,"d":"4,926.32"}]
[2359,"DESENHISTA TECNICO AUXILIAR","H     ",17.85]
[40808,"DESENHISTA TECNICO AUXILIAR (MENSALISTA)","MES   ",{"v":4109.14,"d":"4,109.14"}]
[39397,"DESMOLDANTE PARA FORMAS METALICAS A BASE DE OLEO VEGETAL","L     ",12.97]
[2692,"DESMOLDANTE PROTETOR PARA FORMAS DE MADEIRA, DE BASE OLEOSA EMULSIONADA EM AGUA","L     ",6.14]
[6,"DETERGENTE AMONIACO (AMONIA DILUIDA)","L     ",2.41]
[5330,"DILUENTE EPOXI","L     ",35.19]
[26017,"DISCO DE BORRACHA PARA LIXADEIRA RIGIDO 7 \" COM ARRUELA CENTRAL","UN    ",23.35]
[25931,"DISCO DE CORTE DIAMANTADO SEGMENTADO DIAMETRO DE 180 MM PARA ESMERILHADEIRA 7 \"","UN    ",74.22]
[38140,"DISCO DE CORTE DIAMANTADO SEGMENTADO PARA CONCRETO, DIAMETRO DE 110 MM, FURO DE 20 MM","UN    ",18]
[13887,"DISCO DE CORTE DIAMANTADO SEGMENTADO PARA CONCRETO, DIAMETRO DE 350 MM, FURO DE 1 \" (14 X 1 \")","UN    ",426.16]
[26018,"DISCO DE CORTE PARA METAL COM DUAS TELAS 12 X 1/8 X 3/4 \" (300 X 3,2 X 19,05 MM)","UN    ",18.97]
[26019,"DISCO DE DESBASTE PARA METAL FERROSO EM GERAL, COM TRES TELAS,  9 X 1/4 X 7/8 \" (228,6 X 6,4 X 22,2 MM)","UN    ",17.91]
[26020,"DISCO DE LIXA PARA METAL, DIAMETRO = 180 MM, GRAO 120","UN    ",4.67]
[34544,"DISJUNTOR  TERMOMAGNETICO TRIPOLAR 3 X 400 A / ICC - 25 KA","UN    ",{"v":1214.07,"d":"1,214.07"}]
[34729,"DISJUNTOR TERMICO E MAGNETICO AJUSTAVEIS, TRIPOLAR DE 100 ATE 250A, CAPACIDADE DE INTERRUPCAO DE 35KA","UN    ",955.05]
[34734,"DISJUNTOR TERMICO E MAGNETICO AJUSTAVEIS, TRIPOLAR DE 300 ATE 400A, CAPACIDADE DE INTERRUPCAO DE 35KA","UN    ",{"v":1478.73,"d":"1,478.73"}]
[34738,"DISJUNTOR TERMICO E MAGNETICO AJUSTAVEIS, TRIPOLAR DE 450 ATE 600A, CAPACIDADE DE INTERRUPCAO DE 35KA","UN    ",{"v":3454.78,"d":"3,454.78"}]
[2391,"DISJUNTOR TERMOMAGNETICO TRIPOLAR 125A","UN    ",280.99]
[2374,"DISJUNTOR TERMOMAGNETICO TRIPOLAR 150 A / 600 V, TIPO FXD / ICC - 35 KA","UN    ",318.77]
[2377,"DISJUNTOR TERMOMAGNETICO TRIPOLAR 200 A / 600 V, TIPO FXD / ICC - 35 KA","UN    ",447.36]
[2393,"DISJUNTOR TERMOMAGNETICO TRIPOLAR 250 A / 600 V, TIPO FXD","UN    ",749.17]
[34705,"DISJUNTOR TERMOMAGNETICO TRIPOLAR 3  X 250 A/ICC - 25 KA","UN    ",655.25]
[34707,"DISJUNTOR TERMOMAGNETICO TRIPOLAR 3 X 350 A/ICC - 25 KA","UN    ",{"v":1214.2,"d":"1,214.20"}]
[2378,"DISJUNTOR TERMOMAGNETICO TRIPOLAR 300 A / 600 V, TIPO JXD / ICC - 40 KA","UN    ",{"v":1029.08,"d":"1,029.08"}]
[2379,"DISJUNTOR TERMOMAGNETICO TRIPOLAR 400 A / 600 V, TIPO JXD / ICC - 40 KA","UN    ",{"v":1029.08,"d":"1,029.08"}]
[2376,"DISJUNTOR TERMOMAGNETICO TRIPOLAR 600 A / 600 V, TIPO LXD / ICC - 40 KA","UN    ",{"v":1694.89,"d":"1,694.89"}]
[2394,"DISJUNTOR TERMOMAGNETICO TRIPOLAR 800 A / 600 V, TIPO LMXD","UN    ",{"v":3623.37,"d":"3,623.37"}]
[34686,"DISJUNTOR TIPO DIN / IEC, MONOPOLAR DE 40  ATE 50A","UN    ",10.87]
[34616,"DISJUNTOR TIPO DIN/IEC, BIPOLAR DE 6 ATE 32A","UN    ",42.04]
[34623,"DISJUNTOR TIPO DIN/IEC, BIPOLAR 40 ATE 50A","UN    ",41.4]
[34628,"DISJUNTOR TIPO DIN/IEC, BIPOLAR 63 A","UN    ",59.3]
[34653,"DISJUNTOR TIPO DIN/IEC, MONOPOLAR DE 6  ATE  32A","UN    ",7.33]
[34688,"DISJUNTOR TIPO DIN/IEC, MONOPOLAR DE 63 A","UN    ",13.29]
[34709,"DISJUNTOR TIPO DIN/IEC, TRIPOLAR DE 10 ATE 50A","UN    ",51.51]
[34714,"DISJUNTOR TIPO DIN/IEC, TRIPOLAR 63 A","UN    ",61.52]
[2388,"DISJUNTOR TIPO NEMA, BIPOLAR 10  ATE  50 A, TENSAO MAXIMA 415 V","UN    ",51.13]
[34606,"DISJUNTOR TIPO NEMA, BIPOLAR 60 ATE 100A, TENSAO MAXIMA 415 V","UN    ",78.42]
[34689,"DISJUNTOR TIPO NEMA, MONOPOLAR DE 60 ATE 70A, TENSAO MAXIMA DE 240 V","UN    ",24.97]
[2370,"DISJUNTOR TIPO NEMA, MONOPOLAR 10 ATE 30A, TENSAO MAXIMA DE 240 V","UN    ",9.5]
[2386,"DISJUNTOR TIPO NEMA, MONOPOLAR 35  ATE  50 A, TENSAO MAXIMA DE 240 V","UN    ",15.93]
[2392,"DISJUNTOR TIPO NEMA, TRIPOLAR 10  ATE  50A, TENSAO MAXIMA DE 415 V","UN    ",63.77]
[2373,"DISJUNTOR TIPO NEMA, TRIPOLAR 60 ATE 100 A, TENSAO MAXIMA DE 415 V","UN    ",89.85]
[39465,"DISPOSITIVO DPS CLASSE II, 1 POLO, TENSAO MAXIMA DE 175 V, CORRENTE MAXIMA DE *20* KA (TIPO AC)","UN    ",54.88]
[39466,"DISPOSITIVO DPS CLASSE II, 1 POLO, TENSAO MAXIMA DE 175 V, CORRENTE MAXIMA DE *30* KA (TIPO AC)","UN    ",61.75]
[39467,"DISPOSITIVO DPS CLASSE II, 1 POLO, TENSAO MAXIMA DE 175 V, CORRENTE MAXIMA DE *45* KA (TIPO AC)","UN    ",78.98]
[39468,"DISPOSITIVO DPS CLASSE II, 1 POLO, TENSAO MAXIMA DE 175 V, CORRENTE MAXIMA DE *90* KA (TIPO AC)","UN    ",140.39]
[39469,"DISPOSITIVO DPS CLASSE II, 1 POLO, TENSAO MAXIMA DE 275 V, CORRENTE MAXIMA DE *20* KA (TIPO AC)","UN    ",57.19]
[39470,"DISPOSITIVO DPS CLASSE II, 1 POLO, TENSAO MAXIMA DE 275 V, CORRENTE MAXIMA DE *30* KA (TIPO AC)","UN    ",70.26]
[39471,"DISPOSITIVO DPS CLASSE II, 1 POLO, TENSAO MAXIMA DE 275 V, CORRENTE MAXIMA DE *45* KA (TIPO AC)","UN    ",84.44]
[39472,"DISPOSITIVO DPS CLASSE II, 1 POLO, TENSAO MAXIMA DE 275 V, CORRENTE MAXIMA DE *90* KA (TIPO AC)","UN    ",146.72]
[39473,"DISPOSITIVO DPS CLASSE II, 1 POLO, TENSAO MAXIMA DE 385 V, CORRENTE MAXIMA DE *20* KA (TIPO AC)","UN    ",94.78]
[39474,"DISPOSITIVO DPS CLASSE II, 1 POLO, TENSAO MAXIMA DE 385 V, CORRENTE MAXIMA DE *30* KA (TIPO AC)","UN    ",101.04]
[39475,"DISPOSITIVO DPS CLASSE II, 1 POLO, TENSAO MAXIMA DE 385 V, CORRENTE MAXIMA DE *45* KA (TIPO AC)","UN    ",114.64]
[39476,"DISPOSITIVO DPS CLASSE II, 1 POLO, TENSAO MAXIMA DE 385 V, CORRENTE MAXIMA DE *90* KA (TIPO AC)","UN    ",215.8]
[39477,"DISPOSITIVO DPS CLASSE II, 1 POLO, TENSAO MAXIMA DE 460 V, CORRENTE MAXIMA DE *20* KA (TIPO AC)","UN    ",105.74]
[39478,"DISPOSITIVO DPS CLASSE II, 1 POLO, TENSAO MAXIMA DE 460 V, CORRENTE MAXIMA DE *30* KA (TIPO AC)","UN    ",109.01]
[39479,"DISPOSITIVO DPS CLASSE II, 1 POLO, TENSAO MAXIMA DE 460 V, CORRENTE MAXIMA DE *45* KA (TIPO AC)","UN    ",128.44]
[39480,"DISPOSITIVO DPS CLASSE II, 1 POLO, TENSAO MAXIMA DE 460 V, CORRENTE MAXIMA DE *90* KA (TIPO AC)","UN    ",265.02]
[39459,"DISPOSITIVO DR, 2 POLOS, SENSIBILIDADE DE 30 MA, CORRENTE DE 100 A, TIPO AC","UN    ",224.94]
[39445,"DISPOSITIVO DR, 2 POLOS, SENSIBILIDADE DE 30 MA, CORRENTE DE 25 A, TIPO AC","UN    ",112.94]
[39446,"DISPOSITIVO DR, 2 POLOS, SENSIBILIDADE DE 30 MA, CORRENTE DE 40 A, TIPO AC","UN    ",114.95]
[39447,"DISPOSITIVO DR, 2 POLOS, SENSIBILIDADE DE 30 MA, CORRENTE DE 63 A, TIPO AC","UN    ",122.93]
[39448,"DISPOSITIVO DR, 2 POLOS, SENSIBILIDADE DE 30 MA, CORRENTE DE 80 A, TIPO AC","UN    ",209.61]
[39450,"DISPOSITIVO DR, 2 POLOS, SENSIBILIDADE DE 300 MA, CORRENTE DE 25 A, TIPO AC","UN    ",127.89]
[39451,"DISPOSITIVO DR, 2 POLOS, SENSIBILIDADE DE 300 MA, CORRENTE DE 40 A, TIPO AC","UN    ",139.49]
[39452,"DISPOSITIVO DR, 2 POLOS, SENSIBILIDADE DE 300 MA, CORRENTE DE 63 A, TIPO AC","UN    ",140.32]
[39523,"DISPOSITIVO DR, 2 POLOS, SENSIBILIDADE DE 300 MA, CORRENTE DE 80 A, TIPO  AC","UN    ",234.82]
[39449,"DISPOSITIVO DR, 4 POLOS, SENSIBILIDADE DE 30 MA, CORRENTE DE 100 A, TIPO AC","UN    ",260.05]
[39455,"DISPOSITIVO DR, 4 POLOS, SENSIBILIDADE DE 30 MA, CORRENTE DE 25 A, TIPO AC","UN    ",128.68]
[39456,"DISPOSITIVO DR, 4 POLOS, SENSIBILIDADE DE 30 MA, CORRENTE DE 40 A, TIPO AC","UN    ",128.77]
[39457,"DISPOSITIVO DR, 4 POLOS, SENSIBILIDADE DE 30 MA, CORRENTE DE 63 A, TIPO AC","UN    ",140.38]
[39458,"DISPOSITIVO DR, 4 POLOS, SENSIBILIDADE DE 30 MA, CORRENTE DE 80 A, TIPO AC","UN    ",261.97]
[39464,"DISPOSITIVO DR, 4 POLOS, SENSIBILIDADE DE 300 MA, CORRENTE DE 100 A, TIPO AC","UN    ",421.27]
[39460,"DISPOSITIVO DR, 4 POLOS, SENSIBILIDADE DE 300 MA, CORRENTE DE 25 A, TIPO AC","UN    ",159.77]
[39461,"DISPOSITIVO DR, 4 POLOS, SENSIBILIDADE DE 300 MA, CORRENTE DE 40 A, TIPO AC","UN    ",187.22]
[39462,"DISPOSITIVO DR, 4 POLOS, SENSIBILIDADE DE 300 MA, CORRENTE DE 63 A, TIPO AC","UN    ",180.43]
[39463,"DISPOSITIVO DR, 4 POLOS, SENSIBILIDADE DE 300 MA, CORRENTE DE 80 A, TIPO AC","UN    ",418]
[26039,"DISTRIBUIDOR DE AGREGADOS AUTOPROPELIDO, CAP 3 M3, A DIESEL, 6 CC, 176 CV","UN    ",{"v":231038.02,"d":"231,038.02"}]
[2401,"DISTRIBUIDOR DE AGREGADOS REBOCAVEL, CAPACIDADE 1,9 M3, LARGURA DE TRABALHO 3,66 M","UN    ",{"v":53141.3,"d":"53,141.30"}]
[38870,"DISTRIBUIDOR METALICO, COM ROSCA, 2 SAIDAS, DN 1\" X 1/2\", PARA CONEXAO COM ANEL DESLIZANTE EM TUBO PEX","UN    ",33.93]
[38869,"DISTRIBUIDOR METALICO, COM ROSCA, 2 SAIDAS, DN 3/4\" X 1/2\", PARA CONEXAO COM ANEL DESLIZANTE EM TUBO PEX","UN    ",29.92]
[38872,"DISTRIBUIDOR METALICO, COM ROSCA, 3 SAIDAS, DN 1\" X 1/2\", PARA CONEXAO COM ANEL DESLIZANTE EM TUBO PEX","UN    ",46.34]
[38871,"DISTRIBUIDOR METALICO, COM ROSCA, 3 SAIDAS, DN 3/4\" X 1/2\", PARA CONEXAO COM ANEL DESLIZANTE EM TUBO PEX","UN    ",37.28]
[39283,"DISTRIBUIDOR, PLASTICO, 2 SAIDAS, DN 32 X 16 MM, PARA CONEXAO COM CRIMPAGEM EM TUBO PEX","UN    ",116.11]
[39284,"DISTRIBUIDOR, PLASTICO, 2 SAIDAS, DN 32 X 20 MM, PARA CONEXAO COM CRIMPAGEM EM TUBO PEX","UN    ",125.82]
[39285,"DISTRIBUIDOR, PLASTICO, 2 SAIDAS, DN 32 X 25 MM, PARA CONEXAO COM CRIMPAGEM EM TUBO PEX","UN    ",127.64]
[39286,"DISTRIBUIDOR, PLASTICO, 3 SAIDAS, DN 32 X 16 MM, PARA CONEXAO COM CRIMPAGEM EM TUBO PEX","UN    ",124.86]
[39287,"DISTRIBUIDOR, PLASTICO, 3 SAIDAS, DN 32 X 20 MM, PARA CONEXAO COM CRIMPAGEM EM TUBO PEX","UN    ",146.61]
[39288,"DISTRIBUIDOR, PLASTICO, 3 SAIDAS, DN 32 X 25 MM, PARA CONEXAO COM CRIMPAGEM EM TUBO PEX","UN    ",156.46]
[2414,"DIVISORIA (N2) PAINEL/VIDRO - PAINEL C/ MSO/COMEIA E=35MM - MONTANTE/RODAPE DUPLO ACO GALV PINTADO - COLOCADA","M2    ",90.45]
[2413,"DIVISORIA (N2) PAINEL/VIDRO - PAINEL C/ MSO/COMEIA E=35MM - PERFIS SIMPLES ACO GALV PINTADO - COLOCADA","M2    ",87.01]
[2405,"DIVISORIA (N2) PAINEL/VIDRO - PAINEL MSO/COMEIA E=35MM - MONTANTE/RODAPE DUPLO ALUMINIO ANOD NAT - COLOCADA","M2    ",101.28]
[13361,"DIVISORIA (N2) PAINEL/VIDRO - PAINEL MSO/COMEIA E=35MM - PERFIS SIMPLES ALUMINIO ANOD NAT - COLOCADA","M2    ",84.72]
[11987,"DIVISORIA (N2) PAINEL/VIDRO - PAINEL VERMICULITA E=35MM - PERFIS SIMPLES ALUMINIO ANOD NATURAL - COLOCADA","M2    ",226.7]
[2416,"DIVISORIA (N3) PAINEL/VIDRO/PAINEL MSO/COMEIA E=35MM - MONTANTE/RODAPE DUPLO ACO GALV PINTADO - COLOCADA","M2    ",100.3]
[2412,"DIVISORIA (N3) PAINEL/VIDRO/PAINEL MSO/COMEIA E=35MM - MONTANTE/RODAPE DUPLO ALUMINIO ANOD NAT - COLOCADA","M2    ",96.86]
[2411,"DIVISORIA (N3) PAINEL/VIDRO/PAINEL MSO/COMEIA E=35MM - PERFIS SIMPLES ACO GALV PINTADO - COLOCADA","M2    ",84.72]
[2406,"DIVISORIA (N3) PAINEL/VIDRO/PAINEL MSO/COMEIA E=35MM - PERFIS SIMPLES ALUMINIO ANOD NAT - COLOCADA","M2    ",82.43]
[10571,"DIVISORIA (N3) PAINEL/VIDRO/PAINEL VERMICULITA E=35MM - MONTANTE/RODAPE DUPLO ALUMINIO ANOD NATURAL - COLOCADA","M2    ",201.52]
[11985,"DIVISORIA (N3) PAINEL/VIDRO/PAINEL VERMICULITA E=35MM - MONTANTE/RODAPE PERFIL DUPLO ACO GALV PINTADO - COLOCADA","M2    ",194.64]
[2410,"DIVISORIA CEGA (N1) - PAINEL MSO/COMEIA E=35MM - MONTANTE/RODAPE DUPLO   ACO GALV PINTADO - COLOCADA","M2    ",85.87]
[2417,"DIVISORIA CEGA (N1) - PAINEL MSO/COMEIA E=35MM - MONTANTE/RODAPE DUPLO ALUMINIO ANOD NAT - COLOCADA","M2    ",91.6]
[2415,"DIVISORIA CEGA (N1) - PAINEL MSO/COMEIA E=35MM - PERFIS SIMPLES ACO GALV PINTADO   - COLOCADA","M2    ",73.28]
[13360,"DIVISORIA CEGA (N1) - PAINEL MSO/COMEIA E=35MM - PERFIS SIMPLES ALUMINIO ANOD NAT - COLOCADA","M2    ",73.28]
[11983,"DIVISORIA CEGA (N1) - PAINEL VERMICULITA E=35MM - MONTANTE/RODAPE PERFIS SIMPLES ACO GALV PINTADO - COLOCADA","M2    ",178.61]
[11986,"DIVISORIA CEGA (N1) - PAINEL VERMICULITA E=35MM - PERFIS SIMPLES ALUMINIO ANOD NATURAL - COLOCADA","M2    ",217.55]
[25976,"DIVISORIA EM GRANITO, COM DUAS FACES POLIDAS, TIPO ANDORINHA/ QUARTZ/ CASTELO/ CORUMBA OU OUTROS EQUIVALENTES DA REGIAO, E=  *3,0* CM","M2    ",485.15]
[10629,"DIVISORIA EM MARMORE, COM DUAS FACES POLIDAS, BRANCO COMUM, E=  *3,0* CM","M2    ",442.04]
[10698,"DIVISORIA, PLACA  PRE-MOLDADA EM GRANILITE, MARMORITE OU GRANITINA,  E = *3 CM","M2    ",133.91]
[40521,"DOBRADEIRA ELETROMECANICA DE VERGALHAO, PARA ACO DE DIAMETRO ATE 1 1/2 \"Â”, MOTOR ELETRICO TRIFASICO, POTENCIA DE 3 HP ATE 5 HP","UN    ",{"v":74059.09,"d":"74,059.09"}]
[2432,"DOBRADICA EM ACO/FERRO, 3 1/2\" X  3\", E= 1,9  A 2 MM, COM ANEL,  CROMADO OU ZINCADO, TAMPA BOLA, COM PARAFUSOS","UN    ",33.74]
[2418,"DOBRADICA EM ACO/FERRO, 3\" X 2 1/2\", E= 1,2 A 1,8 MM, SEM ANEL,  CROMADO OU ZINCADO, TAMPA BOLA, COM PARAFUSOS","UN    ",15.65]
[2433,"DOBRADICA EM ACO/FERRO, 3\" X 2 1/2\", E= 1,2 A 1,8 MM, SEM ANEL,  CROMADO OU ZINCADO, TAMPA CHATA, COM PARAFUSOS","UN    ",11.43]
[2420,"DOBRADICA EM ACO/FERRO, 3\" X 2 1/2\", E= 1,9 A 2 MM, SEM ANEL,  CROMADO OU ZINCADO, TAMPA BOLA, COM PARAFUSOS","UN    ",19.63]
[2421,"DOBRADICA EM ACO/FERRO, 4\" X 3\", E= 2,2 A 3,0 MM, COM ANEL, CROMADO OU ZINCADO,TAMPA BOLA, COM PARAFUSOS","UN    ",42.83]
[11447,"DOBRADICA EM LATAO, 3 \" X 2 1/2 \", E= 1,9 A 2 MM, COM ANEL, CROMADO, TAMPA BOLA, COM PARAFUSOS","UN    ",38.79]
[2429,"DOBRADICA EM LATAO, 4\" X 3\", E= 2,2 A 3,0 MM, COM ANEL,  TAMPA BOLA, COM PARAFUSOS","UN    ",98.18]
[11449,"DOBRADICA TIPO PIANO EM ACO/FERRO, 1'' X 3 M, GALVANIZADO, COM PARAFUSOS","UN    ",105.76]
[11451,"DOBRADICA TIPO VAI-E-VEM EM ACO/FERRO, TAMANHO 3'', GALVANIZADO, COM PARAFUSOS","UN    ",103.99]
[11116,"DOMOS INDIVIDUAL EM ACRILICO BRANCO *95 X 95* CM, SEM INSTALACAO","UN    ",446.66]
[38411,"DOSADOR DE AREIA, CAPACIDADE DE *26* LITROS","UN    ",{"v":1355.65,"d":"1,355.65"}]
[1370,"DUCHA HIGIENICA PLASTICA COM REGISTRO METALICO 1/2 \"","UN    ",71.34]
[38189,"DUCHA METALICA DE PAREDE, ARTICULAVEL, COM BRACO/CANO, SEM DESVIADOR","UN    ",172.74]
[38190,"DUCHA METALICA DE PAREDE, ARTICULAVEL, COM DESVIADOR E DUCHA MANUAL","UN    ",388.45]
[36516,"DUMPER COM CAPACIDADE DE CARGA DE 1700 KG, PARTIDA ELETRICA, MOTOR DIESEL COM POTENCIA DE 16 CV","UN    ",{"v":63892.51,"d":"63,892.51"}]
[34777,"ELEMENTO VAZADO CERAMICO 25 X 18 X 7 CM","UN    ",1.37]
[7273,"ELEMENTO VAZADO CERAMICO 7 X 20 X 20 CM","UN    ",2.25]
[7272,"ELEMENTO VAZADO CERAMICO 9 X 20 X 20 CM","UN    ",3.14]
[10605,"ELEMENTO VAZADO DE CONCRETO, QUADRICULADO, 1 FURO *10 X 10 X 10* CM","UN    ",1.97]
[10604,"ELEMENTO VAZADO DE CONCRETO, QUADRICULADO, 1 FURO *20 X 10 X 7* CM","UN    ",3.93]
[672,"ELEMENTO VAZADO DE CONCRETO, QUADRICULADO, 1 FURO *20 X 20 X 6,5* CM","UN    ",3.97]
[668,"ELEMENTO VAZADO DE CONCRETO, QUADRICULADO, 16 FUROS *29 X 29 X 6* CM","UN    ",6.26]
[10578,"ELEMENTO VAZADO DE CONCRETO, QUADRICULADO, 16 FUROS *33 X 33 X 10* CM","UN    ",10.91]
[666,"ELEMENTO VAZADO DE CONCRETO, QUADRICULADO, 16 FUROS *40 X 40 X 7* CM","UN    ",10.83]
[665,"ELEMENTO VAZADO DE CONCRETO, QUADRICULADO, 16 FUROS *50 X 50 X 7* CM","UN    ",20.29]
[10577,"ELEMENTO VAZADO DE CONCRETO, QUADRICULADO, 25 FUROS *50 X 50 X 5* CM","UN    ",15.89]
[10583,"ELEMENTO VAZADO DE CONCRETO, VENEZIANA *39 X 22 X 15* CM","UN    ",8.9]
[10579,"ELEMENTO VAZADO DE CONCRETO, VENEZIANA *39 X 29 X 10* CM","UN    ",14.53]
[10582,"ELEMENTO VAZADO DE CONCRETO, VENEZIANA *40 X 10 X 10* CM","UN    ",5.08]
[2436,"ELETRICISTA","H     ",11.84]
[40918,"ELETRICISTA (MENSALISTA)","MES   ",{"v":2086.21,"d":"2,086.21"}]
[2439,"ELETRICISTA DE MANUTENCAO INDUSTRIAL","H     ",11.84]
[40923,"ELETRICISTA DE MANUTENCAO INDUSTRIAL (MENSALISTA)","MES   ",{"v":2086.21,"d":"2,086.21"}]
[10998,"ELETRODO REVESTIDO AWS - E-6010, DIAMETRO IGUAL A 4,00 MM","KG    ",15.95]
[11002,"ELETRODO REVESTIDO AWS - E6013, DIAMETRO IGUAL A 2,50 MM","KG    ",14.61]
[10999,"ELETRODO REVESTIDO AWS - E6013, DIAMETRO IGUAL A 4,00 MM","KG    ",14.04]
[10997,"ELETRODO REVESTIDO AWS - E7018, DIAMETRO IGUAL A 4,00 MM","KG    ",15.22]
[2685,"ELETRODUTO DE PVC RIGIDO ROSCAVEL DE 1 \", SEM LUVA","M     ",3.23]
[2680,"ELETRODUTO DE PVC RIGIDO ROSCAVEL DE 1 1/2 \", SEM LUVA","M     ",4.72]
[2684,"ELETRODUTO DE PVC RIGIDO ROSCAVEL DE 1 1/4 \", SEM LUVA","M     ",4.3]
[2673,"ELETRODUTO DE PVC RIGIDO ROSCAVEL DE 1/2 \", SEM LUVA","M     ",1.66]
[2681,"ELETRODUTO DE PVC RIGIDO ROSCAVEL DE 2 \", SEM LUVA","M     ",7.72]
[2682,"ELETRODUTO DE PVC RIGIDO ROSCAVEL DE 2 1/2 \", SEM LUVA","M     ",11.27]
[2686,"ELETRODUTO DE PVC RIGIDO ROSCAVEL DE 3 \", SEM LUVA","M     ",14.13]
[2674,"ELETRODUTO DE PVC RIGIDO ROSCAVEL DE 3/4 \", SEM LUVA","M     ",2.06]
[2683,"ELETRODUTO DE PVC RIGIDO ROSCAVEL DE 4 \", SEM LUVA","M     ",22.27]
[2676,"ELETRODUTO DE PVC RIGIDO SOLDAVEL, CLASSE B, DE 20 MM","M     ",0.96]
[2678,"ELETRODUTO DE PVC RIGIDO SOLDAVEL, CLASSE B, DE 25 MM","M     ",1.2]
[2679,"ELETRODUTO DE PVC RIGIDO SOLDAVEL, CLASSE B, DE 32 MM","M     ",1.86]
[12070,"ELETRODUTO DE PVC RIGIDO SOLDAVEL, CLASSE B, DE 40 MM","M     ",2.59]
[2675,"ELETRODUTO DE PVC RIGIDO SOLDAVEL, CLASSE B, DE 50 MM","M     ",3.37]
[12067,"ELETRODUTO DE PVC RIGIDO SOLDAVEL, CLASSE B, DE 60 MM","M     ",4.57]
[40401,"ELETRODUTO FLEXIVEL PLANO EM PEAD, COR PRETA E LARANJA,  DIAMETRO 32 MM","M     ",1.92]
[40402,"ELETRODUTO FLEXIVEL PLANO EM PEAD, COR PRETA E LARANJA,  DIAMETRO 40 MM","M     ",2.47]
[40400,"ELETRODUTO FLEXIVEL PLANO EM PEAD, COR PRETA E LARANJA, DIAMETRO 25 MM","M     ",1.3]
[2504,"ELETRODUTO FLEXIVEL, EM ACO GALVANIZADO, REVESTIDO EXTERNAMENTE COM PVC PRETO, DIAMETRO EXTERNO DE 25 MM (3/4\"), TIPO SEALTUBO","M     ",10.96]
[2501,"ELETRODUTO FLEXIVEL, EM ACO GALVANIZADO, REVESTIDO EXTERNAMENTE COM PVC PRETO, DIAMETRO EXTERNO DE 32 MM (1\"), TIPO SEALTUBO","M     ",14.37]
[2502,"ELETRODUTO FLEXIVEL, EM ACO GALVANIZADO, REVESTIDO EXTERNAMENTE COM PVC PRETO, DIAMETRO EXTERNO DE 40 MM (1 1/4\"), TIPO SEALTUBO","M     ",21.69]
[2503,"ELETRODUTO FLEXIVEL, EM ACO GALVANIZADO, REVESTIDO EXTERNAMENTE COM PVC PRETO, DIAMETRO EXTERNO DE 50 MM( 1 1/2\"), TIPO SEALTUBO","M     ",27.92]
[2500,"ELETRODUTO FLEXIVEL, EM ACO GALVANIZADO, REVESTIDO EXTERNAMENTE COM PVC PRETO, DIAMETRO EXTERNO DE 60 MM (2\"), TIPO SEALTUBO","M     ",37.19]
[2505,"ELETRODUTO FLEXIVEL, EM ACO GALVANIZADO, REVESTIDO EXTERNAMENTE COM PVC PRETO, DIAMETRO EXTERNO DE 75 MM (2 1/2\"), TIPO SEALTUBO","M     ",57.95]
[12056,"ELETRODUTO FLEXIVEL, EM ACO, TIPO CONDUITE, DIAMETRO DE 1 1/2\"","M     ",23.42]
[12057,"ELETRODUTO FLEXIVEL, EM ACO, TIPO CONDUITE, DIAMETRO DE 1 1/4\"","M     ",19.89]
[12059,"ELETRODUTO FLEXIVEL, EM ACO, TIPO CONDUITE, DIAMETRO DE 1/2\"","M     ",6.98]
[12058,"ELETRODUTO FLEXIVEL, EM ACO, TIPO CONDUITE, DIAMETRO DE 1\"","M     ",12.4]
[12060,"ELETRODUTO FLEXIVEL, EM ACO, TIPO CONDUITE, DIAMETRO DE 2 1/2\"","M     ",51.68]
[12061,"ELETRODUTO FLEXIVEL, EM ACO, TIPO CONDUITE, DIAMETRO DE 2\"","M     ",31.55]
[12062,"ELETRODUTO FLEXIVEL, EM ACO, TIPO CONDUITE, DIAMETRO DE 3\"","M     ",58.19]
[21137,"ELETRODUTO METALICO FLEXIVEL REVESTIDO COM PVC PRETO, DIAMETRO EXTERNO DE 15 MM (3/8\"), TIPO COPEX","M     ",10.11]
[2687,"ELETRODUTO PVC FLEXIVEL CORRUGADO, COR AMARELA, DE 16 MM","M     ",0.84]
[2689,"ELETRODUTO PVC FLEXIVEL CORRUGADO, COR AMARELA, DE 20 MM","M     ",1]
[2688,"ELETRODUTO PVC FLEXIVEL CORRUGADO, COR AMARELA, DE 25 MM","M     ",1.08]
[2690,"ELETRODUTO PVC FLEXIVEL CORRUGADO, COR AMARELA, DE 32 MM","M     ",1.86]
[39243,"ELETRODUTO PVC FLEXIVEL CORRUGADO, REFORCADO, COR LARANJA, DE 20 MM, PARA LAJES E PISOS","M     ",1.22]
[39244,"ELETRODUTO PVC FLEXIVEL CORRUGADO, REFORCADO, COR LARANJA, DE 25 MM, PARA LAJES E PISOS","M     ",1.65]
[39245,"ELETRODUTO PVC FLEXIVEL CORRUGADO, REFORCADO, COR LARANJA, DE 32 MM, PARA LAJES E PISOS","M     ",3.18]
[39254,"ELETRODUTO/CONDULETE DE PVC RIGIDO, LISO, COR CINZA, DE 1/2\", PARA INSTALACOES APARENTES (NBR 5410)","M     ",4.76]
[39255,"ELETRODUTO/CONDULETE DE PVC RIGIDO, LISO, COR CINZA, DE 1\", PARA INSTALACOES APARENTES (NBR 5410)","M     ",8.82]
[39253,"ELETRODUTO/CONDULETE DE PVC RIGIDO, LISO, COR CINZA, DE 3/4\", PARA INSTALACOES APARENTES (NBR 5410)","M     ",6.07]
[2446,"ELETRODUTO/DUTO PEAD FLEXIVEL PAREDE SIMPLES, CORRUGACAO HELICOIDAL, COR PRETA, SEM ROSCA, DE 2\",  PARA CABEAMENTO SUBTERRANEO (NBR 15715)","M     ",4.8]
[2442,"ELETRODUTO/DUTO PEAD FLEXIVEL PAREDE SIMPLES, CORRUGACAO HELICOIDAL, COR PRETA, SEM ROSCA, DE 3\",  PARA CABEAMENTO SUBTERRANEO (NBR 15715)","M     ",6.72]
[39246,"ELETRODUTODUTO PEAD FLEXIVEL PAREDE SIMPLES, CORRUGACAO HELICOIDAL, COR PRETA, SEM ROSCA, DE 1 1/2\",  PARA CABEAMENTO SUBTERRANEO (NBR 15715)","M     ",3.34]
[39247,"ELETRODUTODUTO PEAD FLEXIVEL PAREDE SIMPLES, CORRUGACAO HELICOIDAL, COR PRETA, SEM ROSCA, DE 1 1/4\",  PARA CABEAMENTO SUBTERRANEO (NBR 15715)","M     ",2.91]
[39248,"ELETRODUTODUTO PEAD FLEXIVEL PAREDE SIMPLES, CORRUGACAO HELICOIDAL, COR PRETA, SEM ROSCA, DE 4\",  PARA CABEAMENTO SUBTERRANEO (NBR 15715)","M     ",9.37]
[2438,"ELETROTECNICO","H     ",22.9]
[40922,"ELETROTECNICO (MENSALISTA)","MES   ",{"v":4037.72,"d":"4,037.72"}]
[36486,"ELEVADOR DE CARGA A CABO, CABINE SEMI FECHADA 2,0 X 1,5 X 2,0 M, CAPACIDADE DE CARGA 1000 KG, TORRE  2,38 X 2,21 X 15 M, GUINCHO DE EMBREAGEM, FREIO DE SEGURANCA, LIMITADOR DE VELOCIDADE E CANCELA","UN    ",{"v":38547.98,"d":"38,547.98"}]
[37777,"ELEVADOR DE CREMALHEIRA CABINE FECHADA 1,5 X 2,5 X 2,35 M (UMA POR TORRE), CAPACIDADE DE CARGA 1200 KG (15 PESSOAS), TORRE  24 M (16 MODULOS), FREIO DE SEGURANCA, LIMITADOR DE CARGA","UN    ",{"v":181483.17,"d":"181,483.17"}]
[12624,"EMENDA PARA CALHA PLUVIAL, PVC, DIAMETRO ENTRE 119 E 170 MM, PARA DRENAGEM PREDIAL","UN    ",11.19]
[10638,"EMPILHADEIRA SOBRE PNEUS COM TORRE DE TRES ESTAGIOS, 4,70M DE ELEVACAO, C/ DESLOCADOR LATERAL DOS GARFOS, MOTOR GLP 4.3L, CAPACIDADE NOMINAL DE CARGA DE 6T","UN    ",{"v":329903.67,"d":"329,903.67"}]
[10635,"EMPILHADEIRA SOBRE PNEUS COM TORRE DE TRES ESTAGIOS, 4,80M DE ELEVACAO, C/ DESLOCADOR LATERAL DOS GARFOS, MOTOR GLP 2.2L, CAPACIDADE NOMINAL DE CARGA DE 3T","UN    ",{"v":114031.48,"d":"114,031.48"}]
[10634,"EMPILHADEIRA SOBRE PNEUS COM TORRE DE TRES ESTAGIOS, 4,80M DE ELEVACAO, C/ DESLOCADOR LATERAL DOS GARFOS, MOTOR GLP 2.4L, CAPACIDADE NOMINAL DE CARGA DE 2,5T","UN    ",{"v":97645.91,"d":"97,645.91"}]
[10636,"EMPILHADEIRA SOBRE PNEUS COM TORRE DE TRES ESTAGIOS, 4,80M DE ELEVACAO, C/ DESLOCADOR LATERAL DOS GARFOS, MOTOR GLP 4.3L, CAPACIDADE NOMINAL DE CARGA DE 4T","UN    ",{"v":215040.2,"d":"215,040.20"}]
[10637,"EMPILHADEIRA SOBRE PNEUS COM TORRE DE TRES ESTAGIOS, 4,80M DE ELEVACAO, C/ DESLOCADOR LATERAL DOS GARFOS, MOTOR GLP 4.3L, CAPACIDADE NOMINAL DE CARGA DE 5T","UN    ",{"v":224934.32,"d":"224,934.32"}]
[517,"EMULSAO ASFALTICA ANIONICA","L     ",6.12]
[41904,"EMULSAO ASFALTICA CATIONICA RL-1C PARA USO EM PAVIMENTACAO ASFALTICA (COLETADO CAIXA NA ANP ACRESCIDO DE ICMS)","T     ",{"v":1951.89,"d":"1,951.89"}]
[41905,"EMULSAO ASFALTICA CATIONICA RR-1C PARA USO EM PAVIMENTACAO ASFALTICA (COLETADO CAIXA NA ANP ACRESCIDO DE ICMS)","KG    ",1.82]
[41903,"EMULSAO ASFALTICA CATIONICA RR-2C PARA USO EM PAVIMENTACAO ASFALTICA (COLETADO CAIXA NA ANP ACRESCIDO DE ICMS)","KG    ",2.21]
[37534,"EMULSAO EXPLOSIVA EM CARTUCHOS DE 1\" X 12\", DENSIDADE 1.15 G/CM3, INICIACAO ESPOLETA N. 8 / CORDEL","KG    ",12.25]
[37535,"EMULSAO EXPLOSIVA EM CARTUCHOS DE 1\" X 24\", DENSIDADE 1.15 G/CM3, INICIACAO ESPOLETA N. 8 / CORDEL","KG    ",12.25]
[37533,"EMULSAO EXPLOSIVA EM CARTUCHOS DE 1\" X 8\", DENSIDADE 1.15 G/CM3, INICIACAO ESPOLETA N. 8 / CORDEL","KG    ",12.25]
[37537,"EMULSAO EXPLOSIVA EM CARTUCHOS DE 2 1/2\" X 24\", DENSIDADE 1.15 G/CM3, INICIACAO ESPOLETA N. 8 / CORDEL","KG    ",9.27]
[37536,"EMULSAO EXPLOSIVA EM CARTUCHOS DE 2 1/4\" X 24\", DENSIDADE 1.15 G/CM3, INICIACAO ESPOLETA N. 8 / CORDEL","KG    ",9.27]
[37532,"EMULSAO EXPLOSIVA EM CARTUCHOS DE 2\" X 24\", DENSIDADE 1.15 G/CM3, INICIACAO ESPOLETA N. 8 / CORDEL","KG    ",9.27]
[2696,"ENCANADOR OU BOMBEIRO HIDRAULICO","H     ",11.84]
[40928,"ENCANADOR OU BOMBEIRO HIDRAULICO (MENSALISTA)","MES   ",{"v":2086.21,"d":"2,086.21"}]
[4083,"ENCARREGADO GERAL DE OBRAS","H     ",18.57]
[40818,"ENCARREGADO GERAL DE OBRAS (MENSALISTA)","MES   ",{"v":3272.17,"d":"3,272.17"}]
[2705,"ENERGIA ELETRICA ATE 2000 KWH INDUSTRIAL, SEM DEMANDA","KW/H  ",0.53]
[14250,"ENERGIA ELETRICA COMERCIAL, BAIXA TENSAO, RELATIVA AO CONSUMO DE ATE 100 KWH, INCLUINDO ICMS, PIS/PASEP E COFINS","KW/H  ",0.54]
[11683,"ENGATE / RABICHO FLEXIVEL INOX 1/2 \" X 30 CM","UN    ",22.91]
[11684,"ENGATE / RABICHO FLEXIVEL INOX 1/2 \" X 40 CM","UN    ",25.07]
[6141,"ENGATE/RABICHO FLEXIVEL PLASTICO (PVC OU ABS) BRANCO 1/2 \" X 30 CM","UN    ",2.97]
[11681,"ENGATE/RABICHO FLEXIVEL PLASTICO (PVC OU ABS) BRANCO 1/2 \" X 40 CM","UN    ",5.38]
[2706,"ENGENHEIRO CIVIL DE OBRA JUNIOR","H     ",73.58]
[40811,"ENGENHEIRO CIVIL DE OBRA JUNIOR (MENSALISTA)","MES   ",{"v":12965.76,"d":"12,965.76"}]
[2707,"ENGENHEIRO CIVIL DE OBRA PLENO","H     ",83.74]
[40813,"ENGENHEIRO CIVIL DE OBRA PLENO (MENSALISTA)","MES   ",{"v":14757.71,"d":"14,757.71"}]
[2708,"ENGENHEIRO CIVIL DE OBRA SENIOR","H     ",114.48]
[40814,"ENGENHEIRO CIVIL DE OBRA SENIOR (MENSALISTA)","MES   ",{"v":20173.38,"d":"20,173.38"}]
[34779,"ENGENHEIRO CIVIL JUNIOR","H     ",74.64]
[40936,"ENGENHEIRO CIVIL JUNIOR (MENSALISTA)","MES   ",{"v":13154.9,"d":"13,154.90"}]
[34780,"ENGENHEIRO CIVIL PLENO","H     ",84.22]
[40937,"ENGENHEIRO CIVIL PLENO (MENSALISTA)","MES   ",{"v":14841.33,"d":"14,841.33"}]
[34782,"ENGENHEIRO CIVIL SENIOR","H     ",115.42]
[40938,"ENGENHEIRO CIVIL SENIOR (MENSALISTA)","MES   ",{"v":20338.64,"d":"20,338.64"}]
[34783,"ENGENHEIRO ELETRICISTA","H     ",71.13]
[40939,"ENGENHEIRO ELETRICISTA (MENSALISTA)","MES   ",{"v":12536.83,"d":"12,536.83"}]
[34785,"ENGENHEIRO SANITARISTA","H     ",69.49]
[40940,"ENGENHEIRO SANITARISTA (MENSALISTA)","MES   ",{"v":12245.43,"d":"12,245.43"}]
[38403,"ENXADA ESTREITA *25 X 23* CM COM CABO","UN    ",27.74]
[37774,"EQUIPAMENTO DE LIMPEZA COMBINADO (VACUO/ALTA PRESSAO) 95% VACUO, TANQUE 7000 L, BOMBA 140 KGF/CM2 66 L/MIN COM MOTOR INDEPENDENTE A DIESEL DE 60 CV (INCLUI MONTAGEM, NAO INCLUI CAMINHAO)","UN    ",{"v":150189.07,"d":"150,189.07"}]
[38630,"EQUIPAMENTO PARA DEMARCACAO DE FAIXAS DE TRAFEGO A FRIO, A SER MONTADO SOBRE CAMINHAO DE PBT MINIMO DE 9 T E DISTANCIA MINIMA ENTRE EIXOS DE 4,3 M, CAPACIDADE PARA 800 L DE TINTA (INCLUI MONTAGEM, NAO INCLUI CAMINHAO)","UN    ",{"v":716406.25,"d":"716,406.25"}]
[38629,"EQUIPAMENTO PARA DEMARCACAO DE FAIXAS DE TRAFEGO A QUENTE, A SER MONTADO SOBRE CAMINHAO DE PBT MINIMO DE 17 T E DISTANCIA MINIMA ENTRE EIXOS DE 5,2 M, CAPACIDADE PARA 1.000 KG DE MATERIAL TERMOPLASTICO (INCLUI MONTAGEM, NAO INCLUI CAMINHAO E NEM COMPRESSOR DE AR)","UN    ",{"v":1066406.25,"d":"1,066,406.25"}]
[38476,"ESCADA DUPLA DE ABRIR EM ALUMINIO, MODELO PINTOR, 8 DEGRAUS","UN    ",208.52]
[38477,"ESCADA EXTENSIVEL EM ALUMINIO COM 6,00 M ESTENDIDA","UN    ",590.55]
[40635,"ESCAVADEIRA HIDRAULICA SOBRE ESTEIRA, COM GARRA GIRATORIA DE MANDIBULAS, PESO OPERACIONAL ENTRE 22,00 E 25,50 TON, POTENCIA LIQUIDA ENTRE 150 E 160 HP","UN    ",{"v":469012,"d":"469,012.00"}]
[36483,"ESCAVADEIRA HIDRAULICA SOBRE ESTEIRAS CACAMBA 0,40 A 1,20 M3, PESO OPERACIONAL 21,19 T, POTENCIA LIQUIDA 173 HP","UN    ",{"v":425000,"d":"425,000.00"}]
[14525,"ESCAVADEIRA HIDRAULICA SOBRE ESTEIRAS COM CACAMBA DE 1,20 M3, PESO OPERACIONAL 21 T, POTENCIA BRUTA 155 HP","UN    ",{"v":445000,"d":"445,000.00"}]
[36482,"ESCAVADEIRA HIDRAULICA SOBRE ESTEIRAS, CACAMBA  0,80 M3, PESO OPERACIONAL 17,8 T, POTENCIA LIQUIDA 110 HP","UN    ",{"v":381649.48,"d":"381,649.48"}]
[36408,"ESCAVADEIRA HIDRAULICA SOBRE ESTEIRAS, CACAMBA 0,4 A 1,70 M3, PESO OPERACIONAL 23,2 T, POTENCIA BRUTA 183 HP","UN    ",{"v":456000,"d":"456,000.00"}]
[2723,"ESCAVADEIRA HIDRAULICA SOBRE ESTEIRAS, CACAMBA 0,62M3, PESO OPERACIONAL 12,61T, POTENCIA LIQUIDA 95HP","UN    ",{"v":350000,"d":"350,000.00"}]
[36481,"ESCAVADEIRA HIDRAULICA SOBRE ESTEIRAS, CACAMBA 0,80 A 1,30 M3, PESO OPERACIONAL 22,18 T, POTENCIA LIQUIDA 170 HP","UN    ",{"v":417500,"d":"417,500.00"}]
[10685,"ESCAVADEIRA HIDRAULICA SOBRE ESTEIRAS, CACAMBA 0,80M3, PESO OPERACIONAL 17T, POTENCIA BRUTA 111HP","UN    ",{"v":400000,"d":"400,000.00"}]
[40636,"ESCAVADEIRA HIDRAULICA SOBRE ESTEIRAS, CAPACIDADE DA CACAMBA ENTRE 1,20 E 1,50 M3, PESO OPERACIONAL ENTRE 20,00 E 22,00 TON, POTENCIA LIQUIDA ENTRE 150 E 155 HP, EQUIPADA COM CLAMSHELL","UN    ",{"v":451512,"d":"451,512.00"}]
[4111,"ESCORA PRE-MOLDADA EM CONCRETO, *10 X 10* CM, H = 2,30M","UN    ",41.55]
[26021,"ESCOVA CIRCULAR EM ACO LATONADO, 6 X 1 \" (DIAMETRO X ESPESSURA), FURO DE 1 1/4 \", FIO ONDULADO *0,30* MM","UN    ",43.12]
[12,"ESCOVA DE ACO, COM CABO, *4  X 15* FILEIRAS DE CERDAS","UN    ",6.5]
[37554,"ESGUICHO JATO REGULAVEL, TIPO ELKHART, ENGATE RAPIDO 1 1/2\", PARA COMBATE A INCENDIO","UN    ",187.9]
[37555,"ESGUICHO JATO REGULAVEL, TIPO ELKHART, ENGATE RAPIDO 2 1/2\", PARA COMBATE A INCENDIO","UN    ",228.57]
[10902,"ESGUICHO TIPO JATO SOLIDO, EM LATAO, ENGATE RAPIDO 1 1/2\" X 13 MM, PARA MANGUEIRA EM INSTALACAO PREDIAL COMBATE A INCENDIO","UN    ",57.35]
[20965,"ESGUICHO TIPO JATO SOLIDO, EM LATAO, ENGATE RAPIDO 1 1/2\" X 16 MM, PARA MANGUEIRA EM INSTALACAO PREDIAL COMBATE A INCENDIO","UN    ",57.88]
[20966,"ESGUICHO TIPO JATO SOLIDO, EM LATAO, ENGATE RAPIDO 1 1/2\" X 19 MM, PARA MANGUEIRA EM INSTALACAO PREDIAL COMBATE A INCENDIO","UN    ",62.33]
[10903,"ESGUICHO TIPO JATO SOLIDO, EM LATAO, ENGATE RAPIDO 2 1/2\" X 13 MM, PARA MANGUEIRA EM INSTALACAO PREDIAL COMBATE A INCENDIO","UN    ",94.47]
[20967,"ESGUICHO TIPO JATO SOLIDO, EM LATAO, ENGATE RAPIDO 2 1/2\" X 16 MM, PARA MANGUEIRA EM INSTALACAO PREDIAL COMBATE A INCENDIO","UN    ",94.47]
[20968,"ESGUICHO TIPO JATO SOLIDO, EM LATAO, ENGATE RAPIDO 2 1/2\" X 19 MM, PARA MANGUEIRA EM INSTALACAO PREDIAL COMBATE A INCENDIO","UN    ",103.61]
[11359,"ESMERILHADEIRA ANGULAR ELETRICA, DIAMETRO DO DISCO 7 '' (180 MM), ROTACAO 8500 RPM, POTENCIA 2400 W","UN    ",613.55]
[39017,"ESPACADOR / DISTANCIADOR CIRCULAR COM ENTRADA LATERAL, EM PLASTICO, PARA VERGALHAO *4,2 A 12,5* MM, COBRIMENTO 20 MM","UN    ",0.12]
[39315,"ESPACADOR / DISTANCIADOR TIPO GARRA DUPLA, EM PLASTICO, COBRIMENTO *20* MM, PARA FERRAGENS DE LAJES E FUNDO DE VIGAS","UN    ",0.2]
[39016,"ESPACADOR / DISTANCIADOR TIPO PINO EM PLASTICO, PARA VERGALHAO ATE 10 MM, PARA APOIO DE ARMADURA","UN    ",0.2]
[40432,"ESPACADOR / SEPARADOR DE BARRA , METALICO, TIPO CARAMBOLA, PARA TIRANTES, 25 X 84 MM","UN    ",1.57]
[39481,"ESPACADOR OU DISTANCIADOR, EM PLASTICO, TIPO APOIO DE CORDOALHA (CARANGUEJO), PARA ARMADURA NEGATIVA E PROTENSAO, COBRIMENTO 50 MM","UN    ",0.98]
[40433,"ESPACADOR/SEPARADOR DE CORDOALHA TIPO DISCO 12 FUROS DE 14 MM, PARA TIRANTES","UN    ",0.87]
[20219,"ESPARGIDOR DE ASFALTO PRESSURIZADO, REBOCAVEL, TANQUE DE 2500 L, PNEUMATICO,  COM MOTOR A GASOLINA 3,4HP","UN    ",{"v":68500,"d":"68,500.00"}]
[36484,"ESPARGIDOR DE ASFALTO PRESSURIZADO, TANQUE 6 M3 COM ISOLACAO TERMICA, AQUECIDO COM 2 MACARICOS, COM BARRA ESPARGIDORA 3,60 M, A SER MONTADO SOBRE CAMINHAO","UN    ",{"v":145413.02,"d":"145,413.02"}]
[38367,"ESPATULA DE ACO INOX COM CABO DE MADEIRA, LARGURA 8 CM","UN    ",11.2]
[38368,"ESPATULA DE PLASTICO LISA, LARGURA 10 CM","UN    ",5.34]
[38091,"ESPELHO / PLACA CEGA 4\" X 2\", PARA INSTALACAO DE TOMADAS E INTERRUPTORES","UN    ",1.82]
[38095,"ESPELHO / PLACA CEGA 4\" X 4\", PARA INSTALACAO DE TOMADAS E INTERRUPTORES","UN    ",3.85]
[38092,"ESPELHO / PLACA DE 1 POSTO 4\" X 2\", PARA INSTALACAO DE TOMADAS E INTERRUPTORES","UN    ",1.72]
[38093,"ESPELHO / PLACA DE 2 POSTOS 4\" X 2\", PARA INSTALACAO DE TOMADAS E INTERRUPTORES","UN    ",1.78]
[38096,"ESPELHO / PLACA DE 2 POSTOS 4\" X 4\", PARA INSTALACAO DE TOMADAS E INTERRUPTORES","UN    ",4.14]
[38094,"ESPELHO / PLACA DE 3 POSTOS 4\" X 2\", PARA INSTALACAO DE TOMADAS E INTERRUPTORES","UN    ",2.18]
[38097,"ESPELHO / PLACA DE 4 POSTOS 4\" X 4\", PARA INSTALACAO DE TOMADAS E INTERRUPTORES","UN    ",4.44]
[38098,"ESPELHO / PLACA DE 6 POSTOS 4\" X 4\", PARA INSTALACAO DE TOMADAS E INTERRUPTORES","UN    ",4.44]
[11186,"ESPELHO CRISTAL E = 4 MM","M2    ",324.88]
[11558,"ESPELHO, RETO OU CURVO, EM LATAO CROMADO, ESPESSURA ATE 6 MM, LARGURA *40*MM, ALTURA *180*MM - PARA FECHADURA DE EMBUTIR","PAR   ",10.14]
[11557,"ESPELHO, RETO OU CURVO, EM LATAO CROMADO, ESPESSURA MINIMA 6 MM, LARGURA *43*MM, ALTURA *230*MM - PARA FECHADURA DE EMBUTIR","PAR   ",25.68]
[2759,"ESPOLETA SIMPLES N 8.","UN    ",4.06]
[38124,"ESPUMA EXPANSIVA DE POLIURETANO, APLICACAO MANUAL - 500 ML","UN    ",24.75]
[38380,"ESQUADRO DE ACO 12 \" (300 MM), CABO DE ALUMINIO","UN    ",17.8]
[20059,"ESQUADRO INTERNO OU EXTERNO PARA CALHA PLUVIAL, PVC, DIAMETRO ENTRE 119 E 170 MM, PARA DRENAGEM PREDIAL","UN    ",15.87]
[42458,"ESQUI TRIPLO, EM TUBO DE ACO CARBONO, PINTURA NO PROCESSO ELETROSTATICO - EQUIPAMENTO DE GINASTICA PARA ACADEMIA AO AR LIVRE / ACADEMIA DA TERCEIRA IDADE - ATI * COLETADO CAIXA *","UN    ",{"v":5016.01,"d":"5,016.01"}]
[38538,"ESTACA PRE-MOLDADA MACICA DE CONCRETO VIBRADO ARMADO, PARA CARGA DE 25 T, SECAO QUADRADA DE *16 X 16*, COM ANEL METALICO INCORPORADO A PECA (SOMENTE FORNECIMENTO)","M     ",40]
[38539,"ESTACA PRE-MOLDADA MACICA DE CONCRETO VIBRADO ARMADO, PARA CARGA DE 50 T, SECAO QUADRADA, COM ANEL METALICO INCORPORADO A PECA (SOMENTE FORNECIMENTO)","M     ",54.39]
[38540,"ESTACA PRE-MOLDADA VAZADA DE CONCRETO CENTRIFUGADO, PARA CARGA DE 100 T, SECAO CIRCULAR, COM ANEL METALICO INCORPORADO A PECA (SOMENTE FORNECIMENTO)","M     ",139.4]
[38384,"ESTILETE DE METAL, LAMINA 18 MM","UN    ",13.84]
[13,"ESTOPA","KG    ",10]
[2762,"ESTOPIM SIMPLES","M     ",5.07]
[21142,"ESTRIBO COM PARAFUSO EM CHAPA DE FERRO FUNDIDO DE 2\" X 3/16\" X 35 CM, SECAO \"U\", PARA MADEIRAMENTO DE TELHADO","UN    ",15.32]
[12865,"ESTUCADOR","H     ",12.4]
[41074,"ESTUCADOR (MENSALISTA)","MES   ",{"v":2188.88,"d":"2,188.88"}]
[4223,"ETANOL","L     ",3.42]
[37372,"EXAMES - HORISTA (COLETADO CAIXA)","H     ",0.37]
[40863,"EXAMES - MENSALISTA (COLETADO CAIXA)","MES   ",69.24]
[38475,"EXTENSAO DE SOLDA 201 ACETILENO, E = *1,5 A 2,5* MM","UN    ",22.61]
[38474,"EXTENSAO DE SOLDA 201 GLP, E = *2,5 A 4,0* MM","UN    ",27.96]
[10886,"EXTINTOR DE INCENDIO PORTATIL COM CARGA DE AGUA PRESSURIZADA DE 10 L, CLASSE A","UN    ",157.5]
[10888,"EXTINTOR DE INCENDIO PORTATIL COM CARGA DE GAS CARBONICO CO2 DE 4 KG, CLASSE BC","UN    ",498.46]
[10889,"EXTINTOR DE INCENDIO PORTATIL COM CARGA DE GAS CARBONICO CO2 DE 6 KG, CLASSE BC","UN    ",540]
[10890,"EXTINTOR DE INCENDIO PORTATIL COM CARGA DE PO QUIMICO SECO (PQS) DE 12 KG, CLASSE BC","UN    ",249.23]
[10891,"EXTINTOR DE INCENDIO PORTATIL COM CARGA DE PO QUIMICO SECO (PQS) DE 4 KG, CLASSE BC","UN    ",152.3]
[10892,"EXTINTOR DE INCENDIO PORTATIL COM CARGA DE PO QUIMICO SECO (PQS) DE 6 KG, CLASSE BC","UN    ",180]
[20977,"EXTINTOR DE INCENDIO PORTATIL COM CARGA DE PO QUIMICO SECO (PQS) DE 8 KG, CLASSE BC","UN    ",214.61]
[3073,"EXTREMIDADE PVC PBA, BF, JE, DN 100/ DE 110 MM (NBR 10351)","UN    ",115.49]
[3068,"EXTREMIDADE PVC PBA, BF, JE, DN 50 / DE 60 MM (NBR 10351)","UN    ",54.37]
[3074,"EXTREMIDADE PVC PBA, BF, JE, DN 75/ DE 85 MM (NBR 10351)","UN    ",91.93]
[3076,"EXTREMIDADE PVC PBA, PF, JE, DN 100 / DE 110 MM (NBR 10351)","UN    ",103.52]
[3072,"EXTREMIDADE PVC PBA, PF, JE, DN 50/ DE 60 MM (NBR 10351)","UN    ",45.94]
[3075,"EXTREMIDADE PVC PBA, PF, JE, DN 75 / DE 85 MM (NBR 10351)","UN    ",82.86]
[10780,"EXTREMIDADE/TUBETE PARA HIDROMETRO PVC, COM ROSCA, CURTA, COM BUCHA LATAO, 1/2\"","UN    ",4.99]
[10781,"EXTREMIDADE/TUBETE PARA HIDROMETRO PVC, COM ROSCA, CURTA, COM BUCHA LATAO, 3/4\"","UN    ",6.2]
[20106,"EXTREMIDADE/TUBETE PARA HIDROMETRO PVC, COM ROSCA, CURTA, SEM BUCHA LATAO, 1/2\"","UN    ",2.94]
[20107,"EXTREMIDADE/TUBETE PARA HIDROMETRO PVC, COM ROSCA, CURTA, SEM BUCHA LATAO, 3/4\"","UN    ",3.15]
[20108,"EXTREMIDADE/TUBETE PARA HIDROMETRO PVC, COM ROSCA, LONGA, SEM BUCHA LATAO, 1/2\"","UN    ",2.82]
[20109,"EXTREMIDADE/TUBETE PARA HIDROMETRO PVC, COM ROSCA, LONGA, SEM BUCHA LATAO, 3/4\"","UN    ",4.44]
[34795,"FAIXA / FILETE / LISTELO EM CERAMICA, DECORADA, *8 X 30* CM (L X C)","M2    ",140.28]
[34796,"FAIXA / FILETE / LISTELO EM CERAMICA, LISO OU CORDAO, BRANCO, *2 X 30* CM (L X C)","M     ",6.15]
[11474,"FECHADURA AUXILIAR DE EMBUTIR PARA PORTA DE ARMARIO DE MADEIRA, CROMADA, CHAVE TIPO GORGES, CAIXA COM LINGUETA, CHAPA TESTA E CONTRA CHAPA","UN    ",28.4]
[11470,"FECHADURA AUXILIAR DE EMBUTIR PARA PORTA DE ARMARIO, CROMADA, CAIXA COM CILINDRO REDONDO, CHAPA TESTA E LINGUETA","UN    ",18.61]
[11480,"FECHADURA AUXILIAR SEGURANCA, DE EMBUTIR, REFORCADA, MAQUINA DE 40 A 55 MM, COM CILINDRO, CROMADA, PARA PORTA EXTERNA - COMPLETA","CJ    ",46.45]
[38154,"FECHADURA AUXILIAR TRAVA DE SEGURANCA SIMPLES, CROMADA, MAQUINA *40* MM, INCLUI CHAVE TETRA E ROSETA REDONDA - COMPLETA","CJ    ",29.08]
[11482,"FECHADURA BICO DE PAPAGAIO, MAQUINA *45* MM, CROMADA, COM CHAVE TIPO GORGES BIPARTIDA, PARA PORTA DE CORRER INTERNA - COMPLETA","CJ    ",42.19]
[3084,"FECHADURA BICO DE PAPAGAIO, MAQUINA *45* MM, CROMADA, COM CILINDRO, PARA PORTA DE CORRER EXTERNA - COMPLETA","CJ    ",54.25]
[3103,"FECHADURA C/ CILINDRO LATAO CROMADO P/ PORTA VIDRO TP AROUCA 2171-L OU EQUIV","UN    ",48.49]
[11481,"FECHADURA DE EMBUTIR PARA PORTA DE BANHEIRO, CHAVE TIPO TRANQUETA, MAQUINA 40 MM, SEM MACANETA, SEM ESPELHO (SOMENTE MAQUINA) - NIVEL SEGURANCA MEDIO","UN    ",14.63]
[3097,"FECHADURA DE EMBUTIR PARA PORTA DE BANHEIRO, TIPO TRANQUETA, MAQUINA 40 MM, MACANETAS ALAVANCA E ROSETAS REDONDAS EM METAL CROMADO - NIVEL SEGURANCA MEDIO - COMPLETA","CJ    ",30.05]
[38153,"FECHADURA DE EMBUTIR PARA PORTA DE BANHEIRO, TIPO TRANQUETA, MAQUINA 40 MM, MACANETAS ALAVANCA, ESPELHO EM METAL CROMADO - NIVEL SEGURANCA MEDIO - COMPLETA","CJ    ",27.56]
[3099,"FECHADURA DE EMBUTIR PARA PORTA DE BANHEIRO, TIPO TRANQUETA, MAQUINA 55 MM, MACANETAS ALAVANCA E ROSETAS REDONDAS EM METAL CROMADO - NIVEL SEGURANCA MEDIO - COMPLETA","CJ    ",48.06]
[3080,"FECHADURA DE EMBUTIR PARA PORTA EXTERNA / ENTRADA, MAQUINA 40 MM, COM CILINDRO, MACANETA ALAVANCA E ESPELHO EM METAL CROMADO - NIVEL SEGURANCA MEDIO - COMPLETA","CJ    ",40.16]
[3081,"FECHADURA DE EMBUTIR PARA PORTA EXTERNA / ENTRADA, MAQUINA 55 MM, COM CILINDRO, MACANETA ALAVANCA E ESPELHO EM METAL CROMADO - NIVEL SEGURANCA MEDIO - COMPLETA","CJ    ",60.78]
[38151,"FECHADURA DE EMBUTIR PARA PORTA EXTERNA, MAQUINA 40 MM, COM CILINDRO, MACANETA ALAVANCA E ROSETA REDONDA EM METAL CROMADO - NIVEL DE SEGURANCA MEDIO - COMPLETA","CJ    ",38.05]
[11479,"FECHADURA DE EMBUTIR PARA PORTA EXTERNA, MAQUINA 40 MM, SEM MACANETA, SEM ESPELHO (SOMENTE MAQUINA) - NIVEL DE SEGURANCA MEDIO","UN    ",22.12]
[38152,"FECHADURA DE EMBUTIR PARA PORTA EXTERNA, MAQUINA 55 MM, COM CILINDRO, MACANETA ALAVANCA E ROSETA REDONDA EM METAL CROMADO - NIVEL DE SEGURANCA MEDIO - COMPLETA","CJ    ",55.07]
[11478,"FECHADURA DE EMBUTIR PARA PORTA EXTERNA, MAQUINA 55 MM, SEM ESPELHO, SEM MACANETA (SOMENTE MAQUINA) - NIVEL DE SEGURANCA MEDIO","UN    ",38.81]
[3090,"FECHADURA DE EMBUTIR PARA PORTA INTERNA, TIPO GORGES (CHAVE GRANDE), MAQUINA 40 MM, MACANETA ALAVANCA E ESPELHO EM METAL CROMADO - NIVEL SEGURANCA MEDIO - COMPLETA","CJ    ",32.47]
[3093,"FECHADURA DE EMBUTIR PARA PORTA INTERNA, TIPO GORGES (CHAVE GRANDE), MAQUINA 55 MM, MACANETAS ALAVANCA E ROSETAS REDONDAS EM METAL CROMADO - NIVEL SEGURANCA MEDIO - COMPLETA","CJ    ",53.96]
[11476,"FECHADURA DE EMBUTIR PARA PORTA INTERNA, TIPO GORGES, MAQUINA 55 MM (SOMENTE MAQUINA, SEM ESPELHO E SEM MACANETA) - NIVEL DE SEGURANCA MEDIO","UN    ",23.25]
[3082,"FECHADURA DE SOBREPOR EM FERRO PINTADO, COM MACANETA ALAVANCA, CHAVE GRANDE - COMPLETA","CJ    ",37.56]
[11484,"FECHADURA DE SOBREPOR PARA PORTAO, CAIXA *100* MM, COM CILINDRO, CHAVE SIMPLES, TRINCO LATERAL, EM  LATAO OU ACO CROMADO OU POLIDO, COM OU SEM PINTURA - COMPLETA","UN    ",26.79]
[38155,"FECHADURA DE SOBREPOR PARA PORTAO, COM CHAVE TETRA, CAIXA *100* MM, TRINCO LATERAL, EM LATAO OU ACO CROMADO, PINTADO - COMPLETA","UN    ",36.53]
[11468,"FECHADURA DE SOBREPOR, CROMADA, COM CILINDRO REDONDO, PARA ARMARIO E GAVETA DE MADEIRA, COM PORTA DE APROXIMADAMENTE 20 MM","UN    ",8.2]
[11469,"FECHADURA TRADICIONAL DE EMBUTIR, CROMADA, COM CILINDRO, PARA GAVETAS E MOVEIS DE MADEIRA - COM ABINHAS LATERAIS CURVAS, CHAVES COM PROTECAO PLASTICA","UN    ",9.79]
[11477,"FECHADURA TUBULAR CROMADA, MACANETA DIAMETRO *30* MM, CILINDRO CENTRAL COM CHAVE EXTERNA E BOTAO INTERNO, MAQUINA *70* MM - COMPLETA","CJ    ",44.5]
[40311,"FECHADURA TUBULAR, ACABAMENTO CROMADO, DISTANCIA DE BROCA 90 MM, CILINDRO CENTRAL COM CHAVE EXTERNA E BOTAO INTERNO, MACANETA FORMATO TULIPA/TACA/BOLA - COMPLETA","CJ    ",42.98]
[38165,"FECHO / FECHADURA COM PUXADOR CONCHA, COM TRANCA TIPO TRAVA, PARA JANELA / PORTA DE CORRER (INCLUI TESTA, FECHADURA, PUXADOR) - COMPLETA","CJ    ",48.79]
[3096,"FECHO / FECHADURA CONCHA COM ALAVANCA / TRAVA, DE EMBUTIR, PARA PORTA OU JANELA DE CORRER EM LATAO OU ACO INOX - COMPLETO","CJ    ",24.7]
[11456,"FECHO / TRINCO / FERROLHO FIO REDONDO, DE SOBREPOR, 12\", EM ACO GALVANIZADO / ZINCADO","UN    ",10.81]
[3119,"FECHO / TRINCO / FERROLHO FIO REDONDO, DE SOBREPOR, 2\", EM ACO GALVANIZADO / ZINCADO","UN    ",1.6]
[3122,"FECHO / TRINCO / FERROLHO FIO REDONDO, DE SOBREPOR, 4\", EM ACO GALVANIZADO / ZINCADO","UN    ",2.26]
[3121,"FECHO / TRINCO / FERROLHO FIO REDONDO, DE SOBREPOR, 5\", EM ACO GALVANIZADO / ZINCADO","UN    ",3.5]
[3120,"FECHO / TRINCO / FERROLHO FIO REDONDO, DE SOBREPOR, 6\", EM ACO GALVANIZADO / ZINCADO","UN    ",5.52]
[11455,"FECHO / TRINCO / FERROLHO FIO REDONDO, DE SOBREPOR, 8\", EM ACO GALVANIZADO / ZINCADO","UN    ",7.74]
[3111,"FECHO DE EMBUTIR, TIPO UNHA, COMANDO COM ALAVANCA, EM ACO CROMADO, 22 CM, PARA PORTAS E JANELAS - INCLUI PARAFUSOS","UN    ",18.54]
[3108,"FECHO DE EMBUTIR, TIPO UNHA, COMANDO COM ALAVANCA, EM LATAO CROMADO, 22 CM, PARA PORTAS E JANELAS - INCLUI PARAFUSOS","UN    ",19.46]
[3105,"FECHO DE EMBUTIR, TIPO UNHA, COMANDO COM ALAVANCA, EM LATAO CROMADO, 40 CM, PARA PORTAS E JANELAS - INCLUI PARAFUSOS","UN    ",30.23]
[38178,"FECHO DE EMBUTIR, TIPO UNHA, COMANDO DESLIZANTE, COM TRAVA, 120 MM, EM LATAO CROMADO","UN    ",19.76]
[11458,"FECHO DE SEGURANCA, TIPO BATOM, EM LATAO / ZAMAC, CROMADO, PARA PORTAS E JANELAS - INCLUI PARAFUSOS","UN    ",17.31]
[42481,"FELTRO EM LA DE ROCHA, 1 FACE REVESTIDA COM PAPEL ALUMINIZADO, EM ROLO, DENSIDADE = 32 KG/M3, E=*50* MM (COLETADO CAIXA)","M2    ",24.73]
[11461,"FERROLHO / FECHO CHATO, DE SOBREPOR, EM FERRO ZINCADO, REFORCADO, 5\", COM PORTA CADEADO, PARA PORTAO, PORTA E JANELA - INCLUI PARAFUSOS","UN    ",4.39]
[3106,"FERROLHO / FECHO CHATO, DE SOBREPOR, EM FERRO ZINCADO, REFORCADO, 6\", COM PORTA CADEADO, PARA PORTAO, PORTA E JANELA - INCLUI PARAFUSOS","UN    ",3.34]
[3107,"FERROLHO / FECHO CHATO, EM FERRO ZINCADO, LEVE, 3\", COM PORTA CADEADO, PARA PORTAO, PORTA E JANELA - INCLUI PARAFUSOS","UN    ",2.81]
[25951,"FERTILIZANTE NPK - 10:10:10","KG    ",1.87]
[3123,"FERTILIZANTE NPK - 4: 14: 8","KG    ",1.75]
[38125,"FERTILIZANTE ORGANICO COMPOSTO, CLASSE A","KG    ",0.71]
[39014,"FIBRA DE ACO PARA REFORCO DO CONCRETO, SOLTA, TIPO A-I, FATOR DE FORMA *50* L / D, COMPRIMENTO DE *30* MM E RESISTENCIA A TRACAO DO ACO MAIOR 1000 MPA","KG    ",12.33]
[11894,"FILTRO ANAEROBIO CILINDRICO CONCRETO PRE MOLDADO 1,20 X 1,50 (DIAMETROXALTURA) PARA 4 A 5 CONTRIBUINTES (NBR 13969)","UN    ",455.13]
[39365,"FILTRO ANAEROBIO, EM POLIETILENO DE ALTA DENSIDADE (PEAD), CAPACIDADE *1100* LITROS (NBR 13969)","UN    ",932.86]
[39366,"FILTRO ANAEROBIO, EM POLIETILENO DE ALTA DENSIDADE (PEAD), CAPACIDADE *2800* LITROS (NBR 13969)","UN    ",{"v":2388.53,"d":"2,388.53"}]
[39367,"FILTRO ANAEROBIO, EM POLIETILENO DE ALTA DENSIDADE (PEAD), CAPACIDADE *5000* LITROS (NBR 13969)","UN    ",{"v":3264.69,"d":"3,264.69"}]
[37394,"FINCAPINO CURTO CALIBRE 22 VERMELHO, CARGA MEDIA (ACAO DIRETA)","CENTO ",40.79]
[14146,"FINCAPINO LONGO CALIBRE 22, CARGA FORTE (ACAO DIRETA)","CENTO ",65.6]
[38134,"FIO COBRE NU DE 150 A 500 MM2, PARA TENSOES DE ATE 600 V","KG    ",51.66]
[38132,"FIO COBRE NU DE 16 A 35 MM2, PARA TENSOES DE ATE 600 V","KG    ",52.69]
[38133,"FIO COBRE NU DE 50 A 120 MM2, PARA TENSOES DE ATE 600 V","KG    ",50.97]
[938,"FIO DE COBRE, SOLIDO, CLASSE 1, ISOLACAO EM PVC/A, ANTICHAMA BWF-B, 450/750V, SECAO NOMINAL 1,5 MM2","M     ",0.85]
[937,"FIO DE COBRE, SOLIDO, CLASSE 1, ISOLACAO EM PVC/A, ANTICHAMA BWF-B, 450/750V, SECAO NOMINAL 10 MM2","M     ",5.29]
[939,"FIO DE COBRE, SOLIDO, CLASSE 1, ISOLACAO EM PVC/A, ANTICHAMA BWF-B, 450/750V, SECAO NOMINAL 2,5 MM2","M     ",1.37]
[944,"FIO DE COBRE, SOLIDO, CLASSE 1, ISOLACAO EM PVC/A, ANTICHAMA BWF-B, 450/750V, SECAO NOMINAL 4 MM2","M     ",2.34]
[940,"FIO DE COBRE, SOLIDO, CLASSE 1, ISOLACAO EM PVC/A, ANTICHAMA BWF-B, 450/750V, SECAO NOMINAL 6 MM2","M     ",3.24]
[936,"FIO TELEFONICO EXTERNO (FE) EM ACO COBREADO, ISOLACAO EM PEAD OU PVC ANTI-CHAMA, 2 CONDUTORES","M     ",0.85]
[935,"FIO TELEFONICO INTERNO (FI) EM COBRE ESTANHADO, ISOLACAO EM PVC ANTICHAMA, 2 CONDUTORES DE 0,6 MM (NBR 9115:2005)","M     ",0.65]
[406,"FITA ACO INOX PARA CINTAR POSTE, L = 19 MM, E = 0,5 MM (ROLO DE 30M)","UN    ",46.46]
[42529,"FITA ADESIVA ALUMINIZADA, PARA INSTALACAO DE MANTAS DE SUBCOBERTURA,  L = *5* CM","M     ",0.84]
[39634,"FITA ADESIVA ANTICORROSIVA DE PVC FLEXIVEL, COR PRETA, PARA PROTECAO TUBULACAO, 50 MM X 30 M (L X C), E= *0,25* MM","M     ",5.61]
[39701,"FITA ADESIVA ASFALTICA ALUMINIZADA MULTIUSO, L = 10 CM, ROLO DE 10 M","UN    ",67.06]
[12815,"FITA CREPE ROLO DE 25 MM X 50 M","UN    ",6.09]
[407,"FITA DE ALUMINIO PARA PROTECAO DO CONDUTOR LARGURA 10 MM","KG    ",28.86]
[39431,"FITA DE PAPEL MICROPERFURADO, 50 X 150 MM, PARA TRATAMENTO DE JUNTAS DE CHAPA DE GESSO PARA DRYWALL","M     ",0.22]
[39432,"FITA DE PAPEL REFORCADA COM LAMINA DE METAL PARA REFORCO DE CANTOS DE CHAPA DE GESSO PARA DRYWALL","M     ",2.89]
[20111,"FITA ISOLANTE ADESIVA ANTICHAMA, USO ATE 750 V, EM ROLO DE 19 MM X 20 M","UN    ",8.23]
[21127,"FITA ISOLANTE ADESIVA ANTICHAMA, USO ATE 750 V, EM ROLO DE 19 MM X 5 M","UN    ",3.11]
[404,"FITA ISOLANTE DE BORRACHA AUTOFUSAO, USO ATE 69 KV (ALTA TENSAO)","M     ",1.12]
[14151,"FITA METALICA GRAVADA, L = 17 MM, ROLO DE 25 M, CARGA RECOMENDADA = *120* KGF","UN    ",47.15]
[14153,"FITA METALICA PERFURADA, L = *18* MM, ROLO DE 30 M, CARGA RECOMENDADA = *30* KGF","UN    ",53.3]
[14152,"FITA METALICA PERFURADA, L = 17 MM, ROLO DE 30 M, CARGA RECOMENDADA = *19* KGF","UN    ",40.91]
[14154,"FITA METALICA PERFURADA, L = 25 MM, ROLO DE 30 M, CARGA RECOMENDADA = *222,5* KGF","UN    ",143.21]
[42015,"FITA PLASTICA ZEBRADA PARA DEMARCACAO DE AREAS, LARGURA = 7 CM, SEM ADESIVO (COLETADO CAIXA)","M     ",0.09]
[3146,"FITA VEDA ROSCA EM ROLOS DE 18 MM X 10 M (L X C)","UN    ",2.88]
[3143,"FITA VEDA ROSCA EM ROLOS DE 18 MM X 25 M (L X C)","UN    ",6.55]
[3148,"FITA VEDA ROSCA EM ROLOS DE 18 MM X 50 M (L X C)","UN    ",10.62]
[4310,"FIXADOR DE ABA AUTOTRAVANTE PARA TELHA DE FIBROCIMENTO, TIPO CANALETE 90 OU KALHETAO","UN    ",1.46]
[4311,"FIXADOR DE ABA SIMPLES PARA TELHA DE FIBROCIMENTO, TIPO CANALETA 49 OU KALHETA","UN    ",1.03]
[4312,"FIXADOR DE ABA SIMPLES PARA TELHA DE FIBROCIMENTO, TIPO CANALETA 90 OU KALHETAO","UN    ",1.44]
[11162,"FIXADOR DE CAL (SACHE 150 ML)","UN    ",1.1]
[13261,"FLANELA *30 X 40* CM","UN    ",1.54]
[3255,"FLANGE PVC, ROSCAVEL SEXTAVADO SEM FUROS 3/4\"","UN    ",4.71]
[3254,"FLANGE PVC, ROSCAVEL, SEXTAVADO, SEM FUROS 3\"","UN    ",84.1]
[3259,"FLANGE PVC, ROSCAVEL, SEXTAVADO, SEM FUROS, 1 1/2\"","UN    ",8.77]
[3258,"FLANGE PVC, ROSCAVEL, SEXTAVADO, SEM FUROS, 1 1/4\"","UN    ",6.66]
[3251,"FLANGE PVC, ROSCAVEL, SEXTAVADO, SEM FUROS, 1/2\"","UN    ",3.55]
[3256,"FLANGE PVC, ROSCAVEL, SEXTAVADO, SEM FUROS, 1\"","UN    ",6.09]
[3261,"FLANGE PVC, ROSCAVEL, SEXTAVADO, SEM FUROS, 2 1/2\"","UN    ",72.61]
[3260,"FLANGE PVC, ROSCAVEL, SEXTAVADO, SEM FUROS, 2\"","UN    ",11.72]
[3272,"FLANGE SEXTAVADO DE FERRO GALVANIZADO, COM ROSCA BSP, DE 1 1/2\"","UN    ",25.94]
[3265,"FLANGE SEXTAVADO DE FERRO GALVANIZADO, COM ROSCA BSP, DE 1 1/4\"","UN    ",20.61]
[3262,"FLANGE SEXTAVADO DE FERRO GALVANIZADO, COM ROSCA BSP, DE 1/2\"","UN    ",9.02]
[3264,"FLANGE SEXTAVADO DE FERRO GALVANIZADO, COM ROSCA BSP, DE 1\"","UN    ",14.82]
[3267,"FLANGE SEXTAVADO DE FERRO GALVANIZADO, COM ROSCA BSP, DE 2 1/2\"","UN    ",48.41]
[3266,"FLANGE SEXTAVADO DE FERRO GALVANIZADO, COM ROSCA BSP, DE 2\"","UN    ",30.8]
[3263,"FLANGE SEXTAVADO DE FERRO GALVANIZADO, COM ROSCA BSP, DE 3/4\"","UN    ",12.32]
[3268,"FLANGE SEXTAVADO DE FERRO GALVANIZADO, COM ROSCA BSP, DE 3\"","UN    ",65.45]
[3271,"FLANGE SEXTAVADO DE FERRO GALVANIZADO, COM ROSCA BSP, DE 4\"","UN    ",96.76]
[3270,"FLANGE SEXTAVADO DE FERRO GALVANIZADO, COM ROSCA BSP, DE 6\"","UN    ",162.57]
[3275,"FORRO COMPOSTO POR PAINEIS DE LA DE VIDRO, REVESTIDOS EM PVC MICROPERFURADO, DE *1250 X 625* MM, ESPESSURA 15 MM (COM COLOCACAO)","M2    ",75.74]
[39512,"FORRO DE FIBRA MINERAL EM PLACAS DE 1250 X 625 MM, E = 15 MM, BORDA RETA, COM PINTURA ANTIMOFO, APOIADO EM PERFIL DE ACO GALVANIZADO COM 24 MM DE BASE - INSTALADO","M2    ",77.7]
[39511,"FORRO DE FIBRA MINERAL EM PLACAS DE 625 X 625 MM, E = 15 MM, BORDA RETA, COM PINTURA ANTIMOFO, APOIADO EM PERFIL DE ACO GALVANIZADO COM 24 MM DE BASE - INSTALADO","M2    ",84.75]
[39513,"FORRO DE FIBRA MINERAL EM PLACAS DE 625 X 625 MM, E = 15/16 MM, BORDA REBAIXADA, COM PINTURA ANTIMOFO, APOIADO EM PERFIL DE ACO GALVANIZADO COM 24 MM DE BASE - INSTALADO","M2    ",90.91]
[3286,"FORRO DE MADEIRA CEDRINHO OU EQUIVALENTE DA REGIAO, ENCAIXE MACHO/FEMEA COM FRISO, *10 X 1* CM (SEM COLOCACAO)","M2    ",53.33]
[3287,"FORRO DE MADEIRA CUMARU/IPE CHAMPANHE OU EQUIVALENTE DA REGIAO, ENCAIXE MACHO/FEMEA COM FRISO, *10 X 1* CM (SEM COLOCACAO)","M2    ",80.6]
[3283,"FORRO DE MADEIRA PINUS OU EQUIVALENTE DA REGIAO, ENCAIXE MACHO/FEMEA COM FRISO, *10 X 1* CM (SEM COLOCACAO)","M2    ",16.93]
[11587,"FORRO DE PVC LISO, BRANCO, REGUA DE 10 CM, ESPESSURA DE 8 MM A 10 MM (COM COLOCACAO / SEM ESTRUTURA METALICA)","M2    ",51.93]
[36225,"FORRO DE PVC LISO, BRANCO, REGUA DE 20 CM, ESPESSURA DE 8 MM A 10 MM, COMPRIMENTO 6 M (SEM COLOCACAO)","M2    ",21.09]
[36230,"FORRO DE PVC, FRISADO, BRANCO, REGUA DE 10 CM, ESPESSURA DE 8 MM A 10 MM E COMPRIMENTO 6 M (SEM COLOCACAO)","M2    ",15.5]
[36238,"FORRO DE PVC, FRISADO, BRANCO, REGUA DE 20 CM, ESPESSURA DE 8 MM A 10 MM E COMPRIMENTO 6 M (SEM COLOCACAO)","M2    ",15.14]
[11887,"FOSSA SEPTICA CILINDRICA TIPO \"IMHOFF\", COM TAMPA, PARA 50 CONTRIBUINTES","UN    ",{"v":2144.03,"d":"2,144.03"}]
[11883,"FOSSA SEPTICA CILINDRICA, TIPO \"IMHOFF\", COM TAMPA, PARA 100 CONTRIBUINTES","UN    ",{"v":3152.11,"d":"3,152.11"}]
[11884,"FOSSA SEPTICA CILINDRICA, TIPO \"IMHOFF\", COM TAMPA, PARA 150 CONTRIBUINTES","UN    ",{"v":3381.93,"d":"3,381.93"}]
[11885,"FOSSA SEPTICA CILINDRICA, TIPO \"IMHOFF\", COM TAMPA, PARA 200 CONTRIBUINTES","UN    ",{"v":3772,"d":"3,772.00"}]
[11886,"FOSSA SEPTICA CILINDRICA, TIPO \"IMHOFF\", COM TAMPA, PARA 30 CONTRIBUINTES","UN    ",{"v":1215.7,"d":"1,215.70"}]
[11888,"FOSSA SEPTICA CILINDRICA, TIPO \"IMHOFF\", COM TAMPA, PARA 75 CONTRIBUINTES","UN    ",{"v":2854.95,"d":"2,854.95"}]
[3277,"FOSSA SEPTICA CONCRETO PRE MOLDADO PARA 10 CONTRIBUINTES - *90 X 90* CM","UN    ",481.46]
[3281,"FOSSA SEPTICA CONCRETO PRE MOLDADO PARA 5 CONTRIBUINTES *90 X 70* CM","UN    ",398.71]
[39363,"FOSSA SEPTICA, SEM FILTRO, PARA 15 A 30 CONTRIBUINTES, CILINDRICA, COM TAMPA, EM POLIETILENO DE ALTA DENSIDADE (PEAD), CAPACIDADE APROXIMADA DE 5500 LITROS (NBR 7229)","UN    ",{"v":3799.94,"d":"3,799.94"}]
[39361,"FOSSA SEPTICA, SEM FILTRO, PARA 4 A 7 CONTRIBUINTES, CILINDRICA,  COM TAMPA, EM POLIETILENO DE ALTA DENSIDADE (PEAD), CAPACIDADE APROXIMADA DE 1100 LITROS (NBR 7229)","UN    ",977.12]
[39362,"FOSSA SEPTICA, SEM FILTRO, PARA 8 A 14 CONTRIBUINTES, CILINDRICA, COM TAMPA, EM POLIETILENO DE ALTA DENSIDADE (PEAD), CAPACIDADE APROXIMADA DE 3000 LITROS (NBR 7229)","UN    ",{"v":3006.87,"d":"3,006.87"}]
[39364,"FOSSA SEPTICA,SEM FILTRO, PARA 40 A 52 CONTRIBUINTES, CILINDRICA, COM TAMPA, EM POLIETILENO DE ALTA DENSIDADE (PEAD), CAPACIDADE APROXIMADA DE 10000 LITROS (NBR 7229)","UN    ",{"v":8685.58,"d":"8,685.58"}]
[14576,"FRESADORA DE ASFALTO A FRIO SOBRE ESTEIRAS, LARG. FRESAGEM 2,00 M, POT. 410 KW/550 HP","UN    ",{"v":3628266.07,"d":"3,628,266.07"}]
[13877,"FRESADORA DE ASFALTO A FRIO SOBRE RODAS, LARG. FRESAGEM 1,00 M, POT. 155 KW/208 HP","UN    ",{"v":1553206.59,"d":"1,553,206.59"}]
[7307,"FUNDO ANTICORROSIVO PARA METAIS FERROSOS (ZARCAO)","L     ",24.94]
[38122,"FUNDO PREPARADOR ACRILICO BASE AGUA","L     ",8.54]
[6086,"FUNDO SINTETICO NIVELADOR BRANCO FOSCO PARA MADEIRA","GL    ",59.3]
[38633,"FURO PARA TORNEIRA OU OUTROS ACESSORIOS  EM BANCADA DE MARMORE/ GRANITO OU OUTRO TIPO DE PEDRA NATURAL","UN    ",15.45]
[12344,"FUSIVEL DIAZED 20 A TAMANHO DII, CAPACIDADE DE INTERRUPCAO DE 50 KA EM VCA E 8 KA EM VCC, TENSAO NOMIMNAL DE 500 V","UN    ",2.35]
[12343,"FUSIVEL DIAZED 35 A TAMANHO DIII, CAPACIDADE DE INTERRUPCAO DE 50 KA EM VCA E 8 KA EM VCC, TENSAO NOMIMNAL DE 500 V","UN    ",3.64]
[3295,"FUSIVEL NH *36* A 80 AMPERES, TAMANHO 00, CAPACIDADE DE INTERRUPCAO DE 120 KA, TENSAO NOMIMNAL DE 500 V","UN    ",12.72]
[3302,"FUSIVEL NH 100 A TAMANHO 00, CAPACIDADE DE INTERRUPCAO DE 120 KA, TENSAO NOMIMNAL DE 500 V","UN    ",13.3]
[3297,"FUSIVEL NH 125 A TAMANHO 00, CAPACIDADE DE INTERRUPCAO DE 120 KA, TENSAO NOMIMNAL DE 500 V","UN    ",14.19]
[3294,"FUSIVEL NH 160 A TAMANHO 00, CAPACIDADE DE INTERRUPCAO DE 120 KA, TENSAO NOMIMNAL DE 500 V","UN    ",14.41]
[3292,"FUSIVEL NH 20 A TAMANHO 000, CAPACIDADE DE INTERRUPCAO DE 120 KA, TENSAO NOMIMNAL DE 500 V","UN    ",13.54]
[3298,"FUSIVEL NH 200 A 250 AMPERES, TAMANHO 1, CAPACIDADE DE INTERRUPCAO DE 120 KA, TENSAO NOMIMNAL DE 500 V","UN    ",31.73]
[11596,"GABIAO  TIPO CAIXA, MALHA HEXAGONAL 8 X 10 CM (ZN/AL), FIO 2,7 MM, DIMENSOES 2,0 X 1,0 X 0,5 M (C X L X A)","UN    ",380]
[34802,"GABIAO MANTA (COLCHAO) MALHA HEXAGONAL 6 X 8 CM (ZN/AL + PVC), DIMENSOES 4,0 X 2,0 X 0,17 M (C X L X A) FIO 2 MM","UN    ",{"v":1043.6,"d":"1,043.60"}]
[11588,"GABIAO MANTA (COLCHAO) MALHA HEXAGONAL 6 X 8 CM (ZN/AL + PVC), FIO 2 MM, REVESTIDO COM PVC, DIMENSOES 4,0 X 2,0 X 0,23 M (C X L X A)","UN    ",{"v":1125.88,"d":"1,125.88"}]
[34383,"GABIAO MANTA (COLCHAO) MALHA HEXAGONAL 6 X 8 CM (ZN/AL + PVC), FIO 2 MM, REVESTIDO COM PVC, DIMENSOES 4,0 X 2,0 X 0,3 M (C X L X A)","UN    ",{"v":1238.54,"d":"1,238.54"}]
[40451,"GABIAO MANTA (COLCHAO) MALHA HEXAGONAL 6 X 8 CM (ZN/AL + PVC), FIO 2,0 MM, DIMENSOES 5,0 X 2,0 X 0,17 M (C X L X A)","M2    ",100.12]
[40453,"GABIAO MANTA (COLCHAO) MALHA HEXAGONAL 6 X 8 CM (ZN/AL + PVC), FIO 2,0 MM, DIMENSOES 5,0 X 2,0 X 0,23 M (C X L X A)","M2    ",108.32]
[40452,"GABIAO MANTA (COLCHAO) MALHA HEXAGONAL 6 X 8 CM (ZN/AL + PVC), FIO 2,0 MM, DIMENSOES 5,0 X 2,0 X 0,30 M (C X L X A)","M2    ",118.82]
[11594,"GABIAO SACO MALHA HEXAGONAL 8 X 10 CM (ZN/AL + PVC),  FIO 2,4 MM, DIMENSOES 3,0 X 0,65 M","UN    ",358.85]
[3311,"GABIAO SACO MALHA HEXAGONAL 8 X 10 CM (ZN/AL + PVC), FIO 2,4 MM, H = 0,65 M","M3    ",358.85]
[11599,"GABIAO SACO MALHA HEXAGONAL 8 X 10 CM (ZN/AL), FIO 2,7 MM, DIMENSOES 4,0 X 0,65 M","UN    ",477.23]
[11593,"GABIAO TIPO CAIXA MALHA HEXAGONAL 8 X 10 CM (ZN/AL + PVC),  FIO 2,4 MM, DIMENSOES 2,0 X 1,0 X 1,0 M (C X L X A)","UN    ",669.04]
[3314,"GABIAO TIPO CAIXA MALHA HEXAGONAL 8 X 10 CM (ZN/AL + PVC),  FIO 2,4 MM, H = 0,50 M","M3    ",478.5]
[11597,"GABIAO TIPO CAIXA MALHA HEXAGONAL 8 X 10 CM (ZN/AL), FIO 2,7 MM, DIMENSOES 2,0 X 1,0 X 1,0 M (C X L X A)","UN    ",556.44]
[3309,"GABIAO TIPO CAIXA MALHA HEXAGONAL 8 X 10 CM (ZN/AL), FIO 2,7 MM, H = 0,50 M","M3    ",380]
[34612,"GABIAO TIPO CAIXA PARA SOLO REFORCADO, MALHA HEXAGONAL DE DUPLA TORCAO 8 X 10 CM (ZN/ AL + PVC), FIO 2,7 MM, DIMENSOES 2,0 X 1,0 X 0,5 M, COM CAUDA DE 3,0 M","UN    ",688.22]
[34635,"GABIAO TIPO CAIXA PARA SOLO REFORCADO, MALHA HEXAGONAL DE DUPLA TORCAO 8 X 10 CM (ZN/ AL + PVC), FIO 2,7 MM, DIMENSOES 2,0 X 1,0 X 1,0 M, COM CAUDA DE 3,0 M","UN    ",885.02]
[34633,"GABIAO TIPO CAIXA PARA SOLO REFORCADO, MALHA HEXAGONAL DE DUPLA TORCAO 8 X 10 CM (ZN/ AL + PVC), FIO 2,7 MM, DIMENSOES 2,0 X 1,0 X 1,0 M, COM CAUDA DE 4,0 M","UN    ",975.52]
[40440,"GABIAO TIPO CAIXA PARA SOLO REFORCADO, MALHA HEXAGONAL 8 X 10 CM (ZN/ AL + PVC), FIO 2,7 MM, DIMENSOES 2,0 X 1,0 X 0,5 M, COM CAUDA DE 4,0 M","M3    ",498.41]
[40441,"GABIAO TIPO CAIXA PARA SOLO REFORCADO, MALHA HEXAGONAL 8 X 10 CM (ZN/ AL + PVC), FIO 2,7 MM, DIMENSOES 2,0 X 1,0 X 1,0 M, COM CAUDA DE 4,0 M","M3    ",318.2]
[40449,"GABIAO TIPO CAIXA TRAPEZOIDAL, MALHA HEXAGONAL 10 X 12 CM (ZN/AL + PVC) FIO 2,7 MM, FACE COM 65 GRAUS, DIMENSOES 2,0 X 1,5 X 1,0 M (C X L X A)","M3    ",267.51]
[34800,"GABIAO TIPO CAIXA, MALHA HEXAGONAL 8 X 10 CM (ZN/AL + PVC), FIO DE 2,4 MM, DIMENSOES 2,0 x 1,0 x 1,0 M (C X L X A)","M3    ",334.52]
[11592,"GABIAO TIPO CAIXA, MALHA HEXAGONAL 8 X 10 CM (ZN/AL + PVC), FIO 2,4 MM, DIMENSOES 2,0 X 1,0 X 0,5 M (C X L X A)","UN    ",478.5]
[40438,"GABIAO TIPO CAIXA, MALHA HEXAGONAL 8 X 10 CM (ZN/AL), FIO DE 2,7 MM, DIMENSOES 2,0 X 1,0 X 1,0 M (C X L X A)","M3    ",222.86]
[40436,"GABIAO TIPO CAIXA, MALHA HEXAGONAL 8 X 10 CM (ZN/AL), FIO DE 2,7 MM, DIMENSOES 5,0 X 1,0 X 1,0 M (C X L X A)","M3    ",277.89]
[4315,"GANCHO CHATO EM FERRO GALVANIZADO,  L = 110 MM, RECOBRIMENTO = 100MM, SECAO 1/8 X 1/2\" (3 MM X 12 MM), PARA FIXAR TELHA DE FIBROCIMENTO ONDULADA","UN    ",1.06]
[42482,"GANCHO L COM ROSCA, PARA FIXAR TELHA EM MADEIRA, 1/4\" X 350 MM (COLETADO CAIXA)","UN    ",1.41]
[402,"GANCHO OLHAL EM ACO GALVANIZADO, ESPESSURA 16MM, ABERTURA 21MM","UN    ",8.8]
[4226,"GAS DE COZINHA - GLP","KG    ",5.18]
[4222,"GASOLINA COMUM","L     ",4.7]
[34804,"GEOGRELHA TECIDA COM FILAMENTOS DE POLIESTER + PVC, RESISTENCIA LONGITUDINAL: 90 KN/M, RESISTENCIA TRANSVERSAL: 30 KN/M, ALONGAMENTO = 12 POR CENTO","M2    ",40.39]
[4013,"GEOTEXTIL NAO TECIDO AGULHADO DE FILAMENTOS CONTINUOS 100% POLIESTER, RESITENCIA A TRACAO = 09 KN/M","M2    ",4.73]
[4011,"GEOTEXTIL NAO TECIDO AGULHADO DE FILAMENTOS CONTINUOS 100% POLIESTER, RESITENCIA A TRACAO = 10 KN/M","M2    ",5.28]
[4021,"GEOTEXTIL NAO TECIDO AGULHADO DE FILAMENTOS CONTINUOS 100% POLIESTER, RESITENCIA A TRACAO = 14 KN/M","M2    ",6.59]
[4019,"GEOTEXTIL NAO TECIDO AGULHADO DE FILAMENTOS CONTINUOS 100% POLIESTER, RESITENCIA A TRACAO = 16 KN/M","M2    ",7.91]
[4012,"GEOTEXTIL NAO TECIDO AGULHADO DE FILAMENTOS CONTINUOS 100% POLIESTER, RESITENCIA A TRACAO = 21 KN/M","M2    ",10.6]
[4020,"GEOTEXTIL NAO TECIDO AGULHADO DE FILAMENTOS CONTINUOS 100% POLIESTER, RESITENCIA A TRACAO = 26 KN/M","M2    ",13.27]
[4018,"GEOTEXTIL NAO TECIDO AGULHADO DE FILAMENTOS CONTINUOS 100% POLIESTER, RESITENCIA A TRACAO = 31 KN/M","M2    ",15.9]
[36498,"GERADOR PORTATIL MONOFASICO, POTENCIA 5500 VA, MOTOR A GASOLINA, POTENCIA DO MOTOR 13 CV","UN    ",{"v":4048.9,"d":"4,048.90"}]
[12872,"GESSEIRO","H     ",11.84]
[41075,"GESSEIRO (MENSALISTA)","MES   ",{"v":2086.21,"d":"2,086.21"}]
[3315,"GESSO EM PO PARA REVESTIMENTOS/MOLDURAS/SANCAS","KG    ",0.56]
[36870,"GESSO PROJETADO","KG    ",0.56]
[5092,"GONZO DE EMBUTIR, EM LATAO / ZAMAC, *20 X 48* MM, PARA JANELA BASCULANTE / PIVOTANTE -  INCLUI PARAFUSOS","PAR   ",12.41]
[11462,"GONZO DE SOBREPOR, EM LATAO / ZAMAC, PARA JANELA PIVOTANTE - INCLUI PARAFUSOS","PAR   ",12.69]
[36529,"GRADE DE DISCOS COM CONTROLE REMOTO, REBOCAVEL, COM 24 DISCOS 24\" X 6 MM, COM PNEUS PARA TRANSPORTE","UN    ",{"v":30165.81,"d":"30,165.81"}]
[3318,"GRADE DE DISCOS MECANICA 20X24\" COM 20 DISCOS 24\" X 6MM  COM PNEUS PARA TRANSPORTE","UN    ",{"v":23650,"d":"23,650.00"}]
[38968,"GRADIL *1320 X 2170* MM (A X L) EM BARRA DE ACO CHATA *25 MM X 2* MM, ENTRELACADA COM BARRA ACO REDONDA *5* MM, MALHA *65 X 132* MM, GALVANIZADO E PINTURA ELETROSTATICA, COR PRETO","M2    ",218.31]
[3324,"GRAMA BATATAIS EM PLACAS, SEM PLANTIO","M2    ",8.57]
[3322,"GRAMA ESMERALDA OU SAO CARLOS OU CURITIBANA, EM PLACAS, SEM PLANTIO","M2    ",12]
[5076,"GRAMPO DE ACO POLIDO 1 \" X 9","KG    ",9.25]
[5077,"GRAMPO DE ACO POLIDO 7/8 \" X 9","KG    ",10.22]
[11837,"GRAMPO LINHA VIVA DE LATAO ESTANHADO, DIAMETRO DO CONDUTOR PRINCIPAL DE 10 A 120 MM2, DIAMETRO DA DERIVACAO DE 10 A 70 MM2","UN    ",33.67]
[38055,"GRAMPO METALICO TIPO OLHAL PARA HASTE DE ATERRAMENTO DE 1/2'', CONDUTOR DE *10* A 50 MM2","UN    ",3.05]
[415,"GRAMPO METALICO TIPO OLHAL PARA HASTE DE ATERRAMENTO DE 1'', CONDUTOR DE *10* A 50 MM2","UN    ",13.8]
[416,"GRAMPO METALICO TIPO OLHAL PARA HASTE DE ATERRAMENTO DE 3/4'', CONDUTOR DE *10* A 50 MM2","UN    ",5.05]
[425,"GRAMPO METALICO TIPO OLHAL PARA HASTE DE ATERRAMENTO DE 5/8'', CONDUTOR DE *10* A 50 MM2","UN    ",3.13]
[426,"GRAMPO METALICO TIPO U PARA HASTE DE ATERRAMENTO DE ATE 3/4'', CONDUTOR DE 10 A 25 MM2","UN    ",17.25]
[38056,"GRAMPO METALICO TIPO U PARA HASTE DE ATERRAMENTO DE ATE 5/8'', CONDUTOR DE 10 A 25 MM2","UN    ",16.85]
[1564,"GRAMPO PARALELO METALICO PARA CABO DE 6 A 50 MM2, COM 2 PARAFUSOS","UN    ",6.43]
[11032,"GRAMPO U DE 5/8 \" N8 EM FERRO GALVANIZADO","UN    ",5.98]
[36786,"GRANALHA DE ACO, ANGULAR (GRIT), PARA JATEAMENTO, PENEIRA 0,117 A 1,00 MM, (SAE G-40 A G-80)","SC25KG",107.85]
[36785,"GRANALHA DE ACO, ANGULAR (GRIT), PARA JATEAMENTO, PENEIRA 1,41 A 1,19 MM (SAE G16)","SC25KG",93.71]
[36782,"GRANALHA DE ACO, ESFERICA (SHOT), PARA JATEAMENTO, PENEIRA 0,40 A 1,00 MM (SAE S-170 A S-280)","SC25KG",111.86]
[25930,"GRANALHA DE ACO, ESFERICA (SHOT), PARA JATEAMENTO, PENEIRA 1,19 A 1,00 MM (SAE S390)","SC25KG",126]
[4824,"GRANILHA/ GRANA/ PEDRISCO OU AGREGADO EM MARMORE/ GRANITO/ QUARTZO E CALCARIO, PRETO, CINZA, PALHA OU BRANCO","KG    ",0.41]
[11795,"GRANITO PARA BANCADA, POLIDO, TIPO ANDORINHA/ QUARTZ/ CASTELO/ CORUMBA OU OUTROS EQUIVALENTES DA REGIAO, E=  *2,5* CM","M2    ",437.73]
[134,"GRAUTE CIMENTICIO PARA USO GERAL","KG    ",1.58]
[4229,"GRAXA LUBRIFICANTE","KG    ",28.62]
[37402,"GRELHA DE CONCRETO DE PRE-MOLDADA *15 X 75 X 52* CM (A X C X L)","UN    ",42.76]
[11244,"GRELHA FOFO ARTICULADA, CARGA MAXIMA 1,5 T, *300 X 1000* MM, E= *15* MM","UN    ",168.22]
[11245,"GRELHA FOFO SIMPLES COM REQUADRO, CARGA MAXIMA  12,5 T, *300 X 1000* MM, E= *15* MM, AREA ESTACIONAMENTO CARRO PASSEIO","UN    ",232.67]
[11235,"GRELHA FOFO SIMPLES COM REQUADRO, CARGA MAXIMA 1,5 T, 150 X 1000 MM, E= *15* MM","UN    ",128.37]
[11236,"GRELHA FOFO SIMPLES COM REQUADRO, CARGA MAXIMA 1,5 T, 200 X 1000 MM, E= *15* MM","UN    ",163.13]
[11731,"GRELHA PVC BRANCA QUADRADA, 150 X 150 MM","UN    ",3.96]
[11732,"GRELHA PVC CROMADA REDONDA, 150 MM","UN    ",20.11]
[36494,"GRUA ASCENCIONAL, LANCA DE 30 M, CAPACIDADE DE 1,0 T A 30 M, ALTURA ATE 39 M","UN    ",{"v":395502.34,"d":"395,502.34"}]
[36493,"GRUA ASCENCIONAL, LANCA DE 42 M, CAPACIDADE DE 1,5 T A 30 M, ALTURA ATE 39 M","UN    ",{"v":448088.08,"d":"448,088.08"}]
[36492,"GRUA ASCENCIONAL, LANCA DE 50 M, CAPACIDADE DE 2,33 T A 30 M, ALTURA ATE 48 M","UN    ",{"v":832377.73,"d":"832,377.73"}]
[13333,"GRUPO DE SOLDAGEM C/ GERADOR A DIESEL 60 CV PARA SOLDA ELETRICA, SOBRE 04 RODAS, COM MOTOR 4 CILINDROS","UN    ",{"v":112123.56,"d":"112,123.56"}]
[13533,"GRUPO DE SOLDAGEM COM GERADOR A DIESEL 30 CV, PARA SOLDA ELETRICA, SOBRE DUAS RODAS","UN    ",{"v":100226,"d":"100,226.00"}]
[36499,"GRUPO GERADOR A GASOLINA, POTENCIA NOMINAL 2,2 KW, TENSAO DE SAIDA 110/220 V, MOTOR POTENCIA 6,5 HP","UN    ",{"v":2186.41,"d":"2,186.41"}]
[39585,"GRUPO GERADOR DIESEL, COM CARENAGEM, POTENCIA STANDART ENTRE 100 E 110 KVA, VELOCIDADE DE 1800 RPM, FREQUENCIA DE 60 HZ","UN    ",{"v":72398.18,"d":"72,398.18"}]
[39586,"GRUPO GERADOR DIESEL, COM CARENAGEM, POTENCIA STANDART ENTRE 140 E 150 KVA, VELOCIDADE DE 1800 RPM, FREQUENCIA DE 60 HZ","UN    ",{"v":84918.16,"d":"84,918.16"}]
[39587,"GRUPO GERADOR DIESEL, COM CARENAGEM, POTENCIA STANDART ENTRE 210 E 220 KVA, VELOCIDADE DE 1800 RPM, FREQUENCIA DE 60 HZ","UN    ",{"v":103425.97,"d":"103,425.97"}]
[39588,"GRUPO GERADOR DIESEL, COM CARENAGEM, POTENCIA STANDART ENTRE 250 E 260 KVA, VELOCIDADE DE 1800 RPM, FREQUENCIA DE 60 HZ","UN    ",{"v":119756.38,"d":"119,756.38"}]
[39584,"GRUPO GERADOR DIESEL, COM CARENAGEM, POTENCIA STANDART ENTRE 50 E 55 KVA, VELOCIDADE DE 1800 RPM, FREQUENCIA DE 60 HZ","UN    ",{"v":64472.48,"d":"64,472.48"}]
[39590,"GRUPO GERADOR DIESEL, SEM CARENAGEM, POTENCIA STANDART ENTRE 100 E 110 KVA, VELOCIDADE DE 1800 RPM, FREQUENCIA DE 60 HZ","UN    ",{"v":62926.54,"d":"62,926.54"}]
[39592,"GRUPO GERADOR DIESEL, SEM CARENAGEM, POTENCIA STANDART ENTRE 210 E 220 KVA, VELOCIDADE DE 1800 RPM, FREQUENCIA DE 60 HZ","UN    ",{"v":90426.95,"d":"90,426.95"}]
[39593,"GRUPO GERADOR DIESEL, SEM CARENAGEM, POTENCIA STANDART ENTRE 250 E 260 KVA, VELOCIDADE DE 1800 RPM, FREQUENCIA DE 60 HZ","UN    ",{"v":103425.97,"d":"103,425.97"}]
[14254,"GRUPO GERADOR DIESEL, SEM CARENAGEM, POTENCIA STANDART ENTRE 80 E 90 KVA, VELOCIDADE DE 1800 RPM, FREQUENCIA DE 60 HZ","UN    ",{"v":58789.5,"d":"58,789.50"}]
[25987,"GRUPO GERADOR ESTACIONARIO SILENCIADO, POTENCIA 50 KVA, MOTOR DIESEL","UN    ",{"v":49093.92,"d":"49,093.92"}]
[25019,"GRUPO GERADOR ESTACIONARIO, MOTOR DIESEL POTENCIA 170 KVA","UN    ",{"v":84152.47,"d":"84,152.47"}]
[36501,"GRUPO GERADOR ESTACIONARIO, POTENCIA 150 KVA, MOTOR DIESEL","UN    ",{"v":74924.7,"d":"74,924.70"}]
[25986,"GRUPO GERADOR ESTACIONARIO, SILENCIADO, POTENCIA 180 KVA, MOTOR DIESEL","UN    ",{"v":90073.84,"d":"90,073.84"}]
[36500,"GRUPO GERADOR REBOCAVEL, POTENCIA *66* KVA, MOTOR A DIESEL","UN    ",{"v":52947.24,"d":"52,947.24"}]
[20017,"GUARNICAO/ ALIZAR/ VISTA MACICA, E= *1* CM, L= *4,5* CM, EM CEDRINHO/ ANGELIM COMERCIAL/  EUCALIPTO/ CURUPIXA/ PEROBA/ CUMARU OU EQUIVALENTE DA REGIAO","M     ",3.17]
[20007,"GUARNICAO/ ALIZAR/ VISTA MACICA, E= *1* CM, L= *4,5* CM, EM PINUS/ TAUARI/ VIROLA OU EQUIVALENTE DA REGIAO","M     ",2.44]
[39836,"GUARNICAO/ALIZAR/VISTA, E = *1,3* CM, L = *5,0* CM HASTE REGULAVEL = *35* MM, EM MDF/PVC WOOD/ POLIESTIRENO OU MADEIRA LAMINADA, PRIMER BRANCO","JG    ",135.8]
[39830,"GUARNICAO/ALIZAR/VISTA, E = *1,3* CM, L = *7,0* CM, EM POLIESTIRENO, BRANCO","JG    ",154.88]
[39831,"GUARNICAO/ALIZAR/VISTA, E = *1,5* CM, L = *5,0* CM, EM POLIESTIRENO, BRANCO","JG    ",154.55]
[36888,"GUARNICAO/MOLDURA DE ACABAMENTO PARA ESQUADRIA DE ALUMINIO ANODIZADO NATURAL, PARA 1 FACE","M     ",11.52]
[40527,"GUINCHO DE ALAVANCA MANUAL, CAPACIDADE DE 1,6 T, COM 20 M DE CABO DE ACO (AQUISICAO)","UN    ",{"v":2676.76,"d":"2,676.76"}]
[36497,"GUINCHO DE ALAVANCA MANUAL, CAPACIDADE 3,2 T COM 20 M DE CABO DE ACO DIAMETRO 16,3 MM","UN    ",{"v":3055.81,"d":"3,055.81"}]
[36487,"GUINCHO ELETRICO DE COLUNA, CAPACIDADE 400 KG, COM MOTO FREIO, MOTOR TRIFASICO DE 1,25 CV","UN    ",{"v":5320.64,"d":"5,320.64"}]
[25952,"GUINDASTE HIDRAULICO AUTOPROPELIDO, COM LANCA TELESCOPICA 28,80 M, CAPACIDADE MAXIMA 30 T, POTENCIA 97 KW, TRACAO 4 X 4","UN    ",{"v":691596.65,"d":"691,596.65"}]
[25954,"GUINDASTE HIDRAULICO AUTOPROPELIDO, COM LANCA TELESCOPICA 40 M, CAPACIDADE MAXIMA 60 T, POTENCIA 260 KW, TRACAO 6 X 6","UN    ",{"v":1329993.55,"d":"1,329,993.55"}]
[25953,"GUINDASTE HIDRAULICO AUTOPROPELIDO, COM LANCA TELESCOPICA 50 M, CAPACIDADE MAXIMA 100 T, POTENCIA 350 KW, TRACAO 10 X 6","UN    ",{"v":2260989.04,"d":"2,260,989.04"}]
[37776,"GUINDAUTO HIDRAULICO, CAPACIDADE MAXIMA DE CARGA 10000 KG, MOMENTO MAXIMO DE CARGA 23 TM , ALCANCE MAXIMO HORIZONTAL 11,80 M, PARA MONTAGEM SOBRE CHASSI DE CAMINHAO PBT MINIMO 15000 KG (INCLUI MONTAGEM, NAO INCLUI CAMINHAO)","UN    ",{"v":138569.73,"d":"138,569.73"}]
[37775,"GUINDAUTO HIDRAULICO, CAPACIDADE MAXIMA DE CARGA 14340 KG, MOMENTO MAXIMO DE CARGA 42,3 TM, ALCANCE MAXIMO HORIZONTAL 16,80 M, PARA MONTAGEM SOBRE CHASSI DE CAMINHAO PBT MINIMO 23000 KG (INCLUI MONTAGEM, NAO INCLUI CAMINHAO)","UN    ",{"v":218257.81,"d":"218,257.81"}]
[36491,"GUINDAUTO HIDRAULICO, CAPACIDADE MAXIMA DE CARGA 30000 KG, MOMENTO MAXIMO DE CARGA 92,2 TM , ALCANCE MAXIMO HORIZONTAL  22,00 M, PARA MONTAGEM SOBRE CHASSI DE CAMINHAO PBT MINIMO 30000 KG (INCLUI MONTAGEM, NAO INCLUI CAMINHAO)","UN    ",{"v":808273.43,"d":"808,273.43"}]
[10712,"GUINDAUTO HIDRAULICO, CAPACIDADE MAXIMA DE CARGA 3300 KG, MOMENTO MAXIMO DE CARGA 5,8 TM , ALCANCE MAXIMO HORIZONTAL  7,60 M, PARA MONTAGEM SOBRE CHASSI DE CAMINHAO PBT MINIMO 8000 KG (INCLUI MONTAGEM, NAO INCLUI CAMINHAO)","UN    ",{"v":54564.45,"d":"54,564.45"}]
[3363,"GUINDAUTO HIDRAULICO, CAPACIDADE MAXIMA DE CARGA 6200 KG, MOMENTO MAXIMO DE CARGA 11,7 TM , ALCANCE MAXIMO HORIZONTAL  9,70 M, PARA MONTAGEM SOBRE CHASSI DE CAMINHAO PBT MINIMO 13000 KG (INCLUI MONTAGEM, NAO INCLUI CAMINHAO)","UN    ",{"v":76750,"d":"76,750.00"}]
[3365,"GUINDAUTO HIDRAULICO, CAPACIDADE MAXIMA DE CARGA 8500 KG, MOMENTO MAXIMO DE CARGA 30,4 TM , ALCANCE MAXIMO HORIZONTAL  14,30 M, PARA MONTAGEM SOBRE CHASSI DE CAMINHAO PBT MINIMO 23000 KG (INCLUI MONTAGEM, NAO INCLUI CAMINHAO)","UN    ",{"v":179403.12,"d":"179,403.12"}]
[7569,"HASTE ANCORA EM ACO GALVANIZADO, DIMENSOES 16 MM X 2000 MM","UN    ",41.11]
[34349,"HASTE DE ACO GALVANIZADO PARA FIXACAO DE CONCERTINA 2 \"/3 M","UN    ",12.43]
[11991,"HASTE DE ATERRAMENTO EM ACO GALVANIZADO TIPO CANTONEIRA COM 2,00 M DE COMPRIMENTO, 25 X 25 MM E CHAPA DE 3/16\"","UN    ",38.35]
[20062,"HASTE METALICA PARA FIXACAO DE CALHA PLUVIAL,  ZINCADA, DOBRADA 90 GRAUS","UN    ",13.89]
[11029,"HASTE RETA PARA GANCHO DE FERRO GALVANIZADO, COM ROSCA 1/4 \" X 30 CM PARA FIXACAO DE TELHA METALICA, INCLUI PORCA E ARRUELAS DE VEDACAO","CJ    ",0.91]
[4316,"HASTE RETA PARA GANCHO DE FERRO GALVANIZADO, COM ROSCA 1/4 \" X 40 CM PARA FIXACAO DE TELHA DE FIBROCIMENTO, INCLUI PORCA SEXTAVADA DE  ZINCO","UN    ",0.92]
[4313,"HASTE RETA PARA GANCHO DE FERRO GALVANIZADO, COM ROSCA 5/16\" X 35 CM PARA FIXACAO DE TELHA DE FIBROCIMENTO, INCLUI PORCA E ARRUELAS DE VEDACAO","CJ    ",1.33]
[4317,"HASTE RETA PARA GANCHO DE FERRO GALVANIZADO, COM ROSCA 5/16\" X 40 CM PARA FIXACAO DE TELHA DE FIBROCIMENTO, INCLUI PORCA SEXTAVADA DE  ZINCO","UN    ",1.51]
[4314,"HASTE RETA PARA GANCHO DE FERRO GALVANIZADO, COM ROSCA 5/16\" X 45 CM PARA FIXACAO DE TELHA DE FIBROCIMENTO, INCLUI PORCA E ARRUELAS DE VEDACAO","CJ    ",1.77]
[10561,"HEXAMETAFOSFATO DE SODIO","KG    ",0.33]
[10921,"HIDRANTE DE COLUNA COMPLETO, EM FERRO FUNDIDO, DN = 100 MM, COM REGISTRO, CUNHA DE BORRACHA, CURVA DESSIMETRICA, EXTREMIDADE E TAMPAS (INCLUI KIT FIXACAO)","UN    ",{"v":2820,"d":"2,820.00"}]
[10922,"HIDRANTE DE COLUNA COMPLETO, EM FERRO FUNDIDO, DN = 75 MM, COM REGISTRO, CUNHA DE BORRACHA, CURVA DESSIMETRICA, EXTREMIDADE E TAMPAS (INCLUI KIT FIXACAO)","UN    ",{"v":2554.28,"d":"2,554.28"}]
[10923,"HIDRANTE SUBTERRANEO, EM FERRO FUNDIDO, COM CURVA CURTA E CAIXA, DN 75 MM","UN    ",{"v":1509.69,"d":"1,509.69"}]
[10924,"HIDRANTE SUBTERRANEO, EM FERRO FUNDIDO, COM CURVA LONGA E CAIXA, DN 75 MM","UN    ",{"v":1589.99,"d":"1,589.99"}]
[37772,"HIDROJATEADORA PARA DESOBSTRUCAO DE REDES E GALERIAS, TANQUE 7000 L, BOMBA TRIPLEX 120 KGF/CM2 128 L/MIN (INCLUI MONTAGEM, NAO INCLUI CAMINHAO)","UN    ",{"v":91156.29,"d":"91,156.29"}]
[37771,"HIDROJATEADORA PARA DESOBSTRUCAO DE REDES E GALERIAS, TANQUE 7000 L, BOMBA TRIPLEX 140 KGF/CM2 260 L/MIN ALIMENTADA POR MOTOR INDEPENDENTE A DIESEL POTENCIA 125 CV (INCLUI MONTAGEM, NAO INCLUI CAMINHAO)","UN    ",{"v":96975.77,"d":"96,975.77"}]
[12770,"HIDROMETRO MULTIJATO, VAZAO MAXIMA DE 10,0 M3/H, DE 1\"","UN    ",443.74]
[12772,"HIDROMETRO MULTIJATO, VAZAO MAXIMA DE 20,0 M3/H, DE 1 1/2\"","UN    ",737.5]
[12768,"HIDROMETRO MULTIJATO, VAZAO MAXIMA DE 30,0 M3/H, DE 2\"","UN    ",{"v":1037.5,"d":"1,037.50"}]
[12775,"HIDROMETRO MULTIJATO, VAZAO MAXIMA DE 7,0 M3/H, DE 1\"","UN    ",324.99]
[12769,"HIDROMETRO UNIJATO, VAZAO MAXIMA DE 1,5 M3/H, DE 1/2\"","UN    ",85]
[12773,"HIDROMETRO UNIJATO, VAZAO MAXIMA DE 3,0 M3/H, DE 1/2\"","UN    ",91.24]
[12774,"HIDROMETRO UNIJATO, VAZAO MAXIMA DE 5,0 M3/H, DE 3/4\"","UN    ",112.49]
[12776,"HIDROMETRO WOLTMANN, VAZAO MAXIMA DE 50,0 M3/H, DE 2\"","UN    ",{"v":1675,"d":"1,675.00"}]
[12777,"HIDROMETRO WOLTMANN, VAZAO MAXIMA DE 80,0 M3/H, DE 3\"","UN    ",{"v":2187.49,"d":"2,187.49"}]
[3391,"IGNITOR PARA LAMPADA DE VAPOR DE SODIO / VAPOR METALICO ATE 2000 W, TENSAO DE PULSO ENTRE 600 A 750 V","UN    ",67.04]
[3389,"IGNITOR PARA LAMPADA DE VAPOR DE SODIO / VAPOR METALICO ATE 400 W, TENSAO DE PULSO ENTRE 3000 A 4500 V","UN    ",34.78]
[3390,"IGNITOR PARA LAMPADA DE VAPOR DE SODIO / VAPOR METALICO ATE 400 W, TENSAO DE PULSO ENTRE 580 A 750 V","UN    ",39.14]
[12873,"IMPERMEABILIZADOR","H     ",11.84]
[41076,"IMPERMEABILIZADOR (MENSALISTA)","MES   ",{"v":2086.21,"d":"2,086.21"}]
[140,"IMPERMEABILIZANTE FLEXIVEL BRANCO DE BASE ACRILICA PARA COBERTURAS","KG    ",15.69]
[151,"IMPERMEABILIZANTE INCOLOR PARA TRATAMENTO DE FACHADAS E TELHAS, BASE SILICONE","L     ",19.73]
[7340,"IMUNIZANTE PARA MADEIRA, INCOLOR","L     ",18.05]
[2701,"INSTALADOR DE TUBULACOES (TUBOS/EQUIPAMENTOS)","H     ",15.17]
[40929,"INSTALADOR DE TUBULACOES (TUBOS/EQUIPAMENTOS) (MENSALISTA)","MES   ",{"v":2677.45,"d":"2,677.45"}]
[38114,"INTERRUPTOR BIPOLAR SIMPLES 10 A, 250 V (APENAS MODULO)","UN    ",13.37]
[38064,"INTERRUPTOR BIPOLAR 10A, 250V, CONJUNTO MONTADO PARA EMBUTIR 4\" X 2\" (PLACA + SUPORTE + MODULO)","UN    ",14.95]
[38115,"INTERRUPTOR INTERMEDIARIO 10 A, 250 V (APENAS MODULO)","UN    ",14.27]
[38065,"INTERRUPTOR INTERMEDIARIO 10A, 250V, CONJUNTO MONTADO PARA EMBUTIR 4\" X 2\" (PLACA + SUPORTE + MODULO)","UN    ",21.2]
[38078,"INTERRUPTOR PARALELO + TOMADA 2P+T 10A, 250V, CONJUNTO MONTADO PARA EMBUTIR 4\" X 2\" (PLACA + SUPORTE + MODULOS)","UN    ",12.37]
[38113,"INTERRUPTOR PARALELO 10A, 250V (APENAS MODULO)","UN    ",6.72]
[38063,"INTERRUPTOR PARALELO 10A, 250V, CONJUNTO MONTADO PARA EMBUTIR 4\" X 2\" (PLACA + SUPORTE + MODULO)","UN    ",7.21]
[38080,"INTERRUPTOR SIMPLES + INTERRUPTOR PARALELO + TOMADA 2P+T 10A, 250V, CONJUNTO MONTADO PARA EMBUTIR 4\" X 2\" (PLACA + SUPORTE + MODULOS)","UN    ",21.49]
[38069,"INTERRUPTOR SIMPLES + INTERRUPTOR PARALELO 10A, 250V, CONJUNTO MONTADO PARA EMBUTIR 4\" X 2\" (PLACA + SUPORTE + MODULOS)","UN    ",11.75]
[38077,"INTERRUPTOR SIMPLES + TOMADA 2P+T 10A, 250V, CONJUNTO MONTADO PARA EMBUTIR 4\" X 2\" (PLACA + SUPORTE + MODULOS)","UN    ",11.48]
[38073,"INTERRUPTOR SIMPLES + 2 INTERRUPTORES PARALELOS 10A, 250V, CONJUNTO MONTADO PARA EMBUTIR 4\" X 2\" (PLACA + SUPORTE + MODULOS)","UN    ",17.49]
[38112,"INTERRUPTOR SIMPLES 10A, 250V (APENAS MODULO)","UN    ",5.16]
[38062,"INTERRUPTOR SIMPLES 10A, 250V, CONJUNTO MONTADO PARA EMBUTIR 4\" X 2\" (PLACA + SUPORTE + MODULO)","UN    ",5.29]
[12128,"INTERRUPTOR SIMPLES 10A, 250V, CONJUNTO MONTADO PARA SOBREPOR 4\" X 2\" (CAIXA + MODULO)","UN    ",7.08]
[12129,"INTERRUPTOR SIMPLES 10A, 250V, CONJUNTO MONTADO PARA SOBREPOR 4\" X 2\" (CAIXA + 2 MODULOS)","UN    ",9.36]
[38081,"INTERRUPTORES PARALELOS (2 MODULOS) + TOMADA 2P+T 10A, 250V, CONJUNTO MONTADO PARA EMBUTIR 4\" X 2\" (PLACA + SUPORTE + MODULOS)","UN    ",18.23]
[38070,"INTERRUPTORES PARALELOS (2 MODULOS) 10A, 250V, CONJUNTO MONTADO PARA EMBUTIR 4\" X 2\" (PLACA + SUPORTE + MODULOS)","UN    ",12.56]
[38074,"INTERRUPTORES PARALELOS (3 MODULOS) 10A, 250V, CONJUNTO MONTADO PARA EMBUTIR 4\" X 2\" (PLACA + SUPORTE + MODULO)","UN    ",19.09]
[38079,"INTERRUPTORES SIMPLES (2 MODULOS) + TOMADA 2P+T 10A, 250V, CONJUNTO MONTADO PARA EMBUTIR 4\" X 2\" (PLACA + SUPORTE + MODULOS)","UN    ",16.39]
[38072,"INTERRUPTORES SIMPLES (2 MODULOS) + 1 INTERRUPTOR PARALELO 10A, 250V, CONJUNTO MONTADO PARA EMBUTIR 4\" X 2\" (PLACA + SUPORTE + MODULOS)","UN    ",15.75]
[38068,"INTERRUPTORES SIMPLES (2 MODULOS) 10A, 250V, CONJUNTO MONTADO PARA EMBUTIR 4\" X 2\" (PLACA + SUPORTE + MODULOS)","UN    ",10.87]
[38071,"INTERRUPTORES SIMPLES (3 MODULOS) 10A, 250V, CONJUNTO MONTADO PARA EMBUTIR 4\" X 2\" (PLACA + SUPORTE + MODULOS)","UN    ",13]
[38412,"INVERSOR DE SOLDA MONOFASICO DE 160 A, POTENCIA DE 5400 W, TENSAO DE 220 V, TURBO VENTILADO, PROTECAO POR FUSIVEL TERMICO, PARA ELETRODOS DE 2,0 A 4,0 MM","UN    ",785.27]
[3405,"ISOLADOR DE PORCELANA SUSPENSO, DISCO TIPO GARFO OLHAL, DIAMETRO DE 152 MM, PARA TENSAO DE *15* KV","UN    ",67.1]
[3394,"ISOLADOR DE PORCELANA, TIPO BUCHA, PARA TENSAO DE *15* KV","UN    ",354.22]
[3393,"ISOLADOR DE PORCELANA, TIPO BUCHA, PARA TENSAO DE *35* KV","UN    ",603.1]
[3406,"ISOLADOR DE PORCELANA, TIPO PINO MONOCORPO, PARA TENSAO DE *15* KV","UN    ",20.54]
[3395,"ISOLADOR DE PORCELANA, TIPO PINO MONOCORPO, PARA TENSAO DE *35* KV","UN    ",86.64]
[3398,"ISOLADOR DE PORCELANA, TIPO ROLDANA, DIMENSOES DE *72* X *72* MM, PARA USO EM BAIXA TENSAO","UN    ",4.12]
[34379,"JANELA BASCULANTE EM ALUMINIO, 100 X 100 CM (A X L), ACABAMENTO ACET OU BRILHANTE, BATENTE/REQUADRO DE 3 A 14 CM, COM VIDRO, SEM GUARNICAO/ALIZAR","UN    ",351.31]
[34378,"JANELA BASCULANTE EM ALUMINIO, 100 X 80 CM (A X L), ACABAMENTO ACET OU BRILHANTE, BATENTE/REQUADRO DE 3 A 14 CM, COM VIDRO, SEM GUARNICAO/ALIZAR","UN    ",282.96]
[34377,"JANELA BASCULANTE EM ALUMINIO, 80 X 60 CM (A X L), ACABAMENTO ACET OU BRILHANTE, BATENTE/REQUADRO DE 3 A 14 CM, COM VIDRO, SEM GUARNICAO/ALIZAR","UN    ",260.95]
[581,"JANELA BASCULANTE EM ALUMINIO, 80 X 60 CM (A X L), BATENTE/REQUADRO DE 3 A 14 CM, COM VIDRO, SEM GUARNICAO/ALIZAR","M2    ",495.63]
[40662,"JANELA BASCULANTE EM MADEIRA PINUS/ EUCALIPTO/ TAUARI/ VIROLA OU EQUIVALENTE DA REGIAO, *60 X 60*, CAIXA DO BATENTE/ MARCO E = *10* CM, 2 BASCULAS PARA VIDRO, COM FERRAGENS (SEM VIDRO, SEM GUARNICAO/ALIZAR E SEM ACABAMENTO)","UN    ",133.32]
[3437,"JANELA BASCULANTE EM MADEIRA PINUS/ EUCALIPTO/ TAUARI/ VIROLA OU EQUIVALENTE DA REGIAO, CAIXA DO BATENTE/ MARCO *10* CM, *2* FOLHAS BASCULANTES PARA VIDRO, COM FERRAGENS (SEM VIDRO, SEM GUARNICAO/ALIZAR E SEM ACABAMENTO)","M2    ",370.35]
[11183,"JANELA BASCULANTE, ACO, COM BATENTE/REQUADRO, 100 X 100 CM (SEM VIDROS)","UN    ",227.1]
[11190,"JANELA BASCULANTE, ACO, COM BATENTE/REQUADRO, 60 X 60 CM (SEM VIDROS)","UN    ",105.35]
[616,"JANELA BASCULANTE, ACO, COM BATENTE/REQUADRO, 60 X 80 CM (SEM VIDROS)","UN    ",123.9]
[615,"JANELA BASCULANTE, ACO, COM BATENTE/REQUADRO, 60 X 80 CM (SEM VIDROS)","M2    ",258.12]
[11192,"JANELA BASCULANTE, ACO, COM BATENTE/REQUADRO, 80 X 80 CM (SEM VIDROS)","UN    ",193.83]
[11231,"JANELA BASCULANTE, ACO, COM BATENTE/REQUADRO, 80 X 80 CM (SEM VIDROS)","M2    ",302.87]
[3428,"JANELA DE ABRIR EM MADEIRA IMBUIA/CEDRO ARANA/CEDRO ROSA OU EQUIVALENTE DA REGIAO, CAIXA DO BATENTE/MARCO *10* CM, 2 FOLHAS DE ABRIR TIPO VENEZIANA E 2 FOLHAS DE ABRIR PARA VIDRO, COM GUARNICAO/ALIZAR, COM FERRAGENS, (SEM VIDRO E SEM ACABAMENTO)","M2    ",549.35]
[3429,"JANELA DE ABRIR EM MADEIRA PINUS/EUCALIPTO/ TAUARI/ VIROLA OU EQUIVALENTE DA REGIAO, CAIXA DO BATENTE/MARCO *10* CM, 2 FOLHAS DE ABRIR TIPO VENEZIANA E 2 FOLHAS GUILHOTINA PARA VIDRO, COM FERRAGENS (SEM VIDRO,SEM GUARNICAO/ALIZAR E SEM ACABAMENTO)","M2    ",313.87]
[34371,"JANELA DE CORRER EM ALUMINIO, VENEZIANA, 120  X 150 CM (A X L), 3 FLS (2 VENEZIANAS E 1 VIDRO), SEM BANDEIRA, ACABAMENTO ACET OU BRILHANTE, BATENTE/REQUADRO DE 6 A 14 CM, COM VIDRO, SEM GUARNICAO/ALIZAR","UN    ",955.15]
[34370,"JANELA DE CORRER EM ALUMINIO, VENEZIANA, 120 X 120 CM (A X L), 3 FLS (2 VENEZIANAS E 1 VIDRO), SEM BANDEIRA, ACABAMENTO ACET OU BRILHANTE, BATENTE/REQUADRO DE 6 A 14 CM, COM VIDRO, SEM GUARNICAO/ALIZAR","UN    ",792.11]
[34372,"JANELA DE CORRER EM ALUMINIO, VENEZIANA, 120 X 150 CM (A X L), 6 FLS (4 VENEZIANAS E 2 VIDROS), SEM BANDEIRA, ACABAMENTO ACET OU BRILHANTE, BATENTE/REQUADRO DE 6 A 14 CM, COM VIDRO, SEM GUARNICAO/ALIZAR","UN    ",{"v":1101.94,"d":"1,101.94"}]
[34373,"JANELA DE CORRER EM ALUMINIO, VENEZIANA, 120 X 200 CM (A X L), 6 FLS (4 VENEZIANAS E 2 VIDROS), SEM BANDEIRA, ACABAMENTO ACET OU BRILHANTE,  BATENTE/REQUADRO DE 6 A 14 CM, COM VIDRO, SEM GUARNICAO/ALIZAR","UN    ",{"v":1364.04,"d":"1,364.04"}]
[36896,"JANELA DE CORRER EM ALUMINIO, 100 X 120 CM (A X L), 2 FLS,  SEM BANDEIRA,  ACABAMENTO ACET OU BRILHANTE, BATENTE/REQUADRO DE 6 A 14 CM, COM VIDRO, SEM GUARNICAO","UN    ",454.5]
[34367,"JANELA DE CORRER EM ALUMINIO, 100 X 150 CM (A X L), 2 FLS,  SEM BANDEIRA,  ACABAMENTO ACET OU BRILHANTE, BATENTE/REQUADRO DE 6 A 14 CM, COM VIDRO, SEM GUARNICAO/ALIZAR","UN    ",533.87]
[36884,"JANELA DE CORRER EM ALUMINIO, 100 X 150 CM (A X L), 4 FLS, SEM BANDEIRA, ACABAMENTO ACET OU BRILHANTE, BATENTE/REQUADRO DE 6 A 14 CM, COM VIDRO, SEM GUARNICAO/ALIZAR","M2    ",442.17]
[36897,"JANELA DE CORRER EM ALUMINIO, 100 X 150 CM (A X L), 4 FLS, SEM BANDEIRA, ACABAMENTO ACET OU BRILHANTE, BATENTE/REQUADRO DE 6 A 14 CM, COM VIDRO, SEM GUARNICAO/ALIZAR","UN    ",629.55]
[597,"JANELA DE CORRER EM ALUMINIO, 100 X 150 CM (A X L), 4 FLS, SEM BANDEIRA, ACABAMENTO ACET OU BRILHANTE, COM VIDRO, COM GUARNICAO PARA 1 FACE","M2    ",465.01]
[34369,"JANELA DE CORRER EM ALUMINIO, 100 X 200 CM, 4 FLS,  BANDEIRA COM BASCULA,  ACABAMENTO ACET OU BRILHANTE, BATENTE/REQUADRO DE 6 A 14 CM, COM VIDRO, SEM GUARNICAO/ALIZAR","UN    ",745.9]
[34362,"JANELA DE CORRER EM ALUMINIO, 120 X 120 CM (A X L), 2 FLS, SEM BANDEIRA, ACABAMENTO ACET OU BRILHANTE,  BATENTE/REQUADRO DE 6 A 14 CM, COM VIDRO, SEM GUARNICAO/ALIZAR","UN    ",517.56]
[34363,"JANELA DE CORRER EM ALUMINIO, 120 X 150 CM (A X L), 2 FLS, SEM BANDEIRA, ACABAMENTO ACET OU BRILHANTE, BATENTE/REQUADRO DE 6 A 14 CM, COM VIDRO, SEM GUARNICAO/ALIZAR","UN    ",584.97]
[34364,"JANELA DE CORRER EM ALUMINIO, 120 X 150 CM (A X L), 4 FLS, BANDEIRA COM BASCULA,  ACABAMENTO ACET OU BRILHANTE, BATENTE/REQUADRO DE 6 A 14 CM, COM VIDRO, SEM GUARNICAO/ALIZAR","UN    ",729.59]
[34365,"JANELA DE CORRER EM ALUMINIO, 120 X 200 CM (A X L), 4 FLS, BANDEIRA COM BASCULA,  ACABAMENTO ACET OU BRILHANTE, BATENTE/REQUADRO DE 6 A 14 CM, COM VIDRO, SEM GUARNICAO/ALIZAR","UN    ",822.01]
[11199,"JANELA DE CORRER, ACO, BATENTE/REQUADRO DE 6 A 14 CM,  COM DIVISAO HORIZ , PINT ANTICORROSIVA, SEM VIDRO, BANDEIRA COM BASCULA, 4 FLS, 120  X 150 CM (A X L)","UN    ",581.83]
[34801,"JANELA DE CORRER, ACO, BATENTE/REQUADRO DE 6 A 14 CM, QUADRICULADA, PINT ANTICORROSIVA, SEM VIDRO, BANDEIRA COM BASCULA, 4 FLS, 120  X 150 CM (A X L)","UN    ",729.86]
[34799,"JANELA DE CORRER, ACO, BATENTE/REQUADRO DE 6 A 14 CM, QUADRICULADA, PINT ANTICORROSIVA, SEM VIDRO, BANDEIRA COM BASCULA, 4 FLS, 120  X 200 CM (A X L)","UN    ",900.07]
[622,"JANELA DE CORRER, ACO, BATENTE/REQUADRO DE 6 A 14 CM, QUADRICULADA, PINT ANTICORROSIVA, SEM VIDRO, SEM BANDEIRA, 4 FLS, 100  X 120 CM (A X L)","UN    ",405.21]
[34805,"JANELA DE CORRER, ACO, BATENTE/REQUADRO DE 6 A 14 CM, QUADRICULADA, PINT ANTICORROSIVA, SEM VIDRO, SEM BANDEIRA, 4 FLS, 120  X 150 CM (A X L)","M2    ",303.27]
[34803,"JANELA DE CORRER, ACO, BATENTE/REQUADRO DE 6 A 14 CM, QUADRICULADA, PINT ANTICORROSIVA, SEM VIDRO, SEM BANDEIRA, 4 FLS, 120  X 200 CM (A X L)","UN    ",366.72]
[606,"JANELA DE CORRER, ACO, BATENTE/REQUADRO DE 6 A 14 CM, QUADRICULADA, PINTURA ANTICORROSIVA, SEM VIDRO, BANDEIRA COM BASCULA, 4 FLS, 120  X 150 CM (A X L)","M2    ",405.48]
[11227,"JANELA DE CORRER, ACO, BATENTE/REQUADRO DE 6 A 14 CM, SEM  DIVISAO, PINT ANTICORROSIVA, SEM VIDRO, BANDEIRA COM BASCULA, 4 FLS, 120  X 200 CM (A X L)","UN    ",429.46]
[11193,"JANELA DE CORRER, ACO, BATENTE/REQUADRO DE 6 A 14 CM, VENEZIANA, PINT ANTICORROSIVA, PINT ACABAMENTO, COM VIDRO, 6 FLS, 120  X 150 CM (A X L)","M2    ",411.11]
[11194,"JANELA DE CORRER, ACO, BATENTE/REQUADRO DE 6 A 14 CM, VENEZIANA, PINT ANTICORROSIVA, SEM VIDRO, 6 FLS, 120  X 150 CM (A X L)","M2    ",370.16]
[605,"JANELA DE CORRER, ACO, COM BATENTE/REQUADRO DE 6 A 14 CM, SEM DIVISAO, PINT ANTICORROSIVA, PINT ACABAMENTO, COM VIDRO, SEM BANDEIRA, COM GRADE, 4 FLS, 100  X 120 CM (A X L)","M2    ",464.88]
[11197,"JANELA DE CORRER, ACO, COM BATENTE/REQUADRO DE 6 A 14 CM, SEM DIVISAO, PINT ANTICORROSIVA, PINT ACABAMENTO, COM VIDRO, SEM BANDEIRA, 2 FLS, 120  X 150 CM (A X L)","UN    ",563.03]
[40659,"JANELA DE 6 FOLHAS DE CORRER EM MADEIRA CEDRINHO/ ANGELIM COMERCIAL/ CURUPIXA/ CUMARU OU EQUIVALENTE DA REGIAO, CAIXA DO BATENTE/MARCO *10* CM, 2 FOLHAS DE CORRER VENEZIANA, 2 FOLHAS FIXAS VENEZIANA E 2 FOLHAS DE CORRER PARA VIDRO, COM FERRAGENS (SEM VIDRO, SEM ACABAMENTO E SEM GUARNICAO/ALIZAR)","M2    ",523.99]
[40660,"JANELA DE 6 FOLHAS DE CORRER EM MADEIRA IMBUIA/CEDRO ARANA/CEDRO ROSA OU EQUIVALENTE DA REGIAO, CAIXA DO BATENTE/MARCO *10* CM, 2 FOLHAS DE CORRER VENEZIANA, 2 FOLHAS FIXAS VENEZIANA E 2 FOLHAS DE CORRER PARA VIDRO, COM FERRAGENS (SEM VIDRO, SEM ACABAMENTO E SEM GUARNICAO/ALIZAR)","M2    ",664.09]
[40661,"JANELA DE 6 FOLHAS DE CORRER EM MADEIRA PINUS/ EUCALIPTO/ TAUARI/ VIROLA OU  EQUIVALENTE DA REGIAO, CAIXA DO BATENTE/MARCO *10* CM, 2 FOLHAS DE CORRER VENEZIANA, 2 FOLHAS FIXAS VENEZIANA E 2 FOLHAS DE CORRER PARA VIDRO, COM FERRAGENS (SEM VIDRO, SEM ACABAMENTO E SEM GUARNICAO/ALIZAR)","M2    ",408.3]
[3421,"JANELA EM MADEIRA CEDRINHO/ ANGELIM COMERCIAL/ CURUPIXA/ CUMARU OU EQUIVALENTE DA REGIAO, CAIXA DO BATENTE/MARCO *10* CM, 2 FOLHAS DE ABRIR TIPO VENEZIANA E 2 FOLHAS GUILHOTINA PARA VIDRO, COM GUARNICAO/ALIZAR, COM FERRAGENS (SEM VIDRO E SEM ACABAMENTO)","M2    ",411.42]
[599,"JANELA FIXA EM ALUMINIO, 60  X 80 CM (A X L), BATENTE/REQUADRO DE 3 A 14 CM, COM VIDRO, SEM GUARNICAO/ALIZAR","M2    ",394.15]
[34380,"JANELA FIXA EM ALUMINIO, 60 X 80 CM (A X L), BATENTE/REQUADRO DE 3 A 14 CM, COM VIDRO, SEM GUARNICAO/ALIZAR","UN    ",204.41]
[34381,"JANELA MAXIM AR EM ALUMINIO, 80 X 60 CM (A X L), BATENTE/REQUADRO DE 4 A 14 CM, COM VIDRO, SEM GUARNICAO/ALIZAR","UN    ",266.39]
[601,"JANELA MAXIM AR EM ALUMINIO, 80 X 60 CM (A X L), BATENTE/REQUADRO DE 4 A 14 CM, COM VIDRO, SEM GUARNICAO/ALIZAR","M2    ",531.71]
[3423,"JANELA MAXIM AR EM MADEIRA CEDRINHO/ ANGELIM COMERCIAL/ CURUPIXA/ CUMARU OU EQUIVALENTE DA REGIAO, CAIXA DO BATENTE/MARCO *10* CM, 1 FOLHA  PARA VIDRO, COM GUARNICAO/ALIZAR, COM FERRAGENS, (SEM VIDRO E SEM ACABAMENTO)","M2    ",580.21]
[34797,"JANELA MAXIMO AR, ACO, BATENTE / REQUADRO DE 6 A 14 CM, PINT ANTICORROSIVA, SEM VIDRO, COM GRADE, 1 FL, 60  X 80 CM (A X L)","UN    ",229.47]
[624,"JANELA MAXIMO AR, ACO, BATENTE/REQUADRO DE 6 A 14 CM, PINT ANTICORROSIVA, SEM VIDRO, COM GRADE, 1 FL, 60  X 80 CM (A X L)","M2    ",478.06]
[623,"JANELA MAXIMO AR, ACO, BATENTE/REQUADRO DE 6 A 14 CM, PINT ANTICORROSIVA, SEM VIDRO, SEM GRADE, 1 FL, 60  X 80 CM (A X L)","M2    ",179.51]
[25964,"JARDINEIRO","H     ",11.44]
[41077,"JARDINEIRO (MENSALISTA)","MES   ",{"v":2019.24,"d":"2,019.24"}]
[20159,"JOELHO COM VISITA, PVC SERIE R, 90 GRAUS, 100 X 75 MM, PARA ESGOTO PREDIAL","UN    ",25.51]
[37963,"JOELHO CPVC, SOLDAVEL, 45 GRAUS, 15 MM, PARA AGUA QUENTE","UN    ",2.33]
[37964,"JOELHO CPVC, SOLDAVEL, 45 GRAUS, 22 MM, PARA AGUA QUENTE","UN    ",3.88]
[37965,"JOELHO CPVC, SOLDAVEL, 45 GRAUS, 28 MM, PARA AGUA QUENTE","UN    ",5.62]
[37966,"JOELHO CPVC, SOLDAVEL, 45 GRAUS, 35 MM, PARA AGUA QUENTE","UN    ",10.19]
[37967,"JOELHO CPVC, SOLDAVEL, 45 GRAUS, 42 MM, PARA AGUA QUENTE","UN    ",16.34]
[37968,"JOELHO CPVC, SOLDAVEL, 45 GRAUS, 54 MM, PARA AGUA QUENTE","UN    ",35.85]
[37969,"JOELHO CPVC, SOLDAVEL, 45 GRAUS, 73 MM, PARA AGUA QUENTE","UN    ",95.76]
[37970,"JOELHO CPVC, SOLDAVEL, 45 GRAUS, 89 MM, PARA AGUA QUENTE","UN    ",111.72]
[21118,"JOELHO CPVC, SOLDAVEL, 90 GRAUS, 15 MM, PARA AGUA QUENTE","UN    ",1.76]
[37956,"JOELHO CPVC, SOLDAVEL, 90 GRAUS, 22 MM, PARA AGUA QUENTE","UN    ",2.79]
[37957,"JOELHO CPVC, SOLDAVEL, 90 GRAUS, 28 MM, PARA AGUA QUENTE","UN    ",5.88]
[37958,"JOELHO CPVC, SOLDAVEL, 90 GRAUS, 35 MM, PARA AGUA QUENTE","UN    ",10.19]
[37959,"JOELHO CPVC, SOLDAVEL, 90 GRAUS, 42 MM, PARA AGUA QUENTE","UN    ",16.34]
[37960,"JOELHO CPVC, SOLDAVEL, 90 GRAUS, 54 MM, PARA AGUA QUENTE","UN    ",35.2]
[37961,"JOELHO CPVC, SOLDAVEL, 90 GRAUS, 73 MM, PARA AGUA QUENTE","UN    ",93.39]
[37962,"JOELHO CPVC, SOLDAVEL, 90 GRAUS, 89 MM, PARA AGUA QUENTE","UN    ",108.51]
[3533,"JOELHO DE REDUCAO, PVC SOLDAVEL, 90 GRAUS,  25 MM X 20 MM, PARA AGUA FRIA PREDIAL","UN    ",1.5]
[3538,"JOELHO DE REDUCAO, PVC SOLDAVEL, 90 GRAUS,  32 MM X 25 MM, PARA AGUA FRIA PREDIAL","UN    ",2.06]
[3497,"JOELHO DE REDUCAO, PVC, ROSCAVEL COM BUCHA DE LATAO, 90 GRAUS,  3/4\" X 1/2\", PARA AGUA FRIA PREDIAL","UN    ",9.1]
[3498,"JOELHO DE REDUCAO, PVC, ROSCAVEL, 90 GRAUS, 1\" X 3/4\", PARA AGUA FRIA PREDIAL","UN    ",2.89]
[3496,"JOELHO DE REDUCAO, PVC, ROSCAVEL, 90 GRAUS, 3/4\" X 1/2\", PARA AGUA FRIA PREDIAL","UN    ",1.79]
[38429,"JOELHO DE TRANSICAO, CPVC, SOLDAVEL, 90 GRAUS, 15 MM X 1/2\", PARA AGUA QUENTE","UN    ",5.94]
[38431,"JOELHO DE TRANSICAO, CPVC, SOLDAVEL, 90 GRAUS, 22 MM X 1/2\", PARA AGUA QUENTE","UN    ",9.41]
[38430,"JOELHO DE TRANSICAO, CPVC, SOLDAVEL, 90 GRAUS, 22 MM X 3/4\", PARA AGUA QUENTE","UN    ",12.03]
[38449,"JOELHO PARA PE DE COLUNA, 45 GRAUS, SERIE R, DN 100 MM, PARA ESGOTO PREDIAL","UN    ",25.12]
[36348,"JOELHO PPR 45 GRAUS, SOLDAVEL,  DN 20 MM, PARA AGUA QUENTE PREDIAL","UN    ",0.92]
[36349,"JOELHO PPR 45 GRAUS, SOLDAVEL, DN 25 MM, PARA AGUA QUENTE PREDIAL","UN    ",1.39]
[38433,"JOELHO PPR, 45 GRAUS, SOLDAVEL, DN 32 MM, PARA AGUA QUENTE PREDIAL","UN    ",2.58]
[38440,"JOELHO PPR, 90 GRAUS, SOLDAVEL, DN 110 MM, PARA AGUA QUENTE PREDIAL","UN    ",88.93]
[36359,"JOELHO PPR, 90 GRAUS, SOLDAVEL, DN 20 MM, PARA AGUA QUENTE PREDIAL","UN    ",1.1]
[36360,"JOELHO PPR, 90 GRAUS, SOLDAVEL, DN 25 MM, PARA AGUA QUENTE PREDIAL","UN    ",1.7]
[38434,"JOELHO PPR, 90 GRAUS, SOLDAVEL, DN 32 MM, PARA AGUA QUENTE PREDIAL","UN    ",2.61]
[38435,"JOELHO PPR, 90 GRAUS, SOLDAVEL, DN 40 MM, PARA AGUA QUENTE PREDIAL","UN    ",4.96]
[38436,"JOELHO PPR, 90 GRAUS, SOLDAVEL, DN 50 MM, PARA AGUA QUENTE PREDIAL","UN    ",10.25]
[38437,"JOELHO PPR, 90 GRAUS, SOLDAVEL, DN 63 MM, PARA AGUA QUENTE PREDIAL","UN    ",15.39]
[38438,"JOELHO PPR, 90 GRAUS, SOLDAVEL, DN 75 MM, PARA AGUA QUENTE PREDIAL","UN    ",38.9]
[38439,"JOELHO PPR, 90 GRAUS, SOLDAVEL, DN 90 MM, PARA AGUA QUENTE PREDIAL","UN    ",59.3]
[10836,"JOELHO PVC COM VISITA, 90 GRAUS, DN 100 X 50 MM, SERIE NORMAL, PARA ESGOTO PREDIAL","UN    ",11.5]
[20128,"JOELHO PVC LEVE, 45 GRAUS, DN 150 MM, PARA ESGOTO PREDIAL","UN    ",28.62]
[20131,"JOELHO PVC LEVE, 90 GRAUS, DN 150 MM, PARA ESGOTO PREDIAL","UN    ",25.78]
[3521,"JOELHO PVC,  SOLDAVEL COM ROSCA, 90 GRAUS, 20 MM X 1/2\", PARA AGUA FRIA PREDIAL","UN    ",1.09]
[3531,"JOELHO PVC,  SOLDAVEL COM ROSCA, 90 GRAUS, 25 MM X 1/2\", PARA AGUA FRIA PREDIAL","UN    ",1.18]
[3522,"JOELHO PVC,  SOLDAVEL COM ROSCA, 90 GRAUS, 25 MM X 3/4\", PARA AGUA FRIA PREDIAL","UN    ",1.93]
[3527,"JOELHO PVC,  SOLDAVEL COM ROSCA, 90 GRAUS, 32 MM X 3/4\", PARA AGUA FRIA PREDIAL","UN    ",6.09]
[10835,"JOELHO PVC, COM BOLSA E ANEL, 90 GRAUS, DN 40 X *38* MM, SERIE NORMAL, PARA ESGOTO PREDIAL","UN    ",2.56]
[3475,"JOELHO PVC, ROSCAVEL, 45 GRAUS, 1/2\", PARA AGUA FRIA PREDIAL","UN    ",1.91]
[3485,"JOELHO PVC, ROSCAVEL, 45 GRAUS, 1\", PARA AGUA FRIA PREDIAL","UN    ",5.85]
[3534,"JOELHO PVC, ROSCAVEL, 45 GRAUS, 3/4\", PARA AGUA FRIA PREDIAL","UN    ",2.48]
[3543,"JOELHO PVC, ROSCAVEL, 90 GRAUS, 1/2\", PARA AGUA FRIA PREDIAL","UN    ",1.24]
[3482,"JOELHO PVC, ROSCAVEL, 90 GRAUS, 1\", PARA AGUA FRIA PREDIAL","UN    ",2.98]
[3505,"JOELHO PVC, ROSCAVEL, 90 GRAUS, 3/4\", PARA AGUA FRIA PREDIAL","UN    ",1.78]
[3516,"JOELHO PVC, SOLDAVEL, BB, 45 GRAUS, DN 40 MM, PARA ESGOTO PREDIAL","UN    ",1.64]
[3517,"JOELHO PVC, SOLDAVEL, BB, 90 GRAUS, DN 40 MM, PARA ESGOTO PREDIAL","UN    ",1]
[3515,"JOELHO PVC, SOLDAVEL, COM BUCHA DE LATAO, 90 GRAUS, 20 MM X 1/2\", PARA AGUA FRIA PREDIAL","UN    ",3.72]
[20147,"JOELHO PVC, SOLDAVEL, COM BUCHA DE LATAO, 90 GRAUS, 25 MM X 1/2\", PARA AGUA FRIA PREDIAL","UN    ",3.82]
[3524,"JOELHO PVC, SOLDAVEL, COM BUCHA DE LATAO, 90 GRAUS, 25 MM X 3/4\", PARA AGUA FRIA PREDIAL","UN    ",4.55]
[3532,"JOELHO PVC, SOLDAVEL, COM BUCHA DE LATAO, 90 GRAUS, 32 MM X 3/4\", PARA AGUA FRIA PREDIAL","UN    ",8.48]
[3528,"JOELHO PVC, SOLDAVEL, PB, 45 GRAUS, DN 100 MM, PARA ESGOTO PREDIAL","UN    ",5.2]
[37952,"JOELHO PVC, SOLDAVEL, PB, 45 GRAUS, DN 150 MM, PARA ESGOTO PREDIAL","UN    ",32.08]
[37951,"JOELHO PVC, SOLDAVEL, PB, 45 GRAUS, DN 40 MM, PARA ESGOTO PREDIAL","UN    ",1.39]
[3518,"JOELHO PVC, SOLDAVEL, PB, 45 GRAUS, DN 50 MM, PARA ESGOTO PREDIAL","UN    ",2]
[3519,"JOELHO PVC, SOLDAVEL, PB, 45 GRAUS, DN 75 MM, PARA ESGOTO PREDIAL","UN    ",4.59]
[3520,"JOELHO PVC, SOLDAVEL, PB, 90 GRAUS, DN 100 MM, PARA ESGOTO PREDIAL","UN    ",5.14]
[37950,"JOELHO PVC, SOLDAVEL, PB, 90 GRAUS, DN 150 MM, PARA ESGOTO PREDIAL","UN    ",30.94]
[37949,"JOELHO PVC, SOLDAVEL, PB, 90 GRAUS, DN 40 MM, PARA ESGOTO PREDIAL","UN    ",1.13]
[3526,"JOELHO PVC, SOLDAVEL, PB, 90 GRAUS, DN 50 MM, PARA ESGOTO PREDIAL","UN    ",1.54]
[3509,"JOELHO PVC, SOLDAVEL, PB, 90 GRAUS, DN 75 MM, PARA ESGOTO PREDIAL","UN    ",3.91]
[3530,"JOELHO PVC, SOLDAVEL, 90 GRAUS, 110 MM, PARA AGUA FRIA PREDIAL","UN    ",133.33]
[3542,"JOELHO PVC, SOLDAVEL, 90 GRAUS, 20 MM, PARA AGUA FRIA PREDIAL","UN    ",0.33]
[3529,"JOELHO PVC, SOLDAVEL, 90 GRAUS, 25 MM, PARA AGUA FRIA PREDIAL","UN    ",0.5]
[3536,"JOELHO PVC, SOLDAVEL, 90 GRAUS, 32 MM, PARA AGUA FRIA PREDIAL","UN    ",1.29]
[3535,"JOELHO PVC, SOLDAVEL, 90 GRAUS, 40 MM, PARA AGUA FRIA PREDIAL","UN    ",3.16]
[3540,"JOELHO PVC, SOLDAVEL, 90 GRAUS, 50 MM, PARA AGUA FRIA PREDIAL","UN    ",3.51]
[3539,"JOELHO PVC, SOLDAVEL, 90 GRAUS, 60 MM, PARA AGUA FRIA PREDIAL","UN    ",16.05]
[3513,"JOELHO PVC, SOLDAVEL, 90 GRAUS, 85 MM, PARA AGUA FRIA PREDIAL","UN    ",57.31]
[3492,"JOELHO PVC, 45 GRAUS, ROSCAVEL,  1 1/2\", AGUA FRIA PREDIAL","UN    ",9.79]
[3491,"JOELHO PVC, 45 GRAUS, ROSCAVEL, 1 1/4\",  AGUA FRIA PREDIAL","UN    ",8.13]
[3493,"JOELHO PVC, 45 GRAUS, ROSCAVEL, 2\", AGUA FRIA PREDIAL","UN    ",19]
[12628,"JOELHO PVC, 60 GRAUS, DIAMETRO ENTRE 80 E 100 MM, PARA DRENAGEM PLUVIAL PREDIAL","UN    ",7.04]
[12629,"JOELHO PVC, 90 GRAUS, DIAMETRO ENTRE 80 E 100 MM, PARA DRENAGEM PLUVIAL PREDIAL","UN    ",7.64]
[3481,"JOELHO PVC, 90 GRAUS, ROSCAVEL, 1 1/2\",  AGUA FRIA PREDIAL","UN    ",9.91]
[3510,"JOELHO PVC, 90 GRAUS, ROSCAVEL, 1 1/4\", AGUA FRIA PREDIAL","UN    ",8.7]
[3508,"JOELHO PVC, 90 GRAUS, ROSCAVEL, 2\", AGUA FRIA PREDIAL","UN    ",19.8]
[38939,"JOELHO ROSCA FEMEA MOVEL, METALICO, PARA CONEXAO COM ANEL DESLIZANTE EM TUBO PEX, DN 16 MM X 1/2\"","UN    ",12.01]
[38940,"JOELHO ROSCA FEMEA MOVEL, METALICO, PARA CONEXAO COM ANEL DESLIZANTE EM TUBO PEX, DN 20 MM X 1/2\"","UN    ",18.34]
[38941,"JOELHO ROSCA FEMEA MOVEL, METALICO, PARA CONEXAO COM ANEL DESLIZANTE EM TUBO PEX, DN 20 MM X 3/4\"","UN    ",21.66]
[38942,"JOELHO ROSCA FEMEA MOVEL, METALICO, PARA CONEXAO COM ANEL DESLIZANTE EM TUBO PEX, DN 25 MM X 3/4\"","UN    ",24.27]
[38987,"JOELHO 45 GRAUS, PPR, SOLDAVEL, F/ F, DN 40 MM, PARA AQUA QUENTE E FRIA PREDIAL","UN    ",4.61]
[38988,"JOELHO 45 GRAUS, PPR, SOLDAVEL, F/ F, DN 50 MM, PARA AQUA QUENTE E FRIA PREDIAL","UN    ",10.72]
[38989,"JOELHO 45 GRAUS, PPR, SOLDAVEL, F/ F, DN 63 MM, PARA AQUA QUENTE E FRIA PREDIAL","UN    ",14.24]
[38990,"JOELHO 45 GRAUS, PPR, SOLDAVEL, F/ F, DN 75 MM, PARA AQUA QUENTE E FRIA PREDIAL","UN    ",37.55]
[38991,"JOELHO 45 GRAUS, PPR, SOLDAVEL, F/ F, DN 90 MM, PARA AQUA QUENTE E FRIA PREDIAL","UN    ",75.87]
[38913,"JOELHO 90 GRAUS, METALICO, PARA CONEXAO COM ANEL DESLIZANTE EM TUBO PEX, DN 16 MM","UN    ",11.14]
[38914,"JOELHO 90 GRAUS, METALICO, PARA CONEXAO COM ANEL DESLIZANTE EM TUBO PEX, DN 20 MM","UN    ",12.93]
[38915,"JOELHO 90 GRAUS, METALICO, PARA CONEXAO COM ANEL DESLIZANTE EM TUBO PEX, DN 25 MM","UN    ",22.45]
[38916,"JOELHO 90 GRAUS, METALICO, PARA CONEXAO COM ANEL DESLIZANTE EM TUBO PEX, DN 32 MM","UN    ",29.61]
[39300,"JOELHO 90 GRAUS, PLASTICO, PARA CONEXAO COM CRIMPAGEM EM TUBO PEX, DN 16 MM","UN    ",10.07]
[39301,"JOELHO 90 GRAUS, PLASTICO, PARA CONEXAO COM CRIMPAGEM EM TUBO PEX, DN 20 MM","UN    ",13.97]
[39302,"JOELHO 90 GRAUS, PLASTICO, PARA CONEXAO COM CRIMPAGEM EM TUBO PEX, DN 25 MM","UN    ",17.55]
[39303,"JOELHO 90 GRAUS, PLASTICO, PARA CONEXAO COM CRIMPAGEM EM TUBO PEX, DN 32 MM","UN    ",30.87]
[38923,"JOELHO 90 GRAUS, ROSCA FEMEA TERMINAL, METALICO, PARA CONEXAO COM ANEL DESLIZANTE EM TUBO PEX, DN 16 MM X 1/2\"","UN    ",9.83]
[38925,"JOELHO 90 GRAUS, ROSCA FEMEA TERMINAL, METALICO, PARA CONEXAO COM ANEL DESLIZANTE EM TUBO PEX, DN 20 MM X 1/2\"","UN    ",10.56]
[38926,"JOELHO 90 GRAUS, ROSCA FEMEA TERMINAL, METALICO, PARA CONEXAO COM ANEL DESLIZANTE EM TUBO PEX, DN 20 MM X 3/4\"","UN    ",15.09]
[38927,"JOELHO 90 GRAUS, ROSCA FEMEA TERMINAL, METALICO, PARA CONEXAO COM ANEL DESLIZANTE EM TUBO PEX, DN 25 MM X 3/4\"","UN    ",16.14]
[39304,"JOELHO 90 GRAUS, ROSCA FEMEA TERMINAL, PLASTICO, PARA CONEXAO COM CRIMPAGEM EM TUBO PEX, DN 16 MM X 1/2\"","UN    ",12.43]
[38924,"JOELHO 90 GRAUS, ROSCA FEMEA TERMINAL, PLASTICO, PARA CONEXAO COM CRIMPAGEM EM TUBO PEX, DN 16 MM X 3/4\"","UN    ",17.72]
[39305,"JOELHO 90 GRAUS, ROSCA FEMEA TERMINAL, PLASTICO, PARA CONEXAO COM CRIMPAGEM EM TUBO PEX, DN 20 MM X 1/2\"","UN    ",16.28]
[39306,"JOELHO 90 GRAUS, ROSCA FEMEA TERMINAL, PLASTICO, PARA CONEXAO COM CRIMPAGEM EM TUBO PEX, DN 20 MM X 3/4\"","UN    ",20.37]
[38928,"JOELHO 90 GRAUS, ROSCA FEMEA TERMINAL, PLASTICO, PARA CONEXAO COM CRIMPAGEM EM TUBO PEX, DN 25 MM X 1/2\"","UN    ",17.89]
[38929,"JOELHO 90 GRAUS, ROSCA FEMEA TERMINAL, PLASTICO, PARA CONEXAO COM CRIMPAGEM EM TUBO PEX, DN 25 MM X 1\"","UN    ",31.72]
[39307,"JOELHO 90 GRAUS, ROSCA FEMEA TERMINAL, PLASTICO, PARA CONEXAO COM CRIMPAGEM EM TUBO PEX, DN 25 MM X 3/4\"","UN    ",23.44]
[38930,"JOELHO 90 GRAUS, ROSCA FEMEA TERMINAL, PLASTICO, PARA CONEXAO COM CRIMPAGEM EM TUBO PEX, DN 32 MM X 1\"","UN    ",39.85]
[38931,"JOELHO 90 GRAUS, ROSCA MACHO TERMINAL, METALICO, PARA CONEXAO COM ANEL DESLIZANTE EM TUBO PEX, DN 16 MM X 1/2\"","UN    ",10.03]
[38932,"JOELHO 90 GRAUS, ROSCA MACHO TERMINAL, METALICO, PARA CONEXAO COM ANEL DESLIZANTE EM TUBO PEX, DN 20 MM X 1/2\"","UN    ",10.13]
[38934,"JOELHO 90 GRAUS, ROSCA MACHO TERMINAL, METALICO, PARA CONEXAO COM ANEL DESLIZANTE EM TUBO PEX, DN 20 MM X 3/4\"","UN    ",14.98]
[38935,"JOELHO 90 GRAUS, ROSCA MACHO TERMINAL, METALICO, PARA CONEXAO COM ANEL DESLIZANTE EM TUBO PEX, DN 25 MM X 3/4\"","UN    ",16.02]
[38936,"JOELHO 90 GRAUS, ROSCA MACHO TERMINAL, PLASTICO, PARA CONEXAO COM CRIMPAGEM EM TUBO PEX, DN 25 MM X 1/2\"","UN    ",17.16]
[38937,"JOELHO 90 GRAUS, ROSCA MACHO TERMINAL, PLASTICO, PARA CONEXAO COM CRIMPAGEM EM TUBO PEX, DN 25 MM X 1\"","UN    ",20.92]
[38938,"JOELHO 90 GRAUS, ROSCA MACHO TERMINAL, PLASTICO, PARA CONEXAO COM CRIMPAGEM EM TUBO PEX, DN 32 MM X 1\"","UN    ",31.1]
[3489,"JOELHO, PVC COM ROSCA E BUCHA LATAO, 90 GRAUS,  3/4\", PARA AGUA FRIA PREDIAL","UN    ",8.32]
[20151,"JOELHO, PVC SERIE R, 45 GRAUS, DN 100 MM, PARA ESGOTO PREDIAL","UN    ",17.93]
[20152,"JOELHO, PVC SERIE R, 45 GRAUS, DN 150 MM, PARA ESGOTO PREDIAL","UN    ",56.86]
[20148,"JOELHO, PVC SERIE R, 45 GRAUS, DN 40 MM, PARA ESGOTO PREDIAL","UN    ",3.3]
[20149,"JOELHO, PVC SERIE R, 45 GRAUS, DN 50 MM, PARA ESGOTO PREDIAL","UN    ",4.96]
[20150,"JOELHO, PVC SERIE R, 45 GRAUS, DN 75 MM, PARA ESGOTO PREDIAL","UN    ",13.05]
[20157,"JOELHO, PVC SERIE R, 90 GRAUS, DN 100 MM, PARA ESGOTO PREDIAL","UN    ",22.3]
[20158,"JOELHO, PVC SERIE R, 90 GRAUS, DN 150 MM, PARA ESGOTO PREDIAL","UN    ",73.14]
[20154,"JOELHO, PVC SERIE R, 90 GRAUS, DN 40 MM, PARA ESGOTO PREDIAL","UN    ",3.63]
[20155,"JOELHO, PVC SERIE R, 90 GRAUS, DN 50 MM, PARA ESGOTO PREDIAL","UN    ",5.68]
[20156,"JOELHO, PVC SERIE R, 90 GRAUS, DN 75 MM, PARA ESGOTO PREDIAL","UN    ",13.51]
[3512,"JOELHO, PVC SOLDAVEL, 45 GRAUS, 110 MM, PARA AGUA FRIA PREDIAL","UN    ",121.9]
[3499,"JOELHO, PVC SOLDAVEL, 45 GRAUS, 20 MM, PARA AGUA FRIA PREDIAL","UN    ",0.51]
[3500,"JOELHO, PVC SOLDAVEL, 45 GRAUS, 25 MM, PARA AGUA FRIA PREDIAL","UN    ",0.89]
[3501,"JOELHO, PVC SOLDAVEL, 45 GRAUS, 32 MM, PARA AGUA FRIA PREDIAL","UN    ",2.37]
[3502,"JOELHO, PVC SOLDAVEL, 45 GRAUS, 40 MM, PARA AGUA FRIA PREDIAL","UN    ",3.45]
[3503,"JOELHO, PVC SOLDAVEL, 45 GRAUS, 50 MM, PARA AGUA FRIA PREDIAL","UN    ",4.31]
[3477,"JOELHO, PVC SOLDAVEL, 45 GRAUS, 60 MM, PARA AGUA FRIA PREDIAL","UN    ",15.48]
[3478,"JOELHO, PVC SOLDAVEL, 45 GRAUS, 75 MM, PARA AGUA FRIA PREDIAL","UN    ",37.52]
[3525,"JOELHO, PVC SOLDAVEL, 45 GRAUS, 85 MM, PARA AGUA FRIA PREDIAL","UN    ",42.5]
[3511,"JOELHO, PVC SOLDAVEL, 90 GRAUS, 75 MM, PARA AGUA FRIA PREDIAL","UN    ",50.83]
[38917,"JOELHO, ROSCA FEMEA, COM BASE FIXA, METALICO, PARA CONEXAO COM ANEL DESLIZANTE EM TUBO PEX, DN 16 MM X 1/2\"","UN    ",9.6]
[38919,"JOELHO, ROSCA FEMEA, COM BASE FIXA, METALICO, PARA CONEXAO COM ANEL DESLIZANTE EM TUBO PEX, DN 20 MM X 1/2\"","UN    ",14.28]
[38922,"JOELHO, ROSCA FEMEA, COM BASE FIXA, METALICO, PARA CONEXAO COM ANEL DESLIZANTE EM TUBO PEX, DN 25 MM X 3/4\"","UN    ",18.45]
[38921,"JOELHO, ROSCA FEMEA, COM BASE FIXA, PLASTICO, PARA CONEXAO COM CRIMPAGEM EM TUBO PEX, DN 25 MM X 1/2\"","UN    ",22.81]
[38918,"JOELHO, ROSCA FEMEA, COM BASE FIXA, PLASTICO, PARA CONEXAO POR CRIMPAGEM EM TUBO PEX, DN 16 MM X 3/4\"","UN    ",21.68]
[38920,"JOELHO, ROSCA FEMEA, COM BASE FIXA, PLASTICO, PARA CONEXAO POR CRIMPAGEM EM TUBO PEX, DN 20 MM X 3/4\"","UN    ",27.11]
[3104,"JOGO DE FERRAGENS CROMADAS P/ PORTA DE VIDRO TEMPERADO, UMA FOLHA COMPOSTA: DOBRADICA SUPERIOR (101) E INFERIOR (103),TRINCO (502), FECHADURA (520),CONTRA FECHADURA (531),COM CAPUCHINHO","CJ    ",339.46]
[12032,"JOGO DE TRANQUETA E ROSETA QUADRADA DE SOBREPOR SEM FUROS, EM LATAO CROMADO, *50 X 50* MM, PARA FECHADURA DE PORTA DE BANHEIRO","JG    ",38.64]
[12030,"JOGO DE TRANQUETA E ROSETA REDONDA DE SOBREPOR SEM FUROS, EM LATAO CROMADO, DIAMETRO *50* MM, PARA FECHADURA DE PORTA DE BANHEIRO","JG    ",36.3]
[10908,"JUNCAO DE REDUCAO INVERTIDA, PVC SOLDAVEL, 100 X 50 MM, SERIE NORMAL PARA ESGOTO PREDIAL","UN    ",9.56]
[10909,"JUNCAO DE REDUCAO INVERTIDA, PVC SOLDAVEL, 100 X 75 MM, SERIE NORMAL PARA ESGOTO PREDIAL","UN    ",11.62]
[3669,"JUNCAO DE REDUCAO INVERTIDA, PVC SOLDAVEL, 75 X 50 MM, SERIE NORMAL PARA ESGOTO PREDIAL","UN    ",7]
[20138,"JUNCAO DE REDUCAO SIMPLES, COM BOLSA PARA ANEL, PVC LEVE,  150 X 100 MM, PARA ESGOTO PREDIAL","UN    ",57.31]
[20139,"JUNCAO DUPLA, PVC SERIE R, DN 100 X 100 X 100 MM, PARA ESGOTO PREDIAL","UN    ",50.83]
[3668,"JUNCAO DUPLA, PVC SOLDAVEL, DN 100 X 100 X 100 MM , SERIE NORMAL PARA ESGOTO PREDIAL","UN    ",23.02]
[3656,"JUNCAO DUPLA, PVC SOLDAVEL, DN 75 X 75 X 75 MM , SERIE NORMAL PARA ESGOTO PREDIAL","UN    ",11.62]
[10911,"JUNCAO INVERTIDA, PVC SOLDAVEL, 75 X 75 MM, SERIE NORMAL PARA ESGOTO PREDIAL","UN    ",11.01]
[3654,"JUNCAO PVC  ROSCAVEL, 45 GRAUS, 1/2\", PARA AGUA FRIA PREDIAL","UN    ",7.22]
[3663,"JUNCAO PVC  ROSCAVEL, 45 GRAUS, 1\", PARA AGUA FRIA PREDIAL","UN    ",14.56]
[3664,"JUNCAO PVC  ROSCAVEL, 45 GRAUS, 3/4\", PARA AGUA FRIA PREDIAL","UN    ",8.33]
[3655,"JUNCAO PVC, 45 GRAUS, ROSCAVEL, 1 1/2\", PARA AGUA FRIA PREDIAL","UN    ",30.36]
[3657,"JUNCAO PVC, 45 GRAUS, ROSCAVEL, 1 1/4\", AGUA FRIA PREDIAL","UN    ",22.35]
[3665,"JUNCAO PVC, 45 GRAUS, ROSCAVEL, 2\", AGUA FRIA PREDIAL","UN    ",45.69]
[12625,"JUNCAO PVC, 60 GRAUS, CIRCULAR,  DIAMETRO ENTRE 80 E 100 MM, PARA DRENAGEM PLUVIAL PREDIAL","UN    ",9.66]
[20136,"JUNCAO SIMPLES, PVC LEVE, 150 MM, PARA ESGOTO PREDIAL","UN    ",85.52]
[20144,"JUNCAO SIMPLES, PVC SERIE R, DN 100 X 100 MM, PARA ESGOTO PREDIAL","UN    ",40.96]
[20143,"JUNCAO SIMPLES, PVC SERIE R, DN 100 X 75 MM, PARA ESGOTO PREDIAL","UN    ",39.42]
[20145,"JUNCAO SIMPLES, PVC SERIE R, DN 150 X 100 MM, PARA ESGOTO PREDIAL","UN    ",94.46]
[20146,"JUNCAO SIMPLES, PVC SERIE R, DN 150 X 150 MM, PARA ESGOTO PREDIAL","UN    ",114.88]
[20140,"JUNCAO SIMPLES, PVC SERIE R, DN 40 X 40 MM, PARA ESGOTO PREDIAL","UN    ",6.8]
[20141,"JUNCAO SIMPLES, PVC SERIE R, DN 50 X 50 MM, PARA ESGOTO PREDIAL","UN    ",10.22]
[20142,"JUNCAO SIMPLES, PVC SERIE R, DN 75 X 75 MM, PARA ESGOTO PREDIAL","UN    ",25.98]
[3659,"JUNCAO SIMPLES, PVC, DN 100 X 50 MM, SERIE NORMAL PARA ESGOTO PREDIAL","UN    ",9.77]
[3660,"JUNCAO SIMPLES, PVC, DN 100 X 75 MM, SERIE NORMAL PARA ESGOTO PREDIAL","UN    ",13.33]
[3662,"JUNCAO SIMPLES, PVC, DN 50 X 50 MM, SERIE NORMAL PARA ESGOTO PREDIAL","UN    ",5.05]
[3661,"JUNCAO SIMPLES, PVC, DN 75 X 50 MM, SERIE NORMAL PARA ESGOTO PREDIAL","UN    ",7.5]
[3658,"JUNCAO SIMPLES, PVC, DN 75 X 75 MM, SERIE NORMAL PARA ESGOTO PREDIAL","UN    ",9.56]
[3670,"JUNCAO SIMPLES, PVC, 45 GRAUS, DN 100 X 100 MM, SERIE NORMAL PARA ESGOTO PREDIAL","UN    ",13.52]
[3666,"JUNCAO SIMPLES, PVC, 45 GRAUS, DN 40 X 40 MM, SERIE NORMAL PARA ESGOTO PREDIAL","UN    ",2.12]
[14157,"JUNCAO 2 GARRAS PARA FITA PERFURADA","UN    ",1.22]
[10865,"JUNCAO, PVC PBA, BBB, DN 50 / DE 60 MM, PARA REDE DE AGUA (NBR 5647)","UN    ",13.36]
[3653,"JUNCAO, PVC, 45 GRAUS, JE, BBB, DN 100 MM, PARA REDE COLETORA DE ESGOTO (NBR 10569)","UN    ",26.97]
[3649,"JUNCAO, PVC, 45 GRAUS, JE, BBB, DN 150 MM, PARA REDE COLETORA DE ESGOTO (NBR 10569)","UN    ",69.06]
[3651,"JUNCAO, PVC, 45 GRAUS, JE, BBB, DN 200 MM, PARA REDE COLETORA DE ESGOTO (NBR 10569)","UN    ",104]
[3650,"JUNCAO, PVC, 45 GRAUS, JE, BBB, DN 250 MM, PARA REDE COLETORA DE ESGOTO (NBR 10569)","UN    ",144.87]
[3645,"JUNCAO, PVC, 45 GRAUS, JE, BBB, DN 300 MM, PARA REDE COLETORA DE ESGOTO (NBR 10569)","UN    ",316.03]
[3646,"JUNCAO, PVC, 45 GRAUS, JE, BBB, DN 350 MM, PARA REDE COLETORA DE ESGOTO (NBR 10569)","UN    ",514.54]
[3647,"JUNCAO, PVC, 45 GRAUS, JE, BBB, DN 400 MM, PARA REDE COLETORA DE ESGOTO (NBR 10569)","UN    ",590.84]
[39875,"JUNTA DE EXPANSAO BRONZE/LATAO (REF 900), PONTA X PONTA, 35 MM","UN    ",313.19]
[39876,"JUNTA DE EXPANSAO BRONZE/LATAO (REF 900), PONTA X PONTA, 42 MM","UN    ",392.12]
[39877,"JUNTA DE EXPANSAO BRONZE/LATAO (REF 900), PONTA X PONTA, 54 MM","UN    ",543.86]
[39878,"JUNTA DE EXPANSAO BRONZE/LATAO (REF 900), PONTA X PONTA, 66 MM","UN    ",718.34]
[39872,"JUNTA DE EXPANSAO DE COBRE (REF 900), PONTA X PONTA, 15 MM","UN    ",214.78]
[39873,"JUNTA DE EXPANSAO DE COBRE (REF 900), PONTA X PONTA, 22 MM","UN    ",249.13]
[39874,"JUNTA DE EXPANSAO DE COBRE (REF 900), PONTA X PONTA, 28 MM","UN    ",273.64]
[3674,"JUNTA DILATACAO ELASTICA PARA CONCRETO (FUGENBAND) O-12, ATE 5 MCA","M     ",58.37]
[3681,"JUNTA DILATACAO ELASTICA PARA CONCRETO (FUGENBAND) O-22, ATE 30 MCA","M     ",86.85]
[3676,"JUNTA DILATACAO ELASTICA PARA CONCRETO (FUGENBAND) O-35/10, ATE 100 MCA","M     ",326.87]
[3679,"JUNTA DILATACAO ELASTICA PARA CONCRETO (FUGENBAND) O-35/6, ATE 100 MCA","M     ",270.42]
[3672,"JUNTA PLASTICA DE DILATACAO PARA PISOS, COR CINZA, 10 X 4,5 MM (ALTURA X ESPESSURA)","M     ",0.92]
[3671,"JUNTA PLASTICA DE DILATACAO PARA PISOS, COR CINZA, 17 X 3 MM (ALTURA X ESPESSURA)","M     ",0.87]
[3673,"JUNTA PLASTICA DE DILATACAO PARA PISOS, COR CINZA, 27 X 3 MM (ALTURA X ESPESSURA)","M     ",1.36]
[38394,"KIT ACESSORIOS PARA COMPRESSOR DE AR, 5 PECAS (PISTOLAS PINTURA, LIMPEZA E PULVERIZACAO, CALIBRADOR E MANGUEIRA)","UN    ",218.42]
[3729,"KIT CAVALETE PVC COM REGISTRO 1/2\", COMPLETO","UN    ",33.75]
[63,"KIT CAVALETE PVC COM REGISTRO 3/4\", COMPLETO","UN    ",31.96]
[39357,"KIT CHASSI COZINHA, CUBA SIMPLES SEM MAQUINA LAVAR LOUCA PARA INSTALACAO PEX, QUADRO METALICO COM TRAVESSA COM FURO PARA ESGOTO DN 50 MM E FUROS SUPERIORES PARA AGUA, LARGURA *340* MM X ALTURA *650* MM, PARA CONEXAO COM ANEL DESLIZANTE (INCLUI TUBOS E CONEXOES PEX E TUBO E CONEXAO ESGOTO, NAO INCLUI CARENAGEM)","UN    ",87.21]
[39358,"KIT CHASSI COZINHA, CUBA SIMPLES SEM MAQUINA LAVAR LOUCA PARA INSTALACAO PEX, QUADRO METALICO COM TRAVESSA COM FURO PARA ESGOTO DN 50 MM E FUROS SUPERIORES PARA AGUA, LARGURA *340* MM X ALTURA *650* MM, PARA CONEXAO COM CRIMPAGEM (INCLUI TUBOS E CONEXOESPEX E TUBO E CONEXAO ESGOTO, NAO INCLUI CARENAGEM)","UN    ",95.63]
[39356,"KIT CHASSI TANQUE COM MAQUINA LAVAR ROUPA PARA INSTALACAO PEX, QUADRO METALICO COM TRAVESSA COM  FURO PARA ESGOTO DN 50 MM, FURO LATERAL PARA MAQUINA E FUROS SUPERIORES PARA AGUA, LARGURA *344* MM X ALTURA *442* MM, PARA CONEXAO COM CRIMPAGEM (INCLUI TUBOS E CONEXOES PEX E TUBO E CONEXAO ESGOTO, NAO INCLUI CARENAGEM)","UN    ",163.15]
[39355,"KIT CHASSI TANQUE COM MAQUINA LAVAR ROUPA PARA INSTALACAO PEX, QUADRO METALICO COM TRAVESSA COM FURO PARA ESGOTO DN 50 MM, FURO LATERAL PARA MAQUINA E FUROS SUPERIORES PARA AGUA, LARGURA *344* MM X ALTURA *442* MM, PARA CONEXAO COM ANEL DESLIZANTE (INCLUI TUBOS E CONEXOES PEX E TUBO E CONEXAO ESGOTO, NAO INCLUI CARENAGEM)","UN    ",140.39]
[39353,"KIT CHUVEIRO PARA INSTALACAO PEX, QUADRO METALICO COM 2 TRAVESSAS, SUPERIOR COM ESPERA PARA CHUVEIRO E INFERIOR COM 2 REGISTROS DE PRESSAO DE 1/2 \", LARGURA DE *390* MM X ALTURA DE *900* MM, PARA CONEXAO COM ANEL DESLIZANTE (INCLUI REGISTROS PRESSAO E TUBOS PEX COM CONEXOES, SEM REGISTRO GAVETA, NAO INCLUI CARENAGEM)","UN    ",192.53]
[39354,"KIT CHUVEIRO PARA INSTALACAO PEX, QUADRO METALICO COM 2 TRAVESSAS, SUPERIOR COM ESPERA PARA CHUVEIRO E INFERIOR COM 2 REGISTROS DE PRESSAO DE 1/2 \", LARGURA DE *390* MM X ALTURA DE *900* MM, PARA CONEXAO COM CRIMPAGEM (INCLUI REGISTROS PRESSAO E TUBOS PEX COM CONEXOES, SEM REGISTRO GAVETA, NAO INCLUI CARENAGEM)","UN    ",191.88]
[39398,"KIT DE ACESSORIOS PARA BANHEIRO EM METAL CROMADO, 5 PECAS","UN    ",78.43]
[13343,"KIT DE MATERIAIS PARA BRACADEIRA PARA FIXACAO EM POSTE CIRCULAR, CONTEM TRES FIXADORES E UM ROLO DE FITA DE 3 M EM ACO CARBONO","UN    ",23.49]
[12118,"KIT DE PROTECAO ARSTOP PARA AR CONDICIONADO, TOMADA PADRAO 2P+T 20 A, COM DISJUNTOR UNIPOLAR DIN 20A","UN    ",16.98]
[39482,"KIT PORTA PRONTA DE MADEIRA, FOLHA LEVE (NBR 15930) DE 60 X 210 CM, E = *35* MM, COM MARCO EM ACO, NUCLEO COLMEIA, CAPA LISA EM HDF, ACABAMENTO MELAMINICO BRANCO (INCLUI MARCO, ALIZARES, DOBRADICAS E FECHADURA)","UN    ",375]
[39486,"KIT PORTA PRONTA DE MADEIRA, FOLHA LEVE (NBR 15930) DE 60 X 210 CM, E = 35 MM, NUCLEO COLMEIA, ESTRUTURA USINADA PARA FECHADURA, CAPA LISA EM HDF, ACABAMENTO EM PRIMER PARA PINTURA (INCLUI MARCO, ALIZARES E DOBRADICAS)","UN    ",330.38]
[39483,"KIT PORTA PRONTA DE MADEIRA, FOLHA LEVE (NBR 15930) DE 70 X 210 CM, E = *35* MM, COM MARCO EM ACO, NUCLEO COLMEIA, CAPA LISA EM HDF, ACABAMENTO MELAMINICO BRANCO (INCLUI MARCO, ALIZARES, DOBRADICAS E FECHADURA)","UN    ",357.66]
[39487,"KIT PORTA PRONTA DE MADEIRA, FOLHA LEVE (NBR 15930) DE 70 X 210 CM, E = 35 MM, NUCLEO COLMEIA, ESTRUTURA USINADA PARA FECHADURA, CAPA LISA EM HDF, ACABAMENTO EM PRIMER PARA PINTURA (INCLUI MARCO, ALIZARES E DOBRADICAS)","UN    ",333.79]
[39484,"KIT PORTA PRONTA DE MADEIRA, FOLHA LEVE (NBR 15930) DE 80 X 210 CM, E = *35* MM, COM MARCO EM ACO, NUCLEO COLMEIA, CAPA LISA EM HDF, ACABAMENTO MELAMINICO BRANCO (INCLUI MARCO, ALIZARES, DOBRADICAS E FECHADURA)","UN    ",361.07]
[39488,"KIT PORTA PRONTA DE MADEIRA, FOLHA LEVE (NBR 15930) DE 80 X 210 CM, E = 35 MM, NUCLEO COLMEIA, ESTRUTURA USINADA PARA FECHADURA, CAPA LISA EM HDF, ACABAMENTO EM PRIMER PARA PINTURA (INCLUI MARCO, ALIZARES E DOBRADICAS)","UN    ",337.2]
[39485,"KIT PORTA PRONTA DE MADEIRA, FOLHA LEVE (NBR 15930) DE 90 X 210 CM, E = *35* MM, COM MARCO EM ACO, NUCLEO COLMEIA, CAPA LISA EM HDF, ACABAMENTO MELAMINICO BRANCO (INCLUI MARCO, ALIZARES, DOBRADICAS E FECHADURA)","UN    ",378.13]
[39489,"KIT PORTA PRONTA DE MADEIRA, FOLHA LEVE (NBR 15930) DE 90 X 210 CM, E = 35 MM, NUCLEO COLMEIA, ESTRUTURA USINADA PARA FECHADURA, CAPA LISA EM HDF, ACABAMENTO EM PRIMER PARA PINTURA (INCLUI MARCO, ALIZARES E DOBRADICAS)","UN    ",354.27]
[39494,"KIT PORTA PRONTA DE MADEIRA, FOLHA MEDIA (NBR 15930) DE 60 X 210 CM, E = 35 MM, NUCLEO SARRAFEADO, ESTRUTURA USINADA PARA FECHADURA, CAPA LISA EM HDF, ACABAMENTO EM PRIMER PARA PINTURA (INCLUI MARCO, ALIZARES E DOBRADICAS)","UN    ",361.36]
[39490,"KIT PORTA PRONTA DE MADEIRA, FOLHA MEDIA (NBR 15930) DE 60 X 210 CM, E = 35 MM, NUCLEO SARRAFEADO, ESTRUTURA USINADA PARA FECHADURA, CAPA LISA EM HDF, ACABAMENTO MELAMINICO BRANCO (INCLUI MARCO, ALIZARES E DOBRADICAS)","UN    ",409.63]
[39495,"KIT PORTA PRONTA DE MADEIRA, FOLHA MEDIA (NBR 15930) DE 70 X 210 CM, E = 35 MM, NUCLEO SARRAFEADO, ESTRUTURA USINADA PARA FECHADURA, CAPA LISA EM HDF, ACABAMENTO EM PRIMER PARA PINTURA (INCLUI MARCO, ALIZARES E DOBRADICAS)","UN    ",375]
[39491,"KIT PORTA PRONTA DE MADEIRA, FOLHA MEDIA (NBR 15930) DE 70 X 210 CM, E = 35 MM, NUCLEO SARRAFEADO, ESTRUTURA USINADA PARA FECHADURA, CAPA LISA EM HDF, ACABAMENTO MELAMINICO BRANCO (INCLUI MARCO, ALIZARES E DOBRADICAS)","UN    ",422.72]
[39496,"KIT PORTA PRONTA DE MADEIRA, FOLHA MEDIA (NBR 15930) DE 80 X 210 CM, E = 35 MM, NUCLEO SARRAFEADO, ESTRUTURA USINADA PARA FECHADURA, CAPA LISA EM HDF, ACABAMENTO EM PRIMER PARA PINTURA (INCLUI MARCO, ALIZARES E DOBRADICAS)","UN    ",388.5]
[39492,"KIT PORTA PRONTA DE MADEIRA, FOLHA MEDIA (NBR 15930) DE 80 X 210 CM, E = 35 MM, NUCLEO SARRAFEADO, ESTRUTURA USINADA PARA FECHADURA, CAPA LISA EM HDF, ACABAMENTO MELAMINICO BRANCO (INCLUI MARCO, ALIZARES E DOBRADICAS)","UN    ",425.31]
[39497,"KIT PORTA PRONTA DE MADEIRA, FOLHA MEDIA (NBR 15930) DE 90 X 210 CM, E = 35 MM, NUCLEO SARRAFEADO, ESTRUTURA USINADA PARA FECHADURA, CAPA LISA EM HDF, ACABAMENTO EM PRIMER PARA PINTURA (INCLUI MARCO, ALIZARES E DOBRADICAS)","UN    ",402.13]
[39493,"KIT PORTA PRONTA DE MADEIRA, FOLHA MEDIA (NBR 15930) DE 90 X 210 CM, E = 35 MM, NUCLEO SARRAFEADO, ESTRUTURA USINADA PARA FECHADURA, CAPA LISA EM HDF, ACABAMENTO MELAMINICO BRANCO (INCLUI MARCO, ALIZARES E DOBRADICAS)","UN    ",449.99]
[39500,"KIT PORTA PRONTA DE MADEIRA, FOLHA PESADA (NBR 15930) DE 80 X 210 CM, E = 35 MM, NUCLEO SOLIDO, CAPA LISA EM HDF, ACABAMENTO MELAMINICO BRANCO (INCLUI MARCO, ALIZARES, DOBRADICAS E FECHADURA EXTERNA)","UN    ",451.47]
[39498,"KIT PORTA PRONTA DE MADEIRA, FOLHA PESADA (NBR 15930) DE 80 X 210 CM, E = 35 MM, NUCLEO SOLIDO, ESTRUTURA USINADA PARA FECHADURA, CAPA LISA EM HDF, ACABAMENTO EM LAMINADO NATURAL COM VERNIZ (INCLUI MARCO, ALIZARES E DOBRADICAS)","UN    ",502.02]
[39501,"KIT PORTA PRONTA DE MADEIRA, FOLHA PESADA (NBR 15930) DE 90 X 210 CM, E = 35 MM, NUCLEO SOLIDO, CAPA LISA EM HDF, ACABAMENTO MELAMINICO BRANCO (INCLUI MARCO, ALIZARES, DOBRADICAS E FECHADURA EXTERNA)","UN    ",463.22]
[39499,"KIT PORTA PRONTA DE MADEIRA, FOLHA PESADA (NBR 15930) DE 90 X 210 CM, E = 35 MM, NUCLEO SOLIDO, ESTRUTURA USINADA PARA FECHADURA, CAPA LISA EM HDF, ACABAMENTO EM LAMINADO NATURAL COM VERNIZ (INCLUI MARCO, ALIZARES E DOBRADICAS)","UN    ",544.6]
[3733,"LADRILHO HIDRAULICO, *20 x 20* CM, E= 2 CM, PADRAO COPACABANA, 2 CORES (PRETO E BRANCO)","M2    ",48.22]
[3731,"LADRILHO HIDRAULICO, *20 X 20* CM, E= 2 CM, DADOS, COR NATURAL","M2    ",44.76]
[38137,"LADRILHO HIDRAULICO, *20 X 20* CM, E= 2 CM, RAMPA, NATURAL","M2    ",45.02]
[38135,"LADRILHO HIDRAULICO, *20 X 20* CM, E= 2 CM, TATIL ALERTA OU DIRECIONAL, AMARELO","M2    ",57.07]
[38138,"LADRILHO HIDRAULICO, *30 X 30* CM, E= 2 CM, MILANO, NATURAL","M2    ",44.21]
[3736,"LAJE PRE-MOLDADA CONVENCIONAL (LAJOTAS + VIGOTAS) PARA FORRO, UNIDIRECIONAL, SOBRECARGA DE 100 KG/M2, VAO ATE 4,00 M (SEM COLOCACAO)","M2    ",29.12]
[3741,"LAJE PRE-MOLDADA CONVENCIONAL (LAJOTAS + VIGOTAS) PARA FORRO, UNIDIRECIONAL, SOBRECARGA DE 100 KG/M2, VAO ATE 4,50 M (SEM COLOCACAO)","M2    ",30.35]
[3745,"LAJE PRE-MOLDADA CONVENCIONAL (LAJOTAS + VIGOTAS) PARA FORRO, UNIDIRECIONAL, SOBRECARGA 100 KG/M2, VAO ATE 5,00 M (SEM COLOCACAO)","M2    ",32.73]
[3743,"LAJE PRE-MOLDADA CONVENCIONAL (LAJOTAS + VIGOTAS) PARA PISO, UNIDIRECIONAL, SOBRECARGA DE 200 KG/M2, VAO ATE 3,50 M (SEM COLOCACAO)","M2    ",30.24]
[3744,"LAJE PRE-MOLDADA CONVENCIONAL (LAJOTAS + VIGOTAS) PARA PISO, UNIDIRECIONAL, SOBRECARGA DE 200 KG/M2, VAO ATE 4,50 M (SEM COLOCACAO)","M2    ",33.29]
[3739,"LAJE PRE-MOLDADA CONVENCIONAL (LAJOTAS + VIGOTAS) PARA PISO, UNIDIRECIONAL, SOBRECARGA DE 200 KG/M2, VAO ATE 5,00 M (SEM COLOCACAO)","M2    ",34.98]
[3737,"LAJE PRE-MOLDADA CONVENCIONAL (LAJOTAS + VIGOTAS) PARA PISO, UNIDIRECIONAL, SOBRECARGA DE 350 KG/M2, VAO ATE 4,50 M (SEM COLOCACAO)","M2    ",36.68]
[3738,"LAJE PRE-MOLDADA CONVENCIONAL (LAJOTAS + VIGOTAS) PARA PISO, UNIDIRECIONAL, SOBRECARGA DE 350 KG/M2, VAO ATE 5,00 M (SEM COLOCACAO)","M2    ",42.32]
[3747,"LAJE PRE-MOLDADA CONVENCIONAL (LAJOTAS + VIGOTAS) PARA PISO, UNIDIRECIONAL, SOBRECARGA 350 KG/M2 VAO ATE 3,50 M (SEM COLOCACAO)","M2    ",33.29]
[11649,"LAJE PRE-MOLDADA DE TRANSICAO EXCENTRICA EM CONCRETO ARMADO, DN 1200 MM, FURO CIRCULAR DN 600 MM, ESPESSURA 12 CM","UN    ",241.53]
[11650,"LAJE PRE-MOLDADA DE TRANSICAO EXCENTRICA EM CONCRETO ARMADO, DN 1500 MM, FURO CIRCULAR DN 530 MM, ESPESSURA 15 CM","UN    ",411.68]
[3742,"LAJE PRE-MOLDADA TRELICADA (LAJOTAS + VIGOTAS) PARA FORRO, UNIDIRECIONAL, SOBRECARGA DE 100 KG/M2, VAO ATE 6,00 M (SEM COLOCACAO)","M2    ",43.9]
[3746,"LAJE PRE-MOLDADA TRELICADA (LAJOTAS + VIGOTAS) PARA PISO, UNIDIRECIONAL, SOBRECARGA DE 200 KG/M2, VAO ATE 6,00 M (SEM COLOCACAO)","M2    ",51.26]
[13250,"LAJOTA CERAMICA 20  X 30 CM PARA LAJE PRE-MOLDADA","UN    ",0.54]
[11641,"LAJOTA CERAMICA 20 X 30 CM PARA LAJE PRE-MOLDADA","M2    ",9.11]
[21106,"LAMBRIS DE ALUMINIO *0,6* KG/M","KG    ",19.39]
[3755,"LAMPADA DE LUZ MISTA 160 W, BASE E27 (220 V)","UN    ",21.1]
[3750,"LAMPADA DE LUZ MISTA 250 W, BASE E27 (220 V)","UN    ",28.37]
[3756,"LAMPADA DE LUZ MISTA 500 W, BASE E40 (220 V)","UN    ",53.02]
[39377,"LAMPADA FLUORESCENTE COMPACTA BRANCA 135 W, BASE E40 (127/220 V)","UN    ",157.05]
[38191,"LAMPADA FLUORESCENTE COMPACTA 2U BRANCA 15 W, BASE E27 (127/220 V)","UN    ",11.69]
[39381,"LAMPADA FLUORESCENTE COMPACTA 2U/3U BRANCA 9/10 W, BASE E27 (127/220 V)","UN    ",10.9]
[38780,"LAMPADA FLUORESCENTE COMPACTA 3U BRANCA 20 W, BASE E27 (127/220 V)","UN    ",13.34]
[38781,"LAMPADA FLUORESCENTE ESPIRAL BRANCA 45 W, BASE E27 (127/220 V)","UN    ",45.04]
[38192,"LAMPADA FLUORESCENTE ESPIRAL BRANCA 65 W, BASE E27 (127/220 V)","UN    ",81.51]
[3753,"LAMPADA FLUORESCENTE TUBULAR T10, DE 20 OU 40 W, BIVOLT","UN    ",7.13]
[38782,"LAMPADA FLUORESCENTE TUBULAR T5 DE 14 W, BIVOLT","UN    ",9.29]
[38778,"LAMPADA FLUORESCENTE TUBULAR T8 DE 16/18 W, BIVOLT","UN    ",6.97]
[38779,"LAMPADA FLUORESCENTE TUBULAR T8 DE 32/36 W, BIVOLT","UN    ",7.39]
[39388,"LAMPADA LED TIPO DICROICA BIVOLT, LUZ BRANCA, 5 W (BASE GU10)","UN    ",36.01]
[39387,"LAMPADA LED TUBULAR BIVOLT 18/20 W, BASE G13","UN    ",60.73]
[39386,"LAMPADA LED TUBULAR BIVOLT 9/10 W, BASE G13","UN    ",40.17]
[38194,"LAMPADA LED 10 W BIVOLT BRANCA, FORMATO TRADICIONAL (BASE E27)","UN    ",34.24]
[38193,"LAMPADA LED 6 W BIVOLT BRANCA, FORMATO TRADICIONAL (BASE E27)","UN    ",25.33]
[12216,"LAMPADA VAPOR DE SODIO OVOIDE 150 W (BASE E40)","UN    ",40.76]
[3757,"LAMPADA VAPOR DE SODIO OVOIDE 250 W (BASE E40)","UN    ",47.13]
[3758,"LAMPADA VAPOR DE SODIO OVOIDE 400 W (BASE E40)","UN    ",54.95]
[12214,"LAMPADA VAPOR MERCURIO 125 W (BASE E27)","UN    ",18.82]
[3749,"LAMPADA VAPOR MERCURIO 250 W (BASE E40)","UN    ",33.54]
[3751,"LAMPADA VAPOR MERCURIO 400 W (BASE E40)","UN    ",45.77]
[39376,"LAMPADA VAPOR METALICO OVOIDE 150 W, BASE E27/E40","UN    ",38.59]
[3752,"LAMPADA VAPOR METALICO TUBULAR 400 W (BASE E40)","UN    ",75.51]
[746,"LAVADORA DE ALTA PRESSAO (LAVA-JATO) PARA AGUA FRIA, PRESSAO DE OPERACAO ENTRE 1400 E 1900 LIB/POL2, VAZAO MAXIMA ENTRE  400 E 700 L/H","UN    ",{"v":2674.26,"d":"2,674.26"}]
[36521,"LAVATORIO DE CANTO LOUCA BRANCA SUSPENSO *40 X 30* CM","UN    ",110.87]
[36794,"LAVATORIO LOUCA BRANCA COM COLUNA *44 X 35,5* CM","UN    ",113.02]
[10426,"LAVATORIO LOUCA BRANCA COM COLUNA *54 X 44* CM","UN    ",162.78]
[10425,"LAVATORIO LOUCA BRANCA SUSPENSO *40 X 30* CM","UN    ",71.78]
[10431,"LAVATORIO LOUCA COR COM COLUNA *54 X 44* CM","UN    ",178.58]
[10429,"LAVATORIO LOUCA COR SUSPENSO *40 X 30* CM","UN    ",85.61]
[20269,"LAVATORIO/CUBA DE EMBUTIR OVAL LOUCA BRANCA SEM LADRAO *50 X 35* CM","UN    ",70.56]
[20270,"LAVATORIO/CUBA DE EMBUTIR OVAL LOUCA COR SEM LADRAO *50 X 35* CM","UN    ",76.83]
[11696,"LAVATORIO/CUBA DE SOBREPOR OVAL PEQUENA LOUCA BRANCA SEM LADRAO *31 X 44*","UN    ",112.25]
[10427,"LAVATORIO/CUBA DE SOBREPOR RETANGULAR LOUCA BRANCA COM LADRAO *52 X 45* CM","UN    ",201.27]
[10428,"LAVATORIO/CUBA DE SOBREPOR RETANGULAR LOUCA COR COM LADRAO *52 X 45* CM","UN    ",204.27]
[2354,"LEITURISTA OU CADASTRISTA DE REDES DE AGUA E ESGOTO","H     ",8.59]
[40932,"LEITURISTA OU CADASTRISTA DE REDES DE AGUA E ESGOTO (MENSALISTA)","MES   ",{"v":1516.71,"d":"1,516.71"}]
[10853,"LETRA ACO INOX (AISI 304), CHAPA NUM. 22, RECORTADO, H= 20 CM (SEM RELEVO)","UN    ",54.91]
[5093,"LEVANTADOR DE JANELA GUILHOTINA, EM LATAO CROMADO","PAR   ",12.28]
[37768,"LIMPADORA A SUCCAO, TANQUE 12000 L, BASCULAMENTO HIDRAULICO, BOMBA 12 M3/MIN 95% VACUO (INCLUI MONTAGEM, NAO INCLUI CAMINHAO)","UN    ",{"v":78400,"d":"78,400.00"}]
[37773,"LIMPADORA DE SUCCAO TANQUE 7000 L, BOMBA 12 M3/MIN 95% VACUO (INCLUI MONTAGEM, NAO INCLUI CAMINHAO)","UN    ",{"v":66574.81,"d":"66,574.81"}]
[37769,"LIMPADORA DE SUCCAO, TANQUE 11000 L, BOMBA 340 M3/MIN (INCLUI MONTAGEM, NAO INCLUI CAMINHAO)","UN    ",{"v":111454.63,"d":"111,454.63"}]
[37770,"LIMPADORA DE SUCCAO, TANQUE 5500 L, BOMBA 60M3/MIN, VACUO 500 MBAR (INCLUI MONTAGEM, NAO INCLUI CAMINHAO)","UN    ",{"v":189156.29,"d":"189,156.29"}]
[38382,"LINHA DE PEDREIRO LISA 100 M","UN    ",7.95]
[6091,"LIQUIDO PARA BRILHO PAREDES INTERNAS","L     ",13.72]
[38383,"LIXA D'AGUA EM FOLHA, GRAO 100","UN    ",1.48]
[3768,"LIXA EM FOLHA PARA FERRO, NUMERO 150","UN    ",2.2]
[3767,"LIXA EM FOLHA PARA PAREDE OU MADEIRA, NUMERO 120 (COR VERMELHA)","UN    ",0.52]
[13192,"LIXADEIRA ELETRICA ANGULAR PARA CONCRETO, POTENCIA 1.400 W, PRATO DIAMANTADO DE 5''","UN    ",{"v":3824.79,"d":"3,824.79"}]
[38413,"LIXADEIRA ELETRICA ANGULAR, PARA DISCO DE 7 \" (180 MM), POTENCIA DE 2.200 W, *5.000* RPM, 220 V","UN    ",632.56]
[20193,"LOCACAO DE ANDAIME METALICO TIPO FACHADEIRO, LARGURA DE 1,20 M, ALTURA POR PECA DE 2,0 M, INCLUINDO SAPATAS E ITENS NECESSARIOS A INSTALACAO","M2/MES",1.49]
[10527,"LOCACAO DE ANDAIME METALICO TUBULAR DE ENCAIXE, TIPO DE TORRE, COM LARGURA DE 1 ATE 1,5 M E ALTURA DE *1,00* M","M/MES ",4.5]
[41805,"LOCACAO DE ANDAIME SUSPENSO OU BALANCIM MANUAL, CAPACIDADE DE CARGA TOTAL DE APROXIMADAMENTE 250 KG/M2, PLATAFORMA DE 1,50 M X 0,80 M (C X L), CABO DE 45 M","MES   ",400]
[40271,"LOCACAO DE APRUMADOR METALICO DE PILAR, COM ALTURA E ANGULO REGULAVEIS, EXTENSAO DE *1,50* A *2,80* M","MES   ",2.92]
[40287,"LOCACAO DE BARRA DE ANCORAGEM DE 0,80 A 1,20 M DE EXTENSAO, COM ROSCA DE 5/8\", INCLUINDO PORCA E FLANGE","MES   ",1.12]
[40295,"LOCACAO DE BOMBA MANUAL PARA TESTE HIDROSTATICO ATE 30 BAR","H     ",2.19]
[745,"LOCACAO DE BOMBA MANUAL PARA TESTE HIDROSTATICO ATE 60 BAR","H     ",2.32]
[4084,"LOCACAO DE BOMBA SUBMERSIVEL PARA DRENAGEM E ESGOTAMENTO, MOTOR ELETRICO TRIFASICO, POTENCIA DE 1 CV, DIAMETRO DE RECALQUE DE 2\". FAIXA DE OPERACAO: Q=25 M3/H (+ OU - 1 M3/H) E AMT=2 M; Q=12 M3/H (+ OU - 2 M3/H) E AMT = 12 M (+ OU - 2 M)","H     ",1.44]
[743,"LOCACAO DE BOMBA SUBMERSIVEL PARA DRENAGEM E ESGOTAMENTO, MOTOR ELETRICO TRIFASICO, POTENCIA DE 2 CV, DIAMETRO DE RECALQUE DE 2\". FAIXA DE OPERACAO: Q=35 M3/H (+ OU - 3 M3/H) E AMT=2 M; Q=13 M3/H (+ OU - 3 M3/H) E AMT = 17 M (+ OU - 3 M)","H     ",1.44]
[40293,"LOCACAO DE BOMBA SUBMERSIVEL PARA DRENAGEM E ESGOTAMENTO, MOTOR ELETRICO TRIFASICO, POTENCIA DE 2 CV, DIAMETRO DE RECALQUE DE 3\". FAIXA DE OPERACAO: Q=70 M3/H (+ OU - 2 M3/H) E AMT=2 M; Q=9,5 M3/H (+ OU - 3,5 M3/H) E AMT = 10 M (+ OU - 2 M)","H     ",1.72]
[40294,"LOCACAO DE BOMBA SUBMERSIVEL PARA DRENAGEM E ESGOTAMENTO, MOTOR ELETRICO TRIFASICO, POTENCIA DE 3 CV, DIAMETRO DE RECALQUE DE 2\". FAIXA DE OPERACAO: Q=84 M3/H (+ OU - 2,5 M3/H) E AMT=2 M; Q=9,1 M3/H (+ OU - 2 M3/H) E AMT = 12 M (+ OU - 2 M)","H     ",1.44]
[4085,"LOCACAO DE BOMBA SUBMERSIVEL PARA DRENAGEM E ESGOTAMENTO, MOTOR ELETRICO TRIFASICO, POTENCIA DE 4 CV, DIAMETRO DE RECALQUE DE 3\". FAIXA DE OPERACAO: Q=60 M3/H (+ OU - 1 M3/H) E AMT=2 M; Q=11 M3/H (+ OU - 1 M3/H) E AMT = 23 M (+ OU - 1 M)","H     ",2.01]
[1383,"LOCACAO DE CONJUNTO PARA REBAIXAMENTO DE LENCOL FREATICO, INCLUINDO BOMBA DE AGUA E DE VACUO, ACIONADAS POR MOTOR DE 15 A 20 HP, MONTADOS EM CHASSI SOBRE RODAS; 60 PONTEIRAS DE PVC DE 3,8 A 5,8 CM DE DIAMETRO E 1,0 M DE COMPRIMENTO; COLETORES DE PVC DE 4\" A 6\" DE DIAMETRO E EXTENSAO ENTRE 60 E 90 M","H     ",2.79]
[10775,"LOCACAO DE CONTAINER 2,30  X  6,00 M, ALT. 2,50 M, COM 1 SANITARIO, PARA ESCRITORIO, COMPLETO, SEM DIVISORIAS INTERNAS","MES   ",505]
[10776,"LOCACAO DE CONTAINER 2,30  X  6,00 M, ALT. 2,50 M, PARA ESCRITORIO, SEM DIVISORIAS INTERNAS E SEM SANITARIO","MES   ",394.53]
[10779,"LOCACAO DE CONTAINER 2,30 X 4,30 M, ALT. 2,50 M, P/ SANITARIO, C/ 5 BACIAS, 1 LAVATORIO E 4 MICTORIOS","MES   ",631.25]
[10777,"LOCACAO DE CONTAINER 2,30 X 4,30 M, ALT. 2,50 M, PARA SANITARIO, COM 3 BACIAS, 4 CHUVEIROS, 1 LAVATORIO E 1 MICTORIO","MES   ",573.38]
[10778,"LOCACAO DE CONTAINER 2,30 X 6,00 M, ALT. 2,50 M,  PARA SANITARIO,  COM 4 BACIAS, 8 CHUVEIROS,1 LAVATORIO E 1 MICTORIO","MES   ",631.25]
[40339,"LOCACAO DE CRUZETA PARA ESCORA METALICA","MES   ",1.12]
[3355,"LOCACAO DE ELEVADOR DE CARGA A CABO, CABINE SEMI FECHADA *2,0* X *1,5* X *2,0* M, CAPACIDADE DE CARGA 1000 KG, TORRE  *2,38* X *2,21* X 15 M, GUINCHO DE EMBREAGEM, FREIO DE SEGURANCA, LIMITADOR DE VELOCIDADE E CANCELA","H     ",26.55]
[39814,"LOCACAO DE ELEVADOR DE CREMALHEIRA CABINE SIMPLES FECHADA 1,5 X 2,5 X 2,35 M (UMA POR TORRE), CAPACIDADE DE CARGA *1200* KG (15 PESSOAS), TORRE DE 24 M (16 MODULOS), 16 PARADAS, FREIO DE SEGURANCA, LIMITADOR DE CARGA","H     ",49.78]
[10749,"LOCACAO DE ESCORA METALICA TELESCOPICA, COM ALTURA REGULAVEL DE *1,80* A *3,20* M, COM CAPACIDADE DE CARGA DE NO MINIMO 1000 KGF (10 KN), INCLUSO TRIPE E FORCADO","MES   ",2.06]
[40290,"LOCACAO DE FORMA PLASTICA PARA LAJE NERVURADA, DIMENSOES *60* X *60* X *16* CM","MES   ",2.97]
[3346,"LOCACAO DE GRUPO GERADOR *80 A 125* KVA, MOTOR DIESEL, REBOCAVEL, ACIONAMENTO MANUAL","H     ",12.48]
[3348,"LOCACAO DE GRUPO GERADOR ACIMA DE * 125 ATE 180* KVA, MOTOR DIESEL, REBOCAVEL, ACIONAMENTO MANUAL","H     ",14.93]
[3345,"LOCACAO DE GRUPO GERADOR ACIMA DE * 20 A 80* KVA, MOTOR DIESEL, REBOCAVEL, ACIONAMENTO MANUAL","H     ",9.64]
[39833,"LOCACAO DE GRUPO GERADOR DE *260* KVA, DIESEL REBOCAVEL, ACIONAMENTO MANUAL","H     ",20.45]
[39834,"LOCACAO DE GRUPO GERADOR DE *400* KVA, DIESEL REBOCAVEL, ACIONAMENTO MANUAL","H     ",35.1]
[39835,"LOCACAO DE GRUPO GERADOR DE *550* KVA, DIESEL REBOCAVEL, ACIONAMENTO MANUAL","H     ",42.78]
[7252,"LOCACAO DE NIVEL OPTICO, COM PRECISAO DE 0,7 MM, AUMENTO DE 32X","H     ",2.21]
[4778,"LOCACAO DE PERFURATRIZ PNEUMATICA DE PESO MEDIO, * 18 * KG, PARA ROCHA","H     ",2.34]
[4780,"LOCACAO DE PERFURATRIZ PNEUMATICA DE PESO MEDIO, * 24 * KG, PARA ROCHA","H     ",2.53]
[10809,"LOCACAO DE TALHA ELETRICA 3 T, VELOCIDADE  2,1 M / MIN, POTENCIA 1,3 KW","H     ",1.16]
[10811,"LOCACAO DE TALHA MANUAL DE CORRENTE, CAPACIDADE DE 2 T COM ELEVACAO DE 3 M","H     ",0.99]
[7247,"LOCACAO DE TEODOLITO ELETRONICO, PRECISAO ANGULAR DE 5 A 7 SEGUNDOS, INCLUINDO TRIPE","H     ",2.21]
[40291,"LOCACAO DE TORRE METALICA COMPLETA PARA UMA CARGA DE 8 TF (80 KN)  E PE DIREITO DE 6 M, INCLUINDO MODULOS , DIAGONAIS, SAPATAS E FORCADOS","MES   ",156.98]
[40275,"LOCACAO DE VIGA SANDUICHE METALICA VAZADA PARA TRAVAMENTO DE PILARES, ALTURA DE *8* CM, LARGURA DE *6* CM E EXTENSAO DE 2 M","MES   ",4.5]
[3777,"LONA PLASTICA PRETA, E= 150 MICRA","M2    ",1.25]
[3779,"LONA PLASTICA, PRETA, LARGURA  8 M, E= 150 MICRA","M     ",10.41]
[3798,"LUMINARIA ABERTA P/ ILUMINACAO PUBLICA, TIPO X-57 PETERCO OU EQUIV","UN    ",46.11]
[38769,"LUMINARIA ARANDELA TIPO MEIA-LUA COM VIDRO FOSCO *30 X 15* CM, PARA 1 LAMPADA, BASE E27, POTENCIA MAXIMA 40/60 W (NAO INCLUI LAMPADA)","UN    ",36.01]
[39510,"LUMINARIA DE EMBUTIR EM CHAPA DE ACO PARA 2 LAMPADAS FLUORESCENTES DE 14 W COM REFLETOR E ALETAS EM ALUMINIO, COMPLETA (INCLUI REATOR E LAMPADAS)","UN    ",145.75]
[38776,"LUMINARIA DE EMBUTIR EM CHAPA DE ACO PARA 4 LAMPADAS FLUORESCENTES DE 14 W *60 X 60 CM* ALETADA (NAO INCLUI REATOR E LAMPADAS)","UN    ",154.68]
[38774,"LUMINARIA DE EMERGENCIA 30 LEDS, POTENCIA 2 W, BATERIA DE LITIO, AUTONOMIA DE 6 HORAS","UN    ",36.5]
[38889,"LUMINARIA DE SOBREPOR EM CHAPA DE ACO COM ALETAS PLASTICAS, PARA 1 LAMPADA, BASE E27, POTENCIA MAXIMA 40/60 W (NAO INCLUI LAMPADA)","UN    ",27.6]
[38784,"LUMINARIA DE SOBREPOR EM CHAPA DE ACO COM ALETAS PLASTICAS, PARA 2 LAMPADAS, BASE E27, POTENCIA MAXIMA 40/60 W (NAO INCLUI LAMPADAS)","UN    ",36.93]
[3788,"LUMINARIA DE SOBREPOR EM CHAPA DE ACO PARA 1 LAMPADA FLUORESCENTE DE *18* W, ALETADA, COMPLETA (LAMPADA E REATOR INCLUSOS)","UN    ",38.48]
[12230,"LUMINARIA DE SOBREPOR EM CHAPA DE ACO PARA 1 LAMPADA FLUORESCENTE DE *18* W, PERFIL COMERCIAL (NAO INCLUI REATOR E LAMPADA)","UN    ",9.9]
[3780,"LUMINARIA DE SOBREPOR EM CHAPA DE ACO PARA 1 LAMPADA FLUORESCENTE DE *36* W, ALETADA, COMPLETA (LAMPADA E REATOR INCLUSOS)","UN    ",56.78]
[12231,"LUMINARIA DE SOBREPOR EM CHAPA DE ACO PARA 1 LAMPADA FLUORESCENTE DE *36* W, PERFIL COMERCIAL (NAO INCLUI REATOR E LAMPADA)","UN    ",16.46]
[3811,"LUMINARIA DE SOBREPOR EM CHAPA DE ACO PARA 2 LAMPADAS FLUORESCENTES DE *18* W, ALETADA, COMPLETA (LAMPADAS E REATOR INCLUSOS)","UN    ",53.33]
[12232,"LUMINARIA DE SOBREPOR EM CHAPA DE ACO PARA 2 LAMPADAS FLUORESCENTES DE *18* W, PERFIL COMERCIAL (NAO INCLUI REATOR E LAMPADAS)","UN    ",17.24]
[3799,"LUMINARIA DE SOBREPOR EM CHAPA DE ACO PARA 2 LAMPADAS FLUORESCENTES DE *36* W, ALETADA, COMPLETA (LAMPADAS E REATOR INCLUSOS)","UN    ",75.42]
[12239,"LUMINARIA DE SOBREPOR EM CHAPA DE ACO PARA 2 LAMPADAS FLUORESCENTES DE *36* W, PERFIL COMERCIAL (NAO INCLUI REATOR E LAMPADAS)","UN    ",22.58]
[38773,"LUMINARIA DE TETO PLAFON/PLAFONIER EM PLASTICO COM BASE E27, POTENCIA MAXIMA 60 W (NAO INCLUI LAMPADA)","UN    ",3.62]
[12271,"LUMINARIA DUPLA P/SINALIZACAO, TIPO WETZEL AS-2/110 OU EQUIV","UN    ",201.95]
[12245,"LUMINARIA ESMALTADA COR ALUMINIO PETERCO Y.25/1","UN    ",87.6]
[38785,"LUMINARIA HERMETICA IP-65 PARA 2 DUAS LAMPADAS DE 14/16/18/20 W (NAO INCLUI REATOR E LAMPADAS)","UN    ",95.61]
[38786,"LUMINARIA HERMETICA IP-65 PARA 2 DUAS LAMPADAS DE 28/32/36/40 W (NAO INCLUI REATOR E LAMPADAS)","UN    ",117.77]
[39385,"LUMINARIA LED PLAFON REDONDO DE SOBREPOR BIVOLT 12/13 W,  D = *17* CM","UN    ",89.08]
[39389,"LUMINARIA LED REFLETOR RETANGULAR BIVOLT, LUZ BRANCA, 10 W","UN    ",73.89]
[39390,"LUMINARIA LED REFLETOR RETANGULAR BIVOLT, LUZ BRANCA, 30 W","UN    ",143.12]
[39391,"LUMINARIA LED REFLETOR RETANGULAR BIVOLT, LUZ BRANCA, 50 W","UN    ",264.88]
[3803,"LUMINARIA PLAFON REDONDO COM VIDRO FOSCO DIAMETRO *25* CM, PARA 1 LAMPADA, BASE E27, POTENCIA MAXIMA 40/60 W (NAO INCLUI LAMPADA)","UN    ",34.15]
[38770,"LUMINARIA PLAFON REDONDO COM VIDRO FOSCO DIAMETRO *30* CM, PARA 2 LAMPADAS, BASE E27, POTENCIA MAXIMA 40/60 W (NAO INCLUI LAMPADAS)","UN    ",39.54]
[12267,"LUMINARIA PROVA DE TEMPO PETERCO Y.31/1","UN    ",115.87]
[12266,"LUMINARIA SPOT DE SOBREPOR EM ALUMINIO COM ALETA PLASTICA PARA 1 LAMPADA, BASE E27, POTENCIA MAXIMA 40/60 W (NAO INCLUI LAMPADA)","UN    ",59.31]
[39378,"LUMINARIA SPOT DE SOBREPOR EM ALUMINIO COM ALETA PLASTICA PARA 2 LAMPADAS, BASE E27, POTENCIA MAXIMA 40/60 W (NAO INCLUI LAMPADA)","UN    ",42.05]
[38775,"LUMINARIA TIPO TARTARUGA PARA AREA EXTERNA EM ALUMINIO, COM GRADE, PARA 1 LAMPADA, BASE E27, POTENCIA MAXIMA 40/60 W (NAO INCLUI LAMPADA)","UN    ",44.58]
[21119,"LUVA CPVC, SOLDAVEL, 15 MM, PARA AGUA QUENTE PREDIAL","UN    ",1.04]
[37974,"LUVA CPVC, SOLDAVEL, 22 MM, PARA AGUA QUENTE PREDIAL","UN    ",1.55]
[37975,"LUVA CPVC, SOLDAVEL, 28 MM, PARA AGUA QUENTE PREDIAL","UN    ",3.15]
[37976,"LUVA CPVC, SOLDAVEL, 35 MM, PARA AGUA QUENTE PREDIAL","UN    ",6.46]
[37977,"LUVA CPVC, SOLDAVEL, 42 MM, PARA AGUA QUENTE PREDIAL","UN    ",8.89]
[37978,"LUVA CPVC, SOLDAVEL, 54 MM, PARA AGUA QUENTE PREDIAL","UN    ",18.02]
[37979,"LUVA CPVC, SOLDAVEL, 73 MM, PARA AGUA QUENTE PREDIAL","UN    ",77.44]
[37980,"LUVA CPVC, SOLDAVEL, 89 MM, PARA AGUA QUENTE PREDIAL","UN    ",87.03]
[36147,"LUVA DE BORRACHA ISOLANTE PARA ALTA TENSAO, RESISTENTE A OZONIO, TENSAO DE ENSAIO 2,5 KV (PAR)","PAR   ",279.46]
[12731,"LUVA DE COBRE (REF 600) SEM ANEL DE SOLDA, BOLSA X BOLSA, 104 MM","UN    ",178.74]
[12723,"LUVA DE COBRE (REF 600) SEM ANEL DE SOLDA, BOLSA X BOLSA, 15 MM","UN    ",1.38]
[12724,"LUVA DE COBRE (REF 600) SEM ANEL DE SOLDA, BOLSA X BOLSA, 22 MM","UN    ",2.66]
[12725,"LUVA DE COBRE (REF 600) SEM ANEL DE SOLDA, BOLSA X BOLSA, 28 MM","UN    ",5.34]
[12726,"LUVA DE COBRE (REF 600) SEM ANEL DE SOLDA, BOLSA X BOLSA, 35 MM","UN    ",11.79]
[12727,"LUVA DE COBRE (REF 600) SEM ANEL DE SOLDA, BOLSA X BOLSA, 42 MM","UN    ",14.95]
[12728,"LUVA DE COBRE (REF 600) SEM ANEL DE SOLDA, BOLSA X BOLSA, 54 MM","UN    ",24.42]
[12729,"LUVA DE COBRE (REF 600) SEM ANEL DE SOLDA, BOLSA X BOLSA, 66 MM","UN    ",80.06]
[12730,"LUVA DE COBRE (REF 600) SEM ANEL DE SOLDA, BOLSA X BOLSA, 79 MM","UN    ",122.57]
[3840,"LUVA DE CORRER DEFOFO, PVC, JE, DN 100 MM","UN    ",21.81]
[3838,"LUVA DE CORRER DEFOFO, PVC, JE, DN 150 MM","UN    ",52]
[3844,"LUVA DE CORRER DEFOFO, PVC, JE, DN 200 MM","UN    ",147.06]
[3839,"LUVA DE CORRER DEFOFO, PVC, JE, DN 250 MM","UN    ",180.56]
[3843,"LUVA DE CORRER DEFOFO, PVC, JE, DN 300 MM","UN    ",307.95]
[3900,"LUVA DE CORRER PARA TUBO ROSCAVEL, PVC, 1 1/2\", PARA AGUA FRIA PREDIAL","UN    ",25.37]
[3846,"LUVA DE CORRER PARA TUBO ROSCAVEL, PVC, 1/2\", PARA AGUA FRIA PREDIAL","UN    ",7.9]
[3886,"LUVA DE CORRER PARA TUBO ROSCAVEL, PVC, 3/4\", PARA AGUA FRIA PREDIAL","UN    ",11.11]
[3854,"LUVA DE CORRER PARA TUBO SOLDAVEL, PVC, 20 MM, PARA AGUA FRIA PREDIAL","UN    ",6.78]
[3873,"LUVA DE CORRER PARA TUBO SOLDAVEL, PVC, 25 MM, PARA AGUA FRIA PREDIAL","UN    ",9.57]
[38021,"LUVA DE CORRER PARA TUBO SOLDAVEL, PVC, 32 MM, PARA AGUA FRIA PREDIAL","UN    ",16.23]
[3847,"LUVA DE CORRER PARA TUBO SOLDAVEL, PVC, 50 MM, PARA AGUA FRIA PREDIAL","UN    ",21.82]
[38022,"LUVA DE CORRER PARA TUBO SOLDAVEL, PVC, 60 MM, PARA AGUA FRIA PREDIAL","UN    ",29.07]
[3833,"LUVA DE CORRER PVC, JE, DN 100 MM, PARA REDE COLETORA DE ESGOTO (NBR 10569)","UN    ",9.86]
[3835,"LUVA DE CORRER PVC, JE, DN 150 MM, PARA REDE COLETORA DE ESGOTO (NBR 10569)","UN    ",22.14]
[3836,"LUVA DE CORRER PVC, JE, DN 200 MM, PARA REDE COLETORA DE ESGOTO (NBR 10569)","UN    ",57.25]
[3830,"LUVA DE CORRER PVC, JE, DN 250 MM, PARA REDE COLETORA DE ESGOTO (NBR 10569)","UN    ",94.25]
[3831,"LUVA DE CORRER PVC, JE, DN 300 MM, PARA REDE COLETORA DE ESGOTO (NBR 10569)","UN    ",146.01]
[3841,"LUVA DE CORRER PVC, JE, DN 350 MM, PARA REDE COLETORA DE ESGOTO (NBR 10569)","UN    ",285.3]
[3842,"LUVA DE CORRER PVC, JE, DN 400 MM, PARA REDE COLETORA DE ESGOTO (NBR 10569)","UN    ",385.82]
[37981,"LUVA DE CORRER, CPVC, SOLDAVEL, 15 MM, PARA AGUA QUENTE PREDIAL","UN    ",3.55]
[37982,"LUVA DE CORRER, CPVC, SOLDAVEL, 22 MM, PARA AGUA QUENTE PREDIAL","UN    ",5.39]
[37983,"LUVA DE CORRER, CPVC, SOLDAVEL, 28 MM, PARA AGUA QUENTE PREDIAL","UN    ",7.54]
[37984,"LUVA DE CORRER, CPVC, SOLDAVEL, 35 MM, PARA AGUA QUENTE PREDIAL","UN    ",13.03]
[37985,"LUVA DE CORRER, CPVC, SOLDAVEL, 42 MM, PARA AGUA QUENTE PREDIAL","UN    ",18.25]
[3826,"LUVA DE CORRER, PVC PBA, JE, DN 100 / DE 110 MM, PARA REDE AGUA (NBR 10351)","UN    ",32.63]
[3825,"LUVA DE CORRER, PVC PBA, JE, DN 50 / DE 60 MM, PARA REDE AGUA (NBR 10351)","UN    ",8.5]
[3827,"LUVA DE CORRER, PVC PBA, JE, DN 75 / DE 85 MM, PARA REDE AGUA (NBR 10351)","UN    ",17.99]
[20165,"LUVA DE CORRER, PVC SERIE REFORCADA - R, 100 MM, PARA ESGOTO PREDIAL","UN    ",16.77]
[20166,"LUVA DE CORRER, PVC SERIE REFORCADA - R, 150 MM, PARA ESGOTO PREDIAL","UN    ",58.52]
[20164,"LUVA DE CORRER, PVC SERIE REFORCADA - R, 75 MM, PARA ESGOTO PREDIAL","UN    ",9.47]
[3893,"LUVA DE CORRER, PVC, DN 100 MM, PARA ESGOTO PREDIAL","UN    ",12.19]
[3848,"LUVA DE CORRER, PVC, DN 50 MM, PARA ESGOTO PREDIAL","UN    ",7.41]
[3895,"LUVA DE CORRER, PVC, DN 75 MM, PARA ESGOTO PREDIAL","UN    ",7.93]
[12404,"LUVA DE FERRO GALVANIZADO, COM ROSCA BSP MACHO/FEMEA, DE 3/4\"","UN    ",5.46]
[3939,"LUVA DE FERRO GALVANIZADO, COM ROSCA BSP, DE 1 1/2\"","UN    ",11.25]
[3911,"LUVA DE FERRO GALVANIZADO, COM ROSCA BSP, DE 1 1/4\"","UN    ",9.19]
[3908,"LUVA DE FERRO GALVANIZADO, COM ROSCA BSP, DE 1/2\"","UN    ",2.97]
[3910,"LUVA DE FERRO GALVANIZADO, COM ROSCA BSP, DE 1\"","UN    ",6.58]
[3913,"LUVA DE FERRO GALVANIZADO, COM ROSCA BSP, DE 2 1/2\"","UN    ",31.44]
[3912,"LUVA DE FERRO GALVANIZADO, COM ROSCA BSP, DE 2\"","UN    ",17.23]
[3909,"LUVA DE FERRO GALVANIZADO, COM ROSCA BSP, DE 3/4\"","UN    ",4.04]
[3914,"LUVA DE FERRO GALVANIZADO, COM ROSCA BSP, DE 3\"","UN    ",47.43]
[3915,"LUVA DE FERRO GALVANIZADO, COM ROSCA BSP, DE 4\"","UN    ",74.8]
[3916,"LUVA DE FERRO GALVANIZADO, COM ROSCA BSP, DE 5\"","UN    ",136.27]
[3917,"LUVA DE FERRO GALVANIZADO, COM ROSCA BSP, DE 6\"","UN    ",224.76]
[1904,"LUVA DE PRESSAO, EM PVC, DE 20 MM, PARA ELETRODUTO FLEXIVEL","UN    ",0.64]
[1899,"LUVA DE PRESSAO, EM PVC, DE 25 MM, PARA ELETRODUTO FLEXIVEL","UN    ",0.72]
[1900,"LUVA DE PRESSAO, EM PVC, DE 32 MM, PARA ELETRODUTO FLEXIVEL","UN    ",1.17]
[12407,"LUVA DE REDUCAO DE FERRO GALVANIZADO, COM ROSCA BSP MACHO/FEMEA, DE 1 1/2\" X 1\"","UN    ",17.01]
[12408,"LUVA DE REDUCAO DE FERRO GALVANIZADO, COM ROSCA BSP MACHO/FEMEA, DE 1\" X 1/2\"","UN    ",9.6]
[12409,"LUVA DE REDUCAO DE FERRO GALVANIZADO, COM ROSCA BSP MACHO/FEMEA, DE 1\" X 3/4\"","UN    ",9.6]
[12410,"LUVA DE REDUCAO DE FERRO GALVANIZADO, COM ROSCA BSP MACHO/FEMEA, DE 3/4\" X 1/2\"","UN    ",6.61]
[3936,"LUVA DE REDUCAO DE FERRO GALVANIZADO, COM ROSCA BSP, DE 1 1/2\" X 1 1/4\"","UN    ",11.95]
[3922,"LUVA DE REDUCAO DE FERRO GALVANIZADO, COM ROSCA BSP, DE 1 1/2\" X 1/2\"","UN    ",10.99]
[3924,"LUVA DE REDUCAO DE FERRO GALVANIZADO, COM ROSCA BSP, DE 1 1/2\" X 1\"","UN    ",11.95]
[3923,"LUVA DE REDUCAO DE FERRO GALVANIZADO, COM ROSCA BSP, DE 1 1/2\" X 3/4\"","UN    ",11.95]
[3937,"LUVA DE REDUCAO DE FERRO GALVANIZADO, COM ROSCA BSP, DE 1 1/4\" X 1/2\"","UN    ",9.86]
[3921,"LUVA DE REDUCAO DE FERRO GALVANIZADO, COM ROSCA BSP, DE 1 1/4\" X 1\"","UN    ",9.87]
[3920,"LUVA DE REDUCAO DE FERRO GALVANIZADO, COM ROSCA BSP, DE 1 1/4\" X 3/4\"","UN    ",9.86]
[3938,"LUVA DE REDUCAO DE FERRO GALVANIZADO, COM ROSCA BSP, DE 1\" X 1/2\"","UN    ",6.5]
[3919,"LUVA DE REDUCAO DE FERRO GALVANIZADO, COM ROSCA BSP, DE 1\" X 3/4\"","UN    ",6.63]
[3927,"LUVA DE REDUCAO DE FERRO GALVANIZADO, COM ROSCA BSP, DE 2 1/2\" X 1 1/2\"","UN    ",33.57]
[3928,"LUVA DE REDUCAO DE FERRO GALVANIZADO, COM ROSCA BSP, DE 2 1/2\" X 2\"","UN    ",33.57]
[3926,"LUVA DE REDUCAO DE FERRO GALVANIZADO, COM ROSCA BSP, DE 2\" X 1 1/2\"","UN    ",19.14]
[3935,"LUVA DE REDUCAO DE FERRO GALVANIZADO, COM ROSCA BSP, DE 2\" X 1 1/4\"","UN    ",19.14]
[3925,"LUVA DE REDUCAO DE FERRO GALVANIZADO, COM ROSCA BSP, DE 2\" X 1\"","UN    ",19.14]
[12406,"LUVA DE REDUCAO DE FERRO GALVANIZADO, COM ROSCA BSP, DE 3/4\" X 1/2\"","UN    ",4.7]
[3929,"LUVA DE REDUCAO DE FERRO GALVANIZADO, COM ROSCA BSP, DE 3\" X 1 1/2\"","UN    ",51.15]
[3931,"LUVA DE REDUCAO DE FERRO GALVANIZADO, COM ROSCA BSP, DE 3\" X 2 1/2\"","UN    ",51.15]
[3930,"LUVA DE REDUCAO DE FERRO GALVANIZADO, COM ROSCA BSP, DE 3\" X 2\"","UN    ",51.15]
[3932,"LUVA DE REDUCAO DE FERRO GALVANIZADO, COM ROSCA BSP, DE 4\" X 2 1/2\"","UN    ",88.32]
[3933,"LUVA DE REDUCAO DE FERRO GALVANIZADO, COM ROSCA BSP, DE 4\" X 2\"","UN    ",88.32]
[3934,"LUVA DE REDUCAO DE FERRO GALVANIZADO, COM ROSCA BSP, DE 4\" X 3\"","UN    ",88.32]
[40355,"LUVA DE REDUCAO EM ACO CARBONO, COM ENCAIXE PARA SOLDA DN SW, PRESSAO 3.000 LBS,  3/4 \" X 1/2\"","UN    ",5.72]
[40364,"LUVA DE REDUCAO EM ACO CARBONO, COM ENCAIXE PARA SOLDA DN SW, PRESSAO 3.000 LBS, DN 1 1/2\" X 1 1/4\"","UN    ",26.8]
[40361,"LUVA DE REDUCAO EM ACO CARBONO, COM ENCAIXE PARA SOLDA DN SW, PRESSAO 3.000 LBS, DN 1 1/4\"  X 1\"","UN    ",20.96]
[40358,"LUVA DE REDUCAO EM ACO CARBONO, COM ENCAIXE PARA SOLDA DN SW, PRESSAO 3.000 LBS, DN 1\" X 3/4\"","UN    ",7.99]
[40370,"LUVA DE REDUCAO EM ACO CARBONO, COM ENCAIXE PARA SOLDA DN SW, PRESSAO 3.000 LBS, DN 2 1/2\" X 2\"","UN    ",85.05]
[40367,"LUVA DE REDUCAO EM ACO CARBONO, COM ENCAIXE PARA SOLDA DN SW, PRESSAO 3.000 LBS, DN 2\" X 1 1/2\"","UN    ",42.27]
[40373,"LUVA DE REDUCAO EM ACO CARBONO, COM ENCAIXE PARA SOLDA DN SW, PRESSAO 3.000 LBS, DN 3\" X 2 1/2\"","UN    ",115.01]
[38947,"LUVA DE REDUCAO PARA TUBO PEX, METALICA, PARA CONEXAO COM ANEL DESLIZANTE, DN 20 X 16 MM","UN    ",5.65]
[38948,"LUVA DE REDUCAO PARA TUBO PEX, METALICA, PARA CONEXAO COM ANEL DESLIZANTE, DN 25 X 16 MM","UN    ",9.01]
[38949,"LUVA DE REDUCAO PARA TUBO PEX, METALICA, PARA CONEXAO COM ANEL DESLIZANTE, DN 25 X 20 MM","UN    ",9.99]
[38951,"LUVA DE REDUCAO PARA TUBO PEX, METALICA, PARA CONEXAO COM ANEL DESLIZANTE, DN 32 X 25 MM","UN    ",15.81]
[39312,"LUVA DE REDUCAO PARA TUBO PEX, PLASTICA, PARA CONEXAO COM CRIMPAGEM, DN 20 X 16 MM","UN    ",12.26]
[39313,"LUVA DE REDUCAO PARA TUBO PEX, PLASTICA, PARA CONEXAO COM CRIMPAGEM, DN 25 X 16 MM","UN    ",16.01]
[38950,"LUVA DE REDUCAO PARA TUBO PEX, PLASTICA, PARA CONEXAO COM CRIMPAGEM, DN 32 X 20 MM","UN    ",24.09]
[39314,"LUVA DE REDUCAO PARA TUBO PEX, PLASTICA, PARA CONEXAO COM CRIMPAGEM, DN 32 X 25 MM","UN    ",25.42]
[3907,"LUVA DE REDUCAO ROSCAVEL, PVC, 1\" X 3/4\", PARA AGUA FRIA PREDIAL","UN    ",2.85]
[3889,"LUVA DE REDUCAO ROSCAVEL, PVC, 3/4\" X 1/2\", PARA AGUA FRIA PREDIAL","UN    ",2.05]
[3868,"LUVA DE REDUCAO SOLDAVEL, PVC, 25 MM X 20 MM, PARA AGUA FRIA PREDIAL","UN    ",1]
[3869,"LUVA DE REDUCAO SOLDAVEL, PVC, 32 MM X 25 MM, PARA AGUA FRIA PREDIAL","UN    ",2.43]
[3872,"LUVA DE REDUCAO SOLDAVEL, PVC, 40 MM X 32 MM, PARA AGUA FRIA PREDIAL","UN    ",2.99]
[3850,"LUVA DE REDUCAO SOLDAVEL, PVC, 60 MM X 50 MM, PARA AGUA FRIA PREDIAL","UN    ",8.16]
[38023,"LUVA DE REDUCAO, PVC, SOLDAVEL, 50 X 25 MM, PARA AGUA FRIA PREDIAL","UN    ",3.42]
[37986,"LUVA DE TRANSICAO DE CPVC X PVC, SOLDAVEL, 22 X 25 MM, PARA AGUA QUENTE","UN    ",1.22]
[37987,"LUVA DE TRANSICAO, CPVC, SOLDAVEL, 42 MM X 1 1/2\", PARA AGUA QUENTE","UN    ",91.07]
[37988,"LUVA DE TRANSICAO, CPVC, SOLDAVEL, 54 MM X 2\", PARA AGUA QUENTE PREDIAL","UN    ",148.55]
[21120,"LUVA DE TRANSICAO, CPVC, 15 MM X 1/2\", PARA AGUA QUENTE PREDIAL","UN    ",7.4]
[39318,"LUVA DE TRANSICAO, CPVC, 22 MM X 1/2\", PARA AGUA QUENTE","UN    ",6.1]
[20162,"LUVA DUPLA, PVC LEVE, DN 150 MM","UN    ",14.11]
[40366,"LUVA EM ACO CARBONO, SOLDAVEL, PRESSAO 3.000 LBS, DN 1 1/2\"","UN    ",20.91]
[40363,"LUVA EM ACO CARBONO, SOLDAVEL, PRESSAO 3.000 LBS, DN 1 1/4\"","UN    ",16.35]
[40354,"LUVA EM ACO CARBONO, SOLDAVEL, PRESSAO 3.000 LBS, DN 1/2\"","UN    ",7.12]
[40360,"LUVA EM ACO CARBONO, SOLDAVEL, PRESSAO 3.000 LBS, DN 1\"","UN    ",10.72]
[40372,"LUVA EM ACO CARBONO, SOLDAVEL, PRESSAO 3.000 LBS, DN 2 1/2\"","UN    ",66.21]
[40369,"LUVA EM ACO CARBONO, SOLDAVEL, PRESSAO 3.000 LBS, DN 2\"","UN    ",32.95]
[40357,"LUVA EM ACO CARBONO, SOLDAVEL, PRESSAO 3.000 LBS, DN 3/4\"","UN    ",7.99]
[40375,"LUVA EM ACO CARBONO, SOLDAVEL, PRESSAO 3.000 LBS, DN 3\"","UN    ",89.63]
[1893,"LUVA EM PVC RIGIDO ROSCAVEL, DE 1 1/2\", PARA ELETRODUTO","UN    ",2.42]
[1902,"LUVA EM PVC RIGIDO ROSCAVEL, DE 1 1/4\", PARA ELETRODUTO","UN    ",1.76]
[1901,"LUVA EM PVC RIGIDO ROSCAVEL, DE 1/2\", PARA ELETRODUTO","UN    ",0.55]
[1892,"LUVA EM PVC RIGIDO ROSCAVEL, DE 1\", PARA ELETRODUTO","UN    ",1.13]
[1907,"LUVA EM PVC RIGIDO ROSCAVEL, DE 2 1/2\", PARA ELETRODUTO","UN    ",7.79]
[1894,"LUVA EM PVC RIGIDO ROSCAVEL, DE 2\", PARA ELETRODUTO","UN    ",3.5]
[1891,"LUVA EM PVC RIGIDO ROSCAVEL, DE 3/4\", PARA ELETRODUTO","UN    ",0.81]
[1896,"LUVA EM PVC RIGIDO ROSCAVEL, DE 3\", PARA ELETRODUTO","UN    ",10.46]
[1895,"LUVA EM PVC RIGIDO ROSCAVEL, DE 4\", PARA ELETRODUTO","UN    ",18.39]
[2641,"LUVA PARA ELETRODUTO, EM ACO GALVANIZADO ELETROLITICO, DIAMETRO DE 100 MM (4\")","UN    ",26.55]
[2636,"LUVA PARA ELETRODUTO, EM ACO GALVANIZADO ELETROLITICO, DIAMETRO DE 15 MM (1/2\")","UN    ",1.71]
[2637,"LUVA PARA ELETRODUTO, EM ACO GALVANIZADO ELETROLITICO, DIAMETRO DE 20 MM (3/4\")","UN    ",1.82]
[2638,"LUVA PARA ELETRODUTO, EM ACO GALVANIZADO ELETROLITICO, DIAMETRO DE 25 MM (1\")","UN    ",2.11]
[2639,"LUVA PARA ELETRODUTO, EM ACO GALVANIZADO ELETROLITICO, DIAMETRO DE 32 MM (1 1/4\")","UN    ",3.75]
[2644,"LUVA PARA ELETRODUTO, EM ACO GALVANIZADO ELETROLITICO, DIAMETRO DE 40 MM (1 1/2\")","UN    ",5.43]
[2643,"LUVA PARA ELETRODUTO, EM ACO GALVANIZADO ELETROLITICO, DIAMETRO DE 50 MM (2\")","UN    ",7.57]
[2640,"LUVA PARA ELETRODUTO, EM ACO GALVANIZADO ELETROLITICO, DIAMETRO DE 65 MM (2 1/2\")","UN    ",11.05]
[2642,"LUVA PARA ELETRODUTO, EM ACO GALVANIZADO ELETROLITICO, DIAMETRO DE 80 MM (3\")","UN    ",16.82]
[38943,"LUVA PARA TUBO PEX, METALICO, PARA CONEXAO COM ANEL DESLIZANTE, DN 16 MM","UN    ",4.17]
[38944,"LUVA PARA TUBO PEX, METALICO, PARA CONEXAO COM ANEL DESLIZANTE, DN 20 MM","UN    ",6.44]
[38945,"LUVA PARA TUBO PEX, METALICO, PARA CONEXAO COM ANEL DESLIZANTE, DN 25 MM","UN    ",13.07]
[38946,"LUVA PARA TUBO PEX, METALICO, PARA CONEXAO COM ANEL DESLIZANTE, DN 32 MM","UN    ",19.49]
[39308,"LUVA PARA TUBO PEX, PLASTICA, PARA CONEXAO COM CRIMPAGEM, DN 16 MM","UN    ",8.5]
[39309,"LUVA PARA TUBO PEX, PLASTICA, PARA CONEXAO COM CRIMPAGEM, DN 20 MM","UN    ",12.29]
[39310,"LUVA PARA TUBO PEX, PLASTICA, PARA CONEXAO COM CRIMPAGEM, DN 25 MM","UN    ",18.62]
[39311,"LUVA PARA TUBO PEX, PLASTICA, PARA CONEXAO COM CRIMPAGEM, DN 32 MM","UN    ",27.99]
[39855,"LUVA PASSANTE DE COBRE (REF 601) SEM ANEL DE SOLDA, BOLSA 15 MM","UN    ",1.4]
[39856,"LUVA PASSANTE DE COBRE (REF 601) SEM ANEL DE SOLDA, BOLSA 22 MM","UN    ",3.3]
[39857,"LUVA PASSANTE DE COBRE (REF 601) SEM ANEL DE SOLDA, BOLSA 28 MM","UN    ",5.34]
[39858,"LUVA PASSANTE DE COBRE (REF 601) SEM ANEL DE SOLDA, BOLSA 35 MM","UN    ",11.85]
[39859,"LUVA PASSANTE DE COBRE (REF 601) SEM ANEL DE SOLDA, BOLSA 42 MM","UN    ",18.27]
[39860,"LUVA PASSANTE DE COBRE (REF 601) SEM ANEL DE SOLDA, BOLSA 54 MM","UN    ",28.04]
[39861,"LUVA PASSANTE DE COBRE (REF 601) SEM ANEL DE SOLDA, BOLSA 66 MM","UN    ",80.06]
[38447,"LUVA PPR, SOLDAVEL, DN 110 MM, PARA AGUA QUENTE PREDIAL","UN    ",64.01]
[36320,"LUVA PPR, SOLDAVEL, DN 20 MM, PARA AGUA QUENTE PREDIAL","UN    ",0.92]
[36324,"LUVA PPR, SOLDAVEL, DN 25 MM, PARA AGUA QUENTE PREDIAL","UN    ",1.4]
[38441,"LUVA PPR, SOLDAVEL, DN 32 MM, PARA AGUA QUENTE PREDIAL","UN    ",1.84]
[38442,"LUVA PPR, SOLDAVEL, DN 40 MM, PARA AGUA QUENTE PREDIAL","UN    ",4.69]
[38443,"LUVA PPR, SOLDAVEL, DN 50 MM, PARA AGUA QUENTE PREDIAL","UN    ",7.09]
[38444,"LUVA PPR, SOLDAVEL, DN 63 MM, PARA AGUA QUENTE PREDIAL","UN    ",10.55]
[38445,"LUVA PPR, SOLDAVEL, DN 75 MM, PARA AGUA QUENTE PREDIAL","UN    ",24.78]
[38446,"LUVA PPR, SOLDAVEL, DN 90 MM, PARA AGUA QUENTE PREDIAL","UN    ",40]
[3867,"LUVA PVC SOLDAVEL, 110 MM, PARA AGUA FRIA PREDIAL","UN    ",55.99]
[3861,"LUVA PVC SOLDAVEL, 20 MM, PARA AGUA FRIA PREDIAL","UN    ",0.57]
[3904,"LUVA PVC SOLDAVEL, 25 MM, PARA AGUA FRIA PREDIAL","UN    ",0.64]
[3903,"LUVA PVC SOLDAVEL, 32 MM, PARA AGUA FRIA PREDIAL","UN    ",1.35]
[3862,"LUVA PVC SOLDAVEL, 40 MM, PARA AGUA FRIA PREDIAL","UN    ",3.01]
[3863,"LUVA PVC SOLDAVEL, 50 MM, PARA AGUA FRIA PREDIAL","UN    ",3.53]
[3864,"LUVA PVC SOLDAVEL, 60 MM, PARA AGUA FRIA PREDIAL","UN    ",9.65]
[3865,"LUVA PVC SOLDAVEL, 75 MM, PARA AGUA FRIA PREDIAL","UN    ",14.44]
[3866,"LUVA PVC SOLDAVEL, 85 MM, PARA AGUA FRIA PREDIAL","UN    ",32.9]
[3902,"LUVA PVC, ROSCAVEL,  2 1/2\",  AGUA FRIA PREDIAL","UN    ",18.56]
[3878,"LUVA PVC, ROSCAVEL, 1 1/2\",  AGUA FRIA PREDIAL","UN    ",5.86]
[3877,"LUVA PVC, ROSCAVEL, 1 1/4\", AGUA FRIA PREDIAL","UN    ",5.34]
[3879,"LUVA PVC, ROSCAVEL, 2\",  AGUA FRIA PREDIAL","UN    ",11.81]
[3880,"LUVA PVC, ROSCAVEL, 3\", AGUA FRIA PREDIAL","UN    ",26.69]
[12892,"LUVA RASPA DE COURO, CANO CURTO (PUNHO *7* CM)","PAR   ",9.72]
[3883,"LUVA ROSCAVEL, PVC, 1/2\", AGUA FRIA PREDIAL","UN    ",1.02]
[3876,"LUVA ROSCAVEL, PVC, 1\", AGUA FRIA PREDIAL","UN    ",2.66]
[3884,"LUVA ROSCAVEL, PVC, 3/4\", AGUA FRIA PREDIAL","UN    ",1.53]
[3837,"LUVA SIMPLES, PVC PBA, JE, DN 100 / DE 110 MM, PARA REDE AGUA (NBR 10351)","UN    ",35.14]
[3845,"LUVA SIMPLES, PVC PBA, JE, DN 50 / DE 60 MM, PARA REDE AGUA (NBR 10351)","UN    ",10.23]
[11045,"LUVA SIMPLES, PVC PBA, JE, DN 75 / DE 85 MM, PARA REDE AGUA (NBR 10351)","UN    ",21.32]
[20170,"LUVA SIMPLES, PVC SERIE REFORCADA - R, 100 MM, PARA ESGOTO PREDIAL","UN    ",9.73]
[20171,"LUVA SIMPLES, PVC SERIE REFORCADA - R, 150 MM, PARA ESGOTO PREDIAL","UN    ",30.49]
[20167,"LUVA SIMPLES, PVC SERIE REFORCADA - R, 40 MM, PARA ESGOTO PREDIAL","UN    ",3.83]
[20168,"LUVA SIMPLES, PVC SERIE REFORCADA - R, 50 MM, PARA ESGOTO PREDIAL","UN    ",5.71]
[20169,"LUVA SIMPLES, PVC SERIE REFORCADA - R, 75 MM, PARA ESGOTO PREDIAL","UN    ",8.02]
[3899,"LUVA SIMPLES, PVC, SOLDAVEL, DN 100 MM, SERIE NORMAL, PARA ESGOTO PREDIAL","UN    ",5.09]
[38676,"LUVA SIMPLES, PVC, SOLDAVEL, DN 150 MM, SERIE NORMAL, PARA ESGOTO PREDIAL","UN    ",22.34]
[3897,"LUVA SIMPLES, PVC, SOLDAVEL, DN 40 MM, SERIE NORMAL, PARA ESGOTO PREDIAL","UN    ",1.04]
[3875,"LUVA SIMPLES, PVC, SOLDAVEL, DN 50 MM, SERIE NORMAL, PARA ESGOTO PREDIAL","UN    ",2.36]
[3898,"LUVA SIMPLES, PVC, SOLDAVEL, DN 75 MM, SERIE NORMAL, PARA ESGOTO PREDIAL","UN    ",4.38]
[3855,"LUVA SOLDAVEL COM BUCHA DE LATAO, PVC, 20 MM X 1/2\"","UN    ",4.14]
[3874,"LUVA SOLDAVEL COM BUCHA DE LATAO, PVC, 25 MM X 1/2\"","UN    ",4.41]
[3870,"LUVA SOLDAVEL COM BUCHA DE LATAO, PVC, 25 MM X 3/4\"","UN    ",5.53]
[38678,"LUVA SOLDAVEL COM BUCHA DE LATAO, PVC, 32 MM X 1\"","UN    ",12.75]
[3859,"LUVA SOLDAVEL COM ROSCA, PVC, 20 MM X 1/2\", PARA AGUA FRIA PREDIAL","UN    ",1]
[3856,"LUVA SOLDAVEL COM ROSCA, PVC, 25 MM X 1/2\", PARA AGUA FRIA PREDIAL","UN    ",1.53]
[3906,"LUVA SOLDAVEL COM ROSCA, PVC, 25 MM X 3/4\", PARA AGUA FRIA PREDIAL","UN    ",1.16]
[3860,"LUVA SOLDAVEL COM ROSCA, PVC, 32 MM X 1\", PARA AGUA FRIA PREDIAL","UN    ",3.7]
[3905,"LUVA SOLDAVEL COM ROSCA, PVC, 40 MM X 1 1/4\", PARA AGUA FRIA PREDIAL","UN    ",7.96]
[3871,"LUVA SOLDAVEL COM ROSCA, PVC, 50 MM X 1 1/2\", PARA AGUA FRIA PREDIAL","UN    ",14.04]
[37429,"LUVA, PEAD PE 100,  DE 400 MM, PARA ELETROFUSAO","UN    ",{"v":1845.66,"d":"1,845.66"}]
[37426,"LUVA, PEAD PE 100,  DE 63 MM, PARA ELETROFUSAO","UN    ",17.75]
[37427,"LUVA, PEAD PE 100, DE 125 MM, PARA ELETROFUSAO","UN    ",42.35]
[37424,"LUVA, PEAD PE 100, DE 20 MM, PARA ELETROFUSAO","UN    ",8.16]
[37428,"LUVA, PEAD PE 100, DE 200 MM, PARA ELETROFUSAO","UN    ",145.95]
[37425,"LUVA, PEAD PE 100, DE 32 MM, PARA ELETROFUSAO","UN    ",8.79]
[11519,"MACANETA ALAVANCA, RETA OU CURVA, MACICA, CROMADA, COMPRIMENTO DE 10 A 16 CM, ACABAMENTO PADRAO MEDIO - SOMENTE MACANETAS","PAR   ",25.46]
[11520,"MACANETA ALAVANCA, RETA SIMPLES / OCA, CROMADA, COMPRIMENTO DE 10 A 16 CM, ACABAMENTO PADRAO POPULAR - SOMENTE MACANETAS","PAR   ",10.09]
[11518,"MACANETA TIPO BOLA, CROMADA,  DIAMETRO APROXIMADO DE *2 1/2*\", (SOMENTE MACANETAS)","PAR   ",29.38]
[38473,"MACARICO DE SOLDA 201 PARA EXTENSAO GLP OU ACETILENO","UN    ",94.11]
[4244,"MACARIQUEIRO","H     ",17.11]
[40977,"MACARIQUEIRO (MENSALISTA)","MES   ",{"v":3019.29,"d":"3,019.29"}]
[2742,"MADEIRA ROLICA SEM TRATAMENTO, EUCALIPTO OU EQUIVALENTE DA REGIAO, H = 3 M, D = 12 A 15 CM (PARA ESCORAMENTO)","M     ",2.03]
[2748,"MADEIRA ROLICA SEM TRATAMENTO, EUCALIPTO OU EQUIVALENTE DA REGIAO, H = 3 M, D = 16 A 19 CM (PARA ESCORAMENTO)","M     ",5.96]
[2736,"MADEIRA ROLICA SEM TRATAMENTO, EUCALIPTO OU EQUIVALENTE DA REGIAO, H = 3 M, D = 20 A 24 CM (PARA ESCORAMENTO)","M     ",8.32]
[2745,"MADEIRA ROLICA SEM TRATAMENTO, EUCALIPTO OU EQUIVALENTE DA REGIAO, H = 3 M, D = 8 A 11 CM (PARA ESCORAMENTO)","M     ",1.68]
[2751,"MADEIRA ROLICA SEM TRATAMENTO, EUCALIPTO OU EQUIVALENTE DA REGIAO, H = 6 M, D = 12 A 15 CM (PARA ESCORAMENTO)","M     ",2.15]
[14439,"MADEIRA ROLICA SEM TRATAMENTO, EUCALIPTO OU EQUIVALENTE DA REGIAO, H = 6 M, D = 8 A 11 CM (PARA ESCORAMENTO)","M     ",1.9]
[2731,"MADEIRA ROLICA TRATADA, EUCALIPTO OU EQUIVALENTE DA REGIAO, H = 12 M, D = 20 A 24 CM (PARA POSTE)","M     ",50.23]
[21138,"MADEIRA ROLICA TRATADA, EUCALIPTO OU EQUIVALENTE DA REGIAO, H = 2,2 M, D = 8 A 11 CM (PARA CERCA)","M     ",5.45]
[2747,"MADEIRA ROLICA TRATADA, EUCALIPTO OU EQUIVALENTE DA REGIAO, H = 2,20 M, D = 16 A 19 CM (PARA CERCA)","M     ",13.47]
[4115,"MADEIRA ROLICA TRATADA, EUCALIPTO OU EQUIVALENTE DA REGIAO, H = 3 M, D = 12 A 15 CM","M     ",10.54]
[2729,"MADEIRA ROLICA TRATADA, EUCALIPTO OU EQUIVALENTE DA REGIAO, H = 3 M, D = 4 A 7 CM (PARA CAIBRO)","UN    ",12.7]
[4119,"MADEIRA ROLICA TRATADA, EUCALIPTO OU EQUIVALENTE DA REGIAO, H = 6 M, D = 16 A 19 CM","M     ",21.21]
[2794,"MADEIRA ROLICA TRATADA, EUCALIPTO OU EQUIVALENTE DA REGIAO, H = 6,5 M, D = 25 A 29 CM","M     ",52.38]
[2788,"MADEIRA ROLICA TRATADA, EUCALIPTO OU EQUIVALENTE DA REGIAO, H = 6,5 M, D = 30 A 34 CM","M     ",105.9]
[3989,"MADEIRA SERRADA APARELHADA DE MACARANDUBA, ANGELIM OU EQUIVALENTE DA REGIAO","M3    ",{"v":2443.73,"d":"2,443.73"}]
[3997,"MADEIRA SERRADA NAO APARELHADA DE MACARANDUBA, ANGELIM OU EQUIVALENTE DA REGIAO","M3    ",{"v":2096.69,"d":"2,096.69"}]
[4006,"MADEIRA SERRADA NAO APARELHADA DE PINUS, MISTA OU EQUIVALENTE DA REGIAO","M3    ",{"v":1118.64,"d":"1,118.64"}]
[4004,"MADEIRA 2A QUALIDADE SERRADA NAO APARELHADA","M3    ",{"v":1538.5,"d":"1,538.50"}]
[11836,"MADEIRA 2A QUALIDADE SERRADA NAO APARELHADA -TIPO VIROLA","M3    ",{"v":1821.9,"d":"1,821.90"}]
[36151,"MANGOTE DE SEGURANCA EM RASPA DE COURO","UN    ",21.6]
[37457,"MANGUEIRA CRISTAL PARA NIVEL, LISA, PVC TRANSPARENTE, 3/8\" X1,5 MM","M     ",1.84]
[37456,"MANGUEIRA CRISTAL PARA NIVEL, LISA, PVC TRANSPARENTE, 5/16\" X1 MM","M     ",0.97]
[37461,"MANGUEIRA CRISTAL TRANCADA, PVC COM REFORCO, COM PRESSAO DE TRABALHO (PT) 250 LBS/POL2, DE 3/4\" X *2,8* MM","M     ",6.83]
[37460,"MANGUEIRA CRISTAL TRANCADA, PVC COM REFORCO, PRESSAO DE TRABALHO (PT) 250 LBS/POL2, DE 1\" X *3,4* MM","M     ",9.34]
[37458,"MANGUEIRA CRISTAL, LISA, PVC TRANSPARENTE, 1/2\" X 2 MM","M     ",2.73]
[37454,"MANGUEIRA CRISTAL, LISA, PVC TRANSPARENTE, 1/4\" X1 MM","M     ",0.71]
[37455,"MANGUEIRA CRISTAL, LISA, PVC TRANSPARENTE, 1/4\" X1,5 MM","M     ",1.2]
[37459,"MANGUEIRA CRISTAL, LISA, PVC TRANSPARENTE, 3/4\" X 2 MM","M     ",3.84]
[21029,"MANGUEIRA DE INCENDIO, TIPO 1, DE 1 1/2\", COMPRIMENTO = 15 M, TECIDO EM FIO DE POLIESTER E TUBO INTERNO EM BORRACHA SINTETICA, COM UNIOES ENGATE RAPIDO","UN    ",293]
[21030,"MANGUEIRA DE INCENDIO, TIPO 1, DE 1 1/2\", COMPRIMENTO = 20 M, TECIDO EM FIO DE POLIESTER E TUBO INTERNO EM BORRACHA SINTETICA, COM UNIOES ENGATE RAPIDO","UN    ",361.17]
[21031,"MANGUEIRA DE INCENDIO, TIPO 1, DE 1 1/2\", COMPRIMENTO = 25 M, TECIDO EM FIO DE POLIESTER E TUBO INTERNO EM BORRACHA SINTETICA, COM UNIOES ENGATE RAPIDO","UN    ",449.65]
[21032,"MANGUEIRA DE INCENDIO, TIPO 1, DE 1 1/2\", COMPRIMENTO = 30 M, TECIDO EM FIO DE POLIESTER E TUBO INTERNO EM BORRACHA SINTETICA, COM UNIOES ENGATE RAPIDO","UN    ",480.11]
[37527,"MANGUEIRA DE INCENDIO, TIPO 2, DE 1 1/2\", COMPRIMENTO = 15 M, TECIDO EM FIO DE POLIESTER E TUBO INTERNO EM BORRACHA SINTETICA, COM UNIOES ENGATE RAPIDO","UN    ",433.69]
[37528,"MANGUEIRA DE INCENDIO, TIPO 2, DE 1 1/2\", COMPRIMENTO = 20 M, TECIDO EM FIO DE POLIESTER E TUBO INTERNO EM BORRACHA SINTETICA, COM UNIOES","UN    ",517.1]
[37529,"MANGUEIRA DE INCENDIO, TIPO 2, DE 1 1/2\", COMPRIMENTO = 25 M, TECIDO EM FIO DE POLIESTER E TUBO INTERNO EM BORRACHA SINTETICA, COM UNIOES","UN    ",522.17]
[37530,"MANGUEIRA DE INCENDIO, TIPO 2, DE 1 1/2\", COMPRIMENTO = 30 M, TECIDO EM FIO DE POLIESTER E TUBO INTERNO EM BORRACHA SINTETICA, COM UNIOES","UN    ",681.73]
[21034,"MANGUEIRA DE INCENDIO, TIPO 2, DE 2 1/2\", COMPRIMENTO = 15 M, TECIDO EM FIO DE POLIESTER E TUBO INTERNO EM BORRACHA SINTETICA, COM UNIOES ENGATE RAPIDO","UN    ",581.64]
[37531,"MANGUEIRA DE INCENDIO, TIPO 2, DE 2 1/2\", COMPRIMENTO = 20 M, TECIDO EM FIO DE POLIESTER E TUBO INTERNO EM BORRACHA SINTETICA, COM UNIOES","UN    ",732.5]
[21036,"MANGUEIRA DE INCENDIO, TIPO 2, DE 2 1/2\", COMPRIMENTO = 25 M, TECIDO EM FIO DE POLIESTER E TUBO INTERNO EM BORRACHA SINTETICA, COM UNIOES ENGATE RAPIDO","UN    ",890.6]
[21037,"MANGUEIRA DE INCENDIO, TIPO 2, DE 2 1/2\", COMPRIMENTO = 30 M, TECIDO EM FIO DE POLIESTER E TUBO INTERNO EM BORRACHA SINTETICA, COM UNIOES ENGATE RAPIDO","UN    ",{"v":1015.34,"d":"1,015.34"}]
[20185,"MANGUEIRA DE PVC FLEXIVEL,TIPO FLAT/ACHATADA, COR LARANJA, D = 1 1/2\" (40 MM), PARA CONDUCAO DE AGUA, SERVICOS LEVES E MEDIOS","M     ",11.12]
[20260,"MANGUEIRA PARA GAS - GLP, DIAMETRO DE 3/8\", COMPRIMENTO DE 1M","UN    ",5.57]
[37523,"MANIPULADOR TELESCOPICO, POTENCIA DE 101 HP, CAPACIDADE DE CARGA DE 3.500 KG, ALTURA MAXIMA DE ELEVACAO DE 12 M","UN    ",{"v":410312.17,"d":"410,312.17"}]
[37515,"MANIPULADOR TELESCOPICO, POTENCIA DE 85 HP, CAPACIDADE DE CARGA DE 3.500 KG, ALTURA MAXIMA DE ELEVACAO DE 12,3 M","UN    ",{"v":364788.5,"d":"364,788.50"}]
[12899,"MANOMETRO COM CAIXA EM ACO PINTADO, ESCALA *10* KGF/CM2 (*10* BAR), DIAMETRO NOMINAL DE *63* MM, CONEXAO DE 1/4\"","UN    ",91.23]
[12898,"MANOMETRO COM CAIXA EM ACO PINTADO, ESCALA *10* KGF/CM2 (*10* BAR), DIAMETRO NOMINAL DE 100 MM, CONEXAO DE 1/2\"","UN    ",144.71]
[42528,"MANTA ALUMINIZADA NAS DUAS FACES, PARA SUBCOBERTURA,  E = *2* MM","M2    ",5.69]
[39696,"MANTA ALUMINIZADA 1 FACE PARA SUBCOBERTURA, E = *1* MM","M2    ",4]
[39700,"MANTA ANTIRRUIDO DE POLIESTER (PET) PARA CONTRAPISO E = *8* MM","M2    ",18.17]
[11621,"MANTA ASFALTICA ELASTOMERICA EM POLIESTER ALUMINIZADA 3 MM, TIPO III, CLASSE B (NBR 9952)","M2    ",36.15]
[4014,"MANTA ASFALTICA ELASTOMERICA EM POLIESTER 3 MM, TIPO III, CLASSE B, ACABAMENTO PP (NBR 9952)","M2    ",37.41]
[4015,"MANTA ASFALTICA ELASTOMERICA EM POLIESTER 4 MM, TIPO III, CLASSE B, ACABAMENTO PP (NBR 9952)","M2    ",45.93]
[4017,"MANTA ASFALTICA ELASTOMERICA EM POLIESTER 5 MM, TIPO III, CLASSE B, ACABAMENTO PP (NBR 9952)","M2    ",66.84]
[4016,"MANTA ASFALTICA ELASTOMERICA TIPO GLASS 3 MM, TIPO II, CLASSE C, ACABAMENTO PP (NBR 9952)","M2    ",26.4]
[39699,"MANTA DE BORRACHA ANTIRRUIDO 5 MM","M2    ",11.42]
[38544,"MANTA DE POLIETILENO EXPANDIDO (PEBD) ANTICHAMAS, E = 8 MM","M2    ",6.77]
[38545,"MANTA DE POLIETILENO EXPANDIDO (PEBD), E = 5 MM","M2    ",4.35]
[42527,"MANTA DE POLIETILENO EXPANDIDO, COM 1 FACE METALIZADA PARA SUBCOBERTURA,  E = *5* MM","M2    ",15.03]
[39323,"MANTA GEOTEXTIL TECIDO DE LAMINETES DE POLIPROPILENO, RESISTENCIA A TRACAO = *25* KN/M","M2    ",16.6]
[626,"MANTA LIQUIDA DE BASE ASFALTICA MODIFICADA COM A ADICAO DE ELASTOMEROS DILUIDOS EM SOLVENTE ORGANICO, APLICACAO A FRIO (MEMBRANA IMPERMEABILIZANTE ASFASTICA)","KG    ",11.94]
[25860,"MANTA TERMOPLASTICA, PEAD, GEOMEMBRANA LISA, E = 0,50 MM ( NBR 15352)","M2    ",9.31]
[25861,"MANTA TERMOPLASTICA, PEAD, GEOMEMBRANA LISA, E = 0,75 MM ( NBR 15352)","M2    ",14.05]
[25862,"MANTA TERMOPLASTICA, PEAD, GEOMEMBRANA LISA, E = 0,80 MM ( NBR 15352)","M2    ",14.92]
[25863,"MANTA TERMOPLASTICA, PEAD, GEOMEMBRANA LISA, E = 1,00 MM ( NBR 15352)","M2    ",18.65]
[25864,"MANTA TERMOPLASTICA, PEAD, GEOMEMBRANA LISA, E = 1,50 MM ( NBR 15352)","M2    ",27.96]
[25865,"MANTA TERMOPLASTICA, PEAD, GEOMEMBRANA LISA, E = 2,00 MM ( NBR 15352)","M2    ",37.46]
[25866,"MANTA TERMOPLASTICA, PEAD, GEOMEMBRANA LISA, E = 2,50 MM ( NBR 15352)","M2    ",46.52]
[25868,"MANTA TERMOPLASTICA, PEAD, GEOMEMBRANA TEXTURIZADA EM AMBAS AS FACES, E = 0,50 MM (NBR 15352)","M2    ",10.38]
[25869,"MANTA TERMOPLASTICA, PEAD, GEOMEMBRANA TEXTURIZADA EM AMBAS AS FACES, E = 0,75 MM (NBR 15352)","M2    ",14.66]
[25870,"MANTA TERMOPLASTICA, PEAD, GEOMEMBRANA TEXTURIZADA EM AMBAS AS FACES, E = 0,80 MM (NBR 15352)","M2    ",16.61]
[25871,"MANTA TERMOPLASTICA, PEAD, GEOMEMBRANA TEXTURIZADA EM AMBAS AS FACES, E = 1,00 MM (NBR 15352)","M2    ",20.4]
[25867,"MANTA TERMOPLASTICA, PEAD, GEOMEMBRANA TEXTURIZADA EM AMBAS AS FACES, E = 1,50 MM (NBR 15352)","M2    ",30.2]
[25872,"MANTA TERMOPLASTICA, PEAD, GEOMEMBRANA TEXTURIZADA EM AMBAS AS FACES, E = 2,00 MM (NBR 15352)","M2    ",40.81]
[25873,"MANTA TERMOPLASTICA, PEAD, GEOMEMBRANA TEXTURIZADA EM AMBAS AS FACES, E = 2,50 MM (NBR 15352)","M2    ",50.9]
[40637,"MAQUINA DEMARCADORA DE FAIXA DE TRAFEGO A FRIO, AUTOPROPELIDA, MOTOR DIESEL 38 HP","UN    ",{"v":468322.69,"d":"468,322.69"}]
[13836,"MAQUINA EXTRUSORA DE CONCRETO PARA GUIAS E SARJETAS, COM MOTOR A DIESEL DE 14 CV","UN    ",{"v":78291.97,"d":"78,291.97"}]
[14534,"MAQUINA MANUAL TIPO PRENSA PARA PRODUCAO DE BLOCOS E PAVIMENTOS DE CONCRETO, COM MOTOR ELETRICO TRIFASICO PARA VIBRACAO, POTENCIA TOTAL INSTALADA DE 1,5 KW","UN    ",{"v":32775.09,"d":"32,775.09"}]
[14619,"MAQUINA PARA CORTE COM DISCO ABRASIVO DE DIAMETRO DE 18'' (450 MM), COM MOTOR ELETRICO TRIFASICO DE 10 CV","UN    ",{"v":10811.64,"d":"10,811.64"}]
[14535,"MAQUINA TIPO PRENSA HIDRAULICA, PARA FABRICACAO DE TUBOS DE CONCRETO PARA AGUAS PLUVIAIS, DN 200 A DN 600 MM X 1000 MM DE COMPRIMENTO, COM MOTOR PRINCIPAL DE 20 CV","UN    ",{"v":325295.92,"d":"325,295.92"}]
[39813,"MAQUINA TIPO VASO / TANQUE / JATO DE PRESSAO PORTATIL PARA JATEAMENTO, CONTROLE AUTOMATICO E REMOTO, COM CAMARA DE 1 SAIDA, CAPACIDADE 280 LITROS, DIAMETRO *670* MM, BICO DE JATO CURTO VENTURI DE 5/16\", MANGUEIRA DE 1\" DE 10 M,  COMPLETA ( VALVULAS POP UP E DOSADORA, FUNDO CONICO, ETC)","UN    ",{"v":14256.33,"d":"14,256.33"}]
[12868,"MARCENEIRO","H     ",12.08]
[40916,"MARCENEIRO (MENSALISTA)","MES   ",{"v":2132.4,"d":"2,132.40"}]
[4755,"MARMORISTA / GRANITEIRO","H     ",13.61]
[41067,"MARMORISTA / GRANITEIRO (MENSALISTA)","MES   ",{"v":2401.12,"d":"2,401.12"}]
[38463,"MARTELO DE SOLDADOR/PICADOR DE SOLDA","UN    ",22.86]
[40703,"MARTELO DEMOLIDOR ELETRICO, COM POTENCIA DE 2.000 W, FREQUENCIA DE 1.000 IMPACTOS POR MINUTO, FORÇA DE IMPACTO ENTRE 60 E 65 J, PESO DE 30 KG","UN    ",{"v":5833,"d":"5,833.00"}]
[14531,"MARTELO DEMOLIDOR PNEUMATICO MANUAL, COM REDUCAO DE VIBRACAO, PESO DE 21 KG","UN    ",{"v":10874.91,"d":"10,874.91"}]
[36533,"MARTELO DEMOLIDOR PNEUMATICO MANUAL, COM REDUCAO DE VIBRACAO, PESO DE 31,5 KG","UN    ",{"v":12514.24,"d":"12,514.24"}]
[11616,"MARTELO DEMOLIDOR PNEUMATICO MANUAL, PADRAO, PESO DE 32 KG","UN    ",{"v":11819.51,"d":"11,819.51"}]
[41898,"MARTELO DEMOLIDOR PNEUMATICO MANUAL, PESO  DE 28 KG, COM SILENCIADOR","UN    ",{"v":13298.56,"d":"13,298.56"}]
[13447,"MARTELO PERFURADOR PNEUMATICO MANUAL, DE SUPERFICIE, COM AVANCO DE COLUNA, PESO DE 22 KG","UN    ",{"v":24470.26,"d":"24,470.26"}]
[14529,"MARTELO PERFURADOR PNEUMATICO MANUAL, HASTE 25 X 75 MM, 21 KG","UN    ",{"v":13685.6,"d":"13,685.60"}]
[10747,"MARTELO PERFURADOR PNEUMATICO MANUAL, PESO DE 25 KG, COM SILENCIADOR","UN    ",{"v":13427.66,"d":"13,427.66"}]
[36141,"MASCARA DE SEGURANCA PARA SOLDA COM ESCUDO DE CELERON E CARNEIRA DE PLASTICO COM REGULAGEM","UN    ",29.16]
[4053,"MASSA A OLEO PARA MADEIRA","GL    ",45.71]
[4052,"MASSA ACRILICA","18L   ",93.23]
[4056,"MASSA ACRILICA PARA PAREDES INTERIOR/EXTERIOR","GL    ",24.04]
[4051,"MASSA CORRIDA PVA PARA PAREDES INTERNAS","18L   ",60]
[4047,"MASSA CORRIDA PVA PARA PAREDES INTERNAS","GL    ",12]
[4048,"MASSA CORRIDA PVA PARA PAREDES INTERNAS","L     ",3.33]
[39434,"MASSA DE REJUNTE EM PO PARA DRYWALL, A BASE DE GESSO, SECAGEM RAPIDA, PARA TRATAMENTO DE JUNTAS DE CHAPA DE GESSO (COM ADICAO DE AGUA)","KG    ",3.89]
[39433,"MASSA DE REJUNTE PRONTA PARA TRATAMENTO DE JUNTAS DE CHAPA DE GESSO PARA DRYWALL, SEM ADICAO DE AGUA","KG    ",2.79]
[4049,"MASSA EPOXI BICOMPONENTE (MASSA + CATALIZADOR)","L     ",37.59]
[38120,"MASSA EPOXI BICOMPONENTE PARA REPAROS","KG    ",84.97]
[38877,"MASSA PARA TEXTURA LISA DE BASE ACRILICA, USO INTERNO E EXTERNO","KG    ",5.32]
[34546,"MASSA PARA TEXTURA RUSTICA DE BASE ACRILICA, COR BRANCA, USO INTERNO E EXTERNO","KG    ",5.36]
[10498,"MASSA PARA VIDRO","KG    ",7.2]
[4823,"MASSA PLASTICA PARA MARMORE/GRANITO","KG    ",31.61]
[12357,"MASTRO SIMPLES GALVANIZADO DIAMETRO NOMINAL 1 1/2\", COMPRIMENTO 3 M","UN    ",116.78]
[12358,"MASTRO SIMPLES GALVANIZADO DIAMETRO NOMINAL 2\", COMPRIMENTO 3 M","UN    ",131.36]
[11079,"MATERIAL FILTRANTE (PEDREGULHO) 0,6 A 25,46 MM (POSTO PEDREIRA/FORNECEDOR, SEM FRETE)","M3    ",553.93]
[11082,"MATERIAL FILTRANTE (PEDREGULHO) 38 A 25,4 MM (POSTO PEDREIRA/FORNECEDOR, SEM FRETE)","M3    ",565.14]
[4058,"MECANICO DE EQUIPAMENTOS PESADOS","H     ",17.96]
[40974,"MECANICO DE EQUIPAMENTOS PESADOS (MENSALISTA)","MES   ",{"v":3166.19,"d":"3,166.19"}]
[34794,"MECANICO DE REFRIGERACAO","H     ",11.72]
[40925,"MECANICO DE REFRIGERACAO (MENSALISTA)","MES   ",{"v":2067.22,"d":"2,067.22"}]
[13741,"MEDIDOR DE NIVEL ESTATICO E DINAMICO PARA POCO, COMPRIMENTO DE 200 M","UN    ",{"v":2810.25,"d":"2,810.25"}]
[3288,"MEIA CANA DE MADEIRA CEDRINHO OU EQUIVALENTE DA REGIAO, ACABAMENTO PARA FORRO PAULISTA, *2,5 X 2,5* CM","M     ",4.03]
[13587,"MEIA CANA DE MADEIRA PINUS OU EQUIVALENTE DA REGIAO, ACABAMENTO PARA FORRO PAULISTA, *2,5 X 2,5* CM","M     ",2.43]
[38598,"MEIA CANALETA CONCRETO ESTRUTURAL 14 X 19 X 19 CM, FBK 14 MPA (NBR 6136)","UN    ",2.23]
[38595,"MEIA CANALETA CONCRETO ESTRUTURAL 14 X 19 X 19 CM, FBK 4,5 MPA (NBR 6136)","UN    ",1.54]
[38592,"MEIO BLOCO CONCRETO ESTRUTURAL 14 X 19 X 14 CM, FBK 14 MPA (NBR 6136)","UN    ",2.02]
[38588,"MEIO BLOCO CONCRETO ESTRUTURAL 14 X 19 X 14 CM, FBK 4,5 MPA (NBR 6136)","UN    ",1.27]
[38593,"MEIO BLOCO CONCRETO ESTRUTURAL 14 X 19 X 19 CM, FBK 14 MPA (NBR 6136)","UN    ",2.17]
[38589,"MEIO BLOCO CONCRETO ESTRUTURAL 14 X 19 X 19 CM, FBK 4,5 MPA (NBR 6136)","UN    ",1.55]
[38594,"MEIO BLOCO CONCRETO ESTRUTURAL 14 X 19 X 34 CM, FBK 14 MPA (NBR 6136)","UN    ",3.22]
[34787,"MEIO BLOCO ESTRUTURAL CERAMICO 14 X 19 X 14 CM, 4,0 MPA (NBR 15270)","UN    ",0.79]
[34788,"MEIO BLOCO ESTRUTURAL CERAMICO 14 X 19 X 14 CM, 6,0 MPA (NBR 15270)","UN    ",0.79]
[34784,"MEIO BLOCO ESTRUTURAL CERAMICO 14 X 19 X 19 CM, 4,0 MPA (NBR 15270)","UN    ",0.87]
[34781,"MEIO BLOCO ESTRUTURAL CERAMICO 14 X 19 X 19 CM, 6,0 MPA (NBR 15270)","UN    ",0.99]
[34773,"MEIO BLOCO VEDACAO CONCRETO APARENTE 14 X 19 X 19 CM  (CLASSE C - NBR 6136)","UN    ",1.61]
[34769,"MEIO BLOCO VEDACAO CONCRETO APARENTE 19 X 19 X 19 CM (CLASSE C - NBR 6136)","UN    ",1.86]
[34763,"MEIO BLOCO VEDACAO CONCRETO APARENTE 9  X 19 X 19 CM (CLASSE C - NBR 6136)","UN    ",1.08]
[34774,"MEIO BLOCO VEDACAO CONCRETO 14 X 19 X 19 CM (CLASSE C - NBR 6136)","UN    ",1.44]
[34771,"MEIO BLOCO VEDACAO CONCRETO 19 X 19 X 19 CM (CLASSE C - NBR 6136)","UN    ",1.65]
[34764,"MEIO BLOCO VEDACAO CONCRETO 9 X 19 X 19 CM (CLASSE C - NBR 6136)","UN    ",1.01]
[4062,"MEIO-FIO OU GUIA DE CONCRETO, PRE-MOLDADO, COMP 1 M, *30 X 15* CM (H X L)","UN    ",14.85]
[4059,"MEIO-FIO OU GUIA DE CONCRETO, PRE-MOLDADO, COMP 1 M, *30 X 15/ 12* CM (H X L1/L2)","M     ",18]
[4061,"MEIO-FIO OU GUIA DE CONCRETO, PRE-MOLDADO, COMP 80 CM, *45 X 18 /12* CM (H X L1/L2)","UN    ",14.4]
[10608,"MESA VIBRATORIA COM DIMENSOES DE 2,0 X 1,0 M, COM MOTOR ELETRICO DE 2 POLOS E POTENCIA DE 3 CV","UN    ",{"v":11200,"d":"11,200.00"}]
[4069,"MESTRE DE OBRAS","H     ",28.16]
[40819,"MESTRE DE OBRAS (MENSALISTA)","MES   ",{"v":4966.32,"d":"4,966.32"}]
[34361,"METACAULIM DE ALTA REATIVIDADE/CAULIM CALCINADO","KG    ",1.84]
[36512,"MICRO-TRATOR CORTADOR DE GRAMA COM LARGURA DO CORTE DE 107 CM, COM  2 LAMINAS E DESCARTE LATERAL","UN    ",{"v":9442.51,"d":"9,442.51"}]
[25972,"MICROESFERAS DE VIDRO PARA SINALIZACAO HORIZONTAL VIARIA, TIPO I-B (PREMIX) - NBR 16184","KG    ",9.44]
[25973,"MICROESFERAS DE VIDRO PARA SINALIZACAO HORIZONTAL VIARIA, TIPO II-A (DROP-ON) - NBR 16184","KG    ",9.44]
[11697,"MICTORIO COLETIVO ACO INOX (AISI 304), E = 0,8 MM, DE *100 X 40 X 30* CM (C X A X P)","UN    ",375.7]
[11698,"MICTORIO COLETIVO ACO INOX (AISI 304), E = 0,8 MM, DE *100 X 50 X 35* CM (C X A X P)","UN    ",448.19]
[11699,"MICTORIO INDIVIDUAL ACO INOX (AISI 304), E = 0,8 MM, DE *50  X 45  X 35* (C X A X P)","UN    ",495.35]
[10432,"MICTORIO SIFONADO LOUCA BRANCA SEM COMPLEMENTOS","UN    ",250.07]
[10430,"MICTORIO SIFONADO LOUCA COR SEM COMPLEMENTOS","UN    ",269.32]
[37514,"MINICARREGADEIRA SOBRE RODAS, POTENCIA LIQUIDA DE *47* HP, CAPACIDADE NOMINAL DE OPERACAO DE *646* KG","UN    ",{"v":170000,"d":"170,000.00"}]
[37519,"MINICARREGADEIRA SOBRE RODAS, POTENCIA LIQUIDA DE *72* HP, CAPACIDADE NOMINAL DE OPERACAO DE *1200* KG","UN    ",{"v":262359.87,"d":"262,359.87"}]
[37520,"MINIESCAVADEIRA SOBRE ESTEIRAS, POTENCIA LIQUIDA DE *30* HP, PESO OPERACIONAL DE *3.500* KG","UN    ",{"v":258058.89,"d":"258,058.89"}]
[37521,"MINIESCAVADEIRA SOBRE ESTEIRAS, POTENCIA LIQUIDA DE *42* HP, PESO OPERACIONAL DE *4.500* KG","UN    ",{"v":314831.85,"d":"314,831.85"}]
[37522,"MINIESCAVADEIRA SOBRE ESTEIRAS, POTENCIA LIQUIDA DE *42* HP, PESO OPERACIONAL DE *5.300* KG","UN    ",{"v":324303.81,"d":"324,303.81"}]
[21109,"MINUTERIA ELETRONICA COLETIVA COM POTENCIA MAXIMA RESISTIVA PARA LAMPADAS FLUORESCENTES DE *300* W ( 110 V ) / *600* W ( 110 V )","UN    ",90.4]
[36800,"MISTURADOR BASE PARA CHUVEIRO/BANHEIRA, 1/2 \" OU 3/4 \", SOLDAVEL OU ROSCAVEL","UN    ",77.36]
[11769,"MISTURADOR CROMADO DE MESA BICA BAIXA PARA LAVATORIO (REF 1875)","UN    ",189.58]
[36793,"MISTURADOR CROMADO DE PAREDE PARA LAVATORIO (REF 1178)","UN    ",306.95]
[37546,"MISTURADOR DE ARGAMASSA, EIXO HORIZONTAL, CAPACIDADE DE MISTURA 160 KG, MOTOR ELETRICO TRIFASICO 220/380 V, POTENCIA 3 CV","UN    ",{"v":10253.93,"d":"10,253.93"}]
[37544,"MISTURADOR DE ARGAMASSA, EIXO HORIZONTAL, CAPACIDADE DE MISTURA 300 KG, MOTOR ELETRICO TRIFASICO 220/380 V, POTENCIA 5 CV","UN    ",{"v":10845.25,"d":"10,845.25"}]
[37545,"MISTURADOR DE ARGAMASSA, EIXO HORIZONTAL, CAPACIDADE DE MISTURA 600 KG, MOTOR ELETRICO TRIFASICO 220/380 V, POTENCIA 7,5 CV","UN    ",{"v":12904.39,"d":"12,904.39"}]
[11771,"MISTURADOR DE PAREDE CROMADO PARA COZINHA BICA MOVEL COM AREJADOR (REF 1258)","UN    ",235.16]
[39919,"MISTURADOR DUPLO HORIZONTAL DE ALTA TURBULENCIA, CAPACIDADE / VOLUME 2 X 500 LITROS, MOTORES ELETRICOS MINIMO 5 CV CADA,  PARA NATA CIMENTO, ARGAMASSA E OUTROS","UN    ",{"v":51326.58,"d":"51,326.58"}]
[38385,"MISTURADOR MANUAL DE TINTAS PARA FURADEIRA, HASTE METALICA *60* CM, COM HELICE  (MEXEDOR DE TINTA)","UN    ",32.57]
[37587,"MISTURADOR MONOCOMANDO PARA CHUVEIRO, BASE BRUTA E ACABAMENTO CROMADO","UN    ",213.88]
[11571,"MOLA AEREA FECHA PORTA, PARA PORTAS COM LARGURA ACIMA DE 110 CM","UN    ",165.46]
[11561,"MOLA AEREA FECHA PORTA, PARA PORTAS COM LARGURA ATE 110 CM","UN    ",127.97]
[11560,"MOLA AEREA FECHA PORTA, PARA PORTAS COM LARGURA ATE 95 CM","UN    ",108.92]
[11499,"MOLA HIDRAULICA DE PISO P/ VIDRO TEMPERADO 10MM","UN    ",{"v":1012.99,"d":"1,012.99"}]
[34761,"MONTADOR DE ELETROELETRONICOS","H     ",12.61]
[40924,"MONTADOR DE ELETROELETRONICOS (MENSALISTA)","MES   ",{"v":2223.58,"d":"2,223.58"}]
[25957,"MONTADOR DE ESTRUTURAS METALICAS","H     ",11.99]
[40983,"MONTADOR DE ESTRUTURAS METALICAS (MENSALISTA)","MES   ",{"v":2114.03,"d":"2,114.03"}]
[2437,"MONTADOR DE MAQUINAS","H     ",18.89]
[40921,"MONTADOR DE MAQUINAS (MENSALISTA)","MES   ",{"v":3329.67,"d":"3,329.67"}]
[40534,"MONTANTE EM BARRA CHATA ACO GALVANIZADO, *65 X 8* MM, ALTURA *1420* MM, PINTURA ELETROSTATICA, COR PRETA","UN    ",144.97]
[14252,"MOTOBOMBA AUTOESCORVANTE MOTOR A GASOLINA, POTENCIA 6,0HP, BOCAIS 3\" X 3\", HM/Q = 5 MCA / 24 M3/H A 52,5 MCA / 5,0 M3/H","UN    ",{"v":1944.21,"d":"1,944.21"}]
[730,"MOTOBOMBA AUTOESCORVANTE MOTOR ELETRICO TRIFASICO 7,4HP BOCA DIAMETRO DE SUCCAO X RECLAQUE: 2\"X2\", HM/ Q = 10 M / 73,5 M3/H A 28 M / 8,2 M3 /H","UN    ",{"v":5194.56,"d":"5,194.56"}]
[723,"MOTOBOMBA AUTOESCORVANTE POTENCIA 5,42 HP, BOCAIS SUCCAO X RECALQUE 2\" X 2\", A GASOLINA, DIAMETRO DO ROTOR 122 MM HM/Q = 6 MCA / 33,0 M3/H A 28 MCA / 8,0 M3/H","UN    ",{"v":2581.88,"d":"2,581.88"}]
[36502,"MOTOBOMBA CENTRIFUGA, MOTOR A GASOLINA, POTENCIA 5,42 HP, BOCAIS 1 1/2\" X 1\", DIAMETRO ROTOR 143 MM HM/Q = 6 MCA / 16,8 M3/H A 38 MCA / 6,6 M3/H","UN    ",{"v":2426.66,"d":"2,426.66"}]
[36503,"MOTOBOMBA TRASH (PARA AGUA SUJA) AUTO ESCORVANTE, MOTOR GASOLINA DE 6,41 HP, DIAMETROS DE SUCCAO X RECALQUE: 3\" X 3\", HM/Q: 10/60 A 23/0","UN    ",{"v":2992.36,"d":"2,992.36"}]
[4090,"MOTONIVELADORA POTENCIA BASICA LIQUIDA (PRIMEIRA MARCHA) 125 HP , PESO BRUTO 13843 KG, LARGURA DA LAMINA DE 3,7 M","UN    ",{"v":558000,"d":"558,000.00"}]
[13227,"MOTONIVELADORA POTENCIA BASICA LIQUIDA (PRIMEIRA MARCHA) 171 HP, PESO BRUTO 14768 KG, LARGURA DA LAMINA DE 3,7 M","UN    ",{"v":693384.58,"d":"693,384.58"}]
[10597,"MOTONIVELADORA POTENCIA BASICA LIQUIDA (PRIMEIRA MARCHA) 186 HP, PESO BRUTO 15785 KG, LARGURA DA LAMINA DE 4,3 M","UN    ",{"v":729876.72,"d":"729,876.72"}]
[39628,"MOTOR A DIESEL PARA VIBRADOR DE IMERSAO, DE *4,7* CV","UN    ",{"v":2807.73,"d":"2,807.73"}]
[39404,"MOTOR A GASOLINA PARA VIBRADOR DE IMERSAO, 4 TEMPOS, DE 5,5 CV","UN    ",{"v":1392.26,"d":"1,392.26"}]
[39402,"MOTOR ELETRICO PARA VIBRADOR DE IMERSAO, DE 2 CV, MONOFASICO, 110/220 V","UN    ",{"v":1146.96,"d":"1,146.96"}]
[39403,"MOTOR ELETRICO PARA VIBRADOR DE IMERSAO, DE 2 CV, TRIFASICO, 220/380 V","UN    ",{"v":1122.01,"d":"1,122.01"}]
[4093,"MOTORISTA DE CAMINHAO","H     ",13.02]
[10512,"MOTORISTA DE CAMINHAO (MENSALISTA)","MES   ",{"v":2793.8,"d":"2,793.80"}]
[20020,"MOTORISTA DE CAMINHAO-BASCULANTE","H     ",12.29]
[41038,"MOTORISTA DE CAMINHAO-BASCULANTE (MENSALISTA)","MES   ",{"v":2635.25,"d":"2,635.25"}]
[4094,"MOTORISTA DE CAMINHAO-CARRETA","H     ",17.4]
[40988,"MOTORISTA DE CAMINHAO-CARRETA (MENSALISTA)","MES   ",{"v":3730.93,"d":"3,730.93"}]
[4095,"MOTORISTA DE CARRO DE PASSEIO","H     ",13.59]
[40990,"MOTORISTA DE CARRO DE PASSEIO (MENSALISTA)","MES   ",{"v":2326.78,"d":"2,326.78"}]
[4097,"MOTORISTA DE ONIBUS / MICRO-ONIBUS","H     ",18.81]
[40994,"MOTORISTA DE ONIBUS / MICRO-ONIBUS (MENSALISTA)","MES   ",{"v":3219.51,"d":"3,219.51"}]
[4096,"MOTORISTA OPERADOR DE CAMINHAO COM MUNCK","H     ",15.02]
[40992,"MOTORISTA OPERADOR DE CAMINHAO COM MUNCK (MENSALISTA)","MES   ",{"v":2572.46,"d":"2,572.46"}]
[13955,"MOTOSSERRA PORTATIL COM MOTOR A GASOLINA DE *60* CC","UN    ",{"v":1676.32,"d":"1,676.32"}]
[4114,"MOURAO CONCRETO CURVO, SECAO \"T\", H = 2,80 M + CURVA COM 0,45 M, COM FUROS PARA FIOS","UN    ",52.43]
[36797,"MOURAO DE CONCRETO CURVO,10 X 10 CM, H= *2,60* M + CURVA DE 0,40 M","UN    ",45.84]
[4107,"MOURAO DE CONCRETO RETO, *10 X 10* CM, H= 2,30 M","UN    ",44.14]
[36799,"MOURAO DE CONCRETO RETO, TIPO ESTICADOR, *10 X 10* CM, H= 2,50 M","UN    ",42.15]
[4108,"MOURAO DE CONCRETO RETO, 10 X 10 CM, H= 2,00 M","UN    ",35.49]
[4102,"MOURAO DE CONCRETO RETO, 10 X 10 CM, H= 3,00 M","UN    ",52.8]
[10826,"MUDA DE ARBUSTO FLORIFERO, CLUSIA/GARDENIA/MOREIA BRANCA/ AZALEIA OU EQUIVALENTE DA REGIAO, H= *50 A 70* CM","UN    ",93.39]
[365,"MUDA DE ARBUSTO FOLHAGEM, SANSAO-DO-CAMPO OU EQUIVALENTE DA REGIAO, H= *50 A 70* CM","UN    ",57.9]
[38639,"MUDA DE ARBUSTO, BUXINHO, H= *50* M","UN    ",224.13]
[38640,"MUDA DE ARBUSTO, PINGO DE OURO/ VIOLETEIRA, H = *10 A 20* CM","UN    ",3.36]
[358,"MUDA DE ARVORE ORNAMENTAL, OITI/AROEIRA SALSA/ANGICO/IPE/JACARANDA OU EQUIVALENTE  DA REGIAO, H= *1* M","UN    ",69.1]
[359,"MUDA DE ARVORE ORNAMENTAL, OITI/AROEIRA SALSA/ANGICO/IPE/JACARANDA OU EQUIVALENTE  DA REGIAO, H= *2* M","UN    ",141.95]
[38641,"MUDA DE PALMEIRA, ARECA, H= *1,50* CM","UN    ",140.08]
[360,"MUDA DE RASTEIRA/FORRACAO, AMENDOIM RASTEIRO/ONZE HORAS/AZULZINHA/IMPATIENS OU EQUIVALENTE DA REGIAO","UN    ",3.25]
[4127,"MUFLA TERMINAL PRIMARIA UNIPOLAR USO EXTERNO PARA CABO 25/70MM2 ISOL, 3,6/6KV EM EPR - BORRACHA DE SILICONE","UN    ",210.82]
[4154,"MUFLA TERMINAL PRIMARIA UNIPOLAR USO INTERNO PARA CABO 25/70MM2 ISOL 6/10KV EM EPR- BORRACHA DE SILICONE","UN    ",257.57]
[4168,"MUFLA TERMINAL PRIMARIA UNIPOLAR USO INTERNO PARA CABO 35/120MM2 ISOLACAO 15/25KV EM EPR - BORRACHA DE SILICONE","UN    ",272.02]
[4161,"MUFLA TERMINAL PRIMARIA UNIPOLAR USO INTERNO PARA CABO 35/70MM2 ISOLACAO 8,7/15KV EM EPR - BORRACHA DE SILICONE","UN    ",261.82]
[42459,"MULTIEXERCITADOR COM SEIS FUNCOES, EM TUBO DE ACO CARBONO, PINTURA NO PROCESSO ELETROSTATICO - EQUIPAMENTO DE GINASTICA PARA ACADEMIA AO AR LIVRE / ACADEMIA DA TERCEIRA IDADE - ATI * COLETADO CAIXA *","UN    ",{"v":5382.14,"d":"5,382.14"}]
[4214,"NIPEL PVC, ROSCAVEL, 1 1/2\",  AGUA FRIA PREDIAL","UN    ",4.86]
[4215,"NIPEL PVC, ROSCAVEL, 1 1/4\",  AGUA FRIA PREDIAL","UN    ",4.03]
[4210,"NIPEL PVC, ROSCAVEL, 1/2\",  AGUA FRIA PREDIAL","UN    ",0.62]
[4212,"NIPEL PVC, ROSCAVEL, 1\",  AGUA FRIA PREDIAL","UN    ",1.62]
[4213,"NIPEL PVC, ROSCAVEL, 2\",  AGUA FRIA PREDIAL","UN    ",8.78]
[4211,"NIPEL PVC, ROSCAVEL, 3/4\",  AGUA FRIA PREDIAL","UN    ",0.91]
[4209,"NIPLE DE FERRO GALVANIZADO, COM ROSCA BSP, DE 1 1/2\"","UN    ",11.09]
[4180,"NIPLE DE FERRO GALVANIZADO, COM ROSCA BSP, DE 1 1/4\"","UN    ",8.35]
[4177,"NIPLE DE FERRO GALVANIZADO, COM ROSCA BSP, DE 1/2\"","UN    ",2.77]
[4179,"NIPLE DE FERRO GALVANIZADO, COM ROSCA BSP, DE 1\"","UN    ",5.67]
[4208,"NIPLE DE FERRO GALVANIZADO, COM ROSCA BSP, DE 2 1/2\"","UN    ",26.4]
[4181,"NIPLE DE FERRO GALVANIZADO, COM ROSCA BSP, DE 2\"","UN    ",17.25]
[4178,"NIPLE DE FERRO GALVANIZADO, COM ROSCA BSP, DE 3/4\"","UN    ",3.84]
[4182,"NIPLE DE FERRO GALVANIZADO, COM ROSCA BSP, DE 3\"","UN    ",42.94]
[4183,"NIPLE DE FERRO GALVANIZADO, COM ROSCA BSP, DE 4\"","UN    ",69.14]
[4184,"NIPLE DE FERRO GALVANIZADO, COM ROSCA BSP, DE 5\"","UN    ",152.62]
[4185,"NIPLE DE FERRO GALVANIZADO, COM ROSCA BSP, DE 6\"","UN    ",253.59]
[4205,"NIPLE DE REDUCAO DE FERRO GALVANIZADO, COM ROSCA BSP, DE 1 1/2\" X 1 1/4\"","UN    ",14.64]
[4192,"NIPLE DE REDUCAO DE FERRO GALVANIZADO, COM ROSCA BSP, DE 1 1/2\" X 1\"","UN    ",14.64]
[4191,"NIPLE DE REDUCAO DE FERRO GALVANIZADO, COM ROSCA BSP, DE 1 1/2\" X 3/4\"","UN    ",14.64]
[4207,"NIPLE DE REDUCAO DE FERRO GALVANIZADO, COM ROSCA BSP, DE 1 1/4\" X 1/2\"","UN    ",11.78]
[4206,"NIPLE DE REDUCAO DE FERRO GALVANIZADO, COM ROSCA BSP, DE 1 1/4\" X 1\"","UN    ",11.44]
[4190,"NIPLE DE REDUCAO DE FERRO GALVANIZADO, COM ROSCA BSP, DE 1 1/4\" X 3/4\"","UN    ",11.44]
[4186,"NIPLE DE REDUCAO DE FERRO GALVANIZADO, COM ROSCA BSP, DE 1/2\" X 1/4\"","UN    ",3.38]
[4188,"NIPLE DE REDUCAO DE FERRO GALVANIZADO, COM ROSCA BSP, DE 1\" X 1/2\"","UN    ",6.9]
[4189,"NIPLE DE REDUCAO DE FERRO GALVANIZADO, COM ROSCA BSP, DE 1\" X 3/4\"","UN    ",6.9]
[4197,"NIPLE DE REDUCAO DE FERRO GALVANIZADO, COM ROSCA BSP, DE 2 1/2\" X 2\"","UN    ",36.56]
[4194,"NIPLE DE REDUCAO DE FERRO GALVANIZADO, COM ROSCA BSP, DE 2\" X 1 1/2\"","UN    ",22.09]
[4193,"NIPLE DE REDUCAO DE FERRO GALVANIZADO, COM ROSCA BSP, DE 2\" X 1 1/4\"","UN    ",22.09]
[4204,"NIPLE DE REDUCAO DE FERRO GALVANIZADO, COM ROSCA BSP, DE 2\" X 1\"","UN    ",22.09]
[4187,"NIPLE DE REDUCAO DE FERRO GALVANIZADO, COM ROSCA BSP, DE 3/4\" X 1/2\"","UN    ",4.4]
[4202,"NIPLE DE REDUCAO DE FERRO GALVANIZADO, COM ROSCA BSP, DE 3\" X 2 1/2\"","UN    ",66.78]
[4203,"NIPLE DE REDUCAO DE FERRO GALVANIZADO, COM ROSCA BSP, DE 3\" X 2\"","UN    ",58.98]
[40368,"NIPLE SEXTAVADO EM ACO CARBONO, COM ROSCA BSP, PRESSAO 3.000 LBS, DN 1 1/2\"","UN    ",25.61]
[40365,"NIPLE SEXTAVADO EM ACO CARBONO, COM ROSCA BSP, PRESSAO 3.000 LBS, DN 1 1/4\"","UN    ",17.28]
[40356,"NIPLE SEXTAVADO EM ACO CARBONO, COM ROSCA BSP, PRESSAO 3.000 LBS, DN 1/2\"","UN    ",5.9]
[40362,"NIPLE SEXTAVADO EM ACO CARBONO, COM ROSCA BSP, PRESSAO 3.000 LBS, DN 1\"","UN    ",11.44]
[40374,"NIPLE SEXTAVADO EM ACO CARBONO, COM ROSCA BSP, PRESSAO 3.000 LBS, DN 2 1/2\"","UN    ",66.95]
[40371,"NIPLE SEXTAVADO EM ACO CARBONO, COM ROSCA BSP, PRESSAO 3.000 LBS, DN 2\"","UN    ",42.14]
[40359,"NIPLE SEXTAVADO EM ACO CARBONO, COM ROSCA BSP, PRESSAO 3.000 LBS, DN 3/4\"","UN    ",7.62]
[7595,"NIVELADOR","H     ",13.06]
[41094,"NIVELADOR (MENSALISTA)","MES   ",{"v":2415.68,"d":"2,415.68"}]
[38175,"NUMERO / ALGARISMO PARA PORTA, TAMANHO *40* MM, EM ZAMAC, (MODELO DE 0 A 9), FIXACAO POR PARAFUSOS","UN    ",2.2]
[38176,"NUMERO / ALGARISMO PARA RESIDENCIA (FACHADA), TAMANHO *120* MM, EM ZAMAC, (MODELO DE 0 A 9), FIXACAO POR PARAFUSOS","UN    ",5.98]
[36152,"OCULOS DE SEGURANCA CONTRA IMPACTOS COM LENTE INCOLOR, ARMACAO NYLON, COM PROTECAO UVA E UVB","UN    ",4.21]
[11138,"OLEO COMBUSTIVEL BPF A GRANEL","L     ",2.39]
[5333,"OLEO DE LINHACA","L     ",18.08]
[4221,"OLEO DIESEL COMBUSTIVEL COMUM","L     ",3.72]
[4227,"OLEO LUBRIFICANTE PARA MOTORES DE EQUIPAMENTOS PESADOS (CAMINHOES, TRATORES, RETROS E ETC)","L     ",19.5]
[38170,"OLHO MAGICO / VISOR PARA PORTA DE *25 A 46* MM DE ESPESSURA, ANGULO DE VISAO APROXIMADO DE 200 GRAUS, LATAO CROMADO, COM FECHO JANELA","UN    ",10.08]
[4252,"OPERADOR DE BATE-ESTACAS","H     ",17.25]
[40980,"OPERADOR DE BATE-ESTACAS (MENSALISTA)","MES   ",{"v":3040.68,"d":"3,040.68"}]
[4243,"OPERADOR DE BETONEIRA (CAMINHAO)","H     ",11.74]
[41031,"OPERADOR DE BETONEIRA (CAMINHAO) (MENSALISTA)","MES   ",{"v":2072.15,"d":"2,072.15"}]
[40986,"OPERADOR DE BETONEIRA ESTACIONARIA / MISTURADOR (MENSALISTA)","MES   ",{"v":1999.7,"d":"1,999.70"}]
[37666,"OPERADOR DE BETONEIRA ESTACIONARIA/MISTURADOR","H     ",11.33]
[4250,"OPERADOR DE COMPRESSOR DE AR OU COMPRESSORISTA","H     ",15.55]
[40978,"OPERADOR DE COMPRESSOR DE AR OU COMPRESSORISTA (MENSALISTA)","MES   ",{"v":2742.68,"d":"2,742.68"}]
[25960,"OPERADOR DE DEMARCADORA DE FAIXAS DE TRAFEGO","H     ",14.46]
[41043,"OPERADOR DE DEMARCADORA DE FAIXAS DE TRAFEGO (MENSALISTA)","MES   ",{"v":2550.34,"d":"2,550.34"}]
[4234,"OPERADOR DE ESCAVADEIRA","H     ",15.85]
[40987,"OPERADOR DE ESCAVADEIRA (MENSALISTA)","MES   ",{"v":2793.8,"d":"2,793.80"}]
[4253,"OPERADOR DE GUINCHO","H     ",13.59]
[40981,"OPERADOR DE GUINCHO OU GUINCHEIRO (MENSALISTA)","MES   ",{"v":2396.44,"d":"2,396.44"}]
[4254,"OPERADOR DE GUINDASTE","H     ",14]
[41036,"OPERADOR DE GUINDASTE (MENSALISTA)","MES   ",{"v":2470.28,"d":"2,470.28"}]
[4251,"OPERADOR DE JATO ABRASIVO OU JATISTA","H     ",21.87]
[40979,"OPERADOR DE JATO ABRASIVO OU JATISTA (MENSALISTA)","MES   ",{"v":3854.19,"d":"3,854.19"}]
[4230,"OPERADOR DE MAQUINAS E TRATORES DIVERSOS (TERRAPLANAGEM)","H     ",15.02]
[40998,"OPERADOR DE MAQUINAS E TRATORES DIVERSOS (TERRAPLANAGEM) (MENSALISTA)","MES   ",{"v":2648.34,"d":"2,648.34"}]
[4257,"OPERADOR DE MARTELETE OU MARTELETEIRO","H     ",13.59]
[40982,"OPERADOR DE MARTELETE OU MARTELETEIRO (MENSALISTA)","MES   ",{"v":2396.44,"d":"2,396.44"}]
[41029,"OPERADOR DE MESA VIBROACABADORA (MENSALISTA)","MES   ",{"v":2366.03,"d":"2,366.03"}]
[4240,"OPERADOR DE MOTO SCRAPER","H     ",14.7]
[41026,"OPERADOR DE MOTO SCRAPER (MENSALISTA)","MES   ",{"v":2593.81,"d":"2,593.81"}]
[4239,"OPERADOR DE MOTONIVELADORA","H     ",18.04]
[41024,"OPERADOR DE MOTONIVELADORA (MENSALISTA)","MES   ",{"v":3182.14,"d":"3,182.14"}]
[4248,"OPERADOR DE PA CARREGADEIRA","H     ",16.96]
[41033,"OPERADOR DE PA CARREGADEIRA (MENSALISTA)","MES   ",{"v":2993.09,"d":"2,993.09"}]
[25959,"OPERADOR DE PAVIMENTADORA","H     ",15.19]
[41040,"OPERADOR DE PAVIMENTADORA/MESA VIBROACABADORA (MENSALISTA)","MES   ",{"v":2677.86,"d":"2,677.86"}]
[4238,"OPERADOR DE ROLO COMPACTADOR","H     ",13.59]
[41012,"OPERADOR DE ROLO COMPACTADOR (MENSALISTA)","MES   ",{"v":2396.47,"d":"2,396.47"}]
[4237,"OPERADOR DE TRATOR - EXCLUSIVE AGROPECUARIA","H     ",16.59]
[41002,"OPERADOR DE TRATOR - EXCLUSIVE AGROPECUARIA (MENSALISTA)","MES   ",{"v":2924.4,"d":"2,924.40"}]
[4233,"OPERADOR DE USINA DE ASFALTO, DE SOLOS OU DE CONCRETO","H     ",13.04]
[41001,"OPERADOR DE USINA DE ASFALTO, DE SOLOS OU DE CONCRETO (MENSALISTA)","MES   ",{"v":2299.66,"d":"2,299.66"}]
[2,"OXIGENIO, RECARGA PARA CILINDRO DE CONJUNTO OXICORTE GRANDE","M3    ",10.95]
[36517,"PA CARREGADEIRA SOBRE RODAS, POTENCIA BRUTA *127* CV, CAPACIDADE DA CACAMBA DE 2,0 A 2,4 M3, PESO OPERACIONAL DE 10330 KG","UN    ",{"v":332112,"d":"332,112.00"}]
[4262,"PA CARREGADEIRA SOBRE RODAS, POTENCIA LIQUIDA 128 HP, CAPACIDADE DA CACAMBA DE 1,7 A 2,8 M3, PESO OPERACIONAL DE 11632 KG","UN    ",{"v":374000,"d":"374,000.00"}]
[4263,"PA CARREGADEIRA SOBRE RODAS, POTENCIA LIQUIDA 197 HP, CAPACIDADE DA CACAMBA DE 2,5 A 3,5 M3, PESO OPERACIONAL DE 18338 KG","UN    ",{"v":518613.3,"d":"518,613.30"}]
[36518,"PA CARREGADEIRA SOBRE RODAS, POTENCIA LIQUIDA 213 HP, CAPACIDADE DA CACAMBA DE 1,9 A 3,5 M3, PESO OPERACIONAL DE 19234 KG","UN    ",{"v":590421.3,"d":"590,421.30"}]
[14221,"PA CARREGADEIRA SOBRE RODAS, POTENCIA 152 HP, CAPACIDADE DA CACAMBA DE 1,53 A 2,30 M3, PESO OPERACIONAL DE 10216 KG","UN    ",{"v":344578.65,"d":"344,578.65"}]
[38402,"PA DE LIXO PLASTICA, CABO LONGO","UN    ",6.29]
[3412,"PAINEL DE LA DE VIDRO SEM REVESTIMENTO PSI 20, E = 25 MM, DE 1200 X 600 MM","M2    ",16.07]
[3413,"PAINEL DE LA DE VIDRO SEM REVESTIMENTO PSI 20, E = 50 MM, DE 1200 X 600 MM","M2    ",36.19]
[39744,"PAINEL DE LA DE VIDRO SEM REVESTIMENTO PSI 40, E = 25 MM, DE 1200 X 600 MM","M2    ",28.1]
[39745,"PAINEL DE LA DE VIDRO SEM REVESTIMENTO PSI 40, E = 50 MM, DE 1200 X 600 MM","M2    ",59.3]
[39637,"PAINEL ESTRUTURAL PARA LAJE SECA REVESTIDO EM PLACA CIMENTICIA, DE 1,20 X 2,50 M, E = 23 MM","M2    ",69.89]
[39638,"PAINEL ESTRUTURAL PARA LAJE SECA REVESTIDO EM PLACA CIMENTICIA, DE 1,20 X 2,50 M, E = 40 MM","M2    ",130.14]
[39639,"PAINEL ESTRUTURAL PARA LAJE SECA REVESTIDO EM PLACA CIMENTICIA, DE 1,20 X 2,50 M, E = 55 MM","M2    ",171.58]
[39517,"PAINEL ISOLANTE REVESTIDO EM ACO GALVALUME *0,5* MM COM PRE-PINTURA NAS DUAS FACES, NUCLEO EM POLIURETANO (PUR), E = 40/50 MM, PARA FECHAMENTOS VERTICAIS (INCLUI PARAFUSOS DE FIXACAO)","M2    ",149.45]
[39518,"PAINEL ISOLANTE REVESTIDO EM ACO GALVALUME *0,5* MM COM PRE-PINTURA NAS DUAS FACES, NUCLEO EM POLIURETANO (PUR), E = 70/80 MM, PARA FECHAMENTOS VERTICAIS (INCLUI PARAFUSOS DE FIXACAO)","M2    ",176.77]
[38366,"PAPEL KRAFT BETUMADO","M2    ",3.84]
[11703,"PAPELEIRA DE PAREDE EM METAL CROMADO SEM TAMPA","UN    ",30.52]
[37400,"PAPELEIRA PLASTICA TIPO DISPENSER PARA PAPEL HIGIENICO ROLAO","UN    ",35.81]
[25400,"PAR DE TABELAS DE BASQUETE EM COMPENSADO NAVAL DE *1,80 X 1,20* M, COM ARO DE METAL E REDE (SEM SUPORTE DE FIXACAO)","UN    ",{"v":1070.62,"d":"1,070.62"}]
[4272,"PARA-RAIOS DE BAIXA TENSAO, TENSAO DE OPERACAO *280* V , CORRENTE MAXIMA *20* KA","UN    ",67.05]
[4276,"PARA-RAIOS DE DISTRIBUICAO, TENSAO NOMINAL 15 KV, CORRENTE NOMINAL DE DESCARGA 5 KA","UN    ",197.89]
[4273,"PARA-RAIOS DE DISTRIBUICAO, TENSAO NOMINAL 30 KV, CORRENTE NOMINAL DE DESCARGA 10 KA","UN    ",328.74]
[4274,"PARA-RAIOS TIPO FRANKLIN 350 MM, EM LATAO CROMADO, DUAS DESCIDAS, PARA PROTECAO DE EDIFICACOES CONTRA DESCARGAS ATMOSFERICAS","UN    ",76.23]
[39438,"PARAFUSO CABECA TROMBETA E PONTA AGULHA (GN55), COMPRIMENTO 55 MM, EM ACO FOSFATIZADO, PARA FIXAR CHAPA DE GESSO EM PERFIL DRYWALL METALICO MAXIMO 0,7 MM","UN    ",0.13]
[11963,"PARAFUSO DE ACO TIPO CHUMBADOR PARABOLT, DIAMETRO 1/2\", COMPRIMENTO 75 MM","UN    ",4.98]
[11964,"PARAFUSO DE ACO TIPO CHUMBADOR PARABOLT, DIAMETRO 3/8\", COMPRIMENTO 75 MM","UN    ",1.25]
[4379,"PARAFUSO DE ACO ZINCADO COM ROSCA SOBERBA, CABECA CHATA E FENDA SIMPLES, DIAMETRO 2,5 MM, COMPRIMENTO * 9,5 * MM","UN    ",0.02]
[4377,"PARAFUSO DE ACO ZINCADO COM ROSCA SOBERBA, CABECA CHATA E FENDA SIMPLES, DIAMETRO 4,2 MM, COMPRIMENTO * 32 * MM","UN    ",0.09]
[4356,"PARAFUSO DE ACO ZINCADO COM ROSCA SOBERBA, CABECA CHATA E FENDA SIMPLES, DIAMETRO 4,8 MM, COMPRIMENTO 45 MM","UN    ",0.13]
[13246,"PARAFUSO DE FERRO POLIDO, SEXTAVADO, COM ROSCA INTEIRA, DIAMETRO 5/16\", COMPRIMENTO 3/4\", COM PORCA E ARRUELA LISA LEVE","UN    ",0.23]
[4346,"PARAFUSO DE FERRO POLIDO, SEXTAVADO, COM ROSCA PARCIAL, DIAMETRO 5/8\", COMPRIMENTO 6\", COM PORCA E ARRUELA DE PRESSAO MEDIA","UN    ",5.34]
[11955,"PARAFUSO DE LATAO COM ACABAMENTO CROMADO PARA FIXAR PECA SANITARIA, INCLUI PORCA CEGA, ARRUELA E BUCHA DE NYLON TAMANHO S-10","UN    ",2.33]
[11960,"PARAFUSO DE LATAO COM ROSCA SOBERBA, CABECA CHATA E FENDA SIMPLES, DIAMETRO 2,5 MM, COMPRIMENTO 12 MM","UN    ",0.07]
[4333,"PARAFUSO DE LATAO COM ROSCA SOBERBA, CABECA CHATA E FENDA SIMPLES, DIAMETRO 3,2 MM, COMPRIMENTO 16 MM","UN    ",0.13]
[4358,"PARAFUSO DE LATAO COM ROSCA SOBERBA, CABECA CHATA E FENDA SIMPLES, DIAMETRO 4,8 MM, COMPRIMENTO 65 MM","UN    ",1.07]
[39435,"PARAFUSO DRY WALL, EM ACO FOSFATIZADO, CABECA TROMBETA E PONTA AGULHA (TA), COMPRIMENTO 25 MM","UN    ",0.05]
[39436,"PARAFUSO DRY WALL, EM ACO FOSFATIZADO, CABECA TROMBETA E PONTA AGULHA (TA), COMPRIMENTO 35 MM","UN    ",0.09]
[39437,"PARAFUSO DRY WALL, EM ACO FOSFATIZADO, CABECA TROMBETA E PONTA AGULHA (TA), COMPRIMENTO 45 MM","UN    ",0.12]
[39439,"PARAFUSO DRY WALL, EM ACO FOSFATIZADO, CABECA TROMBETA E PONTA BROCA (TB), COMPRIMENTO 25 MM","UN    ",0.08]
[39440,"PARAFUSO DRY WALL, EM ACO FOSFATIZADO, CABECA TROMBETA E PONTA BROCA (TB), COMPRIMENTO 35 MM","UN    ",0.1]
[39441,"PARAFUSO DRY WALL, EM ACO FOSFATIZADO, CABECA TROMBETA E PONTA BROCA (TB), COMPRIMENTO 45 MM","UN    ",0.13]
[39442,"PARAFUSO DRY WALL, EM ACO ZINCADO, CABECA LENTILHA E PONTA AGULHA (LA), LARGURA 4,2 MM, COMPRIMENTO 13 MM","UN    ",0.09]
[39443,"PARAFUSO DRY WALL, EM ACO ZINCADO, CABECA LENTILHA E PONTA BROCA (LB), LARGURA 4,2 MM, COMPRIMENTO 13 MM","UN    ",0.12]
[4329,"PARAFUSO EM ACO GALVANIZADO, TIPO MAQUINA, SEXTAVADO, SEM PORCA, DIAMETRO 1/2\", COMPRIMENTO 2\"","UN    ",1.14]
[4383,"PARAFUSO FRANCES METRICO ZINCADO, DIAMETRO 12 MM, COMPRIMENTO 140MM, COM PORCA SEXTAVADA E ARRUELA DE PRESSAO MEDIA","UN    ",10.3]
[4344,"PARAFUSO FRANCES METRICO ZINCADO, DIAMETRO 12 MM, COMPRIMENTO 150 MM, COM PORCA SEXTAVADA E ARRUELA DE PRESSAO MEDIA","UN    ",10.8]
[436,"PARAFUSO FRANCES M16 EM ACO GALVANIZADO, COMPRIMENTO = 150 MM, DIAMETRO = 16 MM, CABECA ABAULADA","UN    ",4.85]
[442,"PARAFUSO FRANCES M16 EM ACO GALVANIZADO, COMPRIMENTO = 45 MM, DIAMETRO = 16 MM, CABECA ABAULADA","UN    ",2.87]
[11953,"PARAFUSO FRANCES ZINCADO, DIAMETRO 1/2'', COMPRIMENTO 2'', COM PORCA E ARRUELA","UN    ",1.71]
[4335,"PARAFUSO FRANCES ZINCADO, DIAMETRO 1/2\", COMPRIMENTO 12\", COM PORCA E ARRUELA LISA MEDIA","UN    ",7.25]
[4334,"PARAFUSO FRANCES ZINCADO, DIAMETRO 1/2\", COMPRIMENTO 15\", COM PORCA E ARRUELA LISA MEDIA","UN    ",9.95]
[4343,"PARAFUSO FRANCES ZINCADO, DIAMETRO 1/2\", COMPRIMENTO 4\", COM PORCA E ARRUELA","UN    ",2.44]
[430,"PARAFUSO M16 EM ACO GALVANIZADO, COMPRIMENTO = 125 MM, DIAMETRO = 16 MM, ROSCA MAQUINA, CABECA QUADRADA","UN    ",4.34]
[441,"PARAFUSO M16 EM ACO GALVANIZADO, COMPRIMENTO = 150 MM, DIAMETRO = 16 MM, ROSCA MAQUINA, CABECA QUADRADA","UN    ",4.77]
[431,"PARAFUSO M16 EM ACO GALVANIZADO, COMPRIMENTO = 200 MM, DIAMETRO = 16 MM, ROSCA MAQUINA, CABECA QUADRADA","UN    ",5.77]
[432,"PARAFUSO M16 EM ACO GALVANIZADO, COMPRIMENTO = 250 MM, DIAMETRO = 16 MM, ROSCA MAQUINA, CABECA QUADRADA","UN    ",6.36]
[429,"PARAFUSO M16 EM ACO GALVANIZADO, COMPRIMENTO = 300 MM, DIAMETRO = 16 MM, ROSCA DUPLA","UN    ",8.58]
[439,"PARAFUSO M16 EM ACO GALVANIZADO, COMPRIMENTO = 300 MM, DIAMETRO = 16 MM, ROSCA MAQUINA, CABECA QUADRADA","UN    ",7.31]
[433,"PARAFUSO M16 EM ACO GALVANIZADO, COMPRIMENTO = 350 MM, DIAMETRO = 16 MM, ROSCA MAQUINA, CABECA QUADRADA","UN    ",8.53]
[437,"PARAFUSO M16 EM ACO GALVANIZADO, COMPRIMENTO = 400 MM, DIAMETRO = 16 MM, ROSCA DUPLA","UN    ",11.34]
[11790,"PARAFUSO M16 EM ACO GALVANIZADO, COMPRIMENTO = 450 MM, DIAMETRO = 16 MM, ROSCA MAQUINA, CABECA QUADRADA","UN    ",12.86]
[428,"PARAFUSO M16 EM ACO GALVANIZADO, COMPRIMENTO = 500 MM, DIAMETRO = 16 MM, ROSCA MAQUINA, COM CABECA SEXTAVADA E PORCA","UN    ",13.99]
[4384,"PARAFUSO NIQUELADO COM ACABAMENTO CROMADO PARA FIXAR PECA SANITARIA, INCLUI PORCA CEGA, ARRUELA E BUCHA DE NYLON TAMANHO S-10","UN    ",11.84]
[4351,"PARAFUSO NIQUELADO 3 1/2\" COM ACABAMENTO CROMADO PARA FIXAR PECA SANITARIA, INCLUI PORCA CEGA, ARRUELA E BUCHA DE NYLON TAMANHO S-8","UN    ",8.78]
[11054,"PARAFUSO ROSCA SOBERBA ZINCADO CABECA CHATA FENDA SIMPLES 3,2 X 20 MM (3/4 \")","UN    ",0.02]
[11055,"PARAFUSO ROSCA SOBERBA ZINCADO CABECA CHATA FENDA SIMPLES 3,5 X 25 MM (1 \")","UN    ",0.03]
[11056,"PARAFUSO ROSCA SOBERBA ZINCADO CABECA CHATA FENDA SIMPLES 3,8 X 30 MM (1.1/4 \")","UN    ",0.04]
[11057,"PARAFUSO ROSCA SOBERBA ZINCADO CABECA CHATA FENDA SIMPLES 4,8 X 40 MM (1.1/2 \")","UN    ",0.08]
[11059,"PARAFUSO ROSCA SOBERBA ZINCADO CABECA CHATA FENDA SIMPLES 5,5 X 50 MM (2 \")","UN    ",0.15]
[11058,"PARAFUSO ROSCA SOBERBA ZINCADO CABECA CHATA FENDA SIMPLES 5,5 X 65 MM (2.1/2 \")","UN    ",0.2]
[4380,"PARAFUSO ZINCADO ROSCA SOBERBA 5/16 \" X 120 MM PARA TELHA FIBROCIMENTO","UN    ",0.69]
[4299,"PARAFUSO ZINCADO ROSCA SOBERBA, CABECA SEXTAVADA, 5/16 \" X 110 MM, PARA FIXACAO DE TELHA EM MADEIRA","UN    ",0.65]
[4304,"PARAFUSO ZINCADO ROSCA SOBERBA, CABECA SEXTAVADA, 5/16 \" X 150 MM, PARA FIXACAO DE TELHA EM MADEIRA","UN    ",0.88]
[4305,"PARAFUSO ZINCADO ROSCA SOBERBA, CABECA SEXTAVADA, 5/16 \" X 180 MM, PARA FIXACAO DE TELHA EM MADEIRA","UN    ",1.03]
[4306,"PARAFUSO ZINCADO ROSCA SOBERBA, CABECA SEXTAVADA, 5/16 \" X 200 MM, PARA FIXACAO DE TELHA EM MADEIRA","UN    ",1.19]
[4308,"PARAFUSO ZINCADO ROSCA SOBERBA, CABECA SEXTAVADA, 5/16 \" X 230 MM, PARA FIXACAO DE TELHA EM MADEIRA","UN    ",2.47]
[4302,"PARAFUSO ZINCADO ROSCA SOBERBA, CABECA SEXTAVADA, 5/16 \" X 250 MM, PARA FIXACAO DE TELHA EM MADEIRA","UN    ",1.85]
[4300,"PARAFUSO ZINCADO ROSCA SOBERBA, CABECA SEXTAVADA, 5/16 \" X 50 MM, PARA FIXACAO DE TELHA EM MADEIRA","UN    ",0.44]
[4301,"PARAFUSO ZINCADO ROSCA SOBERBA, CABECA SEXTAVADA, 5/16 \" X 85 MM, PARA FIXACAO DE TELHA EM MADEIRA","UN    ",0.54]
[4320,"PARAFUSO ZINCADO 5/16 \" X 250 MM PARA FIXACAO DE TELHA DE FIBROCIMENTO CANALETE 49, INCLUI BUCHA NYLON S-10","UN    ",1.64]
[4318,"PARAFUSO ZINCADO 5/16 \" X 85 MM PARA FIXACAO DE TELHA DE FIBROCIMENTO CANALETE 90, INCLUI BUCHA NYLON S-10","UN    ",0.79]
[40547,"PARAFUSO ZINCADO, AUTOBROCANTE, FLANGEADO, 4,2 X 19\"","CENTO ",14.39]
[11962,"PARAFUSO ZINCADO, SEXTAVADO, COM ROSCA INTEIRA, DIAMETRO 1/4\", COMPRIMENTO 1/2\"","UN    ",0.11]
[4332,"PARAFUSO ZINCADO, SEXTAVADO, COM ROSCA INTEIRA, DIAMETRO 3/8\", COMPRIMENTO 2\"","UN    ",0.57]
[4331,"PARAFUSO ZINCADO, SEXTAVADO, COM ROSCA INTEIRA, DIAMETRO 5/8\", COMPRIMENTO 2 1/4\"","UN    ",2.16]
[4336,"PARAFUSO ZINCADO, SEXTAVADO, COM ROSCA INTEIRA, DIAMETRO 5/8\", COMPRIMENTO 3\", COM PORCA E ARRUELA DE PRESSAO MEDIA","UN    ",2.76]
[13294,"PARAFUSO ZINCADO, SEXTAVADO, COM ROSCA SOBERBA, DIAMETRO 3/8\", COMPRIMENTO 80 MM","UN    ",0.79]
[11948,"PARAFUSO ZINCADO, SEXTAVADO, COM ROSCA SOBERBA, DIAMETRO 5/16\", COMPRIMENTO 40 MM","UN    ",0.35]
[4382,"PARAFUSO ZINCADO, SEXTAVADO, COM ROSCA SOBERBA, DIAMETRO 5/16\", COMPRIMENTO 80 MM","UN    ",0.59]
[4354,"PARAFUSO ZINCADO, SEXTAVADO, GRAU 5, ROSCA INTEIRA, DIAMETRO 1 1/2\", COMPRIMENTO 4\"","UN    ",24.78]
[40839,"PARAFUSO, ASTM A307 - GRAU A, SEXTAVADO, ZINCADO, DIAMETRO 3/8\" (9,52 MM), COMPRIMENTO 1 \" (25,4 MM)","CENTO ",59.63]
[40552,"PARAFUSO, AUTO ATARRACHANTE, CABECA CHATA, FENDA SIMPLES, 1/4” (6,35 MM) X 25 MM","CENTO ",24.67]
[40549,"PARAFUSO, COMUM, ASTM A307, SEXTAVADO, DIAMETRO 1/2\" (12,7 MM), COMPRIMENTO 1\" (25,4 MM)","CENTO ",97.67]
[4385,"PARALELEPIPEDO GRANITICO OU BASALTICO, PARA PAVIMENTACAO, SEM FRETE,  *30 A 35* PECAS POR M2","MIL   ",{"v":1188,"d":"1,188.00"}]
[4386,"PARALELEPIPEDO GRANITICO OU BASALTICO, PARA PAVIMENTACAO, SEM FRETE,  *30 A 35* PECAS POR M2","M2    ",50.23]
[38397,"PASTA DESENGRAXANTE PARA MAOS","KG    ",3.48]
[20078,"PASTA LUBRIFICANTE PARA TUBOS E CONEXOES COM JUNTA ELASTICA (USO EM PVC, ACO, POLIETILENO E OUTROS) ( DE *400* G)","UN    ",17.36]
[20079,"PASTA LUBRIFICANTE PARA TUBOS E CONEXOES COM JUNTA ELASTICA (USO EM PVC, ACO, POLIETILENO E OUTROS) (POTE DE 3.500* G)","UN    ",108.3]
[39897,"PASTA PARA SOLDA DE TUBOS E CONEXOES DE COBRE (EMBALAGEM COM 250 G)","UN    ",25.7]
[118,"PASTA VEDA JUNTAS/ROSCA, LATA DE *500* G, PARA INSTALACOES DE GAS E OUTROS","UN    ",65.64]
[4396,"PASTILHA CERAMICA/PORCELANA, REVEST INT/EXT E  PISCINA, CORES BRANCA OU FRIAS, *2,5 X 2,5* CM","M2    ",83.99]
[36881,"PASTILHA CERAMICA/PORCELANA, REVEST INT/EXT E  PISCINA, CORES FRIAS *5 X 5* CM","M2    ",75.05]
[36882,"PASTILHA CERAMICA/PORCELANA, REVEST INT/EXT E  PISCINA, CORES QUENTES *5 X 5* CM","M2    ",87.56]
[4397,"PASTILHA CERAMICA/PORCELANA, REVEST INT/EXT E  PISCINA, CORES QUENTES, *2,5 X 2,5* CM","M2    ",136.19]
[34754,"PASTILHA DE VIDRO CRISTAL, NACIONAL, REVEST INT/EXT E PISCINA, TODAS AS CORES, E MAIOR OU IGUAL A 5 MM  *2,0 X 2,0* CM","M2    ",252.19]
[25962,"PASTILHA DE VIDRO PIGMENTADA *2,0 X 2,0* CM, NACIONAL, PARA REVESTIMENTO INTERNO/EXTERNO E PISCINA, BRANCA OU CORES FRIAS, ESPESSURA MAIOR OU IGUAL A 5 MM","M2    ",159.73]
[34752,"PASTILHA DE VIDRO PIGMENTADA, NACIONAL, REVEST INT/EXT E PISCINA, CORES QUENTES, ESPESSURA MAIOR OU IGUAL A 5 MM  *2,0 X 2,0* CM","M2    ",281.28]
[4751,"PASTILHEIRO","H     ",14.55]
[41066,"PASTILHEIRO (MENSALISTA)","MES   ",{"v":2567.7,"d":"2,567.70"}]
[39604,"PATCH CORD, CATEGORIA 5 E, EXTENSAO DE 1,50 M","UN    ",9.32]
[39605,"PATCH CORD, CATEGORIA 5 E, EXTENSAO DE 2,50 M","UN    ",12.94]
[39606,"PATCH CORD, CATEGORIA 6, EXTENSAO DE 1,50 M","UN    ",16.43]
[39607,"PATCH CORD, CATEGORIA 6, EXTENSAO DE 2,50 M","UN    ",18.85]
[39594,"PATCH PANEL, 24 PORTAS, CATEGORIA 5E, COM RACKS DE 19\" E 1 U DE ALTURA","UN    ",178.5]
[39596,"PATCH PANEL, 24 PORTAS, CATEGORIA 6, COM RACKS DE 19\" E 1 U DE ALTURA","UN    ",311.12]
[39595,"PATCH PANEL, 48 PORTAS, CATEGORIA 5E, COM RACKS DE 19\" E 2 U DE ALTURA","UN    ",261.16]
[39597,"PATCH PANEL, 48 PORTAS, CATEGORIA 6, COM RACKS DE 19\" E 2 U DE ALTURA","UN    ",419.55]
[20209,"PECA DE MADEIRA APARELHADA *7,5 X 7,5* CM (3 X 3 \") MACARANDUBA, ANGELIM OU EQUIVALENTE DA REGIAO","M     ",11.64]
[4433,"PECA DE MADEIRA NAO APARELHADA *7,5 X 7,5* CM (3 X 3 \") MACARANDUBA, ANGELIM OU EQUIVALENTE DA REGIAO","M     ",8.47]
[10731,"PEDRA ARDOSIA, CINZA, *40 X 40* CM, E= *1 CM","M2    ",28.95]
[4704,"PEDRA ARDOSIA, CINZA, 20  X  40 CM,  E=  *1 CM","M2    ",26.12]
[10730,"PEDRA ARDOSIA, CINZA, 30  X  30,  E= *1 CM","M2    ",27.99]
[4729,"PEDRA BRITADA GRADUADA, CLASSIFICADA (POSTO PEDREIRA/FORNECEDOR, SEM FRETE)","M3    ",51.85]
[4720,"PEDRA BRITADA N. 0, OU PEDRISCO (4,8 A 9,5 MM) POSTO PEDREIRA/FORNECEDOR, SEM FRETE","M3    ",56.69]
[4721,"PEDRA BRITADA N. 1 (9,5 a 19 MM) POSTO PEDREIRA/FORNECEDOR, SEM FRETE","M3    ",44.4]
[4718,"PEDRA BRITADA N. 2 (19 A 38 MM) POSTO PEDREIRA/FORNECEDOR, SEM FRETE","M3    ",44.4]
[4722,"PEDRA BRITADA N. 3 (38 A 50 MM) POSTO PEDREIRA/FORNECEDOR, SEM FRETE","M3    ",44.4]
[4723,"PEDRA BRITADA N. 4 (50 A 76 MM) POSTO PEDREIRA/FORNECEDOR, SEM FRETE","M3    ",48.44]
[4727,"PEDRA BRITADA N. 5 (76 A 100 MM) POSTO PEDREIRA/FORNECEDOR, SEM FRETE","M3    ",49.78]
[4748,"PEDRA BRITADA OU BICA CORRIDA, NAO CLASSIFICADA (POSTO PEDREIRA/FORNECEDOR, SEM FRETE)","M3    ",48.03]
[4730,"PEDRA DE MAO OU PEDRA RACHAO PARA ARRIMO/FUNDACAO (POSTO PEDREIRA/FORNECEDOR, SEM FRETE)","M3    ",46.42]
[13186,"PEDRA GRANITICA OU BASALTICA IRREGULAR, FAIXA GRANULOMETRICA 100 A 150 MM PARA PAVIMENTACAO OU CALCAMENTO POLIEDRICO, POSTO PEDREIRA / FORNECEDOR (SEM FRETE)","M3    ",70.65]
[10737,"PEDRA GRANITICA OU BASALTO, CACO, RETALHO, CAVACO, TIPO MIRACEMA, MADEIRA, PADUANA, RACHINHA, SANTA ISABEL OU OUTRAS SIMILARES, E=  *1,0 A *2,0 CM","M2    ",90.97]
[10734,"PEDRA GRANITICA, SERRADA, TIPO MIRACEMA, MADEIRA, PADUANA, RACHINHA, SANTA ISABEL OU OUTRAS SIMILARES, *11,5 X  *23 CM, E=  *1,0 A *2,0 CM","M2    ",54.12]
[4708,"PEDRA PORTUGUESA  OU PETIT PAVE, BRANCA OU PRETA","M2    ",104.97]
[4712,"PEDRA QUARTZITO OU CALCARIO LAMINADO, CACO, TIPO CARIRI, ITACOLOMI, LAGOA SANTA, LUMINARIA, PIRENOPOLIS, SAO TOME OU OUTRAS SIMILARES DA REGIAO, E=  *1,5 A *2,5 CM","M2    ",51.32]
[4710,"PEDRA QUARTZITO OU CALCARIO LAMINADO, SERRADA, TIPO CARIRI, ITACOLOMI, LAGOA SANTA, LUMINARIA, PIRENOPOLIS, SAO TOME OU OUTRAS SIMILARES DA REGIAO, *20 X *40 CM, E=  *1,5 A *2,5 CM","M2    ",164.57]
[4746,"PEDREGULHO OU PICARRA DE JAZIDA, AO NATURAL, PARA BASE DE PAVIMENTACAO (RETIRADO NA JAZIDA, SEM TRANSPORTE)","M3    ",43.05]
[4750,"PEDREIRO","H     ",11.84]
[41065,"PEDREIRO (MENSALISTA)","MES   ",{"v":2086.21,"d":"2,086.21"}]
[34747,"PEITORIL EM MARMORE, POLIDO, BRANCO COMUM, L= *15* CM, E=  *2,0* CM, COM PINGADEIRA","M     ",68.48]
[4826,"PEITORIL EM MARMORE, POLIDO, BRANCO COMUM, L= *15* CM, E=  *3* CM, CORTE RETO","M     ",73.64]
[41975,"PEITORIL PRE-MOLDADO EM GRANILITE, MARMORITE OU GRANITINA, L = *15* CM","M2    ",60.86]
[4825,"PEITORIL/ SOLEIRA EM MARMORE, POLIDO, BRANCO COMUM, L= *25* CM, E=  *3* CM, CORTE RETO","M     ",101.93]
[34744,"PELICULA REFLETIVA, GT 7 ANOS PARA SINALIZACAO VERTICAL","M2    ",18.49]
[39430,"PENDURAL OU PRESILHA REGULADORA, EM ACO GALVANIZADO, COM CORPO, MOLA E REBITE, PARA PERFIL TIPO CANALETA DE ESTRUTURA EM FORROS DRYWALL","UN    ",1.1]
[39573,"PENDURAL OU REGULADOR, COM MOLA, EM ACO GALVANIZADO, PARA PERFIL TIPO T CLICADO DE FORROS REMOVIVEL","UN    ",1.08]
[38410,"PENEIRA ROTATIVA COM MOTOR ELETRICO TRIFASICO DE 2 CV, CILINDRO DE 1 M X 0,60 M, COM FUROS DE 3,17 MM","UN    ",{"v":12007.2,"d":"12,007.20"}]
[4765,"PERFIL \"I\" DE ACO LAMINADO, \"I\" 102 X 12,7","M     ",63.2]
[4767,"PERFIL \"I\" DE ACO LAMINADO, \"I\" 152 X 22","M     ",108.9]
[4766,"PERFIL \"I\" DE ACO LAMINADO, \"I\" 152 X 22","KG    ",5.04]
[10963,"PERFIL \"I\" DE ACO LAMINADO, \"I\" 203  X  34,3","M     ",172.58]
[10962,"PERFIL \"I\" DE ACO LAMINADO, \"W\" 150 X 22,5","KG    ",5.36]
[34742,"PERFIL \"I\" DE ACO LAMINADO, \"W\" 250 X 32,7","KG    ",5.02]
[4773,"PERFIL \"I\" DE ACO LAMINADO, \"W\" 250 X 44,8","M     ",217.85]
[34740,"PERFIL \"I\" DE ACO LAMINADO, \"W\" 310 X 52,0","KG    ",5.02]
[4774,"PERFIL \"I\" DE ACO LAMINADO, \"W\" 410 X 67","KG    ",5.04]
[4776,"PERFIL \"I\" DE ACO LAMINADO, \"W\" 410 X 67","M     ",337.76]
[40313,"PERFIL \"I\" DE ACO LAMINADO, W 250 X 38,50","KG    ",5.02]
[13340,"PERFIL \"U\" CHAPA ACO DOBRADA,  E = 3,04 MM , H = 20 CM, ABAS = 5 CM (4,47 KG/M)","M     ",21.29]
[10965,"PERFIL \"U\" DE ACO LAMINADO, \"U\" 102 X 9,3","M     ",45.43]
[10966,"PERFIL \"U\" DE ACO LAMINADO, \"U\" 152 X 15,6","KG    ",5.07]
[40537,"PERFIL \"U\" ENRIJECIDO DE  ACO GALVANIZADO, DOBRADO, 200 X 75 X 25 MM, E = 3,75 MM","KG    ",5.54]
[40536,"PERFIL \"U\" ENRIJECIDO DE ACO GALVANIZADO, DOBRADO, 150 X 60 X 20 MM, E = 3,00 MM","KG    ",5.54]
[40535,"PERFIL \"U\" SIMPLES DE ACO GALVANIZADO DOBRADO 75 X *40* MM, E = 2,65 MM","KG    ",5.54]
[39427,"PERFIL CANALETA, FORMATO C, EM ACO ZINCADO, PARA ESTRUTURA FORRO DRYWALL, E = 0,5 MM, *46 X 18* (L X H), COMPRIMENTO 3 M","M     ",2.92]
[39424,"PERFIL CANTONEIRA L, LISA, EM ACO, 25 X 30 MM, E = 0,5 MM, PARA ESTRUTURA DRYWALL","M     ",1.73]
[39425,"PERFIL CANTONEIRA L, PERFURADA, EM ACO, 23 X 23 MM, E = 0,5 MM, PARA ESTRUTURA DRYWALL","M     ",1.71]
[40664,"PERFIL CARTOLA DE ACO GALVANIZADO, *20 X 30 X 10* MM, E =  0,8 MM","KG    ",4.76]
[34360,"PERFIL DE ALUMINIO ANODIZADO","KG    ",21.04]
[20259,"PERFIL DE BORRACHA EPDM MACICO *12 X 15* MM PARA ESQUADRIAS","M     ",8.7]
[14077,"PERFIL ELASTOMERICO PRE-FORMADO EM EPMD, PARA JUNTA DE DILATACAO DE PISOS COM POUCA SOLICITACAO, 15 MM DE LARGURA, MOVIMENTACAO DE *11 A 19* MM","M     ",133.16]
[3678,"PERFIL ELASTOMERICO PRE-FORMADO EM EPMD, PARA JUNTA DE DILATACAO DE USO GERAL EM MEDIAS SOLICITACOES, 8 MM DE LARGURA, MOVIMENTACAO DE *5 A 11* MM","M     ",60.18]
[39418,"PERFIL GUIA, FORMATO U, EM ACO ZINCADO, PARA ESTRUTURA PAREDE DRYWALL, E = 0,5 MM, 48  X 3000 MM (L X C)","M     ",3.25]
[39419,"PERFIL GUIA, FORMATO U, EM ACO ZINCADO, PARA ESTRUTURA PAREDE DRYWALL, E = 0,5 MM, 70 X 3000 MM (L X C)","M     ",3.96]
[39420,"PERFIL GUIA, FORMATO U, EM ACO ZINCADO, PARA ESTRUTURA PAREDE DRYWALL, E = 0,5 MM, 90 X 3000 MM (L X C)","M     ",4.38]
[39571,"PERFIL LONGARINA (PRINCIPAL), T CLICADO, EM ACO, BRANCO, PARA FORRO REMOVIVEL, 24 X 3750 MM (L X C)","M     ",2.64]
[39421,"PERFIL MONTANTE, FORMATO C, EM ACO ZINCADO, PARA ESTRUTURA PAREDE DRYWALL, E = 0,5 MM, 48 X 3000 MM (L X C)","M     ",3.85]
[39422,"PERFIL MONTANTE, FORMATO C, EM ACO ZINCADO, PARA ESTRUTURA PAREDE DRYWALL, E = 0,5 MM, 70 X 3000 MM (L X C)","M     ",4.5]
[39423,"PERFIL MONTANTE, FORMATO C, EM ACO ZINCADO, PARA ESTRUTURA PAREDE DRYWALL, E = 0,5 MM, 90 X 3000 MM (L X C)","M     ",5.22]
[39426,"PERFIL RODAPE DE IMPERMEABILIZACAO, FORMATO L, EM ACO ZINCADO, PARA ESTRUTURA DRYWALL, E = 0,5 MM, 220 X 3000 MM (H X C)","M     ",11.74]
[39429,"PERFIL TABICA ABERTA, PERFURADA, FORMATO Z, EM ACO GALVANIZADO NATURAL, LARGURA APROXIMADA 40 MM, PARA ESTRUTURA FORRO DRYWALL","M     ",3.7]
[39428,"PERFIL TABICA FECHADA, LISA, FORMATO Z, EM ACO GALVANIZADO NATURAL, LARGURA TOTAL NA HORIZONTAL *40* MM, PARA ESTRUTURA FORRO DRYWALL","M     ",2.83]
[39572,"PERFIL TIPO CANTONEIRA EM L, EM ACO GALVANIZADO, BRANCO, PARA FORRO REMOVIVEL, *23* X 3000 MM (L X C)","M     ",2.45]
[39570,"PERFIL TRAVESSA (SECUNDARIO), T CLICADO, EM ACO GALVANIZADO , BRANCO, PARA FORRO REMOVIVEL, 24 X 1250 MM (L X C)","M     ",2.6]
[39569,"PERFIL TRAVESSA (SECUNDARIO), T CLICADO, EM ACO GALVANIZADO, BRANCO, PARA FORRO REMOVIVEL, 24 X 625 MM (L X C)","M     ",2.56]
[11552,"PERFIL U / CANALETA DE ALUMINIO, DE ABAS IGUAIS, 1/2\" (1,27 X 1,27 CM), PARA PORTA OU JANELA DE CORRER","M     ",7.61]
[40598,"PERFIL UDC (\"U\" DOBRADO DE CHAPA) SIMPLES DE ACO LAMINADO, GALVANIZADO, ASTM A36, 127 X 50 MM, E= 3 MM","KG    ",5.54]
[39029,"PERFILADO PERFURADO DUPLO 38 X 76 MM, CHAPA 22","M     ",8.29]
[39028,"PERFILADO PERFURADO SIMPLES 38 X 38 MM, CHAPA 22","M     ",4.82]
[39328,"PERFILADO PERFURADO 19 X 38 MM, CHAPA 22","M     ",2.65]
[38541,"PERFURATRIZ COM TORRE METALICA PARA EXECUCAO DE ESTACA HELICE CONTINUA, PROFUNDIDADE MAXIMA DE 30 M, DIAMETRO MAXIMO DE 800 MM, POTENCIA INSTALADA DE 268 HP, MESA ROTATIVA COM TORQUE MAXIMO DE 170 KNM","UN    ",{"v":1963157.88,"d":"1,963,157.88"}]
[38542,"PERFURATRIZ COM TORRE METALICA PARA EXECUCAO DE ESTACA HELICE CONTINUA, PROFUNDIDADE MAXIMA DE 32 M, DIAMETRO MAXIMO DE 1000 MM, POTENCIA INSTALADA DE 350 HP, MESA ROTATIVA COM TORQUE MAXIMO DE 263 KNM","UN    ",{"v":3052631.56,"d":"3,052,631.56"}]
[38543,"PERFURATRIZ HIDRAULICA COM TRADO CURTO ACOPLADO, PROFUNDIDADE MAXIMA DE 20 M, DIAMETRO MAXIMO DE 1500 MM, POTENCIA INSTALADA DE 137 HP, MESA ROTATIVA COM TORQUE MAXIMO DE 30 KNM (INCLUI MONTAGEM, NAO INCLUI CAMINHAO)","UN    ",{"v":747368.44,"d":"747,368.44"}]
[40406,"PERFURATRIZ MANUAL, TORQUE MAXIMO 55 KGF.M, POTENCIA 5 CV, COM DIAMETRO MAXIMO 8 1/2\" (INCLUI SUPORTE/CHASSI TIPO MESA)","UN    ",{"v":39280.78,"d":"39,280.78"}]
[40789,"PERFURATRIZ MANUAL, TORQUE MAXIMO 83 N.M, POTENCIA 5 CV, COM DIAMETRO MAXIMO 4\" (NAO INCLUI SUPORTE / CHASSI)","UN    ",{"v":5660.76,"d":"5,660.76"}]
[40791,"PERFURATRIZ MANUAL, TORQUE MAXIMO 83 N.M, POTENCIA 5 CV, COM DIAMETRO MAXIMO 4\", PARA SOLO GRAMPEADO (INCLUI SUPORTE OU CHASSI TIPO MESA)","UN    ",{"v":17720.65,"d":"17,720.65"}]
[11651,"PERFURATRIZ PNEUMATICA MANUAL DE PESO MEDIO, 18KG, COMPRIMENTO DE CURSO DE 6 M, DIAMETRO DO PISTAO DE 5,5 CM","UN    ",{"v":9691.67,"d":"9,691.67"}]
[42002,"PERFURATRIZ ROTATIVA SOBRE ESTEIRA, TORQUE MAXIMO 2500 KGM, POTENCIA 110 HP, MOTOR DIESEL  (COLETADO CAIXA)","UN    ",{"v":640102.64,"d":"640,102.64"}]
[40435,"PERFURATRIZ SOBRE ESTEIRA, TORQUE MAXIMO DE 600 KGF, POTENCIA ENTRE 50 E 60 HP, DIAMETRO MAXIMO DE 10\"","UN    ",{"v":410000,"d":"410,000.00"}]
[39012,"PERFURATRIZ SOBRE ESTEIRA, TORQUE MAXIMO 600 KGF, PESO MEDIO 1000 KG, POTENCIA 20 HP, DIAMETRO MAXIMO 10\"","UN    ",{"v":427778.32,"d":"427,778.32"}]
[5327,"PIGMENTO EM PO PARA ARGAMASSAS, CIMENTOS E OUTROS","KG    ",28.68]
[35274,"PILAR DE MADEIRA NAO APARELHADA *10 X 10* CM, MACARANDUBA, ANGELIM OU EQUIVALENTE DA REGIAO","M     ",26.05]
[35275,"PILAR DE MADEIRA NAO APARELHADA *15 X 15* CM, MACARANDUBA, ANGELIM OU EQUIVALENTE DA REGIAO","M     ",55.63]
[35276,"PILAR DE MADEIRA NAO APARELHADA *20 X 20* CM, MACARANDUBA, ANGELIM OU EQUIVALENTE DA REGIAO","M     ",90.96]
[38386,"PINCEL CHATO (TRINCHA) CERDAS GRIS 1.1/2 \" (38 MM)","UN    ",3.49]
[11091,"PINGADEIRA PLASTICA PARA TELHA DE FIBROCIMENTO CANALETE 49/KALHETA OU CANALETE 90/KALHETAO","UN    ",0.79]
[37586,"PINO DE ACO COM ARRUELA CONICA, DIAMETRO ARRUELA = *23* MM E COMP HASTE = *27* MM (ACAO INDIRETA)","CENTO ",45.05]
[37395,"PINO DE ACO COM FURO, HASTE = 27 MM (ACAO DIRETA)","CENTO ",38.74]
[14147,"PINO DE ACO COM ROSCA 1/4 \", COMPRIMENTO DA HASTE = 30 MM E ROSCA = 20 MM (ACAO DIRETA)","CENTO ",51.39]
[37396,"PINO DE ACO LISO 1/4 \", HASTE = *36,5* MM (ACAO DIRETA)","CENTO ",31.7]
[37397,"PINO DE ACO LISO 1/4 \", HASTE = *53* MM (ACAO DIRETA)","CENTO ",33.21]
[11559,"PINO GUIA, RETO, COM CHAPA DE LATAO CROMADO, 3/4\", PARA PORTA / JANELA DE CORRER","UN    ",3.5]
[444,"PINO ROSCA EXTERNA, EM ACO GALVANIZADO, PARA ISOLADOR DE 15KV, DIAMETRO 25 MM, COMPRIMENTO *290* MM","UN    ",17.44]
[445,"PINO ROSCA EXTERNA, EM ACO GALVANIZADO, PARA ISOLADOR DE 25KV, DIAMETRO 35MM, COMPRIMENTO *320* MM","UN    ",23.87]
[4783,"PINTOR","H     ",11.84]
[41079,"PINTOR (MENSALISTA)","MES   ",{"v":2086.21,"d":"2,086.21"}]
[12874,"PINTOR DE LETREIROS","H     ",14.38]
[41082,"PINTOR DE LETREIROS (MENSALISTA)","MES   ",{"v":2537.96,"d":"2,537.96"}]
[4785,"PINTOR PARA TINTA EPOXI","H     ",12.72]
[41081,"PINTOR PARA TINTA EPOXI (MENSALISTA)","MES   ",{"v":2243.93,"d":"2,243.93"}]
[4801,"PISO DE BORRACHA CANELADO EM PLACAS 50 X 50 CM, E = *3,5* MM, PARA COLA","M2    ",54.45]
[4794,"PISO DE BORRACHA ESPORTIVO EM PLACAS 50 X 50 CM, E = 15 MM, PARA ARGAMASSA, PRETO","M2    ",248.01]
[4796,"PISO DE BORRACHA FRISADO OU PASTILHADO, PRETO, EM PLACAS 50 X 50 CM, E = 7 MM, PARA ARGAMASSA","M2    ",150.64]
[4800,"PISO DE BORRACHA PASTILHADO EM PLACAS 50 X 50 CM, E = *3,5* MM, PARA COLA, PRETO","M2    ",41.42]
[4795,"PISO DE BORRACHA PASTILHADO EM PLACAS 50 X 50 CM, E = 15 MM, PARA ARGAMASSA, PRETO","M2    ",241.42]
[39694,"PISO ELEVADO COM 2 PLACAS DE ACO COM ENCHIMENTO DE CONCRETO CELULAR, INCLUSO BASE/HASTE/CRUZETAS, 60 X 60 CM, H = *28* CM, RESISTENCIA CARGA CONCENTRADA 496 KG (COM COLOCACAO)","M2    ",243.45]
[1292,"PISO EM CERAMICA ESMALTADA EXTRA, PEI MAIOR OU IGUAL A 4, FORMATO MAIOR QUE 2025 CM2","M2    ",62.89]
[1287,"PISO EM CERAMICA ESMALTADA EXTRA, PEI MAIOR OU IGUAL A 4, FORMATO MENOR OU IGUAL A 2025 CM2","M2    ",30.85]
[1297,"PISO EM CERAMICA ESMALTADA, COMERCIAL (PADRAO POPULAR), PEI MAIOR OU IGUAL A 3, FORMATO MENOR OU IGUAL A  2025 CM2","M2    ",25.59]
[4786,"PISO EM GRANILITE, MARMORITE OU GRANITINA, AGREGADO COR PRETO, CINZA, PALHA OU BRANCO, E=  *8* MM (INCLUSO EXECUCAO)","M2    ",70]
[10840,"PISO EM GRANITO, POLIDO, TIPO AMENDOA/ AMARELO CAPRI/ AMARELO DOURADO CARIOCA OU OUTROS EQUIVALENTES DA REGIAO, FORMATO MENOR OU IGUAL A 3025 CM2, E=  *2* CM","M2    ",290]
[10841,"PISO EM GRANITO, POLIDO, TIPO ANDORINHA/ QUARTZ/ CASTELO/ CORUMBA OU OUTROS EQUIVALENTES DA REGIAO, FORMATO MENOR OU IGUAL A 3025 CM2, E=  *2* CM","M2    ",218.86]
[25980,"PISO EM GRANITO, POLIDO, TIPO MARFIM, DALLAS, CARAVELAS OU OUTROS EQUIVALENTES DA REGIAO, FORMATO MENOR OU IGUAL A 3025 CM2, E=  *2* CM","M2    ",279.66]
[10842,"PISO EM GRANITO, POLIDO, TIPO PRETO SAO GABRIEL/ TIJUCA OU OUTROS EQUIVALENTES DA REGIAO, FORMATO MENOR OU IGUAL A 3025 CM2, E=  *2* CM","M2    ",316.14]
[21108,"PISO EM PORCELANATO RETIFICADO EXTRA, FORMATO MENOR OU IGUAL A 2025 CM2","M2    ",83.82]
[38180,"PISO EM REGUA VINILICA SEMIFLEXIVEL, ENCAIXE CLICADO, E = 4 MM (SEM COLOCACAO)","M2    ",121.28]
[40648,"PISO EPOXI AUTONIVELANTE, ESPESSURA *4* MM (INCLUSO EXECUCAO)","M2    ",134.4]
[40649,"PISO EPOXI MULTILAYER, ESPESSURA *2* MM (INCLUSO EXECUCAO)","M2    ",78.28]
[40650,"PISO FULGET (GRANITO LAVADO) EM PLACAS DE *40 X 40* CM (SEM COLOCACAO)","M2    ",100.8]
[40651,"PISO FULGET (GRANITO LAVADO) EM PLACAS DE *75 X 75* CM (SEM COLOCACAO)","M2    ",185.92]
[40652,"PISO FULGET (GRANITO LAVADO) MOLDADO IN LOCO (INCLUSO EXECUCAO)","M2    ",99.68]
[40647,"PISO INDUSTRIAL EM CONCRETO ARMADO DE ACABAMENTO POLIDO, ESPESSURA 12 CM (CIMENTO QUEIMADO) (INCLUSO EXECUCAO)","M2    ",109.76]
[40653,"PISO KORODUR (INCLUSO EXECUCAO)","M2    ",84]
[36178,"PISO PODOTATIL DE CONCRETO - DIRECIONAL E ALERTA, *40 X 40 X 2,5* CM","UN    ",7.18]
[38195,"PISO PORCELANATO, BORDA RETA, EXTRA, FORMATO MAIOR QUE 2025 CM2","M2    ",98.99]
[38181,"PISO TATIL ALERTA OU DIRECIONAL, DE BORRACHA, COLORIDO, 25 X 25 CM, E = 5 MM, PARA COLA","M2    ",165.57]
[38182,"PISO TATIL DE ALERTA OU DIRECIONAL DE BORRACHA, PRETO, 25 X 25 CM, E = 5 MM, PARA COLA","M2    ",157.71]
[38186,"PISO TATIL DE ALERTA OU DIRECIONAL, DE BORRACHA, COLORIDO, 25 X 25 CM, E = 12 MM, PARA ARGAMASSA","M2    ",409.95]
[38185,"PISO TATIL DE ALERTA OU DIRECIONAL, DE BORRACHA, PRETO, 25 X 25 CM, E = 12 MM, PARA ARGAMASSA","M2    ",364.99]
[40654,"PISO URETANO, VERSAO REVESTIMENTO AUTONIVELANTE, ESPESSURA VARIÁVEL DE 3 A 4 MM (INCLUSO EXECUCAO)","M2    ",130.48]
[25981,"PISO/ REVESTIMENTO EM GRANITO, POLIDO, TIPO ANDORINHA/ QUARTZ/ CASTELO/ CORUMBA OU OUTROS EQUIVALENTES DA REGIAO, FORMATO MAIOR OU IGUAL A 3025 CM2, E = *2* CM","M2    ",231.02]
[4822,"PISO/ REVESTIMENTO EM MARMORE, POLIDO, BRANCO COMUM, FORMATO MAIOR OU IGUAL A 3025 CM2, E = *2* CM","M2    ",282.14]
[4818,"PISO/ REVESTIMENTO EM MARMORE, POLIDO, BRANCO COMUM, FORMATO MENOR OU IGUAL A 3025 CM2, E = *2* CM","M2    ",290]
[39567,"PLACA / CHAPA DE GESSO ACARTONADO, ACABAMENTO VINILICO LISO EM UMA DAS FACES, COR BRANCA, BORDA QUADRADA, E = 9,5 MM, 625 X 1250 MM (L X C), PARA FORRO REMOVIVEL","M2    ",46.29]
[39566,"PLACA / CHAPA DE GESSO ACARTONADO, ACABAMENTO VINILICO LISO EM UMA DAS FACES, COR BRANCA, BORDA QUADRADA, E = 9,5 MM, 625 X 625 MM (L X C), PARA FORRO REMOVIVEL","M2    ",53.46]
[11062,"PLACA CIMENTICIA LISA E = 10 MM, DE 1,20 X 3,00 M (SEM AMIANTO)","M2    ",49.98]
[11063,"PLACA CIMENTICIA LISA E = 6 MM, DE 1,20 X 3,00 M (SEM AMIANTO)","M2    ",48.39]
[13521,"PLACA DE ACO ESMALTADA PARA  IDENTIFICACAO DE RUA, *45 CM X 20* CM","UN    ",65.63]
[10851,"PLACA DE ACRILICO TRANSPARENTE ADESIVADA PARA SINALIZACAO DE PORTAS, BORDA POLIDA, DE *25 X 8*, E = 6 MM (NAO INCLUI ACESSORIOS PARA FIXACAO)","UN    ",43.99]
[39515,"PLACA DE FIBRA MINERAL PARA FORRO, DE 1250 X 625 MM, E = 15 MM, BORDA RETA, COM PINTURA ANTIMOFO (NAO INCLUI PERFIS)","UN    ",35.99]
[39516,"PLACA DE FIBRA MINERAL PARA FORRO, DE 625 X 625 MM, E = 15 MM, BORDA REBAIXADA PARA PERFIL 24 MM, COM PINTURA ANTIMOFO (NAO INCLUI PERFIS)","UN    ",30.34]
[39514,"PLACA DE FIBRA MINERAL PARA FORRO, DE 625 X 625 MM, E = 15 MM, BORDA RETA, COM PINTURA ANTIMOFO (NAO INCLUI PERFIS)","UN    ",18.88]
[4812,"PLACA DE GESSO PARA FORRO, DE  *60 X 60* CM E ESPESSURA DE 12 MM (30 MM NAS BORDAS) SEM COLOCACAO","M2    ",12.79]
[10849,"PLACA DE INAUGURACAO EM BRONZE *35X 50*CM","UN    ",954.72]
[10848,"PLACA DE INAUGURACAO METALICA, *40* CM X *60* CM","UN    ",599.68]
[4813,"PLACA DE OBRA (PARA CONSTRUCAO CIVIL) EM CHAPA GALVANIZADA *N. 22*, DE *2,0 X 1,125* M","M2    ",198.9]
[37560,"PLACA DE SINALIZACAO DE SEGURANCA CONTRA INCENDIO - ALERTA, TRIANGULAR, BASE DE *30* CM, EM PVC *2* MM ANTI-CHAMAS (SIMBOLOS, CORES E PICTOGRAMAS CONFORME NBR 13434)","UN    ",36.42]
[37557,"PLACA DE SINALIZACAO DE SEGURANCA CONTRA INCENDIO, FOTOLUMINESCENTE, QUADRADA, *14 X 14* CM, EM PVC *2* MM ANTI-CHAMAS (SIMBOLOS, CORES E PICTOGRAMAS CONFORME NBR 13434)","UN    ",11.06]
[37556,"PLACA DE SINALIZACAO DE SEGURANCA CONTRA INCENDIO, FOTOLUMINESCENTE, QUADRADA, *20 X 20* CM, EM PVC *2* MM ANTI-CHAMAS (SIMBOLOS, CORES E PICTOGRAMAS CONFORME NBR 13434)","UN    ",21.39]
[37559,"PLACA DE SINALIZACAO DE SEGURANCA CONTRA INCENDIO, FOTOLUMINESCENTE, RETANGULAR, *12 X 40* CM, EM PVC *2* MM ANTI-CHAMAS (SIMBOLOS, CORES E PICTOGRAMAS CONFORME NBR 13434)","UN    ",26.24]
[37539,"PLACA DE SINALIZACAO DE SEGURANCA CONTRA INCENDIO, FOTOLUMINESCENTE, RETANGULAR, *13 X 26* CM, EM PVC *2* MM ANTI-CHAMAS (SIMBOLOS, CORES E PICTOGRAMAS CONFORME NBR 13434)","UN    ",18.5]
[37558,"PLACA DE SINALIZACAO DE SEGURANCA CONTRA INCENDIO, FOTOLUMINESCENTE, RETANGULAR, *20 X 40* CM, EM PVC *2* MM ANTI-CHAMAS (SIMBOLOS, CORES E PICTOGRAMAS CONFORME NBR 13434)","UN    ",34.49]
[34723,"PLACA DE SINALIZACAO EM CHAPA DE ACO NUM 16 COM PINTURA REFLETIVA","M2    ",459.46]
[34721,"PLACA DE SINALIZACAO EM CHAPA DE ALUMINIO COM PINTURA REFLETIVA, E = 2 MM","M2    ",572.83]
[4309,"PLACA DE VENTILACAO PARA TELHA DE FIBROCIMENTO CANALETE 49 KALHETA","UN    ",3.55]
[4307,"PLACA DE VENTILACAO PARA TELHA DE FIBROCIMENTO, CANALETE 90 OU KALHETAO","UN    ",6.08]
[10850,"PLACA NUMERACAO RESIDENCIAL EM CHAPA GALVANIZADA ESMALTADA 12 X 18 CM","UN    ",29.83]
[42467,"PLACA ORIENTATIVA SOBRE EXERCÍCIOS, 2,00M X 1,00M, EM TUBO DE ACO CARBONO, PINTURA NO PROCESSO ELETROSTATICO - PARA ACADEMIA AO AR LIVRE / ACADEMIA DA TERCEIRA IDADE - ATI * COLETADO CAIXA *","UN    ",{"v":1422.31,"d":"1,422.31"}]
[4792,"PLACA VINILICA SEMIFLEXIVEL PARA PISOS, E = 3,2 MM, 30 X 30 CM (SEM COLOCACAO)","M2    ",116.42]
[4790,"PLACA VINILICA SEMIFLEXIVEL PARA REVESTIMENTO DE PISOS E PAREDES, E = 2 MM (SEM COLOCACAO)","M2    ",70]
[40671,"PLACA/PISO DE CONCRETO POROSO/ PAVIMENTO PERMEAVEL/BLOCO DRENANTE DE CONCRETO, 40 CM X 40 CM, E = 6 CM, COR NATURAL","M2    ",40.97]
[7552,"PLACA/TAMPA CEGA EM LATAO ESCOVADO PARA CONDULETE EM LIGA DE ALUMINIO 4 X 4\"","UN    ",24.7]
[4893,"PLUG OU BUJAO DE FERRO GALVANIZADO, DE 1 1/2\"","UN    ",6.92]
[4894,"PLUG OU BUJAO DE FERRO GALVANIZADO, DE 1 1/4\"","UN    ",5.93]
[4888,"PLUG OU BUJAO DE FERRO GALVANIZADO, DE 1/2\"","UN    ",2.02]
[4890,"PLUG OU BUJAO DE FERRO GALVANIZADO, DE 1\"","UN    ",3.8]
[12411,"PLUG OU BUJAO DE FERRO GALVANIZADO, DE 2 1/2\"","UN    ",20.45]
[4891,"PLUG OU BUJAO DE FERRO GALVANIZADO, DE 2\"","UN    ",10.22]
[4889,"PLUG OU BUJAO DE FERRO GALVANIZADO, DE 3/4\"","UN    ",2.73]
[4892,"PLUG OU BUJAO DE FERRO GALVANIZADO, DE 3\"","UN    ",28.64]
[12412,"PLUG OU BUJAO DE FERRO GALVANIZADO, DE 4\"","UN    ",53.24]
[11073,"PLUG PVC P/ ESG PREDIAL  75MM","UN    ",6.32]
[11071,"PLUG PVC P/ ESG PREDIAL 100MM","UN    ",7.54]
[11072,"PLUG PVC P/ ESG PREDIAL 50MM","UN    ",2.76]
[4895,"PLUG PVC ROSCAVEL,  1/2\",  AGUA FRIA PREDIAL (NBR 5648)","UN    ",0.46]
[4907,"PLUG PVC,  JE, DN 100 MM, PARA REDE COLETORA ESGOTO (NBR 10569)","UN    ",11.11]
[4904,"PLUG PVC,  JE, DN 300 MM, PARA REDE COLETORA ESGOTO (NBR 10569)","UN    ",89.74]
[4905,"PLUG PVC,  JE, DN 400 MM, PARA REDE COLETORA ESGOTO ( NBR 10569)","UN    ",146.37]
[4902,"PLUG PVC, JE, DN 150 MM, PARA REDE COLETORA ESGOTO (NBR 10569)","UN    ",25.17]
[4908,"PLUG PVC, JE, DN 200 MM, PARA REDE COLETORA ESGOTO (NBR 10569)","UN    ",36.22]
[4909,"PLUG PVC, JE, DN 250 MM, PARA REDE COLETORA ESGOTO (NBR 10569)","UN    ",66.41]
[4903,"PLUG PVC, JE, DN 350 MM, PARA REDE COLETORA ESGOTO (NBR 10569)","UN    ",130.6]
[4897,"PLUG PVC, ROSCAVEL 1\", PARA AGUA FRIA PREDIAL","UN    ",1.35]
[4896,"PLUG PVC, ROSCAVEL 3/4\", PARA  AGUA FRIA PREDIAL","UN    ",0.57]
[4900,"PLUG PVC, ROSCAVEL, 1 1/2\",  AGUA FRIA PREDIAL","UN    ",3.91]
[4898,"PLUG PVC, ROSCAVEL, 1 1/4\",  AGUA FRIA PREDIAL","UN    ",1.7]
[4899,"PLUG PVC, ROSCAVEL, 2\",  AGUA FRIA PREDIAL","UN    ",5.33]
[11096,"PO DE MARMORE (POSTO PEDREIRA/FORNECEDOR, SEM FRETE)","KG    ",0.22]
[4741,"PO DE PEDRA (POSTO PEDREIRA/FORNECEDOR, SEM FRETE)","M3    ",42.38]
[4752,"POCEIRO / ESCAVADOR DE VALAS E TUBULOES","H     ",9.67]
[41091,"POCEIRO / ESCAVADOR DE VALAS E TUBULOES (MENSALISTA)","MES   ",{"v":1707.32,"d":"1,707.32"}]
[13954,"POLIDORA DE PISO (POLITRIZ) ELETRICA, MOTOR MONOFASICO DE 4 HP, PESO DE 100 KG, DIAMETRO DO TRABALHO DE 450 MM","UN    ",{"v":11869.21,"d":"11,869.21"}]
[3411,"POLIESTIRENO EXPANDIDO/EPS (ISOPOR), PEROLAS, PARA CONCRETO LEVE","KG    ",45.12]
[39995,"POLIESTIRENO EXPANDIDO/EPS (ISOPOR), TIPO 2F, BLOCO","M3    ",347.14]
[11615,"POLIESTIRENO EXPANDIDO/EPS (ISOPOR), TIPO 2F, PLACA, ISOLAMENTO TERMOACUSTICO, E = 10 MM, 1000 X 500 MM","M2    ",2.94]
[3408,"POLIESTIRENO EXPANDIDO/EPS (ISOPOR), TIPO 2F, PLACA, ISOLAMENTO TERMOACUSTICO, E = 20 MM, 1000 X 500 MM","M2    ",7.82]
[3409,"POLIESTIRENO EXPANDIDO/EPS (ISOPOR), TIPO 2F, PLACA, ISOLAMENTO TERMOACUSTICO, E = 50 MM, 1000 X 500 MM","M2    ",19.55]
[11427,"POLVORA NEGRA","KG    ",61.79]
[4491,"PONTALETE DE MADEIRA NAO APARELHADA *7,5 X 7,5* CM (3 X 3 \") PINUS, MISTA OU EQUIVALENTE DA REGIAO","M     ",3.71]
[26022,"PONTEIRO PARA MARTELO ROMPEDOR, DIAMETRO = *28* MM, COMPRIMENTO = *520* MM, ENCAIXE SEXTAVADO","UN    ",119.76]
[421,"PORCA OLHAL EM ACO GALVANIZADO, DIAMETRO NOMINAL DE 16 MM","UN    ",8.45]
[12362,"PORCA OLHAL EM ACO GALVANIZADO, ESPESSURA 16MM, ABERTURA 21MM","UN    ",9.47]
[14148,"PORCA UNIAO/JUNCAO ZINCADA SEXTAVADA 1/4 \", CHAVE 7/16 \", COMPRIMENTO = 25 MM","UN    ",0.87]
[4341,"PORCA ZINCADA, QUADRADA, DIAMETRO 3/8\"","UN    ",0.53]
[4337,"PORCA ZINCADA, QUADRADA, DIAMETRO 5/8\"","UN    ",1.34]
[4339,"PORCA ZINCADA, SEXTAVADA, DIAMETRO 1/2\"","UN    ",0.28]
[39997,"PORCA ZINCADA, SEXTAVADA, DIAMETRO 1/4\"","UN    ",0.16]
[11971,"PORCA ZINCADA, SEXTAVADA, DIAMETRO 1\"","UN    ",2.23]
[4342,"PORCA ZINCADA, SEXTAVADA, DIAMETRO 3/8\"","UN    ",0.11]
[4330,"PORCA ZINCADA, SEXTAVADA, DIAMETRO 5/16\"","UN    ",0.07]
[4340,"PORCA ZINCADA, SEXTAVADA, DIAMETRO 5/8\"","UN    ",0.62]
[5088,"PORTA CADEADO,  3 1/2\", EM ACO ZINCADO, PRETO, PARA PORTAO E JANELA","UN    ",2.24]
[11154,"PORTA CORTA-FOGO PARA SAIDA DE EMERGENCIA, COM FECHADURA, VAO LUZ DE 90 X 210 CM, CLASSE P-90 (NBR 11742)","UN    ",821.91]
[39021,"PORTA DE ABRIR EM ACO COM DIVISAO HORIZONTAL  PARA VIDROS, COM FUNDO ANTICORROSIVO/PRIMER DE PROTECAO, SEM GUARNICAO/ALIZAR/VISTA, VIDROS NAO INCLUSOS, 87 X 210 CM","UN    ",369.69]
[39022,"PORTA DE ABRIR EM ACO TIPO VENEZIANA, COM FUNDO ANTICORROSIVO / PRIMER DE PROTECAO, SEM GUARNICAO/ALIZAR/VISTA, 87 X 210 CM","UN    ",457.2]
[39024,"PORTA DE ABRIR EM ALUMINIO COM DIVISAO HORIZONTAL  PARA VIDROS,  ACABAMENTO ANODIZADO NATURAL, VIDROS INCLUSOS, SEM GUARNICAO/ALIZAR/VISTA , 87 X 210 CM","UN    ",878.43]
[4914,"PORTA DE ABRIR EM ALUMINIO COM LAMBRI HORIZONTAL/LAMINADA, ACABAMENTO ANODIZADO NATURAL, SEM GUARNICAO/ALIZAR/VISTA","M2    ",712.25]
[4917,"PORTA DE ABRIR EM ALUMINIO TIPO VENEZIANA, ACABAMENTO ANODIZADO NATURAL, SEM GUARNICAO/ALIZAR/VISTA","M2    ",491.89]
[39025,"PORTA DE ABRIR EM ALUMINIO TIPO VENEZIANA, ACABAMENTO ANODIZADO NATURAL, SEM GUARNICAO/ALIZAR/VISTA, 87 X 210 CM","UN    ",900.74]
[4930,"PORTA DE ABRIR EM GRADIL COM BARRA CHATA 3 CM X 1/4\", COM REQUADRO E GUARNICAO - COMPLETO - ACABAMENTO NATURAL","M2    ",397.31]
[4922,"PORTA DE CORRER EM ALUMINIO, DUAS FOLHAS MOVEIS COM VIDRO, FECHADURA E PUXADOR EMBUTIDO, ACABAMENTO ANODIZADO NATURAL, SEM GUARNICAO/ALIZAR/VISTA","M2    ",456.27]
[4911,"PORTA DE ENROLAR MANUAL COMPLETA, ARTICULADA RAIADA LARGA, EM ACO GALVANIZADO NATURAL, CHAPA NUMERO 24 (SEM INSTALACAO)","M2    ",117.72]
[37518,"PORTA DE ENROLAR MANUAL COMPLETA, PERFIL MEIA CANA CEGA, EM ACO GALVANIZADO COM PINTURA ELETROSTATICA, CHAPA NUMERO 24 \" (SEM INSTALACAO)","M2    ",150.28]
[4910,"PORTA DE ENROLAR MANUAL COMPLETA, PERFIL MEIA CANA CEGA, EM ACO GALVANIZADO NATURAL, CHAPA NUMERO 24 (SEM INSTALACAO)","M2    ",117.72]
[4943,"PORTA DE ENROLAR MANUAL COMPLETA, PERFIL MEIA CANA VAZADA TIJOLINHO, EM ACO GALVANIZADO NATURAL, CHAPA NUMERO 24 (SEM INSTALACAO)","M2    ",186.84]
[5002,"PORTA DE MADEIRA QUADRICULADA PARA VIDRO, DE CORRER (EUCALIPTO OU EQUIVALENTE REGIONAL), E = *3,5* CM","M2    ",238]
[4977,"PORTA DE MADEIRA TIPO VENEZIANA (EUCALIPTO OU EQUIVALENTE REGIONAL), E = *3,5* CM","M2    ",160.66]
[5028,"PORTA DE MADEIRA-DE-LEI QUADRICULADA PARA VIDRO, DE CORRER (ANGELIM OU EQUIVALENTE REGIONAL), E = *3,5* CM","M2    ",393.1]
[4998,"PORTA DE MADEIRA-DE-LEI TIPO MEXICANA SEM EMENDA (ANGELIM OU EQUIVALENTE REGIONAL), E = *3,5* CM","M2    ",326.48]
[4969,"PORTA DE MADEIRA-DE-LEI TIPO VENEZIANA (ANGELIM OU EQUIVALENTE REGIONAL), E = *3,5* CM","M2    ",227.22]
[11364,"PORTA DE MADEIRA, FOLHA LEVE (NBR 15930) DE 60 X 210 CM, E = *35* MM, NUCLEO COLMEIA, CAPA LISA EM HDF, ACABAMENTO EM PRIMER PARA PINTURA","UN    ",101.69]
[11365,"PORTA DE MADEIRA, FOLHA LEVE (NBR 15930) DE 70 X 210 CM, E = *35* MM, NUCLEO COLMEIA, CAPA LISA EM HDF, ACABAMENTO EM PRIMER PARA PINTURA","UN    ",109.52]
[11366,"PORTA DE MADEIRA, FOLHA LEVE (NBR 15930) DE 80 X 210 CM, E = *35* MM, NUCLEO COLMEIA, CAPA LISA EM HDF, ACABAMENTO EM PRIMER PARA PINTURA","UN    ",115.9]
[11367,"PORTA DE MADEIRA, FOLHA LEVE (NBR 15930), E = *35* MM, NUCLEO COLMEIA, CAPA LISA EM HDF, ACABAMENTO MELAMINICO EM PADRAO MADEIRA","M2    ",89.28]
[4989,"PORTA DE MADEIRA, FOLHA MEDIA (NBR 15930) DE 100 X 210 CM, E = 35 MM, NUCLEO SARRAFEADO, CAPA LISA EM HDF, ACABAMENTO EM LAMINADO NATURAL PARA VERNIZ","UN    ",231.68]
[4982,"PORTA DE MADEIRA, FOLHA MEDIA (NBR 15930) DE 100 X 210 CM, E = 35 MM, NUCLEO SARRAFEADO, CAPA LISA EM HDF, ACABAMENTO EM PRIMER PARA PINTURA","UN    ",201.13]
[20322,"PORTA DE MADEIRA, FOLHA MEDIA (NBR 15930) DE 60 X 210 CM, E = 35 MM, NUCLEO SARRAFEADO, CAPA FRISADA EM HDF, ACABAMENTO MELAMINICO EM PADRAO MADEIRA","UN    ",177.27]
[10553,"PORTA DE MADEIRA, FOLHA MEDIA (NBR 15930) DE 60 X 210 CM, E = 35 MM, NUCLEO SARRAFEADO, CAPA LISA EM HDF, ACABAMENTO EM PRIMER PARA PINTURA","UN    ",189]
[5020,"PORTA DE MADEIRA, FOLHA MEDIA (NBR 15930) DE 60 X 210 CM, E = 35 MM, NUCLEO SARRAFEADO, CAPA LISA EM HDF, ACABAMENTO LAMINADO NATURAL PARA VERNIZ","UN    ",195.95]
[4962,"PORTA DE MADEIRA, FOLHA MEDIA (NBR 15930) DE 70 X 210 CM, E = 35 MM, NUCLEO SARRAFEADO, CAPA FRISADA EM HDF, ACABAMENTO MELAMINICO EM PADRAO MADEIRA","UN    ",190.9]
[4981,"PORTA DE MADEIRA, FOLHA MEDIA (NBR 15930) DE 70 X 210 CM, E = 35 MM, NUCLEO SARRAFEADO, CAPA LISA EM HDF, ACABAMENTO EM LAMINADO NATURAL PARA VERNIZ","UN    ",135]
[10554,"PORTA DE MADEIRA, FOLHA MEDIA (NBR 15930) DE 70 X 210 CM, E = 35 MM, NUCLEO SARRAFEADO, CAPA LISA EM HDF, ACABAMENTO EM PRIMER PARA PINTURA","UN    ",211.22]
[4964,"PORTA DE MADEIRA, FOLHA MEDIA (NBR 15930) DE 80 X 210 CM, E = 35 MM, NUCLEO SARRAFEADO, CAPA FRISADA EM HDF, ACABAMENTO MELAMINICO EM PADRAO MADEIRA","UN    ",231.81]
[4992,"PORTA DE MADEIRA, FOLHA MEDIA (NBR 15930) DE 80 X 210 CM, E = 35 MM, NUCLEO SARRAFEADO, CAPA LISA EM HDF, ACABAMENTO EM LAMINADO NATURAL PARA VERNIZ","UN    ",229.9]
[10555,"PORTA DE MADEIRA, FOLHA MEDIA (NBR 15930) DE 80 X 210 CM, E = 35 MM, NUCLEO SARRAFEADO, CAPA LISA EM HDF, ACABAMENTO EM PRIMER PARA PINTURA","UN    ",203.86]
[4987,"PORTA DE MADEIRA, FOLHA MEDIA (NBR 15930) DE 90 X 210 CM, E = 35 MM, NUCLEO SARRAFEADO, CAPA LISA EM HDF, ACABAMENTO EM LAMINADO NATURAL PARA VERNIZ","UN    ",211.22]
[10556,"PORTA DE MADEIRA, FOLHA MEDIA (NBR 15930) DE 90 X 210 CM, E = 35 MM, NUCLEO SARRAFEADO, CAPA LISA EM HDF, ACABAMENTO EM PRIMER PARA PINTURA","UN    ",216.57]
[4958,"PORTA DE MADEIRA, FOLHA MEDIA (NBR 15930), E = 35 MM, NUCLEO SARRAFEADO, CAPA FRISADA EM HDF, ACABAMENTO MELAMINICO EM PADRAO MADEIRA","M2    ",123.78]
[39502,"PORTA DE MADEIRA, FOLHA PESADA (NBR 15930) DE 80 X 210 CM, E = 35 MM, NUCLEO SOLIDO, CAPA LISA EM HDF, ACABAMENTO EM LAMINADO NATURAL PARA VERNIZ","UN    ",299.99]
[39504,"PORTA DE MADEIRA, FOLHA PESADA (NBR 15930) DE 80 X 210 CM, E = 35 MM, NUCLEO SOLIDO, CAPA LISA EM HDF, ACABAMENTO EM PRIMER PARA PINTURA","UN    ",212.72]
[39503,"PORTA DE MADEIRA, FOLHA PESADA (NBR 15930) DE 90 X 210 CM, E = 35 MM, NUCLEO SOLIDO, CAPA LISA EM HDF, ACABAMENTO EM LAMINADO NATURAL PARA VERNIZ","UN    ",325.9]
[39505,"PORTA DE MADEIRA, FOLHA PESADA (NBR 15930) DE 90 X 210 CM, E = 35 MM, NUCLEO SOLIDO, CAPA LISA EM HDF, ACABAMENTO EM PRIMER PARA PINTURA","UN    ",231.81]
[25969,"PORTA DENTE PARA FRESADORA","UN    ",312.13]
[4944,"PORTA GRADE DE ENROLAR MANUAL COMPLETA, PERFIL TUBULAR TIJOLINHO 3/4 \", EM ACO GALVANIZADO NATURAL (SEM INSTALACAO)","M2    ",229.14]
[21102,"PORTA TOALHA BANHO EM METAL CROMADO, TIPO BARRA","UN    ",36.3]
[21101,"PORTA TOALHA ROSTO EM METAL CROMADO, TIPO ARGOLA","UN    ",23.31]
[34713,"PORTA VIDRO TEMPERADO INCOLOR, 2 FOLHAS DE CORRER, E = 10 MM (SEM FERRAGENS E SEM COLOCACAO)","M2    ",331.59]
[4947,"PORTAO BASCULANTE MANUAL EM ACO GALVANIZADO NATURAL, TIPO LAMBRIL COM REQUADRO/BATENTE, CHAPA NUMERO 26, INCLUI FECHADURA (SEM INSTALACAO)","M2    ",510.58]
[37563,"PORTAO BASCULANTE, MANUAL, EM CHAPA TIPO LAMBRIL QUADRADO, COM REQUADRO, ACABAMENTO NATURAL","M2    ",392.04]
[4948,"PORTAO DE ABRIR EM GRADIL DE METALON REDONDO DE 3/4\"  VERTICAL, COM REQUADRO, ACABAMENTO NATURAL - COMPLETO","M2    ",355.79]
[37561,"PORTAO DE CORRER EM CHAPA TIPO PAINEL LAMBRIL QUADRADO, COM PORTA SOCIAL COMPLETA INCLUIDA, COM REQUADRO, ACABAMENTO NATURAL, COM TRILHOS E ROLDANAS","M2    ",731.84]
[37562,"PORTAO DE CORRER EM GRADIL FIXO DE BARRA DE FERRO CHATA DE 3 X 1/4\" NA VERTICAL, SEM REQUADRO, ACABAMENTO NATURAL, COM TRILHOS E ROLDANAS","M2    ",469.4]
[37585,"PORTINHOLA DE ABRIR EM ALUMINIO DE 60 X 80 CM, VENEZIANA VENTILADA 1 FOLHA, ACABAMENTO ANODIZADO NATURAL","UN    ",245.26]
[14164,"POSTE CONICO CONTINUO EM ACO GALVANIZADO, CURVO, BRACO DUPLO, ENGASTADO,  H = 9 M, DIAMETRO INFERIOR = *135* MM","UN    ",984.23]
[14163,"POSTE CONICO CONTINUO EM ACO GALVANIZADO, CURVO, BRACO DUPLO, FLANGEADO,  H = 9 M, DIAMETRO INFERIOR = *135* MM","UN    ",{"v":1118.64,"d":"1,118.64"}]
[5051,"POSTE CONICO CONTINUO EM ACO GALVANIZADO, CURVO, BRACO SIMPLES, ENGASTADO,  H = 9 M, DIAMETRO INFERIOR = *135* MM","UN    ",951.39]
[14162,"POSTE CONICO CONTINUO EM ACO GALVANIZADO, CURVO, BRACO SIMPLES, FLANGEADO,  H = 9 M, DIAMETRO INFERIOR = *135* MM","UN    ",950.01]
[5052,"POSTE CONICO CONTINUO EM ACO GALVANIZADO, CURVO, BRACO SIMPLES, FLANGEADO, H = 7 M, DIAMETRO INFERIOR = *125* MM","UN    ",708.84]
[14166,"POSTE CONICO CONTINUO EM ACO GALVANIZADO, RETO, ENGASTADO,  H = 7 M, DIAMETRO INFERIOR = *125* MM","UN    ",717.84]
[14165,"POSTE CONICO CONTINUO EM ACO GALVANIZADO, RETO, ENGASTADO,  H = 9 M, DIAMETRO INFERIOR = *145* MM","UN    ",994.46]
[5050,"POSTE CONICO CONTINUO EM ACO GALVANIZADO, RETO, FLANGEADO,  H = 3 M, DIAMETRO INFERIOR = *95* MM","UN    ",244.76]
[12378,"POSTE CONICO CONTINUO EM ACO GALVANIZADO, RETO, FLANGEADO, H = 6 M, DIAMETRO INFERIOR = *90* CM","UN    ",581.78]
[5040,"POSTE DE CONCRETO CIRCULAR, 100 KG, H = 5 M (NBR 8451)","UN    ",199.82]
[5054,"POSTE DE CONCRETO CIRCULAR, 100 KG, H = 7 M (NBR 8451)","UN    ",291.49]
[12366,"POSTE DE CONCRETO CIRCULAR, 150 KG, H = 10 M (NBR 8451)","UN    ",518.95]
[5045,"POSTE DE CONCRETO CIRCULAR, 200 KG, H = 11 M (NBR 8451)","UN    ",722.66]
[12367,"POSTE DE CONCRETO CIRCULAR, 200 KG, H = 17 M (NBR 8451)","UN    ",{"v":2212.44,"d":"2,212.44"}]
[12368,"POSTE DE CONCRETO CIRCULAR, 200 KG, H = 22,5 M (NBR 8451)","UN    ",{"v":4377.5,"d":"4,377.50"}]
[5042,"POSTE DE CONCRETO CIRCULAR, 200 KG, H = 7 M (NBR 8451)","UN    ",376.98]
[5044,"POSTE DE CONCRETO CIRCULAR, 200 KG, H = 9 M (NBR 8451)","UN    ",509.85]
[5055,"POSTE DE CONCRETO CIRCULAR, 300 KG, H = 11 M (NBR 8451)","UN    ",724.87]
[5041,"POSTE DE CONCRETO CIRCULAR, 300 KG, H = 5 M (NBR 8451)","UN    ",267.8]
[5043,"POSTE DE CONCRETO CIRCULAR, 300 KG, H = 7 M (NBR 8451)","UN    ",462.47]
[5053,"POSTE DE CONCRETO CIRCULAR, 300 KG, H = 9 M (NBR 8451)","UN    ",564.19]
[5035,"POSTE DE CONCRETO CIRCULAR, 400 KG, H = 11 M (NBR 8451)","UN    ",922.43]
[5036,"POSTE DE CONCRETO CIRCULAR, 400 KG, H = 14 M (NBR 8451)","UN    ",{"v":1539.85,"d":"1,539.85"}]
[5059,"POSTE DE CONCRETO CIRCULAR, 400 KG, H = 9 M (NBR 8451)","UN    ",721.43]
[5034,"POSTE DE CONCRETO CIRCULAR, 600 KG, H = 10 M (NBR 8451)","UN    ",995.51]
[5056,"POSTE DE CONCRETO DUPLO T ,TIPO B, 500 KG, H = 9 M (NBR 8451)","UN    ",773.53]
[5057,"POSTE DE CONCRETO DUPLO T, TIPO B, 300 KG, H = 10 M (NBR 8451)","UN    ",620.36]
[5033,"POSTE DE CONCRETO DUPLO T, TIPO B, 300 KG, H = 9 M (NBR 8451)","UN    ",515]
[5037,"POSTE DE CONCRETO DUPLO T, TIPO D, 100 KG, H = 7 M (NBR 8451)","UN    ",261.28]
[5038,"POSTE DE CONCRETO DUPLO T, TIPO D, 200 KG, H = 9 M (NBR 8451)","UN    ",419.72]
[12374,"POSTE DE CONCRETO DUPLO T, 100 KG, H = 6 M, (NBR 8451)","UN    ",257.5]
[12372,"POSTE DE CONCRETO DUPLO T, 200 KG, H = 11 M (NBR 8451)","UN    ",553.11]
[13335,"POSTE DE CONCRETO DUPLO T, 200 KG, H = 8 M (NBR 8451)","UN    ",333.09]
[13339,"POSTE DE CONCRETO DUPLO T, 300 KG, H = 12 M (NBR 8451)","UN    ",822.25]
[12373,"POSTE DE CONCRETO DUPLO T, 400 KG,H = 12 M (NBR 8451)","UN    ",861.08]
[34712,"POSTE DE CONCRETO PADRAO, 1 CAIXA, H = 7,5 M","UN    ",628.3]
[34711,"POSTE DE CONCRETO PADRAO, 2 CAIXAS, H = 7,5 M","UN    ",824]
[34706,"POSTE DE CONCRETO PADRAO, 3 CAIXAS , H = 7,5 M","UN    ",{"v":1412.13,"d":"1,412.13"}]
[34703,"POSTE DE CONCRETO PADRAO, 4 CAIXAS , H = 7,5 M","UN    ",{"v":2369,"d":"2,369.00"}]
[12388,"POSTE DECORATIVO PARA JARDIM EM ACO TUBULAR, SEM LUMINARIA, H = *2,5* M","UN    ",144.88]
[34695,"POSTE PADRAO SUBTERRANEO 100 A, H = 2,5 M","UN    ",592.25]
[34692,"POSTE PADRAO SUBTERRANEO 200 A, H = 2,5 M","UN    ",{"v":1421.4,"d":"1,421.40"}]
[26028,"POZOLANA DE CLASSE C","T     ",271.03]
[11844,"PRANCHA DE MADEIRA APARELHADA *4 X 30* CM, MACARANDUBA, ANGELIM OU EQUIVALENTE DA REGIAO","M     ",35.36]
[4465,"PRANCHA DE MADEIRA NAO APARELHADA *6 X 25* CM, MACARANDUBA, ANGELIM OU EQUIVALENTE DA REGIAO","M     ",33.89]
[35273,"PRANCHA DE MADEIRA NAO APARELHADA *6 X 30* CM, MACARANDUBA, ANGELIM OU EQUIVALENTE DA REGIAO","M     ",37.45]
[4470,"PRANCHA DE MADEIRA NAO APARELHADA *6 X 40* CM, MACARANDUBA, ANGELIM OU EQUIVALENTE DA REGIAO","M     ",55.96]
[20204,"PRANCHAO DE MADEIRA APARELHADA *7,5 X 23* CM (3 X 9 \") MACARANDUBA, ANGELIM OU EQUIVALENTE DA REGIAO","M     ",49.94]
[20208,"PRANCHAO DE MADEIRA APARELHADA *8 X 30* CM, MACARANDUBA, ANGELIM OU EQUIVALENTE DA REGIAO","M     ",58.63]
[4437,"PRANCHAO DE MADEIRA NAO APARELHADA *7,5 X 23* CM (3 x 9 \") MACARANDUBA, ANGELIM OU EQUIVALENTE DA REGIAO","M     ",40.52]
[14580,"PRANCHAO DE MADEIRA NAO APARELHADA *8 X 30* CM, MACARANDUBA, ANGELIM OU EQUIVALENTE DA REGIAO","M     ",44.13]
[40304,"PREGO DE ACO POLIDO COM CABECA DUPLA 17 X 27 (2 1/2 X 11)","KG    ",11.3]
[5065,"PREGO DE ACO POLIDO COM CABECA 10 X 10 (7/8 X 17)","KG    ",17.41]
[5072,"PREGO DE ACO POLIDO COM CABECA 10 X 11 (1 X 17)","KG    ",16.11]
[5066,"PREGO DE ACO POLIDO COM CABECA 12 X 12","KG    ",12.06]
[5063,"PREGO DE ACO POLIDO COM CABECA 14 X 18 (1 1/2 X 14)","KG    ",10.92]
[20247,"PREGO DE ACO POLIDO COM CABECA 15 X 15 (1 1/4 X 13)","KG    ",10.13]
[5074,"PREGO DE ACO POLIDO COM CABECA 15 X 18 (1 1/2 X 13)","KG    ",10.25]
[5067,"PREGO DE ACO POLIDO COM CABECA 16 X 24 (2 1/4 X 12)","KG    ",9.75]
[5078,"PREGO DE ACO POLIDO COM CABECA 16 X 27 (2 1/2 X 12)","KG    ",9.64]
[5068,"PREGO DE ACO POLIDO COM CABECA 17 X 21 (2 X 11)","KG    ",9.15]
[5073,"PREGO DE ACO POLIDO COM CABECA 17 X 24 (2 1/4 X 11)","KG    ",9.33]
[5069,"PREGO DE ACO POLIDO COM CABECA 17 X 27 (2 1/2 X 11)","KG    ",9.33]
[5070,"PREGO DE ACO POLIDO COM CABECA 17 X 30 (2 3/4 X 11)","KG    ",9.43]
[5071,"PREGO DE ACO POLIDO COM CABECA 18 X 24 (2 1/4 X 10)","KG    ",9.15]
[5061,"PREGO DE ACO POLIDO COM CABECA 18 X 27 (2 1/2 X 10)","KG    ",9]
[5075,"PREGO DE ACO POLIDO COM CABECA 18 X 30 (2 3/4 X 10)","KG    ",9.15]
[39027,"PREGO DE ACO POLIDO COM CABECA 19  X 36 (3 1/4  X  9)","KG    ",9.14]
[5062,"PREGO DE ACO POLIDO COM CABECA 19 X 33 (3 X 9)","KG    ",9.27]
[40568,"PREGO DE ACO POLIDO COM CABECA 22 X 48 (4 1/4 X 5)","KG    ",9.22]
[39026,"PREGO DE ACO POLIDO SEM CABECA 15 X 15 (1 1/4 X 13)","KG    ",10.29]
[11572,"PRENDEDOR / TRAVA DE PORTA, MONTAGEM PISO / PORTA, EM LATAO / ZAMAC, CROMADO","UN    ",14.04]
[42460,"PRESSAO DE PERNAS TRIPLO, EM TUBO DE ACO CARBONO, PINTURA NO PROCESSO ELETROSTATICO - EQUIPAMENTO DE GINASTICA PARA ACADEMIA AO AR LIVRE / ACADEMIA DA TERCEIRA IDADE - ATI * COLETADO CAIXA *","UN    ",{"v":2756.08,"d":"2,756.08"}]
[11149,"PRIMER EPOXI","GL    ",168.35]
[511,"PRIMER PARA MANTA ASFALTICA A BASE DE ASFALTO MODIFICADO DILUIDO EM SOLVENTE, APLICACAO A FRIO","L     ",11.7]
[11174,"PRIMER UNIVERSAL, FUNDO ANTICORROSIVO TIPO ZARCAO","18L   ",477.98]
[37540,"PROJETOR DE ARGAMASSA, CAPACIDADE DE PROJECAO 1,5 M3/H, ALCANCE DA PROJECAO 30 ATE 60 M, MOTOR ELETRICO TRIFASICO","UN    ",{"v":66718.18,"d":"66,718.18"}]
[37548,"PROJETOR DE ARGAMASSA, CAPACIDADE DE PROJECAO 2,0 M3/H, ALCANCE DA PROJECAO ATE 50 M, MOTOR ELETRICO TRIFASICO","UN    ",{"v":88434.62,"d":"88,434.62"}]
[39828,"PROJETOR PNEUMATICO DE ARGAMASSA PARA CHAPISCO E REBOCO COM RECIPIENTE ACOPLADO, TIPO CANEQUNHA, COM VOLUME DE 1,50 L, SEM COMPRESSOR","UN    ",530.52]
[12273,"PROJETOR RETANGULAR FECHADO PARA LAMPADA VAPOR DE MERCURIO/SODIO 250 W A 500 W, CABECEIRAS EM ALUMINIO FUNDIDO, CORPO EM ALUMINIO ANODIZADO, PARA LAMPADA E40 FECHAMENTO EM VIDRO TEMPERADO.","UN    ",59.59]
[38392,"PROLONGADOR/EXTENSOR PARA ROLO DE PINTURA 3 M","UN    ",38.56]
[11735,"PROLONGAMENTO PVC PARA CAIXA SIFONADA  100 MM X 200 MM (NBR 5688)","UN    ",3.62]
[11733,"PROLONGAMENTO PVC PARA CAIXA SIFONADA 100 MM X 100 MM (NBR 5688)","UN    ",1.77]
[11734,"PROLONGAMENTO PVC PARA CAIXA SIFONADA, 100 MM X 150 MM (NBR 5688)","UN    ",2.73]
[11737,"PROLONGAMENTO PVC PARA CAIXA SIFONADA, 150 MM X 150 MM (NBR 5688)","UN    ",4.83]
[11738,"PROLONGAMENTO PVC PARA CAIXA SIFONADA, 150 MM X 200 MM (NBR 5688)","UN    ",7.86]
[36143,"PROTETOR AUDITIVO TIPO CONCHA COM ABAFADOR DE RUIDOS, ATENUACAO ACIMA DE 22 DB","UN    ",22.14]
[36142,"PROTETOR AUDITIVO TIPO PLUG DE INSERCAO COM CORDAO, ATENUACAO SUPERIOR A 15 DB","UN    ",1.62]
[36146,"PROTETOR SOLAR FPS 30, EMBALAGEM 2 LITROS","UN    ",183.6]
[39015,"PROTETOR/PONTEIRA PLASTICA PARA PONTA DE VERGALHAO DE ATE 1\", TIPO PROTETOR DE ESPERA","UN    ",0.55]
[38377,"PRUMO DE CENTRO EM ACO *400* G","UN    ",22.51]
[38376,"PRUMO DE PAREDE EM ACO 700 A 750 G","UN    ",25.67]
[38116,"PULSADOR CAMPAINHA 10A, 250V (APENAS MODULO)","UN    ",4.32]
[38066,"PULSADOR CAMPAINHA 10A, 250V, CONJUNTO MONTADO PARA EMBUTIR 4\" X 2\" (PLACA + SUPORTE + MODULO)","UN    ",7.13]
[38117,"PULSADOR MINUTERIA 10A, 250V (APENAS MODULO)","UN    ",7.36]
[38067,"PULSADOR MINUTERIA 10A, 250V, CONJUNTO MONTADO PARA EMBUTIR 4\" X 2\" (PLACA + SUPORTE + MODULO)","UN    ",10.04]
[41757,"PULVERIZADOR DE TINTA ELETRICO / MAQUINA DE PINTURA AIRLESS, VAZAO *2* L/MIN (COLETADO CAIXA)","UN    ",{"v":9167.87,"d":"9,167.87"}]
[5080,"PUXADOR CENTRAL, TIPO ALCA, EM ZAMAC CROMADO, COM ROSETAS, COMPRIMENTO *100* MM, PARA PORTA / JANELA EM MADEIRA OU METALICA - INCLUI PARAFUSOS","UN    ",9.95]
[11522,"PUXADOR CONCHA DE EMBUTIR PARA JANELA / PORTA DE CORRER, EM LATAO CROMADO, COM FURO CENTRAL PARA CHAVE E FUROS PARA PARAFUSOS, *40 X 100* MM  (LARGURA X ALTURA) - SEM FECHADURA","UN    ",12.44]
[11523,"PUXADOR CONCHA DE EMBUTIR, EM LATAO CROMADO, PARA PORTA / JANELA DE CORRER, LISO, SEM FURO PARA CHAVE, COM FUROS PARA FIXAR PARAFUSOS, *30 X 90* MM (LARGURA X ALTURA)","UN    ",11.64]
[11524,"PUXADOR TIPO PUNHO REDONDO, CENTRAL, EM LATAO CROMADO, COMPRIMENTO DE *110* MM, PARA JANELAS / PORTAS DE CORRER - INCLUI PARAFUSOS","UN    ",23.98]
[38168,"PUXADOR TUBULAR RETO, DUPLO, EM ALUMINIO POLIDO, DIAMETRO APROX.DE 1\", COMPRIMENTO APROX. DE 400 MM, PARA PORTAS DE MADEIRA OU VIDRO","UN    ",115.74]
[13393,"QUADRO DE DISTRIBUICAO COM BARRAMENTO TRIFASICO, DE EMBUTIR, EM CHAPA DE ACO GALVANIZADO, PARA 12 DISJUNTORES DIN, 100 A","UN    ",192.39]
[13395,"QUADRO DE DISTRIBUICAO COM BARRAMENTO TRIFASICO, DE EMBUTIR, EM CHAPA DE ACO GALVANIZADO, PARA 18 DISJUNTORES DIN, 100 A","UN    ",230.7]
[12039,"QUADRO DE DISTRIBUICAO COM BARRAMENTO TRIFASICO, DE EMBUTIR, EM CHAPA DE ACO GALVANIZADO, PARA 24 DISJUNTORES DIN, 100 A","UN    ",308.7]
[13396,"QUADRO DE DISTRIBUICAO COM BARRAMENTO TRIFASICO, DE EMBUTIR, EM CHAPA DE ACO GALVANIZADO, PARA 28 DISJUNTORES DIN, 100 A","UN    ",493.74]
[13397,"QUADRO DE DISTRIBUICAO COM BARRAMENTO TRIFASICO, DE EMBUTIR, EM CHAPA DE ACO GALVANIZADO, PARA 30 DISJUNTORES DIN, 100 A","UN    ",499.04]
[12041,"QUADRO DE DISTRIBUICAO COM BARRAMENTO TRIFASICO, DE EMBUTIR, EM CHAPA DE ACO GALVANIZADO, PARA 30 DISJUNTORES DIN, 150 A","UN    ",675.36]
[12043,"QUADRO DE DISTRIBUICAO COM BARRAMENTO TRIFASICO, DE EMBUTIR, EM CHAPA DE ACO GALVANIZADO, PARA 30 DISJUNTORES DIN, 225 A","UN    ",778.74]
[39762,"QUADRO DE DISTRIBUICAO COM BARRAMENTO TRIFASICO, DE EMBUTIR, EM CHAPA DE ACO GALVANIZADO, PARA 36 DISJUNTORES DIN, 100 A","UN    ",526.13]
[12042,"QUADRO DE DISTRIBUICAO COM BARRAMENTO TRIFASICO, DE EMBUTIR, EM CHAPA DE ACO GALVANIZADO, PARA 40 DISJUNTORES DIN, 100 A","UN    ",526.26]
[39763,"QUADRO DE DISTRIBUICAO COM BARRAMENTO TRIFASICO, DE EMBUTIR, EM CHAPA DE ACO GALVANIZADO, PARA 48 DISJUNTORES DIN, 100 A","UN    ",794.03]
[39756,"QUADRO DE DISTRIBUICAO COM BARRAMENTO TRIFASICO, DE SOBREPOR, EM CHAPA DE ACO GALVANIZADO, PARA 12 DISJUNTORES DIN, 100 A","UN    ",240.73]
[12038,"QUADRO DE DISTRIBUICAO COM BARRAMENTO TRIFASICO, DE SOBREPOR, EM CHAPA DE ACO GALVANIZADO, PARA 18 DISJUNTORES DIN, 100 A","UN    ",268.76]
[12040,"QUADRO DE DISTRIBUICAO COM BARRAMENTO TRIFASICO, DE SOBREPOR, EM CHAPA DE ACO GALVANIZADO, PARA 24 DISJUNTORES DIN, 100 A","UN    ",343.4]
[39757,"QUADRO DE DISTRIBUICAO COM BARRAMENTO TRIFASICO, DE SOBREPOR, EM CHAPA DE ACO GALVANIZADO, PARA 28 DISJUNTORES DIN, 100 A","UN    ",367.19]
[39758,"QUADRO DE DISTRIBUICAO COM BARRAMENTO TRIFASICO, DE SOBREPOR, EM CHAPA DE ACO GALVANIZADO, PARA 30 DISJUNTORES DIN, 100 A","UN    ",476.63]
[39759,"QUADRO DE DISTRIBUICAO COM BARRAMENTO TRIFASICO, DE SOBREPOR, EM CHAPA DE ACO GALVANIZADO, PARA 36 DISJUNTORES DIN, 100 A","UN    ",651.22]
[39760,"QUADRO DE DISTRIBUICAO COM BARRAMENTO TRIFASICO, DE SOBREPOR, EM CHAPA DE ACO GALVANIZADO, PARA 40 DISJUNTORES DIN, 100 A","UN    ",654.21]
[39761,"QUADRO DE DISTRIBUICAO COM BARRAMENTO TRIFASICO, DE SOBREPOR, EM CHAPA DE ACO GALVANIZADO, PARA 48 DISJUNTORES DIN, 100 A","UN    ",837.29]
[39765,"QUADRO DE DISTRIBUICAO SEM BARRAMENTO, COM PORTA, DE EMBUTIR, EM CHAPA DE ACO GALVANIZADO, PARA 12 DISJUNTORES NEMA","UN    ",37.17]
[13399,"QUADRO DE DISTRIBUICAO SEM BARRAMENTO, COM PORTA, DE EMBUTIR, EM CHAPA DE ACO GALVANIZADO, PARA 3 DISJUNTORES NEMA","UN    ",21.14]
[39764,"QUADRO DE DISTRIBUICAO SEM BARRAMENTO, COM PORTA, DE EMBUTIR, EM CHAPA DE ACO GALVANIZADO, PARA 6 DISJUNTORES NEMA","UN    ",29.07]
[39805,"QUADRO DE DISTRIBUICAO, COM BARRAMENTO TERRA / NEUTRO, DE EMBUTIR, PARA 16 DISJUNTORES DIN","UN    ",113.74]
[39806,"QUADRO DE DISTRIBUICAO, COM BARRAMENTO TERRA / NEUTRO, DE EMBUTIR, PARA 24 DISJUNTORES DIN","UN    ",214.79]
[39807,"QUADRO DE DISTRIBUICAO, COM BARRAMENTO TERRA / NEUTRO, DE EMBUTIR, PARA 36 DISJUNTORES DIN","UN    ",302.79]
[39804,"QUADRO DE DISTRIBUICAO, COM BARRAMENTO TERRA / NEUTRO, DE EMBUTIR, PARA 8 DISJUNTORES DIN","UN    ",63.86]
[39796,"QUADRO DE DISTRIBUICAO, SEM BARRAMENTO, EM PVC, DE EMBUTIR, PARA 16 DISJUNTORES DIN","UN    ",65.08]
[39797,"QUADRO DE DISTRIBUICAO, SEM BARRAMENTO, EM PVC, DE EMBUTIR, PARA 24 DISJUNTORES DIN","UN    ",86.42]
[39798,"QUADRO DE DISTRIBUICAO, SEM BARRAMENTO, EM PVC, DE EMBUTIR, PARA 36 DISJUNTORES DIN","UN    ",144.07]
[39794,"QUADRO DE DISTRIBUICAO, SEM BARRAMENTO, EM PVC, DE EMBUTIR, PARA 4 DISJUNTORES DIN","UN    ",20.48]
[39795,"QUADRO DE DISTRIBUICAO, SEM BARRAMENTO, EM PVC, DE EMBUTIR, PARA 8 DISJUNTORES DIN","UN    ",28.67]
[39801,"QUADRO DE DISTRIBUICAO, SEM BARRAMENTO, EM PVC, DE SOBREPOR, PARA 16 DISJUNTORES DIN","UN    ",73.37]
[39802,"QUADRO DE DISTRIBUICAO, SEM BARRAMENTO, EM PVC, DE SOBREPOR, PARA 24 DISJUNTORES DIN","UN    ",121.84]
[39803,"QUADRO DE DISTRIBUICAO, SEM BARRAMENTO, EM PVC, DE SOBREPOR, PARA 36 DISJUNTORES DIN","UN    ",168.84]
[39799,"QUADRO DE DISTRIBUICAO, SEM BARRAMENTO, EM PVC, DE SOBREPOR, PARA 4 DISJUNTORES DIN","UN    ",27.74]
[39800,"QUADRO DE DISTRIBUICAO, SEM BARRAMENTO, EM PVC, DE SOBREPOR, PARA 8 DISJUNTORES DIN","UN    ",46.68]
[4224,"QUEROSENE","L     ",12.52]
[21059,"RALO FOFO COM REQUADRO, QUADRADO 150 X 150 MM","UN    ",36.9]
[11234,"RALO FOFO COM REQUADRO, QUADRADO 200 X 200 MM","UN    ",55.62]
[21060,"RALO FOFO COM REQUADRO, QUADRADO 250 X 250 MM","UN    ",68.46]
[21061,"RALO FOFO COM REQUADRO, QUADRADO 300 X 300 MM","UN    ",85.58]
[21062,"RALO FOFO COM REQUADRO, QUADRADO 400 X 400 MM","UN    ",134.79]
[11708,"RALO FOFO SEMIESFERICO, 100 MM, PARA LAJES/ CALHAS","UN    ",14.7]
[11709,"RALO FOFO SEMIESFERICO, 150 MM, PARA LAJES/ CALHAS","UN    ",34.55]
[11710,"RALO FOFO SEMIESFERICO, 200 MM, PARA LAJES/ CALHAS","UN    ",79.43]
[11707,"RALO FOFO SEMIESFERICO, 75 MM, PARA LAJES/ CALHAS","UN    ",11.01]
[11739,"RALO SECO PVC CONICO, 100 X 40 MM,  COM GRELHA REDONDA BRANCA","UN    ",5.27]
[11711,"RALO SECO PVC CONICO, 100 X 40 MM, COM GRELHA QUADRADA","UN    ",7.72]
[5102,"RALO SECO PVC QUADRADO, 100 X 100 X 53 MM, SAIDA 40 MM, COM GRELHA BRANCA","UN    ",7.46]
[11741,"RALO SIFONADO PVC CILINDRICO, 100 X 40 MM,  COM GRELHA REDONDA BRANCA","UN    ",5.43]
[11743,"RALO SIFONADO PVC REDONDO CONICO, 100 X 40 MM, COM GRELHA  BRANCA REDONDA","UN    ",4.93]
[11745,"RALO SIFONADO PVC, QUADRADO, 100 X 100 X 53 MM, SAIDA 40 MM, COM GRELHA BRANCA","UN    ",7.01]
[25961,"RASTELEIRO","H     ",10.27]
[40985,"RASTELEIRO (MENSALISTA)","MES   ",{"v":1811.32,"d":"1,811.32"}]
[1088,"REATOR ELETRONICO BIVOLT PARA 1 LAMPADA FLUORESCENTE DE 18/20 W","UN    ",15.83]
[1087,"REATOR ELETRONICO BIVOLT PARA 1 LAMPADA FLUORESCENTE DE 36/40 W","UN    ",19.77]
[38777,"REATOR ELETRONICO BIVOLT PARA 2 LAMPADAS FLUORESCENTES DE 14 W","UN    ",39.38]
[1086,"REATOR ELETRONICO BIVOLT PARA 2 LAMPADAS FLUORESCENTES DE 18/20 W","UN    ",20.78]
[1079,"REATOR ELETRONICO BIVOLT PARA 2 LAMPADAS FLUORESCENTES DE 36/40 W","UN    ",21.48]
[39374,"REATOR INTERNO/INTEGRADO PARA LAMPADA VAPOR METALICO 400 W, ALTO FATOR DE POTENCIA","UN    ",86.24]
[1082,"REATOR P/ LAMPADA VAPOR DE SODIO 250W USO EXT","UN    ",135.08]
[12316,"REATOR P/ 1 LAMPADA VAPOR DE MERCURIO 125W USO EXT","UN    ",61.91]
[12317,"REATOR P/ 1 LAMPADA VAPOR DE MERCURIO 250W USO EXT","UN    ",73.83]
[12318,"REATOR P/ 1 LAMPADA VAPOR DE MERCURIO 400W USO EXT","UN    ",85.05]
[5104,"REBITE DE ALUMINIO VAZADO DE REPUXO, 3,2 X 8 MM (1KG = 1025 UNIDADES)","KG    ",34.31]
[26023,"REBOLO ABRASIVO RETO DE USO GERAL GRAO 36, DE 6 X 1 \" (DIAMETRO X ALTURA)","UN    ",42.54]
[2710,"REBOLO ABRASIVO RETO DE USO GERAL GRAO 36, DE 6 X 3/4 \" (DIAMETRO X ALTURA)","UN    ",33.97]
[14575,"RECICLADORA DE ASFALTO A FRIO SOBRE RODAS, LARG. FRESAGEM 2,00 M, POT. 315 KW/422 HP","UN    ",{"v":3152731.53,"d":"3,152,731.53"}]
[20033,"REDUCAO EXCENTRICA PVC NBR 10569 P/REDE COLET ESG PB JE 125 X 100MM","UN    ",29.33]
[20034,"REDUCAO EXCENTRICA PVC NBR 10569 P/REDE COLET ESG PB JE 150 X 100MM","UN    ",48.07]
[20035,"REDUCAO EXCENTRICA PVC NBR 10569 P/REDE COLET ESG PB JE 150 X 125MM","UN    ",53.51]
[20036,"REDUCAO EXCENTRICA PVC NBR 10569 P/REDE COLET ESG PB JE 200 X 150MM","UN    ",77.38]
[20037,"REDUCAO EXCENTRICA PVC NBR 10569 P/REDE COLET ESG PB JE 250 X 200MM","UN    ",157.86]
[20038,"REDUCAO EXCENTRICA PVC NBR 10569 P/REDE COLET ESG PB JE 300 X 250MM","UN    ",291.29]
[20039,"REDUCAO EXCENTRICA PVC NBR 10569 P/REDE COLET ESG PB JE 350 X 300MM","UN    ",411.45]
[20040,"REDUCAO EXCENTRICA PVC NBR 10569 P/REDE COLET ESG PB JE 400 X 300MM","UN    ",524.75]
[20041,"REDUCAO EXCENTRICA PVC NBR 10569 P/REDE COLET ESG PB JE 400 X 350MM","UN    ",529.65]
[20043,"REDUCAO EXCENTRICA PVC P/ ESG PREDIAL DN 100 X 50MM","UN    ",2.9]
[20044,"REDUCAO EXCENTRICA PVC P/ ESG PREDIAL DN 100 X 75MM","UN    ",3.54]
[20042,"REDUCAO EXCENTRICA PVC P/ ESG PREDIAL DN 75 X 50MM","UN    ",2.66]
[20046,"REDUCAO EXCENTRICA PVC, SERIE R, DN 100 X 75 MM, PARA ESGOTO PREDIAL","UN    ",12.22]
[20047,"REDUCAO EXCENTRICA PVC, SERIE R, DN 150 X 100 MM, PARA ESGOTO PREDIAL","UN    ",35.38]
[20045,"REDUCAO EXCENTRICA PVC, SERIE R, DN 75 X 50 MM, PARA ESGOTO PREDIAL","UN    ",5.79]
[20972,"REDUCAO FIXA TIPO STORZ, ENGATE RAPIDO 2.1/2\" X 1.1/2\", EM LATAO, PARA INSTALACAO PREDIAL COMBATE A INCENDIO PREDIAL","UN    ",114.28]
[20032,"REDUCAO PVC PBA, JE, BB, DN 75 X 50 / DE 85 X 60 MM, PARA REDE DE AGUA","UN    ",32.85]
[11321,"REDUCAO PVC PBA, JE, PB, DN 100 X 50 / DE 110 X 60 MM, PARA REDE DE AGUA","UN    ",16.8]
[11323,"REDUCAO PVC PBA, JE, PB, DN 100 X 75 / DE 110 X 85 MM, PARA REDE DE AGUA","UN    ",20.08]
[20327,"REDUCAO PVC PBA, JE, PB, DN 75 X 50 / DE 85 X 60 MM, PARA REDE DE AGUA","UN    ",11.88]
[25966,"REDUTOR TIPO THINNER PARA ACABAMENTO","L     ",16]
[13390,"REFLETOR REDONDO EM ALUMINIO ANODIZADO PARA LAMPADA VAPOR DE MERCURIO/SODIO, CORPO EM ALUMINIO COM PINTURA EPOXI, PARA LAMPADA E-27 DE 300 W, COM SUPORTE REDONDO E ALCA REGULAVEL PARA FIXACAO.","UN    ",78.13]
[6034,"REGISTRO DE ESFERA DE PASSEIO, PVC PARA POLIETILENO, 20 MM","UN    ",6.51]
[6036,"REGISTRO DE ESFERA PVC, COM BORBOLETA, COM ROSCA EXTERNA, DE 1/2\"","UN    ",8.87]
[6031,"REGISTRO DE ESFERA PVC, COM BORBOLETA, COM ROSCA EXTERNA, DE 3/4\"","UN    ",10.42]
[6029,"REGISTRO DE ESFERA PVC, COM CABECA QUADRADA, COM ROSCA EXTERNA, 1/2\"","UN    ",10.54]
[6033,"REGISTRO DE ESFERA PVC, COM CABECA QUADRADA, COM ROSCA EXTERNA, 3/4\"","UN    ",13.89]
[11672,"REGISTRO DE ESFERA, PVC, COM VOLANTE, VS, ROSCAVEL, DN 1 1/2\", COM CORPO DIVIDIDO","UN    ",30.21]
[11669,"REGISTRO DE ESFERA, PVC, COM VOLANTE, VS, ROSCAVEL, DN 1 1/4\", COM CORPO DIVIDIDO","UN    ",28.77]
[11670,"REGISTRO DE ESFERA, PVC, COM VOLANTE, VS, ROSCAVEL, DN 1/2\", COM CORPO DIVIDIDO","UN    ",11.02]
[20055,"REGISTRO DE ESFERA, PVC, COM VOLANTE, VS, ROSCAVEL, DN 1\", COM CORPO DIVIDIDO","UN    ",21.55]
[11671,"REGISTRO DE ESFERA, PVC, COM VOLANTE, VS, ROSCAVEL, DN 2\", COM CORPO DIVIDIDO","UN    ",46.24]
[6032,"REGISTRO DE ESFERA, PVC, COM VOLANTE, VS, ROSCAVEL, DN 3/4\", COM CORPO DIVIDIDO","UN    ",13.2]
[11673,"REGISTRO DE ESFERA, PVC, COM VOLANTE, VS, SOLDAVEL, DN 20 MM, COM CORPO DIVIDIDO","UN    ",10.4]
[11674,"REGISTRO DE ESFERA, PVC, COM VOLANTE, VS, SOLDAVEL, DN 25 MM, COM CORPO DIVIDIDO","UN    ",13.39]
[11675,"REGISTRO DE ESFERA, PVC, COM VOLANTE, VS, SOLDAVEL, DN 32 MM, COM CORPO DIVIDIDO","UN    ",21.26]
[11676,"REGISTRO DE ESFERA, PVC, COM VOLANTE, VS, SOLDAVEL, DN 40 MM, COM CORPO DIVIDIDO","UN    ",28.44]
[11677,"REGISTRO DE ESFERA, PVC, COM VOLANTE, VS, SOLDAVEL, DN 50 MM, COM CORPO DIVIDIDO","UN    ",29.37]
[11678,"REGISTRO DE ESFERA, PVC, COM VOLANTE, VS, SOLDAVEL, DN 60 MM, COM CORPO DIVIDIDO","UN    ",53.79]
[6038,"REGISTRO DE PRESSAO PVC, ROSCAVEL, VOLANTE SIMPLES, DE 1/2\"","UN    ",3.41]
[11718,"REGISTRO DE PRESSAO PVC, ROSCAVEL, VOLANTE SIMPLES, DE 3/4\"","UN    ",9.73]
[6037,"REGISTRO DE PRESSAO PVC, SOLDAVEL, VOLANTE SIMPLES, DE 20 MM","UN    ",7.1]
[11719,"REGISTRO DE PRESSAO PVC, SOLDAVEL, VOLANTE SIMPLES, DE 25 MM","UN    ",7.89]
[6019,"REGISTRO GAVETA BRUTO EM LATAO FORJADO, BITOLA 1 \" (REF 1509)","UN    ",24.45]
[6010,"REGISTRO GAVETA BRUTO EM LATAO FORJADO, BITOLA 1 1/2 \" (REF 1509)","UN    ",42.08]
[6017,"REGISTRO GAVETA BRUTO EM LATAO FORJADO, BITOLA 1 1/4 \" (REF 1509)","UN    ",33.33]
[6020,"REGISTRO GAVETA BRUTO EM LATAO FORJADO, BITOLA 1/2 \" (REF 1509)","UN    ",14.69]
[6028,"REGISTRO GAVETA BRUTO EM LATAO FORJADO, BITOLA 2 \" (REF 1509)","UN    ",58.61]
[6011,"REGISTRO GAVETA BRUTO EM LATAO FORJADO, BITOLA 2 1/2 \" (REF 1509)","UN    ",121.56]
[6012,"REGISTRO GAVETA BRUTO EM LATAO FORJADO, BITOLA 3 \" (REF 1509)","UN    ",147.17]
[6016,"REGISTRO GAVETA BRUTO EM LATAO FORJADO, BITOLA 3/4 \" (REF 1509)","UN    ",15.49]
[6027,"REGISTRO GAVETA BRUTO EM LATAO FORJADO, BITOLA 4 \" (REF 1509)","UN    ",306.64]
[6013,"REGISTRO GAVETA COM ACABAMENTO E CANOPLA CROMADOS, SIMPLES, BITOLA 1 \" (REF 1509)","UN    ",46.27]
[6015,"REGISTRO GAVETA COM ACABAMENTO E CANOPLA CROMADOS, SIMPLES, BITOLA 1 1/2 \" (REF 1509)","UN    ",67.29]
[6014,"REGISTRO GAVETA COM ACABAMENTO E CANOPLA CROMADOS, SIMPLES, BITOLA 1 1/4 \" (REF 1509)","UN    ",64.33]
[6006,"REGISTRO GAVETA COM ACABAMENTO E CANOPLA CROMADOS, SIMPLES, BITOLA 1/2 \" (REF 1509)","UN    ",33.5]
[6005,"REGISTRO GAVETA COM ACABAMENTO E CANOPLA CROMADOS, SIMPLES, BITOLA 3/4 \" (REF 1509)","UN    ",37.8]
[11756,"REGISTRO OU REGULADOR DE GAS COZINHA, VAZAO DE 2 KG/H, 2,8 KPA","UN    ",18.05]
[10904,"REGISTRO OU VALVULA GLOBO ANGULAR EM LATAO, PARA HIDRANTES EM INSTALACAO PREDIAL DE INCENDIO, 45 GRAUS, DIAMETRO DE 2 1/2\", COM VOLANTE, CLASSE DE PRESSAO DE ATE 200 PSI","UN    ",160]
[11752,"REGISTRO PRESSAO BRUTO EM LATAO FORJADO, BITOLA 1/2 \" (REF 1400)","UN    ",10.41]
[11753,"REGISTRO PRESSAO BRUTO EM LATAO FORJADO, BITOLA 3/4 \" (REF 1400)","UN    ",12.42]
[6021,"REGISTRO PRESSAO COM ACABAMENTO E CANOPLA CROMADA, SIMPLES, BITOLA 1/2 \" (REF 1416)","UN    ",34.49]
[6024,"REGISTRO PRESSAO COM ACABAMENTO E CANOPLA CROMADA, SIMPLES, BITOLA 3/4 \" (REF 1416)","UN    ",35.65]
[38379,"REGUA DE ALUMINIO PARA PEDREIRO 2 X 1 \"","M     ",30.12]
[13897,"REGUA VIBRADORA DUPLA PARA CONCRETO A GASOLINA 5,5 HP, PESO DE 60 KG, COMPRIMENTO 4 M","UN    ",{"v":10824.72,"d":"10,824.72"}]
[10640,"REGUA VIBRATORIA DE CONCRETO TRELICADA, EQUIPADA COM MOTOR A GASOLINA DE 9 HP","UN    ",{"v":23444.07,"d":"23,444.07"}]
[11086,"REJEITO DE MINERIO DE FERRO PARA PAVIMENTACAO (POSTO PEDREIRA/FORNECEDOR, SEM FRETE)","M3    ",39.91]
[34356,"REJUNTE BRANCO, CIMENTICIO","KG    ",2.69]
[34357,"REJUNTE COLORIDO, CIMENTICIO","KG    ",2.99]
[37329,"REJUNTE EPOXI BRANCO","KG    ",41.64]
[37398,"REJUNTE EPOXI COR","KG    ",53.3]
[2510,"RELE FOTOELETRICO INTERNO E EXTERNO BIVOLT 1000 W, DE CONECTOR, SEM BASE","UN    ",19.57]
[12359,"RELE TERMICO BIMETAL PARA USO EM MOTORES TRIFASICOS, TENSAO 380 V, POTENCIA ATE 15 CV, CORRENTE NOMINAL MAXIMA 22 A","UN    ",89.34]
[5320,"REMOVEDOR DE TINTA OLEO/ESMALTE VERNIZ","L     ",32]
[7353,"RESINA ACRILICA BASE AGUA - COR BRANCA","L     ",20.02]
[36144,"RESPIRADOR DESCARTAVEL SEM VALVULA DE EXALACAO, PFF 1","UN    ",1.2]
[10518,"RETARDO PARA CORDEL DETONANTE","UN    ",49.05]
[36530,"RETROESCAVADEIRA SOBRE RODAS COM CARREGADEIRA, TRACAO 4 X 2, POTENCIA LIQUIDA 79 HP, PESO OPERACIONAL MINIMO DE 6570 KG, CAPACIDADE DA CARREGADEIRA DE 1,00 M3 E DA  RETROESCAVADEIRA MINIMA DE 0,20 M3, PROFUNDIDADE DE ESCAVACAO MAXIMA DE 4,37 M","UN    ",{"v":225878.04,"d":"225,878.04"}]
[6046,"RETROESCAVADEIRA SOBRE RODAS COM CARREGADEIRA, TRACAO 4 X 4, POTENCIA LIQUIDA 72 HP, PESO OPERACIONAL MINIMO DE 7140 KG, CAPACIDADE MINIMA DA CARREGADEIRA DE 0,79 M3 E DA RETROESCAVADEIRA MINIMA DE 0,18 M3, PROFUNDIDADE DE ESCAVACAO MAXIMA DE 4,50 M","UN    ",{"v":245000,"d":"245,000.00"}]
[36531,"RETROESCAVADEIRA SOBRE RODAS COM CARREGADEIRA, TRACAO 4 X 4, POTENCIA LIQUIDA 88 HP, PESO OPERACIONAL MINIMO DE 6674 KG, CAPACIDADE DA CARREGADEIRA DE 1,00 M3 E DA  RETROESCAVADEIRA MINIMA DE 0,26 M3, PROFUNDIDADE DE ESCAVACAO MAXIMA DE 4,37 M","UN    ",{"v":253963.39,"d":"253,963.39"}]
[34684,"REVESTIMENTO DE PAREDE EM GRANILITE, MARMORITE OU GRANITINA - ESP = 5 MM (INCLUSO EXECUCAO)","M2    ",165.56]
[34683,"REVESTIMENTO DE PAREDE EM GRANILITE, MARMORITE OU GRANITINA COLORIDO - ESP = 5 MM (INCLUSO EXECUCAO)","M2    ",103.47]
[533,"REVESTIMENTO EM CERAMICA ESMALTADA COMERCIAL, PEI MENOR OU IGUAL A 3, FORMATO MENOR OU IGUAL A 2025 CM2","M2    ",17.26]
[10515,"REVESTIMENTO EM CERAMICA ESMALTADA EXTRA, PEI MAIOR OU IGUAL 4, FORMATO MAIOR A 2025 CM2","M2    ",44.51]
[536,"REVESTIMENTO EM CERAMICA ESMALTADA EXTRA, PEI MENOR OU IGUAL A 3, FORMATO MENOR OU IGUAL A 2025 CM2","M2    ",29.25]
[153,"REVESTIMENTO EPOXI DE ALTA RESISTENCIA QUIMICA, ISENTO DE SOLVENTES, BICOMPONENTE","L     ",91.92]
[34682,"REVESTIMENTO PARA ESCADA EM GRANILITE, MARMORITE OU GRANITINA ESP = 8 MM (INCLUSO EXECUCAO)","M2    ",79.13]
[20205,"RIPA DE MADEIRA APARELHADA *1,5 X 5* CM, MACARANDUBA, ANGELIM OU EQUIVALENTE DA REGIAO","M     ",1.8]
[4412,"RIPA DE MADEIRA NAO APARELHADA *1 X 3* CM, MACARANDUBA, ANGELIM OU EQUIVALENTE DA REGIAO","M     ",1.14]
[4408,"RIPA DE MADEIRA NAO APARELHADA *1,5 X 5* CM, MACARANDUBA, ANGELIM OU EQUIVALENTE DA REGIAO","M     ",1.54]
[4505,"RIPA DE MADEIRA NAO APARELHADA *2 X 7* CM, PINUS, MISTA OU EQUIVALENTE DA REGIAO","M     ",1.65]
[10559,"ROCADEIRA COSTAL COM MOTOR A GASOLINA DE *32* CC","UN    ",{"v":1710.78,"d":"1,710.78"}]
[10664,"ROCADEIRA DESLOCAVEL, LARGURA DE TRABALHO DE 1,3 M","UN    ",{"v":4649.53,"d":"4,649.53"}]
[36250,"RODAFORRO EM PVC, PARA FORRO DE PVC, COMPRIMENTO 6 M","M     ",2.88]
[10857,"RODAPE ARDOSIA, CINZA, 10 CM, E= *1CM","M     ",11.27]
[4803,"RODAPE DE BORRACHA LISO, H = 70 MM, E = *2* MM, PARA ARGAMASSA, PRETO","M     ",22.14]
[6186,"RODAPE DE MADEIRA MACICA CUMARU/IPE CHAMPANHE OU EQUIVALENTE DA REGIAO, *1,5 X 7 CM","M     ",10.01]
[4829,"RODAPE EM MARMORE, POLIDO, BRANCO COMUM, L= *7* CM, E=  *2* CM, CORTE RETO","M     ",34.52]
[39829,"RODAPE EM POLIESTIRENO, BRANCO, H = *5* CM, E = *1,5* CM","M     ",19]
[20231,"RODAPE OU RODABANCADA EM GRANITO, POLIDO, TIPO ANDORINHA/ QUARTZ/ CASTELO/ CORUMBA OU OUTROS EQUIVALENTES DA REGIAO, H= 10 CM, E=  *2,0* CM","M     ",43.16]
[4804,"RODAPE PLANO PARA PISO VINILICO, H = 5 CM","M     ",16.99]
[34680,"RODAPE PRE-MOLDADO DE GRANILITE, MARMORITE OU GRANITINA L = 10 CM","M     ",24.34]
[11573,"RODIZIO PARA TRILHO (TIPO NAPOLEAO),  EM LATAO, COM ROLAMENTO EM ACO, 6 MM, PARA JANELA DE CORRER","UN    ",5.63]
[38401,"RODO PARA CHAO 40 CM COM CABO","UN    ",7.49]
[38179,"ROLDANA CONCOVA DUPLA, EM CHAPA DE ACO, ROLAMENTO INTERNO BLINDADO DE ACO REVESTIDO EM NYLON, PARA PORTA DE CORRER","UN    ",24.68]
[11575,"ROLDANA DUPLA, EM ZAMAC COM CHAPA DE LATAO, ROLAMENTOS EM ACO, PARA PORTA E JANELA DE CORRER","UN    ",26.64]
[20256,"ROLDANA PLASTICA COM PREGO, TAMANHO 30 X 30 MM, PARA INSTALACAO ELETRICA APARENTE","UN    ",0.26]
[14511,"ROLO COMPACTADOR DE PNEUS, ESTATICO, PRESSAO VARIAVEL, POTENCIA 110 HP, PESO SEM/COM LASTRO 10,8/27 T, LARGURA DE ROLAGEM 2,30 M","UN    ",{"v":457725.87,"d":"457,725.87"}]
[10642,"ROLO COMPACTADOR DE PNEUS, ESTATICO, PRESSAO VARIAVEL, POTENCIA 111 HP, PESO SEM/COM LASTRO 9,5/26,0 T, LARGURA DE ROLAGEM 1,90 M","UN    ",{"v":431200,"d":"431,200.00"}]
[14489,"ROLO COMPACTADOR PE DE CARNEIRO VIBRATORIO, POTENCIA 125 HP, PESO OPERACIONAL SEM/COM LASTRO 11,95/13,30 T, IMPACTO DINAMICO 38,5/22,5 T, LARGURA DE TRABALHO 2,15 M","UN    ",{"v":382466.37,"d":"382,466.37"}]
[14513,"ROLO COMPACTADOR PE DE CARNEIRO VIBRATORIO, POTENCIA 80 HP, PESO OPERACIONAL SEM/COM LASTRO 7,4/8,8 T, LARGURA DE TRABALHO 1,68 M","UN    ",{"v":286858.86,"d":"286,858.86"}]
[13600,"ROLO COMPACTADOR VIBRATORIO DE UM CILINDRO LISO DE ACO, POTENCIA 125 HP, PESO SEM/COM LASTRO 10,75/12,92 T, IMPACTO DINAMICO 31,5/18,5 T, LARGURA TRABALHO 2,15 M","UN    ",{"v":370128.71,"d":"370,128.71"}]
[10646,"ROLO COMPACTADOR VIBRATORIO DE UM CILINDRO, ACO LISO, POTENCIA 80 HP, PESO OPERACIONAL MAXIMO 8,1 T, IMPACTO DINAMICO 16,15/9,5 T, LARGURA TRABALHO 1,68 M","UN    ",{"v":275906.29,"d":"275,906.29"}]
[6070,"ROLO COMPACTADOR VIBRATORIO PE DE CARNEIRO, COM CONTROLE REMOTO POR RADIO, POTENCIA  12,5 KW, PESO OPERACIONAL DE 1,675 T, LARGURA DE TRABALHO 0,85 M","UN    ",{"v":376991.99,"d":"376,991.99"}]
[6069,"ROLO COMPACTADOR VIBRATORIO REBOCAVEL, CILINDRO DE ACO LISO, POTENCIA DE TRACAO DE 65 CV, PESO DE 4,7 T, IMPACTO DINAMICO TOTAL DE 18,3 T, LARGURA DO ROLO 1,67 M","UN    ",{"v":83283.21,"d":"83,283.21"}]
[14626,"ROLO COMPACTADOR VIBRATORIO TANDEM, ACO LISO, POTENCIA 125 HP, PESO SEM/COM LASTRO 10,20/11,65 T, LARGURA DE TRABALHO 1,73 M","UN    ",{"v":412720.01,"d":"412,720.01"}]
[6067,"ROLO COMPACTADOR VIBRATORIO TANDEM, ACO LISO, POTENCIA 58 CV, PESO SEM/COM LASTRO 6,5/9,4 T, LARGURA DE TRABALHO 1,20 M","UN    ",{"v":338800,"d":"338,800.00"}]
[38393,"ROLO DE ESPUMA POLIESTER 23 CM (SEM CABO)","UN    ",10.8]
[38390,"ROLO DE LA DE CARNEIRO 23 CM (SEM CABO)","UN    ",23.95]
[36532,"ROMPEDOR ELETRICO PESO 26 KG, POTENCIA OPERACIONAL DE 2,5 KW","UN    ",{"v":15156.26,"d":"15,156.26"}]
[11578,"ROSETA QUADRADA, SEM FUROS, EM ACO INOX POLIDO, LARGURA APROXIMADA DE 50 MM, PARA FECHADURA DE PORTA - PARAFUSOS INCLUIDOS","UN    ",8.55]
[11577,"ROSETA REDONDA DE SOBREPOR, SEM FUROS, EM ACO INOX POLIDO, DIAMETRO APROXIMADO DE 50 MM, PARA FECHADURA DE PORTA - PARAFUSOS INCLUIDOS","UN    ",8.16]
[42461,"ROTACAO DIAGONAL DUPLA, APARELHO TRIPLO, EM TUBO DE ACO CARBONO, PINTURA NO PROCESSO ELETROSTATICO - EQUIPAMENTO DE GINASTICA PARA ACADEMIA AO AR LIVRE / ACADEMIA DA TERCEIRA IDADE - ATI * COLETADO CAIXA *","UN    ",{"v":2203.28,"d":"2,203.28"}]
[42466,"ROTACAO VERTICAL DUPLO, EM TUBO DE ACO CARBONO, PINTURA NO PROCESSO ELETROSTATICO - EQUIPAMENTO DE GINASTICA PARA ACADEMIA AO AR LIVRE / ACADEMIA DA TERCEIRA IDADE - ATI * COLETADO CAIXA *","UN    ",{"v":1221.34,"d":"1,221.34"}]
[1116,"RUFO EXTERNO DE CHAPA DE ACO GALVANIZADA NUM 26, CORTE 25 CM","M     ",13.35]
[1115,"RUFO EXTERNO DE CHAPA DE ACO GALVANIZADA NUM 26, CORTE 28 CM","M     ",16.23]
[1113,"RUFO EXTERNO/INTERNO DE CHAPA DE ACO GALVANIZADA NUM 26, CORTE 33 CM","M     ",17.81]
[1114,"RUFO INTERNO DE CHAPA DE ACO GALVANIZADA NUM 26, CORTE 50 CM","M     ",26.71]
[40872,"RUFO INTERNO/EXTERNO DE CHAPA DE ACO GALVANIZADA NUM 24, CORTE 25 CM (COLETADO CAIXA)","M     ",12.59]
[20214,"RUFO PARA TELHA ESTRUTURAL DE FIBROCIMENTO 1 ABA (SEM AMIANTO)","UN    ",32.85]
[11064,"RUFO PARA TELHA ESTRUTURAL DE FIBROCIMENTO 2 ABAS, COMPRIMENTO DE 1031 MM (SEM AMIANTO)","UN    ",13.93]
[7237,"RUFO PARA TELHA ONDULADA DE FIBROCIMENTO, E = 6 MM, ABA *260* MM, COMPRIMENTO 1100 MM (SEM AMIANTO)","UN    ",19]
[16,"SABAO EM PO","KG    ",4.79]
[11757,"SABONETEIRA DE PAREDE EM METAL CROMADO","UN    ",29.75]
[11758,"SABONETEIRA PLASTICA TIPO DISPENSER PARA SABONETE LIQUIDO COM RESERVATORIO 800 A 1500 ML","UN    ",34.4]
[37526,"SACO DE RAFIA PARA ENTULHO, NOVO, LISO (SEM CLICHE), *60 x 90* CM","UN    ",2.38]
[6076,"SAIBRO PARA ARGAMASSA (COLETADO NO COMERCIO)","M3    ",55]
[13109,"SAPATA DE PVC ADITIVADO NERVURADO D = 6\"","UN    ",173.98]
[13110,"SAPATA DE PVC ADITIVADO NERVURADO D = 8\"","UN    ",228.97]
[7581,"SAPATILHA EM ACO GALVANIZADO PARA CABOS COM DIAMETRO NOMINAL ATE 5/8\"","UN    ",2.5]
[20206,"SARRAFO DE MADEIRA APARELHADA *2 X 10* CM, MACARANDUBA, ANGELIM OU EQUIVALENTE DA REGIAO","M     ",5.34]
[4460,"SARRAFO DE MADEIRA NAO APARELHADA *2,5 X 10 CM, MACARANDUBA, ANGELIM OU EQUIVALENTE DA REGIAO","M     ",6.41]
[6204,"SARRAFO DE MADEIRA NAO APARELHADA *2,5 X 15* CM, MACARANDUBA, ANGELIM OU EQUIVALENTE DA REGIAO","M     ",9.57]
[4417,"SARRAFO DE MADEIRA NAO APARELHADA *2,5 X 7* CM, MACARANDUBA, ANGELIM OU EQUIVALENTE DA REGIAO","M     ",3.68]
[4517,"SARRAFO DE MADEIRA NAO APARELHADA *2,5 X 7,5* CM (1 X 3 \") PINUS, MISTA OU EQUIVALENTE DA REGIAO","M     ",1.33]
[4512,"SARRAFO DE MADEIRA NAO APARELHADA 2,5 X 5 CM (1 X 2 \") PINUS, MISTA OU EQUIVALENTE DA REGIAO","M     ",0.96]
[4415,"SARRAFO DE MADEIRA NAO APARELHADA 2,5 X 5 CM, MACARANDUBA, ANGELIM OU EQUIVALENTE DA REGIAO","M     ",3.09]
[37373,"SEGURO - HORISTA (COLETADO CAIXA)","H     ",0.02]
[40864,"SEGURO - MENSALISTA (COLETADO CAIXA)","MES   ",3.94]
[4734,"SEIXO ROLADO PARA APLICACAO EM CONCRETO (POSTO PEDREIRA/FORNECEDOR, SEM FRETE)","M3    ",56.81]
[6085,"SELADOR ACRILICO PAREDES INTERNAS/EXTERNAS","L     ",5.09]
[38396,"SELADOR HORIZONTAL PARA FITA DE ACO 1 \"","UN    ",386.02]
[6090,"SELADOR PVA PAREDES INTERNAS","L     ",9.67]
[11622,"SELANTE A BASE DE ALCATRAO E POLIURETANO PARA JUNTAS HORIZONTAIS","KG    ",59.46]
[6094,"SELANTE A BASE DE RESINAS ACRILICAS PARA TRINCAS","KG    ",16.35]
[7317,"SELANTE DE BASE ASFALTICA PARA VEDACAO","KG    ",25.16]
[142,"SELANTE ELASTICO MONOCOMPONENTE A BASE DE POLIURETANO PARA JUNTAS DIVERSAS","310ML ",31.21]
[38123,"SELANTE TIPO VEDA CALHA PARA METAL E FIBROCIMENTO","KG    ",57.14]
[37953,"SELIM COMPACTO EM PVC, SEM TRAVAS,  DN 150 X 100 MM, PARA REDE COLETORA ESGOTO (NBR 10569)","UN    ",4.54]
[37954,"SELIM COMPACTO EM PVC, SEM TRAVAS,  DN 200 X 100 MM, PARA REDE COLETORA ESGOTO (NBR 10569)","UN    ",8.07]
[37955,"SELIM COMPACTO EM PVC, SEM TRAVAS,  DN 300 X 100 MM, PARA REDE COLETORA ESGOTO (NBR 10569)","UN    ",10.46]
[6106,"SELIM PVC, COM TRAVAS, JE, 90 GRAUS,  DN 125 X 100 MM OU 150 X 100 MM, PARA REDE COLETORA ESGOTO (NBR 10569)","UN    ",3.42]
[6107,"SELIM PVC, SOLDAVEL, SEM TRAVAS, JE, 90 GRAUS,  DN 200 X 100 MM, PARA REDE COLETORA ESGOTO (NBR 10569)","UN    ",9.9]
[6108,"SELIM PVC, SOLDAVEL, SEM TRAVAS, JE, 90 GRAUS,  DN 250 X 100 MM, PARA REDE COLETORA ESGOTO (NBR 10569)","UN    ",12.64]
[6109,"SELIM PVC, SOLDAVEL, SEM TRAVAS, JE, 90 GRAUS,  DN 300 X 100 MM, PARA REDE COLETORA ESGOTO (NBR 10569)","UN    ",17.95]
[37743,"SEMIRREBOQUE COM DOIS EIXOS EM TANDEM TIPO BASCULANTE COM CACAMBA METALICA 14 M3  (INCLUI MONTAGEM, NAO INCLUI CAVALO MECANICO)","UN    ",{"v":87426.57,"d":"87,426.57"}]
[37744,"SEMIRREBOQUE COM TRES EIXOS EM TANDEM TIPO BASCULANTE COM CACAMBA METALICA 18 M3 (INCLUI MONTAGEM, NAO INCLUI CAVALO MECANICO)","UN    ",{"v":102797.2,"d":"102,797.20"}]
[37741,"SEMIRREBOQUE COM TRES EIXOS, PARA TRANSPORTE DE CARGA SECA, DIMENSOES APROXIMADAS 2,60 X 12,50 X 0,50 M (NAO INCLUI CAVALO MECANICO)","UN    ",{"v":79496.5,"d":"79,496.50"}]
[39396,"SENSOR DE PRESENCA BIVOLT COM FOTOCELULA PARA QUALQUER TIPO DE LAMPADA, POTENCIA MAXIMA *1000* W, USO EXTERNO","UN    ",38.32]
[39392,"SENSOR DE PRESENCA BIVOLT DE PAREDE COM FOTOCELULA PARA QUALQUER TIPO DE LAMPADA POTENCIA MAXIMA *1000* W, USO INTERNO","UN    ",43.22]
[39393,"SENSOR DE PRESENCA BIVOLT DE PAREDE SEM FOTOCELULA PARA QUALQUER TIPO DE LAMPADA POTENCIA MAXIMA *1000* W, USO INTERNO","UN    ",26.73]
[39394,"SENSOR DE PRESENCA BIVOLT DE TETO COM FOTOCELULA PARA QUALQUER TIPO DE LAMPADA POTENCIA MAXIMA *1000* W, USO INTERNO","UN    ",30.08]
[39395,"SENSOR DE PRESENCA BIVOLT DE TETO SEM FOTOCELULA PARA QUALQUER TIPO DE LAMPADA POTENCIA MAXIMA *900* W, USO INTERNO","UN    ",27.98]
[14618,"SERRA CIRCULAR DE BANCADA COM MOTOR ELETRICO, POTENCIA DE *1600* W, PARA DISCO DE DIAMETRO DE 10\" (250 MM)","UN    ",923.22]
[40269,"SERRA CIRCULAR DE BANCADA, MODELO PICA-PAU, DIAMETRO DE 350 MM. CARACTERISTICAS DO MOTOR: TRIFASICO, POTENCIA DE 5 HP, FREQUENCIA DE 60 HZ","UN    ",{"v":3719.6,"d":"3,719.60"}]
[6110,"SERRALHEIRO","H     ",11.84]
[40910,"SERRALHEIRO (MENSALISTA)","MES   ",{"v":2086.21,"d":"2,086.21"}]
[6111,"SERVENTE DE OBRAS","H     ",8.4]
[41084,"SERVENTE DE OBRAS (MENSALISTA)","MES   ",{"v":1481.61,"d":"1,481.61"}]
[25950,"SERVICO DE BOMBEAMENTO DE CONCRETO COM CONSUMO MINIMO DE 40 M3","M3    ",27.52]
[38637,"SIFAO EM METAL CROMADO PARA PIA AMERICANA, 1.1/2 X 1.1/2 \"","UN    ",125.55]
[6150,"SIFAO EM METAL CROMADO PARA PIA AMERICANA, 1.1/2 X 2 \"","UN    ",127.09]
[6136,"SIFAO EM METAL CROMADO PARA PIA OU LAVATORIO, 1 X 1.1/2 \"","UN    ",99.9]
[38638,"SIFAO EM METAL CROMADO PARA TANQUE, 1.1/4 X 1.1/2 \"","UN    ",105.8]
[20262,"SIFAO PLASTICO EXTENSIVEL UNIVERSAL, TIPO COPO","UN    ",11.57]
[6148,"SIFAO PLASTICO FLEXIVEL SAIDA VERTICAL PARA COLUNA LAVATORIO, 1 X 1.1/2 \"","UN    ",6.58]
[6145,"SIFAO PLASTICO TIPO COPO PARA PIA AMERICANA 1.1/2 X 1.1/2 \"","UN    ",11.81]
[6149,"SIFAO PLASTICO TIPO COPO PARA PIA OU LAVATORIO, 1 X 1.1/2 \"","UN    ",11.13]
[6146,"SIFAO PLASTICO TIPO COPO PARA TANQUE, 1.1/4 X 1.1/2 \"","UN    ",11.82]
[26026,"SILICA ATIVA PARA ADICAO EM CONCRETO E ARGAMASSA","KG    ",2.55]
[39961,"SILICONE ACETICO USO GERAL INCOLOR 280 G","UN    ",11.18]
[42462,"SIMULADOR DE CAMINHADA TRIPLO, EM TUBO DE ACO CARBONO, PINTURA NO PROCESSO ELETROSTATICO - EQUIPAMENTO DE GINASTICA PARA ACADEMIA AO AR LIVRE / ACADEMIA DA TERCEIRA IDADE - ATI * COLETADO CAIXA *","UN    ",{"v":4552.63,"d":"4,552.63"}]
[42463,"SIMULADOR DE CAVALGADA TRIPLO, EM TUBO DE ACO CARBONO, PINTURA NO PROCESSO ELETROSTATICO - EQUIPAMENTO DE GINASTICA PARA ACADEMIA AO AR LIVRE / ACADEMIA DA TERCEIRA IDADE - ATI * COLETADO CAIXA *","UN    ",{"v":4474.49,"d":"4,474.49"}]
[42464,"SIMULADOR DE REMO INDIVIDUAL, EM TUBO DE ACO CARBONO, PINTURA NO PROCESSO ELETROSTATICO - EQUIPAMENTO DE GINASTICA PARA ACADEMIA AO AR LIVRE / ACADEMIA DA TERCEIRA IDADE - ATI * COLETADO CAIXA *","UN    ",{"v":1908.11,"d":"1,908.11"}]
[38061,"SINALIZADOR NOTURNO SIMPLES PARA PARA-RAIOS, SEM RELE FOTOELETRICO","UN    ",41.18]
[20250,"SISAL EM FIBRA","KG    ",10.75]
[39965,"SISTEMA DE FORMAS MANUSEAVEIS DE ALUMINIO, PARA BLOCO RESID. COM PAREDES DE CONCRETO MOLDADAS IN LOCO, BLOCO COM 4 PAV. E 4 UNIDADES POR PAV., UNIDADE HABITACIONALCOM 48 M2 E 2 QUARTOS; TELHA DE FIBROCIMENTO (COLETADO CAIXA)","M2    ",{"v":1343.57,"d":"1,343.57"}]
[39964,"SISTEMA DE FORMAS MANUSEAVEIS DE ALUMINIO, PARA EDIFICACAO RESIDENCIAL UNIFAMILIAR COM PAREDES DE CONCRETO MOLDADAS IN LOCO, UNIDADE HABITACIONAL TERREA COM 38 M2, COM SALA, CIRCULACAO, 2 QUARTOS, BANHEIRO, COZINHA E TANQUE EXTERNO (SEM COBERTURA) (COLETADO CAIXA)","M2    ",{"v":1047.44,"d":"1,047.44"}]
[7,"SODA CAUSTICA EM ESCAMAS","KG    ",7.96]
[13388,"SOLDA EM BARRA DE ESTANHO-CHUMBO 50/50","KG    ",74.06]
[39914,"SOLDA EM VARETA FOSCOPER, D = *2,5* MM  X COMPRIMENTO 500 MM","KG    ",121.51]
[12732,"SOLDA ESTANHO/COBRE PARA CONEXOES DE COBRE, FIO 2,5 MM, CARRETEL 500 GR (SEM CHUMBO)","UN    ",140.21]
[6160,"SOLDADOR","H     ",15.38]
[41087,"SOLDADOR (MENSALISTA)","MES   ",{"v":2710.75,"d":"2,710.75"}]
[6166,"SOLDADOR ELETRICO (PARA SOLDA A SER TESTADA COM RAIOS \"X\")","H     ",23.2]
[41088,"SOLDADOR ELETRICO (PARA SOLDA A SER TESTADA COM RAIOS \"X\") (MENSALISTA)","MES   ",{"v":4091.55,"d":"4,091.55"}]
[20232,"SOLEIRA EM GRANITO, POLIDO, TIPO ANDORINHA/ QUARTZ/ CASTELO/ CORUMBA OU OUTROS EQUIVALENTES DA REGIAO, L= *15* CM, E=  *2,0* CM","M     ",61.1]
[10856,"SOLEIRA PRE-MOLDADA EM GRANILITE, MARMORITE OU GRANITINA, L = *15 CM","M     ",66.95]
[4828,"SOLEIRA/ PEITORIL EM MARMORE, POLIDO, BRANCO COMUM, L= *15* CM, E=  *2* CM,  CORTE RETO","M     ",51.53]
[20249,"SOLEIRA/ TABEIRA EM MARMORE, POLIDO, BRANCO COMUM, L= 5 CM, E=  *2,0* CM","M     ",28.21]
[11609,"SOLUCAO ASFALTICA ELASTOMERICA PARA IMPRIMACAO, APLICACAO A FRIO","L     ",10.3]
[20083,"SOLUCAO LIMPADORA PARA PVC, FRASCO COM 1000 CM3","UN    ",41.18]
[20082,"SOLUCAO LIMPADORA PARA PVC, FRASCO COM 200 CM3","UN    ",16.04]
[5318,"SOLVENTE DILUENTE A BASE DE AGUARRAS","L     ",11.9]
[10691,"SOLVENTE PARA COLA (PARA LAMINADO MELAMINICO) A BASE DE RESINA SINTETICA","L     ",31.57]
[12295,"SOQUETE DE BAQUELITE BASE E27, PARA LAMPADAS","UN    ",2.22]
[12296,"SOQUETE DE PORCELANA BASE E27, FIXO DE TETO, PARA LAMPADAS","UN    ",2.87]
[12294,"SOQUETE DE PORCELANA BASE E27, PARA USO AO TEMPO, PARA LAMPADAS","UN    ",6.89]
[14543,"SOQUETE DE PVC / TERMOPLASTICO BASE E27, COM CHAVE, PARA LAMPADAS","UN    ",4.92]
[13329,"SOQUETE DE PVC / TERMOPLASTICO BASE E27, COM RABICHO, PARA LAMPADAS","UN    ",2.89]
[21044,"SPRINKLER TIPO PENDENTE, 68 GRAUS CELSIUS (BULBO VERMELHO), ACABAMENTO CROMADO, 1/2\" - 15 MM","UN    ",24.52]
[21045,"SPRINKLER TIPO PENDENTE, 68 GRAUS CELSIUS (BULBO VERMELHO), ACABAMENTO CROMADO, 3/4\" - 20 MM","UN    ",33.59]
[21040,"SPRINKLER TIPO PENDENTE, 68 GRAUS CELSIUS (BULBO VERMELHO), ACABAMENTO NATURAL, 1/2\" - 15 MM","UN    ",24]
[21041,"SPRINKLER TIPO PENDENTE, 68 GRAUS CELSIUS (BULBO VERMELHO), ACABAMENTO NATURAL, 3/4\" - 20 MM","UN    ",28.97]
[21047,"SPRINKLER TIPO PENDENTE, 79 GRAUS CELSIUS (BULBO AMARELO), ACABAMENTO CROMADO, 3/4\" - 20 MM","UN    ",36.16]
[21043,"SPRINKLER TIPO PENDENTE, 79 GRAUS CELSIUS (BULBO AMARELO), ACABAMENTO NATURAL, 3/4\" - 20 MM","UN    ",35.2]
[21042,"SPRINKLER TIPO PENDENTE, 79 GRAUS CELSIUS (BULBO AMARELO,) ACABAMENTO NATURAL OU CROMADO, 1/2\" - 15 MM","UN    ",27.87]
[11895,"SUMIDOURO CONCRETO PRE MOLDADO, COMPLETO, PARA 10 CONTRIBUINTES","UN    ",654.49]
[11896,"SUMIDOURO CONCRETO PRE MOLDADO, COMPLETO, PARA 100 CONTRIBUINTES","UN    ",{"v":3430.45,"d":"3,430.45"}]
[11897,"SUMIDOURO CONCRETO PRE MOLDADO, COMPLETO, PARA 150 CONTRIBUINTES","UN    ",{"v":4476.14,"d":"4,476.14"}]
[11898,"SUMIDOURO CONCRETO PRE MOLDADO, COMPLETO, PARA 200 CONTRIBUINTES","UN    ",{"v":4701.83,"d":"4,701.83"}]
[3282,"SUMIDOURO CONCRETO PRE MOLDADO, COMPLETO, PARA 5 CONTRIBUINTES","UN    ",475.82]
[11899,"SUMIDOURO CONCRETO PRE MOLDADO, COMPLETO, PARA 50 CONTRIBUINTES","UN    ",{"v":2320.82,"d":"2,320.82"}]
[11900,"SUMIDOURO CONCRETO PRE MOLDADO, COMPLETO, PARA 75 CONTRIBUINTES","UN    ",{"v":3182.2,"d":"3,182.20"}]
[14149,"SUPORTE \"Y\" PARA FITA PERFURADA","CENTO ",182.88]
[38099,"SUPORTE DE FIXACAO PARA ESPELHO / PLACA 4\" X 2\", PARA 3 MODULOS, PARA INSTALACAO DE TOMADAS E INTERRUPTORES (SOMENTE SUPORTE)","UN    ",1.13]
[38100,"SUPORTE DE FIXACAO PARA ESPELHO / PLACA 4\" X 4\", PARA 6 MODULOS, PARA INSTALACAO DE TOMADAS E INTERRUPTORES (SOMENTE SUPORTE)","UN    ",1.85]
[20061,"SUPORTE DE PVC PARA CALHA PLUVIAL, DIAMETRO ENTRE 119 E 170 MM, PARA DRENAGEM PREDIAL","UN    ",3.2]
[7576,"SUPORTE EM ACO GALVANIZADO PARA TRANSFORMADOR PARA POSTE DUPLO T 185 X 95 MM, CHAPA DE 5/16\"","UN    ",102.68]
[3384,"SUPORTE GUIA SIMPLES COM ROLDANA EM POLIPROPILENO PARA CHUMBAR, H = 20 CM","UN    ",3.92]
[7572,"SUPORTE ISOLADOR REFORCADO DIAMETRO NOMINAL 5/16\", COM ROSCA SOBERBA E BUCHA","UN    ",6.58]
[3396,"SUPORTE ISOLADOR SIMPLES DIAMETRO NOMINAL 5/16\", COM ROSCA SOBERBA E BUCHA","UN    ",4.66]
[37590,"SUPORTE MAO-FRANCESA EM ACO, ABAS IGUAIS 30 CM, CAPACIDADE MINIMA 60 KG, BRANCO","UN    ",19.18]
[37591,"SUPORTE MAO-FRANCESA EM ACO, ABAS IGUAIS 40 CM, CAPACIDADE MINIMA 70 KG, BRANCO","UN    ",26.69]
[12626,"SUPORTE METALICO PARA CALHA PLUVIAL,  ZINCADO, DOBRADO, DIAMETRO ENTRE 119 E 170 MM, PARA DRENAGEM PREDIAL","UN    ",15.37]
[11033,"SUPORTE PARA CALHA DE 150 MM EM FERRO GALVANIZADO","UN    ",3.4]
[390,"SUPORTE PARA TUBO DIAMETRO NOMINAL 2\", COM ROSCA MECANICA","UN    ",9.37]
[42465,"SURF DUPLO, EM TUBO DE ACO CARBONO, PINTURA NO PROCESSO ELETROSTATICO - EQUIPAMENTO DE GINASTICA PARA ACADEMIA AO AR LIVRE / ACADEMIA DA TERCEIRA IDADE - ATI * COLETADO CAIXA *","UN    ",{"v":2002.86,"d":"2,002.86"}]
[6178,"TABUA DE  MADEIRA PARA PISO, CUMARU/IPE CHAMPANHE OU EQUIVALENTE DA REGIAO, ENCAIXE MACHO/FEMEA, *10 X 2* CM","M2    ",166.94]
[6180,"TABUA DE  MADEIRA PARA PISO, CUMARU/IPE CHAMPANHE OU EQUIVALENTE DA REGIAO, ENCAIXE MACHO/FEMEA, *15 X 2* CM","M2    ",180.17]
[6182,"TABUA DE  MADEIRA PARA PISO, IPE (CERNE) OU EQUIVALENTE DA REGIAO, ENCAIXE MACHO/FEMEA, *20 X 2* CM","M2    ",223.63]
[3993,"TABUA DE MADEIRA APARELHADA *2,5 X 15* CM, MACARANDUBA, ANGELIM OU EQUIVALENTE DA REGIAO","M2    ",69.24]
[3990,"TABUA DE MADEIRA APARELHADA *2,5 X 25* CM, MACARANDUBA, ANGELIM OU EQUIVALENTE DA REGIAO","M     ",15.3]
[3992,"TABUA DE MADEIRA APARELHADA *2,5 X 30* CM, MACARANDUBA, ANGELIM OU EQUIVALENTE DA REGIAO","M     ",18.78]
[4509,"TABUA DE MADEIRA NAO APARELHADA *2,5 X 10 CM (1 X 4 \") PINUS, MISTA OU EQUIVALENTE DA REGIAO","M     ",2.03]
[6194,"TABUA DE MADEIRA NAO APARELHADA *2,5 X 15 CM (1 X 6 \") PINUS, MISTA OU EQUIVALENTE DA REGIAO","M     ",2.76]
[6193,"TABUA DE MADEIRA NAO APARELHADA *2,5 X 20* CM, CEDRINHO OU EQUIVALENTE DA REGIAO","M     ",7.29]
[10567,"TABUA DE MADEIRA NAO APARELHADA *2,5 X 23* CM (1 x 9 \") PINUS, MISTA OU EQUIVALENTE DA REGIAO","M     ",4.57]
[6188,"TABUA DE MADEIRA NAO APARELHADA *2,5 X 30 CM (1 X 12 \") PINUS, MISTA OU EQUIVALENTE DA REGIAO","M2    ",24.99]
[6212,"TABUA DE MADEIRA NAO APARELHADA *2,5 X 30 CM (1 X 12 \") PINUS, MISTA OU EQUIVALENTE DA REGIAO","M     ",7.5]
[6189,"TABUA DE MADEIRA NAO APARELHADA *2,5 X 30* CM, CEDRINHO OU EQUIVALENTE DA REGIAO","M     ",10.66]
[6214,"TACO DE MADEIRA PARA PISO, IPE (CERNE) OU EQUIVALENTE DA REGIAO, 7 X 42 CM, E = 2 CM","M2    ",104.57]
[36153,"TALABARTE DE SEGURANCA, 2 MOSQUETOES TRAVA DUPLA *53* MM DE ABERTURA, COM ABSORVEDOR DE ENERGIA","UN    ",144.45]
[10740,"TALHA ELETRICA 3 T, VELOCIDADE  2,1 M / MIN, POTENCIA 1,3 KW","UN    ",{"v":11863.76,"d":"11,863.76"}]
[13914,"TALHA MANUAL DE CORRENTE, CAPACIDADE DE 1 T COM ELEVACAO DE 3 M","UN    ",858.39]
[10742,"TALHA MANUAL DE CORRENTE, CAPACIDADE DE 2 T COM ELEVACAO DE 3 M","UN    ",{"v":1251.97,"d":"1,251.97"}]
[38465,"TALHADEIRA COM PUNHO DE PROTECAO *20 X 250* MM","UN    ",23.31]
[7543,"TAMPA CEGA EM PVC PARA CONDULETE 4 X 2\"","UN    ",3.64]
[13255,"TAMPA DE CONCRETO PARA PV OU CAIXA DE INSPECAO, DIMENSOES 600 X 600 X 50 MM","UN    ",39.5]
[39352,"TAMPA PARA CONDULETE, EM PVC, PARA TOMADA HEXAGONAL","UN    ",2.25]
[39346,"TAMPA PARA CONDULETE, EM PVC, PARA 1 INTERRUPTOR","UN    ",2.25]
[39350,"TAMPA PARA CONDULETE, EM PVC, PARA 1 MODULO RJ","UN    ",2.42]
[39351,"TAMPA PARA CONDULETE, EM PVC, PARA 2 MODULOS RJ","UN    ",2.8]
[38952,"TAMPAO / CAP, ROSCA FEMEA, METALICO, PARA TUBO PEX, DN 1/2\"","UN    ",2.62]
[38953,"TAMPAO / CAP, ROSCA FEMEA, METALICO, PARA TUBO PEX, DN 3/4\"","UN    ",4.14]
[38835,"TAMPAO / CAP, ROSCA MACHO, PARA TUBO PEX, DN 1/2\"","UN    ",3.71]
[38837,"TAMPAO / CAP, ROSCA MACHO, PARA TUBO PEX, DN 1\"","UN    ",9.67]
[38836,"TAMPAO / CAP, ROSCA MACHO, PARA TUBO PEX, DN 3/4\"","UN    ",5.35]
[2666,"TAMPAO / TERMINAL / PLUG, D = 1 1/4\" , PARA DUTO CORRUGADO PEAD (CABEAMENTO SUBTERRANEO)","UN    ",4.84]
[2668,"TAMPAO / TERMINAL / PLUG, D = 2\" , PARA DUTO CORRUGADO PEAD (CABEAMENTO SUBTERRANEO)","UN    ",5.53]
[2664,"TAMPAO / TERMINAL / PLUG, D = 3\" , PARA DUTO CORRUGADO PEAD (CABEAMENTO SUBTERRANEO)","UN    ",8.16]
[2662,"TAMPAO / TERMINAL / PLUG, D = 4\" , PARA DUTO CORRUGADO PEAD (CABEAMENTO SUBTERRANEO)","UN    ",10.01]
[20964,"TAMPAO COM CORRENTE, EM LATAO, ENGATE RAPIDO 1 1/2\", PARA INSTALACAO PREDIAL DE COMBATE A INCENDIO","UN    ",62.47]
[10905,"TAMPAO COM CORRENTE, EM LATAO, ENGATE RAPIDO 2 1/2\", PARA INSTALACAO PREDIAL DE COMBATE A INCENDIO","UN    ",83.8]
[6249,"TAMPAO COMPLETO PARA TIL, EM PVC,  DN 100 MM, PARA REDE COLETORA DE ESGOTO","UN    ",22.43]
[6251,"TAMPAO COMPLETO PARA TIL, EM PVC,  DN 150 MM, PARA REDE COLETORA DE ESGOTO","UN    ",34.41]
[6252,"TAMPAO COMPLETO PARA TIL, EM PVC,  DN 200 MM, PARA REDE COLETORA DE ESGOTO","UN    ",43.92]
[6250,"TAMPAO COMPLETO PARA TIL, EM PVC,  DN 250 MM, PARA REDE COLETORA DE ESGOTO","UN    ",54.39]
[11289,"TAMPAO FOFO ARTICULADO P/ REGISTRO, CLASSE A15 CARGA MAX 1,5 T, *200 X 200* MM","UN    ",59.9]
[11241,"TAMPAO FOFO ARTICULADO P/ REGISTRO, CLASSE A15 CARGA MAXIMA 1,5 T, *400 X 400* MM","UN    ",149.76]
[11301,"TAMPAO FOFO ARTICULADO, CLASSE B125 CARGA MAX 12,5 T, REDONDO TAMPA 600 MM, REDE PLUVIAL/ESGOTO","UN    ",379.76]
[21090,"TAMPAO FOFO ARTICULADO, CLASSE D400 CARGA MAX 40 T, REDONDO TAMPA *600 MM, REDE PLUVIAL/ESGOTO","UN    ",465.34]
[14112,"TAMPAO FOFO SIMPLES COM BASE, CLASSE A15 CARGA MAX 1,5 T, *400 X 600* MM, REDE TELEFONE","UN    ",194.16]
[11315,"TAMPAO FOFO SIMPLES COM BASE, CLASSE A15 CARGA MAX 1,5 T, 300 X 300 MM, REDE PLUVIAL/ESGOTO","UN    ",90.93]
[11292,"TAMPAO FOFO SIMPLES COM BASE, CLASSE A15 CARGA MAX 1,5 T, 300 X 400 MM","UN    ",212.88]
[21071,"TAMPAO FOFO SIMPLES COM BASE, CLASSE A15 CARGA MAX 1,5 T, 400 X 400 MM, REDE PLUVIAL/ESGOTO/ELETRICA","UN    ",139.06]
[11293,"TAMPAO FOFO SIMPLES COM BASE, CLASSE A15 CARGA MAX 1,5 T, 400 X 500 MM, COM INSCRICAO INCENDIO","UN    ",235.34]
[11316,"TAMPAO FOFO SIMPLES COM BASE, CLASSE B125 CARGA MAX 12,5 T, REDONDO TAMPA 500 MM, REDE PLUVIAL/ESGOTO","UN    ",299.53]
[6243,"TAMPAO FOFO SIMPLES COM BASE, CLASSE B125 CARGA MAX 12,5 T, REDONDO TAMPA 600 MM, REDE PLUVIAL/ESGOTO","UN    ",345]
[21079,"TAMPAO FOFO SIMPLES COM BASE, CLASSE D400 CARGA MAX 40 T, REDONDO TAMPA 500 MM, REDE PLUVIAL/ESGOTO","UN    ",411.32]
[6240,"TAMPAO FOFO SIMPLES COM BASE, CLASSE D400 CARGA MAX 40 T, REDONDO TAMPA 600 MM, REDE PLUVIAL/ESGOTO","UN    ",456.79]
[11296,"TAMPAO FOFO SIMPLES COM BASE, CLASSE D400 CARGA MAX 40 T, REDONDO TAMPA 900 MM, REDE PLUVIAL/ESGOTO","UN    ",{"v":1455.41,"d":"1,455.41"}]
[11299,"TAMPAO FOFO SIMPLES, CLASSE A15 CARGA MAX 1,5 T, *550 X 1100* MM, REDE TELEFONE","UN    ",492.62]
[11066,"TAMPAO PARA TELHA ESTRUTURAL DE FIBROCIMENTO 1 ABA, DE 370 X 155 X 76 MM (SEM AMIANTO)","UN    ",11.56]
[11065,"TAMPAO PARA TELHA ESTRUTURAL DE FIBROCIMENTO 2 ABAS, DE 787 X 215 X 60 MM (SEM AMIANTO)","UN    ",13.25]
[11688,"TANQUE ACO INOXIDAVEL (ACO 304) COM ESFREGADOR E VALVULA, DE *50 X 40 X 22* CM","UN    ",269]
[37736,"TANQUE DE ACO CARBONO NAO REVESTIDO, PARA TRANSPORTE DE AGUA COM CAPACIDADE DE 10 M3, COM BOMBA CENTRIFUGA POR TOMADA DE FORCA, VAZAO MAXIMA *75* M3/H (INCLUI MONTAGEM, NAO INCLUI CAMINHAO)","UN    ",{"v":41000,"d":"41,000.00"}]
[37739,"TANQUE DE ACO PARA TRANSPORTE DE AGUA COM CAPACIDADE DE 14 M3 (INCLUI MONTAGEM, NAO INCLUI CAMINHAO)","UN    ",{"v":50461.53,"d":"50,461.53"}]
[37740,"TANQUE DE ACO PARA TRANSPORTE DE AGUA COM CAPACIDADE DE 4 M3 (INCLUI MONTAGEM, NAO INCLUI CAMINHAO)","UN    ",{"v":28795.98,"d":"28,795.98"}]
[37738,"TANQUE DE ACO PARA TRANSPORTE DE AGUA COM CAPACIDADE DE 6 M3 (INCLUI MONTAGEM, NAO INCLUI CAMINHAO)","UN    ",{"v":34212.37,"d":"34,212.37"}]
[37737,"TANQUE DE ACO PARA TRANSPORTE DE AGUA COM CAPACIDADE DE 8 M3 (INCLUI MONTAGEM, NAO INCLUI CAMINHAO)","UN    ",{"v":27219.06,"d":"27,219.06"}]
[25014,"TANQUE DE ASFALTO ESTACIONARIO COM MACARICO, CAPACIDADE 20.000 L","UN    ",{"v":57009.19,"d":"57,009.19"}]
[25013,"TANQUE DE ASFALTO ESTACIONARIO COM SERPENTINA, CAPACIDADE 20.000 L","UN    ",{"v":59751.67,"d":"59,751.67"}]
[14405,"TANQUE DE ASFALTO ESTACIONARIO COM SERPENTINA, CAPACIDADE 30.000 L","UN    ",{"v":70138.79,"d":"70,138.79"}]
[6253,"TANQUE DE LAVAR ROUPAS EM CONCRETO PRE-MOLDADO, 1 BOCA, COM APOIO/PES, DE *60 X 65 X 80* CM (L X P X A)","UN    ",66.95]
[36790,"TANQUE DUPLO EM MARMORE SINTETICO COM CUBA LISA E ESFREGADOR, *110 X 60* CM","UN    ",183.68]
[20271,"TANQUE LOUCA BRANCA COM COLUNA *30* L","UN    ",480.28]
[10423,"TANQUE LOUCA BRANCA SUSPENSO *20* L","UN    ",297.88]
[37589,"TANQUE SIMPLES EM MARMORE SINTETICO COM COLUNA, CAPACIDADE *22* L, *60 X 46* CM","UN    ",225.06]
[11690,"TANQUE SIMPLES EM MARMORE SINTETICO DE FIXAR NA PAREDE, CAPACIDADE *22* L, *60 X 46* CM","UN    ",119.56]
[20234,"TANQUE SIMPLES EM MARMORE SINTETICO SUSPENSO, CAPACIDADE *38* L, *60 X 60* CM","UN    ",151.3]
[4763,"TAQUEADOR OU TAQUEIRO","H     ",14.51]
[41070,"TAQUEADOR OU TAQUEIRO (MENSALISTA)","MES   ",{"v":2560.08,"d":"2,560.08"}]
[14583,"TARIFA \"A\" ENTRE  0 E 20M3 FORNECIMENTO D'AGUA","M3    ",10.21]
[11457,"TARJETA TIPO LIVRE / OCUPADO, CROMADA, PARA PORTA DE BANHEIRO","UN    ",22.76]
[21121,"TE CPVC, SOLDAVEL, 90 GRAUS, 15 MM, PARA AGUA QUENTE PREDIAL","UN    ",1.99]
[38010,"TE CPVC, SOLDAVEL, 90 GRAUS, 22 MM, PARA AGUA QUENTE PREDIAL","UN    ",3.26]
[38011,"TE CPVC, SOLDAVEL, 90 GRAUS, 28 MM, PARA AGUA QUENTE PREDIAL","UN    ",6.02]
[38012,"TE CPVC, SOLDAVEL, 90 GRAUS, 35 MM, PARA AGUA QUENTE PREDIAL","UN    ",20.58]
[38013,"TE CPVC, SOLDAVEL, 90 GRAUS, 42 MM, PARA AGUA QUENTE PREDIAL","UN    ",26.71]
[38014,"TE CPVC, SOLDAVEL, 90 GRAUS, 54 MM, PARA AGUA QUENTE PREDIAL","UN    ",43.47]
[38015,"TE CPVC, SOLDAVEL, 90 GRAUS, 73 MM, PARA AGUA QUENTE PREDIAL","UN    ",104.98]
[38016,"TE CPVC, SOLDAVEL, 90 GRAUS, 89 MM, PARA AGUA QUENTE PREDIAL","UN    ",127.73]
[12741,"TE DE COBRE (REF 611) SEM ANEL DE SOLDA, BOLSA X BOLSA X BOLSA, 104 MM","UN    ",673.26]
[12733,"TE DE COBRE (REF 611) SEM ANEL DE SOLDA, BOLSA X BOLSA X BOLSA, 15 MM","UN    ",3.38]
[12734,"TE DE COBRE (REF 611) SEM ANEL DE SOLDA, BOLSA X BOLSA X BOLSA, 22 MM","UN    ",7.22]
[12735,"TE DE COBRE (REF 611) SEM ANEL DE SOLDA, BOLSA X BOLSA X BOLSA, 28 MM","UN    ",11.87]
[12736,"TE DE COBRE (REF 611) SEM ANEL DE SOLDA, BOLSA X BOLSA X BOLSA, 35 MM","UN    ",27.15]
[12737,"TE DE COBRE (REF 611) SEM ANEL DE SOLDA, BOLSA X BOLSA X BOLSA, 42 MM","UN    ",34.98]
[12738,"TE DE COBRE (REF 611) SEM ANEL DE SOLDA, BOLSA X BOLSA X BOLSA, 54 MM","UN    ",69.14]
[12739,"TE DE COBRE (REF 611) SEM ANEL DE SOLDA, BOLSA X BOLSA X BOLSA, 66 MM","UN    ",196.81]
[12740,"TE DE COBRE (REF 611) SEM ANEL DE SOLDA, BOLSA X BOLSA X BOLSA, 79 MM","UN    ",307.92]
[6297,"TE DE FERRO GALVANIZADO, DE 1 1/2\"","UN    ",20.55]
[6296,"TE DE FERRO GALVANIZADO, DE 1 1/4\"","UN    ",16.22]
[6294,"TE DE FERRO GALVANIZADO, DE 1/2\"","UN    ",4.62]
[6323,"TE DE FERRO GALVANIZADO, DE 1\"","UN    ",10.6]
[6299,"TE DE FERRO GALVANIZADO, DE 2 1/2\"","UN    ",61.81]
[6298,"TE DE FERRO GALVANIZADO, DE 2\"","UN    ",32.55]
[6295,"TE DE FERRO GALVANIZADO, DE 3/4\"","UN    ",6.58]
[6322,"TE DE FERRO GALVANIZADO, DE 3\"","UN    ",82.78]
[6300,"TE DE FERRO GALVANIZADO, DE 4\"","UN    ",152.63]
[6321,"TE DE FERRO GALVANIZADO, DE 5\"","UN    ",218.02]
[6301,"TE DE FERRO GALVANIZADO, DE 6\"","UN    ",511.02]
[7105,"TE DE INSPECAO, PVC,  100 X 75 MM, SERIE NORMAL PARA ESGOTO PREDIAL","UN    ",24.18]
[20183,"TE DE INSPECAO, PVC, SERIE R, 100 X 75 MM, PARA ESGOTO PREDIAL","UN    ",33.32]
[38448,"TE DE INSPECAO, PVC, SERIE R, 150 X 100 MM, PARA ESGOTO PREDIAL","UN    ",176.83]
[20182,"TE DE INSPECAO, PVC, SERIE R, 75 X 75 MM, PARA ESGOTO PREDIAL","UN    ",24.57]
[7119,"TE DE REDUCAO COM ROSCA, PVC, 90 GRAUS, 1 X 3/4\", PARA AGUA FRIA PREDIAL","UN    ",5.33]
[7120,"TE DE REDUCAO COM ROSCA, PVC, 90 GRAUS, 3/4 X 1/2\", PARA AGUA FRIA PREDIAL","UN    ",3.16]
[6319,"TE DE REDUCAO DE FERRO GALVANIZADO, COM ROSCA BSP, DE 1 1/2\" X 1\"","UN    ",24.14]
[6304,"TE DE REDUCAO DE FERRO GALVANIZADO, COM ROSCA BSP, DE 1 1/2\" X 3/4\"","UN    ",24.14]
[21116,"TE DE REDUCAO DE FERRO GALVANIZADO, COM ROSCA BSP, DE 1 1/4\" X 3/4\"","UN    ",18.28]
[6320,"TE DE REDUCAO DE FERRO GALVANIZADO, COM ROSCA BSP, DE 1\" X 1/2\"","UN    ",12.43]
[6303,"TE DE REDUCAO DE FERRO GALVANIZADO, COM ROSCA BSP, DE 1\" X 3/4\"","UN    ",12.43]
[6308,"TE DE REDUCAO DE FERRO GALVANIZADO, COM ROSCA BSP, DE 2 1/2\" X 1 1/2\"","UN    ",66.81]
[6317,"TE DE REDUCAO DE FERRO GALVANIZADO, COM ROSCA BSP, DE 2 1/2\" X 1 1/4\"","UN    ",66.81]
[6307,"TE DE REDUCAO DE FERRO GALVANIZADO, COM ROSCA BSP, DE 2 1/2\" X 1\"","UN    ",66.81]
[6309,"TE DE REDUCAO DE FERRO GALVANIZADO, COM ROSCA BSP, DE 2 1/2\" X 2\"","UN    ",68.75]
[6318,"TE DE REDUCAO DE FERRO GALVANIZADO, COM ROSCA BSP, DE 2\" X 1 1/2\"","UN    ",36.04]
[6306,"TE DE REDUCAO DE FERRO GALVANIZADO, COM ROSCA BSP, DE 2\" X 1 1/4\"","UN    ",36.04]
[6305,"TE DE REDUCAO DE FERRO GALVANIZADO, COM ROSCA BSP, DE 2\" X 1\"","UN    ",36.04]
[6302,"TE DE REDUCAO DE FERRO GALVANIZADO, COM ROSCA BSP, DE 3/4\" X 1/2\"","UN    ",7.64]
[6312,"TE DE REDUCAO DE FERRO GALVANIZADO, COM ROSCA BSP, DE 3\" X 1 1/2\"","UN    ",96.1]
[6311,"TE DE REDUCAO DE FERRO GALVANIZADO, COM ROSCA BSP, DE 3\" X 1 1/4\"","UN    ",96.1]
[6310,"TE DE REDUCAO DE FERRO GALVANIZADO, COM ROSCA BSP, DE 3\" X 1\"","UN    ",96.1]
[6314,"TE DE REDUCAO DE FERRO GALVANIZADO, COM ROSCA BSP, DE 3\" X 2 1/2\"","UN    ",96.1]
[6313,"TE DE REDUCAO DE FERRO GALVANIZADO, COM ROSCA BSP, DE 3\" X 2\"","UN    ",96.1]
[6315,"TE DE REDUCAO DE FERRO GALVANIZADO, COM ROSCA BSP, DE 4\" X 2\"","UN    ",181.95]
[6316,"TE DE REDUCAO DE FERRO GALVANIZADO, COM ROSCA BSP, DE 4\" X 3\"","UN    ",181.95]
[38878,"TE DE REDUCAO METALICO, PARA CONEXAO COM ANEL DESLIZANTE EM TUBO PEX, DN 16 X 20 X 16 MM","UN    ",13.6]
[38879,"TE DE REDUCAO METALICO, PARA CONEXAO COM ANEL DESLIZANTE EM TUBO PEX, DN 16 X 25 X 16 MM","UN    ",25.49]
[38881,"TE DE REDUCAO METALICO, PARA CONEXAO COM ANEL DESLIZANTE EM TUBO PEX, DN 20 X 16 X 16 MM","UN    ",13.34]
[38880,"TE DE REDUCAO METALICO, PARA CONEXAO COM ANEL DESLIZANTE EM TUBO PEX, DN 20 X 16 X 20 MM","UN    ",13.98]
[38882,"TE DE REDUCAO METALICO, PARA CONEXAO COM ANEL DESLIZANTE EM TUBO PEX, DN 20 X 20 X 16 MM","UN    ",14.48]
[38883,"TE DE REDUCAO METALICO, PARA CONEXAO COM ANEL DESLIZANTE EM TUBO PEX, DN 20 X 25 X 20 MM","UN    ",21.41]
[38884,"TE DE REDUCAO METALICO, PARA CONEXAO COM ANEL DESLIZANTE EM TUBO PEX, DN 25 X 16 X 16 MM","UN    ",23.24]
[38885,"TE DE REDUCAO METALICO, PARA CONEXAO COM ANEL DESLIZANTE EM TUBO PEX, DN 25 X 16 X 20 MM","UN    ",22.48]
[38886,"TE DE REDUCAO METALICO, PARA CONEXAO COM ANEL DESLIZANTE EM TUBO PEX, DN 25 X 16 X 25 MM","UN    ",24.27]
[38887,"TE DE REDUCAO METALICO, PARA CONEXAO COM ANEL DESLIZANTE EM TUBO PEX, DN 25 X 20 X 20 MM","UN    ",21.8]
[38888,"TE DE REDUCAO METALICO, PARA CONEXAO COM ANEL DESLIZANTE EM TUBO PEX, DN 25 X 20 X 25 MM","UN    ",25.91]
[38890,"TE DE REDUCAO METALICO, PARA CONEXAO COM ANEL DESLIZANTE EM TUBO PEX, DN 25 X 32 X 25 MM","UN    ",38.51]
[38893,"TE DE REDUCAO METALICO, PARA CONEXAO COM ANEL DESLIZANTE EM TUBO PEX, DN 32 X 20 X 32 MM","UN    ",30.97]
[38894,"TE DE REDUCAO METALICO, PARA CONEXAO COM ANEL DESLIZANTE EM TUBO PEX, DN 32 X 25 X 25 MM","UN    ",39.34]
[38896,"TE DE REDUCAO METALICO, PARA CONEXAO COM ANEL DESLIZANTE EM TUBO PEX, DN 32 X 25 X 32 MM","UN    ",40.11]
[39324,"TE DE REDUCAO, CPVC, 22 X 15 MM, PARA AGUA QUENTE PREDIAL","UN    ",4.42]
[39325,"TE DE REDUCAO, CPVC, 28 X 22 MM, PARA AGUA QUENTE PREDIAL","UN    ",6.69]
[39326,"TE DE REDUCAO, CPVC, 35 X 28 MM, PARA AGUA QUENTE PREDIAL","UN    ",17.24]
[39327,"TE DE REDUCAO, CPVC, 42 X 35 MM, PARA AGUA QUENTE PREDIAL","UN    ",26.12]
[20176,"TE DE REDUCAO, PVC LEVE, CURTO, 90 GRAUS, COM BOLSA PARA ANEL, 150 X 100 MM, PARA ESGOTO","UN    ",49.04]
[11378,"TE DE REDUCAO, PVC PBA, BBB, JE, DN 100 X 50 / DE 110 X 60 MM, PARA REDE AGUA (NBR 10351)","UN    ",68.44]
[11379,"TE DE REDUCAO, PVC PBA, BBB, JE, DN 100 X 75 / DE 110 X 85 MM, PARA REDE AGUA (NBR 10351)","UN    ",74.75]
[11493,"TE DE REDUCAO, PVC PBA, BBB, JE, DN 75 X 50 / DE 85 X 60 MM, PARA REDE AGUA (NBR 10351)","UN    ",37.83]
[41896,"TE DE REDUCAO, PVC, BBB, JE, 90 GRAUS, DN 200 X 150 MM, PARA REDE COLETORA ESGOTO  (NBR 10569)","UN    ",207.72]
[7068,"TE DE REDUCAO, PVC, BBB, JE, 90 GRAUS, DN 250 X 150 MM, PARA REDE COLETORA ESGOTO (NBR 10569)","UN    ",367.19]
[7106,"TE DE REDUCAO, PVC, SOLDAVEL, 90 GRAUS, 110 MM X 60 MM, PARA AGUA FRIA PREDIAL","UN    ",72.21]
[7104,"TE DE REDUCAO, PVC, SOLDAVEL, 90 GRAUS, 25 MM X 20 MM, PARA AGUA FRIA PREDIAL","UN    ",1.98]
[7136,"TE DE REDUCAO, PVC, SOLDAVEL, 90 GRAUS, 32 MM X 25 MM, PARA AGUA FRIA PREDIAL","UN    ",3.86]
[7128,"TE DE REDUCAO, PVC, SOLDAVEL, 90 GRAUS, 40 MM X 32 MM, PARA AGUA FRIA PREDIAL","UN    ",5.27]
[7108,"TE DE REDUCAO, PVC, SOLDAVEL, 90 GRAUS, 50 MM X 20 MM, PARA AGUA FRIA PREDIAL","UN    ",5.83]
[7129,"TE DE REDUCAO, PVC, SOLDAVEL, 90 GRAUS, 50 MM X 25 MM, PARA AGUA FRIA PREDIAL","UN    ",5.86]
[7130,"TE DE REDUCAO, PVC, SOLDAVEL, 90 GRAUS, 50 MM X 32 MM, PARA AGUA FRIA PREDIAL","UN    ",7.94]
[7131,"TE DE REDUCAO, PVC, SOLDAVEL, 90 GRAUS, 50 MM X 40 MM, PARA AGUA FRIA PREDIAL","UN    ",9.13]
[7132,"TE DE REDUCAO, PVC, SOLDAVEL, 90 GRAUS, 75 MM X 50 MM, PARA AGUA FRIA PREDIAL","UN    ",27.21]
[7133,"TE DE REDUCAO, PVC, SOLDAVEL, 90 GRAUS, 85 MM X 60 MM, PARA AGUA FRIA PREDIAL","UN    ",43.18]
[37420,"TE DE SERVICO INTEGRADO, EM POLIPROPILENO (PP), PARA TUBOS EM PEAD/PVC, 60 X 20 MM - LIGACAO PREDIAL DE AGUA","UN    ",28.81]
[37421,"TE DE SERVICO INTEGRADO, EM POLIPROPILENO (PP), PARA TUBOS EM PEAD/PVC, 60 X 32 MM - LIGACAO PREDIAL DE AGUA","UN    ",39.37]
[37422,"TE DE SERVICO INTEGRADO, EM POLIPROPILENO (PP), PARA TUBOS EM PEAD, 63 X 20 MM - LIGACAO PREDIAL DE AGUA","UN    ",36.85]
[37443,"TE DE SERVICO, PEAD PE 100, DE 125 X 20 MM, PARA ELETROFUSAO","UN    ",132.51]
[37444,"TE DE SERVICO, PEAD PE 100, DE 125 X 32 MM, PARA ELETROFUSAO","UN    ",134.76]
[37445,"TE DE SERVICO, PEAD PE 100, DE 125 X 63 MM, PARA ELETROFUSAO","UN    ",204.26]
[37446,"TE DE SERVICO, PEAD PE 100, DE 200 X 20 MM, PARA ELETROFUSAO","UN    ",222.67]
[37447,"TE DE SERVICO, PEAD PE 100, DE 200 X 32 MM, PARA ELETROFUSAO","UN    ",226.16]
[37448,"TE DE SERVICO, PEAD PE 100, DE 200 X 63 MM, PARA ELETROFUSAO","UN    ",310.21]
[37440,"TE DE SERVICO, PEAD PE 100, DE 63 X 20 MM, PARA ELETROFUSAO","UN    ",105.18]
[37441,"TE DE SERVICO, PEAD PE 100, DE 63 X 32 MM, PARA ELETROFUSAO","UN    ",105.18]
[37442,"TE DE SERVICO, PEAD PE 100, DE 63 X 63 MM, PARA ELETROFUSAO","UN    ",126.68]
[38017,"TE DE TRANSICAO, CPVC, SOLDAVEL, 15 MM X 1/2\", PARA AGUA QUENTE","UN    ",6.29]
[38018,"TE DE TRANSICAO, CPVC, SOLDAVEL, 22 MM X 1/2\", PARA AGUA QUENTE","UN    ",6.94]
[39895,"TE DUPLA CURVA BRONZE/LATAO (REF 764) SEM ANEL DE SOLDA, ROSCA F X BOLSA X ROSCA F, 1/2\" X 15 X 1/2\"","UN    ",24.45]
[39896,"TE DUPLA CURVA BRONZE/LATAO (REF 764) SEM ANEL DE SOLDA, ROSCA F X BOLSA X ROSCA F, 3/4\" X 22 X 3/4\"","UN    ",35.84]
[38873,"TE METALICO, PARA CONEXAO COM ANEL DESLIZANTE EM TUBO PEX, DN 16 MM","UN    ",12.06]
[38874,"TE METALICO, PARA CONEXAO COM ANEL DESLIZANTE EM TUBO PEX, DN 20 MM","UN    ",14.67]
[38875,"TE METALICO, PARA CONEXAO COM ANEL DESLIZANTE EM TUBO PEX, DN 25 MM","UN    ",25.92]
[38876,"TE METALICO, PARA CONEXAO COM ANEL DESLIZANTE EM TUBO PEX, DN 32 MM","UN    ",34.88]
[39000,"TE MISTURADOR COM INSERTO METALICO, FEMEA, PPR, DN 25 MM X 3/4\", PARA AGUA QUENTE E FRIA PREDIAL","UN    ",20.52]
[38674,"TE MISTURADOR DE TRANSICAO, CPVC, COM ROSCA, 22 MM X 3/4\", PARA AGUA QUENTE","UN    ",21.88]
[38911,"TE MISTURADOR METALICO, PARA CONEXAO COM ANEL DESLIZANTE EM TUBO PEX, DN 16 MM X 1/2\"","UN    ",43.25]
[38912,"TE MISTURADOR METALICO, PARA CONEXAO COM ANEL DESLIZANTE EM TUBO PEX, DN 20 MM X 3/4\"","UN    ",54.97]
[38019,"TE MISTURADOR, CPVC, SOLDAVEL, 15 MM, PARA AGUA QUENTE","UN    ",5.48]
[38020,"TE MISTURADOR, CPVC, SOLDAVEL, 22 MM, PARA AGUA QUENTE","UN    ",6.94]
[38454,"TE MISTURADOR, PPR, F M M, DN 20 X 20 MM, PARA AGUA QUENTE PREDIAL","UN    ",3.74]
[38455,"TE MISTURADOR, PPR, F M M, DN 25 X 25 MM, PARA AGUA QUENTE PREDIAL","UN    ",3.42]
[38462,"TE NORMAL, PPR, SOLDAVEL, 90 GRAUS, DN 110 X 110 X 110 MM, PARA AGUA QUENTE PREDIAL","UN    ",96.76]
[36362,"TE NORMAL, PPR, SOLDAVEL, 90 GRAUS, DN 20 X 20 X 20 MM, PARA AGUA QUENTE PREDIAL","UN    ",1.47]
[36298,"TE NORMAL, PPR, SOLDAVEL, 90 GRAUS, DN 25 X 25 X 25 MM, PARA AGUA QUENTE PREDIAL","UN    ",2.18]
[38456,"TE NORMAL, PPR, SOLDAVEL, 90 GRAUS, DN 32 X 32 X 32 MM, PARA AGUA QUENTE PREDIAL","UN    ",3.56]
[38457,"TE NORMAL, PPR, SOLDAVEL, 90 GRAUS, DN 40 X 40 X 40 MM, PARA AGUA QUENTE PREDIAL","UN    ",8.02]
[38458,"TE NORMAL, PPR, SOLDAVEL, 90 GRAUS, DN 50 X 50 X 50 MM, PARA AGUA QUENTE PREDIAL","UN    ",10.75]
[38459,"TE NORMAL, PPR, SOLDAVEL, 90 GRAUS, DN 63 X 63 X 63 MM, PARA AGUA QUENTE PREDIAL","UN    ",18.97]
[38460,"TE NORMAL, PPR, SOLDAVEL, 90 GRAUS, DN 75 X 75 X 75 MM, PARA AGUA QUENTE PREDIAL","UN    ",39.63]
[38461,"TE NORMAL, PPR, SOLDAVEL, 90 GRAUS, DN 90 X 90 X 90 MM, PARA AGUA QUENTE PREDIAL","UN    ",60.46]
[7094,"TE PVC ROSCAVEL 90 GRAUS, 1\", PARA  AGUA FRIA PREDIAL","UN    ",5.51]
[7116,"TE PVC SOLDAVEL, BBB, 90 GRAUS, DN 40 MM, PARA ESGOTO SECUNDARIO PREDIAL","UN    ",1.79]
[7118,"TE PVC, ROSCAVEL, 90 GRAUS, 1 1/2\", AGUA FRIA PREDIAL","UN    ",15.08]
[7117,"TE PVC, ROSCAVEL, 90 GRAUS, 1 1/4\", AGUA FRIA PREDIAL","UN    ",11.47]
[7098,"TE PVC, ROSCAVEL, 90 GRAUS, 1/2\",  AGUA FRIA PREDIAL","UN    ",1.9]
[7110,"TE PVC, ROSCAVEL, 90 GRAUS, 2\",  AGUA FRIA PREDIAL","UN    ",27.24]
[7123,"TE PVC, ROSCAVEL, 90 GRAUS, 3/4\", AGUA FRIA PREDIAL","UN    ",2.51]
[7121,"TE PVC, SOLDAVEL, COM BUCHA DE LATAO NA BOLSA CENTRAL, 90 GRAUS, 20 MM X 1/2\", PARA AGUA FRIA PREDIAL","UN    ",5.75]
[7137,"TE PVC, SOLDAVEL, COM BUCHA DE LATAO NA BOLSA CENTRAL, 90 GRAUS, 25 MM X 1/2\", PARA AGUA FRIA PREDIAL","UN    ",6.29]
[7122,"TE PVC, SOLDAVEL, COM BUCHA DE LATAO NA BOLSA CENTRAL, 90 GRAUS, 25 MM X 3/4\", PARA AGUA FRIA PREDIAL","UN    ",6.48]
[7114,"TE PVC, SOLDAVEL, COM BUCHA DE LATAO NA BOLSA CENTRAL, 90 GRAUS, 32 MM X 3/4\", PARA AGUA FRIA PREDIAL","UN    ",10.82]
[7109,"TE PVC, SOLDAVEL, COM ROSCA NA BOLSA CENTRAL, 90 GRAUS, 20 MM X 1/2\", PARA AGUA FRIA PREDIAL","UN    ",1.54]
[7135,"TE PVC, SOLDAVEL, COM ROSCA NA BOLSA CENTRAL, 90 GRAUS, 25 MM X 1/2\", PARA AGUA FRIA PREDIAL","UN    ",2.44]
[37947,"TE PVC, SOLDAVEL, COM ROSCA NA BOLSA CENTRAL, 90 GRAUS, 25 MM X 3/4\", PARA AGUA FRIA PREDIAL","UN    ",2.37]
[7103,"TE PVC, SOLDAVEL, COM ROSCA NA BOLSA CENTRAL, 90 GRAUS, 32 MM X 3/4\", PARA AGUA FRIA PREDIAL","UN    ",10.82]
[40419,"TE RANHURADO EM FERRO FUNDIDO, DN 50 (2\")","UN    ",23.35]
[40420,"TE RANHURADO EM FERRO FUNDIDO, DN 65 (2 1/2\")","UN    ",34.06]
[40421,"TE RANHURADO EM FERRO FUNDIDO, DN 80 (3\")","UN    ",36.26]
[7126,"TE REDUCAO PVC, ROSCAVEL, 90 GRAUS,  1.1/2\" X 3/4\",  AGUA FRIA PREDIAL","UN    ",12.06]
[38905,"TE ROSCA FEMEA, METALICO, PARA CONEXAO COM ANEL DESLIZANTE EM TUBO PEX, DN 16 MM X 1/2\"","UN    ",13.55]
[38907,"TE ROSCA FEMEA, METALICO, PARA CONEXAO COM ANEL DESLIZANTE EM TUBO PEX, DN 20 MM X 1/2\"","UN    ",14.42]
[38908,"TE ROSCA FEMEA, METALICO, PARA CONEXAO COM ANEL DESLIZANTE EM TUBO PEX, DN 20 MM X 3/4\"","UN    ",16.23]
[38909,"TE ROSCA FEMEA, METALICO, PARA CONEXAO COM ANEL DESLIZANTE EM TUBO PEX, DN 25 MM X 1/2\"","UN    ",23.33]
[38910,"TE ROSCA FEMEA, METALICO, PARA CONEXAO COM ANEL DESLIZANTE EM TUBO PEX, DN 25 MM X 3/4\"","UN    ",25.2]
[38897,"TE ROSCA MACHO, METALICO, PARA CONEXAO COM ANEL DESLIZANTE EM TUBO PEX, DN 16 MM X 1/2\"","UN    ",13.61]
[38899,"TE ROSCA MACHO, METALICO, PARA CONEXAO COM ANEL DESLIZANTE EM TUBO PEX, DN 20 MM X 1/2\"","UN    ",15.31]
[38900,"TE ROSCA MACHO, METALICO, PARA CONEXAO COM ANEL DESLIZANTE EM TUBO PEX, DN 20 MM X 3/4\"","UN    ",15.96]
[38901,"TE ROSCA MACHO, METALICO, PARA CONEXAO COM ANEL DESLIZANTE EM TUBO PEX, DN 25 MM X 3/4\"","UN    ",26.11]
[38904,"TE ROSCA MACHO, METALICO, PARA CONEXAO COM ANEL DESLIZANTE EM TUBO PEX, DN 32 MM X 1\"","UN    ",42.42]
[38903,"TE ROSCA MACHO, METALICO, PARA CONEXAO COM ANEL DESLIZANTE EM TUBO PEX, DN 32 MM X 3/4\"","UN    ",42.15]
[7091,"TE SANITARIO, PVC, DN 100 X 100 MM, SERIE NORMAL, PARA ESGOTO PREDIAL","UN    ",9.75]
[11655,"TE SANITARIO, PVC, DN 100 X 50 MM, SERIE NORMAL, PARA ESGOTO PREDIAL","UN    ",8.72]
[11656,"TE SANITARIO, PVC, DN 100 X 75 MM, SERIE NORMAL PARA ESGOTO PREDIAL","UN    ",8.98]
[37948,"TE SANITARIO, PVC, DN 40 X 40 MM, SERIE NORMAL, PARA ESGOTO PREDIAL","UN    ",1.94]
[7097,"TE SANITARIO, PVC, DN 50 X 50 MM, SERIE NORMAL, PARA ESGOTO PREDIAL","UN    ",4.33]
[11657,"TE SANITARIO, PVC, DN 75 X 50 MM, SERIE NORMAL PARA ESGOTO PREDIAL","UN    ",7.58]
[11658,"TE SANITARIO, PVC, DN 75 X 75 MM, SERIE NORMAL PARA ESGOTO PREDIAL","UN    ",8.56]
[7146,"TE SOLDAVEL, PVC, 90 GRAUS, 110 MM, PARA AGUA FRIA PREDIAL (NBR 5648)","UN    ",97.79]
[7138,"TE SOLDAVEL, PVC, 90 GRAUS, 20 MM, PARA AGUA FRIA PREDIAL (NBR 5648)","UN    ",0.6]
[7139,"TE SOLDAVEL, PVC, 90 GRAUS, 25 MM, PARA AGUA FRIA PREDIAL (NBR 5648)","UN    ",0.83]
[7140,"TE SOLDAVEL, PVC, 90 GRAUS, 32 MM, PARA AGUA FRIA PREDIAL (NBR 5648)","UN    ",2.08]
[7141,"TE SOLDAVEL, PVC, 90 GRAUS, 40 MM, PARA AGUA FRIA PREDIAL (NBR 5648)","UN    ",5.36]
[7143,"TE SOLDAVEL, PVC, 90 GRAUS, 60 MM, PARA AGUA FRIA PREDIAL (NBR 5648)","UN    ",17.39]
[7144,"TE SOLDAVEL, PVC, 90 GRAUS, 75 MM, PARA AGUA FRIA PREDIAL (NBR 5648)","UN    ",33.33]
[7145,"TE SOLDAVEL, PVC, 90 GRAUS, 85 MM, PARA AGUA FRIA PREDIAL (NBR 5648)","UN    ",52.28]
[7142,"TE SOLDAVEL, PVC, 90 GRAUS,50 MM, PARA AGUA FRIA PREDIAL (NBR 5648)","UN    ",6.06]
[3593,"TE 45 GRAUS DE FERRO GALVANIZADO, COM ROSCA BSP, DE 1 1/2\"","UN    ",44.6]
[3588,"TE 45 GRAUS DE FERRO GALVANIZADO, COM ROSCA BSP, DE 1 1/4\"","UN    ",34.38]
[3585,"TE 45 GRAUS DE FERRO GALVANIZADO, COM ROSCA BSP, DE 1/2\"","UN    ",10.62]
[3587,"TE 45 GRAUS DE FERRO GALVANIZADO, COM ROSCA BSP, DE 1\"","UN    ",21.33]
[3590,"TE 45 GRAUS DE FERRO GALVANIZADO, COM ROSCA BSP, DE 2 1/2\"","UN    ",126.64]
[3589,"TE 45 GRAUS DE FERRO GALVANIZADO, COM ROSCA BSP, DE 2\"","UN    ",67.97]
[3586,"TE 45 GRAUS DE FERRO GALVANIZADO, COM ROSCA BSP, DE 3/4\"","UN    ",13.91]
[3592,"TE 45 GRAUS DE FERRO GALVANIZADO, COM ROSCA BSP, DE 3\"","UN    ",200.18]
[3591,"TE 45 GRAUS DE FERRO GALVANIZADO, COM ROSCA BSP, DE 4\"","UN    ",320.9]
[40396,"TE 90 GRAUS EM ACO CARBONO, SOLDAVEL, PRESSAO 3.000 LBS, DN 1 1/2\"","UN    ",59.49]
[40395,"TE 90 GRAUS EM ACO CARBONO, SOLDAVEL, PRESSAO 3.000 LBS, DN 1 1/4\"","UN    ",45.66]
[40392,"TE 90 GRAUS EM ACO CARBONO, SOLDAVEL, PRESSAO 3.000 LBS, DN 1/2\"","UN    ",14.69]
[40394,"TE 90 GRAUS EM ACO CARBONO, SOLDAVEL, PRESSAO 3.000 LBS, DN 1\"","UN    ",29.72]
[40398,"TE 90 GRAUS EM ACO CARBONO, SOLDAVEL, PRESSAO 3.000 LBS, DN 2 1/2\"","UN    ",190.88]
[40397,"TE 90 GRAUS EM ACO CARBONO, SOLDAVEL, PRESSAO 3.000 LBS, DN 2\"","UN    ",97.75]
[40393,"TE 90 GRAUS EM ACO CARBONO, SOLDAVEL, PRESSAO 3.000 LBS, DN 3/4\"","UN    ",18.92]
[40399,"TE 90 GRAUS EM ACO CARBONO, SOLDAVEL, PRESSAO 3.000 LBS, DN 3\"","UN    ",312.28]
[39322,"TE, PLASTICO, DN 16 MM, PARA CONEXAO COM CRIMPAGEM EM TUBO PEX","UN    ",16.44]
[39289,"TE, PLASTICO, DN 20 MM, PARA CONEXAO COM CRIMPAGEM EM TUBO PEX","UN    ",19.7]
[39290,"TE, PLASTICO, DN 25 MM, PARA CONEXAO COM CRIMPAGEM EM TUBO PEX","UN    ",33.43]
[39291,"TE, PLASTICO, DN 32 MM, PARA CONEXAO COM CRIMPAGEM EM TUBO PEX","UN    ",50.06]
[20174,"TE, PVC LEVE, CURTO, 90 GRAUS, 150 MM, PARA ESGOTO","UN    ",42.06]
[41892,"TE, PVC PBA, BBB, 90 GRAUS, DN 100 / DE 110 MM, PARA REDE  AGUA (NBR 10351)","UN    ",84.48]
[7048,"TE, PVC PBA, BBB, 90 GRAUS, DN 50 / DE 60 MM, PARA REDE AGUA (NBR 10351)","UN    ",18.15]
[7088,"TE, PVC PBA, BBB, 90 GRAUS, DN 75 / DE 85 MM, PARA REDE AGUA (NBR 10351)","UN    ",45.49]
[20179,"TE, PVC, SERIE R, 100 X 100 MM, PARA ESGOTO PREDIAL","UN    ",35.14]
[20178,"TE, PVC, SERIE R, 100 X 75 MM, PARA ESGOTO PREDIAL","UN    ",25.52]
[20180,"TE, PVC, SERIE R, 150 X 100 MM, PARA ESGOTO PREDIAL","UN    ",60]
[20181,"TE, PVC, SERIE R, 150 X 150 MM, PARA ESGOTO PREDIAL","UN    ",88.43]
[20177,"TE, PVC, SERIE R, 75 X 75 MM, PARA ESGOTO PREDIAL","UN    ",20.2]
[7082,"TE, PVC, 90 GRAUS, BBB, JE, DN 100 MM, PARA REDE COLETORA ESGOTO (NBR 10569)","UN    ",63.25]
[7069,"TE, PVC, 90 GRAUS, BBB, JE, DN 150 MM, PARA REDE COLETORA ESGOTO (NBR 10569)","UN    ",104.24]
[7070,"TE, PVC, 90 GRAUS, BBB, JE, DN 200 MM, PARA REDE COLETORA ESGOTO (NBR 10569)","UN    ",177.23]
[41893,"TE, PVC, 90 GRAUS, BBB, JE, DN 250 MM, PARA REDE COLETORA ESGOTO  (NBR 10569)","UN    ",676.27]
[41894,"TE, PVC, 90 GRAUS, BBB, JE, DN 300 MM, PARA REDE COLETORA ESGOTO  (NBR 10569)","UN    ",{"v":1037.78,"d":"1,037.78"}]
[41895,"TE, PVC, 90 GRAUS, BBB, JE, DN 400 MM, PARA REDE COLETORA ESGOTO  (NBR 10569)","UN    ",{"v":1147.52,"d":"1,147.52"}]
[20172,"TE, PVC, 90 GRAUS, BBP, JE, DN 100 MM, PARA REDE COLETORA ESGOTO (NBR 10569)","UN    ",25.3]
[40945,"TECNICO DE EDIFICACOES","H     ",19.45]
[40946,"TECNICO DE EDIFICACOES (MENSALISTA)","MES   ",{"v":4478.05,"d":"4,478.05"}]
[7153,"TECNICO EM LABORATORIO E CAMPO DE CONSTRUCAO CIVIL","H     ",17.15]
[41089,"TECNICO EM LABORATORIO E CAMPO DE CONSTRUCAO CIVIL (MENSALISTA)","MES   ",{"v":3025.42,"d":"3,025.42"}]
[40943,"TECNICO EM SEGURANCA DO TRABALHO","H     ",15.19]
[40944,"TECNICO EM SEGURANCA DO TRABALHO (MENSALISTA)","MES   ",{"v":2679.9,"d":"2,679.90"}]
[6175,"TECNICO EM SONDAGEM","H     ",17.49]
[41092,"TECNICO EM SONDAGEM (MENSALISTA)","MES   ",{"v":3085.3,"d":"3,085.30"}]
[37712,"TELA ARAME GALVANIZADO REVESTIDO COM PVC, MALHA HEXAGONAL DUPLA TORCAO, 8 X 10 CM (ZN/AL + PVC), FIO *2,4* MM","M2    ",54.68]
[34547,"TELA DE ACO SOLDADA GALVANIZADA/ZINCADA PARA ALVENARIA, FIO  D = *1,20 A 1,70* MM, MALHA 15 X 15 MM, (C X L) *50 X 12* CM","M     ",2.12]
[34548,"TELA DE ACO SOLDADA GALVANIZADA/ZINCADA PARA ALVENARIA, FIO  D = *1,20 A 1,70* MM, MALHA 15 X 15 MM, (C X L) *50 X 17,5* CM","M     ",2.07]
[37411,"TELA DE ACO SOLDADA GALVANIZADA/ZINCADA PARA ALVENARIA, FIO  D = *1,24 MM, MALHA 25 X 25 MM","M2    ",10.41]
[34558,"TELA DE ACO SOLDADA GALVANIZADA/ZINCADA PARA ALVENARIA, FIO D = *1,20 A 1,70* MM, MALHA 15 X 15 MM, (C X L) *50 X 10,5* CM","M     ",1.39]
[34550,"TELA DE ACO SOLDADA GALVANIZADA/ZINCADA PARA ALVENARIA, FIO D = *1,20 A 1,70* MM, MALHA 15 X 15 MM, (C X L) *50 X 6* CM","M     ",0.74]
[34557,"TELA DE ACO SOLDADA GALVANIZADA/ZINCADA PARA ALVENARIA, FIO D = *1,20 A 1,70* MM, MALHA 15 X 15 MM, (C X L) *50 X 7,5* CM","M     ",1.3]
[7155,"TELA DE ACO SOLDADA NERVURADA CA-60, Q-138, (2,20 KG/M2), DIAMETRO DO FIO = 4,2 MM, LARGURA =  2,45 X 120 M DE COMPRIMENTO, ESPACAMENTO DA MALHA = 10  X 10 CM","M2    ",12]
[7154,"TELA DE ACO SOLDADA NERVURADA CA-60, Q-138, (2,20 KG/M2), DIAMETRO DO FIO = 4,2 MM, LARGURA =  2,45 X 120 M DE COMPRIMENTO, ESPACAMENTO DA MALHA = 10 X 10 CM","KG    ",5.4]
[10915,"TELA DE ACO SOLDADA NERVURADA CA-60, Q-61, (0,97 KG/M2), DIAMETRO DO FIO = 3,4 MM, LARGURA =  2,45 X 120 M DE COMPRIMENTO, ESPACAMENTO DA MALHA = 15  X 15 CM","KG    ",5.61]
[10917,"TELA DE ACO SOLDADA NERVURADA CA-60, Q-61, (0,97 KG/M2), DIAMETRO DO FIO = 3,4 MM, LARGURA =  2,45 X 120 M DE COMPRIMENTO, ESPACAMENTO DA MALHA = 15 X 15 CM","M2    ",5.44]
[21141,"TELA DE ACO SOLDADA NERVURADA CA-60, Q-92, (1,48 KG/M2), DIAMETRO DO FIO = 4,2 MM, LARGURA =  2,45 X 60 M DE COMPRIMENTO, ESPACAMENTO DA MALHA = 15  X 15 CM","M2    ",8.06]
[10916,"TELA DE ACO SOLDADA NERVURADA CA-60, Q-92, (1,48 KG/M2), DIAMETRO DO FIO = 4,2 MM, LARGURA =  2,45 X 60 M DE COMPRIMENTO, ESPACAMENTO DA MALHA = 15 X 15 CM","KG    ",5.45]
[39508,"TELA DE ACO SOLDADA NERVURADA, CA-60, L-159, (1,69 KG/M2), DIAMETRO DO FIO = 4,5 MM, LARGURA =  2,45 M, ESPACAMENTO DA MALHA = 30 X 10 CM","M2    ",9.58]
[39507,"TELA DE ACO SOLDADA NERVURADA, CA-60, Q-113, (1,8 KG/M2), DIAMETRO DO FIO = 3,8 MM, LARGURA =  2,45 M, ESPACAMENTO DA MALHA = 10 X 10 CM","M2    ",9.38]
[7156,"TELA DE ACO SOLDADA NERVURADA, CA-60, Q-196, (3,11 KG/M2), DIAMETRO DO FIO = 5,0 MM, LARGURA =  2,45 M, ESPACAMENTO DA MALHA = 10 X 10 CM","M2    ",16.22]
[39509,"TELA DE ACO SOLDADA NERVURADA, CA-60, T-196, (2,11 KG/M2), DIAMETRO DO FIO = 5,0 MM, LARGURA =  2,45 M, ESPACAMENTO DA MALHA = 30 X 10 CM","M2    ",7.55]
[25988,"TELA DE ANIAGEM (JUTA)","M2    ",9.65]
[10928,"TELA DE ARAME GALV QUADRANGULAR / LOSANGULAR,  FIO 2,11 MM (14  BWG), MALHA  8 X 8 CM, H = 2 M","M2    ",10.77]
[7167,"TELA DE ARAME GALV QUADRANGULAR / LOSANGULAR,  FIO 2,11 MM (14 BWG), MALHA  5 X 5 CM, H = 2 M","M2    ",14.71]
[10933,"TELA DE ARAME GALV QUADRANGULAR / LOSANGULAR,  FIO 2,77 MM (12  BWG), MALHA  10 X 10 CM, H = 2 M","M2    ",13.15]
[10927,"TELA DE ARAME GALV QUADRANGULAR / LOSANGULAR,  FIO 2,77 MM (12  BWG), MALHA  8 X 8 CM, H = 2 M","M2    ",15.88]
[7158,"TELA DE ARAME GALV QUADRANGULAR / LOSANGULAR,  FIO 2,77 MM (12 BWG), MALHA  5 X 5 CM, H = 2 M","M2    ",22.17]
[7162,"TELA DE ARAME GALV QUADRANGULAR / LOSANGULAR,  FIO 3,4 MM (10  BWG), MALHA  5 X 5 CM, H = 2 M","M2    ",33.33]
[10932,"TELA DE ARAME GALV QUADRANGULAR / LOSANGULAR,  FIO 4,19 MM (8 BWG), MALHA  5 X 5 CM, H = 2 M","M2    ",59.03]
[40706,"TELA DE ARAME GALV REVESTIDO EM PVC, QUADRANGULAR / LOSANGULAR,  FIO 1,24 MM (18 BWG), BITOLA = *1,9* MM, MALHA  1,9 X 1,9  CM, H = 2 M","M2    ",35.39]
[10937,"TELA DE ARAME GALV REVESTIDO EM PVC, QUADRANGULAR / LOSANGULAR,  FIO 2,11 MM (14 BWG), BITOLA FINAL = *2,8* MM, MALHA  *8 X 8* CM, H = 2 M","M2    ",23.2]
[10935,"TELA DE ARAME GALV REVESTIDO EM PVC, QUADRANGULAR / LOSANGULAR,  FIO 2,77 MM (12 BWG), BITOLA FINAL = *3,8* MM, MALHA  7,5 X 7,5 CM, H = 2 M","M2    ",30.55]
[40707,"TELA DE ARAME GALV REVESTIDO EM PVC, QUADRANGULAR/LOSANGULAR, FIO 2,77 MM (12 BWG), MALHA 3 X 3 CM, H = 2 M","M2    ",70.34]
[10931,"TELA DE ARAME GALV, HEXAGONAL,  FIO 0,56 MM (24  BWG), MALHA  1/2\", H = 1 M","M2    ",9.83]
[7164,"TELA DE ARAME ONDULADA,  FIO *2,77* MM (10  BWG), MALHA  5 X 5 CM, H = 2 M","M2    ",27.54]
[36887,"TELA DE FIBRA DE VIDRO, ACABAMENTO ANTI-ALCALINO, MALHA 10 X 10 MM","M2    ",14.07]
[34630,"TELA EM MALHA HEXAGONAL DE DUPLA TORCAO 8 X 10 CM (ZN/ AL + PVC), FIO 2,7 MM, COM GEOMANTA OU BIOMANTA, DIMENSOES 4,0 X 2,0 X 0,6 M, COM INCLINACAO DE 70 GRAUS, PARA SOLO REFORCADO","UN    ",888.66]
[7161,"TELA EM METAL PARA ESTUQUE (DEPLOYE)","M2    ",4.18]
[7170,"TELA FACHADEIRA EM POLIETILENO, ROLO DE 3 X 100 M (L X C), COR BRANCA, SEM LOGOMARCA - PARA PROTECAO DE OBRAS","M2    ",2]
[37524,"TELA PLASTICA LARANJA, TIPO TAPUME PARA SINALIZACAO, MALHA RETANGULAR, ROLO 1.20 X 50 M (L X C)","M     ",1.91]
[37525,"TELA PLASTICA TECIDA LISTRADA BRANCA E LARANJA, TIPO GUARDA CORPO, EM POLIETILENO MONOFILADO, ROLO 1,20 X 50 M (L X C)","M     ",2.28]
[10920,"TELA SOLDADA ARAME GALVANIZADO 12 BWG (2,77MM), MALHA 15 X 5 CM","M2    ",10.81]
[7238,"TELHA ALUMINIO ONDULADA, ALTURA = *18* MM, E = 0,5 MM","M2    ",25.77]
[7239,"TELHA ALUMINIO ONDULADA, ALTURA = *18* MM, E = 0,6 MM","M2    ",32.04]
[7240,"TELHA ALUMINIO ONDULADA, ALTURA = *18* MM, E = 0,7 MM","M2    ",36.79]
[36789,"TELHA CERAMICA TIPO AMERICANA, COMPRIMENTO DE *45* CM, RENDIMENTO DE *12* TELHAS/M2","UN    ",0.79]
[7176,"TELHA CERAMICA TIPO COLONIAL, COMPRIMENTO DE *44* CM, RENDIMENTO DE *26* TELHAS/M2","UN    ",0.51]
[7173,"TELHA CERAMICA TIPO COLONIAL, COMPRIMENTO DE *44* CM, RENDIMENTO DE *26* TELHAS/M2","MIL   ",510.71]
[7183,"TELHA CERAMICA TIPO FRANCESA, COMPRIMENTO DE *40* CM, RENDIMENTO DE *16* TELHAS/M2","UN    ",0.82]
[7180,"TELHA CERAMICA TIPO PAULISTA, COMPRIMENTO DE *48* CM, RENDIMENTO DE *26* TELHAS/M2","UN    ",0.48]
[11088,"TELHA CERAMICA TIPO PLAN, COMPRIMENTO DE *47* CM, RENDIMENTO DE *26* TELHAS/M2","UN    ",0.46]
[36788,"TELHA CERAMICA TIPO PORTUGUESA, COMPRIMENTO DE *40* CM, RENDIMENTO DE *16* TELHAS/M2","UN    ",0.52]
[7175,"TELHA CERAMICA TIPO ROMANA, COMPRIMENTO DE *41* CM,  RENDIMENTO DE *16* TELHAS/M2","UN    ",0.57]
[25007,"TELHA DE ACO ZINCADO ONDULADA, A = *17* MM, E = 0,5 MM, SEM PINTURA","M2    ",29.5]
[14171,"TELHA DE ACO ZINCADO TRAPEZOIDAL AUTOPORTANTE, A = 120 MM, E = 0,95 MM, COM PINTURA ELETROSTATICA BRANCA EM 1 FACE","M2    ",78.87]
[14170,"TELHA DE ACO ZINCADO TRAPEZOIDAL AUTOPORTANTE, A = 120 MM, E = 0,95 MM, SEM PINTURA","M2    ",69.69]
[14173,"TELHA DE ACO ZINCADO TRAPEZOIDAL AUTOPORTANTE, A = 259 MM, E = 0,95 MM, COM PINTURA ELETROSTATICA BRANCA EM 1 FACE","M2    ",91.89]
[14172,"TELHA DE ACO ZINCADO TRAPEZOIDAL AUTOPORTANTE, A = 259 MM, E = 0,95 MM, SEM PINTURA","M2    ",74.38]
[7243,"TELHA DE ACO ZINCADO TRAPEZOIDAL, A = *40* MM, E = 0,5 MM, SEM PINTURA","M2    ",29.18]
[11067,"TELHA DE ALUMINIO TRAPEZOIDAL, ALTURA = 38 MM, E = 0,5 MM (LARGURA = 1056 MM E COMPRIMENTO = 5000 MM)","UN    ",128.2]
[11068,"TELHA DE ALUMINIO TRAPEZOIDAL, ALTURA = 38 MM, E = 0,7 MM (LARGURA = 1056 MM E COMPRIMENTO = 5000 MM)","UN    ",181.07]
[40865,"TELHA DE CONCRETO TIPO CLASSICA, COR CINZA, COMPRIMENTO DE *42* CM, RENDIMENTO DE *10* TELHAS/M2 (COLETADO CAIXA)","UN    ",3.07]
[7184,"TELHA DE FIBRA DE VIDRO ONDULADA INCOLOR, E = 0,6 MM, DE *0,50 X 2,44* M","M2    ",28]
[34458,"TELHA DE FIBROCIMENTO E = 6 MM, DE 3,00 X 1,06 M (SEM AMIANTO)","UN    ",111.59]
[34464,"TELHA DE FIBROCIMENTO E = 6 MM, DE 4,10 X 1,06 M (SEM AMIANTO)","UN    ",149.71]
[34468,"TELHA DE FIBROCIMENTO E = 6 MM, DE 4,60 X 1,06 M (SEM AMIANTO)","UN    ",172.78]
[34473,"TELHA DE FIBROCIMENTO E = 8 MM, DE 3,00 X 1,06 M (SEM AMIANTO)","UN    ",141.31]
[34480,"TELHA DE FIBROCIMENTO E = 8 MM, DE 4,10 X 1,06 M (SEM AMIANTO)","UN    ",192.7]
[34486,"TELHA DE FIBROCIMENTO E = 8 MM, DE 4,60 X 1,06 M (SEM AMIANTO)","UN    ",215.82]
[7202,"TELHA DE FIBROCIMENTO E= 8 MM, DE *3,70 X 1,06* M (SEM AMIANTO)","M2    ",44.23]
[7190,"TELHA DE FIBROCIMENTO ONDULADA E = 4 MM, DE 1,22 X 0,50 M (SEM AMIANTO)","UN    ",7.59]
[34417,"TELHA DE FIBROCIMENTO ONDULADA E = 4 MM, DE 2,13 X 0,50 M (SEM AMIANTO)","UN    ",13.19]
[7191,"TELHA DE FIBROCIMENTO ONDULADA E = 4 MM, DE 2,44 X 0,50 M (SEM AMIANTO)","UN    ",15.28]
[7213,"TELHA DE FIBROCIMENTO ONDULADA E = 4 MM, DE 2,44 X 0,50 M (SEM AMIANTO)","M2    ",12.52]
[7195,"TELHA DE FIBROCIMENTO ONDULADA E = 6 MM, DE 1,53 X 1,10 M (SEM AMIANTO)","UN    ",36.41]
[7186,"TELHA DE FIBROCIMENTO ONDULADA E = 6 MM, DE 1,83 X 1,10 M (SEM AMIANTO)","UN    ",43.57]
[7194,"TELHA DE FIBROCIMENTO ONDULADA E = 6 MM, DE 2,44 X 1,10 M (SEM AMIANTO)","M2    ",21.6]
[7207,"TELHA DE FIBROCIMENTO ONDULADA E = 6 MM, DE 2,44 X 1,10 M (SEM AMIANTO)","UN    ",57.99]
[7197,"TELHA DE FIBROCIMENTO ONDULADA E = 6 MM, DE 3,66 X 1,10 M (SEM AMIANTO)","UN    ",87.12]
[7192,"TELHA DE FIBROCIMENTO ONDULADA E = 8 MM, DE 1,53 X 1,10 M (SEM AMIANTO)","UN    ",47.91]
[7193,"TELHA DE FIBROCIMENTO ONDULADA E = 8 MM, DE 1,83 X 1,10 M (SEM AMIANTO)","UN    ",57.2]
[7189,"TELHA DE FIBROCIMENTO ONDULADA E = 8 MM, DE 2,44 X 1,10 M (SEM AMIANTO)","UN    ",80.34]
[7198,"TELHA DE FIBROCIMENTO ONDULADA E = 8 MM, DE 3,66 X 1,10 M (SEM AMIANTO)","M2    ",29.91]
[34402,"TELHA DE FIBROCIMENTO ONDULADA E = 8 MM, DE 3,66 X 1,10 M (SEM AMIANTO)","UN    ",120.42]
[7245,"TELHA DE VIDRO TIPO FRANCESA, *39 X 23* CM","UN    ",26.51]
[34425,"TELHA ESTRUTURAL DE FIBROCIMENTO 1 ABA, DE 0,52 X 2,00 M (SEM AMIANTO)","UN    ",74.46]
[7223,"TELHA ESTRUTURAL DE FIBROCIMENTO 1 ABA, DE 0,52 X 2,50 M (SEM AMIANTO)","UN    ",86.78]
[7234,"TELHA ESTRUTURAL DE FIBROCIMENTO 1 ABA, DE 0,52 X 3,60 M (SEM AMIANTO)","UN    ",125.18]
[7224,"TELHA ESTRUTURAL DE FIBROCIMENTO 1 ABA, DE 0,52 X 4,00 M (SEM AMIANTO)","UN    ",138.26]
[7210,"TELHA ESTRUTURAL DE FIBROCIMENTO 1 ABA, DE 0,52 X 4,50 M (SEM AMIANTO)","UN    ",157.32]
[7221,"TELHA ESTRUTURAL DE FIBROCIMENTO 1 ABA, DE 0,52 X 4,50 M (SEM AMIANTO)","M2    ",67.23]
[7225,"TELHA ESTRUTURAL DE FIBROCIMENTO 1 ABA, DE 0,52 X 5,00 M (SEM AMIANTO)","UN    ",174.8]
[7226,"TELHA ESTRUTURAL DE FIBROCIMENTO 1 ABA, DE 0,52 X 5,50 M (SEM AMIANTO)","UN    ",192.36]
[7236,"TELHA ESTRUTURAL DE FIBROCIMENTO 1 ABA, DE 0,52 X 6,00 M (SEM AMIANTO)","UN    ",209.8]
[7227,"TELHA ESTRUTURAL DE FIBROCIMENTO 1 ABA, DE 0,52 X 6,50 M (SEM AMIANTO)","UN    ",227.28]
[7212,"TELHA ESTRUTURAL DE FIBROCIMENTO 1 ABA, DE 0,52 X 7,20 M (SEM AMIANTO)","UN    ",251.66]
[7229,"TELHA ESTRUTURAL DE FIBROCIMENTO 2 ABAS, DE 1,00 X 3,00 M (SEM AMIANTO)","UN    ",166.42]
[7230,"TELHA ESTRUTURAL DE FIBROCIMENTO 2 ABAS, DE 1,00 X 4,60 M (SEM AMIANTO)","UN    ",265.2]
[7231,"TELHA ESTRUTURAL DE FIBROCIMENTO 2 ABAS, DE 1,00 X 6,00 M (SEM AMIANTO)","UN    ",348.29]
[7220,"TELHA ESTRUTURAL DE FIBROCIMENTO 2 ABAS, DE 1,00 X 7,40 M (SEM AMIANTO)","UN    ",428.19]
[34447,"TELHA ESTRUTURAL DE FIBROCIMENTO 2 ABAS, DE 1,00 X 8,20 M (SEM AMIANTO)","UN    ",476.59]
[7233,"TELHA ESTRUTURAL DE FIBROCIMENTO 2 ABAS, DE 1,00 X 9,20 M (SEM AMIANTO)","UN    ",533.56]
[42172,"TELHA GALVALUME COM ISOLAMENTO TERMOACUSTICO EM ESPUMA RIGIDA DE POLIURETANO (PU) INJETADO, E = 30 MM, DENSIDADE 35 KG/M3, COM DUAS FACES TRAPEZOIDAIS (NAO INCLUI ACESSORIOS DE FIXACAO) (COLETADO CAIXA)","M2    ",89.2]
[39520,"TELHA ISOLANTE COM NUCLEO EM POLIESTIRENO (EPS), E = 30 MM, REVESTIDA EM ACO ZINCADO *0,5* MM COM PRE-PINTURA NAS DUAS FACES, FACE SUPERIOR EM TELHA TRAPEZOIDAL E FACE INFERIOR EM CHAPA PLANA (NAO INCLUI ACESSORIOS DE FIXACAO)","M2    ",117.77]
[39521,"TELHA ISOLANTE COM NUCLEO EM POLIESTIRENO (EPS), E = 50 MM, REVESTIDA EM ACO ZINCADO *0,5* MM COM PRE-PINTURA NAS DUAS FACES, FACE SUPERIOR EM TELHA TRAPEZOIDAL E FACE INFERIOR EM CHAPA PLANA (NAO INCLUI ACESSORIOS DE FIXACAO)","M2    ",126.14]
[39522,"TELHA ISOLANTE COM NUCLEO EM POLIESTIRENO (EPS), E = 50 MM, REVESTIDA EM TELHA TRAPEZOIDAL DE ACO ZINCADO *0,5* MM COM PRE-PINTURA NAS DUAS FACES (NAO INCLUI ACESSORIOS DE FIXACAO)","M2    ",100.85]
[7246,"TELHA VIDRO TIPO CANAL OU COLONIAL, C = 46 A 50 CM","UN    ",24.66]
[12869,"TELHADOR","H     ",14.12]
[41097,"TELHADOR ( MENSALISTA )","MES   ",{"v":2490.95,"d":"2,490.95"}]
[1574,"TERMINAL A COMPRESSAO EM COBRE ESTANHADO PARA CABO 10 MM2, 1 FURO E 1 COMPRESSAO, PARA PARAFUSO DE FIXACAO M6","UN    ",1.15]
[1581,"TERMINAL A COMPRESSAO EM COBRE ESTANHADO PARA CABO 120 MM2, 1 FURO E 1 COMPRESSAO, PARA PARAFUSO DE FIXACAO M12","UN    ",7.96]
[1575,"TERMINAL A COMPRESSAO EM COBRE ESTANHADO PARA CABO 16 MM2, 1 FURO E 1 COMPRESSAO, PARA PARAFUSO DE FIXACAO M6","UN    ",1.36]
[1570,"TERMINAL A COMPRESSAO EM COBRE ESTANHADO PARA CABO 2,5 MM2, 1 FURO E 1 COMPRESSAO, PARA PARAFUSO DE FIXACAO M5","UN    ",0.68]
[1576,"TERMINAL A COMPRESSAO EM COBRE ESTANHADO PARA CABO 25 MM2, 1 FURO E 1 COMPRESSAO, PARA PARAFUSO DE FIXACAO M8","UN    ",1.88]
[1577,"TERMINAL A COMPRESSAO EM COBRE ESTANHADO PARA CABO 35 MM2, 1 FURO E 1 COMPRESSAO, PARA PARAFUSO DE FIXACAO M8","UN    ",2.12]
[1571,"TERMINAL A COMPRESSAO EM COBRE ESTANHADO PARA CABO 4 MM2, 1 FURO E 1 COMPRESSAO, PARA PARAFUSO DE FIXACAO M5","UN    ",0.89]
[1578,"TERMINAL A COMPRESSAO EM COBRE ESTANHADO PARA CABO 50 MM2, 1 FURO E 1 COMPRESSAO, PARA PARAFUSO DE FIXACAO M8","UN    ",3.69]
[1573,"TERMINAL A COMPRESSAO EM COBRE ESTANHADO PARA CABO 6 MM2, 1 FURO E 1 COMPRESSAO, PARA PARAFUSO DE FIXACAO M6","UN    ",1.06]
[1579,"TERMINAL A COMPRESSAO EM COBRE ESTANHADO PARA CABO 70 MM2, 1 FURO E 1 COMPRESSAO, PARA PARAFUSO DE FIXACAO M10","UN    ",4.6]
[1580,"TERMINAL A COMPRESSAO EM COBRE ESTANHADO PARA CABO 95 MM2, 1 FURO E 1 COMPRESSAO, PARA PARAFUSO DE FIXACAO M12","UN    ",5.66]
[7571,"TERMINAL AEREO EM ACO GALVANIZADO DN 5/16\", COMPRIMENTO DE 350MM, COM BASE DE FIXACAO HORIZONTAL","UN    ",8.03]
[39321,"TERMINAL DE VENTILACAO, 100 MM, SERIE NORMAL, ESGOTO PREDIAL","UN    ",5.91]
[39319,"TERMINAL DE VENTILACAO, 50 MM, SERIE NORMAL, ESGOTO PREDIAL","UN    ",3.62]
[39320,"TERMINAL DE VENTILACAO, 75 MM, SERIE NORMAL, ESGOTO PREDIAL","UN    ",4.32]
[1591,"TERMINAL METALICO A PRESSAO PARA 1 CABO DE 120 MM2, COM 1 FURO DE FIXACAO","UN    ",17.57]
[1547,"TERMINAL METALICO A PRESSAO PARA 1 CABO DE 150 A 185 MM2, COM 2 FUROS PARA FIXACAO","UN    ",92.06]
[38196,"TERMINAL METALICO A PRESSAO PARA 1 CABO DE 150 MM2, COM 1 FURO DE FIXACAO","UN    ",17.93]
[1543,"TERMINAL METALICO A PRESSAO PARA 1 CABO DE 16 A 25 MM2, COM 2 FUROS PARA FIXACAO","UN    ",19.05]
[1585,"TERMINAL METALICO A PRESSAO PARA 1 CABO DE 16 MM2, COM 1 FURO DE FIXACAO","UN    ",3.69]
[1593,"TERMINAL METALICO A PRESSAO PARA 1 CABO DE 185 MM2, COM 1 FURO DE FIXACAO","UN    ",19.59]
[11838,"TERMINAL METALICO A PRESSAO PARA 1 CABO DE 240 MM2, COM 1 FURO DE FIXACAO","UN    ",25.85]
[1594,"TERMINAL METALICO A PRESSAO PARA 1 CABO DE 25 A 35 MM2, COM 2 FUROS PARA FIXACAO","UN    ",26.14]
[1586,"TERMINAL METALICO A PRESSAO PARA 1 CABO DE 25 MM2, COM 1 FURO DE FIXACAO","UN    ",4.67]
[11839,"TERMINAL METALICO A PRESSAO PARA 1 CABO DE 300 MM2, COM 1 FURO DE FIXACAO","UN    ",37.62]
[1587,"TERMINAL METALICO A PRESSAO PARA 1 CABO DE 35 MM2, COM 1 FURO DE FIXACAO","UN    ",4.75]
[1545,"TERMINAL METALICO A PRESSAO PARA 1 CABO DE 50 A 70 MM2, COM 2 FUROS PARA FIXACAO","UN    ",45.14]
[1588,"TERMINAL METALICO A PRESSAO PARA 1 CABO DE 50 MM2, COM 1 FURO DE FIXACAO","UN    ",6.52]
[1535,"TERMINAL METALICO A PRESSAO PARA 1 CABO DE 6 A 10 MM2, COM 1 FURO DE FIXACAO","UN    ",3.76]
[1589,"TERMINAL METALICO A PRESSAO PARA 1 CABO DE 70 MM2, COM 1 FURO DE FIXACAO","UN    ",6.73]
[1546,"TERMINAL METALICO A PRESSAO PARA 1 CABO DE 95 A 120 MM2, COM 2 FUROS PARA FIXACAO","UN    ",76.18]
[1590,"TERMINAL METALICO A PRESSAO PARA 1 CABO DE 95 MM2, COM 1 FURO DE FIXACAO","UN    ",11.85]
[1542,"TERMINAL METALICO A PRESSAO 1 CABO, PARA CABOS DE 4 A 10 MM2, COM 2 FUROS PARA FIXACAO","UN    ",15.69]
[38415,"TERMOFUSORA PARA TUBOS E CONEXOES EM PPR COM DIAMETROS DE 20 A 63 MM, POTENCIA DE 800 W, TENSAO 220 V","UN    ",684.61]
[38414,"TERMOFUSORA PARA TUBOS E CONEXOES EM PPR COM DIAMETROS DE 75 A 110 MM, POTENCIA DE *1100* W, TENSAO 220 V","UN    ",960.86]
[38128,"TERRA VEGETAL (ENSACADA)","KG    ",0.42]
[7253,"TERRA VEGETAL (GRANEL)","M3    ",90]
[4806,"TESTEIRA ANTIDERRAPANTE PARA PISO VINILICO *5 X 2,5* CM, E = 2 MM","M     ",12.85]
[34401,"TIJOLO CERAMICO LAMINADO 5,5 X 11 X 23 CM","UN    ",0.93]
[7258,"TIJOLO CERAMICO MACICO *5 X 10 X 20* CM","UN    ",0.29]
[7260,"TIJOLO CERAMICO MACICO APARENTE *6 X 12 X 24* CM","UN    ",0.9]
[7256,"TIJOLO CERAMICO MACICO APARENTE 2 FUROS, *6,5 X 10 X 20* CM","UN    ",0.52]
[34400,"TIJOLO CERAMICO REFRATARIO 2,5 X 11,4 X 22,9 CM","UN    ",2.27]
[10617,"TIJOLO CERAMICO REFRATARIO 6,3 X 11,4 X 22,9 CM","UN    ",3.17]
[7280,"TIL DE PASSAGEM, EM PVC, JE, BBB, DN 100 X 100 MM, PARA REDE COLETORA DE ESGOTO NBR 10569","UN    ",316.87]
[7282,"TIL DE PASSAGEM, EM PVC, JE, BBB, DN 150 X 150 MM, PARA REDE COLETORA DE ESGOTO NBR 10569","UN    ",596.46]
[7276,"TIL DE PASSAGEM, EM PVC, JE, BBB, DN 200 X 150 MM, PARA REDE COLETORA DE ESGOTO NBR 10569","UN    ",645.79]
[7277,"TIL DE PASSAGEM, EM PVC, JE, BBB, DN 250 X 150 MM, PARA REDE COLETORA DE ESGOTO NBR 10569","UN    ",833.74]
[7278,"TIL DE PASSAGEM, EM PVC, JE, BBB, DN 300 X 150 MM, PARA REDE COLETORA DE ESGOTO NBR 10569","UN    ",{"v":1068.65,"d":"1,068.65"}]
[7274,"TIL PARA LIGACAO PREDIAL, EM PVC, JE, BBB, DN 100 X 100 MM, PARA REDE COLETORA ESGOTO (NBR 10569)","UN    ",22.21]
[7275,"TIL RADIAL, PVC, JE, BBB, DN 150 X 200 MM, PARA REDE COLETORA DE ESGOTO (NBR 10569)","UN    ",584.41]
[7284,"TIL RADIAL, PVC, JE, BBB, DN 300 X 200 MM, PARA REDE COLETORA DE ESGOTO (NBR 10569)","UN    ",{"v":1799.97,"d":"1,799.97"}]
[11663,"TIL TUBO QUEDA, EM PVC, JE, BBB, DN 100 X 100 MM, PARA REDE COLETORA DE ESGOTO (NBR 10569)","UN    ",217.51]
[11665,"TIL TUBO QUEDA, EM PVC, JE, BBB, DN 150 X 150 MM, PARA REDE COLETORA DE ESGOTO (NBR 10569)","UN    ",961.76]
[11666,"TIL TUBO QUEDA, EM PVC, JE, BBB, DN 200 X 150 MM, PARA REDE COLETORA DE ESGOTO (NBR 10569)","UN    ",969.4]
[11667,"TIL TUBO QUEDA, EM PVC, JE, BBB, DN 250 X 150 MM, PARA REDE COLETORA DE ESGOTO (NBR 10569)","UN    ",{"v":1106.27,"d":"1,106.27"}]
[11668,"TIL TUBO QUEDA, EM PVC, JE, BBB, DN 300 X 150 MM, PARA REDE COLETORA DE ESGOTO (NBR 10569)","UN    ",{"v":1191.33,"d":"1,191.33"}]
[38121,"TINTA A BASE DE RESINA ACRILICA EMULSIONADA EM AGUA, PARA SINALIZACAO HORIZONTAL VIARIA (NBR 13699)","L     ",9.19]
[7343,"TINTA A BASE DE RESINA ACRILICA, PARA SINALIZACAO HORIZONTAL VIARIA (NBR 11862)","L     ",9.31]
[7287,"TINTA A OLEO BRILHANTE PARA MADEIRA E METAIS","GL    ",76.41]
[7350,"TINTA ACRILICA PARA CERAMICA","L     ",20.56]
[7348,"TINTA ACRILICA PREMIUM PARA PISO","L     ",11.53]
[7347,"TINTA ACRILICA PREMIUM PARA PISO","GL    ",41.53]
[7355,"TINTA ACRILICA PREMIUM, COR BRANCO  FOSCO","GL    ",62.24]
[7356,"TINTA ACRILICA PREMIUM, COR BRANCO FOSCO","L     ",17.29]
[7313,"TINTA ASFALTICA IMPERMEABILIZANTE DILUIDA EM SOLVENTE, PARA MATERIAIS CIMENTICIOS, METAL E MADEIRA","L     ",13.29]
[7319,"TINTA ASFALTICA IMPERMEABILIZANTE DISPERSA EM AGUA, PARA MATERIAIS CIMENTICIOS","L     ",7.6]
[38119,"TINTA BORRACHA CLORADA, ACABAMENTO SEMIBRILHO, BRANCA","L     ",82.93]
[7314,"TINTA BORRACHA CLORADA, ACABAMENTO SEMIBRILHO, CORES VIVAS","L     ",89.37]
[38131,"TINTA BORRACHA, CLORADA, ACABAMENTO SEMIBRILHO, PRETA","L     ",83.67]
[7304,"TINTA EPOXI PREMIUM, BRANCA","L     ",57.01]
[7293,"TINTA ESMALTE SINTETICO GRAFITE COM PROTECAO PARA METAIS FERROSOS","L     ",25.57]
[7311,"TINTA ESMALTE SINTETICO PREMIUM ACETINADO","L     ",24.73]
[7292,"TINTA ESMALTE SINTETICO PREMIUM BRILHANTE","L     ",24.01]
[7288,"TINTA ESMALTE SINTETICO PREMIUM FOSCO","L     ",27.21]
[35693,"TINTA LATEX ACRILICA ECONOMICA, COR BRANCA","L     ",7.93]
[35692,"TINTA LATEX ACRILICA STANDARD, COR BRANCA","L     ",42.52]
[7344,"TINTA LATEX PVA PREMIUM,  COR BRANCA","GL    ",53.8]
[7345,"TINTA LATEX PVA PREMIUM, COR BRANCA","L     ",14.94]
[35691,"TINTA LATEX PVA STANDARD, COR BRANCA","L     ",11.81]
[7342,"TINTA MINERAL IMPERMEAVEL EM PO, BRANCA","KG    ",1.45]
[7306,"TINTA PROTETORA SUPERFICIE METALICA ALUMINIO","L     ",29.31]
[154,"TINTA/REVESTIMENTO  A BASE DE RESINA EPOXI COM ALCATRAO, BICOMPONENTE","L     ",42.05]
[7338,"TINTA/REVESTIMENTO A BASE DE RESINA EPOXI COM ALCATRAO, BICOMPONENTE","KG    ",28.03]
[39574,"TIRANTE COM ELO, EM ARAME GALVANIZADO RIGIDO, NUMERO 10, COMPRIMENTO 2000 MM, PARA PENDURAL DE FORRO REMOVIVEL","UN    ",2.47]
[11060,"TIRANTE EM FERRO GALVANIZADO PARA CONTRAVENTAMENTO DE TELHA CANALETE 90, 1/4 \" X 400 MM","UN    ",20.17]
[37401,"TOALHEIRO PLASTICO TIPO DISPENSER PARA PAPEL TOALHA INTERFOLHADO","UN    ",35.81]
[7525,"TOMADA INDUSTRIAL DE EMBUTIR 3P+T 30 A, 440 V, COM TRAVA, COM PLACA","UN    ",33.97]
[7524,"TOMADA INDUSTRIAL DE EMBUTIR 3P+T 30 A, 440 V, COM TRAVA, SEM PLACA","UN    ",32.01]
[38105,"TOMADA PARA ANTENA DE TV, CABO COAXIAL DE 9 MM (APENAS MODULO)","UN    ",8.22]
[38084,"TOMADA PARA ANTENA DE TV, CABO COAXIAL DE 9 MM, CONJUNTO MONTADO PARA EMBUTIR 4\" X 2\" (PLACA + SUPORTE + MODULO)","UN    ",11.68]
[38103,"TOMADA RJ11, 2 FIOS (APENAS MODULO)","UN    ",12.34]
[38082,"TOMADA RJ11, 2 FIOS, CONJUNTO MONTADO PARA EMBUTIR 4\" X 2\" (PLACA + SUPORTE + MODULO)","UN    ",15.21]
[38104,"TOMADA RJ45, 8 FIOS, CAT 5E (APENAS MODULO)","UN    ",24.17]
[38083,"TOMADA RJ45, 8 FIOS, CAT 5E, CONJUNTO MONTADO PARA EMBUTIR 4\" X 2\" (PLACA + SUPORTE + MODULO)","UN    ",26.84]
[38101,"TOMADA 2P+T 10A, 250V  (APENAS MODULO)","UN    ",5.87]
[7528,"TOMADA 2P+T 10A, 250V, CONJUNTO MONTADO PARA EMBUTIR 4\" X 2\" (PLACA + SUPORTE + MODULO)","UN    ",6.9]
[12147,"TOMADA 2P+T 10A, 250V, CONJUNTO MONTADO PARA SOBREPOR 4\" X 2\" (CAIXA + MODULO)","UN    ",10.52]
[38075,"TOMADA 2P+T 20A 250V, CONJUNTO MONTADO PARA EMBUTIR 4\" X 2\" (PLACA + SUPORTE + MODULO)","UN    ",11.95]
[38102,"TOMADA 2P+T 20A, 250V  (APENAS MODULO)","UN    ",7.51]
[38076,"TOMADAS (2 MODULOS) 2P+T 10A, 250V, CONJUNTO MONTADO PARA EMBUTIR 4\" X 2\" (PLACA + SUPORTE + MODULOS)","UN    ",13.4]
[7592,"TOPOGRAFO","H     ",25.41]
[40820,"TOPOGRAFO (MENSALISTA)","MES   ",{"v":4694.4,"d":"4,694.40"}]
[11762,"TORNEIRA CROMADA COM BICO PARA JARDIM/TANQUE 1/2 \" OU 3/4 \" (REF 1153)","UN    ",52.88]
[13418,"TORNEIRA CROMADA CURTA SEM BICO PARA TANQUE, PADRAO POPULAR, 1/2 \" OU 3/4 \" (REF 1140)","UN    ",14.77]
[13984,"TORNEIRA CROMADA CURTA SEM BICO PARA USO GERAL  1/2 \" OU 3/4 \" (REF 1152)","UN    ",36.95]
[11772,"TORNEIRA CROMADA DE MESA PARA COZINHA BICA MOVEL COM AREJADOR 1/2 \" OU 3/4 \" (REF 1167)","UN    ",89.74]
[36795,"TORNEIRA CROMADA DE MESA PARA LAVATORIO COM SENSOR DE PRESENCA","UN    ",577.22]
[36796,"TORNEIRA CROMADA DE MESA PARA LAVATORIO TEMPORIZADA PRESSAO BICA BAIXA","UN    ",148.62]
[36791,"TORNEIRA CROMADA DE MESA PARA LAVATORIO, BICA ALTA (REF 1195)","UN    ",76.57]
[13415,"TORNEIRA CROMADA DE MESA PARA LAVATORIO, PADRAO POPULAR, 1/2 \" OU 3/4 \" (REF 1193)","UN    ",44.51]
[36792,"TORNEIRA CROMADA DE PAREDE LONGA PARA LAVATORIO (REF 1178)","UN    ",146.37]
[11773,"TORNEIRA CROMADA DE PAREDE PARA COZINHA BICA MOVEL COM AREJADOR 1/2 \" OU 3/4 \" (REF 1168)","UN    ",85.68]
[11775,"TORNEIRA CROMADA DE PAREDE PARA COZINHA COM AREJADOR 1/2 \" OU 3/4 \" (REF 1157)","UN    ",89.47]
[13983,"TORNEIRA CROMADA DE PAREDE PARA COZINHA COM AREJADOR, PADRAO POPULAR, 1/2 \" OU 3/4 \" (REF 1159)","UN    ",45.71]
[13416,"TORNEIRA CROMADA DE PAREDE PARA COZINHA SEM AREJADOR, PADRAO POPULAR, 1/2 \" OU 3/4 \" (REF 1158)","UN    ",36.86]
[13417,"TORNEIRA CROMADA SEM BICO PARA TANQUE 1/2 \" OU 3/4 \" (REF 1143)","UN    ",32.51]
[7604,"TORNEIRA CROMADA SEM BICO PARA TANQUE, PADRAO POPULAR, 1/2 \" OU 3/4 \" (REF 1126)","UN    ",14.08]
[11777,"TORNEIRA ELETRICA DE PAREDE, BICA ALTA, PARA COZINHA, 5500 W (110/220 V)","UN    ",113.6]
[7602,"TORNEIRA METAL AMARELO COM BICO PARA JARDIM, PADRAO POPULAR, 1/2 \" OU 3/4 \" (REF 1128)","UN    ",13.96]
[7603,"TORNEIRA METAL AMARELO CURTA SEM BICO PARA TANQUE, PADRAO POPULAR, 1/2 \" OU 3/4 \" (REF 1120)","UN    ",13.53]
[11763,"TORNEIRA METALICA DE BOIA CONVENCIONAL PARA CAIXA D'AGUA, 1.1/2\", COM HASTE METALICA E BALAO PLASTICO","UN    ",49.14]
[11764,"TORNEIRA METALICA DE BOIA CONVENCIONAL PARA CAIXA D'AGUA, 1.1/4\", COM HASTE METALICA E BALAO PLASTICO","UN    ",52.49]
[11826,"TORNEIRA METALICA DE BOIA CONVENCIONAL PARA CAIXA D'AGUA, 1/2 \", COM HASTE METALICA E BALAO METALICO","UN    ",20.93]
[11829,"TORNEIRA METALICA DE BOIA CONVENCIONAL PARA CAIXA D'AGUA, 1/2\", COM HASTE METALICA E BALAO PLASTICO","UN    ",12.58]
[11825,"TORNEIRA METALICA DE BOIA CONVENCIONAL PARA CAIXA D'AGUA, 1\", COM HASTE METALICA E BALAO PLASTICO","UN    ",21.57]
[11767,"TORNEIRA METALICA DE BOIA CONVENCIONAL PARA CAIXA D'AGUA, 2\", COM HASTE METALICA E BALAO PLASTICO","UN    ",87.13]
[7606,"TORNEIRA METALICA DE BOIA CONVENCIONAL PARA CAIXA D'AGUA, 3/4 \", COM HASTE METALICA E BALAO METALICO","UN    ",21.81]
[11830,"TORNEIRA METALICA DE BOIA CONVENCIONAL PARA CAIXA D'AGUA, 3/4\", COM HASTE METALICA E BALAO PLASTICO","UN    ",13.59]
[11766,"TORNEIRA METALICA DE BOIA VAZAO TOTAL PARA CAIXA D'AGUA, 1/2\", COM HASTE METALICA E BALAO PLASTICO","UN    ",24.16]
[11765,"TORNEIRA METALICA DE BOIA VAZAO TOTAL PARA CAIXA D'AGUA, 1\", COM HASTE METALICA E BALAO PLASTICO","UN    ",32.9]
[11824,"TORNEIRA METALICA DE BOIA VAZAO TOTAL PARA CAIXA D'AGUA, 3/4\", COM HASTE METALICA E BALAO PLASTICO","UN    ",24.92]
[40329,"TORNEIRA PLASTICA DE BOIA CONVENCIONAL PARA CAIXA DE AGUA, 3/4 \", COM HASTE METALICA E COM BALAO PLASTICO (PADRAO POPULAR)","UN    ",10.55]
[11823,"TORNEIRA PLASTICA DE BOIA PARA CAIXA DE DESCARGA,  1/2\", COM HASTE  METALICA E BALAO PLASTICO","UN    ",4.56]
[11822,"TORNEIRA PLASTICA DE MESA, BICA MOVEL, PARA COZINHA 1/2 \"","UN    ",31.4]
[11831,"TORNEIRA PLASTICA PARA TANQUE 1/2 \" OU 3/4 \" COM BICO PARA MANGUEIRA","UN    ",23.84]
[7613,"TRANSFORMADOR TRIFASICO DE DISTRIBUICAO, POTENCIA DE 1000 KVA, TENSAO NOMINAL DE 15 KV, TENSAO SECUNDARIA DE 220/127V, EM OLEO ISOLANTE TIPO MINERAL","UN    ",{"v":52005.85,"d":"52,005.85"}]
[7619,"TRANSFORMADOR TRIFASICO DE DISTRIBUICAO, POTENCIA DE 112,5 KVA, TENSAO NOMINAL DE 15 KV, TENSAO SECUNDARIA DE 220/127V, EM OLEO ISOLANTE TIPO MINERAL","UN    ",{"v":8038.99,"d":"8,038.99"}]
[12076,"TRANSFORMADOR TRIFASICO DE DISTRIBUICAO, POTENCIA DE 15 KVA, TENSAO NOMINAL DE 15 KV, TENSAO SECUNDARIA DE 220/127V, EM OLEO ISOLANTE TIPO MINERAL","UN    ",{"v":3687.61,"d":"3,687.61"}]
[7614,"TRANSFORMADOR TRIFASICO DE DISTRIBUICAO, POTENCIA DE 150 KVA, TENSAO NOMINAL DE 15 KV, TENSAO SECUNDARIA DE 220/127V, EM OLEO ISOLANTE TIPO MINERAL","UN    ",{"v":10139.08,"d":"10,139.08"}]
[7618,"TRANSFORMADOR TRIFASICO DE DISTRIBUICAO, POTENCIA DE 1500 KVA, TENSAO NOMINAL DE 15 KV, TENSAO SECUNDARIA DE 220/127V, EM OLEO ISOLANTE TIPO MINERAL","UN    ",{"v":65759.59,"d":"65,759.59"}]
[7620,"TRANSFORMADOR TRIFASICO DE DISTRIBUICAO, POTENCIA DE 225 KVA, TENSAO NOMINAL DE 15 KV, TENSAO SECUNDARIA DE 220/127V, EM OLEO ISOLANTE TIPO MINERAL","UN    ",{"v":14223.64,"d":"14,223.64"}]
[7610,"TRANSFORMADOR TRIFASICO DE DISTRIBUICAO, POTENCIA DE 30 KVA, TENSAO NOMINAL DE 15 KV, TENSAO SECUNDARIA DE 220/127V, EM OLEO ISOLANTE TIPO MINERAL","UN    ",{"v":4504.15,"d":"4,504.15"}]
[7615,"TRANSFORMADOR TRIFASICO DE DISTRIBUICAO, POTENCIA DE 300 KVA, TENSAO NOMINAL DE 15 KV, TENSAO SECUNDARIA DE 220/127V, EM OLEO ISOLANTE TIPO MINERAL","UN    ",{"v":16594.25,"d":"16,594.25"}]
[7617,"TRANSFORMADOR TRIFASICO DE DISTRIBUICAO, POTENCIA DE 45 KVA, TENSAO NOMINAL DE 15 KV, TENSAO SECUNDARIA DE 220/127V, EM OLEO ISOLANTE TIPO MINERAL","UN    ",{"v":5030.95,"d":"5,030.95"}]
[7616,"TRANSFORMADOR TRIFASICO DE DISTRIBUICAO, POTENCIA DE 500 KVA, TENSAO NOMINAL DE 15 KV, TENSAO SECUNDARIA DE 220/127V, EM OLEO ISOLANTE TIPO MINERAL","UN    ",{"v":27079.18,"d":"27,079.18"}]
[7611,"TRANSFORMADOR TRIFASICO DE DISTRIBUICAO, POTENCIA DE 75 KVA, TENSAO NOMINAL DE 15 KV, TENSAO SECUNDARIA DE 220/127V, EM OLEO ISOLANTE TIPO MINERAL","UN    ",{"v":6506,"d":"6,506.00"}]
[7612,"TRANSFORMADOR TRIFASICO DE DISTRIBUICAO, POTENCIA DE 750 KVA, TENSAO NOMINAL DE 15 KV, TENSAO SECUNDARIA DE 220/127V, EM OLEO ISOLANTE TIPO MINERAL","UN    ",{"v":37143.72,"d":"37,143.72"}]
[37371,"TRANSPORTE - HORISTA (COLETADO CAIXA)","H     ",0.55]
[40861,"TRANSPORTE - MENSALISTA (COLETADO CAIXA)","MES   ",103.39]
[36510,"TRATOR DE ESTEIRAS, POTENCIA BRUTA DE 133 HP, PESO OPERACIONAL DE 14 T, COM LAMINA COM CAPACIDADE DE 3,00 M3","UN    ",{"v":536697.22,"d":"536,697.22"}]
[25020,"TRATOR DE ESTEIRAS, POTENCIA BRUTA DE 347 HP, PESO OPERACIONAL DE 38,5 T, COM ESCARIFICADOR E LAMINA COM CAPACIDADE DE 4,70M3","UN    ",{"v":2211003.74,"d":"2,211,003.74"}]
[7622,"TRATOR DE ESTEIRAS, POTENCIA DE 100 HP, PESO OPERACIONAL DE 9,4 T, COM LAMINA COM CAPACIDADE DE 2,19 M3","UN    ",{"v":520674.75,"d":"520,674.75"}]
[7624,"TRATOR DE ESTEIRAS, POTENCIA DE 150 HP, PESO OPERACIONAL DE 16,7 T, COM RODA MOTRIZ ELEVADA E LAMINA COM CONTATO DE 3,18M3","UN    ",{"v":675000,"d":"675,000.00"}]
[7625,"TRATOR DE ESTEIRAS, POTENCIA DE 170 HP, PESO OPERACIONAL DE 19 T, COM LAMINA COM CAPACIDADE DE 5,2 M3","UN    ",{"v":670871.49,"d":"670,871.49"}]
[7623,"TRATOR DE ESTEIRAS, POTENCIA DE 347 HP, PESO OPERACIONAL DE 38,5 T, COM LAMINA COM CAPACIDADE DE 8,70M3","UN    ",{"v":2211003.74,"d":"2,211,003.74"}]
[36508,"TRATOR DE ESTEIRAS, POTENCIA NO VOLANTE DE 200 HP, PESO OPERACIONAL DE 20,1 T, COM RODA MOTRIZ ELEVADA E LAMINA COM CAPACIDADE DE 3,89 M3","UN    ",{"v":994376.11,"d":"994,376.11"}]
[36509,"TRATOR DE ESTEIRAS, POTENCIA 125 HP, PESO OPERACIONAL DE 12,9 T, COM LAMINA COM CAPACIDADE DE 2,7 M3","UN    ",{"v":544954.09,"d":"544,954.09"}]
[13238,"TRATOR DE PNEUS COM POTENCIA DE 105 CV, TRACAO 4 X 4, PESO COM LASTRO DE 5775 KG","UN    ",{"v":142485.97,"d":"142,485.97"}]
[36511,"TRATOR DE PNEUS COM POTENCIA DE 122 CV, TRACAO 4 X 4, PESO COM LASTRO DE 4510 KG","UN    ",{"v":165102.79,"d":"165,102.79"}]
[36515,"TRATOR DE PNEUS COM POTENCIA DE 15 CV, PESO COM LASTRO DE 1160 KG","UN    ",{"v":48626.16,"d":"48,626.16"}]
[10598,"TRATOR DE PNEUS COM POTENCIA DE 50 CV, TRACAO 4 X 2, PESO COM LASTRO DE 2714 KG","UN    ",{"v":78854.67,"d":"78,854.67"}]
[7640,"TRATOR DE PNEUS COM POTENCIA DE 85 CV, TRACAO 4 X 4, PESO COM LASTRO DE 4675 KG","UN    ",{"v":121000,"d":"121,000.00"}]
[36513,"TRATOR DE PNEUS COM POTENCIA DE 85 CV, TURBO,  PESO COM LASTRO DE 4900 KG","UN    ",{"v":116561.44,"d":"116,561.44"}]
[36514,"TRATOR DE PNEUS COM POTENCIA DE 95 CV, TRACAO 4 X 4, PESO MAXIMO DE 5225 KG","UN    ",{"v":130046.72,"d":"130,046.72"}]
[36149,"TRAVA-QUEDAS EM ACO PARA CORDA DE 12 MM, EXTENSOR DE 25 X 300 MM, COM MOSQUETAO TIPO GANCHO TRAVA DUPLA","UN    ",126.9]
[11581,"TRILHO EM ALUMINIO \"U\", COM ABAULADO PARA ROLDANA DE PORTA DE CORRER, *40 X 40* MM","M     ",21.78]
[11580,"TRILHO QUADRADO, EM ALUMINIO (VERGALHAO MACICO), 1/4\", (*6 X 6* CM), PARA RODIZIOS","M     ",9.92]
[38177,"TRINCO / FECHO TIPO AVIAO, EM ZAMAC CROMADO, *60* MM, PARA JANELAS - INCLUI PARAFUSOS","UN    ",6.73]
[10743,"TROLEY MANUAL CAPACIDADE 1 T","UN    ",693.1]
[39848,"TUBO / MANGUEIRA PRETA EM POLIETILENO, LINHA PESADA OU REFORCADA, TIPO ESPAGUETE, PARA INJECAO DE CALDA DE CIMENTO, D = 1/2\", ESPESSURA 1,5 MM","M     ",1.26]
[20999,"TUBO ACO CARBONO COM COSTURA, NBR 5580, CLASSE L, DN = 15 MM, E = 2,25 MM, 1,06 KG/M","M     ",6.79]
[21001,"TUBO ACO CARBONO COM COSTURA, NBR 5580, CLASSE L, DN = 25 MM, E = 2,65 MM, 2,02 KG/M","M     ",12.67]
[21003,"TUBO ACO CARBONO COM COSTURA, NBR 5580, CLASSE L, DN = 40 MM, E = 3,0 MM, 3,34 KG/M","M     ",20.82]
[21006,"TUBO ACO CARBONO COM COSTURA, NBR 5580, CLASSE L, DN = 80 MM, E = 3,35 MM, 7,07 KG/M","M     ",44.18]
[21019,"TUBO ACO CARBONO COM COSTURA, NBR 5580, CLASSE M, DN = 25 MM, E = 3,35 MM, *2,50* KG//M","M     ",15.36]
[21021,"TUBO ACO CARBONO COM COSTURA, NBR 5580, CLASSE M, DN = 40 MM, E = 3,35 MM, *3,71* KG//M","M     ",24.28]
[21024,"TUBO ACO CARBONO COM COSTURA, NBR 5580, CLASSE M, DN = 80 MM, E = 4,05 MM, *8,47* KG/M","M     ",52.02]
[40624,"TUBO ACO CARBONO SEM COSTURA 1 1/2\", E= *3,68 MM, SCHEDULE 40, 4,05 KG/M","M     ",42.43]
[13127,"TUBO ACO CARBONO SEM COSTURA 1/2\", E= *2,77 MM, SCHEDULE 40, *1,27 KG/M","M     ",18.92]
[13137,"TUBO ACO CARBONO SEM COSTURA 1/2\", E= *3,73 MM, SCHEDULE 80, *1,62 KG/M","M     ",25.11]
[20989,"TUBO ACO CARBONO SEM COSTURA 14\", E= *11,13 MM, SCHEDULE 40, *94,55 KG/M","M     ",899.78]
[21147,"TUBO ACO CARBONO SEM COSTURA 2 1/2\", E = 5,16 MM, SCHEDULE 40 (8,62 KG/M)","M     ",84.36]
[21148,"TUBO ACO CARBONO SEM COSTURA 2\", E= *3,91* MM, SCHEDULE 40, *5,43* KG/M","M     ",52.07]
[20984,"TUBO ACO CARBONO SEM COSTURA 20\", E= *12,70 MM, SCHEDULE 30, *154,97 KG/M","M     ",{"v":1726.5,"d":"1,726.50"}]
[13042,"TUBO ACO CARBONO SEM COSTURA 20\", E= *6,35 MM,  SCHEDULE 10, *78,46 KG/M","M     ",956.74]
[21150,"TUBO ACO CARBONO SEM COSTURA 3/4\", E= *2,87 MM, SCHEDULE 40, *1,69 KG/M","M     ",25.82]
[13141,"TUBO ACO CARBONO SEM COSTURA 3/4\", E= *3,91 MM, SCHEDULE 80, *2,19 KG/M.","M     ",32.53]
[21151,"TUBO ACO CARBONO SEM COSTURA 4\", E= *6,02 MM, SCHEDULE 40, *16,06 KG/M","M     ",154.54]
[13142,"TUBO ACO CARBONO SEM COSTURA 4\", E= *8,56 MM, SCHEDULE 80, *22,31 KG/M","M     ",220.93]
[20994,"TUBO ACO CARBONO SEM COSTURA 6\", E= *10,97 MM, SCHEDULE 80, *42,56 KG/M","M     ",416.55]
[7672,"TUBO ACO CARBONO SEM COSTURA 6\", E= 7,11 MM,  SCHEDULE 40, *28,26 KG/M","M     ",272.88]
[20995,"TUBO ACO CARBONO SEM COSTURA 8\", E= *12,70 MM, SCHEDULE 80, *64,64 KG/M","M     ",547.43]
[7690,"TUBO ACO CARBONO SEM COSTURA 8\", E= *6,35 MM,  SCHEDULE 20, *33,27 KG/M","M     ",316.61]
[20980,"TUBO ACO CARBONO SEM COSTURA 8\", E= *7,04 MM, SCHEDULE 30, *36,75 KG/M","M     ",345.39]
[7661,"TUBO ACO CARBONO SEM COSTURA 8\", E= *8,18 MM, SCHEDULE 40, *42,55 KG/M","M     ",410.88]
[21016,"TUBO ACO GALVANIZADO COM COSTURA, CLASSE LEVE, DN 100 MM ( 4\"),  E = 3,75 MM,  *10,55* KG/M (NBR 5580)","M     ",83.92]
[21008,"TUBO ACO GALVANIZADO COM COSTURA, CLASSE LEVE, DN 15 MM ( 1/2\"),  E = 2,25 MM,  *1,2* KG/M (NBR 5580)","M     ",9.8]
[21009,"TUBO ACO GALVANIZADO COM COSTURA, CLASSE LEVE, DN 20 MM ( 3/4\"),  E = 2,25 MM,  *1,3* KG/M (NBR 5580)","M     ",12.76]
[21010,"TUBO ACO GALVANIZADO COM COSTURA, CLASSE LEVE, DN 25 MM ( 1\"),  E = 2,65 MM,  *2,11* KG/M (NBR 5580)","M     ",17.14]
[21011,"TUBO ACO GALVANIZADO COM COSTURA, CLASSE LEVE, DN 32 MM ( 1 1/4\"),  E = 2,65 MM,  *2,71* KG/M (NBR 5580)","M     ",24.98]
[21012,"TUBO ACO GALVANIZADO COM COSTURA, CLASSE LEVE, DN 40 MM ( 1 1/2\"),  E = 3,00 MM,  *3,48* KG/M (NBR 5580)","M     ",27.6]
[21013,"TUBO ACO GALVANIZADO COM COSTURA, CLASSE LEVE, DN 50 MM ( 2\"),  E = 3,00 MM,  *4,40* KG/M (NBR 5580)","M     ",36.02]
[21014,"TUBO ACO GALVANIZADO COM COSTURA, CLASSE LEVE, DN 65 MM ( 2 1/2\"),  E = 3,35 MM, * 6,23* KG/M (NBR 5580)","M     ",50.4]
[21015,"TUBO ACO GALVANIZADO COM COSTURA, CLASSE LEVE, DN 80 MM ( 3\"),  E = 3,35 MM, *7,32* KG/M (NBR 5580)","M     ",57.91]
[7697,"TUBO ACO GALVANIZADO COM COSTURA, CLASSE MEDIA, DN 1.1/2\", E = *3,25* MM, PESO *3,61* KG/M (NBR 5580)","M     ",27.63]
[7698,"TUBO ACO GALVANIZADO COM COSTURA, CLASSE MEDIA, DN 1.1/4\", E = *3,25* MM, PESO *3,14* KG/M (NBR 5580)","M     ",23.78]
[7691,"TUBO ACO GALVANIZADO COM COSTURA, CLASSE MEDIA, DN 1/2\", E = *2,65* MM, PESO *1,22* KG/M (NBR 5580)","M     ",10.05]
[40626,"TUBO ACO GALVANIZADO COM COSTURA, CLASSE MEDIA, DN 1\", E = 3,38 MM, PESO 2,50 KG/M (NBR 5580)","M     ",18.86]
[7701,"TUBO ACO GALVANIZADO COM COSTURA, CLASSE MEDIA, DN 2.1/2\", E = *3,65* MM, PESO *6,51* KG/M (NBR 5580)","M     ",49.45]
[7696,"TUBO ACO GALVANIZADO COM COSTURA, CLASSE MEDIA, DN 2\", E = *3,65* MM, PESO *5,10* KG/M (NBR 5580)","M     ",39.85]
[7700,"TUBO ACO GALVANIZADO COM COSTURA, CLASSE MEDIA, DN 3/4\", E = *2,65* MM, PESO *1,58* KG/M (NBR 5580)","M     ",12.71]
[7694,"TUBO ACO GALVANIZADO COM COSTURA, CLASSE MEDIA, DN 3\", E = *4,05* MM, PESO *8,47* KG/M (NBR 5580)","M     ",66.54]
[7693,"TUBO ACO GALVANIZADO COM COSTURA, CLASSE MEDIA, DN 4\", E = 4,50* MM, PESO 12,10* KG/M (NBR 5580)","M     ",91.65]
[7692,"TUBO ACO GALVANIZADO COM COSTURA, CLASSE MEDIA, DN 5\", E = *5,40* MM, PESO *17,80* KG/M (NBR 5580)","M     ",137.21]
[7695,"TUBO ACO GALVANIZADO COM COSTURA, CLASSE MEDIA, DN 6\", E = 4,85* MM, PESO 19,68* KG/M (NBR 5580)","M     ",148.81]
[13356,"TUBO ACO INDUSTRIAL DN 2\" (50,8 MM) E=1,50MM, PESO= 1,8237 KG/M","M     ",10.79]
[36365,"TUBO COLETOR DE ESGOTO PVC, JEI, DN 100 MM (NBR  7362)","M     ",18.18]
[41930,"TUBO COLETOR DE ESGOTO PVC, JEI, DN 200 MM (NBR 7362)","M     ",61.06]
[41931,"TUBO COLETOR DE ESGOTO PVC, JEI, DN 250 MM (NBR 7362)","M     ",103.5]
[41932,"TUBO COLETOR DE ESGOTO PVC, JEI, DN 300 MM (NBR 7362)","M     ",167.73]
[41933,"TUBO COLETOR DE ESGOTO PVC, JEI, DN 350 MM (NBR 7362)","M     ",207.98]
[41934,"TUBO COLETOR DE ESGOTO PVC, JEI, DN 400 MM (NBR 7362)","M     ",270.68]
[41936,"TUBO COLETOR DE ESGOTO, PVC, JEI, DN 150 MM  (NBR 7362)","M     ",39.11]
[7720,"TUBO CONCRETO ARMADO, CLASSE EA-2, PB JE, DN 1000 MM, PARA ESGOTO SANITARIO (NBR 8890)","M     ",306.18]
[40335,"TUBO CONCRETO ARMADO, CLASSE EA-2, PB JE, DN 300 MM, PARA ESGOTO SANITARIO (NBR 8890)","M     ",62.36]
[7740,"TUBO CONCRETO ARMADO, CLASSE EA-2, PB JE, DN 400 MM, PARA ESGOTO SANITARIO (NBR 8890)","M     ",85.08]
[7741,"TUBO CONCRETO ARMADO, CLASSE EA-2, PB JE, DN 500 MM, PARA ESGOTO SANITARIO (NBR 8890)","M     ",107.38]
[7774,"TUBO CONCRETO ARMADO, CLASSE EA-2, PB JE, DN 600 MM, PARA ESGOTO SANITARIO (NBR 8890)","M     ",144.55]
[7744,"TUBO CONCRETO ARMADO, CLASSE EA-2, PB JE, DN 700 MM, PARA ESGOTO SANITARIO (NBR 8890)","M     ",166.63]
[7773,"TUBO CONCRETO ARMADO, CLASSE EA-2, PB JE, DN 800 MM, PARA ESGOTO SANITARIO (NBR 8890)","M     ",207.52]
[7754,"TUBO CONCRETO ARMADO, CLASSE EA-2, PB JE, DN 900 MM, PARA ESGOTO SANITARIO (NBR 8890)","M     ",282]
[7735,"TUBO CONCRETO ARMADO, CLASSE EA-3, PB JE, DN 1000 MM, PARA ESGOTO SANITARIO (NBR 8890)","M     ",386.52]
[7755,"TUBO CONCRETO ARMADO, CLASSE EA-3, PB JE, DN 400 MM, PARA ESGOTO SANITARIO (NBR 8890)","M     ",103.65]
[7776,"TUBO CONCRETO ARMADO, CLASSE EA-3, PB JE, DN 500 MM, PARA ESGOTO SANITARIO (NBR 8890)","M     ",134.91]
[7743,"TUBO CONCRETO ARMADO, CLASSE EA-3, PB JE, DN 600 MM, PARA ESGOTO SANITARIO (NBR 8890)","M     ",178.16]
[7733,"TUBO CONCRETO ARMADO, CLASSE EA-3, PB JE, DN 700 MM, PARA ESGOTO SANITARIO (NBR 8890)","M     ",198.66]
[7775,"TUBO CONCRETO ARMADO, CLASSE EA-3, PB JE, DN 800 MM, PARA ESGOTO SANITARIO (NBR 8890)","M     ",244.42]
[7734,"TUBO CONCRETO ARMADO, CLASSE EA-3, PB JE, DN 900 MM, PARA ESGOTO SANITARIO (NBR 8890)","M     ",353.35]
[7753,"TUBO CONCRETO ARMADO, CLASSE PA-1, PB, DN 1000 MM, PARA AGUAS PLUVIAIS (NBR 8890)","M     ",179.15]
[13256,"TUBO CONCRETO ARMADO, CLASSE PA-1, PB, DN 1100 MM, PARA AGUAS PLUVIAIS (NBR 8890)","M     ",209.13]
[7757,"TUBO CONCRETO ARMADO, CLASSE PA-1, PB, DN 1200 MM, PARA AGUAS PLUVIAIS (NBR 8890)","M     ",253.89]
[7758,"TUBO CONCRETO ARMADO, CLASSE PA-1, PB, DN 1500 MM, PARA AGUAS PLUVIAIS (NBR 8890)","M     ",377.65]
[7759,"TUBO CONCRETO ARMADO, CLASSE PA-1, PB, DN 2000 MM, PARA AGUAS PLUVIAIS (NBR 8890)","M     ",822.76]
[40334,"TUBO CONCRETO ARMADO, CLASSE PA-1, PB, DN 300 MM, PARA AGUAS PLUVIAIS (NBR 8890)","M     ",44.42]
[7745,"TUBO CONCRETO ARMADO, CLASSE PA-1, PB, DN 400 MM, PARA AGUAS PLUVIAIS (NBR 8890)","M     ",46.94]
[7714,"TUBO CONCRETO ARMADO, CLASSE PA-1, PB, DN 500 MM, PARA AGUAS PLUVIAIS (NBR 8890)","M     ",61.98]
[7725,"TUBO CONCRETO ARMADO, CLASSE PA-1, PB, DN 600 MM, PARA AGUAS PLUVIAIS (NBR 8890)","M     ",82]
[7742,"TUBO CONCRETO ARMADO, CLASSE PA-1, PB, DN 700 MM, PARA AGUAS PLUVIAIS (NBR 8890)","M     ",115.1]
[7750,"TUBO CONCRETO ARMADO, CLASSE PA-1, PB, DN 800 MM, PARA AGUAS PLUVIAIS (NBR 8890)","M     ",130.52]
[7756,"TUBO CONCRETO ARMADO, CLASSE PA-1, PB, DN 900 MM, PARA AGUAS PLUVIAIS (NBR 8890)","M     ",161.14]
[7765,"TUBO CONCRETO ARMADO, CLASSE PA-2, PB, DN 1000 MM, PARA AGUAS PLUVIAIS (NBR 8890)","M     ",197.85]
[12569,"TUBO CONCRETO ARMADO, CLASSE PA-2, PB, DN 1100 MM, PARA AGUAS PLUVIAIS (NBR 8890)","M     ",212.89]
[7766,"TUBO CONCRETO ARMADO, CLASSE PA-2, PB, DN 1200 MM, PARA AGUAS PLUVIAIS (NBR 8890)","M     ",287.75]
[7767,"TUBO CONCRETO ARMADO, CLASSE PA-2, PB, DN 1500 MM, PARA AGUAS PLUVIAIS (NBR 8890)","M     ",443.4]
[7727,"TUBO CONCRETO ARMADO, CLASSE PA-2, PB, DN 2000 MM, PARA AGUAS PLUVIAIS (NBR 8890)","M     ",962.93]
[7760,"TUBO CONCRETO ARMADO, CLASSE PA-2, PB, DN 300 MM, PARA AGUAS PLUVIAIS (NBR 8890)","M     ",46.71]
[7761,"TUBO CONCRETO ARMADO, CLASSE PA-2, PB, DN 400 MM, PARA AGUAS PLUVIAIS (NBR 8890)","M     ",49.65]
[7752,"TUBO CONCRETO ARMADO, CLASSE PA-2, PB, DN 500 MM, PARA AGUAS PLUVIAIS (NBR 8890)","M     ",60.14]
[7762,"TUBO CONCRETO ARMADO, CLASSE PA-2, PB, DN 600 MM, PARA AGUAS PLUVIAIS (NBR 8890)","M     ",78.68]
[7722,"TUBO CONCRETO ARMADO, CLASSE PA-2, PB, DN 700 MM, PARA AGUAS PLUVIAIS (NBR 8890)","M     ",121.34]
[7763,"TUBO CONCRETO ARMADO, CLASSE PA-2, PB, DN 800 MM, PARA AGUAS PLUVIAIS (NBR 8890)","M     ",135.22]
[7764,"TUBO CONCRETO ARMADO, CLASSE PA-2, PB, DN 900 MM, PARA AGUAS PLUVIAIS (NBR 8890)","M     ",203.11]
[12572,"TUBO CONCRETO ARMADO, CLASSE PA-3, PB, DN 1000 MM, PARA AGUAS PLUVIAIS (NBR 8890)","M     ",266.31]
[12573,"TUBO CONCRETO ARMADO, CLASSE PA-3, PB, DN 1100 MM, PARA AGUAS PLUVIAIS (NBR 8890)","M     ",279.85]
[12574,"TUBO CONCRETO ARMADO, CLASSE PA-3, PB, DN 1200 MM, PARA AGUAS PLUVIAIS (NBR 8890)","M     ",363.64]
[12575,"TUBO CONCRETO ARMADO, CLASSE PA-3, PB, DN 1500 MM, PARA AGUAS PLUVIAIS (NBR 8890)","M     ",533.75]
[12576,"TUBO CONCRETO ARMADO, CLASSE PA-3, PB, DN 400 MM, PARA AGUAS PLUVIAIS (NBR 8890)","M     ",56.42]
[12577,"TUBO CONCRETO ARMADO, CLASSE PA-3, PB, DN 500 MM, PARA AGUAS PLUVIAIS (NBR 8890)","M     ",72.97]
[12578,"TUBO CONCRETO ARMADO, CLASSE PA-3, PB, DN 600 MM, PARA AGUAS PLUVIAIS (NBR 8890)","M     ",97.87]
[12579,"TUBO CONCRETO ARMADO, CLASSE PA-3, PB, DN 700 MM, PARA AGUAS PLUVIAIS (NBR 8890)","M     ",143.31]
[12580,"TUBO CONCRETO ARMADO, CLASSE PA-3, PB, DN 800 MM, PARA AGUAS PLUVIAIS (NBR 8890)","M     ",185]
[12581,"TUBO CONCRETO ARMADO, CLASSE PA-3, PB, DN 900 MM, PARA AGUAS PLUVIAIS (NBR 8890)","M     ",253.14]
[41785,"TUBO CORRUGADO PEAD, PAREDE DUPLA, INTERNA LISA, JEI, DN/DI *1000* MM, PARA SANEAMENTO","M     ",858.81]
[41781,"TUBO CORRUGADO PEAD, PAREDE DUPLA, INTERNA LISA, JEI, DN/DI *400* MM, PARA SANEAMENTO","M     ",195.48]
[41783,"TUBO CORRUGADO PEAD, PAREDE DUPLA, INTERNA LISA, JEI, DN/DI *800* MM, PARA SANEAMENTO","M     ",566.74]
[41786,"TUBO CORRUGADO PEAD, PAREDE DUPLA, INTERNA LISA, JEI, DN/DI 1200 MM, PARA SANEAMENTO","M     ",{"v":1229.87,"d":"1,229.87"}]
[41779,"TUBO CORRUGADO PEAD, PAREDE DUPLA, INTERNA LISA, JEI, DN/DI 250 MM, PARA SANEAMENTO","M     ",66.34]
[41780,"TUBO CORRUGADO PEAD, PAREDE DUPLA, INTERNA LISA, JEI, DN/DI 300 MM, PARA SANEAMENTO","M     ",98.18]
[41782,"TUBO CORRUGADO PEAD, PAREDE DUPLA, INTERNA LISA, JEI, DN/DI 600 MM, PARA SANEAMENTO","M     ",382.13]
[38130,"TUBO CPVC SOLDAVEL, 35 MM, AGUA QUENTE PREDIAL (NBR 15884)","M     ",24.98]
[21123,"TUBO CPVC, SOLDAVEL, 15 MM, AGUA QUENTE PREDIAL (NBR 15884)","M     ",7.09]
[21124,"TUBO CPVC, SOLDAVEL, 22 MM, AGUA QUENTE PREDIAL (NBR 15884)","M     ",12.57]
[21125,"TUBO CPVC, SOLDAVEL, 28 MM, AGUA QUENTE PREDIAL (NBR 15884)","M     ",20.17]
[38028,"TUBO CPVC, SOLDAVEL, 42 MM, AGUA QUENTE PREDIAL (NBR 15884)","M     ",34.24]
[38029,"TUBO CPVC, SOLDAVEL, 54 MM, AGUA QUENTE PREDIAL (NBR 15884)","M     ",52.19]
[38030,"TUBO CPVC, SOLDAVEL, 73 MM, AGUA QUENTE PREDIAL (NBR 15884)","M     ",80.17]
[38031,"TUBO CPVC, SOLDAVEL, 89 MM, AGUA QUENTE PREDIAL (NBR 15884)","M     ",127.03]
[39735,"TUBO DE BORRACHA ELASTOMERICA FLEXIVEL, PRETA, PARA ISOLAMENTO TERMICO DE TUBULACAO, DN 1 1/8\" (28 MM), E= 32 MM, COEFICIENTE DE CONDUTIVIDADE TERMICA 0,036W/mK, VAPOR DE AGUA MAIOR OU IGUAL A 10.000","M     ",60.48]
[39734,"TUBO DE BORRACHA ELASTOMERICA FLEXIVEL, PRETA, PARA ISOLAMENTO TERMICO DE TUBULACAO, DN 1 3/8\" (35 MM), E= 32 MM, COEFICIENTE DE CONDUTIVIDADE TERMICA 0,036W/mK, VAPOR DE AGUA MAIOR OU IGUAL A 10.000","M     ",71.74]
[39736,"TUBO DE BORRACHA ELASTOMERICA FLEXIVEL, PRETA, PARA ISOLAMENTO TERMICO DE TUBULACAO, DN 1 5/8\" (42 MM), E= 32 MM, COEFICIENTE DE CONDUTIVIDADE TERMICA 0,036W/mK, VAPOR DE AGUA MAIOR OU IGUAL A 10.000","M     ",81.88]
[39737,"TUBO DE BORRACHA ELASTOMERICA FLEXIVEL, PRETA, PARA ISOLAMENTO TERMICO DE TUBULACAO, DN 1/2\" (12 MM), E= 19 MM, COEFICIENTE DE CONDUTIVIDADE TERMICA 0,036W/mK, VAPOR DE AGUA MAIOR OU IGUAL A 10.000","M     ",11.01]
[39738,"TUBO DE BORRACHA ELASTOMERICA FLEXIVEL, PRETA, PARA ISOLAMENTO TERMICO DE TUBULACAO, DN 1/4\" (6 MM), E= 9 MM, COEFICIENTE DE CONDUTIVIDADE TERMICA 0,036W/mK, VAPOR DE AGUA MAIOR OU IGUAL A 10.000","M     ",3.98]
[39739,"TUBO DE BORRACHA ELASTOMERICA FLEXIVEL, PRETA, PARA ISOLAMENTO TERMICO DE TUBULACAO, DN 1\" (25 MM), E= 32 MM, COEFICIENTE DE CONDUTIVIDADE TERMICA 0,036W/mK, VAPOR DE AGUA MAIOR OU IGUAL A 10.000","M     ",56.62]
[39733,"TUBO DE BORRACHA ELASTOMERICA FLEXIVEL, PRETA, PARA ISOLAMENTO TERMICO DE TUBULACAO, DN 2 1/8\" (54 MM), E= 32 MM, COEFICIENTE DE CONDUTIVIDADE TERMICA 0,036W/mK, VAPOR DE AGUA MAIOR OU IGUAL A 10.000","M     ",97.98]
[39854,"TUBO DE BORRACHA ELASTOMERICA FLEXIVEL, PRETA, PARA ISOLAMENTO TERMICO DE TUBULACAO, DN 2 5/8\" (*64* MM), E= *32* MM, COEFICIENTE DE CONDUTIVIDADE TERMICA 0,036W/MK, VAPOR DE AGUA MAIOR OU IGUAL A 10.000","M     ",99.37]
[39740,"TUBO DE BORRACHA ELASTOMERICA FLEXIVEL, PRETA, PARA ISOLAMENTO TERMICO DE TUBULACAO, DN 3/4\" (18 MM), E= 32 MM, COEFICIENTE DE CONDUTIVIDADE TERMICA 0,036W/mK, VAPOR DE AGUA MAIOR OU IGUAL A 10.000","M     ",54.37]
[39741,"TUBO DE BORRACHA ELASTOMERICA FLEXIVEL, PRETA, PARA ISOLAMENTO TERMICO DE TUBULACAO, DN 3/8\" (10 MM), E= 19 MM, COEFICIENTE DE CONDUTIVIDADE TERMICA 0,036W/mK, VAPOR DE AGUA MAIOR OU IGUAL A 10.000","M     ",10.02]
[39853,"TUBO DE BORRACHA ELASTOMERICA FLEXIVEL, PRETA, PARA ISOLAMENTO TERMICO DE TUBULACAO, DN 5/8\" (15 MM), E= 19 MM, COEFICIENTE DE CONDUTIVIDADE TERMICA 0,036W/MK, VAPOR DE AGUA MAIOR OU IGUAL A 10.000","M     ",13.16]
[39742,"TUBO DE BORRACHA ELASTOMERICA FLEXIVEL, PRETA, PARA ISOLAMENTO TERMICO DE TUBULACAO, DN 7/8\" (22 MM), E= 32 MM, COEFICIENTE DE CONDUTIVIDADE TERMICA 0,036W/mK, VAPOR DE AGUA MAIOR OU IGUAL A 10.000","M     ",43.7]
[39749,"TUBO DE COBRE CLASSE \"A\", DN = 1 \" (28 MM), PARA INSTALACOES DE MEDIA PRESSAO PARA GASES COMBUSTIVEIS E MEDICINAIS","M     ",47.26]
[39751,"TUBO DE COBRE CLASSE \"A\", DN = 1 1/2 \" (42 MM), PARA INSTALACOES DE MEDIA PRESSAO PARA GASES COMBUSTIVEIS E MEDICINAIS","M     ",85.88]
[39750,"TUBO DE COBRE CLASSE \"A\", DN = 1 1/4 \" (35 MM), PARA INSTALACOES DE MEDIA PRESSAO PARA GASES COMBUSTIVEIS E MEDICINAIS","M     ",71.38]
[39747,"TUBO DE COBRE CLASSE \"A\", DN = 1/2 \" (15 MM), PARA INSTALACOES DE MEDIA PRESSAO PARA GASES COMBUSTIVEIS E MEDICINAIS","M     ",22.96]
[39753,"TUBO DE COBRE CLASSE \"A\", DN = 2 1/2 \" (66 MM), PARA INSTALACOES DE MEDIA PRESSAO PARA GASES COMBUSTIVEIS E MEDICINAIS","M     ",158.08]
[39754,"TUBO DE COBRE CLASSE \"A\", DN = 3 \" (79 MM), PARA INSTALACOES DE MEDIA PRESSAO PARA GASES COMBUSTIVEIS E MEDICINAIS","M     ",232.9]
[39748,"TUBO DE COBRE CLASSE \"A\", DN = 3/4 \" (22 MM), PARA INSTALACOES DE MEDIA PRESSAO PARA GASES COMBUSTIVEIS E MEDICINAIS","M     ",37.15]
[39755,"TUBO DE COBRE CLASSE \"A\", DN = 4 \" (104 MM), PARA INSTALACOES DE MEDIA PRESSAO PARA GASES COMBUSTIVEIS E MEDICINAIS","M     ",353.13]
[12742,"TUBO DE COBRE CLASSE \"E\", DN = 104 MM, PARA INSTALACAO HIDRAULICA PREDIAL","M     ",279.62]
[12713,"TUBO DE COBRE CLASSE \"E\", DN = 15 MM, PARA INSTALACAO HIDRAULICA PREDIAL","M     ",14.83]
[12743,"TUBO DE COBRE CLASSE \"E\", DN = 22 MM, PARA INSTALACAO HIDRAULICA PREDIAL","M     ",25.51]
[12744,"TUBO DE COBRE CLASSE \"E\", DN = 28 MM, PARA INSTALACAO HIDRAULICA PREDIAL","M     ",32.37]
[12745,"TUBO DE COBRE CLASSE \"E\", DN = 35 MM, PARA INSTALACAO HIDRAULICA PREDIAL","M     ",47.02]
[12746,"TUBO DE COBRE CLASSE \"E\", DN = 42 MM, PARA INSTALACAO HIDRAULICA PREDIAL","M     ",63.49]
[12747,"TUBO DE COBRE CLASSE \"E\", DN = 54 MM, PARA INSTALACAO HIDRAULICA PREDIAL","M     ",92.07]
[12748,"TUBO DE COBRE CLASSE \"E\", DN = 66 MM, PARA INSTALACAO HIDRAULICA PREDIAL","M     ",129.72]
[12749,"TUBO DE COBRE CLASSE \"E\", DN = 79 MM, PARA INSTALACAO HIDRAULICA PREDIAL","M     ",189.63]
[39726,"TUBO DE COBRE CLASSE \"I\", DN = 1 \" (28 MM), PARA INSTALACOES INDUSTRIAIS DE ALTA PRESSAO E VAPOR","M     ",62.28]
[39728,"TUBO DE COBRE CLASSE \"I\", DN = 1 1/2 \" (42 MM), PARA INSTALACOES INDUSTRIAIS DE ALTA PRESSAO E VAPOR","M     ",109.46]
[39727,"TUBO DE COBRE CLASSE \"I\", DN = 1 1/4 \" (35 MM), PARA INSTALACOES INDUSTRIAIS DE ALTA PRESSAO E VAPOR","M     ",90.08]
[39724,"TUBO DE COBRE CLASSE \"I\", DN = 1/2 \" (15 MM), PARA INSTALACOES INDUSTRIAIS DE ALTA PRESSAO E VAPOR","M     ",27.58]
[39729,"TUBO DE COBRE CLASSE \"I\", DN = 2 \" (54 MM), PARA INSTALACOES INDUSTRIAIS DE ALTA PRESSAO E VAPOR","M     ",151.59]
[39730,"TUBO DE COBRE CLASSE \"I\", DN = 2 1/2 \" (66 MM), PARA INSTALACOES INDUSTRIAIS DE ALTA PRESSAO E VAPOR","M     ",196.68]
[39731,"TUBO DE COBRE CLASSE \"I\", DN = 3 \" (79 MM), PARA INSTALACOES INDUSTRIAIS DE ALTA PRESSAO E VAPOR","M     ",291.3]
[39725,"TUBO DE COBRE CLASSE \"I\", DN = 3/4 \" (22 MM), PARA INSTALACOES INDUSTRIAIS DE ALTA PRESSAO E VAPOR","M     ",44.95]
[39732,"TUBO DE COBRE CLASSE \"I\", DN = 4\" (104 MM), PARA INSTALACOES INDUSTRIAIS DE ALTA PRESSAO E VAPOR","M     ",428.78]
[39660,"TUBO DE COBRE FLEXIVEL, D = 1/2 \", E = 0,79 MM, PARA AR-CONDICIONADO/ INSTALACOES GAS RESIDENCIAIS E COMERCIAIS","M     ",19.54]
[39662,"TUBO DE COBRE FLEXIVEL, D = 1/4 \", E = 0,79 MM, PARA AR-CONDICIONADO/ INSTALACOES GAS RESIDENCIAIS E COMERCIAIS","M     ",9.36]
[39661,"TUBO DE COBRE FLEXIVEL, D = 3/16 \", E = 0,79 MM, PARA AR-CONDICIONADO/ INSTALACOES GAS RESIDENCIAIS E COMERCIAIS","M     ",6.38]
[39666,"TUBO DE COBRE FLEXIVEL, D = 3/4 \", E = 0,79 MM, PARA AR-CONDICIONADO/ INSTALACOES GAS RESIDENCIAIS E COMERCIAIS","M     ",29.39]
[39664,"TUBO DE COBRE FLEXIVEL, D = 3/8 \", E = 0,79 MM, PARA AR-CONDICIONADO/ INSTALACOES GAS RESIDENCIAIS E COMERCIAIS","M     ",14.4]
[39663,"TUBO DE COBRE FLEXIVEL, D = 5/16 \", E = 0,79 MM, PARA AR-CONDICIONADO/ INSTALACOES GAS RESIDENCIAIS E COMERCIAIS","M     ",11.51]
[39665,"TUBO DE COBRE FLEXIVEL, D = 5/8 \", E = 0,79 MM, PARA AR-CONDICIONADO/ INSTALACOES GAS RESIDENCIAIS E COMERCIAIS","M     ",24.3]
[39752,"TUBO DE COBRE, CLASSE \"A\", DN = 2\" (54 MM), PARA INSTALACOES DE MEDIA PRESSAO PARA GASES COMBUSTIVEIS E MEDICINAIS","M     ",122.2]
[12583,"TUBO DE CONCRETO SIMPLES POROSO, MACHO/FEMEA, DN 200 MM","M     ",23.44]
[12584,"TUBO DE CONCRETO SIMPLES POROSO, MACHO/FEMEA, DN 300 MM","M     ",22.56]
[13159,"TUBO DE CONCRETO SIMPLES, CLASSE ES, PB JE, DN 400 MM, PARA ESGOTO SANITARIO (NBR 8890)","M     ",68.33]
[13168,"TUBO DE CONCRETO SIMPLES, CLASSE ES, PB JE, DN 500 MM, PARA ESGOTO SANITARIO (NBR 8890)","M     ",102.75]
[13173,"TUBO DE CONCRETO SIMPLES, CLASSE ES, PB JE, DN 600 MM, PARA ESGOTO SANITARIO (NBR 8890)","M     ",126.69]
[37449,"TUBO DE CONCRETO SIMPLES, CLASSE- PS1, MACHO/FEMEA, DN 200 MM, PARA AGUAS PLUVIAIS (NBR 8890)","M     ",20.95]
[37450,"TUBO DE CONCRETO SIMPLES, CLASSE- PS1, MACHO/FEMEA, DN 300 MM, PARA AGUAS PLUVIAIS (NBR 8890)","M     ",25.53]
[37451,"TUBO DE CONCRETO SIMPLES, CLASSE- PS1, MACHO/FEMEA, DN 400 MM, PARA AGUAS PLUVIAIS (NBR 8890)","M     ",39.1]
[37452,"TUBO DE CONCRETO SIMPLES, CLASSE- PS1, MACHO/FEMEA, DN 500 MM, PARA AGUAS PLUVIAIS (NBR 8890)","M     ",51.87]
[37453,"TUBO DE CONCRETO SIMPLES, CLASSE- PS1, MACHO/FEMEA, DN 600 MM, PARA AGUAS PLUVIAIS (NBR 8890)","M     ",65.09]
[7778,"TUBO DE CONCRETO SIMPLES, CLASSE- PS1, PB, DN 200 MM, PARA AGUAS PLUVIAIS (NBR 8890)","M     ",24.44]
[7796,"TUBO DE CONCRETO SIMPLES, CLASSE- PS1, PB, DN 300 MM, PARA AGUAS PLUVIAIS (NBR 8890)","M     ",29.43]
[7781,"TUBO DE CONCRETO SIMPLES, CLASSE- PS1, PB, DN 400 MM, PARA AGUAS PLUVIAIS (NBR 8890)","M     ",38.9]
[7795,"TUBO DE CONCRETO SIMPLES, CLASSE- PS1, PB, DN 500 MM, PARA AGUAS PLUVIAIS (NBR 8890)","M     ",56.36]
[7791,"TUBO DE CONCRETO SIMPLES, CLASSE- PS1, PB, DN 600 MM, PARA AGUAS PLUVIAIS (NBR 8890)","M     ",71.82]
[7783,"TUBO DE CONCRETO SIMPLES, CLASSE- PS2, PB, DN 200 MM, PARA AGUAS PLUVIAIS (NBR 8890)","M     ",27.43]
[7790,"TUBO DE CONCRETO SIMPLES, CLASSE- PS2, PB, DN 300 MM, PARA AGUAS PLUVIAIS (NBR 8890)","M     ",31.92]
[7785,"TUBO DE CONCRETO SIMPLES, CLASSE- PS2, PB, DN 400 MM, PARA AGUAS PLUVIAIS (NBR 8890)","M     ",41.9]
[7792,"TUBO DE CONCRETO SIMPLES, CLASSE- PS2, PB, DN 500 MM, PARA AGUAS PLUVIAIS (NBR 8890)","M     ",60.85]
[7793,"TUBO DE CONCRETO SIMPLES, CLASSE- PS2, PB, DN 600 MM, PARA AGUAS PLUVIAIS (NBR 8890)","M     ",78.53]
[12613,"TUBO DE DESCARGA PVC, PARA LIGACAO CAIXA DE DESCARGA - EMBUTIR, 40 MM X 150 CM","UN    ",13.41]
[1031,"TUBO DE DESCIDA EXTERNO DE PVC PARA CAIXA DE DESCARGA EXTERNA ALTA - 40 MM X 1,60 M","UN    ",6.94]
[39707,"TUBO DE ESPUMA DE POLIETILENO EXPANDIDO FLEXIVEL PARA ISOLAMENTO TERMICO DE TUBULACAO DE AR CONDICIONADO, AGUA QUENTE,  DN 1 1/2\", E= 10 MM","M     ",2.41]
[39708,"TUBO DE ESPUMA DE POLIETILENO EXPANDIDO FLEXIVEL PARA ISOLAMENTO TERMICO DE TUBULACAO DE AR CONDICIONADO, AGUA QUENTE,  DN 1 1/4\", E= 10 MM","M     ",2.34]
[39710,"TUBO DE ESPUMA DE POLIETILENO EXPANDIDO FLEXIVEL PARA ISOLAMENTO TERMICO DE TUBULACAO DE AR CONDICIONADO, AGUA QUENTE,  DN 1 1/8\", E= 10 MM","M     ",1.64]
[39709,"TUBO DE ESPUMA DE POLIETILENO EXPANDIDO FLEXIVEL PARA ISOLAMENTO TERMICO DE TUBULACAO DE AR CONDICIONADO, AGUA QUENTE,  DN 1 3/8\", E= 10 MM","M     ",2.28]
[39711,"TUBO DE ESPUMA DE POLIETILENO EXPANDIDO FLEXIVEL PARA ISOLAMENTO TERMICO DE TUBULACAO DE AR CONDICIONADO, AGUA QUENTE,  DN 1 5/8\", E= 10 MM","M     ",2.56]
[39712,"TUBO DE ESPUMA DE POLIETILENO EXPANDIDO FLEXIVEL PARA ISOLAMENTO TERMICO DE TUBULACAO DE AR CONDICIONADO, AGUA QUENTE,  DN 1/2\", E= 10 MM","M     ",0.9]
[39713,"TUBO DE ESPUMA DE POLIETILENO EXPANDIDO FLEXIVEL PARA ISOLAMENTO TERMICO DE TUBULACAO DE AR CONDICIONADO, AGUA QUENTE,  DN 1/4\", E= 10 MM","M     ",0.71]
[39714,"TUBO DE ESPUMA DE POLIETILENO EXPANDIDO FLEXIVEL PARA ISOLAMENTO TERMICO DE TUBULACAO DE AR CONDICIONADO, AGUA QUENTE,  DN 1\", E= 10 MM","M     ",1.63]
[39715,"TUBO DE ESPUMA DE POLIETILENO EXPANDIDO FLEXIVEL PARA ISOLAMENTO TERMICO DE TUBULACAO DE AR CONDICIONADO, AGUA QUENTE,  DN 3/4\", E= 10 MM","M     ",1.16]
[39716,"TUBO DE ESPUMA DE POLIETILENO EXPANDIDO FLEXIVEL PARA ISOLAMENTO TERMICO DE TUBULACAO DE AR CONDICIONADO, AGUA QUENTE,  DN 3/8\", E= 10 MM","M     ",0.88]
[39718,"TUBO DE ESPUMA DE POLIETILENO EXPANDIDO FLEXIVEL PARA ISOLAMENTO TERMICO DE TUBULACAO DE AR CONDICIONADO, AGUA QUENTE,  DN 7/8\", E= 10 MM","M     ",1.5]
[9813,"TUBO DE POLIETILENO DE ALTA DENSIDADE (PEAD), PE-80, DE = 20 MM X 2,3 MM DE PAREDE, PARA LIGACAO DE AGUA PREDIAL (NBR 15561)","M     ",3.6]
[9815,"TUBO DE POLIETILENO DE ALTA DENSIDADE (PEAD), PE-80, DE = 32 MM X 3,0 MM DE PAREDE, PARA LIGACAO DE AGUA PREDIAL (NBR 15561)","M     ",7.11]
[25876,"TUBO DE POLIETILENO DE ALTA DENSIDADE, PEAD, PE-80, DE = 1000 MM X 38,5 MM PAREDE, ( SDR 26 - PN 05 ) PARA REDE DE AGUA OU ESGOTO (NBR 15561)","M     ",{"v":3537.6,"d":"3,537.60"}]
[25888,"TUBO DE POLIETILENO DE ALTA DENSIDADE, PEAD, PE-80, DE = 110 MM X 10,0 MM PAREDE, ( SDR 11 - PN 12,5 ) PARA REDE DE AGUA OU ESGOTO (NBR 15561)","M     ",86.7]
[25874,"TUBO DE POLIETILENO DE ALTA DENSIDADE, PEAD, PE-80, DE = 1200 MM X 37,2 MM PAREDE ( SDR 32,25 - PN 04 ) PARA REDE DE AGUA OU ESGOTO (NBR 15561)","M     ",{"v":6204.41,"d":"6,204.41"}]
[25877,"TUBO DE POLIETILENO DE ALTA DENSIDADE, PEAD, PE-80, DE = 1400 MM X 42,9 MM PAREDE, (SDR 32,25 - PN 04 ) PARA REDE DE AGUA OU ESGOTO (NBR 15561)","M     ",{"v":8466.16,"d":"8,466.16"}]
[25878,"TUBO DE POLIETILENO DE ALTA DENSIDADE, PEAD, PE-80, DE = 160 MM X 14,6 MM PAREDE, (SDR 11 - PN 12,5 ) PARA REDE DE AGUA OU ESGOTO (NBR 15561)","M     ",186.1]
[25879,"TUBO DE POLIETILENO DE ALTA DENSIDADE, PEAD, PE-80, DE = 1600 MM X 49,0 MM PAREDE, ( SDR 32,25 - PN 04 ) PARA REDE DE AGUA OU ESGOTO (NBR 15561)","M     ",{"v":8031.16,"d":"8,031.16"}]
[25887,"TUBO DE POLIETILENO DE ALTA DENSIDADE, PEAD, PE-80, DE = 900 MM X 34,7 MM PAREDE, ( SDR 26 - PN 05 ) PARA REDE DE AGUA OU ESGOTO (NBR 15561)","M     ",{"v":3208.58,"d":"3,208.58"}]
[25880,"TUBO DE POLIETILENO DE ALTA DENSIDADE, PEAD, PE-80, DE= 200 MM X 18,2 MM PAREDE, ( SDR 11 - PN 12,5 ) PARA REDE DE AGUA OU ESGOTO (NBR 15561)","M     ",290.11]
[25881,"TUBO DE POLIETILENO DE ALTA DENSIDADE, PEAD, PE-80, DE= 315 MM X 28,7 MM PAREDE, ( SDR 11 - PN 12,5 ) PARA REDE DE AGUA OU ESGOTO (NBR 15561)","M     ",710.86]
[25882,"TUBO DE POLIETILENO DE ALTA DENSIDADE, PEAD, PE-80, DE= 400 MM X 36,4 MM PAREDE, ( SDR 11 - PN 12,5 ) PARA REDE DE AGUA OU ESGOTO (NBR 15561)","M     ",{"v":1144.94,"d":"1,144.94"}]
[25883,"TUBO DE POLIETILENO DE ALTA DENSIDADE, PEAD, PE-80, DE= 50 MM X 4,6 MM PAREDE, (SDR 11 - PN 12,5) PARA REDE DE AGUA OU ESGOTO (NBR 15561)","M     ",18.47]
[25884,"TUBO DE POLIETILENO DE ALTA DENSIDADE, PEAD, PE-80, DE= 500 MM X 45,5 MM PAREDE, ( SDR 11 - PN 12,5 ) PARA REDE DE AGUA OU ESGOTO (NBR 15561)","M     ",{"v":2010.09,"d":"2,010.09"}]
[25885,"TUBO DE POLIETILENO DE ALTA DENSIDADE, PEAD, PE-80, DE= 630 MM X 57,3 MM PAREDE (SDR 11 - PN 12,5 ) PARA REDE DE AGUA OU ESGOTO (NBR 15561)","M     ",{"v":2989.56,"d":"2,989.56"}]
[25889,"TUBO DE POLIETILENO DE ALTA DENSIDADE, PEAD, PE-80, DE= 730 MM X 34,1 MM PAREDE, ( SDR 21 - PN 06 ) PARA REDE DE AGUA OU ESGOTO (NBR 15561)","M     ",{"v":1499.19,"d":"1,499.19"}]
[25886,"TUBO DE POLIETILENO DE ALTA DENSIDADE, PEAD, PE-80, DE= 75 MM X 6,9 MM PAREDE, ( SRD 11 - PN 12,5 ) PARA REDE DE AGUA OU ESGOTO (NBR 15561)","M     ",41.31]
[25875,"TUBO DE POLIETILENO DE ALTA DENSIDADE, PEAD, PE-80, DE= 800 MM X 30,8 MM PAREDE, ( SDR 26 - PN 05 ) PARA REDE DE AGUA OU ESGOTO (NBR 15561)","M     ",{"v":1955.94,"d":"1,955.94"}]
[9876,"TUBO DE PVC, PBL, TIPO LEVE, DN = 125 MM,  PARA VENTILACAO","M     ",9.46]
[9877,"TUBO DE PVC, PBL, TIPO LEVE, DN = 250 MM,  PARA VENTILACAO","M     ",34.18]
[9878,"TUBO DE PVC, PBL, TIPO LEVE, DN = 300 MM,  PARA VENTILACAO","M     ",47.44]
[9879,"TUBO DE PVC, PBL, TIPO LEVE, DN = 400 MM,  PARA VENTILACAO","M     ",111.97]
[42001,"TUBO DE REVESTIMENTO, EM ACO, CORPO SCHEDULE 40, PONTEIRA SCHEDULE 80, ROSQUEAVEL E SEGMENTADO PARA PERFURACAO,  DIAMETRO 6'' (200 MM) (COLETADO CAIXA)","M     ",363.62]
[41998,"TUBO DE REVESTIMENTO, EM ACO, CORPO SCHEDULE 40, PONTEIRA SCHEDULE 80, ROSQUEAVEL E SEGMENTADO PARA PERFURACAO, DIAMETRO 10'' (310 MM)  (COLETADO CAIXA)","M     ",896.09]
[41999,"TUBO DE REVESTIMENTO, EM ACO, CORPO SCHEDULE 40, PONTEIRA SCHEDULE 80, ROSQUEAVEL E SEGMENTADO PARA PERFURACAO, DIAMETRO 14'' (400 MM)  (COLETADO CAIXA)","M     ",{"v":1643.78,"d":"1,643.78"}]
[42000,"TUBO DE REVESTIMENTO, EM ACO, CORPO SCHEDULE 40, PONTEIRA SCHEDULE 80, ROSQUEAVEL E SEGMENTADO PARA PERFURACAO, DIAMETRO 16'' (450 MM)  (COLETADO CAIXA)","M     ",{"v":2807.07,"d":"2,807.07"}]
[38053,"TUBO DRENO, CORRUGADO, ESPIRALADO, FLEXIVEL, PERFURADO, EM POLIETILENO DE ALTA DENSIDADE (PEAD), DN *160* MM, (6\") PARA DRENAGEM - EM BARRA (NORMA DNIT 093/2006 - EM)","M     ",11.98]
[38054,"TUBO DRENO, CORRUGADO, ESPIRALADO, FLEXIVEL, PERFURADO, EM POLIETILENO DE ALTA DENSIDADE (PEAD), DN *200* MM, (8\") PARA DRENAGEM - EM BARRA (NORMA DNIT 093/2006 - EM)","M     ",20.59]
[38052,"TUBO DRENO, CORRUGADO, ESPIRALADO, FLEXIVEL, PERFURADO, EM POLIETILENO DE ALTA DENSIDADE (PEAD), DN 100 MM, (4\") PARA DRENAGEM - EM ROLO (NORMA DNIT 093/2006 - E.M)","M     ",5.8]
[38051,"TUBO DRENO, CORRUGADO, ESPIRALADO, FLEXIVEL, PERFURADO, EM POLIETILENO DE ALTA DENSIDADE (PEAD), DN 65 MM, (2 1/2\") PARA DRENAGEM - EM ROLO (NORMA DNIT 093/2006 - EM)","M     ",3.61]
[38787,"TUBO MONOCAMADA PEX, DN 16 MM","M     ",4.51]
[38825,"TUBO MONOCAMADA PEX, DN 20 MM","M     ",5.91]
[38826,"TUBO MONOCAMADA PEX, DN 25 MM","M     ",8.75]
[38827,"TUBO MONOCAMADA PEX, DN 32 MM","M     ",14.06]
[38830,"TUBO MULTICAMADA PEX, DN *26* MM, PARA INSTALACOES A GAS (AMARELO)","M     ",19.7]
[38828,"TUBO MULTICAMADA PEX, DN 16 MM, PARA INSTALACOES A GAS (AMARELO)","M     ",8.68]
[38829,"TUBO MULTICAMADA PEX, DN 20 MM, PARA INSTALACOES A GAS (AMARELO)","M     ",14.23]
[38831,"TUBO MULTICAMADA PEX, DN 32 MM, PARA INSTALACOES A GAS (AMARELO)","M     ",27.47]
[36274,"TUBO PPR PN 20, DN 20 MM, PARA AGUA QUENTE PREDIAL","M     ",4.57]
[36278,"TUBO PPR PN 20, DN 25 MM, PARA AGUA QUENTE PREDIAL","M     ",6.2]
[38977,"TUBO PPR, CLASSE PN 12, DN 110 MM","M     ",94.34]
[38971,"TUBO PPR, CLASSE PN 12, DN 32 MM","M     ",7.77]
[38972,"TUBO PPR, CLASSE PN 12, DN 40 MM","M     ",11.83]
[38973,"TUBO PPR, CLASSE PN 12, DN 50 MM","M     ",15.66]
[38974,"TUBO PPR, CLASSE PN 12, DN 63 MM","M     ",22.83]
[38975,"TUBO PPR, CLASSE PN 12, DN 75 MM","M     ",38.05]
[38976,"TUBO PPR, CLASSE PN 12, DN 90 MM","M     ",53.37]
[38986,"TUBO PPR, CLASSE PN 25, DN 110 MM, PARA AGUA QUENTE E FRIA PREDIAL","M     ",107.4]
[38978,"TUBO PPR, CLASSE PN 25, DN 20 MM, PARA AGUA QUENTE E FRIA PREDIAL","M     ",4.57]
[38979,"TUBO PPR, CLASSE PN 25, DN 25 MM, PARA AGUA QUENTE E FRIA PREDIAL","M     ",6.2]
[38980,"TUBO PPR, CLASSE PN 25, DN 32 MM, PARA AGUA QUENTE E FRIA PREDIAL","M     ",10.36]
[38981,"TUBO PPR, CLASSE PN 25, DN 40 MM, PARA AGUA QUENTE E FRIA PREDIAL","M     ",14.35]
[38982,"TUBO PPR, CLASSE PN 25, DN 50 MM, PARA AGUA QUENTE E FRIA PREDIAL","M     ",20.88]
[38983,"TUBO PPR, CLASSE PN 25, DN 63 MM, PARA AGUA QUENTE E FRIA PREDIAL","M     ",27.68]
[38984,"TUBO PPR, CLASSE PN 25, DN 75 MM, PARA AGUA QUENTE E FRIA PREDIAL","M     ",53.4]
[38985,"TUBO PPR, CLASSE PN 25, DN 90 MM, PARA AGUA QUENTE E FRIA PREDIAL","M     ",79.05]
[9836,"TUBO PVC  SERIE NORMAL, DN 100 MM, PARA ESGOTO  PREDIAL (NBR 5688)","M     ",7.5]
[20065,"TUBO PVC  SERIE NORMAL, DN 150 MM, PARA ESGOTO  PREDIAL (NBR 5688)","M     ",17.79]
[9835,"TUBO PVC  SERIE NORMAL, DN 40 MM, PARA ESGOTO  PREDIAL (NBR 5688)","M     ",2.84]
[38032,"TUBO PVC CORRUGADO, PAREDE DUPLA, JE, DN 150 MM, REDE COLETORA ESGOTO","M     ",30.26]
[38033,"TUBO PVC CORRUGADO, PAREDE DUPLA, JE, DN 200 MM, REDE COLETORA ESGOTO","M     ",47.64]
[38034,"TUBO PVC CORRUGADO, PAREDE DUPLA, JE, DN 250 MM, REDE COLETORA ESGOTO","M     ",80.49]
[38035,"TUBO PVC CORRUGADO, PAREDE DUPLA, JE, DN 300 MM, REDE COLETORA ESGOTO","M     ",128.8]
[38036,"TUBO PVC CORRUGADO, PAREDE DUPLA, JE, DN 350 MM, REDE COLETORA ESGOTO","M     ",190.53]
[38037,"TUBO PVC CORRUGADO, PAREDE DUPLA, JE, DN 400 MM, REDE COLETORA ESGOTO","M     ",225.25]
[9850,"TUBO PVC DE REVESTIMENTO GEOMECANICO NERVURADO REFORCADO, DN = 150 MM, COMPRIMENTO = 2 M","M     ",94.88]
[9853,"TUBO PVC DE REVESTIMENTO GEOMECANICO NERVURADO REFORCADO, DN = 200 MM, COMPRIMENTO = 2 M","M     ",168.72]
[9854,"TUBO PVC DE REVESTIMENTO GEOMECANICO NERVURADO STANDARD, DN = 154 MM, COMPRIMENTO = 2 M","M     ",73.92]
[9851,"TUBO PVC DE REVESTIMENTO GEOMECANICO NERVURADO STANDARD, DN = 206 MM, COMPRIMENTO = 2 M","M     ",128.19]
[9855,"TUBO PVC DE REVESTIMENTO GEOMECANICO NERVURADO STANDARD, DN = 250 MM, COMPRIMENTO = 2 M","M     ",214.41]
[9825,"TUBO PVC DEFOFO, JEI, 1 MPA, DN 100 MM, PARA REDE DE AGUA (NBR 7665)","M     ",35.99]
[9828,"TUBO PVC DEFOFO, JEI, 1 MPA, DN 150 MM, PARA REDE DE  AGUA (NBR 7665)","M     ",70.17]
[9829,"TUBO PVC DEFOFO, JEI, 1 MPA, DN 200 MM, PARA REDE DE AGUA (NBR 7665)","M     ",124.91]
[9826,"TUBO PVC DEFOFO, JEI, 1 MPA, DN 250 MM, PARA REDE DE AGUA (NBR 7665)","M     ",185.32]
[9827,"TUBO PVC DEFOFO, JEI, 1 MPA, DN 300 MM, PARA REDE DE AGUA (NBR 7665)","M     ",269.33]
[36374,"TUBO PVC PBA JEI, CLASSE 12, DN 100 MM, PARA REDE DE AGUA (NBR 5647)","M     ",40.2]
[36084,"TUBO PVC PBA JEI, CLASSE 12, DN 50 MM, PARA REDE DE AGUA (NBR 5647)","M     ",12.12]
[36373,"TUBO PVC PBA JEI, CLASSE 12, DN 75 MM, PARA REDE DE AGUA (NBR 5647)","M     ",24.61]
[36377,"TUBO PVC PBA JEI, CLASSE 15, DN 100 MM, PARA REDE DE AGUA (NBR 5647)","M     ",46.86]
[36375,"TUBO PVC PBA JEI, CLASSE 15, DN 50 MM, PARA REDE DE AGUA (NBR 5647)","M     ",13.91]
[36376,"TUBO PVC PBA JEI, CLASSE 15, DN 75 MM, PARA REDE DE AGUA (NBR 5647)","M     ",27.83]
[36380,"TUBO PVC PBA JEI, CLASSE 20, DN 100 MM, PARA REDE DE AGUA (NBR 5647)","M     ",61.21]
[36378,"TUBO PVC PBA JEI, CLASSE 20, DN 50 MM, PARA REDE DE AGUA (NBR 5647)","M     ",18.41]
[36379,"TUBO PVC PBA JEI, CLASSE 20, DN 75 MM, PARA REDE DE AGUA (NBR 5647)","M     ",37.06]
[9859,"TUBO PVC ROSCAVEL, 3/4\",  AGUA FRIA PREDIAL","M     ",7.98]
[9838,"TUBO PVC SERIE NORMAL, DN 50 MM, PARA ESGOTO PREDIAL (NBR 5688)","M     ",4.88]
[9837,"TUBO PVC SERIE NORMAL, DN 75 MM, PARA ESGOTO PREDIAL (NBR 5688)","M     ",6.6]
[9833,"TUBO PVC, FLEXIVEL, CORRUGADO, PERFURADO, DN 110 MM, PARA DRENAGEM, SISTEMA IRRIGACAO","M     ",10.84]
[9830,"TUBO PVC, FLEXIVEL, CORRUGADO, PERFURADO, DN 65 MM, PARA DRENAGEM, SISTEMA IRRIGACAO","M     ",5.8]
[9834,"TUBO PVC, RIGIDO, CORRUGADO, PERFURADO, DN 150 MM, PARA DRENAGEM, SISTEMA IRRIGACAO","M     ",30.17]
[9863,"TUBO PVC, ROSCAVEL,  2 1/2\", AGUA FRIA PREDIAL","M     ",61.42]
[9860,"TUBO PVC, ROSCAVEL,  2\", PARA AGUA FRIA PREDIAL","M     ",36.93]
[9862,"TUBO PVC, ROSCAVEL, 1 1/2\",  AGUA FRIA PREDIAL","M     ",25.81]
[9861,"TUBO PVC, ROSCAVEL, 1 1/4\", AGUA FRIA PREDIAL","M     ",20.75]
[9856,"TUBO PVC, ROSCAVEL, 1/2\", AGUA FRIA PREDIAL","M     ",5.89]
[9866,"TUBO PVC, ROSCAVEL, 1\", AGUA FRIA PREDIAL","M     ",15.6]
[9857,"TUBO PVC, ROSCAVEL, 3\", AGUA FRIA PREDIAL","M     ",79.6]
[9864,"TUBO PVC, ROSCAVEL, 4\",  AGUA FRIA PREDIAL","M     ",94.01]
[9865,"TUBO PVC, ROSCAVEL, 5\",  AGUA FRIA PREDIAL","M     ",133.94]
[9858,"TUBO PVC, ROSCAVEL, 6\",  AGUA FRIA PREDIAL","M     ",154.86]
[9841,"TUBO PVC, SERIE R, DN 100 MM, PARA ESGOTO OU AGUAS PLUVIAIS PREDIAL (NBR 5688)","M     ",14.4]
[9840,"TUBO PVC, SERIE R, DN 150 MM, PARA ESGOTO OU AGUAS PLUVIAIS PREDIAL (NBR 5688)","M     ",29.94]
[20067,"TUBO PVC, SERIE R, DN 40 MM, PARA ESGOTO OU AGUAS PLUVIAIS PREDIAL (NBR 5688)","M     ",5.16]
[20068,"TUBO PVC, SERIE R, DN 50 MM, PARA ESGOTO OU AGUAS PLUVIAIS PREDIAL (NBR 5688)","M     ",6.87]
[9839,"TUBO PVC, SERIE R, DN 75 MM, PARA ESGOTO OU AGUAS PLUVIAIS PREDIAL (NBR 5688)","M     ",8.74]
[9870,"TUBO PVC, SOLDAVEL, DN 110 MM, AGUA FRIA (NBR-5648)","M     ",43.8]
[9867,"TUBO PVC, SOLDAVEL, DN 20 MM, AGUA FRIA (NBR-5648)","M     ",1.83]
[9868,"TUBO PVC, SOLDAVEL, DN 25 MM, AGUA FRIA (NBR-5648)","M     ",2.43]
[9869,"TUBO PVC, SOLDAVEL, DN 32 MM, AGUA FRIA (NBR-5648)","M     ",5.21]
[9874,"TUBO PVC, SOLDAVEL, DN 40 MM, AGUA FRIA (NBR-5648)","M     ",7.6]
[9875,"TUBO PVC, SOLDAVEL, DN 50 MM, PARA AGUA FRIA (NBR-5648)","M     ",9.42]
[9873,"TUBO PVC, SOLDAVEL, DN 60 MM, AGUA FRIA (NBR-5648)","M     ",14.69]
[9871,"TUBO PVC, SOLDAVEL, DN 75 MM, AGUA FRIA (NBR-5648)","M     ",20.61]
[9872,"TUBO PVC, SOLDAVEL, DN 85 MM, AGUA FRIA (NBR-5648)","M     ",25.98]
[7667,"TUBO 26\" EM CHAPA PRETA, E= 3/16\", 147 KG/6 M","M     ",{"v":1536.97,"d":"1,536.97"}]
[7660,"TUBO 30\" EM CHAPA PRETA, E= 1/4\", 175 KG/6 M","M     ",{"v":1959.27,"d":"1,959.27"}]
[7676,"TUBO 30\" EM CHAPA PRETA, E= 3/8\", 177 KG/6 M","M     ",{"v":1981.66,"d":"1,981.66"}]
[12426,"UNIAO COM ASSENTO CONICO DE BRONZE, DIAMETRO 1/2\"","UN    ",22.28]
[12425,"UNIAO COM ASSENTO CONICO DE BRONZE, DIAMETRO 1\"","UN    ",30.61]
[12427,"UNIAO COM ASSENTO CONICO DE BRONZE, DIAMETRO 2 1/2\"","UN    ",127.08]
[12428,"UNIAO COM ASSENTO CONICO DE BRONZE, DIAMETRO 2'","UN    ",81.57]
[12430,"UNIAO COM ASSENTO CONICO DE BRONZE, DIAMETRO 3/4\"","UN    ",27.32]
[12429,"UNIAO COM ASSENTO CONICO DE BRONZE, DIAMETRO 3\"","UN    ",205.5]
[12431,"UNIAO COM ASSENTO CONICO DE BRONZE, DIAMETRO 4\"","UN    ",349.72]
[12432,"UNIAO COM ASSENTO CONICO DE FERRO LONGO (MACHO-FEMEA), DIAMETRO 1 1/2\"","UN    ",71.92]
[12434,"UNIAO COM ASSENTO CONICO DE FERRO LONGO (MACHO-FEMEA), DIAMETRO 1/2\"","UN    ",23.44]
[12433,"UNIAO COM ASSENTO CONICO DE FERRO LONGO (MACHO-FEMEA), DIAMETRO 1\"","UN    ",45.79]
[12435,"UNIAO COM ASSENTO CONICO DE FERRO LONGO (MACHO-FEMEA), DIAMETRO 2 1/2\"","UN    ",141.7]
[12437,"UNIAO COM ASSENTO CONICO DE FERRO LONGO (MACHO-FEMEA), DIAMETRO 2\"","UN    ",114.44]
[12439,"UNIAO COM ASSENTO CONICO DE FERRO LONGO (MACHO-FEMEA), DIAMETRO 3/4\"","UN    ",36.73]
[12438,"UNIAO COM ASSENTO CONICO DE FERRO LONGO (MACHO-FEMEA), DIAMETRO 3'","UN    ",207.11]
[12436,"UNIAO COM ASSENTO CONICO DE FERRO LONGO (MACHO-FEMEA), DIAMETRO 4\"","UN    ",261.62]
[36357,"UNIAO COM FLANGE PPR, DN 40 MM, PARA AGUA QUENTE PREDIAL","UN    ",81.3]
[12424,"UNIAO DE FERRO GALVANIZADO, COM ASSENTO CONICO DE BRONZE, DE 1 1/2\"","UN    ",47.14]
[12440,"UNIAO DE FERRO GALVANIZADO, COM ASSENTO CONICO DE BRONZE, DE 1 1/4\"","UN    ",45.57]
[9884,"UNIAO DE FERRO GALVANIZADO, COM ROSCA BSP, COM ASSENTO PLANO, DE 1 1/2\"","UN    ",33.99]
[9888,"UNIAO DE FERRO GALVANIZADO, COM ROSCA BSP, COM ASSENTO PLANO, DE 1 1/4\"","UN    ",27.31]
[9883,"UNIAO DE FERRO GALVANIZADO, COM ROSCA BSP, COM ASSENTO PLANO, DE 1/2\"","UN    ",11.91]
[9886,"UNIAO DE FERRO GALVANIZADO, COM ROSCA BSP, COM ASSENTO PLANO, DE 1\"","UN    ",16.32]
[9889,"UNIAO DE FERRO GALVANIZADO, COM ROSCA BSP, COM ASSENTO PLANO, DE 2 1/2\"","UN    ",82.69]
[9887,"UNIAO DE FERRO GALVANIZADO, COM ROSCA BSP, COM ASSENTO PLANO, DE 2\"","UN    ",49.98]
[9885,"UNIAO DE FERRO GALVANIZADO, COM ROSCA BSP, COM ASSENTO PLANO, DE 3/4\"","UN    ",15.78]
[9890,"UNIAO DE FERRO GALVANIZADO, COM ROSCA BSP, COM ASSENTO PLANO, DE 3\"","UN    ",128.11]
[9891,"UNIAO DE FERRO GALVANIZADO, COM ROSCA BSP, COM ASSENTO PLANO, DE 4\"","UN    ",179.84]
[39292,"UNIAO DE REDUCAO METALICA, PARA CONEXAO COM ANEL DESLIZANTE EM TUBO PEX, DN 20 X 16 MM","UN    ",7.62]
[39293,"UNIAO DE REDUCAO METALICA, PARA CONEXAO COM ANEL DESLIZANTE EM TUBO PEX, DN 25 X 16 MM","UN    ",12.3]
[39294,"UNIAO DE REDUCAO METALICA, PARA CONEXAO COM ANEL DESLIZANTE EM TUBO PEX, DN 25 X 20 MM","UN    ",12.3]
[39295,"UNIAO DE REDUCAO METALICA, PARA CONEXAO COM ANEL DESLIZANTE EM TUBO PEX, DN 32 X 25 MM","UN    ",20.97]
[36313,"UNIAO DUPLA PPR DN 20 MM, PARA AGUA QUENTE PREDIAL","UN    ",19.27]
[36316,"UNIAO DUPLA PPR DN 25 MM, PARA AGUA QUENTE PREDIAL","UN    ",23.37]
[64,"UNIAO EM POLIPROPILENO (PP), PARA TUBO EM PEAD, 20 MM - LIGACAO PREDIAL DE AGUA","UN    ",3.42]
[37423,"UNIAO EM POLIPROPILENO (PP), PARA TUBO EM PEAD, 32 MM - LIGACAO PREDIAL DE AGUA","UN    ",8.46]
[39296,"UNIAO METALICA, PARA CONEXAO COM ANEL DESLIZANTE EM TUBO PEX, DN 16 MM","UN    ",5.89]
[39297,"UNIAO METALICA, PARA CONEXAO COM ANEL DESLIZANTE EM TUBO PEX, DN 20 MM","UN    ",8.41]
[39298,"UNIAO METALICA, PARA CONEXAO COM ANEL DESLIZANTE EM TUBO PEX, DN 25 MM","UN    ",14.82]
[39299,"UNIAO METALICA, PARA CONEXAO COM ANEL DESLIZANTE EM TUBO PEX, DN 32 MM","UN    ",25.23]
[9892,"UNIAO PVC, ROSCAVEL 1/2\",  AGUA FRIA PREDIAL","UN    ",5.19]
[9893,"UNIAO PVC, ROSCAVEL 2\",  AGUA FRIA PREDIAL","UN    ",56.87]
[9901,"UNIAO PVC, ROSCAVEL, 1 1/2\",  AGUA FRIA PREDIAL","UN    ",25.02]
[9896,"UNIAO PVC, ROSCAVEL, 1 1/4\",  AGUA FRIA PREDIAL","UN    ",21.54]
[9900,"UNIAO PVC, ROSCAVEL, 1\",  AGUA FRIA PREDIAL","UN    ",13.34]
[9898,"UNIAO PVC, ROSCAVEL, 2 1/2\",  AGUA FRIA PREDIAL","UN    ",116.9]
[9899,"UNIAO PVC, ROSCAVEL, 3/4\",  AGUA FRIA PREDIAL","UN    ",7.15]
[9902,"UNIAO PVC, ROSCAVEL, 3\",  AGUA FRIA PREDIAL","UN    ",148.12]
[9908,"UNIAO PVC, SOLDAVEL, 110 MM,  PARA AGUA FRIA PREDIAL","UN    ",375.1]
[9905,"UNIAO PVC, SOLDAVEL, 20 MM,  PARA AGUA FRIA PREDIAL","UN    ",5.04]
[9906,"UNIAO PVC, SOLDAVEL, 25 MM,  PARA AGUA FRIA PREDIAL","UN    ",5.95]
[9895,"UNIAO PVC, SOLDAVEL, 32 MM,  PARA AGUA FRIA PREDIAL","UN    ",10.05]
[9894,"UNIAO PVC, SOLDAVEL, 40 MM,  PARA AGUA FRIA PREDIAL","UN    ",19.65]
[9897,"UNIAO PVC, SOLDAVEL, 50 MM,  PARA AGUA FRIA PREDIAL","UN    ",23.11]
[9910,"UNIAO PVC, SOLDAVEL, 60 MM,  PARA AGUA FRIA PREDIAL","UN    ",53.46]
[9909,"UNIAO PVC, SOLDAVEL, 75 MM,  PARA AGUA FRIA PREDIAL","UN    ",111.11]
[9907,"UNIAO PVC, SOLDAVEL, 85 MM,  PARA AGUA FRIA PREDIAL","UN    ",164.93]
[20973,"UNIAO TIPO STORZ, COM EMPATACAO INTERNA TIPO ANEL DE EXPANSAO, ENGATE RAPIDO 1 1/2\", PARA MANGUEIRA DE COMBATE A INCENDIO PREDIAL","UN    ",97.98]
[20974,"UNIAO TIPO STORZ, COM EMPATACAO INTERNA TIPO ANEL DE EXPANSAO, ENGATE RAPIDO 2 1/2\", PARA MANGUEIRA DE COMBATE A INCENDIO PREDIAL","UN    ",140.19]
[37989,"UNIAO, CPVC, SOLDAVEL, 15 MM, PARA AGUA QUENTE PREDIAL","UN    ",7.15]
[37990,"UNIAO, CPVC, SOLDAVEL, 22 MM, PARA AGUA QUENTE PREDIAL","UN    ",8.3]
[37991,"UNIAO, CPVC, SOLDAVEL, 28 MM, PARA AGUA QUENTE PREDIAL","UN    ",13.14]
[37992,"UNIAO, CPVC, SOLDAVEL, 35 MM, PARA AGUA QUENTE PREDIAL","UN    ",20.07]
[37993,"UNIAO, CPVC, SOLDAVEL, 42 MM, PARA AGUA QUENTE PREDIAL","UN    ",29.79]
[37994,"UNIAO, CPVC, SOLDAVEL, 54 MM, PARA AGUA QUENTE PREDIAL","UN    ",71.58]
[37995,"UNIAO, CPVC, SOLDAVEL, 73 MM, PARA AGUA QUENTE PREDIAL","UN    ",103.9]
[37996,"UNIAO, CPVC, SOLDAVEL, 89 MM, PARA AGUA QUENTE PREDIAL","UN    ",153.19]
[13883,"USINA DE ASFALTO A FRIO, CAPACIDADE DE 30 A 40 T/H, ELETRICA, POTENCIA DE 30 CV","UN    ",{"v":81120.8,"d":"81,120.80"}]
[38604,"USINA DE ASFALTO A FRIO, CAPACIDADE DE 40 A 60 T/H, ELETRICA, POTENCIA DE 30 CV","UN    ",{"v":101034.88,"d":"101,034.88"}]
[10601,"USINA DE ASFALTO A QUENTE, FIXA, TIPO CONTRA FLUXO, CAPACIDADE DE 100 A 140 T/H, POTENCIA DE 280 KW, COM MISTURADOR EXTERNO ROTATIVO","UN    ",{"v":1965329.92,"d":"1,965,329.92"}]
[26034,"USINA DE ASFALTO, GRAVIMETRICA, CAPACIDADE DE 150 T/H, POTENCIA DE 400 KW","UN    ",{"v":5174644.32,"d":"5,174,644.32"}]
[13894,"USINA DE CONCRETO FIXA, CAPACIDADE NOMINAL DE 40 M3/H, SEM SILO","UN    ",{"v":392649.25,"d":"392,649.25"}]
[13895,"USINA DE CONCRETO FIXA, CAPACIDADE NOMINAL DE 60 M3/H, SEM SILO","UN    ",{"v":527982.35,"d":"527,982.35"}]
[13892,"USINA DE CONCRETO FIXA, CAPACIDADE NOMINAL DE 80 M3/H, SEM SILO","UN    ",{"v":647029.46,"d":"647,029.46"}]
[9914,"USINA DE CONCRETO FIXA, CAPACIDADE NOMINAL DE 90 A 120 M3/H, SEM SILO","UN    ",{"v":700000,"d":"700,000.00"}]
[36485,"USINA DE LAMA ASFALTICA, PROD 30 A 50 T/H, SILO DE AGREGADO 7 M3, RESERVATORIOS PARA EMULSAO E AGUA DE 2,3 M3 CADA, MISTURADOR TIPO PUGG-MILL A SER MONTADO SOBRE CAMINHAO","UN    ",{"v":392892.76,"d":"392,892.76"}]
[9912,"USINA DE MISTURAS ASFALTICAS A QUENTE, MOVEL, TIPO CONTRA FLUXO, CAPACIDADE DE 40 A 80 T/H","UN    ",{"v":1600000,"d":"1,600,000.00"}]
[9921,"USINA MISTURADORA DE SOLOS,  DOSADORES TRIPLOS, CALHA VIBRATORIA CAPACIDADE DE 200 A 500 T/H, POTENCIA DE 75 KW","UN    ",{"v":825355.68,"d":"825,355.68"}]
[21112,"VALVULA DE DESCARGA EM METAL CROMADO PARA MICTORIO COM ACIONAMENTO POR PRESSAO E FECHAMENTO AUTOMATICO","UN    ",159.46]
[10228,"VALVULA DE DESCARGA METALICA, BASE 1 1/2 \" E ACABAMENTO METALICO CROMADO","UN    ",185.25]
[11781,"VALVULA DE DESCARGA METALICA, BASE 1 1/4 \" E ACABAMENTO METALICO CROMADO","UN    ",150.07]
[11746,"VALVULA DE ESFERA BRUTA EM BRONZE, BITOLA 1 \" (REF 1552-B)","UN    ",34.31]
[11751,"VALVULA DE ESFERA BRUTA EM BRONZE, BITOLA 1 1/2 \" (REF 1552-B)","UN    ",61.62]
[11750,"VALVULA DE ESFERA BRUTA EM BRONZE, BITOLA 1 1/4 \" (REF 1552-B)","UN    ",51.14]
[11748,"VALVULA DE ESFERA BRUTA EM BRONZE, BITOLA 1/2 \" (REF 1552-B)","UN    ",22.02]
[11747,"VALVULA DE ESFERA BRUTA EM BRONZE, BITOLA 2 \" (REF 1552-B)","UN    ",95.03]
[11749,"VALVULA DE ESFERA BRUTA EM BRONZE, BITOLA 3/4 \" (REF 1552-B)","UN    ",25.41]
[10236,"VALVULA DE RETENCAO DE BRONZE, PE COM CRIVOS, EXTREMIDADE COM ROSCA, DE 1 1/2\", PARA FUNDO DE POCO","UN    ",55.29]
[10233,"VALVULA DE RETENCAO DE BRONZE, PE COM CRIVOS, EXTREMIDADE COM ROSCA, DE 1 1/4\", PARA FUNDO DE POCO","UN    ",51.81]
[10234,"VALVULA DE RETENCAO DE BRONZE, PE COM CRIVOS, EXTREMIDADE COM ROSCA, DE 1\", PARA FUNDO DE POCO","UN    ",32.64]
[10231,"VALVULA DE RETENCAO DE BRONZE, PE COM CRIVOS, EXTREMIDADE COM ROSCA, DE 2 1/2\", PARA FUNDO DE POCO","UN    ",149.68]
[10232,"VALVULA DE RETENCAO DE BRONZE, PE COM CRIVOS, EXTREMIDADE COM ROSCA, DE 2\", PARA FUNDO DE POCO","UN    ",83.76]
[10229,"VALVULA DE RETENCAO DE BRONZE, PE COM CRIVOS, EXTREMIDADE COM ROSCA, DE 3/4\", PARA FUNDO DE POCO","UN    ",29.52]
[10235,"VALVULA DE RETENCAO DE BRONZE, PE COM CRIVOS, EXTREMIDADE COM ROSCA, DE 3\", PARA FUNDO DE POCO","UN    ",205.2]
[10230,"VALVULA DE RETENCAO DE BRONZE, PE COM CRIVOS, EXTREMIDADE COM ROSCA, DE 4\", PARA FUNDO DE POCO","UN    ",361.13]
[10409,"VALVULA DE RETENCAO HORIZONTAL, DE BRONZE (PN-25), 1 1/2\", 400 PSI, TAMPA DE PORCA DE UNIAO, EXTREMIDADES COM ROSCA","UN    ",107.28]
[10411,"VALVULA DE RETENCAO HORIZONTAL, DE BRONZE (PN-25), 1 1/4\", 400 PSI, TAMPA DE PORCA DE UNIAO, EXTREMIDADES COM ROSCA","UN    ",96]
[10404,"VALVULA DE RETENCAO HORIZONTAL, DE BRONZE (PN-25), 1/2\", 400 PSI, TAMPA DE PORCA DE UNIAO, EXTREMIDADES COM ROSCA","UN    ",38.93]
[10410,"VALVULA DE RETENCAO HORIZONTAL, DE BRONZE (PN-25), 1\", 400 PSI, TAMPA DE PORCA DE UNIAO, EXTREMIDADES COM ROSCA","UN    ",64.12]
[10405,"VALVULA DE RETENCAO HORIZONTAL, DE BRONZE (PN-25), 2 1/2\", 400 PSI, TAMPA DE PORCA DE UNIAO, EXTREMIDADES COM ROSCA","UN    ",214.95]
[10408,"VALVULA DE RETENCAO HORIZONTAL, DE BRONZE (PN-25), 2\", 400 PSI, TAMPA DE PORCA DE UNIAO, EXTREMIDADES COM ROSCA","UN    ",150.31]
[10412,"VALVULA DE RETENCAO HORIZONTAL, DE BRONZE (PN-25), 3/4\", 400 PSI, TAMPA DE PORCA DE UNIAO, EXTREMIDADES COM ROSCA","UN    ",47.18]
[10406,"VALVULA DE RETENCAO HORIZONTAL, DE BRONZE (PN-25), 3\", 400 PSI, TAMPA DE PORCA DE UNIAO, EXTREMIDADES COM ROSCA","UN    ",296.89]
[10407,"VALVULA DE RETENCAO HORIZONTAL, DE BRONZE (PN-25), 4\", 400 PSI, TAMPA DE PORCA DE UNIAO, EXTREMIDADES COM ROSCA","UN    ",460.48]
[10416,"VALVULA DE RETENCAO VERTICAL, DE BRONZE (PN-16), 1 1/2\", 200 PSI, EXTREMIDADES COM ROSCA","UN    ",57.11]
[10419,"VALVULA DE RETENCAO VERTICAL, DE BRONZE (PN-16), 1 1/4\", 200 PSI, EXTREMIDADES COM ROSCA","UN    ",49.57]
[21092,"VALVULA DE RETENCAO VERTICAL, DE BRONZE (PN-16), 1/2\", 200 PSI, EXTREMIDADES COM ROSCA","UN    ",28.34]
[10418,"VALVULA DE RETENCAO VERTICAL, DE BRONZE (PN-16), 1\", 200 PSI, EXTREMIDADES COM ROSCA","UN    ",33.04]
[12657,"VALVULA DE RETENCAO VERTICAL, DE BRONZE (PN-16), 2 1/2\", 200 PSI, EXTREMIDADES COM ROSCA","UN    ",133.35]
[10417,"VALVULA DE RETENCAO VERTICAL, DE BRONZE (PN-16), 2\", 200 PSI, EXTREMIDADES COM ROSCA","UN    ",83.22]
[10413,"VALVULA DE RETENCAO VERTICAL, DE BRONZE (PN-16), 3/4\", 200 PSI, EXTREMIDADES COM ROSCA","UN    ",30.24]
[10414,"VALVULA DE RETENCAO VERTICAL, DE BRONZE (PN-16), 3\", 200 PSI, EXTREMIDADES COM ROSCA","UN    ",182.1]
[10415,"VALVULA DE RETENCAO VERTICAL, DE BRONZE (PN-16), 4\", 200 PSI, EXTREMIDADES COM ROSCA","UN    ",316.06]
[38643,"VALVULA EM METAL CROMADO PARA LAVATORIO, 1 \" SEM LADRAO","UN    ",24.97]
[6157,"VALVULA EM METAL CROMADO PARA PIA AMERICANA 3.1/2 X 1.1/2 \"","UN    ",34.11]
[37588,"VALVULA EM METAL CROMADO PARA TANQUE, 1.1/2 \" SEM LADRAO","UN    ",20.11]
[6152,"VALVULA EM PLASTICO BRANCO COM SAIDA LISA PARA TANQUE 1.1/4 \" X 1.1/2 \"","UN    ",2.53]
[6158,"VALVULA EM PLASTICO BRANCO PARA LAVATORIO 1 \", SEM UNHO, COM LADRAO","UN    ",3.05]
[6153,"VALVULA EM PLASTICO BRANCO PARA TANQUE OU LAVATORIO 1 \", SEM UNHO E SEM LADRAO","UN    ",2.37]
[6156,"VALVULA EM PLASTICO BRANCO PARA TANQUE 1.1/4 \" X 1.1/2 \", SEM UNHO E SEM LADRAO","UN    ",3]
[6154,"VALVULA EM PLASTICO CROMADO PARA LAVATORIO 1 \", SEM UNHO, COM LADRAO","UN    ",5.65]
[6155,"VALVULA EM PLASTICO CROMADO TIPO AMERICANA PARA PIA DE COZINHA 3.1/2 \" X 1.1/2 \", SEM ADAPTADOR","UN    ",11.7]
[3115,"VARA / PERFIL PARA CREMONA, EM FERRO CROMADO, COMPRIMENTO DE 120 CM","UN    ",14.68]
[3116,"VARA / PERFIL PARA CREMONA, EM FERRO CROMADO, COMPRIMENTO DE 150 CM","UN    ",15.14]
[38166,"VARA/ PERFIL PARA CREMONA, EM LATAO CROMADO, COMPRIMENTO DE 120 CM","UN    ",30.98]
[38108,"VARIADOR DE LUMINOSIDADE ROTATIVO (DIMMER) 127 V, 300 W (APENAS MODULO)","UN    ",35.93]
[38087,"VARIADOR DE LUMINOSIDADE ROTATIVO (DIMMER) 127V, 300W, CONJUNTO MONTADO PARA EMBUTIR 4\" X 2\" (PLACA + SUPORTE + MODULO)","UN    ",46.22]
[38109,"VARIADOR DE LUMINOSIDADE ROTATIVO (DIMMER) 220 V, 600 W (APENAS MODULO)","UN    ",57.43]
[38088,"VARIADOR DE LUMINOSIDADE ROTATIVO (DIMMER) 220V, 600W, CONJUNTO MONTADO PARA EMBUTIR 4\" X 2\" (PLACA + SUPORTE + MODULO)","UN    ",60.39]
[38110,"VARIADOR DE VELOCIDADE PARA VENTILADOR 127 V, 150 W (APENAS MODULO)","UN    ",22.09]
[38089,"VARIADOR DE VELOCIDADE PARA VENTILADOR 127V, 150W + 2 INTERRUPTORES PARALELOS, PARA REVERSAO E LAMPADA, CONJUNTO MONTADO PARA EMBUTIR 4\" X 2\" (PLACA + SUPORTE + MODULOS)","UN    ",38.49]
[38111,"VARIADOR DE VELOCIDADE PARA VENTILADOR 220 V, 250 W (APENAS MODULO)","UN    ",24.7]
[38090,"VARIADOR DE VELOCIDADE PARA VENTILADOR 220V, 250W + 2 INTERRUPTORES PARALELOS, PARA REVERSAO E LAMPADA, CONJUNTO MONTADO PARA EMBUTIR 4\" X 2\" (PLACA + SUPORTE + MODULOS)","UN    ",39.79]
[11786,"VASO SANITARIO SIFONADO INFANTIL LOUCA BRANCA","UN    ",247.76]
[13726,"VASSOURA MECANICA REBOCAVEL COM ESCOVA CILINDRICA LARGURA UTIL DE VARRIMENTO = 2,44M","UN    ",{"v":31975.76,"d":"31,975.76"}]
[38400,"VASSOURA 40 CM COM CABO","UN    ",10.48]
[12627,"VEDACAO DE CALHA, EM BORRACHA COR PRETA, MEDIDA ENTRE 119 E 170 MM, PARA DRENAGEM PLUVIAL PREDIAL","UN    ",0.44]
[6138,"VEDACAO PVC, 100 MM, PARA SAIDA VASO SANITARIO","UN    ",1.66]
[39996,"VERGALHAO ZINCADO ROSCA TOTAL, 1/4 \" (6,3 MM)","M     ",1.85]
[10478,"VERNIZ POLIURETANO BRILHANTE PARA MADEIRA, COM FILTRO SOLAR, USO INTERNO E EXTERNO","L     ",23.79]
[40514,"VERNIZ POLIURETANO BRILHANTE PARA MADEIRA, SEM FILTRO SOLAR, USO INTERNO E EXTERNO","L     ",21.07]
[10475,"VERNIZ SINTETICO BRILHANTE PARA MADEIRA TIPO COPAL, USO INTERNO","L     ",20.92]
[10481,"VERNIZ SINTETICO BRILHANTE PARA MADEIRA, COM FILTRO SOLAR, USO INTERNO E EXTERNO (BASE SOLVENTE)","L     ",22.82]
[4031,"VEU DE VIDRO/VEU DE SUPERFICIE 30 A 35 G/M2","M2    ",23.04]
[4030,"VEU POLIESTER","M2    ",4.9]
[39399,"VIBRADOR DE IMERSAO, COM PONTEIRA DE *35* MM, MANGOTE DE 5 M, SEM MOTOR","UN    ",914.91]
[39400,"VIBRADOR DE IMERSAO, COM PONTEIRA DE *45* MM, MANGOTE DE 5 M, SEM MOTOR.","UN    ",994.47]
[39401,"VIBRADOR DE IMERSAO, COM PONTEIRA DE *60* MM, MANGOTE DE 5 M, SEM MOTOR.","UN    ",{"v":1115.56,"d":"1,115.56"}]
[11652,"VIBRADOR DE IMERSAO, DIAMETRO DA PONTEIRA DE *35* MM, COM MOTOR 4 TEMPOS A GASOLINA DE 5,5 HP (5,5 CV)","UN    ",{"v":2400,"d":"2,400.00"}]
[13896,"VIBRADOR DE IMERSAO, DIAMETRO DA PONTEIRA DE *45* MM, COM MOTOR ELETRICO TRIFASICO DE 2 HP (2 CV)","UN    ",{"v":2153.01,"d":"2,153.01"}]
[13475,"VIBRADOR DE IMERSAO, DIAMETRO DA PONTEIRA DE *45* MM, COM MOTOR 4 TEMPOS A GASOLINA DE 5,5 HP (5,5 CV)","UN    ",{"v":2622.62,"d":"2,622.62"}]
[25971,"VIBROACABADORA DE ASFALTO SOBRE ESTEIRAS, LARG. PAVIM. MAX. 8,00 M, POT. 100 KW/ 134 HP, CAP. 600 T/ H","UN    ",{"v":2530522.54,"d":"2,530,522.54"}]
[25970,"VIBROACABADORA DE ASFALTO SOBRE ESTEIRAS, LARG. PAVIM. 2,13 M A 4,55 M, POT. 74 KW/ 100 HP, CAP. 400 T/ H","UN    ",{"v":1065320.62,"d":"1,065,320.62"}]
[13476,"VIBROACABADORA DE ASFALTO SOBRE ESTEIRAS, LARG. PAVIM. 2,60 M A 5,75 M, POT. 110 HP, CAP. 450 T/ H","UN    ",{"v":1073040.41,"d":"1,073,040.41"}]
[10488,"VIBROACABADORA DE ASFALTO SOBRE ESTEIRAS, LARG. PAVIMENT. 1,90 A 5,3 M, POT. 78 KW/105 HP, CAP. 450 T/H","UN    ",{"v":1300000,"d":"1,300,000.00"}]
[13606,"VIBROACABADORA DE ASFALTO SOBRE RODAS, LARGURA DE PAVIMENTACAO DE 1,70 A 4,20 M, POTENCIA 78 KW/105 HP, CAPACIDADE 300 T/H","UN    ",{"v":1151781.41,"d":"1,151,781.41"}]
[10489,"VIDRACEIRO","H     ",9.29]
[41073,"VIDRACEIRO (MENSALISTA)","MES   ",{"v":1638.96,"d":"1,638.96"}]
[34391,"VIDRO COMUM LAMINADO LISO INCOLOR DUPLO, ESPESSURA TOTAL 8 MM (CADA CAMADA DE 4 MM) - COLOCADO","M2    ",542.47]
[10496,"VIDRO COMUM LAMINADO, LISO, INCOLOR, DUPLO, ESPESSURA TOTAL 6 MM (CADA CAMADA E= 3 MM) - COLOCADO","M2    ",472.22]
[10497,"VIDRO COMUM LAMINADO, LISO, INCOLOR, TRIPLO, ESPESSURA TOTAL 12 MM (CADA CAMADA E=  4 MM) - COLOCADO","M2    ",{"v":1227.77,"d":"1,227.77"}]
[10504,"VIDRO COMUM LAMINADO, LISO, INCOLOR, TRIPLO, ESPESSURA TOTAL 15 MM (CADA CAMADA E = 5 MM) - COLOCADO","M2    ",{"v":1435.55,"d":"1,435.55"}]
[34390,"VIDRO CRISTAL COLORIDO, 10 MM, PINTADO NA COR BRANCA","M2    ",423.11]
[34389,"VIDRO CRISTAL COLORIDO, 4 MM, PINTADO NA COR BRANCA","M2    ",132.22]
[34388,"VIDRO CRISTAL COLORIDO, 6 MM, PINTADO NA COR BRANCA","M2    ",187.91]
[34387,"VIDRO CRISTAL COLORIDO, 8 MM, PINTADO NA COR BRANCA","M2    ",305.05]
[11188,"VIDRO LISO FUME E = 4MM - SEM COLOCACAO","M2    ",151.11]
[11189,"VIDRO LISO FUME E = 6MM - SEM COLOCACAO","M2    ",226.66]
[21107,"VIDRO LISO FUME, E = 5 MM - SEM COLOCACAO","M2    ",163.11]
[34386,"VIDRO LISO INCOLOR 10 MM - SEM COLOCACAO","M2    ",283.33]
[10490,"VIDRO LISO INCOLOR 2 A 3 MM - SEM COLOCACAO","M2    ",85]
[10492,"VIDRO LISO INCOLOR 4MM - SEM COLOCACAO","M2    ",113.33]
[10493,"VIDRO LISO INCOLOR 5MM - SEM COLOCACAO","M2    ",132.22]
[10491,"VIDRO LISO INCOLOR 6 MM - SEM COLOCACAO","M2    ",160.55]
[34385,"VIDRO LISO INCOLOR 8MM  -  SEM COLOCACAO","M2    ",234.22]
[10499,"VIDRO MARTELADO OU CANELADO, 4 MM - SEM COLOCACAO","M2    ",94.44]
[34384,"VIDRO PLANO ARAMADO E = 6 MM - SEM COLOCACAO","M2    ",283.33]
[11185,"VIDRO PLANO ARMADO E = 7MM - SEM COLOCACAO","M2    ",292.77]
[10507,"VIDRO TEMPERADO INCOLOR E = 10 MM, SEM COLOCACAO","M2    ",323.4]
[10505,"VIDRO TEMPERADO INCOLOR E = 6 MM, SEM COLOCACAO","M2    ",190.83]
[10506,"VIDRO TEMPERADO INCOLOR E = 8 MM, SEM COLOCACAO","M2    ",249.11]
[5031,"VIDRO TEMPERADO INCOLOR PARA PORTA DE ABRIR, E = 10 MM (SEM FERRAGENS E SEM COLOCACAO)","M2    ",349.79]
[10502,"VIDRO TEMPERADO VERDE E = 10 MM, SEM COLOCACAO","M2    ",407.58]
[10501,"VIDRO TEMPERADO VERDE E = 6 MM, SEM COLOCACAO","M2    ",230.27]
[10503,"VIDRO TEMPERADO VERDE E = 8 MM, SEM COLOCACAO","M2    ",311.1]
[40270,"VIGA DE ESCORAMAENTO H20, DE MADEIRA, PESO DE 5,00 A 5,20 KG/M, COM EXTREMIDADES PLASTICAS","M     ",45.5]
[20213,"VIGA DE MADEIRA APARELHADA *6 X 12* CM, MACARANDUBA, ANGELIM OU EQUIVALENTE DA REGIAO","M     ",14.29]
[20211,"VIGA DE MADEIRA APARELHADA *6 X 16* CM, MACARANDUBA, ANGELIM OU EQUIVALENTE DA REGIAO","M     ",21.11]
[4472,"VIGA DE MADEIRA NAO APARELHADA *6 X 16* CM, MACARANDUBA, ANGELIM OU EQUIVALENTE DA REGIAO","M     ",18.45]
[35272,"VIGA DE MADEIRA NAO APARELHADA *6 X 20* CM, MACARANDUBA, ANGELIM OU EQUIVALENTE DA REGIAO","M     ",24.24]
[4448,"VIGA DE MADEIRA NAO APARELHADA *7,5 X 15 CM (3 X 6 \") PINUS, MISTA OU EQUIVALENTE DA REGIAO","M     ",21.48]
[4425,"VIGA DE MADEIRA NAO APARELHADA 6 X 12 CM, MACARANDUBA, ANGELIM OU EQUIVALENTE DA REGIAO","M     ",13.55]
[4481,"VIGA DE MADEIRA NAO APARELHADA 8 X 16 CM, MACARANDUBA, ANGELIM OU EQUIVALENTE DA REGIAO","M     ",24.97]
[34345,"VIGIA DIURNO","H     ",8.74]
[41096,"VIGIA DIURNO (MENSALISTA)","MES   ",{"v":1544.65,"d":"1,544.65"}]
[41776,"VIGIA NOTURNO, HORA EFETIVAMENTE TRABALHADA DE 22 H AS 5 H (COM ADICIONAL NOTURNO)","H     ",10.78]
[4487,"VIGOTA DE MADEIRA NAO APARELHADA *5 X 10* CM, MACARANDUBA, ANGELIM OU EQUIVALENTE DA REGIAO","M     ",12.12]
[11157,"WASH PRIMER PARA TINTA AUTOMOTIVA","GL    ",136.34]
[""]
["TOTAL DE INSUMOS : 5347"]

{"sheet":"ORSE","index":7,"n_rows":64,"n_cols":4,"rows_kept":64,"hidden":true}
["CODIGO  DA COMPOSICAO","DESCRICAO DA COMPOSICAO","UNIDADE","CUSTO TOTAL"]
[12178,"Porta de ferro 0,90x1,50 m de abrir, tipo lisa com chapa, com guarnicoes","m2",848.52]
[11396,"Cobogo cimento tipo \"veneziana\", dim: 40 x 40 x 9cm","m2",81.41]
[1580,"Terminal a compressao em cobre estanhado para cabo 95 mm2, 1 furo e 1 compressao, para parafuso de fixacao m12","un",3.65]
[8007,"Terminal de compressão para cabo de 4 mm2 - fornecimento e instalação","un",1.29]
[11922,"Fita adesiva marca 3M, largura 22mm, ref. VHB - rolo com 20m","un",11.97]
[91929,"Cabo de cobre flexível isolado, 4 mm², anti-chama 0,6/1,0 kv, para circuitos terminais - fornecimento e instalação. af_12/2016","m",4.04]
[4014,"Fita isolante (rolo 20m) 3/4\" - Fornecimento","un",7.57]
[11565,"Disjuntor termomagnetico tripolar 35 A, padrão DIN (Europeu - linha branca), 10KA, curva C","un",198.29]
[8416,"Disjuntor termomagnetico monopolar 15 A, padrão NEMA (Americano - linha preta)","un",16.17]
["07874","Disjuntor termomagnetico tripolar 150 A, padrão NEMA (Americano - linha preta)","un",355.3]
[3398,"Ponto de tomada 2p+t, ABNT, 10 A, de uso geral, em pisos, com eletroduto de pvc flexível sanfonado embutido Ø 3/4\", inclusive aterramento","pt",154.02]
[4023,"Tomada dupla 2P + T, universal, 4x2\"","un",22.81]
[8822,"Interruptor 02 seções simples, de embutir, com placa, conjugado com tomada 2p+t, ABNT, 10A, inclusive caixa pvc 4x2 \n","un",29.35]
[3729,"Interruptor 01 seção simples, de embutir, com placa, conjugado com tomada 2p+t, ABNT, 10A, inclusive caixa pvc 4x2","un",20.95]
[4014,"Fita isolante (rolo 20m) 3/4\" - Fornecimento","un",7.57]
[2476,"Rasgos em alvenaria para passagem de tubulação diâm 1/2\" a 1\"","m",4.64]
[12226,"Quadro de distribuição de embutir, em chapa de aço, para até 24 disjuntores, com barramento, padrão DIN, exclusive disjuntores","un",354.74]
[12103,"Luminária tubular com lâmpada led de 2 x 9/10 w / bivolt","un",141.53]
[10005,"Luminária de embutir com aletas em aluminio, para lâmpada fluorescente compacta, 2 x 26w, ref. C-2338, da Lustres Projeto ou similar \n","un",180.7]
["00690","Ponto de caixa seca p/ lógica, c/ eletroduto pvc rígido embutido Ø 3/4\"","un",162.76]
["07792","Tomada dupla para lógica RJ45, 4\"x4\", embutir, completa","pt",98.56]
["00675","Ponto de telefone, com eletroduto de ferro galvanizado aparente Ø 3/4\"","un",206.06]
[10759,"Bancada em granito cinza andorinha, inclusu cantoneiras de aluínio anodizado natural","m²",251.23]
["07361","Bate maca de 1000x150mm em chapa de aço inox 304, e=1,3mm, acabamento polido, dotado de 4 furos e parafusos inox auto-atarrachante","m",54.46]
["08492","Barra de apoio, reta, fixa, em aço inox, l=80cm, d=1 1/2\"","un",154.86]
["07760","Barra articulada para sanitários de deficientes físicos, DECA 2315 EBR, ou similar","un",684.76]
[12121,"Barra de apoio, reta, fixa, em aço inox, l=60cm, d=1 1/2\"","un",134.76]
[12122,"Barra de apoio, reta, fixa, em aço inox, l=40cm, d=1 1/2\"","un",109.76]
["08974","Banco articulado para banho com pés de apoio 700x450mm (p/deficientes)","un",779.35]
["00017","Demolição de reboco","m2",6.05]
["07725","Remoção de pintura látex (raspagem e/ou lixamento e/ou escovação)","m2",4.85]
["00018","Demolição de piso cerâmico ou ladrilho","m2",9.57]
["00013","Demolição de concreto manualmente","m3",178.39]
["00031","Remoção de esquadria de madeira, com ou sem batente","m2",10.94]
["08204","Porta em madeira de lei, de correr, lisa, semi-ôca 0,90x2,10m, inclusive batentes e ferragens","un",725.97]
["08200","Porta em madeira compensada (canela), lisa, semi-oca, 1,20x2,10m, duas folhas, com visor 0,50x0,50m, inclusive batentes de 24cm e ferragens, exceto vidros","un",897.4]
[11901,"Porta em madeira compensada (canela), lisa, semi-ôca, 1.40 x 2.10 m, duas folhas, inclusive batentes e ferragens","un",675.24]
["08374","Porta em madeira compensada (canela), lisa, semi-ôca, 2,00x2,10m, duas folhas, com visor 40x50cm, inclusive batentes e ferragem, exclusive vidros","un",{"$f":"ROUND(921.26*(2/1.6),2)","v":1151.58}]
["09571","Tela mosquiteiro galvanizada, malha 14, fio 30","m2",73.55]
["08968","Visor em aluminio com vidro temperado 6mm","m2",240]
["01683","Ponto de esgoto com tubo de pvc rígido soldável de Ø 100 mm (vaso sanitário)","pt",69.92]
["01679","Ponto de esgoto com tubo de pvc rígido soldável de Ø 40 mm (lavatórios, mictórios, ralos sifonados, etc...)","pt",46.6]
["01678","Ponto de esgoto com tubo de pvc rígido soldável de Ø 50 mm (pias, caixa sinfonadas)","pt",67.66]
["04457","Ducha em aço cromada, Oriente, ref 1901 C-53 ou similar","un",113.15]
["03424","Chuveiro em aço anti-vandalismo","un",118.46]
["02097","Pia de cozinha com bancada em aço inox, dim 1,00x0,60m, c/ 01 cuba, sifão cromado, válvula cromada e torneira cromada, concretada e assentada","un",604.35]
["02074","Pia de cozinha com bancada em aço inox, dim 1,25x0,60m, c/ 01 cuba, sifão cromado, válvula cromada e torneira cromada, concretada e assentada","un",{"$f":"ROUND(663.12*(1.25/1.2),2)","v":690.75}]
["02107","Pia de cozinha com bancada em aço inox, dim 2,10x0,60m, c/ 01 cuba, sifão cromado, válvula cromada e torneira cromada, concretada e assentada","un",{"$f":"ROUND(823.53*(2.1/2),2)","v":864.71}]
["02055","Tanque em aço inox, incluso torneira cromada ","un",{"$f":"ROUND(823.53*(2.1/2),2)","v":864.71}]
[13137,"Cuba de aço inox 304 ou Funil Expurgo Hospitalar 285x410mm Sem mesa para embutir - Hidronox ou similar","un",671.04]
["10740","Fechadura eletromagnética 200kgf com sensor de porta aberta em inox FECHBEM Eletroima+KT755 ou similar","um",344.38]
["04185","Caixa de alumínio 40 x 40 x 12 cm, fornecimento","un",237.5]
["02555","Placa 20x35 em chapa esmaltada para identificação de logradouros","un",51.88]
[11213,"Régua p/gás medicinal,em alumínio,dimensões: 850x220x70mm,com: 01 ponto p/ oxigênio, 01 ponto p/ ar comprimido, 01 ponto p/ vácuo, 08 tomadas elétricas, 01 ponto p/ chamada de enfermagem (s/ o equipamento), mod.Square Line,VTC Vitatec ou similar","un",952.01]
[9430,"Fluxo para solda prata 250 g","kg",108.5]
["02555","Placa 20x35 em chapa esmaltada para identificação de logradouros","un",51.88]
[10991,"Revestimento cerâmico para piso ou parede, 46 x 46 cm, pei 5, Incenor, comum branco, anti-derrapante, retificado, ref.62650 ou similar, aplicada c/ argamassa ind. ac-ii, rejunte acrílico, exceto regularização de base/emboço","m2",38.18]
["09719","Testeira em granito cinza andorinha, h=10cm, esp=2cm, aplicado com argamassa industrializada AC-I","m",103.71]
["07784","Rodopia em granito cinza andorinha, h = 10 cm, e= 2cm, aplicado com argamassa industrializada ac-i, com acabamento aboleado","m",37.96]
[12122,"Barra de apoio, reta, fixa, em aço inox, l=40cm, d=1 1/2\", Jackwal ou similar","un",109.76]
["09541","Fornecimento e instalação de exaustor eólico","un",339.68]
["04287","Dispenser alcool gel","un",44.48]
["08539","Escada marinheiro, com degraus em barra redonda de 3/4\", guarda-corpo em barra chata de 1 1/2\" x 1/4\" e patamar(1,05 x 0,95m) em chapa expandida de 1/4\"","m",274.75]

{"sheet":"SEINFRA","index":8,"n_rows":5138,"n_cols":4,"rows_kept":5138,"hidden":true,"merged":[[0,0,1,1],[0,2,0,3],[1,2,1,3],[2,0,2,3],[4,0,4,2],[5,0,5,2],[18,0,18,2],[29,0,29,2],[31,0,32,0],[31,1,32,1],[31,2,32,2],[31,3,32,3],[37,0,37,2],[41,0,41,2],[56,0,57,0],[56,1,57,1],[56,2,57,2],[56,3,57,3],[58,0,59,0],[58,1,59,1],[58,2,59,2],[58,3,59,3],[65,0,66,0],[65,1,66,1],[65,2,66,2],[65,3,66,3],[69,0,69,2],[79,0,79,2],[179,0,179,2],[188,0,188,2],[189,0,189,2],[207,0,207,2],[213,0,213,2],[231,0,231,2],[274,0,274,2],[280,0,281,0],[280,1,281,1],[280,2,281,2],[280,3,281,3],[282,0,283,0],[282,1,283,1],[282,2,283,2],[282,3,283,3],[284,0,285,0],[284,1,285,1],[284,2,285,2],[284,3,285,3],[308,0,308,2],[326,0,327,0],[326,1,327,1],[326,2,327,2],[326,3,327,3],[330,0,330,2],[338,0,339,0],[338,1,339,1],[338,2,339,2],[338,3,339,3],[355,0,355,2],[356,0,356,2],[363,0,363,2],[382,0,383,0],[382,1,383,1],[382,2,383,2],[382,3,383,3],[391,0,392,0],[391,1,392,1],[391,2,392,2],[391,3,392,3],[397,0,397,2],[402,0,402,2],[407,0,407,2],[410,0,410,2],[418,0,418,2],[430,0,430,2],[434,0,434,2],[437,0,437,2],[442,0,442,2],[443,0,443,2],[448,0,448,2],[452,0,452,2],[458,0,459,0],[458,1,459,1],[458,2,459,2],[458,3,459,3],[462,0,463,0],[462,1,463,1],[462,2,463,2],[462,3,463,3],[464,0,465,0],[464,1,465,1],[464,2,465,2],[464,3,465,3],[466,0,467,0],[466,1,467,1],[466,2,467,2],[466,3,467,3],[468,0,469,0],[468,1,469,1],[468,2,469,2],[468,3,469,3],[470,0,471,0],[470,1,471,1],[470,2,471,2],[470,3,471,3],[472,0,473,0],[472,1,473,1],[472,2,473,2],[472,3,473,3],[474,0,475,0],[474,1,475,1],[474,2,475,2],[474,3,475,3],[576,0,577,0],[576,1,577,1],[576,2,577,2],[576,3,577,3],[595,0,595,2],[612,0,612,2],[613,0,614,0],[613,1,614,1],[613,2,614,2],[613,3,614,3],[615,0,616,0],[615,1,616,1],[615,2,616,2],[615,3,616,3],[617,0,618,0],[617,1,618,1],[617,2,618,2],[617,3,618,3],[622,0,623,0],[622,1,623,1],[622,2,623,2],[622,3,623,3],[625,0,626,0],[625,1,626,1],[625,2,626,2],[625,3,626,3],[627,0,628,0],[627,1,628,1],[627,2,628,2],[627,3,628,3],[629,0,630,0],[629,1,630,1],[629,2,630,2],[629,3,630,3],[631,0,632,0],[631,1,632,1],[631,2,632,2],[631,3,632,3],[633,0,634,0],[633,1,634,1],[633,2,634,2],[633,3,634,3],[635,0,636,0],[635,1,636,1],[635,2,636,2],[635,3,636,3],[637,0,638,0],[637,1,638,1],[637,2,638,2],[637,3,638,3],[639,0,640,0],[639,1,640,1],[639,2,640,2],[639,3,640,3],[641,0,642,0],[641,1,642,1],[641,2,642,2],[641,3,642,3],[643,0,644,0],[643,1,644,1],[643,2,644,2],[643,3,644,3],[645,0,646,0],[645,1,646,1],[645,2,646,2],[645,3,646,3],[647,0,648,0],[647,1,648,1],[647,2,648,2],[647,3,648,3],[649,0,650,0],[649,1,650,1],[649,2,650,2],[649,3,650,3],[651,0,651,2],[663,0,664,0],[663,1,664,1],[663,2,664,2],[663,3,664,3],[665,0,666,0],[665,1,666,1],[665,2,666,2],[665,3,666,3],[667,0,668,0],[667,1,668,1],[667,2,668,2],[667,3,668,3],[675,0,675,2],[676,0,676,2],[679,0,679,2],[680,0,680,2],[702,0,703,0],[702,1,703,1],[702,2,703,2],[702,3,703,3],[704,0,705,0],[704,1,705,1],[704,2,705,2],[704,3,705,3],[732,0,732,2],[733,0,734,0],[733,1,734,1],[733,2,734,2],[733,3,734,3],[742,0,742,2],[747,0,747,2],[748,0,748,2],[761,0,761,2],[772,0,772,2],[792,0,792,2],[794,0,795,0],[794,1,795,1],[794,2,795,2],[794,3,795,3],[796,0,797,0],[796,1,797,1],[796,2,797,2],[796,3,797,3],[798,0,799,0],[798,1,799,1],[798,2,799,2],[798,3,799,3],[801,0,802,0],[801,1,802,1],[801,2,802,2],[801,3,802,3],[803,0,804,0],[803,1,804,1],[803,2,804,2],[803,3,804,3],[805,0,805,2],[806,0,807,0],[806,1,807,1],[806,2,807,2],[806,3,807,3],[808,0,809,0],[808,1,809,1],[808,2,809,2],[808,3,809,3],[815,0,816,0],[815,1,816,1],[815,2,816,2],[815,3,816,3],[823,0,824,0],[823,1,824,1],[823,2,824,2],[823,3,824,3],[825,0,826,0],[825,1,826,1],[825,2,826,2],[825,3,826,3],[831,0,832,0],[831,1,832,1],[831,2,832,2],[831,3,832,3],[835,0,836,0],[835,1,836,1],[835,2,836,2],[835,3,836,3],[838,0,839,0],[838,1,839,1],[838,2,839,2],[838,3,839,3],[840,0,840,2],[870,0,871,0],[870,1,871,1],[870,2,871,2],[870,3,871,3],[872,0,873,0],[872,1,873,1],[872,2,873,2],[872,3,873,3],[876,0,876,2],[879,0,880,0],[879,1,880,1],[879,2,880,2],[879,3,880,3],[885,0,886,0],[885,1,886,1],[885,2,886,2],[885,3,886,3],[887,0,888,0],[887,1,888,1],[887,2,888,2],[887,3,888,3],[891,0,892,0],[891,1,892,1],[891,2,892,2],[891,3,892,3],[893,0,894,0],[893,1,894,1],[893,2,894,2],[893,3,894,3],[924,0,925,0],[924,1,925,1],[924,2,925,2],[924,3,925,3],[926,0,927,0],[926,1,927,1],[926,2,927,2],[926,3,927,3],[933,0,933,2],[934,0,935,0],[934,1,935,1],[934,2,935,2],[934,3,935,3],[936,0,937,0],[936,1,937,1],[936,2,937,2],[936,3,937,3],[938,0,939,0],[938,1,939,1],[938,2,939,2],[938,3,939,3],[940,0,941,0],[940,1,941,1],[940,2,941,2],[940,3,941,3],[942,0,943,0],[942,1,943,1],[942,2,943,2],[942,3,943,3],[944,0,945,0],[944,1,945,1],[944,2,945,2],[944,3,945,3],[946,0,947,0],[946,1,947,1],[946,2,947,2],[946,3,947,3],[968,0,969,0],[968,1,969,1],[968,2,969,2],[968,3,969,3],[981,0,982,0],[981,1,982,1],[981,2,982,2],[981,3,982,3],[988,0,988,2],[996,0,997,0],[996,1,997,1],[996,2,997,2],[996,3,997,3],[1000,0,1000,2],[1019,0,1020,0],[1019,1,1020,1],[1019,2,1020,2],[1019,3,1020,3],[1022,0,1023,0],[1022,1,1023,1],[1022,2,1023,2],[1022,3,1023,3],[1026,0,1027,0],[1026,1,1027,1],[1026,2,1027,2],[1026,3,1027,3],[1029,0,1029,2],[1033,0,1033,2],[1048,0,1048,2],[1049,0,1049,2],[1055,0,1055,2],[1059,0,1059,2],[1061,0,1062,0],[1061,1,1062,1],[1061,2,1062,2],[1061,3,1062,3],[1065,0,1065,2],[1075,0,1075,2],[1076,0,1076,2],[1077,0,1078,0],[1077,1,1078,1],[1077,2,1078,2],[1077,3,1078,3],[1079,0,1080,0],[1079,1,1080,1],[1079,2,1080,2],[1079,3,1080,3],[1081,0,1082,0],[1081,1,1082,1],[1081,2,1082,2],[1081,3,1082,3],[1083,0,1084,0],[1083,1,1084,1],[1083,2,1084,2],[1083,3,1084,3],[1085,0,1086,0],[1085,1,1086,1],[1085,2,1086,2],[1085,3,1086,3],[1087,0,1088,0],[1087,1,1088,1],[1087,2,1088,2],[1087,3,1088,3],[1089,0,1090,0],[1089,1,1090,1],[1089,2,1090,2],[1089,3,1090,3],[1091,0,1092,0],[1091,1,1092,1],[1091,2,1092,2],[1091,3,1092,3],[1093,0,1094,0],[1093,1,1094,1],[1093,2,1094,2],[1093,3,1094,3],[1095,0,1096,0],[1095,1,1096,1],[1095,2,1096,2],[1095,3,1096,3],[1097,0,1098,0],[1097,1,1098,1],[1097,2,1098,2],[1097,3,1098,3],[1099,0,1100,0],[1099,1,1100,1],[1099,2,1100,2],[1099,3,1100,3],[1101,0,1102,0],[1101,1,1102,1],[1101,2,1102,2],[1101,3,1102,3],[1103,0,1104,0],[1103,1,1104,1],[1103,2,1104,2],[1103,3,1104,3],[1105,0,1106,0],[1105,1,1106,1],[1105,2,1106,2],[1105,3,1106,3],[1107,0,1108,0],[1107,1,1108,1],[1107,2,1108,2],[1107,3,1108,3],[1109,0,1110,0],[1109,1,1110,1],[1109,2,1110,2],[1109,3,1110,3],[1111,0,1112,0],[1111,1,1112,1],[1111,2,1112,2],[1111,3,1112,3],[1115,0,1116,0],[1115,1,1116,1],[1115,2,1116,2],[1115,3,1116,3],[1117,0,1118,0],[1117,1,1118,1],[1117,2,1118,2],[1117,3,1118,3],[1119,0,1120,0],[1119,1,1120,1],[1119,2,1120,2],[1119,3,1120,3],[1121,0,1121,2],[1122,0,1123,0],[1122,1,1123,1],[1122,2,1123,2],[1122,3,1123,3],[1124,0,1125,0],[1124,1,1125,1],[1124,2,1125,2],[1124,3,1125,3],[1128,0,1129,0],[1128,1,1129,1],[1128,2,1129,2],[1128,3,1129,3],[1131,0,1132,0],[1131,1,1132,1],[1131,2,1132,2],[1131,3,1132,3],[1135,0,1135,2],[1137,0,1138,0],[1137,1,1138,1],[1137,2,1138,2],[1137,3,1138,3],[1140,0,1141,0],[1140,1,1141,1],[1140,2,1141,2],[1140,3,1141,3],[1144,0,1145,0],[1144,1,1145,1],[1144,2,1145,2],[1144,3,1145,3],[1146,0,1146,2],[1150,0,1150,2],[1151,0,1152,0],[1151,1,1152,1],[1151,2,1152,2],[1151,3,1152,3],[1153,0,1154,0],[1153,1,1154,1],[1153,2,1154,2],[1153,3,1154,3],[1159,0,1160,0],[1159,1,1160,1],[1159,2,1160,2],[1159,3,1160,3],[1161,0,1162,0],[1161,1,1162,1],[1161,2,1162,2],[1161,3,1162,3],[1163,0,1164,0],[1163,1,1164,1],[1163,2,1164,2],[1163,3,1164,3],[1165,0,1166,0],[1165,1,1166,1],[1165,2,1166,2],[1165,3,1166,3],[1167,0,1168,0],[1167,1,1168,1],[1167,2,1168,2],[1167,3,1168,3],[1169,0,1170,0],[1169,1,1170,1],[1169,2,1170,2],[1169,3,1170,3],[1171,0,1172,0],[1171,1,1172,1],[1171,2,1172,2],[1171,3,1172,3],[1173,0,1174,0],[1173,1,1174,1],[1173,2,1174,2],[1173,3,1174,3],[1175,0,1176,0],[1175,1,1176,1],[1175,2,1176,2],[1175,3,1176,3],[1177,0,1178,0],[1177,1,1178,1],[1177,2,1178,2],[1177,3,1178,3],[1180,0,1181,0],[1180,1,1181,1],[1180,2,1181,2],[1180,3,1181,3],[1182,0,1183,0],[1182,1,1183,1],[1182,2,1183,2],[1182,3,1183,3],[1184,0,1185,0],[1184,1,1185,1],[1184,2,1185,2],[1184,3,1185,3],[1186,0,1186,2],[1188,0,1189,0],[1188,1,1189,1],[1188,2,1189,2],[1188,3,1189,3],[1190,0,1191,0],[1190,1,1191,1],[1190,2,1191,2],[1190,3,1191,3],[1192,0,1193,0],[1192,1,1193,1],[1192,2,1193,2],[1192,3,1193,3],[1194,0,1195,0],[1194,1,1195,1],[1194,2,1195,2],[1194,3,1195,3],[1196,0,1197,0],[1196,1,1197,1],[1196,2,1197,2],[1196,3,1197,3],[1200,0,1201,0],[1200,1,1201,1],[1200,2,1201,2],[1200,3,1201,3],[1204,0,1204,2],[1210,0,1210,2],[1221,0,1222,0],[1221,1,1222,1],[1221,2,1222,2],[1221,3,1222,3],[1228,0,1229,0],[1228,1,1229,1],[1228,2,1229,2],[1228,3,1229,3],[1230,0,1231,0],[1230,1,1231,1],[1230,2,1231,2],[1230,3,1231,3],[1232,0,1232,2],[1233,0,1233,2],[1240,0,1241,0],[1240,1,1241,1],[1240,2,1241,2],[1240,3,1241,3],[1242,0,1243,0],[1242,1,1243,1],[1242,2,1243,2],[1242,3,1243,3],[1269,0,1270,0],[1269,1,1270,1],[1269,2,1270,2],[1269,3,1270,3],[1271,0,1272,0],[1271,1,1272,1],[1271,2,1272,2],[1271,3,1272,3],[1283,0,1283,2],[1293,0,1294,0],[1293,1,1294,1],[1293,2,1294,2],[1293,3,1294,3],[1295,0,1296,0],[1295,1,1296,1],[1295,2,1296,2],[1295,3,1296,3],[1297,0,1298,0],[1297,1,1298,1],[1297,2,1298,2],[1297,3,1298,3],[1299,0,1300,0],[1299,1,1300,1],[1299,2,1300,2],[1299,3,1300,3],[1310,0,1311,0],[1310,1,1311,1],[1310,2,1311,2],[1310,3,1311,3],[1312,0,1313,0],[1312,1,1313,1],[1312,2,1313,2],[1312,3,1313,3],[1314,0,1315,0],[1314,1,1315,1],[1314,2,1315,2],[1314,3,1315,3],[1316,0,1317,0],[1316,1,1317,1],[1316,2,1317,2],[1316,3,1317,3],[1318,0,1319,0],[1318,1,1319,1],[1318,2,1319,2],[1318,3,1319,3],[1320,0,1321,0],[1320,1,1321,1],[1320,2,1321,2],[1320,3,1321,3],[1322,0,1323,0],[1322,1,1323,1],[1322,2,1323,2],[1322,3,1323,3],[1324,0,1325,0],[1324,1,1325,1],[1324,2,1325,2],[1324,3,1325,3],[1326,0,1327,0],[1326,1,1327,1],[1326,2,1327,2],[1326,3,1327,3],[1329,0,1330,0],[1329,1,1330,1],[1329,2,1330,2],[1329,3,1330,3],[1333,0,1334,0],[1333,1,1334,1],[1333,2,1334,2],[1333,3,1334,3],[1335,0,1336,0],[1335,1,1336,1],[1335,2,1336,2],[1335,3,1336,3],[1337,0,1338,0],[1337,1,1338,1],[1337,2,1338,2],[1337,3,1338,3],[1344,0,1344,2],[1356,0,1356,2],[1399,0,1400,0],[1399,1,1400,1],[1399,2,1400,2],[1399,3,1400,3],[1401,0,1402,0],[1401,1,1402,1],[1401,2,1402,2],[1401,3,1402,3],[1406,0,1407,0],[1406,1,1407,1],[1406,2,1407,2],[1406,3,1407,3],[1408,0,1408,2],[1409,0,1409,2],[1417,0,1417,2],[1419,0,1420,0],[1419,1,1420,1],[1419,2,1420,2],[1419,3,1420,3],[1421,0,1422,0],[1421,1,1422,1],[1421,2,1422,2],[1421,3,1422,3],[1423,0,1424,0],[1423,1,1424,1],[1423,2,1424,2],[1423,3,1424,3],[1432,0,1433,0],[1432,1,1433,1],[1432,2,1433,2],[1432,3,1433,3],[1434,0,1435,0],[1434,1,1435,1],[1434,2,1435,2],[1434,3,1435,3],[1442,0,1442,2],[1450,0,1450,2],[1451,0,1451,2],[1453,0,1454,0],[1453,1,1454,1],[1453,2,1454,2],[1453,3,1454,3],[1455,0,1456,0],[1455,1,1456,1],[1455,2,1456,2],[1455,3,1456,3],[1457,0,1458,0],[1457,1,1458,1],[1457,2,1458,2],[1457,3,1458,3],[1459,0,1460,0],[1459,1,1460,1],[1459,2,1460,2],[1459,3,1460,3],[1461,0,1462,0],[1461,1,1462,1],[1461,2,1462,2],[1461,3,1462,3],[1463,0,1464,0],[1463,1,1464,1],[1463,2,1464,2],[1463,3,1464,3],[1465,0,1466,0],[1465,1,1466,1],[1465,2,1466,2],[1465,3,1466,3],[1467,0,1468,0],[1467,1,1468,1],[1467,2,1468,2],[1467,3,1468,3],[1478,0,1478,2],[1517,0,1517,2],[1585,0,1585,2],[1591,0,1591,2],[1601,0,1601,2],[1621,0,1621,2],[1622,0,1622,2],[1623,0,1624,0],[1623,1,1624,1],[1623,2,1624,2],[1623,3,1624,3],[1625,0,1626,0],[1625,1,1626,1],[1625,2,1626,2],[1625,3,1626,3],[1627,0,1627,2],[1628,0,1629,0],[1628,1,1629,1],[1628,2,1629,2],[1628,3,1629,3],[1633,0,1633,2],[1634,0,1635,0],[1634,1,1635,1],[1634,2,1635,2],[1634,3,1635,3],[1636,0,1637,0],[1636,1,1637,1],[1636,2,1637,2],[1636,3,1637,3],[1638,0,1639,0],[1638,1,1639,1],[1638,2,1639,2],[1638,3,1639,3],[1640,0,1640,2],[1641,0,1642,0],[1641,1,1642,1],[1641,2,1642,2],[1641,3,1642,3],[1643,0,1644,0],[1643,1,1644,1],[1643,2,1644,2],[1643,3,1644,3],[1645,0,1646,0],[1645,1,1646,1],[1645,2,1646,2],[1645,3,1646,3],[1647,0,1648,0],[1647,1,1648,1],[1647,2,1648,2],[1647,3,1648,3],[1650,0,1651,0],[1650,1,1651,1],[1650,2,1651,2],[1650,3,1651,3],[1652,0,1653,0],[1652,1,1653,1],[1652,2,1653,2],[1652,3,1653,3],[1654,0,1654,2],[1655,0,1656,0],[1655,1,1656,1],[1655,2,1656,2],[1655,3,1656,3],[1657,0,1658,0],[1657,1,1658,1],[1657,2,1658,2],[1657,3,1658,3],[1662,0,1663,0],[1662,1,1663,1],[1662,2,1663,2],[1662,3,1663,3],[1664,0,1665,0],[1664,1,1665,1],[1664,2,1665,2],[1664,3,1665,3],[1666,0,1667,0],[1666,1,1667,1],[1666,2,1667,2],[1666,3,1667,3],[1668,0,1668,2],[1669,0,1670,0],[1669,1,1670,1],[1669,2,1670,2],[1669,3,1670,3],[1671,0,1672,0],[1671,1,1672,1],[1671,2,1672,2],[1671,3,1672,3],[1673,0,1674,0],[1673,1,1674,1],[1673,2,1674,2],[1673,3,1674,3],[1675,0,1676,0],[1675,1,1676,1],[1675,2,1676,2],[1675,3,1676,3],[1677,0,1678,0],[1677,1,1678,1],[1677,2,1678,2],[1677,3,1678,3],[1679,0,1679,2],[1680,0,1681,0],[1680,1,1681,1],[1680,2,1681,2],[1680,3,1681,3],[1682,0,1683,0],[1682,1,1683,1],[1682,2,1683,2],[1682,3,1683,3],[1684,0,1685,0],[1684,1,1685,1],[1684,2,1685,2],[1684,3,1685,3],[1686,0,1687,0],[1686,1,1687,1],[1686,2,1687,2],[1686,3,1687,3],[1691,0,1692,0],[1691,1,1692,1],[1691,2,1692,2],[1691,3,1692,3],[1693,0,1694,0],[1693,1,1694,1],[1693,2,1694,2],[1693,3,1694,3],[1695,0,1695,2],[1696,0,1696,2],[1699,0,1700,0],[1699,1,1700,1],[1699,2,1700,2],[1699,3,1700,3],[1701,0,1702,0],[1701,1,1702,1],[1701,2,1702,2],[1701,3,1702,3],[1703,0,1704,0],[1703,1,1704,1],[1703,2,1704,2],[1703,3,1704,3],[1706,0,1706,2],[1710,0,1711,0],[1710,1,1711,1],[1710,2,1711,2],[1710,3,1711,3],[1712,0,1713,0],[1712,1,1713,1],[1712,2,1713,2],[1712,3,1713,3],[1716,0,1717,0],[1716,1,1717,1],[1716,2,1717,2],[1716,3,1717,3],[1718,0,1718,2],[1719,0,1720,0],[1719,1,1720,1],[1719,2,1720,2],[1719,3,1720,3],[1721,0,1722,0],[1721,1,1722,1],[1721,2,1722,2],[1721,3,1722,3],[1723,0,1723,2],[1724,0,1724,2],[1725,0,1726,0],[1725,1,1726,1],[1725,2,1726,2],[1725,3,1726,3],[1727,0,1728,0],[1727,1,1728,1],[1727,2,1728,2],[1727,3,1728,3],[1734,0,1735,0],[1734,1,1735,1],[1734,2,1735,2],[1734,3,1735,3],[1741,0,1742,0],[1741,1,1742,1],[1741,2,1742,2],[1741,3,1742,3],[1743,0,1744,0],[1743,1,1744,1],[1743,2,1744,2],[1743,3,1744,3],[1748,0,1749,0],[1748,1,1749,1],[1748,2,1749,2],[1748,3,1749,3],[1750,0,1751,0],[1750,1,1751,1],[1750,2,1751,2],[1750,3,1751,3],[1752,0,1753,0],[1752,1,1753,1],[1752,2,1753,2],[1752,3,1753,3],[1755,0,1756,0],[1755,1,1756,1],[1755,2,1756,2],[1755,3,1756,3],[1757,0,1758,0],[1757,1,1758,1],[1757,2,1758,2],[1757,3,1758,3],[1759,0,1760,0],[1759,1,1760,1],[1759,2,1760,2],[1759,3,1760,3],[1761,0,1762,0],[1761,1,1762,1],[1761,2,1762,2],[1761,3,1762,3],[1775,0,1776,0],[1775,1,1776,1],[1775,2,1776,2],[1775,3,1776,3],[1778,0,1779,0],[1778,1,1779,1],[1778,2,1779,2],[1778,3,1779,3],[1782,0,1782,2],[1783,0,1784,0],[1783,1,1784,1],[1783,2,1784,2],[1783,3,1784,3],[1785,0,1786,0],[1785,1,1786,1],[1785,2,1786,2],[1785,3,1786,3],[1787,0,1788,0],[1787,1,1788,1],[1787,2,1788,2],[1787,3,1788,3],[1791,0,1792,0],[1791,1,1792,1],[1791,2,1792,2],[1791,3,1792,3],[1793,0,1794,0],[1793,1,1794,1],[1793,2,1794,2],[1793,3,1794,3],[1797,0,1798,0],[1797,1,1798,1],[1797,2,1798,2],[1797,3,1798,3],[1799,0,1800,0]],"merged_total":3007,"flags":["merged_cut"]}
[]
[]
[]
["CÓDIGO","DESCRIÇÃO","UNIDADE","PREÇO\nUNITÁRIO"]
["SERVICOS PRELIMINARES",null,null,{"v":68536.89,"d":"68,536.89"}]
["CADASTRO",null,null,168.08]
["C0580","CADASTRO DE ADUTORA","M",{"v":1,"d":"1.00"}]
["C0581","CADASTRO DE LIGAÇÃO","UN",2.14]
["C0582","CADASTRO DE OBRAS LOCALIZADAS","M2",29.45]
["C0583","CADASTRO DE REDE DE ÁGUA (MEIO MAGNÉTICO)","M",0.89]
["C0584","CADASTRO DE REDE DE ESGOTO/EMISSÁRIO/DRENAGEM (MEIO MAGNÉTICO)","M",1.27]
["C3959","CADASTRO E AVALIAÇÃO DE IMÓVEIS","UT",26.93]
["C3427","CADASTRO OPERACIONAL DE CLIENTE CAPITAL - PADRÃO","IMÓVEL",6.85]
["C3428","CADASTRO OPERACIONAL DE CLIENTE INTERIOR - PADRÃO","IMÓVEL",6.04]
["C4579","CENSO DE CAMPO - CAPITAL","IMÓVEL",5.06]
["C4580","CENSO DE CAMPO - INTERIOR","IMÓVEL",6.07]
["C4581","SERVIÇO DE OBTENÇÃO / ATUALIZAÇÃO DE PLANTA EM CAMPO MEIO DIGITAL","QUADRA",48.17]
["C4582","SERVIÇO DE OBTENÇÃO / ATUALIZAÇÃO DE QUADRAS (OVERLAYS)","QUADRA",34.24]
["SONDAGENS",null,null,{"v":4019.21,"d":"4,019.21"}]
["C2820","EXECUÇÃO DE SONDAGEM ELÉTRICA VERTICAL AB/2 ATÉ 150m - SEV","UN",348.27]
["C2818","EXECUÇÃO DE SONDAGEM ELÉTRICA VERTICAL AB/2 >150m a 500m-SEV","UN",443.34]
["C2819","EXECUÇÃO DE SONDAGEM ELÉTRICA VERTICAL AB/2 >500m - SEV","UN",566.36]
["C2833","FOTOGEOLOGIA","UN",270.79]
["C0053","LEVANTAMENTO BATIMÉTRICO","M2",0.44]
["C2937","RELATÓRIO FINAL DE SONDAGEM","UN",812.37]
["C0333","SERVIÇOS DE SONDAGEM GEOTÉCNICA MISTA EM ROCHA","M",981.33]
["C0143","SERVIÇOS DE SONDAGEM GEOTÉCNICA MISTA EM SOLOS","M",235.12]
["C2290","SONDAGEM  À PERCUSSÃO P/RECONHECIMENTO DO SUBSOLO","M",54.52]
["C3955","SONDAGEM ROTATIVA P/ RECONHECIMENTO DO SUBSOLO","M",306.67]
["PROJETOS",null,null,149.33]
["C3507","ELABORAÇÃO DE PROJETO DE CÁLCULO ESTRUTURAL (RESERVATÓRIO ELEVADO)","M2xARF",{"v":28.8,"d":"28.80"}]
["C3508","ELABORAÇÃO DE PROJETO DE CÁLCULO ESTRUTURAL (RESERVATÓRIO APOIADO, ELEVATÓRIA E  CAIXA DE AREIA)","M2xARF",12.81]
[]
["C4617","ELABORAÇÃO DE PROJETOS BÁSICOS DE ENGENHARIA","UT",26.93]
["C4584","ELABORAÇÃO DE PROJETOS EXECUTIVOS DE ENGENHARIA","UT",26.93]
["C3956","ELABORAÇÃO DE RELATÓRIO DE ESTUDO DE IMPACTO AMBIENTAL","UT",26.93]
["C1083","ELABORAÇÃO DE RELATÓRIO \"AS BUILT\"","UT",26.93]
["PREPARAÇÃO DO TERRENO",null,null,222.02]
["C0927","CORTE DE CAPOEIRA FINA A FOICE","M2",0.71]
["C2102","RASPAGEM E LIMPEZA DO TERRENO","M2",2.28]
["C2204","RETIRADA DE ÁRVORES","UN",219.03]
["CONSTRUÇÃO DO CANTEIRO DA OBRA",null,null,{"v":60316.23,"d":"60,316.23"}]
["C0002","ABRIGO PROVISÓRIO C/1 PAVIMENTO P/ALOJAMENTO E DEPÓSITO","M2",585.87]
["C0003","ABRIGO PROVISÓRIO C/2 PAVIMENTOS P/ALOJAMENTO E DEPÓSITO","M2",544.46]
["C0043","ALOJAMENTO","M2",181.08]
["C0369","BARRACÃO ABERTO","M2",93.45]
["C0370","BARRACÃO PARA ESCRITÓRIO TIPO A1","UN",{"v":3766.22,"d":"3,766.22"}]
["C0371","BARRACÃO PARA ESCRITÓRIO TIPO A2","UN",{"v":6325.17,"d":"6,325.17"}]
["C0372","BARRACÃO PARA ESCRITÓRIO TIPO A3","UN",{"v":9893.31,"d":"9,893.31"}]
["C0373","BARRACÃO PARA ESCRITÓRIO TIPO A4","UN",{"v":13537.39,"d":"13,537.39"}]
["C0374","BARRACÃO PARA ESCRITÓRIO TIPO A5","UN",{"v":18437.04,"d":"18,437.04"}]
["C2831","FOSSA SUMIDOURO PARA BARRACÃO","UN",{"v":1459.01,"d":"1,459.01"}]
["C2851","INSTALAÇÕES PROVISÓRIAS DE ÁGUA","UN",901.58]
["C2849","INSTALAÇÕES PROVISÓRIAS DE ESGOTO","UN",{"v":206,"d":"206.00"}]
["C2850","INSTALAÇÕES PROVISÓRIAS DE LUZ , FORÇA,TELEFONE E LÓGICA","UN",{"v":1510.9,"d":"1,510.90"}]
["C1622","LIGAÇÃO PROVISÓRIA DE ÁGUA E SANITÁRIO","UN",{"v":1778.22,"d":"1,778.22"}]
["C1794","MOBILIZAÇÃO E DESMOBILIZAÇÃO DE EQUIPAMENTOS EM CAMINHÃO EQUIPADO C/ GUINDASTE","KM",3.92]
[]
["C3375","MOBILIZAÇÃO E DESMOBILIZAÇÃO DE EQUIPAMENTOS EM CAVALO MECÂNICO C/ PRANCHA DE 3 EIXOS","KM",5.36]
[]
["C4541","PLACA PADRÃO DE OBRA, TIPO BANNER","M2",231.43]
["C1937","PLACAS PADRÃO DE OBRA","M2",128.31]
["C2936","REFEITÓRIOS","M2",197.64]
["C2946","SANITÁRIOS E CHUVEIROS","M2",149.29]
["C2316","TAPUME DE CHAPA DE MADEIRA COMPENSADA E= 6mm C/ABERTURA E PORTÃO","M2",79.46]
["C3974","TAPUME DE ESTRUTURA DE MADEIRA C/ FECHAMENTO EM CHAPA DE AÇO GALVANIZADO DE 0,3 mm e ALTURA DE 2 M","M2",140.47]
[]
["C2317","TAPUME DE TÁBUAS DE 3.ª C/ABERTURA E PORTÃO","M2",86.58]
["C2318","TAPUME DE TÁBUAS DE 3.ª SOBREPOSTAS","M2",74.09]
["LOCAÇÃO DA OBRA",null,null,566.95]
["C1630","LOCAÇÃO DA OBRA - EXECUÇÃO DE GABARITO","M2",4.12]
["C2872","LOCAÇÃO DA OBRA COM AUXÍLIO TOPOGRÁFICO (ÁREA >5000 M2)","HA",554.49]
["C2873","LOCAÇÃO DA OBRA COM AUXÍLIO TOPOGRÁFICO (ÁREA ATÉ 5000 M2)","M2",0.29]
["C2874","LOCAÇÃO DE REDE DE ÁGUA","M",0.17]
["C0774","LOCAÇÃO DE OBRAS EM MAR","M2",0.44]
["C0775","LOCAÇÃO DE JAZIDAS EM MAR","M2",0.51]
["C2875","LOCAÇÃO E NIVELAMENTO DE ADUTORA","M",1.69]
["C2876","LOCAÇÃO E NIVELAMENTO DE REDE DE ESGOTO/EMISSÁRIO/DRENAGEM","M",{"v":2.3,"d":"2.30"}]
["C3528","MUTIRÃO MISTO - LOCAÇÃO DA OBRA - EXECUÇÃO DE GABARITO","M2",2.93]
["DEMOLIÇÕES E RETIRADAS",null,null,{"v":2784.7,"d":"2,784.70"}]
["C2992","DEMOLIÇÃO DE ALVENARIA DE PEDRA COM REMOÇÃO LATERAL","M3",93.41]
["C1042","DEMOLIÇÃO DE ALVENARIA DE TIJOLOS  C/ REAPROVEITAMENTO","M3",62.84]
["C1043","DEMOLIÇÃO DE ALVENARIA DE TIJOLOS S/ REAPROVEITAMENTO","M3",31.42]
["C1044","DEMOLIÇÃO DE CALHAS","M",11.82]
["C1045","DEMOLIÇÃO DE COBERTURA C/TELHAS CERÂMICAS","M2",6.28]
["C1046","DEMOLIÇÃO DE COBERTURA C/TELHAS ONDULADAS DE FIBROCIMENTO","M2",2.62]
["C1047","DEMOLIÇÃO DE COBOGÓS","M2",17.73]
["C1048","DEMOLIÇÃO DE CONCRETO ARMADO C/MARTELETE PNEUMÁTICO","M3",359.37]
["C1049","DEMOLIÇÃO DE CONCRETO SIMPLES","M3",136.14]
["C1058","DEMOLIÇÃO DE DEGRAUS DE PEDRA","M",16.76]
["C1050","DEMOLIÇÃO DE DIVISÓRIA LEVE","M2",15.86]
["C1051","DEMOLIÇÃO DE DIVISÓRIA OUTRAS (PRÉ MOLDADO)","M2",20.65]
["C1052","DEMOLIÇÃO DE ESTRUTURA DE MADEIRA P/TELHADOS","M2",15.36]
["C1053","DEMOLIÇÃO DE ESTRUTURA METÁLICA","M2",17.73]
["C1054","DEMOLIÇÃO DE FORRO DE PVC","M2",7.85]
["C1055","DEMOLIÇÃO DE FORRO DE TÁBUAS DE PINHO","M2",3.55]
["C1056","DEMOLIÇÃO DE FORRO DE GESSO","M2",2.08]
["C1057","DEMOLIÇÃO DE FORRO PACOTE","M2",5.24]
["C2993","DEMOLIÇÃO DE FORRO DE LAMBRI","M2",3.55]
["C1061","DEMOLIÇÃO DE LOUÇA SANITÁRIA","UN",10.86]
["C1062","DEMOLIÇÃO DE PAVIMENTAÇÃO ASFÁLTICA C/MARTELETE PNEUMÁTICO","M2",14.48]
["C1063","DEMOLIÇÃO DE PÉRGOLAS OU BRISES","M3",136.14]
["C1064","DEMOLIÇÃO DE PISO CERÂMICO","M2",7.33]
["C1065","DEMOLIÇÃO DE PISO CERÂMICO SOBRE LASTRO DE CONCRETO","M2",14.66]
["C1066","DEMOLIÇÃO DE PISO CIMENTADO SOBRE LASTRO DE CONCRETO","M2",13.61]
["C2716","DEMOLIÇÃO DE PISO DE LADRILHO","M2",9.13]
["C1067","DEMOLIÇÃO DE PISO DE TÁBUAS DE PEROBA","M2",10.64]
["C1068","DEMOLIÇÃO DE PISO E VIGAS DE MADEIRA","M2",14.18]
["C1069","DEMOLIÇÃO DE PISO INDUSTRIAL","M2",28.07]
["C1070","DEMOLIÇÃO DE REVESTIMENTO C/ARGAMASSA","M2",5.24]
["C1071","DEMOLIÇÃO DE REVESTIMENTO C/AZULEJOS","M2",26.18]
["C1074","DEMOLIÇÃO DE REVESTIMENTO C/CERÂMICAS","M2",26.18]
["C1072","DEMOLIÇÃO DE REVESTIMENTO C/LAMBRIS","M2",26.18]
["C1073","DEMOLIÇÃO DE REVESTIMENTO C/ PEDRAS NATURAIS","M2",30.35]
["C1075","DEMOLIÇÃO DE SARJETA OU SARJETÃO DE CONCRETO","M2",8.38]
["C1076","DEMOLIÇÃO DE SOLEIRAS, PEITORIS E DEGRAUS","M",13.61]
["C1077","DEMOLIÇÃO DE VIGAS DE FERRO","KG",0.16]
["C3064","DEMOLIÇÃO E REMOÇÃO DE PAVIMENTO EM PARALELEPIPEDO E POLIÉDRICO","M2",4.56]
["C3063","DEMOLIÇÃO E REMOÇÃO DE PAREDES DE TAIPA","M2",15.21]
["C2717","DEMOLIÇÃO MANUAL DE CONCRETO ARMADO","M3",251.34]
["C3103","REMOÇÃO DE BUEIROS EXISTENTES","M",73.01]
["C3104","REMOÇÃO DE CERCAS","M",0.23]
["C2197","REMOÇÃO DE PINTURA ANTIGA A CAL","M2",1.83]
["C2198","REMOÇÃO DE PINTURA ANTIGA À TEMPERA","M2",2.74]
["C3038","RETIRADA DE CAIXA DE AR CONDICIONADO","UN",45.18]
["C3039","RETIRADA DE CARPETE S/REAPROVEITAMENTO","M2",2.28]
["C3376","RETIRADA DE COLETOR EM CONCRETO ATÉ 400mm","M",26.62]
["C2206","RETIRADA DE ESQUADRIAS METÁLICAS","M2",5.24]
["C3040","RETIRADA DE GRADE DE FERRO","M2",4.52]
["C2207","RETIRADA DE GUIAS PRÉ FABRICADAS DE CONCRETO","M",5.24]
["C3373","RETIRADA DE MEIO FIO DE PEDRA GRANÍTICA","M",5.24]
["C2938","RETIRADA DE PAVIMENTAÇÃO ASFÁLTICA COM BASE EM PEDRA","M2",18.62]
["C2939","RETIRADA DE PAVIMENTAÇÃO EM BLOCO DE CONCRETO","M2",5.93]
["C3041","RETIRADA DE PAVIMENTAÇÃO EM BLOKRET C/ REMOÇÃO LATERAL","M2",6.28]
["C2940","RETIRADA DE PAVIMENTAÇÃO EM PARALELEPÍPEDO OU PEDRA TOSCA","M2",5.48]
["C2941","RETIRADA DE PAVIMENTAÇÃO EM PASSEIO CIMENTADO","M2",9.13]
["C2942","RETIRADA DE PAVIMENTAÇÃO EM PEDRA PORTUGUESA","M2",4.56]
["C2209","RETIRADA DE PISO PAVIFLEX","M2",5.91]
["C2210","RETIRADA DE PORTAS E JANELAS, INCLUSIVE BATENTES","M2",8.38]
["C3047","RETIRADA DE TUBO PVC ENTERRADO DN=50mm","M",4.49]
["C3048","RETIRADA DE TUBO PVC ENTERRADO DN=75mm","M",5.54]
["C3049","RETIRADA DE TUBO PVC ENTERRADO DN=85mm","M",6.06]
["C3042","RETIRADA DE TUBO PVC ENTERRADO DN=100mm","M",6.58]
["C3043","RETIRADA DE TUBO PVC ENTERRADO DN=150mm","M",8.98]
["C3044","RETIRADA DE TUBO PVC ENTERRADO DN=200mm","M",12.42]
["C3045","RETIRADA DE TUBO PVC ENTERRADO DN=250mm","M",14.51]
["C3046","RETIRADA DE TUBO PVC ENTERRADO DN=300mm","M",{"v":19,"d":"19.00"}]
["C3054","RETIRADA DE TUBOS DE CONCRETO D=30cm","M",17.99]
["C3055","RETIRADA DE TUBOS DE CONCRETO D=40cm","M",22.89]
["C3056","RETIRADA DE TUBOS DE CONCRETO D=50cm","M",29.98]
["C3057","RETIRADA DE TUBOS DE CONCRETO D=60cm","M",38.69]
["C3050","RETIRADA DE TUBOS DE CONCRETO D=80cm","M",55.58]
["C3051","RETIRADA DE TUBOS DE CONCRETO D=100cm","M",94.87]
["C3052","RETIRADA DE TUBOS DE CONCRETO D=120cm","M",135.54]
["C3053","RETIRADA DE TUBOS DE CONCRETO D=150cm","M",199.22]
["C3377","RETIRADA DE TUBOS E CONEXÕES EM PVC JE DN 50MM","M",1.48]
["C3378","RETIRADA DE TUBOS E CONEXÕES EM PVC JE DN 75MM","M",1.79]
["C3379","RETIRADA DE TUBOS E CONEXÕES EM PVC JE DN 100MM","M",2.39]
["C3380","RETIRADA DE TUBOS E CONEXÕES EM PVC JE DN 125MM","M",{"v":3,"d":"3.00"}]
["C3381","RETIRADA DE TUBOS E CONEXÕES EM PVC JE DN 150MM","M",3.43]
["C3382","RETIRADA DE TUBOS E CONEXÕES EM PVC JE DN 200MM","M",4.48]
["C3383","RETIRADA DE TUBOS E CONEXÕES EM PVC JE DN 250MM","M",5.02]
["C3384","RETIRADA DE TUBOS E CONEXÕES EM PVC JE DN 300MM","M",7.13]
["C3385","RETIRADA DE TUBOS E CONEXÕES EM PVC JE DN 350MM","M",7.91]
["C3386","RETIRADA DE TUBOS E CONEXÕES EM PVC JE DN 400MM","M",8.94]
["C3387","RETIRADA DE TUBOS, PEÇAS E CONEXÕES EM FoFo JE DN 50MM","M",3.84]
["C3388","RETIRADA DE TUBOS, PEÇAS E CONEXÕES EM FoFo JE DN 75MM","M",4.65]
["C3389","RETIRADA DE TUBOS, PEÇAS E CONEXÕES EM FoFo JE DN 100MM","M",7.64]
["C3390","RETIRADA DE TUBOS, PEÇAS E CONEXÕES EM FoFo JE DN 150MM","M",10.63]
["C3391","RETIRADA DE TUBOS, PEÇAS E CONEXÕES EM FoFo JE DN 200MM","M",12.21]
["C3392","RETIRADA DE TUBOS, PEÇAS E CONEXÕES EM FoFo JE DN 250MM","M",15.32]
["C3393","RETIRADA DE TUBOS, PEÇAS E CONEXÕES EM FoFo JE DN 300MM","M",19.41]
["C3394","RETIRADA DE TUBOS, PEÇAS E CONEXÕES EM FoFo JE DN 350MM","M",23.21]
["C3395","RETIRADA DE TUBOS, PEÇAS E CONEXÕES EM FoFo JE DN 400MM","M",26.62]
["C3396","RETIRADA DE TUBOS, PEÇAS E CONEXÕES EM FoFo JE DN 450MM","M",{"v":34.1,"d":"34.10"}]
["C3397","RETIRADA DE TUBOS, PEÇAS E CONEXÕES EM FoFo JE DN 500MM","M",41.59]
["C3398","RETIRADA DE TUBOS, PEÇAS E CONEXÕES EM FoFo JE DN 600MM","M",48.75]
["C3399","RETIRADA DE TUBOS, PEÇAS E CONEXÕES EM FoFo JE DN 700MM","M",62.51]
["C2211","RETIRADA DE VIDROS C/ REAPROVEITAMENTO","M2",23.16]
["TRÂNSITO E SEGURANÇA",null,null,310.38]
["C0375","BARREIRA DE CONCRETO (NEW JERSEY) SIMPLES","M",250.43]
["C2891","PASSADIÇOS COM CHAPAS DE AÇO","M2",9.03]
["C2892","PASSADIÇOS COM PRANCHAS DE MADEIRA","M2",28.78]
["C2947","SINALIZAÇÃO DE ADVERTÊNCIA","UN",9.52]
["C2948","SINALIZAÇÃO DE TRÂNSITO COM BARREIRAS","M",3.35]
["C2949","SINALIZAÇÃO DE TRÂNSITO NOTURNA","M",1.71]
["C2950","SINALIZAÇÃO EM TAPUME COM INDICATIVO DE FLUXO","M2",4.68]
["C2978","SINALIZAÇÃO EM TAPUME DE PROTEÇÃO COM CHAPAS COMPENSADAS E= 12mm","M",2.86]
["MOVIMENTO DE TERRA",null,null,{"v":15279.09,"d":"15,279.09"}]
["ESCAVAÇÕES EM CAMPO ABERTO",null,null,{"v":1755.74,"d":"1,755.74"}]
["C2779","ESCAVAÇÃO EM S.Q.N SATURADO, PROF.2.0 a 12.0m (POÇO AMAZONAS)","M3",103.31]
["C1263","ESCAVAÇÃO MANUAL CAMPO ABERTO EM ROCHA C/EXPLOS.PERF.MAN. ATÉ 2M","M3",189.98]
["C1260","ESCAVAÇÃO MANUAL CAMPO ABERTO EM ROCHA C/EXPLOS.PERF.MAN. - 2,01 A 4,00M","M3",{"v":202.3,"d":"202.30"}]
["C1261","ESCAVAÇÃO MANUAL CAMPO ABERTO EM ROCHA C/EXPLOS.PERF.MAN. - 4,01 A 6,00M","M3",214.62]
["C1262","ESCAVAÇÃO MANUAL CAMPO ABERTO EM ROCHA C/EXPLOS.PERF.MAN. - 6,01 A 8,00M","M3",226.94]
["C1266","ESCAVAÇÃO MANUAL CAMPO ABERTO EM ROCHA C/EXPLOS.PERF.MEC. ATÉ 2M","M3",147.93]
["C1264","ESCAVAÇÃO MANUAL CAMPO ABERTO EM ROCHA C/EXPLOS.PERF.MEC. - 2,01 A 4,00M","M3",160.71]
["C1265","ESCAVAÇÃO MANUAL CAMPO ABERTO EM ROCHA C/EXPLOS.PERF.MEC. - 4,01 A 6,00M","M3",173.48]
["C1254","ESCAVAÇÃO MANUAL CAMPO ABERTO EM ROCHA C/EXPLOS.PERF.MEC. - 6,01 A 8,00M","M3",186.26]
["C1256","ESCAVAÇÃO MANUAL CAMPO ABERTO EM TERRA ATÉ 2M","M3",26.74]
["C1257","ESCAVAÇÃO MANUAL CAMPO ABERTO EM TERRA, DE 2,01 A 4,00M","M3",31.85]
["C1258","ESCAVAÇÃO MANUAL CAMPO ABERTO EM TERRA, DE 4,00 A 6,00M","M3",36.96]
["C1259","ESCAVAÇÃO MANUAL CAMPO ABERTO EM TERRA, DE 6,00 A 8,00M","M3",42.62]
["C1267","ESCAVAÇÃO MECAN. CAMPO ABERTO EM TERRA EXCETO ROCHA ATÉ 2M","M3",{"v":2.3,"d":"2.30"}]
["C1268","ESCAVAÇÃO MECAN. CAMPO ABERTO EM TERRA EXCETO ROCHA ATÉ 4M","M3",2.64]
["C1269","ESCAVAÇÃO MECAN. CAMPO ABERTO EM TERRA EXCETO ROCHA ATÉ 6M","M3",3.24]
["C1270","ESCAVAÇÃO MECAN. CAMPO ABERTO EM TERRA EXCETO ROCHA ATÉ 8M","M3",3.84]
["ESCAVAÇÃO E CARGA DE MATERIAL",null,null,88.15]
["C3208","ESCAVAÇÃO E CARGA DE MATERIAL 1-CAT.","M3",4.89]
["C3209","ESCAVAÇÃO E CARGA DE MATERIAL 2-CAT.","M3",6.63]
["C3210","ESCAVAÇÃO E CARGA DE MATERIAL 3-CAT.","M3",29.59]
["C3212","ESCAVAÇÃO E CARGA DE SOLO MOLE","M3",9.12]
["C2797","ESCAVAÇÃO SUBMERSA (DRAGAGEM)","M3",37.93]
["CARGA,TRANSPORTE E DESCARGA DE MATERIAL",null,null,276.28]
["C0702","CARGA MANUAL DE ENTULHO EM CAMINHÃO BASCULANTE","M3",12.62]
["C0706","CARGA MANUAL DE ROCHA EM CAMINHÃO BASCULANTE","M3",13.15]
["C0707","CARGA MANUAL DE TERRA EM CAMINHÃO BASCULANTE","M3",10.52]
["C0708","CARGA MECANIZADA DE ENTULHO EM CAMINHÃO BASCULANTE","M3",2.81]
["C0709","CARGA MECANIZADA DE ROCHA EM CAMINHÃO BASCULANTE","M3",{"v":3,"d":"3.00"}]
["C0710","CARGA MECANIZADA DE TERRA EM CAMINHÃO BASCULANTE","M3",2.65]
["C2987","COMPLEMENTAÇÃO DE TRANSPORTE EM CAMINHÃO BASCULANTE","M3xKM",0.83]
["C2529","TRANSPORTE DE MATERIAL, EXCETO ROCHA EM CAMINHÃO ATÉ 0.5 KM","M3",3.55]
["C2531","TRANSPORTE DE MATERIAL, EXCETO ROCHA EM CAMINHÃO ATÉ 1KM","M3",3.95]
["C2533","TRANSPORTE DE MATERIAL, EXCETO ROCHA EM CAMINHÃO ATÉ 5 KM","M3",19.76]
["C2530","TRANSPORTE DE MATERIAL, EXCETO ROCHA EM CAMINHÃO ATÉ 10KM","M3",{"v":23.7,"d":"23.70"}]
["C2532","TRANSPORTE DE MATERIAL, EXCETO ROCHA EM CAMINHÃO ATÉ 20KM","M3",35.55]
["C2536","TRANSPORTE HORIZONTAL ATÉ 30M DE MATERIAIS À GRANEL","M3",22.82]
["C2537","TRANSPORTE HORIZONTAL DE 30,00 ATÉ 60,00M DE MATERIAIS À GRANEL","M3",28.29]
["C2535","TRANSPORTE HORIZONTAL DE 60,01 ATÉ 100,00M DE MATERIAIS À GRANEL","M3",37.42]
["C2538","TRANSPORTE VERTICAL DE MATERIAIS À GRANEL P/ A 1A LAJE","M3",16.43]
["C2539","TRANSPORTE VERTICAL DE MATERIAIS À GRANEL P/ A 2A LAJE","M3",39.24]
["ESCAVAÇÃO, CARGA, TRANSPORTE E DESCARGA DE MATERIAL",null,null,879.67]
["C3131","ARRASAMENTO ATERRO (ESCALONAMENTO) DMT ATÉ 50M","M3",5.01]
["C3182","ESCAVAÇÃO CARGA TRANSP. 1-CAT ATÉ 200M","M3",7.17]
["C3178","ESCAVAÇÃO CARGA TRANSP. 1-CAT 201 A 400M","M3",7.82]
["C3180","ESCAVAÇÃO CARGA TRANSP. 1-CAT 401 A 600M","M3",8.31]
["C3169","ESCAVACAO CARGA TRANSP. 1-CAT 601 A 800M","M3",9.04]
["C3181","ESCAVAÇÃO CARGA TRANSP. 1-CAT 801 A 1000M","M3",9.56]
["C3175","ESCAVAÇÃO CARGA TRANSP. 1-CAT 1001 A 1200M","M3",9.77]
["C3165","ESCAVACÃO CARGA TRANSP. 1-CAT 1201 A 1400M","M3",10.48]
["C3176","ESCAVAÇÃO CARGA TRANSP. 1-CAT 1401 A 1600M","M3",10.93]
["C3177","ESCAVAÇÃO CARGA TRANSP. 1-CAT 1601 A 1800M","M3",11.59]
["C3166","ESCAVAÇÃO CARGA TRANSP. 1-CAT 1801 A 2000M","M3",12.08]
["C3167","ESCAVAÇÃO CARGA TRANSP. 1-CAT 2001 A 3000M","M3",12.45]
["C3168","ESCAVAÇÃO CARGA TRANSP. 1-CAT 3001 A 4000M","M3",14.15]
["C3179","ESCAVAÇÃO CARGA TRANSP. 1-CAT 4001 A 5000M","M3",15.76]
["C3192","ESCAVAÇÃO CARGA TRANSP. 2-CAT ATÉ 200M","M3",9.37]
["C3187","ESCAVAÇÃO CARGA TRANSP. 2-CAT 201 A 400M","M3",{"v":9.8,"d":"9.80"}]
["C3189","ESCAVAÇÃO CARGA TRANSP. 2-CAT 401 A 600M","M3",10.73]
["C3190","ESCAVAÇÃO CARGA TRANSP. 2-CAT 601 A 800M","M3",11.25]
["C3191","ESCAVAÇÃO CARGA TRANSP. 2-CAT 801 A 1000M","M3",11.81]
["C3170","ESCAVAÇÃO CARGA TRANSP. 2-CAT 1001 A 1200M","M3",12.44]
["C3183","ESCAVAÇÃO CARGA TRANSP. 2-CAT 1201 A 1400M","M3",12.96]
["C3184","ESCAVAÇÃO CARGA TRANSP. 2-CAT 1401 A 1600M","M3",13.48]
["C3185","ESCAVAÇÃO CARGA TRANSP. 2-CAT 1601 A 1800M","M3",14.33]
["C3186","ESCAVAÇÃO CARGA TRANSP. 2-CAT 1801 A 2000M","M3",14.83]
["C3171","ESCAVAÇÃO CARGA TRANSP. 2-CAT 2001 A 3000M","M3",15.26]
["C3188","ESCAVAÇÃO CARGA TRANSP. 2-CAT 3001 A 4000M","M3",16.99]
["C3172","ESCAVAÇÃO CARGA TRANSP. 2-CAT 4001 A 5000M","M3",18.91]
["C3205","ESCAVAÇÃO CARGA TRANSP. 3-CAT ATÉ 50M","M3",30.39]
["C3202","ESCAVAÇÃO CARGA TRANSP. 3-CAT 51 A 100M","M3",33.42]
["C3194","ESCAVAÇÃO CARGA TRANSP. 3-CAT 101 A 200M","M3",33.59]
["C3200","ESCAVAÇÃO CARGA TRANSP. 3-CAT 201 A 400M","M3",{"v":34.1,"d":"34.10"}]
["C3201","ESCAVAÇÃO CARGA TRANSP. 3-CAT 401 A 600M","M3",34.81]
["C3203","ESCAVAÇÃO CARGA TRANSP. 3-CAT 601 A 800M","M3",{"v":36.1,"d":"36.10"}]
["C3204","ESCAVAÇÃO CARGA TRANSP. 3-CAT 801 A 1000M","M3",36.79]
["C3193","ESCAVAÇÃO CARGA TRANSP. 3-CAT 1001 A 1200M","M3",37.11]
["C3195","ESCAVAÇÃO CARGA TRANSP. 3-CAT 1201 A 1400M","M3",38.27]
["C3196","ESCAVAÇÃO CARGA TRANSP. 3-CAT 1401 A 1600M","M3",38.94]
["C3197","ESCAVAÇÃO CARGA TRANSP. 3-CAT 1601 A 1800M","M3",39.53]
["C3198","ESCAVAÇÃO CARGA TRANSP. 3-CAT 1801 A 2000M","M3",{"v":40.2,"d":"40.20"}]
["C3199","ESCAVAÇÃO CARGA TRANSP. 3-CAT 2001 A 3000M","M3",41.28]
["C3173","ESCAVAÇÃO CARGA TRANSP. 3-CAT 3001 A 4000M","M3",43.49]
["C3174","ESCAVAÇÃO CARGA TRANSP. 3-CAT 4001 A 5000M","M3",45.38]
["ESCAVAÇÕES EM VALAS,VALETAS,CANAIS E FUNDAÇÕES",null,null,{"v":11739.77,"d":"11,739.77"}]
["C3280","ESCAVAÇÃO DE BASE DE TUBULÃO A AR COMPRIMIDO ATÉ 12M","M3",515.07]
["C3281","ESCAVAÇÃO DE BASE DE TUBULÃO A AR COMPRIMIDO DE 12,00 A 18M","M3",584.45]
["C3282","ESCAVAÇÃO DE BASE DE TUBULÃO A CEU ABERTO","M3",334.17]
["C2777","ESCAVAÇÃO DE MATERIAL DE 3A. CAT A FOGO","M3",96.03]
["C2778","ESCAVAÇÃO DE MATERIAL DE 3A. CAT A FRIO","M3",515.12]
["C3206","ESCAVAÇÃO DE POÇO TUBULÃO A AR COMPRIMIDO C/ DESCIDA DE CAMISA DE CONCRETO ARMADO ATÉ 12m","M3",496.12]
[]
["C3213","ESCAVAÇÃO DE POÇO TUBULÃO A AR COMPRIMIDO C/DESCIDA DE CAMISA DE CONCRETO ARMADO 12,01 A 18,00M","M3",559.15]
[]
["C3207","ESCAVAÇÃO DE POÇO TUBULÃO A CEU ABERTO  C/ DESCIDA DE CAMISA DE CONCRETO ARMADO","M3",265.06]
[]
["C3400","ESCAVAÇÃO EM ROCHA BRANDA  A FRIO","M3",206.07]
["C1255","ESCAVAÇÃO MANUAL C/ APIL. FUNDO P/ CAIXA EM ALVENARIA","M3",42.25]
["C2784","ESCAVAÇÃO MANUAL SOLO DE 1A.CAT. PROF. ATÉ 1.50m","M3",24.18]
["C2781","ESCAVAÇÃO MANUAL SOLO DE 1A CAT. PROF. DE 1.51 a 3.00m","M3",31.94]
["C2782","ESCAVAÇÃO MANUAL SOLO DE 1A CAT. PROF. DE 3.01 a 4.50m","M3",37.42]
["C2783","ESCAVAÇÃO MANUAL SOLO DE 1A CAT. PROF. DE 4.51 a 6.00m","M3",43.81]
["C2785","ESCAVAÇÃO MANUAL SOLO DE 2A CAT. PROF. ATÉ 1.50m","M3",31.94]
["C2786","ESCAVAÇÃO MANUAL SOLO DE 2A CAT. PROF. DE 1.51 a 3.00m","M3",48.28]
["C2787","ESCAVAÇÃO MANUAL SOLO DE 2A CAT. PROF. DE 3.01 a 4.50m","M3",64.61]
["C2788","ESCAVAÇÃO MANUAL SOLO DE 2A CAT. PROF. DE 4.51 a 6.00m","M3",81.04]
["C2789","ESCAVAÇÃO MECÂNICA SOLO DE 1A CAT. PROF. ATÉ 2.00m","M3",5.78]
["C2790","ESCAVAÇÃO MECÂNICA SOLO DE 1A CAT. PROF. DE 2.01 a 4.00m","M3",{"v":7.7,"d":"7.70"}]
["C2791","ESCAVAÇÃO MECÂNICA SOLO DE 1A CAT. PROF. DE 4.01 a 6.00m","M3",12.03]
["C2792","ESCAVAÇÃO MECÂNICA SOLO DE 1A CAT. PROF. DE 6.01 a 8.00m","M3",34.82]
["C2796","ESCAVAÇÃO MECÂNICA SOLO DE 2A.CAT. PROF. ATÉ 2.00m","M3",14.02]
["C2793","ESCAVAÇÃO MECÂNICA SOLO DE 2A CAT. PROF. DE 2.01 a 4.00m","M3",{"v":20.6,"d":"20.60"}]
["C2794","ESCAVAÇÃO MECÂNICA SOLO DE 2A CAT. PROF. DE 4.01 a 6.00m","M3",29.37]
["C2795","ESCAVAÇÃO MECÂNICA SOLO DE 2A. CAT. PROF. DE 6.01 a 8.00m","M3",52.94]
["C3474","TRAVESSIA MÉTODO NÃO DESTRUTIVO P/ TUBO ATÉ DN 100 (COMPLETO)","M",{"v":1135.16,"d":"1,135.16"}]
["C3475","TRAVESSIA MÉTODO NÃO DESTRUTIVO P/ TUBO 100<DN<=200 (COMPLETO)","M",{"v":1532.76,"d":"1,532.76"}]
["C3476","TRAVESSIA MÉTODO NÃO DESTRUTIVO P/ TUBO 200<DN<=300 (COMPLETO)","M",{"v":1872.08,"d":"1,872.08"}]
["C4218","TRAVESSIA MÉTODO NÃO DESTRUTIVO P/ TUBO 300<DN<=500 (COMPLETO)","M",{"v":3045.84,"d":"3,045.84"}]
["ATERRO,REATERRO E COMPACTAÇÃO",null,null,328.54]
["C0095","APILOAMENTO DE PISO OU FUNDO DE VALAS C/MAÇO DE 30 A 60 KG","M2",15.51]
["C0328","ATERRO C/COMPACTAÇÃO MECÂNICA E CONTROLE, MAT. DE AQUISIÇÃO","M3",64.82]
["C0329","ATERRO C/COMPACTAÇÃO MECÂNICA E CONTROLE, MAT. PRODUZIDO (S/TRANSP.)","M3",18.11]
["C0330","ATERRO C/COMPACTAÇÃO MANUAL S/CONTROLE, MAT. C/AQUISIÇÃO","M3",66.11]
["C0331","ATERRO C/COMPACTAÇÃO MANUAL S/CONTROLE, MAT. PRODUZIDO (S/TRANSP.)","M3",19.41]
["C3145","COMPACTAÇÃO DE ATERROS  95% P.N","M3",2.78]
["C3146","COMPACTAÇÃO DE ATERROS 100% P.N","M3",2.88]
["C4665","COMPACTAÇÃO DE ATERROS 95% P.I. P/ OBRAS AEROPORTUÁRIAS","M3",3.07]
["C4666","COMPACTAÇÃO DE ATERROS 100% P.I. P/ OBRAS AEROPORTUÁRIAS","M3",3.33]
["C4667","COMPACTAÇÃO DE ATERROS 95% P.M. P/ OBRAS AEROPORTUÁRIAS","M3",3.42]
["C4668","COMPACTAÇÃO DE ATERROS 100% P.M. P/ OBRAS AEROPORTUÁRIAS","M3",3.52]
["C0821","COMPACTAÇÃO MECÂNICA DE CALÇAMENTO C/COMPACTADOR TIPO SAPO","M2",1.11]
["C0822","COMPACTAÇÃO MECÂNICA DO CALÇAMENTO C/ ROLO LISO","M2",0.79]
["C0928","CORTE E ATERRO COMPENSADO S/CONTROLE DO GRAU DE COMPACTAÇÃO","M3",7.17]
["C0930","CORTE MANUAL EM TERRA","M3",27.38]
["C3214","ESPALHAMENTO E ADENSAMENTO DE AREIA","M3",7.36]
["C2989","ESPALHAMENTO MECÂNICO DE SOLO EM BOTA FORA","M3",1.44]
["C3530","MUTIRÃO MISTO - ATERRO COM COMPACTAÇÃO MANUAL S/CONTROLE, MAT. C/AQUISIÇÃO","M3",{"v":50.6,"d":"50.60"}]
[]
["C2921","REATERRO C/COMPACTAÇÃO MANUAL S/CONTROLE, MATERIAL DA VALA","M3",15.51]
["C2920","REATERRO C/COMPACTAÇÃO MECÂNICA, E CONTROLE, MATERIAL DA VALA","M3",14.22]
["CARGA, TRANSPORTE E DESCARGA DE TUBOS E CONEXÕES",null,null,210.94]
["C0717","CARGA, DESCARGA E TRANSP. DE TUBOS E CONEXÕES EM MBV DN 100mm ATÉ 15km","M",0.89]
["C0711","CARGA, DESCARGA E TRANSP. DE TUBOS E CONEXÕES EM MBV DN 150mm ATÉ 15km","M",1.25]
["C0712","CARGA, DESCARGA E TRANSP. DE TUBOS E CONEXÕES EM MBV DN 200mm ATÉ 15km","M",1.79]
["C0713","CARGA, DESCARGA E TRANSP. DE TUBOS E CONEXÕES EM MBV DN 250mm ATÉ 15km","M",3.13]
["C0714","CARGA, DESCARGA E TRANSP. DE TUBOS E CONEXÕES EM MBV DN 300mm ATÉ 15km","M",3.85]
["C0715","CARGA, DESCARGA E TRANSP. DE TUBOS E CONEXÕES EM MBV DN 350mm ATÉ 15km","M",6.31]
["C0716","CARGA, DESCARGA E TRANSP. DE TUBOS E CONEXÕES EM MBV DN 400mm ATÉ 15km","M",9.22]
["C4672","CARGA E DESCARGA DE TUBOS CORRUGADOS DE DUPLA PAREDE E CONEXÕES EM PEAD","M",26.98]
[]
["C0703","CARGA E DESCARGA DE TUBOS DE CONCRETO","T",46.04]
["C0704","CARGA E DESCARGA DE TUBOS E CONEXÕES EM AÇO","T",34.53]
["C0705","CARGA E DESCARGA DE TUBOS E CONEXÕES EM FoFo","T",40.28]
["C0727","CARGA, TRANSPORTE E DESCARGA DE TUBOS E PEÇAS EM PVC DN 50mm ATÉ 15km","M",0.21]
["C0728","CARGA, TRANSPORTE E DESCARGA DE TUBOS E PEÇAS EM PVC DN 75mm ATÉ 15km","M",0.36]
["C0718","CARGA, TRANSPORTE E DESCARGA DE TUBOS E PEÇAS EM PVC DN 100mm ATÉ 15km","M",{"v":0.4,"d":"0.40"}]
["C0719","CARGA, TRANSPORTE E DESCARGA DE TUBOS E PEÇAS EM PVC DN 150mm ATÉ 15km","M",{"v":0.6,"d":"0.60"}]
["C0720","CARGA, TRANSPORTE E DESCARGA DE TUBOS E PEÇAS EM PVC DN 200mm ATÉ 15km","M",{"v":0.8,"d":"0.80"}]
["C0721","CARGA, TRANSPORTE E DESCARGA DE TUBOS E PEÇAS EM PVC DN 250mm ATÉ 15km","M",{"v":1,"d":"1.00"}]
["C0722","CARGA, TRANSPORTE E DESCARGA DE TUBOS E PEÇAS EM PVC DN 300mm ATÉ 15km","M",1.19]
["C0723","CARGA, TRANSPORTE E DESCARGA DE TUBOS E PEÇAS EM PVC DN 350mm ATÉ 15km","M",{"v":1.4,"d":"1.40"}]
["C0724","CARGA, TRANSPORTE E DESCARGA DE TUBOS E PEÇAS EM PVC DN 400mm ATÉ 15km","M",{"v":1.6,"d":"1.60"}]
["C0725","CARGA, TRANSPORTE E DESCARGA DE TUBOS E PEÇAS EM PVC DN 450mm ATÉ 15km","M",1.84]
["C0726","CARGA, TRANSPORTE E DESCARGA DE TUBOS E PEÇAS EM PVC DN 500mm ATÉ 15km","M",2.04]
["C2980","TRANSPORTE DE TUBOS E CONEXÕES DE FoFo, AÇO OU CONCRETO","T",25.21]
["SERVIÇOS AUXILIARES",null,null,{"v":8571.58,"d":"8,571.58"}]
["SERVIÇOS PREPARATÓRIOS",null,null,10.92]
["C3160","DESMATAMENTO DE JAZIDA","M2",0.33]
["C3161","DESMATAMENTO DESTOCAMENTO DE ÁRVORE E LIMPEZA","M2",0.22]
["C3211","ESCAVAÇÃO E CARGA DE MATERIAL DE JAZIDA","M3",{"v":3.7,"d":"3.70"}]
["C3218","EXPURGO DE JAZIDA","M3",2.88]
["C3319","NIVELAMENTO DE FUNDO DE VALAS","M2",3.59]
["C2990","REGULARIZAÇÃO DE TALUDES","M2",0.21]
["SUSTENTAÇÕES DIVERSAS",null,null,{"v":3838.35,"d":"3,838.35"}]
["C0083","ANDAIME METÁLICO DE ENCAIXE P/FACHADAS-LOCAÇÃO MENSAL","M2",8.48]
["C0084","ANDAIME P/1 M3 DE CONCRETO ARMADO","UN",13.04]
["C0086","ANDAIME P/ALVENARIA DE 1/2 TIJOLO","M2",2.34]
["C0085","ANDAIME P/ALVENARIA DE 1 TIJOLO","M2",6.32]
["C0087","ANDAIME P/REVESTIMENTO DE FORROS","M2",5.87]
["C0088","ANDAIME PRINCIPAL VERTICAL INCLUSIVE DEMOLIÇÃO","M2",31.33]
["C3352","ANDAIME SUSPENSO E PLATAFORMA DE MADEIRA","M2",34.62]
["C0364","BANDEJA SALVA-VIDAS C/TÁBUAS DE 1\"x12\" DE 2ª","M",233.35]
["C3320","CIMBRAMENTO DE MADEIRA","M3",30.97]
["C1236","ENCAIXOTAMENTO DE EDIFICAÇÕES","M2",77.88]
["C1246","ENTELAMENTO DE EDIFICAÇÕES C/PASSARELA DE TÁBUAS DE 1\"x12\" DE 2º","M2",197.22]
["C2804","ESCORAMENTO DE ÁRVORES","UN",83.08]
["C2803","ESCORAMENTO DE POSTES","UN",423.56]
["C3351","ESCORAMENTO P/ OBRAS D'ARTES CORRENTES","M3",43.97]
["C3081","ESCORAMENTO TUBULAR TIPO CONVENCIONAL","M3",31.54]
["C1274","ESCORAMENTO DE PROTEÇÃO EM EDIFICAÇÕES VIZINHAS","M2",163.46]
["C4166","ESTRUTURA DE SUSTENTAÇÃO EM VIGAS TRELIÇADAS E TABLADO DE MADEIRA","M2",153.15]
["C3466","EXECUÇÃO DE ESTRUTURA METÁLICA P/ IÇAMENTO D0 RESERVATÓRIO","KG",9.25]
["C4766","LOCAÇÃO DE CUBETAS (61X61)CM H=21CM, PARA LAJE NERVURADA - FORNECIMENTO","M2XMÊS",{"v":13.5,"d":"13.50"}]
[]
["C4125","LOCAÇÃO MENSAL DE ANDAIME METÁLICO","M3",4.68]
["C3470","LOCAÇÃO MENSAL DE CIMBRAMENTO METÁLICO","M3",17.64]
["C1271","LOCAÇÃO MENSAL DE ESCORA METÁLICA P/VIGAS/LAJES","M2",8.91]
["C4129","LOCAÇÃO MENSAL DE ESCORAMENTO TUBULAR","M3",10.98]
["C3469","LOCAÇÃO MENSAL DE MACACOS HIDRAÚLICOS DE 50 T","M3",873.44]
["C4782","LOCAÇÃO MENSAL PARA ESCORAMENTO E CIMBRAMENTO P/ LAJES NERVURADAS","M2XMÊS",{"v":14.4,"d":"14.40"}]
["C3468","MONTAGEM E DESMONTAGEM DE ESTRUTURA METÁLICA P/ IÇAMENTO","KG",4.31]
["C4754","PLATAFORMA EM TÁBUAS DE PINHO, INCLUSIVE MOVIMENTAÇÃO (UTIL. 6X)                                   \n","M",2.22]
[]
["C2154","REFORMA DE ANDAIME EXTERNO ATÉ 3 ANDARES","M2",3.27]
["C2155","REFORMA DE ANDAIME EXTERNO MAIOR QUE 3 ANDARES","M2",6.13]
["C2967","SUSTENTAÇÃO DE TUBULAÇÕES EXISTENTES - MADEIRA","M3",{"v":1328.7,"d":"1,328.70"}]
["C2968","SUSTENTAÇÃO DE TUBULAÇÕES EXISTENTES - METÁLICA","KG",0.73]
["ESCORAMENTO DE MADEIRA  EM VALAS E CAVAS",null,null,160.97]
["C1272","ESCORAMENTO COMUM DE VALAS TIPO CONTÍNUO C/PRANCHAS PEROBA","M2",69.32]
["C2798","ESCORAMENTO CONTÍNUO COM CHAPA COMPENSADA DE 12mm","M2",13.11]
["C1273","ESCORAMENTO CONTÍNUO P/GALERIA MOLDADA","M2",58.82]
["C2805","ESCORAMENTO DESCONTÍNUO COM PRANCHAS DE MADEIRA","M2",19.72]
["ESCORAMENTO METÁLICO EM VALAS,CAVAS OU POÇOS",null,null,138.28]
["C2799","ESCORAMENTO CONTÍNUO DE VALAS C/PRANCHAS METÁLICAS DE 2.00M","M2",19.81]
["C2800","ESCORAMENTO CONTÍNUO DE VALAS C/PRANCHAS METÁLICAS DE 3.00M","M2",28.86]
["C2801","ESCORAMENTO CONTÍNUO DE VALAS C/PRANCHAS METÁLICAS DE 4.00M","M2",36.03]
["C2802","ESCORAMENTO CONTÍNUO DE VALAS C/PRANCHAS METÁLICAS DE 6.00M","M2",53.58]
["INSTALAÇÃO DE GUINCHO",null,null,{"v":3082.87,"d":"3,082.87"}]
["C1355","EXECUÇÃO DE BASE DA CAÇAMBA E INSTALAÇÃO DO GUINCHO","UN",{"v":2792.19,"d":"2,792.19"}]
["C2508","TORRE PARA GUINCHO","M",290.67]
["PRODUÇÃO DE MATERIAIS",null,null,246.43]
["C3129","AREIA DE CAMPO - EXTRAÇÃO","M3",3.54]
["C3130","AREIA DE RIO - EXTRAÇÃO","M3",6.74]
["C3139","BRITA PRODUZIDA PARA BASES","M3",57.58]
["C3252","BRITA PRODUZIDA PARA REVESTIMENTOS BETUMINOSOS","M3",68.86]
["C3253","BRITA PRODUZIDA PARA USOS DIVERSOS","M3",62.84]
["C3227","PEDRA DE MÃO/POLIÉDRICA","M3",23.44]
["C3235","ROCHA PARA BRITAGEM","M3",23.44]
["LASTROS",null,null,936.36]
["C2860","LASTRO DE AREIA ADQUIRIDA","M3",69.36]
["C2861","LASTRO DE AREIA EXTRAIDA (S/ TRANSPORTE)","M3",15.93]
["C2862","LASTRO DE BRITA","M3",82.65]
["C1605","LASTRO DE BRITA  APILOADO MANUALMENTE","M3",90.02]
["C1606","LASTRO DE BRITA ESP.= 10CM, P/CAIXA EM ALVENARIA","M3",76.33]
["C1607","LASTRO DE CONCRETO IMPERMEABILIZADO E=6CM","M2",35.09]
["C1608","LASTRO DE CONCRETO IMPERMEABILIZADO E=8CM","M2",50.12]
["C1609","LASTRO DE CONCRETO INCLUINDO PREPARO E LANÇAMENTO","M3",364.22]
["C1611","LASTRO DE CONCRETO REGULARIZADO ESP.= 5CM","M2",25.64]
["C2863","LASTRO DE PEDRA DE MÃO","M3",{"v":81.8,"d":"81.80"}]
["C2864","LASTRO DE PÓ DE PEDRA","M3",45.21]
["SERVIÇOS DE USINAGEM",null,null,80.22]
["C3315","USINAGEM DE MISTURAS BETUMINOSAS A FRIO","M3",11.91]
["C3316","USINAGEM DE MISTURAS BETUMINOSAS A QUENTE","M3",57.05]
["C3244","USINAGEM DE MISTURAS DE AGREGADOS","M3",11.26]
["TRANSPORTE COM ELEVADOR",null,null,24.55]
["C2540","TRANSPORTE VERTICAL DE MATERIAIS A GRANEL P/ A 2a. LAJE","M3",11.95]
["C2541","TRANSPORTE VERTICAL DE MATERIAIS A GRANEL P/ A 5a. LAJE","M3",12.61]
["TRANSPORTE COM GUINDASTE",null,null,52.62]
["C2525","TRANSPORTE C/GUINDASTE DE TORRE CAP. 1200KG","CICLO",7.11]
["C2526","TRANSPORTE C/GUINDASTE ESTACIONÁRIO CAP. 1100KG","CICLO",{"v":6.1,"d":"6.10"}]
["C2528","TRANSPORTE C/GUINDASTE SOBRE TRILHO CAP. 1100KG","CICLO",12.88]
["C2527","TRANSPORTE C/GUINDASTE SOBRE TRILHO CAP. 1200KG","CICLO",26.53]
["OBRAS DE DRENAGEM",null,null,{"v":391729.16,"d":"391,729.16"}]
["ESGOTAMENTO DE ÁREAS E VALAS",null,null,{"v":10.7,"d":"10.70"}]
["C1278","ESGOTAMENTO C/BOMBA ELÉTRICA DE IMERSÃO 1KW ATÉ 8M","M3",0.04]
["C1277","ESGOTAMENTO C/BOMBA ELÉTRICA DE IMERSÃO  2.7KW ATÉ 8M","M3",0.05]
["C2806","ESGOTAMENTO COM CONJUNTO MOTO-BOMBA DE 20m3/h, H=6m.c.a","H",{"v":5.3,"d":"5.30"}]
["C2807","ESGOTAMENTO COM CUNJUNTO MOTO-BOMBA DE 20m3/h, H=10m.c.a","H",{"v":5.3,"d":"5.30"}]
["REBAIXAMENTO DO LENÇOL FREÁTICO",null,null,62.97]
["C2924","REBAIXAMENTO DE LENÇOL FREÁTICO EM ÁREAS","PTxDIA",13.94]
["C2922","REBAIXAMENTO DE LENÇOL FREÁTICO EM ÁREAS (POÇOS DE VISITA)","PTxDIA",23.57]
["C2923","REBAIXAMENTO DE LENÇOL FREÁTICO EM VALAS","M",25.47]
["OBRAS D' ARTE CORRENTE",null,null,{"v":373913.64,"d":"373,913.64"}]
["C0109","AQUISIÇÃO, ASSENT. E REJUNT. DE TUBO DE CONCRETO SIMPLES D=30cm","M",82.19]
["C0110","AQUISIÇÃO, ASSENT. E REJUNT. DE TUBO DE CONCRETO SIMPLES D=40cm","M",88.17]
["C0105","AQUISIÇÃO, ASSENT. E REJUNT. DE TUBO DE CONCRETO ARMADO D= 60cm","M",135.48]
["C0108","AQUISIÇÃO, ASSENT. E REJUNT. DE TUBO DE CONCRETO ARMADO D=80cm","M",214.59]
["C0104","AQUISIÇÃO, ASSENT. E REJUNT. DE TUBO DE CONCRETO ARMADO D= 100cm","M",301.72]
["C4325","AQUISIÇÃO, ASSENT. E REJUNT. DE TUBO DE CONCRETO ARMADO D=100 cm, SOBRE BERÇO DE CONCRETO MOLDADO \"IN LOCO\", FCK > 10MPa","M",514.29]
[]
["C0106","AQUISIÇÃO, ASSENT. E REJUNT. DE TUBO DE CONCRETO ARMADO D=120cm","M",432.08]
["C0107","AQUISIÇÃO, ASSENT. E REJUNT. DE TUBO DE CONCRETO ARMADO D=150cm","M",647.23]
["C4673","AQUISIÇÃO E ASSENTAMENTO DE TUBO CORRUGADO DE DUPLA PAREDE PEAD D=37,5cm","M",123.93]
[]
["C4674","AQUISIÇÃO E ASSENTAMENTO DE TUBO CORRUGADO DE DUPLA PAREDE PEAD D=45,0cm","M",168.16]
[]
["C4675","AQUISIÇÃO E ASSENTAMENTO DE TUBO CORRUGADO DE DUPLA PAREDE PEAD D=60,0cm","M",277.18]
[]
["C4676","AQUISIÇÃO E ASSENTAMENTO DE TUBO CORRUGADO DE DUPLA PAREDE PEAD D=75,0cm","M",384.68]
[]
["C4677","AQUISIÇÃO E ASSENTAMENTO DE TUBO CORRUGADO DE DUPLA PAREDE PEAD D=90,0cm","M",{"v":491.4,"d":"491.40"}]
[]
["C4678","AQUISIÇÃO E ASSENTAMENTO DE TUBO CORRUGADO DE DUPLA PAREDE PEAD D=105,0cm","M",601.69]
[]
["C4679","AQUISIÇÃO E ASSENTAMENTO DE TUBO CORRUGADO DE DUPLA PAREDE PEAD D=120,0cm","M",759.04]
[]
["C0424","BOCA DE BUEIRO SIMPLES TUBULAR  D= 80cm","UN",{"v":1004.61,"d":"1,004.61"}]
["C0423","BOCA DE BUEIRO SIMPLES TUBULAR  D= 100cm","UN",{"v":1328.23,"d":"1,328.23"}]
["C0406","BOCA DE BUEIRO DUPLO TUBULAR    D= 80cm","UN",{"v":1655.66,"d":"1,655.66"}]
["C0407","BOCA DE BUEIRO DUPLO TUBULAR    D=100cm","UN",{"v":2083.34,"d":"2,083.34"}]
["C0440","BOCA DE BUEIRO TRIPLO TUBULAR   D=100cm","UN",{"v":2838.45,"d":"2,838.45"}]
["C0408","BOCA DE BUEIRO SIMPLES CAPEADO  (1.00 X 1.00m)","UN",{"v":1160.14,"d":"1,160.14"}]
["C0409","BOCA DE BUEIRO SIMPLES CAPEADO  (1.50 X 1.00m)","UN",{"v":1406.73,"d":"1,406.73"}]
["C0410","BOCA DE BUEIRO SIMPLES CAPEADO  (1.50 X 1.50m)","UN",{"v":2036.29,"d":"2,036.29"}]
["C0411","BOCA DE BUEIRO SIMPLES CAPEADO  (2.00 X 1.00m)","UN",{"v":1616.19,"d":"1,616.19"}]
["C0412","BOCA DE BUEIRO SIMPLES CAPEADO  (2.00 X 1.50m)","UN",{"v":2248.34,"d":"2,248.34"}]
["C0413","BOCA DE BUEIRO SIMPLES CAPEADO  (2.00 X 2.00m)","UN",{"v":3012.48,"d":"3,012.48"}]
["C0414","BOCA DE BUEIRO SIMPLES CAPEADO  (2.50 X 1.00m)","UN",{"v":1823.3,"d":"1,823.30"}]
["C0415","BOCA DE BUEIRO SIMPLES CAPEADO  (2.50 X 1.50m)","UN",{"v":2492.1,"d":"2,492.10"}]
["C0416","BOCA DE BUEIRO SIMPLES CAPEADO  (2.50 X 2.00m)","UN",{"v":3380.19,"d":"3,380.19"}]
["C0417","BOCA DE BUEIRO SIMPLES CAPEADO  (2.50 X 2.50m)","UN",{"v":4326.82,"d":"4,326.82"}]
["C0418","BOCA DE BUEIRO SIMPLES CAPEADO  (3.00 X 1.00m)","UN",{"v":2034.46,"d":"2,034.46"}]
["C0419","BOCA DE BUEIRO SIMPLES CAPEADO  (3.00 X 1.50m)","UN",{"v":2854.96,"d":"2,854.96"}]
["C0420","BOCA DE BUEIRO SIMPLES CAPEADO  (3.00 X 2.00m)","UN",{"v":3711.58,"d":"3,711.58"}]
["C0421","BOCA DE BUEIRO SIMPLES CAPEADO  (3.00 X 2.50m)","UN",{"v":4701.65,"d":"4,701.65"}]
["C0422","BOCA DE BUEIRO SIMPLES CAPEADO  (3.00 X 3.00m)","UN",{"v":5825.17,"d":"5,825.17"}]
["C0391","BOCA DE BUEIRO DUPLO CAPEADO    (1.00 X 1.00m)","UN",{"v":1657.84,"d":"1,657.84"}]
["C0392","BOCA DE BUEIRO DUPLO CAPEADO    (1.50 X 1.00m)","UN",{"v":2103.22,"d":"2,103.22"}]
["C0393","BOCA DE BUEIRO DUPLO CAPEADO    (1.50 X 1.50m)","UN",{"v":2894.43,"d":"2,894.43"}]
["C0394","BOCA DE BUEIRO DUPLO CAPEADO    (2.00 X 1.00m)","UN",{"v":2495.61,"d":"2,495.61"}]
["C0395","BOCA DE BUEIRO DUPLO CAPEADO    (2.00 X 1.50m)","UN",{"v":3296.21,"d":"3,296.21"}]
["C0396","BOCA DE BUEIRO DUPLO CAPEADO    (2.00 X 2.00m)","UN",{"v":4230.91,"d":"4,230.91"}]
["C0397","BOCA DE BUEIRO DUPLO CAPEADO    (2.50 X 1.00m)","UN",{"v":2873.03,"d":"2,873.03"}]
["C0398","BOCA DE BUEIRO DUPLO CAPEADO    (2.50 X 1.50m)","UN",{"v":3738.92,"d":"3,738.92"}]
["C0399","BOCA DE BUEIRO DUPLO CAPEADO    (2.50 X 2.00m)","UN",{"v":4880.74,"d":"4,880.74"}]
["C0400","BOCA DE BUEIRO DUPLO CAPEADO    (2.50 X 2.50m)","UN",{"v":6033.77,"d":"6,033.77"}]
["C0401","BOCA DE BUEIRO DUPLO CAPEADO    (3.00 X 1.00m)","UN",{"v":3260.07,"d":"3,260.07"}]
["C0402","BOCA DE BUEIRO DUPLO CAPEADO    (3.00 X 1.50m)","UN",{"v":4377.34,"d":"4,377.34"}]
["C0403","BOCA DE BUEIRO DUPLO CAPEADO    (3.00 X 2.00m)","UN",{"v":5471.84,"d":"5,471.84"}]
["C0404","BOCA DE BUEIRO DUPLO CAPEADO    (3.00 X 2.50m)","UN",{"v":6699.79,"d":"6,699.79"}]
["C0405","BOCA DE BUEIRO DUPLO CAPEADO    (3.00 X 3.00m)","UN",{"v":8061.19,"d":"8,061.19"}]
["C0425","BOCA DE BUEIRO TRIPLO CAPEADO   (1.00 X 1.00m)","UN",{"v":2155.39,"d":"2,155.39"}]
["C0426","BOCA DE BUEIRO TRIPLO CAPEADO   (1.50 X 1.00m)","UN",{"v":2799.71,"d":"2,799.71"}]
["C0427","BOCA DE BUEIRO TRIPLO CAPEADO   (1.50 X 1.50m)","UN",{"v":3752.73,"d":"3,752.73"}]
["C0428","BOCA DE BUEIRO TRIPLO CAPEADO   (2.00 X 1.00m)","UN",{"v":3373.57,"d":"3,373.57"}]
["C0431","BOCA DE BUEIRO TRIPLO CAPEADO   (2.50 X 1.00m)","UN",{"v":3922.51,"d":"3,922.51"}]
["C0429","BOCA DE BUEIRO TRIPLO CAPEADO   (2.00 X 1.50m)","UN",{"v":4344.72,"d":"4,344.72"}]
["C0430","BOCA DE BUEIRO TRIPLO CAPEADO   (2.00 X 2.00m)","UN",{"v":5449.09,"d":"5,449.09"}]
["C0432","BOCA DE BUEIRO TRIPLO CAPEADO   (2.50 X 1.50m)","UN",{"v":4986.15,"d":"4,986.15"}]
["C0433","BOCA DE BUEIRO TRIPLO CAPEADO   (2.50 X 2.00m)","UN",{"v":6381.45,"d":"6,381.45"}]
["C0434","BOCA DE BUEIRO TRIPLO CAPEADO   (2.50 X 2.50m)","UN",{"v":7740.31,"d":"7,740.31"}]
["C0435","BOCA DE BUEIRO TRIPLO CAPEADO   (3.00 X 1.00m)","UN",{"v":4485.69,"d":"4,485.69"}]
["C0436","BOCA DE BUEIRO TRIPLO CAPEADO   (3.00 X 1.50m)","UN",{"v":5899.33,"d":"5,899.33"}]
["C0437","BOCA DE BUEIRO TRIPLO CAPEADO   (3.00 X 2.00m)","UN",{"v":7231.7,"d":"7,231.70"}]
["C0438","BOCA DE BUEIRO TRIPLO CAPEADO   (3.00 X 2.50m)","UN",{"v":8697.53,"d":"8,697.53"}]
["C0439","BOCA DE BUEIRO TRIPLO CAPEADO   (3.00 X 3.00m)","UN",{"v":10296.81,"d":"10,296.81"}]
["C0919","CORPO DE BUEIRO SIMPLESTUBULAR  D= 80cm","M",324.44]
["C0920","CORPO DE BUEIRO SIMPLES TUBULAR  D=100cm","M",449.49]
["C0886","CORPO DE BUEIRO DUPLO TUBULAR   D=  80cm","M",612.51]
["C0887","CORPO DE BUEIRO DUPLO TUBULAR   D= 100cm","M",853.96]
["C0918","CORPO DE BUEIRO TRIPLO TUBULAR  D= 100cm","M",{"v":1257.17,"d":"1,257.17"}]
["C0888","CORPO DE BUEIRO SIMPLES CAPEADO (1.00 X 1.00m)","M",915.45]
["C0889","CORPO DE BUEIRO SIMPLES CAPEADO (1.50 X 1.00m)","M",{"v":1187.64,"d":"1,187.64"}]
["C0890","CORPO DE BUEIRO SIMPLES CAPEADO (1.50 X 1.50m)","M",{"v":1490.77,"d":"1,490.77"}]
["C0891","CORPO DE BUEIRO SIMPLES CAPEADO (2.00 X 1.00m)","M",{"v":1468.39,"d":"1,468.39"}]
["C0892","CORPO DE BUEIRO SIMPLES CAPEADO (2.00 X 1.50m)","M",{"v":1738.85,"d":"1,738.85"}]
["C0893","CORPO DE BUEIRO SIMPLES CAPEADO (2.00 X 2.00m)","M",{"v":2009.3,"d":"2,009.30"}]
["C0894","CORPO DE BUEIRO SIMPLES CAPEADO (2.50 X 1.00m)","M",{"v":1670.01,"d":"1,670.01"}]
["C0895","CORPO DE BUEIRO SIMPLES CAPEADO (2.50 X 1.50m)","M",{"v":1951.45,"d":"1,951.45"}]
["C0897","CORPO DE BUEIRO SIMPLES CAPEADO (2.50 X 2.50m)","M",{"v":2674.32,"d":"2,674.32"}]
["C0896","CORPO DE BUEIRO SIMPLES CAPEADO (2.50 X 2.00m)","M",{"v":2368.6,"d":"2,368.60"}]
["C0898","CORPO DE BUEIRO SIMPLES CAPEADO (3.00 X 1.00m)","M",{"v":1900.56,"d":"1,900.56"}]
["C0899","CORPO DE BUEIRO SIMPLES CAPEADO (3.00 X 1.50m)","M",{"v":2360.5,"d":"2,360.50"}]
["C0900","CORPO DE BUEIRO SIMPLES CAPEADO (3.00 X 2.00m)","M",{"v":2689.36,"d":"2,689.36"}]
["C0901","CORPO DE BUEIRO SIMPLES CAPEADO (3.00 X 2.50m)","M",{"v":3018.21,"d":"3,018.21"}]
["C0902","CORPO DE BUEIRO SIMPLES CAPEADO (3.00 X 3.00m)","M",{"v":3347.06,"d":"3,347.06"}]
["C0872","CORPO DE BUEIRO DUPLO CAPEADO   (1.00 X 1.00m)","M",{"v":1504.92,"d":"1,504.92"}]
["C0873","CORPO DE BUEIRO DUPLO CAPEADO   (1.50 X 1.00m)","M",{"v":2005.59,"d":"2,005.59"}]
["C0874","CORPO DE BUEIRO DUPLO CAPEADO   (1.50 X 1.50m)","M",{"v":2476.81,"d":"2,476.81"}]
["C0875","CORPO DE BUEIRO DUPLO CAPEADO   (2.00 X 1.00m)","M",{"v":2545.25,"d":"2,545.25"}]
["C0876","CORPO DE BUEIRO DUPLO CAPEADO   (2.00 X 1.50m)","M",{"v":2972.92,"d":"2,972.92"}]
["C0877","CORPO DE BUEIRO DUPLO CAPEADO   (2.00 X 2.00m)","M",{"v":3400.59,"d":"3,400.59"}]
["C0878","CORPO DE BUEIRO DUPLO CAPEADO   (2.50 X 1.00m)","M",{"v":2948.48,"d":"2,948.48"}]
["C0879","CORPO DE BUEIRO DUPLO CAPEADO   (2.50 X 1.50m)","M",{"v":3398.13,"d":"3,398.13"}]
["C0880","CORPO DE BUEIRO DUPLO CAPEADO   (2.50 X 2.00m)","M",{"v":4051.21,"d":"4,051.21"}]
["C0921","CORPO DE BUEIRO DUPLO CAPEADO   (2.50 X 2.50m)","M",{"v":4537.28,"d":"4,537.28"}]
["C0881","CORPO DE BUEIRO DUPLO CAPEADO   (3.00 X 1.00m)","M",{"v":3409.59,"d":"3,409.59"}]
["C0882","CORPO DE BUEIRO DUPLO CAPEADO   (3.00 X 1.50m)","M",{"v":4132.48,"d":"4,132.48"}]
["C0883","CORPO DE BUEIRO DUPLO CAPEADO   (3.00 X 2.00m)","M",{"v":4658.74,"d":"4,658.74"}]
["C0884","CORPO DE BUEIRO DUPLO CAPEADO   (3.00 X 2.50m)","M",{"v":5185,"d":"5,185.00"}]
["C0885","CORPO DE BUEIRO DUPLO CAPEADO   (3.00 X 3.00m)","M",{"v":5711.25,"d":"5,711.25"}]
["C0903","CORPO DE BUEIRO TRIPLO CAPEADO  (1.00 X 1.00m)","M",{"v":2094.38,"d":"2,094.38"}]
["C0905","CORPO DE BUEIRO TRIPLO CAPEADO  (1.50 X 1.50m)","M",{"v":3462.83,"d":"3,462.83"}]
["C0904","CORPO DE BUEIRO TRIPLO CAPEADO  (1.50 X 1.00m)","M",{"v":2823.54,"d":"2,823.54"}]
["C0907","CORPO DE BUEIRO TRIPLO CAPEADO  (2.00 X 1.50m)","M",{"v":4206.99,"d":"4,206.99"}]
["C0906","CORPO DE BUEIRO TRIPLO CAPEADO  (2.00 X 1.00m)","M",{"v":3622.11,"d":"3,622.11"}]
["C0908","CORPO DE BUEIRO TRIPLO CAPEADO  (2.00 X 2.00m)","M",{"v":4791.87,"d":"4,791.87"}]
["C0909","CORPO DE BUEIRO TRIPLO CAPEADO  (2.50 X 1.00m)","M",{"v":4226.95,"d":"4,226.95"}]
["C0910","CORPO DE BUEIRO TRIPLO CAPEADO  (2.50 X 1.50m)","M",{"v":4844.81,"d":"4,844.81"}]
["C0911","CORPO DE BUEIRO TRIPLO CAPEADO  (2.50 X 2.00m)","M",{"v":5733.82,"d":"5,733.82"}]
["C0912","CORPO DE BUEIRO TRIPLO CAPEADO  (2.50 X 2.50m)","M",{"v":6400.23,"d":"6,400.23"}]
["C0913","CORPO DE BUEIRO TRIPLO CAPEADO  (3.00 X 1.00m)","M",{"v":4918.62,"d":"4,918.62"}]
["C0914","CORPO DE BUEIRO TRIPLO CAPEADO  (3.00 X 1.50m)","M",{"v":5904.46,"d":"5,904.46"}]
["C0915","CORPO DE BUEIRO TRIPLO CAPEADO  (3.00 X 2.00m)","M",{"v":6628.12,"d":"6,628.12"}]
["C0916","CORPO DE BUEIRO TRIPLO CAPEADO  (3.00 X 2.50m)","M",{"v":7351.78,"d":"7,351.78"}]
["C0917","CORPO DE BUEIRO TRIPLO CAPEADO  (3.00 X 3.00m)","M",{"v":8075.45,"d":"8,075.45"}]
["C4687","CORPO DE BUEIRO SIMPLES - TUBO CORRUGADO DE DUPLA PAREDE PEAD D=120,0cm","M",911.41]
[]
["C4688","CORPO DE BUEIRO DUPLO - TUBO CORRUGADO DE DUPLA PAREDE PEAD D=120,0cm","M",{"v":1768.75,"d":"1,768.75"}]
["C4689","CORPO DE BUEIRO TRIPLO - TUBO CORRUGADO DE DUPLA PAREDE PEAD D=120,0cm","M",{"v":2624.83,"d":"2,624.83"}]
["C3630","GALERIA EM PVC HELICOIDAL TIPO RIB LOC D=0,40m","M",150.24]
["C3632","GALERIA EM PVC HELICOIDAL TIPO RIB LOC D=0,60m","M",270.15]
["C3633","GALERIA EM PVC HELICOIDAL TIPO RIB LOC D=0,70m","M",377.88]
["C3631","GALERIA EM PVC HELICOIDAL TIPO RIB LOC D=0,50m","M",189.05]
["C3634","GALERIA EM PVC HELICOIDAL TIPO RIB LOC D=0,80m","M",429.98]
["C3635","GALERIA EM PVC HELICOIDAL TIPO RIB LOC D=0,90m","M",488.23]
["C3636","GALERIA EM PVC HELICOIDAL TIPO RIB LOC D=1,00m","M",698.96]
["C3637","GALERIA EM PVC HELICOIDAL TIPO RIB LOC D=1,20m","M",848.29]
["C4680","GALERIA EM TUBO CORRUGADO DE DUPLA PAREDE PEAD D=37,5cm","M",105.67]
["C4681","GALERIA EM TUBO CORRUGADO DE DUPLA PAREDE PEAD D=45,0cm","M",145.25]
["C4682","GALERIA EM TUBO CORRUGADO DE DUPLA PAREDE PEAD D=60,0cm","M",244.99]
["C4683","GALERIA EM TUBO CORRUGADO DE DUPLA PAREDE PEAD D=75,0cm","M",341.24]
["C4684","GALERIA EM TUBO CORRUGADO DE DUPLA PAREDE PEAD D=90,0cm","M",437.84]
["C4685","GALERIA EM TUBO CORRUGADO DE DUPLA PAREDE PEAD D=105,0cm","M",535.33]
["C4686","GALERIA EM TUBO CORRUGADO DE DUPLA PAREDE PEAD D=120,0cm","M",{"v":679.2,"d":"679.20"}]
["DRENAGEM PROFUNDA",null,null,971.29]
["C3401","COLOCAÇÃO DE MATERIAL PARA O LEITO FILTRANTE","M3",56.48]
["C2728","DRENAGEM COM TUBO CERÂMICO PERFURADO, D= 10cm","M",14.13]
["C2729","DRENAGEM COM TUBO CERÂMICO PERFURADO, D= 15cm","M",19.23]
["C2730","DRENAGEM COM TUBO CERÂMICO PERFURADO, D= 20cm","M",30.37]
["C2731","DRENAGEM COM TUBO DE CONCRETO POROSO, D= 15cm","M",24.79]
["C2732","DRENAGEM COM TUBO DE CONCRETO POROSO, D= 20cm","M",36.65]
["C2733","DRENAGEM COM TUBO DE CONCRETO POROSO, D= 30cm","M",48.27]
["C3071","DRENO PROFUNDO C/TUBO POROSO D=20cm/AREIA","M",{"v":42.1,"d":"42.10"}]
["C3070","DRENO PROFUNDO C/TUBO POROSO D=20cm/AREIA:BRITA","M",54.12]
["C3072","DRENO PROFUNDO C/TUBO POROSO D=20cm/BRITA","M",75.09]
["C3073","DRENO PROFUNDO COM ENCHIMENTO DE AREIA","M",{"v":8.4,"d":"8.40"}]
["C3074","DRENO PROFUNDO COM ENCHIMENTO DE BRITA","M",44.87]
["C3085","EXTREMIDADE PARA DRENO PROFUNDO","UN",406.15]
["C2590","TUBO DE PVC CORRUGADO PERFURADO D= 10cm","M",26.38]
["C2591","TUBO DE PVC CORRUGADO PERFURADO D= 15cm","M",40.28]
["C2592","TUBO DE PVC CORRUGADO PERFURADO D= 20cm","M",43.98]
["DRENAGEM SUB-SUPERFICIAL",null,null,474.48]
["C4661","BARBACÃ C/ TUBO PVC ESGOTO 50 mm, INCLUSIVE GEOTÊXTIL NÃO-TECIDO 100% POLIÉSTER COM RESISTÊNCIA A TRAÇÃO LONGITUDINAL MÍNIMA DE 8 kN/m (BIDIM RT-08 OU SIMILAR) E BRITA","UN",4.03]
[]
["C4662","BARBACÃ C/ TUBO PVC ESGOTO 75 mm, INCLUSIVE GEOTÊXTIL NÃO-TECIDO 100% POLIÉSTER COM RESISTÊNCIA A TRAÇÃO LONGITUDINAL MÍNIMA DE 8 kN/m (BIDIM RT-08 OU SIMILAR) E BRITA","UN",5.25]
[]
["C4663","BARBACÃ C/ TUBO PVC ESGOTO 100 mm, INCLUSIVE GEOTÊXTIL NÃO-TECIDO 100% POLIÉSTER COM RESISTÊNCIA A TRAÇÃO LONGITUDINAL MÍNIMA DE 8 kN/m (BIDIM RT-08 OU SIMILAR) E BRITA","UN",6.11]
[]
["C3141","COLCHÃO DRENANTE DE AREIA ( S/TRANSP)","M3",11.61]
["C3142","COLCHÃO DRENANTE DE BRITA ( S/TRANSP)","M3",71.79]
["C3076","DRENO SUB-SUPERFICIAL C/ENCHIMENTO DE BRITA","M",14.84]
["C4660","DRENO SUB-SUPERFICIAL C/ GEOTÊXTIL NÃO TECIDO 100% POLIÉSTER COM RESISTÊNCIA A TRAÇÃO LONGITUDINAL MÍNIMA DE 9 kN/m (BIDIM RT-09 OU SIMILAR) INCLUSIVE ENCHIMENTO DE BRITA","M",28.92]
[]
["C3086","EXTREMIDADE PARA DRENO SUB-SUPERFICIAL","UN",148.35]
["C4659","GEOTEXTIL NÃO TECIDO 100% POLIÉSTER COM RESISTÊNCIA AO PUNCIONAMENTO CBR MÍNIMA DE 2 kN","M2",7.74]
[]
["C4650","GEOTÊXTIL NÃO-TECIDO 100% POLIÉSTER COM RESISTÊNCIA AO PUNCIONAMENTO CBR MÍNIMA DE 5,5 kN (BIDIM RT-31 OU SIMILAR) PARA ÁREAS SUBMERSAS","M2",{"v":31.5,"d":"31.50"}]
[]
["C4651","GEOTÊXTIL NÃO-TECIDO 100% POLIÉSTER COM RESISTÊNCIA A TRAÇÃO LONGITUDINAL MÍNIMA DE 7 kN/m (BIDIM RT-07 OU SIMILAR)","M2",6.45]
[]
["C4652","GEOTÊXTIL NÃO-TECIDO 100% POLIÉSTER COM RESISTÊNCIA A TRAÇÃO LONGITUDINAL MÍNIMA DE 8 kN/m (BIDIM RT-08 OU SIMILAR)","M2",7.18]
[]
["C4653","GEOTÊXTIL NÃO-TECIDO 100% POLIÉSTER COM RESISTÊNCIA A TRAÇÃO LONGITUDINAL MÍNIMA DE 9 kN/m (BIDIM RT-09 OU SIMILAR)","M2",{"v":8.1,"d":"8.10"}]
[]
["C4586","GEOTÊXTIL NÃO-TECIDO 100% POLIÉSTER COM RESISTÊNCIA A TRAÇÃO LONGITUDINAL MÍNIMA DE 10 kN/m (BIDIM RT-10 OU SIMILAR)","M2",9.05]
[]
["C4654","GEOTÊXTIL NÃO-TECIDO 100% POLIÉSTER COM RESISTÊNCIA A TRAÇÃO LONGITUDINAL MÍNIMA DE 14 kN/m (BIDIM RT-14 OU SIMILAR)","M2",12.26]
[]
["C4655","GEOTÊXTIL NÃO-TECIDO 100% POLIÉSTER COM RESISTÊNCIA A TRAÇÃO LONGITUDINAL MÍNIMA DE 16 kN/m (BIDIM RT-16 OU SIMILAR)","M2",{"v":14.1,"d":"14.10"}]
[]
["C4656","GEOTÊXTIL NÃO-TECIDO 100% POLIÉSTER COM RESISTÊNCIA A TRAÇÃO LONGITUDINAL MÍNIMA DE 21 kN/m (BIDIM RT-21 OU SIMILAR)","M2",17.54]
[]
["C4657","GEOTÊXTIL NÃO-TECIDO 100% POLIÉSTER COM RESISTÊNCIA A TRAÇÃO LONGITUDINAL MÍNIMA DE 26 kN/m (BIDIM RT-26 OU SIMILAR)","M2",22.24]
[]
["C4658","GEOTÊXTIL NÃO-TECIDO 100% POLIÉSTER COM RESISTÊNCIA A TRAÇÃO LONGITUDINAL MÍNIMA DE 31 kN/m (BIDIM RT-31 OU SIMILAR)","M2",26.31]
[]
["C4752","MANTA GEOTEXTIL, TECIDA 100% POLIPROPILENO, RESISTÊNCIA A TRAÇÃO DE 55KN/M E DEFORMAÇÃO INFERIOR A 15% (FORNECIMENTO E ASSENTAMENTO)","M2",8.28]
[]
["C4753","PEÇA EM MADEIRA MUIRACATIARA (2,50X5,00CM) PARA FIXAÇÃO DA MANTA GEOTEXTIL","M",12.84]
[]
["DRENAGEM SUPERFICIAL",null,null,{"v":16296.09,"d":"16,296.09"}]
["C0365","BANQUETA/ MEIO FIO DE CONCRETO MOLDADO NO LOCAL ","M",17.41]
["C0367","BANQUETA/ MEIO FIO DE CONCRETO PRÉ-MOLDADO (1,00x0,25x0,15m)","M",26.93]
["C0366","BANQUETA/ MEIO FIO DE CONCRETO P/ VIAS URBANAS (1,00x0,35x0,15m)","M",34.57]
["C0368","BANQUETA/ MEIO FIO DE TIJOLO MACIÇO","M",19.67]
["C3065","DESCIDA D'ÁGUA DE CONCRETO ARMADO PADRÃO DERT","M",119.13]
["C3066","DESCIDA D'ÁGUA DE CONCRETO ARMADO TIPO U","M",117.84]
["C3067","DESCIDA D'AGUA EM CALHA PRÉ-MOLDADA DE CONCRETO D= 0,40m","M",{"v":51.8,"d":"51.80"}]
["C2727","DRENAGEM COM CALHA PRÉ-MOLDADA DE CONCRETO D= 0,30m","M",45.82]
["C4583","MEIO FIO CONJUGADO C/ SARJETA, EXTRUSADO COM CONCRETO FCK 20 MPa","M",44.21]
["C3097","MEIO FIO DE PEDRA GRANÍTICA","M",14.44]
["C3449","MEIO FIO PRÉ MOLDADO (0,07x0,30x1,00)m C/REJUNTAMENTO","M",17.37]
["C2018","POÇO DE VISITA DE ALVENARIA P/ GALERIA DE ÁGUAS PLUVIAIS DIAM. = 1m  E PROFUNDIDADE= 2m","UN",{"v":3409.07,"d":"3,409.07"}]
[]
["C2019","POÇO DE VISITA DE ALVENARIA P/ GALERIA DE ÁGUAS PLUVIAIS DIAM. = 1m  E PROFUNDIDADE= 4m","UN",{"v":4904.24,"d":"4,904.24"}]
[]
["C2020","POÇO DE VISITA DE ALVENARIA P/ GALERIA DE ÁGUAS PLUVIAIS DIAM.= 1m  E PROFUNDIDADE= 6m","UN",{"v":6458.05,"d":"6,458.05"}]
[]
["C3110","SAIDA D'AGUA C/ DISSIPADOR DE ENERGIA","UN",169.78]
["C3322","SARJETA CONJUGADA COM BANQUETA EM CONCRETO SIMPLES","M",59.08]
["C3111","SARJETA DE CONCRETO SIMPLES \"U\" C/H=0,35m/E=0,08m","M",106.57]
["C3112","SARJETA DE CONCRETO SIMPLES C/L=1,00m/E=0,08m","M",36.84]
["C3113","SARJETA DE CONCRETO SIMPLES C/L=1,20m/E=0,08m","M",44.89]
["C2310","TAMPÃO DE FERRO FUNDIDO P/ POÇO DE VISITA  DE DIAM-=1 M","UN",598.36]
["ARGAMASSAS",null,null,{"v":21877.56,"d":"21,877.56"}]
["PREPARAÇÃO DE MATERIAIS",null,null,448.14]
["C0115","AREIA SECA MEIO PENEIRADA","M3",169.31]
["C0116","AREIA SECA PENEIRADA","M3",278.83]
["ARGAMASSA  DE CAL",null,null,{"v":0,"d":"0.00"}]
["ARGAMASSA DE CIMENTO",null,null,{"v":18101.24,"d":"18,101.24"}]
["C0117","ARGAMASSA DE CIMENTO ARENOSO E AREIA S/PEN. TRAÇO 1:2:4","M3",306.05]
["C0129","ARGAMASSA DE CIMENTO ARENOSO E AREIA S/PEN. TRAÇO 1:2:6","M3",273.83]
["C0133","ARGAMASSA DE CIMENTO ARENOSO E AREIA S/PEN. TRAÇO1:2.5:3.5","M3",304.95]
["C0130","ARGAMASSA DE CIMENTO ARENOSO E AREIA S/PEN. TRAÇO 1:3:3","M3",303.89]
["C0131","ARGAMASSA DE CIMENTO ARENOSO E AREIA S/PEN. TRAÇO 1:3:5","M3",{"v":272.2,"d":"272.20"}]
["C0132","ARGAMASSA DE CIMENTO ARENOSO E AREIA S/PEN. TRAÇO 1:3:7","M3",254.91]
["C0181","ARGAMASSA DE CIMENTO ARENOSO E AREIA S/PEN. TRAÇO 1:3.5:2.5","M3",302.82]
["C0118","ARGAMASSA DE CIMENTO ARENOSO E AREIA S/PEN. TRAÇO 1:4:2","M3",301.73]
["C0119","ARGAMASSA DE CIMENTO ARENOSO E AREIA S/PEN. TRAÇO 1:4:4","M3",270.56]
["C0120","ARGAMASSA DE CIMENTO ARENOSO E AREIA S/PEN. TRAÇO 1:4:6","M3",253.57]
["C0121","ARGAMASSA DE CIMENTO ARENOSO E AREIA S/PEN. TRAÇO 1:4:8","M3",240.33]
["C0122","ARGAMASSA DE CIMENTO ARENOSO E AREIA S/PEN. TRAÇO 1:5:3","M3",268.92]
["C0128","ARGAMASSA DE CIMENTO ARENOSO E AREIA S/PEN. TRAÇO 1:5:5","M3",252.23]
["C0123","ARGAMASSA DE CIMENTO ARENOSO E AREIA S/PEN. TRAÇO 1:5:7","M3",239.19]
["C0179","ARGAMASSA DE CIMENTO ARENOSO E AREIA S/PEN. TRAÇO 1:6:2","M3",267.28]
["C0124","ARGAMASSA DE CIMENTO ARENOSO E AREIA S/PEN. TRAÇO 1:6:4","M3",250.88]
["C0125","ARGAMASSA DE CIMENTO ARENOSO E AREIA S/PEN. TRAÇO 1:6:6","M3",238.06]
["C0180","ARGAMASSA DE CIMENTO ARENOSO E AREIA S/PEN. TRAÇO 1:7:3","M3",249.54]
["C0126","ARGAMASSA DE CIMENTO ARENOSO E AREIA S/PEN. TRAÇO 1:7:5","M3",236.93]
["C0127","ARGAMASSA DE CIMENTO ARENOSO E AREIA S/PEN. TRAÇO 1:8:4","M3",235.79]
["C0162","ARGAMASSA DE CIMENTO BRANCO E PÓ DE MÁRMORE TRAÇO 1:3","M3",744.76]
["C0160","ARGAMASSA DE CIMENTO E AREIA FINA PENEIRADA E ADITIVO AGLUTINANTE ORGANO-SINTÉTICO NO TRAÇO 1:8","M3",219.28]
[]
["C0161","ARGAMASSA DE CIMENTO E AREIA MEDIA PENEIRADA E ADITIVO AGLUTINANTE ORGANO-SINTÉTICO NO TRAÇO 1:8","M3",231.71]
[]
["C0155","ARGAMASSA DE CIMENTO E AREIA PENEIRADA C/ IMPERMEABILIZANTE TRAÇO 1:1.5","M3",{"v":799.8,"d":"799.80"}]
["C0154","ARGAMASSA DE CIMENTO E AREIA PENEIRADA C/ IMPERMEABILIZANTE TRAÇO 1:4","M3",664.58]
["C0163","ARGAMASSA DE CIMENTO E AREIA PEN. TRAÇO 1:2","M3",642.45]
["C0164","ARGAMASSA DE CIMENTO E AREIA PEN. TRAÇO 1:3","M3",595.08]
["C0165","ARGAMASSA DE CIMENTO E AREIA PEN. TRAÇO 1:4","M3",534.58]
["C4429","ARGAMASSA DE CIMENTO E AREIA PEN. TRAÇO 1:5","M3",498.08]
["C4430","ARGAMASSA DE CIMENTO E AREIA PEN. TRAÇO 1:6","M3",473.58]
["C3009","ARGAMASSA DE CIMENTO E AREIA PEN. TRAÇO 1:7","M3",456.08]
["C0156","ARGAMASSA DE CIMENTO E AREIA S/PEN. C/IMPERMEAB. TRAÇO 1:2","M3",592.03]
["C0157","ARGAMASSA DE CIMENTO E AREIA S/PEN. C/IMPERMEAB. TRAÇO 1:3","M3",{"v":520.2,"d":"520.20"}]
["C0158","ARGAMASSA DE CIMENTO E AREIA S/PEN. C/IMPERMEAB. TRAÇO 1:4","M3",{"v":459.7,"d":"459.70"}]
["C0159","ARGAMASSA DE CIMENTO E AREIA S/PEN. C/IMPERMEAB. TRAÇO 1:5","M3",{"v":423.2,"d":"423.20"}]
["C0166","ARGAMASSA DE CIMENTO E AREIA S/PEN. TRAÇO 1:1","M3",582.22]
["C0167","ARGAMASSA DE CIMENTO E AREIA S/PEN. TRAÇO 1:1.5","M3",511.09]
["C0168","ARGAMASSA DE CIMENTO E AREIA S/PEN. TRAÇO 1:2","M3",462.03]
["C0169","ARGAMASSA DE CIMENTO E AREIA S/PEN. TRAÇO 1:2.5","M3",426.08]
["C0170","ARGAMASSA DE CIMENTO E AREIA S/PEN. TRAÇO 1:3","M3",{"v":390.2,"d":"390.20"}]
["C0171","ARGAMASSA DE CIMENTO E AREIA S/PEN. TRAÇO 1:4","M3",{"v":329.7,"d":"329.70"}]
["C0172","ARGAMASSA DE CIMENTO E AREIA S/PEN. TRAÇO 1:5","M3",{"v":293.2,"d":"293.20"}]
["C0173","ARGAMASSA DE CIMENTO E AREIA S/PEN. TRAÇO 1:6","M3",{"v":268.7,"d":"268.70"}]
["C0174","ARGAMASSA DE CIMENTO E AREIA S/PEN. TRAÇO 1:7","M3",{"v":251.2,"d":"251.20"}]
["C3323","ARGAMASSA DE CIMENTO E AREIA TRAÇO 1:3 COM AREIA PRODUZIDA","M3",342.45]
["C3324","ARGAMASSA DE CIMENTO E AREIA TRAÇO 1:4 COM AREIA PRODUZIDA","M3",281.95]
["C0175","ARGAMASSA DE CIMENTO E PEDRISCO TRAÇO 1:4","M3",307.26]
["C3554","MUTIRÃO MISTO - ARGAMASSA DE CIMENTO E AREIA S/PEN. TRAÇO 1:3","M3",298.94]
["C3553","MUTIRÃO MISTO - ARGAMASSA DE CIMENTO E AREIA S/PEN. TRAÇO 1:6","M3",177.44]
["ARGAMASSA MISTA",null,null,{"v":3306.99,"d":"3,306.99"}]
["C0185","ARGAMASSA MISTA DE CAL EM PASTA E AREIA S/PEN. TRAÇO 1:4  C/100 KG DE CIMENTO","M3",{"v":383.5,"d":"383.50"}]
[]
["C0189","ARGAMASSA MISTA DE CAL HIDR. E AREIA S/PEN. TRAÇO 1:3 C/100KG DE CIMENTO","M3",377.02]
["C0192","ARGAMASSA MISTA DE CAL HIDR. E AREIA S/PEN. TRAÇO 1:4 C/100KG DE CIMENTO","M3",331.88]
["C0194","ARGAMASSA MISTA DE CIMENTO CAL HIDR. E AREIA PEN.  TRAÇO 1:2:8","M3",577.67]
["C0197","ARGAMASSA MISTA DE CIMENTO CAL HIDR. E AREIA S/PEN. TRAÇO 1:1:4","M3",464.38]
["C0205","ARGAMASSA MISTA DE CIMENTO CAL HIDR. E AREIA S/PEN. TRAÇO 1:2:8","M3",372.88]
["C0200","ARGAMASSA MISTA DE CIMENTO CAL HIDR. E AREIA S/PEN. TRAÇO 1:2:9","M3",348.08]
["C1439","GROUT CIMENTO, CAL HIDR., AREIA E PEDRISCO  TRAÇO 1:0.1:3:2","M3",451.59]
["ARGAMASSA INDUSTRIALIZADA",null,null,21.19]
["C0210","ARGAMASSA PRÉ-FABRICADA P/REBOCO","M2",4.55]
["C0211","ARGAMASSA PRÉ-FABRICADA P/REBOCO IMITAÇÃO TRAVERTINO","M2",4.55]
["C0212","ARGAMASSA PRÉ-FABRICADA P/REBOCO TIPO MASSA RASPADA","M2",11.49]
["C1848","PASTA DE CIMENTO COLANTE","KG",0.61]
["FUNDAÇÕES E  ESTRUTURAS",null,null,{"v":95700.09,"d":"95,700.09"}]
["TUBULÕES A CÉU ABERTO",null,null,{"v":9221.83,"d":"9,221.83"}]
["C0825","CONCRETAGEM DE BASE DE TUBULÃO À CÉU ABERTO","M3",939.03]
["C0826","CONCRETAGEM DE TUBULÃO (CAMISA/ENCHIM.)   À CÉU ABERTO  D=1,20m","M",{"v":1492.02,"d":"1,492.02"}]
["C0827","CONCRETAGEM DE TUBULÃO (CAMISA/ENCHIM.)   À CÉU ABERTO  D=1,40m","M",{"v":1808.39,"d":"1,808.39"}]
["C0828","CONCRETAGEM DE TUBULÃO (CAMISA/ENCHIM.)   À CÉU ABERTO  D=1,60m","M",{"v":2138.9,"d":"2,138.90"}]
["C2636","TUBULÃO - CEU ABERTO - C/CONCRETO FCK 13.5 MPa","M3",{"v":374.5,"d":"374.50"}]
["C2637","TUBULÃO - CEU ABERTO - C/CONCRETO FCK 13.5 MPa C/RACHÃO","M3",335.77]
["C2638","TUBULÃO - CEU ABERTO - C/CONCRETO FCK 15 MPa","M3",380.07]
["C2634","TUBULAO - CEU ABERTO - C/CONCRETO FCK 15 MPa C/RACHÃO","M3",340.42]
["C2639","TUBULÃO - CEU ABERTO - C/CONCRETO FCK 18 MPa","M3",391.18]
["C2635","TUBULAO - CEU ABERTO - C/CONCRETO FCK 18 MPa  C/RACHÃO","M3",{"v":349.2,"d":"349.20"}]
["C2641","TUBULÃO - CEU ABERTO - C/CONCRETO USINADO FCK 15 MPa","M3",328.53]
["C2642","TUBULÃO - CEU ABERTO - C/CONCRETO USINADO FCK 20 MPa","M3",343.83]
["TUBULÕES A AR COMPRIMIDO",null,null,{"v":17056.39,"d":"17,056.39"}]
["C3148","CONCRETAGEM DE BASES TUBULÃO AR COMPRIMIDO ATE 12m","M3",{"v":1178.95,"d":"1,178.95"}]
["C3147","CONCRETAGEM DE BASES TUBULÃO AR COMPRIMIDO 12/18m","M3",{"v":1224.13,"d":"1,224.13"}]
["C3149","CONCRETAGEM DE TUBULÃO (CAMISA/ENCHIM.)   AR COMP. D=1,20m  ATÉ 12m","M",{"v":1749.73,"d":"1,749.73"}]
["C3150","CONCRETAGEM DE TUBULÃO (CAMISA/ENCHIM.)   AR COMP. D=1,20m  DE 12/18m","M",{"v":1793.17,"d":"1,793.17"}]
["C3151","CONCRETAGEM DE TUBULÃO (CAMISA/ENCHIM.)   AR COMP. D=1,40m  ATÉ 12m","M",{"v":2120.99,"d":"2,120.99"}]
["C3152","CONCRETAGEM DE TUBULÃO (CAMISA/ENCHIM.)   AR COMP. D=1,40m  DE 12/18m","M",{"v":2183.19,"d":"2,183.19"}]
["C3153","CONCRETAGEM DE TUBULÃO (CAMISA/ENCHIM.)   AR COMP. D=1,60m  ATÉ 12m","M",{"v":2482.3,"d":"2,482.30"}]
["C3154","CONCRETAGEM DE TUBULÃO (CAMISA/ENCHIM.)   AR COMP. D=1,60m DE 12/18m","M",{"v":2608.11,"d":"2,608.11"}]
["C0963","CRAVAÇÃO DE CAMISA METÁLICA INCLUSIVE ESCAVAÇÃO MECÂNICA","M",{"v":1023.79,"d":"1,023.79"}]
["C2643","TUBULÃO SOB AR COMPRIMIDO - C/CONCRETO FCK 15 MPa","M3",692.03]
["ESTACAS",null,null,{"v":2911.59,"d":"2,911.59"}]
["C0938","CORTE PERFIL METÁLICO ' I ' DE 10\"X4\"X5/8\"  P/EMPREITADA","UN",29.16]
["C0939","CORTE PERFIL METÁLICO ' I '  DE 12\"X5\"X1/4\" P/EMPREITADA","UN",34.98]
["C0936","CORTE PERFIL METÁLICO DUPLO I DE 10\"X4\"X5/8\" P/EMPREITADA","UN",53.29]
["C0937","CORTE PERFIL METÁLICO DUPLO ' I '  DE 12\"X5\"X1/4\" P/EMPREITADA","UN",{"v":63.7,"d":"63.70"}]
["C1292","ESTACA DE MADEIRA CONDIÇÕES FAVORÁVEIS D= 22cm P/6 A 8T","M",50.21]
["C1293","ESTACA DE MADEIRA CONDIÇÕES FAVORÁVEIS D= 25cm P/8 A 10T","M",55.23]
["C1290","ESTACA DE MADEIRA CONDIÇÕES POUCO FAVORÁVEIS D= 22cm P/6 A 8T","M",65.02]
["C1291","ESTACA DE MADEIRA CONDIÇÕES POUCO FAVORÁVEIS D= 25cm P/8 A 10T","M",70.04]
["C4690","ESTACA RAIZ DIÂMETRO 160mm - ATÉ 30 Tf","M",133.88]
["C4691","ESTACA RAIZ DIÂMETRO 200mm - ATÉ 40 Tf","M",169.69]
["C4692","ESTACA RAIZ DIÂMETRO 250mm - ATÉ 60 Tf","M",214.67]
["C4693","ESTACA RAIZ DIÂMETRO 310mm - ATÉ 90 Tf","M",253.66]
["C4697","ESTACA RAIZ DIÂMETRO 350mm - ATÉ 110 Tf","M",287.03]
["C4694","ESTACA RAIZ DIÂMETRO 410mm - ATÉ 125 Tf","M",366.89]
["C4695","ESTACA RAIZ DIÂMETRO 450mm - ATÉ 145 Tf","M",417.54]
["C4696","ESTACA RAIZ DIÂMETRO 450mm - ATÉ 169 Tf","M",{"v":436.6,"d":"436.60"}]
["C4698","PERFIL METÁLICO \"I\" OU \"H\" COM CRAVAÇÃO EMPREITADA","KG",7.54]
["C4699","SOLDA DE TOPO EM PERFIL \"I\" OU \"H\"","UN",178.35]
["C2282","SOLDA LONGITUDINAL EM PERFIL METÁLICO P/EMPREITADA","M",{"v":24.1,"d":"24.10"}]
["EMBASAMENTOS E BALDRAMES",null,null,{"v":2285.72,"d":"2,285.72"}]
["C0054","ALVENARIA DE EMBASAMENTO DE PEDRA ARGAMASSADA","M3",284.36]
["C0055","ALVENARIA DE EMBASAMENTO DE TIJOLO COMUM, C/ARGAMASSA MISTA C/ CAL HIDRATADA","M3",459.92]
[]
["C0056","ALVENARIA DE EMBASAMENTO DE TIJOLO FURADO, C/ ARGAMASSA MISTA C/ CAL HIDRATADA (1:2:8)","M3",345.99]
[]
["C4592","ALVENARIA DE EMBASAMENTO EM TIJOLO CERÂMICO FURADO C/ ARGAMASSA CIMENTO E AREIA 1:4","M3",396.02]
[]
["C0089","ANEL DE IMPERMEABILIZAÇÃO C/ARMAÇÃO EM FERRO","M3",469.16]
["C0471","BROCA D= 20cm COM CONCRETO FCK=13.5MPa, MAIS VIGA BALDRAME 20X20cm E UMA FIADA DE BLOCO DE CONCRETO 14X19X39cm","M",68.24]
[]
["C3604","MUTIRÃO MISTO - ALVENARIA DE EMBASAMENTO C/TIJ. FURADO, C/ ARG. MISTA C/CAL HIDRATADA","M3",262.03]
[]
["FORMAS",null,null,{"v":4053.42,"d":"4,053.42"}]
["C4713","CONFECÇÃO DE FORMA ACRÍLICA 5MM P/ LOGOMARCAS EM PREMOLDADOS DE CONCRETO (ABRIGO PARADA DE ÔNIBUS), PARA UTIL. 40 X","M2",633.41]
[]
["C4710","CONFECÇÃO DE FORMA METÁLICA P/ PEÇAS PREMOLDADAS DE CONCRETO (ABRIGO PARADA DE ÔNIBUS), PARA UTIL. 15 X","M2",540.95]
[]
["C2822","FORMA CURVA CHAPA COMPENSADA PLASTIFICADA, ESP.= 12mm","M2",153.47]
["C3990","FORMA CURVA CHAPA COMPENSADA PLASTIFICADA, ESP.= 18mm","M2",157.54]
["C2823","FORMA CURVA CHAPA COMPENSADA RESINADA, ESP.=  6mm","M2",{"v":134.4,"d":"134.40"}]
["C2824","FORMA CURVA CHAPA COMPENSADA RESINADA, ESP.= 10mm ","M2",136.51]
["C2825","FORMA CURVA CHAPA COMPENSADA RESINADA, ESP.= 12mm","M2",138.09]
["C3981","FORMA DE PAPELÃO RESINADO TIPO ESTRUTUBOS D=1,20 M  (FORNECIMENTO/MONTAGEM/DESMONTAGEM)","M",156.75]
[]
["C1400","FORMA DE TÁBUAS DE 1\" DE 3A. P/FUNDAÇÕES UTIL. 5 X","M2",43.72]
["C1401","FORMA DE TÁBUAS DE 1\" DE 3A. P/SUPERESTRUTURA - UTIL. 2 X","M2",108.08]
["C3984","FORMA INTERNA E EXTERNA PARA ESTACAS DE CONCRETO","M2",27.62]
["C4158","FORMA METÁLICA P/ PILAR","M2",124.22]
["C4282","FORMA P/ CONCRETO \"IN LOCO\" (APLICAÇÃO)","M2",63.57]
["C4281","FORMA P/ CONCRETO \"IN LOCO\" (FABRICAÇÃO)","M2",168.55]
["C1404","FORMA  P/ PEÇAS PRÉ-MOLDADAS DE CONCRETO PROTENDIDO, REVESTIDAS C/CHAPA METÁLICA, UTIL. (10 A 15 X)","M2",448.73]
[]
["C1403","FORMA P/ PEÇAS PRÉ-MOLDADAS DE CONCRETO PROTENDIDO, REVESTIDAS C/CHAPA COMPENSADA PLASTIFICADA (12X)","M2",401.88]
[]
["C4301","FORMA PARA CONCRETO \"IN LOCO\", INCLUSIVE DESFORMA","M2",103.27]
["C4302","FORMA PARA CONCRETO PRÉ-MOLDADO, INCLUSIVE DESFORMA","M2",35.31]
["C1399","FORMA PLANA CHAPA COMPENSADA PLASTIFICADA, ESP.= 12mm UTIL. 5X","M2",74.33]
["C3991","FORMA PLANA CHAPA COMPENSADA PLASTIFICADA, ESP.= 18mm UTIL. 5X","M2",76.97]
["C1402","FORMA PLANA CHAPA COMPENSADA RESINADA, ESP.= 10mm P/GALERIA  E BUEIROS CAPEADOS","M2",40.42]
[]
["C2827","FORMA PLANA CHAPA COMPENSADA RESINADA, ESP.= 10mm UTIL. 3X","M2",87.59]
["C1405","FORMA PLANA CHAPA COMPENSADA RESINADA, ESP.= 12mm UTIL. 3 X","M2",89.94]
["C4711","MONTAGEM DE FORMA METÁLICA P/ CONCRETO PREMOLDADO (ABRIGO PARADA DE ÔNIBUS), INCL. DESFORMA","M2",46.16]
[]
["C1799","MONTAGEM, DESMONTAGEM E REPAROS EM FORMAS P/PRE-MOLDADOS","M2",47.87]
["C4759","MONTAGEM E DESMONTAGEM DAS FORMAS/ESCORAMENTOS ESPECIAIS P/ LAJE NERVURADA INCLUSIVE DESMOLDANTE                                        \n","M2",14.08]
[]
["ARMADURAS",null,null,{"v":8955.68,"d":"8,955.68"}]
["C3331","ANCORAGEM ATIVA PARA CABO COM 1 CORDOALHA DE 12,7mm","UN",62.94]
["C3332","ANCORAGEM ATIVA PARA CABO COM 2 CORDOALHA DE 12,7mm","UN",108.47]
["C3333","ANCORAGEM ATIVA PARA CABO COM 4 CORDOALHA DE 12,7mm","UN",185.35]
["C3334","ANCORAGEM ATIVA PARA CABO COM 6 CORDOALHA DE 12,7mm","UN",277.93]
["C3335","ANCORAGEM ATIVA PARA CABO COM 7 CORDOALHA DE 12,7mm","UN",321.28]
["C3336","ANCORAGEM ATIVA PARA CABO COM 12 CORDOALHA DE 12,7mm","UN",539.24]
["C3337","ANCORAGEM PASSIVA PARA CABO COM 1 CORDOALHA DE 12,7mm","UN",32.62]
["C3338","ANCORAGEM PASSIVA PARA CABO COM 2 CORDOALHA DE 12,7mm","UN",53.56]
["C3339","ANCORAGEM PASSIVA PARA CABO COM 4 CORDOALHA DE 12,7mm","UN",91.84]
["C3340","ANCORAGEM PASSIVA PARA CABO COM 6 CORDOALHA DE 12,7mm ","UN",121.64]
["C3341","ANCORAGEM PASSIVA PARA CABO COM 7 CORDOALHA DE 12,7mm","UN",156.27]
["C3342","ANCORAGEM PASSIVA PARA CABO COM 12 CORDOALHA DE 12,7mm","UN",206.23]
["C4132","ARMADURA  P/ ESTACAS PRÉ-MOLDADAS DE CONCRETO (APLICAÇÃO)","T",{"v":794.5,"d":"794.50"}]
["C0213","ARMADURA CA-25 GROSSA D= 12,5 A 25,0mm","KG",7.56]
["C0214","ARMADURA CA-25 MÉDIA D= 6,3 A 10,0mm","KG",6.99]
["C0215","ARMADURA CA-50A GROSSA D= 12,5 A 25,0mm","KG",7.25]
["C0216","ARMADURA CA-50A MÉDIA D= 6,3 A 10,0mm","KG",6.67]
["C0217","ARMADURA CA-60 FINA D=3,40 A 6,40mm","KG",6.64]
["C0218","ARMADURA CA-60 MÉDIA D= 6,4 A 9,5mm","KG",6.88]
["C4151","ARMADURA DE AÇO CA 50/60","KG",7.21]
["C3985","ARMADURA DE CORDOALHA CP-190RB","KG",14.32]
["C0219","ARMADURA DE TELA DE AÇO","M2",12.22]
["C0220","ARMADURA EM TELA SOLDADA DE AÇO CA-60B","KG",12.15]
["C4071","ARMADURA EM TELA SOLDÁVEL Q-92","M2",{"v":8.6,"d":"8.60"}]
["C4131","ARMADURA P/ ESTACAS PRÉ-MOLDADAS DE CONCRETO (FABRICAÇÃO)","T",{"v":5812.29,"d":"5,812.29"}]
["C3344","CONFECÇÃO E COLOCAÇÃO DE CABO COM 1 CORDOALHA DE D=12,7mm COM BAINHA","KG",20.81]
["C3325","CONFECÇÃO E COLOCAÇÃO DE CABO COM 2 CORDOALHA DE D=12,7mm COM BAINHA","KG",14.57]
["C3326","CONFECÇÃO E COLOCAÇÃO DE CABO COM 4 CORDOALHA DE D=12,7mm COM BAINHA","KG",{"v":12.2,"d":"12.20"}]
["C3327","CONFECÇAO E COLOCAÇAO DE CABO COM 6 CORDOALHA DE D=12,7mm COM BAINHA","KG",11.66]
["C3328","CONFECÇÃO E COLOCAÇÃO DE CABO COM 7 CORDOALHAS DE D=12,7mm COM BAINHA","KG",11.21]
[]
["C3329","CONFECÇÃO E COLOCAÇÃO DE CABO COM 12 CORDOALHAS DE D=12,7mm COM BAINHA","KG",10.42]
[]
["C3343","PROTENSÃO E INJEÇÃO EM CABO COM CORDOALHA DE 12,7mm","KG",7.59]
["C3330","PURGADOR PARA ANCORAGEM","UN",6.62]
["CONCRETOS",null,null,{"v":25193.99,"d":"25,193.99"}]
["C0006","ACABAMENTO DE SUPERFÍCIES C/DESEMPENADEIRA MECÂNICA","M2",0.11]
["C0028","ADENSAMENTO/REGULARIZAÇÃO SUP.CONCRETO RÉGUA DUPLA L=3 A 6m","M2",3.16]
["C0027","ADENSAMENTO/REGULARIZAÇÃO SUPERFICIAL DE CONCRETO C/RÉGUA SIMPLES L= 3m","M2",2.41]
[]
["C0034","ADIÇÃO DE IMPERMEABILIZANTE PARA CONCRETO ESTRUTURAL","M3",60.19]
["C0461","BOMBEAMENTO DE CONCRETO","M3",{"v":41,"d":"41.00"}]
["C0829","CONCRETO CICLÓPICO FCK 10 MPa  COM AGREGADO PRODUZIDO (S/TRANSP)","M3",307.53]
["C0830","CONCRETO CICLÓPICO FCK 15 MPa COM AGREGADO ADQUIRIDO","M3",361.63]
["C4134","CONCRETO DE ALTO DESEMPENHO FCK > 50 MPa / EXECUTADO EM CENTRAL DOSADORA","M3",464.26]
[]
["C4438","CONCRETO FCK > 30 MPa SUBMERSO C/ PLATAFORMAS, INCLUSIVE LANÇAMENTO, CURA E TRANSPORTE","M3",605.16]
[]
["C0834","CONCRETO GROUT (ARGAMASSA AUTONIVELANTE), LANÇAMENTO E CURA","M3",{"v":5936,"d":"5,936.00"}]
["C0833","CONCRETO GROUT C/ATÉ 50% DE PEDRISCO EM PESO, LANÇAMENTO E CURA","M3",{"v":4446,"d":"4,446.00"}]
["C4291","CONCRETO MOLDADO \"IN LOCO\" FCK ACIMA DE 10 MPa, INCLUSIVE LANÇAMENTO E CURA","M3",504.99]
[]
["C4292","CONCRETO MOLDADO \"IN LOCO\" FCK ACIMA DE 50 MPa, INCLUSIVE LANÇAMENTO E CURA","M3",746.84]
[]
["C0836","CONCRETO NÃO ESTRUTURAL PREPARO MANUAL","M3",291.13]
["C3268","CONCRETO P/VIBR., FCK=10MPa COM AGREGADO PRODUZIDO (S/TRANSP.) ","M3",260.45]
["C3269","CONCRETO P/VIBR., FCK=13,5MPa COM AGREGADO PRODUZIDO (S/TRANSP.)","M3",274.29]
["C3270","CONCRETO P/VIBR., FCK=15MPa COM AGREGADO PRODUZIDO (S/ TRANSP.)","M3",280.22]
["C3271","CONCRETO P/VIBR., FCK=18MPA COM AGREGADO PRODUZIDO (S/ TRANSP.)","M3",293.09]
["C3272","CONCRETO P/VIBR., FCK=20MPa COM AGREGADO PRODUZIDO (S/TRANSP.)","M3",300.99]
["C3273","CONCRETO P/VIBR., FCK=25MPa COM AGREGADO PRODUZIDO (S/TRANSP.)","M3",307.59]
["C3274","CONCRETO P/VIBR., FCK=30MPa COM AGREGADO PRODUZIDO (S/TRANSP.)","M3",331.51]
["C3275","CONCRETO P/VIBR., FCK=35MPa COM AGREGADO PRODUZIDO (S/TRANSP.)","M3",356.55]
["C3276","CONCRETO P/VIBR., FCK=40MPa COM AGREGADO PRODUZIDO (S/TRANSP.)","M3",385.73]
["C0838","CONCRETO P/VIBR., FCK 10 MPa COM AGREGADO ADQUIRIDO","M3",291.24]
["C0839","CONCRETO P/VIBR., FCK 13.5 MPa COM AGREGADO ADQUIRIDO","M3",{"v":304.2,"d":"304.20"}]
["C0840","CONCRETO P/VIBR., FCK 15 MPa COM AGREGADO ADQUIRIDO","M3",309.75]
["C0841","CONCRETO P/VIBR., FCK 18 MPa COM AGREGADO ADQUIRIDO","M3",321.81]
["C0842","CONCRETO P/VIBR., FCK 20 MPa COM AGREGADO ADQUIRIDO","M3",329.16]
["C0843","CONCRETO P/VIBR., FCK 25 MPa COM AGREGADO ADQUIRIDO","M3",{"v":331.8,"d":"331.80"}]
["C0844","CONCRETO P/VIBR., FCK 30 MPa COM AGREGADO ADQUIRIDO","M3",358.16]
["C0845","CONCRETO P/VIBR., FCK 35 MPa COM AGREGADO ADQUIRIDO","M3",377.61]
["C0846","CONCRETO P/VIBR., FCK 40 MPa COM AGREGADO ADQUIRIDO","M3",404.91]
["C3731","CONCRETO P/VIBR., FCK 50MPa COM AGREGADO ADQUIRIDO","M3",569.94]
["C0847","CONCRETO PRE-MISTURADO FCK=10 MPa","M3",240.72]
["C0848","CONCRETO PRE-MISTURADO FCK 15 MPa","M3",246.84]
["C0849","CONCRETO PRE-MISTURADO FCK 20 MPa","M3",262.14]
["C0850","CONCRETO PRE-MISTURADO FCK 25 MPa","M3",{"v":270.3,"d":"270.30"}]
["C0851","CONCRETO PRE-MISTURADO FCK 30 MPa","M3",283.56]
["C0852","CONCRETO PRE-MISTURADO FCK 35 MPa","M3",295.46]
["C4169","CONCRETO PRE-MISTURADO FCK 50 MPa","M3",454.41]
["C0853","CONCRETO PRE-MISTURADO FCK 40 MPa","M3",{"v":324.7,"d":"324.70"}]
["C4170","CONCRETO PRE-MISTURADO FCK 50 MPa - ALTO DESEMPENHO","M3",515.69]
["C4293","CONCRETO PRÉ-MOLDADO FCK ACIMA DE 50 MPa INCLUSIVE LANÇAMENTO, CURA E TRANSPORTE","M3",539.92]
[]
["C4768","CONTROLE TECNOLÓGICO DE CONCRETO C/ ROMPIMENTO DE CORPO-DE-PROVA À COMPRESSÃO","UN",91.73]
[]
["C4303","INJEÇÃO DE CONCRETO SUBMERSO C/ PLATAFORMAS","M3",{"v":1012.72,"d":"1,012.72"}]
["C4135","LANÇAMENTO DE CONCRETO EM PRÉ-MOLDADO","M3",{"v":24.9,"d":"24.90"}]
["C1603","LANÇAMENTO E APLICAÇÃO DE CONCRETO C/ ELEVAÇÃO","M3",140.33]
["C1604","LANÇAMENTO E APLICAÇÃO DE CONCRETO S/ ELEVAÇÃO","M3",81.69]
["C3531","MUTIRÃO MISTO - CONCRETO P/VIBR., FCK 13.5 MPa COM AGREGADO ADQUIRIDO","M3",249.45]
["ELEMENTOS DE CONCRETO PRÉ FABRICADO",null,null,{"v":17320.48,"d":"17,320.48"}]
["C3250","CONFECÇÃO DE BANQUETA / MEIO FIO PRÉ-MOLDADA DE CONCRETO (1,00 x 0,25 x 0,15 m)","M",17.49]
[]
["C3251","CONFECÇÃO DE BANQUETA / MEIO FIO  PRÉ-MOLDADA DE CONCRETO PARA VIAS URBANAS (1,00 x 0,35 x 0,15m)","M",25.28]
[]
["C3606","CONFECÇÃO E MONTAGEM DE ABÓBADAS PRÉ-MOLDADAS DE CONCRETO P/TERMINAL RODOVIARIO  TIPO \"A\"","M",{"v":1371.01,"d":"1,371.01"}]
[]
["C3609","CONFECÇÃO E MONTAGEM DE PILAR PRÉ-MOLDADO DE CONCRETO P/TERMINAL RODOVIARIO  TIPO \"A\"","UN",{"v":1873.95,"d":"1,873.95"}]
[]
["C3607","CONFECÇÃO E MONTAGEM DE PÓRTICO INDICATIVO PRÉ-MOLDADO DE CONCRETO P/TERMINAL RODOVIÁRIO","UN",{"v":8440.15,"d":"8,440.15"}]
[]
["C3608","CONFECÇÃO E MONTAGEM DE SAPATA PRÉ-MOLDADA DE CONCRETO P/TERMINAL RODOVIÁRIO  TIPO \"A\"","M",{"v":1235.76,"d":"1,235.76"}]
[]
["C3610","CONFECÇÃO E MONTAGEM DE VIGA CALHA PRÉ-MOLDADA DE CONCRETO P/TERMINAL RODOVIÁRIO  TIPO \"A\"","M",513.41]
[]
["C3284","ESTACAS DE CONCRETO ARMADO (2,20 x 0,10 x 0,10 M) P/ CERCAS","UN",21.78]
["C4449","LAJE PRÉ-FABRICADA P/ FÔRRO - VÃO ATÉ 2 m","M2",69.54]
["C4418","LAJE PRÉ-FABRICADA P/ FÔRRO - VÃO DE 2,01 A 3 m","M2",{"v":77.6,"d":"77.60"}]
["C4419","LAJE PRÉ-FABRICADA P/ FÔRRO - VÃO DE 3,01 A 4 m","M2",{"v":80.1,"d":"80.10"}]
["C4420","LAJE PRÉ-FABRICADA P/ FÔRRO - VÃO ACIMA DE 4,01 m","M2",82.56]
["C4448","LAJE PRÉ-FABRICADA P/ PISO - VÃO ATÉ 2 m","M2",71.74]
["C4415","LAJE PRÉ-FABRICADA P/ PISO - VÃO DE 2,01 A 3 m","M2",80.33]
["C4416","LAJE PRÉ-FABRICADA P/ PISO - VÃO DE 3,01 A 4 m","M2",{"v":80.6,"d":"80.60"}]
["C4417","LAJE PRÉ-FABRICADA P/ PISO - VÃO ACIMA DE 4,01 m","M2",{"v":84.1,"d":"84.10"}]
["C4455","LAJE PRÉ-FABRICADA TRELIÇADA P/ FÔRRO - VÃO ATÉ 2,80 m","M2",{"v":87.1,"d":"87.10"}]
["C4456","LAJE PRÉ-FABRICADA TRELIÇADA P/ FÔRRO - VÃO  DE 2,81 A 3,80 m","M2",{"v":89.1,"d":"89.10"}]
["C4457","LAJE PRÉ-FABRICADA TRELIÇADA P/ FÔRRO - VÃO  DE 3,81 A 4,80 m","M2",93.03]
["C4458","LAJE PRÉ-FABRICADA TRELIÇADA P/ FÔRRO - VÃO  ACIMA DE 4,81 m","M2",104.75]
["C4450","LAJE PRÉ-FABRICADA TRELIÇADA P/ PISO - VÃO ATÉ 1,80 m","M2",84.04]
["C4451","LAJE PRÉ-FABRICADA TRELIÇADA P/ PISO - VÃO DE 1,81 A 2,80 m","M2",{"v":92.8,"d":"92.80"}]
["C4452","LAJE PRÉ-FABRICADA TRELIÇADA P/ PISO - VÃO DE 2,81 A 3,80 m","M2",{"v":97,"d":"97.00"}]
["C4453","LAJE PRÉ-FABRICADA TRELIÇADA P/ PISO - VÃO DE 3,81 A 4,80 m","M2",98.43]
["C4454","LAJE PRÉ-FABRICADA TRELIÇADA P/ PISO - VÃO ACIMA DE 4,81 m","M2",109.38]
["C2881","MONTAGEM DE ANEL PRÉ-MOLDADO D=0,60m, h=0,50m","UN",5.34]
["C3459","MONTAGEM  DE ANEL PRÉ-MOLDADO D=1,00m  h=0,50m","UN",14.87]
["C4598","MONTAGEM DE ANEL PREMOLDADO D=1,20m h=0,50m MSD FUNASA TIPO 10 (MATERIAL E EXECUÇÃO)","UN",20.07]
[]
["C3460","MONTAGEM  DE ANEL PRÉ-MOLDADO D=1,50m  h=0,50m","UN",26.76]
["C2882","MONTAGEM DE ANEL PRÉ-MOLDADO P/DECANTO DIGESTOR/FILTRO ANAERÓBIO","UN",38.38]
["C2883","MONTAGEM DE CALHA VERTEDOURA PRÉ-MOLDADA P/FILTRO ANAERÓBIO","UN",19.33]
["C2884","MONTAGEM DE CÂMARA DE DECANTAÇÃO PRÉ-MOLDADA","UN",219.74]
["C2885","MONTAGEM DE TAMPA DE FECHAMENTO/LAJE DE FUNDO P/ANEL D=600MM","UN",3.11]
["C2886","MONTAGEM DE TAMPA PRÉ-MOLDADA P/DECANTO/FILTRO/FUNDO FALSO","UN",31.95]
["C3289","MOURÃO DE CONCRETO (2,20 x 0,15 x 0,15 M)","UN",47.62]
["C1838","PAINEL PROTENDIDO P/PISOS/PAREDES DE VEDAÇÃO ESP.=10cm","M2",151.74]
["C1839","PAINEL PROTENDIDO P/PISOS/PAREDES DE VEDAÇÃO ESP.=15cm","M2",186.27]
["C1840","PAINEL PROTENDIDO P/PISOS/PAREDES DE VEDAÇÃO ESP.=20cm","M2",{"v":227,"d":"227.00"}]
["C1841","PAINEL PROTENDIDO P/PISOS/PAREDES DE VEDAÇÃO ESP.=25cm","M2",231.59]
["C1842","PAINEL-COBERTURA DE CONCRETO CELULAR AUTOCLAVADO ARMADO, C/ DIMENSÕES 7,5X40X280cm","M2",66.61]
[]
["C1843","PAINEL-LAJE DE CONCRETO CELULAR AUTOCLAVADO, C/ DIMENSÕES 10X40X280cm","M2",76.89]
["C1899","PEÇAS PRÉ- MOLDADAS (PM) DE CONCRETO, ESP.= 3cm","M2",233.55]
["C1900","PEÇAS PRÉ- MOLDADAS (PM) DE CONCRETO, ESP.= 4cm","M2",241.31]
["C1901","PEÇAS PRÉ- MOLDADAS (PM) DE CONCRETO, ESP.= 5cm","M2",245.06]
["C1886","PÉRGOLAS PRÉ-MOLDADAS (PM) DE CONCRETO, ESP.= 5cm","M2",252.28]
["JUNTA DE DILATAÇÃO",null,null,{"v":1509.88,"d":"1,509.88"}]
["C1418","FUNGENBAND P/ JUNTAS DE DILATAÇÃO","M",85.43]
["C4073","JUNTA ASFÁLTICA NAS PLACAS DOS TALUDES DAS LAGOAS (SEÇÃO 1,5 x 3,0 cm)","M",6.04]
["C3732","JUNTA DE DILATAÇÃO À BASE DE MASTIQUE (1.00 x 1.00cm)","M",{"v":33.7,"d":"33.70"}]
["C3993","JUNTA DE MOVIMENTAÇÃO TIPO JEENE","M",603.96]
["C4209","JUNTA DILATAÇÃO COM CORDA DE SISAL E ASFALTO OXIDADO (SEÇÃO 1,5 x 3 cm)","M",8.75]
["C4305","JUNTA JEENE JJ 5070 VV","M",603.96]
["C3090","JUNTA TRAFLEX-TR-CS DA MAPEL OU SIMILAR","M",81.32]
["C4571","MASTIQUE BETUMINOSO MODIFICADO COM POLIURETANO, TIXOTRÓPICO, BICOMPONENTE PARA JUNTA DE DILATAÇÃO","M",18.48]
[]
["C1814","NEOPRENE P/ JUNTAS DE DILATAÇÃO","M",40.08]
["C2268","SELANTE ELASTRÔMETRO P/ JUNTA DE DILATAÇÃO","M",28.17]
["RECUPERAÇÃO ESTRUTURAL",null,null,{"v":3995.66,"d":"3,995.66"}]
["C0005","ACABAMENTO DE PEDREIRO","M2",41.99]
["C0094","APICOAMENTO EM CONCRETO/PREPARO DA SUPERFÍCIE","M2",18.25]
["C0098","APLICAÇÃO DE ADESIVO ESTRUTURAL BASE EPOXI","KG",58.77]
["C0809","COLOCAÇÃO DE INJETORES","UN",11.74]
["C3156","CONCRETO PROJETADO (MEDIDO NA MÁQUINA 35MPa)","M3",931.37]
["C0929","CORTE EM CONCRETO DETERIORADO","M2",18.25]
["C3083","EXECUÇÃO DE FUROS EM CONCRETO C/BROCA 1/2\"<= D <=1\"","UN",11.77]
["C3082","EXECUÇÃO DE FUROS EM CONCRETO C/BROCA 1\"< D <=1 1/2\"","UN",16.73]
["C4410","EXECUÇÃO DE FURO EM CONCRETO COM BROCA - Ø 1 1/2\" A 2\"","M",78.37]
["C3084","EXECUÇÃO DE PINGADEIRAS","M",{"v":6.7,"d":"6.70"}]
["C3467","FORNECIMENTO E COLOCAÇÃO DE CHUMBADOR PARABOULT DE  3/4\" a 1\"","UN",67.49]
["C2830","FORNECIMENTO E CRAVAÇÃO DE PINOS C/PISTOLA P/FIXAÇÃO DE TELA","UN",3.23]
["C1523","JATEAMENTO DE AR COMPRIMIDO, P/LIMPEZA DE SUPERFÍCIES","M2",{"v":10.4,"d":"10.40"}]
["C1524","JATEAMENTO DE AREIA À SECO EM SUPERFÍCIES","M2",8.48]
["C3091","LIMPEZA COM JATO DE AREIA/ÁGUA","M2",54.15]
["C3095","LIMPEZA DE SUPERFÍCIE C/ ESCOVA DE AÇO","M2",3.65]
["C2900","PINTURA PROTEÇÃO C/INIBIDOR MIGRATÓRIO CORROSÃO, 3 DEMÃOS","M2",14.44]
["C4738","RECUPERAÇÃO CONCRETO, C/REFORÇO E RECONSTITUIÇÃO “GROUNT”, ESP.=60MM","M2",385.42]
["C4737","RECUPERAÇÃO CONCRETO, C/MICROCONCRETO FLUIDO, ESP.=300MM\n","M2",{"v":1254.28,"d":"1,254.28"}]
[]
["C4739","RECUPERAÇÃO CONCRETO, S/REFORÇO E RECONSTITUIÇÃO “GROUNT”, ESP.=60MM","M2",332.47]
["C4740","RECUPERAÇÃO CONCRETO, S/REFORÇO RECONSTITUIÇÃO C/ ARGAMASSA POLIMÉRICA ESP.=25MM","M2",234.93]
[]
["C4741","RECUPERAÇÃO CONCRETO, SÓ REFORÇO DA ARMADURA","M2",149.75]
["C3102","RECUPERAÇÃO DE GUARDA CORPO","M",182.31]
["C3106","REPOSIÇÃO DE ARMADURA OXIDADA (REFORÇO, FORNECIMENTO, DOBBRAGEM E COLOCAÇÃO)","KG",12.41]
[]
["C3114","SELAGEM DE FISSURAS C/ INJEÇÃO DE RESINAS","KG",88.29]
["RASGO EM CONCRETO  PARA TUBULAÇÕES",null,null,48.47]
["C2098","RASGO EM CONCRETO P/TUBULAÇÕES D=15 A 25mm (1/2\" A 1\")","M",10.17]
["C2099","RASGO EM CONCRETO P/TUBULAÇÕES D=32 A 50mm (1 1/4\" A 2\")","M",15.86]
["C2100","RASGO EM CONCRETO P/TUBULAÇÕES D=65 A 100mm (2 1/2\" A 4\")","M",22.44]
["OUTROS ELEMENTOS",null,null,{"v":3146.97,"d":"3,146.97"}]
["C0090","APARELHO DE APOIO EM NEOPRENE","KG",57.16]
["C3402","BLOCO DE ANCORAGEM EM CONCRETO CICLÓPICO","M3",536.51]
["C3403","BLOCO DE ANCORAGEM EM CONCRETO SIMPLES FCK=10MPa","M3",466.12]
["C3404","BLOCO DE ANCORAGEM EM CONCRETO ESTRUTURAL FCK=15MPa","M3",{"v":1020.16,"d":"1,020.16"}]
["C4098","BLOCO DE POLIESTIRENO EXPANDIDO (ISOPOR) EM CAIXÃO PERDIDO","M3",242.53]
["C4379","CANTONEIRA EM AÇO (6 x 6 x 1/2\") - FORNECIMENTO E COLOCAÇÃO","M",184.02]
["C3068","DRENO DE PVC D= 75mm","UN",27.87]
["C4297","DRENOS DE PVC D=75mm","M",93.11]
["C3069","DRENO DE PVC D=100mm","UN",32.15]
["C4326","FORNECIMENTO E COLOCAÇÃO DE CANTONEIRA EM AÇO SAC (3\"X3\"X5/16\")","M",93.07]
["C3088","FORNECIMENTO E COLOCAÇÃO DE CANTONEIRA DE FERRO (4\"X4\"X3/8\")","KG",30.61]
["C2829","FORNECIMENTO E COLOCAÇÃO DE ISOPOR 20MM (PLACA DE 1,20 X 0,60M)"," M2",11.89]
["C3089","GUARDA CORPO (VARANDA)","M",235.71]
["C1094","MONTAGEM DE APOIO AOS PÓRTICOS","M",116.08]
["CONTENÇÕES",null,null,{"v":6706.67,"d":"6,706.67"}]
["ENROCAMENTO E PROTEÇÃO DE TALUDES",null,null,304.62]
["C3077","ENROCAMENTO DE PEDRA ARRUMADA (PRODUZIDA) (S/TRANSPORTE)","M3",62.07]
["C2764","ENROCAMENTO DE PEDRA DE MÃO ARRUMADA (ADQUIRIDA)","M3",88.46]
["C2765","ENROCAMENTO DE PEDRA DE MÃO JOGADA (ADQUIRIDA)","M3",77.16]
["C3078","ENROCAMENTO DE PEDRA JOGADA (PRODUZIDA) (S/TRANSPORTE)","M3",51.94]
["C3079","ENROCAMENTO DE PEDRA JOGADA DE CORTE DE 3.ª CATEGORIA (S/TRANSPORTE)","M3",24.98]
["ENSECADEIRAS",null,null,{"v":447.3,"d":"447.30"}]
["C2767","ENSECADEIRA COM SACOS DE AREIA, S/ FORNECIMENTO DE AREIA","M3",58.43]
["C1244","ENSECADEIRA DE PAREDE SIMPLES","M2",111.14]
["C1243","ENSECADEIRA DE PAREDE DUPLA","M2",277.72]
["MURO DE ARRIMO",null,null,{"v":3901.04,"d":"3,901.04"}]
["C1808","MURO DE ARRIMO C/ BLOCOS DE CONCRETO ARTICULADO (30X15X28)cm","M2",187.58]
["C1809","MURO DE ARRIMO C/ BLOCOS DE CONCRETO ARTICULADO (60X45X15)cm  C/INJEÇÃO ATÉ 2,5m","M2",282.01]
[]
["C1810","MURO DE ARRIMO C/GABIÃO, ALTURA 2m","M",965.79]
["C1811","MURO DE ARRIMO C/GABIÃO, ALTURA 4m","M",{"v":2465.66,"d":"2,465.66"}]
["GABIÕES",null,null,{"v":2053.71,"d":"2,053.71"}]
["C2763","ENCHIMENTO DE GABIÃO COM PEDRA DE MÃO","M3",93.02]
["C1317","ESTIVAS - ESTRUTURAS SUBMERSAS C/GABIÕES-SACO ALT.= 1m","M",694.17]
["C1422","GABIÃO COLCHÃO ESP.= 30cm","M2",122.89]
["C1420","GABIÃO P/EXECUÇÃO DE OBRAS","M3",{"v":379.2,"d":"379.20"}]
["C2834","GABIÃO TELA GALV. REVEST. PVC TIPO CAIXA ALT.=0,50m","M3",291.25]
["C2835","GABIÃO TELA GALV. REVEST. PVC TIPO CAIXA ALT.=1,00m","M3",207.01]
["C2836","GABIÃO TELA GALV. REVEST. PVC TIPO COLCHÃO RENO ALT.=0,17m","M2",81.97]
["C2837","GABIÃO TELA GALV. REVEST. PVC TIPO COLCHÃO RENO ALT.=0,23m","M2",87.99]
["C2838","GABIÃO TELA GALV. REVEST. PVC TIPO COLCHÃO RENO ALT.=0,30m","M2",96.23]
["PAREDES E PAINÉIS",null,null,{"v":16473.85,"d":"16,473.85"}]
["ALVENARIA DE ELEVAÇÃO",null,null,{"v":2513.27,"d":"2,513.27"}]
["C0047","ALVENARIA DE BLOCO CERÂMICO FURADO (9x19x39)cm  C/ARGAMASSA MISTA DE CAL HIDRATADA, ESP=9 cm","M2",22.84]
[]
["C0046","ALVENARIA DE BLOCO CERÂMICO FURADO (19x19x39)cm C/ARGAMASSA MISTA DE CAL HIDRATADA ESP=19 cm","M2",44.88]
[]
["C3612","ALVENARIA DE BLOCO DE CONCRETO TIPO STONE CINZA (14x19x49)cm C/ARGAMASSA MISTA DE CAL HIDRATADA ESP=","M2",57.03]
[]
["C3613","ALVENARIA DE BLOCO DE CONCRETO TIPO STONE COLORIDO (14x19x49)cm C/ARGAMASSA MISTA DE CAL HIDRATADA E","M2",73.53]
[]
["C0049","ALVENARIA DE BLOCO  DE CONCRETO (6,7x19x39)cm C/ARGAMASSA  MISTA DE CAL HIDRATADA ESP=6,7 c","M2",35.75]
[]
["C3743","ALVENARIA DE BLOCO DE CONCRETO (9x19x39)cm C/ARGAMASSA MISTA DE CAL HIDRATADA ESP=9 cm","M2",36.75]
[]
["C3744","ALVENARIA DE BLOCO DE CONCRETO (14x19x39)cm C/ARGAMASSA MISTA DE CAL HIDRATADA ESP=14 cm","M2",42.12]
[]
["C0048","ALVENARIA DE BLOCO DE CONCRETO (19x19x39)cm C/ARGAMASSA MISTA DE CAL HIDRATADA ESP=19 cm","M2",50.91]
[]
["C0050","ALVENARIA DE BLOCO DE VIDRO C/ARGAMASSA MISTA DE CAL HIDRATADA ESP=10 cm","M2",526.11]
[]
["C0073","ALVENARIA DE TIJOLO CERÂMICO FURADO (9x19x19)cm C/ARGAMASSA MISTA DE CAL HIDRATADA ESP.=10cm (1:2:8)","M2",37.58]
[]
["C0074","ALVENARIA DE TIJOLO CERÂMICO FURADO (9x19x19)cm C/ARGAMASSA MISTA DE CAL HIDRATADA ESP=20 cm","M2",{"v":66.3,"d":"66.30"}]
[]
["C3658","ALVENARIA DE TIJOLO CERÂMICO FURADO (9x19x19)cm C/ARGAMASSA MISTA DE CAL HIDRATADA, ESP=30cm","M2",96.51]
[]
["C0075","ALVENARIA DE TIJOLO COMUM C/ARGAMASSA MISTA DE CAL HIDRATADA 1:2:8   ESP=5 cm","M2",{"v":34.9,"d":"34.90"}]
[]
["C0076","ALVENARIA DE TIJOLO COMUM C/ARGAMASSA MISTA DE CAL HIDRATADA 1:2:8   ESP=10 cm","M2",66.47]
[]
["C0077","ALVENARIA DE TIJOLO COMUM C/ARGAMASSA MISTA DE CAL HIDRATADA 1:2:8   ESP=20 cm","M2",117.48]
[]
["C0078","ALVENARIA DE TIJOLO COMUM C/ARGAMASSA MISTA DE CAL HIDRATADA 1:2:8   ESP=30 cm","M2",163.21]
[]
["C3614","ALVENARIA DE TIJOLO MACIÇO APARENTE (23x11x5)cm C/ARGAMASSA MISTA DE CAL HIDRATADA, ESP=11 cm","M2",114.01]
[]
["C3615","ALVENARIA DE TIJOLO MACIÇO APARENTE (23x11x5)cm C/ARGAMASSA MISTA DE CAL HIDRATADA ESP=22 cm","M2",205.97]
[]
["C0061","ALVENARIA DE TIJOLO REFRATÁRIO 1/2 VEZ C/ARGAMASSA 1:4+100 Kg CIMENTO","M2",208.24]
["C0060","ALVENARIA DE TIJOLO REFRATÁRIO 1 VEZ C/ARGAMASSA 1:4+100 Kg CIMENTO","M2",385.44]
["C3533","MUTIRÃO MISTO - ALVENARIA DE TIJOLO CERÂMICO FURADO (9X19X19)cm ARGAMASSA MISTA DE CAL HIDRATADA ESP=10CM","M2",27.36]
[]
["C4507","PAREDE DE BLOCO DE GESSO STAND, INCLUSIVE EMASSAMENTO - FORNECIMENTO E EXECUÇÃO","M2",44.54]
[]
["C4508","PAREDE DE BLOCO DE GESSO HIDROFUGANTE, INCLUSIVE EMASSAMENTO - FORNECIMENTO E EXECUÇÃO","M2",55.31]
[]
["ALVENARIA ESTRUTURAL",null,null,570.13]
["C0068","ALVENARIA ESTRUTURAL DE BLOCO DE CONCRETO (14x19x39)cm C/ARGAMASSA MISTA DE CAL HIDRATADA ESP=14 cm","M2",53.09]
[]
["C0069","ALVENARIA ESTRUTURAL DE BLOCO DE CONCRETO (19x19x39)cm C/ARGAMASSA MISTA DE CAL HIDRATADA ESP=19 cm","M2",64.46]
[]
["C0064","ALVENARIA ESTRUTURAL DE BLOCO CERÂMICO (9X19X39cm) ESP.=9cm","M2",26.98]
["C0062","ALVENARIA ESTRUTURAL DE BLOCO CERÂMICO (14X19X39cm) ESP.=14cm","M2",32.69]
["C4542","ALVENARIA ESTRUTURAL DE BLOCO CERÂMICO (14X19X39cm) ESP.=14cm - COM SUPERFÍCIE EXTERNA LISA PARA ACABAMENTO APARENTE","M2",{"v":39.4,"d":"39.40"}]
[]
["C0063","ALVENARIA ESTRUTURAL DE BLOCO CERÂMICO (19X19X39cm) ESP.=19cm","M2",38.29]
["C4585","ALVENARIA ESTRUTURAL DE BLOCO CERÂMICO COM SUPERFÍCIES EXTERNA LISA, PARA ACABAMENTO APARENTE (14x19x29)cm ESP. 14cm, INCLUSIVE PEÇAS ESPECIAIS CALHA U E J","M2",45.91]
[]
["C0079","AMARRAÇÃO EM PAREDES, COM FERRO","UN",96.09]
["C1845","PAREDE ESTRUTURAL EM CONCRETO ARMADO ESP.=12cm","M2",{"v":173.2,"d":"173.20"}]
["ALVENARIA DE PEDRA",null,null,{"v":1818.35,"d":"1,818.35"}]
["C3345","ALVENARIA DE PEDRA ARGAMASSADA (TRAÇO 1:3) C/AGREGADOS ADQUIRIDOS","M3",300.44]
["C3346","ALVENARIA DE PEDRA ARGAMASSADA (TRAÇO 1:3) C/AGREGADOS PRODUZIDOS (S/TRANSP)","M3",{"v":260.9,"d":"260.90"}]
[]
["C3347","ALVENARIA DE PEDRA ARGAMASSADA (TRAÇO 1:4) C/AGREGADOS ADQUIRIDOS","M3",282.29]
["C0057","ALVENARIA DE PEDRA ARGAMASSADA (TRAÇO 1:4) C/AGREGADOS PRODUZIDOS (S/TRANSP)","M3",242.75]
[]
["C3723","ALVENARIA DE PEDRA ARGAMASSADA (TRAÇO 1:6) C/AGREGADOS ADQUIRIDOS","M3",263.99]
["C0058","ALVENARIA DE PEDRA ARGAMASSADA (TRAÇO 1:2:8) C/ AGREGADOS ADQUIRIDOS","M3",295.24]
["C3529","MUTIRÃO MISTO - ALVENARIA DE PEDRA ARGAMASSADA (TRAÇO 1:6) C/AGREGADOS ADQUIRIDOS","M3",172.73]
[]
["RASGO EM ALVENARIA P/ TUBULAÇÕES",null,null,19.15]
["C2095","RASGO EM ALVENARIA P/TUBULAÇÕES D=15 A 25mm (1/2\" A 1\")","M",3.96]
["C2096","RASGO EM ALVENARIA P/TUBULAÇÕES D=32 A 50mm (1 1/4\" A 2\")","M",6.21]
["C2097","RASGO EM ALVENARIA P/TUBULAÇÕES D=65 A 100mm (2 1/2\" A 4\")","M",8.98]
["DIVISÓRIAS",null,null,{"v":3003.78,"d":"3,003.78"}]
["C4495","DIVISÓRIA DE GESSO ACARTONADO e=48mm, S/ REVESTIMENTO - FORNECIMENTO E MONTAGEM","M2",{"v":85,"d":"85.00"}]
[]
["C4496","DIVISÓRIA DE GESSO ACARTONADO e=70mm, S/ REVESTIMENTO - FORNECIMENTO E MONTAGEM","M2",86.65]
[]
["C1134","DIVISÓRIA DE GRANILITE C/ARGAMASSA DE CIMENTO E AREIA","M2",182.13]
["C4070","DIVISÓRIA DE GRANITO CINZA E=2cm","M2",369.27]
["C4096","DIVISÓRIA DE GRANITO CINZA E=3cm","M2",{"v":397.6,"d":"397.60"}]
["C1142","DIVISÓRIA PRÉ-MOLDADA EM CONCRETO ESP.=5cm","M2",97.79]
["C4486","DIVISÓRIA PAINEL CELULAR, MONTANTE/RODAPÉ SIMPLES, PERFIL EM AÇO - FORNECIMENTO E MONTAGEM","M2",{"v":75,"d":"75.00"}]
[]
["C4488","DIVISÓRIA PAINEL CELULAR, MONTANTE/RODAPÉ SIMPLES, PERFIL EM ALUMÍNIO - FORNECIMENTO E MONTAGEM","M2",{"v":81,"d":"81.00"}]
[]
["C4487","DIVISÓRIA PAINEL CELULAR, MONTANTE/RODAPÉ DUPLO, PERFIL EM AÇO - FORNECIMENTO E MONTAGEM","M2",88.14]
[]
["C4489","DIVISÓRIA PAINEL CELULAR, MONTANTE/RODAPÉ DUPLO, PERFIL EM ALUMÍNIO - FORNECIMENTO E MONTAGEM","M2",{"v":98,"d":"98.00"}]
[]
["C4497","DIVISÓRIA PAINEL FIBRAROC, MONTANTE/RODAPÉ SIMPLES, PERFIL EM AÇO - FORNECIMENTO E MONTAGEM","M2",137.23]
[]
["C4498","DIVISÓRIA PAINEL FIBRAROC, MONTANTE/RODAPÉ SIMPLES, PERFIL EM ALUMÍNIO - FORNECIMENTO E MONTAGEM","M2",{"v":154.2,"d":"154.20"}]
[]
["C4499","DIVISÓRIA PAINEL FIBRAROC, MONTANTE/RODAPÉ DUPLO, PERFIL EM AÇO - FORNECIMENTO E MONTAGEM","M2",{"v":141,"d":"141.00"}]
[]
["C4500","DIVISÓRIA PAINEL FIBRAROC, MONTANTE/RODAPÉ DUPLO, PERFIL EM ALUMÍNIO - FORNECIMENTO E MONTAGEM","M2",207.03]
[]
["C4493","DIVISÓRIA PAINEL PVC, MONTANTE/RODAPÉ SIMPLES, PERFIL EM AÇO - FORNECIMENTO E MONTAGEM","M2",{"v":128.2,"d":"128.20"}]
[]
["C4494","DIVISÓRIA PAINEL PVC, MONTANTE/RODAPÉ SIMPLES, PERFIL EM ALUMÍNIO - FORNECIMENTO E MONTAGEM","M2",{"v":155.9,"d":"155.90"}]
[]
["C4502","REMANEJAMENTO DE DIVISÓRIA - DESMONTAGEM E REMONTAGEM","M2",15.41]
["C4490","VÃO DE PORTA - PORTA COMPLETA C/ FECHADURA TIPO CILINDRO, P/ DIVISÓRIAS EM GERAL (SEM REQUADRO) - FORNECIMENTO E MONTAGEM","UN",193.03]
[]
["C4491","VÃO DE PORTA - PORTA COMPLETA C/ FECHADURA TIPO CILINDRO, P/ DIVISÓRIAS EM GERAL (COM REQUADRO EM ALUMÍNIO) - FORNECIMENTO E MONTAGEM","UN",207.56]
[]
["C4492","VIDRO TRANSPARENTE LISO 4mm, P/ DIVISÓRIAS EM GERAL FORNECIMENTO E MONTAGEM","M2",103.66]
[]
["ELEMENTOS VAZADOS",null,null,{"v":2102.71,"d":"2,102.71"}]
["C1177","ALVENARIA DE BLOCOS DE VIDRO (20x20x10)cm","M2",505.09]
["C1174","ALVENARIA DE ELEMENTO VAZADO CERÂMICO (20X20X10cm) C/ARG. CIMENTO E AREIA TRAÇO 1:3","M2",116.57]
[]
["C1175","ALVENARIA DE ELEMENTO VAZADO DE CONCRETO (20X10X6cm) C/ARG. CIMENTO E AREIA TRAÇO 1:3 ANTI-CHUVA","M2",200.24]
[]
["C1176","ALVENARIA DE ELEMENTO VAZADO DE CONCRETO (20X20X20cm) C/ARG. CIMENTO E AREIA TRAÇO 1:3","M2",160.04]
[]
["C0051","ALVENARIA DE ELEMENTO VAZADO DE CONCRETO (32X12X6cm) C/ARG. CIMENTO E AREIA TRAÇO 1:3 TIPO PESTANA","M2",83.04]
[]
["C0052","ALVENARIA DE ELEMENTO VAZADO DE CONCRETO (50X50X6cm) C/ARG. CIMENTO E AREIA TRAÇO 1:3 ANTI-CHUVA","M2",40.69]
[]
["C0804","COBOGÓ ANTI-CHUVA (50x40)cm C/ARG. CIMENTO E AREIA TRAÇO 1:3","M2",{"v":59.1,"d":"59.10"}]
["C0805","COBOGÓ DE CIMENTO TIPO DIAMANTE","M2",89.34]
["C0806","COBOGÓ DE CIMENTO TIPO VENEZIANO (50X50X6)cm C/ARG. CIMENTO E AREIA TRAÇO 1:3","M2",45.64]
[]
["C4525","COBOGÓ DE VIDRO (20x10x18)cm","M2",755.03]
["C3534","MUTIRÃO MISTO - COBOGÓ ANTI-CHUVA (50X40)cm","M2",47.95]
["VERGAS E CHAPIM",null,null,{"v":2194.71,"d":"2,194.71"}]
["C3521","CHAPIM EM GRANITO VERDE MERUOCA","M2",306.63]
["C0773","CHAPIM PRÉ-MOLDADO DE CONCRETO","M2",{"v":71.2,"d":"71.20"}]
["C3532","MUTIRÃO MISTO - VERGA RETA DE CONCRETO ARMADO","M3",762.68]
["C2665","VERGA EM ARCO DE CONCRETO ARMADO","M",53.19]
["C2666","VERGA RETA DE CONCRETO ARMADO","M3",{"v":1001,"d":"1,001.00"}]
["OUTROS ELEMENTOS",null,null,{"v":4251.76,"d":"4,251.76"}]
["C0383","BATE-MACAS EM AÇO INOXIDÁVEL CONTRA IMPACTO EM PAREDE","M",277.53]
["C0384","BATE-MACAS EM MADEIRA BOLEADA","M",93.83]
["C4501","FACHADA DE VIDRO TEMPERADO DE 10mm FIXADO COM SPIDER GLASS","M2",549.98]
["C4444","FACHADA METÁLICA PADRÃO PARA DELEGACIAS","M2",340.33]
["C1391","FLANELÓGRAFO EM MONTANTE DE MADEIRA","M2",205.01]
["C1791","MESA EM ALVENARIA, TAMPO CONCRETO PRÉ-MOLDADO, ACABADA","M2",207.75]
["C1836","PAINEL ESTRUTURADO AÇO INOX, ESCOVADO CHAPA 20","M2",463.63]
["C1837","PAINEL INFORMATIVO DUPLO C/PORTA DE CORRER EM VIDRO","M2",584.03]
["C1897","PEÇA DE MADEIRA BOLEADA NAS QUINAS FIXADAS EM PAREDES","M",{"v":32.9,"d":"32.90"}]
["C0032","PORTA EM PVC P/DIVISÓRIA (0,80X2,10)M COMPLETA - FORNECIMENTO E MONTAGEM","UN",{"v":372,"d":"372.00"}]
["C4756","PRATELEIRA DE GRANITO CINZA ESP.=2CM                                    \n","M2",158.12]
[]
["C2910","PRATELEIRA DE MADEIRA DE LEI PLAINADA","M2",108.13]
["C2023","PRATELEIRA DE MÁRMORE NATURAL POLIDA DE 1 FACE","M2",{"v":177.2,"d":"177.20"}]
["C2024","PRATELEIRA DE MÁRMORE NATURAL POLIDA DE 2 FACES","M2",195.25]
["C2021","PRATELEIRA DE MARMORITE NATURAL POLIDA DE 1 FACE","M2",99.96]
["C2022","PRATELEIRA DE MARMORITE NATURAL POLIDA DE 2 FACES","M2",117.89]
["C4757","PRATELEIRA PRÉ-MOLDADA \"IN LOCO\" DE CONCRETO ESP.=5,0CM                                \n","M2",259.89]
[]
["C3674","SUPORTE EM BARRA CHATA DE FERRO ENGASTADO NA PAREDE P/BANCADAS E/OU PRATELEIRAS","UN",8.36]
[]
["ESQUADRIAS E FERRAGENS",null,null,{"v":54248.86,"d":"54,248.86"}]
["ESQUADRIAS DE MADEIRA",null,null,{"v":23787.67,"d":"23,787.67"}]
["C0363","BANDEIROLA EM MADEIRA","M2",156.21]
["C1284","ESQUADRIAS DE MADEIRA E VIDRO","M2",307.96]
["C3544","JANELA TIPO FICHA (1.40X1.10)m - MADEIRA MISTA - COMPLETA - PADRÃO POPULAR","UN",246.21]
["C1519","JANELA VENEZIANA MÓVEL (S/ACESSÓRIOS)","M2",221.04]
["C3543","MUTIRÃO MISTO - JANELA TIPO FICHA (1.40X1.10)m - MADEIRA MISTA - COMPLETA","UN",194.16]
["C3541","MUTIRÃO MISTO - PORTA TIPO FICHA (0.60X2.10)m - MADEIRA MISTA - COMPLETA","UN",227.69]
["C3537","MUTIRÃO MISTO - PORTA TIPO FICHA (0.80X2.10)m - ROLADA MADEIRA MISTA - COMPLETA C/FECHADURA","UN",275.69]
[]
["C3539","MUTIRÃO MISTO - PORTA TIPO FICHA (0.80X2.10)m - ROLADA MADEIRA MISTA - COMPLETA S/FECHADURA","UN",240.69]
[]
["C1959","PORTA COMPENSADO P/ARMÁRIO EMBUTIDO C/BATENTE DE (7X1.5)cm","M2",109.49]
["C1960","PORTA COMPENSADO P/ARMÁRIO SOB PIA","M2",113.81]
["C1962","PORTA COMPLETA, BLINDOR/CHUMBO (0,60X2.1O)m (S/ACESSÓRIOS)","UN",{"v":1463.16,"d":"1,463.16"}]
["C1963","PORTA COMPLETA, BLINDOR/CHUMBO (0,80X2,10)m  (S/ACESSÓRIOS)","UN",{"v":1920.96,"d":"1,920.96"}]
["C1961","PORTA COMPLETA, BLINDOR/CHUMBO (1,20X2,10)m (S/ACESSÓRIOS)","UN",{"v":2836.56,"d":"2,836.56"}]
["C1977","PORTA EXTERNA DE CEDRO LISA COMPLETA UMA FOLHA (0.80X 2.10)m","UN",474.27]
["C1978","PORTA EXTERNA DE CEDRO LISA COMPLETA UMA FOLHA (0.90X2.10)m","UN",493.27]
["C1979","PORTA EXTERNA DE CEDRO LISA COMPLETA UMA FOLHA (1.00X2.10)m","UN",513.27]
["C1985","PORTA INTERNA DE CEDRO LISA COMPLETA UMA FOLHA (0.60X 2.10)m","UN",{"v":442.9,"d":"442.90"}]
["C1986","PORTA INTERNA DE CEDRO LISA COMPLETA UMA FOLHA (0.70X 2.10)m","UN",{"v":462.9,"d":"462.90"}]
["C1987","PORTA INTERNA DE CEDRO LISA COMPLETA UMA FOLHA (0.80X 2.10)m","UN",{"v":482.9,"d":"482.90"}]
["C1988","PORTA INTERNA DE CEDRO LISA COMPLETA UMA FOLHA (0.90X 2.10)m","UN",{"v":501.9,"d":"501.90"}]
["C1989","PORTA INTERNA DE CEDRO LISA COMPLETA UMA FOLHA (1.00X 2.10)m","UN",{"v":521.9,"d":"521.90"}]
["C1974","PORTA EXTERNA DE CEDRO LISA COMPLETA DUAS FOLHAS (1.60X2.10)m","UN",776.78]
["C1975","PORTA EXTERNA DE CEDRO LISA COMPLETA DUAS FOLHAS (1.80X2.10)m","UN",814.78]
["C1976","PORTA EXTERNA DE CEDRO LISA COMPLETA DUAS FOLHAS (2.00X2.10)m","UN",854.78]
["C1980","PORTA INTERNA DE CEDRO LISA COMPLETA DUAS FOLHAS (1.20X 2.10)m","UN",707.64]
["C1981","PORTA INTERNA DE CEDRO LISA COMPLETA DUAS FOLHAS (1.40X 2.10)m","UN",747.64]
["C1982","PORTA INTERNA DE CEDRO LISA COMPLETA DUAS FOLHAS (1.60X 2.10)m","UN",787.64]
["C1983","PORTA INTERNA DE CEDRO LISA COMPLETA DUAS FOLHAS (1.80X 2.10)m","UN",825.64]
["C1984","PORTA INTERNA DE CEDRO LISA COMPLETA DUAS FOLHAS (2.00X 2.10)m","UN",865.64]
["C4604","PORTA EXTERNA DE MUIRACATIARA 1 FOLHA COMPLETA (0,60x2,10x0,03m)","UN",715.02]
["C1992","PORTA TIPO EUCATEX  (S/ACESSÓRIOS)","UN",171.27]
["C3405","PORTA TIPO FICHA  EXTERNA-PADRÃO FUNASA (0,55X1,90m)","UN",{"v":250.9,"d":"250.90"}]
["C3542","PORTA TIPO FICHA (0.60X2.10)m - MADEIRA MISTA - COMPLETA - PADRÃO POPULAR","UN",279.74]
["C3538","PORTA TIPO FICHA (0.80X2.10)m - ROLADA MADEIRA MISTA - COMPLETA C/FECHADURA - PADRÃO POPULAR","UN",327.99]
[]
["C3540","PORTA TIPO FICHA (0.80X2.10)m - ROLADA MADEIRA MISTA - COMPLETA S/FECHADURA - PADRÃO POPULAR","UN",292.74]
[]
["C1993","PORTA TIPO FICHA EMBUTIDA (S/ACESSÓRIOS)","M2",249.83]
["C1994","PORTA TIPO PARANÁ (S/ACESSÓRIOS)","M2",76.11]
["C4423","PORTA TIPO PARANÁ (0,60 x 2,10 m), C/ FERRAGENS","UN",202.76]
["C4424","PORTA TIPO PARANÁ (0,60 x 2,10 m), COMPLETA","UN",501.21]
["C4425","PORTA TIPO PARANÁ (0,70 x 2,10 m), C/ FERRAGENS","UN",208.36]
["C4426","PORTA TIPO PARANÁ (0,70 x 2,10 m), COMPLETA","UN",506.81]
["C4427","PORTA TIPO PARANÁ (0,80 x 2,10 m), C/ FERRAGENS","UN",221.26]
["C4428","PORTA TIPO PARANÁ (0,80 x 2,10 m), COMPLETA","UN",519.71]
["C4396","PORTA TIPO VENEZIANA  0,60x1.80 (FORNECIMENTO E MONTAGEM)","UN",{"v":375.8,"d":"375.80"}]
["C1998","PORTADA EM MADEIRA TRELIÇADA COMPLETA, INCLUSIVE FERRAGENS","M2",300.73]
["ESQUADRIAS METÁLICAS",null,null,{"v":21766.05,"d":"21,766.05"}]
["C0807","COFRE-TRANCA PARA GRADES DE FERRO SEGURANÇA MÁXIMA","UN",{"v":2534.07,"d":"2,534.07"}]
["C4560","GRADE DE ALUMÍNIO DE PROTEÇÃO","M2",183.57]
["C1426","GRADE DE FERRO DE PROTEÇÃO","M2",{"v":168.6,"d":"168.60"}]
["C3681","GRADE DE FERRO TUBULAR C/MOLDURA EM BARRA CHATA DE FERRO","M2",298.39]
["C3248","GRADE DE FERRO P/CELAS EM SEGURANÇA MÁXIMA","M2",226.95]
["C1437","GRELHA DE FERRO P/CANALETAS","M2",168.25]
["C1516","JANELA DE ALUMÍNIO, TIPO VENEZIANA","M2",422.25]
["C1517","JANELA DE FERRO TIPO CAIXILHO BASCULANTE OU FIXO","M2",223.54]
["C1518","JANELA DE FERRO TIPO CAIXILHO DE CORRER OU MAXIMAR","M2",252.86]
["C4515","JANELA EM ALUMÍNIO ANODIZADO NATURAL/FOSCO, DE CORRER, COM BANDEIROLA E/OU PEITORIL, SEM VIDRO - FORNECIMENTO E MONTAGEM","M2",{"v":287.1,"d":"287.10"}]
[]
["C4513","JANELA EM ALUMÍNIO ANODIZADO NATURAL/FOSCO, DE CORRER, SEM BANDEIROLA E/OU PEITORIL, SEM VIDRO - FORNECIMENTO E MONTAGEM","M2",244.51]
[]
["C4519","JANELA EM ALUMÍNIO ANODIZADO PRETO, DE CORRER, SEM BANDEIROLA E/OU PEITORIL, SEM VIDRO - FORNECIMENTO E MONTAGEM","M2",{"v":270.2,"d":"270.20"}]
[]
["C4521","JANELA EM ALUMÍNIO ANODIZADO PRETO, DE CORRER, COM BANDEIROLA E/OU PEITORIL, SEM VIDRO - FORNECIMENTO E MONTAGEM","M2",311.71]
[]
["C1958","PORTA DE FERRO COMPACTA EM CHAPA, INCLUS. BATENTES E FERRAGENS","M2",239.58]
["C1966","PORTA CORTA-FOGO UMA FOLHA (0,80X2,10)m  OU  (0,90x2,10)m","UN",{"v":1120.88,"d":"1,120.88"}]
["C1964","PORTA CORTA-FOGO DUAS FOLHAS LARG.=1,20 A 2,20m  E ALT.=2,10 A 2,40 m","UN",{"v":1908.52,"d":"1,908.52"}]
["C1965","PORTA CORTA-FOGO INDUSTRIAL DE CORRER","M2",{"v":1766.22,"d":"1,766.22"}]
["C1969","PORTA DE AÇO EM CHAPA ONDULADA OU GRADES DE ENROLAR","M2",{"v":214.6,"d":"214.60"}]
["C1967","PORTA DE ALUMÍNIO ANODIZADO COMPACTA","M2",373.93]
["C1968","PORTA DE ALUMÍNIO C/VIDRO CRISTAL TEMPERADO","M2",373.47]
["C1973","PORTA DE ALUMÍNIO E ACRÍLICO","M2",{"v":296.4,"d":"296.40"}]
["C1970","PORTA DE FERRO EM CHAPA","M2",178.08]
["C4518","PORTA EM ALUMÍNIO ANODIZADO NATURAL/FOSCO, DE ABRIR, COM BANDEIROLA E/OU PEITORIL, SEM VIDRO - FORNECIMENTO E MONTAGEM","M2",{"v":319.5,"d":"319.50"}]
[]
["C4517","PORTA EM ALUMÍNIO ANODIZADO NATURAL/FOSCO, DE ABRIR, SEM BANDEIROLA E/OU PEITORIL, SEM VIDRO - FORNECIMENTO E MONTAGEM","M2",{"v":290,"d":"290.00"}]
[]
["C4516","PORTA EM ALUMÍNIO ANODIZADO NATURAL/FOSCO, DE CORRER, COM BANDEIROLA E/OU PEITORIL, SEM VIDRO - FORNECIMENTO E MONTAGEM","M2",311.57]
[]
["C4514","PORTA EM ALUMÍNIO ANODIZADO NATURAL/FOSCO, DE CORRER, SEM BANDEIROLA E/OU PEITORIL, SEM VIDRO - FORNECIMENTO E MONTAGEM","M2",{"v":287.5,"d":"287.50"}]
[]
["C4524","PORTA EM ALUMÍNIO ANODIZADO PRETO, DE ABRIR, COM BANDEIROLA E/OU PEITORIL, SEM VIDRO - FORNECIMENTO E MONTAGEM","M2",{"v":351.5,"d":"351.50"}]
[]
["C4523","PORTA EM ALUMÍNIO ANODIZADO PRETO, DE ABRIR, SEM BANDEIROLA E/OU PEITORIL, SEM VIDRO - FORNECIMENTO E MONTAGEM","M2",{"v":321.3,"d":"321.30"}]
[]
["C4522","PORTA EM ALUMÍNIO ANODIZADO PRETO, DE CORRER, COM BANDEIROLA E/OU PEITORIL, SEM VIDRO - FORNECIMENTO E MONTAGEM","M2",{"v":330.2,"d":"330.20"}]
[]
["C4520","PORTA EM ALUMÍNIO ANODIZADO PRETO, DE CORRER, SEM BANDEIROLA E/OU PEITORIL, SEM VIDRO - FORNECIMENTO E MONTAGEM","M2",{"v":319.5,"d":"319.50"}]
[]
["C3737","PORTA FRIGORÍFICA TERMO-ISOLANTE DE ACIONAMENTO MANUAL C/AQUECIMENTO. 2100X1000X150MM -( FORNECIMENTO","UN",{"v":2464.08,"d":"2,464.08"}]
[]
["C1991","PORTA SASAZAKI-VENEZIANA, INCLUSIVE BATENTES E FERRAGENS","M2",258.42]
["C3733","PORTÃO DE ALUMÍNIO ANODIZADO NATURAL, FECHAMENTO TOTAL C/ LAMBRI BOLA E CORREDIÇO (FORNECIMENTO E MONTAGEM)","M2",{"v":285,"d":"285.00"}]
[]
["C4397","PORTÃO DE ALUMÍNIO EM TUBOS DE 20 mm (FORNECIMENTO E MONTAGEM)","M2",{"v":319.1,"d":"319.10"}]
["C1999","PORTÃO DE FERRO EM BARRA CHATA TIPO TIJOLINHO","M2",170.41]
["C3659","PORTÃO DE METALON E BARRA CHATA DE FERRO C/FECHADURA E DOBRADIÇA, INCLUS. PINTURA ESMALTE SINTÉTICO","M2",310.98]
[]
["C2903","PORTÃO DE TUBO DE AÇO GALVANIZADO DE 2\" (1X2)m, INCL. PILARES DE SUSTENTAÇÃO","UN",699.89]
[]
["C2904","PORTÃO DE TUBO DE AÇO GALVANIZADO DE 2\" (4X2)m, INCL.. PILARES DE SUSTENTAÇÃO","UN",{"v":2331.7,"d":"2,331.70"}]
[]
["C3729","REMANEJAMENTO DE ESQUADRIAS DE ALUMÍNIO","M2",40.17]
["C2423","TELA METÁLICA AÇO GALVANIZADO, MALHA (13 X 13)MM2","M2",78.95]
["C3249","TRANCA EM FERRO PARA CELAS PRISIONAIS","UN",205.05]
["C4400","TELA DE AÇO ELETROSOLDADA COM FIOS DE 3,4mm C/ 15 cm (INSTALADO)","KG",3.83]
["C4401","TELA DE AÇO ELETROSOLDADA COM FIOS DE 5,0mm C/ 15 cm (INSTALADO)","KG",3.72]
["MOBILIÁRIO",null,null,{"v":3760.22,"d":"3,760.22"}]
["C0221","ARMÁRIO ALTO EM DIVISÓRIA (ABERTO)","M2",373.49]
["C0222","ARMÁRIO BAIXO EM DIVISÓRIA (FECHADO)","M2",538.46]
["C0223","ARMÁRIO DE AÇO P/ UTENSÍLIOS (1.90X0.90X0.50)m","UN",{"v":499,"d":"499.00"}]
["C0224","ARMÁRIO DE AÇO TIPO ESCANINHO - MODELO 3 PORTAS","UN",195.33]
["C0226","ARMÁRIO EM BRUMASA REVESTIDO COM FÓRMICA","M2",192.74]
["C0227","ARMÁRIO SOBREPOR EM MADEIRA C/ CAPEADO EM CEREJEIRA","M2",472.86]
["C0228","ARMÁRIO SOBREPOR EM MADEIRA SUCUPIRA","M2",449.73]
["C0353","BALCÃO EM BRUMASA REVESTIDO EM FÓRMICA","M2",{"v":349.4,"d":"349.40"}]
["C1450","GUARDA-ROUPA EM MADEIRA SUCUPIRA","M2",367.31]
["C2134","RECIPIENTE PRÉ-MOLDADO C/PORTA EM CHAPA DE AÇO, P/GUARDAR TELEVISÃO","UN",182.91]
["C2295","SUPORTE METÁLICO PARA TELEVISÃO","UN",139.01]
["OUTROS ELEMENTOS",null,null,{"v":4934.93,"d":"4,934.93"}]
["C0042","ALIZAR (GUARNIÇÃO) DE MADEIRA","M",5.58]
["C4422","ALIZAR DE MADEIRA L= 5 cm (1 FACE)","CJ",24.92]
["C3437","ARMADOR DE EMBUTIR","UN",26.99]
["C3438","ARMADOR TIPO RABO DE ANDORINHA","UN",18.26]
["C3651","BATE-MACAS EM AÇO INOXIDÁVEL CONTRA IMPACTO EM PORTA DE MADEIRA","M2",442.33]
["C0585","CADEADO GRANDE ","UN",26.27]
["C0586","CADEADO MÉDIO","UN",{"v":15.6,"d":"15.60"}]
["C0587","CADEADO PEQUENO","UN",{"v":10,"d":"10.00"}]
["C0699","CAPEADO DE CEREJEIRA C/APLICAÇÃO","M2",34.48]
["C0700","CAPEADO DE MOGNO C/ APLICAÇÃO","M2",42.33]
["C0701","CAPEADO DE PAU-MARFIM C/ APLICAÇÃO","M2",38.92]
["C0922","CORRIMÃO EM ALUMÍNIO ANODIZADO","M",98.75]
["C0923","CORRIMÃO EM MADEIRA MACIÇA ( PINTADA )","M",{"v":57.6,"d":"57.60"}]
["C0924","CORRIMÃO EM TUBO DE AÇO INOX","M",206.54]
["C1144","DOBRADIÇA CROMADA 3\" X 2 1/2\"","UN",16.12]
["C1143","DOBRADIÇA CROMADA 3 1/2\" X 3\"","UN",20.53]
["C1145","DOBRADIÇA CROMADA TIPO PALMELA","UN",15.88]
["C1146","DOBRADIÇA CROMADA TIPO VAI - VEM","UN",50.33]
["C4588","DOBRADIÇA DE FERRO (PADRÃO POPULAR)","UN",13.62]
["C4552","DOBRADIÇA PARA FIXAÇÃO EM GRANITO","UN",59.77]
["C1360","FECHADURA COMPLETA PARA PORTA EXTERNA","UN",100.37]
["C1361","FECHADURA COMPLETA PARA PORTA INTERNA","UN",93.87]
["C1362","FECHADURA DE TARJETA (LIVRE-OCUPADA)","UN",60.31]
["C4553","FECHADURA DE TARJETA (LIVRE-OCUPADA) PARA FIXAÇÃO EM GRANITO","UN",56.41]
["C4587","FECHADURA DE SOBREPOR (PADRÃO POPULAR)","UN",82.87]
["C1364","FERROLHO DE SOBREPOR OU EMBUTIR GRANDE","UN",20.34]
["C1365","FERROLHO DE SOBREPOR OU EMBUTIR MÉDIO","UN",16.67]
["C1366","FERROLHO DE SOBREPOR OU EMBUTIR PEQUENO","UN",10.57]
["C1407","FORRAMENTO EM AÇO (BATENTAÇO) LARG. =12cm","M",38.85]
["C3673","FORRAMENTO EM AÇO C/PERFIL \"U\"  L=15CM  - PARA PRESÍDIOS","M",35.81]
["C4421","FORRAMENTO DE MADEIRA L = 15 cm","CJ",248.61]
["C1408","FORRAMENTO OU BATENTE DE MADEIRA","M",28.36]
["C1447","GUARDA CORPO C/BARRA CHATA DE FERRO E CORRIMÃO EM MADEIRA MACIÇA","M2",168.69]
["C3683","GUARDA CORPO DE MADEIRA E CORDA DE SISAL","M",75.43]
["C1448","GUARDA CORPO DE TUBO DE AÇO INOX","M",250.24]
["C1449","GUARDA CORPO METÁLICO - CROMADO","M",210.42]
["C1795","MOLA HIDRÁULICA P/PORTA DE VIDRO","UN",570.32]
["C1796","MOLA P/ PORTA TIPO COIMBRA","UN",178.88]
["C3552","MUTIRÃO MISTO - ARMADOR RABO DE ANDORINHA","UN",15.42]
["C1868","PEGADOR METÁLICO P/PORTA (INTERNO)","UN",23.08]
["C3522","PILAR EM MADEIRA LIMPA DE 1a. QUALIDADE 20cmX20cm","M",84.71]
["C3676","PORTA DE PVC SANFONADA (0,80 X 2,10) COMPLETA - FORNECIMENTO E MONTAGEM","UN",{"v":120,"d":"120.00"}]
["C4556","PORTÃO PIVOTANTE NYLOFOR, COMPOSTO DE QUADRO, PAINÉIS E ACESSÓRIOS COM PINTURA ELETROSTÁTICA COM TINTA POLIESTER, NAS CORES VERDE OU BRANCA, COM POSTE EM AÇO REVESTIDO, COR VERDE OU BRANCA - FORNECIMENTO E MONTAGEM","M2",{"v":440,"d":"440.00"}]
[]
["C4557","PORTÃO DESLIZANTE NYLOFOR, COMPOSTO DE QUADRO, PAINÉIS E ACESSÓRIOS COM PINTURA ELETROSTÁTICA COM TINTA POLIESTER, NAS CORES VERDE OU BRANCA, COM POSTE EM AÇO REVESTIDO, COR VERDE OU BRANCA - FORNECIMENTO E MONTAGEM\t\t\t\t\t\t\t\t\n","M2",{"v":440,"d":"440.00"}]
[]
["C2031","PRENDEDOR METÁLICO PARA PORTA","UN",21.24]
["C2215","REVESTIMENTO DE FÓRMICA EM ESQUADRIAS OU MÓVEIS","M2",42.95]
["C2319","TARJETA CROMADA P/ JANELAS VENEZIANAS","UN",6.44]
["C3675","VENEZIANA INDUSTRIAL DE PVC RÍGIDO, TRANSLÚCIDO E MONTANTES EM AÇO GALVANIZADO OU ALUMÍNIO (FORNECIM","M2",269.26]
[]
["VIDROS",null,null,{"v":52354.89,"d":"52,354.89"}]
["CRISTAL COMUM",null,null,984.55]
["C2670","VIDRO COMUM EM CAIXILHOS C/MASSA ESP.= 4mm, COLOCADO","M2",{"v":108,"d":"108.00"}]
["C2671","VIDRO COMUM EM CAIXILHOS C/MASSA ESP.= 5mm, COLOCADO","M2",{"v":126.5,"d":"126.50"}]
["C2672","VIDRO COMUM EM CAIXILHOS C/MASSA ESP.= 6mm, COLOCADO","M2",{"v":150,"d":"150.00"}]
["C2673","VIDRO COMUM FUMÊ EM CAIXILHOS C/MASSA E= 4mm, COLOCADO","M2",{"v":143,"d":"143.00"}]
["C2674","VIDRO COMUM FUMÊ EM CAIXILHOS C/MASSA E= 5mm, COLOCADO","M2",156.67]
["C2675","VIDRO COMUM FUMÊ EM CAIXILHOS C/MASSA E= 6mm, COLOCADO","M2",{"v":205.7,"d":"205.70"}]
["C2984","VIDRO TRANSLÚCIDO CANELADO OU MARTELADO E=3mm (COLOCADO)","M2",94.68]
["CRISTAL TEMPERADO",null,null,{"v":49435.75,"d":"49,435.75"}]
["C1382","FIXO 2 FOLHAS E BASCULANTE DE VIDRO TEMPERADO (1.80X2.10)m  E=10mm","CJ",{"v":1732.01,"d":"1,732.01"}]
["C1383","FIXO 2 FOLHAS. 2  BANDEIRAS E 1 CONTRAVENTAMENTO DE VIDRO TEMPERADO (1.80 X 3.50)m  E=10mm","CJ",{"v":2895.47,"d":"2,895.47"}]
[]
["C1384","FIXO 3 FOLHAS 3 BANDEIRAS E 2 CONTRAVENTAMENTO DE VIDRO TEMPERADO (2.70 X3.50)m  E=10mm","CJ",{"v":4444.49,"d":"4,444.49"}]
[]
["C1385","FIXO 3 FOLHAS E BASCULANTES 2 FOLHAS DE VIDRO TEMPERADO (0.70X2.10)m  E=10mm","CJ",{"v":2692,"d":"2,692.00"}]
[]
["C1386","FIXO DE VIDRO TEMPERADO C/BANDEIRA (0.90X3.50)m  E=10mm","CJ",{"v":1382.2,"d":"1,382.20"}]
["C1387","FIXO DE VIDRO TEMPERADO 1 FOLHA   (0.90X2.10)m  E=10mm","CJ",820.21]
["C1388","FIXO DE VIDRO TEMPERADO 2 FOLHAS (1.80X2.10)m  E=10mm","CJ",{"v":1614.67,"d":"1,614.67"}]
["C1389","FIXO DE VIDRO TEMPERADO 3 FOLHAS (2.70X2.10)m  E=10mm","CJ",{"v":2409.14,"d":"2,409.14"}]
["C1390","FIXO E BASCULANTE DE VIDRO TEMPERADO  (0.90X2.10)m  E=10mm","CJ",{"v":878.4,"d":"878.40"}]
["C1952","PORTA 2 FOLHAS C/BANDEIRA DE VIDRO TEMPERADO E=10mm C/MOLA (1.80X2.90)m","CJ",{"v":3808.06,"d":"3,808.06"}]
["C1953","PORTA 2 FOLHAS C/BANDEIRA DE VIDRO TEMPERADO E=10mm C/MOLA (1.80X3.50)m","CJ",{"v":4194.16,"d":"4,194.16"}]
["C1954","PORTA 2 FOLHAS C/BANDEIRA E FIXO 2 FLS. DE VIDRO TEMPERADO E=10mm (3.60X2.90)m","CJ",{"v":5923.09,"d":"5,923.09"}]
[]
["C1955","PORTA 2 FOLHAS. FIXA 2 FOLHAS. 3 BANDEIRAS 2 CONTRAVENTAMENTO DE VIDRO TEMPERADO DE10mm (3.60X3.50)m","CJ",{"v":7270.86,"d":"7,270.86"}]
[]
["C1956","PORTA C/BANDEIRA DE VIDRO TEMPERADO E=10mm C/MOLA (0.90X2.90)m  ","CJ",{"v":1960.22,"d":"1,960.22"}]
["C1957","PORTA C/BANDEIRA DE VIDRO TEMPERADO E=10mm C/MOLA (0.90X3.50)m","CJ",{"v":2153.27,"d":"2,153.27"}]
["C1972","PORTA DE VIDRO TEMPERADO 1 FOLHA (0.90X2.10)m  E=10mm","CJ",{"v":1576.27,"d":"1,576.27"}]
["C1971","PORTA DE VIDRO TEMPERADO  2 FOLHAS (1.80X2.10)m  E=10mm","CJ",{"v":3149.41,"d":"3,149.41"}]
["C2676","VIDRO TEMPERADO EM CAIXILHO C/GAX. DE NEOPRENE ESP.= 6mm","M2",{"v":258,"d":"258.00"}]
["C2677","VIDRO TEMPERADO EM CAIXILHO C/MASSA ESP.= 6mm","M2",273.82]
["OUTROS  ELEMENTOS ",null,null,{"v":1934.59,"d":"1,934.59"}]
["C3650","GUICHÊ EM AÇO INOX E VIDRO TEMPERADO E=6MM","M2",372.03]
["C1451","GUICHÊ EM ALUMÍNIO E VIDRO TEMPERADO E=10mm","M2",463.23]
["C1873","PELÍCULA DE INSULFILM","M2",42.69]
["C1874","PELÍCULA DE POLIÉSTER, INVESTIGAÇÃO","M2",83.36]
["C3649","VISOR COM VIDRO TEMPERADO E=6MM E MOLDURA DE AÇO INOX","M2",334.92]
["C2679","VISOR COM VIDRO TEMPERADO E=6mm E MOLDURA DE ALUMÍNIO","M2",303.98]
["C2680","VISOR COM VIDRO TEMPERADO E=6mm E MOLDURA DE MADEIRA","M2",334.38]
["COBERTURA",null,null,{"v":17338.01,"d":"17,338.01"}]
["ESTRUTURA DE MADEIRA",null,null,{"v":1248.59,"d":"1,248.59"}]
["C3722","ESTRUTURA DE MADEIRA P/ COBERTA DE PALHA DE CARNÁUBA","M2",74.18]
["C1336","ESTRUTURA DE MADEIRA P/ TELHA CERÂMICA OU CONCRETO VÃO 3 A 7m (TESOURAS / TERÇAS / CONTRAVENTAMENTOS / FERRAGENS)","M2",101.81]
[]
["C1337","ESTRUTURA DE MADEIRA P/ TELHA CERÂMICA OU CONCRETO VÃO 7 A 10m (TESOURAS / TERÇAS / CONTRAVENTAMENTOS / FERRAGENS)","M2",112.34]
[]
["C1335","ESTRUTURA DE MADEIRA P/ TELHA CERÂMICA OU CONCRETO VÃO 10 A 13m (TESOURAS / TERÇAS / CONTRAVENTAMENTOS / FERRAGENS)","M2",125.45]
[]
["C1338","ESTRUTURA DE MADEIRA P/ TELHA ONDULADA DE FIBROCIMENTO, ALUMÍNIO OU PLÁSTICAS, VÃO 10m","M2",74.98]
[]
["C1339","ESTRUTURA DE MADEIRA P/ TELHA ONDULADA DE FIBROCIMENTO, ALUMÍNIO OU PLÁSTICAS,  VÃO 15m","M2",{"v":88.7,"d":"88.70"}]
[]
["C1340","ESTRUTURA DE MADEIRA P/ TELHA ONDULADA DE FIBROCIMENTO, ALUMÍNIO OU PLÁSTICAS, VÃO 20m","M2",107.57]
[]
["C4511","ESTRUTURA DE MADEIRA P/ TELHAS ONDULADAS DE FIBROCIMENTO, ALUMÍNIO OU PLÁSTICAS, APOIADA SOBRE PAREDES E/OU LAJES DE FORRO","M2",51.23]
[]
["C1341","ESTRUTURA DE MADEIRA P/ TELHA ESTRUTURAL DE FIBROCIMENTO ANCORADA EM LAJES OU EM PAREDES","M2",30.41]
[]
["C3005","MADEIRAMENTO P/TELHA CERÂMICA C/ REAPROVEITAMENTO","M2",25.07]
["C4459","MADEIRAMENTO P/ TELHA CERÂMICA - (RIPA, CAIBRO)","M2",32.36]
["C4460","MADEIRAMENTO P/ TELHA CERÂMICA - (RIPA, CAIBRO, LINHA)","M2",68.83]
["C4467","MADEIRAMENTO P/TELHA CERÂMICA - (RIPA, CAIBRO, LINHA) - CASA POPULAR","M2",43.59]
["C3006","MADEIRAMENTO P/TELHA FIBROCIMENTO C/ REAPROVEITAMENTO","M2",24.88]
["C2237","RIPA DE PEROBA (2X8)cm","M",13.44]
["C2460","TESOURA EM MASSARANDUBA C/ACESSÓRIOS","M",112.75]
["C2678","VIGA DE MADEIRA MACIÇA 6\" X 3\"","M",52.27]
["C3721","VIGA DE MADEIRA MACIÇA 10\"x 4\"","M",108.73]
["ESTRUTURA METÁLICA",null,null,{"v":6344.18,"d":"6,344.18"}]
["C0818","COLUNAS P/PÉ DIREITO DE 6m  VÃO DE 20m","M2",40.16]
["C0819","COLUNAS P/PÉ DIREITO DE 6m  VÃO DE 30m","M2",45.35]
["C0820","COLUNAS P/PÉ DIREITO DE 6m  VÃO DE 40m","M2",50.16]
["C1326","ESTRUTURA DE AÇO EM ARCO VÃO DE 20m","M2",91.63]
["C1327","ESTRUTURA DE AÇO EM ARCO VÃO DE 30m","M2",94.29]
["C1328","ESTRUTURA DE AÇO EM ARCO VÃO DE 40m","M2",102.09]
["C1329","ESTRUTURA DE AÇO EM SHED VÃO DE 20m","M2",127.12]
["C1330","ESTRUTURA DE AÇO EM SHED VÃO DE 30m","M2",132.07]
["C1331","ESTRUTURA DE AÇO EM SHED VÃO DE 40m","M2",136.85]
["C1332","ESTRUTURA DE AÇO TIPO FINK VÃO DE 20m","M2",100.39]
["C1333","ESTRUTURA DE AÇO TIPO FINK VÃO DE 30m","M2",105.44]
["C1334","ESTRUTURA DE AÇO TIPO FINK VÃO DE 40m","M2",109.71]
["C1318","ESTRUTURA DE ALUMÍNIO EM ARCO VÃO DE 20m","M2",{"v":146.2,"d":"146.20"}]
["C1319","ESTRUTURA DE ALUMÍNIO EM ARCO VÃO DE 30m","M2",167.08]
["C1320","ESTRUTURA DE ALUMÍNIO EM ARCO VÃO DE 40m","M2",187.96]
["C1324","ESTRUTURA DE ALUMÍNIO EM DUAS ÁGUAS VÃO DE 20m","M2",155.48]
["C1321","ESTRUTURA DE ALUMÍNIO EM DUAS ÁGUAS VÃO DE 25m","M2",{"v":169.4,"d":"169.40"}]
["C1322","ESTRUTURA DE ALUMÍNIO EM DUAS ÁGUAS VÃO DE 30m","M2",183.32]
["C1323","ESTRUTURA DE ALUMÍNIO EM DUAS ÁGUAS VÃO DE 40m","M2",206.52]
["C1325","ESTRUTURA DE ALUMÍNIO EM SHED VÃO DE 20 A 30m","M2",208.84]
["C1342","ESTRUTURA ESPACIAL DE ALUMÍNIO VÃO DE 20m","M2",163.13]
["C1343","ESTRUTURA ESPACIAL DE ALUMÍNIO VÃO DE 30m","M2",193.29]
["C1344","ESTRUTURA ESPACIAL DE ALUMÍNIO VÃO DE 40m","M2",221.13]
["C1345","ESTRUTURA ESPACIAL DE ALUMÍNIO VÃO DE 50m","M2",248.97]
["C1346","ESTRUTURA ESPACIAL DE ALUMÍNIO VÃO DE 60m","M2",276.81]
["C1352","ESTRUTURA METÁLICA EM TUBO DE AÇO 150mm, INCLUS. PINTURA","M",336.44]
["C1353","ESTRUTURA METÁLICA TRELIÇADA EM AÇO, EM MARQUISES","M2",{"v":130.2,"d":"130.20"}]
["C1600","LANTERNIM SIMPLES VÃO DE 20m","M2",17.14]
["C1601","LANTERNIM SIMPLES VÃO DE 30m","M2",22.08]
["C1602","LANTERNIM SIMPLES VÃO DE 40m","M2",28.51]
["C1597","LANTERNIM DUPLO VÃO DE 20m","M2",29.85]
["C1598","LANTERNIM DUPLO VÃO DE 30m","M2",34.89]
["C1599","LANTERNIM DUPLO VÃO DE 40m","M2",{"v":39.7,"d":"39.70"}]
["C1879","PERFIL METÁLICO ' I ', PRÉ-PINTADO C/ H=200mm","M",238.57]
["C1878","PERFIL METÁLICO  ' I ', PRÉ-PINTADO C/ H=300mm","M",440.97]
["C1880","PERFIL METÁLICO ' I ', PRÉ-PINTADO C/ H=400mm","M",566.95]
["C1881","PERFIL METÁLICO ' I ', PRÉ-PINTADO C/ H=500mm","M",773.47]
["C4395","PERFIL \"U\" EM ALUMÍNIO 3/4\" x 3/4\" P/ COBERTURA","M",{"v":22,"d":"22.00"}]
["TELHAS",null,null,{"v":4352.49,"d":"4,352.49"}]
["C0041","ALGEIROZ EM TELHAMENTO COLONIAL","M",14.97]
["C0387","BEIRA E BICA EM TELHA COLONIAL","M",7.49]
["C0675","CANTONEIRA DE FIBROCIMENTO P/TELHA ONDULADA","M",41.42]
["C0768","CHAPA CORRUGADA DE ALUMÍNIO E=0.7MM","M2",75.35]
["C0803","COBERTURA C/TELHA PVC RÍGIDO INCLINAÇÃO 27%","M2",{"v":54.8,"d":"54.80"}]
["C0987","CUMEEIRA ARTICULADA DE FIBROCIMENTO P/TELHA MODULADA","M",56.59]
["C0988","CUMEEIRA ARTICULADA DE FIBROCIMENTO P/TELHA VOGATEX","M",38.61]
["C0989","CUMEEIRA CERÂMICA DA TELHA CANAL \"TIMOM\"","M",17.83]
["C0990","CUMEEIRA CERÂMICA DA TELHA RETANGULAR \"TIMOM\"","M",17.53]
["C0993","CUMEEIRA DE ALUMÍNIO E=0.8mm","M",48.77]
["C0994","CUMEEIRA DE CONCRETO COLORIDA INCLUSIVE EMBOÇAMENTO","M",74.27]
["C0995","CUMEEIRA NORMAL DE FIBROCIMENTO P/TELHA CANALETE 49","M",101.25]
["C0996","CUMEEIRA NORMAL DE FIBROCIMENTO P/TELHA CANALETE 90","M",90.72]
["C0997","CUMEEIRA NORMAL DE FIBROCIMENTO P/TELHA KALHETA DELTA","M",98.66]
["C0998","CUMEEIRA NORMAL DE FIBROCIMENTO P/TELHA KALHETÃO","M",92.14]
["C0999","CUMEEIRA NORMAL DE FIBROCIMENTO P/TELHA MAXIPLAC","M",71.43]
["C1000","CUMEEIRA NORMAL DE FIBROCIMENTO P/TELHA ONDULADA","M",32.92]
["C1001","CUMEEIRA NORMAL PARA TELHA DE MADEIRA","M",17.84]
["C4463","CUMEEIRA TELHA CERÂMICA, EMBOÇADA","M",15.59]
["C1002","CUMEEIRA TERMOACÚSTICA","M",59.73]
["C1003","CUMEEIRA TIPO ONDULINE EM ESTRUTURA DE MADEIRA","M",41.57]
["C1004","CUMEEIRA TIPO ONDULINE EM ESTRUTURA METÁLICA","M",54.87]
["C1005","CUMEEIRA TIPO SHED OU RUFO DE FIBROCIMENTO P/TELHA ONDULADA","M",48.94]
["C1006","CUMEEIRA UNIVERSAL DE FIBROCIMENTO P/TELHA ONDULADA","M",32.92]
["C3858","DESMONTAGEM DE TELHAMENTO EM ESTRUTURAS METÁLICAS","M2",5.42]
["C4464","EMBOÇAMENTO DA ÚLTIMA FIADA TELHA CERÂMICA","M",7.47]
["C1363","FECHAMENTO LATERAL C/TELHA DE FIBROCIMENTO ONDULADA E=6mm","M2",36.66]
["C1380","FIXAÇÃO DE TELHAS CANALETE 90-(LINHA DE FIXAÇÃO)","UN",178.76]
["C1381","FIXAÇÃO DE TELHAS KALHETÃO (LINHA DE FIXAÇÃO)","UN",104.58]
["C3859","MONTAGEM DE TELHAMENTO EM ESTRUTURAS METÁLICAS","M2",6.78]
["C2199","RETELHAMENTO C/ OUTROS TIPOS DE TELHA MAT. FIXAÇÃO","M2",{"v":27,"d":"27.00"}]
["C2200","RETELHAMENTO C/ TELHA CERÂMICA  ATE 20% NOVA","M2",27.61]
["C2201","RETELHAMENTO C/ TELHA CERÂMICA COM 50% NOVA","M2",31.75]
["C2203","RETELHAMENTO C/ TELHA FIBROCIMENTO MAT. DE FIXAÇÃO","M2",22.21]
["C2303","TAMPÃO DE FIBROCIMENTO P/TELHA KALHETA DELTA","M",46.08]
["C2304","TAMPÃO DE FIBROCIMENTO P/TELHA KALHETÃO","M",{"v":31.6,"d":"31.60"}]
["C2305","TAMPÃO E RUFO DE FIBROCIMENTO","M",87.52]
["C4462","TELHA CERÂMICA","M2",40.03]
["C2429","TELHA CERÂMICA TIPO CANAL C/ ESBARRO \"TIMON\"","M2",77.97]
["C2430","TELHA CERÂMICA TIPO RETANGULAR C/ ESBARRO \"TIMOM\"","M2",74.97]
["C2431","TELHA DE AÇO ZINCADA PRÉ-PINTADA INCLINAÇÃO 1%.VAO 10.5m","M2",95.17]
["C2432","TELHA DE AÇO ZINCADA PRÉ-PINTADA INCLINAÇÃO 2.75% VÃO 16m","M2",95.17]
["C2433","TELHA DE AÇO ZINCADA PRÉ-PINTADA INCLINAÇÃO 3%.VÃO 22m","M2",153.87]
["C2434","TELHA DE AÇO ZINCADA PRÉ-PINTADA INCLINAÇÃO 3%.VÃO 24m","M2",{"v":167.9,"d":"167.90"}]
["C2435","TELHA DE AÇO ZINCADA PRÉ-PINTADA INCLINAÇÃO 3%.VÃO 26m","M2",193.67]
["C2425","TELHA DE ALUMÍNIO C/ MIOLO POLIURETANO, TRAPEZOIDAL + LISA","M2",112.03]
["C2426","TELHA DE ALUMÍNIO C/MIOLO POLIURETANO, TRAPEZOIDAL+TRAPEZOIDAL","M2",112.03]
["C4554","TELHA DE ALUMÍNIO, TRAPEZOIDAL e = 0,7mm","M2",53.01]
["C2436","TELHA DE CONCRETO COLORIDA INCLINAÇÃO ACIMA DE 30%","M2",36.69]
["C2437","TELHA DE FIBROCIMENTO CANALETE 49 INCLINAÇÃO 3%","M2",96.14]
["C2438","TELHA DE FIBROCIMENTO CANALETE 90 INCLINAÇÃO 3%","M2",153.51]
["C2439","TELHA DE FIBROCIMENTO CANALETE 90 INCLINAÇÃO 9%","M2",155.41]
["C2440","TELHA DE FIBROCIMENTO KALHETA DELTA INCLINAÇÃO 3%","M2",117.72]
["C2441","TELHA DE FIBROCIMENTO KALHETÃO INCLINAÇÃO 3%","M2",104.55]
["C2442","TELHA DE FIBROCIMENTO KALHETÃO INCLINAÇÃO 9%","M2",105.48]
["C2443","TELHA DE FIBROCIMENTO MAXIPLAC E=6mm INCLINAÇÃO 27%","M2",19.32]
["C2444","TELHA DE FIBROCIMENTO MODULADA, INCLINAÇÃO 18%","M2",129.61]
["C2446","TELHA DE FIBROCIMENTO ONDULADA E=6mm EM ARCO","M2",37.86]
["C2445","TELHA DE FIBROCIMENTO ONDULADA E=6mm , INCLINAÇÃO 27%","M2",35.66]
["C3745","TELHA DE FIBROCIMENTO ONDULADA E= 8mm, INCLINAÇÃO 27%","M2",46.47]
["C2447","TELHA DE FIBROCIMENTO VOGATEX, INCLINAÇÃO 27%","M2",13.74]
["C2448","TELHA DE MADEIRA COMPENSADA ONDULADA E=6mm","M2",16.63]
["C2449","TELHA DE POLIESTER REFORÇADO","M2",27.64]
["C2450","TELHA TERMOACÚSTICA TRAPEZOIDAL INCLINAÇÃO 17.6%","M2",115.56]
["C2451","TELHA TIPO ONDULINE EM ESTRUTURA DE MADEIRA","M2",34.63]
["C2452","TELHA TIPO ONDULINE EM ESTRUTURA METÁLICA","M2",61.23]
["C2453","TELHA TRANSPARENTE ONDULADA","M2",{"v":49.2,"d":"49.20"}]
["COBERTURA (MADEIRAMENTO E TELHAMENTO)",null,null,544.86]
["C0800","COBERTURA C/TELHA ESTRUTURAL DE FIBRO-CIMENTO, CANALETE 49 C/ APOIOS","M2",129.72]
["C0801","COBERTURA C/TELHA ESTRUTURAL DE FIBRO-CIMENTO, CANALETE 90 C/ APOIOS","M2",129.47]
["C0802","COBERTURA C/TELHA ONDULADA DE FIBRO-CIMENTO E= 6mm ( C/MADEIRAMENTO )","M2",104.43]
["C4465","COBERTURA TELHA CERÂMICA - (RIPA, CAIBRO)","M2",72.39]
["C4466","COBERTURA TELHA CERÂMICA (RIPA, CAIBRO, LINHA)","M2",108.86]
["DOMOS",null,null,{"v":3648.29,"d":"3,648.29"}]
["C4370","ABÓBADA DE POLICARBONATO TRANSPARENTE (FORN./MONTAGEM)","M2",615.77]
["C0769","CHAPA POLICARBONATO  ALVEOLAR CRISTAL ESP.= 6mm","M2",124.84]
["C0770","CHAPA POLICARBONATO COMPACTO CRISTAL ESP.= 6mm","M2",{"v":390.5,"d":"390.50"}]
["C0771","CHAPA POLICARBONATO FUMÊ ESP.= 4mm","M2",{"v":69.4,"d":"69.40"}]
["C0772","CHAPA POLICARBONATO FUMÊ ESP.= 4mm  C/ PELICULA REFLETIVA","M2",717.61]
["C1147","DOMO INDIVIDUAL DE ACRÍLICO","M2",391.84]
["C1148","DOMO INDIVIDUAL DE FIBRA DE VIDRO","M2",340.99]
["C1149","DOMO MODULAR DE ACRÍLICO","M2",472.35]
["C1150","DOMO MODULAR DE FIBRA DE VIDRO","M2",{"v":525,"d":"525.00"}]
["OUTROS ELEMENTOS",null,null,{"v":1199.59,"d":"1,199.59"}]
["C3448","BEIRAL DE MADEIRA (1X10)cm","M",19.68]
["C0388","BEIRAL DE MADEIRA DE (2 X 8)cm, INCLUSIVE PINTURA","M",17.41]
["C0657","CALHA DE ALUMÍNIO DESENVOLVIMENTO DE 25cm","M",41.73]
["C0658","CALHA DE CHAPA COBRE 26 DESENVOLVIMENTO 33cm","M",90.67]
["C0659","CALHA DE CHAPA COBRE 26 DESENVOLVIMENTO 50cm","M",116.97]
["C0660","CALHA DE CHAPA GALVANIZADA 26 DESENVOLVIMENTO 33cm","M",41.72]
["C0661","CALHA DE CHAPA GALVANIZADA 26 DESENVOLVIMENTO 50cm","M",62.49]
["C0662","CALHA DE FIBERGLASS ESP.= 2mm  DESENVOLVIMENTO 30cm","M",30.65]
["C3684","COBERTA EM PALHA DE CARNAÚBA","M2",23.59]
["C3746","ESTACIONAMENTO COBERTO C/ TELHA DE FIBROCIMENTO - VAGA (4,50x2,75)","M2",114.75]
["C1631","LONA PLÁSTICA PRETA, P/SERVIÇOS EM COBERTAS","M2",6.96]
["C2248","RUFO DE CHAPA COBRE 26 DESENVOLVIMENTO 33cm","M",73.73]
["C2249","RUFO DE CHAPA GALVANIZADA 26 DESENVOLVIMENTO 33cm","M",27.18]
["C2250","RUFO DE FIBROCIMENTO","M",84.77]
["C2251","RUFO DE FIBROCIMENTO C/ VEDAÇÃO ELÁSTICA","M",86.99]
["C2252","RUFO DE FIBROCIMENTO P/TELHA MAXIPLAC","M",61.31]
["C2253","RUFO DE FIBROCIMENTO P/TELHA ONDULADA","M",48.94]
["C3652","RUFO/ALGEIROZ EM CONCRETO PRÉ-MOLDADO L=30CM","M",71.67]
["C2479","TOLDO COM ESTRUTURA METÁLICA","M2",178.37]
["IMPERMEABILIZAÇÃO",null,null,{"v":1548,"d":"1,548.00"}]
["BALDRAMES",null,null,62.87]
["C1462","IMPERMEABILIZAÇÃO DE ALVENARIA DE EMBASAMENTO NO RESPALDO C/ARGAMASSA CIMENTO E AREIA S/ PENEIRAMENTO, TRAÇO 1:3, ESP.=2cm C/ ADITIVO IMPERMABILIZANTE","M2",27.35]
[]
["C1466","IMPERMEABILIZAÇÃO HORIZONTAL DE ALICERCES C/MANTA BUTÍLICA EM PAREDES DE 1 ½  TIJOLO","M",35.52]
[]
["PISOS",null,null,65.25]
["C1424","GEOTEXTIL COMO CAMADA  DE DESLIZAMENTO / SEPARAÇÃO OU COMO CAMADA DE BERÇO E/OU AMORTECIMENTO","M2",10.09]
[]
["C1465","IMPERMEABILIZAÇÃO DE ÁREAS SUJEITAS A INFILTRAÇÃO POR LENÇOL FREÁTICO","M2",21.81]
["C1472","IMPERMEABILIZAÇÃO P/ REBAIXO BANHEIRO E COZINHA C/TINTA ASFÁLTICA","M2",10.04]
["C2057","PROTEÇÃO DE SUPERFÍCIES IMPERMEABILIZADAS","M2",23.32]
["CALHAS",null,null,112.82]
["C1458","IMPERMEABILIZAÇÃO C/ IMPERMEABILIZANTE ESTRUTURAL E APLICAÇÃO DE MEMBRANA DE BASE ACRÍLICA","M2",51.57]
[]
["C1463","IMPERMEABILIZAÇÃO DE CALHA, VIGA-CALHA, JARDINEIRA C/MANTA ASFÁLTICA .AUTO-ADESIVA","M2",{"v":28.7,"d":"28.70"}]
[]
["C1470","IMPERMEABILIZAÇÃO JARDINEIRAS C/ARGAMASSA DE CIMENTO E AREIA S/ PENEIRAMENTO, TRAÇO 1:3 - ESP.= 3cm","M2",32.55]
[]
["COBERTURAS",null,null,520.65]
["C1476","IMPERMEABILIZAÇÃO À BASE DE ELASTÔMEROS  SINTÉTICOS CALANDRADOS E PRÉ-VULCANIZADOS C/ MANTA BUTÍLICA","M2",{"v":104.6,"d":"104.60"}]
[]
["C1173","IMPERMEABILIZAÇÃO À BASE DE ELASTÔMEROS SINTÉTICOS \"NEOPRENE + HYPALON\"","M2",175.47]
[]
["C1232","IMPERMEABILIZAÇÃO À BASE DE EMULSÃO ASFÁLTICA ESTRUTURADA C/ VÉU DE FIBRA DE VIDRO C/ PINTURA DEFLETIVA","M2",88.35]
[]
["C1459","IMPERMEABLIZAÇÃO C/ APLICAÇÃO DIRETA DE IMPERMEABILIZANTE ESTRUTURAL SEGUIDA DE APLICAÇÃO DE MEMBRANA DE BASE ACRÍLICA","M2",51.57]
[]
["C1471","IMPERMEABILIZAÇÃO C/ MANTA ASFÁLTICA C/ ARMADURA DE FILME DE POLIETILENO","M2",38.56]
["C1464","IMPERMEABILIZAÇÃO DE COBERTURAS PLANAS C/MANTA À BASE DE ASFALTO MODIFICADO","M2",35.93]
[]
["C1779","IMPERMEABILIZAÇÃO DE LAJES C/ MANTA ASFÁLTICA PRÉ-FABRICADA, C/ VÉU DE POLIÉSTER","M2",26.16]
[]
["RESERVATÓRIOS",null,null,{"v":336.7,"d":"336.70"}]
["C1473","IMPERMEABILIZAÇÃO DE RESERVATÓRIOS E PISCINAS ELEVADAS C/ IMPERMEABILIZANTE ESTRUTURAL C/ APLICAÇÃO DE MEMBRANA ELÁSTICA BI-COMPONENTE","M2",24.25]
[]
["C1474","IMPERMEABILIZAÇÃO DE RESERVATÓRIOS ELEVADOS C/ ARGAMASSA RÍGIDA E DE IMPERMEABILIZAÇÃO SEMIPLÁSTICA C/ ASFALTO MODIFICADO E ESTRUTURADO","M2",136.05]
[]
["C1475","IMPERMEABILIZAÇÃO DE SUPERFÍCIES INTERNAS DE RESERVATÓRIOS ENTERRADOS","M2",{"v":49.6,"d":"49.60"}]
["C1469","IMPERMEABILIZAÇÃO INTERNA E EXTERNA P/RESERVATÓRIO ENTERRADO","M2",52.58]
["C1460","IMPERMEABILIZAÇÃO INTERNA C/ CIMENTO IMPERMEABILIZANTE ESTRUTURAL","M2",13.77]
["C1467","IMPERMEABILIZAÇÃO INTERNA DE PISCINAS ENTERRADAS C/CIMENTO IMPERMEABILIZANTE ESTRUTURAL","M2",17.31]
[]
["C1468","IMPERMEABILIZAÇÃO INTERNA C/ MANTA ASFÁLTICA C/ ARMADURA DE FILME DE POLIETILENO","M2",41.27]
[]
["C2033","PREPARO DE SUPERFÍCIE INTERNA EM RESERVATÓRIOS A SEREM IMPERMEABILIZADOS","M2",1.89]
[]
["CORTINA",null,null,149.47]
["C0667","CAMADA PROTETORA DE SUPERFÍCIES HORIZONTAIS C/ ARGAMASSA DE CIMENTO E AREIA S/ PENEIRAMENTO TRAÇO 1:5 - ESP.= 1 A 2 cm","M2",20.25]
[]
["C0668","CAMADA PROTETORA DE SUPERFÍCIES VERTICAIS C/ PINTURA DE EMULSÃO ASFÁLTICA E ARGAMASSA DE CIMENTO E AREIA S/ PENEIRAMENTO TRAÇO 1:5, ESP.= 1 A 2 cm","M2",24.92]
[]
["C1461","IMPERMEABILIZAÇÃO DE ÁREAS SUJEITAS À UMIDADE C/ APLICAÇÃO DE DUAS DEMÃOS DE IMPERMEABILIZANTE ESTRUTURAL DILUÍDO C/ ÁGUA E EMULSÃO ADESIVA TRAÇO 12:4:1","M2",9.78]
[]
["C2188","REGULARIZAÇÃO DE SUPERFÍCIES HORIZONTAIS E VERTICAIS C/ ARGAMASSA DE CIMENTO E AREIA S/ PENEIRAMENTO, TRAÇO 1:3, ESP.= 6cm P/ APLICAÇÃO DE IMPERMEABILIZAÇÃO","M2",37.05]
[]
["C2217","REVESTIMENTO DE SUPERFÍCIE HORIZONTAL OU VERTICAL C/ARGAMASSA DE CIMENTO E AREIA S/ PENEIRAMENTO TRAÇO 1:3, ESP.= 5cm","M2",57.46]
[]
["OUTROS ELEMENTOS",null,null,300.25]
["C4723","IMPERMEABILIZAÇÃO À BASE DE ARGAMASSA POLIMÉRICA E RESINA EPOXI(SUPERFÍCIES EM CONTATO DIRETO COM ÁGUA RESIDUÁRIAS OU CONTATO COM GASES                                                                                                                                                  ","M2",40.12]
[]
["C4722","IMPERMEABILIZAÇÃO À BASE DE ARGAMASSA POLIMÉRICA, RESINA TERMOPLÁSTICA E TELA DE POLIESTER MALHA 2X2MM (SUPERFÍCIE EM CONTATO DIRETO COM A ÁGUA)","M2",29.41]
[]
["C4724","IMPERMEABILIZAÇÃO À BASE DE ARGAMASSA POLIMÉRICA (LAJE DE RESERVATÓRIO SOB AÇÃO DE GASES)","M2",6.41]
[]
["C2841","IMPERMEABILIZAÇÃO C/ ARGAMASSA DE  CIMENTO E AREIA 1:3 ADITIVADA, ESP.= 2.50cm","M2",26.13]
[]
["C2842","IMPERMEABILIZAÇÃO C/ CIMENTO CRISTALIZANTE, BASE ACRÍLICA","M2",47.44]
["C2843","IMPERMEABILIZAÇÃO C/ EMULSÃO ASFÁLTICA CONSUMO 2kg/m²","M2",17.53]
["C3444","IMPERMEABILIZAÇÃO C/ SIKA E IGOL P/ CX. D´ÁGUA","M2",40.04]
["C4021","IMPERMEABILIZAÇÃO DE ACABAMENTO C/ HEYDICRYL PLUS, COR BRANCA, CONSUMO 3,0 KG/M2, REFORÇADA C/ TELA","M2",{"v":14.9,"d":"14.90"}]
[]
["C4124","IMPERMEABILIZAÇÃO EM DUPLA CAMADA COM MANTA ESTRUTURADA EM POLIÉSTER 4mm - TIPO IV E MANTA DE ALUMÍNIO","M2",78.25]
[]
["PROTEÇÃO TÉRMICA",null,null,702.05]
["ISOLAMENTO DE PAREDES",null,null,259.61]
["C1501","ISOLAMENTO TÉRMICO C/ESPUMA RÍGIDA DE POLIURETANO ESP.= 5cm","M2",9.09]
["C1502","ISOLAMENTO TÉRMICO C/MANTAS DE FIBRA DE VIDRO ENSACADAS ESP.= 5cm","M2",52.98]
["C1505","ISOLAMENTO TÉRMICO C/PAINEL DE FIBRA DE VIDRO FLEXÍVEL ESP.=50mm FIXADO COM ADESIVO HIDRO-ASFÁLTICO","M2",26.98]
[]
["C1503","ISOLAMENTO TÉRMICO C/PAINEL DE FIBRA DE VIDRO RÍGIDO ESP.= 25mm FIXADO COM ASFALTO OXIDADO (MODIFICADO)","M2",80.46]
[]
["C1506","ISOLAMENTO TÉRMICO C/PAINEL DE FIBRA DE VIDRO SEMI-RÍGIDO ESP.= 50mm FIXADO C/ARAME E TELA","M2",31.32]
[]
["C1504","ISOLAMENTO TÉRMICO C/TIJOLO CERÂMICO FURADO (30X20X10)cm","M2",58.78]
["ISOLAMENTO DE COBERTURAS E LAJES",null,null,{"v":363.2,"d":"363.20"}]
["C1500","ISOLAMENTO TÉRMICO C/ARGILA EXPANDIDA AGLOMERADA ESP.= 20cm","M2",68.68]
["C1507","ISOLAMENTO TÉRMICO C/DOLOMITA MAGNESIANA BRITADA ESP.= 10cm","M2",15.93]
["C1508","ISOLAMENTO TÉRMICO C/LAJOTAS PRE-MOLDADAS DE CONCRETO","M2",49.76]
["C1509","ISOLAMENTO TÉRMICO C/MANTAS DE FIBRA DE VIDRO ESP.= 7.5cm  PROTEGIDAS C/ASFALTO OXIDADO","M2",37.37]
[]
["C1510","ISOLAMENTO TÉRMICO C/PEDRA BRITADA SOLTA ESP.= 25cm, SOBRE ARGAMASA DE PROTEÇÃO P/IMPERMEABILIZAÇÃO","M2",{"v":22,"d":"22.00"}]
[]
["C1511","ISOLAMENTO TÉRMICO C/PLACAS DE CONCRETO CELULAR ESP.= 5cm","M2",55.42]
["C1512","ISOLAMENTO TÉRMICO C/PLACAS DE POLIESTIRENO EXPANDIDO ESP.= 5cm","M2",22.51]
["C1513","ISOLAMENTO TÉRMICO C/VERMICULITA AGLOMERADA C/CIMENTO E AREIA ESP.= 15cm","M2",91.53]
[]
["ISOLAMENTO DE TUBOS DE AÇO",null,null,79.23]
["C3717","ISOLAMENTO TÉRMICO COM POLIESTIRENO EXPANDIDO (ISOPOR) EM TUBO DE AÇO PRETO  DE 2\"","M",32.71]
[]
["C3718","ISOLAMENTO TÉRMICO COM POLIESTIRENO EXPANDIDO (ISOPOR) EM TUBO DE AÇO PRETO  DE 2 1/2\"","M",46.51]
[]
["REVESTIMENTOS",null,null,{"v":7628.06,"d":"7,628.06"}]
["ARGAMASSAS PARA PAREDES INTERNAS E EXTERNAS",null,null,790.77]
["C0776","CHAPISCO C/ ARGAMASSA DE CIMENTO E AREIA S/PENEIRAR TRAÇO 1:3  ESP.= 5mm P/ PAREDE","M2",4.21]
[]
["C0777","CHAPISCO C/ ARGAMASSA DE CIMENTO E PEDRISCO TRAÇO 1:4  ESP.= 7mm P/ PAREDE","M2",6.67]
[]
["C1220","EMBOÇO C/ ARGAMASSA DE CIMENTO E AREIA S/ PENEIRAR, TRAÇO 1:3","M2",21.36]
["C1221","EMBOÇO C/ ARGAMASSA DE CIMENTO E AREIA S/ PENEIRAR, TRAÇO 1:4","M2",20.15]
["C1226","EMBOÇO C/ ARGAMASSA DE CIMENTO E AREIA S/ PENEIRAR, TRAÇO 1:5","M2",19.42]
["C3245","EMBOÇO C/ ARGAMASSA DE CIMENTO E AREIA S/ PENEIRAR, TRAÇO 1:6","M2",18.93]
["C3246","EMBOÇO C/ ARGAMASSA DE CIMENTO E AREIA S/ PENEIRAR, TRAÇO 1:7","M2",18.58]
["C1211","EMBOÇO C/ ARGAMASSA DE CIMENTO, ARENOSO E AREIA S/PENEIRAR TRAÇO 1:7:3  ESP.= 20mm P/ PAREDE","M2",18.55]
[]
["C3023","EMBOÇO C/ ARGAMASSA DE CIMENTO E AREIA PENEIRADA, TRAÇO 1:3","M2",25.46]
["C3029","EMBOÇO C/ ARGAMASSA DE CIMENTO E AREIA PENEIRADA, TRAÇO 1:4","M2",24.25]
["C3080","EMBOÇO C/ ARGAMASSA DE CIMENTO E AREIA PENEIRADA, TRAÇO 1:5","M2",23.52]
["C3120","EMBOÇO C/ ARGAMASSA DE CIMENTO E AREIA PENEIRADA, TRAÇO 1:6","M2",23.03]
["C3122","EMBOÇO C/ ARGAMASSA DE CIMENTO E AREIA PENEIRADA, TRAÇO 1:7","M2",22.68]
["C1212","EMBOÇO C/ ARGAMASSA MISTA DE CIMENTO, CAL EM PASTA E AREIA S/PENEIRAR TRAÇO 1:1.5:9  ESP.= 20mm P/ PAREDE","M2",20.57]
[]
["C1213","EMBOÇO C/ ARGAMASSA MISTA DE CIMENTO, CAL HIDRATADA E AREIA S/PENEIRAR TRAÇO 1:2:9  ESP.= 20mm P/ PAREDE","M2",20.52]
[]
["C1238","ENCHIMENTO DE RASGO C/ARGAMASSA DIAM.= 15 A 25mm (1/2\" A 1\")","M",2.97]
["C1239","ENCHIMENTO DE RASGO C/ARGAMASSA DIAM.= 32 A 50mm (1 1/4\" A 2\")","M",4.17]
["C1240","ENCHIMENTO DE RASGO C/ARGAMASSA DIAM.= 65 A100mm  (2 1/2\" A 4\")","M",6.68]
["C1245","ENTELAMENTO CORRETIVO DE SUPERFÍCIE C/TRINCA P/RETRAÇÃO OU DILATAÇÃO TELA LARG.=15cm REF. CENT.LARG.=5cm","M",12.88]
[]
["C1247","ENTELAMENTO PREVENTIVO DE SUPERFÍCIE SUJEITA A TRINCAS P/RETRAÇÃO OU DILATAÇÃO TELA LARG.= 25cm","M",5.92]
[]
["C3545","MUTIRÃO MISTO - CHAPISCO C/ARGAMASSA DE CIMENTO E PEDRISCO TRAÇO 1:4  ESP.=7mm P/PAREDE","M2",4.34]
[]
["C3546","MUTIRÃO MISTO - REBOCO C/ ARGAMASSA DE CAL TRAÇO 1:4 P/PAREDE","M2",8.98]
["C2110","REBOCO C/ACABAMENTO.LISO.C/ARGAMASSA DE CIMENTO E AREIA PENEIRADA E ADITIVO IMPERMEABILIZANTE TRAÇO 1:1.5 ESP=5 mm","M2",22.85]
[]
["C2121","REBOCO C/ARGAMASSA DE CAL EM PASTA E AREIA PENEIRADA TRAÇO 1:3  ESP=5 mm P/PAREDE","M2",14.16]
[]
["C2122","REBOCO C/ARGAMASSA DE CAL EM PASTA E AREIA PENEIRADA TRAÇO 1:4  ESP=5 mm P/PAREDE","M2",13.83]
[]
["C2123","REBOCO C/ARGAMASSA DE CAL HIDRATADA E AREIA PENEIRADA TRAÇO 1:3  ESP=5 mm P/PAREDE","M2",13.85]
[]
["C3408","REBOCO C/ ARGAMASSA DE CIMENTO E AREIA S/ PENEIRAR, TRAÇO 1:3","M2",23.31]
["C3409","REBOCO C/ ARGAMASSA DE CIMENTO E AREIA S/ PENEIRAR, TRAÇO 1:4","M2",{"v":21.8,"d":"21.80"}]
["C3124","REBOCO C/ ARGAMASSA DE CIMENTO E AREIA S/ PENEIRAR, TRAÇO 1:5","M2",20.88]
["C3407","REBOCO C/ ARGAMASSA DE CIMENTO E AREIA S/ PENEIRAR, TRAÇO 1:6","M2",20.27]
["C3162","REBOCO C/ ARGAMASSA DE CIMENTO E AREIA S/ PENEIRAR, TRAÇO 1:7","M2",19.83]
["C3028","REBOCO C/ ARGAMASSA DE CIMENTO E AREIA PENEIRADA, TRAÇO 1:3","M2",28.43]
["C3037","REBOCO C/ ARGAMASSA DE CIMENTO E AREIA PENEIRADA, TRAÇO 1:4","M2",26.92]
["C3087","REBOCO C/ ARGAMASSA DE CIMENTO E AREIA PENEIRADA, TRAÇO 1:5","M2",26.01]
["C3121","REBOCO C/ ARGAMASSA DE CIMENTO E AREIA PENEIRADA, TRAÇO 1:6","M2",25.39]
["C3123","REBOCO C/ ARGAMASSA DE CIMENTO E AREIA PENEIRADA, TRAÇO 1:7","M2",24.96]
["C2126","REBOCO C/ARGAMASSA PRÉ-FABRICADA ESP=5 mm P/ PAREDE","M2",15.84]
["C4002","REBOCO C/ ARGAMASSA PRÉ-FABRICADA ESP=20 mm P/ PAREDE","M2",30.64]
["C2108","REBOCO C/ARGAMASSA PRÉ-FABRICADA,  ADESIVO DE ALTA RESISTÊNCIA P/TINTA EPÓXI ESP= 5mm P/PAREDE","M2",18.24]
[]
["C2127","REBOCO COM BARITA","M2",61.95]
["C4510","REBOCO DE GESSO SOBRE BLOCO DE CONCRETO E/OU TIJOLO CERÂMICO - FORNECIMENTO E EXECUÇÃO","M2",15.52]
[]
["C4509","REBOCO DE GESSO SOBRE GESSO E/OU EMBOÇO - FORNECIMENTO E EXECUÇÃO","M2",12.15]
["C2205","RETIRADA DE AZULEJOS DAS CAIXAS E IMERSÃO EM ÁGUA","M2",0.14]
["ACABAMENTOS DE PAREDES INTERNAS E EXTERNAS",null,null,{"v":4667.45,"d":"4,667.45"}]
["C0007","ACABAMENTO INTERNO E EXTERNO EM PAREDE DE CONCRETO C/CIMENTO  ESP= 2 mm","M2",8.02]
[]
["C0334","AZULEJOS JUNTA A PRUMO C/ARGAMASSA MISTA CIMENTO,  CAL HIDRATADA .E AREIA TRAÇO 1:2:8","M2",70.87]
[]
["C0335","AZULEJOS JUNTA A PRUMO C/ARGAMASSA DE CAL EM PASTA E AREIA TRAÇO 1:3.C/100KG DE CIMENTO","M2",71.06]
[]
["C0336","AZULEJOS JUNTA À PRUMO C/CIMENTO COLANTE","M2",34.89]
["C0337","AZULEJOS JUNTA À PRUMO C/COLA A BASE DE PVA","M2",49.41]
["C0338","AZULEJOS JUNTA AMARRADA C/ARGAMASSA MISTA CIMENTO, CAL HIDRATADA E AREIA TRAÇO 1:2:8","M2",65.48]
[]
["C0339","AZULEJOS JUNTA AMARRADA C/ARGAMASSA DE CAL VIRGEM E AREIA TRAÇO 1:3.C/100Kg DE CIMENTO","M2",65.59]
[]
["C0340","AZULEJOS JUNTA AMARRADA C/CIMENTO COLANTE","M2",33.68]
["C0341","AZULEJOS JUNTA AMARRADA C/COLA À BASE DE PVA","M2",48.06]
["C0342","AZULEJOS JUNTA DIAGONAL C/ARGAMASSA DE CAL EM PASTA E AREIA TRAÇO 1:3 C/100KG DE CIMENTO","M2",84.44]
[]
["C0343","AZULEJOS JUNTA DIAGONAL C/ARGAMASSA MISTA CIMENTO, CAL HIDRATADA E AREIA TRAÇO 1:2:8","M2",84.33]
[]
["C0344","AZULEJOS JUNTA DIAGONAL C/CIMENTO COLANTE","M2",37.31]
["C0345","AZULEJOS JUNTA DIAGONAL C/COLA A BASE DE PVA","M2",52.77]
["C0674","CANTONEIRA DE ALUMÍNIO P/ AZULEJOS","M",15.15]
["C4431","CERÂMICA ESMALTADA C/ ARG. CIMENTO E AREIA ATÉ 10x10cm (100 cm²) - DECORATIVA P/ PAREDE","M2",74.84]
[]
["C4432","CERÂMICA ESMALTADA C/ ARG. CIMENTO E AREIA ATÉ 30x30cm (900 cm²) - PEI-5/PEI-4 P/ PAREDE","M2",70.41]
[]
["C4434","CERÂMICA ESMALTADA C/ ARG. CIMENTO E AREIA ACIMA DE 30x30cm (900 cm²) - PEI-5/PEI-4 P/ PAREDE","M2",77.46]
[]
["C4442","CERÂMICA ESMALTADA C/ ARG. PRÉ-FABRICADA ATÉ 10x10cm (100cm²) - DECORATIVA - P/ PAREDE","M2",57.52]
[]
["C4443","CERÂMICA ESMALTADA C/ ARG. PRÉ-FABRICADA ATÉ 30x30cm (900cm²) - PEI-5/PEI-4 - P/ PAREDE","M2",57.09]
[]
["C4445","CERÂMICA ESMALTADA C/ ARG. PRÉ-FABRICADA ACIMA DE 30x30cm (900cm²) - PEI-5/PEI-4 - P/ PAREDE","M2",68.14]
[]
["C0766","CERÂMICA VERMELHA (7.5X15)cm C/ARGAMASSA MISTA CIMENTO CAL HIDRATADA E AREIA","M2",55.59]
[]
["C0782","CHAPISCO MECÂNICO DE ADÔRNO","M2",10.92]
["C1367","FILETE DE GRANITO LARG.= 4cm","M",18.44]
["C1801","MOSAICO VIDROSO C/ARGAMASSA MISTA CIMENTO,CAL E AREIA  TRAÇO 1:1:6  INCLUSIVE. LIMPEZA","M2",242.56]
[]
["C4411","PASTILHA (5x5)cm EM CORES, COM ARGAMASSA PRÉ-FABRICADA","M2",117.56]
["C1849","PASTILHAS DE PORCELANA C/ARGAMASSA PRÉ-FABRICADA","M2",127.49]
["C1850","PASTILHAS DE PORCELANA EM SUPERFÍCIES CURVAS","M2",134.27]
["C1851","PASTILHAS DE PORCELANA C/ARGAMASSA MISTA CIMENTO, CAL HIDRATADA E AREIA TRAÇO 1:3:9","M2",138.27]
[]
["C1853","PASTILHAS DE PORCELANA C/CIMENTO COLANTE INCLUSIVE LIMPEZA","M2",113.51]
["C1861","PASTILHAS DE PORCELANA EM FAIXAS ATÉ 40cm DE LARGURA C/ARGAMASSA PRÉ-FABRICADA","M2",112.09]
[]
["C1857","PASTILHAS DE PORCELANA EM FAIXAS DE ATÉ 4cm, C/ARGAMASSA MISTA DE CIMENTO, CAL HIDRATADA E AREIA","M",15.84]
[]
["C1856","PASTILHAS DE PORCELANA EM FAIXAS DE 5 A 14cm, C/ARGAMASSA MISTA DE CIMENTO, CAL HIDRATADA E AREIA","M",29.03]
[]
["C1854","PASTILHAS DE PORCELANA EM FAIXAS DE 15 A 24cm, C/ARGAMASSA MISTA DE CIMENTO, CAL HIDRATADA E AREIA","M",{"v":41,"d":"41.00"}]
[]
["C1855","PASTILHAS DE PORCELANA EM FAIXAS DE 25 A 40cm, C/ARGAMASSA MISTA DE CIMENTO, CAL HIDRATADA  E AREIA","M",60.23]
[]
["C1858","PASTILHAS DE PORCELANA EM SUPERFICIES CURVAS","M2",156.38]
["C1866","PEDRAS NATURAIS DECORATIVAS POLIDAS, C/ARGAMASSA MISTA CIMENTO CAL HIDRATADA E AREIA","M2",49.02]
[]
["C1867","PEDRAS NATURAIS DECORATIVAS, C/ARGAMASSA MISTA CIMENTO. CAL HIDRATADA E AREIA","M2",44.99]
[]
["C1877","PERFIL DE ALUMÍNIO TIPO ( L- T- U )","M",15.34]
["C1904","PINGADOR METÁLICO/ALUMÍNIO ( 1 X 1)cm  P/ FACHADAS","M",15.32]
["C1936","PLACAS DE MÁRMORE PADRONIZADO C/CIMENTO COLANTE","M2",{"v":196.6,"d":"196.60"}]
["C4436","PORCELANATO NATURAL (FOSCO) C/ ARG. CIMENTO E AREIA P/ PAREDE","M2",80.63]
["C4447","PORCELANATO NATURAL (FOSCO) C/ ARG. PRÉ-FABRICADA - P/ PAREDE","M2",{"v":71.3,"d":"71.30"}]
["C4435","PORCELANATO POLIDO C/ ARG. CIMENTO E AREIA P/ PAREDE","M2",{"v":103.9,"d":"103.90"}]
["C4446","PORCELANATO POLIDO C/ ARG. PRÉ-FABRICADA - P/ PAREDE","M2",94.58]
["C1102","REJUNTAMENTO C/ ARG. PRÉ-FABRICADA, JUNTA ATÉ 2mm EM CERÂMICA, ATÉ 10x10 cm (100 cm²) - DECORATIVA (PAREDE/PISO)","M2",7.01]
[]
["C1120","REJUNTAMENTO C/ ARG. PRÉ-FABRICADA, JUNTA ATÉ 2mm EM CERÂMICA, ATÉ 30x30 cm (900 cm²) (PAREDE/PISO)","M2",5.16]
[]
["C1123","REJUNTAMENTO C/ ARG. PRÉ-FABRICADA, JUNTA ATÉ 2mm EM CERÂMICA, ACIMA DE 30x30 cm (900 cm²) E PORCELANATOS (PAREDE/PISO)","M2",4.98]
[]
["C1126","REJUNTAMENTO C/ ARG. PRÉ-FABRICADA, JUNTA ENTRE 2mm E 6mm EM CERÂMICA, ATÉ 10x10 cm (100 cm²) - DECORATIVA (PAREDE/PISO)","M2",9.74]
[]
["C1129","REJUNTAMENTO C/ ARG. PRÉ-FABRICADA, JUNTA ENTRE 2mm E 6mm EM CERÂMICA, ATÉ 30x30 cm (900 cm²) (PAREDE/PISO)","M2",6.12]
[]
["C1427","REJUNTAMENTO C/ ARG. PRÉ-FABRICADA, JUNTA ENTRE 2mm E 6mm EM CERÂMICA, ACIMA DE 30x30 cm (900 cm²) E PORCELANATOS (PAREDE/PISO)","M2",5.68]
[]
["C2058","REJUNTAMENTO C/ ARG. PRÉ-FABRICADA, JUNTA ENTRE 6mm E 10mm EM CERÂMICA, ATÉ 10x10 cm (100 cm²) - DECORATIVA (PAREDE/PISO)","M2",12.46]
[]
["C2780","REJUNTAMENTO C/ ARG. PRÉ-FABRICADA, JUNTA ENTRE 6mm E 10mm EM CERÂMICA, ATÉ 30x30 cm (900 cm²) (PAREDE/PISO)","M2",7.08]
[]
["C2828","REJUNTAMENTO C/ ARG. PRÉ-FABRICADA, JUNTA ENTRE 6mm E 10mm EM CERÂMICA, ACIMA DE 30x30 cm (900 cm²) E PORCELANATOS (PAREDE/PISO)","M2",6.38]
[]
["C2190","REJUNTAMENTO P/AZULEJO C/ARGAMASSA PRÉ FABRICADA  ESP.= 3mm","M2",6.57]
["C2191","REJUNTAMENTO P/AZULEJO C/CIMENTO BRANCO ESP.= 3mm","M2",{"v":5.9,"d":"5.90"}]
["C2103","REJUNTAMENTO P/CERÂMICA C/ L-FLEX E EPOXI (PAREDE/PISO)","M2",7.11]
["C2212","REVESTIMENTO C/CARPETE ESP= 4mm","M2",40.37]
["C2223","REVESTIMENTO C/CHAPAS FIBROCIMENTO SOBRE CAIBROS VERTICAIS","M2",78.47]
["C2224","REVESTIMENTO C/CHAPAS FIBROCIMENTO SOBRE PERFIS ESTRUTURAIS ESP.= 35mm","M2",83.92]
["C2225","REVESTIMENTO C/CHAPAS FIBROCIMENTO SOBRE PERFIS ESTRUTURAIS ESP.= 50mm","M2",103.43]
["C2226","REVESTIMENTO C/CHAPAS FIBROCIMENTO SOBRE PERFIS ESTRUTURAIS TIPO \" I \" ","M2",73.96]
["C2227","REVESTIMENTO C/CHAPAS FIBROCIMENTO SOBRE SARRAFOS","M2",97.96]
["C2228","REVESTIMENTO C/CHAPAS FIBROCIMENTO SOBRE SARRAFOS VERTICAIS","M2",102.47]
["C2216","REVESTIMENTO C/LAMINADO MELAMÍNICO COLADO","M2",51.41]
["C2213","REVESTIMENTO C/CORTIÇA ESP= 12mm","M2",134.54]
["C2218","REVESTIMENTO C/PEDRAS GRANÍTICAS","M2",76.92]
["C2214","REVESTIMENTO C/QUARTZOLITE","M2",{"v":20.8,"d":"20.80"}]
["C2221","REVESTIMENTO INTERNO C/PAPEL DE PAREDE","M2",44.28]
["C2222","REVESTIMENTO METÁLICO, TIPO \"REYNOBOND\" DUAS CHAPAS","M2",435.46]
["C4128","TIJOLINHO APARENTE 6,50x18cm C/ ARGAMASSA DE CIMENTO E AREIA 1:3","M2",67.86]
["ARGAMASSAS PARA TETOS",null,null,253.99]
["C0778","CHAPISCO C/ ARGAMASSA DE CIMENTO E AREIA  S/ PENEIRAR TRAÇO 1:3  ESP=5 mm P/ TETO","M2",7.99]
[]
["C0779","CHAPISCO C/ PASTA DE CIMENTO COLANTE P/ TETO","M2",5.66]
["C0781","CHAPISCO C/ ARGAMASSA DE CIMENTO E AREIA S/ PENEIRAR TRAÇO 1:4 P/ TETO","M2",7.63]
["C3034","REBOCO C/ ARGAMASSA MISTA DE CIMENTO, CAL HIDRATADA E AREIA S/ PENEIRAR, TRAÇO 1:2:8, ESP=20 mm P/ TETO","M2",23.27]
[]
["C1218","EMBOÇO C/ ARGAMASSA MISTA DE CIMENTO, CAL HIDRATADA E AREIA S/ PENEIRAR TRAÇO 1:2:9  ESP=20 mm P/ TETO","M2",22.77]
[]
["C1217","EMBOÇO C/ ARGAMASSA MISTA CIMENTO, CAL HIDRATADA E AREIA S/ PENEIRAR TRAÇO 1:2:11 ESP=20 mm P/ TETO","M2",21.61]
[]
["C2111","REBOCO C/ ARGAMASSA DE CAL EM PASTA E AREIA PENEIRADA TRAÇO 1:2  ESP=5 mm P/ TETO","M2",16.73]
[]
["C2107","REBOCO  C/ ARGAMASSA DE CAL EM PASTA E AREIA PENEIRADA TRAÇO 1:1.5  ESP=5 mm P/ TETO","M2",16.82]
[]
["C2112","REBOCO C/ ARGAMASSA DE CAL EM PASTA E AREIA PENEIRADA TRAÇO 1:3  ESP=5 mm P/ TETO","M2",16.43]
[]
["C2113","REBOCO C/ ARGAMASSA DE CAL EM PASTA E AREIA PENEIRADA TRAÇO 1:4  ESP=5 mm P/ TETO","M2",16.19]
[]
["C2116","REBOCO C/ ARGAMASSA DE CAL HIDRATADA E AREIA PENEIRADA TRAÇO 1:3  ESP=5 mm P/ TETO","M2",{"v":16.2,"d":"16.20"}]
[]
["C2125","REBOCO C/ ARGAMASSA DE CAL HIDRATADA E AREIA PENEIRADA, TRAÇO 1:4.5  ESP=5 mm P/ TETO","M2",15.71]
[]
["C3032","REBOCO  C/ ARGAMASSA DE CAL HIDRATADA E AREIA S/ PENEIRAR, TRAÇO 1:3, C/ 100 KG DE CIMENTO E ESP=20 mm P/ TETO","M2",23.35]
[]
["C3033","REBOCO C/ ARGAMASSA DE CAL HIDRATADA E AREIA S/ PENEIRAR TRAÇO 1:4, C/ 100 KG DE CIMENTO E ESP=20 mm P/ TETO","M2",22.45]
[]
["C3035","REBOCO C/ ARGAMASSA DE CIMENTO E AREIA S/ PENEIRAR TRAÇO 1:6, ESP=20 mm P/ TETO","M2",21.19]
[]
["ACABAMENTOS PARA TETOS",null,null,{"v":1915.85,"d":"1,915.85"}]
["C4476","FORRO ACÚSTICO TIPO \"SONEX\" EM ESPUMA FLEXÍVEL DE POLIURETANO, AUTO-EXTINGUÍVEL, C/ SUPERFÍCIE ESCULPIDA, COR BRANCA 20/35 - FORNECIMENTO E MONTAGEM","M2",96.72]
[]
["C4477","FORRO ACÚSTICO TIPO \"SONEX\" EM ESPUMA FLEXÍVEL DE POLIURETANO, AUTO-EXTINGUÍVEL, C/ SUPERFÍCIE ESCULPIDA, COR BRANCA 35/35 - FORNECIMENTO E MONTAGEM","M2",{"v":134.1,"d":"134.10"}]
[]
["C4478","FORRO ACÚSTICO TIPO \"SONEX\" EM ESPUMA FLEXÍVEL DE POLIURETANO, AUTO-EXTINGUÍVEL, C/ SUPERFÍCIE ESCULPIDA, COR BRANCA 50/75 - FORNECIMENTO E MONTAGEM","M2",{"v":145.8,"d":"145.80"}]
[]
["C4473","FORRO ACÚSTICO TIPO \"SONEX\" EM ESPUMA FLEXÍVEL DE POLIURETANO, AUTO-EXTINGUÍVEL, C/ SUPERFÍCIE ESCULPIDA, COR GRAFITE 20/35 - FORNECIMENTO E MONTAGEM","M2",{"v":80.9,"d":"80.90"}]
[]
["C4474","FORRO ACÚSTICO TIPO \"SONEX\" EM ESPUMA FLEXÍVEL DE POLIURETANO, AUTO-EXTINGUÍVEL, C/ SUPERFÍCIE ESCULPIDA, COR GRAFITE 35/35 - FORNECIMENTO E MONTAGEM","M2",{"v":96.2,"d":"96.20"}]
[]
["C4475","FORRO ACÚSTICO TIPO \"SONEX\" EM ESPUMA FLEXÍVEL DE POLIURETANO, AUTO-EXTINGUÍVEL, C/ SUPERFÍCIE ESCULPIDA, COR GRAFITE 50/75 - FORNECIMENTO E MONTAGEM","M2",{"v":115.9,"d":"115.90"}]
[]
["C4479","FORRO ACÚSTICO TIPO \"SONEX\" EM PLACAS DE FIBRA MINERAL C/PERFIL \"T\" EM AÇO - FORNECIMENTO E MONTAGEM","M2",85.27]
[]
["C4480","FORRO ACÚSTICO TIPO \"SONEX\" EM PLACAS DE FIBRA MINERAL C/PERFIL \"T\" EM ALUMÍNIO - FORNECIMENTO E MONTAGEM","M2",90.07]
[]
["C4481","FORRO ACÚSTICO TIPO \"SONEX\" EM PLACAS DE FIBRA MINERAL C/PERFIL \"CARTOLA\" EM ALUMÍNIO - FORNECIMENTO E MONTAGEM","M2",{"v":92.7,"d":"92.70"}]
[]
["C4285","FORRO DE GESSO ACARTONADO ARAMADO - FORNECIMENTO E MONTAGEM","M2",{"v":35.2,"d":"35.20"}]
["C4294","FORRO DE GESSO ACARTONADO ESTRUTURADO - FORNECIMENTO E MONTAGEM","M2",{"v":46.3,"d":"46.30"}]
["C3970","FORRO DE GESSO CONVENCIONAL (60x60)cm COM TIRO E ARAME GALVANIZADO ENCAPADO - FORNECIMENTO E MONTAGEM","M2",{"v":24.4,"d":"24.40"}]
[]
["C3971","FORRO DE GESSO CONVENCIONAL (60x60)cm SEM TIRO E ARAME GALVANIZADO ENCAPADO - FORNECIMENTO E MONTAGEM","M2",19.52]
[]
["C2998","FORRO DE LAMBRI DE MADEIRA (7x1)cm","M2",116.89]
["C4484","FORRO PACOTE C/ PERFIL \"CARTOLA\" EM AÇO - FORNECIMENTO E MONTAGEM","M2",61.34]
["C4485","FORRO PACOTE C/ PERFIL \"CARTOLA\" EM ALUMÍNIO - FORNECIMENTO E MONTAGEM","M2",{"v":84.5,"d":"84.50"}]
["C4482","FORRO PACOTE C/ PERFIL \"T\" EM AÇO - FORNECIMENTO E MONTAGEM","M2",50.43]
["C4483","FORRO PACOTE C/ PERFIL \"T\" EM ALUMÍNIO - FORNECIMENTO E MONTAGEM","M2",54.52]
["C4472","FORRO PVC - COLMÉIA - FORNECIMENTO E MONTAGEM","M2",{"v":153.9,"d":"153.90"}]
["C4468","FORRO PVC - LAMBRI (100x6000 OU 200x6000)mm - FORNECIMENTO E MONTAGEM","M2",{"v":36,"d":"36.00"}]
["C4471","FORRO PVC - MODULADO (618x1250)mm C/ PERFIL \"CARTOLA\" EM ALUMÍNIO - FORNECIMENTO E MONTAGEM","M2",{"v":98.5,"d":"98.50"}]
[]
["C4469","FORRO PVC - MODULADO (618x1250)mm C/ PERFIL \"T\" EM AÇO - FORNECIMENTO E MONTAGEM","M2",69.67]
[]
["C4470","FORRO PVC - MODULADO (618x1250)mm C/ PERFIL \"T\" EM ALUMÍNIO - FORNECIMENTO E MONTAGEM","M2",71.73]
[]
["C4512","REMANEJAMENTO DE FORROS (PACOTE / MODULADOS) - EXECUÇÃO","M2",10.97]
["C4506","SANCA DE GESSO P/ FORRO ACARTONADO - FORNECIMENTO E MONTAGEM","M",23.45]
["C4284","SANCA DE GESSO P/ FORRO CONVENCIONAL - FORNECIMENTO E MONTAGEM","M",12.95]
["C2478","TIROS E PINO DE AÇO PARA FIXAÇÃO","UN",7.92]
["PISOS",null,null,{"v":10177.71,"d":"10,177.71"}]
["PISOS INTERNOS",null,null,{"v":8497,"d":"8,497.00"}]
["C0099","APLICAÇÃO DE SINTECO EM PISOS C/MADEIRA","M2",37.49]
["C4437","CERÂMICA ESMALTADA C/ ARG. CIMENTO E AREIA ATÉ 30x30cm (900 cm²) - PEI-5/PEI-4 P/ PISO","M2",65.89]
[]
["C4439","CERÂMICA ESMALTADA C/ ARG. CIMENTO E AREIA ACIMA DE 30x30cm (900 cm²) - PEI-5/PEI-4 P/ PISO","M2",72.94]
[]
["C2996","CERÂMICA ESMALTADA C/ ARG. PRÉ-FABRICADA ATÉ 30x30 cm (900 cm²) - PEI-5/PEI-4 - P/ PISO","M2",54.37]
[]
["C3001","CERÂMICA ESMALTADA C/ ARG. PRÉ-FABRICADA ACIMA DE 30x30 cm (900 cm²) - PEI-5/PEI-4 - P/ PISO","M2",65.43]
[]
["C4380","CHAPA DE ALUMÍNIO CORRUGADA COM SUPORTE DE PERFIL EM \"L\" - FORNECIMENTO E COLOCAÇÃO","M2",768.03]
[]
["C0837","CONCRETO NÃO-ESTRUTURAL S/BETONEIRA P/LASTRO","M3",281.55]
["C0871","CORDÃO DE PEROBA P/RODAPÉS","M",10.51]
["C1032","DEGRAU COM FORRAÇÃO TÊXTIL (20X30)cm","M",29.77]
["C1033","DEGRAU COM PLACAS LISAS DE BORRACHA (50X32X2.5)cm  ","M",88.91]
["C1034","DEGRAU DE GRANILITE MOLDADO NO LOCAL (20X30)cm","M",65.45]
["C1035","DEGRAU DE MÁRMORE (20X30)cm","M",96.07]
["C1036","DEGRAU INDUSTRIAL MONOLÍTICO C/PINGADEIRA","M",48.77]
["C1037","DEGRAU INDUSTRIAL MONOLÍTICO S/PINGADEIRA","M",{"v":35.5,"d":"35.50"}]
["C1038","DEGRAU PRÉ-MOLDADO DE GRANILITE","M",66.54]
["C1237","ENCERAMENTO DE PISOS C/ DUAS DEMÃOS DE CÊRA","M2",15.44]
["C4066","GRANITO POLIDO E=2cm, BRANCO, ARGAMASSA CIMENTO E AREIA 1:4, C/ REJUNTAMENTO","M2",309.53]
[]
["C4065","GRANITO POLIDO E=2cm, CINZA, ARGAMASSA DE CIMENTO E AREIA 1:4, C/ REJUNTAMENTO","M2",196.85]
[]
["C4067","GRANITO POLIDO E=2cm, OUTRAS CORES, ARGAMASSA CIMENTO E AREIA 1:4, C/ REJUNTAMENTO","M2",230.15]
[]
["C4064","GRANITO POLIDO E=2cm, PRETO,  ARGAMASSA CIMENTO E AREIA 1:4, C/ REJUNTAMENTO","M2",257.16]
[]
["C1623","LIMPEZA DE BASE OU LASTRO","M2",0.91]
["C3547","MUTIRÃO MISTO - PEITORIL DE CIMENTO","M2",61.85]
["C3549","MUTIRÃO MISTO - PISO CIMENTADO ESP.=1.5cm","M2",17.04]
["C3548","MUTIRÃO MISTO - PISO MORTO DE CONCRETO FCK=13.5 MPa C/PREPARO E LANÇAMENTO","M3",276.38]
[]
["C1846","PARQUETES DE MADEIRA FIXADOS C/COLA A BASE DE PVA","M2",77.67]
["C1852","PASTILHAS DE PORCELANA C/CIMENTO COLANTE","M2",110.89]
["C1859","PASTILHAS DE PORCELANA C/ARGAMASSA MISTA CIMENTO, CAL HIDRATADA E AREIA","M2",161.83]
["C3015","PEITORIL DE CIMENTO","M2",89.77]
["C1869","PEITORIL DE GRANITO L= 15 cm","M",50.76]
["C1870","PEITORIL DE MARMORE L= 15cm","M",{"v":34.3,"d":"34.30"}]
["C1871","PEITORIL DE MÁRMORE  L= 25cm","M",56.92]
["C3016","PEITORIL DE MARMORITE","M2",{"v":100.5,"d":"100.50"}]
["C1872","PEITORIL PRÉ-MOLDADO DE GRANILITE L= 10cm","M",28.87]
["C1912","PISO ANTIDERRAPANTE NITOPISO TF-5000, SELADO C/NITOP. FC-140","M2",125.55]
["C1914","PISO C/FORRAÇÃO TÊXTIL ( CARPETE  E = 4mm )","M2",37.25]
["C1915","PISO CIMENTADO C/ ARGAMASSA DE CIMENTO E AREIA S/ PENEIRAR, TRAÇO 1:4, ESP.= 1.5cm","M2",27.54]
[]
["C1916","PISO CIMENTADO C/ ARGAMASSA DE CIMENTO E AREIA S/ PENEIRAR, TRAÇO 1:4, ESP.= 1,5cm C/ IMPERMEABILIZANTE","M2",29.49]
[]
["C4601","PISO CIMENTADO COM ARGAMASSA DE CIMENTO E AREIA S/ PENEIRAR ESP. 2,0 cm","M2",28.73]
["C1918","PISO ELEVADO COMPOSTO DE PLACAS DE AÇO REVESTIDO C/PAVIFLEX MONTADO SOBRE ESTRUTURA DE SUSTENTAÇÃO REGULÁVEL ( FORNECIMENTO E MONTAGEM )","M2",{"v":467.1,"d":"467.10"}]
[]
["C2901","PISO DE BORRACHA ANTI-DERRAPANTE","M2",153.69]
["C3024","PISO EM MÁRMORE BRANCO ESP.= 3cm","M2",218.62]
["C1919","PISO INDUSTRIAL NATURAL  ESP.= 12mm, INCLUS. POLIMENTO (EXTERNO)","M2",74.88]
["C1920","PISO INDUSTRIAL NATURAL  ESP.= 12mm, INCLUS. POLIMENTO (INTERNO)","M2",89.88]
["C1921","PISO DE BORRACHA (LENÇOL) ANTIDERRAPANTE TIPO GRÃO DE ARROZ,  ESP.= 3mm","M2",99.62]
["C1922","PISO MONOLÍTICO C/ARGAMASSA A BASE DE EPOXI","M2",77.05]
["C3025","PISO MORTO CONCRETO FCK=13,5MPa C/PREPARO E LANÇAMENTO","M3",385.89]
["C3026","PISO MORTO DE TIJOLO MACIÇO C/REJUNTAMENTO","M2",35.01]
["C3027","PISO MORTO DE TIJOLO MACIÇO S/REJUNTAMENTO","M2",25.05]
["C2902","PISO TIPO MONOLÍTICO DE ALTA RESISTÊNCIA","M2",52.97]
["C4022","PISO TIPO MONOLÍTICO DE ALTA RESISTÊNCIA, DE BAIXA ESPESSURA, DE POLIURETAMO ANTIDERRAPANTE, S/ JUNTAS, TIPO DUROCOR OU SIMILAR","M2",235.12]
[]
["C4503","PISO VINÍLICO TIPO \"PAVIFLEX\", e=1,6mm - FORNECIMENTO E COLOCAÇÃO","M2",{"v":44,"d":"44.00"}]
["C4504","PISO VINÍLICO TIPO \"PAVIFLEX\", e=2,0mm - FORNECIMENTO E COLOCAÇÃO","M2",{"v":55,"d":"55.00"}]
["C1934","PLACA DE BORRACHA (50x50)cm  ESP.= 7,5mm, ARGAMASSA DE CIMENTO E AREIA PENEIRADA 1:2, E NATA DE COLA PVA","M2",172.57]
[]
["C1933","PLACA DE BORRACHA (50X50)cm  ESP.=13mm,  E NATA DE COLA PVA","M2",213.89]
["C4099","POLIMENTO EM CONCRETO NIVELADO À LASER","M2",12.67]
["C1943","POLIMENTO EM PISO INDUSTRIAL","M2",43.56]
["C1944","POLIMENTO EM PISOS DE MÁRMORE","M2",41.94]
["C4441","PORCELANATO NATURAL (FOSCO) C/ ARG. CIMENTO E AREIA P/ PISO","M2",76.11]
["C3007","PORCELANATO NATURAL (FOSCO) C/ ARG. PRÉ-FABRICADA - P/ PISO","M2",68.59]
["C3002","PORCELANATO POLIDO C/ ARG. PRÉ-FABRICADA - P/ PISO","M2",91.87]
["C4440","PORCELANATO POLIDO C/ ARG. CIMENTO E AREIA P/ PISO","M2",99.39]
["C2101","RASPAGEM E CALAFETAÇÃO DE TACOS C/UMA DEMÃO DE CÊRA","M2",29.38]
["C2181","REGULARIZAÇÃO DE BASE C/ ARGAMASSA CIMENTO E AREIA S/ PENEIRAR, TRAÇO 1:3 - ESP= 3cm","M2",17.35]
[]
["C2179","REGULARIZAÇÃO DE BASE C/ ARGAMASSA CIMENTO E AREIA S/ PENEIRAR, TRAÇO 1:4 - ESP= 3cm","M2",15.54]
[]
["C2180","REGULARIZAÇÃO DE BASE C/ ARGAMASSA CIMENTO E AREIA S/ PENEIRAR, TRAÇO 1:5 - ESP= 3cm","M2",14.44]
[]
["C2184","REGULARIZAÇÃO DE BASE C/ ARGAMASSA CIMENTO E AREIA S/ PENEIRAR, TRAÇO 1:5 - ESP= 3cm, C/IMPERMEABILIZANTE","M2",18.34]
[]
["C2185","REGULARIZAÇÃO PARA DEGRAUS C/ ARGAMASSA DE CIMENTO E AREIA S/ PENEIRAR, TRAÇO 1:5 - ESP= 1cm","M",4.86]
[]
["C2186","REGULARIZAÇÃO PARA RODAPÉS C/ ARGAMASSA DE CIMENTO E AREIA S/ PENEIRAR, TRAÇO 1:5 - H=7cm, ESP= 3cm","M",2.87]
[]
["C2234","REVESTIMENTOS DE PISOS C/GRANILITE","M2",84.26]
["C2219","REVESTIMENTO EPÓXICO P/PISOS DUAS DEMÃOS","M2",134.53]
["C2240","RODAPÉ COM FORRAÇÃO TÊXTIL (CARPETE) H= 7cm","M",5.89]
["C4001","RODAPÉ DE GRANITO H=10 cm","M",23.96]
["C2241","RODAPÉ DE MÁRMORE H= 10cm","M",21.05]
["C2242","RODAPÉ DE PEROBA (7X1.5)cm","M",20.39]
["C2243","RODAPÉ EM PERFIL DE ALUMÍNIO","M",16.23]
["C2245","RODAPÉ INDUSTRIAL MONOLÍTICO H= 7cm","M",{"v":8.1,"d":"8.10"}]
["C2244","RODAPÉ INDUSTRIAL MONOLÍTICO H= 10cm","M",13.58]
["C2246","RODAPÉ PRE-MOLDADO DE GRANILITE  H= 10cm","M",35.62]
["C4505","RODAPÉ VINÍLICO, H=5cm - FORNECIMENTO E COLOCAÇÃO","M",13.27]
["C2283","SOLEIRA CIMENTADA L= 15cm","M",5.01]
["C2284","SOLEIRA DE GRANITO L= 15cm","M",69.86]
["C2285","SOLEIRA DE GRANITO L= 25cm","M",110.39]
["C2286","SOLEIRA DE MARMORE L= 15cm","M",{"v":34.3,"d":"34.30"}]
["C2287","SOLEIRA DE MÁRMORE L= 25 cm","M",56.92]
["C3058","SOLEIRA DE MARMORITE","M2",93.75]
["C2288","SOLEIRA PRÉ-MOLDADA DE GRANILITE L= 15cm","M",34.04]
["C2289","SOLEIRA PRÉ-MOLDADA DE GRANILITE L= 25cm","M",55.18]
["C3488","TÁBUAS CORRIDAS SOBRE VIGAS DE PEROBA","M2",229.39]
["C2296","TACOS DE MADEIRA C/ARGAMASSA DE CIMENTO E AREIA PENEIRADA TRAÇO 1:4","M2",{"v":136.1,"d":"136.10"}]
["C2297","TACOS DE MADEIRA C/COLA À BASE DE PVA","M2",115.93]
["C2315","TAPETE TIPO TABACOW, ESP. ATÉ 6mm","M2",57.83]
["C2314","TAPETE TIPO TABACOW  ESP.  6,01mm <= ESP <= 10mm","M2",71.64]
["PISOS EXTERNOS",null,null,{"v":1680.71,"d":"1,680.71"}]
["C3410","CALÇADA DE PROTEÇÃO EM CIMENTADO C/ BASE DE CONCRETO","M2",162.37]
["C1586","LADRILHOS HIDRÁULICOS C/ARGAMASSA DE CAL 1:4+100KG CIMENTO","M2",81.76]
["C1862","PAVIMENTAÇÃO RÚSTICA C/CONCRETO P/LASTRO NA ESP.DE 9cm E CAMADA SUPERFICIAL DE  CONCRETO FCK=13.5MPa  NA ESP.DE 3cm","M2",81.68]
[]
["C3011","PAVIMENTAÇÃO TIPO CITIPLAC S/COLCHÃO - FORNECIMENTO E EXECUÇÃO","M2",25.92]
["C1863","PEDRA CARIRI ESP.= 2cm, C/ ARGAMASSA MISTA DE CIMENTO CAL HIDRATADA E AREIA","M2",37.99]
[]
["C1864","PEDRA PORTUGUESA - COR BRANCA","M2",70.82]
["C1865","PEDRA PORTUGUESA  2 CORES","M2",70.82]
["C3014","PEDRA SÃO TOMÉ","M2",133.17]
["C3450","PISO CIMENTADO ESP.=1,50cm C/ JUNTA PLÁSTICA ( 27x3 )mm EM MÓDULOS ( 1,00x1,00 )m","M2",31.71]
[]
["C1847","PISO DE CONCRETO FCK=13,5MPa ESP=7 cm, INCL. PREPARO DE CAIXA","M2",53.45]
["C1917","PISO DE CONCRETO FCK=15MPa  ESP.= 12cm,  ARMADO C/TELA DE AÇO","M2",{"v":67.2,"d":"67.20"}]
["C1935","PISO DE CONCRETO FCK=20MPa  ESP.= 20cm, P/ESTACIONAMENTO DE ÔNIBUS","M2",85.81]
["C3446","PISO INTERTRAVADO TIPO TIJOLINHO (19,9x10x4)cm CINZA","M2",35.58]
["C3445","PISO INTERTRAVADO TIPO TIJOLINHO (19,9x10x4)cm COLORIDO","M2",40.58]
["C4165","PISO MONOLÍTICO DE POLIURETANO, ANTIDERRAPANTE, AUTONIVELANTE, S/ JUNTAS","M2",{"v":161.1,"d":"161.10"}]
["C3012","PISO PRÉ-MOLDADO ARTICULADO DE 6 FACES e = 4,5 cm","M2",35.04]
["C3013","PISO PRÉ-MOLDADO ARTICULADO DE 6 FACES e = 6,0 cm","M2",37.04]
["C1923","PISO PRÉ-MOLDADO ARTICULADO E INTERTRAVADO DE 16 FACES - e = 4,5 cm P/ PASSEIO","M2",{"v":47.2,"d":"47.20"}]
[]
["C1089","PISO PRÉ-MOLDADO ARTICULADO E INTERTRAVADO DE 16 FACES - e = 6,0 cm P/ TRÁFEGO LEVE","M2",56.03]
[]
["C3782","PISO PRÉ-MOLDADO ARTICULADO E INTERTRAVADO DE 16 FACES - e = 8,0 cm (35 MPa) P/ TRÁFEGO PESADO","M2",65.72]
[]
["C4576","PISO PRÉ-MOLDADO ARTICULADO, INTERTRAVADO, SEXTAVADO E COM CUNHAS MACHO E FÊMEA NAS FACES LATERAIS e=8,0cm (fck=35Mpa) P/ TRÁFEGO PESADO","M2",65.68]
[]
["C1924","PISO RÚSTICO DE CONCRETO RIPADO (0.50X0.50)m  JUNTAS= 5cm  ESP.= 8cm","M2",{"v":66.2,"d":"66.20"}]
["C1925","PISO RÚSTICO DE CONCRETO RIPADO (1.00X1.00)m  JUNTAS= 10cm  ESP.= 8cm","M2",58.37]
["C1926","PISO RÚSTICO DE CONCRETO RIPADO (1.20X1.20)m   ESP.= 7cm","M2",51.02]
["C1927","PISO RÚSTICO DE CONCRETO RIPADO (1.50X1.50)m   ESP.= 7cm","M2",50.07]
["C2032","REGULARIZAÇÃO MECANIZADA  ATÉ 0,40 M , COMPACTADA P/ PAVIMENTAÇÃO","M2",8.37]
["INSTALAÇÕES HIDRÁULICAS",null,null,{"v":534008.67,"d":"534,008.67"}]
["TUBOS E CONEXÕES DE FERRO FUNDIDO",null,null,{"v":6794.27,"d":"6,794.27"}]
["C0319","ASSENTAMENTO DE TUBOS, PEÇAS E CONEXÕES EM FoFo, JE DN 50mm","M",3.29]
["C0322","ASSENTAMENTO DE TUBOS, PEÇAS E CONEXÕES EM FoFo, JE DN 75mm","M",4.08]
["C0308","ASSENTAMENTO DE TUBOS, PEÇAS E CONEXÕES EM FoFo, JE DN 100mm","M",6.65]
["C0311","ASSENTAMENTO DE TUBOS, PEÇAS E CONEXÕES EM FoFo, JE DN 150mm","M",8.82]
["C0312","ASSENTAMENTO DE TUBOS, PEÇAS E CONEXÕES EM FoFo, JE DN 200mm","M",10.57]
["C0313","ASSENTAMENTO DE TUBOS, PEÇAS E CONEXÕES EM FoFo, JE DN 250mm","M",{"v":12.8,"d":"12.80"}]
["C0314","ASSENTAMENTO DE TUBOS, PEÇAS E CONEXÕES EM FoFo, JE DN 300mm","M",16.24]
["C0315","ASSENTAMENTO DE TUBOS, PEÇAS E CONEXÕES EM FoFo, JE DN 350mm","M",19.33]
["C0316","ASSENTAMENTO DE TUBOS, PEÇAS E CONEXÕES EM FoFo, JE DN 400mm","M",22.41]
["C0317","ASSENTAMENTO DE TUBOS, PEÇAS E CONEXÕES EM FoFo, JE DN 450mm","M",28.43]
["C0318","ASSENTAMENTO DE TUBOS, PEÇAS E CONEXÕES EM FoFo, JE DN 500mm","M",34.87]
["C0320","ASSENTAMENTO DE TUBOS, PEÇAS E CONEXÕES EM FoFo, JE DN 600mm","M",{"v":42.9,"d":"42.90"}]
["C0321","ASSENTAMENTO DE TUBOS, PEÇAS E CONEXÕES EM FoFo, JE DN 700mm","M",52.18]
["C0323","ASSENTAMENTO DE TUBOS, PEÇAS E CONEXÕES EM FoFo, JE DN 800mm","M",54.67]
["C0324","ASSENTAMENTO DE TUBOS, PEÇAS E CONEXÕES EM FoFo, JE DN 900mm","M",69.25]
["C0307","ASSENTAMENTO DE TUBOS, PEÇAS E CONEXÕES EM FoFo, JE DN 1000mm","M",81.24]
["C0309","ASSENTAMENTO DE TUBOS, PEÇAS E CONEXÕES EM FoFo, JE DN 1100mm","M",92.19]
["C0310","ASSENTAMENTO DE TUBOS, PEÇAS E CONEXÕES EM FoFo, JE DN 1200mm","M",105.66]
["C0475","BUCHA DE REDUÇÃO FERRO FUNDIDO D= 75X50mm (3\"X2\")","UN",77.36]
["C0476","BUCHA DE REDUÇÃO FERRO FUNDIDO D=100X75mm (4\"X3\")","UN",97.32]
["C0477","BUCHA DE REDUÇÃO FERRO FUNDIDO D=150X100mm (6\"X4\")","UN",297.54]
["C0655","CAIXA SIFONADA DE FERRO D= 150mm","UN",95.59]
["C1438","GRELHA HEMISFÉRICA FERRO FUNDIDO D=80mm (3\")","UN",50.03]
["C1536","JOELHO FERRO FUNDIDO D= 50mm (2\")","UN",{"v":124.4,"d":"124.40"}]
["C1537","JOELHO FERRO FUNDIDO D= 75mm (3\")","UN",155.32]
["C1535","JOELHO FERRO FUNDIDO D= 100mm (4\")","UN",231.64]
["C1538","JOELHO FERRO FUNDIDO D=150mm (6\")","UN",417.92]
["C1534","JOELHO FERRO FUNDIDO C/VISITA D= 100X50mm (4\"X2\")","UN",153.71]
["C1539","JOELHO FERRO FUNDIDO JUNTA ELÁSTICA, D= 50mm (2\")","UN",107.17]
["C1569","JUNÇÃO DUPLA FERRO FUNDIDO. J.E. D=100X100mm (4\"X4\")","UN",521.65]
["C1679","LUVA BIPARTIDA FERRO FUNDIDO D= 50mm (2\")","UN",119.24]
["C1680","LUVA BIPARTIDA FERRO FUNDIDO D= 75mm (3\")","UN",143.84]
["C1681","LUVA BIPARTIDA FERRO FUNDIDO D=150mm (6\")","UN",268.39]
["C1682","LUVA BIPARTIDA FERRO FUNDIDO. D=100mm (4\")","UN",{"v":167.8,"d":"167.80"}]
["C1683","LUVA BOLSAXBOLSA FERRO FUNDIDO D= 50mm (2\")","UN",66.11]
["C1684","LUVA BOLSAXBOLSA FERRO FUNDIDO D= 75mm (3\")","UN",77.81]
["C1685","LUVA BOLSAXBOLSA FERRO FUNDIDO D=100mm (4\")","UN",{"v":193.9,"d":"193.90"}]
["C1686","LUVA BOLSAXBOLSA FERRO FUNDIDO D=150MM (6')","UN",248.65]
["C1938","PLUG FERRO FUNDIDO D= 50mm (2\")","UN",41.41]
["C1939","PLUG FERRO FUNDIDO D= 75mm (3\")","UN",51.62]
["C1940","PLUG FERRO FUNDIDO D=100mm (4\")","UN",75.85]
["C1941","PLUG FERRO FUNDIDO D=150mm (6\")","UN",99.55]
["C2415","TÊ SANITÁRIO FERRO FUNDIDO D= 50X50mm (2\"X2\")","UN",173.84]
["C2416","TÊ SANITÁRIO FERRO FUNDIDO D= 75X50mm (3\"X2\")","UN",208.73]
["C2422","TÊ SANITÁRIO FERRO FUNDIDO D=75X75mm (3\"X3\")","UN",{"v":237.4,"d":"237.40"}]
["C2418","TÊ SANITÁRIO FERRO FUNDIDO D=100X50mm (4\"X2\")","UN",{"v":255,"d":"255.00"}]
["C2419","TÊ SANITÁRIO FERRO FUNDIDO D=100X75mm (4\"X3\")","UN",{"v":269.4,"d":"269.40"}]
["C2417","TÊ SANITÁRIO FERRO FUNDIDO D=100X100mm (4\"X4\")","UN",283.86]
["C2420","TÊ SANITÁRIO FERRO FUNDIDO D=150X100mm (6\"X4\")","UN",387.69]
["C2421","TÊ SANITÁRIO FERRO FUNDIDO D=150X150mm (6\"X6\")","UN",428.93]
["TUBOS E CONEXÕES DE AÇO",null,null,{"v":14927.79,"d":"14,927.79"}]
["C0264","ASSENTAMENTO DE TUBOS E CONEXÕES EM AÇO, J.ELASTICA D=16\"","M",22.21]
["C0265","ASSENTAMENTO DE TUBOS E CONEXÕES EM AÇO, J.ELASTICA D=20\"","M",34.09]
["C0266","ASSENTAMENTO DE TUBOS E CONEXÕES EM AÇO, J.ELASTICA D=24\"","M",41.34]
["C0267","ASSENTAMENTO DE TUBOS E CONEXÕES EM AÇO, J.ELASTICA D=28\"","M",49.52]
["C0268","ASSENTAMENTO DE TUBOS E CONEXÕES EM AÇO, J.ELASTICA D=32\"","M",{"v":50.7,"d":"50.70"}]
["C0269","ASSENTAMENTO DE TUBOS E CONEXÕES EM AÇO, J.ELASTICA D=36\"","M",63.79]
["C0270","ASSENTAMENTO DE TUBOS E CONEXÕES EM AÇO, J.ELASTICA D=40\"","M",74.08]
["C0271","ASSENTAMENTO DE TUBOS E CONEXÕES EM AÇO, J.ELASTICA D=44\"","M",91.64]
["C0272","ASSENTAMENTO DE TUBOS E CONEXÕES EM AÇO, J.ELASTICA D=48\"","M",102.55]
["C0273","ASSENTAMENTO DE TUBOS E CONEXÕES EM AÇO, J.ELASTICA D=60\"","M",151.67]
["C0274","ASSENTAMENTO DE TUBOS E CONEXÕES EM AÇO, J.ELASTICA D=72\"","M",{"v":192.7,"d":"192.70"}]
["C0248","ASSENTAMENTO DE TUBOS E CONEXÕES EM AÇO, J. SOLDADA D=16\"","M",62.36]
["C0249","ASSENTAMENTO DE TUBOS E CONEXÕES EM AÇO, J. SOLDADA D=20\"","M",77.97]
["C0250","ASSENTAMENTO DE TUBOS E CONEXÕES EM AÇO, J. SOLDADA D=24\"","M",{"v":91.4,"d":"91.40"}]
["C0251","ASSENTAMENTO DE TUBOS E CONEXÕES EM AÇO, J. SOLDADA D=28\"","M",109.27]
["C0252","ASSENTAMENTO DE TUBOS E CONEXÕES EM AÇO, J. SOLDADA D=30\"","M",115.14]
["C0253","ASSENTAMENTO DE TUBOS E CONEXÕES EM AÇO, J. SOLDADA D=32\"","M",123.37]
["C0254","ASSENTAMENTO DE TUBOS E CONEXÕES EM AÇO, J. SOLDADA D=36\"","M",138.01]
["C0255","ASSENTAMENTO DE TUBOS E CONEXÕES EM AÇO, J. SOLDADA D=40\"","M",158.82]
["C0256","ASSENTAMENTO DE TUBOS E CONEXÕES EM AÇO, J. SOLDADA D=42\"","M",214.79]
["C0257","ASSENTAMENTO DE TUBOS E CONEXÕES EM AÇO, J. SOLDADA D=44\"","M",223.74]
["C0258","ASSENTAMENTO DE TUBOS E CONEXÕES EM AÇO, J. SOLDADA D=48\"","M",244.13]
["C0259","ASSENTAMENTO DE TUBOS E CONEXÕES EM AÇO, J. SOLDADA D=54\"","M",309.93]
["C0260","ASSENTAMENTO DE TUBOS E CONEXÕES EM AÇO, J. SOLDADA D=56\"","M",{"v":335.9,"d":"335.90"}]
["C0261","ASSENTAMENTO DE TUBOS E CONEXÕES EM AÇO, J. SOLDADA D=60\"","M",359.27]
["C0262","ASSENTAMENTO DE TUBOS E CONEXÕES EM AÇO, J. SOLDADA D=64\"","M",390.13]
["C0234","ASSENTAMENTO DE TUBOS E CONEXÒES EM AÇO, J. SOLDADA D=72\"","M",446.57]
["C0263","ASSENTAMENTO DE TUBOS E CONEXÕES EM AÇO, J. SOLDADA D=84\"","M",549.79]
["C0247","ASSENTAMENTO DE TUBOS E CONEXÕES EM AÇO, J. SOLDADA D=100\"","M",640.73]
["C4373","BUCHA DE REDUÇÃO DE AÇO GALVANIZADO 1 1/4\"x 1\"","UN",13.71]
["C4374","BUCHA DE REDUÇÃO DE AÇO GALVANIZADO 1 1/2\"x 1\"","UN",{"v":17.4,"d":"17.40"}]
["C4376","BUCHA DE REDUÇÃO DE AÇO GALVANIZADO 2\"x 1/2\"","UN",23.39]
["C0510","BUJÃO EM AÇO GALV. D=15mm (1/2\")  À  25mm (1\")","UN",4.07]
["C0511","BUJÃO EM AÇO GALV. D=32mm (1 1/4\")  À 50mm (2\")","UN",10.51]
["C0512","BUJÃO EM AÇO GALV. D=65mm (2 1/2\")  À  80mm (3\")","UN",23.76]
["C0509","BUJÃO EM AÇO GALV. D=100mm (4')","UN",49.93]
["C0513","BUJÃO OU TAMPÃO AÇO GALV. D=65mm (2 1/2')  À  80mm (3\")","UN",23.76]
["C3700","COTOVELO 90 AÇO ASTM A-120 ROSCÁVEL DE 20mm (3/4\")","UN",37.77]
["C3701","COTOVELO 90 AÇO ASTM A-120 ROSCÁVEL DE 25mm (1\")","UN",59.47]
["C3702","COTOVELO 90 AÇO ASTM A-120 ROSCÁVEL DE 32mm (1 1/4\")","UN",80.96]
["C3703","COTOVELO 90 AÇO ASTM A-120 ROSCÁVEL DE 40mm (1 1/2\")","UN",85.66]
["C3704","COTOVELO 90 AÇO ASTM A-120 ROSCÁVEL DE 50mm (2\")","UN",90.36]
["C3705","COTOVELO 90 AÇO ASTM A-120 ROSCÁVEL DE 80mm (3\")","UN",96.25]
["C3706","COTOVELO 90 AÇO ASTM A-120 ROSCÁVEL DE 100mm (4\")","UN",102.04]
["C0940","COTOVELO AÇO GALV. D= 15mm (1/2\")","UN",12.57]
["C0941","COTOVELO AÇO GALV. D= 20mm (3/4\")","UN",14.44]
["C0942","COTOVELO AÇO GALV. D= 25mm (1\")","UN",16.85]
["C0943","COTOVELO AÇO GALV. D= 32mm (1 1/4\")","UN",28.89]
["C0944","COTOVELO AÇO GALV. D= 40mm (1 1/2\")","UN",32.99]
["C0945","COTOVELO AÇO GALV. D= 50mm (2\")","UN",43.53]
["C0946","COTOVELO AÇO GALV. D= 65mm (2 1/2\")","UN",55.15]
["C0947","COTOVELO AÇO GALV. D= 80mm (3\")","UN",71.65]
["C0948","COTOVELO AÇO GALV. D=100mm (4\")","UN",108.66]
["C0949","COTOVELO AÇO GALV. D=125mm (5\")","UN",278.33]
["C0950","COTOVELO AÇO GALV. D=150mm (6\")","UN",291.95]
["C0960","COTOVELO REDUÇÃO AÇO GALV. D= 20X15mm (3/4X1/2'')  A  25X20mm (1\"x3/4\")","UN",14.17]
["C0962","COTOVELO REDUÇÃO AÇO GALV. D=32X20mm (1 1/4\"X3/4'')  A  50X40mm ( 2\"x1 1/2\")","UN",29.06]
["C0961","COTOVELO REDUÇÃO AÇO GALV. D= 65X50mm (2 1/2\"X2'')","UN",{"v":62.6,"d":"62.60"}]
["C0965","CRUZETA EM AÇO GALV. D=15mm (1/2\")","UN",{"v":24.1,"d":"24.10"}]
["C0964","CRUZETA EM AÇO GALV. D=15mm  À 25mm","UN",34.39]
["C0967","CRUZETA EM AÇO GALV. D=32mm (1 1/4\")","UN",50.13]
["C0966","CRUZETA EM AÇO GALV. D=32mm  À 50mm","UN",50.13]
["C0969","CRUZETA EM AÇO GALV. D=65mm (2 1/2\")","UN",90.88]
["C0968","CRUZETA EM AÇO GALV. D=65mm  À 80mm","UN",90.88]
["C4375","BUCHA DE REDUÇÃO DE AÇO GALVANIZADO 1 1/2\"x 1\" 1/4\"","UN",18.24]
["C1016","CURVA EM AÇO GALV. D= 15 A 25mm  (1/2\")  A  (1\")","UN",17.32]
["C1017","CURVA EM AÇO GALV. D= 65 A 80mm  (2 1/2\")  A  (3\")","UN",100.25]
["C1018","CURVA EM AÇO GALV. D=100 A 150mm  (4\")  A  (6\")","UN",236.14]
["C1394","FLANGE SEXTAVADA EM AÇO GALV. D=15mm (1/2\")","UN",13.09]
["C1395","FLANGE SEXTAVADA EM AÇO GALV. D=15mm (1/2\")  À  25mm (3/4\")","UN",12.82]
["C1396","FLANGE SEXTAVADA EM AÇO GALV. D=32mm (1 1/4\")","UN",21.18]
["C1392","FLANGE SEXTAVADA EM AÇO GALV. D=32mm (1\")  À  50mm (2\")","UN",20.71]
["C1397","FLANGE SEXTAVADA EM AÇO GALV. D=65mm (2 1/2\")","UN",41.27]
["C1398","FLANGE SEXTAVADA EM AÇO GALV. D=65mm(2 1/2\")  À  80mm (3\")","UN",40.74]
["C1393","FLANGE SEXTAVADA EM AÇO GALV. D=100mm (4\")","UN",{"v":74,"d":"74.00"}]
["C3845","FORNECIMENTO, MONTAGEM, INSPEÇÃO E ASSENTAMENTO DE TUBOS E CONEXÕES EM AÇO, J. SOLDADA D=4\", API 5 LX SOLDA, NORMA API 104","M",138.69]
[]
["C3844","FORNECIMENTO, MONTAGEM, INSPEÇÃO E ASSENTAMENTO DE TUBOS E CONEXÕES EM AÇO, J. SOLDADA D=6\", API 5 LX SOLDA, NORMA API 104","M",225.21]
[]
["C3719","JUNTA DE BORRACHA ROSQUEADA DE 3/4\"","UN",160.18]
["C3720","JUNTA DE BORRACHA ROSQUEADA DE 1\"","UN",185.48]
["C1691","LUVA DE REDUÇÃO AÇO GALV. D= 20X15mm  À 25X20mm","UN",9.99]
["C1692","LUVA DE REDUÇÃO AÇO GALV. D= 32X15mm  À 50X40mm","UN",16.41]
["C1690","LUVA DE REDUÇÃO AÇO GALV. D=80X65mm (3\"X2 1/2\")","UN",54.27]
["C1688","LUVA DE REDUÇÃO AÇO GALV. D=100X50mm (4\"X2\")","UN",74.97]
["C1693","LUVA DE REDUÇÃO AÇO GALV. D=100X50mm À 100X80mm","UN",74.97]
["C1689","LUVA DE REDUÇÃO AÇO GALV. D=100X65mm (4\"X2 1/2\")","UN",74.97]
["C1687","LUVA DE REDUÇÃO AÇO GALV. D=100X80mm (4\"X3\")","UN",91.86]
["C3712","LUVA DE UNIÃO AÇO ASTM  A-120 DE 20mm (3/4\")","UN",58.29]
["C3713","LUVA DE UNIÃO AÇO ASTM  A-120 DE 25mm (1\")","UN",72.09]
["C4402","LUVA DE UNIÃO AÇO ASTM A-120 DE 40mm (1 1/2\")","UN",94.89]
["C1694","LUVA DE UNIÃO AÇO GALVANIZADO DE (2 1/2\")","UN",79.25]
["C1695","LUVA DE UNIÃO AÇO GALVANIZADO DE (3\")","UN",108.85]
["C1696","LUVA DE UNIÃO AÇO GALVANIZADO DE (4\")","UN",151.94]
["C1705","LUVA AÇO GALV. D=15mm (1/2\")  À  25mm (1\")","UN",24.79]
["C1706","LUVA AÇO GALV. D=32mm (1 1/4\")  À  50mm (2\")","UN",15.38]
["C1707","LUVA AÇO GALV. D=65mm (2 1/2\")  À  80mm (3\")","UN",34.64]
["C1704","LUVA AÇO GALV. D=100mm (4\") À 50mm (6\")","UN",90.73]
["C1822","NIPLE DUPLO DE REDUÇÃO AÇO GALV. D=20X15mm (3/4\"X1/2\")","UN",8.69]
["C1826","NIPLE DUPLO DE REDUÇÃO AÇO GALV. D=20X15mm (3/4\"X1/2\")  À  25X20mm (1\"X3/4\")","UN",8.69]
["C1823","NIPLE DUPLO DE REDUÇÃO AÇO GALV. D=32X15mm (1 1/4\"X1/2\")","UN",16.53]
["C1824","NIPLE DUPLO REDUÇÃO AÇO GALV. D=32X15mm (1 1/4\"X1/2\")  À  50X40mm (2\"X1 1/2\")","UN",16.53]
["C1825","NIPLE DUPLO DE REDUÇÃO AÇO GALV. D=65X32mm(2 1/2\"X1 1/4\")  À  80X65mm(3\"X2 1/2\")","UN",34.78]
[]
["C1815","NIPLE DUPLO DE REDUÇÃO AÇO GALV. D=80X50mm (3\"X2\")  À  80X65mm (3\"X2 1/2\")","UN",45.53]
["C1817","NIPLE DUPLO AÇO GALV. D=15mm (1/2\")  À 25mm (1\")","UN",7.29]
["C1818","NIPLE DUPLO AÇO GALV. D=32mm  (1 1/4\")  À 50mm (2\")","UN",16.38]
["C1821","NIPLE DUPLO AÇO GALV. D=65mm (2 1/2\")","UN",35.17]
["C1819","NIPLE DUPLO AÇO GALV. D=65mm (2 1/2\")  À 80mm (3\")","UN",35.17]
["C1816","NIPLE DUPLO AÇO GALV. D=100mm (4\")","UN",69.27]
["C3711","REDUÇÃO AÇO ASTM  A-120  ROSCÁVEL DE (1\"x 1 1/2\")  À (1\"x 3/4\")","UN",{"v":28.8,"d":"28.80"}]
["C3710","REDUÇÃO AÇO ASTM  A-120  ROSCÁVEL DE (2\"x 1 1/2\")  À (2\"x 3/4\")","UN",{"v":28.8,"d":"28.80"}]
["C3709","REDUÇÃO AÇO ASTM  A-120  ROSCÁVEL DE (3\"x 2 1/2\")  À (3\"x 3/4\")","UN",28.84]
["C3708","REDUÇÃO AÇO ASTM  A-120  ROSCÁVEL DE (4\"x 2\")","UN",41.34]
["C3707","REDUÇÃO AÇO ASTM  A-120  ROSCÁVEL DE (4\"x 3\")","UN",{"v":37.8,"d":"37.80"}]
["C2307","TAMPÃO EM AÇO GALV. D=15mm (1/2\")  À 25mm(1\")","UN",9.89]
["C2308","TAMPÃO EM AÇO GALV. D=32mm (1 1/4\")  À  50mm(2\")","UN",12.11]
["C2309","TAMPÃO EM AÇO GALV. D=65mm(2 1/2\")  À  80mm(3\")","UN",19.79]
["C2306","TAMPÃO EM AÇO GALV. D=100mm (4')","UN",30.31]
["C3692","TÊ AÇO ASTM A-120 ROSCÁVEL DE 20mm (3/4\")","UN",14.21]
["C3693","TÊ AÇO ASTM A-120 ROSCÁVEL DE 25mm (1\")","UN",14.81]
["C3694","TÊ AÇO ASTM A-120 ROSCÁVEL DE 32mm (1 1/4\")","UN",22.94]
["C3696","TÊ AÇO ASTM A-120 ROSCÁVEL DE 40mm (1 1/2\")","UN",23.97]
["C3697","TÊ AÇO ASTM A-120 ROSCÁVEL DE 50mm (2\")","UN",91.09]
["C3698","TÊ AÇO ASTM  A-120  ROSCÁVEL DE 80mm (3\")","UN",119.26]
["C3699","TÊ AÇO ASTM  A-120  ROSCÁVEL DE 100mm (4\")","UN",145.53]
["C2321","TÊ AÇO GALV. D= 15mm (1/2\")","UN",14.92]
["C2322","TÊ AÇO GALV. D= 20mm (3/4\")","UN",16.94]
["C2323","TÊ AÇO GALV. D= 25mm (1\")","UN",{"v":21,"d":"21.00"}]
["C2324","TÊ AÇO GALV. D= 32mm (1 1/4\")","UN",34.11]
["C2325","TÊ AÇO GALV. D= 40mm (1 1/2\")","UN",36.27]
["C2326","TÊ AÇO GALV. D= 50mm (2\")","UN",50.17]
["C2327","TÊ AÇO GALV. D= 65mm (2 1/2\")","UN",72.26]
["C2328","TÊ AÇO GALV. D= 80mm (3\")","UN",88.61]
["C2329","TÊ AÇO GALV. D=100mm (4\")","UN",157.23]
["C2330","TÊ AÇO GALV. D=125mm (5\")","UN",336.34]
["C2331","TÊ AÇO GALV. D=150mm (6\")","UN",385.59]
["C2394","TÊ REDUÇÃO AÇO GALV. D= 20X15mm (3/4\"X1/2\")  À  25X20mm (1\"X3/4\")","UN",16.97]
["C2395","TÊ REDUÇÃO AÇO GALV. D= 32X15mm (1 1/4\"X1/2\")  À 50X40mm (2\"x1 1/4\")","UN",31.97]
["C2396","TÊ REDUÇÃO AÇO GALV. D= 65X25mm (2 1/2\"x1\")  À 80X65mm (3\"x2 1/2\")","UN",66.36]
["C2397","TÊ REDUÇÃO AÇO GALV. D=100X50mm (4\"x2\")  À 100X80mm (4\"x3\")","UN",143.78]
["C3685","TUBO AÇO ASTM A-120 PRETO C/ ROSCA DE 20mm (3/4\")","M",21.78]
["C3686","TUBO AÇO ASTM A-120 PRETO  C/ ROSCA DE 25mm (1\")","M",29.59]
["C3687","TUBO AÇO ASTM A-120 PRETO  C/ ROSCA DE 32mm (1 1/4\")","M",41.27]
["C3688","TUBO AÇO ASTM A-120 PRETO  C/ ROSCA DE 40mm (1 1/2\")","M",49.97]
["C3690","TUBO AÇO ASTM A-120 PRETO  C/ ROSCA DE 80mm (3\")","M",123.38]
["C3689","TUBO AÇO ASTM A-120 PRETO  C/ ROSCA DE 50mm (2\")","M",64.76]
["C3691","TUBO AÇO ASTM A-120 PRETO  C/ ROSCA DE 100mm (4\")","M",168.48]
["C3846","TUBO AÇO CARBONO PRETO C/ CONEXÕES DE 40mm (1 1/2\")","M",{"v":97.7,"d":"97.70"}]
["C2558","TUBO AÇO GALV. C/OU S/COSTURA D=15mm (1/2\")","M",14.63]
["C2559","TUBO AÇO GALV. C/OU S/COSTURA D=20mm (3/4\")","M",17.96]
["C2560","TUBO AÇO GALV. C/OU S/COSTURA D=25mm (1\")","M",23.88]
["C2561","TUBO AÇO GALV. C/OU S/COSTURA D=32mm (1 1/4\")","M",34.27]
["C2554","TUBO AÇO GALV. C/OU S/COSTURA D= 40mm (1 1/2\")","M",37.82]
["C2562","TUBO AÇO GALV. C/OU S/COSTURA D=50mm (2\")","M",49.45]
["C2563","TUBO AÇO GALV. C/OU S/COSTURA D=65mm (2 1/2\")","M",65.55]
["C2564","TUBO AÇO GALV. C/OU S/COSTURA D=80mm (3\")","M",72.17]
["C2555","TUBO AÇO GALV. C/OU S/COSTURA D=100mm (4\")","M",105.53]
["C2556","TUBO AÇO GALV. C/OU S/COSTURA D=125mm (5\")","M",144.34]
["C2557","TUBO AÇO GALV. C/OU S/COSTURA D=150mm (6\")","M",169.91]
["C2543","TUBO AÇO GALV. C/OU S/COST.INCL.CONEXÕES D= 15mm (1/2\")","M",{"v":29.7,"d":"29.70"}]
["C2544","TUBO AÇO GALV. C/OU S/COST.INCL.CONEXÕES D= 20mm (3/4\")","M",36.16]
["C2545","TUBO AÇO GALV. C/OU S/COST.INCL.CONEXÕES D= 25mm (1\")","M",{"v":50,"d":"50.00"}]
["C2546","TUBO AÇO GALV. C/OU S/COST.INCL.CONEXÕES D= 32mm (1 1/4\")","M",61.77]
["C2547","TUBO AÇO GALV. C/OU S/COST.INCL.CONEXÕES D= 40mm(1 1/2\")","M",{"v":65.3,"d":"65.30"}]
["C2552","TUBO AÇO GALV. C/OU S/COST.INCL.CONEXÕES D=50mm (2\")","M",82.22]
["C2553","TUBO AÇO GALV. C/OU S/COST.INCL.CONEXÕES D=65mm (2 1/2\")","M",106.31]
["C2548","TUBO AÇO GALV. C/OU S/COST.INCL.CONEXÕES D= 80mm (3\")","M",110.82]
["C2549","TUBO AÇO GALV. C/OU S/COST.INCL.CONEXÕES D=100mm (4\")","M",154.22]
["C2550","TUBO AÇO GALV. C/OU S/COST.INCL.CONEXÕES D=125mm (5\")","M",205.87]
["C2551","TUBO AÇO GALV. C/OU S/COST.INCL.CONEXÕES D=150mm (6\")","M",237.37]
["TUBOS E CONEXÕES DE PVC",null,null,{"v":11260.99,"d":"11,260.99"}]
["C0014","ADAPTADOR DE JUNTA ELAST.P/SIFÃO METAL PVC P/ESGOTO  D=40mm","UN",6.31]
["C0015","ADAPTADOR P/ SIFÃO PVC 40mm (1 1/4\")","UN",5.35]
["C3653","ADAPTADOR PVC P/ REGISTRO 25mm (3/4\")","UN",3.36]
["C3654","ADAPTADOR PVC P/ REGISTRO 32mm (1\")","UN",4.08]
["C3655","ADAPTADOR PVC P/ REGISTRO 40mm (1 1/4\")","UN",7.02]
["C3656","ADAPTADOR PVC P/ REGISTRO 50mm (1 1/2\")","UN",7.52]
["C3657","ADAPTADOR PVC P/ REGISTRO 60mm (2\")","UN",{"v":13.5,"d":"13.50"}]
["C0016","ADAPTADOR PVC P/ REGISTRO 75mm (2 1/2'')","UN",20.54]
["C0017","ADAPTADOR PVC P/ REGISTRO 85mm (3'')","UN",29.93]
["C0019","ADAPTADOR PVC SOLD. FLANGES LIVRES P/CX. D'ÁGUA 20mm (1/2')","UN",11.32]
["C0020","ADAPTADOR PVC SOLD. FLANGES LIVRES P/CX. D'ÁGUA 25mm (3/4\")","UN",13.59]
["C0021","ADAPTADOR PVC SOLD. FLANGES LIVRES P/CX. D'ÁGUA 32mm (1\")","UN",17.52]
["C0022","ADAPTADOR PVC SOLD. FLANGES LIVRES P/CX. D'ÁGUA 40mm (1 1/4\")","UN",26.21]
["C0023","ADAPTADOR PVC SOLD. FLANGES LIVRES P/CX. D'ÁGUA 50mm (1 1/2\")","UN",29.03]
["C0024","ADAPTADOR PVC SOLD. FLANGES LIVRES P/CX. D'ÁGUA 60mm (2\")","UN",41.18]
["C0025","ADAPTADOR PVC SOLD. FLANGES LIVRES P/CX. D'ÁGUA 75mm (2 1/2\")","UN",139.59]
["C0026","ADAPTADOR PVC SOLD. FLANGES LIVRES P/CX. D'ÁGUA 85mm (3\")","UN",207.03]
["C0018","ADAPTADOR PVC SOLD. FLANGES LIVRES P/CX. D'ÁGUA 110mm (4\")","UN",255.85]
["C4330","AQUISIÇÃO E ASSENTAMENTO DE TUBO PVC RÍGIDO PBA DEFoFo, INCLUSIVE CONEXÕES - DN 100","M",29.88]
[]
["C4329","AQUISIÇÃO E ASSENTAMENTO DE TUBO PVC RÍGIDO PBA DEFoFo, INCLUSIVE CONEXÕES - DN 150","M",88.65]
[]
["C0289","ASSENTAMENTO DE TUBOS E CONEXÕES EM PVC, JE DN 40mm","M",1.12]
["C0291","ASSENTAMENTO DE TUBOS E CONEXÕES EM PVC, JE DN 50mm","M",1.23]
["C0292","ASSENTAMENTO DE TUBOS E CONEXÕES EM PVC, JE DN 75mm","M",1.49]
["C0281","ASSENTAMENTO DE TUBOS E CONEXÕES EM PVC, JE DN 100mm","M",1.98]
["C0282","ASSENTAMENTO DE TUBOS E CONEXÕES EM PVC, JE DN 125mm","M",2.52]
["C0283","ASSENTAMENTO DE TUBOS E CONEXÕES EM PVC, JE DN 150mm","M",2.86]
["C0284","ASSENTAMENTO DE TUBOS E CONEXÕES EM PVC, JE DN 200mm","M",3.74]
["C0285","ASSENTAMENTO DE TUBOS E CONEXÕES EM PVC, JE DN 250mm","M",4.84]
["C0286","ASSENTAMENTO DE TUBOS E CONEXÕES EM PVC, JE DN 300mm","M",5.93]
["C0287","ASSENTAMENTO DE TUBOS E CONEXÕES EM PVC, JE DN 350mm","M",{"v":6.6,"d":"6.60"}]
["C0288","ASSENTAMENTO DE TUBOS E CONEXÕES EM PVC, JE DN 400mm","M",7.47]
["C0290","ASSENTAMENTO DE TUBOS E CONEXÕES EM PVC, JE DN 450mm","M",8.62]
["C0233","ASSENTAMENTO DE TUBOS E CONEXÕES EM PVC, JE DN 500mm","M",9.95]
["C0277","ASSENTAMENTO DE TUBOS E CONEXÕES EM PVC, J.SOLDADA DN 32mm","M",0.68]
["C0278","ASSENTAMENTO DE TUBOS E CONEXÕES EM PVC, J.SOLDADA DN 40mm","M",0.88]
["C0279","ASSENTAMENTO DE TUBOS E CONEXÕES EM PVC, J.SOLDADA DN 50mm","M",0.88]
["C0280","ASSENTAMENTO DE TUBOS E CONEXÕES EM PVC, J.SOLDADA DN 75mm","M",{"v":0.9,"d":"0.90"}]
["C0275","ASSENTAMENTO DE TUBOS E CONEXÕES EM PVC, J.SOLDADA DN 100mm","M",{"v":0.9,"d":"0.90"}]
["C0276","ASSENTAMENTO DE TUBOS E CONEXÕES EM PVC, J.SOLDADA DN 150mm","M",1.36]
["C0488","BUCHA REDUÇÃO LONGA PVC P/ESGOTO 50X40mm","UN",6.63]
["C0507","BUCHA REDUÇÃO PVC ROSC. D=3/4\"X1/2\" (25X20mm)","UN",3.15]
["C0496","BUCHA REDUÇÃO PVC ROSC. D=1\"X1/2\"(32X20mm)","UN",4.96]
["C0497","BUCHA REDUÇÃO PVC ROSC. D=1\"X3/4\" (32X25mm)","UN",{"v":4,"d":"4.00"}]
["C0494","BUCHA REDUÇÃO PVC ROSC. D=1 1/4\"X1/2\" (40X20mm)","UN",7.51]
["C0495","BUCHA REDUÇÃO PVC ROSC. D=1 1/4\"X3/4\" (40X25mm)","UN",7.84]
["C0493","BUCHA REDUÇÃO PVC ROSC. D=1 1/4\"X1\" (40X32mm)","UN",8.01]
["C0491","BUCHA REDUÇÃO PVC ROSC. D=1 1/2\"X1/2\" (50X20mm)","UN",8.28]
["C0492","BUCHA REDUÇÃO PVC ROSC. D=1 1/2\"X3/4\" (50X25mm)","UN",7.54]
["C0490","BUCHA REDUÇÃO PVC ROSC. D=1 1/2\"X1\" (50X32mm)","UN",7.64]
["C0489","BUCHA REDUÇÃO PVC ROSC. D=1 1/2\"X1 1/4\" (50X40mm)","UN",{"v":7.4,"d":"7.40"}]
["C0503","BUCHA REDUÇÃO PVC ROSC. D=2\"X1\" (60X32mm)","UN",{"v":13.5,"d":"13.50"}]
["C0502","BUCHA REDUÇÃO PVC ROSC. D=2\"X1 1/4\" (60X40mm)","UN",13.85]
["C0501","BUCHA REDUÇÃO PVC ROSC. D=2\"X1 1/2\" (60X50mm)","UN",12.51]
["C0499","BUCHA REDUÇÃO PVC ROSC. D=2 1/2\"X1 1/4\" (75X40mm)","UN",22.77]
["C0498","BUCHA REDUÇÃO PVC ROSC. D=2 1/2\"X1 1/2\" (75X50mm)","UN",{"v":24.4,"d":"24.40"}]
["C0500","BUCHA REDUÇÃO PVC ROSC. D=2 1/2\"X2\" (75X60mm)","UN",29.25]
["C0504","BUCHA REDUÇÃO PVC ROSC. D=3\"X1 1/2\" (85X50mm)","UN",23.91]
["C0506","BUCHA REDUÇÃO PVC ROSC. D=3\"X2\" (85X60mm)","UN",19.01]
["C0505","BUCHA REDUÇÃO PVC ROSC. D=3\"X2 1/2\" (85X75mm)","UN",32.22]
["C0508","BUCHA REDUÇÃO PVC ROSC. D=4\"X3\" (110X85mm)","UN",74.47]
["C3586","CAIXA SIFONADA 150X150X50cm COM GRELHA - PADRÃO POPULAR","UN",{"v":34,"d":"34.00"}]
["C0680","CAP (TAMPÃO) OU PLUG (BUJÃO) PVC P/ESGOTO D=50mm-SOLD.","UN",4.86]
["C0676","CAP (TAMPÃO) OU PLUG (BUJÃO) PVC P/ESGOTO  D=75mm - SOLD.","UN",9.31]
["C0678","CAP (TAMPÃO) OU PLUG (BUJÃO) PVC P/ESGOTO D=100mm SOLD.","UN",12.42]
["C0679","CAP (TAMPÃO) OU PLUG (BUJÃO) PVC P/ESGOTO D=50mm C/ANÉIS","UN",5.52]
["C0681","CAP (TAMPÃO) OU PLUG (BUJÃO) PVC P/ESGOTO D=75mm C/ANÉIS","UN",9.54]
["C0677","CAP (TAMPÃO) OU PLUG (BUJÃO) PVC P/ESGOTO D=100mm C/ANÉIS","UN",12.47]
["C0685","CAP PVC BRANCO ROSC. D=1/2\" (20mm)","UN",3.17]
["C0688","CAP PVC BRANCO ROSC. D=3/4\" (25mm)","UN",{"v":3.3,"d":"3.30"}]
["C0684","CAP PVC BRANCO ROSC. D=1\" (32mm)","UN",4.59]
["C0683","CAP PVC BRANCO ROSC. D=1 1/4\" (40mm)","UN",7.89]
["C0682","CAP PVC BRANCO ROSC. D=1 1/2\" (50mm)","UN",9.07]
["C0686","CAP PVC BRANCO ROSC. D=2 1/2\" (75mm)","UN",18.16]
["C0687","CAP PVC BRANCO ROSC. D=3\" (85mm)","UN",25.13]
["C0689","CAP PVC BRANCO ROSC. D=4\"(110mm)","UN",42.21]
["C0690","CAP PVC SOLD. MARROM D= 20mm (1/2\")","UN",2.09]
["C0691","CAP PVC SOLD. MARROM D= 25mm (3/4\")","UN",2.23]
["C0692","CAP PVC SOLD. MARROM D= 32mm (1\")","UN",2.71]
["C0693","CAP PVC SOLD. MARROM D= 40mm (1 1/4\")","UN",4.74]
["C0694","CAP PVC SOLD. MARROM D= 50mm (1 1/2\")","UN",6.81]
["C0695","CAP PVC SOLD. MARROM D= 60mm (2\")","UN",9.17]
["C0696","CAP PVC SOLD. MARROM D= 75mm (2 1/2\")","UN",17.21]
["C0697","CAP PVC SOLD. MARROM D= 85mm (3\")","UN",36.22]
["C0698","CAP PVC SOLD. MARROM D=110mm (4\")","UN",68.91]
["C0952","COTOVELO PVC SOLD. MARROM D=20mm (1/2\")","UN",5.15]
["C0953","COTOVELO PVC SOLD. MARROM D=25mm (3/4\")","UN",{"v":5.4,"d":"5.40"}]
["C0954","COTOVELO PVC SOLD. MARROM D=32mm (1\")","UN",{"v":6.3,"d":"6.30"}]
["C0955","COTOVELO PVC SOLD. MARROM D=40mm (1 1/4\")","UN",10.39]
["C0956","COTOVELO PVC SOLD. MARROM D=50mm (1 1/2\")","UN",{"v":12.4,"d":"12.40"}]
["C0957","COTOVELO PVC SOLD. MARROM D=60mm (2\")","UN",24.73]
["C0958","COTOVELO PVC SOLD. MARROM D=75mm (2 1/2\")","UN",57.13]
["C0959","COTOVELO PVC SOLD. MARROM D=85mm (3\")","UN",70.18]
["C0951","COTOVELO PVC SOLD. MARROM D=110mm (4\")","UN",146.51]
["C0973","CRUZETA PVC BRANCO ROSC. D=1/2\" (20mm)","UN",15.95]
["C0975","CRUZETA PVC BRANCO ROSC. D=3/4\" (25mm)","UN",16.14]
["C0972","CRUZETA PVC BRANCO ROSC. D=1\" (32mm)","UN",22.14]
["C0971","CRUZETA PVC BRANCO ROSC. D=1 1/4\" (40mm)","UN",29.55]
["C0970","CRUZETA PVC BRANCO ROSC. D=1 1/2\" (50mm)","UN",35.49]
["C0974","CRUZETA PVC BRANCO ROSC. D=2\" (60mm)","UN",49.42]
["C0976","CRUZETA PVC SOLD. MARROM D= 20mm (1/2\")","UN",10.48]
["C0977","CRUZETA PVC SOLD. MARROM D= 25mm (3/4\")","UN",12.54]
["C0978","CRUZETA PVC SOLD. MARROM D= 32mm (1\")","UN",13.26]
["C0980","CRUZETA PVC SOLD. MARROM D=40mm (1 1/4\")","UN",18.53]
["C0981","CRUZETA PVC SOLD. MARROM D=50mm (1 1/2\")","UN",27.27]
["C0982","CRUZETA PVC SOLD. MARROM D=60mm (2\")","UN",29.29]
["C0983","CRUZETA PVC SOLD. MARROM D=75mm (2 1/2\")","UN",{"v":43.1,"d":"43.10"}]
["C0984","CRUZETA PVC SOLD. MARROM D=85mm (3\")","UN",{"v":60,"d":"60.00"}]
["C0979","CRUZETA PVC SOLD. MARROM D=110mm (4\")","UN",112.19]
["C1525","JOELHO 90 PVC SOLD./ROSCA. D= 20mmX1/2\"","UN",6.17]
["C1526","JOELHO 90 PVC SOLD./ROSCA. D= 25mmX3/4\"","UN",6.94]
["C1527","JOELHO 90 PVC SOLD./ROSCA. D= 32mmX1\"","UN",11.56]
["C1532","JOELHO C/VISITA. PVC P/ESG. D=75X50mm - JUNTA C/ANÉIS","UN",24.79]
["C1528","JOELHO C/VISITA PVC P/ESG. D=100X50mm - JUNTA C/ANÉIS","UN",30.12]
["C1530","JOELHO C/VISITA PVC P/ESG. D=100X75mm - JUNTA C/ANÉIS","UN",33.95]
["C1533","JOELHO C/VISITA. PVC P/ESG. D=75X50mm - JUNTA SOLD.","UN",22.67]
["C1529","JOELHO C/VISITA PVC P/ESG. D=100X50mm - JUNTA SOLD.","UN",28.16]
["C1531","JOELHO C/VISITA PVC P/ESG. D=100X75mm - JUNTA SOLD.","UN",{"v":32.5,"d":"32.50"}]
["C1543","JOELHO OU CURVA PVC ROSC. D=1/2\"(20mm)","UN",6.66]
["C1547","JOELHO OU CURVA PVC ROSC. D=3/4\" (25mm)","UN",7.36]
["C1542","JOELHO OU CURVA PVC ROSC. D=1\" (32mm)","UN",8.75]
["C1541","JOELHO OU CURVA PVC ROSC. D=1 1/4\" (40mm)","UN",16.63]
["C1540","JOELHO OU CURVA PVC ROSC. D=1 1/2\" (50mm)","UN",17.95]
["C1545","JOELHO OU CURVA PVC ROSC. D=2\" (60mm)","UN",26.19]
["C1544","JOELHO OU CURVA PVC ROSC. D=2 1/2\" (75mm)","UN",56.33]
["C1546","JOELHO OU CURVA PVC ROSC. D=3\" (85mm)","UN",{"v":54.5,"d":"54.50"}]
["C1548","JOELHO OU CURVA PVC ROSC. D=4\" (110mm)","UN",121.83]
["C1551","JOELHO PVC BRANCO P/ESGOTO D=40mm (1 1/2\")","UN",8.89]
["C1552","JOELHO PVC BRANCO P/ESGOTO D=50mm (2\")","UN",9.78]
["C1554","JOELHO PVC BRANCO P/ESGOTO D=75mm (3\")","UN",15.44]
["C1549","JOELHO PVC BRANCO P/ESGOTO D=100mm (4\")","UN",20.67]
["C1553","JOELHO PVC BRANCO P/ESGOTO D=50mm (2\") - JUNTA C/ANÉIS","UN",11.86]
["C1555","JOELHO PVC BRANCO P/ESGOTO D=75mm (3\") - JUNTA C/ANÉIS","UN",16.51]
["C1550","JOELHO PVC BRANCO P/ESGOTO D=100mm (4\") - JUNTA C/ANÉIS","UN",21.59]
["C1556","JOELHO PVC CINZA P/ESGOTO D=150mm (6\") - JUNTA C/ANÉIS","UN",93.22]
["C1557","JOELHO PVC CINZA. P/ESGOTO D=150mm (6\") - JUNTA SOLD","UN",88.34]
["C1558","JOELHO PVC SOLD. AZUL D=20mmX1/2\"","UN",8.57]
["C1559","JOELHO PVC SOLD. AZUL D=25mmX3/4\"","UN",9.96]
["C1560","JOELHO REDUÇÃO PVC SOLD./ROSCA. D=25mmX1/2\"","UN",6.81]
["C1561","JOELHO REDUÇÃO PVC SOLD./ROSCA. D=32mmX3/4\"","UN",13.59]
["C1568","JOELHO REDUÇÃO PVC ROSC. D=3/4\"X1/2\" (25X20mm)","UN",7.63]
["C1567","JOELHO REDUÇÃO PVC ROSC. D=1\"X3/4\" (32X25mm)","UN",9.13]
["C1562","JOELHO REDUÇÃO PVC SOLD. AZUL D=25mmX1/2\"","UN",8.53]
["C1563","JOELHO REDUÇÃO PVC SOLD. AZUL D=32mmX3/4\"","UN",13.02]
["C1564","JOELHO REDUÇÃO PVC SOLD.MARROM D=25X20mm (3/4\"X1/2\")","UN",6.51]
["C1565","JOELHO REDUÇÃO PVC SOLD.MARROM D=32X25mm (1\"X3/4\")","UN",{"v":7,"d":"7.00"}]
["C1566","JOELHO REDUÇÃO PVC SOLD.MARROM D=40X32mm (1 1/4\"X1\")","UN",10.37]
["C4388","JOELHO 45 PVC BRANCO PARA ESGOTO D=40mm (1 1/4\")","UN",10.83]
["C4669","JOELHO 45 PVC BRANCO PARA ESGOTO D=50mm (2\")","UN",11.43]
["C4389","JOELHO 45 PVC BRANCO PARA ESGOTO D=75mm (3\")","UN",15.45]
["C4390","JOELHO 45 PVC BRANCO PARA ESGOTO D=100mm (4\")","UN",18.78]
["C4391","JOELHO 45 PVC SOLDÁVEL D=25mm (3/4\")","UN",4.67]
["C4392","JOELHO 45 PVC SOLDÁVEL D=32mm (1\")","UN",6.12]
["C4393","JOELHO 45 PVC SOLDÁVEL D=40mm (1 1/4\")","UN",7.68]
["C3994","JUNÇÃO PVC BRANCO 50 x 50 mm (2\" x 2\")","UN",15.65]
["C1575","JUNÇÃO SIMPLES C/INSPEÇÃO PVC P/ESGOTO D=75mm (3\")-C/ANÉIS","UN",26.03]
["C1574","JUNÇÃO SIMPLES C/INSPEÇÃO PVC P/ESGOTO D=100mm (4\")-C/ANÉIS","UN",31.48]
["C1579","JUNÇÃO SIMPLES DE REDUÇÃO PVC P/ESGOTO 75X50mm (3\"X2\")","UN",22.49]
["C1580","JUNÇÃO SIMPLES DE REDUÇÃO PVC P/ESGOTO 75X50mm (3\"X2\")-C/ANÉIS","UN",{"v":23.6,"d":"23.60"}]
["C1576","JUNÇÃO SIMPLES DE REDUÇÃO PVC P/ESGOTO 100X50mm (4\"X2\")-C/ANÉIS","UN",24.75]
["C1577","JUNÇÃO SIMPLES DE REDUÇÃO PVC P/ESGOTO 100X75mm (4\"X3\")-C/ANÉIS","UN",35.16]
["C1578","JUNÇÃO SIMPLES DE REDUÇÃO PVC P/ESGOTO 150X100mm (6\"X4\")-C/ANÉIS","UN",70.61]
["C1582","JUNÇÃO SIMPLES DE REDUÇÃO PVC P/ESGOTO 100X50mm(4\"X2\")","UN",23.99]
["C1583","JUNÇÃO SIMPLES DE REDUÇÃO PVC P/ESGOTO 100X75mm(4\"X3\")","UN",34.84]
["C1581","JUNÇÃO SIMPLES DE REDUÇÃO PVC P/ESGOTO 150X100mm(6\"X4\")","UN",68.28]
["C1585","JUNÇÃO SIMPLES C/INSPEÇÃO PVC P/ESGOTO D=75mm (3\")","UN",25.58]
["C1584","JUNÇÃO SIMPLES C/INSPEÇÃO PVC P/ESGOTO D=100mm (4\")","UN",31.38]
["C1572","JUNÇÃO DUPLA PVC BRANCO D=75mm (3\") - JUNTA C/ANÉIS","UN",{"v":28,"d":"28.00"}]
["C1570","JUNÇÃO DUPLA PVC BRANCO D=100mm (4\") - JUNTA C/ANÉIS","UN",36.91]
["C1573","JUNÇÃO DUPLA PVC BRANCO D=75mm(3\") - JUNTA SOLD.","UN",{"v":27.1,"d":"27.10"}]
["C1571","JUNÇÃO DUPLA PVC BRANCO D=100mm (4\") - JUNTA SOLD.","UN",{"v":36.7,"d":"36.70"}]
["C1720","LUVA PVC BRANCO ROSC. D=1/2\" (20mm)","UN",3.57]
["C1724","LUVA PVC BRANCO ROSC. D=3/4\" (25mm)","UN",4.03]
["C1719","LUVA PVC BRANCO ROSC. D=1\" (32mm)","UN",5.01]
["C1718","LUVA PVC BRANCO ROSC. D=1 1/4\" (40mm)","UN",8.55]
["C1717","LUVA PVC BRANCO ROSC. D=1 1/2\"  (50mm)","UN",8.87]
["C1722","LUVA PVC BRANCO ROSC. D=2\" (60mm)","UN",{"v":14.2,"d":"14.20"}]
["C1721","LUVA PVC BRANCO ROSC. D=2 1/2\" (75mm)","UN",20.07]
["C1723","LUVA PVC BRANCO ROSC. D=3\" (85mm)","UN",26.48]
["C1725","LUVA PVC BRANCO ROSC. D=4\" (110mm)","UN",35.08]
["C1726","LUVA PVC SOLD. AZUL C/ROSCA MET. D=20mmX1/2\"","UN",6.11]
["C1727","LUVA PVC SOLD. AZUL C/ROSCA MET. D=25mmX3/4\"","UN",5.91]
["C1728","LUVA PVC SOLD. MARROM D= 20mm (1/2\")","UN",2.93]
["C1729","LUVA PVC SOLD. MARROM D= 25mm (3/4\")","UN",3.11]
["C1730","LUVA PVC SOLD. MARROM D= 32mm (1\")","UN",3.92]
["C1731","LUVA PVC SOLD. MARROM D= 40mm (1 1/4\")","UN",6.82]
["C1732","LUVA PVC SOLD. MARROM D= 50mm (1 1/2\")","UN",7.73]
["C1733","LUVA PVC SOLD. MARROM D= 60mm (2\")","UN",13.54]
["C1734","LUVA PVC SOLD. MARROM D= 75mm (2 1/2\")","UN",18.85]
["C1735","LUVA PVC SOLD. MARROM D= 85mm (3\")","UN",{"v":37.8,"d":"37.80"}]
["C1736","LUVA PVC SOLD. MARROM D=110mm (4\")","UN",{"v":42.9,"d":"42.90"}]
["C1737","LUVA PVC SOLD./ROSCA. D=20mmX1/2\"","UN",4.75]
["C1738","LUVA PVC SOLD./ROSCA. D=25mmX1/2\"","UN",5.34]
["C1739","LUVA PVC SOLD./ROSCA. D=25mmX3/4\"","UN",5.11]
["C1740","LUVA PVC SOLD./ROSCA. D=32mmX1\"","UN",6.36]
["C1741","LUVA PVC SOLD./ROSCA. D=40mmX1 1/4\"","UN",13.71]
["C1742","LUVA PVC SOLD./ROSCA. D=50mmX1 1/2\"","UN",15.66]
["C1752","LUVA REDUÇÃO PVC ROSC. D=3/4\"X1/2\" (25X20mm)","UN",{"v":4.4,"d":"4.40"}]
["C1751","LUVA REDUÇÃO PVC ROSC. D=1\"X3/4\" (32X25mm)","UN",5.07]
["C1753","LUVA REDUÇÃO PVC SOLDÁVEL AZUL C/ROSCA METÁLICA, D=25mmX1/2\"","UN",5.38]
["C1743","LUVA REDUÇÃO PVC SOLDÁVEL MARROM D= 25X20mm (3/4\"X1/2\")","UN",{"v":3.4,"d":"3.40"}]
["C1744","LUVA REDUÇÃO PVC SOLDÁVEL MARROM D= 32X25mm (1\"X3/4\")","UN",4.84]
["C1745","LUVA REDUÇÃO PVC SOLDÁVEL MARROM D= 40X32mm (1 1/4\"X1\")","UN",9.24]
["C1748","LUVA REDUÇÃO PVC SOLDÁVEL MARROM D=75X60mm ( 2 1/2\"X2\")","UN",18.08]
["C1749","LUVA REDUÇÃO PVC SOLDÁVEL MARROM D=85X60mm (3\"X2\")","UN",24.75]
["C1750","LUVA REDUÇÃO PVC SOLDÁVEL MARROM D=85X75mm (3\"X2 1/2\")","UN",30.24]
["C1746","LUVA REDUÇÃO PVC SOLDÁVEL MARROM D=110X75mm (4\"X2 1/2\")","UN",47.77]
["C1747","LUVA REDUÇÃO PVC SOLDÁVEL MARROM D=110X85mm (4\"X3\")","UN",44.67]
["C1760","LUVA SIMPLES PVC BRANCO P/ESGOTO 40mm (1 1/2\")","UN",5.04]
["C1761","LUVA SIMPLES PVC BRANCO P/ESGOTO 50mm (2\")","UN",15.72]
["C1762","LUVA SIMPLES PVC BRANCO P/ESGOTO 75mm (3\")","UN",10.03]
["C1758","LUVA SIMPLES PVC BRANCO P/ESGOTO 100mm (4\")","UN",{"v":14.4,"d":"14.40"}]
["C1759","LUVA SIMPLES PVC BRANCO P/ESGOTO 150mm (6\")","UN",34.42]
["C1756","LUVA SIMPLES PVC BRANCO P/ESGOTO D=50mm (2\")-C/ANÉIS","UN",7.83]
["C1757","LUVA SIMPLES PVC BRANCO P/ESGOTO D=75mm (3\")-C/ANÉIS","UN",10.48]
["C1754","LUVA SIMPLES PVC BRANCO P/ESGOTO D=100mm (4')-C/ANÉIS","UN",{"v":14.5,"d":"14.50"}]
["C1755","LUVA SIMPLES PVC BRANCO P/ESGOTO D=150mm (6\")-C/ANÉIS","UN",{"v":36.7,"d":"36.70"}]
["C1697","LUVA DUPLA OU DE CORRER PVC P/ESGOTO 40mm","UN",5.04]
["C1699","LUVA DUPLA PVC P/ESGOTO D=50mm (2\")-C/ANÉIS","UN",9.83]
["C1700","LUVA DUPLA PVC P/ESGOTO D=75mm (3\")-C/ANÉIS","UN",14.45]
["C1698","LUVA DUPLA PVC P/ESGOTO D=100mm (4\")-C/ANÉIS","UN",{"v":18.3,"d":"18.30"}]
["C1702","LUVA DUPLA PVC P/ESGOTO 50mm JUNTAS SOLDADAS","UN",8.53]
["C1703","LUVA DUPLA PVC P/ESGOTO 75mm JUNTAS SOLDADAS","UN",{"v":14,"d":"14.00"}]
["C1701","LUVA DUPLA PVC P/ESGOTO 100mm JUNTAS SOLDADAS","UN",{"v":18.2,"d":"18.20"}]
["C3582","MUTIRÃO MISTO - ADAPTADOR DE JUNTA ELÂSTICA P/SIFÃO METAL PVC P/ESGOTO D=40mm","UN",4.85]
[]
["C3556","MUTIRÃO MISTO - ADAPTADOR PVC SOLDÁVEL FLANGES LIVRES P/CX. D'ÁGUA 25mm (3/4\")","UN",12.65]
[]
["C3585","MUTIRÃO MISTO - CAIXA SIFONADA 150X150X50cm COM GRELHA","UN",28.76]
["C3588","MUTIRÃO MISTO - JOELHO PVC BRANCO P/ESGOTO D=40mm(1 1/2\")","UN",5.96]
["C3589","MUTIRÃO MISTO - JOELHO PVC BRANCO P/ESGOTO D=50mm(2\")","UN",6.84]
["C3587","MUTIRÃO MISTO - JOELHO PVC BRANCO P/ESGOTO D=100mm(4\")","UN",15.96]
["C3559","MUTIRÃO MISTO - JOELHO PVC SOLDÁVEL AZUL D=25mmX3/4\"","UN",8.08]
["C3557","MUTIRÃO MISTO - JOELHO REDUÇÃO 90 PVC SOLDÁVEL C/ROSCA D=25mmX1/2\"","UN",4.72]
["C3558","MUTIRÃO MISTO - JOELHO REDUÇÃO PVC SOLDÁVEL AZUL D=25mmX1/2\"","UN",6.65]
["C3560","MUTIRÃO MISTO - LUVA PVC  SOLDÁVEL AZUL C/ROSCA MET. D=25mmX3/4\"","UN",4.96]
["C3561","MUTIRÃO MISTO - TE PVC SOLDÁVEL MARROM D=25mm (3/4\")","UN",{"v":4,"d":"4.00"}]
["C3562","MUTIRÃO MISTO - TUBO PVC SOLDÁVEL MARROM D= 25mm (3/4\")","M",4.11]
["C3591","MUTIRÃO MISTO - TUBO PVC BRANCO P/ESGOTO D=40mm(1 1/2\")","M",7.26]
["C3592","MUTIRÃO MISTO - TUBO PVC BRANCO P/ESGOTO D=50mm(2\")","M",10.18]
["C3590","MUTIRÃO MISTO - TUBO PVC BRANCO P/ESGOTO D=100mm(4\")","M",18.47]
["C1827","NIPLE EM PVC C/ ROSCA DE 1 1/4\"","UN",10.08]
["C1828","NIPLE EM PVC C/ ROSCA DE 2 1/2\"","UN",20.11]
["C2093","RALO SECO  PVC RÍGIDO","UN",30.26]
["C2145","REDUÇÃO EXCÊNTRICA PVC BRANCO REFORÇADO  D=75X50mm (3\"X2\")","UN",10.03]
["C2143","REDUÇÃO EXCÊNTRICA PVC BRANCO REFORÇADO  D=100X75mm (4\"X3\")","UN",{"v":14.7,"d":"14.70"}]
["C2144","REDUÇÃO EXCÊNTRICA PVC BRANCO REFORÇADO  D=150x150mm(6\"x4\")= (150 X 100MM)","UN",33.16]
[]
["C2153","REDUÇÃO PVC BRANCO/CINZA P/ESGOTO D=100X75mm (4\"X3\")","UN",19.88]
["C2151","REDUÇÃO PVC BRANCO P/ESGOTO D=75X50mm (3\"X2\")","UN",15.86]
["C2146","REDUÇÃO PVC BRANCO P/ESGOTO D=100X50mm (4\"X2\")","UN",14.03]
["C2149","REDUÇÃO PVC BRANCO P/ESGOTO D=150X100mm (6\"X4\")","UN",32.08]
["C2152","REDUÇÃO PVC BRANCO P/ESGOTO D=75X50mm (3\"X2\")-C/ANÉIS","UN",16.64]
["C2147","REDUÇÃO PVC BRANCO P/ESGOTO D=100X50mm (4\"X2\")-C/ANÉIS","UN",13.91]
["C2148","REDUÇÃO PVC BRANCO P/ESGOTO D=100X75mm (4\"X3\")-C/ANÉIS","UN",20.26]
["C2150","REDUÇÃO PVC BRANCO P/ESGOTO D=150X100mm (6\"X4\")-C/ANÉIS","UN",41.77]
["C2320","TÊ PVC BRANCO C/INSPEÇÃO P/ESGOTO D=150mm(6\")","UN",160.86]
["C2345","TÊ PVC BRANCO C/INSPEÇÃO P/ESGOTO D=75mm (3\")","UN",34.65]
["C2343","TÊ PVC BRANCO C/INSPEÇÃO P/ESGOTO D=100mm (4\")","UN",40.34]
["C2346","TÊ PVC BRANCO C/INSPEÇÃO P/ESGOTO D=75mm (3\")-JUNTAS C/ANEIS","UN",{"v":35.1,"d":"35.10"}]
["C2344","TÊ PVC BRANCO C/INSPEÇÃO P/ESGOTO D=100mm (4\")-JUNTAS C/ANÉIS","UN",40.44]
["C2350","TÊ PVC BRANCO C/REDUÇÃO P/ESGOTO D=75X50mm (3\"X2\")","UN",19.64]
["C2347","TÊ PVC BRANCO C/REDUÇÃO P/ESGOTO D=100X50mm (4\"X2\")","UN",{"v":24.3,"d":"24.30"}]
["C2348","TÊ PVC BRANCO C/REDUÇÃO P/ESGOTO D=100X75mm (4\"X3\")","UN",25.33]
["C2349","TÊ PVC BRANCO C/REDUÇÃO P/ESGOTO D=150X100mm (6\"X4\")","UN",54.85]
["C2360","TÊ PVC BRANCO P/ESGOTO D=50mm (2\") - JUNTA C/ANÉIS","UN",17.83]
["C2362","TÊ PVC BRANCO P/ESGOTO D=75mm (3\") - JUNTA C/ANÉIS","UN",24.04]
["C2355","TÊ PVC BRANCO P/ESGOTO D=100mm (4\") - JUNTA C/ANÉIS","UN",28.99]
["C2351","TÊ PVC BRANCO P/ ESGOTO D=150mm (6\") - JUNTA C/ANÉIS","UN",73.44]
["C2358","TÊ PVC BRANCO P/ESGOTO D=40mm (1 1/2\")-JUNTAS SOLD.","UN",11.61]
["C2359","TÊ PVC BRANCO P/ESGOTO D=50MM (2')-JUNTAS SOLD.","UN",{"v":14.7,"d":"14.70"}]
["C2363","TÊ PVC BRANCO P/ESGOTO D=75mm (3\")-JUNTAS SOLD.","UN",22.44]
["C2356","TÊ PVC BRANCO P/ESGOTO D=100mm (4\")-JUNTAS SOLD.","UN",27.61]
["C2352","TÊ PVC BRANCO P/ ESGOTO D=150mm (6\") - JUNTAS SOLD.","UN",70.02]
["C2361","TÊ PVC BRANCO P/ESGOTO D=75X50mm (3\"X2\")-JUNTAS C/ANÉIS","UN",20.75]
["C2353","TÊ PVC BRANCO P/ESGOTO D=100X50mm (4\"X2\")-JUNTAS C/ANÉIS","UN",25.06]
["C2354","TÊ PVC BRANCO P/ESGOTO D=100X75mm (4\"X3\")-JUNTAS C/ANÉIS","UN",43.77]
["C2357","TÊ PVC BRANCO P/ESGOTO D=150X100mm (6\"X4\")-JUNTAS C/ANÉIS","UN",57.18]
["C2364","TÊ PVC BRANCO ROSC. D=  1/2\" (20mm)","UN",7.76]
["C2371","TÊ PVC BRANCO ROSC. D=3/4' (25mm)","UN",7.95]
["C2366","TÊ PVC BRANCO ROSC. D= 1\" (32mm)","UN",11.48]
["C2365","TÊ PVC BRANCO ROSC. D= 1 1/2\" (50mm)","UN",21.82]
["C2368","TÊ PVC BRANCO ROSC. D=1 1/4\" (40mm)","UN",19.52]
["C2367","TÊ PVC BRANCO ROSC. D= 2\" (60mm)","UN",33.54]
["C2369","TÊ PVC BRANCO ROSC. D=2 1/2\" (75mm)","UN",56.63]
["C2370","TÊ PVC BRANCO ROSC. D=3\" (85mm)","UN",69.92]
["C2372","TÊ PVC BRANCO ROSC. D=4\" (110mm)","UN",137.37]
["C2373","TÊ PVC CINZA C/INSPEÇÃO P/ESGOTO D=150mm (6\")-JUNTAS C/ANÉIS","UN",186.72]
["C2375","TÊ PVC CINZA C/INSPEÇÃO P/ESGOTO D=150mm (6\")-JUNTAS SOLD.","UN",184.44]
["C2376","TÊ PVC CINZA P/ESGOTO D=150MM (6')-JUNTAS C/ANÉIS","UN",114.36]
["C2377","TÊ PVC CINZA P/ESGOTO D=150MM (6')-JUNTAS SOLD.","UN",110.94]
["C2378","TÊ PVC SOLD./ROSCA AZUL D=20mmX20mmX1/2\"","UN",10.34]
["C2379","TÊ PVC SOLD./ROSCA AZUL D=25mmX25mmX3/4'","UN",11.51]
["C2380","TÊ PVC SOLD. MARROM D= 20mm (1/2\")","UN",5.62]
["C2381","TÊ PVC SOLD. MARROM D= 25mm (3/4\")","UN",5.99]
["C2382","TÊ PVC SOLD. MARROM D= 32mm (1\")","UN",7.43]
["C2383","TÊ PVC SOLD. MARROM D= 40mm (1 1/4\")","UN",13.92]
["C2384","TÊ PVC SOLD. MARROM D= 50mm (1 1/2\")","UN",14.53]
["C2385","TÊ PVC SOLD. MARROM D= 60mm (2\")","UN",28.96]
["C2386","TÊ PVC SOLD. MARROM D= 75mm (2 1/2\")","UN",54.44]
["C2387","TÊ PVC SOLD. MARROM D= 85mm (3\")","UN",64.68]
["C2388","TÊ PVC SOLD. MARROM D=110mm (4\")","UN",113.43]
["C2389","TE PVC SOLD./ROSCA D=20mmX20mmX1/2\"","UN",6.78]
["C2390","TE PVC SOLD./ROSCA D=25mmX25mmX3/4\"","UN",8.18]
["C2391","TE PVC SOLD./ROSCA D=32mmX32mmX1\"","UN",8.38]
["C2400","TÊ REDUÇÃO PVC ROSC. D= 3/4X1/2\" (25X20mm)","UN",8.97]
["C2399","TÊ REDUÇÃO PVC ROSC. D= 1\"X3/4\" (32X25mm)","UN",11.21]
["C2398","TÊ REDUÇÃO PVC ROSC. D= 1 1/2\"X3/4\" (50X25mm)","UN",18.85]
["C2393","TÊ REDUÇÃO PVC SOLD./ROSCA AZUL D=32mmX32mmX3/4\"","UN",15.85]
["C2392","TÊ REDUÇÃO PVC SOLD./ROSCA AZUL D=25mmX25mmX1/2\"","UN",11.85]
["C2404","TÊ REDUÇÃO PVC SOLD. MARROM D=25X20mm (3/4\"X1/2\")","UN",{"v":8.2,"d":"8.20"}]
["C2405","TÊ REDUÇÃO PVC SOLD. MARROM D=32X25mm (1\"X3/4')","UN",10.75]
["C2406","TÊ REDUÇÃO PVC SOLD. MARROM D=40X32mm (1 1/4\"X1\")","UN",14.78]
["C2407","TÊ REDUÇÃO PVC SOLD. MARROM D=50X20mm (1 1/2\"X1/2\")","UN",15.19]
["C2408","TÊ REDUÇÃO PVC SOLD. MARROM D=50X25mm (1 1/2\"X3/4')","UN",15.46]
["C2409","TÊ REDUÇÃO PVC SOLD. MARROM D=50X32mm (1 1/2\"X1\")","UN",17.24]
["C2410","TÊ REDUÇÃO PVC SOLD. MARROM D=50X40mm (1 1/2\"X1 1/4\")","UN",16.44]
["C2411","TÊ REDUÇÃO PVC SOLD. MARROM D=75X50mm (2 1/2\"X1 1/2\")","UN",40.93]
["C2412","TÊ REDUÇÃO PVC SOLD. MARROM D=75X60mm (2 1/2\"X2\")","UN",60.07]
["C2413","TÊ REDUÇÃO PVC SOLD. MARROM D=85X60mm (3\"X2\")","UN",57.34]
["C2414","TÊ REDUÇÃO PVC SOLD. MARROM D=85X75mm (3\"X2 1/2\")","UN",62.68]
["C2401","TÊ REDUÇÃO PVC SOLD. MARROM D=110X60mm (4\"X2\")","UN",91.14]
["C2402","TÊ REDUÇÃO PVC SOLD. MARROM D=110X75mm (4\"X2 1/2\")","UN",{"v":98.1,"d":"98.10"}]
["C2403","TÊ REDUÇÃO PVC SOLD. MARROM D=110X85mm (4\"X3\")","UN",109.16]
["C2341","TÊ REDUÇÃO PVC SOLD./ROSCA. D=25mmX25mmX1/2\"","UN",7.79]
["C2342","TÊ REDUÇÃO PVC SOLD./ROSCA. D=32mmX32mmX3/4\"","UN",{"v":15.6,"d":"15.60"}]
["C2595","TUBO PVC BRANCO P/ESGOTO D=40mm (1 1/2\")","M",9.78]
["C2596","TUBO PVC BRANCO P/ESGOTO D=50mm (2\")","M",13.32]
["C2598","TUBO PVC BRANCO P/ESGOTO D=75mm (3\")","M",20.76]
["C2593","TUBO PVC BRANCO P/ESGOTO D=100MM (4')","M",23.92]
["C2597","TUBO PVC BRANCO P/ESGOTO D=50mm (2\") - JUNTA C/ANÉIS","M",{"v":13.5,"d":"13.50"}]
["C2599","TUBO PVC BRANCO P/ESGOTO D=75mm (3\") - JUNTA C/ANÉIS","M",20.36]
["C2594","TUBO PVC BRANCO P/ESGOTO D=100mm (4\") - JUNTA C/ANÉIS","M",23.21]
["C2600","TUBO PVC BRANCO RÍGIDO ESGOTO D=150mm (6\")","M",36.87]
["C2601","TUBO PVC BRANCO RÍGIDO ESGOTO D=200mm (8\")","M",67.16]
["C2602","TUBO PVC BRANCO RÍGIDO ESGOTO D=250mm (10\")","M",69.55]
["C2603","TUBO PVC BRANCO RÍGIDO ESGOTO D=300mm (12\")","M",89.72]
["C4760","TUBO PVC SÉRIE REFORÇADA P/ ESGOTO D=100MM (4\") - INCLUSIVE CONEXÕES                                     \n","M",37.87]
[]
["C4763","TUBO PVC SÉRIE REFORÇADA P/ ESGOTO D=150MM (6\") JUNTA COM ANEL                                \n","M",52.55]
[]
["C2613","TUBO PVC CINZA RÍGIDO ESGOTO D=150mm (6\") JUNTA C/ANÉIS","M",60.96]
["C2614","TUBO PVC CINZA RÍGIDO ESGOTO D=150mm (6\") JUNTA SOLD.","M",62.51]
["C2607","TUBO PVC ROSC. BRANCO D= 1/2\" (20mm)","M",6.67]
["C2611","TUBO PVC ROSC. BRANCO D= 3/4\" (25mm)","M",{"v":9.1,"d":"9.10"}]
["C2606","TUBO PVC ROSC. BRANCO D= 1\" (32mm)","M",{"v":15.6,"d":"15.60"}]
["C2605","TUBO PVC ROSC. BRANCO D= 1 1/4\" (40mm)","M",23.39]
["C2604","TUBO PVC ROSC. BRANCO D= 1 1/2\" (50mm)","M",{"v":29.9,"d":"29.90"}]
["C2609","TUBO PVC ROSC. BRANCO D= 2\" (60mm)","M",37.94]
["C2608","TUBO PVC ROSC. BRANCO D= 2 1/2\" (75mm)","M",53.97]
["C2610","TUBO PVC ROSC. BRANCO D= 3\" (85mm)","M",67.35]
["C2612","TUBO PVC ROSC. BRANCO D= 4\"(110mm)","M",81.19]
["C2615","TUBO PVC SOLD. MARROM D= 20mm (1/2\")","M",4.04]
["C2616","TUBO PVC SOLD. MARROM D= 25mm (3/4\")","M",5.37]
["C2617","TUBO PVC SOLD. MARROM D= 32mm (1\")","M",9.21]
["C2618","TUBO PVC SOLD. MARROM D= 40mm (1 1/4\")","M",12.73]
["C2619","TUBO PVC SOLD. MARROM D= 50mm (1 1/2\")","M",{"v":16.1,"d":"16.10"}]
["C2620","TUBO PVC SOLD. MARROM D= 60mm (2\")","M",22.57]
["C2621","TUBO PVC SOLD. MARROM D= 75mm (2 1/2\")","M",30.52]
["C2622","TUBO PVC SOLD. MARROM D= 85mm (3\")","M",38.79]
["C2623","TUBO PVC SOLD. MARROM D=110mm (4\")","M",{"v":55.4,"d":"55.40"}]
["C2624","TUBO PVC SOLD. MARROM INCL.CONEXÕES D= 20mm (1/2\")","M",11.37]
["C2625","TUBO PVC SOLD. MARROM INCL.CONEXÕES D= 25mm(3/4\")","M",13.53]
["C2626","TUBO PVC SOLD. MARROM INCL.CONEXÕES D= 32mm(1\")","M",19.83]
["C2627","TUBO PVC SOLD. MARROM INCL.CONEXÕES D= 40mm (1 1/4\")","M",23.77]
["C2628","TUBO PVC SOLD. MARROM INCL.CONEXÕES D= 50mm (1 1/2\")","M",28.71]
["C2629","TUBO PVC SOLD. MARROM INCL.CONEXÕES D= 60mm (2\")","M",38.09]
["C2631","TUBO PVC SOLD. MARROM INCL.CONEXÕES D=75mm (2 1/2\")","M",50.25]
["C2632","TUBO PVC SOLD. MARROM INCL.CONEXÕES D=85MM(3')","M",59.08]
["C2630","TUBO PVC SOLD. MARROM INCL.CONEXÕES D=110mm(4')","M",81.62]
["C2633","TUBO RADIAL LEVE C/INSPEÇÃO PVC D=150mm (6\")","UN",445.24]
["C2648","UNIÃO PVC BRANCO ROSC. D=1/2\" (20mm)","UN",6.91]
["C2652","UNIÃO PVC BRANCO ROSC. D=3/4\" (25mm)","UN",8.43]
["C2647","UNIÃO PVC BRANCO ROSC. D=1\" (32mm)","UN",13.27]
["C2646","UNIÃO PVC BRANCO ROSC. D=1 1/4\" (40mm)","UN",24.21]
["C2645","UNIÃO PVC BRANCO ROSC. D=1 1/2\" (50mm)","UN",25.21]
["C2650","UNIÃO PVC BRANCO ROSC. D=2\" (60mm)","UN",44.83]
["C2651","UNIÃO PVC BRANCO ROSC. D=3\" (85mm)","UN",109.88]
["C2649","UNIÃO PVC BRANCO ROSC. D=2 1/2\" (75mm)","UN",89.62]
["C2653","UNIÃO PVC BRANCO ROSC. D=4\" (110mm)","UN",187.58]
["C2654","UNIÃO PVC SOLD. MARROM D= 20mm (1/2\")","UN",6.57]
["C2655","UNIÃO PVC SOLD. MARROM D= 25mm (3/4\")","UN",7.74]
["C2656","UNIÃO PVC SOLD. MARROM D= 32mm (1\")","UN",11.73]
["C2657","UNIÃO PVC SOLD. MARROM D= 40mm (1 1/4\")","UN",20.86]
["C2658","UNIÃO PVC SOLD. MARROM D= 50mm (1 1/2\")","UN",22.41]
["C2659","UNIÃO PVC SOLD. MARROM D= 60mm (2\")","UN",49.83]
["C2660","UNIÃO PVC SOLD. MARROM D= 75mm (2 1/2\")","UN",115.93]
["C2661","UNIÃO PVC SOLD. MARROM D= 85mm (3\")","UN",146.02]
["C2662","UNIÃO PVC SOLD. MARROM D=110mm (4\")","UN",297.95]
["TUBOS E CONEXÕES DE PRFV",null,null,177.08]
["C4188","ASSENTAMENTO DE TUBO, PEÇAS E CONEXÕES EM PRFV, JE DN 300mm","M",9.23]
["C4189","ASSENTAMENTO DE TUBO, PEÇAS E CONEXÕES EM PRFV, JE DN 350mm","M",9.68]
["C4190","ASSENTAMENTO DE TUBO, PEÇAS E CONEXÕES EM PRFV, JE DN 400mm","M",11.22]
["C4191","ASSENTAMENTO DE TUBO, PEÇAS E CONEXÕES EM PRFV, JE DN 450mm","M",11.83]
["C4192","ASSENTAMENTO DE TUBO, PEÇAS E CONEXÕES EM PRFV, JE DN 500mm","M",12.47]
["C4193","ASSENTAMENTO DE TUBO, PEÇAS E CONEXÕES EM PRFV, JE DN 600mm","M",13.81]
["C4194","ASSENTAMENTO DE TUBO, PEÇAS E CONEXÕES EM PRFV, JE DN 700mm","M",15.61]
["C4195","ASSENTAMENTO DE TUBO, PEÇAS E CONEXÕES EM PRFV, JE DN 800mm","M",18.99]
["C4196","ASSENTAMENTO DE TUBO, PEÇAS E CONEXÕES EM PRFV, JE DN 900mm","M",21.38]
["C4197","ASSENTAMENTO DE TUBO, PEÇAS E CONEXÕES EM PRFV, JE DN 1000mm","M",24.17]
["C4198","ASSENTAMENTO DE TUBO, PEÇAS E CONEXÕES EM PRFV, JE DN 1200mm","M",28.68]
["TUBOS E CONEXÕES DE CERÂMICA",null,null,184.88]
["C0235","ASSENTAMENTO DE TUBOS E CONEXÕES CERÂMICOS, J.ARG. D= 100mm","M",3.73]
["C0239","ASSENTAMENTO DE TUBOS E CONEXÕES CERÂMICOS, J.ARG. D=150mm","M",4.82]
["C0236","ASSENTAMENTO DE TUBOS E CONEXÕES CERÂMICOS, J.ARG. D= 200mm","M",5.88]
["C0237","ASSENTAMENTO DE TUBOS E CONEXÕES CERÂMICOS, J.ARG. D= 250mm","M",{"v":8,"d":"8.00"}]
["C0238","ASSENTAMENTO DE TUBOS E CONEXÕES CERÂMICOS, J.ARG. D= 300mm","M",9.89]
["C0240","ASSENTAMENTO DE TUBOS E CONEXÕES CERÂMICOS, J.ASF. D= 100mm","M",10.68]
["C0241","ASSENTAMENTO DE TUBOS E CONEXÕES CERÂMICOS, J.ASF. D= 150mm","M",12.12]
["C0242","ASSENTAMENTO DE TUBOS E CONEXÕES CERÂMICOS, J.ASF. D= 200mm","M",14.35]
["C0243","ASSENTAMENTO DE TUBOS E CONEXÕES CERÂMICOS, J.ASF. D= 250mm","M",19.63]
["C0244","ASSENTAMENTO DE TUBOS E CONEXÕES CERÂMICOS, J.ASF. D= 300mm","M",24.83]
["C0245","ASSENTAMENTO DE TUBOS E CONEXÕES CERÂMICOS, J.ASF. D= 350mm","M",31.77]
["C0246","ASSENTAMENTO DE TUBOS E CONEXÕES CERÂMICOS, J.ASF. D= 400mm","M",39.17]
["TUBOS E CONEXÕES DE CONCRETO",null,null,{"v":1832.25,"d":"1,832.25"}]
["C0305","ASSENTAMENTO DE TUBOS EM CONCRETO,JUNTA ARGAMASSADA, D=150mm","M",12.89]
["C0306","ASSENTAMENTO DE TUBOS EM CONCRETO,JUNTA ARGAMASSADA, D=200mm","M",17.14]
["C0298","ASSENTAMENTO DE TUBOS EM CONCRETO, JE D= 300mm","M",22.99]
["C0299","ASSENTAMENTO DE TUBOS EM CONCRETO, JE D= 400mm","M",35.75]
["C0300","ASSENTAMENTO DE TUBOS EM CONCRETO, JE D=500mm","M",49.55]
["C0301","ASSENTAMENTO DE TUBOS EM CONCRETO, JE D=600mm","M",{"v":62.5,"d":"62.50"}]
["C0302","ASSENTAMENTO DE TUBOS EM CONCRETO, JE D= 700mm","M",78.58]
["C0303","ASSENTAMENTO DE TUBOS EM CONCRETO, JE D= 800mm","M",92.77]
["C0304","ASSENTAMENTO DE TUBOS EM CONCRETO, JE D= 900mm","M",115.29]
["C0293","ASSENTAMENTO DE TUBOS EM CONCRETO, JE D= 1000mm","M",150.14]
["C0294","ASSENTAMENTO DE TUBOS EM CONCRETO, JE D= 1200mm","M",201.37]
["C0295","ASSENTAMENTO DE TUBOS EM CONCRETO, JE D=1500mm","M",{"v":254.9,"d":"254.90"}]
["C0296","ASSENTAMENTO DE TUBOS EM CONCRETO, JE D= 1750mm","M",324.74]
["C0297","ASSENTAMENTO DE TUBOS EM CONCRETO, JE D=2000mm","M",413.61]
["TUBOS E CONEXÕES DE COBRE",null,null,{"v":5079.5,"d":"5,079.50"}]
["C1007","CURVA COBRE OU BRONZE D= 15mm (1/2\")","UN",10.36]
["C1008","CURVA COBRE OU BRONZE D= 22mm (3/4\")","UN",17.64]
["C1009","CURVA COBRE OU BRONZE D= 28mm (1\")","UN",{"v":21.1,"d":"21.10"}]
["C1010","CURVA COBRE OU BRONZE D= 35mm (1 1/4\")","UN",28.79]
["C1011","CURVA COBRE OU BRONZE D= 42mm (1 1/2\")","UN",46.43]
["C1012","CURVA COBRE OU BRONZE D= 54mm (2\")","UN",72.17]
["C1013","CURVA COBRE OU BRONZE D= 66mm (2 1/2\")","UN",204.41]
["C1014","CURVA COBRE OU BRONZE D= 79mm (3\")","UN",245.97]
["C1015","CURVA COBRE OU BRONZE D=104mm (4\")","UN",513.05]
["C2332","TÊ COBRE OU BRONZE D= 15mm (1/2\")","UN",8.25]
["C2333","TÊ COBRE OU BRONZE D= 22mm (3/4\")","UN",12.15]
["C2334","TÊ COBRE OU BRONZE D= 28mm (1\")","UN",16.81]
["C2335","TÊ COBRE OU BRONZE D= 35mm (1 1/4\")","UN",35.31]
["C2336","TÊ COBRE OU BRONZE D= 42mm (1 1/2\")","UN",43.45]
["C2337","TÊ COBRE OU BRONZE D= 54mm (2\")","UN",{"v":77.5,"d":"77.50"}]
["C2338","TÊ COBRE OU BRONZE D= 66mm (2 1/2\")","UN",205.58]
["C2339","TÊ COBRE OU BRONZE D= 79mm (3\")","UN",315.56]
["C2340","TÊ COBRE OU BRONZE D=104mm (4\")","UN",633.61]
["C2565","TUBO COBRE D= 15mm(1/2\") CLASSE E","M",18.36]
["C2566","TUBO COBRE D= 22mm (3/4\") CLASSE E","M",32.66]
["C2567","TUBO COBRE D= 28mm (1\") CLASSE E","M",47.21]
["C2568","TUBO COBRE D= 35mm (1 1/4\") CLASSE E","M",71.31]
["C2569","TUBO COBRE D= 42mm (1 1/2\") CLASSE E","M",80.83]
["C2570","TUBO COBRE D= 54mm (2\") CLASSE E","M",120.51]
["C2571","TUBO COBRE D= 66mm (2 1/2\") CLASSE E","M",161.86]
["C2572","TUBO COBRE D= 79mm (3\") CLASSE E","M",199.36]
["C2573","TUBO COBRE D=104mm (4\") CLASSE E","M",290.85]
["C2574","TUBO COBRE INCLUSIVE CONEXÕES D= 15mm (1/2\") CLASSE E","M",36.46]
["C2575","TUBO COBRE INCLUSIVE CONEXÕES D= 22mm (3/4\") CLASSE E","M",58.15]
["C2576","TUBO COBRE INCLUSIVE CONEXÕES D= 28mm (1\") CLASSE E","M",{"v":80.5,"d":"80.50"}]
["C2577","TUBO COBRE INCLUSIVE CONEXÕES D= 35mm (1 1/4\") CLASSE E","M",117.52]
["C2578","TUBO COBRE INCLUSIVE CONEXÕES D= 42mm (1 1/2\") CLASSE E","M",125.47]
["C2579","TUBO COBRE INCLUSIVE CONEXÕES D= 54mm (2\") CLASSE E","M",185.43]
["C2580","TUBO COBRE INCLUSIVE CONEXÕES D= 66mm (2 1/2\") CLASSE E","M",247.83]
["C2581","TUBO COBRE INCLUSIVE CONEXÕES D= 79mm (3\") CLASSE E","M",284.66]
["C2582","TUBO COBRE INCLUSIVE CONEXÕES D=104mm (4\") CLASSE E","M",412.36]
["REGISTROS E VÁLVULAS",null,null,{"v":11473.06,"d":"11,473.06"}]
["C3599","MUTIRÃO MISTO - REGISTRO DE GAVETA BRUTO D=20mm (3/4\")","UN",{"v":30.8,"d":"30.80"}]
["C3600","MUTIRÃO MISTO - REGISTRO DE PRESSÃO D=20mm (3/4\")","UN",24.14]
["C2156","REGISTRO DE GAVETA BRUTO D= 15mm (1/2\")","UN",35.14]
["C2157","REGISTRO DE GAVETA BRUTO D= 20mm (3/4\")","UN",36.45]
["C2158","REGISTRO DE GAVETA BRUTO D= 25mm (1\")","UN",49.95]
["C2159","REGISTRO DE GAVETA BRUTO D= 32mm (1 1/4\")","UN",70.76]
["C2160","REGISTRO DE GAVETA BRUTO D= 40mm (1 1/2\")","UN",83.26]
["C2161","REGISTRO DE GAVETA BRUTO D= 50mm (2\")","UN",108.52]
["C2162","REGISTRO DE GAVETA BRUTO D= 65mm (2 1/2\")","UN",240.49]
["C2163","REGISTRO DE GAVETA BRUTO D= 80mm (3\")","UN",367.83]
["C2164","REGISTRO DE GAVETA BRUTO D=100mm (4\")","UN",609.83]
["C2165","REGISTRO DE GAVETA C/CANOPLA CROMADA D= 15mm (1/2\")","UN",74.93]
["C2166","REGISTRO DE GAVETA C/CANOPLA CROMADA D= 20mm (3/4\")","UN",75.46]
["C2167","REGISTRO DE GAVETA C/CANOPLA CROMADA D= 25mm (1\")","UN",85.66]
["C2168","REGISTRO DE GAVETA C/CANOPLA CROMADA D= 32mm (1 1/4\")","UN",119.52]
["C2169","REGISTRO DE GAVETA C/CANOPLA CROMADA D= 40mm (1 1/2\")","UN",141.95]
["C2171","REGISTRO DE PRESSÃO C/CANOPLA CROMADA D= 15mm (1/2\")","UN",66.39]
["C2172","REGISTRO DE PRESSÃO C/CANOPLA CROMADA D= 20mm (3/4\")","UN",68.27]
["C2170","REGISTRO DE PRESSAO C/CANOPLA CROMADA D=25MM (1\")","UN",72.76]
["C3601","REGISTRO DE PRESSÃO D=20mm (3/4\") - PADRÃO POPULAR","UN",30.53]
["C2173","REGISTRO DE RECALQUE NO PASSEIO D= 65mm (2 1/2\")","UN",490.85]
["C2177","REGISTRO GLOBO /FECHO RÁPIDO DE 3/4\"","UN",50.13]
["C2176","REGISTRO GLOBO /FECHO RÁPIDO DE 1\"","UN",50.13]
["C2175","REGISTRO GLOBO /FECHO RÁPIDO DE 1 1/4\"","UN",67.76]
["C2178","REGISTRO GLOBO/FECHO RÁPIDO DE 1 1/2\"","UN",97.99]
["C2174","REGISTRO GLOBO / FECHO RÁPIDO DE 2\"","UN",108.09]
["C4403","REGISTRO GLOBO / FECHO RÁPIDO DE 2 1/2\"","UN",277.49]
["C3695","REGISTRO GLOBO EM BRONZE ROSC. DE 3/4\"","UN",58.18]
["C3714","REGISTRO GLOBO EM BRONZE ROSC. DE 1\"","UN",66.28]
["C2684","VÁLVULA DE DESCARGA CROMADA C/CANOPLA LISA DE 32 OU 40mm","UN",167.56]
["C2685","VÁLVULA DE DESCARGA CROMADA C/REGISTRO ACOPLADO DE 32 OU 40mm","UN",259.03]
["C2686","VÁLVULA DE DESCARGA PVC RÍGIDO S/REGISTRO .ACOPLADO. D=50mm (1 1/2\")","UN",136.18]
["C2687","VÁLVULA DE FLUXO EM AÇO GALVANIZADO DE  (2 1/2\")","UN",586.83]
["C2688","VÁLVULA DE RETENÇÃO DE PÉ C/CRIVO D= 15mm (1/2\")","UN",38.94]
["C2689","VÁLVULA DE RETENÇÃO DE PÉ C/CRIVO D= 20mm (3/4\")","UN",46.49]
["C2690","VÁLVULA DE RETENÇÃO DE PÉ C/CRIVO D= 25mm (1\")","UN",57.32]
["C2691","VÁLVULA DE RETENÇÃO DE PÉ C/CRIVO D= 32mm (1 1/4\")","UN",75.82]
["C2692","VÁLVULA DE RETENÇÃO DE PÉ C/CRIVO D= 40mm (1 1/2\")","UN",90.46]
["C2693","VÁLVULA DE RETENÇÃO DE PÉ C/CRIVO D= 50mm (2\")","UN",122.81]
["C2694","VÁLVULA DE RETENÇÃO DE PÉ C/CRIVO D= 65mm (2 1/2\")","UN",{"v":249.6,"d":"249.60"}]
["C2695","VÁLVULA DE RETENÇÃO DE PÉ C/CRIVO D= 80mm (3\")","UN",277.14]
["C2696","VÁLVULA DE RETENÇÃO DE PÉ C/CRIVO D=100mm (4\")","UN",{"v":440.3,"d":"440.30"}]
["C4775","VÁLVULA DE RETENÇÃO DE PVC P/ ESGOTO D=150MM","UN",{"v":137.8,"d":"137.80"}]
["C2707","VÁLVULA DE RETENÇÃO HORIZONTAL D= 15mm (1/2\")","UN",71.09]
["C2708","VÁLVULA DE RETENÇÃO HORIZONTAL D= 20mm (3/4\")","UN",83.51]
["C2709","VÁLVULA DE RETENÇÃO HORIZONTAL D= 25mm (1\")","UN",108.83]
["C2710","VÁLVULA DE RETENÇÃO HORIZONTAL D= 32mm (1 1/4\")","UN",130.66]
["C2711","VÁLVULA DE RETENÇÃO HORIZONTAL D= 40mm (1 1/2\")","UN",180.75]
["C2712","VÁLVULA DE RETENÇÃO HORIZONTAL D= 50mm (2\")","UN",204.51]
["C2713","VÁLVULA DE RETENÇÃO HORIZONTAL D= 65mm (2 1/2\")","UN",348.55]
["C2714","VÁLVULA DE RETENÇÃO HORIZONTAL D= 80mm (3\")","UN",413.74]
["C2706","VÁLVULA DE RETENÇÃO HORIZONTAL D= 100mm (4\")","UN",655.45]
["C2697","VÁLVULA DE RETENÇÃO HORIZ.OU VERT. D= 15mm (1/2\")","UN",71.09]
["C2698","VÁLVULA DE RETENÇÃO HORIZ.OU VERT. D= 20mm (3/4\")","UN",83.51]
["C2699","VÁLVULA DE RETENÇÃO HORIZ.OU VERT. D= 25mm (1\")","UN",108.83]
["C2700","VÁLVULA DE RETENÇÃO HORIZ.OU VERT. D= 32mm (1 1/4\")","UN",130.66]
["C2701","VÁLVULA DE RETENÇÃO HORIZ.OU VERT. D= 40mm (1 1/2\")","UN",180.75]
["C2702","VÁLVULA DE RETENÇÃO HORIZ.OU VERT. D= 50mm (2\")","UN",204.51]
["C2703","VÁLVULA DE RETENÇÃO HORIZ.OU VERT. D= 65mm (2 1/2\")","UN",348.55]
["C2704","VÁLVULA DE RETENÇÃO HORIZ.OU VERT. D= 80mm (3\")","UN",413.74]
["C2705","VÁLVULA DE RETENÇÃO HORIZ.OU VERT. D=100mm (4\")","UN",655.45]
["C4005","VÁLVULA ELETRÔNICA CROMADA P/ MICTÓRIO","UN",227.89]
["C3715","VÁLVULA MOTORIZADA DE 2 VIAS ROSC. DE 3/4\"","UN",245.55]
["C3716","VÁLVULA MOTORIZADA DE 2 VIAS ROSC. DE 1\"","UN",259.65]
["LOUÇAS, METAIS E ACESSÓRIOS",null,null,{"v":27871.11,"d":"27,871.11"}]
["C0091","APARELHO MISTURADOR P/PIA TIPO MESA","UN",368.97]
["C0092","APARELHO MISTURADOR P/PIA TIPO PAREDE","UN",343.27]
["C0225","ARMÁRIO DE EMBUTIR C/ESPELHO (45x60)cm","UN",100.32]
["C0348","BACIA DE LOUÇA BRANCA C/CAIXA ACOPLADA","UN",482.79]
["C0349","BACIA DE LOUÇA BRANCA C/CAIXA ACOPLADA, ENTRADA HORIZONTAL","UN",381.46]
["C3247","BACIA DE LOUÇA BRANCA P/ CRIANÇA, INCLUSIVE TAMPA","UN",286.27]
["C0350","BACIA SIFONADA DE LOUÇA BRANCA C/ACESSÓRIOS E TUBO DE LIGAÇÃO","UN",195.08]
["C0351","BACIA TURCA DE LOUÇA BRANCA","UN",269.34]
["C0355","BANCADA DE GRANITO C/ 2  CUBAS LOUÇAS, S/ACESSÓRIOS (1.60x0.60)m","UN",588.25]
["C0356","BANCADA DE GRANITO C/ 3 CUBAS DE LOUÇAS, S/ACESSÓRIOS (2.00x0.60)m","UN",769.09]
["C0357","BANCADA DE GRANITO (OUTRAS CORES) E= 3cm (COLOCADO)","M2",378.81]
["C4068","BANCADA DE GRANITO CINZA E=2cm","M2",223.76]
["C4069","BANCADA DE GRANITO (OUTRAS CORES) ESP. = 2cm (COLOCADO)","M2",271.41]
["C0358","BANCADA DE GRANITO PRETO C/BOLEAMENTO DUPLO (COLOCADO)","M2",492.38]
["C0359","BANCADA DE MÁRMORE  LARG.= 0.60m  ESP.= 3cm","M",154.81]
["C3996","BANCADA EM GRANITO P/ LAVATÓRIO, INCL. LOUÇA BRANCA E ACESSÓRIOS","CJ",657.56]
["C3997","BANCADA EM GRANITO P/ PIA DE COZINHA, INCL. CUBA DE AÇO INOX  E ACESSÓRIOS","CJ",741.12]
["C3670","BANHEIRA HOSPITALAR C/ TAMPO E CUBA DE AÇO INOX DIMENSÃO 1800X600MM","UN",{"v":1618.5,"d":"1,618.50"}]
["C0386","BEBEDOURO EM AÇO INOX COM 1,60m","UN",{"v":1878.84,"d":"1,878.84"}]
["C0515","CABIDE DE LOUÇA BRANCA C/DOIS GANCHOS","UN",31.08]
["C0516","CABIDE DE LOUÇA BRANCA C/ UM GANCHO","UN",35.98]
["C0599","CAIXA DE DESCARGA DE EMBUTIR C/REGISTRO INCORPORADO","UN",247.61]
["C0600","CAIXA DE DESCARGA PLÁSTICA DE SOBREPOR","UN",105.37]
["C3513","CHUVEIRO CROMADO C/ ARTICULAÇÃO","UN",87.71]
["C0797","CHUVEIRO PLÁSTICO (INSTALADO)","UN",{"v":10,"d":"10.00"}]
["C3671","CONE PARA EXPURGO EM AÇO INOX COM TAMPA E GRELHA - L=500MM X C=500MM, ALTURA ATÉ 300MM E SAÍDA D=100MM","UN",762.68]
[]
["C0985","CUBA DE INOX PARA BANCADA,COMPLETA","UN",257.71]
["C4770","CUBA DE LOUÇA BRANCA DE SOBREPOR, D=41CM, S/ TORNEIRA C/ ACESSÓRIOS","UN",275.69]
["C0986","CUBA DE LOUÇA DE EMBUTIR C/ TORNEIRA E ACESSÓRIOS","UN",244.73]
["C1151","DUCHA P/ WC CROMADO (INSTALADO)","UN",58.28]
["C1241","ENGATE CROMADO (INSTALADO)","UN",18.46]
["C1242","ENGATE PLÁSTICO (INSTALADO)","UN",7.34]
["C1283","ESPELHO TIPO CRISMETAL,MOD.P/WC (INSTALADO)","UN",82.85]
["C3669","LAVA OLHOS DE EMERGÊNCIA C/ CUBA FLEXÍVEL E CHUVEIRO P/ LABORATÓRIO","UN",{"v":1142.04,"d":"1,142.04"}]
["C3003","LAVATÓRIO C/TAMPÃO DE MÁRMORE C/ 1 CUBA DE LOUÇA","UN",186.27]
["C1618","LAVATÓRIO DE LOUÇA BRANCA C/COLUNA, C/ TORNEIRA E ACESSÓRIOS","UN",402.35]
["C1619","LAVATÓRIO DE LOUÇA BRANCA S/COLUNA C/TORNEIRA E ACESSÓRIOS","UN",294.96]
["C3004","LAVATÓRIO DE LOUÇA BRANCA S/COLUNA C/TORNEIRA DE METAL E ACESSÓRIOS - PADRÃO POPULAR","UN",190.41]
[]
["C3598","LAVATÓRIO DE LOUÇA BRANCA S/COLUNA C/TORNEIRA PLÁSTICA E ACESSÓRIOS - PADRÃO POPULAR","UN",164.74]
[]
["C1793","MICTÓRIO COLETIVO DE AÇO INOXIDÁVEL","M",639.46]
["C1792","MICTORIO DE LOUÇA BRANCA","UN",313.81]
["C3593","MUTIRÃO MISTO - BACIA SIFONADA DE LOUÇA BRANCA C/ACESSÓRIOS","UN",172.38]
["C3596","MUTIRÃO MISTO - CAIXA DE DESCARGA PLASTICA DE SOBREPOR","UN",78.14]
["C3597","MUTIRÃO MISTO - LAVATÓRIO DE LOUÇA BRANCA S/COLUNA C/TORNEIRA PLÁSTICA E ACESSÓRIOS","UN",135.94]
[]
["C3602","MUTIRÃO MISTO - PIA DE COZINHA EM CIMENTO (1,20x0,50)m","UN",82.15]
["C3594","MUTIRÃO MISTO - TANQUE DE LAVAR DE CIMENTO (1.00X0.50)m COMPLETA","UN",82.56]
["C1898","PEÇAS DE APOIO DEFICIENTES C/TUBO INOX  P/WC'S","M",196.13]
["C3017","PIA DE AÇO INOX  (1.20x0.60)m C/ 1 CUBA E ACESSÓRIOS","UN",407.42]
["C1903","PIA DE AÇO INOX. (1.50X0.58)m C/ 1 CUBA E ACESSÓRIOS","UN",509.97]
["C3018","PIA DE AÇO INOX  (2.20x0.60)m C/ 1 CUBA E ACESSÓRIOS","UN",697.79]
["C3019","PIA DE AÇO INOX (3.00x0.60)m  C/ 1 CUBA  E  ACESSÓRIOS","UN",{"v":1222.68,"d":"1,222.68"}]
["C1902","PIA DE AÇO INOX  (2.00X0.58)m  C/ 2 CUBAS E ACESSÓRIOS","UN",895.93]
["C3020","PIA DE AÇO INOX (4.20X0.60)m C/ 2 CUBAS E ACESSÓRIOS","UN",{"v":2062.93,"d":"2,062.93"}]
["C3603","PIA DE COZINHA EM CIMENTO (1,20x0,50)m - PADRÃO POPULAR","UN",96.84]
["C3021","PIA DE COZINHA EM MARMORITE 1,00x0,50m COMP. - PADRÃO POPULAR","UN",229.85]
["C1997","PORTA-PAPEL DE LOUCA BRANCA (15X15)cm","UN",47.02]
["C4670","PORTA PAPEL METÁLICO","UN",26.53]
["C1990","PORTA SABÃO LÍQUIDO DE VIDRO (INSTALAD0)","UN",35.63]
["C1995","PORTA TOALHA DE LOUÇA BRANCA","UN",58.58]
["C1996","PORTA TOALHA DE PAPEL - METALICO (INSTALADO)","UN",37.93]
["C2255","SABONETEIRA DE LOUÇA BRANCA  (7.5X15)cm","UN",43.76]
["C2254","SABONETEIRA DE LOUÇA BRANCA  (15X15)cm S/ALÇA","UN",46.86]
["C4671","SABONETEIRA METÁLICA","UN",30.03]
["C2271","SIFÃO CROMADO 1\" X 1 1/2\" (INSTALADO)","UN",96.83]
["C2270","SIFÃO CROMADO 1 1/4\" X 2\" (INSTALADO)","UN",87.11]
["C2272","SIFÃO DE PVC RÍGIDO D= 2\"  (INSTALADO)","UN",18.51]
["C2294","SUPORTE DE MÁRMORE P/FILTROS","UN",{"v":59.6,"d":"59.60"}]
["C2302","TAMPO DE AÇO INOX P/ BANCADAS","M2",369.66]
["C2311","TANQUE DE AÇO INOXIDÁVEL","UN",482.33]
["C3059","TANQUE DE LAVAR DE CIMENTO (1.00x0.50)m COMPLETA C/ TORNEIRA DE METAL - PADRÃO POPULAR","UN",115.84]
[]
["C3595","TANQUE DE LAVAR DE CIMENTO (1.00X0.50)m COMPLETA C/ TORNEIRA DE PLÁSTICO - PADRÃO POPULAR","UN",96.45]
[]
["C2312","TANQUE DE LOUÇA C/COLUNA","UN",389.44]
["C3682","TANQUE LAVANDERIA EM AÇO INOX C/CUBA E ESFREGADOR DIMENSÃO 1200X600X200MM","UN",{"v":1070,"d":"1,070.00"}]
[]
["C2313","TANQUE PRÉ-MOLDADO DE CONCRETO (0.80X0.70)m","UN",179.47]
["C2496","TORNEIRA CIRÚRGICA (INSTALADO)","UN",225.57]
["C2502","TORNEIRA DE FECHAMENTO AUTOMÁTICO","UN",469.56]
["C2503","TORNEIRA DE PAREDE C/ FOTO SENSOR ","UN",679.17]
["C2504","TORNEIRA DE PRESSÃO CROMADA LONGA P/PIA","UN",67.52]
["C2505","TORNEIRA DE PRESSÃO CROMADA USO GERAL","UN",44.07]
["C2506","TORNEIRA DE PRESSÃO P/JARDIM DE 3/4\"","UN",24.95]
["C3998","TORNEIRA ELETRÔNICA C/ ANTI-VANDALISMO, P/ LAVATÓRIO DE BANCADA","UN",173.32]
["C3999","TORNEIRA ELETRÔNICA C/ ANTI-VANDALISMO, P/ PIA DE COZINHA","UN",212.62]
["C4000","TORNEIRA TIPO JARDIM CROMADA","UN",50.44]
["EQUIPAMENTOS",null,null,{"v":95017.08,"d":"95,017.08"}]
["C0001","ABRIGO P/ HIDRANTE C/MANGUEIRA E ESGUICHO DE LATÃO","UN",{"v":1558.98,"d":"1,558.98"}]
["C0010","ACIONADOR MANUAL, TIPO \"QUEBRA VIDRO\", MOD.EUROTRON/SIMILAR","UN",44.45]
["C0100","AQUECEDOR À GÁS EM CAIXA DE FERRO ESMALTADO","UN",{"v":2943.75,"d":"2,943.75"}]
["C0332","AUTOMÁTICO DE BOIA","UN",59.87]
["C0385","BATERIA SELADA 12V/7.5AH, P/LUMINÁRIAS AUTÔNOMAS","UN",233.42]
["C0389","BLOCO LUMINOSO AUTÔNOMO, INDICADOR DE SETA, MOD. UNITRON/SIMILAR","UN",234.54]
["C1802","BOMBA CENTRÍFUGA DE 1/4 CV, INCLUSIVE MAT.DE SUCÇÃO","UN",516.98]
["C0442","BOMBA CENTRÍFUGA DE 1/3 CV, INCLUSIVE MAT.DE SUCÇÃO","UN",503.09]
["C0441","BOMBA CENTRÍFUGA DE 1/2 CV, INCLUSIVE MAT.DE SUCCÃO","UN",514.79]
["C0443","BOMBA CENTRÍFUGA DE 1 CV, INCLUSIVE MAT.DE SUCÇÃO","UN",816.75]
["C0444","BOMBA CENTRÍFUGA DE 1 1/2 CV, INCLUSIVE MAT.DE SUCÇÃO","UN",{"v":1015.62,"d":"1,015.62"}]
["C0445","BOMBA CENTRÍFUGA DE 2 CV, INCLUSIVE MAT.DE SUCÇÃO","UN",{"v":1264.92,"d":"1,264.92"}]
["C0446","BOMBA CENTRÍFUGA DE 3 CV, INCLUSIVE MAT.DE SUCÇÃO","UN",{"v":1386.39,"d":"1,386.39"}]
["C0447","BOMBA CENTRÍFUGA DE 5 CV, INCLUSIVE MAT.DE SUCÇÃO","UN",{"v":1865.12,"d":"1,865.12"}]
["C0448","BOMBA CENTRÍFUGA P/ PRESSURIZAÇÃO/HIDRANTE 10 CV","UN",{"v":2440.43,"d":"2,440.43"}]
["C0449","BOMBA CENTRÍFUGA P/ PRESSURIZAÇÃO/HIDRANTE 15 CV","UN",{"v":2718.43,"d":"2,718.43"}]
["C0451","BOMBA CENTRÍFUGA P/ PRESSURUZAÇÃO/HIDRANTE 20 CV","UN",{"v":4173.1,"d":"4,173.10"}]
["C0450","BOMBA CENTRÍFUGA P/ PRESSURIZAÇÃO/HIDRANTE 25 CV","UN",{"v":5023.83,"d":"5,023.83"}]
["C0455","BOMBA INJETORA DE 1/3 CV, MONOSÁFICA, INCL.MAT. SUCÇÃO","UN",{"v":961.1,"d":"961.10"}]
["C0454","BOMBA INJETORA DE 1/2 CV, MONOFÁSICA INCL. MAT. SUCÇÃO","UN",{"v":988.7,"d":"988.70"}]
["C0459","BOMBA INJETORA DE 3/4 CV, MONOFÁSICA INCL. MAT. SUCÇÃO","UN",{"v":1179.33,"d":"1,179.33"}]
["C0453","BOMBA INJETORA DE 1 CV, TRIFÁSICA INCL. MAT. SUCÇÃO","UN",{"v":1348.91,"d":"1,348.91"}]
["C0452","BOMBA INJETORA DE 1 1/2 CV, TRIFÁSICA INCL. MAT. SUCÇÃO","UN",{"v":1611.8,"d":"1,611.80"}]
["C0457","BOMBA INJETORA DE 2 CV, TRIFÁSICA INCL. MAT. SUCÇÃO","UN",{"v":1730.86,"d":"1,730.86"}]
["C0456","BOMBA INJETORA DE 2 1/2 CV, TRIFÁSICA INCL. MAT. SUCÇÃO","UN",{"v":1781.58,"d":"1,781.58"}]
["C0458","BOMBA INJETORA DE 3 CV, TRIFÁSICA INCL. MAT. SUCÇÃO","UN",{"v":1865.2,"d":"1,865.20"}]
["C0460","BOMBA INJETORA DE 7.5 CV, INCLUSIVE MAT. DE SUCÇÃO","UN",{"v":2841.08,"d":"2,841.08"}]
["C0729","CASA DE BOMBAS(1.5X1.5)m,  EM ALVENARIA E CONCRETO","UN",636.89]
["C0732","CENTRAL ALARME P/6 LAÇOS SUPERV., MOD. FIRE-LITE/SIMILAR","UN",{"v":7661.97,"d":"7,661.97"}]
["C0730","CENTRAL ALARME P/12 LAÇOS SUPERV., MOD.FIRE-LITE/SIMILAR","UN",{"v":15297.76,"d":"15,297.76"}]
["C0731","CENTRAL ALARME P/18 LAÇOS SUPERV., MOD.FIRE-LITE/SIMILAR","UN",{"v":22948.53,"d":"22,948.53"}]
["C0796","CHUVEIRO ELÉTRICO AUTOMÁTICO 220V-2800/4400W (INSTALADO)","UN",256.57]
["C4385","ESGUICHO DE AGULHA 1/2\" x 1/2\"","UN",80.22]
["C4589","EXTINTOR EM CARRETA, CAP. 50KG - PO QUIMICO","UN",{"v":3100,"d":"3,100.00"}]
["C1357","EXTINTOR DE ÁGUA, PRESSURIZADA CAPACIDADE 10L","UN",208.68]
["C1359","EXTINTOR DE GÁS CARBÔNICO OU PÓ QUÍMICO DE 4 OU 6KG","UN",700.27]
["C1368","FILTRO DE PAREDE INDUSTRIAL (INSTALADO)","UN",182.59]
["C1456","HIDRANTE C/REGISTRO GLOBO ANGULAR  D= 65mm (2 1/2\")","UN",636.36]
["C4304","HIDRANTE DE PISO","UN",830.22]
["C2275","SINALIZADOR AUDIO-VISUAL, SIRENE BITONAL E STROBO/SIMILAR","UN",194.28]
["C2291","SPRINKLERS CROMADO (INSTALADO)","UN",42.28]
["C2292","SPRINKLERS EM BRONZE (INSTALADO)","UN",45.05]
["C2497","TORNEIRA DE BÓIA D= 20mm (3/4\")","UN",55.78]
["C2498","TORNEIRA DE BÓIA D= 25mm (1\")","UN",72.27]
["C2499","TORNEIRA DE BÓIA D= 32mm (1 1/4\")","UN",98.76]
["C2500","TORNEIRA DE BÓIA D= 40mm (1 1/2\")","UN",104.81]
["C2501","TORNEIRA DE BÓIA D= 50mm (2\")","UN",119.94]
["C2507","TORNEIRA ELÉTRICA AUTOMÁTICA 220V-2800W (INSTALADO)","UN",120.87]
["POÇOS E CAIXAS",null,null,{"v":102438.24,"d":"102,438.24"}]
["C0011","ACRÉSCIMO DE CÂMARA EM PV C/ANÉIS DE CONCRETO D= 600mm","M",170.67]
["C0012","ACRÉSCIMO DE CÂMARA EM PV C/ANÉIS DE CONCRETO D=1000mm","M",299.84]
["C0013","ACRÉSCIMO DE CÂMARA EM PV C/ANÉIS DE CONCRETO D=1200mm","M",412.33]
["C0232","ASSENTAMENTO DE TUBO DE QUEDA","M",147.17]
["C3441","CAIXA D´ÁGUA EM FYBERGLASS - CAP. 500L","UN",214.97]
["C3442","CAIXA D´ÁGUA EM FYBERGLASS - CAP. 1000L","UN",394.89]
["C3742","CAIXA D'ÁGUA EM FIBRA DE VIDRO CAP. 5.000 L, MONTADA EM ESTRUTURA DE CONCRETO PRE-FABRICADA COMPOSTA DE SAPATA, PILAR CIRCULAR D=0,40m COM PÉ DIREITO DE 6,00m, LAJE DE APOIO (FORNECIMENTO E MONTAGEM)","UN",{"v":5126.38,"d":"5,126.38"}]
[]
["C4595","CAIXA D'ÁGUA EM POLIETILENO CAP. 310 L, COM TAMPA","UN",169.52]
["C0601","CAIXA DE GORDURA/SABÃO EM ALVENARIA","UN",181.41]
["C3584","CAIXA DE GORDURA/SABÃO PRÉ MOLDADA - PADRÃO POPULAR","UN",53.78]
["C4381","CAIXA DE INCÊNDIO 75 x 45 x 17 cm EM ALUMÍNIO","UN",315.07]
["C0605","CAIXA DE INSPEÇÃO EM ALVENARIA - 1/2 TIJOLO COMUM","M2",89.61]
["C0604","CAIXA DE INSPEÇÃO EM ALVENARIA - 1 TIJOLO COMUM","M2",140.58]
["C0606","CAIXA DE INSPEÇÃO EM ALVENARIA - TAMPA DE CONCRETO ESP.= 5cm","M2",122.94]
["C0613","CAIXA DE INSPEÇÃO EM ALVENARIA-LASTRO DE CONCRETO ESP.= 10cm","M3",363.21]
["C0611","CAIXA DE INSPEÇÃO EM ALVENARIA P/LIGAÇÃO CONDOMINIAL, DI= (40X40)cm","UN",{"v":103.2,"d":"103.20"}]
["C0614","CAIXA DE INSPEÇÃO NO PASSEIO C/TUBO PVC D=300mm TAMPA FoFo","UN",387.32]
["C0615","CAIXA DE INSPEÇÃO NO PASSEIO EM ANÉIS D= 600mm, PADRÃO CAGECE","UN",144.69]
["C0623","CAIXA DE MACROMEDIDOR (2.10 X 2.10)m","UN",{"v":3132.03,"d":"3,132.03"}]
["C0637","CAIXA DE PITOMETRIA (1.30 X 1.30)m","UN",{"v":1017.07,"d":"1,017.07"}]
["C0638","CAIXA DE PITOMETRIA (1.50 X 1.50)m","UN",{"v":1399.69,"d":"1,399.69"}]
["C0639","CAIXA EM ALVENARIA 1 VEZ, S/TAMPA, CINTA ARM., FUNDO CONC. (4.80 X 1.50)m","UN",{"v":3345.44,"d":"3,345.44"}]
["C0603","CAIXA EM ALVENARIA (40X40X60cm) DE 1/2 TIJOLO COMUM, LASTRO DE CONCRETO E TAMPA DE CONCRETO","UN",162.02]
[]
["C0610","CAIXA EM ALVENARIA (40X40X60cm) DE 1 TIJOLO COMUM, LASTRO DE CONCRETO E TAMPA DE CONCRETO","UN",275.43]
[]
["C0609","CAIXA EM ALVENARIA (60X60X60cm) DE 1/2 TIJOLO COMUM, LASTRO DE CONCRETO E TAMPA DE CONCRETO","UN",253.04]
[]
["C0607","CAIXA EM ALVENARIA (60X60X60cm) DE 1 TIJOLO COMUM, LASTRO DE CONCRETO E TAMPA DE CONCRETO","UN",396.18]
[]
["C0602","CAIXA EM ALVENARIA (80X80X60cm) DE 1/2 TIJOLO COMUM, LASTRO DE CONCRETO E TAMPA DE CONCRETO","UN",354.59]
[]
["C0608","CAIXA EM ALVENARIA (80X80X60cm) DE 1 TIJOLO COMUM, LASTRO DE CONCRETO E TAMPA DE CONCRETO","UN",{"v":520.1,"d":"520.10"}]
[]
["C0640","CAIXA EM ALVENARIA C/DOSADOR A NIVEL CONSTANTE ","UN",959.88]
["C0641","CAIXA EM ALVENARIA C/TAMPA EM CONCRETO FUNDO BRITA (1.0 X 1.0)m","UN",570.36]
["C0642","CAIXA EM ALVENARIA S/TAMPA E FUNDO BRITA P/FILTRO (1.0.X.1.0)m","UN",461.88]
["C0643","CAIXA EM ALVENARIA S/TAMPA E FUNDO CONCRETO (1.20 X 1.20)m","UN",693.35]
["C0644","CAIXA EM ALVENARIA S/TAMPA E FUNDO LAJE (1.60 X 1.30)m FILTRO","UN",739.05]
["C0645","CAIXA INSPEÇÃO EM ANÉIS D=600mm, P/REDE CONDOMÍNIO (0.50<h<0.80)m","UN",135.38]
["C0646","CAIXA INSPEÇÃO EM ANÉIS D=800mm, P/REDE CONDOM.(1.00<h<=1.50)m","UN",322.12]
["C0647","CAIXA INSPEÇÃO EM ANÉIS D=800mm, P/REDE CONDOMI.0,80<h<1,00m","UN",218.51]
["C0648","CAIXA INSPEÇÃO NO PASSEIO C/TUBO PVC D=300mm TAMPA FoFo/CONCRETO","UN",465.22]
["C0649","CAIXA INSPEÇÃO NO PASSEIO EM ALVENARIA DI=(50X50)cm, PADRÃO CAGECE","UN",201.27]
["C3411","CAIXA P/ REGISTRO DE DESCARGA EM ALVENARIA DE TIJOLO MACIÇO DN ATÉ 200mm","UN",571.74]
["C3412","CAIXA P/ REGISTRO DE DESCARGA EM ALVENARIA DE TIJOLO MACIÇO  200<DN<=500mm","UN",{"v":1816.07,"d":"1,816.07"}]
[]
["C3413","CAIXA P/ REGISTRO DE DESCARGA EM ALVENARIA DE TIJOLO MACIÇO  500<DN<=700mm","UN",{"v":2771.18,"d":"2,771.18"}]
[]
["C3414","CAIXA P/ REGISTRO DE DESCARGA EM ALVENARIA DE TIJOLO MACIÇO  700<DN<=900mm","UN",{"v":3451.89,"d":"3,451.89"}]
[]
["C0653","CAIXA P/REGISTRO OU VENTOSA EM ALVENARIA DE TIJOLO MACIÇO, DN ATÉ 200mm","UN",381.14]
["C0650","CAIXA P/REGISTRO OU VENTOSA EM ALVENARIA DE TIJOLO MACIÇO, 200<DN<=500mm","UN",{"v":1625.47,"d":"1,625.47"}]
["C0651","CAIXA P/REGISTRO OU VENTOSA EM ALVENARIA DE TIJOLO MACIÇO, 500<DN<=700mm","UN",{"v":2456.52,"d":"2,456.52"}]
["C0652","CAIXA P/REGISTRO OU VENTOSA EM ALVENARIA DE TIJOLO MACIÇO, 700<DN<=900mm","UN",{"v":3127.45,"d":"3,127.45"}]
["C4378","CAIXA SIFONADA EM PVC 185 x 150 x 75 mm C/ GRELHA CROMADA","UN",38.57]
["C4382","CAIXA SIFONADA DE ÓLEO 20 cm REBOCADA C/ TAMPA","UN",662.64]
["C0612","ESCAVAÇÃO MANUAL C/ APILOAMENTO DE  FUNDO P/ CAIXA EM ALVENARIA","UN",42.25]
["C2816","EXECUÇÃO COMPLETA DE TIL (LAJE DE FUNDO EM CONCRETO ARMADO)","UN",200.05]
["C4327","GRELHA DE FERRO FUNDIDO (900 x 500 x 70 mm)","UN",505.83]
["C3583","MUTIRÃO MISTO - CAIXA DE GORDURA/SABÃO PRÉ MOLDADA","UN",48.54]
["C2907","POÇO DE VISITA, C/ANÉIS DE CONCRETO, PROF. ATÉ 1.00m, D= 600mm","UN",340.08]
["C2908","POÇO DE VISITA, C/ANÉIS DE CONCRETO, PROF. ATÉ 1.50m, D=1000mm","UN",924.93]
["C2909","POÇO DE VISITA, C/ANÉIS DE CONCRETO, PROF. ATÉ 1.50m, D=1200mm","UN",{"v":1148.3,"d":"1,148.30"}]
["C4572","POÇO DE VISITA PRÉ-MOLDADO PARA GALERIA DE ÁGUAS PLUVIAIS Ø 1,0 m E PROFUNDIDADE 2,0m","UN",{"v":1549.34,"d":"1,549.34"}]
[]
["C4764","POÇO TUBULAR C/ TUBO GEOMECÂNICO DE 6``, PROFUNDIDADE 100M, COMPLETAMENTE EXECUTADO, INCLUSIVE MARCAÇÃO (FORNECIMENTO E EXECUÇÃO)","UN",{"v":26500,"d":"26,500.00"}]
[]
["C3648","RESERVATÓRIO PRÉ MOLDADO ELEVADO CILÍNDRICO D=2,0M, CAP.=12,0M3, H=9,0M COMPLETO E CISTERNA CAP.=4,5 M3","UN",{"v":21540.92,"d":"21,540.92"}]
[]
["C4573","POÇO DE VISITA PRÉ-MOLDADO PARA GALERIA DE ÁGUAS PLUVIAIS Ø 2,0 m E PROFUNDIDADE 3,0m","UN",{"v":1918.48,"d":"1,918.48"}]
[]
["C4574","POÇO DE VISITA PRÉ-MOLDADO PARA GALERIA DE ÁGUAS PLUVIAIS Ø 1,0 m E PROFUNDIDADE 4,0m","UN",{"v":2293.17,"d":"2,293.17"}]
[]
["C4312","SOBRETAMPA EM FERRO FUNDIDO COM D=600mm","UN",{"v":389.1,"d":"389.10"}]
["C4328","SOBRETAMPA EM FERRO FUNDIDO C/ D=800 mm","UN",475.07]
["C4772","TAMPA EM CONCRETO ARMADO, ESPESSURA 0,05M","M2",47.76]
["C4773","TAMPA EM CONCRETO ARMADO, ESPESSURA 0,08M","M2",76.42]
["C4783","TAMPA EM CONCRETO ARMADO, ESPESSURA 0,15M","M2",143.28]
["C4610","TAMPA EM CONCRETO ARMADO (0,70 x 0,70 x 0,15 m)","UN",70.21]
["C4609","TAMPA EM CONCRETO ARMADO (0,80 x 0,80 x 0,15 m)","UN",{"v":91.7,"d":"91.70"}]
["C4611","TAMPA EM CONCRETO ARMADO (0,90 x 0,90 x 0,15 m)","UN",116.05]
["C4612","TAMPA EM CONCRETO ARMADO (1,00 x 1,00 x 0,15 m)","UN",143.28]
["C4216","TAMPA EM CONCRETO ARMADO PARA REGISTRO (70x70x12cm)","UN",57.24]
["C4399","TANQUE P/ RECOLHIMENTO DE ÓLEO EM ALVENARIA (FORNECIMENTO E INSTALAÇÃO)","UN",{"v":2453.34,"d":"2,453.34"}]
[]
["GRADEAMENTO, COMPORTA, VERTEDOURO E CALHAS",null,null,{"v":34817.58,"d":"34,817.58"}]
["C0663","CALHA PARSHALL EM FIBRA DE VIDRO PARA ÁGUA W:3\" (FORNECIMENTO E INSTALAÇÃO)","UN",{"v":1967.73,"d":"1,967.73"}]
[]
["C0664","CALHA PARSHALL EM FIBRA DE VIDRO PARA ÁGUA W:6\"(FORNECIMENTO E INSTALAÇÃO)","UN",{"v":2430.36,"d":"2,430.36"}]
[]
["C0665","CALHA PARSHALL EM FIBRA DE VIDRO PARA ÁGUA W:9\"(FORNECIMENTO E INSTALAÇÃO)","UN",{"v":3306.21,"d":"3,306.21"}]
[]
["C4742","CALHA PARSHALL EM FIBRA DE VIDRO PARA ÁGUA W:12\" (FORNECIMENTO E INSTALAÇÃO)","UN",{"v":7280.39,"d":"7,280.39"}]
[]
["C4743","CALHA PARSHALL EM FIBRA DE VIDRO PARA ESGOTO W:3\" (FORNECIMENTO E INSTALAÇÃO)","UN",{"v":1967.73,"d":"1,967.73"}]
[]
["C4744","CALHA PARSHALL EM FIBRA DE VIDRO PARA ESGOTO W:6\" (FORNECIMENTO E INSTALAÇÃO)","UN",{"v":2430.36,"d":"2,430.36"}]
[]
["C4745","CALHA PARSHALL EM FIBRA DE VIDRO PARA ESGOTO W:9\" (FORNECIMENTO E INSTALAÇÃO)","UN",{"v":3306.21,"d":"3,306.21"}]
[]
["C4746","CALHA PARSHALL EM FIBRA DE VIDRO PARA ESGOTO W:12\" (FORNECIMENTO E INSTALAÇÃO)","UN",{"v":7280.39,"d":"7,280.39"}]
[]
["C0823","COMPORTA EM FIBRA, CALHA EM ALUMÍNIO","M2",409.66]
["C0824","COMPORTA EM MADEIRA TRATADA C/ÓLEO DE LINHAÇA, CALHA ALUMÍNIO","M2",{"v":141.4,"d":"141.40"}]
["C2734","DRENO DE FUNDO EM PVC DO FILTRO D=1.50m, PADRÃO CAGECE","UN",294.17]
["C2735","DRENO DE FUNDO EM PVC DO FILTRO D=2.20m, PADRÃO CAGECE","UN",447.88]
["C2736","DRENO DE FUNDO EM PVC DO FILTRO D=2.80m, PADRÃO CAGECE","UN",932.46]
["C2737","DRENO DE FUNDO EM PVC DO FILTRO D=3.20m, PADRÃO CAGECE","UN",{"v":1084.62,"d":"1,084.62"}]
["C2815","GRADE DE PVC DE 25 mm P/ CAIXA DE NÍVEL","UN",206.05]
["C2839","GRADE EM FERRO CHATO 1 1/4\" X 1/2\" ","M2",935.72]
["C2981","VERTEDOURO EM MADEIRA DE LEI TRATADA C/ÓLEO DE LINHAÇA","M2",79.01]
["C2982","VERTEDOURO TRIANGULAR EM CHAPA DE ALUMÍNIO ESP. 3/16\" (50x40)cm","UN",89.43]
["C2983","VERTEDOURO TRIANGULAR EM FIBRA E CANTONEIRA DE ALUMÍNIO","M2",227.82]
["LIGAÇÕES PREDIAIS",null,null,837.32]
["C3489","CAIXA DE INSPEÇÃO EM ALVENARIA P/ LIGAÇÃO CONDOMINIAL DI=30x30cm","UN",99.42]
["C3415","CAIXA EM ALVENARIA PARA LIGAÇÃO D´ÁGUA 1 1/2\" E 2\"","UN",313.36]
["C3738","INSTALAÇÃO DE TUBO DE VENTILAÇÃO 50mm C/ L=4m, C/ REBOCO E PINTURA A CAL (C/ MATERIAL)","UN",47.62]
[]
["C3739","INSTALAÇÃO DE TUBO DE VENTILAÇÃO 50mm C/ L=4m, COM REBOCO E PINTURA A CAL (SEM MATERIAL)","UN",11.02]
[]
["C2865","LIGAÇÃO PREDIAL D'ÁGUA PADRÃO CAGECE","UN",32.38]
["C3740","RAMAL INTRADOMICILIAR DE ESGOTO C/ TUBO 40mm","M",6.77]
["C3741","RAMAL INTRADOMICILIAR DE ESGOTO C/ TUBO 100mm","M",13.96]
["C2911","RAMAL PREDIAL COM PAVIMENTAÇÃO EM ASFALTO","M",{"v":13.4,"d":"13.40"}]
["C2912","RAMAL PREDIAL COM PAVIMENTAÇÃO EM PEDRA TOSCA OU PARALELO","M",13.23]
["C2919","RAMAL PREDIAL S/ PAVIMENTAÇÃO","M",7.82]
["C2913","RAMAL PREDIAL DE ESGOTO EM MBV 100mm, C/PAVIMENTO EM ASFALTO","M",52.28]
["C2914","RAMAL PREDIAL DE ESGOTO EM MBV 100mm, C/PAVIMENTO EM PEDRA TOSCA","M",51.48]
["C2915","RAMAL PREDIAL DE ESGOTO EM MBV 100mm, S/PAVIMENTO","M",41.11]
["C2916","RAMAL PREDIAL DE ESGOTO EM PVC 100mm, C/PAVIMENTO EM ASFALTO","M",55.89]
["C2917","RAMAL PREDIAL DE ESGOTO EM PVC 100mm, C/PAVIMENTO EM PEDRA TOSCA","M",39.94]
["C2918","RAMAL PREDIAL DE ESGOTO EM PVC 100mm, S/ PAVIMENTO","M",37.63]
["OUTROS ELEMENTOS",null,null,{"v":28491.74,"d":"28,491.74"}]
["C3435","ABRIGO P/ QUADRO COMANDO(54x54cm) DE POÇOS, ÁREA NÃO INUNDÁVEL","UN",438.06]
["C3433","ABRIGO P/ QUADRO COMANDO(108x108cm), POÇOS ÁREA NÃO INUNDÁVEL","UN",708.92]
["C3434","ABRIGO P/ QUADRO COMANDO(120x120cm),  COM MURETA DE 2,10m","UN",{"v":1677.28,"d":"1,677.28"}]
["C1079","DESOBSTRUÇÃO DE TUBULAÇÕES","M",16.16]
["C1250","ENVELOPE DE CONCRETO P/PROTEÇÃO DE TUBO PVC ENTERRADO","M",11.19]
["C1248","ENVELOPE DE CONCRETO P/TUBOS PVC ENTERRADO, TIPO C, FCK= 13,5MPa","M3",475.04]
["C4331","FORNECIMENTO E INSTALAÇÃO DE ESTAÇÃO DE TRATAMENTO DE ESGOTOS","UN",{"v":16683.51,"d":"16,683.51"}]
["C2832","FOSSA SÉPTICA E SUMIDOURO  EM ALVENARIA","UN",{"v":2556.77,"d":"2,556.77"}]
["C4162","FOSSA SÉPTICA E SUMIDOURO EM ANÉIS D=1,20M","UN",{"v":1901.59,"d":"1,901.59"}]
["C1436","GRELHA DE FERRO P/ CALHAS E CAIXAS","M2",140.58]
["C3995","GRELHA HEMISFÉRICA DE FERRO FUNDIDO D=150 mm (6\")","UN",111.69]
["C2852","LAJE C/FURO EXCÊNTRICO DE 600 MM P/POÇO DE VISITA D= 1000mm","UN",120.72]
["C2853","LAJE C/FURO EXCÊNTRICO DE 600 MM P/POÇO DE VISITA D=1200mm","UN",148.23]
["C2854","LAJE DE FUNDO P/POÇO DE VISITA C/ANÉIS PRÉ-MOLDADO D= 600mm","UN",174.71]
["C2856","LAJE DE FUNDO P/POÇO DE VISITA C/ANÉIS PRÉ-MOLDADO D=1000mm","UN",306.41]
["C2855","LAJE DE FUNDO P/POÇO DE VISITA C/ANÉIS PRÉ-MOLDADO D=1200mm","UN",364.99]
["C1948","PONTO HIDRÁULICO, MATERIAL E EXECUÇÃO","PT",148.84]
["C1950","PONTO SANITÁRIO, MATERIAL E EXECUÇÃO","PT",134.21]
["C4602","PONTO DE ESGOTO EM PVC P/ TANQUE E LAVATÓRIO MSD FUNASA TIPO 10 (MATERIAL E EXECUÇÃO)","PT",139.78]
[]
["C4603","PONTO DE ESGOTO EM PVC P/ SANITÁRIO INCLUSIVE COLUNA VENTILAÇÃO MSD FUNASA TIPO 10 (MATERIAL E EXECUÇÃO)","PT",146.91]
[]
["C4020","VASO DE EQUALIZAÇÃO DE 400 L","UN",{"v":2086.15,"d":"2,086.15"}]
["INSTALAÇÕES DE PRODUÇÃO",null,null,{"v":35644.95,"d":"35,644.95"}]
["C3465","INSTALAÇÃO E FORNECIMENTO DE MONOVIA: TRILHO, TROLLEY / TALHA MANUAL 0,5 T","UN",{"v":4724.69,"d":"4,724.69"}]
[]
["C3463","INSTALAÇÃO E FORNECIMENTO DE MONOVIA:TRILHO,TROLLEY / TALHA MANUAL 1,0 T","UN",{"v":5090.69,"d":"5,090.69"}]
["C3464","INSTALAÇÃO E FORNECIMENTO DE MONOVIA:TRILHO,TROLLEY / TALHA MANUAL 2,0 T","UN",{"v":5394.69,"d":"5,394.69"}]
["C3417","INSTALAÇÃO ELETROMECÂNICA DE CONJUNTO MOTO-BOMBA ATÉ 4 CV","UN",360.56]
["C3416","INSTALAÇÃO ELETROMECÂNICA DE CONJUNTO MOTO-BOMBA DE 4 À 7,5 CV","UN",{"v":1082.52,"d":"1,082.52"}]
["C3418","INSTALAÇÃO ELETROMECÂNICA DE CONJUNTO MOTO-BOMBA DE 7,5 À 15 CV","UN",{"v":2172.31,"d":"2,172.31"}]
["C3419","INSTALAÇÃO ELETROMECÂNICA DE CONJUNTO MOTO-BOMBA DE 15 À 50 CV","UN",{"v":2442.97,"d":"2,442.97"}]
["C3420","INSTALAÇÃO ELETROMECÂNICA DE CONJUNTO MOTO-BOMBA DE 50 À 100 CV","UN",{"v":3931.35,"d":"3,931.35"}]
["C3421","INSTALAÇÃO ELETROMECÂNICA DE CONJUNTO MOTO-BOMBA DE 100 À 200 CV","UN",{"v":4622.03,"d":"4,622.03"}]
["C3422","INSTALAÇÃO ELETROMECÂNICA DE CONJUNTO MOTO-BOMBA DE 200 À 500 CV","UN",{"v":5823.16,"d":"5,823.16"}]
["SERVIÇOS ESPECIAIS",null,null,{"v":153132.39,"d":"153,132.39"}]
["C3462","DESMONTAGEM DE TUBOS, CONEXÕES E PÇS ESPECIAIS, RESERVATÓRIO ELEVADO","UN",{"v":1531.99,"d":"1,531.99"}]
["C3523","FORNECIMENTO E MONTAGEM DE PLACA DE FIBRA DE 2,50mX1,20m, ESP. 3mm P/ FLOCULADOR","M2",{"v":118.9,"d":"118.90"}]
[]
["C4577","FORNECIMENTO E MONTAGEM DE PLACA EM FIBRA DE VIDRO e = 3,00mm","M2",141.38]
["C4578","FORNECIMENTO E MONTAGEM DE PLACA EM FIBRA DE VIDRO COM RESINA ISOFTÁLICA e = 3,00mm","M2",187.19]
[]
["C3471","MONTAGEM BARRILETE FILTRO FIBRA, KIT'S, PÇS VAZÃO ATÉ 50 m3/h","UN",{"v":4488.24,"d":"4,488.24"}]
["C3473","MONTAGEM BARRILETE FILTRO FIBRA, KIT'S, PÇS VAZÃO 95,01 À 230 m3/h","UN",{"v":11274.46,"d":"11,274.46"}]
["C3502","MONTAGEM DE TUBOS, CONEXÕES E EQUIPAMENTOS DE TRATAMENTO, CASA DE OPERAÇÃO","UN",{"v":1587.04,"d":"1,587.04"}]
[]
["C3496","MONTAGEM DE TUBOS, CONEXÕES E PÇS, ELEVATÓRIA CAP ATÉ 5 l/s","UN",{"v":1183.29,"d":"1,183.29"}]
["C3497","MONTAGEM DE TUBOS, CONEXÕES E PÇS, ELEVATÓRIA C/ VAZÃO DE 5,01 À 10 l/s","UN",{"v":1868.44,"d":"1,868.44"}]
["C3498","MONTAGEM DE TUBOS, CONEXÕES E PÇS, ELEVATÓRIA C/ VAZÃO DE 10,01 À 20 l/s","UN",{"v":4844.57,"d":"4,844.57"}]
["C3499","MONTAGEM DE TUBOS, CONEXÕES E PÇS, ELEVATÓRIA C/ VAZÃO DE 20,01 À 40 l/s","UN",{"v":9520.64,"d":"9,520.64"}]
["C3500","MONTAGEM DE TUBOS, CONEXÕES E PÇS, ELEVATÓRIA C/ VAZÃO DE 40,01 À 60 l/s","UN",{"v":16912.81,"d":"16,912.81"}]
["C3501","MONTAGEM DE TUBOS, CONEXÕES E PÇS, ELEVATÓRIA C/ VAZÃO DE 60,01 À 90 l/s","UN",{"v":21527.92,"d":"21,527.92"}]
["C3490","MONTAGEM DE TUBOS, CONEXÕES E PÇS, RESERVATÓRIO APOIADO CAP ATÉ 100 M3","UN",769.01]
["C3491","MONTAGEM DE TUBOS, CONEXÕES E PÇS, RESERVATÓRIO APOIADO CAP DE 100,01 À 300 M3","UN",{"v":1156.04,"d":"1,156.04"}]
[]
["C3492","MONTAGEM DE TUBOS, CONEXÕES E PÇS, RESERVATÓRIO APOIADO CAP DE 300,01 À 600 M3","UN",{"v":1548.13,"d":"1,548.13"}]
[]
["C3512","MONTAGEM DE TUBOS, CONEXÕES E PÇS, RESERVATÓRIO ELEVADO CAP. ATÉ 50 M3","UN",{"v":1330.61,"d":"1,330.61"}]
["C3493","MONTAGEM DE TUBOS, CONEXÕES E PÇS, RESERVATÓRIO ELEVADO CAP DE 50,01 À 100 M3","UN",{"v":2250.69,"d":"2,250.69"}]
[]
["C3494","MONTAGEM DE TUBOS, CONEXÕES E PÇS, RESERVATÓRIO ELEVADO CAP  DE 100,01 À 300 M3","UN",{"v":3136.43,"d":"3,136.43"}]
[]
["C3525","MONTAGEM DE TUBOS, CONEXÕES E PÇS ESPECIAIS EM FLOCULADOR/DECANTADOR","UN",{"v":2202.23,"d":"2,202.23"}]
["C3495","MONTAGEM DE TUBOS, CONEXÕES E PÇS, RESERVATÓRIO ELEVADO CAP  DE 300,01 À 600 M3","UN",{"v":4398.36,"d":"4,398.36"}]
[]
["C3461","MONTAGEM  DE TUBOS, CONEXÕES E PÇS ESPECIAIS, AERADOR BANDEJA","UN",{"v":2202.23,"d":"2,202.23"}]
["C3472","MONTAGEM BARRILETE FILTRO FIBRA, KIT'S, PÇS VAZÃO 50,01 À 95 m3/h","UN",{"v":8976.48,"d":"8,976.48"}]
["C3503","MONTAGEM DOS EQUIPAMENTOS DA ETE - REATOR E INSTALAÇÕES HIDRÁULICAS","CJ",{"v":28687.21,"d":"28,687.21"}]
["C3524","RECUPERAÇÃO DE PLACAS DE CONCRETO DOS FLOCULADORES","M2",133.22]
["C4613","TMND PARA TUBO 500<DN<=800mm","M",{"v":4471.37,"d":"4,471.37"}]
["C4614","TMND PARA TUBO 800<DN<=1200mm","M",{"v":6988.68,"d":"6,988.68"}]
["C4615","TMND PARA TUBO 1200<DN<=1500mm","M",{"v":9694.86,"d":"9,694.86"}]
["INSTALAÇÕES DIVERSAS",null,null,{"v":4028.44,"d":"4,028.44"}]
["C3509","INSTALAÇÕES HIDRO-SANITÁRIAS KIT-01 C/ FORN. DE MATERIAL","UN",553.16]
["C3510","INSTALAÇÕES HIDRO-SANITÁRIAS KIT-02 C/ FORN. DE MATERIAL","UN",852.81]
["C3511","INSTALAÇÕES HIDRO-SANITÁRIAS KIT-03 C/ FORN. DE MATERIAL","UN",807.41]
["C3457","MONTAGEM DAS INSTALAÇÕES HIDRO-SANITÁRIAS DAS ELEVATÓRIAS","UN",{"v":1795.3,"d":"1,795.30"}]
["C4006","REDE DE GÁS P/ COZINHA (FORN./MONTAGEM)","M",19.75]
["SERVIÇOS OPERACIONAIS",null,null,{"v":16490.58,"d":"16,490.58"}]
["INSTALAÇÃO E SUBSTITUIÇÃO DE HIDRÔMETRO",null,null,453.15]
["C2718","DESLOCAMENTO DE HIDRÔMETRO C/ CAIXA OU CAVALETE","UN",41.84]
["C2844","INST. DE HIDRÔMETRO E CAVALETE 1§ COMPART. (CASO H), RECUO (CASO G)","UN",33.23]
["C2845","INST. DE HIDRÔMETRO E CAVALETE C/ CAIXA NO MURO P002 (CASO I)","UN",{"v":43,"d":"43.00"}]
["C2846","INSTALAÇÃO DE HIDRANTE DE COLUNA","UN",83.03]
["C2847","INSTALAÇÃO DE HIDRANTE SUBTERRÂNEO","UN",116.69]
["C2848","INSTALAÇÃO OU SUBSTITUIÇÃO DE CAIXA DO HIDRÔMETRO","UN",20.79]
["C2956","SUBST. DE HIDRÔMETRO DA CALÇADA P/ PADRÃO CASO: A, B, C OU D C/ CAIXA","UN",44.21]
["C2957","SUBST. DE HIDRÔMETRO CAVALETE MONTADO C/RECUP. CALÇADA/MURO (CASO F)","UN",20.57]
["C2958","SUBSTITUIÇÃO OU INSTALAÇÃO DE HIDRÔMETRO EM CAVALETE MONTADO (CASO E,N)","UN",11.53]
[]
["C2963","SUBSTITUIÇÃO DE REGISTRO PVC 3/4\" NO CAVALETE","UN",8.45]
["C4201","SUBSTITUIÇÃO DE KIT CAVALETE (CASO E, N) CALÇADA / MURO (CASO F)","UN",{"v":11.5,"d":"11.50"}]
["C4202","SUBSTITUIÇÃO DE KIT CAVALETE MONTADO C/ RECUP. CALÇADA / MURO (CASO F)","UN",18.33]
["CORTE E SUPRESSÃO DE LIGAÇÃO",null,null,958.43]
["C0029","ADICIONAL DE LIGAÇÃO D'ÁGUA EM CORREDOR DE ATIVIDADE","UN",34.68]
["C0030","ADICIONAL DE LIGAÇÃO DE ESGOTO EM CORREDOR DE ATIVIDADE","UN",43.97]
["C0031","ADICIONAL DE SUPRESSÃO EM CORREDOR DE ATIVIDADE","UN",{"v":29.3,"d":"29.30"}]
["C3430","CORTE AGRAVADO E EXECUÇÃO DA LIGAÇÃO C/ FORNECIMENTO MATERIAL","UN",36.37]
["C4593","CORTE DO RAMAL PREDIAL DE ÁGUA DE MODO SIMPLES OU AGRAVADO E RELIGAÇÃO COM O FORNECIMENTO DE MATERIAL","UN",33.44]
[]
["C4594","CORTE E RELIGAÇÃO COM CHIBÁGUA COM FORNECIMENTO DE MATERIAL","UN",{"v":51.4,"d":"51.40"}]
["C4204","CORTE EM TUBULAÇÃO DE F°F° P/ LIGAÇÃO EM NOVO PV","UN",103.01]
["C0931","CORTE OU RELIGAÇÃO DE ÁGUA NO FERRULE(PAV. EM ASFALTO)","UN",37.16]
["C0932","CORTE OU RELIGAÇÃO DE ÁGUA NO FERRULE(PAV. EM P.TOSCA)","UN",26.55]
["C0933","CORTE OU RELIGAÇÃO DE ÁGUA NO MEIO FIO ATE 1\"(CAPITAL)","UN",19.32]
["C0934","CORTE OU RELIGAÇÃO DE ÁGUA NO MEIO FIO ATE 1\"(INTERIOR)","UN",15.66]
["C4719","CORTE OU RELIGAÇÃO DO RAMAL PREDIAL DE ÁGUA PELO MÉTODO AGRAVADO NO MEIO FIO, COM USO DE CARRO","UN",27.83]
[]
["C4718","CORTE OU RELIGAÇÃO SIMPLES COM A UTILIZAÇÃO DE CHAVE MAGNÉTICA, COM USO DE MOTO","UN",5.07]
[]
["C4716","CORTE SIMPLES DO RAMAL DE ÁGUA NO KIT CAVALETE COM USO DE MOTO","UN",7.13]
["C3432","CORTE SIMPLES E EXECUÇÃO DA SUPRESSÃO DE LIGAÇÃO C/ PAVIMENTO ASFÁLTICO","UN",67.44]
[]
["C3780","CORTE SIMPLES E EXECUÇÃO DA SUPRESSÃO DE LIGAÇÃO C/ PAVIMENTO DE PEDRA TOSCA","UN",32.25]
[]
["C4721","DESLOCAMENTO PARA EXECUÇÃO DE CORTE NA LIGAÇÃO PREDIAL, NÃO EFETIVADO","UN",3.15]
["C3431","CORTE SIMPLES E EXECUÇÃO DA SUPRESSÃO SEM PAVIMENTO","UN",31.51]
["C2721","DESOBSTRUÇÃO E LIMPEZA DE REDE ENTRE PV's DN ATE 200 C/VARETA","UN",49.94]
["C4717","RELIGAÇÃO SIMPLES DO RAMAL PREDIAL DE ÁGUA NO KIT CAVALETE COM USO DE MOTO","UN",{"v":5.2,"d":"5.20"}]
[]
["C4605","RELIGAÇÃO DO RAMAL PREDIAL DE ÁGUA EM QUALQUER TIPO DE PAVIMENTO DO LOGRADOURO COM O FORNECIMENTO DE MATERIAL","UN",17.88]
[]
["C4606","SUPRESSÃO DO RAMAL PREDIAL DE ÁGUA COM A REMOÇÃO DO HIDRÔMETRO EM LOGRADOURO SEM PAVIMENTO","UN",47.21]
[]
["C4607","SUPRESSÃO DO RAMAL PREDIAL DE ÁGUA COM A REMOÇÃO DO HIDRÔMETRO EM LOGRADOURO COM PAVIMENTO DE PEDRA TOSCA OU PARALELO","UN",52.98]
[]
["C4608","SUPRESSÃO DO RAMAL PREDIAL DE ÁGUA COM A REMOÇÃO DO HIDRÔMETRO EM LOGRADOURO COM PAVIMENTO EM ASFALTO","UN",{"v":104.8,"d":"104.80"}]
[]
["C4720","SUPRESSÃO DO RAMAL PREDIAL DE ÁGUA COM USO DE CHIBAGUA E RETIRADA DE HIDRÔMETRO","UN",37.58]
[]
["C2979","TRANSFERÊNCIA DE LIGAÇÃO EM REDE REMANEJADA","UN",10.62]
["C2986","VISITA AO LOCAL DA SUPRESSÃO (PAGAR SE HOUVER QUITAÇÃO APÓS VISITA)","UN",7.52]
["C4616","VISITA DE COBRANÇA COM ORDEM DE CORTE AOS CLIENTES INADIMPLENTES","UN",19.45]
["RETIRADA DE VAZAMENTO EM REDE E LIGAÇÃO D'ÁGUA/OUTROS",null,null,{"v":2077.45,"d":"2,077.45"}]
["C0810","COLOCAÇÃO DE REGISTRO EM REDE EM OPERAÇÃO DN  50 a 100","UN",40.27]
["C0811","COLOCAÇÃO DE REGISTRO EM REDE EM OPERAÇÃO DN 150 a 200","UN",56.38]
["C0812","COLOCAÇÃO DE REGISTRO EM REDE EM OPERAÇÃO DN 250 a 300","UN",72.49]
["C2719","DESOBSTRUÇÃO DE REDE EM TUBO FoFo ATÉ 75mm COM VARETAS","M",4.44]
["C2715","RETIRADA DE VAZAMENTO EM LIGAÇÃO, RUA COM PAVIMENTAÇÃO EM ASFALTO","UN",32.66]
["C2738","RETIRADA DE VAZAMENTO EM LIGAÇÃO, NA CALÇADA SEM PAVIMENTAÇÃO","UN",15.93]
["C2739","RETIRADA DE VAZAMENTO EM LIGAÇÃO, NA CALÇADA, QUALQUER TIPO DE PAVIMENTAÇÃO","UN",17.76]
[]
["C2740","RETIRADA DE VAZAMENTO EM LIGAÇÃO, RUA COM PAVIMENTAÇÃO EM PEDRA TOSCA OU PARALELO","UN",26.55]
[]
["C2741","RETIRADA DE VAZAMENTO EM LIGAÇÃO, RUA SEM PAVIMENTAÇÃO","UN",15.93]
["C2742","RETIRADA DE VAZAMENTO EM REDE DE CA/FoFo ATÉ DN 100mm, PAVIMENTAÇÃO EM ASFALTO","UN",{"v":89.1,"d":"89.10"}]
[]
["C2743","RETIRADA DE VAZAMENTO EM REDE DE CA/FoFo ATÉ DN 100mm, PAVIMENTAÇÃO EM PEDRA TOSCA","UN",77.13]
[]
["C2744","RETIRADA DE VAZAMENTO EM REDE DE CA/FoFo ATÉ DN 100mm, SEM PAVIMENTAÇÃO","UN",65.16]
["C2745","RETIRADA DE VAZAMENTO EM REDE DE CA/FoFo DN 150 À 250mm, PAVIMENTAÇÃO EM ASFALTO","UN",164.95]
[]
["C2746","RETIRADA DE VAZAMENTO EM REDE DE CA/FoFo DN 150 À 250mm, PAVIMENTAÇÃO EM PEDRA TOSCA","UN",152.98]
[]
["C2747","RETIRADA DE VAZAMENTO EM REDE DE CA/FoFo DN 150 À 250mm, S/ PAVIMENTAÇÃO","UN",141.02]
["C2748","RETIRADA DE VAZAMENTO EM REDE DE FoFo DN 300mm, PAVIMENTAÇÃO EM ASFALTO","UN",210.48]
[]
["C2749","RETIRADA DE VAZAMENTO EM REDE DE FoFo DN 300mm, PAVIMENTAÇÃO EM PEDRA TOSCA","UN",203.75]
[]
["C2750","RETIRADA DE VAZAMENTO EM REDE DE FoFo DN 300mm, S/ PAVIMENTAÇÃO","UN",191.78]
["C2751"," RETIRADA DE VAZAMENTO EM REDE DE PVC ATÉ DN 100mm, PAVIMENTAÇÃO EM ASFALTO","UN",74.38]
[]
["C2752","RETIRADA DE VAZAMENTO EM REDE DE PVC ATÉ DN 100mm, PAVIMENTAÇÃO EM PEDRA TOSCA","UN",62.41]
[]
["C2753","RETIRADA DE VAZAMENTO EM REDE DE PVC ATÉ DN 100mm, S/PAVIMENTAÇÃO","UN",49.09]
["C2754","RETIRADA DE VAZAMENTO EM REDE DE PVC/DEFoFo DN 150 À 250mm","UN",113.17]
["C2755","RETIRADA DE VAZAMENTO EM REDE DE PVC/DEFoFo DN 150 À 250mm, PAVIMENTAÇÃO EM PEDRA TOSCA","UN",99.98]
[]
["C2756","RETIRADA DE VAZAMENTO EM REDE DE PVC/DEFoFo DN 150 À 250mm, S/ PAVIMENTAÇÃO","UN",89.23]
[]
["C2890","RETIRADA DE VAZAMENTO NO CAVALETE","UN",10.45]
["INJETAMENTO EM TUBULAÇÃO",null,null,{"v":8085.08,"d":"8,085.08"}]
["C2762","INJETAMENTO EM TUBO EXISTENTE PVC ATE 100mm INCL. DESLOCAMENTO","UN",145.13]
["C2761","INJETAMENTO EM TUBO EXISTENTE PVC 100<DN<=200mm INCL. DESLOCAMENTO","UN",214.07]
["C2760","INJETAMENTO EM TUBO EXISTENTE FoFo ATE DN 200mm INCL. DESLOCAMENTO","UN",485.27]
["C2757","INJETAMENTO EM TUBO EXISTENTE DE PVC DN>200mm INCL. DESLOCAMENTO","UN",261.37]
["C2758","INJETAMENTO EM TUBO EXISTENTE FoFo 200<DN<=300mm INCL. DESLOCAMETO","UN",758.62]
["C2759","INJETAMENTO EM TUBO EXISTENTE FoFo 300<DN<=500mm INCL. DESLOCAMENTO","UN",{"v":1352.3,"d":"1,352.30"}]
["C4596","INJETAMENTO EM TUBO EXISTENTE FoFo 500<DN<=800 INCL. DESLOCAMENTO","UN",{"v":2163.69,"d":"2,163.69"}]
["C4597","INJETAMENTO EM TUBO EXISTENTE FoFo 800<DN<=1000 INCL. DESLOCAMENTO","UN",{"v":2704.61,"d":"2,704.61"}]
["MANUTENÇÃO EM REDE DE ESGOTO",null,null,{"v":1769.02,"d":"1,769.02"}]
["C0231","ASSENTAMENTO DE TAMPÃO FoFo P/ POÇO DE VISITA","UN",30.39]
["C0514","BY-PASS EM REDE DE ESGOTO","UN",41.48]
["C4074","CHUMBAMENTO DE RAMAL INTRA-DOMICILIAR DN 100 NA CAIXA DE INSPEÇÃO","UN",{"v":15.6,"d":"15.60"}]
["C0795","CHUMBAMENTO TUBULAÇÃO NO POÇO VISITA (BLOCO DE CONCRETO)","UN",45.42]
["C0813","COLOCAÇÃO DE TAMPA EM CAIXA DE INSPEÇÃO","UN",8.94]
["C0814","COLOCAÇÃO E CHUMBAMENTO LAJE EXCÊNTRICA, CHAMINÉ E TAMPÃO EM PV","UN",102.48]
["C0815","COLOCAÇÃO E CHUMBAMENTO LAJE EXCENTRICA E TAMPÃO EM PV","UN",{"v":87.9,"d":"87.90"}]
["C0816","COLOCAÇÃO TUBO CONCRETO PB D= 600 EM PV C/REJUNT./TRANSPORTE","UN",114.15]
["C0817","COLOCAÇÃO TUBO CONCRETO PB D=1000 EM PV C/REJUNT./TRANSPORTE","UN",224.83]
["C2721","DESOBSTRUÇÃO E LIMPEZA DE REDE ENTRE PV's DN ATE 200 C/VARETA","UN",49.94]
["C2720","DESOBSTRUÇÃO E LIMPEZA DE REDE ENTRE PV's DN 200,01 a 400 C/VARETA","UN",100.26]
["C2988","DESOBSTRUÇÃO E LIMPEZA DE REDE ESGOTO ENTRE PV's (INCLUSIVE)","M",1.57]
["C2722","DESOBSTRUÇÃO EM LIGAÇÃO DE ESGOTO DN 100 C/LIMPEZA DA CAIXA","UN",25.16]
["C2723","DESOBSTRUÇÃO EM LIGAÇÃO DE ESGOTO DN>100 C/LIMPEZA DA CAIXA","UN",25.16]
["C2725","DESOBSTRUÇÃO EM REDE ENTRE PV's DN ATE 200mm, C/EQUIP.A JATO","UN",14.93]
["C2724","DESOBSTRUÇÃO EM REDE ENTRE PV's DN 200,01 a 400mm, C/EQUIP. A JATO","UN",14.93]
["C2817","EXECUÇÃO DE CALHA EM CONCRETO NO POÇO DE VISITA","UN",63.63]
["C4212","LIMPEZA DE CAIXAS DE INSPEÇÃO","UN",23.98]
["C2866","LIMPEZA DE PV PROF. ATÉ 2.00m C/EQUIPAMENTO A VÁCUO","UN",{"v":20.5,"d":"20.50"}]
["C2871","LIMPEZA DE PV PROF. 2,01 a 3,00m C/EQUIPAMENTO A VACUO","UN",26.57]
["C2867","LIMPEZA DE PV PROF. MAIOR QUE 3.00m C/EQUIPAMENTO A VÁCUO","UN",44.26]
["C2868","LIMPEZA DE PV's PROF. ATE 2,00m, MANUAL","UN",62.17]
["C2869","LIMPEZA DE PV's PROF. ENTRE 2.00  A  3.00m, MANUAL","UN",93.36]
["C2870","LIMPEZA DE PV's PROF. MAIOR QUE 3.00m, MANUAL","UN",124.54]
["C2888","NIVELAMENTO DE TAMPÃO DO TIL/TERMINAL DE LIMPEZA","UN",70.21]
["C2889","NIVELAMENTO DE TAMPÃO EM POÇO DE VISITA","UN",141.37]
["C2934","RECUPERAÇÃO DE CAIXA DE INSPEÇÃO","UN",60.51]
["C2943","RETIRADA DE POÇO DE VISITA","UN",77.27]
["C2951","SONDAGEM E INSPEÇÃO EM POÇO DE VISITA","UN",11.89]
["C2977","TAMPONAMENTO PROVISÓRIO DE POÇO DE VISITA","UN",45.67]
["RECUPERAÇÃO DE TUBULAÇÃO",null,null,{"v":55.2,"d":"55.20"}]
["C2935","RECUPERAÇÃO TUBULAÇÃO FoFo DN 250mm (CORTE E DESBASTE PONTA)","UN",{"v":55.2,"d":"55.20"}]
["SERVIÇO COMERCIAL",null,null,{"v":3092.24,"d":"3,092.24"}]
["C4199","COLOCAÇÃO DE APARELHO ELIMINADOR DE AR","UN",129.67]
["C4200","COLOCAÇÃO DE VENTOSA EM REDE EM OPERAÇÃO DN 150 A 200","UN",185.79]
["C2766","ENSAIO DE HIDRÔMETRO","BAN",55.08]
["C4207","INSTALAÇÃO DE MACROMEDIDOR TIPO WALTMANN PARA DIÂMETROS ATÉ 300mm","UN",611.56]
["C4206","INSTALAÇÃO DE MACROMEDIDOR TIPO WALTMANN PARA DIÂMETROS ENTRE 350mm E 600mm","UN",850.93]
[]
["C2859","LANÇAMENTO DE ESGOTO NO INTERCEPTOR","UN",19.46]
["C2880","MEDIÇÃO DE PRESSÃO E VAZÃO","UN",771.19]
["C4213","MONTAGEM DE TUBOS, CONEXÕES E PEÇAS ESPECIAIS, SUBST. REGISTRO P/ TOMADA D'ÁGUA","UN",{"v":252.5,"d":"252.50"}]
[]
["C2961","SUBSTITUIÇÃO DE REGISTRO COM VOLANTE 3/4\" (C/ MATERIAL)","UN",40.06]
["C2959","SUBSTITUIÇÃO DE REGISTRO COM VOLANTE 1\" (C/ MATERIAL)","UN",53.46]
["C2960","SUBSTITUIÇÃO DE REGISTRO COM VOLANTE 2\" (C/ MATERIAL)","UN",{"v":104.2,"d":"104.20"}]
["C2962","SUBSTITUIÇÃO DE REGISTRO DE PVC C/BORBOLETA 3/4\"(C/MATERIAL)","UN",18.35]
["INST. ELÉTRICAS, TELEFONIA, LÓGICA, SOM E SISTEMAS DE CONTROLE",null,null,{"v":25627481.11,"d":"25,627,481.11"}]
["ELETRODUTOS DE PVC E CONEXÕES",null,null,879.29]
["C1019","CURVA P/ELETRODUTO PVC ROSC. D= 20mm (1/2\")","UN",3.48]
["C1020","CURVA P/ELETRODUTO PVC ROSC. D= 25mm (3/4\")","UN",4.49]
["C1021","CURVA P/ELETRODUTO PVC ROSC. D= 32mm (1\")","UN",6.01]
["C1022","CURVA P/ELETRODUTO PVC ROSC. D= 40mm (1 1/4\")","UN",8.89]
["C1023","CURVA P/ELETRODUTO PVC ROSC. D= 50mm (1 1/2\")","UN",10.28]
["C1024","CURVA P/ELETRODUTO PVC ROSC. D= 60mm (2\")","UN",{"v":17.4,"d":"17.40"}]
["C1025","CURVA P/ELETRODUTO PVC ROSC. D= 75mm (2 1/2\")","UN",31.55]
["C1026","CURVA P/ELETRODUTO PVC ROSC. D= 85mm (3\")","UN",45.64]
["C1027","CURVA P/ELETRODUTO PVC ROSC. D=110mm (4\")","UN",59.22]
["C1028","CURVA VERTICAL 90 GRAUS PARA INTERLIGAÇÃO","UN",39.07]
["C1204","ELETRODUTO CONDULETE DE PVC DE 1/2\"","M",9.12]
["C1205","ELETRODUTO CONDULETE DE PVC DE 3/4\"","M",12.38]
["C1203","ELETRODUTO CONDULETE DE PVC DE 1\"","M",18.07]
["C1185","ELETRODUTO PVC ROSC. D= 20mm (1/2\")","M",6.27]
["C1186","ELETRODUTO PVC ROSC. D= 25mm (3/4\")","M",7.27]
["C1187","ELETRODUTO PVC ROSC. D= 32mm (1\")","M",9.04]
["C1188","ELETRODUTO PVC ROSC. D= 40mm (1 1/4\")","M",13.48]
["C1189","ELETRODUTO PVC ROSC. D= 50mm (1 1/2\")","M",16.73]
["C1190","ELETRODUTO PVC ROSC. D= 60mm (2\")","M",{"v":22.1,"d":"22.10"}]
["C1191","ELETRODUTO PVC ROSC. D= 75mm (2 1/2\")","M",{"v":36.3,"d":"36.30"}]
["C1192","ELETRODUTO PVC ROSC. D= 85mm (3\")","M",44.78]
["C1193","ELETRODUTO PVC ROSC. D=110mm (4\")","M",62.98]
["C1195","ELETRODUTO PVC ROSC.INCL.CONEXÕES D= 20mm (1/2\")","M",{"v":9.6,"d":"9.60"}]
["C1196","ELETRODUTO PVC ROSC.INCL.CONEXÕES D= 25mm (3/4\")","M",{"v":10.7,"d":"10.70"}]
["C1197","ELETRODUTO PVC ROSC.INCL.CONEXÕES D= 32mm (1\")","M",15.45]
["C1198","ELETRODUTO PVC ROSC.INCL.CONEXÕES D= 40mm (1 1/4\")","M",{"v":18.9,"d":"18.90"}]
["C1199","ELETRODUTO PVC ROSC.INCL.CONEXÕES D= 50mm (1 1/2\")","M",23.02]
["C1194","ELETRODUTO PVC ROSC.INCL.CONEXOES D= 60mm (2\")","M",{"v":27.9,"d":"27.90"}]
["C1200","ELETRODUTO PVC ROSC.INCL.CONEXÕES D= 75mm (2 1/2\")","M",43.83]
["C1202","ELETRODUTO PVC ROSC.INCL.CONEXÕES D=85MM (3\")","M",52.13]
["C1201","ELETRODUTO PVC ROSC.INCL.CONEXÕES D=110mm (4\")","M",71.67]
["C1184","ELETRODUTO FLEXÍVEL, TIPO GARGANTA","M",10.36]
["C1708","LUVA P/ELETRODUTO PVC ROSC. D= 20mm (1/2\")","UN",1.18]
["C1709","LUVA P/ELETRODUTO PVC ROSC. D= 25mm (3/4\")","UN",1.55]
["C1710","LUVA P/ELETRODUTO PVC ROSC. D= 32mm (1\")","UN",2.45]
["C1711","LUVA P/ELETRODUTO PVC ROSC. D= 40mm (1 1/4\")","UN",3.61]
["C1712","LUVA P/ELETRODUTO PVC ROSC. D= 50mm (1 1/2\")","UN",{"v":4.4,"d":"4.40"}]
["C1713","LUVA P/ELETRODUTO PVC ROSC. D= 60mm (2\")","UN",5.95]
["C1714","LUVA P/ELETRODUTO PVC ROSC. D= 75mm (2 1/2\")","UN",14.99]
["C1715","LUVA P/ELETRODUTO PVC ROSC. D= 85mm (3\")","UN",{"v":22.6,"d":"22.60"}]
["C1716","LUVA P/ELETRODUTO PVC ROSC. D=110mm (4\")","UN",37.26]
["C3566","MUTIRÃO MISTO - CURVA P/ELETRODUTO PVC ROSC. D=25mm (3/4\")","UN",3.45]
["C3568","MUTIRÃO MISTO - ELETRODUTO TIPO CONDULETE DE PVC DE 1/2\"","M",7.02]
["C3569","MUTIRÃO MISTO - ELETRODUTO DE PVC ROSC. D=25mm (3/4)\"","M",5.49]
["C3574","MUTIRÃO MISTO - LUVA P/ELETRODUTO PVC ROSC. D=25mm(3/4\")","UN",1.23]
["ELETRODUTOS DE ALUMÍNIO",null,null,287.21]
["C1179","ELETRODUTO DE ALUMÍNIO, INCLUSIVE CONEXÕES DE  3/4\"","M",{"v":18.1,"d":"18.10"}]
["C1181","ELETRODUTO DE ALUMÍNIO, INCLUSIVE CONEXÕES DE 1\"","M",22.75]
["C1178","ELETRODUTO DE ALUMÍNIO, INCLUSIVE CONEXÕES DE  1 1/4\"","M",28.66]
["C1180","ELETRODUTO DE ALUMÍNIO, INCLUSIVE CONEXÕES DE 1 1/2\"","M",34.21]
["C1183","ELETRODUTO DE ALUMÍNIO, INCLUSIVE CONEXÕES DE 2\"","M",48.63]
["C1182","ELETRODUTO DE ALUMÍNIO, INCLUSIVE CONEXÕES DE 2 1/2\"","M",58.22]
["C4536","ELETRODUTO DE ALUMÍNIO, INCLUSIVE CONEXÕES DE 3\"","M",76.61]
["DUTOS E ACESSÓRIOS",null,null,{"v":1350.02,"d":"1,350.02"}]
["C1162","DUTO PERFURADO - PERFILADOS CHAPA DE AÇO (15X35)mm","M",25.32]
["C1153","DUTO PERFURADO -  PERFILADOS CHAPA DE AÇO (19X38)mm","M",27.07]
["C1163","DUTO PERFURADO - PERFILADOS CHAPA DE AÇO (25X25)mm","M",29.19]
["C1164","DUTO PERFURADO - PERFILADOS CHAPA DE AÇO (35X35)mm","M",29.62]
["C1165","DUTO PERFURADO - PERFILADOS CHAPA DE AÇO (38X38)mm","M",33.22]
["C1156","DUTO PERFURADO - ELETROCALHA CHAPA DE AÇO (25X20)mm","M",38.64]
["C1157","DUTO PERFURADO - ELETROCALHA CHAPA DE AÇO (25X75)mm","M",47.41]
["C1158","DUTO PERFURADO - ELETROCALHA CHAPA DE AÇO (50X50)mm","M",49.94]
["C1161","DUTO PERFURADO - ELETROCALHA DE CHAPA DE AÇO (50X75)mm","M",54.04]
["C1160","DUTO PERFURADO - ELETROCALHA DE CHAPA DE AÇO (50X100)mm","M",64.22]
["C1159","DUTO PERFURADO - ELETROCALHA CHAPA DE AÇO (75X75)mm","M",53.94]
["C1155","DUTO PERFURADO - ELETROCALHA CHAPA DE AÇO (100X100)mm","M",82.27]
["C1154","DUTO PERFURADO - ELETROCALHA CHAPA DE AÇO (100 X 200)mm","M",102.62]
["C4535","DUTO PERFURADO - ELETROCALHA CHAPA DE AÇO (100X300)mm","M",204.69]
["C3617","DUTOS FLEXÍVEIS EM PEAD (POLIETILENO DE ALTA DENSIDADE) - D=1 1/4\", INCLUSIVE CONEXÕES","M",{"v":16.3,"d":"16.30"}]
[]
["C3618","DUTOS FLEXÍVEIS EM PEAD (POLIETILENO DE ALTA DENSIDADE) - D=1 1/2\", INCLUSIVE CONEXÕES","M",20.19]
[]
["C3619","DUTOS FLEXÍVEIS EM PEAD (POLIETILENO DE ALTA DENSIDADE) - D=2\", INCLUSIVE CONEXÕES","M",{"v":23.1,"d":"23.10"}]
[]
["C3620","DUTOS FLEXÍVEIS EM PEAD (POLIETILENO DE ALTA DENSIDADE) - D=3\", INCLUSIVE CONEXÕES","M",34.71]
[]
["C3621","DUTOS FLEXÍVEIS EM PEAD (POLIETILENO DE ALTA DENSIDADE) - D=4\", INCLUSIVE CONEXÕES","M",40.82]
[]
["C3623","DUTOS FLEXÍVEIS EM PEAD (POLIETILENO DE ALTA DENSIDADE) - D=5\", INCLUSIVE CONEXÕES","M",74.76]
[]
["C3624","DUTOS FLEXÍVEIS EM PEAD (POLIETILENO DE ALTA DENSIDADE) - D=6\", INCLUSIVE CONEXÕES","M",77.71]
[]
["C2301","TAMPA NORMAL P/DUTO PERFURADO, ATE (100X100)mm","M",54.28]
["C2300","TAMPA NORMAL P/ DUTO PERFURADO, ATE (100 X200)mm","M",71.63]
["C4537","TAMPA NORMAL P/ DUTO PERFURADO, ATÉ (100 x 300) mm","M",94.31]
["CANALETAS",null,null,486.02]
["C0672","CANALETA PLÁSTICA (20 X 10)MM, SISTEMA \"X\"","M",8.24]
["C0673","CANALETA PLÁSTICA (50 X 20)MM, SISTEMA \"X\"","M",30.67]
["C0671","CANALETA PLÁSTICA (110 X 20)MM, SISTEMA \"X\"","M",62.37]
["C3515","CANALETA EVOLUTIVA SISTEMA DLP 60MM X 50MM COM DIVISÓRIA INTERNA","M",65.05]
["C4026","CANALETA DE CONCRETO 20cm x 20cm C/ TAMPA EM CHAPA DE ALUMÍNIO CORRUGADO","M",156.36]
[]
["C3516","COTOVELO 90 VARIAVEL SISTEMA DLP PARA CANALETA 60MM X 50MM COM DIVISÓRIA INTERNA","UN",38.67]
[]
["C3517","COTOVELO INTERNO SISTEMA DLP PARA CANALETA 60MM X 50MM COM DIVISÓRIA INTERNA","UN",40.57]
[]
["C3518","DERIVAÇÃO EM PVC SISTEMA DLP 60MM X 50MM","UN",43.07]
["C3520","GRAMPO DE SUSTENTAÇÃO DOS CABOS PARA CANALETA EM PVC SISTEMA DLP 60MM X 50MM","UN",5.67]
[]
["C1478","INSTALAÇÃO INTEGRADA DE CANALETA NO PISO (25X30)MM","M",{"v":19.7,"d":"19.70"}]
["C3519","LUVA PARA CANALETA SISTEMA DLP 60MM X 50MM","UN",15.62]
["CONEXÕES METÁLICAS",null,null,120.59]
["C0478","BUCHA E ARRUELA DE AÇO GALV. D= 15mm (1/2\")","PAR",1.05]
["C0479","BUCHA E ARRUELA DE AÇO GALV. D= 20mm (3/4\")","PAR",1.16]
["C0480","BUCHA E ARRUELA DE AÇO GALV. D= 25mm (1\")","PAR",1.36]
["C0481","BUCHA E ARRUELA DE AÇO GALV. D= 32mm (1 1/4\")","PAR",{"v":2.2,"d":"2.20"}]
["C0482","BUCHA E ARRUELA DE AÇO GALV. D= 40mm (1 1/2\")","PAR",2.74]
["C0483","BUCHA E ARRUELA DE AÇO GALV. D= 50mm (2\")","PAR",4.34]
["C0484","BUCHA E ARRUELA DE AÇO GALV. D= 65mm (2 1/2\")","PAR",7.09]
["C0485","BUCHA E ARRUELA DE AÇO GALV. D= 80mm (3\")","PAR",{"v":11.6,"d":"11.60"}]
["C0486","BUCHA E ARRUELA DE AÇO GALV. D= 90mm (3 1/2\")","PAR",15.85]
["C0487","BUCHA E ARRUELA DE AÇO GALV. D=100mm (4\")","PAR",13.93]
["C0466","BRAÇADEIRA TIPO \"D\", METÁLICA ATE 1\"","UN",4.06]
["C0467","BRAÇADEIRA TIPO \"D\", METÁLICA ATE 2\"","UN",5.04]
["C0468","BRAÇADEIRA TIPO \"D\", METÁLICA ATE 3\"","UN",6.03]
["C0469","BRAÇADEIRA TIPO \"D\", METÁLICA ATE 4\"","UN",6.24]
["C3481","CONECTOR DE CAIXA TIPO RETO (BOX RETO) EM AÇO  DIAM.=1\"","UN",4.73]
["C3480","CONECTOR DE CAIXA TIPO RETO (BOX RETO) EM AÇO  DIAM.=1 1/4\"","UN",7.34]
["C3479","CONECTOR DE CAIXA TIPO RETO (BOX RETO) EM AÇO  DIAM.=2\"","UN",9.24]
["C3484","SUPORTE DE EQUIPAMENTOS P/INSTALAÇÃO DE TOMADAS E INTERRUPTORES EM DUTOS DE ALUMÍNIO C/DIM. 73MM X 25MM","UN",16.57]
[]
["QUADROS / CAIXAS",null,null,{"v":131120.97,"d":"131,120.97"}]
["C0593","CAIXA AQUATIC PVC RÍGIDO REF. 921.07, C/ ENCAIXE","UN",94.81]
["C0594","CAIXA AQUATIC PVC RÍGIDO REF. 921.06 , S/ ENCAIXE","UN",{"v":84.4,"d":"84.40"}]
["C3504","CAIXA ALVENARIA / REBOCO / C/ TAMPA CONCRETO S/ FUNDO DI=30x30x50 cm","UN",94.24]
["C0591","CAIXA ALVENARIA/REBOCO C/TAMPA CONCRETO FUNDO BRITA 60x60x60cm","UN",170.18]
["C0592","CAIXA ALVENARIA/REBOCO C/TAMPA CONCRETO FUNDO BRITA 80x80x80cm","UN",258.67]
["C0596","CAIXA DE ALVENARIA C/ TAMPA SELADA PELA COELCE","UN",427.76]
["C0595","CAIXA DE ALUMINIO FUNDIDO (40X40X15)cm, C/TAMPA CEGA","UN",234.25]
["C3926","CAIXA DE CONCRETO P/ BASE METÁLICA","UN",400.34]
["C0598","CAIXA DE DERIVAÇÃO NO PISO 300X300MM OU 420X420MM","UN",51.71]
["C0620","CAIXA DE LIGAÇÃO C/TOMADA UNIVERSAL E TOMADA TEL.240X180MM","UN",106.54]
["C0617","CAIXA DE LIGAÇÃO C/2 TOMADAS UNIVERSAL E 2 P/TEL.250X250MM","UN",109.54]
["C0619","CAIXA DE LIGAÇÃO C/TOMADA P/TELEFONE D=9CM C/MOLDURA 11X11CM","UN",103.34]
["C0618","CAIXA DE LIGAÇÃO C/TOMADA DE 3P. D=9CM C/MOLDURA 11X11CM","UN",105.14]
["C0621","CAIXA DE LIGAÇÃO EM CHAPA AÇO ESTAMPADA, 3\"X3\", 4\"X2\",4\"X4\"","UN",4.65]
["C0616","CAIXA DE LIGAÇÃO EM CHAPA AÇO ESTAMPADA 4\"X6\", 5\"X5\"","UN",9.25]
["C0622","CAIXA DE LIGAÇÃO PLÁSTICA DE SOBREPOR, SISTEMA \"X\"","UN",10.22]
["C4762","CAIXA DE LIGAÇÃO PVC 4\" X 2\"","UN",5.39]
["C4761","CAIXA DE LIGAÇÃO PVC 4\" X 4\"","UN",6.45]
["C0626","CAIXA DE PASSAGEM COM TAMPA PARAFUSADA 100X100X80mm","UN",16.98]
["C0627","CAIXA DE PASSAGEM COM TAMPA PARAFUSADA 150X150X80mm","UN",28.36]
["C0628","CAIXA DE PASSAGEM COM TAMPA PARAFUSADA 200X200X100mm","UN",49.01]
["C0629","CAIXA DE PASSAGEM COM TAMPA PARAFUSADA 400X400X150mm","UN",102.72]
["C0630","CAIXA DE PASSAGEM COM TAMPA PARAFUSADA 500X500X150mm","UN",124.42]
["C0636","CAIXA DE PASSAGEM EM ALVENARIA - 1/2 TIJOLO COMUM","M2",89.95]
["C0635","CAIXA DE PASSAGEM EM ALVENARIA - 1 TIJOLO COMUM","M2",140.48]
["C0631","CAIXA EM ALVENARIA (40X40X60cm) DE 1/2 TIJOLO COMUM, LASTRO DE BRITA E TAMPA DE CONCRETO","UN",151.99]
[]
["C0624","CAIXA EM ALVENARIA (40X40X60cm) DE 1 TIJOLO COMUM, LASTRO DE BRITA E TAMPA DE CONCRETO","UN",257.41]
[]
["C0632","CAIXA EM ALVENARIA (60X60X60cm) DE 1/2 TIJOLO COMUM, LASTRO DE BRITA E TAMPA DE CONCRETO","UN",236.09]
[]
["C0625","CAIXA EM ALVENARIA (60X60X60cm) DE 1 TIJOLO COMUM, LASTRO DE BRITA E TAMPA DE CONCRETO","UN",367.57]
[]
["C0634","CAIXA EM ALVENARIA (80X80X60cm) DE 1/2 TIJOLO COMUM, LASTRO DE BRITA E TAMPA DE CONCRETO","UN",326.07]
[]
["C0633","CAIXA EM ALVENARIA (80X80X60cm) DE 1 TIJOLO COMUM, LASTRO DE BRITA E TAMPA DE CONCRETO","UN",480.64]
[]
["C3927","CAIXA DE PASSAGEM TIPO A P/ BALIZAMENTO NOTURNO (80x80x80cm)","UN",550.61]
["C3928","CAIXA DE PASSAGEM TIPO B P/ BALIZAMENTO NOTURNO (150x150x80cm)","UN",931.89]
["C0654","CAIXA PRÉ MOLDADA CONC.P/ AR CONDICIONADO","UN",125.51]
["C0856","CONDULETE DE PVC DE 1/2\", TIPO C - E - LL - LR","UN",12.41]
["C0857","CONDULETE DE PVC DE 3/4\" TIPO C - E - LL - LR","UN",15.89]
["C0855","CONDULETE DE PVC DE 1\" TIPO C - E - LL - LR","UN",21.96]
["C1406","FORNECIMENTO E INSTALAÇÃO DE BARRAMENTO DE COBRE P/QUADROS","KG",95.43]
["C3781","MEDIÇÃO TRIFÁSICA INSTALADA EM MURO - SAÍDA SUBTRRÂNEA","UN",{"v":1905.8,"d":"1,905.80"}]
["C3564","MUTIRÃO MISTO - CAIXA DE LIGAÇÃO EM CHAPA AÇO ESTAMPADA, 3\"X3\", 4\"X2\", 4\"X4\"","UN",3.08]
["C3578","MUTIRÃO MISTO - QUADRO DE MEDIÇÃO PADRÃO COELCE","UN",58.26]
["C1895","PETROLET ALUMÍNIO DE 1/2\", TIPO T - X - L","UN",12.79]
["C1890","PETROLET ALUMÍNIO DE 3/4\", TIPO T - X - L","UN",17.01]
["C1894","PETROLET ALUMÍNIO DE 1\", TIPO T - X - L","UN",23.17]
["C1893","PETROLET ALUMÍNIO DE 1 1/4\", TIPO T - X - L","UN",{"v":34.7,"d":"34.70"}]
["C1892","PETROLET ALUMÍNIO DE 1 1/2\", TIPO T - X - L","UN",{"v":39.7,"d":"39.70"}]
["C1896","PETROLET ALUMÍNIO DE 2\", TIPO T - X - L","UN",55.87]
["C1887","PETROLET ALUMÍNIO DE 2 1/2\", TIPO T - X - L","UN",94.19]
["C1889","PETROLET ALUMÍNIO DE 3\", TIPO T - X - L","UN",126.35]
["C1888","PETROLET ALUMÍNIO DE 3 1/2\", TIPO T - X - L","UN",136.99]
["C1891","PETROLET ALUMÍNIO DE 4\", TIPO T - X - L","UN",225.22]
["C1946","PONTE DE CRUZAMENTO EM CAIXA DE DERIVAÇÃO","UN",16.76]
["C2064","QUADRO ANUNCIADOR DE ENFERMARIA","UN",110.73]
["C2090","QUADRO P/ MEDIÇÃO EM POSTE DE CONCRETO","UN",{"v":1127.61,"d":"1,127.61"}]
["C2092","QUADRO P/ MEDIÇÃO PRIMÁRIA 15KV","UN",{"v":1099.77,"d":"1,099.77"}]
["C2091","QUADRO P/ MEDIÇÃO PRIMÁRIA 15KV HORA-SAZONAL","UN",{"v":1107.82,"d":"1,107.82"}]
["C2065","QUADRO DE COMANDO DE BOMBAS - COMPLETO","UN",269.43]
["C2076","QUADRO DE DISTRIBUIÇÃO EMBUTIR ATE 3 DIVISÕES, S/BARRAMENTO","UN",37.92]
["C2078","QUADRO DE DISTRIBUIÇÃO EMBUTIR ATE 6 DIVISÕES, S/BARRAMENTO","UN",52.62]
["C2066","QUADRO DE DISTRIBUIÇÃO DE LUZ SOBREPOR ATE 6 DIVISÕES, C/BARRAMENTO","UN",{"v":138.2,"d":"138.20"}]
["C2077","QUADRO DE DISTRIBUIÇÃO DE LUZ EMBUTIR ATE 6 DIVISÕES, C/BARRAMENTO","UN",{"v":138.2,"d":"138.20"}]
["C2067","QUADRO DE DISTRIBUIÇÃO DE LUZ EMBUTIR ATÉ 12 DIVISÕES 207X332X95mm, C/BARRAMENTO","UN",257.38]
[]
["C2068","QUADRO DE DISTRIBUIÇÃO DE LUZ EMBUTIR ATÉ 24 DIVISÕES 332X332X95mm, C/BARRAMENTO","UN",301.14]
[]
["C2069","QUADRO DE DISTRIBUIÇÃO DE LUZ EMBUTIR ATÉ 36 DIVISÕES 457X332X95mm, C/ BARRAMENTO","UN",332.35]
[]
["C2071","QUADRO DE DISTRIBUIÇÃO DE LUZ EMBUTIR ATÉ 72 DIVISÕES 457X646X95mm, C/BARRAMENTO","UN",{"v":569.2,"d":"569.20"}]
[]
["C2070","QUADRO DE DISTRIBUIÇÃO DE LUZ EMBUTIR ATÉ 72 DIVISÕES 457X646X150mm, C/BARRAMENTO","UN",600.38]
[]
["C2072","QUADRO DE DISTRIBUIÇÃO DE LUZ SOBREPOR ATÉ 12 DIVISÕES 255X315X135mm, C/BARRAMENTO","UN",284.47]
[]
["C2075","QUADRO DE DISTRIBUIÇÃO DE LUZ.SOBREPOR ATÉ 24 DIVISÕES 450X315X135mm, C/BARRAMENTO","UN",374.52]
[]
["C2074","QUADRO DE DISTRIBUIÇÃO DE LUZ.SOBREPOR ATE 64 DIVISÕES 650X440X205mm, C/BARRAMENTO","UN",576.45]
[]
["C2073","QUADRO DE DISTRIBUIÇÃO DE LUZ SOBREPOR ATÉ 128 DIVISÕES 650X875X205mm, C/BARRAMENTO","UN",{"v":821.3,"d":"821.30"}]
[]
["C2062","QUADRO DE DISTRIBUIÇÃO GERAL BAIXA TENSÃO, C/ACESSÓRIOS - 1UN DE MEDIÇÃO","UN",{"v":1865.6,"d":"1,865.60"}]
["C2061","QUADRO DE DISTRIBUIÇÃO GERAL BAIXA TENSÃO, C/ACESSÓRIOS- 3UN DE MEDIÇÃO","UN",{"v":2497.49,"d":"2,497.49"}]
["C2084","QUADRO DE DISTRIBUIÇÃO, PADRÃO TELEBRÁS 200X200X120mm","UN",57.98]
["C2085","QUADRO DE DISTRIBUIÇÃO, PADRÃO TELEBRÁS 400X400X120mm","UN",103.44]
["C2086","QUADRO DE DISTRIBUIÇÃO, PADRÃO TELEBRÁS 600X600X120mm","UN",{"v":164.2,"d":"164.20"}]
["C2087","QUADRO DE DISTRIBUIÇÃO, PADRÃO TELEBRÁS 800X800X120mm","UN",{"v":284.8,"d":"284.80"}]
["C2080","QUADRO DE DISTRIBUIÇÃO, PADRÃO TELEBRAS 1200X1000X150mm","UN",443.78]
["C2081","QUADRO DE DISTRIBUIÇÃO, PADRÃO TELEBRAS 1200X1200X150mm","UN",493.78]
["C2079","QUADRO DE DISTRIBUIÇÃO PADRÃO TELEBRAS-1200X1500X150mm","UN",537.64]
["C2082","QUADRO DE DISTRIBUIÇÃO, PADRÃO TELEBRAS 1200X1700X150mm","UN",{"v":845.7,"d":"845.70"}]
["C2088","QUADRO DE FORÇA, C/ BARRAMENTO (0.90X1.90X0.60)M","UN",{"v":2731.66,"d":"2,731.66"}]
["C2089","QUADRO DE FORÇA, C/ BARRAMENTO (1.80X1.90X0.60)M","UN",{"v":5369.76,"d":"5,369.76"}]
["C3925","QUADRO DE FORÇA P/ 10kW","UN",{"v":9119.25,"d":"9,119.25"}]
["C3579","QUADRO DE MEDIÇÃO PADRÃO COELCE - PADRÃO POPULAR","UN",68.74]
["C3969","QUADRO GERAL MÉDIA TENSÃO","UN",{"v":79102.25,"d":"79,102.25"}]
["C4027","QUADRO GERAL, COM BARRAMENTO - 15 kV, METÁLICO CHAPA 11MSG, PINTURA EPÓXI, 2,30 x 1,00 x 2,00 - INSTALADO","CJ",{"v":8922.49,"d":"8,922.49"}]
[]
["C4052","QUADRO METÁLICO (600 x 400 x 400)mm - INSTALADO","UN",{"v":1037.9,"d":"1,037.90"}]
["C2299","TAMPA DE CONCRETO ESP.= 5cm P/CAIXA EM ALVENARIA ","M2",122.84]
["FIOS, CABOS E ACESSÓRIOS",null,null,{"v":7126.93,"d":"7,126.93"}]
["C3424","ABRAÇADEIRA EM FERRO 1 1/4 X 1/2\" C/ PINTURA EPOXI D = 150MM","UN",21.96]
["C4038","ACESSÓRIOS DE BAIXA TENSÃO","CJ",357.45]
["C4030","ACESSÓRIOS DE MÉDIA TENSÃO","CJ",{"v":3717.53,"d":"3,717.53"}]
["C0111","ARAME GALVANIZADO PARA PESCA","M",{"v":1.7,"d":"1.70"}]
["C3750","CABO DE FIBRA ÓPTICA, 01 PAR","M",5.23]
["C3751","CABO DE FIBRA ÓPTICA, 02 PARES","M",6.34]
["C3752","CABO DE FIBRA ÓPTICA, 03 PARES","M",6.82]
["C3753","CABO DE FIBRA ÓPTICA, 04 PARES","M",{"v":7.2,"d":"7.20"}]
["C0522","CABO COBRE NU 6MM2","M",6.77]
["C0517","CABO COBRE NU 10MM2","M",{"v":7.2,"d":"7.20"}]
["C0518","CABO COBRE NU 16MM2","M",{"v":9.4,"d":"9.40"}]
["C0519","CABO COBRE NU 25MM2","M",12.28]
["C0520","CABO COBRE NU 35MM2","M",19.05]
["C0521","CABO COBRE NU 50MM2","M",24.75]
["C0523","CABO COBRE NU 70MM2","M",32.04]
["C3907","CABO COBRE NU, FORMAÇÃO 7 FIOS, 10mm²","M",7.96]
["C4558","CABO CORDPLAST (CABO PP) 3 x 2,50 mm²","M",6.07]
["C4377","CABO EM PVC 1000V 2,5 mm²","M",4.21]
["C0554","CABO EM PVC 1000V  4MM2","M",{"v":5.7,"d":"5.70"}]
["C0556","CABO EM PVC 1000V  6MM2","M",6.63]
["C0547","CABO EM PVC 1000V  10MM2","M",8.76]
["C0550","CABO EM PVC 1000V  16MM2","M",11.95]
["C0553","CABO EM PVC 1000V  25MM2","M",16.59]
["C0558","CABO EM PVC 1000V  35MM2","M",21.52]
["C0555","CABO EM PVC 1000V  50MM2","M",28.29]
["C0559","CABO EM PVC 1000V  70MM2","M",39.36]
["C0557","CABO EM PVC 1000V  95MM2","M",52.38]
["C0548","CABO EM PVC 1000V  120MM2","M",61.56]
["C0549","CABO EM PVC 1000V  150MM2","M",77.86]
["C0551","CABO EM PVC 1000V  185MM2","M",96.41]
["C0552","CABO EM PVC 1000V  240MM2","M",121.54]
["C4771","CABO EM PVC 1000V 300MM2","M",144.81]
["C4538","CABO EM PVC 15000V 35MM2","M",51.98]
["C4539","CABO EM PVC 15000V 120MM2","M",76.95]
["C0540","CABO ISOLADO PVC 750V 2,5MM2","M",3.87]
["C0534","CABO ISOLADO PVC 750V 4MM2","M",4.63]
["C0537","CABO ISOLADO PVC 750V 6MM2","M",5.68]
["C0524","CABO ISOLADO PVC 750V 10MM2","M",7.77]
["C0527","CABO ISOLADO PVC 750V 16MM2","M",10.62]
["C0530","CABO ISOLADO PVC 750V 25 MM2","M",14.41]
["C0532","CABO ISOLADO PVC 750V 35MM2","M",19.87]
["C0536","CABO ISOLADO PVC 750V 50MM2","M",25.53]
["C0538","CABO ISOLADO PVC 750V 70MM2","M",34.71]
["C0539","CABO ISOLADO PVC 750V 95MM2","M",44.42]
["C0525","CABO ISOLADO PVC 750V 120MM2","M",59.07]
["C0526","CABO ISOLADO PVC 750V 150MM2","M",72.29]
["C0528","CABO ISOLADO PVC 750V 185MM2","M",88.03]
["C0529","CABO ISOLADO PVC 750V 240MM2","M",111.21]
["C0531","CABO ISOLADO PVC 750V 300MM2","M",{"v":141.8,"d":"141.80"}]
["C0533","CABO ISOLADO PVC 750V 400MM2","M",188.84]
["C0535","CABO ISOLADO PVC 750V 500MM2","M",{"v":218.9,"d":"218.90"}]
["C0541","CABO LÓGICO 4 PARES, CATEGORIA 3 - UTP (10 MPBS)","M",7.21]
["C0542","CABO LÓGICO 4 PARES, CATEGORIA 4 - UTP (20 MPBS)","M",7.51]
["C0543","CABO LÓGICO 4 PARES, CATEGORIA 5 - UTP (100 MBPS)","M",7.88]
["C4533","CABO LÓGICO 4 PARES, CATEGORIA 6 - UTP","M",8.34]
["C4534","CABO LÓGICO CTP APL-100 - 50","M",35.93]
["C0544","CABO LÓGICO/VÍDEO COAXIAL 5O (OHMS)","M",7.41]
["C0545","CABO LÓGICO/VÍDEO COAXIAL 75 (OHMS)","M",7.69]
["C0546","CABO LÓGICO/VÍDEO COAXIAL 95 (OHMS)","M",7.98]
["C4031","CABO SINGELO ISOLAÇÃO 15 kV, DIÂMETRO 25 mm² - INSTALADO","M",27.03]
["C0562","CABO TELEFÔNICO CCI - 1","M",4.04]
["C0563","CABO TELEFÔNICO CCI - 2","M",4.42]
["C0564","CABO TELEFÔNICO CCI - 3","M",4.48]
["C0565","CABO TELEFÔNICO CCI - 4","M",4.56]
["C0566","CABO TELEFÔNICO CCI - 5","M",4.61]
["C0567","CABO TELEFÔNICO CCI - 6","M",5.48]
["C0568","CABO TELEFÔNICO CI 50-10","M",11.08]
["C0570","CABO TELEFÔNICO CI 50-20","M",15.86]
["C0572","CABO TELEFÔNICO CI 50-30","M",19.43]
["C0573","CABO TELEFÔNICO CI 50-50","M",29.86]
["C0569","CABO TELEFÔNICO CI 50-100","M",44.99]
["C0571","CABO TELEFÔNICO CI 50-200","M",56.69]
["C0574","CABO TELEFÔNICO CTP-APL 10","M",{"v":12.6,"d":"12.60"}]
["C0575","CABO TELEFÔNICO CTP-APL 20","M",{"v":17.5,"d":"17.50"}]
["C0578","CABO TELEFÔNICO CTP-APL 30","M",21.61]
["C0579","CABO TELEFÔNICO CTP-APL 50","M",{"v":26.3,"d":"26.30"}]
["C0576","CABO TELEFÔNICO CTP-APL 100","M",32.39]
["C0577","CABO TELEFÔNICO CTP-APL 200","M",{"v":25.2,"d":"25.20"}]
["C0560","CABO TELEFÔNICO CCE - 2","M",4.98]
["C0561","CABO TELEFÔNICO CCE - 3","M",{"v":5.2,"d":"5.20"}]
["C3908","CABO UNIPOLAR ISOLADO EM EPR 3,6/6kV, 10mm²","M",16.83]
["C0798","CLEATS PARA FIAÇÃO APARENTE","UN",3.38]
["C3565","CLEATS PARA FIAÇÃO APARENTE (MUTIRÃO MISTO)","UN",2.34]
["C3911","CONECTOR DE ATERRAMENTO TIPO K2C17-10mm BURDY","UN",14.28]
["C0859","CONECTOR SPLIT - BOLT P/ CABOS ATE 16MM2","UN",5.16]
["C0860","CONECTOR SPLIT - BOLT P/ CABOS ATE 35MM2","UN",7.58]
["C0858","CONECTOR SPLIT - BOLT P/ CABOS ATE 120MM2","UN",14.57]
["C0861","CONECTOR SPLIT - BOLT P/ CABOS ATE 500MM2","UN",84.02]
["C0869","CORDOALHA COBRE NÚ 35MM2 E ISOLADORES P/PARA-RAIO","M",{"v":29.3,"d":"29.30"}]
["C0870","CORDOALHA COBRE NÚ 70MM2 E ISOLADORES P/PARA-RAIO","M",43.54]
["C1369","FIO ISOLADO PVC P/750V 0.5MM2","M",2.12]
["C1370","FIO ISOLADO PVC P/750V 0.75MM2","M",2.52]
["C1373","FIO ISOLADO PVC P/750V 1MM2","M",2.79]
["C1371","FIO ISOLADO PVC P/750V 1.5 MM2","M",3.08]
["C1374","FIO ISOLADO PVC P/750V 2.5 MM2","M",3.63]
["C1375","FIO ISOLADO PVC P/750V 4MM2","M",4.56]
["C1376","FIO ISOLADO PVC P/750V 6MM2","M",5.22]
["C1372","FIO ISOLADO PVC P/750V 10MM2","M",8.05]
["C1377","FIO PARALELO ISOLADO, ( 2 X 0,75 )MM2","M",2.94]
["C1378","FIO PARALELO ISOLADO, ( 2 X 1,00 )MM2","M",3.66]
["C1379","FIO PARALELO ISOLADO, ( 2 X 1,50 )MM2","M",5.47]
["C3572","HASTE DE FERRO GALVANIZADO 1.20m PARA ATERRAMENTO (MUTIRÃO MISTO)","UN",18.63]
["C3922","KIT CONECTOR SN-10, 5kV-20A, CABO 10mm²","UN",{"v":81.9,"d":"81.90"}]
["C3570","MUTIRÃO MISTO - FIO ISOLADO PVC P/750V 1.5MM2","M",2.03]
["C3563","MUTIRÃO MISTO - CABO ISOLADO PVC 750V 6MM2","M",4.32]
["C3571","MUTIRÃO MISTO - FIO PARALELO ISOLADO, (2X0,75)MM2","M",{"v":2.2,"d":"2.20"}]
["C2455","TERMINAL DE PRESSÃO P/ CABOS ATÉ 16MM2","UN",8.01]
["C2457","TERMINAL DE PRESSÃO P/ CABOS ATÉ 35MM2","UN",13.25]
["C2454","TERMINAL DE PRESSÃO P/ CABOS ATÉ 120MM2","UN",17.68]
["C2456","TERMINAL DE PRESSÃO P/ CABOS ATÉ 240MM2","UN",26.09]
["C2458","TERMINAL DE PRESSÃO P/ CABOS ATÉ 500MM2","UN",54.67]
["C2459","TERMINAL DE PRESSÃO P/ VERGALHÕES DE COBRE 3/8\"","UN",24.79]
["C3482","TERMINAL OLHAL PARA CABO DE 1,50MM2 À 2,50MM2","UN",2.56]
["C3483","TERMINAL OLHAL PARA CABO DE 4,00MM2 À 6,00MM2","UN",2.71]
["C3478","VERGALHÃO ROSCA TOTAL DE 3/8\"","M",6.77]
["BASES, CHAVES E DISJUNTORES",null,null,{"v":179248.81,"d":"179,248.81"}]
["C0380","BASE DE FUSÍVEL DIAZED EM QUADRO DE DISTRIBUIÇÃO ATÉ 25A","UN",31.98]
["C0381","BASE DE FUSÍVEL DIAZED EM QUADRO DE DISTRIBUIÇÃO ATÉ 63A","UN",38.74]
["C0382","BASE DE FUSÍVEL NH 00 EM QUADRO DE DISTRIBUIÇÃO ATÉ 125A","UN",43.09]
["C0376","BASE DE FUSÍVEL TIPO 'NH' 1 ATÉ 250A EM QUADRO DE LUZ E FORÇA","UN",98.75]
["C0377","BASE DE FUSÍVEL TIPO 'NH' 2 ATÉ 400A EM QUADRO DE LUZ E FORÇA","UN",121.28]
["C0378","BASE DE FUSÍVEL TIPO 'NH' 3 ATÉ 630A EM QUADRO DE FORÇA","UN",210.12]
["C0379","BASE DE FUSÍVEL TIPO 'NH' 4 ATÉ 1250A EM QUADRO DE FORÇA","UN",{"v":1023.64,"d":"1,023.64"}]
["C4034","CAPACITOR 380 VAC, 25 KVAR - INSTALADO","CJ",971.77]
["C4057","CHAVE PRESSOSTÁTICA 2\" - INSTALADO","UN",{"v":391,"d":"391.00"}]
["C4769","CHAVE REVERSORA TRIPOLAR SOB CARGA 630A","UN",{"v":4425.64,"d":"4,425.64"}]
["C0789","CHAVE SECCIONADORA TRIPOLAR ACIONAM.FRONTAL ROTATIVO 16A","UN",130.45]
["C0792","CHAVE SECCIONADORA TRIPOLAR ACIONAM.FRONTAL ROTATIVO 25A","UN",155.09]
["C0793","CHAVE SECCIONADORA TRIPOLAR ACIONAM.FRONTAL ROTATIVO 40A","UN",252.82]
["C0794","CHAVE SECCIONADORA TRIPOLAR ACIONAM.FRONTAL ROTATIVO 63A","UN",326.01]
["C0787","CHAVE SECCIONADORA TRIPOLAR ACIONAM.FRONTAL ROTATIVO 100A","UN",579.38]
["C0788","CHAVE SECCIONADORA TRIPOLAR ACIONAM.FRONTAL ROTATIVO 125A","UN",637.09]
["C0790","CHAVE SECCIONADORA TRIPOLAR ACIONAM.FRONTAL ROTATIVO 200A","UN",391.16]
["C0791","CHAVE SECCIONADORA TRIPOLAR ACIONAM.FRONTAL ROTATIVO 250A","UN",391.16]
["C0783","CHAVE SECCIONADORA ACIONAMENTO POR ALAVANCA.MONOPOLAR 40A","UN",138.78]
["C0785","CHAVE SECCIONADORA ACIONAMENTO POR ALAVANCA.TRIPOLAR 40A","UN",164.03]
["C0786","CHAVE SECCIONADORA ACIONAMENTO POR ALAVANCA.TRIPOLAR 63A","UN",269.86]
["C0784","CHAVE SECCIONADORA ACIONAMENTO POR ALAVANCA.TRIPOLAR 100A","UN",420.85]
["C4032","CHAVE SECCIONADORA C/ FUSÍVEL, ABERTURA SOB CARGA, 15 kV, 160 A - INSTALADO","UN",{"v":1445.1,"d":"1,445.10"}]
["C4037","CHAVE SELETORA DE 3 POSIÇÕES - INSTALADO","UN",{"v":103.5,"d":"103.50"}]
["C4036","CONTACTOR 65A - INSTALADO","UN",{"v":529.3,"d":"529.30"}]
["C0780","CONTACTOR AUXILIAR 2NA + 2NF","UN",116.85]
["C0808","CONTROLADOR DE FATOR DE POTÊNCIA COM 8 ESTÁGIOS","UN",{"v":5231.22,"d":"5,231.22"}]
["C4028","DISJUNTOR DE MÉDIA TENSÃO SF6 15 kV, 630 A, 3 PÓLOS, 30 kA/15kV, EXTRAÍVEL - INSTALADO","UN",{"v":33878.25,"d":"33,878.25"}]
[]
["C1092","DISJUNTOR MONOPOLAR EM QUADRO DE DISTRIBUIÇÃO 10A","UN",15.48]
["C1093","DISJUNTOR MONOPOLAR EM QUADRO DE DISTRIBUIÇÃO 16A","UN",15.48]
["C1095","DISJUNTOR MONOPOLAR EM QUADRO DE DISTRIBUIÇÃO 20A","UN",15.48]
["C1096","DISJUNTOR MONOPOLAR EM QUADRO DE DISTRIBUIÇÃO 25A","UN",15.48]
["C1098","DISJUNTOR MONOPOLAR EM QUADRO DE DISTRIBUIÇÃO 32A","UN",20.68]
["C1099","DISJUNTOR MONOPOLAR EM QUADRO DE DISTRIBUIÇÃO 40A","UN",20.68]
["C1101","DISJUNTOR MONOPOLAR EM QUADRO DE DISTRIBUIÇÃO 50A","UN",20.68]
["C1081","DISJUNTOR BIPOLAR EM QUADRO DE DISTRIBUICAO 10A","UN",58.36]
["C1082","DISJUNTOR BIPOLAR EM QUADRO DE DISTRIBUIÇÃO 16A","UN",58.36]
["C1084","DISJUNTOR BIPOLAR EM QUADRO DE DISTRIBUIÇÃO 20A","UN",58.36]
["C1085","DISJUNTOR BIPOLAR EM QUADRO DE DISTRIBUIÇÃO 25A","UN",58.36]
["C1087","DISJUNTOR BIPOLAR EM QUADRO DE DISTRIBUIÇÃO 32A","UN",58.36]
["C1088","DISJUNTOR BIPOLAR EM QUADRO DE DISTRIBUIÇÃO 40A","UN",59.76]
["C1090","DISJUNTOR BIPOLAR EM QUADRO DE DISTRIBUIÇÃO 50A","UN",59.76]
["C4530","DISJUNTOR DIFERENCIAL DR-16A - 40A, 30mA","UN",132.25]
["C4774","DISJUNTOR TERMOMAGNETICO TRIPOLAR 800A/600V","UN",{"v":2653.25,"d":"2,653.25"}]
["C4531","DISJUNTOR DIFERENCIAL DR-80A, 30mA","UN",172.58]
["C1106","DISJUNTOR TRIPOLAR C/ACIONAMENTO NA PORTA DO Q.D.ATE 16 A","UN",70.09]
["C1111","DISJUNTOR TRIPOLAR C/ACIONAMENTO NA PORTA DO Q.D.ATE 32A","UN",79.59]
["C1114","DISJUNTOR TRIPOLAR C/ACIONAMENTO NA PORTA DO Q.D.ATE 63A","UN",{"v":116.9,"d":"116.90"}]
["C1104","DISJUNTOR TRIPOLAR C/ACIONAMENTO NA PORTA DO Q.D.ATE 100A","UN",{"v":191.4,"d":"191.40"}]
["C1108","DISJUNTOR TRIPOLAR C/ACIONAMENTO NA PORTA DO Q.D.ATE 160A","UN",232.92]
["C1109","DISJUNTOR TRIPOLAR C/ACIONAMENTO NA PORTA DO Q.D.ATE 250A","UN",{"v":1946.87,"d":"1,946.87"}]
["C1112","DISJUNTOR TRIPOLAR C/ACIONAMENTO NA PORTA DO Q.D.ATE 400A","UN",{"v":2159.87,"d":"2,159.87"}]
["C1113","DISJUNTOR TRIPOLAR C/ACIONAMENTO NA PORTA DO Q.D.ATE 630A","UN",{"v":2946.21,"d":"2,946.21"}]
["C1103","DISJUNTOR TRIPOLAR C/ACIONAMENTO NA PORTA DO Q.D.ATE 1000A","UN",{"v":12803.44,"d":"12,803.44"}]
["C1105","DISJUNTOR TRIPOLAR C/ACIONAMENTO NA PORTA DO Q.D.ATE 1250A","UN",{"v":12837.85,"d":"12,837.85"}]
["C1107","DISJUNTOR TRIPOLAR C/ACIONAMENTO NA PORTA DO Q.D.ATE 1600A","UN",{"v":15596.19,"d":"15,596.19"}]
["C1115","DISJUNTOR TRIPOLAR C/ACIONAMENTO NA PORTA DO Q.D.ATE 2500A","UN",{"v":28700.18,"d":"28,700.18"}]
["C1110","DISJUNTOR TRIPOLAR C/ACIONAMENTO NA PORTA DO Q.D.ATE 3150A","UN",{"v":28975.27,"d":"28,975.27"}]
["C1116","DISJUNTOR TRIPOLAR EM QUADRO DE DISTRIBUIÇÃO 175A","UN",232.92]
["C1118","DISJUNTOR TRIPOLAR EM QUADRO DE DISTRIBUIÇÃO 10A","UN",67.14]
["C1119","DISJUNTOR TRIPOLAR EM QUADRO DE DISTRIBUIÇÃO 16A","UN",67.14]
["C1121","DISJUNTOR TRIPOLAR EM QUADRO DE DISTRIBUIÇÃO 20A","UN",67.14]
["C1122","DISJUNTOR TRIPOLAR EM QUADRO DE DISTRIBUIÇÃO 25A","UN",67.14]
["C1124","DISJUNTOR TRIPOLAR EM QUADRO DE DISTRIBUIÇÃO 32A","UN",67.14]
["C1125","DISJUNTOR TRIPOLAR EM QUADRO DE DISTRIBUIÇÃO 40A","UN",67.14]
["C1127","DISJUNTOR TRIPOLAR EM QUADRO DE DISTRIBUIÇÃO 50A","UN",67.14]
["C1128","DISJUNTOR TRIPOLAR EM QUADRO DE DISTRIBUIÇÃO 60A","UN",99.47]
["C1130","DISJUNTOR TRIPOLAR EM QUADRO DE DISTRIBUIÇÃO 70A","UN",99.47]
["C1131","DISJUNTOR TRIPOLAR EM QUADRO DE DISTRIBUIÇÃO 90A","UN",99.47]
["C1117","DISJUNTOR TRIPOLAR EM QUADRO DE DISTRIBUIÇÃO 100A","UN",99.47]
["C4035","FUSÍVEL NH 100A - INSTALADO","UN",{"v":17.1,"d":"17.10"}]
["C3567","MUTIRÃO MISTO - DISJUNTOR MONOPOLAR EM QUADRO DE DISTRIBUIÇÃO DE 16A","UN",12.34]
["C4029","RELÉ DIGITAL MULTIFUNÇÃO, TRIFÁSICO, 115V, TENSÃO AUXILIAR 120Vcc - INSTALADO","UN",{"v":11667.88,"d":"11,667.88"}]
[]
["C2260","SECCIONADOR FUSÍVEL DIAZED MONOPOLAR ATE 25A","UN",79.33]
["C2261","SECCIONADOR FUSÍVEL DIAZED MONOPOLAR ATE 63A","UN",122.21]
["C2259","SECCIONADOR FUSÍVEL DIAZED BIPOLAR.ATE 25A","UN",228.29]
["C2258","SECCIONADOR FUSÍVEL DIAZED BIPOLAR ATE 63 A","UN",232.45]
["C2262","SECCIONADOR FUSÍVEL DIAZED TRIPOLAR ATE 25A, EM QUADRO DISTRIBUIÇÃO","UN",214.04]
["C2263","SECCIONADOR FUSÍVEL NH TRIPOLAR MANOBRA C/CARGA.ATE 125A","UN",{"v":254,"d":"254.00"}]
["C2264","SECCIONADOR FUSÍVEL NH TRIPOLAR MANOBRA C/CARGA.ATE 250A","UN",489.69]
["C2265","SECCIONADOR FUSÍVEL NH TRIPOLAR MANOBRA S/CARGA.ATE 250A","UN",489.69]
["C2266","SECCIONADOR FUSÍVEL NH TRIPOLAR MANOBRA S/CARGA.ATE 400A","UN",723.57]
["C2267","SECCIONADOR FUSÍVEL NH TRIPOLAR MANOBRA S/CARGA.ATE 630A","UN",950.34]
["TOMADAS / INTERRUPTORES / ESPELHOS",null,null,{"v":1716.38,"d":"1,716.38"}]
["C0597","CAIXA DE AÇO INOXIDÁVEL C/ 8 TOMADAS 2P+T/250V (COMPLETA)","UN",144.81]
["C3477","CAIXA DE PISO EM LATÃO P/ DUAS TOMADAS DIAM.=2\"","UN",61.84]
["C0670","CAMPAINHA TIPO SIRENE ESCOLAR, C/INTERRUPTOR PULSADOR","UN",162.78]
["C0863","CONJUNTO ARSTOP COMPLETO (15 A 30A)","UN",36.77]
["C1491","INTERRUPTOR UMA TECLA BIPOLAR PARALELO 20A 250V","UN",29.39]
["C1492","INTERRUPTOR UMA TECLA PARALELO 10A 250V","UN",14.47]
["C1493","INTERRUPTOR UMA TECLA PARALELO E TOMADA UNIVERSAL 10A 250V","UN",20.07]
["C1494","INTERRUPTOR UMA TECLA SIMPLES 10A 250V","UN",11.03]
["C1498","INTERRUPTOR.UMA TECLA SIMPLES UMA PARALELA.10A.250V","UN",{"v":22.7,"d":"22.70"}]
["C1497","INTERRUPTOR UMA TECLA SIMPLES UMA P/CAMPAINHA 10A 250V","UN",{"v":15.4,"d":"15.40"}]
["C1496","INTERRUPTOR UMA TECLA SIMPLES E TOMADA UNIVERSAL 10A 250V","UN",22.76]
["C1495","INTERRUPTOR UMA TECLA SIMPLES DUAS PARALELO 10A 250V","UN",30.82]
["C1490","INTERRUPTOR UMA TECLA 10A - 250V, SISTEMA \"X\"","UN",14.18]
["C1481","INTERRUPTOR DUAS TECLAS PARALELO 10A 250V","UN",26.59]
["C1482","INTERRUPTOR DUAS TECLAS PARALELO E TOMADA 10A 250V","UN",32.75]
["C1479","INTERRUPTOR DUAS TECLAS SIMPLES 10A 250V","UN",16.79]
["C1484","INTERRUPTOR DUAS TECLAS SIMPLES UMA PARALELO 10A 250V","UN",29.23]
["C1483","INTERRUPTOR DUAS TECLAS SIMPLES E TOMADA 10A 250V","UN",29.39]
["C1480","INTERRUPTOR DUAS TECLAS 10A - 250V, SISTEMA \"X\"","UN",17.06]
["C1485","INTERRUPTOR PULSADOR DE CAMPAINHA 10A 250V","UN",11.45]
["C1488","INTERRUPTOR TRES TECLAS PARALELO 10A 250V","UN",35.62]
["C1489","INTERRUPTOR TRES TECLAS SIMPLES 10A 250V","UN",25.62]
["C1486","INTERRUPTOR TECLA SIMPLES TECLA PARALELO E TOMADA 10A 250V","UN",29.03]
["C1487","INTERRUPTOR TIPO CHAMADA ENFERMARIA","UN",15.28]
["C3573","MUTIRÃO MISTO - INTERRUPTOR UMA TECLA SIMPLES E TOMADA UNIVERSAL 10A 250V","UN",18.88]
[]
["C3581","MUTIRÃO MISTO - SOQUETE DE BAQUELITE","UN",4.53]
["C1928","PLACA P/CAIXA ESTAMPADA 4\"X2\" OU 3\"X3\"","UN",{"v":3.3,"d":"3.30"}]
["C1929","PLACA P/CAIXA ESTAMPADA 4\"X4\"","UN",5.63]
["C1942","PLUG TRIPOLAR (3P+T) - 32A/380V","UN",44.48]
["C3580","SOQUETE DE BAQUELITE - PADRÃO POPULAR","UN",{"v":6.1,"d":"6.10"}]
["C2298","TAMPA CEGA PLÁSTICA, SISTEMA \"X\"","UN",9.59]
["C2484","TOMADA 2 POLOS MAIS TERRA 20A 250V","UN",19.14]
["C2480","TOMADA 2 POLOS MAIS TERRA 20A - 250V, SISTEMA \"X\"","UN",18.16]
["C2481","TOMADA C/TRAVA MECÂNICA E PLUG DE EMBUTIR 30A/250V","UN",58.58]
["C2482","TOMADA C/TRAVA MECÂNICA E PLUG, DE SOBREPOR 30A/250V","UN",58.58]
["C2483","TOMADA COMPLETA P/ COMPUTADOR","UN",25.75]
["C3485","TOMADA DE PISO FÊMEA PARA RJ-45 (LÓGICA)","UN",63.85]
["C4117","TOMADA ENERGIZADA TIPO PLUG DE GUITARRA PARA SPOT ORIENTÁVEL DE 50W. EMBUTIDA NO FORRO DE GESSO. DEMANDA TOTAL 60%","UN",16.09]
[]
["C2486","TOMADA P/TELEFONE 4 POLOS PADRÃO TELEBRAS","UN",20.16]
["C2487","TOMADA P/TELEFONE 4 POLOS, SISTEMA \"X\"","UN",20.78]
["C2488","TOMADA P/TELEFONE.PINO JACK 1/4\"","UN",15.94]
["C2485","TOMADA P/ COMPUTADOR, SISTEMA \"X\"","UN",19.58]
["C4174","TOMADA P/ CONEXÃO DE REDE C/ CONECTOR RJ 45 C/ ESPELHO EM CAIXA 4 x 4 (INSTALADA)","UN",21.52]
[]
["C3486","TOMADA P/ PISO FÊMEA PARA RJ-11(TELEFÔNICA)","UN",63.85]
["C2490","TOMADA TRIPOLAR, MAIS TERRA - 25A/250V","UN",43.25]
["C2491","TOMADA TRIPOLAR, MAIS TERRA - 30A/250V","UN",54.85]
["C2489","TOMADA TRIPOLAR (3P+T) - 32A/380V","UN",46.35]
["C2493","TOMADA UNIVERSAL 10A 250V","UN",10.93]
["C2492","TOMADA UNIVERSAL 10A - 250V, SISTEMA \"X\"","UN",{"v":16.6,"d":"16.60"}]
["C2494","TOMADA VOLTAMP - 30A (MACHO/FÊMEA)","UN",61.54]
["C2495","TOMADA VOLTAMP - 60A (MACHO/FÊMEA)","UN",112.55]
["LUMINÁRIAS INTERNAS / EXTERNAS / ACESSÓRIOS",null,null,{"v":51647.27,"d":"51,647.27"}]
["C4114","ARANDELA APLICADA NA LATERAL DO PILAR EM ALUMÍNIO FUNDIDO PINTADO COM REFLETOR EM ALUMÍNIO ANODIZADO E DIFUSOR EM VIDRO PLANO TEMPERADO TRANSPARENTE PARA LÂMPADA VAPOR METÁLICO 400W MAIS REATOR E IGNITOR","UN",722.17]
[]
["C4371","ARANDELA BLINDADA","UN",197.39]
["C4105","ARANDELA PARA FLUORESCENTE COMPACTA 18W EM ALUMÍNIO ANODIZADO E PINTADO POR PROCESSO ELETROSTÁTICO COM UM VISOR EM VIDRO FOSCO","UN",{"v":166.4,"d":"166.40"}]
[]
["C4106","ARANDELA PARA FLUORESCENTE COMPACTA 18W EM ALUMÍNIO ANODIZADO E PINTADO POR PROCESSO ELETROSTÁTICO COM DOIS VISORES EM VIDRO FOSCO","UN",192.29]
[]
["C4107","ARANDELA PARA LÂMPADA INCANDESCENTE 60W EM ALUMÍNIO ANODIZADO E PINTADO POR PROCESSO ELETROSTÁTICO COM REFLETOR EM ALUMÍNIO ANODIZADO ALTO BRILHO","UN",117.69]
[]
["C3906","BASE METÁLICA INCL. TUBO GALVANIZADO 2\" P/ LUMINÁRIA ELEVADA SN-05","UN",354.18]
["C1029","CÉLULA FOTOELÉTRICA P/ LÂMPADA,  ATÉ 250W","UN",45.55]
["C1030","CÉLULA FOTOELÉTRICA P/ LÂMPADA, ATÉ 1000W","UN",45.55]
["C4104","CLARABÓIA ARTIFICIAL 60X200CM COM DIFUSOR APOIADO NO FORRO E LUMINÁRIA MAIS REATOR ELETRÔNICO APLICADOS NA LAJE PARA 2 FLUORESCENTES 32W COR QUENTE","UN",133.56]
[]
["C0862","CONJUNTO  C/01 PÉTALA  E  LÂMPADA VAPOR METÁLICO 400W, MONTADA EM POSTE DE CONCRETO CIRCULAR - H=12M","UN",{"v":1898.89,"d":"1,898.89"}]
[]
["C3726","CONJUNTO C/02 PÉTALAS E LÂMPADAS VAPOR METÁLICO 400W, MONTADA EM POSTE DE CONCRETO CIRCULAR - H=12M","UN",{"v":2434.64,"d":"2,434.64"}]
[]
["C3727","CONJUNTO C/03 PÉTALAS E LÂMPADAS VAPOR METÁLICO 400W, MONTADA EM POSTE DE CONCRETO CIRCULAR - H=12M","UN",{"v":2976.7,"d":"2,976.70"}]
[]
["C3728","CONJUNTO C/04 PÉTALAS E LÂMPADAS VAPOR METÁLICO 400W, MONTADA EM POSTE DE CONCRETO CIRCULAR - H=12M","UN",{"v":3532.31,"d":"3,532.31"}]
[]
["C3915","GLOBO PRISMÁTICO AZUL PARA LUMINÁRIA SN-05 (45W)","UN",304.72]
["C3917","GLOBO PRISMÁTICO CLARO / ÂMBAR P/ LUMINÁRIA SN-05 (30W)","UN",398.42]
["C3916","GLOBO PRISMÁTICO CLARO PARA LUMINÁRIA SN-05 (30W)","UN",245.42]
["C3918","LÂMPADA 30W-6.6A, BASE MÉDIUM PREFOCUS","UN",126.55]
["C3919","LÂMPADA 45W-6.6A, BASE MÉDIUM PREFOCUS","UN",126.55]
["C1764","LÂMPADA DE SEGURANÇA RED.STANDART C/13.9CM","UN",323.94]
["C4103","LÂMPADA FLUORESCENTE 32W/3000K MAIS REATOR ELETRÔNICO FIXADOS SOBRE SANCA","UN",46.44]
[]
["C1765","LÂMPADA FLUORESCENTE DE 16W OU 20W (SUBSTITUIÇÃO)","UN",12.64]
["C1766","LÂMPADA FLUORESCENTE DE 32W OU 40W (SUBSTITUIÇÃO)","UN",12.64]
["C1767","LÂMPADA FLUORESCENTE, TIPO PL, ATE 13W (SUBSTITUIÇÃO)","UN",15.59]
["C1768","LÂMPADA HALÓGENA ATÉ 500W (SUBSTITUIÇÃO)","UN",37.04]
["C1769","LÂMPADA INCANDESCENTE  ATE 150W (SUBSTITUIÇÃO)","UN",6.04]
["C1763","LÂMPADA  MISTA DE 160  A 500W  (SUBSTITUIÇÃO)","UN",60.54]
["C1770","LÂMPADA VAPOR DE MERCÚRIO ATE 160W (SUBSTITUIÇÃO)","UN",33.44]
["C1771","LÂMPADA VAPOR DE MERCÚRIO ATE 250W  (SUBSTITUIÇÃO)","UN",32.08]
["C1773","LÂMPADA VAPOR DE MERCÚRIO ATÉ 400W (SUBSTITUIÇÃO)","UN",48.44]
["C1772","LÂMPADA VAPOR DE MERCÚRIO ATE 400W (SUBSTITUIÇÃO)","UN",48.44]
["C1776","LÂMPADA VAPOR DE SÓDIO ATE 70W  (SUBSTITUIÇÃO)","UN",34.94]
["C1774","LÂMPADA VAPOR DE SÓDIO ATE 250W  (SUBSTITUIÇÃO)","UN",48.34]
["C1775","LÂMPADA VAPOR DE SÓDIO ATE 400W (SUBSTITUIÇÃO)","UN",53.44]
["C1777","LÂMPADA VAPOR METÁLICO ATE 1000W (SUBSTITUIÇÃO)","UN",532.09]
["C1778","LÂMPADA VAPOR METÁLICO ATE 2000W (SUBSTITUIÇÃO)","UN",593.74]
["C4111","LUMINÁRIA APLICADA NAS LATERAIS DAS PAREDES EXPOSITORAS EM CHAPA DE AÇO PINTADA COM REFLETOR DE ALUMÍNIO ANODIZADO ALTO BRILHO E DIFUSOR EM VIDRO TRANSPARENTE TEMPERADO COM PONTO DE LUZ DE 300W A 2M DO PISO","UN",282.56]
[]
["C4100","LUMINÁRIA CILÍNDRICA DE EMBUTIR COM ANEL DE ARREMATE EM ALUMÍNIO ANODIZADO E PINTADO POR PROCESSO ELETROSTÁTICO COM REFLETOR EM ALUMÍNIO ANODIZADO ALTO BRILHO COM CONTROLE ANTIOFUSCAMENTO PARA LÂMPADA FLUORESCENTE COMPACTA DE 23W","UN",138.69]
[]
["C1650","LUMINÁRIA C/LÂMPADA INCANDESCENTE, A PROVA DE TEMPO, VAPOR, ETC.","UN",64.11]
["C1651","LUMINÁRIA C/LÂMPADA MISTA DE 160 A 500W","UN",696.03]
["C1652","LUMINÁRIA COMPLETA, EMBUTIDA EM LAJE P/ PRESÍDIO","UN",120.58]
["C1653","LUMINÁRIA DE ADVERTENCIA - INTERNA/EXTERNA","UN",71.86]
["C3627","LUMINÁRIA DE ALTO RENDIMENTO, CORPO EM ALUMÍNIO FUNDIDO P/ LÂMPADAS VAPOR DE SÓDIO 400W","UN",564.95]
[]
["C4109","LUMINÁRIA DE APLICAR EM CHAPA DE AÇO TRATADA E PINTADA EM EPÓXI BRANCO COM REFLETOR PARABÓLICO EM CHAPA DE ALUMÍNIO ANODIZADO ALTO BRILHO PARA LÂMPADA FLUORESCENTE 1X32W COR QUENTE MAIS REATOR AFP-PR","UN",145.53]
[]
["C4101","LUMINÁRIA DE EMBUTIR COM ANEL DE ARREMATE EM ALUMÍNIO ANODIZADO E PINTADO POR PROCESSO ELETROSTÁTICO COM REFLETOR EM ALUMÍNIO ANODIZADO ALTO BRILHO COM CONTROLE ANTIOFUSCAMENTO PARA LÂMPADA FLUORESCENTE COMPACTA DE 26W","UN",138.69]
[]
["C4102","LUMINÁRIA DE EMBUTIR COM ANEL DE ARREMATE EM ALUMÍNIO ANODIZADO E PINTADO POR PROCESSO ELETROSTÁTICO PARA LÂMPADA DICRÓICA DE 50W","UN",103.11]
[]
["C4540","LUMINÁRIA DE EMBUTIR CORPO E GRADE DE PROTEÇÃO EM LIGA DE ALUMÍNIO FUNDIDO, REFLETOR EM CHAPA DE ALUMÍNIO ANODIZADO","UN",120.71]
[]
["C4433","LUMINÁRIA DE EMBUTIR EM TETO, CIRCULAR, CORPO EM ALUMÍNIO ANODIZADO COM LÂMPADA HQI DE 70W","UN",149.45]
[]
["C4394","LUMINÁRIA DE EMERGÊNCIA","UN",264.08]
["C4412","LUMINÁRIA DE PISO MÓVEL, CORPO EM ALUMÍNIO, REFLETOR EM ALUMÍNIO ANODIZADO COM PROTETOR DE VIDRO EM GRADE DE ALUMÍNIO","UN",166.64]
[]
["C3628","LUMINÁRIA DECORATIVA, CORPO EM ALUMÍNIO FUNDIDO P/ LÂMPADAS VAPOR DE SÓDIO 250W","UN",447.83]
[]
["C3924","LUMINÁRIA ELEVADA MÉDIA INTENSIDADE SN-05","UN",345.74]
["C1659","LUMINÁRIA FECHADA, BRAÇO, LENTE DE VIDRO E LÂMPADA DE VAPOR DE MERCÚRIO 250W","UN",312.43]
[]
["C1658","LUMINÁRIA FECHADA, BRAÇO LENTE VIDRO C/ LÂMPADA DE VAPOR DE MERCÚRIO 400W","UN",341.46]
[]
["C1660","LUMINÁRIA FECHADA, BRAÇO, LENTE VIDRO E LÂMPADA DE VAPOR DE SÓDIO 360W","UN",390.16]
["C1662","LUMINÁRIA FLUORESCENTE COMPLETA (1 X 16)W","UN",65.28]
["C1637","LUMINÁRIA FLUORESCENTE COMPLETA (1 X 32)W","UN",81.69]
["C1661","LUMINÁRIA FLUORESCENTE COMPLETA ( 2 X 16 )W","UN",87.53]
["C1638","LUMINÁRIA FLUORESCENTE COMPLETA (2 X 32)W","UN",120.96]
["C1639","LUMINÁRIA FLUORESCENTE COMPLETA (4 X 16)W","UN",182.27]
["C1636","LUMINÁRIA FLUORESCENTE COMPLETA ( 4 X 32 )W","UN",226.48]
["C1640","LUMINÁRIA FLUORESCENTE COMPLETA C/1 LÂMPADA DE 20W","UN",{"v":55.2,"d":"55.20"}]
["C1663","LUMINÁRIA FLUORESCENTE COMPLETA C/ 1 LÂMPADA 40W","UN",56.08]
["C1665","LUMINÁRIA FLUORESCENTE COMPLETA C/2 LÂMPADAS DE 20W","UN",72.33]
["C1666","LUMINÁRIA FLUORESCENTE COMPLETA C/2 LÂMPADAS DE 40W","UN",{"v":84.1,"d":"84.10"}]
["C1667","LUMINÁRIA FLUORESCENTE COMPLETA C/2 LÂMPADAS DE 65W","UN",{"v":157.8,"d":"157.80"}]
["C1664","LUMINÁRIA FLUORESCENTE COMPLETA C/ 3 LÂMPADAS 40W","UN",102.39]
["C1641","LUMINÁRIA FLUORESCENTE COMPLETA C/4 LÂMPADAS DE 20W","UN",123.24]
["C1642","LUMINÁRIA FLUORESCENTE COMPLETA C/4 LÂMPADAS DE 40W","UN",155.98]
["C1668","LUMINÁRIA P/MUROS FECHADA  C/ LÂMPADA","UN",79.58]
["C1669","LUMINÁRIA PAREDE,TIPO ARANDELA C/ LÂMPADA INCANDESCENTE","UN",47.85]
["C4108","LUMINÁRIA QUADRADA EMBUTIDA NA PAREDE PARA LÂMPADA FLUORESCENTE COMPACTA 2X26W EM ALUMÍNIO FUNDIDO E PINTADO POR PROCESSO ELETROSTÁTICO COM REFLETOR EM ALUMÍNIO ANODIZADO ALTO BRILHO E DIFUSOR EM VIDRO TRANPARENTE PRISMÁTICO","UN",426.42]
[]
["C1671","LUMINÁRIA REFLETORA COM LÂMPADA HALÓGENA DICROICA 50W","UN",38.74]
["C1670","LUMINÁRIA REFLETORA COM LÂMPADA HALÓGENA DICROICA 75W","UN",57.71]
["C1672","LUMINÁRIA REFLETORA INTERNA SIMPLES C/OU S/VIDRO","UN",107.85]
["C1643","LUMINÁRIA REFLETORA.INTERNA.SIMPLES C/LÂMPADA MERCÚRIO","UN",112.64]
["C1673","LUMINÁRIA TIPO GLOBO PLÁSTICO C/ LÂMPADA INCANDESCENTE","UN",36.45]
["C1674","LUMINÁRIA TIPO GLOBO VIDRO C/ LAMPADA INCANDESCENTE","UN",57.05]
["C1675","LUMINÁRIA TIPO GLOBO VIDRO C/ LÂMPADA MISTA, ATÉ 160W","UN",70.85]
["C1676","LUMINÁRIA TIPO GLOBO VIDRO C/ LÂMPADA MISTA, ATÉ 500W","UN",111.55]
["C1677","LUMINÁRIA TIPO SPOT DIRECIONAL C/ BRAÇO E C/ LÂMPADA INCANDESCENTE","UN",58.35]
["C1678","LUMINÁRIA TIPO SPOT SIMPLES C/ LÂMPADA INCANDESCENTE","UN",32.25]
["C1875","PENDENTE OU PLAFONIER C/GLOBO LEITOSO C/ 1 LÂMPADA DE 60W","UN",33.28]
["C3921","PLACA SUPORTE P/ LUMINÁRIA SN-05","UN",240.78]
["C2001","POSTE CONCRETO H=10M, 1 PROJETOR, LÂMPADA DE VAPOR DE MERCÚRIO 250 A 400W","UN",{"v":1817.67,"d":"1,817.67"}]
[]
["C2003","POSTE CONCRETO H=10M, 2 PROJETORES, LÂMPADA DE VAPOR DE MERCÚRIO 250 A 400W","UN",{"v":2036.33,"d":"2,036.33"}]
[]
["C2002","POSTE CONCRETO H=10M, 2 PROJETORES, LÂMPADA DE VAPOR DE MERCÚRIO 400W","UN",{"v":2177.06,"d":"2,177.06"}]
["C2004","POSTE CONCRETO H=10M, 3 PROJETORES, LÂMPADA DE VAPOR DE MERCÚRIO 250 A 400W","UN",{"v":2255,"d":"2,255.00"}]
[]
["C2005","POSTE CONCRETO H=10M, 4 PROJETORES, LÂMPADA DE VAPOR DE MERCÚRIO 250 A 400W","UN",{"v":2473.66,"d":"2,473.66"}]
[]
["C2006","POSTE CONCRETO H=10M, PROJETOR, LÂMPADA DE VAPOR DE MERCÚRIO 400W","UN",{"v":1888.06,"d":"1,888.06"}]
["C2905","POSTE DE CONCRETO 9/150 DUPLO T, 1 LUMINÁRIA FECHADA VM 250W","UN",{"v":781.9,"d":"781.90"}]
["C2906","POSTE DE CONCRETO 9/150 DUPLO T, 2 LUMINÁRIAS FECHADAS VM 250W","UN",{"v":1012.63,"d":"1,012.63"}]
["C2008","POSTE DE CONCRETO P/ILUMINAÇÃO, ATÉ H=8.0OM","UN",591.17]
["C2007","POSTE DE CONCRETO P/ ILUMINAÇÃO, ATÉ H=11.0M","UN",935.83]
["C2009","POSTE DE FERRO P/ JARDIM H=2.80M, C/GLOBO E LÂMPADA VAPOR DE SÓDIO 70W","UN",408.13]
["C2010","POSTE DE FERRO P/JARDIM H=2.80M, C/GLOBO DE VIDRO, S/ LÂMPADA","UN",300.85]
["C3625","POSTE METÁLICO CÔNICO RETO FLANGEADO H=10.0m P/02 LUMINÁRIAS DECORATIVAS","UN",{"v":1127.86,"d":"1,127.86"}]
[]
["C3626","POSTE METÁLICO DECORATIVO CÔNICO RETO FLANGEADO H=4.0m P/01 OU 02 LUMINÁRIAS DECORATIVAS","UN",905.55]
[]
["C2047","PROJETOR DE ALUMÍNIO, C/ LÂMPADA FLUORESCENTE ATÉ PL-13W","UN",227.33]
["C2044","PROJETOR DE ALUMÍNIO, C/ LÂMPADA FLUORESCENTE ATÉ PL-18W","UN",228.08]
["C2045","PROJETOR DE ALUMÍNIO, C/ LÂMPADA DE VAPOR METÁLICO E FOTOCÉLULA ATÉ 400W","UN",469.66]
[]
["C2046","PROJETOR DE ALUMÍNIO, C/ LÂMPADA DE VAPOR METÁLICO E FOTOCÉLULA ATÉ 1000W","UN",{"v":1147.62,"d":"1,147.62"}]
[]
["C2048","PROJETOR C/ LÂMPADA DE VAPOR DE MERCÚRIO, C/FOTOCÉLULA","UN",285.65]
["C2050","PROJETOR C/LÂMPADA VAPOR DE  MERCÚRIO DE 250W OU 400W, COMPLETA","UN",235.75]
["C2051","PROJETOR C/ LÂMPADA VAPOR METÁLICO 1000W  C/FOTOCÉLULA","UN",{"v":1056.77,"d":"1,056.77"}]
["C2049","PROJETOR C/LÂMPADA HALÓGENA DUPLO ENVELOPE DE 500W","UN",231.29]
["C4115","PROJETOR EM ALUMÍNIO POLIDO COM REFLETOR EM ALUMÍNIO ANODIZADO E DIFUSOR EM VIDRO PLANO TEMPERADO TRANSPARENTE DIÂMETRO = 40CM PARA LÂMPADA VAPOR METÁLICO 400W C/ REATOR E IGNITOR","UN",679.37]
[]
["C4112","PROJETOR EMBUTIDO NO FORRO EM CHAPA DE AÇO PINTADA COM REFLETOR DE ALUMÍNIO ANODIZADO ALTO BRILHO E DIFUSOR EM VIDRO TRANSPARENTE TEMPERADO PARA LÂMPADA DE VAPOR METÁLICO 400W C/ REATOR E IGNITOR","UN",405.32]
[]
["C2052","PROJETOR EXTERNO DE ALTA POT.ATE 2000 W","UN",{"v":1014.35,"d":"1,014.35"}]
["C2053","PROJETOR EXTERNO P/ LÂMPADA DE VAPOR DE MERCÚRIO DE 250 OU 400 W","UN",235.75]
["C2054","PROJETOR LÂMPADA DE VAPOR DE MERCÚRIO 250W, C/FOTOCÉLULA","UN",296.35]
["C2055","PROJETOR TIPO CANHÃO LÂMPADA HALÓGENA 1000W","UN",{"v":1051.1,"d":"1,051.10"}]
["C3912","PROLONGAMENTO P/ BASE METÁLICA EXISTENTE","UN",493.23]
["C2105","REATOR AFP-220V, SIMPLES P/ LÂMPADA FLUORESCENTE (SUBSTITUIÇÃO)","UN",30.43]
["C2104","REATOR AFP-220V, DUPLO P/ LÂMPADA FLUORESCENTE (SUBSTITUIÇÃO)","UN",39.53]
["C2106","REATOR DE PARTIDA P/LÂMPADA VAPOR DE MERCÚRIO ATÉ 1000W","UN",93.27]
["C4110","SISTEMA DE ILUMINAÇÃO COM LED BRANCO PARA FIXAÇÃO LATERAL EM LINHA COM DISPERSÃO A 90 GRAUS E SUPORTE DE ALUMÍNIO, ALIMENTAÇÃO POR DRIVER REMOTO EM CORRENTE CONTÍNUA","M",619.91]
[]
["C4113","SPOT ORIENTÁVEL PARA PLUG DE GUITARRA. PARA LÂMPADAS DICRÓICAS DIVERSAS","UN",137.43]
["C4116","TRANSFORMADOR PARA LEDS","UN",{"v":51.4,"d":"51.40"}]
["APARELHOS ELÉTRICOS",null,null,{"v":14423.88,"d":"14,423.88"}]
["C0081","AMPERÍMETRO (72X72)MM, ESC. 0-250A","UN",112.73]
["C0082","AMPERÍMETRO (96X96)MM, ESC. 0-500A","UN",145.44]
["C0080","AMPERÍMETRO (144X144)MM, ESC. 0-1000A","UN",217.13]
["C0101","AQUECEDOR CENTRAL ELETROAUTOMATICO 220V-5060 A 7480W","UN",906.34]
["C0102","AQUECEDOR ELÉTRICO CAP.50  A 250L. 110/220V","UN",{"v":3750.16,"d":"3,750.16"}]
["C0103","AQUECEDOR INDIVIDUAL ELETROAUTOMATICO 220V - 4840 W","UN",14.72]
["C0465","BOTOEIRA EM ALUMÍNIO FUNDIDO \"LIGA - DESLIGA\"","UN",118.67]
["C1286","ESTABILIZADOR DE TENSÃO/CORRENTE DE 1KVA","UN",184.37]
["C1287","ESTABILIZADOR DE TENSÃO/CORRENTE DE 3KVA","UN",281.43]
["C1288","ESTABILIZADOR DE TENSÃO/CORRENTE DE 5KVA","UN",471.04]
["C1289","ESTABILIZADOR DE TENSÃO/CORRENTE DE 7.5KVA","UN",781.09]
["C1285","ESTABILIZADOR DE TENSÃO/CORRENTE DE 10KVA","UN",{"v":1257.47,"d":"1,257.47"}]
["C1354","EXAUSTOR ELETROMECÂNICO INDUSTRIAL D= 400MM","UN",{"v":1476.47,"d":"1,476.47"}]
["C1477","INSTALAÇÃO DE EXAUSTOR ELÉTRICO TIPO DOMICILIAR","UN",220.93]
["C2276","SINALIZADOR P/ ENTRADA E SAÍDA DE VEÍCULOS","UN",228.96]
["C2512","TRANSFORMADOR 2KVA MONOFASICO 220V/110V","UN",223.92]
["C2517","TRANSFORMADOR DE CORRENTE EM QD - FAIXA 50 A 250/5A","UN",{"v":118,"d":"118.00"}]
["C2518","TRANSFORMADOR DE CORRENTE EM QD - FAIXA 200 A 400/5A","UN",120.04]
["C2519","TRANSFORMADOR DE CORRENTE EM QD - FAIXA 400 A 800/5A","UN",126.84]
["C2520","TRANSFORMADOR DE CORRENTE EM QD - FAIXA 1000 A 1500/5A","UN",144.46]
["C4059","TRANSFORMADOR DE CORRENTE 15 KV - INSTALADO","UN",835.55]
["C0832","TRANSFORMADOR DE POTENCIAL 115 VAC 400 VA","UN",775.87]
["C4060","TRANSFORMADOR DE POTÊNCIA 15 KV - INSTALADO","UN",{"v":1161.41,"d":"1,161.41"}]
["C2664","VENTILADOR DE TETO METÁLICO","UN",194.15]
["C2682","VOLTÍMETRO (72X72)MM, ESC. 0-500V","UN",152.95]
["C2683","VOLTÍMETRO (96X96)MM, ESC. 0-500V","UN",181.72]
["C2681","VOLTÍMETRO (144X144)MM, ESC. 0-500V","UN",222.01]
["EQUIPAMENTOS",null,null,{"v":2295650.48,"d":"2,295,650.48"}]
["C4372","BALANÇA ELETRÔNICA C/ PLATAFORMA 18x3, CAP. 80 TON. (FORN./MONTAGEM)","UN",{"v":110105.21,"d":"110,105.21"}]
["C4184","GRUPO GERADOR 951/1000 KVA, COM QUADRO AUTOMÁTICO","UN",{"v":385992.16,"d":"385,992.16"}]
["C4063","GRUPO GERADOR 781/950 KVA C/ QUADRO AUTOMÁTICO","UN",{"v":350992.16,"d":"350,992.16"}]
["C4062","GRUPO GERADOR 636/780 KVA C/ QUADRO AUTOMÁTICO","UN",{"v":289618.14,"d":"289,618.14"}]
["C3668","GRUPO GERADOR 501/635 KVA, COM QUADRO AUTOMÁTICO","UN",{"v":166354.12,"d":"166,354.12"}]
["C4061","GRUPO GERADOR 451/500 KVA COM QUADRO AUTOMÁTICO","UN",{"v":125116.62,"d":"125,116.62"}]
["C4183","GRUPO GERADOR 386/450 KVA, COM QUADRO AUTOMÁTICO","UN",{"v":119377.11,"d":"119,377.11"}]
["C3667","GRUPO GERADOR 361/385 KVA, COM QUADRO AUTOMÁTICO","UN",{"v":105439.61,"d":"105,439.61"}]
["C3666","GRUPO GERADOR 291/360 KVA, COM QUADRO AUTOMÁTICO","UN",{"v":95280.1,"d":"95,280.10"}]
["C1443","GRUPO GERADOR 261/290 KVA, C/ QUADRO AUTOMÁTICO","UN",{"v":85770.59,"d":"85,770.59"}]
["C3664","GRUPO GERADOR 236/260 KVA, COM QUADRO AUTOMÁTICO","UN",{"v":75768.09,"d":"75,768.09"}]
["C4182","GRUPO GERADOR 216/235 KVA, COM QUADRO AUTOMÁTICO","UN",{"v":72728.09,"d":"72,728.09"}]
["C3663","GRUPO GERADOR 171/215  KVA, COM QUADRO AUTOMÁTICO","UN",{"v":72152.01,"d":"72,152.01"}]
["C1441","GRUPO GERADOR 141/170 KVA, C/ QUADRO AUTOMÁTICO","UN",{"v":60048.58,"d":"60,048.58"}]
["C3661","GRUPO GERADOR 121/140  KVA, COM QUADRO AUTOMÁTICO","UN",{"v":51356.08,"d":"51,356.08"}]
["C1440","GRUPO GERADOR 86/120 KVA, C/ QUADRO AUTOMÁTICO","UN",{"v":47436.08,"d":"47,436.08"}]
["C1444","GRUPO GERADOR 56/85 KVA, C/ QUADRO AUTOMÁTICO","UN",{"v":42194.07,"d":"42,194.07"}]
["C3660","GRUPO GERADOR 45/55 KVA, COM QUADRO AUTOMÁTICO","UN",{"v":39717.51,"d":"39,717.51"}]
["C2663","VENTILADOR DE TETO C/ ALETAS DE MADEIRA","UN",204.15]
["POSTES P/ ENERGIA E COMUNICAÇÃO",null,null,{"v":17378.72,"d":"17,378.72"}]
["C3576","MUTIRÃO MISTO - MINI POSTE H=1.50m REX MONO E ROLDANA","UN",26.25]
["C2000","POSTE C/ACESSÓRIOS ATÉ  A ENTRADA DA SUBESTAÇÃO ABRIGADA","UN",{"v":11524.64,"d":"11,524.64"}]
["C2012","POSTE P/EDIFICAÇÕES POTÊNCIA INSTALADA ATÉ 5KW","UN",499.16]
["C2017","POSTE P/EDIFICAÇÕES POTÊNCIA INSTALADA DE 5,01 À 10KW","UN",586.08]
["C2013","POSTE P/EDIFICAÇÕES POTÊNCIA INSTALADA DE 10,01 À 15KW","UN",{"v":746.2,"d":"746.20"}]
["C2014","POSTE P/EDIFICAÇÕES POTÊNCIA INSTALADA DE 15,01 À 20KW","UN",827.76]
["C2015","POSTE P/EDIFICAÇÕES POTÊNCIA INSTALADA DE 20,01 À 25 KW","UN",{"v":1445.45,"d":"1,445.45"}]
["C2016","POSTE P/EDIFICAÇÕES POTÊNCIA INSTALADA DE 25,01 À 30 KW","UN",{"v":1723.17,"d":"1,723.17"}]
["SUBESTAÇÃO DE DISTRIBUIÇÃO ABRIGADA - CLASSE 15 kV",null,null,{"v":1174643.66,"d":"1,174,643.66"}]
["C0008","ACESSÓRIOS INTERNOS À SUBESTAÇÃO ABRIGADA","UN",{"v":31617.03,"d":"31,617.03"}]
["C4247","SUBESTAÇÃO ABRIGADA EM ALVENARIA DE 225 KVA/13.800-380/220 V, ENTRADA AÉREA, COM POSTO DE TRANSFORMAÇÃO, FORNECIDA COM QUADRO DE MEDIÇÃO E PROTEÇÃO GERAL DE BAIXA TENSÃO","UN",{"v":56974.92,"d":"56,974.92"}]
[]
["C4248","SUBESTAÇÃO ABRIGADA EM ALVENARIA DE 300 KVA/13.800-380/220 V, ENTRADA AÉREA, COM POSTO DE MEDIÇÃO, DISJUNÇÃO E TRANSFORMAÇÃO, FORNECIDA COM QUADRO DE PROTEÇÃO GERAL DE BAIXA TENSÃO","UN",{"v":97850.18,"d":"97,850.18"}]
[]
["C4249","SUBESTAÇÃO ABRIGADA EM ALVENARIA DE 500 KVA/13.800-380/220 V, ENTRADA AÉREA, COM POSTO DE MEDIÇÃO, DISJUNÇÃO E TRANSFORMAÇÃO, FORNECIDA COM QUADRO DE PROTEÇÃO GERAL DE BAIXA TENSÃO","UN",{"v":116096.02,"d":"116,096.02"}]
[]
["C4250","SUBESTAÇÃO ABRIGADA EM ALVENARIA DE 750 KVA/13.800-380/220 V, ENTRADA AÉREA, COM POSTO DE MEDIÇÃO, DISJUNÇÃO E TRANSFORMAÇÃO, FORNECIDA COM QUADRO DE PROTEÇÃO GERAL DE BAIXA TENSÃO","UN",{"v":133543.83,"d":"133,543.83"}]
[]
["C4251","SUBESTAÇÃO ABRIGADA EM ALVENARIA DE 1000 KVA/13.800-380/220 V, ENTRADA AÉREA, COM POSTO DE MEDIÇÃO, DISJUNÇÃO E TRANSFORMAÇÃO, FORNECIDA COM QUADRO DE PROTEÇÃO GERAL DE BAIXA TENSÃO","UN",{"v":155960.37,"d":"155,960.37"}]
[]
["C4252","SUBESTAÇÃO ABRIGADA EM ALVENARIA DE 1250 KVA/13.800-380/220 V, ENTRADA AÉREA, COM POSTO DE MEDIÇÃO, DISJUNÇÃO E TRANSFORMAÇÃO, FORNECIDA COM QUADRO DE PROTEÇÃO GERAL DE BAIXA TENSÃO","UN",{"v":175384.55,"d":"175,384.55"}]
[]
["C4253","SUBESTAÇÃO ABRIGADA EM ALVENARIA DE 1500 KVA/13.800-380/220 V, ENTRADA AÉREA, COM POSTO DE MEDIÇÃO, DISJUNÇÃO E TRANSFORMAÇÃO, FORNECIDA COM QUADRO DE PROTEÇÃO GERAL DE BAIXA TENSÃO","UN",{"v":205189.66,"d":"205,189.66"}]
[]
["C2524","TRANSFORMADOR P/CABINE PRIMÁRIA 500KVA-15KV","UN",{"v":30248.98,"d":"30,248.98"}]
["C4404","TRANSFORMADOR DE FORÇA À SECO 750 KVA/13.800-380/220V (FORNECIMENTO E MONTAGEM)","UN",{"v":52185.76,"d":"52,185.76"}]
[]
["C4405","TRANSFORMADOR DE FORÇA À SECO 2.500 KVA/13.800-440/240V (FORNECIMENTO E MONTAGEM)","UN",{"v":119592.36,"d":"119,592.36"}]
[]
["SUBESTAÇÃO DE DISTRIBUIÇÃO  AÉREA - CLASSE 15 kV",null,null,{"v":91954.15,"d":"91,954.15"}]
["C4240","SUBESTAÇÃO AÉREA DE 15 KVA / 13.800-380/220V COM QUADRO DE MEDIÇÃO E PROTEÇÃO GERAL","UN",{"v":8571.64,"d":"8,571.64"}]
[]
["C4241","SUBESTAÇÃO AÉREA DE 30 KVA / 13.800-380/220V COM QUADRO DE MEDIÇÃO E PROTEÇÃO GERAL","UN",{"v":9365.31,"d":"9,365.31"}]
[]
["C4242","SUBESTAÇÃO AÉREA DE 45 KVA / 13.800-380/220V COM QUADRO DE MEDIÇÃO E PROTEÇÃO GERAL","UN",{"v":10148.08,"d":"10,148.08"}]
[]
["C4243","SUBESTAÇÃO AÉREA DE 75 KVA / 13.800-380/220V COM QUADRO DE MEDIÇÃO E PROTEÇÃO GERAL","UN",{"v":12151.61,"d":"12,151.61"}]
[]
["C4244","SUBESTAÇÃO AÉREA DE 112,5 KVA / 13.800-380/220V COM QUADRO DE MEDIÇÃO E PROTEÇÃO GERAL","UN",{"v":14108.57,"d":"14,108.57"}]
[]
["C4245","SUBESTAÇÃO AÉREA DE 150 KVA / 13.800-380/220V COM QUADRO DE MEDIÇÃO E PROTEÇÃO GERAL","UN",{"v":16890.99,"d":"16,890.99"}]
[]
["C4246","SUBESTAÇÃO AÉREA DE 225 KVA / 13.800-380/220V COM QUADRO DE MEDIÇÃO E PROTEÇÃO GERAL","UN",{"v":20717.94,"d":"20,717.94"}]
[]
["SUBESTAÇÃO DE DISTRIBUIÇÃO AO TEMPO - CLASSE 15 kV",null,null,{"v":686682.04,"d":"686,682.04"}]
["C4254","SUBESTAÇÃO AO TEMPO AO NÍVEL DO SOLO DE 300 KVA/13.800-380/220 V, COM CONJUNTO DE MEDIÇÃO PRIMÁRIA EM POSTE DE CONCRETO, POSTO DE DISJUNÇÃO EM CUBÍCULO METÁLICO, FORNECIDA COM QUADRO GERAL DE PROTEÇÃO DE BAIXA TENSÃO","UN",{"v":76600.25,"d":"76,600.25"}]
[]
["C4255","SUBESTAÇÃO AO TEMPO AO NÍVEL DO SOLO DE 500 KVA/13.800-380/220 V, COM CONJUNTO DE MEDIÇÃO PRIMÁRIA EM POSTE DE CONCRETO, POSTO DE DISJUNÇÃO EM CUBÍCULO METÁLICO, FORNECIDA COM QUADRO GERAL DE PROTEÇÃO DE BAIXA TENSÃO","UN",{"v":91291.66,"d":"91,291.66"}]
[]
["C4256","SUBESTAÇÃO AO TEMPO AO NÍVEL DO SOLO DE 750 KVA/13.800-380/220 V, COM CONJUNTO DE MEDIÇÃO PRIMÁRIA EM POSTE DE CONCRETO, POSTO DE DISJUNÇÃO EM CUBÍCULO METÁLICO, FORNECIDA COM QUADRO GERAL DE PROTEÇÃO DE BAIXA TENSÃO","UN",{"v":103950.17,"d":"103,950.17"}]
[]
["C4257","SUBESTAÇÃO AO TEMPO AO NÍVEL DO SOLO DE 1000 KVA/13.800-380/220 V, COM CONJUNTO DE MEDIÇÃO PRIMÁRIA EM POSTE DE CONCRETO, POSTO DE DISJUNÇÃO EM CUBÍCULO METÁLICO, FORNECIDA COM QUADRO GERAL DE PROTEÇÃO DE BAIXA TENSÃO","UN",{"v":119237.98,"d":"119,237.98"}]
[]
["C4258","SUBESTAÇÃO AO TEMPO AO NÍVEL DO SOLO DE 1250 KVA/13.800-380/220 V, COM CONJUNTO DE MEDIÇÃO PRIMÁRIA EM POSTE DE CONCRETO, POSTO DE DISJUNÇÃO EM CUBÍCULO METÁLICO, FORNECIDA COM QUADRO GERAL DE PROTEÇÃO DE BAIXA TENSÃO","UN",{"v":137572.43,"d":"137,572.43"}]
[]
["C4259","SUBESTAÇÃO AO TEMPO AO NÍVEL DO SOLO DE 1500 KVA/13.800-380/220 V, COM CONJUNTO DE MEDIÇÃO PRIMÁRIA EM POSTE DE CONCRETO, POSTO DE DISJUNÇÃO EM CUBÍCULO METÁLICO, FORNECIDA COM QUADRO GERAL DE PROTEÇÃO DE BAIXA TENSÃO","UN",{"v":158029.55,"d":"158,029.55"}]
[]
["SUBESTAÇÃO DE DISTRIBUIÇÃO AO TEMPO - CLASSE 72,5 kV",null,null,{"v":19244635.21,"d":"19,244,635.21"}]
["C4266","SUBESTAÇÃO AO TEMPO, AO NÍVEL DO SOLO, DE 5 MVA/69.000-13.800 V, COM 1 (UM) VÃO DE ENTRADA (69 KV) E 2 (DOIS) VÃOS DE SAÍDA (13,8 KV) EM ESTRUTURA DE CONCRETO ARMADO, COM DISJUNTOR DE PROTEÇÃO SOMENTE NO SECUNDÁRIO, CASA DE COMANDO E BANCO DE CAPACITORES","UN",{"v":1673295.53,"d":"1,673,295.53"}]
[]
["C4267","SUBESTAÇÃO AO TEMPO, AO NÍVEL DO SOLO, DE 7,5 MVA/69.000-13.800 V, COM 1 (UM) VÃO DE ENTRADA (69 KV) E 3 (TRÊS) VÃOS DE SAÍDA (13,8 KV) EM ESTRUTURA DE CONCRETO ARMADO, COM DISJUNTOR DE PROTEÇÃO SOMENTE NO SECUNDÁRIO, CASA DE COMANDO E BANCO DE CAPACITORES","UN",{"v":2472276.45,"d":"2,472,276.45"}]
[]
["C4268","SUBESTAÇÃO AO TEMPO, AO NÍVEL DO SOLO, DE 10/12,5 MVA/69.000-13.800 V, COM 1 (UM) VÃO DE ENTRADA (69 KV) E 4 (QUATRO) VÃOS DE SAÍDA (13,8 KV) EM ESTRUTURA DE CONCRETO ARMADO, COM DISJUNTOR DE PROTEÇÃO NO PRIMÁRIO E SECUNDÁRIO, CASA DE COMANDO E BANCO DE CAPACITORES","UN",{"v":3389956.02,"d":"3,389,956.02"}]
[]
["C4269","SUBESTAÇÃO AO TEMPO, AO NÍVEL DO SOLO, DE 15/20 MVA/69.000-13.800 V, COM 1 (UM) VÃO DE ENTRADA (69 KV) E 5 (CINCO) VÃOS DE SAÍDA (13,8 KV) EM ESTRUTURA DE CONCRETO ARMADO, COM DISJUNTOR DE PROTEÇÃO NO PRIMÁRIO E SECUNDÁRIO, TRANSFORMADOR COM REGULAÇÃO INCORPORADA, CASA DE COMANDO E BANCO DE CAPACITORES","UN",{"v":5476202.46,"d":"5,476,202.46"}]
[]
["C4270","SUBESTAÇÃO AO TEMPO, AO NÍVEL DO SOLO, DE 20/33 MVA/69.000-13.800 V, COM 1 (UM) VÃO DE ENTRADA (69 KV) E 5 (CINCO) VÃOS DE SAÍDA (13,8 KV) EM ESTRUTURA DE CONCRETO ARMADO, COM DISJUNTOR DE PROTEÇÃO NO PRIMÁRIO E SECUNDÁRIO, TRANSFORMADOR COM REGULAÇÃO INCORPORADA, CASA DE COMANDO E BANCO DE CAPACITORES","UN",{"v":6232904.75,"d":"6,232,904.75"}]
[]
["SUBESTAÇÃO DO TIPO PEDESTAL - CLASSE 15 kV",null,null,{"v":330846.49,"d":"330,846.49"}]
["C4260","SUBESTAÇÃO TIPO PEDESTAL DE 75 KVA/13.800-380/220 V, ENTRADA SUBTERRÂNEA, COM FUSÍVEL PRIMÁRIO BAIONETA, FORNECIDA COM PROTEÇÃO, SECCIONAMENTO GERAL E MEDIÇÃO EM BAIXA TENSÃO","UN",{"v":43545.69,"d":"43,545.69"}]
[]
["C4261","SUBESTAÇÃO TIPO PEDESTAL DE 112,5 KVA/13.800-380/220 V, ENTRADA SUBTERRÂNEA, COM FUSÍVEL PRIMÁRIO BAIONETA, FORNECIDA COM PROTEÇÃO, SECCIONAMENTO GERAL E MEDIÇÃO EM BAIXA TENSÃO","UN",{"v":45624.43,"d":"45,624.43"}]
[]
["C4262","SUBESTAÇÃO TIPO PEDESTAL DE 150 KVA/13.800-380/220 V, ENTRADA SUBTERRÂNEA, COM FUSÍVEL PRIMÁRIO BAIONETA, FORNECIDA COM PROTEÇÃO, SECCIONAMENTO GERAL E MEDIÇÃO EM BAIXA TENSÃO","UN",{"v":49386.24,"d":"49,386.24"}]
[]
["C4263","SUBESTAÇÃO TIPO PEDESTAL DE 225 KVA/13.800-380/220 V, ENTRADA SUBTERRÂNEA, COM FUSÍVEL PRIMÁRIO BAIONETA, FORNECIDA COM PROTEÇÃO, SECCIONAMENTO GERAL E MEDIÇÃO EM BAIXA TENSÃO","UN",{"v":56162.94,"d":"56,162.94"}]
[]
["C4264","SUBESTAÇÃO TIPO PEDESTAL DE 300 KVA/13.800-380/220 V, ENTRADA SUBTERRÂNEA, COM FUSÍVEL PRIMÁRIO BAIONETA, FORNECIDA COM PROTEÇÃO, SECCIONAMENTO GERAL E MEDIÇÃO EM BAIXA TENSÃO","UN",{"v":60351.94,"d":"60,351.94"}]
[]
["C4265","SUBESTAÇÃO TIPO PEDESTAL DE 500 KVA/13.800-380/220 V, ENTRADA SUBTERRÂNEA, COM FUSÍVEL PRIMÁRIO BAIONETA, FORNECIDA COM PROTEÇÃO, SECCIONAMENTO GERAL E MEDIÇÃO EM BAIXA TENSÃO","UN",{"v":75775.25,"d":"75,775.25"}]
[]
["REDE DE DISTRIBUIÇÃO URBANA - MÉDIA E BAIXA TENSÃO",null,null,{"v":269730.63,"d":"269,730.63"}]
["C4271","REDE DE DISTRIBUIÇÃO URBANA PRIMÁRIA NA TENSÃO DE 13,80 KV, PARA CABO DE ALUMÍNIO, COM ESTRUTURA DE ALINHAMENTO EM POSTE DE CONCRETO ARMADO DUPLO T 150/10 (CONDUTOR NÃO INCLUSO)","KM",{"v":71144.14,"d":"71,144.14"}]
[]
["C4272","REDE DE DISTRIBUIÇÃO URBANA PRIMÁRIA NA TENSÃO DE 13,80 KV, PARA CABO DE COBRE, COM ESTRUTURA DE ALINHAMENTO EM POSTE DE CONCRETO ARMADO DUPLO T 150/10 (CONDUTOR NÃO INCLUSO)","KM",{"v":74188.31,"d":"74,188.31"}]
[]
["C4273","REDE DE DISTRIBUIÇÃO SECUNDÁRIA, PARA CABO DE ALUMÍNIO, NA TENSÃO DE 380 V, COM ESTRUTURA DE ALINHAMENTO EM POSTE DE CONCRETO ARMADO DUPLO T 150/9 (CONDUTOR E TRANSFORMADOR NÃO INCLUSOS)","KM",{"v":59100.56,"d":"59,100.56"}]
[]
["C4274","REDE DE DISTRIBUIÇÃO SECUNDÁRIA, PARA CABO DE COBRE, NA TENSÃO DE 380 V, COM ESTRUTURA DE ALINHAMENTO EM POSTE DE CONCRETO ARMADO DUPLO T 150/9 (CONDUTOR E TRANSFORMADOR NÃO INCLUSOS)","KM",{"v":65297.62,"d":"65,297.62"}]
[]
["REDE DE DISTRIBUIÇÃO RURAL - MÉDIA E BAIXA TENSÃO",null,null,{"v":196331.89,"d":"196,331.89"}]
["C4275","REDE DE DISTRIBUIÇÃO RURAL PRIMÁRIA, TENSÃO DE 13,80 KV, PARA CABO DE ALUMÍNIO, COM ESTRUTURA DE ALINHAMENTO EM POSTE DE CONCRETO ARMADO DUPLO T 150/10 (CONDUTOR NÃO INCLUSO)","KM",{"v":31562.51,"d":"31,562.51"}]
[]
["C4276","REDE DE DISTRIBUIÇÃO RURAL PRIMÁRIA, TENSÃO DE 13,80 KV, PARA CABO DE COBRE, COM ESTRUTURA DE ALINHAMENTO EM POSTE DE CONCRETO ARMADO DUPLO T 150/10 (CONDUTOR NÃO INCLUSO)","KM",{"v":39997.18,"d":"39,997.18"}]
[]
["C4277","REDE DE DISTRIBUIÇÃO SECUNDÁRIA, PARA CABO DE ALUMÍNIO, TENSÃO DE 380 V, COM ESTRUTURA DE ALINHAMENTO EM POSTE DE CONCRETO ARMADO DUPLO T 150/9 (CONDUTOR E TRANSFORMADOR NÃO INCLUSOS)","KM",{"v":59287.57,"d":"59,287.57"}]
[]
["C4278","REDE DE DISTRIBUIÇÃO SECUNDÁRIA, PARA CABO DE COBRE, TENSÃO DE 380 V, COM ESTRUTURA DE ALINHAMENTO EM POSTE DE CONCRETO ARMADO DUPLO T 150/9 (CONDUTOR E TRANSFORMADOR NÃO INCLUSOS)","KM",{"v":65484.63,"d":"65,484.63"}]
[]
["LINHA DE TRANSMISSÃO PADRÃO URBANO - CLASSE 72,5 kV",null,null,{"v":234307.65,"d":"234,307.65"}]
["C4279","LINHA DE TRANSMISSÃO, CLASSE 72,5 KV, PADRÃO URBANO, COM ISOLADOR POLIMÉRICO PARA CABO DE ALUMÍNIO LIGA 6201, EM POSTE DE CONCRETO ARMADO DUPLO T600/17 B (CONDUTOR NÃO INCLUSO)","KM",{"v":234307.65,"d":"234,307.65"}]
[]
["LINHA DE TRANSMISSÃO PADRÃO RURAL - CLASSE 72,5 kV",null,null,{"v":142562.01,"d":"142,562.01"}]
["C4280","LINHA DE TRANSMISSÃO, CLASSE 72,5 KV, PADRÃO RURAL, COM CRUZETA DE CONCRETO ARMADO PARA CABO DE ALUMÍNIO LIGA 6201, EM POSTE DE CONCRETO ARMADO DUPLO T1500/17 B (CONDUTOR NÃO INCLUSO)","KM",{"v":142562.01,"d":"142,562.01"}]
[]
["SERVIÇOS AUXILIARES DE TELEFONIA, SOM, LÓGICA E SISTEMAS DE CONTROLE",null,null,{"v":477628.67,"d":"477,628.67"}]
["C4406","ACESSÓRIOS PARA UNIDADE DE PESAGEM (FAROL LUMINOSO, SENSORES DE POSIÇÃO, SOFTWARE DE CONFIGURAÇÃO, CABOS, ETC) - FORNECIMENTO E MONTAGEM","CJ",{"v":21963.05,"d":"21,963.05"}]
[]
["C4532","ADAPTER CABLE, CATEGORIA \"6\" DE 2,50m","UN",{"v":12.9,"d":"12.90"}]
["C4042","ALARME SONORO/VISUAL, SIRENE 120 dB, COM ACIONADOR MANUAL, ALIMENTAÇÃO 220 VAC - INSTALADO","UN",{"v":224.4,"d":"224.40"}]
[]
["C0093","APARELHO SINALIZADOR DE OBSTÁCULOS C/CÉLULA FOTOELÉTRICA","UN",92.91]
["C4567","BANDEJA MÓVEL, PADRÃO 19\"","UN",46.46]
["C0390","BLOCO TELEFÔNICO DE LIGAÇÃO INTERNA BLI - 10","UN",9.78]
["C4566","BLOCO IDC-100 PARES INTERNO, IDC-IDC, PADRÃO 19\"","UN",309.69]
["C3973","CÂMERA FIXA - CFTV - INSTALADA/PROGRAMADA","UN",{"v":751.4,"d":"751.40"}]
["C3972","CÂMERA MÓVEL - CMTV - INSTALADA/PROGRAMADA","UN",{"v":10185.09,"d":"10,185.09"}]
["C4043","COMPUTADOR PENTIUM 4 , 2,80 GHz, 512 K CACHE, HD 40 GB, 128 MB DDR SDRAM, INCLUINDO PLACA ","UN",{"v":2771.72,"d":"2,771.72"}]
[]
["C4023","CENTRAL DE CONTROLE DE DETECÇÃO E ALARME DE INCÊNDIO","UN",{"v":18941.29,"d":"18,941.29"}]
["C4058","CENTRAL DE CONTROLE P/ SEGURANÇA COMPLETA - INSTALADO","UN",{"v":3843.53,"d":"3,843.53"}]
["C4024","CENTRAL DE TELEFONIA C/ 50 RAMAIS E 10 LINHAS TRONCO","UN",{"v":21409.34,"d":"21,409.34"}]
["C4004","CONTROLADOR LÓGICO PROGRAMÁVEL MODULAR","UN",{"v":23524.38,"d":"23,524.38"}]
["C4051","CONTROLE TIPO JOYSTICK PARA CÂMERA MÓVEL C/ DISPLAY E TECLADO INCORPORADO - INSTALADO","UN",{"v":3775.79,"d":"3,775.79"}]
[]
["C4176","CONJUNTO DE CONVERSORES (EMISSOR E RECEPTOR) DE UTP/COAXIAL COM TERMINAIS DE CONEXÃO, CAIXAS DE PROTEÇÃO E FONTE DE ALIMENTAÇÃO","UN",{"v":893.6,"d":"893.60"}]
[]
["C4177","DETECTOR TERMO-VELOCIMÉTRICO, MONTAGEM DE TETO, C/ BASE ALIMENTAÇÃO 220 VAC, OPERAÇÃO EM REDE - INSTALADO","UN",253.85]
[]
["C4041","DETETOR IÔNICO DE FUMAÇA, MONTAGEM DE TETO, C/ BASE ALIMENTAÇÃO 220VAC, UMA SAÍDA DIGITAL - INSTALADO","UN",{"v":214,"d":"214.00"}]
[]
["C3765","DISTRIBUIDOR INTERNO ÓPTICO PARA 24 FIBRAS","UN",{"v":1142.36,"d":"1,142.36"}]
["C4564","DISTRIBUIDOR INTERNO ÓPTICO - D.I.O. PARA 12 FIBRAS MONO-MODO, COM CONCETORES ST, PADRÃO 19\"","UN",472.28]
[]
["C4565","DISTRIBUIDOR INTERNO ÓPTICO - D.I.O. PARA 24 FIBRAS MONO-MODO, COM CONECTORES ST, PADRÃO 19\"","UN",805.63]
[]
["C0835","GATEWAY ETHERNET, 2 SAÍDAS - RS485","UN",{"v":20590.36,"d":"20,590.36"}]
["C4050","GRAVADOR DE VÍDEO, TIPO TIME HOPSE, 960 HORAS - INSTALADO","UN",{"v":1628.3,"d":"1,628.30"}]
["C4047","GRAVADOR DIGITAL COM 16 CANAIS DE ENTRADA, 2 SAÍDAS MULTIPLEXADAS, GRAVADOR DE CD-ROM INCORPORADO, M - INSTALADO","UN",{"v":31255.97,"d":"31,255.97"}]
[]
["C3760","HUB TIPO 24 PORTAS","UN",{"v":2002.02,"d":"2,002.02"}]
["C0831","INTERFACE HOMEM/MÁQUINA 5,7\" TOUCHSCREEN, COLORIDA","UN",{"v":10981.53,"d":"10,981.53"}]
["C4046","MATRIX DE CHAVEAMENTO MICROPROCESSADA, LOOP DE INPUTS INCORPORADO, 24 ENTRADAS, 4 SAÍDAS, CCU INCORP - INSTALADO","UN",{"v":8355.43,"d":"8,355.43"}]
[]
["C4039","MEDIDOR DE GRANDEZAS ELÉTRICAS TIPO \"POWER METER\" PM 600 SCHNEIDER COM DISPLAY NÃO INCORPORADO - INSTALADO","UN",{"v":6015.91,"d":"6,015.91"}]
[]
["C4181","MÓDULO PARA COMUNICAÇÃO EM REDE RS 485 PROTOCOLO MODBUS RTU","UN",{"v":2293.86,"d":"2,293.86"}]
["C4048","MONITOR INDUSTRIAL DE VÍDEO COLORIDO, DIGITAL, TELA 19\", PORTA PARALELA - INSTALADO","UN",{"v":1430.46,"d":"1,430.46"}]
[]
["C4049","MONITOR INDUSTRIAL DE VÍDEO COLORIDO, VÍDEO COMPOSTO, 2 CANAIS DE ENTRADA E 1 DE SAÍDA, DIMENSÕES 14 - INSTALADO","UN",816.76]
[]
["C4033","NO-BREAK TRIFÁSICO, 380/380 VAC-LL, 60 Hz, 2000VA, BATERIAS INCORPORADAS, AUTO-PORTANTE EM GABINETE IP-44 - INSTALADO","CJ",{"v":917.1,"d":"917.10"}]
[]
["C4568","ORGANIZADOR DE CABOS HORIZONTAL, ABERTO, PADRÃO RACK 19\"","UN",42.21]
["C3768","PATCH PANEL 24 PORTAS, CATEGORIA \"5\" FURUKAWA","UN",446.81]
["C3770","PATCH CABLE EXTRA-FLEXÍVEL RJ-45/RJ-45 DE 1,50m","UN",{"v":10.8,"d":"10.80"}]
["C4526","PATCH CABLE EXTRA-FLEXÍVEL RJ-45/RJ-45 DE 2,50m","UN",15.18]
["C3764","RACK FECHADO 24 U'S, 670mm, PROFUNDIDADE PADRÃO 19\"","UN",{"v":2086.74,"d":"2,086.74"}]
["C3763","RACK FECHADO 36 U'S, 670mm, PROFUNDIDADE PADRÃO 19\"","UN",{"v":2214.58,"d":"2,214.58"}]
["C3762","RACK FECHADO 44 U'S, 670mm, PROFUNDIDADE PADRÃO 19\"","UN",{"v":2584.85,"d":"2,584.85"}]
["C4569","RÉGUA DE TOMADAS ELÉTRICAS, COM 08 TOMADAS, PADRÃO RACK 19\"","UN",{"v":97,"d":"97.00"}]
["C4563","ROTEADOR AUTO-GERENCIÁVEL P/ COMUNICAÇÃO DE DADOS, PARA FIBRA ÓPTICA MONO-MODO, COM CONECTORES ST - PADRÃO RACK 19\"","UN",{"v":5451.74,"d":"5,451.74"}]
[]
["C4044","SENSOR DE INTRUSÃO MICRO-PROCESSADOR, TIPO MULTIFEIXES, MONTAGEM DE PAREDE, ALIMENTAÇÃO 220 VAC, UMA - INSTALADO","UN",113.95]
[]
["C4055","SENSOR INFRA-VERMELHO ATIVO/PASSIVO FEIXE DUPLO DISTÂNCIA MÁXIMA 100m - INSTALADO","UN",617.64]
[]
["C4019","SISTEMA DE CONTROLE DE ACESSO DE PESSOAL C/ 4 CATRACAS ELETRÔNICAS BI-DIRECIONAIS COM LEITORES DE CARTÕES COM TECNOLOGIA DE PROXIMIDADE INCORPORADOS, 1000 CARTÕES DE PROXIMIDADE, 16 FECHADURAS ELETROMAGNÉTICAS COM SENSORES DE ABERTURA E FONTES DE ALIMENTAÇÃO, 2 LEITORAS DE CARTÕES POR PROXIMIDADE, 2 IMPRESSORAS PARA EMISSÃO DE RELATÓRIOS, 3 CÂMERAS PARA CAPTURA DE IMAGENS, TODOS OS DEMAIS COMPONENTES, FORNECIMENTO E MONTAGEM","CJ",{"v":83945.22,"d":"83,945.22"}]
[]
["C4163","SISTEMA DE SONORIZAÇÃO COMPLETO PARA 100 PONTOS (80 SONOFLETORES, 06 CORNETAS E 14 RESERVAS), 80 TRAFOS DE LINHA, 35 ATENUADORES DE VOLUME COM DIAL, CD PLAYER, 5 AMPLIFICADORES DE POTÊNCIA, 3 EQUALIZADORES, 2 LINKS FÍSICOS (TRANSMISSOR/RECEPTOR), 1 PRÉ-MIXER, 1 MICROFONE DE MESA, 1 UNIDADE DE GONGO COM TRÊS TONS, 1 PAINEL DE CONTROLE, 1 MATRIZ, FONTES E DEMAIS COMPONENTES, FORNECIMENTO E MONTAGEM","CJ",{"v":124785.89,"d":"124,785.89"}]
[]
["C4398","SOFTWARE DE GERENCIAMENTO DE PESAGEM (INSTALADO)","UN",{"v":2740.48,"d":"2,740.48"}]
["C4180","SOFTWARE DE GERENCIAMENTO E CADASTRAMENTO COM BANCO DE DADOS, INTERFACE AMIGÁVEL, PLATAFORMA WINDOWS","UN",{"v":6912.16,"d":"6,912.16"}]
[]
["C4178","SOFTWARE DE MONITORAÇÃO E CONTROLE SOBRE PLATAFORMA WINDOWS, PROTOCOLO DE COMUNICAÇÃO ABERTO, MÓDULO GRÁFICO PARA CRIAÇÃO DE TELAS","UN",{"v":6912.16,"d":"6,912.16"}]
[]
["C4179","SOFTWARE DE MONITORAÇÃO E CONTROLE SOBRE PLATAFORMA WINDOWS, PROTOCOLO DE COMUNICAÇÃO ABERTO","UN",{"v":1789.21,"d":"1,789.21"}]
[]
["C4054","SOFTWARE DE PROGRAMAÇÃO DE PLCs RSLOGIX 500, CD - INSTALADO","UN",{"v":4795.86,"d":"4,795.86"}]
["C4040","SOFTWARE SUPERVISÓRIO RS VIEW 32 VERSÃO RUNTIME 150 COM GERENCIADOR DE COMUNICAÇÕES RSLINX - INSTALADO","UN",{"v":4316.27,"d":"4,316.27"}]
[]
["C4053","SOFTWARE SUPERVISÓRIO RS VIEW 32 VERSÃO RUNTIME 1500 COM GERENCIADOR DE COMUNICAÇÕES RSLINX - INSTALADO","UN",{"v":22533.65,"d":"22,533.65"}]
[]
["C4175","SWITCHER AUTO-GERENCIÁVEL P/ COMUNICACÃO DE DADOS COM 24 PORTAS EM CONECTORES RJ 45, 10/100 KBPS E DUAS PORTAS 10/100/1000 KBPS - PADRÃO RACK 19\"","UN",{"v":5413.51,"d":"5,413.51"}]
[]
["C4056","TRANSMISSOR ELETRÔNICO DE PRESSÃO TIPO INSERÇÃO, COM INDICADOR INCORPORADO, GERAÇÃO DE SINAL PROPORC - INSTALADO","UN",{"v":1871.62,"d":"1,871.62"}]
[]
["OUTROS ELEMENTOS",null,null,{"v":76722.16,"d":"76,722.16"}]
["C0327","ATERRAMENTO COMPLETO C/ 3 HASTES COPPERWELD P/PÁRA-RAIOS","CJ",645.43]
["C0326","ATERRAMENTO COMPLETO C/ HASTE COPPERWELD 3/4\"X 2.40M","UN",178.58]
["C0325","ATERRAMENTO COMPLETO C/ HASTE COPPERWELD 3/4\" X 3.0M","UN",178.75]
["C4765","ATERRAMENTO COMPLETO C/ HASTE COPPERWELD 5/8\"X 2.40M                              ","UN",{"v":173.4,"d":"173.40"}]
["C4562","DISPOSITIVO DE PROTEÇÃO CONTRA SURTOS DE TENSÃO - DPS's - 40 KA/440V","UN",106.63]
["C1152","DUTO DE ALONGAMENTO PARA EXAUSTOR EÓLICO","M",106.65]
["C1419","FURAÇÃO DE FORRO EM LAJE - E. EÓLICO","UN",123.65]
["C4767","HASTE DE TERRA EM AÇO COBREADO, COM SEÇÃO CIRCULAR MÍNIMA DE 13X2000MM","UN",62.03]
["C3575","HASTE DE FERRO GALVANIZADO 1.20m PARA ATERRAMENTO - PADRÃO POPULAR","UN",23.87]
["C3910","HASTE DE TERRA 5/8\"x3,00m GCW 19L30","UN",82.16]
["C4408","INSTALAÇÃO ELÉTRICA E SISTEMA ATERRAMENTO E PÁRA-RAIOS - FORNECIMENTO E MONTAGEM","CJ",{"v":29804.1,"d":"29,804.10"}]
[]
["C4208","PÁRA-RAIO TIPO FRANKLIN C/ SINALIZADOR (FORNECIMENTO E MONTAGEM)","UN",{"v":1717.1,"d":"1,717.10"}]
["C1790","MASTRO SIMPLES DE FERRO GALV. P/PÁRA-RAIO H=3M, D=40 OU 50MM","UN",451.22]
["C4203","MEDIÇÃO TRIFÁSICA INSTALADA EM MURO - SAÍDA SUBTERRÂNEA","UN",{"v":1766,"d":"1,766.00"}]
["C4561","MÓDULO DE EMERGÊNCIA PARA LUMINÁRIA COMUM","UN",88.09]
["C3577","MINI POSTE H=1.50m REX MONO E ROLDANA - PADRÃO POPULAR","UN",31.49]
["C3453","MONTAGEM DAS INSTALAÇÕES ELÉTRICAS, ELEVATÓRIA VAZÃO ATÉ 10 l/s","UN",{"v":1462.57,"d":"1,462.57"}]
["C3452","MONTAGEM DAS INSTALAÇÕES ELÉTRICAS, ELEVATÓRIA VAZÃO 10,01 a 20 l/s","UN",{"v":2193.85,"d":"2,193.85"}]
["C3454","MONTAGEM DAS INSTALAÇÕES ELÉTRICAS, ELEVATÓRIA VAZÃO 20,01 a 40 l/s","UN",{"v":3845.52,"d":"3,845.52"}]
["C3455","MONTAGEM DAS INSTALAÇÕES ELÉTRICAS, ELEVATÓRIA VAZÃO 40,01 a 60 l/s","UN",{"v":7510.32,"d":"7,510.32"}]
["C3456","MONTAGEM DAS INSTALAÇÕES ELÉTRICAS, ELEVATÓRIA VAZÃO 60,01 a 90 l/s","UN",{"v":10813.67,"d":"10,813.67"}]
["C4599","MONTAGEM DE PAINEL ELÉTRICO C/ 02 SOFT-STARTER 7,5 CV","UN",{"v":2057.11,"d":"2,057.11"}]
["C2059","PÁRA-RAIOS TIPO CRISTAL VALVER","UN",238.11]
["C2060","PARA-RAIOS TIPO FRANKLIN","UN",75.83]
["C3929","POÇO DE ATERRAMENTO DIAM. = 0,60 m P/ BALIZAMENTO NOTURNO","UN",510.73]
["C1947","PONTO ELÉTRICO, MATERIAL E EXECUÇÃO","PT",152.21]
["C1949","PONTO LÓGICO, MATERIAL E EXECUÇÃO","PT",117.17]
["C3679","PONTO PARA SISTEMA DE SOM, MATERIAL E EXECUÇÃO","PT",241.92]
["C1951","PONTO TELEFÔNICO, MATERIAL E EXECUÇÃO","PT",{"v":133.1,"d":"133.10"}]
["C2056","PROTEÇÃO DA  CORDOALHA DOS PÁRA-RAIOS C/TUBO PVC RIGIDOS 50MM (2\") X3.00M","UN",70.69]
["C4214","RAMAL TRIFÁSICO BAIXA TENSÃO POR VÃO DE 100m","UN",{"v":5092.82,"d":"5,092.82"}]
["C3909","SOLDA EXOTÉRMICA","UN",36.13]
["C4215","SUBSTITUIÇÃO DE TRAFO DE 30 Kva PARA 45 Kva","UN",{"v":6567.5,"d":"6,567.50"}]
["C2424","TELA PARA ALONGAMENTO DE FORRO - E. EÓLICO","UN",63.75]
["PINTURA",null,null,{"v":1774.75,"d":"1,774.75"}]
["PAREDES E FORROS",null,null,526.94]
["C3487","APLICAÇÃO DE LIQUIBRILHO SOBRE PINTURAS, DUAS DEMÃOS","M2",12.28]
["C0588","CAIAÇÃO EM DUAS DEMÃOS COM SUPERCAL","M2",3.01]
["C0589","CAIAÇÃO EM TRES DEMÃOS EM PAREDES","M2",4.52]
["C0866","CONSERVADO \"P\" IMPERMEÁVEL, 2 DEMÃOS (PAREDES INTERNAS)","M2",11.24]
["C0867","CONSERVADO \"P\" IMPERMEÁVEL, 3 DEMÃOS (PAREDES EXTERNAS)","M2",16.97]
["C1207","EMASSAMENTO DE PAREDES EXTERNAS 2 DEMÃOS C/MASSA ACRÍLICA","M2",12.39]
["C1208","EMASSAMENTO DE PAREDES INTERNAS 2 DEMÃOS C/MASSA DE PVA","M2",10.04]
["C1209","EMASSAMENTO DE PAREDES INTERNAS 2 DEMÃOS C/MASSA A ÓLEO","M2",13.09]
["C1233","EMULSÃO DE PAREDES INTERNAS OU CONCRETO 2 DEMÃOS DE RESINA ACRÍLICA","M2",9.91]
["C1234","EMULSÃO DE PAREDES EXTERNAS 2 DEMÃOS EM RESINA ACRÍLICA","M2",20.61]
["C4167","LATEX ACRÍLICO TRÊS DEMÃOS EM PAREDES INTERNAS S/ MASSA","M2",15.49]
["C1614","LATEX DUAS DEMÃOS EM PAREDES EXTERNAS S/MASSA","M2",{"v":14,"d":"14.00"}]
["C1615","LATEX DUAS DEMÃOS EM PAREDES INTERNAS S/MASSA","M2",12.53]
["C1616","LATEX TRÊS DEMÃOS EM PAREDES EXTERNAS S/MASSA","M2",16.81]
["C1617","LATEX TRÊS DEMÃOS EM PAREDES INTERNAS S/MASSA","M2",15.28]
["C3550","MUTIRÃO MISTO - PINTURA HIDRACOR","M2",5.86]
["C1905","PINTURA C/ EMASSAMENTO E LIXAMENTO EM PAREDE INTERNA. À BASE EPÓXI","M2",74.56]
["C3098","PINTURA COM NATA DE CIMENTO EM DUAS DEMÃOS","M2",4.25]
["C3022","PINTURA ESMALTE SINTÉTICO EM PAREDES","M2",15.06]
["C2898","PINTURA HIDRACOR","M2",7.23]
["C4072","PINTURA IMPERMEÁVEL EM PAREDE C/ SIKA 107, DUAS DEMÃOS","M2",8.95]
["C2232","REVESTIMENTO TEXTURIZADO EM PAREDES INTERNA/EXTERNA C/DESEMPENADEIRA  ","M2",31.54]
["C2233","REVESTIMENTO TEXTURIZADO EM PAREDES INTERNA/EXTERNA C/ROLO","M2",18.12]
["C2274","SILICONE UMA DEMÃO EM PAREDES DE TIJOLOS","M2",17.36]
["C2644","TÊMPERA SIMPLES MÉDIA INTERNA","M2",12.38]
["C2461","TEXTURA ACRÍLICA 1 DEMÃO EM PAREDES EXTERNAS","M2",10.37]
["C2462","TEXTURA ACRÍLICA 1 DEMÃO EM PAREDES INTERNAS","M2",11.86]
["C2464","TINTA À ÓLEO EM PAREDES INTERNAS DUAS DEMÃOS S/MASSA","M2",14.05]
["C2465","TINTA À ÓLEO EM PAREDES INTERNAS TRÊS DEMÃOS S/MASSA","M2",16.85]
["C2471","TINTA CERÂMICA DUAS DEMÃOS","M2",11.09]
["C2476","TINTA EPÓXI EM PAREDES, C/ SELADOR E EMASSAMENTO ACRÍLICO","M2",71.49]
["C2477","TINTA IMPERMEÁVEL MINERAL EM PÓ 3 DEMÃOS EM PAREDES EXTERNAS","M2",7.74]
["PISO",null,null,198.42]
["C1039","DEMARCAÇÃO DE PISO À BASE DE EMULSÃO ACRÍLICA","M",19.09]
["C1040","DEMARCAÇÃO DE QUADRA ESPORTIVA C/TINTA ACRÍLICA","M",19.03]
["C1041","DEMARCAÇÃO DE QUADRA TIPO ESCOLAR C/TINTA ACRÍLICA","M",8.83]
["C1907","PINTURA DE PISO INTERNO/EXTERNO. C/TINTA BASE RESINA ACRÍLICA-QUARTZO.2 DEMÃOS","M2",13.06]
[]
["C1910","PINTURA P/PISO À BASE LATEX ACRÍLICO, TIPO \"NOVACOR\"","M2",13.99]
["C2466","TINTA ACRÍLICA 2 DEMÃOS C/ ROLO DE LÃ","M2",23.44]
["C2470","TINTA CERÂMICA DE ACABAMENTO, DUAS DEMÃOS","M2",11.31]
["C2472","TINTA DE BASE ASFÁLTICA 2 DEMÃOS C/BROXA","M2",9.24]
["C2475","TINTA EPOXI EM PISOS, C/ SELADOR E EMASSAMENTO ACRÍLICO","M2",80.44]
["ESQUADRIAS DE MADEIRA",null,null,101.79]
["C1206","EMASSAMENTO DE ESQUADRIAS DE MADEIRA P/TINTA ÓLEO OU ESMALTE 2 DEMÃOS","M2",12.39]
["C1280","ESMALTE DUAS DEMÃOS EM ESQUADRIAS DE MADEIRA","M2",13.71]
["C3551","MUTIRÃO MISTO - ESMALTE DUAS DEMÃOS EM ESQUADRIAS DE MADEIRA","M2",10.05]
["C1876","PENTOX  2 DEMÃOS APLICADO EM MADEIRAS","M2",12.32]
["C2897","PINTURA COM SELADOR EM MADEIRA","M2",5.47]
["C2468","TINTA ANTIFLAMA TRÊS DEMÃOS EM ESQUADRIAS DE MADEIRA","M2",33.19]
["C2667","VERNIZ 3 DEMÃOS EM ESQUADRIAS DE MADEIRA","M2",14.67]
["SUPERFÍCIES METÁLICAS",null,null,423.43]
["C0044","ALUMÍNIO SINTÉTICO EM ESTRUTURA DE AÇO CARBONO 50 MICRA C/REVÓLVER","M2",{"v":6.7,"d":"6.70"}]
["C0045","ALUMÍNIO SINTÉTICO EM ESTRUTURA DE AÇO CARBONO 50 MICRA C/TRINCHA","M2",11.33]
["C0463","BORRACHA CLORADA EM ESTRUTURA  DE  AÇO CARBONO 50 MICRA C/REVÓLVER","M2",12.51]
["C0464","BORRACHA CLORADA EM ESTRUTURA DE AÇO CARBONO 50 MICRA C/TRINCHA","M2",15.52]
["C1279","ESMALTE DUAS DEMÃOS EM ESQUADRIAS DE FERRO","M2",23.91]
["C1281","ESMALTE SINTÉTICO EM ESTRUTURA DE AÇO CARBONO 50 MICRA C/REVÓLVER","M2",5.55]
["C1282","ESMALTE SINTÉTICO EM ESTRUTURA DE AÇO CARBONO 50 MICRA C/TRINCHA","M2",10.35]
["C1428","GRAFITE DUAS DEMÃOS EM ESQUADRIAS DE FERRO","M2",26.31]
["C1520","JATEAMENTO AO METAL BRANCO EM ESTRUTURAS DE AÇO CARBONO","M2",{"v":55.2,"d":"55.20"}]
["C1521","JATEAMENTO AO METAL QUASE BRANCO EM ESTRUTURA DE AÇO CARBONO","M2",18.86]
["C1522","JATEAMENTO COMERCIAL EM ESTRUTURA DE AÇO CARBONO","M2",23.68]
["C3425","PINTURA A ÓLEO PARA FERRO FUNDIDO","M2",11.78]
["C1911","PINTURA PARA ESTRUTURA DE ALUMÍNIO","M2",11.12]
["C2040","PINTURA C/ PRIMER EPOXI EM ESTRUTURA DE AÇO CARBONO 25 MICRA C/REVÓLVER","M2",8.09]
["C2473","PINTURA C/ TINTA EPOXI EM ESTRUTURA DE AÇO CARBONO 50 MICRA C/REVÓLVER","M2",11.51]
["C4309","PINTURA POLIURETANO EM 02 (DUAS) DEMÃOS SOBRE TUBULAÇÃO","M2",14.09]
["C4409","PINTURA POLIURETANO EM ESTRUTURAS DE AÇO CARBONO, 65 MICRA C/ REVOLVER","M2",8.63]
["C2036","PRIMER À BASE DE BORRACHA CLORADA. EM ESTRUTURA DE AÇO 25 MICRA C/REVÓLVER","M2",7.99]
[]
["C2037","PRIMER À BASE DE BORRACHA CLORADA. EM ESTRUTURA DE. AÇO 25 MICRA C/TRINCHA","M2",8.65]
[]
["C2038","PRIMER EM ESTRUTURA DE AÇO CARBONO 25 MICRA C/REVÓLVER","M2",4.84]
["C2039","PRIMER EM ESTRUTURA DE AÇO CARBONO 25 MICRA C/TRINCHA","M2",6.69]
["C2041","PRIMER EPOXI EM ESTRUTURA DE AÇO CARBONO 25 MICRA C/TRINCHA","M2",8.93]
["C2042","PRIMER SINTÉTICO EM ESTRUTURA DE AÇO CARBONO 25 MICRA C/REVÓLVER","M2",6.11]
["C2043","PRIMER SINTÉTICO EM ESTRUTURA DE AÇO CARBONO 25 MICRA C/TRINCHA","M2",9.38]
["C2467","TINTA ANTIFLAMA 2 DEMÃOS E PRIMER EM ESQUADRIAS DE FERRO","M2",50.27]
["C2469","TINTA AUTOMOTIVA 2 DEMÃOS EM METÁLICOS","M2",30.65]
["C2474","TINTA EPOXI EM ESTRUTURA DE AÇO CARBONO 50 MICRA C/TRINCHA","M2",14.76]
["SUPERFÍCIES DE CONCRETO",null,null,127.08]
["C1235","EMULSÃO DE RESINAS ACRÍLICAS EM CONCRETO - 2 DEMÃOS","M2",22.63]
["C4714","PINTURA DE LOGOTIPOS COM TINTA À ÓLEO EM CONCRETO","M2",51.12]
["C2187","REGULARIZAÇÃO DE SUPERFÍCIE DE CONCRETO  APARENTE - 2 DEMÃOS","M2",6.51]
["C2273","SILICONE EM PAREDES DE CONCRETO OU TIJOLO CERÂMICO - 1 DEMÃO","M2",9.54]
["C2542","TRATAMENTO DE SUPERFÍCIE DE CONCRETO APARENTE","M2",11.06]
["C2668","VERNIZ ACRÍLICO EM PAREDES DE CONCRETO - 2 DEMÃOS","M2",7.26]
["C2669","VERNIZ POLIURETANO SOBRE PRIMER EM PAREDE CONCRETO - 3 DEMÃOS","M2",18.93]
["OUTROS ELEMENTOS",null,null,397.09]
["C4025","DESENHOS INSERIDOS NO PASSEIO DE CONCRETO","M2",{"v":41.7,"d":"41.70"}]
["C1613","LATEX ACRÍLICO 2 DEMÃOS EM TELHAS DE FIBROCIMENTO","M2",14.04]
["C1620","LETREIRO - LETRA EM CAIXA DE ZINCO, H= 20CM","UN",65.51]
["C1621","LETREIRO - LETRA EM PAREDES","UN",10.89]
["C1906","PINTURA C/ EMASSAMENTO P/ QUADRO-VERDE","M2",28.07]
["C1908","PINTURA EXTERNA DE RUFOS, CALHAS E CONDUTORES C/ESMALTE SINTÉTICO","M",10.81]
["C1909","PINTURA EXTERNA DE RUFOS E  INTERNA DE CALHAS C/TINTA BETUMINOSA 1 DEMÃO","M2",7.33]
["C2899","PINTURA LOGOTIPO CAGECE - PROJETO PADRÃO","UN",171.06]
["C4164","TRATAMENTO EM VIDROS, ANTI-ADERÊNCIA DE PÓ, MARESIA, ETC.","M2",47.69]
["PAVIMENTAÇÃO DO SISTEMA VIÁRIO",null,null,{"v":2311.87,"d":"2,311.87"}]
["REGULARIZAÇÃO DO SUB-LEITO",null,null,1.62]
["C3233","REGULARIZAÇÃO DO SUB-LEITO","M2",1.63]
["REFORÇO, SUB-BASE E BASE",null,null,788.95]
["C3132","BASE DE BRITA GRADUADA (S/TRANSP)","M3",92.54]
["C3133","BASE MACADAME HIDRÁULICO C/ENCHIMENTO DE AREIA (S/TRANSP)","M3",{"v":78.1,"d":"78.10"}]
["C3134","BASE SOLO BRITA COM 20% DE BRITA (S/TRANSP)","M3",40.01]
["C3135","BASE SOLO BRITA COM 30% DE BRITA (S/TRANSP)","M3",48.26]
["C3136","BASE SOLO BRITA COM 40% DE BRITA (S/TRANSP)","M3",56.44]
["C3137","BASE SOLO BRITA COM 50% DE BRITA (S/TRANSP)","M3",64.69]
["C3138","BASE SOLO BRITA COM 60% DE BRITA (S/TRANSP)","M3",72.88]
["C3217","ESTABILIZAÇÃO GRANULOMÉTRICA DE SOLOS S/ MISTURA DE MATERIAIS (S/TRANSP)","M3",17.22]
["C3216","ESTABILIZAÇÃO GRANULOMÉTRICA DE SOLOS C/ MISTURA DE MATERIAIS (S/TRANSP)","M3",20.28]
["C3215","ESTABILIZACÂO SOLO BETUME MISTURADO NA PISTA (S/TRANSP)","M3",26.32]
["C3930","SUB BASE/BASE DE SOLO CAL (3%) (S/TRANSP)","M3",72.94]
["C3931","SUB BASE/BASE DE SOLO CAL (4%) (S/TRANSP)","M3",90.74]
["C3968","SUB BASE/BASE DE SOLO CAL (5%) (S/TRANSP)","M3",108.54]
["RECOMPOSIÇÃO DE SUB BASE E BASE",null,null,432.37]
["C3163","ESCAVAÇÃO E CARGA DE MATERIAL ADICIONAL DE JAZIDA P/ RECOMPOSIÇÃO DE SUB-BASE/BASE/REVESTIMENTO PRIMÁRIO","M3",{"v":3.7,"d":"3.70"}]
[]
["C3164","ESCARIFICAÇÃO P/APROVEITAMENTO DE SUB-BASE/BASE/REVESTIMENTO PRIMÁRIO","M3",4.65]
["C4549","RECICLAGEM DE BASE E REVESTIMENTO SEM ADIÇÃO DE MATERIAL","M3",45.77]
["C4235","RECICLAGEM DE BASE E REVESTIMENTO COM ADIÇÃO DE BRITA NA TAXA DE 86 Kg/m² (S/ TRANSP.)","M3",55.15]
[]
["C4236","RECICLAGEM DE BASE E REVESTIMENTO COM ADIÇÃO DE BRITA NA TAXA DE 129 Kg/m² (S/ TRANSP.)","M3",64.01]
[]
["C4237","RECICLAGEM DE BASE E REVESTIMENTO COM ADIÇÃO DE BRITA NA TAXA DE 172 Kg/m² (S/ TRANSP.)","M3",72.82]
[]
["C4238","RECICLAGEM DE BASE E REVESTIMENTO COM ADIÇÃO DE BRITA NA TAXA DE 215 Kg/m² (S/ TRANSP.)","M3",81.69]
[]
["C4239","RECICLAGEM DE BASE E REVESTIMENTO COM ADIÇÃO DE BRITA NA TAXA DE 258 Kg/m² (S/ TRANSP.)","M3",{"v":90.5,"d":"90.50"}]
[]
["C3231","RECOMPOSIÇÃO DE  SUB-BASE/BASE SOLO ESTABILIZADO GRANULOMETRICAMENTE (S/TRANSP)","M3",{"v":14.1,"d":"14.10"}]
[]
["IMPRIMAÇÃO",null,null,0.27]
["C3221","IMPRIMAÇÃO - EXECUÇÃO (S/TRANSP)","M2",0.27]
["PINTURA DE LIGAÇÃO",null,null,0.17]
["C3228","PINTURA DE LIGAÇÃO - EXECUÇÃO (S/TRANSP)","M2",0.16]
["MISTURAS BETUMINOSAS À QUENTE",null,null,505.97]
["C3126","AREIA ASFALTO USINADA À QUENTE C/ESPALHAMENTO DE MOTONIVELADORA (S/TRANSP)","M3",94.83]
[]
["C3128","AREIA ASFALTO USINADA À QUENTE - AAUQ (S/TRANSP)","M3",97.97]
["C3155","CONCRETO BETUMINOSO USINADO À QUENTE - CBUQ (S/TRANSP)","M3",146.15]
["C3230","PRÉ MISTURADO À QUENTE - PMQ (S/TRANSP)","M3",167.02]
["MISTURAS BETUMINOSAS À FRIO",null,null,172.27]
["C3127","AREIA ASFALTO USINADA À FRIO - AAUF (S/TRANSP)","M3",55.56]
["C3229","PRÉ MISTURADO À FRIO - PMF (S/TRANSP)","M3",116.72]
["REVESTIMENTO EM PEDRA",null,null,{"v":245.3,"d":"245.30"}]
["C3010","PAVIMENTAÇÃO BRIPAR INCLUSIVE COMPACTAÇÃO (S/TRANSP)","M2",49.42]
["C2893","PAVIMENTAÇÃO EM PARALELEPÍPEDO C/ REJUNTAMENTO (AGREGADO ADQUIRIDO)","M2",{"v":42.6,"d":"42.60"}]
["C3107","PAVIMENTAÇÃO EM PARALELEPÍPEDO C/ REJUNTAMENTO (AGREGADO PRODUZIDO) (S/TRANSP)","M2",35.76]
[]
["C2894","PAVIMENTAÇÃO EM PARALELEPÍPEDO S/ REJUNTAMENTO (AGREGADO ADQUIRIDO)","M2",36.61]
["C2895","PAVIMENTAÇÃO EM PEDRA TOSCA C/ REJUNTAMENTO (AGREGADO ADQUIRIDO)","M2",39.47]
["C3348","PAVIMENTAÇÃO EM PEDRA TOSCA S/ REJUNTAMENTO (AGREGADO PRODUZIDO)","M2",16.12]
["C2896","PAVIMENTAÇÃO EM PEDRA TOSCA S/ REJUNTAMENTO (AGREGADO ADQUIRIDO)","M2",{"v":25.3,"d":"25.30"}]
["REVESTIMENTO PRIMÁRIO",null,null,146.65]
["C2944","REVESTIMENTO DE BRITA COM AGREGADO ADQUIRIDO","M3",68.08]
["C2945","REVESTIMENTO DE PEDRISCO COM AGREGADO ADQUIRIDO","M3",70.11]
["C3234","REVESTIMENTO COM SOLO (PIÇARRA) (S/TRANSP)","M3",8.46]
["TRATAMENTOS SUPERFICIAIS",null,null,{"v":18.3,"d":"18.30"}]
["C3125","APLICAÇÃO DE EMULSÃO ASFÁLTICA C/ÁGUA EM TRATAMENTO SUPERFICIAL (S/TRANSP)","M2",0.19]
[]
["C3242","TRATAMENTO SUPERFICIAL SIMPLES (S/TRANSP)","M2",1.46]
["C3240","TRATAMENTO SUPERFICIAL DUPLO (S/TRANSP)","M2",4.28]
["C3241","TRATAMENTO SUPERFICIAL DUPLO C/CAPA SELANTE (S/TRANSP)","M2",5.45]
["C3243","TRATAMENTO SUPERFICIAL TRIPLO (S/TRANSP)","M2",6.92]
["CONSERVAÇÃO DO SISTEMA VIÁRIO",null,null,{"v":58818.58,"d":"58,818.58"}]
["FERROVIÁRIA",null,null,{"v":54751.64,"d":"54,751.64"}]
["C4337","ACABAMENTO MANUAL DO PERFIL DO LASTRO DE BRITA APÓS O NIVELAMENTO, INCLUSIVE COMPACTAÇÃO DA SUPERFÍCIE, BITOLA MÉTRICA, VIA SINGELA","M",3.19]
[]
["C4335","ALARGAMENTO DE CORTE, MANUAL","M3",29.78]
["C4357","APLICAÇÃO DE RETENSORES","UN",0.53]
["C4359","ASSENTAMENTO DE MARCO QUILOMÉTRICO OU MECTOMÉTRICO","UN",15.96]
["C4227","CARGA MANUAL DE ACESSÓRIOS METÁLICOS E MATERIAIS DIVERSOS COM ARRUMAÇÃO DA CARGA EM VAGÕES OU CAMINHÕES, BITOLA MÉTRICA","T",17.23]
[]
["C4367","CARGA MANUAL DE DORMENTE DE CONCRETO COM ARRUMAÇÃO DA CARGA EM VAGÕES OU CAMINHÕES, BITOLA MÉTRICA","UN",3.62]
[]
["C4225","CARGA MANUAL DE DORMENTES DE CONCRETO COM ARRUMAÇÃO DA CARGA EM VAGÕES OU CAMINHÕES - BITOLA MÉTRICA","T",18.08]
[]
["C4224","CARGA MANUAL DE DORMENTES DE MADEIRA COM ARRUMAÇÃO DA CARGA EM VAGÕES OU CAMINHÕES - BITOLA MÉTRICA","UN",2.02]
[]
["C4228","CARGA MANUAL DE DORMENTES ESPECIAIS PARA AMV COM ARRUMAÇÃO DA CARGA EM VAGÕES OU CAMINHÕES, BITOLA MÉTRICA","UN",2.34]
[]
["C4226","CARGA MANUAL DE TRILHOS COM ARRUMAÇÃO DA CARGA EM VAGÕES OU CAMINHÕES","T",20.21]
[]
["C4349","CONSERVAÇÃO MANUAL DE JUNTAS COM DESMONTAGEM - TALAS COM 6 FUROS - INCLUINDO: DESMONTAGEM, LIMPEZA, INSPEÇÃO VISUAL PARA DETECÇÃO DE DEFEITOS NAS EXTREMIDADES DOS TRILHOS E TALA, FIXAÇÃO, LUBRIFICAÇÃO E REMONTAGEM","UN",9.36]
[]
["C4348","CONSERVAÇÃO MANUAL DE JUNTAS SEM DESMONTAGEM","UN",0.43]
["C4352","CONSOLIDAÇÃO MANUAL DA FIXAÇÃO ELÁSTICA - SUBSTITUIÇÃO OU REPOSICIONAMENTO DE PEÇAS DA FIXAÇÃO DOS DORMENTES DE CONCRETO (SEM FORNECIMENTO)","UN",0.96]
[]
["C4351","CONSOLIDAÇÃO MANUAL DA FIXAÇÃO RÍGIDA (PREGO OU TIREFÃO) COM OU SEM SUBSTITUIÇÃO","UN",0.96]
[]
["C4341","CONSOLIDAÇÃO MANUAL DAS FIXAÇÕES DE AMV COM ABERTURA MENOR OU IGUAL A 1:10, BITOLA MÉTRICA","UN",478.67]
[]
["C4342","CONSOLIDAÇÃO MANUAL DAS FIXAÇÕES DE AMV COM ABERTURA MAIOR QUE 1:10, BITOLA MÉTRICA","UN",{"v":372.3,"d":"372.30"}]
[]
["C4358","CORREÇÃO MANUAL DE BITOLA","M",4.25]
["C4220","DEMOLIÇÃO MANUAL DE AMV COM ABERTURA DE 1:8 COM MATERIAL METÁLICO TIPO ATÉ TR 45, BITOLA MÉTRICA COM SEPARAÇÃO E EMPILHAMENTO DOS MATERIAIS","UN",{"v":1276.46,"d":"1,276.46"}]
[]
["C4221","DEMOLIÇÃO MANUAL DE AMV COM ABERTURA DE 1:10 COM MATERIAL METÁLICO TIPO ATÉ TR 45, BITOLA MÉTRICA COM SEPARAÇÃO E EMPILHAMENTO DOS MATERIAIS","UN",{"v":1467.92,"d":"1,467.92"}]
[]
["C4222","DEMOLIÇÃO MANUAL DE AMV COM ABERTURA DE 1:14 COM MATERIAL METÁLICO TIPO ATÉ TR 45, BITOLA MÉTRICA COM SEPARAÇÃO E EMPILHAMENTO DOS MATERIAIS","UN",{"v":1688.11,"d":"1,688.11"}]
[]
["C4219","DEMOLIÇÃO MANUAL DE LINHA, BITOLA MÉTRICA, DE MATERIAL METÁLICO ATÉ 45 Kg/m INCLUSIVE SEPARAÇÃO E EMPILHAMENTO DO MATERIAL","KM",{"v":19146.83,"d":"19,146.83"}]
[]
["C4232","DESCARGA MANUAL DE ACESSÓRIOS METÁLICOS E MATERIAIS DIVERSOS DE VAGÕES OU CAMINHÕES COM EMPILHAMENTO, BITOLA MÉTRICA","T",14.68]
[]
["C4230","DESCARGA MANUAL DE DORMENTES DE CONCRETO EM VAGÕES OU CAMINHÕES, COM EMPILHAMENTO - BITOLA MÉTRICA","T",15.96]
[]
["C4229","DESCARGA MANUAL DE DORMENTES DE MADEIRAS EM VAGÕES OU CAMINHÕES, COM EMPILHAMENTO - BITOLA MÉTRICA","UN",{"v":1.7,"d":"1.70"}]
[]
["C4231","DESCARGA MANUAL DE TRILHOS DE VAGÕES OU CAMINHÕES, COM EMPILHAMENTO - BITOLA MÉTRICA","T",17.02]
[]
["C4338","DESGUARNECIMENTO MANUAL DA VIA SINGELA PELA RETIRADA DO LASTRO ATÉ A FACE INFERIOR DO DORMENTE, BITOLA MÉTRICA","M",13.83]
[]
["C4223","DESMONTAGEM MANUAL DE CONTRA-TRILHO, ATÉ TR 45 INCLUINDO A RETIRADA DO CONTRA-TRILHO, DAS FIXAÇÕES E EMPILHAMENTO AO LADO DA LINHA","M",5.53]
[]
["C4360","FURAÇÃO MANUAL DE DORMENTE DE MADEIRA PARA APLICAÇÃO DAS FIXAÇÕES","UN",0.53]
["C4369","LASTRAMENTO MANUAL DA VIA COM FORNECIMENTO DE MATERIAL","M3",88.18]
["C4368","LASTRAMENTO MANUAL DA VIA SEM FORNECIMENTO DE MATERIAL","M3",5.53]
["C4233","LASTREAMENTO MANUAL, COM TERRA, EM VIA SINGELA, SEM FORNECIMENTO DO MATERIAL, ESTANDO ESTE NA MARGEM DA LINHA, COMPREENDENDO O RESGUARNECIMENTO (COLOCAÇÃO DO LASTRO), NIVELAMENTO, ALINHAMENTO, SOCARIA E ACABAMENTO - BITOLA MÉTRICA","KM",{"v":14360.12,"d":"14,360.12"}]
[]
["C4234","LASTREAMENTO MANUAL, COM TERRA, EM VIA SINGELA, SEM FORNECIMENTO DO MATERIAL, ESTANDO ESTE NA MARGEM DA LINHA, COMPREENDENDO O RESGUARNECIMENTO (COLOCAÇÃO DO LASTRO), SOCARIA E ACABAMENTO - BITOLA MÉTRICA","KM",{"v":11488.1,"d":"11,488.10"}]
[]
["C4334","LIMPEZA DE CORTE, MANUAL","M3",26.59]
["C4363","LIMPEZA DE VALETAS REVESTIDAS COM CONCRETO","M",2.66]
["C4365","LIMPEZA MANUAL DE LASTRO","M",{"v":11.7,"d":"11.70"}]
["C4339","LIMPEZA MANUAL DE LASTRO DE BRITA, POR METRO LINEAR DE LINHA, COMPREENDENDO TODAS AS OPERAÇÕES INCLUSIVE RESGUARNECIMENTO E ACABAMENTO DO PERFIL DO LASTRO, BITOLA MÉTRICA","M",17.87]
[]
["C4364","LIMPEZA DE BUEIRO, INCLUINDO A RETIRADA DOS ENTULHOS BEM COMO A ROÇADA E LIMPEZA GERAL DAS BOCAS","M",10.64]
[]
["C4344","NIVELAMENTO MANUAL DA VIA COMPREENDENDO ALINHAMENTO, SOCARIA E ACABAMENTO DO LASTRO DE TERRA, BITOLA MÉTRICA","M",9.04]
[]
["C4343","NIVELAMENTO MANUAL DE VIA COMPREENDENDO SOCARIA E RECOMPOSIÇÃO DO LASTRO DE BRITA, BITOLA MÉTRICA","M",10.64]
[]
["C4347","NIVELAMENTO MANUAL DE JUNTA COMPREENDENDO SOCARIA, REAPERTO E RECOMPOSIÇÃO DO LASTRO, BITOLA MÉTRICA","UN",10.64]
[]
["C4356","PUXAMENTO MANUAL DA LINHA, POR FRAÇÃO DE ATÉ 20 cm, COMPREENDENDO REAPERTO DA FIXAÇÃO, DESGUARNECIMENTO PARCIAL DO OMBRO DO LASTRO, PUXAMENTO, RECOLOCAÇÃO DO LASTRO E ACABAMENTO, BITOLA MÉTRICA","M",9.57]
[]
["C4333","REFORÇO DE ATERRO, MANUAL","M3",21.27]
["C4340","REFORÇO MANUAL DE LASTRO EM LINHAS E AMVs, SEM FORNECIMENTO INCLUSIVE ACABAMENTO DO PERFIL DO LASTRO, BITOLA MÉTRICA","M3",10.64]
[]
["C4350","REGULAGEM MANUAL DE FOLGAS NAS JUNTAS - TALAS COM 6 FUROS (TRILHOS DE 18 METROS). USO DE 91,24% DOS Hh/UN PARA TALA DE 4 FUROS","UN",{"v":26.7,"d":"26.70"}]
[]
["C4336","REGULARIZAÇÃO DE BANQUETA DE PLATAFORMA, MANUAL","M3",10.64]
["C4366","REGULARIZAÇÃO FINAL DO LASTRO, APÓS O NIVELAMENTO, INCLUINDO PERFILAMENTO E COMPACTAÇÃO MANUAL DO LASTRO","KM",{"v":3191.14,"d":"3,191.14"}]
[]
["C4354","REPOSICIONAMENTO, REAPERTO OU REBATIMENTO DAS FIXAÇÕES EM LINHAS COM 2 FIXAÇÕES POR FILA DE TRILHO, MANUAL","M",0.53]
[]
["C4187","ROÇO MANUAL DE FAIXA FERROVIÁRIA","M2",0.21]
["C4345","SOLDAGEM ELÉTRICA EM ESTALEIRO TR-37","UN",{"v":85.1,"d":"85.10"}]
["C4346","SOLDAGEM ELÉTRICA EM ESTALEIRO TR-45","UN",{"v":85.1,"d":"85.10"}]
["C4362","SUBSTITUIÇÃO DO LASTRO EM AMV COM ABERTURA MENOR OU IGUAL A 1:10, BITOLA MÉTRICA, MANUAL","AMV",638.23]
[]
["C4353","SUBSTITUIÇÃO, OU COMPLEMENTAÇÃO OU REPOSICIONAMENTO MANUAL DE FIXAÇÕES DE DORMENTES DE CONCRETO (SEM FORNECIMENTO)","UN",2.02]
[]
["C4361","TARUGAMENTO DE DORMENTES","UN",0.32]
["RODOVIÁRIA",null,null,{"v":3824.8,"d":"3,824.80"}]
["C4546","APLICAÇÃO DE REJUVENESCEDOR PDC/REJUVASEAC BR","M2",{"v":14.6,"d":"14.60"}]
["C3905","BRITA PRA BASE DE REMENDO PROFUNDO","M3",{"v":89.6,"d":"89.60"}]
["C3954","CAPINA MANUAL","M2",0.39]
["C3884","CAPA SELANTE C/ PEDRISCO (S/TRANSP)","M2",0.81]
["C3891","COMBATE À EXSUDAÇÃO COM AREIA","M2",0.63]
["C3140","CAPA SELANTE COM AREIA ( S/TRANSP)","M2",0.42]
["C3892","COMBATE À EXSUDAÇÃO COM PEDRISCO","M2",0.81]
["C3945","CORREÇÃO DE DEFEITOS (ESPALHAMENTO MANUAL E COMPACTAÇÃO DE MISTURA  BETUMINOSA)","M3",133.75]
[]
["C3904","CORTE E LIMPEZA DE ÁREAS GRAMADAS","M2",0.09]
["C3895","ENCHIMENTO E COMPACTAÇÃO DA MISTURA BETUMINOSA EM TAPA BURACO","M3",261.94]
["C3940","ESPALHAMENTO E COMPACTAÇÃO DE MISTURA BETUMINOSA PRÉ MISTURADA À FRIO","M3",21.54]
[]
["C3942","ESPALHAMENTO E COMPACTAÇÃO  DE MISTURA BETUMINOSA PRÉ MISTURADA À QUENTE","M3",18.98]
[]
["C3937","ESPALHAMENTO E COMPACTAÇÃO DE MISTURA DE AREIA ASFALTO USINADA À QUENTE","M3",18.98]
[]
["C3935","ESPALHAMENTO E COMPACTAÇÃO DE MISTURA DE AREIA ASFALTO USINADO À FRIO","M3",21.15]
["C4547","FRESAGEM CONTÍNUA DE REVESTIMENTO BETUMINOSO","M3",98.59]
["C4548","FRESAGEM DESCONTÍNUA DE REVESTIMENTO BETUMINOSO","M3",147.68]
["C3222","LAMA ASFALTICA FAIXA 1 (2MM)-6KG/M2 (S/TRANSP)","M2",0.91]
["C3223","LAMA ASFALTICA FAIXA 2 (4MM)-8KG/M2 (S/TRANSP)","M2",1.14]
["C4543","LAMA ASFÁLTICA FAIXA 3 (6mm) - 10 Kg/m² (S/TRANSP)","M2",1.63]
["C4544","MICRO-REVESTIMENTO ASFÁLTICO (1 CAMADA) - 14 Kg/m²","M2",1.81]
["C4545","MICRO-REVESTIMENTO ASFÁLTICO (2 CAMADAS) - 25 Kg/m²","M2",3.41]
["C3092","LIMPEZA DE BUEIRO","M3",11.64]
["C3894","LIMPEZA DE DESCIDA D'ÁGUA","M",0.69]
["C3896","LIMPEZA DE PLACA DE SINALIZAÇÃO","M2",4.97]
["C3093","LIMPEZA DE PONTE","M",4.22]
["C3094","LIMPEZA DE SARJETA E MEIO-FIO","M",0.35]
["C3893","LIMPEZA DE VALETA DE DRENAGEM","M",2.08]
["C3096","LIMPEZA DE VALETA DE CORTE","M",0.52]
["C3938","MISTURA BETUMINOSA PRÉ MISTURADA À FRIO EM BETONEIRA (S/TRANSP)","M3",111.07]
["C3939","MISTURA BETUMINOSA PRÉ MISTURADA USINADA À FRIO (S/TRANSP)","M3",102.07]
["C3941","MISTURA BETUMINOSA PRÉ MISTURADA USINADA À QUENTE (S/TRANSP)","M3",153.77]
["C3936","MISTURA DE AREIA ASFALTO USINADA À QUENTE (S/TRANSP)","M3",76.13]
["C3885"," MISTURA DE AREIA ASFALTO À FRIO EM BETONEIRA (S/TRANSP)","M3",36.49]
["C3934","MISTURA DE AREIA ASFALTO USINADA À FRIO (S/TRANSP)","M3",27.49]
["C3889","PENEIRAMENTO MANUAL","M3",21.69]
["C0096","REATERRO APILOADO","M3",25.33]
["C3890","REATERRO E COMPACTAÇÃO DE BUEIRO","M3",28.88]
["C3101","RECOMPOSIÇÃO DE PAVIMENTAÇÃO EM PARALELEPÍPEDO C/REAPROVEITAMENTO","M2",12.93]
["C3100","RECOMPOSIÇÃO DE PAVIMENTAÇÃO EM PEDRA TOSCA  C/REAPROVEITAMENTO","M2",9.69]
["C3897","RECOMPOSIÇÃO DE PLACA DE SINALIZAÇÃO","M2",21.28]
["C3883","RECOMPOSIÇÃO DE REVESTIMENTO PRIMÁRIO","M3",6.28]
["C3952","RECOMPOSIÇÃO MANUAL DE ATERRO","M3",95.79]
["C3953","RECOMPOSIÇÃO MECANIZADA DE ATERRO","M3",15.75]
["C3947","RECOMPOSIÇÃO PARCIAL DE CERCA (SUBSTITUIÇÃO DE ESTACA DE CONCRETO)","UN",35.39]
["C3948","RECOMPOSIÇÃO PARCIAL DE CERCA DE ESTACAS DE CONCRETO (SUBSTITUIÇÃO DE ARAME FARPADO)","M",1.97]
[]
["C3951","RECOMPOSIÇÃO PARCIAL DE CERCA DE ESTACAS DE MADEIRA(SUBSTITUIÇÃO DE ARAME FARPADO)","M",1.61]
[]
["C3946","RECOMPOSIÇÃO PARCIAL DE CERCA (SUBSTITUIÇÃO DE MOURÕES DE CONCRETO)","UN",86.53]
["C3232","RECONFORMAÇÃO/PATROLAGEM DA PLATAFORMA","M2",0.06]
["C3943","REMENDO PROFUNDO COM DEMOLIÇÃO MANUAL(ENCHIMENTO E COMPACTAÇÃO DO MATERIAL DE BASE E MISTURA BETUMINOSA)","M3",263.26]
[]
["C3944","REMENDO PROFUNDO COM DEMOLIÇÃO MECANIZADA (ENCHIMENTO E COMPACTAÇÃO DO MATERIAL DE BASE E MISTURA BETUMINOSA)","M3",199.44]
[]
["C3902","REMOÇÃO DE MATACÕES","M3",76.66]
["C3888","REMOÇÃO MANUAL DA CAMADA GRANULAR DO PAVIMENTO","M3",67.32]
["C3899","REMOÇÃO MANUAL DE BARREIRA EM ROCHA","M3",26.47]
["C3898","REMOÇÃO MANUAL DE BARREIRA EM SOLO","M3",17.65]
["C3886","REMOÇÃO MANUAL DE REVESTIMENTO BETUMINOSO","M3",103.83]
["C3887","REMOÇÃO MECANIZADA DA CAMADA GRANULAR DO PAVIMENTO","M3",6.23]
["C3901","REMOÇÃO MECANIZADA DE BARREIRA EM ROCHA","M3",7.44]
["C3900","REMOÇÃO MECANIZADA DE BARREIRA EM SOLO","M3",4.86]
["C3159","REMOÇÃO MECANIZADA DE REVESTIMENTO BETUMINOSO","M3",14.53]
["C3109","ROÇADA MANUAL","HA",969.96]
["C3903","ROÇADA MECANIZADA","HA",291.48]
["C3115","SELAGEM DE TRINCA : S/TRANSP","L",1.94]
["C3932","SOLO BRITA PARA BASE DE REMENDO PROFUNDO (S/TRANSP)","M3",33.73]
["C3933","SOLO PARA BASE DE REMENDO PROFUNDO (S/TRANSP)","M3",6.47]
["URBANA",null,null,242.15]
["C2925","RECOMPOSIÇÃO DE CAPA EM AREIA ASFÁLTICA (AAUQ), ESP.= 5cm","M2",33.92]
["C2926","RECOMPOSIÇÃO DE CAPA EM CONCRETO ASFÁLTICO (CBUQ), ESP.= 5cm","M2",34.32]
["C2135","RECOMPOSIÇÃO DE GUIAS DE CONCRETO","M",22.26]
["C2927","RECOMPOSIÇÃO DE MEIO FIO EM CONCRETO","M",10.97]
["C2928","RECOMPOSIÇÃO DE MEIO FIO EM PEDRA GRANITICA","M",10.68]
["C3036","RECOMPOSIÇÃO DE PAVIMENTAÇÃO C/BLOKRET REAPROVEITADO","M2",10.04]
["C2136","RECOMPOSIÇÃO DE PAVIMENTAÇÃO DE PRÉ- MOLDADO S/ COXIM DE AREIA","M2",19.51]
["C2929","RECOMPOSIÇÃO DE PAVIMENTAÇÃO EM PARALELEPÍPEDO C/REJUNTAMENTO","M2",28.92]
["C2930","RECOMPOSIÇÃO DE PAVIMENTAÇÃO EM PARALELEPÍPEDO S/REJUNTAMENTO","M2",19.55]
["C2931","RECOMPOSIÇÃO DE PAVIMENTAÇÃO EM PEDRA PORTUGUESA","M2",21.74]
["C2932","RECOMPOSIÇÃO DE PAVIMENTAÇÃO EM PEDRA TOSCA C/REJUNTAMENTO","M2",18.44]
["C2933","RECOMPOSIÇÃO DE PAVIMENTAÇÃO EM PEDRA TOSCA S/REJUNTAMENTO","M2",{"v":11.8,"d":"11.80"}]
["OBRAS PORTUÁRIAS",null,null,{"v":126882.07,"d":"126,882.07"}]
["FUNDAÇÕES",null,null,{"v":33945.12,"d":"33,945.12"}]
["C4664","CONFECÇÃO DE CAMISA METÁLICA COM CHAPA DE AÇO","T",{"v":7136.21,"d":"7,136.21"}]
["C4319","CRAVAÇÃO DE ESTACA PRÉ-MOLDADA C/ UTILIZAÇÃO DE PLATAFORMA","M",797.47]
["C4296","CRAVAÇÃO DE CAMISA METÁLICA Ø 1,00 m, C/ UTILIZAÇÃO DE PLATAFORMAS","M",421.13]
["C4144","ESCAVAÇÃO EM ROCHA ALTERADA D= 0,93m","M3",787.33]
["C4145","ESCAVAÇÃO EM ROCHA SÃ D= 0,93m","M3",{"v":3229.77,"d":"3,229.77"}]
["C4143","ESCAVAÇÃO EM SOLO D= 0,93m","M3",489.41]
["C4298","ESCAVAÇÃO EM ROCHA ALTERADA DIÂMETRO 0,93m C/ UTILIZAÇÃO DE PLATAFORMAS","M3",{"v":1996.71,"d":"1,996.71"}]
[]
["C4299","ESCAVAÇÃO EM ROCHA SÃ DIÂMETRO 0,93m C/ UTILIZAÇÃO DE PLATAFORMAS","M3",{"v":5800.46,"d":"5,800.46"}]
["C4300","ESCAVAÇÃO EM SOLO DIÂMETRO 0,93m C/ UTILIZAÇÃO DE PLATAFORMAS","M3",{"v":1009.22,"d":"1,009.22"}]
["C3983","FABRICAÇÃO E FORNECIMENTO DE ACESSÓRIOS METÁLICOS PARA ESTACA DE CONCRETO (PONTEIRA E ANEL)","T",{"v":10505.2,"d":"10,505.20"}]
[]
["C4310","POSICIONAMENTO, OPERAÇÃO E REMOÇÃO DE CAMISA METÁLICA C/ UTILIZAÇÃO DE PLATAFORMAS","UN",{"v":1772.21,"d":"1,772.21"}]
[]
["ESTRUTURAS",null,null,{"v":92775.11,"d":"92,775.11"}]
["C4324","ACESSÓRIOS P/ TRILHOS A-100","KG",7.84]
["C4149","ARRASAMENTO DE ESTACAS DE CONCRETO D=0,80m","UN",791.68]
["C4286","ARRASAMENTO DE ESTACAS DE CONCRETO C/ UTILIZAÇÃO DE PLATAFORMAS","UN",{"v":1056.4,"d":"1,056.40"}]
["C4322","CABEÇOS DE AMARRAÇÃO P/ 1500 KN","UN",{"v":14810.25,"d":"14,810.25"}]
["C4146","CARGA E TRANSP. DE ESTACA PRÉ-MOLDADA DO ESTOQUE AO LOCAL DE APLICAÇÃO, INCLUSIVE ASSENTAMENTO","M",134.07]
[]
["C4318","CARGA E TRANSPORTE DE ESTACA PRÉ-MOLDADA DO ESTOQUE AO LOCAL DE APLICAÇÃO C/ UTILIZAÇÃO DE PLATAFORMAS, INCLUSIVE ASSENTAMENTO","M",310.72]
[]
["C4153","CARGA E TRANSP. DE PEÇAS PRÉ-MOLDADAS DO ESTOQUE AO LOCAL DE APLICAÇÃO, INCLUSIVE ASSENTAMENTO","M3",90.34]
[]
["C4290","CARGA E TRANSPORTE DE PEÇAS PRÉ-MOLDADAS, INCLUSIVE ASSENTAMENTO C/ UTILIZAÇÃO DE PLATAFORMAS","M3",234.72]
[]
["C4712","CARGA/DESCARGA DE ABRIGO PREMOLDADO (PARADA DE ÔNIBUS), INCLUSIVE ASSENTAMENTO","UN",336.23]
[]
["C4136","CONFECÇÃO DE ESTRUTURA METÁLICA P/ CONTRAVENTAMENTO DE ESTACAS","T",{"v":11835.16,"d":"11,835.16"}]
["C4321","DEFENSAS E=600 KNm R=1200 KN","UN",{"v":50045.19,"d":"50,045.19"}]
["C4295","FORNECIMENTO E MONTAGEM DE CONTRAVENTAMENTO METÁLICO DE ESTACAS","T",{"v":12286.55,"d":"12,286.55"}]
["C4311","POSICIONAMENTO, OPERAÇÃO E REMOÇÃO DE CONTRAVENTAMENTO METÁLICO DE ESTACAS C/ PLATAFORMAS","T",829.42]
[]
["C4323","TRILHOS A-100","KG",6.56]
["QUEBRA-MAR / ENROCAMENTO",null,null,{"v":116.6,"d":"116.60"}]
["C4288","CARGA E ARRUMAÇÃO DE PEDRAS (0,001 T ATÉ 1,00 T), INCLUSIVE LANÇAMENTO","M3",9.21]
["C4287","CARGA E ARRUMAÇÃO DE PEDRAS (1,00 T ATÉ 6,00 T), INCLUSIVE LANÇAMENTO","M3",11.67]
["C1097","CARGA E ARRUMAÇÃO DE PEDRAS COM GUINDASTE MUNIDO DE CAÇAMBA METÁLICA","M3",18.01]
["C4289","CARGA E LANÇAMENTO DE BRITA P/ REVESTIMENTO, INCLUSIVE ESPALHAMENTO","M3",15.78]
["C4306","LAVRA, SELEÇÃO E ESTOQUE DE PEDRAS (1,00 T ATÉ 4,00 T)","M3",20.32]
["C4307","LAVRA, SELEÇÃO E ESTOQUE DE PEDRAS (1,00 T ATÉ 6,00 T)","M3",21.77]
["C4308","LAVRA, SELEÇÃO E ESTOQUE DE PEDRAS (0,0001 T ATÉ 1,00 T)","M3",19.85]
["C4332","TRANSPORTE DE PEDRAS ATÉ 1,0 T EM RODOVIA PAVIMENTADA (Y = 1,18X + 2,21)","M3",{"v":0,"d":"0.00"}]
["C4413","TRANSPORTE DE PEDRA ATÉ 1,0 T EM TRECHO NÃO PAVIMENTADO (Y = 1,97X + 2,21)","M3",{"v":0,"d":"0.00"}]
["C4313","TRANSPORTE DE PEDRAS DE 1,0 T ATÉ 6,0 T EM RODOVIA PAVIMENTADA (Y = 1,43X + 3,58)","M3",{"v":0,"d":"0.00"}]
[]
["C4414","TRANSPORTE DE PEDRA DE 1,00 T ATÉ 6,00 T EM TRECHO NÃO PAVIMENTADO (Y = 2,39X + 3,58)","M3",{"v":0,"d":"0.00"}]
[]
["DRAGAGEM",null,null,45.23]
["C4315","ATERRO HIDRÁULICO, INCLUINDO DRAGAGEM, ESPALHAMENTO NIVELADO E MOBILIZAÇÃO/DESMOBILIZAÇÃO DA DRAGA","M3",23.99]
[]
["C4283","DRAGAGEM INCLUINDO MOBILIZAÇÃO/DESMOBILIZAÇÃO DA DRAGA","M3",21.24]
["TRANSPORTES PARA OBRAS RODOVIÁRIAS",null,null,{"v":0,"d":"0.00"}]
["LOCAL",null,null,{"v":0,"d":"0.00"}]
["C3143","TRANSPORTE LOCAL C/ DMT ATÉ 4,00 KM (Y = 0,77X + 0,81)","T",{"v":0,"d":"0.00"}]
["C3144","TRANSPORTE LOCAL COM DMT ENTRE 4,01 Km E 30,00 Km (Y = 0,55X + 0,81)","T",{"v":0,"d":"0.00"}]
["C4161","TRANSPORTE LOCAL C/ DMT SUPERIOR A 30,00 Km (Y = 0,43X + 0,81)","T",{"v":0,"d":"0.00"}]
["C3157","TRANSPORTE  LOCAL D'ÁGUA P/SERVIÇOS DE PAVIMENTAÇÃO C/ DMT SUPERIOR A 7,00 Km (Y = 0,77X)","T",{"v":0,"d":"0.00"}]
[]
["C3312","TRANSPORTE  LOCAL  DE BRITA P/ TRATAMENTOS SUPERFICIAIS (Y = 0,64X + 3,22)","T",{"v":0,"d":"0.00"}]
["C3224","TRANSPORTE LOCAL DE LIGANTES BETUMINOSOS C/DMT SUPERIOR A 15,00 Km (Y = 1,39X)","T",{"v":0,"d":"0.00"}]
[]
["C3225","TRANSPORTE LOCAL DE MISTURA BETUMINOSA À FRIO (Y = 0,64X + 1,93)","T",{"v":0,"d":"0.00"}]
["C3226","TRANSPORTE LOCAL DE MISTURA BETUMINOSA À QUENTE (Y = 0,64X + 2,42)","T",{"v":0,"d":"0.00"}]
["COMERCIAL",null,null,{"v":0,"d":"0.00"}]
["C3311","TRANSPORTE COMERCIAL EM RODOVIA PAVIMENTADA (Y = 0,29X)","T",{"v":0,"d":"0.00"}]
["C3310","TRANSPORTE COMERCIAL EM RODOVIA NÃO PAVIMENTADA (Y = 0,36X)","T",{"v":0,"d":"0.00"}]
["MATERIAL BETUMINOSO",null,null,{"v":0,"d":"0.00"}]
["I0001","TRANSPORTE COMERCIAL DE MATERIAL BETUMINOSO À FRIO (Y = 0,35X + 34,57)","T",{"v":0,"d":"0.00"}]
["I0002","TRANSPORTE COMERCIAL DE MATERIAL BETUMINOSO À QUENTE (Y = 0,38X + 38,41)","T",{"v":0,"d":"0.00"}]
["SINALIZAÇÃO DO SISTEMA VIÁRIO",null,null,{"v":196252.85,"d":"196,252.85"}]
["SINALIZAÇÃO HORIZONTAL",null,null,{"v":2951.82,"d":"2,951.82"}]
["C0354","BALIZADOR EM PVC RÍGIDO D=3\" C/ENCHIMENTO DE CONCRETO","UN",113.33]
["C3219","FAIXA.HORIZONTAL/TINTA REFLETIVA/RESINA ACRÍLICA À BASE D'ÁGUA","M2",16.02]
["C3220","FAIXA.HORIZONTAL/TINTA REFLETIVA/RESINA ACRÍLICA","M2",{"v":17.3,"d":"17.30"}]
["C3616","SEGREGADOR DE TRÁFEGO TIPO JABOTI: FORNECIMENTO E APLICAÇÃO","UN",108.62]
["C3236","SÍMBOLOS NO PAVIMENTO/RESINA ACRÍLICA","M2",{"v":20.5,"d":"20.50"}]
["C3237","SÍMBOLOS NO PAVIMENTO/RESINA ACRÍLICA À BASE D'ÁGUA","M2",19.37]
["C3116","SONORIZADOR PRÉ-MOLDADO DE CONCRETO (30MPA) L=9,00M","UN",{"v":2524.76,"d":"2,524.76"}]
["C3117","TACHA REFLETIVA MONODIRECIONAL : FORNECIMENTO/APLICAÇÃO","UN",16.06]
["C4527","TACHA REFLETIVA BIDIRECIONAL: FORNECIMENTO/APLICAÇÃO","UN",18.26]
["C3118","TACHÃO REFLETIVO MONODIRECIONAL: FORNECIMENTO/APLICAÇÃO","UN",33.04]
["C4528","TACHÃO REFLETIVO BIDIRECIONAL: FORNECIMENTO/APLICAÇÃO","UN",35.82]
["C3119","TARTARUGAS: FORNECIMENTO/APLICAÇÃO","UN",28.78]
["SINALIZAÇÃO VERTICAL",null,null,{"v":193301.03,"d":"193,301.03"}]
["C3350","BANDEIRA SIMPLES  (H=1,50M) FORNECIMENTO/MONTAGEM","UN",{"v":15939.64,"d":"15,939.64"}]
["C0362","BANDEIRA DUPLA (H=1,50M)FORNECIMENTO/MONTAGEM","UN",{"v":18516.53,"d":"18,516.53"}]
["C4590","COLUNA CÔNICA COM BRAÇO PROJETADO CÔNICO - FORNECIMENTO E MONTAGEM","UN",{"v":10373.1,"d":"10,373.10"}]
["C3158","DEFENSAS METÁLICAS SEMI-MALEÁVEIS SIMPLES","M",335.36]
["C3321","MARCO DE REFERÊNCIA DO SISTEMA RODOVIÁRIO ESTADUAL (S.R.E) EM CONCRETO","UN",62.13]
["C3370","MARCO QUILOMÉTRICO REFLETIVO EM AÇO GALVANIZADO","M2",{"v":599,"d":"599.00"}]
["C3286","MARCO QUILOMÉTRICO REFLETIVO EM AÇO GALVANIZADO C/PELÍCULA ANTI-PICHANTE","M2",{"v":635.8,"d":"635.80"}]
[]
["C3371","MARCO QUILOMÉTRICO REFLETIVO EM ALUMÍNIO","M2",{"v":627.2,"d":"627.20"}]
["C3285","MARCO QUILOMÉTRICO REFLETIVO EM ALUMÍNIO C/PELÍCULA ANTI-PICHANTE","M2",663.99]
["C3372","MARCO QUILOMÉTRICO REFLETIVO EM POLIÉSTER C/ FIBRA DE VIDRO","M2",{"v":1011.03,"d":"1,011.03"}]
["C3287","MARCO QUILOMÉTRICO REFLETIVO EM POLIÉSTER C/FIBRA DE VIDRO C/PELÍCULA ANTI-PICHANTE","M2",{"v":1047.82,"d":"1,047.82"}]
[]
["C3362","PAINEL REFLETIVO EM AÇO GALVANIZADO","M2",534.95]
["C3291","PAINEL REFLETIVO EM AÇO GALVANIZADO C/PELÍCULA ANTI-PICHANTE","M2",571.75]
["C3363","PAINEL REFLETIVO EM ALUMÍNIO","M2",563.15]
["C3290","PAINEL REFLETIVO EM ALUMÍNIO C/PELÍCULA ANTI-PICHANTE","M2",599.94]
["C3374","PAINEL REFLETIVO EM POLIÉSTER COM FIBRA DE VIDRO","M2",948.25]
["C3292","PAINEL REFLETIVO EM POLIÉSTER COM FIBRA DE VIDRO C/PELÍCULA ANTI-PICHANTE","M2",983.77]
["C3364","PAINEL SEMI-REFLETIVO EM AÇO GALVANIZADO","M2",380.44]
["C3294","PAINEL SEMI-REFLETIVO EM AÇO GALVANIZADO C/PELÍCULA ANTI-PICHANTE","M2",417.24]
["C3365","PAINEL SEMI-REFLETIVO EM ALUMÍNIO","M2",528.82]
["C3293","PAINEL SEMI-REFLETIVO EM ALUMÍNIO C/PELÍCULA ANTI-PICHANTE","M2",565.61]
["C3366","PAINEL SEMI-REFLETIVO EM POLIÉSTER COM FIBRA DE VIDRO","M2",830.48]
["C3295","PAINEL SEMI-REFLETIVO EM POLIÉSTER COM FIBRA DE VIDRO C/PELÍCULA ANTI-PICHANTE","M2",86